{"text_format":"1","workbook":"xlsx","n_sheets":14,"sheets":["MENU","DADOS","NOVO","BDI","ORÇAMENTO","CÁLCULO","EVENTOS","CRONO","CRONOPLE","PLE","QCI","BM","RRE","OFÍCIO"],"not_rendered":{"charts":0,"images":2,"macros":1,"external_links":0,"defined_names":290,"comments":7,"pivot_tables":0},"unopened":[],"bounds":{"document_bytes":16777216,"sheet_cells":100000,"rows_first":2000,"rows_last":500,"rows_between":2000,"halvings":0,"cell_chars":16384,"cell_head_chars":4096},"cells_cut":0,"cells_raw":0,"read":"whole","date_system":"1900"}

{"sheet":"MENU","index":0,"n_rows":24,"n_cols":15,"rows_kept":24,"cut":false,"hidden":false,"merged":[[19,1,19,7],[7,1,7,7],[1,4,2,6],[15,1,15,7]]}
[null,null,null,null,null,null,null,null,null,"PM"]
[null,null,null,null,{"$f":"CHOOSE(MATCH(Objeto,{\"PM\",\"PO\"}),\"PLANILHA MÚLTIPLA \",\"PLANILHA ORÇAMENTÁRIA \")& Versao","v":"PLANILHA MÚLTIPLA v3.0.6"},null,null,null,null,"v3.0.6"]
[null,null,null,null,null,null,null,null,null,null,null,null,null,null,1]
[null,null,null,null,null,null,null,null,null,null,null,null,null,null,2]
[null,null,null,null,null,null,null,null,null,"Proposto"]
[null,null,null,null,"DADOS DO CONTRATO",null,"NOVIDADES DA VERSÃO",null,null,"Licitado"]
[null,null,null,null,null,null,null,null,null,"PLE"]
[null,{"$f":"IF($O$3<>2,\"DOCUMENTAÇÃO DA PROPOSTA\",\"PROPOSTA: Para visualizar/preencher esta seção, altere o TIPO DE ORÇAMENTO para 'Proposto'\")","v":"DOCUMENTAÇÃO DA PROPOSTA"},null,null,null,null,null,null,null,"BM",null,"LEGENDA:"]
[null,null,null,null,null,null,null,null,null,null,null,"Cores das células:"]
[null,null,{"$f":"IF(TIPOORCAMENTO<>\"Proposto\",\"\",\"                    BDI                    \")","v":"                    BDI                    "},null,{"$f":"IF(TIPOORCAMENTO<>\"Proposto\",\"\",\"             ORÇAMENTO             \")","v":"             ORÇAMENTO             "},null,{"$f":"IF(TIPOORCAMENTO<>\"Proposto\",\"\",\"MEMÓRIA DE CÁLCULO / PLQ\")","v":"MEMÓRIA DE CÁLCULO / PLQ"},null,null,null,null,null,null,"Fundo amarelo: células para preencher"]
[]
[null,null,{"$f":"IF(TIPOORCAMENTO<>\"Proposto\",\"\",\"                    QCI                    \")","v":"                    QCI                    "},null,{"$f":"IF(TIPOORCAMENTO<>\"Proposto\",\"\",\"CRONOGRAMA FÍSICO-FINANCEIRO\")","v":"CRONOGRAMA FÍSICO-FINANCEIRO"},null,null,null,null,null,null,null,null,"Fundo azul: células para seleção de opções"]
[]
[null,null,{"$f":"IF(TIPOORCAMENTO<>\"Proposto\",\"\",\"Obs: Composições e Cotações devem ser preenchidas diretamente no arquivo Referência \"&IF(ISBLANK(Import.DataBase),\"mm-aaaa\",TEXT(Import.DataBase,\"mm-aaaa\"))&\".xlsm.\")","v":"Obs: Composições e Cotações devem ser preenchidas diretamente no arquivo Referência 12-2023.xlsm."}]
[null,null,null,null,null,null,null,null,null,null,null,"Cores dos botões:"]
[null,{"$f":"IF($O$3<>2,\"PÓS-LICITADO: Para visualizar/preencher esta seção, altere o TIPO DE ORÇAMENTO para 'Licitado'\",\"RESULTADO DO PROCESSO LICITATÓRIO\")","v":"PÓS-LICITADO: Para visualizar/preencher esta seção, altere o TIPO DE ORÇAMENTO para 'Licitado'"},null,null,null,null,null,null,null,null,null,null,null,"Fundo azul: navegação entre abas"]
[]
[null,null,{"$f":"IF(TIPOORCAMENTO<>\"Licitado\",\"\",\"             ORÇAMENTO             \")","v":""},null,{"$f":"IF(TIPOORCAMENTO<>\"Licitado\",\"\",\"                    QCI                    \")","v":""},null,{"$f":"IF(TIPOORCAMENTO<>\"Licitado\",\"\",\"CRONOGRAMA FÍSICO-FINANCEIRO\")","v":""},null,null,null,null,null,null,"Fundo laranja: execução de macro"]
[]
[null,{"$f":"IF($O$3<>2,\"ACOMPANHAMENTO: Para visualizar/preencher esta seção, altere o TIPO DE ORÇAMENTO para 'Licitado'\",\"ACOMPANHAMENTO DO EMPREENDIMENTO\")","v":"ACOMPANHAMENTO: Para visualizar/preencher esta seção, altere o TIPO DE ORÇAMENTO para 'Licitado'"}]
[]
[null,null,{"$f":"IF(OR(TIPOORCAMENTO<>\"Licitado\",ACOMPANHAMENTO<>\"PLE\"),\"\",\"PLAN. DE LEVANT. DE EVENTOS - PLE\")","v":""},null,{"$f":"IF(TIPOORCAMENTO<>\"Licitado\",\"\",\"                    RRE                    \")","v":""},null,{"$f":"IF(OR(TIPOORCAMENTO<>\"Licitado\",ACOMPANHAMENTO<>\"BM\"),\"\",\"  BOLETIM DE MEDIÇÃO - BM  \")","v":""}]
[]
[null,null,null,null,{"$f":"IF(TIPOORCAMENTO<>\"Licitado\",\"\",\"OF. DE SOLICITAÇÃO DE DESBLOQUEIO\")","v":""}]

{"sheet":"DADOS","index":1,"n_rows":61,"n_cols":44,"rows_kept":61,"cut":false,"hidden":false,"merged":[[49,4,49,5],[58,4,58,5],[0,11,0,43],[2,4,2,5],[14,4,14,5],[20,4,20,5],[26,4,26,5],[34,4,34,5],[45,4,45,5]]}
[null,null,null,null,"A. DOCUMENTAÇÃO DA PROPOSTA",null,null,null,null,null,null,"Sub-Itens de Investimento"]
[null,null,null,null,null,null,null,null,null,"Itens de Investimento","Unidades habitacionais",{"$f":"COUNTA(K:K)-1","v":3},"Equipamentos comunitários",{"$f":"COUNTA(M:M)-1","v":6},"Pavimentação",{"$f":"COUNTA(O:O)-1","v":6},"Drenagem ",{"$f":"COUNTA(Q:Q)-1","v":6},"Abastecimento de água",{"$f":"COUNTA(S:S)-1","v":11},"Esgotamento sanitário",{"$f":"COUNTA(U:U)-1","v":8},"Energia elétrica e iluminação pública",{"$f":"COUNTA(W:W)-1","v":4},"Coleta e tratamento de resíduos sólidos",{"$f":"COUNTA(Y:Y)-1","v":6},"Contenção e estabilização de encostas ",{"$f":"COUNTA(AA:AA)-1","v":2},"Regularização fundiária",{"$f":"COUNTA(AC:AC)-1","v":2},"Aquisição de terreno",{"$f":"COUNTA(AE:AE)-1","v":2},"Aquisição de equipamentos e insumos",{"$f":"COUNTA(AG:AG)-1","v":1},"Elaboração de estudos e projetos",{"$f":"COUNTA(AI:AI)-1","v":1},"Instrumentos e ações em planejamento e gestão pública",{"$f":"COUNTA(AK:AK)-1","v":1},"Ações complementares às obras",{"$f":"COUNTA(AM:AM)-1","v":3},"Gerenciamento",{"$f":"COUNTA(AO:AO)-1","v":1},"Trabalho social",{"$f":"COUNTA(AQ:AQ)-1","v":4}]
[null,null,null,null,"Dados do Contrato (Inicial)",null,null,null,null,"Unidades habitacionais","Aquisição","un","Convivência comunitária, assistência social e/ou comunitária","m²","Capeamento de vias","m²","Obras de microdrenagem ","m","Captação subterrânea","m³/s","Ligações domiciliares e/ou intradomiciliares","un","Iluminação pública - luminárias","un","Acondicionamento ","un","Estabilização de taludes","m²","Desapropriacões/Indenizações","m²","Aquisição de terreno","m²","Aquisição de equipamentos e insumos","un","Elaboração de estudos e projetos","un","Instrumentos e ações em planejamento e gestão pública","un","Avaliação pós intervenção","un","Gerenciamento","%CT","Projeto de Trabalho Social Preliminar","nº fam"]
[null,null,null,null,"Fonte de recursos:","(SELECIONAR)",null,null,null,"Equipamentos comunitários","Construção","un","Educação e cultura","m²","Recapeamento de vias","m²","Desassoreamento de cursos de água","m","Captação superficial","m³/s","Rede coletora e/ou condominial","m","Ligações domiciliares","un","Aterro sanitário e/ou disposição final","m³","Obras complementares a ações de redução de risco e/ou contenções","m²","Projeto de Regularização Fundiária","m²","Benfeitorias","m²",null,null,null,null,null,null,"Demolições","un",null,null,"Projeto de Trabalho Social","nº fam"]
[null,null,null,null,"Proponente/Tomador:","MUNICÍPIO DE CÉU AZUL",null,null,null,"Pavimentação","Reforma e/ou melhoria","un","Esportes","m²","Obras de artes especiais","m","Canalização de cursos de água","m","Estação de bombeamento de água bruta","m³/s","Coletor tronco e/ou interceptores","m","Linhas de distribuição - baixa tensão ","m","Erradicação de lixões","m³",null,null,null,null,null,null,null,null,null,null,null,null,"Plano de Reassentamento e medidas compensatórias","un",null,null,"Plano de Desenvolvimento Socioterritorial","nº fam"]
[null,null,null,null,"Município/UF:","CÉU AZUL/PR",null,null,null,"Drenagem ",null,null,"Lazer e turismo","m²","Pavimentação de calçadas","m²","Recomposição de vegetação ciliar, renaturalização de cursos de água ou restauração de margens","m²","Adução","m","Emissário","m","Linhas de transmissão - alta tensão ","m","Sistema de coleta seletiva tradicional, transporte e/ou equipamentos","un",null,null,null,null,null,null,null,null,null,null,null,null,null,null,null,null,"Plano de Gestão Condominial","nº fam"]
[null,null,null,null,"Nº da Operação (0000000-00):",null,null,null,null,"Abastecimento de água",null,null,"Saúde","m²","Pavimentação de vias","m²","Reservatório de amortecimento de cheias","m³","Estação de Tratamento de Água (ETA)","m³/s","Estação Elevatória","m³/s",null,null,"Tratamento local ","un"]
[null,null,null,null,"Nº do TransfereGOV (000000):",null,null,null,null,"Esgotamento sanitário",null,null,"Segurança pública","m²","Sinalização","m²","Estação de Bombeamento","m³/s","Estação de bombeamento de água tratada","m³/s","Estação de Tratamento de Esgoto (ETE)","m³/s",null,null,"Usinas de reciclagem ","m²"]
[null,null,null,null,{"$f":"IF(F4=\"FGTS\",\"Valor de Financiamento Contratado (R$):\",\"Valor do Repasse Contratado (R$):\")","v":"Valor do Repasse Contratado (R$):"},null,null,null,null,"Energia elétrica e iluminação pública",null,null,null,null,null,null,null,null,"Linha de recalque","m","Sistema simplificado de tratamento","m³/s"]
[null,null,null,null,"Valor de Contrapartida Contratada (R$):",null,null,null,null,"Coleta e tratamento de resíduos sólidos",null,null,null,null,null,null,null,null,"Reservação","m³","Unidades sanitárias","un"]
[null,null,null,null,"% mínimo de Contrapartida:",null,null,null,null,"Contenção e estabilização de encostas ",null,null,null,null,null,null,null,null,"Rede de distribuição","m"]
[null,null,null,null,"R$ mínimo de Contrapartida (se houver):",null,null,null,null,"Regularização fundiária",null,null,null,null,null,null,null,null,"Ligações domiciliares e/ou intradomiciliares","un"]
[null,null,null,null,"% máximo de Contrapartida:",null,null,null,null,"Aquisição de terreno",null,null,null,null,null,null,null,null,"Sistema simplificado de abastecimento","m"]
[null,null,null,null,null,null,null,null,null,"Aquisição de equipamentos e insumos"]
[null,null,null,null,"Dados do Empreendimento e Orçamento",null,null,null,null,"Elaboração de estudos e projetos"]
[null,null,null,null,"Nome/apelido:","CLUBE DA AMIZADE E DA UNIÃO DOS VOVÓS DE CÉU AZUL",null,null,null,"Instrumentos e ações em planejamento e gestão pública"]
[null,null,null,null,"Descrição do Objeto do Lote / CTEF:","REFORMA E AMPLIAÇÃO DO CLUBE DA AMIZADE E DA UNIÃO DOS VOVÓS DE CÉU AZUL",null,null,null,"Ações complementares às obras"]
[null,null,null,null,"Regime previdenciário previsto para a obra:","NÃO DESONERADO",null,null,null,"Gerenciamento"]
[null,null,null,null,"Data base do Orçamento:","2023-12-01",null,null,null,"Trabalho social"]
[]
[null,null,null,null,"Responsável pelo Orçamento"]
[null,null,null,null,"Nome:","GIAN CARLOS BORTOLINI VALLI"]
[null,null,null,null,"CREA/CAU:","163755/D"]
[null,null,null,null,"ART/RRT:","1720241301630"]
[null,null,null,null,"Data do preenchimento:","2024-03-08"]
[]
[null,null,null,null,"Responsável pelo Tomador (Prefeito, no caso de Municípios)"]
[null,null,null,null,"Nome:","LAURINDO SPEROTTO"]
[null,null,null,null,"Cargo:","PREFEITO"]
[]
[null,null,null,null,"Arredondamento das frentes:","Tradicional"]
[]
[null,null,null,null,"B. RESULTADO DO PROCESSO LICITATÓRIO"]
[]
[null,null,null,null,"Licitação"]
[null,null,null,null,"Data de emissão dos documentos de licitação:"]
[null,null,null,null,"Nº do CTEF (contrato com empresa):"]
[null,null,null,null,"Nome da empresa:"]
[null,null,null,null,"CNPJ da empresa:"]
[null,null,null,null,"Regime de execução do CTEF:","(SELECIONAR)"]
[null,null,null,null,"Data base do CTEF:"]
[]
[]
[null,null,null,null,"C. ACOMPANHAMENTO DO EMPREENDIMENTO"]
[]
[null,null,null,null,"Dados da obra"]
[null,null,null,null,"Data do Início da Obra:"]
[null,null,null,null,"Data de fechamento do RRE:",{"$f":"TODAY()","v":"2024-04-15"}]
[]
[null,null,null,null,"Responsável pela Fiscalização"]
[null,null,null,null,"Nome:"]
[null,null,null,null,"Profissão:"]
[null,null,null,null,"CREA/CAU (para obras/projetos):"]
[null,null,null,null,"ART/RRT (para obras/projetos):"]
[]
[]
[null,null,null,null,"D. ACOMPANHAMENTO CAIXA"]
[]
[null,null,null,null,"Responsável Gerencial"]
[null,null,null,null,"Nome:"]
[null,null,null,null,"Função:"]

{"sheet":"NOVO","index":2,"n_rows":52,"n_cols":4,"rows_kept":52,"cut":false,"hidden":false,"merged":[]}
[]
[]
[null,"Novidades da Versão"]
[]
[]
["V3.0.0"]
[null,"GERAL"]
[null,null,{"$f":"IF(D8<>\"\",\"▪\",\"\")","v":"▪"},"Lançamento: Adequação à Portaria 424/2016. Acompanhamento por Eventos."]
[null,null,{"$f":"IF(D9<>\"\",\"▪\",\"\")","v":""}]
["V3.0.1"]
[null,"GERAL"]
[null,null,{"$f":"IF(D12<>\"\",\"▪\",\"\")","v":"▪"},"Ajustes de formatações."]
[null,"PO"]
[null,null,{"$f":"IF(D14<>\"\",\"▪\",\"\")","v":"▪"},"Correção da aplicação do BDI não desonerado."]
[null,null,{"$f":"IF(D15<>\"\",\"▪\",\"\")","v":"▪"},"Inclusão de coluna exclusiva \"Preço Unitário Edital\", para o Modo 'Orçamento Licitado'."]
[]
["V3.0.2"]
[null,"GERAL"]
[null,null,{"$f":"IF(D19<>\"\",\"▪\",\"\")","v":"▪"},"Ajustes de formatações."]
[null,null,{"$f":"IF(D20<>\"\",\"▪\",\"\")","v":"▪"},"Correção do Problema de Guias ocultas no BROFFICE."]
[null,"ORÇAMENTO"]
[null,null,{"$f":"IF(D22<>\"\",\"▪\",\"\")","v":"▪"},"Ampliada obtenção de dados da Planilha Referência de 20.000 para 65.536 linhas."]
[null,"CRONOGRAMA"]
[null,null,{"$f":"IF(D24<>\"\",\"▪\",\"\")","v":"▪"},"Correção na formulação do total acumulado por Repasse, CP e Outros"]
[null,"QCI"]
[null,null,{"$f":"IF(D26<>\"\",\"▪\",\"\")","v":"▪"},"Correção na formulação do arredondamento no rateio dos valores do QCI."]
[null,"RRE"]
[null,null,{"$f":"IF(D28<>\"\",\"▪\",\"\")","v":"▪"},"Correção na formulação do total por Repasse, CP e Outros."]
[]
["V3.0.3"]
[null,"GERAL"]
[null,null,{"$f":"IF(D32<>\"\",\"▪\",\"\")","v":"▪"},"Correção do Problema de Guias ocultas no BROFFICE."]
[null,"CÁLCULO"]
[null,null,{"$f":"IF(D34<>\"\",\"▪\",\"\")","v":"▪"},"Corrigida lentidão e travamento ao incluir e excluir frentes."]
[]
[]
["V3.0.4"]
[null,"BDI"]
[null,null,{"$f":"IF(D39<>\"\",\"▪\",\"\")","v":"▪"},"Correção da CPRB que exibia 4,5% mesmo quando não desonerado."]
[null,"CRONOGRAMA"]
[null,null,{"$f":"IF(D41<>\"\",\"▪\",\"\")","v":"▪"},"Correção da distribuição de Repasse, CP e Outros para as metas manuais."]
[null,"QCI"]
[null,null,{"$f":"IF(D43<>\"\",\"▪\",\"\")","v":"▪"},"Adicionado botão para adotar a CP do QCI como CP do contrato (zera saldo a reprogramar de CP)."]
[]
["V3.0.5"]
[null,"GERAL"]
[null,null,{"$f":"IF(D47<>\"\",\"▪\",\"\")","v":"▪"},"Corrigido modo de Cálculo da Planilha para Automático."]
[]
["V3.0.6"]
[null,"GERAL"]
[null,null,{"$f":"IF(D51<>\"\",\"▪\",\"\")","v":"▪"},"Adicionado modo de arredondamento para compatibilidade com o TransfereGOV, altera na aba DADOS"]
[null,null,{"$f":"IF(D52<>\"\",\"▪\",\"\")","v":"▪"},"A planilha passará a ser disponibilizada com o formato .xlsm. Deve ser usado arquivo referência 1.9 ou superior, também no formato .xlsm"]

{"sheet":"BDI","index":3,"n_rows":146,"n_cols":26,"rows_kept":146,"cut":false,"hidden":false,"merged":[[128,9,128,12],[119,9,119,18],[122,9,122,18],[124,9,124,12],[124,15,124,18],[125,9,125,12],[127,9,127,12],[115,13,115,15],[107,9,107,16],[107,20,107,22],[108,9,108,16],[108,20,108,22],[109,9,109,16],[111,10,111,18],[117,9,117,18],[5,8,9,8],[113,9,113,18],[106,9,106,16],[114,12,115,12],[104,9,104,16],[102,9,102,16],[68,9,68,16],[114,13,114,15],[114,16,115,16],[101,9,101,16],[101,20,101,22],[104,20,104,22],[105,9,105,16],[105,20,105,22],[103,9,103,16],[103,20,103,22],[102,20,102,22],[106,20,106,22],[98,24,99,24],[98,25,99,25],[98,9,99,16],[98,17,99,17],[98,18,99,18],[98,23,99,23],[100,9,100,16],[100,20,100,22],[95,9,95,18],[96,9,96,18],[98,20,99,22],[65,9,65,16],[65,20,65,22],[66,20,66,22],[67,9,67,16],[67,20,67,22],[93,9,93,18],[84,9,84,12],[84,15,84,18],[66,9,66,16],[77,9,77,18],[69,9,69,16],[71,10,71,18],[88,9,88,12],[68,20,68,22],[85,9,85,12],[87,9,87,12],[73,9,73,18],[74,12,75,12],[79,9,79,18],[82,9,82,18],[75,13,75,15],[74,13,74,15],[74,16,75,16],[55,9,55,18],[56,9,56,18],[63,9,63,16],[63,20,63,22],[61,9,61,16],[61,20,61,22],[62,9,62,16],[62,20,62,22],[64,9,64,16],[64,20,64,22],[58,24,59,24],[58,25,59,25],[58,9,59,16],[58,17,59,17],[58,18,59,18],[58,20,59,22],[58,23,59,23],[60,9,60,16],[60,20,60,22],[48,9,48,12],[53,9,53,18],[44,9,44,12],[44,15,44,18],[45,9,45,12],[47,9,47,12],[34,13,34,15],[34,16,35,16],[39,9,39,18],[42,9,42,18],[26,9,26,16],[26,20,26,22],[27,9,27,16],[27,20,27,22],[23,9,23,16],[23,20,23,22],[35,13,35,15],[37,9,37,18],[29,9,29,16],[31,10,31,18],[28,9,28,16],[28,20,28,22],[33,9,33,18],[34,12,35,12],[22,9,22,16],[22,20,22,22],[20,9,20,16],[20,20,20,22],[21,9,21,16],[21,20,21,22],[24,9,24,16],[24,20,24,22],[25,9,25,16],[25,20,25,22],[18,23,19,23],[18,24,19,24],[16,9,16,18],[18,25,19,25],[18,20,19,22],[18,9,19,16],[18,17,19,17],[18,18,19,18],[13,9,13,18],[15,9,15,18],[4,9,4,10],[4,11,4,12],[4,13,4,18],[0,17,0,18],[1,17,1,18],[3,9,3,10],[3,11,3,12],[3,13,3,18],[10,9,10,16],[10,17,10,18],[6,9,6,18],[7,9,7,18],[9,9,9,16],[9,17,9,18]]}
[null,null,null,null,"MIN","MED","MAX",null,null,null,null,null,null,null,{"$f":"\"Quadro de Composição do BDI\"","v":"Quadro de Composição do BDI"},null,null,"Grau de Sigilo"]
["Construção e Reforma de Edifícios","AC",{"$f":"CONCATENATE(A2,\"-\",B2)","v":"Construção e Reforma de Edifícios-AC"},null,0.03,0.04,5.5E-2,null,null,null,null,null,null,null,null,null,null,"#PUBLICO"]
[{"$f":"A2","v":"Construção e Reforma de Edifícios"},"SG","Construção e Reforma de Edifícios-SG",null,8.0000000000000002E-3,8.0000000000000002E-3,0.01]
[{"$f":"A3","v":"Construção e Reforma de Edifícios"},"R","Construção e Reforma de Edifícios-R",null,9.7000000000000003E-3,1.2699999999999999E-2,1.2699999999999999E-2,null,null,"Nº OPERAÇÃO",null,"Nº TRANSFEREGOV",null,"PROPONENTE / TOMADOR"]
[{"$f":"A4","v":"Construção e Reforma de Edifícios"},"DF","Construção e Reforma de Edifícios-DF",null,5.8999999999999999E-3,1.23E-2,1.3899999999999999E-2,null,null,{"$f":"Import.CR","v":0},null,{"$f":"Import.TransfereGOV","v":0},null,{"$f":"Import.Proponente","v":"MUNICÍPIO DE CÉU AZUL"}]
[{"$f":"A5","v":"Construção e Reforma de Edifícios"},"L","Construção e Reforma de Edifícios-L",null,6.1600000000000002E-2,7.400000000000001E-2,8.9600000000000013E-2,null,"FILTRO"]
[{"$f":"A6","v":"Construção e Reforma de Edifícios"},"BDI PAD","Construção e Reforma de Edifícios-BDI PAD",null,0.2034,0.22120000000000001,0.25,null,null,"APELIDO DO EMPREENDIMENTO / DESCRIÇÃO DO LOTE"]
["Construção de Praças Urbanas, Rodovias, Ferrovias e recapeamento e pavimentação de vias urbanas","AC","Construção de Praças Urbanas, Rodovias, Ferrovias e recapeamento e pavimentação de vias urbanas-AC",null,3.7999999999999999E-2,4.0099999999999997E-2,4.6699999999999998E-2,null,null,{"$f":"Import.Apelido&\" / \"&Import.DescLote","v":"CLUBE DA AMIZADE E DA UNIÃO DOS VOVÓS DE CÉU AZUL / REFORMA E AMPLIAÇÃO DO CLUBE DA AMIZADE E DA UNIÃO DOS VOVÓS DE CÉU AZUL"}]
["Construção de Praças Urbanas, Rodovias, Ferrovias e recapeamento e pavimentação de vias urbanas","SG","Construção de Praças Urbanas, Rodovias, Ferrovias e recapeamento e pavimentação de vias urbanas-SG",null,3.2000000000000002E-3,4.0000000000000001E-3,7.4000000000000003E-3]
["Construção de Praças Urbanas, Rodovias, Ferrovias e recapeamento e pavimentação de vias urbanas","R","Construção de Praças Urbanas, Rodovias, Ferrovias e recapeamento e pavimentação de vias urbanas-R",null,5.0000000000000001E-3,5.6000000000000008E-3,9.7000000000000003E-3,null,null,"Conforme legislação tributária municipal, definir estimativa de percentual da base de cálculo para o ISS:",null,null,null,null,null,null,null,1]
["Construção de Praças Urbanas, Rodovias, Ferrovias e recapeamento e pavimentação de vias urbanas","DF","Construção de Praças Urbanas, Rodovias, Ferrovias e recapeamento e pavimentação de vias urbanas-DF",null,1.0200000000000001E-2,1.11E-2,1.21E-2,null,"↓","Sobre a base de cálculo, definir a respectiva alíquota do ISS (entre 2% e 5%):",null,null,null,null,null,null,null,0.04]
["Construção de Praças Urbanas, Rodovias, Ferrovias e recapeamento e pavimentação de vias urbanas","L","Construção de Praças Urbanas, Rodovias, Ferrovias e recapeamento e pavimentação de vias urbanas-L",null,6.6400000000000001E-2,7.2999999999999995E-2,8.6899999999999991E-2,null,"F"]
["Construção de Praças Urbanas, Rodovias, Ferrovias e recapeamento e pavimentação de vias urbanas","BDI PAD","Construção de Praças Urbanas, Rodovias, Ferrovias e recapeamento e pavimentação de vias urbanas-BDI PAD",null,0.19600000000000001,0.2097,0.24230000000000002,null,"F"]
["Construção de Redes de Abastecimento de Água, Coleta de Esgoto","AC","Construção de Redes de Abastecimento de Água, Coleta de Esgoto-AC",null,3.4300000000000004E-2,4.9299999999999997E-2,6.7099999999999993E-2,null,"F","BDI 1"]
[{"$f":"A14","v":"Construção de Redes de Abastecimento de Água, Coleta de Esgoto"},"SG","Construção de Redes de Abastecimento de Água, Coleta de Esgoto-SG",null,2.8000000000000004E-3,4.8999999999999998E-3,7.4999999999999997E-3,null,"F"]
[{"$f":"A15","v":"Construção de Redes de Abastecimento de Água, Coleta de Esgoto"},"R","Construção de Redes de Abastecimento de Água, Coleta de Esgoto-R",null,0.01,1.3899999999999999E-2,1.7399999999999999E-2,null,"F","TIPO DE OBRA"]
[{"$f":"A16","v":"Construção de Redes de Abastecimento de Água, Coleta de Esgoto"},"DF","Construção de Redes de Abastecimento de Água, Coleta de Esgoto-DF",null,9.3999999999999986E-3,9.8999999999999991E-3,1.1699999999999999E-2,null,"F","Construção e Reforma de Edifícios"]
[{"$f":"A17","v":"Construção de Redes de Abastecimento de Água, Coleta de Esgoto"},"L","Construção de Redes de Abastecimento de Água, Coleta de Esgoto-L",null,6.7400000000000002E-2,8.0399999999999985E-2,9.4E-2,null,"F"]
[{"$f":"A18","v":"Construção de Redes de Abastecimento de Água, Coleta de Esgoto"},"BDI PAD","Construção de Redes de Abastecimento de Água, Coleta de Esgoto-BDI PAD",null,0.20760000000000001,0.24179999999999999,0.26440000000000002,null,"F","Itens",null,null,null,null,null,null,null,"Siglas","% Adotado",null,"Situação",null,null,"1º Quartil","Médio","3º Quartil"]
["Construção e Manutenção de Estações e Redes de Distribuição de Energia Elétrica","AC","Construção e Manutenção de Estações e Redes de Distribuição de Energia Elétrica-AC",null,5.2900000000000003E-2,5.9200000000000003E-2,7.9299999999999995E-2,null,"F"]
[{"$f":"A20","v":"Construção e Manutenção de Estações e Redes de Distribuição de Energia Elétrica"},"SG","Construção e Manutenção de Estações e Redes de Distribuição de Energia Elétrica-SG",null,2.5000000000000001E-3,5.1000000000000004E-3,5.6000000000000008E-3,null,"F",{"$f":"IF($J$17=$A$146,\"Encargos Sociais incidentes sobre a mão de obra\",\"Administração Central\")","v":"Administração Central"},null,null,null,null,null,null,null,{"$f":"IF($J17=$A$146,\"K1\",\"AC\")","v":"AC"},{"$f":"Y21","v":0.04},null,"-",null,null,{"$f":"VLOOKUP(CONCATENATE(J17,\"-\",R21),$C$2:$G$136,3,FALSE)","v":0.03},{"$f":"VLOOKUP(CONCATENATE(J17,\"-\",R21),$C$2:$G$136,4,FALSE)","v":0.04},{"$f":"VLOOKUP(CONCATENATE(J17,\"-\",R21),$C$2:$G$136,5,FALSE)","v":5.5E-2}]
[{"$f":"A21","v":"Construção e Manutenção de Estações e Redes de Distribuição de Energia Elétrica"},"R","Construção e Manutenção de Estações e Redes de Distribuição de Energia Elétrica-R",null,0.01,1.4800000000000001E-2,1.9699999999999999E-2,null,"F",{"$f":"IF($J$17=$A$146,\"Administração Central da empresa ou consultoria - overhead\",\"Seguro e Garantia\")","v":"Seguro e Garantia"},null,null,null,null,null,null,null,{"$f":"IF($J17=$A$146,\"K2\",\"SG\")","v":"SG"},{"$f":"Y22","v":8.0000000000000002E-3},null,"-",null,null,{"$f":"VLOOKUP(CONCATENATE(J17,\"-\",R22),$C$2:$G$136,3,FALSE)","v":8.0000000000000002E-3},{"$f":"VLOOKUP(CONCATENATE(J17,\"-\",R22),$C$2:$G$136,4,FALSE)","v":8.0000000000000002E-3},{"$f":"VLOOKUP(CONCATENATE(J17,\"-\",R22),$C$2:$G$136,5,FALSE)","v":0.01}]
[{"$f":"A22","v":"Construção e Manutenção de Estações e Redes de Distribuição de Energia Elétrica"},"DF","Construção e Manutenção de Estações e Redes de Distribuição de Energia Elétrica-DF",null,1.01E-2,1.0700000000000001E-2,1.11E-2,null,"F",{"$f":"IF($J$17=$A$146,\"\",\"Risco\")","v":"Risco"},null,null,null,null,null,null,null,{"$f":"IF($J17=$A$146,\"\",\"R\")","v":"R"},1.2699999999999999E-2,null,"-",null,null,{"$f":"VLOOKUP(CONCATENATE(J17,\"-\",R23),$C$2:$G$136,3,FALSE)","v":9.7000000000000003E-3},{"$f":"VLOOKUP(CONCATENATE(J17,\"-\",R23),$C$2:$G$136,4,FALSE)","v":1.2699999999999999E-2},{"$f":"VLOOKUP(CONCATENATE(J17,\"-\",R23),$C$2:$G$136,5,FALSE)","v":1.2699999999999999E-2}]
[{"$f":"A23","v":"Construção e Manutenção de Estações e Redes de Distribuição de Energia Elétrica"},"L","Construção e Manutenção de Estações e Redes de Distribuição de Energia Elétrica-L",null,0.08,8.3100000000000007E-2,9.5100000000000004E-2,null,"F",{"$f":"IF($J$17=$A$146,\"\",\"Despesas Financeiras\")","v":"Despesas Financeiras"},null,null,null,null,null,null,null,{"$f":"IF($J17=$A$146,\"\",\"DF\")","v":"DF"},1.23E-2,null,"-",null,null,{"$f":"VLOOKUP(CONCATENATE(J17,\"-\",R24),$C$2:$G$136,3,FALSE)","v":5.8999999999999999E-3},{"$f":"VLOOKUP(CONCATENATE(J17,\"-\",R24),$C$2:$G$136,4,FALSE)","v":1.23E-2},{"$f":"VLOOKUP(CONCATENATE(J17,\"-\",R24),$C$2:$G$136,5,FALSE)","v":1.3899999999999999E-2}]
[{"$f":"A24","v":"Construção e Manutenção de Estações e Redes de Distribuição de Energia Elétrica"},"BDI PAD","Construção e Manutenção de Estações e Redes de Distribuição de Energia Elétrica-BDI PAD",null,0.24,0.25840000000000002,0.27860000000000001,null,"F",{"$f":"IF($J$17=$A$146,\"Margem bruta da empresa de consultoria\",\"Lucro\")","v":"Lucro"},null,null,null,null,null,null,null,{"$f":"IF($J17=$A$146,\"K3\",\"L\")","v":"L"},7.400000000000001E-2,null,"-",null,null,{"$f":"VLOOKUP(CONCATENATE(J17,\"-\",R25),$C$2:$G$136,3,FALSE)","v":6.1600000000000002E-2},{"$f":"VLOOKUP(CONCATENATE(J17,\"-\",R25),$C$2:$G$136,4,FALSE)","v":7.400000000000001E-2},{"$f":"VLOOKUP(CONCATENATE(J17,\"-\",R25),$C$2:$G$136,5,FALSE)","v":8.9600000000000013E-2}]
["Obras Portuárias, Marítimas e Fluviais","AC","Obras Portuárias, Marítimas e Fluviais-AC",null,0.04,5.5199999999999999E-2,7.85E-2,null,"F","Tributos (impostos COFINS 3%, e  PIS 0,65%)",null,null,null,null,null,null,null,"CP",3.6499999999999998E-2,null,"-",null,null,3.6499999999999998E-2,3.6499999999999998E-2,3.6499999999999998E-2]
[{"$f":"A26","v":"Obras Portuárias, Marítimas e Fluviais"},"SG","Obras Portuárias, Marítimas e Fluviais-SG",null,8.1000000000000013E-3,1.2199999999999999E-2,1.9900000000000001E-2,null,"F","Tributos (ISS, variável de acordo com o município)",null,null,null,null,null,null,null,"ISS",{"$f":"IF(AND($J17<>$A$145,COUNTA(OFFSET(S20,1,0,6))>0),$R$11*$R$10,0)","v":0.04},null,"-",null,null,0,2.5000000000000001E-2,0.05]
[{"$f":"A27","v":"Obras Portuárias, Marítimas e Fluviais"},"R","Obras Portuárias, Marítimas e Fluviais-R",null,1.46E-2,2.3199999999999998E-2,3.1600000000000003E-2,null,"F","Tributos (Contribuição Previdenciária sobre a Receita Bruta - 0% ou 4,5% - Desoneração)",null,null,null,null,null,null,null,"CPRB",{"$f":"IF(BDI.Opcao<>\"Desonerado\",0,IF(AND($J17<>$A$145,COUNTA(OFFSET(S20,1,0,6))>0),4.5%,0%))","v":0},null,"-",null,null,0,4.4999999999999998E-2,4.4999999999999998E-2]
[{"$f":"A28","v":"Obras Portuárias, Marítimas e Fluviais"},"DF","Obras Portuárias, Marítimas e Fluviais-DF",null,9.3999999999999986E-3,1.0200000000000001E-2,1.3300000000000001E-2,null,"F","BDI SEM desoneração (Fórmula Acórdão TCU)",null,null,null,null,null,null,null,"BDI PAD",{"$f":"IF($J17=$A$145,0,ROUND((((1+S21+S22+S23)*(1+S24)*(1+S25)/(1-(S26+S27)))-1),4))","v":0.2487},null,{"$f":"IF(OR($J$17=$A$146,$J$17=$A$145,AND(S29>=X29,S29<=Z29)),\"OK\",\"FORA DO INTERVALO\")","v":"OK"},null,null,{"$f":"IF($J17=$A$145,0,VLOOKUP(CONCATENATE($J17,\"-\",$R29),$C$2:$G$136,3,FALSE))","v":0.2034},{"$f":"IF($J17=$A$145,0,VLOOKUP(CONCATENATE($J17,\"-\",$R29),$C$2:$G$136,4,FALSE))","v":0.22120000000000001},{"$f":"IF($J17=$A$145,0,VLOOKUP(CONCATENATE($J17,\"-\",$R29),$C$2:$G$136,5,FALSE))","v":0.25}]
[{"$f":"A29","v":"Obras Portuárias, Marítimas e Fluviais"},"L","Obras Portuárias, Marítimas e Fluviais-L",null,7.1399999999999991E-2,8.4000000000000005E-2,0.1043,null,"F","BDI COM desoneração",null,null,null,null,null,null,null,"BDI DES",{"$f":"IF($J17=$A$145,0,ROUND((((1+S21+S22+S23)*(1+S24)*(1+S25)/(1-(S26+S27+S28)))-1),4))","v":0.2487}]
[{"$f":"A30","v":"Obras Portuárias, Marítimas e Fluviais"},"BDI PAD","Obras Portuárias, Marítimas e Fluviais-BDI PAD",null,0.22800000000000001,0.27479999999999999,0.3095,null,"F"]
["Fornecimento de Materiais e Equipamentos (aquisição indireta - em conjunto com licitação de obras)","AC","Fornecimento de Materiais e Equipamentos (aquisição indireta - em conjunto com licitação de obras)-AC",null,1.4999999999999999E-2,3.4500000000000003E-2,4.4900000000000002E-2,null,"F",{"$f":"IF(U29<>\"ok\",\"X\",\"\")","v":""},{"$f":"IF(U29<>\"ok\",\"Anexo: Relatório Técnico Circunstanciado justificando a adoção do percentual de cada parcela do BDI.\",\"\")","v":""}]
[{"$f":"A32","v":"Fornecimento de Materiais e Equipamentos (aquisição indireta - em conjunto com licitação de obras)"},"SG","Fornecimento de Materiais e Equipamentos (aquisição indireta - em conjunto com licitação de obras)-SG",null,3.0000000000000001E-3,4.7999999999999996E-3,8.199999999999999E-3,null,"F"]
[{"$f":"A33","v":"Fornecimento de Materiais e Equipamentos (aquisição indireta - em conjunto com licitação de obras)"},"R","Fornecimento de Materiais e Equipamentos (aquisição indireta - em conjunto com licitação de obras)-R",null,5.6000000000000008E-3,8.5000000000000006E-3,8.8999999999999999E-3,null,"F","Os valores de BDI foram calculados com o emprego da fórmula:"]
[{"$f":"A34","v":"Fornecimento de Materiais e Equipamentos (aquisição indireta - em conjunto com licitação de obras)"},"DF","Fornecimento de Materiais e Equipamentos (aquisição indireta - em conjunto com licitação de obras)-DF",null,8.5000000000000006E-3,8.5000000000000006E-3,1.11E-2,null,"F",null,null,null,"BDI =",{"$f":"IF($J17=$A$146,\"(1+K1+K2)*(1+K3)\",\"(1+AC + S + R + G)*(1 + DF)*(1+L)\")","v":"(1+AC + S + R + G)*(1 + DF)*(1+L)"},null,null," - 1"]
[{"$f":"A35","v":"Fornecimento de Materiais e Equipamentos (aquisição indireta - em conjunto com licitação de obras)"},"L","Fornecimento de Materiais e Equipamentos (aquisição indireta - em conjunto com licitação de obras)-L",null,3.5000000000000003E-2,5.1100000000000007E-2,6.2199999999999998E-2,null,"F",null,null,null,null,"(1-CP-ISS-CRPB)"]
[{"$f":"A36","v":"Fornecimento de Materiais e Equipamentos (aquisição indireta - em conjunto com licitação de obras)"},"BDI PAD","Fornecimento de Materiais e Equipamentos (aquisição indireta - em conjunto com licitação de obras)-BDI PAD",null,0.111,0.14019999999999999,0.16800000000000001,null,"F"]
["Fornecimento de Materiais e Equipamentos (aquisição direta)","AC","Fornecimento de Materiais e Equipamentos (aquisição direta)-AC",null,"-","-","-",null,"F",{"$f":"CONCATENATE(\"Declaro para os devidos fins que, conforme legislação tributária municipal, a base de cálculo deste tipo de obra corresponde à \",$R$10*100,\"%, com a respectiva alíquota de \",$R$11*100,\"%.\")","v":"Declaro para os devidos fins que, conforme legislação tributária municipal, a base de cálculo deste tipo de obra corresponde à 100%, com a respectiva alíquota de 4%."}]
["Fornecimento de Materiais e Equipamentos (aquisição direta)","SG","Fornecimento de Materiais e Equipamentos (aquisição direta)-SG",null,"-","-","-",null,"F"]
["Fornecimento de Materiais e Equipamentos (aquisição direta)","R","Fornecimento de Materiais e Equipamentos (aquisição direta)-R",null,"-","-","-",null,"F",{"$f":"CONCATENATE(\"Declaro para os devidos fins que o regime de Contribuição Previdenciária sobre a Receita Bruta adotado para elaboração do orçamento foi \",IF(DESONERACAO=\"Sim\",\"COM\",\"SEM\"),\" Desoneração, e que esta é a alternativa mais adequada para a Administração Pública.\")","v":"Declaro para os devidos fins que o regime de Contribuição Previdenciária sobre a Receita Bruta adotado para elaboração do orçamento foi SEM Desoneração, e que esta é a alternativa mais adequada para a Administração Pública."}]
["Fornecimento de Materiais e Equipamentos (aquisição direta)","DF","Fornecimento de Materiais e Equipamentos (aquisição direta)-DF",null,"-","-","-",null,"F"]
["Fornecimento de Materiais e Equipamentos (aquisição direta)","L","Fornecimento de Materiais e Equipamentos (aquisição direta)-L",null,"-","-","-",null,"F","Observações:"]
["Fornecimento de Materiais e Equipamentos (aquisição direta)","BDI PAD","Fornecimento de Materiais e Equipamentos (aquisição direta)-BDI PAD",null,"-","-","-",null,"F"]
["Estudos e Projetos, Planos e Gerenciamento e outros correlatos","K1","Estudos e Projetos, Planos e Gerenciamento e outros correlatos-K1",null,"-","-","-",null,"F"]
[{"$f":"A44","v":"Estudos e Projetos, Planos e Gerenciamento e outros correlatos"},"K2","Estudos e Projetos, Planos e Gerenciamento e outros correlatos-K2",null,"-",0.2,"-",null,"F",{"$f":"Import.Município","v":"CÉU AZUL/PR"},null,null,null,null,null,{"$f":"DADOS!$F$25","v":"2024-03-08"}]
[{"$f":"A45","v":"Estudos e Projetos, Planos e Gerenciamento e outros correlatos"},null,"Estudos e Projetos, Planos e Gerenciamento e outros correlatos-",null,"-","-","-",null,"F","Local",null,null,null,null,null,"Data"]
[{"$f":"A46","v":"Estudos e Projetos, Planos e Gerenciamento e outros correlatos"},null,"Estudos e Projetos, Planos e Gerenciamento e outros correlatos-",null,"-","-","-",null,"F"]
[{"$f":"A47","v":"Estudos e Projetos, Planos e Gerenciamento e outros correlatos"},"K3","Estudos e Projetos, Planos e Gerenciamento e outros correlatos-K3",null,"-",0.12,"-",null,"F"]
[{"$f":"A48","v":"Estudos e Projetos, Planos e Gerenciamento e outros correlatos"},"BDI PAD","Estudos e Projetos, Planos e Gerenciamento e outros correlatos-BDI PAD",null,"-","-","-",null,"F","Responsável Técnico"]
[null,null,null,null,null,null,null,null,"F","Nome:",{"$f":"Import.RespOrçamento","v":"GIAN CARLOS BORTOLINI VALLI"}]
[null,null,null,null,null,null,null,null,"F","CREA/CAU:","163755/D"]
[null,null,null,null,null,null,null,null,"F","ART/RRT:","1720241301630"]
[null,null,null,null,null,null,null,null,"F"]
[null,null,null,null,null,null,null,null,{"$f":"IF($S$69=0,\"\",\"F\")","v":""},"BDI 2"]
[null,null,null,null,null,null,null,null,{"$f":"IF($S$69=0,\"\",\"F\")","v":""}]
[null,null,null,null,null,null,null,null,"","TIPO DE OBRA"]
[null,null,null,null,null,null,null,null,"","(SELECIONAR)"]
[null,null,null,null,null,null,null,null,""]
[null,null,null,null,null,null,null,null,"","Itens",null,null,null,null,null,null,null,"Siglas","% Adotado",null,"Situação",null,null,"1º Quartil","Médio","3º Quartil"]
[null,null,null,null,null,null,null,null,""]
[null,null,null,null,null,null,null,null,"",{"$f":"IF($J$17=$A$146,\"Encargos Sociais incidentes sobre a mão de obra\",\"Administração Central\")","v":"Administração Central"},null,null,null,null,null,null,null,{"$f":"IF($J57=$A$146,\"K1\",\"AC\")","v":"AC"},null,null,"-",null,null,{"$f":"VLOOKUP(CONCATENATE(J57,\"-\",R61),$C$2:$G$136,3,FALSE)","v":{"$error":"#N/A"}},{"$f":"VLOOKUP(CONCATENATE(J57,\"-\",R61),$C$2:$G$136,4,FALSE)","v":{"$error":"#N/A"}},{"$f":"VLOOKUP(CONCATENATE(J57,\"-\",R61),$C$2:$G$136,5,FALSE)","v":{"$error":"#N/A"}}]
[null,null,null,null,null,null,null,null,"",{"$f":"IF($J$17=$A$146,\"Administração Central da empresa ou consultoria - overhead\",\"Seguro e Garantia\")","v":"Seguro e Garantia"},null,null,null,null,null,null,null,{"$f":"IF($J57=$A$146,\"K2\",\"SG\")","v":"SG"},null,null,"-",null,null,{"$f":"VLOOKUP(CONCATENATE(J57,\"-\",R62),$C$2:$G$136,3,FALSE)","v":{"$error":"#N/A"}},{"$f":"VLOOKUP(CONCATENATE(J57,\"-\",R62),$C$2:$G$136,4,FALSE)","v":{"$error":"#N/A"}},{"$f":"VLOOKUP(CONCATENATE(J57,\"-\",R62),$C$2:$G$136,5,FALSE)","v":{"$error":"#N/A"}}]
[null,null,null,null,null,null,null,null,"",{"$f":"IF($J$17=$A$146,\"\",\"Risco\")","v":"Risco"},null,null,null,null,null,null,null,{"$f":"IF($J57=$A$146,\"\",\"R\")","v":"R"},null,null,"-",null,null,{"$f":"VLOOKUP(CONCATENATE(J57,\"-\",R63),$C$2:$G$136,3,FALSE)","v":{"$error":"#N/A"}},{"$f":"VLOOKUP(CONCATENATE(J57,\"-\",R63),$C$2:$G$136,4,FALSE)","v":{"$error":"#N/A"}},{"$f":"VLOOKUP(CONCATENATE(J57,\"-\",R63),$C$2:$G$136,5,FALSE)","v":{"$error":"#N/A"}}]
[null,null,null,null,null,null,null,null,"",{"$f":"IF($J$17=$A$146,\"\",\"Despesas Financeiras\")","v":"Despesas Financeiras"},null,null,null,null,null,null,null,{"$f":"IF($J57=$A$146,\"\",\"DF\")","v":"DF"},null,null,"-",null,null,{"$f":"VLOOKUP(CONCATENATE(J57,\"-\",R64),$C$2:$G$136,3,FALSE)","v":{"$error":"#N/A"}},{"$f":"VLOOKUP(CONCATENATE(J57,\"-\",R64),$C$2:$G$136,4,FALSE)","v":{"$error":"#N/A"}},{"$f":"VLOOKUP(CONCATENATE(J57,\"-\",R64),$C$2:$G$136,5,FALSE)","v":{"$error":"#N/A"}}]
[null,null,null,null,null,null,null,null,"",{"$f":"IF($J$17=$A$146,\"Margem bruta da empresa de consultoria\",\"Lucro\")","v":"Lucro"},null,null,null,null,null,null,null,{"$f":"IF($J57=$A$146,\"K3\",\"L\")","v":"L"},null,null,"-",null,null,{"$f":"VLOOKUP(CONCATENATE(J57,\"-\",R65),$C$2:$G$136,3,FALSE)","v":{"$error":"#N/A"}},{"$f":"VLOOKUP(CONCATENATE(J57,\"-\",R65),$C$2:$G$136,4,FALSE)","v":{"$error":"#N/A"}},{"$f":"VLOOKUP(CONCATENATE(J57,\"-\",R65),$C$2:$G$136,5,FALSE)","v":{"$error":"#N/A"}}]
[null,null,null,null,null,null,null,null,"","Tributos (impostos COFINS 3%, e  PIS 0,65%)",null,null,null,null,null,null,null,"CP",null,null,"-",null,null,3.6499999999999998E-2,3.6499999999999998E-2,3.6499999999999998E-2]
[null,null,null,null,null,null,null,null,"","Tributos (ISS, variável de acordo com o município)",null,null,null,null,null,null,null,"ISS",{"$f":"IF(AND($J57<>$A$145,COUNTA(OFFSET(S60,1,0,6))>0),$R$11*$R$10,0)","v":0},null,"-",null,null,0,2.5000000000000001E-2,0.05]
[null,null,null,null,null,null,null,null,"","Tributos (Contribuição Previdenciária sobre a Receita Bruta - 0% ou 4,5% - Desoneração)",null,null,null,null,null,null,null,"CPRB",{"$f":"IF(BDI.Opcao<>\"Desonerado\",0,IF(AND($J57<>$A$145,COUNTA(OFFSET(S60,1,0,6))>0),4.5%,0%))","v":0},null,"-",null,null,0,4.4999999999999998E-2,4.4999999999999998E-2]
[null,null,null,null,null,null,null,null,"","BDI SEM desoneração (Fórmula Acórdão TCU)",null,null,null,null,null,null,null,"BDI PAD",{"$f":"IF($J57=$A$145,0,ROUND((((1+S61+S62+S63)*(1+S64)*(1+S65)/(1-(S66+S67)))-1),4))","v":0},null,{"$f":"IF(OR($J$17=$A$146,$J$17=$A$145,AND(S69>=X69,S69<=Z69)),\"OK\",\"FORA DO INTERVALO\")","v":{"$error":"#N/A"}},null,null,{"$f":"IF($J57=$A$145,0,VLOOKUP(CONCATENATE($J57,\"-\",$R69),$C$2:$G$136,3,FALSE))","v":{"$error":"#N/A"}},{"$f":"IF($J57=$A$145,0,VLOOKUP(CONCATENATE($J57,\"-\",$R69),$C$2:$G$136,4,FALSE))","v":{"$error":"#N/A"}},{"$f":"IF($J57=$A$145,0,VLOOKUP(CONCATENATE($J57,\"-\",$R69),$C$2:$G$136,5,FALSE))","v":{"$error":"#N/A"}}]
[null,null,null,null,null,null,null,null,"","BDI COM desoneração",null,null,null,null,null,null,null,"BDI DES",{"$f":"IF($J57=$A$145,0,ROUND((((1+S61+S62+S63)*(1+S64)*(1+S65)/(1-(S66+S67+S68)))-1),4))","v":0}]
[null,null,null,null,null,null,null,null,""]
[null,null,null,null,null,null,null,null,"",{"$f":"IF(U69<>\"ok\",\"X\",\"\")","v":{"$error":"#N/A"}},{"$f":"IF(U69<>\"ok\",\"Anexo: Relatório Técnico Circunstanciado justificando a adoção do percentual de cada parcela do BDI.\",\"\")","v":{"$error":"#N/A"}}]
[null,null,null,null,null,null,null,null,""]
[null,null,null,null,null,null,null,null,"","Os valores de BDI foram calculados com o emprego da fórmula:"]
[null,null,null,null,null,null,null,null,"",null,null,null,"BDI =",{"$f":"IF($J57=$A$146,\"(1+K1+K2)*(1+K3)\",\"(1+AC + S + R + G)*(1 + DF)*(1+L)\")","v":"(1+AC + S + R + G)*(1 + DF)*(1+L)"},null,null," - 1"]
[null,null,null,null,null,null,null,null,"",null,null,null,null,"(1-CP-ISS-CRPB)"]
[null,null,null,null,null,null,null,null,""]
[null,null,null,null,null,null,null,null,"",{"$f":"CONCATENATE(\"Declaro para os devidos fins que, conforme legislação tributária municipal, a base de cálculo deste tipo de obra corresponde à \",$R$10*100,\"%, com a respectiva alíquota de \",$R$11*100,\"%.\")","v":"Declaro para os devidos fins que, conforme legislação tributária municipal, a base de cálculo deste tipo de obra corresponde à 100%, com a respectiva alíquota de 4%."}]
[null,null,null,null,null,null,null,null,""]
[null,null,null,null,null,null,null,null,"",{"$f":"CONCATENATE(\"Declaro para os devidos fins que o regime de Contribuição Previdenciária sobre a Receita Bruta adotado para elaboração do orçamento foi \",IF(DESONERACAO=\"Sim\",\"COM\",\"SEM\"),\" Desoneração, e que esta é a alternativa mais adequada para a Administração Pública.\")","v":"Declaro para os devidos fins que o regime de Contribuição Previdenciária sobre a Receita Bruta adotado para elaboração do orçamento foi SEM Desoneração, e que esta é a alternativa mais adequada para a Administração Pública."}]
[null,null,null,null,null,null,null,null,""]
[null,null,null,null,null,null,null,null,"","Observações:"]
[null,null,null,null,null,null,null,null,""]
[null,null,null,null,null,null,null,null,""]
[null,null,null,null,null,null,null,null,"",{"$f":"Import.Município","v":"CÉU AZUL/PR"},null,null,null,null,null,{"$f":"DADOS!$F$25","v":"2024-03-08"}]
[null,null,null,null,null,null,null,null,"","Local",null,null,null,null,null,"Data"]
[null,null,null,null,null,null,null,null,""]
[null,null,null,null,null,null,null,null,""]
[null,null,null,null,null,null,null,null,"","Responsável Técnico"]
[null,null,null,null,null,null,null,null,"","Nome:",{"$f":"Import.RespOrçamento","v":"GIAN CARLOS BORTOLINI VALLI"}]
[null,null,null,null,null,null,null,null,"","CREA/CAU:","163755/D"]
[null,null,null,null,null,null,null,null,"","ART/RRT:","1720241301630"]
[null,null,null,null,null,null,null,null,""]
[null,null,null,null,null,null,null,null,{"$f":"IF($S$109=0,\"\",\"F\")","v":""},"BDI 3"]
[null,null,null,null,null,null,null,null,{"$f":"IF($S$109=0,\"\",\"F\")","v":""}]
[null,null,null,null,null,null,null,null,"","TIPO DE OBRA"]
[null,null,null,null,null,null,null,null,"","(SELECIONAR)"]
[null,null,null,null,null,null,null,null,""]
[null,null,null,null,null,null,null,null,"","Itens",null,null,null,null,null,null,null,"Siglas","% Adotado",null,"Situação",null,null,"1º Quartil","Médio","3º Quartil"]
[null,null,null,null,null,null,null,null,""]
[null,null,null,null,null,null,null,null,"",{"$f":"IF($J$17=$A$146,\"Encargos Sociais incidentes sobre a mão de obra\",\"Administração Central\")","v":"Administração Central"},null,null,null,null,null,null,null,{"$f":"IF($J97=$A$146,\"K1\",\"AC\")","v":"AC"},null,null,"-",null,null,{"$f":"VLOOKUP(CONCATENATE(J97,\"-\",R101),$C$2:$G$136,3,FALSE)","v":{"$error":"#N/A"}},{"$f":"VLOOKUP(CONCATENATE(J97,\"-\",R101),$C$2:$G$136,4,FALSE)","v":{"$error":"#N/A"}},{"$f":"VLOOKUP(CONCATENATE(J97,\"-\",R101),$C$2:$G$136,5,FALSE)","v":{"$error":"#N/A"}}]
[null,null,null,null,null,null,null,null,"",{"$f":"IF($J$17=$A$146,\"Administração Central da empresa ou consultoria - overhead\",\"Seguro e Garantia\")","v":"Seguro e Garantia"},null,null,null,null,null,null,null,{"$f":"IF($J97=$A$146,\"K2\",\"SG\")","v":"SG"},null,null,"-",null,null,{"$f":"VLOOKUP(CONCATENATE(J97,\"-\",R102),$C$2:$G$136,3,FALSE)","v":{"$error":"#N/A"}},{"$f":"VLOOKUP(CONCATENATE(J97,\"-\",R102),$C$2:$G$136,4,FALSE)","v":{"$error":"#N/A"}},{"$f":"VLOOKUP(CONCATENATE(J97,\"-\",R102),$C$2:$G$136,5,FALSE)","v":{"$error":"#N/A"}}]
[null,null,null,null,null,null,null,null,"",{"$f":"IF($J$17=$A$146,\"\",\"Risco\")","v":"Risco"},null,null,null,null,null,null,null,{"$f":"IF($J97=$A$146,\"\",\"R\")","v":"R"},null,null,"-",null,null,{"$f":"VLOOKUP(CONCATENATE(J97,\"-\",R103),$C$2:$G$136,3,FALSE)","v":{"$error":"#N/A"}},{"$f":"VLOOKUP(CONCATENATE(J97,\"-\",R103),$C$2:$G$136,4,FALSE)","v":{"$error":"#N/A"}},{"$f":"VLOOKUP(CONCATENATE(J97,\"-\",R103),$C$2:$G$136,5,FALSE)","v":{"$error":"#N/A"}}]
[null,null,null,null,null,null,null,null,"",{"$f":"IF($J$17=$A$146,\"\",\"Despesas Financeiras\")","v":"Despesas Financeiras"},null,null,null,null,null,null,null,{"$f":"IF($J97=$A$146,\"\",\"DF\")","v":"DF"},null,null,"-",null,null,{"$f":"VLOOKUP(CONCATENATE(J97,\"-\",R104),$C$2:$G$136,3,FALSE)","v":{"$error":"#N/A"}},{"$f":"VLOOKUP(CONCATENATE(J97,\"-\",R104),$C$2:$G$136,4,FALSE)","v":{"$error":"#N/A"}},{"$f":"VLOOKUP(CONCATENATE(J97,\"-\",R104),$C$2:$G$136,5,FALSE)","v":{"$error":"#N/A"}}]
[null,null,null,null,null,null,null,null,"",{"$f":"IF($J$17=$A$146,\"Margem bruta da empresa de consultoria\",\"Lucro\")","v":"Lucro"},null,null,null,null,null,null,null,{"$f":"IF($J97=$A$146,\"K3\",\"L\")","v":"L"},null,null,"-",null,null,{"$f":"VLOOKUP(CONCATENATE(J97,\"-\",R105),$C$2:$G$136,3,FALSE)","v":{"$error":"#N/A"}},{"$f":"VLOOKUP(CONCATENATE(J97,\"-\",R105),$C$2:$G$136,4,FALSE)","v":{"$error":"#N/A"}},{"$f":"VLOOKUP(CONCATENATE(J97,\"-\",R105),$C$2:$G$136,5,FALSE)","v":{"$error":"#N/A"}}]
[null,null,null,null,null,null,null,null,"","Tributos (impostos COFINS 3%, e  PIS 0,65%)",null,null,null,null,null,null,null,"CP",null,null,"-",null,null,3.6499999999999998E-2,3.6499999999999998E-2,3.6499999999999998E-2]
[null,null,null,null,null,null,null,null,"","Tributos (ISS, variável de acordo com o município)",null,null,null,null,null,null,null,"ISS",{"$f":"IF(AND($J97<>$A$145,COUNTA(OFFSET(S100,1,0,6))>0),$R$11*$R$10,0)","v":0},null,"-",null,null,0,2.5000000000000001E-2,0.05]
[null,null,null,null,null,null,null,null,"","Tributos (Contribuição Previdenciária sobre a Receita Bruta - 0% ou 4,5% - Desoneração)",null,null,null,null,null,null,null,"CPRB",{"$f":"IF(BDI.Opcao<>\"Desonerado\",0,IF(AND($J97<>$A$145,COUNTA(OFFSET(S100,1,0,6))>0),4.5%,0%))","v":0},null,"-",null,null,0,4.4999999999999998E-2,4.4999999999999998E-2]
[null,null,null,null,null,null,null,null,"","BDI SEM desoneração (Fórmula Acórdão TCU)",null,null,null,null,null,null,null,"BDI PAD",{"$f":"IF($J97=$A$145,0,ROUND((((1+S101+S102+S103)*(1+S104)*(1+S105)/(1-(S106+S107)))-1),4))","v":0},null,{"$f":"IF(OR($J$17=$A$146,$J$17=$A$145,AND(S109>=X109,S109<=Z109)),\"OK\",\"FORA DO INTERVALO\")","v":{"$error":"#N/A"}},null,null,{"$f":"IF($J97=$A$145,0,VLOOKUP(CONCATENATE($J97,\"-\",$R109),$C$2:$G$136,3,FALSE))","v":{"$error":"#N/A"}},{"$f":"IF($J97=$A$145,0,VLOOKUP(CONCATENATE($J97,\"-\",$R109),$C$2:$G$136,4,FALSE))","v":{"$error":"#N/A"}},{"$f":"IF($J97=$A$145,0,VLOOKUP(CONCATENATE($J97,\"-\",$R109),$C$2:$G$136,5,FALSE))","v":{"$error":"#N/A"}}]
[null,null,null,null,null,null,null,null,"","BDI COM desoneração",null,null,null,null,null,null,null,"BDI DES",{"$f":"IF($J97=$A$145,0,ROUND((((1+S101+S102+S103)*(1+S104)*(1+S105)/(1-(S106+S107+S108)))-1),4))","v":0}]
[null,null,null,null,null,null,null,null,""]
[null,null,null,null,null,null,null,null,"",{"$f":"IF(U109<>\"ok\",\"X\",\"\")","v":{"$error":"#N/A"}},{"$f":"IF(U109<>\"ok\",\"Anexo: Relatório Técnico Circunstanciado justificando a adoção do percentual de cada parcela do BDI.\",\"\")","v":{"$error":"#N/A"}}]
[null,null,null,null,null,null,null,null,""]
[null,null,null,null,null,null,null,null,"","Os valores de BDI foram calculados com o emprego da fórmula:"]
[null,null,null,null,null,null,null,null,"",null,null,null,"BDI =",{"$f":"IF($J97=$A$146,\"(1+K1+K2)*(1+K3)\",\"(1+AC + S + R + G)*(1 + DF)*(1+L)\")","v":"(1+AC + S + R + G)*(1 + DF)*(1+L)"},null,null," - 1"]
[null,null,null,null,null,null,null,null,"",null,null,null,null,"(1-CP-ISS-CRPB)"]
[null,null,null,null,null,null,null,null,""]
[null,null,null,null,null,null,null,null,"",{"$f":"CONCATENATE(\"Declaro para os devidos fins que, conforme legislação tributária municipal, a base de cálculo deste tipo de obra corresponde à \",$R$10*100,\"%, com a respectiva alíquota de \",$R$11*100,\"%.\")","v":"Declaro para os devidos fins que, conforme legislação tributária municipal, a base de cálculo deste tipo de obra corresponde à 100%, com a respectiva alíquota de 4%."}]
[null,null,null,null,null,null,null,null,""]
[null,null,null,null,null,null,null,null,"",{"$f":"CONCATENATE(\"Declaro para os devidos fins que o regime de Contribuição Previdenciária sobre a Receita Bruta adotado para elaboração do orçamento foi \",IF(DESONERACAO=\"Sim\",\"COM\",\"SEM\"),\" Desoneração, e que esta é a alternativa mais adequada para a Administração Pública.\")","v":"Declaro para os devidos fins que o regime de Contribuição Previdenciária sobre a Receita Bruta adotado para elaboração do orçamento foi SEM Desoneração, e que esta é a alternativa mais adequada para a Administração Pública."}]
[null,null,null,null,null,null,null,null,""]
[null,null,null,null,null,null,null,null,"","Observações:"]
[null,null,null,null,null,null,null,null,""]
[null,null,null,null,null,null,null,null,""]
[null,null,null,null,null,null,null,null,"",{"$f":"Import.Município","v":"CÉU AZUL/PR"},null,null,null,null,null,{"$f":"DADOS!$F$25","v":"2024-03-08"}]
[null,null,null,null,null,null,null,null,"","Local",null,null,null,null,null,"Data"]
[null,null,null,null,null,null,null,null,""]
[null,null,null,null,null,null,null,null,""]
[null,null,null,null,null,null,null,null,"","Responsável Técnico"]
[null,null,null,null,null,null,null,null,"","Nome:",{"$f":"Import.RespOrçamento","v":"GIAN CARLOS BORTOLINI VALLI"}]
[null,null,null,null,null,null,null,null,"","CREA/CAU:","163755/D"]
[null,null,null,null,null,null,null,null,"","ART/RRT:","1720241301630"]
[]
[]
[]
[]
[]
["(SELECIONAR)"]
["Construção e Reforma de Edifícios"]
["Construção de Praças Urbanas, Rodovias, Ferrovias e recapeamento e pavimentação de vias urbanas"]
["Construção de Redes de Abastecimento de Água, Coleta de Esgoto"]
["Construção e Manutenção de Estações e Redes de Distribuição de Energia Elétrica"]
["Obras Portuárias, Marítimas e Fluviais"]
["Fornecimento de Materiais e Equipamentos (aquisição indireta - em conjunto com licitação de obras)"]
["Fornecimento de Materiais e Equipamentos (aquisição direta)"]
["Estudos e Projetos, Planos e Gerenciamento e outros correlatos"]

{"sheet":"ORÇAMENTO","index":4,"n_rows":257,"n_cols":40,"rows_kept":257,"cut":false,"hidden":false,"merged":[[4,30,4,31],[6,14,6,15],[6,18,6,20],[6,37,10,37],[7,24,11,24],[7,25,11,25],[11,26,11,27],[6,35,10,35],[3,14,3,15],[3,18,3,23],[4,14,4,15],[4,18,4,23],[7,5,7,10],[7,11,11,11],[7,14,7,15],[7,18,7,20],[8,5,8,10],[255,14,255,16],[14,14,14,17],[242,16,242,23],[245,14,247,23],[249,14,249,23],[252,14,252,16],[250,14,250,23]]}
[null,null,null,null,null,null,null,null,null,null,null,null,null,null,null,null,null,"PO - PLANILHA ORÇAMENTÁRIA",null,null,null,null,null,"Grau de Sigilo"]
[null,null,null,"LOTE","Meta","Nível 2","Nível 3","Nível 4","Serviço",null,null,null,null,null,null,null,null,{"$f":"IF(TIPOORCAMENTO=\"licitado\",\"Orçamento Licitado\",\"Orçamento Base para Licitação\")&\" - \"&import.recurso","v":"Orçamento Base para Licitação - (SELECIONAR)"},null,null,null,null,null,"#PUBLICO"]
[]
["Nmax",null,null,null,null,"BDI 1","BDI 2","BDI 3",0,null,null,null,null,null,"Nº OPERAÇÃO",null,"Nº TransfereGOV","PROPONENTE / TOMADOR","APELIDO DO EMPREENDIMENTO"]
[{"$f":"MAX($C$15:$C$240)","v":3},null,null,null,null,{"$f":"IF(BDI.Opcao=\"DESONERADO\",BDI!$S$30,BDI!$S$29)","v":0.2487},{"$f":"IF(BDI.Opcao=\"DESONERADO\",BDI!$S$70,BDI!$S$69)","v":0},{"$f":"IF(BDI.Opcao=\"DESONERADO\",BDI!$S$110,BDI!$S$109)","v":0},null,null,null,null,null,null,{"$f":"Import.CR","v":0},null,{"$f":"Import.TransfereGOV","v":0},{"$f":"Import.Proponente","v":"MUNICÍPIO DE CÉU AZUL"},{"$f":"Import.Apelido","v":"CLUBE DA AMIZADE E DA UNIÃO DOS VOVÓS DE CÉU AZUL"},null,null,null,null,null,null,null,null,null,null,null,"Arredondamento"]
[]
[null,null,null,null,null,null,null,null,null,null,null,null,null,null,"LOCALIDADE SINAPI",null,"DATA BASE",{"$f":"IF(TIPOORCAMENTO=\"Licitado\",\"NOME DA EMPRESA\",\"DESCRIÇÃO DO LOTE\")","v":"DESCRIÇÃO DO LOTE"},{"$f":"IF(TIPOORCAMENTO=\"Licitado\",\"REGIME DE EXECUÇÃO\",\"MUNICÍPIO / UF\")","v":"MUNICÍPIO / UF"},null,null,{"$f":"IF(TIPOORCAMENTO=\"Licitado\",\"\",\"BDI 1\")","v":"BDI 1"},{"$f":"IF(TIPOORCAMENTO=\"Licitado\",\"\",\"BDI 2\")","v":"BDI 2"},{"$f":"IF(TIPOORCAMENTO=\"Licitado\",\"Nº CTEF\",\"BDI 3\")","v":"BDI 3"},null,null,null,null,null,null,"Quantidade",true,null,null,null,"QUANTIDADES: ACOMP. POR BM",null,"PREÇO UNITÁRIO LICITADO"]
[null,null,null,null,null,{"$f":"IF(LEN(INFO(\"release\"))>5,\"'Referência \"&Excel_BuiltIn_Database&\".xlsm'#Banco.$a5:$a$65536\",\"'[Referência \"&Excel_BuiltIn_Database&\".xlsm]Banco'!$a5:$a$65536\")","v":"'[Referência 12-2023.xlsm]Banco'!$a5:$a$65536"},null,null,null,null,null,"FILTRO",null,null,{"$f":"IF(ISERROR(INDIRECT($F$9)),\"(N/D: 'Referência \"&Excel_BuiltIn_Database&\".xlsm)\",INDIRECT($F$9))","v":"CURITIBA"},null,{"$f":"TEXT(Import.DataBase,\"mm-aa\")&IF(DESONERACAO=\"Sim\",\" (DES.)\",\" (N DES.)\")","v":"12-23 (N DES.)"},{"$f":"IF(TIPOORCAMENTO=\"Licitado\",Import.empresa,Import.DescLote)","v":"REFORMA E AMPLIAÇÃO DO CLUBE DA AMIZADE E DA UNIÃO DOS VOVÓS DE CÉU AZUL"},{"$f":"IF(TIPOORCAMENTO=\"Licitado\",Import.RegimeExecução,Import.Município)","v":"CÉU AZUL/PR"},null,null,{"$f":"IF(TIPOORCAMENTO=\"Licitado\",\"\",TEXT(F5,\"0,00%\"))","v":"24,87%"},{"$f":"IF(TIPOORCAMENTO=\"Licitado\",\"\",TEXT(G5,\"0,00%\"))","v":"0,00%"},{"$f":"IF(TIPOORCAMENTO=\"Licitado\",Import.CTEF,TEXT(H5,\"0,00%\"))","v":"0,00%"},"RECURSO","SGL RECURSO",null,null,null,null,"Custo Unitáro",true]
[null,null,null,null,null,{"$f":"IF(LEN(INFO(\"release\"))>5,\"'Referência \"&Excel_BuiltIn_Database&\".xlsm'#Banco.$d$3\",\"'[Referência \"&Excel_BuiltIn_Database&\".xlsm]Banco'!$d$3\")","v":"'[Referência 12-2023.xlsm]Banco'!$d$3"},null,null,null,null,null,null,null,null,null,null,null,null,null,null,null,null,null,null,null,null,null,null,null,null,"BDI",true]
[null,null,null,null,null,null,null,null,null,null,null,null,null,null,null,null,null,null,null,null,null,null,null,null,null,null,null,null,"ERRO GERAL",null,"Preço Unitário",true]
[null,null,null,null,null,null,null,null,null,null,null,null,null,null,null,null,null,null,null,null,null,null,null,null,null,null,null,null,{"$f":"IF(COUNTIF($AC$15:OFFSET($AC$240,-1,0),\"DESCRIÇÃO\")+COUNTIF($AC$15:OFFSET($AC$240,-1,0),\"UNIDADE\")+COUNTIF($AC$15:OFFSET($AC$240,-1,0),\"SEM VALOR\")>0,\"NÃO OK\",\"OK\")","v":"OK"},null,"Preço Total",true]
[null,null,null,null,null,null,null,null,null,null,null,null,null,null,null,null,null,null,null,null,null,null,null,null,null,null,"Valores não Arredondados",null,null,null,null,null,null,null,null,"↓",null,"↓"]
["Nível E","Save Nivel","Nível C","Altura","n1","n2","n3","n4","n5","Czero","Cnível","↓","Nível","Nível Corrigido","Item","Fonte","Código","Descrição","Unidade","Quantidade",{"$f":"IF(TIPOORCAMENTO=\"Licitado\",\"\",\"Custo Unitário (sem BDI) (R$)\")","v":"Custo Unitário (sem BDI) (R$)"},{"$f":"IF(TIPOORCAMENTO=\"Licitado\",\"\",\"BDI\n(%)\")","v":"BDI\n(%)"},"Preço Unitário (com BDI) (R$)","Preço Total\n(R$)","↓","↓","Contrapartida (R$)","Outros (R$)","Erro de Dados","Lista Crono","Concatenação Fonte-Código","BancoDesloc","Custo Unitário Referência (R$)",{"$f":"IF(TIPOORCAMENTO=\"LICITADO\",\"Valor BDI Edital\",\"Valor BDI\")","v":"Valor BDI"},null,"Quantidade",null,"Preço Unitário (com BDI) (R$)","Preço Total\nLicit. (R$)","Preço Unitário Edital (R$)"]
[{"$f":"CHOOSE(1+LOG(1+2*(ORÇAMENTO.Nivel=\"Meta\")+4*(ORÇAMENTO.Nivel=\"Nível 2\")+8*(ORÇAMENTO.Nivel=\"Nível 3\")+16*(ORÇAMENTO.Nivel=\"Nível 4\")+32*(ORÇAMENTO.Nivel=\"Serviço\"),2),0,1,2,3,4,\"S\")","v":"S"},{"$f":"IF(OR(C14=\"s\",C14=0),OFFSET(B14,-1,0),C14)","v":"Save Nivel"},{"$f":"IF(OFFSET(C14,-1,0)=\"L\",1,IF(OFFSET(C14,-1,0)=1,2,IF(OR(A14=\"s\",A14=0),\"S\",IF(AND(OFFSET(C14,-1,0)=2,A14=4),3,IF(AND(OR(OFFSET(C14,-1,0)=\"s\",OFFSET(C14,-1,0)=0),A14<>\"s\",A14>OFFSET(B14,-1,0)),OFFSET(B14,-1,0),A14)))))","v":"S"},{"$f":"IF(OR(C14=\"S\",C14=0),0,IF(ISERROR(K14),J14,SMALL(J14:K14,1)))","v":0},{"$f":"IF($C14=1,OFFSET(E14,-1,0)+MAX(1,COUNTIF(QCI!$A$13:$A$24,OFFSET(ORÇAMENTO!E14,-1,0))),OFFSET(E14,-1,0))","v":"n1"},{"$f":"IF($C14=1,0,IF($C14=2,OFFSET(F14,-1,0)+1,OFFSET(F14,-1,0)))","v":"n2"},{"$f":"IF(AND($C14<=2,$C14<>0),0,IF($C14=3,OFFSET(G14,-1,0)+1,OFFSET(G14,-1,0)))","v":"n3"},{"$f":"IF(AND($C14<=3,$C14<>0),0,IF($C14=4,OFFSET(H14,-1,0)+1,OFFSET(H14,-1,0)))","v":"n4"},{"$f":"IF(AND($C14<=4,$C14<>0),0,IF(AND($C14=\"S\",$X14>0),OFFSET(I14,-1,0)+1,OFFSET(I14,-1,0)))","v":"n5"},{"$f":"IF(OR($C14=\"S\",$C14=0),0,MATCH(0,OFFSET($D14,1,$C14,ROW($C$240)-ROW($C14)),0))","v":0},{"$f":"IF(OR($C14=\"S\",$C14=0),0,MATCH(OFFSET($D14,0,$C14)+IF($C14<>1,1,COUNTIF(QCI!$A$13:$A$24,ORÇAMENTO!E14)),OFFSET($D14,1,$C14,ROW($C$240)-ROW($C14)),0))","v":0},{"$f":"IF(OR($X14>0,$C14=1,$C14=2,$C14=3,$C14=4),\"F\",\"\")","v":""},"Serviço",{"$f":"CHOOSE(1+LOG(1+2*(C14=1)+4*(C14=2)+8*(C14=3)+16*(C14=4)+32*(C14=\"S\"),2),\"\",\"Meta\",\"Nível 2\",\"Nível 3\",\"Nível 4\",\"Serviço\")","v":"Serviço"},{"$f":"IF(OR($C14=0,$L14=\"\"),\"-\",CONCATENATE(E14&\".\",IF(AND($A$5>=2,$C14>=2),F14&\".\",\"\"),IF(AND($A$5>=3,$C14>=3),G14&\".\",\"\"),IF(AND($A$5>=4,$C14>=4),H14&\".\",\"\"),IF($C14=\"S\",I14&\".\",\"\")))","v":"-"},"SINAPI",null,{"$f":"IF($C14=\"S\",REFERENCIA.Descricao,\"(digite a descrição aqui)\")","v":"(Sem Código)"},{"$f":"REFERENCIA.Unidade","v":"-"},{"$f":"OFFSET(CÁLCULO!H$15,ROW($T14)-ROW(T$15),0)","v":0},null,"BDI 1",{"$f":"IF($C14=\"S\",ROUND(IF(TIPOORCAMENTO=\"Proposto\",ORÇAMENTO.CustoUnitario*(1+$AH14),ORÇAMENTO.PrecoUnitarioLicitado),15-13*$AF$10),0)","v":0},{"$f":"IF($C14=\"S\",IF(Import.TipoArredondamento<>\"TransfereGOV\",VTOTAL1,SUM(OFFSET(CÁLCULO!$AA$15,ROW($X14)-ROW($X$15),1):OFFSET(CÁLCULO!$AL$15,ROW($X14)-ROW($X$15),-1))),IF($C14=0,0,ROUND(SomaAgrup,15-13*$AF$11)))","v":0},"RA",{"$f":"IF(AND($C14=\"S\",$X14>0),IF(ISBLANK($Y14),\"RA\",LEFT($Y14,2)),\"\")","v":""},{"$f":"IF($C14=\"S\",IF($Z14=\"CP\",$X14,IF($Z14=\"RA\",(($X14)*QCI!$AA$3),0)),SomaAgrup)","v":0},{"$f":"IF($C14=\"S\",IF($Z14=\"OU\",ROUND($X14,2),0),SomaAgrup)","v":0},{"$f":"IF($N14=\"\",\"\",IF(ORÇAMENTO.Descricao=\"\",\"DESCRIÇÃO\",IF(AND($C14=\"S\",ORÇAMENTO.Unidade=\"\"),\"UNIDADE\",IF($X14<0,\"VALOR NEGATIVO\",IF(OR(AND(TIPOORCAMENTO=\"Proposto\",$AG14<>\"\",$AG14>0,ORÇAMENTO.CustoUnitario>$AG14),AND(TIPOORCAMENTO=\"LICITADO\",ORÇAMENTO.PrecoUnitarioLicitado>$AN14)),\"ACIMA REF.\",\"\")))))","v":""},{"$f":"IF(C14<=CRONO.NivelExibicao,MAX($AD$15:OFFSET(AD14,-1,0))+IF($C14<>1,1,MAX(1,COUNTIF(QCI!$A$13:$A$24,OFFSET($E14,-1,0)))),\"\")","v":""},{"$f":"IF(AND($C14=\"S\",ORÇAMENTO.CodBarra<>\"\"),IF(ORÇAMENTO.Fonte=\"\",ORÇAMENTO.CodBarra,CONCATENATE(ORÇAMENTO.Fonte,\" \",ORÇAMENTO.CodBarra)))","v":false},{"$f":"IF(ISERROR(INDIRECT(ORÇAMENTO.BancoRef)),\"(abra o arquivo 'Referência \"&Excel_BuiltIn_Database&\".xlsm)\",IF(OR($C14<>\"S\",ORÇAMENTO.CodBarra=\"\"),\"(Sem Código)\",IF(ISERROR(MATCH($AE14,INDIRECT(ORÇAMENTO.BancoRef),0)),\"(Código não identificado nas referências)\",MATCH($AE14,INDIRECT(ORÇAMENTO.BancoRef),0))))","v":"(Sem Código)"},{"$f":"ROUND(IF(DESONERACAO=\"sim\",REFERENCIA.Desonerado,REFERENCIA.NaoDesonerado),2)","v":0},{"$f":"ROUND(IF(ISNUMBER(ORÇAMENTO.OpcaoBDI),ORÇAMENTO.OpcaoBDI,IF(LEFT(ORÇAMENTO.OpcaoBDI,3)=\"BDI\",HLOOKUP(ORÇAMENTO.OpcaoBDI,$F$4:$H$5,2,FALSE),0)),15-11*$AF$9)","v":0.2487},null,null,null,null,{"$f":"$X14","v":0},{"$f":"ROUND(ORÇAMENTO.CustoUnitario*(1+$AH14),2)","v":0}]
[0,null,"L",{"$f":"COUNTA(OFFSET(D15,1,0):D$240)","v":224},0,null,null,null,null,null,null,"F",{"$f":"IF(TIPOORCAMENTO=\"LICITADO\",\"CTEF\",\"LOTE\")","v":"LOTE"},{"$f":"IF(TIPOORCAMENTO=\"LICITADO\",\"CTEF\",\"LOTE\")","v":"LOTE"},{"$f":"Import.DescLote","v":"REFORMA E AMPLIAÇÃO DO CLUBE DA AMIZADE E DA UNIÃO DOS VOVÓS DE CÉU AZUL"},null,null,null,null,null,null,null,null,{"$f":"SUMIF(OFFSET($C15,1,0,ROW(X240)-ROW(X15)-1),\"S\",OFFSET(X15,1,0,ROW(X240)-ROW(X15)-1))","v":520185.0400000001},null,{"$f":"IF(AND($C15=\"S\",$X15>0),LEFT($Y15,2),\"\")","v":""},{"$f":"SUMIF(OFFSET($C15,1,0,ROW(AA240)-ROW(AA15)-1),\"S\",OFFSET(AA15,1,0,ROW(AA240)-ROW(AA15)-1))","v":520185.0400000001},{"$f":"SUMIF(OFFSET($C15,1,0,ROW(AB240)-ROW(AB15)-1),\"S\",OFFSET(AB15,1,0,ROW(AB240)-ROW(AB15)-1))","v":0},null,null,null,null,null,null,null,null,null,null,520185.0400000001]
[{"$f":"CHOOSE(1+LOG(1+2*(ORÇAMENTO.Nivel=\"Meta\")+4*(ORÇAMENTO.Nivel=\"Nível 2\")+8*(ORÇAMENTO.Nivel=\"Nível 3\")+16*(ORÇAMENTO.Nivel=\"Nível 4\")+32*(ORÇAMENTO.Nivel=\"Serviço\"),2),0,1,2,3,4,\"S\")","v":1},{"$f":"IF(OR(C16=\"s\",C16=0),OFFSET(B16,-1,0),C16)","v":1},{"$f":"IF(OFFSET(C16,-1,0)=\"L\",1,IF(OFFSET(C16,-1,0)=1,2,IF(OR(A16=\"s\",A16=0),\"S\",IF(AND(OFFSET(C16,-1,0)=2,A16=4),3,IF(AND(OR(OFFSET(C16,-1,0)=\"s\",OFFSET(C16,-1,0)=0),A16<>\"s\",A16>OFFSET(B16,-1,0)),OFFSET(B16,-1,0),A16)))))","v":1},{"$f":"IF(OR(C16=\"S\",C16=0),0,IF(ISERROR(K16),J16,SMALL(J16:K16,1)))","v":224},{"$f":"IF($C16=1,OFFSET(E16,-1,0)+MAX(1,COUNTIF(QCI!$A$13:$A$24,OFFSET(ORÇAMENTO!E16,-1,0))),OFFSET(E16,-1,0))","v":1},{"$f":"IF($C16=1,0,IF($C16=2,OFFSET(F16,-1,0)+1,OFFSET(F16,-1,0)))","v":0},{"$f":"IF(AND($C16<=2,$C16<>0),0,IF($C16=3,OFFSET(G16,-1,0)+1,OFFSET(G16,-1,0)))","v":0},{"$f":"IF(AND($C16<=3,$C16<>0),0,IF($C16=4,OFFSET(H16,-1,0)+1,OFFSET(H16,-1,0)))","v":0},{"$f":"IF(AND($C16<=4,$C16<>0),0,IF(AND($C16=\"S\",$X16>0),OFFSET(I16,-1,0)+1,OFFSET(I16,-1,0)))","v":0},{"$f":"IF(OR($C16=\"S\",$C16=0),0,MATCH(0,OFFSET($D16,1,$C16,ROW($C$240)-ROW($C16)),0))","v":224},{"$f":"IF(OR($C16=\"S\",$C16=0),0,MATCH(OFFSET($D16,0,$C16)+IF($C16<>1,1,COUNTIF(QCI!$A$13:$A$24,ORÇAMENTO!E16)),OFFSET($D16,1,$C16,ROW($C$240)-ROW($C16)),0))","v":{"$error":"#N/A"}},{"$f":"IF(OR($X16>0,$C16=1,$C16=2,$C16=3,$C16=4),\"F\",\"\")","v":"F"},"Meta",{"$f":"CHOOSE(1+LOG(1+2*(C16=1)+4*(C16=2)+8*(C16=3)+16*(C16=4)+32*(C16=\"S\"),2),\"\",\"Meta\",\"Nível 2\",\"Nível 3\",\"Nível 4\",\"Serviço\")","v":"Meta"},{"$f":"IF(OR($C16=0,$L16=\"\"),\"-\",CONCATENATE(E16&\".\",IF(AND($A$5>=2,$C16>=2),F16&\".\",\"\"),IF(AND($A$5>=3,$C16>=3),G16&\".\",\"\"),IF(AND($A$5>=4,$C16>=4),H16&\".\",\"\"),IF($C16=\"S\",I16&\".\",\"\")))","v":"1."},"SINAPI",null,{"$f":"IF($C16=\"S\",REFERENCIA.Descricao,\"REFORMA E AMPLIAÇÃO\")","v":"REFORMA E AMPLIAÇÃO"},{"$f":"REFERENCIA.Unidade","v":"-"},{"$f":"OFFSET(CÁLCULO!H$15,ROW($T16)-ROW(T$15),0)","v":0},null,"BDI 1",{"$f":"IF($C16=\"S\",ROUND(IF(TIPOORCAMENTO=\"Proposto\",ORÇAMENTO.CustoUnitario*(1+$AH16),ORÇAMENTO.PrecoUnitarioLicitado),15-13*$AF$10),0)","v":0},{"$f":"IF($C16=\"S\",IF(Import.TipoArredondamento<>\"TransfereGOV\",VTOTAL1,SUM(OFFSET(CÁLCULO!$AA$15,ROW($X16)-ROW($X$15),1):OFFSET(CÁLCULO!$AL$15,ROW($X16)-ROW($X$15),-1))),IF($C16=0,0,ROUND(SomaAgrup,15-13*$AF$11)))","v":520185.04},"RA",{"$f":"IF(AND($C16=\"S\",$X16>0),IF(ISBLANK($Y16),\"RA\",LEFT($Y16,2)),\"\")","v":""},{"$f":"IF($C16=\"S\",IF($Z16=\"CP\",$X16,IF($Z16=\"RA\",(($X16)*QCI!$AA$3),0)),SomaAgrup)","v":520185.0400000001},{"$f":"IF($C16=\"S\",IF($Z16=\"OU\",ROUND($X16,2),0),SomaAgrup)","v":0},{"$f":"IF($N16=\"\",\"\",IF(ORÇAMENTO.Descricao=\"\",\"DESCRIÇÃO\",IF(AND($C16=\"S\",ORÇAMENTO.Unidade=\"\"),\"UNIDADE\",IF($X16<0,\"VALOR NEGATIVO\",IF(OR(AND(TIPOORCAMENTO=\"Proposto\",$AG16<>\"\",$AG16>0,ORÇAMENTO.CustoUnitario>$AG16),AND(TIPOORCAMENTO=\"LICITADO\",ORÇAMENTO.PrecoUnitarioLicitado>$AN16)),\"ACIMA REF.\",\"\")))))","v":""},{"$f":"IF(C16<=CRONO.NivelExibicao,MAX($AD$15:OFFSET(AD16,-1,0))+IF($C16<>1,1,MAX(1,COUNTIF(QCI!$A$13:$A$24,OFFSET($E16,-1,0)))),\"\")","v":1},{"$f":"IF(AND($C16=\"S\",ORÇAMENTO.CodBarra<>\"\"),IF(ORÇAMENTO.Fonte=\"\",ORÇAMENTO.CodBarra,CONCATENATE(ORÇAMENTO.Fonte,\" \",ORÇAMENTO.CodBarra)))","v":false},{"$f":"IF(ISERROR(INDIRECT(ORÇAMENTO.BancoRef)),\"(abra o arquivo 'Referência \"&Excel_BuiltIn_Database&\".xlsm)\",IF(OR($C16<>\"S\",ORÇAMENTO.CodBarra=\"\"),\"(Sem Código)\",IF(ISERROR(MATCH($AE16,INDIRECT(ORÇAMENTO.BancoRef),0)),\"(Código não identificado nas referências)\",MATCH($AE16,INDIRECT(ORÇAMENTO.BancoRef),0))))","v":"(Sem Código)"},{"$f":"ROUND(IF(DESONERACAO=\"sim\",REFERENCIA.Desonerado,REFERENCIA.NaoDesonerado),2)","v":0},{"$f":"ROUND(IF(ISNUMBER(ORÇAMENTO.OpcaoBDI),ORÇAMENTO.OpcaoBDI,IF(LEFT(ORÇAMENTO.OpcaoBDI,3)=\"BDI\",HLOOKUP(ORÇAMENTO.OpcaoBDI,$F$4:$H$5,2,FALSE),0)),15-11*$AF$9)","v":0.2487},null,null,null,null,520185.04,{"$f":"ROUND(ORÇAMENTO.CustoUnitario*(1+$AH16),2)","v":0}]
[2,2,2,33,{"$f":"IF($C17=1,OFFSET(E17,-1,0)+MAX(1,COUNTIF(QCI!$A$13:$A$24,OFFSET(ORÇAMENTO!E17,-1,0))),OFFSET(E17,-1,0))","v":1},1,0,0,0,223,{"$f":"IF(OR($C17=\"S\",$C17=0),0,MATCH(OFFSET($D17,0,$C17)+IF($C17<>1,1,COUNTIF(QCI!$A$13:$A$24,ORÇAMENTO!E17)),OFFSET($D17,1,$C17,ROW($C$240)-ROW($C17)),0))","v":33},"F","Nível 2","Nível 2","1.1.","SINAPI",null,{"$f":"IF($C17=\"S\",REFERENCIA.Descricao,\"SERVIÇOS PRELIMINARES, CANTEIRO DE OBRAS, SEGURANÇA E SAÚDE\")","v":"SERVIÇOS PRELIMINARES, CANTEIRO DE OBRAS, SEGURANÇA E SAÚDE"},{"$f":"REFERENCIA.Unidade","v":"-"},{"$f":"OFFSET(CÁLCULO!H$15,ROW($T17)-ROW(T$15),0)","v":0},null,"BDI 1",{"$f":"IF($C17=\"S\",ROUND(IF(TIPOORCAMENTO=\"Proposto\",ORÇAMENTO.CustoUnitario*(1+$AH17),ORÇAMENTO.PrecoUnitarioLicitado),15-13*$AF$10),0)","v":0},{"$f":"IF($C17=\"S\",IF(Import.TipoArredondamento<>\"TransfereGOV\",VTOTAL1,SUM(OFFSET(CÁLCULO!$AA$15,ROW($X17)-ROW($X$15),1):OFFSET(CÁLCULO!$AL$15,ROW($X17)-ROW($X$15),-1))),IF($C17=0,0,ROUND(SomaAgrup,15-13*$AF$11)))","v":39056.49},"RA","",{"$f":"IF($C17=\"S\",IF($Z17=\"CP\",$X17,IF($Z17=\"RA\",(($X17)*QCI!$AA$3),0)),SomaAgrup)","v":39056.490000000005},0,{"$f":"IF($N17=\"\",\"\",IF(ORÇAMENTO.Descricao=\"\",\"DESCRIÇÃO\",IF(AND($C17=\"S\",ORÇAMENTO.Unidade=\"\"),\"UNIDADE\",IF($X17<0,\"VALOR NEGATIVO\",IF(OR(AND(TIPOORCAMENTO=\"Proposto\",$AG17<>\"\",$AG17>0,ORÇAMENTO.CustoUnitario>$AG17),AND(TIPOORCAMENTO=\"LICITADO\",ORÇAMENTO.PrecoUnitarioLicitado>$AN17)),\"ACIMA REF.\",\"\")))))","v":""},{"$f":"IF(C17<=CRONO.NivelExibicao,MAX($AD$15:OFFSET(AD17,-1,0))+IF($C17<>1,1,MAX(1,COUNTIF(QCI!$A$13:$A$24,OFFSET($E17,-1,0)))),\"\")","v":2},{"$f":"IF(AND($C17=\"S\",ORÇAMENTO.CodBarra<>\"\"),IF(ORÇAMENTO.Fonte=\"\",ORÇAMENTO.CodBarra,CONCATENATE(ORÇAMENTO.Fonte,\" \",ORÇAMENTO.CodBarra)))","v":false},{"$f":"IF(ISERROR(INDIRECT(ORÇAMENTO.BancoRef)),\"(abra o arquivo 'Referência \"&Excel_BuiltIn_Database&\".xlsm)\",IF(OR($C17<>\"S\",ORÇAMENTO.CodBarra=\"\"),\"(Sem Código)\",IF(ISERROR(MATCH($AE17,INDIRECT(ORÇAMENTO.BancoRef),0)),\"(Código não identificado nas referências)\",MATCH($AE17,INDIRECT(ORÇAMENTO.BancoRef),0))))","v":"(Sem Código)"},{"$f":"ROUND(IF(DESONERACAO=\"sim\",REFERENCIA.Desonerado,REFERENCIA.NaoDesonerado),2)","v":0},0.2487,null,null,null,null,39056.49,0]
[{"$f":"CHOOSE(1+LOG(1+2*(ORÇAMENTO.Nivel=\"Meta\")+4*(ORÇAMENTO.Nivel=\"Nível 2\")+8*(ORÇAMENTO.Nivel=\"Nível 3\")+16*(ORÇAMENTO.Nivel=\"Nível 4\")+32*(ORÇAMENTO.Nivel=\"Serviço\"),2),0,1,2,3,4,\"S\")","v":3},{"$f":"IF(OR(C18=\"s\",C18=0),OFFSET(B18,-1,0),C18)","v":3},{"$f":"IF(OFFSET(C18,-1,0)=\"L\",1,IF(OFFSET(C18,-1,0)=1,2,IF(OR(A18=\"s\",A18=0),\"S\",IF(AND(OFFSET(C18,-1,0)=2,A18=4),3,IF(AND(OR(OFFSET(C18,-1,0)=\"s\",OFFSET(C18,-1,0)=0),A18<>\"s\",A18>OFFSET(B18,-1,0)),OFFSET(B18,-1,0),A18)))))","v":3},{"$f":"IF(OR(C18=\"S\",C18=0),0,IF(ISERROR(K18),J18,SMALL(J18:K18,1)))","v":6},{"$f":"IF($C18=1,OFFSET(E18,-1,0)+MAX(1,COUNTIF(QCI!$A$13:$A$24,OFFSET(ORÇAMENTO!E18,-1,0))),OFFSET(E18,-1,0))","v":1},{"$f":"IF($C18=1,0,IF($C18=2,OFFSET(F18,-1,0)+1,OFFSET(F18,-1,0)))","v":1},{"$f":"IF(AND($C18<=2,$C18<>0),0,IF($C18=3,OFFSET(G18,-1,0)+1,OFFSET(G18,-1,0)))","v":1},{"$f":"IF(AND($C18<=3,$C18<>0),0,IF($C18=4,OFFSET(H18,-1,0)+1,OFFSET(H18,-1,0)))","v":0},{"$f":"IF(AND($C18<=4,$C18<>0),0,IF(AND($C18=\"S\",$X18>0),OFFSET(I18,-1,0)+1,OFFSET(I18,-1,0)))","v":0},32,{"$f":"IF(OR($C18=\"S\",$C18=0),0,MATCH(OFFSET($D18,0,$C18)+IF($C18<>1,1,COUNTIF(QCI!$A$13:$A$24,ORÇAMENTO!E18)),OFFSET($D18,1,$C18,ROW($C$240)-ROW($C18)),0))","v":6},{"$f":"IF(OR($X18>0,$C18=1,$C18=2,$C18=3,$C18=4),\"F\",\"\")","v":"F"},"Nível 3",{"$f":"CHOOSE(1+LOG(1+2*(C18=1)+4*(C18=2)+8*(C18=3)+16*(C18=4)+32*(C18=\"S\"),2),\"\",\"Meta\",\"Nível 2\",\"Nível 3\",\"Nível 4\",\"Serviço\")","v":"Nível 3"},{"$f":"IF(OR($C18=0,$L18=\"\"),\"-\",CONCATENATE(E18&\".\",IF(AND($A$5>=2,$C18>=2),F18&\".\",\"\"),IF(AND($A$5>=3,$C18>=3),G18&\".\",\"\"),IF(AND($A$5>=4,$C18>=4),H18&\".\",\"\"),IF($C18=\"S\",I18&\".\",\"\")))","v":"1.1.1."},"SINAPI",null,{"$f":"IF($C18=\"S\",REFERENCIA.Descricao,\"SERVIÇOS PRELIMINARES\")","v":"SERVIÇOS PRELIMINARES"},{"$f":"REFERENCIA.Unidade","v":"-"},{"$f":"OFFSET(CÁLCULO!H$15,ROW($T18)-ROW(T$15),0)","v":0},{"$f":"AG18","v":0},"BDI 1",{"$f":"IF($C18=\"S\",ROUND(IF(TIPOORCAMENTO=\"Proposto\",ORÇAMENTO.CustoUnitario*(1+$AH18),ORÇAMENTO.PrecoUnitarioLicitado),15-13*$AF$10),0)","v":0},{"$f":"IF($C18=\"S\",IF(Import.TipoArredondamento<>\"TransfereGOV\",VTOTAL1,SUM(OFFSET(CÁLCULO!$AA$15,ROW($X18)-ROW($X$15),1):OFFSET(CÁLCULO!$AL$15,ROW($X18)-ROW($X$15),-1))),IF($C18=0,0,ROUND(SomaAgrup,15-13*$AF$11)))","v":6375.72},"RA",{"$f":"IF(AND($C18=\"S\",$X18>0),IF(ISBLANK($Y18),\"RA\",LEFT($Y18,2)),\"\")","v":""},{"$f":"IF($C18=\"S\",IF($Z18=\"CP\",$X18,IF($Z18=\"RA\",(($X18)*QCI!$AA$3),0)),SomaAgrup)","v":6375.72},{"$f":"IF($C18=\"S\",IF($Z18=\"OU\",ROUND($X18,2),0),SomaAgrup)","v":0},{"$f":"IF($N18=\"\",\"\",IF(ORÇAMENTO.Descricao=\"\",\"DESCRIÇÃO\",IF(AND($C18=\"S\",ORÇAMENTO.Unidade=\"\"),\"UNIDADE\",IF($X18<0,\"VALOR NEGATIVO\",IF(OR(AND(TIPOORCAMENTO=\"Proposto\",$AG18<>\"\",$AG18>0,ORÇAMENTO.CustoUnitario>$AG18),AND(TIPOORCAMENTO=\"LICITADO\",ORÇAMENTO.PrecoUnitarioLicitado>$AN18)),\"ACIMA REF.\",\"\")))))","v":""},{"$f":"IF(C18<=CRONO.NivelExibicao,MAX($AD$15:OFFSET(AD18,-1,0))+IF($C18<>1,1,MAX(1,COUNTIF(QCI!$A$13:$A$24,OFFSET($E18,-1,0)))),\"\")","v":""},{"$f":"IF(AND($C18=\"S\",ORÇAMENTO.CodBarra<>\"\"),IF(ORÇAMENTO.Fonte=\"\",ORÇAMENTO.CodBarra,CONCATENATE(ORÇAMENTO.Fonte,\" \",ORÇAMENTO.CodBarra)))","v":false},{"$f":"IF(ISERROR(INDIRECT(ORÇAMENTO.BancoRef)),\"(abra o arquivo 'Referência \"&Excel_BuiltIn_Database&\".xlsm)\",IF(OR($C18<>\"S\",ORÇAMENTO.CodBarra=\"\"),\"(Sem Código)\",IF(ISERROR(MATCH($AE18,INDIRECT(ORÇAMENTO.BancoRef),0)),\"(Código não identificado nas referências)\",MATCH($AE18,INDIRECT(ORÇAMENTO.BancoRef),0))))","v":"(Sem Código)"},{"$f":"ROUND(IF(DESONERACAO=\"sim\",REFERENCIA.Desonerado,REFERENCIA.NaoDesonerado),2)","v":0},{"$f":"ROUND(IF(ISNUMBER(ORÇAMENTO.OpcaoBDI),ORÇAMENTO.OpcaoBDI,IF(LEFT(ORÇAMENTO.OpcaoBDI,3)=\"BDI\",HLOOKUP(ORÇAMENTO.OpcaoBDI,$F$4:$H$5,2,FALSE),0)),15-11*$AF$9)","v":0.2487},null,null,null,null,6375.72,{"$f":"ROUND(ORÇAMENTO.CustoUnitario*(1+$AH18),2)","v":0}]
["S",3,"S",0,{"$f":"IF($C19=1,OFFSET(E19,-1,0)+MAX(1,COUNTIF(QCI!$A$13:$A$24,OFFSET(ORÇAMENTO!E19,-1,0))),OFFSET(E19,-1,0))","v":1},1,1,0,1,0,{"$f":"IF(OR($C19=\"S\",$C19=0),0,MATCH(OFFSET($D19,0,$C19)+IF($C19<>1,1,COUNTIF(QCI!$A$13:$A$24,ORÇAMENTO!E19)),OFFSET($D19,1,$C19,ROW($C$240)-ROW($C19)),0))","v":0},"F","Serviço","Serviço","1.1.1.1.","SINAPI","103689",{"$f":"IF($C19=\"S\",REFERENCIA.Descricao,\"(digite a descrição aqui)\")","v":"FORNECIMENTO E INSTALAÇÃO DE PLACA DE OBRA COM CHAPA GALVANIZADA E ESTRUTURA DE MADEIRA. AF_03/2022_PS"},{"$f":"REFERENCIA.Unidade","v":"M2"},{"$f":"OFFSET(CÁLCULO!H$15,ROW($T19)-ROW(T$15),0)","v":4.5},{"$f":"AG19","v":316.94},"BDI 1",{"$f":"IF($C19=\"S\",ROUND(IF(TIPOORCAMENTO=\"Proposto\",ORÇAMENTO.CustoUnitario*(1+$AH19),ORÇAMENTO.PrecoUnitarioLicitado),15-13*$AF$10),0)","v":395.76},{"$f":"IF($C19=\"S\",IF(Import.TipoArredondamento<>\"TransfereGOV\",VTOTAL1,SUM(OFFSET(CÁLCULO!$AA$15,ROW($X19)-ROW($X$15),1):OFFSET(CÁLCULO!$AL$15,ROW($X19)-ROW($X$15),-1))),IF($C19=0,0,ROUND(SomaAgrup,15-13*$AF$11)))","v":1780.92},"RA","RA",{"$f":"IF($C19=\"S\",IF($Z19=\"CP\",$X19,IF($Z19=\"RA\",(($X19)*QCI!$AA$3),0)),SomaAgrup)","v":1780.92},0,{"$f":"IF($N19=\"\",\"\",IF(ORÇAMENTO.Descricao=\"\",\"DESCRIÇÃO\",IF(AND($C19=\"S\",ORÇAMENTO.Unidade=\"\"),\"UNIDADE\",IF($X19<0,\"VALOR NEGATIVO\",IF(OR(AND(TIPOORCAMENTO=\"Proposto\",$AG19<>\"\",$AG19>0,ORÇAMENTO.CustoUnitario>$AG19),AND(TIPOORCAMENTO=\"LICITADO\",ORÇAMENTO.PrecoUnitarioLicitado>$AN19)),\"ACIMA REF.\",\"\")))))","v":""},{"$f":"IF(C19<=CRONO.NivelExibicao,MAX($AD$15:OFFSET(AD19,-1,0))+IF($C19<>1,1,MAX(1,COUNTIF(QCI!$A$13:$A$24,OFFSET($E19,-1,0)))),\"\")","v":""},{"$f":"IF(AND($C19=\"S\",ORÇAMENTO.CodBarra<>\"\"),IF(ORÇAMENTO.Fonte=\"\",ORÇAMENTO.CodBarra,CONCATENATE(ORÇAMENTO.Fonte,\" \",ORÇAMENTO.CodBarra)))","v":"SINAPI 103689"},{"$f":"IF(ISERROR(INDIRECT(ORÇAMENTO.BancoRef)),\"(abra o arquivo 'Referência \"&Excel_BuiltIn_Database&\".xlsm)\",IF(OR($C19<>\"S\",ORÇAMENTO.CodBarra=\"\"),\"(Sem Código)\",IF(ISERROR(MATCH($AE19,INDIRECT(ORÇAMENTO.BancoRef),0)),\"(Código não identificado nas referências)\",MATCH($AE19,INDIRECT(ORÇAMENTO.BancoRef),0))))","v":6048},{"$f":"ROUND(IF(DESONERACAO=\"sim\",REFERENCIA.Desonerado,REFERENCIA.NaoDesonerado),2)","v":316.94},0.2487,null,4.5,null,null,1780.92,395.76]
[{"$f":"CHOOSE(1+LOG(1+2*(ORÇAMENTO.Nivel=\"Meta\")+4*(ORÇAMENTO.Nivel=\"Nível 2\")+8*(ORÇAMENTO.Nivel=\"Nível 3\")+16*(ORÇAMENTO.Nivel=\"Nível 4\")+32*(ORÇAMENTO.Nivel=\"Serviço\"),2),0,1,2,3,4,\"S\")","v":"S"},{"$f":"IF(OR(C20=\"s\",C20=0),OFFSET(B20,-1,0),C20)","v":3},{"$f":"IF(OFFSET(C20,-1,0)=\"L\",1,IF(OFFSET(C20,-1,0)=1,2,IF(OR(A20=\"s\",A20=0),\"S\",IF(AND(OFFSET(C20,-1,0)=2,A20=4),3,IF(AND(OR(OFFSET(C20,-1,0)=\"s\",OFFSET(C20,-1,0)=0),A20<>\"s\",A20>OFFSET(B20,-1,0)),OFFSET(B20,-1,0),A20)))))","v":"S"},{"$f":"IF(OR(C20=\"S\",C20=0),0,IF(ISERROR(K20),J20,SMALL(J20:K20,1)))","v":0},{"$f":"IF($C20=1,OFFSET(E20,-1,0)+MAX(1,COUNTIF(QCI!$A$13:$A$24,OFFSET(ORÇAMENTO!E20,-1,0))),OFFSET(E20,-1,0))","v":1},{"$f":"IF($C20=1,0,IF($C20=2,OFFSET(F20,-1,0)+1,OFFSET(F20,-1,0)))","v":1},{"$f":"IF(AND($C20<=2,$C20<>0),0,IF($C20=3,OFFSET(G20,-1,0)+1,OFFSET(G20,-1,0)))","v":1},{"$f":"IF(AND($C20<=3,$C20<>0),0,IF($C20=4,OFFSET(H20,-1,0)+1,OFFSET(H20,-1,0)))","v":0},{"$f":"IF(AND($C20<=4,$C20<>0),0,IF(AND($C20=\"S\",$X20>0),OFFSET(I20,-1,0)+1,OFFSET(I20,-1,0)))","v":2},0,{"$f":"IF(OR($C20=\"S\",$C20=0),0,MATCH(OFFSET($D20,0,$C20)+IF($C20<>1,1,COUNTIF(QCI!$A$13:$A$24,ORÇAMENTO!E20)),OFFSET($D20,1,$C20,ROW($C$240)-ROW($C20)),0))","v":0},{"$f":"IF(OR($X20>0,$C20=1,$C20=2,$C20=3,$C20=4),\"F\",\"\")","v":"F"},"Serviço",{"$f":"CHOOSE(1+LOG(1+2*(C20=1)+4*(C20=2)+8*(C20=3)+16*(C20=4)+32*(C20=\"S\"),2),\"\",\"Meta\",\"Nível 2\",\"Nível 3\",\"Nível 4\",\"Serviço\")","v":"Serviço"},{"$f":"IF(OR($C20=0,$L20=\"\"),\"-\",CONCATENATE(E20&\".\",IF(AND($A$5>=2,$C20>=2),F20&\".\",\"\"),IF(AND($A$5>=3,$C20>=3),G20&\".\",\"\"),IF(AND($A$5>=4,$C20>=4),H20&\".\",\"\"),IF($C20=\"S\",I20&\".\",\"\")))","v":"1.1.1.2."},"SINAPI-I","10776",{"$f":"IF($C20=\"S\",REFERENCIA.Descricao,\"(digite a descrição aqui)\")","v":"LOCACAO DE CONTAINER 2,30 X 6,00 M, ALT. 2,50 M, PARA ESCRITORIO, SEM DIVISORIAS INTERNAS E SEM SANITARIO (NAO INCLUI MOBILIZACAO/DESMOBILIZACAO)                                                                                                                                                                                                                                                                                                                                                         "},{"$f":"REFERENCIA.Unidade","v":"MES   "},{"$f":"OFFSET(CÁLCULO!H$15,ROW($T20)-ROW(T$15),0)","v":6},{"$f":"AG20","v":613.28},"BDI 1",{"$f":"IF($C20=\"S\",ROUND(IF(TIPOORCAMENTO=\"Proposto\",ORÇAMENTO.CustoUnitario*(1+$AH20),ORÇAMENTO.PrecoUnitarioLicitado),15-13*$AF$10),0)","v":765.8},{"$f":"IF($C20=\"S\",IF(Import.TipoArredondamento<>\"TransfereGOV\",VTOTAL1,SUM(OFFSET(CÁLCULO!$AA$15,ROW($X20)-ROW($X$15),1):OFFSET(CÁLCULO!$AL$15,ROW($X20)-ROW($X$15),-1))),IF($C20=0,0,ROUND(SomaAgrup,15-13*$AF$11)))","v":4594.8},"RA",{"$f":"IF(AND($C20=\"S\",$X20>0),IF(ISBLANK($Y20),\"RA\",LEFT($Y20,2)),\"\")","v":"RA"},{"$f":"IF($C20=\"S\",IF($Z20=\"CP\",$X20,IF($Z20=\"RA\",(($X20)*QCI!$AA$3),0)),SomaAgrup)","v":4594.8},{"$f":"IF($C20=\"S\",IF($Z20=\"OU\",ROUND($X20,2),0),SomaAgrup)","v":0},{"$f":"IF($N20=\"\",\"\",IF(ORÇAMENTO.Descricao=\"\",\"DESCRIÇÃO\",IF(AND($C20=\"S\",ORÇAMENTO.Unidade=\"\"),\"UNIDADE\",IF($X20<0,\"VALOR NEGATIVO\",IF(OR(AND(TIPOORCAMENTO=\"Proposto\",$AG20<>\"\",$AG20>0,ORÇAMENTO.CustoUnitario>$AG20),AND(TIPOORCAMENTO=\"LICITADO\",ORÇAMENTO.PrecoUnitarioLicitado>$AN20)),\"ACIMA REF.\",\"\")))))","v":""},{"$f":"IF(C20<=CRONO.NivelExibicao,MAX($AD$15:OFFSET(AD20,-1,0))+IF($C20<>1,1,MAX(1,COUNTIF(QCI!$A$13:$A$24,OFFSET($E20,-1,0)))),\"\")","v":""},{"$f":"IF(AND($C20=\"S\",ORÇAMENTO.CodBarra<>\"\"),IF(ORÇAMENTO.Fonte=\"\",ORÇAMENTO.CodBarra,CONCATENATE(ORÇAMENTO.Fonte,\" \",ORÇAMENTO.CodBarra)))","v":"SINAPI-I 10776"},{"$f":"IF(ISERROR(INDIRECT(ORÇAMENTO.BancoRef)),\"(abra o arquivo 'Referência \"&Excel_BuiltIn_Database&\".xlsm)\",IF(OR($C20<>\"S\",ORÇAMENTO.CodBarra=\"\"),\"(Sem Código)\",IF(ISERROR(MATCH($AE20,INDIRECT(ORÇAMENTO.BancoRef),0)),\"(Código não identificado nas referências)\",MATCH($AE20,INDIRECT(ORÇAMENTO.BancoRef),0))))","v":10176},{"$f":"ROUND(IF(DESONERACAO=\"sim\",REFERENCIA.Desonerado,REFERENCIA.NaoDesonerado),2)","v":613.28},{"$f":"ROUND(IF(ISNUMBER(ORÇAMENTO.OpcaoBDI),ORÇAMENTO.OpcaoBDI,IF(LEFT(ORÇAMENTO.OpcaoBDI,3)=\"BDI\",HLOOKUP(ORÇAMENTO.OpcaoBDI,$F$4:$H$5,2,FALSE),0)),15-11*$AF$9)","v":0.2487},null,6,null,null,4594.8,{"$f":"ROUND(ORÇAMENTO.CustoUnitario*(1+$AH20),2)","v":765.8}]
[{"$f":"CHOOSE(1+LOG(1+2*(ORÇAMENTO.Nivel=\"Meta\")+4*(ORÇAMENTO.Nivel=\"Nível 2\")+8*(ORÇAMENTO.Nivel=\"Nível 3\")+16*(ORÇAMENTO.Nivel=\"Nível 4\")+32*(ORÇAMENTO.Nivel=\"Serviço\"),2),0,1,2,3,4,\"S\")","v":"S"},{"$f":"IF(OR(C21=\"s\",C21=0),OFFSET(B21,-1,0),C21)","v":3},{"$f":"IF(OFFSET(C21,-1,0)=\"L\",1,IF(OFFSET(C21,-1,0)=1,2,IF(OR(A21=\"s\",A21=0),\"S\",IF(AND(OFFSET(C21,-1,0)=2,A21=4),3,IF(AND(OR(OFFSET(C21,-1,0)=\"s\",OFFSET(C21,-1,0)=0),A21<>\"s\",A21>OFFSET(B21,-1,0)),OFFSET(B21,-1,0),A21)))))","v":"S"},{"$f":"IF(OR(C21=\"S\",C21=0),0,IF(ISERROR(K21),J21,SMALL(J21:K21,1)))","v":0},{"$f":"IF($C21=1,OFFSET(E21,-1,0)+MAX(1,COUNTIF(QCI!$A$13:$A$24,OFFSET(ORÇAMENTO!E21,-1,0))),OFFSET(E21,-1,0))","v":1},{"$f":"IF($C21=1,0,IF($C21=2,OFFSET(F21,-1,0)+1,OFFSET(F21,-1,0)))","v":1},{"$f":"IF(AND($C21<=2,$C21<>0),0,IF($C21=3,OFFSET(G21,-1,0)+1,OFFSET(G21,-1,0)))","v":1},{"$f":"IF(AND($C21<=3,$C21<>0),0,IF($C21=4,OFFSET(H21,-1,0)+1,OFFSET(H21,-1,0)))","v":0},{"$f":"IF(AND($C21<=4,$C21<>0),0,IF(AND($C21=\"S\",$X21>0),OFFSET(I21,-1,0)+1,OFFSET(I21,-1,0)))","v":2},0,{"$f":"IF(OR($C21=\"S\",$C21=0),0,MATCH(OFFSET($D21,0,$C21)+IF($C21<>1,1,COUNTIF(QCI!$A$13:$A$24,ORÇAMENTO!E21)),OFFSET($D21,1,$C21,ROW($C$240)-ROW($C21)),0))","v":0},{"$f":"IF(OR($X21>0,$C21=1,$C21=2,$C21=3,$C21=4),\"F\",\"\")","v":""},"Serviço",{"$f":"CHOOSE(1+LOG(1+2*(C21=1)+4*(C21=2)+8*(C21=3)+16*(C21=4)+32*(C21=\"S\"),2),\"\",\"Meta\",\"Nível 2\",\"Nível 3\",\"Nível 4\",\"Serviço\")","v":"Serviço"},{"$f":"IF(OR($C21=0,$L21=\"\"),\"-\",CONCATENATE(E21&\".\",IF(AND($A$5>=2,$C21>=2),F21&\".\",\"\"),IF(AND($A$5>=3,$C21>=3),G21&\".\",\"\"),IF(AND($A$5>=4,$C21>=4),H21&\".\",\"\"),IF($C21=\"S\",I21&\".\",\"\")))","v":"-"},"SINAPI",null,{"$f":"IF($C21=\"S\",REFERENCIA.Descricao,\"(digite a descrição aqui)\")","v":"(Sem Código)"},{"$f":"REFERENCIA.Unidade","v":"-"},{"$f":"OFFSET(CÁLCULO!H$15,ROW($T21)-ROW(T$15),0)","v":0},0,"BDI 1",{"$f":"IF($C21=\"S\",ROUND(IF(TIPOORCAMENTO=\"Proposto\",ORÇAMENTO.CustoUnitario*(1+$AH21),ORÇAMENTO.PrecoUnitarioLicitado),15-13*$AF$10),0)","v":0},{"$f":"IF($C21=\"S\",IF(Import.TipoArredondamento<>\"TransfereGOV\",VTOTAL1,SUM(OFFSET(CÁLCULO!$AA$15,ROW($X21)-ROW($X$15),1):OFFSET(CÁLCULO!$AL$15,ROW($X21)-ROW($X$15),-1))),IF($C21=0,0,ROUND(SomaAgrup,15-13*$AF$11)))","v":0},"RA",{"$f":"IF(AND($C21=\"S\",$X21>0),IF(ISBLANK($Y21),\"RA\",LEFT($Y21,2)),\"\")","v":""},{"$f":"IF($C21=\"S\",IF($Z21=\"CP\",$X21,IF($Z21=\"RA\",(($X21)*QCI!$AA$3),0)),SomaAgrup)","v":0},{"$f":"IF($C21=\"S\",IF($Z21=\"OU\",ROUND($X21,2),0),SomaAgrup)","v":0},{"$f":"IF($N21=\"\",\"\",IF(ORÇAMENTO.Descricao=\"\",\"DESCRIÇÃO\",IF(AND($C21=\"S\",ORÇAMENTO.Unidade=\"\"),\"UNIDADE\",IF($X21<0,\"VALOR NEGATIVO\",IF(OR(AND(TIPOORCAMENTO=\"Proposto\",$AG21<>\"\",$AG21>0,ORÇAMENTO.CustoUnitario>$AG21),AND(TIPOORCAMENTO=\"LICITADO\",ORÇAMENTO.PrecoUnitarioLicitado>$AN21)),\"ACIMA REF.\",\"\")))))","v":""},{"$f":"IF(C21<=CRONO.NivelExibicao,MAX($AD$15:OFFSET(AD21,-1,0))+IF($C21<>1,1,MAX(1,COUNTIF(QCI!$A$13:$A$24,OFFSET($E21,-1,0)))),\"\")","v":""},{"$f":"IF(AND($C21=\"S\",ORÇAMENTO.CodBarra<>\"\"),IF(ORÇAMENTO.Fonte=\"\",ORÇAMENTO.CodBarra,CONCATENATE(ORÇAMENTO.Fonte,\" \",ORÇAMENTO.CodBarra)))","v":false},{"$f":"IF(ISERROR(INDIRECT(ORÇAMENTO.BancoRef)),\"(abra o arquivo 'Referência \"&Excel_BuiltIn_Database&\".xlsm)\",IF(OR($C21<>\"S\",ORÇAMENTO.CodBarra=\"\"),\"(Sem Código)\",IF(ISERROR(MATCH($AE21,INDIRECT(ORÇAMENTO.BancoRef),0)),\"(Código não identificado nas referências)\",MATCH($AE21,INDIRECT(ORÇAMENTO.BancoRef),0))))","v":"(Sem Código)"},{"$f":"ROUND(IF(DESONERACAO=\"sim\",REFERENCIA.Desonerado,REFERENCIA.NaoDesonerado),2)","v":0},{"$f":"ROUND(IF(ISNUMBER(ORÇAMENTO.OpcaoBDI),ORÇAMENTO.OpcaoBDI,IF(LEFT(ORÇAMENTO.OpcaoBDI,3)=\"BDI\",HLOOKUP(ORÇAMENTO.OpcaoBDI,$F$4:$H$5,2,FALSE),0)),15-11*$AF$9)","v":0.2487},null,null,null,null,0,{"$f":"ROUND(ORÇAMENTO.CustoUnitario*(1+$AH21),2)","v":0}]
[{"$f":"CHOOSE(1+LOG(1+2*(ORÇAMENTO.Nivel=\"Meta\")+4*(ORÇAMENTO.Nivel=\"Nível 2\")+8*(ORÇAMENTO.Nivel=\"Nível 3\")+16*(ORÇAMENTO.Nivel=\"Nível 4\")+32*(ORÇAMENTO.Nivel=\"Serviço\"),2),0,1,2,3,4,\"S\")","v":"S"},3,"S",0,{"$f":"IF($C22=1,OFFSET(E22,-1,0)+MAX(1,COUNTIF(QCI!$A$13:$A$24,OFFSET(ORÇAMENTO!E22,-1,0))),OFFSET(E22,-1,0))","v":1},1,1,0,2,0,{"$f":"IF(OR($C22=\"S\",$C22=0),0,MATCH(OFFSET($D22,0,$C22)+IF($C22<>1,1,COUNTIF(QCI!$A$13:$A$24,ORÇAMENTO!E22)),OFFSET($D22,1,$C22,ROW($C$240)-ROW($C22)),0))","v":0},"","Serviço","Serviço","-","SINAPI",null,{"$f":"IF($C22=\"S\",REFERENCIA.Descricao,\"(digite a descrição aqui)\")","v":"(Sem Código)"},{"$f":"REFERENCIA.Unidade","v":"-"},{"$f":"OFFSET(CÁLCULO!H$15,ROW($T22)-ROW(T$15),0)","v":0},0,"BDI 1",{"$f":"IF($C22=\"S\",ROUND(IF(TIPOORCAMENTO=\"Proposto\",ORÇAMENTO.CustoUnitario*(1+$AH22),ORÇAMENTO.PrecoUnitarioLicitado),15-13*$AF$10),0)","v":0},{"$f":"IF($C22=\"S\",IF(Import.TipoArredondamento<>\"TransfereGOV\",VTOTAL1,SUM(OFFSET(CÁLCULO!$AA$15,ROW($X22)-ROW($X$15),1):OFFSET(CÁLCULO!$AL$15,ROW($X22)-ROW($X$15),-1))),IF($C22=0,0,ROUND(SomaAgrup,15-13*$AF$11)))","v":0},"RA","",{"$f":"IF($C22=\"S\",IF($Z22=\"CP\",$X22,IF($Z22=\"RA\",(($X22)*QCI!$AA$3),0)),SomaAgrup)","v":0},{"$f":"IF($C22=\"S\",IF($Z22=\"OU\",ROUND($X22,2),0),SomaAgrup)","v":0},{"$f":"IF($N22=\"\",\"\",IF(ORÇAMENTO.Descricao=\"\",\"DESCRIÇÃO\",IF(AND($C22=\"S\",ORÇAMENTO.Unidade=\"\"),\"UNIDADE\",IF($X22<0,\"VALOR NEGATIVO\",IF(OR(AND(TIPOORCAMENTO=\"Proposto\",$AG22<>\"\",$AG22>0,ORÇAMENTO.CustoUnitario>$AG22),AND(TIPOORCAMENTO=\"LICITADO\",ORÇAMENTO.PrecoUnitarioLicitado>$AN22)),\"ACIMA REF.\",\"\")))))","v":""},{"$f":"IF(C22<=CRONO.NivelExibicao,MAX($AD$15:OFFSET(AD22,-1,0))+IF($C22<>1,1,MAX(1,COUNTIF(QCI!$A$13:$A$24,OFFSET($E22,-1,0)))),\"\")","v":""},{"$f":"IF(AND($C22=\"S\",ORÇAMENTO.CodBarra<>\"\"),IF(ORÇAMENTO.Fonte=\"\",ORÇAMENTO.CodBarra,CONCATENATE(ORÇAMENTO.Fonte,\" \",ORÇAMENTO.CodBarra)))","v":false},{"$f":"IF(ISERROR(INDIRECT(ORÇAMENTO.BancoRef)),\"(abra o arquivo 'Referência \"&Excel_BuiltIn_Database&\".xlsm)\",IF(OR($C22<>\"S\",ORÇAMENTO.CodBarra=\"\"),\"(Sem Código)\",IF(ISERROR(MATCH($AE22,INDIRECT(ORÇAMENTO.BancoRef),0)),\"(Código não identificado nas referências)\",MATCH($AE22,INDIRECT(ORÇAMENTO.BancoRef),0))))","v":"(Sem Código)"},{"$f":"ROUND(IF(DESONERACAO=\"sim\",REFERENCIA.Desonerado,REFERENCIA.NaoDesonerado),2)","v":0},{"$f":"ROUND(IF(ISNUMBER(ORÇAMENTO.OpcaoBDI),ORÇAMENTO.OpcaoBDI,IF(LEFT(ORÇAMENTO.OpcaoBDI,3)=\"BDI\",HLOOKUP(ORÇAMENTO.OpcaoBDI,$F$4:$H$5,2,FALSE),0)),15-11*$AF$9)","v":0.2487},null,null,null,null,0,{"$f":"ROUND(ORÇAMENTO.CustoUnitario*(1+$AH22),2)","v":0}]
["S",3,"S",0,{"$f":"IF($C23=1,OFFSET(E23,-1,0)+MAX(1,COUNTIF(QCI!$A$13:$A$24,OFFSET(ORÇAMENTO!E23,-1,0))),OFFSET(E23,-1,0))","v":1},1,1,0,2,0,{"$f":"IF(OR($C23=\"S\",$C23=0),0,MATCH(OFFSET($D23,0,$C23)+IF($C23<>1,1,COUNTIF(QCI!$A$13:$A$24,ORÇAMENTO!E23)),OFFSET($D23,1,$C23,ROW($C$240)-ROW($C23)),0))","v":0},"","Serviço","Serviço","-","SINAPI",null,{"$f":"IF($C23=\"S\",REFERENCIA.Descricao,\"(digite a descrição aqui)\")","v":"(Sem Código)"},{"$f":"REFERENCIA.Unidade","v":"-"},{"$f":"OFFSET(CÁLCULO!H$15,ROW($T23)-ROW(T$15),0)","v":0},0,"BDI 1",{"$f":"IF($C23=\"S\",ROUND(IF(TIPOORCAMENTO=\"Proposto\",ORÇAMENTO.CustoUnitario*(1+$AH23),ORÇAMENTO.PrecoUnitarioLicitado),15-13*$AF$10),0)","v":0},{"$f":"IF($C23=\"S\",IF(Import.TipoArredondamento<>\"TransfereGOV\",VTOTAL1,SUM(OFFSET(CÁLCULO!$AA$15,ROW($X23)-ROW($X$15),1):OFFSET(CÁLCULO!$AL$15,ROW($X23)-ROW($X$15),-1))),IF($C23=0,0,ROUND(SomaAgrup,15-13*$AF$11)))","v":0},"RA","",{"$f":"IF($C23=\"S\",IF($Z23=\"CP\",$X23,IF($Z23=\"RA\",(($X23)*QCI!$AA$3),0)),SomaAgrup)","v":0},0,{"$f":"IF($N23=\"\",\"\",IF(ORÇAMENTO.Descricao=\"\",\"DESCRIÇÃO\",IF(AND($C23=\"S\",ORÇAMENTO.Unidade=\"\"),\"UNIDADE\",IF($X23<0,\"VALOR NEGATIVO\",IF(OR(AND(TIPOORCAMENTO=\"Proposto\",$AG23<>\"\",$AG23>0,ORÇAMENTO.CustoUnitario>$AG23),AND(TIPOORCAMENTO=\"LICITADO\",ORÇAMENTO.PrecoUnitarioLicitado>$AN23)),\"ACIMA REF.\",\"\")))))","v":""},{"$f":"IF(C23<=CRONO.NivelExibicao,MAX($AD$15:OFFSET(AD23,-1,0))+IF($C23<>1,1,MAX(1,COUNTIF(QCI!$A$13:$A$24,OFFSET($E23,-1,0)))),\"\")","v":""},{"$f":"IF(AND($C23=\"S\",ORÇAMENTO.CodBarra<>\"\"),IF(ORÇAMENTO.Fonte=\"\",ORÇAMENTO.CodBarra,CONCATENATE(ORÇAMENTO.Fonte,\" \",ORÇAMENTO.CodBarra)))","v":false},{"$f":"IF(ISERROR(INDIRECT(ORÇAMENTO.BancoRef)),\"(abra o arquivo 'Referência \"&Excel_BuiltIn_Database&\".xlsm)\",IF(OR($C23<>\"S\",ORÇAMENTO.CodBarra=\"\"),\"(Sem Código)\",IF(ISERROR(MATCH($AE23,INDIRECT(ORÇAMENTO.BancoRef),0)),\"(Código não identificado nas referências)\",MATCH($AE23,INDIRECT(ORÇAMENTO.BancoRef),0))))","v":"(Sem Código)"},{"$f":"ROUND(IF(DESONERACAO=\"sim\",REFERENCIA.Desonerado,REFERENCIA.NaoDesonerado),2)","v":0},0.2487,null,null,null,null,0,0]
[3,3,3,14,{"$f":"IF($C24=1,OFFSET(E24,-1,0)+MAX(1,COUNTIF(QCI!$A$13:$A$24,OFFSET(ORÇAMENTO!E24,-1,0))),OFFSET(E24,-1,0))","v":1},1,2,0,0,26,{"$f":"IF(OR($C24=\"S\",$C24=0),0,MATCH(OFFSET($D24,0,$C24)+IF($C24<>1,1,COUNTIF(QCI!$A$13:$A$24,ORÇAMENTO!E24)),OFFSET($D24,1,$C24,ROW($C$240)-ROW($C24)),0))","v":14},"F","Nível 3","Nível 3","1.1.2.","SINAPI",null,{"$f":"IF($C24=\"S\",REFERENCIA.Descricao,\"DEMOLIÇÕES E RETIRADAS\")","v":"DEMOLIÇÕES E RETIRADAS"},{"$f":"REFERENCIA.Unidade","v":"-"},{"$f":"OFFSET(CÁLCULO!H$15,ROW($T24)-ROW(T$15),0)","v":0},{"$f":"AG24","v":0},"BDI 1",{"$f":"IF($C24=\"S\",ROUND(IF(TIPOORCAMENTO=\"Proposto\",ORÇAMENTO.CustoUnitario*(1+$AH24),ORÇAMENTO.PrecoUnitarioLicitado),15-13*$AF$10),0)","v":0},{"$f":"IF($C24=\"S\",IF(Import.TipoArredondamento<>\"TransfereGOV\",VTOTAL1,SUM(OFFSET(CÁLCULO!$AA$15,ROW($X24)-ROW($X$15),1):OFFSET(CÁLCULO!$AL$15,ROW($X24)-ROW($X$15),-1))),IF($C24=0,0,ROUND(SomaAgrup,15-13*$AF$11)))","v":17826.41},"RA","",{"$f":"IF($C24=\"S\",IF($Z24=\"CP\",$X24,IF($Z24=\"RA\",(($X24)*QCI!$AA$3),0)),SomaAgrup)","v":17826.41},0,{"$f":"IF($N24=\"\",\"\",IF(ORÇAMENTO.Descricao=\"\",\"DESCRIÇÃO\",IF(AND($C24=\"S\",ORÇAMENTO.Unidade=\"\"),\"UNIDADE\",IF($X24<0,\"VALOR NEGATIVO\",IF(OR(AND(TIPOORCAMENTO=\"Proposto\",$AG24<>\"\",$AG24>0,ORÇAMENTO.CustoUnitario>$AG24),AND(TIPOORCAMENTO=\"LICITADO\",ORÇAMENTO.PrecoUnitarioLicitado>$AN24)),\"ACIMA REF.\",\"\")))))","v":""},{"$f":"IF(C24<=CRONO.NivelExibicao,MAX($AD$15:OFFSET(AD24,-1,0))+IF($C24<>1,1,MAX(1,COUNTIF(QCI!$A$13:$A$24,OFFSET($E24,-1,0)))),\"\")","v":""},{"$f":"IF(AND($C24=\"S\",ORÇAMENTO.CodBarra<>\"\"),IF(ORÇAMENTO.Fonte=\"\",ORÇAMENTO.CodBarra,CONCATENATE(ORÇAMENTO.Fonte,\" \",ORÇAMENTO.CodBarra)))","v":false},{"$f":"IF(ISERROR(INDIRECT(ORÇAMENTO.BancoRef)),\"(abra o arquivo 'Referência \"&Excel_BuiltIn_Database&\".xlsm)\",IF(OR($C24<>\"S\",ORÇAMENTO.CodBarra=\"\"),\"(Sem Código)\",IF(ISERROR(MATCH($AE24,INDIRECT(ORÇAMENTO.BancoRef),0)),\"(Código não identificado nas referências)\",MATCH($AE24,INDIRECT(ORÇAMENTO.BancoRef),0))))","v":"(Sem Código)"},{"$f":"ROUND(IF(DESONERACAO=\"sim\",REFERENCIA.Desonerado,REFERENCIA.NaoDesonerado),2)","v":0},0.2487,null,null,null,null,17826.41,0]
["S",3,"S",0,{"$f":"IF($C25=1,OFFSET(E25,-1,0)+MAX(1,COUNTIF(QCI!$A$13:$A$24,OFFSET(ORÇAMENTO!E25,-1,0))),OFFSET(E25,-1,0))","v":1},1,2,0,1,0,{"$f":"IF(OR($C25=\"S\",$C25=0),0,MATCH(OFFSET($D25,0,$C25)+IF($C25<>1,1,COUNTIF(QCI!$A$13:$A$24,ORÇAMENTO!E25)),OFFSET($D25,1,$C25,ROW($C$240)-ROW($C25)),0))","v":0},"F","Serviço","Serviço","1.1.2.1.","SINAPI","97644",{"$f":"IF($C25=\"S\",REFERENCIA.Descricao,\"(digite a descrição aqui)\")","v":"REMOÇÃO DE PORTAS, DE FORMA MANUAL, SEM REAPROVEITAMENTO. AF_09/2023"},{"$f":"REFERENCIA.Unidade","v":"M2"},{"$f":"OFFSET(CÁLCULO!H$15,ROW($T25)-ROW(T$15),0)","v":12.75},12.04,"BDI 1",{"$f":"IF($C25=\"S\",ROUND(IF(TIPOORCAMENTO=\"Proposto\",ORÇAMENTO.CustoUnitario*(1+$AH25),ORÇAMENTO.PrecoUnitarioLicitado),15-13*$AF$10),0)","v":15.03},{"$f":"IF($C25=\"S\",IF(Import.TipoArredondamento<>\"TransfereGOV\",VTOTAL1,SUM(OFFSET(CÁLCULO!$AA$15,ROW($X25)-ROW($X$15),1):OFFSET(CÁLCULO!$AL$15,ROW($X25)-ROW($X$15),-1))),IF($C25=0,0,ROUND(SomaAgrup,15-13*$AF$11)))","v":191.63},"RA","RA",{"$f":"IF($C25=\"S\",IF($Z25=\"CP\",$X25,IF($Z25=\"RA\",(($X25)*QCI!$AA$3),0)),SomaAgrup)","v":191.63},0,{"$f":"IF($N25=\"\",\"\",IF(ORÇAMENTO.Descricao=\"\",\"DESCRIÇÃO\",IF(AND($C25=\"S\",ORÇAMENTO.Unidade=\"\"),\"UNIDADE\",IF($X25<0,\"VALOR NEGATIVO\",IF(OR(AND(TIPOORCAMENTO=\"Proposto\",$AG25<>\"\",$AG25>0,ORÇAMENTO.CustoUnitario>$AG25),AND(TIPOORCAMENTO=\"LICITADO\",ORÇAMENTO.PrecoUnitarioLicitado>$AN25)),\"ACIMA REF.\",\"\")))))","v":""},{"$f":"IF(C25<=CRONO.NivelExibicao,MAX($AD$15:OFFSET(AD25,-1,0))+IF($C25<>1,1,MAX(1,COUNTIF(QCI!$A$13:$A$24,OFFSET($E25,-1,0)))),\"\")","v":""},{"$f":"IF(AND($C25=\"S\",ORÇAMENTO.CodBarra<>\"\"),IF(ORÇAMENTO.Fonte=\"\",ORÇAMENTO.CodBarra,CONCATENATE(ORÇAMENTO.Fonte,\" \",ORÇAMENTO.CodBarra)))","v":"SINAPI 97644"},{"$f":"IF(ISERROR(INDIRECT(ORÇAMENTO.BancoRef)),\"(abra o arquivo 'Referência \"&Excel_BuiltIn_Database&\".xlsm)\",IF(OR($C25<>\"S\",ORÇAMENTO.CodBarra=\"\"),\"(Sem Código)\",IF(ISERROR(MATCH($AE25,INDIRECT(ORÇAMENTO.BancoRef),0)),\"(Código não identificado nas referências)\",MATCH($AE25,INDIRECT(ORÇAMENTO.BancoRef),0))))","v":6938},{"$f":"ROUND(IF(DESONERACAO=\"sim\",REFERENCIA.Desonerado,REFERENCIA.NaoDesonerado),2)","v":12.04},0.2487,null,12.75,null,null,191.63,15.03]
["S",3,"S",0,{"$f":"IF($C26=1,OFFSET(E26,-1,0)+MAX(1,COUNTIF(QCI!$A$13:$A$24,OFFSET(ORÇAMENTO!E26,-1,0))),OFFSET(E26,-1,0))","v":1},1,2,0,2,0,{"$f":"IF(OR($C26=\"S\",$C26=0),0,MATCH(OFFSET($D26,0,$C26)+IF($C26<>1,1,COUNTIF(QCI!$A$13:$A$24,ORÇAMENTO!E26)),OFFSET($D26,1,$C26,ROW($C$240)-ROW($C26)),0))","v":0},"F","Serviço","Serviço","1.1.2.2.","SINAPI","97645",{"$f":"IF($C26=\"S\",REFERENCIA.Descricao,\"(digite a descrição aqui)\")","v":"REMOÇÃO DE JANELAS, DE FORMA MANUAL, SEM REAPROVEITAMENTO. AF_09/2023"},{"$f":"REFERENCIA.Unidade","v":"M2"},{"$f":"OFFSET(CÁLCULO!H$15,ROW($T26)-ROW(T$15),0)","v":43.87},31.08,"BDI 1",{"$f":"IF($C26=\"S\",ROUND(IF(TIPOORCAMENTO=\"Proposto\",ORÇAMENTO.CustoUnitario*(1+$AH26),ORÇAMENTO.PrecoUnitarioLicitado),15-13*$AF$10),0)","v":38.81},{"$f":"IF($C26=\"S\",IF(Import.TipoArredondamento<>\"TransfereGOV\",VTOTAL1,SUM(OFFSET(CÁLCULO!$AA$15,ROW($X26)-ROW($X$15),1):OFFSET(CÁLCULO!$AL$15,ROW($X26)-ROW($X$15),-1))),IF($C26=0,0,ROUND(SomaAgrup,15-13*$AF$11)))","v":1702.59},"RA","RA",{"$f":"IF($C26=\"S\",IF($Z26=\"CP\",$X26,IF($Z26=\"RA\",(($X26)*QCI!$AA$3),0)),SomaAgrup)","v":1702.59},0,{"$f":"IF($N26=\"\",\"\",IF(ORÇAMENTO.Descricao=\"\",\"DESCRIÇÃO\",IF(AND($C26=\"S\",ORÇAMENTO.Unidade=\"\"),\"UNIDADE\",IF($X26<0,\"VALOR NEGATIVO\",IF(OR(AND(TIPOORCAMENTO=\"Proposto\",$AG26<>\"\",$AG26>0,ORÇAMENTO.CustoUnitario>$AG26),AND(TIPOORCAMENTO=\"LICITADO\",ORÇAMENTO.PrecoUnitarioLicitado>$AN26)),\"ACIMA REF.\",\"\")))))","v":""},{"$f":"IF(C26<=CRONO.NivelExibicao,MAX($AD$15:OFFSET(AD26,-1,0))+IF($C26<>1,1,MAX(1,COUNTIF(QCI!$A$13:$A$24,OFFSET($E26,-1,0)))),\"\")","v":""},{"$f":"IF(AND($C26=\"S\",ORÇAMENTO.CodBarra<>\"\"),IF(ORÇAMENTO.Fonte=\"\",ORÇAMENTO.CodBarra,CONCATENATE(ORÇAMENTO.Fonte,\" \",ORÇAMENTO.CodBarra)))","v":"SINAPI 97645"},{"$f":"IF(ISERROR(INDIRECT(ORÇAMENTO.BancoRef)),\"(abra o arquivo 'Referência \"&Excel_BuiltIn_Database&\".xlsm)\",IF(OR($C26<>\"S\",ORÇAMENTO.CodBarra=\"\"),\"(Sem Código)\",IF(ISERROR(MATCH($AE26,INDIRECT(ORÇAMENTO.BancoRef),0)),\"(Código não identificado nas referências)\",MATCH($AE26,INDIRECT(ORÇAMENTO.BancoRef),0))))","v":6939},{"$f":"ROUND(IF(DESONERACAO=\"sim\",REFERENCIA.Desonerado,REFERENCIA.NaoDesonerado),2)","v":31.08},0.2487,null,43.87,null,null,1702.59,38.81]
["S",3,"S",0,{"$f":"IF($C27=1,OFFSET(E27,-1,0)+MAX(1,COUNTIF(QCI!$A$13:$A$24,OFFSET(ORÇAMENTO!E27,-1,0))),OFFSET(E27,-1,0))","v":1},1,2,0,3,0,{"$f":"IF(OR($C27=\"S\",$C27=0),0,MATCH(OFFSET($D27,0,$C27)+IF($C27<>1,1,COUNTIF(QCI!$A$13:$A$24,ORÇAMENTO!E27)),OFFSET($D27,1,$C27,ROW($C$240)-ROW($C27)),0))","v":0},"F","Serviço","Serviço","1.1.2.3.","SINAPI","97640",{"$f":"IF($C27=\"S\",REFERENCIA.Descricao,\"(digite a descrição aqui)\")","v":"REMOÇÃO DE FORROS DE DRYWALL, PVC E FIBROMINERAL, DE FORMA MANUAL, SEM REAPROVEITAMENTO. AF_09/2023"},{"$f":"REFERENCIA.Unidade","v":"M2"},{"$f":"OFFSET(CÁLCULO!H$15,ROW($T27)-ROW(T$15),0)","v":209.98},2.4300000000000002,"BDI 1",{"$f":"IF($C27=\"S\",ROUND(IF(TIPOORCAMENTO=\"Proposto\",ORÇAMENTO.CustoUnitario*(1+$AH27),ORÇAMENTO.PrecoUnitarioLicitado),15-13*$AF$10),0)","v":3.03},{"$f":"IF($C27=\"S\",IF(Import.TipoArredondamento<>\"TransfereGOV\",VTOTAL1,SUM(OFFSET(CÁLCULO!$AA$15,ROW($X27)-ROW($X$15),1):OFFSET(CÁLCULO!$AL$15,ROW($X27)-ROW($X$15),-1))),IF($C27=0,0,ROUND(SomaAgrup,15-13*$AF$11)))","v":636.24},"RA","RA",{"$f":"IF($C27=\"S\",IF($Z27=\"CP\",$X27,IF($Z27=\"RA\",(($X27)*QCI!$AA$3),0)),SomaAgrup)","v":636.24},0,{"$f":"IF($N27=\"\",\"\",IF(ORÇAMENTO.Descricao=\"\",\"DESCRIÇÃO\",IF(AND($C27=\"S\",ORÇAMENTO.Unidade=\"\"),\"UNIDADE\",IF($X27<0,\"VALOR NEGATIVO\",IF(OR(AND(TIPOORCAMENTO=\"Proposto\",$AG27<>\"\",$AG27>0,ORÇAMENTO.CustoUnitario>$AG27),AND(TIPOORCAMENTO=\"LICITADO\",ORÇAMENTO.PrecoUnitarioLicitado>$AN27)),\"ACIMA REF.\",\"\")))))","v":""},{"$f":"IF(C27<=CRONO.NivelExibicao,MAX($AD$15:OFFSET(AD27,-1,0))+IF($C27<>1,1,MAX(1,COUNTIF(QCI!$A$13:$A$24,OFFSET($E27,-1,0)))),\"\")","v":""},{"$f":"IF(AND($C27=\"S\",ORÇAMENTO.CodBarra<>\"\"),IF(ORÇAMENTO.Fonte=\"\",ORÇAMENTO.CodBarra,CONCATENATE(ORÇAMENTO.Fonte,\" \",ORÇAMENTO.CodBarra)))","v":"SINAPI 97640"},{"$f":"IF(ISERROR(INDIRECT(ORÇAMENTO.BancoRef)),\"(abra o arquivo 'Referência \"&Excel_BuiltIn_Database&\".xlsm)\",IF(OR($C27<>\"S\",ORÇAMENTO.CodBarra=\"\"),\"(Sem Código)\",IF(ISERROR(MATCH($AE27,INDIRECT(ORÇAMENTO.BancoRef),0)),\"(Código não identificado nas referências)\",MATCH($AE27,INDIRECT(ORÇAMENTO.BancoRef),0))))","v":6934},{"$f":"ROUND(IF(DESONERACAO=\"sim\",REFERENCIA.Desonerado,REFERENCIA.NaoDesonerado),2)","v":2.4300000000000002},0.2487,null,209.98,null,null,636.24,3.03]
["S",3,"S",0,{"$f":"IF($C28=1,OFFSET(E28,-1,0)+MAX(1,COUNTIF(QCI!$A$13:$A$24,OFFSET(ORÇAMENTO!E28,-1,0))),OFFSET(E28,-1,0))","v":1},1,2,0,4,0,{"$f":"IF(OR($C28=\"S\",$C28=0),0,MATCH(OFFSET($D28,0,$C28)+IF($C28<>1,1,COUNTIF(QCI!$A$13:$A$24,ORÇAMENTO!E28)),OFFSET($D28,1,$C28,ROW($C$240)-ROW($C28)),0))","v":0},"F","Serviço","Serviço","1.1.2.4.","SINAPI","97647",{"$f":"IF($C28=\"S\",REFERENCIA.Descricao,\"(digite a descrição aqui)\")","v":"REMOÇÃO DE TELHAS DE FIBROCIMENTO METÁLICA E CERÂMICA, DE FORMA MANUAL, SEM REAPROVEITAMENTO. AF_09/2023"},{"$f":"REFERENCIA.Unidade","v":"M2"},{"$f":"OFFSET(CÁLCULO!H$15,ROW($T28)-ROW(T$15),0)","v":235.35},4.4800000000000004,"BDI 1",{"$f":"IF($C28=\"S\",ROUND(IF(TIPOORCAMENTO=\"Proposto\",ORÇAMENTO.CustoUnitario*(1+$AH28),ORÇAMENTO.PrecoUnitarioLicitado),15-13*$AF$10),0)","v":5.59},{"$f":"IF($C28=\"S\",IF(Import.TipoArredondamento<>\"TransfereGOV\",VTOTAL1,SUM(OFFSET(CÁLCULO!$AA$15,ROW($X28)-ROW($X$15),1):OFFSET(CÁLCULO!$AL$15,ROW($X28)-ROW($X$15),-1))),IF($C28=0,0,ROUND(SomaAgrup,15-13*$AF$11)))","v":1315.61},"RA","RA",{"$f":"IF($C28=\"S\",IF($Z28=\"CP\",$X28,IF($Z28=\"RA\",(($X28)*QCI!$AA$3),0)),SomaAgrup)","v":1315.61},0,{"$f":"IF($N28=\"\",\"\",IF(ORÇAMENTO.Descricao=\"\",\"DESCRIÇÃO\",IF(AND($C28=\"S\",ORÇAMENTO.Unidade=\"\"),\"UNIDADE\",IF($X28<0,\"VALOR NEGATIVO\",IF(OR(AND(TIPOORCAMENTO=\"Proposto\",$AG28<>\"\",$AG28>0,ORÇAMENTO.CustoUnitario>$AG28),AND(TIPOORCAMENTO=\"LICITADO\",ORÇAMENTO.PrecoUnitarioLicitado>$AN28)),\"ACIMA REF.\",\"\")))))","v":""},{"$f":"IF(C28<=CRONO.NivelExibicao,MAX($AD$15:OFFSET(AD28,-1,0))+IF($C28<>1,1,MAX(1,COUNTIF(QCI!$A$13:$A$24,OFFSET($E28,-1,0)))),\"\")","v":""},{"$f":"IF(AND($C28=\"S\",ORÇAMENTO.CodBarra<>\"\"),IF(ORÇAMENTO.Fonte=\"\",ORÇAMENTO.CodBarra,CONCATENATE(ORÇAMENTO.Fonte,\" \",ORÇAMENTO.CodBarra)))","v":"SINAPI 97647"},{"$f":"IF(ISERROR(INDIRECT(ORÇAMENTO.BancoRef)),\"(abra o arquivo 'Referência \"&Excel_BuiltIn_Database&\".xlsm)\",IF(OR($C28<>\"S\",ORÇAMENTO.CodBarra=\"\"),\"(Sem Código)\",IF(ISERROR(MATCH($AE28,INDIRECT(ORÇAMENTO.BancoRef),0)),\"(Código não identificado nas referências)\",MATCH($AE28,INDIRECT(ORÇAMENTO.BancoRef),0))))","v":6940},{"$f":"ROUND(IF(DESONERACAO=\"sim\",REFERENCIA.Desonerado,REFERENCIA.NaoDesonerado),2)","v":4.4800000000000004},0.2487,null,235.35,null,null,1315.61,5.59]
["S",3,"S",0,{"$f":"IF($C29=1,OFFSET(E29,-1,0)+MAX(1,COUNTIF(QCI!$A$13:$A$24,OFFSET(ORÇAMENTO!E29,-1,0))),OFFSET(E29,-1,0))","v":1},1,2,0,5,0,{"$f":"IF(OR($C29=\"S\",$C29=0),0,MATCH(OFFSET($D29,0,$C29)+IF($C29<>1,1,COUNTIF(QCI!$A$13:$A$24,ORÇAMENTO!E29)),OFFSET($D29,1,$C29,ROW($C$240)-ROW($C29)),0))","v":0},"F","Serviço","Serviço","1.1.2.5.","SINAPI","97650",{"$f":"IF($C29=\"S\",REFERENCIA.Descricao,\"(digite a descrição aqui)\")","v":"REMOÇÃO DE TRAMA DE MADEIRA PARA COBERTURA, DE FORMA MANUAL, SEM REAPROVEITAMENTO. AF_09/2023"},{"$f":"REFERENCIA.Unidade","v":"M2"},{"$f":"OFFSET(CÁLCULO!H$15,ROW($T29)-ROW(T$15),0)","v":235.35},9.67,"BDI 1",{"$f":"IF($C29=\"S\",ROUND(IF(TIPOORCAMENTO=\"Proposto\",ORÇAMENTO.CustoUnitario*(1+$AH29),ORÇAMENTO.PrecoUnitarioLicitado),15-13*$AF$10),0)","v":12.07},{"$f":"IF($C29=\"S\",IF(Import.TipoArredondamento<>\"TransfereGOV\",VTOTAL1,SUM(OFFSET(CÁLCULO!$AA$15,ROW($X29)-ROW($X$15),1):OFFSET(CÁLCULO!$AL$15,ROW($X29)-ROW($X$15),-1))),IF($C29=0,0,ROUND(SomaAgrup,15-13*$AF$11)))","v":2840.67},"RA","RA",{"$f":"IF($C29=\"S\",IF($Z29=\"CP\",$X29,IF($Z29=\"RA\",(($X29)*QCI!$AA$3),0)),SomaAgrup)","v":2840.67},0,{"$f":"IF($N29=\"\",\"\",IF(ORÇAMENTO.Descricao=\"\",\"DESCRIÇÃO\",IF(AND($C29=\"S\",ORÇAMENTO.Unidade=\"\"),\"UNIDADE\",IF($X29<0,\"VALOR NEGATIVO\",IF(OR(AND(TIPOORCAMENTO=\"Proposto\",$AG29<>\"\",$AG29>0,ORÇAMENTO.CustoUnitario>$AG29),AND(TIPOORCAMENTO=\"LICITADO\",ORÇAMENTO.PrecoUnitarioLicitado>$AN29)),\"ACIMA REF.\",\"\")))))","v":""},{"$f":"IF(C29<=CRONO.NivelExibicao,MAX($AD$15:OFFSET(AD29,-1,0))+IF($C29<>1,1,MAX(1,COUNTIF(QCI!$A$13:$A$24,OFFSET($E29,-1,0)))),\"\")","v":""},{"$f":"IF(AND($C29=\"S\",ORÇAMENTO.CodBarra<>\"\"),IF(ORÇAMENTO.Fonte=\"\",ORÇAMENTO.CodBarra,CONCATENATE(ORÇAMENTO.Fonte,\" \",ORÇAMENTO.CodBarra)))","v":"SINAPI 97650"},{"$f":"IF(ISERROR(INDIRECT(ORÇAMENTO.BancoRef)),\"(abra o arquivo 'Referência \"&Excel_BuiltIn_Database&\".xlsm)\",IF(OR($C29<>\"S\",ORÇAMENTO.CodBarra=\"\"),\"(Sem Código)\",IF(ISERROR(MATCH($AE29,INDIRECT(ORÇAMENTO.BancoRef),0)),\"(Código não identificado nas referências)\",MATCH($AE29,INDIRECT(ORÇAMENTO.BancoRef),0))))","v":6943},{"$f":"ROUND(IF(DESONERACAO=\"sim\",REFERENCIA.Desonerado,REFERENCIA.NaoDesonerado),2)","v":9.67},0.2487,null,235.35,null,null,2840.67,12.07]
["S",3,"S",0,{"$f":"IF($C30=1,OFFSET(E30,-1,0)+MAX(1,COUNTIF(QCI!$A$13:$A$24,OFFSET(ORÇAMENTO!E30,-1,0))),OFFSET(E30,-1,0))","v":1},1,2,0,6,0,{"$f":"IF(OR($C30=\"S\",$C30=0),0,MATCH(OFFSET($D30,0,$C30)+IF($C30<>1,1,COUNTIF(QCI!$A$13:$A$24,ORÇAMENTO!E30)),OFFSET($D30,1,$C30,ROW($C$240)-ROW($C30)),0))","v":0},"F","Serviço","Serviço","1.1.2.6.","SINAPI","97652",{"$f":"IF($C30=\"S\",REFERENCIA.Descricao,\"(digite a descrição aqui)\")","v":"REMOÇÃO DE TESOURAS DE MADEIRA, COM VÃO MAIOR OU IGUAL A 8M, DE FORMA MANUAL, SEM REAPROVEITAMENTO. AF_09/2023"},{"$f":"REFERENCIA.Unidade","v":"UN"},{"$f":"OFFSET(CÁLCULO!H$15,ROW($T30)-ROW(T$15),0)","v":4},238.75,"BDI 1",{"$f":"IF($C30=\"S\",ROUND(IF(TIPOORCAMENTO=\"Proposto\",ORÇAMENTO.CustoUnitario*(1+$AH30),ORÇAMENTO.PrecoUnitarioLicitado),15-13*$AF$10),0)","v":298.13},{"$f":"IF($C30=\"S\",IF(Import.TipoArredondamento<>\"TransfereGOV\",VTOTAL1,SUM(OFFSET(CÁLCULO!$AA$15,ROW($X30)-ROW($X$15),1):OFFSET(CÁLCULO!$AL$15,ROW($X30)-ROW($X$15),-1))),IF($C30=0,0,ROUND(SomaAgrup,15-13*$AF$11)))","v":1192.52},"RA","RA",{"$f":"IF($C30=\"S\",IF($Z30=\"CP\",$X30,IF($Z30=\"RA\",(($X30)*QCI!$AA$3),0)),SomaAgrup)","v":1192.52},0,{"$f":"IF($N30=\"\",\"\",IF(ORÇAMENTO.Descricao=\"\",\"DESCRIÇÃO\",IF(AND($C30=\"S\",ORÇAMENTO.Unidade=\"\"),\"UNIDADE\",IF($X30<0,\"VALOR NEGATIVO\",IF(OR(AND(TIPOORCAMENTO=\"Proposto\",$AG30<>\"\",$AG30>0,ORÇAMENTO.CustoUnitario>$AG30),AND(TIPOORCAMENTO=\"LICITADO\",ORÇAMENTO.PrecoUnitarioLicitado>$AN30)),\"ACIMA REF.\",\"\")))))","v":""},{"$f":"IF(C30<=CRONO.NivelExibicao,MAX($AD$15:OFFSET(AD30,-1,0))+IF($C30<>1,1,MAX(1,COUNTIF(QCI!$A$13:$A$24,OFFSET($E30,-1,0)))),\"\")","v":""},{"$f":"IF(AND($C30=\"S\",ORÇAMENTO.CodBarra<>\"\"),IF(ORÇAMENTO.Fonte=\"\",ORÇAMENTO.CodBarra,CONCATENATE(ORÇAMENTO.Fonte,\" \",ORÇAMENTO.CodBarra)))","v":"SINAPI 97652"},{"$f":"IF(ISERROR(INDIRECT(ORÇAMENTO.BancoRef)),\"(abra o arquivo 'Referência \"&Excel_BuiltIn_Database&\".xlsm)\",IF(OR($C30<>\"S\",ORÇAMENTO.CodBarra=\"\"),\"(Sem Código)\",IF(ISERROR(MATCH($AE30,INDIRECT(ORÇAMENTO.BancoRef),0)),\"(Código não identificado nas referências)\",MATCH($AE30,INDIRECT(ORÇAMENTO.BancoRef),0))))","v":6945},{"$f":"ROUND(IF(DESONERACAO=\"sim\",REFERENCIA.Desonerado,REFERENCIA.NaoDesonerado),2)","v":238.75},0.2487,null,4,null,null,1192.52,298.13]
["S",3,"S",0,{"$f":"IF($C31=1,OFFSET(E31,-1,0)+MAX(1,COUNTIF(QCI!$A$13:$A$24,OFFSET(ORÇAMENTO!E31,-1,0))),OFFSET(E31,-1,0))","v":1},1,2,0,7,0,{"$f":"IF(OR($C31=\"S\",$C31=0),0,MATCH(OFFSET($D31,0,$C31)+IF($C31<>1,1,COUNTIF(QCI!$A$13:$A$24,ORÇAMENTO!E31)),OFFSET($D31,1,$C31,ROW($C$240)-ROW($C31)),0))","v":0},"F","Serviço","Serviço","1.1.2.7.","SINAPI","97625",{"$f":"IF($C31=\"S\",REFERENCIA.Descricao,\"(digite a descrição aqui)\")","v":"DEMOLIÇÃO DE ALVENARIA PARA QUALQUER TIPO DE BLOCO, DE FORMA MECANIZADA, SEM REAPROVEITAMENTO. AF_09/2023"},{"$f":"REFERENCIA.Unidade","v":"M3"},{"$f":"OFFSET(CÁLCULO!H$15,ROW($T31)-ROW(T$15),0)","v":44.56},64.64,"BDI 1",{"$f":"IF($C31=\"S\",ROUND(IF(TIPOORCAMENTO=\"Proposto\",ORÇAMENTO.CustoUnitario*(1+$AH31),ORÇAMENTO.PrecoUnitarioLicitado),15-13*$AF$10),0)","v":80.72},{"$f":"IF($C31=\"S\",IF(Import.TipoArredondamento<>\"TransfereGOV\",VTOTAL1,SUM(OFFSET(CÁLCULO!$AA$15,ROW($X31)-ROW($X$15),1):OFFSET(CÁLCULO!$AL$15,ROW($X31)-ROW($X$15),-1))),IF($C31=0,0,ROUND(SomaAgrup,15-13*$AF$11)))","v":3596.88},"RA","RA",{"$f":"IF($C31=\"S\",IF($Z31=\"CP\",$X31,IF($Z31=\"RA\",(($X31)*QCI!$AA$3),0)),SomaAgrup)","v":3596.88},0,{"$f":"IF($N31=\"\",\"\",IF(ORÇAMENTO.Descricao=\"\",\"DESCRIÇÃO\",IF(AND($C31=\"S\",ORÇAMENTO.Unidade=\"\"),\"UNIDADE\",IF($X31<0,\"VALOR NEGATIVO\",IF(OR(AND(TIPOORCAMENTO=\"Proposto\",$AG31<>\"\",$AG31>0,ORÇAMENTO.CustoUnitario>$AG31),AND(TIPOORCAMENTO=\"LICITADO\",ORÇAMENTO.PrecoUnitarioLicitado>$AN31)),\"ACIMA REF.\",\"\")))))","v":""},{"$f":"IF(C31<=CRONO.NivelExibicao,MAX($AD$15:OFFSET(AD31,-1,0))+IF($C31<>1,1,MAX(1,COUNTIF(QCI!$A$13:$A$24,OFFSET($E31,-1,0)))),\"\")","v":""},{"$f":"IF(AND($C31=\"S\",ORÇAMENTO.CodBarra<>\"\"),IF(ORÇAMENTO.Fonte=\"\",ORÇAMENTO.CodBarra,CONCATENATE(ORÇAMENTO.Fonte,\" \",ORÇAMENTO.CodBarra)))","v":"SINAPI 97625"},{"$f":"IF(ISERROR(INDIRECT(ORÇAMENTO.BancoRef)),\"(abra o arquivo 'Referência \"&Excel_BuiltIn_Database&\".xlsm)\",IF(OR($C31<>\"S\",ORÇAMENTO.CodBarra=\"\"),\"(Sem Código)\",IF(ISERROR(MATCH($AE31,INDIRECT(ORÇAMENTO.BancoRef),0)),\"(Código não identificado nas referências)\",MATCH($AE31,INDIRECT(ORÇAMENTO.BancoRef),0))))","v":6920},{"$f":"ROUND(IF(DESONERACAO=\"sim\",REFERENCIA.Desonerado,REFERENCIA.NaoDesonerado),2)","v":64.64},0.2487,null,44.56,null,null,3596.88,80.72]
["S",3,"S",0,{"$f":"IF($C32=1,OFFSET(E32,-1,0)+MAX(1,COUNTIF(QCI!$A$13:$A$24,OFFSET(ORÇAMENTO!E32,-1,0))),OFFSET(E32,-1,0))","v":1},1,2,0,8,0,{"$f":"IF(OR($C32=\"S\",$C32=0),0,MATCH(OFFSET($D32,0,$C32)+IF($C32<>1,1,COUNTIF(QCI!$A$13:$A$24,ORÇAMENTO!E32)),OFFSET($D32,1,$C32,ROW($C$240)-ROW($C32)),0))","v":0},"F","Serviço","Serviço","1.1.2.8.","SINAPI","97627",{"$f":"IF($C32=\"S\",REFERENCIA.Descricao,\"(digite a descrição aqui)\")","v":"DEMOLIÇÃO DE PILARES E VIGAS EM CONCRETO ARMADO, DE FORMA MECANIZADA COM MARTELETE, SEM REAPROVEITAMENTO. AF_09/2023"},{"$f":"REFERENCIA.Unidade","v":"M3"},{"$f":"OFFSET(CÁLCULO!H$15,ROW($T32)-ROW(T$15),0)","v":5.65},224.13,"BDI 1",{"$f":"IF($C32=\"S\",ROUND(IF(TIPOORCAMENTO=\"Proposto\",ORÇAMENTO.CustoUnitario*(1+$AH32),ORÇAMENTO.PrecoUnitarioLicitado),15-13*$AF$10),0)","v":279.87},{"$f":"IF($C32=\"S\",IF(Import.TipoArredondamento<>\"TransfereGOV\",VTOTAL1,SUM(OFFSET(CÁLCULO!$AA$15,ROW($X32)-ROW($X$15),1):OFFSET(CÁLCULO!$AL$15,ROW($X32)-ROW($X$15),-1))),IF($C32=0,0,ROUND(SomaAgrup,15-13*$AF$11)))","v":1581.27},"RA","RA",{"$f":"IF($C32=\"S\",IF($Z32=\"CP\",$X32,IF($Z32=\"RA\",(($X32)*QCI!$AA$3),0)),SomaAgrup)","v":1581.27},0,{"$f":"IF($N32=\"\",\"\",IF(ORÇAMENTO.Descricao=\"\",\"DESCRIÇÃO\",IF(AND($C32=\"S\",ORÇAMENTO.Unidade=\"\"),\"UNIDADE\",IF($X32<0,\"VALOR NEGATIVO\",IF(OR(AND(TIPOORCAMENTO=\"Proposto\",$AG32<>\"\",$AG32>0,ORÇAMENTO.CustoUnitario>$AG32),AND(TIPOORCAMENTO=\"LICITADO\",ORÇAMENTO.PrecoUnitarioLicitado>$AN32)),\"ACIMA REF.\",\"\")))))","v":""},{"$f":"IF(C32<=CRONO.NivelExibicao,MAX($AD$15:OFFSET(AD32,-1,0))+IF($C32<>1,1,MAX(1,COUNTIF(QCI!$A$13:$A$24,OFFSET($E32,-1,0)))),\"\")","v":""},{"$f":"IF(AND($C32=\"S\",ORÇAMENTO.CodBarra<>\"\"),IF(ORÇAMENTO.Fonte=\"\",ORÇAMENTO.CodBarra,CONCATENATE(ORÇAMENTO.Fonte,\" \",ORÇAMENTO.CodBarra)))","v":"SINAPI 97627"},{"$f":"IF(ISERROR(INDIRECT(ORÇAMENTO.BancoRef)),\"(abra o arquivo 'Referência \"&Excel_BuiltIn_Database&\".xlsm)\",IF(OR($C32<>\"S\",ORÇAMENTO.CodBarra=\"\"),\"(Sem Código)\",IF(ISERROR(MATCH($AE32,INDIRECT(ORÇAMENTO.BancoRef),0)),\"(Código não identificado nas referências)\",MATCH($AE32,INDIRECT(ORÇAMENTO.BancoRef),0))))","v":6922},{"$f":"ROUND(IF(DESONERACAO=\"sim\",REFERENCIA.Desonerado,REFERENCIA.NaoDesonerado),2)","v":224.13},0.2487,null,5.65,null,null,1581.27,279.87]
["S",3,"S",0,{"$f":"IF($C33=1,OFFSET(E33,-1,0)+MAX(1,COUNTIF(QCI!$A$13:$A$24,OFFSET(ORÇAMENTO!E33,-1,0))),OFFSET(E33,-1,0))","v":1},1,2,0,9,0,{"$f":"IF(OR($C33=\"S\",$C33=0),0,MATCH(OFFSET($D33,0,$C33)+IF($C33<>1,1,COUNTIF(QCI!$A$13:$A$24,ORÇAMENTO!E33)),OFFSET($D33,1,$C33,ROW($C$240)-ROW($C33)),0))","v":0},"F","Serviço","Serviço","1.1.2.9.","SINAPI","104790",{"$f":"IF($C33=\"S\",REFERENCIA.Descricao,\"(digite a descrição aqui)\")","v":"DEMOLIÇÃO DE PISO DE CONCRETO SIMPLES, DE FORMA MECANIZADA COM MARTELETE, SEM REAPROVEITAMENTO. AF_09/2023"},{"$f":"REFERENCIA.Unidade","v":"M3"},{"$f":"OFFSET(CÁLCULO!H$15,ROW($T33)-ROW(T$15),0)","v":26.71},123.55,"BDI 1",{"$f":"IF($C33=\"S\",ROUND(IF(TIPOORCAMENTO=\"Proposto\",ORÇAMENTO.CustoUnitario*(1+$AH33),ORÇAMENTO.PrecoUnitarioLicitado),15-13*$AF$10),0)","v":154.28},{"$f":"IF($C33=\"S\",IF(Import.TipoArredondamento<>\"TransfereGOV\",VTOTAL1,SUM(OFFSET(CÁLCULO!$AA$15,ROW($X33)-ROW($X$15),1):OFFSET(CÁLCULO!$AL$15,ROW($X33)-ROW($X$15),-1))),IF($C33=0,0,ROUND(SomaAgrup,15-13*$AF$11)))","v":4120.82},"RA","RA",{"$f":"IF($C33=\"S\",IF($Z33=\"CP\",$X33,IF($Z33=\"RA\",(($X33)*QCI!$AA$3),0)),SomaAgrup)","v":4120.82},0,{"$f":"IF($N33=\"\",\"\",IF(ORÇAMENTO.Descricao=\"\",\"DESCRIÇÃO\",IF(AND($C33=\"S\",ORÇAMENTO.Unidade=\"\"),\"UNIDADE\",IF($X33<0,\"VALOR NEGATIVO\",IF(OR(AND(TIPOORCAMENTO=\"Proposto\",$AG33<>\"\",$AG33>0,ORÇAMENTO.CustoUnitario>$AG33),AND(TIPOORCAMENTO=\"LICITADO\",ORÇAMENTO.PrecoUnitarioLicitado>$AN33)),\"ACIMA REF.\",\"\")))))","v":""},{"$f":"IF(C33<=CRONO.NivelExibicao,MAX($AD$15:OFFSET(AD33,-1,0))+IF($C33<>1,1,MAX(1,COUNTIF(QCI!$A$13:$A$24,OFFSET($E33,-1,0)))),\"\")","v":""},{"$f":"IF(AND($C33=\"S\",ORÇAMENTO.CodBarra<>\"\"),IF(ORÇAMENTO.Fonte=\"\",ORÇAMENTO.CodBarra,CONCATENATE(ORÇAMENTO.Fonte,\" \",ORÇAMENTO.CodBarra)))","v":"SINAPI 104790"},{"$f":"IF(ISERROR(INDIRECT(ORÇAMENTO.BancoRef)),\"(abra o arquivo 'Referência \"&Excel_BuiltIn_Database&\".xlsm)\",IF(OR($C33<>\"S\",ORÇAMENTO.CodBarra=\"\"),\"(Sem Código)\",IF(ISERROR(MATCH($AE33,INDIRECT(ORÇAMENTO.BancoRef),0)),\"(Código não identificado nas referências)\",MATCH($AE33,INDIRECT(ORÇAMENTO.BancoRef),0))))","v":6961},{"$f":"ROUND(IF(DESONERACAO=\"sim\",REFERENCIA.Desonerado,REFERENCIA.NaoDesonerado),2)","v":123.55},0.2487,null,26.71,null,null,4120.82,154.28]
["S",3,"S",0,{"$f":"IF($C34=1,OFFSET(E34,-1,0)+MAX(1,COUNTIF(QCI!$A$13:$A$24,OFFSET(ORÇAMENTO!E34,-1,0))),OFFSET(E34,-1,0))","v":1},1,2,0,10,0,{"$f":"IF(OR($C34=\"S\",$C34=0),0,MATCH(OFFSET($D34,0,$C34)+IF($C34<>1,1,COUNTIF(QCI!$A$13:$A$24,ORÇAMENTO!E34)),OFFSET($D34,1,$C34,ROW($C$240)-ROW($C34)),0))","v":0},"F","Serviço","Serviço","1.1.2.10.","SINAPI","97633",{"$f":"IF($C34=\"S\",REFERENCIA.Descricao,\"(digite a descrição aqui)\")","v":"DEMOLIÇÃO DE REVESTIMENTO CERÂMICO, DE FORMA MANUAL, SEM REAPROVEITAMENTO. AF_09/2023"},{"$f":"REFERENCIA.Unidade","v":"M2"},{"$f":"OFFSET(CÁLCULO!H$15,ROW($T34)-ROW(T$15),0)","v":18.05},28.76,"BDI 1",{"$f":"IF($C34=\"S\",ROUND(IF(TIPOORCAMENTO=\"Proposto\",ORÇAMENTO.CustoUnitario*(1+$AH34),ORÇAMENTO.PrecoUnitarioLicitado),15-13*$AF$10),0)","v":35.909999999999997},{"$f":"IF($C34=\"S\",IF(Import.TipoArredondamento<>\"TransfereGOV\",VTOTAL1,SUM(OFFSET(CÁLCULO!$AA$15,ROW($X34)-ROW($X$15),1):OFFSET(CÁLCULO!$AL$15,ROW($X34)-ROW($X$15),-1))),IF($C34=0,0,ROUND(SomaAgrup,15-13*$AF$11)))","v":648.17999999999995},"RA","RA",{"$f":"IF($C34=\"S\",IF($Z34=\"CP\",$X34,IF($Z34=\"RA\",(($X34)*QCI!$AA$3),0)),SomaAgrup)","v":648.17999999999995},0,{"$f":"IF($N34=\"\",\"\",IF(ORÇAMENTO.Descricao=\"\",\"DESCRIÇÃO\",IF(AND($C34=\"S\",ORÇAMENTO.Unidade=\"\"),\"UNIDADE\",IF($X34<0,\"VALOR NEGATIVO\",IF(OR(AND(TIPOORCAMENTO=\"Proposto\",$AG34<>\"\",$AG34>0,ORÇAMENTO.CustoUnitario>$AG34),AND(TIPOORCAMENTO=\"LICITADO\",ORÇAMENTO.PrecoUnitarioLicitado>$AN34)),\"ACIMA REF.\",\"\")))))","v":""},{"$f":"IF(C34<=CRONO.NivelExibicao,MAX($AD$15:OFFSET(AD34,-1,0))+IF($C34<>1,1,MAX(1,COUNTIF(QCI!$A$13:$A$24,OFFSET($E34,-1,0)))),\"\")","v":""},{"$f":"IF(AND($C34=\"S\",ORÇAMENTO.CodBarra<>\"\"),IF(ORÇAMENTO.Fonte=\"\",ORÇAMENTO.CodBarra,CONCATENATE(ORÇAMENTO.Fonte,\" \",ORÇAMENTO.CodBarra)))","v":"SINAPI 97633"},{"$f":"IF(ISERROR(INDIRECT(ORÇAMENTO.BancoRef)),\"(abra o arquivo 'Referência \"&Excel_BuiltIn_Database&\".xlsm)\",IF(OR($C34<>\"S\",ORÇAMENTO.CodBarra=\"\"),\"(Sem Código)\",IF(ISERROR(MATCH($AE34,INDIRECT(ORÇAMENTO.BancoRef),0)),\"(Código não identificado nas referências)\",MATCH($AE34,INDIRECT(ORÇAMENTO.BancoRef),0))))","v":6927},{"$f":"ROUND(IF(DESONERACAO=\"sim\",REFERENCIA.Desonerado,REFERENCIA.NaoDesonerado),2)","v":28.76},0.2487,null,18.05,null,null,648.17999999999995,35.909999999999997]
["S",3,"S",0,{"$f":"IF($C35=1,OFFSET(E35,-1,0)+MAX(1,COUNTIF(QCI!$A$13:$A$24,OFFSET(ORÇAMENTO!E35,-1,0))),OFFSET(E35,-1,0))","v":1},1,2,0,10,0,{"$f":"IF(OR($C35=\"S\",$C35=0),0,MATCH(OFFSET($D35,0,$C35)+IF($C35<>1,1,COUNTIF(QCI!$A$13:$A$24,ORÇAMENTO!E35)),OFFSET($D35,1,$C35,ROW($C$240)-ROW($C35)),0))","v":0},"","Serviço","Serviço","-","SINAPI",null,{"$f":"IF($C35=\"S\",REFERENCIA.Descricao,\"(digite a descrição aqui)\")","v":"(Sem Código)"},{"$f":"REFERENCIA.Unidade","v":"-"},{"$f":"OFFSET(CÁLCULO!H$15,ROW($T35)-ROW(T$15),0)","v":0},0,"BDI 1",{"$f":"IF($C35=\"S\",ROUND(IF(TIPOORCAMENTO=\"Proposto\",ORÇAMENTO.CustoUnitario*(1+$AH35),ORÇAMENTO.PrecoUnitarioLicitado),15-13*$AF$10),0)","v":0},{"$f":"IF($C35=\"S\",IF(Import.TipoArredondamento<>\"TransfereGOV\",VTOTAL1,SUM(OFFSET(CÁLCULO!$AA$15,ROW($X35)-ROW($X$15),1):OFFSET(CÁLCULO!$AL$15,ROW($X35)-ROW($X$15),-1))),IF($C35=0,0,ROUND(SomaAgrup,15-13*$AF$11)))","v":0},"RA","",{"$f":"IF($C35=\"S\",IF($Z35=\"CP\",$X35,IF($Z35=\"RA\",(($X35)*QCI!$AA$3),0)),SomaAgrup)","v":0},0,{"$f":"IF($N35=\"\",\"\",IF(ORÇAMENTO.Descricao=\"\",\"DESCRIÇÃO\",IF(AND($C35=\"S\",ORÇAMENTO.Unidade=\"\"),\"UNIDADE\",IF($X35<0,\"VALOR NEGATIVO\",IF(OR(AND(TIPOORCAMENTO=\"Proposto\",$AG35<>\"\",$AG35>0,ORÇAMENTO.CustoUnitario>$AG35),AND(TIPOORCAMENTO=\"LICITADO\",ORÇAMENTO.PrecoUnitarioLicitado>$AN35)),\"ACIMA REF.\",\"\")))))","v":""},{"$f":"IF(C35<=CRONO.NivelExibicao,MAX($AD$15:OFFSET(AD35,-1,0))+IF($C35<>1,1,MAX(1,COUNTIF(QCI!$A$13:$A$24,OFFSET($E35,-1,0)))),\"\")","v":""},{"$f":"IF(AND($C35=\"S\",ORÇAMENTO.CodBarra<>\"\"),IF(ORÇAMENTO.Fonte=\"\",ORÇAMENTO.CodBarra,CONCATENATE(ORÇAMENTO.Fonte,\" \",ORÇAMENTO.CodBarra)))","v":false},{"$f":"IF(ISERROR(INDIRECT(ORÇAMENTO.BancoRef)),\"(abra o arquivo 'Referência \"&Excel_BuiltIn_Database&\".xlsm)\",IF(OR($C35<>\"S\",ORÇAMENTO.CodBarra=\"\"),\"(Sem Código)\",IF(ISERROR(MATCH($AE35,INDIRECT(ORÇAMENTO.BancoRef),0)),\"(Código não identificado nas referências)\",MATCH($AE35,INDIRECT(ORÇAMENTO.BancoRef),0))))","v":"(Sem Código)"},{"$f":"ROUND(IF(DESONERACAO=\"sim\",REFERENCIA.Desonerado,REFERENCIA.NaoDesonerado),2)","v":0},0.2487,null,null,null,null,0,0]
["S",3,"S",0,{"$f":"IF($C36=1,OFFSET(E36,-1,0)+MAX(1,COUNTIF(QCI!$A$13:$A$24,OFFSET(ORÇAMENTO!E36,-1,0))),OFFSET(E36,-1,0))","v":1},1,2,0,10,0,{"$f":"IF(OR($C36=\"S\",$C36=0),0,MATCH(OFFSET($D36,0,$C36)+IF($C36<>1,1,COUNTIF(QCI!$A$13:$A$24,ORÇAMENTO!E36)),OFFSET($D36,1,$C36,ROW($C$240)-ROW($C36)),0))","v":0},"","Serviço","Serviço","-","SINAPI",null,{"$f":"IF($C36=\"S\",REFERENCIA.Descricao,\"(digite a descrição aqui)\")","v":"(Sem Código)"},{"$f":"REFERENCIA.Unidade","v":"-"},{"$f":"OFFSET(CÁLCULO!H$15,ROW($T36)-ROW(T$15),0)","v":0},0,"BDI 1",{"$f":"IF($C36=\"S\",ROUND(IF(TIPOORCAMENTO=\"Proposto\",ORÇAMENTO.CustoUnitario*(1+$AH36),ORÇAMENTO.PrecoUnitarioLicitado),15-13*$AF$10),0)","v":0},{"$f":"IF($C36=\"S\",IF(Import.TipoArredondamento<>\"TransfereGOV\",VTOTAL1,SUM(OFFSET(CÁLCULO!$AA$15,ROW($X36)-ROW($X$15),1):OFFSET(CÁLCULO!$AL$15,ROW($X36)-ROW($X$15),-1))),IF($C36=0,0,ROUND(SomaAgrup,15-13*$AF$11)))","v":0},"RA","",{"$f":"IF($C36=\"S\",IF($Z36=\"CP\",$X36,IF($Z36=\"RA\",(($X36)*QCI!$AA$3),0)),SomaAgrup)","v":0},0,{"$f":"IF($N36=\"\",\"\",IF(ORÇAMENTO.Descricao=\"\",\"DESCRIÇÃO\",IF(AND($C36=\"S\",ORÇAMENTO.Unidade=\"\"),\"UNIDADE\",IF($X36<0,\"VALOR NEGATIVO\",IF(OR(AND(TIPOORCAMENTO=\"Proposto\",$AG36<>\"\",$AG36>0,ORÇAMENTO.CustoUnitario>$AG36),AND(TIPOORCAMENTO=\"LICITADO\",ORÇAMENTO.PrecoUnitarioLicitado>$AN36)),\"ACIMA REF.\",\"\")))))","v":""},{"$f":"IF(C36<=CRONO.NivelExibicao,MAX($AD$15:OFFSET(AD36,-1,0))+IF($C36<>1,1,MAX(1,COUNTIF(QCI!$A$13:$A$24,OFFSET($E36,-1,0)))),\"\")","v":""},{"$f":"IF(AND($C36=\"S\",ORÇAMENTO.CodBarra<>\"\"),IF(ORÇAMENTO.Fonte=\"\",ORÇAMENTO.CodBarra,CONCATENATE(ORÇAMENTO.Fonte,\" \",ORÇAMENTO.CodBarra)))","v":false},{"$f":"IF(ISERROR(INDIRECT(ORÇAMENTO.BancoRef)),\"(abra o arquivo 'Referência \"&Excel_BuiltIn_Database&\".xlsm)\",IF(OR($C36<>\"S\",ORÇAMENTO.CodBarra=\"\"),\"(Sem Código)\",IF(ISERROR(MATCH($AE36,INDIRECT(ORÇAMENTO.BancoRef),0)),\"(Código não identificado nas referências)\",MATCH($AE36,INDIRECT(ORÇAMENTO.BancoRef),0))))","v":"(Sem Código)"},{"$f":"ROUND(IF(DESONERACAO=\"sim\",REFERENCIA.Desonerado,REFERENCIA.NaoDesonerado),2)","v":0},0.2487,null,null,null,null,0,0]
["S",3,"S",0,{"$f":"IF($C37=1,OFFSET(E37,-1,0)+MAX(1,COUNTIF(QCI!$A$13:$A$24,OFFSET(ORÇAMENTO!E37,-1,0))),OFFSET(E37,-1,0))","v":1},1,2,0,10,0,{"$f":"IF(OR($C37=\"S\",$C37=0),0,MATCH(OFFSET($D37,0,$C37)+IF($C37<>1,1,COUNTIF(QCI!$A$13:$A$24,ORÇAMENTO!E37)),OFFSET($D37,1,$C37,ROW($C$240)-ROW($C37)),0))","v":0},"","Serviço","Serviço","-","SINAPI",null,{"$f":"IF($C37=\"S\",REFERENCIA.Descricao,\"(digite a descrição aqui)\")","v":"(Sem Código)"},{"$f":"REFERENCIA.Unidade","v":"-"},{"$f":"OFFSET(CÁLCULO!H$15,ROW($T37)-ROW(T$15),0)","v":0},0,"BDI 1",{"$f":"IF($C37=\"S\",ROUND(IF(TIPOORCAMENTO=\"Proposto\",ORÇAMENTO.CustoUnitario*(1+$AH37),ORÇAMENTO.PrecoUnitarioLicitado),15-13*$AF$10),0)","v":0},{"$f":"IF($C37=\"S\",IF(Import.TipoArredondamento<>\"TransfereGOV\",VTOTAL1,SUM(OFFSET(CÁLCULO!$AA$15,ROW($X37)-ROW($X$15),1):OFFSET(CÁLCULO!$AL$15,ROW($X37)-ROW($X$15),-1))),IF($C37=0,0,ROUND(SomaAgrup,15-13*$AF$11)))","v":0},"RA","",{"$f":"IF($C37=\"S\",IF($Z37=\"CP\",$X37,IF($Z37=\"RA\",(($X37)*QCI!$AA$3),0)),SomaAgrup)","v":0},0,{"$f":"IF($N37=\"\",\"\",IF(ORÇAMENTO.Descricao=\"\",\"DESCRIÇÃO\",IF(AND($C37=\"S\",ORÇAMENTO.Unidade=\"\"),\"UNIDADE\",IF($X37<0,\"VALOR NEGATIVO\",IF(OR(AND(TIPOORCAMENTO=\"Proposto\",$AG37<>\"\",$AG37>0,ORÇAMENTO.CustoUnitario>$AG37),AND(TIPOORCAMENTO=\"LICITADO\",ORÇAMENTO.PrecoUnitarioLicitado>$AN37)),\"ACIMA REF.\",\"\")))))","v":""},{"$f":"IF(C37<=CRONO.NivelExibicao,MAX($AD$15:OFFSET(AD37,-1,0))+IF($C37<>1,1,MAX(1,COUNTIF(QCI!$A$13:$A$24,OFFSET($E37,-1,0)))),\"\")","v":""},{"$f":"IF(AND($C37=\"S\",ORÇAMENTO.CodBarra<>\"\"),IF(ORÇAMENTO.Fonte=\"\",ORÇAMENTO.CodBarra,CONCATENATE(ORÇAMENTO.Fonte,\" \",ORÇAMENTO.CodBarra)))","v":false},{"$f":"IF(ISERROR(INDIRECT(ORÇAMENTO.BancoRef)),\"(abra o arquivo 'Referência \"&Excel_BuiltIn_Database&\".xlsm)\",IF(OR($C37<>\"S\",ORÇAMENTO.CodBarra=\"\"),\"(Sem Código)\",IF(ISERROR(MATCH($AE37,INDIRECT(ORÇAMENTO.BancoRef),0)),\"(Código não identificado nas referências)\",MATCH($AE37,INDIRECT(ORÇAMENTO.BancoRef),0))))","v":"(Sem Código)"},{"$f":"ROUND(IF(DESONERACAO=\"sim\",REFERENCIA.Desonerado,REFERENCIA.NaoDesonerado),2)","v":0},0.2487,null,null,null,null,0,0]
[3,3,3,6,{"$f":"IF($C38=1,OFFSET(E38,-1,0)+MAX(1,COUNTIF(QCI!$A$13:$A$24,OFFSET(ORÇAMENTO!E38,-1,0))),OFFSET(E38,-1,0))","v":1},1,3,0,0,12,{"$f":"IF(OR($C38=\"S\",$C38=0),0,MATCH(OFFSET($D38,0,$C38)+IF($C38<>1,1,COUNTIF(QCI!$A$13:$A$24,ORÇAMENTO!E38)),OFFSET($D38,1,$C38,ROW($C$240)-ROW($C38)),0))","v":6},"F","Nível 3","Nível 3","1.1.3.","SINAPI",null,{"$f":"IF($C38=\"S\",REFERENCIA.Descricao,\"LOCAÇÃO DE OBRA\")","v":"LOCAÇÃO DE OBRA"},{"$f":"REFERENCIA.Unidade","v":"-"},{"$f":"OFFSET(CÁLCULO!H$15,ROW($T38)-ROW(T$15),0)","v":0},0,"BDI 1",{"$f":"IF($C38=\"S\",ROUND(IF(TIPOORCAMENTO=\"Proposto\",ORÇAMENTO.CustoUnitario*(1+$AH38),ORÇAMENTO.PrecoUnitarioLicitado),15-13*$AF$10),0)","v":0},{"$f":"IF($C38=\"S\",IF(Import.TipoArredondamento<>\"TransfereGOV\",VTOTAL1,SUM(OFFSET(CÁLCULO!$AA$15,ROW($X38)-ROW($X$15),1):OFFSET(CÁLCULO!$AL$15,ROW($X38)-ROW($X$15),-1))),IF($C38=0,0,ROUND(SomaAgrup,15-13*$AF$11)))","v":13705},"RA","",{"$f":"IF($C38=\"S\",IF($Z38=\"CP\",$X38,IF($Z38=\"RA\",(($X38)*QCI!$AA$3),0)),SomaAgrup)","v":13705},0,{"$f":"IF($N38=\"\",\"\",IF(ORÇAMENTO.Descricao=\"\",\"DESCRIÇÃO\",IF(AND($C38=\"S\",ORÇAMENTO.Unidade=\"\"),\"UNIDADE\",IF($X38<0,\"VALOR NEGATIVO\",IF(OR(AND(TIPOORCAMENTO=\"Proposto\",$AG38<>\"\",$AG38>0,ORÇAMENTO.CustoUnitario>$AG38),AND(TIPOORCAMENTO=\"LICITADO\",ORÇAMENTO.PrecoUnitarioLicitado>$AN38)),\"ACIMA REF.\",\"\")))))","v":""},{"$f":"IF(C38<=CRONO.NivelExibicao,MAX($AD$15:OFFSET(AD38,-1,0))+IF($C38<>1,1,MAX(1,COUNTIF(QCI!$A$13:$A$24,OFFSET($E38,-1,0)))),\"\")","v":""},{"$f":"IF(AND($C38=\"S\",ORÇAMENTO.CodBarra<>\"\"),IF(ORÇAMENTO.Fonte=\"\",ORÇAMENTO.CodBarra,CONCATENATE(ORÇAMENTO.Fonte,\" \",ORÇAMENTO.CodBarra)))","v":false},{"$f":"IF(ISERROR(INDIRECT(ORÇAMENTO.BancoRef)),\"(abra o arquivo 'Referência \"&Excel_BuiltIn_Database&\".xlsm)\",IF(OR($C38<>\"S\",ORÇAMENTO.CodBarra=\"\"),\"(Sem Código)\",IF(ISERROR(MATCH($AE38,INDIRECT(ORÇAMENTO.BancoRef),0)),\"(Código não identificado nas referências)\",MATCH($AE38,INDIRECT(ORÇAMENTO.BancoRef),0))))","v":"(Sem Código)"},{"$f":"ROUND(IF(DESONERACAO=\"sim\",REFERENCIA.Desonerado,REFERENCIA.NaoDesonerado),2)","v":0},0.2487,null,null,null,null,13705,0]
["S",3,"S",0,{"$f":"IF($C39=1,OFFSET(E39,-1,0)+MAX(1,COUNTIF(QCI!$A$13:$A$24,OFFSET(ORÇAMENTO!E39,-1,0))),OFFSET(E39,-1,0))","v":1},1,3,0,1,0,{"$f":"IF(OR($C39=\"S\",$C39=0),0,MATCH(OFFSET($D39,0,$C39)+IF($C39<>1,1,COUNTIF(QCI!$A$13:$A$24,ORÇAMENTO!E39)),OFFSET($D39,1,$C39,ROW($C$240)-ROW($C39)),0))","v":0},"F","Serviço","Serviço","1.1.3.1.","SINAPI","99059",{"$f":"IF($C39=\"S\",REFERENCIA.Descricao,\"(digite a descrição aqui)\")","v":"LOCACAO CONVENCIONAL DE OBRA, UTILIZANDO GABARITO DE TÁBUAS CORRIDAS PONTALETADAS A CADA 2,00M -  2 UTILIZAÇÕES. AF_10/2018"},{"$f":"REFERENCIA.Unidade","v":"M"},{"$f":"OFFSET(CÁLCULO!H$15,ROW($T39)-ROW(T$15),0)","v":69.3},66.42,"BDI 1",{"$f":"IF($C39=\"S\",ROUND(IF(TIPOORCAMENTO=\"Proposto\",ORÇAMENTO.CustoUnitario*(1+$AH39),ORÇAMENTO.PrecoUnitarioLicitado),15-13*$AF$10),0)","v":82.94},{"$f":"IF($C39=\"S\",IF(Import.TipoArredondamento<>\"TransfereGOV\",VTOTAL1,SUM(OFFSET(CÁLCULO!$AA$15,ROW($X39)-ROW($X$15),1):OFFSET(CÁLCULO!$AL$15,ROW($X39)-ROW($X$15),-1))),IF($C39=0,0,ROUND(SomaAgrup,15-13*$AF$11)))","v":5747.74},"RA","RA",{"$f":"IF($C39=\"S\",IF($Z39=\"CP\",$X39,IF($Z39=\"RA\",(($X39)*QCI!$AA$3),0)),SomaAgrup)","v":5747.74},0,{"$f":"IF($N39=\"\",\"\",IF(ORÇAMENTO.Descricao=\"\",\"DESCRIÇÃO\",IF(AND($C39=\"S\",ORÇAMENTO.Unidade=\"\"),\"UNIDADE\",IF($X39<0,\"VALOR NEGATIVO\",IF(OR(AND(TIPOORCAMENTO=\"Proposto\",$AG39<>\"\",$AG39>0,ORÇAMENTO.CustoUnitario>$AG39),AND(TIPOORCAMENTO=\"LICITADO\",ORÇAMENTO.PrecoUnitarioLicitado>$AN39)),\"ACIMA REF.\",\"\")))))","v":""},{"$f":"IF(C39<=CRONO.NivelExibicao,MAX($AD$15:OFFSET(AD39,-1,0))+IF($C39<>1,1,MAX(1,COUNTIF(QCI!$A$13:$A$24,OFFSET($E39,-1,0)))),\"\")","v":""},{"$f":"IF(AND($C39=\"S\",ORÇAMENTO.CodBarra<>\"\"),IF(ORÇAMENTO.Fonte=\"\",ORÇAMENTO.CodBarra,CONCATENATE(ORÇAMENTO.Fonte,\" \",ORÇAMENTO.CodBarra)))","v":"SINAPI 99059"},{"$f":"IF(ISERROR(INDIRECT(ORÇAMENTO.BancoRef)),\"(abra o arquivo 'Referência \"&Excel_BuiltIn_Database&\".xlsm)\",IF(OR($C39<>\"S\",ORÇAMENTO.CodBarra=\"\"),\"(Sem Código)\",IF(ISERROR(MATCH($AE39,INDIRECT(ORÇAMENTO.BancoRef),0)),\"(Código não identificado nas referências)\",MATCH($AE39,INDIRECT(ORÇAMENTO.BancoRef),0))))","v":6977},{"$f":"ROUND(IF(DESONERACAO=\"sim\",REFERENCIA.Desonerado,REFERENCIA.NaoDesonerado),2)","v":66.42},0.2487,null,69.3,null,null,5747.74,82.94]
["S",3,"S",0,{"$f":"IF($C40=1,OFFSET(E40,-1,0)+MAX(1,COUNTIF(QCI!$A$13:$A$24,OFFSET(ORÇAMENTO!E40,-1,0))),OFFSET(E40,-1,0))","v":1},1,3,0,2,0,{"$f":"IF(OR($C40=\"S\",$C40=0),0,MATCH(OFFSET($D40,0,$C40)+IF($C40<>1,1,COUNTIF(QCI!$A$13:$A$24,ORÇAMENTO!E40)),OFFSET($D40,1,$C40,ROW($C$240)-ROW($C40)),0))","v":0},"F","Serviço","Serviço","1.1.3.2.","SINAPI","98459",{"$f":"IF($C40=\"S\",REFERENCIA.Descricao,\"(digite a descrição aqui)\")","v":"TAPUME COM TELHA METÁLICA. AF_05/2018"},{"$f":"REFERENCIA.Unidade","v":"M2"},{"$f":"OFFSET(CÁLCULO!H$15,ROW($T40)-ROW(T$15),0)","v":51.45},123.86,"BDI 1",{"$f":"IF($C40=\"S\",ROUND(IF(TIPOORCAMENTO=\"Proposto\",ORÇAMENTO.CustoUnitario*(1+$AH40),ORÇAMENTO.PrecoUnitarioLicitado),15-13*$AF$10),0)","v":154.66},{"$f":"IF($C40=\"S\",IF(Import.TipoArredondamento<>\"TransfereGOV\",VTOTAL1,SUM(OFFSET(CÁLCULO!$AA$15,ROW($X40)-ROW($X$15),1):OFFSET(CÁLCULO!$AL$15,ROW($X40)-ROW($X$15),-1))),IF($C40=0,0,ROUND(SomaAgrup,15-13*$AF$11)))","v":7957.26},"RA","RA",{"$f":"IF($C40=\"S\",IF($Z40=\"CP\",$X40,IF($Z40=\"RA\",(($X40)*QCI!$AA$3),0)),SomaAgrup)","v":7957.26},0,{"$f":"IF($N40=\"\",\"\",IF(ORÇAMENTO.Descricao=\"\",\"DESCRIÇÃO\",IF(AND($C40=\"S\",ORÇAMENTO.Unidade=\"\"),\"UNIDADE\",IF($X40<0,\"VALOR NEGATIVO\",IF(OR(AND(TIPOORCAMENTO=\"Proposto\",$AG40<>\"\",$AG40>0,ORÇAMENTO.CustoUnitario>$AG40),AND(TIPOORCAMENTO=\"LICITADO\",ORÇAMENTO.PrecoUnitarioLicitado>$AN40)),\"ACIMA REF.\",\"\")))))","v":""},{"$f":"IF(C40<=CRONO.NivelExibicao,MAX($AD$15:OFFSET(AD40,-1,0))+IF($C40<>1,1,MAX(1,COUNTIF(QCI!$A$13:$A$24,OFFSET($E40,-1,0)))),\"\")","v":""},{"$f":"IF(AND($C40=\"S\",ORÇAMENTO.CodBarra<>\"\"),IF(ORÇAMENTO.Fonte=\"\",ORÇAMENTO.CodBarra,CONCATENATE(ORÇAMENTO.Fonte,\" \",ORÇAMENTO.CodBarra)))","v":"SINAPI 98459"},{"$f":"IF(ISERROR(INDIRECT(ORÇAMENTO.BancoRef)),\"(abra o arquivo 'Referência \"&Excel_BuiltIn_Database&\".xlsm)\",IF(OR($C40<>\"S\",ORÇAMENTO.CodBarra=\"\"),\"(Sem Código)\",IF(ISERROR(MATCH($AE40,INDIRECT(ORÇAMENTO.BancoRef),0)),\"(Código não identificado nas referências)\",MATCH($AE40,INDIRECT(ORÇAMENTO.BancoRef),0))))","v":390},{"$f":"ROUND(IF(DESONERACAO=\"sim\",REFERENCIA.Desonerado,REFERENCIA.NaoDesonerado),2)","v":123.86},0.2487,null,51.45,null,null,7957.26,154.66]
["S",3,"S",0,{"$f":"IF($C41=1,OFFSET(E41,-1,0)+MAX(1,COUNTIF(QCI!$A$13:$A$24,OFFSET(ORÇAMENTO!E41,-1,0))),OFFSET(E41,-1,0))","v":1},1,3,0,2,0,{"$f":"IF(OR($C41=\"S\",$C41=0),0,MATCH(OFFSET($D41,0,$C41)+IF($C41<>1,1,COUNTIF(QCI!$A$13:$A$24,ORÇAMENTO!E41)),OFFSET($D41,1,$C41,ROW($C$240)-ROW($C41)),0))","v":0},"","Serviço","Serviço","-","SINAPI",null,{"$f":"IF($C41=\"S\",REFERENCIA.Descricao,\"(digite a descrição aqui)\")","v":"(Sem Código)"},{"$f":"REFERENCIA.Unidade","v":"-"},{"$f":"OFFSET(CÁLCULO!H$15,ROW($T41)-ROW(T$15),0)","v":0},0,"BDI 1",{"$f":"IF($C41=\"S\",ROUND(IF(TIPOORCAMENTO=\"Proposto\",ORÇAMENTO.CustoUnitario*(1+$AH41),ORÇAMENTO.PrecoUnitarioLicitado),15-13*$AF$10),0)","v":0},{"$f":"IF($C41=\"S\",IF(Import.TipoArredondamento<>\"TransfereGOV\",VTOTAL1,SUM(OFFSET(CÁLCULO!$AA$15,ROW($X41)-ROW($X$15),1):OFFSET(CÁLCULO!$AL$15,ROW($X41)-ROW($X$15),-1))),IF($C41=0,0,ROUND(SomaAgrup,15-13*$AF$11)))","v":0},"RA","",{"$f":"IF($C41=\"S\",IF($Z41=\"CP\",$X41,IF($Z41=\"RA\",(($X41)*QCI!$AA$3),0)),SomaAgrup)","v":0},0,{"$f":"IF($N41=\"\",\"\",IF(ORÇAMENTO.Descricao=\"\",\"DESCRIÇÃO\",IF(AND($C41=\"S\",ORÇAMENTO.Unidade=\"\"),\"UNIDADE\",IF($X41<0,\"VALOR NEGATIVO\",IF(OR(AND(TIPOORCAMENTO=\"Proposto\",$AG41<>\"\",$AG41>0,ORÇAMENTO.CustoUnitario>$AG41),AND(TIPOORCAMENTO=\"LICITADO\",ORÇAMENTO.PrecoUnitarioLicitado>$AN41)),\"ACIMA REF.\",\"\")))))","v":""},{"$f":"IF(C41<=CRONO.NivelExibicao,MAX($AD$15:OFFSET(AD41,-1,0))+IF($C41<>1,1,MAX(1,COUNTIF(QCI!$A$13:$A$24,OFFSET($E41,-1,0)))),\"\")","v":""},{"$f":"IF(AND($C41=\"S\",ORÇAMENTO.CodBarra<>\"\"),IF(ORÇAMENTO.Fonte=\"\",ORÇAMENTO.CodBarra,CONCATENATE(ORÇAMENTO.Fonte,\" \",ORÇAMENTO.CodBarra)))","v":false},{"$f":"IF(ISERROR(INDIRECT(ORÇAMENTO.BancoRef)),\"(abra o arquivo 'Referência \"&Excel_BuiltIn_Database&\".xlsm)\",IF(OR($C41<>\"S\",ORÇAMENTO.CodBarra=\"\"),\"(Sem Código)\",IF(ISERROR(MATCH($AE41,INDIRECT(ORÇAMENTO.BancoRef),0)),\"(Código não identificado nas referências)\",MATCH($AE41,INDIRECT(ORÇAMENTO.BancoRef),0))))","v":"(Sem Código)"},{"$f":"ROUND(IF(DESONERACAO=\"sim\",REFERENCIA.Desonerado,REFERENCIA.NaoDesonerado),2)","v":0},0.2487,null,null,null,null,0,0]
[{"$f":"CHOOSE(1+LOG(1+2*(ORÇAMENTO.Nivel=\"Meta\")+4*(ORÇAMENTO.Nivel=\"Nível 2\")+8*(ORÇAMENTO.Nivel=\"Nível 3\")+16*(ORÇAMENTO.Nivel=\"Nível 4\")+32*(ORÇAMENTO.Nivel=\"Serviço\"),2),0,1,2,3,4,\"S\")","v":"S"},{"$f":"IF(OR(C42=\"s\",C42=0),OFFSET(B42,-1,0),C42)","v":3},{"$f":"IF(OFFSET(C42,-1,0)=\"L\",1,IF(OFFSET(C42,-1,0)=1,2,IF(OR(A42=\"s\",A42=0),\"S\",IF(AND(OFFSET(C42,-1,0)=2,A42=4),3,IF(AND(OR(OFFSET(C42,-1,0)=\"s\",OFFSET(C42,-1,0)=0),A42<>\"s\",A42>OFFSET(B42,-1,0)),OFFSET(B42,-1,0),A42)))))","v":"S"},{"$f":"IF(OR(C42=\"S\",C42=0),0,IF(ISERROR(K42),J42,SMALL(J42:K42,1)))","v":0},{"$f":"IF($C42=1,OFFSET(E42,-1,0)+MAX(1,COUNTIF(QCI!$A$13:$A$24,OFFSET(ORÇAMENTO!E42,-1,0))),OFFSET(E42,-1,0))","v":1},{"$f":"IF($C42=1,0,IF($C42=2,OFFSET(F42,-1,0)+1,OFFSET(F42,-1,0)))","v":1},{"$f":"IF(AND($C42<=2,$C42<>0),0,IF($C42=3,OFFSET(G42,-1,0)+1,OFFSET(G42,-1,0)))","v":3},{"$f":"IF(AND($C42<=3,$C42<>0),0,IF($C42=4,OFFSET(H42,-1,0)+1,OFFSET(H42,-1,0)))","v":0},{"$f":"IF(AND($C42<=4,$C42<>0),0,IF(AND($C42=\"S\",$X42>0),OFFSET(I42,-1,0)+1,OFFSET(I42,-1,0)))","v":2},0,{"$f":"IF(OR($C42=\"S\",$C42=0),0,MATCH(OFFSET($D42,0,$C42)+IF($C42<>1,1,COUNTIF(QCI!$A$13:$A$24,ORÇAMENTO!E42)),OFFSET($D42,1,$C42,ROW($C$240)-ROW($C42)),0))","v":0},{"$f":"IF(OR($X42>0,$C42=1,$C42=2,$C42=3,$C42=4),\"F\",\"\")","v":""},"Serviço",{"$f":"CHOOSE(1+LOG(1+2*(C42=1)+4*(C42=2)+8*(C42=3)+16*(C42=4)+32*(C42=\"S\"),2),\"\",\"Meta\",\"Nível 2\",\"Nível 3\",\"Nível 4\",\"Serviço\")","v":"Serviço"},{"$f":"IF(OR($C42=0,$L42=\"\"),\"-\",CONCATENATE(E42&\".\",IF(AND($A$5>=2,$C42>=2),F42&\".\",\"\"),IF(AND($A$5>=3,$C42>=3),G42&\".\",\"\"),IF(AND($A$5>=4,$C42>=4),H42&\".\",\"\"),IF($C42=\"S\",I42&\".\",\"\")))","v":"-"},"SINAPI",null,{"$f":"IF($C42=\"S\",REFERENCIA.Descricao,\"(digite a descrição aqui)\")","v":"(Sem Código)"},{"$f":"REFERENCIA.Unidade","v":"-"},{"$f":"OFFSET(CÁLCULO!H$15,ROW($T42)-ROW(T$15),0)","v":0},0,"BDI 1",{"$f":"IF($C42=\"S\",ROUND(IF(TIPOORCAMENTO=\"Proposto\",ORÇAMENTO.CustoUnitario*(1+$AH42),ORÇAMENTO.PrecoUnitarioLicitado),15-13*$AF$10),0)","v":0},{"$f":"IF($C42=\"S\",IF(Import.TipoArredondamento<>\"TransfereGOV\",VTOTAL1,SUM(OFFSET(CÁLCULO!$AA$15,ROW($X42)-ROW($X$15),1):OFFSET(CÁLCULO!$AL$15,ROW($X42)-ROW($X$15),-1))),IF($C42=0,0,ROUND(SomaAgrup,15-13*$AF$11)))","v":0},"RA",{"$f":"IF(AND($C42=\"S\",$X42>0),IF(ISBLANK($Y42),\"RA\",LEFT($Y42,2)),\"\")","v":""},{"$f":"IF($C42=\"S\",IF($Z42=\"CP\",$X42,IF($Z42=\"RA\",(($X42)*QCI!$AA$3),0)),SomaAgrup)","v":0},{"$f":"IF($C42=\"S\",IF($Z42=\"OU\",ROUND($X42,2),0),SomaAgrup)","v":0},{"$f":"IF($N42=\"\",\"\",IF(ORÇAMENTO.Descricao=\"\",\"DESCRIÇÃO\",IF(AND($C42=\"S\",ORÇAMENTO.Unidade=\"\"),\"UNIDADE\",IF($X42<0,\"VALOR NEGATIVO\",IF(OR(AND(TIPOORCAMENTO=\"Proposto\",$AG42<>\"\",$AG42>0,ORÇAMENTO.CustoUnitario>$AG42),AND(TIPOORCAMENTO=\"LICITADO\",ORÇAMENTO.PrecoUnitarioLicitado>$AN42)),\"ACIMA REF.\",\"\")))))","v":""},{"$f":"IF(C42<=CRONO.NivelExibicao,MAX($AD$15:OFFSET(AD42,-1,0))+IF($C42<>1,1,MAX(1,COUNTIF(QCI!$A$13:$A$24,OFFSET($E42,-1,0)))),\"\")","v":""},{"$f":"IF(AND($C42=\"S\",ORÇAMENTO.CodBarra<>\"\"),IF(ORÇAMENTO.Fonte=\"\",ORÇAMENTO.CodBarra,CONCATENATE(ORÇAMENTO.Fonte,\" \",ORÇAMENTO.CodBarra)))","v":false},{"$f":"IF(ISERROR(INDIRECT(ORÇAMENTO.BancoRef)),\"(abra o arquivo 'Referência \"&Excel_BuiltIn_Database&\".xlsm)\",IF(OR($C42<>\"S\",ORÇAMENTO.CodBarra=\"\"),\"(Sem Código)\",IF(ISERROR(MATCH($AE42,INDIRECT(ORÇAMENTO.BancoRef),0)),\"(Código não identificado nas referências)\",MATCH($AE42,INDIRECT(ORÇAMENTO.BancoRef),0))))","v":"(Sem Código)"},{"$f":"ROUND(IF(DESONERACAO=\"sim\",REFERENCIA.Desonerado,REFERENCIA.NaoDesonerado),2)","v":0},{"$f":"ROUND(IF(ISNUMBER(ORÇAMENTO.OpcaoBDI),ORÇAMENTO.OpcaoBDI,IF(LEFT(ORÇAMENTO.OpcaoBDI,3)=\"BDI\",HLOOKUP(ORÇAMENTO.OpcaoBDI,$F$4:$H$5,2,FALSE),0)),15-11*$AF$9)","v":0.2487},null,null,null,null,0,{"$f":"ROUND(ORÇAMENTO.CustoUnitario*(1+$AH42),2)","v":0}]
["S",3,"S",0,{"$f":"IF($C43=1,OFFSET(E43,-1,0)+MAX(1,COUNTIF(QCI!$A$13:$A$24,OFFSET(ORÇAMENTO!E43,-1,0))),OFFSET(E43,-1,0))","v":1},1,3,0,2,0,{"$f":"IF(OR($C43=\"S\",$C43=0),0,MATCH(OFFSET($D43,0,$C43)+IF($C43<>1,1,COUNTIF(QCI!$A$13:$A$24,ORÇAMENTO!E43)),OFFSET($D43,1,$C43,ROW($C$240)-ROW($C43)),0))","v":0},"","Serviço","Serviço","-","SINAPI",null,{"$f":"IF($C43=\"S\",REFERENCIA.Descricao,\"(digite a descrição aqui)\")","v":"(Sem Código)"},{"$f":"REFERENCIA.Unidade","v":"-"},{"$f":"OFFSET(CÁLCULO!H$15,ROW($T43)-ROW(T$15),0)","v":0},0,"BDI 1",{"$f":"IF($C43=\"S\",ROUND(IF(TIPOORCAMENTO=\"Proposto\",ORÇAMENTO.CustoUnitario*(1+$AH43),ORÇAMENTO.PrecoUnitarioLicitado),15-13*$AF$10),0)","v":0},{"$f":"IF($C43=\"S\",IF(Import.TipoArredondamento<>\"TransfereGOV\",VTOTAL1,SUM(OFFSET(CÁLCULO!$AA$15,ROW($X43)-ROW($X$15),1):OFFSET(CÁLCULO!$AL$15,ROW($X43)-ROW($X$15),-1))),IF($C43=0,0,ROUND(SomaAgrup,15-13*$AF$11)))","v":0},"RA","",{"$f":"IF($C43=\"S\",IF($Z43=\"CP\",$X43,IF($Z43=\"RA\",(($X43)*QCI!$AA$3),0)),SomaAgrup)","v":0},0,{"$f":"IF($N43=\"\",\"\",IF(ORÇAMENTO.Descricao=\"\",\"DESCRIÇÃO\",IF(AND($C43=\"S\",ORÇAMENTO.Unidade=\"\"),\"UNIDADE\",IF($X43<0,\"VALOR NEGATIVO\",IF(OR(AND(TIPOORCAMENTO=\"Proposto\",$AG43<>\"\",$AG43>0,ORÇAMENTO.CustoUnitario>$AG43),AND(TIPOORCAMENTO=\"LICITADO\",ORÇAMENTO.PrecoUnitarioLicitado>$AN43)),\"ACIMA REF.\",\"\")))))","v":""},{"$f":"IF(C43<=CRONO.NivelExibicao,MAX($AD$15:OFFSET(AD43,-1,0))+IF($C43<>1,1,MAX(1,COUNTIF(QCI!$A$13:$A$24,OFFSET($E43,-1,0)))),\"\")","v":""},{"$f":"IF(AND($C43=\"S\",ORÇAMENTO.CodBarra<>\"\"),IF(ORÇAMENTO.Fonte=\"\",ORÇAMENTO.CodBarra,CONCATENATE(ORÇAMENTO.Fonte,\" \",ORÇAMENTO.CodBarra)))","v":false},{"$f":"IF(ISERROR(INDIRECT(ORÇAMENTO.BancoRef)),\"(abra o arquivo 'Referência \"&Excel_BuiltIn_Database&\".xlsm)\",IF(OR($C43<>\"S\",ORÇAMENTO.CodBarra=\"\"),\"(Sem Código)\",IF(ISERROR(MATCH($AE43,INDIRECT(ORÇAMENTO.BancoRef),0)),\"(Código não identificado nas referências)\",MATCH($AE43,INDIRECT(ORÇAMENTO.BancoRef),0))))","v":"(Sem Código)"},{"$f":"ROUND(IF(DESONERACAO=\"sim\",REFERENCIA.Desonerado,REFERENCIA.NaoDesonerado),2)","v":0},0.2487,null,null,null,null,0,0]
[3,3,3,6,{"$f":"IF($C44=1,OFFSET(E44,-1,0)+MAX(1,COUNTIF(QCI!$A$13:$A$24,OFFSET(ORÇAMENTO!E44,-1,0))),OFFSET(E44,-1,0))","v":1},1,4,0,0,6,{"$f":"IF(OR($C44=\"S\",$C44=0),0,MATCH(OFFSET($D44,0,$C44)+IF($C44<>1,1,COUNTIF(QCI!$A$13:$A$24,ORÇAMENTO!E44)),OFFSET($D44,1,$C44,ROW($C$240)-ROW($C44)),0))","v":{"$error":"#N/A"}},"F","Nível 3","Nível 3","1.1.4.","SINAPI",null,{"$f":"IF($C44=\"S\",REFERENCIA.Descricao,\"EQUIPAMENTOS DE PROTEÇÃO COLETIVA (EPC)\")","v":"EQUIPAMENTOS DE PROTEÇÃO COLETIVA (EPC)"},{"$f":"REFERENCIA.Unidade","v":"-"},{"$f":"OFFSET(CÁLCULO!H$15,ROW($T44)-ROW(T$15),0)","v":0},0,"BDI 1",{"$f":"IF($C44=\"S\",ROUND(IF(TIPOORCAMENTO=\"Proposto\",ORÇAMENTO.CustoUnitario*(1+$AH44),ORÇAMENTO.PrecoUnitarioLicitado),15-13*$AF$10),0)","v":0},{"$f":"IF($C44=\"S\",IF(Import.TipoArredondamento<>\"TransfereGOV\",VTOTAL1,SUM(OFFSET(CÁLCULO!$AA$15,ROW($X44)-ROW($X$15),1):OFFSET(CÁLCULO!$AL$15,ROW($X44)-ROW($X$15),-1))),IF($C44=0,0,ROUND(SomaAgrup,15-13*$AF$11)))","v":1149.3599999999999},"RA","",{"$f":"IF($C44=\"S\",IF($Z44=\"CP\",$X44,IF($Z44=\"RA\",(($X44)*QCI!$AA$3),0)),SomaAgrup)","v":1149.3600000000001},0,{"$f":"IF($N44=\"\",\"\",IF(ORÇAMENTO.Descricao=\"\",\"DESCRIÇÃO\",IF(AND($C44=\"S\",ORÇAMENTO.Unidade=\"\"),\"UNIDADE\",IF($X44<0,\"VALOR NEGATIVO\",IF(OR(AND(TIPOORCAMENTO=\"Proposto\",$AG44<>\"\",$AG44>0,ORÇAMENTO.CustoUnitario>$AG44),AND(TIPOORCAMENTO=\"LICITADO\",ORÇAMENTO.PrecoUnitarioLicitado>$AN44)),\"ACIMA REF.\",\"\")))))","v":""},{"$f":"IF(C44<=CRONO.NivelExibicao,MAX($AD$15:OFFSET(AD44,-1,0))+IF($C44<>1,1,MAX(1,COUNTIF(QCI!$A$13:$A$24,OFFSET($E44,-1,0)))),\"\")","v":""},{"$f":"IF(AND($C44=\"S\",ORÇAMENTO.CodBarra<>\"\"),IF(ORÇAMENTO.Fonte=\"\",ORÇAMENTO.CodBarra,CONCATENATE(ORÇAMENTO.Fonte,\" \",ORÇAMENTO.CodBarra)))","v":false},{"$f":"IF(ISERROR(INDIRECT(ORÇAMENTO.BancoRef)),\"(abra o arquivo 'Referência \"&Excel_BuiltIn_Database&\".xlsm)\",IF(OR($C44<>\"S\",ORÇAMENTO.CodBarra=\"\"),\"(Sem Código)\",IF(ISERROR(MATCH($AE44,INDIRECT(ORÇAMENTO.BancoRef),0)),\"(Código não identificado nas referências)\",MATCH($AE44,INDIRECT(ORÇAMENTO.BancoRef),0))))","v":"(Sem Código)"},{"$f":"ROUND(IF(DESONERACAO=\"sim\",REFERENCIA.Desonerado,REFERENCIA.NaoDesonerado),2)","v":0},0.2487,null,null,null,null,1149.3599999999999,0]
["S",3,"S",0,{"$f":"IF($C45=1,OFFSET(E45,-1,0)+MAX(1,COUNTIF(QCI!$A$13:$A$24,OFFSET(ORÇAMENTO!E45,-1,0))),OFFSET(E45,-1,0))","v":1},1,4,0,1,0,{"$f":"IF(OR($C45=\"S\",$C45=0),0,MATCH(OFFSET($D45,0,$C45)+IF($C45<>1,1,COUNTIF(QCI!$A$13:$A$24,ORÇAMENTO!E45)),OFFSET($D45,1,$C45,ROW($C$240)-ROW($C45)),0))","v":0},"F","Serviço","Serviço","1.1.4.1.","SINAPI-I","10527",{"$f":"IF($C45=\"S\",REFERENCIA.Descricao,\"(digite a descrição aqui)\")","v":"LOCACAO DE ANDAIME METALICO TUBULAR DE ENCAIXE, TIPO DE TORRE, CADA PAINEL COM LARGURA DE 1 ATE 1,5 M E ALTURA DE *1,00* M, INCLUINDO DIAGONAL, BARRAS DE LIGACAO, SAPATAS OU RODIZIOS E DEMAIS ITENS NECESSARIOS A MONTAGEM (NAO INCLUI INSTALACAO)                                                                                                                                                                                                                                                      "},{"$f":"REFERENCIA.Unidade","v":"MXMES "},{"$f":"OFFSET(CÁLCULO!H$15,ROW($T45)-ROW(T$15),0)","v":36},21.5,"BDI 1",{"$f":"IF($C45=\"S\",ROUND(IF(TIPOORCAMENTO=\"Proposto\",ORÇAMENTO.CustoUnitario*(1+$AH45),ORÇAMENTO.PrecoUnitarioLicitado),15-13*$AF$10),0)","v":26.85},{"$f":"IF($C45=\"S\",IF(Import.TipoArredondamento<>\"TransfereGOV\",VTOTAL1,SUM(OFFSET(CÁLCULO!$AA$15,ROW($X45)-ROW($X$15),1):OFFSET(CÁLCULO!$AL$15,ROW($X45)-ROW($X$15),-1))),IF($C45=0,0,ROUND(SomaAgrup,15-13*$AF$11)))","v":966.6},"RA","RA",{"$f":"IF($C45=\"S\",IF($Z45=\"CP\",$X45,IF($Z45=\"RA\",(($X45)*QCI!$AA$3),0)),SomaAgrup)","v":966.6},0,{"$f":"IF($N45=\"\",\"\",IF(ORÇAMENTO.Descricao=\"\",\"DESCRIÇÃO\",IF(AND($C45=\"S\",ORÇAMENTO.Unidade=\"\"),\"UNIDADE\",IF($X45<0,\"VALOR NEGATIVO\",IF(OR(AND(TIPOORCAMENTO=\"Proposto\",$AG45<>\"\",$AG45>0,ORÇAMENTO.CustoUnitario>$AG45),AND(TIPOORCAMENTO=\"LICITADO\",ORÇAMENTO.PrecoUnitarioLicitado>$AN45)),\"ACIMA REF.\",\"\")))))","v":""},{"$f":"IF(C45<=CRONO.NivelExibicao,MAX($AD$15:OFFSET(AD45,-1,0))+IF($C45<>1,1,MAX(1,COUNTIF(QCI!$A$13:$A$24,OFFSET($E45,-1,0)))),\"\")","v":""},{"$f":"IF(AND($C45=\"S\",ORÇAMENTO.CodBarra<>\"\"),IF(ORÇAMENTO.Fonte=\"\",ORÇAMENTO.CodBarra,CONCATENATE(ORÇAMENTO.Fonte,\" \",ORÇAMENTO.CodBarra)))","v":"SINAPI-I 10527"},{"$f":"IF(ISERROR(INDIRECT(ORÇAMENTO.BancoRef)),\"(abra o arquivo 'Referência \"&Excel_BuiltIn_Database&\".xlsm)\",IF(OR($C45<>\"S\",ORÇAMENTO.CodBarra=\"\"),\"(Sem Código)\",IF(ISERROR(MATCH($AE45,INDIRECT(ORÇAMENTO.BancoRef),0)),\"(Código não identificado nas referências)\",MATCH($AE45,INDIRECT(ORÇAMENTO.BancoRef),0))))","v":10164},{"$f":"ROUND(IF(DESONERACAO=\"sim\",REFERENCIA.Desonerado,REFERENCIA.NaoDesonerado),2)","v":21.5},0.2487,null,36,null,null,966.6,26.85]
["S",3,"S",0,{"$f":"IF($C46=1,OFFSET(E46,-1,0)+MAX(1,COUNTIF(QCI!$A$13:$A$24,OFFSET(ORÇAMENTO!E46,-1,0))),OFFSET(E46,-1,0))","v":1},1,4,0,2,0,{"$f":"IF(OR($C46=\"S\",$C46=0),0,MATCH(OFFSET($D46,0,$C46)+IF($C46<>1,1,COUNTIF(QCI!$A$13:$A$24,ORÇAMENTO!E46)),OFFSET($D46,1,$C46,ROW($C$240)-ROW($C46)),0))","v":0},"F","Serviço","Serviço","1.1.4.2.","SINAPI","97064",{"$f":"IF($C46=\"S\",REFERENCIA.Descricao,\"(digite a descrição aqui)\")","v":"MONTAGEM E DESMONTAGEM DE ANDAIME TUBULAR TIPO \u0093TORRE\u0094 (EXCLUSIVE ANDAIME E LIMPEZA). AF_11/2017"},{"$f":"REFERENCIA.Unidade","v":"M"},{"$f":"OFFSET(CÁLCULO!H$15,ROW($T46)-ROW(T$15),0)","v":6},24.39,"BDI 1",{"$f":"IF($C46=\"S\",ROUND(IF(TIPOORCAMENTO=\"Proposto\",ORÇAMENTO.CustoUnitario*(1+$AH46),ORÇAMENTO.PrecoUnitarioLicitado),15-13*$AF$10),0)","v":30.46},{"$f":"IF($C46=\"S\",IF(Import.TipoArredondamento<>\"TransfereGOV\",VTOTAL1,SUM(OFFSET(CÁLCULO!$AA$15,ROW($X46)-ROW($X$15),1):OFFSET(CÁLCULO!$AL$15,ROW($X46)-ROW($X$15),-1))),IF($C46=0,0,ROUND(SomaAgrup,15-13*$AF$11)))","v":182.76},"RA","RA",{"$f":"IF($C46=\"S\",IF($Z46=\"CP\",$X46,IF($Z46=\"RA\",(($X46)*QCI!$AA$3),0)),SomaAgrup)","v":182.76},0,{"$f":"IF($N46=\"\",\"\",IF(ORÇAMENTO.Descricao=\"\",\"DESCRIÇÃO\",IF(AND($C46=\"S\",ORÇAMENTO.Unidade=\"\"),\"UNIDADE\",IF($X46<0,\"VALOR NEGATIVO\",IF(OR(AND(TIPOORCAMENTO=\"Proposto\",$AG46<>\"\",$AG46>0,ORÇAMENTO.CustoUnitario>$AG46),AND(TIPOORCAMENTO=\"LICITADO\",ORÇAMENTO.PrecoUnitarioLicitado>$AN46)),\"ACIMA REF.\",\"\")))))","v":""},{"$f":"IF(C46<=CRONO.NivelExibicao,MAX($AD$15:OFFSET(AD46,-1,0))+IF($C46<>1,1,MAX(1,COUNTIF(QCI!$A$13:$A$24,OFFSET($E46,-1,0)))),\"\")","v":""},{"$f":"IF(AND($C46=\"S\",ORÇAMENTO.CodBarra<>\"\"),IF(ORÇAMENTO.Fonte=\"\",ORÇAMENTO.CodBarra,CONCATENATE(ORÇAMENTO.Fonte,\" \",ORÇAMENTO.CodBarra)))","v":"SINAPI 97064"},{"$f":"IF(ISERROR(INDIRECT(ORÇAMENTO.BancoRef)),\"(abra o arquivo 'Referência \"&Excel_BuiltIn_Database&\".xlsm)\",IF(OR($C46<>\"S\",ORÇAMENTO.CodBarra=\"\"),\"(Sem Código)\",IF(ISERROR(MATCH($AE46,INDIRECT(ORÇAMENTO.BancoRef),0)),\"(Código não identificado nas referências)\",MATCH($AE46,INDIRECT(ORÇAMENTO.BancoRef),0))))","v":6912},{"$f":"ROUND(IF(DESONERACAO=\"sim\",REFERENCIA.Desonerado,REFERENCIA.NaoDesonerado),2)","v":24.39},0.2487,null,6,null,null,182.76,30.46]
["S",3,"S",0,{"$f":"IF($C47=1,OFFSET(E47,-1,0)+MAX(1,COUNTIF(QCI!$A$13:$A$24,OFFSET(ORÇAMENTO!E47,-1,0))),OFFSET(E47,-1,0))","v":1},1,4,0,2,0,{"$f":"IF(OR($C47=\"S\",$C47=0),0,MATCH(OFFSET($D47,0,$C47)+IF($C47<>1,1,COUNTIF(QCI!$A$13:$A$24,ORÇAMENTO!E47)),OFFSET($D47,1,$C47,ROW($C$240)-ROW($C47)),0))","v":0},"","Serviço","Serviço","-","SINAPI",null,{"$f":"IF($C47=\"S\",REFERENCIA.Descricao,\"(digite a descrição aqui)\")","v":"(Sem Código)"},{"$f":"REFERENCIA.Unidade","v":"-"},{"$f":"OFFSET(CÁLCULO!H$15,ROW($T47)-ROW(T$15),0)","v":0},0,"BDI 1",{"$f":"IF($C47=\"S\",ROUND(IF(TIPOORCAMENTO=\"Proposto\",ORÇAMENTO.CustoUnitario*(1+$AH47),ORÇAMENTO.PrecoUnitarioLicitado),15-13*$AF$10),0)","v":0},{"$f":"IF($C47=\"S\",IF(Import.TipoArredondamento<>\"TransfereGOV\",VTOTAL1,SUM(OFFSET(CÁLCULO!$AA$15,ROW($X47)-ROW($X$15),1):OFFSET(CÁLCULO!$AL$15,ROW($X47)-ROW($X$15),-1))),IF($C47=0,0,ROUND(SomaAgrup,15-13*$AF$11)))","v":0},"RA","",{"$f":"IF($C47=\"S\",IF($Z47=\"CP\",$X47,IF($Z47=\"RA\",(($X47)*QCI!$AA$3),0)),SomaAgrup)","v":0},0,{"$f":"IF($N47=\"\",\"\",IF(ORÇAMENTO.Descricao=\"\",\"DESCRIÇÃO\",IF(AND($C47=\"S\",ORÇAMENTO.Unidade=\"\"),\"UNIDADE\",IF($X47<0,\"VALOR NEGATIVO\",IF(OR(AND(TIPOORCAMENTO=\"Proposto\",$AG47<>\"\",$AG47>0,ORÇAMENTO.CustoUnitario>$AG47),AND(TIPOORCAMENTO=\"LICITADO\",ORÇAMENTO.PrecoUnitarioLicitado>$AN47)),\"ACIMA REF.\",\"\")))))","v":""},{"$f":"IF(C47<=CRONO.NivelExibicao,MAX($AD$15:OFFSET(AD47,-1,0))+IF($C47<>1,1,MAX(1,COUNTIF(QCI!$A$13:$A$24,OFFSET($E47,-1,0)))),\"\")","v":""},{"$f":"IF(AND($C47=\"S\",ORÇAMENTO.CodBarra<>\"\"),IF(ORÇAMENTO.Fonte=\"\",ORÇAMENTO.CodBarra,CONCATENATE(ORÇAMENTO.Fonte,\" \",ORÇAMENTO.CodBarra)))","v":false},{"$f":"IF(ISERROR(INDIRECT(ORÇAMENTO.BancoRef)),\"(abra o arquivo 'Referência \"&Excel_BuiltIn_Database&\".xlsm)\",IF(OR($C47<>\"S\",ORÇAMENTO.CodBarra=\"\"),\"(Sem Código)\",IF(ISERROR(MATCH($AE47,INDIRECT(ORÇAMENTO.BancoRef),0)),\"(Código não identificado nas referências)\",MATCH($AE47,INDIRECT(ORÇAMENTO.BancoRef),0))))","v":"(Sem Código)"},{"$f":"ROUND(IF(DESONERACAO=\"sim\",REFERENCIA.Desonerado,REFERENCIA.NaoDesonerado),2)","v":0},0.2487,null,null,null,null,0,0]
["S",3,"S",0,{"$f":"IF($C48=1,OFFSET(E48,-1,0)+MAX(1,COUNTIF(QCI!$A$13:$A$24,OFFSET(ORÇAMENTO!E48,-1,0))),OFFSET(E48,-1,0))","v":1},1,4,0,2,{"$f":"IF(OR($C48=\"S\",$C48=0),0,MATCH(0,OFFSET($D48,1,$C48,ROW($C$240)-ROW($C48)),0))","v":0},{"$f":"IF(OR($C48=\"S\",$C48=0),0,MATCH(OFFSET($D48,0,$C48)+IF($C48<>1,1,COUNTIF(QCI!$A$13:$A$24,ORÇAMENTO!E48)),OFFSET($D48,1,$C48,ROW($C$240)-ROW($C48)),0))","v":0},"","Serviço","Serviço","-","SINAPI",null,{"$f":"IF($C48=\"S\",REFERENCIA.Descricao,\"(digite a descrição aqui)\")","v":"(Sem Código)"},{"$f":"REFERENCIA.Unidade","v":"-"},{"$f":"OFFSET(CÁLCULO!H$15,ROW($T48)-ROW(T$15),0)","v":0},0,"BDI 1",{"$f":"IF($C48=\"S\",ROUND(IF(TIPOORCAMENTO=\"Proposto\",ORÇAMENTO.CustoUnitario*(1+$AH48),ORÇAMENTO.PrecoUnitarioLicitado),15-13*$AF$10),0)","v":0},{"$f":"IF($C48=\"S\",IF(Import.TipoArredondamento<>\"TransfereGOV\",VTOTAL1,SUM(OFFSET(CÁLCULO!$AA$15,ROW($X48)-ROW($X$15),1):OFFSET(CÁLCULO!$AL$15,ROW($X48)-ROW($X$15),-1))),IF($C48=0,0,ROUND(SomaAgrup,15-13*$AF$11)))","v":0},"RA","",{"$f":"IF($C48=\"S\",IF($Z48=\"CP\",$X48,IF($Z48=\"RA\",(($X48)*QCI!$AA$3),0)),SomaAgrup)","v":0},0,{"$f":"IF($N48=\"\",\"\",IF(ORÇAMENTO.Descricao=\"\",\"DESCRIÇÃO\",IF(AND($C48=\"S\",ORÇAMENTO.Unidade=\"\"),\"UNIDADE\",IF($X48<0,\"VALOR NEGATIVO\",IF(OR(AND(TIPOORCAMENTO=\"Proposto\",$AG48<>\"\",$AG48>0,ORÇAMENTO.CustoUnitario>$AG48),AND(TIPOORCAMENTO=\"LICITADO\",ORÇAMENTO.PrecoUnitarioLicitado>$AN48)),\"ACIMA REF.\",\"\")))))","v":""},{"$f":"IF(C48<=CRONO.NivelExibicao,MAX($AD$15:OFFSET(AD48,-1,0))+IF($C48<>1,1,MAX(1,COUNTIF(QCI!$A$13:$A$24,OFFSET($E48,-1,0)))),\"\")","v":""},{"$f":"IF(AND($C48=\"S\",ORÇAMENTO.CodBarra<>\"\"),IF(ORÇAMENTO.Fonte=\"\",ORÇAMENTO.CodBarra,CONCATENATE(ORÇAMENTO.Fonte,\" \",ORÇAMENTO.CodBarra)))","v":false},{"$f":"IF(ISERROR(INDIRECT(ORÇAMENTO.BancoRef)),\"(abra o arquivo 'Referência \"&Excel_BuiltIn_Database&\".xlsm)\",IF(OR($C48<>\"S\",ORÇAMENTO.CodBarra=\"\"),\"(Sem Código)\",IF(ISERROR(MATCH($AE48,INDIRECT(ORÇAMENTO.BancoRef),0)),\"(Código não identificado nas referências)\",MATCH($AE48,INDIRECT(ORÇAMENTO.BancoRef),0))))","v":"(Sem Código)"},{"$f":"ROUND(IF(DESONERACAO=\"sim\",REFERENCIA.Desonerado,REFERENCIA.NaoDesonerado),2)","v":0},0.2487,null,null,null,null,0,0]
["S",3,"S",0,{"$f":"IF($C49=1,OFFSET(E49,-1,0)+MAX(1,COUNTIF(QCI!$A$13:$A$24,OFFSET(ORÇAMENTO!E49,-1,0))),OFFSET(E49,-1,0))","v":1},1,4,0,2,0,{"$f":"IF(OR($C49=\"S\",$C49=0),0,MATCH(OFFSET($D49,0,$C49)+IF($C49<>1,1,COUNTIF(QCI!$A$13:$A$24,ORÇAMENTO!E49)),OFFSET($D49,1,$C49,ROW($C$240)-ROW($C49)),0))","v":0},"","Serviço","Serviço","-","SINAPI",null,{"$f":"IF($C49=\"S\",REFERENCIA.Descricao,\"(digite a descrição aqui)\")","v":"(Sem Código)"},{"$f":"REFERENCIA.Unidade","v":"-"},{"$f":"OFFSET(CÁLCULO!H$15,ROW($T49)-ROW(T$15),0)","v":0},0,"BDI 1",{"$f":"IF($C49=\"S\",ROUND(IF(TIPOORCAMENTO=\"Proposto\",ORÇAMENTO.CustoUnitario*(1+$AH49),ORÇAMENTO.PrecoUnitarioLicitado),15-13*$AF$10),0)","v":0},{"$f":"IF($C49=\"S\",IF(Import.TipoArredondamento<>\"TransfereGOV\",VTOTAL1,SUM(OFFSET(CÁLCULO!$AA$15,ROW($X49)-ROW($X$15),1):OFFSET(CÁLCULO!$AL$15,ROW($X49)-ROW($X$15),-1))),IF($C49=0,0,ROUND(SomaAgrup,15-13*$AF$11)))","v":0},"RA","",{"$f":"IF($C49=\"S\",IF($Z49=\"CP\",$X49,IF($Z49=\"RA\",(($X49)*QCI!$AA$3),0)),SomaAgrup)","v":0},0,{"$f":"IF($N49=\"\",\"\",IF(ORÇAMENTO.Descricao=\"\",\"DESCRIÇÃO\",IF(AND($C49=\"S\",ORÇAMENTO.Unidade=\"\"),\"UNIDADE\",IF($X49<0,\"VALOR NEGATIVO\",IF(OR(AND(TIPOORCAMENTO=\"Proposto\",$AG49<>\"\",$AG49>0,ORÇAMENTO.CustoUnitario>$AG49),AND(TIPOORCAMENTO=\"LICITADO\",ORÇAMENTO.PrecoUnitarioLicitado>$AN49)),\"ACIMA REF.\",\"\")))))","v":""},{"$f":"IF(C49<=CRONO.NivelExibicao,MAX($AD$15:OFFSET(AD49,-1,0))+IF($C49<>1,1,MAX(1,COUNTIF(QCI!$A$13:$A$24,OFFSET($E49,-1,0)))),\"\")","v":""},{"$f":"IF(AND($C49=\"S\",ORÇAMENTO.CodBarra<>\"\"),IF(ORÇAMENTO.Fonte=\"\",ORÇAMENTO.CodBarra,CONCATENATE(ORÇAMENTO.Fonte,\" \",ORÇAMENTO.CodBarra)))","v":false},{"$f":"IF(ISERROR(INDIRECT(ORÇAMENTO.BancoRef)),\"(abra o arquivo 'Referência \"&Excel_BuiltIn_Database&\".xlsm)\",IF(OR($C49<>\"S\",ORÇAMENTO.CodBarra=\"\"),\"(Sem Código)\",IF(ISERROR(MATCH($AE49,INDIRECT(ORÇAMENTO.BancoRef),0)),\"(Código não identificado nas referências)\",MATCH($AE49,INDIRECT(ORÇAMENTO.BancoRef),0))))","v":"(Sem Código)"},{"$f":"ROUND(IF(DESONERACAO=\"sim\",REFERENCIA.Desonerado,REFERENCIA.NaoDesonerado),2)","v":0},0.2487,null,null,null,null,0,0]
[2,2,2,12,{"$f":"IF($C50=1,OFFSET(E50,-1,0)+MAX(1,COUNTIF(QCI!$A$13:$A$24,OFFSET(ORÇAMENTO!E50,-1,0))),OFFSET(E50,-1,0))","v":1},2,0,0,0,190,{"$f":"IF(OR($C50=\"S\",$C50=0),0,MATCH(OFFSET($D50,0,$C50)+IF($C50<>1,1,COUNTIF(QCI!$A$13:$A$24,ORÇAMENTO!E50)),OFFSET($D50,1,$C50,ROW($C$240)-ROW($C50)),0))","v":12},"F","Nível 2","Nível 2","1.2.","SINAPI",null,{"$f":"IF($C50=\"S\",REFERENCIA.Descricao,\"MOVIMENTAÇÃO DE TERRA\")","v":"MOVIMENTAÇÃO DE TERRA"},{"$f":"REFERENCIA.Unidade","v":"-"},{"$f":"OFFSET(CÁLCULO!H$15,ROW($T50)-ROW(T$15),0)","v":0},0,"BDI 1",{"$f":"IF($C50=\"S\",ROUND(IF(TIPOORCAMENTO=\"Proposto\",ORÇAMENTO.CustoUnitario*(1+$AH50),ORÇAMENTO.PrecoUnitarioLicitado),15-13*$AF$10),0)","v":0},{"$f":"IF($C50=\"S\",IF(Import.TipoArredondamento<>\"TransfereGOV\",VTOTAL1,SUM(OFFSET(CÁLCULO!$AA$15,ROW($X50)-ROW($X$15),1):OFFSET(CÁLCULO!$AL$15,ROW($X50)-ROW($X$15),-1))),IF($C50=0,0,ROUND(SomaAgrup,15-13*$AF$11)))","v":19652.669999999998},"RA","",{"$f":"IF($C50=\"S\",IF($Z50=\"CP\",$X50,IF($Z50=\"RA\",(($X50)*QCI!$AA$3),0)),SomaAgrup)","v":19652.670000000002},0,{"$f":"IF($N50=\"\",\"\",IF(ORÇAMENTO.Descricao=\"\",\"DESCRIÇÃO\",IF(AND($C50=\"S\",ORÇAMENTO.Unidade=\"\"),\"UNIDADE\",IF($X50<0,\"VALOR NEGATIVO\",IF(OR(AND(TIPOORCAMENTO=\"Proposto\",$AG50<>\"\",$AG50>0,ORÇAMENTO.CustoUnitario>$AG50),AND(TIPOORCAMENTO=\"LICITADO\",ORÇAMENTO.PrecoUnitarioLicitado>$AN50)),\"ACIMA REF.\",\"\")))))","v":""},{"$f":"IF(C50<=CRONO.NivelExibicao,MAX($AD$15:OFFSET(AD50,-1,0))+IF($C50<>1,1,MAX(1,COUNTIF(QCI!$A$13:$A$24,OFFSET($E50,-1,0)))),\"\")","v":3},{"$f":"IF(AND($C50=\"S\",ORÇAMENTO.CodBarra<>\"\"),IF(ORÇAMENTO.Fonte=\"\",ORÇAMENTO.CodBarra,CONCATENATE(ORÇAMENTO.Fonte,\" \",ORÇAMENTO.CodBarra)))","v":false},{"$f":"IF(ISERROR(INDIRECT(ORÇAMENTO.BancoRef)),\"(abra o arquivo 'Referência \"&Excel_BuiltIn_Database&\".xlsm)\",IF(OR($C50<>\"S\",ORÇAMENTO.CodBarra=\"\"),\"(Sem Código)\",IF(ISERROR(MATCH($AE50,INDIRECT(ORÇAMENTO.BancoRef),0)),\"(Código não identificado nas referências)\",MATCH($AE50,INDIRECT(ORÇAMENTO.BancoRef),0))))","v":"(Sem Código)"},{"$f":"ROUND(IF(DESONERACAO=\"sim\",REFERENCIA.Desonerado,REFERENCIA.NaoDesonerado),2)","v":0},0.2487,null,null,null,null,19652.669999999998,0]
["S",2,"S",0,{"$f":"IF($C51=1,OFFSET(E51,-1,0)+MAX(1,COUNTIF(QCI!$A$13:$A$24,OFFSET(ORÇAMENTO!E51,-1,0))),OFFSET(E51,-1,0))","v":1},2,0,0,1,0,{"$f":"IF(OR($C51=\"S\",$C51=0),0,MATCH(OFFSET($D51,0,$C51)+IF($C51<>1,1,COUNTIF(QCI!$A$13:$A$24,ORÇAMENTO!E51)),OFFSET($D51,1,$C51,ROW($C$240)-ROW($C51)),0))","v":0},"F","Serviço","Serviço","1.2.0.1.","SINAPI","100982",{"$f":"IF($C51=\"S\",REFERENCIA.Descricao,\"(digite a descrição aqui)\")","v":"CARGA, MANOBRA E DESCARGA DE ENTULHO EM CAMINHÃO BASCULANTE 10 M³ - CARGA COM ESCAVADEIRA HIDRÁULICA  (CAÇAMBA DE 0,80 M³ / 111 HP) E DESCARGA LIVRE (UNIDADE: M3). AF_07/2020"},{"$f":"REFERENCIA.Unidade","v":"M3"},{"$f":"OFFSET(CÁLCULO!H$15,ROW($T51)-ROW(T$15),0)","v":100},9.24,"BDI 1",{"$f":"IF($C51=\"S\",ROUND(IF(TIPOORCAMENTO=\"Proposto\",ORÇAMENTO.CustoUnitario*(1+$AH51),ORÇAMENTO.PrecoUnitarioLicitado),15-13*$AF$10),0)","v":11.54},{"$f":"IF($C51=\"S\",IF(Import.TipoArredondamento<>\"TransfereGOV\",VTOTAL1,SUM(OFFSET(CÁLCULO!$AA$15,ROW($X51)-ROW($X$15),1):OFFSET(CÁLCULO!$AL$15,ROW($X51)-ROW($X$15),-1))),IF($C51=0,0,ROUND(SomaAgrup,15-13*$AF$11)))","v":1154},"RA","RA",{"$f":"IF($C51=\"S\",IF($Z51=\"CP\",$X51,IF($Z51=\"RA\",(($X51)*QCI!$AA$3),0)),SomaAgrup)","v":1154},0,{"$f":"IF($N51=\"\",\"\",IF(ORÇAMENTO.Descricao=\"\",\"DESCRIÇÃO\",IF(AND($C51=\"S\",ORÇAMENTO.Unidade=\"\"),\"UNIDADE\",IF($X51<0,\"VALOR NEGATIVO\",IF(OR(AND(TIPOORCAMENTO=\"Proposto\",$AG51<>\"\",$AG51>0,ORÇAMENTO.CustoUnitario>$AG51),AND(TIPOORCAMENTO=\"LICITADO\",ORÇAMENTO.PrecoUnitarioLicitado>$AN51)),\"ACIMA REF.\",\"\")))))","v":""},{"$f":"IF(C51<=CRONO.NivelExibicao,MAX($AD$15:OFFSET(AD51,-1,0))+IF($C51<>1,1,MAX(1,COUNTIF(QCI!$A$13:$A$24,OFFSET($E51,-1,0)))),\"\")","v":""},{"$f":"IF(AND($C51=\"S\",ORÇAMENTO.CodBarra<>\"\"),IF(ORÇAMENTO.Fonte=\"\",ORÇAMENTO.CodBarra,CONCATENATE(ORÇAMENTO.Fonte,\" \",ORÇAMENTO.CodBarra)))","v":"SINAPI 100982"},{"$f":"IF(ISERROR(INDIRECT(ORÇAMENTO.BancoRef)),\"(abra o arquivo 'Referência \"&Excel_BuiltIn_Database&\".xlsm)\",IF(OR($C51<>\"S\",ORÇAMENTO.CodBarra=\"\"),\"(Sem Código)\",IF(ISERROR(MATCH($AE51,INDIRECT(ORÇAMENTO.BancoRef),0)),\"(Código não identificado nas referências)\",MATCH($AE51,INDIRECT(ORÇAMENTO.BancoRef),0))))","v":7059},{"$f":"ROUND(IF(DESONERACAO=\"sim\",REFERENCIA.Desonerado,REFERENCIA.NaoDesonerado),2)","v":9.24},0.2487,null,100,null,null,1154,11.54]
[{"$f":"CHOOSE(1+LOG(1+2*(ORÇAMENTO.Nivel=\"Meta\")+4*(ORÇAMENTO.Nivel=\"Nível 2\")+8*(ORÇAMENTO.Nivel=\"Nível 3\")+16*(ORÇAMENTO.Nivel=\"Nível 4\")+32*(ORÇAMENTO.Nivel=\"Serviço\"),2),0,1,2,3,4,\"S\")","v":"S"},{"$f":"IF(OR(C52=\"s\",C52=0),OFFSET(B52,-1,0),C52)","v":2},{"$f":"IF(OFFSET(C52,-1,0)=\"L\",1,IF(OFFSET(C52,-1,0)=1,2,IF(OR(A52=\"s\",A52=0),\"S\",IF(AND(OFFSET(C52,-1,0)=2,A52=4),3,IF(AND(OR(OFFSET(C52,-1,0)=\"s\",OFFSET(C52,-1,0)=0),A52<>\"s\",A52>OFFSET(B52,-1,0)),OFFSET(B52,-1,0),A52)))))","v":"S"},{"$f":"IF(OR(C52=\"S\",C52=0),0,IF(ISERROR(K52),J52,SMALL(J52:K52,1)))","v":0},{"$f":"IF($C52=1,OFFSET(E52,-1,0)+MAX(1,COUNTIF(QCI!$A$13:$A$24,OFFSET(ORÇAMENTO!E52,-1,0))),OFFSET(E52,-1,0))","v":1},{"$f":"IF($C52=1,0,IF($C52=2,OFFSET(F52,-1,0)+1,OFFSET(F52,-1,0)))","v":2},{"$f":"IF(AND($C52<=2,$C52<>0),0,IF($C52=3,OFFSET(G52,-1,0)+1,OFFSET(G52,-1,0)))","v":0},{"$f":"IF(AND($C52<=3,$C52<>0),0,IF($C52=4,OFFSET(H52,-1,0)+1,OFFSET(H52,-1,0)))","v":0},{"$f":"IF(AND($C52<=4,$C52<>0),0,IF(AND($C52=\"S\",$X52>0),OFFSET(I52,-1,0)+1,OFFSET(I52,-1,0)))","v":2},0,{"$f":"IF(OR($C52=\"S\",$C52=0),0,MATCH(OFFSET($D52,0,$C52)+IF($C52<>1,1,COUNTIF(QCI!$A$13:$A$24,ORÇAMENTO!E52)),OFFSET($D52,1,$C52,ROW($C$240)-ROW($C52)),0))","v":0},{"$f":"IF(OR($X52>0,$C52=1,$C52=2,$C52=3,$C52=4),\"F\",\"\")","v":"F"},"Serviço",{"$f":"CHOOSE(1+LOG(1+2*(C52=1)+4*(C52=2)+8*(C52=3)+16*(C52=4)+32*(C52=\"S\"),2),\"\",\"Meta\",\"Nível 2\",\"Nível 3\",\"Nível 4\",\"Serviço\")","v":"Serviço"},{"$f":"IF(OR($C52=0,$L52=\"\"),\"-\",CONCATENATE(E52&\".\",IF(AND($A$5>=2,$C52>=2),F52&\".\",\"\"),IF(AND($A$5>=3,$C52>=3),G52&\".\",\"\"),IF(AND($A$5>=4,$C52>=4),H52&\".\",\"\"),IF($C52=\"S\",I52&\".\",\"\")))","v":"1.2.0.2."},"SINAPI","95875",{"$f":"IF($C52=\"S\",REFERENCIA.Descricao,\"(digite a descrição aqui)\")","v":"TRANSPORTE COM CAMINHÃO BASCULANTE DE 10 M³, EM VIA URBANA PAVIMENTADA, DMT ATÉ 30 KM (UNIDADE: M3XKM). AF_07/2020"},{"$f":"REFERENCIA.Unidade","v":"M3XKM"},{"$f":"OFFSET(CÁLCULO!H$15,ROW($T52)-ROW(T$15),0)","v":600},2.5299999999999998,"BDI 1",{"$f":"IF($C52=\"S\",ROUND(IF(TIPOORCAMENTO=\"Proposto\",ORÇAMENTO.CustoUnitario*(1+$AH52),ORÇAMENTO.PrecoUnitarioLicitado),15-13*$AF$10),0)","v":3.16},{"$f":"IF($C52=\"S\",IF(Import.TipoArredondamento<>\"TransfereGOV\",VTOTAL1,SUM(OFFSET(CÁLCULO!$AA$15,ROW($X52)-ROW($X$15),1):OFFSET(CÁLCULO!$AL$15,ROW($X52)-ROW($X$15),-1))),IF($C52=0,0,ROUND(SomaAgrup,15-13*$AF$11)))","v":1896},"RA",{"$f":"IF(AND($C52=\"S\",$X52>0),IF(ISBLANK($Y52),\"RA\",LEFT($Y52,2)),\"\")","v":"RA"},{"$f":"IF($C52=\"S\",IF($Z52=\"CP\",$X52,IF($Z52=\"RA\",(($X52)*QCI!$AA$3),0)),SomaAgrup)","v":1896},{"$f":"IF($C52=\"S\",IF($Z52=\"OU\",ROUND($X52,2),0),SomaAgrup)","v":0},{"$f":"IF($N52=\"\",\"\",IF(ORÇAMENTO.Descricao=\"\",\"DESCRIÇÃO\",IF(AND($C52=\"S\",ORÇAMENTO.Unidade=\"\"),\"UNIDADE\",IF($X52<0,\"VALOR NEGATIVO\",IF(OR(AND(TIPOORCAMENTO=\"Proposto\",$AG52<>\"\",$AG52>0,ORÇAMENTO.CustoUnitario>$AG52),AND(TIPOORCAMENTO=\"LICITADO\",ORÇAMENTO.PrecoUnitarioLicitado>$AN52)),\"ACIMA REF.\",\"\")))))","v":""},{"$f":"IF(C52<=CRONO.NivelExibicao,MAX($AD$15:OFFSET(AD52,-1,0))+IF($C52<>1,1,MAX(1,COUNTIF(QCI!$A$13:$A$24,OFFSET($E52,-1,0)))),\"\")","v":""},{"$f":"IF(AND($C52=\"S\",ORÇAMENTO.CodBarra<>\"\"),IF(ORÇAMENTO.Fonte=\"\",ORÇAMENTO.CodBarra,CONCATENATE(ORÇAMENTO.Fonte,\" \",ORÇAMENTO.CodBarra)))","v":"SINAPI 95875"},{"$f":"IF(ISERROR(INDIRECT(ORÇAMENTO.BancoRef)),\"(abra o arquivo 'Referência \"&Excel_BuiltIn_Database&\".xlsm)\",IF(OR($C52<>\"S\",ORÇAMENTO.CodBarra=\"\"),\"(Sem Código)\",IF(ISERROR(MATCH($AE52,INDIRECT(ORÇAMENTO.BancoRef),0)),\"(Código não identificado nas referências)\",MATCH($AE52,INDIRECT(ORÇAMENTO.BancoRef),0))))","v":7001},{"$f":"ROUND(IF(DESONERACAO=\"sim\",REFERENCIA.Desonerado,REFERENCIA.NaoDesonerado),2)","v":2.5299999999999998},{"$f":"ROUND(IF(ISNUMBER(ORÇAMENTO.OpcaoBDI),ORÇAMENTO.OpcaoBDI,IF(LEFT(ORÇAMENTO.OpcaoBDI,3)=\"BDI\",HLOOKUP(ORÇAMENTO.OpcaoBDI,$F$4:$H$5,2,FALSE),0)),15-11*$AF$9)","v":0.2487},null,600,null,null,1896,{"$f":"ROUND(ORÇAMENTO.CustoUnitario*(1+$AH52),2)","v":3.16}]
[{"$f":"CHOOSE(1+LOG(1+2*(ORÇAMENTO.Nivel=\"Meta\")+4*(ORÇAMENTO.Nivel=\"Nível 2\")+8*(ORÇAMENTO.Nivel=\"Nível 3\")+16*(ORÇAMENTO.Nivel=\"Nível 4\")+32*(ORÇAMENTO.Nivel=\"Serviço\"),2),0,1,2,3,4,\"S\")","v":"S"},{"$f":"IF(OR(C53=\"s\",C53=0),OFFSET(B53,-1,0),C53)","v":2},{"$f":"IF(OFFSET(C53,-1,0)=\"L\",1,IF(OFFSET(C53,-1,0)=1,2,IF(OR(A53=\"s\",A53=0),\"S\",IF(AND(OFFSET(C53,-1,0)=2,A53=4),3,IF(AND(OR(OFFSET(C53,-1,0)=\"s\",OFFSET(C53,-1,0)=0),A53<>\"s\",A53>OFFSET(B53,-1,0)),OFFSET(B53,-1,0),A53)))))","v":"S"},{"$f":"IF(OR(C53=\"S\",C53=0),0,IF(ISERROR(K53),J53,SMALL(J53:K53,1)))","v":0},{"$f":"IF($C53=1,OFFSET(E53,-1,0)+MAX(1,COUNTIF(QCI!$A$13:$A$24,OFFSET(ORÇAMENTO!E53,-1,0))),OFFSET(E53,-1,0))","v":1},{"$f":"IF($C53=1,0,IF($C53=2,OFFSET(F53,-1,0)+1,OFFSET(F53,-1,0)))","v":2},{"$f":"IF(AND($C53<=2,$C53<>0),0,IF($C53=3,OFFSET(G53,-1,0)+1,OFFSET(G53,-1,0)))","v":0},{"$f":"IF(AND($C53<=3,$C53<>0),0,IF($C53=4,OFFSET(H53,-1,0)+1,OFFSET(H53,-1,0)))","v":0},{"$f":"IF(AND($C53<=4,$C53<>0),0,IF(AND($C53=\"S\",$X53>0),OFFSET(I53,-1,0)+1,OFFSET(I53,-1,0)))","v":3},0,{"$f":"IF(OR($C53=\"S\",$C53=0),0,MATCH(OFFSET($D53,0,$C53)+IF($C53<>1,1,COUNTIF(QCI!$A$13:$A$24,ORÇAMENTO!E53)),OFFSET($D53,1,$C53,ROW($C$240)-ROW($C53)),0))","v":0},{"$f":"IF(OR($X53>0,$C53=1,$C53=2,$C53=3,$C53=4),\"F\",\"\")","v":"F"},"Serviço",{"$f":"CHOOSE(1+LOG(1+2*(C53=1)+4*(C53=2)+8*(C53=3)+16*(C53=4)+32*(C53=\"S\"),2),\"\",\"Meta\",\"Nível 2\",\"Nível 3\",\"Nível 4\",\"Serviço\")","v":"Serviço"},{"$f":"IF(OR($C53=0,$L53=\"\"),\"-\",CONCATENATE(E53&\".\",IF(AND($A$5>=2,$C53>=2),F53&\".\",\"\"),IF(AND($A$5>=3,$C53>=3),G53&\".\",\"\"),IF(AND($A$5>=4,$C53>=4),H53&\".\",\"\"),IF($C53=\"S\",I53&\".\",\"\")))","v":"1.2.0.3."},"SINAPI","101254",{"$f":"IF($C53=\"S\",REFERENCIA.Descricao,\"(digite a descrição aqui)\")","v":"ESCAVAÇÃO VERTICAL PARA  EDIFICAÇÃO, COM CARGA, DESCARGA E TRANSPORTE DE SOLO DE 1ª CATEGORIA, COM ESCAVADEIRA HIDRÁULICA (CAÇAMBA: 0,8 M³ / 111HP), FROTA DE 3 CAMINHÕES BASCULANTES DE 10 M³, DMT ATÉ 1 KM E VELOCIDADE MÉDIA 14 KM/H. AF_05/2020"},{"$f":"REFERENCIA.Unidade","v":"M3"},{"$f":"OFFSET(CÁLCULO!H$15,ROW($T53)-ROW(T$15),0)","v":292.39999999999998},13.21,"BDI 1",{"$f":"IF($C53=\"S\",ROUND(IF(TIPOORCAMENTO=\"Proposto\",ORÇAMENTO.CustoUnitario*(1+$AH53),ORÇAMENTO.PrecoUnitarioLicitado),15-13*$AF$10),0)","v":16.5},{"$f":"IF($C53=\"S\",IF(Import.TipoArredondamento<>\"TransfereGOV\",VTOTAL1,SUM(OFFSET(CÁLCULO!$AA$15,ROW($X53)-ROW($X$15),1):OFFSET(CÁLCULO!$AL$15,ROW($X53)-ROW($X$15),-1))),IF($C53=0,0,ROUND(SomaAgrup,15-13*$AF$11)))","v":4824.6000000000004},"RA",{"$f":"IF(AND($C53=\"S\",$X53>0),IF(ISBLANK($Y53),\"RA\",LEFT($Y53,2)),\"\")","v":"RA"},{"$f":"IF($C53=\"S\",IF($Z53=\"CP\",$X53,IF($Z53=\"RA\",(($X53)*QCI!$AA$3),0)),SomaAgrup)","v":4824.6000000000004},{"$f":"IF($C53=\"S\",IF($Z53=\"OU\",ROUND($X53,2),0),SomaAgrup)","v":0},{"$f":"IF($N53=\"\",\"\",IF(ORÇAMENTO.Descricao=\"\",\"DESCRIÇÃO\",IF(AND($C53=\"S\",ORÇAMENTO.Unidade=\"\"),\"UNIDADE\",IF($X53<0,\"VALOR NEGATIVO\",IF(OR(AND(TIPOORCAMENTO=\"Proposto\",$AG53<>\"\",$AG53>0,ORÇAMENTO.CustoUnitario>$AG53),AND(TIPOORCAMENTO=\"LICITADO\",ORÇAMENTO.PrecoUnitarioLicitado>$AN53)),\"ACIMA REF.\",\"\")))))","v":""},{"$f":"IF(C53<=CRONO.NivelExibicao,MAX($AD$15:OFFSET(AD53,-1,0))+IF($C53<>1,1,MAX(1,COUNTIF(QCI!$A$13:$A$24,OFFSET($E53,-1,0)))),\"\")","v":""},{"$f":"IF(AND($C53=\"S\",ORÇAMENTO.CodBarra<>\"\"),IF(ORÇAMENTO.Fonte=\"\",ORÇAMENTO.CodBarra,CONCATENATE(ORÇAMENTO.Fonte,\" \",ORÇAMENTO.CodBarra)))","v":"SINAPI 101254"},{"$f":"IF(ISERROR(INDIRECT(ORÇAMENTO.BancoRef)),\"(abra o arquivo 'Referência \"&Excel_BuiltIn_Database&\".xlsm)\",IF(OR($C53<>\"S\",ORÇAMENTO.CodBarra=\"\"),\"(Sem Código)\",IF(ISERROR(MATCH($AE53,INDIRECT(ORÇAMENTO.BancoRef),0)),\"(Código não identificado nas referências)\",MATCH($AE53,INDIRECT(ORÇAMENTO.BancoRef),0))))","v":5674},{"$f":"ROUND(IF(DESONERACAO=\"sim\",REFERENCIA.Desonerado,REFERENCIA.NaoDesonerado),2)","v":13.21},{"$f":"ROUND(IF(ISNUMBER(ORÇAMENTO.OpcaoBDI),ORÇAMENTO.OpcaoBDI,IF(LEFT(ORÇAMENTO.OpcaoBDI,3)=\"BDI\",HLOOKUP(ORÇAMENTO.OpcaoBDI,$F$4:$H$5,2,FALSE),0)),15-11*$AF$9)","v":0.2487},null,292.39999999999998,null,null,4824.6000000000004,{"$f":"ROUND(ORÇAMENTO.CustoUnitario*(1+$AH53),2)","v":16.5}]
[{"$f":"CHOOSE(1+LOG(1+2*(ORÇAMENTO.Nivel=\"Meta\")+4*(ORÇAMENTO.Nivel=\"Nível 2\")+8*(ORÇAMENTO.Nivel=\"Nível 3\")+16*(ORÇAMENTO.Nivel=\"Nível 4\")+32*(ORÇAMENTO.Nivel=\"Serviço\"),2),0,1,2,3,4,\"S\")","v":"S"},{"$f":"IF(OR(C54=\"s\",C54=0),OFFSET(B54,-1,0),C54)","v":2},{"$f":"IF(OFFSET(C54,-1,0)=\"L\",1,IF(OFFSET(C54,-1,0)=1,2,IF(OR(A54=\"s\",A54=0),\"S\",IF(AND(OFFSET(C54,-1,0)=2,A54=4),3,IF(AND(OR(OFFSET(C54,-1,0)=\"s\",OFFSET(C54,-1,0)=0),A54<>\"s\",A54>OFFSET(B54,-1,0)),OFFSET(B54,-1,0),A54)))))","v":"S"},{"$f":"IF(OR(C54=\"S\",C54=0),0,IF(ISERROR(K54),J54,SMALL(J54:K54,1)))","v":0},{"$f":"IF($C54=1,OFFSET(E54,-1,0)+MAX(1,COUNTIF(QCI!$A$13:$A$24,OFFSET(ORÇAMENTO!E54,-1,0))),OFFSET(E54,-1,0))","v":1},{"$f":"IF($C54=1,0,IF($C54=2,OFFSET(F54,-1,0)+1,OFFSET(F54,-1,0)))","v":2},{"$f":"IF(AND($C54<=2,$C54<>0),0,IF($C54=3,OFFSET(G54,-1,0)+1,OFFSET(G54,-1,0)))","v":0},{"$f":"IF(AND($C54<=3,$C54<>0),0,IF($C54=4,OFFSET(H54,-1,0)+1,OFFSET(H54,-1,0)))","v":0},{"$f":"IF(AND($C54<=4,$C54<>0),0,IF(AND($C54=\"S\",$X54>0),OFFSET(I54,-1,0)+1,OFFSET(I54,-1,0)))","v":4},0,{"$f":"IF(OR($C54=\"S\",$C54=0),0,MATCH(OFFSET($D54,0,$C54)+IF($C54<>1,1,COUNTIF(QCI!$A$13:$A$24,ORÇAMENTO!E54)),OFFSET($D54,1,$C54,ROW($C$240)-ROW($C54)),0))","v":0},{"$f":"IF(OR($X54>0,$C54=1,$C54=2,$C54=3,$C54=4),\"F\",\"\")","v":"F"},"Serviço",{"$f":"CHOOSE(1+LOG(1+2*(C54=1)+4*(C54=2)+8*(C54=3)+16*(C54=4)+32*(C54=\"S\"),2),\"\",\"Meta\",\"Nível 2\",\"Nível 3\",\"Nível 4\",\"Serviço\")","v":"Serviço"},{"$f":"IF(OR($C54=0,$L54=\"\"),\"-\",CONCATENATE(E54&\".\",IF(AND($A$5>=2,$C54>=2),F54&\".\",\"\"),IF(AND($A$5>=3,$C54>=3),G54&\".\",\"\"),IF(AND($A$5>=4,$C54>=4),H54&\".\",\"\"),IF($C54=\"S\",I54&\".\",\"\")))","v":"1.2.0.4."},"SINAPI-I","6077",{"$f":"IF($C54=\"S\",REFERENCIA.Descricao,\"(digite a descrição aqui)\")","v":"ARGILA OU BARRO PARA ATERRO/REATERRO (RETIRADO NA JAZIDA, SEM TRANSPORTE)                                                                                                                                                                                                                                                                                                                                                                                                                                 "},{"$f":"REFERENCIA.Unidade","v":"M3    "},{"$f":"OFFSET(CÁLCULO!H$15,ROW($T54)-ROW(T$15),0)","v":100},36.51,"BDI 1",{"$f":"IF($C54=\"S\",ROUND(IF(TIPOORCAMENTO=\"Proposto\",ORÇAMENTO.CustoUnitario*(1+$AH54),ORÇAMENTO.PrecoUnitarioLicitado),15-13*$AF$10),0)","v":45.59},{"$f":"IF($C54=\"S\",IF(Import.TipoArredondamento<>\"TransfereGOV\",VTOTAL1,SUM(OFFSET(CÁLCULO!$AA$15,ROW($X54)-ROW($X$15),1):OFFSET(CÁLCULO!$AL$15,ROW($X54)-ROW($X$15),-1))),IF($C54=0,0,ROUND(SomaAgrup,15-13*$AF$11)))","v":4559},"RA",{"$f":"IF(AND($C54=\"S\",$X54>0),IF(ISBLANK($Y54),\"RA\",LEFT($Y54,2)),\"\")","v":"RA"},{"$f":"IF($C54=\"S\",IF($Z54=\"CP\",$X54,IF($Z54=\"RA\",(($X54)*QCI!$AA$3),0)),SomaAgrup)","v":4559},{"$f":"IF($C54=\"S\",IF($Z54=\"OU\",ROUND($X54,2),0),SomaAgrup)","v":0},{"$f":"IF($N54=\"\",\"\",IF(ORÇAMENTO.Descricao=\"\",\"DESCRIÇÃO\",IF(AND($C54=\"S\",ORÇAMENTO.Unidade=\"\"),\"UNIDADE\",IF($X54<0,\"VALOR NEGATIVO\",IF(OR(AND(TIPOORCAMENTO=\"Proposto\",$AG54<>\"\",$AG54>0,ORÇAMENTO.CustoUnitario>$AG54),AND(TIPOORCAMENTO=\"LICITADO\",ORÇAMENTO.PrecoUnitarioLicitado>$AN54)),\"ACIMA REF.\",\"\")))))","v":""},{"$f":"IF(C54<=CRONO.NivelExibicao,MAX($AD$15:OFFSET(AD54,-1,0))+IF($C54<>1,1,MAX(1,COUNTIF(QCI!$A$13:$A$24,OFFSET($E54,-1,0)))),\"\")","v":""},{"$f":"IF(AND($C54=\"S\",ORÇAMENTO.CodBarra<>\"\"),IF(ORÇAMENTO.Fonte=\"\",ORÇAMENTO.CodBarra,CONCATENATE(ORÇAMENTO.Fonte,\" \",ORÇAMENTO.CodBarra)))","v":"SINAPI-I 6077"},{"$f":"IF(ISERROR(INDIRECT(ORÇAMENTO.BancoRef)),\"(abra o arquivo 'Referência \"&Excel_BuiltIn_Database&\".xlsm)\",IF(OR($C54<>\"S\",ORÇAMENTO.CodBarra=\"\"),\"(Sem Código)\",IF(ISERROR(MATCH($AE54,INDIRECT(ORÇAMENTO.BancoRef),0)),\"(Código não identificado nas referências)\",MATCH($AE54,INDIRECT(ORÇAMENTO.BancoRef),0))))","v":7909},{"$f":"ROUND(IF(DESONERACAO=\"sim\",REFERENCIA.Desonerado,REFERENCIA.NaoDesonerado),2)","v":36.51},{"$f":"ROUND(IF(ISNUMBER(ORÇAMENTO.OpcaoBDI),ORÇAMENTO.OpcaoBDI,IF(LEFT(ORÇAMENTO.OpcaoBDI,3)=\"BDI\",HLOOKUP(ORÇAMENTO.OpcaoBDI,$F$4:$H$5,2,FALSE),0)),15-11*$AF$9)","v":0.2487},null,100,null,null,4559,{"$f":"ROUND(ORÇAMENTO.CustoUnitario*(1+$AH54),2)","v":45.59}]
["S",2,"S",0,{"$f":"IF($C55=1,OFFSET(E55,-1,0)+MAX(1,COUNTIF(QCI!$A$13:$A$24,OFFSET(ORÇAMENTO!E55,-1,0))),OFFSET(E55,-1,0))","v":1},2,0,0,5,0,{"$f":"IF(OR($C55=\"S\",$C55=0),0,MATCH(OFFSET($D55,0,$C55)+IF($C55<>1,1,COUNTIF(QCI!$A$13:$A$24,ORÇAMENTO!E55)),OFFSET($D55,1,$C55,ROW($C$240)-ROW($C55)),0))","v":0},"F","Serviço","Serviço","1.2.0.5.","SINAPI","100974",{"$f":"IF($C55=\"S\",REFERENCIA.Descricao,\"(digite a descrição aqui)\")","v":"CARGA, MANOBRA E DESCARGA DE SOLOS E MATERIAIS GRANULARES EM CAMINHÃO BASCULANTE 10 M³ - CARGA COM PÁ CARREGADEIRA (CAÇAMBA DE 1,7 A 2,8 M³ / 128 HP) E DESCARGA LIVRE (UNIDADE: M3). AF_07/2020"},{"$f":"REFERENCIA.Unidade","v":"M3"},{"$f":"OFFSET(CÁLCULO!H$15,ROW($T55)-ROW(T$15),0)","v":100},9.2100000000000009,"BDI 1",{"$f":"IF($C55=\"S\",ROUND(IF(TIPOORCAMENTO=\"Proposto\",ORÇAMENTO.CustoUnitario*(1+$AH55),ORÇAMENTO.PrecoUnitarioLicitado),15-13*$AF$10),0)","v":11.5},{"$f":"IF($C55=\"S\",IF(Import.TipoArredondamento<>\"TransfereGOV\",VTOTAL1,SUM(OFFSET(CÁLCULO!$AA$15,ROW($X55)-ROW($X$15),1):OFFSET(CÁLCULO!$AL$15,ROW($X55)-ROW($X$15),-1))),IF($C55=0,0,ROUND(SomaAgrup,15-13*$AF$11)))","v":1150},"RA","RA",{"$f":"IF($C55=\"S\",IF($Z55=\"CP\",$X55,IF($Z55=\"RA\",(($X55)*QCI!$AA$3),0)),SomaAgrup)","v":1150},0,{"$f":"IF($N55=\"\",\"\",IF(ORÇAMENTO.Descricao=\"\",\"DESCRIÇÃO\",IF(AND($C55=\"S\",ORÇAMENTO.Unidade=\"\"),\"UNIDADE\",IF($X55<0,\"VALOR NEGATIVO\",IF(OR(AND(TIPOORCAMENTO=\"Proposto\",$AG55<>\"\",$AG55>0,ORÇAMENTO.CustoUnitario>$AG55),AND(TIPOORCAMENTO=\"LICITADO\",ORÇAMENTO.PrecoUnitarioLicitado>$AN55)),\"ACIMA REF.\",\"\")))))","v":""},{"$f":"IF(C55<=CRONO.NivelExibicao,MAX($AD$15:OFFSET(AD55,-1,0))+IF($C55<>1,1,MAX(1,COUNTIF(QCI!$A$13:$A$24,OFFSET($E55,-1,0)))),\"\")","v":""},{"$f":"IF(AND($C55=\"S\",ORÇAMENTO.CodBarra<>\"\"),IF(ORÇAMENTO.Fonte=\"\",ORÇAMENTO.CodBarra,CONCATENATE(ORÇAMENTO.Fonte,\" \",ORÇAMENTO.CodBarra)))","v":"SINAPI 100974"},{"$f":"IF(ISERROR(INDIRECT(ORÇAMENTO.BancoRef)),\"(abra o arquivo 'Referência \"&Excel_BuiltIn_Database&\".xlsm)\",IF(OR($C55<>\"S\",ORÇAMENTO.CodBarra=\"\"),\"(Sem Código)\",IF(ISERROR(MATCH($AE55,INDIRECT(ORÇAMENTO.BancoRef),0)),\"(Código não identificado nas referências)\",MATCH($AE55,INDIRECT(ORÇAMENTO.BancoRef),0))))","v":7040},{"$f":"ROUND(IF(DESONERACAO=\"sim\",REFERENCIA.Desonerado,REFERENCIA.NaoDesonerado),2)","v":9.2100000000000009},0.2487,null,100,null,null,1150,11.5]
["S",2,"S",0,{"$f":"IF($C56=1,OFFSET(E56,-1,0)+MAX(1,COUNTIF(QCI!$A$13:$A$24,OFFSET(ORÇAMENTO!E56,-1,0))),OFFSET(E56,-1,0))","v":1},2,0,0,6,0,{"$f":"IF(OR($C56=\"S\",$C56=0),0,MATCH(OFFSET($D56,0,$C56)+IF($C56<>1,1,COUNTIF(QCI!$A$13:$A$24,ORÇAMENTO!E56)),OFFSET($D56,1,$C56,ROW($C$240)-ROW($C56)),0))","v":0},"F","Serviço","Serviço","1.2.0.6.","SINAPI","95875",{"$f":"IF($C56=\"S\",REFERENCIA.Descricao,\"(digite a descrição aqui)\")","v":"TRANSPORTE COM CAMINHÃO BASCULANTE DE 10 M³, EM VIA URBANA PAVIMENTADA, DMT ATÉ 30 KM (UNIDADE: M3XKM). AF_07/2020"},{"$f":"REFERENCIA.Unidade","v":"M3XKM"},{"$f":"OFFSET(CÁLCULO!H$15,ROW($T56)-ROW(T$15),0)","v":600},2.5299999999999998,"BDI 1",{"$f":"IF($C56=\"S\",ROUND(IF(TIPOORCAMENTO=\"Proposto\",ORÇAMENTO.CustoUnitario*(1+$AH56),ORÇAMENTO.PrecoUnitarioLicitado),15-13*$AF$10),0)","v":3.16},{"$f":"IF($C56=\"S\",IF(Import.TipoArredondamento<>\"TransfereGOV\",VTOTAL1,SUM(OFFSET(CÁLCULO!$AA$15,ROW($X56)-ROW($X$15),1):OFFSET(CÁLCULO!$AL$15,ROW($X56)-ROW($X$15),-1))),IF($C56=0,0,ROUND(SomaAgrup,15-13*$AF$11)))","v":1896},"RA","RA",{"$f":"IF($C56=\"S\",IF($Z56=\"CP\",$X56,IF($Z56=\"RA\",(($X56)*QCI!$AA$3),0)),SomaAgrup)","v":1896},0,{"$f":"IF($N56=\"\",\"\",IF(ORÇAMENTO.Descricao=\"\",\"DESCRIÇÃO\",IF(AND($C56=\"S\",ORÇAMENTO.Unidade=\"\"),\"UNIDADE\",IF($X56<0,\"VALOR NEGATIVO\",IF(OR(AND(TIPOORCAMENTO=\"Proposto\",$AG56<>\"\",$AG56>0,ORÇAMENTO.CustoUnitario>$AG56),AND(TIPOORCAMENTO=\"LICITADO\",ORÇAMENTO.PrecoUnitarioLicitado>$AN56)),\"ACIMA REF.\",\"\")))))","v":""},{"$f":"IF(C56<=CRONO.NivelExibicao,MAX($AD$15:OFFSET(AD56,-1,0))+IF($C56<>1,1,MAX(1,COUNTIF(QCI!$A$13:$A$24,OFFSET($E56,-1,0)))),\"\")","v":""},{"$f":"IF(AND($C56=\"S\",ORÇAMENTO.CodBarra<>\"\"),IF(ORÇAMENTO.Fonte=\"\",ORÇAMENTO.CodBarra,CONCATENATE(ORÇAMENTO.Fonte,\" \",ORÇAMENTO.CodBarra)))","v":"SINAPI 95875"},{"$f":"IF(ISERROR(INDIRECT(ORÇAMENTO.BancoRef)),\"(abra o arquivo 'Referência \"&Excel_BuiltIn_Database&\".xlsm)\",IF(OR($C56<>\"S\",ORÇAMENTO.CodBarra=\"\"),\"(Sem Código)\",IF(ISERROR(MATCH($AE56,INDIRECT(ORÇAMENTO.BancoRef),0)),\"(Código não identificado nas referências)\",MATCH($AE56,INDIRECT(ORÇAMENTO.BancoRef),0))))","v":7001},{"$f":"ROUND(IF(DESONERACAO=\"sim\",REFERENCIA.Desonerado,REFERENCIA.NaoDesonerado),2)","v":2.5299999999999998},0.2487,null,600,null,null,1896,3.16]
["S",2,"S",0,{"$f":"IF($C57=1,OFFSET(E57,-1,0)+MAX(1,COUNTIF(QCI!$A$13:$A$24,OFFSET(ORÇAMENTO!E57,-1,0))),OFFSET(E57,-1,0))","v":1},2,0,0,7,0,{"$f":"IF(OR($C57=\"S\",$C57=0),0,MATCH(OFFSET($D57,0,$C57)+IF($C57<>1,1,COUNTIF(QCI!$A$13:$A$24,ORÇAMENTO!E57)),OFFSET($D57,1,$C57,ROW($C$240)-ROW($C57)),0))","v":0},"F","Serviço","Serviço","1.2.0.7.","SINAPI","96385",{"$f":"IF($C57=\"S\",REFERENCIA.Descricao,\"(digite a descrição aqui)\")","v":"EXECUÇÃO E COMPACTAÇÃO DE ATERRO COM SOLO PREDOMINANTEMENTE ARGILOSO - EXCLUSIVE SOLO, ESCAVAÇÃO, CARGA E TRANSPORTE. AF_11/2019"},{"$f":"REFERENCIA.Unidade","v":"M3"},{"$f":"OFFSET(CÁLCULO!H$15,ROW($T57)-ROW(T$15),0)","v":228.42},12.9,"BDI 1",{"$f":"IF($C57=\"S\",ROUND(IF(TIPOORCAMENTO=\"Proposto\",ORÇAMENTO.CustoUnitario*(1+$AH57),ORÇAMENTO.PrecoUnitarioLicitado),15-13*$AF$10),0)","v":16.11},{"$f":"IF($C57=\"S\",IF(Import.TipoArredondamento<>\"TransfereGOV\",VTOTAL1,SUM(OFFSET(CÁLCULO!$AA$15,ROW($X57)-ROW($X$15),1):OFFSET(CÁLCULO!$AL$15,ROW($X57)-ROW($X$15),-1))),IF($C57=0,0,ROUND(SomaAgrup,15-13*$AF$11)))","v":3679.85},"RA","RA",{"$f":"IF($C57=\"S\",IF($Z57=\"CP\",$X57,IF($Z57=\"RA\",(($X57)*QCI!$AA$3),0)),SomaAgrup)","v":3679.85},0,{"$f":"IF($N57=\"\",\"\",IF(ORÇAMENTO.Descricao=\"\",\"DESCRIÇÃO\",IF(AND($C57=\"S\",ORÇAMENTO.Unidade=\"\"),\"UNIDADE\",IF($X57<0,\"VALOR NEGATIVO\",IF(OR(AND(TIPOORCAMENTO=\"Proposto\",$AG57<>\"\",$AG57>0,ORÇAMENTO.CustoUnitario>$AG57),AND(TIPOORCAMENTO=\"LICITADO\",ORÇAMENTO.PrecoUnitarioLicitado>$AN57)),\"ACIMA REF.\",\"\")))))","v":""},{"$f":"IF(C57<=CRONO.NivelExibicao,MAX($AD$15:OFFSET(AD57,-1,0))+IF($C57<>1,1,MAX(1,COUNTIF(QCI!$A$13:$A$24,OFFSET($E57,-1,0)))),\"\")","v":""},{"$f":"IF(AND($C57=\"S\",ORÇAMENTO.CodBarra<>\"\"),IF(ORÇAMENTO.Fonte=\"\",ORÇAMENTO.CodBarra,CONCATENATE(ORÇAMENTO.Fonte,\" \",ORÇAMENTO.CodBarra)))","v":"SINAPI 96385"},{"$f":"IF(ISERROR(INDIRECT(ORÇAMENTO.BancoRef)),\"(abra o arquivo 'Referência \"&Excel_BuiltIn_Database&\".xlsm)\",IF(OR($C57<>\"S\",ORÇAMENTO.CodBarra=\"\"),\"(Sem Código)\",IF(ISERROR(MATCH($AE57,INDIRECT(ORÇAMENTO.BancoRef),0)),\"(Código não identificado nas referências)\",MATCH($AE57,INDIRECT(ORÇAMENTO.BancoRef),0))))","v":5787},{"$f":"ROUND(IF(DESONERACAO=\"sim\",REFERENCIA.Desonerado,REFERENCIA.NaoDesonerado),2)","v":12.9},0.2487,null,228.42,null,null,3679.85,16.11]
["S",2,"S",0,{"$f":"IF($C58=1,OFFSET(E58,-1,0)+MAX(1,COUNTIF(QCI!$A$13:$A$24,OFFSET(ORÇAMENTO!E58,-1,0))),OFFSET(E58,-1,0))","v":1},2,0,0,8,0,{"$f":"IF(OR($C58=\"S\",$C58=0),0,MATCH(OFFSET($D58,0,$C58)+IF($C58<>1,1,COUNTIF(QCI!$A$13:$A$24,ORÇAMENTO!E58)),OFFSET($D58,1,$C58,ROW($C$240)-ROW($C58)),0))","v":0},"F","Serviço","Serviço","1.2.0.8.","SINAPI","97083",{"$f":"IF($C58=\"S\",REFERENCIA.Descricao,\"(digite a descrição aqui)\")","v":"COMPACTAÇÃO MECÂNICA DE SOLO PARA EXECUÇÃO DE RADIER, PISO DE CONCRETO OU LAJE SOBRE SOLO, COM COMPACTADOR DE SOLOS A PERCUSSÃO. AF_09/2021"},{"$f":"REFERENCIA.Unidade","v":"M2"},{"$f":"OFFSET(CÁLCULO!H$15,ROW($T58)-ROW(T$15),0)","v":95.4},4.1399999999999997,"BDI 1",{"$f":"IF($C58=\"S\",ROUND(IF(TIPOORCAMENTO=\"Proposto\",ORÇAMENTO.CustoUnitario*(1+$AH58),ORÇAMENTO.PrecoUnitarioLicitado),15-13*$AF$10),0)","v":5.17},{"$f":"IF($C58=\"S\",IF(Import.TipoArredondamento<>\"TransfereGOV\",VTOTAL1,SUM(OFFSET(CÁLCULO!$AA$15,ROW($X58)-ROW($X$15),1):OFFSET(CÁLCULO!$AL$15,ROW($X58)-ROW($X$15),-1))),IF($C58=0,0,ROUND(SomaAgrup,15-13*$AF$11)))","v":493.22},"RA","RA",{"$f":"IF($C58=\"S\",IF($Z58=\"CP\",$X58,IF($Z58=\"RA\",(($X58)*QCI!$AA$3),0)),SomaAgrup)","v":493.22},0,{"$f":"IF($N58=\"\",\"\",IF(ORÇAMENTO.Descricao=\"\",\"DESCRIÇÃO\",IF(AND($C58=\"S\",ORÇAMENTO.Unidade=\"\"),\"UNIDADE\",IF($X58<0,\"VALOR NEGATIVO\",IF(OR(AND(TIPOORCAMENTO=\"Proposto\",$AG58<>\"\",$AG58>0,ORÇAMENTO.CustoUnitario>$AG58),AND(TIPOORCAMENTO=\"LICITADO\",ORÇAMENTO.PrecoUnitarioLicitado>$AN58)),\"ACIMA REF.\",\"\")))))","v":""},{"$f":"IF(C58<=CRONO.NivelExibicao,MAX($AD$15:OFFSET(AD58,-1,0))+IF($C58<>1,1,MAX(1,COUNTIF(QCI!$A$13:$A$24,OFFSET($E58,-1,0)))),\"\")","v":""},{"$f":"IF(AND($C58=\"S\",ORÇAMENTO.CodBarra<>\"\"),IF(ORÇAMENTO.Fonte=\"\",ORÇAMENTO.CodBarra,CONCATENATE(ORÇAMENTO.Fonte,\" \",ORÇAMENTO.CodBarra)))","v":"SINAPI 97083"},{"$f":"IF(ISERROR(INDIRECT(ORÇAMENTO.BancoRef)),\"(abra o arquivo 'Referência \"&Excel_BuiltIn_Database&\".xlsm)\",IF(OR($C58<>\"S\",ORÇAMENTO.CodBarra=\"\"),\"(Sem Código)\",IF(ISERROR(MATCH($AE58,INDIRECT(ORÇAMENTO.BancoRef),0)),\"(Código não identificado nas referências)\",MATCH($AE58,INDIRECT(ORÇAMENTO.BancoRef),0))))","v":2242},{"$f":"ROUND(IF(DESONERACAO=\"sim\",REFERENCIA.Desonerado,REFERENCIA.NaoDesonerado),2)","v":4.1399999999999997},0.2487,null,95.4,null,null,493.22,5.17]
["S",2,"S",0,{"$f":"IF($C59=1,OFFSET(E59,-1,0)+MAX(1,COUNTIF(QCI!$A$13:$A$24,OFFSET(ORÇAMENTO!E59,-1,0))),OFFSET(E59,-1,0))","v":1},2,0,0,8,0,{"$f":"IF(OR($C59=\"S\",$C59=0),0,MATCH(OFFSET($D59,0,$C59)+IF($C59<>1,1,COUNTIF(QCI!$A$13:$A$24,ORÇAMENTO!E59)),OFFSET($D59,1,$C59,ROW($C$240)-ROW($C59)),0))","v":0},"","Serviço","Serviço","-","SINAPI",null,{"$f":"IF($C59=\"S\",REFERENCIA.Descricao,\"(digite a descrição aqui)\")","v":"(Sem Código)"},{"$f":"REFERENCIA.Unidade","v":"-"},{"$f":"OFFSET(CÁLCULO!H$15,ROW($T59)-ROW(T$15),0)","v":0},0,"BDI 1",{"$f":"IF($C59=\"S\",ROUND(IF(TIPOORCAMENTO=\"Proposto\",ORÇAMENTO.CustoUnitario*(1+$AH59),ORÇAMENTO.PrecoUnitarioLicitado),15-13*$AF$10),0)","v":0},{"$f":"IF($C59=\"S\",IF(Import.TipoArredondamento<>\"TransfereGOV\",VTOTAL1,SUM(OFFSET(CÁLCULO!$AA$15,ROW($X59)-ROW($X$15),1):OFFSET(CÁLCULO!$AL$15,ROW($X59)-ROW($X$15),-1))),IF($C59=0,0,ROUND(SomaAgrup,15-13*$AF$11)))","v":0},"RA","",{"$f":"IF($C59=\"S\",IF($Z59=\"CP\",$X59,IF($Z59=\"RA\",(($X59)*QCI!$AA$3),0)),SomaAgrup)","v":0},0,{"$f":"IF($N59=\"\",\"\",IF(ORÇAMENTO.Descricao=\"\",\"DESCRIÇÃO\",IF(AND($C59=\"S\",ORÇAMENTO.Unidade=\"\"),\"UNIDADE\",IF($X59<0,\"VALOR NEGATIVO\",IF(OR(AND(TIPOORCAMENTO=\"Proposto\",$AG59<>\"\",$AG59>0,ORÇAMENTO.CustoUnitario>$AG59),AND(TIPOORCAMENTO=\"LICITADO\",ORÇAMENTO.PrecoUnitarioLicitado>$AN59)),\"ACIMA REF.\",\"\")))))","v":""},{"$f":"IF(C59<=CRONO.NivelExibicao,MAX($AD$15:OFFSET(AD59,-1,0))+IF($C59<>1,1,MAX(1,COUNTIF(QCI!$A$13:$A$24,OFFSET($E59,-1,0)))),\"\")","v":""},{"$f":"IF(AND($C59=\"S\",ORÇAMENTO.CodBarra<>\"\"),IF(ORÇAMENTO.Fonte=\"\",ORÇAMENTO.CodBarra,CONCATENATE(ORÇAMENTO.Fonte,\" \",ORÇAMENTO.CodBarra)))","v":false},{"$f":"IF(ISERROR(INDIRECT(ORÇAMENTO.BancoRef)),\"(abra o arquivo 'Referência \"&Excel_BuiltIn_Database&\".xlsm)\",IF(OR($C59<>\"S\",ORÇAMENTO.CodBarra=\"\"),\"(Sem Código)\",IF(ISERROR(MATCH($AE59,INDIRECT(ORÇAMENTO.BancoRef),0)),\"(Código não identificado nas referências)\",MATCH($AE59,INDIRECT(ORÇAMENTO.BancoRef),0))))","v":"(Sem Código)"},{"$f":"ROUND(IF(DESONERACAO=\"sim\",REFERENCIA.Desonerado,REFERENCIA.NaoDesonerado),2)","v":0},0.2487,null,null,null,null,0,0]
[{"$f":"CHOOSE(1+LOG(1+2*(ORÇAMENTO.Nivel=\"Meta\")+4*(ORÇAMENTO.Nivel=\"Nível 2\")+8*(ORÇAMENTO.Nivel=\"Nível 3\")+16*(ORÇAMENTO.Nivel=\"Nível 4\")+32*(ORÇAMENTO.Nivel=\"Serviço\"),2),0,1,2,3,4,\"S\")","v":"S"},{"$f":"IF(OR(C60=\"s\",C60=0),OFFSET(B60,-1,0),C60)","v":2},{"$f":"IF(OFFSET(C60,-1,0)=\"L\",1,IF(OFFSET(C60,-1,0)=1,2,IF(OR(A60=\"s\",A60=0),\"S\",IF(AND(OFFSET(C60,-1,0)=2,A60=4),3,IF(AND(OR(OFFSET(C60,-1,0)=\"s\",OFFSET(C60,-1,0)=0),A60<>\"s\",A60>OFFSET(B60,-1,0)),OFFSET(B60,-1,0),A60)))))","v":"S"},{"$f":"IF(OR(C60=\"S\",C60=0),0,IF(ISERROR(K60),J60,SMALL(J60:K60,1)))","v":0},{"$f":"IF($C60=1,OFFSET(E60,-1,0)+MAX(1,COUNTIF(QCI!$A$13:$A$24,OFFSET(ORÇAMENTO!E60,-1,0))),OFFSET(E60,-1,0))","v":1},{"$f":"IF($C60=1,0,IF($C60=2,OFFSET(F60,-1,0)+1,OFFSET(F60,-1,0)))","v":2},{"$f":"IF(AND($C60<=2,$C60<>0),0,IF($C60=3,OFFSET(G60,-1,0)+1,OFFSET(G60,-1,0)))","v":0},{"$f":"IF(AND($C60<=3,$C60<>0),0,IF($C60=4,OFFSET(H60,-1,0)+1,OFFSET(H60,-1,0)))","v":0},{"$f":"IF(AND($C60<=4,$C60<>0),0,IF(AND($C60=\"S\",$X60>0),OFFSET(I60,-1,0)+1,OFFSET(I60,-1,0)))","v":8},0,{"$f":"IF(OR($C60=\"S\",$C60=0),0,MATCH(OFFSET($D60,0,$C60)+IF($C60<>1,1,COUNTIF(QCI!$A$13:$A$24,ORÇAMENTO!E60)),OFFSET($D60,1,$C60,ROW($C$240)-ROW($C60)),0))","v":0},{"$f":"IF(OR($X60>0,$C60=1,$C60=2,$C60=3,$C60=4),\"F\",\"\")","v":""},"Serviço",{"$f":"CHOOSE(1+LOG(1+2*(C60=1)+4*(C60=2)+8*(C60=3)+16*(C60=4)+32*(C60=\"S\"),2),\"\",\"Meta\",\"Nível 2\",\"Nível 3\",\"Nível 4\",\"Serviço\")","v":"Serviço"},{"$f":"IF(OR($C60=0,$L60=\"\"),\"-\",CONCATENATE(E60&\".\",IF(AND($A$5>=2,$C60>=2),F60&\".\",\"\"),IF(AND($A$5>=3,$C60>=3),G60&\".\",\"\"),IF(AND($A$5>=4,$C60>=4),H60&\".\",\"\"),IF($C60=\"S\",I60&\".\",\"\")))","v":"-"},"SINAPI",null,{"$f":"IF($C60=\"S\",REFERENCIA.Descricao,\"(digite a descrição aqui)\")","v":"(Sem Código)"},{"$f":"REFERENCIA.Unidade","v":"-"},{"$f":"OFFSET(CÁLCULO!H$15,ROW($T60)-ROW(T$15),0)","v":0},0,"BDI 1",{"$f":"IF($C60=\"S\",ROUND(IF(TIPOORCAMENTO=\"Proposto\",ORÇAMENTO.CustoUnitario*(1+$AH60),ORÇAMENTO.PrecoUnitarioLicitado),15-13*$AF$10),0)","v":0},{"$f":"IF($C60=\"S\",IF(Import.TipoArredondamento<>\"TransfereGOV\",VTOTAL1,SUM(OFFSET(CÁLCULO!$AA$15,ROW($X60)-ROW($X$15),1):OFFSET(CÁLCULO!$AL$15,ROW($X60)-ROW($X$15),-1))),IF($C60=0,0,ROUND(SomaAgrup,15-13*$AF$11)))","v":0},"RA",{"$f":"IF(AND($C60=\"S\",$X60>0),IF(ISBLANK($Y60),\"RA\",LEFT($Y60,2)),\"\")","v":""},{"$f":"IF($C60=\"S\",IF($Z60=\"CP\",$X60,IF($Z60=\"RA\",(($X60)*QCI!$AA$3),0)),SomaAgrup)","v":0},{"$f":"IF($C60=\"S\",IF($Z60=\"OU\",ROUND($X60,2),0),SomaAgrup)","v":0},{"$f":"IF($N60=\"\",\"\",IF(ORÇAMENTO.Descricao=\"\",\"DESCRIÇÃO\",IF(AND($C60=\"S\",ORÇAMENTO.Unidade=\"\"),\"UNIDADE\",IF($X60<0,\"VALOR NEGATIVO\",IF(OR(AND(TIPOORCAMENTO=\"Proposto\",$AG60<>\"\",$AG60>0,ORÇAMENTO.CustoUnitario>$AG60),AND(TIPOORCAMENTO=\"LICITADO\",ORÇAMENTO.PrecoUnitarioLicitado>$AN60)),\"ACIMA REF.\",\"\")))))","v":""},{"$f":"IF(C60<=CRONO.NivelExibicao,MAX($AD$15:OFFSET(AD60,-1,0))+IF($C60<>1,1,MAX(1,COUNTIF(QCI!$A$13:$A$24,OFFSET($E60,-1,0)))),\"\")","v":""},{"$f":"IF(AND($C60=\"S\",ORÇAMENTO.CodBarra<>\"\"),IF(ORÇAMENTO.Fonte=\"\",ORÇAMENTO.CodBarra,CONCATENATE(ORÇAMENTO.Fonte,\" \",ORÇAMENTO.CodBarra)))","v":false},{"$f":"IF(ISERROR(INDIRECT(ORÇAMENTO.BancoRef)),\"(abra o arquivo 'Referência \"&Excel_BuiltIn_Database&\".xlsm)\",IF(OR($C60<>\"S\",ORÇAMENTO.CodBarra=\"\"),\"(Sem Código)\",IF(ISERROR(MATCH($AE60,INDIRECT(ORÇAMENTO.BancoRef),0)),\"(Código não identificado nas referências)\",MATCH($AE60,INDIRECT(ORÇAMENTO.BancoRef),0))))","v":"(Sem Código)"},{"$f":"ROUND(IF(DESONERACAO=\"sim\",REFERENCIA.Desonerado,REFERENCIA.NaoDesonerado),2)","v":0},{"$f":"ROUND(IF(ISNUMBER(ORÇAMENTO.OpcaoBDI),ORÇAMENTO.OpcaoBDI,IF(LEFT(ORÇAMENTO.OpcaoBDI,3)=\"BDI\",HLOOKUP(ORÇAMENTO.OpcaoBDI,$F$4:$H$5,2,FALSE),0)),15-11*$AF$9)","v":0.2487},null,null,null,null,0,{"$f":"ROUND(ORÇAMENTO.CustoUnitario*(1+$AH60),2)","v":0}]
["S",2,"S",0,{"$f":"IF($C61=1,OFFSET(E61,-1,0)+MAX(1,COUNTIF(QCI!$A$13:$A$24,OFFSET(ORÇAMENTO!E61,-1,0))),OFFSET(E61,-1,0))","v":1},2,0,0,8,0,{"$f":"IF(OR($C61=\"S\",$C61=0),0,MATCH(OFFSET($D61,0,$C61)+IF($C61<>1,1,COUNTIF(QCI!$A$13:$A$24,ORÇAMENTO!E61)),OFFSET($D61,1,$C61,ROW($C$240)-ROW($C61)),0))","v":0},"","Serviço","Serviço","-","SINAPI",null,{"$f":"IF($C61=\"S\",REFERENCIA.Descricao,\"(digite a descrição aqui)\")","v":"(Sem Código)"},{"$f":"REFERENCIA.Unidade","v":"-"},{"$f":"OFFSET(CÁLCULO!H$15,ROW($T61)-ROW(T$15),0)","v":0},0,"BDI 1",{"$f":"IF($C61=\"S\",ROUND(IF(TIPOORCAMENTO=\"Proposto\",ORÇAMENTO.CustoUnitario*(1+$AH61),ORÇAMENTO.PrecoUnitarioLicitado),15-13*$AF$10),0)","v":0},{"$f":"IF($C61=\"S\",IF(Import.TipoArredondamento<>\"TransfereGOV\",VTOTAL1,SUM(OFFSET(CÁLCULO!$AA$15,ROW($X61)-ROW($X$15),1):OFFSET(CÁLCULO!$AL$15,ROW($X61)-ROW($X$15),-1))),IF($C61=0,0,ROUND(SomaAgrup,15-13*$AF$11)))","v":0},"RA","",{"$f":"IF($C61=\"S\",IF($Z61=\"CP\",$X61,IF($Z61=\"RA\",(($X61)*QCI!$AA$3),0)),SomaAgrup)","v":0},0,{"$f":"IF($N61=\"\",\"\",IF(ORÇAMENTO.Descricao=\"\",\"DESCRIÇÃO\",IF(AND($C61=\"S\",ORÇAMENTO.Unidade=\"\"),\"UNIDADE\",IF($X61<0,\"VALOR NEGATIVO\",IF(OR(AND(TIPOORCAMENTO=\"Proposto\",$AG61<>\"\",$AG61>0,ORÇAMENTO.CustoUnitario>$AG61),AND(TIPOORCAMENTO=\"LICITADO\",ORÇAMENTO.PrecoUnitarioLicitado>$AN61)),\"ACIMA REF.\",\"\")))))","v":""},{"$f":"IF(C61<=CRONO.NivelExibicao,MAX($AD$15:OFFSET(AD61,-1,0))+IF($C61<>1,1,MAX(1,COUNTIF(QCI!$A$13:$A$24,OFFSET($E61,-1,0)))),\"\")","v":""},{"$f":"IF(AND($C61=\"S\",ORÇAMENTO.CodBarra<>\"\"),IF(ORÇAMENTO.Fonte=\"\",ORÇAMENTO.CodBarra,CONCATENATE(ORÇAMENTO.Fonte,\" \",ORÇAMENTO.CodBarra)))","v":false},{"$f":"IF(ISERROR(INDIRECT(ORÇAMENTO.BancoRef)),\"(abra o arquivo 'Referência \"&Excel_BuiltIn_Database&\".xlsm)\",IF(OR($C61<>\"S\",ORÇAMENTO.CodBarra=\"\"),\"(Sem Código)\",IF(ISERROR(MATCH($AE61,INDIRECT(ORÇAMENTO.BancoRef),0)),\"(Código não identificado nas referências)\",MATCH($AE61,INDIRECT(ORÇAMENTO.BancoRef),0))))","v":"(Sem Código)"},{"$f":"ROUND(IF(DESONERACAO=\"sim\",REFERENCIA.Desonerado,REFERENCIA.NaoDesonerado),2)","v":0},0.2487,null,null,null,null,0,0]
[2,2,2,18,{"$f":"IF($C62=1,OFFSET(E62,-1,0)+MAX(1,COUNTIF(QCI!$A$13:$A$24,OFFSET(ORÇAMENTO!E62,-1,0))),OFFSET(E62,-1,0))","v":1},3,0,0,0,178,{"$f":"IF(OR($C62=\"S\",$C62=0),0,MATCH(OFFSET($D62,0,$C62)+IF($C62<>1,1,COUNTIF(QCI!$A$13:$A$24,ORÇAMENTO!E62)),OFFSET($D62,1,$C62,ROW($C$240)-ROW($C62)),0))","v":18},"F","Nível 2","Nível 2","1.3.","SINAPI",null,{"$f":"IF($C62=\"S\",REFERENCIA.Descricao,\"INFRAESTRUTURA\")","v":"INFRAESTRUTURA"},{"$f":"REFERENCIA.Unidade","v":"-"},{"$f":"OFFSET(CÁLCULO!H$15,ROW($T62)-ROW(T$15),0)","v":0},0,"BDI 1",{"$f":"IF($C62=\"S\",ROUND(IF(TIPOORCAMENTO=\"Proposto\",ORÇAMENTO.CustoUnitario*(1+$AH62),ORÇAMENTO.PrecoUnitarioLicitado),15-13*$AF$10),0)","v":0},{"$f":"IF($C62=\"S\",IF(Import.TipoArredondamento<>\"TransfereGOV\",VTOTAL1,SUM(OFFSET(CÁLCULO!$AA$15,ROW($X62)-ROW($X$15),1):OFFSET(CÁLCULO!$AL$15,ROW($X62)-ROW($X$15),-1))),IF($C62=0,0,ROUND(SomaAgrup,15-13*$AF$11)))","v":29501.55},"RA","",{"$f":"IF($C62=\"S\",IF($Z62=\"CP\",$X62,IF($Z62=\"RA\",(($X62)*QCI!$AA$3),0)),SomaAgrup)","v":29501.549999999996},0,{"$f":"IF($N62=\"\",\"\",IF(ORÇAMENTO.Descricao=\"\",\"DESCRIÇÃO\",IF(AND($C62=\"S\",ORÇAMENTO.Unidade=\"\"),\"UNIDADE\",IF($X62<0,\"VALOR NEGATIVO\",IF(OR(AND(TIPOORCAMENTO=\"Proposto\",$AG62<>\"\",$AG62>0,ORÇAMENTO.CustoUnitario>$AG62),AND(TIPOORCAMENTO=\"LICITADO\",ORÇAMENTO.PrecoUnitarioLicitado>$AN62)),\"ACIMA REF.\",\"\")))))","v":""},{"$f":"IF(C62<=CRONO.NivelExibicao,MAX($AD$15:OFFSET(AD62,-1,0))+IF($C62<>1,1,MAX(1,COUNTIF(QCI!$A$13:$A$24,OFFSET($E62,-1,0)))),\"\")","v":4},{"$f":"IF(AND($C62=\"S\",ORÇAMENTO.CodBarra<>\"\"),IF(ORÇAMENTO.Fonte=\"\",ORÇAMENTO.CodBarra,CONCATENATE(ORÇAMENTO.Fonte,\" \",ORÇAMENTO.CodBarra)))","v":false},{"$f":"IF(ISERROR(INDIRECT(ORÇAMENTO.BancoRef)),\"(abra o arquivo 'Referência \"&Excel_BuiltIn_Database&\".xlsm)\",IF(OR($C62<>\"S\",ORÇAMENTO.CodBarra=\"\"),\"(Sem Código)\",IF(ISERROR(MATCH($AE62,INDIRECT(ORÇAMENTO.BancoRef),0)),\"(Código não identificado nas referências)\",MATCH($AE62,INDIRECT(ORÇAMENTO.BancoRef),0))))","v":"(Sem Código)"},{"$f":"ROUND(IF(DESONERACAO=\"sim\",REFERENCIA.Desonerado,REFERENCIA.NaoDesonerado),2)","v":0},0.2487,null,null,null,null,29501.55,0]
["S",2,"S",0,{"$f":"IF($C63=1,OFFSET(E63,-1,0)+MAX(1,COUNTIF(QCI!$A$13:$A$24,OFFSET(ORÇAMENTO!E63,-1,0))),OFFSET(E63,-1,0))","v":1},3,0,0,1,0,{"$f":"IF(OR($C63=\"S\",$C63=0),0,MATCH(OFFSET($D63,0,$C63)+IF($C63<>1,1,COUNTIF(QCI!$A$13:$A$24,ORÇAMENTO!E63)),OFFSET($D63,1,$C63,ROW($C$240)-ROW($C63)),0))","v":0},"F","Serviço","Serviço","1.3.0.1.","SINAPI","96543",{"$f":"IF($C63=\"S\",REFERENCIA.Descricao,\"(digite a descrição aqui)\")","v":"ARMAÇÃO DE BLOCO, VIGA BALDRAME E SAPATA UTILIZANDO AÇO CA-60 DE 5 MM - MONTAGEM. AF_06/2017"},{"$f":"REFERENCIA.Unidade","v":"KG"},{"$f":"OFFSET(CÁLCULO!H$15,ROW($T63)-ROW(T$15),0)","v":115.8},19.100000000000001,"BDI 1",{"$f":"IF($C63=\"S\",ROUND(IF(TIPOORCAMENTO=\"Proposto\",ORÇAMENTO.CustoUnitario*(1+$AH63),ORÇAMENTO.PrecoUnitarioLicitado),15-13*$AF$10),0)","v":23.85},{"$f":"IF($C63=\"S\",IF(Import.TipoArredondamento<>\"TransfereGOV\",VTOTAL1,SUM(OFFSET(CÁLCULO!$AA$15,ROW($X63)-ROW($X$15),1):OFFSET(CÁLCULO!$AL$15,ROW($X63)-ROW($X$15),-1))),IF($C63=0,0,ROUND(SomaAgrup,15-13*$AF$11)))","v":2761.83},"RA","RA",{"$f":"IF($C63=\"S\",IF($Z63=\"CP\",$X63,IF($Z63=\"RA\",(($X63)*QCI!$AA$3),0)),SomaAgrup)","v":2761.83},0,{"$f":"IF($N63=\"\",\"\",IF(ORÇAMENTO.Descricao=\"\",\"DESCRIÇÃO\",IF(AND($C63=\"S\",ORÇAMENTO.Unidade=\"\"),\"UNIDADE\",IF($X63<0,\"VALOR NEGATIVO\",IF(OR(AND(TIPOORCAMENTO=\"Proposto\",$AG63<>\"\",$AG63>0,ORÇAMENTO.CustoUnitario>$AG63),AND(TIPOORCAMENTO=\"LICITADO\",ORÇAMENTO.PrecoUnitarioLicitado>$AN63)),\"ACIMA REF.\",\"\")))))","v":""},{"$f":"IF(C63<=CRONO.NivelExibicao,MAX($AD$15:OFFSET(AD63,-1,0))+IF($C63<>1,1,MAX(1,COUNTIF(QCI!$A$13:$A$24,OFFSET($E63,-1,0)))),\"\")","v":""},{"$f":"IF(AND($C63=\"S\",ORÇAMENTO.CodBarra<>\"\"),IF(ORÇAMENTO.Fonte=\"\",ORÇAMENTO.CodBarra,CONCATENATE(ORÇAMENTO.Fonte,\" \",ORÇAMENTO.CodBarra)))","v":"SINAPI 96543"},{"$f":"IF(ISERROR(INDIRECT(ORÇAMENTO.BancoRef)),\"(abra o arquivo 'Referência \"&Excel_BuiltIn_Database&\".xlsm)\",IF(OR($C63<>\"S\",ORÇAMENTO.CodBarra=\"\"),\"(Sem Código)\",IF(ISERROR(MATCH($AE63,INDIRECT(ORÇAMENTO.BancoRef),0)),\"(Código não identificado nas referências)\",MATCH($AE63,INDIRECT(ORÇAMENTO.BancoRef),0))))","v":2381},{"$f":"ROUND(IF(DESONERACAO=\"sim\",REFERENCIA.Desonerado,REFERENCIA.NaoDesonerado),2)","v":19.100000000000001},0.2487,null,115.8,null,null,2761.83,23.85]
["S",2,"S",0,{"$f":"IF($C64=1,OFFSET(E64,-1,0)+MAX(1,COUNTIF(QCI!$A$13:$A$24,OFFSET(ORÇAMENTO!E64,-1,0))),OFFSET(E64,-1,0))","v":1},3,0,0,2,0,{"$f":"IF(OR($C64=\"S\",$C64=0),0,MATCH(OFFSET($D64,0,$C64)+IF($C64<>1,1,COUNTIF(QCI!$A$13:$A$24,ORÇAMENTO!E64)),OFFSET($D64,1,$C64,ROW($C$240)-ROW($C64)),0))","v":0},"F","Serviço","Serviço","1.3.0.2.","SINAPI","96544",{"$f":"IF($C64=\"S\",REFERENCIA.Descricao,\"(digite a descrição aqui)\")","v":"ARMAÇÃO DE BLOCO, VIGA BALDRAME OU SAPATA UTILIZANDO AÇO CA-50 DE 6,3 MM - MONTAGEM. AF_06/2017"},{"$f":"REFERENCIA.Unidade","v":"KG"},{"$f":"OFFSET(CÁLCULO!H$15,ROW($T64)-ROW(T$15),0)","v":12},16.78,"BDI 1",{"$f":"IF($C64=\"S\",ROUND(IF(TIPOORCAMENTO=\"Proposto\",ORÇAMENTO.CustoUnitario*(1+$AH64),ORÇAMENTO.PrecoUnitarioLicitado),15-13*$AF$10),0)","v":20.95},{"$f":"IF($C64=\"S\",IF(Import.TipoArredondamento<>\"TransfereGOV\",VTOTAL1,SUM(OFFSET(CÁLCULO!$AA$15,ROW($X64)-ROW($X$15),1):OFFSET(CÁLCULO!$AL$15,ROW($X64)-ROW($X$15),-1))),IF($C64=0,0,ROUND(SomaAgrup,15-13*$AF$11)))","v":251.4},"RA","RA",{"$f":"IF($C64=\"S\",IF($Z64=\"CP\",$X64,IF($Z64=\"RA\",(($X64)*QCI!$AA$3),0)),SomaAgrup)","v":251.4},0,{"$f":"IF($N64=\"\",\"\",IF(ORÇAMENTO.Descricao=\"\",\"DESCRIÇÃO\",IF(AND($C64=\"S\",ORÇAMENTO.Unidade=\"\"),\"UNIDADE\",IF($X64<0,\"VALOR NEGATIVO\",IF(OR(AND(TIPOORCAMENTO=\"Proposto\",$AG64<>\"\",$AG64>0,ORÇAMENTO.CustoUnitario>$AG64),AND(TIPOORCAMENTO=\"LICITADO\",ORÇAMENTO.PrecoUnitarioLicitado>$AN64)),\"ACIMA REF.\",\"\")))))","v":""},{"$f":"IF(C64<=CRONO.NivelExibicao,MAX($AD$15:OFFSET(AD64,-1,0))+IF($C64<>1,1,MAX(1,COUNTIF(QCI!$A$13:$A$24,OFFSET($E64,-1,0)))),\"\")","v":""},{"$f":"IF(AND($C64=\"S\",ORÇAMENTO.CodBarra<>\"\"),IF(ORÇAMENTO.Fonte=\"\",ORÇAMENTO.CodBarra,CONCATENATE(ORÇAMENTO.Fonte,\" \",ORÇAMENTO.CodBarra)))","v":"SINAPI 96544"},{"$f":"IF(ISERROR(INDIRECT(ORÇAMENTO.BancoRef)),\"(abra o arquivo 'Referência \"&Excel_BuiltIn_Database&\".xlsm)\",IF(OR($C64<>\"S\",ORÇAMENTO.CodBarra=\"\"),\"(Sem Código)\",IF(ISERROR(MATCH($AE64,INDIRECT(ORÇAMENTO.BancoRef),0)),\"(Código não identificado nas referências)\",MATCH($AE64,INDIRECT(ORÇAMENTO.BancoRef),0))))","v":2559},{"$f":"ROUND(IF(DESONERACAO=\"sim\",REFERENCIA.Desonerado,REFERENCIA.NaoDesonerado),2)","v":16.78},0.2487,null,12,null,null,251.4,20.95]
["S",2,"S",0,{"$f":"IF($C65=1,OFFSET(E65,-1,0)+MAX(1,COUNTIF(QCI!$A$13:$A$24,OFFSET(ORÇAMENTO!E65,-1,0))),OFFSET(E65,-1,0))","v":1},3,0,0,3,0,{"$f":"IF(OR($C65=\"S\",$C65=0),0,MATCH(OFFSET($D65,0,$C65)+IF($C65<>1,1,COUNTIF(QCI!$A$13:$A$24,ORÇAMENTO!E65)),OFFSET($D65,1,$C65,ROW($C$240)-ROW($C65)),0))","v":0},"F","Serviço","Serviço","1.3.0.3.","SINAPI","96545",{"$f":"IF($C65=\"S\",REFERENCIA.Descricao,\"(digite a descrição aqui)\")","v":"ARMAÇÃO DE BLOCO, VIGA BALDRAME OU SAPATA UTILIZANDO AÇO CA-50 DE 8 MM - MONTAGEM. AF_06/2017"},{"$f":"REFERENCIA.Unidade","v":"KG"},{"$f":"OFFSET(CÁLCULO!H$15,ROW($T65)-ROW(T$15),0)","v":103.8},14.9,"BDI 1",{"$f":"IF($C65=\"S\",ROUND(IF(TIPOORCAMENTO=\"Proposto\",ORÇAMENTO.CustoUnitario*(1+$AH65),ORÇAMENTO.PrecoUnitarioLicitado),15-13*$AF$10),0)","v":18.61},{"$f":"IF($C65=\"S\",IF(Import.TipoArredondamento<>\"TransfereGOV\",VTOTAL1,SUM(OFFSET(CÁLCULO!$AA$15,ROW($X65)-ROW($X$15),1):OFFSET(CÁLCULO!$AL$15,ROW($X65)-ROW($X$15),-1))),IF($C65=0,0,ROUND(SomaAgrup,15-13*$AF$11)))","v":1931.72},"RA","RA",{"$f":"IF($C65=\"S\",IF($Z65=\"CP\",$X65,IF($Z65=\"RA\",(($X65)*QCI!$AA$3),0)),SomaAgrup)","v":1931.72},0,{"$f":"IF($N65=\"\",\"\",IF(ORÇAMENTO.Descricao=\"\",\"DESCRIÇÃO\",IF(AND($C65=\"S\",ORÇAMENTO.Unidade=\"\"),\"UNIDADE\",IF($X65<0,\"VALOR NEGATIVO\",IF(OR(AND(TIPOORCAMENTO=\"Proposto\",$AG65<>\"\",$AG65>0,ORÇAMENTO.CustoUnitario>$AG65),AND(TIPOORCAMENTO=\"LICITADO\",ORÇAMENTO.PrecoUnitarioLicitado>$AN65)),\"ACIMA REF.\",\"\")))))","v":""},{"$f":"IF(C65<=CRONO.NivelExibicao,MAX($AD$15:OFFSET(AD65,-1,0))+IF($C65<>1,1,MAX(1,COUNTIF(QCI!$A$13:$A$24,OFFSET($E65,-1,0)))),\"\")","v":""},{"$f":"IF(AND($C65=\"S\",ORÇAMENTO.CodBarra<>\"\"),IF(ORÇAMENTO.Fonte=\"\",ORÇAMENTO.CodBarra,CONCATENATE(ORÇAMENTO.Fonte,\" \",ORÇAMENTO.CodBarra)))","v":"SINAPI 96545"},{"$f":"IF(ISERROR(INDIRECT(ORÇAMENTO.BancoRef)),\"(abra o arquivo 'Referência \"&Excel_BuiltIn_Database&\".xlsm)\",IF(OR($C65<>\"S\",ORÇAMENTO.CodBarra=\"\"),\"(Sem Código)\",IF(ISERROR(MATCH($AE65,INDIRECT(ORÇAMENTO.BancoRef),0)),\"(Código não identificado nas referências)\",MATCH($AE65,INDIRECT(ORÇAMENTO.BancoRef),0))))","v":2560},{"$f":"ROUND(IF(DESONERACAO=\"sim\",REFERENCIA.Desonerado,REFERENCIA.NaoDesonerado),2)","v":14.9},0.2487,null,103.8,null,null,1931.72,18.61]
["S",2,"S",0,{"$f":"IF($C66=1,OFFSET(E66,-1,0)+MAX(1,COUNTIF(QCI!$A$13:$A$24,OFFSET(ORÇAMENTO!E66,-1,0))),OFFSET(E66,-1,0))","v":1},3,0,0,4,0,{"$f":"IF(OR($C66=\"S\",$C66=0),0,MATCH(OFFSET($D66,0,$C66)+IF($C66<>1,1,COUNTIF(QCI!$A$13:$A$24,ORÇAMENTO!E66)),OFFSET($D66,1,$C66,ROW($C$240)-ROW($C66)),0))","v":0},"F","Serviço","Serviço","1.3.0.4.","SINAPI","96546",{"$f":"IF($C66=\"S\",REFERENCIA.Descricao,\"(digite a descrição aqui)\")","v":"ARMAÇÃO DE BLOCO, VIGA BALDRAME OU SAPATA UTILIZANDO AÇO CA-50 DE 10 MM - MONTAGEM. AF_06/2017"},{"$f":"REFERENCIA.Unidade","v":"KG"},{"$f":"OFFSET(CÁLCULO!H$15,ROW($T66)-ROW(T$15),0)","v":23.1},12.92,"BDI 1",{"$f":"IF($C66=\"S\",ROUND(IF(TIPOORCAMENTO=\"Proposto\",ORÇAMENTO.CustoUnitario*(1+$AH66),ORÇAMENTO.PrecoUnitarioLicitado),15-13*$AF$10),0)","v":16.13},{"$f":"IF($C66=\"S\",IF(Import.TipoArredondamento<>\"TransfereGOV\",VTOTAL1,SUM(OFFSET(CÁLCULO!$AA$15,ROW($X66)-ROW($X$15),1):OFFSET(CÁLCULO!$AL$15,ROW($X66)-ROW($X$15),-1))),IF($C66=0,0,ROUND(SomaAgrup,15-13*$AF$11)))","v":372.6},"RA","RA",{"$f":"IF($C66=\"S\",IF($Z66=\"CP\",$X66,IF($Z66=\"RA\",(($X66)*QCI!$AA$3),0)),SomaAgrup)","v":372.6},0,{"$f":"IF($N66=\"\",\"\",IF(ORÇAMENTO.Descricao=\"\",\"DESCRIÇÃO\",IF(AND($C66=\"S\",ORÇAMENTO.Unidade=\"\"),\"UNIDADE\",IF($X66<0,\"VALOR NEGATIVO\",IF(OR(AND(TIPOORCAMENTO=\"Proposto\",$AG66<>\"\",$AG66>0,ORÇAMENTO.CustoUnitario>$AG66),AND(TIPOORCAMENTO=\"LICITADO\",ORÇAMENTO.PrecoUnitarioLicitado>$AN66)),\"ACIMA REF.\",\"\")))))","v":""},{"$f":"IF(C66<=CRONO.NivelExibicao,MAX($AD$15:OFFSET(AD66,-1,0))+IF($C66<>1,1,MAX(1,COUNTIF(QCI!$A$13:$A$24,OFFSET($E66,-1,0)))),\"\")","v":""},{"$f":"IF(AND($C66=\"S\",ORÇAMENTO.CodBarra<>\"\"),IF(ORÇAMENTO.Fonte=\"\",ORÇAMENTO.CodBarra,CONCATENATE(ORÇAMENTO.Fonte,\" \",ORÇAMENTO.CodBarra)))","v":"SINAPI 96546"},{"$f":"IF(ISERROR(INDIRECT(ORÇAMENTO.BancoRef)),\"(abra o arquivo 'Referência \"&Excel_BuiltIn_Database&\".xlsm)\",IF(OR($C66<>\"S\",ORÇAMENTO.CodBarra=\"\"),\"(Sem Código)\",IF(ISERROR(MATCH($AE66,INDIRECT(ORÇAMENTO.BancoRef),0)),\"(Código não identificado nas referências)\",MATCH($AE66,INDIRECT(ORÇAMENTO.BancoRef),0))))","v":2561},{"$f":"ROUND(IF(DESONERACAO=\"sim\",REFERENCIA.Desonerado,REFERENCIA.NaoDesonerado),2)","v":12.92},0.2487,null,23.1,null,null,372.6,16.13]
["S",2,"S",0,{"$f":"IF($C67=1,OFFSET(E67,-1,0)+MAX(1,COUNTIF(QCI!$A$13:$A$24,OFFSET(ORÇAMENTO!E67,-1,0))),OFFSET(E67,-1,0))","v":1},3,0,0,5,0,{"$f":"IF(OR($C67=\"S\",$C67=0),0,MATCH(OFFSET($D67,0,$C67)+IF($C67<>1,1,COUNTIF(QCI!$A$13:$A$24,ORÇAMENTO!E67)),OFFSET($D67,1,$C67,ROW($C$240)-ROW($C67)),0))","v":0},"F","Serviço","Serviço","1.3.0.5.","SINAPI","96547",{"$f":"IF($C67=\"S\",REFERENCIA.Descricao,\"(digite a descrição aqui)\")","v":"ARMAÇÃO DE BLOCO, VIGA BALDRAME OU SAPATA UTILIZANDO AÇO CA-50 DE 12,5 MM - MONTAGEM. AF_06/2017"},{"$f":"REFERENCIA.Unidade","v":"KG"},{"$f":"OFFSET(CÁLCULO!H$15,ROW($T67)-ROW(T$15),0)","v":30.9},10.75,"BDI 1",{"$f":"IF($C67=\"S\",ROUND(IF(TIPOORCAMENTO=\"Proposto\",ORÇAMENTO.CustoUnitario*(1+$AH67),ORÇAMENTO.PrecoUnitarioLicitado),15-13*$AF$10),0)","v":13.42},{"$f":"IF($C67=\"S\",IF(Import.TipoArredondamento<>\"TransfereGOV\",VTOTAL1,SUM(OFFSET(CÁLCULO!$AA$15,ROW($X67)-ROW($X$15),1):OFFSET(CÁLCULO!$AL$15,ROW($X67)-ROW($X$15),-1))),IF($C67=0,0,ROUND(SomaAgrup,15-13*$AF$11)))","v":414.68},"RA","RA",{"$f":"IF($C67=\"S\",IF($Z67=\"CP\",$X67,IF($Z67=\"RA\",(($X67)*QCI!$AA$3),0)),SomaAgrup)","v":414.68},0,{"$f":"IF($N67=\"\",\"\",IF(ORÇAMENTO.Descricao=\"\",\"DESCRIÇÃO\",IF(AND($C67=\"S\",ORÇAMENTO.Unidade=\"\"),\"UNIDADE\",IF($X67<0,\"VALOR NEGATIVO\",IF(OR(AND(TIPOORCAMENTO=\"Proposto\",$AG67<>\"\",$AG67>0,ORÇAMENTO.CustoUnitario>$AG67),AND(TIPOORCAMENTO=\"LICITADO\",ORÇAMENTO.PrecoUnitarioLicitado>$AN67)),\"ACIMA REF.\",\"\")))))","v":""},{"$f":"IF(C67<=CRONO.NivelExibicao,MAX($AD$15:OFFSET(AD67,-1,0))+IF($C67<>1,1,MAX(1,COUNTIF(QCI!$A$13:$A$24,OFFSET($E67,-1,0)))),\"\")","v":""},{"$f":"IF(AND($C67=\"S\",ORÇAMENTO.CodBarra<>\"\"),IF(ORÇAMENTO.Fonte=\"\",ORÇAMENTO.CodBarra,CONCATENATE(ORÇAMENTO.Fonte,\" \",ORÇAMENTO.CodBarra)))","v":"SINAPI 96547"},{"$f":"IF(ISERROR(INDIRECT(ORÇAMENTO.BancoRef)),\"(abra o arquivo 'Referência \"&Excel_BuiltIn_Database&\".xlsm)\",IF(OR($C67<>\"S\",ORÇAMENTO.CodBarra=\"\"),\"(Sem Código)\",IF(ISERROR(MATCH($AE67,INDIRECT(ORÇAMENTO.BancoRef),0)),\"(Código não identificado nas referências)\",MATCH($AE67,INDIRECT(ORÇAMENTO.BancoRef),0))))","v":2562},{"$f":"ROUND(IF(DESONERACAO=\"sim\",REFERENCIA.Desonerado,REFERENCIA.NaoDesonerado),2)","v":10.75},0.2487,null,30.9,null,null,414.68,13.42]
[{"$f":"CHOOSE(1+LOG(1+2*(ORÇAMENTO.Nivel=\"Meta\")+4*(ORÇAMENTO.Nivel=\"Nível 2\")+8*(ORÇAMENTO.Nivel=\"Nível 3\")+16*(ORÇAMENTO.Nivel=\"Nível 4\")+32*(ORÇAMENTO.Nivel=\"Serviço\"),2),0,1,2,3,4,\"S\")","v":"S"},{"$f":"IF(OR(C68=\"s\",C68=0),OFFSET(B68,-1,0),C68)","v":2},{"$f":"IF(OFFSET(C68,-1,0)=\"L\",1,IF(OFFSET(C68,-1,0)=1,2,IF(OR(A68=\"s\",A68=0),\"S\",IF(AND(OFFSET(C68,-1,0)=2,A68=4),3,IF(AND(OR(OFFSET(C68,-1,0)=\"s\",OFFSET(C68,-1,0)=0),A68<>\"s\",A68>OFFSET(B68,-1,0)),OFFSET(B68,-1,0),A68)))))","v":"S"},{"$f":"IF(OR(C68=\"S\",C68=0),0,IF(ISERROR(K68),J68,SMALL(J68:K68,1)))","v":0},{"$f":"IF($C68=1,OFFSET(E68,-1,0)+MAX(1,COUNTIF(QCI!$A$13:$A$24,OFFSET(ORÇAMENTO!E68,-1,0))),OFFSET(E68,-1,0))","v":1},{"$f":"IF($C68=1,0,IF($C68=2,OFFSET(F68,-1,0)+1,OFFSET(F68,-1,0)))","v":3},{"$f":"IF(AND($C68<=2,$C68<>0),0,IF($C68=3,OFFSET(G68,-1,0)+1,OFFSET(G68,-1,0)))","v":0},{"$f":"IF(AND($C68<=3,$C68<>0),0,IF($C68=4,OFFSET(H68,-1,0)+1,OFFSET(H68,-1,0)))","v":0},{"$f":"IF(AND($C68<=4,$C68<>0),0,IF(AND($C68=\"S\",$X68>0),OFFSET(I68,-1,0)+1,OFFSET(I68,-1,0)))","v":6},0,{"$f":"IF(OR($C68=\"S\",$C68=0),0,MATCH(OFFSET($D68,0,$C68)+IF($C68<>1,1,COUNTIF(QCI!$A$13:$A$24,ORÇAMENTO!E68)),OFFSET($D68,1,$C68,ROW($C$240)-ROW($C68)),0))","v":0},{"$f":"IF(OR($X68>0,$C68=1,$C68=2,$C68=3,$C68=4),\"F\",\"\")","v":"F"},"Serviço",{"$f":"CHOOSE(1+LOG(1+2*(C68=1)+4*(C68=2)+8*(C68=3)+16*(C68=4)+32*(C68=\"S\"),2),\"\",\"Meta\",\"Nível 2\",\"Nível 3\",\"Nível 4\",\"Serviço\")","v":"Serviço"},{"$f":"IF(OR($C68=0,$L68=\"\"),\"-\",CONCATENATE(E68&\".\",IF(AND($A$5>=2,$C68>=2),F68&\".\",\"\"),IF(AND($A$5>=3,$C68>=3),G68&\".\",\"\"),IF(AND($A$5>=4,$C68>=4),H68&\".\",\"\"),IF($C68=\"S\",I68&\".\",\"\")))","v":"1.3.0.6."},"SINAPI","96548",{"$f":"IF($C68=\"S\",REFERENCIA.Descricao,\"(digite a descrição aqui)\")","v":"ARMAÇÃO DE BLOCO, VIGA BALDRAME OU SAPATA UTILIZANDO AÇO CA-50 DE 16 MM - MONTAGEM. AF_06/2017"},{"$f":"REFERENCIA.Unidade","v":"KG"},{"$f":"OFFSET(CÁLCULO!H$15,ROW($T68)-ROW(T$15),0)","v":58.6},9.82,"BDI 1",{"$f":"IF($C68=\"S\",ROUND(IF(TIPOORCAMENTO=\"Proposto\",ORÇAMENTO.CustoUnitario*(1+$AH68),ORÇAMENTO.PrecoUnitarioLicitado),15-13*$AF$10),0)","v":12.26},{"$f":"IF($C68=\"S\",IF(Import.TipoArredondamento<>\"TransfereGOV\",VTOTAL1,SUM(OFFSET(CÁLCULO!$AA$15,ROW($X68)-ROW($X$15),1):OFFSET(CÁLCULO!$AL$15,ROW($X68)-ROW($X$15),-1))),IF($C68=0,0,ROUND(SomaAgrup,15-13*$AF$11)))","v":718.44},"RA",{"$f":"IF(AND($C68=\"S\",$X68>0),IF(ISBLANK($Y68),\"RA\",LEFT($Y68,2)),\"\")","v":"RA"},{"$f":"IF($C68=\"S\",IF($Z68=\"CP\",$X68,IF($Z68=\"RA\",(($X68)*QCI!$AA$3),0)),SomaAgrup)","v":718.44},{"$f":"IF($C68=\"S\",IF($Z68=\"OU\",ROUND($X68,2),0),SomaAgrup)","v":0},{"$f":"IF($N68=\"\",\"\",IF(ORÇAMENTO.Descricao=\"\",\"DESCRIÇÃO\",IF(AND($C68=\"S\",ORÇAMENTO.Unidade=\"\"),\"UNIDADE\",IF($X68<0,\"VALOR NEGATIVO\",IF(OR(AND(TIPOORCAMENTO=\"Proposto\",$AG68<>\"\",$AG68>0,ORÇAMENTO.CustoUnitario>$AG68),AND(TIPOORCAMENTO=\"LICITADO\",ORÇAMENTO.PrecoUnitarioLicitado>$AN68)),\"ACIMA REF.\",\"\")))))","v":""},{"$f":"IF(C68<=CRONO.NivelExibicao,MAX($AD$15:OFFSET(AD68,-1,0))+IF($C68<>1,1,MAX(1,COUNTIF(QCI!$A$13:$A$24,OFFSET($E68,-1,0)))),\"\")","v":""},{"$f":"IF(AND($C68=\"S\",ORÇAMENTO.CodBarra<>\"\"),IF(ORÇAMENTO.Fonte=\"\",ORÇAMENTO.CodBarra,CONCATENATE(ORÇAMENTO.Fonte,\" \",ORÇAMENTO.CodBarra)))","v":"SINAPI 96548"},{"$f":"IF(ISERROR(INDIRECT(ORÇAMENTO.BancoRef)),\"(abra o arquivo 'Referência \"&Excel_BuiltIn_Database&\".xlsm)\",IF(OR($C68<>\"S\",ORÇAMENTO.CodBarra=\"\"),\"(Sem Código)\",IF(ISERROR(MATCH($AE68,INDIRECT(ORÇAMENTO.BancoRef),0)),\"(Código não identificado nas referências)\",MATCH($AE68,INDIRECT(ORÇAMENTO.BancoRef),0))))","v":2563},{"$f":"ROUND(IF(DESONERACAO=\"sim\",REFERENCIA.Desonerado,REFERENCIA.NaoDesonerado),2)","v":9.82},{"$f":"ROUND(IF(ISNUMBER(ORÇAMENTO.OpcaoBDI),ORÇAMENTO.OpcaoBDI,IF(LEFT(ORÇAMENTO.OpcaoBDI,3)=\"BDI\",HLOOKUP(ORÇAMENTO.OpcaoBDI,$F$4:$H$5,2,FALSE),0)),15-11*$AF$9)","v":0.2487},null,58.6,null,null,718.44,{"$f":"ROUND(ORÇAMENTO.CustoUnitario*(1+$AH68),2)","v":12.26}]
["S",2,"S",0,{"$f":"IF($C69=1,OFFSET(E69,-1,0)+MAX(1,COUNTIF(QCI!$A$13:$A$24,OFFSET(ORÇAMENTO!E69,-1,0))),OFFSET(E69,-1,0))","v":1},3,0,0,7,0,{"$f":"IF(OR($C69=\"S\",$C69=0),0,MATCH(OFFSET($D69,0,$C69)+IF($C69<>1,1,COUNTIF(QCI!$A$13:$A$24,ORÇAMENTO!E69)),OFFSET($D69,1,$C69,ROW($C$240)-ROW($C69)),0))","v":0},"F","Serviço","Serviço","1.3.0.7.","SINAPI","100896",{"$f":"IF($C69=\"S\",REFERENCIA.Descricao,\"(digite a descrição aqui)\")","v":"ESTACA ESCAVADA MECANICAMENTE, SEM FLUIDO ESTABILIZANTE, COM 25CM DE DIÂMETRO, CONCRETO LANÇADO POR CAMINHÃO BETONEIRA (EXCLUSIVE MOBILIZAÇÃO E DESMOBILIZAÇÃO). AF_01/2020_PA"},{"$f":"REFERENCIA.Unidade","v":"M"},{"$f":"OFFSET(CÁLCULO!H$15,ROW($T69)-ROW(T$15),0)","v":78},59.69,"BDI 1",{"$f":"IF($C69=\"S\",ROUND(IF(TIPOORCAMENTO=\"Proposto\",ORÇAMENTO.CustoUnitario*(1+$AH69),ORÇAMENTO.PrecoUnitarioLicitado),15-13*$AF$10),0)","v":74.53},{"$f":"IF($C69=\"S\",IF(Import.TipoArredondamento<>\"TransfereGOV\",VTOTAL1,SUM(OFFSET(CÁLCULO!$AA$15,ROW($X69)-ROW($X$15),1):OFFSET(CÁLCULO!$AL$15,ROW($X69)-ROW($X$15),-1))),IF($C69=0,0,ROUND(SomaAgrup,15-13*$AF$11)))","v":5813.34},"RA","RA",{"$f":"IF($C69=\"S\",IF($Z69=\"CP\",$X69,IF($Z69=\"RA\",(($X69)*QCI!$AA$3),0)),SomaAgrup)","v":5813.34},0,{"$f":"IF($N69=\"\",\"\",IF(ORÇAMENTO.Descricao=\"\",\"DESCRIÇÃO\",IF(AND($C69=\"S\",ORÇAMENTO.Unidade=\"\"),\"UNIDADE\",IF($X69<0,\"VALOR NEGATIVO\",IF(OR(AND(TIPOORCAMENTO=\"Proposto\",$AG69<>\"\",$AG69>0,ORÇAMENTO.CustoUnitario>$AG69),AND(TIPOORCAMENTO=\"LICITADO\",ORÇAMENTO.PrecoUnitarioLicitado>$AN69)),\"ACIMA REF.\",\"\")))))","v":""},{"$f":"IF(C69<=CRONO.NivelExibicao,MAX($AD$15:OFFSET(AD69,-1,0))+IF($C69<>1,1,MAX(1,COUNTIF(QCI!$A$13:$A$24,OFFSET($E69,-1,0)))),\"\")","v":""},{"$f":"IF(AND($C69=\"S\",ORÇAMENTO.CodBarra<>\"\"),IF(ORÇAMENTO.Fonte=\"\",ORÇAMENTO.CodBarra,CONCATENATE(ORÇAMENTO.Fonte,\" \",ORÇAMENTO.CodBarra)))","v":"SINAPI 100896"},{"$f":"IF(ISERROR(INDIRECT(ORÇAMENTO.BancoRef)),\"(abra o arquivo 'Referência \"&Excel_BuiltIn_Database&\".xlsm)\",IF(OR($C69<>\"S\",ORÇAMENTO.CodBarra=\"\"),\"(Sem Código)\",IF(ISERROR(MATCH($AE69,INDIRECT(ORÇAMENTO.BancoRef),0)),\"(Código não identificado nas referências)\",MATCH($AE69,INDIRECT(ORÇAMENTO.BancoRef),0))))","v":2219},{"$f":"ROUND(IF(DESONERACAO=\"sim\",REFERENCIA.Desonerado,REFERENCIA.NaoDesonerado),2)","v":59.69},0.2487,null,78,null,null,5813.34,74.53]
["S",2,"S",0,{"$f":"IF($C70=1,OFFSET(E70,-1,0)+MAX(1,COUNTIF(QCI!$A$13:$A$24,OFFSET(ORÇAMENTO!E70,-1,0))),OFFSET(E70,-1,0))","v":1},3,0,0,8,0,{"$f":"IF(OR($C70=\"S\",$C70=0),0,MATCH(OFFSET($D70,0,$C70)+IF($C70<>1,1,COUNTIF(QCI!$A$13:$A$24,ORÇAMENTO!E70)),OFFSET($D70,1,$C70,ROW($C$240)-ROW($C70)),0))","v":0},"F","Serviço","Serviço","1.3.0.8.","SINAPI","96521",{"$f":"IF($C70=\"S\",REFERENCIA.Descricao,\"(digite a descrição aqui)\")","v":"ESCAVAÇÃO MECANIZADA PARA BLOCO DE COROAMENTO OU SAPATA COM RETROESCAVADEIRA (INCLUINDO ESCAVAÇÃO PARA COLOCAÇÃO DE FÔRMAS). AF_06/2017"},{"$f":"REFERENCIA.Unidade","v":"M3"},{"$f":"OFFSET(CÁLCULO!H$15,ROW($T70)-ROW(T$15),0)","v":10.33},51.29,"BDI 1",{"$f":"IF($C70=\"S\",ROUND(IF(TIPOORCAMENTO=\"Proposto\",ORÇAMENTO.CustoUnitario*(1+$AH70),ORÇAMENTO.PrecoUnitarioLicitado),15-13*$AF$10),0)","v":64.05},{"$f":"IF($C70=\"S\",IF(Import.TipoArredondamento<>\"TransfereGOV\",VTOTAL1,SUM(OFFSET(CÁLCULO!$AA$15,ROW($X70)-ROW($X$15),1):OFFSET(CÁLCULO!$AL$15,ROW($X70)-ROW($X$15),-1))),IF($C70=0,0,ROUND(SomaAgrup,15-13*$AF$11)))","v":661.64},"RA","RA",{"$f":"IF($C70=\"S\",IF($Z70=\"CP\",$X70,IF($Z70=\"RA\",(($X70)*QCI!$AA$3),0)),SomaAgrup)","v":661.64},0,{"$f":"IF($N70=\"\",\"\",IF(ORÇAMENTO.Descricao=\"\",\"DESCRIÇÃO\",IF(AND($C70=\"S\",ORÇAMENTO.Unidade=\"\"),\"UNIDADE\",IF($X70<0,\"VALOR NEGATIVO\",IF(OR(AND(TIPOORCAMENTO=\"Proposto\",$AG70<>\"\",$AG70>0,ORÇAMENTO.CustoUnitario>$AG70),AND(TIPOORCAMENTO=\"LICITADO\",ORÇAMENTO.PrecoUnitarioLicitado>$AN70)),\"ACIMA REF.\",\"\")))))","v":""},{"$f":"IF(C70<=CRONO.NivelExibicao,MAX($AD$15:OFFSET(AD70,-1,0))+IF($C70<>1,1,MAX(1,COUNTIF(QCI!$A$13:$A$24,OFFSET($E70,-1,0)))),\"\")","v":""},{"$f":"IF(AND($C70=\"S\",ORÇAMENTO.CodBarra<>\"\"),IF(ORÇAMENTO.Fonte=\"\",ORÇAMENTO.CodBarra,CONCATENATE(ORÇAMENTO.Fonte,\" \",ORÇAMENTO.CodBarra)))","v":"SINAPI 96521"},{"$f":"IF(ISERROR(INDIRECT(ORÇAMENTO.BancoRef)),\"(abra o arquivo 'Referência \"&Excel_BuiltIn_Database&\".xlsm)\",IF(OR($C70<>\"S\",ORÇAMENTO.CodBarra=\"\"),\"(Sem Código)\",IF(ISERROR(MATCH($AE70,INDIRECT(ORÇAMENTO.BancoRef),0)),\"(Código não identificado nas referências)\",MATCH($AE70,INDIRECT(ORÇAMENTO.BancoRef),0))))","v":5578},{"$f":"ROUND(IF(DESONERACAO=\"sim\",REFERENCIA.Desonerado,REFERENCIA.NaoDesonerado),2)","v":51.29},0.2487,null,10.33,null,null,661.64,64.05]
[{"$f":"CHOOSE(1+LOG(1+2*(ORÇAMENTO.Nivel=\"Meta\")+4*(ORÇAMENTO.Nivel=\"Nível 2\")+8*(ORÇAMENTO.Nivel=\"Nível 3\")+16*(ORÇAMENTO.Nivel=\"Nível 4\")+32*(ORÇAMENTO.Nivel=\"Serviço\"),2),0,1,2,3,4,\"S\")","v":"S"},{"$f":"IF(OR(C71=\"s\",C71=0),OFFSET(B71,-1,0),C71)","v":2},{"$f":"IF(OFFSET(C71,-1,0)=\"L\",1,IF(OFFSET(C71,-1,0)=1,2,IF(OR(A71=\"s\",A71=0),\"S\",IF(AND(OFFSET(C71,-1,0)=2,A71=4),3,IF(AND(OR(OFFSET(C71,-1,0)=\"s\",OFFSET(C71,-1,0)=0),A71<>\"s\",A71>OFFSET(B71,-1,0)),OFFSET(B71,-1,0),A71)))))","v":"S"},{"$f":"IF(OR(C71=\"S\",C71=0),0,IF(ISERROR(K71),J71,SMALL(J71:K71,1)))","v":0},{"$f":"IF($C71=1,OFFSET(E71,-1,0)+MAX(1,COUNTIF(QCI!$A$13:$A$24,OFFSET(ORÇAMENTO!E71,-1,0))),OFFSET(E71,-1,0))","v":1},{"$f":"IF($C71=1,0,IF($C71=2,OFFSET(F71,-1,0)+1,OFFSET(F71,-1,0)))","v":3},{"$f":"IF(AND($C71<=2,$C71<>0),0,IF($C71=3,OFFSET(G71,-1,0)+1,OFFSET(G71,-1,0)))","v":0},{"$f":"IF(AND($C71<=3,$C71<>0),0,IF($C71=4,OFFSET(H71,-1,0)+1,OFFSET(H71,-1,0)))","v":0},{"$f":"IF(AND($C71<=4,$C71<>0),0,IF(AND($C71=\"S\",$X71>0),OFFSET(I71,-1,0)+1,OFFSET(I71,-1,0)))","v":9},0,{"$f":"IF(OR($C71=\"S\",$C71=0),0,MATCH(OFFSET($D71,0,$C71)+IF($C71<>1,1,COUNTIF(QCI!$A$13:$A$24,ORÇAMENTO!E71)),OFFSET($D71,1,$C71,ROW($C$240)-ROW($C71)),0))","v":0},{"$f":"IF(OR($X71>0,$C71=1,$C71=2,$C71=3,$C71=4),\"F\",\"\")","v":"F"},"Serviço",{"$f":"CHOOSE(1+LOG(1+2*(C71=1)+4*(C71=2)+8*(C71=3)+16*(C71=4)+32*(C71=\"S\"),2),\"\",\"Meta\",\"Nível 2\",\"Nível 3\",\"Nível 4\",\"Serviço\")","v":"Serviço"},{"$f":"IF(OR($C71=0,$L71=\"\"),\"-\",CONCATENATE(E71&\".\",IF(AND($A$5>=2,$C71>=2),F71&\".\",\"\"),IF(AND($A$5>=3,$C71>=3),G71&\".\",\"\"),IF(AND($A$5>=4,$C71>=4),H71&\".\",\"\"),IF($C71=\"S\",I71&\".\",\"\")))","v":"1.3.0.9."},"SINAPI","96525",{"$f":"IF($C71=\"S\",REFERENCIA.Descricao,\"(digite a descrição aqui)\")","v":"ESCAVAÇÃO MECANIZADA PARA VIGA BALDRAME COM MINI-ESCAVADEIRA (INCLUINDO ESCAVAÇÃO PARA COLOCAÇÃO DE FÔRMAS). AF_06/2017"},{"$f":"REFERENCIA.Unidade","v":"M3"},{"$f":"OFFSET(CÁLCULO!H$15,ROW($T71)-ROW(T$15),0)","v":31.69},50.37,"BDI 1",{"$f":"IF($C71=\"S\",ROUND(IF(TIPOORCAMENTO=\"Proposto\",ORÇAMENTO.CustoUnitario*(1+$AH71),ORÇAMENTO.PrecoUnitarioLicitado),15-13*$AF$10),0)","v":62.9},{"$f":"IF($C71=\"S\",IF(Import.TipoArredondamento<>\"TransfereGOV\",VTOTAL1,SUM(OFFSET(CÁLCULO!$AA$15,ROW($X71)-ROW($X$15),1):OFFSET(CÁLCULO!$AL$15,ROW($X71)-ROW($X$15),-1))),IF($C71=0,0,ROUND(SomaAgrup,15-13*$AF$11)))","v":1993.3},"RA",{"$f":"IF(AND($C71=\"S\",$X71>0),IF(ISBLANK($Y71),\"RA\",LEFT($Y71,2)),\"\")","v":"RA"},{"$f":"IF($C71=\"S\",IF($Z71=\"CP\",$X71,IF($Z71=\"RA\",(($X71)*QCI!$AA$3),0)),SomaAgrup)","v":1993.3},{"$f":"IF($C71=\"S\",IF($Z71=\"OU\",ROUND($X71,2),0),SomaAgrup)","v":0},{"$f":"IF($N71=\"\",\"\",IF(ORÇAMENTO.Descricao=\"\",\"DESCRIÇÃO\",IF(AND($C71=\"S\",ORÇAMENTO.Unidade=\"\"),\"UNIDADE\",IF($X71<0,\"VALOR NEGATIVO\",IF(OR(AND(TIPOORCAMENTO=\"Proposto\",$AG71<>\"\",$AG71>0,ORÇAMENTO.CustoUnitario>$AG71),AND(TIPOORCAMENTO=\"LICITADO\",ORÇAMENTO.PrecoUnitarioLicitado>$AN71)),\"ACIMA REF.\",\"\")))))","v":""},{"$f":"IF(C71<=CRONO.NivelExibicao,MAX($AD$15:OFFSET(AD71,-1,0))+IF($C71<>1,1,MAX(1,COUNTIF(QCI!$A$13:$A$24,OFFSET($E71,-1,0)))),\"\")","v":""},{"$f":"IF(AND($C71=\"S\",ORÇAMENTO.CodBarra<>\"\"),IF(ORÇAMENTO.Fonte=\"\",ORÇAMENTO.CodBarra,CONCATENATE(ORÇAMENTO.Fonte,\" \",ORÇAMENTO.CodBarra)))","v":"SINAPI 96525"},{"$f":"IF(ISERROR(INDIRECT(ORÇAMENTO.BancoRef)),\"(abra o arquivo 'Referência \"&Excel_BuiltIn_Database&\".xlsm)\",IF(OR($C71<>\"S\",ORÇAMENTO.CodBarra=\"\"),\"(Sem Código)\",IF(ISERROR(MATCH($AE71,INDIRECT(ORÇAMENTO.BancoRef),0)),\"(Código não identificado nas referências)\",MATCH($AE71,INDIRECT(ORÇAMENTO.BancoRef),0))))","v":5582},{"$f":"ROUND(IF(DESONERACAO=\"sim\",REFERENCIA.Desonerado,REFERENCIA.NaoDesonerado),2)","v":50.37},{"$f":"ROUND(IF(ISNUMBER(ORÇAMENTO.OpcaoBDI),ORÇAMENTO.OpcaoBDI,IF(LEFT(ORÇAMENTO.OpcaoBDI,3)=\"BDI\",HLOOKUP(ORÇAMENTO.OpcaoBDI,$F$4:$H$5,2,FALSE),0)),15-11*$AF$9)","v":0.2487},null,31.69,null,null,1993.3,{"$f":"ROUND(ORÇAMENTO.CustoUnitario*(1+$AH71),2)","v":62.9}]
["S",2,"S",0,{"$f":"IF($C72=1,OFFSET(E72,-1,0)+MAX(1,COUNTIF(QCI!$A$13:$A$24,OFFSET(ORÇAMENTO!E72,-1,0))),OFFSET(E72,-1,0))","v":1},3,0,0,10,0,{"$f":"IF(OR($C72=\"S\",$C72=0),0,MATCH(OFFSET($D72,0,$C72)+IF($C72<>1,1,COUNTIF(QCI!$A$13:$A$24,ORÇAMENTO!E72)),OFFSET($D72,1,$C72,ROW($C$240)-ROW($C72)),0))","v":0},"F","Serviço","Serviço","1.3.0.10.","SINAPI","96621",{"$f":"IF($C72=\"S\",REFERENCIA.Descricao,\"(digite a descrição aqui)\")","v":"LASTRO COM MATERIAL GRANULAR, APLICAÇÃO EM BLOCOS DE COROAMENTO, ESPESSURA DE *5 CM*. AF_08/2017"},{"$f":"REFERENCIA.Unidade","v":"M3"},{"$f":"OFFSET(CÁLCULO!H$15,ROW($T72)-ROW(T$15),0)","v":1.72},223.46,"BDI 1",{"$f":"IF($C72=\"S\",ROUND(IF(TIPOORCAMENTO=\"Proposto\",ORÇAMENTO.CustoUnitario*(1+$AH72),ORÇAMENTO.PrecoUnitarioLicitado),15-13*$AF$10),0)","v":279.02999999999997},{"$f":"IF($C72=\"S\",IF(Import.TipoArredondamento<>\"TransfereGOV\",VTOTAL1,SUM(OFFSET(CÁLCULO!$AA$15,ROW($X72)-ROW($X$15),1):OFFSET(CÁLCULO!$AL$15,ROW($X72)-ROW($X$15),-1))),IF($C72=0,0,ROUND(SomaAgrup,15-13*$AF$11)))","v":479.93},"RA","RA",{"$f":"IF($C72=\"S\",IF($Z72=\"CP\",$X72,IF($Z72=\"RA\",(($X72)*QCI!$AA$3),0)),SomaAgrup)","v":479.93},0,{"$f":"IF($N72=\"\",\"\",IF(ORÇAMENTO.Descricao=\"\",\"DESCRIÇÃO\",IF(AND($C72=\"S\",ORÇAMENTO.Unidade=\"\"),\"UNIDADE\",IF($X72<0,\"VALOR NEGATIVO\",IF(OR(AND(TIPOORCAMENTO=\"Proposto\",$AG72<>\"\",$AG72>0,ORÇAMENTO.CustoUnitario>$AG72),AND(TIPOORCAMENTO=\"LICITADO\",ORÇAMENTO.PrecoUnitarioLicitado>$AN72)),\"ACIMA REF.\",\"\")))))","v":""},{"$f":"IF(C72<=CRONO.NivelExibicao,MAX($AD$15:OFFSET(AD72,-1,0))+IF($C72<>1,1,MAX(1,COUNTIF(QCI!$A$13:$A$24,OFFSET($E72,-1,0)))),\"\")","v":""},{"$f":"IF(AND($C72=\"S\",ORÇAMENTO.CodBarra<>\"\"),IF(ORÇAMENTO.Fonte=\"\",ORÇAMENTO.CodBarra,CONCATENATE(ORÇAMENTO.Fonte,\" \",ORÇAMENTO.CodBarra)))","v":"SINAPI 96621"},{"$f":"IF(ISERROR(INDIRECT(ORÇAMENTO.BancoRef)),\"(abra o arquivo 'Referência \"&Excel_BuiltIn_Database&\".xlsm)\",IF(OR($C72<>\"S\",ORÇAMENTO.CodBarra=\"\"),\"(Sem Código)\",IF(ISERROR(MATCH($AE72,INDIRECT(ORÇAMENTO.BancoRef),0)),\"(Código não identificado nas referências)\",MATCH($AE72,INDIRECT(ORÇAMENTO.BancoRef),0))))","v":2237},{"$f":"ROUND(IF(DESONERACAO=\"sim\",REFERENCIA.Desonerado,REFERENCIA.NaoDesonerado),2)","v":223.46},0.2487,null,1.72,null,null,479.93,279.02999999999997]
["S",2,"S",0,{"$f":"IF($C73=1,OFFSET(E73,-1,0)+MAX(1,COUNTIF(QCI!$A$13:$A$24,OFFSET(ORÇAMENTO!E73,-1,0))),OFFSET(E73,-1,0))","v":1},3,0,0,11,0,{"$f":"IF(OR($C73=\"S\",$C73=0),0,MATCH(OFFSET($D73,0,$C73)+IF($C73<>1,1,COUNTIF(QCI!$A$13:$A$24,ORÇAMENTO!E73)),OFFSET($D73,1,$C73,ROW($C$240)-ROW($C73)),0))","v":0},"F","Serviço","Serviço","1.3.0.11.","SINAPI","96534",{"$f":"IF($C73=\"S\",REFERENCIA.Descricao,\"(digite a descrição aqui)\")","v":"FABRICAÇÃO, MONTAGEM E DESMONTAGEM DE FÔRMA PARA BLOCO DE COROAMENTO, EM MADEIRA SERRADA, E=25 MM, 4 UTILIZAÇÕES. AF_06/2017"},{"$f":"REFERENCIA.Unidade","v":"M2"},{"$f":"OFFSET(CÁLCULO!H$15,ROW($T73)-ROW(T$15),0)","v":32.81},105.85,"BDI 1",{"$f":"IF($C73=\"S\",ROUND(IF(TIPOORCAMENTO=\"Proposto\",ORÇAMENTO.CustoUnitario*(1+$AH73),ORÇAMENTO.PrecoUnitarioLicitado),15-13*$AF$10),0)","v":132.16999999999999},{"$f":"IF($C73=\"S\",IF(Import.TipoArredondamento<>\"TransfereGOV\",VTOTAL1,SUM(OFFSET(CÁLCULO!$AA$15,ROW($X73)-ROW($X$15),1):OFFSET(CÁLCULO!$AL$15,ROW($X73)-ROW($X$15),-1))),IF($C73=0,0,ROUND(SomaAgrup,15-13*$AF$11)))","v":4336.5},"RA","RA",{"$f":"IF($C73=\"S\",IF($Z73=\"CP\",$X73,IF($Z73=\"RA\",(($X73)*QCI!$AA$3),0)),SomaAgrup)","v":4336.5},0,{"$f":"IF($N73=\"\",\"\",IF(ORÇAMENTO.Descricao=\"\",\"DESCRIÇÃO\",IF(AND($C73=\"S\",ORÇAMENTO.Unidade=\"\"),\"UNIDADE\",IF($X73<0,\"VALOR NEGATIVO\",IF(OR(AND(TIPOORCAMENTO=\"Proposto\",$AG73<>\"\",$AG73>0,ORÇAMENTO.CustoUnitario>$AG73),AND(TIPOORCAMENTO=\"LICITADO\",ORÇAMENTO.PrecoUnitarioLicitado>$AN73)),\"ACIMA REF.\",\"\")))))","v":""},{"$f":"IF(C73<=CRONO.NivelExibicao,MAX($AD$15:OFFSET(AD73,-1,0))+IF($C73<>1,1,MAX(1,COUNTIF(QCI!$A$13:$A$24,OFFSET($E73,-1,0)))),\"\")","v":""},{"$f":"IF(AND($C73=\"S\",ORÇAMENTO.CodBarra<>\"\"),IF(ORÇAMENTO.Fonte=\"\",ORÇAMENTO.CodBarra,CONCATENATE(ORÇAMENTO.Fonte,\" \",ORÇAMENTO.CodBarra)))","v":"SINAPI 96534"},{"$f":"IF(ISERROR(INDIRECT(ORÇAMENTO.BancoRef)),\"(abra o arquivo 'Referência \"&Excel_BuiltIn_Database&\".xlsm)\",IF(OR($C73<>\"S\",ORÇAMENTO.CodBarra=\"\"),\"(Sem Código)\",IF(ISERROR(MATCH($AE73,INDIRECT(ORÇAMENTO.BancoRef),0)),\"(Código não identificado nas referências)\",MATCH($AE73,INDIRECT(ORÇAMENTO.BancoRef),0))))","v":2372},{"$f":"ROUND(IF(DESONERACAO=\"sim\",REFERENCIA.Desonerado,REFERENCIA.NaoDesonerado),2)","v":105.85},0.2487,null,32.81,null,null,4336.5,132.16999999999999]
["S",2,"S",0,{"$f":"IF($C74=1,OFFSET(E74,-1,0)+MAX(1,COUNTIF(QCI!$A$13:$A$24,OFFSET(ORÇAMENTO!E74,-1,0))),OFFSET(E74,-1,0))","v":1},3,0,0,12,0,{"$f":"IF(OR($C74=\"S\",$C74=0),0,MATCH(OFFSET($D74,0,$C74)+IF($C74<>1,1,COUNTIF(QCI!$A$13:$A$24,ORÇAMENTO!E74)),OFFSET($D74,1,$C74,ROW($C$240)-ROW($C74)),0))","v":0},"F","Serviço","Serviço","1.3.0.12.","SINAPI","96536",{"$f":"IF($C74=\"S\",REFERENCIA.Descricao,\"(digite a descrição aqui)\")","v":"FABRICAÇÃO, MONTAGEM E DESMONTAGEM DE FÔRMA PARA VIGA BALDRAME, EM MADEIRA SERRADA, E=25 MM, 4 UTILIZAÇÕES. AF_06/2017"},{"$f":"REFERENCIA.Unidade","v":"M2"},{"$f":"OFFSET(CÁLCULO!H$15,ROW($T74)-ROW(T$15),0)","v":39.68},90.79,"BDI 1",{"$f":"IF($C74=\"S\",ROUND(IF(TIPOORCAMENTO=\"Proposto\",ORÇAMENTO.CustoUnitario*(1+$AH74),ORÇAMENTO.PrecoUnitarioLicitado),15-13*$AF$10),0)","v":113.37},{"$f":"IF($C74=\"S\",IF(Import.TipoArredondamento<>\"TransfereGOV\",VTOTAL1,SUM(OFFSET(CÁLCULO!$AA$15,ROW($X74)-ROW($X$15),1):OFFSET(CÁLCULO!$AL$15,ROW($X74)-ROW($X$15),-1))),IF($C74=0,0,ROUND(SomaAgrup,15-13*$AF$11)))","v":4498.5200000000004},"RA","RA",{"$f":"IF($C74=\"S\",IF($Z74=\"CP\",$X74,IF($Z74=\"RA\",(($X74)*QCI!$AA$3),0)),SomaAgrup)","v":4498.5200000000004},0,{"$f":"IF($N74=\"\",\"\",IF(ORÇAMENTO.Descricao=\"\",\"DESCRIÇÃO\",IF(AND($C74=\"S\",ORÇAMENTO.Unidade=\"\"),\"UNIDADE\",IF($X74<0,\"VALOR NEGATIVO\",IF(OR(AND(TIPOORCAMENTO=\"Proposto\",$AG74<>\"\",$AG74>0,ORÇAMENTO.CustoUnitario>$AG74),AND(TIPOORCAMENTO=\"LICITADO\",ORÇAMENTO.PrecoUnitarioLicitado>$AN74)),\"ACIMA REF.\",\"\")))))","v":""},{"$f":"IF(C74<=CRONO.NivelExibicao,MAX($AD$15:OFFSET(AD74,-1,0))+IF($C74<>1,1,MAX(1,COUNTIF(QCI!$A$13:$A$24,OFFSET($E74,-1,0)))),\"\")","v":""},{"$f":"IF(AND($C74=\"S\",ORÇAMENTO.CodBarra<>\"\"),IF(ORÇAMENTO.Fonte=\"\",ORÇAMENTO.CodBarra,CONCATENATE(ORÇAMENTO.Fonte,\" \",ORÇAMENTO.CodBarra)))","v":"SINAPI 96536"},{"$f":"IF(ISERROR(INDIRECT(ORÇAMENTO.BancoRef)),\"(abra o arquivo 'Referência \"&Excel_BuiltIn_Database&\".xlsm)\",IF(OR($C74<>\"S\",ORÇAMENTO.CodBarra=\"\"),\"(Sem Código)\",IF(ISERROR(MATCH($AE74,INDIRECT(ORÇAMENTO.BancoRef),0)),\"(Código não identificado nas referências)\",MATCH($AE74,INDIRECT(ORÇAMENTO.BancoRef),0))))","v":2374},{"$f":"ROUND(IF(DESONERACAO=\"sim\",REFERENCIA.Desonerado,REFERENCIA.NaoDesonerado),2)","v":90.79},0.2487,null,39.68,null,null,4498.5200000000004,113.37]
["S",2,"S",0,{"$f":"IF($C75=1,OFFSET(E75,-1,0)+MAX(1,COUNTIF(QCI!$A$13:$A$24,OFFSET(ORÇAMENTO!E75,-1,0))),OFFSET(E75,-1,0))","v":1},3,0,0,13,0,{"$f":"IF(OR($C75=\"S\",$C75=0),0,MATCH(OFFSET($D75,0,$C75)+IF($C75<>1,1,COUNTIF(QCI!$A$13:$A$24,ORÇAMENTO!E75)),OFFSET($D75,1,$C75,ROW($C$240)-ROW($C75)),0))","v":0},"F","Serviço","Serviço","1.3.0.13.","SINAPI","96557",{"$f":"IF($C75=\"S\",REFERENCIA.Descricao,\"(digite a descrição aqui)\")","v":"CONCRETAGEM DE BLOCOS DE COROAMENTO E VIGAS BALDRAMES, FCK 30 MPA, COM USO DE BOMBA \u0096 LANÇAMENTO, ADENSAMENTO E ACABAMENTO. AF_06/2017"},{"$f":"REFERENCIA.Unidade","v":"M3"},{"$f":"OFFSET(CÁLCULO!H$15,ROW($T75)-ROW(T$15),0)","v":4.37},593.11,"BDI 1",{"$f":"IF($C75=\"S\",ROUND(IF(TIPOORCAMENTO=\"Proposto\",ORÇAMENTO.CustoUnitario*(1+$AH75),ORÇAMENTO.PrecoUnitarioLicitado),15-13*$AF$10),0)","v":740.62},{"$f":"IF($C75=\"S\",IF(Import.TipoArredondamento<>\"TransfereGOV\",VTOTAL1,SUM(OFFSET(CÁLCULO!$AA$15,ROW($X75)-ROW($X$15),1):OFFSET(CÁLCULO!$AL$15,ROW($X75)-ROW($X$15),-1))),IF($C75=0,0,ROUND(SomaAgrup,15-13*$AF$11)))","v":3236.51},"RA","RA",{"$f":"IF($C75=\"S\",IF($Z75=\"CP\",$X75,IF($Z75=\"RA\",(($X75)*QCI!$AA$3),0)),SomaAgrup)","v":3236.51},0,{"$f":"IF($N75=\"\",\"\",IF(ORÇAMENTO.Descricao=\"\",\"DESCRIÇÃO\",IF(AND($C75=\"S\",ORÇAMENTO.Unidade=\"\"),\"UNIDADE\",IF($X75<0,\"VALOR NEGATIVO\",IF(OR(AND(TIPOORCAMENTO=\"Proposto\",$AG75<>\"\",$AG75>0,ORÇAMENTO.CustoUnitario>$AG75),AND(TIPOORCAMENTO=\"LICITADO\",ORÇAMENTO.PrecoUnitarioLicitado>$AN75)),\"ACIMA REF.\",\"\")))))","v":""},{"$f":"IF(C75<=CRONO.NivelExibicao,MAX($AD$15:OFFSET(AD75,-1,0))+IF($C75<>1,1,MAX(1,COUNTIF(QCI!$A$13:$A$24,OFFSET($E75,-1,0)))),\"\")","v":""},{"$f":"IF(AND($C75=\"S\",ORÇAMENTO.CodBarra<>\"\"),IF(ORÇAMENTO.Fonte=\"\",ORÇAMENTO.CodBarra,CONCATENATE(ORÇAMENTO.Fonte,\" \",ORÇAMENTO.CodBarra)))","v":"SINAPI 96557"},{"$f":"IF(ISERROR(INDIRECT(ORÇAMENTO.BancoRef)),\"(abra o arquivo 'Referência \"&Excel_BuiltIn_Database&\".xlsm)\",IF(OR($C75<>\"S\",ORÇAMENTO.CodBarra=\"\"),\"(Sem Código)\",IF(ISERROR(MATCH($AE75,INDIRECT(ORÇAMENTO.BancoRef),0)),\"(Código não identificado nas referências)\",MATCH($AE75,INDIRECT(ORÇAMENTO.BancoRef),0))))","v":2610},{"$f":"ROUND(IF(DESONERACAO=\"sim\",REFERENCIA.Desonerado,REFERENCIA.NaoDesonerado),2)","v":593.11},0.2487,null,4.37,null,null,3236.51,740.62]
["S",2,"S",0,{"$f":"IF($C76=1,OFFSET(E76,-1,0)+MAX(1,COUNTIF(QCI!$A$13:$A$24,OFFSET(ORÇAMENTO!E76,-1,0))),OFFSET(E76,-1,0))","v":1},3,0,0,14,0,{"$f":"IF(OR($C76=\"S\",$C76=0),0,MATCH(OFFSET($D76,0,$C76)+IF($C76<>1,1,COUNTIF(QCI!$A$13:$A$24,ORÇAMENTO!E76)),OFFSET($D76,1,$C76,ROW($C$240)-ROW($C76)),0))","v":0},"F","Serviço","Serviço","1.3.0.14.","SINAPI","98555",{"$f":"IF($C76=\"S\",REFERENCIA.Descricao,\"(digite a descrição aqui)\")","v":"IMPERMEABILIZAÇÃO DE SUPERFÍCIE COM ARGAMASSA POLIMÉRICA / MEMBRANA ACRÍLICA, 3 DEMÃOS. AF_09/2023"},{"$f":"REFERENCIA.Unidade","v":"M2"},{"$f":"OFFSET(CÁLCULO!H$15,ROW($T76)-ROW(T$15),0)","v":44.29},36.729999999999997,"BDI 1",{"$f":"IF($C76=\"S\",ROUND(IF(TIPOORCAMENTO=\"Proposto\",ORÇAMENTO.CustoUnitario*(1+$AH76),ORÇAMENTO.PrecoUnitarioLicitado),15-13*$AF$10),0)","v":45.86},{"$f":"IF($C76=\"S\",IF(Import.TipoArredondamento<>\"TransfereGOV\",VTOTAL1,SUM(OFFSET(CÁLCULO!$AA$15,ROW($X76)-ROW($X$15),1):OFFSET(CÁLCULO!$AL$15,ROW($X76)-ROW($X$15),-1))),IF($C76=0,0,ROUND(SomaAgrup,15-13*$AF$11)))","v":2031.14},"RA","RA",{"$f":"IF($C76=\"S\",IF($Z76=\"CP\",$X76,IF($Z76=\"RA\",(($X76)*QCI!$AA$3),0)),SomaAgrup)","v":2031.14},0,{"$f":"IF($N76=\"\",\"\",IF(ORÇAMENTO.Descricao=\"\",\"DESCRIÇÃO\",IF(AND($C76=\"S\",ORÇAMENTO.Unidade=\"\"),\"UNIDADE\",IF($X76<0,\"VALOR NEGATIVO\",IF(OR(AND(TIPOORCAMENTO=\"Proposto\",$AG76<>\"\",$AG76>0,ORÇAMENTO.CustoUnitario>$AG76),AND(TIPOORCAMENTO=\"LICITADO\",ORÇAMENTO.PrecoUnitarioLicitado>$AN76)),\"ACIMA REF.\",\"\")))))","v":""},{"$f":"IF(C76<=CRONO.NivelExibicao,MAX($AD$15:OFFSET(AD76,-1,0))+IF($C76<>1,1,MAX(1,COUNTIF(QCI!$A$13:$A$24,OFFSET($E76,-1,0)))),\"\")","v":""},{"$f":"IF(AND($C76=\"S\",ORÇAMENTO.CodBarra<>\"\"),IF(ORÇAMENTO.Fonte=\"\",ORÇAMENTO.CodBarra,CONCATENATE(ORÇAMENTO.Fonte,\" \",ORÇAMENTO.CodBarra)))","v":"SINAPI 98555"},{"$f":"IF(ISERROR(INDIRECT(ORÇAMENTO.BancoRef)),\"(abra o arquivo 'Referência \"&Excel_BuiltIn_Database&\".xlsm)\",IF(OR($C76<>\"S\",ORÇAMENTO.CodBarra=\"\"),\"(Sem Código)\",IF(ISERROR(MATCH($AE76,INDIRECT(ORÇAMENTO.BancoRef),0)),\"(Código não identificado nas referências)\",MATCH($AE76,INDIRECT(ORÇAMENTO.BancoRef),0))))","v":2768},{"$f":"ROUND(IF(DESONERACAO=\"sim\",REFERENCIA.Desonerado,REFERENCIA.NaoDesonerado),2)","v":36.729999999999997},0.2487,null,44.29,null,null,2031.14,45.86]
["S",2,"S",0,{"$f":"IF($C77=1,OFFSET(E77,-1,0)+MAX(1,COUNTIF(QCI!$A$13:$A$24,OFFSET(ORÇAMENTO!E77,-1,0))),OFFSET(E77,-1,0))","v":1},3,0,0,14,0,{"$f":"IF(OR($C77=\"S\",$C77=0),0,MATCH(OFFSET($D77,0,$C77)+IF($C77<>1,1,COUNTIF(QCI!$A$13:$A$24,ORÇAMENTO!E77)),OFFSET($D77,1,$C77,ROW($C$240)-ROW($C77)),0))","v":0},"","Serviço","Serviço","-","SINAPI",null,{"$f":"IF($C77=\"S\",REFERENCIA.Descricao,\"(digite a descrição aqui)\")","v":"(Sem Código)"},{"$f":"REFERENCIA.Unidade","v":"-"},{"$f":"OFFSET(CÁLCULO!H$15,ROW($T77)-ROW(T$15),0)","v":0},0,"BDI 1",{"$f":"IF($C77=\"S\",ROUND(IF(TIPOORCAMENTO=\"Proposto\",ORÇAMENTO.CustoUnitario*(1+$AH77),ORÇAMENTO.PrecoUnitarioLicitado),15-13*$AF$10),0)","v":0},{"$f":"IF($C77=\"S\",IF(Import.TipoArredondamento<>\"TransfereGOV\",VTOTAL1,SUM(OFFSET(CÁLCULO!$AA$15,ROW($X77)-ROW($X$15),1):OFFSET(CÁLCULO!$AL$15,ROW($X77)-ROW($X$15),-1))),IF($C77=0,0,ROUND(SomaAgrup,15-13*$AF$11)))","v":0},"RA","",{"$f":"IF($C77=\"S\",IF($Z77=\"CP\",$X77,IF($Z77=\"RA\",(($X77)*QCI!$AA$3),0)),SomaAgrup)","v":0},0,{"$f":"IF($N77=\"\",\"\",IF(ORÇAMENTO.Descricao=\"\",\"DESCRIÇÃO\",IF(AND($C77=\"S\",ORÇAMENTO.Unidade=\"\"),\"UNIDADE\",IF($X77<0,\"VALOR NEGATIVO\",IF(OR(AND(TIPOORCAMENTO=\"Proposto\",$AG77<>\"\",$AG77>0,ORÇAMENTO.CustoUnitario>$AG77),AND(TIPOORCAMENTO=\"LICITADO\",ORÇAMENTO.PrecoUnitarioLicitado>$AN77)),\"ACIMA REF.\",\"\")))))","v":""},{"$f":"IF(C77<=CRONO.NivelExibicao,MAX($AD$15:OFFSET(AD77,-1,0))+IF($C77<>1,1,MAX(1,COUNTIF(QCI!$A$13:$A$24,OFFSET($E77,-1,0)))),\"\")","v":""},{"$f":"IF(AND($C77=\"S\",ORÇAMENTO.CodBarra<>\"\"),IF(ORÇAMENTO.Fonte=\"\",ORÇAMENTO.CodBarra,CONCATENATE(ORÇAMENTO.Fonte,\" \",ORÇAMENTO.CodBarra)))","v":false},{"$f":"IF(ISERROR(INDIRECT(ORÇAMENTO.BancoRef)),\"(abra o arquivo 'Referência \"&Excel_BuiltIn_Database&\".xlsm)\",IF(OR($C77<>\"S\",ORÇAMENTO.CodBarra=\"\"),\"(Sem Código)\",IF(ISERROR(MATCH($AE77,INDIRECT(ORÇAMENTO.BancoRef),0)),\"(Código não identificado nas referências)\",MATCH($AE77,INDIRECT(ORÇAMENTO.BancoRef),0))))","v":"(Sem Código)"},{"$f":"ROUND(IF(DESONERACAO=\"sim\",REFERENCIA.Desonerado,REFERENCIA.NaoDesonerado),2)","v":0},0.2487,null,null,null,null,0,0]
[{"$f":"CHOOSE(1+LOG(1+2*(ORÇAMENTO.Nivel=\"Meta\")+4*(ORÇAMENTO.Nivel=\"Nível 2\")+8*(ORÇAMENTO.Nivel=\"Nível 3\")+16*(ORÇAMENTO.Nivel=\"Nível 4\")+32*(ORÇAMENTO.Nivel=\"Serviço\"),2),0,1,2,3,4,\"S\")","v":"S"},{"$f":"IF(OR(C78=\"s\",C78=0),OFFSET(B78,-1,0),C78)","v":2},{"$f":"IF(OFFSET(C78,-1,0)=\"L\",1,IF(OFFSET(C78,-1,0)=1,2,IF(OR(A78=\"s\",A78=0),\"S\",IF(AND(OFFSET(C78,-1,0)=2,A78=4),3,IF(AND(OR(OFFSET(C78,-1,0)=\"s\",OFFSET(C78,-1,0)=0),A78<>\"s\",A78>OFFSET(B78,-1,0)),OFFSET(B78,-1,0),A78)))))","v":"S"},{"$f":"IF(OR(C78=\"S\",C78=0),0,IF(ISERROR(K78),J78,SMALL(J78:K78,1)))","v":0},{"$f":"IF($C78=1,OFFSET(E78,-1,0)+MAX(1,COUNTIF(QCI!$A$13:$A$24,OFFSET(ORÇAMENTO!E78,-1,0))),OFFSET(E78,-1,0))","v":1},{"$f":"IF($C78=1,0,IF($C78=2,OFFSET(F78,-1,0)+1,OFFSET(F78,-1,0)))","v":3},{"$f":"IF(AND($C78<=2,$C78<>0),0,IF($C78=3,OFFSET(G78,-1,0)+1,OFFSET(G78,-1,0)))","v":0},{"$f":"IF(AND($C78<=3,$C78<>0),0,IF($C78=4,OFFSET(H78,-1,0)+1,OFFSET(H78,-1,0)))","v":0},{"$f":"IF(AND($C78<=4,$C78<>0),0,IF(AND($C78=\"S\",$X78>0),OFFSET(I78,-1,0)+1,OFFSET(I78,-1,0)))","v":14},0,{"$f":"IF(OR($C78=\"S\",$C78=0),0,MATCH(OFFSET($D78,0,$C78)+IF($C78<>1,1,COUNTIF(QCI!$A$13:$A$24,ORÇAMENTO!E78)),OFFSET($D78,1,$C78,ROW($C$240)-ROW($C78)),0))","v":0},{"$f":"IF(OR($X78>0,$C78=1,$C78=2,$C78=3,$C78=4),\"F\",\"\")","v":""},"Serviço",{"$f":"CHOOSE(1+LOG(1+2*(C78=1)+4*(C78=2)+8*(C78=3)+16*(C78=4)+32*(C78=\"S\"),2),\"\",\"Meta\",\"Nível 2\",\"Nível 3\",\"Nível 4\",\"Serviço\")","v":"Serviço"},{"$f":"IF(OR($C78=0,$L78=\"\"),\"-\",CONCATENATE(E78&\".\",IF(AND($A$5>=2,$C78>=2),F78&\".\",\"\"),IF(AND($A$5>=3,$C78>=3),G78&\".\",\"\"),IF(AND($A$5>=4,$C78>=4),H78&\".\",\"\"),IF($C78=\"S\",I78&\".\",\"\")))","v":"-"},"SINAPI",null,{"$f":"IF($C78=\"S\",REFERENCIA.Descricao,\"(digite a descrição aqui)\")","v":"(Sem Código)"},{"$f":"REFERENCIA.Unidade","v":"-"},{"$f":"OFFSET(CÁLCULO!H$15,ROW($T78)-ROW(T$15),0)","v":0},0,"BDI 1",{"$f":"IF($C78=\"S\",ROUND(IF(TIPOORCAMENTO=\"Proposto\",ORÇAMENTO.CustoUnitario*(1+$AH78),ORÇAMENTO.PrecoUnitarioLicitado),15-13*$AF$10),0)","v":0},{"$f":"IF($C78=\"S\",IF(Import.TipoArredondamento<>\"TransfereGOV\",VTOTAL1,SUM(OFFSET(CÁLCULO!$AA$15,ROW($X78)-ROW($X$15),1):OFFSET(CÁLCULO!$AL$15,ROW($X78)-ROW($X$15),-1))),IF($C78=0,0,ROUND(SomaAgrup,15-13*$AF$11)))","v":0},"RA",{"$f":"IF(AND($C78=\"S\",$X78>0),IF(ISBLANK($Y78),\"RA\",LEFT($Y78,2)),\"\")","v":""},{"$f":"IF($C78=\"S\",IF($Z78=\"CP\",$X78,IF($Z78=\"RA\",(($X78)*QCI!$AA$3),0)),SomaAgrup)","v":0},{"$f":"IF($C78=\"S\",IF($Z78=\"OU\",ROUND($X78,2),0),SomaAgrup)","v":0},{"$f":"IF($N78=\"\",\"\",IF(ORÇAMENTO.Descricao=\"\",\"DESCRIÇÃO\",IF(AND($C78=\"S\",ORÇAMENTO.Unidade=\"\"),\"UNIDADE\",IF($X78<0,\"VALOR NEGATIVO\",IF(OR(AND(TIPOORCAMENTO=\"Proposto\",$AG78<>\"\",$AG78>0,ORÇAMENTO.CustoUnitario>$AG78),AND(TIPOORCAMENTO=\"LICITADO\",ORÇAMENTO.PrecoUnitarioLicitado>$AN78)),\"ACIMA REF.\",\"\")))))","v":""},{"$f":"IF(C78<=CRONO.NivelExibicao,MAX($AD$15:OFFSET(AD78,-1,0))+IF($C78<>1,1,MAX(1,COUNTIF(QCI!$A$13:$A$24,OFFSET($E78,-1,0)))),\"\")","v":""},{"$f":"IF(AND($C78=\"S\",ORÇAMENTO.CodBarra<>\"\"),IF(ORÇAMENTO.Fonte=\"\",ORÇAMENTO.CodBarra,CONCATENATE(ORÇAMENTO.Fonte,\" \",ORÇAMENTO.CodBarra)))","v":false},{"$f":"IF(ISERROR(INDIRECT(ORÇAMENTO.BancoRef)),\"(abra o arquivo 'Referência \"&Excel_BuiltIn_Database&\".xlsm)\",IF(OR($C78<>\"S\",ORÇAMENTO.CodBarra=\"\"),\"(Sem Código)\",IF(ISERROR(MATCH($AE78,INDIRECT(ORÇAMENTO.BancoRef),0)),\"(Código não identificado nas referências)\",MATCH($AE78,INDIRECT(ORÇAMENTO.BancoRef),0))))","v":"(Sem Código)"},{"$f":"ROUND(IF(DESONERACAO=\"sim\",REFERENCIA.Desonerado,REFERENCIA.NaoDesonerado),2)","v":0},{"$f":"ROUND(IF(ISNUMBER(ORÇAMENTO.OpcaoBDI),ORÇAMENTO.OpcaoBDI,IF(LEFT(ORÇAMENTO.OpcaoBDI,3)=\"BDI\",HLOOKUP(ORÇAMENTO.OpcaoBDI,$F$4:$H$5,2,FALSE),0)),15-11*$AF$9)","v":0.2487},null,null,null,null,0,{"$f":"ROUND(ORÇAMENTO.CustoUnitario*(1+$AH78),2)","v":0}]
[{"$f":"CHOOSE(1+LOG(1+2*(ORÇAMENTO.Nivel=\"Meta\")+4*(ORÇAMENTO.Nivel=\"Nível 2\")+8*(ORÇAMENTO.Nivel=\"Nível 3\")+16*(ORÇAMENTO.Nivel=\"Nível 4\")+32*(ORÇAMENTO.Nivel=\"Serviço\"),2),0,1,2,3,4,\"S\")","v":"S"},{"$f":"IF(OR(C79=\"s\",C79=0),OFFSET(B79,-1,0),C79)","v":2},{"$f":"IF(OFFSET(C79,-1,0)=\"L\",1,IF(OFFSET(C79,-1,0)=1,2,IF(OR(A79=\"s\",A79=0),\"S\",IF(AND(OFFSET(C79,-1,0)=2,A79=4),3,IF(AND(OR(OFFSET(C79,-1,0)=\"s\",OFFSET(C79,-1,0)=0),A79<>\"s\",A79>OFFSET(B79,-1,0)),OFFSET(B79,-1,0),A79)))))","v":"S"},{"$f":"IF(OR(C79=\"S\",C79=0),0,IF(ISERROR(K79),J79,SMALL(J79:K79,1)))","v":0},{"$f":"IF($C79=1,OFFSET(E79,-1,0)+MAX(1,COUNTIF(QCI!$A$13:$A$24,OFFSET(ORÇAMENTO!E79,-1,0))),OFFSET(E79,-1,0))","v":1},{"$f":"IF($C79=1,0,IF($C79=2,OFFSET(F79,-1,0)+1,OFFSET(F79,-1,0)))","v":3},{"$f":"IF(AND($C79<=2,$C79<>0),0,IF($C79=3,OFFSET(G79,-1,0)+1,OFFSET(G79,-1,0)))","v":0},{"$f":"IF(AND($C79<=3,$C79<>0),0,IF($C79=4,OFFSET(H79,-1,0)+1,OFFSET(H79,-1,0)))","v":0},{"$f":"IF(AND($C79<=4,$C79<>0),0,IF(AND($C79=\"S\",$X79>0),OFFSET(I79,-1,0)+1,OFFSET(I79,-1,0)))","v":14},0,{"$f":"IF(OR($C79=\"S\",$C79=0),0,MATCH(OFFSET($D79,0,$C79)+IF($C79<>1,1,COUNTIF(QCI!$A$13:$A$24,ORÇAMENTO!E79)),OFFSET($D79,1,$C79,ROW($C$240)-ROW($C79)),0))","v":0},{"$f":"IF(OR($X79>0,$C79=1,$C79=2,$C79=3,$C79=4),\"F\",\"\")","v":""},"Serviço",{"$f":"CHOOSE(1+LOG(1+2*(C79=1)+4*(C79=2)+8*(C79=3)+16*(C79=4)+32*(C79=\"S\"),2),\"\",\"Meta\",\"Nível 2\",\"Nível 3\",\"Nível 4\",\"Serviço\")","v":"Serviço"},{"$f":"IF(OR($C79=0,$L79=\"\"),\"-\",CONCATENATE(E79&\".\",IF(AND($A$5>=2,$C79>=2),F79&\".\",\"\"),IF(AND($A$5>=3,$C79>=3),G79&\".\",\"\"),IF(AND($A$5>=4,$C79>=4),H79&\".\",\"\"),IF($C79=\"S\",I79&\".\",\"\")))","v":"-"},"SINAPI",null,{"$f":"IF($C79=\"S\",REFERENCIA.Descricao,\"(digite a descrição aqui)\")","v":"(Sem Código)"},{"$f":"REFERENCIA.Unidade","v":"-"},{"$f":"OFFSET(CÁLCULO!H$15,ROW($T79)-ROW(T$15),0)","v":0},0,"BDI 1",{"$f":"IF($C79=\"S\",ROUND(IF(TIPOORCAMENTO=\"Proposto\",ORÇAMENTO.CustoUnitario*(1+$AH79),ORÇAMENTO.PrecoUnitarioLicitado),15-13*$AF$10),0)","v":0},{"$f":"IF($C79=\"S\",IF(Import.TipoArredondamento<>\"TransfereGOV\",VTOTAL1,SUM(OFFSET(CÁLCULO!$AA$15,ROW($X79)-ROW($X$15),1):OFFSET(CÁLCULO!$AL$15,ROW($X79)-ROW($X$15),-1))),IF($C79=0,0,ROUND(SomaAgrup,15-13*$AF$11)))","v":0},"RA",{"$f":"IF(AND($C79=\"S\",$X79>0),IF(ISBLANK($Y79),\"RA\",LEFT($Y79,2)),\"\")","v":""},{"$f":"IF($C79=\"S\",IF($Z79=\"CP\",$X79,IF($Z79=\"RA\",(($X79)*QCI!$AA$3),0)),SomaAgrup)","v":0},{"$f":"IF($C79=\"S\",IF($Z79=\"OU\",ROUND($X79,2),0),SomaAgrup)","v":0},{"$f":"IF($N79=\"\",\"\",IF(ORÇAMENTO.Descricao=\"\",\"DESCRIÇÃO\",IF(AND($C79=\"S\",ORÇAMENTO.Unidade=\"\"),\"UNIDADE\",IF($X79<0,\"VALOR NEGATIVO\",IF(OR(AND(TIPOORCAMENTO=\"Proposto\",$AG79<>\"\",$AG79>0,ORÇAMENTO.CustoUnitario>$AG79),AND(TIPOORCAMENTO=\"LICITADO\",ORÇAMENTO.PrecoUnitarioLicitado>$AN79)),\"ACIMA REF.\",\"\")))))","v":""},{"$f":"IF(C79<=CRONO.NivelExibicao,MAX($AD$15:OFFSET(AD79,-1,0))+IF($C79<>1,1,MAX(1,COUNTIF(QCI!$A$13:$A$24,OFFSET($E79,-1,0)))),\"\")","v":""},{"$f":"IF(AND($C79=\"S\",ORÇAMENTO.CodBarra<>\"\"),IF(ORÇAMENTO.Fonte=\"\",ORÇAMENTO.CodBarra,CONCATENATE(ORÇAMENTO.Fonte,\" \",ORÇAMENTO.CodBarra)))","v":false},{"$f":"IF(ISERROR(INDIRECT(ORÇAMENTO.BancoRef)),\"(abra o arquivo 'Referência \"&Excel_BuiltIn_Database&\".xlsm)\",IF(OR($C79<>\"S\",ORÇAMENTO.CodBarra=\"\"),\"(Sem Código)\",IF(ISERROR(MATCH($AE79,INDIRECT(ORÇAMENTO.BancoRef),0)),\"(Código não identificado nas referências)\",MATCH($AE79,INDIRECT(ORÇAMENTO.BancoRef),0))))","v":"(Sem Código)"},{"$f":"ROUND(IF(DESONERACAO=\"sim\",REFERENCIA.Desonerado,REFERENCIA.NaoDesonerado),2)","v":0},{"$f":"ROUND(IF(ISNUMBER(ORÇAMENTO.OpcaoBDI),ORÇAMENTO.OpcaoBDI,IF(LEFT(ORÇAMENTO.OpcaoBDI,3)=\"BDI\",HLOOKUP(ORÇAMENTO.OpcaoBDI,$F$4:$H$5,2,FALSE),0)),15-11*$AF$9)","v":0.2487},null,null,null,null,0,{"$f":"ROUND(ORÇAMENTO.CustoUnitario*(1+$AH79),2)","v":0}]
[2,2,2,15,{"$f":"IF($C80=1,OFFSET(E80,-1,0)+MAX(1,COUNTIF(QCI!$A$13:$A$24,OFFSET(ORÇAMENTO!E80,-1,0))),OFFSET(E80,-1,0))","v":1},4,0,0,0,{"$f":"IF(OR($C80=\"S\",$C80=0),0,MATCH(0,OFFSET($D80,1,$C80,ROW($C$240)-ROW($C80)),0))","v":160},{"$f":"IF(OR($C80=\"S\",$C80=0),0,MATCH(OFFSET($D80,0,$C80)+IF($C80<>1,1,COUNTIF(QCI!$A$13:$A$24,ORÇAMENTO!E80)),OFFSET($D80,1,$C80,ROW($C$240)-ROW($C80)),0))","v":15},"F","Nível 2","Nível 2","1.4.","SINAPI",null,{"$f":"IF($C80=\"S\",REFERENCIA.Descricao,\"SUPERESTRUTURA\")","v":"SUPERESTRUTURA"},{"$f":"REFERENCIA.Unidade","v":"-"},{"$f":"OFFSET(CÁLCULO!H$15,ROW($T80)-ROW(T$15),0)","v":0},0,"BDI 1",{"$f":"IF($C80=\"S\",ROUND(IF(TIPOORCAMENTO=\"Proposto\",ORÇAMENTO.CustoUnitario*(1+$AH80),ORÇAMENTO.PrecoUnitarioLicitado),15-13*$AF$10),0)","v":0},{"$f":"IF($C80=\"S\",IF(Import.TipoArredondamento<>\"TransfereGOV\",VTOTAL1,SUM(OFFSET(CÁLCULO!$AA$15,ROW($X80)-ROW($X$15),1):OFFSET(CÁLCULO!$AL$15,ROW($X80)-ROW($X$15),-1))),IF($C80=0,0,ROUND(SomaAgrup,15-13*$AF$11)))","v":97776.37},"RA","",{"$f":"IF($C80=\"S\",IF($Z80=\"CP\",$X80,IF($Z80=\"RA\",(($X80)*QCI!$AA$3),0)),SomaAgrup)","v":97776.37},0,{"$f":"IF($N80=\"\",\"\",IF(ORÇAMENTO.Descricao=\"\",\"DESCRIÇÃO\",IF(AND($C80=\"S\",ORÇAMENTO.Unidade=\"\"),\"UNIDADE\",IF($X80<0,\"VALOR NEGATIVO\",IF(OR(AND(TIPOORCAMENTO=\"Proposto\",$AG80<>\"\",$AG80>0,ORÇAMENTO.CustoUnitario>$AG80),AND(TIPOORCAMENTO=\"LICITADO\",ORÇAMENTO.PrecoUnitarioLicitado>$AN80)),\"ACIMA REF.\",\"\")))))","v":""},{"$f":"IF(C80<=CRONO.NivelExibicao,MAX($AD$15:OFFSET(AD80,-1,0))+IF($C80<>1,1,MAX(1,COUNTIF(QCI!$A$13:$A$24,OFFSET($E80,-1,0)))),\"\")","v":5},{"$f":"IF(AND($C80=\"S\",ORÇAMENTO.CodBarra<>\"\"),IF(ORÇAMENTO.Fonte=\"\",ORÇAMENTO.CodBarra,CONCATENATE(ORÇAMENTO.Fonte,\" \",ORÇAMENTO.CodBarra)))","v":false},{"$f":"IF(ISERROR(INDIRECT(ORÇAMENTO.BancoRef)),\"(abra o arquivo 'Referência \"&Excel_BuiltIn_Database&\".xlsm)\",IF(OR($C80<>\"S\",ORÇAMENTO.CodBarra=\"\"),\"(Sem Código)\",IF(ISERROR(MATCH($AE80,INDIRECT(ORÇAMENTO.BancoRef),0)),\"(Código não identificado nas referências)\",MATCH($AE80,INDIRECT(ORÇAMENTO.BancoRef),0))))","v":"(Sem Código)"},{"$f":"ROUND(IF(DESONERACAO=\"sim\",REFERENCIA.Desonerado,REFERENCIA.NaoDesonerado),2)","v":0},0.2487,null,null,null,null,97776.37,0]
["S",2,"S",0,{"$f":"IF($C81=1,OFFSET(E81,-1,0)+MAX(1,COUNTIF(QCI!$A$13:$A$24,OFFSET(ORÇAMENTO!E81,-1,0))),OFFSET(E81,-1,0))","v":1},4,0,0,1,0,{"$f":"IF(OR($C81=\"S\",$C81=0),0,MATCH(OFFSET($D81,0,$C81)+IF($C81<>1,1,COUNTIF(QCI!$A$13:$A$24,ORÇAMENTO!E81)),OFFSET($D81,1,$C81,ROW($C$240)-ROW($C81)),0))","v":0},"F","Serviço","Serviço","1.4.0.1.","SINAPI","92759",{"$f":"IF($C81=\"S\",REFERENCIA.Descricao,\"(digite a descrição aqui)\")","v":"ARMAÇÃO DE PILAR OU VIGA DE ESTRUTURA CONVENCIONAL DE CONCRETO ARMADO UTILIZANDO AÇO CA-60 DE 5,0 MM - MONTAGEM. AF_06/2022"},{"$f":"REFERENCIA.Unidade","v":"KG"},{"$f":"OFFSET(CÁLCULO!H$15,ROW($T81)-ROW(T$15),0)","v":268.3},14.6,"BDI 1",{"$f":"IF($C81=\"S\",ROUND(IF(TIPOORCAMENTO=\"Proposto\",ORÇAMENTO.CustoUnitario*(1+$AH81),ORÇAMENTO.PrecoUnitarioLicitado),15-13*$AF$10),0)","v":18.23},{"$f":"IF($C81=\"S\",IF(Import.TipoArredondamento<>\"TransfereGOV\",VTOTAL1,SUM(OFFSET(CÁLCULO!$AA$15,ROW($X81)-ROW($X$15),1):OFFSET(CÁLCULO!$AL$15,ROW($X81)-ROW($X$15),-1))),IF($C81=0,0,ROUND(SomaAgrup,15-13*$AF$11)))","v":4891.1099999999997},"RA","RA",{"$f":"IF($C81=\"S\",IF($Z81=\"CP\",$X81,IF($Z81=\"RA\",(($X81)*QCI!$AA$3),0)),SomaAgrup)","v":4891.1099999999997},0,{"$f":"IF($N81=\"\",\"\",IF(ORÇAMENTO.Descricao=\"\",\"DESCRIÇÃO\",IF(AND($C81=\"S\",ORÇAMENTO.Unidade=\"\"),\"UNIDADE\",IF($X81<0,\"VALOR NEGATIVO\",IF(OR(AND(TIPOORCAMENTO=\"Proposto\",$AG81<>\"\",$AG81>0,ORÇAMENTO.CustoUnitario>$AG81),AND(TIPOORCAMENTO=\"LICITADO\",ORÇAMENTO.PrecoUnitarioLicitado>$AN81)),\"ACIMA REF.\",\"\")))))","v":""},{"$f":"IF(C81<=CRONO.NivelExibicao,MAX($AD$15:OFFSET(AD81,-1,0))+IF($C81<>1,1,MAX(1,COUNTIF(QCI!$A$13:$A$24,OFFSET($E81,-1,0)))),\"\")","v":""},{"$f":"IF(AND($C81=\"S\",ORÇAMENTO.CodBarra<>\"\"),IF(ORÇAMENTO.Fonte=\"\",ORÇAMENTO.CodBarra,CONCATENATE(ORÇAMENTO.Fonte,\" \",ORÇAMENTO.CodBarra)))","v":"SINAPI 92759"},{"$f":"IF(ISERROR(INDIRECT(ORÇAMENTO.BancoRef)),\"(abra o arquivo 'Referência \"&Excel_BuiltIn_Database&\".xlsm)\",IF(OR($C81<>\"S\",ORÇAMENTO.CodBarra=\"\"),\"(Sem Código)\",IF(ISERROR(MATCH($AE81,INDIRECT(ORÇAMENTO.BancoRef),0)),\"(Código não identificado nas referências)\",MATCH($AE81,INDIRECT(ORÇAMENTO.BancoRef),0))))","v":2494},{"$f":"ROUND(IF(DESONERACAO=\"sim\",REFERENCIA.Desonerado,REFERENCIA.NaoDesonerado),2)","v":14.6},0.2487,null,268.3,null,null,4891.1099999999997,18.23]
["S",2,"S",0,{"$f":"IF($C82=1,OFFSET(E82,-1,0)+MAX(1,COUNTIF(QCI!$A$13:$A$24,OFFSET(ORÇAMENTO!E82,-1,0))),OFFSET(E82,-1,0))","v":1},4,0,0,2,0,{"$f":"IF(OR($C82=\"S\",$C82=0),0,MATCH(OFFSET($D82,0,$C82)+IF($C82<>1,1,COUNTIF(QCI!$A$13:$A$24,ORÇAMENTO!E82)),OFFSET($D82,1,$C82,ROW($C$240)-ROW($C82)),0))","v":0},"F","Serviço","Serviço","1.4.0.2.","SINAPI","92760",{"$f":"IF($C82=\"S\",REFERENCIA.Descricao,\"(digite a descrição aqui)\")","v":"ARMAÇÃO DE PILAR OU VIGA DE ESTRUTURA CONVENCIONAL DE CONCRETO ARMADO UTILIZANDO AÇO CA-50 DE 6,3 MM - MONTAGEM. AF_06/2022"},{"$f":"REFERENCIA.Unidade","v":"KG"},{"$f":"OFFSET(CÁLCULO!H$15,ROW($T82)-ROW(T$15),0)","v":7.5},13.23,"BDI 1",{"$f":"IF($C82=\"S\",ROUND(IF(TIPOORCAMENTO=\"Proposto\",ORÇAMENTO.CustoUnitario*(1+$AH82),ORÇAMENTO.PrecoUnitarioLicitado),15-13*$AF$10),0)","v":16.52},{"$f":"IF($C82=\"S\",IF(Import.TipoArredondamento<>\"TransfereGOV\",VTOTAL1,SUM(OFFSET(CÁLCULO!$AA$15,ROW($X82)-ROW($X$15),1):OFFSET(CÁLCULO!$AL$15,ROW($X82)-ROW($X$15),-1))),IF($C82=0,0,ROUND(SomaAgrup,15-13*$AF$11)))","v":123.9},"RA","RA",{"$f":"IF($C82=\"S\",IF($Z82=\"CP\",$X82,IF($Z82=\"RA\",(($X82)*QCI!$AA$3),0)),SomaAgrup)","v":123.9},0,{"$f":"IF($N82=\"\",\"\",IF(ORÇAMENTO.Descricao=\"\",\"DESCRIÇÃO\",IF(AND($C82=\"S\",ORÇAMENTO.Unidade=\"\"),\"UNIDADE\",IF($X82<0,\"VALOR NEGATIVO\",IF(OR(AND(TIPOORCAMENTO=\"Proposto\",$AG82<>\"\",$AG82>0,ORÇAMENTO.CustoUnitario>$AG82),AND(TIPOORCAMENTO=\"LICITADO\",ORÇAMENTO.PrecoUnitarioLicitado>$AN82)),\"ACIMA REF.\",\"\")))))","v":""},{"$f":"IF(C82<=CRONO.NivelExibicao,MAX($AD$15:OFFSET(AD82,-1,0))+IF($C82<>1,1,MAX(1,COUNTIF(QCI!$A$13:$A$24,OFFSET($E82,-1,0)))),\"\")","v":""},{"$f":"IF(AND($C82=\"S\",ORÇAMENTO.CodBarra<>\"\"),IF(ORÇAMENTO.Fonte=\"\",ORÇAMENTO.CodBarra,CONCATENATE(ORÇAMENTO.Fonte,\" \",ORÇAMENTO.CodBarra)))","v":"SINAPI 92760"},{"$f":"IF(ISERROR(INDIRECT(ORÇAMENTO.BancoRef)),\"(abra o arquivo 'Referência \"&Excel_BuiltIn_Database&\".xlsm)\",IF(OR($C82<>\"S\",ORÇAMENTO.CodBarra=\"\"),\"(Sem Código)\",IF(ISERROR(MATCH($AE82,INDIRECT(ORÇAMENTO.BancoRef),0)),\"(Código não identificado nas referências)\",MATCH($AE82,INDIRECT(ORÇAMENTO.BancoRef),0))))","v":2495},{"$f":"ROUND(IF(DESONERACAO=\"sim\",REFERENCIA.Desonerado,REFERENCIA.NaoDesonerado),2)","v":13.23},0.2487,null,7.5,null,null,123.9,16.52]
["S",2,"S",0,{"$f":"IF($C83=1,OFFSET(E83,-1,0)+MAX(1,COUNTIF(QCI!$A$13:$A$24,OFFSET(ORÇAMENTO!E83,-1,0))),OFFSET(E83,-1,0))","v":1},4,0,0,3,0,{"$f":"IF(OR($C83=\"S\",$C83=0),0,MATCH(OFFSET($D83,0,$C83)+IF($C83<>1,1,COUNTIF(QCI!$A$13:$A$24,ORÇAMENTO!E83)),OFFSET($D83,1,$C83,ROW($C$240)-ROW($C83)),0))","v":0},"F","Serviço","Serviço","1.4.0.3.","SINAPI","92761",{"$f":"IF($C83=\"S\",REFERENCIA.Descricao,\"(digite a descrição aqui)\")","v":"ARMAÇÃO DE PILAR OU VIGA DE ESTRUTURA CONVENCIONAL DE CONCRETO ARMADO UTILIZANDO AÇO CA-50 DE 8,0 MM - MONTAGEM. AF_06/2022"},{"$f":"REFERENCIA.Unidade","v":"KG"},{"$f":"OFFSET(CÁLCULO!H$15,ROW($T83)-ROW(T$15),0)","v":307.7},12.07,"BDI 1",{"$f":"IF($C83=\"S\",ROUND(IF(TIPOORCAMENTO=\"Proposto\",ORÇAMENTO.CustoUnitario*(1+$AH83),ORÇAMENTO.PrecoUnitarioLicitado),15-13*$AF$10),0)","v":15.07},{"$f":"IF($C83=\"S\",IF(Import.TipoArredondamento<>\"TransfereGOV\",VTOTAL1,SUM(OFFSET(CÁLCULO!$AA$15,ROW($X83)-ROW($X$15),1):OFFSET(CÁLCULO!$AL$15,ROW($X83)-ROW($X$15),-1))),IF($C83=0,0,ROUND(SomaAgrup,15-13*$AF$11)))","v":4637.04},"RA","RA",{"$f":"IF($C83=\"S\",IF($Z83=\"CP\",$X83,IF($Z83=\"RA\",(($X83)*QCI!$AA$3),0)),SomaAgrup)","v":4637.04},0,{"$f":"IF($N83=\"\",\"\",IF(ORÇAMENTO.Descricao=\"\",\"DESCRIÇÃO\",IF(AND($C83=\"S\",ORÇAMENTO.Unidade=\"\"),\"UNIDADE\",IF($X83<0,\"VALOR NEGATIVO\",IF(OR(AND(TIPOORCAMENTO=\"Proposto\",$AG83<>\"\",$AG83>0,ORÇAMENTO.CustoUnitario>$AG83),AND(TIPOORCAMENTO=\"LICITADO\",ORÇAMENTO.PrecoUnitarioLicitado>$AN83)),\"ACIMA REF.\",\"\")))))","v":""},{"$f":"IF(C83<=CRONO.NivelExibicao,MAX($AD$15:OFFSET(AD83,-1,0))+IF($C83<>1,1,MAX(1,COUNTIF(QCI!$A$13:$A$24,OFFSET($E83,-1,0)))),\"\")","v":""},{"$f":"IF(AND($C83=\"S\",ORÇAMENTO.CodBarra<>\"\"),IF(ORÇAMENTO.Fonte=\"\",ORÇAMENTO.CodBarra,CONCATENATE(ORÇAMENTO.Fonte,\" \",ORÇAMENTO.CodBarra)))","v":"SINAPI 92761"},{"$f":"IF(ISERROR(INDIRECT(ORÇAMENTO.BancoRef)),\"(abra o arquivo 'Referência \"&Excel_BuiltIn_Database&\".xlsm)\",IF(OR($C83<>\"S\",ORÇAMENTO.CodBarra=\"\"),\"(Sem Código)\",IF(ISERROR(MATCH($AE83,INDIRECT(ORÇAMENTO.BancoRef),0)),\"(Código não identificado nas referências)\",MATCH($AE83,INDIRECT(ORÇAMENTO.BancoRef),0))))","v":2496},{"$f":"ROUND(IF(DESONERACAO=\"sim\",REFERENCIA.Desonerado,REFERENCIA.NaoDesonerado),2)","v":12.07},0.2487,null,307.7,null,null,4637.04,15.07]
["S",2,"S",0,{"$f":"IF($C84=1,OFFSET(E84,-1,0)+MAX(1,COUNTIF(QCI!$A$13:$A$24,OFFSET(ORÇAMENTO!E84,-1,0))),OFFSET(E84,-1,0))","v":1},4,0,0,4,0,{"$f":"IF(OR($C84=\"S\",$C84=0),0,MATCH(OFFSET($D84,0,$C84)+IF($C84<>1,1,COUNTIF(QCI!$A$13:$A$24,ORÇAMENTO!E84)),OFFSET($D84,1,$C84,ROW($C$240)-ROW($C84)),0))","v":0},"F","Serviço","Serviço","1.4.0.4.","SINAPI","92762",{"$f":"IF($C84=\"S\",REFERENCIA.Descricao,\"(digite a descrição aqui)\")","v":"ARMAÇÃO DE PILAR OU VIGA DE ESTRUTURA CONVENCIONAL DE CONCRETO ARMADO UTILIZANDO AÇO CA-50 DE 10,0 MM - MONTAGEM. AF_06/2022"},{"$f":"REFERENCIA.Unidade","v":"KG"},{"$f":"OFFSET(CÁLCULO!H$15,ROW($T84)-ROW(T$15),0)","v":126.9},10.58,"BDI 1",{"$f":"IF($C84=\"S\",ROUND(IF(TIPOORCAMENTO=\"Proposto\",ORÇAMENTO.CustoUnitario*(1+$AH84),ORÇAMENTO.PrecoUnitarioLicitado),15-13*$AF$10),0)","v":13.21},{"$f":"IF($C84=\"S\",IF(Import.TipoArredondamento<>\"TransfereGOV\",VTOTAL1,SUM(OFFSET(CÁLCULO!$AA$15,ROW($X84)-ROW($X$15),1):OFFSET(CÁLCULO!$AL$15,ROW($X84)-ROW($X$15),-1))),IF($C84=0,0,ROUND(SomaAgrup,15-13*$AF$11)))","v":1676.35},"RA","RA",{"$f":"IF($C84=\"S\",IF($Z84=\"CP\",$X84,IF($Z84=\"RA\",(($X84)*QCI!$AA$3),0)),SomaAgrup)","v":1676.35},0,{"$f":"IF($N84=\"\",\"\",IF(ORÇAMENTO.Descricao=\"\",\"DESCRIÇÃO\",IF(AND($C84=\"S\",ORÇAMENTO.Unidade=\"\"),\"UNIDADE\",IF($X84<0,\"VALOR NEGATIVO\",IF(OR(AND(TIPOORCAMENTO=\"Proposto\",$AG84<>\"\",$AG84>0,ORÇAMENTO.CustoUnitario>$AG84),AND(TIPOORCAMENTO=\"LICITADO\",ORÇAMENTO.PrecoUnitarioLicitado>$AN84)),\"ACIMA REF.\",\"\")))))","v":""},{"$f":"IF(C84<=CRONO.NivelExibicao,MAX($AD$15:OFFSET(AD84,-1,0))+IF($C84<>1,1,MAX(1,COUNTIF(QCI!$A$13:$A$24,OFFSET($E84,-1,0)))),\"\")","v":""},{"$f":"IF(AND($C84=\"S\",ORÇAMENTO.CodBarra<>\"\"),IF(ORÇAMENTO.Fonte=\"\",ORÇAMENTO.CodBarra,CONCATENATE(ORÇAMENTO.Fonte,\" \",ORÇAMENTO.CodBarra)))","v":"SINAPI 92762"},{"$f":"IF(ISERROR(INDIRECT(ORÇAMENTO.BancoRef)),\"(abra o arquivo 'Referência \"&Excel_BuiltIn_Database&\".xlsm)\",IF(OR($C84<>\"S\",ORÇAMENTO.CodBarra=\"\"),\"(Sem Código)\",IF(ISERROR(MATCH($AE84,INDIRECT(ORÇAMENTO.BancoRef),0)),\"(Código não identificado nas referências)\",MATCH($AE84,INDIRECT(ORÇAMENTO.BancoRef),0))))","v":2497},{"$f":"ROUND(IF(DESONERACAO=\"sim\",REFERENCIA.Desonerado,REFERENCIA.NaoDesonerado),2)","v":10.58},0.2487,null,126.9,null,null,1676.35,13.21]
["S",2,"S",0,{"$f":"IF($C85=1,OFFSET(E85,-1,0)+MAX(1,COUNTIF(QCI!$A$13:$A$24,OFFSET(ORÇAMENTO!E85,-1,0))),OFFSET(E85,-1,0))","v":1},4,0,0,5,0,{"$f":"IF(OR($C85=\"S\",$C85=0),0,MATCH(OFFSET($D85,0,$C85)+IF($C85<>1,1,COUNTIF(QCI!$A$13:$A$24,ORÇAMENTO!E85)),OFFSET($D85,1,$C85,ROW($C$240)-ROW($C85)),0))","v":0},"F","Serviço","Serviço","1.4.0.5.","SINAPI","92763",{"$f":"IF($C85=\"S\",REFERENCIA.Descricao,\"(digite a descrição aqui)\")","v":"ARMAÇÃO DE PILAR OU VIGA DE ESTRUTURA CONVENCIONAL DE CONCRETO ARMADO UTILIZANDO AÇO CA-50 DE 12,5 MM - MONTAGEM. AF_06/2022"},{"$f":"REFERENCIA.Unidade","v":"KG"},{"$f":"OFFSET(CÁLCULO!H$15,ROW($T85)-ROW(T$15),0)","v":114.3},8.8000000000000007,"BDI 1",{"$f":"IF($C85=\"S\",ROUND(IF(TIPOORCAMENTO=\"Proposto\",ORÇAMENTO.CustoUnitario*(1+$AH85),ORÇAMENTO.PrecoUnitarioLicitado),15-13*$AF$10),0)","v":10.99},{"$f":"IF($C85=\"S\",IF(Import.TipoArredondamento<>\"TransfereGOV\",VTOTAL1,SUM(OFFSET(CÁLCULO!$AA$15,ROW($X85)-ROW($X$15),1):OFFSET(CÁLCULO!$AL$15,ROW($X85)-ROW($X$15),-1))),IF($C85=0,0,ROUND(SomaAgrup,15-13*$AF$11)))","v":1256.1600000000001},"RA","RA",{"$f":"IF($C85=\"S\",IF($Z85=\"CP\",$X85,IF($Z85=\"RA\",(($X85)*QCI!$AA$3),0)),SomaAgrup)","v":1256.1600000000001},0,{"$f":"IF($N85=\"\",\"\",IF(ORÇAMENTO.Descricao=\"\",\"DESCRIÇÃO\",IF(AND($C85=\"S\",ORÇAMENTO.Unidade=\"\"),\"UNIDADE\",IF($X85<0,\"VALOR NEGATIVO\",IF(OR(AND(TIPOORCAMENTO=\"Proposto\",$AG85<>\"\",$AG85>0,ORÇAMENTO.CustoUnitario>$AG85),AND(TIPOORCAMENTO=\"LICITADO\",ORÇAMENTO.PrecoUnitarioLicitado>$AN85)),\"ACIMA REF.\",\"\")))))","v":""},{"$f":"IF(C85<=CRONO.NivelExibicao,MAX($AD$15:OFFSET(AD85,-1,0))+IF($C85<>1,1,MAX(1,COUNTIF(QCI!$A$13:$A$24,OFFSET($E85,-1,0)))),\"\")","v":""},{"$f":"IF(AND($C85=\"S\",ORÇAMENTO.CodBarra<>\"\"),IF(ORÇAMENTO.Fonte=\"\",ORÇAMENTO.CodBarra,CONCATENATE(ORÇAMENTO.Fonte,\" \",ORÇAMENTO.CodBarra)))","v":"SINAPI 92763"},{"$f":"IF(ISERROR(INDIRECT(ORÇAMENTO.BancoRef)),\"(abra o arquivo 'Referência \"&Excel_BuiltIn_Database&\".xlsm)\",IF(OR($C85<>\"S\",ORÇAMENTO.CodBarra=\"\"),\"(Sem Código)\",IF(ISERROR(MATCH($AE85,INDIRECT(ORÇAMENTO.BancoRef),0)),\"(Código não identificado nas referências)\",MATCH($AE85,INDIRECT(ORÇAMENTO.BancoRef),0))))","v":2498},{"$f":"ROUND(IF(DESONERACAO=\"sim\",REFERENCIA.Desonerado,REFERENCIA.NaoDesonerado),2)","v":8.8000000000000007},0.2487,null,114.3,null,null,1256.1600000000001,10.99]
["S",2,"S",0,{"$f":"IF($C86=1,OFFSET(E86,-1,0)+MAX(1,COUNTIF(QCI!$A$13:$A$24,OFFSET(ORÇAMENTO!E86,-1,0))),OFFSET(E86,-1,0))","v":1},4,0,0,6,0,{"$f":"IF(OR($C86=\"S\",$C86=0),0,MATCH(OFFSET($D86,0,$C86)+IF($C86<>1,1,COUNTIF(QCI!$A$13:$A$24,ORÇAMENTO!E86)),OFFSET($D86,1,$C86,ROW($C$240)-ROW($C86)),0))","v":0},"F","Serviço","Serviço","1.4.0.6.","SINAPI","92764",{"$f":"IF($C86=\"S\",REFERENCIA.Descricao,\"(digite a descrição aqui)\")","v":"ARMAÇÃO DE PILAR OU VIGA DE ESTRUTURA CONVENCIONAL DE CONCRETO ARMADO UTILIZANDO AÇO CA-50 DE 16,0 MM - MONTAGEM. AF_06/2022"},{"$f":"REFERENCIA.Unidade","v":"KG"},{"$f":"OFFSET(CÁLCULO!H$15,ROW($T86)-ROW(T$15),0)","v":533.79999999999995},8.42,"BDI 1",{"$f":"IF($C86=\"S\",ROUND(IF(TIPOORCAMENTO=\"Proposto\",ORÇAMENTO.CustoUnitario*(1+$AH86),ORÇAMENTO.PrecoUnitarioLicitado),15-13*$AF$10),0)","v":10.51},{"$f":"IF($C86=\"S\",IF(Import.TipoArredondamento<>\"TransfereGOV\",VTOTAL1,SUM(OFFSET(CÁLCULO!$AA$15,ROW($X86)-ROW($X$15),1):OFFSET(CÁLCULO!$AL$15,ROW($X86)-ROW($X$15),-1))),IF($C86=0,0,ROUND(SomaAgrup,15-13*$AF$11)))","v":5610.24},"RA","RA",{"$f":"IF($C86=\"S\",IF($Z86=\"CP\",$X86,IF($Z86=\"RA\",(($X86)*QCI!$AA$3),0)),SomaAgrup)","v":5610.24},0,{"$f":"IF($N86=\"\",\"\",IF(ORÇAMENTO.Descricao=\"\",\"DESCRIÇÃO\",IF(AND($C86=\"S\",ORÇAMENTO.Unidade=\"\"),\"UNIDADE\",IF($X86<0,\"VALOR NEGATIVO\",IF(OR(AND(TIPOORCAMENTO=\"Proposto\",$AG86<>\"\",$AG86>0,ORÇAMENTO.CustoUnitario>$AG86),AND(TIPOORCAMENTO=\"LICITADO\",ORÇAMENTO.PrecoUnitarioLicitado>$AN86)),\"ACIMA REF.\",\"\")))))","v":""},{"$f":"IF(C86<=CRONO.NivelExibicao,MAX($AD$15:OFFSET(AD86,-1,0))+IF($C86<>1,1,MAX(1,COUNTIF(QCI!$A$13:$A$24,OFFSET($E86,-1,0)))),\"\")","v":""},{"$f":"IF(AND($C86=\"S\",ORÇAMENTO.CodBarra<>\"\"),IF(ORÇAMENTO.Fonte=\"\",ORÇAMENTO.CodBarra,CONCATENATE(ORÇAMENTO.Fonte,\" \",ORÇAMENTO.CodBarra)))","v":"SINAPI 92764"},{"$f":"IF(ISERROR(INDIRECT(ORÇAMENTO.BancoRef)),\"(abra o arquivo 'Referência \"&Excel_BuiltIn_Database&\".xlsm)\",IF(OR($C86<>\"S\",ORÇAMENTO.CodBarra=\"\"),\"(Sem Código)\",IF(ISERROR(MATCH($AE86,INDIRECT(ORÇAMENTO.BancoRef),0)),\"(Código não identificado nas referências)\",MATCH($AE86,INDIRECT(ORÇAMENTO.BancoRef),0))))","v":2499},{"$f":"ROUND(IF(DESONERACAO=\"sim\",REFERENCIA.Desonerado,REFERENCIA.NaoDesonerado),2)","v":8.42},0.2487,null,533.79999999999995,null,null,5610.24,10.51]
["S",2,"S",0,{"$f":"IF($C87=1,OFFSET(E87,-1,0)+MAX(1,COUNTIF(QCI!$A$13:$A$24,OFFSET(ORÇAMENTO!E87,-1,0))),OFFSET(E87,-1,0))","v":1},4,0,0,7,0,{"$f":"IF(OR($C87=\"S\",$C87=0),0,MATCH(OFFSET($D87,0,$C87)+IF($C87<>1,1,COUNTIF(QCI!$A$13:$A$24,ORÇAMENTO!E87)),OFFSET($D87,1,$C87,ROW($C$240)-ROW($C87)),0))","v":0},"F","Serviço","Serviço","1.4.0.7.","SINAPI","92413",{"$f":"IF($C87=\"S\",REFERENCIA.Descricao,\"(digite a descrição aqui)\")","v":"MONTAGEM E DESMONTAGEM DE FÔRMA DE PILARES RETANGULARES E ESTRUTURAS SIMILARES, PÉ-DIREITO SIMPLES, EM MADEIRA SERRADA, 4 UTILIZAÇÕES. AF_09/2020"},{"$f":"REFERENCIA.Unidade","v":"M2"},{"$f":"OFFSET(CÁLCULO!H$15,ROW($T87)-ROW(T$15),0)","v":85.28},114.3,"BDI 1",{"$f":"IF($C87=\"S\",ROUND(IF(TIPOORCAMENTO=\"Proposto\",ORÇAMENTO.CustoUnitario*(1+$AH87),ORÇAMENTO.PrecoUnitarioLicitado),15-13*$AF$10),0)","v":142.72999999999999},{"$f":"IF($C87=\"S\",IF(Import.TipoArredondamento<>\"TransfereGOV\",VTOTAL1,SUM(OFFSET(CÁLCULO!$AA$15,ROW($X87)-ROW($X$15),1):OFFSET(CÁLCULO!$AL$15,ROW($X87)-ROW($X$15),-1))),IF($C87=0,0,ROUND(SomaAgrup,15-13*$AF$11)))","v":12172.01},"RA","RA",{"$f":"IF($C87=\"S\",IF($Z87=\"CP\",$X87,IF($Z87=\"RA\",(($X87)*QCI!$AA$3),0)),SomaAgrup)","v":12172.01},0,{"$f":"IF($N87=\"\",\"\",IF(ORÇAMENTO.Descricao=\"\",\"DESCRIÇÃO\",IF(AND($C87=\"S\",ORÇAMENTO.Unidade=\"\"),\"UNIDADE\",IF($X87<0,\"VALOR NEGATIVO\",IF(OR(AND(TIPOORCAMENTO=\"Proposto\",$AG87<>\"\",$AG87>0,ORÇAMENTO.CustoUnitario>$AG87),AND(TIPOORCAMENTO=\"LICITADO\",ORÇAMENTO.PrecoUnitarioLicitado>$AN87)),\"ACIMA REF.\",\"\")))))","v":""},{"$f":"IF(C87<=CRONO.NivelExibicao,MAX($AD$15:OFFSET(AD87,-1,0))+IF($C87<>1,1,MAX(1,COUNTIF(QCI!$A$13:$A$24,OFFSET($E87,-1,0)))),\"\")","v":""},{"$f":"IF(AND($C87=\"S\",ORÇAMENTO.CodBarra<>\"\"),IF(ORÇAMENTO.Fonte=\"\",ORÇAMENTO.CodBarra,CONCATENATE(ORÇAMENTO.Fonte,\" \",ORÇAMENTO.CodBarra)))","v":"SINAPI 92413"},{"$f":"IF(ISERROR(INDIRECT(ORÇAMENTO.BancoRef)),\"(abra o arquivo 'Referência \"&Excel_BuiltIn_Database&\".xlsm)\",IF(OR($C87<>\"S\",ORÇAMENTO.CodBarra=\"\"),\"(Sem Código)\",IF(ISERROR(MATCH($AE87,INDIRECT(ORÇAMENTO.BancoRef),0)),\"(Código não identificado nas referências)\",MATCH($AE87,INDIRECT(ORÇAMENTO.BancoRef),0))))","v":2282},{"$f":"ROUND(IF(DESONERACAO=\"sim\",REFERENCIA.Desonerado,REFERENCIA.NaoDesonerado),2)","v":114.3},0.2487,null,85.28,null,null,12172.01,142.72999999999999]
["S",2,"S",0,{"$f":"IF($C88=1,OFFSET(E88,-1,0)+MAX(1,COUNTIF(QCI!$A$13:$A$24,OFFSET(ORÇAMENTO!E88,-1,0))),OFFSET(E88,-1,0))","v":1},4,0,0,8,0,{"$f":"IF(OR($C88=\"S\",$C88=0),0,MATCH(OFFSET($D88,0,$C88)+IF($C88<>1,1,COUNTIF(QCI!$A$13:$A$24,ORÇAMENTO!E88)),OFFSET($D88,1,$C88,ROW($C$240)-ROW($C88)),0))","v":0},"F","Serviço","Serviço","1.4.0.8.","SINAPI","103672",{"$f":"IF($C88=\"S\",REFERENCIA.Descricao,\"(digite a descrição aqui)\")","v":"CONCRETAGEM DE PILARES, FCK = 25 MPA, COM USO DE BOMBA - LANÇAMENTO, ADENSAMENTO E ACABAMENTO. AF_02/2022_PS"},{"$f":"REFERENCIA.Unidade","v":"M3"},{"$f":"OFFSET(CÁLCULO!H$15,ROW($T88)-ROW(T$15),0)","v":4.29},578.23,"BDI 1",{"$f":"IF($C88=\"S\",ROUND(IF(TIPOORCAMENTO=\"Proposto\",ORÇAMENTO.CustoUnitario*(1+$AH88),ORÇAMENTO.PrecoUnitarioLicitado),15-13*$AF$10),0)","v":722.04},{"$f":"IF($C88=\"S\",IF(Import.TipoArredondamento<>\"TransfereGOV\",VTOTAL1,SUM(OFFSET(CÁLCULO!$AA$15,ROW($X88)-ROW($X$15),1):OFFSET(CÁLCULO!$AL$15,ROW($X88)-ROW($X$15),-1))),IF($C88=0,0,ROUND(SomaAgrup,15-13*$AF$11)))","v":3097.55},"RA","RA",{"$f":"IF($C88=\"S\",IF($Z88=\"CP\",$X88,IF($Z88=\"RA\",(($X88)*QCI!$AA$3),0)),SomaAgrup)","v":3097.55},0,{"$f":"IF($N88=\"\",\"\",IF(ORÇAMENTO.Descricao=\"\",\"DESCRIÇÃO\",IF(AND($C88=\"S\",ORÇAMENTO.Unidade=\"\"),\"UNIDADE\",IF($X88<0,\"VALOR NEGATIVO\",IF(OR(AND(TIPOORCAMENTO=\"Proposto\",$AG88<>\"\",$AG88>0,ORÇAMENTO.CustoUnitario>$AG88),AND(TIPOORCAMENTO=\"LICITADO\",ORÇAMENTO.PrecoUnitarioLicitado>$AN88)),\"ACIMA REF.\",\"\")))))","v":""},{"$f":"IF(C88<=CRONO.NivelExibicao,MAX($AD$15:OFFSET(AD88,-1,0))+IF($C88<>1,1,MAX(1,COUNTIF(QCI!$A$13:$A$24,OFFSET($E88,-1,0)))),\"\")","v":""},{"$f":"IF(AND($C88=\"S\",ORÇAMENTO.CodBarra<>\"\"),IF(ORÇAMENTO.Fonte=\"\",ORÇAMENTO.CodBarra,CONCATENATE(ORÇAMENTO.Fonte,\" \",ORÇAMENTO.CodBarra)))","v":"SINAPI 103672"},{"$f":"IF(ISERROR(INDIRECT(ORÇAMENTO.BancoRef)),\"(abra o arquivo 'Referência \"&Excel_BuiltIn_Database&\".xlsm)\",IF(OR($C88<>\"S\",ORÇAMENTO.CodBarra=\"\"),\"(Sem Código)\",IF(ISERROR(MATCH($AE88,INDIRECT(ORÇAMENTO.BancoRef),0)),\"(Código não identificado nas referências)\",MATCH($AE88,INDIRECT(ORÇAMENTO.BancoRef),0))))","v":2642},{"$f":"ROUND(IF(DESONERACAO=\"sim\",REFERENCIA.Desonerado,REFERENCIA.NaoDesonerado),2)","v":578.23},0.2487,null,4.29,null,null,3097.55,722.04]
["S",2,"S",0,{"$f":"IF($C89=1,OFFSET(E89,-1,0)+MAX(1,COUNTIF(QCI!$A$13:$A$24,OFFSET(ORÇAMENTO!E89,-1,0))),OFFSET(E89,-1,0))","v":1},4,0,0,9,0,{"$f":"IF(OR($C89=\"S\",$C89=0),0,MATCH(OFFSET($D89,0,$C89)+IF($C89<>1,1,COUNTIF(QCI!$A$13:$A$24,ORÇAMENTO!E89)),OFFSET($D89,1,$C89,ROW($C$240)-ROW($C89)),0))","v":0},"F","Serviço","Serviço","1.4.0.9.","SINAPI","92448",{"$f":"IF($C89=\"S\",REFERENCIA.Descricao,\"(digite a descrição aqui)\")","v":"MONTAGEM E DESMONTAGEM DE FÔRMA DE VIGA, ESCORAMENTO COM PONTALETE DE MADEIRA, PÉ-DIREITO SIMPLES, EM MADEIRA SERRADA, 4 UTILIZAÇÕES. AF_09/2020"},{"$f":"REFERENCIA.Unidade","v":"M2"},{"$f":"OFFSET(CÁLCULO!H$15,ROW($T89)-ROW(T$15),0)","v":159.87},180.28,"BDI 1",{"$f":"IF($C89=\"S\",ROUND(IF(TIPOORCAMENTO=\"Proposto\",ORÇAMENTO.CustoUnitario*(1+$AH89),ORÇAMENTO.PrecoUnitarioLicitado),15-13*$AF$10),0)","v":225.12},{"$f":"IF($C89=\"S\",IF(Import.TipoArredondamento<>\"TransfereGOV\",VTOTAL1,SUM(OFFSET(CÁLCULO!$AA$15,ROW($X89)-ROW($X$15),1):OFFSET(CÁLCULO!$AL$15,ROW($X89)-ROW($X$15),-1))),IF($C89=0,0,ROUND(SomaAgrup,15-13*$AF$11)))","v":35989.93},"RA","RA",{"$f":"IF($C89=\"S\",IF($Z89=\"CP\",$X89,IF($Z89=\"RA\",(($X89)*QCI!$AA$3),0)),SomaAgrup)","v":35989.93},0,{"$f":"IF($N89=\"\",\"\",IF(ORÇAMENTO.Descricao=\"\",\"DESCRIÇÃO\",IF(AND($C89=\"S\",ORÇAMENTO.Unidade=\"\"),\"UNIDADE\",IF($X89<0,\"VALOR NEGATIVO\",IF(OR(AND(TIPOORCAMENTO=\"Proposto\",$AG89<>\"\",$AG89>0,ORÇAMENTO.CustoUnitario>$AG89),AND(TIPOORCAMENTO=\"LICITADO\",ORÇAMENTO.PrecoUnitarioLicitado>$AN89)),\"ACIMA REF.\",\"\")))))","v":""},{"$f":"IF(C89<=CRONO.NivelExibicao,MAX($AD$15:OFFSET(AD89,-1,0))+IF($C89<>1,1,MAX(1,COUNTIF(QCI!$A$13:$A$24,OFFSET($E89,-1,0)))),\"\")","v":""},{"$f":"IF(AND($C89=\"S\",ORÇAMENTO.CodBarra<>\"\"),IF(ORÇAMENTO.Fonte=\"\",ORÇAMENTO.CodBarra,CONCATENATE(ORÇAMENTO.Fonte,\" \",ORÇAMENTO.CodBarra)))","v":"SINAPI 92448"},{"$f":"IF(ISERROR(INDIRECT(ORÇAMENTO.BancoRef)),\"(abra o arquivo 'Referência \"&Excel_BuiltIn_Database&\".xlsm)\",IF(OR($C89<>\"S\",ORÇAMENTO.CodBarra=\"\"),\"(Sem Código)\",IF(ISERROR(MATCH($AE89,INDIRECT(ORÇAMENTO.BancoRef),0)),\"(Código não identificado nas referências)\",MATCH($AE89,INDIRECT(ORÇAMENTO.BancoRef),0))))","v":2301},{"$f":"ROUND(IF(DESONERACAO=\"sim\",REFERENCIA.Desonerado,REFERENCIA.NaoDesonerado),2)","v":180.28},0.2487,null,159.87,null,null,35989.93,225.12]
["S",2,"S",0,{"$f":"IF($C90=1,OFFSET(E90,-1,0)+MAX(1,COUNTIF(QCI!$A$13:$A$24,OFFSET(ORÇAMENTO!E90,-1,0))),OFFSET(E90,-1,0))","v":1},4,0,0,10,0,{"$f":"IF(OR($C90=\"S\",$C90=0),0,MATCH(OFFSET($D90,0,$C90)+IF($C90<>1,1,COUNTIF(QCI!$A$13:$A$24,ORÇAMENTO!E90)),OFFSET($D90,1,$C90,ROW($C$240)-ROW($C90)),0))","v":0},"F","Serviço","Serviço","1.4.0.10.","Composição","101960",{"$f":"IF($C90=\"S\",REFERENCIA.Descricao,\"(digite a descrição aqui)\")","v":"LAJE PRÉ-MOLDADA UNIDIRECIONAL, BIAPOIADA, ENCHIMENTO EM EPS, VIGOTA PROTENDIDA, ALTURA TOTAL DA LAJE (ENCHIMENTO+CAPA) = (12+4)."},{"$f":"REFERENCIA.Unidade","v":"M2"},{"$f":"OFFSET(CÁLCULO!H$15,ROW($T90)-ROW(T$15),0)","v":87.33},151.19999999999999,"BDI 1",{"$f":"IF($C90=\"S\",ROUND(IF(TIPOORCAMENTO=\"Proposto\",ORÇAMENTO.CustoUnitario*(1+$AH90),ORÇAMENTO.PrecoUnitarioLicitado),15-13*$AF$10),0)","v":188.8},{"$f":"IF($C90=\"S\",IF(Import.TipoArredondamento<>\"TransfereGOV\",VTOTAL1,SUM(OFFSET(CÁLCULO!$AA$15,ROW($X90)-ROW($X$15),1):OFFSET(CÁLCULO!$AL$15,ROW($X90)-ROW($X$15),-1))),IF($C90=0,0,ROUND(SomaAgrup,15-13*$AF$11)))","v":16487.900000000001},"RA","RA",{"$f":"IF($C90=\"S\",IF($Z90=\"CP\",$X90,IF($Z90=\"RA\",(($X90)*QCI!$AA$3),0)),SomaAgrup)","v":16487.900000000001},0,{"$f":"IF($N90=\"\",\"\",IF(ORÇAMENTO.Descricao=\"\",\"DESCRIÇÃO\",IF(AND($C90=\"S\",ORÇAMENTO.Unidade=\"\"),\"UNIDADE\",IF($X90<0,\"VALOR NEGATIVO\",IF(OR(AND(TIPOORCAMENTO=\"Proposto\",$AG90<>\"\",$AG90>0,ORÇAMENTO.CustoUnitario>$AG90),AND(TIPOORCAMENTO=\"LICITADO\",ORÇAMENTO.PrecoUnitarioLicitado>$AN90)),\"ACIMA REF.\",\"\")))))","v":""},{"$f":"IF(C90<=CRONO.NivelExibicao,MAX($AD$15:OFFSET(AD90,-1,0))+IF($C90<>1,1,MAX(1,COUNTIF(QCI!$A$13:$A$24,OFFSET($E90,-1,0)))),\"\")","v":""},{"$f":"IF(AND($C90=\"S\",ORÇAMENTO.CodBarra<>\"\"),IF(ORÇAMENTO.Fonte=\"\",ORÇAMENTO.CodBarra,CONCATENATE(ORÇAMENTO.Fonte,\" \",ORÇAMENTO.CodBarra)))","v":"Composição 101960"},{"$f":"IF(ISERROR(INDIRECT(ORÇAMENTO.BancoRef)),\"(abra o arquivo 'Referência \"&Excel_BuiltIn_Database&\".xlsm)\",IF(OR($C90<>\"S\",ORÇAMENTO.CodBarra=\"\"),\"(Sem Código)\",IF(ISERROR(MATCH($AE90,INDIRECT(ORÇAMENTO.BancoRef),0)),\"(Código não identificado nas referências)\",MATCH($AE90,INDIRECT(ORÇAMENTO.BancoRef),0))))","v":3},{"$f":"ROUND(IF(DESONERACAO=\"sim\",REFERENCIA.Desonerado,REFERENCIA.NaoDesonerado),2)","v":151.19999999999999},0.2487,null,87.33,null,null,16487.900000000001,188.8]
["S",2,"S",0,{"$f":"IF($C91=1,OFFSET(E91,-1,0)+MAX(1,COUNTIF(QCI!$A$13:$A$24,OFFSET(ORÇAMENTO!E91,-1,0))),OFFSET(E91,-1,0))","v":1},4,0,0,11,0,{"$f":"IF(OR($C91=\"S\",$C91=0),0,MATCH(OFFSET($D91,0,$C91)+IF($C91<>1,1,COUNTIF(QCI!$A$13:$A$24,ORÇAMENTO!E91)),OFFSET($D91,1,$C91,ROW($C$240)-ROW($C91)),0))","v":0},"F","Serviço","Serviço","1.4.0.11.","SINAPI","103674",{"$f":"IF($C91=\"S\",REFERENCIA.Descricao,\"(digite a descrição aqui)\")","v":"CONCRETAGEM DE VIGAS E LAJES, FCK=25 MPA, PARA LAJES PREMOLDADAS COM USO DE BOMBA - LANÇAMENTO, ADENSAMENTO E ACABAMENTO. AF_02/2022_PS"},{"$f":"REFERENCIA.Unidade","v":"M3"},{"$f":"OFFSET(CÁLCULO!H$15,ROW($T91)-ROW(T$15),0)","v":15.69},604.03,"BDI 1",{"$f":"IF($C91=\"S\",ROUND(IF(TIPOORCAMENTO=\"Proposto\",ORÇAMENTO.CustoUnitario*(1+$AH91),ORÇAMENTO.PrecoUnitarioLicitado),15-13*$AF$10),0)","v":754.25},{"$f":"IF($C91=\"S\",IF(Import.TipoArredondamento<>\"TransfereGOV\",VTOTAL1,SUM(OFFSET(CÁLCULO!$AA$15,ROW($X91)-ROW($X$15),1):OFFSET(CÁLCULO!$AL$15,ROW($X91)-ROW($X$15),-1))),IF($C91=0,0,ROUND(SomaAgrup,15-13*$AF$11)))","v":11834.18},"RA","RA",{"$f":"IF($C91=\"S\",IF($Z91=\"CP\",$X91,IF($Z91=\"RA\",(($X91)*QCI!$AA$3),0)),SomaAgrup)","v":11834.18},0,{"$f":"IF($N91=\"\",\"\",IF(ORÇAMENTO.Descricao=\"\",\"DESCRIÇÃO\",IF(AND($C91=\"S\",ORÇAMENTO.Unidade=\"\"),\"UNIDADE\",IF($X91<0,\"VALOR NEGATIVO\",IF(OR(AND(TIPOORCAMENTO=\"Proposto\",$AG91<>\"\",$AG91>0,ORÇAMENTO.CustoUnitario>$AG91),AND(TIPOORCAMENTO=\"LICITADO\",ORÇAMENTO.PrecoUnitarioLicitado>$AN91)),\"ACIMA REF.\",\"\")))))","v":""},{"$f":"IF(C91<=CRONO.NivelExibicao,MAX($AD$15:OFFSET(AD91,-1,0))+IF($C91<>1,1,MAX(1,COUNTIF(QCI!$A$13:$A$24,OFFSET($E91,-1,0)))),\"\")","v":""},{"$f":"IF(AND($C91=\"S\",ORÇAMENTO.CodBarra<>\"\"),IF(ORÇAMENTO.Fonte=\"\",ORÇAMENTO.CodBarra,CONCATENATE(ORÇAMENTO.Fonte,\" \",ORÇAMENTO.CodBarra)))","v":"SINAPI 103674"},{"$f":"IF(ISERROR(INDIRECT(ORÇAMENTO.BancoRef)),\"(abra o arquivo 'Referência \"&Excel_BuiltIn_Database&\".xlsm)\",IF(OR($C91<>\"S\",ORÇAMENTO.CodBarra=\"\"),\"(Sem Código)\",IF(ISERROR(MATCH($AE91,INDIRECT(ORÇAMENTO.BancoRef),0)),\"(Código não identificado nas referências)\",MATCH($AE91,INDIRECT(ORÇAMENTO.BancoRef),0))))","v":2644},{"$f":"ROUND(IF(DESONERACAO=\"sim\",REFERENCIA.Desonerado,REFERENCIA.NaoDesonerado),2)","v":604.03},0.2487,null,15.69,null,null,11834.18,754.25]
["S",2,"S",0,{"$f":"IF($C92=1,OFFSET(E92,-1,0)+MAX(1,COUNTIF(QCI!$A$13:$A$24,OFFSET(ORÇAMENTO!E92,-1,0))),OFFSET(E92,-1,0))","v":1},4,0,0,11,0,{"$f":"IF(OR($C92=\"S\",$C92=0),0,MATCH(OFFSET($D92,0,$C92)+IF($C92<>1,1,COUNTIF(QCI!$A$13:$A$24,ORÇAMENTO!E92)),OFFSET($D92,1,$C92,ROW($C$240)-ROW($C92)),0))","v":0},"","Serviço","Serviço","-","SINAPI",null,{"$f":"IF($C92=\"S\",REFERENCIA.Descricao,\"(digite a descrição aqui)\")","v":"(Sem Código)"},{"$f":"REFERENCIA.Unidade","v":"-"},{"$f":"OFFSET(CÁLCULO!H$15,ROW($T92)-ROW(T$15),0)","v":0},0,"BDI 1",{"$f":"IF($C92=\"S\",ROUND(IF(TIPOORCAMENTO=\"Proposto\",ORÇAMENTO.CustoUnitario*(1+$AH92),ORÇAMENTO.PrecoUnitarioLicitado),15-13*$AF$10),0)","v":0},{"$f":"IF($C92=\"S\",IF(Import.TipoArredondamento<>\"TransfereGOV\",VTOTAL1,SUM(OFFSET(CÁLCULO!$AA$15,ROW($X92)-ROW($X$15),1):OFFSET(CÁLCULO!$AL$15,ROW($X92)-ROW($X$15),-1))),IF($C92=0,0,ROUND(SomaAgrup,15-13*$AF$11)))","v":0},"RA","",{"$f":"IF($C92=\"S\",IF($Z92=\"CP\",$X92,IF($Z92=\"RA\",(($X92)*QCI!$AA$3),0)),SomaAgrup)","v":0},0,{"$f":"IF($N92=\"\",\"\",IF(ORÇAMENTO.Descricao=\"\",\"DESCRIÇÃO\",IF(AND($C92=\"S\",ORÇAMENTO.Unidade=\"\"),\"UNIDADE\",IF($X92<0,\"VALOR NEGATIVO\",IF(OR(AND(TIPOORCAMENTO=\"Proposto\",$AG92<>\"\",$AG92>0,ORÇAMENTO.CustoUnitario>$AG92),AND(TIPOORCAMENTO=\"LICITADO\",ORÇAMENTO.PrecoUnitarioLicitado>$AN92)),\"ACIMA REF.\",\"\")))))","v":""},{"$f":"IF(C92<=CRONO.NivelExibicao,MAX($AD$15:OFFSET(AD92,-1,0))+IF($C92<>1,1,MAX(1,COUNTIF(QCI!$A$13:$A$24,OFFSET($E92,-1,0)))),\"\")","v":""},{"$f":"IF(AND($C92=\"S\",ORÇAMENTO.CodBarra<>\"\"),IF(ORÇAMENTO.Fonte=\"\",ORÇAMENTO.CodBarra,CONCATENATE(ORÇAMENTO.Fonte,\" \",ORÇAMENTO.CodBarra)))","v":false},{"$f":"IF(ISERROR(INDIRECT(ORÇAMENTO.BancoRef)),\"(abra o arquivo 'Referência \"&Excel_BuiltIn_Database&\".xlsm)\",IF(OR($C92<>\"S\",ORÇAMENTO.CodBarra=\"\"),\"(Sem Código)\",IF(ISERROR(MATCH($AE92,INDIRECT(ORÇAMENTO.BancoRef),0)),\"(Código não identificado nas referências)\",MATCH($AE92,INDIRECT(ORÇAMENTO.BancoRef),0))))","v":"(Sem Código)"},{"$f":"ROUND(IF(DESONERACAO=\"sim\",REFERENCIA.Desonerado,REFERENCIA.NaoDesonerado),2)","v":0},0.2487,null,null,null,null,0,0]
[{"$f":"CHOOSE(1+LOG(1+2*(ORÇAMENTO.Nivel=\"Meta\")+4*(ORÇAMENTO.Nivel=\"Nível 2\")+8*(ORÇAMENTO.Nivel=\"Nível 3\")+16*(ORÇAMENTO.Nivel=\"Nível 4\")+32*(ORÇAMENTO.Nivel=\"Serviço\"),2),0,1,2,3,4,\"S\")","v":"S"},{"$f":"IF(OR(C93=\"s\",C93=0),OFFSET(B93,-1,0),C93)","v":2},{"$f":"IF(OFFSET(C93,-1,0)=\"L\",1,IF(OFFSET(C93,-1,0)=1,2,IF(OR(A93=\"s\",A93=0),\"S\",IF(AND(OFFSET(C93,-1,0)=2,A93=4),3,IF(AND(OR(OFFSET(C93,-1,0)=\"s\",OFFSET(C93,-1,0)=0),A93<>\"s\",A93>OFFSET(B93,-1,0)),OFFSET(B93,-1,0),A93)))))","v":"S"},{"$f":"IF(OR(C93=\"S\",C93=0),0,IF(ISERROR(K93),J93,SMALL(J93:K93,1)))","v":0},{"$f":"IF($C93=1,OFFSET(E93,-1,0)+MAX(1,COUNTIF(QCI!$A$13:$A$24,OFFSET(ORÇAMENTO!E93,-1,0))),OFFSET(E93,-1,0))","v":1},{"$f":"IF($C93=1,0,IF($C93=2,OFFSET(F93,-1,0)+1,OFFSET(F93,-1,0)))","v":4},{"$f":"IF(AND($C93<=2,$C93<>0),0,IF($C93=3,OFFSET(G93,-1,0)+1,OFFSET(G93,-1,0)))","v":0},{"$f":"IF(AND($C93<=3,$C93<>0),0,IF($C93=4,OFFSET(H93,-1,0)+1,OFFSET(H93,-1,0)))","v":0},{"$f":"IF(AND($C93<=4,$C93<>0),0,IF(AND($C93=\"S\",$X93>0),OFFSET(I93,-1,0)+1,OFFSET(I93,-1,0)))","v":11},0,{"$f":"IF(OR($C93=\"S\",$C93=0),0,MATCH(OFFSET($D93,0,$C93)+IF($C93<>1,1,COUNTIF(QCI!$A$13:$A$24,ORÇAMENTO!E93)),OFFSET($D93,1,$C93,ROW($C$240)-ROW($C93)),0))","v":0},{"$f":"IF(OR($X93>0,$C93=1,$C93=2,$C93=3,$C93=4),\"F\",\"\")","v":""},"Serviço",{"$f":"CHOOSE(1+LOG(1+2*(C93=1)+4*(C93=2)+8*(C93=3)+16*(C93=4)+32*(C93=\"S\"),2),\"\",\"Meta\",\"Nível 2\",\"Nível 3\",\"Nível 4\",\"Serviço\")","v":"Serviço"},{"$f":"IF(OR($C93=0,$L93=\"\"),\"-\",CONCATENATE(E93&\".\",IF(AND($A$5>=2,$C93>=2),F93&\".\",\"\"),IF(AND($A$5>=3,$C93>=3),G93&\".\",\"\"),IF(AND($A$5>=4,$C93>=4),H93&\".\",\"\"),IF($C93=\"S\",I93&\".\",\"\")))","v":"-"},"SINAPI",null,{"$f":"IF($C93=\"S\",REFERENCIA.Descricao,\"(digite a descrição aqui)\")","v":"(Sem Código)"},{"$f":"REFERENCIA.Unidade","v":"-"},{"$f":"OFFSET(CÁLCULO!H$15,ROW($T93)-ROW(T$15),0)","v":0},0,"BDI 1",{"$f":"IF($C93=\"S\",ROUND(IF(TIPOORCAMENTO=\"Proposto\",ORÇAMENTO.CustoUnitario*(1+$AH93),ORÇAMENTO.PrecoUnitarioLicitado),15-13*$AF$10),0)","v":0},{"$f":"IF($C93=\"S\",IF(Import.TipoArredondamento<>\"TransfereGOV\",VTOTAL1,SUM(OFFSET(CÁLCULO!$AA$15,ROW($X93)-ROW($X$15),1):OFFSET(CÁLCULO!$AL$15,ROW($X93)-ROW($X$15),-1))),IF($C93=0,0,ROUND(SomaAgrup,15-13*$AF$11)))","v":0},"RA",{"$f":"IF(AND($C93=\"S\",$X93>0),IF(ISBLANK($Y93),\"RA\",LEFT($Y93,2)),\"\")","v":""},{"$f":"IF($C93=\"S\",IF($Z93=\"CP\",$X93,IF($Z93=\"RA\",(($X93)*QCI!$AA$3),0)),SomaAgrup)","v":0},{"$f":"IF($C93=\"S\",IF($Z93=\"OU\",ROUND($X93,2),0),SomaAgrup)","v":0},{"$f":"IF($N93=\"\",\"\",IF(ORÇAMENTO.Descricao=\"\",\"DESCRIÇÃO\",IF(AND($C93=\"S\",ORÇAMENTO.Unidade=\"\"),\"UNIDADE\",IF($X93<0,\"VALOR NEGATIVO\",IF(OR(AND(TIPOORCAMENTO=\"Proposto\",$AG93<>\"\",$AG93>0,ORÇAMENTO.CustoUnitario>$AG93),AND(TIPOORCAMENTO=\"LICITADO\",ORÇAMENTO.PrecoUnitarioLicitado>$AN93)),\"ACIMA REF.\",\"\")))))","v":""},{"$f":"IF(C93<=CRONO.NivelExibicao,MAX($AD$15:OFFSET(AD93,-1,0))+IF($C93<>1,1,MAX(1,COUNTIF(QCI!$A$13:$A$24,OFFSET($E93,-1,0)))),\"\")","v":""},{"$f":"IF(AND($C93=\"S\",ORÇAMENTO.CodBarra<>\"\"),IF(ORÇAMENTO.Fonte=\"\",ORÇAMENTO.CodBarra,CONCATENATE(ORÇAMENTO.Fonte,\" \",ORÇAMENTO.CodBarra)))","v":false},{"$f":"IF(ISERROR(INDIRECT(ORÇAMENTO.BancoRef)),\"(abra o arquivo 'Referência \"&Excel_BuiltIn_Database&\".xlsm)\",IF(OR($C93<>\"S\",ORÇAMENTO.CodBarra=\"\"),\"(Sem Código)\",IF(ISERROR(MATCH($AE93,INDIRECT(ORÇAMENTO.BancoRef),0)),\"(Código não identificado nas referências)\",MATCH($AE93,INDIRECT(ORÇAMENTO.BancoRef),0))))","v":"(Sem Código)"},{"$f":"ROUND(IF(DESONERACAO=\"sim\",REFERENCIA.Desonerado,REFERENCIA.NaoDesonerado),2)","v":0},{"$f":"ROUND(IF(ISNUMBER(ORÇAMENTO.OpcaoBDI),ORÇAMENTO.OpcaoBDI,IF(LEFT(ORÇAMENTO.OpcaoBDI,3)=\"BDI\",HLOOKUP(ORÇAMENTO.OpcaoBDI,$F$4:$H$5,2,FALSE),0)),15-11*$AF$9)","v":0.2487},null,null,null,null,0,{"$f":"ROUND(ORÇAMENTO.CustoUnitario*(1+$AH93),2)","v":0}]
[{"$f":"CHOOSE(1+LOG(1+2*(ORÇAMENTO.Nivel=\"Meta\")+4*(ORÇAMENTO.Nivel=\"Nível 2\")+8*(ORÇAMENTO.Nivel=\"Nível 3\")+16*(ORÇAMENTO.Nivel=\"Nível 4\")+32*(ORÇAMENTO.Nivel=\"Serviço\"),2),0,1,2,3,4,\"S\")","v":"S"},{"$f":"IF(OR(C94=\"s\",C94=0),OFFSET(B94,-1,0),C94)","v":2},{"$f":"IF(OFFSET(C94,-1,0)=\"L\",1,IF(OFFSET(C94,-1,0)=1,2,IF(OR(A94=\"s\",A94=0),\"S\",IF(AND(OFFSET(C94,-1,0)=2,A94=4),3,IF(AND(OR(OFFSET(C94,-1,0)=\"s\",OFFSET(C94,-1,0)=0),A94<>\"s\",A94>OFFSET(B94,-1,0)),OFFSET(B94,-1,0),A94)))))","v":"S"},{"$f":"IF(OR(C94=\"S\",C94=0),0,IF(ISERROR(K94),J94,SMALL(J94:K94,1)))","v":0},{"$f":"IF($C94=1,OFFSET(E94,-1,0)+MAX(1,COUNTIF(QCI!$A$13:$A$24,OFFSET(ORÇAMENTO!E94,-1,0))),OFFSET(E94,-1,0))","v":1},{"$f":"IF($C94=1,0,IF($C94=2,OFFSET(F94,-1,0)+1,OFFSET(F94,-1,0)))","v":4},{"$f":"IF(AND($C94<=2,$C94<>0),0,IF($C94=3,OFFSET(G94,-1,0)+1,OFFSET(G94,-1,0)))","v":0},{"$f":"IF(AND($C94<=3,$C94<>0),0,IF($C94=4,OFFSET(H94,-1,0)+1,OFFSET(H94,-1,0)))","v":0},{"$f":"IF(AND($C94<=4,$C94<>0),0,IF(AND($C94=\"S\",$X94>0),OFFSET(I94,-1,0)+1,OFFSET(I94,-1,0)))","v":11},0,{"$f":"IF(OR($C94=\"S\",$C94=0),0,MATCH(OFFSET($D94,0,$C94)+IF($C94<>1,1,COUNTIF(QCI!$A$13:$A$24,ORÇAMENTO!E94)),OFFSET($D94,1,$C94,ROW($C$240)-ROW($C94)),0))","v":0},{"$f":"IF(OR($X94>0,$C94=1,$C94=2,$C94=3,$C94=4),\"F\",\"\")","v":""},"Serviço",{"$f":"CHOOSE(1+LOG(1+2*(C94=1)+4*(C94=2)+8*(C94=3)+16*(C94=4)+32*(C94=\"S\"),2),\"\",\"Meta\",\"Nível 2\",\"Nível 3\",\"Nível 4\",\"Serviço\")","v":"Serviço"},{"$f":"IF(OR($C94=0,$L94=\"\"),\"-\",CONCATENATE(E94&\".\",IF(AND($A$5>=2,$C94>=2),F94&\".\",\"\"),IF(AND($A$5>=3,$C94>=3),G94&\".\",\"\"),IF(AND($A$5>=4,$C94>=4),H94&\".\",\"\"),IF($C94=\"S\",I94&\".\",\"\")))","v":"-"},"SINAPI",null,{"$f":"IF($C94=\"S\",REFERENCIA.Descricao,\"(digite a descrição aqui)\")","v":"(Sem Código)"},{"$f":"REFERENCIA.Unidade","v":"-"},{"$f":"OFFSET(CÁLCULO!H$15,ROW($T94)-ROW(T$15),0)","v":0},0,"BDI 1",{"$f":"IF($C94=\"S\",ROUND(IF(TIPOORCAMENTO=\"Proposto\",ORÇAMENTO.CustoUnitario*(1+$AH94),ORÇAMENTO.PrecoUnitarioLicitado),15-13*$AF$10),0)","v":0},{"$f":"IF($C94=\"S\",IF(Import.TipoArredondamento<>\"TransfereGOV\",VTOTAL1,SUM(OFFSET(CÁLCULO!$AA$15,ROW($X94)-ROW($X$15),1):OFFSET(CÁLCULO!$AL$15,ROW($X94)-ROW($X$15),-1))),IF($C94=0,0,ROUND(SomaAgrup,15-13*$AF$11)))","v":0},"RA",{"$f":"IF(AND($C94=\"S\",$X94>0),IF(ISBLANK($Y94),\"RA\",LEFT($Y94,2)),\"\")","v":""},{"$f":"IF($C94=\"S\",IF($Z94=\"CP\",$X94,IF($Z94=\"RA\",(($X94)*QCI!$AA$3),0)),SomaAgrup)","v":0},{"$f":"IF($C94=\"S\",IF($Z94=\"OU\",ROUND($X94,2),0),SomaAgrup)","v":0},{"$f":"IF($N94=\"\",\"\",IF(ORÇAMENTO.Descricao=\"\",\"DESCRIÇÃO\",IF(AND($C94=\"S\",ORÇAMENTO.Unidade=\"\"),\"UNIDADE\",IF($X94<0,\"VALOR NEGATIVO\",IF(OR(AND(TIPOORCAMENTO=\"Proposto\",$AG94<>\"\",$AG94>0,ORÇAMENTO.CustoUnitario>$AG94),AND(TIPOORCAMENTO=\"LICITADO\",ORÇAMENTO.PrecoUnitarioLicitado>$AN94)),\"ACIMA REF.\",\"\")))))","v":""},{"$f":"IF(C94<=CRONO.NivelExibicao,MAX($AD$15:OFFSET(AD94,-1,0))+IF($C94<>1,1,MAX(1,COUNTIF(QCI!$A$13:$A$24,OFFSET($E94,-1,0)))),\"\")","v":""},{"$f":"IF(AND($C94=\"S\",ORÇAMENTO.CodBarra<>\"\"),IF(ORÇAMENTO.Fonte=\"\",ORÇAMENTO.CodBarra,CONCATENATE(ORÇAMENTO.Fonte,\" \",ORÇAMENTO.CodBarra)))","v":false},{"$f":"IF(ISERROR(INDIRECT(ORÇAMENTO.BancoRef)),\"(abra o arquivo 'Referência \"&Excel_BuiltIn_Database&\".xlsm)\",IF(OR($C94<>\"S\",ORÇAMENTO.CodBarra=\"\"),\"(Sem Código)\",IF(ISERROR(MATCH($AE94,INDIRECT(ORÇAMENTO.BancoRef),0)),\"(Código não identificado nas referências)\",MATCH($AE94,INDIRECT(ORÇAMENTO.BancoRef),0))))","v":"(Sem Código)"},{"$f":"ROUND(IF(DESONERACAO=\"sim\",REFERENCIA.Desonerado,REFERENCIA.NaoDesonerado),2)","v":0},{"$f":"ROUND(IF(ISNUMBER(ORÇAMENTO.OpcaoBDI),ORÇAMENTO.OpcaoBDI,IF(LEFT(ORÇAMENTO.OpcaoBDI,3)=\"BDI\",HLOOKUP(ORÇAMENTO.OpcaoBDI,$F$4:$H$5,2,FALSE),0)),15-11*$AF$9)","v":0.2487},null,null,null,null,0,{"$f":"ROUND(ORÇAMENTO.CustoUnitario*(1+$AH94),2)","v":0}]
[2,2,2,9,{"$f":"IF($C95=1,OFFSET(E95,-1,0)+MAX(1,COUNTIF(QCI!$A$13:$A$24,OFFSET(ORÇAMENTO!E95,-1,0))),OFFSET(E95,-1,0))","v":1},5,0,0,0,145,{"$f":"IF(OR($C95=\"S\",$C95=0),0,MATCH(OFFSET($D95,0,$C95)+IF($C95<>1,1,COUNTIF(QCI!$A$13:$A$24,ORÇAMENTO!E95)),OFFSET($D95,1,$C95,ROW($C$240)-ROW($C95)),0))","v":9},"F","Nível 2","Nível 2","1.5.","SINAPI",null,{"$f":"IF($C95=\"S\",REFERENCIA.Descricao,\"ALVENARIAS, VEDAÇÕES E DIVISÓRIAS\")","v":"ALVENARIAS, VEDAÇÕES E DIVISÓRIAS"},{"$f":"REFERENCIA.Unidade","v":"-"},{"$f":"OFFSET(CÁLCULO!H$15,ROW($T95)-ROW(T$15),0)","v":0},0,"BDI 1",{"$f":"IF($C95=\"S\",ROUND(IF(TIPOORCAMENTO=\"Proposto\",ORÇAMENTO.CustoUnitario*(1+$AH95),ORÇAMENTO.PrecoUnitarioLicitado),15-13*$AF$10),0)","v":0},{"$f":"IF($C95=\"S\",IF(Import.TipoArredondamento<>\"TransfereGOV\",VTOTAL1,SUM(OFFSET(CÁLCULO!$AA$15,ROW($X95)-ROW($X$15),1):OFFSET(CÁLCULO!$AL$15,ROW($X95)-ROW($X$15),-1))),IF($C95=0,0,ROUND(SomaAgrup,15-13*$AF$11)))","v":45385.84},"RA","",{"$f":"IF($C95=\"S\",IF($Z95=\"CP\",$X95,IF($Z95=\"RA\",(($X95)*QCI!$AA$3),0)),SomaAgrup)","v":45385.84},0,{"$f":"IF($N95=\"\",\"\",IF(ORÇAMENTO.Descricao=\"\",\"DESCRIÇÃO\",IF(AND($C95=\"S\",ORÇAMENTO.Unidade=\"\"),\"UNIDADE\",IF($X95<0,\"VALOR NEGATIVO\",IF(OR(AND(TIPOORCAMENTO=\"Proposto\",$AG95<>\"\",$AG95>0,ORÇAMENTO.CustoUnitario>$AG95),AND(TIPOORCAMENTO=\"LICITADO\",ORÇAMENTO.PrecoUnitarioLicitado>$AN95)),\"ACIMA REF.\",\"\")))))","v":""},{"$f":"IF(C95<=CRONO.NivelExibicao,MAX($AD$15:OFFSET(AD95,-1,0))+IF($C95<>1,1,MAX(1,COUNTIF(QCI!$A$13:$A$24,OFFSET($E95,-1,0)))),\"\")","v":6},{"$f":"IF(AND($C95=\"S\",ORÇAMENTO.CodBarra<>\"\"),IF(ORÇAMENTO.Fonte=\"\",ORÇAMENTO.CodBarra,CONCATENATE(ORÇAMENTO.Fonte,\" \",ORÇAMENTO.CodBarra)))","v":false},{"$f":"IF(ISERROR(INDIRECT(ORÇAMENTO.BancoRef)),\"(abra o arquivo 'Referência \"&Excel_BuiltIn_Database&\".xlsm)\",IF(OR($C95<>\"S\",ORÇAMENTO.CodBarra=\"\"),\"(Sem Código)\",IF(ISERROR(MATCH($AE95,INDIRECT(ORÇAMENTO.BancoRef),0)),\"(Código não identificado nas referências)\",MATCH($AE95,INDIRECT(ORÇAMENTO.BancoRef),0))))","v":"(Sem Código)"},{"$f":"ROUND(IF(DESONERACAO=\"sim\",REFERENCIA.Desonerado,REFERENCIA.NaoDesonerado),2)","v":0},0.2487,null,null,null,null,45385.84,0]
["S",2,"S",0,{"$f":"IF($C96=1,OFFSET(E96,-1,0)+MAX(1,COUNTIF(QCI!$A$13:$A$24,OFFSET(ORÇAMENTO!E96,-1,0))),OFFSET(E96,-1,0))","v":1},5,0,0,1,0,{"$f":"IF(OR($C96=\"S\",$C96=0),0,MATCH(OFFSET($D96,0,$C96)+IF($C96<>1,1,COUNTIF(QCI!$A$13:$A$24,ORÇAMENTO!E96)),OFFSET($D96,1,$C96,ROW($C$240)-ROW($C96)),0))","v":0},"F","Serviço","Serviço","1.5.0.1.","SINAPI","103330",{"$f":"IF($C96=\"S\",REFERENCIA.Descricao,\"(digite a descrição aqui)\")","v":"ALVENARIA DE VEDAÇÃO DE BLOCOS CERÂMICOS FURADOS NA HORIZONTAL DE 11,5X19X19 CM (ESPESSURA 11,5 CM) E ARGAMASSA DE ASSENTAMENTO COM PREPARO EM BETONEIRA. AF_12/2021"},{"$f":"REFERENCIA.Unidade","v":"M2"},{"$f":"OFFSET(CÁLCULO!H$15,ROW($T96)-ROW(T$15),0)","v":272.16000000000003},95.18,"BDI 1",{"$f":"IF($C96=\"S\",ROUND(IF(TIPOORCAMENTO=\"Proposto\",ORÇAMENTO.CustoUnitario*(1+$AH96),ORÇAMENTO.PrecoUnitarioLicitado),15-13*$AF$10),0)","v":118.85},{"$f":"IF($C96=\"S\",IF(Import.TipoArredondamento<>\"TransfereGOV\",VTOTAL1,SUM(OFFSET(CÁLCULO!$AA$15,ROW($X96)-ROW($X$15),1):OFFSET(CÁLCULO!$AL$15,ROW($X96)-ROW($X$15),-1))),IF($C96=0,0,ROUND(SomaAgrup,15-13*$AF$11)))","v":32346.22},"RA","RA",{"$f":"IF($C96=\"S\",IF($Z96=\"CP\",$X96,IF($Z96=\"RA\",(($X96)*QCI!$AA$3),0)),SomaAgrup)","v":32346.22},0,{"$f":"IF($N96=\"\",\"\",IF(ORÇAMENTO.Descricao=\"\",\"DESCRIÇÃO\",IF(AND($C96=\"S\",ORÇAMENTO.Unidade=\"\"),\"UNIDADE\",IF($X96<0,\"VALOR NEGATIVO\",IF(OR(AND(TIPOORCAMENTO=\"Proposto\",$AG96<>\"\",$AG96>0,ORÇAMENTO.CustoUnitario>$AG96),AND(TIPOORCAMENTO=\"LICITADO\",ORÇAMENTO.PrecoUnitarioLicitado>$AN96)),\"ACIMA REF.\",\"\")))))","v":""},{"$f":"IF(C96<=CRONO.NivelExibicao,MAX($AD$15:OFFSET(AD96,-1,0))+IF($C96<>1,1,MAX(1,COUNTIF(QCI!$A$13:$A$24,OFFSET($E96,-1,0)))),\"\")","v":""},{"$f":"IF(AND($C96=\"S\",ORÇAMENTO.CodBarra<>\"\"),IF(ORÇAMENTO.Fonte=\"\",ORÇAMENTO.CodBarra,CONCATENATE(ORÇAMENTO.Fonte,\" \",ORÇAMENTO.CodBarra)))","v":"SINAPI 103330"},{"$f":"IF(ISERROR(INDIRECT(ORÇAMENTO.BancoRef)),\"(abra o arquivo 'Referência \"&Excel_BuiltIn_Database&\".xlsm)\",IF(OR($C96<>\"S\",ORÇAMENTO.CodBarra=\"\"),\"(Sem Código)\",IF(ISERROR(MATCH($AE96,INDIRECT(ORÇAMENTO.BancoRef),0)),\"(Código não identificado nas referências)\",MATCH($AE96,INDIRECT(ORÇAMENTO.BancoRef),0))))","v":5837},{"$f":"ROUND(IF(DESONERACAO=\"sim\",REFERENCIA.Desonerado,REFERENCIA.NaoDesonerado),2)","v":95.18},0.2487,null,272.16000000000003,null,null,32346.22,118.85]
["S",2,"S",0,{"$f":"IF($C97=1,OFFSET(E97,-1,0)+MAX(1,COUNTIF(QCI!$A$13:$A$24,OFFSET(ORÇAMENTO!E97,-1,0))),OFFSET(E97,-1,0))","v":1},5,0,0,2,0,{"$f":"IF(OR($C97=\"S\",$C97=0),0,MATCH(OFFSET($D97,0,$C97)+IF($C97<>1,1,COUNTIF(QCI!$A$13:$A$24,ORÇAMENTO!E97)),OFFSET($D97,1,$C97,ROW($C$240)-ROW($C97)),0))","v":0},"F","Serviço","Serviço","1.5.0.2.","SINAPI","98555",{"$f":"IF($C97=\"S\",REFERENCIA.Descricao,\"(digite a descrição aqui)\")","v":"IMPERMEABILIZAÇÃO DE SUPERFÍCIE COM ARGAMASSA POLIMÉRICA / MEMBRANA ACRÍLICA, 3 DEMÃOS. AF_09/2023"},{"$f":"REFERENCIA.Unidade","v":"M2"},{"$f":"OFFSET(CÁLCULO!H$15,ROW($T97)-ROW(T$15),0)","v":144.05000000000001},36.729999999999997,"BDI 1",{"$f":"IF($C97=\"S\",ROUND(IF(TIPOORCAMENTO=\"Proposto\",ORÇAMENTO.CustoUnitario*(1+$AH97),ORÇAMENTO.PrecoUnitarioLicitado),15-13*$AF$10),0)","v":45.86},{"$f":"IF($C97=\"S\",IF(Import.TipoArredondamento<>\"TransfereGOV\",VTOTAL1,SUM(OFFSET(CÁLCULO!$AA$15,ROW($X97)-ROW($X$15),1):OFFSET(CÁLCULO!$AL$15,ROW($X97)-ROW($X$15),-1))),IF($C97=0,0,ROUND(SomaAgrup,15-13*$AF$11)))","v":6606.13},"RA","RA",{"$f":"IF($C97=\"S\",IF($Z97=\"CP\",$X97,IF($Z97=\"RA\",(($X97)*QCI!$AA$3),0)),SomaAgrup)","v":6606.13},0,{"$f":"IF($N97=\"\",\"\",IF(ORÇAMENTO.Descricao=\"\",\"DESCRIÇÃO\",IF(AND($C97=\"S\",ORÇAMENTO.Unidade=\"\"),\"UNIDADE\",IF($X97<0,\"VALOR NEGATIVO\",IF(OR(AND(TIPOORCAMENTO=\"Proposto\",$AG97<>\"\",$AG97>0,ORÇAMENTO.CustoUnitario>$AG97),AND(TIPOORCAMENTO=\"LICITADO\",ORÇAMENTO.PrecoUnitarioLicitado>$AN97)),\"ACIMA REF.\",\"\")))))","v":""},{"$f":"IF(C97<=CRONO.NivelExibicao,MAX($AD$15:OFFSET(AD97,-1,0))+IF($C97<>1,1,MAX(1,COUNTIF(QCI!$A$13:$A$24,OFFSET($E97,-1,0)))),\"\")","v":""},{"$f":"IF(AND($C97=\"S\",ORÇAMENTO.CodBarra<>\"\"),IF(ORÇAMENTO.Fonte=\"\",ORÇAMENTO.CodBarra,CONCATENATE(ORÇAMENTO.Fonte,\" \",ORÇAMENTO.CodBarra)))","v":"SINAPI 98555"},{"$f":"IF(ISERROR(INDIRECT(ORÇAMENTO.BancoRef)),\"(abra o arquivo 'Referência \"&Excel_BuiltIn_Database&\".xlsm)\",IF(OR($C97<>\"S\",ORÇAMENTO.CodBarra=\"\"),\"(Sem Código)\",IF(ISERROR(MATCH($AE97,INDIRECT(ORÇAMENTO.BancoRef),0)),\"(Código não identificado nas referências)\",MATCH($AE97,INDIRECT(ORÇAMENTO.BancoRef),0))))","v":2768},{"$f":"ROUND(IF(DESONERACAO=\"sim\",REFERENCIA.Desonerado,REFERENCIA.NaoDesonerado),2)","v":36.729999999999997},0.2487,null,144.05000000000001,null,null,6606.13,45.86]
["S",2,"S",0,{"$f":"IF($C98=1,OFFSET(E98,-1,0)+MAX(1,COUNTIF(QCI!$A$13:$A$24,OFFSET(ORÇAMENTO!E98,-1,0))),OFFSET(E98,-1,0))","v":1},5,0,0,3,0,{"$f":"IF(OR($C98=\"S\",$C98=0),0,MATCH(OFFSET($D98,0,$C98)+IF($C98<>1,1,COUNTIF(QCI!$A$13:$A$24,ORÇAMENTO!E98)),OFFSET($D98,1,$C98,ROW($C$240)-ROW($C98)),0))","v":0},"F","Serviço","Serviço","1.5.0.3.","SINAPI","93187",{"$f":"IF($C98=\"S\",REFERENCIA.Descricao,\"(digite a descrição aqui)\")","v":"VERGA MOLDADA IN LOCO EM CONCRETO PARA JANELAS COM MAIS DE 1,5 M DE VÃO. AF_03/2016"},{"$f":"REFERENCIA.Unidade","v":"M"},{"$f":"OFFSET(CÁLCULO!H$15,ROW($T98)-ROW(T$15),0)","v":20.7},113.29,"BDI 1",{"$f":"IF($C98=\"S\",ROUND(IF(TIPOORCAMENTO=\"Proposto\",ORÇAMENTO.CustoUnitario*(1+$AH98),ORÇAMENTO.PrecoUnitarioLicitado),15-13*$AF$10),0)","v":141.47},{"$f":"IF($C98=\"S\",IF(Import.TipoArredondamento<>\"TransfereGOV\",VTOTAL1,SUM(OFFSET(CÁLCULO!$AA$15,ROW($X98)-ROW($X$15),1):OFFSET(CÁLCULO!$AL$15,ROW($X98)-ROW($X$15),-1))),IF($C98=0,0,ROUND(SomaAgrup,15-13*$AF$11)))","v":2928.43},"RA","RA",{"$f":"IF($C98=\"S\",IF($Z98=\"CP\",$X98,IF($Z98=\"RA\",(($X98)*QCI!$AA$3),0)),SomaAgrup)","v":2928.43},0,{"$f":"IF($N98=\"\",\"\",IF(ORÇAMENTO.Descricao=\"\",\"DESCRIÇÃO\",IF(AND($C98=\"S\",ORÇAMENTO.Unidade=\"\"),\"UNIDADE\",IF($X98<0,\"VALOR NEGATIVO\",IF(OR(AND(TIPOORCAMENTO=\"Proposto\",$AG98<>\"\",$AG98>0,ORÇAMENTO.CustoUnitario>$AG98),AND(TIPOORCAMENTO=\"LICITADO\",ORÇAMENTO.PrecoUnitarioLicitado>$AN98)),\"ACIMA REF.\",\"\")))))","v":""},{"$f":"IF(C98<=CRONO.NivelExibicao,MAX($AD$15:OFFSET(AD98,-1,0))+IF($C98<>1,1,MAX(1,COUNTIF(QCI!$A$13:$A$24,OFFSET($E98,-1,0)))),\"\")","v":""},{"$f":"IF(AND($C98=\"S\",ORÇAMENTO.CodBarra<>\"\"),IF(ORÇAMENTO.Fonte=\"\",ORÇAMENTO.CodBarra,CONCATENATE(ORÇAMENTO.Fonte,\" \",ORÇAMENTO.CodBarra)))","v":"SINAPI 93187"},{"$f":"IF(ISERROR(INDIRECT(ORÇAMENTO.BancoRef)),\"(abra o arquivo 'Referência \"&Excel_BuiltIn_Database&\".xlsm)\",IF(OR($C98<>\"S\",ORÇAMENTO.CodBarra=\"\"),\"(Sem Código)\",IF(ISERROR(MATCH($AE98,INDIRECT(ORÇAMENTO.BancoRef),0)),\"(Código não identificado nas referências)\",MATCH($AE98,INDIRECT(ORÇAMENTO.BancoRef),0))))","v":2671},{"$f":"ROUND(IF(DESONERACAO=\"sim\",REFERENCIA.Desonerado,REFERENCIA.NaoDesonerado),2)","v":113.29},0.2487,null,20.7,null,null,2928.43,141.47]
["S",2,"S",0,{"$f":"IF($C99=1,OFFSET(E99,-1,0)+MAX(1,COUNTIF(QCI!$A$13:$A$24,OFFSET(ORÇAMENTO!E99,-1,0))),OFFSET(E99,-1,0))","v":1},5,0,0,4,0,{"$f":"IF(OR($C99=\"S\",$C99=0),0,MATCH(OFFSET($D99,0,$C99)+IF($C99<>1,1,COUNTIF(QCI!$A$13:$A$24,ORÇAMENTO!E99)),OFFSET($D99,1,$C99,ROW($C$240)-ROW($C99)),0))","v":0},"F","Serviço","Serviço","1.5.0.4.","SINAPI","93189",{"$f":"IF($C99=\"S\",REFERENCIA.Descricao,\"(digite a descrição aqui)\")","v":"VERGA MOLDADA IN LOCO EM CONCRETO PARA PORTAS COM MAIS DE 1,5 M DE VÃO. AF_03/2016"},{"$f":"REFERENCIA.Unidade","v":"M"},{"$f":"OFFSET(CÁLCULO!H$15,ROW($T99)-ROW(T$15),0)","v":4.8},113.89,"BDI 1",{"$f":"IF($C99=\"S\",ROUND(IF(TIPOORCAMENTO=\"Proposto\",ORÇAMENTO.CustoUnitario*(1+$AH99),ORÇAMENTO.PrecoUnitarioLicitado),15-13*$AF$10),0)","v":142.21},{"$f":"IF($C99=\"S\",IF(Import.TipoArredondamento<>\"TransfereGOV\",VTOTAL1,SUM(OFFSET(CÁLCULO!$AA$15,ROW($X99)-ROW($X$15),1):OFFSET(CÁLCULO!$AL$15,ROW($X99)-ROW($X$15),-1))),IF($C99=0,0,ROUND(SomaAgrup,15-13*$AF$11)))","v":682.61},"RA","RA",{"$f":"IF($C99=\"S\",IF($Z99=\"CP\",$X99,IF($Z99=\"RA\",(($X99)*QCI!$AA$3),0)),SomaAgrup)","v":682.61},0,{"$f":"IF($N99=\"\",\"\",IF(ORÇAMENTO.Descricao=\"\",\"DESCRIÇÃO\",IF(AND($C99=\"S\",ORÇAMENTO.Unidade=\"\"),\"UNIDADE\",IF($X99<0,\"VALOR NEGATIVO\",IF(OR(AND(TIPOORCAMENTO=\"Proposto\",$AG99<>\"\",$AG99>0,ORÇAMENTO.CustoUnitario>$AG99),AND(TIPOORCAMENTO=\"LICITADO\",ORÇAMENTO.PrecoUnitarioLicitado>$AN99)),\"ACIMA REF.\",\"\")))))","v":""},{"$f":"IF(C99<=CRONO.NivelExibicao,MAX($AD$15:OFFSET(AD99,-1,0))+IF($C99<>1,1,MAX(1,COUNTIF(QCI!$A$13:$A$24,OFFSET($E99,-1,0)))),\"\")","v":""},{"$f":"IF(AND($C99=\"S\",ORÇAMENTO.CodBarra<>\"\"),IF(ORÇAMENTO.Fonte=\"\",ORÇAMENTO.CodBarra,CONCATENATE(ORÇAMENTO.Fonte,\" \",ORÇAMENTO.CodBarra)))","v":"SINAPI 93189"},{"$f":"IF(ISERROR(INDIRECT(ORÇAMENTO.BancoRef)),\"(abra o arquivo 'Referência \"&Excel_BuiltIn_Database&\".xlsm)\",IF(OR($C99<>\"S\",ORÇAMENTO.CodBarra=\"\"),\"(Sem Código)\",IF(ISERROR(MATCH($AE99,INDIRECT(ORÇAMENTO.BancoRef),0)),\"(Código não identificado nas referências)\",MATCH($AE99,INDIRECT(ORÇAMENTO.BancoRef),0))))","v":2673},{"$f":"ROUND(IF(DESONERACAO=\"sim\",REFERENCIA.Desonerado,REFERENCIA.NaoDesonerado),2)","v":113.89},0.2487,null,4.8,null,null,682.61,142.21]
["S",2,"S",0,{"$f":"IF($C100=1,OFFSET(E100,-1,0)+MAX(1,COUNTIF(QCI!$A$13:$A$24,OFFSET(ORÇAMENTO!E100,-1,0))),OFFSET(E100,-1,0))","v":1},5,0,0,5,0,{"$f":"IF(OR($C100=\"S\",$C100=0),0,MATCH(OFFSET($D100,0,$C100)+IF($C100<>1,1,COUNTIF(QCI!$A$13:$A$24,ORÇAMENTO!E100)),OFFSET($D100,1,$C100,ROW($C$240)-ROW($C100)),0))","v":0},"F","Serviço","Serviço","1.5.0.5.","SINAPI","93197",{"$f":"IF($C100=\"S\",REFERENCIA.Descricao,\"(digite a descrição aqui)\")","v":"CONTRAVERGA MOLDADA IN LOCO EM CONCRETO PARA VÃOS DE MAIS DE 1,5 M DE COMPRIMENTO. AF_03/2016"},{"$f":"REFERENCIA.Unidade","v":"M"},{"$f":"OFFSET(CÁLCULO!H$15,ROW($T100)-ROW(T$15),0)","v":20.7},109.19,"BDI 1",{"$f":"IF($C100=\"S\",ROUND(IF(TIPOORCAMENTO=\"Proposto\",ORÇAMENTO.CustoUnitario*(1+$AH100),ORÇAMENTO.PrecoUnitarioLicitado),15-13*$AF$10),0)","v":136.35},{"$f":"IF($C100=\"S\",IF(Import.TipoArredondamento<>\"TransfereGOV\",VTOTAL1,SUM(OFFSET(CÁLCULO!$AA$15,ROW($X100)-ROW($X$15),1):OFFSET(CÁLCULO!$AL$15,ROW($X100)-ROW($X$15),-1))),IF($C100=0,0,ROUND(SomaAgrup,15-13*$AF$11)))","v":2822.45},"RA","RA",{"$f":"IF($C100=\"S\",IF($Z100=\"CP\",$X100,IF($Z100=\"RA\",(($X100)*QCI!$AA$3),0)),SomaAgrup)","v":2822.45},0,{"$f":"IF($N100=\"\",\"\",IF(ORÇAMENTO.Descricao=\"\",\"DESCRIÇÃO\",IF(AND($C100=\"S\",ORÇAMENTO.Unidade=\"\"),\"UNIDADE\",IF($X100<0,\"VALOR NEGATIVO\",IF(OR(AND(TIPOORCAMENTO=\"Proposto\",$AG100<>\"\",$AG100>0,ORÇAMENTO.CustoUnitario>$AG100),AND(TIPOORCAMENTO=\"LICITADO\",ORÇAMENTO.PrecoUnitarioLicitado>$AN100)),\"ACIMA REF.\",\"\")))))","v":""},{"$f":"IF(C100<=CRONO.NivelExibicao,MAX($AD$15:OFFSET(AD100,-1,0))+IF($C100<>1,1,MAX(1,COUNTIF(QCI!$A$13:$A$24,OFFSET($E100,-1,0)))),\"\")","v":""},{"$f":"IF(AND($C100=\"S\",ORÇAMENTO.CodBarra<>\"\"),IF(ORÇAMENTO.Fonte=\"\",ORÇAMENTO.CodBarra,CONCATENATE(ORÇAMENTO.Fonte,\" \",ORÇAMENTO.CodBarra)))","v":"SINAPI 93197"},{"$f":"IF(ISERROR(INDIRECT(ORÇAMENTO.BancoRef)),\"(abra o arquivo 'Referência \"&Excel_BuiltIn_Database&\".xlsm)\",IF(OR($C100<>\"S\",ORÇAMENTO.CodBarra=\"\"),\"(Sem Código)\",IF(ISERROR(MATCH($AE100,INDIRECT(ORÇAMENTO.BancoRef),0)),\"(Código não identificado nas referências)\",MATCH($AE100,INDIRECT(ORÇAMENTO.BancoRef),0))))","v":2681},{"$f":"ROUND(IF(DESONERACAO=\"sim\",REFERENCIA.Desonerado,REFERENCIA.NaoDesonerado),2)","v":109.19},0.2487,null,20.7,null,null,2822.45,136.35]
["S",2,"S",0,{"$f":"IF($C101=1,OFFSET(E101,-1,0)+MAX(1,COUNTIF(QCI!$A$13:$A$24,OFFSET(ORÇAMENTO!E101,-1,0))),OFFSET(E101,-1,0))","v":1},5,0,0,5,0,{"$f":"IF(OR($C101=\"S\",$C101=0),0,MATCH(OFFSET($D101,0,$C101)+IF($C101<>1,1,COUNTIF(QCI!$A$13:$A$24,ORÇAMENTO!E101)),OFFSET($D101,1,$C101,ROW($C$240)-ROW($C101)),0))","v":0},"","Serviço","Serviço","-","SINAPI",null,{"$f":"IF($C101=\"S\",REFERENCIA.Descricao,\"(digite a descrição aqui)\")","v":"(Sem Código)"},{"$f":"REFERENCIA.Unidade","v":"-"},{"$f":"OFFSET(CÁLCULO!H$15,ROW($T101)-ROW(T$15),0)","v":0},0,"BDI 1",{"$f":"IF($C101=\"S\",ROUND(IF(TIPOORCAMENTO=\"Proposto\",ORÇAMENTO.CustoUnitario*(1+$AH101),ORÇAMENTO.PrecoUnitarioLicitado),15-13*$AF$10),0)","v":0},{"$f":"IF($C101=\"S\",IF(Import.TipoArredondamento<>\"TransfereGOV\",VTOTAL1,SUM(OFFSET(CÁLCULO!$AA$15,ROW($X101)-ROW($X$15),1):OFFSET(CÁLCULO!$AL$15,ROW($X101)-ROW($X$15),-1))),IF($C101=0,0,ROUND(SomaAgrup,15-13*$AF$11)))","v":0},"RA","",{"$f":"IF($C101=\"S\",IF($Z101=\"CP\",$X101,IF($Z101=\"RA\",(($X101)*QCI!$AA$3),0)),SomaAgrup)","v":0},0,{"$f":"IF($N101=\"\",\"\",IF(ORÇAMENTO.Descricao=\"\",\"DESCRIÇÃO\",IF(AND($C101=\"S\",ORÇAMENTO.Unidade=\"\"),\"UNIDADE\",IF($X101<0,\"VALOR NEGATIVO\",IF(OR(AND(TIPOORCAMENTO=\"Proposto\",$AG101<>\"\",$AG101>0,ORÇAMENTO.CustoUnitario>$AG101),AND(TIPOORCAMENTO=\"LICITADO\",ORÇAMENTO.PrecoUnitarioLicitado>$AN101)),\"ACIMA REF.\",\"\")))))","v":""},{"$f":"IF(C101<=CRONO.NivelExibicao,MAX($AD$15:OFFSET(AD101,-1,0))+IF($C101<>1,1,MAX(1,COUNTIF(QCI!$A$13:$A$24,OFFSET($E101,-1,0)))),\"\")","v":""},{"$f":"IF(AND($C101=\"S\",ORÇAMENTO.CodBarra<>\"\"),IF(ORÇAMENTO.Fonte=\"\",ORÇAMENTO.CodBarra,CONCATENATE(ORÇAMENTO.Fonte,\" \",ORÇAMENTO.CodBarra)))","v":false},{"$f":"IF(ISERROR(INDIRECT(ORÇAMENTO.BancoRef)),\"(abra o arquivo 'Referência \"&Excel_BuiltIn_Database&\".xlsm)\",IF(OR($C101<>\"S\",ORÇAMENTO.CodBarra=\"\"),\"(Sem Código)\",IF(ISERROR(MATCH($AE101,INDIRECT(ORÇAMENTO.BancoRef),0)),\"(Código não identificado nas referências)\",MATCH($AE101,INDIRECT(ORÇAMENTO.BancoRef),0))))","v":"(Sem Código)"},{"$f":"ROUND(IF(DESONERACAO=\"sim\",REFERENCIA.Desonerado,REFERENCIA.NaoDesonerado),2)","v":0},0.2487,null,null,null,null,0,0]
["S",2,"S",0,{"$f":"IF($C102=1,OFFSET(E102,-1,0)+MAX(1,COUNTIF(QCI!$A$13:$A$24,OFFSET(ORÇAMENTO!E102,-1,0))),OFFSET(E102,-1,0))","v":1},5,0,0,5,0,{"$f":"IF(OR($C102=\"S\",$C102=0),0,MATCH(OFFSET($D102,0,$C102)+IF($C102<>1,1,COUNTIF(QCI!$A$13:$A$24,ORÇAMENTO!E102)),OFFSET($D102,1,$C102,ROW($C$240)-ROW($C102)),0))","v":0},"","Serviço","Serviço","-","SINAPI",null,{"$f":"IF($C102=\"S\",REFERENCIA.Descricao,\"(digite a descrição aqui)\")","v":"(Sem Código)"},{"$f":"REFERENCIA.Unidade","v":"-"},{"$f":"OFFSET(CÁLCULO!H$15,ROW($T102)-ROW(T$15),0)","v":0},0,"BDI 1",{"$f":"IF($C102=\"S\",ROUND(IF(TIPOORCAMENTO=\"Proposto\",ORÇAMENTO.CustoUnitario*(1+$AH102),ORÇAMENTO.PrecoUnitarioLicitado),15-13*$AF$10),0)","v":0},{"$f":"IF($C102=\"S\",IF(Import.TipoArredondamento<>\"TransfereGOV\",VTOTAL1,SUM(OFFSET(CÁLCULO!$AA$15,ROW($X102)-ROW($X$15),1):OFFSET(CÁLCULO!$AL$15,ROW($X102)-ROW($X$15),-1))),IF($C102=0,0,ROUND(SomaAgrup,15-13*$AF$11)))","v":0},"RA","",{"$f":"IF($C102=\"S\",IF($Z102=\"CP\",$X102,IF($Z102=\"RA\",(($X102)*QCI!$AA$3),0)),SomaAgrup)","v":0},0,{"$f":"IF($N102=\"\",\"\",IF(ORÇAMENTO.Descricao=\"\",\"DESCRIÇÃO\",IF(AND($C102=\"S\",ORÇAMENTO.Unidade=\"\"),\"UNIDADE\",IF($X102<0,\"VALOR NEGATIVO\",IF(OR(AND(TIPOORCAMENTO=\"Proposto\",$AG102<>\"\",$AG102>0,ORÇAMENTO.CustoUnitario>$AG102),AND(TIPOORCAMENTO=\"LICITADO\",ORÇAMENTO.PrecoUnitarioLicitado>$AN102)),\"ACIMA REF.\",\"\")))))","v":""},{"$f":"IF(C102<=CRONO.NivelExibicao,MAX($AD$15:OFFSET(AD102,-1,0))+IF($C102<>1,1,MAX(1,COUNTIF(QCI!$A$13:$A$24,OFFSET($E102,-1,0)))),\"\")","v":""},{"$f":"IF(AND($C102=\"S\",ORÇAMENTO.CodBarra<>\"\"),IF(ORÇAMENTO.Fonte=\"\",ORÇAMENTO.CodBarra,CONCATENATE(ORÇAMENTO.Fonte,\" \",ORÇAMENTO.CodBarra)))","v":false},{"$f":"IF(ISERROR(INDIRECT(ORÇAMENTO.BancoRef)),\"(abra o arquivo 'Referência \"&Excel_BuiltIn_Database&\".xlsm)\",IF(OR($C102<>\"S\",ORÇAMENTO.CodBarra=\"\"),\"(Sem Código)\",IF(ISERROR(MATCH($AE102,INDIRECT(ORÇAMENTO.BancoRef),0)),\"(Código não identificado nas referências)\",MATCH($AE102,INDIRECT(ORÇAMENTO.BancoRef),0))))","v":"(Sem Código)"},{"$f":"ROUND(IF(DESONERACAO=\"sim\",REFERENCIA.Desonerado,REFERENCIA.NaoDesonerado),2)","v":0},0.2487,null,null,null,null,0,0]
["S",2,"S",0,{"$f":"IF($C103=1,OFFSET(E103,-1,0)+MAX(1,COUNTIF(QCI!$A$13:$A$24,OFFSET(ORÇAMENTO!E103,-1,0))),OFFSET(E103,-1,0))","v":1},5,0,0,5,0,{"$f":"IF(OR($C103=\"S\",$C103=0),0,MATCH(OFFSET($D103,0,$C103)+IF($C103<>1,1,COUNTIF(QCI!$A$13:$A$24,ORÇAMENTO!E103)),OFFSET($D103,1,$C103,ROW($C$240)-ROW($C103)),0))","v":0},"","Serviço","Serviço","-","SINAPI",null,{"$f":"IF($C103=\"S\",REFERENCIA.Descricao,\"(digite a descrição aqui)\")","v":"(Sem Código)"},{"$f":"REFERENCIA.Unidade","v":"-"},{"$f":"OFFSET(CÁLCULO!H$15,ROW($T103)-ROW(T$15),0)","v":0},0,"BDI 1",{"$f":"IF($C103=\"S\",ROUND(IF(TIPOORCAMENTO=\"Proposto\",ORÇAMENTO.CustoUnitario*(1+$AH103),ORÇAMENTO.PrecoUnitarioLicitado),15-13*$AF$10),0)","v":0},{"$f":"IF($C103=\"S\",IF(Import.TipoArredondamento<>\"TransfereGOV\",VTOTAL1,SUM(OFFSET(CÁLCULO!$AA$15,ROW($X103)-ROW($X$15),1):OFFSET(CÁLCULO!$AL$15,ROW($X103)-ROW($X$15),-1))),IF($C103=0,0,ROUND(SomaAgrup,15-13*$AF$11)))","v":0},"RA","",{"$f":"IF($C103=\"S\",IF($Z103=\"CP\",$X103,IF($Z103=\"RA\",(($X103)*QCI!$AA$3),0)),SomaAgrup)","v":0},0,{"$f":"IF($N103=\"\",\"\",IF(ORÇAMENTO.Descricao=\"\",\"DESCRIÇÃO\",IF(AND($C103=\"S\",ORÇAMENTO.Unidade=\"\"),\"UNIDADE\",IF($X103<0,\"VALOR NEGATIVO\",IF(OR(AND(TIPOORCAMENTO=\"Proposto\",$AG103<>\"\",$AG103>0,ORÇAMENTO.CustoUnitario>$AG103),AND(TIPOORCAMENTO=\"LICITADO\",ORÇAMENTO.PrecoUnitarioLicitado>$AN103)),\"ACIMA REF.\",\"\")))))","v":""},{"$f":"IF(C103<=CRONO.NivelExibicao,MAX($AD$15:OFFSET(AD103,-1,0))+IF($C103<>1,1,MAX(1,COUNTIF(QCI!$A$13:$A$24,OFFSET($E103,-1,0)))),\"\")","v":""},{"$f":"IF(AND($C103=\"S\",ORÇAMENTO.CodBarra<>\"\"),IF(ORÇAMENTO.Fonte=\"\",ORÇAMENTO.CodBarra,CONCATENATE(ORÇAMENTO.Fonte,\" \",ORÇAMENTO.CodBarra)))","v":false},{"$f":"IF(ISERROR(INDIRECT(ORÇAMENTO.BancoRef)),\"(abra o arquivo 'Referência \"&Excel_BuiltIn_Database&\".xlsm)\",IF(OR($C103<>\"S\",ORÇAMENTO.CodBarra=\"\"),\"(Sem Código)\",IF(ISERROR(MATCH($AE103,INDIRECT(ORÇAMENTO.BancoRef),0)),\"(Código não identificado nas referências)\",MATCH($AE103,INDIRECT(ORÇAMENTO.BancoRef),0))))","v":"(Sem Código)"},{"$f":"ROUND(IF(DESONERACAO=\"sim\",REFERENCIA.Desonerado,REFERENCIA.NaoDesonerado),2)","v":0},0.2487,null,null,null,null,{"$f":"$X103","v":0},0]
[2,2,2,12,{"$f":"IF($C104=1,OFFSET(E104,-1,0)+MAX(1,COUNTIF(QCI!$A$13:$A$24,OFFSET(ORÇAMENTO!E104,-1,0))),OFFSET(E104,-1,0))","v":1},6,0,0,0,136,{"$f":"IF(OR($C104=\"S\",$C104=0),0,MATCH(OFFSET($D104,0,$C104)+IF($C104<>1,1,COUNTIF(QCI!$A$13:$A$24,ORÇAMENTO!E104)),OFFSET($D104,1,$C104,ROW($C$240)-ROW($C104)),0))","v":12},"F","Nível 2","Nível 2","1.6.","SINAPI",null,{"$f":"IF($C104=\"S\",REFERENCIA.Descricao,\"COBERTURA\")","v":"COBERTURA"},{"$f":"REFERENCIA.Unidade","v":"-"},{"$f":"OFFSET(CÁLCULO!H$15,ROW($T104)-ROW(T$15),0)","v":0},0,"BDI 1",{"$f":"IF($C104=\"S\",ROUND(IF(TIPOORCAMENTO=\"Proposto\",ORÇAMENTO.CustoUnitario*(1+$AH104),ORÇAMENTO.PrecoUnitarioLicitado),15-13*$AF$10),0)","v":0},{"$f":"IF($C104=\"S\",IF(Import.TipoArredondamento<>\"TransfereGOV\",VTOTAL1,SUM(OFFSET(CÁLCULO!$AA$15,ROW($X104)-ROW($X$15),1):OFFSET(CÁLCULO!$AL$15,ROW($X104)-ROW($X$15),-1))),IF($C104=0,0,ROUND(SomaAgrup,15-13*$AF$11)))","v":67330.67},"RA","",{"$f":"IF($C104=\"S\",IF($Z104=\"CP\",$X104,IF($Z104=\"RA\",(($X104)*QCI!$AA$3),0)),SomaAgrup)","v":67330.67},0,{"$f":"IF($N104=\"\",\"\",IF(ORÇAMENTO.Descricao=\"\",\"DESCRIÇÃO\",IF(AND($C104=\"S\",ORÇAMENTO.Unidade=\"\"),\"UNIDADE\",IF($X104<0,\"VALOR NEGATIVO\",IF(OR(AND(TIPOORCAMENTO=\"Proposto\",$AG104<>\"\",$AG104>0,ORÇAMENTO.CustoUnitario>$AG104),AND(TIPOORCAMENTO=\"LICITADO\",ORÇAMENTO.PrecoUnitarioLicitado>$AN104)),\"ACIMA REF.\",\"\")))))","v":""},{"$f":"IF(C104<=CRONO.NivelExibicao,MAX($AD$15:OFFSET(AD104,-1,0))+IF($C104<>1,1,MAX(1,COUNTIF(QCI!$A$13:$A$24,OFFSET($E104,-1,0)))),\"\")","v":7},{"$f":"IF(AND($C104=\"S\",ORÇAMENTO.CodBarra<>\"\"),IF(ORÇAMENTO.Fonte=\"\",ORÇAMENTO.CodBarra,CONCATENATE(ORÇAMENTO.Fonte,\" \",ORÇAMENTO.CodBarra)))","v":false},{"$f":"IF(ISERROR(INDIRECT(ORÇAMENTO.BancoRef)),\"(abra o arquivo 'Referência \"&Excel_BuiltIn_Database&\".xlsm)\",IF(OR($C104<>\"S\",ORÇAMENTO.CodBarra=\"\"),\"(Sem Código)\",IF(ISERROR(MATCH($AE104,INDIRECT(ORÇAMENTO.BancoRef),0)),\"(Código não identificado nas referências)\",MATCH($AE104,INDIRECT(ORÇAMENTO.BancoRef),0))))","v":"(Sem Código)"},{"$f":"ROUND(IF(DESONERACAO=\"sim\",REFERENCIA.Desonerado,REFERENCIA.NaoDesonerado),2)","v":0},0.2487,null,null,null,null,67330.67,0]
[{"$f":"CHOOSE(1+LOG(1+2*(ORÇAMENTO.Nivel=\"Meta\")+4*(ORÇAMENTO.Nivel=\"Nível 2\")+8*(ORÇAMENTO.Nivel=\"Nível 3\")+16*(ORÇAMENTO.Nivel=\"Nível 4\")+32*(ORÇAMENTO.Nivel=\"Serviço\"),2),0,1,2,3,4,\"S\")","v":"S"},{"$f":"IF(OR(C105=\"s\",C105=0),OFFSET(B105,-1,0),C105)","v":2},{"$f":"IF(OFFSET(C105,-1,0)=\"L\",1,IF(OFFSET(C105,-1,0)=1,2,IF(OR(A105=\"s\",A105=0),\"S\",IF(AND(OFFSET(C105,-1,0)=2,A105=4),3,IF(AND(OR(OFFSET(C105,-1,0)=\"s\",OFFSET(C105,-1,0)=0),A105<>\"s\",A105>OFFSET(B105,-1,0)),OFFSET(B105,-1,0),A105)))))","v":"S"},{"$f":"IF(OR(C105=\"S\",C105=0),0,IF(ISERROR(K105),J105,SMALL(J105:K105,1)))","v":0},{"$f":"IF($C105=1,OFFSET(E105,-1,0)+MAX(1,COUNTIF(QCI!$A$13:$A$24,OFFSET(ORÇAMENTO!E105,-1,0))),OFFSET(E105,-1,0))","v":1},{"$f":"IF($C105=1,0,IF($C105=2,OFFSET(F105,-1,0)+1,OFFSET(F105,-1,0)))","v":6},{"$f":"IF(AND($C105<=2,$C105<>0),0,IF($C105=3,OFFSET(G105,-1,0)+1,OFFSET(G105,-1,0)))","v":0},{"$f":"IF(AND($C105<=3,$C105<>0),0,IF($C105=4,OFFSET(H105,-1,0)+1,OFFSET(H105,-1,0)))","v":0},{"$f":"IF(AND($C105<=4,$C105<>0),0,IF(AND($C105=\"S\",$X105>0),OFFSET(I105,-1,0)+1,OFFSET(I105,-1,0)))","v":1},0,{"$f":"IF(OR($C105=\"S\",$C105=0),0,MATCH(OFFSET($D105,0,$C105)+IF($C105<>1,1,COUNTIF(QCI!$A$13:$A$24,ORÇAMENTO!E105)),OFFSET($D105,1,$C105,ROW($C$240)-ROW($C105)),0))","v":0},{"$f":"IF(OR($X105>0,$C105=1,$C105=2,$C105=3,$C105=4),\"F\",\"\")","v":"F"},"Serviço",{"$f":"CHOOSE(1+LOG(1+2*(C105=1)+4*(C105=2)+8*(C105=3)+16*(C105=4)+32*(C105=\"S\"),2),\"\",\"Meta\",\"Nível 2\",\"Nível 3\",\"Nível 4\",\"Serviço\")","v":"Serviço"},{"$f":"IF(OR($C105=0,$L105=\"\"),\"-\",CONCATENATE(E105&\".\",IF(AND($A$5>=2,$C105>=2),F105&\".\",\"\"),IF(AND($A$5>=3,$C105>=3),G105&\".\",\"\"),IF(AND($A$5>=4,$C105>=4),H105&\".\",\"\"),IF($C105=\"S\",I105&\".\",\"\")))","v":"1.6.0.1."},"SINAPI","100367",{"$f":"IF($C105=\"S\",REFERENCIA.Descricao,\"(digite a descrição aqui)\")","v":"FABRICAÇÃO E INSTALAÇÃO DE MEIA TESOURA DE MADEIRA NÃO APARELHADA, COM VÃO DE 3 M, PARA TELHA ONDULADA DE FIBROCIMENTO, ALUMÍNIO, PLÁSTICA OU TERMOACÚSTICA, INCLUSO IÇAMENTO. AF_07/2019"},{"$f":"REFERENCIA.Unidade","v":"UN"},{"$f":"OFFSET(CÁLCULO!H$15,ROW($T105)-ROW(T$15),0)","v":4},{"$f":"AG105","v":1177.8800000000001},"BDI 1",{"$f":"IF($C105=\"S\",ROUND(IF(TIPOORCAMENTO=\"Proposto\",ORÇAMENTO.CustoUnitario*(1+$AH105),ORÇAMENTO.PrecoUnitarioLicitado),15-13*$AF$10),0)","v":1470.82},{"$f":"IF($C105=\"S\",IF(Import.TipoArredondamento<>\"TransfereGOV\",VTOTAL1,SUM(OFFSET(CÁLCULO!$AA$15,ROW($X105)-ROW($X$15),1):OFFSET(CÁLCULO!$AL$15,ROW($X105)-ROW($X$15),-1))),IF($C105=0,0,ROUND(SomaAgrup,15-13*$AF$11)))","v":5883.28},"RA",{"$f":"IF(AND($C105=\"S\",$X105>0),IF(ISBLANK($Y105),\"RA\",LEFT($Y105,2)),\"\")","v":"RA"},{"$f":"IF($C105=\"S\",IF($Z105=\"CP\",$X105,IF($Z105=\"RA\",(($X105)*QCI!$AA$3),0)),SomaAgrup)","v":5883.28},{"$f":"IF($C105=\"S\",IF($Z105=\"OU\",ROUND($X105,2),0),SomaAgrup)","v":0},{"$f":"IF($N105=\"\",\"\",IF(ORÇAMENTO.Descricao=\"\",\"DESCRIÇÃO\",IF(AND($C105=\"S\",ORÇAMENTO.Unidade=\"\"),\"UNIDADE\",IF($X105<0,\"VALOR NEGATIVO\",IF(OR(AND(TIPOORCAMENTO=\"Proposto\",$AG105<>\"\",$AG105>0,ORÇAMENTO.CustoUnitario>$AG105),AND(TIPOORCAMENTO=\"LICITADO\",ORÇAMENTO.PrecoUnitarioLicitado>$AN105)),\"ACIMA REF.\",\"\")))))","v":""},{"$f":"IF(C105<=CRONO.NivelExibicao,MAX($AD$15:OFFSET(AD105,-1,0))+IF($C105<>1,1,MAX(1,COUNTIF(QCI!$A$13:$A$24,OFFSET($E105,-1,0)))),\"\")","v":""},{"$f":"IF(AND($C105=\"S\",ORÇAMENTO.CodBarra<>\"\"),IF(ORÇAMENTO.Fonte=\"\",ORÇAMENTO.CodBarra,CONCATENATE(ORÇAMENTO.Fonte,\" \",ORÇAMENTO.CodBarra)))","v":"SINAPI 100367"},{"$f":"IF(ISERROR(INDIRECT(ORÇAMENTO.BancoRef)),\"(abra o arquivo 'Referência \"&Excel_BuiltIn_Database&\".xlsm)\",IF(OR($C105<>\"S\",ORÇAMENTO.CodBarra=\"\"),\"(Sem Código)\",IF(ISERROR(MATCH($AE105,INDIRECT(ORÇAMENTO.BancoRef),0)),\"(Código não identificado nas referências)\",MATCH($AE105,INDIRECT(ORÇAMENTO.BancoRef),0))))","v":1477},{"$f":"ROUND(IF(DESONERACAO=\"sim\",REFERENCIA.Desonerado,REFERENCIA.NaoDesonerado),2)","v":1177.8800000000001},{"$f":"ROUND(IF(ISNUMBER(ORÇAMENTO.OpcaoBDI),ORÇAMENTO.OpcaoBDI,IF(LEFT(ORÇAMENTO.OpcaoBDI,3)=\"BDI\",HLOOKUP(ORÇAMENTO.OpcaoBDI,$F$4:$H$5,2,FALSE),0)),15-11*$AF$9)","v":0.2487},null,4,null,null,{"$f":"$X105","v":5883.28},{"$f":"ROUND(ORÇAMENTO.CustoUnitario*(1+$AH105),2)","v":1470.82}]
["S",2,"S",0,{"$f":"IF($C106=1,OFFSET(E106,-1,0)+MAX(1,COUNTIF(QCI!$A$13:$A$24,OFFSET(ORÇAMENTO!E106,-1,0))),OFFSET(E106,-1,0))","v":1},6,0,0,2,0,{"$f":"IF(OR($C106=\"S\",$C106=0),0,MATCH(OFFSET($D106,0,$C106)+IF($C106<>1,1,COUNTIF(QCI!$A$13:$A$24,ORÇAMENTO!E106)),OFFSET($D106,1,$C106,ROW($C$240)-ROW($C106)),0))","v":0},"F","Serviço","Serviço","1.6.0.2.","SINAPI","100370",{"$f":"IF($C106=\"S\",REFERENCIA.Descricao,\"(digite a descrição aqui)\")","v":"FABRICAÇÃO E INSTALAÇÃO DE MEIA TESOURA DE MADEIRA NÃO APARELHADA, COM VÃO DE 6 M, PARA TELHA ONDULADA DE FIBROCIMENTO, ALUMÍNIO, PLÁSTICA OU TERMOACÚSTICA, INCLUSO IÇAMENTO. AF_07/2019"},{"$f":"REFERENCIA.Unidade","v":"UN"},{"$f":"OFFSET(CÁLCULO!H$15,ROW($T106)-ROW(T$15),0)","v":4},2017.17,"BDI 1",{"$f":"IF($C106=\"S\",ROUND(IF(TIPOORCAMENTO=\"Proposto\",ORÇAMENTO.CustoUnitario*(1+$AH106),ORÇAMENTO.PrecoUnitarioLicitado),15-13*$AF$10),0)","v":2518.84},{"$f":"IF($C106=\"S\",IF(Import.TipoArredondamento<>\"TransfereGOV\",VTOTAL1,SUM(OFFSET(CÁLCULO!$AA$15,ROW($X106)-ROW($X$15),1):OFFSET(CÁLCULO!$AL$15,ROW($X106)-ROW($X$15),-1))),IF($C106=0,0,ROUND(SomaAgrup,15-13*$AF$11)))","v":10075.36},"RA","RA",{"$f":"IF($C106=\"S\",IF($Z106=\"CP\",$X106,IF($Z106=\"RA\",(($X106)*QCI!$AA$3),0)),SomaAgrup)","v":10075.36},0,{"$f":"IF($N106=\"\",\"\",IF(ORÇAMENTO.Descricao=\"\",\"DESCRIÇÃO\",IF(AND($C106=\"S\",ORÇAMENTO.Unidade=\"\"),\"UNIDADE\",IF($X106<0,\"VALOR NEGATIVO\",IF(OR(AND(TIPOORCAMENTO=\"Proposto\",$AG106<>\"\",$AG106>0,ORÇAMENTO.CustoUnitario>$AG106),AND(TIPOORCAMENTO=\"LICITADO\",ORÇAMENTO.PrecoUnitarioLicitado>$AN106)),\"ACIMA REF.\",\"\")))))","v":""},{"$f":"IF(C106<=CRONO.NivelExibicao,MAX($AD$15:OFFSET(AD106,-1,0))+IF($C106<>1,1,MAX(1,COUNTIF(QCI!$A$13:$A$24,OFFSET($E106,-1,0)))),\"\")","v":""},{"$f":"IF(AND($C106=\"S\",ORÇAMENTO.CodBarra<>\"\"),IF(ORÇAMENTO.Fonte=\"\",ORÇAMENTO.CodBarra,CONCATENATE(ORÇAMENTO.Fonte,\" \",ORÇAMENTO.CodBarra)))","v":"SINAPI 100370"},{"$f":"IF(ISERROR(INDIRECT(ORÇAMENTO.BancoRef)),\"(abra o arquivo 'Referência \"&Excel_BuiltIn_Database&\".xlsm)\",IF(OR($C106<>\"S\",ORÇAMENTO.CodBarra=\"\"),\"(Sem Código)\",IF(ISERROR(MATCH($AE106,INDIRECT(ORÇAMENTO.BancoRef),0)),\"(Código não identificado nas referências)\",MATCH($AE106,INDIRECT(ORÇAMENTO.BancoRef),0))))","v":1480},{"$f":"ROUND(IF(DESONERACAO=\"sim\",REFERENCIA.Desonerado,REFERENCIA.NaoDesonerado),2)","v":2017.17},0.2487,null,4,null,null,10075.36,2518.84]
["S",2,"S",0,{"$f":"IF($C107=1,OFFSET(E107,-1,0)+MAX(1,COUNTIF(QCI!$A$13:$A$24,OFFSET(ORÇAMENTO!E107,-1,0))),OFFSET(E107,-1,0))","v":1},6,0,0,3,0,{"$f":"IF(OR($C107=\"S\",$C107=0),0,MATCH(OFFSET($D107,0,$C107)+IF($C107<>1,1,COUNTIF(QCI!$A$13:$A$24,ORÇAMENTO!E107)),OFFSET($D107,1,$C107,ROW($C$240)-ROW($C107)),0))","v":0},"F","Serviço","Serviço","1.6.0.3.","SINAPI","100373",{"$f":"IF($C107=\"S\",REFERENCIA.Descricao,\"(digite a descrição aqui)\")","v":"FABRICAÇÃO E INSTALAÇÃO DE MEIA TESOURA DE MADEIRA NÃO APARELHADA, COM VÃO DE 9 M, PARA TELHA ONDULADA DE FIBROCIMENTO, ALUMÍNIO, PLÁSTICA OU TERMOACÚSTICA, INCLUSO IÇAMENTO. AF_07/2019"},{"$f":"REFERENCIA.Unidade","v":"UN"},{"$f":"OFFSET(CÁLCULO!H$15,ROW($T107)-ROW(T$15),0)","v":3},3000.79,"BDI 1",{"$f":"IF($C107=\"S\",ROUND(IF(TIPOORCAMENTO=\"Proposto\",ORÇAMENTO.CustoUnitario*(1+$AH107),ORÇAMENTO.PrecoUnitarioLicitado),15-13*$AF$10),0)","v":3747.09},{"$f":"IF($C107=\"S\",IF(Import.TipoArredondamento<>\"TransfereGOV\",VTOTAL1,SUM(OFFSET(CÁLCULO!$AA$15,ROW($X107)-ROW($X$15),1):OFFSET(CÁLCULO!$AL$15,ROW($X107)-ROW($X$15),-1))),IF($C107=0,0,ROUND(SomaAgrup,15-13*$AF$11)))","v":11241.27},"RA","RA",{"$f":"IF($C107=\"S\",IF($Z107=\"CP\",$X107,IF($Z107=\"RA\",(($X107)*QCI!$AA$3),0)),SomaAgrup)","v":11241.27},0,{"$f":"IF($N107=\"\",\"\",IF(ORÇAMENTO.Descricao=\"\",\"DESCRIÇÃO\",IF(AND($C107=\"S\",ORÇAMENTO.Unidade=\"\"),\"UNIDADE\",IF($X107<0,\"VALOR NEGATIVO\",IF(OR(AND(TIPOORCAMENTO=\"Proposto\",$AG107<>\"\",$AG107>0,ORÇAMENTO.CustoUnitario>$AG107),AND(TIPOORCAMENTO=\"LICITADO\",ORÇAMENTO.PrecoUnitarioLicitado>$AN107)),\"ACIMA REF.\",\"\")))))","v":""},{"$f":"IF(C107<=CRONO.NivelExibicao,MAX($AD$15:OFFSET(AD107,-1,0))+IF($C107<>1,1,MAX(1,COUNTIF(QCI!$A$13:$A$24,OFFSET($E107,-1,0)))),\"\")","v":""},{"$f":"IF(AND($C107=\"S\",ORÇAMENTO.CodBarra<>\"\"),IF(ORÇAMENTO.Fonte=\"\",ORÇAMENTO.CodBarra,CONCATENATE(ORÇAMENTO.Fonte,\" \",ORÇAMENTO.CodBarra)))","v":"SINAPI 100373"},{"$f":"IF(ISERROR(INDIRECT(ORÇAMENTO.BancoRef)),\"(abra o arquivo 'Referência \"&Excel_BuiltIn_Database&\".xlsm)\",IF(OR($C107<>\"S\",ORÇAMENTO.CodBarra=\"\"),\"(Sem Código)\",IF(ISERROR(MATCH($AE107,INDIRECT(ORÇAMENTO.BancoRef),0)),\"(Código não identificado nas referências)\",MATCH($AE107,INDIRECT(ORÇAMENTO.BancoRef),0))))","v":1483},{"$f":"ROUND(IF(DESONERACAO=\"sim\",REFERENCIA.Desonerado,REFERENCIA.NaoDesonerado),2)","v":3000.79},0.2487,null,3,null,null,11241.27,3747.09]
["S",2,"S",0,{"$f":"IF($C108=1,OFFSET(E108,-1,0)+MAX(1,COUNTIF(QCI!$A$13:$A$24,OFFSET(ORÇAMENTO!E108,-1,0))),OFFSET(E108,-1,0))","v":1},6,0,0,4,0,{"$f":"IF(OR($C108=\"S\",$C108=0),0,MATCH(OFFSET($D108,0,$C108)+IF($C108<>1,1,COUNTIF(QCI!$A$13:$A$24,ORÇAMENTO!E108)),OFFSET($D108,1,$C108,ROW($C$240)-ROW($C108)),0))","v":0},"F","Serviço","Serviço","1.6.0.4.","SINAPI","100376",{"$f":"IF($C108=\"S\",REFERENCIA.Descricao,\"(digite a descrição aqui)\")","v":"FABRICAÇÃO E INSTALAÇÃO DE MEIA TESOURA DE MADEIRA NÃO APARELHADA, COM VÃO DE 12 M, PARA TELHA ONDULADA DE FIBROCIMENTO, ALUMÍNIO, PLÁSTICA OU TERMOACÚSTICA, INCLUSO IÇAMENTO. AF_07/2019"},{"$f":"REFERENCIA.Unidade","v":"UN"},{"$f":"OFFSET(CÁLCULO!H$15,ROW($T108)-ROW(T$15),0)","v":2},{"$f":"AG108","v":3589.94},"BDI 1",{"$f":"IF($C108=\"S\",ROUND(IF(TIPOORCAMENTO=\"Proposto\",ORÇAMENTO.CustoUnitario*(1+$AH108),ORÇAMENTO.PrecoUnitarioLicitado),15-13*$AF$10),0)","v":4482.76},{"$f":"IF($C108=\"S\",IF(Import.TipoArredondamento<>\"TransfereGOV\",VTOTAL1,SUM(OFFSET(CÁLCULO!$AA$15,ROW($X108)-ROW($X$15),1):OFFSET(CÁLCULO!$AL$15,ROW($X108)-ROW($X$15),-1))),IF($C108=0,0,ROUND(SomaAgrup,15-13*$AF$11)))","v":8965.52},"RA","RA",{"$f":"IF($C108=\"S\",IF($Z108=\"CP\",$X108,IF($Z108=\"RA\",(($X108)*QCI!$AA$3),0)),SomaAgrup)","v":8965.52},0,{"$f":"IF($N108=\"\",\"\",IF(ORÇAMENTO.Descricao=\"\",\"DESCRIÇÃO\",IF(AND($C108=\"S\",ORÇAMENTO.Unidade=\"\"),\"UNIDADE\",IF($X108<0,\"VALOR NEGATIVO\",IF(OR(AND(TIPOORCAMENTO=\"Proposto\",$AG108<>\"\",$AG108>0,ORÇAMENTO.CustoUnitario>$AG108),AND(TIPOORCAMENTO=\"LICITADO\",ORÇAMENTO.PrecoUnitarioLicitado>$AN108)),\"ACIMA REF.\",\"\")))))","v":""},{"$f":"IF(C108<=CRONO.NivelExibicao,MAX($AD$15:OFFSET(AD108,-1,0))+IF($C108<>1,1,MAX(1,COUNTIF(QCI!$A$13:$A$24,OFFSET($E108,-1,0)))),\"\")","v":""},{"$f":"IF(AND($C108=\"S\",ORÇAMENTO.CodBarra<>\"\"),IF(ORÇAMENTO.Fonte=\"\",ORÇAMENTO.CodBarra,CONCATENATE(ORÇAMENTO.Fonte,\" \",ORÇAMENTO.CodBarra)))","v":"SINAPI 100376"},{"$f":"IF(ISERROR(INDIRECT(ORÇAMENTO.BancoRef)),\"(abra o arquivo 'Referência \"&Excel_BuiltIn_Database&\".xlsm)\",IF(OR($C108<>\"S\",ORÇAMENTO.CodBarra=\"\"),\"(Sem Código)\",IF(ISERROR(MATCH($AE108,INDIRECT(ORÇAMENTO.BancoRef),0)),\"(Código não identificado nas referências)\",MATCH($AE108,INDIRECT(ORÇAMENTO.BancoRef),0))))","v":1486},{"$f":"ROUND(IF(DESONERACAO=\"sim\",REFERENCIA.Desonerado,REFERENCIA.NaoDesonerado),2)","v":3589.94},0.2487,null,2,null,null,8965.52,4482.76]
["S",2,"S",0,{"$f":"IF($C109=1,OFFSET(E109,-1,0)+MAX(1,COUNTIF(QCI!$A$13:$A$24,OFFSET(ORÇAMENTO!E109,-1,0))),OFFSET(E109,-1,0))","v":1},6,0,0,5,0,{"$f":"IF(OR($C109=\"S\",$C109=0),0,MATCH(OFFSET($D109,0,$C109)+IF($C109<>1,1,COUNTIF(QCI!$A$13:$A$24,ORÇAMENTO!E109)),OFFSET($D109,1,$C109,ROW($C$240)-ROW($C109)),0))","v":0},"F","Serviço","Serviço","1.6.0.5.","SINAPI","92543",{"$f":"IF($C109=\"S\",REFERENCIA.Descricao,\"(digite a descrição aqui)\")","v":"TRAMA DE MADEIRA COMPOSTA POR TERÇAS PARA TELHADOS DE ATÉ 2 ÁGUAS PARA TELHA ONDULADA DE FIBROCIMENTO, METÁLICA, PLÁSTICA OU TERMOACÚSTICA, INCLUSO TRANSPORTE VERTICAL. AF_07/2019"},{"$f":"REFERENCIA.Unidade","v":"M2"},{"$f":"OFFSET(CÁLCULO!H$15,ROW($T109)-ROW(T$15),0)","v":215.25},26.37,"BDI 1",{"$f":"IF($C109=\"S\",ROUND(IF(TIPOORCAMENTO=\"Proposto\",ORÇAMENTO.CustoUnitario*(1+$AH109),ORÇAMENTO.PrecoUnitarioLicitado),15-13*$AF$10),0)","v":32.93},{"$f":"IF($C109=\"S\",IF(Import.TipoArredondamento<>\"TransfereGOV\",VTOTAL1,SUM(OFFSET(CÁLCULO!$AA$15,ROW($X109)-ROW($X$15),1):OFFSET(CÁLCULO!$AL$15,ROW($X109)-ROW($X$15),-1))),IF($C109=0,0,ROUND(SomaAgrup,15-13*$AF$11)))","v":7088.18},"RA","RA",{"$f":"IF($C109=\"S\",IF($Z109=\"CP\",$X109,IF($Z109=\"RA\",(($X109)*QCI!$AA$3),0)),SomaAgrup)","v":7088.18},0,{"$f":"IF($N109=\"\",\"\",IF(ORÇAMENTO.Descricao=\"\",\"DESCRIÇÃO\",IF(AND($C109=\"S\",ORÇAMENTO.Unidade=\"\"),\"UNIDADE\",IF($X109<0,\"VALOR NEGATIVO\",IF(OR(AND(TIPOORCAMENTO=\"Proposto\",$AG109<>\"\",$AG109>0,ORÇAMENTO.CustoUnitario>$AG109),AND(TIPOORCAMENTO=\"LICITADO\",ORÇAMENTO.PrecoUnitarioLicitado>$AN109)),\"ACIMA REF.\",\"\")))))","v":""},{"$f":"IF(C109<=CRONO.NivelExibicao,MAX($AD$15:OFFSET(AD109,-1,0))+IF($C109<>1,1,MAX(1,COUNTIF(QCI!$A$13:$A$24,OFFSET($E109,-1,0)))),\"\")","v":""},{"$f":"IF(AND($C109=\"S\",ORÇAMENTO.CodBarra<>\"\"),IF(ORÇAMENTO.Fonte=\"\",ORÇAMENTO.CodBarra,CONCATENATE(ORÇAMENTO.Fonte,\" \",ORÇAMENTO.CodBarra)))","v":"SINAPI 92543"},{"$f":"IF(ISERROR(INDIRECT(ORÇAMENTO.BancoRef)),\"(abra o arquivo 'Referência \"&Excel_BuiltIn_Database&\".xlsm)\",IF(OR($C109<>\"S\",ORÇAMENTO.CodBarra=\"\"),\"(Sem Código)\",IF(ISERROR(MATCH($AE109,INDIRECT(ORÇAMENTO.BancoRef),0)),\"(Código não identificado nas referências)\",MATCH($AE109,INDIRECT(ORÇAMENTO.BancoRef),0))))","v":1335},{"$f":"ROUND(IF(DESONERACAO=\"sim\",REFERENCIA.Desonerado,REFERENCIA.NaoDesonerado),2)","v":26.37},0.2487,null,215.25,null,null,7088.18,32.93]
["S",2,"S",0,{"$f":"IF($C110=1,OFFSET(E110,-1,0)+MAX(1,COUNTIF(QCI!$A$13:$A$24,OFFSET(ORÇAMENTO!E110,-1,0))),OFFSET(E110,-1,0))","v":1},6,0,0,6,0,{"$f":"IF(OR($C110=\"S\",$C110=0),0,MATCH(OFFSET($D110,0,$C110)+IF($C110<>1,1,COUNTIF(QCI!$A$13:$A$24,ORÇAMENTO!E110)),OFFSET($D110,1,$C110,ROW($C$240)-ROW($C110)),0))","v":0},"F","Serviço","Serviço","1.6.0.6.","SINAPI","94207",{"$f":"IF($C110=\"S\",REFERENCIA.Descricao,\"(digite a descrição aqui)\")","v":"TELHAMENTO COM TELHA ONDULADA DE FIBROCIMENTO E = 6 MM, COM RECOBRIMENTO LATERAL DE 1/4 DE ONDA PARA TELHADO COM INCLINAÇÃO MAIOR QUE 10°, COM ATÉ 2 ÁGUAS, INCLUSO IÇAMENTO. AF_07/2019"},{"$f":"REFERENCIA.Unidade","v":"M2"},{"$f":"OFFSET(CÁLCULO!H$15,ROW($T110)-ROW(T$15),0)","v":215.25},47.37,"BDI 1",{"$f":"IF($C110=\"S\",ROUND(IF(TIPOORCAMENTO=\"Proposto\",ORÇAMENTO.CustoUnitario*(1+$AH110),ORÇAMENTO.PrecoUnitarioLicitado),15-13*$AF$10),0)","v":59.15},{"$f":"IF($C110=\"S\",IF(Import.TipoArredondamento<>\"TransfereGOV\",VTOTAL1,SUM(OFFSET(CÁLCULO!$AA$15,ROW($X110)-ROW($X$15),1):OFFSET(CÁLCULO!$AL$15,ROW($X110)-ROW($X$15),-1))),IF($C110=0,0,ROUND(SomaAgrup,15-13*$AF$11)))","v":12732.04},"RA","RA",{"$f":"IF($C110=\"S\",IF($Z110=\"CP\",$X110,IF($Z110=\"RA\",(($X110)*QCI!$AA$3),0)),SomaAgrup)","v":12732.04},0,{"$f":"IF($N110=\"\",\"\",IF(ORÇAMENTO.Descricao=\"\",\"DESCRIÇÃO\",IF(AND($C110=\"S\",ORÇAMENTO.Unidade=\"\"),\"UNIDADE\",IF($X110<0,\"VALOR NEGATIVO\",IF(OR(AND(TIPOORCAMENTO=\"Proposto\",$AG110<>\"\",$AG110>0,ORÇAMENTO.CustoUnitario>$AG110),AND(TIPOORCAMENTO=\"LICITADO\",ORÇAMENTO.PrecoUnitarioLicitado>$AN110)),\"ACIMA REF.\",\"\")))))","v":""},{"$f":"IF(C110<=CRONO.NivelExibicao,MAX($AD$15:OFFSET(AD110,-1,0))+IF($C110<>1,1,MAX(1,COUNTIF(QCI!$A$13:$A$24,OFFSET($E110,-1,0)))),\"\")","v":""},{"$f":"IF(AND($C110=\"S\",ORÇAMENTO.CodBarra<>\"\"),IF(ORÇAMENTO.Fonte=\"\",ORÇAMENTO.CodBarra,CONCATENATE(ORÇAMENTO.Fonte,\" \",ORÇAMENTO.CodBarra)))","v":"SINAPI 94207"},{"$f":"IF(ISERROR(INDIRECT(ORÇAMENTO.BancoRef)),\"(abra o arquivo 'Referência \"&Excel_BuiltIn_Database&\".xlsm)\",IF(OR($C110<>\"S\",ORÇAMENTO.CodBarra=\"\"),\"(Sem Código)\",IF(ISERROR(MATCH($AE110,INDIRECT(ORÇAMENTO.BancoRef),0)),\"(Código não identificado nas referências)\",MATCH($AE110,INDIRECT(ORÇAMENTO.BancoRef),0))))","v":1390},{"$f":"ROUND(IF(DESONERACAO=\"sim\",REFERENCIA.Desonerado,REFERENCIA.NaoDesonerado),2)","v":47.37},0.2487,null,215.25,null,null,12732.04,59.15]
["S",2,"S",0,{"$f":"IF($C111=1,OFFSET(E111,-1,0)+MAX(1,COUNTIF(QCI!$A$13:$A$24,OFFSET(ORÇAMENTO!E111,-1,0))),OFFSET(E111,-1,0))","v":1},6,0,0,7,0,{"$f":"IF(OR($C111=\"S\",$C111=0),0,MATCH(OFFSET($D111,0,$C111)+IF($C111<>1,1,COUNTIF(QCI!$A$13:$A$24,ORÇAMENTO!E111)),OFFSET($D111,1,$C111,ROW($C$240)-ROW($C111)),0))","v":0},"F","Serviço","Serviço","1.6.0.7.","SINAPI","94223",{"$f":"IF($C111=\"S\",REFERENCIA.Descricao,\"(digite a descrição aqui)\")","v":"CUMEEIRA PARA TELHA DE FIBROCIMENTO ONDULADA E = 6 MM, INCLUSO ACESSÓRIOS DE FIXAÇÃO E IÇAMENTO. AF_07/2019"},{"$f":"REFERENCIA.Unidade","v":"M"},{"$f":"OFFSET(CÁLCULO!H$15,ROW($T111)-ROW(T$15),0)","v":28.35},76.989999999999995,"BDI 1",{"$f":"IF($C111=\"S\",ROUND(IF(TIPOORCAMENTO=\"Proposto\",ORÇAMENTO.CustoUnitario*(1+$AH111),ORÇAMENTO.PrecoUnitarioLicitado),15-13*$AF$10),0)","v":96.14},{"$f":"IF($C111=\"S\",IF(Import.TipoArredondamento<>\"TransfereGOV\",VTOTAL1,SUM(OFFSET(CÁLCULO!$AA$15,ROW($X111)-ROW($X$15),1):OFFSET(CÁLCULO!$AL$15,ROW($X111)-ROW($X$15),-1))),IF($C111=0,0,ROUND(SomaAgrup,15-13*$AF$11)))","v":2725.57},"RA","RA",{"$f":"IF($C111=\"S\",IF($Z111=\"CP\",$X111,IF($Z111=\"RA\",(($X111)*QCI!$AA$3),0)),SomaAgrup)","v":2725.57},0,{"$f":"IF($N111=\"\",\"\",IF(ORÇAMENTO.Descricao=\"\",\"DESCRIÇÃO\",IF(AND($C111=\"S\",ORÇAMENTO.Unidade=\"\"),\"UNIDADE\",IF($X111<0,\"VALOR NEGATIVO\",IF(OR(AND(TIPOORCAMENTO=\"Proposto\",$AG111<>\"\",$AG111>0,ORÇAMENTO.CustoUnitario>$AG111),AND(TIPOORCAMENTO=\"LICITADO\",ORÇAMENTO.PrecoUnitarioLicitado>$AN111)),\"ACIMA REF.\",\"\")))))","v":""},{"$f":"IF(C111<=CRONO.NivelExibicao,MAX($AD$15:OFFSET(AD111,-1,0))+IF($C111<>1,1,MAX(1,COUNTIF(QCI!$A$13:$A$24,OFFSET($E111,-1,0)))),\"\")","v":""},{"$f":"IF(AND($C111=\"S\",ORÇAMENTO.CodBarra<>\"\"),IF(ORÇAMENTO.Fonte=\"\",ORÇAMENTO.CodBarra,CONCATENATE(ORÇAMENTO.Fonte,\" \",ORÇAMENTO.CodBarra)))","v":"SINAPI 94223"},{"$f":"IF(ISERROR(INDIRECT(ORÇAMENTO.BancoRef)),\"(abra o arquivo 'Referência \"&Excel_BuiltIn_Database&\".xlsm)\",IF(OR($C111<>\"S\",ORÇAMENTO.CodBarra=\"\"),\"(Sem Código)\",IF(ISERROR(MATCH($AE111,INDIRECT(ORÇAMENTO.BancoRef),0)),\"(Código não identificado nas referências)\",MATCH($AE111,INDIRECT(ORÇAMENTO.BancoRef),0))))","v":1414},{"$f":"ROUND(IF(DESONERACAO=\"sim\",REFERENCIA.Desonerado,REFERENCIA.NaoDesonerado),2)","v":76.989999999999995},0.2487,null,28.35,null,null,2725.57,96.14]
["S",2,"S",0,{"$f":"IF($C112=1,OFFSET(E112,-1,0)+MAX(1,COUNTIF(QCI!$A$13:$A$24,OFFSET(ORÇAMENTO!E112,-1,0))),OFFSET(E112,-1,0))","v":1},6,0,0,8,{"$f":"IF(OR($C112=\"S\",$C112=0),0,MATCH(0,OFFSET($D112,1,$C112,ROW($C$240)-ROW($C112)),0))","v":0},{"$f":"IF(OR($C112=\"S\",$C112=0),0,MATCH(OFFSET($D112,0,$C112)+IF($C112<>1,1,COUNTIF(QCI!$A$13:$A$24,ORÇAMENTO!E112)),OFFSET($D112,1,$C112,ROW($C$240)-ROW($C112)),0))","v":0},"F","Serviço","Serviço","1.6.0.8.","SINAPI","100434",{"$f":"IF($C112=\"S\",REFERENCIA.Descricao,\"(digite a descrição aqui)\")","v":"CALHA DE BEIRAL, SEMICIRCULAR DE PVC, DIAMETRO 125 MM, INCLUINDO CABECEIRAS, EMENDAS, BOCAIS, SUPORTES E VEDAÇÕES, EXCLUINDO CONDUTORES, INCLUSO TRANSPORTE VERTICAL. AF_07/2019"},{"$f":"REFERENCIA.Unidade","v":"M"},{"$f":"OFFSET(CÁLCULO!H$15,ROW($T112)-ROW(T$15),0)","v":40.700000000000003},169.6,"BDI 1",{"$f":"IF($C112=\"S\",ROUND(IF(TIPOORCAMENTO=\"Proposto\",ORÇAMENTO.CustoUnitario*(1+$AH112),ORÇAMENTO.PrecoUnitarioLicitado),15-13*$AF$10),0)","v":211.78},{"$f":"IF($C112=\"S\",IF(Import.TipoArredondamento<>\"TransfereGOV\",VTOTAL1,SUM(OFFSET(CÁLCULO!$AA$15,ROW($X112)-ROW($X$15),1):OFFSET(CÁLCULO!$AL$15,ROW($X112)-ROW($X$15),-1))),IF($C112=0,0,ROUND(SomaAgrup,15-13*$AF$11)))","v":8619.4500000000007},"RA","RA",{"$f":"IF($C112=\"S\",IF($Z112=\"CP\",$X112,IF($Z112=\"RA\",(($X112)*QCI!$AA$3),0)),SomaAgrup)","v":8619.4500000000007},0,{"$f":"IF($N112=\"\",\"\",IF(ORÇAMENTO.Descricao=\"\",\"DESCRIÇÃO\",IF(AND($C112=\"S\",ORÇAMENTO.Unidade=\"\"),\"UNIDADE\",IF($X112<0,\"VALOR NEGATIVO\",IF(OR(AND(TIPOORCAMENTO=\"Proposto\",$AG112<>\"\",$AG112>0,ORÇAMENTO.CustoUnitario>$AG112),AND(TIPOORCAMENTO=\"LICITADO\",ORÇAMENTO.PrecoUnitarioLicitado>$AN112)),\"ACIMA REF.\",\"\")))))","v":""},{"$f":"IF(C112<=CRONO.NivelExibicao,MAX($AD$15:OFFSET(AD112,-1,0))+IF($C112<>1,1,MAX(1,COUNTIF(QCI!$A$13:$A$24,OFFSET($E112,-1,0)))),\"\")","v":""},{"$f":"IF(AND($C112=\"S\",ORÇAMENTO.CodBarra<>\"\"),IF(ORÇAMENTO.Fonte=\"\",ORÇAMENTO.CodBarra,CONCATENATE(ORÇAMENTO.Fonte,\" \",ORÇAMENTO.CodBarra)))","v":"SINAPI 100434"},{"$f":"IF(ISERROR(INDIRECT(ORÇAMENTO.BancoRef)),\"(abra o arquivo 'Referência \"&Excel_BuiltIn_Database&\".xlsm)\",IF(OR($C112<>\"S\",ORÇAMENTO.CodBarra=\"\"),\"(Sem Código)\",IF(ISERROR(MATCH($AE112,INDIRECT(ORÇAMENTO.BancoRef),0)),\"(Código não identificado nas referências)\",MATCH($AE112,INDIRECT(ORÇAMENTO.BancoRef),0))))","v":1422},{"$f":"ROUND(IF(DESONERACAO=\"sim\",REFERENCIA.Desonerado,REFERENCIA.NaoDesonerado),2)","v":169.6},0.2487,null,40.700000000000003,null,null,8619.4500000000007,211.78]
["S",2,"S",0,{"$f":"IF($C113=1,OFFSET(E113,-1,0)+MAX(1,COUNTIF(QCI!$A$13:$A$24,OFFSET(ORÇAMENTO!E113,-1,0))),OFFSET(E113,-1,0))","v":1},6,0,0,8,0,{"$f":"IF(OR($C113=\"S\",$C113=0),0,MATCH(OFFSET($D113,0,$C113)+IF($C113<>1,1,COUNTIF(QCI!$A$13:$A$24,ORÇAMENTO!E113)),OFFSET($D113,1,$C113,ROW($C$240)-ROW($C113)),0))","v":0},"","Serviço","Serviço","-","SINAPI",null,{"$f":"IF($C113=\"S\",REFERENCIA.Descricao,\"(digite a descrição aqui)\")","v":"(Sem Código)"},{"$f":"REFERENCIA.Unidade","v":"-"},{"$f":"OFFSET(CÁLCULO!H$15,ROW($T113)-ROW(T$15),0)","v":0},0,"BDI 1",{"$f":"IF($C113=\"S\",ROUND(IF(TIPOORCAMENTO=\"Proposto\",ORÇAMENTO.CustoUnitario*(1+$AH113),ORÇAMENTO.PrecoUnitarioLicitado),15-13*$AF$10),0)","v":0},{"$f":"IF($C113=\"S\",IF(Import.TipoArredondamento<>\"TransfereGOV\",VTOTAL1,SUM(OFFSET(CÁLCULO!$AA$15,ROW($X113)-ROW($X$15),1):OFFSET(CÁLCULO!$AL$15,ROW($X113)-ROW($X$15),-1))),IF($C113=0,0,ROUND(SomaAgrup,15-13*$AF$11)))","v":0},"RA","",{"$f":"IF($C113=\"S\",IF($Z113=\"CP\",$X113,IF($Z113=\"RA\",(($X113)*QCI!$AA$3),0)),SomaAgrup)","v":0},0,{"$f":"IF($N113=\"\",\"\",IF(ORÇAMENTO.Descricao=\"\",\"DESCRIÇÃO\",IF(AND($C113=\"S\",ORÇAMENTO.Unidade=\"\"),\"UNIDADE\",IF($X113<0,\"VALOR NEGATIVO\",IF(OR(AND(TIPOORCAMENTO=\"Proposto\",$AG113<>\"\",$AG113>0,ORÇAMENTO.CustoUnitario>$AG113),AND(TIPOORCAMENTO=\"LICITADO\",ORÇAMENTO.PrecoUnitarioLicitado>$AN113)),\"ACIMA REF.\",\"\")))))","v":""},{"$f":"IF(C113<=CRONO.NivelExibicao,MAX($AD$15:OFFSET(AD113,-1,0))+IF($C113<>1,1,MAX(1,COUNTIF(QCI!$A$13:$A$24,OFFSET($E113,-1,0)))),\"\")","v":""},{"$f":"IF(AND($C113=\"S\",ORÇAMENTO.CodBarra<>\"\"),IF(ORÇAMENTO.Fonte=\"\",ORÇAMENTO.CodBarra,CONCATENATE(ORÇAMENTO.Fonte,\" \",ORÇAMENTO.CodBarra)))","v":false},{"$f":"IF(ISERROR(INDIRECT(ORÇAMENTO.BancoRef)),\"(abra o arquivo 'Referência \"&Excel_BuiltIn_Database&\".xlsm)\",IF(OR($C113<>\"S\",ORÇAMENTO.CodBarra=\"\"),\"(Sem Código)\",IF(ISERROR(MATCH($AE113,INDIRECT(ORÇAMENTO.BancoRef),0)),\"(Código não identificado nas referências)\",MATCH($AE113,INDIRECT(ORÇAMENTO.BancoRef),0))))","v":"(Sem Código)"},{"$f":"ROUND(IF(DESONERACAO=\"sim\",REFERENCIA.Desonerado,REFERENCIA.NaoDesonerado),2)","v":0},0.2487,null,null,null,null,0,0]
[{"$f":"CHOOSE(1+LOG(1+2*(ORÇAMENTO.Nivel=\"Meta\")+4*(ORÇAMENTO.Nivel=\"Nível 2\")+8*(ORÇAMENTO.Nivel=\"Nível 3\")+16*(ORÇAMENTO.Nivel=\"Nível 4\")+32*(ORÇAMENTO.Nivel=\"Serviço\"),2),0,1,2,3,4,\"S\")","v":"S"},{"$f":"IF(OR(C114=\"s\",C114=0),OFFSET(B114,-1,0),C114)","v":2},{"$f":"IF(OFFSET(C114,-1,0)=\"L\",1,IF(OFFSET(C114,-1,0)=1,2,IF(OR(A114=\"s\",A114=0),\"S\",IF(AND(OFFSET(C114,-1,0)=2,A114=4),3,IF(AND(OR(OFFSET(C114,-1,0)=\"s\",OFFSET(C114,-1,0)=0),A114<>\"s\",A114>OFFSET(B114,-1,0)),OFFSET(B114,-1,0),A114)))))","v":"S"},{"$f":"IF(OR(C114=\"S\",C114=0),0,IF(ISERROR(K114),J114,SMALL(J114:K114,1)))","v":0},{"$f":"IF($C114=1,OFFSET(E114,-1,0)+MAX(1,COUNTIF(QCI!$A$13:$A$24,OFFSET(ORÇAMENTO!E114,-1,0))),OFFSET(E114,-1,0))","v":1},{"$f":"IF($C114=1,0,IF($C114=2,OFFSET(F114,-1,0)+1,OFFSET(F114,-1,0)))","v":6},{"$f":"IF(AND($C114<=2,$C114<>0),0,IF($C114=3,OFFSET(G114,-1,0)+1,OFFSET(G114,-1,0)))","v":0},{"$f":"IF(AND($C114<=3,$C114<>0),0,IF($C114=4,OFFSET(H114,-1,0)+1,OFFSET(H114,-1,0)))","v":0},{"$f":"IF(AND($C114<=4,$C114<>0),0,IF(AND($C114=\"S\",$X114>0),OFFSET(I114,-1,0)+1,OFFSET(I114,-1,0)))","v":8},0,{"$f":"IF(OR($C114=\"S\",$C114=0),0,MATCH(OFFSET($D114,0,$C114)+IF($C114<>1,1,COUNTIF(QCI!$A$13:$A$24,ORÇAMENTO!E114)),OFFSET($D114,1,$C114,ROW($C$240)-ROW($C114)),0))","v":0},{"$f":"IF(OR($X114>0,$C114=1,$C114=2,$C114=3,$C114=4),\"F\",\"\")","v":""},"Serviço",{"$f":"CHOOSE(1+LOG(1+2*(C114=1)+4*(C114=2)+8*(C114=3)+16*(C114=4)+32*(C114=\"S\"),2),\"\",\"Meta\",\"Nível 2\",\"Nível 3\",\"Nível 4\",\"Serviço\")","v":"Serviço"},{"$f":"IF(OR($C114=0,$L114=\"\"),\"-\",CONCATENATE(E114&\".\",IF(AND($A$5>=2,$C114>=2),F114&\".\",\"\"),IF(AND($A$5>=3,$C114>=3),G114&\".\",\"\"),IF(AND($A$5>=4,$C114>=4),H114&\".\",\"\"),IF($C114=\"S\",I114&\".\",\"\")))","v":"-"},"SINAPI",null,{"$f":"IF($C114=\"S\",REFERENCIA.Descricao,\"(digite a descrição aqui)\")","v":"(Sem Código)"},{"$f":"REFERENCIA.Unidade","v":"-"},{"$f":"OFFSET(CÁLCULO!H$15,ROW($T114)-ROW(T$15),0)","v":0},0,"BDI 1",{"$f":"IF($C114=\"S\",ROUND(IF(TIPOORCAMENTO=\"Proposto\",ORÇAMENTO.CustoUnitario*(1+$AH114),ORÇAMENTO.PrecoUnitarioLicitado),15-13*$AF$10),0)","v":0},{"$f":"IF($C114=\"S\",IF(Import.TipoArredondamento<>\"TransfereGOV\",VTOTAL1,SUM(OFFSET(CÁLCULO!$AA$15,ROW($X114)-ROW($X$15),1):OFFSET(CÁLCULO!$AL$15,ROW($X114)-ROW($X$15),-1))),IF($C114=0,0,ROUND(SomaAgrup,15-13*$AF$11)))","v":0},"RA",{"$f":"IF(AND($C114=\"S\",$X114>0),IF(ISBLANK($Y114),\"RA\",LEFT($Y114,2)),\"\")","v":""},{"$f":"IF($C114=\"S\",IF($Z114=\"CP\",$X114,IF($Z114=\"RA\",(($X114)*QCI!$AA$3),0)),SomaAgrup)","v":0},{"$f":"IF($C114=\"S\",IF($Z114=\"OU\",ROUND($X114,2),0),SomaAgrup)","v":0},{"$f":"IF($N114=\"\",\"\",IF(ORÇAMENTO.Descricao=\"\",\"DESCRIÇÃO\",IF(AND($C114=\"S\",ORÇAMENTO.Unidade=\"\"),\"UNIDADE\",IF($X114<0,\"VALOR NEGATIVO\",IF(OR(AND(TIPOORCAMENTO=\"Proposto\",$AG114<>\"\",$AG114>0,ORÇAMENTO.CustoUnitario>$AG114),AND(TIPOORCAMENTO=\"LICITADO\",ORÇAMENTO.PrecoUnitarioLicitado>$AN114)),\"ACIMA REF.\",\"\")))))","v":""},{"$f":"IF(C114<=CRONO.NivelExibicao,MAX($AD$15:OFFSET(AD114,-1,0))+IF($C114<>1,1,MAX(1,COUNTIF(QCI!$A$13:$A$24,OFFSET($E114,-1,0)))),\"\")","v":""},{"$f":"IF(AND($C114=\"S\",ORÇAMENTO.CodBarra<>\"\"),IF(ORÇAMENTO.Fonte=\"\",ORÇAMENTO.CodBarra,CONCATENATE(ORÇAMENTO.Fonte,\" \",ORÇAMENTO.CodBarra)))","v":false},{"$f":"IF(ISERROR(INDIRECT(ORÇAMENTO.BancoRef)),\"(abra o arquivo 'Referência \"&Excel_BuiltIn_Database&\".xlsm)\",IF(OR($C114<>\"S\",ORÇAMENTO.CodBarra=\"\"),\"(Sem Código)\",IF(ISERROR(MATCH($AE114,INDIRECT(ORÇAMENTO.BancoRef),0)),\"(Código não identificado nas referências)\",MATCH($AE114,INDIRECT(ORÇAMENTO.BancoRef),0))))","v":"(Sem Código)"},{"$f":"ROUND(IF(DESONERACAO=\"sim\",REFERENCIA.Desonerado,REFERENCIA.NaoDesonerado),2)","v":0},{"$f":"ROUND(IF(ISNUMBER(ORÇAMENTO.OpcaoBDI),ORÇAMENTO.OpcaoBDI,IF(LEFT(ORÇAMENTO.OpcaoBDI,3)=\"BDI\",HLOOKUP(ORÇAMENTO.OpcaoBDI,$F$4:$H$5,2,FALSE),0)),15-11*$AF$9)","v":0.2487},null,null,null,null,0,{"$f":"ROUND(ORÇAMENTO.CustoUnitario*(1+$AH114),2)","v":0}]
["S",2,"S",0,{"$f":"IF($C115=1,OFFSET(E115,-1,0)+MAX(1,COUNTIF(QCI!$A$13:$A$24,OFFSET(ORÇAMENTO!E115,-1,0))),OFFSET(E115,-1,0))","v":1},6,0,0,8,0,{"$f":"IF(OR($C115=\"S\",$C115=0),0,MATCH(OFFSET($D115,0,$C115)+IF($C115<>1,1,COUNTIF(QCI!$A$13:$A$24,ORÇAMENTO!E115)),OFFSET($D115,1,$C115,ROW($C$240)-ROW($C115)),0))","v":0},"","Serviço","Serviço","-","SINAPI",null,{"$f":"IF($C115=\"S\",REFERENCIA.Descricao,\"(digite a descrição aqui)\")","v":"(Sem Código)"},{"$f":"REFERENCIA.Unidade","v":"-"},{"$f":"OFFSET(CÁLCULO!H$15,ROW($T115)-ROW(T$15),0)","v":0},0,"BDI 1",{"$f":"IF($C115=\"S\",ROUND(IF(TIPOORCAMENTO=\"Proposto\",ORÇAMENTO.CustoUnitario*(1+$AH115),ORÇAMENTO.PrecoUnitarioLicitado),15-13*$AF$10),0)","v":0},{"$f":"IF($C115=\"S\",IF(Import.TipoArredondamento<>\"TransfereGOV\",VTOTAL1,SUM(OFFSET(CÁLCULO!$AA$15,ROW($X115)-ROW($X$15),1):OFFSET(CÁLCULO!$AL$15,ROW($X115)-ROW($X$15),-1))),IF($C115=0,0,ROUND(SomaAgrup,15-13*$AF$11)))","v":0},"RA","",{"$f":"IF($C115=\"S\",IF($Z115=\"CP\",$X115,IF($Z115=\"RA\",(($X115)*QCI!$AA$3),0)),SomaAgrup)","v":0},0,{"$f":"IF($N115=\"\",\"\",IF(ORÇAMENTO.Descricao=\"\",\"DESCRIÇÃO\",IF(AND($C115=\"S\",ORÇAMENTO.Unidade=\"\"),\"UNIDADE\",IF($X115<0,\"VALOR NEGATIVO\",IF(OR(AND(TIPOORCAMENTO=\"Proposto\",$AG115<>\"\",$AG115>0,ORÇAMENTO.CustoUnitario>$AG115),AND(TIPOORCAMENTO=\"LICITADO\",ORÇAMENTO.PrecoUnitarioLicitado>$AN115)),\"ACIMA REF.\",\"\")))))","v":""},{"$f":"IF(C115<=CRONO.NivelExibicao,MAX($AD$15:OFFSET(AD115,-1,0))+IF($C115<>1,1,MAX(1,COUNTIF(QCI!$A$13:$A$24,OFFSET($E115,-1,0)))),\"\")","v":""},{"$f":"IF(AND($C115=\"S\",ORÇAMENTO.CodBarra<>\"\"),IF(ORÇAMENTO.Fonte=\"\",ORÇAMENTO.CodBarra,CONCATENATE(ORÇAMENTO.Fonte,\" \",ORÇAMENTO.CodBarra)))","v":false},{"$f":"IF(ISERROR(INDIRECT(ORÇAMENTO.BancoRef)),\"(abra o arquivo 'Referência \"&Excel_BuiltIn_Database&\".xlsm)\",IF(OR($C115<>\"S\",ORÇAMENTO.CodBarra=\"\"),\"(Sem Código)\",IF(ISERROR(MATCH($AE115,INDIRECT(ORÇAMENTO.BancoRef),0)),\"(Código não identificado nas referências)\",MATCH($AE115,INDIRECT(ORÇAMENTO.BancoRef),0))))","v":"(Sem Código)"},{"$f":"ROUND(IF(DESONERACAO=\"sim\",REFERENCIA.Desonerado,REFERENCIA.NaoDesonerado),2)","v":0},0.2487,null,null,null,null,0,0]
[2,2,2,26,{"$f":"IF($C116=1,OFFSET(E116,-1,0)+MAX(1,COUNTIF(QCI!$A$13:$A$24,OFFSET(ORÇAMENTO!E116,-1,0))),OFFSET(E116,-1,0))","v":1},7,0,0,0,124,{"$f":"IF(OR($C116=\"S\",$C116=0),0,MATCH(OFFSET($D116,0,$C116)+IF($C116<>1,1,COUNTIF(QCI!$A$13:$A$24,ORÇAMENTO!E116)),OFFSET($D116,1,$C116,ROW($C$240)-ROW($C116)),0))","v":26},"F","Nível 2","Nível 2","1.7.","SINAPI",null,{"$f":"IF($C116=\"S\",REFERENCIA.Descricao,\"INSTALAÇÕES ELÉTRICAS\")","v":"INSTALAÇÕES ELÉTRICAS"},{"$f":"REFERENCIA.Unidade","v":"-"},{"$f":"OFFSET(CÁLCULO!H$15,ROW($T116)-ROW(T$15),0)","v":0},0,"BDI 1",{"$f":"IF($C116=\"S\",ROUND(IF(TIPOORCAMENTO=\"Proposto\",ORÇAMENTO.CustoUnitario*(1+$AH116),ORÇAMENTO.PrecoUnitarioLicitado),15-13*$AF$10),0)","v":0},{"$f":"IF($C116=\"S\",IF(Import.TipoArredondamento<>\"TransfereGOV\",VTOTAL1,SUM(OFFSET(CÁLCULO!$AA$15,ROW($X116)-ROW($X$15),1):OFFSET(CÁLCULO!$AL$15,ROW($X116)-ROW($X$15),-1))),IF($C116=0,0,ROUND(SomaAgrup,15-13*$AF$11)))","v":14133.19},"RA","",{"$f":"IF($C116=\"S\",IF($Z116=\"CP\",$X116,IF($Z116=\"RA\",(($X116)*QCI!$AA$3),0)),SomaAgrup)","v":14133.19},0,{"$f":"IF($N116=\"\",\"\",IF(ORÇAMENTO.Descricao=\"\",\"DESCRIÇÃO\",IF(AND($C116=\"S\",ORÇAMENTO.Unidade=\"\"),\"UNIDADE\",IF($X116<0,\"VALOR NEGATIVO\",IF(OR(AND(TIPOORCAMENTO=\"Proposto\",$AG116<>\"\",$AG116>0,ORÇAMENTO.CustoUnitario>$AG116),AND(TIPOORCAMENTO=\"LICITADO\",ORÇAMENTO.PrecoUnitarioLicitado>$AN116)),\"ACIMA REF.\",\"\")))))","v":""},{"$f":"IF(C116<=CRONO.NivelExibicao,MAX($AD$15:OFFSET(AD116,-1,0))+IF($C116<>1,1,MAX(1,COUNTIF(QCI!$A$13:$A$24,OFFSET($E116,-1,0)))),\"\")","v":8},{"$f":"IF(AND($C116=\"S\",ORÇAMENTO.CodBarra<>\"\"),IF(ORÇAMENTO.Fonte=\"\",ORÇAMENTO.CodBarra,CONCATENATE(ORÇAMENTO.Fonte,\" \",ORÇAMENTO.CodBarra)))","v":false},{"$f":"IF(ISERROR(INDIRECT(ORÇAMENTO.BancoRef)),\"(abra o arquivo 'Referência \"&Excel_BuiltIn_Database&\".xlsm)\",IF(OR($C116<>\"S\",ORÇAMENTO.CodBarra=\"\"),\"(Sem Código)\",IF(ISERROR(MATCH($AE116,INDIRECT(ORÇAMENTO.BancoRef),0)),\"(Código não identificado nas referências)\",MATCH($AE116,INDIRECT(ORÇAMENTO.BancoRef),0))))","v":"(Sem Código)"},{"$f":"ROUND(IF(DESONERACAO=\"sim\",REFERENCIA.Desonerado,REFERENCIA.NaoDesonerado),2)","v":0},0.2487,null,null,null,null,14133.19,0]
["S",2,"S",0,{"$f":"IF($C117=1,OFFSET(E117,-1,0)+MAX(1,COUNTIF(QCI!$A$13:$A$24,OFFSET(ORÇAMENTO!E117,-1,0))),OFFSET(E117,-1,0))","v":1},7,0,0,1,0,{"$f":"IF(OR($C117=\"S\",$C117=0),0,MATCH(OFFSET($D117,0,$C117)+IF($C117<>1,1,COUNTIF(QCI!$A$13:$A$24,ORÇAMENTO!E117)),OFFSET($D117,1,$C117,ROW($C$240)-ROW($C117)),0))","v":0},"F","Serviço","Serviço","1.7.0.1.","SINAPI","97882",{"$f":"IF($C117=\"S\",REFERENCIA.Descricao,\"(digite a descrição aqui)\")","v":"CAIXA ENTERRADA ELÉTRICA RETANGULAR, EM CONCRETO PRÉ-MOLDADO, FUNDO COM BRITA, DIMENSÕES INTERNAS: 0,4X0,4X0,4 M. AF_12/2020"},{"$f":"REFERENCIA.Unidade","v":"UN"},{"$f":"OFFSET(CÁLCULO!H$15,ROW($T117)-ROW(T$15),0)","v":2},164.84,"BDI 1",{"$f":"IF($C117=\"S\",ROUND(IF(TIPOORCAMENTO=\"Proposto\",ORÇAMENTO.CustoUnitario*(1+$AH117),ORÇAMENTO.PrecoUnitarioLicitado),15-13*$AF$10),0)","v":205.84},{"$f":"IF($C117=\"S\",IF(Import.TipoArredondamento<>\"TransfereGOV\",VTOTAL1,SUM(OFFSET(CÁLCULO!$AA$15,ROW($X117)-ROW($X$15),1):OFFSET(CÁLCULO!$AL$15,ROW($X117)-ROW($X$15),-1))),IF($C117=0,0,ROUND(SomaAgrup,15-13*$AF$11)))","v":411.68},"RA","RA",{"$f":"IF($C117=\"S\",IF($Z117=\"CP\",$X117,IF($Z117=\"RA\",(($X117)*QCI!$AA$3),0)),SomaAgrup)","v":411.68},0,{"$f":"IF($N117=\"\",\"\",IF(ORÇAMENTO.Descricao=\"\",\"DESCRIÇÃO\",IF(AND($C117=\"S\",ORÇAMENTO.Unidade=\"\"),\"UNIDADE\",IF($X117<0,\"VALOR NEGATIVO\",IF(OR(AND(TIPOORCAMENTO=\"Proposto\",$AG117<>\"\",$AG117>0,ORÇAMENTO.CustoUnitario>$AG117),AND(TIPOORCAMENTO=\"LICITADO\",ORÇAMENTO.PrecoUnitarioLicitado>$AN117)),\"ACIMA REF.\",\"\")))))","v":""},{"$f":"IF(C117<=CRONO.NivelExibicao,MAX($AD$15:OFFSET(AD117,-1,0))+IF($C117<>1,1,MAX(1,COUNTIF(QCI!$A$13:$A$24,OFFSET($E117,-1,0)))),\"\")","v":""},{"$f":"IF(AND($C117=\"S\",ORÇAMENTO.CodBarra<>\"\"),IF(ORÇAMENTO.Fonte=\"\",ORÇAMENTO.CodBarra,CONCATENATE(ORÇAMENTO.Fonte,\" \",ORÇAMENTO.CodBarra)))","v":"SINAPI 97882"},{"$f":"IF(ISERROR(INDIRECT(ORÇAMENTO.BancoRef)),\"(abra o arquivo 'Referência \"&Excel_BuiltIn_Database&\".xlsm)\",IF(OR($C117<>\"S\",ORÇAMENTO.CodBarra=\"\"),\"(Sem Código)\",IF(ISERROR(MATCH($AE117,INDIRECT(ORÇAMENTO.BancoRef),0)),\"(Código não identificado nas referências)\",MATCH($AE117,INDIRECT(ORÇAMENTO.BancoRef),0))))","v":2969},{"$f":"ROUND(IF(DESONERACAO=\"sim\",REFERENCIA.Desonerado,REFERENCIA.NaoDesonerado),2)","v":164.84},0.2487,null,2,null,null,411.68,205.84]
["S",2,"S",0,{"$f":"IF($C118=1,OFFSET(E118,-1,0)+MAX(1,COUNTIF(QCI!$A$13:$A$24,OFFSET(ORÇAMENTO!E118,-1,0))),OFFSET(E118,-1,0))","v":1},7,0,0,2,0,{"$f":"IF(OR($C118=\"S\",$C118=0),0,MATCH(OFFSET($D118,0,$C118)+IF($C118<>1,1,COUNTIF(QCI!$A$13:$A$24,ORÇAMENTO!E118)),OFFSET($D118,1,$C118,ROW($C$240)-ROW($C118)),0))","v":0},"F","Serviço","Serviço","1.7.0.2.","SINAPI-I","13395",{"$f":"IF($C118=\"S\",REFERENCIA.Descricao,\"(digite a descrição aqui)\")","v":"QUADRO DE DISTRIBUICAO COM BARRAMENTO TRIFASICO, DE EMBUTIR, EM CHAPA DE ACO GALVANIZADO, PARA 18 DISJUNTORES DIN, 100 A, INCLUINDO BARRAMENTO                                                                                                                                                                                                                                                                                                                                                            "},{"$f":"REFERENCIA.Unidade","v":"UN    "},{"$f":"OFFSET(CÁLCULO!H$15,ROW($T118)-ROW(T$15),0)","v":1},477.17,"BDI 1",{"$f":"IF($C118=\"S\",ROUND(IF(TIPOORCAMENTO=\"Proposto\",ORÇAMENTO.CustoUnitario*(1+$AH118),ORÇAMENTO.PrecoUnitarioLicitado),15-13*$AF$10),0)","v":595.84},{"$f":"IF($C118=\"S\",IF(Import.TipoArredondamento<>\"TransfereGOV\",VTOTAL1,SUM(OFFSET(CÁLCULO!$AA$15,ROW($X118)-ROW($X$15),1):OFFSET(CÁLCULO!$AL$15,ROW($X118)-ROW($X$15),-1))),IF($C118=0,0,ROUND(SomaAgrup,15-13*$AF$11)))","v":595.84},"RA","RA",{"$f":"IF($C118=\"S\",IF($Z118=\"CP\",$X118,IF($Z118=\"RA\",(($X118)*QCI!$AA$3),0)),SomaAgrup)","v":595.84},0,{"$f":"IF($N118=\"\",\"\",IF(ORÇAMENTO.Descricao=\"\",\"DESCRIÇÃO\",IF(AND($C118=\"S\",ORÇAMENTO.Unidade=\"\"),\"UNIDADE\",IF($X118<0,\"VALOR NEGATIVO\",IF(OR(AND(TIPOORCAMENTO=\"Proposto\",$AG118<>\"\",$AG118>0,ORÇAMENTO.CustoUnitario>$AG118),AND(TIPOORCAMENTO=\"LICITADO\",ORÇAMENTO.PrecoUnitarioLicitado>$AN118)),\"ACIMA REF.\",\"\")))))","v":""},{"$f":"IF(C118<=CRONO.NivelExibicao,MAX($AD$15:OFFSET(AD118,-1,0))+IF($C118<>1,1,MAX(1,COUNTIF(QCI!$A$13:$A$24,OFFSET($E118,-1,0)))),\"\")","v":""},{"$f":"IF(AND($C118=\"S\",ORÇAMENTO.CodBarra<>\"\"),IF(ORÇAMENTO.Fonte=\"\",ORÇAMENTO.CodBarra,CONCATENATE(ORÇAMENTO.Fonte,\" \",ORÇAMENTO.CodBarra)))","v":"SINAPI-I 13395"},{"$f":"IF(ISERROR(INDIRECT(ORÇAMENTO.BancoRef)),\"(abra o arquivo 'Referência \"&Excel_BuiltIn_Database&\".xlsm)\",IF(OR($C118<>\"S\",ORÇAMENTO.CodBarra=\"\"),\"(Sem Código)\",IF(ISERROR(MATCH($AE118,INDIRECT(ORÇAMENTO.BancoRef),0)),\"(Código não identificado nas referências)\",MATCH($AE118,INDIRECT(ORÇAMENTO.BancoRef),0))))","v":11235},{"$f":"ROUND(IF(DESONERACAO=\"sim\",REFERENCIA.Desonerado,REFERENCIA.NaoDesonerado),2)","v":477.17},0.2487,null,1,null,null,595.84,595.84]
["S",2,"S",0,{"$f":"IF($C119=1,OFFSET(E119,-1,0)+MAX(1,COUNTIF(QCI!$A$13:$A$24,OFFSET(ORÇAMENTO!E119,-1,0))),OFFSET(E119,-1,0))","v":1},7,0,0,3,0,{"$f":"IF(OR($C119=\"S\",$C119=0),0,MATCH(OFFSET($D119,0,$C119)+IF($C119<>1,1,COUNTIF(QCI!$A$13:$A$24,ORÇAMENTO!E119)),OFFSET($D119,1,$C119,ROW($C$240)-ROW($C119)),0))","v":0},"F","Serviço","Serviço","1.7.0.3.","SINAPI","93673",{"$f":"IF($C119=\"S\",REFERENCIA.Descricao,\"(digite a descrição aqui)\")","v":"DISJUNTOR TRIPOLAR TIPO DIN, CORRENTE NOMINAL DE 50A - FORNECIMENTO E INSTALAÇÃO. AF_10/2020"},{"$f":"REFERENCIA.Unidade","v":"UN"},{"$f":"OFFSET(CÁLCULO!H$15,ROW($T119)-ROW(T$15),0)","v":1},109.45,"BDI 1",{"$f":"IF($C119=\"S\",ROUND(IF(TIPOORCAMENTO=\"Proposto\",ORÇAMENTO.CustoUnitario*(1+$AH119),ORÇAMENTO.PrecoUnitarioLicitado),15-13*$AF$10),0)","v":136.66999999999999},{"$f":"IF($C119=\"S\",IF(Import.TipoArredondamento<>\"TransfereGOV\",VTOTAL1,SUM(OFFSET(CÁLCULO!$AA$15,ROW($X119)-ROW($X$15),1):OFFSET(CÁLCULO!$AL$15,ROW($X119)-ROW($X$15),-1))),IF($C119=0,0,ROUND(SomaAgrup,15-13*$AF$11)))","v":136.66999999999999},"RA","RA",{"$f":"IF($C119=\"S\",IF($Z119=\"CP\",$X119,IF($Z119=\"RA\",(($X119)*QCI!$AA$3),0)),SomaAgrup)","v":136.66999999999999},0,{"$f":"IF($N119=\"\",\"\",IF(ORÇAMENTO.Descricao=\"\",\"DESCRIÇÃO\",IF(AND($C119=\"S\",ORÇAMENTO.Unidade=\"\"),\"UNIDADE\",IF($X119<0,\"VALOR NEGATIVO\",IF(OR(AND(TIPOORCAMENTO=\"Proposto\",$AG119<>\"\",$AG119>0,ORÇAMENTO.CustoUnitario>$AG119),AND(TIPOORCAMENTO=\"LICITADO\",ORÇAMENTO.PrecoUnitarioLicitado>$AN119)),\"ACIMA REF.\",\"\")))))","v":""},{"$f":"IF(C119<=CRONO.NivelExibicao,MAX($AD$15:OFFSET(AD119,-1,0))+IF($C119<>1,1,MAX(1,COUNTIF(QCI!$A$13:$A$24,OFFSET($E119,-1,0)))),\"\")","v":""},{"$f":"IF(AND($C119=\"S\",ORÇAMENTO.CodBarra<>\"\"),IF(ORÇAMENTO.Fonte=\"\",ORÇAMENTO.CodBarra,CONCATENATE(ORÇAMENTO.Fonte,\" \",ORÇAMENTO.CodBarra)))","v":"SINAPI 93673"},{"$f":"IF(ISERROR(INDIRECT(ORÇAMENTO.BancoRef)),\"(abra o arquivo 'Referência \"&Excel_BuiltIn_Database&\".xlsm)\",IF(OR($C119<>\"S\",ORÇAMENTO.CodBarra=\"\"),\"(Sem Código)\",IF(ISERROR(MATCH($AE119,INDIRECT(ORÇAMENTO.BancoRef),0)),\"(Código não identificado nas referências)\",MATCH($AE119,INDIRECT(ORÇAMENTO.BancoRef),0))))","v":3012},{"$f":"ROUND(IF(DESONERACAO=\"sim\",REFERENCIA.Desonerado,REFERENCIA.NaoDesonerado),2)","v":109.45},0.2487,null,1,null,null,136.66999999999999,136.66999999999999]
["S",2,"S",0,{"$f":"IF($C120=1,OFFSET(E120,-1,0)+MAX(1,COUNTIF(QCI!$A$13:$A$24,OFFSET(ORÇAMENTO!E120,-1,0))),OFFSET(E120,-1,0))","v":1},7,0,0,4,0,{"$f":"IF(OR($C120=\"S\",$C120=0),0,MATCH(OFFSET($D120,0,$C120)+IF($C120<>1,1,COUNTIF(QCI!$A$13:$A$24,ORÇAMENTO!E120)),OFFSET($D120,1,$C120,ROW($C$240)-ROW($C120)),0))","v":0},"F","Serviço","Serviço","1.7.0.4.","SINAPI","93655",{"$f":"IF($C120=\"S\",REFERENCIA.Descricao,\"(digite a descrição aqui)\")","v":"DISJUNTOR MONOPOLAR TIPO DIN, CORRENTE NOMINAL DE 20A - FORNECIMENTO E INSTALAÇÃO. AF_10/2020"},{"$f":"REFERENCIA.Unidade","v":"UN"},{"$f":"OFFSET(CÁLCULO!H$15,ROW($T120)-ROW(T$15),0)","v":2},15.08,"BDI 1",{"$f":"IF($C120=\"S\",ROUND(IF(TIPOORCAMENTO=\"Proposto\",ORÇAMENTO.CustoUnitario*(1+$AH120),ORÇAMENTO.PrecoUnitarioLicitado),15-13*$AF$10),0)","v":18.829999999999998},{"$f":"IF($C120=\"S\",IF(Import.TipoArredondamento<>\"TransfereGOV\",VTOTAL1,SUM(OFFSET(CÁLCULO!$AA$15,ROW($X120)-ROW($X$15),1):OFFSET(CÁLCULO!$AL$15,ROW($X120)-ROW($X$15),-1))),IF($C120=0,0,ROUND(SomaAgrup,15-13*$AF$11)))","v":37.659999999999997},"RA","RA",{"$f":"IF($C120=\"S\",IF($Z120=\"CP\",$X120,IF($Z120=\"RA\",(($X120)*QCI!$AA$3),0)),SomaAgrup)","v":37.659999999999997},0,{"$f":"IF($N120=\"\",\"\",IF(ORÇAMENTO.Descricao=\"\",\"DESCRIÇÃO\",IF(AND($C120=\"S\",ORÇAMENTO.Unidade=\"\"),\"UNIDADE\",IF($X120<0,\"VALOR NEGATIVO\",IF(OR(AND(TIPOORCAMENTO=\"Proposto\",$AG120<>\"\",$AG120>0,ORÇAMENTO.CustoUnitario>$AG120),AND(TIPOORCAMENTO=\"LICITADO\",ORÇAMENTO.PrecoUnitarioLicitado>$AN120)),\"ACIMA REF.\",\"\")))))","v":""},{"$f":"IF(C120<=CRONO.NivelExibicao,MAX($AD$15:OFFSET(AD120,-1,0))+IF($C120<>1,1,MAX(1,COUNTIF(QCI!$A$13:$A$24,OFFSET($E120,-1,0)))),\"\")","v":""},{"$f":"IF(AND($C120=\"S\",ORÇAMENTO.CodBarra<>\"\"),IF(ORÇAMENTO.Fonte=\"\",ORÇAMENTO.CodBarra,CONCATENATE(ORÇAMENTO.Fonte,\" \",ORÇAMENTO.CodBarra)))","v":"SINAPI 93655"},{"$f":"IF(ISERROR(INDIRECT(ORÇAMENTO.BancoRef)),\"(abra o arquivo 'Referência \"&Excel_BuiltIn_Database&\".xlsm)\",IF(OR($C120<>\"S\",ORÇAMENTO.CodBarra=\"\"),\"(Sem Código)\",IF(ISERROR(MATCH($AE120,INDIRECT(ORÇAMENTO.BancoRef),0)),\"(Código não identificado nas referências)\",MATCH($AE120,INDIRECT(ORÇAMENTO.BancoRef),0))))","v":2994},{"$f":"ROUND(IF(DESONERACAO=\"sim\",REFERENCIA.Desonerado,REFERENCIA.NaoDesonerado),2)","v":15.08},0.2487,null,2,null,null,37.659999999999997,18.829999999999998]
["S",2,"S",0,{"$f":"IF($C121=1,OFFSET(E121,-1,0)+MAX(1,COUNTIF(QCI!$A$13:$A$24,OFFSET(ORÇAMENTO!E121,-1,0))),OFFSET(E121,-1,0))","v":1},7,0,0,5,0,{"$f":"IF(OR($C121=\"S\",$C121=0),0,MATCH(OFFSET($D121,0,$C121)+IF($C121<>1,1,COUNTIF(QCI!$A$13:$A$24,ORÇAMENTO!E121)),OFFSET($D121,1,$C121,ROW($C$240)-ROW($C121)),0))","v":0},"F","Serviço","Serviço","1.7.0.5.","SINAPI","93661",{"$f":"IF($C121=\"S\",REFERENCIA.Descricao,\"(digite a descrição aqui)\")","v":"DISJUNTOR BIPOLAR TIPO DIN, CORRENTE NOMINAL DE 16A - FORNECIMENTO E INSTALAÇÃO. AF_10/2020"},{"$f":"REFERENCIA.Unidade","v":"UN"},{"$f":"OFFSET(CÁLCULO!H$15,ROW($T121)-ROW(T$15),0)","v":1},62.94,"BDI 1",{"$f":"IF($C121=\"S\",ROUND(IF(TIPOORCAMENTO=\"Proposto\",ORÇAMENTO.CustoUnitario*(1+$AH121),ORÇAMENTO.PrecoUnitarioLicitado),15-13*$AF$10),0)","v":78.59},{"$f":"IF($C121=\"S\",IF(Import.TipoArredondamento<>\"TransfereGOV\",VTOTAL1,SUM(OFFSET(CÁLCULO!$AA$15,ROW($X121)-ROW($X$15),1):OFFSET(CÁLCULO!$AL$15,ROW($X121)-ROW($X$15),-1))),IF($C121=0,0,ROUND(SomaAgrup,15-13*$AF$11)))","v":78.59},"RA","RA",{"$f":"IF($C121=\"S\",IF($Z121=\"CP\",$X121,IF($Z121=\"RA\",(($X121)*QCI!$AA$3),0)),SomaAgrup)","v":78.59},0,{"$f":"IF($N121=\"\",\"\",IF(ORÇAMENTO.Descricao=\"\",\"DESCRIÇÃO\",IF(AND($C121=\"S\",ORÇAMENTO.Unidade=\"\"),\"UNIDADE\",IF($X121<0,\"VALOR NEGATIVO\",IF(OR(AND(TIPOORCAMENTO=\"Proposto\",$AG121<>\"\",$AG121>0,ORÇAMENTO.CustoUnitario>$AG121),AND(TIPOORCAMENTO=\"LICITADO\",ORÇAMENTO.PrecoUnitarioLicitado>$AN121)),\"ACIMA REF.\",\"\")))))","v":""},{"$f":"IF(C121<=CRONO.NivelExibicao,MAX($AD$15:OFFSET(AD121,-1,0))+IF($C121<>1,1,MAX(1,COUNTIF(QCI!$A$13:$A$24,OFFSET($E121,-1,0)))),\"\")","v":""},{"$f":"IF(AND($C121=\"S\",ORÇAMENTO.CodBarra<>\"\"),IF(ORÇAMENTO.Fonte=\"\",ORÇAMENTO.CodBarra,CONCATENATE(ORÇAMENTO.Fonte,\" \",ORÇAMENTO.CodBarra)))","v":"SINAPI 93661"},{"$f":"IF(ISERROR(INDIRECT(ORÇAMENTO.BancoRef)),\"(abra o arquivo 'Referência \"&Excel_BuiltIn_Database&\".xlsm)\",IF(OR($C121<>\"S\",ORÇAMENTO.CodBarra=\"\"),\"(Sem Código)\",IF(ISERROR(MATCH($AE121,INDIRECT(ORÇAMENTO.BancoRef),0)),\"(Código não identificado nas referências)\",MATCH($AE121,INDIRECT(ORÇAMENTO.BancoRef),0))))","v":3000},{"$f":"ROUND(IF(DESONERACAO=\"sim\",REFERENCIA.Desonerado,REFERENCIA.NaoDesonerado),2)","v":62.94},0.2487,null,1,null,null,78.59,78.59]
["S",2,"S",0,{"$f":"IF($C122=1,OFFSET(E122,-1,0)+MAX(1,COUNTIF(QCI!$A$13:$A$24,OFFSET(ORÇAMENTO!E122,-1,0))),OFFSET(E122,-1,0))","v":1},7,0,0,6,0,{"$f":"IF(OR($C122=\"S\",$C122=0),0,MATCH(OFFSET($D122,0,$C122)+IF($C122<>1,1,COUNTIF(QCI!$A$13:$A$24,ORÇAMENTO!E122)),OFFSET($D122,1,$C122,ROW($C$240)-ROW($C122)),0))","v":0},"F","Serviço","Serviço","1.7.0.6.","SINAPI","93662",{"$f":"IF($C122=\"S\",REFERENCIA.Descricao,\"(digite a descrição aqui)\")","v":"DISJUNTOR BIPOLAR TIPO DIN, CORRENTE NOMINAL DE 20A - FORNECIMENTO E INSTALAÇÃO. AF_10/2020"},{"$f":"REFERENCIA.Unidade","v":"UN"},{"$f":"OFFSET(CÁLCULO!H$15,ROW($T122)-ROW(T$15),0)","v":2},65.930000000000007,"BDI 1",{"$f":"IF($C122=\"S\",ROUND(IF(TIPOORCAMENTO=\"Proposto\",ORÇAMENTO.CustoUnitario*(1+$AH122),ORÇAMENTO.PrecoUnitarioLicitado),15-13*$AF$10),0)","v":82.33},{"$f":"IF($C122=\"S\",IF(Import.TipoArredondamento<>\"TransfereGOV\",VTOTAL1,SUM(OFFSET(CÁLCULO!$AA$15,ROW($X122)-ROW($X$15),1):OFFSET(CÁLCULO!$AL$15,ROW($X122)-ROW($X$15),-1))),IF($C122=0,0,ROUND(SomaAgrup,15-13*$AF$11)))","v":164.66},"RA","RA",{"$f":"IF($C122=\"S\",IF($Z122=\"CP\",$X122,IF($Z122=\"RA\",(($X122)*QCI!$AA$3),0)),SomaAgrup)","v":164.66},0,{"$f":"IF($N122=\"\",\"\",IF(ORÇAMENTO.Descricao=\"\",\"DESCRIÇÃO\",IF(AND($C122=\"S\",ORÇAMENTO.Unidade=\"\"),\"UNIDADE\",IF($X122<0,\"VALOR NEGATIVO\",IF(OR(AND(TIPOORCAMENTO=\"Proposto\",$AG122<>\"\",$AG122>0,ORÇAMENTO.CustoUnitario>$AG122),AND(TIPOORCAMENTO=\"LICITADO\",ORÇAMENTO.PrecoUnitarioLicitado>$AN122)),\"ACIMA REF.\",\"\")))))","v":""},{"$f":"IF(C122<=CRONO.NivelExibicao,MAX($AD$15:OFFSET(AD122,-1,0))+IF($C122<>1,1,MAX(1,COUNTIF(QCI!$A$13:$A$24,OFFSET($E122,-1,0)))),\"\")","v":""},{"$f":"IF(AND($C122=\"S\",ORÇAMENTO.CodBarra<>\"\"),IF(ORÇAMENTO.Fonte=\"\",ORÇAMENTO.CodBarra,CONCATENATE(ORÇAMENTO.Fonte,\" \",ORÇAMENTO.CodBarra)))","v":"SINAPI 93662"},{"$f":"IF(ISERROR(INDIRECT(ORÇAMENTO.BancoRef)),\"(abra o arquivo 'Referência \"&Excel_BuiltIn_Database&\".xlsm)\",IF(OR($C122<>\"S\",ORÇAMENTO.CodBarra=\"\"),\"(Sem Código)\",IF(ISERROR(MATCH($AE122,INDIRECT(ORÇAMENTO.BancoRef),0)),\"(Código não identificado nas referências)\",MATCH($AE122,INDIRECT(ORÇAMENTO.BancoRef),0))))","v":3001},{"$f":"ROUND(IF(DESONERACAO=\"sim\",REFERENCIA.Desonerado,REFERENCIA.NaoDesonerado),2)","v":65.930000000000007},0.2487,null,2,null,null,164.66,82.33]
["S",2,"S",0,{"$f":"IF($C123=1,OFFSET(E123,-1,0)+MAX(1,COUNTIF(QCI!$A$13:$A$24,OFFSET(ORÇAMENTO!E123,-1,0))),OFFSET(E123,-1,0))","v":1},7,0,0,7,0,{"$f":"IF(OR($C123=\"S\",$C123=0),0,MATCH(OFFSET($D123,0,$C123)+IF($C123<>1,1,COUNTIF(QCI!$A$13:$A$24,ORÇAMENTO!E123)),OFFSET($D123,1,$C123,ROW($C$240)-ROW($C123)),0))","v":0},"F","Serviço","Serviço","1.7.0.7.","SINAPI","91953",{"$f":"IF($C123=\"S\",REFERENCIA.Descricao,\"(digite a descrição aqui)\")","v":"INTERRUPTOR SIMPLES (1 MÓDULO), 10A/250V, INCLUINDO SUPORTE E PLACA - FORNECIMENTO E INSTALAÇÃO. AF_03/2023"},{"$f":"REFERENCIA.Unidade","v":"UN"},{"$f":"OFFSET(CÁLCULO!H$15,ROW($T123)-ROW(T$15),0)","v":2},34.630000000000003,"BDI 1",{"$f":"IF($C123=\"S\",ROUND(IF(TIPOORCAMENTO=\"Proposto\",ORÇAMENTO.CustoUnitario*(1+$AH123),ORÇAMENTO.PrecoUnitarioLicitado),15-13*$AF$10),0)","v":43.24},{"$f":"IF($C123=\"S\",IF(Import.TipoArredondamento<>\"TransfereGOV\",VTOTAL1,SUM(OFFSET(CÁLCULO!$AA$15,ROW($X123)-ROW($X$15),1):OFFSET(CÁLCULO!$AL$15,ROW($X123)-ROW($X$15),-1))),IF($C123=0,0,ROUND(SomaAgrup,15-13*$AF$11)))","v":86.48},"RA","RA",{"$f":"IF($C123=\"S\",IF($Z123=\"CP\",$X123,IF($Z123=\"RA\",(($X123)*QCI!$AA$3),0)),SomaAgrup)","v":86.48},0,{"$f":"IF($N123=\"\",\"\",IF(ORÇAMENTO.Descricao=\"\",\"DESCRIÇÃO\",IF(AND($C123=\"S\",ORÇAMENTO.Unidade=\"\"),\"UNIDADE\",IF($X123<0,\"VALOR NEGATIVO\",IF(OR(AND(TIPOORCAMENTO=\"Proposto\",$AG123<>\"\",$AG123>0,ORÇAMENTO.CustoUnitario>$AG123),AND(TIPOORCAMENTO=\"LICITADO\",ORÇAMENTO.PrecoUnitarioLicitado>$AN123)),\"ACIMA REF.\",\"\")))))","v":""},{"$f":"IF(C123<=CRONO.NivelExibicao,MAX($AD$15:OFFSET(AD123,-1,0))+IF($C123<>1,1,MAX(1,COUNTIF(QCI!$A$13:$A$24,OFFSET($E123,-1,0)))),\"\")","v":""},{"$f":"IF(AND($C123=\"S\",ORÇAMENTO.CodBarra<>\"\"),IF(ORÇAMENTO.Fonte=\"\",ORÇAMENTO.CodBarra,CONCATENATE(ORÇAMENTO.Fonte,\" \",ORÇAMENTO.CodBarra)))","v":"SINAPI 91953"},{"$f":"IF(ISERROR(INDIRECT(ORÇAMENTO.BancoRef)),\"(abra o arquivo 'Referência \"&Excel_BuiltIn_Database&\".xlsm)\",IF(OR($C123<>\"S\",ORÇAMENTO.CodBarra=\"\"),\"(Sem Código)\",IF(ISERROR(MATCH($AE123,INDIRECT(ORÇAMENTO.BancoRef),0)),\"(Código não identificado nas referências)\",MATCH($AE123,INDIRECT(ORÇAMENTO.BancoRef),0))))","v":3050},{"$f":"ROUND(IF(DESONERACAO=\"sim\",REFERENCIA.Desonerado,REFERENCIA.NaoDesonerado),2)","v":34.630000000000003},0.2487,null,2,null,null,86.48,43.24]
["S",2,"S",0,{"$f":"IF($C124=1,OFFSET(E124,-1,0)+MAX(1,COUNTIF(QCI!$A$13:$A$24,OFFSET(ORÇAMENTO!E124,-1,0))),OFFSET(E124,-1,0))","v":1},7,0,0,8,0,{"$f":"IF(OR($C124=\"S\",$C124=0),0,MATCH(OFFSET($D124,0,$C124)+IF($C124<>1,1,COUNTIF(QCI!$A$13:$A$24,ORÇAMENTO!E124)),OFFSET($D124,1,$C124,ROW($C$240)-ROW($C124)),0))","v":0},"F","Serviço","Serviço","1.7.0.8.","SINAPI","91955",{"$f":"IF($C124=\"S\",REFERENCIA.Descricao,\"(digite a descrição aqui)\")","v":"INTERRUPTOR PARALELO (1 MÓDULO), 10A/250V, INCLUINDO SUPORTE E PLACA - FORNECIMENTO E INSTALAÇÃO. AF_03/2023"},{"$f":"REFERENCIA.Unidade","v":"UN"},{"$f":"OFFSET(CÁLCULO!H$15,ROW($T124)-ROW(T$15),0)","v":1},42.21,"BDI 1",{"$f":"IF($C124=\"S\",ROUND(IF(TIPOORCAMENTO=\"Proposto\",ORÇAMENTO.CustoUnitario*(1+$AH124),ORÇAMENTO.PrecoUnitarioLicitado),15-13*$AF$10),0)","v":52.71},{"$f":"IF($C124=\"S\",IF(Import.TipoArredondamento<>\"TransfereGOV\",VTOTAL1,SUM(OFFSET(CÁLCULO!$AA$15,ROW($X124)-ROW($X$15),1):OFFSET(CÁLCULO!$AL$15,ROW($X124)-ROW($X$15),-1))),IF($C124=0,0,ROUND(SomaAgrup,15-13*$AF$11)))","v":52.71},"RA","RA",{"$f":"IF($C124=\"S\",IF($Z124=\"CP\",$X124,IF($Z124=\"RA\",(($X124)*QCI!$AA$3),0)),SomaAgrup)","v":52.71},0,{"$f":"IF($N124=\"\",\"\",IF(ORÇAMENTO.Descricao=\"\",\"DESCRIÇÃO\",IF(AND($C124=\"S\",ORÇAMENTO.Unidade=\"\"),\"UNIDADE\",IF($X124<0,\"VALOR NEGATIVO\",IF(OR(AND(TIPOORCAMENTO=\"Proposto\",$AG124<>\"\",$AG124>0,ORÇAMENTO.CustoUnitario>$AG124),AND(TIPOORCAMENTO=\"LICITADO\",ORÇAMENTO.PrecoUnitarioLicitado>$AN124)),\"ACIMA REF.\",\"\")))))","v":""},{"$f":"IF(C124<=CRONO.NivelExibicao,MAX($AD$15:OFFSET(AD124,-1,0))+IF($C124<>1,1,MAX(1,COUNTIF(QCI!$A$13:$A$24,OFFSET($E124,-1,0)))),\"\")","v":""},{"$f":"IF(AND($C124=\"S\",ORÇAMENTO.CodBarra<>\"\"),IF(ORÇAMENTO.Fonte=\"\",ORÇAMENTO.CodBarra,CONCATENATE(ORÇAMENTO.Fonte,\" \",ORÇAMENTO.CodBarra)))","v":"SINAPI 91955"},{"$f":"IF(ISERROR(INDIRECT(ORÇAMENTO.BancoRef)),\"(abra o arquivo 'Referência \"&Excel_BuiltIn_Database&\".xlsm)\",IF(OR($C124<>\"S\",ORÇAMENTO.CodBarra=\"\"),\"(Sem Código)\",IF(ISERROR(MATCH($AE124,INDIRECT(ORÇAMENTO.BancoRef),0)),\"(Código não identificado nas referências)\",MATCH($AE124,INDIRECT(ORÇAMENTO.BancoRef),0))))","v":3052},{"$f":"ROUND(IF(DESONERACAO=\"sim\",REFERENCIA.Desonerado,REFERENCIA.NaoDesonerado),2)","v":42.21},0.2487,null,1,null,null,52.71,52.71]
["S",2,"S",0,{"$f":"IF($C125=1,OFFSET(E125,-1,0)+MAX(1,COUNTIF(QCI!$A$13:$A$24,OFFSET(ORÇAMENTO!E125,-1,0))),OFFSET(E125,-1,0))","v":1},7,0,0,9,0,{"$f":"IF(OR($C125=\"S\",$C125=0),0,MATCH(OFFSET($D125,0,$C125)+IF($C125<>1,1,COUNTIF(QCI!$A$13:$A$24,ORÇAMENTO!E125)),OFFSET($D125,1,$C125,ROW($C$240)-ROW($C125)),0))","v":0},"F","Serviço","Serviço","1.7.0.9.","SINAPI","92023",{"$f":"IF($C125=\"S\",REFERENCIA.Descricao,\"(digite a descrição aqui)\")","v":"INTERRUPTOR SIMPLES (1 MÓDULO) COM 1 TOMADA DE EMBUTIR 2P+T 10 A, INCLUINDO SUPORTE E PLACA - FORNECIMENTO E INSTALAÇÃO. AF_03/2023"},{"$f":"REFERENCIA.Unidade","v":"UN"},{"$f":"OFFSET(CÁLCULO!H$15,ROW($T125)-ROW(T$15),0)","v":1},58.92,"BDI 1",{"$f":"IF($C125=\"S\",ROUND(IF(TIPOORCAMENTO=\"Proposto\",ORÇAMENTO.CustoUnitario*(1+$AH125),ORÇAMENTO.PrecoUnitarioLicitado),15-13*$AF$10),0)","v":73.569999999999993},{"$f":"IF($C125=\"S\",IF(Import.TipoArredondamento<>\"TransfereGOV\",VTOTAL1,SUM(OFFSET(CÁLCULO!$AA$15,ROW($X125)-ROW($X$15),1):OFFSET(CÁLCULO!$AL$15,ROW($X125)-ROW($X$15),-1))),IF($C125=0,0,ROUND(SomaAgrup,15-13*$AF$11)))","v":73.569999999999993},"RA","RA",{"$f":"IF($C125=\"S\",IF($Z125=\"CP\",$X125,IF($Z125=\"RA\",(($X125)*QCI!$AA$3),0)),SomaAgrup)","v":73.569999999999993},0,{"$f":"IF($N125=\"\",\"\",IF(ORÇAMENTO.Descricao=\"\",\"DESCRIÇÃO\",IF(AND($C125=\"S\",ORÇAMENTO.Unidade=\"\"),\"UNIDADE\",IF($X125<0,\"VALOR NEGATIVO\",IF(OR(AND(TIPOORCAMENTO=\"Proposto\",$AG125<>\"\",$AG125>0,ORÇAMENTO.CustoUnitario>$AG125),AND(TIPOORCAMENTO=\"LICITADO\",ORÇAMENTO.PrecoUnitarioLicitado>$AN125)),\"ACIMA REF.\",\"\")))))","v":""},{"$f":"IF(C125<=CRONO.NivelExibicao,MAX($AD$15:OFFSET(AD125,-1,0))+IF($C125<>1,1,MAX(1,COUNTIF(QCI!$A$13:$A$24,OFFSET($E125,-1,0)))),\"\")","v":""},{"$f":"IF(AND($C125=\"S\",ORÇAMENTO.CodBarra<>\"\"),IF(ORÇAMENTO.Fonte=\"\",ORÇAMENTO.CodBarra,CONCATENATE(ORÇAMENTO.Fonte,\" \",ORÇAMENTO.CodBarra)))","v":"SINAPI 92023"},{"$f":"IF(ISERROR(INDIRECT(ORÇAMENTO.BancoRef)),\"(abra o arquivo 'Referência \"&Excel_BuiltIn_Database&\".xlsm)\",IF(OR($C125<>\"S\",ORÇAMENTO.CodBarra=\"\"),\"(Sem Código)\",IF(ISERROR(MATCH($AE125,INDIRECT(ORÇAMENTO.BancoRef),0)),\"(Código não identificado nas referências)\",MATCH($AE125,INDIRECT(ORÇAMENTO.BancoRef),0))))","v":3120},{"$f":"ROUND(IF(DESONERACAO=\"sim\",REFERENCIA.Desonerado,REFERENCIA.NaoDesonerado),2)","v":58.92},0.2487,null,1,null,null,73.569999999999993,73.569999999999993]
[{"$f":"CHOOSE(1+LOG(1+2*(ORÇAMENTO.Nivel=\"Meta\")+4*(ORÇAMENTO.Nivel=\"Nível 2\")+8*(ORÇAMENTO.Nivel=\"Nível 3\")+16*(ORÇAMENTO.Nivel=\"Nível 4\")+32*(ORÇAMENTO.Nivel=\"Serviço\"),2),0,1,2,3,4,\"S\")","v":"S"},{"$f":"IF(OR(C126=\"s\",C126=0),OFFSET(B126,-1,0),C126)","v":2},{"$f":"IF(OFFSET(C126,-1,0)=\"L\",1,IF(OFFSET(C126,-1,0)=1,2,IF(OR(A126=\"s\",A126=0),\"S\",IF(AND(OFFSET(C126,-1,0)=2,A126=4),3,IF(AND(OR(OFFSET(C126,-1,0)=\"s\",OFFSET(C126,-1,0)=0),A126<>\"s\",A126>OFFSET(B126,-1,0)),OFFSET(B126,-1,0),A126)))))","v":"S"},{"$f":"IF(OR(C126=\"S\",C126=0),0,IF(ISERROR(K126),J126,SMALL(J126:K126,1)))","v":0},{"$f":"IF($C126=1,OFFSET(E126,-1,0)+MAX(1,COUNTIF(QCI!$A$13:$A$24,OFFSET(ORÇAMENTO!E126,-1,0))),OFFSET(E126,-1,0))","v":1},{"$f":"IF($C126=1,0,IF($C126=2,OFFSET(F126,-1,0)+1,OFFSET(F126,-1,0)))","v":7},{"$f":"IF(AND($C126<=2,$C126<>0),0,IF($C126=3,OFFSET(G126,-1,0)+1,OFFSET(G126,-1,0)))","v":0},{"$f":"IF(AND($C126<=3,$C126<>0),0,IF($C126=4,OFFSET(H126,-1,0)+1,OFFSET(H126,-1,0)))","v":0},{"$f":"IF(AND($C126<=4,$C126<>0),0,IF(AND($C126=\"S\",$X126>0),OFFSET(I126,-1,0)+1,OFFSET(I126,-1,0)))","v":10},0,{"$f":"IF(OR($C126=\"S\",$C126=0),0,MATCH(OFFSET($D126,0,$C126)+IF($C126<>1,1,COUNTIF(QCI!$A$13:$A$24,ORÇAMENTO!E126)),OFFSET($D126,1,$C126,ROW($C$240)-ROW($C126)),0))","v":0},{"$f":"IF(OR($X126>0,$C126=1,$C126=2,$C126=3,$C126=4),\"F\",\"\")","v":"F"},"Serviço",{"$f":"CHOOSE(1+LOG(1+2*(C126=1)+4*(C126=2)+8*(C126=3)+16*(C126=4)+32*(C126=\"S\"),2),\"\",\"Meta\",\"Nível 2\",\"Nível 3\",\"Nível 4\",\"Serviço\")","v":"Serviço"},{"$f":"IF(OR($C126=0,$L126=\"\"),\"-\",CONCATENATE(E126&\".\",IF(AND($A$5>=2,$C126>=2),F126&\".\",\"\"),IF(AND($A$5>=3,$C126>=3),G126&\".\",\"\"),IF(AND($A$5>=4,$C126>=4),H126&\".\",\"\"),IF($C126=\"S\",I126&\".\",\"\")))","v":"1.7.0.10."},"SINAPI","92029",{"$f":"IF($C126=\"S\",REFERENCIA.Descricao,\"(digite a descrição aqui)\")","v":"INTERRUPTOR PARALELO (1 MÓDULO) COM 1 TOMADA DE EMBUTIR 2P+T 10 A, INCLUINDO SUPORTE E PLACA - FORNECIMENTO E INSTALAÇÃO. AF_03/2023"},{"$f":"REFERENCIA.Unidade","v":"UN"},{"$f":"OFFSET(CÁLCULO!H$15,ROW($T126)-ROW(T$15),0)","v":1},66.569999999999993,"BDI 1",{"$f":"IF($C126=\"S\",ROUND(IF(TIPOORCAMENTO=\"Proposto\",ORÇAMENTO.CustoUnitario*(1+$AH126),ORÇAMENTO.PrecoUnitarioLicitado),15-13*$AF$10),0)","v":83.13},{"$f":"IF($C126=\"S\",IF(Import.TipoArredondamento<>\"TransfereGOV\",VTOTAL1,SUM(OFFSET(CÁLCULO!$AA$15,ROW($X126)-ROW($X$15),1):OFFSET(CÁLCULO!$AL$15,ROW($X126)-ROW($X$15),-1))),IF($C126=0,0,ROUND(SomaAgrup,15-13*$AF$11)))","v":83.13},"RA",{"$f":"IF(AND($C126=\"S\",$X126>0),IF(ISBLANK($Y126),\"RA\",LEFT($Y126,2)),\"\")","v":"RA"},{"$f":"IF($C126=\"S\",IF($Z126=\"CP\",$X126,IF($Z126=\"RA\",(($X126)*QCI!$AA$3),0)),SomaAgrup)","v":83.13},{"$f":"IF($C126=\"S\",IF($Z126=\"OU\",ROUND($X126,2),0),SomaAgrup)","v":0},{"$f":"IF($N126=\"\",\"\",IF(ORÇAMENTO.Descricao=\"\",\"DESCRIÇÃO\",IF(AND($C126=\"S\",ORÇAMENTO.Unidade=\"\"),\"UNIDADE\",IF($X126<0,\"VALOR NEGATIVO\",IF(OR(AND(TIPOORCAMENTO=\"Proposto\",$AG126<>\"\",$AG126>0,ORÇAMENTO.CustoUnitario>$AG126),AND(TIPOORCAMENTO=\"LICITADO\",ORÇAMENTO.PrecoUnitarioLicitado>$AN126)),\"ACIMA REF.\",\"\")))))","v":""},{"$f":"IF(C126<=CRONO.NivelExibicao,MAX($AD$15:OFFSET(AD126,-1,0))+IF($C126<>1,1,MAX(1,COUNTIF(QCI!$A$13:$A$24,OFFSET($E126,-1,0)))),\"\")","v":""},{"$f":"IF(AND($C126=\"S\",ORÇAMENTO.CodBarra<>\"\"),IF(ORÇAMENTO.Fonte=\"\",ORÇAMENTO.CodBarra,CONCATENATE(ORÇAMENTO.Fonte,\" \",ORÇAMENTO.CodBarra)))","v":"SINAPI 92029"},{"$f":"IF(ISERROR(INDIRECT(ORÇAMENTO.BancoRef)),\"(abra o arquivo 'Referência \"&Excel_BuiltIn_Database&\".xlsm)\",IF(OR($C126<>\"S\",ORÇAMENTO.CodBarra=\"\"),\"(Sem Código)\",IF(ISERROR(MATCH($AE126,INDIRECT(ORÇAMENTO.BancoRef),0)),\"(Código não identificado nas referências)\",MATCH($AE126,INDIRECT(ORÇAMENTO.BancoRef),0))))","v":3126},{"$f":"ROUND(IF(DESONERACAO=\"sim\",REFERENCIA.Desonerado,REFERENCIA.NaoDesonerado),2)","v":66.569999999999993},{"$f":"ROUND(IF(ISNUMBER(ORÇAMENTO.OpcaoBDI),ORÇAMENTO.OpcaoBDI,IF(LEFT(ORÇAMENTO.OpcaoBDI,3)=\"BDI\",HLOOKUP(ORÇAMENTO.OpcaoBDI,$F$4:$H$5,2,FALSE),0)),15-11*$AF$9)","v":0.2487},null,1,null,null,83.13,{"$f":"ROUND(ORÇAMENTO.CustoUnitario*(1+$AH126),2)","v":83.13}]
["S",2,"S",0,{"$f":"IF($C127=1,OFFSET(E127,-1,0)+MAX(1,COUNTIF(QCI!$A$13:$A$24,OFFSET(ORÇAMENTO!E127,-1,0))),OFFSET(E127,-1,0))","v":1},7,0,0,11,0,{"$f":"IF(OR($C127=\"S\",$C127=0),0,MATCH(OFFSET($D127,0,$C127)+IF($C127<>1,1,COUNTIF(QCI!$A$13:$A$24,ORÇAMENTO!E127)),OFFSET($D127,1,$C127,ROW($C$240)-ROW($C127)),0))","v":0},"F","Serviço","Serviço","1.7.0.11.","SINAPI","92001",{"$f":"IF($C127=\"S\",REFERENCIA.Descricao,\"(digite a descrição aqui)\")","v":"TOMADA BAIXA DE EMBUTIR (1 MÓDULO), 2P+T 20 A, INCLUINDO SUPORTE E PLACA - FORNECIMENTO E INSTALAÇÃO. AF_03/2023"},{"$f":"REFERENCIA.Unidade","v":"UN"},{"$f":"OFFSET(CÁLCULO!H$15,ROW($T127)-ROW(T$15),0)","v":7},38.479999999999997,"BDI 1",{"$f":"IF($C127=\"S\",ROUND(IF(TIPOORCAMENTO=\"Proposto\",ORÇAMENTO.CustoUnitario*(1+$AH127),ORÇAMENTO.PrecoUnitarioLicitado),15-13*$AF$10),0)","v":48.05},{"$f":"IF($C127=\"S\",IF(Import.TipoArredondamento<>\"TransfereGOV\",VTOTAL1,SUM(OFFSET(CÁLCULO!$AA$15,ROW($X127)-ROW($X$15),1):OFFSET(CÁLCULO!$AL$15,ROW($X127)-ROW($X$15),-1))),IF($C127=0,0,ROUND(SomaAgrup,15-13*$AF$11)))","v":336.35},"RA","RA",{"$f":"IF($C127=\"S\",IF($Z127=\"CP\",$X127,IF($Z127=\"RA\",(($X127)*QCI!$AA$3),0)),SomaAgrup)","v":336.35},0,{"$f":"IF($N127=\"\",\"\",IF(ORÇAMENTO.Descricao=\"\",\"DESCRIÇÃO\",IF(AND($C127=\"S\",ORÇAMENTO.Unidade=\"\"),\"UNIDADE\",IF($X127<0,\"VALOR NEGATIVO\",IF(OR(AND(TIPOORCAMENTO=\"Proposto\",$AG127<>\"\",$AG127>0,ORÇAMENTO.CustoUnitario>$AG127),AND(TIPOORCAMENTO=\"LICITADO\",ORÇAMENTO.PrecoUnitarioLicitado>$AN127)),\"ACIMA REF.\",\"\")))))","v":""},{"$f":"IF(C127<=CRONO.NivelExibicao,MAX($AD$15:OFFSET(AD127,-1,0))+IF($C127<>1,1,MAX(1,COUNTIF(QCI!$A$13:$A$24,OFFSET($E127,-1,0)))),\"\")","v":""},{"$f":"IF(AND($C127=\"S\",ORÇAMENTO.CodBarra<>\"\"),IF(ORÇAMENTO.Fonte=\"\",ORÇAMENTO.CodBarra,CONCATENATE(ORÇAMENTO.Fonte,\" \",ORÇAMENTO.CodBarra)))","v":"SINAPI 92001"},{"$f":"IF(ISERROR(INDIRECT(ORÇAMENTO.BancoRef)),\"(abra o arquivo 'Referência \"&Excel_BuiltIn_Database&\".xlsm)\",IF(OR($C127<>\"S\",ORÇAMENTO.CodBarra=\"\"),\"(Sem Código)\",IF(ISERROR(MATCH($AE127,INDIRECT(ORÇAMENTO.BancoRef),0)),\"(Código não identificado nas referências)\",MATCH($AE127,INDIRECT(ORÇAMENTO.BancoRef),0))))","v":3098},{"$f":"ROUND(IF(DESONERACAO=\"sim\",REFERENCIA.Desonerado,REFERENCIA.NaoDesonerado),2)","v":38.479999999999997},0.2487,null,7,null,null,336.35,48.05]
["S",2,"S",0,{"$f":"IF($C128=1,OFFSET(E128,-1,0)+MAX(1,COUNTIF(QCI!$A$13:$A$24,OFFSET(ORÇAMENTO!E128,-1,0))),OFFSET(E128,-1,0))","v":1},7,0,0,12,0,{"$f":"IF(OR($C128=\"S\",$C128=0),0,MATCH(OFFSET($D128,0,$C128)+IF($C128<>1,1,COUNTIF(QCI!$A$13:$A$24,ORÇAMENTO!E128)),OFFSET($D128,1,$C128,ROW($C$240)-ROW($C128)),0))","v":0},"F","Serviço","Serviço","1.7.0.12.","SINAPI","91997",{"$f":"IF($C128=\"S\",REFERENCIA.Descricao,\"(digite a descrição aqui)\")","v":"TOMADA MÉDIA DE EMBUTIR (1 MÓDULO), 2P+T 20 A, INCLUINDO SUPORTE E PLACA - FORNECIMENTO E INSTALAÇÃO. AF_03/2023"},{"$f":"REFERENCIA.Unidade","v":"UN"},{"$f":"OFFSET(CÁLCULO!H$15,ROW($T128)-ROW(T$15),0)","v":3},43.29,"BDI 1",{"$f":"IF($C128=\"S\",ROUND(IF(TIPOORCAMENTO=\"Proposto\",ORÇAMENTO.CustoUnitario*(1+$AH128),ORÇAMENTO.PrecoUnitarioLicitado),15-13*$AF$10),0)","v":54.06},{"$f":"IF($C128=\"S\",IF(Import.TipoArredondamento<>\"TransfereGOV\",VTOTAL1,SUM(OFFSET(CÁLCULO!$AA$15,ROW($X128)-ROW($X$15),1):OFFSET(CÁLCULO!$AL$15,ROW($X128)-ROW($X$15),-1))),IF($C128=0,0,ROUND(SomaAgrup,15-13*$AF$11)))","v":162.18},"RA","RA",{"$f":"IF($C128=\"S\",IF($Z128=\"CP\",$X128,IF($Z128=\"RA\",(($X128)*QCI!$AA$3),0)),SomaAgrup)","v":162.18},0,{"$f":"IF($N128=\"\",\"\",IF(ORÇAMENTO.Descricao=\"\",\"DESCRIÇÃO\",IF(AND($C128=\"S\",ORÇAMENTO.Unidade=\"\"),\"UNIDADE\",IF($X128<0,\"VALOR NEGATIVO\",IF(OR(AND(TIPOORCAMENTO=\"Proposto\",$AG128<>\"\",$AG128>0,ORÇAMENTO.CustoUnitario>$AG128),AND(TIPOORCAMENTO=\"LICITADO\",ORÇAMENTO.PrecoUnitarioLicitado>$AN128)),\"ACIMA REF.\",\"\")))))","v":""},{"$f":"IF(C128<=CRONO.NivelExibicao,MAX($AD$15:OFFSET(AD128,-1,0))+IF($C128<>1,1,MAX(1,COUNTIF(QCI!$A$13:$A$24,OFFSET($E128,-1,0)))),\"\")","v":""},{"$f":"IF(AND($C128=\"S\",ORÇAMENTO.CodBarra<>\"\"),IF(ORÇAMENTO.Fonte=\"\",ORÇAMENTO.CodBarra,CONCATENATE(ORÇAMENTO.Fonte,\" \",ORÇAMENTO.CodBarra)))","v":"SINAPI 91997"},{"$f":"IF(ISERROR(INDIRECT(ORÇAMENTO.BancoRef)),\"(abra o arquivo 'Referência \"&Excel_BuiltIn_Database&\".xlsm)\",IF(OR($C128<>\"S\",ORÇAMENTO.CodBarra=\"\"),\"(Sem Código)\",IF(ISERROR(MATCH($AE128,INDIRECT(ORÇAMENTO.BancoRef),0)),\"(Código não identificado nas referências)\",MATCH($AE128,INDIRECT(ORÇAMENTO.BancoRef),0))))","v":3094},{"$f":"ROUND(IF(DESONERACAO=\"sim\",REFERENCIA.Desonerado,REFERENCIA.NaoDesonerado),2)","v":43.29},0.2487,null,3,null,null,162.18,54.06]
["S",2,"S",0,{"$f":"IF($C129=1,OFFSET(E129,-1,0)+MAX(1,COUNTIF(QCI!$A$13:$A$24,OFFSET(ORÇAMENTO!E129,-1,0))),OFFSET(E129,-1,0))","v":1},7,0,0,13,0,{"$f":"IF(OR($C129=\"S\",$C129=0),0,MATCH(OFFSET($D129,0,$C129)+IF($C129<>1,1,COUNTIF(QCI!$A$13:$A$24,ORÇAMENTO!E129)),OFFSET($D129,1,$C129,ROW($C$240)-ROW($C129)),0))","v":0},"F","Serviço","Serviço","1.7.0.13.","SINAPI","91993",{"$f":"IF($C129=\"S\",REFERENCIA.Descricao,\"(digite a descrição aqui)\")","v":"TOMADA ALTA DE EMBUTIR (1 MÓDULO), 2P+T 20 A, INCLUINDO SUPORTE E PLACA - FORNECIMENTO E INSTALAÇÃO. AF_03/2023"},{"$f":"REFERENCIA.Unidade","v":"UN"},{"$f":"OFFSET(CÁLCULO!H$15,ROW($T129)-ROW(T$15),0)","v":8},55.73,"BDI 1",{"$f":"IF($C129=\"S\",ROUND(IF(TIPOORCAMENTO=\"Proposto\",ORÇAMENTO.CustoUnitario*(1+$AH129),ORÇAMENTO.PrecoUnitarioLicitado),15-13*$AF$10),0)","v":69.59},{"$f":"IF($C129=\"S\",IF(Import.TipoArredondamento<>\"TransfereGOV\",VTOTAL1,SUM(OFFSET(CÁLCULO!$AA$15,ROW($X129)-ROW($X$15),1):OFFSET(CÁLCULO!$AL$15,ROW($X129)-ROW($X$15),-1))),IF($C129=0,0,ROUND(SomaAgrup,15-13*$AF$11)))","v":556.72},"RA","RA",{"$f":"IF($C129=\"S\",IF($Z129=\"CP\",$X129,IF($Z129=\"RA\",(($X129)*QCI!$AA$3),0)),SomaAgrup)","v":556.72},0,{"$f":"IF($N129=\"\",\"\",IF(ORÇAMENTO.Descricao=\"\",\"DESCRIÇÃO\",IF(AND($C129=\"S\",ORÇAMENTO.Unidade=\"\"),\"UNIDADE\",IF($X129<0,\"VALOR NEGATIVO\",IF(OR(AND(TIPOORCAMENTO=\"Proposto\",$AG129<>\"\",$AG129>0,ORÇAMENTO.CustoUnitario>$AG129),AND(TIPOORCAMENTO=\"LICITADO\",ORÇAMENTO.PrecoUnitarioLicitado>$AN129)),\"ACIMA REF.\",\"\")))))","v":""},{"$f":"IF(C129<=CRONO.NivelExibicao,MAX($AD$15:OFFSET(AD129,-1,0))+IF($C129<>1,1,MAX(1,COUNTIF(QCI!$A$13:$A$24,OFFSET($E129,-1,0)))),\"\")","v":""},{"$f":"IF(AND($C129=\"S\",ORÇAMENTO.CodBarra<>\"\"),IF(ORÇAMENTO.Fonte=\"\",ORÇAMENTO.CodBarra,CONCATENATE(ORÇAMENTO.Fonte,\" \",ORÇAMENTO.CodBarra)))","v":"SINAPI 91993"},{"$f":"IF(ISERROR(INDIRECT(ORÇAMENTO.BancoRef)),\"(abra o arquivo 'Referência \"&Excel_BuiltIn_Database&\".xlsm)\",IF(OR($C129<>\"S\",ORÇAMENTO.CodBarra=\"\"),\"(Sem Código)\",IF(ISERROR(MATCH($AE129,INDIRECT(ORÇAMENTO.BancoRef),0)),\"(Código não identificado nas referências)\",MATCH($AE129,INDIRECT(ORÇAMENTO.BancoRef),0))))","v":3090},{"$f":"ROUND(IF(DESONERACAO=\"sim\",REFERENCIA.Desonerado,REFERENCIA.NaoDesonerado),2)","v":55.73},0.2487,null,8,null,null,556.72,69.59]
["S",2,"S",0,{"$f":"IF($C130=1,OFFSET(E130,-1,0)+MAX(1,COUNTIF(QCI!$A$13:$A$24,OFFSET(ORÇAMENTO!E130,-1,0))),OFFSET(E130,-1,0))","v":1},7,0,0,14,0,{"$f":"IF(OR($C130=\"S\",$C130=0),0,MATCH(OFFSET($D130,0,$C130)+IF($C130<>1,1,COUNTIF(QCI!$A$13:$A$24,ORÇAMENTO!E130)),OFFSET($D130,1,$C130,ROW($C$240)-ROW($C130)),0))","v":0},"F","Serviço","Serviço","1.7.0.14.","SINAPI","91855",{"$f":"IF($C130=\"S\",REFERENCIA.Descricao,\"(digite a descrição aqui)\")","v":"ELETRODUTO FLEXÍVEL CORRUGADO REFORÇADO, PVC, DN 25 MM (3/4\"), PARA CIRCUITOS TERMINAIS, INSTALADO EM PAREDE - FORNECIMENTO E INSTALAÇÃO. AF_03/2023"},{"$f":"REFERENCIA.Unidade","v":"M"},{"$f":"OFFSET(CÁLCULO!H$15,ROW($T130)-ROW(T$15),0)","v":150.5},13.54,"BDI 1",{"$f":"IF($C130=\"S\",ROUND(IF(TIPOORCAMENTO=\"Proposto\",ORÇAMENTO.CustoUnitario*(1+$AH130),ORÇAMENTO.PrecoUnitarioLicitado),15-13*$AF$10),0)","v":16.91},{"$f":"IF($C130=\"S\",IF(Import.TipoArredondamento<>\"TransfereGOV\",VTOTAL1,SUM(OFFSET(CÁLCULO!$AA$15,ROW($X130)-ROW($X$15),1):OFFSET(CÁLCULO!$AL$15,ROW($X130)-ROW($X$15),-1))),IF($C130=0,0,ROUND(SomaAgrup,15-13*$AF$11)))","v":2544.96},"RA","RA",{"$f":"IF($C130=\"S\",IF($Z130=\"CP\",$X130,IF($Z130=\"RA\",(($X130)*QCI!$AA$3),0)),SomaAgrup)","v":2544.96},0,{"$f":"IF($N130=\"\",\"\",IF(ORÇAMENTO.Descricao=\"\",\"DESCRIÇÃO\",IF(AND($C130=\"S\",ORÇAMENTO.Unidade=\"\"),\"UNIDADE\",IF($X130<0,\"VALOR NEGATIVO\",IF(OR(AND(TIPOORCAMENTO=\"Proposto\",$AG130<>\"\",$AG130>0,ORÇAMENTO.CustoUnitario>$AG130),AND(TIPOORCAMENTO=\"LICITADO\",ORÇAMENTO.PrecoUnitarioLicitado>$AN130)),\"ACIMA REF.\",\"\")))))","v":""},{"$f":"IF(C130<=CRONO.NivelExibicao,MAX($AD$15:OFFSET(AD130,-1,0))+IF($C130<>1,1,MAX(1,COUNTIF(QCI!$A$13:$A$24,OFFSET($E130,-1,0)))),\"\")","v":""},{"$f":"IF(AND($C130=\"S\",ORÇAMENTO.CodBarra<>\"\"),IF(ORÇAMENTO.Fonte=\"\",ORÇAMENTO.CodBarra,CONCATENATE(ORÇAMENTO.Fonte,\" \",ORÇAMENTO.CodBarra)))","v":"SINAPI 91855"},{"$f":"IF(ISERROR(INDIRECT(ORÇAMENTO.BancoRef)),\"(abra o arquivo 'Referência \"&Excel_BuiltIn_Database&\".xlsm)\",IF(OR($C130<>\"S\",ORÇAMENTO.CodBarra=\"\"),\"(Sem Código)\",IF(ISERROR(MATCH($AE130,INDIRECT(ORÇAMENTO.BancoRef),0)),\"(Código não identificado nas referências)\",MATCH($AE130,INDIRECT(ORÇAMENTO.BancoRef),0))))","v":2809},{"$f":"ROUND(IF(DESONERACAO=\"sim\",REFERENCIA.Desonerado,REFERENCIA.NaoDesonerado),2)","v":13.54},0.2487,null,150.5,null,null,2544.96,16.91]
["S",2,"S",0,{"$f":"IF($C131=1,OFFSET(E131,-1,0)+MAX(1,COUNTIF(QCI!$A$13:$A$24,OFFSET(ORÇAMENTO!E131,-1,0))),OFFSET(E131,-1,0))","v":1},7,0,0,15,0,{"$f":"IF(OR($C131=\"S\",$C131=0),0,MATCH(OFFSET($D131,0,$C131)+IF($C131<>1,1,COUNTIF(QCI!$A$13:$A$24,ORÇAMENTO!E131)),OFFSET($D131,1,$C131,ROW($C$240)-ROW($C131)),0))","v":0},"F","Serviço","Serviço","1.7.0.15.","SINAPI","91857",{"$f":"IF($C131=\"S\",REFERENCIA.Descricao,\"(digite a descrição aqui)\")","v":"ELETRODUTO FLEXÍVEL CORRUGADO REFORÇADO, PVC, DN 32 MM (1\"), PARA CIRCUITOS TERMINAIS, INSTALADO EM PAREDE - FORNECIMENTO E INSTALAÇÃO. AF_03/2023"},{"$f":"REFERENCIA.Unidade","v":"M"},{"$f":"OFFSET(CÁLCULO!H$15,ROW($T131)-ROW(T$15),0)","v":5.37},19.09,"BDI 1",{"$f":"IF($C131=\"S\",ROUND(IF(TIPOORCAMENTO=\"Proposto\",ORÇAMENTO.CustoUnitario*(1+$AH131),ORÇAMENTO.PrecoUnitarioLicitado),15-13*$AF$10),0)","v":23.84},{"$f":"IF($C131=\"S\",IF(Import.TipoArredondamento<>\"TransfereGOV\",VTOTAL1,SUM(OFFSET(CÁLCULO!$AA$15,ROW($X131)-ROW($X$15),1):OFFSET(CÁLCULO!$AL$15,ROW($X131)-ROW($X$15),-1))),IF($C131=0,0,ROUND(SomaAgrup,15-13*$AF$11)))","v":128.02000000000001},"RA","RA",{"$f":"IF($C131=\"S\",IF($Z131=\"CP\",$X131,IF($Z131=\"RA\",(($X131)*QCI!$AA$3),0)),SomaAgrup)","v":128.02000000000001},0,{"$f":"IF($N131=\"\",\"\",IF(ORÇAMENTO.Descricao=\"\",\"DESCRIÇÃO\",IF(AND($C131=\"S\",ORÇAMENTO.Unidade=\"\"),\"UNIDADE\",IF($X131<0,\"VALOR NEGATIVO\",IF(OR(AND(TIPOORCAMENTO=\"Proposto\",$AG131<>\"\",$AG131>0,ORÇAMENTO.CustoUnitario>$AG131),AND(TIPOORCAMENTO=\"LICITADO\",ORÇAMENTO.PrecoUnitarioLicitado>$AN131)),\"ACIMA REF.\",\"\")))))","v":""},{"$f":"IF(C131<=CRONO.NivelExibicao,MAX($AD$15:OFFSET(AD131,-1,0))+IF($C131<>1,1,MAX(1,COUNTIF(QCI!$A$13:$A$24,OFFSET($E131,-1,0)))),\"\")","v":""},{"$f":"IF(AND($C131=\"S\",ORÇAMENTO.CodBarra<>\"\"),IF(ORÇAMENTO.Fonte=\"\",ORÇAMENTO.CodBarra,CONCATENATE(ORÇAMENTO.Fonte,\" \",ORÇAMENTO.CodBarra)))","v":"SINAPI 91857"},{"$f":"IF(ISERROR(INDIRECT(ORÇAMENTO.BancoRef)),\"(abra o arquivo 'Referência \"&Excel_BuiltIn_Database&\".xlsm)\",IF(OR($C131<>\"S\",ORÇAMENTO.CodBarra=\"\"),\"(Sem Código)\",IF(ISERROR(MATCH($AE131,INDIRECT(ORÇAMENTO.BancoRef),0)),\"(Código não identificado nas referências)\",MATCH($AE131,INDIRECT(ORÇAMENTO.BancoRef),0))))","v":2811},{"$f":"ROUND(IF(DESONERACAO=\"sim\",REFERENCIA.Desonerado,REFERENCIA.NaoDesonerado),2)","v":19.09},0.2487,null,5.37,null,null,128.02000000000001,23.84]
["S",2,"S",0,{"$f":"IF($C132=1,OFFSET(E132,-1,0)+MAX(1,COUNTIF(QCI!$A$13:$A$24,OFFSET(ORÇAMENTO!E132,-1,0))),OFFSET(E132,-1,0))","v":1},7,0,0,16,0,{"$f":"IF(OR($C132=\"S\",$C132=0),0,MATCH(OFFSET($D132,0,$C132)+IF($C132<>1,1,COUNTIF(QCI!$A$13:$A$24,ORÇAMENTO!E132)),OFFSET($D132,1,$C132,ROW($C$240)-ROW($C132)),0))","v":0},"F","Serviço","Serviço","1.7.0.16.","SINAPI","97668",{"$f":"IF($C132=\"S\",REFERENCIA.Descricao,\"(digite a descrição aqui)\")","v":"ELETRODUTO FLEXÍVEL CORRUGADO, PEAD, DN 63 (2\"), PARA REDE ENTERRADA DE DISTRIBUIÇÃO DE ENERGIA ELÉTRICA - FORNECIMENTO E INSTALAÇÃO. AF_12/2021"},{"$f":"REFERENCIA.Unidade","v":"M"},{"$f":"OFFSET(CÁLCULO!H$15,ROW($T132)-ROW(T$15),0)","v":49.44},14.46,"BDI 1",{"$f":"IF($C132=\"S\",ROUND(IF(TIPOORCAMENTO=\"Proposto\",ORÇAMENTO.CustoUnitario*(1+$AH132),ORÇAMENTO.PrecoUnitarioLicitado),15-13*$AF$10),0)","v":18.059999999999999},{"$f":"IF($C132=\"S\",IF(Import.TipoArredondamento<>\"TransfereGOV\",VTOTAL1,SUM(OFFSET(CÁLCULO!$AA$15,ROW($X132)-ROW($X$15),1):OFFSET(CÁLCULO!$AL$15,ROW($X132)-ROW($X$15),-1))),IF($C132=0,0,ROUND(SomaAgrup,15-13*$AF$11)))","v":892.89},"RA","RA",{"$f":"IF($C132=\"S\",IF($Z132=\"CP\",$X132,IF($Z132=\"RA\",(($X132)*QCI!$AA$3),0)),SomaAgrup)","v":892.89},0,{"$f":"IF($N132=\"\",\"\",IF(ORÇAMENTO.Descricao=\"\",\"DESCRIÇÃO\",IF(AND($C132=\"S\",ORÇAMENTO.Unidade=\"\"),\"UNIDADE\",IF($X132<0,\"VALOR NEGATIVO\",IF(OR(AND(TIPOORCAMENTO=\"Proposto\",$AG132<>\"\",$AG132>0,ORÇAMENTO.CustoUnitario>$AG132),AND(TIPOORCAMENTO=\"LICITADO\",ORÇAMENTO.PrecoUnitarioLicitado>$AN132)),\"ACIMA REF.\",\"\")))))","v":""},{"$f":"IF(C132<=CRONO.NivelExibicao,MAX($AD$15:OFFSET(AD132,-1,0))+IF($C132<>1,1,MAX(1,COUNTIF(QCI!$A$13:$A$24,OFFSET($E132,-1,0)))),\"\")","v":""},{"$f":"IF(AND($C132=\"S\",ORÇAMENTO.CodBarra<>\"\"),IF(ORÇAMENTO.Fonte=\"\",ORÇAMENTO.CodBarra,CONCATENATE(ORÇAMENTO.Fonte,\" \",ORÇAMENTO.CodBarra)))","v":"SINAPI 97668"},{"$f":"IF(ISERROR(INDIRECT(ORÇAMENTO.BancoRef)),\"(abra o arquivo 'Referência \"&Excel_BuiltIn_Database&\".xlsm)\",IF(OR($C132<>\"S\",ORÇAMENTO.CodBarra=\"\"),\"(Sem Código)\",IF(ISERROR(MATCH($AE132,INDIRECT(ORÇAMENTO.BancoRef),0)),\"(Código não identificado nas referências)\",MATCH($AE132,INDIRECT(ORÇAMENTO.BancoRef),0))))","v":2836},{"$f":"ROUND(IF(DESONERACAO=\"sim\",REFERENCIA.Desonerado,REFERENCIA.NaoDesonerado),2)","v":14.46},0.2487,null,49.44,null,null,892.89,18.059999999999999]
["S",2,"S",0,{"$f":"IF($C133=1,OFFSET(E133,-1,0)+MAX(1,COUNTIF(QCI!$A$13:$A$24,OFFSET(ORÇAMENTO!E133,-1,0))),OFFSET(E133,-1,0))","v":1},7,0,0,17,0,{"$f":"IF(OR($C133=\"S\",$C133=0),0,MATCH(OFFSET($D133,0,$C133)+IF($C133<>1,1,COUNTIF(QCI!$A$13:$A$24,ORÇAMENTO!E133)),OFFSET($D133,1,$C133,ROW($C$240)-ROW($C133)),0))","v":0},"F","Serviço","Serviço","1.7.0.17.","SINAPI","97669",{"$f":"IF($C133=\"S\",REFERENCIA.Descricao,\"(digite a descrição aqui)\")","v":"ELETRODUTO FLEXÍVEL CORRUGADO, PEAD, DN 90 (3\"), PARA REDE ENTERRADA DE DISTRIBUIÇÃO DE ENERGIA ELÉTRICA - FORNECIMENTO E INSTALAÇÃO. AF_12/2021"},{"$f":"REFERENCIA.Unidade","v":"M"},{"$f":"OFFSET(CÁLCULO!H$15,ROW($T133)-ROW(T$15),0)","v":23.94},21.47,"BDI 1",{"$f":"IF($C133=\"S\",ROUND(IF(TIPOORCAMENTO=\"Proposto\",ORÇAMENTO.CustoUnitario*(1+$AH133),ORÇAMENTO.PrecoUnitarioLicitado),15-13*$AF$10),0)","v":26.81},{"$f":"IF($C133=\"S\",IF(Import.TipoArredondamento<>\"TransfereGOV\",VTOTAL1,SUM(OFFSET(CÁLCULO!$AA$15,ROW($X133)-ROW($X$15),1):OFFSET(CÁLCULO!$AL$15,ROW($X133)-ROW($X$15),-1))),IF($C133=0,0,ROUND(SomaAgrup,15-13*$AF$11)))","v":641.83000000000004},"RA","RA",{"$f":"IF($C133=\"S\",IF($Z133=\"CP\",$X133,IF($Z133=\"RA\",(($X133)*QCI!$AA$3),0)),SomaAgrup)","v":641.83000000000004},0,{"$f":"IF($N133=\"\",\"\",IF(ORÇAMENTO.Descricao=\"\",\"DESCRIÇÃO\",IF(AND($C133=\"S\",ORÇAMENTO.Unidade=\"\"),\"UNIDADE\",IF($X133<0,\"VALOR NEGATIVO\",IF(OR(AND(TIPOORCAMENTO=\"Proposto\",$AG133<>\"\",$AG133>0,ORÇAMENTO.CustoUnitario>$AG133),AND(TIPOORCAMENTO=\"LICITADO\",ORÇAMENTO.PrecoUnitarioLicitado>$AN133)),\"ACIMA REF.\",\"\")))))","v":""},{"$f":"IF(C133<=CRONO.NivelExibicao,MAX($AD$15:OFFSET(AD133,-1,0))+IF($C133<>1,1,MAX(1,COUNTIF(QCI!$A$13:$A$24,OFFSET($E133,-1,0)))),\"\")","v":""},{"$f":"IF(AND($C133=\"S\",ORÇAMENTO.CodBarra<>\"\"),IF(ORÇAMENTO.Fonte=\"\",ORÇAMENTO.CodBarra,CONCATENATE(ORÇAMENTO.Fonte,\" \",ORÇAMENTO.CodBarra)))","v":"SINAPI 97669"},{"$f":"IF(ISERROR(INDIRECT(ORÇAMENTO.BancoRef)),\"(abra o arquivo 'Referência \"&Excel_BuiltIn_Database&\".xlsm)\",IF(OR($C133<>\"S\",ORÇAMENTO.CodBarra=\"\"),\"(Sem Código)\",IF(ISERROR(MATCH($AE133,INDIRECT(ORÇAMENTO.BancoRef),0)),\"(Código não identificado nas referências)\",MATCH($AE133,INDIRECT(ORÇAMENTO.BancoRef),0))))","v":2837},{"$f":"ROUND(IF(DESONERACAO=\"sim\",REFERENCIA.Desonerado,REFERENCIA.NaoDesonerado),2)","v":21.47},0.2487,null,23.94,null,null,641.83000000000004,26.81]
["S",2,"S",0,{"$f":"IF($C134=1,OFFSET(E134,-1,0)+MAX(1,COUNTIF(QCI!$A$13:$A$24,OFFSET(ORÇAMENTO!E134,-1,0))),OFFSET(E134,-1,0))","v":1},7,0,0,18,0,{"$f":"IF(OR($C134=\"S\",$C134=0),0,MATCH(OFFSET($D134,0,$C134)+IF($C134<>1,1,COUNTIF(QCI!$A$13:$A$24,ORÇAMENTO!E134)),OFFSET($D134,1,$C134,ROW($C$240)-ROW($C134)),0))","v":0},"F","Serviço","Serviço","1.7.0.18.","SINAPI","91926",{"$f":"IF($C134=\"S\",REFERENCIA.Descricao,\"(digite a descrição aqui)\")","v":"CABO DE COBRE FLEXÍVEL ISOLADO, 2,5 MM², ANTI-CHAMA 450/750 V, PARA CIRCUITOS TERMINAIS - FORNECIMENTO E INSTALAÇÃO. AF_03/2023"},{"$f":"REFERENCIA.Unidade","v":"M"},{"$f":"OFFSET(CÁLCULO!H$15,ROW($T134)-ROW(T$15),0)","v":591.84},4.57,"BDI 1",{"$f":"IF($C134=\"S\",ROUND(IF(TIPOORCAMENTO=\"Proposto\",ORÇAMENTO.CustoUnitario*(1+$AH134),ORÇAMENTO.PrecoUnitarioLicitado),15-13*$AF$10),0)","v":5.71},{"$f":"IF($C134=\"S\",IF(Import.TipoArredondamento<>\"TransfereGOV\",VTOTAL1,SUM(OFFSET(CÁLCULO!$AA$15,ROW($X134)-ROW($X$15),1):OFFSET(CÁLCULO!$AL$15,ROW($X134)-ROW($X$15),-1))),IF($C134=0,0,ROUND(SomaAgrup,15-13*$AF$11)))","v":3379.41},"RA","RA",{"$f":"IF($C134=\"S\",IF($Z134=\"CP\",$X134,IF($Z134=\"RA\",(($X134)*QCI!$AA$3),0)),SomaAgrup)","v":3379.41},0,{"$f":"IF($N134=\"\",\"\",IF(ORÇAMENTO.Descricao=\"\",\"DESCRIÇÃO\",IF(AND($C134=\"S\",ORÇAMENTO.Unidade=\"\"),\"UNIDADE\",IF($X134<0,\"VALOR NEGATIVO\",IF(OR(AND(TIPOORCAMENTO=\"Proposto\",$AG134<>\"\",$AG134>0,ORÇAMENTO.CustoUnitario>$AG134),AND(TIPOORCAMENTO=\"LICITADO\",ORÇAMENTO.PrecoUnitarioLicitado>$AN134)),\"ACIMA REF.\",\"\")))))","v":""},{"$f":"IF(C134<=CRONO.NivelExibicao,MAX($AD$15:OFFSET(AD134,-1,0))+IF($C134<>1,1,MAX(1,COUNTIF(QCI!$A$13:$A$24,OFFSET($E134,-1,0)))),\"\")","v":""},{"$f":"IF(AND($C134=\"S\",ORÇAMENTO.CodBarra<>\"\"),IF(ORÇAMENTO.Fonte=\"\",ORÇAMENTO.CodBarra,CONCATENATE(ORÇAMENTO.Fonte,\" \",ORÇAMENTO.CodBarra)))","v":"SINAPI 91926"},{"$f":"IF(ISERROR(INDIRECT(ORÇAMENTO.BancoRef)),\"(abra o arquivo 'Referência \"&Excel_BuiltIn_Database&\".xlsm)\",IF(OR($C134<>\"S\",ORÇAMENTO.CodBarra=\"\"),\"(Sem Código)\",IF(ISERROR(MATCH($AE134,INDIRECT(ORÇAMENTO.BancoRef),0)),\"(Código não identificado nas referências)\",MATCH($AE134,INDIRECT(ORÇAMENTO.BancoRef),0))))","v":2891},{"$f":"ROUND(IF(DESONERACAO=\"sim\",REFERENCIA.Desonerado,REFERENCIA.NaoDesonerado),2)","v":4.57},0.2487,null,591.84,null,null,3379.41,5.71]
["S",2,"S",0,{"$f":"IF($C135=1,OFFSET(E135,-1,0)+MAX(1,COUNTIF(QCI!$A$13:$A$24,OFFSET(ORÇAMENTO!E135,-1,0))),OFFSET(E135,-1,0))","v":1},7,0,0,19,0,{"$f":"IF(OR($C135=\"S\",$C135=0),0,MATCH(OFFSET($D135,0,$C135)+IF($C135<>1,1,COUNTIF(QCI!$A$13:$A$24,ORÇAMENTO!E135)),OFFSET($D135,1,$C135,ROW($C$240)-ROW($C135)),0))","v":0},"F","Serviço","Serviço","1.7.0.19.","SINAPI","97586",{"$f":"IF($C135=\"S\",REFERENCIA.Descricao,\"(digite a descrição aqui)\")","v":"LUMINÁRIA TIPO CALHA, DE SOBREPOR, COM 2 LÂMPADAS TUBULARES FLUORESCENTES DE 36 W, COM REATOR DE PARTIDA RÁPIDA - FORNECIMENTO E INSTALAÇÃO. AF_02/2020"},{"$f":"REFERENCIA.Unidade","v":"UN"},{"$f":"OFFSET(CÁLCULO!H$15,ROW($T135)-ROW(T$15),0)","v":13},177.53,"BDI 1",{"$f":"IF($C135=\"S\",ROUND(IF(TIPOORCAMENTO=\"Proposto\",ORÇAMENTO.CustoUnitario*(1+$AH135),ORÇAMENTO.PrecoUnitarioLicitado),15-13*$AF$10),0)","v":221.68},{"$f":"IF($C135=\"S\",IF(Import.TipoArredondamento<>\"TransfereGOV\",VTOTAL1,SUM(OFFSET(CÁLCULO!$AA$15,ROW($X135)-ROW($X$15),1):OFFSET(CÁLCULO!$AL$15,ROW($X135)-ROW($X$15),-1))),IF($C135=0,0,ROUND(SomaAgrup,15-13*$AF$11)))","v":2881.84},"RA","RA",{"$f":"IF($C135=\"S\",IF($Z135=\"CP\",$X135,IF($Z135=\"RA\",(($X135)*QCI!$AA$3),0)),SomaAgrup)","v":2881.84},0,{"$f":"IF($N135=\"\",\"\",IF(ORÇAMENTO.Descricao=\"\",\"DESCRIÇÃO\",IF(AND($C135=\"S\",ORÇAMENTO.Unidade=\"\"),\"UNIDADE\",IF($X135<0,\"VALOR NEGATIVO\",IF(OR(AND(TIPOORCAMENTO=\"Proposto\",$AG135<>\"\",$AG135>0,ORÇAMENTO.CustoUnitario>$AG135),AND(TIPOORCAMENTO=\"LICITADO\",ORÇAMENTO.PrecoUnitarioLicitado>$AN135)),\"ACIMA REF.\",\"\")))))","v":""},{"$f":"IF(C135<=CRONO.NivelExibicao,MAX($AD$15:OFFSET(AD135,-1,0))+IF($C135<>1,1,MAX(1,COUNTIF(QCI!$A$13:$A$24,OFFSET($E135,-1,0)))),\"\")","v":""},{"$f":"IF(AND($C135=\"S\",ORÇAMENTO.CodBarra<>\"\"),IF(ORÇAMENTO.Fonte=\"\",ORÇAMENTO.CodBarra,CONCATENATE(ORÇAMENTO.Fonte,\" \",ORÇAMENTO.CodBarra)))","v":"SINAPI 97586"},{"$f":"IF(ISERROR(INDIRECT(ORÇAMENTO.BancoRef)),\"(abra o arquivo 'Referência \"&Excel_BuiltIn_Database&\".xlsm)\",IF(OR($C135<>\"S\",ORÇAMENTO.CodBarra=\"\"),\"(Sem Código)\",IF(ISERROR(MATCH($AE135,INDIRECT(ORÇAMENTO.BancoRef),0)),\"(Código não identificado nas referências)\",MATCH($AE135,INDIRECT(ORÇAMENTO.BancoRef),0))))","v":3136},{"$f":"ROUND(IF(DESONERACAO=\"sim\",REFERENCIA.Desonerado,REFERENCIA.NaoDesonerado),2)","v":177.53},0.2487,null,13,null,null,2881.84,221.68]
["S",2,"S",0,{"$f":"IF($C136=1,OFFSET(E136,-1,0)+MAX(1,COUNTIF(QCI!$A$13:$A$24,OFFSET(ORÇAMENTO!E136,-1,0))),OFFSET(E136,-1,0))","v":1},7,0,0,20,0,{"$f":"IF(OR($C136=\"S\",$C136=0),0,MATCH(OFFSET($D136,0,$C136)+IF($C136<>1,1,COUNTIF(QCI!$A$13:$A$24,ORÇAMENTO!E136)),OFFSET($D136,1,$C136,ROW($C$240)-ROW($C136)),0))","v":0},"F","Serviço","Serviço","1.7.0.20.","SINAPI","103782",{"$f":"IF($C136=\"S\",REFERENCIA.Descricao,\"(digite a descrição aqui)\")","v":"LUMINÁRIA TIPO PLAFON CIRCULAR, DE SOBREPOR, COM LED DE 12/13 W - FORNECIMENTO E INSTALAÇÃO. AF_03/2022"},{"$f":"REFERENCIA.Unidade","v":"UN"},{"$f":"OFFSET(CÁLCULO!H$15,ROW($T136)-ROW(T$15),0)","v":4},39.340000000000003,"BDI 1",{"$f":"IF($C136=\"S\",ROUND(IF(TIPOORCAMENTO=\"Proposto\",ORÇAMENTO.CustoUnitario*(1+$AH136),ORÇAMENTO.PrecoUnitarioLicitado),15-13*$AF$10),0)","v":49.12},{"$f":"IF($C136=\"S\",IF(Import.TipoArredondamento<>\"TransfereGOV\",VTOTAL1,SUM(OFFSET(CÁLCULO!$AA$15,ROW($X136)-ROW($X$15),1):OFFSET(CÁLCULO!$AL$15,ROW($X136)-ROW($X$15),-1))),IF($C136=0,0,ROUND(SomaAgrup,15-13*$AF$11)))","v":196.48},"RA","RA",{"$f":"IF($C136=\"S\",IF($Z136=\"CP\",$X136,IF($Z136=\"RA\",(($X136)*QCI!$AA$3),0)),SomaAgrup)","v":196.48},0,{"$f":"IF($N136=\"\",\"\",IF(ORÇAMENTO.Descricao=\"\",\"DESCRIÇÃO\",IF(AND($C136=\"S\",ORÇAMENTO.Unidade=\"\"),\"UNIDADE\",IF($X136<0,\"VALOR NEGATIVO\",IF(OR(AND(TIPOORCAMENTO=\"Proposto\",$AG136<>\"\",$AG136>0,ORÇAMENTO.CustoUnitario>$AG136),AND(TIPOORCAMENTO=\"LICITADO\",ORÇAMENTO.PrecoUnitarioLicitado>$AN136)),\"ACIMA REF.\",\"\")))))","v":""},{"$f":"IF(C136<=CRONO.NivelExibicao,MAX($AD$15:OFFSET(AD136,-1,0))+IF($C136<>1,1,MAX(1,COUNTIF(QCI!$A$13:$A$24,OFFSET($E136,-1,0)))),\"\")","v":""},{"$f":"IF(AND($C136=\"S\",ORÇAMENTO.CodBarra<>\"\"),IF(ORÇAMENTO.Fonte=\"\",ORÇAMENTO.CodBarra,CONCATENATE(ORÇAMENTO.Fonte,\" \",ORÇAMENTO.CodBarra)))","v":"SINAPI 103782"},{"$f":"IF(ISERROR(INDIRECT(ORÇAMENTO.BancoRef)),\"(abra o arquivo 'Referência \"&Excel_BuiltIn_Database&\".xlsm)\",IF(OR($C136<>\"S\",ORÇAMENTO.CodBarra=\"\"),\"(Sem Código)\",IF(ISERROR(MATCH($AE136,INDIRECT(ORÇAMENTO.BancoRef),0)),\"(Código não identificado nas referências)\",MATCH($AE136,INDIRECT(ORÇAMENTO.BancoRef),0))))","v":3168},{"$f":"ROUND(IF(DESONERACAO=\"sim\",REFERENCIA.Desonerado,REFERENCIA.NaoDesonerado),2)","v":39.340000000000003},0.2487,null,4,null,null,196.48,49.12]
["S",2,"S",0,{"$f":"IF($C137=1,OFFSET(E137,-1,0)+MAX(1,COUNTIF(QCI!$A$13:$A$24,OFFSET(ORÇAMENTO!E137,-1,0))),OFFSET(E137,-1,0))","v":1},7,0,0,21,0,{"$f":"IF(OR($C137=\"S\",$C137=0),0,MATCH(OFFSET($D137,0,$C137)+IF($C137<>1,1,COUNTIF(QCI!$A$13:$A$24,ORÇAMENTO!E137)),OFFSET($D137,1,$C137,ROW($C$240)-ROW($C137)),0))","v":0},"F","Serviço","Serviço","1.7.0.21.","SINAPI","97599",{"$f":"IF($C137=\"S\",REFERENCIA.Descricao,\"(digite a descrição aqui)\")","v":"LUMINÁRIA DE EMERGÊNCIA, COM 30 LÂMPADAS LED DE 2 W, SEM REATOR - FORNECIMENTO E INSTALAÇÃO. AF_02/2020"},{"$f":"REFERENCIA.Unidade","v":"UN"},{"$f":"OFFSET(CÁLCULO!H$15,ROW($T137)-ROW(T$15),0)","v":5},25.55,"BDI 1",{"$f":"IF($C137=\"S\",ROUND(IF(TIPOORCAMENTO=\"Proposto\",ORÇAMENTO.CustoUnitario*(1+$AH137),ORÇAMENTO.PrecoUnitarioLicitado),15-13*$AF$10),0)","v":31.9},{"$f":"IF($C137=\"S\",IF(Import.TipoArredondamento<>\"TransfereGOV\",VTOTAL1,SUM(OFFSET(CÁLCULO!$AA$15,ROW($X137)-ROW($X$15),1):OFFSET(CÁLCULO!$AL$15,ROW($X137)-ROW($X$15),-1))),IF($C137=0,0,ROUND(SomaAgrup,15-13*$AF$11)))","v":159.5},"RA","RA",{"$f":"IF($C137=\"S\",IF($Z137=\"CP\",$X137,IF($Z137=\"RA\",(($X137)*QCI!$AA$3),0)),SomaAgrup)","v":159.5},0,{"$f":"IF($N137=\"\",\"\",IF(ORÇAMENTO.Descricao=\"\",\"DESCRIÇÃO\",IF(AND($C137=\"S\",ORÇAMENTO.Unidade=\"\"),\"UNIDADE\",IF($X137<0,\"VALOR NEGATIVO\",IF(OR(AND(TIPOORCAMENTO=\"Proposto\",$AG137<>\"\",$AG137>0,ORÇAMENTO.CustoUnitario>$AG137),AND(TIPOORCAMENTO=\"LICITADO\",ORÇAMENTO.PrecoUnitarioLicitado>$AN137)),\"ACIMA REF.\",\"\")))))","v":""},{"$f":"IF(C137<=CRONO.NivelExibicao,MAX($AD$15:OFFSET(AD137,-1,0))+IF($C137<>1,1,MAX(1,COUNTIF(QCI!$A$13:$A$24,OFFSET($E137,-1,0)))),\"\")","v":""},{"$f":"IF(AND($C137=\"S\",ORÇAMENTO.CodBarra<>\"\"),IF(ORÇAMENTO.Fonte=\"\",ORÇAMENTO.CodBarra,CONCATENATE(ORÇAMENTO.Fonte,\" \",ORÇAMENTO.CodBarra)))","v":"SINAPI 97599"},{"$f":"IF(ISERROR(INDIRECT(ORÇAMENTO.BancoRef)),\"(abra o arquivo 'Referência \"&Excel_BuiltIn_Database&\".xlsm)\",IF(OR($C137<>\"S\",ORÇAMENTO.CodBarra=\"\"),\"(Sem Código)\",IF(ISERROR(MATCH($AE137,INDIRECT(ORÇAMENTO.BancoRef),0)),\"(Código não identificado nas referências)\",MATCH($AE137,INDIRECT(ORÇAMENTO.BancoRef),0))))","v":3147},{"$f":"ROUND(IF(DESONERACAO=\"sim\",REFERENCIA.Desonerado,REFERENCIA.NaoDesonerado),2)","v":25.55},0.2487,null,5,null,null,159.5,31.9]
["S",2,"S",0,{"$f":"IF($C138=1,OFFSET(E138,-1,0)+MAX(1,COUNTIF(QCI!$A$13:$A$24,OFFSET(ORÇAMENTO!E138,-1,0))),OFFSET(E138,-1,0))","v":1},7,0,0,22,0,{"$f":"IF(OR($C138=\"S\",$C138=0),0,MATCH(OFFSET($D138,0,$C138)+IF($C138<>1,1,COUNTIF(QCI!$A$13:$A$24,ORÇAMENTO!E138)),OFFSET($D138,1,$C138,ROW($C$240)-ROW($C138)),0))","v":0},"F","Serviço","Serviço","1.7.0.22.","SINAPI","100563",{"$f":"IF($C138=\"S\",REFERENCIA.Descricao,\"(digite a descrição aqui)\")","v":"QUADRO DE DISTRIBUIÇÃO PARA TELEFONE N.5, 80X80X12CM EM CHAPA METALICA, SEM ACESSORIOS, PADRAO TELEBRAS, FORNECIMENTO E INSTALAÇÃO. AF_11/2019"},{"$f":"REFERENCIA.Unidade","v":"UN"},{"$f":"OFFSET(CÁLCULO!H$15,ROW($T138)-ROW(T$15),0)","v":1},426.06,"BDI 1",{"$f":"IF($C138=\"S\",ROUND(IF(TIPOORCAMENTO=\"Proposto\",ORÇAMENTO.CustoUnitario*(1+$AH138),ORÇAMENTO.PrecoUnitarioLicitado),15-13*$AF$10),0)","v":532.02},{"$f":"IF($C138=\"S\",IF(Import.TipoArredondamento<>\"TransfereGOV\",VTOTAL1,SUM(OFFSET(CÁLCULO!$AA$15,ROW($X138)-ROW($X$15),1):OFFSET(CÁLCULO!$AL$15,ROW($X138)-ROW($X$15),-1))),IF($C138=0,0,ROUND(SomaAgrup,15-13*$AF$11)))","v":532.02},"RA","RA",{"$f":"IF($C138=\"S\",IF($Z138=\"CP\",$X138,IF($Z138=\"RA\",(($X138)*QCI!$AA$3),0)),SomaAgrup)","v":532.02},0,{"$f":"IF($N138=\"\",\"\",IF(ORÇAMENTO.Descricao=\"\",\"DESCRIÇÃO\",IF(AND($C138=\"S\",ORÇAMENTO.Unidade=\"\"),\"UNIDADE\",IF($X138<0,\"VALOR NEGATIVO\",IF(OR(AND(TIPOORCAMENTO=\"Proposto\",$AG138<>\"\",$AG138>0,ORÇAMENTO.CustoUnitario>$AG138),AND(TIPOORCAMENTO=\"LICITADO\",ORÇAMENTO.PrecoUnitarioLicitado>$AN138)),\"ACIMA REF.\",\"\")))))","v":""},{"$f":"IF(C138<=CRONO.NivelExibicao,MAX($AD$15:OFFSET(AD138,-1,0))+IF($C138<>1,1,MAX(1,COUNTIF(QCI!$A$13:$A$24,OFFSET($E138,-1,0)))),\"\")","v":""},{"$f":"IF(AND($C138=\"S\",ORÇAMENTO.CodBarra<>\"\"),IF(ORÇAMENTO.Fonte=\"\",ORÇAMENTO.CodBarra,CONCATENATE(ORÇAMENTO.Fonte,\" \",ORÇAMENTO.CodBarra)))","v":"SINAPI 100563"},{"$f":"IF(ISERROR(INDIRECT(ORÇAMENTO.BancoRef)),\"(abra o arquivo 'Referência \"&Excel_BuiltIn_Database&\".xlsm)\",IF(OR($C138<>\"S\",ORÇAMENTO.CodBarra=\"\"),\"(Sem Código)\",IF(ISERROR(MATCH($AE138,INDIRECT(ORÇAMENTO.BancoRef),0)),\"(Código não identificado nas referências)\",MATCH($AE138,INDIRECT(ORÇAMENTO.BancoRef),0))))","v":3446},{"$f":"ROUND(IF(DESONERACAO=\"sim\",REFERENCIA.Desonerado,REFERENCIA.NaoDesonerado),2)","v":426.06},0.2487,null,1,null,null,532.02,532.02]
["S",2,"S",0,{"$f":"IF($C139=1,OFFSET(E139,-1,0)+MAX(1,COUNTIF(QCI!$A$13:$A$24,OFFSET(ORÇAMENTO!E139,-1,0))),OFFSET(E139,-1,0))","v":1},7,0,0,22,0,{"$f":"IF(OR($C139=\"S\",$C139=0),0,MATCH(OFFSET($D139,0,$C139)+IF($C139<>1,1,COUNTIF(QCI!$A$13:$A$24,ORÇAMENTO!E139)),OFFSET($D139,1,$C139,ROW($C$240)-ROW($C139)),0))","v":0},"","Serviço","Serviço","-","SINAPI",null,{"$f":"IF($C139=\"S\",REFERENCIA.Descricao,\"(digite a descrição aqui)\")","v":"(Sem Código)"},{"$f":"REFERENCIA.Unidade","v":"-"},{"$f":"OFFSET(CÁLCULO!H$15,ROW($T139)-ROW(T$15),0)","v":0},{"$f":"AG139","v":0},"BDI 1",{"$f":"IF($C139=\"S\",ROUND(IF(TIPOORCAMENTO=\"Proposto\",ORÇAMENTO.CustoUnitario*(1+$AH139),ORÇAMENTO.PrecoUnitarioLicitado),15-13*$AF$10),0)","v":0},{"$f":"IF($C139=\"S\",IF(Import.TipoArredondamento<>\"TransfereGOV\",VTOTAL1,SUM(OFFSET(CÁLCULO!$AA$15,ROW($X139)-ROW($X$15),1):OFFSET(CÁLCULO!$AL$15,ROW($X139)-ROW($X$15),-1))),IF($C139=0,0,ROUND(SomaAgrup,15-13*$AF$11)))","v":0},"RA","",{"$f":"IF($C139=\"S\",IF($Z139=\"CP\",$X139,IF($Z139=\"RA\",(($X139)*QCI!$AA$3),0)),SomaAgrup)","v":0},0,{"$f":"IF($N139=\"\",\"\",IF(ORÇAMENTO.Descricao=\"\",\"DESCRIÇÃO\",IF(AND($C139=\"S\",ORÇAMENTO.Unidade=\"\"),\"UNIDADE\",IF($X139<0,\"VALOR NEGATIVO\",IF(OR(AND(TIPOORCAMENTO=\"Proposto\",$AG139<>\"\",$AG139>0,ORÇAMENTO.CustoUnitario>$AG139),AND(TIPOORCAMENTO=\"LICITADO\",ORÇAMENTO.PrecoUnitarioLicitado>$AN139)),\"ACIMA REF.\",\"\")))))","v":""},{"$f":"IF(C139<=CRONO.NivelExibicao,MAX($AD$15:OFFSET(AD139,-1,0))+IF($C139<>1,1,MAX(1,COUNTIF(QCI!$A$13:$A$24,OFFSET($E139,-1,0)))),\"\")","v":""},{"$f":"IF(AND($C139=\"S\",ORÇAMENTO.CodBarra<>\"\"),IF(ORÇAMENTO.Fonte=\"\",ORÇAMENTO.CodBarra,CONCATENATE(ORÇAMENTO.Fonte,\" \",ORÇAMENTO.CodBarra)))","v":false},{"$f":"IF(ISERROR(INDIRECT(ORÇAMENTO.BancoRef)),\"(abra o arquivo 'Referência \"&Excel_BuiltIn_Database&\".xlsm)\",IF(OR($C139<>\"S\",ORÇAMENTO.CodBarra=\"\"),\"(Sem Código)\",IF(ISERROR(MATCH($AE139,INDIRECT(ORÇAMENTO.BancoRef),0)),\"(Código não identificado nas referências)\",MATCH($AE139,INDIRECT(ORÇAMENTO.BancoRef),0))))","v":"(Sem Código)"},{"$f":"ROUND(IF(DESONERACAO=\"sim\",REFERENCIA.Desonerado,REFERENCIA.NaoDesonerado),2)","v":0},0.2487,null,null,null,null,0,0]
[{"$f":"CHOOSE(1+LOG(1+2*(ORÇAMENTO.Nivel=\"Meta\")+4*(ORÇAMENTO.Nivel=\"Nível 2\")+8*(ORÇAMENTO.Nivel=\"Nível 3\")+16*(ORÇAMENTO.Nivel=\"Nível 4\")+32*(ORÇAMENTO.Nivel=\"Serviço\"),2),0,1,2,3,4,\"S\")","v":"S"},{"$f":"IF(OR(C140=\"s\",C140=0),OFFSET(B140,-1,0),C140)","v":2},{"$f":"IF(OFFSET(C140,-1,0)=\"L\",1,IF(OFFSET(C140,-1,0)=1,2,IF(OR(A140=\"s\",A140=0),\"S\",IF(AND(OFFSET(C140,-1,0)=2,A140=4),3,IF(AND(OR(OFFSET(C140,-1,0)=\"s\",OFFSET(C140,-1,0)=0),A140<>\"s\",A140>OFFSET(B140,-1,0)),OFFSET(B140,-1,0),A140)))))","v":"S"},{"$f":"IF(OR(C140=\"S\",C140=0),0,IF(ISERROR(K140),J140,SMALL(J140:K140,1)))","v":0},{"$f":"IF($C140=1,OFFSET(E140,-1,0)+MAX(1,COUNTIF(QCI!$A$13:$A$24,OFFSET(ORÇAMENTO!E140,-1,0))),OFFSET(E140,-1,0))","v":1},{"$f":"IF($C140=1,0,IF($C140=2,OFFSET(F140,-1,0)+1,OFFSET(F140,-1,0)))","v":7},{"$f":"IF(AND($C140<=2,$C140<>0),0,IF($C140=3,OFFSET(G140,-1,0)+1,OFFSET(G140,-1,0)))","v":0},{"$f":"IF(AND($C140<=3,$C140<>0),0,IF($C140=4,OFFSET(H140,-1,0)+1,OFFSET(H140,-1,0)))","v":0},{"$f":"IF(AND($C140<=4,$C140<>0),0,IF(AND($C140=\"S\",$X140>0),OFFSET(I140,-1,0)+1,OFFSET(I140,-1,0)))","v":22},0,{"$f":"IF(OR($C140=\"S\",$C140=0),0,MATCH(OFFSET($D140,0,$C140)+IF($C140<>1,1,COUNTIF(QCI!$A$13:$A$24,ORÇAMENTO!E140)),OFFSET($D140,1,$C140,ROW($C$240)-ROW($C140)),0))","v":0},{"$f":"IF(OR($X140>0,$C140=1,$C140=2,$C140=3,$C140=4),\"F\",\"\")","v":""},"Serviço",{"$f":"CHOOSE(1+LOG(1+2*(C140=1)+4*(C140=2)+8*(C140=3)+16*(C140=4)+32*(C140=\"S\"),2),\"\",\"Meta\",\"Nível 2\",\"Nível 3\",\"Nível 4\",\"Serviço\")","v":"Serviço"},{"$f":"IF(OR($C140=0,$L140=\"\"),\"-\",CONCATENATE(E140&\".\",IF(AND($A$5>=2,$C140>=2),F140&\".\",\"\"),IF(AND($A$5>=3,$C140>=3),G140&\".\",\"\"),IF(AND($A$5>=4,$C140>=4),H140&\".\",\"\"),IF($C140=\"S\",I140&\".\",\"\")))","v":"-"},"SINAPI",null,{"$f":"IF($C140=\"S\",REFERENCIA.Descricao,\"(digite a descrição aqui)\")","v":"(Sem Código)"},{"$f":"REFERENCIA.Unidade","v":"-"},{"$f":"OFFSET(CÁLCULO!H$15,ROW($T140)-ROW(T$15),0)","v":0},{"$f":"AG140","v":0},"BDI 1",{"$f":"IF($C140=\"S\",ROUND(IF(TIPOORCAMENTO=\"Proposto\",ORÇAMENTO.CustoUnitario*(1+$AH140),ORÇAMENTO.PrecoUnitarioLicitado),15-13*$AF$10),0)","v":0},{"$f":"IF($C140=\"S\",IF(Import.TipoArredondamento<>\"TransfereGOV\",VTOTAL1,SUM(OFFSET(CÁLCULO!$AA$15,ROW($X140)-ROW($X$15),1):OFFSET(CÁLCULO!$AL$15,ROW($X140)-ROW($X$15),-1))),IF($C140=0,0,ROUND(SomaAgrup,15-13*$AF$11)))","v":0},"RA",{"$f":"IF(AND($C140=\"S\",$X140>0),IF(ISBLANK($Y140),\"RA\",LEFT($Y140,2)),\"\")","v":""},{"$f":"IF($C140=\"S\",IF($Z140=\"CP\",$X140,IF($Z140=\"RA\",(($X140)*QCI!$AA$3),0)),SomaAgrup)","v":0},{"$f":"IF($C140=\"S\",IF($Z140=\"OU\",ROUND($X140,2),0),SomaAgrup)","v":0},{"$f":"IF($N140=\"\",\"\",IF(ORÇAMENTO.Descricao=\"\",\"DESCRIÇÃO\",IF(AND($C140=\"S\",ORÇAMENTO.Unidade=\"\"),\"UNIDADE\",IF($X140<0,\"VALOR NEGATIVO\",IF(OR(AND(TIPOORCAMENTO=\"Proposto\",$AG140<>\"\",$AG140>0,ORÇAMENTO.CustoUnitario>$AG140),AND(TIPOORCAMENTO=\"LICITADO\",ORÇAMENTO.PrecoUnitarioLicitado>$AN140)),\"ACIMA REF.\",\"\")))))","v":""},{"$f":"IF(C140<=CRONO.NivelExibicao,MAX($AD$15:OFFSET(AD140,-1,0))+IF($C140<>1,1,MAX(1,COUNTIF(QCI!$A$13:$A$24,OFFSET($E140,-1,0)))),\"\")","v":""},{"$f":"IF(AND($C140=\"S\",ORÇAMENTO.CodBarra<>\"\"),IF(ORÇAMENTO.Fonte=\"\",ORÇAMENTO.CodBarra,CONCATENATE(ORÇAMENTO.Fonte,\" \",ORÇAMENTO.CodBarra)))","v":false},{"$f":"IF(ISERROR(INDIRECT(ORÇAMENTO.BancoRef)),\"(abra o arquivo 'Referência \"&Excel_BuiltIn_Database&\".xlsm)\",IF(OR($C140<>\"S\",ORÇAMENTO.CodBarra=\"\"),\"(Sem Código)\",IF(ISERROR(MATCH($AE140,INDIRECT(ORÇAMENTO.BancoRef),0)),\"(Código não identificado nas referências)\",MATCH($AE140,INDIRECT(ORÇAMENTO.BancoRef),0))))","v":"(Sem Código)"},{"$f":"ROUND(IF(DESONERACAO=\"sim\",REFERENCIA.Desonerado,REFERENCIA.NaoDesonerado),2)","v":0},{"$f":"ROUND(IF(ISNUMBER(ORÇAMENTO.OpcaoBDI),ORÇAMENTO.OpcaoBDI,IF(LEFT(ORÇAMENTO.OpcaoBDI,3)=\"BDI\",HLOOKUP(ORÇAMENTO.OpcaoBDI,$F$4:$H$5,2,FALSE),0)),15-11*$AF$9)","v":0.2487},null,null,null,null,0,{"$f":"ROUND(ORÇAMENTO.CustoUnitario*(1+$AH140),2)","v":0}]
["S",2,"S",0,{"$f":"IF($C141=1,OFFSET(E141,-1,0)+MAX(1,COUNTIF(QCI!$A$13:$A$24,OFFSET(ORÇAMENTO!E141,-1,0))),OFFSET(E141,-1,0))","v":1},7,0,0,22,0,{"$f":"IF(OR($C141=\"S\",$C141=0),0,MATCH(OFFSET($D141,0,$C141)+IF($C141<>1,1,COUNTIF(QCI!$A$13:$A$24,ORÇAMENTO!E141)),OFFSET($D141,1,$C141,ROW($C$240)-ROW($C141)),0))","v":0},"","Serviço","Serviço","-","SINAPI",null,{"$f":"IF($C141=\"S\",REFERENCIA.Descricao,\"(digite a descrição aqui)\")","v":"(Sem Código)"},{"$f":"REFERENCIA.Unidade","v":"-"},{"$f":"OFFSET(CÁLCULO!H$15,ROW($T141)-ROW(T$15),0)","v":0},0,"BDI 1",{"$f":"IF($C141=\"S\",ROUND(IF(TIPOORCAMENTO=\"Proposto\",ORÇAMENTO.CustoUnitario*(1+$AH141),ORÇAMENTO.PrecoUnitarioLicitado),15-13*$AF$10),0)","v":0},{"$f":"IF($C141=\"S\",IF(Import.TipoArredondamento<>\"TransfereGOV\",VTOTAL1,SUM(OFFSET(CÁLCULO!$AA$15,ROW($X141)-ROW($X$15),1):OFFSET(CÁLCULO!$AL$15,ROW($X141)-ROW($X$15),-1))),IF($C141=0,0,ROUND(SomaAgrup,15-13*$AF$11)))","v":0},"RA","",{"$f":"IF($C141=\"S\",IF($Z141=\"CP\",$X141,IF($Z141=\"RA\",(($X141)*QCI!$AA$3),0)),SomaAgrup)","v":0},0,{"$f":"IF($N141=\"\",\"\",IF(ORÇAMENTO.Descricao=\"\",\"DESCRIÇÃO\",IF(AND($C141=\"S\",ORÇAMENTO.Unidade=\"\"),\"UNIDADE\",IF($X141<0,\"VALOR NEGATIVO\",IF(OR(AND(TIPOORCAMENTO=\"Proposto\",$AG141<>\"\",$AG141>0,ORÇAMENTO.CustoUnitario>$AG141),AND(TIPOORCAMENTO=\"LICITADO\",ORÇAMENTO.PrecoUnitarioLicitado>$AN141)),\"ACIMA REF.\",\"\")))))","v":""},{"$f":"IF(C141<=CRONO.NivelExibicao,MAX($AD$15:OFFSET(AD141,-1,0))+IF($C141<>1,1,MAX(1,COUNTIF(QCI!$A$13:$A$24,OFFSET($E141,-1,0)))),\"\")","v":""},{"$f":"IF(AND($C141=\"S\",ORÇAMENTO.CodBarra<>\"\"),IF(ORÇAMENTO.Fonte=\"\",ORÇAMENTO.CodBarra,CONCATENATE(ORÇAMENTO.Fonte,\" \",ORÇAMENTO.CodBarra)))","v":false},{"$f":"IF(ISERROR(INDIRECT(ORÇAMENTO.BancoRef)),\"(abra o arquivo 'Referência \"&Excel_BuiltIn_Database&\".xlsm)\",IF(OR($C141<>\"S\",ORÇAMENTO.CodBarra=\"\"),\"(Sem Código)\",IF(ISERROR(MATCH($AE141,INDIRECT(ORÇAMENTO.BancoRef),0)),\"(Código não identificado nas referências)\",MATCH($AE141,INDIRECT(ORÇAMENTO.BancoRef),0))))","v":"(Sem Código)"},{"$f":"ROUND(IF(DESONERACAO=\"sim\",REFERENCIA.Desonerado,REFERENCIA.NaoDesonerado),2)","v":0},0.2487,null,null,null,null,0,0]
[2,2,2,34,{"$f":"IF($C142=1,OFFSET(E142,-1,0)+MAX(1,COUNTIF(QCI!$A$13:$A$24,OFFSET(ORÇAMENTO!E142,-1,0))),OFFSET(E142,-1,0))","v":1},8,0,0,0,98,{"$f":"IF(OR($C142=\"S\",$C142=0),0,MATCH(OFFSET($D142,0,$C142)+IF($C142<>1,1,COUNTIF(QCI!$A$13:$A$24,ORÇAMENTO!E142)),OFFSET($D142,1,$C142,ROW($C$240)-ROW($C142)),0))","v":34},"F","Nível 2","Nível 2","1.8.","SINAPI",null,{"$f":"IF($C142=\"S\",REFERENCIA.Descricao,\"INSTALAÇÕES HIDROSSANITÁRIAS\")","v":"INSTALAÇÕES HIDROSSANITÁRIAS"},{"$f":"REFERENCIA.Unidade","v":"-"},{"$f":"OFFSET(CÁLCULO!H$15,ROW($T142)-ROW(T$15),0)","v":0},0,"BDI 1",{"$f":"IF($C142=\"S\",ROUND(IF(TIPOORCAMENTO=\"Proposto\",ORÇAMENTO.CustoUnitario*(1+$AH142),ORÇAMENTO.PrecoUnitarioLicitado),15-13*$AF$10),0)","v":0},{"$f":"IF($C142=\"S\",IF(Import.TipoArredondamento<>\"TransfereGOV\",VTOTAL1,SUM(OFFSET(CÁLCULO!$AA$15,ROW($X142)-ROW($X$15),1):OFFSET(CÁLCULO!$AL$15,ROW($X142)-ROW($X$15),-1))),IF($C142=0,0,ROUND(SomaAgrup,15-13*$AF$11)))","v":7860.41},"RA","",{"$f":"IF($C142=\"S\",IF($Z142=\"CP\",$X142,IF($Z142=\"RA\",(($X142)*QCI!$AA$3),0)),SomaAgrup)","v":7860.41},0,{"$f":"IF($N142=\"\",\"\",IF(ORÇAMENTO.Descricao=\"\",\"DESCRIÇÃO\",IF(AND($C142=\"S\",ORÇAMENTO.Unidade=\"\"),\"UNIDADE\",IF($X142<0,\"VALOR NEGATIVO\",IF(OR(AND(TIPOORCAMENTO=\"Proposto\",$AG142<>\"\",$AG142>0,ORÇAMENTO.CustoUnitario>$AG142),AND(TIPOORCAMENTO=\"LICITADO\",ORÇAMENTO.PrecoUnitarioLicitado>$AN142)),\"ACIMA REF.\",\"\")))))","v":""},{"$f":"IF(C142<=CRONO.NivelExibicao,MAX($AD$15:OFFSET(AD142,-1,0))+IF($C142<>1,1,MAX(1,COUNTIF(QCI!$A$13:$A$24,OFFSET($E142,-1,0)))),\"\")","v":9},{"$f":"IF(AND($C142=\"S\",ORÇAMENTO.CodBarra<>\"\"),IF(ORÇAMENTO.Fonte=\"\",ORÇAMENTO.CodBarra,CONCATENATE(ORÇAMENTO.Fonte,\" \",ORÇAMENTO.CodBarra)))","v":false},{"$f":"IF(ISERROR(INDIRECT(ORÇAMENTO.BancoRef)),\"(abra o arquivo 'Referência \"&Excel_BuiltIn_Database&\".xlsm)\",IF(OR($C142<>\"S\",ORÇAMENTO.CodBarra=\"\"),\"(Sem Código)\",IF(ISERROR(MATCH($AE142,INDIRECT(ORÇAMENTO.BancoRef),0)),\"(Código não identificado nas referências)\",MATCH($AE142,INDIRECT(ORÇAMENTO.BancoRef),0))))","v":"(Sem Código)"},{"$f":"ROUND(IF(DESONERACAO=\"sim\",REFERENCIA.Desonerado,REFERENCIA.NaoDesonerado),2)","v":0},0.2487,null,null,null,null,7860.41,0]
[3,3,3,15,{"$f":"IF($C143=1,OFFSET(E143,-1,0)+MAX(1,COUNTIF(QCI!$A$13:$A$24,OFFSET(ORÇAMENTO!E143,-1,0))),OFFSET(E143,-1,0))","v":1},8,1,0,0,33,{"$f":"IF(OR($C143=\"S\",$C143=0),0,MATCH(OFFSET($D143,0,$C143)+IF($C143<>1,1,COUNTIF(QCI!$A$13:$A$24,ORÇAMENTO!E143)),OFFSET($D143,1,$C143,ROW($C$240)-ROW($C143)),0))","v":15},"F","Nível 3","Nível 3","1.8.1.","SINAPI","102622",{"$f":"IF($C143=\"S\",REFERENCIA.Descricao,\"ÁGUA FRIA\")","v":"ÁGUA FRIA"},{"$f":"REFERENCIA.Unidade","v":"-"},{"$f":"OFFSET(CÁLCULO!H$15,ROW($T143)-ROW(T$15),0)","v":0},0,"BDI 1",{"$f":"IF($C143=\"S\",ROUND(IF(TIPOORCAMENTO=\"Proposto\",ORÇAMENTO.CustoUnitario*(1+$AH143),ORÇAMENTO.PrecoUnitarioLicitado),15-13*$AF$10),0)","v":0},{"$f":"IF($C143=\"S\",IF(Import.TipoArredondamento<>\"TransfereGOV\",VTOTAL1,SUM(OFFSET(CÁLCULO!$AA$15,ROW($X143)-ROW($X$15),1):OFFSET(CÁLCULO!$AL$15,ROW($X143)-ROW($X$15),-1))),IF($C143=0,0,ROUND(SomaAgrup,15-13*$AF$11)))","v":4507.99},"RA","",{"$f":"IF($C143=\"S\",IF($Z143=\"CP\",$X143,IF($Z143=\"RA\",(($X143)*QCI!$AA$3),0)),SomaAgrup)","v":4507.99},0,{"$f":"IF($N143=\"\",\"\",IF(ORÇAMENTO.Descricao=\"\",\"DESCRIÇÃO\",IF(AND($C143=\"S\",ORÇAMENTO.Unidade=\"\"),\"UNIDADE\",IF($X143<0,\"VALOR NEGATIVO\",IF(OR(AND(TIPOORCAMENTO=\"Proposto\",$AG143<>\"\",$AG143>0,ORÇAMENTO.CustoUnitario>$AG143),AND(TIPOORCAMENTO=\"LICITADO\",ORÇAMENTO.PrecoUnitarioLicitado>$AN143)),\"ACIMA REF.\",\"\")))))","v":""},{"$f":"IF(C143<=CRONO.NivelExibicao,MAX($AD$15:OFFSET(AD143,-1,0))+IF($C143<>1,1,MAX(1,COUNTIF(QCI!$A$13:$A$24,OFFSET($E143,-1,0)))),\"\")","v":""},{"$f":"IF(AND($C143=\"S\",ORÇAMENTO.CodBarra<>\"\"),IF(ORÇAMENTO.Fonte=\"\",ORÇAMENTO.CodBarra,CONCATENATE(ORÇAMENTO.Fonte,\" \",ORÇAMENTO.CodBarra)))","v":false},{"$f":"IF(ISERROR(INDIRECT(ORÇAMENTO.BancoRef)),\"(abra o arquivo 'Referência \"&Excel_BuiltIn_Database&\".xlsm)\",IF(OR($C143<>\"S\",ORÇAMENTO.CodBarra=\"\"),\"(Sem Código)\",IF(ISERROR(MATCH($AE143,INDIRECT(ORÇAMENTO.BancoRef),0)),\"(Código não identificado nas referências)\",MATCH($AE143,INDIRECT(ORÇAMENTO.BancoRef),0))))","v":"(Sem Código)"},{"$f":"ROUND(IF(DESONERACAO=\"sim\",REFERENCIA.Desonerado,REFERENCIA.NaoDesonerado),2)","v":0},0.2487,null,null,null,null,4507.99,0]
["S",3,"S",0,{"$f":"IF($C144=1,OFFSET(E144,-1,0)+MAX(1,COUNTIF(QCI!$A$13:$A$24,OFFSET(ORÇAMENTO!E144,-1,0))),OFFSET(E144,-1,0))","v":1},8,1,0,1,{"$f":"IF(OR($C144=\"S\",$C144=0),0,MATCH(0,OFFSET($D144,1,$C144,ROW($C$240)-ROW($C144)),0))","v":0},{"$f":"IF(OR($C144=\"S\",$C144=0),0,MATCH(OFFSET($D144,0,$C144)+IF($C144<>1,1,COUNTIF(QCI!$A$13:$A$24,ORÇAMENTO!E144)),OFFSET($D144,1,$C144,ROW($C$240)-ROW($C144)),0))","v":0},"F","Serviço","Serviço","1.8.1.1.","SINAPI","89356",{"$f":"IF($C144=\"S\",REFERENCIA.Descricao,\"(digite a descrição aqui)\")","v":"TUBO, PVC, SOLDÁVEL, DN 25MM, INSTALADO EM RAMAL OU SUB-RAMAL DE ÁGUA - FORNECIMENTO E INSTALAÇÃO. AF_06/2022"},{"$f":"REFERENCIA.Unidade","v":"M"},{"$f":"OFFSET(CÁLCULO!H$15,ROW($T144)-ROW(T$15),0)","v":78.34},27.88,"BDI 1",{"$f":"IF($C144=\"S\",ROUND(IF(TIPOORCAMENTO=\"Proposto\",ORÇAMENTO.CustoUnitario*(1+$AH144),ORÇAMENTO.PrecoUnitarioLicitado),15-13*$AF$10),0)","v":34.81},{"$f":"IF($C144=\"S\",IF(Import.TipoArredondamento<>\"TransfereGOV\",VTOTAL1,SUM(OFFSET(CÁLCULO!$AA$15,ROW($X144)-ROW($X$15),1):OFFSET(CÁLCULO!$AL$15,ROW($X144)-ROW($X$15),-1))),IF($C144=0,0,ROUND(SomaAgrup,15-13*$AF$11)))","v":2727.02},"RA","RA",{"$f":"IF($C144=\"S\",IF($Z144=\"CP\",$X144,IF($Z144=\"RA\",(($X144)*QCI!$AA$3),0)),SomaAgrup)","v":2727.02},0,{"$f":"IF($N144=\"\",\"\",IF(ORÇAMENTO.Descricao=\"\",\"DESCRIÇÃO\",IF(AND($C144=\"S\",ORÇAMENTO.Unidade=\"\"),\"UNIDADE\",IF($X144<0,\"VALOR NEGATIVO\",IF(OR(AND(TIPOORCAMENTO=\"Proposto\",$AG144<>\"\",$AG144>0,ORÇAMENTO.CustoUnitario>$AG144),AND(TIPOORCAMENTO=\"LICITADO\",ORÇAMENTO.PrecoUnitarioLicitado>$AN144)),\"ACIMA REF.\",\"\")))))","v":""},{"$f":"IF(C144<=CRONO.NivelExibicao,MAX($AD$15:OFFSET(AD144,-1,0))+IF($C144<>1,1,MAX(1,COUNTIF(QCI!$A$13:$A$24,OFFSET($E144,-1,0)))),\"\")","v":""},{"$f":"IF(AND($C144=\"S\",ORÇAMENTO.CodBarra<>\"\"),IF(ORÇAMENTO.Fonte=\"\",ORÇAMENTO.CodBarra,CONCATENATE(ORÇAMENTO.Fonte,\" \",ORÇAMENTO.CodBarra)))","v":"SINAPI 89356"},{"$f":"IF(ISERROR(INDIRECT(ORÇAMENTO.BancoRef)),\"(abra o arquivo 'Referência \"&Excel_BuiltIn_Database&\".xlsm)\",IF(OR($C144<>\"S\",ORÇAMENTO.CodBarra=\"\"),\"(Sem Código)\",IF(ISERROR(MATCH($AE144,INDIRECT(ORÇAMENTO.BancoRef),0)),\"(Código não identificado nas referências)\",MATCH($AE144,INDIRECT(ORÇAMENTO.BancoRef),0))))","v":3512},{"$f":"ROUND(IF(DESONERACAO=\"sim\",REFERENCIA.Desonerado,REFERENCIA.NaoDesonerado),2)","v":27.88},0.2487,null,78.34,null,null,2727.02,34.81]
["S",3,"S",0,{"$f":"IF($C145=1,OFFSET(E145,-1,0)+MAX(1,COUNTIF(QCI!$A$13:$A$24,OFFSET(ORÇAMENTO!E145,-1,0))),OFFSET(E145,-1,0))","v":1},8,1,0,2,0,{"$f":"IF(OR($C145=\"S\",$C145=0),0,MATCH(OFFSET($D145,0,$C145)+IF($C145<>1,1,COUNTIF(QCI!$A$13:$A$24,ORÇAMENTO!E145)),OFFSET($D145,1,$C145,ROW($C$240)-ROW($C145)),0))","v":0},"F","Serviço","Serviço","1.8.1.2.","SINAPI","89357",{"$f":"IF($C145=\"S\",REFERENCIA.Descricao,\"(digite a descrição aqui)\")","v":"TUBO, PVC, SOLDÁVEL, DN 32MM, INSTALADO EM RAMAL OU SUB-RAMAL DE ÁGUA - FORNECIMENTO E INSTALAÇÃO. AF_06/2022"},{"$f":"REFERENCIA.Unidade","v":"M"},{"$f":"OFFSET(CÁLCULO!H$15,ROW($T145)-ROW(T$15),0)","v":3.75},37.35,"BDI 1",{"$f":"IF($C145=\"S\",ROUND(IF(TIPOORCAMENTO=\"Proposto\",ORÇAMENTO.CustoUnitario*(1+$AH145),ORÇAMENTO.PrecoUnitarioLicitado),15-13*$AF$10),0)","v":46.64},{"$f":"IF($C145=\"S\",IF(Import.TipoArredondamento<>\"TransfereGOV\",VTOTAL1,SUM(OFFSET(CÁLCULO!$AA$15,ROW($X145)-ROW($X$15),1):OFFSET(CÁLCULO!$AL$15,ROW($X145)-ROW($X$15),-1))),IF($C145=0,0,ROUND(SomaAgrup,15-13*$AF$11)))","v":174.9},"RA","RA",{"$f":"IF($C145=\"S\",IF($Z145=\"CP\",$X145,IF($Z145=\"RA\",(($X145)*QCI!$AA$3),0)),SomaAgrup)","v":174.9},0,{"$f":"IF($N145=\"\",\"\",IF(ORÇAMENTO.Descricao=\"\",\"DESCRIÇÃO\",IF(AND($C145=\"S\",ORÇAMENTO.Unidade=\"\"),\"UNIDADE\",IF($X145<0,\"VALOR NEGATIVO\",IF(OR(AND(TIPOORCAMENTO=\"Proposto\",$AG145<>\"\",$AG145>0,ORÇAMENTO.CustoUnitario>$AG145),AND(TIPOORCAMENTO=\"LICITADO\",ORÇAMENTO.PrecoUnitarioLicitado>$AN145)),\"ACIMA REF.\",\"\")))))","v":""},{"$f":"IF(C145<=CRONO.NivelExibicao,MAX($AD$15:OFFSET(AD145,-1,0))+IF($C145<>1,1,MAX(1,COUNTIF(QCI!$A$13:$A$24,OFFSET($E145,-1,0)))),\"\")","v":""},{"$f":"IF(AND($C145=\"S\",ORÇAMENTO.CodBarra<>\"\"),IF(ORÇAMENTO.Fonte=\"\",ORÇAMENTO.CodBarra,CONCATENATE(ORÇAMENTO.Fonte,\" \",ORÇAMENTO.CodBarra)))","v":"SINAPI 89357"},{"$f":"IF(ISERROR(INDIRECT(ORÇAMENTO.BancoRef)),\"(abra o arquivo 'Referência \"&Excel_BuiltIn_Database&\".xlsm)\",IF(OR($C145<>\"S\",ORÇAMENTO.CodBarra=\"\"),\"(Sem Código)\",IF(ISERROR(MATCH($AE145,INDIRECT(ORÇAMENTO.BancoRef),0)),\"(Código não identificado nas referências)\",MATCH($AE145,INDIRECT(ORÇAMENTO.BancoRef),0))))","v":3513},{"$f":"ROUND(IF(DESONERACAO=\"sim\",REFERENCIA.Desonerado,REFERENCIA.NaoDesonerado),2)","v":37.35},0.2487,null,3.75,null,null,174.9,46.64]
["S",3,"S",0,{"$f":"IF($C146=1,OFFSET(E146,-1,0)+MAX(1,COUNTIF(QCI!$A$13:$A$24,OFFSET(ORÇAMENTO!E146,-1,0))),OFFSET(E146,-1,0))","v":1},8,1,0,3,0,{"$f":"IF(OR($C146=\"S\",$C146=0),0,MATCH(OFFSET($D146,0,$C146)+IF($C146<>1,1,COUNTIF(QCI!$A$13:$A$24,ORÇAMENTO!E146)),OFFSET($D146,1,$C146,ROW($C$240)-ROW($C146)),0))","v":0},"F","Serviço","Serviço","1.8.1.3.","SINAPI","89362",{"$f":"IF($C146=\"S\",REFERENCIA.Descricao,\"(digite a descrição aqui)\")","v":"JOELHO 90 GRAUS, PVC, SOLDÁVEL, DN 25MM, INSTALADO EM RAMAL OU SUB-RAMAL DE ÁGUA - FORNECIMENTO E INSTALAÇÃO. AF_06/2022"},{"$f":"REFERENCIA.Unidade","v":"UN"},{"$f":"OFFSET(CÁLCULO!H$15,ROW($T146)-ROW(T$15),0)","v":13},11.37,"BDI 1",{"$f":"IF($C146=\"S\",ROUND(IF(TIPOORCAMENTO=\"Proposto\",ORÇAMENTO.CustoUnitario*(1+$AH146),ORÇAMENTO.PrecoUnitarioLicitado),15-13*$AF$10),0)","v":14.2},{"$f":"IF($C146=\"S\",IF(Import.TipoArredondamento<>\"TransfereGOV\",VTOTAL1,SUM(OFFSET(CÁLCULO!$AA$15,ROW($X146)-ROW($X$15),1):OFFSET(CÁLCULO!$AL$15,ROW($X146)-ROW($X$15),-1))),IF($C146=0,0,ROUND(SomaAgrup,15-13*$AF$11)))","v":184.6},"RA","RA",{"$f":"IF($C146=\"S\",IF($Z146=\"CP\",$X146,IF($Z146=\"RA\",(($X146)*QCI!$AA$3),0)),SomaAgrup)","v":184.6},0,{"$f":"IF($N146=\"\",\"\",IF(ORÇAMENTO.Descricao=\"\",\"DESCRIÇÃO\",IF(AND($C146=\"S\",ORÇAMENTO.Unidade=\"\"),\"UNIDADE\",IF($X146<0,\"VALOR NEGATIVO\",IF(OR(AND(TIPOORCAMENTO=\"Proposto\",$AG146<>\"\",$AG146>0,ORÇAMENTO.CustoUnitario>$AG146),AND(TIPOORCAMENTO=\"LICITADO\",ORÇAMENTO.PrecoUnitarioLicitado>$AN146)),\"ACIMA REF.\",\"\")))))","v":""},{"$f":"IF(C146<=CRONO.NivelExibicao,MAX($AD$15:OFFSET(AD146,-1,0))+IF($C146<>1,1,MAX(1,COUNTIF(QCI!$A$13:$A$24,OFFSET($E146,-1,0)))),\"\")","v":""},{"$f":"IF(AND($C146=\"S\",ORÇAMENTO.CodBarra<>\"\"),IF(ORÇAMENTO.Fonte=\"\",ORÇAMENTO.CodBarra,CONCATENATE(ORÇAMENTO.Fonte,\" \",ORÇAMENTO.CodBarra)))","v":"SINAPI 89362"},{"$f":"IF(ISERROR(INDIRECT(ORÇAMENTO.BancoRef)),\"(abra o arquivo 'Referência \"&Excel_BuiltIn_Database&\".xlsm)\",IF(OR($C146<>\"S\",ORÇAMENTO.CodBarra=\"\"),\"(Sem Código)\",IF(ISERROR(MATCH($AE146,INDIRECT(ORÇAMENTO.BancoRef),0)),\"(Código não identificado nas referências)\",MATCH($AE146,INDIRECT(ORÇAMENTO.BancoRef),0))))","v":3765},{"$f":"ROUND(IF(DESONERACAO=\"sim\",REFERENCIA.Desonerado,REFERENCIA.NaoDesonerado),2)","v":11.37},0.2487,null,13,null,null,184.6,14.2]
["S",3,"S",0,{"$f":"IF($C147=1,OFFSET(E147,-1,0)+MAX(1,COUNTIF(QCI!$A$13:$A$24,OFFSET(ORÇAMENTO!E147,-1,0))),OFFSET(E147,-1,0))","v":1},8,1,0,4,0,{"$f":"IF(OR($C147=\"S\",$C147=0),0,MATCH(OFFSET($D147,0,$C147)+IF($C147<>1,1,COUNTIF(QCI!$A$13:$A$24,ORÇAMENTO!E147)),OFFSET($D147,1,$C147,ROW($C$240)-ROW($C147)),0))","v":0},"F","Serviço","Serviço","1.8.1.4.","SINAPI","89367",{"$f":"IF($C147=\"S\",REFERENCIA.Descricao,\"(digite a descrição aqui)\")","v":"JOELHO 90 GRAUS, PVC, SOLDÁVEL, DN 32MM, INSTALADO EM RAMAL OU SUB-RAMAL DE ÁGUA - FORNECIMENTO E INSTALAÇÃO. AF_06/2022"},{"$f":"REFERENCIA.Unidade","v":"UN"},{"$f":"OFFSET(CÁLCULO!H$15,ROW($T147)-ROW(T$15),0)","v":2},15.27,"BDI 1",{"$f":"IF($C147=\"S\",ROUND(IF(TIPOORCAMENTO=\"Proposto\",ORÇAMENTO.CustoUnitario*(1+$AH147),ORÇAMENTO.PrecoUnitarioLicitado),15-13*$AF$10),0)","v":19.07},{"$f":"IF($C147=\"S\",IF(Import.TipoArredondamento<>\"TransfereGOV\",VTOTAL1,SUM(OFFSET(CÁLCULO!$AA$15,ROW($X147)-ROW($X$15),1):OFFSET(CÁLCULO!$AL$15,ROW($X147)-ROW($X$15),-1))),IF($C147=0,0,ROUND(SomaAgrup,15-13*$AF$11)))","v":38.14},"RA","RA",{"$f":"IF($C147=\"S\",IF($Z147=\"CP\",$X147,IF($Z147=\"RA\",(($X147)*QCI!$AA$3),0)),SomaAgrup)","v":38.14},0,{"$f":"IF($N147=\"\",\"\",IF(ORÇAMENTO.Descricao=\"\",\"DESCRIÇÃO\",IF(AND($C147=\"S\",ORÇAMENTO.Unidade=\"\"),\"UNIDADE\",IF($X147<0,\"VALOR NEGATIVO\",IF(OR(AND(TIPOORCAMENTO=\"Proposto\",$AG147<>\"\",$AG147>0,ORÇAMENTO.CustoUnitario>$AG147),AND(TIPOORCAMENTO=\"LICITADO\",ORÇAMENTO.PrecoUnitarioLicitado>$AN147)),\"ACIMA REF.\",\"\")))))","v":""},{"$f":"IF(C147<=CRONO.NivelExibicao,MAX($AD$15:OFFSET(AD147,-1,0))+IF($C147<>1,1,MAX(1,COUNTIF(QCI!$A$13:$A$24,OFFSET($E147,-1,0)))),\"\")","v":""},{"$f":"IF(AND($C147=\"S\",ORÇAMENTO.CodBarra<>\"\"),IF(ORÇAMENTO.Fonte=\"\",ORÇAMENTO.CodBarra,CONCATENATE(ORÇAMENTO.Fonte,\" \",ORÇAMENTO.CodBarra)))","v":"SINAPI 89367"},{"$f":"IF(ISERROR(INDIRECT(ORÇAMENTO.BancoRef)),\"(abra o arquivo 'Referência \"&Excel_BuiltIn_Database&\".xlsm)\",IF(OR($C147<>\"S\",ORÇAMENTO.CodBarra=\"\"),\"(Sem Código)\",IF(ISERROR(MATCH($AE147,INDIRECT(ORÇAMENTO.BancoRef),0)),\"(Código não identificado nas referências)\",MATCH($AE147,INDIRECT(ORÇAMENTO.BancoRef),0))))","v":3770},{"$f":"ROUND(IF(DESONERACAO=\"sim\",REFERENCIA.Desonerado,REFERENCIA.NaoDesonerado),2)","v":15.27},0.2487,null,2,null,null,38.14,19.07]
["S",3,"S",0,{"$f":"IF($C148=1,OFFSET(E148,-1,0)+MAX(1,COUNTIF(QCI!$A$13:$A$24,OFFSET(ORÇAMENTO!E148,-1,0))),OFFSET(E148,-1,0))","v":1},8,1,0,5,0,{"$f":"IF(OR($C148=\"S\",$C148=0),0,MATCH(OFFSET($D148,0,$C148)+IF($C148<>1,1,COUNTIF(QCI!$A$13:$A$24,ORÇAMENTO!E148)),OFFSET($D148,1,$C148,ROW($C$240)-ROW($C148)),0))","v":0},"F","Serviço","Serviço","1.8.1.5.","SINAPI","89395",{"$f":"IF($C148=\"S\",REFERENCIA.Descricao,\"(digite a descrição aqui)\")","v":"TE, PVC, SOLDÁVEL, DN 25MM, INSTALADO EM RAMAL OU SUB-RAMAL DE ÁGUA - FORNECIMENTO E INSTALAÇÃO. AF_06/2022"},{"$f":"REFERENCIA.Unidade","v":"UN"},{"$f":"OFFSET(CÁLCULO!H$15,ROW($T148)-ROW(T$15),0)","v":5},15.59,"BDI 1",{"$f":"IF($C148=\"S\",ROUND(IF(TIPOORCAMENTO=\"Proposto\",ORÇAMENTO.CustoUnitario*(1+$AH148),ORÇAMENTO.PrecoUnitarioLicitado),15-13*$AF$10),0)","v":19.47},{"$f":"IF($C148=\"S\",IF(Import.TipoArredondamento<>\"TransfereGOV\",VTOTAL1,SUM(OFFSET(CÁLCULO!$AA$15,ROW($X148)-ROW($X$15),1):OFFSET(CÁLCULO!$AL$15,ROW($X148)-ROW($X$15),-1))),IF($C148=0,0,ROUND(SomaAgrup,15-13*$AF$11)))","v":97.35},"RA","RA",{"$f":"IF($C148=\"S\",IF($Z148=\"CP\",$X148,IF($Z148=\"RA\",(($X148)*QCI!$AA$3),0)),SomaAgrup)","v":97.35},0,{"$f":"IF($N148=\"\",\"\",IF(ORÇAMENTO.Descricao=\"\",\"DESCRIÇÃO\",IF(AND($C148=\"S\",ORÇAMENTO.Unidade=\"\"),\"UNIDADE\",IF($X148<0,\"VALOR NEGATIVO\",IF(OR(AND(TIPOORCAMENTO=\"Proposto\",$AG148<>\"\",$AG148>0,ORÇAMENTO.CustoUnitario>$AG148),AND(TIPOORCAMENTO=\"LICITADO\",ORÇAMENTO.PrecoUnitarioLicitado>$AN148)),\"ACIMA REF.\",\"\")))))","v":""},{"$f":"IF(C148<=CRONO.NivelExibicao,MAX($AD$15:OFFSET(AD148,-1,0))+IF($C148<>1,1,MAX(1,COUNTIF(QCI!$A$13:$A$24,OFFSET($E148,-1,0)))),\"\")","v":""},{"$f":"IF(AND($C148=\"S\",ORÇAMENTO.CodBarra<>\"\"),IF(ORÇAMENTO.Fonte=\"\",ORÇAMENTO.CodBarra,CONCATENATE(ORÇAMENTO.Fonte,\" \",ORÇAMENTO.CodBarra)))","v":"SINAPI 89395"},{"$f":"IF(ISERROR(INDIRECT(ORÇAMENTO.BancoRef)),\"(abra o arquivo 'Referência \"&Excel_BuiltIn_Database&\".xlsm)\",IF(OR($C148<>\"S\",ORÇAMENTO.CodBarra=\"\"),\"(Sem Código)\",IF(ISERROR(MATCH($AE148,INDIRECT(ORÇAMENTO.BancoRef),0)),\"(Código não identificado nas referências)\",MATCH($AE148,INDIRECT(ORÇAMENTO.BancoRef),0))))","v":3797},{"$f":"ROUND(IF(DESONERACAO=\"sim\",REFERENCIA.Desonerado,REFERENCIA.NaoDesonerado),2)","v":15.59},0.2487,null,5,null,null,97.35,19.47]
["S",3,"S",0,{"$f":"IF($C149=1,OFFSET(E149,-1,0)+MAX(1,COUNTIF(QCI!$A$13:$A$24,OFFSET(ORÇAMENTO!E149,-1,0))),OFFSET(E149,-1,0))","v":1},8,1,0,6,0,{"$f":"IF(OR($C149=\"S\",$C149=0),0,MATCH(OFFSET($D149,0,$C149)+IF($C149<>1,1,COUNTIF(QCI!$A$13:$A$24,ORÇAMENTO!E149)),OFFSET($D149,1,$C149,ROW($C$240)-ROW($C149)),0))","v":0},"F","Serviço","Serviço","1.8.1.6.","SINAPI","89398",{"$f":"IF($C149=\"S\",REFERENCIA.Descricao,\"(digite a descrição aqui)\")","v":"TE, PVC, SOLDÁVEL, DN 32MM, INSTALADO EM RAMAL OU SUB-RAMAL DE ÁGUA - FORNECIMENTO E INSTALAÇÃO. AF_06/2022"},{"$f":"REFERENCIA.Unidade","v":"UN"},{"$f":"OFFSET(CÁLCULO!H$15,ROW($T149)-ROW(T$15),0)","v":1},21.18,"BDI 1",{"$f":"IF($C149=\"S\",ROUND(IF(TIPOORCAMENTO=\"Proposto\",ORÇAMENTO.CustoUnitario*(1+$AH149),ORÇAMENTO.PrecoUnitarioLicitado),15-13*$AF$10),0)","v":26.45},{"$f":"IF($C149=\"S\",IF(Import.TipoArredondamento<>\"TransfereGOV\",VTOTAL1,SUM(OFFSET(CÁLCULO!$AA$15,ROW($X149)-ROW($X$15),1):OFFSET(CÁLCULO!$AL$15,ROW($X149)-ROW($X$15),-1))),IF($C149=0,0,ROUND(SomaAgrup,15-13*$AF$11)))","v":26.45},"RA","RA",{"$f":"IF($C149=\"S\",IF($Z149=\"CP\",$X149,IF($Z149=\"RA\",(($X149)*QCI!$AA$3),0)),SomaAgrup)","v":26.45},0,{"$f":"IF($N149=\"\",\"\",IF(ORÇAMENTO.Descricao=\"\",\"DESCRIÇÃO\",IF(AND($C149=\"S\",ORÇAMENTO.Unidade=\"\"),\"UNIDADE\",IF($X149<0,\"VALOR NEGATIVO\",IF(OR(AND(TIPOORCAMENTO=\"Proposto\",$AG149<>\"\",$AG149>0,ORÇAMENTO.CustoUnitario>$AG149),AND(TIPOORCAMENTO=\"LICITADO\",ORÇAMENTO.PrecoUnitarioLicitado>$AN149)),\"ACIMA REF.\",\"\")))))","v":""},{"$f":"IF(C149<=CRONO.NivelExibicao,MAX($AD$15:OFFSET(AD149,-1,0))+IF($C149<>1,1,MAX(1,COUNTIF(QCI!$A$13:$A$24,OFFSET($E149,-1,0)))),\"\")","v":""},{"$f":"IF(AND($C149=\"S\",ORÇAMENTO.CodBarra<>\"\"),IF(ORÇAMENTO.Fonte=\"\",ORÇAMENTO.CodBarra,CONCATENATE(ORÇAMENTO.Fonte,\" \",ORÇAMENTO.CodBarra)))","v":"SINAPI 89398"},{"$f":"IF(ISERROR(INDIRECT(ORÇAMENTO.BancoRef)),\"(abra o arquivo 'Referência \"&Excel_BuiltIn_Database&\".xlsm)\",IF(OR($C149<>\"S\",ORÇAMENTO.CodBarra=\"\"),\"(Sem Código)\",IF(ISERROR(MATCH($AE149,INDIRECT(ORÇAMENTO.BancoRef),0)),\"(Código não identificado nas referências)\",MATCH($AE149,INDIRECT(ORÇAMENTO.BancoRef),0))))","v":3800},{"$f":"ROUND(IF(DESONERACAO=\"sim\",REFERENCIA.Desonerado,REFERENCIA.NaoDesonerado),2)","v":21.18},0.2487,null,1,null,null,26.45,26.45]
["S",3,"S",0,{"$f":"IF($C150=1,OFFSET(E150,-1,0)+MAX(1,COUNTIF(QCI!$A$13:$A$24,OFFSET(ORÇAMENTO!E150,-1,0))),OFFSET(E150,-1,0))","v":1},8,1,0,7,0,{"$f":"IF(OR($C150=\"S\",$C150=0),0,MATCH(OFFSET($D150,0,$C150)+IF($C150<>1,1,COUNTIF(QCI!$A$13:$A$24,ORÇAMENTO!E150)),OFFSET($D150,1,$C150,ROW($C$240)-ROW($C150)),0))","v":0},"F","Serviço","Serviço","1.8.1.7.","SINAPI","89378",{"$f":"IF($C150=\"S\",REFERENCIA.Descricao,\"(digite a descrição aqui)\")","v":"LUVA, PVC, SOLDÁVEL, DN 25MM, INSTALADO EM RAMAL OU SUB-RAMAL DE ÁGUA - FORNECIMENTO E INSTALAÇÃO. AF_06/2022"},{"$f":"REFERENCIA.Unidade","v":"UN"},{"$f":"OFFSET(CÁLCULO!H$15,ROW($T150)-ROW(T$15),0)","v":5},8.32,"BDI 1",{"$f":"IF($C150=\"S\",ROUND(IF(TIPOORCAMENTO=\"Proposto\",ORÇAMENTO.CustoUnitario*(1+$AH150),ORÇAMENTO.PrecoUnitarioLicitado),15-13*$AF$10),0)","v":10.39},{"$f":"IF($C150=\"S\",IF(Import.TipoArredondamento<>\"TransfereGOV\",VTOTAL1,SUM(OFFSET(CÁLCULO!$AA$15,ROW($X150)-ROW($X$15),1):OFFSET(CÁLCULO!$AL$15,ROW($X150)-ROW($X$15),-1))),IF($C150=0,0,ROUND(SomaAgrup,15-13*$AF$11)))","v":51.95},"RA","RA",{"$f":"IF($C150=\"S\",IF($Z150=\"CP\",$X150,IF($Z150=\"RA\",(($X150)*QCI!$AA$3),0)),SomaAgrup)","v":51.95},0,{"$f":"IF($N150=\"\",\"\",IF(ORÇAMENTO.Descricao=\"\",\"DESCRIÇÃO\",IF(AND($C150=\"S\",ORÇAMENTO.Unidade=\"\"),\"UNIDADE\",IF($X150<0,\"VALOR NEGATIVO\",IF(OR(AND(TIPOORCAMENTO=\"Proposto\",$AG150<>\"\",$AG150>0,ORÇAMENTO.CustoUnitario>$AG150),AND(TIPOORCAMENTO=\"LICITADO\",ORÇAMENTO.PrecoUnitarioLicitado>$AN150)),\"ACIMA REF.\",\"\")))))","v":""},{"$f":"IF(C150<=CRONO.NivelExibicao,MAX($AD$15:OFFSET(AD150,-1,0))+IF($C150<>1,1,MAX(1,COUNTIF(QCI!$A$13:$A$24,OFFSET($E150,-1,0)))),\"\")","v":""},{"$f":"IF(AND($C150=\"S\",ORÇAMENTO.CodBarra<>\"\"),IF(ORÇAMENTO.Fonte=\"\",ORÇAMENTO.CodBarra,CONCATENATE(ORÇAMENTO.Fonte,\" \",ORÇAMENTO.CodBarra)))","v":"SINAPI 89378"},{"$f":"IF(ISERROR(INDIRECT(ORÇAMENTO.BancoRef)),\"(abra o arquivo 'Referência \"&Excel_BuiltIn_Database&\".xlsm)\",IF(OR($C150<>\"S\",ORÇAMENTO.CodBarra=\"\"),\"(Sem Código)\",IF(ISERROR(MATCH($AE150,INDIRECT(ORÇAMENTO.BancoRef),0)),\"(Código não identificado nas referências)\",MATCH($AE150,INDIRECT(ORÇAMENTO.BancoRef),0))))","v":3781},{"$f":"ROUND(IF(DESONERACAO=\"sim\",REFERENCIA.Desonerado,REFERENCIA.NaoDesonerado),2)","v":8.32},0.2487,null,5,null,null,51.95,10.39]
["S",3,"S",0,{"$f":"IF($C151=1,OFFSET(E151,-1,0)+MAX(1,COUNTIF(QCI!$A$13:$A$24,OFFSET(ORÇAMENTO!E151,-1,0))),OFFSET(E151,-1,0))","v":1},8,1,0,8,0,{"$f":"IF(OR($C151=\"S\",$C151=0),0,MATCH(OFFSET($D151,0,$C151)+IF($C151<>1,1,COUNTIF(QCI!$A$13:$A$24,ORÇAMENTO!E151)),OFFSET($D151,1,$C151,ROW($C$240)-ROW($C151)),0))","v":0},"F","Serviço","Serviço","1.8.1.8.","SINAPI","89366",{"$f":"IF($C151=\"S\",REFERENCIA.Descricao,\"(digite a descrição aqui)\")","v":"JOELHO 90 GRAUS COM BUCHA DE LATÃO, PVC, SOLDÁVEL, DN 25MM, X 3/4  INSTALADO EM RAMAL OU SUB-RAMAL DE ÁGUA - FORNECIMENTO E INSTALAÇÃO. AF_06/2022"},{"$f":"REFERENCIA.Unidade","v":"UN"},{"$f":"OFFSET(CÁLCULO!H$15,ROW($T151)-ROW(T$15),0)","v":4},17.690000000000001,"BDI 1",{"$f":"IF($C151=\"S\",ROUND(IF(TIPOORCAMENTO=\"Proposto\",ORÇAMENTO.CustoUnitario*(1+$AH151),ORÇAMENTO.PrecoUnitarioLicitado),15-13*$AF$10),0)","v":22.09},{"$f":"IF($C151=\"S\",IF(Import.TipoArredondamento<>\"TransfereGOV\",VTOTAL1,SUM(OFFSET(CÁLCULO!$AA$15,ROW($X151)-ROW($X$15),1):OFFSET(CÁLCULO!$AL$15,ROW($X151)-ROW($X$15),-1))),IF($C151=0,0,ROUND(SomaAgrup,15-13*$AF$11)))","v":88.36},"RA","RA",{"$f":"IF($C151=\"S\",IF($Z151=\"CP\",$X151,IF($Z151=\"RA\",(($X151)*QCI!$AA$3),0)),SomaAgrup)","v":88.36},0,{"$f":"IF($N151=\"\",\"\",IF(ORÇAMENTO.Descricao=\"\",\"DESCRIÇÃO\",IF(AND($C151=\"S\",ORÇAMENTO.Unidade=\"\"),\"UNIDADE\",IF($X151<0,\"VALOR NEGATIVO\",IF(OR(AND(TIPOORCAMENTO=\"Proposto\",$AG151<>\"\",$AG151>0,ORÇAMENTO.CustoUnitario>$AG151),AND(TIPOORCAMENTO=\"LICITADO\",ORÇAMENTO.PrecoUnitarioLicitado>$AN151)),\"ACIMA REF.\",\"\")))))","v":""},{"$f":"IF(C151<=CRONO.NivelExibicao,MAX($AD$15:OFFSET(AD151,-1,0))+IF($C151<>1,1,MAX(1,COUNTIF(QCI!$A$13:$A$24,OFFSET($E151,-1,0)))),\"\")","v":""},{"$f":"IF(AND($C151=\"S\",ORÇAMENTO.CodBarra<>\"\"),IF(ORÇAMENTO.Fonte=\"\",ORÇAMENTO.CodBarra,CONCATENATE(ORÇAMENTO.Fonte,\" \",ORÇAMENTO.CodBarra)))","v":"SINAPI 89366"},{"$f":"IF(ISERROR(INDIRECT(ORÇAMENTO.BancoRef)),\"(abra o arquivo 'Referência \"&Excel_BuiltIn_Database&\".xlsm)\",IF(OR($C151<>\"S\",ORÇAMENTO.CodBarra=\"\"),\"(Sem Código)\",IF(ISERROR(MATCH($AE151,INDIRECT(ORÇAMENTO.BancoRef),0)),\"(Código não identificado nas referências)\",MATCH($AE151,INDIRECT(ORÇAMENTO.BancoRef),0))))","v":3769},{"$f":"ROUND(IF(DESONERACAO=\"sim\",REFERENCIA.Desonerado,REFERENCIA.NaoDesonerado),2)","v":17.690000000000001},0.2487,null,4,null,null,88.36,22.09]
["S",3,"S",0,{"$f":"IF($C152=1,OFFSET(E152,-1,0)+MAX(1,COUNTIF(QCI!$A$13:$A$24,OFFSET(ORÇAMENTO!E152,-1,0))),OFFSET(E152,-1,0))","v":1},8,1,0,9,0,{"$f":"IF(OR($C152=\"S\",$C152=0),0,MATCH(OFFSET($D152,0,$C152)+IF($C152<>1,1,COUNTIF(QCI!$A$13:$A$24,ORÇAMENTO!E152)),OFFSET($D152,1,$C152,ROW($C$240)-ROW($C152)),0))","v":0},"F","Serviço","Serviço","1.8.1.9.","SINAPI","94490",{"$f":"IF($C152=\"S\",REFERENCIA.Descricao,\"(digite a descrição aqui)\")","v":"REGISTRO DE ESFERA, PVC, SOLDÁVEL, COM VOLANTE, DN  32 MM - FORNECIMENTO E INSTALAÇÃO. AF_08/2021"},{"$f":"REFERENCIA.Unidade","v":"UN"},{"$f":"OFFSET(CÁLCULO!H$15,ROW($T152)-ROW(T$15),0)","v":1},49.42,"BDI 1",{"$f":"IF($C152=\"S\",ROUND(IF(TIPOORCAMENTO=\"Proposto\",ORÇAMENTO.CustoUnitario*(1+$AH152),ORÇAMENTO.PrecoUnitarioLicitado),15-13*$AF$10),0)","v":61.71},{"$f":"IF($C152=\"S\",IF(Import.TipoArredondamento<>\"TransfereGOV\",VTOTAL1,SUM(OFFSET(CÁLCULO!$AA$15,ROW($X152)-ROW($X$15),1):OFFSET(CÁLCULO!$AL$15,ROW($X152)-ROW($X$15),-1))),IF($C152=0,0,ROUND(SomaAgrup,15-13*$AF$11)))","v":61.71},"RA","RA",{"$f":"IF($C152=\"S\",IF($Z152=\"CP\",$X152,IF($Z152=\"RA\",(($X152)*QCI!$AA$3),0)),SomaAgrup)","v":61.71},0,{"$f":"IF($N152=\"\",\"\",IF(ORÇAMENTO.Descricao=\"\",\"DESCRIÇÃO\",IF(AND($C152=\"S\",ORÇAMENTO.Unidade=\"\"),\"UNIDADE\",IF($X152<0,\"VALOR NEGATIVO\",IF(OR(AND(TIPOORCAMENTO=\"Proposto\",$AG152<>\"\",$AG152>0,ORÇAMENTO.CustoUnitario>$AG152),AND(TIPOORCAMENTO=\"LICITADO\",ORÇAMENTO.PrecoUnitarioLicitado>$AN152)),\"ACIMA REF.\",\"\")))))","v":""},{"$f":"IF(C152<=CRONO.NivelExibicao,MAX($AD$15:OFFSET(AD152,-1,0))+IF($C152<>1,1,MAX(1,COUNTIF(QCI!$A$13:$A$24,OFFSET($E152,-1,0)))),\"\")","v":""},{"$f":"IF(AND($C152=\"S\",ORÇAMENTO.CodBarra<>\"\"),IF(ORÇAMENTO.Fonte=\"\",ORÇAMENTO.CodBarra,CONCATENATE(ORÇAMENTO.Fonte,\" \",ORÇAMENTO.CodBarra)))","v":"SINAPI 94490"},{"$f":"IF(ISERROR(INDIRECT(ORÇAMENTO.BancoRef)),\"(abra o arquivo 'Referência \"&Excel_BuiltIn_Database&\".xlsm)\",IF(OR($C152<>\"S\",ORÇAMENTO.CodBarra=\"\"),\"(Sem Código)\",IF(ISERROR(MATCH($AE152,INDIRECT(ORÇAMENTO.BancoRef),0)),\"(Código não identificado nas referências)\",MATCH($AE152,INDIRECT(ORÇAMENTO.BancoRef),0))))","v":5290},{"$f":"ROUND(IF(DESONERACAO=\"sim\",REFERENCIA.Desonerado,REFERENCIA.NaoDesonerado),2)","v":49.42},0.2487,null,1,null,null,61.71,61.71]
["S",3,"S",0,{"$f":"IF($C153=1,OFFSET(E153,-1,0)+MAX(1,COUNTIF(QCI!$A$13:$A$24,OFFSET(ORÇAMENTO!E153,-1,0))),OFFSET(E153,-1,0))","v":1},8,1,0,10,0,{"$f":"IF(OR($C153=\"S\",$C153=0),0,MATCH(OFFSET($D153,0,$C153)+IF($C153<>1,1,COUNTIF(QCI!$A$13:$A$24,ORÇAMENTO!E153)),OFFSET($D153,1,$C153,ROW($C$240)-ROW($C153)),0))","v":0},"F","Serviço","Serviço","1.8.1.10.","SINAPI","89972",{"$f":"IF($C153=\"S\",REFERENCIA.Descricao,\"(digite a descrição aqui)\")","v":"KIT DE REGISTRO DE GAVETA BRUTO DE LATÃO ¾\", INCLUSIVE CONEXÕES, ROSCÁVEL, INSTALADO EM RAMAL DE ÁGUA FRIA - FORNECIMENTO E INSTALAÇÃO. AF_12/2014"},{"$f":"REFERENCIA.Unidade","v":"UN"},{"$f":"OFFSET(CÁLCULO!H$15,ROW($T153)-ROW(T$15),0)","v":3},56.92,"BDI 1",{"$f":"IF($C153=\"S\",ROUND(IF(TIPOORCAMENTO=\"Proposto\",ORÇAMENTO.CustoUnitario*(1+$AH153),ORÇAMENTO.PrecoUnitarioLicitado),15-13*$AF$10),0)","v":71.08},{"$f":"IF($C153=\"S\",IF(Import.TipoArredondamento<>\"TransfereGOV\",VTOTAL1,SUM(OFFSET(CÁLCULO!$AA$15,ROW($X153)-ROW($X$15),1):OFFSET(CÁLCULO!$AL$15,ROW($X153)-ROW($X$15),-1))),IF($C153=0,0,ROUND(SomaAgrup,15-13*$AF$11)))","v":213.24},"RA","RA",{"$f":"IF($C153=\"S\",IF($Z153=\"CP\",$X153,IF($Z153=\"RA\",(($X153)*QCI!$AA$3),0)),SomaAgrup)","v":213.24},0,{"$f":"IF($N153=\"\",\"\",IF(ORÇAMENTO.Descricao=\"\",\"DESCRIÇÃO\",IF(AND($C153=\"S\",ORÇAMENTO.Unidade=\"\"),\"UNIDADE\",IF($X153<0,\"VALOR NEGATIVO\",IF(OR(AND(TIPOORCAMENTO=\"Proposto\",$AG153<>\"\",$AG153>0,ORÇAMENTO.CustoUnitario>$AG153),AND(TIPOORCAMENTO=\"LICITADO\",ORÇAMENTO.PrecoUnitarioLicitado>$AN153)),\"ACIMA REF.\",\"\")))))","v":""},{"$f":"IF(C153<=CRONO.NivelExibicao,MAX($AD$15:OFFSET(AD153,-1,0))+IF($C153<>1,1,MAX(1,COUNTIF(QCI!$A$13:$A$24,OFFSET($E153,-1,0)))),\"\")","v":""},{"$f":"IF(AND($C153=\"S\",ORÇAMENTO.CodBarra<>\"\"),IF(ORÇAMENTO.Fonte=\"\",ORÇAMENTO.CodBarra,CONCATENATE(ORÇAMENTO.Fonte,\" \",ORÇAMENTO.CodBarra)))","v":"SINAPI 89972"},{"$f":"IF(ISERROR(INDIRECT(ORÇAMENTO.BancoRef)),\"(abra o arquivo 'Referência \"&Excel_BuiltIn_Database&\".xlsm)\",IF(OR($C153<>\"S\",ORÇAMENTO.CodBarra=\"\"),\"(Sem Código)\",IF(ISERROR(MATCH($AE153,INDIRECT(ORÇAMENTO.BancoRef),0)),\"(Código não identificado nas referências)\",MATCH($AE153,INDIRECT(ORÇAMENTO.BancoRef),0))))","v":5281},{"$f":"ROUND(IF(DESONERACAO=\"sim\",REFERENCIA.Desonerado,REFERENCIA.NaoDesonerado),2)","v":56.92},0.2487,null,3,null,null,213.24,71.08]
["S",3,"S",0,{"$f":"IF($C154=1,OFFSET(E154,-1,0)+MAX(1,COUNTIF(QCI!$A$13:$A$24,OFFSET(ORÇAMENTO!E154,-1,0))),OFFSET(E154,-1,0))","v":1},8,1,0,11,0,{"$f":"IF(OR($C154=\"S\",$C154=0),0,MATCH(OFFSET($D154,0,$C154)+IF($C154<>1,1,COUNTIF(QCI!$A$13:$A$24,ORÇAMENTO!E154)),OFFSET($D154,1,$C154,ROW($C$240)-ROW($C154)),0))","v":0},"F","Serviço","Serviço","1.8.1.11.","SINAPI","102622",{"$f":"IF($C154=\"S\",REFERENCIA.Descricao,\"(digite a descrição aqui)\")","v":"CAIXA D´ÁGUA EM POLIETILENO, 500 LITROS (INCLUSOS TUBOS, CONEXÕES E TORNEIRA DE BÓIA) - FORNECIMENTO E INSTALAÇÃO. AF_06/2021"},{"$f":"REFERENCIA.Unidade","v":"UN"},{"$f":"OFFSET(CÁLCULO!H$15,ROW($T154)-ROW(T$15),0)","v":1},676.12,"BDI 1",{"$f":"IF($C154=\"S\",ROUND(IF(TIPOORCAMENTO=\"Proposto\",ORÇAMENTO.CustoUnitario*(1+$AH154),ORÇAMENTO.PrecoUnitarioLicitado),15-13*$AF$10),0)","v":844.27},{"$f":"IF($C154=\"S\",IF(Import.TipoArredondamento<>\"TransfereGOV\",VTOTAL1,SUM(OFFSET(CÁLCULO!$AA$15,ROW($X154)-ROW($X$15),1):OFFSET(CÁLCULO!$AL$15,ROW($X154)-ROW($X$15),-1))),IF($C154=0,0,ROUND(SomaAgrup,15-13*$AF$11)))","v":844.27},"RA","RA",{"$f":"IF($C154=\"S\",IF($Z154=\"CP\",$X154,IF($Z154=\"RA\",(($X154)*QCI!$AA$3),0)),SomaAgrup)","v":844.27},0,{"$f":"IF($N154=\"\",\"\",IF(ORÇAMENTO.Descricao=\"\",\"DESCRIÇÃO\",IF(AND($C154=\"S\",ORÇAMENTO.Unidade=\"\"),\"UNIDADE\",IF($X154<0,\"VALOR NEGATIVO\",IF(OR(AND(TIPOORCAMENTO=\"Proposto\",$AG154<>\"\",$AG154>0,ORÇAMENTO.CustoUnitario>$AG154),AND(TIPOORCAMENTO=\"LICITADO\",ORÇAMENTO.PrecoUnitarioLicitado>$AN154)),\"ACIMA REF.\",\"\")))))","v":""},{"$f":"IF(C154<=CRONO.NivelExibicao,MAX($AD$15:OFFSET(AD154,-1,0))+IF($C154<>1,1,MAX(1,COUNTIF(QCI!$A$13:$A$24,OFFSET($E154,-1,0)))),\"\")","v":""},{"$f":"IF(AND($C154=\"S\",ORÇAMENTO.CodBarra<>\"\"),IF(ORÇAMENTO.Fonte=\"\",ORÇAMENTO.CodBarra,CONCATENATE(ORÇAMENTO.Fonte,\" \",ORÇAMENTO.CodBarra)))","v":"SINAPI 102622"},{"$f":"IF(ISERROR(INDIRECT(ORÇAMENTO.BancoRef)),\"(abra o arquivo 'Referência \"&Excel_BuiltIn_Database&\".xlsm)\",IF(OR($C154<>\"S\",ORÇAMENTO.CodBarra=\"\"),\"(Sem Código)\",IF(ISERROR(MATCH($AE154,INDIRECT(ORÇAMENTO.BancoRef),0)),\"(Código não identificado nas referências)\",MATCH($AE154,INDIRECT(ORÇAMENTO.BancoRef),0))))","v":5104},{"$f":"ROUND(IF(DESONERACAO=\"sim\",REFERENCIA.Desonerado,REFERENCIA.NaoDesonerado),2)","v":676.12},0.2487,null,1,null,null,844.27,844.27]
["S",3,"S",0,{"$f":"IF($C155=1,OFFSET(E155,-1,0)+MAX(1,COUNTIF(QCI!$A$13:$A$24,OFFSET(ORÇAMENTO!E155,-1,0))),OFFSET(E155,-1,0))","v":1},8,1,0,11,0,{"$f":"IF(OR($C155=\"S\",$C155=0),0,MATCH(OFFSET($D155,0,$C155)+IF($C155<>1,1,COUNTIF(QCI!$A$13:$A$24,ORÇAMENTO!E155)),OFFSET($D155,1,$C155,ROW($C$240)-ROW($C155)),0))","v":0},"","Serviço","Serviço","-","SINAPI",null,{"$f":"IF($C155=\"S\",REFERENCIA.Descricao,\"(digite a descrição aqui)\")","v":"(Sem Código)"},{"$f":"REFERENCIA.Unidade","v":"-"},{"$f":"OFFSET(CÁLCULO!H$15,ROW($T155)-ROW(T$15),0)","v":0},0,"BDI 1",{"$f":"IF($C155=\"S\",ROUND(IF(TIPOORCAMENTO=\"Proposto\",ORÇAMENTO.CustoUnitario*(1+$AH155),ORÇAMENTO.PrecoUnitarioLicitado),15-13*$AF$10),0)","v":0},{"$f":"IF($C155=\"S\",IF(Import.TipoArredondamento<>\"TransfereGOV\",VTOTAL1,SUM(OFFSET(CÁLCULO!$AA$15,ROW($X155)-ROW($X$15),1):OFFSET(CÁLCULO!$AL$15,ROW($X155)-ROW($X$15),-1))),IF($C155=0,0,ROUND(SomaAgrup,15-13*$AF$11)))","v":0},"RA","",{"$f":"IF($C155=\"S\",IF($Z155=\"CP\",$X155,IF($Z155=\"RA\",(($X155)*QCI!$AA$3),0)),SomaAgrup)","v":0},0,{"$f":"IF($N155=\"\",\"\",IF(ORÇAMENTO.Descricao=\"\",\"DESCRIÇÃO\",IF(AND($C155=\"S\",ORÇAMENTO.Unidade=\"\"),\"UNIDADE\",IF($X155<0,\"VALOR NEGATIVO\",IF(OR(AND(TIPOORCAMENTO=\"Proposto\",$AG155<>\"\",$AG155>0,ORÇAMENTO.CustoUnitario>$AG155),AND(TIPOORCAMENTO=\"LICITADO\",ORÇAMENTO.PrecoUnitarioLicitado>$AN155)),\"ACIMA REF.\",\"\")))))","v":""},{"$f":"IF(C155<=CRONO.NivelExibicao,MAX($AD$15:OFFSET(AD155,-1,0))+IF($C155<>1,1,MAX(1,COUNTIF(QCI!$A$13:$A$24,OFFSET($E155,-1,0)))),\"\")","v":""},{"$f":"IF(AND($C155=\"S\",ORÇAMENTO.CodBarra<>\"\"),IF(ORÇAMENTO.Fonte=\"\",ORÇAMENTO.CodBarra,CONCATENATE(ORÇAMENTO.Fonte,\" \",ORÇAMENTO.CodBarra)))","v":false},{"$f":"IF(ISERROR(INDIRECT(ORÇAMENTO.BancoRef)),\"(abra o arquivo 'Referência \"&Excel_BuiltIn_Database&\".xlsm)\",IF(OR($C155<>\"S\",ORÇAMENTO.CodBarra=\"\"),\"(Sem Código)\",IF(ISERROR(MATCH($AE155,INDIRECT(ORÇAMENTO.BancoRef),0)),\"(Código não identificado nas referências)\",MATCH($AE155,INDIRECT(ORÇAMENTO.BancoRef),0))))","v":"(Sem Código)"},{"$f":"ROUND(IF(DESONERACAO=\"sim\",REFERENCIA.Desonerado,REFERENCIA.NaoDesonerado),2)","v":0},0.2487,null,null,null,null,0,0]
["S",3,"S",0,{"$f":"IF($C156=1,OFFSET(E156,-1,0)+MAX(1,COUNTIF(QCI!$A$13:$A$24,OFFSET(ORÇAMENTO!E156,-1,0))),OFFSET(E156,-1,0))","v":1},8,1,0,11,0,{"$f":"IF(OR($C156=\"S\",$C156=0),0,MATCH(OFFSET($D156,0,$C156)+IF($C156<>1,1,COUNTIF(QCI!$A$13:$A$24,ORÇAMENTO!E156)),OFFSET($D156,1,$C156,ROW($C$240)-ROW($C156)),0))","v":0},"","Serviço","Serviço","-","SINAPI",null,{"$f":"IF($C156=\"S\",REFERENCIA.Descricao,\"(digite a descrição aqui)\")","v":"(Sem Código)"},{"$f":"REFERENCIA.Unidade","v":"-"},{"$f":"OFFSET(CÁLCULO!H$15,ROW($T156)-ROW(T$15),0)","v":0},0,"BDI 1",{"$f":"IF($C156=\"S\",ROUND(IF(TIPOORCAMENTO=\"Proposto\",ORÇAMENTO.CustoUnitario*(1+$AH156),ORÇAMENTO.PrecoUnitarioLicitado),15-13*$AF$10),0)","v":0},{"$f":"IF($C156=\"S\",IF(Import.TipoArredondamento<>\"TransfereGOV\",VTOTAL1,SUM(OFFSET(CÁLCULO!$AA$15,ROW($X156)-ROW($X$15),1):OFFSET(CÁLCULO!$AL$15,ROW($X156)-ROW($X$15),-1))),IF($C156=0,0,ROUND(SomaAgrup,15-13*$AF$11)))","v":0},"RA","",{"$f":"IF($C156=\"S\",IF($Z156=\"CP\",$X156,IF($Z156=\"RA\",(($X156)*QCI!$AA$3),0)),SomaAgrup)","v":0},0,{"$f":"IF($N156=\"\",\"\",IF(ORÇAMENTO.Descricao=\"\",\"DESCRIÇÃO\",IF(AND($C156=\"S\",ORÇAMENTO.Unidade=\"\"),\"UNIDADE\",IF($X156<0,\"VALOR NEGATIVO\",IF(OR(AND(TIPOORCAMENTO=\"Proposto\",$AG156<>\"\",$AG156>0,ORÇAMENTO.CustoUnitario>$AG156),AND(TIPOORCAMENTO=\"LICITADO\",ORÇAMENTO.PrecoUnitarioLicitado>$AN156)),\"ACIMA REF.\",\"\")))))","v":""},{"$f":"IF(C156<=CRONO.NivelExibicao,MAX($AD$15:OFFSET(AD156,-1,0))+IF($C156<>1,1,MAX(1,COUNTIF(QCI!$A$13:$A$24,OFFSET($E156,-1,0)))),\"\")","v":""},{"$f":"IF(AND($C156=\"S\",ORÇAMENTO.CodBarra<>\"\"),IF(ORÇAMENTO.Fonte=\"\",ORÇAMENTO.CodBarra,CONCATENATE(ORÇAMENTO.Fonte,\" \",ORÇAMENTO.CodBarra)))","v":false},{"$f":"IF(ISERROR(INDIRECT(ORÇAMENTO.BancoRef)),\"(abra o arquivo 'Referência \"&Excel_BuiltIn_Database&\".xlsm)\",IF(OR($C156<>\"S\",ORÇAMENTO.CodBarra=\"\"),\"(Sem Código)\",IF(ISERROR(MATCH($AE156,INDIRECT(ORÇAMENTO.BancoRef),0)),\"(Código não identificado nas referências)\",MATCH($AE156,INDIRECT(ORÇAMENTO.BancoRef),0))))","v":"(Sem Código)"},{"$f":"ROUND(IF(DESONERACAO=\"sim\",REFERENCIA.Desonerado,REFERENCIA.NaoDesonerado),2)","v":0},0.2487,null,null,null,null,0,0]
["S",3,"S",0,{"$f":"IF($C157=1,OFFSET(E157,-1,0)+MAX(1,COUNTIF(QCI!$A$13:$A$24,OFFSET(ORÇAMENTO!E157,-1,0))),OFFSET(E157,-1,0))","v":1},8,1,0,11,0,{"$f":"IF(OR($C157=\"S\",$C157=0),0,MATCH(OFFSET($D157,0,$C157)+IF($C157<>1,1,COUNTIF(QCI!$A$13:$A$24,ORÇAMENTO!E157)),OFFSET($D157,1,$C157,ROW($C$240)-ROW($C157)),0))","v":0},"","Serviço","Serviço","-","SINAPI",null,{"$f":"IF($C157=\"S\",REFERENCIA.Descricao,\"(digite a descrição aqui)\")","v":"(Sem Código)"},{"$f":"REFERENCIA.Unidade","v":"-"},{"$f":"OFFSET(CÁLCULO!H$15,ROW($T157)-ROW(T$15),0)","v":0},0,"BDI 1",{"$f":"IF($C157=\"S\",ROUND(IF(TIPOORCAMENTO=\"Proposto\",ORÇAMENTO.CustoUnitario*(1+$AH157),ORÇAMENTO.PrecoUnitarioLicitado),15-13*$AF$10),0)","v":0},{"$f":"IF($C157=\"S\",IF(Import.TipoArredondamento<>\"TransfereGOV\",VTOTAL1,SUM(OFFSET(CÁLCULO!$AA$15,ROW($X157)-ROW($X$15),1):OFFSET(CÁLCULO!$AL$15,ROW($X157)-ROW($X$15),-1))),IF($C157=0,0,ROUND(SomaAgrup,15-13*$AF$11)))","v":0},"RA","",{"$f":"IF($C157=\"S\",IF($Z157=\"CP\",$X157,IF($Z157=\"RA\",(($X157)*QCI!$AA$3),0)),SomaAgrup)","v":0},0,{"$f":"IF($N157=\"\",\"\",IF(ORÇAMENTO.Descricao=\"\",\"DESCRIÇÃO\",IF(AND($C157=\"S\",ORÇAMENTO.Unidade=\"\"),\"UNIDADE\",IF($X157<0,\"VALOR NEGATIVO\",IF(OR(AND(TIPOORCAMENTO=\"Proposto\",$AG157<>\"\",$AG157>0,ORÇAMENTO.CustoUnitario>$AG157),AND(TIPOORCAMENTO=\"LICITADO\",ORÇAMENTO.PrecoUnitarioLicitado>$AN157)),\"ACIMA REF.\",\"\")))))","v":""},{"$f":"IF(C157<=CRONO.NivelExibicao,MAX($AD$15:OFFSET(AD157,-1,0))+IF($C157<>1,1,MAX(1,COUNTIF(QCI!$A$13:$A$24,OFFSET($E157,-1,0)))),\"\")","v":""},{"$f":"IF(AND($C157=\"S\",ORÇAMENTO.CodBarra<>\"\"),IF(ORÇAMENTO.Fonte=\"\",ORÇAMENTO.CodBarra,CONCATENATE(ORÇAMENTO.Fonte,\" \",ORÇAMENTO.CodBarra)))","v":false},{"$f":"IF(ISERROR(INDIRECT(ORÇAMENTO.BancoRef)),\"(abra o arquivo 'Referência \"&Excel_BuiltIn_Database&\".xlsm)\",IF(OR($C157<>\"S\",ORÇAMENTO.CodBarra=\"\"),\"(Sem Código)\",IF(ISERROR(MATCH($AE157,INDIRECT(ORÇAMENTO.BancoRef),0)),\"(Código não identificado nas referências)\",MATCH($AE157,INDIRECT(ORÇAMENTO.BancoRef),0))))","v":"(Sem Código)"},{"$f":"ROUND(IF(DESONERACAO=\"sim\",REFERENCIA.Desonerado,REFERENCIA.NaoDesonerado),2)","v":0},0.2487,null,null,null,null,0,0]
[3,3,3,18,{"$f":"IF($C158=1,OFFSET(E158,-1,0)+MAX(1,COUNTIF(QCI!$A$13:$A$24,OFFSET(ORÇAMENTO!E158,-1,0))),OFFSET(E158,-1,0))","v":1},8,2,0,0,18,{"$f":"IF(OR($C158=\"S\",$C158=0),0,MATCH(OFFSET($D158,0,$C158)+IF($C158<>1,1,COUNTIF(QCI!$A$13:$A$24,ORÇAMENTO!E158)),OFFSET($D158,1,$C158,ROW($C$240)-ROW($C158)),0))","v":{"$error":"#N/A"}},"F","Nível 3","Nível 3","1.8.2.","SINAPI",null,{"$f":"IF($C158=\"S\",REFERENCIA.Descricao,\"ESGOTO\")","v":"ESGOTO"},{"$f":"REFERENCIA.Unidade","v":"-"},{"$f":"OFFSET(CÁLCULO!H$15,ROW($T158)-ROW(T$15),0)","v":0},0,"BDI 1",{"$f":"IF($C158=\"S\",ROUND(IF(TIPOORCAMENTO=\"Proposto\",ORÇAMENTO.CustoUnitario*(1+$AH158),ORÇAMENTO.PrecoUnitarioLicitado),15-13*$AF$10),0)","v":0},{"$f":"IF($C158=\"S\",IF(Import.TipoArredondamento<>\"TransfereGOV\",VTOTAL1,SUM(OFFSET(CÁLCULO!$AA$15,ROW($X158)-ROW($X$15),1):OFFSET(CÁLCULO!$AL$15,ROW($X158)-ROW($X$15),-1))),IF($C158=0,0,ROUND(SomaAgrup,15-13*$AF$11)))","v":3352.42},"RA","",{"$f":"IF($C158=\"S\",IF($Z158=\"CP\",$X158,IF($Z158=\"RA\",(($X158)*QCI!$AA$3),0)),SomaAgrup)","v":3352.4199999999996},0,{"$f":"IF($N158=\"\",\"\",IF(ORÇAMENTO.Descricao=\"\",\"DESCRIÇÃO\",IF(AND($C158=\"S\",ORÇAMENTO.Unidade=\"\"),\"UNIDADE\",IF($X158<0,\"VALOR NEGATIVO\",IF(OR(AND(TIPOORCAMENTO=\"Proposto\",$AG158<>\"\",$AG158>0,ORÇAMENTO.CustoUnitario>$AG158),AND(TIPOORCAMENTO=\"LICITADO\",ORÇAMENTO.PrecoUnitarioLicitado>$AN158)),\"ACIMA REF.\",\"\")))))","v":""},{"$f":"IF(C158<=CRONO.NivelExibicao,MAX($AD$15:OFFSET(AD158,-1,0))+IF($C158<>1,1,MAX(1,COUNTIF(QCI!$A$13:$A$24,OFFSET($E158,-1,0)))),\"\")","v":""},{"$f":"IF(AND($C158=\"S\",ORÇAMENTO.CodBarra<>\"\"),IF(ORÇAMENTO.Fonte=\"\",ORÇAMENTO.CodBarra,CONCATENATE(ORÇAMENTO.Fonte,\" \",ORÇAMENTO.CodBarra)))","v":false},{"$f":"IF(ISERROR(INDIRECT(ORÇAMENTO.BancoRef)),\"(abra o arquivo 'Referência \"&Excel_BuiltIn_Database&\".xlsm)\",IF(OR($C158<>\"S\",ORÇAMENTO.CodBarra=\"\"),\"(Sem Código)\",IF(ISERROR(MATCH($AE158,INDIRECT(ORÇAMENTO.BancoRef),0)),\"(Código não identificado nas referências)\",MATCH($AE158,INDIRECT(ORÇAMENTO.BancoRef),0))))","v":"(Sem Código)"},{"$f":"ROUND(IF(DESONERACAO=\"sim\",REFERENCIA.Desonerado,REFERENCIA.NaoDesonerado),2)","v":0},0.2487,null,null,null,null,3352.42,0]
[{"$f":"CHOOSE(1+LOG(1+2*(ORÇAMENTO.Nivel=\"Meta\")+4*(ORÇAMENTO.Nivel=\"Nível 2\")+8*(ORÇAMENTO.Nivel=\"Nível 3\")+16*(ORÇAMENTO.Nivel=\"Nível 4\")+32*(ORÇAMENTO.Nivel=\"Serviço\"),2),0,1,2,3,4,\"S\")","v":"S"},{"$f":"IF(OR(C159=\"s\",C159=0),OFFSET(B159,-1,0),C159)","v":3},{"$f":"IF(OFFSET(C159,-1,0)=\"L\",1,IF(OFFSET(C159,-1,0)=1,2,IF(OR(A159=\"s\",A159=0),\"S\",IF(AND(OFFSET(C159,-1,0)=2,A159=4),3,IF(AND(OR(OFFSET(C159,-1,0)=\"s\",OFFSET(C159,-1,0)=0),A159<>\"s\",A159>OFFSET(B159,-1,0)),OFFSET(B159,-1,0),A159)))))","v":"S"},{"$f":"IF(OR(C159=\"S\",C159=0),0,IF(ISERROR(K159),J159,SMALL(J159:K159,1)))","v":0},{"$f":"IF($C159=1,OFFSET(E159,-1,0)+MAX(1,COUNTIF(QCI!$A$13:$A$24,OFFSET(ORÇAMENTO!E159,-1,0))),OFFSET(E159,-1,0))","v":1},{"$f":"IF($C159=1,0,IF($C159=2,OFFSET(F159,-1,0)+1,OFFSET(F159,-1,0)))","v":8},{"$f":"IF(AND($C159<=2,$C159<>0),0,IF($C159=3,OFFSET(G159,-1,0)+1,OFFSET(G159,-1,0)))","v":2},{"$f":"IF(AND($C159<=3,$C159<>0),0,IF($C159=4,OFFSET(H159,-1,0)+1,OFFSET(H159,-1,0)))","v":0},{"$f":"IF(AND($C159<=4,$C159<>0),0,IF(AND($C159=\"S\",$X159>0),OFFSET(I159,-1,0)+1,OFFSET(I159,-1,0)))","v":1},0,{"$f":"IF(OR($C159=\"S\",$C159=0),0,MATCH(OFFSET($D159,0,$C159)+IF($C159<>1,1,COUNTIF(QCI!$A$13:$A$24,ORÇAMENTO!E159)),OFFSET($D159,1,$C159,ROW($C$240)-ROW($C159)),0))","v":0},{"$f":"IF(OR($X159>0,$C159=1,$C159=2,$C159=3,$C159=4),\"F\",\"\")","v":"F"},"Serviço",{"$f":"CHOOSE(1+LOG(1+2*(C159=1)+4*(C159=2)+8*(C159=3)+16*(C159=4)+32*(C159=\"S\"),2),\"\",\"Meta\",\"Nível 2\",\"Nível 3\",\"Nível 4\",\"Serviço\")","v":"Serviço"},{"$f":"IF(OR($C159=0,$L159=\"\"),\"-\",CONCATENATE(E159&\".\",IF(AND($A$5>=2,$C159>=2),F159&\".\",\"\"),IF(AND($A$5>=3,$C159>=3),G159&\".\",\"\"),IF(AND($A$5>=4,$C159>=4),H159&\".\",\"\"),IF($C159=\"S\",I159&\".\",\"\")))","v":"1.8.2.1."},"SINAPI","89714",{"$f":"IF($C159=\"S\",REFERENCIA.Descricao,\"(digite a descrição aqui)\")","v":"TUBO PVC, SERIE NORMAL, ESGOTO PREDIAL, DN 100 MM, FORNECIDO E INSTALADO EM RAMAL DE DESCARGA OU RAMAL DE ESGOTO SANITÁRIO. AF_08/2022"},{"$f":"REFERENCIA.Unidade","v":"M"},{"$f":"OFFSET(CÁLCULO!H$15,ROW($T159)-ROW(T$15),0)","v":22.19},43.79,"BDI 1",{"$f":"IF($C159=\"S\",ROUND(IF(TIPOORCAMENTO=\"Proposto\",ORÇAMENTO.CustoUnitario*(1+$AH159),ORÇAMENTO.PrecoUnitarioLicitado),15-13*$AF$10),0)","v":54.68},{"$f":"IF($C159=\"S\",IF(Import.TipoArredondamento<>\"TransfereGOV\",VTOTAL1,SUM(OFFSET(CÁLCULO!$AA$15,ROW($X159)-ROW($X$15),1):OFFSET(CÁLCULO!$AL$15,ROW($X159)-ROW($X$15),-1))),IF($C159=0,0,ROUND(SomaAgrup,15-13*$AF$11)))","v":1213.3499999999999},"RA",{"$f":"IF(AND($C159=\"S\",$X159>0),IF(ISBLANK($Y159),\"RA\",LEFT($Y159,2)),\"\")","v":"RA"},{"$f":"IF($C159=\"S\",IF($Z159=\"CP\",$X159,IF($Z159=\"RA\",(($X159)*QCI!$AA$3),0)),SomaAgrup)","v":1213.3499999999999},{"$f":"IF($C159=\"S\",IF($Z159=\"OU\",ROUND($X159,2),0),SomaAgrup)","v":0},{"$f":"IF($N159=\"\",\"\",IF(ORÇAMENTO.Descricao=\"\",\"DESCRIÇÃO\",IF(AND($C159=\"S\",ORÇAMENTO.Unidade=\"\"),\"UNIDADE\",IF($X159<0,\"VALOR NEGATIVO\",IF(OR(AND(TIPOORCAMENTO=\"Proposto\",$AG159<>\"\",$AG159>0,ORÇAMENTO.CustoUnitario>$AG159),AND(TIPOORCAMENTO=\"LICITADO\",ORÇAMENTO.PrecoUnitarioLicitado>$AN159)),\"ACIMA REF.\",\"\")))))","v":""},{"$f":"IF(C159<=CRONO.NivelExibicao,MAX($AD$15:OFFSET(AD159,-1,0))+IF($C159<>1,1,MAX(1,COUNTIF(QCI!$A$13:$A$24,OFFSET($E159,-1,0)))),\"\")","v":""},{"$f":"IF(AND($C159=\"S\",ORÇAMENTO.CodBarra<>\"\"),IF(ORÇAMENTO.Fonte=\"\",ORÇAMENTO.CodBarra,CONCATENATE(ORÇAMENTO.Fonte,\" \",ORÇAMENTO.CodBarra)))","v":"SINAPI 89714"},{"$f":"IF(ISERROR(INDIRECT(ORÇAMENTO.BancoRef)),\"(abra o arquivo 'Referência \"&Excel_BuiltIn_Database&\".xlsm)\",IF(OR($C159<>\"S\",ORÇAMENTO.CodBarra=\"\"),\"(Sem Código)\",IF(ISERROR(MATCH($AE159,INDIRECT(ORÇAMENTO.BancoRef),0)),\"(Código não identificado nas referências)\",MATCH($AE159,INDIRECT(ORÇAMENTO.BancoRef),0))))","v":3538},{"$f":"ROUND(IF(DESONERACAO=\"sim\",REFERENCIA.Desonerado,REFERENCIA.NaoDesonerado),2)","v":43.79},{"$f":"ROUND(IF(ISNUMBER(ORÇAMENTO.OpcaoBDI),ORÇAMENTO.OpcaoBDI,IF(LEFT(ORÇAMENTO.OpcaoBDI,3)=\"BDI\",HLOOKUP(ORÇAMENTO.OpcaoBDI,$F$4:$H$5,2,FALSE),0)),15-11*$AF$9)","v":0.2487},null,22.19,null,null,{"$f":"$X159","v":1213.3499999999999},{"$f":"ROUND(ORÇAMENTO.CustoUnitario*(1+$AH159),2)","v":54.68}]
["S",3,"S",0,{"$f":"IF($C160=1,OFFSET(E160,-1,0)+MAX(1,COUNTIF(QCI!$A$13:$A$24,OFFSET(ORÇAMENTO!E160,-1,0))),OFFSET(E160,-1,0))","v":1},8,2,0,2,0,{"$f":"IF(OR($C160=\"S\",$C160=0),0,MATCH(OFFSET($D160,0,$C160)+IF($C160<>1,1,COUNTIF(QCI!$A$13:$A$24,ORÇAMENTO!E160)),OFFSET($D160,1,$C160,ROW($C$240)-ROW($C160)),0))","v":0},"F","Serviço","Serviço","1.8.2.2.","SINAPI","89712",{"$f":"IF($C160=\"S\",REFERENCIA.Descricao,\"(digite a descrição aqui)\")","v":"TUBO PVC, SERIE NORMAL, ESGOTO PREDIAL, DN 50 MM, FORNECIDO E INSTALADO EM RAMAL DE DESCARGA OU RAMAL DE ESGOTO SANITÁRIO. AF_08/2022"},{"$f":"REFERENCIA.Unidade","v":"M"},{"$f":"OFFSET(CÁLCULO!H$15,ROW($T160)-ROW(T$15),0)","v":9.9600000000000009},31.44,"BDI 1",{"$f":"IF($C160=\"S\",ROUND(IF(TIPOORCAMENTO=\"Proposto\",ORÇAMENTO.CustoUnitario*(1+$AH160),ORÇAMENTO.PrecoUnitarioLicitado),15-13*$AF$10),0)","v":39.26},{"$f":"IF($C160=\"S\",IF(Import.TipoArredondamento<>\"TransfereGOV\",VTOTAL1,SUM(OFFSET(CÁLCULO!$AA$15,ROW($X160)-ROW($X$15),1):OFFSET(CÁLCULO!$AL$15,ROW($X160)-ROW($X$15),-1))),IF($C160=0,0,ROUND(SomaAgrup,15-13*$AF$11)))","v":391.03},"RA","RA",{"$f":"IF($C160=\"S\",IF($Z160=\"CP\",$X160,IF($Z160=\"RA\",(($X160)*QCI!$AA$3),0)),SomaAgrup)","v":391.03},0,{"$f":"IF($N160=\"\",\"\",IF(ORÇAMENTO.Descricao=\"\",\"DESCRIÇÃO\",IF(AND($C160=\"S\",ORÇAMENTO.Unidade=\"\"),\"UNIDADE\",IF($X160<0,\"VALOR NEGATIVO\",IF(OR(AND(TIPOORCAMENTO=\"Proposto\",$AG160<>\"\",$AG160>0,ORÇAMENTO.CustoUnitario>$AG160),AND(TIPOORCAMENTO=\"LICITADO\",ORÇAMENTO.PrecoUnitarioLicitado>$AN160)),\"ACIMA REF.\",\"\")))))","v":""},{"$f":"IF(C160<=CRONO.NivelExibicao,MAX($AD$15:OFFSET(AD160,-1,0))+IF($C160<>1,1,MAX(1,COUNTIF(QCI!$A$13:$A$24,OFFSET($E160,-1,0)))),\"\")","v":""},{"$f":"IF(AND($C160=\"S\",ORÇAMENTO.CodBarra<>\"\"),IF(ORÇAMENTO.Fonte=\"\",ORÇAMENTO.CodBarra,CONCATENATE(ORÇAMENTO.Fonte,\" \",ORÇAMENTO.CodBarra)))","v":"SINAPI 89712"},{"$f":"IF(ISERROR(INDIRECT(ORÇAMENTO.BancoRef)),\"(abra o arquivo 'Referência \"&Excel_BuiltIn_Database&\".xlsm)\",IF(OR($C160<>\"S\",ORÇAMENTO.CodBarra=\"\"),\"(Sem Código)\",IF(ISERROR(MATCH($AE160,INDIRECT(ORÇAMENTO.BancoRef),0)),\"(Código não identificado nas referências)\",MATCH($AE160,INDIRECT(ORÇAMENTO.BancoRef),0))))","v":3536},{"$f":"ROUND(IF(DESONERACAO=\"sim\",REFERENCIA.Desonerado,REFERENCIA.NaoDesonerado),2)","v":31.44},0.2487,null,9.9600000000000009,null,null,391.03,39.26]
["S",3,"S",0,{"$f":"IF($C161=1,OFFSET(E161,-1,0)+MAX(1,COUNTIF(QCI!$A$13:$A$24,OFFSET(ORÇAMENTO!E161,-1,0))),OFFSET(E161,-1,0))","v":1},8,2,0,3,0,{"$f":"IF(OR($C161=\"S\",$C161=0),0,MATCH(OFFSET($D161,0,$C161)+IF($C161<>1,1,COUNTIF(QCI!$A$13:$A$24,ORÇAMENTO!E161)),OFFSET($D161,1,$C161,ROW($C$240)-ROW($C161)),0))","v":0},"F","Serviço","Serviço","1.8.2.3.","SINAPI","89711",{"$f":"IF($C161=\"S\",REFERENCIA.Descricao,\"(digite a descrição aqui)\")","v":"TUBO PVC, SERIE NORMAL, ESGOTO PREDIAL, DN 40 MM, FORNECIDO E INSTALADO EM RAMAL DE DESCARGA OU RAMAL DE ESGOTO SANITÁRIO. AF_08/2022"},{"$f":"REFERENCIA.Unidade","v":"M"},{"$f":"OFFSET(CÁLCULO!H$15,ROW($T161)-ROW(T$15),0)","v":1.8},{"$f":"AG161","v":25.24},"BDI 1",{"$f":"IF($C161=\"S\",ROUND(IF(TIPOORCAMENTO=\"Proposto\",ORÇAMENTO.CustoUnitario*(1+$AH161),ORÇAMENTO.PrecoUnitarioLicitado),15-13*$AF$10),0)","v":31.52},{"$f":"IF($C161=\"S\",IF(Import.TipoArredondamento<>\"TransfereGOV\",VTOTAL1,SUM(OFFSET(CÁLCULO!$AA$15,ROW($X161)-ROW($X$15),1):OFFSET(CÁLCULO!$AL$15,ROW($X161)-ROW($X$15),-1))),IF($C161=0,0,ROUND(SomaAgrup,15-13*$AF$11)))","v":56.74},"RA","RA",{"$f":"IF($C161=\"S\",IF($Z161=\"CP\",$X161,IF($Z161=\"RA\",(($X161)*QCI!$AA$3),0)),SomaAgrup)","v":56.74},0,{"$f":"IF($N161=\"\",\"\",IF(ORÇAMENTO.Descricao=\"\",\"DESCRIÇÃO\",IF(AND($C161=\"S\",ORÇAMENTO.Unidade=\"\"),\"UNIDADE\",IF($X161<0,\"VALOR NEGATIVO\",IF(OR(AND(TIPOORCAMENTO=\"Proposto\",$AG161<>\"\",$AG161>0,ORÇAMENTO.CustoUnitario>$AG161),AND(TIPOORCAMENTO=\"LICITADO\",ORÇAMENTO.PrecoUnitarioLicitado>$AN161)),\"ACIMA REF.\",\"\")))))","v":""},{"$f":"IF(C161<=CRONO.NivelExibicao,MAX($AD$15:OFFSET(AD161,-1,0))+IF($C161<>1,1,MAX(1,COUNTIF(QCI!$A$13:$A$24,OFFSET($E161,-1,0)))),\"\")","v":""},{"$f":"IF(AND($C161=\"S\",ORÇAMENTO.CodBarra<>\"\"),IF(ORÇAMENTO.Fonte=\"\",ORÇAMENTO.CodBarra,CONCATENATE(ORÇAMENTO.Fonte,\" \",ORÇAMENTO.CodBarra)))","v":"SINAPI 89711"},{"$f":"IF(ISERROR(INDIRECT(ORÇAMENTO.BancoRef)),\"(abra o arquivo 'Referência \"&Excel_BuiltIn_Database&\".xlsm)\",IF(OR($C161<>\"S\",ORÇAMENTO.CodBarra=\"\"),\"(Sem Código)\",IF(ISERROR(MATCH($AE161,INDIRECT(ORÇAMENTO.BancoRef),0)),\"(Código não identificado nas referências)\",MATCH($AE161,INDIRECT(ORÇAMENTO.BancoRef),0))))","v":3535},{"$f":"ROUND(IF(DESONERACAO=\"sim\",REFERENCIA.Desonerado,REFERENCIA.NaoDesonerado),2)","v":25.24},0.2487,null,1.8,null,null,56.74,31.52]
["S",3,"S",0,{"$f":"IF($C162=1,OFFSET(E162,-1,0)+MAX(1,COUNTIF(QCI!$A$13:$A$24,OFFSET(ORÇAMENTO!E162,-1,0))),OFFSET(E162,-1,0))","v":1},8,2,0,4,0,{"$f":"IF(OR($C162=\"S\",$C162=0),0,MATCH(OFFSET($D162,0,$C162)+IF($C162<>1,1,COUNTIF(QCI!$A$13:$A$24,ORÇAMENTO!E162)),OFFSET($D162,1,$C162,ROW($C$240)-ROW($C162)),0))","v":0},"F","Serviço","Serviço","1.8.2.4.","SINAPI","89748",{"$f":"IF($C162=\"S\",REFERENCIA.Descricao,\"(digite a descrição aqui)\")","v":"CURVA CURTA 90 GRAUS, PVC, SERIE NORMAL, ESGOTO PREDIAL, DN 100 MM, JUNTA ELÁSTICA, FORNECIDO E INSTALADO EM RAMAL DE DESCARGA OU RAMAL DE ESGOTO SANITÁRIO. AF_08/2022"},{"$f":"REFERENCIA.Unidade","v":"UN"},{"$f":"OFFSET(CÁLCULO!H$15,ROW($T162)-ROW(T$15),0)","v":1},45.26,"BDI 1",{"$f":"IF($C162=\"S\",ROUND(IF(TIPOORCAMENTO=\"Proposto\",ORÇAMENTO.CustoUnitario*(1+$AH162),ORÇAMENTO.PrecoUnitarioLicitado),15-13*$AF$10),0)","v":56.52},{"$f":"IF($C162=\"S\",IF(Import.TipoArredondamento<>\"TransfereGOV\",VTOTAL1,SUM(OFFSET(CÁLCULO!$AA$15,ROW($X162)-ROW($X$15),1):OFFSET(CÁLCULO!$AL$15,ROW($X162)-ROW($X$15),-1))),IF($C162=0,0,ROUND(SomaAgrup,15-13*$AF$11)))","v":56.52},"RA","RA",{"$f":"IF($C162=\"S\",IF($Z162=\"CP\",$X162,IF($Z162=\"RA\",(($X162)*QCI!$AA$3),0)),SomaAgrup)","v":56.52},0,{"$f":"IF($N162=\"\",\"\",IF(ORÇAMENTO.Descricao=\"\",\"DESCRIÇÃO\",IF(AND($C162=\"S\",ORÇAMENTO.Unidade=\"\"),\"UNIDADE\",IF($X162<0,\"VALOR NEGATIVO\",IF(OR(AND(TIPOORCAMENTO=\"Proposto\",$AG162<>\"\",$AG162>0,ORÇAMENTO.CustoUnitario>$AG162),AND(TIPOORCAMENTO=\"LICITADO\",ORÇAMENTO.PrecoUnitarioLicitado>$AN162)),\"ACIMA REF.\",\"\")))))","v":""},{"$f":"IF(C162<=CRONO.NivelExibicao,MAX($AD$15:OFFSET(AD162,-1,0))+IF($C162<>1,1,MAX(1,COUNTIF(QCI!$A$13:$A$24,OFFSET($E162,-1,0)))),\"\")","v":""},{"$f":"IF(AND($C162=\"S\",ORÇAMENTO.CodBarra<>\"\"),IF(ORÇAMENTO.Fonte=\"\",ORÇAMENTO.CodBarra,CONCATENATE(ORÇAMENTO.Fonte,\" \",ORÇAMENTO.CodBarra)))","v":"SINAPI 89748"},{"$f":"IF(ISERROR(INDIRECT(ORÇAMENTO.BancoRef)),\"(abra o arquivo 'Referência \"&Excel_BuiltIn_Database&\".xlsm)\",IF(OR($C162<>\"S\",ORÇAMENTO.CodBarra=\"\"),\"(Sem Código)\",IF(ISERROR(MATCH($AE162,INDIRECT(ORÇAMENTO.BancoRef),0)),\"(Código não identificado nas referências)\",MATCH($AE162,INDIRECT(ORÇAMENTO.BancoRef),0))))","v":4056},{"$f":"ROUND(IF(DESONERACAO=\"sim\",REFERENCIA.Desonerado,REFERENCIA.NaoDesonerado),2)","v":45.26},0.2487,null,1,null,null,56.52,56.52]
["S",3,"S",0,{"$f":"IF($C163=1,OFFSET(E163,-1,0)+MAX(1,COUNTIF(QCI!$A$13:$A$24,OFFSET(ORÇAMENTO!E163,-1,0))),OFFSET(E163,-1,0))","v":1},8,2,0,5,0,{"$f":"IF(OR($C163=\"S\",$C163=0),0,MATCH(OFFSET($D163,0,$C163)+IF($C163<>1,1,COUNTIF(QCI!$A$13:$A$24,ORÇAMENTO!E163)),OFFSET($D163,1,$C163,ROW($C$240)-ROW($C163)),0))","v":0},"F","Serviço","Serviço","1.8.2.5.","SINAPI","89728",{"$f":"IF($C163=\"S\",REFERENCIA.Descricao,\"(digite a descrição aqui)\")","v":"CURVA CURTA 90 GRAUS, PVC, SERIE NORMAL, ESGOTO PREDIAL, DN 40 MM, JUNTA SOLDÁVEL, FORNECIDO E INSTALADO EM RAMAL DE DESCARGA OU RAMAL DE ESGOTO SANITÁRIO. AF_08/2022"},{"$f":"REFERENCIA.Unidade","v":"UN"},{"$f":"OFFSET(CÁLCULO!H$15,ROW($T163)-ROW(T$15),0)","v":3},15.08,"BDI 1",{"$f":"IF($C163=\"S\",ROUND(IF(TIPOORCAMENTO=\"Proposto\",ORÇAMENTO.CustoUnitario*(1+$AH163),ORÇAMENTO.PrecoUnitarioLicitado),15-13*$AF$10),0)","v":18.829999999999998},{"$f":"IF($C163=\"S\",IF(Import.TipoArredondamento<>\"TransfereGOV\",VTOTAL1,SUM(OFFSET(CÁLCULO!$AA$15,ROW($X163)-ROW($X$15),1):OFFSET(CÁLCULO!$AL$15,ROW($X163)-ROW($X$15),-1))),IF($C163=0,0,ROUND(SomaAgrup,15-13*$AF$11)))","v":56.49},"RA","RA",{"$f":"IF($C163=\"S\",IF($Z163=\"CP\",$X163,IF($Z163=\"RA\",(($X163)*QCI!$AA$3),0)),SomaAgrup)","v":56.49},0,{"$f":"IF($N163=\"\",\"\",IF(ORÇAMENTO.Descricao=\"\",\"DESCRIÇÃO\",IF(AND($C163=\"S\",ORÇAMENTO.Unidade=\"\"),\"UNIDADE\",IF($X163<0,\"VALOR NEGATIVO\",IF(OR(AND(TIPOORCAMENTO=\"Proposto\",$AG163<>\"\",$AG163>0,ORÇAMENTO.CustoUnitario>$AG163),AND(TIPOORCAMENTO=\"LICITADO\",ORÇAMENTO.PrecoUnitarioLicitado>$AN163)),\"ACIMA REF.\",\"\")))))","v":""},{"$f":"IF(C163<=CRONO.NivelExibicao,MAX($AD$15:OFFSET(AD163,-1,0))+IF($C163<>1,1,MAX(1,COUNTIF(QCI!$A$13:$A$24,OFFSET($E163,-1,0)))),\"\")","v":""},{"$f":"IF(AND($C163=\"S\",ORÇAMENTO.CodBarra<>\"\"),IF(ORÇAMENTO.Fonte=\"\",ORÇAMENTO.CodBarra,CONCATENATE(ORÇAMENTO.Fonte,\" \",ORÇAMENTO.CodBarra)))","v":"SINAPI 89728"},{"$f":"IF(ISERROR(INDIRECT(ORÇAMENTO.BancoRef)),\"(abra o arquivo 'Referência \"&Excel_BuiltIn_Database&\".xlsm)\",IF(OR($C163<>\"S\",ORÇAMENTO.CodBarra=\"\"),\"(Sem Código)\",IF(ISERROR(MATCH($AE163,INDIRECT(ORÇAMENTO.BancoRef),0)),\"(Código não identificado nas referências)\",MATCH($AE163,INDIRECT(ORÇAMENTO.BancoRef),0))))","v":4037},{"$f":"ROUND(IF(DESONERACAO=\"sim\",REFERENCIA.Desonerado,REFERENCIA.NaoDesonerado),2)","v":15.08},0.2487,null,3,null,null,56.49,18.829999999999998]
[{"$f":"CHOOSE(1+LOG(1+2*(ORÇAMENTO.Nivel=\"Meta\")+4*(ORÇAMENTO.Nivel=\"Nível 2\")+8*(ORÇAMENTO.Nivel=\"Nível 3\")+16*(ORÇAMENTO.Nivel=\"Nível 4\")+32*(ORÇAMENTO.Nivel=\"Serviço\"),2),0,1,2,3,4,\"S\")","v":"S"},{"$f":"IF(OR(C164=\"s\",C164=0),OFFSET(B164,-1,0),C164)","v":3},{"$f":"IF(OFFSET(C164,-1,0)=\"L\",1,IF(OFFSET(C164,-1,0)=1,2,IF(OR(A164=\"s\",A164=0),\"S\",IF(AND(OFFSET(C164,-1,0)=2,A164=4),3,IF(AND(OR(OFFSET(C164,-1,0)=\"s\",OFFSET(C164,-1,0)=0),A164<>\"s\",A164>OFFSET(B164,-1,0)),OFFSET(B164,-1,0),A164)))))","v":"S"},{"$f":"IF(OR(C164=\"S\",C164=0),0,IF(ISERROR(K164),J164,SMALL(J164:K164,1)))","v":0},{"$f":"IF($C164=1,OFFSET(E164,-1,0)+MAX(1,COUNTIF(QCI!$A$13:$A$24,OFFSET(ORÇAMENTO!E164,-1,0))),OFFSET(E164,-1,0))","v":1},{"$f":"IF($C164=1,0,IF($C164=2,OFFSET(F164,-1,0)+1,OFFSET(F164,-1,0)))","v":8},{"$f":"IF(AND($C164<=2,$C164<>0),0,IF($C164=3,OFFSET(G164,-1,0)+1,OFFSET(G164,-1,0)))","v":2},{"$f":"IF(AND($C164<=3,$C164<>0),0,IF($C164=4,OFFSET(H164,-1,0)+1,OFFSET(H164,-1,0)))","v":0},{"$f":"IF(AND($C164<=4,$C164<>0),0,IF(AND($C164=\"S\",$X164>0),OFFSET(I164,-1,0)+1,OFFSET(I164,-1,0)))","v":6},0,{"$f":"IF(OR($C164=\"S\",$C164=0),0,MATCH(OFFSET($D164,0,$C164)+IF($C164<>1,1,COUNTIF(QCI!$A$13:$A$24,ORÇAMENTO!E164)),OFFSET($D164,1,$C164,ROW($C$240)-ROW($C164)),0))","v":0},{"$f":"IF(OR($X164>0,$C164=1,$C164=2,$C164=3,$C164=4),\"F\",\"\")","v":"F"},"Serviço",{"$f":"CHOOSE(1+LOG(1+2*(C164=1)+4*(C164=2)+8*(C164=3)+16*(C164=4)+32*(C164=\"S\"),2),\"\",\"Meta\",\"Nível 2\",\"Nível 3\",\"Nível 4\",\"Serviço\")","v":"Serviço"},{"$f":"IF(OR($C164=0,$L164=\"\"),\"-\",CONCATENATE(E164&\".\",IF(AND($A$5>=2,$C164>=2),F164&\".\",\"\"),IF(AND($A$5>=3,$C164>=3),G164&\".\",\"\"),IF(AND($A$5>=4,$C164>=4),H164&\".\",\"\"),IF($C164=\"S\",I164&\".\",\"\")))","v":"1.8.2.6."},"SINAPI","89731",{"$f":"IF($C164=\"S\",REFERENCIA.Descricao,\"(digite a descrição aqui)\")","v":"JOELHO 90 GRAUS, PVC, SERIE NORMAL, ESGOTO PREDIAL, DN 50 MM, JUNTA ELÁSTICA, FORNECIDO E INSTALADO EM RAMAL DE DESCARGA OU RAMAL DE ESGOTO SANITÁRIO. AF_08/2022"},{"$f":"REFERENCIA.Unidade","v":"UN"},{"$f":"OFFSET(CÁLCULO!H$15,ROW($T164)-ROW(T$15),0)","v":2},16.399999999999999,"BDI 1",{"$f":"IF($C164=\"S\",ROUND(IF(TIPOORCAMENTO=\"Proposto\",ORÇAMENTO.CustoUnitario*(1+$AH164),ORÇAMENTO.PrecoUnitarioLicitado),15-13*$AF$10),0)","v":20.48},{"$f":"IF($C164=\"S\",IF(Import.TipoArredondamento<>\"TransfereGOV\",VTOTAL1,SUM(OFFSET(CÁLCULO!$AA$15,ROW($X164)-ROW($X$15),1):OFFSET(CÁLCULO!$AL$15,ROW($X164)-ROW($X$15),-1))),IF($C164=0,0,ROUND(SomaAgrup,15-13*$AF$11)))","v":40.96},"RA",{"$f":"IF(AND($C164=\"S\",$X164>0),IF(ISBLANK($Y164),\"RA\",LEFT($Y164,2)),\"\")","v":"RA"},{"$f":"IF($C164=\"S\",IF($Z164=\"CP\",$X164,IF($Z164=\"RA\",(($X164)*QCI!$AA$3),0)),SomaAgrup)","v":40.96},{"$f":"IF($C164=\"S\",IF($Z164=\"OU\",ROUND($X164,2),0),SomaAgrup)","v":0},{"$f":"IF($N164=\"\",\"\",IF(ORÇAMENTO.Descricao=\"\",\"DESCRIÇÃO\",IF(AND($C164=\"S\",ORÇAMENTO.Unidade=\"\"),\"UNIDADE\",IF($X164<0,\"VALOR NEGATIVO\",IF(OR(AND(TIPOORCAMENTO=\"Proposto\",$AG164<>\"\",$AG164>0,ORÇAMENTO.CustoUnitario>$AG164),AND(TIPOORCAMENTO=\"LICITADO\",ORÇAMENTO.PrecoUnitarioLicitado>$AN164)),\"ACIMA REF.\",\"\")))))","v":""},{"$f":"IF(C164<=CRONO.NivelExibicao,MAX($AD$15:OFFSET(AD164,-1,0))+IF($C164<>1,1,MAX(1,COUNTIF(QCI!$A$13:$A$24,OFFSET($E164,-1,0)))),\"\")","v":""},{"$f":"IF(AND($C164=\"S\",ORÇAMENTO.CodBarra<>\"\"),IF(ORÇAMENTO.Fonte=\"\",ORÇAMENTO.CodBarra,CONCATENATE(ORÇAMENTO.Fonte,\" \",ORÇAMENTO.CodBarra)))","v":"SINAPI 89731"},{"$f":"IF(ISERROR(INDIRECT(ORÇAMENTO.BancoRef)),\"(abra o arquivo 'Referência \"&Excel_BuiltIn_Database&\".xlsm)\",IF(OR($C164<>\"S\",ORÇAMENTO.CodBarra=\"\"),\"(Sem Código)\",IF(ISERROR(MATCH($AE164,INDIRECT(ORÇAMENTO.BancoRef),0)),\"(Código não identificado nas referências)\",MATCH($AE164,INDIRECT(ORÇAMENTO.BancoRef),0))))","v":4040},{"$f":"ROUND(IF(DESONERACAO=\"sim\",REFERENCIA.Desonerado,REFERENCIA.NaoDesonerado),2)","v":16.399999999999999},{"$f":"ROUND(IF(ISNUMBER(ORÇAMENTO.OpcaoBDI),ORÇAMENTO.OpcaoBDI,IF(LEFT(ORÇAMENTO.OpcaoBDI,3)=\"BDI\",HLOOKUP(ORÇAMENTO.OpcaoBDI,$F$4:$H$5,2,FALSE),0)),15-11*$AF$9)","v":0.2487},null,2,null,null,40.96,{"$f":"ROUND(ORÇAMENTO.CustoUnitario*(1+$AH164),2)","v":20.48}]
["S",3,"S",0,{"$f":"IF($C165=1,OFFSET(E165,-1,0)+MAX(1,COUNTIF(QCI!$A$13:$A$24,OFFSET(ORÇAMENTO!E165,-1,0))),OFFSET(E165,-1,0))","v":1},8,2,0,7,0,{"$f":"IF(OR($C165=\"S\",$C165=0),0,MATCH(OFFSET($D165,0,$C165)+IF($C165<>1,1,COUNTIF(QCI!$A$13:$A$24,ORÇAMENTO!E165)),OFFSET($D165,1,$C165,ROW($C$240)-ROW($C165)),0))","v":0},"F","Serviço","Serviço","1.8.2.7.","SINAPI","89724",{"$f":"IF($C165=\"S\",REFERENCIA.Descricao,\"(digite a descrição aqui)\")","v":"JOELHO 90 GRAUS, PVC, SERIE NORMAL, ESGOTO PREDIAL, DN 40 MM, JUNTA SOLDÁVEL, FORNECIDO E INSTALADO EM RAMAL DE DESCARGA OU RAMAL DE ESGOTO SANITÁRIO. AF_08/2022"},{"$f":"REFERENCIA.Unidade","v":"UN"},{"$f":"OFFSET(CÁLCULO!H$15,ROW($T165)-ROW(T$15),0)","v":3},12.06,"BDI 1",{"$f":"IF($C165=\"S\",ROUND(IF(TIPOORCAMENTO=\"Proposto\",ORÇAMENTO.CustoUnitario*(1+$AH165),ORÇAMENTO.PrecoUnitarioLicitado),15-13*$AF$10),0)","v":15.06},{"$f":"IF($C165=\"S\",IF(Import.TipoArredondamento<>\"TransfereGOV\",VTOTAL1,SUM(OFFSET(CÁLCULO!$AA$15,ROW($X165)-ROW($X$15),1):OFFSET(CÁLCULO!$AL$15,ROW($X165)-ROW($X$15),-1))),IF($C165=0,0,ROUND(SomaAgrup,15-13*$AF$11)))","v":45.18},"RA","RA",{"$f":"IF($C165=\"S\",IF($Z165=\"CP\",$X165,IF($Z165=\"RA\",(($X165)*QCI!$AA$3),0)),SomaAgrup)","v":45.18},0,{"$f":"IF($N165=\"\",\"\",IF(ORÇAMENTO.Descricao=\"\",\"DESCRIÇÃO\",IF(AND($C165=\"S\",ORÇAMENTO.Unidade=\"\"),\"UNIDADE\",IF($X165<0,\"VALOR NEGATIVO\",IF(OR(AND(TIPOORCAMENTO=\"Proposto\",$AG165<>\"\",$AG165>0,ORÇAMENTO.CustoUnitario>$AG165),AND(TIPOORCAMENTO=\"LICITADO\",ORÇAMENTO.PrecoUnitarioLicitado>$AN165)),\"ACIMA REF.\",\"\")))))","v":""},{"$f":"IF(C165<=CRONO.NivelExibicao,MAX($AD$15:OFFSET(AD165,-1,0))+IF($C165<>1,1,MAX(1,COUNTIF(QCI!$A$13:$A$24,OFFSET($E165,-1,0)))),\"\")","v":""},{"$f":"IF(AND($C165=\"S\",ORÇAMENTO.CodBarra<>\"\"),IF(ORÇAMENTO.Fonte=\"\",ORÇAMENTO.CodBarra,CONCATENATE(ORÇAMENTO.Fonte,\" \",ORÇAMENTO.CodBarra)))","v":"SINAPI 89724"},{"$f":"IF(ISERROR(INDIRECT(ORÇAMENTO.BancoRef)),\"(abra o arquivo 'Referência \"&Excel_BuiltIn_Database&\".xlsm)\",IF(OR($C165<>\"S\",ORÇAMENTO.CodBarra=\"\"),\"(Sem Código)\",IF(ISERROR(MATCH($AE165,INDIRECT(ORÇAMENTO.BancoRef),0)),\"(Código não identificado nas referências)\",MATCH($AE165,INDIRECT(ORÇAMENTO.BancoRef),0))))","v":4033},{"$f":"ROUND(IF(DESONERACAO=\"sim\",REFERENCIA.Desonerado,REFERENCIA.NaoDesonerado),2)","v":12.06},0.2487,null,3,null,null,45.18,15.06]
["S",3,"S",0,{"$f":"IF($C166=1,OFFSET(E166,-1,0)+MAX(1,COUNTIF(QCI!$A$13:$A$24,OFFSET(ORÇAMENTO!E166,-1,0))),OFFSET(E166,-1,0))","v":1},8,2,0,8,0,{"$f":"IF(OR($C166=\"S\",$C166=0),0,MATCH(OFFSET($D166,0,$C166)+IF($C166<>1,1,COUNTIF(QCI!$A$13:$A$24,ORÇAMENTO!E166)),OFFSET($D166,1,$C166,ROW($C$240)-ROW($C166)),0))","v":0},"F","Serviço","Serviço","1.8.2.8.","SINAPI","89732",{"$f":"IF($C166=\"S\",REFERENCIA.Descricao,\"(digite a descrição aqui)\")","v":"JOELHO 45 GRAUS, PVC, SERIE NORMAL, ESGOTO PREDIAL, DN 50 MM, JUNTA ELÁSTICA, FORNECIDO E INSTALADO EM RAMAL DE DESCARGA OU RAMAL DE ESGOTO SANITÁRIO. AF_08/2022"},{"$f":"REFERENCIA.Unidade","v":"UN"},{"$f":"OFFSET(CÁLCULO!H$15,ROW($T166)-ROW(T$15),0)","v":5},17.149999999999999,"BDI 1",{"$f":"IF($C166=\"S\",ROUND(IF(TIPOORCAMENTO=\"Proposto\",ORÇAMENTO.CustoUnitario*(1+$AH166),ORÇAMENTO.PrecoUnitarioLicitado),15-13*$AF$10),0)","v":21.42},{"$f":"IF($C166=\"S\",IF(Import.TipoArredondamento<>\"TransfereGOV\",VTOTAL1,SUM(OFFSET(CÁLCULO!$AA$15,ROW($X166)-ROW($X$15),1):OFFSET(CÁLCULO!$AL$15,ROW($X166)-ROW($X$15),-1))),IF($C166=0,0,ROUND(SomaAgrup,15-13*$AF$11)))","v":107.1},"RA","RA",{"$f":"IF($C166=\"S\",IF($Z166=\"CP\",$X166,IF($Z166=\"RA\",(($X166)*QCI!$AA$3),0)),SomaAgrup)","v":107.1},0,{"$f":"IF($N166=\"\",\"\",IF(ORÇAMENTO.Descricao=\"\",\"DESCRIÇÃO\",IF(AND($C166=\"S\",ORÇAMENTO.Unidade=\"\"),\"UNIDADE\",IF($X166<0,\"VALOR NEGATIVO\",IF(OR(AND(TIPOORCAMENTO=\"Proposto\",$AG166<>\"\",$AG166>0,ORÇAMENTO.CustoUnitario>$AG166),AND(TIPOORCAMENTO=\"LICITADO\",ORÇAMENTO.PrecoUnitarioLicitado>$AN166)),\"ACIMA REF.\",\"\")))))","v":""},{"$f":"IF(C166<=CRONO.NivelExibicao,MAX($AD$15:OFFSET(AD166,-1,0))+IF($C166<>1,1,MAX(1,COUNTIF(QCI!$A$13:$A$24,OFFSET($E166,-1,0)))),\"\")","v":""},{"$f":"IF(AND($C166=\"S\",ORÇAMENTO.CodBarra<>\"\"),IF(ORÇAMENTO.Fonte=\"\",ORÇAMENTO.CodBarra,CONCATENATE(ORÇAMENTO.Fonte,\" \",ORÇAMENTO.CodBarra)))","v":"SINAPI 89732"},{"$f":"IF(ISERROR(INDIRECT(ORÇAMENTO.BancoRef)),\"(abra o arquivo 'Referência \"&Excel_BuiltIn_Database&\".xlsm)\",IF(OR($C166<>\"S\",ORÇAMENTO.CodBarra=\"\"),\"(Sem Código)\",IF(ISERROR(MATCH($AE166,INDIRECT(ORÇAMENTO.BancoRef),0)),\"(Código não identificado nas referências)\",MATCH($AE166,INDIRECT(ORÇAMENTO.BancoRef),0))))","v":4041},{"$f":"ROUND(IF(DESONERACAO=\"sim\",REFERENCIA.Desonerado,REFERENCIA.NaoDesonerado),2)","v":17.149999999999999},0.2487,null,5,null,null,107.1,21.42]
["S",3,"S",0,{"$f":"IF($C167=1,OFFSET(E167,-1,0)+MAX(1,COUNTIF(QCI!$A$13:$A$24,OFFSET(ORÇAMENTO!E167,-1,0))),OFFSET(E167,-1,0))","v":1},8,2,0,9,0,{"$f":"IF(OR($C167=\"S\",$C167=0),0,MATCH(OFFSET($D167,0,$C167)+IF($C167<>1,1,COUNTIF(QCI!$A$13:$A$24,ORÇAMENTO!E167)),OFFSET($D167,1,$C167,ROW($C$240)-ROW($C167)),0))","v":0},"F","Serviço","Serviço","1.8.2.9.","SINAPI","104345",{"$f":"IF($C167=\"S\",REFERENCIA.Descricao,\"(digite a descrição aqui)\")","v":"JUNÇÃO DE REDUÇÃO INVERTIDA, PVC, SÉRIE NORMAL, ESGOTO PREDIAL, DN 100 X 50 MM, JUNTA ELÁSTICA, FORNECIDO E INSTALADO EM RAMAL DE DESCARGA OU RAMAL DE ESGOTO SANITÁRIO. AF_08/2022"},{"$f":"REFERENCIA.Unidade","v":"UN"},{"$f":"OFFSET(CÁLCULO!H$15,ROW($T167)-ROW(T$15),0)","v":3},45.69,"BDI 1",{"$f":"IF($C167=\"S\",ROUND(IF(TIPOORCAMENTO=\"Proposto\",ORÇAMENTO.CustoUnitario*(1+$AH167),ORÇAMENTO.PrecoUnitarioLicitado),15-13*$AF$10),0)","v":57.05},{"$f":"IF($C167=\"S\",IF(Import.TipoArredondamento<>\"TransfereGOV\",VTOTAL1,SUM(OFFSET(CÁLCULO!$AA$15,ROW($X167)-ROW($X$15),1):OFFSET(CÁLCULO!$AL$15,ROW($X167)-ROW($X$15),-1))),IF($C167=0,0,ROUND(SomaAgrup,15-13*$AF$11)))","v":171.15},"RA","RA",{"$f":"IF($C167=\"S\",IF($Z167=\"CP\",$X167,IF($Z167=\"RA\",(($X167)*QCI!$AA$3),0)),SomaAgrup)","v":171.15},0,{"$f":"IF($N167=\"\",\"\",IF(ORÇAMENTO.Descricao=\"\",\"DESCRIÇÃO\",IF(AND($C167=\"S\",ORÇAMENTO.Unidade=\"\"),\"UNIDADE\",IF($X167<0,\"VALOR NEGATIVO\",IF(OR(AND(TIPOORCAMENTO=\"Proposto\",$AG167<>\"\",$AG167>0,ORÇAMENTO.CustoUnitario>$AG167),AND(TIPOORCAMENTO=\"LICITADO\",ORÇAMENTO.PrecoUnitarioLicitado>$AN167)),\"ACIMA REF.\",\"\")))))","v":""},{"$f":"IF(C167<=CRONO.NivelExibicao,MAX($AD$15:OFFSET(AD167,-1,0))+IF($C167<>1,1,MAX(1,COUNTIF(QCI!$A$13:$A$24,OFFSET($E167,-1,0)))),\"\")","v":""},{"$f":"IF(AND($C167=\"S\",ORÇAMENTO.CodBarra<>\"\"),IF(ORÇAMENTO.Fonte=\"\",ORÇAMENTO.CodBarra,CONCATENATE(ORÇAMENTO.Fonte,\" \",ORÇAMENTO.CodBarra)))","v":"SINAPI 104345"},{"$f":"IF(ISERROR(INDIRECT(ORÇAMENTO.BancoRef)),\"(abra o arquivo 'Referência \"&Excel_BuiltIn_Database&\".xlsm)\",IF(OR($C167<>\"S\",ORÇAMENTO.CodBarra=\"\"),\"(Sem Código)\",IF(ISERROR(MATCH($AE167,INDIRECT(ORÇAMENTO.BancoRef),0)),\"(Código não identificado nas referências)\",MATCH($AE167,INDIRECT(ORÇAMENTO.BancoRef),0))))","v":5021},{"$f":"ROUND(IF(DESONERACAO=\"sim\",REFERENCIA.Desonerado,REFERENCIA.NaoDesonerado),2)","v":45.69},0.2487,null,3,null,null,171.15,57.05]
["S",3,"S",0,{"$f":"IF($C168=1,OFFSET(E168,-1,0)+MAX(1,COUNTIF(QCI!$A$13:$A$24,OFFSET(ORÇAMENTO!E168,-1,0))),OFFSET(E168,-1,0))","v":1},8,2,0,10,0,{"$f":"IF(OR($C168=\"S\",$C168=0),0,MATCH(OFFSET($D168,0,$C168)+IF($C168<>1,1,COUNTIF(QCI!$A$13:$A$24,ORÇAMENTO!E168)),OFFSET($D168,1,$C168,ROW($C$240)-ROW($C168)),0))","v":0},"F","Serviço","Serviço","1.8.2.10.","SINAPI","104347",{"$f":"IF($C168=\"S\",REFERENCIA.Descricao,\"(digite a descrição aqui)\")","v":"JUNÇÃO DE REDUCAO INVERTIDA, PVC, SÉRIE NORMAL, ESGOTO PREDIAL, DN 100 X 75 MM, JUNTA ELÁSTICA, FORNECIDO E INSTALADO EM RAMAL DE DESCARGA OU RAMAL DE ESGOTO SANITÁRIO. AF_08/2022"},{"$f":"REFERENCIA.Unidade","v":"UN"},{"$f":"OFFSET(CÁLCULO!H$15,ROW($T168)-ROW(T$15),0)","v":1},50.81,"BDI 1",{"$f":"IF($C168=\"S\",ROUND(IF(TIPOORCAMENTO=\"Proposto\",ORÇAMENTO.CustoUnitario*(1+$AH168),ORÇAMENTO.PrecoUnitarioLicitado),15-13*$AF$10),0)","v":63.45},{"$f":"IF($C168=\"S\",IF(Import.TipoArredondamento<>\"TransfereGOV\",VTOTAL1,SUM(OFFSET(CÁLCULO!$AA$15,ROW($X168)-ROW($X$15),1):OFFSET(CÁLCULO!$AL$15,ROW($X168)-ROW($X$15),-1))),IF($C168=0,0,ROUND(SomaAgrup,15-13*$AF$11)))","v":63.45},"RA","RA",{"$f":"IF($C168=\"S\",IF($Z168=\"CP\",$X168,IF($Z168=\"RA\",(($X168)*QCI!$AA$3),0)),SomaAgrup)","v":63.45},0,{"$f":"IF($N168=\"\",\"\",IF(ORÇAMENTO.Descricao=\"\",\"DESCRIÇÃO\",IF(AND($C168=\"S\",ORÇAMENTO.Unidade=\"\"),\"UNIDADE\",IF($X168<0,\"VALOR NEGATIVO\",IF(OR(AND(TIPOORCAMENTO=\"Proposto\",$AG168<>\"\",$AG168>0,ORÇAMENTO.CustoUnitario>$AG168),AND(TIPOORCAMENTO=\"LICITADO\",ORÇAMENTO.PrecoUnitarioLicitado>$AN168)),\"ACIMA REF.\",\"\")))))","v":""},{"$f":"IF(C168<=CRONO.NivelExibicao,MAX($AD$15:OFFSET(AD168,-1,0))+IF($C168<>1,1,MAX(1,COUNTIF(QCI!$A$13:$A$24,OFFSET($E168,-1,0)))),\"\")","v":""},{"$f":"IF(AND($C168=\"S\",ORÇAMENTO.CodBarra<>\"\"),IF(ORÇAMENTO.Fonte=\"\",ORÇAMENTO.CodBarra,CONCATENATE(ORÇAMENTO.Fonte,\" \",ORÇAMENTO.CodBarra)))","v":"SINAPI 104347"},{"$f":"IF(ISERROR(INDIRECT(ORÇAMENTO.BancoRef)),\"(abra o arquivo 'Referência \"&Excel_BuiltIn_Database&\".xlsm)\",IF(OR($C168<>\"S\",ORÇAMENTO.CodBarra=\"\"),\"(Sem Código)\",IF(ISERROR(MATCH($AE168,INDIRECT(ORÇAMENTO.BancoRef),0)),\"(Código não identificado nas referências)\",MATCH($AE168,INDIRECT(ORÇAMENTO.BancoRef),0))))","v":5023},{"$f":"ROUND(IF(DESONERACAO=\"sim\",REFERENCIA.Desonerado,REFERENCIA.NaoDesonerado),2)","v":50.81},0.2487,null,1,null,null,63.45,63.45]
["S",3,"S",0,{"$f":"IF($C169=1,OFFSET(E169,-1,0)+MAX(1,COUNTIF(QCI!$A$13:$A$24,OFFSET(ORÇAMENTO!E169,-1,0))),OFFSET(E169,-1,0))","v":1},8,2,0,11,0,{"$f":"IF(OR($C169=\"S\",$C169=0),0,MATCH(OFFSET($D169,0,$C169)+IF($C169<>1,1,COUNTIF(QCI!$A$13:$A$24,ORÇAMENTO!E169)),OFFSET($D169,1,$C169,ROW($C$240)-ROW($C169)),0))","v":0},"F","Serviço","Serviço","1.8.2.11.","SINAPI","89778",{"$f":"IF($C169=\"S\",REFERENCIA.Descricao,\"(digite a descrição aqui)\")","v":"LUVA SIMPLES, PVC, SERIE NORMAL, ESGOTO PREDIAL, DN 100 MM, JUNTA ELÁSTICA, FORNECIDO E INSTALADO EM RAMAL DE DESCARGA OU RAMAL DE ESGOTO SANITÁRIO. AF_08/2022"},{"$f":"REFERENCIA.Unidade","v":"UN"},{"$f":"OFFSET(CÁLCULO!H$15,ROW($T169)-ROW(T$15),0)","v":6},20.010000000000002,"BDI 1",{"$f":"IF($C169=\"S\",ROUND(IF(TIPOORCAMENTO=\"Proposto\",ORÇAMENTO.CustoUnitario*(1+$AH169),ORÇAMENTO.PrecoUnitarioLicitado),15-13*$AF$10),0)","v":24.99},{"$f":"IF($C169=\"S\",IF(Import.TipoArredondamento<>\"TransfereGOV\",VTOTAL1,SUM(OFFSET(CÁLCULO!$AA$15,ROW($X169)-ROW($X$15),1):OFFSET(CÁLCULO!$AL$15,ROW($X169)-ROW($X$15),-1))),IF($C169=0,0,ROUND(SomaAgrup,15-13*$AF$11)))","v":149.94},"RA","RA",{"$f":"IF($C169=\"S\",IF($Z169=\"CP\",$X169,IF($Z169=\"RA\",(($X169)*QCI!$AA$3),0)),SomaAgrup)","v":149.94},0,{"$f":"IF($N169=\"\",\"\",IF(ORÇAMENTO.Descricao=\"\",\"DESCRIÇÃO\",IF(AND($C169=\"S\",ORÇAMENTO.Unidade=\"\"),\"UNIDADE\",IF($X169<0,\"VALOR NEGATIVO\",IF(OR(AND(TIPOORCAMENTO=\"Proposto\",$AG169<>\"\",$AG169>0,ORÇAMENTO.CustoUnitario>$AG169),AND(TIPOORCAMENTO=\"LICITADO\",ORÇAMENTO.PrecoUnitarioLicitado>$AN169)),\"ACIMA REF.\",\"\")))))","v":""},{"$f":"IF(C169<=CRONO.NivelExibicao,MAX($AD$15:OFFSET(AD169,-1,0))+IF($C169<>1,1,MAX(1,COUNTIF(QCI!$A$13:$A$24,OFFSET($E169,-1,0)))),\"\")","v":""},{"$f":"IF(AND($C169=\"S\",ORÇAMENTO.CodBarra<>\"\"),IF(ORÇAMENTO.Fonte=\"\",ORÇAMENTO.CodBarra,CONCATENATE(ORÇAMENTO.Fonte,\" \",ORÇAMENTO.CodBarra)))","v":"SINAPI 89778"},{"$f":"IF(ISERROR(INDIRECT(ORÇAMENTO.BancoRef)),\"(abra o arquivo 'Referência \"&Excel_BuiltIn_Database&\".xlsm)\",IF(OR($C169<>\"S\",ORÇAMENTO.CodBarra=\"\"),\"(Sem Código)\",IF(ISERROR(MATCH($AE169,INDIRECT(ORÇAMENTO.BancoRef),0)),\"(Código não identificado nas referências)\",MATCH($AE169,INDIRECT(ORÇAMENTO.BancoRef),0))))","v":4080},{"$f":"ROUND(IF(DESONERACAO=\"sim\",REFERENCIA.Desonerado,REFERENCIA.NaoDesonerado),2)","v":20.010000000000002},0.2487,null,6,null,null,149.94,24.99]
["S",3,"S",0,{"$f":"IF($C170=1,OFFSET(E170,-1,0)+MAX(1,COUNTIF(QCI!$A$13:$A$24,OFFSET(ORÇAMENTO!E170,-1,0))),OFFSET(E170,-1,0))","v":1},8,2,0,12,0,{"$f":"IF(OR($C170=\"S\",$C170=0),0,MATCH(OFFSET($D170,0,$C170)+IF($C170<>1,1,COUNTIF(QCI!$A$13:$A$24,ORÇAMENTO!E170)),OFFSET($D170,1,$C170,ROW($C$240)-ROW($C170)),0))","v":0},"F","Serviço","Serviço","1.8.2.12.","SINAPI","89753",{"$f":"IF($C170=\"S\",REFERENCIA.Descricao,\"(digite a descrição aqui)\")","v":"LUVA SIMPLES, PVC, SERIE NORMAL, ESGOTO PREDIAL, DN 50 MM, JUNTA ELÁSTICA, FORNECIDO E INSTALADO EM RAMAL DE DESCARGA OU RAMAL DE ESGOTO SANITÁRIO. AF_08/2022"},{"$f":"REFERENCIA.Unidade","v":"UN"},{"$f":"OFFSET(CÁLCULO!H$15,ROW($T170)-ROW(T$15),0)","v":10},10.67,"BDI 1",{"$f":"IF($C170=\"S\",ROUND(IF(TIPOORCAMENTO=\"Proposto\",ORÇAMENTO.CustoUnitario*(1+$AH170),ORÇAMENTO.PrecoUnitarioLicitado),15-13*$AF$10),0)","v":13.32},{"$f":"IF($C170=\"S\",IF(Import.TipoArredondamento<>\"TransfereGOV\",VTOTAL1,SUM(OFFSET(CÁLCULO!$AA$15,ROW($X170)-ROW($X$15),1):OFFSET(CÁLCULO!$AL$15,ROW($X170)-ROW($X$15),-1))),IF($C170=0,0,ROUND(SomaAgrup,15-13*$AF$11)))","v":133.19999999999999},"RA","RA",{"$f":"IF($C170=\"S\",IF($Z170=\"CP\",$X170,IF($Z170=\"RA\",(($X170)*QCI!$AA$3),0)),SomaAgrup)","v":133.19999999999999},0,{"$f":"IF($N170=\"\",\"\",IF(ORÇAMENTO.Descricao=\"\",\"DESCRIÇÃO\",IF(AND($C170=\"S\",ORÇAMENTO.Unidade=\"\"),\"UNIDADE\",IF($X170<0,\"VALOR NEGATIVO\",IF(OR(AND(TIPOORCAMENTO=\"Proposto\",$AG170<>\"\",$AG170>0,ORÇAMENTO.CustoUnitario>$AG170),AND(TIPOORCAMENTO=\"LICITADO\",ORÇAMENTO.PrecoUnitarioLicitado>$AN170)),\"ACIMA REF.\",\"\")))))","v":""},{"$f":"IF(C170<=CRONO.NivelExibicao,MAX($AD$15:OFFSET(AD170,-1,0))+IF($C170<>1,1,MAX(1,COUNTIF(QCI!$A$13:$A$24,OFFSET($E170,-1,0)))),\"\")","v":""},{"$f":"IF(AND($C170=\"S\",ORÇAMENTO.CodBarra<>\"\"),IF(ORÇAMENTO.Fonte=\"\",ORÇAMENTO.CodBarra,CONCATENATE(ORÇAMENTO.Fonte,\" \",ORÇAMENTO.CodBarra)))","v":"SINAPI 89753"},{"$f":"IF(ISERROR(INDIRECT(ORÇAMENTO.BancoRef)),\"(abra o arquivo 'Referência \"&Excel_BuiltIn_Database&\".xlsm)\",IF(OR($C170<>\"S\",ORÇAMENTO.CodBarra=\"\"),\"(Sem Código)\",IF(ISERROR(MATCH($AE170,INDIRECT(ORÇAMENTO.BancoRef),0)),\"(Código não identificado nas referências)\",MATCH($AE170,INDIRECT(ORÇAMENTO.BancoRef),0))))","v":4060},{"$f":"ROUND(IF(DESONERACAO=\"sim\",REFERENCIA.Desonerado,REFERENCIA.NaoDesonerado),2)","v":10.67},0.2487,null,10,null,null,133.19999999999999,13.32]
["S",3,"S",0,{"$f":"IF($C171=1,OFFSET(E171,-1,0)+MAX(1,COUNTIF(QCI!$A$13:$A$24,OFFSET(ORÇAMENTO!E171,-1,0))),OFFSET(E171,-1,0))","v":1},8,2,0,13,0,{"$f":"IF(OR($C171=\"S\",$C171=0),0,MATCH(OFFSET($D171,0,$C171)+IF($C171<>1,1,COUNTIF(QCI!$A$13:$A$24,ORÇAMENTO!E171)),OFFSET($D171,1,$C171,ROW($C$240)-ROW($C171)),0))","v":0},"F","Serviço","Serviço","1.8.2.13.","SINAPI","104328",{"$f":"IF($C171=\"S\",REFERENCIA.Descricao,\"(digite a descrição aqui)\")","v":"CAIXA SIFONADA, COM GRELHA QUADRADA, PVC, DN 150 X 150 X 50 MM, JUNTA SOLDÁVEL, FORNECIDA E INSTALADA EM RAMAL DE DESCARGA OU EM RAMAL DE ESGOTO SANITÁRIO. AF_08/2022"},{"$f":"REFERENCIA.Unidade","v":"UN"},{"$f":"OFFSET(CÁLCULO!H$15,ROW($T171)-ROW(T$15),0)","v":4},76.010000000000005,"BDI 1",{"$f":"IF($C171=\"S\",ROUND(IF(TIPOORCAMENTO=\"Proposto\",ORÇAMENTO.CustoUnitario*(1+$AH171),ORÇAMENTO.PrecoUnitarioLicitado),15-13*$AF$10),0)","v":94.91},{"$f":"IF($C171=\"S\",IF(Import.TipoArredondamento<>\"TransfereGOV\",VTOTAL1,SUM(OFFSET(CÁLCULO!$AA$15,ROW($X171)-ROW($X$15),1):OFFSET(CÁLCULO!$AL$15,ROW($X171)-ROW($X$15),-1))),IF($C171=0,0,ROUND(SomaAgrup,15-13*$AF$11)))","v":379.64},"RA","RA",{"$f":"IF($C171=\"S\",IF($Z171=\"CP\",$X171,IF($Z171=\"RA\",(($X171)*QCI!$AA$3),0)),SomaAgrup)","v":379.64},0,{"$f":"IF($N171=\"\",\"\",IF(ORÇAMENTO.Descricao=\"\",\"DESCRIÇÃO\",IF(AND($C171=\"S\",ORÇAMENTO.Unidade=\"\"),\"UNIDADE\",IF($X171<0,\"VALOR NEGATIVO\",IF(OR(AND(TIPOORCAMENTO=\"Proposto\",$AG171<>\"\",$AG171>0,ORÇAMENTO.CustoUnitario>$AG171),AND(TIPOORCAMENTO=\"LICITADO\",ORÇAMENTO.PrecoUnitarioLicitado>$AN171)),\"ACIMA REF.\",\"\")))))","v":""},{"$f":"IF(C171<=CRONO.NivelExibicao,MAX($AD$15:OFFSET(AD171,-1,0))+IF($C171<>1,1,MAX(1,COUNTIF(QCI!$A$13:$A$24,OFFSET($E171,-1,0)))),\"\")","v":""},{"$f":"IF(AND($C171=\"S\",ORÇAMENTO.CodBarra<>\"\"),IF(ORÇAMENTO.Fonte=\"\",ORÇAMENTO.CodBarra,CONCATENATE(ORÇAMENTO.Fonte,\" \",ORÇAMENTO.CodBarra)))","v":"SINAPI 104328"},{"$f":"IF(ISERROR(INDIRECT(ORÇAMENTO.BancoRef)),\"(abra o arquivo 'Referência \"&Excel_BuiltIn_Database&\".xlsm)\",IF(OR($C171<>\"S\",ORÇAMENTO.CodBarra=\"\"),\"(Sem Código)\",IF(ISERROR(MATCH($AE171,INDIRECT(ORÇAMENTO.BancoRef),0)),\"(Código não identificado nas referências)\",MATCH($AE171,INDIRECT(ORÇAMENTO.BancoRef),0))))","v":5115},{"$f":"ROUND(IF(DESONERACAO=\"sim\",REFERENCIA.Desonerado,REFERENCIA.NaoDesonerado),2)","v":76.010000000000005},0.2487,null,4,null,null,379.64,94.91]
["S",3,"S",0,{"$f":"IF($C172=1,OFFSET(E172,-1,0)+MAX(1,COUNTIF(QCI!$A$13:$A$24,OFFSET(ORÇAMENTO!E172,-1,0))),OFFSET(E172,-1,0))","v":1},8,2,0,14,0,{"$f":"IF(OR($C172=\"S\",$C172=0),0,MATCH(OFFSET($D172,0,$C172)+IF($C172<>1,1,COUNTIF(QCI!$A$13:$A$24,ORÇAMENTO!E172)),OFFSET($D172,1,$C172,ROW($C$240)-ROW($C172)),0))","v":0},"F","Serviço","Serviço","1.8.2.14.","SINAPI","98110",{"$f":"IF($C172=\"S\",REFERENCIA.Descricao,\"(digite a descrição aqui)\")","v":"CAIXA DE GORDURA PEQUENA (CAPACIDADE: 19 L), CIRCULAR, EM PVC, DIÂMETRO INTERNO= 0,3 M. AF_12/2020"},{"$f":"REFERENCIA.Unidade","v":"UN"},{"$f":"OFFSET(CÁLCULO!H$15,ROW($T172)-ROW(T$15),0)","v":1},390.54,"BDI 1",{"$f":"IF($C172=\"S\",ROUND(IF(TIPOORCAMENTO=\"Proposto\",ORÇAMENTO.CustoUnitario*(1+$AH172),ORÇAMENTO.PrecoUnitarioLicitado),15-13*$AF$10),0)","v":487.67},{"$f":"IF($C172=\"S\",IF(Import.TipoArredondamento<>\"TransfereGOV\",VTOTAL1,SUM(OFFSET(CÁLCULO!$AA$15,ROW($X172)-ROW($X$15),1):OFFSET(CÁLCULO!$AL$15,ROW($X172)-ROW($X$15),-1))),IF($C172=0,0,ROUND(SomaAgrup,15-13*$AF$11)))","v":487.67},"RA","RA",{"$f":"IF($C172=\"S\",IF($Z172=\"CP\",$X172,IF($Z172=\"RA\",(($X172)*QCI!$AA$3),0)),SomaAgrup)","v":487.67},0,{"$f":"IF($N172=\"\",\"\",IF(ORÇAMENTO.Descricao=\"\",\"DESCRIÇÃO\",IF(AND($C172=\"S\",ORÇAMENTO.Unidade=\"\"),\"UNIDADE\",IF($X172<0,\"VALOR NEGATIVO\",IF(OR(AND(TIPOORCAMENTO=\"Proposto\",$AG172<>\"\",$AG172>0,ORÇAMENTO.CustoUnitario>$AG172),AND(TIPOORCAMENTO=\"LICITADO\",ORÇAMENTO.PrecoUnitarioLicitado>$AN172)),\"ACIMA REF.\",\"\")))))","v":""},{"$f":"IF(C172<=CRONO.NivelExibicao,MAX($AD$15:OFFSET(AD172,-1,0))+IF($C172<>1,1,MAX(1,COUNTIF(QCI!$A$13:$A$24,OFFSET($E172,-1,0)))),\"\")","v":""},{"$f":"IF(AND($C172=\"S\",ORÇAMENTO.CodBarra<>\"\"),IF(ORÇAMENTO.Fonte=\"\",ORÇAMENTO.CodBarra,CONCATENATE(ORÇAMENTO.Fonte,\" \",ORÇAMENTO.CodBarra)))","v":"SINAPI 98110"},{"$f":"IF(ISERROR(INDIRECT(ORÇAMENTO.BancoRef)),\"(abra o arquivo 'Referência \"&Excel_BuiltIn_Database&\".xlsm)\",IF(OR($C172<>\"S\",ORÇAMENTO.CodBarra=\"\"),\"(Sem Código)\",IF(ISERROR(MATCH($AE172,INDIRECT(ORÇAMENTO.BancoRef),0)),\"(Código não identificado nas referências)\",MATCH($AE172,INDIRECT(ORÇAMENTO.BancoRef),0))))","v":5266},{"$f":"ROUND(IF(DESONERACAO=\"sim\",REFERENCIA.Desonerado,REFERENCIA.NaoDesonerado),2)","v":390.54},0.2487,null,1,null,null,487.67,487.67]
["S",3,"S",0,{"$f":"IF($C173=1,OFFSET(E173,-1,0)+MAX(1,COUNTIF(QCI!$A$13:$A$24,OFFSET(ORÇAMENTO!E173,-1,0))),OFFSET(E173,-1,0))","v":1},8,2,0,14,0,{"$f":"IF(OR($C173=\"S\",$C173=0),0,MATCH(OFFSET($D173,0,$C173)+IF($C173<>1,1,COUNTIF(QCI!$A$13:$A$24,ORÇAMENTO!E173)),OFFSET($D173,1,$C173,ROW($C$240)-ROW($C173)),0))","v":0},"","Serviço","Serviço","-","SINAPI",null,{"$f":"IF($C173=\"S\",REFERENCIA.Descricao,\"(digite a descrição aqui)\")","v":"(Sem Código)"},{"$f":"REFERENCIA.Unidade","v":"-"},{"$f":"OFFSET(CÁLCULO!H$15,ROW($T173)-ROW(T$15),0)","v":0},0,"BDI 1",{"$f":"IF($C173=\"S\",ROUND(IF(TIPOORCAMENTO=\"Proposto\",ORÇAMENTO.CustoUnitario*(1+$AH173),ORÇAMENTO.PrecoUnitarioLicitado),15-13*$AF$10),0)","v":0},{"$f":"IF($C173=\"S\",IF(Import.TipoArredondamento<>\"TransfereGOV\",VTOTAL1,SUM(OFFSET(CÁLCULO!$AA$15,ROW($X173)-ROW($X$15),1):OFFSET(CÁLCULO!$AL$15,ROW($X173)-ROW($X$15),-1))),IF($C173=0,0,ROUND(SomaAgrup,15-13*$AF$11)))","v":0},"RA","",{"$f":"IF($C173=\"S\",IF($Z173=\"CP\",$X173,IF($Z173=\"RA\",(($X173)*QCI!$AA$3),0)),SomaAgrup)","v":0},0,{"$f":"IF($N173=\"\",\"\",IF(ORÇAMENTO.Descricao=\"\",\"DESCRIÇÃO\",IF(AND($C173=\"S\",ORÇAMENTO.Unidade=\"\"),\"UNIDADE\",IF($X173<0,\"VALOR NEGATIVO\",IF(OR(AND(TIPOORCAMENTO=\"Proposto\",$AG173<>\"\",$AG173>0,ORÇAMENTO.CustoUnitario>$AG173),AND(TIPOORCAMENTO=\"LICITADO\",ORÇAMENTO.PrecoUnitarioLicitado>$AN173)),\"ACIMA REF.\",\"\")))))","v":""},{"$f":"IF(C173<=CRONO.NivelExibicao,MAX($AD$15:OFFSET(AD173,-1,0))+IF($C173<>1,1,MAX(1,COUNTIF(QCI!$A$13:$A$24,OFFSET($E173,-1,0)))),\"\")","v":""},{"$f":"IF(AND($C173=\"S\",ORÇAMENTO.CodBarra<>\"\"),IF(ORÇAMENTO.Fonte=\"\",ORÇAMENTO.CodBarra,CONCATENATE(ORÇAMENTO.Fonte,\" \",ORÇAMENTO.CodBarra)))","v":false},{"$f":"IF(ISERROR(INDIRECT(ORÇAMENTO.BancoRef)),\"(abra o arquivo 'Referência \"&Excel_BuiltIn_Database&\".xlsm)\",IF(OR($C173<>\"S\",ORÇAMENTO.CodBarra=\"\"),\"(Sem Código)\",IF(ISERROR(MATCH($AE173,INDIRECT(ORÇAMENTO.BancoRef),0)),\"(Código não identificado nas referências)\",MATCH($AE173,INDIRECT(ORÇAMENTO.BancoRef),0))))","v":"(Sem Código)"},{"$f":"ROUND(IF(DESONERACAO=\"sim\",REFERENCIA.Desonerado,REFERENCIA.NaoDesonerado),2)","v":0},0.2487,null,null,null,null,0,0]
["S",3,"S",0,{"$f":"IF($C174=1,OFFSET(E174,-1,0)+MAX(1,COUNTIF(QCI!$A$13:$A$24,OFFSET(ORÇAMENTO!E174,-1,0))),OFFSET(E174,-1,0))","v":1},8,2,0,14,0,{"$f":"IF(OR($C174=\"S\",$C174=0),0,MATCH(OFFSET($D174,0,$C174)+IF($C174<>1,1,COUNTIF(QCI!$A$13:$A$24,ORÇAMENTO!E174)),OFFSET($D174,1,$C174,ROW($C$240)-ROW($C174)),0))","v":0},"","Serviço","Serviço","-","SINAPI",null,{"$f":"IF($C174=\"S\",REFERENCIA.Descricao,\"(digite a descrição aqui)\")","v":"(Sem Código)"},{"$f":"REFERENCIA.Unidade","v":"-"},{"$f":"OFFSET(CÁLCULO!H$15,ROW($T174)-ROW(T$15),0)","v":0},0,"BDI 1",{"$f":"IF($C174=\"S\",ROUND(IF(TIPOORCAMENTO=\"Proposto\",ORÇAMENTO.CustoUnitario*(1+$AH174),ORÇAMENTO.PrecoUnitarioLicitado),15-13*$AF$10),0)","v":0},{"$f":"IF($C174=\"S\",IF(Import.TipoArredondamento<>\"TransfereGOV\",VTOTAL1,SUM(OFFSET(CÁLCULO!$AA$15,ROW($X174)-ROW($X$15),1):OFFSET(CÁLCULO!$AL$15,ROW($X174)-ROW($X$15),-1))),IF($C174=0,0,ROUND(SomaAgrup,15-13*$AF$11)))","v":0},"RA","",{"$f":"IF($C174=\"S\",IF($Z174=\"CP\",$X174,IF($Z174=\"RA\",(($X174)*QCI!$AA$3),0)),SomaAgrup)","v":0},0,{"$f":"IF($N174=\"\",\"\",IF(ORÇAMENTO.Descricao=\"\",\"DESCRIÇÃO\",IF(AND($C174=\"S\",ORÇAMENTO.Unidade=\"\"),\"UNIDADE\",IF($X174<0,\"VALOR NEGATIVO\",IF(OR(AND(TIPOORCAMENTO=\"Proposto\",$AG174<>\"\",$AG174>0,ORÇAMENTO.CustoUnitario>$AG174),AND(TIPOORCAMENTO=\"LICITADO\",ORÇAMENTO.PrecoUnitarioLicitado>$AN174)),\"ACIMA REF.\",\"\")))))","v":""},{"$f":"IF(C174<=CRONO.NivelExibicao,MAX($AD$15:OFFSET(AD174,-1,0))+IF($C174<>1,1,MAX(1,COUNTIF(QCI!$A$13:$A$24,OFFSET($E174,-1,0)))),\"\")","v":""},{"$f":"IF(AND($C174=\"S\",ORÇAMENTO.CodBarra<>\"\"),IF(ORÇAMENTO.Fonte=\"\",ORÇAMENTO.CodBarra,CONCATENATE(ORÇAMENTO.Fonte,\" \",ORÇAMENTO.CodBarra)))","v":false},{"$f":"IF(ISERROR(INDIRECT(ORÇAMENTO.BancoRef)),\"(abra o arquivo 'Referência \"&Excel_BuiltIn_Database&\".xlsm)\",IF(OR($C174<>\"S\",ORÇAMENTO.CodBarra=\"\"),\"(Sem Código)\",IF(ISERROR(MATCH($AE174,INDIRECT(ORÇAMENTO.BancoRef),0)),\"(Código não identificado nas referências)\",MATCH($AE174,INDIRECT(ORÇAMENTO.BancoRef),0))))","v":"(Sem Código)"},{"$f":"ROUND(IF(DESONERACAO=\"sim\",REFERENCIA.Desonerado,REFERENCIA.NaoDesonerado),2)","v":0},0.2487,null,null,null,null,0,0]
["S",3,"S",0,{"$f":"IF($C175=1,OFFSET(E175,-1,0)+MAX(1,COUNTIF(QCI!$A$13:$A$24,OFFSET(ORÇAMENTO!E175,-1,0))),OFFSET(E175,-1,0))","v":1},8,2,0,14,0,{"$f":"IF(OR($C175=\"S\",$C175=0),0,MATCH(OFFSET($D175,0,$C175)+IF($C175<>1,1,COUNTIF(QCI!$A$13:$A$24,ORÇAMENTO!E175)),OFFSET($D175,1,$C175,ROW($C$240)-ROW($C175)),0))","v":0},"","Serviço","Serviço","-","SINAPI",null,{"$f":"IF($C175=\"S\",REFERENCIA.Descricao,\"(digite a descrição aqui)\")","v":"(Sem Código)"},{"$f":"REFERENCIA.Unidade","v":"-"},{"$f":"OFFSET(CÁLCULO!H$15,ROW($T175)-ROW(T$15),0)","v":0},0,"BDI 1",{"$f":"IF($C175=\"S\",ROUND(IF(TIPOORCAMENTO=\"Proposto\",ORÇAMENTO.CustoUnitario*(1+$AH175),ORÇAMENTO.PrecoUnitarioLicitado),15-13*$AF$10),0)","v":0},{"$f":"IF($C175=\"S\",IF(Import.TipoArredondamento<>\"TransfereGOV\",VTOTAL1,SUM(OFFSET(CÁLCULO!$AA$15,ROW($X175)-ROW($X$15),1):OFFSET(CÁLCULO!$AL$15,ROW($X175)-ROW($X$15),-1))),IF($C175=0,0,ROUND(SomaAgrup,15-13*$AF$11)))","v":0},"RA","",{"$f":"IF($C175=\"S\",IF($Z175=\"CP\",$X175,IF($Z175=\"RA\",(($X175)*QCI!$AA$3),0)),SomaAgrup)","v":0},0,{"$f":"IF($N175=\"\",\"\",IF(ORÇAMENTO.Descricao=\"\",\"DESCRIÇÃO\",IF(AND($C175=\"S\",ORÇAMENTO.Unidade=\"\"),\"UNIDADE\",IF($X175<0,\"VALOR NEGATIVO\",IF(OR(AND(TIPOORCAMENTO=\"Proposto\",$AG175<>\"\",$AG175>0,ORÇAMENTO.CustoUnitario>$AG175),AND(TIPOORCAMENTO=\"LICITADO\",ORÇAMENTO.PrecoUnitarioLicitado>$AN175)),\"ACIMA REF.\",\"\")))))","v":""},{"$f":"IF(C175<=CRONO.NivelExibicao,MAX($AD$15:OFFSET(AD175,-1,0))+IF($C175<>1,1,MAX(1,COUNTIF(QCI!$A$13:$A$24,OFFSET($E175,-1,0)))),\"\")","v":""},{"$f":"IF(AND($C175=\"S\",ORÇAMENTO.CodBarra<>\"\"),IF(ORÇAMENTO.Fonte=\"\",ORÇAMENTO.CodBarra,CONCATENATE(ORÇAMENTO.Fonte,\" \",ORÇAMENTO.CodBarra)))","v":false},{"$f":"IF(ISERROR(INDIRECT(ORÇAMENTO.BancoRef)),\"(abra o arquivo 'Referência \"&Excel_BuiltIn_Database&\".xlsm)\",IF(OR($C175<>\"S\",ORÇAMENTO.CodBarra=\"\"),\"(Sem Código)\",IF(ISERROR(MATCH($AE175,INDIRECT(ORÇAMENTO.BancoRef),0)),\"(Código não identificado nas referências)\",MATCH($AE175,INDIRECT(ORÇAMENTO.BancoRef),0))))","v":"(Sem Código)"},{"$f":"ROUND(IF(DESONERACAO=\"sim\",REFERENCIA.Desonerado,REFERENCIA.NaoDesonerado),2)","v":0},0.2487,null,null,null,null,0,0]
[2,2,2,12,{"$f":"IF($C176=1,OFFSET(E176,-1,0)+MAX(1,COUNTIF(QCI!$A$13:$A$24,OFFSET(ORÇAMENTO!E176,-1,0))),OFFSET(E176,-1,0))","v":1},9,0,0,0,{"$f":"IF(OR($C176=\"S\",$C176=0),0,MATCH(0,OFFSET($D176,1,$C176,ROW($C$240)-ROW($C176)),0))","v":64},{"$f":"IF(OR($C176=\"S\",$C176=0),0,MATCH(OFFSET($D176,0,$C176)+IF($C176<>1,1,COUNTIF(QCI!$A$13:$A$24,ORÇAMENTO!E176)),OFFSET($D176,1,$C176,ROW($C$240)-ROW($C176)),0))","v":12},"F","Nível 2","Nível 2","1.9.","SINAPI",null,{"$f":"IF($C176=\"S\",REFERENCIA.Descricao,\"REVESTIMENTOS ARGAMASSADOS\")","v":"REVESTIMENTOS ARGAMASSADOS"},{"$f":"REFERENCIA.Unidade","v":"-"},{"$f":"OFFSET(CÁLCULO!H$15,ROW($T176)-ROW(T$15),0)","v":0},0,"BDI 1",{"$f":"IF($C176=\"S\",ROUND(IF(TIPOORCAMENTO=\"Proposto\",ORÇAMENTO.CustoUnitario*(1+$AH176),ORÇAMENTO.PrecoUnitarioLicitado),15-13*$AF$10),0)","v":0},{"$f":"IF($C176=\"S\",IF(Import.TipoArredondamento<>\"TransfereGOV\",VTOTAL1,SUM(OFFSET(CÁLCULO!$AA$15,ROW($X176)-ROW($X$15),1):OFFSET(CÁLCULO!$AL$15,ROW($X176)-ROW($X$15),-1))),IF($C176=0,0,ROUND(SomaAgrup,15-13*$AF$11)))","v":56605.38},"RA","",{"$f":"IF($C176=\"S\",IF($Z176=\"CP\",$X176,IF($Z176=\"RA\",(($X176)*QCI!$AA$3),0)),SomaAgrup)","v":56605.380000000005},0,{"$f":"IF($N176=\"\",\"\",IF(ORÇAMENTO.Descricao=\"\",\"DESCRIÇÃO\",IF(AND($C176=\"S\",ORÇAMENTO.Unidade=\"\"),\"UNIDADE\",IF($X176<0,\"VALOR NEGATIVO\",IF(OR(AND(TIPOORCAMENTO=\"Proposto\",$AG176<>\"\",$AG176>0,ORÇAMENTO.CustoUnitario>$AG176),AND(TIPOORCAMENTO=\"LICITADO\",ORÇAMENTO.PrecoUnitarioLicitado>$AN176)),\"ACIMA REF.\",\"\")))))","v":""},{"$f":"IF(C176<=CRONO.NivelExibicao,MAX($AD$15:OFFSET(AD176,-1,0))+IF($C176<>1,1,MAX(1,COUNTIF(QCI!$A$13:$A$24,OFFSET($E176,-1,0)))),\"\")","v":10},{"$f":"IF(AND($C176=\"S\",ORÇAMENTO.CodBarra<>\"\"),IF(ORÇAMENTO.Fonte=\"\",ORÇAMENTO.CodBarra,CONCATENATE(ORÇAMENTO.Fonte,\" \",ORÇAMENTO.CodBarra)))","v":false},{"$f":"IF(ISERROR(INDIRECT(ORÇAMENTO.BancoRef)),\"(abra o arquivo 'Referência \"&Excel_BuiltIn_Database&\".xlsm)\",IF(OR($C176<>\"S\",ORÇAMENTO.CodBarra=\"\"),\"(Sem Código)\",IF(ISERROR(MATCH($AE176,INDIRECT(ORÇAMENTO.BancoRef),0)),\"(Código não identificado nas referências)\",MATCH($AE176,INDIRECT(ORÇAMENTO.BancoRef),0))))","v":"(Sem Código)"},{"$f":"ROUND(IF(DESONERACAO=\"sim\",REFERENCIA.Desonerado,REFERENCIA.NaoDesonerado),2)","v":0},0.2487,null,null,null,null,56605.38,0]
[{"$f":"CHOOSE(1+LOG(1+2*(ORÇAMENTO.Nivel=\"Meta\")+4*(ORÇAMENTO.Nivel=\"Nível 2\")+8*(ORÇAMENTO.Nivel=\"Nível 3\")+16*(ORÇAMENTO.Nivel=\"Nível 4\")+32*(ORÇAMENTO.Nivel=\"Serviço\"),2),0,1,2,3,4,\"S\")","v":"S"},{"$f":"IF(OR(C177=\"s\",C177=0),OFFSET(B177,-1,0),C177)","v":2},{"$f":"IF(OFFSET(C177,-1,0)=\"L\",1,IF(OFFSET(C177,-1,0)=1,2,IF(OR(A177=\"s\",A177=0),\"S\",IF(AND(OFFSET(C177,-1,0)=2,A177=4),3,IF(AND(OR(OFFSET(C177,-1,0)=\"s\",OFFSET(C177,-1,0)=0),A177<>\"s\",A177>OFFSET(B177,-1,0)),OFFSET(B177,-1,0),A177)))))","v":"S"},{"$f":"IF(OR(C177=\"S\",C177=0),0,IF(ISERROR(K177),J177,SMALL(J177:K177,1)))","v":0},{"$f":"IF($C177=1,OFFSET(E177,-1,0)+MAX(1,COUNTIF(QCI!$A$13:$A$24,OFFSET(ORÇAMENTO!E177,-1,0))),OFFSET(E177,-1,0))","v":1},{"$f":"IF($C177=1,0,IF($C177=2,OFFSET(F177,-1,0)+1,OFFSET(F177,-1,0)))","v":9},{"$f":"IF(AND($C177<=2,$C177<>0),0,IF($C177=3,OFFSET(G177,-1,0)+1,OFFSET(G177,-1,0)))","v":0},{"$f":"IF(AND($C177<=3,$C177<>0),0,IF($C177=4,OFFSET(H177,-1,0)+1,OFFSET(H177,-1,0)))","v":0},{"$f":"IF(AND($C177<=4,$C177<>0),0,IF(AND($C177=\"S\",$X177>0),OFFSET(I177,-1,0)+1,OFFSET(I177,-1,0)))","v":1},0,{"$f":"IF(OR($C177=\"S\",$C177=0),0,MATCH(OFFSET($D177,0,$C177)+IF($C177<>1,1,COUNTIF(QCI!$A$13:$A$24,ORÇAMENTO!E177)),OFFSET($D177,1,$C177,ROW($C$240)-ROW($C177)),0))","v":0},{"$f":"IF(OR($X177>0,$C177=1,$C177=2,$C177=3,$C177=4),\"F\",\"\")","v":"F"},"Serviço",{"$f":"CHOOSE(1+LOG(1+2*(C177=1)+4*(C177=2)+8*(C177=3)+16*(C177=4)+32*(C177=\"S\"),2),\"\",\"Meta\",\"Nível 2\",\"Nível 3\",\"Nível 4\",\"Serviço\")","v":"Serviço"},{"$f":"IF(OR($C177=0,$L177=\"\"),\"-\",CONCATENATE(E177&\".\",IF(AND($A$5>=2,$C177>=2),F177&\".\",\"\"),IF(AND($A$5>=3,$C177>=3),G177&\".\",\"\"),IF(AND($A$5>=4,$C177>=4),H177&\".\",\"\"),IF($C177=\"S\",I177&\".\",\"\")))","v":"1.9.0.1."},"SINAPI","98555",{"$f":"IF($C177=\"S\",REFERENCIA.Descricao,\"(digite a descrição aqui)\")","v":"IMPERMEABILIZAÇÃO DE SUPERFÍCIE COM ARGAMASSA POLIMÉRICA / MEMBRANA ACRÍLICA, 3 DEMÃOS. AF_09/2023"},{"$f":"REFERENCIA.Unidade","v":"M2"},{"$f":"OFFSET(CÁLCULO!H$15,ROW($T177)-ROW(T$15),0)","v":26.94},36.729999999999997,"BDI 1",{"$f":"IF($C177=\"S\",ROUND(IF(TIPOORCAMENTO=\"Proposto\",ORÇAMENTO.CustoUnitario*(1+$AH177),ORÇAMENTO.PrecoUnitarioLicitado),15-13*$AF$10),0)","v":45.86},{"$f":"IF($C177=\"S\",IF(Import.TipoArredondamento<>\"TransfereGOV\",VTOTAL1,SUM(OFFSET(CÁLCULO!$AA$15,ROW($X177)-ROW($X$15),1):OFFSET(CÁLCULO!$AL$15,ROW($X177)-ROW($X$15),-1))),IF($C177=0,0,ROUND(SomaAgrup,15-13*$AF$11)))","v":1235.47},"RA",{"$f":"IF(AND($C177=\"S\",$X177>0),IF(ISBLANK($Y177),\"RA\",LEFT($Y177,2)),\"\")","v":"RA"},{"$f":"IF($C177=\"S\",IF($Z177=\"CP\",$X177,IF($Z177=\"RA\",(($X177)*QCI!$AA$3),0)),SomaAgrup)","v":1235.47},{"$f":"IF($C177=\"S\",IF($Z177=\"OU\",ROUND($X177,2),0),SomaAgrup)","v":0},{"$f":"IF($N177=\"\",\"\",IF(ORÇAMENTO.Descricao=\"\",\"DESCRIÇÃO\",IF(AND($C177=\"S\",ORÇAMENTO.Unidade=\"\"),\"UNIDADE\",IF($X177<0,\"VALOR NEGATIVO\",IF(OR(AND(TIPOORCAMENTO=\"Proposto\",$AG177<>\"\",$AG177>0,ORÇAMENTO.CustoUnitario>$AG177),AND(TIPOORCAMENTO=\"LICITADO\",ORÇAMENTO.PrecoUnitarioLicitado>$AN177)),\"ACIMA REF.\",\"\")))))","v":""},{"$f":"IF(C177<=CRONO.NivelExibicao,MAX($AD$15:OFFSET(AD177,-1,0))+IF($C177<>1,1,MAX(1,COUNTIF(QCI!$A$13:$A$24,OFFSET($E177,-1,0)))),\"\")","v":""},{"$f":"IF(AND($C177=\"S\",ORÇAMENTO.CodBarra<>\"\"),IF(ORÇAMENTO.Fonte=\"\",ORÇAMENTO.CodBarra,CONCATENATE(ORÇAMENTO.Fonte,\" \",ORÇAMENTO.CodBarra)))","v":"SINAPI 98555"},{"$f":"IF(ISERROR(INDIRECT(ORÇAMENTO.BancoRef)),\"(abra o arquivo 'Referência \"&Excel_BuiltIn_Database&\".xlsm)\",IF(OR($C177<>\"S\",ORÇAMENTO.CodBarra=\"\"),\"(Sem Código)\",IF(ISERROR(MATCH($AE177,INDIRECT(ORÇAMENTO.BancoRef),0)),\"(Código não identificado nas referências)\",MATCH($AE177,INDIRECT(ORÇAMENTO.BancoRef),0))))","v":2768},{"$f":"ROUND(IF(DESONERACAO=\"sim\",REFERENCIA.Desonerado,REFERENCIA.NaoDesonerado),2)","v":36.729999999999997},{"$f":"ROUND(IF(ISNUMBER(ORÇAMENTO.OpcaoBDI),ORÇAMENTO.OpcaoBDI,IF(LEFT(ORÇAMENTO.OpcaoBDI,3)=\"BDI\",HLOOKUP(ORÇAMENTO.OpcaoBDI,$F$4:$H$5,2,FALSE),0)),15-11*$AF$9)","v":0.2487},null,26.94,null,null,1235.47,{"$f":"ROUND(ORÇAMENTO.CustoUnitario*(1+$AH177),2)","v":45.86}]
["S",2,"S",0,{"$f":"IF($C178=1,OFFSET(E178,-1,0)+MAX(1,COUNTIF(QCI!$A$13:$A$24,OFFSET(ORÇAMENTO!E178,-1,0))),OFFSET(E178,-1,0))","v":1},9,0,0,2,0,{"$f":"IF(OR($C178=\"S\",$C178=0),0,MATCH(OFFSET($D178,0,$C178)+IF($C178<>1,1,COUNTIF(QCI!$A$13:$A$24,ORÇAMENTO!E178)),OFFSET($D178,1,$C178,ROW($C$240)-ROW($C178)),0))","v":0},"F","Serviço","Serviço","1.9.0.2.","SINAPI","87879",{"$f":"IF($C178=\"S\",REFERENCIA.Descricao,\"(digite a descrição aqui)\")","v":"CHAPISCO APLICADO EM ALVENARIAS E ESTRUTURAS DE CONCRETO INTERNAS, COM COLHER DE PEDREIRO.  ARGAMASSA TRAÇO 1:3 COM PREPARO EM BETONEIRA 400L. AF_10/2022"},{"$f":"REFERENCIA.Unidade","v":"M2"},{"$f":"OFFSET(CÁLCULO!H$15,ROW($T178)-ROW(T$15),0)","v":252.9},5.01,"BDI 1",{"$f":"IF($C178=\"S\",ROUND(IF(TIPOORCAMENTO=\"Proposto\",ORÇAMENTO.CustoUnitario*(1+$AH178),ORÇAMENTO.PrecoUnitarioLicitado),15-13*$AF$10),0)","v":6.26},{"$f":"IF($C178=\"S\",IF(Import.TipoArredondamento<>\"TransfereGOV\",VTOTAL1,SUM(OFFSET(CÁLCULO!$AA$15,ROW($X178)-ROW($X$15),1):OFFSET(CÁLCULO!$AL$15,ROW($X178)-ROW($X$15),-1))),IF($C178=0,0,ROUND(SomaAgrup,15-13*$AF$11)))","v":1583.15},"RA","RA",{"$f":"IF($C178=\"S\",IF($Z178=\"CP\",$X178,IF($Z178=\"RA\",(($X178)*QCI!$AA$3),0)),SomaAgrup)","v":1583.15},0,{"$f":"IF($N178=\"\",\"\",IF(ORÇAMENTO.Descricao=\"\",\"DESCRIÇÃO\",IF(AND($C178=\"S\",ORÇAMENTO.Unidade=\"\"),\"UNIDADE\",IF($X178<0,\"VALOR NEGATIVO\",IF(OR(AND(TIPOORCAMENTO=\"Proposto\",$AG178<>\"\",$AG178>0,ORÇAMENTO.CustoUnitario>$AG178),AND(TIPOORCAMENTO=\"LICITADO\",ORÇAMENTO.PrecoUnitarioLicitado>$AN178)),\"ACIMA REF.\",\"\")))))","v":""},{"$f":"IF(C178<=CRONO.NivelExibicao,MAX($AD$15:OFFSET(AD178,-1,0))+IF($C178<>1,1,MAX(1,COUNTIF(QCI!$A$13:$A$24,OFFSET($E178,-1,0)))),\"\")","v":""},{"$f":"IF(AND($C178=\"S\",ORÇAMENTO.CodBarra<>\"\"),IF(ORÇAMENTO.Fonte=\"\",ORÇAMENTO.CodBarra,CONCATENATE(ORÇAMENTO.Fonte,\" \",ORÇAMENTO.CodBarra)))","v":"SINAPI 87879"},{"$f":"IF(ISERROR(INDIRECT(ORÇAMENTO.BancoRef)),\"(abra o arquivo 'Referência \"&Excel_BuiltIn_Database&\".xlsm)\",IF(OR($C178<>\"S\",ORÇAMENTO.CodBarra=\"\"),\"(Sem Código)\",IF(ISERROR(MATCH($AE178,INDIRECT(ORÇAMENTO.BancoRef),0)),\"(Código não identificado nas referências)\",MATCH($AE178,INDIRECT(ORÇAMENTO.BancoRef),0))))","v":6349},{"$f":"ROUND(IF(DESONERACAO=\"sim\",REFERENCIA.Desonerado,REFERENCIA.NaoDesonerado),2)","v":5.01},0.2487,null,252.9,null,null,1583.15,6.26]
["S",2,"S",0,{"$f":"IF($C179=1,OFFSET(E179,-1,0)+MAX(1,COUNTIF(QCI!$A$13:$A$24,OFFSET(ORÇAMENTO!E179,-1,0))),OFFSET(E179,-1,0))","v":1},9,0,0,3,0,{"$f":"IF(OR($C179=\"S\",$C179=0),0,MATCH(OFFSET($D179,0,$C179)+IF($C179<>1,1,COUNTIF(QCI!$A$13:$A$24,ORÇAMENTO!E179)),OFFSET($D179,1,$C179,ROW($C$240)-ROW($C179)),0))","v":0},"F","Serviço","Serviço","1.9.0.3.","SINAPI","87905",{"$f":"IF($C179=\"S\",REFERENCIA.Descricao,\"(digite a descrição aqui)\")","v":"CHAPISCO APLICADO EM ALVENARIA (COM PRESENÇA DE VÃOS) E ESTRUTURAS DE CONCRETO DE FACHADA, COM COLHER DE PEDREIRO.  ARGAMASSA TRAÇO 1:3 COM PREPARO EM BETONEIRA 400L. AF_10/2022"},{"$f":"REFERENCIA.Unidade","v":"M2"},{"$f":"OFFSET(CÁLCULO!H$15,ROW($T179)-ROW(T$15),0)","v":174.06},9.49,"BDI 1",{"$f":"IF($C179=\"S\",ROUND(IF(TIPOORCAMENTO=\"Proposto\",ORÇAMENTO.CustoUnitario*(1+$AH179),ORÇAMENTO.PrecoUnitarioLicitado),15-13*$AF$10),0)","v":11.85},{"$f":"IF($C179=\"S\",IF(Import.TipoArredondamento<>\"TransfereGOV\",VTOTAL1,SUM(OFFSET(CÁLCULO!$AA$15,ROW($X179)-ROW($X$15),1):OFFSET(CÁLCULO!$AL$15,ROW($X179)-ROW($X$15),-1))),IF($C179=0,0,ROUND(SomaAgrup,15-13*$AF$11)))","v":2062.61},"RA","RA",{"$f":"IF($C179=\"S\",IF($Z179=\"CP\",$X179,IF($Z179=\"RA\",(($X179)*QCI!$AA$3),0)),SomaAgrup)","v":2062.61},0,{"$f":"IF($N179=\"\",\"\",IF(ORÇAMENTO.Descricao=\"\",\"DESCRIÇÃO\",IF(AND($C179=\"S\",ORÇAMENTO.Unidade=\"\"),\"UNIDADE\",IF($X179<0,\"VALOR NEGATIVO\",IF(OR(AND(TIPOORCAMENTO=\"Proposto\",$AG179<>\"\",$AG179>0,ORÇAMENTO.CustoUnitario>$AG179),AND(TIPOORCAMENTO=\"LICITADO\",ORÇAMENTO.PrecoUnitarioLicitado>$AN179)),\"ACIMA REF.\",\"\")))))","v":""},{"$f":"IF(C179<=CRONO.NivelExibicao,MAX($AD$15:OFFSET(AD179,-1,0))+IF($C179<>1,1,MAX(1,COUNTIF(QCI!$A$13:$A$24,OFFSET($E179,-1,0)))),\"\")","v":""},{"$f":"IF(AND($C179=\"S\",ORÇAMENTO.CodBarra<>\"\"),IF(ORÇAMENTO.Fonte=\"\",ORÇAMENTO.CodBarra,CONCATENATE(ORÇAMENTO.Fonte,\" \",ORÇAMENTO.CodBarra)))","v":"SINAPI 87905"},{"$f":"IF(ISERROR(INDIRECT(ORÇAMENTO.BancoRef)),\"(abra o arquivo 'Referência \"&Excel_BuiltIn_Database&\".xlsm)\",IF(OR($C179<>\"S\",ORÇAMENTO.CodBarra=\"\"),\"(Sem Código)\",IF(ISERROR(MATCH($AE179,INDIRECT(ORÇAMENTO.BancoRef),0)),\"(Código não identificado nas referências)\",MATCH($AE179,INDIRECT(ORÇAMENTO.BancoRef),0))))","v":6369},{"$f":"ROUND(IF(DESONERACAO=\"sim\",REFERENCIA.Desonerado,REFERENCIA.NaoDesonerado),2)","v":9.49},0.2487,null,174.06,null,null,2062.61,11.85]
["S",2,"S",0,{"$f":"IF($C180=1,OFFSET(E180,-1,0)+MAX(1,COUNTIF(QCI!$A$13:$A$24,OFFSET(ORÇAMENTO!E180,-1,0))),OFFSET(E180,-1,0))","v":1},9,0,0,4,0,{"$f":"IF(OR($C180=\"S\",$C180=0),0,MATCH(OFFSET($D180,0,$C180)+IF($C180<>1,1,COUNTIF(QCI!$A$13:$A$24,ORÇAMENTO!E180)),OFFSET($D180,1,$C180,ROW($C$240)-ROW($C180)),0))","v":0},"F","Serviço","Serviço","1.9.0.4.","SINAPI","87529",{"$f":"IF($C180=\"S\",REFERENCIA.Descricao,\"(digite a descrição aqui)\")","v":"MASSA ÚNICA, PARA RECEBIMENTO DE PINTURA, EM ARGAMASSA TRAÇO 1:2:8, PREPARO MECÂNICO COM BETONEIRA 400L, APLICADA MANUALMENTE EM FACES INTERNAS DE PAREDES, ESPESSURA DE 20MM, COM EXECUÇÃO DE TALISCAS. AF_06/2014"},{"$f":"REFERENCIA.Unidade","v":"M2"},{"$f":"OFFSET(CÁLCULO!H$15,ROW($T180)-ROW(T$15),0)","v":252.9},41.71,"BDI 1",{"$f":"IF($C180=\"S\",ROUND(IF(TIPOORCAMENTO=\"Proposto\",ORÇAMENTO.CustoUnitario*(1+$AH180),ORÇAMENTO.PrecoUnitarioLicitado),15-13*$AF$10),0)","v":52.08},{"$f":"IF($C180=\"S\",IF(Import.TipoArredondamento<>\"TransfereGOV\",VTOTAL1,SUM(OFFSET(CÁLCULO!$AA$15,ROW($X180)-ROW($X$15),1):OFFSET(CÁLCULO!$AL$15,ROW($X180)-ROW($X$15),-1))),IF($C180=0,0,ROUND(SomaAgrup,15-13*$AF$11)))","v":13171.03},"RA","RA",{"$f":"IF($C180=\"S\",IF($Z180=\"CP\",$X180,IF($Z180=\"RA\",(($X180)*QCI!$AA$3),0)),SomaAgrup)","v":13171.03},0,{"$f":"IF($N180=\"\",\"\",IF(ORÇAMENTO.Descricao=\"\",\"DESCRIÇÃO\",IF(AND($C180=\"S\",ORÇAMENTO.Unidade=\"\"),\"UNIDADE\",IF($X180<0,\"VALOR NEGATIVO\",IF(OR(AND(TIPOORCAMENTO=\"Proposto\",$AG180<>\"\",$AG180>0,ORÇAMENTO.CustoUnitario>$AG180),AND(TIPOORCAMENTO=\"LICITADO\",ORÇAMENTO.PrecoUnitarioLicitado>$AN180)),\"ACIMA REF.\",\"\")))))","v":""},{"$f":"IF(C180<=CRONO.NivelExibicao,MAX($AD$15:OFFSET(AD180,-1,0))+IF($C180<>1,1,MAX(1,COUNTIF(QCI!$A$13:$A$24,OFFSET($E180,-1,0)))),\"\")","v":""},{"$f":"IF(AND($C180=\"S\",ORÇAMENTO.CodBarra<>\"\"),IF(ORÇAMENTO.Fonte=\"\",ORÇAMENTO.CodBarra,CONCATENATE(ORÇAMENTO.Fonte,\" \",ORÇAMENTO.CodBarra)))","v":"SINAPI 87529"},{"$f":"IF(ISERROR(INDIRECT(ORÇAMENTO.BancoRef)),\"(abra o arquivo 'Referência \"&Excel_BuiltIn_Database&\".xlsm)\",IF(OR($C180<>\"S\",ORÇAMENTO.CodBarra=\"\"),\"(Sem Código)\",IF(ISERROR(MATCH($AE180,INDIRECT(ORÇAMENTO.BancoRef),0)),\"(Código não identificado nas referências)\",MATCH($AE180,INDIRECT(ORÇAMENTO.BancoRef),0))))","v":6392},{"$f":"ROUND(IF(DESONERACAO=\"sim\",REFERENCIA.Desonerado,REFERENCIA.NaoDesonerado),2)","v":41.71},0.2487,null,252.9,null,null,13171.03,52.08]
["S",2,"S",0,{"$f":"IF($C181=1,OFFSET(E181,-1,0)+MAX(1,COUNTIF(QCI!$A$13:$A$24,OFFSET(ORÇAMENTO!E181,-1,0))),OFFSET(E181,-1,0))","v":1},9,0,0,5,0,{"$f":"IF(OR($C181=\"S\",$C181=0),0,MATCH(OFFSET($D181,0,$C181)+IF($C181<>1,1,COUNTIF(QCI!$A$13:$A$24,ORÇAMENTO!E181)),OFFSET($D181,1,$C181,ROW($C$240)-ROW($C181)),0))","v":0},"F","Serviço","Serviço","1.9.0.5.","SINAPI","87775",{"$f":"IF($C181=\"S\",REFERENCIA.Descricao,\"(digite a descrição aqui)\")","v":"EMBOÇO OU MASSA ÚNICA EM ARGAMASSA TRAÇO 1:2:8, PREPARO MECÂNICO COM BETONEIRA 400 L, APLICADA MANUALMENTE EM PANOS DE FACHADA COM PRESENÇA DE VÃOS, ESPESSURA DE 25 MM. AF_08/2022"},{"$f":"REFERENCIA.Unidade","v":"M2"},{"$f":"OFFSET(CÁLCULO!H$15,ROW($T181)-ROW(T$15),0)","v":174.06},61.59,"BDI 1",{"$f":"IF($C181=\"S\",ROUND(IF(TIPOORCAMENTO=\"Proposto\",ORÇAMENTO.CustoUnitario*(1+$AH181),ORÇAMENTO.PrecoUnitarioLicitado),15-13*$AF$10),0)","v":76.91},{"$f":"IF($C181=\"S\",IF(Import.TipoArredondamento<>\"TransfereGOV\",VTOTAL1,SUM(OFFSET(CÁLCULO!$AA$15,ROW($X181)-ROW($X$15),1):OFFSET(CÁLCULO!$AL$15,ROW($X181)-ROW($X$15),-1))),IF($C181=0,0,ROUND(SomaAgrup,15-13*$AF$11)))","v":13386.95},"RA","RA",{"$f":"IF($C181=\"S\",IF($Z181=\"CP\",$X181,IF($Z181=\"RA\",(($X181)*QCI!$AA$3),0)),SomaAgrup)","v":13386.95},0,{"$f":"IF($N181=\"\",\"\",IF(ORÇAMENTO.Descricao=\"\",\"DESCRIÇÃO\",IF(AND($C181=\"S\",ORÇAMENTO.Unidade=\"\"),\"UNIDADE\",IF($X181<0,\"VALOR NEGATIVO\",IF(OR(AND(TIPOORCAMENTO=\"Proposto\",$AG181<>\"\",$AG181>0,ORÇAMENTO.CustoUnitario>$AG181),AND(TIPOORCAMENTO=\"LICITADO\",ORÇAMENTO.PrecoUnitarioLicitado>$AN181)),\"ACIMA REF.\",\"\")))))","v":""},{"$f":"IF(C181<=CRONO.NivelExibicao,MAX($AD$15:OFFSET(AD181,-1,0))+IF($C181<>1,1,MAX(1,COUNTIF(QCI!$A$13:$A$24,OFFSET($E181,-1,0)))),\"\")","v":""},{"$f":"IF(AND($C181=\"S\",ORÇAMENTO.CodBarra<>\"\"),IF(ORÇAMENTO.Fonte=\"\",ORÇAMENTO.CodBarra,CONCATENATE(ORÇAMENTO.Fonte,\" \",ORÇAMENTO.CodBarra)))","v":"SINAPI 87775"},{"$f":"IF(ISERROR(INDIRECT(ORÇAMENTO.BancoRef)),\"(abra o arquivo 'Referência \"&Excel_BuiltIn_Database&\".xlsm)\",IF(OR($C181<>\"S\",ORÇAMENTO.CodBarra=\"\"),\"(Sem Código)\",IF(ISERROR(MATCH($AE181,INDIRECT(ORÇAMENTO.BancoRef),0)),\"(Código não identificado nas referências)\",MATCH($AE181,INDIRECT(ORÇAMENTO.BancoRef),0))))","v":6416},{"$f":"ROUND(IF(DESONERACAO=\"sim\",REFERENCIA.Desonerado,REFERENCIA.NaoDesonerado),2)","v":61.59},0.2487,null,174.06,null,null,13386.95,76.91]
["S",2,"S",0,{"$f":"IF($C182=1,OFFSET(E182,-1,0)+MAX(1,COUNTIF(QCI!$A$13:$A$24,OFFSET(ORÇAMENTO!E182,-1,0))),OFFSET(E182,-1,0))","v":1},9,0,0,6,0,{"$f":"IF(OR($C182=\"S\",$C182=0),0,MATCH(OFFSET($D182,0,$C182)+IF($C182<>1,1,COUNTIF(QCI!$A$13:$A$24,ORÇAMENTO!E182)),OFFSET($D182,1,$C182,ROW($C$240)-ROW($C182)),0))","v":0},"F","Serviço","Serviço","1.9.0.6.","SINAPI","96622",{"$f":"IF($C182=\"S\",REFERENCIA.Descricao,\"(digite a descrição aqui)\")","v":"LASTRO COM MATERIAL GRANULAR, APLICADO EM PISOS OU LAJES SOBRE SOLO, ESPESSURA DE *5 CM*. AF_08/2017"},{"$f":"REFERENCIA.Unidade","v":"M3"},{"$f":"OFFSET(CÁLCULO!H$15,ROW($T182)-ROW(T$15),0)","v":6.9},127.74,"BDI 1",{"$f":"IF($C182=\"S\",ROUND(IF(TIPOORCAMENTO=\"Proposto\",ORÇAMENTO.CustoUnitario*(1+$AH182),ORÇAMENTO.PrecoUnitarioLicitado),15-13*$AF$10),0)","v":159.51},{"$f":"IF($C182=\"S\",IF(Import.TipoArredondamento<>\"TransfereGOV\",VTOTAL1,SUM(OFFSET(CÁLCULO!$AA$15,ROW($X182)-ROW($X$15),1):OFFSET(CÁLCULO!$AL$15,ROW($X182)-ROW($X$15),-1))),IF($C182=0,0,ROUND(SomaAgrup,15-13*$AF$11)))","v":1100.6199999999999},"RA","RA",{"$f":"IF($C182=\"S\",IF($Z182=\"CP\",$X182,IF($Z182=\"RA\",(($X182)*QCI!$AA$3),0)),SomaAgrup)","v":1100.6199999999999},0,{"$f":"IF($N182=\"\",\"\",IF(ORÇAMENTO.Descricao=\"\",\"DESCRIÇÃO\",IF(AND($C182=\"S\",ORÇAMENTO.Unidade=\"\"),\"UNIDADE\",IF($X182<0,\"VALOR NEGATIVO\",IF(OR(AND(TIPOORCAMENTO=\"Proposto\",$AG182<>\"\",$AG182>0,ORÇAMENTO.CustoUnitario>$AG182),AND(TIPOORCAMENTO=\"LICITADO\",ORÇAMENTO.PrecoUnitarioLicitado>$AN182)),\"ACIMA REF.\",\"\")))))","v":""},{"$f":"IF(C182<=CRONO.NivelExibicao,MAX($AD$15:OFFSET(AD182,-1,0))+IF($C182<>1,1,MAX(1,COUNTIF(QCI!$A$13:$A$24,OFFSET($E182,-1,0)))),\"\")","v":""},{"$f":"IF(AND($C182=\"S\",ORÇAMENTO.CodBarra<>\"\"),IF(ORÇAMENTO.Fonte=\"\",ORÇAMENTO.CodBarra,CONCATENATE(ORÇAMENTO.Fonte,\" \",ORÇAMENTO.CodBarra)))","v":"SINAPI 96622"},{"$f":"IF(ISERROR(INDIRECT(ORÇAMENTO.BancoRef)),\"(abra o arquivo 'Referência \"&Excel_BuiltIn_Database&\".xlsm)\",IF(OR($C182<>\"S\",ORÇAMENTO.CodBarra=\"\"),\"(Sem Código)\",IF(ISERROR(MATCH($AE182,INDIRECT(ORÇAMENTO.BancoRef),0)),\"(Código não identificado nas referências)\",MATCH($AE182,INDIRECT(ORÇAMENTO.BancoRef),0))))","v":2238},{"$f":"ROUND(IF(DESONERACAO=\"sim\",REFERENCIA.Desonerado,REFERENCIA.NaoDesonerado),2)","v":127.74},0.2487,null,6.9,null,null,1100.6199999999999,159.51]
["S",2,"S",0,{"$f":"IF($C183=1,OFFSET(E183,-1,0)+MAX(1,COUNTIF(QCI!$A$13:$A$24,OFFSET(ORÇAMENTO!E183,-1,0))),OFFSET(E183,-1,0))","v":1},9,0,0,7,0,{"$f":"IF(OR($C183=\"S\",$C183=0),0,MATCH(OFFSET($D183,0,$C183)+IF($C183<>1,1,COUNTIF(QCI!$A$13:$A$24,ORÇAMENTO!E183)),OFFSET($D183,1,$C183,ROW($C$240)-ROW($C183)),0))","v":0},"F","Serviço","Serviço","1.9.0.7.","SINAPI","94992",{"$f":"IF($C183=\"S\",REFERENCIA.Descricao,\"(digite a descrição aqui)\")","v":"EXECUÇÃO DE PASSEIO (CALÇADA) OU PISO DE CONCRETO COM CONCRETO MOLDADO IN LOCO, FEITO EM OBRA, ACABAMENTO CONVENCIONAL, ESPESSURA 6 CM, ARMADO. AF_08/2022"},{"$f":"REFERENCIA.Unidade","v":"M2"},{"$f":"OFFSET(CÁLCULO!H$15,ROW($T183)-ROW(T$15),0)","v":138.09},79.37,"BDI 1",{"$f":"IF($C183=\"S\",ROUND(IF(TIPOORCAMENTO=\"Proposto\",ORÇAMENTO.CustoUnitario*(1+$AH183),ORÇAMENTO.PrecoUnitarioLicitado),15-13*$AF$10),0)","v":99.11},{"$f":"IF($C183=\"S\",IF(Import.TipoArredondamento<>\"TransfereGOV\",VTOTAL1,SUM(OFFSET(CÁLCULO!$AA$15,ROW($X183)-ROW($X$15),1):OFFSET(CÁLCULO!$AL$15,ROW($X183)-ROW($X$15),-1))),IF($C183=0,0,ROUND(SomaAgrup,15-13*$AF$11)))","v":13686.1},"RA","RA",{"$f":"IF($C183=\"S\",IF($Z183=\"CP\",$X183,IF($Z183=\"RA\",(($X183)*QCI!$AA$3),0)),SomaAgrup)","v":13686.1},0,{"$f":"IF($N183=\"\",\"\",IF(ORÇAMENTO.Descricao=\"\",\"DESCRIÇÃO\",IF(AND($C183=\"S\",ORÇAMENTO.Unidade=\"\"),\"UNIDADE\",IF($X183<0,\"VALOR NEGATIVO\",IF(OR(AND(TIPOORCAMENTO=\"Proposto\",$AG183<>\"\",$AG183>0,ORÇAMENTO.CustoUnitario>$AG183),AND(TIPOORCAMENTO=\"LICITADO\",ORÇAMENTO.PrecoUnitarioLicitado>$AN183)),\"ACIMA REF.\",\"\")))))","v":""},{"$f":"IF(C183<=CRONO.NivelExibicao,MAX($AD$15:OFFSET(AD183,-1,0))+IF($C183<>1,1,MAX(1,COUNTIF(QCI!$A$13:$A$24,OFFSET($E183,-1,0)))),\"\")","v":""},{"$f":"IF(AND($C183=\"S\",ORÇAMENTO.CodBarra<>\"\"),IF(ORÇAMENTO.Fonte=\"\",ORÇAMENTO.CodBarra,CONCATENATE(ORÇAMENTO.Fonte,\" \",ORÇAMENTO.CodBarra)))","v":"SINAPI 94992"},{"$f":"IF(ISERROR(INDIRECT(ORÇAMENTO.BancoRef)),\"(abra o arquivo 'Referência \"&Excel_BuiltIn_Database&\".xlsm)\",IF(OR($C183<>\"S\",ORÇAMENTO.CodBarra=\"\"),\"(Sem Código)\",IF(ISERROR(MATCH($AE183,INDIRECT(ORÇAMENTO.BancoRef),0)),\"(Código não identificado nas referências)\",MATCH($AE183,INDIRECT(ORÇAMENTO.BancoRef),0))))","v":6277},{"$f":"ROUND(IF(DESONERACAO=\"sim\",REFERENCIA.Desonerado,REFERENCIA.NaoDesonerado),2)","v":79.37},0.2487,null,138.09,null,null,13686.1,99.11]
["S",2,"S",0,{"$f":"IF($C184=1,OFFSET(E184,-1,0)+MAX(1,COUNTIF(QCI!$A$13:$A$24,OFFSET(ORÇAMENTO!E184,-1,0))),OFFSET(E184,-1,0))","v":1},9,0,0,8,0,{"$f":"IF(OR($C184=\"S\",$C184=0),0,MATCH(OFFSET($D184,0,$C184)+IF($C184<>1,1,COUNTIF(QCI!$A$13:$A$24,ORÇAMENTO!E184)),OFFSET($D184,1,$C184,ROW($C$240)-ROW($C184)),0))","v":0},"F","Serviço","Serviço","1.9.0.8.","SINAPI","87630",{"$f":"IF($C184=\"S\",REFERENCIA.Descricao,\"(digite a descrição aqui)\")","v":"CONTRAPISO EM ARGAMASSA TRAÇO 1:4 (CIMENTO E AREIA), PREPARO MECÂNICO COM BETONEIRA 400 L, APLICADO EM ÁREAS SECAS SOBRE LAJE, ADERIDO, ACABAMENTO NÃO REFORÇADO, ESPESSURA 3CM. AF_07/2021"},{"$f":"REFERENCIA.Unidade","v":"M2"},{"$f":"OFFSET(CÁLCULO!H$15,ROW($T184)-ROW(T$15),0)","v":198.84},41.8,"BDI 1",{"$f":"IF($C184=\"S\",ROUND(IF(TIPOORCAMENTO=\"Proposto\",ORÇAMENTO.CustoUnitario*(1+$AH184),ORÇAMENTO.PrecoUnitarioLicitado),15-13*$AF$10),0)","v":52.2},{"$f":"IF($C184=\"S\",IF(Import.TipoArredondamento<>\"TransfereGOV\",VTOTAL1,SUM(OFFSET(CÁLCULO!$AA$15,ROW($X184)-ROW($X$15),1):OFFSET(CÁLCULO!$AL$15,ROW($X184)-ROW($X$15),-1))),IF($C184=0,0,ROUND(SomaAgrup,15-13*$AF$11)))","v":10379.450000000001},"RA","RA",{"$f":"IF($C184=\"S\",IF($Z184=\"CP\",$X184,IF($Z184=\"RA\",(($X184)*QCI!$AA$3),0)),SomaAgrup)","v":10379.450000000001},0,{"$f":"IF($N184=\"\",\"\",IF(ORÇAMENTO.Descricao=\"\",\"DESCRIÇÃO\",IF(AND($C184=\"S\",ORÇAMENTO.Unidade=\"\"),\"UNIDADE\",IF($X184<0,\"VALOR NEGATIVO\",IF(OR(AND(TIPOORCAMENTO=\"Proposto\",$AG184<>\"\",$AG184>0,ORÇAMENTO.CustoUnitario>$AG184),AND(TIPOORCAMENTO=\"LICITADO\",ORÇAMENTO.PrecoUnitarioLicitado>$AN184)),\"ACIMA REF.\",\"\")))))","v":""},{"$f":"IF(C184<=CRONO.NivelExibicao,MAX($AD$15:OFFSET(AD184,-1,0))+IF($C184<>1,1,MAX(1,COUNTIF(QCI!$A$13:$A$24,OFFSET($E184,-1,0)))),\"\")","v":""},{"$f":"IF(AND($C184=\"S\",ORÇAMENTO.CodBarra<>\"\"),IF(ORÇAMENTO.Fonte=\"\",ORÇAMENTO.CodBarra,CONCATENATE(ORÇAMENTO.Fonte,\" \",ORÇAMENTO.CodBarra)))","v":"SINAPI 87630"},{"$f":"IF(ISERROR(INDIRECT(ORÇAMENTO.BancoRef)),\"(abra o arquivo 'Referência \"&Excel_BuiltIn_Database&\".xlsm)\",IF(OR($C184<>\"S\",ORÇAMENTO.CodBarra=\"\"),\"(Sem Código)\",IF(ISERROR(MATCH($AE184,INDIRECT(ORÇAMENTO.BancoRef),0)),\"(Código não identificado nas referências)\",MATCH($AE184,INDIRECT(ORÇAMENTO.BancoRef),0))))","v":6288},{"$f":"ROUND(IF(DESONERACAO=\"sim\",REFERENCIA.Desonerado,REFERENCIA.NaoDesonerado),2)","v":41.8},0.2487,null,198.84,null,null,10379.450000000001,52.2]
[{"$f":"CHOOSE(1+LOG(1+2*(ORÇAMENTO.Nivel=\"Meta\")+4*(ORÇAMENTO.Nivel=\"Nível 2\")+8*(ORÇAMENTO.Nivel=\"Nível 3\")+16*(ORÇAMENTO.Nivel=\"Nível 4\")+32*(ORÇAMENTO.Nivel=\"Serviço\"),2),0,1,2,3,4,\"S\")","v":"S"},{"$f":"IF(OR(C185=\"s\",C185=0),OFFSET(B185,-1,0),C185)","v":2},{"$f":"IF(OFFSET(C185,-1,0)=\"L\",1,IF(OFFSET(C185,-1,0)=1,2,IF(OR(A185=\"s\",A185=0),\"S\",IF(AND(OFFSET(C185,-1,0)=2,A185=4),3,IF(AND(OR(OFFSET(C185,-1,0)=\"s\",OFFSET(C185,-1,0)=0),A185<>\"s\",A185>OFFSET(B185,-1,0)),OFFSET(B185,-1,0),A185)))))","v":"S"},{"$f":"IF(OR(C185=\"S\",C185=0),0,IF(ISERROR(K185),J185,SMALL(J185:K185,1)))","v":0},{"$f":"IF($C185=1,OFFSET(E185,-1,0)+MAX(1,COUNTIF(QCI!$A$13:$A$24,OFFSET(ORÇAMENTO!E185,-1,0))),OFFSET(E185,-1,0))","v":1},{"$f":"IF($C185=1,0,IF($C185=2,OFFSET(F185,-1,0)+1,OFFSET(F185,-1,0)))","v":9},{"$f":"IF(AND($C185<=2,$C185<>0),0,IF($C185=3,OFFSET(G185,-1,0)+1,OFFSET(G185,-1,0)))","v":0},{"$f":"IF(AND($C185<=3,$C185<>0),0,IF($C185=4,OFFSET(H185,-1,0)+1,OFFSET(H185,-1,0)))","v":0},{"$f":"IF(AND($C185<=4,$C185<>0),0,IF(AND($C185=\"S\",$X185>0),OFFSET(I185,-1,0)+1,OFFSET(I185,-1,0)))","v":8},0,{"$f":"IF(OR($C185=\"S\",$C185=0),0,MATCH(OFFSET($D185,0,$C185)+IF($C185<>1,1,COUNTIF(QCI!$A$13:$A$24,ORÇAMENTO!E185)),OFFSET($D185,1,$C185,ROW($C$240)-ROW($C185)),0))","v":0},{"$f":"IF(OR($X185>0,$C185=1,$C185=2,$C185=3,$C185=4),\"F\",\"\")","v":""},"Serviço",{"$f":"CHOOSE(1+LOG(1+2*(C185=1)+4*(C185=2)+8*(C185=3)+16*(C185=4)+32*(C185=\"S\"),2),\"\",\"Meta\",\"Nível 2\",\"Nível 3\",\"Nível 4\",\"Serviço\")","v":"Serviço"},{"$f":"IF(OR($C185=0,$L185=\"\"),\"-\",CONCATENATE(E185&\".\",IF(AND($A$5>=2,$C185>=2),F185&\".\",\"\"),IF(AND($A$5>=3,$C185>=3),G185&\".\",\"\"),IF(AND($A$5>=4,$C185>=4),H185&\".\",\"\"),IF($C185=\"S\",I185&\".\",\"\")))","v":"-"},"SINAPI",null,{"$f":"IF($C185=\"S\",REFERENCIA.Descricao,\"(digite a descrição aqui)\")","v":"(Sem Código)"},{"$f":"REFERENCIA.Unidade","v":"-"},{"$f":"OFFSET(CÁLCULO!H$15,ROW($T185)-ROW(T$15),0)","v":0},0,"BDI 1",{"$f":"IF($C185=\"S\",ROUND(IF(TIPOORCAMENTO=\"Proposto\",ORÇAMENTO.CustoUnitario*(1+$AH185),ORÇAMENTO.PrecoUnitarioLicitado),15-13*$AF$10),0)","v":0},{"$f":"IF($C185=\"S\",IF(Import.TipoArredondamento<>\"TransfereGOV\",VTOTAL1,SUM(OFFSET(CÁLCULO!$AA$15,ROW($X185)-ROW($X$15),1):OFFSET(CÁLCULO!$AL$15,ROW($X185)-ROW($X$15),-1))),IF($C185=0,0,ROUND(SomaAgrup,15-13*$AF$11)))","v":0},"RA",{"$f":"IF(AND($C185=\"S\",$X185>0),IF(ISBLANK($Y185),\"RA\",LEFT($Y185,2)),\"\")","v":""},{"$f":"IF($C185=\"S\",IF($Z185=\"CP\",$X185,IF($Z185=\"RA\",(($X185)*QCI!$AA$3),0)),SomaAgrup)","v":0},{"$f":"IF($C185=\"S\",IF($Z185=\"OU\",ROUND($X185,2),0),SomaAgrup)","v":0},{"$f":"IF($N185=\"\",\"\",IF(ORÇAMENTO.Descricao=\"\",\"DESCRIÇÃO\",IF(AND($C185=\"S\",ORÇAMENTO.Unidade=\"\"),\"UNIDADE\",IF($X185<0,\"VALOR NEGATIVO\",IF(OR(AND(TIPOORCAMENTO=\"Proposto\",$AG185<>\"\",$AG185>0,ORÇAMENTO.CustoUnitario>$AG185),AND(TIPOORCAMENTO=\"LICITADO\",ORÇAMENTO.PrecoUnitarioLicitado>$AN185)),\"ACIMA REF.\",\"\")))))","v":""},{"$f":"IF(C185<=CRONO.NivelExibicao,MAX($AD$15:OFFSET(AD185,-1,0))+IF($C185<>1,1,MAX(1,COUNTIF(QCI!$A$13:$A$24,OFFSET($E185,-1,0)))),\"\")","v":""},{"$f":"IF(AND($C185=\"S\",ORÇAMENTO.CodBarra<>\"\"),IF(ORÇAMENTO.Fonte=\"\",ORÇAMENTO.CodBarra,CONCATENATE(ORÇAMENTO.Fonte,\" \",ORÇAMENTO.CodBarra)))","v":false},{"$f":"IF(ISERROR(INDIRECT(ORÇAMENTO.BancoRef)),\"(abra o arquivo 'Referência \"&Excel_BuiltIn_Database&\".xlsm)\",IF(OR($C185<>\"S\",ORÇAMENTO.CodBarra=\"\"),\"(Sem Código)\",IF(ISERROR(MATCH($AE185,INDIRECT(ORÇAMENTO.BancoRef),0)),\"(Código não identificado nas referências)\",MATCH($AE185,INDIRECT(ORÇAMENTO.BancoRef),0))))","v":"(Sem Código)"},{"$f":"ROUND(IF(DESONERACAO=\"sim\",REFERENCIA.Desonerado,REFERENCIA.NaoDesonerado),2)","v":0},{"$f":"ROUND(IF(ISNUMBER(ORÇAMENTO.OpcaoBDI),ORÇAMENTO.OpcaoBDI,IF(LEFT(ORÇAMENTO.OpcaoBDI,3)=\"BDI\",HLOOKUP(ORÇAMENTO.OpcaoBDI,$F$4:$H$5,2,FALSE),0)),15-11*$AF$9)","v":0.2487},null,null,null,null,0,{"$f":"ROUND(ORÇAMENTO.CustoUnitario*(1+$AH185),2)","v":0}]
["S",2,"S",0,{"$f":"IF($C186=1,OFFSET(E186,-1,0)+MAX(1,COUNTIF(QCI!$A$13:$A$24,OFFSET(ORÇAMENTO!E186,-1,0))),OFFSET(E186,-1,0))","v":1},9,0,0,8,0,{"$f":"IF(OR($C186=\"S\",$C186=0),0,MATCH(OFFSET($D186,0,$C186)+IF($C186<>1,1,COUNTIF(QCI!$A$13:$A$24,ORÇAMENTO!E186)),OFFSET($D186,1,$C186,ROW($C$240)-ROW($C186)),0))","v":0},"","Serviço","Serviço","-","SINAPI",null,{"$f":"IF($C186=\"S\",REFERENCIA.Descricao,\"(digite a descrição aqui)\")","v":"(Sem Código)"},{"$f":"REFERENCIA.Unidade","v":"-"},{"$f":"OFFSET(CÁLCULO!H$15,ROW($T186)-ROW(T$15),0)","v":0},0,"BDI 1",{"$f":"IF($C186=\"S\",ROUND(IF(TIPOORCAMENTO=\"Proposto\",ORÇAMENTO.CustoUnitario*(1+$AH186),ORÇAMENTO.PrecoUnitarioLicitado),15-13*$AF$10),0)","v":0},{"$f":"IF($C186=\"S\",IF(Import.TipoArredondamento<>\"TransfereGOV\",VTOTAL1,SUM(OFFSET(CÁLCULO!$AA$15,ROW($X186)-ROW($X$15),1):OFFSET(CÁLCULO!$AL$15,ROW($X186)-ROW($X$15),-1))),IF($C186=0,0,ROUND(SomaAgrup,15-13*$AF$11)))","v":0},"RA","",{"$f":"IF($C186=\"S\",IF($Z186=\"CP\",$X186,IF($Z186=\"RA\",(($X186)*QCI!$AA$3),0)),SomaAgrup)","v":0},0,{"$f":"IF($N186=\"\",\"\",IF(ORÇAMENTO.Descricao=\"\",\"DESCRIÇÃO\",IF(AND($C186=\"S\",ORÇAMENTO.Unidade=\"\"),\"UNIDADE\",IF($X186<0,\"VALOR NEGATIVO\",IF(OR(AND(TIPOORCAMENTO=\"Proposto\",$AG186<>\"\",$AG186>0,ORÇAMENTO.CustoUnitario>$AG186),AND(TIPOORCAMENTO=\"LICITADO\",ORÇAMENTO.PrecoUnitarioLicitado>$AN186)),\"ACIMA REF.\",\"\")))))","v":""},{"$f":"IF(C186<=CRONO.NivelExibicao,MAX($AD$15:OFFSET(AD186,-1,0))+IF($C186<>1,1,MAX(1,COUNTIF(QCI!$A$13:$A$24,OFFSET($E186,-1,0)))),\"\")","v":""},{"$f":"IF(AND($C186=\"S\",ORÇAMENTO.CodBarra<>\"\"),IF(ORÇAMENTO.Fonte=\"\",ORÇAMENTO.CodBarra,CONCATENATE(ORÇAMENTO.Fonte,\" \",ORÇAMENTO.CodBarra)))","v":false},{"$f":"IF(ISERROR(INDIRECT(ORÇAMENTO.BancoRef)),\"(abra o arquivo 'Referência \"&Excel_BuiltIn_Database&\".xlsm)\",IF(OR($C186<>\"S\",ORÇAMENTO.CodBarra=\"\"),\"(Sem Código)\",IF(ISERROR(MATCH($AE186,INDIRECT(ORÇAMENTO.BancoRef),0)),\"(Código não identificado nas referências)\",MATCH($AE186,INDIRECT(ORÇAMENTO.BancoRef),0))))","v":"(Sem Código)"},{"$f":"ROUND(IF(DESONERACAO=\"sim\",REFERENCIA.Desonerado,REFERENCIA.NaoDesonerado),2)","v":0},0.2487,null,null,null,null,0,0]
["S",2,"S",0,{"$f":"IF($C187=1,OFFSET(E187,-1,0)+MAX(1,COUNTIF(QCI!$A$13:$A$24,OFFSET(ORÇAMENTO!E187,-1,0))),OFFSET(E187,-1,0))","v":1},9,0,0,8,0,{"$f":"IF(OR($C187=\"S\",$C187=0),0,MATCH(OFFSET($D187,0,$C187)+IF($C187<>1,1,COUNTIF(QCI!$A$13:$A$24,ORÇAMENTO!E187)),OFFSET($D187,1,$C187,ROW($C$240)-ROW($C187)),0))","v":0},"","Serviço","Serviço","-","SINAPI",null,{"$f":"IF($C187=\"S\",REFERENCIA.Descricao,\"(digite a descrição aqui)\")","v":"(Sem Código)"},{"$f":"REFERENCIA.Unidade","v":"-"},{"$f":"OFFSET(CÁLCULO!H$15,ROW($T187)-ROW(T$15),0)","v":0},0,"BDI 1",{"$f":"IF($C187=\"S\",ROUND(IF(TIPOORCAMENTO=\"Proposto\",ORÇAMENTO.CustoUnitario*(1+$AH187),ORÇAMENTO.PrecoUnitarioLicitado),15-13*$AF$10),0)","v":0},{"$f":"IF($C187=\"S\",IF(Import.TipoArredondamento<>\"TransfereGOV\",VTOTAL1,SUM(OFFSET(CÁLCULO!$AA$15,ROW($X187)-ROW($X$15),1):OFFSET(CÁLCULO!$AL$15,ROW($X187)-ROW($X$15),-1))),IF($C187=0,0,ROUND(SomaAgrup,15-13*$AF$11)))","v":0},"RA","",{"$f":"IF($C187=\"S\",IF($Z187=\"CP\",$X187,IF($Z187=\"RA\",(($X187)*QCI!$AA$3),0)),SomaAgrup)","v":0},0,{"$f":"IF($N187=\"\",\"\",IF(ORÇAMENTO.Descricao=\"\",\"DESCRIÇÃO\",IF(AND($C187=\"S\",ORÇAMENTO.Unidade=\"\"),\"UNIDADE\",IF($X187<0,\"VALOR NEGATIVO\",IF(OR(AND(TIPOORCAMENTO=\"Proposto\",$AG187<>\"\",$AG187>0,ORÇAMENTO.CustoUnitario>$AG187),AND(TIPOORCAMENTO=\"LICITADO\",ORÇAMENTO.PrecoUnitarioLicitado>$AN187)),\"ACIMA REF.\",\"\")))))","v":""},{"$f":"IF(C187<=CRONO.NivelExibicao,MAX($AD$15:OFFSET(AD187,-1,0))+IF($C187<>1,1,MAX(1,COUNTIF(QCI!$A$13:$A$24,OFFSET($E187,-1,0)))),\"\")","v":""},{"$f":"IF(AND($C187=\"S\",ORÇAMENTO.CodBarra<>\"\"),IF(ORÇAMENTO.Fonte=\"\",ORÇAMENTO.CodBarra,CONCATENATE(ORÇAMENTO.Fonte,\" \",ORÇAMENTO.CodBarra)))","v":false},{"$f":"IF(ISERROR(INDIRECT(ORÇAMENTO.BancoRef)),\"(abra o arquivo 'Referência \"&Excel_BuiltIn_Database&\".xlsm)\",IF(OR($C187<>\"S\",ORÇAMENTO.CodBarra=\"\"),\"(Sem Código)\",IF(ISERROR(MATCH($AE187,INDIRECT(ORÇAMENTO.BancoRef),0)),\"(Código não identificado nas referências)\",MATCH($AE187,INDIRECT(ORÇAMENTO.BancoRef),0))))","v":"(Sem Código)"},{"$f":"ROUND(IF(DESONERACAO=\"sim\",REFERENCIA.Desonerado,REFERENCIA.NaoDesonerado),2)","v":0},0.2487,null,null,null,null,0,0]
[2,2,2,11,{"$f":"IF($C188=1,OFFSET(E188,-1,0)+MAX(1,COUNTIF(QCI!$A$13:$A$24,OFFSET(ORÇAMENTO!E188,-1,0))),OFFSET(E188,-1,0))","v":1},10,0,0,0,52,{"$f":"IF(OR($C188=\"S\",$C188=0),0,MATCH(OFFSET($D188,0,$C188)+IF($C188<>1,1,COUNTIF(QCI!$A$13:$A$24,ORÇAMENTO!E188)),OFFSET($D188,1,$C188,ROW($C$240)-ROW($C188)),0))","v":11},"F","Nível 2","Nível 2","1.10.","SINAPI",null,{"$f":"IF($C188=\"S\",REFERENCIA.Descricao,\"FORROS E ACABAMENTOS\")","v":"FORROS E ACABAMENTOS"},{"$f":"REFERENCIA.Unidade","v":"-"},{"$f":"OFFSET(CÁLCULO!H$15,ROW($T188)-ROW(T$15),0)","v":0},0,"BDI 1",{"$f":"IF($C188=\"S\",ROUND(IF(TIPOORCAMENTO=\"Proposto\",ORÇAMENTO.CustoUnitario*(1+$AH188),ORÇAMENTO.PrecoUnitarioLicitado),15-13*$AF$10),0)","v":0},{"$f":"IF($C188=\"S\",IF(Import.TipoArredondamento<>\"TransfereGOV\",VTOTAL1,SUM(OFFSET(CÁLCULO!$AA$15,ROW($X188)-ROW($X$15),1):OFFSET(CÁLCULO!$AL$15,ROW($X188)-ROW($X$15),-1))),IF($C188=0,0,ROUND(SomaAgrup,15-13*$AF$11)))","v":57042.44},"RA","",{"$f":"IF($C188=\"S\",IF($Z188=\"CP\",$X188,IF($Z188=\"RA\",(($X188)*QCI!$AA$3),0)),SomaAgrup)","v":57042.439999999995},0,{"$f":"IF($N188=\"\",\"\",IF(ORÇAMENTO.Descricao=\"\",\"DESCRIÇÃO\",IF(AND($C188=\"S\",ORÇAMENTO.Unidade=\"\"),\"UNIDADE\",IF($X188<0,\"VALOR NEGATIVO\",IF(OR(AND(TIPOORCAMENTO=\"Proposto\",$AG188<>\"\",$AG188>0,ORÇAMENTO.CustoUnitario>$AG188),AND(TIPOORCAMENTO=\"LICITADO\",ORÇAMENTO.PrecoUnitarioLicitado>$AN188)),\"ACIMA REF.\",\"\")))))","v":""},{"$f":"IF(C188<=CRONO.NivelExibicao,MAX($AD$15:OFFSET(AD188,-1,0))+IF($C188<>1,1,MAX(1,COUNTIF(QCI!$A$13:$A$24,OFFSET($E188,-1,0)))),\"\")","v":11},{"$f":"IF(AND($C188=\"S\",ORÇAMENTO.CodBarra<>\"\"),IF(ORÇAMENTO.Fonte=\"\",ORÇAMENTO.CodBarra,CONCATENATE(ORÇAMENTO.Fonte,\" \",ORÇAMENTO.CodBarra)))","v":false},{"$f":"IF(ISERROR(INDIRECT(ORÇAMENTO.BancoRef)),\"(abra o arquivo 'Referência \"&Excel_BuiltIn_Database&\".xlsm)\",IF(OR($C188<>\"S\",ORÇAMENTO.CodBarra=\"\"),\"(Sem Código)\",IF(ISERROR(MATCH($AE188,INDIRECT(ORÇAMENTO.BancoRef),0)),\"(Código não identificado nas referências)\",MATCH($AE188,INDIRECT(ORÇAMENTO.BancoRef),0))))","v":"(Sem Código)"},{"$f":"ROUND(IF(DESONERACAO=\"sim\",REFERENCIA.Desonerado,REFERENCIA.NaoDesonerado),2)","v":0},0.2487,null,null,null,null,57042.44,0]
["S",2,"S",0,{"$f":"IF($C189=1,OFFSET(E189,-1,0)+MAX(1,COUNTIF(QCI!$A$13:$A$24,OFFSET(ORÇAMENTO!E189,-1,0))),OFFSET(E189,-1,0))","v":1},10,0,0,1,0,{"$f":"IF(OR($C189=\"S\",$C189=0),0,MATCH(OFFSET($D189,0,$C189)+IF($C189<>1,1,COUNTIF(QCI!$A$13:$A$24,ORÇAMENTO!E189)),OFFSET($D189,1,$C189,ROW($C$240)-ROW($C189)),0))","v":0},"F","Serviço","Serviço","1.10.0.1.","SINAPI","87273",{"$f":"IF($C189=\"S\",REFERENCIA.Descricao,\"(digite a descrição aqui)\")","v":"REVESTIMENTO CERÂMICO PARA PAREDES INTERNAS COM PLACAS TIPO ESMALTADA EXTRA  DE DIMENSÕES 33X45 CM APLICADAS NA ALTURA INTEIRA DAS PAREDES. AF_02/2023_PE"},{"$f":"REFERENCIA.Unidade","v":"M2"},{"$f":"OFFSET(CÁLCULO!H$15,ROW($T189)-ROW(T$15),0)","v":26.94},86.35,"BDI 1",{"$f":"IF($C189=\"S\",ROUND(IF(TIPOORCAMENTO=\"Proposto\",ORÇAMENTO.CustoUnitario*(1+$AH189),ORÇAMENTO.PrecoUnitarioLicitado),15-13*$AF$10),0)","v":107.83},{"$f":"IF($C189=\"S\",IF(Import.TipoArredondamento<>\"TransfereGOV\",VTOTAL1,SUM(OFFSET(CÁLCULO!$AA$15,ROW($X189)-ROW($X$15),1):OFFSET(CÁLCULO!$AL$15,ROW($X189)-ROW($X$15),-1))),IF($C189=0,0,ROUND(SomaAgrup,15-13*$AF$11)))","v":2904.94},"RA","RA",{"$f":"IF($C189=\"S\",IF($Z189=\"CP\",$X189,IF($Z189=\"RA\",(($X189)*QCI!$AA$3),0)),SomaAgrup)","v":2904.94},0,{"$f":"IF($N189=\"\",\"\",IF(ORÇAMENTO.Descricao=\"\",\"DESCRIÇÃO\",IF(AND($C189=\"S\",ORÇAMENTO.Unidade=\"\"),\"UNIDADE\",IF($X189<0,\"VALOR NEGATIVO\",IF(OR(AND(TIPOORCAMENTO=\"Proposto\",$AG189<>\"\",$AG189>0,ORÇAMENTO.CustoUnitario>$AG189),AND(TIPOORCAMENTO=\"LICITADO\",ORÇAMENTO.PrecoUnitarioLicitado>$AN189)),\"ACIMA REF.\",\"\")))))","v":""},{"$f":"IF(C189<=CRONO.NivelExibicao,MAX($AD$15:OFFSET(AD189,-1,0))+IF($C189<>1,1,MAX(1,COUNTIF(QCI!$A$13:$A$24,OFFSET($E189,-1,0)))),\"\")","v":""},{"$f":"IF(AND($C189=\"S\",ORÇAMENTO.CodBarra<>\"\"),IF(ORÇAMENTO.Fonte=\"\",ORÇAMENTO.CodBarra,CONCATENATE(ORÇAMENTO.Fonte,\" \",ORÇAMENTO.CodBarra)))","v":"SINAPI 87273"},{"$f":"IF(ISERROR(INDIRECT(ORÇAMENTO.BancoRef)),\"(abra o arquivo 'Referência \"&Excel_BuiltIn_Database&\".xlsm)\",IF(OR($C189<>\"S\",ORÇAMENTO.CodBarra=\"\"),\"(Sem Código)\",IF(ISERROR(MATCH($AE189,INDIRECT(ORÇAMENTO.BancoRef),0)),\"(Código não identificado nas referências)\",MATCH($AE189,INDIRECT(ORÇAMENTO.BancoRef),0))))","v":6569},{"$f":"ROUND(IF(DESONERACAO=\"sim\",REFERENCIA.Desonerado,REFERENCIA.NaoDesonerado),2)","v":86.35},0.2487,null,26.94,null,null,2904.94,107.83]
[{"$f":"CHOOSE(1+LOG(1+2*(ORÇAMENTO.Nivel=\"Meta\")+4*(ORÇAMENTO.Nivel=\"Nível 2\")+8*(ORÇAMENTO.Nivel=\"Nível 3\")+16*(ORÇAMENTO.Nivel=\"Nível 4\")+32*(ORÇAMENTO.Nivel=\"Serviço\"),2),0,1,2,3,4,\"S\")","v":"S"},{"$f":"IF(OR(C190=\"s\",C190=0),OFFSET(B190,-1,0),C190)","v":2},{"$f":"IF(OFFSET(C190,-1,0)=\"L\",1,IF(OFFSET(C190,-1,0)=1,2,IF(OR(A190=\"s\",A190=0),\"S\",IF(AND(OFFSET(C190,-1,0)=2,A190=4),3,IF(AND(OR(OFFSET(C190,-1,0)=\"s\",OFFSET(C190,-1,0)=0),A190<>\"s\",A190>OFFSET(B190,-1,0)),OFFSET(B190,-1,0),A190)))))","v":"S"},{"$f":"IF(OR(C190=\"S\",C190=0),0,IF(ISERROR(K190),J190,SMALL(J190:K190,1)))","v":0},{"$f":"IF($C190=1,OFFSET(E190,-1,0)+MAX(1,COUNTIF(QCI!$A$13:$A$24,OFFSET(ORÇAMENTO!E190,-1,0))),OFFSET(E190,-1,0))","v":1},{"$f":"IF($C190=1,0,IF($C190=2,OFFSET(F190,-1,0)+1,OFFSET(F190,-1,0)))","v":10},{"$f":"IF(AND($C190<=2,$C190<>0),0,IF($C190=3,OFFSET(G190,-1,0)+1,OFFSET(G190,-1,0)))","v":0},{"$f":"IF(AND($C190<=3,$C190<>0),0,IF($C190=4,OFFSET(H190,-1,0)+1,OFFSET(H190,-1,0)))","v":0},{"$f":"IF(AND($C190<=4,$C190<>0),0,IF(AND($C190=\"S\",$X190>0),OFFSET(I190,-1,0)+1,OFFSET(I190,-1,0)))","v":2},0,{"$f":"IF(OR($C190=\"S\",$C190=0),0,MATCH(OFFSET($D190,0,$C190)+IF($C190<>1,1,COUNTIF(QCI!$A$13:$A$24,ORÇAMENTO!E190)),OFFSET($D190,1,$C190,ROW($C$240)-ROW($C190)),0))","v":0},{"$f":"IF(OR($X190>0,$C190=1,$C190=2,$C190=3,$C190=4),\"F\",\"\")","v":"F"},"Serviço",{"$f":"CHOOSE(1+LOG(1+2*(C190=1)+4*(C190=2)+8*(C190=3)+16*(C190=4)+32*(C190=\"S\"),2),\"\",\"Meta\",\"Nível 2\",\"Nível 3\",\"Nível 4\",\"Serviço\")","v":"Serviço"},{"$f":"IF(OR($C190=0,$L190=\"\"),\"-\",CONCATENATE(E190&\".\",IF(AND($A$5>=2,$C190>=2),F190&\".\",\"\"),IF(AND($A$5>=3,$C190>=3),G190&\".\",\"\"),IF(AND($A$5>=4,$C190>=4),H190&\".\",\"\"),IF($C190=\"S\",I190&\".\",\"\")))","v":"1.10.0.2."},"SINAPI","101965",{"$f":"IF($C190=\"S\",REFERENCIA.Descricao,\"(digite a descrição aqui)\")","v":"PEITORIL LINEAR EM GRANITO OU MÁRMORE, L = 15CM, COMPRIMENTO DE ATÉ 2M, ASSENTADO COM ARGAMASSA 1:6 COM ADITIVO. AF_11/2020"},{"$f":"REFERENCIA.Unidade","v":"M"},{"$f":"OFFSET(CÁLCULO!H$15,ROW($T190)-ROW(T$15),0)","v":18.100000000000001},158.58000000000001,"BDI 1",{"$f":"IF($C190=\"S\",ROUND(IF(TIPOORCAMENTO=\"Proposto\",ORÇAMENTO.CustoUnitario*(1+$AH190),ORÇAMENTO.PrecoUnitarioLicitado),15-13*$AF$10),0)","v":198.02},{"$f":"IF($C190=\"S\",IF(Import.TipoArredondamento<>\"TransfereGOV\",VTOTAL1,SUM(OFFSET(CÁLCULO!$AA$15,ROW($X190)-ROW($X$15),1):OFFSET(CÁLCULO!$AL$15,ROW($X190)-ROW($X$15),-1))),IF($C190=0,0,ROUND(SomaAgrup,15-13*$AF$11)))","v":3584.16},"RA",{"$f":"IF(AND($C190=\"S\",$X190>0),IF(ISBLANK($Y190),\"RA\",LEFT($Y190,2)),\"\")","v":"RA"},{"$f":"IF($C190=\"S\",IF($Z190=\"CP\",$X190,IF($Z190=\"RA\",(($X190)*QCI!$AA$3),0)),SomaAgrup)","v":3584.16},{"$f":"IF($C190=\"S\",IF($Z190=\"OU\",ROUND($X190,2),0),SomaAgrup)","v":0},{"$f":"IF($N190=\"\",\"\",IF(ORÇAMENTO.Descricao=\"\",\"DESCRIÇÃO\",IF(AND($C190=\"S\",ORÇAMENTO.Unidade=\"\"),\"UNIDADE\",IF($X190<0,\"VALOR NEGATIVO\",IF(OR(AND(TIPOORCAMENTO=\"Proposto\",$AG190<>\"\",$AG190>0,ORÇAMENTO.CustoUnitario>$AG190),AND(TIPOORCAMENTO=\"LICITADO\",ORÇAMENTO.PrecoUnitarioLicitado>$AN190)),\"ACIMA REF.\",\"\")))))","v":""},{"$f":"IF(C190<=CRONO.NivelExibicao,MAX($AD$15:OFFSET(AD190,-1,0))+IF($C190<>1,1,MAX(1,COUNTIF(QCI!$A$13:$A$24,OFFSET($E190,-1,0)))),\"\")","v":""},{"$f":"IF(AND($C190=\"S\",ORÇAMENTO.CodBarra<>\"\"),IF(ORÇAMENTO.Fonte=\"\",ORÇAMENTO.CodBarra,CONCATENATE(ORÇAMENTO.Fonte,\" \",ORÇAMENTO.CodBarra)))","v":"SINAPI 101965"},{"$f":"IF(ISERROR(INDIRECT(ORÇAMENTO.BancoRef)),\"(abra o arquivo 'Referência \"&Excel_BuiltIn_Database&\".xlsm)\",IF(OR($C190<>\"S\",ORÇAMENTO.CodBarra=\"\"),\"(Sem Código)\",IF(ISERROR(MATCH($AE190,INDIRECT(ORÇAMENTO.BancoRef),0)),\"(Código não identificado nas referências)\",MATCH($AE190,INDIRECT(ORÇAMENTO.BancoRef),0))))","v":6588},{"$f":"ROUND(IF(DESONERACAO=\"sim\",REFERENCIA.Desonerado,REFERENCIA.NaoDesonerado),2)","v":158.58000000000001},{"$f":"ROUND(IF(ISNUMBER(ORÇAMENTO.OpcaoBDI),ORÇAMENTO.OpcaoBDI,IF(LEFT(ORÇAMENTO.OpcaoBDI,3)=\"BDI\",HLOOKUP(ORÇAMENTO.OpcaoBDI,$F$4:$H$5,2,FALSE),0)),15-11*$AF$9)","v":0.2487},null,18.100000000000001,null,null,3584.16,{"$f":"ROUND(ORÇAMENTO.CustoUnitario*(1+$AH190),2)","v":198.02}]
[{"$f":"CHOOSE(1+LOG(1+2*(ORÇAMENTO.Nivel=\"Meta\")+4*(ORÇAMENTO.Nivel=\"Nível 2\")+8*(ORÇAMENTO.Nivel=\"Nível 3\")+16*(ORÇAMENTO.Nivel=\"Nível 4\")+32*(ORÇAMENTO.Nivel=\"Serviço\"),2),0,1,2,3,4,\"S\")","v":"S"},{"$f":"IF(OR(C191=\"s\",C191=0),OFFSET(B191,-1,0),C191)","v":2},{"$f":"IF(OFFSET(C191,-1,0)=\"L\",1,IF(OFFSET(C191,-1,0)=1,2,IF(OR(A191=\"s\",A191=0),\"S\",IF(AND(OFFSET(C191,-1,0)=2,A191=4),3,IF(AND(OR(OFFSET(C191,-1,0)=\"s\",OFFSET(C191,-1,0)=0),A191<>\"s\",A191>OFFSET(B191,-1,0)),OFFSET(B191,-1,0),A191)))))","v":"S"},{"$f":"IF(OR(C191=\"S\",C191=0),0,IF(ISERROR(K191),J191,SMALL(J191:K191,1)))","v":0},{"$f":"IF($C191=1,OFFSET(E191,-1,0)+MAX(1,COUNTIF(QCI!$A$13:$A$24,OFFSET(ORÇAMENTO!E191,-1,0))),OFFSET(E191,-1,0))","v":1},{"$f":"IF($C191=1,0,IF($C191=2,OFFSET(F191,-1,0)+1,OFFSET(F191,-1,0)))","v":10},{"$f":"IF(AND($C191<=2,$C191<>0),0,IF($C191=3,OFFSET(G191,-1,0)+1,OFFSET(G191,-1,0)))","v":0},{"$f":"IF(AND($C191<=3,$C191<>0),0,IF($C191=4,OFFSET(H191,-1,0)+1,OFFSET(H191,-1,0)))","v":0},{"$f":"IF(AND($C191<=4,$C191<>0),0,IF(AND($C191=\"S\",$X191>0),OFFSET(I191,-1,0)+1,OFFSET(I191,-1,0)))","v":3},0,{"$f":"IF(OR($C191=\"S\",$C191=0),0,MATCH(OFFSET($D191,0,$C191)+IF($C191<>1,1,COUNTIF(QCI!$A$13:$A$24,ORÇAMENTO!E191)),OFFSET($D191,1,$C191,ROW($C$240)-ROW($C191)),0))","v":0},{"$f":"IF(OR($X191>0,$C191=1,$C191=2,$C191=3,$C191=4),\"F\",\"\")","v":"F"},"Serviço",{"$f":"CHOOSE(1+LOG(1+2*(C191=1)+4*(C191=2)+8*(C191=3)+16*(C191=4)+32*(C191=\"S\"),2),\"\",\"Meta\",\"Nível 2\",\"Nível 3\",\"Nível 4\",\"Serviço\")","v":"Serviço"},{"$f":"IF(OR($C191=0,$L191=\"\"),\"-\",CONCATENATE(E191&\".\",IF(AND($A$5>=2,$C191>=2),F191&\".\",\"\"),IF(AND($A$5>=3,$C191>=3),G191&\".\",\"\"),IF(AND($A$5>=4,$C191>=4),H191&\".\",\"\"),IF($C191=\"S\",I191&\".\",\"\")))","v":"1.10.0.3."},"SINAPI","96116",{"$f":"IF($C191=\"S\",REFERENCIA.Descricao,\"(digite a descrição aqui)\")","v":"FORRO EM RÉGUAS DE PVC, FRISADO, PARA AMBIENTES COMERCIAIS, INCLUSIVE ESTRUTURA BIDIRECIONAL DE FIXAÇÃO. AF_08/2023_PS"},{"$f":"REFERENCIA.Unidade","v":"M2"},{"$f":"OFFSET(CÁLCULO!H$15,ROW($T191)-ROW(T$15),0)","v":214.13},79.98,"BDI 1",{"$f":"IF($C191=\"S\",ROUND(IF(TIPOORCAMENTO=\"Proposto\",ORÇAMENTO.CustoUnitario*(1+$AH191),ORÇAMENTO.PrecoUnitarioLicitado),15-13*$AF$10),0)","v":99.87},{"$f":"IF($C191=\"S\",IF(Import.TipoArredondamento<>\"TransfereGOV\",VTOTAL1,SUM(OFFSET(CÁLCULO!$AA$15,ROW($X191)-ROW($X$15),1):OFFSET(CÁLCULO!$AL$15,ROW($X191)-ROW($X$15),-1))),IF($C191=0,0,ROUND(SomaAgrup,15-13*$AF$11)))","v":21385.16},"RA",{"$f":"IF(AND($C191=\"S\",$X191>0),IF(ISBLANK($Y191),\"RA\",LEFT($Y191,2)),\"\")","v":"RA"},{"$f":"IF($C191=\"S\",IF($Z191=\"CP\",$X191,IF($Z191=\"RA\",(($X191)*QCI!$AA$3),0)),SomaAgrup)","v":21385.16},{"$f":"IF($C191=\"S\",IF($Z191=\"OU\",ROUND($X191,2),0),SomaAgrup)","v":0},{"$f":"IF($N191=\"\",\"\",IF(ORÇAMENTO.Descricao=\"\",\"DESCRIÇÃO\",IF(AND($C191=\"S\",ORÇAMENTO.Unidade=\"\"),\"UNIDADE\",IF($X191<0,\"VALOR NEGATIVO\",IF(OR(AND(TIPOORCAMENTO=\"Proposto\",$AG191<>\"\",$AG191>0,ORÇAMENTO.CustoUnitario>$AG191),AND(TIPOORCAMENTO=\"LICITADO\",ORÇAMENTO.PrecoUnitarioLicitado>$AN191)),\"ACIMA REF.\",\"\")))))","v":""},{"$f":"IF(C191<=CRONO.NivelExibicao,MAX($AD$15:OFFSET(AD191,-1,0))+IF($C191<>1,1,MAX(1,COUNTIF(QCI!$A$13:$A$24,OFFSET($E191,-1,0)))),\"\")","v":""},{"$f":"IF(AND($C191=\"S\",ORÇAMENTO.CodBarra<>\"\"),IF(ORÇAMENTO.Fonte=\"\",ORÇAMENTO.CodBarra,CONCATENATE(ORÇAMENTO.Fonte,\" \",ORÇAMENTO.CodBarra)))","v":"SINAPI 96116"},{"$f":"IF(ISERROR(INDIRECT(ORÇAMENTO.BancoRef)),\"(abra o arquivo 'Referência \"&Excel_BuiltIn_Database&\".xlsm)\",IF(OR($C191<>\"S\",ORÇAMENTO.CodBarra=\"\"),\"(Sem Código)\",IF(ISERROR(MATCH($AE191,INDIRECT(ORÇAMENTO.BancoRef),0)),\"(Código não identificado nas referências)\",MATCH($AE191,INDIRECT(ORÇAMENTO.BancoRef),0))))","v":6602},{"$f":"ROUND(IF(DESONERACAO=\"sim\",REFERENCIA.Desonerado,REFERENCIA.NaoDesonerado),2)","v":79.98},{"$f":"ROUND(IF(ISNUMBER(ORÇAMENTO.OpcaoBDI),ORÇAMENTO.OpcaoBDI,IF(LEFT(ORÇAMENTO.OpcaoBDI,3)=\"BDI\",HLOOKUP(ORÇAMENTO.OpcaoBDI,$F$4:$H$5,2,FALSE),0)),15-11*$AF$9)","v":0.2487},null,214.13,null,null,21385.16,{"$f":"ROUND(ORÇAMENTO.CustoUnitario*(1+$AH191),2)","v":99.87}]
[{"$f":"CHOOSE(1+LOG(1+2*(ORÇAMENTO.Nivel=\"Meta\")+4*(ORÇAMENTO.Nivel=\"Nível 2\")+8*(ORÇAMENTO.Nivel=\"Nível 3\")+16*(ORÇAMENTO.Nivel=\"Nível 4\")+32*(ORÇAMENTO.Nivel=\"Serviço\"),2),0,1,2,3,4,\"S\")","v":"S"},{"$f":"IF(OR(C192=\"s\",C192=0),OFFSET(B192,-1,0),C192)","v":2},{"$f":"IF(OFFSET(C192,-1,0)=\"L\",1,IF(OFFSET(C192,-1,0)=1,2,IF(OR(A192=\"s\",A192=0),\"S\",IF(AND(OFFSET(C192,-1,0)=2,A192=4),3,IF(AND(OR(OFFSET(C192,-1,0)=\"s\",OFFSET(C192,-1,0)=0),A192<>\"s\",A192>OFFSET(B192,-1,0)),OFFSET(B192,-1,0),A192)))))","v":"S"},{"$f":"IF(OR(C192=\"S\",C192=0),0,IF(ISERROR(K192),J192,SMALL(J192:K192,1)))","v":0},{"$f":"IF($C192=1,OFFSET(E192,-1,0)+MAX(1,COUNTIF(QCI!$A$13:$A$24,OFFSET(ORÇAMENTO!E192,-1,0))),OFFSET(E192,-1,0))","v":1},{"$f":"IF($C192=1,0,IF($C192=2,OFFSET(F192,-1,0)+1,OFFSET(F192,-1,0)))","v":10},{"$f":"IF(AND($C192<=2,$C192<>0),0,IF($C192=3,OFFSET(G192,-1,0)+1,OFFSET(G192,-1,0)))","v":0},{"$f":"IF(AND($C192<=3,$C192<>0),0,IF($C192=4,OFFSET(H192,-1,0)+1,OFFSET(H192,-1,0)))","v":0},{"$f":"IF(AND($C192<=4,$C192<>0),0,IF(AND($C192=\"S\",$X192>0),OFFSET(I192,-1,0)+1,OFFSET(I192,-1,0)))","v":4},0,{"$f":"IF(OR($C192=\"S\",$C192=0),0,MATCH(OFFSET($D192,0,$C192)+IF($C192<>1,1,COUNTIF(QCI!$A$13:$A$24,ORÇAMENTO!E192)),OFFSET($D192,1,$C192,ROW($C$240)-ROW($C192)),0))","v":0},{"$f":"IF(OR($X192>0,$C192=1,$C192=2,$C192=3,$C192=4),\"F\",\"\")","v":"F"},"Serviço",{"$f":"CHOOSE(1+LOG(1+2*(C192=1)+4*(C192=2)+8*(C192=3)+16*(C192=4)+32*(C192=\"S\"),2),\"\",\"Meta\",\"Nível 2\",\"Nível 3\",\"Nível 4\",\"Serviço\")","v":"Serviço"},{"$f":"IF(OR($C192=0,$L192=\"\"),\"-\",CONCATENATE(E192&\".\",IF(AND($A$5>=2,$C192>=2),F192&\".\",\"\"),IF(AND($A$5>=3,$C192>=3),G192&\".\",\"\"),IF(AND($A$5>=4,$C192>=4),H192&\".\",\"\"),IF($C192=\"S\",I192&\".\",\"\")))","v":"1.10.0.4."},"SINAPI","96121",{"$f":"IF($C192=\"S\",REFERENCIA.Descricao,\"(digite a descrição aqui)\")","v":"ACABAMENTOS PARA FORRO (RODA-FORRO EM PERFIL METÁLICO E PLÁSTICO). AF_08/2023"},{"$f":"REFERENCIA.Unidade","v":"M"},{"$f":"OFFSET(CÁLCULO!H$15,ROW($T192)-ROW(T$15),0)","v":121.6},14.31,"BDI 1",{"$f":"IF($C192=\"S\",ROUND(IF(TIPOORCAMENTO=\"Proposto\",ORÇAMENTO.CustoUnitario*(1+$AH192),ORÇAMENTO.PrecoUnitarioLicitado),15-13*$AF$10),0)","v":17.87},{"$f":"IF($C192=\"S\",IF(Import.TipoArredondamento<>\"TransfereGOV\",VTOTAL1,SUM(OFFSET(CÁLCULO!$AA$15,ROW($X192)-ROW($X$15),1):OFFSET(CÁLCULO!$AL$15,ROW($X192)-ROW($X$15),-1))),IF($C192=0,0,ROUND(SomaAgrup,15-13*$AF$11)))","v":2172.9899999999998},"RA",{"$f":"IF(AND($C192=\"S\",$X192>0),IF(ISBLANK($Y192),\"RA\",LEFT($Y192,2)),\"\")","v":"RA"},{"$f":"IF($C192=\"S\",IF($Z192=\"CP\",$X192,IF($Z192=\"RA\",(($X192)*QCI!$AA$3),0)),SomaAgrup)","v":2172.9899999999998},{"$f":"IF($C192=\"S\",IF($Z192=\"OU\",ROUND($X192,2),0),SomaAgrup)","v":0},{"$f":"IF($N192=\"\",\"\",IF(ORÇAMENTO.Descricao=\"\",\"DESCRIÇÃO\",IF(AND($C192=\"S\",ORÇAMENTO.Unidade=\"\"),\"UNIDADE\",IF($X192<0,\"VALOR NEGATIVO\",IF(OR(AND(TIPOORCAMENTO=\"Proposto\",$AG192<>\"\",$AG192>0,ORÇAMENTO.CustoUnitario>$AG192),AND(TIPOORCAMENTO=\"LICITADO\",ORÇAMENTO.PrecoUnitarioLicitado>$AN192)),\"ACIMA REF.\",\"\")))))","v":""},{"$f":"IF(C192<=CRONO.NivelExibicao,MAX($AD$15:OFFSET(AD192,-1,0))+IF($C192<>1,1,MAX(1,COUNTIF(QCI!$A$13:$A$24,OFFSET($E192,-1,0)))),\"\")","v":""},{"$f":"IF(AND($C192=\"S\",ORÇAMENTO.CodBarra<>\"\"),IF(ORÇAMENTO.Fonte=\"\",ORÇAMENTO.CodBarra,CONCATENATE(ORÇAMENTO.Fonte,\" \",ORÇAMENTO.CodBarra)))","v":"SINAPI 96121"},{"$f":"IF(ISERROR(INDIRECT(ORÇAMENTO.BancoRef)),\"(abra o arquivo 'Referência \"&Excel_BuiltIn_Database&\".xlsm)\",IF(OR($C192<>\"S\",ORÇAMENTO.CodBarra=\"\"),\"(Sem Código)\",IF(ISERROR(MATCH($AE192,INDIRECT(ORÇAMENTO.BancoRef),0)),\"(Código não identificado nas referências)\",MATCH($AE192,INDIRECT(ORÇAMENTO.BancoRef),0))))","v":6603},{"$f":"ROUND(IF(DESONERACAO=\"sim\",REFERENCIA.Desonerado,REFERENCIA.NaoDesonerado),2)","v":14.31},{"$f":"ROUND(IF(ISNUMBER(ORÇAMENTO.OpcaoBDI),ORÇAMENTO.OpcaoBDI,IF(LEFT(ORÇAMENTO.OpcaoBDI,3)=\"BDI\",HLOOKUP(ORÇAMENTO.OpcaoBDI,$F$4:$H$5,2,FALSE),0)),15-11*$AF$9)","v":0.2487},null,121.6,null,null,2172.9899999999998,{"$f":"ROUND(ORÇAMENTO.CustoUnitario*(1+$AH192),2)","v":17.87}]
["S",2,"S",0,{"$f":"IF($C193=1,OFFSET(E193,-1,0)+MAX(1,COUNTIF(QCI!$A$13:$A$24,OFFSET(ORÇAMENTO!E193,-1,0))),OFFSET(E193,-1,0))","v":1},10,0,0,5,0,{"$f":"IF(OR($C193=\"S\",$C193=0),0,MATCH(OFFSET($D193,0,$C193)+IF($C193<>1,1,COUNTIF(QCI!$A$13:$A$24,ORÇAMENTO!E193)),OFFSET($D193,1,$C193,ROW($C$240)-ROW($C193)),0))","v":0},"F","Serviço","Serviço","1.10.0.5.","SINAPI","87256",{"$f":"IF($C193=\"S\",REFERENCIA.Descricao,\"(digite a descrição aqui)\")","v":"REVESTIMENTO CERÂMICO PARA PISO COM PLACAS TIPO ESMALTADA EXTRA DE DIMENSÕES 60X60 CM APLICADA EM AMBIENTES DE ÁREA ENTRE 5 M2 E 10 M2. AF_02/2023_PE"},{"$f":"REFERENCIA.Unidade","v":"M2"},{"$f":"OFFSET(CÁLCULO!H$15,ROW($T193)-ROW(T$15),0)","v":198.84},101.58,"BDI 1",{"$f":"IF($C193=\"S\",ROUND(IF(TIPOORCAMENTO=\"Proposto\",ORÇAMENTO.CustoUnitario*(1+$AH193),ORÇAMENTO.PrecoUnitarioLicitado),15-13*$AF$10),0)","v":126.84},{"$f":"IF($C193=\"S\",IF(Import.TipoArredondamento<>\"TransfereGOV\",VTOTAL1,SUM(OFFSET(CÁLCULO!$AA$15,ROW($X193)-ROW($X$15),1):OFFSET(CÁLCULO!$AL$15,ROW($X193)-ROW($X$15),-1))),IF($C193=0,0,ROUND(SomaAgrup,15-13*$AF$11)))","v":25220.87},"RA","RA",{"$f":"IF($C193=\"S\",IF($Z193=\"CP\",$X193,IF($Z193=\"RA\",(($X193)*QCI!$AA$3),0)),SomaAgrup)","v":25220.87},0,{"$f":"IF($N193=\"\",\"\",IF(ORÇAMENTO.Descricao=\"\",\"DESCRIÇÃO\",IF(AND($C193=\"S\",ORÇAMENTO.Unidade=\"\"),\"UNIDADE\",IF($X193<0,\"VALOR NEGATIVO\",IF(OR(AND(TIPOORCAMENTO=\"Proposto\",$AG193<>\"\",$AG193>0,ORÇAMENTO.CustoUnitario>$AG193),AND(TIPOORCAMENTO=\"LICITADO\",ORÇAMENTO.PrecoUnitarioLicitado>$AN193)),\"ACIMA REF.\",\"\")))))","v":""},{"$f":"IF(C193<=CRONO.NivelExibicao,MAX($AD$15:OFFSET(AD193,-1,0))+IF($C193<>1,1,MAX(1,COUNTIF(QCI!$A$13:$A$24,OFFSET($E193,-1,0)))),\"\")","v":""},{"$f":"IF(AND($C193=\"S\",ORÇAMENTO.CodBarra<>\"\"),IF(ORÇAMENTO.Fonte=\"\",ORÇAMENTO.CodBarra,CONCATENATE(ORÇAMENTO.Fonte,\" \",ORÇAMENTO.CodBarra)))","v":"SINAPI 87256"},{"$f":"IF(ISERROR(INDIRECT(ORÇAMENTO.BancoRef)),\"(abra o arquivo 'Referência \"&Excel_BuiltIn_Database&\".xlsm)\",IF(OR($C193<>\"S\",ORÇAMENTO.CodBarra=\"\"),\"(Sem Código)\",IF(ISERROR(MATCH($AE193,INDIRECT(ORÇAMENTO.BancoRef),0)),\"(Código não identificado nas referências)\",MATCH($AE193,INDIRECT(ORÇAMENTO.BancoRef),0))))","v":6206},{"$f":"ROUND(IF(DESONERACAO=\"sim\",REFERENCIA.Desonerado,REFERENCIA.NaoDesonerado),2)","v":101.58},0.2487,null,198.84,null,null,25220.87,126.84]
["S",2,"S",0,{"$f":"IF($C194=1,OFFSET(E194,-1,0)+MAX(1,COUNTIF(QCI!$A$13:$A$24,OFFSET(ORÇAMENTO!E194,-1,0))),OFFSET(E194,-1,0))","v":1},10,0,0,6,0,{"$f":"IF(OR($C194=\"S\",$C194=0),0,MATCH(OFFSET($D194,0,$C194)+IF($C194<>1,1,COUNTIF(QCI!$A$13:$A$24,ORÇAMENTO!E194)),OFFSET($D194,1,$C194,ROW($C$240)-ROW($C194)),0))","v":0},"F","Serviço","Serviço","1.10.0.6.","SINAPI","88650",{"$f":"IF($C194=\"S\",REFERENCIA.Descricao,\"(digite a descrição aqui)\")","v":"RODAPÉ CERÂMICO DE 7CM DE ALTURA COM PLACAS TIPO ESMALTADA EXTRA DE DIMENSÕES 60X60CM. AF_02/2023"},{"$f":"REFERENCIA.Unidade","v":"M"},{"$f":"OFFSET(CÁLCULO!H$15,ROW($T194)-ROW(T$15),0)","v":66.55},16.760000000000002,"BDI 1",{"$f":"IF($C194=\"S\",ROUND(IF(TIPOORCAMENTO=\"Proposto\",ORÇAMENTO.CustoUnitario*(1+$AH194),ORÇAMENTO.PrecoUnitarioLicitado),15-13*$AF$10),0)","v":20.93},{"$f":"IF($C194=\"S\",IF(Import.TipoArredondamento<>\"TransfereGOV\",VTOTAL1,SUM(OFFSET(CÁLCULO!$AA$15,ROW($X194)-ROW($X$15),1):OFFSET(CÁLCULO!$AL$15,ROW($X194)-ROW($X$15),-1))),IF($C194=0,0,ROUND(SomaAgrup,15-13*$AF$11)))","v":1392.89},"RA","RA",{"$f":"IF($C194=\"S\",IF($Z194=\"CP\",$X194,IF($Z194=\"RA\",(($X194)*QCI!$AA$3),0)),SomaAgrup)","v":1392.89},0,{"$f":"IF($N194=\"\",\"\",IF(ORÇAMENTO.Descricao=\"\",\"DESCRIÇÃO\",IF(AND($C194=\"S\",ORÇAMENTO.Unidade=\"\"),\"UNIDADE\",IF($X194<0,\"VALOR NEGATIVO\",IF(OR(AND(TIPOORCAMENTO=\"Proposto\",$AG194<>\"\",$AG194>0,ORÇAMENTO.CustoUnitario>$AG194),AND(TIPOORCAMENTO=\"LICITADO\",ORÇAMENTO.PrecoUnitarioLicitado>$AN194)),\"ACIMA REF.\",\"\")))))","v":""},{"$f":"IF(C194<=CRONO.NivelExibicao,MAX($AD$15:OFFSET(AD194,-1,0))+IF($C194<>1,1,MAX(1,COUNTIF(QCI!$A$13:$A$24,OFFSET($E194,-1,0)))),\"\")","v":""},{"$f":"IF(AND($C194=\"S\",ORÇAMENTO.CodBarra<>\"\"),IF(ORÇAMENTO.Fonte=\"\",ORÇAMENTO.CodBarra,CONCATENATE(ORÇAMENTO.Fonte,\" \",ORÇAMENTO.CodBarra)))","v":"SINAPI 88650"},{"$f":"IF(ISERROR(INDIRECT(ORÇAMENTO.BancoRef)),\"(abra o arquivo 'Referência \"&Excel_BuiltIn_Database&\".xlsm)\",IF(OR($C194<>\"S\",ORÇAMENTO.CodBarra=\"\"),\"(Sem Código)\",IF(ISERROR(MATCH($AE194,INDIRECT(ORÇAMENTO.BancoRef),0)),\"(Código não identificado nas referências)\",MATCH($AE194,INDIRECT(ORÇAMENTO.BancoRef),0))))","v":6271},{"$f":"ROUND(IF(DESONERACAO=\"sim\",REFERENCIA.Desonerado,REFERENCIA.NaoDesonerado),2)","v":16.760000000000002},0.2487,null,66.55,null,null,1392.89,20.93]
["S",2,"S",0,{"$f":"IF($C195=1,OFFSET(E195,-1,0)+MAX(1,COUNTIF(QCI!$A$13:$A$24,OFFSET(ORÇAMENTO!E195,-1,0))),OFFSET(E195,-1,0))","v":1},10,0,0,7,0,{"$f":"IF(OR($C195=\"S\",$C195=0),0,MATCH(OFFSET($D195,0,$C195)+IF($C195<>1,1,COUNTIF(QCI!$A$13:$A$24,ORÇAMENTO!E195)),OFFSET($D195,1,$C195,ROW($C$240)-ROW($C195)),0))","v":0},"F","Serviço","Serviço","1.10.0.7.","SINAPI","98689",{"$f":"IF($C195=\"S\",REFERENCIA.Descricao,\"(digite a descrição aqui)\")","v":"SOLEIRA EM GRANITO, LARGURA 15 CM, ESPESSURA 2,0 CM. AF_09/2020"},{"$f":"REFERENCIA.Unidade","v":"M"},{"$f":"OFFSET(CÁLCULO!H$15,ROW($T195)-ROW(T$15),0)","v":2.5},122.18,"BDI 1",{"$f":"IF($C195=\"S\",ROUND(IF(TIPOORCAMENTO=\"Proposto\",ORÇAMENTO.CustoUnitario*(1+$AH195),ORÇAMENTO.PrecoUnitarioLicitado),15-13*$AF$10),0)","v":152.57},{"$f":"IF($C195=\"S\",IF(Import.TipoArredondamento<>\"TransfereGOV\",VTOTAL1,SUM(OFFSET(CÁLCULO!$AA$15,ROW($X195)-ROW($X$15),1):OFFSET(CÁLCULO!$AL$15,ROW($X195)-ROW($X$15),-1))),IF($C195=0,0,ROUND(SomaAgrup,15-13*$AF$11)))","v":381.43},"RA","RA",{"$f":"IF($C195=\"S\",IF($Z195=\"CP\",$X195,IF($Z195=\"RA\",(($X195)*QCI!$AA$3),0)),SomaAgrup)","v":381.43},0,{"$f":"IF($N195=\"\",\"\",IF(ORÇAMENTO.Descricao=\"\",\"DESCRIÇÃO\",IF(AND($C195=\"S\",ORÇAMENTO.Unidade=\"\"),\"UNIDADE\",IF($X195<0,\"VALOR NEGATIVO\",IF(OR(AND(TIPOORCAMENTO=\"Proposto\",$AG195<>\"\",$AG195>0,ORÇAMENTO.CustoUnitario>$AG195),AND(TIPOORCAMENTO=\"LICITADO\",ORÇAMENTO.PrecoUnitarioLicitado>$AN195)),\"ACIMA REF.\",\"\")))))","v":""},{"$f":"IF(C195<=CRONO.NivelExibicao,MAX($AD$15:OFFSET(AD195,-1,0))+IF($C195<>1,1,MAX(1,COUNTIF(QCI!$A$13:$A$24,OFFSET($E195,-1,0)))),\"\")","v":""},{"$f":"IF(AND($C195=\"S\",ORÇAMENTO.CodBarra<>\"\"),IF(ORÇAMENTO.Fonte=\"\",ORÇAMENTO.CodBarra,CONCATENATE(ORÇAMENTO.Fonte,\" \",ORÇAMENTO.CodBarra)))","v":"SINAPI 98689"},{"$f":"IF(ISERROR(INDIRECT(ORÇAMENTO.BancoRef)),\"(abra o arquivo 'Referência \"&Excel_BuiltIn_Database&\".xlsm)\",IF(OR($C195<>\"S\",ORÇAMENTO.CodBarra=\"\"),\"(Sem Código)\",IF(ISERROR(MATCH($AE195,INDIRECT(ORÇAMENTO.BancoRef),0)),\"(Código não identificado nas referências)\",MATCH($AE195,INDIRECT(ORÇAMENTO.BancoRef),0))))","v":6247},{"$f":"ROUND(IF(DESONERACAO=\"sim\",REFERENCIA.Desonerado,REFERENCIA.NaoDesonerado),2)","v":122.18},0.2487,null,2.5,null,null,381.43,152.57]
["S",2,"S",0,{"$f":"IF($C196=1,OFFSET(E196,-1,0)+MAX(1,COUNTIF(QCI!$A$13:$A$24,OFFSET(ORÇAMENTO!E196,-1,0))),OFFSET(E196,-1,0))","v":1},10,0,0,7,0,{"$f":"IF(OR($C196=\"S\",$C196=0),0,MATCH(OFFSET($D196,0,$C196)+IF($C196<>1,1,COUNTIF(QCI!$A$13:$A$24,ORÇAMENTO!E196)),OFFSET($D196,1,$C196,ROW($C$240)-ROW($C196)),0))","v":0},"","Serviço","Serviço","-","SINAPI",null,{"$f":"IF($C196=\"S\",REFERENCIA.Descricao,\"(digite a descrição aqui)\")","v":"(Sem Código)"},{"$f":"REFERENCIA.Unidade","v":"-"},{"$f":"OFFSET(CÁLCULO!H$15,ROW($T196)-ROW(T$15),0)","v":0},0,"BDI 1",{"$f":"IF($C196=\"S\",ROUND(IF(TIPOORCAMENTO=\"Proposto\",ORÇAMENTO.CustoUnitario*(1+$AH196),ORÇAMENTO.PrecoUnitarioLicitado),15-13*$AF$10),0)","v":0},{"$f":"IF($C196=\"S\",IF(Import.TipoArredondamento<>\"TransfereGOV\",VTOTAL1,SUM(OFFSET(CÁLCULO!$AA$15,ROW($X196)-ROW($X$15),1):OFFSET(CÁLCULO!$AL$15,ROW($X196)-ROW($X$15),-1))),IF($C196=0,0,ROUND(SomaAgrup,15-13*$AF$11)))","v":0},"RA","",{"$f":"IF($C196=\"S\",IF($Z196=\"CP\",$X196,IF($Z196=\"RA\",(($X196)*QCI!$AA$3),0)),SomaAgrup)","v":0},0,{"$f":"IF($N196=\"\",\"\",IF(ORÇAMENTO.Descricao=\"\",\"DESCRIÇÃO\",IF(AND($C196=\"S\",ORÇAMENTO.Unidade=\"\"),\"UNIDADE\",IF($X196<0,\"VALOR NEGATIVO\",IF(OR(AND(TIPOORCAMENTO=\"Proposto\",$AG196<>\"\",$AG196>0,ORÇAMENTO.CustoUnitario>$AG196),AND(TIPOORCAMENTO=\"LICITADO\",ORÇAMENTO.PrecoUnitarioLicitado>$AN196)),\"ACIMA REF.\",\"\")))))","v":""},{"$f":"IF(C196<=CRONO.NivelExibicao,MAX($AD$15:OFFSET(AD196,-1,0))+IF($C196<>1,1,MAX(1,COUNTIF(QCI!$A$13:$A$24,OFFSET($E196,-1,0)))),\"\")","v":""},{"$f":"IF(AND($C196=\"S\",ORÇAMENTO.CodBarra<>\"\"),IF(ORÇAMENTO.Fonte=\"\",ORÇAMENTO.CodBarra,CONCATENATE(ORÇAMENTO.Fonte,\" \",ORÇAMENTO.CodBarra)))","v":false},{"$f":"IF(ISERROR(INDIRECT(ORÇAMENTO.BancoRef)),\"(abra o arquivo 'Referência \"&Excel_BuiltIn_Database&\".xlsm)\",IF(OR($C196<>\"S\",ORÇAMENTO.CodBarra=\"\"),\"(Sem Código)\",IF(ISERROR(MATCH($AE196,INDIRECT(ORÇAMENTO.BancoRef),0)),\"(Código não identificado nas referências)\",MATCH($AE196,INDIRECT(ORÇAMENTO.BancoRef),0))))","v":"(Sem Código)"},{"$f":"ROUND(IF(DESONERACAO=\"sim\",REFERENCIA.Desonerado,REFERENCIA.NaoDesonerado),2)","v":0},0.2487,null,null,null,null,0,0]
["S",2,"S",0,{"$f":"IF($C197=1,OFFSET(E197,-1,0)+MAX(1,COUNTIF(QCI!$A$13:$A$24,OFFSET(ORÇAMENTO!E197,-1,0))),OFFSET(E197,-1,0))","v":1},10,0,0,7,0,{"$f":"IF(OR($C197=\"S\",$C197=0),0,MATCH(OFFSET($D197,0,$C197)+IF($C197<>1,1,COUNTIF(QCI!$A$13:$A$24,ORÇAMENTO!E197)),OFFSET($D197,1,$C197,ROW($C$240)-ROW($C197)),0))","v":0},"","Serviço","Serviço","-","SINAPI",null,{"$f":"IF($C197=\"S\",REFERENCIA.Descricao,\"(digite a descrição aqui)\")","v":"(Sem Código)"},{"$f":"REFERENCIA.Unidade","v":"-"},{"$f":"OFFSET(CÁLCULO!H$15,ROW($T197)-ROW(T$15),0)","v":0},0,"BDI 1",{"$f":"IF($C197=\"S\",ROUND(IF(TIPOORCAMENTO=\"Proposto\",ORÇAMENTO.CustoUnitario*(1+$AH197),ORÇAMENTO.PrecoUnitarioLicitado),15-13*$AF$10),0)","v":0},{"$f":"IF($C197=\"S\",IF(Import.TipoArredondamento<>\"TransfereGOV\",VTOTAL1,SUM(OFFSET(CÁLCULO!$AA$15,ROW($X197)-ROW($X$15),1):OFFSET(CÁLCULO!$AL$15,ROW($X197)-ROW($X$15),-1))),IF($C197=0,0,ROUND(SomaAgrup,15-13*$AF$11)))","v":0},"RA","",{"$f":"IF($C197=\"S\",IF($Z197=\"CP\",$X197,IF($Z197=\"RA\",(($X197)*QCI!$AA$3),0)),SomaAgrup)","v":0},0,{"$f":"IF($N197=\"\",\"\",IF(ORÇAMENTO.Descricao=\"\",\"DESCRIÇÃO\",IF(AND($C197=\"S\",ORÇAMENTO.Unidade=\"\"),\"UNIDADE\",IF($X197<0,\"VALOR NEGATIVO\",IF(OR(AND(TIPOORCAMENTO=\"Proposto\",$AG197<>\"\",$AG197>0,ORÇAMENTO.CustoUnitario>$AG197),AND(TIPOORCAMENTO=\"LICITADO\",ORÇAMENTO.PrecoUnitarioLicitado>$AN197)),\"ACIMA REF.\",\"\")))))","v":""},{"$f":"IF(C197<=CRONO.NivelExibicao,MAX($AD$15:OFFSET(AD197,-1,0))+IF($C197<>1,1,MAX(1,COUNTIF(QCI!$A$13:$A$24,OFFSET($E197,-1,0)))),\"\")","v":""},{"$f":"IF(AND($C197=\"S\",ORÇAMENTO.CodBarra<>\"\"),IF(ORÇAMENTO.Fonte=\"\",ORÇAMENTO.CodBarra,CONCATENATE(ORÇAMENTO.Fonte,\" \",ORÇAMENTO.CodBarra)))","v":false},{"$f":"IF(ISERROR(INDIRECT(ORÇAMENTO.BancoRef)),\"(abra o arquivo 'Referência \"&Excel_BuiltIn_Database&\".xlsm)\",IF(OR($C197<>\"S\",ORÇAMENTO.CodBarra=\"\"),\"(Sem Código)\",IF(ISERROR(MATCH($AE197,INDIRECT(ORÇAMENTO.BancoRef),0)),\"(Código não identificado nas referências)\",MATCH($AE197,INDIRECT(ORÇAMENTO.BancoRef),0))))","v":"(Sem Código)"},{"$f":"ROUND(IF(DESONERACAO=\"sim\",REFERENCIA.Desonerado,REFERENCIA.NaoDesonerado),2)","v":0},0.2487,null,null,null,null,0,0]
["S",2,"S",0,{"$f":"IF($C198=1,OFFSET(E198,-1,0)+MAX(1,COUNTIF(QCI!$A$13:$A$24,OFFSET(ORÇAMENTO!E198,-1,0))),OFFSET(E198,-1,0))","v":1},10,0,0,7,0,{"$f":"IF(OR($C198=\"S\",$C198=0),0,MATCH(OFFSET($D198,0,$C198)+IF($C198<>1,1,COUNTIF(QCI!$A$13:$A$24,ORÇAMENTO!E198)),OFFSET($D198,1,$C198,ROW($C$240)-ROW($C198)),0))","v":0},"","Serviço","Serviço","-","SINAPI",null,{"$f":"IF($C198=\"S\",REFERENCIA.Descricao,\"(digite a descrição aqui)\")","v":"(Sem Código)"},{"$f":"REFERENCIA.Unidade","v":"-"},{"$f":"OFFSET(CÁLCULO!H$15,ROW($T198)-ROW(T$15),0)","v":0},0,"BDI 1",{"$f":"IF($C198=\"S\",ROUND(IF(TIPOORCAMENTO=\"Proposto\",ORÇAMENTO.CustoUnitario*(1+$AH198),ORÇAMENTO.PrecoUnitarioLicitado),15-13*$AF$10),0)","v":0},{"$f":"IF($C198=\"S\",IF(Import.TipoArredondamento<>\"TransfereGOV\",VTOTAL1,SUM(OFFSET(CÁLCULO!$AA$15,ROW($X198)-ROW($X$15),1):OFFSET(CÁLCULO!$AL$15,ROW($X198)-ROW($X$15),-1))),IF($C198=0,0,ROUND(SomaAgrup,15-13*$AF$11)))","v":0},"RA","",{"$f":"IF($C198=\"S\",IF($Z198=\"CP\",$X198,IF($Z198=\"RA\",(($X198)*QCI!$AA$3),0)),SomaAgrup)","v":0},0,{"$f":"IF($N198=\"\",\"\",IF(ORÇAMENTO.Descricao=\"\",\"DESCRIÇÃO\",IF(AND($C198=\"S\",ORÇAMENTO.Unidade=\"\"),\"UNIDADE\",IF($X198<0,\"VALOR NEGATIVO\",IF(OR(AND(TIPOORCAMENTO=\"Proposto\",$AG198<>\"\",$AG198>0,ORÇAMENTO.CustoUnitario>$AG198),AND(TIPOORCAMENTO=\"LICITADO\",ORÇAMENTO.PrecoUnitarioLicitado>$AN198)),\"ACIMA REF.\",\"\")))))","v":""},{"$f":"IF(C198<=CRONO.NivelExibicao,MAX($AD$15:OFFSET(AD198,-1,0))+IF($C198<>1,1,MAX(1,COUNTIF(QCI!$A$13:$A$24,OFFSET($E198,-1,0)))),\"\")","v":""},{"$f":"IF(AND($C198=\"S\",ORÇAMENTO.CodBarra<>\"\"),IF(ORÇAMENTO.Fonte=\"\",ORÇAMENTO.CodBarra,CONCATENATE(ORÇAMENTO.Fonte,\" \",ORÇAMENTO.CodBarra)))","v":false},{"$f":"IF(ISERROR(INDIRECT(ORÇAMENTO.BancoRef)),\"(abra o arquivo 'Referência \"&Excel_BuiltIn_Database&\".xlsm)\",IF(OR($C198<>\"S\",ORÇAMENTO.CodBarra=\"\"),\"(Sem Código)\",IF(ISERROR(MATCH($AE198,INDIRECT(ORÇAMENTO.BancoRef),0)),\"(Código não identificado nas referências)\",MATCH($AE198,INDIRECT(ORÇAMENTO.BancoRef),0))))","v":"(Sem Código)"},{"$f":"ROUND(IF(DESONERACAO=\"sim\",REFERENCIA.Desonerado,REFERENCIA.NaoDesonerado),2)","v":0},0.2487,null,null,null,null,0,0]
[2,2,2,10,{"$f":"IF($C199=1,OFFSET(E199,-1,0)+MAX(1,COUNTIF(QCI!$A$13:$A$24,OFFSET(ORÇAMENTO!E199,-1,0))),OFFSET(E199,-1,0))","v":1},11,0,0,0,41,{"$f":"IF(OR($C199=\"S\",$C199=0),0,MATCH(OFFSET($D199,0,$C199)+IF($C199<>1,1,COUNTIF(QCI!$A$13:$A$24,ORÇAMENTO!E199)),OFFSET($D199,1,$C199,ROW($C$240)-ROW($C199)),0))","v":10},"F","Nível 2","Nível 2","1.11.","SINAPI",null,{"$f":"IF($C199=\"S\",REFERENCIA.Descricao,\"ABERTURAS E ESQUADRIAS\")","v":"ABERTURAS E ESQUADRIAS"},{"$f":"REFERENCIA.Unidade","v":"-"},{"$f":"OFFSET(CÁLCULO!H$15,ROW($T199)-ROW(T$15),0)","v":0},0,"BDI 1",{"$f":"IF($C199=\"S\",ROUND(IF(TIPOORCAMENTO=\"Proposto\",ORÇAMENTO.CustoUnitario*(1+$AH199),ORÇAMENTO.PrecoUnitarioLicitado),15-13*$AF$10),0)","v":0},{"$f":"IF($C199=\"S\",IF(Import.TipoArredondamento<>\"TransfereGOV\",VTOTAL1,SUM(OFFSET(CÁLCULO!$AA$15,ROW($X199)-ROW($X$15),1):OFFSET(CÁLCULO!$AL$15,ROW($X199)-ROW($X$15),-1))),IF($C199=0,0,ROUND(SomaAgrup,15-13*$AF$11)))","v":34460.410000000003},"RA","",{"$f":"IF($C199=\"S\",IF($Z199=\"CP\",$X199,IF($Z199=\"RA\",(($X199)*QCI!$AA$3),0)),SomaAgrup)","v":34460.410000000003},0,{"$f":"IF($N199=\"\",\"\",IF(ORÇAMENTO.Descricao=\"\",\"DESCRIÇÃO\",IF(AND($C199=\"S\",ORÇAMENTO.Unidade=\"\"),\"UNIDADE\",IF($X199<0,\"VALOR NEGATIVO\",IF(OR(AND(TIPOORCAMENTO=\"Proposto\",$AG199<>\"\",$AG199>0,ORÇAMENTO.CustoUnitario>$AG199),AND(TIPOORCAMENTO=\"LICITADO\",ORÇAMENTO.PrecoUnitarioLicitado>$AN199)),\"ACIMA REF.\",\"\")))))","v":""},{"$f":"IF(C199<=CRONO.NivelExibicao,MAX($AD$15:OFFSET(AD199,-1,0))+IF($C199<>1,1,MAX(1,COUNTIF(QCI!$A$13:$A$24,OFFSET($E199,-1,0)))),\"\")","v":12},{"$f":"IF(AND($C199=\"S\",ORÇAMENTO.CodBarra<>\"\"),IF(ORÇAMENTO.Fonte=\"\",ORÇAMENTO.CodBarra,CONCATENATE(ORÇAMENTO.Fonte,\" \",ORÇAMENTO.CodBarra)))","v":false},{"$f":"IF(ISERROR(INDIRECT(ORÇAMENTO.BancoRef)),\"(abra o arquivo 'Referência \"&Excel_BuiltIn_Database&\".xlsm)\",IF(OR($C199<>\"S\",ORÇAMENTO.CodBarra=\"\"),\"(Sem Código)\",IF(ISERROR(MATCH($AE199,INDIRECT(ORÇAMENTO.BancoRef),0)),\"(Código não identificado nas referências)\",MATCH($AE199,INDIRECT(ORÇAMENTO.BancoRef),0))))","v":"(Sem Código)"},{"$f":"ROUND(IF(DESONERACAO=\"sim\",REFERENCIA.Desonerado,REFERENCIA.NaoDesonerado),2)","v":0},0.2487,null,null,null,null,34460.410000000003,0]
[{"$f":"CHOOSE(1+LOG(1+2*(ORÇAMENTO.Nivel=\"Meta\")+4*(ORÇAMENTO.Nivel=\"Nível 2\")+8*(ORÇAMENTO.Nivel=\"Nível 3\")+16*(ORÇAMENTO.Nivel=\"Nível 4\")+32*(ORÇAMENTO.Nivel=\"Serviço\"),2),0,1,2,3,4,\"S\")","v":"S"},{"$f":"IF(OR(C200=\"s\",C200=0),OFFSET(B200,-1,0),C200)","v":2},{"$f":"IF(OFFSET(C200,-1,0)=\"L\",1,IF(OFFSET(C200,-1,0)=1,2,IF(OR(A200=\"s\",A200=0),\"S\",IF(AND(OFFSET(C200,-1,0)=2,A200=4),3,IF(AND(OR(OFFSET(C200,-1,0)=\"s\",OFFSET(C200,-1,0)=0),A200<>\"s\",A200>OFFSET(B200,-1,0)),OFFSET(B200,-1,0),A200)))))","v":"S"},{"$f":"IF(OR(C200=\"S\",C200=0),0,IF(ISERROR(K200),J200,SMALL(J200:K200,1)))","v":0},{"$f":"IF($C200=1,OFFSET(E200,-1,0)+MAX(1,COUNTIF(QCI!$A$13:$A$24,OFFSET(ORÇAMENTO!E200,-1,0))),OFFSET(E200,-1,0))","v":1},{"$f":"IF($C200=1,0,IF($C200=2,OFFSET(F200,-1,0)+1,OFFSET(F200,-1,0)))","v":11},{"$f":"IF(AND($C200<=2,$C200<>0),0,IF($C200=3,OFFSET(G200,-1,0)+1,OFFSET(G200,-1,0)))","v":0},{"$f":"IF(AND($C200<=3,$C200<>0),0,IF($C200=4,OFFSET(H200,-1,0)+1,OFFSET(H200,-1,0)))","v":0},{"$f":"IF(AND($C200<=4,$C200<>0),0,IF(AND($C200=\"S\",$X200>0),OFFSET(I200,-1,0)+1,OFFSET(I200,-1,0)))","v":1},0,{"$f":"IF(OR($C200=\"S\",$C200=0),0,MATCH(OFFSET($D200,0,$C200)+IF($C200<>1,1,COUNTIF(QCI!$A$13:$A$24,ORÇAMENTO!E200)),OFFSET($D200,1,$C200,ROW($C$240)-ROW($C200)),0))","v":0},{"$f":"IF(OR($X200>0,$C200=1,$C200=2,$C200=3,$C200=4),\"F\",\"\")","v":"F"},"Serviço",{"$f":"CHOOSE(1+LOG(1+2*(C200=1)+4*(C200=2)+8*(C200=3)+16*(C200=4)+32*(C200=\"S\"),2),\"\",\"Meta\",\"Nível 2\",\"Nível 3\",\"Nível 4\",\"Serviço\")","v":"Serviço"},{"$f":"IF(OR($C200=0,$L200=\"\"),\"-\",CONCATENATE(E200&\".\",IF(AND($A$5>=2,$C200>=2),F200&\".\",\"\"),IF(AND($A$5>=3,$C200>=3),G200&\".\",\"\"),IF(AND($A$5>=4,$C200>=4),H200&\".\",\"\"),IF($C200=\"S\",I200&\".\",\"\")))","v":"1.11.0.1."},"SINAPI","94589",{"$f":"IF($C200=\"S\",REFERENCIA.Descricao,\"(digite a descrição aqui)\")","v":"CONTRAMARCO DE ALUMÍNIO, FIXAÇÃO COM ARGAMASSA - FORNECIMENTO E INSTALAÇÃO. AF_12/2019"},{"$f":"REFERENCIA.Unidade","v":"M"},{"$f":"OFFSET(CÁLCULO!H$15,ROW($T200)-ROW(T$15),0)","v":53},33.18,"BDI 1",{"$f":"IF($C200=\"S\",ROUND(IF(TIPOORCAMENTO=\"Proposto\",ORÇAMENTO.CustoUnitario*(1+$AH200),ORÇAMENTO.PrecoUnitarioLicitado),15-13*$AF$10),0)","v":41.43},{"$f":"IF($C200=\"S\",IF(Import.TipoArredondamento<>\"TransfereGOV\",VTOTAL1,SUM(OFFSET(CÁLCULO!$AA$15,ROW($X200)-ROW($X$15),1):OFFSET(CÁLCULO!$AL$15,ROW($X200)-ROW($X$15),-1))),IF($C200=0,0,ROUND(SomaAgrup,15-13*$AF$11)))","v":2195.79},"RA",{"$f":"IF(AND($C200=\"S\",$X200>0),IF(ISBLANK($Y200),\"RA\",LEFT($Y200,2)),\"\")","v":"RA"},{"$f":"IF($C200=\"S\",IF($Z200=\"CP\",$X200,IF($Z200=\"RA\",(($X200)*QCI!$AA$3),0)),SomaAgrup)","v":2195.79},{"$f":"IF($C200=\"S\",IF($Z200=\"OU\",ROUND($X200,2),0),SomaAgrup)","v":0},{"$f":"IF($N200=\"\",\"\",IF(ORÇAMENTO.Descricao=\"\",\"DESCRIÇÃO\",IF(AND($C200=\"S\",ORÇAMENTO.Unidade=\"\"),\"UNIDADE\",IF($X200<0,\"VALOR NEGATIVO\",IF(OR(AND(TIPOORCAMENTO=\"Proposto\",$AG200<>\"\",$AG200>0,ORÇAMENTO.CustoUnitario>$AG200),AND(TIPOORCAMENTO=\"LICITADO\",ORÇAMENTO.PrecoUnitarioLicitado>$AN200)),\"ACIMA REF.\",\"\")))))","v":""},{"$f":"IF(C200<=CRONO.NivelExibicao,MAX($AD$15:OFFSET(AD200,-1,0))+IF($C200<>1,1,MAX(1,COUNTIF(QCI!$A$13:$A$24,OFFSET($E200,-1,0)))),\"\")","v":""},{"$f":"IF(AND($C200=\"S\",ORÇAMENTO.CodBarra<>\"\"),IF(ORÇAMENTO.Fonte=\"\",ORÇAMENTO.CodBarra,CONCATENATE(ORÇAMENTO.Fonte,\" \",ORÇAMENTO.CodBarra)))","v":"SINAPI 94589"},{"$f":"IF(ISERROR(INDIRECT(ORÇAMENTO.BancoRef)),\"(abra o arquivo 'Referência \"&Excel_BuiltIn_Database&\".xlsm)\",IF(OR($C200<>\"S\",ORÇAMENTO.CodBarra=\"\"),\"(Sem Código)\",IF(ISERROR(MATCH($AE200,INDIRECT(ORÇAMENTO.BancoRef),0)),\"(Código não identificado nas referências)\",MATCH($AE200,INDIRECT(ORÇAMENTO.BancoRef),0))))","v":2177},{"$f":"ROUND(IF(DESONERACAO=\"sim\",REFERENCIA.Desonerado,REFERENCIA.NaoDesonerado),2)","v":33.18},{"$f":"ROUND(IF(ISNUMBER(ORÇAMENTO.OpcaoBDI),ORÇAMENTO.OpcaoBDI,IF(LEFT(ORÇAMENTO.OpcaoBDI,3)=\"BDI\",HLOOKUP(ORÇAMENTO.OpcaoBDI,$F$4:$H$5,2,FALSE),0)),15-11*$AF$9)","v":0.2487},null,53,null,null,2195.79,{"$f":"ROUND(ORÇAMENTO.CustoUnitario*(1+$AH200),2)","v":41.43}]
["S",2,"S",0,{"$f":"IF($C201=1,OFFSET(E201,-1,0)+MAX(1,COUNTIF(QCI!$A$13:$A$24,OFFSET(ORÇAMENTO!E201,-1,0))),OFFSET(E201,-1,0))","v":1},11,0,0,2,0,{"$f":"IF(OR($C201=\"S\",$C201=0),0,MATCH(OFFSET($D201,0,$C201)+IF($C201<>1,1,COUNTIF(QCI!$A$13:$A$24,ORÇAMENTO!E201)),OFFSET($D201,1,$C201,ROW($C$240)-ROW($C201)),0))","v":0},"F","Serviço","Serviço","1.11.0.2.","SINAPI","94573",{"$f":"IF($C201=\"S\",REFERENCIA.Descricao,\"(digite a descrição aqui)\")","v":"JANELA DE ALUMÍNIO DE CORRER COM 4 FOLHAS PARA VIDROS, COM VIDROS, BATENTE, ACABAMENTO COM ACETATO OU BRILHANTE E FERRAGENS. EXCLUSIVE ALIZAR E CONTRAMARCO. FORNECIMENTO E INSTALAÇÃO. AF_12/2019"},{"$f":"REFERENCIA.Unidade","v":"M2"},{"$f":"OFFSET(CÁLCULO!H$15,ROW($T201)-ROW(T$15),0)","v":22.55},800.15,"BDI 1",{"$f":"IF($C201=\"S\",ROUND(IF(TIPOORCAMENTO=\"Proposto\",ORÇAMENTO.CustoUnitario*(1+$AH201),ORÇAMENTO.PrecoUnitarioLicitado),15-13*$AF$10),0)","v":999.15},{"$f":"IF($C201=\"S\",IF(Import.TipoArredondamento<>\"TransfereGOV\",VTOTAL1,SUM(OFFSET(CÁLCULO!$AA$15,ROW($X201)-ROW($X$15),1):OFFSET(CÁLCULO!$AL$15,ROW($X201)-ROW($X$15),-1))),IF($C201=0,0,ROUND(SomaAgrup,15-13*$AF$11)))","v":22530.83},"RA","RA",{"$f":"IF($C201=\"S\",IF($Z201=\"CP\",$X201,IF($Z201=\"RA\",(($X201)*QCI!$AA$3),0)),SomaAgrup)","v":22530.83},0,{"$f":"IF($N201=\"\",\"\",IF(ORÇAMENTO.Descricao=\"\",\"DESCRIÇÃO\",IF(AND($C201=\"S\",ORÇAMENTO.Unidade=\"\"),\"UNIDADE\",IF($X201<0,\"VALOR NEGATIVO\",IF(OR(AND(TIPOORCAMENTO=\"Proposto\",$AG201<>\"\",$AG201>0,ORÇAMENTO.CustoUnitario>$AG201),AND(TIPOORCAMENTO=\"LICITADO\",ORÇAMENTO.PrecoUnitarioLicitado>$AN201)),\"ACIMA REF.\",\"\")))))","v":""},{"$f":"IF(C201<=CRONO.NivelExibicao,MAX($AD$15:OFFSET(AD201,-1,0))+IF($C201<>1,1,MAX(1,COUNTIF(QCI!$A$13:$A$24,OFFSET($E201,-1,0)))),\"\")","v":""},{"$f":"IF(AND($C201=\"S\",ORÇAMENTO.CodBarra<>\"\"),IF(ORÇAMENTO.Fonte=\"\",ORÇAMENTO.CodBarra,CONCATENATE(ORÇAMENTO.Fonte,\" \",ORÇAMENTO.CodBarra)))","v":"SINAPI 94573"},{"$f":"IF(ISERROR(INDIRECT(ORÇAMENTO.BancoRef)),\"(abra o arquivo 'Referência \"&Excel_BuiltIn_Database&\".xlsm)\",IF(OR($C201<>\"S\",ORÇAMENTO.CodBarra=\"\"),\"(Sem Código)\",IF(ISERROR(MATCH($AE201,INDIRECT(ORÇAMENTO.BancoRef),0)),\"(Código não identificado nas referências)\",MATCH($AE201,INDIRECT(ORÇAMENTO.BancoRef),0))))","v":2175},{"$f":"ROUND(IF(DESONERACAO=\"sim\",REFERENCIA.Desonerado,REFERENCIA.NaoDesonerado),2)","v":800.15},0.2487,null,22.55,null,null,22530.83,999.15]
["S",2,"S",0,{"$f":"IF($C202=1,OFFSET(E202,-1,0)+MAX(1,COUNTIF(QCI!$A$13:$A$24,OFFSET(ORÇAMENTO!E202,-1,0))),OFFSET(E202,-1,0))","v":1},11,0,0,3,0,{"$f":"IF(OR($C202=\"S\",$C202=0),0,MATCH(OFFSET($D202,0,$C202)+IF($C202<>1,1,COUNTIF(QCI!$A$13:$A$24,ORÇAMENTO!E202)),OFFSET($D202,1,$C202,ROW($C$240)-ROW($C202)),0))","v":0},"F","Serviço","Serviço","1.11.0.3.","SINAPI","94569",{"$f":"IF($C202=\"S\",REFERENCIA.Descricao,\"(digite a descrição aqui)\")","v":"JANELA DE ALUMÍNIO TIPO MAXIM-AR, COM VIDROS, BATENTE E FERRAGENS. EXCLUSIVE ALIZAR, ACABAMENTO E CONTRAMARCO. FORNECIMENTO E INSTALAÇÃO. AF_12/2019"},{"$f":"REFERENCIA.Unidade","v":"M2"},{"$f":"OFFSET(CÁLCULO!H$15,ROW($T202)-ROW(T$15),0)","v":0.42},1320.01,"BDI 1",{"$f":"IF($C202=\"S\",ROUND(IF(TIPOORCAMENTO=\"Proposto\",ORÇAMENTO.CustoUnitario*(1+$AH202),ORÇAMENTO.PrecoUnitarioLicitado),15-13*$AF$10),0)","v":1648.3},{"$f":"IF($C202=\"S\",IF(Import.TipoArredondamento<>\"TransfereGOV\",VTOTAL1,SUM(OFFSET(CÁLCULO!$AA$15,ROW($X202)-ROW($X$15),1):OFFSET(CÁLCULO!$AL$15,ROW($X202)-ROW($X$15),-1))),IF($C202=0,0,ROUND(SomaAgrup,15-13*$AF$11)))","v":692.29},"RA","RA",{"$f":"IF($C202=\"S\",IF($Z202=\"CP\",$X202,IF($Z202=\"RA\",(($X202)*QCI!$AA$3),0)),SomaAgrup)","v":692.29},0,{"$f":"IF($N202=\"\",\"\",IF(ORÇAMENTO.Descricao=\"\",\"DESCRIÇÃO\",IF(AND($C202=\"S\",ORÇAMENTO.Unidade=\"\"),\"UNIDADE\",IF($X202<0,\"VALOR NEGATIVO\",IF(OR(AND(TIPOORCAMENTO=\"Proposto\",$AG202<>\"\",$AG202>0,ORÇAMENTO.CustoUnitario>$AG202),AND(TIPOORCAMENTO=\"LICITADO\",ORÇAMENTO.PrecoUnitarioLicitado>$AN202)),\"ACIMA REF.\",\"\")))))","v":""},{"$f":"IF(C202<=CRONO.NivelExibicao,MAX($AD$15:OFFSET(AD202,-1,0))+IF($C202<>1,1,MAX(1,COUNTIF(QCI!$A$13:$A$24,OFFSET($E202,-1,0)))),\"\")","v":""},{"$f":"IF(AND($C202=\"S\",ORÇAMENTO.CodBarra<>\"\"),IF(ORÇAMENTO.Fonte=\"\",ORÇAMENTO.CodBarra,CONCATENATE(ORÇAMENTO.Fonte,\" \",ORÇAMENTO.CodBarra)))","v":"SINAPI 94569"},{"$f":"IF(ISERROR(INDIRECT(ORÇAMENTO.BancoRef)),\"(abra o arquivo 'Referência \"&Excel_BuiltIn_Database&\".xlsm)\",IF(OR($C202<>\"S\",ORÇAMENTO.CodBarra=\"\"),\"(Sem Código)\",IF(ISERROR(MATCH($AE202,INDIRECT(ORÇAMENTO.BancoRef),0)),\"(Código não identificado nas referências)\",MATCH($AE202,INDIRECT(ORÇAMENTO.BancoRef),0))))","v":2172},{"$f":"ROUND(IF(DESONERACAO=\"sim\",REFERENCIA.Desonerado,REFERENCIA.NaoDesonerado),2)","v":1320.01},0.2487,null,0.42,null,null,692.29,1648.3]
["S",2,"S",0,{"$f":"IF($C203=1,OFFSET(E203,-1,0)+MAX(1,COUNTIF(QCI!$A$13:$A$24,OFFSET(ORÇAMENTO!E203,-1,0))),OFFSET(E203,-1,0))","v":1},11,0,0,4,0,{"$f":"IF(OR($C203=\"S\",$C203=0),0,MATCH(OFFSET($D203,0,$C203)+IF($C203<>1,1,COUNTIF(QCI!$A$13:$A$24,ORÇAMENTO!E203)),OFFSET($D203,1,$C203,ROW($C$240)-ROW($C203)),0))","v":0},"F","Serviço","Serviço","1.11.0.4.","Composição","001",{"$f":"IF($C203=\"S\",REFERENCIA.Descricao,\"(digite a descrição aqui)\")","v":"PORTA DE ABRIR, EM VIDRO TEMPERADO, 2 FOLHAS DE 125X210 CM, ESPESSURA DE 10 MM, INCLUSIVE ACESSÓRIOS."},{"$f":"REFERENCIA.Unidade","v":"UNIDADE"},{"$f":"OFFSET(CÁLCULO!H$15,ROW($T203)-ROW(T$15),0)","v":1},5256.17,"BDI 1",{"$f":"IF($C203=\"S\",ROUND(IF(TIPOORCAMENTO=\"Proposto\",ORÇAMENTO.CustoUnitario*(1+$AH203),ORÇAMENTO.PrecoUnitarioLicitado),15-13*$AF$10),0)","v":6563.38},{"$f":"IF($C203=\"S\",IF(Import.TipoArredondamento<>\"TransfereGOV\",VTOTAL1,SUM(OFFSET(CÁLCULO!$AA$15,ROW($X203)-ROW($X$15),1):OFFSET(CÁLCULO!$AL$15,ROW($X203)-ROW($X$15),-1))),IF($C203=0,0,ROUND(SomaAgrup,15-13*$AF$11)))","v":6563.38},"RA","RA",{"$f":"IF($C203=\"S\",IF($Z203=\"CP\",$X203,IF($Z203=\"RA\",(($X203)*QCI!$AA$3),0)),SomaAgrup)","v":6563.38},0,{"$f":"IF($N203=\"\",\"\",IF(ORÇAMENTO.Descricao=\"\",\"DESCRIÇÃO\",IF(AND($C203=\"S\",ORÇAMENTO.Unidade=\"\"),\"UNIDADE\",IF($X203<0,\"VALOR NEGATIVO\",IF(OR(AND(TIPOORCAMENTO=\"Proposto\",$AG203<>\"\",$AG203>0,ORÇAMENTO.CustoUnitario>$AG203),AND(TIPOORCAMENTO=\"LICITADO\",ORÇAMENTO.PrecoUnitarioLicitado>$AN203)),\"ACIMA REF.\",\"\")))))","v":""},{"$f":"IF(C203<=CRONO.NivelExibicao,MAX($AD$15:OFFSET(AD203,-1,0))+IF($C203<>1,1,MAX(1,COUNTIF(QCI!$A$13:$A$24,OFFSET($E203,-1,0)))),\"\")","v":""},{"$f":"IF(AND($C203=\"S\",ORÇAMENTO.CodBarra<>\"\"),IF(ORÇAMENTO.Fonte=\"\",ORÇAMENTO.CodBarra,CONCATENATE(ORÇAMENTO.Fonte,\" \",ORÇAMENTO.CodBarra)))","v":"Composição 001"},{"$f":"IF(ISERROR(INDIRECT(ORÇAMENTO.BancoRef)),\"(abra o arquivo 'Referência \"&Excel_BuiltIn_Database&\".xlsm)\",IF(OR($C203<>\"S\",ORÇAMENTO.CodBarra=\"\"),\"(Sem Código)\",IF(ISERROR(MATCH($AE203,INDIRECT(ORÇAMENTO.BancoRef),0)),\"(Código não identificado nas referências)\",MATCH($AE203,INDIRECT(ORÇAMENTO.BancoRef),0))))","v":4},{"$f":"ROUND(IF(DESONERACAO=\"sim\",REFERENCIA.Desonerado,REFERENCIA.NaoDesonerado),2)","v":5256.17},0.2487,null,1,null,null,6563.38,6563.38]
["S",2,"S",0,{"$f":"IF($C204=1,OFFSET(E204,-1,0)+MAX(1,COUNTIF(QCI!$A$13:$A$24,OFFSET(ORÇAMENTO!E204,-1,0))),OFFSET(E204,-1,0))","v":1},11,0,0,5,0,{"$f":"IF(OR($C204=\"S\",$C204=0),0,MATCH(OFFSET($D204,0,$C204)+IF($C204<>1,1,COUNTIF(QCI!$A$13:$A$24,ORÇAMENTO!E204)),OFFSET($D204,1,$C204,ROW($C$240)-ROW($C204)),0))","v":0},"F","Serviço","Serviço","1.11.0.5.","SINAPI","91314",{"$f":"IF($C204=\"S\",REFERENCIA.Descricao,\"(digite a descrição aqui)\")","v":"KIT DE PORTA DE MADEIRA PARA PINTURA, SEMI-OCA (LEVE OU MÉDIA), PADRÃO POPULAR, 80X210CM, ESPESSURA DE 3,5CM, ITENS INCLUSOS: DOBRADIÇAS, MONTAGEM E INSTALAÇÃO DO BATENTE, FECHADURA COM EXECUÇÃO DO FURO - FORNECIMENTO E INSTALAÇÃO. AF_12/2019"},{"$f":"REFERENCIA.Unidade","v":"UN"},{"$f":"OFFSET(CÁLCULO!H$15,ROW($T204)-ROW(T$15),0)","v":1},1015.08,"BDI 1",{"$f":"IF($C204=\"S\",ROUND(IF(TIPOORCAMENTO=\"Proposto\",ORÇAMENTO.CustoUnitario*(1+$AH204),ORÇAMENTO.PrecoUnitarioLicitado),15-13*$AF$10),0)","v":1267.53},{"$f":"IF($C204=\"S\",IF(Import.TipoArredondamento<>\"TransfereGOV\",VTOTAL1,SUM(OFFSET(CÁLCULO!$AA$15,ROW($X204)-ROW($X$15),1):OFFSET(CÁLCULO!$AL$15,ROW($X204)-ROW($X$15),-1))),IF($C204=0,0,ROUND(SomaAgrup,15-13*$AF$11)))","v":1267.53},"RA","RA",{"$f":"IF($C204=\"S\",IF($Z204=\"CP\",$X204,IF($Z204=\"RA\",(($X204)*QCI!$AA$3),0)),SomaAgrup)","v":1267.53},0,{"$f":"IF($N204=\"\",\"\",IF(ORÇAMENTO.Descricao=\"\",\"DESCRIÇÃO\",IF(AND($C204=\"S\",ORÇAMENTO.Unidade=\"\"),\"UNIDADE\",IF($X204<0,\"VALOR NEGATIVO\",IF(OR(AND(TIPOORCAMENTO=\"Proposto\",$AG204<>\"\",$AG204>0,ORÇAMENTO.CustoUnitario>$AG204),AND(TIPOORCAMENTO=\"LICITADO\",ORÇAMENTO.PrecoUnitarioLicitado>$AN204)),\"ACIMA REF.\",\"\")))))","v":""},{"$f":"IF(C204<=CRONO.NivelExibicao,MAX($AD$15:OFFSET(AD204,-1,0))+IF($C204<>1,1,MAX(1,COUNTIF(QCI!$A$13:$A$24,OFFSET($E204,-1,0)))),\"\")","v":""},{"$f":"IF(AND($C204=\"S\",ORÇAMENTO.CodBarra<>\"\"),IF(ORÇAMENTO.Fonte=\"\",ORÇAMENTO.CodBarra,CONCATENATE(ORÇAMENTO.Fonte,\" \",ORÇAMENTO.CodBarra)))","v":"SINAPI 91314"},{"$f":"IF(ISERROR(INDIRECT(ORÇAMENTO.BancoRef)),\"(abra o arquivo 'Referência \"&Excel_BuiltIn_Database&\".xlsm)\",IF(OR($C204<>\"S\",ORÇAMENTO.CodBarra=\"\"),\"(Sem Código)\",IF(ISERROR(MATCH($AE204,INDIRECT(ORÇAMENTO.BancoRef),0)),\"(Código não identificado nas referências)\",MATCH($AE204,INDIRECT(ORÇAMENTO.BancoRef),0))))","v":2048},{"$f":"ROUND(IF(DESONERACAO=\"sim\",REFERENCIA.Desonerado,REFERENCIA.NaoDesonerado),2)","v":1015.08},0.2487,null,1,null,null,1267.53,1267.53]
["S",2,"S",0,{"$f":"IF($C205=1,OFFSET(E205,-1,0)+MAX(1,COUNTIF(QCI!$A$13:$A$24,OFFSET(ORÇAMENTO!E205,-1,0))),OFFSET(E205,-1,0))","v":1},11,0,0,6,0,{"$f":"IF(OR($C205=\"S\",$C205=0),0,MATCH(OFFSET($D205,0,$C205)+IF($C205<>1,1,COUNTIF(QCI!$A$13:$A$24,ORÇAMENTO!E205)),OFFSET($D205,1,$C205,ROW($C$240)-ROW($C205)),0))","v":0},"F","Serviço","Serviço","1.11.0.6.","SINAPI","91313",{"$f":"IF($C205=\"S\",REFERENCIA.Descricao,\"(digite a descrição aqui)\")","v":"KIT DE PORTA DE MADEIRA PARA PINTURA, SEMI-OCA (LEVE OU MÉDIA), PADRÃO POPULAR, 70X210CM, ESPESSURA DE 3,5CM, ITENS INCLUSOS: DOBRADIÇAS, MONTAGEM E INSTALAÇÃO DO BATENTE, FECHADURA COM EXECUÇÃO DO FURO - FORNECIMENTO E INSTALAÇÃO. AF_12/2019"},{"$f":"REFERENCIA.Unidade","v":"UN"},{"$f":"OFFSET(CÁLCULO!H$15,ROW($T205)-ROW(T$15),0)","v":1},969.48,"BDI 1",{"$f":"IF($C205=\"S\",ROUND(IF(TIPOORCAMENTO=\"Proposto\",ORÇAMENTO.CustoUnitario*(1+$AH205),ORÇAMENTO.PrecoUnitarioLicitado),15-13*$AF$10),0)","v":1210.5899999999999},{"$f":"IF($C205=\"S\",IF(Import.TipoArredondamento<>\"TransfereGOV\",VTOTAL1,SUM(OFFSET(CÁLCULO!$AA$15,ROW($X205)-ROW($X$15),1):OFFSET(CÁLCULO!$AL$15,ROW($X205)-ROW($X$15),-1))),IF($C205=0,0,ROUND(SomaAgrup,15-13*$AF$11)))","v":1210.5899999999999},"RA","RA",{"$f":"IF($C205=\"S\",IF($Z205=\"CP\",$X205,IF($Z205=\"RA\",(($X205)*QCI!$AA$3),0)),SomaAgrup)","v":1210.5899999999999},0,{"$f":"IF($N205=\"\",\"\",IF(ORÇAMENTO.Descricao=\"\",\"DESCRIÇÃO\",IF(AND($C205=\"S\",ORÇAMENTO.Unidade=\"\"),\"UNIDADE\",IF($X205<0,\"VALOR NEGATIVO\",IF(OR(AND(TIPOORCAMENTO=\"Proposto\",$AG205<>\"\",$AG205>0,ORÇAMENTO.CustoUnitario>$AG205),AND(TIPOORCAMENTO=\"LICITADO\",ORÇAMENTO.PrecoUnitarioLicitado>$AN205)),\"ACIMA REF.\",\"\")))))","v":""},{"$f":"IF(C205<=CRONO.NivelExibicao,MAX($AD$15:OFFSET(AD205,-1,0))+IF($C205<>1,1,MAX(1,COUNTIF(QCI!$A$13:$A$24,OFFSET($E205,-1,0)))),\"\")","v":""},{"$f":"IF(AND($C205=\"S\",ORÇAMENTO.CodBarra<>\"\"),IF(ORÇAMENTO.Fonte=\"\",ORÇAMENTO.CodBarra,CONCATENATE(ORÇAMENTO.Fonte,\" \",ORÇAMENTO.CodBarra)))","v":"SINAPI 91313"},{"$f":"IF(ISERROR(INDIRECT(ORÇAMENTO.BancoRef)),\"(abra o arquivo 'Referência \"&Excel_BuiltIn_Database&\".xlsm)\",IF(OR($C205<>\"S\",ORÇAMENTO.CodBarra=\"\"),\"(Sem Código)\",IF(ISERROR(MATCH($AE205,INDIRECT(ORÇAMENTO.BancoRef),0)),\"(Código não identificado nas referências)\",MATCH($AE205,INDIRECT(ORÇAMENTO.BancoRef),0))))","v":2047},{"$f":"ROUND(IF(DESONERACAO=\"sim\",REFERENCIA.Desonerado,REFERENCIA.NaoDesonerado),2)","v":969.48},0.2487,null,1,null,null,1210.5899999999999,1210.5899999999999]
[{"$f":"CHOOSE(1+LOG(1+2*(ORÇAMENTO.Nivel=\"Meta\")+4*(ORÇAMENTO.Nivel=\"Nível 2\")+8*(ORÇAMENTO.Nivel=\"Nível 3\")+16*(ORÇAMENTO.Nivel=\"Nível 4\")+32*(ORÇAMENTO.Nivel=\"Serviço\"),2),0,1,2,3,4,\"S\")","v":"S"},{"$f":"IF(OR(C206=\"s\",C206=0),OFFSET(B206,-1,0),C206)","v":2},{"$f":"IF(OFFSET(C206,-1,0)=\"L\",1,IF(OFFSET(C206,-1,0)=1,2,IF(OR(A206=\"s\",A206=0),\"S\",IF(AND(OFFSET(C206,-1,0)=2,A206=4),3,IF(AND(OR(OFFSET(C206,-1,0)=\"s\",OFFSET(C206,-1,0)=0),A206<>\"s\",A206>OFFSET(B206,-1,0)),OFFSET(B206,-1,0),A206)))))","v":"S"},{"$f":"IF(OR(C206=\"S\",C206=0),0,IF(ISERROR(K206),J206,SMALL(J206:K206,1)))","v":0},{"$f":"IF($C206=1,OFFSET(E206,-1,0)+MAX(1,COUNTIF(QCI!$A$13:$A$24,OFFSET(ORÇAMENTO!E206,-1,0))),OFFSET(E206,-1,0))","v":1},{"$f":"IF($C206=1,0,IF($C206=2,OFFSET(F206,-1,0)+1,OFFSET(F206,-1,0)))","v":11},{"$f":"IF(AND($C206<=2,$C206<>0),0,IF($C206=3,OFFSET(G206,-1,0)+1,OFFSET(G206,-1,0)))","v":0},{"$f":"IF(AND($C206<=3,$C206<>0),0,IF($C206=4,OFFSET(H206,-1,0)+1,OFFSET(H206,-1,0)))","v":0},{"$f":"IF(AND($C206<=4,$C206<>0),0,IF(AND($C206=\"S\",$X206>0),OFFSET(I206,-1,0)+1,OFFSET(I206,-1,0)))","v":6},{"$f":"IF(OR($C206=\"S\",$C206=0),0,MATCH(0,OFFSET($D206,1,$C206,ROW($C$240)-ROW($C206)),0))","v":0},{"$f":"IF(OR($C206=\"S\",$C206=0),0,MATCH(OFFSET($D206,0,$C206)+IF($C206<>1,1,COUNTIF(QCI!$A$13:$A$24,ORÇAMENTO!E206)),OFFSET($D206,1,$C206,ROW($C$240)-ROW($C206)),0))","v":0},{"$f":"IF(OR($X206>0,$C206=1,$C206=2,$C206=3,$C206=4),\"F\",\"\")","v":""},"Serviço",{"$f":"CHOOSE(1+LOG(1+2*(C206=1)+4*(C206=2)+8*(C206=3)+16*(C206=4)+32*(C206=\"S\"),2),\"\",\"Meta\",\"Nível 2\",\"Nível 3\",\"Nível 4\",\"Serviço\")","v":"Serviço"},{"$f":"IF(OR($C206=0,$L206=\"\"),\"-\",CONCATENATE(E206&\".\",IF(AND($A$5>=2,$C206>=2),F206&\".\",\"\"),IF(AND($A$5>=3,$C206>=3),G206&\".\",\"\"),IF(AND($A$5>=4,$C206>=4),H206&\".\",\"\"),IF($C206=\"S\",I206&\".\",\"\")))","v":"-"},"SINAPI",null,{"$f":"IF($C206=\"S\",REFERENCIA.Descricao,\"(digite a descrição aqui)\")","v":"(Sem Código)"},{"$f":"REFERENCIA.Unidade","v":"-"},{"$f":"OFFSET(CÁLCULO!H$15,ROW($T206)-ROW(T$15),0)","v":0},0,"BDI 1",{"$f":"IF($C206=\"S\",ROUND(IF(TIPOORCAMENTO=\"Proposto\",ORÇAMENTO.CustoUnitario*(1+$AH206),ORÇAMENTO.PrecoUnitarioLicitado),15-13*$AF$10),0)","v":0},{"$f":"IF($C206=\"S\",IF(Import.TipoArredondamento<>\"TransfereGOV\",VTOTAL1,SUM(OFFSET(CÁLCULO!$AA$15,ROW($X206)-ROW($X$15),1):OFFSET(CÁLCULO!$AL$15,ROW($X206)-ROW($X$15),-1))),IF($C206=0,0,ROUND(SomaAgrup,15-13*$AF$11)))","v":0},"RA",{"$f":"IF(AND($C206=\"S\",$X206>0),IF(ISBLANK($Y206),\"RA\",LEFT($Y206,2)),\"\")","v":""},{"$f":"IF($C206=\"S\",IF($Z206=\"CP\",$X206,IF($Z206=\"RA\",(($X206)*QCI!$AA$3),0)),SomaAgrup)","v":0},{"$f":"IF($C206=\"S\",IF($Z206=\"OU\",ROUND($X206,2),0),SomaAgrup)","v":0},{"$f":"IF($N206=\"\",\"\",IF(ORÇAMENTO.Descricao=\"\",\"DESCRIÇÃO\",IF(AND($C206=\"S\",ORÇAMENTO.Unidade=\"\"),\"UNIDADE\",IF($X206<0,\"VALOR NEGATIVO\",IF(OR(AND(TIPOORCAMENTO=\"Proposto\",$AG206<>\"\",$AG206>0,ORÇAMENTO.CustoUnitario>$AG206),AND(TIPOORCAMENTO=\"LICITADO\",ORÇAMENTO.PrecoUnitarioLicitado>$AN206)),\"ACIMA REF.\",\"\")))))","v":""},{"$f":"IF(C206<=CRONO.NivelExibicao,MAX($AD$15:OFFSET(AD206,-1,0))+IF($C206<>1,1,MAX(1,COUNTIF(QCI!$A$13:$A$24,OFFSET($E206,-1,0)))),\"\")","v":""},{"$f":"IF(AND($C206=\"S\",ORÇAMENTO.CodBarra<>\"\"),IF(ORÇAMENTO.Fonte=\"\",ORÇAMENTO.CodBarra,CONCATENATE(ORÇAMENTO.Fonte,\" \",ORÇAMENTO.CodBarra)))","v":false},{"$f":"IF(ISERROR(INDIRECT(ORÇAMENTO.BancoRef)),\"(abra o arquivo 'Referência \"&Excel_BuiltIn_Database&\".xlsm)\",IF(OR($C206<>\"S\",ORÇAMENTO.CodBarra=\"\"),\"(Sem Código)\",IF(ISERROR(MATCH($AE206,INDIRECT(ORÇAMENTO.BancoRef),0)),\"(Código não identificado nas referências)\",MATCH($AE206,INDIRECT(ORÇAMENTO.BancoRef),0))))","v":"(Sem Código)"},{"$f":"ROUND(IF(DESONERACAO=\"sim\",REFERENCIA.Desonerado,REFERENCIA.NaoDesonerado),2)","v":0},{"$f":"ROUND(IF(ISNUMBER(ORÇAMENTO.OpcaoBDI),ORÇAMENTO.OpcaoBDI,IF(LEFT(ORÇAMENTO.OpcaoBDI,3)=\"BDI\",HLOOKUP(ORÇAMENTO.OpcaoBDI,$F$4:$H$5,2,FALSE),0)),15-11*$AF$9)","v":0.2487},null,null,null,null,0,{"$f":"ROUND(ORÇAMENTO.CustoUnitario*(1+$AH206),2)","v":0}]
["S",2,"S",0,{"$f":"IF($C207=1,OFFSET(E207,-1,0)+MAX(1,COUNTIF(QCI!$A$13:$A$24,OFFSET(ORÇAMENTO!E207,-1,0))),OFFSET(E207,-1,0))","v":1},11,0,0,6,0,{"$f":"IF(OR($C207=\"S\",$C207=0),0,MATCH(OFFSET($D207,0,$C207)+IF($C207<>1,1,COUNTIF(QCI!$A$13:$A$24,ORÇAMENTO!E207)),OFFSET($D207,1,$C207,ROW($C$240)-ROW($C207)),0))","v":0},"","Serviço","Serviço","-","SINAPI",null,{"$f":"IF($C207=\"S\",REFERENCIA.Descricao,\"(digite a descrição aqui)\")","v":"(Sem Código)"},{"$f":"REFERENCIA.Unidade","v":"-"},{"$f":"OFFSET(CÁLCULO!H$15,ROW($T207)-ROW(T$15),0)","v":0},0,"BDI 1",{"$f":"IF($C207=\"S\",ROUND(IF(TIPOORCAMENTO=\"Proposto\",ORÇAMENTO.CustoUnitario*(1+$AH207),ORÇAMENTO.PrecoUnitarioLicitado),15-13*$AF$10),0)","v":0},{"$f":"IF($C207=\"S\",IF(Import.TipoArredondamento<>\"TransfereGOV\",VTOTAL1,SUM(OFFSET(CÁLCULO!$AA$15,ROW($X207)-ROW($X$15),1):OFFSET(CÁLCULO!$AL$15,ROW($X207)-ROW($X$15),-1))),IF($C207=0,0,ROUND(SomaAgrup,15-13*$AF$11)))","v":0},"RA","",{"$f":"IF($C207=\"S\",IF($Z207=\"CP\",$X207,IF($Z207=\"RA\",(($X207)*QCI!$AA$3),0)),SomaAgrup)","v":0},0,{"$f":"IF($N207=\"\",\"\",IF(ORÇAMENTO.Descricao=\"\",\"DESCRIÇÃO\",IF(AND($C207=\"S\",ORÇAMENTO.Unidade=\"\"),\"UNIDADE\",IF($X207<0,\"VALOR NEGATIVO\",IF(OR(AND(TIPOORCAMENTO=\"Proposto\",$AG207<>\"\",$AG207>0,ORÇAMENTO.CustoUnitario>$AG207),AND(TIPOORCAMENTO=\"LICITADO\",ORÇAMENTO.PrecoUnitarioLicitado>$AN207)),\"ACIMA REF.\",\"\")))))","v":""},{"$f":"IF(C207<=CRONO.NivelExibicao,MAX($AD$15:OFFSET(AD207,-1,0))+IF($C207<>1,1,MAX(1,COUNTIF(QCI!$A$13:$A$24,OFFSET($E207,-1,0)))),\"\")","v":""},{"$f":"IF(AND($C207=\"S\",ORÇAMENTO.CodBarra<>\"\"),IF(ORÇAMENTO.Fonte=\"\",ORÇAMENTO.CodBarra,CONCATENATE(ORÇAMENTO.Fonte,\" \",ORÇAMENTO.CodBarra)))","v":false},{"$f":"IF(ISERROR(INDIRECT(ORÇAMENTO.BancoRef)),\"(abra o arquivo 'Referência \"&Excel_BuiltIn_Database&\".xlsm)\",IF(OR($C207<>\"S\",ORÇAMENTO.CodBarra=\"\"),\"(Sem Código)\",IF(ISERROR(MATCH($AE207,INDIRECT(ORÇAMENTO.BancoRef),0)),\"(Código não identificado nas referências)\",MATCH($AE207,INDIRECT(ORÇAMENTO.BancoRef),0))))","v":"(Sem Código)"},{"$f":"ROUND(IF(DESONERACAO=\"sim\",REFERENCIA.Desonerado,REFERENCIA.NaoDesonerado),2)","v":0},0.2487,null,null,null,null,0,0]
["S",2,"S",0,{"$f":"IF($C208=1,OFFSET(E208,-1,0)+MAX(1,COUNTIF(QCI!$A$13:$A$24,OFFSET(ORÇAMENTO!E208,-1,0))),OFFSET(E208,-1,0))","v":1},11,0,0,6,0,{"$f":"IF(OR($C208=\"S\",$C208=0),0,MATCH(OFFSET($D208,0,$C208)+IF($C208<>1,1,COUNTIF(QCI!$A$13:$A$24,ORÇAMENTO!E208)),OFFSET($D208,1,$C208,ROW($C$240)-ROW($C208)),0))","v":0},"","Serviço","Serviço","-","SINAPI",null,{"$f":"IF($C208=\"S\",REFERENCIA.Descricao,\"(digite a descrição aqui)\")","v":"(Sem Código)"},{"$f":"REFERENCIA.Unidade","v":"-"},{"$f":"OFFSET(CÁLCULO!H$15,ROW($T208)-ROW(T$15),0)","v":0},0,"BDI 1",{"$f":"IF($C208=\"S\",ROUND(IF(TIPOORCAMENTO=\"Proposto\",ORÇAMENTO.CustoUnitario*(1+$AH208),ORÇAMENTO.PrecoUnitarioLicitado),15-13*$AF$10),0)","v":0},{"$f":"IF($C208=\"S\",IF(Import.TipoArredondamento<>\"TransfereGOV\",VTOTAL1,SUM(OFFSET(CÁLCULO!$AA$15,ROW($X208)-ROW($X$15),1):OFFSET(CÁLCULO!$AL$15,ROW($X208)-ROW($X$15),-1))),IF($C208=0,0,ROUND(SomaAgrup,15-13*$AF$11)))","v":0},"RA","",{"$f":"IF($C208=\"S\",IF($Z208=\"CP\",$X208,IF($Z208=\"RA\",(($X208)*QCI!$AA$3),0)),SomaAgrup)","v":0},0,{"$f":"IF($N208=\"\",\"\",IF(ORÇAMENTO.Descricao=\"\",\"DESCRIÇÃO\",IF(AND($C208=\"S\",ORÇAMENTO.Unidade=\"\"),\"UNIDADE\",IF($X208<0,\"VALOR NEGATIVO\",IF(OR(AND(TIPOORCAMENTO=\"Proposto\",$AG208<>\"\",$AG208>0,ORÇAMENTO.CustoUnitario>$AG208),AND(TIPOORCAMENTO=\"LICITADO\",ORÇAMENTO.PrecoUnitarioLicitado>$AN208)),\"ACIMA REF.\",\"\")))))","v":""},{"$f":"IF(C208<=CRONO.NivelExibicao,MAX($AD$15:OFFSET(AD208,-1,0))+IF($C208<>1,1,MAX(1,COUNTIF(QCI!$A$13:$A$24,OFFSET($E208,-1,0)))),\"\")","v":""},{"$f":"IF(AND($C208=\"S\",ORÇAMENTO.CodBarra<>\"\"),IF(ORÇAMENTO.Fonte=\"\",ORÇAMENTO.CodBarra,CONCATENATE(ORÇAMENTO.Fonte,\" \",ORÇAMENTO.CodBarra)))","v":false},{"$f":"IF(ISERROR(INDIRECT(ORÇAMENTO.BancoRef)),\"(abra o arquivo 'Referência \"&Excel_BuiltIn_Database&\".xlsm)\",IF(OR($C208<>\"S\",ORÇAMENTO.CodBarra=\"\"),\"(Sem Código)\",IF(ISERROR(MATCH($AE208,INDIRECT(ORÇAMENTO.BancoRef),0)),\"(Código não identificado nas referências)\",MATCH($AE208,INDIRECT(ORÇAMENTO.BancoRef),0))))","v":"(Sem Código)"},{"$f":"ROUND(IF(DESONERACAO=\"sim\",REFERENCIA.Desonerado,REFERENCIA.NaoDesonerado),2)","v":0},0.2487,null,null,null,null,0,0]
[{"$f":"CHOOSE(1+LOG(1+2*(ORÇAMENTO.Nivel=\"Meta\")+4*(ORÇAMENTO.Nivel=\"Nível 2\")+8*(ORÇAMENTO.Nivel=\"Nível 3\")+16*(ORÇAMENTO.Nivel=\"Nível 4\")+32*(ORÇAMENTO.Nivel=\"Serviço\"),2),0,1,2,3,4,\"S\")","v":2},{"$f":"IF(OR(C209=\"s\",C209=0),OFFSET(B209,-1,0),C209)","v":2},{"$f":"IF(OFFSET(C209,-1,0)=\"L\",1,IF(OFFSET(C209,-1,0)=1,2,IF(OR(A209=\"s\",A209=0),\"S\",IF(AND(OFFSET(C209,-1,0)=2,A209=4),3,IF(AND(OR(OFFSET(C209,-1,0)=\"s\",OFFSET(C209,-1,0)=0),A209<>\"s\",A209>OFFSET(B209,-1,0)),OFFSET(B209,-1,0),A209)))))","v":2},{"$f":"IF(OR(C209=\"S\",C209=0),0,IF(ISERROR(K209),J209,SMALL(J209:K209,1)))","v":10},{"$f":"IF($C209=1,OFFSET(E209,-1,0)+MAX(1,COUNTIF(QCI!$A$13:$A$24,OFFSET(ORÇAMENTO!E209,-1,0))),OFFSET(E209,-1,0))","v":1},{"$f":"IF($C209=1,0,IF($C209=2,OFFSET(F209,-1,0)+1,OFFSET(F209,-1,0)))","v":12},{"$f":"IF(AND($C209<=2,$C209<>0),0,IF($C209=3,OFFSET(G209,-1,0)+1,OFFSET(G209,-1,0)))","v":0},{"$f":"IF(AND($C209<=3,$C209<>0),0,IF($C209=4,OFFSET(H209,-1,0)+1,OFFSET(H209,-1,0)))","v":0},{"$f":"IF(AND($C209<=4,$C209<>0),0,IF(AND($C209=\"S\",$X209>0),OFFSET(I209,-1,0)+1,OFFSET(I209,-1,0)))","v":0},31,{"$f":"IF(OR($C209=\"S\",$C209=0),0,MATCH(OFFSET($D209,0,$C209)+IF($C209<>1,1,COUNTIF(QCI!$A$13:$A$24,ORÇAMENTO!E209)),OFFSET($D209,1,$C209,ROW($C$240)-ROW($C209)),0))","v":10},{"$f":"IF(OR($X209>0,$C209=1,$C209=2,$C209=3,$C209=4),\"F\",\"\")","v":"F"},"Nível 2",{"$f":"CHOOSE(1+LOG(1+2*(C209=1)+4*(C209=2)+8*(C209=3)+16*(C209=4)+32*(C209=\"S\"),2),\"\",\"Meta\",\"Nível 2\",\"Nível 3\",\"Nível 4\",\"Serviço\")","v":"Nível 2"},{"$f":"IF(OR($C209=0,$L209=\"\"),\"-\",CONCATENATE(E209&\".\",IF(AND($A$5>=2,$C209>=2),F209&\".\",\"\"),IF(AND($A$5>=3,$C209>=3),G209&\".\",\"\"),IF(AND($A$5>=4,$C209>=4),H209&\".\",\"\"),IF($C209=\"S\",I209&\".\",\"\")))","v":"1.12."},"SINAPI",null,{"$f":"IF($C209=\"S\",REFERENCIA.Descricao,\"PINTURAS E TEXTURAS\")","v":"PINTURAS E TEXTURAS"},{"$f":"REFERENCIA.Unidade","v":"-"},{"$f":"OFFSET(CÁLCULO!H$15,ROW($T209)-ROW(T$15),0)","v":0},0,"BDI 1",{"$f":"IF($C209=\"S\",ROUND(IF(TIPOORCAMENTO=\"Proposto\",ORÇAMENTO.CustoUnitario*(1+$AH209),ORÇAMENTO.PrecoUnitarioLicitado),15-13*$AF$10),0)","v":0},{"$f":"IF($C209=\"S\",IF(Import.TipoArredondamento<>\"TransfereGOV\",VTOTAL1,SUM(OFFSET(CÁLCULO!$AA$15,ROW($X209)-ROW($X$15),1):OFFSET(CÁLCULO!$AL$15,ROW($X209)-ROW($X$15),-1))),IF($C209=0,0,ROUND(SomaAgrup,15-13*$AF$11)))","v":32544.86},"RA",{"$f":"IF(AND($C209=\"S\",$X209>0),IF(ISBLANK($Y209),\"RA\",LEFT($Y209,2)),\"\")","v":""},{"$f":"IF($C209=\"S\",IF($Z209=\"CP\",$X209,IF($Z209=\"RA\",(($X209)*QCI!$AA$3),0)),SomaAgrup)","v":32544.859999999997},{"$f":"IF($C209=\"S\",IF($Z209=\"OU\",ROUND($X209,2),0),SomaAgrup)","v":0},{"$f":"IF($N209=\"\",\"\",IF(ORÇAMENTO.Descricao=\"\",\"DESCRIÇÃO\",IF(AND($C209=\"S\",ORÇAMENTO.Unidade=\"\"),\"UNIDADE\",IF($X209<0,\"VALOR NEGATIVO\",IF(OR(AND(TIPOORCAMENTO=\"Proposto\",$AG209<>\"\",$AG209>0,ORÇAMENTO.CustoUnitario>$AG209),AND(TIPOORCAMENTO=\"LICITADO\",ORÇAMENTO.PrecoUnitarioLicitado>$AN209)),\"ACIMA REF.\",\"\")))))","v":""},{"$f":"IF(C209<=CRONO.NivelExibicao,MAX($AD$15:OFFSET(AD209,-1,0))+IF($C209<>1,1,MAX(1,COUNTIF(QCI!$A$13:$A$24,OFFSET($E209,-1,0)))),\"\")","v":13},{"$f":"IF(AND($C209=\"S\",ORÇAMENTO.CodBarra<>\"\"),IF(ORÇAMENTO.Fonte=\"\",ORÇAMENTO.CodBarra,CONCATENATE(ORÇAMENTO.Fonte,\" \",ORÇAMENTO.CodBarra)))","v":false},{"$f":"IF(ISERROR(INDIRECT(ORÇAMENTO.BancoRef)),\"(abra o arquivo 'Referência \"&Excel_BuiltIn_Database&\".xlsm)\",IF(OR($C209<>\"S\",ORÇAMENTO.CodBarra=\"\"),\"(Sem Código)\",IF(ISERROR(MATCH($AE209,INDIRECT(ORÇAMENTO.BancoRef),0)),\"(Código não identificado nas referências)\",MATCH($AE209,INDIRECT(ORÇAMENTO.BancoRef),0))))","v":"(Sem Código)"},{"$f":"ROUND(IF(DESONERACAO=\"sim\",REFERENCIA.Desonerado,REFERENCIA.NaoDesonerado),2)","v":0},{"$f":"ROUND(IF(ISNUMBER(ORÇAMENTO.OpcaoBDI),ORÇAMENTO.OpcaoBDI,IF(LEFT(ORÇAMENTO.OpcaoBDI,3)=\"BDI\",HLOOKUP(ORÇAMENTO.OpcaoBDI,$F$4:$H$5,2,FALSE),0)),15-11*$AF$9)","v":0.2487},null,null,null,null,{"$f":"$X209","v":32544.86},{"$f":"ROUND(ORÇAMENTO.CustoUnitario*(1+$AH209),2)","v":0}]
["S",2,"S",0,{"$f":"IF($C210=1,OFFSET(E210,-1,0)+MAX(1,COUNTIF(QCI!$A$13:$A$24,OFFSET(ORÇAMENTO!E210,-1,0))),OFFSET(E210,-1,0))","v":1},12,0,0,1,0,{"$f":"IF(OR($C210=\"S\",$C210=0),0,MATCH(OFFSET($D210,0,$C210)+IF($C210<>1,1,COUNTIF(QCI!$A$13:$A$24,ORÇAMENTO!E210)),OFFSET($D210,1,$C210,ROW($C$240)-ROW($C210)),0))","v":0},"F","Serviço","Serviço","1.12.0.1.","SINAPI","88485",{"$f":"IF($C210=\"S\",REFERENCIA.Descricao,\"(digite a descrição aqui)\")","v":"FUNDO SELADOR ACRÍLICO, APLICAÇÃO MANUAL EM PAREDE, UMA DEMÃO. AF_04/2023"},{"$f":"REFERENCIA.Unidade","v":"M2"},{"$f":"OFFSET(CÁLCULO!H$15,ROW($T210)-ROW(T$15),0)","v":420.98},4.42,"BDI 1",{"$f":"IF($C210=\"S\",ROUND(IF(TIPOORCAMENTO=\"Proposto\",ORÇAMENTO.CustoUnitario*(1+$AH210),ORÇAMENTO.PrecoUnitarioLicitado),15-13*$AF$10),0)","v":5.52},{"$f":"IF($C210=\"S\",IF(Import.TipoArredondamento<>\"TransfereGOV\",VTOTAL1,SUM(OFFSET(CÁLCULO!$AA$15,ROW($X210)-ROW($X$15),1):OFFSET(CÁLCULO!$AL$15,ROW($X210)-ROW($X$15),-1))),IF($C210=0,0,ROUND(SomaAgrup,15-13*$AF$11)))","v":2323.81},"RA","RA",{"$f":"IF($C210=\"S\",IF($Z210=\"CP\",$X210,IF($Z210=\"RA\",(($X210)*QCI!$AA$3),0)),SomaAgrup)","v":2323.81},0,{"$f":"IF($N210=\"\",\"\",IF(ORÇAMENTO.Descricao=\"\",\"DESCRIÇÃO\",IF(AND($C210=\"S\",ORÇAMENTO.Unidade=\"\"),\"UNIDADE\",IF($X210<0,\"VALOR NEGATIVO\",IF(OR(AND(TIPOORCAMENTO=\"Proposto\",$AG210<>\"\",$AG210>0,ORÇAMENTO.CustoUnitario>$AG210),AND(TIPOORCAMENTO=\"LICITADO\",ORÇAMENTO.PrecoUnitarioLicitado>$AN210)),\"ACIMA REF.\",\"\")))))","v":""},{"$f":"IF(C210<=CRONO.NivelExibicao,MAX($AD$15:OFFSET(AD210,-1,0))+IF($C210<>1,1,MAX(1,COUNTIF(QCI!$A$13:$A$24,OFFSET($E210,-1,0)))),\"\")","v":""},{"$f":"IF(AND($C210=\"S\",ORÇAMENTO.CodBarra<>\"\"),IF(ORÇAMENTO.Fonte=\"\",ORÇAMENTO.CodBarra,CONCATENATE(ORÇAMENTO.Fonte,\" \",ORÇAMENTO.CodBarra)))","v":"SINAPI 88485"},{"$f":"IF(ISERROR(INDIRECT(ORÇAMENTO.BancoRef)),\"(abra o arquivo 'Referência \"&Excel_BuiltIn_Database&\".xlsm)\",IF(OR($C210<>\"S\",ORÇAMENTO.CodBarra=\"\"),\"(Sem Código)\",IF(ISERROR(MATCH($AE210,INDIRECT(ORÇAMENTO.BancoRef),0)),\"(Código não identificado nas referências)\",MATCH($AE210,INDIRECT(ORÇAMENTO.BancoRef),0))))","v":6076},{"$f":"ROUND(IF(DESONERACAO=\"sim\",REFERENCIA.Desonerado,REFERENCIA.NaoDesonerado),2)","v":4.42},0.2487,null,420.98,null,null,2323.81,5.52]
["S",2,"S",0,{"$f":"IF($C211=1,OFFSET(E211,-1,0)+MAX(1,COUNTIF(QCI!$A$13:$A$24,OFFSET(ORÇAMENTO!E211,-1,0))),OFFSET(E211,-1,0))","v":1},12,0,0,2,0,{"$f":"IF(OR($C211=\"S\",$C211=0),0,MATCH(OFFSET($D211,0,$C211)+IF($C211<>1,1,COUNTIF(QCI!$A$13:$A$24,ORÇAMENTO!E211)),OFFSET($D211,1,$C211,ROW($C$240)-ROW($C211)),0))","v":0},"F","Serviço","Serviço","1.12.0.2.","SINAPI","88497",{"$f":"IF($C211=\"S\",REFERENCIA.Descricao,\"(digite a descrição aqui)\")","v":"EMASSAMENTO COM MASSA LÁTEX, APLICAÇÃO EM PAREDE, DUAS DEMÃOS, LIXAMENTO MANUAL. AF_04/2023"},{"$f":"REFERENCIA.Unidade","v":"M2"},{"$f":"OFFSET(CÁLCULO!H$15,ROW($T211)-ROW(T$15),0)","v":238.02},{"$f":"AG211","v":22.75},"BDI 1",{"$f":"IF($C211=\"S\",ROUND(IF(TIPOORCAMENTO=\"Proposto\",ORÇAMENTO.CustoUnitario*(1+$AH211),ORÇAMENTO.PrecoUnitarioLicitado),15-13*$AF$10),0)","v":28.41},{"$f":"IF($C211=\"S\",IF(Import.TipoArredondamento<>\"TransfereGOV\",VTOTAL1,SUM(OFFSET(CÁLCULO!$AA$15,ROW($X211)-ROW($X$15),1):OFFSET(CÁLCULO!$AL$15,ROW($X211)-ROW($X$15),-1))),IF($C211=0,0,ROUND(SomaAgrup,15-13*$AF$11)))","v":6762.15},"RA","RA",{"$f":"IF($C211=\"S\",IF($Z211=\"CP\",$X211,IF($Z211=\"RA\",(($X211)*QCI!$AA$3),0)),SomaAgrup)","v":6762.15},0,{"$f":"IF($N211=\"\",\"\",IF(ORÇAMENTO.Descricao=\"\",\"DESCRIÇÃO\",IF(AND($C211=\"S\",ORÇAMENTO.Unidade=\"\"),\"UNIDADE\",IF($X211<0,\"VALOR NEGATIVO\",IF(OR(AND(TIPOORCAMENTO=\"Proposto\",$AG211<>\"\",$AG211>0,ORÇAMENTO.CustoUnitario>$AG211),AND(TIPOORCAMENTO=\"LICITADO\",ORÇAMENTO.PrecoUnitarioLicitado>$AN211)),\"ACIMA REF.\",\"\")))))","v":""},{"$f":"IF(C211<=CRONO.NivelExibicao,MAX($AD$15:OFFSET(AD211,-1,0))+IF($C211<>1,1,MAX(1,COUNTIF(QCI!$A$13:$A$24,OFFSET($E211,-1,0)))),\"\")","v":""},{"$f":"IF(AND($C211=\"S\",ORÇAMENTO.CodBarra<>\"\"),IF(ORÇAMENTO.Fonte=\"\",ORÇAMENTO.CodBarra,CONCATENATE(ORÇAMENTO.Fonte,\" \",ORÇAMENTO.CodBarra)))","v":"SINAPI 88497"},{"$f":"IF(ISERROR(INDIRECT(ORÇAMENTO.BancoRef)),\"(abra o arquivo 'Referência \"&Excel_BuiltIn_Database&\".xlsm)\",IF(OR($C211<>\"S\",ORÇAMENTO.CodBarra=\"\"),\"(Sem Código)\",IF(ISERROR(MATCH($AE211,INDIRECT(ORÇAMENTO.BancoRef),0)),\"(Código não identificado nas referências)\",MATCH($AE211,INDIRECT(ORÇAMENTO.BancoRef),0))))","v":6082},{"$f":"ROUND(IF(DESONERACAO=\"sim\",REFERENCIA.Desonerado,REFERENCIA.NaoDesonerado),2)","v":22.75},0.2487,null,238.02,null,null,6762.15,28.41]
["S",2,"S",0,{"$f":"IF($C212=1,OFFSET(E212,-1,0)+MAX(1,COUNTIF(QCI!$A$13:$A$24,OFFSET(ORÇAMENTO!E212,-1,0))),OFFSET(E212,-1,0))","v":1},12,0,0,3,0,{"$f":"IF(OR($C212=\"S\",$C212=0),0,MATCH(OFFSET($D212,0,$C212)+IF($C212<>1,1,COUNTIF(QCI!$A$13:$A$24,ORÇAMENTO!E212)),OFFSET($D212,1,$C212,ROW($C$240)-ROW($C212)),0))","v":0},"F","Serviço","Serviço","1.12.0.3.","SINAPI","95305",{"$f":"IF($C212=\"S\",REFERENCIA.Descricao,\"(digite a descrição aqui)\")","v":"TEXTURA ACRÍLICA, APLICAÇÃO MANUAL EM PAREDE, UMA DEMÃO. AF_04/2023"},{"$f":"REFERENCIA.Unidade","v":"M2"},{"$f":"OFFSET(CÁLCULO!H$15,ROW($T212)-ROW(T$15),0)","v":148.49},14.22,"BDI 1",{"$f":"IF($C212=\"S\",ROUND(IF(TIPOORCAMENTO=\"Proposto\",ORÇAMENTO.CustoUnitario*(1+$AH212),ORÇAMENTO.PrecoUnitarioLicitado),15-13*$AF$10),0)","v":17.760000000000002},{"$f":"IF($C212=\"S\",IF(Import.TipoArredondamento<>\"TransfereGOV\",VTOTAL1,SUM(OFFSET(CÁLCULO!$AA$15,ROW($X212)-ROW($X$15),1):OFFSET(CÁLCULO!$AL$15,ROW($X212)-ROW($X$15),-1))),IF($C212=0,0,ROUND(SomaAgrup,15-13*$AF$11)))","v":2637.18},"RA","RA",{"$f":"IF($C212=\"S\",IF($Z212=\"CP\",$X212,IF($Z212=\"RA\",(($X212)*QCI!$AA$3),0)),SomaAgrup)","v":2637.18},0,{"$f":"IF($N212=\"\",\"\",IF(ORÇAMENTO.Descricao=\"\",\"DESCRIÇÃO\",IF(AND($C212=\"S\",ORÇAMENTO.Unidade=\"\"),\"UNIDADE\",IF($X212<0,\"VALOR NEGATIVO\",IF(OR(AND(TIPOORCAMENTO=\"Proposto\",$AG212<>\"\",$AG212>0,ORÇAMENTO.CustoUnitario>$AG212),AND(TIPOORCAMENTO=\"LICITADO\",ORÇAMENTO.PrecoUnitarioLicitado>$AN212)),\"ACIMA REF.\",\"\")))))","v":""},{"$f":"IF(C212<=CRONO.NivelExibicao,MAX($AD$15:OFFSET(AD212,-1,0))+IF($C212<>1,1,MAX(1,COUNTIF(QCI!$A$13:$A$24,OFFSET($E212,-1,0)))),\"\")","v":""},{"$f":"IF(AND($C212=\"S\",ORÇAMENTO.CodBarra<>\"\"),IF(ORÇAMENTO.Fonte=\"\",ORÇAMENTO.CodBarra,CONCATENATE(ORÇAMENTO.Fonte,\" \",ORÇAMENTO.CodBarra)))","v":"SINAPI 95305"},{"$f":"IF(ISERROR(INDIRECT(ORÇAMENTO.BancoRef)),\"(abra o arquivo 'Referência \"&Excel_BuiltIn_Database&\".xlsm)\",IF(OR($C212<>\"S\",ORÇAMENTO.CodBarra=\"\"),\"(Sem Código)\",IF(ISERROR(MATCH($AE212,INDIRECT(ORÇAMENTO.BancoRef),0)),\"(Código não identificado nas referências)\",MATCH($AE212,INDIRECT(ORÇAMENTO.BancoRef),0))))","v":6083},{"$f":"ROUND(IF(DESONERACAO=\"sim\",REFERENCIA.Desonerado,REFERENCIA.NaoDesonerado),2)","v":14.22},0.2487,null,148.49,null,null,2637.18,17.760000000000002]
["S",2,"S",0,{"$f":"IF($C213=1,OFFSET(E213,-1,0)+MAX(1,COUNTIF(QCI!$A$13:$A$24,OFFSET(ORÇAMENTO!E213,-1,0))),OFFSET(E213,-1,0))","v":1},12,0,0,4,0,{"$f":"IF(OR($C213=\"S\",$C213=0),0,MATCH(OFFSET($D213,0,$C213)+IF($C213<>1,1,COUNTIF(QCI!$A$13:$A$24,ORÇAMENTO!E213)),OFFSET($D213,1,$C213,ROW($C$240)-ROW($C213)),0))","v":0},"F","Serviço","Serviço","1.12.0.4.","SINAPI","88489",{"$f":"IF($C213=\"S\",REFERENCIA.Descricao,\"(digite a descrição aqui)\")","v":"PINTURA LÁTEX ACRÍLICA PREMIUM, APLICAÇÃO MANUAL EM PAREDES, DUAS DEMÃOS. AF_04/2023"},{"$f":"REFERENCIA.Unidade","v":"M2"},{"$f":"OFFSET(CÁLCULO!H$15,ROW($T213)-ROW(T$15),0)","v":1145.78},13.65,"BDI 1",{"$f":"IF($C213=\"S\",ROUND(IF(TIPOORCAMENTO=\"Proposto\",ORÇAMENTO.CustoUnitario*(1+$AH213),ORÇAMENTO.PrecoUnitarioLicitado),15-13*$AF$10),0)","v":17.04},{"$f":"IF($C213=\"S\",IF(Import.TipoArredondamento<>\"TransfereGOV\",VTOTAL1,SUM(OFFSET(CÁLCULO!$AA$15,ROW($X213)-ROW($X$15),1):OFFSET(CÁLCULO!$AL$15,ROW($X213)-ROW($X$15),-1))),IF($C213=0,0,ROUND(SomaAgrup,15-13*$AF$11)))","v":19524.09},"RA","RA",{"$f":"IF($C213=\"S\",IF($Z213=\"CP\",$X213,IF($Z213=\"RA\",(($X213)*QCI!$AA$3),0)),SomaAgrup)","v":19524.09},0,{"$f":"IF($N213=\"\",\"\",IF(ORÇAMENTO.Descricao=\"\",\"DESCRIÇÃO\",IF(AND($C213=\"S\",ORÇAMENTO.Unidade=\"\"),\"UNIDADE\",IF($X213<0,\"VALOR NEGATIVO\",IF(OR(AND(TIPOORCAMENTO=\"Proposto\",$AG213<>\"\",$AG213>0,ORÇAMENTO.CustoUnitario>$AG213),AND(TIPOORCAMENTO=\"LICITADO\",ORÇAMENTO.PrecoUnitarioLicitado>$AN213)),\"ACIMA REF.\",\"\")))))","v":""},{"$f":"IF(C213<=CRONO.NivelExibicao,MAX($AD$15:OFFSET(AD213,-1,0))+IF($C213<>1,1,MAX(1,COUNTIF(QCI!$A$13:$A$24,OFFSET($E213,-1,0)))),\"\")","v":""},{"$f":"IF(AND($C213=\"S\",ORÇAMENTO.CodBarra<>\"\"),IF(ORÇAMENTO.Fonte=\"\",ORÇAMENTO.CodBarra,CONCATENATE(ORÇAMENTO.Fonte,\" \",ORÇAMENTO.CodBarra)))","v":"SINAPI 88489"},{"$f":"IF(ISERROR(INDIRECT(ORÇAMENTO.BancoRef)),\"(abra o arquivo 'Referência \"&Excel_BuiltIn_Database&\".xlsm)\",IF(OR($C213<>\"S\",ORÇAMENTO.CodBarra=\"\"),\"(Sem Código)\",IF(ISERROR(MATCH($AE213,INDIRECT(ORÇAMENTO.BancoRef),0)),\"(Código não identificado nas referências)\",MATCH($AE213,INDIRECT(ORÇAMENTO.BancoRef),0))))","v":6078},{"$f":"ROUND(IF(DESONERACAO=\"sim\",REFERENCIA.Desonerado,REFERENCIA.NaoDesonerado),2)","v":13.65},0.2487,null,1145.78,null,null,19524.09,17.04]
[{"$f":"CHOOSE(1+LOG(1+2*(ORÇAMENTO.Nivel=\"Meta\")+4*(ORÇAMENTO.Nivel=\"Nível 2\")+8*(ORÇAMENTO.Nivel=\"Nível 3\")+16*(ORÇAMENTO.Nivel=\"Nível 4\")+32*(ORÇAMENTO.Nivel=\"Serviço\"),2),0,1,2,3,4,\"S\")","v":"S"},{"$f":"IF(OR(C214=\"s\",C214=0),OFFSET(B214,-1,0),C214)","v":2},{"$f":"IF(OFFSET(C214,-1,0)=\"L\",1,IF(OFFSET(C214,-1,0)=1,2,IF(OR(A214=\"s\",A214=0),\"S\",IF(AND(OFFSET(C214,-1,0)=2,A214=4),3,IF(AND(OR(OFFSET(C214,-1,0)=\"s\",OFFSET(C214,-1,0)=0),A214<>\"s\",A214>OFFSET(B214,-1,0)),OFFSET(B214,-1,0),A214)))))","v":"S"},{"$f":"IF(OR(C214=\"S\",C214=0),0,IF(ISERROR(K214),J214,SMALL(J214:K214,1)))","v":0},{"$f":"IF($C214=1,OFFSET(E214,-1,0)+MAX(1,COUNTIF(QCI!$A$13:$A$24,OFFSET(ORÇAMENTO!E214,-1,0))),OFFSET(E214,-1,0))","v":1},{"$f":"IF($C214=1,0,IF($C214=2,OFFSET(F214,-1,0)+1,OFFSET(F214,-1,0)))","v":12},{"$f":"IF(AND($C214<=2,$C214<>0),0,IF($C214=3,OFFSET(G214,-1,0)+1,OFFSET(G214,-1,0)))","v":0},{"$f":"IF(AND($C214<=3,$C214<>0),0,IF($C214=4,OFFSET(H214,-1,0)+1,OFFSET(H214,-1,0)))","v":0},{"$f":"IF(AND($C214<=4,$C214<>0),0,IF(AND($C214=\"S\",$X214>0),OFFSET(I214,-1,0)+1,OFFSET(I214,-1,0)))","v":5},0,{"$f":"IF(OR($C214=\"S\",$C214=0),0,MATCH(OFFSET($D214,0,$C214)+IF($C214<>1,1,COUNTIF(QCI!$A$13:$A$24,ORÇAMENTO!E214)),OFFSET($D214,1,$C214,ROW($C$240)-ROW($C214)),0))","v":0},{"$f":"IF(OR($X214>0,$C214=1,$C214=2,$C214=3,$C214=4),\"F\",\"\")","v":"F"},"Serviço",{"$f":"CHOOSE(1+LOG(1+2*(C214=1)+4*(C214=2)+8*(C214=3)+16*(C214=4)+32*(C214=\"S\"),2),\"\",\"Meta\",\"Nível 2\",\"Nível 3\",\"Nível 4\",\"Serviço\")","v":"Serviço"},{"$f":"IF(OR($C214=0,$L214=\"\"),\"-\",CONCATENATE(E214&\".\",IF(AND($A$5>=2,$C214>=2),F214&\".\",\"\"),IF(AND($A$5>=3,$C214>=3),G214&\".\",\"\"),IF(AND($A$5>=4,$C214>=4),H214&\".\",\"\"),IF($C214=\"S\",I214&\".\",\"\")))","v":"1.12.0.5."},"SINAPI","102193",{"$f":"IF($C214=\"S\",REFERENCIA.Descricao,\"(digite a descrição aqui)\")","v":"LIXAMENTO DE MADEIRA PARA APLICAÇÃO DE FUNDO OU PINTURA. AF_01/2021"},{"$f":"REFERENCIA.Unidade","v":"M2"},{"$f":"OFFSET(CÁLCULO!H$15,ROW($T214)-ROW(T$15),0)","v":33.6},2.59,"BDI 1",{"$f":"IF($C214=\"S\",ROUND(IF(TIPOORCAMENTO=\"Proposto\",ORÇAMENTO.CustoUnitario*(1+$AH214),ORÇAMENTO.PrecoUnitarioLicitado),15-13*$AF$10),0)","v":3.23},{"$f":"IF($C214=\"S\",IF(Import.TipoArredondamento<>\"TransfereGOV\",VTOTAL1,SUM(OFFSET(CÁLCULO!$AA$15,ROW($X214)-ROW($X$15),1):OFFSET(CÁLCULO!$AL$15,ROW($X214)-ROW($X$15),-1))),IF($C214=0,0,ROUND(SomaAgrup,15-13*$AF$11)))","v":108.53},"RA",{"$f":"IF(AND($C214=\"S\",$X214>0),IF(ISBLANK($Y214),\"RA\",LEFT($Y214,2)),\"\")","v":"RA"},{"$f":"IF($C214=\"S\",IF($Z214=\"CP\",$X214,IF($Z214=\"RA\",(($X214)*QCI!$AA$3),0)),SomaAgrup)","v":108.53},{"$f":"IF($C214=\"S\",IF($Z214=\"OU\",ROUND($X214,2),0),SomaAgrup)","v":0},{"$f":"IF($N214=\"\",\"\",IF(ORÇAMENTO.Descricao=\"\",\"DESCRIÇÃO\",IF(AND($C214=\"S\",ORÇAMENTO.Unidade=\"\"),\"UNIDADE\",IF($X214<0,\"VALOR NEGATIVO\",IF(OR(AND(TIPOORCAMENTO=\"Proposto\",$AG214<>\"\",$AG214>0,ORÇAMENTO.CustoUnitario>$AG214),AND(TIPOORCAMENTO=\"LICITADO\",ORÇAMENTO.PrecoUnitarioLicitado>$AN214)),\"ACIMA REF.\",\"\")))))","v":""},{"$f":"IF(C214<=CRONO.NivelExibicao,MAX($AD$15:OFFSET(AD214,-1,0))+IF($C214<>1,1,MAX(1,COUNTIF(QCI!$A$13:$A$24,OFFSET($E214,-1,0)))),\"\")","v":""},{"$f":"IF(AND($C214=\"S\",ORÇAMENTO.CodBarra<>\"\"),IF(ORÇAMENTO.Fonte=\"\",ORÇAMENTO.CodBarra,CONCATENATE(ORÇAMENTO.Fonte,\" \",ORÇAMENTO.CodBarra)))","v":"SINAPI 102193"},{"$f":"IF(ISERROR(INDIRECT(ORÇAMENTO.BancoRef)),\"(abra o arquivo 'Referência \"&Excel_BuiltIn_Database&\".xlsm)\",IF(OR($C214<>\"S\",ORÇAMENTO.CodBarra=\"\"),\"(Sem Código)\",IF(ISERROR(MATCH($AE214,INDIRECT(ORÇAMENTO.BancoRef),0)),\"(Código não identificado nas referências)\",MATCH($AE214,INDIRECT(ORÇAMENTO.BancoRef),0))))","v":6104},{"$f":"ROUND(IF(DESONERACAO=\"sim\",REFERENCIA.Desonerado,REFERENCIA.NaoDesonerado),2)","v":2.59},{"$f":"ROUND(IF(ISNUMBER(ORÇAMENTO.OpcaoBDI),ORÇAMENTO.OpcaoBDI,IF(LEFT(ORÇAMENTO.OpcaoBDI,3)=\"BDI\",HLOOKUP(ORÇAMENTO.OpcaoBDI,$F$4:$H$5,2,FALSE),0)),15-11*$AF$9)","v":0.2487},null,33.6,null,null,108.53,{"$f":"ROUND(ORÇAMENTO.CustoUnitario*(1+$AH214),2)","v":3.23}]
["S",2,"S",0,{"$f":"IF($C215=1,OFFSET(E215,-1,0)+MAX(1,COUNTIF(QCI!$A$13:$A$24,OFFSET(ORÇAMENTO!E215,-1,0))),OFFSET(E215,-1,0))","v":1},12,0,0,6,0,{"$f":"IF(OR($C215=\"S\",$C215=0),0,MATCH(OFFSET($D215,0,$C215)+IF($C215<>1,1,COUNTIF(QCI!$A$13:$A$24,ORÇAMENTO!E215)),OFFSET($D215,1,$C215,ROW($C$240)-ROW($C215)),0))","v":0},"F","Serviço","Serviço","1.12.0.6.","SINAPI","102228",{"$f":"IF($C215=\"S\",REFERENCIA.Descricao,\"(digite a descrição aqui)\")","v":"PINTURA TINTA DE ACABAMENTO (PIGMENTADA) ESMALTE SINTÉTICO FOSCO EM MADEIRA, 3 DEMÃOS. AF_01/2021"},{"$f":"REFERENCIA.Unidade","v":"M2"},{"$f":"OFFSET(CÁLCULO!H$15,ROW($T215)-ROW(T$15),0)","v":33.6},28.34,"BDI 1",{"$f":"IF($C215=\"S\",ROUND(IF(TIPOORCAMENTO=\"Proposto\",ORÇAMENTO.CustoUnitario*(1+$AH215),ORÇAMENTO.PrecoUnitarioLicitado),15-13*$AF$10),0)","v":35.39},{"$f":"IF($C215=\"S\",IF(Import.TipoArredondamento<>\"TransfereGOV\",VTOTAL1,SUM(OFFSET(CÁLCULO!$AA$15,ROW($X215)-ROW($X$15),1):OFFSET(CÁLCULO!$AL$15,ROW($X215)-ROW($X$15),-1))),IF($C215=0,0,ROUND(SomaAgrup,15-13*$AF$11)))","v":1189.0999999999999},"RA","RA",{"$f":"IF($C215=\"S\",IF($Z215=\"CP\",$X215,IF($Z215=\"RA\",(($X215)*QCI!$AA$3),0)),SomaAgrup)","v":1189.0999999999999},0,{"$f":"IF($N215=\"\",\"\",IF(ORÇAMENTO.Descricao=\"\",\"DESCRIÇÃO\",IF(AND($C215=\"S\",ORÇAMENTO.Unidade=\"\"),\"UNIDADE\",IF($X215<0,\"VALOR NEGATIVO\",IF(OR(AND(TIPOORCAMENTO=\"Proposto\",$AG215<>\"\",$AG215>0,ORÇAMENTO.CustoUnitario>$AG215),AND(TIPOORCAMENTO=\"LICITADO\",ORÇAMENTO.PrecoUnitarioLicitado>$AN215)),\"ACIMA REF.\",\"\")))))","v":""},{"$f":"IF(C215<=CRONO.NivelExibicao,MAX($AD$15:OFFSET(AD215,-1,0))+IF($C215<>1,1,MAX(1,COUNTIF(QCI!$A$13:$A$24,OFFSET($E215,-1,0)))),\"\")","v":""},{"$f":"IF(AND($C215=\"S\",ORÇAMENTO.CodBarra<>\"\"),IF(ORÇAMENTO.Fonte=\"\",ORÇAMENTO.CodBarra,CONCATENATE(ORÇAMENTO.Fonte,\" \",ORÇAMENTO.CodBarra)))","v":"SINAPI 102228"},{"$f":"IF(ISERROR(INDIRECT(ORÇAMENTO.BancoRef)),\"(abra o arquivo 'Referência \"&Excel_BuiltIn_Database&\".xlsm)\",IF(OR($C215<>\"S\",ORÇAMENTO.CodBarra=\"\"),\"(Sem Código)\",IF(ISERROR(MATCH($AE215,INDIRECT(ORÇAMENTO.BancoRef),0)),\"(Código não identificado nas referências)\",MATCH($AE215,INDIRECT(ORÇAMENTO.BancoRef),0))))","v":6128},{"$f":"ROUND(IF(DESONERACAO=\"sim\",REFERENCIA.Desonerado,REFERENCIA.NaoDesonerado),2)","v":28.34},0.2487,null,33.6,null,null,1189.0999999999999,35.39]
[{"$f":"CHOOSE(1+LOG(1+2*(ORÇAMENTO.Nivel=\"Meta\")+4*(ORÇAMENTO.Nivel=\"Nível 2\")+8*(ORÇAMENTO.Nivel=\"Nível 3\")+16*(ORÇAMENTO.Nivel=\"Nível 4\")+32*(ORÇAMENTO.Nivel=\"Serviço\"),2),0,1,2,3,4,\"S\")","v":"S"},{"$f":"IF(OR(C216=\"s\",C216=0),OFFSET(B216,-1,0),C216)","v":2},{"$f":"IF(OFFSET(C216,-1,0)=\"L\",1,IF(OFFSET(C216,-1,0)=1,2,IF(OR(A216=\"s\",A216=0),\"S\",IF(AND(OFFSET(C216,-1,0)=2,A216=4),3,IF(AND(OR(OFFSET(C216,-1,0)=\"s\",OFFSET(C216,-1,0)=0),A216<>\"s\",A216>OFFSET(B216,-1,0)),OFFSET(B216,-1,0),A216)))))","v":"S"},{"$f":"IF(OR(C216=\"S\",C216=0),0,IF(ISERROR(K216),J216,SMALL(J216:K216,1)))","v":0},{"$f":"IF($C216=1,OFFSET(E216,-1,0)+MAX(1,COUNTIF(QCI!$A$13:$A$24,OFFSET(ORÇAMENTO!E216,-1,0))),OFFSET(E216,-1,0))","v":1},{"$f":"IF($C216=1,0,IF($C216=2,OFFSET(F216,-1,0)+1,OFFSET(F216,-1,0)))","v":12},{"$f":"IF(AND($C216<=2,$C216<>0),0,IF($C216=3,OFFSET(G216,-1,0)+1,OFFSET(G216,-1,0)))","v":0},{"$f":"IF(AND($C216<=3,$C216<>0),0,IF($C216=4,OFFSET(H216,-1,0)+1,OFFSET(H216,-1,0)))","v":0},{"$f":"IF(AND($C216<=4,$C216<>0),0,IF(AND($C216=\"S\",$X216>0),OFFSET(I216,-1,0)+1,OFFSET(I216,-1,0)))","v":6},0,{"$f":"IF(OR($C216=\"S\",$C216=0),0,MATCH(OFFSET($D216,0,$C216)+IF($C216<>1,1,COUNTIF(QCI!$A$13:$A$24,ORÇAMENTO!E216)),OFFSET($D216,1,$C216,ROW($C$240)-ROW($C216)),0))","v":0},{"$f":"IF(OR($X216>0,$C216=1,$C216=2,$C216=3,$C216=4),\"F\",\"\")","v":""},"Serviço",{"$f":"CHOOSE(1+LOG(1+2*(C216=1)+4*(C216=2)+8*(C216=3)+16*(C216=4)+32*(C216=\"S\"),2),\"\",\"Meta\",\"Nível 2\",\"Nível 3\",\"Nível 4\",\"Serviço\")","v":"Serviço"},{"$f":"IF(OR($C216=0,$L216=\"\"),\"-\",CONCATENATE(E216&\".\",IF(AND($A$5>=2,$C216>=2),F216&\".\",\"\"),IF(AND($A$5>=3,$C216>=3),G216&\".\",\"\"),IF(AND($A$5>=4,$C216>=4),H216&\".\",\"\"),IF($C216=\"S\",I216&\".\",\"\")))","v":"-"},"SINAPI",null,{"$f":"IF($C216=\"S\",REFERENCIA.Descricao,\"(digite a descrição aqui)\")","v":"(Sem Código)"},{"$f":"REFERENCIA.Unidade","v":"-"},{"$f":"OFFSET(CÁLCULO!H$15,ROW($T216)-ROW(T$15),0)","v":0},0,"BDI 1",{"$f":"IF($C216=\"S\",ROUND(IF(TIPOORCAMENTO=\"Proposto\",ORÇAMENTO.CustoUnitario*(1+$AH216),ORÇAMENTO.PrecoUnitarioLicitado),15-13*$AF$10),0)","v":0},{"$f":"IF($C216=\"S\",IF(Import.TipoArredondamento<>\"TransfereGOV\",VTOTAL1,SUM(OFFSET(CÁLCULO!$AA$15,ROW($X216)-ROW($X$15),1):OFFSET(CÁLCULO!$AL$15,ROW($X216)-ROW($X$15),-1))),IF($C216=0,0,ROUND(SomaAgrup,15-13*$AF$11)))","v":0},"RA",{"$f":"IF(AND($C216=\"S\",$X216>0),IF(ISBLANK($Y216),\"RA\",LEFT($Y216,2)),\"\")","v":""},{"$f":"IF($C216=\"S\",IF($Z216=\"CP\",$X216,IF($Z216=\"RA\",(($X216)*QCI!$AA$3),0)),SomaAgrup)","v":0},{"$f":"IF($C216=\"S\",IF($Z216=\"OU\",ROUND($X216,2),0),SomaAgrup)","v":0},{"$f":"IF($N216=\"\",\"\",IF(ORÇAMENTO.Descricao=\"\",\"DESCRIÇÃO\",IF(AND($C216=\"S\",ORÇAMENTO.Unidade=\"\"),\"UNIDADE\",IF($X216<0,\"VALOR NEGATIVO\",IF(OR(AND(TIPOORCAMENTO=\"Proposto\",$AG216<>\"\",$AG216>0,ORÇAMENTO.CustoUnitario>$AG216),AND(TIPOORCAMENTO=\"LICITADO\",ORÇAMENTO.PrecoUnitarioLicitado>$AN216)),\"ACIMA REF.\",\"\")))))","v":""},{"$f":"IF(C216<=CRONO.NivelExibicao,MAX($AD$15:OFFSET(AD216,-1,0))+IF($C216<>1,1,MAX(1,COUNTIF(QCI!$A$13:$A$24,OFFSET($E216,-1,0)))),\"\")","v":""},{"$f":"IF(AND($C216=\"S\",ORÇAMENTO.CodBarra<>\"\"),IF(ORÇAMENTO.Fonte=\"\",ORÇAMENTO.CodBarra,CONCATENATE(ORÇAMENTO.Fonte,\" \",ORÇAMENTO.CodBarra)))","v":false},{"$f":"IF(ISERROR(INDIRECT(ORÇAMENTO.BancoRef)),\"(abra o arquivo 'Referência \"&Excel_BuiltIn_Database&\".xlsm)\",IF(OR($C216<>\"S\",ORÇAMENTO.CodBarra=\"\"),\"(Sem Código)\",IF(ISERROR(MATCH($AE216,INDIRECT(ORÇAMENTO.BancoRef),0)),\"(Código não identificado nas referências)\",MATCH($AE216,INDIRECT(ORÇAMENTO.BancoRef),0))))","v":"(Sem Código)"},{"$f":"ROUND(IF(DESONERACAO=\"sim\",REFERENCIA.Desonerado,REFERENCIA.NaoDesonerado),2)","v":0},{"$f":"ROUND(IF(ISNUMBER(ORÇAMENTO.OpcaoBDI),ORÇAMENTO.OpcaoBDI,IF(LEFT(ORÇAMENTO.OpcaoBDI,3)=\"BDI\",HLOOKUP(ORÇAMENTO.OpcaoBDI,$F$4:$H$5,2,FALSE),0)),15-11*$AF$9)","v":0.2487},null,null,null,null,0,{"$f":"ROUND(ORÇAMENTO.CustoUnitario*(1+$AH216),2)","v":0}]
[{"$f":"CHOOSE(1+LOG(1+2*(ORÇAMENTO.Nivel=\"Meta\")+4*(ORÇAMENTO.Nivel=\"Nível 2\")+8*(ORÇAMENTO.Nivel=\"Nível 3\")+16*(ORÇAMENTO.Nivel=\"Nível 4\")+32*(ORÇAMENTO.Nivel=\"Serviço\"),2),0,1,2,3,4,\"S\")","v":"S"},{"$f":"IF(OR(C217=\"s\",C217=0),OFFSET(B217,-1,0),C217)","v":2},{"$f":"IF(OFFSET(C217,-1,0)=\"L\",1,IF(OFFSET(C217,-1,0)=1,2,IF(OR(A217=\"s\",A217=0),\"S\",IF(AND(OFFSET(C217,-1,0)=2,A217=4),3,IF(AND(OR(OFFSET(C217,-1,0)=\"s\",OFFSET(C217,-1,0)=0),A217<>\"s\",A217>OFFSET(B217,-1,0)),OFFSET(B217,-1,0),A217)))))","v":"S"},{"$f":"IF(OR(C217=\"S\",C217=0),0,IF(ISERROR(K217),J217,SMALL(J217:K217,1)))","v":0},{"$f":"IF($C217=1,OFFSET(E217,-1,0)+MAX(1,COUNTIF(QCI!$A$13:$A$24,OFFSET(ORÇAMENTO!E217,-1,0))),OFFSET(E217,-1,0))","v":1},{"$f":"IF($C217=1,0,IF($C217=2,OFFSET(F217,-1,0)+1,OFFSET(F217,-1,0)))","v":12},{"$f":"IF(AND($C217<=2,$C217<>0),0,IF($C217=3,OFFSET(G217,-1,0)+1,OFFSET(G217,-1,0)))","v":0},{"$f":"IF(AND($C217<=3,$C217<>0),0,IF($C217=4,OFFSET(H217,-1,0)+1,OFFSET(H217,-1,0)))","v":0},{"$f":"IF(AND($C217<=4,$C217<>0),0,IF(AND($C217=\"S\",$X217>0),OFFSET(I217,-1,0)+1,OFFSET(I217,-1,0)))","v":6},0,{"$f":"IF(OR($C217=\"S\",$C217=0),0,MATCH(OFFSET($D217,0,$C217)+IF($C217<>1,1,COUNTIF(QCI!$A$13:$A$24,ORÇAMENTO!E217)),OFFSET($D217,1,$C217,ROW($C$240)-ROW($C217)),0))","v":0},{"$f":"IF(OR($X217>0,$C217=1,$C217=2,$C217=3,$C217=4),\"F\",\"\")","v":""},"Serviço",{"$f":"CHOOSE(1+LOG(1+2*(C217=1)+4*(C217=2)+8*(C217=3)+16*(C217=4)+32*(C217=\"S\"),2),\"\",\"Meta\",\"Nível 2\",\"Nível 3\",\"Nível 4\",\"Serviço\")","v":"Serviço"},{"$f":"IF(OR($C217=0,$L217=\"\"),\"-\",CONCATENATE(E217&\".\",IF(AND($A$5>=2,$C217>=2),F217&\".\",\"\"),IF(AND($A$5>=3,$C217>=3),G217&\".\",\"\"),IF(AND($A$5>=4,$C217>=4),H217&\".\",\"\"),IF($C217=\"S\",I217&\".\",\"\")))","v":"-"},"SINAPI",null,{"$f":"IF($C217=\"S\",REFERENCIA.Descricao,\"(digite a descrição aqui)\")","v":"(Sem Código)"},{"$f":"REFERENCIA.Unidade","v":"-"},{"$f":"OFFSET(CÁLCULO!H$15,ROW($T217)-ROW(T$15),0)","v":0},0,"BDI 1",{"$f":"IF($C217=\"S\",ROUND(IF(TIPOORCAMENTO=\"Proposto\",ORÇAMENTO.CustoUnitario*(1+$AH217),ORÇAMENTO.PrecoUnitarioLicitado),15-13*$AF$10),0)","v":0},{"$f":"IF($C217=\"S\",IF(Import.TipoArredondamento<>\"TransfereGOV\",VTOTAL1,SUM(OFFSET(CÁLCULO!$AA$15,ROW($X217)-ROW($X$15),1):OFFSET(CÁLCULO!$AL$15,ROW($X217)-ROW($X$15),-1))),IF($C217=0,0,ROUND(SomaAgrup,15-13*$AF$11)))","v":0},"RA",{"$f":"IF(AND($C217=\"S\",$X217>0),IF(ISBLANK($Y217),\"RA\",LEFT($Y217,2)),\"\")","v":""},{"$f":"IF($C217=\"S\",IF($Z217=\"CP\",$X217,IF($Z217=\"RA\",(($X217)*QCI!$AA$3),0)),SomaAgrup)","v":0},{"$f":"IF($C217=\"S\",IF($Z217=\"OU\",ROUND($X217,2),0),SomaAgrup)","v":0},{"$f":"IF($N217=\"\",\"\",IF(ORÇAMENTO.Descricao=\"\",\"DESCRIÇÃO\",IF(AND($C217=\"S\",ORÇAMENTO.Unidade=\"\"),\"UNIDADE\",IF($X217<0,\"VALOR NEGATIVO\",IF(OR(AND(TIPOORCAMENTO=\"Proposto\",$AG217<>\"\",$AG217>0,ORÇAMENTO.CustoUnitario>$AG217),AND(TIPOORCAMENTO=\"LICITADO\",ORÇAMENTO.PrecoUnitarioLicitado>$AN217)),\"ACIMA REF.\",\"\")))))","v":""},{"$f":"IF(C217<=CRONO.NivelExibicao,MAX($AD$15:OFFSET(AD217,-1,0))+IF($C217<>1,1,MAX(1,COUNTIF(QCI!$A$13:$A$24,OFFSET($E217,-1,0)))),\"\")","v":""},{"$f":"IF(AND($C217=\"S\",ORÇAMENTO.CodBarra<>\"\"),IF(ORÇAMENTO.Fonte=\"\",ORÇAMENTO.CodBarra,CONCATENATE(ORÇAMENTO.Fonte,\" \",ORÇAMENTO.CodBarra)))","v":false},{"$f":"IF(ISERROR(INDIRECT(ORÇAMENTO.BancoRef)),\"(abra o arquivo 'Referência \"&Excel_BuiltIn_Database&\".xlsm)\",IF(OR($C217<>\"S\",ORÇAMENTO.CodBarra=\"\"),\"(Sem Código)\",IF(ISERROR(MATCH($AE217,INDIRECT(ORÇAMENTO.BancoRef),0)),\"(Código não identificado nas referências)\",MATCH($AE217,INDIRECT(ORÇAMENTO.BancoRef),0))))","v":"(Sem Código)"},{"$f":"ROUND(IF(DESONERACAO=\"sim\",REFERENCIA.Desonerado,REFERENCIA.NaoDesonerado),2)","v":0},{"$f":"ROUND(IF(ISNUMBER(ORÇAMENTO.OpcaoBDI),ORÇAMENTO.OpcaoBDI,IF(LEFT(ORÇAMENTO.OpcaoBDI,3)=\"BDI\",HLOOKUP(ORÇAMENTO.OpcaoBDI,$F$4:$H$5,2,FALSE),0)),15-11*$AF$9)","v":0.2487},null,null,null,null,0,{"$f":"ROUND(ORÇAMENTO.CustoUnitario*(1+$AH217),2)","v":0}]
["S",2,"S",0,{"$f":"IF($C218=1,OFFSET(E218,-1,0)+MAX(1,COUNTIF(QCI!$A$13:$A$24,OFFSET(ORÇAMENTO!E218,-1,0))),OFFSET(E218,-1,0))","v":1},12,0,0,6,0,{"$f":"IF(OR($C218=\"S\",$C218=0),0,MATCH(OFFSET($D218,0,$C218)+IF($C218<>1,1,COUNTIF(QCI!$A$13:$A$24,ORÇAMENTO!E218)),OFFSET($D218,1,$C218,ROW($C$240)-ROW($C218)),0))","v":0},"","Serviço","Serviço","-","SINAPI",null,{"$f":"IF($C218=\"S\",REFERENCIA.Descricao,\"(digite a descrição aqui)\")","v":"(Sem Código)"},{"$f":"REFERENCIA.Unidade","v":"-"},{"$f":"OFFSET(CÁLCULO!H$15,ROW($T218)-ROW(T$15),0)","v":0},0,"BDI 1",{"$f":"IF($C218=\"S\",ROUND(IF(TIPOORCAMENTO=\"Proposto\",ORÇAMENTO.CustoUnitario*(1+$AH218),ORÇAMENTO.PrecoUnitarioLicitado),15-13*$AF$10),0)","v":0},{"$f":"IF($C218=\"S\",IF(Import.TipoArredondamento<>\"TransfereGOV\",VTOTAL1,SUM(OFFSET(CÁLCULO!$AA$15,ROW($X218)-ROW($X$15),1):OFFSET(CÁLCULO!$AL$15,ROW($X218)-ROW($X$15),-1))),IF($C218=0,0,ROUND(SomaAgrup,15-13*$AF$11)))","v":0},"RA","",{"$f":"IF($C218=\"S\",IF($Z218=\"CP\",$X218,IF($Z218=\"RA\",(($X218)*QCI!$AA$3),0)),SomaAgrup)","v":0},0,{"$f":"IF($N218=\"\",\"\",IF(ORÇAMENTO.Descricao=\"\",\"DESCRIÇÃO\",IF(AND($C218=\"S\",ORÇAMENTO.Unidade=\"\"),\"UNIDADE\",IF($X218<0,\"VALOR NEGATIVO\",IF(OR(AND(TIPOORCAMENTO=\"Proposto\",$AG218<>\"\",$AG218>0,ORÇAMENTO.CustoUnitario>$AG218),AND(TIPOORCAMENTO=\"LICITADO\",ORÇAMENTO.PrecoUnitarioLicitado>$AN218)),\"ACIMA REF.\",\"\")))))","v":""},{"$f":"IF(C218<=CRONO.NivelExibicao,MAX($AD$15:OFFSET(AD218,-1,0))+IF($C218<>1,1,MAX(1,COUNTIF(QCI!$A$13:$A$24,OFFSET($E218,-1,0)))),\"\")","v":""},{"$f":"IF(AND($C218=\"S\",ORÇAMENTO.CodBarra<>\"\"),IF(ORÇAMENTO.Fonte=\"\",ORÇAMENTO.CodBarra,CONCATENATE(ORÇAMENTO.Fonte,\" \",ORÇAMENTO.CodBarra)))","v":false},{"$f":"IF(ISERROR(INDIRECT(ORÇAMENTO.BancoRef)),\"(abra o arquivo 'Referência \"&Excel_BuiltIn_Database&\".xlsm)\",IF(OR($C218<>\"S\",ORÇAMENTO.CodBarra=\"\"),\"(Sem Código)\",IF(ISERROR(MATCH($AE218,INDIRECT(ORÇAMENTO.BancoRef),0)),\"(Código não identificado nas referências)\",MATCH($AE218,INDIRECT(ORÇAMENTO.BancoRef),0))))","v":"(Sem Código)"},{"$f":"ROUND(IF(DESONERACAO=\"sim\",REFERENCIA.Desonerado,REFERENCIA.NaoDesonerado),2)","v":0},0.2487,null,null,null,null,0,0]
[2,2,2,7,{"$f":"IF($C219=1,OFFSET(E219,-1,0)+MAX(1,COUNTIF(QCI!$A$13:$A$24,OFFSET(ORÇAMENTO!E219,-1,0))),OFFSET(E219,-1,0))","v":1},13,0,0,0,21,{"$f":"IF(OR($C219=\"S\",$C219=0),0,MATCH(OFFSET($D219,0,$C219)+IF($C219<>1,1,COUNTIF(QCI!$A$13:$A$24,ORÇAMENTO!E219)),OFFSET($D219,1,$C219,ROW($C$240)-ROW($C219)),0))","v":7},"F","Nível 2","Nível 2","1.13.","SINAPI",null,{"$f":"IF($C219=\"S\",REFERENCIA.Descricao,\"METAIS\")","v":"METAIS"},{"$f":"REFERENCIA.Unidade","v":"-"},{"$f":"OFFSET(CÁLCULO!H$15,ROW($T219)-ROW(T$15),0)","v":0},0,"BDI 1",{"$f":"IF($C219=\"S\",ROUND(IF(TIPOORCAMENTO=\"Proposto\",ORÇAMENTO.CustoUnitario*(1+$AH219),ORÇAMENTO.PrecoUnitarioLicitado),15-13*$AF$10),0)","v":0},{"$f":"IF($C219=\"S\",IF(Import.TipoArredondamento<>\"TransfereGOV\",VTOTAL1,SUM(OFFSET(CÁLCULO!$AA$15,ROW($X219)-ROW($X$15),1):OFFSET(CÁLCULO!$AL$15,ROW($X219)-ROW($X$15),-1))),IF($C219=0,0,ROUND(SomaAgrup,15-13*$AF$11)))","v":1198.54},"RA","",{"$f":"IF($C219=\"S\",IF($Z219=\"CP\",$X219,IF($Z219=\"RA\",(($X219)*QCI!$AA$3),0)),SomaAgrup)","v":1198.54},0,{"$f":"IF($N219=\"\",\"\",IF(ORÇAMENTO.Descricao=\"\",\"DESCRIÇÃO\",IF(AND($C219=\"S\",ORÇAMENTO.Unidade=\"\"),\"UNIDADE\",IF($X219<0,\"VALOR NEGATIVO\",IF(OR(AND(TIPOORCAMENTO=\"Proposto\",$AG219<>\"\",$AG219>0,ORÇAMENTO.CustoUnitario>$AG219),AND(TIPOORCAMENTO=\"LICITADO\",ORÇAMENTO.PrecoUnitarioLicitado>$AN219)),\"ACIMA REF.\",\"\")))))","v":""},{"$f":"IF(C219<=CRONO.NivelExibicao,MAX($AD$15:OFFSET(AD219,-1,0))+IF($C219<>1,1,MAX(1,COUNTIF(QCI!$A$13:$A$24,OFFSET($E219,-1,0)))),\"\")","v":14},{"$f":"IF(AND($C219=\"S\",ORÇAMENTO.CodBarra<>\"\"),IF(ORÇAMENTO.Fonte=\"\",ORÇAMENTO.CodBarra,CONCATENATE(ORÇAMENTO.Fonte,\" \",ORÇAMENTO.CodBarra)))","v":false},{"$f":"IF(ISERROR(INDIRECT(ORÇAMENTO.BancoRef)),\"(abra o arquivo 'Referência \"&Excel_BuiltIn_Database&\".xlsm)\",IF(OR($C219<>\"S\",ORÇAMENTO.CodBarra=\"\"),\"(Sem Código)\",IF(ISERROR(MATCH($AE219,INDIRECT(ORÇAMENTO.BancoRef),0)),\"(Código não identificado nas referências)\",MATCH($AE219,INDIRECT(ORÇAMENTO.BancoRef),0))))","v":"(Sem Código)"},{"$f":"ROUND(IF(DESONERACAO=\"sim\",REFERENCIA.Desonerado,REFERENCIA.NaoDesonerado),2)","v":0},0.2487,null,null,null,null,1198.54,0]
["S",2,"S",0,{"$f":"IF($C220=1,OFFSET(E220,-1,0)+MAX(1,COUNTIF(QCI!$A$13:$A$24,OFFSET(ORÇAMENTO!E220,-1,0))),OFFSET(E220,-1,0))","v":1},13,0,0,1,0,{"$f":"IF(OR($C220=\"S\",$C220=0),0,MATCH(OFFSET($D220,0,$C220)+IF($C220<>1,1,COUNTIF(QCI!$A$13:$A$24,ORÇAMENTO!E220)),OFFSET($D220,1,$C220,ROW($C$240)-ROW($C220)),0))","v":0},"F","Serviço","Serviço","1.13.0.1.","SINAPI","86932",{"$f":"IF($C220=\"S\",REFERENCIA.Descricao,\"(digite a descrição aqui)\")","v":"VASO SANITÁRIO SIFONADO COM CAIXA ACOPLADA LOUÇA BRANCA - PADRÃO MÉDIO, INCLUSO ENGATE FLEXÍVEL EM METAL CROMADO, 1/2  X 40CM - FORNECIMENTO E INSTALAÇÃO. AF_01/2020"},{"$f":"REFERENCIA.Unidade","v":"UN"},{"$f":"OFFSET(CÁLCULO!H$15,ROW($T220)-ROW(T$15),0)","v":1},611.66,"BDI 1",{"$f":"IF($C220=\"S\",ROUND(IF(TIPOORCAMENTO=\"Proposto\",ORÇAMENTO.CustoUnitario*(1+$AH220),ORÇAMENTO.PrecoUnitarioLicitado),15-13*$AF$10),0)","v":763.78},{"$f":"IF($C220=\"S\",IF(Import.TipoArredondamento<>\"TransfereGOV\",VTOTAL1,SUM(OFFSET(CÁLCULO!$AA$15,ROW($X220)-ROW($X$15),1):OFFSET(CÁLCULO!$AL$15,ROW($X220)-ROW($X$15),-1))),IF($C220=0,0,ROUND(SomaAgrup,15-13*$AF$11)))","v":763.78},"RA","RA",{"$f":"IF($C220=\"S\",IF($Z220=\"CP\",$X220,IF($Z220=\"RA\",(($X220)*QCI!$AA$3),0)),SomaAgrup)","v":763.78},0,{"$f":"IF($N220=\"\",\"\",IF(ORÇAMENTO.Descricao=\"\",\"DESCRIÇÃO\",IF(AND($C220=\"S\",ORÇAMENTO.Unidade=\"\"),\"UNIDADE\",IF($X220<0,\"VALOR NEGATIVO\",IF(OR(AND(TIPOORCAMENTO=\"Proposto\",$AG220<>\"\",$AG220>0,ORÇAMENTO.CustoUnitario>$AG220),AND(TIPOORCAMENTO=\"LICITADO\",ORÇAMENTO.PrecoUnitarioLicitado>$AN220)),\"ACIMA REF.\",\"\")))))","v":""},{"$f":"IF(C220<=CRONO.NivelExibicao,MAX($AD$15:OFFSET(AD220,-1,0))+IF($C220<>1,1,MAX(1,COUNTIF(QCI!$A$13:$A$24,OFFSET($E220,-1,0)))),\"\")","v":""},{"$f":"IF(AND($C220=\"S\",ORÇAMENTO.CodBarra<>\"\"),IF(ORÇAMENTO.Fonte=\"\",ORÇAMENTO.CodBarra,CONCATENATE(ORÇAMENTO.Fonte,\" \",ORÇAMENTO.CodBarra)))","v":"SINAPI 86932"},{"$f":"IF(ISERROR(INDIRECT(ORÇAMENTO.BancoRef)),\"(abra o arquivo 'Referência \"&Excel_BuiltIn_Database&\".xlsm)\",IF(OR($C220<>\"S\",ORÇAMENTO.CodBarra=\"\"),\"(Sem Código)\",IF(ISERROR(MATCH($AE220,INDIRECT(ORÇAMENTO.BancoRef),0)),\"(Código não identificado nas referências)\",MATCH($AE220,INDIRECT(ORÇAMENTO.BancoRef),0))))","v":5166},{"$f":"ROUND(IF(DESONERACAO=\"sim\",REFERENCIA.Desonerado,REFERENCIA.NaoDesonerado),2)","v":611.66},0.2487,null,1,null,null,763.78,763.78]
["S",2,"S",0,{"$f":"IF($C221=1,OFFSET(E221,-1,0)+MAX(1,COUNTIF(QCI!$A$13:$A$24,OFFSET(ORÇAMENTO!E221,-1,0))),OFFSET(E221,-1,0))","v":1},13,0,0,2,0,{"$f":"IF(OR($C221=\"S\",$C221=0),0,MATCH(OFFSET($D221,0,$C221)+IF($C221<>1,1,COUNTIF(QCI!$A$13:$A$24,ORÇAMENTO!E221)),OFFSET($D221,1,$C221,ROW($C$240)-ROW($C221)),0))","v":0},"F","Serviço","Serviço","1.13.0.2.","SINAPI","100849",{"$f":"IF($C221=\"S\",REFERENCIA.Descricao,\"(digite a descrição aqui)\")","v":"ASSENTO SANITÁRIO CONVENCIONAL - FORNECIMENTO E INSTALACAO. AF_01/2020"},{"$f":"REFERENCIA.Unidade","v":"UN"},{"$f":"OFFSET(CÁLCULO!H$15,ROW($T221)-ROW(T$15),0)","v":1},45.51,"BDI 1",{"$f":"IF($C221=\"S\",ROUND(IF(TIPOORCAMENTO=\"Proposto\",ORÇAMENTO.CustoUnitario*(1+$AH221),ORÇAMENTO.PrecoUnitarioLicitado),15-13*$AF$10),0)","v":56.83},{"$f":"IF($C221=\"S\",IF(Import.TipoArredondamento<>\"TransfereGOV\",VTOTAL1,SUM(OFFSET(CÁLCULO!$AA$15,ROW($X221)-ROW($X$15),1):OFFSET(CÁLCULO!$AL$15,ROW($X221)-ROW($X$15),-1))),IF($C221=0,0,ROUND(SomaAgrup,15-13*$AF$11)))","v":56.83},"RA","RA",{"$f":"IF($C221=\"S\",IF($Z221=\"CP\",$X221,IF($Z221=\"RA\",(($X221)*QCI!$AA$3),0)),SomaAgrup)","v":56.83},0,{"$f":"IF($N221=\"\",\"\",IF(ORÇAMENTO.Descricao=\"\",\"DESCRIÇÃO\",IF(AND($C221=\"S\",ORÇAMENTO.Unidade=\"\"),\"UNIDADE\",IF($X221<0,\"VALOR NEGATIVO\",IF(OR(AND(TIPOORCAMENTO=\"Proposto\",$AG221<>\"\",$AG221>0,ORÇAMENTO.CustoUnitario>$AG221),AND(TIPOORCAMENTO=\"LICITADO\",ORÇAMENTO.PrecoUnitarioLicitado>$AN221)),\"ACIMA REF.\",\"\")))))","v":""},{"$f":"IF(C221<=CRONO.NivelExibicao,MAX($AD$15:OFFSET(AD221,-1,0))+IF($C221<>1,1,MAX(1,COUNTIF(QCI!$A$13:$A$24,OFFSET($E221,-1,0)))),\"\")","v":""},{"$f":"IF(AND($C221=\"S\",ORÇAMENTO.CodBarra<>\"\"),IF(ORÇAMENTO.Fonte=\"\",ORÇAMENTO.CodBarra,CONCATENATE(ORÇAMENTO.Fonte,\" \",ORÇAMENTO.CodBarra)))","v":"SINAPI 100849"},{"$f":"IF(ISERROR(INDIRECT(ORÇAMENTO.BancoRef)),\"(abra o arquivo 'Referência \"&Excel_BuiltIn_Database&\".xlsm)\",IF(OR($C221<>\"S\",ORÇAMENTO.CodBarra=\"\"),\"(Sem Código)\",IF(ISERROR(MATCH($AE221,INDIRECT(ORÇAMENTO.BancoRef),0)),\"(Código não identificado nas referências)\",MATCH($AE221,INDIRECT(ORÇAMENTO.BancoRef),0))))","v":5193},{"$f":"ROUND(IF(DESONERACAO=\"sim\",REFERENCIA.Desonerado,REFERENCIA.NaoDesonerado),2)","v":45.51},0.2487,null,1,null,null,56.83,56.83]
["S",2,"S",0,{"$f":"IF($C222=1,OFFSET(E222,-1,0)+MAX(1,COUNTIF(QCI!$A$13:$A$24,OFFSET(ORÇAMENTO!E222,-1,0))),OFFSET(E222,-1,0))","v":1},13,0,0,3,0,{"$f":"IF(OR($C222=\"S\",$C222=0),0,MATCH(OFFSET($D222,0,$C222)+IF($C222<>1,1,COUNTIF(QCI!$A$13:$A$24,ORÇAMENTO!E222)),OFFSET($D222,1,$C222,ROW($C$240)-ROW($C222)),0))","v":0},"F","Serviço","Serviço","1.13.0.3.","SINAPI","95546",{"$f":"IF($C222=\"S\",REFERENCIA.Descricao,\"(digite a descrição aqui)\")","v":"KIT DE ACESSORIOS PARA BANHEIRO EM METAL CROMADO, 5 PECAS, INCLUSO FIXAÇÃO. AF_01/2020"},{"$f":"REFERENCIA.Unidade","v":"UN"},{"$f":"OFFSET(CÁLCULO!H$15,ROW($T222)-ROW(T$15),0)","v":1},302.66000000000003,"BDI 1",{"$f":"IF($C222=\"S\",ROUND(IF(TIPOORCAMENTO=\"Proposto\",ORÇAMENTO.CustoUnitario*(1+$AH222),ORÇAMENTO.PrecoUnitarioLicitado),15-13*$AF$10),0)","v":377.93},{"$f":"IF($C222=\"S\",IF(Import.TipoArredondamento<>\"TransfereGOV\",VTOTAL1,SUM(OFFSET(CÁLCULO!$AA$15,ROW($X222)-ROW($X$15),1):OFFSET(CÁLCULO!$AL$15,ROW($X222)-ROW($X$15),-1))),IF($C222=0,0,ROUND(SomaAgrup,15-13*$AF$11)))","v":377.93},"RA","RA",{"$f":"IF($C222=\"S\",IF($Z222=\"CP\",$X222,IF($Z222=\"RA\",(($X222)*QCI!$AA$3),0)),SomaAgrup)","v":377.93},0,{"$f":"IF($N222=\"\",\"\",IF(ORÇAMENTO.Descricao=\"\",\"DESCRIÇÃO\",IF(AND($C222=\"S\",ORÇAMENTO.Unidade=\"\"),\"UNIDADE\",IF($X222<0,\"VALOR NEGATIVO\",IF(OR(AND(TIPOORCAMENTO=\"Proposto\",$AG222<>\"\",$AG222>0,ORÇAMENTO.CustoUnitario>$AG222),AND(TIPOORCAMENTO=\"LICITADO\",ORÇAMENTO.PrecoUnitarioLicitado>$AN222)),\"ACIMA REF.\",\"\")))))","v":""},{"$f":"IF(C222<=CRONO.NivelExibicao,MAX($AD$15:OFFSET(AD222,-1,0))+IF($C222<>1,1,MAX(1,COUNTIF(QCI!$A$13:$A$24,OFFSET($E222,-1,0)))),\"\")","v":""},{"$f":"IF(AND($C222=\"S\",ORÇAMENTO.CodBarra<>\"\"),IF(ORÇAMENTO.Fonte=\"\",ORÇAMENTO.CodBarra,CONCATENATE(ORÇAMENTO.Fonte,\" \",ORÇAMENTO.CodBarra)))","v":"SINAPI 95546"},{"$f":"IF(ISERROR(INDIRECT(ORÇAMENTO.BancoRef)),\"(abra o arquivo 'Referência \"&Excel_BuiltIn_Database&\".xlsm)\",IF(OR($C222<>\"S\",ORÇAMENTO.CodBarra=\"\"),\"(Sem Código)\",IF(ISERROR(MATCH($AE222,INDIRECT(ORÇAMENTO.BancoRef),0)),\"(Código não identificado nas referências)\",MATCH($AE222,INDIRECT(ORÇAMENTO.BancoRef),0))))","v":5190},{"$f":"ROUND(IF(DESONERACAO=\"sim\",REFERENCIA.Desonerado,REFERENCIA.NaoDesonerado),2)","v":302.66000000000003},0.2487,null,1,null,null,377.93,377.93]
["S",2,"S",0,{"$f":"IF($C223=1,OFFSET(E223,-1,0)+MAX(1,COUNTIF(QCI!$A$13:$A$24,OFFSET(ORÇAMENTO!E223,-1,0))),OFFSET(E223,-1,0))","v":1},13,0,0,3,0,{"$f":"IF(OR($C223=\"S\",$C223=0),0,MATCH(OFFSET($D223,0,$C223)+IF($C223<>1,1,COUNTIF(QCI!$A$13:$A$24,ORÇAMENTO!E223)),OFFSET($D223,1,$C223,ROW($C$240)-ROW($C223)),0))","v":0},"","Serviço","Serviço","-","SINAPI",null,{"$f":"IF($C223=\"S\",REFERENCIA.Descricao,\"(digite a descrição aqui)\")","v":"(Sem Código)"},{"$f":"REFERENCIA.Unidade","v":"-"},{"$f":"OFFSET(CÁLCULO!H$15,ROW($T223)-ROW(T$15),0)","v":0},0,"BDI 1",{"$f":"IF($C223=\"S\",ROUND(IF(TIPOORCAMENTO=\"Proposto\",ORÇAMENTO.CustoUnitario*(1+$AH223),ORÇAMENTO.PrecoUnitarioLicitado),15-13*$AF$10),0)","v":0},{"$f":"IF($C223=\"S\",IF(Import.TipoArredondamento<>\"TransfereGOV\",VTOTAL1,SUM(OFFSET(CÁLCULO!$AA$15,ROW($X223)-ROW($X$15),1):OFFSET(CÁLCULO!$AL$15,ROW($X223)-ROW($X$15),-1))),IF($C223=0,0,ROUND(SomaAgrup,15-13*$AF$11)))","v":0},"RA","",{"$f":"IF($C223=\"S\",IF($Z223=\"CP\",$X223,IF($Z223=\"RA\",(($X223)*QCI!$AA$3),0)),SomaAgrup)","v":0},0,{"$f":"IF($N223=\"\",\"\",IF(ORÇAMENTO.Descricao=\"\",\"DESCRIÇÃO\",IF(AND($C223=\"S\",ORÇAMENTO.Unidade=\"\"),\"UNIDADE\",IF($X223<0,\"VALOR NEGATIVO\",IF(OR(AND(TIPOORCAMENTO=\"Proposto\",$AG223<>\"\",$AG223>0,ORÇAMENTO.CustoUnitario>$AG223),AND(TIPOORCAMENTO=\"LICITADO\",ORÇAMENTO.PrecoUnitarioLicitado>$AN223)),\"ACIMA REF.\",\"\")))))","v":""},{"$f":"IF(C223<=CRONO.NivelExibicao,MAX($AD$15:OFFSET(AD223,-1,0))+IF($C223<>1,1,MAX(1,COUNTIF(QCI!$A$13:$A$24,OFFSET($E223,-1,0)))),\"\")","v":""},{"$f":"IF(AND($C223=\"S\",ORÇAMENTO.CodBarra<>\"\"),IF(ORÇAMENTO.Fonte=\"\",ORÇAMENTO.CodBarra,CONCATENATE(ORÇAMENTO.Fonte,\" \",ORÇAMENTO.CodBarra)))","v":false},{"$f":"IF(ISERROR(INDIRECT(ORÇAMENTO.BancoRef)),\"(abra o arquivo 'Referência \"&Excel_BuiltIn_Database&\".xlsm)\",IF(OR($C223<>\"S\",ORÇAMENTO.CodBarra=\"\"),\"(Sem Código)\",IF(ISERROR(MATCH($AE223,INDIRECT(ORÇAMENTO.BancoRef),0)),\"(Código não identificado nas referências)\",MATCH($AE223,INDIRECT(ORÇAMENTO.BancoRef),0))))","v":"(Sem Código)"},{"$f":"ROUND(IF(DESONERACAO=\"sim\",REFERENCIA.Desonerado,REFERENCIA.NaoDesonerado),2)","v":0},0.2487,null,null,null,null,0,0]
["S",2,"S",0,{"$f":"IF($C224=1,OFFSET(E224,-1,0)+MAX(1,COUNTIF(QCI!$A$13:$A$24,OFFSET(ORÇAMENTO!E224,-1,0))),OFFSET(E224,-1,0))","v":1},13,0,0,3,0,{"$f":"IF(OR($C224=\"S\",$C224=0),0,MATCH(OFFSET($D224,0,$C224)+IF($C224<>1,1,COUNTIF(QCI!$A$13:$A$24,ORÇAMENTO!E224)),OFFSET($D224,1,$C224,ROW($C$240)-ROW($C224)),0))","v":0},"","Serviço","Serviço","-","SINAPI",null,{"$f":"IF($C224=\"S\",REFERENCIA.Descricao,\"(digite a descrição aqui)\")","v":"(Sem Código)"},{"$f":"REFERENCIA.Unidade","v":"-"},{"$f":"OFFSET(CÁLCULO!H$15,ROW($T224)-ROW(T$15),0)","v":0},0,"BDI 1",{"$f":"IF($C224=\"S\",ROUND(IF(TIPOORCAMENTO=\"Proposto\",ORÇAMENTO.CustoUnitario*(1+$AH224),ORÇAMENTO.PrecoUnitarioLicitado),15-13*$AF$10),0)","v":0},{"$f":"IF($C224=\"S\",IF(Import.TipoArredondamento<>\"TransfereGOV\",VTOTAL1,SUM(OFFSET(CÁLCULO!$AA$15,ROW($X224)-ROW($X$15),1):OFFSET(CÁLCULO!$AL$15,ROW($X224)-ROW($X$15),-1))),IF($C224=0,0,ROUND(SomaAgrup,15-13*$AF$11)))","v":0},"RA","",{"$f":"IF($C224=\"S\",IF($Z224=\"CP\",$X224,IF($Z224=\"RA\",(($X224)*QCI!$AA$3),0)),SomaAgrup)","v":0},0,{"$f":"IF($N224=\"\",\"\",IF(ORÇAMENTO.Descricao=\"\",\"DESCRIÇÃO\",IF(AND($C224=\"S\",ORÇAMENTO.Unidade=\"\"),\"UNIDADE\",IF($X224<0,\"VALOR NEGATIVO\",IF(OR(AND(TIPOORCAMENTO=\"Proposto\",$AG224<>\"\",$AG224>0,ORÇAMENTO.CustoUnitario>$AG224),AND(TIPOORCAMENTO=\"LICITADO\",ORÇAMENTO.PrecoUnitarioLicitado>$AN224)),\"ACIMA REF.\",\"\")))))","v":""},{"$f":"IF(C224<=CRONO.NivelExibicao,MAX($AD$15:OFFSET(AD224,-1,0))+IF($C224<>1,1,MAX(1,COUNTIF(QCI!$A$13:$A$24,OFFSET($E224,-1,0)))),\"\")","v":""},{"$f":"IF(AND($C224=\"S\",ORÇAMENTO.CodBarra<>\"\"),IF(ORÇAMENTO.Fonte=\"\",ORÇAMENTO.CodBarra,CONCATENATE(ORÇAMENTO.Fonte,\" \",ORÇAMENTO.CodBarra)))","v":false},{"$f":"IF(ISERROR(INDIRECT(ORÇAMENTO.BancoRef)),\"(abra o arquivo 'Referência \"&Excel_BuiltIn_Database&\".xlsm)\",IF(OR($C224<>\"S\",ORÇAMENTO.CodBarra=\"\"),\"(Sem Código)\",IF(ISERROR(MATCH($AE224,INDIRECT(ORÇAMENTO.BancoRef),0)),\"(Código não identificado nas referências)\",MATCH($AE224,INDIRECT(ORÇAMENTO.BancoRef),0))))","v":"(Sem Código)"},{"$f":"ROUND(IF(DESONERACAO=\"sim\",REFERENCIA.Desonerado,REFERENCIA.NaoDesonerado),2)","v":0},0.2487,null,null,null,null,0,0]
["S",2,"S",0,{"$f":"IF($C225=1,OFFSET(E225,-1,0)+MAX(1,COUNTIF(QCI!$A$13:$A$24,OFFSET(ORÇAMENTO!E225,-1,0))),OFFSET(E225,-1,0))","v":1},13,0,0,3,0,{"$f":"IF(OR($C225=\"S\",$C225=0),0,MATCH(OFFSET($D225,0,$C225)+IF($C225<>1,1,COUNTIF(QCI!$A$13:$A$24,ORÇAMENTO!E225)),OFFSET($D225,1,$C225,ROW($C$240)-ROW($C225)),0))","v":0},"","Serviço","Serviço","-","SINAPI",null,{"$f":"IF($C225=\"S\",REFERENCIA.Descricao,\"(digite a descrição aqui)\")","v":"(Sem Código)"},{"$f":"REFERENCIA.Unidade","v":"-"},{"$f":"OFFSET(CÁLCULO!H$15,ROW($T225)-ROW(T$15),0)","v":0},0,"BDI 1",{"$f":"IF($C225=\"S\",ROUND(IF(TIPOORCAMENTO=\"Proposto\",ORÇAMENTO.CustoUnitario*(1+$AH225),ORÇAMENTO.PrecoUnitarioLicitado),15-13*$AF$10),0)","v":0},{"$f":"IF($C225=\"S\",IF(Import.TipoArredondamento<>\"TransfereGOV\",VTOTAL1,SUM(OFFSET(CÁLCULO!$AA$15,ROW($X225)-ROW($X$15),1):OFFSET(CÁLCULO!$AL$15,ROW($X225)-ROW($X$15),-1))),IF($C225=0,0,ROUND(SomaAgrup,15-13*$AF$11)))","v":0},"RA","",{"$f":"IF($C225=\"S\",IF($Z225=\"CP\",$X225,IF($Z225=\"RA\",(($X225)*QCI!$AA$3),0)),SomaAgrup)","v":0},0,{"$f":"IF($N225=\"\",\"\",IF(ORÇAMENTO.Descricao=\"\",\"DESCRIÇÃO\",IF(AND($C225=\"S\",ORÇAMENTO.Unidade=\"\"),\"UNIDADE\",IF($X225<0,\"VALOR NEGATIVO\",IF(OR(AND(TIPOORCAMENTO=\"Proposto\",$AG225<>\"\",$AG225>0,ORÇAMENTO.CustoUnitario>$AG225),AND(TIPOORCAMENTO=\"LICITADO\",ORÇAMENTO.PrecoUnitarioLicitado>$AN225)),\"ACIMA REF.\",\"\")))))","v":""},{"$f":"IF(C225<=CRONO.NivelExibicao,MAX($AD$15:OFFSET(AD225,-1,0))+IF($C225<>1,1,MAX(1,COUNTIF(QCI!$A$13:$A$24,OFFSET($E225,-1,0)))),\"\")","v":""},{"$f":"IF(AND($C225=\"S\",ORÇAMENTO.CodBarra<>\"\"),IF(ORÇAMENTO.Fonte=\"\",ORÇAMENTO.CodBarra,CONCATENATE(ORÇAMENTO.Fonte,\" \",ORÇAMENTO.CodBarra)))","v":false},{"$f":"IF(ISERROR(INDIRECT(ORÇAMENTO.BancoRef)),\"(abra o arquivo 'Referência \"&Excel_BuiltIn_Database&\".xlsm)\",IF(OR($C225<>\"S\",ORÇAMENTO.CodBarra=\"\"),\"(Sem Código)\",IF(ISERROR(MATCH($AE225,INDIRECT(ORÇAMENTO.BancoRef),0)),\"(Código não identificado nas referências)\",MATCH($AE225,INDIRECT(ORÇAMENTO.BancoRef),0))))","v":"(Sem Código)"},{"$f":"ROUND(IF(DESONERACAO=\"sim\",REFERENCIA.Desonerado,REFERENCIA.NaoDesonerado),2)","v":0},0.2487,null,null,null,null,0,0]
[2,2,2,14,{"$f":"IF($C226=1,OFFSET(E226,-1,0)+MAX(1,COUNTIF(QCI!$A$13:$A$24,OFFSET(ORÇAMENTO!E226,-1,0))),OFFSET(E226,-1,0))","v":1},14,0,0,0,14,{"$f":"IF(OR($C226=\"S\",$C226=0),0,MATCH(OFFSET($D226,0,$C226)+IF($C226<>1,1,COUNTIF(QCI!$A$13:$A$24,ORÇAMENTO!E226)),OFFSET($D226,1,$C226,ROW($C$240)-ROW($C226)),0))","v":{"$error":"#N/A"}},"F","Nível 2","Nível 2","1.14.","SINAPI",null,{"$f":"IF($C226=\"S\",REFERENCIA.Descricao,\"SERVIÇOS COMPLEMENTARES\")","v":"SERVIÇOS COMPLEMENTARES"},{"$f":"REFERENCIA.Unidade","v":"-"},{"$f":"OFFSET(CÁLCULO!H$15,ROW($T226)-ROW(T$15),0)","v":0},0,"BDI 1",{"$f":"IF($C226=\"S\",ROUND(IF(TIPOORCAMENTO=\"Proposto\",ORÇAMENTO.CustoUnitario*(1+$AH226),ORÇAMENTO.PrecoUnitarioLicitado),15-13*$AF$10),0)","v":0},{"$f":"IF($C226=\"S\",IF(Import.TipoArredondamento<>\"TransfereGOV\",VTOTAL1,SUM(OFFSET(CÁLCULO!$AA$15,ROW($X226)-ROW($X$15),1):OFFSET(CÁLCULO!$AL$15,ROW($X226)-ROW($X$15),-1))),IF($C226=0,0,ROUND(SomaAgrup,15-13*$AF$11)))","v":17636.22},"RA","",{"$f":"IF($C226=\"S\",IF($Z226=\"CP\",$X226,IF($Z226=\"RA\",(($X226)*QCI!$AA$3),0)),SomaAgrup)","v":17636.22},0,{"$f":"IF($N226=\"\",\"\",IF(ORÇAMENTO.Descricao=\"\",\"DESCRIÇÃO\",IF(AND($C226=\"S\",ORÇAMENTO.Unidade=\"\"),\"UNIDADE\",IF($X226<0,\"VALOR NEGATIVO\",IF(OR(AND(TIPOORCAMENTO=\"Proposto\",$AG226<>\"\",$AG226>0,ORÇAMENTO.CustoUnitario>$AG226),AND(TIPOORCAMENTO=\"LICITADO\",ORÇAMENTO.PrecoUnitarioLicitado>$AN226)),\"ACIMA REF.\",\"\")))))","v":""},{"$f":"IF(C226<=CRONO.NivelExibicao,MAX($AD$15:OFFSET(AD226,-1,0))+IF($C226<>1,1,MAX(1,COUNTIF(QCI!$A$13:$A$24,OFFSET($E226,-1,0)))),\"\")","v":15},{"$f":"IF(AND($C226=\"S\",ORÇAMENTO.CodBarra<>\"\"),IF(ORÇAMENTO.Fonte=\"\",ORÇAMENTO.CodBarra,CONCATENATE(ORÇAMENTO.Fonte,\" \",ORÇAMENTO.CodBarra)))","v":false},{"$f":"IF(ISERROR(INDIRECT(ORÇAMENTO.BancoRef)),\"(abra o arquivo 'Referência \"&Excel_BuiltIn_Database&\".xlsm)\",IF(OR($C226<>\"S\",ORÇAMENTO.CodBarra=\"\"),\"(Sem Código)\",IF(ISERROR(MATCH($AE226,INDIRECT(ORÇAMENTO.BancoRef),0)),\"(Código não identificado nas referências)\",MATCH($AE226,INDIRECT(ORÇAMENTO.BancoRef),0))))","v":"(Sem Código)"},{"$f":"ROUND(IF(DESONERACAO=\"sim\",REFERENCIA.Desonerado,REFERENCIA.NaoDesonerado),2)","v":0},0.2487,null,null,null,null,17636.22,0]
[{"$f":"CHOOSE(1+LOG(1+2*(ORÇAMENTO.Nivel=\"Meta\")+4*(ORÇAMENTO.Nivel=\"Nível 2\")+8*(ORÇAMENTO.Nivel=\"Nível 3\")+16*(ORÇAMENTO.Nivel=\"Nível 4\")+32*(ORÇAMENTO.Nivel=\"Serviço\"),2),0,1,2,3,4,\"S\")","v":"S"},{"$f":"IF(OR(C227=\"s\",C227=0),OFFSET(B227,-1,0),C227)","v":2},{"$f":"IF(OFFSET(C227,-1,0)=\"L\",1,IF(OFFSET(C227,-1,0)=1,2,IF(OR(A227=\"s\",A227=0),\"S\",IF(AND(OFFSET(C227,-1,0)=2,A227=4),3,IF(AND(OR(OFFSET(C227,-1,0)=\"s\",OFFSET(C227,-1,0)=0),A227<>\"s\",A227>OFFSET(B227,-1,0)),OFFSET(B227,-1,0),A227)))))","v":"S"},{"$f":"IF(OR(C227=\"S\",C227=0),0,IF(ISERROR(K227),J227,SMALL(J227:K227,1)))","v":0},{"$f":"IF($C227=1,OFFSET(E227,-1,0)+MAX(1,COUNTIF(QCI!$A$13:$A$24,OFFSET(ORÇAMENTO!E227,-1,0))),OFFSET(E227,-1,0))","v":1},{"$f":"IF($C227=1,0,IF($C227=2,OFFSET(F227,-1,0)+1,OFFSET(F227,-1,0)))","v":14},{"$f":"IF(AND($C227<=2,$C227<>0),0,IF($C227=3,OFFSET(G227,-1,0)+1,OFFSET(G227,-1,0)))","v":0},{"$f":"IF(AND($C227<=3,$C227<>0),0,IF($C227=4,OFFSET(H227,-1,0)+1,OFFSET(H227,-1,0)))","v":0},{"$f":"IF(AND($C227<=4,$C227<>0),0,IF(AND($C227=\"S\",$X227>0),OFFSET(I227,-1,0)+1,OFFSET(I227,-1,0)))","v":1},0,{"$f":"IF(OR($C227=\"S\",$C227=0),0,MATCH(OFFSET($D227,0,$C227)+IF($C227<>1,1,COUNTIF(QCI!$A$13:$A$24,ORÇAMENTO!E227)),OFFSET($D227,1,$C227,ROW($C$240)-ROW($C227)),0))","v":0},{"$f":"IF(OR($X227>0,$C227=1,$C227=2,$C227=3,$C227=4),\"F\",\"\")","v":"F"},"Serviço",{"$f":"CHOOSE(1+LOG(1+2*(C227=1)+4*(C227=2)+8*(C227=3)+16*(C227=4)+32*(C227=\"S\"),2),\"\",\"Meta\",\"Nível 2\",\"Nível 3\",\"Nível 4\",\"Serviço\")","v":"Serviço"},{"$f":"IF(OR($C227=0,$L227=\"\"),\"-\",CONCATENATE(E227&\".\",IF(AND($A$5>=2,$C227>=2),F227&\".\",\"\"),IF(AND($A$5>=3,$C227>=3),G227&\".\",\"\"),IF(AND($A$5>=4,$C227>=4),H227&\".\",\"\"),IF($C227=\"S\",I227&\".\",\"\")))","v":"1.14.0.1."},"Cotação","002",{"$f":"IF($C227=\"S\",REFERENCIA.Descricao,\"(digite a descrição aqui)\")","v":"ESCADA METÁLICA PARA AMBIENTE EXTERNO, LARGURA DE 1,20 M, COM 14 DEGRAUS DE 30 CM E ESPELHO DE 19 CM - FORNECIMENTO E INSTALAÇÃO."},{"$f":"REFERENCIA.Unidade","v":"UNIDADE"},{"$f":"OFFSET(CÁLCULO!H$15,ROW($T227)-ROW(T$15),0)","v":1},9383.33,"BDI 1",{"$f":"IF($C227=\"S\",ROUND(IF(TIPOORCAMENTO=\"Proposto\",ORÇAMENTO.CustoUnitario*(1+$AH227),ORÇAMENTO.PrecoUnitarioLicitado),15-13*$AF$10),0)","v":11716.96},{"$f":"IF($C227=\"S\",IF(Import.TipoArredondamento<>\"TransfereGOV\",VTOTAL1,SUM(OFFSET(CÁLCULO!$AA$15,ROW($X227)-ROW($X$15),1):OFFSET(CÁLCULO!$AL$15,ROW($X227)-ROW($X$15),-1))),IF($C227=0,0,ROUND(SomaAgrup,15-13*$AF$11)))","v":11716.96},"RA",{"$f":"IF(AND($C227=\"S\",$X227>0),IF(ISBLANK($Y227),\"RA\",LEFT($Y227,2)),\"\")","v":"RA"},{"$f":"IF($C227=\"S\",IF($Z227=\"CP\",$X227,IF($Z227=\"RA\",(($X227)*QCI!$AA$3),0)),SomaAgrup)","v":11716.96},{"$f":"IF($C227=\"S\",IF($Z227=\"OU\",ROUND($X227,2),0),SomaAgrup)","v":0},{"$f":"IF($N227=\"\",\"\",IF(ORÇAMENTO.Descricao=\"\",\"DESCRIÇÃO\",IF(AND($C227=\"S\",ORÇAMENTO.Unidade=\"\"),\"UNIDADE\",IF($X227<0,\"VALOR NEGATIVO\",IF(OR(AND(TIPOORCAMENTO=\"Proposto\",$AG227<>\"\",$AG227>0,ORÇAMENTO.CustoUnitario>$AG227),AND(TIPOORCAMENTO=\"LICITADO\",ORÇAMENTO.PrecoUnitarioLicitado>$AN227)),\"ACIMA REF.\",\"\")))))","v":""},{"$f":"IF(C227<=CRONO.NivelExibicao,MAX($AD$15:OFFSET(AD227,-1,0))+IF($C227<>1,1,MAX(1,COUNTIF(QCI!$A$13:$A$24,OFFSET($E227,-1,0)))),\"\")","v":""},{"$f":"IF(AND($C227=\"S\",ORÇAMENTO.CodBarra<>\"\"),IF(ORÇAMENTO.Fonte=\"\",ORÇAMENTO.CodBarra,CONCATENATE(ORÇAMENTO.Fonte,\" \",ORÇAMENTO.CodBarra)))","v":"Cotação 002"},{"$f":"IF(ISERROR(INDIRECT(ORÇAMENTO.BancoRef)),\"(abra o arquivo 'Referência \"&Excel_BuiltIn_Database&\".xlsm)\",IF(OR($C227<>\"S\",ORÇAMENTO.CodBarra=\"\"),\"(Sem Código)\",IF(ISERROR(MATCH($AE227,INDIRECT(ORÇAMENTO.BancoRef),0)),\"(Código não identificado nas referências)\",MATCH($AE227,INDIRECT(ORÇAMENTO.BancoRef),0))))","v":19},{"$f":"ROUND(IF(DESONERACAO=\"sim\",REFERENCIA.Desonerado,REFERENCIA.NaoDesonerado),2)","v":9383.33},{"$f":"ROUND(IF(ISNUMBER(ORÇAMENTO.OpcaoBDI),ORÇAMENTO.OpcaoBDI,IF(LEFT(ORÇAMENTO.OpcaoBDI,3)=\"BDI\",HLOOKUP(ORÇAMENTO.OpcaoBDI,$F$4:$H$5,2,FALSE),0)),15-11*$AF$9)","v":0.2487},null,1,null,null,11716.96,{"$f":"ROUND(ORÇAMENTO.CustoUnitario*(1+$AH227),2)","v":11716.96}]
["S",2,"S",0,{"$f":"IF($C228=1,OFFSET(E228,-1,0)+MAX(1,COUNTIF(QCI!$A$13:$A$24,OFFSET(ORÇAMENTO!E228,-1,0))),OFFSET(E228,-1,0))","v":1},14,0,0,2,0,{"$f":"IF(OR($C228=\"S\",$C228=0),0,MATCH(OFFSET($D228,0,$C228)+IF($C228<>1,1,COUNTIF(QCI!$A$13:$A$24,ORÇAMENTO!E228)),OFFSET($D228,1,$C228,ROW($C$240)-ROW($C228)),0))","v":0},"F","Serviço","Serviço","1.14.0.2.","SINAPI","99837",{"$f":"IF($C228=\"S\",REFERENCIA.Descricao,\"(digite a descrição aqui)\")","v":"GUARDA-CORPO DE AÇO GALVANIZADO DE 1,10M, MONTANTES TUBULARES DE 1.1/4\u0094 ESPAÇADOS DE 1,20M, TRAVESSA SUPERIOR DE 1.1/2\u0094, GRADIL FORMADO POR TUBOS HORIZONTAIS DE 1\u0094 E VERTICAIS DE 3/4\u0094, FIXADO COM CHUMBADOR MECÂNICO. AF_04/2019_PS"},{"$f":"REFERENCIA.Unidade","v":"M"},{"$f":"OFFSET(CÁLCULO!H$15,ROW($T228)-ROW(T$15),0)","v":3.92},601.65,"BDI 1",{"$f":"IF($C228=\"S\",ROUND(IF(TIPOORCAMENTO=\"Proposto\",ORÇAMENTO.CustoUnitario*(1+$AH228),ORÇAMENTO.PrecoUnitarioLicitado),15-13*$AF$10),0)","v":751.28},{"$f":"IF($C228=\"S\",IF(Import.TipoArredondamento<>\"TransfereGOV\",VTOTAL1,SUM(OFFSET(CÁLCULO!$AA$15,ROW($X228)-ROW($X$15),1):OFFSET(CÁLCULO!$AL$15,ROW($X228)-ROW($X$15),-1))),IF($C228=0,0,ROUND(SomaAgrup,15-13*$AF$11)))","v":2945.02},"RA","RA",{"$f":"IF($C228=\"S\",IF($Z228=\"CP\",$X228,IF($Z228=\"RA\",(($X228)*QCI!$AA$3),0)),SomaAgrup)","v":2945.02},0,{"$f":"IF($N228=\"\",\"\",IF(ORÇAMENTO.Descricao=\"\",\"DESCRIÇÃO\",IF(AND($C228=\"S\",ORÇAMENTO.Unidade=\"\"),\"UNIDADE\",IF($X228<0,\"VALOR NEGATIVO\",IF(OR(AND(TIPOORCAMENTO=\"Proposto\",$AG228<>\"\",$AG228>0,ORÇAMENTO.CustoUnitario>$AG228),AND(TIPOORCAMENTO=\"LICITADO\",ORÇAMENTO.PrecoUnitarioLicitado>$AN228)),\"ACIMA REF.\",\"\")))))","v":""},{"$f":"IF(C228<=CRONO.NivelExibicao,MAX($AD$15:OFFSET(AD228,-1,0))+IF($C228<>1,1,MAX(1,COUNTIF(QCI!$A$13:$A$24,OFFSET($E228,-1,0)))),\"\")","v":""},{"$f":"IF(AND($C228=\"S\",ORÇAMENTO.CodBarra<>\"\"),IF(ORÇAMENTO.Fonte=\"\",ORÇAMENTO.CodBarra,CONCATENATE(ORÇAMENTO.Fonte,\" \",ORÇAMENTO.CodBarra)))","v":"SINAPI 99837"},{"$f":"IF(ISERROR(INDIRECT(ORÇAMENTO.BancoRef)),\"(abra o arquivo 'Referência \"&Excel_BuiltIn_Database&\".xlsm)\",IF(OR($C228<>\"S\",ORÇAMENTO.CodBarra=\"\"),\"(Sem Código)\",IF(ISERROR(MATCH($AE228,INDIRECT(ORÇAMENTO.BancoRef),0)),\"(Código não identificado nas referências)\",MATCH($AE228,INDIRECT(ORÇAMENTO.BancoRef),0))))","v":2113},{"$f":"ROUND(IF(DESONERACAO=\"sim\",REFERENCIA.Desonerado,REFERENCIA.NaoDesonerado),2)","v":601.65},0.2487,null,3.92,null,null,2945.02,751.28]
["S",2,"S",0,{"$f":"IF($C229=1,OFFSET(E229,-1,0)+MAX(1,COUNTIF(QCI!$A$13:$A$24,OFFSET(ORÇAMENTO!E229,-1,0))),OFFSET(E229,-1,0))","v":1},14,0,0,3,0,{"$f":"IF(OR($C229=\"S\",$C229=0),0,MATCH(OFFSET($D229,0,$C229)+IF($C229<>1,1,COUNTIF(QCI!$A$13:$A$24,ORÇAMENTO!E229)),OFFSET($D229,1,$C229,ROW($C$240)-ROW($C229)),0))","v":0},"F","Serviço","Serviço","1.14.0.3.","SINAPI","99855",{"$f":"IF($C229=\"S\",REFERENCIA.Descricao,\"(digite a descrição aqui)\")","v":"CORRIMÃO SIMPLES, DIÂMETRO EXTERNO = 1 1/2\u0094, EM AÇO GALVANIZADO. AF_04/2019_PS"},{"$f":"REFERENCIA.Unidade","v":"M"},{"$f":"OFFSET(CÁLCULO!H$15,ROW($T229)-ROW(T$15),0)","v":3.92},107.74,"BDI 1",{"$f":"IF($C229=\"S\",ROUND(IF(TIPOORCAMENTO=\"Proposto\",ORÇAMENTO.CustoUnitario*(1+$AH229),ORÇAMENTO.PrecoUnitarioLicitado),15-13*$AF$10),0)","v":134.53},{"$f":"IF($C229=\"S\",IF(Import.TipoArredondamento<>\"TransfereGOV\",VTOTAL1,SUM(OFFSET(CÁLCULO!$AA$15,ROW($X229)-ROW($X$15),1):OFFSET(CÁLCULO!$AL$15,ROW($X229)-ROW($X$15),-1))),IF($C229=0,0,ROUND(SomaAgrup,15-13*$AF$11)))","v":527.36},"RA","RA",{"$f":"IF($C229=\"S\",IF($Z229=\"CP\",$X229,IF($Z229=\"RA\",(($X229)*QCI!$AA$3),0)),SomaAgrup)","v":527.36},0,{"$f":"IF($N229=\"\",\"\",IF(ORÇAMENTO.Descricao=\"\",\"DESCRIÇÃO\",IF(AND($C229=\"S\",ORÇAMENTO.Unidade=\"\"),\"UNIDADE\",IF($X229<0,\"VALOR NEGATIVO\",IF(OR(AND(TIPOORCAMENTO=\"Proposto\",$AG229<>\"\",$AG229>0,ORÇAMENTO.CustoUnitario>$AG229),AND(TIPOORCAMENTO=\"LICITADO\",ORÇAMENTO.PrecoUnitarioLicitado>$AN229)),\"ACIMA REF.\",\"\")))))","v":""},{"$f":"IF(C229<=CRONO.NivelExibicao,MAX($AD$15:OFFSET(AD229,-1,0))+IF($C229<>1,1,MAX(1,COUNTIF(QCI!$A$13:$A$24,OFFSET($E229,-1,0)))),\"\")","v":""},{"$f":"IF(AND($C229=\"S\",ORÇAMENTO.CodBarra<>\"\"),IF(ORÇAMENTO.Fonte=\"\",ORÇAMENTO.CodBarra,CONCATENATE(ORÇAMENTO.Fonte,\" \",ORÇAMENTO.CodBarra)))","v":"SINAPI 99855"},{"$f":"IF(ISERROR(INDIRECT(ORÇAMENTO.BancoRef)),\"(abra o arquivo 'Referência \"&Excel_BuiltIn_Database&\".xlsm)\",IF(OR($C229<>\"S\",ORÇAMENTO.CodBarra=\"\"),\"(Sem Código)\",IF(ISERROR(MATCH($AE229,INDIRECT(ORÇAMENTO.BancoRef),0)),\"(Código não identificado nas referências)\",MATCH($AE229,INDIRECT(ORÇAMENTO.BancoRef),0))))","v":2116},{"$f":"ROUND(IF(DESONERACAO=\"sim\",REFERENCIA.Desonerado,REFERENCIA.NaoDesonerado),2)","v":107.74},0.2487,null,3.92,null,null,527.36,134.53]
[{"$f":"CHOOSE(1+LOG(1+2*(ORÇAMENTO.Nivel=\"Meta\")+4*(ORÇAMENTO.Nivel=\"Nível 2\")+8*(ORÇAMENTO.Nivel=\"Nível 3\")+16*(ORÇAMENTO.Nivel=\"Nível 4\")+32*(ORÇAMENTO.Nivel=\"Serviço\"),2),0,1,2,3,4,\"S\")","v":"S"},{"$f":"IF(OR(C230=\"s\",C230=0),OFFSET(B230,-1,0),C230)","v":2},{"$f":"IF(OFFSET(C230,-1,0)=\"L\",1,IF(OFFSET(C230,-1,0)=1,2,IF(OR(A230=\"s\",A230=0),\"S\",IF(AND(OFFSET(C230,-1,0)=2,A230=4),3,IF(AND(OR(OFFSET(C230,-1,0)=\"s\",OFFSET(C230,-1,0)=0),A230<>\"s\",A230>OFFSET(B230,-1,0)),OFFSET(B230,-1,0),A230)))))","v":"S"},{"$f":"IF(OR(C230=\"S\",C230=0),0,IF(ISERROR(K230),J230,SMALL(J230:K230,1)))","v":0},{"$f":"IF($C230=1,OFFSET(E230,-1,0)+MAX(1,COUNTIF(QCI!$A$13:$A$24,OFFSET(ORÇAMENTO!E230,-1,0))),OFFSET(E230,-1,0))","v":1},{"$f":"IF($C230=1,0,IF($C230=2,OFFSET(F230,-1,0)+1,OFFSET(F230,-1,0)))","v":14},{"$f":"IF(AND($C230<=2,$C230<>0),0,IF($C230=3,OFFSET(G230,-1,0)+1,OFFSET(G230,-1,0)))","v":0},{"$f":"IF(AND($C230<=3,$C230<>0),0,IF($C230=4,OFFSET(H230,-1,0)+1,OFFSET(H230,-1,0)))","v":0},{"$f":"IF(AND($C230<=4,$C230<>0),0,IF(AND($C230=\"S\",$X230>0),OFFSET(I230,-1,0)+1,OFFSET(I230,-1,0)))","v":4},0,{"$f":"IF(OR($C230=\"S\",$C230=0),0,MATCH(OFFSET($D230,0,$C230)+IF($C230<>1,1,COUNTIF(QCI!$A$13:$A$24,ORÇAMENTO!E230)),OFFSET($D230,1,$C230,ROW($C$240)-ROW($C230)),0))","v":0},{"$f":"IF(OR($X230>0,$C230=1,$C230=2,$C230=3,$C230=4),\"F\",\"\")","v":"F"},"Serviço",{"$f":"CHOOSE(1+LOG(1+2*(C230=1)+4*(C230=2)+8*(C230=3)+16*(C230=4)+32*(C230=\"S\"),2),\"\",\"Meta\",\"Nível 2\",\"Nível 3\",\"Nível 4\",\"Serviço\")","v":"Serviço"},{"$f":"IF(OR($C230=0,$L230=\"\"),\"-\",CONCATENATE(E230&\".\",IF(AND($A$5>=2,$C230>=2),F230&\".\",\"\"),IF(AND($A$5>=3,$C230>=3),G230&\".\",\"\"),IF(AND($A$5>=4,$C230>=4),H230&\".\",\"\"),IF($C230=\"S\",I230&\".\",\"\")))","v":"1.14.0.4."},"SINAPI","101909",{"$f":"IF($C230=\"S\",REFERENCIA.Descricao,\"(digite a descrição aqui)\")","v":"EXTINTOR DE INCÊNDIO PORTÁTIL COM CARGA DE PQS DE 6 KG, CLASSE BC - FORNECIMENTO E INSTALAÇÃO. AF_10/2020_PE"},{"$f":"REFERENCIA.Unidade","v":"UN"},{"$f":"OFFSET(CÁLCULO!H$15,ROW($T230)-ROW(T$15),0)","v":2},227.28,"BDI 1",{"$f":"IF($C230=\"S\",ROUND(IF(TIPOORCAMENTO=\"Proposto\",ORÇAMENTO.CustoUnitario*(1+$AH230),ORÇAMENTO.PrecoUnitarioLicitado),15-13*$AF$10),0)","v":283.8},{"$f":"IF($C230=\"S\",IF(Import.TipoArredondamento<>\"TransfereGOV\",VTOTAL1,SUM(OFFSET(CÁLCULO!$AA$15,ROW($X230)-ROW($X$15),1):OFFSET(CÁLCULO!$AL$15,ROW($X230)-ROW($X$15),-1))),IF($C230=0,0,ROUND(SomaAgrup,15-13*$AF$11)))","v":567.6},"RA",{"$f":"IF(AND($C230=\"S\",$X230>0),IF(ISBLANK($Y230),\"RA\",LEFT($Y230,2)),\"\")","v":"RA"},{"$f":"IF($C230=\"S\",IF($Z230=\"CP\",$X230,IF($Z230=\"RA\",(($X230)*QCI!$AA$3),0)),SomaAgrup)","v":567.6},{"$f":"IF($C230=\"S\",IF($Z230=\"OU\",ROUND($X230,2),0),SomaAgrup)","v":0},{"$f":"IF($N230=\"\",\"\",IF(ORÇAMENTO.Descricao=\"\",\"DESCRIÇÃO\",IF(AND($C230=\"S\",ORÇAMENTO.Unidade=\"\"),\"UNIDADE\",IF($X230<0,\"VALOR NEGATIVO\",IF(OR(AND(TIPOORCAMENTO=\"Proposto\",$AG230<>\"\",$AG230>0,ORÇAMENTO.CustoUnitario>$AG230),AND(TIPOORCAMENTO=\"LICITADO\",ORÇAMENTO.PrecoUnitarioLicitado>$AN230)),\"ACIMA REF.\",\"\")))))","v":""},{"$f":"IF(C230<=CRONO.NivelExibicao,MAX($AD$15:OFFSET(AD230,-1,0))+IF($C230<>1,1,MAX(1,COUNTIF(QCI!$A$13:$A$24,OFFSET($E230,-1,0)))),\"\")","v":""},{"$f":"IF(AND($C230=\"S\",ORÇAMENTO.CodBarra<>\"\"),IF(ORÇAMENTO.Fonte=\"\",ORÇAMENTO.CodBarra,CONCATENATE(ORÇAMENTO.Fonte,\" \",ORÇAMENTO.CodBarra)))","v":"SINAPI 101909"},{"$f":"IF(ISERROR(INDIRECT(ORÇAMENTO.BancoRef)),\"(abra o arquivo 'Referência \"&Excel_BuiltIn_Database&\".xlsm)\",IF(OR($C230<>\"S\",ORÇAMENTO.CodBarra=\"\"),\"(Sem Código)\",IF(ISERROR(MATCH($AE230,INDIRECT(ORÇAMENTO.BancoRef),0)),\"(Código não identificado nas referências)\",MATCH($AE230,INDIRECT(ORÇAMENTO.BancoRef),0))))","v":3396},{"$f":"ROUND(IF(DESONERACAO=\"sim\",REFERENCIA.Desonerado,REFERENCIA.NaoDesonerado),2)","v":227.28},{"$f":"ROUND(IF(ISNUMBER(ORÇAMENTO.OpcaoBDI),ORÇAMENTO.OpcaoBDI,IF(LEFT(ORÇAMENTO.OpcaoBDI,3)=\"BDI\",HLOOKUP(ORÇAMENTO.OpcaoBDI,$F$4:$H$5,2,FALSE),0)),15-11*$AF$9)","v":0.2487},null,2,null,null,567.6,{"$f":"ROUND(ORÇAMENTO.CustoUnitario*(1+$AH230),2)","v":283.8}]
["S",2,"S",0,{"$f":"IF($C231=1,OFFSET(E231,-1,0)+MAX(1,COUNTIF(QCI!$A$13:$A$24,OFFSET(ORÇAMENTO!E231,-1,0))),OFFSET(E231,-1,0))","v":1},14,0,0,5,0,{"$f":"IF(OR($C231=\"S\",$C231=0),0,MATCH(OFFSET($D231,0,$C231)+IF($C231<>1,1,COUNTIF(QCI!$A$13:$A$24,ORÇAMENTO!E231)),OFFSET($D231,1,$C231,ROW($C$240)-ROW($C231)),0))","v":0},"F","Serviço","Serviço","1.14.0.5.","SINAPI","99818",{"$f":"IF($C231=\"S\",REFERENCIA.Descricao,\"(digite a descrição aqui)\")","v":"LIMPEZA DE BACIA SANITÁRIA, BIDÊ OU MICTÓRIO EM LOUÇA, INCLUSIVE METAIS CORRESPONDENTES. AF_04/2019"},{"$f":"REFERENCIA.Unidade","v":"UN"},{"$f":"OFFSET(CÁLCULO!H$15,ROW($T231)-ROW(T$15),0)","v":1},6.26,"BDI 1",{"$f":"IF($C231=\"S\",ROUND(IF(TIPOORCAMENTO=\"Proposto\",ORÇAMENTO.CustoUnitario*(1+$AH231),ORÇAMENTO.PrecoUnitarioLicitado),15-13*$AF$10),0)","v":7.82},{"$f":"IF($C231=\"S\",IF(Import.TipoArredondamento<>\"TransfereGOV\",VTOTAL1,SUM(OFFSET(CÁLCULO!$AA$15,ROW($X231)-ROW($X$15),1):OFFSET(CÁLCULO!$AL$15,ROW($X231)-ROW($X$15),-1))),IF($C231=0,0,ROUND(SomaAgrup,15-13*$AF$11)))","v":7.82},"RA","RA",{"$f":"IF($C231=\"S\",IF($Z231=\"CP\",$X231,IF($Z231=\"RA\",(($X231)*QCI!$AA$3),0)),SomaAgrup)","v":7.82},0,{"$f":"IF($N231=\"\",\"\",IF(ORÇAMENTO.Descricao=\"\",\"DESCRIÇÃO\",IF(AND($C231=\"S\",ORÇAMENTO.Unidade=\"\"),\"UNIDADE\",IF($X231<0,\"VALOR NEGATIVO\",IF(OR(AND(TIPOORCAMENTO=\"Proposto\",$AG231<>\"\",$AG231>0,ORÇAMENTO.CustoUnitario>$AG231),AND(TIPOORCAMENTO=\"LICITADO\",ORÇAMENTO.PrecoUnitarioLicitado>$AN231)),\"ACIMA REF.\",\"\")))))","v":""},{"$f":"IF(C231<=CRONO.NivelExibicao,MAX($AD$15:OFFSET(AD231,-1,0))+IF($C231<>1,1,MAX(1,COUNTIF(QCI!$A$13:$A$24,OFFSET($E231,-1,0)))),\"\")","v":""},{"$f":"IF(AND($C231=\"S\",ORÇAMENTO.CodBarra<>\"\"),IF(ORÇAMENTO.Fonte=\"\",ORÇAMENTO.CodBarra,CONCATENATE(ORÇAMENTO.Fonte,\" \",ORÇAMENTO.CodBarra)))","v":"SINAPI 99818"},{"$f":"IF(ISERROR(INDIRECT(ORÇAMENTO.BancoRef)),\"(abra o arquivo 'Referência \"&Excel_BuiltIn_Database&\".xlsm)\",IF(OR($C231<>\"S\",ORÇAMENTO.CodBarra=\"\"),\"(Sem Código)\",IF(ISERROR(MATCH($AE231,INDIRECT(ORÇAMENTO.BancoRef),0)),\"(Código não identificado nas referências)\",MATCH($AE231,INDIRECT(ORÇAMENTO.BancoRef),0))))","v":6881},{"$f":"ROUND(IF(DESONERACAO=\"sim\",REFERENCIA.Desonerado,REFERENCIA.NaoDesonerado),2)","v":6.26},0.2487,null,1,null,null,7.82,7.82]
["S",2,"S",0,{"$f":"IF($C232=1,OFFSET(E232,-1,0)+MAX(1,COUNTIF(QCI!$A$13:$A$24,OFFSET(ORÇAMENTO!E232,-1,0))),OFFSET(E232,-1,0))","v":1},14,0,0,6,0,{"$f":"IF(OR($C232=\"S\",$C232=0),0,MATCH(OFFSET($D232,0,$C232)+IF($C232<>1,1,COUNTIF(QCI!$A$13:$A$24,ORÇAMENTO!E232)),OFFSET($D232,1,$C232,ROW($C$240)-ROW($C232)),0))","v":0},"F","Serviço","Serviço","1.14.0.6.","SINAPI","99821",{"$f":"IF($C232=\"S\",REFERENCIA.Descricao,\"(digite a descrição aqui)\")","v":"LIMPEZA DE JANELA DE VIDRO COM CAIXILHO EM AÇO/ALUMÍNIO/PVC. AF_04/2019"},{"$f":"REFERENCIA.Unidade","v":"M2"},{"$f":"OFFSET(CÁLCULO!H$15,ROW($T232)-ROW(T$15),0)","v":22.97},3.58,"BDI 1",{"$f":"IF($C232=\"S\",ROUND(IF(TIPOORCAMENTO=\"Proposto\",ORÇAMENTO.CustoUnitario*(1+$AH232),ORÇAMENTO.PrecoUnitarioLicitado),15-13*$AF$10),0)","v":4.47},{"$f":"IF($C232=\"S\",IF(Import.TipoArredondamento<>\"TransfereGOV\",VTOTAL1,SUM(OFFSET(CÁLCULO!$AA$15,ROW($X232)-ROW($X$15),1):OFFSET(CÁLCULO!$AL$15,ROW($X232)-ROW($X$15),-1))),IF($C232=0,0,ROUND(SomaAgrup,15-13*$AF$11)))","v":102.68},"RA","RA",{"$f":"IF($C232=\"S\",IF($Z232=\"CP\",$X232,IF($Z232=\"RA\",(($X232)*QCI!$AA$3),0)),SomaAgrup)","v":102.68},0,{"$f":"IF($N232=\"\",\"\",IF(ORÇAMENTO.Descricao=\"\",\"DESCRIÇÃO\",IF(AND($C232=\"S\",ORÇAMENTO.Unidade=\"\"),\"UNIDADE\",IF($X232<0,\"VALOR NEGATIVO\",IF(OR(AND(TIPOORCAMENTO=\"Proposto\",$AG232<>\"\",$AG232>0,ORÇAMENTO.CustoUnitario>$AG232),AND(TIPOORCAMENTO=\"LICITADO\",ORÇAMENTO.PrecoUnitarioLicitado>$AN232)),\"ACIMA REF.\",\"\")))))","v":""},{"$f":"IF(C232<=CRONO.NivelExibicao,MAX($AD$15:OFFSET(AD232,-1,0))+IF($C232<>1,1,MAX(1,COUNTIF(QCI!$A$13:$A$24,OFFSET($E232,-1,0)))),\"\")","v":""},{"$f":"IF(AND($C232=\"S\",ORÇAMENTO.CodBarra<>\"\"),IF(ORÇAMENTO.Fonte=\"\",ORÇAMENTO.CodBarra,CONCATENATE(ORÇAMENTO.Fonte,\" \",ORÇAMENTO.CodBarra)))","v":"SINAPI 99821"},{"$f":"IF(ISERROR(INDIRECT(ORÇAMENTO.BancoRef)),\"(abra o arquivo 'Referência \"&Excel_BuiltIn_Database&\".xlsm)\",IF(OR($C232<>\"S\",ORÇAMENTO.CodBarra=\"\"),\"(Sem Código)\",IF(ISERROR(MATCH($AE232,INDIRECT(ORÇAMENTO.BancoRef),0)),\"(Código não identificado nas referências)\",MATCH($AE232,INDIRECT(ORÇAMENTO.BancoRef),0))))","v":6884},{"$f":"ROUND(IF(DESONERACAO=\"sim\",REFERENCIA.Desonerado,REFERENCIA.NaoDesonerado),2)","v":3.58},0.2487,null,22.97,null,null,102.68,4.47]
["S",2,"S",0,{"$f":"IF($C233=1,OFFSET(E233,-1,0)+MAX(1,COUNTIF(QCI!$A$13:$A$24,OFFSET(ORÇAMENTO!E233,-1,0))),OFFSET(E233,-1,0))","v":1},14,0,0,7,0,{"$f":"IF(OR($C233=\"S\",$C233=0),0,MATCH(OFFSET($D233,0,$C233)+IF($C233<>1,1,COUNTIF(QCI!$A$13:$A$24,ORÇAMENTO!E233)),OFFSET($D233,1,$C233,ROW($C$240)-ROW($C233)),0))","v":0},"F","Serviço","Serviço","1.14.0.7.","SINAPI","99823",{"$f":"IF($C233=\"S\",REFERENCIA.Descricao,\"(digite a descrição aqui)\")","v":"LIMPEZA DE PORTA INTEIRAMENTE DE VIDRO. AF_04/2019"},{"$f":"REFERENCIA.Unidade","v":"M2"},{"$f":"OFFSET(CÁLCULO!H$15,ROW($T233)-ROW(T$15),0)","v":6.25},2.75,"BDI 1",{"$f":"IF($C233=\"S\",ROUND(IF(TIPOORCAMENTO=\"Proposto\",ORÇAMENTO.CustoUnitario*(1+$AH233),ORÇAMENTO.PrecoUnitarioLicitado),15-13*$AF$10),0)","v":3.43},{"$f":"IF($C233=\"S\",IF(Import.TipoArredondamento<>\"TransfereGOV\",VTOTAL1,SUM(OFFSET(CÁLCULO!$AA$15,ROW($X233)-ROW($X$15),1):OFFSET(CÁLCULO!$AL$15,ROW($X233)-ROW($X$15),-1))),IF($C233=0,0,ROUND(SomaAgrup,15-13*$AF$11)))","v":21.44},"RA","RA",{"$f":"IF($C233=\"S\",IF($Z233=\"CP\",$X233,IF($Z233=\"RA\",(($X233)*QCI!$AA$3),0)),SomaAgrup)","v":21.44},0,{"$f":"IF($N233=\"\",\"\",IF(ORÇAMENTO.Descricao=\"\",\"DESCRIÇÃO\",IF(AND($C233=\"S\",ORÇAMENTO.Unidade=\"\"),\"UNIDADE\",IF($X233<0,\"VALOR NEGATIVO\",IF(OR(AND(TIPOORCAMENTO=\"Proposto\",$AG233<>\"\",$AG233>0,ORÇAMENTO.CustoUnitario>$AG233),AND(TIPOORCAMENTO=\"LICITADO\",ORÇAMENTO.PrecoUnitarioLicitado>$AN233)),\"ACIMA REF.\",\"\")))))","v":""},{"$f":"IF(C233<=CRONO.NivelExibicao,MAX($AD$15:OFFSET(AD233,-1,0))+IF($C233<>1,1,MAX(1,COUNTIF(QCI!$A$13:$A$24,OFFSET($E233,-1,0)))),\"\")","v":""},{"$f":"IF(AND($C233=\"S\",ORÇAMENTO.CodBarra<>\"\"),IF(ORÇAMENTO.Fonte=\"\",ORÇAMENTO.CodBarra,CONCATENATE(ORÇAMENTO.Fonte,\" \",ORÇAMENTO.CodBarra)))","v":"SINAPI 99823"},{"$f":"IF(ISERROR(INDIRECT(ORÇAMENTO.BancoRef)),\"(abra o arquivo 'Referência \"&Excel_BuiltIn_Database&\".xlsm)\",IF(OR($C233<>\"S\",ORÇAMENTO.CodBarra=\"\"),\"(Sem Código)\",IF(ISERROR(MATCH($AE233,INDIRECT(ORÇAMENTO.BancoRef),0)),\"(Código não identificado nas referências)\",MATCH($AE233,INDIRECT(ORÇAMENTO.BancoRef),0))))","v":6886},{"$f":"ROUND(IF(DESONERACAO=\"sim\",REFERENCIA.Desonerado,REFERENCIA.NaoDesonerado),2)","v":2.75},0.2487,null,6.25,null,null,21.44,3.43]
["S",2,"S",0,{"$f":"IF($C234=1,OFFSET(E234,-1,0)+MAX(1,COUNTIF(QCI!$A$13:$A$24,OFFSET(ORÇAMENTO!E234,-1,0))),OFFSET(E234,-1,0))","v":1},14,0,0,8,0,{"$f":"IF(OR($C234=\"S\",$C234=0),0,MATCH(OFFSET($D234,0,$C234)+IF($C234<>1,1,COUNTIF(QCI!$A$13:$A$24,ORÇAMENTO!E234)),OFFSET($D234,1,$C234,ROW($C$240)-ROW($C234)),0))","v":0},"F","Serviço","Serviço","1.14.0.8.","SINAPI","99822",{"$f":"IF($C234=\"S\",REFERENCIA.Descricao,\"(digite a descrição aqui)\")","v":"LIMPEZA DE PORTA DE MADEIRA. AF_04/2019"},{"$f":"REFERENCIA.Unidade","v":"M2"},{"$f":"OFFSET(CÁLCULO!H$15,ROW($T234)-ROW(T$15),0)","v":3.15},1.26,"BDI 1",{"$f":"IF($C234=\"S\",ROUND(IF(TIPOORCAMENTO=\"Proposto\",ORÇAMENTO.CustoUnitario*(1+$AH234),ORÇAMENTO.PrecoUnitarioLicitado),15-13*$AF$10),0)","v":1.57},{"$f":"IF($C234=\"S\",IF(Import.TipoArredondamento<>\"TransfereGOV\",VTOTAL1,SUM(OFFSET(CÁLCULO!$AA$15,ROW($X234)-ROW($X$15),1):OFFSET(CÁLCULO!$AL$15,ROW($X234)-ROW($X$15),-1))),IF($C234=0,0,ROUND(SomaAgrup,15-13*$AF$11)))","v":4.95},"RA","RA",{"$f":"IF($C234=\"S\",IF($Z234=\"CP\",$X234,IF($Z234=\"RA\",(($X234)*QCI!$AA$3),0)),SomaAgrup)","v":4.95},0,{"$f":"IF($N234=\"\",\"\",IF(ORÇAMENTO.Descricao=\"\",\"DESCRIÇÃO\",IF(AND($C234=\"S\",ORÇAMENTO.Unidade=\"\"),\"UNIDADE\",IF($X234<0,\"VALOR NEGATIVO\",IF(OR(AND(TIPOORCAMENTO=\"Proposto\",$AG234<>\"\",$AG234>0,ORÇAMENTO.CustoUnitario>$AG234),AND(TIPOORCAMENTO=\"LICITADO\",ORÇAMENTO.PrecoUnitarioLicitado>$AN234)),\"ACIMA REF.\",\"\")))))","v":""},{"$f":"IF(C234<=CRONO.NivelExibicao,MAX($AD$15:OFFSET(AD234,-1,0))+IF($C234<>1,1,MAX(1,COUNTIF(QCI!$A$13:$A$24,OFFSET($E234,-1,0)))),\"\")","v":""},{"$f":"IF(AND($C234=\"S\",ORÇAMENTO.CodBarra<>\"\"),IF(ORÇAMENTO.Fonte=\"\",ORÇAMENTO.CodBarra,CONCATENATE(ORÇAMENTO.Fonte,\" \",ORÇAMENTO.CodBarra)))","v":"SINAPI 99822"},{"$f":"IF(ISERROR(INDIRECT(ORÇAMENTO.BancoRef)),\"(abra o arquivo 'Referência \"&Excel_BuiltIn_Database&\".xlsm)\",IF(OR($C234<>\"S\",ORÇAMENTO.CodBarra=\"\"),\"(Sem Código)\",IF(ISERROR(MATCH($AE234,INDIRECT(ORÇAMENTO.BancoRef),0)),\"(Código não identificado nas referências)\",MATCH($AE234,INDIRECT(ORÇAMENTO.BancoRef),0))))","v":6885},{"$f":"ROUND(IF(DESONERACAO=\"sim\",REFERENCIA.Desonerado,REFERENCIA.NaoDesonerado),2)","v":1.26},0.2487,null,3.15,null,null,4.95,1.57]
["S",2,"S",0,{"$f":"IF($C235=1,OFFSET(E235,-1,0)+MAX(1,COUNTIF(QCI!$A$13:$A$24,OFFSET(ORÇAMENTO!E235,-1,0))),OFFSET(E235,-1,0))","v":1},14,0,0,9,0,{"$f":"IF(OR($C235=\"S\",$C235=0),0,MATCH(OFFSET($D235,0,$C235)+IF($C235<>1,1,COUNTIF(QCI!$A$13:$A$24,ORÇAMENTO!E235)),OFFSET($D235,1,$C235,ROW($C$240)-ROW($C235)),0))","v":0},"F","Serviço","Serviço","1.14.0.9.","SINAPI","99804",{"$f":"IF($C235=\"S\",REFERENCIA.Descricao,\"(digite a descrição aqui)\")","v":"LIMPEZA DE PISO CERÂMICO OU PORCELANATO UTILIZANDO DETERGENTE NEUTRO E ESCOVAÇÃO MANUAL. AF_04/2019"},{"$f":"REFERENCIA.Unidade","v":"M2"},{"$f":"OFFSET(CÁLCULO!H$15,ROW($T235)-ROW(T$15),0)","v":198.84},6.74,"BDI 1",{"$f":"IF($C235=\"S\",ROUND(IF(TIPOORCAMENTO=\"Proposto\",ORÇAMENTO.CustoUnitario*(1+$AH235),ORÇAMENTO.PrecoUnitarioLicitado),15-13*$AF$10),0)","v":8.42},{"$f":"IF($C235=\"S\",IF(Import.TipoArredondamento<>\"TransfereGOV\",VTOTAL1,SUM(OFFSET(CÁLCULO!$AA$15,ROW($X235)-ROW($X$15),1):OFFSET(CÁLCULO!$AL$15,ROW($X235)-ROW($X$15),-1))),IF($C235=0,0,ROUND(SomaAgrup,15-13*$AF$11)))","v":1674.23},"RA","RA",{"$f":"IF($C235=\"S\",IF($Z235=\"CP\",$X235,IF($Z235=\"RA\",(($X235)*QCI!$AA$3),0)),SomaAgrup)","v":1674.23},0,{"$f":"IF($N235=\"\",\"\",IF(ORÇAMENTO.Descricao=\"\",\"DESCRIÇÃO\",IF(AND($C235=\"S\",ORÇAMENTO.Unidade=\"\"),\"UNIDADE\",IF($X235<0,\"VALOR NEGATIVO\",IF(OR(AND(TIPOORCAMENTO=\"Proposto\",$AG235<>\"\",$AG235>0,ORÇAMENTO.CustoUnitario>$AG235),AND(TIPOORCAMENTO=\"LICITADO\",ORÇAMENTO.PrecoUnitarioLicitado>$AN235)),\"ACIMA REF.\",\"\")))))","v":""},{"$f":"IF(C235<=CRONO.NivelExibicao,MAX($AD$15:OFFSET(AD235,-1,0))+IF($C235<>1,1,MAX(1,COUNTIF(QCI!$A$13:$A$24,OFFSET($E235,-1,0)))),\"\")","v":""},{"$f":"IF(AND($C235=\"S\",ORÇAMENTO.CodBarra<>\"\"),IF(ORÇAMENTO.Fonte=\"\",ORÇAMENTO.CodBarra,CONCATENATE(ORÇAMENTO.Fonte,\" \",ORÇAMENTO.CodBarra)))","v":"SINAPI 99804"},{"$f":"IF(ISERROR(INDIRECT(ORÇAMENTO.BancoRef)),\"(abra o arquivo 'Referência \"&Excel_BuiltIn_Database&\".xlsm)\",IF(OR($C235<>\"S\",ORÇAMENTO.CodBarra=\"\"),\"(Sem Código)\",IF(ISERROR(MATCH($AE235,INDIRECT(ORÇAMENTO.BancoRef),0)),\"(Código não identificado nas referências)\",MATCH($AE235,INDIRECT(ORÇAMENTO.BancoRef),0))))","v":6867},{"$f":"ROUND(IF(DESONERACAO=\"sim\",REFERENCIA.Desonerado,REFERENCIA.NaoDesonerado),2)","v":6.74},0.2487,null,198.84,null,null,1674.23,8.42]
["S",2,"S",0,{"$f":"IF($C236=1,OFFSET(E236,-1,0)+MAX(1,COUNTIF(QCI!$A$13:$A$24,OFFSET(ORÇAMENTO!E236,-1,0))),OFFSET(E236,-1,0))","v":1},14,0,0,10,0,{"$f":"IF(OR($C236=\"S\",$C236=0),0,MATCH(OFFSET($D236,0,$C236)+IF($C236<>1,1,COUNTIF(QCI!$A$13:$A$24,ORÇAMENTO!E236)),OFFSET($D236,1,$C236,ROW($C$240)-ROW($C236)),0))","v":0},"F","Serviço","Serviço","1.14.0.10.","SINAPI","99807",{"$f":"IF($C236=\"S\",REFERENCIA.Descricao,\"(digite a descrição aqui)\")","v":"LIMPEZA DE REVESTIMENTO CERÂMICO EM PAREDE UTILIZANDO DETERGENTE NEUTRO E ESCOVAÇÃO MANUAL. AF_04/2019"},{"$f":"REFERENCIA.Unidade","v":"M2"},{"$f":"OFFSET(CÁLCULO!H$15,ROW($T236)-ROW(T$15),0)","v":26.94},2.0299999999999998,"BDI 1",{"$f":"IF($C236=\"S\",ROUND(IF(TIPOORCAMENTO=\"Proposto\",ORÇAMENTO.CustoUnitario*(1+$AH236),ORÇAMENTO.PrecoUnitarioLicitado),15-13*$AF$10),0)","v":2.5299999999999998},{"$f":"IF($C236=\"S\",IF(Import.TipoArredondamento<>\"TransfereGOV\",VTOTAL1,SUM(OFFSET(CÁLCULO!$AA$15,ROW($X236)-ROW($X$15),1):OFFSET(CÁLCULO!$AL$15,ROW($X236)-ROW($X$15),-1))),IF($C236=0,0,ROUND(SomaAgrup,15-13*$AF$11)))","v":68.16},"RA","RA",{"$f":"IF($C236=\"S\",IF($Z236=\"CP\",$X236,IF($Z236=\"RA\",(($X236)*QCI!$AA$3),0)),SomaAgrup)","v":68.16},0,{"$f":"IF($N236=\"\",\"\",IF(ORÇAMENTO.Descricao=\"\",\"DESCRIÇÃO\",IF(AND($C236=\"S\",ORÇAMENTO.Unidade=\"\"),\"UNIDADE\",IF($X236<0,\"VALOR NEGATIVO\",IF(OR(AND(TIPOORCAMENTO=\"Proposto\",$AG236<>\"\",$AG236>0,ORÇAMENTO.CustoUnitario>$AG236),AND(TIPOORCAMENTO=\"LICITADO\",ORÇAMENTO.PrecoUnitarioLicitado>$AN236)),\"ACIMA REF.\",\"\")))))","v":""},{"$f":"IF(C236<=CRONO.NivelExibicao,MAX($AD$15:OFFSET(AD236,-1,0))+IF($C236<>1,1,MAX(1,COUNTIF(QCI!$A$13:$A$24,OFFSET($E236,-1,0)))),\"\")","v":""},{"$f":"IF(AND($C236=\"S\",ORÇAMENTO.CodBarra<>\"\"),IF(ORÇAMENTO.Fonte=\"\",ORÇAMENTO.CodBarra,CONCATENATE(ORÇAMENTO.Fonte,\" \",ORÇAMENTO.CodBarra)))","v":"SINAPI 99807"},{"$f":"IF(ISERROR(INDIRECT(ORÇAMENTO.BancoRef)),\"(abra o arquivo 'Referência \"&Excel_BuiltIn_Database&\".xlsm)\",IF(OR($C236<>\"S\",ORÇAMENTO.CodBarra=\"\"),\"(Sem Código)\",IF(ISERROR(MATCH($AE236,INDIRECT(ORÇAMENTO.BancoRef),0)),\"(Código não identificado nas referências)\",MATCH($AE236,INDIRECT(ORÇAMENTO.BancoRef),0))))","v":6870},{"$f":"ROUND(IF(DESONERACAO=\"sim\",REFERENCIA.Desonerado,REFERENCIA.NaoDesonerado),2)","v":2.0299999999999998},0.2487,null,26.94,null,null,68.16,2.5299999999999998]
["S",2,"S",0,{"$f":"IF($C237=1,OFFSET(E237,-1,0)+MAX(1,COUNTIF(QCI!$A$13:$A$24,OFFSET(ORÇAMENTO!E237,-1,0))),OFFSET(E237,-1,0))","v":1},14,0,0,10,0,{"$f":"IF(OR($C237=\"S\",$C237=0),0,MATCH(OFFSET($D237,0,$C237)+IF($C237<>1,1,COUNTIF(QCI!$A$13:$A$24,ORÇAMENTO!E237)),OFFSET($D237,1,$C237,ROW($C$240)-ROW($C237)),0))","v":0},"","Serviço","Serviço","-","SINAPI",null,{"$f":"IF($C237=\"S\",REFERENCIA.Descricao,\"(digite a descrição aqui)\")","v":"(Sem Código)"},{"$f":"REFERENCIA.Unidade","v":"-"},{"$f":"OFFSET(CÁLCULO!H$15,ROW($T237)-ROW(T$15),0)","v":0},0,"BDI 1",{"$f":"IF($C237=\"S\",ROUND(IF(TIPOORCAMENTO=\"Proposto\",ORÇAMENTO.CustoUnitario*(1+$AH237),ORÇAMENTO.PrecoUnitarioLicitado),15-13*$AF$10),0)","v":0},{"$f":"IF($C237=\"S\",IF(Import.TipoArredondamento<>\"TransfereGOV\",VTOTAL1,SUM(OFFSET(CÁLCULO!$AA$15,ROW($X237)-ROW($X$15),1):OFFSET(CÁLCULO!$AL$15,ROW($X237)-ROW($X$15),-1))),IF($C237=0,0,ROUND(SomaAgrup,15-13*$AF$11)))","v":0},"RA","",{"$f":"IF($C237=\"S\",IF($Z237=\"CP\",$X237,IF($Z237=\"RA\",(($X237)*QCI!$AA$3),0)),SomaAgrup)","v":0},0,{"$f":"IF($N237=\"\",\"\",IF(ORÇAMENTO.Descricao=\"\",\"DESCRIÇÃO\",IF(AND($C237=\"S\",ORÇAMENTO.Unidade=\"\"),\"UNIDADE\",IF($X237<0,\"VALOR NEGATIVO\",IF(OR(AND(TIPOORCAMENTO=\"Proposto\",$AG237<>\"\",$AG237>0,ORÇAMENTO.CustoUnitario>$AG237),AND(TIPOORCAMENTO=\"LICITADO\",ORÇAMENTO.PrecoUnitarioLicitado>$AN237)),\"ACIMA REF.\",\"\")))))","v":""},{"$f":"IF(C237<=CRONO.NivelExibicao,MAX($AD$15:OFFSET(AD237,-1,0))+IF($C237<>1,1,MAX(1,COUNTIF(QCI!$A$13:$A$24,OFFSET($E237,-1,0)))),\"\")","v":""},{"$f":"IF(AND($C237=\"S\",ORÇAMENTO.CodBarra<>\"\"),IF(ORÇAMENTO.Fonte=\"\",ORÇAMENTO.CodBarra,CONCATENATE(ORÇAMENTO.Fonte,\" \",ORÇAMENTO.CodBarra)))","v":false},{"$f":"IF(ISERROR(INDIRECT(ORÇAMENTO.BancoRef)),\"(abra o arquivo 'Referência \"&Excel_BuiltIn_Database&\".xlsm)\",IF(OR($C237<>\"S\",ORÇAMENTO.CodBarra=\"\"),\"(Sem Código)\",IF(ISERROR(MATCH($AE237,INDIRECT(ORÇAMENTO.BancoRef),0)),\"(Código não identificado nas referências)\",MATCH($AE237,INDIRECT(ORÇAMENTO.BancoRef),0))))","v":"(Sem Código)"},{"$f":"ROUND(IF(DESONERACAO=\"sim\",REFERENCIA.Desonerado,REFERENCIA.NaoDesonerado),2)","v":0},0.2487,null,null,null,null,0,0]
["S",2,"S",0,{"$f":"IF($C238=1,OFFSET(E238,-1,0)+MAX(1,COUNTIF(QCI!$A$13:$A$24,OFFSET(ORÇAMENTO!E238,-1,0))),OFFSET(E238,-1,0))","v":1},14,0,0,10,0,{"$f":"IF(OR($C238=\"S\",$C238=0),0,MATCH(OFFSET($D238,0,$C238)+IF($C238<>1,1,COUNTIF(QCI!$A$13:$A$24,ORÇAMENTO!E238)),OFFSET($D238,1,$C238,ROW($C$240)-ROW($C238)),0))","v":0},"","Serviço","Serviço","-","SINAPI",null,{"$f":"IF($C238=\"S\",REFERENCIA.Descricao,\"(digite a descrição aqui)\")","v":"(Sem Código)"},{"$f":"REFERENCIA.Unidade","v":"-"},{"$f":"OFFSET(CÁLCULO!H$15,ROW($T238)-ROW(T$15),0)","v":0},0,"BDI 1",{"$f":"IF($C238=\"S\",ROUND(IF(TIPOORCAMENTO=\"Proposto\",ORÇAMENTO.CustoUnitario*(1+$AH238),ORÇAMENTO.PrecoUnitarioLicitado),15-13*$AF$10),0)","v":0},{"$f":"IF($C238=\"S\",IF(Import.TipoArredondamento<>\"TransfereGOV\",VTOTAL1,SUM(OFFSET(CÁLCULO!$AA$15,ROW($X238)-ROW($X$15),1):OFFSET(CÁLCULO!$AL$15,ROW($X238)-ROW($X$15),-1))),IF($C238=0,0,ROUND(SomaAgrup,15-13*$AF$11)))","v":0},"RA","",{"$f":"IF($C238=\"S\",IF($Z238=\"CP\",$X238,IF($Z238=\"RA\",(($X238)*QCI!$AA$3),0)),SomaAgrup)","v":0},0,{"$f":"IF($N238=\"\",\"\",IF(ORÇAMENTO.Descricao=\"\",\"DESCRIÇÃO\",IF(AND($C238=\"S\",ORÇAMENTO.Unidade=\"\"),\"UNIDADE\",IF($X238<0,\"VALOR NEGATIVO\",IF(OR(AND(TIPOORCAMENTO=\"Proposto\",$AG238<>\"\",$AG238>0,ORÇAMENTO.CustoUnitario>$AG238),AND(TIPOORCAMENTO=\"LICITADO\",ORÇAMENTO.PrecoUnitarioLicitado>$AN238)),\"ACIMA REF.\",\"\")))))","v":""},{"$f":"IF(C238<=CRONO.NivelExibicao,MAX($AD$15:OFFSET(AD238,-1,0))+IF($C238<>1,1,MAX(1,COUNTIF(QCI!$A$13:$A$24,OFFSET($E238,-1,0)))),\"\")","v":""},{"$f":"IF(AND($C238=\"S\",ORÇAMENTO.CodBarra<>\"\"),IF(ORÇAMENTO.Fonte=\"\",ORÇAMENTO.CodBarra,CONCATENATE(ORÇAMENTO.Fonte,\" \",ORÇAMENTO.CodBarra)))","v":false},{"$f":"IF(ISERROR(INDIRECT(ORÇAMENTO.BancoRef)),\"(abra o arquivo 'Referência \"&Excel_BuiltIn_Database&\".xlsm)\",IF(OR($C238<>\"S\",ORÇAMENTO.CodBarra=\"\"),\"(Sem Código)\",IF(ISERROR(MATCH($AE238,INDIRECT(ORÇAMENTO.BancoRef),0)),\"(Código não identificado nas referências)\",MATCH($AE238,INDIRECT(ORÇAMENTO.BancoRef),0))))","v":"(Sem Código)"},{"$f":"ROUND(IF(DESONERACAO=\"sim\",REFERENCIA.Desonerado,REFERENCIA.NaoDesonerado),2)","v":0},0.2487,null,null,null,null,0,0]
["S",2,"S",0,{"$f":"IF($C239=1,OFFSET(E239,-1,0)+MAX(1,COUNTIF(QCI!$A$13:$A$24,OFFSET(ORÇAMENTO!E239,-1,0))),OFFSET(E239,-1,0))","v":1},14,0,0,10,0,{"$f":"IF(OR($C239=\"S\",$C239=0),0,MATCH(OFFSET($D239,0,$C239)+IF($C239<>1,1,COUNTIF(QCI!$A$13:$A$24,ORÇAMENTO!E239)),OFFSET($D239,1,$C239,ROW($C$240)-ROW($C239)),0))","v":0},"","Serviço","Serviço","-","SINAPI",null,{"$f":"IF($C239=\"S\",REFERENCIA.Descricao,\"(digite a descrição aqui)\")","v":"(Sem Código)"},{"$f":"REFERENCIA.Unidade","v":"-"},{"$f":"OFFSET(CÁLCULO!H$15,ROW($T239)-ROW(T$15),0)","v":0},0,"BDI 1",{"$f":"IF($C239=\"S\",ROUND(IF(TIPOORCAMENTO=\"Proposto\",ORÇAMENTO.CustoUnitario*(1+$AH239),ORÇAMENTO.PrecoUnitarioLicitado),15-13*$AF$10),0)","v":0},{"$f":"IF($C239=\"S\",IF(Import.TipoArredondamento<>\"TransfereGOV\",VTOTAL1,SUM(OFFSET(CÁLCULO!$AA$15,ROW($X239)-ROW($X$15),1):OFFSET(CÁLCULO!$AL$15,ROW($X239)-ROW($X$15),-1))),IF($C239=0,0,ROUND(SomaAgrup,15-13*$AF$11)))","v":0},"RA","",{"$f":"IF($C239=\"S\",IF($Z239=\"CP\",$X239,IF($Z239=\"RA\",(($X239)*QCI!$AA$3),0)),SomaAgrup)","v":0},0,{"$f":"IF($N239=\"\",\"\",IF(ORÇAMENTO.Descricao=\"\",\"DESCRIÇÃO\",IF(AND($C239=\"S\",ORÇAMENTO.Unidade=\"\"),\"UNIDADE\",IF($X239<0,\"VALOR NEGATIVO\",IF(OR(AND(TIPOORCAMENTO=\"Proposto\",$AG239<>\"\",$AG239>0,ORÇAMENTO.CustoUnitario>$AG239),AND(TIPOORCAMENTO=\"LICITADO\",ORÇAMENTO.PrecoUnitarioLicitado>$AN239)),\"ACIMA REF.\",\"\")))))","v":""},{"$f":"IF(C239<=CRONO.NivelExibicao,MAX($AD$15:OFFSET(AD239,-1,0))+IF($C239<>1,1,MAX(1,COUNTIF(QCI!$A$13:$A$24,OFFSET($E239,-1,0)))),\"\")","v":""},{"$f":"IF(AND($C239=\"S\",ORÇAMENTO.CodBarra<>\"\"),IF(ORÇAMENTO.Fonte=\"\",ORÇAMENTO.CodBarra,CONCATENATE(ORÇAMENTO.Fonte,\" \",ORÇAMENTO.CodBarra)))","v":false},{"$f":"IF(ISERROR(INDIRECT(ORÇAMENTO.BancoRef)),\"(abra o arquivo 'Referência \"&Excel_BuiltIn_Database&\".xlsm)\",IF(OR($C239<>\"S\",ORÇAMENTO.CodBarra=\"\"),\"(Sem Código)\",IF(ISERROR(MATCH($AE239,INDIRECT(ORÇAMENTO.BancoRef),0)),\"(Código não identificado nas referências)\",MATCH($AE239,INDIRECT(ORÇAMENTO.BancoRef),0))))","v":"(Sem Código)"},{"$f":"ROUND(IF(DESONERACAO=\"sim\",REFERENCIA.Desonerado,REFERENCIA.NaoDesonerado),2)","v":0},0.2487,null,null,null,null,0,0]
[-1,null,-1,null,0,0,0,0,0,null,null,"F"]
[]
[]
[null,null,null,null,null,null,null,null,null,null,null,null,null,null,"Encargos sociais:",null,"Para elaboração deste orçamento, foram utilizados os encargos sociais do SINAPI para a Unidade da Federação indicada."]
[]
[null,null,null,null,null,null,null,null,null,null,null,null,null,null,"Observações:"]
[]
[]
[]
[]
[null,null,null,null,null,null,null,null,null,null,null,null,null,null,{"$f":"IF(AND($AF$7=FALSE,$AF$8=FALSE,$AF$9=FALSE,$AF$10=FALSE,$AF$11=FALSE),\"Não foi considerado arredondamento nos valores da planilha.\",CONCATENATE(\"Foi considerado arredondamento de duas casas decimais para \",IF($AF$7=TRUE,\"Quantidade; \",\"\"),IF($AF$8=TRUE,\"Custo Unitário; \",\"\"),IF($AF$9=TRUE,\"BDI; \",\"\"),IF($AF$10=TRUE,\"Preço Unitário; \",\"\"),IF($AF$11=TRUE,\"Preço Total.\",\"\")))","v":"Foi considerado arredondamento de duas casas decimais para Quantidade; Custo Unitário; BDI; Preço Unitário; Preço Total."}]
[null,null,null,null,null,null,null,null,null,null,null,null,null,null,"Siglas da Composição do Investimento: RA - Rateio proporcional entre Repasse e Contrapartida; RP - 100% Repasse; CP - 100% Contrapartida; OU - 100% Outros."]
[]
[null,null,null,null,null,null,null,null,null,null,null,null,null,null,{"$f":"Import.Município","v":"CÉU AZUL/PR"}]
[null,null,null,null,null,null,null,null,null,null,null,null,null,null,"Local",null,null,null,"Responsável Técnico"]
[null,null,null,null,null,null,null,null,null,null,null,null,null,null,null,null,null,null,"Nome:",{"$f":"Import.RespOrçamento","v":"GIAN CARLOS BORTOLINI VALLI"}]
[null,null,null,null,null,null,null,null,null,null,null,null,null,null,{"$f":"DADOS!$F$25","v":"2024-03-08"},null,null,null,"CREA/CAU:","163755/D"]
[null,null,null,null,null,null,null,null,null,null,null,null,null,null,"Data",null,null,null,"ART/RRT:","1720241301630"]

{"sheet":"CÁLCULO","index":5,"n_rows":248,"n_cols":59,"rows_kept":248,"cut":false,"hidden":false,"merged":[[14,4,14,7],[3,4,3,5],[3,6,3,7],[3,18,3,19],[3,20,3,25],[4,4,4,5],[4,6,4,7],[4,18,4,19],[4,20,4,25],[0,5,0,7],[0,16,0,17],[0,24,0,25],[1,5,1,7],[1,16,1,17],[1,24,1,25]]}
[null,null,null,null,null,{"$f":"IF(ACOMPANHAMENTO=\"BM\",\"MEMÓRIA DE CÁLCULO\",\"PLQ - PLANILHA DE LEVANTAMENTO DE QUANTIDADES\")","v":"MEMÓRIA DE CÁLCULO"},null,null,null,null,null,null,null,null,null,null,"Grau de Sigilo",null,null,null,null,null,null,null,"Grau de Sigilo"]
[null,null,null,null,null,{"$f":"IF(ACOMPANHAMENTO=\"BM\",\"\",\"Memória de Cálculo\")&\" - \"&import.recurso","v":" - (SELECIONAR)"},null,null,null,null,null,null,null,null,null,null,"#PUBLICO",null,null,null,null,null,null,null,"#PUBLICO"]
[null,null,null,null,null,null,null,null,null,null,null,null,null,null,null,null,null,null,null,null,null,null,null,null,null,null,null,{"$f":"ROUND(ROUND(OFFSET(#REF!,0,AB$13),15-13*ORÇAMENTO!$AF$7)*OFFSET(ORÇAMENTO!$W$15,ROW(#REF!)-ROW(AB$15),0),15-13*ORÇAMENTO!$AF$11)","v":{"$error":"#REF!"}},{"$f":"ROUND(ROUND(OFFSET(#REF!,0,AC$13),15-13*ORÇAMENTO!$AF$7)*OFFSET(ORÇAMENTO!$W$15,ROW(#REF!)-ROW(AC$15),0),15-13*ORÇAMENTO!$AF$11)","v":{"$error":"#REF!"}},{"$f":"ROUND(ROUND(OFFSET(#REF!,0,AD$13),15-13*ORÇAMENTO!$AF$7)*OFFSET(ORÇAMENTO!$W$15,ROW(#REF!)-ROW(AD$15),0),15-13*ORÇAMENTO!$AF$11)","v":{"$error":"#REF!"}},{"$f":"SUM(AB3:AD3)-SUM(#REF!)","v":{"$error":"#REF!"}}]
[null,null,null,null,"APELIDO DO EMPREENDIMENTO",null,"Nº TransfereGOV",null,"Nº OPERAÇÃO",null,"PROPONENTE / TOMADOR",null,null,null,null,null,null,null,"Nº OPERAÇÃO",null,"PROPONENTE / TOMADOR"]
[null,null,null,null,{"$f":"Import.Apelido","v":"CLUBE DA AMIZADE E DA UNIÃO DOS VOVÓS DE CÉU AZUL"},null,{"$f":"Import.TransfereGOV","v":0},null,{"$f":"Import.CR","v":0},null,{"$f":"Import.Proponente","v":"MUNICÍPIO DE CÉU AZUL"},null,null,null,null,null,null,null,{"$f":"Import.CR","v":0},null,{"$f":"Import.Proponente","v":"MUNICÍPIO DE CÉU AZUL"}]
[null,null,null,null,null,null,null,null,null,null,null,null,null,null,null,null,null,null,null,{"$f":"AE3","v":{"$error":"#REF!"}},null,null,null,null,null,null,null,"Preços dos serviços por frente",null,null,null,null,null,null,null,null,null,null,"Mês do cronograma",null,null,null,null,null,null,null,null,null,null,"Número da Medição"]
[]
[]
[]
[]
[]
[{"$f":"IF(OFFSET(EVENTOS!$C$5,1,0)=\"Automática, conforme os agrupadores Nível 4 do Orçamento\",4,IF(OFFSET(EVENTOS!$C$5,1,0)=\"Automática, conforme os agrupadores Nível 3 do Orçamento\",3,IF(OFFSET(EVENTOS!$C$5,1,0)=\"Definir Manualmente\",\"Manual\",2)))","v":2},"Empty",null,null,null,null,null,null,null,".","Nº AGRUPADOR DE EVENTOS",".",{"$f":"IF(ACOMPANHAMENTO=\"BM\",0,COUNTIF(M15:M240,0))","v":0},"FRENTES DE OBRA:",null,".",null,null,null,null,null,null,null,null,null,null,".",{"$f":"OFFSET($P$12,0,AB$13)","v":0},{"$f":"OFFSET($P$12,0,AC$13)","v":0},0,0,0,0,0,0,0,0,null,{"$f":"OFFSET($P$12,0,AM$13)","v":0},{"$f":"OFFSET($P$12,0,AN$13)","v":0},0,0,0,0,0,0,0,0,null,{"$f":"OFFSET($P$12,0,AX$13)","v":0},{"$f":"OFFSET($P$12,0,AY$13)","v":0},0,0,0,0,0,0,0,0]
["AUTOEVENTO","Empty",null,"Nível","Item","Descrição","Unidade","Quantidade","Memória de Cálculo",null,"Nº",null,"# Evento","Agrupador de Eventos",{"$f":"OFFSET(O13,0,-1)+1","v":{"$error":"#VALUE!"}},null,{"$f":"OFFSET(Q13,0,-1)+1","v":1},2,3,4,5,6,7,8,9,10,null,{"$f":"OFFSET(AB13,0,-1)+1","v":1},2,3,4,5,6,7,8,9,10,null,1,2,3,4,5,6,7,8,9,10,null,1,2,3,4,5,6,7,8,9,10]
[{"$f":"IF(AUTOEVENTO=\"Manual\",IF(K14<>\"\",MIN(VALUE(LEFT(K14,FIND(\".\",K14)-1)),COUNTA(EVENTOS.Lista)),0),IF(OR($B14>AUTOEVENTO,$B14=\"S\",$B14=0),SUBSTITUTE(OFFSET($A14,-1,0),IF($D14=\"Serviço\",\".\",\"\"),\"\"),ROW(A14)-ROW($A$15)&\".\"))","v":"AUTOEVENTO"},{"$f":"OFFSET(ORÇAMENTO!C$15,ROW(B14)-ROW(B$15),0)","v":"S"},{"$f":"OFFSET(ORÇAMENTO!L$15,ROW(C14)-ROW(C$15),0)","v":""},{"$f":"OFFSET(ORÇAMENTO!N$15,ROW(D14)-ROW(D$15),0)","v":"Serviço"},{"$f":"OFFSET(ORÇAMENTO!O$15,ROW(E14)-ROW(E$15),0)","v":"-"},{"$f":"OFFSET(ORÇAMENTO!R$15,ROW(F14)-ROW(F$15),0)","v":"(Sem Código)"},{"$f":"IF($D14<>\"Serviço\",\"\",OFFSET(ORÇAMENTO!S$15,ROW(G14)-ROW(G$15),0))","v":"-"},{"$f":"IF($D14<>\"Serviço\",0,IF(ACOMPANHAMENTO=\"BM\",ROUND(OFFSET(ORÇAMENTO!AJ$15,ROW(H14)-ROW(H$15),0),15-13*ORÇAMENTO!$AF$7),SUMPRODUCT(($Q$12:$AA$12<>\"\")*ROUND($Q14:$AA14,15-13*ORÇAMENTO!$AF$7))))","v":0},null,null,null,".",{"$f":"IF($D14<>\"Serviço\",\"\",IF(AUTOEVENTO=\"manual\",$A14,IF(ISERROR(MATCH($A14,$A$15:OFFSET($A14,-1,0),0)),MAX($M$15:OFFSET(M14,-1,0))+1,INDEX($M$15:OFFSET(M14,-1,0),MATCH($A14,$A$15:OFFSET($A14,-1,0),0)))))","v":"# Evento"},{"$f":"IF($D14<>\"Serviço\",\"\",IF(AUTOEVENTO=\"Manual\",IF($A14=0,\"<-- defina o número do agrupador\",OFFSET(EVENTOS!$D$14,$A14,0)),OFFSET($F$15,$A14,0)))","v":{"$error":"#VALUE!"}},null,null,null,null,null,null,null,null,null,null,null,null,null,{"$f":"IF(AND($D14=\"Serviço\",AB$12<>0,$H14>0,OR(AUTOEVENTO<>\"manual\",$M14<>1)),\nIF(Import.TipoArredondamento<>\"TransfereGOV\",\nROUND(OFFSET($P14,0,AB$13),15-13*ORÇAMENTO!$AF$7)/$H14*OFFSET(ORÇAMENTO!$X$15,ROW(AB14)-ROW(AB$15),0),\nROUND(ROUND(OFFSET($P14,0,AB$13),15-13*ORÇAMENTO!$AF$7)*OFFSET(ORÇAMENTO!$W$15,ROW(AB14)-ROW(AB$15),0),15-13*ORÇAMENTO!$AF$11)),0)","v":0},{"$f":"IF(AND($D14=\"Serviço\",AC$12<>0,$H14>0,OR(AUTOEVENTO<>\"manual\",$M14<>1)),\nIF(Import.TipoArredondamento<>\"TransfereGOV\",\nROUND(OFFSET($P14,0,AC$13),15-13*ORÇAMENTO!$AF$7)/$H14*OFFSET(ORÇAMENTO!$X$15,ROW(AC14)-ROW(AC$15),0),\nROUND(ROUND(OFFSET($P14,0,AC$13),15-13*ORÇAMENTO!$AF$7)*OFFSET(ORÇAMENTO!$W$15,ROW(AC14)-ROW(AC$15),0),15-13*ORÇAMENTO!$AF$11)),0)","v":0},{"$f":"IF(AND($D14=\"Serviço\",AD$12<>0,$H14>0,OR(AUTOEVENTO<>\"manual\",$M14<>1)),\nIF(Import.TipoArredondamento<>\"TransfereGOV\",\nROUND(OFFSET($P14,0,AD$13),15-13*ORÇAMENTO!$AF$7)/$H14*OFFSET(ORÇAMENTO!$X$15,ROW(AD14)-ROW(AD$15),0),\nROUND(ROUND(OFFSET($P14,0,AD$13),15-13*ORÇAMENTO!$AF$7)*OFFSET(ORÇAMENTO!$W$15,ROW(AD14)-ROW(AD$15),0),15-13*ORÇAMENTO!$AF$11)),0)","v":0},{"$f":"IF(AND($D14=\"Serviço\",AE$12<>0,$H14>0,OR(AUTOEVENTO<>\"manual\",$M14<>1)),\nIF(Import.TipoArredondamento<>\"TransfereGOV\",\nROUND(OFFSET($P14,0,AE$13),15-13*ORÇAMENTO!$AF$7)/$H14*OFFSET(ORÇAMENTO!$X$15,ROW(AE14)-ROW(AE$15),0),\nROUND(ROUND(OFFSET($P14,0,AE$13),15-13*ORÇAMENTO!$AF$7)*OFFSET(ORÇAMENTO!$W$15,ROW(AE14)-ROW(AE$15),0),15-13*ORÇAMENTO!$AF$11)),0)","v":0},{"$f":"IF(AND($D14=\"Serviço\",AF$12<>0,$H14>0,OR(AUTOEVENTO<>\"manual\",$M14<>1)),\nIF(Import.TipoArredondamento<>\"TransfereGOV\",\nROUND(OFFSET($P14,0,AF$13),15-13*ORÇAMENTO!$AF$7)/$H14*OFFSET(ORÇAMENTO!$X$15,ROW(AF14)-ROW(AF$15),0),\nROUND(ROUND(OFFSET($P14,0,AF$13),15-13*ORÇAMENTO!$AF$7)*OFFSET(ORÇAMENTO!$W$15,ROW(AF14)-ROW(AF$15),0),15-13*ORÇAMENTO!$AF$11)),0)","v":0},{"$f":"IF(AND($D14=\"Serviço\",AG$12<>0,$H14>0,OR(AUTOEVENTO<>\"manual\",$M14<>1)),\nIF(Import.TipoArredondamento<>\"TransfereGOV\",\nROUND(OFFSET($P14,0,AG$13),15-13*ORÇAMENTO!$AF$7)/$H14*OFFSET(ORÇAMENTO!$X$15,ROW(AG14)-ROW(AG$15),0),\nROUND(ROUND(OFFSET($P14,0,AG$13),15-13*ORÇAMENTO!$AF$7)*OFFSET(ORÇAMENTO!$W$15,ROW(AG14)-ROW(AG$15),0),15-13*ORÇAMENTO!$AF$11)),0)","v":0},{"$f":"IF(AND($D14=\"Serviço\",AH$12<>0,$H14>0,OR(AUTOEVENTO<>\"manual\",$M14<>1)),\nIF(Import.TipoArredondamento<>\"TransfereGOV\",\nROUND(OFFSET($P14,0,AH$13),15-13*ORÇAMENTO!$AF$7)/$H14*OFFSET(ORÇAMENTO!$X$15,ROW(AH14)-ROW(AH$15),0),\nROUND(ROUND(OFFSET($P14,0,AH$13),15-13*ORÇAMENTO!$AF$7)*OFFSET(ORÇAMENTO!$W$15,ROW(AH14)-ROW(AH$15),0),15-13*ORÇAMENTO!$AF$11)),0)","v":0},{"$f":"IF(AND($D14=\"Serviço\",AI$12<>0,$H14>0,OR(AUTOEVENTO<>\"manual\",$M14<>1)),\nIF(Import.TipoArredondamento<>\"TransfereGOV\",\nROUND(OFFSET($P14,0,AI$13),15-13*ORÇAMENTO!$AF$7)/$H14*OFFSET(ORÇAMENTO!$X$15,ROW(AI14)-ROW(AI$15),0),\nROUND(ROUND(OFFSET($P14,0,AI$13),15-13*ORÇAMENTO!$AF$7)*OFFSET(ORÇAMENTO!$W$15,ROW(AI14)-ROW(AI$15),0),15-13*ORÇAMENTO!$AF$11)),0)","v":0},{"$f":"IF(AND($D14=\"Serviço\",AJ$12<>0,$H14>0,OR(AUTOEVENTO<>\"manual\",$M14<>1)),\nIF(Import.TipoArredondamento<>\"TransfereGOV\",\nROUND(OFFSET($P14,0,AJ$13),15-13*ORÇAMENTO!$AF$7)/$H14*OFFSET(ORÇAMENTO!$X$15,ROW(AJ14)-ROW(AJ$15),0),\nROUND(ROUND(OFFSET($P14,0,AJ$13),15-13*ORÇAMENTO!$AF$7)*OFFSET(ORÇAMENTO!$W$15,ROW(AJ14)-ROW(AJ$15),0),15-13*ORÇAMENTO!$AF$11)),0)","v":0},{"$f":"IF(AND($D14=\"Serviço\",AK$12<>0,$H14>0,OR(AUTOEVENTO<>\"manual\",$M14<>1)),\nIF(Import.TipoArredondamento<>\"TransfereGOV\",\nROUND(OFFSET($P14,0,AK$13),15-13*ORÇAMENTO!$AF$7)/$H14*OFFSET(ORÇAMENTO!$X$15,ROW(AK14)-ROW(AK$15),0),\nROUND(ROUND(OFFSET($P14,0,AK$13),15-13*ORÇAMENTO!$AF$7)*OFFSET(ORÇAMENTO!$W$15,ROW(AK14)-ROW(AK$15),0),15-13*ORÇAMENTO!$AF$11)),0)","v":0},null,{"$f":"IF($D14<>\"Serviço\",0,IF(AND(AUTOEVENTO=\"Manual\",$M14=1),0,IF(OFFSET(CRONOPLE!$F$14,$M14,AM$13)=\"\",10^12,OFFSET(CRONOPLE!$F$14,$M14,AM$13))))","v":{"$error":"#VALUE!"}},{"$f":"IF($D14<>\"Serviço\",0,IF(AND(AUTOEVENTO=\"Manual\",$M14=1),0,IF(OFFSET(CRONOPLE!$F$14,$M14,AN$13)=\"\",10^12,OFFSET(CRONOPLE!$F$14,$M14,AN$13))))","v":{"$error":"#VALUE!"}},{"$f":"IF($D14<>\"Serviço\",0,IF(AND(AUTOEVENTO=\"Manual\",$M14=1),0,IF(OFFSET(CRONOPLE!$F$14,$M14,AO$13)=\"\",10^12,OFFSET(CRONOPLE!$F$14,$M14,AO$13))))","v":{"$error":"#VALUE!"}},{"$f":"IF($D14<>\"Serviço\",0,IF(AND(AUTOEVENTO=\"Manual\",$M14=1),0,IF(OFFSET(CRONOPLE!$F$14,$M14,AP$13)=\"\",10^12,OFFSET(CRONOPLE!$F$14,$M14,AP$13))))","v":{"$error":"#VALUE!"}},{"$f":"IF($D14<>\"Serviço\",0,IF(AND(AUTOEVENTO=\"Manual\",$M14=1),0,IF(OFFSET(CRONOPLE!$F$14,$M14,AQ$13)=\"\",10^12,OFFSET(CRONOPLE!$F$14,$M14,AQ$13))))","v":{"$error":"#VALUE!"}},{"$f":"IF($D14<>\"Serviço\",0,IF(AND(AUTOEVENTO=\"Manual\",$M14=1),0,IF(OFFSET(CRONOPLE!$F$14,$M14,AR$13)=\"\",10^12,OFFSET(CRONOPLE!$F$14,$M14,AR$13))))","v":{"$error":"#VALUE!"}},{"$f":"IF($D14<>\"Serviço\",0,IF(AND(AUTOEVENTO=\"Manual\",$M14=1),0,IF(OFFSET(CRONOPLE!$F$14,$M14,AS$13)=\"\",10^12,OFFSET(CRONOPLE!$F$14,$M14,AS$13))))","v":{"$error":"#VALUE!"}},{"$f":"IF($D14<>\"Serviço\",0,IF(AND(AUTOEVENTO=\"Manual\",$M14=1),0,IF(OFFSET(CRONOPLE!$F$14,$M14,AT$13)=\"\",10^12,OFFSET(CRONOPLE!$F$14,$M14,AT$13))))","v":{"$error":"#VALUE!"}},{"$f":"IF($D14<>\"Serviço\",0,IF(AND(AUTOEVENTO=\"Manual\",$M14=1),0,IF(OFFSET(CRONOPLE!$F$14,$M14,AU$13)=\"\",10^12,OFFSET(CRONOPLE!$F$14,$M14,AU$13))))","v":{"$error":"#VALUE!"}},{"$f":"IF($D14<>\"Serviço\",0,IF(AND(AUTOEVENTO=\"Manual\",$M14=1),0,IF(OFFSET(CRONOPLE!$F$14,$M14,AV$13)=\"\",10^12,OFFSET(CRONOPLE!$F$14,$M14,AV$13))))","v":{"$error":"#VALUE!"}},null,{"$f":"IF($D14<>\"Serviço\",0,IF(OR(AND(AUTOEVENTO=\"Manual\",$M14=1),$M14>(ROW(PLE.lastrow)-ROW(PLE.firstrow))),0,IF(OFFSET(PLE!$G$14,$M14,AX$13)=\"\",10^12,OFFSET(PLE!$G$14,$M14,AX$13))))","v":0},{"$f":"IF($D14<>\"Serviço\",0,IF(OR(AND(AUTOEVENTO=\"Manual\",$M14=1),$M14>(ROW(PLE.lastrow)-ROW(PLE.firstrow))),0,IF(OFFSET(PLE!$G$14,$M14,AY$13)=\"\",10^12,OFFSET(PLE!$G$14,$M14,AY$13))))","v":0},{"$f":"IF($D14<>\"Serviço\",0,IF(OR(AND(AUTOEVENTO=\"Manual\",$M14=1),$M14>(ROW(PLE.lastrow)-ROW(PLE.firstrow))),0,IF(OFFSET(PLE!$G$14,$M14,AZ$13)=\"\",10^12,OFFSET(PLE!$G$14,$M14,AZ$13))))","v":0},{"$f":"IF($D14<>\"Serviço\",0,IF(OR(AND(AUTOEVENTO=\"Manual\",$M14=1),$M14>(ROW(PLE.lastrow)-ROW(PLE.firstrow))),0,IF(OFFSET(PLE!$G$14,$M14,BA$13)=\"\",10^12,OFFSET(PLE!$G$14,$M14,BA$13))))","v":0},{"$f":"IF($D14<>\"Serviço\",0,IF(OR(AND(AUTOEVENTO=\"Manual\",$M14=1),$M14>(ROW(PLE.lastrow)-ROW(PLE.firstrow))),0,IF(OFFSET(PLE!$G$14,$M14,BB$13)=\"\",10^12,OFFSET(PLE!$G$14,$M14,BB$13))))","v":0},{"$f":"IF($D14<>\"Serviço\",0,IF(OR(AND(AUTOEVENTO=\"Manual\",$M14=1),$M14>(ROW(PLE.lastrow)-ROW(PLE.firstrow))),0,IF(OFFSET(PLE!$G$14,$M14,BC$13)=\"\",10^12,OFFSET(PLE!$G$14,$M14,BC$13))))","v":0},{"$f":"IF($D14<>\"Serviço\",0,IF(OR(AND(AUTOEVENTO=\"Manual\",$M14=1),$M14>(ROW(PLE.lastrow)-ROW(PLE.firstrow))),0,IF(OFFSET(PLE!$G$14,$M14,BD$13)=\"\",10^12,OFFSET(PLE!$G$14,$M14,BD$13))))","v":0},{"$f":"IF($D14<>\"Serviço\",0,IF(OR(AND(AUTOEVENTO=\"Manual\",$M14=1),$M14>(ROW(PLE.lastrow)-ROW(PLE.firstrow))),0,IF(OFFSET(PLE!$G$14,$M14,BE$13)=\"\",10^12,OFFSET(PLE!$G$14,$M14,BE$13))))","v":0},{"$f":"IF($D14<>\"Serviço\",0,IF(OR(AND(AUTOEVENTO=\"Manual\",$M14=1),$M14>(ROW(PLE.lastrow)-ROW(PLE.firstrow))),0,IF(OFFSET(PLE!$G$14,$M14,BF$13)=\"\",10^12,OFFSET(PLE!$G$14,$M14,BF$13))))","v":0},{"$f":"IF($D14<>\"Serviço\",0,IF(OR(AND(AUTOEVENTO=\"Manual\",$M14=1),$M14>(ROW(PLE.lastrow)-ROW(PLE.firstrow))),0,IF(OFFSET(PLE!$G$14,$M14,BG$13)=\"\",10^12,OFFSET(PLE!$G$14,$M14,BG$13))))","v":0}]
[null,{"$f":"OFFSET(ORÇAMENTO!C$15,ROW(B15)-ROW(B$15),0)","v":"L"},{"$f":"OFFSET(ORÇAMENTO!L$15,ROW(C15)-ROW(C$15),0)","v":"F"},{"$f":"IF(TIPOORCAMENTO=\"LICITADO\",\"CTEF\",\"LOTE\")","v":"LOTE"},{"$f":"Import.DescLote","v":"REFORMA E AMPLIAÇÃO DO CLUBE DA AMIZADE E DA UNIÃO DOS VOVÓS DE CÉU AZUL"},null,null,null,null,null,null,".",{"$f":"IF(AUTOEVENTO=\"MANUAL\",0,1)","v":1},"TOTAL FINANC. POR FRENTE (R$):",{"$f":"OFFSET($AA$15,0,O$13)","v":{"$error":"#VALUE!"}},null,{"$f":"OFFSET($AA$15,0,Q$13)","v":0},0,0,0,0,0,0,0,0,0,null,{"$f":"ROUND(SUM(OFFSET(AB$15,1,0):AB$240),2)","v":0},{"$f":"SUM(OFFSET(AC$15,1,0):AC$240)","v":0},{"$f":"SUM(OFFSET(AD$15,1,0):AD$240)","v":0},{"$f":"SUM(OFFSET(AE$15,1,0):AE$240)","v":0},{"$f":"SUM(OFFSET(AF$15,1,0):AF$240)","v":0},{"$f":"SUM(OFFSET(AG$15,1,0):AG$240)","v":0},{"$f":"SUM(OFFSET(AH$15,1,0):AH$240)","v":0},{"$f":"SUM(OFFSET(AI$15,1,0):AI$240)","v":0},{"$f":"SUM(OFFSET(AJ$15,1,0):AJ$240)","v":0},{"$f":"SUM(OFFSET(AK$15,1,0):AK$240)","v":0},null,{"$f":"10^12","v":1000000000000},{"$f":"10^12","v":1000000000000},1000000000000,1000000000000,1000000000000,1000000000000,1000000000000,1000000000000,1000000000000,1000000000000,null,{"$f":"10^12","v":1000000000000},1000000000000,1000000000000,1000000000000,1000000000000,1000000000000,1000000000000,1000000000000,1000000000000,1000000000000]
[{"$f":"IF(AUTOEVENTO=\"Manual\",IF(K16<>\"\",MIN(VALUE(LEFT(K16,FIND(\".\",K16)-1)),COUNTA(EVENTOS.Lista)),0),IF(OR($B16>AUTOEVENTO,$B16=\"S\",$B16=0),SUBSTITUTE(OFFSET($A16,-1,0),IF($D16=\"Serviço\",\".\",\"\"),\"\"),ROW(A16)-ROW($A$15)&\".\"))","v":"1."},{"$f":"OFFSET(ORÇAMENTO!C$15,ROW(B16)-ROW(B$15),0)","v":1},{"$f":"OFFSET(ORÇAMENTO!L$15,ROW(C16)-ROW(C$15),0)","v":"F"},{"$f":"OFFSET(ORÇAMENTO!N$15,ROW(D16)-ROW(D$15),0)","v":"Meta"},{"$f":"OFFSET(ORÇAMENTO!O$15,ROW(E16)-ROW(E$15),0)","v":"1."},{"$f":"OFFSET(ORÇAMENTO!R$15,ROW(F16)-ROW(F$15),0)","v":"REFORMA E AMPLIAÇÃO"},{"$f":"IF($D16<>\"Serviço\",\"\",OFFSET(ORÇAMENTO!S$15,ROW(G16)-ROW(G$15),0))","v":""},{"$f":"IF($D16<>\"Serviço\",0,IF(ACOMPANHAMENTO=\"BM\",ROUND(OFFSET(ORÇAMENTO!AJ$15,ROW(H16)-ROW(H$15),0),15-13*ORÇAMENTO!$AF$7),SUMPRODUCT(($Q$12:$AA$12<>\"\")*ROUND($Q16:$AA16,15-13*ORÇAMENTO!$AF$7))))","v":0},null,null,null,".",{"$f":"IF($D16<>\"Serviço\",\"\",IF(AUTOEVENTO=\"manual\",$A16,IF(ISERROR(MATCH($A16,$A$15:OFFSET($A16,-1,0),0)),MAX($M$15:OFFSET(M16,-1,0))+1,INDEX($M$15:OFFSET(M16,-1,0),MATCH($A16,$A$15:OFFSET($A16,-1,0),0)))))","v":""},{"$f":"IF($D16<>\"Serviço\",\"\",IF(AUTOEVENTO=\"Manual\",IF($A16=0,\"<-- defina o número do agrupador\",OFFSET(EVENTOS!$D$14,$A16,0)),OFFSET($F$15,$A16,0)))","v":""},null,null,null,null,null,null,null,null,null,null,null,null,null,{"$f":"IF(AND($D16=\"Serviço\",AB$12<>0,$H16>0,OR(AUTOEVENTO<>\"manual\",$M16<>1)),\nIF(Import.TipoArredondamento<>\"TransfereGOV\",\nROUND(OFFSET($P16,0,AB$13),15-13*ORÇAMENTO!$AF$7)/$H16*OFFSET(ORÇAMENTO!$X$15,ROW(AB16)-ROW(AB$15),0),\nROUND(ROUND(OFFSET($P16,0,AB$13),15-13*ORÇAMENTO!$AF$7)*OFFSET(ORÇAMENTO!$W$15,ROW(AB16)-ROW(AB$15),0),15-13*ORÇAMENTO!$AF$11)),0)","v":0},{"$f":"IF(AND($D16=\"Serviço\",AC$12<>0,$H16>0,OR(AUTOEVENTO<>\"manual\",$M16<>1)),\nIF(Import.TipoArredondamento<>\"TransfereGOV\",\nROUND(OFFSET($P16,0,AC$13),15-13*ORÇAMENTO!$AF$7)/$H16*OFFSET(ORÇAMENTO!$X$15,ROW(AC16)-ROW(AC$15),0),\nROUND(ROUND(OFFSET($P16,0,AC$13),15-13*ORÇAMENTO!$AF$7)*OFFSET(ORÇAMENTO!$W$15,ROW(AC16)-ROW(AC$15),0),15-13*ORÇAMENTO!$AF$11)),0)","v":0},{"$f":"IF(AND($D16=\"Serviço\",AD$12<>0,$H16>0,OR(AUTOEVENTO<>\"manual\",$M16<>1)),\nIF(Import.TipoArredondamento<>\"TransfereGOV\",\nROUND(OFFSET($P16,0,AD$13),15-13*ORÇAMENTO!$AF$7)/$H16*OFFSET(ORÇAMENTO!$X$15,ROW(AD16)-ROW(AD$15),0),\nROUND(ROUND(OFFSET($P16,0,AD$13),15-13*ORÇAMENTO!$AF$7)*OFFSET(ORÇAMENTO!$W$15,ROW(AD16)-ROW(AD$15),0),15-13*ORÇAMENTO!$AF$11)),0)","v":0},{"$f":"IF(AND($D16=\"Serviço\",AE$12<>0,$H16>0,OR(AUTOEVENTO<>\"manual\",$M16<>1)),\nIF(Import.TipoArredondamento<>\"TransfereGOV\",\nROUND(OFFSET($P16,0,AE$13),15-13*ORÇAMENTO!$AF$7)/$H16*OFFSET(ORÇAMENTO!$X$15,ROW(AE16)-ROW(AE$15),0),\nROUND(ROUND(OFFSET($P16,0,AE$13),15-13*ORÇAMENTO!$AF$7)*OFFSET(ORÇAMENTO!$W$15,ROW(AE16)-ROW(AE$15),0),15-13*ORÇAMENTO!$AF$11)),0)","v":0},{"$f":"IF(AND($D16=\"Serviço\",AF$12<>0,$H16>0,OR(AUTOEVENTO<>\"manual\",$M16<>1)),\nIF(Import.TipoArredondamento<>\"TransfereGOV\",\nROUND(OFFSET($P16,0,AF$13),15-13*ORÇAMENTO!$AF$7)/$H16*OFFSET(ORÇAMENTO!$X$15,ROW(AF16)-ROW(AF$15),0),\nROUND(ROUND(OFFSET($P16,0,AF$13),15-13*ORÇAMENTO!$AF$7)*OFFSET(ORÇAMENTO!$W$15,ROW(AF16)-ROW(AF$15),0),15-13*ORÇAMENTO!$AF$11)),0)","v":0},{"$f":"IF(AND($D16=\"Serviço\",AG$12<>0,$H16>0,OR(AUTOEVENTO<>\"manual\",$M16<>1)),\nIF(Import.TipoArredondamento<>\"TransfereGOV\",\nROUND(OFFSET($P16,0,AG$13),15-13*ORÇAMENTO!$AF$7)/$H16*OFFSET(ORÇAMENTO!$X$15,ROW(AG16)-ROW(AG$15),0),\nROUND(ROUND(OFFSET($P16,0,AG$13),15-13*ORÇAMENTO!$AF$7)*OFFSET(ORÇAMENTO!$W$15,ROW(AG16)-ROW(AG$15),0),15-13*ORÇAMENTO!$AF$11)),0)","v":0},{"$f":"IF(AND($D16=\"Serviço\",AH$12<>0,$H16>0,OR(AUTOEVENTO<>\"manual\",$M16<>1)),\nIF(Import.TipoArredondamento<>\"TransfereGOV\",\nROUND(OFFSET($P16,0,AH$13),15-13*ORÇAMENTO!$AF$7)/$H16*OFFSET(ORÇAMENTO!$X$15,ROW(AH16)-ROW(AH$15),0),\nROUND(ROUND(OFFSET($P16,0,AH$13),15-13*ORÇAMENTO!$AF$7)*OFFSET(ORÇAMENTO!$W$15,ROW(AH16)-ROW(AH$15),0),15-13*ORÇAMENTO!$AF$11)),0)","v":0},{"$f":"IF(AND($D16=\"Serviço\",AI$12<>0,$H16>0,OR(AUTOEVENTO<>\"manual\",$M16<>1)),\nIF(Import.TipoArredondamento<>\"TransfereGOV\",\nROUND(OFFSET($P16,0,AI$13),15-13*ORÇAMENTO!$AF$7)/$H16*OFFSET(ORÇAMENTO!$X$15,ROW(AI16)-ROW(AI$15),0),\nROUND(ROUND(OFFSET($P16,0,AI$13),15-13*ORÇAMENTO!$AF$7)*OFFSET(ORÇAMENTO!$W$15,ROW(AI16)-ROW(AI$15),0),15-13*ORÇAMENTO!$AF$11)),0)","v":0},{"$f":"IF(AND($D16=\"Serviço\",AJ$12<>0,$H16>0,OR(AUTOEVENTO<>\"manual\",$M16<>1)),\nIF(Import.TipoArredondamento<>\"TransfereGOV\",\nROUND(OFFSET($P16,0,AJ$13),15-13*ORÇAMENTO!$AF$7)/$H16*OFFSET(ORÇAMENTO!$X$15,ROW(AJ16)-ROW(AJ$15),0),\nROUND(ROUND(OFFSET($P16,0,AJ$13),15-13*ORÇAMENTO!$AF$7)*OFFSET(ORÇAMENTO!$W$15,ROW(AJ16)-ROW(AJ$15),0),15-13*ORÇAMENTO!$AF$11)),0)","v":0},{"$f":"IF(AND($D16=\"Serviço\",AK$12<>0,$H16>0,OR(AUTOEVENTO<>\"manual\",$M16<>1)),\nIF(Import.TipoArredondamento<>\"TransfereGOV\",\nROUND(OFFSET($P16,0,AK$13),15-13*ORÇAMENTO!$AF$7)/$H16*OFFSET(ORÇAMENTO!$X$15,ROW(AK16)-ROW(AK$15),0),\nROUND(ROUND(OFFSET($P16,0,AK$13),15-13*ORÇAMENTO!$AF$7)*OFFSET(ORÇAMENTO!$W$15,ROW(AK16)-ROW(AK$15),0),15-13*ORÇAMENTO!$AF$11)),0)","v":0},null,{"$f":"IF($D16<>\"Serviço\",0,IF(AND(AUTOEVENTO=\"Manual\",$M16=1),0,IF(OFFSET(CRONOPLE!$F$14,$M16,AM$13)=\"\",10^12,OFFSET(CRONOPLE!$F$14,$M16,AM$13))))","v":0},{"$f":"IF($D16<>\"Serviço\",0,IF(AND(AUTOEVENTO=\"Manual\",$M16=1),0,IF(OFFSET(CRONOPLE!$F$14,$M16,AN$13)=\"\",10^12,OFFSET(CRONOPLE!$F$14,$M16,AN$13))))","v":0},{"$f":"IF($D16<>\"Serviço\",0,IF(AND(AUTOEVENTO=\"Manual\",$M16=1),0,IF(OFFSET(CRONOPLE!$F$14,$M16,AO$13)=\"\",10^12,OFFSET(CRONOPLE!$F$14,$M16,AO$13))))","v":0},{"$f":"IF($D16<>\"Serviço\",0,IF(AND(AUTOEVENTO=\"Manual\",$M16=1),0,IF(OFFSET(CRONOPLE!$F$14,$M16,AP$13)=\"\",10^12,OFFSET(CRONOPLE!$F$14,$M16,AP$13))))","v":0},{"$f":"IF($D16<>\"Serviço\",0,IF(AND(AUTOEVENTO=\"Manual\",$M16=1),0,IF(OFFSET(CRONOPLE!$F$14,$M16,AQ$13)=\"\",10^12,OFFSET(CRONOPLE!$F$14,$M16,AQ$13))))","v":0},{"$f":"IF($D16<>\"Serviço\",0,IF(AND(AUTOEVENTO=\"Manual\",$M16=1),0,IF(OFFSET(CRONOPLE!$F$14,$M16,AR$13)=\"\",10^12,OFFSET(CRONOPLE!$F$14,$M16,AR$13))))","v":0},{"$f":"IF($D16<>\"Serviço\",0,IF(AND(AUTOEVENTO=\"Manual\",$M16=1),0,IF(OFFSET(CRONOPLE!$F$14,$M16,AS$13)=\"\",10^12,OFFSET(CRONOPLE!$F$14,$M16,AS$13))))","v":0},{"$f":"IF($D16<>\"Serviço\",0,IF(AND(AUTOEVENTO=\"Manual\",$M16=1),0,IF(OFFSET(CRONOPLE!$F$14,$M16,AT$13)=\"\",10^12,OFFSET(CRONOPLE!$F$14,$M16,AT$13))))","v":0},{"$f":"IF($D16<>\"Serviço\",0,IF(AND(AUTOEVENTO=\"Manual\",$M16=1),0,IF(OFFSET(CRONOPLE!$F$14,$M16,AU$13)=\"\",10^12,OFFSET(CRONOPLE!$F$14,$M16,AU$13))))","v":0},{"$f":"IF($D16<>\"Serviço\",0,IF(AND(AUTOEVENTO=\"Manual\",$M16=1),0,IF(OFFSET(CRONOPLE!$F$14,$M16,AV$13)=\"\",10^12,OFFSET(CRONOPLE!$F$14,$M16,AV$13))))","v":0},null,{"$f":"IF($D16<>\"Serviço\",0,IF(OR(AND(AUTOEVENTO=\"Manual\",$M16=1),$M16>(ROW(PLE.lastrow)-ROW(PLE.firstrow))),0,IF(OFFSET(PLE!$G$14,$M16,AX$13)=\"\",10^12,OFFSET(PLE!$G$14,$M16,AX$13))))","v":0},{"$f":"IF($D16<>\"Serviço\",0,IF(OR(AND(AUTOEVENTO=\"Manual\",$M16=1),$M16>(ROW(PLE.lastrow)-ROW(PLE.firstrow))),0,IF(OFFSET(PLE!$G$14,$M16,AY$13)=\"\",10^12,OFFSET(PLE!$G$14,$M16,AY$13))))","v":0},{"$f":"IF($D16<>\"Serviço\",0,IF(OR(AND(AUTOEVENTO=\"Manual\",$M16=1),$M16>(ROW(PLE.lastrow)-ROW(PLE.firstrow))),0,IF(OFFSET(PLE!$G$14,$M16,AZ$13)=\"\",10^12,OFFSET(PLE!$G$14,$M16,AZ$13))))","v":0},{"$f":"IF($D16<>\"Serviço\",0,IF(OR(AND(AUTOEVENTO=\"Manual\",$M16=1),$M16>(ROW(PLE.lastrow)-ROW(PLE.firstrow))),0,IF(OFFSET(PLE!$G$14,$M16,BA$13)=\"\",10^12,OFFSET(PLE!$G$14,$M16,BA$13))))","v":0},{"$f":"IF($D16<>\"Serviço\",0,IF(OR(AND(AUTOEVENTO=\"Manual\",$M16=1),$M16>(ROW(PLE.lastrow)-ROW(PLE.firstrow))),0,IF(OFFSET(PLE!$G$14,$M16,BB$13)=\"\",10^12,OFFSET(PLE!$G$14,$M16,BB$13))))","v":0},{"$f":"IF($D16<>\"Serviço\",0,IF(OR(AND(AUTOEVENTO=\"Manual\",$M16=1),$M16>(ROW(PLE.lastrow)-ROW(PLE.firstrow))),0,IF(OFFSET(PLE!$G$14,$M16,BC$13)=\"\",10^12,OFFSET(PLE!$G$14,$M16,BC$13))))","v":0},{"$f":"IF($D16<>\"Serviço\",0,IF(OR(AND(AUTOEVENTO=\"Manual\",$M16=1),$M16>(ROW(PLE.lastrow)-ROW(PLE.firstrow))),0,IF(OFFSET(PLE!$G$14,$M16,BD$13)=\"\",10^12,OFFSET(PLE!$G$14,$M16,BD$13))))","v":0},{"$f":"IF($D16<>\"Serviço\",0,IF(OR(AND(AUTOEVENTO=\"Manual\",$M16=1),$M16>(ROW(PLE.lastrow)-ROW(PLE.firstrow))),0,IF(OFFSET(PLE!$G$14,$M16,BE$13)=\"\",10^12,OFFSET(PLE!$G$14,$M16,BE$13))))","v":0},{"$f":"IF($D16<>\"Serviço\",0,IF(OR(AND(AUTOEVENTO=\"Manual\",$M16=1),$M16>(ROW(PLE.lastrow)-ROW(PLE.firstrow))),0,IF(OFFSET(PLE!$G$14,$M16,BF$13)=\"\",10^12,OFFSET(PLE!$G$14,$M16,BF$13))))","v":0},{"$f":"IF($D16<>\"Serviço\",0,IF(OR(AND(AUTOEVENTO=\"Manual\",$M16=1),$M16>(ROW(PLE.lastrow)-ROW(PLE.firstrow))),0,IF(OFFSET(PLE!$G$14,$M16,BG$13)=\"\",10^12,OFFSET(PLE!$G$14,$M16,BG$13))))","v":0}]
["2.",{"$f":"OFFSET(ORÇAMENTO!C$15,ROW(B17)-ROW(B$15),0)","v":2},{"$f":"OFFSET(ORÇAMENTO!L$15,ROW(C17)-ROW(C$15),0)","v":"F"},{"$f":"OFFSET(ORÇAMENTO!N$15,ROW(D17)-ROW(D$15),0)","v":"Nível 2"},{"$f":"OFFSET(ORÇAMENTO!O$15,ROW(E17)-ROW(E$15),0)","v":"1.1."},{"$f":"OFFSET(ORÇAMENTO!R$15,ROW(F17)-ROW(F$15),0)","v":"SERVIÇOS PRELIMINARES, CANTEIRO DE OBRAS, SEGURANÇA E SAÚDE"},{"$f":"IF($D17<>\"Serviço\",\"\",OFFSET(ORÇAMENTO!S$15,ROW(G17)-ROW(G$15),0))","v":""},{"$f":"IF($D17<>\"Serviço\",0,IF(ACOMPANHAMENTO=\"BM\",ROUND(OFFSET(ORÇAMENTO!AJ$15,ROW(H17)-ROW(H$15),0),15-13*ORÇAMENTO!$AF$7),SUMPRODUCT(($Q$12:$AA$12<>\"\")*ROUND($Q17:$AA17,15-13*ORÇAMENTO!$AF$7))))","v":0},null,null,null,".",{"$f":"IF($D17<>\"Serviço\",\"\",IF(AUTOEVENTO=\"manual\",$A17,IF(ISERROR(MATCH($A17,$A$15:OFFSET($A17,-1,0),0)),MAX($M$15:OFFSET(M17,-1,0))+1,INDEX($M$15:OFFSET(M17,-1,0),MATCH($A17,$A$15:OFFSET($A17,-1,0),0)))))","v":""},{"$f":"IF($D17<>\"Serviço\",\"\",IF(AUTOEVENTO=\"Manual\",IF($A17=0,\"<-- defina o número do agrupador\",OFFSET(EVENTOS!$D$14,$A17,0)),OFFSET($F$15,$A17,0)))","v":""},null,null,null,null,null,null,null,null,null,null,null,null,null,{"$f":"IF(AND($D17=\"Serviço\",AB$12<>0,$H17>0,OR(AUTOEVENTO<>\"manual\",$M17<>1)),\nIF(Import.TipoArredondamento<>\"TransfereGOV\",\nROUND(OFFSET($P17,0,AB$13),15-13*ORÇAMENTO!$AF$7)/$H17*OFFSET(ORÇAMENTO!$X$15,ROW(AB17)-ROW(AB$15),0),\nROUND(ROUND(OFFSET($P17,0,AB$13),15-13*ORÇAMENTO!$AF$7)*OFFSET(ORÇAMENTO!$W$15,ROW(AB17)-ROW(AB$15),0),15-13*ORÇAMENTO!$AF$11)),0)","v":0},{"$f":"IF(AND($D17=\"Serviço\",AC$12<>0,$H17>0,OR(AUTOEVENTO<>\"manual\",$M17<>1)),\nIF(Import.TipoArredondamento<>\"TransfereGOV\",\nROUND(OFFSET($P17,0,AC$13),15-13*ORÇAMENTO!$AF$7)/$H17*OFFSET(ORÇAMENTO!$X$15,ROW(AC17)-ROW(AC$15),0),\nROUND(ROUND(OFFSET($P17,0,AC$13),15-13*ORÇAMENTO!$AF$7)*OFFSET(ORÇAMENTO!$W$15,ROW(AC17)-ROW(AC$15),0),15-13*ORÇAMENTO!$AF$11)),0)","v":0},{"$f":"IF(AND($D17=\"Serviço\",AD$12<>0,$H17>0,OR(AUTOEVENTO<>\"manual\",$M17<>1)),\nIF(Import.TipoArredondamento<>\"TransfereGOV\",\nROUND(OFFSET($P17,0,AD$13),15-13*ORÇAMENTO!$AF$7)/$H17*OFFSET(ORÇAMENTO!$X$15,ROW(AD17)-ROW(AD$15),0),\nROUND(ROUND(OFFSET($P17,0,AD$13),15-13*ORÇAMENTO!$AF$7)*OFFSET(ORÇAMENTO!$W$15,ROW(AD17)-ROW(AD$15),0),15-13*ORÇAMENTO!$AF$11)),0)","v":0},{"$f":"IF(AND($D17=\"Serviço\",AE$12<>0,$H17>0,OR(AUTOEVENTO<>\"manual\",$M17<>1)),\nIF(Import.TipoArredondamento<>\"TransfereGOV\",\nROUND(OFFSET($P17,0,AE$13),15-13*ORÇAMENTO!$AF$7)/$H17*OFFSET(ORÇAMENTO!$X$15,ROW(AE17)-ROW(AE$15),0),\nROUND(ROUND(OFFSET($P17,0,AE$13),15-13*ORÇAMENTO!$AF$7)*OFFSET(ORÇAMENTO!$W$15,ROW(AE17)-ROW(AE$15),0),15-13*ORÇAMENTO!$AF$11)),0)","v":0},{"$f":"IF(AND($D17=\"Serviço\",AF$12<>0,$H17>0,OR(AUTOEVENTO<>\"manual\",$M17<>1)),\nIF(Import.TipoArredondamento<>\"TransfereGOV\",\nROUND(OFFSET($P17,0,AF$13),15-13*ORÇAMENTO!$AF$7)/$H17*OFFSET(ORÇAMENTO!$X$15,ROW(AF17)-ROW(AF$15),0),\nROUND(ROUND(OFFSET($P17,0,AF$13),15-13*ORÇAMENTO!$AF$7)*OFFSET(ORÇAMENTO!$W$15,ROW(AF17)-ROW(AF$15),0),15-13*ORÇAMENTO!$AF$11)),0)","v":0},{"$f":"IF(AND($D17=\"Serviço\",AG$12<>0,$H17>0,OR(AUTOEVENTO<>\"manual\",$M17<>1)),\nIF(Import.TipoArredondamento<>\"TransfereGOV\",\nROUND(OFFSET($P17,0,AG$13),15-13*ORÇAMENTO!$AF$7)/$H17*OFFSET(ORÇAMENTO!$X$15,ROW(AG17)-ROW(AG$15),0),\nROUND(ROUND(OFFSET($P17,0,AG$13),15-13*ORÇAMENTO!$AF$7)*OFFSET(ORÇAMENTO!$W$15,ROW(AG17)-ROW(AG$15),0),15-13*ORÇAMENTO!$AF$11)),0)","v":0},{"$f":"IF(AND($D17=\"Serviço\",AH$12<>0,$H17>0,OR(AUTOEVENTO<>\"manual\",$M17<>1)),\nIF(Import.TipoArredondamento<>\"TransfereGOV\",\nROUND(OFFSET($P17,0,AH$13),15-13*ORÇAMENTO!$AF$7)/$H17*OFFSET(ORÇAMENTO!$X$15,ROW(AH17)-ROW(AH$15),0),\nROUND(ROUND(OFFSET($P17,0,AH$13),15-13*ORÇAMENTO!$AF$7)*OFFSET(ORÇAMENTO!$W$15,ROW(AH17)-ROW(AH$15),0),15-13*ORÇAMENTO!$AF$11)),0)","v":0},{"$f":"IF(AND($D17=\"Serviço\",AI$12<>0,$H17>0,OR(AUTOEVENTO<>\"manual\",$M17<>1)),\nIF(Import.TipoArredondamento<>\"TransfereGOV\",\nROUND(OFFSET($P17,0,AI$13),15-13*ORÇAMENTO!$AF$7)/$H17*OFFSET(ORÇAMENTO!$X$15,ROW(AI17)-ROW(AI$15),0),\nROUND(ROUND(OFFSET($P17,0,AI$13),15-13*ORÇAMENTO!$AF$7)*OFFSET(ORÇAMENTO!$W$15,ROW(AI17)-ROW(AI$15),0),15-13*ORÇAMENTO!$AF$11)),0)","v":0},{"$f":"IF(AND($D17=\"Serviço\",AJ$12<>0,$H17>0,OR(AUTOEVENTO<>\"manual\",$M17<>1)),\nIF(Import.TipoArredondamento<>\"TransfereGOV\",\nROUND(OFFSET($P17,0,AJ$13),15-13*ORÇAMENTO!$AF$7)/$H17*OFFSET(ORÇAMENTO!$X$15,ROW(AJ17)-ROW(AJ$15),0),\nROUND(ROUND(OFFSET($P17,0,AJ$13),15-13*ORÇAMENTO!$AF$7)*OFFSET(ORÇAMENTO!$W$15,ROW(AJ17)-ROW(AJ$15),0),15-13*ORÇAMENTO!$AF$11)),0)","v":0},{"$f":"IF(AND($D17=\"Serviço\",AK$12<>0,$H17>0,OR(AUTOEVENTO<>\"manual\",$M17<>1)),\nIF(Import.TipoArredondamento<>\"TransfereGOV\",\nROUND(OFFSET($P17,0,AK$13),15-13*ORÇAMENTO!$AF$7)/$H17*OFFSET(ORÇAMENTO!$X$15,ROW(AK17)-ROW(AK$15),0),\nROUND(ROUND(OFFSET($P17,0,AK$13),15-13*ORÇAMENTO!$AF$7)*OFFSET(ORÇAMENTO!$W$15,ROW(AK17)-ROW(AK$15),0),15-13*ORÇAMENTO!$AF$11)),0)","v":0},null,{"$f":"IF($D17<>\"Serviço\",0,IF(AND(AUTOEVENTO=\"Manual\",$M17=1),0,IF(OFFSET(CRONOPLE!$F$14,$M17,AM$13)=\"\",10^12,OFFSET(CRONOPLE!$F$14,$M17,AM$13))))","v":0},{"$f":"IF($D17<>\"Serviço\",0,IF(AND(AUTOEVENTO=\"Manual\",$M17=1),0,IF(OFFSET(CRONOPLE!$F$14,$M17,AN$13)=\"\",10^12,OFFSET(CRONOPLE!$F$14,$M17,AN$13))))","v":0},{"$f":"IF($D17<>\"Serviço\",0,IF(AND(AUTOEVENTO=\"Manual\",$M17=1),0,IF(OFFSET(CRONOPLE!$F$14,$M17,AO$13)=\"\",10^12,OFFSET(CRONOPLE!$F$14,$M17,AO$13))))","v":0},{"$f":"IF($D17<>\"Serviço\",0,IF(AND(AUTOEVENTO=\"Manual\",$M17=1),0,IF(OFFSET(CRONOPLE!$F$14,$M17,AP$13)=\"\",10^12,OFFSET(CRONOPLE!$F$14,$M17,AP$13))))","v":0},{"$f":"IF($D17<>\"Serviço\",0,IF(AND(AUTOEVENTO=\"Manual\",$M17=1),0,IF(OFFSET(CRONOPLE!$F$14,$M17,AQ$13)=\"\",10^12,OFFSET(CRONOPLE!$F$14,$M17,AQ$13))))","v":0},{"$f":"IF($D17<>\"Serviço\",0,IF(AND(AUTOEVENTO=\"Manual\",$M17=1),0,IF(OFFSET(CRONOPLE!$F$14,$M17,AR$13)=\"\",10^12,OFFSET(CRONOPLE!$F$14,$M17,AR$13))))","v":0},{"$f":"IF($D17<>\"Serviço\",0,IF(AND(AUTOEVENTO=\"Manual\",$M17=1),0,IF(OFFSET(CRONOPLE!$F$14,$M17,AS$13)=\"\",10^12,OFFSET(CRONOPLE!$F$14,$M17,AS$13))))","v":0},{"$f":"IF($D17<>\"Serviço\",0,IF(AND(AUTOEVENTO=\"Manual\",$M17=1),0,IF(OFFSET(CRONOPLE!$F$14,$M17,AT$13)=\"\",10^12,OFFSET(CRONOPLE!$F$14,$M17,AT$13))))","v":0},{"$f":"IF($D17<>\"Serviço\",0,IF(AND(AUTOEVENTO=\"Manual\",$M17=1),0,IF(OFFSET(CRONOPLE!$F$14,$M17,AU$13)=\"\",10^12,OFFSET(CRONOPLE!$F$14,$M17,AU$13))))","v":0},{"$f":"IF($D17<>\"Serviço\",0,IF(AND(AUTOEVENTO=\"Manual\",$M17=1),0,IF(OFFSET(CRONOPLE!$F$14,$M17,AV$13)=\"\",10^12,OFFSET(CRONOPLE!$F$14,$M17,AV$13))))","v":0},null,{"$f":"IF($D17<>\"Serviço\",0,IF(OR(AND(AUTOEVENTO=\"Manual\",$M17=1),$M17>(ROW(PLE.lastrow)-ROW(PLE.firstrow))),0,IF(OFFSET(PLE!$G$14,$M17,AX$13)=\"\",10^12,OFFSET(PLE!$G$14,$M17,AX$13))))","v":0},{"$f":"IF($D17<>\"Serviço\",0,IF(OR(AND(AUTOEVENTO=\"Manual\",$M17=1),$M17>(ROW(PLE.lastrow)-ROW(PLE.firstrow))),0,IF(OFFSET(PLE!$G$14,$M17,AY$13)=\"\",10^12,OFFSET(PLE!$G$14,$M17,AY$13))))","v":0},{"$f":"IF($D17<>\"Serviço\",0,IF(OR(AND(AUTOEVENTO=\"Manual\",$M17=1),$M17>(ROW(PLE.lastrow)-ROW(PLE.firstrow))),0,IF(OFFSET(PLE!$G$14,$M17,AZ$13)=\"\",10^12,OFFSET(PLE!$G$14,$M17,AZ$13))))","v":0},{"$f":"IF($D17<>\"Serviço\",0,IF(OR(AND(AUTOEVENTO=\"Manual\",$M17=1),$M17>(ROW(PLE.lastrow)-ROW(PLE.firstrow))),0,IF(OFFSET(PLE!$G$14,$M17,BA$13)=\"\",10^12,OFFSET(PLE!$G$14,$M17,BA$13))))","v":0},{"$f":"IF($D17<>\"Serviço\",0,IF(OR(AND(AUTOEVENTO=\"Manual\",$M17=1),$M17>(ROW(PLE.lastrow)-ROW(PLE.firstrow))),0,IF(OFFSET(PLE!$G$14,$M17,BB$13)=\"\",10^12,OFFSET(PLE!$G$14,$M17,BB$13))))","v":0},{"$f":"IF($D17<>\"Serviço\",0,IF(OR(AND(AUTOEVENTO=\"Manual\",$M17=1),$M17>(ROW(PLE.lastrow)-ROW(PLE.firstrow))),0,IF(OFFSET(PLE!$G$14,$M17,BC$13)=\"\",10^12,OFFSET(PLE!$G$14,$M17,BC$13))))","v":0},{"$f":"IF($D17<>\"Serviço\",0,IF(OR(AND(AUTOEVENTO=\"Manual\",$M17=1),$M17>(ROW(PLE.lastrow)-ROW(PLE.firstrow))),0,IF(OFFSET(PLE!$G$14,$M17,BD$13)=\"\",10^12,OFFSET(PLE!$G$14,$M17,BD$13))))","v":0},{"$f":"IF($D17<>\"Serviço\",0,IF(OR(AND(AUTOEVENTO=\"Manual\",$M17=1),$M17>(ROW(PLE.lastrow)-ROW(PLE.firstrow))),0,IF(OFFSET(PLE!$G$14,$M17,BE$13)=\"\",10^12,OFFSET(PLE!$G$14,$M17,BE$13))))","v":0},{"$f":"IF($D17<>\"Serviço\",0,IF(OR(AND(AUTOEVENTO=\"Manual\",$M17=1),$M17>(ROW(PLE.lastrow)-ROW(PLE.firstrow))),0,IF(OFFSET(PLE!$G$14,$M17,BF$13)=\"\",10^12,OFFSET(PLE!$G$14,$M17,BF$13))))","v":0},{"$f":"IF($D17<>\"Serviço\",0,IF(OR(AND(AUTOEVENTO=\"Manual\",$M17=1),$M17>(ROW(PLE.lastrow)-ROW(PLE.firstrow))),0,IF(OFFSET(PLE!$G$14,$M17,BG$13)=\"\",10^12,OFFSET(PLE!$G$14,$M17,BG$13))))","v":0}]
[{"$f":"IF(AUTOEVENTO=\"Manual\",IF(K18<>\"\",MIN(VALUE(LEFT(K18,FIND(\".\",K18)-1)),COUNTA(EVENTOS.Lista)),0),IF(OR($B18>AUTOEVENTO,$B18=\"S\",$B18=0),SUBSTITUTE(OFFSET($A18,-1,0),IF($D18=\"Serviço\",\".\",\"\"),\"\"),ROW(A18)-ROW($A$15)&\".\"))","v":"2."},{"$f":"OFFSET(ORÇAMENTO!C$15,ROW(B18)-ROW(B$15),0)","v":3},{"$f":"OFFSET(ORÇAMENTO!L$15,ROW(C18)-ROW(C$15),0)","v":"F"},{"$f":"OFFSET(ORÇAMENTO!N$15,ROW(D18)-ROW(D$15),0)","v":"Nível 3"},{"$f":"OFFSET(ORÇAMENTO!O$15,ROW(E18)-ROW(E$15),0)","v":"1.1.1."},{"$f":"OFFSET(ORÇAMENTO!R$15,ROW(F18)-ROW(F$15),0)","v":"SERVIÇOS PRELIMINARES"},{"$f":"IF($D18<>\"Serviço\",\"\",OFFSET(ORÇAMENTO!S$15,ROW(G18)-ROW(G$15),0))","v":""},{"$f":"IF($D18<>\"Serviço\",0,IF(ACOMPANHAMENTO=\"BM\",ROUND(OFFSET(ORÇAMENTO!AJ$15,ROW(H18)-ROW(H$15),0),15-13*ORÇAMENTO!$AF$7),SUMPRODUCT(($Q$12:$AA$12<>\"\")*ROUND($Q18:$AA18,15-13*ORÇAMENTO!$AF$7))))","v":0},null,null,null,".",{"$f":"IF($D18<>\"Serviço\",\"\",IF(AUTOEVENTO=\"manual\",$A18,IF(ISERROR(MATCH($A18,$A$15:OFFSET($A18,-1,0),0)),MAX($M$15:OFFSET(M18,-1,0))+1,INDEX($M$15:OFFSET(M18,-1,0),MATCH($A18,$A$15:OFFSET($A18,-1,0),0)))))","v":""},{"$f":"IF($D18<>\"Serviço\",\"\",IF(AUTOEVENTO=\"Manual\",IF($A18=0,\"<-- defina o número do agrupador\",OFFSET(EVENTOS!$D$14,$A18,0)),OFFSET($F$15,$A18,0)))","v":""},null,null,null,null,null,null,null,null,null,null,null,null,null,{"$f":"IF(AND($D18=\"Serviço\",AB$12<>0,$H18>0,OR(AUTOEVENTO<>\"manual\",$M18<>1)),\nIF(Import.TipoArredondamento<>\"TransfereGOV\",\nROUND(OFFSET($P18,0,AB$13),15-13*ORÇAMENTO!$AF$7)/$H18*OFFSET(ORÇAMENTO!$X$15,ROW(AB18)-ROW(AB$15),0),\nROUND(ROUND(OFFSET($P18,0,AB$13),15-13*ORÇAMENTO!$AF$7)*OFFSET(ORÇAMENTO!$W$15,ROW(AB18)-ROW(AB$15),0),15-13*ORÇAMENTO!$AF$11)),0)","v":0},{"$f":"IF(AND($D18=\"Serviço\",AC$12<>0,$H18>0,OR(AUTOEVENTO<>\"manual\",$M18<>1)),\nIF(Import.TipoArredondamento<>\"TransfereGOV\",\nROUND(OFFSET($P18,0,AC$13),15-13*ORÇAMENTO!$AF$7)/$H18*OFFSET(ORÇAMENTO!$X$15,ROW(AC18)-ROW(AC$15),0),\nROUND(ROUND(OFFSET($P18,0,AC$13),15-13*ORÇAMENTO!$AF$7)*OFFSET(ORÇAMENTO!$W$15,ROW(AC18)-ROW(AC$15),0),15-13*ORÇAMENTO!$AF$11)),0)","v":0},{"$f":"IF(AND($D18=\"Serviço\",AD$12<>0,$H18>0,OR(AUTOEVENTO<>\"manual\",$M18<>1)),\nIF(Import.TipoArredondamento<>\"TransfereGOV\",\nROUND(OFFSET($P18,0,AD$13),15-13*ORÇAMENTO!$AF$7)/$H18*OFFSET(ORÇAMENTO!$X$15,ROW(AD18)-ROW(AD$15),0),\nROUND(ROUND(OFFSET($P18,0,AD$13),15-13*ORÇAMENTO!$AF$7)*OFFSET(ORÇAMENTO!$W$15,ROW(AD18)-ROW(AD$15),0),15-13*ORÇAMENTO!$AF$11)),0)","v":0},{"$f":"IF(AND($D18=\"Serviço\",AE$12<>0,$H18>0,OR(AUTOEVENTO<>\"manual\",$M18<>1)),\nIF(Import.TipoArredondamento<>\"TransfereGOV\",\nROUND(OFFSET($P18,0,AE$13),15-13*ORÇAMENTO!$AF$7)/$H18*OFFSET(ORÇAMENTO!$X$15,ROW(AE18)-ROW(AE$15),0),\nROUND(ROUND(OFFSET($P18,0,AE$13),15-13*ORÇAMENTO!$AF$7)*OFFSET(ORÇAMENTO!$W$15,ROW(AE18)-ROW(AE$15),0),15-13*ORÇAMENTO!$AF$11)),0)","v":0},{"$f":"IF(AND($D18=\"Serviço\",AF$12<>0,$H18>0,OR(AUTOEVENTO<>\"manual\",$M18<>1)),\nIF(Import.TipoArredondamento<>\"TransfereGOV\",\nROUND(OFFSET($P18,0,AF$13),15-13*ORÇAMENTO!$AF$7)/$H18*OFFSET(ORÇAMENTO!$X$15,ROW(AF18)-ROW(AF$15),0),\nROUND(ROUND(OFFSET($P18,0,AF$13),15-13*ORÇAMENTO!$AF$7)*OFFSET(ORÇAMENTO!$W$15,ROW(AF18)-ROW(AF$15),0),15-13*ORÇAMENTO!$AF$11)),0)","v":0},{"$f":"IF(AND($D18=\"Serviço\",AG$12<>0,$H18>0,OR(AUTOEVENTO<>\"manual\",$M18<>1)),\nIF(Import.TipoArredondamento<>\"TransfereGOV\",\nROUND(OFFSET($P18,0,AG$13),15-13*ORÇAMENTO!$AF$7)/$H18*OFFSET(ORÇAMENTO!$X$15,ROW(AG18)-ROW(AG$15),0),\nROUND(ROUND(OFFSET($P18,0,AG$13),15-13*ORÇAMENTO!$AF$7)*OFFSET(ORÇAMENTO!$W$15,ROW(AG18)-ROW(AG$15),0),15-13*ORÇAMENTO!$AF$11)),0)","v":0},{"$f":"IF(AND($D18=\"Serviço\",AH$12<>0,$H18>0,OR(AUTOEVENTO<>\"manual\",$M18<>1)),\nIF(Import.TipoArredondamento<>\"TransfereGOV\",\nROUND(OFFSET($P18,0,AH$13),15-13*ORÇAMENTO!$AF$7)/$H18*OFFSET(ORÇAMENTO!$X$15,ROW(AH18)-ROW(AH$15),0),\nROUND(ROUND(OFFSET($P18,0,AH$13),15-13*ORÇAMENTO!$AF$7)*OFFSET(ORÇAMENTO!$W$15,ROW(AH18)-ROW(AH$15),0),15-13*ORÇAMENTO!$AF$11)),0)","v":0},{"$f":"IF(AND($D18=\"Serviço\",AI$12<>0,$H18>0,OR(AUTOEVENTO<>\"manual\",$M18<>1)),\nIF(Import.TipoArredondamento<>\"TransfereGOV\",\nROUND(OFFSET($P18,0,AI$13),15-13*ORÇAMENTO!$AF$7)/$H18*OFFSET(ORÇAMENTO!$X$15,ROW(AI18)-ROW(AI$15),0),\nROUND(ROUND(OFFSET($P18,0,AI$13),15-13*ORÇAMENTO!$AF$7)*OFFSET(ORÇAMENTO!$W$15,ROW(AI18)-ROW(AI$15),0),15-13*ORÇAMENTO!$AF$11)),0)","v":0},{"$f":"IF(AND($D18=\"Serviço\",AJ$12<>0,$H18>0,OR(AUTOEVENTO<>\"manual\",$M18<>1)),\nIF(Import.TipoArredondamento<>\"TransfereGOV\",\nROUND(OFFSET($P18,0,AJ$13),15-13*ORÇAMENTO!$AF$7)/$H18*OFFSET(ORÇAMENTO!$X$15,ROW(AJ18)-ROW(AJ$15),0),\nROUND(ROUND(OFFSET($P18,0,AJ$13),15-13*ORÇAMENTO!$AF$7)*OFFSET(ORÇAMENTO!$W$15,ROW(AJ18)-ROW(AJ$15),0),15-13*ORÇAMENTO!$AF$11)),0)","v":0},{"$f":"IF(AND($D18=\"Serviço\",AK$12<>0,$H18>0,OR(AUTOEVENTO<>\"manual\",$M18<>1)),\nIF(Import.TipoArredondamento<>\"TransfereGOV\",\nROUND(OFFSET($P18,0,AK$13),15-13*ORÇAMENTO!$AF$7)/$H18*OFFSET(ORÇAMENTO!$X$15,ROW(AK18)-ROW(AK$15),0),\nROUND(ROUND(OFFSET($P18,0,AK$13),15-13*ORÇAMENTO!$AF$7)*OFFSET(ORÇAMENTO!$W$15,ROW(AK18)-ROW(AK$15),0),15-13*ORÇAMENTO!$AF$11)),0)","v":0},null,{"$f":"IF($D18<>\"Serviço\",0,IF(AND(AUTOEVENTO=\"Manual\",$M18=1),0,IF(OFFSET(CRONOPLE!$F$14,$M18,AM$13)=\"\",10^12,OFFSET(CRONOPLE!$F$14,$M18,AM$13))))","v":0},{"$f":"IF($D18<>\"Serviço\",0,IF(AND(AUTOEVENTO=\"Manual\",$M18=1),0,IF(OFFSET(CRONOPLE!$F$14,$M18,AN$13)=\"\",10^12,OFFSET(CRONOPLE!$F$14,$M18,AN$13))))","v":0},{"$f":"IF($D18<>\"Serviço\",0,IF(AND(AUTOEVENTO=\"Manual\",$M18=1),0,IF(OFFSET(CRONOPLE!$F$14,$M18,AO$13)=\"\",10^12,OFFSET(CRONOPLE!$F$14,$M18,AO$13))))","v":0},{"$f":"IF($D18<>\"Serviço\",0,IF(AND(AUTOEVENTO=\"Manual\",$M18=1),0,IF(OFFSET(CRONOPLE!$F$14,$M18,AP$13)=\"\",10^12,OFFSET(CRONOPLE!$F$14,$M18,AP$13))))","v":0},{"$f":"IF($D18<>\"Serviço\",0,IF(AND(AUTOEVENTO=\"Manual\",$M18=1),0,IF(OFFSET(CRONOPLE!$F$14,$M18,AQ$13)=\"\",10^12,OFFSET(CRONOPLE!$F$14,$M18,AQ$13))))","v":0},{"$f":"IF($D18<>\"Serviço\",0,IF(AND(AUTOEVENTO=\"Manual\",$M18=1),0,IF(OFFSET(CRONOPLE!$F$14,$M18,AR$13)=\"\",10^12,OFFSET(CRONOPLE!$F$14,$M18,AR$13))))","v":0},{"$f":"IF($D18<>\"Serviço\",0,IF(AND(AUTOEVENTO=\"Manual\",$M18=1),0,IF(OFFSET(CRONOPLE!$F$14,$M18,AS$13)=\"\",10^12,OFFSET(CRONOPLE!$F$14,$M18,AS$13))))","v":0},{"$f":"IF($D18<>\"Serviço\",0,IF(AND(AUTOEVENTO=\"Manual\",$M18=1),0,IF(OFFSET(CRONOPLE!$F$14,$M18,AT$13)=\"\",10^12,OFFSET(CRONOPLE!$F$14,$M18,AT$13))))","v":0},{"$f":"IF($D18<>\"Serviço\",0,IF(AND(AUTOEVENTO=\"Manual\",$M18=1),0,IF(OFFSET(CRONOPLE!$F$14,$M18,AU$13)=\"\",10^12,OFFSET(CRONOPLE!$F$14,$M18,AU$13))))","v":0},{"$f":"IF($D18<>\"Serviço\",0,IF(AND(AUTOEVENTO=\"Manual\",$M18=1),0,IF(OFFSET(CRONOPLE!$F$14,$M18,AV$13)=\"\",10^12,OFFSET(CRONOPLE!$F$14,$M18,AV$13))))","v":0},null,{"$f":"IF($D18<>\"Serviço\",0,IF(OR(AND(AUTOEVENTO=\"Manual\",$M18=1),$M18>(ROW(PLE.lastrow)-ROW(PLE.firstrow))),0,IF(OFFSET(PLE!$G$14,$M18,AX$13)=\"\",10^12,OFFSET(PLE!$G$14,$M18,AX$13))))","v":0},{"$f":"IF($D18<>\"Serviço\",0,IF(OR(AND(AUTOEVENTO=\"Manual\",$M18=1),$M18>(ROW(PLE.lastrow)-ROW(PLE.firstrow))),0,IF(OFFSET(PLE!$G$14,$M18,AY$13)=\"\",10^12,OFFSET(PLE!$G$14,$M18,AY$13))))","v":0},{"$f":"IF($D18<>\"Serviço\",0,IF(OR(AND(AUTOEVENTO=\"Manual\",$M18=1),$M18>(ROW(PLE.lastrow)-ROW(PLE.firstrow))),0,IF(OFFSET(PLE!$G$14,$M18,AZ$13)=\"\",10^12,OFFSET(PLE!$G$14,$M18,AZ$13))))","v":0},{"$f":"IF($D18<>\"Serviço\",0,IF(OR(AND(AUTOEVENTO=\"Manual\",$M18=1),$M18>(ROW(PLE.lastrow)-ROW(PLE.firstrow))),0,IF(OFFSET(PLE!$G$14,$M18,BA$13)=\"\",10^12,OFFSET(PLE!$G$14,$M18,BA$13))))","v":0},{"$f":"IF($D18<>\"Serviço\",0,IF(OR(AND(AUTOEVENTO=\"Manual\",$M18=1),$M18>(ROW(PLE.lastrow)-ROW(PLE.firstrow))),0,IF(OFFSET(PLE!$G$14,$M18,BB$13)=\"\",10^12,OFFSET(PLE!$G$14,$M18,BB$13))))","v":0},{"$f":"IF($D18<>\"Serviço\",0,IF(OR(AND(AUTOEVENTO=\"Manual\",$M18=1),$M18>(ROW(PLE.lastrow)-ROW(PLE.firstrow))),0,IF(OFFSET(PLE!$G$14,$M18,BC$13)=\"\",10^12,OFFSET(PLE!$G$14,$M18,BC$13))))","v":0},{"$f":"IF($D18<>\"Serviço\",0,IF(OR(AND(AUTOEVENTO=\"Manual\",$M18=1),$M18>(ROW(PLE.lastrow)-ROW(PLE.firstrow))),0,IF(OFFSET(PLE!$G$14,$M18,BD$13)=\"\",10^12,OFFSET(PLE!$G$14,$M18,BD$13))))","v":0},{"$f":"IF($D18<>\"Serviço\",0,IF(OR(AND(AUTOEVENTO=\"Manual\",$M18=1),$M18>(ROW(PLE.lastrow)-ROW(PLE.firstrow))),0,IF(OFFSET(PLE!$G$14,$M18,BE$13)=\"\",10^12,OFFSET(PLE!$G$14,$M18,BE$13))))","v":0},{"$f":"IF($D18<>\"Serviço\",0,IF(OR(AND(AUTOEVENTO=\"Manual\",$M18=1),$M18>(ROW(PLE.lastrow)-ROW(PLE.firstrow))),0,IF(OFFSET(PLE!$G$14,$M18,BF$13)=\"\",10^12,OFFSET(PLE!$G$14,$M18,BF$13))))","v":0},{"$f":"IF($D18<>\"Serviço\",0,IF(OR(AND(AUTOEVENTO=\"Manual\",$M18=1),$M18>(ROW(PLE.lastrow)-ROW(PLE.firstrow))),0,IF(OFFSET(PLE!$G$14,$M18,BG$13)=\"\",10^12,OFFSET(PLE!$G$14,$M18,BG$13))))","v":0}]
["2",{"$f":"OFFSET(ORÇAMENTO!C$15,ROW(B19)-ROW(B$15),0)","v":"S"},{"$f":"OFFSET(ORÇAMENTO!L$15,ROW(C19)-ROW(C$15),0)","v":"F"},{"$f":"OFFSET(ORÇAMENTO!N$15,ROW(D19)-ROW(D$15),0)","v":"Serviço"},{"$f":"OFFSET(ORÇAMENTO!O$15,ROW(E19)-ROW(E$15),0)","v":"1.1.1.1."},{"$f":"OFFSET(ORÇAMENTO!R$15,ROW(F19)-ROW(F$15),0)","v":"FORNECIMENTO E INSTALAÇÃO DE PLACA DE OBRA COM CHAPA GALVANIZADA E ESTRUTURA DE MADEIRA. AF_03/2022_PS"},{"$f":"IF($D19<>\"Serviço\",\"\",OFFSET(ORÇAMENTO!S$15,ROW(G19)-ROW(G$15),0))","v":"M2"},{"$f":"IF($D19<>\"Serviço\",0,IF(ACOMPANHAMENTO=\"BM\",ROUND(OFFSET(ORÇAMENTO!AJ$15,ROW(H19)-ROW(H$15),0),15-13*ORÇAMENTO!$AF$7),SUMPRODUCT(($Q$12:$AA$12<>\"\")*ROUND($Q19:$AA19,15-13*ORÇAMENTO!$AF$7))))","v":4.5},null,null,null,".",{"$f":"IF($D19<>\"Serviço\",\"\",IF(AUTOEVENTO=\"manual\",$A19,IF(ISERROR(MATCH($A19,$A$15:OFFSET($A19,-1,0),0)),MAX($M$15:OFFSET(M19,-1,0))+1,INDEX($M$15:OFFSET(M19,-1,0),MATCH($A19,$A$15:OFFSET($A19,-1,0),0)))))","v":2},{"$f":"IF($D19<>\"Serviço\",\"\",IF(AUTOEVENTO=\"Manual\",IF($A19=0,\"<-- defina o número do agrupador\",OFFSET(EVENTOS!$D$14,$A19,0)),OFFSET($F$15,$A19,0)))","v":"SERVIÇOS PRELIMINARES, CANTEIRO DE OBRAS, SEGURANÇA E SAÚDE"},null,null,null,null,null,null,null,null,null,null,null,null,null,{"$f":"IF(AND($D19=\"Serviço\",AB$12<>0,$H19>0,OR(AUTOEVENTO<>\"manual\",$M19<>1)),\nIF(Import.TipoArredondamento<>\"TransfereGOV\",\nROUND(OFFSET($P19,0,AB$13),15-13*ORÇAMENTO!$AF$7)/$H19*OFFSET(ORÇAMENTO!$X$15,ROW(AB19)-ROW(AB$15),0),\nROUND(ROUND(OFFSET($P19,0,AB$13),15-13*ORÇAMENTO!$AF$7)*OFFSET(ORÇAMENTO!$W$15,ROW(AB19)-ROW(AB$15),0),15-13*ORÇAMENTO!$AF$11)),0)","v":0},{"$f":"IF(AND($D19=\"Serviço\",AC$12<>0,$H19>0,OR(AUTOEVENTO<>\"manual\",$M19<>1)),\nIF(Import.TipoArredondamento<>\"TransfereGOV\",\nROUND(OFFSET($P19,0,AC$13),15-13*ORÇAMENTO!$AF$7)/$H19*OFFSET(ORÇAMENTO!$X$15,ROW(AC19)-ROW(AC$15),0),\nROUND(ROUND(OFFSET($P19,0,AC$13),15-13*ORÇAMENTO!$AF$7)*OFFSET(ORÇAMENTO!$W$15,ROW(AC19)-ROW(AC$15),0),15-13*ORÇAMENTO!$AF$11)),0)","v":0},{"$f":"IF(AND($D19=\"Serviço\",AD$12<>0,$H19>0,OR(AUTOEVENTO<>\"manual\",$M19<>1)),\nIF(Import.TipoArredondamento<>\"TransfereGOV\",\nROUND(OFFSET($P19,0,AD$13),15-13*ORÇAMENTO!$AF$7)/$H19*OFFSET(ORÇAMENTO!$X$15,ROW(AD19)-ROW(AD$15),0),\nROUND(ROUND(OFFSET($P19,0,AD$13),15-13*ORÇAMENTO!$AF$7)*OFFSET(ORÇAMENTO!$W$15,ROW(AD19)-ROW(AD$15),0),15-13*ORÇAMENTO!$AF$11)),0)","v":0},{"$f":"IF(AND($D19=\"Serviço\",AE$12<>0,$H19>0,OR(AUTOEVENTO<>\"manual\",$M19<>1)),\nIF(Import.TipoArredondamento<>\"TransfereGOV\",\nROUND(OFFSET($P19,0,AE$13),15-13*ORÇAMENTO!$AF$7)/$H19*OFFSET(ORÇAMENTO!$X$15,ROW(AE19)-ROW(AE$15),0),\nROUND(ROUND(OFFSET($P19,0,AE$13),15-13*ORÇAMENTO!$AF$7)*OFFSET(ORÇAMENTO!$W$15,ROW(AE19)-ROW(AE$15),0),15-13*ORÇAMENTO!$AF$11)),0)","v":0},{"$f":"IF(AND($D19=\"Serviço\",AF$12<>0,$H19>0,OR(AUTOEVENTO<>\"manual\",$M19<>1)),\nIF(Import.TipoArredondamento<>\"TransfereGOV\",\nROUND(OFFSET($P19,0,AF$13),15-13*ORÇAMENTO!$AF$7)/$H19*OFFSET(ORÇAMENTO!$X$15,ROW(AF19)-ROW(AF$15),0),\nROUND(ROUND(OFFSET($P19,0,AF$13),15-13*ORÇAMENTO!$AF$7)*OFFSET(ORÇAMENTO!$W$15,ROW(AF19)-ROW(AF$15),0),15-13*ORÇAMENTO!$AF$11)),0)","v":0},{"$f":"IF(AND($D19=\"Serviço\",AG$12<>0,$H19>0,OR(AUTOEVENTO<>\"manual\",$M19<>1)),\nIF(Import.TipoArredondamento<>\"TransfereGOV\",\nROUND(OFFSET($P19,0,AG$13),15-13*ORÇAMENTO!$AF$7)/$H19*OFFSET(ORÇAMENTO!$X$15,ROW(AG19)-ROW(AG$15),0),\nROUND(ROUND(OFFSET($P19,0,AG$13),15-13*ORÇAMENTO!$AF$7)*OFFSET(ORÇAMENTO!$W$15,ROW(AG19)-ROW(AG$15),0),15-13*ORÇAMENTO!$AF$11)),0)","v":0},{"$f":"IF(AND($D19=\"Serviço\",AH$12<>0,$H19>0,OR(AUTOEVENTO<>\"manual\",$M19<>1)),\nIF(Import.TipoArredondamento<>\"TransfereGOV\",\nROUND(OFFSET($P19,0,AH$13),15-13*ORÇAMENTO!$AF$7)/$H19*OFFSET(ORÇAMENTO!$X$15,ROW(AH19)-ROW(AH$15),0),\nROUND(ROUND(OFFSET($P19,0,AH$13),15-13*ORÇAMENTO!$AF$7)*OFFSET(ORÇAMENTO!$W$15,ROW(AH19)-ROW(AH$15),0),15-13*ORÇAMENTO!$AF$11)),0)","v":0},{"$f":"IF(AND($D19=\"Serviço\",AI$12<>0,$H19>0,OR(AUTOEVENTO<>\"manual\",$M19<>1)),\nIF(Import.TipoArredondamento<>\"TransfereGOV\",\nROUND(OFFSET($P19,0,AI$13),15-13*ORÇAMENTO!$AF$7)/$H19*OFFSET(ORÇAMENTO!$X$15,ROW(AI19)-ROW(AI$15),0),\nROUND(ROUND(OFFSET($P19,0,AI$13),15-13*ORÇAMENTO!$AF$7)*OFFSET(ORÇAMENTO!$W$15,ROW(AI19)-ROW(AI$15),0),15-13*ORÇAMENTO!$AF$11)),0)","v":0},{"$f":"IF(AND($D19=\"Serviço\",AJ$12<>0,$H19>0,OR(AUTOEVENTO<>\"manual\",$M19<>1)),\nIF(Import.TipoArredondamento<>\"TransfereGOV\",\nROUND(OFFSET($P19,0,AJ$13),15-13*ORÇAMENTO!$AF$7)/$H19*OFFSET(ORÇAMENTO!$X$15,ROW(AJ19)-ROW(AJ$15),0),\nROUND(ROUND(OFFSET($P19,0,AJ$13),15-13*ORÇAMENTO!$AF$7)*OFFSET(ORÇAMENTO!$W$15,ROW(AJ19)-ROW(AJ$15),0),15-13*ORÇAMENTO!$AF$11)),0)","v":0},{"$f":"IF(AND($D19=\"Serviço\",AK$12<>0,$H19>0,OR(AUTOEVENTO<>\"manual\",$M19<>1)),\nIF(Import.TipoArredondamento<>\"TransfereGOV\",\nROUND(OFFSET($P19,0,AK$13),15-13*ORÇAMENTO!$AF$7)/$H19*OFFSET(ORÇAMENTO!$X$15,ROW(AK19)-ROW(AK$15),0),\nROUND(ROUND(OFFSET($P19,0,AK$13),15-13*ORÇAMENTO!$AF$7)*OFFSET(ORÇAMENTO!$W$15,ROW(AK19)-ROW(AK$15),0),15-13*ORÇAMENTO!$AF$11)),0)","v":0},null,{"$f":"IF($D19<>\"Serviço\",0,IF(AND(AUTOEVENTO=\"Manual\",$M19=1),0,IF(OFFSET(CRONOPLE!$F$14,$M19,AM$13)=\"\",10^12,OFFSET(CRONOPLE!$F$14,$M19,AM$13))))","v":1000000000000},{"$f":"IF($D19<>\"Serviço\",0,IF(AND(AUTOEVENTO=\"Manual\",$M19=1),0,IF(OFFSET(CRONOPLE!$F$14,$M19,AN$13)=\"\",10^12,OFFSET(CRONOPLE!$F$14,$M19,AN$13))))","v":1000000000000},{"$f":"IF($D19<>\"Serviço\",0,IF(AND(AUTOEVENTO=\"Manual\",$M19=1),0,IF(OFFSET(CRONOPLE!$F$14,$M19,AO$13)=\"\",10^12,OFFSET(CRONOPLE!$F$14,$M19,AO$13))))","v":1000000000000},{"$f":"IF($D19<>\"Serviço\",0,IF(AND(AUTOEVENTO=\"Manual\",$M19=1),0,IF(OFFSET(CRONOPLE!$F$14,$M19,AP$13)=\"\",10^12,OFFSET(CRONOPLE!$F$14,$M19,AP$13))))","v":1000000000000},{"$f":"IF($D19<>\"Serviço\",0,IF(AND(AUTOEVENTO=\"Manual\",$M19=1),0,IF(OFFSET(CRONOPLE!$F$14,$M19,AQ$13)=\"\",10^12,OFFSET(CRONOPLE!$F$14,$M19,AQ$13))))","v":1000000000000},{"$f":"IF($D19<>\"Serviço\",0,IF(AND(AUTOEVENTO=\"Manual\",$M19=1),0,IF(OFFSET(CRONOPLE!$F$14,$M19,AR$13)=\"\",10^12,OFFSET(CRONOPLE!$F$14,$M19,AR$13))))","v":1000000000000},{"$f":"IF($D19<>\"Serviço\",0,IF(AND(AUTOEVENTO=\"Manual\",$M19=1),0,IF(OFFSET(CRONOPLE!$F$14,$M19,AS$13)=\"\",10^12,OFFSET(CRONOPLE!$F$14,$M19,AS$13))))","v":1000000000000},{"$f":"IF($D19<>\"Serviço\",0,IF(AND(AUTOEVENTO=\"Manual\",$M19=1),0,IF(OFFSET(CRONOPLE!$F$14,$M19,AT$13)=\"\",10^12,OFFSET(CRONOPLE!$F$14,$M19,AT$13))))","v":1000000000000},{"$f":"IF($D19<>\"Serviço\",0,IF(AND(AUTOEVENTO=\"Manual\",$M19=1),0,IF(OFFSET(CRONOPLE!$F$14,$M19,AU$13)=\"\",10^12,OFFSET(CRONOPLE!$F$14,$M19,AU$13))))","v":1000000000000},{"$f":"IF($D19<>\"Serviço\",0,IF(AND(AUTOEVENTO=\"Manual\",$M19=1),0,IF(OFFSET(CRONOPLE!$F$14,$M19,AV$13)=\"\",10^12,OFFSET(CRONOPLE!$F$14,$M19,AV$13))))","v":1000000000000},null,{"$f":"IF($D19<>\"Serviço\",0,IF(OR(AND(AUTOEVENTO=\"Manual\",$M19=1),$M19>(ROW(PLE.lastrow)-ROW(PLE.firstrow))),0,IF(OFFSET(PLE!$G$14,$M19,AX$13)=\"\",10^12,OFFSET(PLE!$G$14,$M19,AX$13))))","v":1000000000000},{"$f":"IF($D19<>\"Serviço\",0,IF(OR(AND(AUTOEVENTO=\"Manual\",$M19=1),$M19>(ROW(PLE.lastrow)-ROW(PLE.firstrow))),0,IF(OFFSET(PLE!$G$14,$M19,AY$13)=\"\",10^12,OFFSET(PLE!$G$14,$M19,AY$13))))","v":1000000000000},{"$f":"IF($D19<>\"Serviço\",0,IF(OR(AND(AUTOEVENTO=\"Manual\",$M19=1),$M19>(ROW(PLE.lastrow)-ROW(PLE.firstrow))),0,IF(OFFSET(PLE!$G$14,$M19,AZ$13)=\"\",10^12,OFFSET(PLE!$G$14,$M19,AZ$13))))","v":1000000000000},{"$f":"IF($D19<>\"Serviço\",0,IF(OR(AND(AUTOEVENTO=\"Manual\",$M19=1),$M19>(ROW(PLE.lastrow)-ROW(PLE.firstrow))),0,IF(OFFSET(PLE!$G$14,$M19,BA$13)=\"\",10^12,OFFSET(PLE!$G$14,$M19,BA$13))))","v":1000000000000},{"$f":"IF($D19<>\"Serviço\",0,IF(OR(AND(AUTOEVENTO=\"Manual\",$M19=1),$M19>(ROW(PLE.lastrow)-ROW(PLE.firstrow))),0,IF(OFFSET(PLE!$G$14,$M19,BB$13)=\"\",10^12,OFFSET(PLE!$G$14,$M19,BB$13))))","v":1000000000000},{"$f":"IF($D19<>\"Serviço\",0,IF(OR(AND(AUTOEVENTO=\"Manual\",$M19=1),$M19>(ROW(PLE.lastrow)-ROW(PLE.firstrow))),0,IF(OFFSET(PLE!$G$14,$M19,BC$13)=\"\",10^12,OFFSET(PLE!$G$14,$M19,BC$13))))","v":1000000000000},{"$f":"IF($D19<>\"Serviço\",0,IF(OR(AND(AUTOEVENTO=\"Manual\",$M19=1),$M19>(ROW(PLE.lastrow)-ROW(PLE.firstrow))),0,IF(OFFSET(PLE!$G$14,$M19,BD$13)=\"\",10^12,OFFSET(PLE!$G$14,$M19,BD$13))))","v":1000000000000},{"$f":"IF($D19<>\"Serviço\",0,IF(OR(AND(AUTOEVENTO=\"Manual\",$M19=1),$M19>(ROW(PLE.lastrow)-ROW(PLE.firstrow))),0,IF(OFFSET(PLE!$G$14,$M19,BE$13)=\"\",10^12,OFFSET(PLE!$G$14,$M19,BE$13))))","v":1000000000000},{"$f":"IF($D19<>\"Serviço\",0,IF(OR(AND(AUTOEVENTO=\"Manual\",$M19=1),$M19>(ROW(PLE.lastrow)-ROW(PLE.firstrow))),0,IF(OFFSET(PLE!$G$14,$M19,BF$13)=\"\",10^12,OFFSET(PLE!$G$14,$M19,BF$13))))","v":1000000000000},{"$f":"IF($D19<>\"Serviço\",0,IF(OR(AND(AUTOEVENTO=\"Manual\",$M19=1),$M19>(ROW(PLE.lastrow)-ROW(PLE.firstrow))),0,IF(OFFSET(PLE!$G$14,$M19,BG$13)=\"\",10^12,OFFSET(PLE!$G$14,$M19,BG$13))))","v":1000000000000}]
[{"$f":"IF(AUTOEVENTO=\"Manual\",IF(K20<>\"\",MIN(VALUE(LEFT(K20,FIND(\".\",K20)-1)),COUNTA(EVENTOS.Lista)),0),IF(OR($B20>AUTOEVENTO,$B20=\"S\",$B20=0),SUBSTITUTE(OFFSET($A20,-1,0),IF($D20=\"Serviço\",\".\",\"\"),\"\"),ROW(A20)-ROW($A$15)&\".\"))","v":"2"},{"$f":"OFFSET(ORÇAMENTO!C$15,ROW(B20)-ROW(B$15),0)","v":"S"},{"$f":"OFFSET(ORÇAMENTO!L$15,ROW(C20)-ROW(C$15),0)","v":"F"},{"$f":"OFFSET(ORÇAMENTO!N$15,ROW(D20)-ROW(D$15),0)","v":"Serviço"},{"$f":"OFFSET(ORÇAMENTO!O$15,ROW(E20)-ROW(E$15),0)","v":"1.1.1.2."},{"$f":"OFFSET(ORÇAMENTO!R$15,ROW(F20)-ROW(F$15),0)","v":"LOCACAO DE CONTAINER 2,30 X 6,00 M, ALT. 2,50 M, PARA ESCRITORIO, SEM DIVISORIAS INTERNAS E SEM SANITARIO (NAO INCLUI MOBILIZACAO/DESMOBILIZACAO)                                                                                                                                                                                                                                                                                                                                                         "},{"$f":"IF($D20<>\"Serviço\",\"\",OFFSET(ORÇAMENTO!S$15,ROW(G20)-ROW(G$15),0))","v":"MES   "},{"$f":"IF($D20<>\"Serviço\",0,IF(ACOMPANHAMENTO=\"BM\",ROUND(OFFSET(ORÇAMENTO!AJ$15,ROW(H20)-ROW(H$15),0),15-13*ORÇAMENTO!$AF$7),SUMPRODUCT(($Q$12:$AA$12<>\"\")*ROUND($Q20:$AA20,15-13*ORÇAMENTO!$AF$7))))","v":6},null,null,null,".",{"$f":"IF($D20<>\"Serviço\",\"\",IF(AUTOEVENTO=\"manual\",$A20,IF(ISERROR(MATCH($A20,$A$15:OFFSET($A20,-1,0),0)),MAX($M$15:OFFSET(M20,-1,0))+1,INDEX($M$15:OFFSET(M20,-1,0),MATCH($A20,$A$15:OFFSET($A20,-1,0),0)))))","v":2},{"$f":"IF($D20<>\"Serviço\",\"\",IF(AUTOEVENTO=\"Manual\",IF($A20=0,\"<-- defina o número do agrupador\",OFFSET(EVENTOS!$D$14,$A20,0)),OFFSET($F$15,$A20,0)))","v":"SERVIÇOS PRELIMINARES, CANTEIRO DE OBRAS, SEGURANÇA E SAÚDE"},null,null,null,null,null,null,null,null,null,null,null,null,null,{"$f":"IF(AND($D20=\"Serviço\",AB$12<>0,$H20>0,OR(AUTOEVENTO<>\"manual\",$M20<>1)),\nIF(Import.TipoArredondamento<>\"TransfereGOV\",\nROUND(OFFSET($P20,0,AB$13),15-13*ORÇAMENTO!$AF$7)/$H20*OFFSET(ORÇAMENTO!$X$15,ROW(AB20)-ROW(AB$15),0),\nROUND(ROUND(OFFSET($P20,0,AB$13),15-13*ORÇAMENTO!$AF$7)*OFFSET(ORÇAMENTO!$W$15,ROW(AB20)-ROW(AB$15),0),15-13*ORÇAMENTO!$AF$11)),0)","v":0},{"$f":"IF(AND($D20=\"Serviço\",AC$12<>0,$H20>0,OR(AUTOEVENTO<>\"manual\",$M20<>1)),\nIF(Import.TipoArredondamento<>\"TransfereGOV\",\nROUND(OFFSET($P20,0,AC$13),15-13*ORÇAMENTO!$AF$7)/$H20*OFFSET(ORÇAMENTO!$X$15,ROW(AC20)-ROW(AC$15),0),\nROUND(ROUND(OFFSET($P20,0,AC$13),15-13*ORÇAMENTO!$AF$7)*OFFSET(ORÇAMENTO!$W$15,ROW(AC20)-ROW(AC$15),0),15-13*ORÇAMENTO!$AF$11)),0)","v":0},{"$f":"IF(AND($D20=\"Serviço\",AD$12<>0,$H20>0,OR(AUTOEVENTO<>\"manual\",$M20<>1)),\nIF(Import.TipoArredondamento<>\"TransfereGOV\",\nROUND(OFFSET($P20,0,AD$13),15-13*ORÇAMENTO!$AF$7)/$H20*OFFSET(ORÇAMENTO!$X$15,ROW(AD20)-ROW(AD$15),0),\nROUND(ROUND(OFFSET($P20,0,AD$13),15-13*ORÇAMENTO!$AF$7)*OFFSET(ORÇAMENTO!$W$15,ROW(AD20)-ROW(AD$15),0),15-13*ORÇAMENTO!$AF$11)),0)","v":0},{"$f":"IF(AND($D20=\"Serviço\",AE$12<>0,$H20>0,OR(AUTOEVENTO<>\"manual\",$M20<>1)),\nIF(Import.TipoArredondamento<>\"TransfereGOV\",\nROUND(OFFSET($P20,0,AE$13),15-13*ORÇAMENTO!$AF$7)/$H20*OFFSET(ORÇAMENTO!$X$15,ROW(AE20)-ROW(AE$15),0),\nROUND(ROUND(OFFSET($P20,0,AE$13),15-13*ORÇAMENTO!$AF$7)*OFFSET(ORÇAMENTO!$W$15,ROW(AE20)-ROW(AE$15),0),15-13*ORÇAMENTO!$AF$11)),0)","v":0},{"$f":"IF(AND($D20=\"Serviço\",AF$12<>0,$H20>0,OR(AUTOEVENTO<>\"manual\",$M20<>1)),\nIF(Import.TipoArredondamento<>\"TransfereGOV\",\nROUND(OFFSET($P20,0,AF$13),15-13*ORÇAMENTO!$AF$7)/$H20*OFFSET(ORÇAMENTO!$X$15,ROW(AF20)-ROW(AF$15),0),\nROUND(ROUND(OFFSET($P20,0,AF$13),15-13*ORÇAMENTO!$AF$7)*OFFSET(ORÇAMENTO!$W$15,ROW(AF20)-ROW(AF$15),0),15-13*ORÇAMENTO!$AF$11)),0)","v":0},{"$f":"IF(AND($D20=\"Serviço\",AG$12<>0,$H20>0,OR(AUTOEVENTO<>\"manual\",$M20<>1)),\nIF(Import.TipoArredondamento<>\"TransfereGOV\",\nROUND(OFFSET($P20,0,AG$13),15-13*ORÇAMENTO!$AF$7)/$H20*OFFSET(ORÇAMENTO!$X$15,ROW(AG20)-ROW(AG$15),0),\nROUND(ROUND(OFFSET($P20,0,AG$13),15-13*ORÇAMENTO!$AF$7)*OFFSET(ORÇAMENTO!$W$15,ROW(AG20)-ROW(AG$15),0),15-13*ORÇAMENTO!$AF$11)),0)","v":0},{"$f":"IF(AND($D20=\"Serviço\",AH$12<>0,$H20>0,OR(AUTOEVENTO<>\"manual\",$M20<>1)),\nIF(Import.TipoArredondamento<>\"TransfereGOV\",\nROUND(OFFSET($P20,0,AH$13),15-13*ORÇAMENTO!$AF$7)/$H20*OFFSET(ORÇAMENTO!$X$15,ROW(AH20)-ROW(AH$15),0),\nROUND(ROUND(OFFSET($P20,0,AH$13),15-13*ORÇAMENTO!$AF$7)*OFFSET(ORÇAMENTO!$W$15,ROW(AH20)-ROW(AH$15),0),15-13*ORÇAMENTO!$AF$11)),0)","v":0},{"$f":"IF(AND($D20=\"Serviço\",AI$12<>0,$H20>0,OR(AUTOEVENTO<>\"manual\",$M20<>1)),\nIF(Import.TipoArredondamento<>\"TransfereGOV\",\nROUND(OFFSET($P20,0,AI$13),15-13*ORÇAMENTO!$AF$7)/$H20*OFFSET(ORÇAMENTO!$X$15,ROW(AI20)-ROW(AI$15),0),\nROUND(ROUND(OFFSET($P20,0,AI$13),15-13*ORÇAMENTO!$AF$7)*OFFSET(ORÇAMENTO!$W$15,ROW(AI20)-ROW(AI$15),0),15-13*ORÇAMENTO!$AF$11)),0)","v":0},{"$f":"IF(AND($D20=\"Serviço\",AJ$12<>0,$H20>0,OR(AUTOEVENTO<>\"manual\",$M20<>1)),\nIF(Import.TipoArredondamento<>\"TransfereGOV\",\nROUND(OFFSET($P20,0,AJ$13),15-13*ORÇAMENTO!$AF$7)/$H20*OFFSET(ORÇAMENTO!$X$15,ROW(AJ20)-ROW(AJ$15),0),\nROUND(ROUND(OFFSET($P20,0,AJ$13),15-13*ORÇAMENTO!$AF$7)*OFFSET(ORÇAMENTO!$W$15,ROW(AJ20)-ROW(AJ$15),0),15-13*ORÇAMENTO!$AF$11)),0)","v":0},{"$f":"IF(AND($D20=\"Serviço\",AK$12<>0,$H20>0,OR(AUTOEVENTO<>\"manual\",$M20<>1)),\nIF(Import.TipoArredondamento<>\"TransfereGOV\",\nROUND(OFFSET($P20,0,AK$13),15-13*ORÇAMENTO!$AF$7)/$H20*OFFSET(ORÇAMENTO!$X$15,ROW(AK20)-ROW(AK$15),0),\nROUND(ROUND(OFFSET($P20,0,AK$13),15-13*ORÇAMENTO!$AF$7)*OFFSET(ORÇAMENTO!$W$15,ROW(AK20)-ROW(AK$15),0),15-13*ORÇAMENTO!$AF$11)),0)","v":0},null,{"$f":"IF($D20<>\"Serviço\",0,IF(AND(AUTOEVENTO=\"Manual\",$M20=1),0,IF(OFFSET(CRONOPLE!$F$14,$M20,AM$13)=\"\",10^12,OFFSET(CRONOPLE!$F$14,$M20,AM$13))))","v":1000000000000},{"$f":"IF($D20<>\"Serviço\",0,IF(AND(AUTOEVENTO=\"Manual\",$M20=1),0,IF(OFFSET(CRONOPLE!$F$14,$M20,AN$13)=\"\",10^12,OFFSET(CRONOPLE!$F$14,$M20,AN$13))))","v":1000000000000},{"$f":"IF($D20<>\"Serviço\",0,IF(AND(AUTOEVENTO=\"Manual\",$M20=1),0,IF(OFFSET(CRONOPLE!$F$14,$M20,AO$13)=\"\",10^12,OFFSET(CRONOPLE!$F$14,$M20,AO$13))))","v":1000000000000},{"$f":"IF($D20<>\"Serviço\",0,IF(AND(AUTOEVENTO=\"Manual\",$M20=1),0,IF(OFFSET(CRONOPLE!$F$14,$M20,AP$13)=\"\",10^12,OFFSET(CRONOPLE!$F$14,$M20,AP$13))))","v":1000000000000},{"$f":"IF($D20<>\"Serviço\",0,IF(AND(AUTOEVENTO=\"Manual\",$M20=1),0,IF(OFFSET(CRONOPLE!$F$14,$M20,AQ$13)=\"\",10^12,OFFSET(CRONOPLE!$F$14,$M20,AQ$13))))","v":1000000000000},{"$f":"IF($D20<>\"Serviço\",0,IF(AND(AUTOEVENTO=\"Manual\",$M20=1),0,IF(OFFSET(CRONOPLE!$F$14,$M20,AR$13)=\"\",10^12,OFFSET(CRONOPLE!$F$14,$M20,AR$13))))","v":1000000000000},{"$f":"IF($D20<>\"Serviço\",0,IF(AND(AUTOEVENTO=\"Manual\",$M20=1),0,IF(OFFSET(CRONOPLE!$F$14,$M20,AS$13)=\"\",10^12,OFFSET(CRONOPLE!$F$14,$M20,AS$13))))","v":1000000000000},{"$f":"IF($D20<>\"Serviço\",0,IF(AND(AUTOEVENTO=\"Manual\",$M20=1),0,IF(OFFSET(CRONOPLE!$F$14,$M20,AT$13)=\"\",10^12,OFFSET(CRONOPLE!$F$14,$M20,AT$13))))","v":1000000000000},{"$f":"IF($D20<>\"Serviço\",0,IF(AND(AUTOEVENTO=\"Manual\",$M20=1),0,IF(OFFSET(CRONOPLE!$F$14,$M20,AU$13)=\"\",10^12,OFFSET(CRONOPLE!$F$14,$M20,AU$13))))","v":1000000000000},{"$f":"IF($D20<>\"Serviço\",0,IF(AND(AUTOEVENTO=\"Manual\",$M20=1),0,IF(OFFSET(CRONOPLE!$F$14,$M20,AV$13)=\"\",10^12,OFFSET(CRONOPLE!$F$14,$M20,AV$13))))","v":1000000000000},null,{"$f":"IF($D20<>\"Serviço\",0,IF(OR(AND(AUTOEVENTO=\"Manual\",$M20=1),$M20>(ROW(PLE.lastrow)-ROW(PLE.firstrow))),0,IF(OFFSET(PLE!$G$14,$M20,AX$13)=\"\",10^12,OFFSET(PLE!$G$14,$M20,AX$13))))","v":1000000000000},{"$f":"IF($D20<>\"Serviço\",0,IF(OR(AND(AUTOEVENTO=\"Manual\",$M20=1),$M20>(ROW(PLE.lastrow)-ROW(PLE.firstrow))),0,IF(OFFSET(PLE!$G$14,$M20,AY$13)=\"\",10^12,OFFSET(PLE!$G$14,$M20,AY$13))))","v":1000000000000},{"$f":"IF($D20<>\"Serviço\",0,IF(OR(AND(AUTOEVENTO=\"Manual\",$M20=1),$M20>(ROW(PLE.lastrow)-ROW(PLE.firstrow))),0,IF(OFFSET(PLE!$G$14,$M20,AZ$13)=\"\",10^12,OFFSET(PLE!$G$14,$M20,AZ$13))))","v":1000000000000},{"$f":"IF($D20<>\"Serviço\",0,IF(OR(AND(AUTOEVENTO=\"Manual\",$M20=1),$M20>(ROW(PLE.lastrow)-ROW(PLE.firstrow))),0,IF(OFFSET(PLE!$G$14,$M20,BA$13)=\"\",10^12,OFFSET(PLE!$G$14,$M20,BA$13))))","v":1000000000000},{"$f":"IF($D20<>\"Serviço\",0,IF(OR(AND(AUTOEVENTO=\"Manual\",$M20=1),$M20>(ROW(PLE.lastrow)-ROW(PLE.firstrow))),0,IF(OFFSET(PLE!$G$14,$M20,BB$13)=\"\",10^12,OFFSET(PLE!$G$14,$M20,BB$13))))","v":1000000000000},{"$f":"IF($D20<>\"Serviço\",0,IF(OR(AND(AUTOEVENTO=\"Manual\",$M20=1),$M20>(ROW(PLE.lastrow)-ROW(PLE.firstrow))),0,IF(OFFSET(PLE!$G$14,$M20,BC$13)=\"\",10^12,OFFSET(PLE!$G$14,$M20,BC$13))))","v":1000000000000},{"$f":"IF($D20<>\"Serviço\",0,IF(OR(AND(AUTOEVENTO=\"Manual\",$M20=1),$M20>(ROW(PLE.lastrow)-ROW(PLE.firstrow))),0,IF(OFFSET(PLE!$G$14,$M20,BD$13)=\"\",10^12,OFFSET(PLE!$G$14,$M20,BD$13))))","v":1000000000000},{"$f":"IF($D20<>\"Serviço\",0,IF(OR(AND(AUTOEVENTO=\"Manual\",$M20=1),$M20>(ROW(PLE.lastrow)-ROW(PLE.firstrow))),0,IF(OFFSET(PLE!$G$14,$M20,BE$13)=\"\",10^12,OFFSET(PLE!$G$14,$M20,BE$13))))","v":1000000000000},{"$f":"IF($D20<>\"Serviço\",0,IF(OR(AND(AUTOEVENTO=\"Manual\",$M20=1),$M20>(ROW(PLE.lastrow)-ROW(PLE.firstrow))),0,IF(OFFSET(PLE!$G$14,$M20,BF$13)=\"\",10^12,OFFSET(PLE!$G$14,$M20,BF$13))))","v":1000000000000},{"$f":"IF($D20<>\"Serviço\",0,IF(OR(AND(AUTOEVENTO=\"Manual\",$M20=1),$M20>(ROW(PLE.lastrow)-ROW(PLE.firstrow))),0,IF(OFFSET(PLE!$G$14,$M20,BG$13)=\"\",10^12,OFFSET(PLE!$G$14,$M20,BG$13))))","v":1000000000000}]
[{"$f":"IF(AUTOEVENTO=\"Manual\",IF(K21<>\"\",MIN(VALUE(LEFT(K21,FIND(\".\",K21)-1)),COUNTA(EVENTOS.Lista)),0),IF(OR($B21>AUTOEVENTO,$B21=\"S\",$B21=0),SUBSTITUTE(OFFSET($A21,-1,0),IF($D21=\"Serviço\",\".\",\"\"),\"\"),ROW(A21)-ROW($A$15)&\".\"))","v":"2"},{"$f":"OFFSET(ORÇAMENTO!C$15,ROW(B21)-ROW(B$15),0)","v":"S"},{"$f":"OFFSET(ORÇAMENTO!L$15,ROW(C21)-ROW(C$15),0)","v":""},{"$f":"OFFSET(ORÇAMENTO!N$15,ROW(D21)-ROW(D$15),0)","v":"Serviço"},{"$f":"OFFSET(ORÇAMENTO!O$15,ROW(E21)-ROW(E$15),0)","v":"-"},{"$f":"OFFSET(ORÇAMENTO!R$15,ROW(F21)-ROW(F$15),0)","v":"(Sem Código)"},{"$f":"IF($D21<>\"Serviço\",\"\",OFFSET(ORÇAMENTO!S$15,ROW(G21)-ROW(G$15),0))","v":"-"},{"$f":"IF($D21<>\"Serviço\",0,IF(ACOMPANHAMENTO=\"BM\",ROUND(OFFSET(ORÇAMENTO!AJ$15,ROW(H21)-ROW(H$15),0),15-13*ORÇAMENTO!$AF$7),SUMPRODUCT(($Q$12:$AA$12<>\"\")*ROUND($Q21:$AA21,15-13*ORÇAMENTO!$AF$7))))","v":0},null,null,null,".",{"$f":"IF($D21<>\"Serviço\",\"\",IF(AUTOEVENTO=\"manual\",$A21,IF(ISERROR(MATCH($A21,$A$15:OFFSET($A21,-1,0),0)),MAX($M$15:OFFSET(M21,-1,0))+1,INDEX($M$15:OFFSET(M21,-1,0),MATCH($A21,$A$15:OFFSET($A21,-1,0),0)))))","v":2},{"$f":"IF($D21<>\"Serviço\",\"\",IF(AUTOEVENTO=\"Manual\",IF($A21=0,\"<-- defina o número do agrupador\",OFFSET(EVENTOS!$D$14,$A21,0)),OFFSET($F$15,$A21,0)))","v":"SERVIÇOS PRELIMINARES, CANTEIRO DE OBRAS, SEGURANÇA E SAÚDE"},null,null,null,null,null,null,null,null,null,null,null,null,null,{"$f":"IF(AND($D21=\"Serviço\",AB$12<>0,$H21>0,OR(AUTOEVENTO<>\"manual\",$M21<>1)),\nIF(Import.TipoArredondamento<>\"TransfereGOV\",\nROUND(OFFSET($P21,0,AB$13),15-13*ORÇAMENTO!$AF$7)/$H21*OFFSET(ORÇAMENTO!$X$15,ROW(AB21)-ROW(AB$15),0),\nROUND(ROUND(OFFSET($P21,0,AB$13),15-13*ORÇAMENTO!$AF$7)*OFFSET(ORÇAMENTO!$W$15,ROW(AB21)-ROW(AB$15),0),15-13*ORÇAMENTO!$AF$11)),0)","v":0},{"$f":"IF(AND($D21=\"Serviço\",AC$12<>0,$H21>0,OR(AUTOEVENTO<>\"manual\",$M21<>1)),\nIF(Import.TipoArredondamento<>\"TransfereGOV\",\nROUND(OFFSET($P21,0,AC$13),15-13*ORÇAMENTO!$AF$7)/$H21*OFFSET(ORÇAMENTO!$X$15,ROW(AC21)-ROW(AC$15),0),\nROUND(ROUND(OFFSET($P21,0,AC$13),15-13*ORÇAMENTO!$AF$7)*OFFSET(ORÇAMENTO!$W$15,ROW(AC21)-ROW(AC$15),0),15-13*ORÇAMENTO!$AF$11)),0)","v":0},{"$f":"IF(AND($D21=\"Serviço\",AD$12<>0,$H21>0,OR(AUTOEVENTO<>\"manual\",$M21<>1)),\nIF(Import.TipoArredondamento<>\"TransfereGOV\",\nROUND(OFFSET($P21,0,AD$13),15-13*ORÇAMENTO!$AF$7)/$H21*OFFSET(ORÇAMENTO!$X$15,ROW(AD21)-ROW(AD$15),0),\nROUND(ROUND(OFFSET($P21,0,AD$13),15-13*ORÇAMENTO!$AF$7)*OFFSET(ORÇAMENTO!$W$15,ROW(AD21)-ROW(AD$15),0),15-13*ORÇAMENTO!$AF$11)),0)","v":0},{"$f":"IF(AND($D21=\"Serviço\",AE$12<>0,$H21>0,OR(AUTOEVENTO<>\"manual\",$M21<>1)),\nIF(Import.TipoArredondamento<>\"TransfereGOV\",\nROUND(OFFSET($P21,0,AE$13),15-13*ORÇAMENTO!$AF$7)/$H21*OFFSET(ORÇAMENTO!$X$15,ROW(AE21)-ROW(AE$15),0),\nROUND(ROUND(OFFSET($P21,0,AE$13),15-13*ORÇAMENTO!$AF$7)*OFFSET(ORÇAMENTO!$W$15,ROW(AE21)-ROW(AE$15),0),15-13*ORÇAMENTO!$AF$11)),0)","v":0},{"$f":"IF(AND($D21=\"Serviço\",AF$12<>0,$H21>0,OR(AUTOEVENTO<>\"manual\",$M21<>1)),\nIF(Import.TipoArredondamento<>\"TransfereGOV\",\nROUND(OFFSET($P21,0,AF$13),15-13*ORÇAMENTO!$AF$7)/$H21*OFFSET(ORÇAMENTO!$X$15,ROW(AF21)-ROW(AF$15),0),\nROUND(ROUND(OFFSET($P21,0,AF$13),15-13*ORÇAMENTO!$AF$7)*OFFSET(ORÇAMENTO!$W$15,ROW(AF21)-ROW(AF$15),0),15-13*ORÇAMENTO!$AF$11)),0)","v":0},{"$f":"IF(AND($D21=\"Serviço\",AG$12<>0,$H21>0,OR(AUTOEVENTO<>\"manual\",$M21<>1)),\nIF(Import.TipoArredondamento<>\"TransfereGOV\",\nROUND(OFFSET($P21,0,AG$13),15-13*ORÇAMENTO!$AF$7)/$H21*OFFSET(ORÇAMENTO!$X$15,ROW(AG21)-ROW(AG$15),0),\nROUND(ROUND(OFFSET($P21,0,AG$13),15-13*ORÇAMENTO!$AF$7)*OFFSET(ORÇAMENTO!$W$15,ROW(AG21)-ROW(AG$15),0),15-13*ORÇAMENTO!$AF$11)),0)","v":0},{"$f":"IF(AND($D21=\"Serviço\",AH$12<>0,$H21>0,OR(AUTOEVENTO<>\"manual\",$M21<>1)),\nIF(Import.TipoArredondamento<>\"TransfereGOV\",\nROUND(OFFSET($P21,0,AH$13),15-13*ORÇAMENTO!$AF$7)/$H21*OFFSET(ORÇAMENTO!$X$15,ROW(AH21)-ROW(AH$15),0),\nROUND(ROUND(OFFSET($P21,0,AH$13),15-13*ORÇAMENTO!$AF$7)*OFFSET(ORÇAMENTO!$W$15,ROW(AH21)-ROW(AH$15),0),15-13*ORÇAMENTO!$AF$11)),0)","v":0},{"$f":"IF(AND($D21=\"Serviço\",AI$12<>0,$H21>0,OR(AUTOEVENTO<>\"manual\",$M21<>1)),\nIF(Import.TipoArredondamento<>\"TransfereGOV\",\nROUND(OFFSET($P21,0,AI$13),15-13*ORÇAMENTO!$AF$7)/$H21*OFFSET(ORÇAMENTO!$X$15,ROW(AI21)-ROW(AI$15),0),\nROUND(ROUND(OFFSET($P21,0,AI$13),15-13*ORÇAMENTO!$AF$7)*OFFSET(ORÇAMENTO!$W$15,ROW(AI21)-ROW(AI$15),0),15-13*ORÇAMENTO!$AF$11)),0)","v":0},{"$f":"IF(AND($D21=\"Serviço\",AJ$12<>0,$H21>0,OR(AUTOEVENTO<>\"manual\",$M21<>1)),\nIF(Import.TipoArredondamento<>\"TransfereGOV\",\nROUND(OFFSET($P21,0,AJ$13),15-13*ORÇAMENTO!$AF$7)/$H21*OFFSET(ORÇAMENTO!$X$15,ROW(AJ21)-ROW(AJ$15),0),\nROUND(ROUND(OFFSET($P21,0,AJ$13),15-13*ORÇAMENTO!$AF$7)*OFFSET(ORÇAMENTO!$W$15,ROW(AJ21)-ROW(AJ$15),0),15-13*ORÇAMENTO!$AF$11)),0)","v":0},{"$f":"IF(AND($D21=\"Serviço\",AK$12<>0,$H21>0,OR(AUTOEVENTO<>\"manual\",$M21<>1)),\nIF(Import.TipoArredondamento<>\"TransfereGOV\",\nROUND(OFFSET($P21,0,AK$13),15-13*ORÇAMENTO!$AF$7)/$H21*OFFSET(ORÇAMENTO!$X$15,ROW(AK21)-ROW(AK$15),0),\nROUND(ROUND(OFFSET($P21,0,AK$13),15-13*ORÇAMENTO!$AF$7)*OFFSET(ORÇAMENTO!$W$15,ROW(AK21)-ROW(AK$15),0),15-13*ORÇAMENTO!$AF$11)),0)","v":0},null,{"$f":"IF($D21<>\"Serviço\",0,IF(AND(AUTOEVENTO=\"Manual\",$M21=1),0,IF(OFFSET(CRONOPLE!$F$14,$M21,AM$13)=\"\",10^12,OFFSET(CRONOPLE!$F$14,$M21,AM$13))))","v":1000000000000},{"$f":"IF($D21<>\"Serviço\",0,IF(AND(AUTOEVENTO=\"Manual\",$M21=1),0,IF(OFFSET(CRONOPLE!$F$14,$M21,AN$13)=\"\",10^12,OFFSET(CRONOPLE!$F$14,$M21,AN$13))))","v":1000000000000},{"$f":"IF($D21<>\"Serviço\",0,IF(AND(AUTOEVENTO=\"Manual\",$M21=1),0,IF(OFFSET(CRONOPLE!$F$14,$M21,AO$13)=\"\",10^12,OFFSET(CRONOPLE!$F$14,$M21,AO$13))))","v":1000000000000},{"$f":"IF($D21<>\"Serviço\",0,IF(AND(AUTOEVENTO=\"Manual\",$M21=1),0,IF(OFFSET(CRONOPLE!$F$14,$M21,AP$13)=\"\",10^12,OFFSET(CRONOPLE!$F$14,$M21,AP$13))))","v":1000000000000},{"$f":"IF($D21<>\"Serviço\",0,IF(AND(AUTOEVENTO=\"Manual\",$M21=1),0,IF(OFFSET(CRONOPLE!$F$14,$M21,AQ$13)=\"\",10^12,OFFSET(CRONOPLE!$F$14,$M21,AQ$13))))","v":1000000000000},{"$f":"IF($D21<>\"Serviço\",0,IF(AND(AUTOEVENTO=\"Manual\",$M21=1),0,IF(OFFSET(CRONOPLE!$F$14,$M21,AR$13)=\"\",10^12,OFFSET(CRONOPLE!$F$14,$M21,AR$13))))","v":1000000000000},{"$f":"IF($D21<>\"Serviço\",0,IF(AND(AUTOEVENTO=\"Manual\",$M21=1),0,IF(OFFSET(CRONOPLE!$F$14,$M21,AS$13)=\"\",10^12,OFFSET(CRONOPLE!$F$14,$M21,AS$13))))","v":1000000000000},{"$f":"IF($D21<>\"Serviço\",0,IF(AND(AUTOEVENTO=\"Manual\",$M21=1),0,IF(OFFSET(CRONOPLE!$F$14,$M21,AT$13)=\"\",10^12,OFFSET(CRONOPLE!$F$14,$M21,AT$13))))","v":1000000000000},{"$f":"IF($D21<>\"Serviço\",0,IF(AND(AUTOEVENTO=\"Manual\",$M21=1),0,IF(OFFSET(CRONOPLE!$F$14,$M21,AU$13)=\"\",10^12,OFFSET(CRONOPLE!$F$14,$M21,AU$13))))","v":1000000000000},{"$f":"IF($D21<>\"Serviço\",0,IF(AND(AUTOEVENTO=\"Manual\",$M21=1),0,IF(OFFSET(CRONOPLE!$F$14,$M21,AV$13)=\"\",10^12,OFFSET(CRONOPLE!$F$14,$M21,AV$13))))","v":1000000000000},null,{"$f":"IF($D21<>\"Serviço\",0,IF(OR(AND(AUTOEVENTO=\"Manual\",$M21=1),$M21>(ROW(PLE.lastrow)-ROW(PLE.firstrow))),0,IF(OFFSET(PLE!$G$14,$M21,AX$13)=\"\",10^12,OFFSET(PLE!$G$14,$M21,AX$13))))","v":1000000000000},{"$f":"IF($D21<>\"Serviço\",0,IF(OR(AND(AUTOEVENTO=\"Manual\",$M21=1),$M21>(ROW(PLE.lastrow)-ROW(PLE.firstrow))),0,IF(OFFSET(PLE!$G$14,$M21,AY$13)=\"\",10^12,OFFSET(PLE!$G$14,$M21,AY$13))))","v":1000000000000},{"$f":"IF($D21<>\"Serviço\",0,IF(OR(AND(AUTOEVENTO=\"Manual\",$M21=1),$M21>(ROW(PLE.lastrow)-ROW(PLE.firstrow))),0,IF(OFFSET(PLE!$G$14,$M21,AZ$13)=\"\",10^12,OFFSET(PLE!$G$14,$M21,AZ$13))))","v":1000000000000},{"$f":"IF($D21<>\"Serviço\",0,IF(OR(AND(AUTOEVENTO=\"Manual\",$M21=1),$M21>(ROW(PLE.lastrow)-ROW(PLE.firstrow))),0,IF(OFFSET(PLE!$G$14,$M21,BA$13)=\"\",10^12,OFFSET(PLE!$G$14,$M21,BA$13))))","v":1000000000000},{"$f":"IF($D21<>\"Serviço\",0,IF(OR(AND(AUTOEVENTO=\"Manual\",$M21=1),$M21>(ROW(PLE.lastrow)-ROW(PLE.firstrow))),0,IF(OFFSET(PLE!$G$14,$M21,BB$13)=\"\",10^12,OFFSET(PLE!$G$14,$M21,BB$13))))","v":1000000000000},{"$f":"IF($D21<>\"Serviço\",0,IF(OR(AND(AUTOEVENTO=\"Manual\",$M21=1),$M21>(ROW(PLE.lastrow)-ROW(PLE.firstrow))),0,IF(OFFSET(PLE!$G$14,$M21,BC$13)=\"\",10^12,OFFSET(PLE!$G$14,$M21,BC$13))))","v":1000000000000},{"$f":"IF($D21<>\"Serviço\",0,IF(OR(AND(AUTOEVENTO=\"Manual\",$M21=1),$M21>(ROW(PLE.lastrow)-ROW(PLE.firstrow))),0,IF(OFFSET(PLE!$G$14,$M21,BD$13)=\"\",10^12,OFFSET(PLE!$G$14,$M21,BD$13))))","v":1000000000000},{"$f":"IF($D21<>\"Serviço\",0,IF(OR(AND(AUTOEVENTO=\"Manual\",$M21=1),$M21>(ROW(PLE.lastrow)-ROW(PLE.firstrow))),0,IF(OFFSET(PLE!$G$14,$M21,BE$13)=\"\",10^12,OFFSET(PLE!$G$14,$M21,BE$13))))","v":1000000000000},{"$f":"IF($D21<>\"Serviço\",0,IF(OR(AND(AUTOEVENTO=\"Manual\",$M21=1),$M21>(ROW(PLE.lastrow)-ROW(PLE.firstrow))),0,IF(OFFSET(PLE!$G$14,$M21,BF$13)=\"\",10^12,OFFSET(PLE!$G$14,$M21,BF$13))))","v":1000000000000},{"$f":"IF($D21<>\"Serviço\",0,IF(OR(AND(AUTOEVENTO=\"Manual\",$M21=1),$M21>(ROW(PLE.lastrow)-ROW(PLE.firstrow))),0,IF(OFFSET(PLE!$G$14,$M21,BG$13)=\"\",10^12,OFFSET(PLE!$G$14,$M21,BG$13))))","v":1000000000000}]
[{"$f":"IF(AUTOEVENTO=\"Manual\",IF(K22<>\"\",MIN(VALUE(LEFT(K22,FIND(\".\",K22)-1)),COUNTA(EVENTOS.Lista)),0),IF(OR($B22>AUTOEVENTO,$B22=\"S\",$B22=0),SUBSTITUTE(OFFSET($A22,-1,0),IF($D22=\"Serviço\",\".\",\"\"),\"\"),ROW(A22)-ROW($A$15)&\".\"))","v":"2"},{"$f":"OFFSET(ORÇAMENTO!C$15,ROW(B22)-ROW(B$15),0)","v":"S"},{"$f":"OFFSET(ORÇAMENTO!L$15,ROW(C22)-ROW(C$15),0)","v":""},{"$f":"OFFSET(ORÇAMENTO!N$15,ROW(D22)-ROW(D$15),0)","v":"Serviço"},{"$f":"OFFSET(ORÇAMENTO!O$15,ROW(E22)-ROW(E$15),0)","v":"-"},{"$f":"OFFSET(ORÇAMENTO!R$15,ROW(F22)-ROW(F$15),0)","v":"(Sem Código)"},{"$f":"IF($D22<>\"Serviço\",\"\",OFFSET(ORÇAMENTO!S$15,ROW(G22)-ROW(G$15),0))","v":"-"},{"$f":"IF($D22<>\"Serviço\",0,IF(ACOMPANHAMENTO=\"BM\",ROUND(OFFSET(ORÇAMENTO!AJ$15,ROW(H22)-ROW(H$15),0),15-13*ORÇAMENTO!$AF$7),SUMPRODUCT(($Q$12:$AA$12<>\"\")*ROUND($Q22:$AA22,15-13*ORÇAMENTO!$AF$7))))","v":0},null,null,null,".",{"$f":"IF($D22<>\"Serviço\",\"\",IF(AUTOEVENTO=\"manual\",$A22,IF(ISERROR(MATCH($A22,$A$15:OFFSET($A22,-1,0),0)),MAX($M$15:OFFSET(M22,-1,0))+1,INDEX($M$15:OFFSET(M22,-1,0),MATCH($A22,$A$15:OFFSET($A22,-1,0),0)))))","v":2},{"$f":"IF($D22<>\"Serviço\",\"\",IF(AUTOEVENTO=\"Manual\",IF($A22=0,\"<-- defina o número do agrupador\",OFFSET(EVENTOS!$D$14,$A22,0)),OFFSET($F$15,$A22,0)))","v":"SERVIÇOS PRELIMINARES, CANTEIRO DE OBRAS, SEGURANÇA E SAÚDE"},null,null,null,null,null,null,null,null,null,null,null,null,null,{"$f":"IF(AND($D22=\"Serviço\",AB$12<>0,$H22>0,OR(AUTOEVENTO<>\"manual\",$M22<>1)),\nIF(Import.TipoArredondamento<>\"TransfereGOV\",\nROUND(OFFSET($P22,0,AB$13),15-13*ORÇAMENTO!$AF$7)/$H22*OFFSET(ORÇAMENTO!$X$15,ROW(AB22)-ROW(AB$15),0),\nROUND(ROUND(OFFSET($P22,0,AB$13),15-13*ORÇAMENTO!$AF$7)*OFFSET(ORÇAMENTO!$W$15,ROW(AB22)-ROW(AB$15),0),15-13*ORÇAMENTO!$AF$11)),0)","v":0},{"$f":"IF(AND($D22=\"Serviço\",AC$12<>0,$H22>0,OR(AUTOEVENTO<>\"manual\",$M22<>1)),\nIF(Import.TipoArredondamento<>\"TransfereGOV\",\nROUND(OFFSET($P22,0,AC$13),15-13*ORÇAMENTO!$AF$7)/$H22*OFFSET(ORÇAMENTO!$X$15,ROW(AC22)-ROW(AC$15),0),\nROUND(ROUND(OFFSET($P22,0,AC$13),15-13*ORÇAMENTO!$AF$7)*OFFSET(ORÇAMENTO!$W$15,ROW(AC22)-ROW(AC$15),0),15-13*ORÇAMENTO!$AF$11)),0)","v":0},{"$f":"IF(AND($D22=\"Serviço\",AD$12<>0,$H22>0,OR(AUTOEVENTO<>\"manual\",$M22<>1)),\nIF(Import.TipoArredondamento<>\"TransfereGOV\",\nROUND(OFFSET($P22,0,AD$13),15-13*ORÇAMENTO!$AF$7)/$H22*OFFSET(ORÇAMENTO!$X$15,ROW(AD22)-ROW(AD$15),0),\nROUND(ROUND(OFFSET($P22,0,AD$13),15-13*ORÇAMENTO!$AF$7)*OFFSET(ORÇAMENTO!$W$15,ROW(AD22)-ROW(AD$15),0),15-13*ORÇAMENTO!$AF$11)),0)","v":0},{"$f":"IF(AND($D22=\"Serviço\",AE$12<>0,$H22>0,OR(AUTOEVENTO<>\"manual\",$M22<>1)),\nIF(Import.TipoArredondamento<>\"TransfereGOV\",\nROUND(OFFSET($P22,0,AE$13),15-13*ORÇAMENTO!$AF$7)/$H22*OFFSET(ORÇAMENTO!$X$15,ROW(AE22)-ROW(AE$15),0),\nROUND(ROUND(OFFSET($P22,0,AE$13),15-13*ORÇAMENTO!$AF$7)*OFFSET(ORÇAMENTO!$W$15,ROW(AE22)-ROW(AE$15),0),15-13*ORÇAMENTO!$AF$11)),0)","v":0},{"$f":"IF(AND($D22=\"Serviço\",AF$12<>0,$H22>0,OR(AUTOEVENTO<>\"manual\",$M22<>1)),\nIF(Import.TipoArredondamento<>\"TransfereGOV\",\nROUND(OFFSET($P22,0,AF$13),15-13*ORÇAMENTO!$AF$7)/$H22*OFFSET(ORÇAMENTO!$X$15,ROW(AF22)-ROW(AF$15),0),\nROUND(ROUND(OFFSET($P22,0,AF$13),15-13*ORÇAMENTO!$AF$7)*OFFSET(ORÇAMENTO!$W$15,ROW(AF22)-ROW(AF$15),0),15-13*ORÇAMENTO!$AF$11)),0)","v":0},{"$f":"IF(AND($D22=\"Serviço\",AG$12<>0,$H22>0,OR(AUTOEVENTO<>\"manual\",$M22<>1)),\nIF(Import.TipoArredondamento<>\"TransfereGOV\",\nROUND(OFFSET($P22,0,AG$13),15-13*ORÇAMENTO!$AF$7)/$H22*OFFSET(ORÇAMENTO!$X$15,ROW(AG22)-ROW(AG$15),0),\nROUND(ROUND(OFFSET($P22,0,AG$13),15-13*ORÇAMENTO!$AF$7)*OFFSET(ORÇAMENTO!$W$15,ROW(AG22)-ROW(AG$15),0),15-13*ORÇAMENTO!$AF$11)),0)","v":0},{"$f":"IF(AND($D22=\"Serviço\",AH$12<>0,$H22>0,OR(AUTOEVENTO<>\"manual\",$M22<>1)),\nIF(Import.TipoArredondamento<>\"TransfereGOV\",\nROUND(OFFSET($P22,0,AH$13),15-13*ORÇAMENTO!$AF$7)/$H22*OFFSET(ORÇAMENTO!$X$15,ROW(AH22)-ROW(AH$15),0),\nROUND(ROUND(OFFSET($P22,0,AH$13),15-13*ORÇAMENTO!$AF$7)*OFFSET(ORÇAMENTO!$W$15,ROW(AH22)-ROW(AH$15),0),15-13*ORÇAMENTO!$AF$11)),0)","v":0},{"$f":"IF(AND($D22=\"Serviço\",AI$12<>0,$H22>0,OR(AUTOEVENTO<>\"manual\",$M22<>1)),\nIF(Import.TipoArredondamento<>\"TransfereGOV\",\nROUND(OFFSET($P22,0,AI$13),15-13*ORÇAMENTO!$AF$7)/$H22*OFFSET(ORÇAMENTO!$X$15,ROW(AI22)-ROW(AI$15),0),\nROUND(ROUND(OFFSET($P22,0,AI$13),15-13*ORÇAMENTO!$AF$7)*OFFSET(ORÇAMENTO!$W$15,ROW(AI22)-ROW(AI$15),0),15-13*ORÇAMENTO!$AF$11)),0)","v":0},{"$f":"IF(AND($D22=\"Serviço\",AJ$12<>0,$H22>0,OR(AUTOEVENTO<>\"manual\",$M22<>1)),\nIF(Import.TipoArredondamento<>\"TransfereGOV\",\nROUND(OFFSET($P22,0,AJ$13),15-13*ORÇAMENTO!$AF$7)/$H22*OFFSET(ORÇAMENTO!$X$15,ROW(AJ22)-ROW(AJ$15),0),\nROUND(ROUND(OFFSET($P22,0,AJ$13),15-13*ORÇAMENTO!$AF$7)*OFFSET(ORÇAMENTO!$W$15,ROW(AJ22)-ROW(AJ$15),0),15-13*ORÇAMENTO!$AF$11)),0)","v":0},{"$f":"IF(AND($D22=\"Serviço\",AK$12<>0,$H22>0,OR(AUTOEVENTO<>\"manual\",$M22<>1)),\nIF(Import.TipoArredondamento<>\"TransfereGOV\",\nROUND(OFFSET($P22,0,AK$13),15-13*ORÇAMENTO!$AF$7)/$H22*OFFSET(ORÇAMENTO!$X$15,ROW(AK22)-ROW(AK$15),0),\nROUND(ROUND(OFFSET($P22,0,AK$13),15-13*ORÇAMENTO!$AF$7)*OFFSET(ORÇAMENTO!$W$15,ROW(AK22)-ROW(AK$15),0),15-13*ORÇAMENTO!$AF$11)),0)","v":0},null,{"$f":"IF($D22<>\"Serviço\",0,IF(AND(AUTOEVENTO=\"Manual\",$M22=1),0,IF(OFFSET(CRONOPLE!$F$14,$M22,AM$13)=\"\",10^12,OFFSET(CRONOPLE!$F$14,$M22,AM$13))))","v":1000000000000},{"$f":"IF($D22<>\"Serviço\",0,IF(AND(AUTOEVENTO=\"Manual\",$M22=1),0,IF(OFFSET(CRONOPLE!$F$14,$M22,AN$13)=\"\",10^12,OFFSET(CRONOPLE!$F$14,$M22,AN$13))))","v":1000000000000},{"$f":"IF($D22<>\"Serviço\",0,IF(AND(AUTOEVENTO=\"Manual\",$M22=1),0,IF(OFFSET(CRONOPLE!$F$14,$M22,AO$13)=\"\",10^12,OFFSET(CRONOPLE!$F$14,$M22,AO$13))))","v":1000000000000},{"$f":"IF($D22<>\"Serviço\",0,IF(AND(AUTOEVENTO=\"Manual\",$M22=1),0,IF(OFFSET(CRONOPLE!$F$14,$M22,AP$13)=\"\",10^12,OFFSET(CRONOPLE!$F$14,$M22,AP$13))))","v":1000000000000},{"$f":"IF($D22<>\"Serviço\",0,IF(AND(AUTOEVENTO=\"Manual\",$M22=1),0,IF(OFFSET(CRONOPLE!$F$14,$M22,AQ$13)=\"\",10^12,OFFSET(CRONOPLE!$F$14,$M22,AQ$13))))","v":1000000000000},{"$f":"IF($D22<>\"Serviço\",0,IF(AND(AUTOEVENTO=\"Manual\",$M22=1),0,IF(OFFSET(CRONOPLE!$F$14,$M22,AR$13)=\"\",10^12,OFFSET(CRONOPLE!$F$14,$M22,AR$13))))","v":1000000000000},{"$f":"IF($D22<>\"Serviço\",0,IF(AND(AUTOEVENTO=\"Manual\",$M22=1),0,IF(OFFSET(CRONOPLE!$F$14,$M22,AS$13)=\"\",10^12,OFFSET(CRONOPLE!$F$14,$M22,AS$13))))","v":1000000000000},{"$f":"IF($D22<>\"Serviço\",0,IF(AND(AUTOEVENTO=\"Manual\",$M22=1),0,IF(OFFSET(CRONOPLE!$F$14,$M22,AT$13)=\"\",10^12,OFFSET(CRONOPLE!$F$14,$M22,AT$13))))","v":1000000000000},{"$f":"IF($D22<>\"Serviço\",0,IF(AND(AUTOEVENTO=\"Manual\",$M22=1),0,IF(OFFSET(CRONOPLE!$F$14,$M22,AU$13)=\"\",10^12,OFFSET(CRONOPLE!$F$14,$M22,AU$13))))","v":1000000000000},{"$f":"IF($D22<>\"Serviço\",0,IF(AND(AUTOEVENTO=\"Manual\",$M22=1),0,IF(OFFSET(CRONOPLE!$F$14,$M22,AV$13)=\"\",10^12,OFFSET(CRONOPLE!$F$14,$M22,AV$13))))","v":1000000000000},null,{"$f":"IF($D22<>\"Serviço\",0,IF(OR(AND(AUTOEVENTO=\"Manual\",$M22=1),$M22>(ROW(PLE.lastrow)-ROW(PLE.firstrow))),0,IF(OFFSET(PLE!$G$14,$M22,AX$13)=\"\",10^12,OFFSET(PLE!$G$14,$M22,AX$13))))","v":1000000000000},{"$f":"IF($D22<>\"Serviço\",0,IF(OR(AND(AUTOEVENTO=\"Manual\",$M22=1),$M22>(ROW(PLE.lastrow)-ROW(PLE.firstrow))),0,IF(OFFSET(PLE!$G$14,$M22,AY$13)=\"\",10^12,OFFSET(PLE!$G$14,$M22,AY$13))))","v":1000000000000},{"$f":"IF($D22<>\"Serviço\",0,IF(OR(AND(AUTOEVENTO=\"Manual\",$M22=1),$M22>(ROW(PLE.lastrow)-ROW(PLE.firstrow))),0,IF(OFFSET(PLE!$G$14,$M22,AZ$13)=\"\",10^12,OFFSET(PLE!$G$14,$M22,AZ$13))))","v":1000000000000},{"$f":"IF($D22<>\"Serviço\",0,IF(OR(AND(AUTOEVENTO=\"Manual\",$M22=1),$M22>(ROW(PLE.lastrow)-ROW(PLE.firstrow))),0,IF(OFFSET(PLE!$G$14,$M22,BA$13)=\"\",10^12,OFFSET(PLE!$G$14,$M22,BA$13))))","v":1000000000000},{"$f":"IF($D22<>\"Serviço\",0,IF(OR(AND(AUTOEVENTO=\"Manual\",$M22=1),$M22>(ROW(PLE.lastrow)-ROW(PLE.firstrow))),0,IF(OFFSET(PLE!$G$14,$M22,BB$13)=\"\",10^12,OFFSET(PLE!$G$14,$M22,BB$13))))","v":1000000000000},{"$f":"IF($D22<>\"Serviço\",0,IF(OR(AND(AUTOEVENTO=\"Manual\",$M22=1),$M22>(ROW(PLE.lastrow)-ROW(PLE.firstrow))),0,IF(OFFSET(PLE!$G$14,$M22,BC$13)=\"\",10^12,OFFSET(PLE!$G$14,$M22,BC$13))))","v":1000000000000},{"$f":"IF($D22<>\"Serviço\",0,IF(OR(AND(AUTOEVENTO=\"Manual\",$M22=1),$M22>(ROW(PLE.lastrow)-ROW(PLE.firstrow))),0,IF(OFFSET(PLE!$G$14,$M22,BD$13)=\"\",10^12,OFFSET(PLE!$G$14,$M22,BD$13))))","v":1000000000000},{"$f":"IF($D22<>\"Serviço\",0,IF(OR(AND(AUTOEVENTO=\"Manual\",$M22=1),$M22>(ROW(PLE.lastrow)-ROW(PLE.firstrow))),0,IF(OFFSET(PLE!$G$14,$M22,BE$13)=\"\",10^12,OFFSET(PLE!$G$14,$M22,BE$13))))","v":1000000000000},{"$f":"IF($D22<>\"Serviço\",0,IF(OR(AND(AUTOEVENTO=\"Manual\",$M22=1),$M22>(ROW(PLE.lastrow)-ROW(PLE.firstrow))),0,IF(OFFSET(PLE!$G$14,$M22,BF$13)=\"\",10^12,OFFSET(PLE!$G$14,$M22,BF$13))))","v":1000000000000},{"$f":"IF($D22<>\"Serviço\",0,IF(OR(AND(AUTOEVENTO=\"Manual\",$M22=1),$M22>(ROW(PLE.lastrow)-ROW(PLE.firstrow))),0,IF(OFFSET(PLE!$G$14,$M22,BG$13)=\"\",10^12,OFFSET(PLE!$G$14,$M22,BG$13))))","v":1000000000000}]
["2",{"$f":"OFFSET(ORÇAMENTO!C$15,ROW(B23)-ROW(B$15),0)","v":"S"},{"$f":"OFFSET(ORÇAMENTO!L$15,ROW(C23)-ROW(C$15),0)","v":""},{"$f":"OFFSET(ORÇAMENTO!N$15,ROW(D23)-ROW(D$15),0)","v":"Serviço"},{"$f":"OFFSET(ORÇAMENTO!O$15,ROW(E23)-ROW(E$15),0)","v":"-"},{"$f":"OFFSET(ORÇAMENTO!R$15,ROW(F23)-ROW(F$15),0)","v":"(Sem Código)"},{"$f":"IF($D23<>\"Serviço\",\"\",OFFSET(ORÇAMENTO!S$15,ROW(G23)-ROW(G$15),0))","v":"-"},{"$f":"IF($D23<>\"Serviço\",0,IF(ACOMPANHAMENTO=\"BM\",ROUND(OFFSET(ORÇAMENTO!AJ$15,ROW(H23)-ROW(H$15),0),15-13*ORÇAMENTO!$AF$7),SUMPRODUCT(($Q$12:$AA$12<>\"\")*ROUND($Q23:$AA23,15-13*ORÇAMENTO!$AF$7))))","v":0},null,null,null,".",{"$f":"IF($D23<>\"Serviço\",\"\",IF(AUTOEVENTO=\"manual\",$A23,IF(ISERROR(MATCH($A23,$A$15:OFFSET($A23,-1,0),0)),MAX($M$15:OFFSET(M23,-1,0))+1,INDEX($M$15:OFFSET(M23,-1,0),MATCH($A23,$A$15:OFFSET($A23,-1,0),0)))))","v":2},{"$f":"IF($D23<>\"Serviço\",\"\",IF(AUTOEVENTO=\"Manual\",IF($A23=0,\"<-- defina o número do agrupador\",OFFSET(EVENTOS!$D$14,$A23,0)),OFFSET($F$15,$A23,0)))","v":"SERVIÇOS PRELIMINARES, CANTEIRO DE OBRAS, SEGURANÇA E SAÚDE"},null,null,null,null,null,null,null,null,null,null,null,null,null,{"$f":"IF(AND($D23=\"Serviço\",AB$12<>0,$H23>0,OR(AUTOEVENTO<>\"manual\",$M23<>1)),\nIF(Import.TipoArredondamento<>\"TransfereGOV\",\nROUND(OFFSET($P23,0,AB$13),15-13*ORÇAMENTO!$AF$7)/$H23*OFFSET(ORÇAMENTO!$X$15,ROW(AB23)-ROW(AB$15),0),\nROUND(ROUND(OFFSET($P23,0,AB$13),15-13*ORÇAMENTO!$AF$7)*OFFSET(ORÇAMENTO!$W$15,ROW(AB23)-ROW(AB$15),0),15-13*ORÇAMENTO!$AF$11)),0)","v":0},{"$f":"IF(AND($D23=\"Serviço\",AC$12<>0,$H23>0,OR(AUTOEVENTO<>\"manual\",$M23<>1)),\nIF(Import.TipoArredondamento<>\"TransfereGOV\",\nROUND(OFFSET($P23,0,AC$13),15-13*ORÇAMENTO!$AF$7)/$H23*OFFSET(ORÇAMENTO!$X$15,ROW(AC23)-ROW(AC$15),0),\nROUND(ROUND(OFFSET($P23,0,AC$13),15-13*ORÇAMENTO!$AF$7)*OFFSET(ORÇAMENTO!$W$15,ROW(AC23)-ROW(AC$15),0),15-13*ORÇAMENTO!$AF$11)),0)","v":0},{"$f":"IF(AND($D23=\"Serviço\",AD$12<>0,$H23>0,OR(AUTOEVENTO<>\"manual\",$M23<>1)),\nIF(Import.TipoArredondamento<>\"TransfereGOV\",\nROUND(OFFSET($P23,0,AD$13),15-13*ORÇAMENTO!$AF$7)/$H23*OFFSET(ORÇAMENTO!$X$15,ROW(AD23)-ROW(AD$15),0),\nROUND(ROUND(OFFSET($P23,0,AD$13),15-13*ORÇAMENTO!$AF$7)*OFFSET(ORÇAMENTO!$W$15,ROW(AD23)-ROW(AD$15),0),15-13*ORÇAMENTO!$AF$11)),0)","v":0},{"$f":"IF(AND($D23=\"Serviço\",AE$12<>0,$H23>0,OR(AUTOEVENTO<>\"manual\",$M23<>1)),\nIF(Import.TipoArredondamento<>\"TransfereGOV\",\nROUND(OFFSET($P23,0,AE$13),15-13*ORÇAMENTO!$AF$7)/$H23*OFFSET(ORÇAMENTO!$X$15,ROW(AE23)-ROW(AE$15),0),\nROUND(ROUND(OFFSET($P23,0,AE$13),15-13*ORÇAMENTO!$AF$7)*OFFSET(ORÇAMENTO!$W$15,ROW(AE23)-ROW(AE$15),0),15-13*ORÇAMENTO!$AF$11)),0)","v":0},{"$f":"IF(AND($D23=\"Serviço\",AF$12<>0,$H23>0,OR(AUTOEVENTO<>\"manual\",$M23<>1)),\nIF(Import.TipoArredondamento<>\"TransfereGOV\",\nROUND(OFFSET($P23,0,AF$13),15-13*ORÇAMENTO!$AF$7)/$H23*OFFSET(ORÇAMENTO!$X$15,ROW(AF23)-ROW(AF$15),0),\nROUND(ROUND(OFFSET($P23,0,AF$13),15-13*ORÇAMENTO!$AF$7)*OFFSET(ORÇAMENTO!$W$15,ROW(AF23)-ROW(AF$15),0),15-13*ORÇAMENTO!$AF$11)),0)","v":0},{"$f":"IF(AND($D23=\"Serviço\",AG$12<>0,$H23>0,OR(AUTOEVENTO<>\"manual\",$M23<>1)),\nIF(Import.TipoArredondamento<>\"TransfereGOV\",\nROUND(OFFSET($P23,0,AG$13),15-13*ORÇAMENTO!$AF$7)/$H23*OFFSET(ORÇAMENTO!$X$15,ROW(AG23)-ROW(AG$15),0),\nROUND(ROUND(OFFSET($P23,0,AG$13),15-13*ORÇAMENTO!$AF$7)*OFFSET(ORÇAMENTO!$W$15,ROW(AG23)-ROW(AG$15),0),15-13*ORÇAMENTO!$AF$11)),0)","v":0},{"$f":"IF(AND($D23=\"Serviço\",AH$12<>0,$H23>0,OR(AUTOEVENTO<>\"manual\",$M23<>1)),\nIF(Import.TipoArredondamento<>\"TransfereGOV\",\nROUND(OFFSET($P23,0,AH$13),15-13*ORÇAMENTO!$AF$7)/$H23*OFFSET(ORÇAMENTO!$X$15,ROW(AH23)-ROW(AH$15),0),\nROUND(ROUND(OFFSET($P23,0,AH$13),15-13*ORÇAMENTO!$AF$7)*OFFSET(ORÇAMENTO!$W$15,ROW(AH23)-ROW(AH$15),0),15-13*ORÇAMENTO!$AF$11)),0)","v":0},{"$f":"IF(AND($D23=\"Serviço\",AI$12<>0,$H23>0,OR(AUTOEVENTO<>\"manual\",$M23<>1)),\nIF(Import.TipoArredondamento<>\"TransfereGOV\",\nROUND(OFFSET($P23,0,AI$13),15-13*ORÇAMENTO!$AF$7)/$H23*OFFSET(ORÇAMENTO!$X$15,ROW(AI23)-ROW(AI$15),0),\nROUND(ROUND(OFFSET($P23,0,AI$13),15-13*ORÇAMENTO!$AF$7)*OFFSET(ORÇAMENTO!$W$15,ROW(AI23)-ROW(AI$15),0),15-13*ORÇAMENTO!$AF$11)),0)","v":0},{"$f":"IF(AND($D23=\"Serviço\",AJ$12<>0,$H23>0,OR(AUTOEVENTO<>\"manual\",$M23<>1)),\nIF(Import.TipoArredondamento<>\"TransfereGOV\",\nROUND(OFFSET($P23,0,AJ$13),15-13*ORÇAMENTO!$AF$7)/$H23*OFFSET(ORÇAMENTO!$X$15,ROW(AJ23)-ROW(AJ$15),0),\nROUND(ROUND(OFFSET($P23,0,AJ$13),15-13*ORÇAMENTO!$AF$7)*OFFSET(ORÇAMENTO!$W$15,ROW(AJ23)-ROW(AJ$15),0),15-13*ORÇAMENTO!$AF$11)),0)","v":0},{"$f":"IF(AND($D23=\"Serviço\",AK$12<>0,$H23>0,OR(AUTOEVENTO<>\"manual\",$M23<>1)),\nIF(Import.TipoArredondamento<>\"TransfereGOV\",\nROUND(OFFSET($P23,0,AK$13),15-13*ORÇAMENTO!$AF$7)/$H23*OFFSET(ORÇAMENTO!$X$15,ROW(AK23)-ROW(AK$15),0),\nROUND(ROUND(OFFSET($P23,0,AK$13),15-13*ORÇAMENTO!$AF$7)*OFFSET(ORÇAMENTO!$W$15,ROW(AK23)-ROW(AK$15),0),15-13*ORÇAMENTO!$AF$11)),0)","v":0},null,{"$f":"IF($D23<>\"Serviço\",0,IF(AND(AUTOEVENTO=\"Manual\",$M23=1),0,IF(OFFSET(CRONOPLE!$F$14,$M23,AM$13)=\"\",10^12,OFFSET(CRONOPLE!$F$14,$M23,AM$13))))","v":1000000000000},{"$f":"IF($D23<>\"Serviço\",0,IF(AND(AUTOEVENTO=\"Manual\",$M23=1),0,IF(OFFSET(CRONOPLE!$F$14,$M23,AN$13)=\"\",10^12,OFFSET(CRONOPLE!$F$14,$M23,AN$13))))","v":1000000000000},{"$f":"IF($D23<>\"Serviço\",0,IF(AND(AUTOEVENTO=\"Manual\",$M23=1),0,IF(OFFSET(CRONOPLE!$F$14,$M23,AO$13)=\"\",10^12,OFFSET(CRONOPLE!$F$14,$M23,AO$13))))","v":1000000000000},{"$f":"IF($D23<>\"Serviço\",0,IF(AND(AUTOEVENTO=\"Manual\",$M23=1),0,IF(OFFSET(CRONOPLE!$F$14,$M23,AP$13)=\"\",10^12,OFFSET(CRONOPLE!$F$14,$M23,AP$13))))","v":1000000000000},{"$f":"IF($D23<>\"Serviço\",0,IF(AND(AUTOEVENTO=\"Manual\",$M23=1),0,IF(OFFSET(CRONOPLE!$F$14,$M23,AQ$13)=\"\",10^12,OFFSET(CRONOPLE!$F$14,$M23,AQ$13))))","v":1000000000000},{"$f":"IF($D23<>\"Serviço\",0,IF(AND(AUTOEVENTO=\"Manual\",$M23=1),0,IF(OFFSET(CRONOPLE!$F$14,$M23,AR$13)=\"\",10^12,OFFSET(CRONOPLE!$F$14,$M23,AR$13))))","v":1000000000000},{"$f":"IF($D23<>\"Serviço\",0,IF(AND(AUTOEVENTO=\"Manual\",$M23=1),0,IF(OFFSET(CRONOPLE!$F$14,$M23,AS$13)=\"\",10^12,OFFSET(CRONOPLE!$F$14,$M23,AS$13))))","v":1000000000000},{"$f":"IF($D23<>\"Serviço\",0,IF(AND(AUTOEVENTO=\"Manual\",$M23=1),0,IF(OFFSET(CRONOPLE!$F$14,$M23,AT$13)=\"\",10^12,OFFSET(CRONOPLE!$F$14,$M23,AT$13))))","v":1000000000000},{"$f":"IF($D23<>\"Serviço\",0,IF(AND(AUTOEVENTO=\"Manual\",$M23=1),0,IF(OFFSET(CRONOPLE!$F$14,$M23,AU$13)=\"\",10^12,OFFSET(CRONOPLE!$F$14,$M23,AU$13))))","v":1000000000000},{"$f":"IF($D23<>\"Serviço\",0,IF(AND(AUTOEVENTO=\"Manual\",$M23=1),0,IF(OFFSET(CRONOPLE!$F$14,$M23,AV$13)=\"\",10^12,OFFSET(CRONOPLE!$F$14,$M23,AV$13))))","v":1000000000000},null,{"$f":"IF($D23<>\"Serviço\",0,IF(OR(AND(AUTOEVENTO=\"Manual\",$M23=1),$M23>(ROW(PLE.lastrow)-ROW(PLE.firstrow))),0,IF(OFFSET(PLE!$G$14,$M23,AX$13)=\"\",10^12,OFFSET(PLE!$G$14,$M23,AX$13))))","v":1000000000000},{"$f":"IF($D23<>\"Serviço\",0,IF(OR(AND(AUTOEVENTO=\"Manual\",$M23=1),$M23>(ROW(PLE.lastrow)-ROW(PLE.firstrow))),0,IF(OFFSET(PLE!$G$14,$M23,AY$13)=\"\",10^12,OFFSET(PLE!$G$14,$M23,AY$13))))","v":1000000000000},{"$f":"IF($D23<>\"Serviço\",0,IF(OR(AND(AUTOEVENTO=\"Manual\",$M23=1),$M23>(ROW(PLE.lastrow)-ROW(PLE.firstrow))),0,IF(OFFSET(PLE!$G$14,$M23,AZ$13)=\"\",10^12,OFFSET(PLE!$G$14,$M23,AZ$13))))","v":1000000000000},{"$f":"IF($D23<>\"Serviço\",0,IF(OR(AND(AUTOEVENTO=\"Manual\",$M23=1),$M23>(ROW(PLE.lastrow)-ROW(PLE.firstrow))),0,IF(OFFSET(PLE!$G$14,$M23,BA$13)=\"\",10^12,OFFSET(PLE!$G$14,$M23,BA$13))))","v":1000000000000},{"$f":"IF($D23<>\"Serviço\",0,IF(OR(AND(AUTOEVENTO=\"Manual\",$M23=1),$M23>(ROW(PLE.lastrow)-ROW(PLE.firstrow))),0,IF(OFFSET(PLE!$G$14,$M23,BB$13)=\"\",10^12,OFFSET(PLE!$G$14,$M23,BB$13))))","v":1000000000000},{"$f":"IF($D23<>\"Serviço\",0,IF(OR(AND(AUTOEVENTO=\"Manual\",$M23=1),$M23>(ROW(PLE.lastrow)-ROW(PLE.firstrow))),0,IF(OFFSET(PLE!$G$14,$M23,BC$13)=\"\",10^12,OFFSET(PLE!$G$14,$M23,BC$13))))","v":1000000000000},{"$f":"IF($D23<>\"Serviço\",0,IF(OR(AND(AUTOEVENTO=\"Manual\",$M23=1),$M23>(ROW(PLE.lastrow)-ROW(PLE.firstrow))),0,IF(OFFSET(PLE!$G$14,$M23,BD$13)=\"\",10^12,OFFSET(PLE!$G$14,$M23,BD$13))))","v":1000000000000},{"$f":"IF($D23<>\"Serviço\",0,IF(OR(AND(AUTOEVENTO=\"Manual\",$M23=1),$M23>(ROW(PLE.lastrow)-ROW(PLE.firstrow))),0,IF(OFFSET(PLE!$G$14,$M23,BE$13)=\"\",10^12,OFFSET(PLE!$G$14,$M23,BE$13))))","v":1000000000000},{"$f":"IF($D23<>\"Serviço\",0,IF(OR(AND(AUTOEVENTO=\"Manual\",$M23=1),$M23>(ROW(PLE.lastrow)-ROW(PLE.firstrow))),0,IF(OFFSET(PLE!$G$14,$M23,BF$13)=\"\",10^12,OFFSET(PLE!$G$14,$M23,BF$13))))","v":1000000000000},{"$f":"IF($D23<>\"Serviço\",0,IF(OR(AND(AUTOEVENTO=\"Manual\",$M23=1),$M23>(ROW(PLE.lastrow)-ROW(PLE.firstrow))),0,IF(OFFSET(PLE!$G$14,$M23,BG$13)=\"\",10^12,OFFSET(PLE!$G$14,$M23,BG$13))))","v":1000000000000}]
["2",{"$f":"OFFSET(ORÇAMENTO!C$15,ROW(B24)-ROW(B$15),0)","v":3},{"$f":"OFFSET(ORÇAMENTO!L$15,ROW(C24)-ROW(C$15),0)","v":"F"},{"$f":"OFFSET(ORÇAMENTO!N$15,ROW(D24)-ROW(D$15),0)","v":"Nível 3"},{"$f":"OFFSET(ORÇAMENTO!O$15,ROW(E24)-ROW(E$15),0)","v":"1.1.2."},{"$f":"OFFSET(ORÇAMENTO!R$15,ROW(F24)-ROW(F$15),0)","v":"DEMOLIÇÕES E RETIRADAS"},{"$f":"IF($D24<>\"Serviço\",\"\",OFFSET(ORÇAMENTO!S$15,ROW(G24)-ROW(G$15),0))","v":""},{"$f":"IF($D24<>\"Serviço\",0,IF(ACOMPANHAMENTO=\"BM\",ROUND(OFFSET(ORÇAMENTO!AJ$15,ROW(H24)-ROW(H$15),0),15-13*ORÇAMENTO!$AF$7),SUMPRODUCT(($Q$12:$AA$12<>\"\")*ROUND($Q24:$AA24,15-13*ORÇAMENTO!$AF$7))))","v":0},null,null,null,".",{"$f":"IF($D24<>\"Serviço\",\"\",IF(AUTOEVENTO=\"manual\",$A24,IF(ISERROR(MATCH($A24,$A$15:OFFSET($A24,-1,0),0)),MAX($M$15:OFFSET(M24,-1,0))+1,INDEX($M$15:OFFSET(M24,-1,0),MATCH($A24,$A$15:OFFSET($A24,-1,0),0)))))","v":""},{"$f":"IF($D24<>\"Serviço\",\"\",IF(AUTOEVENTO=\"Manual\",IF($A24=0,\"<-- defina o número do agrupador\",OFFSET(EVENTOS!$D$14,$A24,0)),OFFSET($F$15,$A24,0)))","v":""},null,null,null,null,null,null,null,null,null,null,null,null,null,{"$f":"IF(AND($D24=\"Serviço\",AB$12<>0,$H24>0,OR(AUTOEVENTO<>\"manual\",$M24<>1)),\nIF(Import.TipoArredondamento<>\"TransfereGOV\",\nROUND(OFFSET($P24,0,AB$13),15-13*ORÇAMENTO!$AF$7)/$H24*OFFSET(ORÇAMENTO!$X$15,ROW(AB24)-ROW(AB$15),0),\nROUND(ROUND(OFFSET($P24,0,AB$13),15-13*ORÇAMENTO!$AF$7)*OFFSET(ORÇAMENTO!$W$15,ROW(AB24)-ROW(AB$15),0),15-13*ORÇAMENTO!$AF$11)),0)","v":0},{"$f":"IF(AND($D24=\"Serviço\",AC$12<>0,$H24>0,OR(AUTOEVENTO<>\"manual\",$M24<>1)),\nIF(Import.TipoArredondamento<>\"TransfereGOV\",\nROUND(OFFSET($P24,0,AC$13),15-13*ORÇAMENTO!$AF$7)/$H24*OFFSET(ORÇAMENTO!$X$15,ROW(AC24)-ROW(AC$15),0),\nROUND(ROUND(OFFSET($P24,0,AC$13),15-13*ORÇAMENTO!$AF$7)*OFFSET(ORÇAMENTO!$W$15,ROW(AC24)-ROW(AC$15),0),15-13*ORÇAMENTO!$AF$11)),0)","v":0},{"$f":"IF(AND($D24=\"Serviço\",AD$12<>0,$H24>0,OR(AUTOEVENTO<>\"manual\",$M24<>1)),\nIF(Import.TipoArredondamento<>\"TransfereGOV\",\nROUND(OFFSET($P24,0,AD$13),15-13*ORÇAMENTO!$AF$7)/$H24*OFFSET(ORÇAMENTO!$X$15,ROW(AD24)-ROW(AD$15),0),\nROUND(ROUND(OFFSET($P24,0,AD$13),15-13*ORÇAMENTO!$AF$7)*OFFSET(ORÇAMENTO!$W$15,ROW(AD24)-ROW(AD$15),0),15-13*ORÇAMENTO!$AF$11)),0)","v":0},{"$f":"IF(AND($D24=\"Serviço\",AE$12<>0,$H24>0,OR(AUTOEVENTO<>\"manual\",$M24<>1)),\nIF(Import.TipoArredondamento<>\"TransfereGOV\",\nROUND(OFFSET($P24,0,AE$13),15-13*ORÇAMENTO!$AF$7)/$H24*OFFSET(ORÇAMENTO!$X$15,ROW(AE24)-ROW(AE$15),0),\nROUND(ROUND(OFFSET($P24,0,AE$13),15-13*ORÇAMENTO!$AF$7)*OFFSET(ORÇAMENTO!$W$15,ROW(AE24)-ROW(AE$15),0),15-13*ORÇAMENTO!$AF$11)),0)","v":0},{"$f":"IF(AND($D24=\"Serviço\",AF$12<>0,$H24>0,OR(AUTOEVENTO<>\"manual\",$M24<>1)),\nIF(Import.TipoArredondamento<>\"TransfereGOV\",\nROUND(OFFSET($P24,0,AF$13),15-13*ORÇAMENTO!$AF$7)/$H24*OFFSET(ORÇAMENTO!$X$15,ROW(AF24)-ROW(AF$15),0),\nROUND(ROUND(OFFSET($P24,0,AF$13),15-13*ORÇAMENTO!$AF$7)*OFFSET(ORÇAMENTO!$W$15,ROW(AF24)-ROW(AF$15),0),15-13*ORÇAMENTO!$AF$11)),0)","v":0},{"$f":"IF(AND($D24=\"Serviço\",AG$12<>0,$H24>0,OR(AUTOEVENTO<>\"manual\",$M24<>1)),\nIF(Import.TipoArredondamento<>\"TransfereGOV\",\nROUND(OFFSET($P24,0,AG$13),15-13*ORÇAMENTO!$AF$7)/$H24*OFFSET(ORÇAMENTO!$X$15,ROW(AG24)-ROW(AG$15),0),\nROUND(ROUND(OFFSET($P24,0,AG$13),15-13*ORÇAMENTO!$AF$7)*OFFSET(ORÇAMENTO!$W$15,ROW(AG24)-ROW(AG$15),0),15-13*ORÇAMENTO!$AF$11)),0)","v":0},{"$f":"IF(AND($D24=\"Serviço\",AH$12<>0,$H24>0,OR(AUTOEVENTO<>\"manual\",$M24<>1)),\nIF(Import.TipoArredondamento<>\"TransfereGOV\",\nROUND(OFFSET($P24,0,AH$13),15-13*ORÇAMENTO!$AF$7)/$H24*OFFSET(ORÇAMENTO!$X$15,ROW(AH24)-ROW(AH$15),0),\nROUND(ROUND(OFFSET($P24,0,AH$13),15-13*ORÇAMENTO!$AF$7)*OFFSET(ORÇAMENTO!$W$15,ROW(AH24)-ROW(AH$15),0),15-13*ORÇAMENTO!$AF$11)),0)","v":0},{"$f":"IF(AND($D24=\"Serviço\",AI$12<>0,$H24>0,OR(AUTOEVENTO<>\"manual\",$M24<>1)),\nIF(Import.TipoArredondamento<>\"TransfereGOV\",\nROUND(OFFSET($P24,0,AI$13),15-13*ORÇAMENTO!$AF$7)/$H24*OFFSET(ORÇAMENTO!$X$15,ROW(AI24)-ROW(AI$15),0),\nROUND(ROUND(OFFSET($P24,0,AI$13),15-13*ORÇAMENTO!$AF$7)*OFFSET(ORÇAMENTO!$W$15,ROW(AI24)-ROW(AI$15),0),15-13*ORÇAMENTO!$AF$11)),0)","v":0},{"$f":"IF(AND($D24=\"Serviço\",AJ$12<>0,$H24>0,OR(AUTOEVENTO<>\"manual\",$M24<>1)),\nIF(Import.TipoArredondamento<>\"TransfereGOV\",\nROUND(OFFSET($P24,0,AJ$13),15-13*ORÇAMENTO!$AF$7)/$H24*OFFSET(ORÇAMENTO!$X$15,ROW(AJ24)-ROW(AJ$15),0),\nROUND(ROUND(OFFSET($P24,0,AJ$13),15-13*ORÇAMENTO!$AF$7)*OFFSET(ORÇAMENTO!$W$15,ROW(AJ24)-ROW(AJ$15),0),15-13*ORÇAMENTO!$AF$11)),0)","v":0},{"$f":"IF(AND($D24=\"Serviço\",AK$12<>0,$H24>0,OR(AUTOEVENTO<>\"manual\",$M24<>1)),\nIF(Import.TipoArredondamento<>\"TransfereGOV\",\nROUND(OFFSET($P24,0,AK$13),15-13*ORÇAMENTO!$AF$7)/$H24*OFFSET(ORÇAMENTO!$X$15,ROW(AK24)-ROW(AK$15),0),\nROUND(ROUND(OFFSET($P24,0,AK$13),15-13*ORÇAMENTO!$AF$7)*OFFSET(ORÇAMENTO!$W$15,ROW(AK24)-ROW(AK$15),0),15-13*ORÇAMENTO!$AF$11)),0)","v":0},null,{"$f":"IF($D24<>\"Serviço\",0,IF(AND(AUTOEVENTO=\"Manual\",$M24=1),0,IF(OFFSET(CRONOPLE!$F$14,$M24,AM$13)=\"\",10^12,OFFSET(CRONOPLE!$F$14,$M24,AM$13))))","v":0},{"$f":"IF($D24<>\"Serviço\",0,IF(AND(AUTOEVENTO=\"Manual\",$M24=1),0,IF(OFFSET(CRONOPLE!$F$14,$M24,AN$13)=\"\",10^12,OFFSET(CRONOPLE!$F$14,$M24,AN$13))))","v":0},{"$f":"IF($D24<>\"Serviço\",0,IF(AND(AUTOEVENTO=\"Manual\",$M24=1),0,IF(OFFSET(CRONOPLE!$F$14,$M24,AO$13)=\"\",10^12,OFFSET(CRONOPLE!$F$14,$M24,AO$13))))","v":0},{"$f":"IF($D24<>\"Serviço\",0,IF(AND(AUTOEVENTO=\"Manual\",$M24=1),0,IF(OFFSET(CRONOPLE!$F$14,$M24,AP$13)=\"\",10^12,OFFSET(CRONOPLE!$F$14,$M24,AP$13))))","v":0},{"$f":"IF($D24<>\"Serviço\",0,IF(AND(AUTOEVENTO=\"Manual\",$M24=1),0,IF(OFFSET(CRONOPLE!$F$14,$M24,AQ$13)=\"\",10^12,OFFSET(CRONOPLE!$F$14,$M24,AQ$13))))","v":0},{"$f":"IF($D24<>\"Serviço\",0,IF(AND(AUTOEVENTO=\"Manual\",$M24=1),0,IF(OFFSET(CRONOPLE!$F$14,$M24,AR$13)=\"\",10^12,OFFSET(CRONOPLE!$F$14,$M24,AR$13))))","v":0},{"$f":"IF($D24<>\"Serviço\",0,IF(AND(AUTOEVENTO=\"Manual\",$M24=1),0,IF(OFFSET(CRONOPLE!$F$14,$M24,AS$13)=\"\",10^12,OFFSET(CRONOPLE!$F$14,$M24,AS$13))))","v":0},{"$f":"IF($D24<>\"Serviço\",0,IF(AND(AUTOEVENTO=\"Manual\",$M24=1),0,IF(OFFSET(CRONOPLE!$F$14,$M24,AT$13)=\"\",10^12,OFFSET(CRONOPLE!$F$14,$M24,AT$13))))","v":0},{"$f":"IF($D24<>\"Serviço\",0,IF(AND(AUTOEVENTO=\"Manual\",$M24=1),0,IF(OFFSET(CRONOPLE!$F$14,$M24,AU$13)=\"\",10^12,OFFSET(CRONOPLE!$F$14,$M24,AU$13))))","v":0},{"$f":"IF($D24<>\"Serviço\",0,IF(AND(AUTOEVENTO=\"Manual\",$M24=1),0,IF(OFFSET(CRONOPLE!$F$14,$M24,AV$13)=\"\",10^12,OFFSET(CRONOPLE!$F$14,$M24,AV$13))))","v":0},null,{"$f":"IF($D24<>\"Serviço\",0,IF(OR(AND(AUTOEVENTO=\"Manual\",$M24=1),$M24>(ROW(PLE.lastrow)-ROW(PLE.firstrow))),0,IF(OFFSET(PLE!$G$14,$M24,AX$13)=\"\",10^12,OFFSET(PLE!$G$14,$M24,AX$13))))","v":0},{"$f":"IF($D24<>\"Serviço\",0,IF(OR(AND(AUTOEVENTO=\"Manual\",$M24=1),$M24>(ROW(PLE.lastrow)-ROW(PLE.firstrow))),0,IF(OFFSET(PLE!$G$14,$M24,AY$13)=\"\",10^12,OFFSET(PLE!$G$14,$M24,AY$13))))","v":0},{"$f":"IF($D24<>\"Serviço\",0,IF(OR(AND(AUTOEVENTO=\"Manual\",$M24=1),$M24>(ROW(PLE.lastrow)-ROW(PLE.firstrow))),0,IF(OFFSET(PLE!$G$14,$M24,AZ$13)=\"\",10^12,OFFSET(PLE!$G$14,$M24,AZ$13))))","v":0},{"$f":"IF($D24<>\"Serviço\",0,IF(OR(AND(AUTOEVENTO=\"Manual\",$M24=1),$M24>(ROW(PLE.lastrow)-ROW(PLE.firstrow))),0,IF(OFFSET(PLE!$G$14,$M24,BA$13)=\"\",10^12,OFFSET(PLE!$G$14,$M24,BA$13))))","v":0},{"$f":"IF($D24<>\"Serviço\",0,IF(OR(AND(AUTOEVENTO=\"Manual\",$M24=1),$M24>(ROW(PLE.lastrow)-ROW(PLE.firstrow))),0,IF(OFFSET(PLE!$G$14,$M24,BB$13)=\"\",10^12,OFFSET(PLE!$G$14,$M24,BB$13))))","v":0},{"$f":"IF($D24<>\"Serviço\",0,IF(OR(AND(AUTOEVENTO=\"Manual\",$M24=1),$M24>(ROW(PLE.lastrow)-ROW(PLE.firstrow))),0,IF(OFFSET(PLE!$G$14,$M24,BC$13)=\"\",10^12,OFFSET(PLE!$G$14,$M24,BC$13))))","v":0},{"$f":"IF($D24<>\"Serviço\",0,IF(OR(AND(AUTOEVENTO=\"Manual\",$M24=1),$M24>(ROW(PLE.lastrow)-ROW(PLE.firstrow))),0,IF(OFFSET(PLE!$G$14,$M24,BD$13)=\"\",10^12,OFFSET(PLE!$G$14,$M24,BD$13))))","v":0},{"$f":"IF($D24<>\"Serviço\",0,IF(OR(AND(AUTOEVENTO=\"Manual\",$M24=1),$M24>(ROW(PLE.lastrow)-ROW(PLE.firstrow))),0,IF(OFFSET(PLE!$G$14,$M24,BE$13)=\"\",10^12,OFFSET(PLE!$G$14,$M24,BE$13))))","v":0},{"$f":"IF($D24<>\"Serviço\",0,IF(OR(AND(AUTOEVENTO=\"Manual\",$M24=1),$M24>(ROW(PLE.lastrow)-ROW(PLE.firstrow))),0,IF(OFFSET(PLE!$G$14,$M24,BF$13)=\"\",10^12,OFFSET(PLE!$G$14,$M24,BF$13))))","v":0},{"$f":"IF($D24<>\"Serviço\",0,IF(OR(AND(AUTOEVENTO=\"Manual\",$M24=1),$M24>(ROW(PLE.lastrow)-ROW(PLE.firstrow))),0,IF(OFFSET(PLE!$G$14,$M24,BG$13)=\"\",10^12,OFFSET(PLE!$G$14,$M24,BG$13))))","v":0}]
["2",{"$f":"OFFSET(ORÇAMENTO!C$15,ROW(B25)-ROW(B$15),0)","v":"S"},{"$f":"OFFSET(ORÇAMENTO!L$15,ROW(C25)-ROW(C$15),0)","v":"F"},{"$f":"OFFSET(ORÇAMENTO!N$15,ROW(D25)-ROW(D$15),0)","v":"Serviço"},{"$f":"OFFSET(ORÇAMENTO!O$15,ROW(E25)-ROW(E$15),0)","v":"1.1.2.1."},{"$f":"OFFSET(ORÇAMENTO!R$15,ROW(F25)-ROW(F$15),0)","v":"REMOÇÃO DE PORTAS, DE FORMA MANUAL, SEM REAPROVEITAMENTO. AF_09/2023"},{"$f":"IF($D25<>\"Serviço\",\"\",OFFSET(ORÇAMENTO!S$15,ROW(G25)-ROW(G$15),0))","v":"M2"},{"$f":"IF($D25<>\"Serviço\",0,IF(ACOMPANHAMENTO=\"BM\",ROUND(OFFSET(ORÇAMENTO!AJ$15,ROW(H25)-ROW(H$15),0),15-13*ORÇAMENTO!$AF$7),SUMPRODUCT(($Q$12:$AA$12<>\"\")*ROUND($Q25:$AA25,15-13*ORÇAMENTO!$AF$7))))","v":12.75},null,null,null,".",{"$f":"IF($D25<>\"Serviço\",\"\",IF(AUTOEVENTO=\"manual\",$A25,IF(ISERROR(MATCH($A25,$A$15:OFFSET($A25,-1,0),0)),MAX($M$15:OFFSET(M25,-1,0))+1,INDEX($M$15:OFFSET(M25,-1,0),MATCH($A25,$A$15:OFFSET($A25,-1,0),0)))))","v":2},{"$f":"IF($D25<>\"Serviço\",\"\",IF(AUTOEVENTO=\"Manual\",IF($A25=0,\"<-- defina o número do agrupador\",OFFSET(EVENTOS!$D$14,$A25,0)),OFFSET($F$15,$A25,0)))","v":"SERVIÇOS PRELIMINARES, CANTEIRO DE OBRAS, SEGURANÇA E SAÚDE"},null,null,null,null,null,null,null,null,null,null,null,null,null,{"$f":"IF(AND($D25=\"Serviço\",AB$12<>0,$H25>0,OR(AUTOEVENTO<>\"manual\",$M25<>1)),\nIF(Import.TipoArredondamento<>\"TransfereGOV\",\nROUND(OFFSET($P25,0,AB$13),15-13*ORÇAMENTO!$AF$7)/$H25*OFFSET(ORÇAMENTO!$X$15,ROW(AB25)-ROW(AB$15),0),\nROUND(ROUND(OFFSET($P25,0,AB$13),15-13*ORÇAMENTO!$AF$7)*OFFSET(ORÇAMENTO!$W$15,ROW(AB25)-ROW(AB$15),0),15-13*ORÇAMENTO!$AF$11)),0)","v":0},{"$f":"IF(AND($D25=\"Serviço\",AC$12<>0,$H25>0,OR(AUTOEVENTO<>\"manual\",$M25<>1)),\nIF(Import.TipoArredondamento<>\"TransfereGOV\",\nROUND(OFFSET($P25,0,AC$13),15-13*ORÇAMENTO!$AF$7)/$H25*OFFSET(ORÇAMENTO!$X$15,ROW(AC25)-ROW(AC$15),0),\nROUND(ROUND(OFFSET($P25,0,AC$13),15-13*ORÇAMENTO!$AF$7)*OFFSET(ORÇAMENTO!$W$15,ROW(AC25)-ROW(AC$15),0),15-13*ORÇAMENTO!$AF$11)),0)","v":0},{"$f":"IF(AND($D25=\"Serviço\",AD$12<>0,$H25>0,OR(AUTOEVENTO<>\"manual\",$M25<>1)),\nIF(Import.TipoArredondamento<>\"TransfereGOV\",\nROUND(OFFSET($P25,0,AD$13),15-13*ORÇAMENTO!$AF$7)/$H25*OFFSET(ORÇAMENTO!$X$15,ROW(AD25)-ROW(AD$15),0),\nROUND(ROUND(OFFSET($P25,0,AD$13),15-13*ORÇAMENTO!$AF$7)*OFFSET(ORÇAMENTO!$W$15,ROW(AD25)-ROW(AD$15),0),15-13*ORÇAMENTO!$AF$11)),0)","v":0},{"$f":"IF(AND($D25=\"Serviço\",AE$12<>0,$H25>0,OR(AUTOEVENTO<>\"manual\",$M25<>1)),\nIF(Import.TipoArredondamento<>\"TransfereGOV\",\nROUND(OFFSET($P25,0,AE$13),15-13*ORÇAMENTO!$AF$7)/$H25*OFFSET(ORÇAMENTO!$X$15,ROW(AE25)-ROW(AE$15),0),\nROUND(ROUND(OFFSET($P25,0,AE$13),15-13*ORÇAMENTO!$AF$7)*OFFSET(ORÇAMENTO!$W$15,ROW(AE25)-ROW(AE$15),0),15-13*ORÇAMENTO!$AF$11)),0)","v":0},{"$f":"IF(AND($D25=\"Serviço\",AF$12<>0,$H25>0,OR(AUTOEVENTO<>\"manual\",$M25<>1)),\nIF(Import.TipoArredondamento<>\"TransfereGOV\",\nROUND(OFFSET($P25,0,AF$13),15-13*ORÇAMENTO!$AF$7)/$H25*OFFSET(ORÇAMENTO!$X$15,ROW(AF25)-ROW(AF$15),0),\nROUND(ROUND(OFFSET($P25,0,AF$13),15-13*ORÇAMENTO!$AF$7)*OFFSET(ORÇAMENTO!$W$15,ROW(AF25)-ROW(AF$15),0),15-13*ORÇAMENTO!$AF$11)),0)","v":0},{"$f":"IF(AND($D25=\"Serviço\",AG$12<>0,$H25>0,OR(AUTOEVENTO<>\"manual\",$M25<>1)),\nIF(Import.TipoArredondamento<>\"TransfereGOV\",\nROUND(OFFSET($P25,0,AG$13),15-13*ORÇAMENTO!$AF$7)/$H25*OFFSET(ORÇAMENTO!$X$15,ROW(AG25)-ROW(AG$15),0),\nROUND(ROUND(OFFSET($P25,0,AG$13),15-13*ORÇAMENTO!$AF$7)*OFFSET(ORÇAMENTO!$W$15,ROW(AG25)-ROW(AG$15),0),15-13*ORÇAMENTO!$AF$11)),0)","v":0},{"$f":"IF(AND($D25=\"Serviço\",AH$12<>0,$H25>0,OR(AUTOEVENTO<>\"manual\",$M25<>1)),\nIF(Import.TipoArredondamento<>\"TransfereGOV\",\nROUND(OFFSET($P25,0,AH$13),15-13*ORÇAMENTO!$AF$7)/$H25*OFFSET(ORÇAMENTO!$X$15,ROW(AH25)-ROW(AH$15),0),\nROUND(ROUND(OFFSET($P25,0,AH$13),15-13*ORÇAMENTO!$AF$7)*OFFSET(ORÇAMENTO!$W$15,ROW(AH25)-ROW(AH$15),0),15-13*ORÇAMENTO!$AF$11)),0)","v":0},{"$f":"IF(AND($D25=\"Serviço\",AI$12<>0,$H25>0,OR(AUTOEVENTO<>\"manual\",$M25<>1)),\nIF(Import.TipoArredondamento<>\"TransfereGOV\",\nROUND(OFFSET($P25,0,AI$13),15-13*ORÇAMENTO!$AF$7)/$H25*OFFSET(ORÇAMENTO!$X$15,ROW(AI25)-ROW(AI$15),0),\nROUND(ROUND(OFFSET($P25,0,AI$13),15-13*ORÇAMENTO!$AF$7)*OFFSET(ORÇAMENTO!$W$15,ROW(AI25)-ROW(AI$15),0),15-13*ORÇAMENTO!$AF$11)),0)","v":0},{"$f":"IF(AND($D25=\"Serviço\",AJ$12<>0,$H25>0,OR(AUTOEVENTO<>\"manual\",$M25<>1)),\nIF(Import.TipoArredondamento<>\"TransfereGOV\",\nROUND(OFFSET($P25,0,AJ$13),15-13*ORÇAMENTO!$AF$7)/$H25*OFFSET(ORÇAMENTO!$X$15,ROW(AJ25)-ROW(AJ$15),0),\nROUND(ROUND(OFFSET($P25,0,AJ$13),15-13*ORÇAMENTO!$AF$7)*OFFSET(ORÇAMENTO!$W$15,ROW(AJ25)-ROW(AJ$15),0),15-13*ORÇAMENTO!$AF$11)),0)","v":0},{"$f":"IF(AND($D25=\"Serviço\",AK$12<>0,$H25>0,OR(AUTOEVENTO<>\"manual\",$M25<>1)),\nIF(Import.TipoArredondamento<>\"TransfereGOV\",\nROUND(OFFSET($P25,0,AK$13),15-13*ORÇAMENTO!$AF$7)/$H25*OFFSET(ORÇAMENTO!$X$15,ROW(AK25)-ROW(AK$15),0),\nROUND(ROUND(OFFSET($P25,0,AK$13),15-13*ORÇAMENTO!$AF$7)*OFFSET(ORÇAMENTO!$W$15,ROW(AK25)-ROW(AK$15),0),15-13*ORÇAMENTO!$AF$11)),0)","v":0},null,{"$f":"IF($D25<>\"Serviço\",0,IF(AND(AUTOEVENTO=\"Manual\",$M25=1),0,IF(OFFSET(CRONOPLE!$F$14,$M25,AM$13)=\"\",10^12,OFFSET(CRONOPLE!$F$14,$M25,AM$13))))","v":1000000000000},{"$f":"IF($D25<>\"Serviço\",0,IF(AND(AUTOEVENTO=\"Manual\",$M25=1),0,IF(OFFSET(CRONOPLE!$F$14,$M25,AN$13)=\"\",10^12,OFFSET(CRONOPLE!$F$14,$M25,AN$13))))","v":1000000000000},{"$f":"IF($D25<>\"Serviço\",0,IF(AND(AUTOEVENTO=\"Manual\",$M25=1),0,IF(OFFSET(CRONOPLE!$F$14,$M25,AO$13)=\"\",10^12,OFFSET(CRONOPLE!$F$14,$M25,AO$13))))","v":1000000000000},{"$f":"IF($D25<>\"Serviço\",0,IF(AND(AUTOEVENTO=\"Manual\",$M25=1),0,IF(OFFSET(CRONOPLE!$F$14,$M25,AP$13)=\"\",10^12,OFFSET(CRONOPLE!$F$14,$M25,AP$13))))","v":1000000000000},{"$f":"IF($D25<>\"Serviço\",0,IF(AND(AUTOEVENTO=\"Manual\",$M25=1),0,IF(OFFSET(CRONOPLE!$F$14,$M25,AQ$13)=\"\",10^12,OFFSET(CRONOPLE!$F$14,$M25,AQ$13))))","v":1000000000000},{"$f":"IF($D25<>\"Serviço\",0,IF(AND(AUTOEVENTO=\"Manual\",$M25=1),0,IF(OFFSET(CRONOPLE!$F$14,$M25,AR$13)=\"\",10^12,OFFSET(CRONOPLE!$F$14,$M25,AR$13))))","v":1000000000000},{"$f":"IF($D25<>\"Serviço\",0,IF(AND(AUTOEVENTO=\"Manual\",$M25=1),0,IF(OFFSET(CRONOPLE!$F$14,$M25,AS$13)=\"\",10^12,OFFSET(CRONOPLE!$F$14,$M25,AS$13))))","v":1000000000000},{"$f":"IF($D25<>\"Serviço\",0,IF(AND(AUTOEVENTO=\"Manual\",$M25=1),0,IF(OFFSET(CRONOPLE!$F$14,$M25,AT$13)=\"\",10^12,OFFSET(CRONOPLE!$F$14,$M25,AT$13))))","v":1000000000000},{"$f":"IF($D25<>\"Serviço\",0,IF(AND(AUTOEVENTO=\"Manual\",$M25=1),0,IF(OFFSET(CRONOPLE!$F$14,$M25,AU$13)=\"\",10^12,OFFSET(CRONOPLE!$F$14,$M25,AU$13))))","v":1000000000000},{"$f":"IF($D25<>\"Serviço\",0,IF(AND(AUTOEVENTO=\"Manual\",$M25=1),0,IF(OFFSET(CRONOPLE!$F$14,$M25,AV$13)=\"\",10^12,OFFSET(CRONOPLE!$F$14,$M25,AV$13))))","v":1000000000000},null,{"$f":"IF($D25<>\"Serviço\",0,IF(OR(AND(AUTOEVENTO=\"Manual\",$M25=1),$M25>(ROW(PLE.lastrow)-ROW(PLE.firstrow))),0,IF(OFFSET(PLE!$G$14,$M25,AX$13)=\"\",10^12,OFFSET(PLE!$G$14,$M25,AX$13))))","v":1000000000000},{"$f":"IF($D25<>\"Serviço\",0,IF(OR(AND(AUTOEVENTO=\"Manual\",$M25=1),$M25>(ROW(PLE.lastrow)-ROW(PLE.firstrow))),0,IF(OFFSET(PLE!$G$14,$M25,AY$13)=\"\",10^12,OFFSET(PLE!$G$14,$M25,AY$13))))","v":1000000000000},{"$f":"IF($D25<>\"Serviço\",0,IF(OR(AND(AUTOEVENTO=\"Manual\",$M25=1),$M25>(ROW(PLE.lastrow)-ROW(PLE.firstrow))),0,IF(OFFSET(PLE!$G$14,$M25,AZ$13)=\"\",10^12,OFFSET(PLE!$G$14,$M25,AZ$13))))","v":1000000000000},{"$f":"IF($D25<>\"Serviço\",0,IF(OR(AND(AUTOEVENTO=\"Manual\",$M25=1),$M25>(ROW(PLE.lastrow)-ROW(PLE.firstrow))),0,IF(OFFSET(PLE!$G$14,$M25,BA$13)=\"\",10^12,OFFSET(PLE!$G$14,$M25,BA$13))))","v":1000000000000},{"$f":"IF($D25<>\"Serviço\",0,IF(OR(AND(AUTOEVENTO=\"Manual\",$M25=1),$M25>(ROW(PLE.lastrow)-ROW(PLE.firstrow))),0,IF(OFFSET(PLE!$G$14,$M25,BB$13)=\"\",10^12,OFFSET(PLE!$G$14,$M25,BB$13))))","v":1000000000000},{"$f":"IF($D25<>\"Serviço\",0,IF(OR(AND(AUTOEVENTO=\"Manual\",$M25=1),$M25>(ROW(PLE.lastrow)-ROW(PLE.firstrow))),0,IF(OFFSET(PLE!$G$14,$M25,BC$13)=\"\",10^12,OFFSET(PLE!$G$14,$M25,BC$13))))","v":1000000000000},{"$f":"IF($D25<>\"Serviço\",0,IF(OR(AND(AUTOEVENTO=\"Manual\",$M25=1),$M25>(ROW(PLE.lastrow)-ROW(PLE.firstrow))),0,IF(OFFSET(PLE!$G$14,$M25,BD$13)=\"\",10^12,OFFSET(PLE!$G$14,$M25,BD$13))))","v":1000000000000},{"$f":"IF($D25<>\"Serviço\",0,IF(OR(AND(AUTOEVENTO=\"Manual\",$M25=1),$M25>(ROW(PLE.lastrow)-ROW(PLE.firstrow))),0,IF(OFFSET(PLE!$G$14,$M25,BE$13)=\"\",10^12,OFFSET(PLE!$G$14,$M25,BE$13))))","v":1000000000000},{"$f":"IF($D25<>\"Serviço\",0,IF(OR(AND(AUTOEVENTO=\"Manual\",$M25=1),$M25>(ROW(PLE.lastrow)-ROW(PLE.firstrow))),0,IF(OFFSET(PLE!$G$14,$M25,BF$13)=\"\",10^12,OFFSET(PLE!$G$14,$M25,BF$13))))","v":1000000000000},{"$f":"IF($D25<>\"Serviço\",0,IF(OR(AND(AUTOEVENTO=\"Manual\",$M25=1),$M25>(ROW(PLE.lastrow)-ROW(PLE.firstrow))),0,IF(OFFSET(PLE!$G$14,$M25,BG$13)=\"\",10^12,OFFSET(PLE!$G$14,$M25,BG$13))))","v":1000000000000}]
["2",{"$f":"OFFSET(ORÇAMENTO!C$15,ROW(B26)-ROW(B$15),0)","v":"S"},{"$f":"OFFSET(ORÇAMENTO!L$15,ROW(C26)-ROW(C$15),0)","v":"F"},{"$f":"OFFSET(ORÇAMENTO!N$15,ROW(D26)-ROW(D$15),0)","v":"Serviço"},{"$f":"OFFSET(ORÇAMENTO!O$15,ROW(E26)-ROW(E$15),0)","v":"1.1.2.2."},{"$f":"OFFSET(ORÇAMENTO!R$15,ROW(F26)-ROW(F$15),0)","v":"REMOÇÃO DE JANELAS, DE FORMA MANUAL, SEM REAPROVEITAMENTO. AF_09/2023"},{"$f":"IF($D26<>\"Serviço\",\"\",OFFSET(ORÇAMENTO!S$15,ROW(G26)-ROW(G$15),0))","v":"M2"},{"$f":"IF($D26<>\"Serviço\",0,IF(ACOMPANHAMENTO=\"BM\",ROUND(OFFSET(ORÇAMENTO!AJ$15,ROW(H26)-ROW(H$15),0),15-13*ORÇAMENTO!$AF$7),SUMPRODUCT(($Q$12:$AA$12<>\"\")*ROUND($Q26:$AA26,15-13*ORÇAMENTO!$AF$7))))","v":43.87},null,null,null,".",{"$f":"IF($D26<>\"Serviço\",\"\",IF(AUTOEVENTO=\"manual\",$A26,IF(ISERROR(MATCH($A26,$A$15:OFFSET($A26,-1,0),0)),MAX($M$15:OFFSET(M26,-1,0))+1,INDEX($M$15:OFFSET(M26,-1,0),MATCH($A26,$A$15:OFFSET($A26,-1,0),0)))))","v":2},{"$f":"IF($D26<>\"Serviço\",\"\",IF(AUTOEVENTO=\"Manual\",IF($A26=0,\"<-- defina o número do agrupador\",OFFSET(EVENTOS!$D$14,$A26,0)),OFFSET($F$15,$A26,0)))","v":"SERVIÇOS PRELIMINARES, CANTEIRO DE OBRAS, SEGURANÇA E SAÚDE"},null,null,null,null,null,null,null,null,null,null,null,null,null,{"$f":"IF(AND($D26=\"Serviço\",AB$12<>0,$H26>0,OR(AUTOEVENTO<>\"manual\",$M26<>1)),\nIF(Import.TipoArredondamento<>\"TransfereGOV\",\nROUND(OFFSET($P26,0,AB$13),15-13*ORÇAMENTO!$AF$7)/$H26*OFFSET(ORÇAMENTO!$X$15,ROW(AB26)-ROW(AB$15),0),\nROUND(ROUND(OFFSET($P26,0,AB$13),15-13*ORÇAMENTO!$AF$7)*OFFSET(ORÇAMENTO!$W$15,ROW(AB26)-ROW(AB$15),0),15-13*ORÇAMENTO!$AF$11)),0)","v":0},{"$f":"IF(AND($D26=\"Serviço\",AC$12<>0,$H26>0,OR(AUTOEVENTO<>\"manual\",$M26<>1)),\nIF(Import.TipoArredondamento<>\"TransfereGOV\",\nROUND(OFFSET($P26,0,AC$13),15-13*ORÇAMENTO!$AF$7)/$H26*OFFSET(ORÇAMENTO!$X$15,ROW(AC26)-ROW(AC$15),0),\nROUND(ROUND(OFFSET($P26,0,AC$13),15-13*ORÇAMENTO!$AF$7)*OFFSET(ORÇAMENTO!$W$15,ROW(AC26)-ROW(AC$15),0),15-13*ORÇAMENTO!$AF$11)),0)","v":0},{"$f":"IF(AND($D26=\"Serviço\",AD$12<>0,$H26>0,OR(AUTOEVENTO<>\"manual\",$M26<>1)),\nIF(Import.TipoArredondamento<>\"TransfereGOV\",\nROUND(OFFSET($P26,0,AD$13),15-13*ORÇAMENTO!$AF$7)/$H26*OFFSET(ORÇAMENTO!$X$15,ROW(AD26)-ROW(AD$15),0),\nROUND(ROUND(OFFSET($P26,0,AD$13),15-13*ORÇAMENTO!$AF$7)*OFFSET(ORÇAMENTO!$W$15,ROW(AD26)-ROW(AD$15),0),15-13*ORÇAMENTO!$AF$11)),0)","v":0},{"$f":"IF(AND($D26=\"Serviço\",AE$12<>0,$H26>0,OR(AUTOEVENTO<>\"manual\",$M26<>1)),\nIF(Import.TipoArredondamento<>\"TransfereGOV\",\nROUND(OFFSET($P26,0,AE$13),15-13*ORÇAMENTO!$AF$7)/$H26*OFFSET(ORÇAMENTO!$X$15,ROW(AE26)-ROW(AE$15),0),\nROUND(ROUND(OFFSET($P26,0,AE$13),15-13*ORÇAMENTO!$AF$7)*OFFSET(ORÇAMENTO!$W$15,ROW(AE26)-ROW(AE$15),0),15-13*ORÇAMENTO!$AF$11)),0)","v":0},{"$f":"IF(AND($D26=\"Serviço\",AF$12<>0,$H26>0,OR(AUTOEVENTO<>\"manual\",$M26<>1)),\nIF(Import.TipoArredondamento<>\"TransfereGOV\",\nROUND(OFFSET($P26,0,AF$13),15-13*ORÇAMENTO!$AF$7)/$H26*OFFSET(ORÇAMENTO!$X$15,ROW(AF26)-ROW(AF$15),0),\nROUND(ROUND(OFFSET($P26,0,AF$13),15-13*ORÇAMENTO!$AF$7)*OFFSET(ORÇAMENTO!$W$15,ROW(AF26)-ROW(AF$15),0),15-13*ORÇAMENTO!$AF$11)),0)","v":0},{"$f":"IF(AND($D26=\"Serviço\",AG$12<>0,$H26>0,OR(AUTOEVENTO<>\"manual\",$M26<>1)),\nIF(Import.TipoArredondamento<>\"TransfereGOV\",\nROUND(OFFSET($P26,0,AG$13),15-13*ORÇAMENTO!$AF$7)/$H26*OFFSET(ORÇAMENTO!$X$15,ROW(AG26)-ROW(AG$15),0),\nROUND(ROUND(OFFSET($P26,0,AG$13),15-13*ORÇAMENTO!$AF$7)*OFFSET(ORÇAMENTO!$W$15,ROW(AG26)-ROW(AG$15),0),15-13*ORÇAMENTO!$AF$11)),0)","v":0},{"$f":"IF(AND($D26=\"Serviço\",AH$12<>0,$H26>0,OR(AUTOEVENTO<>\"manual\",$M26<>1)),\nIF(Import.TipoArredondamento<>\"TransfereGOV\",\nROUND(OFFSET($P26,0,AH$13),15-13*ORÇAMENTO!$AF$7)/$H26*OFFSET(ORÇAMENTO!$X$15,ROW(AH26)-ROW(AH$15),0),\nROUND(ROUND(OFFSET($P26,0,AH$13),15-13*ORÇAMENTO!$AF$7)*OFFSET(ORÇAMENTO!$W$15,ROW(AH26)-ROW(AH$15),0),15-13*ORÇAMENTO!$AF$11)),0)","v":0},{"$f":"IF(AND($D26=\"Serviço\",AI$12<>0,$H26>0,OR(AUTOEVENTO<>\"manual\",$M26<>1)),\nIF(Import.TipoArredondamento<>\"TransfereGOV\",\nROUND(OFFSET($P26,0,AI$13),15-13*ORÇAMENTO!$AF$7)/$H26*OFFSET(ORÇAMENTO!$X$15,ROW(AI26)-ROW(AI$15),0),\nROUND(ROUND(OFFSET($P26,0,AI$13),15-13*ORÇAMENTO!$AF$7)*OFFSET(ORÇAMENTO!$W$15,ROW(AI26)-ROW(AI$15),0),15-13*ORÇAMENTO!$AF$11)),0)","v":0},{"$f":"IF(AND($D26=\"Serviço\",AJ$12<>0,$H26>0,OR(AUTOEVENTO<>\"manual\",$M26<>1)),\nIF(Import.TipoArredondamento<>\"TransfereGOV\",\nROUND(OFFSET($P26,0,AJ$13),15-13*ORÇAMENTO!$AF$7)/$H26*OFFSET(ORÇAMENTO!$X$15,ROW(AJ26)-ROW(AJ$15),0),\nROUND(ROUND(OFFSET($P26,0,AJ$13),15-13*ORÇAMENTO!$AF$7)*OFFSET(ORÇAMENTO!$W$15,ROW(AJ26)-ROW(AJ$15),0),15-13*ORÇAMENTO!$AF$11)),0)","v":0},{"$f":"IF(AND($D26=\"Serviço\",AK$12<>0,$H26>0,OR(AUTOEVENTO<>\"manual\",$M26<>1)),\nIF(Import.TipoArredondamento<>\"TransfereGOV\",\nROUND(OFFSET($P26,0,AK$13),15-13*ORÇAMENTO!$AF$7)/$H26*OFFSET(ORÇAMENTO!$X$15,ROW(AK26)-ROW(AK$15),0),\nROUND(ROUND(OFFSET($P26,0,AK$13),15-13*ORÇAMENTO!$AF$7)*OFFSET(ORÇAMENTO!$W$15,ROW(AK26)-ROW(AK$15),0),15-13*ORÇAMENTO!$AF$11)),0)","v":0},null,{"$f":"IF($D26<>\"Serviço\",0,IF(AND(AUTOEVENTO=\"Manual\",$M26=1),0,IF(OFFSET(CRONOPLE!$F$14,$M26,AM$13)=\"\",10^12,OFFSET(CRONOPLE!$F$14,$M26,AM$13))))","v":1000000000000},{"$f":"IF($D26<>\"Serviço\",0,IF(AND(AUTOEVENTO=\"Manual\",$M26=1),0,IF(OFFSET(CRONOPLE!$F$14,$M26,AN$13)=\"\",10^12,OFFSET(CRONOPLE!$F$14,$M26,AN$13))))","v":1000000000000},{"$f":"IF($D26<>\"Serviço\",0,IF(AND(AUTOEVENTO=\"Manual\",$M26=1),0,IF(OFFSET(CRONOPLE!$F$14,$M26,AO$13)=\"\",10^12,OFFSET(CRONOPLE!$F$14,$M26,AO$13))))","v":1000000000000},{"$f":"IF($D26<>\"Serviço\",0,IF(AND(AUTOEVENTO=\"Manual\",$M26=1),0,IF(OFFSET(CRONOPLE!$F$14,$M26,AP$13)=\"\",10^12,OFFSET(CRONOPLE!$F$14,$M26,AP$13))))","v":1000000000000},{"$f":"IF($D26<>\"Serviço\",0,IF(AND(AUTOEVENTO=\"Manual\",$M26=1),0,IF(OFFSET(CRONOPLE!$F$14,$M26,AQ$13)=\"\",10^12,OFFSET(CRONOPLE!$F$14,$M26,AQ$13))))","v":1000000000000},{"$f":"IF($D26<>\"Serviço\",0,IF(AND(AUTOEVENTO=\"Manual\",$M26=1),0,IF(OFFSET(CRONOPLE!$F$14,$M26,AR$13)=\"\",10^12,OFFSET(CRONOPLE!$F$14,$M26,AR$13))))","v":1000000000000},{"$f":"IF($D26<>\"Serviço\",0,IF(AND(AUTOEVENTO=\"Manual\",$M26=1),0,IF(OFFSET(CRONOPLE!$F$14,$M26,AS$13)=\"\",10^12,OFFSET(CRONOPLE!$F$14,$M26,AS$13))))","v":1000000000000},{"$f":"IF($D26<>\"Serviço\",0,IF(AND(AUTOEVENTO=\"Manual\",$M26=1),0,IF(OFFSET(CRONOPLE!$F$14,$M26,AT$13)=\"\",10^12,OFFSET(CRONOPLE!$F$14,$M26,AT$13))))","v":1000000000000},{"$f":"IF($D26<>\"Serviço\",0,IF(AND(AUTOEVENTO=\"Manual\",$M26=1),0,IF(OFFSET(CRONOPLE!$F$14,$M26,AU$13)=\"\",10^12,OFFSET(CRONOPLE!$F$14,$M26,AU$13))))","v":1000000000000},{"$f":"IF($D26<>\"Serviço\",0,IF(AND(AUTOEVENTO=\"Manual\",$M26=1),0,IF(OFFSET(CRONOPLE!$F$14,$M26,AV$13)=\"\",10^12,OFFSET(CRONOPLE!$F$14,$M26,AV$13))))","v":1000000000000},null,{"$f":"IF($D26<>\"Serviço\",0,IF(OR(AND(AUTOEVENTO=\"Manual\",$M26=1),$M26>(ROW(PLE.lastrow)-ROW(PLE.firstrow))),0,IF(OFFSET(PLE!$G$14,$M26,AX$13)=\"\",10^12,OFFSET(PLE!$G$14,$M26,AX$13))))","v":1000000000000},{"$f":"IF($D26<>\"Serviço\",0,IF(OR(AND(AUTOEVENTO=\"Manual\",$M26=1),$M26>(ROW(PLE.lastrow)-ROW(PLE.firstrow))),0,IF(OFFSET(PLE!$G$14,$M26,AY$13)=\"\",10^12,OFFSET(PLE!$G$14,$M26,AY$13))))","v":1000000000000},{"$f":"IF($D26<>\"Serviço\",0,IF(OR(AND(AUTOEVENTO=\"Manual\",$M26=1),$M26>(ROW(PLE.lastrow)-ROW(PLE.firstrow))),0,IF(OFFSET(PLE!$G$14,$M26,AZ$13)=\"\",10^12,OFFSET(PLE!$G$14,$M26,AZ$13))))","v":1000000000000},{"$f":"IF($D26<>\"Serviço\",0,IF(OR(AND(AUTOEVENTO=\"Manual\",$M26=1),$M26>(ROW(PLE.lastrow)-ROW(PLE.firstrow))),0,IF(OFFSET(PLE!$G$14,$M26,BA$13)=\"\",10^12,OFFSET(PLE!$G$14,$M26,BA$13))))","v":1000000000000},{"$f":"IF($D26<>\"Serviço\",0,IF(OR(AND(AUTOEVENTO=\"Manual\",$M26=1),$M26>(ROW(PLE.lastrow)-ROW(PLE.firstrow))),0,IF(OFFSET(PLE!$G$14,$M26,BB$13)=\"\",10^12,OFFSET(PLE!$G$14,$M26,BB$13))))","v":1000000000000},{"$f":"IF($D26<>\"Serviço\",0,IF(OR(AND(AUTOEVENTO=\"Manual\",$M26=1),$M26>(ROW(PLE.lastrow)-ROW(PLE.firstrow))),0,IF(OFFSET(PLE!$G$14,$M26,BC$13)=\"\",10^12,OFFSET(PLE!$G$14,$M26,BC$13))))","v":1000000000000},{"$f":"IF($D26<>\"Serviço\",0,IF(OR(AND(AUTOEVENTO=\"Manual\",$M26=1),$M26>(ROW(PLE.lastrow)-ROW(PLE.firstrow))),0,IF(OFFSET(PLE!$G$14,$M26,BD$13)=\"\",10^12,OFFSET(PLE!$G$14,$M26,BD$13))))","v":1000000000000},{"$f":"IF($D26<>\"Serviço\",0,IF(OR(AND(AUTOEVENTO=\"Manual\",$M26=1),$M26>(ROW(PLE.lastrow)-ROW(PLE.firstrow))),0,IF(OFFSET(PLE!$G$14,$M26,BE$13)=\"\",10^12,OFFSET(PLE!$G$14,$M26,BE$13))))","v":1000000000000},{"$f":"IF($D26<>\"Serviço\",0,IF(OR(AND(AUTOEVENTO=\"Manual\",$M26=1),$M26>(ROW(PLE.lastrow)-ROW(PLE.firstrow))),0,IF(OFFSET(PLE!$G$14,$M26,BF$13)=\"\",10^12,OFFSET(PLE!$G$14,$M26,BF$13))))","v":1000000000000},{"$f":"IF($D26<>\"Serviço\",0,IF(OR(AND(AUTOEVENTO=\"Manual\",$M26=1),$M26>(ROW(PLE.lastrow)-ROW(PLE.firstrow))),0,IF(OFFSET(PLE!$G$14,$M26,BG$13)=\"\",10^12,OFFSET(PLE!$G$14,$M26,BG$13))))","v":1000000000000}]
["2",{"$f":"OFFSET(ORÇAMENTO!C$15,ROW(B27)-ROW(B$15),0)","v":"S"},{"$f":"OFFSET(ORÇAMENTO!L$15,ROW(C27)-ROW(C$15),0)","v":"F"},{"$f":"OFFSET(ORÇAMENTO!N$15,ROW(D27)-ROW(D$15),0)","v":"Serviço"},{"$f":"OFFSET(ORÇAMENTO!O$15,ROW(E27)-ROW(E$15),0)","v":"1.1.2.3."},{"$f":"OFFSET(ORÇAMENTO!R$15,ROW(F27)-ROW(F$15),0)","v":"REMOÇÃO DE FORROS DE DRYWALL, PVC E FIBROMINERAL, DE FORMA MANUAL, SEM REAPROVEITAMENTO. AF_09/2023"},{"$f":"IF($D27<>\"Serviço\",\"\",OFFSET(ORÇAMENTO!S$15,ROW(G27)-ROW(G$15),0))","v":"M2"},{"$f":"IF($D27<>\"Serviço\",0,IF(ACOMPANHAMENTO=\"BM\",ROUND(OFFSET(ORÇAMENTO!AJ$15,ROW(H27)-ROW(H$15),0),15-13*ORÇAMENTO!$AF$7),SUMPRODUCT(($Q$12:$AA$12<>\"\")*ROUND($Q27:$AA27,15-13*ORÇAMENTO!$AF$7))))","v":209.98},null,null,null,".",{"$f":"IF($D27<>\"Serviço\",\"\",IF(AUTOEVENTO=\"manual\",$A27,IF(ISERROR(MATCH($A27,$A$15:OFFSET($A27,-1,0),0)),MAX($M$15:OFFSET(M27,-1,0))+1,INDEX($M$15:OFFSET(M27,-1,0),MATCH($A27,$A$15:OFFSET($A27,-1,0),0)))))","v":2},{"$f":"IF($D27<>\"Serviço\",\"\",IF(AUTOEVENTO=\"Manual\",IF($A27=0,\"<-- defina o número do agrupador\",OFFSET(EVENTOS!$D$14,$A27,0)),OFFSET($F$15,$A27,0)))","v":"SERVIÇOS PRELIMINARES, CANTEIRO DE OBRAS, SEGURANÇA E SAÚDE"},null,null,null,null,null,null,null,null,null,null,null,null,null,{"$f":"IF(AND($D27=\"Serviço\",AB$12<>0,$H27>0,OR(AUTOEVENTO<>\"manual\",$M27<>1)),\nIF(Import.TipoArredondamento<>\"TransfereGOV\",\nROUND(OFFSET($P27,0,AB$13),15-13*ORÇAMENTO!$AF$7)/$H27*OFFSET(ORÇAMENTO!$X$15,ROW(AB27)-ROW(AB$15),0),\nROUND(ROUND(OFFSET($P27,0,AB$13),15-13*ORÇAMENTO!$AF$7)*OFFSET(ORÇAMENTO!$W$15,ROW(AB27)-ROW(AB$15),0),15-13*ORÇAMENTO!$AF$11)),0)","v":0},{"$f":"IF(AND($D27=\"Serviço\",AC$12<>0,$H27>0,OR(AUTOEVENTO<>\"manual\",$M27<>1)),\nIF(Import.TipoArredondamento<>\"TransfereGOV\",\nROUND(OFFSET($P27,0,AC$13),15-13*ORÇAMENTO!$AF$7)/$H27*OFFSET(ORÇAMENTO!$X$15,ROW(AC27)-ROW(AC$15),0),\nROUND(ROUND(OFFSET($P27,0,AC$13),15-13*ORÇAMENTO!$AF$7)*OFFSET(ORÇAMENTO!$W$15,ROW(AC27)-ROW(AC$15),0),15-13*ORÇAMENTO!$AF$11)),0)","v":0},{"$f":"IF(AND($D27=\"Serviço\",AD$12<>0,$H27>0,OR(AUTOEVENTO<>\"manual\",$M27<>1)),\nIF(Import.TipoArredondamento<>\"TransfereGOV\",\nROUND(OFFSET($P27,0,AD$13),15-13*ORÇAMENTO!$AF$7)/$H27*OFFSET(ORÇAMENTO!$X$15,ROW(AD27)-ROW(AD$15),0),\nROUND(ROUND(OFFSET($P27,0,AD$13),15-13*ORÇAMENTO!$AF$7)*OFFSET(ORÇAMENTO!$W$15,ROW(AD27)-ROW(AD$15),0),15-13*ORÇAMENTO!$AF$11)),0)","v":0},{"$f":"IF(AND($D27=\"Serviço\",AE$12<>0,$H27>0,OR(AUTOEVENTO<>\"manual\",$M27<>1)),\nIF(Import.TipoArredondamento<>\"TransfereGOV\",\nROUND(OFFSET($P27,0,AE$13),15-13*ORÇAMENTO!$AF$7)/$H27*OFFSET(ORÇAMENTO!$X$15,ROW(AE27)-ROW(AE$15),0),\nROUND(ROUND(OFFSET($P27,0,AE$13),15-13*ORÇAMENTO!$AF$7)*OFFSET(ORÇAMENTO!$W$15,ROW(AE27)-ROW(AE$15),0),15-13*ORÇAMENTO!$AF$11)),0)","v":0},{"$f":"IF(AND($D27=\"Serviço\",AF$12<>0,$H27>0,OR(AUTOEVENTO<>\"manual\",$M27<>1)),\nIF(Import.TipoArredondamento<>\"TransfereGOV\",\nROUND(OFFSET($P27,0,AF$13),15-13*ORÇAMENTO!$AF$7)/$H27*OFFSET(ORÇAMENTO!$X$15,ROW(AF27)-ROW(AF$15),0),\nROUND(ROUND(OFFSET($P27,0,AF$13),15-13*ORÇAMENTO!$AF$7)*OFFSET(ORÇAMENTO!$W$15,ROW(AF27)-ROW(AF$15),0),15-13*ORÇAMENTO!$AF$11)),0)","v":0},{"$f":"IF(AND($D27=\"Serviço\",AG$12<>0,$H27>0,OR(AUTOEVENTO<>\"manual\",$M27<>1)),\nIF(Import.TipoArredondamento<>\"TransfereGOV\",\nROUND(OFFSET($P27,0,AG$13),15-13*ORÇAMENTO!$AF$7)/$H27*OFFSET(ORÇAMENTO!$X$15,ROW(AG27)-ROW(AG$15),0),\nROUND(ROUND(OFFSET($P27,0,AG$13),15-13*ORÇAMENTO!$AF$7)*OFFSET(ORÇAMENTO!$W$15,ROW(AG27)-ROW(AG$15),0),15-13*ORÇAMENTO!$AF$11)),0)","v":0},{"$f":"IF(AND($D27=\"Serviço\",AH$12<>0,$H27>0,OR(AUTOEVENTO<>\"manual\",$M27<>1)),\nIF(Import.TipoArredondamento<>\"TransfereGOV\",\nROUND(OFFSET($P27,0,AH$13),15-13*ORÇAMENTO!$AF$7)/$H27*OFFSET(ORÇAMENTO!$X$15,ROW(AH27)-ROW(AH$15),0),\nROUND(ROUND(OFFSET($P27,0,AH$13),15-13*ORÇAMENTO!$AF$7)*OFFSET(ORÇAMENTO!$W$15,ROW(AH27)-ROW(AH$15),0),15-13*ORÇAMENTO!$AF$11)),0)","v":0},{"$f":"IF(AND($D27=\"Serviço\",AI$12<>0,$H27>0,OR(AUTOEVENTO<>\"manual\",$M27<>1)),\nIF(Import.TipoArredondamento<>\"TransfereGOV\",\nROUND(OFFSET($P27,0,AI$13),15-13*ORÇAMENTO!$AF$7)/$H27*OFFSET(ORÇAMENTO!$X$15,ROW(AI27)-ROW(AI$15),0),\nROUND(ROUND(OFFSET($P27,0,AI$13),15-13*ORÇAMENTO!$AF$7)*OFFSET(ORÇAMENTO!$W$15,ROW(AI27)-ROW(AI$15),0),15-13*ORÇAMENTO!$AF$11)),0)","v":0},{"$f":"IF(AND($D27=\"Serviço\",AJ$12<>0,$H27>0,OR(AUTOEVENTO<>\"manual\",$M27<>1)),\nIF(Import.TipoArredondamento<>\"TransfereGOV\",\nROUND(OFFSET($P27,0,AJ$13),15-13*ORÇAMENTO!$AF$7)/$H27*OFFSET(ORÇAMENTO!$X$15,ROW(AJ27)-ROW(AJ$15),0),\nROUND(ROUND(OFFSET($P27,0,AJ$13),15-13*ORÇAMENTO!$AF$7)*OFFSET(ORÇAMENTO!$W$15,ROW(AJ27)-ROW(AJ$15),0),15-13*ORÇAMENTO!$AF$11)),0)","v":0},{"$f":"IF(AND($D27=\"Serviço\",AK$12<>0,$H27>0,OR(AUTOEVENTO<>\"manual\",$M27<>1)),\nIF(Import.TipoArredondamento<>\"TransfereGOV\",\nROUND(OFFSET($P27,0,AK$13),15-13*ORÇAMENTO!$AF$7)/$H27*OFFSET(ORÇAMENTO!$X$15,ROW(AK27)-ROW(AK$15),0),\nROUND(ROUND(OFFSET($P27,0,AK$13),15-13*ORÇAMENTO!$AF$7)*OFFSET(ORÇAMENTO!$W$15,ROW(AK27)-ROW(AK$15),0),15-13*ORÇAMENTO!$AF$11)),0)","v":0},null,{"$f":"IF($D27<>\"Serviço\",0,IF(AND(AUTOEVENTO=\"Manual\",$M27=1),0,IF(OFFSET(CRONOPLE!$F$14,$M27,AM$13)=\"\",10^12,OFFSET(CRONOPLE!$F$14,$M27,AM$13))))","v":1000000000000},{"$f":"IF($D27<>\"Serviço\",0,IF(AND(AUTOEVENTO=\"Manual\",$M27=1),0,IF(OFFSET(CRONOPLE!$F$14,$M27,AN$13)=\"\",10^12,OFFSET(CRONOPLE!$F$14,$M27,AN$13))))","v":1000000000000},{"$f":"IF($D27<>\"Serviço\",0,IF(AND(AUTOEVENTO=\"Manual\",$M27=1),0,IF(OFFSET(CRONOPLE!$F$14,$M27,AO$13)=\"\",10^12,OFFSET(CRONOPLE!$F$14,$M27,AO$13))))","v":1000000000000},{"$f":"IF($D27<>\"Serviço\",0,IF(AND(AUTOEVENTO=\"Manual\",$M27=1),0,IF(OFFSET(CRONOPLE!$F$14,$M27,AP$13)=\"\",10^12,OFFSET(CRONOPLE!$F$14,$M27,AP$13))))","v":1000000000000},{"$f":"IF($D27<>\"Serviço\",0,IF(AND(AUTOEVENTO=\"Manual\",$M27=1),0,IF(OFFSET(CRONOPLE!$F$14,$M27,AQ$13)=\"\",10^12,OFFSET(CRONOPLE!$F$14,$M27,AQ$13))))","v":1000000000000},{"$f":"IF($D27<>\"Serviço\",0,IF(AND(AUTOEVENTO=\"Manual\",$M27=1),0,IF(OFFSET(CRONOPLE!$F$14,$M27,AR$13)=\"\",10^12,OFFSET(CRONOPLE!$F$14,$M27,AR$13))))","v":1000000000000},{"$f":"IF($D27<>\"Serviço\",0,IF(AND(AUTOEVENTO=\"Manual\",$M27=1),0,IF(OFFSET(CRONOPLE!$F$14,$M27,AS$13)=\"\",10^12,OFFSET(CRONOPLE!$F$14,$M27,AS$13))))","v":1000000000000},{"$f":"IF($D27<>\"Serviço\",0,IF(AND(AUTOEVENTO=\"Manual\",$M27=1),0,IF(OFFSET(CRONOPLE!$F$14,$M27,AT$13)=\"\",10^12,OFFSET(CRONOPLE!$F$14,$M27,AT$13))))","v":1000000000000},{"$f":"IF($D27<>\"Serviço\",0,IF(AND(AUTOEVENTO=\"Manual\",$M27=1),0,IF(OFFSET(CRONOPLE!$F$14,$M27,AU$13)=\"\",10^12,OFFSET(CRONOPLE!$F$14,$M27,AU$13))))","v":1000000000000},{"$f":"IF($D27<>\"Serviço\",0,IF(AND(AUTOEVENTO=\"Manual\",$M27=1),0,IF(OFFSET(CRONOPLE!$F$14,$M27,AV$13)=\"\",10^12,OFFSET(CRONOPLE!$F$14,$M27,AV$13))))","v":1000000000000},null,{"$f":"IF($D27<>\"Serviço\",0,IF(OR(AND(AUTOEVENTO=\"Manual\",$M27=1),$M27>(ROW(PLE.lastrow)-ROW(PLE.firstrow))),0,IF(OFFSET(PLE!$G$14,$M27,AX$13)=\"\",10^12,OFFSET(PLE!$G$14,$M27,AX$13))))","v":1000000000000},{"$f":"IF($D27<>\"Serviço\",0,IF(OR(AND(AUTOEVENTO=\"Manual\",$M27=1),$M27>(ROW(PLE.lastrow)-ROW(PLE.firstrow))),0,IF(OFFSET(PLE!$G$14,$M27,AY$13)=\"\",10^12,OFFSET(PLE!$G$14,$M27,AY$13))))","v":1000000000000},{"$f":"IF($D27<>\"Serviço\",0,IF(OR(AND(AUTOEVENTO=\"Manual\",$M27=1),$M27>(ROW(PLE.lastrow)-ROW(PLE.firstrow))),0,IF(OFFSET(PLE!$G$14,$M27,AZ$13)=\"\",10^12,OFFSET(PLE!$G$14,$M27,AZ$13))))","v":1000000000000},{"$f":"IF($D27<>\"Serviço\",0,IF(OR(AND(AUTOEVENTO=\"Manual\",$M27=1),$M27>(ROW(PLE.lastrow)-ROW(PLE.firstrow))),0,IF(OFFSET(PLE!$G$14,$M27,BA$13)=\"\",10^12,OFFSET(PLE!$G$14,$M27,BA$13))))","v":1000000000000},{"$f":"IF($D27<>\"Serviço\",0,IF(OR(AND(AUTOEVENTO=\"Manual\",$M27=1),$M27>(ROW(PLE.lastrow)-ROW(PLE.firstrow))),0,IF(OFFSET(PLE!$G$14,$M27,BB$13)=\"\",10^12,OFFSET(PLE!$G$14,$M27,BB$13))))","v":1000000000000},{"$f":"IF($D27<>\"Serviço\",0,IF(OR(AND(AUTOEVENTO=\"Manual\",$M27=1),$M27>(ROW(PLE.lastrow)-ROW(PLE.firstrow))),0,IF(OFFSET(PLE!$G$14,$M27,BC$13)=\"\",10^12,OFFSET(PLE!$G$14,$M27,BC$13))))","v":1000000000000},{"$f":"IF($D27<>\"Serviço\",0,IF(OR(AND(AUTOEVENTO=\"Manual\",$M27=1),$M27>(ROW(PLE.lastrow)-ROW(PLE.firstrow))),0,IF(OFFSET(PLE!$G$14,$M27,BD$13)=\"\",10^12,OFFSET(PLE!$G$14,$M27,BD$13))))","v":1000000000000},{"$f":"IF($D27<>\"Serviço\",0,IF(OR(AND(AUTOEVENTO=\"Manual\",$M27=1),$M27>(ROW(PLE.lastrow)-ROW(PLE.firstrow))),0,IF(OFFSET(PLE!$G$14,$M27,BE$13)=\"\",10^12,OFFSET(PLE!$G$14,$M27,BE$13))))","v":1000000000000},{"$f":"IF($D27<>\"Serviço\",0,IF(OR(AND(AUTOEVENTO=\"Manual\",$M27=1),$M27>(ROW(PLE.lastrow)-ROW(PLE.firstrow))),0,IF(OFFSET(PLE!$G$14,$M27,BF$13)=\"\",10^12,OFFSET(PLE!$G$14,$M27,BF$13))))","v":1000000000000},{"$f":"IF($D27<>\"Serviço\",0,IF(OR(AND(AUTOEVENTO=\"Manual\",$M27=1),$M27>(ROW(PLE.lastrow)-ROW(PLE.firstrow))),0,IF(OFFSET(PLE!$G$14,$M27,BG$13)=\"\",10^12,OFFSET(PLE!$G$14,$M27,BG$13))))","v":1000000000000}]
["2",{"$f":"OFFSET(ORÇAMENTO!C$15,ROW(B28)-ROW(B$15),0)","v":"S"},{"$f":"OFFSET(ORÇAMENTO!L$15,ROW(C28)-ROW(C$15),0)","v":"F"},{"$f":"OFFSET(ORÇAMENTO!N$15,ROW(D28)-ROW(D$15),0)","v":"Serviço"},{"$f":"OFFSET(ORÇAMENTO!O$15,ROW(E28)-ROW(E$15),0)","v":"1.1.2.4."},{"$f":"OFFSET(ORÇAMENTO!R$15,ROW(F28)-ROW(F$15),0)","v":"REMOÇÃO DE TELHAS DE FIBROCIMENTO METÁLICA E CERÂMICA, DE FORMA MANUAL, SEM REAPROVEITAMENTO. AF_09/2023"},{"$f":"IF($D28<>\"Serviço\",\"\",OFFSET(ORÇAMENTO!S$15,ROW(G28)-ROW(G$15),0))","v":"M2"},{"$f":"IF($D28<>\"Serviço\",0,IF(ACOMPANHAMENTO=\"BM\",ROUND(OFFSET(ORÇAMENTO!AJ$15,ROW(H28)-ROW(H$15),0),15-13*ORÇAMENTO!$AF$7),SUMPRODUCT(($Q$12:$AA$12<>\"\")*ROUND($Q28:$AA28,15-13*ORÇAMENTO!$AF$7))))","v":235.35},null,null,null,".",{"$f":"IF($D28<>\"Serviço\",\"\",IF(AUTOEVENTO=\"manual\",$A28,IF(ISERROR(MATCH($A28,$A$15:OFFSET($A28,-1,0),0)),MAX($M$15:OFFSET(M28,-1,0))+1,INDEX($M$15:OFFSET(M28,-1,0),MATCH($A28,$A$15:OFFSET($A28,-1,0),0)))))","v":2},{"$f":"IF($D28<>\"Serviço\",\"\",IF(AUTOEVENTO=\"Manual\",IF($A28=0,\"<-- defina o número do agrupador\",OFFSET(EVENTOS!$D$14,$A28,0)),OFFSET($F$15,$A28,0)))","v":"SERVIÇOS PRELIMINARES, CANTEIRO DE OBRAS, SEGURANÇA E SAÚDE"},null,null,null,null,null,null,null,null,null,null,null,null,null,{"$f":"IF(AND($D28=\"Serviço\",AB$12<>0,$H28>0,OR(AUTOEVENTO<>\"manual\",$M28<>1)),\nIF(Import.TipoArredondamento<>\"TransfereGOV\",\nROUND(OFFSET($P28,0,AB$13),15-13*ORÇAMENTO!$AF$7)/$H28*OFFSET(ORÇAMENTO!$X$15,ROW(AB28)-ROW(AB$15),0),\nROUND(ROUND(OFFSET($P28,0,AB$13),15-13*ORÇAMENTO!$AF$7)*OFFSET(ORÇAMENTO!$W$15,ROW(AB28)-ROW(AB$15),0),15-13*ORÇAMENTO!$AF$11)),0)","v":0},{"$f":"IF(AND($D28=\"Serviço\",AC$12<>0,$H28>0,OR(AUTOEVENTO<>\"manual\",$M28<>1)),\nIF(Import.TipoArredondamento<>\"TransfereGOV\",\nROUND(OFFSET($P28,0,AC$13),15-13*ORÇAMENTO!$AF$7)/$H28*OFFSET(ORÇAMENTO!$X$15,ROW(AC28)-ROW(AC$15),0),\nROUND(ROUND(OFFSET($P28,0,AC$13),15-13*ORÇAMENTO!$AF$7)*OFFSET(ORÇAMENTO!$W$15,ROW(AC28)-ROW(AC$15),0),15-13*ORÇAMENTO!$AF$11)),0)","v":0},{"$f":"IF(AND($D28=\"Serviço\",AD$12<>0,$H28>0,OR(AUTOEVENTO<>\"manual\",$M28<>1)),\nIF(Import.TipoArredondamento<>\"TransfereGOV\",\nROUND(OFFSET($P28,0,AD$13),15-13*ORÇAMENTO!$AF$7)/$H28*OFFSET(ORÇAMENTO!$X$15,ROW(AD28)-ROW(AD$15),0),\nROUND(ROUND(OFFSET($P28,0,AD$13),15-13*ORÇAMENTO!$AF$7)*OFFSET(ORÇAMENTO!$W$15,ROW(AD28)-ROW(AD$15),0),15-13*ORÇAMENTO!$AF$11)),0)","v":0},{"$f":"IF(AND($D28=\"Serviço\",AE$12<>0,$H28>0,OR(AUTOEVENTO<>\"manual\",$M28<>1)),\nIF(Import.TipoArredondamento<>\"TransfereGOV\",\nROUND(OFFSET($P28,0,AE$13),15-13*ORÇAMENTO!$AF$7)/$H28*OFFSET(ORÇAMENTO!$X$15,ROW(AE28)-ROW(AE$15),0),\nROUND(ROUND(OFFSET($P28,0,AE$13),15-13*ORÇAMENTO!$AF$7)*OFFSET(ORÇAMENTO!$W$15,ROW(AE28)-ROW(AE$15),0),15-13*ORÇAMENTO!$AF$11)),0)","v":0},{"$f":"IF(AND($D28=\"Serviço\",AF$12<>0,$H28>0,OR(AUTOEVENTO<>\"manual\",$M28<>1)),\nIF(Import.TipoArredondamento<>\"TransfereGOV\",\nROUND(OFFSET($P28,0,AF$13),15-13*ORÇAMENTO!$AF$7)/$H28*OFFSET(ORÇAMENTO!$X$15,ROW(AF28)-ROW(AF$15),0),\nROUND(ROUND(OFFSET($P28,0,AF$13),15-13*ORÇAMENTO!$AF$7)*OFFSET(ORÇAMENTO!$W$15,ROW(AF28)-ROW(AF$15),0),15-13*ORÇAMENTO!$AF$11)),0)","v":0},{"$f":"IF(AND($D28=\"Serviço\",AG$12<>0,$H28>0,OR(AUTOEVENTO<>\"manual\",$M28<>1)),\nIF(Import.TipoArredondamento<>\"TransfereGOV\",\nROUND(OFFSET($P28,0,AG$13),15-13*ORÇAMENTO!$AF$7)/$H28*OFFSET(ORÇAMENTO!$X$15,ROW(AG28)-ROW(AG$15),0),\nROUND(ROUND(OFFSET($P28,0,AG$13),15-13*ORÇAMENTO!$AF$7)*OFFSET(ORÇAMENTO!$W$15,ROW(AG28)-ROW(AG$15),0),15-13*ORÇAMENTO!$AF$11)),0)","v":0},{"$f":"IF(AND($D28=\"Serviço\",AH$12<>0,$H28>0,OR(AUTOEVENTO<>\"manual\",$M28<>1)),\nIF(Import.TipoArredondamento<>\"TransfereGOV\",\nROUND(OFFSET($P28,0,AH$13),15-13*ORÇAMENTO!$AF$7)/$H28*OFFSET(ORÇAMENTO!$X$15,ROW(AH28)-ROW(AH$15),0),\nROUND(ROUND(OFFSET($P28,0,AH$13),15-13*ORÇAMENTO!$AF$7)*OFFSET(ORÇAMENTO!$W$15,ROW(AH28)-ROW(AH$15),0),15-13*ORÇAMENTO!$AF$11)),0)","v":0},{"$f":"IF(AND($D28=\"Serviço\",AI$12<>0,$H28>0,OR(AUTOEVENTO<>\"manual\",$M28<>1)),\nIF(Import.TipoArredondamento<>\"TransfereGOV\",\nROUND(OFFSET($P28,0,AI$13),15-13*ORÇAMENTO!$AF$7)/$H28*OFFSET(ORÇAMENTO!$X$15,ROW(AI28)-ROW(AI$15),0),\nROUND(ROUND(OFFSET($P28,0,AI$13),15-13*ORÇAMENTO!$AF$7)*OFFSET(ORÇAMENTO!$W$15,ROW(AI28)-ROW(AI$15),0),15-13*ORÇAMENTO!$AF$11)),0)","v":0},{"$f":"IF(AND($D28=\"Serviço\",AJ$12<>0,$H28>0,OR(AUTOEVENTO<>\"manual\",$M28<>1)),\nIF(Import.TipoArredondamento<>\"TransfereGOV\",\nROUND(OFFSET($P28,0,AJ$13),15-13*ORÇAMENTO!$AF$7)/$H28*OFFSET(ORÇAMENTO!$X$15,ROW(AJ28)-ROW(AJ$15),0),\nROUND(ROUND(OFFSET($P28,0,AJ$13),15-13*ORÇAMENTO!$AF$7)*OFFSET(ORÇAMENTO!$W$15,ROW(AJ28)-ROW(AJ$15),0),15-13*ORÇAMENTO!$AF$11)),0)","v":0},{"$f":"IF(AND($D28=\"Serviço\",AK$12<>0,$H28>0,OR(AUTOEVENTO<>\"manual\",$M28<>1)),\nIF(Import.TipoArredondamento<>\"TransfereGOV\",\nROUND(OFFSET($P28,0,AK$13),15-13*ORÇAMENTO!$AF$7)/$H28*OFFSET(ORÇAMENTO!$X$15,ROW(AK28)-ROW(AK$15),0),\nROUND(ROUND(OFFSET($P28,0,AK$13),15-13*ORÇAMENTO!$AF$7)*OFFSET(ORÇAMENTO!$W$15,ROW(AK28)-ROW(AK$15),0),15-13*ORÇAMENTO!$AF$11)),0)","v":0},null,{"$f":"IF($D28<>\"Serviço\",0,IF(AND(AUTOEVENTO=\"Manual\",$M28=1),0,IF(OFFSET(CRONOPLE!$F$14,$M28,AM$13)=\"\",10^12,OFFSET(CRONOPLE!$F$14,$M28,AM$13))))","v":1000000000000},{"$f":"IF($D28<>\"Serviço\",0,IF(AND(AUTOEVENTO=\"Manual\",$M28=1),0,IF(OFFSET(CRONOPLE!$F$14,$M28,AN$13)=\"\",10^12,OFFSET(CRONOPLE!$F$14,$M28,AN$13))))","v":1000000000000},{"$f":"IF($D28<>\"Serviço\",0,IF(AND(AUTOEVENTO=\"Manual\",$M28=1),0,IF(OFFSET(CRONOPLE!$F$14,$M28,AO$13)=\"\",10^12,OFFSET(CRONOPLE!$F$14,$M28,AO$13))))","v":1000000000000},{"$f":"IF($D28<>\"Serviço\",0,IF(AND(AUTOEVENTO=\"Manual\",$M28=1),0,IF(OFFSET(CRONOPLE!$F$14,$M28,AP$13)=\"\",10^12,OFFSET(CRONOPLE!$F$14,$M28,AP$13))))","v":1000000000000},{"$f":"IF($D28<>\"Serviço\",0,IF(AND(AUTOEVENTO=\"Manual\",$M28=1),0,IF(OFFSET(CRONOPLE!$F$14,$M28,AQ$13)=\"\",10^12,OFFSET(CRONOPLE!$F$14,$M28,AQ$13))))","v":1000000000000},{"$f":"IF($D28<>\"Serviço\",0,IF(AND(AUTOEVENTO=\"Manual\",$M28=1),0,IF(OFFSET(CRONOPLE!$F$14,$M28,AR$13)=\"\",10^12,OFFSET(CRONOPLE!$F$14,$M28,AR$13))))","v":1000000000000},{"$f":"IF($D28<>\"Serviço\",0,IF(AND(AUTOEVENTO=\"Manual\",$M28=1),0,IF(OFFSET(CRONOPLE!$F$14,$M28,AS$13)=\"\",10^12,OFFSET(CRONOPLE!$F$14,$M28,AS$13))))","v":1000000000000},{"$f":"IF($D28<>\"Serviço\",0,IF(AND(AUTOEVENTO=\"Manual\",$M28=1),0,IF(OFFSET(CRONOPLE!$F$14,$M28,AT$13)=\"\",10^12,OFFSET(CRONOPLE!$F$14,$M28,AT$13))))","v":1000000000000},{"$f":"IF($D28<>\"Serviço\",0,IF(AND(AUTOEVENTO=\"Manual\",$M28=1),0,IF(OFFSET(CRONOPLE!$F$14,$M28,AU$13)=\"\",10^12,OFFSET(CRONOPLE!$F$14,$M28,AU$13))))","v":1000000000000},{"$f":"IF($D28<>\"Serviço\",0,IF(AND(AUTOEVENTO=\"Manual\",$M28=1),0,IF(OFFSET(CRONOPLE!$F$14,$M28,AV$13)=\"\",10^12,OFFSET(CRONOPLE!$F$14,$M28,AV$13))))","v":1000000000000},null,{"$f":"IF($D28<>\"Serviço\",0,IF(OR(AND(AUTOEVENTO=\"Manual\",$M28=1),$M28>(ROW(PLE.lastrow)-ROW(PLE.firstrow))),0,IF(OFFSET(PLE!$G$14,$M28,AX$13)=\"\",10^12,OFFSET(PLE!$G$14,$M28,AX$13))))","v":1000000000000},{"$f":"IF($D28<>\"Serviço\",0,IF(OR(AND(AUTOEVENTO=\"Manual\",$M28=1),$M28>(ROW(PLE.lastrow)-ROW(PLE.firstrow))),0,IF(OFFSET(PLE!$G$14,$M28,AY$13)=\"\",10^12,OFFSET(PLE!$G$14,$M28,AY$13))))","v":1000000000000},{"$f":"IF($D28<>\"Serviço\",0,IF(OR(AND(AUTOEVENTO=\"Manual\",$M28=1),$M28>(ROW(PLE.lastrow)-ROW(PLE.firstrow))),0,IF(OFFSET(PLE!$G$14,$M28,AZ$13)=\"\",10^12,OFFSET(PLE!$G$14,$M28,AZ$13))))","v":1000000000000},{"$f":"IF($D28<>\"Serviço\",0,IF(OR(AND(AUTOEVENTO=\"Manual\",$M28=1),$M28>(ROW(PLE.lastrow)-ROW(PLE.firstrow))),0,IF(OFFSET(PLE!$G$14,$M28,BA$13)=\"\",10^12,OFFSET(PLE!$G$14,$M28,BA$13))))","v":1000000000000},{"$f":"IF($D28<>\"Serviço\",0,IF(OR(AND(AUTOEVENTO=\"Manual\",$M28=1),$M28>(ROW(PLE.lastrow)-ROW(PLE.firstrow))),0,IF(OFFSET(PLE!$G$14,$M28,BB$13)=\"\",10^12,OFFSET(PLE!$G$14,$M28,BB$13))))","v":1000000000000},{"$f":"IF($D28<>\"Serviço\",0,IF(OR(AND(AUTOEVENTO=\"Manual\",$M28=1),$M28>(ROW(PLE.lastrow)-ROW(PLE.firstrow))),0,IF(OFFSET(PLE!$G$14,$M28,BC$13)=\"\",10^12,OFFSET(PLE!$G$14,$M28,BC$13))))","v":1000000000000},{"$f":"IF($D28<>\"Serviço\",0,IF(OR(AND(AUTOEVENTO=\"Manual\",$M28=1),$M28>(ROW(PLE.lastrow)-ROW(PLE.firstrow))),0,IF(OFFSET(PLE!$G$14,$M28,BD$13)=\"\",10^12,OFFSET(PLE!$G$14,$M28,BD$13))))","v":1000000000000},{"$f":"IF($D28<>\"Serviço\",0,IF(OR(AND(AUTOEVENTO=\"Manual\",$M28=1),$M28>(ROW(PLE.lastrow)-ROW(PLE.firstrow))),0,IF(OFFSET(PLE!$G$14,$M28,BE$13)=\"\",10^12,OFFSET(PLE!$G$14,$M28,BE$13))))","v":1000000000000},{"$f":"IF($D28<>\"Serviço\",0,IF(OR(AND(AUTOEVENTO=\"Manual\",$M28=1),$M28>(ROW(PLE.lastrow)-ROW(PLE.firstrow))),0,IF(OFFSET(PLE!$G$14,$M28,BF$13)=\"\",10^12,OFFSET(PLE!$G$14,$M28,BF$13))))","v":1000000000000},{"$f":"IF($D28<>\"Serviço\",0,IF(OR(AND(AUTOEVENTO=\"Manual\",$M28=1),$M28>(ROW(PLE.lastrow)-ROW(PLE.firstrow))),0,IF(OFFSET(PLE!$G$14,$M28,BG$13)=\"\",10^12,OFFSET(PLE!$G$14,$M28,BG$13))))","v":1000000000000}]
["2",{"$f":"OFFSET(ORÇAMENTO!C$15,ROW(B29)-ROW(B$15),0)","v":"S"},{"$f":"OFFSET(ORÇAMENTO!L$15,ROW(C29)-ROW(C$15),0)","v":"F"},{"$f":"OFFSET(ORÇAMENTO!N$15,ROW(D29)-ROW(D$15),0)","v":"Serviço"},{"$f":"OFFSET(ORÇAMENTO!O$15,ROW(E29)-ROW(E$15),0)","v":"1.1.2.5."},{"$f":"OFFSET(ORÇAMENTO!R$15,ROW(F29)-ROW(F$15),0)","v":"REMOÇÃO DE TRAMA DE MADEIRA PARA COBERTURA, DE FORMA MANUAL, SEM REAPROVEITAMENTO. AF_09/2023"},{"$f":"IF($D29<>\"Serviço\",\"\",OFFSET(ORÇAMENTO!S$15,ROW(G29)-ROW(G$15),0))","v":"M2"},{"$f":"IF($D29<>\"Serviço\",0,IF(ACOMPANHAMENTO=\"BM\",ROUND(OFFSET(ORÇAMENTO!AJ$15,ROW(H29)-ROW(H$15),0),15-13*ORÇAMENTO!$AF$7),SUMPRODUCT(($Q$12:$AA$12<>\"\")*ROUND($Q29:$AA29,15-13*ORÇAMENTO!$AF$7))))","v":235.35},null,null,null,".",{"$f":"IF($D29<>\"Serviço\",\"\",IF(AUTOEVENTO=\"manual\",$A29,IF(ISERROR(MATCH($A29,$A$15:OFFSET($A29,-1,0),0)),MAX($M$15:OFFSET(M29,-1,0))+1,INDEX($M$15:OFFSET(M29,-1,0),MATCH($A29,$A$15:OFFSET($A29,-1,0),0)))))","v":2},{"$f":"IF($D29<>\"Serviço\",\"\",IF(AUTOEVENTO=\"Manual\",IF($A29=0,\"<-- defina o número do agrupador\",OFFSET(EVENTOS!$D$14,$A29,0)),OFFSET($F$15,$A29,0)))","v":"SERVIÇOS PRELIMINARES, CANTEIRO DE OBRAS, SEGURANÇA E SAÚDE"},null,null,null,null,null,null,null,null,null,null,null,null,null,{"$f":"IF(AND($D29=\"Serviço\",AB$12<>0,$H29>0,OR(AUTOEVENTO<>\"manual\",$M29<>1)),\nIF(Import.TipoArredondamento<>\"TransfereGOV\",\nROUND(OFFSET($P29,0,AB$13),15-13*ORÇAMENTO!$AF$7)/$H29*OFFSET(ORÇAMENTO!$X$15,ROW(AB29)-ROW(AB$15),0),\nROUND(ROUND(OFFSET($P29,0,AB$13),15-13*ORÇAMENTO!$AF$7)*OFFSET(ORÇAMENTO!$W$15,ROW(AB29)-ROW(AB$15),0),15-13*ORÇAMENTO!$AF$11)),0)","v":0},{"$f":"IF(AND($D29=\"Serviço\",AC$12<>0,$H29>0,OR(AUTOEVENTO<>\"manual\",$M29<>1)),\nIF(Import.TipoArredondamento<>\"TransfereGOV\",\nROUND(OFFSET($P29,0,AC$13),15-13*ORÇAMENTO!$AF$7)/$H29*OFFSET(ORÇAMENTO!$X$15,ROW(AC29)-ROW(AC$15),0),\nROUND(ROUND(OFFSET($P29,0,AC$13),15-13*ORÇAMENTO!$AF$7)*OFFSET(ORÇAMENTO!$W$15,ROW(AC29)-ROW(AC$15),0),15-13*ORÇAMENTO!$AF$11)),0)","v":0},{"$f":"IF(AND($D29=\"Serviço\",AD$12<>0,$H29>0,OR(AUTOEVENTO<>\"manual\",$M29<>1)),\nIF(Import.TipoArredondamento<>\"TransfereGOV\",\nROUND(OFFSET($P29,0,AD$13),15-13*ORÇAMENTO!$AF$7)/$H29*OFFSET(ORÇAMENTO!$X$15,ROW(AD29)-ROW(AD$15),0),\nROUND(ROUND(OFFSET($P29,0,AD$13),15-13*ORÇAMENTO!$AF$7)*OFFSET(ORÇAMENTO!$W$15,ROW(AD29)-ROW(AD$15),0),15-13*ORÇAMENTO!$AF$11)),0)","v":0},{"$f":"IF(AND($D29=\"Serviço\",AE$12<>0,$H29>0,OR(AUTOEVENTO<>\"manual\",$M29<>1)),\nIF(Import.TipoArredondamento<>\"TransfereGOV\",\nROUND(OFFSET($P29,0,AE$13),15-13*ORÇAMENTO!$AF$7)/$H29*OFFSET(ORÇAMENTO!$X$15,ROW(AE29)-ROW(AE$15),0),\nROUND(ROUND(OFFSET($P29,0,AE$13),15-13*ORÇAMENTO!$AF$7)*OFFSET(ORÇAMENTO!$W$15,ROW(AE29)-ROW(AE$15),0),15-13*ORÇAMENTO!$AF$11)),0)","v":0},{"$f":"IF(AND($D29=\"Serviço\",AF$12<>0,$H29>0,OR(AUTOEVENTO<>\"manual\",$M29<>1)),\nIF(Import.TipoArredondamento<>\"TransfereGOV\",\nROUND(OFFSET($P29,0,AF$13),15-13*ORÇAMENTO!$AF$7)/$H29*OFFSET(ORÇAMENTO!$X$15,ROW(AF29)-ROW(AF$15),0),\nROUND(ROUND(OFFSET($P29,0,AF$13),15-13*ORÇAMENTO!$AF$7)*OFFSET(ORÇAMENTO!$W$15,ROW(AF29)-ROW(AF$15),0),15-13*ORÇAMENTO!$AF$11)),0)","v":0},{"$f":"IF(AND($D29=\"Serviço\",AG$12<>0,$H29>0,OR(AUTOEVENTO<>\"manual\",$M29<>1)),\nIF(Import.TipoArredondamento<>\"TransfereGOV\",\nROUND(OFFSET($P29,0,AG$13),15-13*ORÇAMENTO!$AF$7)/$H29*OFFSET(ORÇAMENTO!$X$15,ROW(AG29)-ROW(AG$15),0),\nROUND(ROUND(OFFSET($P29,0,AG$13),15-13*ORÇAMENTO!$AF$7)*OFFSET(ORÇAMENTO!$W$15,ROW(AG29)-ROW(AG$15),0),15-13*ORÇAMENTO!$AF$11)),0)","v":0},{"$f":"IF(AND($D29=\"Serviço\",AH$12<>0,$H29>0,OR(AUTOEVENTO<>\"manual\",$M29<>1)),\nIF(Import.TipoArredondamento<>\"TransfereGOV\",\nROUND(OFFSET($P29,0,AH$13),15-13*ORÇAMENTO!$AF$7)/$H29*OFFSET(ORÇAMENTO!$X$15,ROW(AH29)-ROW(AH$15),0),\nROUND(ROUND(OFFSET($P29,0,AH$13),15-13*ORÇAMENTO!$AF$7)*OFFSET(ORÇAMENTO!$W$15,ROW(AH29)-ROW(AH$15),0),15-13*ORÇAMENTO!$AF$11)),0)","v":0},{"$f":"IF(AND($D29=\"Serviço\",AI$12<>0,$H29>0,OR(AUTOEVENTO<>\"manual\",$M29<>1)),\nIF(Import.TipoArredondamento<>\"TransfereGOV\",\nROUND(OFFSET($P29,0,AI$13),15-13*ORÇAMENTO!$AF$7)/$H29*OFFSET(ORÇAMENTO!$X$15,ROW(AI29)-ROW(AI$15),0),\nROUND(ROUND(OFFSET($P29,0,AI$13),15-13*ORÇAMENTO!$AF$7)*OFFSET(ORÇAMENTO!$W$15,ROW(AI29)-ROW(AI$15),0),15-13*ORÇAMENTO!$AF$11)),0)","v":0},{"$f":"IF(AND($D29=\"Serviço\",AJ$12<>0,$H29>0,OR(AUTOEVENTO<>\"manual\",$M29<>1)),\nIF(Import.TipoArredondamento<>\"TransfereGOV\",\nROUND(OFFSET($P29,0,AJ$13),15-13*ORÇAMENTO!$AF$7)/$H29*OFFSET(ORÇAMENTO!$X$15,ROW(AJ29)-ROW(AJ$15),0),\nROUND(ROUND(OFFSET($P29,0,AJ$13),15-13*ORÇAMENTO!$AF$7)*OFFSET(ORÇAMENTO!$W$15,ROW(AJ29)-ROW(AJ$15),0),15-13*ORÇAMENTO!$AF$11)),0)","v":0},{"$f":"IF(AND($D29=\"Serviço\",AK$12<>0,$H29>0,OR(AUTOEVENTO<>\"manual\",$M29<>1)),\nIF(Import.TipoArredondamento<>\"TransfereGOV\",\nROUND(OFFSET($P29,0,AK$13),15-13*ORÇAMENTO!$AF$7)/$H29*OFFSET(ORÇAMENTO!$X$15,ROW(AK29)-ROW(AK$15),0),\nROUND(ROUND(OFFSET($P29,0,AK$13),15-13*ORÇAMENTO!$AF$7)*OFFSET(ORÇAMENTO!$W$15,ROW(AK29)-ROW(AK$15),0),15-13*ORÇAMENTO!$AF$11)),0)","v":0},null,{"$f":"IF($D29<>\"Serviço\",0,IF(AND(AUTOEVENTO=\"Manual\",$M29=1),0,IF(OFFSET(CRONOPLE!$F$14,$M29,AM$13)=\"\",10^12,OFFSET(CRONOPLE!$F$14,$M29,AM$13))))","v":1000000000000},{"$f":"IF($D29<>\"Serviço\",0,IF(AND(AUTOEVENTO=\"Manual\",$M29=1),0,IF(OFFSET(CRONOPLE!$F$14,$M29,AN$13)=\"\",10^12,OFFSET(CRONOPLE!$F$14,$M29,AN$13))))","v":1000000000000},{"$f":"IF($D29<>\"Serviço\",0,IF(AND(AUTOEVENTO=\"Manual\",$M29=1),0,IF(OFFSET(CRONOPLE!$F$14,$M29,AO$13)=\"\",10^12,OFFSET(CRONOPLE!$F$14,$M29,AO$13))))","v":1000000000000},{"$f":"IF($D29<>\"Serviço\",0,IF(AND(AUTOEVENTO=\"Manual\",$M29=1),0,IF(OFFSET(CRONOPLE!$F$14,$M29,AP$13)=\"\",10^12,OFFSET(CRONOPLE!$F$14,$M29,AP$13))))","v":1000000000000},{"$f":"IF($D29<>\"Serviço\",0,IF(AND(AUTOEVENTO=\"Manual\",$M29=1),0,IF(OFFSET(CRONOPLE!$F$14,$M29,AQ$13)=\"\",10^12,OFFSET(CRONOPLE!$F$14,$M29,AQ$13))))","v":1000000000000},{"$f":"IF($D29<>\"Serviço\",0,IF(AND(AUTOEVENTO=\"Manual\",$M29=1),0,IF(OFFSET(CRONOPLE!$F$14,$M29,AR$13)=\"\",10^12,OFFSET(CRONOPLE!$F$14,$M29,AR$13))))","v":1000000000000},{"$f":"IF($D29<>\"Serviço\",0,IF(AND(AUTOEVENTO=\"Manual\",$M29=1),0,IF(OFFSET(CRONOPLE!$F$14,$M29,AS$13)=\"\",10^12,OFFSET(CRONOPLE!$F$14,$M29,AS$13))))","v":1000000000000},{"$f":"IF($D29<>\"Serviço\",0,IF(AND(AUTOEVENTO=\"Manual\",$M29=1),0,IF(OFFSET(CRONOPLE!$F$14,$M29,AT$13)=\"\",10^12,OFFSET(CRONOPLE!$F$14,$M29,AT$13))))","v":1000000000000},{"$f":"IF($D29<>\"Serviço\",0,IF(AND(AUTOEVENTO=\"Manual\",$M29=1),0,IF(OFFSET(CRONOPLE!$F$14,$M29,AU$13)=\"\",10^12,OFFSET(CRONOPLE!$F$14,$M29,AU$13))))","v":1000000000000},{"$f":"IF($D29<>\"Serviço\",0,IF(AND(AUTOEVENTO=\"Manual\",$M29=1),0,IF(OFFSET(CRONOPLE!$F$14,$M29,AV$13)=\"\",10^12,OFFSET(CRONOPLE!$F$14,$M29,AV$13))))","v":1000000000000},null,{"$f":"IF($D29<>\"Serviço\",0,IF(OR(AND(AUTOEVENTO=\"Manual\",$M29=1),$M29>(ROW(PLE.lastrow)-ROW(PLE.firstrow))),0,IF(OFFSET(PLE!$G$14,$M29,AX$13)=\"\",10^12,OFFSET(PLE!$G$14,$M29,AX$13))))","v":1000000000000},{"$f":"IF($D29<>\"Serviço\",0,IF(OR(AND(AUTOEVENTO=\"Manual\",$M29=1),$M29>(ROW(PLE.lastrow)-ROW(PLE.firstrow))),0,IF(OFFSET(PLE!$G$14,$M29,AY$13)=\"\",10^12,OFFSET(PLE!$G$14,$M29,AY$13))))","v":1000000000000},{"$f":"IF($D29<>\"Serviço\",0,IF(OR(AND(AUTOEVENTO=\"Manual\",$M29=1),$M29>(ROW(PLE.lastrow)-ROW(PLE.firstrow))),0,IF(OFFSET(PLE!$G$14,$M29,AZ$13)=\"\",10^12,OFFSET(PLE!$G$14,$M29,AZ$13))))","v":1000000000000},{"$f":"IF($D29<>\"Serviço\",0,IF(OR(AND(AUTOEVENTO=\"Manual\",$M29=1),$M29>(ROW(PLE.lastrow)-ROW(PLE.firstrow))),0,IF(OFFSET(PLE!$G$14,$M29,BA$13)=\"\",10^12,OFFSET(PLE!$G$14,$M29,BA$13))))","v":1000000000000},{"$f":"IF($D29<>\"Serviço\",0,IF(OR(AND(AUTOEVENTO=\"Manual\",$M29=1),$M29>(ROW(PLE.lastrow)-ROW(PLE.firstrow))),0,IF(OFFSET(PLE!$G$14,$M29,BB$13)=\"\",10^12,OFFSET(PLE!$G$14,$M29,BB$13))))","v":1000000000000},{"$f":"IF($D29<>\"Serviço\",0,IF(OR(AND(AUTOEVENTO=\"Manual\",$M29=1),$M29>(ROW(PLE.lastrow)-ROW(PLE.firstrow))),0,IF(OFFSET(PLE!$G$14,$M29,BC$13)=\"\",10^12,OFFSET(PLE!$G$14,$M29,BC$13))))","v":1000000000000},{"$f":"IF($D29<>\"Serviço\",0,IF(OR(AND(AUTOEVENTO=\"Manual\",$M29=1),$M29>(ROW(PLE.lastrow)-ROW(PLE.firstrow))),0,IF(OFFSET(PLE!$G$14,$M29,BD$13)=\"\",10^12,OFFSET(PLE!$G$14,$M29,BD$13))))","v":1000000000000},{"$f":"IF($D29<>\"Serviço\",0,IF(OR(AND(AUTOEVENTO=\"Manual\",$M29=1),$M29>(ROW(PLE.lastrow)-ROW(PLE.firstrow))),0,IF(OFFSET(PLE!$G$14,$M29,BE$13)=\"\",10^12,OFFSET(PLE!$G$14,$M29,BE$13))))","v":1000000000000},{"$f":"IF($D29<>\"Serviço\",0,IF(OR(AND(AUTOEVENTO=\"Manual\",$M29=1),$M29>(ROW(PLE.lastrow)-ROW(PLE.firstrow))),0,IF(OFFSET(PLE!$G$14,$M29,BF$13)=\"\",10^12,OFFSET(PLE!$G$14,$M29,BF$13))))","v":1000000000000},{"$f":"IF($D29<>\"Serviço\",0,IF(OR(AND(AUTOEVENTO=\"Manual\",$M29=1),$M29>(ROW(PLE.lastrow)-ROW(PLE.firstrow))),0,IF(OFFSET(PLE!$G$14,$M29,BG$13)=\"\",10^12,OFFSET(PLE!$G$14,$M29,BG$13))))","v":1000000000000}]
["2",{"$f":"OFFSET(ORÇAMENTO!C$15,ROW(B30)-ROW(B$15),0)","v":"S"},{"$f":"OFFSET(ORÇAMENTO!L$15,ROW(C30)-ROW(C$15),0)","v":"F"},{"$f":"OFFSET(ORÇAMENTO!N$15,ROW(D30)-ROW(D$15),0)","v":"Serviço"},{"$f":"OFFSET(ORÇAMENTO!O$15,ROW(E30)-ROW(E$15),0)","v":"1.1.2.6."},{"$f":"OFFSET(ORÇAMENTO!R$15,ROW(F30)-ROW(F$15),0)","v":"REMOÇÃO DE TESOURAS DE MADEIRA, COM VÃO MAIOR OU IGUAL A 8M, DE FORMA MANUAL, SEM REAPROVEITAMENTO. AF_09/2023"},{"$f":"IF($D30<>\"Serviço\",\"\",OFFSET(ORÇAMENTO!S$15,ROW(G30)-ROW(G$15),0))","v":"UN"},{"$f":"IF($D30<>\"Serviço\",0,IF(ACOMPANHAMENTO=\"BM\",ROUND(OFFSET(ORÇAMENTO!AJ$15,ROW(H30)-ROW(H$15),0),15-13*ORÇAMENTO!$AF$7),SUMPRODUCT(($Q$12:$AA$12<>\"\")*ROUND($Q30:$AA30,15-13*ORÇAMENTO!$AF$7))))","v":4},null,null,null,".",{"$f":"IF($D30<>\"Serviço\",\"\",IF(AUTOEVENTO=\"manual\",$A30,IF(ISERROR(MATCH($A30,$A$15:OFFSET($A30,-1,0),0)),MAX($M$15:OFFSET(M30,-1,0))+1,INDEX($M$15:OFFSET(M30,-1,0),MATCH($A30,$A$15:OFFSET($A30,-1,0),0)))))","v":2},{"$f":"IF($D30<>\"Serviço\",\"\",IF(AUTOEVENTO=\"Manual\",IF($A30=0,\"<-- defina o número do agrupador\",OFFSET(EVENTOS!$D$14,$A30,0)),OFFSET($F$15,$A30,0)))","v":"SERVIÇOS PRELIMINARES, CANTEIRO DE OBRAS, SEGURANÇA E SAÚDE"},null,null,null,null,null,null,null,null,null,null,null,null,null,{"$f":"IF(AND($D30=\"Serviço\",AB$12<>0,$H30>0,OR(AUTOEVENTO<>\"manual\",$M30<>1)),\nIF(Import.TipoArredondamento<>\"TransfereGOV\",\nROUND(OFFSET($P30,0,AB$13),15-13*ORÇAMENTO!$AF$7)/$H30*OFFSET(ORÇAMENTO!$X$15,ROW(AB30)-ROW(AB$15),0),\nROUND(ROUND(OFFSET($P30,0,AB$13),15-13*ORÇAMENTO!$AF$7)*OFFSET(ORÇAMENTO!$W$15,ROW(AB30)-ROW(AB$15),0),15-13*ORÇAMENTO!$AF$11)),0)","v":0},{"$f":"IF(AND($D30=\"Serviço\",AC$12<>0,$H30>0,OR(AUTOEVENTO<>\"manual\",$M30<>1)),\nIF(Import.TipoArredondamento<>\"TransfereGOV\",\nROUND(OFFSET($P30,0,AC$13),15-13*ORÇAMENTO!$AF$7)/$H30*OFFSET(ORÇAMENTO!$X$15,ROW(AC30)-ROW(AC$15),0),\nROUND(ROUND(OFFSET($P30,0,AC$13),15-13*ORÇAMENTO!$AF$7)*OFFSET(ORÇAMENTO!$W$15,ROW(AC30)-ROW(AC$15),0),15-13*ORÇAMENTO!$AF$11)),0)","v":0},{"$f":"IF(AND($D30=\"Serviço\",AD$12<>0,$H30>0,OR(AUTOEVENTO<>\"manual\",$M30<>1)),\nIF(Import.TipoArredondamento<>\"TransfereGOV\",\nROUND(OFFSET($P30,0,AD$13),15-13*ORÇAMENTO!$AF$7)/$H30*OFFSET(ORÇAMENTO!$X$15,ROW(AD30)-ROW(AD$15),0),\nROUND(ROUND(OFFSET($P30,0,AD$13),15-13*ORÇAMENTO!$AF$7)*OFFSET(ORÇAMENTO!$W$15,ROW(AD30)-ROW(AD$15),0),15-13*ORÇAMENTO!$AF$11)),0)","v":0},{"$f":"IF(AND($D30=\"Serviço\",AE$12<>0,$H30>0,OR(AUTOEVENTO<>\"manual\",$M30<>1)),\nIF(Import.TipoArredondamento<>\"TransfereGOV\",\nROUND(OFFSET($P30,0,AE$13),15-13*ORÇAMENTO!$AF$7)/$H30*OFFSET(ORÇAMENTO!$X$15,ROW(AE30)-ROW(AE$15),0),\nROUND(ROUND(OFFSET($P30,0,AE$13),15-13*ORÇAMENTO!$AF$7)*OFFSET(ORÇAMENTO!$W$15,ROW(AE30)-ROW(AE$15),0),15-13*ORÇAMENTO!$AF$11)),0)","v":0},{"$f":"IF(AND($D30=\"Serviço\",AF$12<>0,$H30>0,OR(AUTOEVENTO<>\"manual\",$M30<>1)),\nIF(Import.TipoArredondamento<>\"TransfereGOV\",\nROUND(OFFSET($P30,0,AF$13),15-13*ORÇAMENTO!$AF$7)/$H30*OFFSET(ORÇAMENTO!$X$15,ROW(AF30)-ROW(AF$15),0),\nROUND(ROUND(OFFSET($P30,0,AF$13),15-13*ORÇAMENTO!$AF$7)*OFFSET(ORÇAMENTO!$W$15,ROW(AF30)-ROW(AF$15),0),15-13*ORÇAMENTO!$AF$11)),0)","v":0},{"$f":"IF(AND($D30=\"Serviço\",AG$12<>0,$H30>0,OR(AUTOEVENTO<>\"manual\",$M30<>1)),\nIF(Import.TipoArredondamento<>\"TransfereGOV\",\nROUND(OFFSET($P30,0,AG$13),15-13*ORÇAMENTO!$AF$7)/$H30*OFFSET(ORÇAMENTO!$X$15,ROW(AG30)-ROW(AG$15),0),\nROUND(ROUND(OFFSET($P30,0,AG$13),15-13*ORÇAMENTO!$AF$7)*OFFSET(ORÇAMENTO!$W$15,ROW(AG30)-ROW(AG$15),0),15-13*ORÇAMENTO!$AF$11)),0)","v":0},{"$f":"IF(AND($D30=\"Serviço\",AH$12<>0,$H30>0,OR(AUTOEVENTO<>\"manual\",$M30<>1)),\nIF(Import.TipoArredondamento<>\"TransfereGOV\",\nROUND(OFFSET($P30,0,AH$13),15-13*ORÇAMENTO!$AF$7)/$H30*OFFSET(ORÇAMENTO!$X$15,ROW(AH30)-ROW(AH$15),0),\nROUND(ROUND(OFFSET($P30,0,AH$13),15-13*ORÇAMENTO!$AF$7)*OFFSET(ORÇAMENTO!$W$15,ROW(AH30)-ROW(AH$15),0),15-13*ORÇAMENTO!$AF$11)),0)","v":0},{"$f":"IF(AND($D30=\"Serviço\",AI$12<>0,$H30>0,OR(AUTOEVENTO<>\"manual\",$M30<>1)),\nIF(Import.TipoArredondamento<>\"TransfereGOV\",\nROUND(OFFSET($P30,0,AI$13),15-13*ORÇAMENTO!$AF$7)/$H30*OFFSET(ORÇAMENTO!$X$15,ROW(AI30)-ROW(AI$15),0),\nROUND(ROUND(OFFSET($P30,0,AI$13),15-13*ORÇAMENTO!$AF$7)*OFFSET(ORÇAMENTO!$W$15,ROW(AI30)-ROW(AI$15),0),15-13*ORÇAMENTO!$AF$11)),0)","v":0},{"$f":"IF(AND($D30=\"Serviço\",AJ$12<>0,$H30>0,OR(AUTOEVENTO<>\"manual\",$M30<>1)),\nIF(Import.TipoArredondamento<>\"TransfereGOV\",\nROUND(OFFSET($P30,0,AJ$13),15-13*ORÇAMENTO!$AF$7)/$H30*OFFSET(ORÇAMENTO!$X$15,ROW(AJ30)-ROW(AJ$15),0),\nROUND(ROUND(OFFSET($P30,0,AJ$13),15-13*ORÇAMENTO!$AF$7)*OFFSET(ORÇAMENTO!$W$15,ROW(AJ30)-ROW(AJ$15),0),15-13*ORÇAMENTO!$AF$11)),0)","v":0},{"$f":"IF(AND($D30=\"Serviço\",AK$12<>0,$H30>0,OR(AUTOEVENTO<>\"manual\",$M30<>1)),\nIF(Import.TipoArredondamento<>\"TransfereGOV\",\nROUND(OFFSET($P30,0,AK$13),15-13*ORÇAMENTO!$AF$7)/$H30*OFFSET(ORÇAMENTO!$X$15,ROW(AK30)-ROW(AK$15),0),\nROUND(ROUND(OFFSET($P30,0,AK$13),15-13*ORÇAMENTO!$AF$7)*OFFSET(ORÇAMENTO!$W$15,ROW(AK30)-ROW(AK$15),0),15-13*ORÇAMENTO!$AF$11)),0)","v":0},null,{"$f":"IF($D30<>\"Serviço\",0,IF(AND(AUTOEVENTO=\"Manual\",$M30=1),0,IF(OFFSET(CRONOPLE!$F$14,$M30,AM$13)=\"\",10^12,OFFSET(CRONOPLE!$F$14,$M30,AM$13))))","v":1000000000000},{"$f":"IF($D30<>\"Serviço\",0,IF(AND(AUTOEVENTO=\"Manual\",$M30=1),0,IF(OFFSET(CRONOPLE!$F$14,$M30,AN$13)=\"\",10^12,OFFSET(CRONOPLE!$F$14,$M30,AN$13))))","v":1000000000000},{"$f":"IF($D30<>\"Serviço\",0,IF(AND(AUTOEVENTO=\"Manual\",$M30=1),0,IF(OFFSET(CRONOPLE!$F$14,$M30,AO$13)=\"\",10^12,OFFSET(CRONOPLE!$F$14,$M30,AO$13))))","v":1000000000000},{"$f":"IF($D30<>\"Serviço\",0,IF(AND(AUTOEVENTO=\"Manual\",$M30=1),0,IF(OFFSET(CRONOPLE!$F$14,$M30,AP$13)=\"\",10^12,OFFSET(CRONOPLE!$F$14,$M30,AP$13))))","v":1000000000000},{"$f":"IF($D30<>\"Serviço\",0,IF(AND(AUTOEVENTO=\"Manual\",$M30=1),0,IF(OFFSET(CRONOPLE!$F$14,$M30,AQ$13)=\"\",10^12,OFFSET(CRONOPLE!$F$14,$M30,AQ$13))))","v":1000000000000},{"$f":"IF($D30<>\"Serviço\",0,IF(AND(AUTOEVENTO=\"Manual\",$M30=1),0,IF(OFFSET(CRONOPLE!$F$14,$M30,AR$13)=\"\",10^12,OFFSET(CRONOPLE!$F$14,$M30,AR$13))))","v":1000000000000},{"$f":"IF($D30<>\"Serviço\",0,IF(AND(AUTOEVENTO=\"Manual\",$M30=1),0,IF(OFFSET(CRONOPLE!$F$14,$M30,AS$13)=\"\",10^12,OFFSET(CRONOPLE!$F$14,$M30,AS$13))))","v":1000000000000},{"$f":"IF($D30<>\"Serviço\",0,IF(AND(AUTOEVENTO=\"Manual\",$M30=1),0,IF(OFFSET(CRONOPLE!$F$14,$M30,AT$13)=\"\",10^12,OFFSET(CRONOPLE!$F$14,$M30,AT$13))))","v":1000000000000},{"$f":"IF($D30<>\"Serviço\",0,IF(AND(AUTOEVENTO=\"Manual\",$M30=1),0,IF(OFFSET(CRONOPLE!$F$14,$M30,AU$13)=\"\",10^12,OFFSET(CRONOPLE!$F$14,$M30,AU$13))))","v":1000000000000},{"$f":"IF($D30<>\"Serviço\",0,IF(AND(AUTOEVENTO=\"Manual\",$M30=1),0,IF(OFFSET(CRONOPLE!$F$14,$M30,AV$13)=\"\",10^12,OFFSET(CRONOPLE!$F$14,$M30,AV$13))))","v":1000000000000},null,{"$f":"IF($D30<>\"Serviço\",0,IF(OR(AND(AUTOEVENTO=\"Manual\",$M30=1),$M30>(ROW(PLE.lastrow)-ROW(PLE.firstrow))),0,IF(OFFSET(PLE!$G$14,$M30,AX$13)=\"\",10^12,OFFSET(PLE!$G$14,$M30,AX$13))))","v":1000000000000},{"$f":"IF($D30<>\"Serviço\",0,IF(OR(AND(AUTOEVENTO=\"Manual\",$M30=1),$M30>(ROW(PLE.lastrow)-ROW(PLE.firstrow))),0,IF(OFFSET(PLE!$G$14,$M30,AY$13)=\"\",10^12,OFFSET(PLE!$G$14,$M30,AY$13))))","v":1000000000000},{"$f":"IF($D30<>\"Serviço\",0,IF(OR(AND(AUTOEVENTO=\"Manual\",$M30=1),$M30>(ROW(PLE.lastrow)-ROW(PLE.firstrow))),0,IF(OFFSET(PLE!$G$14,$M30,AZ$13)=\"\",10^12,OFFSET(PLE!$G$14,$M30,AZ$13))))","v":1000000000000},{"$f":"IF($D30<>\"Serviço\",0,IF(OR(AND(AUTOEVENTO=\"Manual\",$M30=1),$M30>(ROW(PLE.lastrow)-ROW(PLE.firstrow))),0,IF(OFFSET(PLE!$G$14,$M30,BA$13)=\"\",10^12,OFFSET(PLE!$G$14,$M30,BA$13))))","v":1000000000000},{"$f":"IF($D30<>\"Serviço\",0,IF(OR(AND(AUTOEVENTO=\"Manual\",$M30=1),$M30>(ROW(PLE.lastrow)-ROW(PLE.firstrow))),0,IF(OFFSET(PLE!$G$14,$M30,BB$13)=\"\",10^12,OFFSET(PLE!$G$14,$M30,BB$13))))","v":1000000000000},{"$f":"IF($D30<>\"Serviço\",0,IF(OR(AND(AUTOEVENTO=\"Manual\",$M30=1),$M30>(ROW(PLE.lastrow)-ROW(PLE.firstrow))),0,IF(OFFSET(PLE!$G$14,$M30,BC$13)=\"\",10^12,OFFSET(PLE!$G$14,$M30,BC$13))))","v":1000000000000},{"$f":"IF($D30<>\"Serviço\",0,IF(OR(AND(AUTOEVENTO=\"Manual\",$M30=1),$M30>(ROW(PLE.lastrow)-ROW(PLE.firstrow))),0,IF(OFFSET(PLE!$G$14,$M30,BD$13)=\"\",10^12,OFFSET(PLE!$G$14,$M30,BD$13))))","v":1000000000000},{"$f":"IF($D30<>\"Serviço\",0,IF(OR(AND(AUTOEVENTO=\"Manual\",$M30=1),$M30>(ROW(PLE.lastrow)-ROW(PLE.firstrow))),0,IF(OFFSET(PLE!$G$14,$M30,BE$13)=\"\",10^12,OFFSET(PLE!$G$14,$M30,BE$13))))","v":1000000000000},{"$f":"IF($D30<>\"Serviço\",0,IF(OR(AND(AUTOEVENTO=\"Manual\",$M30=1),$M30>(ROW(PLE.lastrow)-ROW(PLE.firstrow))),0,IF(OFFSET(PLE!$G$14,$M30,BF$13)=\"\",10^12,OFFSET(PLE!$G$14,$M30,BF$13))))","v":1000000000000},{"$f":"IF($D30<>\"Serviço\",0,IF(OR(AND(AUTOEVENTO=\"Manual\",$M30=1),$M30>(ROW(PLE.lastrow)-ROW(PLE.firstrow))),0,IF(OFFSET(PLE!$G$14,$M30,BG$13)=\"\",10^12,OFFSET(PLE!$G$14,$M30,BG$13))))","v":1000000000000}]
["2",{"$f":"OFFSET(ORÇAMENTO!C$15,ROW(B31)-ROW(B$15),0)","v":"S"},{"$f":"OFFSET(ORÇAMENTO!L$15,ROW(C31)-ROW(C$15),0)","v":"F"},{"$f":"OFFSET(ORÇAMENTO!N$15,ROW(D31)-ROW(D$15),0)","v":"Serviço"},{"$f":"OFFSET(ORÇAMENTO!O$15,ROW(E31)-ROW(E$15),0)","v":"1.1.2.7."},{"$f":"OFFSET(ORÇAMENTO!R$15,ROW(F31)-ROW(F$15),0)","v":"DEMOLIÇÃO DE ALVENARIA PARA QUALQUER TIPO DE BLOCO, DE FORMA MECANIZADA, SEM REAPROVEITAMENTO. AF_09/2023"},{"$f":"IF($D31<>\"Serviço\",\"\",OFFSET(ORÇAMENTO!S$15,ROW(G31)-ROW(G$15),0))","v":"M3"},{"$f":"IF($D31<>\"Serviço\",0,IF(ACOMPANHAMENTO=\"BM\",ROUND(OFFSET(ORÇAMENTO!AJ$15,ROW(H31)-ROW(H$15),0),15-13*ORÇAMENTO!$AF$7),SUMPRODUCT(($Q$12:$AA$12<>\"\")*ROUND($Q31:$AA31,15-13*ORÇAMENTO!$AF$7))))","v":44.56},null,null,null,".",{"$f":"IF($D31<>\"Serviço\",\"\",IF(AUTOEVENTO=\"manual\",$A31,IF(ISERROR(MATCH($A31,$A$15:OFFSET($A31,-1,0),0)),MAX($M$15:OFFSET(M31,-1,0))+1,INDEX($M$15:OFFSET(M31,-1,0),MATCH($A31,$A$15:OFFSET($A31,-1,0),0)))))","v":2},{"$f":"IF($D31<>\"Serviço\",\"\",IF(AUTOEVENTO=\"Manual\",IF($A31=0,\"<-- defina o número do agrupador\",OFFSET(EVENTOS!$D$14,$A31,0)),OFFSET($F$15,$A31,0)))","v":"SERVIÇOS PRELIMINARES, CANTEIRO DE OBRAS, SEGURANÇA E SAÚDE"},null,null,null,null,null,null,null,null,null,null,null,null,null,{"$f":"IF(AND($D31=\"Serviço\",AB$12<>0,$H31>0,OR(AUTOEVENTO<>\"manual\",$M31<>1)),\nIF(Import.TipoArredondamento<>\"TransfereGOV\",\nROUND(OFFSET($P31,0,AB$13),15-13*ORÇAMENTO!$AF$7)/$H31*OFFSET(ORÇAMENTO!$X$15,ROW(AB31)-ROW(AB$15),0),\nROUND(ROUND(OFFSET($P31,0,AB$13),15-13*ORÇAMENTO!$AF$7)*OFFSET(ORÇAMENTO!$W$15,ROW(AB31)-ROW(AB$15),0),15-13*ORÇAMENTO!$AF$11)),0)","v":0},{"$f":"IF(AND($D31=\"Serviço\",AC$12<>0,$H31>0,OR(AUTOEVENTO<>\"manual\",$M31<>1)),\nIF(Import.TipoArredondamento<>\"TransfereGOV\",\nROUND(OFFSET($P31,0,AC$13),15-13*ORÇAMENTO!$AF$7)/$H31*OFFSET(ORÇAMENTO!$X$15,ROW(AC31)-ROW(AC$15),0),\nROUND(ROUND(OFFSET($P31,0,AC$13),15-13*ORÇAMENTO!$AF$7)*OFFSET(ORÇAMENTO!$W$15,ROW(AC31)-ROW(AC$15),0),15-13*ORÇAMENTO!$AF$11)),0)","v":0},{"$f":"IF(AND($D31=\"Serviço\",AD$12<>0,$H31>0,OR(AUTOEVENTO<>\"manual\",$M31<>1)),\nIF(Import.TipoArredondamento<>\"TransfereGOV\",\nROUND(OFFSET($P31,0,AD$13),15-13*ORÇAMENTO!$AF$7)/$H31*OFFSET(ORÇAMENTO!$X$15,ROW(AD31)-ROW(AD$15),0),\nROUND(ROUND(OFFSET($P31,0,AD$13),15-13*ORÇAMENTO!$AF$7)*OFFSET(ORÇAMENTO!$W$15,ROW(AD31)-ROW(AD$15),0),15-13*ORÇAMENTO!$AF$11)),0)","v":0},{"$f":"IF(AND($D31=\"Serviço\",AE$12<>0,$H31>0,OR(AUTOEVENTO<>\"manual\",$M31<>1)),\nIF(Import.TipoArredondamento<>\"TransfereGOV\",\nROUND(OFFSET($P31,0,AE$13),15-13*ORÇAMENTO!$AF$7)/$H31*OFFSET(ORÇAMENTO!$X$15,ROW(AE31)-ROW(AE$15),0),\nROUND(ROUND(OFFSET($P31,0,AE$13),15-13*ORÇAMENTO!$AF$7)*OFFSET(ORÇAMENTO!$W$15,ROW(AE31)-ROW(AE$15),0),15-13*ORÇAMENTO!$AF$11)),0)","v":0},{"$f":"IF(AND($D31=\"Serviço\",AF$12<>0,$H31>0,OR(AUTOEVENTO<>\"manual\",$M31<>1)),\nIF(Import.TipoArredondamento<>\"TransfereGOV\",\nROUND(OFFSET($P31,0,AF$13),15-13*ORÇAMENTO!$AF$7)/$H31*OFFSET(ORÇAMENTO!$X$15,ROW(AF31)-ROW(AF$15),0),\nROUND(ROUND(OFFSET($P31,0,AF$13),15-13*ORÇAMENTO!$AF$7)*OFFSET(ORÇAMENTO!$W$15,ROW(AF31)-ROW(AF$15),0),15-13*ORÇAMENTO!$AF$11)),0)","v":0},{"$f":"IF(AND($D31=\"Serviço\",AG$12<>0,$H31>0,OR(AUTOEVENTO<>\"manual\",$M31<>1)),\nIF(Import.TipoArredondamento<>\"TransfereGOV\",\nROUND(OFFSET($P31,0,AG$13),15-13*ORÇAMENTO!$AF$7)/$H31*OFFSET(ORÇAMENTO!$X$15,ROW(AG31)-ROW(AG$15),0),\nROUND(ROUND(OFFSET($P31,0,AG$13),15-13*ORÇAMENTO!$AF$7)*OFFSET(ORÇAMENTO!$W$15,ROW(AG31)-ROW(AG$15),0),15-13*ORÇAMENTO!$AF$11)),0)","v":0},{"$f":"IF(AND($D31=\"Serviço\",AH$12<>0,$H31>0,OR(AUTOEVENTO<>\"manual\",$M31<>1)),\nIF(Import.TipoArredondamento<>\"TransfereGOV\",\nROUND(OFFSET($P31,0,AH$13),15-13*ORÇAMENTO!$AF$7)/$H31*OFFSET(ORÇAMENTO!$X$15,ROW(AH31)-ROW(AH$15),0),\nROUND(ROUND(OFFSET($P31,0,AH$13),15-13*ORÇAMENTO!$AF$7)*OFFSET(ORÇAMENTO!$W$15,ROW(AH31)-ROW(AH$15),0),15-13*ORÇAMENTO!$AF$11)),0)","v":0},{"$f":"IF(AND($D31=\"Serviço\",AI$12<>0,$H31>0,OR(AUTOEVENTO<>\"manual\",$M31<>1)),\nIF(Import.TipoArredondamento<>\"TransfereGOV\",\nROUND(OFFSET($P31,0,AI$13),15-13*ORÇAMENTO!$AF$7)/$H31*OFFSET(ORÇAMENTO!$X$15,ROW(AI31)-ROW(AI$15),0),\nROUND(ROUND(OFFSET($P31,0,AI$13),15-13*ORÇAMENTO!$AF$7)*OFFSET(ORÇAMENTO!$W$15,ROW(AI31)-ROW(AI$15),0),15-13*ORÇAMENTO!$AF$11)),0)","v":0},{"$f":"IF(AND($D31=\"Serviço\",AJ$12<>0,$H31>0,OR(AUTOEVENTO<>\"manual\",$M31<>1)),\nIF(Import.TipoArredondamento<>\"TransfereGOV\",\nROUND(OFFSET($P31,0,AJ$13),15-13*ORÇAMENTO!$AF$7)/$H31*OFFSET(ORÇAMENTO!$X$15,ROW(AJ31)-ROW(AJ$15),0),\nROUND(ROUND(OFFSET($P31,0,AJ$13),15-13*ORÇAMENTO!$AF$7)*OFFSET(ORÇAMENTO!$W$15,ROW(AJ31)-ROW(AJ$15),0),15-13*ORÇAMENTO!$AF$11)),0)","v":0},{"$f":"IF(AND($D31=\"Serviço\",AK$12<>0,$H31>0,OR(AUTOEVENTO<>\"manual\",$M31<>1)),\nIF(Import.TipoArredondamento<>\"TransfereGOV\",\nROUND(OFFSET($P31,0,AK$13),15-13*ORÇAMENTO!$AF$7)/$H31*OFFSET(ORÇAMENTO!$X$15,ROW(AK31)-ROW(AK$15),0),\nROUND(ROUND(OFFSET($P31,0,AK$13),15-13*ORÇAMENTO!$AF$7)*OFFSET(ORÇAMENTO!$W$15,ROW(AK31)-ROW(AK$15),0),15-13*ORÇAMENTO!$AF$11)),0)","v":0},null,{"$f":"IF($D31<>\"Serviço\",0,IF(AND(AUTOEVENTO=\"Manual\",$M31=1),0,IF(OFFSET(CRONOPLE!$F$14,$M31,AM$13)=\"\",10^12,OFFSET(CRONOPLE!$F$14,$M31,AM$13))))","v":1000000000000},{"$f":"IF($D31<>\"Serviço\",0,IF(AND(AUTOEVENTO=\"Manual\",$M31=1),0,IF(OFFSET(CRONOPLE!$F$14,$M31,AN$13)=\"\",10^12,OFFSET(CRONOPLE!$F$14,$M31,AN$13))))","v":1000000000000},{"$f":"IF($D31<>\"Serviço\",0,IF(AND(AUTOEVENTO=\"Manual\",$M31=1),0,IF(OFFSET(CRONOPLE!$F$14,$M31,AO$13)=\"\",10^12,OFFSET(CRONOPLE!$F$14,$M31,AO$13))))","v":1000000000000},{"$f":"IF($D31<>\"Serviço\",0,IF(AND(AUTOEVENTO=\"Manual\",$M31=1),0,IF(OFFSET(CRONOPLE!$F$14,$M31,AP$13)=\"\",10^12,OFFSET(CRONOPLE!$F$14,$M31,AP$13))))","v":1000000000000},{"$f":"IF($D31<>\"Serviço\",0,IF(AND(AUTOEVENTO=\"Manual\",$M31=1),0,IF(OFFSET(CRONOPLE!$F$14,$M31,AQ$13)=\"\",10^12,OFFSET(CRONOPLE!$F$14,$M31,AQ$13))))","v":1000000000000},{"$f":"IF($D31<>\"Serviço\",0,IF(AND(AUTOEVENTO=\"Manual\",$M31=1),0,IF(OFFSET(CRONOPLE!$F$14,$M31,AR$13)=\"\",10^12,OFFSET(CRONOPLE!$F$14,$M31,AR$13))))","v":1000000000000},{"$f":"IF($D31<>\"Serviço\",0,IF(AND(AUTOEVENTO=\"Manual\",$M31=1),0,IF(OFFSET(CRONOPLE!$F$14,$M31,AS$13)=\"\",10^12,OFFSET(CRONOPLE!$F$14,$M31,AS$13))))","v":1000000000000},{"$f":"IF($D31<>\"Serviço\",0,IF(AND(AUTOEVENTO=\"Manual\",$M31=1),0,IF(OFFSET(CRONOPLE!$F$14,$M31,AT$13)=\"\",10^12,OFFSET(CRONOPLE!$F$14,$M31,AT$13))))","v":1000000000000},{"$f":"IF($D31<>\"Serviço\",0,IF(AND(AUTOEVENTO=\"Manual\",$M31=1),0,IF(OFFSET(CRONOPLE!$F$14,$M31,AU$13)=\"\",10^12,OFFSET(CRONOPLE!$F$14,$M31,AU$13))))","v":1000000000000},{"$f":"IF($D31<>\"Serviço\",0,IF(AND(AUTOEVENTO=\"Manual\",$M31=1),0,IF(OFFSET(CRONOPLE!$F$14,$M31,AV$13)=\"\",10^12,OFFSET(CRONOPLE!$F$14,$M31,AV$13))))","v":1000000000000},null,{"$f":"IF($D31<>\"Serviço\",0,IF(OR(AND(AUTOEVENTO=\"Manual\",$M31=1),$M31>(ROW(PLE.lastrow)-ROW(PLE.firstrow))),0,IF(OFFSET(PLE!$G$14,$M31,AX$13)=\"\",10^12,OFFSET(PLE!$G$14,$M31,AX$13))))","v":1000000000000},{"$f":"IF($D31<>\"Serviço\",0,IF(OR(AND(AUTOEVENTO=\"Manual\",$M31=1),$M31>(ROW(PLE.lastrow)-ROW(PLE.firstrow))),0,IF(OFFSET(PLE!$G$14,$M31,AY$13)=\"\",10^12,OFFSET(PLE!$G$14,$M31,AY$13))))","v":1000000000000},{"$f":"IF($D31<>\"Serviço\",0,IF(OR(AND(AUTOEVENTO=\"Manual\",$M31=1),$M31>(ROW(PLE.lastrow)-ROW(PLE.firstrow))),0,IF(OFFSET(PLE!$G$14,$M31,AZ$13)=\"\",10^12,OFFSET(PLE!$G$14,$M31,AZ$13))))","v":1000000000000},{"$f":"IF($D31<>\"Serviço\",0,IF(OR(AND(AUTOEVENTO=\"Manual\",$M31=1),$M31>(ROW(PLE.lastrow)-ROW(PLE.firstrow))),0,IF(OFFSET(PLE!$G$14,$M31,BA$13)=\"\",10^12,OFFSET(PLE!$G$14,$M31,BA$13))))","v":1000000000000},{"$f":"IF($D31<>\"Serviço\",0,IF(OR(AND(AUTOEVENTO=\"Manual\",$M31=1),$M31>(ROW(PLE.lastrow)-ROW(PLE.firstrow))),0,IF(OFFSET(PLE!$G$14,$M31,BB$13)=\"\",10^12,OFFSET(PLE!$G$14,$M31,BB$13))))","v":1000000000000},{"$f":"IF($D31<>\"Serviço\",0,IF(OR(AND(AUTOEVENTO=\"Manual\",$M31=1),$M31>(ROW(PLE.lastrow)-ROW(PLE.firstrow))),0,IF(OFFSET(PLE!$G$14,$M31,BC$13)=\"\",10^12,OFFSET(PLE!$G$14,$M31,BC$13))))","v":1000000000000},{"$f":"IF($D31<>\"Serviço\",0,IF(OR(AND(AUTOEVENTO=\"Manual\",$M31=1),$M31>(ROW(PLE.lastrow)-ROW(PLE.firstrow))),0,IF(OFFSET(PLE!$G$14,$M31,BD$13)=\"\",10^12,OFFSET(PLE!$G$14,$M31,BD$13))))","v":1000000000000},{"$f":"IF($D31<>\"Serviço\",0,IF(OR(AND(AUTOEVENTO=\"Manual\",$M31=1),$M31>(ROW(PLE.lastrow)-ROW(PLE.firstrow))),0,IF(OFFSET(PLE!$G$14,$M31,BE$13)=\"\",10^12,OFFSET(PLE!$G$14,$M31,BE$13))))","v":1000000000000},{"$f":"IF($D31<>\"Serviço\",0,IF(OR(AND(AUTOEVENTO=\"Manual\",$M31=1),$M31>(ROW(PLE.lastrow)-ROW(PLE.firstrow))),0,IF(OFFSET(PLE!$G$14,$M31,BF$13)=\"\",10^12,OFFSET(PLE!$G$14,$M31,BF$13))))","v":1000000000000},{"$f":"IF($D31<>\"Serviço\",0,IF(OR(AND(AUTOEVENTO=\"Manual\",$M31=1),$M31>(ROW(PLE.lastrow)-ROW(PLE.firstrow))),0,IF(OFFSET(PLE!$G$14,$M31,BG$13)=\"\",10^12,OFFSET(PLE!$G$14,$M31,BG$13))))","v":1000000000000}]
["2",{"$f":"OFFSET(ORÇAMENTO!C$15,ROW(B32)-ROW(B$15),0)","v":"S"},{"$f":"OFFSET(ORÇAMENTO!L$15,ROW(C32)-ROW(C$15),0)","v":"F"},{"$f":"OFFSET(ORÇAMENTO!N$15,ROW(D32)-ROW(D$15),0)","v":"Serviço"},{"$f":"OFFSET(ORÇAMENTO!O$15,ROW(E32)-ROW(E$15),0)","v":"1.1.2.8."},{"$f":"OFFSET(ORÇAMENTO!R$15,ROW(F32)-ROW(F$15),0)","v":"DEMOLIÇÃO DE PILARES E VIGAS EM CONCRETO ARMADO, DE FORMA MECANIZADA COM MARTELETE, SEM REAPROVEITAMENTO. AF_09/2023"},{"$f":"IF($D32<>\"Serviço\",\"\",OFFSET(ORÇAMENTO!S$15,ROW(G32)-ROW(G$15),0))","v":"M3"},{"$f":"IF($D32<>\"Serviço\",0,IF(ACOMPANHAMENTO=\"BM\",ROUND(OFFSET(ORÇAMENTO!AJ$15,ROW(H32)-ROW(H$15),0),15-13*ORÇAMENTO!$AF$7),SUMPRODUCT(($Q$12:$AA$12<>\"\")*ROUND($Q32:$AA32,15-13*ORÇAMENTO!$AF$7))))","v":5.65},null,null,null,".",{"$f":"IF($D32<>\"Serviço\",\"\",IF(AUTOEVENTO=\"manual\",$A32,IF(ISERROR(MATCH($A32,$A$15:OFFSET($A32,-1,0),0)),MAX($M$15:OFFSET(M32,-1,0))+1,INDEX($M$15:OFFSET(M32,-1,0),MATCH($A32,$A$15:OFFSET($A32,-1,0),0)))))","v":2},{"$f":"IF($D32<>\"Serviço\",\"\",IF(AUTOEVENTO=\"Manual\",IF($A32=0,\"<-- defina o número do agrupador\",OFFSET(EVENTOS!$D$14,$A32,0)),OFFSET($F$15,$A32,0)))","v":"SERVIÇOS PRELIMINARES, CANTEIRO DE OBRAS, SEGURANÇA E SAÚDE"},null,null,null,null,null,null,null,null,null,null,null,null,null,{"$f":"IF(AND($D32=\"Serviço\",AB$12<>0,$H32>0,OR(AUTOEVENTO<>\"manual\",$M32<>1)),\nIF(Import.TipoArredondamento<>\"TransfereGOV\",\nROUND(OFFSET($P32,0,AB$13),15-13*ORÇAMENTO!$AF$7)/$H32*OFFSET(ORÇAMENTO!$X$15,ROW(AB32)-ROW(AB$15),0),\nROUND(ROUND(OFFSET($P32,0,AB$13),15-13*ORÇAMENTO!$AF$7)*OFFSET(ORÇAMENTO!$W$15,ROW(AB32)-ROW(AB$15),0),15-13*ORÇAMENTO!$AF$11)),0)","v":0},{"$f":"IF(AND($D32=\"Serviço\",AC$12<>0,$H32>0,OR(AUTOEVENTO<>\"manual\",$M32<>1)),\nIF(Import.TipoArredondamento<>\"TransfereGOV\",\nROUND(OFFSET($P32,0,AC$13),15-13*ORÇAMENTO!$AF$7)/$H32*OFFSET(ORÇAMENTO!$X$15,ROW(AC32)-ROW(AC$15),0),\nROUND(ROUND(OFFSET($P32,0,AC$13),15-13*ORÇAMENTO!$AF$7)*OFFSET(ORÇAMENTO!$W$15,ROW(AC32)-ROW(AC$15),0),15-13*ORÇAMENTO!$AF$11)),0)","v":0},{"$f":"IF(AND($D32=\"Serviço\",AD$12<>0,$H32>0,OR(AUTOEVENTO<>\"manual\",$M32<>1)),\nIF(Import.TipoArredondamento<>\"TransfereGOV\",\nROUND(OFFSET($P32,0,AD$13),15-13*ORÇAMENTO!$AF$7)/$H32*OFFSET(ORÇAMENTO!$X$15,ROW(AD32)-ROW(AD$15),0),\nROUND(ROUND(OFFSET($P32,0,AD$13),15-13*ORÇAMENTO!$AF$7)*OFFSET(ORÇAMENTO!$W$15,ROW(AD32)-ROW(AD$15),0),15-13*ORÇAMENTO!$AF$11)),0)","v":0},{"$f":"IF(AND($D32=\"Serviço\",AE$12<>0,$H32>0,OR(AUTOEVENTO<>\"manual\",$M32<>1)),\nIF(Import.TipoArredondamento<>\"TransfereGOV\",\nROUND(OFFSET($P32,0,AE$13),15-13*ORÇAMENTO!$AF$7)/$H32*OFFSET(ORÇAMENTO!$X$15,ROW(AE32)-ROW(AE$15),0),\nROUND(ROUND(OFFSET($P32,0,AE$13),15-13*ORÇAMENTO!$AF$7)*OFFSET(ORÇAMENTO!$W$15,ROW(AE32)-ROW(AE$15),0),15-13*ORÇAMENTO!$AF$11)),0)","v":0},{"$f":"IF(AND($D32=\"Serviço\",AF$12<>0,$H32>0,OR(AUTOEVENTO<>\"manual\",$M32<>1)),\nIF(Import.TipoArredondamento<>\"TransfereGOV\",\nROUND(OFFSET($P32,0,AF$13),15-13*ORÇAMENTO!$AF$7)/$H32*OFFSET(ORÇAMENTO!$X$15,ROW(AF32)-ROW(AF$15),0),\nROUND(ROUND(OFFSET($P32,0,AF$13),15-13*ORÇAMENTO!$AF$7)*OFFSET(ORÇAMENTO!$W$15,ROW(AF32)-ROW(AF$15),0),15-13*ORÇAMENTO!$AF$11)),0)","v":0},{"$f":"IF(AND($D32=\"Serviço\",AG$12<>0,$H32>0,OR(AUTOEVENTO<>\"manual\",$M32<>1)),\nIF(Import.TipoArredondamento<>\"TransfereGOV\",\nROUND(OFFSET($P32,0,AG$13),15-13*ORÇAMENTO!$AF$7)/$H32*OFFSET(ORÇAMENTO!$X$15,ROW(AG32)-ROW(AG$15),0),\nROUND(ROUND(OFFSET($P32,0,AG$13),15-13*ORÇAMENTO!$AF$7)*OFFSET(ORÇAMENTO!$W$15,ROW(AG32)-ROW(AG$15),0),15-13*ORÇAMENTO!$AF$11)),0)","v":0},{"$f":"IF(AND($D32=\"Serviço\",AH$12<>0,$H32>0,OR(AUTOEVENTO<>\"manual\",$M32<>1)),\nIF(Import.TipoArredondamento<>\"TransfereGOV\",\nROUND(OFFSET($P32,0,AH$13),15-13*ORÇAMENTO!$AF$7)/$H32*OFFSET(ORÇAMENTO!$X$15,ROW(AH32)-ROW(AH$15),0),\nROUND(ROUND(OFFSET($P32,0,AH$13),15-13*ORÇAMENTO!$AF$7)*OFFSET(ORÇAMENTO!$W$15,ROW(AH32)-ROW(AH$15),0),15-13*ORÇAMENTO!$AF$11)),0)","v":0},{"$f":"IF(AND($D32=\"Serviço\",AI$12<>0,$H32>0,OR(AUTOEVENTO<>\"manual\",$M32<>1)),\nIF(Import.TipoArredondamento<>\"TransfereGOV\",\nROUND(OFFSET($P32,0,AI$13),15-13*ORÇAMENTO!$AF$7)/$H32*OFFSET(ORÇAMENTO!$X$15,ROW(AI32)-ROW(AI$15),0),\nROUND(ROUND(OFFSET($P32,0,AI$13),15-13*ORÇAMENTO!$AF$7)*OFFSET(ORÇAMENTO!$W$15,ROW(AI32)-ROW(AI$15),0),15-13*ORÇAMENTO!$AF$11)),0)","v":0},{"$f":"IF(AND($D32=\"Serviço\",AJ$12<>0,$H32>0,OR(AUTOEVENTO<>\"manual\",$M32<>1)),\nIF(Import.TipoArredondamento<>\"TransfereGOV\",\nROUND(OFFSET($P32,0,AJ$13),15-13*ORÇAMENTO!$AF$7)/$H32*OFFSET(ORÇAMENTO!$X$15,ROW(AJ32)-ROW(AJ$15),0),\nROUND(ROUND(OFFSET($P32,0,AJ$13),15-13*ORÇAMENTO!$AF$7)*OFFSET(ORÇAMENTO!$W$15,ROW(AJ32)-ROW(AJ$15),0),15-13*ORÇAMENTO!$AF$11)),0)","v":0},{"$f":"IF(AND($D32=\"Serviço\",AK$12<>0,$H32>0,OR(AUTOEVENTO<>\"manual\",$M32<>1)),\nIF(Import.TipoArredondamento<>\"TransfereGOV\",\nROUND(OFFSET($P32,0,AK$13),15-13*ORÇAMENTO!$AF$7)/$H32*OFFSET(ORÇAMENTO!$X$15,ROW(AK32)-ROW(AK$15),0),\nROUND(ROUND(OFFSET($P32,0,AK$13),15-13*ORÇAMENTO!$AF$7)*OFFSET(ORÇAMENTO!$W$15,ROW(AK32)-ROW(AK$15),0),15-13*ORÇAMENTO!$AF$11)),0)","v":0},null,{"$f":"IF($D32<>\"Serviço\",0,IF(AND(AUTOEVENTO=\"Manual\",$M32=1),0,IF(OFFSET(CRONOPLE!$F$14,$M32,AM$13)=\"\",10^12,OFFSET(CRONOPLE!$F$14,$M32,AM$13))))","v":1000000000000},{"$f":"IF($D32<>\"Serviço\",0,IF(AND(AUTOEVENTO=\"Manual\",$M32=1),0,IF(OFFSET(CRONOPLE!$F$14,$M32,AN$13)=\"\",10^12,OFFSET(CRONOPLE!$F$14,$M32,AN$13))))","v":1000000000000},{"$f":"IF($D32<>\"Serviço\",0,IF(AND(AUTOEVENTO=\"Manual\",$M32=1),0,IF(OFFSET(CRONOPLE!$F$14,$M32,AO$13)=\"\",10^12,OFFSET(CRONOPLE!$F$14,$M32,AO$13))))","v":1000000000000},{"$f":"IF($D32<>\"Serviço\",0,IF(AND(AUTOEVENTO=\"Manual\",$M32=1),0,IF(OFFSET(CRONOPLE!$F$14,$M32,AP$13)=\"\",10^12,OFFSET(CRONOPLE!$F$14,$M32,AP$13))))","v":1000000000000},{"$f":"IF($D32<>\"Serviço\",0,IF(AND(AUTOEVENTO=\"Manual\",$M32=1),0,IF(OFFSET(CRONOPLE!$F$14,$M32,AQ$13)=\"\",10^12,OFFSET(CRONOPLE!$F$14,$M32,AQ$13))))","v":1000000000000},{"$f":"IF($D32<>\"Serviço\",0,IF(AND(AUTOEVENTO=\"Manual\",$M32=1),0,IF(OFFSET(CRONOPLE!$F$14,$M32,AR$13)=\"\",10^12,OFFSET(CRONOPLE!$F$14,$M32,AR$13))))","v":1000000000000},{"$f":"IF($D32<>\"Serviço\",0,IF(AND(AUTOEVENTO=\"Manual\",$M32=1),0,IF(OFFSET(CRONOPLE!$F$14,$M32,AS$13)=\"\",10^12,OFFSET(CRONOPLE!$F$14,$M32,AS$13))))","v":1000000000000},{"$f":"IF($D32<>\"Serviço\",0,IF(AND(AUTOEVENTO=\"Manual\",$M32=1),0,IF(OFFSET(CRONOPLE!$F$14,$M32,AT$13)=\"\",10^12,OFFSET(CRONOPLE!$F$14,$M32,AT$13))))","v":1000000000000},{"$f":"IF($D32<>\"Serviço\",0,IF(AND(AUTOEVENTO=\"Manual\",$M32=1),0,IF(OFFSET(CRONOPLE!$F$14,$M32,AU$13)=\"\",10^12,OFFSET(CRONOPLE!$F$14,$M32,AU$13))))","v":1000000000000},{"$f":"IF($D32<>\"Serviço\",0,IF(AND(AUTOEVENTO=\"Manual\",$M32=1),0,IF(OFFSET(CRONOPLE!$F$14,$M32,AV$13)=\"\",10^12,OFFSET(CRONOPLE!$F$14,$M32,AV$13))))","v":1000000000000},null,{"$f":"IF($D32<>\"Serviço\",0,IF(OR(AND(AUTOEVENTO=\"Manual\",$M32=1),$M32>(ROW(PLE.lastrow)-ROW(PLE.firstrow))),0,IF(OFFSET(PLE!$G$14,$M32,AX$13)=\"\",10^12,OFFSET(PLE!$G$14,$M32,AX$13))))","v":1000000000000},{"$f":"IF($D32<>\"Serviço\",0,IF(OR(AND(AUTOEVENTO=\"Manual\",$M32=1),$M32>(ROW(PLE.lastrow)-ROW(PLE.firstrow))),0,IF(OFFSET(PLE!$G$14,$M32,AY$13)=\"\",10^12,OFFSET(PLE!$G$14,$M32,AY$13))))","v":1000000000000},{"$f":"IF($D32<>\"Serviço\",0,IF(OR(AND(AUTOEVENTO=\"Manual\",$M32=1),$M32>(ROW(PLE.lastrow)-ROW(PLE.firstrow))),0,IF(OFFSET(PLE!$G$14,$M32,AZ$13)=\"\",10^12,OFFSET(PLE!$G$14,$M32,AZ$13))))","v":1000000000000},{"$f":"IF($D32<>\"Serviço\",0,IF(OR(AND(AUTOEVENTO=\"Manual\",$M32=1),$M32>(ROW(PLE.lastrow)-ROW(PLE.firstrow))),0,IF(OFFSET(PLE!$G$14,$M32,BA$13)=\"\",10^12,OFFSET(PLE!$G$14,$M32,BA$13))))","v":1000000000000},{"$f":"IF($D32<>\"Serviço\",0,IF(OR(AND(AUTOEVENTO=\"Manual\",$M32=1),$M32>(ROW(PLE.lastrow)-ROW(PLE.firstrow))),0,IF(OFFSET(PLE!$G$14,$M32,BB$13)=\"\",10^12,OFFSET(PLE!$G$14,$M32,BB$13))))","v":1000000000000},{"$f":"IF($D32<>\"Serviço\",0,IF(OR(AND(AUTOEVENTO=\"Manual\",$M32=1),$M32>(ROW(PLE.lastrow)-ROW(PLE.firstrow))),0,IF(OFFSET(PLE!$G$14,$M32,BC$13)=\"\",10^12,OFFSET(PLE!$G$14,$M32,BC$13))))","v":1000000000000},{"$f":"IF($D32<>\"Serviço\",0,IF(OR(AND(AUTOEVENTO=\"Manual\",$M32=1),$M32>(ROW(PLE.lastrow)-ROW(PLE.firstrow))),0,IF(OFFSET(PLE!$G$14,$M32,BD$13)=\"\",10^12,OFFSET(PLE!$G$14,$M32,BD$13))))","v":1000000000000},{"$f":"IF($D32<>\"Serviço\",0,IF(OR(AND(AUTOEVENTO=\"Manual\",$M32=1),$M32>(ROW(PLE.lastrow)-ROW(PLE.firstrow))),0,IF(OFFSET(PLE!$G$14,$M32,BE$13)=\"\",10^12,OFFSET(PLE!$G$14,$M32,BE$13))))","v":1000000000000},{"$f":"IF($D32<>\"Serviço\",0,IF(OR(AND(AUTOEVENTO=\"Manual\",$M32=1),$M32>(ROW(PLE.lastrow)-ROW(PLE.firstrow))),0,IF(OFFSET(PLE!$G$14,$M32,BF$13)=\"\",10^12,OFFSET(PLE!$G$14,$M32,BF$13))))","v":1000000000000},{"$f":"IF($D32<>\"Serviço\",0,IF(OR(AND(AUTOEVENTO=\"Manual\",$M32=1),$M32>(ROW(PLE.lastrow)-ROW(PLE.firstrow))),0,IF(OFFSET(PLE!$G$14,$M32,BG$13)=\"\",10^12,OFFSET(PLE!$G$14,$M32,BG$13))))","v":1000000000000}]
["2",{"$f":"OFFSET(ORÇAMENTO!C$15,ROW(B33)-ROW(B$15),0)","v":"S"},{"$f":"OFFSET(ORÇAMENTO!L$15,ROW(C33)-ROW(C$15),0)","v":"F"},{"$f":"OFFSET(ORÇAMENTO!N$15,ROW(D33)-ROW(D$15),0)","v":"Serviço"},{"$f":"OFFSET(ORÇAMENTO!O$15,ROW(E33)-ROW(E$15),0)","v":"1.1.2.9."},{"$f":"OFFSET(ORÇAMENTO!R$15,ROW(F33)-ROW(F$15),0)","v":"DEMOLIÇÃO DE PISO DE CONCRETO SIMPLES, DE FORMA MECANIZADA COM MARTELETE, SEM REAPROVEITAMENTO. AF_09/2023"},{"$f":"IF($D33<>\"Serviço\",\"\",OFFSET(ORÇAMENTO!S$15,ROW(G33)-ROW(G$15),0))","v":"M3"},{"$f":"IF($D33<>\"Serviço\",0,IF(ACOMPANHAMENTO=\"BM\",ROUND(OFFSET(ORÇAMENTO!AJ$15,ROW(H33)-ROW(H$15),0),15-13*ORÇAMENTO!$AF$7),SUMPRODUCT(($Q$12:$AA$12<>\"\")*ROUND($Q33:$AA33,15-13*ORÇAMENTO!$AF$7))))","v":26.71},null,null,null,".",{"$f":"IF($D33<>\"Serviço\",\"\",IF(AUTOEVENTO=\"manual\",$A33,IF(ISERROR(MATCH($A33,$A$15:OFFSET($A33,-1,0),0)),MAX($M$15:OFFSET(M33,-1,0))+1,INDEX($M$15:OFFSET(M33,-1,0),MATCH($A33,$A$15:OFFSET($A33,-1,0),0)))))","v":2},{"$f":"IF($D33<>\"Serviço\",\"\",IF(AUTOEVENTO=\"Manual\",IF($A33=0,\"<-- defina o número do agrupador\",OFFSET(EVENTOS!$D$14,$A33,0)),OFFSET($F$15,$A33,0)))","v":"SERVIÇOS PRELIMINARES, CANTEIRO DE OBRAS, SEGURANÇA E SAÚDE"},null,null,null,null,null,null,null,null,null,null,null,null,null,{"$f":"IF(AND($D33=\"Serviço\",AB$12<>0,$H33>0,OR(AUTOEVENTO<>\"manual\",$M33<>1)),\nIF(Import.TipoArredondamento<>\"TransfereGOV\",\nROUND(OFFSET($P33,0,AB$13),15-13*ORÇAMENTO!$AF$7)/$H33*OFFSET(ORÇAMENTO!$X$15,ROW(AB33)-ROW(AB$15),0),\nROUND(ROUND(OFFSET($P33,0,AB$13),15-13*ORÇAMENTO!$AF$7)*OFFSET(ORÇAMENTO!$W$15,ROW(AB33)-ROW(AB$15),0),15-13*ORÇAMENTO!$AF$11)),0)","v":0},{"$f":"IF(AND($D33=\"Serviço\",AC$12<>0,$H33>0,OR(AUTOEVENTO<>\"manual\",$M33<>1)),\nIF(Import.TipoArredondamento<>\"TransfereGOV\",\nROUND(OFFSET($P33,0,AC$13),15-13*ORÇAMENTO!$AF$7)/$H33*OFFSET(ORÇAMENTO!$X$15,ROW(AC33)-ROW(AC$15),0),\nROUND(ROUND(OFFSET($P33,0,AC$13),15-13*ORÇAMENTO!$AF$7)*OFFSET(ORÇAMENTO!$W$15,ROW(AC33)-ROW(AC$15),0),15-13*ORÇAMENTO!$AF$11)),0)","v":0},{"$f":"IF(AND($D33=\"Serviço\",AD$12<>0,$H33>0,OR(AUTOEVENTO<>\"manual\",$M33<>1)),\nIF(Import.TipoArredondamento<>\"TransfereGOV\",\nROUND(OFFSET($P33,0,AD$13),15-13*ORÇAMENTO!$AF$7)/$H33*OFFSET(ORÇAMENTO!$X$15,ROW(AD33)-ROW(AD$15),0),\nROUND(ROUND(OFFSET($P33,0,AD$13),15-13*ORÇAMENTO!$AF$7)*OFFSET(ORÇAMENTO!$W$15,ROW(AD33)-ROW(AD$15),0),15-13*ORÇAMENTO!$AF$11)),0)","v":0},{"$f":"IF(AND($D33=\"Serviço\",AE$12<>0,$H33>0,OR(AUTOEVENTO<>\"manual\",$M33<>1)),\nIF(Import.TipoArredondamento<>\"TransfereGOV\",\nROUND(OFFSET($P33,0,AE$13),15-13*ORÇAMENTO!$AF$7)/$H33*OFFSET(ORÇAMENTO!$X$15,ROW(AE33)-ROW(AE$15),0),\nROUND(ROUND(OFFSET($P33,0,AE$13),15-13*ORÇAMENTO!$AF$7)*OFFSET(ORÇAMENTO!$W$15,ROW(AE33)-ROW(AE$15),0),15-13*ORÇAMENTO!$AF$11)),0)","v":0},{"$f":"IF(AND($D33=\"Serviço\",AF$12<>0,$H33>0,OR(AUTOEVENTO<>\"manual\",$M33<>1)),\nIF(Import.TipoArredondamento<>\"TransfereGOV\",\nROUND(OFFSET($P33,0,AF$13),15-13*ORÇAMENTO!$AF$7)/$H33*OFFSET(ORÇAMENTO!$X$15,ROW(AF33)-ROW(AF$15),0),\nROUND(ROUND(OFFSET($P33,0,AF$13),15-13*ORÇAMENTO!$AF$7)*OFFSET(ORÇAMENTO!$W$15,ROW(AF33)-ROW(AF$15),0),15-13*ORÇAMENTO!$AF$11)),0)","v":0},{"$f":"IF(AND($D33=\"Serviço\",AG$12<>0,$H33>0,OR(AUTOEVENTO<>\"manual\",$M33<>1)),\nIF(Import.TipoArredondamento<>\"TransfereGOV\",\nROUND(OFFSET($P33,0,AG$13),15-13*ORÇAMENTO!$AF$7)/$H33*OFFSET(ORÇAMENTO!$X$15,ROW(AG33)-ROW(AG$15),0),\nROUND(ROUND(OFFSET($P33,0,AG$13),15-13*ORÇAMENTO!$AF$7)*OFFSET(ORÇAMENTO!$W$15,ROW(AG33)-ROW(AG$15),0),15-13*ORÇAMENTO!$AF$11)),0)","v":0},{"$f":"IF(AND($D33=\"Serviço\",AH$12<>0,$H33>0,OR(AUTOEVENTO<>\"manual\",$M33<>1)),\nIF(Import.TipoArredondamento<>\"TransfereGOV\",\nROUND(OFFSET($P33,0,AH$13),15-13*ORÇAMENTO!$AF$7)/$H33*OFFSET(ORÇAMENTO!$X$15,ROW(AH33)-ROW(AH$15),0),\nROUND(ROUND(OFFSET($P33,0,AH$13),15-13*ORÇAMENTO!$AF$7)*OFFSET(ORÇAMENTO!$W$15,ROW(AH33)-ROW(AH$15),0),15-13*ORÇAMENTO!$AF$11)),0)","v":0},{"$f":"IF(AND($D33=\"Serviço\",AI$12<>0,$H33>0,OR(AUTOEVENTO<>\"manual\",$M33<>1)),\nIF(Import.TipoArredondamento<>\"TransfereGOV\",\nROUND(OFFSET($P33,0,AI$13),15-13*ORÇAMENTO!$AF$7)/$H33*OFFSET(ORÇAMENTO!$X$15,ROW(AI33)-ROW(AI$15),0),\nROUND(ROUND(OFFSET($P33,0,AI$13),15-13*ORÇAMENTO!$AF$7)*OFFSET(ORÇAMENTO!$W$15,ROW(AI33)-ROW(AI$15),0),15-13*ORÇAMENTO!$AF$11)),0)","v":0},{"$f":"IF(AND($D33=\"Serviço\",AJ$12<>0,$H33>0,OR(AUTOEVENTO<>\"manual\",$M33<>1)),\nIF(Import.TipoArredondamento<>\"TransfereGOV\",\nROUND(OFFSET($P33,0,AJ$13),15-13*ORÇAMENTO!$AF$7)/$H33*OFFSET(ORÇAMENTO!$X$15,ROW(AJ33)-ROW(AJ$15),0),\nROUND(ROUND(OFFSET($P33,0,AJ$13),15-13*ORÇAMENTO!$AF$7)*OFFSET(ORÇAMENTO!$W$15,ROW(AJ33)-ROW(AJ$15),0),15-13*ORÇAMENTO!$AF$11)),0)","v":0},{"$f":"IF(AND($D33=\"Serviço\",AK$12<>0,$H33>0,OR(AUTOEVENTO<>\"manual\",$M33<>1)),\nIF(Import.TipoArredondamento<>\"TransfereGOV\",\nROUND(OFFSET($P33,0,AK$13),15-13*ORÇAMENTO!$AF$7)/$H33*OFFSET(ORÇAMENTO!$X$15,ROW(AK33)-ROW(AK$15),0),\nROUND(ROUND(OFFSET($P33,0,AK$13),15-13*ORÇAMENTO!$AF$7)*OFFSET(ORÇAMENTO!$W$15,ROW(AK33)-ROW(AK$15),0),15-13*ORÇAMENTO!$AF$11)),0)","v":0},null,{"$f":"IF($D33<>\"Serviço\",0,IF(AND(AUTOEVENTO=\"Manual\",$M33=1),0,IF(OFFSET(CRONOPLE!$F$14,$M33,AM$13)=\"\",10^12,OFFSET(CRONOPLE!$F$14,$M33,AM$13))))","v":1000000000000},{"$f":"IF($D33<>\"Serviço\",0,IF(AND(AUTOEVENTO=\"Manual\",$M33=1),0,IF(OFFSET(CRONOPLE!$F$14,$M33,AN$13)=\"\",10^12,OFFSET(CRONOPLE!$F$14,$M33,AN$13))))","v":1000000000000},{"$f":"IF($D33<>\"Serviço\",0,IF(AND(AUTOEVENTO=\"Manual\",$M33=1),0,IF(OFFSET(CRONOPLE!$F$14,$M33,AO$13)=\"\",10^12,OFFSET(CRONOPLE!$F$14,$M33,AO$13))))","v":1000000000000},{"$f":"IF($D33<>\"Serviço\",0,IF(AND(AUTOEVENTO=\"Manual\",$M33=1),0,IF(OFFSET(CRONOPLE!$F$14,$M33,AP$13)=\"\",10^12,OFFSET(CRONOPLE!$F$14,$M33,AP$13))))","v":1000000000000},{"$f":"IF($D33<>\"Serviço\",0,IF(AND(AUTOEVENTO=\"Manual\",$M33=1),0,IF(OFFSET(CRONOPLE!$F$14,$M33,AQ$13)=\"\",10^12,OFFSET(CRONOPLE!$F$14,$M33,AQ$13))))","v":1000000000000},{"$f":"IF($D33<>\"Serviço\",0,IF(AND(AUTOEVENTO=\"Manual\",$M33=1),0,IF(OFFSET(CRONOPLE!$F$14,$M33,AR$13)=\"\",10^12,OFFSET(CRONOPLE!$F$14,$M33,AR$13))))","v":1000000000000},{"$f":"IF($D33<>\"Serviço\",0,IF(AND(AUTOEVENTO=\"Manual\",$M33=1),0,IF(OFFSET(CRONOPLE!$F$14,$M33,AS$13)=\"\",10^12,OFFSET(CRONOPLE!$F$14,$M33,AS$13))))","v":1000000000000},{"$f":"IF($D33<>\"Serviço\",0,IF(AND(AUTOEVENTO=\"Manual\",$M33=1),0,IF(OFFSET(CRONOPLE!$F$14,$M33,AT$13)=\"\",10^12,OFFSET(CRONOPLE!$F$14,$M33,AT$13))))","v":1000000000000},{"$f":"IF($D33<>\"Serviço\",0,IF(AND(AUTOEVENTO=\"Manual\",$M33=1),0,IF(OFFSET(CRONOPLE!$F$14,$M33,AU$13)=\"\",10^12,OFFSET(CRONOPLE!$F$14,$M33,AU$13))))","v":1000000000000},{"$f":"IF($D33<>\"Serviço\",0,IF(AND(AUTOEVENTO=\"Manual\",$M33=1),0,IF(OFFSET(CRONOPLE!$F$14,$M33,AV$13)=\"\",10^12,OFFSET(CRONOPLE!$F$14,$M33,AV$13))))","v":1000000000000},null,{"$f":"IF($D33<>\"Serviço\",0,IF(OR(AND(AUTOEVENTO=\"Manual\",$M33=1),$M33>(ROW(PLE.lastrow)-ROW(PLE.firstrow))),0,IF(OFFSET(PLE!$G$14,$M33,AX$13)=\"\",10^12,OFFSET(PLE!$G$14,$M33,AX$13))))","v":1000000000000},{"$f":"IF($D33<>\"Serviço\",0,IF(OR(AND(AUTOEVENTO=\"Manual\",$M33=1),$M33>(ROW(PLE.lastrow)-ROW(PLE.firstrow))),0,IF(OFFSET(PLE!$G$14,$M33,AY$13)=\"\",10^12,OFFSET(PLE!$G$14,$M33,AY$13))))","v":1000000000000},{"$f":"IF($D33<>\"Serviço\",0,IF(OR(AND(AUTOEVENTO=\"Manual\",$M33=1),$M33>(ROW(PLE.lastrow)-ROW(PLE.firstrow))),0,IF(OFFSET(PLE!$G$14,$M33,AZ$13)=\"\",10^12,OFFSET(PLE!$G$14,$M33,AZ$13))))","v":1000000000000},{"$f":"IF($D33<>\"Serviço\",0,IF(OR(AND(AUTOEVENTO=\"Manual\",$M33=1),$M33>(ROW(PLE.lastrow)-ROW(PLE.firstrow))),0,IF(OFFSET(PLE!$G$14,$M33,BA$13)=\"\",10^12,OFFSET(PLE!$G$14,$M33,BA$13))))","v":1000000000000},{"$f":"IF($D33<>\"Serviço\",0,IF(OR(AND(AUTOEVENTO=\"Manual\",$M33=1),$M33>(ROW(PLE.lastrow)-ROW(PLE.firstrow))),0,IF(OFFSET(PLE!$G$14,$M33,BB$13)=\"\",10^12,OFFSET(PLE!$G$14,$M33,BB$13))))","v":1000000000000},{"$f":"IF($D33<>\"Serviço\",0,IF(OR(AND(AUTOEVENTO=\"Manual\",$M33=1),$M33>(ROW(PLE.lastrow)-ROW(PLE.firstrow))),0,IF(OFFSET(PLE!$G$14,$M33,BC$13)=\"\",10^12,OFFSET(PLE!$G$14,$M33,BC$13))))","v":1000000000000},{"$f":"IF($D33<>\"Serviço\",0,IF(OR(AND(AUTOEVENTO=\"Manual\",$M33=1),$M33>(ROW(PLE.lastrow)-ROW(PLE.firstrow))),0,IF(OFFSET(PLE!$G$14,$M33,BD$13)=\"\",10^12,OFFSET(PLE!$G$14,$M33,BD$13))))","v":1000000000000},{"$f":"IF($D33<>\"Serviço\",0,IF(OR(AND(AUTOEVENTO=\"Manual\",$M33=1),$M33>(ROW(PLE.lastrow)-ROW(PLE.firstrow))),0,IF(OFFSET(PLE!$G$14,$M33,BE$13)=\"\",10^12,OFFSET(PLE!$G$14,$M33,BE$13))))","v":1000000000000},{"$f":"IF($D33<>\"Serviço\",0,IF(OR(AND(AUTOEVENTO=\"Manual\",$M33=1),$M33>(ROW(PLE.lastrow)-ROW(PLE.firstrow))),0,IF(OFFSET(PLE!$G$14,$M33,BF$13)=\"\",10^12,OFFSET(PLE!$G$14,$M33,BF$13))))","v":1000000000000},{"$f":"IF($D33<>\"Serviço\",0,IF(OR(AND(AUTOEVENTO=\"Manual\",$M33=1),$M33>(ROW(PLE.lastrow)-ROW(PLE.firstrow))),0,IF(OFFSET(PLE!$G$14,$M33,BG$13)=\"\",10^12,OFFSET(PLE!$G$14,$M33,BG$13))))","v":1000000000000}]
["2",{"$f":"OFFSET(ORÇAMENTO!C$15,ROW(B34)-ROW(B$15),0)","v":"S"},{"$f":"OFFSET(ORÇAMENTO!L$15,ROW(C34)-ROW(C$15),0)","v":"F"},{"$f":"OFFSET(ORÇAMENTO!N$15,ROW(D34)-ROW(D$15),0)","v":"Serviço"},{"$f":"OFFSET(ORÇAMENTO!O$15,ROW(E34)-ROW(E$15),0)","v":"1.1.2.10."},{"$f":"OFFSET(ORÇAMENTO!R$15,ROW(F34)-ROW(F$15),0)","v":"DEMOLIÇÃO DE REVESTIMENTO CERÂMICO, DE FORMA MANUAL, SEM REAPROVEITAMENTO. AF_09/2023"},{"$f":"IF($D34<>\"Serviço\",\"\",OFFSET(ORÇAMENTO!S$15,ROW(G34)-ROW(G$15),0))","v":"M2"},{"$f":"IF($D34<>\"Serviço\",0,IF(ACOMPANHAMENTO=\"BM\",ROUND(OFFSET(ORÇAMENTO!AJ$15,ROW(H34)-ROW(H$15),0),15-13*ORÇAMENTO!$AF$7),SUMPRODUCT(($Q$12:$AA$12<>\"\")*ROUND($Q34:$AA34,15-13*ORÇAMENTO!$AF$7))))","v":18.05},null,null,null,".",{"$f":"IF($D34<>\"Serviço\",\"\",IF(AUTOEVENTO=\"manual\",$A34,IF(ISERROR(MATCH($A34,$A$15:OFFSET($A34,-1,0),0)),MAX($M$15:OFFSET(M34,-1,0))+1,INDEX($M$15:OFFSET(M34,-1,0),MATCH($A34,$A$15:OFFSET($A34,-1,0),0)))))","v":2},{"$f":"IF($D34<>\"Serviço\",\"\",IF(AUTOEVENTO=\"Manual\",IF($A34=0,\"<-- defina o número do agrupador\",OFFSET(EVENTOS!$D$14,$A34,0)),OFFSET($F$15,$A34,0)))","v":"SERVIÇOS PRELIMINARES, CANTEIRO DE OBRAS, SEGURANÇA E SAÚDE"},null,null,null,null,null,null,null,null,null,null,null,null,null,{"$f":"IF(AND($D34=\"Serviço\",AB$12<>0,$H34>0,OR(AUTOEVENTO<>\"manual\",$M34<>1)),\nIF(Import.TipoArredondamento<>\"TransfereGOV\",\nROUND(OFFSET($P34,0,AB$13),15-13*ORÇAMENTO!$AF$7)/$H34*OFFSET(ORÇAMENTO!$X$15,ROW(AB34)-ROW(AB$15),0),\nROUND(ROUND(OFFSET($P34,0,AB$13),15-13*ORÇAMENTO!$AF$7)*OFFSET(ORÇAMENTO!$W$15,ROW(AB34)-ROW(AB$15),0),15-13*ORÇAMENTO!$AF$11)),0)","v":0},{"$f":"IF(AND($D34=\"Serviço\",AC$12<>0,$H34>0,OR(AUTOEVENTO<>\"manual\",$M34<>1)),\nIF(Import.TipoArredondamento<>\"TransfereGOV\",\nROUND(OFFSET($P34,0,AC$13),15-13*ORÇAMENTO!$AF$7)/$H34*OFFSET(ORÇAMENTO!$X$15,ROW(AC34)-ROW(AC$15),0),\nROUND(ROUND(OFFSET($P34,0,AC$13),15-13*ORÇAMENTO!$AF$7)*OFFSET(ORÇAMENTO!$W$15,ROW(AC34)-ROW(AC$15),0),15-13*ORÇAMENTO!$AF$11)),0)","v":0},{"$f":"IF(AND($D34=\"Serviço\",AD$12<>0,$H34>0,OR(AUTOEVENTO<>\"manual\",$M34<>1)),\nIF(Import.TipoArredondamento<>\"TransfereGOV\",\nROUND(OFFSET($P34,0,AD$13),15-13*ORÇAMENTO!$AF$7)/$H34*OFFSET(ORÇAMENTO!$X$15,ROW(AD34)-ROW(AD$15),0),\nROUND(ROUND(OFFSET($P34,0,AD$13),15-13*ORÇAMENTO!$AF$7)*OFFSET(ORÇAMENTO!$W$15,ROW(AD34)-ROW(AD$15),0),15-13*ORÇAMENTO!$AF$11)),0)","v":0},{"$f":"IF(AND($D34=\"Serviço\",AE$12<>0,$H34>0,OR(AUTOEVENTO<>\"manual\",$M34<>1)),\nIF(Import.TipoArredondamento<>\"TransfereGOV\",\nROUND(OFFSET($P34,0,AE$13),15-13*ORÇAMENTO!$AF$7)/$H34*OFFSET(ORÇAMENTO!$X$15,ROW(AE34)-ROW(AE$15),0),\nROUND(ROUND(OFFSET($P34,0,AE$13),15-13*ORÇAMENTO!$AF$7)*OFFSET(ORÇAMENTO!$W$15,ROW(AE34)-ROW(AE$15),0),15-13*ORÇAMENTO!$AF$11)),0)","v":0},{"$f":"IF(AND($D34=\"Serviço\",AF$12<>0,$H34>0,OR(AUTOEVENTO<>\"manual\",$M34<>1)),\nIF(Import.TipoArredondamento<>\"TransfereGOV\",\nROUND(OFFSET($P34,0,AF$13),15-13*ORÇAMENTO!$AF$7)/$H34*OFFSET(ORÇAMENTO!$X$15,ROW(AF34)-ROW(AF$15),0),\nROUND(ROUND(OFFSET($P34,0,AF$13),15-13*ORÇAMENTO!$AF$7)*OFFSET(ORÇAMENTO!$W$15,ROW(AF34)-ROW(AF$15),0),15-13*ORÇAMENTO!$AF$11)),0)","v":0},{"$f":"IF(AND($D34=\"Serviço\",AG$12<>0,$H34>0,OR(AUTOEVENTO<>\"manual\",$M34<>1)),\nIF(Import.TipoArredondamento<>\"TransfereGOV\",\nROUND(OFFSET($P34,0,AG$13),15-13*ORÇAMENTO!$AF$7)/$H34*OFFSET(ORÇAMENTO!$X$15,ROW(AG34)-ROW(AG$15),0),\nROUND(ROUND(OFFSET($P34,0,AG$13),15-13*ORÇAMENTO!$AF$7)*OFFSET(ORÇAMENTO!$W$15,ROW(AG34)-ROW(AG$15),0),15-13*ORÇAMENTO!$AF$11)),0)","v":0},{"$f":"IF(AND($D34=\"Serviço\",AH$12<>0,$H34>0,OR(AUTOEVENTO<>\"manual\",$M34<>1)),\nIF(Import.TipoArredondamento<>\"TransfereGOV\",\nROUND(OFFSET($P34,0,AH$13),15-13*ORÇAMENTO!$AF$7)/$H34*OFFSET(ORÇAMENTO!$X$15,ROW(AH34)-ROW(AH$15),0),\nROUND(ROUND(OFFSET($P34,0,AH$13),15-13*ORÇAMENTO!$AF$7)*OFFSET(ORÇAMENTO!$W$15,ROW(AH34)-ROW(AH$15),0),15-13*ORÇAMENTO!$AF$11)),0)","v":0},{"$f":"IF(AND($D34=\"Serviço\",AI$12<>0,$H34>0,OR(AUTOEVENTO<>\"manual\",$M34<>1)),\nIF(Import.TipoArredondamento<>\"TransfereGOV\",\nROUND(OFFSET($P34,0,AI$13),15-13*ORÇAMENTO!$AF$7)/$H34*OFFSET(ORÇAMENTO!$X$15,ROW(AI34)-ROW(AI$15),0),\nROUND(ROUND(OFFSET($P34,0,AI$13),15-13*ORÇAMENTO!$AF$7)*OFFSET(ORÇAMENTO!$W$15,ROW(AI34)-ROW(AI$15),0),15-13*ORÇAMENTO!$AF$11)),0)","v":0},{"$f":"IF(AND($D34=\"Serviço\",AJ$12<>0,$H34>0,OR(AUTOEVENTO<>\"manual\",$M34<>1)),\nIF(Import.TipoArredondamento<>\"TransfereGOV\",\nROUND(OFFSET($P34,0,AJ$13),15-13*ORÇAMENTO!$AF$7)/$H34*OFFSET(ORÇAMENTO!$X$15,ROW(AJ34)-ROW(AJ$15),0),\nROUND(ROUND(OFFSET($P34,0,AJ$13),15-13*ORÇAMENTO!$AF$7)*OFFSET(ORÇAMENTO!$W$15,ROW(AJ34)-ROW(AJ$15),0),15-13*ORÇAMENTO!$AF$11)),0)","v":0},{"$f":"IF(AND($D34=\"Serviço\",AK$12<>0,$H34>0,OR(AUTOEVENTO<>\"manual\",$M34<>1)),\nIF(Import.TipoArredondamento<>\"TransfereGOV\",\nROUND(OFFSET($P34,0,AK$13),15-13*ORÇAMENTO!$AF$7)/$H34*OFFSET(ORÇAMENTO!$X$15,ROW(AK34)-ROW(AK$15),0),\nROUND(ROUND(OFFSET($P34,0,AK$13),15-13*ORÇAMENTO!$AF$7)*OFFSET(ORÇAMENTO!$W$15,ROW(AK34)-ROW(AK$15),0),15-13*ORÇAMENTO!$AF$11)),0)","v":0},null,{"$f":"IF($D34<>\"Serviço\",0,IF(AND(AUTOEVENTO=\"Manual\",$M34=1),0,IF(OFFSET(CRONOPLE!$F$14,$M34,AM$13)=\"\",10^12,OFFSET(CRONOPLE!$F$14,$M34,AM$13))))","v":1000000000000},{"$f":"IF($D34<>\"Serviço\",0,IF(AND(AUTOEVENTO=\"Manual\",$M34=1),0,IF(OFFSET(CRONOPLE!$F$14,$M34,AN$13)=\"\",10^12,OFFSET(CRONOPLE!$F$14,$M34,AN$13))))","v":1000000000000},{"$f":"IF($D34<>\"Serviço\",0,IF(AND(AUTOEVENTO=\"Manual\",$M34=1),0,IF(OFFSET(CRONOPLE!$F$14,$M34,AO$13)=\"\",10^12,OFFSET(CRONOPLE!$F$14,$M34,AO$13))))","v":1000000000000},{"$f":"IF($D34<>\"Serviço\",0,IF(AND(AUTOEVENTO=\"Manual\",$M34=1),0,IF(OFFSET(CRONOPLE!$F$14,$M34,AP$13)=\"\",10^12,OFFSET(CRONOPLE!$F$14,$M34,AP$13))))","v":1000000000000},{"$f":"IF($D34<>\"Serviço\",0,IF(AND(AUTOEVENTO=\"Manual\",$M34=1),0,IF(OFFSET(CRONOPLE!$F$14,$M34,AQ$13)=\"\",10^12,OFFSET(CRONOPLE!$F$14,$M34,AQ$13))))","v":1000000000000},{"$f":"IF($D34<>\"Serviço\",0,IF(AND(AUTOEVENTO=\"Manual\",$M34=1),0,IF(OFFSET(CRONOPLE!$F$14,$M34,AR$13)=\"\",10^12,OFFSET(CRONOPLE!$F$14,$M34,AR$13))))","v":1000000000000},{"$f":"IF($D34<>\"Serviço\",0,IF(AND(AUTOEVENTO=\"Manual\",$M34=1),0,IF(OFFSET(CRONOPLE!$F$14,$M34,AS$13)=\"\",10^12,OFFSET(CRONOPLE!$F$14,$M34,AS$13))))","v":1000000000000},{"$f":"IF($D34<>\"Serviço\",0,IF(AND(AUTOEVENTO=\"Manual\",$M34=1),0,IF(OFFSET(CRONOPLE!$F$14,$M34,AT$13)=\"\",10^12,OFFSET(CRONOPLE!$F$14,$M34,AT$13))))","v":1000000000000},{"$f":"IF($D34<>\"Serviço\",0,IF(AND(AUTOEVENTO=\"Manual\",$M34=1),0,IF(OFFSET(CRONOPLE!$F$14,$M34,AU$13)=\"\",10^12,OFFSET(CRONOPLE!$F$14,$M34,AU$13))))","v":1000000000000},{"$f":"IF($D34<>\"Serviço\",0,IF(AND(AUTOEVENTO=\"Manual\",$M34=1),0,IF(OFFSET(CRONOPLE!$F$14,$M34,AV$13)=\"\",10^12,OFFSET(CRONOPLE!$F$14,$M34,AV$13))))","v":1000000000000},null,{"$f":"IF($D34<>\"Serviço\",0,IF(OR(AND(AUTOEVENTO=\"Manual\",$M34=1),$M34>(ROW(PLE.lastrow)-ROW(PLE.firstrow))),0,IF(OFFSET(PLE!$G$14,$M34,AX$13)=\"\",10^12,OFFSET(PLE!$G$14,$M34,AX$13))))","v":1000000000000},{"$f":"IF($D34<>\"Serviço\",0,IF(OR(AND(AUTOEVENTO=\"Manual\",$M34=1),$M34>(ROW(PLE.lastrow)-ROW(PLE.firstrow))),0,IF(OFFSET(PLE!$G$14,$M34,AY$13)=\"\",10^12,OFFSET(PLE!$G$14,$M34,AY$13))))","v":1000000000000},{"$f":"IF($D34<>\"Serviço\",0,IF(OR(AND(AUTOEVENTO=\"Manual\",$M34=1),$M34>(ROW(PLE.lastrow)-ROW(PLE.firstrow))),0,IF(OFFSET(PLE!$G$14,$M34,AZ$13)=\"\",10^12,OFFSET(PLE!$G$14,$M34,AZ$13))))","v":1000000000000},{"$f":"IF($D34<>\"Serviço\",0,IF(OR(AND(AUTOEVENTO=\"Manual\",$M34=1),$M34>(ROW(PLE.lastrow)-ROW(PLE.firstrow))),0,IF(OFFSET(PLE!$G$14,$M34,BA$13)=\"\",10^12,OFFSET(PLE!$G$14,$M34,BA$13))))","v":1000000000000},{"$f":"IF($D34<>\"Serviço\",0,IF(OR(AND(AUTOEVENTO=\"Manual\",$M34=1),$M34>(ROW(PLE.lastrow)-ROW(PLE.firstrow))),0,IF(OFFSET(PLE!$G$14,$M34,BB$13)=\"\",10^12,OFFSET(PLE!$G$14,$M34,BB$13))))","v":1000000000000},{"$f":"IF($D34<>\"Serviço\",0,IF(OR(AND(AUTOEVENTO=\"Manual\",$M34=1),$M34>(ROW(PLE.lastrow)-ROW(PLE.firstrow))),0,IF(OFFSET(PLE!$G$14,$M34,BC$13)=\"\",10^12,OFFSET(PLE!$G$14,$M34,BC$13))))","v":1000000000000},{"$f":"IF($D34<>\"Serviço\",0,IF(OR(AND(AUTOEVENTO=\"Manual\",$M34=1),$M34>(ROW(PLE.lastrow)-ROW(PLE.firstrow))),0,IF(OFFSET(PLE!$G$14,$M34,BD$13)=\"\",10^12,OFFSET(PLE!$G$14,$M34,BD$13))))","v":1000000000000},{"$f":"IF($D34<>\"Serviço\",0,IF(OR(AND(AUTOEVENTO=\"Manual\",$M34=1),$M34>(ROW(PLE.lastrow)-ROW(PLE.firstrow))),0,IF(OFFSET(PLE!$G$14,$M34,BE$13)=\"\",10^12,OFFSET(PLE!$G$14,$M34,BE$13))))","v":1000000000000},{"$f":"IF($D34<>\"Serviço\",0,IF(OR(AND(AUTOEVENTO=\"Manual\",$M34=1),$M34>(ROW(PLE.lastrow)-ROW(PLE.firstrow))),0,IF(OFFSET(PLE!$G$14,$M34,BF$13)=\"\",10^12,OFFSET(PLE!$G$14,$M34,BF$13))))","v":1000000000000},{"$f":"IF($D34<>\"Serviço\",0,IF(OR(AND(AUTOEVENTO=\"Manual\",$M34=1),$M34>(ROW(PLE.lastrow)-ROW(PLE.firstrow))),0,IF(OFFSET(PLE!$G$14,$M34,BG$13)=\"\",10^12,OFFSET(PLE!$G$14,$M34,BG$13))))","v":1000000000000}]
["2",{"$f":"OFFSET(ORÇAMENTO!C$15,ROW(B35)-ROW(B$15),0)","v":"S"},{"$f":"OFFSET(ORÇAMENTO!L$15,ROW(C35)-ROW(C$15),0)","v":""},{"$f":"OFFSET(ORÇAMENTO!N$15,ROW(D35)-ROW(D$15),0)","v":"Serviço"},{"$f":"OFFSET(ORÇAMENTO!O$15,ROW(E35)-ROW(E$15),0)","v":"-"},{"$f":"OFFSET(ORÇAMENTO!R$15,ROW(F35)-ROW(F$15),0)","v":"(Sem Código)"},{"$f":"IF($D35<>\"Serviço\",\"\",OFFSET(ORÇAMENTO!S$15,ROW(G35)-ROW(G$15),0))","v":"-"},{"$f":"IF($D35<>\"Serviço\",0,IF(ACOMPANHAMENTO=\"BM\",ROUND(OFFSET(ORÇAMENTO!AJ$15,ROW(H35)-ROW(H$15),0),15-13*ORÇAMENTO!$AF$7),SUMPRODUCT(($Q$12:$AA$12<>\"\")*ROUND($Q35:$AA35,15-13*ORÇAMENTO!$AF$7))))","v":0},null,null,null,".",{"$f":"IF($D35<>\"Serviço\",\"\",IF(AUTOEVENTO=\"manual\",$A35,IF(ISERROR(MATCH($A35,$A$15:OFFSET($A35,-1,0),0)),MAX($M$15:OFFSET(M35,-1,0))+1,INDEX($M$15:OFFSET(M35,-1,0),MATCH($A35,$A$15:OFFSET($A35,-1,0),0)))))","v":2},{"$f":"IF($D35<>\"Serviço\",\"\",IF(AUTOEVENTO=\"Manual\",IF($A35=0,\"<-- defina o número do agrupador\",OFFSET(EVENTOS!$D$14,$A35,0)),OFFSET($F$15,$A35,0)))","v":"SERVIÇOS PRELIMINARES, CANTEIRO DE OBRAS, SEGURANÇA E SAÚDE"},null,null,null,null,null,null,null,null,null,null,null,null,null,{"$f":"IF(AND($D35=\"Serviço\",AB$12<>0,$H35>0,OR(AUTOEVENTO<>\"manual\",$M35<>1)),\nIF(Import.TipoArredondamento<>\"TransfereGOV\",\nROUND(OFFSET($P35,0,AB$13),15-13*ORÇAMENTO!$AF$7)/$H35*OFFSET(ORÇAMENTO!$X$15,ROW(AB35)-ROW(AB$15),0),\nROUND(ROUND(OFFSET($P35,0,AB$13),15-13*ORÇAMENTO!$AF$7)*OFFSET(ORÇAMENTO!$W$15,ROW(AB35)-ROW(AB$15),0),15-13*ORÇAMENTO!$AF$11)),0)","v":0},{"$f":"IF(AND($D35=\"Serviço\",AC$12<>0,$H35>0,OR(AUTOEVENTO<>\"manual\",$M35<>1)),\nIF(Import.TipoArredondamento<>\"TransfereGOV\",\nROUND(OFFSET($P35,0,AC$13),15-13*ORÇAMENTO!$AF$7)/$H35*OFFSET(ORÇAMENTO!$X$15,ROW(AC35)-ROW(AC$15),0),\nROUND(ROUND(OFFSET($P35,0,AC$13),15-13*ORÇAMENTO!$AF$7)*OFFSET(ORÇAMENTO!$W$15,ROW(AC35)-ROW(AC$15),0),15-13*ORÇAMENTO!$AF$11)),0)","v":0},{"$f":"IF(AND($D35=\"Serviço\",AD$12<>0,$H35>0,OR(AUTOEVENTO<>\"manual\",$M35<>1)),\nIF(Import.TipoArredondamento<>\"TransfereGOV\",\nROUND(OFFSET($P35,0,AD$13),15-13*ORÇAMENTO!$AF$7)/$H35*OFFSET(ORÇAMENTO!$X$15,ROW(AD35)-ROW(AD$15),0),\nROUND(ROUND(OFFSET($P35,0,AD$13),15-13*ORÇAMENTO!$AF$7)*OFFSET(ORÇAMENTO!$W$15,ROW(AD35)-ROW(AD$15),0),15-13*ORÇAMENTO!$AF$11)),0)","v":0},{"$f":"IF(AND($D35=\"Serviço\",AE$12<>0,$H35>0,OR(AUTOEVENTO<>\"manual\",$M35<>1)),\nIF(Import.TipoArredondamento<>\"TransfereGOV\",\nROUND(OFFSET($P35,0,AE$13),15-13*ORÇAMENTO!$AF$7)/$H35*OFFSET(ORÇAMENTO!$X$15,ROW(AE35)-ROW(AE$15),0),\nROUND(ROUND(OFFSET($P35,0,AE$13),15-13*ORÇAMENTO!$AF$7)*OFFSET(ORÇAMENTO!$W$15,ROW(AE35)-ROW(AE$15),0),15-13*ORÇAMENTO!$AF$11)),0)","v":0},{"$f":"IF(AND($D35=\"Serviço\",AF$12<>0,$H35>0,OR(AUTOEVENTO<>\"manual\",$M35<>1)),\nIF(Import.TipoArredondamento<>\"TransfereGOV\",\nROUND(OFFSET($P35,0,AF$13),15-13*ORÇAMENTO!$AF$7)/$H35*OFFSET(ORÇAMENTO!$X$15,ROW(AF35)-ROW(AF$15),0),\nROUND(ROUND(OFFSET($P35,0,AF$13),15-13*ORÇAMENTO!$AF$7)*OFFSET(ORÇAMENTO!$W$15,ROW(AF35)-ROW(AF$15),0),15-13*ORÇAMENTO!$AF$11)),0)","v":0},{"$f":"IF(AND($D35=\"Serviço\",AG$12<>0,$H35>0,OR(AUTOEVENTO<>\"manual\",$M35<>1)),\nIF(Import.TipoArredondamento<>\"TransfereGOV\",\nROUND(OFFSET($P35,0,AG$13),15-13*ORÇAMENTO!$AF$7)/$H35*OFFSET(ORÇAMENTO!$X$15,ROW(AG35)-ROW(AG$15),0),\nROUND(ROUND(OFFSET($P35,0,AG$13),15-13*ORÇAMENTO!$AF$7)*OFFSET(ORÇAMENTO!$W$15,ROW(AG35)-ROW(AG$15),0),15-13*ORÇAMENTO!$AF$11)),0)","v":0},{"$f":"IF(AND($D35=\"Serviço\",AH$12<>0,$H35>0,OR(AUTOEVENTO<>\"manual\",$M35<>1)),\nIF(Import.TipoArredondamento<>\"TransfereGOV\",\nROUND(OFFSET($P35,0,AH$13),15-13*ORÇAMENTO!$AF$7)/$H35*OFFSET(ORÇAMENTO!$X$15,ROW(AH35)-ROW(AH$15),0),\nROUND(ROUND(OFFSET($P35,0,AH$13),15-13*ORÇAMENTO!$AF$7)*OFFSET(ORÇAMENTO!$W$15,ROW(AH35)-ROW(AH$15),0),15-13*ORÇAMENTO!$AF$11)),0)","v":0},{"$f":"IF(AND($D35=\"Serviço\",AI$12<>0,$H35>0,OR(AUTOEVENTO<>\"manual\",$M35<>1)),\nIF(Import.TipoArredondamento<>\"TransfereGOV\",\nROUND(OFFSET($P35,0,AI$13),15-13*ORÇAMENTO!$AF$7)/$H35*OFFSET(ORÇAMENTO!$X$15,ROW(AI35)-ROW(AI$15),0),\nROUND(ROUND(OFFSET($P35,0,AI$13),15-13*ORÇAMENTO!$AF$7)*OFFSET(ORÇAMENTO!$W$15,ROW(AI35)-ROW(AI$15),0),15-13*ORÇAMENTO!$AF$11)),0)","v":0},{"$f":"IF(AND($D35=\"Serviço\",AJ$12<>0,$H35>0,OR(AUTOEVENTO<>\"manual\",$M35<>1)),\nIF(Import.TipoArredondamento<>\"TransfereGOV\",\nROUND(OFFSET($P35,0,AJ$13),15-13*ORÇAMENTO!$AF$7)/$H35*OFFSET(ORÇAMENTO!$X$15,ROW(AJ35)-ROW(AJ$15),0),\nROUND(ROUND(OFFSET($P35,0,AJ$13),15-13*ORÇAMENTO!$AF$7)*OFFSET(ORÇAMENTO!$W$15,ROW(AJ35)-ROW(AJ$15),0),15-13*ORÇAMENTO!$AF$11)),0)","v":0},{"$f":"IF(AND($D35=\"Serviço\",AK$12<>0,$H35>0,OR(AUTOEVENTO<>\"manual\",$M35<>1)),\nIF(Import.TipoArredondamento<>\"TransfereGOV\",\nROUND(OFFSET($P35,0,AK$13),15-13*ORÇAMENTO!$AF$7)/$H35*OFFSET(ORÇAMENTO!$X$15,ROW(AK35)-ROW(AK$15),0),\nROUND(ROUND(OFFSET($P35,0,AK$13),15-13*ORÇAMENTO!$AF$7)*OFFSET(ORÇAMENTO!$W$15,ROW(AK35)-ROW(AK$15),0),15-13*ORÇAMENTO!$AF$11)),0)","v":0},null,{"$f":"IF($D35<>\"Serviço\",0,IF(AND(AUTOEVENTO=\"Manual\",$M35=1),0,IF(OFFSET(CRONOPLE!$F$14,$M35,AM$13)=\"\",10^12,OFFSET(CRONOPLE!$F$14,$M35,AM$13))))","v":1000000000000},{"$f":"IF($D35<>\"Serviço\",0,IF(AND(AUTOEVENTO=\"Manual\",$M35=1),0,IF(OFFSET(CRONOPLE!$F$14,$M35,AN$13)=\"\",10^12,OFFSET(CRONOPLE!$F$14,$M35,AN$13))))","v":1000000000000},{"$f":"IF($D35<>\"Serviço\",0,IF(AND(AUTOEVENTO=\"Manual\",$M35=1),0,IF(OFFSET(CRONOPLE!$F$14,$M35,AO$13)=\"\",10^12,OFFSET(CRONOPLE!$F$14,$M35,AO$13))))","v":1000000000000},{"$f":"IF($D35<>\"Serviço\",0,IF(AND(AUTOEVENTO=\"Manual\",$M35=1),0,IF(OFFSET(CRONOPLE!$F$14,$M35,AP$13)=\"\",10^12,OFFSET(CRONOPLE!$F$14,$M35,AP$13))))","v":1000000000000},{"$f":"IF($D35<>\"Serviço\",0,IF(AND(AUTOEVENTO=\"Manual\",$M35=1),0,IF(OFFSET(CRONOPLE!$F$14,$M35,AQ$13)=\"\",10^12,OFFSET(CRONOPLE!$F$14,$M35,AQ$13))))","v":1000000000000},{"$f":"IF($D35<>\"Serviço\",0,IF(AND(AUTOEVENTO=\"Manual\",$M35=1),0,IF(OFFSET(CRONOPLE!$F$14,$M35,AR$13)=\"\",10^12,OFFSET(CRONOPLE!$F$14,$M35,AR$13))))","v":1000000000000},{"$f":"IF($D35<>\"Serviço\",0,IF(AND(AUTOEVENTO=\"Manual\",$M35=1),0,IF(OFFSET(CRONOPLE!$F$14,$M35,AS$13)=\"\",10^12,OFFSET(CRONOPLE!$F$14,$M35,AS$13))))","v":1000000000000},{"$f":"IF($D35<>\"Serviço\",0,IF(AND(AUTOEVENTO=\"Manual\",$M35=1),0,IF(OFFSET(CRONOPLE!$F$14,$M35,AT$13)=\"\",10^12,OFFSET(CRONOPLE!$F$14,$M35,AT$13))))","v":1000000000000},{"$f":"IF($D35<>\"Serviço\",0,IF(AND(AUTOEVENTO=\"Manual\",$M35=1),0,IF(OFFSET(CRONOPLE!$F$14,$M35,AU$13)=\"\",10^12,OFFSET(CRONOPLE!$F$14,$M35,AU$13))))","v":1000000000000},{"$f":"IF($D35<>\"Serviço\",0,IF(AND(AUTOEVENTO=\"Manual\",$M35=1),0,IF(OFFSET(CRONOPLE!$F$14,$M35,AV$13)=\"\",10^12,OFFSET(CRONOPLE!$F$14,$M35,AV$13))))","v":1000000000000},null,{"$f":"IF($D35<>\"Serviço\",0,IF(OR(AND(AUTOEVENTO=\"Manual\",$M35=1),$M35>(ROW(PLE.lastrow)-ROW(PLE.firstrow))),0,IF(OFFSET(PLE!$G$14,$M35,AX$13)=\"\",10^12,OFFSET(PLE!$G$14,$M35,AX$13))))","v":1000000000000},{"$f":"IF($D35<>\"Serviço\",0,IF(OR(AND(AUTOEVENTO=\"Manual\",$M35=1),$M35>(ROW(PLE.lastrow)-ROW(PLE.firstrow))),0,IF(OFFSET(PLE!$G$14,$M35,AY$13)=\"\",10^12,OFFSET(PLE!$G$14,$M35,AY$13))))","v":1000000000000},{"$f":"IF($D35<>\"Serviço\",0,IF(OR(AND(AUTOEVENTO=\"Manual\",$M35=1),$M35>(ROW(PLE.lastrow)-ROW(PLE.firstrow))),0,IF(OFFSET(PLE!$G$14,$M35,AZ$13)=\"\",10^12,OFFSET(PLE!$G$14,$M35,AZ$13))))","v":1000000000000},{"$f":"IF($D35<>\"Serviço\",0,IF(OR(AND(AUTOEVENTO=\"Manual\",$M35=1),$M35>(ROW(PLE.lastrow)-ROW(PLE.firstrow))),0,IF(OFFSET(PLE!$G$14,$M35,BA$13)=\"\",10^12,OFFSET(PLE!$G$14,$M35,BA$13))))","v":1000000000000},{"$f":"IF($D35<>\"Serviço\",0,IF(OR(AND(AUTOEVENTO=\"Manual\",$M35=1),$M35>(ROW(PLE.lastrow)-ROW(PLE.firstrow))),0,IF(OFFSET(PLE!$G$14,$M35,BB$13)=\"\",10^12,OFFSET(PLE!$G$14,$M35,BB$13))))","v":1000000000000},{"$f":"IF($D35<>\"Serviço\",0,IF(OR(AND(AUTOEVENTO=\"Manual\",$M35=1),$M35>(ROW(PLE.lastrow)-ROW(PLE.firstrow))),0,IF(OFFSET(PLE!$G$14,$M35,BC$13)=\"\",10^12,OFFSET(PLE!$G$14,$M35,BC$13))))","v":1000000000000},{"$f":"IF($D35<>\"Serviço\",0,IF(OR(AND(AUTOEVENTO=\"Manual\",$M35=1),$M35>(ROW(PLE.lastrow)-ROW(PLE.firstrow))),0,IF(OFFSET(PLE!$G$14,$M35,BD$13)=\"\",10^12,OFFSET(PLE!$G$14,$M35,BD$13))))","v":1000000000000},{"$f":"IF($D35<>\"Serviço\",0,IF(OR(AND(AUTOEVENTO=\"Manual\",$M35=1),$M35>(ROW(PLE.lastrow)-ROW(PLE.firstrow))),0,IF(OFFSET(PLE!$G$14,$M35,BE$13)=\"\",10^12,OFFSET(PLE!$G$14,$M35,BE$13))))","v":1000000000000},{"$f":"IF($D35<>\"Serviço\",0,IF(OR(AND(AUTOEVENTO=\"Manual\",$M35=1),$M35>(ROW(PLE.lastrow)-ROW(PLE.firstrow))),0,IF(OFFSET(PLE!$G$14,$M35,BF$13)=\"\",10^12,OFFSET(PLE!$G$14,$M35,BF$13))))","v":1000000000000},{"$f":"IF($D35<>\"Serviço\",0,IF(OR(AND(AUTOEVENTO=\"Manual\",$M35=1),$M35>(ROW(PLE.lastrow)-ROW(PLE.firstrow))),0,IF(OFFSET(PLE!$G$14,$M35,BG$13)=\"\",10^12,OFFSET(PLE!$G$14,$M35,BG$13))))","v":1000000000000}]
["2",{"$f":"OFFSET(ORÇAMENTO!C$15,ROW(B36)-ROW(B$15),0)","v":"S"},{"$f":"OFFSET(ORÇAMENTO!L$15,ROW(C36)-ROW(C$15),0)","v":""},{"$f":"OFFSET(ORÇAMENTO!N$15,ROW(D36)-ROW(D$15),0)","v":"Serviço"},{"$f":"OFFSET(ORÇAMENTO!O$15,ROW(E36)-ROW(E$15),0)","v":"-"},{"$f":"OFFSET(ORÇAMENTO!R$15,ROW(F36)-ROW(F$15),0)","v":"(Sem Código)"},{"$f":"IF($D36<>\"Serviço\",\"\",OFFSET(ORÇAMENTO!S$15,ROW(G36)-ROW(G$15),0))","v":"-"},{"$f":"IF($D36<>\"Serviço\",0,IF(ACOMPANHAMENTO=\"BM\",ROUND(OFFSET(ORÇAMENTO!AJ$15,ROW(H36)-ROW(H$15),0),15-13*ORÇAMENTO!$AF$7),SUMPRODUCT(($Q$12:$AA$12<>\"\")*ROUND($Q36:$AA36,15-13*ORÇAMENTO!$AF$7))))","v":0},null,null,null,".",{"$f":"IF($D36<>\"Serviço\",\"\",IF(AUTOEVENTO=\"manual\",$A36,IF(ISERROR(MATCH($A36,$A$15:OFFSET($A36,-1,0),0)),MAX($M$15:OFFSET(M36,-1,0))+1,INDEX($M$15:OFFSET(M36,-1,0),MATCH($A36,$A$15:OFFSET($A36,-1,0),0)))))","v":2},{"$f":"IF($D36<>\"Serviço\",\"\",IF(AUTOEVENTO=\"Manual\",IF($A36=0,\"<-- defina o número do agrupador\",OFFSET(EVENTOS!$D$14,$A36,0)),OFFSET($F$15,$A36,0)))","v":"SERVIÇOS PRELIMINARES, CANTEIRO DE OBRAS, SEGURANÇA E SAÚDE"},null,null,null,null,null,null,null,null,null,null,null,null,null,{"$f":"IF(AND($D36=\"Serviço\",AB$12<>0,$H36>0,OR(AUTOEVENTO<>\"manual\",$M36<>1)),\nIF(Import.TipoArredondamento<>\"TransfereGOV\",\nROUND(OFFSET($P36,0,AB$13),15-13*ORÇAMENTO!$AF$7)/$H36*OFFSET(ORÇAMENTO!$X$15,ROW(AB36)-ROW(AB$15),0),\nROUND(ROUND(OFFSET($P36,0,AB$13),15-13*ORÇAMENTO!$AF$7)*OFFSET(ORÇAMENTO!$W$15,ROW(AB36)-ROW(AB$15),0),15-13*ORÇAMENTO!$AF$11)),0)","v":0},{"$f":"IF(AND($D36=\"Serviço\",AC$12<>0,$H36>0,OR(AUTOEVENTO<>\"manual\",$M36<>1)),\nIF(Import.TipoArredondamento<>\"TransfereGOV\",\nROUND(OFFSET($P36,0,AC$13),15-13*ORÇAMENTO!$AF$7)/$H36*OFFSET(ORÇAMENTO!$X$15,ROW(AC36)-ROW(AC$15),0),\nROUND(ROUND(OFFSET($P36,0,AC$13),15-13*ORÇAMENTO!$AF$7)*OFFSET(ORÇAMENTO!$W$15,ROW(AC36)-ROW(AC$15),0),15-13*ORÇAMENTO!$AF$11)),0)","v":0},{"$f":"IF(AND($D36=\"Serviço\",AD$12<>0,$H36>0,OR(AUTOEVENTO<>\"manual\",$M36<>1)),\nIF(Import.TipoArredondamento<>\"TransfereGOV\",\nROUND(OFFSET($P36,0,AD$13),15-13*ORÇAMENTO!$AF$7)/$H36*OFFSET(ORÇAMENTO!$X$15,ROW(AD36)-ROW(AD$15),0),\nROUND(ROUND(OFFSET($P36,0,AD$13),15-13*ORÇAMENTO!$AF$7)*OFFSET(ORÇAMENTO!$W$15,ROW(AD36)-ROW(AD$15),0),15-13*ORÇAMENTO!$AF$11)),0)","v":0},{"$f":"IF(AND($D36=\"Serviço\",AE$12<>0,$H36>0,OR(AUTOEVENTO<>\"manual\",$M36<>1)),\nIF(Import.TipoArredondamento<>\"TransfereGOV\",\nROUND(OFFSET($P36,0,AE$13),15-13*ORÇAMENTO!$AF$7)/$H36*OFFSET(ORÇAMENTO!$X$15,ROW(AE36)-ROW(AE$15),0),\nROUND(ROUND(OFFSET($P36,0,AE$13),15-13*ORÇAMENTO!$AF$7)*OFFSET(ORÇAMENTO!$W$15,ROW(AE36)-ROW(AE$15),0),15-13*ORÇAMENTO!$AF$11)),0)","v":0},{"$f":"IF(AND($D36=\"Serviço\",AF$12<>0,$H36>0,OR(AUTOEVENTO<>\"manual\",$M36<>1)),\nIF(Import.TipoArredondamento<>\"TransfereGOV\",\nROUND(OFFSET($P36,0,AF$13),15-13*ORÇAMENTO!$AF$7)/$H36*OFFSET(ORÇAMENTO!$X$15,ROW(AF36)-ROW(AF$15),0),\nROUND(ROUND(OFFSET($P36,0,AF$13),15-13*ORÇAMENTO!$AF$7)*OFFSET(ORÇAMENTO!$W$15,ROW(AF36)-ROW(AF$15),0),15-13*ORÇAMENTO!$AF$11)),0)","v":0},{"$f":"IF(AND($D36=\"Serviço\",AG$12<>0,$H36>0,OR(AUTOEVENTO<>\"manual\",$M36<>1)),\nIF(Import.TipoArredondamento<>\"TransfereGOV\",\nROUND(OFFSET($P36,0,AG$13),15-13*ORÇAMENTO!$AF$7)/$H36*OFFSET(ORÇAMENTO!$X$15,ROW(AG36)-ROW(AG$15),0),\nROUND(ROUND(OFFSET($P36,0,AG$13),15-13*ORÇAMENTO!$AF$7)*OFFSET(ORÇAMENTO!$W$15,ROW(AG36)-ROW(AG$15),0),15-13*ORÇAMENTO!$AF$11)),0)","v":0},{"$f":"IF(AND($D36=\"Serviço\",AH$12<>0,$H36>0,OR(AUTOEVENTO<>\"manual\",$M36<>1)),\nIF(Import.TipoArredondamento<>\"TransfereGOV\",\nROUND(OFFSET($P36,0,AH$13),15-13*ORÇAMENTO!$AF$7)/$H36*OFFSET(ORÇAMENTO!$X$15,ROW(AH36)-ROW(AH$15),0),\nROUND(ROUND(OFFSET($P36,0,AH$13),15-13*ORÇAMENTO!$AF$7)*OFFSET(ORÇAMENTO!$W$15,ROW(AH36)-ROW(AH$15),0),15-13*ORÇAMENTO!$AF$11)),0)","v":0},{"$f":"IF(AND($D36=\"Serviço\",AI$12<>0,$H36>0,OR(AUTOEVENTO<>\"manual\",$M36<>1)),\nIF(Import.TipoArredondamento<>\"TransfereGOV\",\nROUND(OFFSET($P36,0,AI$13),15-13*ORÇAMENTO!$AF$7)/$H36*OFFSET(ORÇAMENTO!$X$15,ROW(AI36)-ROW(AI$15),0),\nROUND(ROUND(OFFSET($P36,0,AI$13),15-13*ORÇAMENTO!$AF$7)*OFFSET(ORÇAMENTO!$W$15,ROW(AI36)-ROW(AI$15),0),15-13*ORÇAMENTO!$AF$11)),0)","v":0},{"$f":"IF(AND($D36=\"Serviço\",AJ$12<>0,$H36>0,OR(AUTOEVENTO<>\"manual\",$M36<>1)),\nIF(Import.TipoArredondamento<>\"TransfereGOV\",\nROUND(OFFSET($P36,0,AJ$13),15-13*ORÇAMENTO!$AF$7)/$H36*OFFSET(ORÇAMENTO!$X$15,ROW(AJ36)-ROW(AJ$15),0),\nROUND(ROUND(OFFSET($P36,0,AJ$13),15-13*ORÇAMENTO!$AF$7)*OFFSET(ORÇAMENTO!$W$15,ROW(AJ36)-ROW(AJ$15),0),15-13*ORÇAMENTO!$AF$11)),0)","v":0},{"$f":"IF(AND($D36=\"Serviço\",AK$12<>0,$H36>0,OR(AUTOEVENTO<>\"manual\",$M36<>1)),\nIF(Import.TipoArredondamento<>\"TransfereGOV\",\nROUND(OFFSET($P36,0,AK$13),15-13*ORÇAMENTO!$AF$7)/$H36*OFFSET(ORÇAMENTO!$X$15,ROW(AK36)-ROW(AK$15),0),\nROUND(ROUND(OFFSET($P36,0,AK$13),15-13*ORÇAMENTO!$AF$7)*OFFSET(ORÇAMENTO!$W$15,ROW(AK36)-ROW(AK$15),0),15-13*ORÇAMENTO!$AF$11)),0)","v":0},null,{"$f":"IF($D36<>\"Serviço\",0,IF(AND(AUTOEVENTO=\"Manual\",$M36=1),0,IF(OFFSET(CRONOPLE!$F$14,$M36,AM$13)=\"\",10^12,OFFSET(CRONOPLE!$F$14,$M36,AM$13))))","v":1000000000000},{"$f":"IF($D36<>\"Serviço\",0,IF(AND(AUTOEVENTO=\"Manual\",$M36=1),0,IF(OFFSET(CRONOPLE!$F$14,$M36,AN$13)=\"\",10^12,OFFSET(CRONOPLE!$F$14,$M36,AN$13))))","v":1000000000000},{"$f":"IF($D36<>\"Serviço\",0,IF(AND(AUTOEVENTO=\"Manual\",$M36=1),0,IF(OFFSET(CRONOPLE!$F$14,$M36,AO$13)=\"\",10^12,OFFSET(CRONOPLE!$F$14,$M36,AO$13))))","v":1000000000000},{"$f":"IF($D36<>\"Serviço\",0,IF(AND(AUTOEVENTO=\"Manual\",$M36=1),0,IF(OFFSET(CRONOPLE!$F$14,$M36,AP$13)=\"\",10^12,OFFSET(CRONOPLE!$F$14,$M36,AP$13))))","v":1000000000000},{"$f":"IF($D36<>\"Serviço\",0,IF(AND(AUTOEVENTO=\"Manual\",$M36=1),0,IF(OFFSET(CRONOPLE!$F$14,$M36,AQ$13)=\"\",10^12,OFFSET(CRONOPLE!$F$14,$M36,AQ$13))))","v":1000000000000},{"$f":"IF($D36<>\"Serviço\",0,IF(AND(AUTOEVENTO=\"Manual\",$M36=1),0,IF(OFFSET(CRONOPLE!$F$14,$M36,AR$13)=\"\",10^12,OFFSET(CRONOPLE!$F$14,$M36,AR$13))))","v":1000000000000},{"$f":"IF($D36<>\"Serviço\",0,IF(AND(AUTOEVENTO=\"Manual\",$M36=1),0,IF(OFFSET(CRONOPLE!$F$14,$M36,AS$13)=\"\",10^12,OFFSET(CRONOPLE!$F$14,$M36,AS$13))))","v":1000000000000},{"$f":"IF($D36<>\"Serviço\",0,IF(AND(AUTOEVENTO=\"Manual\",$M36=1),0,IF(OFFSET(CRONOPLE!$F$14,$M36,AT$13)=\"\",10^12,OFFSET(CRONOPLE!$F$14,$M36,AT$13))))","v":1000000000000},{"$f":"IF($D36<>\"Serviço\",0,IF(AND(AUTOEVENTO=\"Manual\",$M36=1),0,IF(OFFSET(CRONOPLE!$F$14,$M36,AU$13)=\"\",10^12,OFFSET(CRONOPLE!$F$14,$M36,AU$13))))","v":1000000000000},{"$f":"IF($D36<>\"Serviço\",0,IF(AND(AUTOEVENTO=\"Manual\",$M36=1),0,IF(OFFSET(CRONOPLE!$F$14,$M36,AV$13)=\"\",10^12,OFFSET(CRONOPLE!$F$14,$M36,AV$13))))","v":1000000000000},null,{"$f":"IF($D36<>\"Serviço\",0,IF(OR(AND(AUTOEVENTO=\"Manual\",$M36=1),$M36>(ROW(PLE.lastrow)-ROW(PLE.firstrow))),0,IF(OFFSET(PLE!$G$14,$M36,AX$13)=\"\",10^12,OFFSET(PLE!$G$14,$M36,AX$13))))","v":1000000000000},{"$f":"IF($D36<>\"Serviço\",0,IF(OR(AND(AUTOEVENTO=\"Manual\",$M36=1),$M36>(ROW(PLE.lastrow)-ROW(PLE.firstrow))),0,IF(OFFSET(PLE!$G$14,$M36,AY$13)=\"\",10^12,OFFSET(PLE!$G$14,$M36,AY$13))))","v":1000000000000},{"$f":"IF($D36<>\"Serviço\",0,IF(OR(AND(AUTOEVENTO=\"Manual\",$M36=1),$M36>(ROW(PLE.lastrow)-ROW(PLE.firstrow))),0,IF(OFFSET(PLE!$G$14,$M36,AZ$13)=\"\",10^12,OFFSET(PLE!$G$14,$M36,AZ$13))))","v":1000000000000},{"$f":"IF($D36<>\"Serviço\",0,IF(OR(AND(AUTOEVENTO=\"Manual\",$M36=1),$M36>(ROW(PLE.lastrow)-ROW(PLE.firstrow))),0,IF(OFFSET(PLE!$G$14,$M36,BA$13)=\"\",10^12,OFFSET(PLE!$G$14,$M36,BA$13))))","v":1000000000000},{"$f":"IF($D36<>\"Serviço\",0,IF(OR(AND(AUTOEVENTO=\"Manual\",$M36=1),$M36>(ROW(PLE.lastrow)-ROW(PLE.firstrow))),0,IF(OFFSET(PLE!$G$14,$M36,BB$13)=\"\",10^12,OFFSET(PLE!$G$14,$M36,BB$13))))","v":1000000000000},{"$f":"IF($D36<>\"Serviço\",0,IF(OR(AND(AUTOEVENTO=\"Manual\",$M36=1),$M36>(ROW(PLE.lastrow)-ROW(PLE.firstrow))),0,IF(OFFSET(PLE!$G$14,$M36,BC$13)=\"\",10^12,OFFSET(PLE!$G$14,$M36,BC$13))))","v":1000000000000},{"$f":"IF($D36<>\"Serviço\",0,IF(OR(AND(AUTOEVENTO=\"Manual\",$M36=1),$M36>(ROW(PLE.lastrow)-ROW(PLE.firstrow))),0,IF(OFFSET(PLE!$G$14,$M36,BD$13)=\"\",10^12,OFFSET(PLE!$G$14,$M36,BD$13))))","v":1000000000000},{"$f":"IF($D36<>\"Serviço\",0,IF(OR(AND(AUTOEVENTO=\"Manual\",$M36=1),$M36>(ROW(PLE.lastrow)-ROW(PLE.firstrow))),0,IF(OFFSET(PLE!$G$14,$M36,BE$13)=\"\",10^12,OFFSET(PLE!$G$14,$M36,BE$13))))","v":1000000000000},{"$f":"IF($D36<>\"Serviço\",0,IF(OR(AND(AUTOEVENTO=\"Manual\",$M36=1),$M36>(ROW(PLE.lastrow)-ROW(PLE.firstrow))),0,IF(OFFSET(PLE!$G$14,$M36,BF$13)=\"\",10^12,OFFSET(PLE!$G$14,$M36,BF$13))))","v":1000000000000},{"$f":"IF($D36<>\"Serviço\",0,IF(OR(AND(AUTOEVENTO=\"Manual\",$M36=1),$M36>(ROW(PLE.lastrow)-ROW(PLE.firstrow))),0,IF(OFFSET(PLE!$G$14,$M36,BG$13)=\"\",10^12,OFFSET(PLE!$G$14,$M36,BG$13))))","v":1000000000000}]
["2",{"$f":"OFFSET(ORÇAMENTO!C$15,ROW(B37)-ROW(B$15),0)","v":"S"},{"$f":"OFFSET(ORÇAMENTO!L$15,ROW(C37)-ROW(C$15),0)","v":""},{"$f":"OFFSET(ORÇAMENTO!N$15,ROW(D37)-ROW(D$15),0)","v":"Serviço"},{"$f":"OFFSET(ORÇAMENTO!O$15,ROW(E37)-ROW(E$15),0)","v":"-"},{"$f":"OFFSET(ORÇAMENTO!R$15,ROW(F37)-ROW(F$15),0)","v":"(Sem Código)"},{"$f":"IF($D37<>\"Serviço\",\"\",OFFSET(ORÇAMENTO!S$15,ROW(G37)-ROW(G$15),0))","v":"-"},{"$f":"IF($D37<>\"Serviço\",0,IF(ACOMPANHAMENTO=\"BM\",ROUND(OFFSET(ORÇAMENTO!AJ$15,ROW(H37)-ROW(H$15),0),15-13*ORÇAMENTO!$AF$7),SUMPRODUCT(($Q$12:$AA$12<>\"\")*ROUND($Q37:$AA37,15-13*ORÇAMENTO!$AF$7))))","v":0},null,null,null,".",{"$f":"IF($D37<>\"Serviço\",\"\",IF(AUTOEVENTO=\"manual\",$A37,IF(ISERROR(MATCH($A37,$A$15:OFFSET($A37,-1,0),0)),MAX($M$15:OFFSET(M37,-1,0))+1,INDEX($M$15:OFFSET(M37,-1,0),MATCH($A37,$A$15:OFFSET($A37,-1,0),0)))))","v":2},{"$f":"IF($D37<>\"Serviço\",\"\",IF(AUTOEVENTO=\"Manual\",IF($A37=0,\"<-- defina o número do agrupador\",OFFSET(EVENTOS!$D$14,$A37,0)),OFFSET($F$15,$A37,0)))","v":"SERVIÇOS PRELIMINARES, CANTEIRO DE OBRAS, SEGURANÇA E SAÚDE"},null,null,null,null,null,null,null,null,null,null,null,null,null,{"$f":"IF(AND($D37=\"Serviço\",AB$12<>0,$H37>0,OR(AUTOEVENTO<>\"manual\",$M37<>1)),\nIF(Import.TipoArredondamento<>\"TransfereGOV\",\nROUND(OFFSET($P37,0,AB$13),15-13*ORÇAMENTO!$AF$7)/$H37*OFFSET(ORÇAMENTO!$X$15,ROW(AB37)-ROW(AB$15),0),\nROUND(ROUND(OFFSET($P37,0,AB$13),15-13*ORÇAMENTO!$AF$7)*OFFSET(ORÇAMENTO!$W$15,ROW(AB37)-ROW(AB$15),0),15-13*ORÇAMENTO!$AF$11)),0)","v":0},{"$f":"IF(AND($D37=\"Serviço\",AC$12<>0,$H37>0,OR(AUTOEVENTO<>\"manual\",$M37<>1)),\nIF(Import.TipoArredondamento<>\"TransfereGOV\",\nROUND(OFFSET($P37,0,AC$13),15-13*ORÇAMENTO!$AF$7)/$H37*OFFSET(ORÇAMENTO!$X$15,ROW(AC37)-ROW(AC$15),0),\nROUND(ROUND(OFFSET($P37,0,AC$13),15-13*ORÇAMENTO!$AF$7)*OFFSET(ORÇAMENTO!$W$15,ROW(AC37)-ROW(AC$15),0),15-13*ORÇAMENTO!$AF$11)),0)","v":0},{"$f":"IF(AND($D37=\"Serviço\",AD$12<>0,$H37>0,OR(AUTOEVENTO<>\"manual\",$M37<>1)),\nIF(Import.TipoArredondamento<>\"TransfereGOV\",\nROUND(OFFSET($P37,0,AD$13),15-13*ORÇAMENTO!$AF$7)/$H37*OFFSET(ORÇAMENTO!$X$15,ROW(AD37)-ROW(AD$15),0),\nROUND(ROUND(OFFSET($P37,0,AD$13),15-13*ORÇAMENTO!$AF$7)*OFFSET(ORÇAMENTO!$W$15,ROW(AD37)-ROW(AD$15),0),15-13*ORÇAMENTO!$AF$11)),0)","v":0},{"$f":"IF(AND($D37=\"Serviço\",AE$12<>0,$H37>0,OR(AUTOEVENTO<>\"manual\",$M37<>1)),\nIF(Import.TipoArredondamento<>\"TransfereGOV\",\nROUND(OFFSET($P37,0,AE$13),15-13*ORÇAMENTO!$AF$7)/$H37*OFFSET(ORÇAMENTO!$X$15,ROW(AE37)-ROW(AE$15),0),\nROUND(ROUND(OFFSET($P37,0,AE$13),15-13*ORÇAMENTO!$AF$7)*OFFSET(ORÇAMENTO!$W$15,ROW(AE37)-ROW(AE$15),0),15-13*ORÇAMENTO!$AF$11)),0)","v":0},{"$f":"IF(AND($D37=\"Serviço\",AF$12<>0,$H37>0,OR(AUTOEVENTO<>\"manual\",$M37<>1)),\nIF(Import.TipoArredondamento<>\"TransfereGOV\",\nROUND(OFFSET($P37,0,AF$13),15-13*ORÇAMENTO!$AF$7)/$H37*OFFSET(ORÇAMENTO!$X$15,ROW(AF37)-ROW(AF$15),0),\nROUND(ROUND(OFFSET($P37,0,AF$13),15-13*ORÇAMENTO!$AF$7)*OFFSET(ORÇAMENTO!$W$15,ROW(AF37)-ROW(AF$15),0),15-13*ORÇAMENTO!$AF$11)),0)","v":0},{"$f":"IF(AND($D37=\"Serviço\",AG$12<>0,$H37>0,OR(AUTOEVENTO<>\"manual\",$M37<>1)),\nIF(Import.TipoArredondamento<>\"TransfereGOV\",\nROUND(OFFSET($P37,0,AG$13),15-13*ORÇAMENTO!$AF$7)/$H37*OFFSET(ORÇAMENTO!$X$15,ROW(AG37)-ROW(AG$15),0),\nROUND(ROUND(OFFSET($P37,0,AG$13),15-13*ORÇAMENTO!$AF$7)*OFFSET(ORÇAMENTO!$W$15,ROW(AG37)-ROW(AG$15),0),15-13*ORÇAMENTO!$AF$11)),0)","v":0},{"$f":"IF(AND($D37=\"Serviço\",AH$12<>0,$H37>0,OR(AUTOEVENTO<>\"manual\",$M37<>1)),\nIF(Import.TipoArredondamento<>\"TransfereGOV\",\nROUND(OFFSET($P37,0,AH$13),15-13*ORÇAMENTO!$AF$7)/$H37*OFFSET(ORÇAMENTO!$X$15,ROW(AH37)-ROW(AH$15),0),\nROUND(ROUND(OFFSET($P37,0,AH$13),15-13*ORÇAMENTO!$AF$7)*OFFSET(ORÇAMENTO!$W$15,ROW(AH37)-ROW(AH$15),0),15-13*ORÇAMENTO!$AF$11)),0)","v":0},{"$f":"IF(AND($D37=\"Serviço\",AI$12<>0,$H37>0,OR(AUTOEVENTO<>\"manual\",$M37<>1)),\nIF(Import.TipoArredondamento<>\"TransfereGOV\",\nROUND(OFFSET($P37,0,AI$13),15-13*ORÇAMENTO!$AF$7)/$H37*OFFSET(ORÇAMENTO!$X$15,ROW(AI37)-ROW(AI$15),0),\nROUND(ROUND(OFFSET($P37,0,AI$13),15-13*ORÇAMENTO!$AF$7)*OFFSET(ORÇAMENTO!$W$15,ROW(AI37)-ROW(AI$15),0),15-13*ORÇAMENTO!$AF$11)),0)","v":0},{"$f":"IF(AND($D37=\"Serviço\",AJ$12<>0,$H37>0,OR(AUTOEVENTO<>\"manual\",$M37<>1)),\nIF(Import.TipoArredondamento<>\"TransfereGOV\",\nROUND(OFFSET($P37,0,AJ$13),15-13*ORÇAMENTO!$AF$7)/$H37*OFFSET(ORÇAMENTO!$X$15,ROW(AJ37)-ROW(AJ$15),0),\nROUND(ROUND(OFFSET($P37,0,AJ$13),15-13*ORÇAMENTO!$AF$7)*OFFSET(ORÇAMENTO!$W$15,ROW(AJ37)-ROW(AJ$15),0),15-13*ORÇAMENTO!$AF$11)),0)","v":0},{"$f":"IF(AND($D37=\"Serviço\",AK$12<>0,$H37>0,OR(AUTOEVENTO<>\"manual\",$M37<>1)),\nIF(Import.TipoArredondamento<>\"TransfereGOV\",\nROUND(OFFSET($P37,0,AK$13),15-13*ORÇAMENTO!$AF$7)/$H37*OFFSET(ORÇAMENTO!$X$15,ROW(AK37)-ROW(AK$15),0),\nROUND(ROUND(OFFSET($P37,0,AK$13),15-13*ORÇAMENTO!$AF$7)*OFFSET(ORÇAMENTO!$W$15,ROW(AK37)-ROW(AK$15),0),15-13*ORÇAMENTO!$AF$11)),0)","v":0},null,{"$f":"IF($D37<>\"Serviço\",0,IF(AND(AUTOEVENTO=\"Manual\",$M37=1),0,IF(OFFSET(CRONOPLE!$F$14,$M37,AM$13)=\"\",10^12,OFFSET(CRONOPLE!$F$14,$M37,AM$13))))","v":1000000000000},{"$f":"IF($D37<>\"Serviço\",0,IF(AND(AUTOEVENTO=\"Manual\",$M37=1),0,IF(OFFSET(CRONOPLE!$F$14,$M37,AN$13)=\"\",10^12,OFFSET(CRONOPLE!$F$14,$M37,AN$13))))","v":1000000000000},{"$f":"IF($D37<>\"Serviço\",0,IF(AND(AUTOEVENTO=\"Manual\",$M37=1),0,IF(OFFSET(CRONOPLE!$F$14,$M37,AO$13)=\"\",10^12,OFFSET(CRONOPLE!$F$14,$M37,AO$13))))","v":1000000000000},{"$f":"IF($D37<>\"Serviço\",0,IF(AND(AUTOEVENTO=\"Manual\",$M37=1),0,IF(OFFSET(CRONOPLE!$F$14,$M37,AP$13)=\"\",10^12,OFFSET(CRONOPLE!$F$14,$M37,AP$13))))","v":1000000000000},{"$f":"IF($D37<>\"Serviço\",0,IF(AND(AUTOEVENTO=\"Manual\",$M37=1),0,IF(OFFSET(CRONOPLE!$F$14,$M37,AQ$13)=\"\",10^12,OFFSET(CRONOPLE!$F$14,$M37,AQ$13))))","v":1000000000000},{"$f":"IF($D37<>\"Serviço\",0,IF(AND(AUTOEVENTO=\"Manual\",$M37=1),0,IF(OFFSET(CRONOPLE!$F$14,$M37,AR$13)=\"\",10^12,OFFSET(CRONOPLE!$F$14,$M37,AR$13))))","v":1000000000000},{"$f":"IF($D37<>\"Serviço\",0,IF(AND(AUTOEVENTO=\"Manual\",$M37=1),0,IF(OFFSET(CRONOPLE!$F$14,$M37,AS$13)=\"\",10^12,OFFSET(CRONOPLE!$F$14,$M37,AS$13))))","v":1000000000000},{"$f":"IF($D37<>\"Serviço\",0,IF(AND(AUTOEVENTO=\"Manual\",$M37=1),0,IF(OFFSET(CRONOPLE!$F$14,$M37,AT$13)=\"\",10^12,OFFSET(CRONOPLE!$F$14,$M37,AT$13))))","v":1000000000000},{"$f":"IF($D37<>\"Serviço\",0,IF(AND(AUTOEVENTO=\"Manual\",$M37=1),0,IF(OFFSET(CRONOPLE!$F$14,$M37,AU$13)=\"\",10^12,OFFSET(CRONOPLE!$F$14,$M37,AU$13))))","v":1000000000000},{"$f":"IF($D37<>\"Serviço\",0,IF(AND(AUTOEVENTO=\"Manual\",$M37=1),0,IF(OFFSET(CRONOPLE!$F$14,$M37,AV$13)=\"\",10^12,OFFSET(CRONOPLE!$F$14,$M37,AV$13))))","v":1000000000000},null,{"$f":"IF($D37<>\"Serviço\",0,IF(OR(AND(AUTOEVENTO=\"Manual\",$M37=1),$M37>(ROW(PLE.lastrow)-ROW(PLE.firstrow))),0,IF(OFFSET(PLE!$G$14,$M37,AX$13)=\"\",10^12,OFFSET(PLE!$G$14,$M37,AX$13))))","v":1000000000000},{"$f":"IF($D37<>\"Serviço\",0,IF(OR(AND(AUTOEVENTO=\"Manual\",$M37=1),$M37>(ROW(PLE.lastrow)-ROW(PLE.firstrow))),0,IF(OFFSET(PLE!$G$14,$M37,AY$13)=\"\",10^12,OFFSET(PLE!$G$14,$M37,AY$13))))","v":1000000000000},{"$f":"IF($D37<>\"Serviço\",0,IF(OR(AND(AUTOEVENTO=\"Manual\",$M37=1),$M37>(ROW(PLE.lastrow)-ROW(PLE.firstrow))),0,IF(OFFSET(PLE!$G$14,$M37,AZ$13)=\"\",10^12,OFFSET(PLE!$G$14,$M37,AZ$13))))","v":1000000000000},{"$f":"IF($D37<>\"Serviço\",0,IF(OR(AND(AUTOEVENTO=\"Manual\",$M37=1),$M37>(ROW(PLE.lastrow)-ROW(PLE.firstrow))),0,IF(OFFSET(PLE!$G$14,$M37,BA$13)=\"\",10^12,OFFSET(PLE!$G$14,$M37,BA$13))))","v":1000000000000},{"$f":"IF($D37<>\"Serviço\",0,IF(OR(AND(AUTOEVENTO=\"Manual\",$M37=1),$M37>(ROW(PLE.lastrow)-ROW(PLE.firstrow))),0,IF(OFFSET(PLE!$G$14,$M37,BB$13)=\"\",10^12,OFFSET(PLE!$G$14,$M37,BB$13))))","v":1000000000000},{"$f":"IF($D37<>\"Serviço\",0,IF(OR(AND(AUTOEVENTO=\"Manual\",$M37=1),$M37>(ROW(PLE.lastrow)-ROW(PLE.firstrow))),0,IF(OFFSET(PLE!$G$14,$M37,BC$13)=\"\",10^12,OFFSET(PLE!$G$14,$M37,BC$13))))","v":1000000000000},{"$f":"IF($D37<>\"Serviço\",0,IF(OR(AND(AUTOEVENTO=\"Manual\",$M37=1),$M37>(ROW(PLE.lastrow)-ROW(PLE.firstrow))),0,IF(OFFSET(PLE!$G$14,$M37,BD$13)=\"\",10^12,OFFSET(PLE!$G$14,$M37,BD$13))))","v":1000000000000},{"$f":"IF($D37<>\"Serviço\",0,IF(OR(AND(AUTOEVENTO=\"Manual\",$M37=1),$M37>(ROW(PLE.lastrow)-ROW(PLE.firstrow))),0,IF(OFFSET(PLE!$G$14,$M37,BE$13)=\"\",10^12,OFFSET(PLE!$G$14,$M37,BE$13))))","v":1000000000000},{"$f":"IF($D37<>\"Serviço\",0,IF(OR(AND(AUTOEVENTO=\"Manual\",$M37=1),$M37>(ROW(PLE.lastrow)-ROW(PLE.firstrow))),0,IF(OFFSET(PLE!$G$14,$M37,BF$13)=\"\",10^12,OFFSET(PLE!$G$14,$M37,BF$13))))","v":1000000000000},{"$f":"IF($D37<>\"Serviço\",0,IF(OR(AND(AUTOEVENTO=\"Manual\",$M37=1),$M37>(ROW(PLE.lastrow)-ROW(PLE.firstrow))),0,IF(OFFSET(PLE!$G$14,$M37,BG$13)=\"\",10^12,OFFSET(PLE!$G$14,$M37,BG$13))))","v":1000000000000}]
["2",{"$f":"OFFSET(ORÇAMENTO!C$15,ROW(B38)-ROW(B$15),0)","v":3},{"$f":"OFFSET(ORÇAMENTO!L$15,ROW(C38)-ROW(C$15),0)","v":"F"},{"$f":"OFFSET(ORÇAMENTO!N$15,ROW(D38)-ROW(D$15),0)","v":"Nível 3"},{"$f":"OFFSET(ORÇAMENTO!O$15,ROW(E38)-ROW(E$15),0)","v":"1.1.3."},{"$f":"OFFSET(ORÇAMENTO!R$15,ROW(F38)-ROW(F$15),0)","v":"LOCAÇÃO DE OBRA"},{"$f":"IF($D38<>\"Serviço\",\"\",OFFSET(ORÇAMENTO!S$15,ROW(G38)-ROW(G$15),0))","v":""},{"$f":"IF($D38<>\"Serviço\",0,IF(ACOMPANHAMENTO=\"BM\",ROUND(OFFSET(ORÇAMENTO!AJ$15,ROW(H38)-ROW(H$15),0),15-13*ORÇAMENTO!$AF$7),SUMPRODUCT(($Q$12:$AA$12<>\"\")*ROUND($Q38:$AA38,15-13*ORÇAMENTO!$AF$7))))","v":0},null,null,null,".",{"$f":"IF($D38<>\"Serviço\",\"\",IF(AUTOEVENTO=\"manual\",$A38,IF(ISERROR(MATCH($A38,$A$15:OFFSET($A38,-1,0),0)),MAX($M$15:OFFSET(M38,-1,0))+1,INDEX($M$15:OFFSET(M38,-1,0),MATCH($A38,$A$15:OFFSET($A38,-1,0),0)))))","v":""},{"$f":"IF($D38<>\"Serviço\",\"\",IF(AUTOEVENTO=\"Manual\",IF($A38=0,\"<-- defina o número do agrupador\",OFFSET(EVENTOS!$D$14,$A38,0)),OFFSET($F$15,$A38,0)))","v":""},null,null,null,null,null,null,null,null,null,null,null,null,null,{"$f":"IF(AND($D38=\"Serviço\",AB$12<>0,$H38>0,OR(AUTOEVENTO<>\"manual\",$M38<>1)),\nIF(Import.TipoArredondamento<>\"TransfereGOV\",\nROUND(OFFSET($P38,0,AB$13),15-13*ORÇAMENTO!$AF$7)/$H38*OFFSET(ORÇAMENTO!$X$15,ROW(AB38)-ROW(AB$15),0),\nROUND(ROUND(OFFSET($P38,0,AB$13),15-13*ORÇAMENTO!$AF$7)*OFFSET(ORÇAMENTO!$W$15,ROW(AB38)-ROW(AB$15),0),15-13*ORÇAMENTO!$AF$11)),0)","v":0},{"$f":"IF(AND($D38=\"Serviço\",AC$12<>0,$H38>0,OR(AUTOEVENTO<>\"manual\",$M38<>1)),\nIF(Import.TipoArredondamento<>\"TransfereGOV\",\nROUND(OFFSET($P38,0,AC$13),15-13*ORÇAMENTO!$AF$7)/$H38*OFFSET(ORÇAMENTO!$X$15,ROW(AC38)-ROW(AC$15),0),\nROUND(ROUND(OFFSET($P38,0,AC$13),15-13*ORÇAMENTO!$AF$7)*OFFSET(ORÇAMENTO!$W$15,ROW(AC38)-ROW(AC$15),0),15-13*ORÇAMENTO!$AF$11)),0)","v":0},{"$f":"IF(AND($D38=\"Serviço\",AD$12<>0,$H38>0,OR(AUTOEVENTO<>\"manual\",$M38<>1)),\nIF(Import.TipoArredondamento<>\"TransfereGOV\",\nROUND(OFFSET($P38,0,AD$13),15-13*ORÇAMENTO!$AF$7)/$H38*OFFSET(ORÇAMENTO!$X$15,ROW(AD38)-ROW(AD$15),0),\nROUND(ROUND(OFFSET($P38,0,AD$13),15-13*ORÇAMENTO!$AF$7)*OFFSET(ORÇAMENTO!$W$15,ROW(AD38)-ROW(AD$15),0),15-13*ORÇAMENTO!$AF$11)),0)","v":0},{"$f":"IF(AND($D38=\"Serviço\",AE$12<>0,$H38>0,OR(AUTOEVENTO<>\"manual\",$M38<>1)),\nIF(Import.TipoArredondamento<>\"TransfereGOV\",\nROUND(OFFSET($P38,0,AE$13),15-13*ORÇAMENTO!$AF$7)/$H38*OFFSET(ORÇAMENTO!$X$15,ROW(AE38)-ROW(AE$15),0),\nROUND(ROUND(OFFSET($P38,0,AE$13),15-13*ORÇAMENTO!$AF$7)*OFFSET(ORÇAMENTO!$W$15,ROW(AE38)-ROW(AE$15),0),15-13*ORÇAMENTO!$AF$11)),0)","v":0},{"$f":"IF(AND($D38=\"Serviço\",AF$12<>0,$H38>0,OR(AUTOEVENTO<>\"manual\",$M38<>1)),\nIF(Import.TipoArredondamento<>\"TransfereGOV\",\nROUND(OFFSET($P38,0,AF$13),15-13*ORÇAMENTO!$AF$7)/$H38*OFFSET(ORÇAMENTO!$X$15,ROW(AF38)-ROW(AF$15),0),\nROUND(ROUND(OFFSET($P38,0,AF$13),15-13*ORÇAMENTO!$AF$7)*OFFSET(ORÇAMENTO!$W$15,ROW(AF38)-ROW(AF$15),0),15-13*ORÇAMENTO!$AF$11)),0)","v":0},{"$f":"IF(AND($D38=\"Serviço\",AG$12<>0,$H38>0,OR(AUTOEVENTO<>\"manual\",$M38<>1)),\nIF(Import.TipoArredondamento<>\"TransfereGOV\",\nROUND(OFFSET($P38,0,AG$13),15-13*ORÇAMENTO!$AF$7)/$H38*OFFSET(ORÇAMENTO!$X$15,ROW(AG38)-ROW(AG$15),0),\nROUND(ROUND(OFFSET($P38,0,AG$13),15-13*ORÇAMENTO!$AF$7)*OFFSET(ORÇAMENTO!$W$15,ROW(AG38)-ROW(AG$15),0),15-13*ORÇAMENTO!$AF$11)),0)","v":0},{"$f":"IF(AND($D38=\"Serviço\",AH$12<>0,$H38>0,OR(AUTOEVENTO<>\"manual\",$M38<>1)),\nIF(Import.TipoArredondamento<>\"TransfereGOV\",\nROUND(OFFSET($P38,0,AH$13),15-13*ORÇAMENTO!$AF$7)/$H38*OFFSET(ORÇAMENTO!$X$15,ROW(AH38)-ROW(AH$15),0),\nROUND(ROUND(OFFSET($P38,0,AH$13),15-13*ORÇAMENTO!$AF$7)*OFFSET(ORÇAMENTO!$W$15,ROW(AH38)-ROW(AH$15),0),15-13*ORÇAMENTO!$AF$11)),0)","v":0},{"$f":"IF(AND($D38=\"Serviço\",AI$12<>0,$H38>0,OR(AUTOEVENTO<>\"manual\",$M38<>1)),\nIF(Import.TipoArredondamento<>\"TransfereGOV\",\nROUND(OFFSET($P38,0,AI$13),15-13*ORÇAMENTO!$AF$7)/$H38*OFFSET(ORÇAMENTO!$X$15,ROW(AI38)-ROW(AI$15),0),\nROUND(ROUND(OFFSET($P38,0,AI$13),15-13*ORÇAMENTO!$AF$7)*OFFSET(ORÇAMENTO!$W$15,ROW(AI38)-ROW(AI$15),0),15-13*ORÇAMENTO!$AF$11)),0)","v":0},{"$f":"IF(AND($D38=\"Serviço\",AJ$12<>0,$H38>0,OR(AUTOEVENTO<>\"manual\",$M38<>1)),\nIF(Import.TipoArredondamento<>\"TransfereGOV\",\nROUND(OFFSET($P38,0,AJ$13),15-13*ORÇAMENTO!$AF$7)/$H38*OFFSET(ORÇAMENTO!$X$15,ROW(AJ38)-ROW(AJ$15),0),\nROUND(ROUND(OFFSET($P38,0,AJ$13),15-13*ORÇAMENTO!$AF$7)*OFFSET(ORÇAMENTO!$W$15,ROW(AJ38)-ROW(AJ$15),0),15-13*ORÇAMENTO!$AF$11)),0)","v":0},{"$f":"IF(AND($D38=\"Serviço\",AK$12<>0,$H38>0,OR(AUTOEVENTO<>\"manual\",$M38<>1)),\nIF(Import.TipoArredondamento<>\"TransfereGOV\",\nROUND(OFFSET($P38,0,AK$13),15-13*ORÇAMENTO!$AF$7)/$H38*OFFSET(ORÇAMENTO!$X$15,ROW(AK38)-ROW(AK$15),0),\nROUND(ROUND(OFFSET($P38,0,AK$13),15-13*ORÇAMENTO!$AF$7)*OFFSET(ORÇAMENTO!$W$15,ROW(AK38)-ROW(AK$15),0),15-13*ORÇAMENTO!$AF$11)),0)","v":0},null,{"$f":"IF($D38<>\"Serviço\",0,IF(AND(AUTOEVENTO=\"Manual\",$M38=1),0,IF(OFFSET(CRONOPLE!$F$14,$M38,AM$13)=\"\",10^12,OFFSET(CRONOPLE!$F$14,$M38,AM$13))))","v":0},{"$f":"IF($D38<>\"Serviço\",0,IF(AND(AUTOEVENTO=\"Manual\",$M38=1),0,IF(OFFSET(CRONOPLE!$F$14,$M38,AN$13)=\"\",10^12,OFFSET(CRONOPLE!$F$14,$M38,AN$13))))","v":0},{"$f":"IF($D38<>\"Serviço\",0,IF(AND(AUTOEVENTO=\"Manual\",$M38=1),0,IF(OFFSET(CRONOPLE!$F$14,$M38,AO$13)=\"\",10^12,OFFSET(CRONOPLE!$F$14,$M38,AO$13))))","v":0},{"$f":"IF($D38<>\"Serviço\",0,IF(AND(AUTOEVENTO=\"Manual\",$M38=1),0,IF(OFFSET(CRONOPLE!$F$14,$M38,AP$13)=\"\",10^12,OFFSET(CRONOPLE!$F$14,$M38,AP$13))))","v":0},{"$f":"IF($D38<>\"Serviço\",0,IF(AND(AUTOEVENTO=\"Manual\",$M38=1),0,IF(OFFSET(CRONOPLE!$F$14,$M38,AQ$13)=\"\",10^12,OFFSET(CRONOPLE!$F$14,$M38,AQ$13))))","v":0},{"$f":"IF($D38<>\"Serviço\",0,IF(AND(AUTOEVENTO=\"Manual\",$M38=1),0,IF(OFFSET(CRONOPLE!$F$14,$M38,AR$13)=\"\",10^12,OFFSET(CRONOPLE!$F$14,$M38,AR$13))))","v":0},{"$f":"IF($D38<>\"Serviço\",0,IF(AND(AUTOEVENTO=\"Manual\",$M38=1),0,IF(OFFSET(CRONOPLE!$F$14,$M38,AS$13)=\"\",10^12,OFFSET(CRONOPLE!$F$14,$M38,AS$13))))","v":0},{"$f":"IF($D38<>\"Serviço\",0,IF(AND(AUTOEVENTO=\"Manual\",$M38=1),0,IF(OFFSET(CRONOPLE!$F$14,$M38,AT$13)=\"\",10^12,OFFSET(CRONOPLE!$F$14,$M38,AT$13))))","v":0},{"$f":"IF($D38<>\"Serviço\",0,IF(AND(AUTOEVENTO=\"Manual\",$M38=1),0,IF(OFFSET(CRONOPLE!$F$14,$M38,AU$13)=\"\",10^12,OFFSET(CRONOPLE!$F$14,$M38,AU$13))))","v":0},{"$f":"IF($D38<>\"Serviço\",0,IF(AND(AUTOEVENTO=\"Manual\",$M38=1),0,IF(OFFSET(CRONOPLE!$F$14,$M38,AV$13)=\"\",10^12,OFFSET(CRONOPLE!$F$14,$M38,AV$13))))","v":0},null,{"$f":"IF($D38<>\"Serviço\",0,IF(OR(AND(AUTOEVENTO=\"Manual\",$M38=1),$M38>(ROW(PLE.lastrow)-ROW(PLE.firstrow))),0,IF(OFFSET(PLE!$G$14,$M38,AX$13)=\"\",10^12,OFFSET(PLE!$G$14,$M38,AX$13))))","v":0},{"$f":"IF($D38<>\"Serviço\",0,IF(OR(AND(AUTOEVENTO=\"Manual\",$M38=1),$M38>(ROW(PLE.lastrow)-ROW(PLE.firstrow))),0,IF(OFFSET(PLE!$G$14,$M38,AY$13)=\"\",10^12,OFFSET(PLE!$G$14,$M38,AY$13))))","v":0},{"$f":"IF($D38<>\"Serviço\",0,IF(OR(AND(AUTOEVENTO=\"Manual\",$M38=1),$M38>(ROW(PLE.lastrow)-ROW(PLE.firstrow))),0,IF(OFFSET(PLE!$G$14,$M38,AZ$13)=\"\",10^12,OFFSET(PLE!$G$14,$M38,AZ$13))))","v":0},{"$f":"IF($D38<>\"Serviço\",0,IF(OR(AND(AUTOEVENTO=\"Manual\",$M38=1),$M38>(ROW(PLE.lastrow)-ROW(PLE.firstrow))),0,IF(OFFSET(PLE!$G$14,$M38,BA$13)=\"\",10^12,OFFSET(PLE!$G$14,$M38,BA$13))))","v":0},{"$f":"IF($D38<>\"Serviço\",0,IF(OR(AND(AUTOEVENTO=\"Manual\",$M38=1),$M38>(ROW(PLE.lastrow)-ROW(PLE.firstrow))),0,IF(OFFSET(PLE!$G$14,$M38,BB$13)=\"\",10^12,OFFSET(PLE!$G$14,$M38,BB$13))))","v":0},{"$f":"IF($D38<>\"Serviço\",0,IF(OR(AND(AUTOEVENTO=\"Manual\",$M38=1),$M38>(ROW(PLE.lastrow)-ROW(PLE.firstrow))),0,IF(OFFSET(PLE!$G$14,$M38,BC$13)=\"\",10^12,OFFSET(PLE!$G$14,$M38,BC$13))))","v":0},{"$f":"IF($D38<>\"Serviço\",0,IF(OR(AND(AUTOEVENTO=\"Manual\",$M38=1),$M38>(ROW(PLE.lastrow)-ROW(PLE.firstrow))),0,IF(OFFSET(PLE!$G$14,$M38,BD$13)=\"\",10^12,OFFSET(PLE!$G$14,$M38,BD$13))))","v":0},{"$f":"IF($D38<>\"Serviço\",0,IF(OR(AND(AUTOEVENTO=\"Manual\",$M38=1),$M38>(ROW(PLE.lastrow)-ROW(PLE.firstrow))),0,IF(OFFSET(PLE!$G$14,$M38,BE$13)=\"\",10^12,OFFSET(PLE!$G$14,$M38,BE$13))))","v":0},{"$f":"IF($D38<>\"Serviço\",0,IF(OR(AND(AUTOEVENTO=\"Manual\",$M38=1),$M38>(ROW(PLE.lastrow)-ROW(PLE.firstrow))),0,IF(OFFSET(PLE!$G$14,$M38,BF$13)=\"\",10^12,OFFSET(PLE!$G$14,$M38,BF$13))))","v":0},{"$f":"IF($D38<>\"Serviço\",0,IF(OR(AND(AUTOEVENTO=\"Manual\",$M38=1),$M38>(ROW(PLE.lastrow)-ROW(PLE.firstrow))),0,IF(OFFSET(PLE!$G$14,$M38,BG$13)=\"\",10^12,OFFSET(PLE!$G$14,$M38,BG$13))))","v":0}]
["2",{"$f":"OFFSET(ORÇAMENTO!C$15,ROW(B39)-ROW(B$15),0)","v":"S"},{"$f":"OFFSET(ORÇAMENTO!L$15,ROW(C39)-ROW(C$15),0)","v":"F"},{"$f":"OFFSET(ORÇAMENTO!N$15,ROW(D39)-ROW(D$15),0)","v":"Serviço"},{"$f":"OFFSET(ORÇAMENTO!O$15,ROW(E39)-ROW(E$15),0)","v":"1.1.3.1."},{"$f":"OFFSET(ORÇAMENTO!R$15,ROW(F39)-ROW(F$15),0)","v":"LOCACAO CONVENCIONAL DE OBRA, UTILIZANDO GABARITO DE TÁBUAS CORRIDAS PONTALETADAS A CADA 2,00M -  2 UTILIZAÇÕES. AF_10/2018"},{"$f":"IF($D39<>\"Serviço\",\"\",OFFSET(ORÇAMENTO!S$15,ROW(G39)-ROW(G$15),0))","v":"M"},{"$f":"IF($D39<>\"Serviço\",0,IF(ACOMPANHAMENTO=\"BM\",ROUND(OFFSET(ORÇAMENTO!AJ$15,ROW(H39)-ROW(H$15),0),15-13*ORÇAMENTO!$AF$7),SUMPRODUCT(($Q$12:$AA$12<>\"\")*ROUND($Q39:$AA39,15-13*ORÇAMENTO!$AF$7))))","v":69.3},null,null,null,".",{"$f":"IF($D39<>\"Serviço\",\"\",IF(AUTOEVENTO=\"manual\",$A39,IF(ISERROR(MATCH($A39,$A$15:OFFSET($A39,-1,0),0)),MAX($M$15:OFFSET(M39,-1,0))+1,INDEX($M$15:OFFSET(M39,-1,0),MATCH($A39,$A$15:OFFSET($A39,-1,0),0)))))","v":2},{"$f":"IF($D39<>\"Serviço\",\"\",IF(AUTOEVENTO=\"Manual\",IF($A39=0,\"<-- defina o número do agrupador\",OFFSET(EVENTOS!$D$14,$A39,0)),OFFSET($F$15,$A39,0)))","v":"SERVIÇOS PRELIMINARES, CANTEIRO DE OBRAS, SEGURANÇA E SAÚDE"},null,null,null,null,null,null,null,null,null,null,null,null,null,{"$f":"IF(AND($D39=\"Serviço\",AB$12<>0,$H39>0,OR(AUTOEVENTO<>\"manual\",$M39<>1)),\nIF(Import.TipoArredondamento<>\"TransfereGOV\",\nROUND(OFFSET($P39,0,AB$13),15-13*ORÇAMENTO!$AF$7)/$H39*OFFSET(ORÇAMENTO!$X$15,ROW(AB39)-ROW(AB$15),0),\nROUND(ROUND(OFFSET($P39,0,AB$13),15-13*ORÇAMENTO!$AF$7)*OFFSET(ORÇAMENTO!$W$15,ROW(AB39)-ROW(AB$15),0),15-13*ORÇAMENTO!$AF$11)),0)","v":0},{"$f":"IF(AND($D39=\"Serviço\",AC$12<>0,$H39>0,OR(AUTOEVENTO<>\"manual\",$M39<>1)),\nIF(Import.TipoArredondamento<>\"TransfereGOV\",\nROUND(OFFSET($P39,0,AC$13),15-13*ORÇAMENTO!$AF$7)/$H39*OFFSET(ORÇAMENTO!$X$15,ROW(AC39)-ROW(AC$15),0),\nROUND(ROUND(OFFSET($P39,0,AC$13),15-13*ORÇAMENTO!$AF$7)*OFFSET(ORÇAMENTO!$W$15,ROW(AC39)-ROW(AC$15),0),15-13*ORÇAMENTO!$AF$11)),0)","v":0},{"$f":"IF(AND($D39=\"Serviço\",AD$12<>0,$H39>0,OR(AUTOEVENTO<>\"manual\",$M39<>1)),\nIF(Import.TipoArredondamento<>\"TransfereGOV\",\nROUND(OFFSET($P39,0,AD$13),15-13*ORÇAMENTO!$AF$7)/$H39*OFFSET(ORÇAMENTO!$X$15,ROW(AD39)-ROW(AD$15),0),\nROUND(ROUND(OFFSET($P39,0,AD$13),15-13*ORÇAMENTO!$AF$7)*OFFSET(ORÇAMENTO!$W$15,ROW(AD39)-ROW(AD$15),0),15-13*ORÇAMENTO!$AF$11)),0)","v":0},{"$f":"IF(AND($D39=\"Serviço\",AE$12<>0,$H39>0,OR(AUTOEVENTO<>\"manual\",$M39<>1)),\nIF(Import.TipoArredondamento<>\"TransfereGOV\",\nROUND(OFFSET($P39,0,AE$13),15-13*ORÇAMENTO!$AF$7)/$H39*OFFSET(ORÇAMENTO!$X$15,ROW(AE39)-ROW(AE$15),0),\nROUND(ROUND(OFFSET($P39,0,AE$13),15-13*ORÇAMENTO!$AF$7)*OFFSET(ORÇAMENTO!$W$15,ROW(AE39)-ROW(AE$15),0),15-13*ORÇAMENTO!$AF$11)),0)","v":0},{"$f":"IF(AND($D39=\"Serviço\",AF$12<>0,$H39>0,OR(AUTOEVENTO<>\"manual\",$M39<>1)),\nIF(Import.TipoArredondamento<>\"TransfereGOV\",\nROUND(OFFSET($P39,0,AF$13),15-13*ORÇAMENTO!$AF$7)/$H39*OFFSET(ORÇAMENTO!$X$15,ROW(AF39)-ROW(AF$15),0),\nROUND(ROUND(OFFSET($P39,0,AF$13),15-13*ORÇAMENTO!$AF$7)*OFFSET(ORÇAMENTO!$W$15,ROW(AF39)-ROW(AF$15),0),15-13*ORÇAMENTO!$AF$11)),0)","v":0},{"$f":"IF(AND($D39=\"Serviço\",AG$12<>0,$H39>0,OR(AUTOEVENTO<>\"manual\",$M39<>1)),\nIF(Import.TipoArredondamento<>\"TransfereGOV\",\nROUND(OFFSET($P39,0,AG$13),15-13*ORÇAMENTO!$AF$7)/$H39*OFFSET(ORÇAMENTO!$X$15,ROW(AG39)-ROW(AG$15),0),\nROUND(ROUND(OFFSET($P39,0,AG$13),15-13*ORÇAMENTO!$AF$7)*OFFSET(ORÇAMENTO!$W$15,ROW(AG39)-ROW(AG$15),0),15-13*ORÇAMENTO!$AF$11)),0)","v":0},{"$f":"IF(AND($D39=\"Serviço\",AH$12<>0,$H39>0,OR(AUTOEVENTO<>\"manual\",$M39<>1)),\nIF(Import.TipoArredondamento<>\"TransfereGOV\",\nROUND(OFFSET($P39,0,AH$13),15-13*ORÇAMENTO!$AF$7)/$H39*OFFSET(ORÇAMENTO!$X$15,ROW(AH39)-ROW(AH$15),0),\nROUND(ROUND(OFFSET($P39,0,AH$13),15-13*ORÇAMENTO!$AF$7)*OFFSET(ORÇAMENTO!$W$15,ROW(AH39)-ROW(AH$15),0),15-13*ORÇAMENTO!$AF$11)),0)","v":0},{"$f":"IF(AND($D39=\"Serviço\",AI$12<>0,$H39>0,OR(AUTOEVENTO<>\"manual\",$M39<>1)),\nIF(Import.TipoArredondamento<>\"TransfereGOV\",\nROUND(OFFSET($P39,0,AI$13),15-13*ORÇAMENTO!$AF$7)/$H39*OFFSET(ORÇAMENTO!$X$15,ROW(AI39)-ROW(AI$15),0),\nROUND(ROUND(OFFSET($P39,0,AI$13),15-13*ORÇAMENTO!$AF$7)*OFFSET(ORÇAMENTO!$W$15,ROW(AI39)-ROW(AI$15),0),15-13*ORÇAMENTO!$AF$11)),0)","v":0},{"$f":"IF(AND($D39=\"Serviço\",AJ$12<>0,$H39>0,OR(AUTOEVENTO<>\"manual\",$M39<>1)),\nIF(Import.TipoArredondamento<>\"TransfereGOV\",\nROUND(OFFSET($P39,0,AJ$13),15-13*ORÇAMENTO!$AF$7)/$H39*OFFSET(ORÇAMENTO!$X$15,ROW(AJ39)-ROW(AJ$15),0),\nROUND(ROUND(OFFSET($P39,0,AJ$13),15-13*ORÇAMENTO!$AF$7)*OFFSET(ORÇAMENTO!$W$15,ROW(AJ39)-ROW(AJ$15),0),15-13*ORÇAMENTO!$AF$11)),0)","v":0},{"$f":"IF(AND($D39=\"Serviço\",AK$12<>0,$H39>0,OR(AUTOEVENTO<>\"manual\",$M39<>1)),\nIF(Import.TipoArredondamento<>\"TransfereGOV\",\nROUND(OFFSET($P39,0,AK$13),15-13*ORÇAMENTO!$AF$7)/$H39*OFFSET(ORÇAMENTO!$X$15,ROW(AK39)-ROW(AK$15),0),\nROUND(ROUND(OFFSET($P39,0,AK$13),15-13*ORÇAMENTO!$AF$7)*OFFSET(ORÇAMENTO!$W$15,ROW(AK39)-ROW(AK$15),0),15-13*ORÇAMENTO!$AF$11)),0)","v":0},null,{"$f":"IF($D39<>\"Serviço\",0,IF(AND(AUTOEVENTO=\"Manual\",$M39=1),0,IF(OFFSET(CRONOPLE!$F$14,$M39,AM$13)=\"\",10^12,OFFSET(CRONOPLE!$F$14,$M39,AM$13))))","v":1000000000000},{"$f":"IF($D39<>\"Serviço\",0,IF(AND(AUTOEVENTO=\"Manual\",$M39=1),0,IF(OFFSET(CRONOPLE!$F$14,$M39,AN$13)=\"\",10^12,OFFSET(CRONOPLE!$F$14,$M39,AN$13))))","v":1000000000000},{"$f":"IF($D39<>\"Serviço\",0,IF(AND(AUTOEVENTO=\"Manual\",$M39=1),0,IF(OFFSET(CRONOPLE!$F$14,$M39,AO$13)=\"\",10^12,OFFSET(CRONOPLE!$F$14,$M39,AO$13))))","v":1000000000000},{"$f":"IF($D39<>\"Serviço\",0,IF(AND(AUTOEVENTO=\"Manual\",$M39=1),0,IF(OFFSET(CRONOPLE!$F$14,$M39,AP$13)=\"\",10^12,OFFSET(CRONOPLE!$F$14,$M39,AP$13))))","v":1000000000000},{"$f":"IF($D39<>\"Serviço\",0,IF(AND(AUTOEVENTO=\"Manual\",$M39=1),0,IF(OFFSET(CRONOPLE!$F$14,$M39,AQ$13)=\"\",10^12,OFFSET(CRONOPLE!$F$14,$M39,AQ$13))))","v":1000000000000},{"$f":"IF($D39<>\"Serviço\",0,IF(AND(AUTOEVENTO=\"Manual\",$M39=1),0,IF(OFFSET(CRONOPLE!$F$14,$M39,AR$13)=\"\",10^12,OFFSET(CRONOPLE!$F$14,$M39,AR$13))))","v":1000000000000},{"$f":"IF($D39<>\"Serviço\",0,IF(AND(AUTOEVENTO=\"Manual\",$M39=1),0,IF(OFFSET(CRONOPLE!$F$14,$M39,AS$13)=\"\",10^12,OFFSET(CRONOPLE!$F$14,$M39,AS$13))))","v":1000000000000},{"$f":"IF($D39<>\"Serviço\",0,IF(AND(AUTOEVENTO=\"Manual\",$M39=1),0,IF(OFFSET(CRONOPLE!$F$14,$M39,AT$13)=\"\",10^12,OFFSET(CRONOPLE!$F$14,$M39,AT$13))))","v":1000000000000},{"$f":"IF($D39<>\"Serviço\",0,IF(AND(AUTOEVENTO=\"Manual\",$M39=1),0,IF(OFFSET(CRONOPLE!$F$14,$M39,AU$13)=\"\",10^12,OFFSET(CRONOPLE!$F$14,$M39,AU$13))))","v":1000000000000},{"$f":"IF($D39<>\"Serviço\",0,IF(AND(AUTOEVENTO=\"Manual\",$M39=1),0,IF(OFFSET(CRONOPLE!$F$14,$M39,AV$13)=\"\",10^12,OFFSET(CRONOPLE!$F$14,$M39,AV$13))))","v":1000000000000},null,{"$f":"IF($D39<>\"Serviço\",0,IF(OR(AND(AUTOEVENTO=\"Manual\",$M39=1),$M39>(ROW(PLE.lastrow)-ROW(PLE.firstrow))),0,IF(OFFSET(PLE!$G$14,$M39,AX$13)=\"\",10^12,OFFSET(PLE!$G$14,$M39,AX$13))))","v":1000000000000},{"$f":"IF($D39<>\"Serviço\",0,IF(OR(AND(AUTOEVENTO=\"Manual\",$M39=1),$M39>(ROW(PLE.lastrow)-ROW(PLE.firstrow))),0,IF(OFFSET(PLE!$G$14,$M39,AY$13)=\"\",10^12,OFFSET(PLE!$G$14,$M39,AY$13))))","v":1000000000000},{"$f":"IF($D39<>\"Serviço\",0,IF(OR(AND(AUTOEVENTO=\"Manual\",$M39=1),$M39>(ROW(PLE.lastrow)-ROW(PLE.firstrow))),0,IF(OFFSET(PLE!$G$14,$M39,AZ$13)=\"\",10^12,OFFSET(PLE!$G$14,$M39,AZ$13))))","v":1000000000000},{"$f":"IF($D39<>\"Serviço\",0,IF(OR(AND(AUTOEVENTO=\"Manual\",$M39=1),$M39>(ROW(PLE.lastrow)-ROW(PLE.firstrow))),0,IF(OFFSET(PLE!$G$14,$M39,BA$13)=\"\",10^12,OFFSET(PLE!$G$14,$M39,BA$13))))","v":1000000000000},{"$f":"IF($D39<>\"Serviço\",0,IF(OR(AND(AUTOEVENTO=\"Manual\",$M39=1),$M39>(ROW(PLE.lastrow)-ROW(PLE.firstrow))),0,IF(OFFSET(PLE!$G$14,$M39,BB$13)=\"\",10^12,OFFSET(PLE!$G$14,$M39,BB$13))))","v":1000000000000},{"$f":"IF($D39<>\"Serviço\",0,IF(OR(AND(AUTOEVENTO=\"Manual\",$M39=1),$M39>(ROW(PLE.lastrow)-ROW(PLE.firstrow))),0,IF(OFFSET(PLE!$G$14,$M39,BC$13)=\"\",10^12,OFFSET(PLE!$G$14,$M39,BC$13))))","v":1000000000000},{"$f":"IF($D39<>\"Serviço\",0,IF(OR(AND(AUTOEVENTO=\"Manual\",$M39=1),$M39>(ROW(PLE.lastrow)-ROW(PLE.firstrow))),0,IF(OFFSET(PLE!$G$14,$M39,BD$13)=\"\",10^12,OFFSET(PLE!$G$14,$M39,BD$13))))","v":1000000000000},{"$f":"IF($D39<>\"Serviço\",0,IF(OR(AND(AUTOEVENTO=\"Manual\",$M39=1),$M39>(ROW(PLE.lastrow)-ROW(PLE.firstrow))),0,IF(OFFSET(PLE!$G$14,$M39,BE$13)=\"\",10^12,OFFSET(PLE!$G$14,$M39,BE$13))))","v":1000000000000},{"$f":"IF($D39<>\"Serviço\",0,IF(OR(AND(AUTOEVENTO=\"Manual\",$M39=1),$M39>(ROW(PLE.lastrow)-ROW(PLE.firstrow))),0,IF(OFFSET(PLE!$G$14,$M39,BF$13)=\"\",10^12,OFFSET(PLE!$G$14,$M39,BF$13))))","v":1000000000000},{"$f":"IF($D39<>\"Serviço\",0,IF(OR(AND(AUTOEVENTO=\"Manual\",$M39=1),$M39>(ROW(PLE.lastrow)-ROW(PLE.firstrow))),0,IF(OFFSET(PLE!$G$14,$M39,BG$13)=\"\",10^12,OFFSET(PLE!$G$14,$M39,BG$13))))","v":1000000000000}]
["2",{"$f":"OFFSET(ORÇAMENTO!C$15,ROW(B40)-ROW(B$15),0)","v":"S"},{"$f":"OFFSET(ORÇAMENTO!L$15,ROW(C40)-ROW(C$15),0)","v":"F"},{"$f":"OFFSET(ORÇAMENTO!N$15,ROW(D40)-ROW(D$15),0)","v":"Serviço"},{"$f":"OFFSET(ORÇAMENTO!O$15,ROW(E40)-ROW(E$15),0)","v":"1.1.3.2."},{"$f":"OFFSET(ORÇAMENTO!R$15,ROW(F40)-ROW(F$15),0)","v":"TAPUME COM TELHA METÁLICA. AF_05/2018"},{"$f":"IF($D40<>\"Serviço\",\"\",OFFSET(ORÇAMENTO!S$15,ROW(G40)-ROW(G$15),0))","v":"M2"},{"$f":"IF($D40<>\"Serviço\",0,IF(ACOMPANHAMENTO=\"BM\",ROUND(OFFSET(ORÇAMENTO!AJ$15,ROW(H40)-ROW(H$15),0),15-13*ORÇAMENTO!$AF$7),SUMPRODUCT(($Q$12:$AA$12<>\"\")*ROUND($Q40:$AA40,15-13*ORÇAMENTO!$AF$7))))","v":51.45},null,null,null,".",{"$f":"IF($D40<>\"Serviço\",\"\",IF(AUTOEVENTO=\"manual\",$A40,IF(ISERROR(MATCH($A40,$A$15:OFFSET($A40,-1,0),0)),MAX($M$15:OFFSET(M40,-1,0))+1,INDEX($M$15:OFFSET(M40,-1,0),MATCH($A40,$A$15:OFFSET($A40,-1,0),0)))))","v":2},{"$f":"IF($D40<>\"Serviço\",\"\",IF(AUTOEVENTO=\"Manual\",IF($A40=0,\"<-- defina o número do agrupador\",OFFSET(EVENTOS!$D$14,$A40,0)),OFFSET($F$15,$A40,0)))","v":"SERVIÇOS PRELIMINARES, CANTEIRO DE OBRAS, SEGURANÇA E SAÚDE"},null,null,null,null,null,null,null,null,null,null,null,null,null,{"$f":"IF(AND($D40=\"Serviço\",AB$12<>0,$H40>0,OR(AUTOEVENTO<>\"manual\",$M40<>1)),\nIF(Import.TipoArredondamento<>\"TransfereGOV\",\nROUND(OFFSET($P40,0,AB$13),15-13*ORÇAMENTO!$AF$7)/$H40*OFFSET(ORÇAMENTO!$X$15,ROW(AB40)-ROW(AB$15),0),\nROUND(ROUND(OFFSET($P40,0,AB$13),15-13*ORÇAMENTO!$AF$7)*OFFSET(ORÇAMENTO!$W$15,ROW(AB40)-ROW(AB$15),0),15-13*ORÇAMENTO!$AF$11)),0)","v":0},{"$f":"IF(AND($D40=\"Serviço\",AC$12<>0,$H40>0,OR(AUTOEVENTO<>\"manual\",$M40<>1)),\nIF(Import.TipoArredondamento<>\"TransfereGOV\",\nROUND(OFFSET($P40,0,AC$13),15-13*ORÇAMENTO!$AF$7)/$H40*OFFSET(ORÇAMENTO!$X$15,ROW(AC40)-ROW(AC$15),0),\nROUND(ROUND(OFFSET($P40,0,AC$13),15-13*ORÇAMENTO!$AF$7)*OFFSET(ORÇAMENTO!$W$15,ROW(AC40)-ROW(AC$15),0),15-13*ORÇAMENTO!$AF$11)),0)","v":0},{"$f":"IF(AND($D40=\"Serviço\",AD$12<>0,$H40>0,OR(AUTOEVENTO<>\"manual\",$M40<>1)),\nIF(Import.TipoArredondamento<>\"TransfereGOV\",\nROUND(OFFSET($P40,0,AD$13),15-13*ORÇAMENTO!$AF$7)/$H40*OFFSET(ORÇAMENTO!$X$15,ROW(AD40)-ROW(AD$15),0),\nROUND(ROUND(OFFSET($P40,0,AD$13),15-13*ORÇAMENTO!$AF$7)*OFFSET(ORÇAMENTO!$W$15,ROW(AD40)-ROW(AD$15),0),15-13*ORÇAMENTO!$AF$11)),0)","v":0},{"$f":"IF(AND($D40=\"Serviço\",AE$12<>0,$H40>0,OR(AUTOEVENTO<>\"manual\",$M40<>1)),\nIF(Import.TipoArredondamento<>\"TransfereGOV\",\nROUND(OFFSET($P40,0,AE$13),15-13*ORÇAMENTO!$AF$7)/$H40*OFFSET(ORÇAMENTO!$X$15,ROW(AE40)-ROW(AE$15),0),\nROUND(ROUND(OFFSET($P40,0,AE$13),15-13*ORÇAMENTO!$AF$7)*OFFSET(ORÇAMENTO!$W$15,ROW(AE40)-ROW(AE$15),0),15-13*ORÇAMENTO!$AF$11)),0)","v":0},{"$f":"IF(AND($D40=\"Serviço\",AF$12<>0,$H40>0,OR(AUTOEVENTO<>\"manual\",$M40<>1)),\nIF(Import.TipoArredondamento<>\"TransfereGOV\",\nROUND(OFFSET($P40,0,AF$13),15-13*ORÇAMENTO!$AF$7)/$H40*OFFSET(ORÇAMENTO!$X$15,ROW(AF40)-ROW(AF$15),0),\nROUND(ROUND(OFFSET($P40,0,AF$13),15-13*ORÇAMENTO!$AF$7)*OFFSET(ORÇAMENTO!$W$15,ROW(AF40)-ROW(AF$15),0),15-13*ORÇAMENTO!$AF$11)),0)","v":0},{"$f":"IF(AND($D40=\"Serviço\",AG$12<>0,$H40>0,OR(AUTOEVENTO<>\"manual\",$M40<>1)),\nIF(Import.TipoArredondamento<>\"TransfereGOV\",\nROUND(OFFSET($P40,0,AG$13),15-13*ORÇAMENTO!$AF$7)/$H40*OFFSET(ORÇAMENTO!$X$15,ROW(AG40)-ROW(AG$15),0),\nROUND(ROUND(OFFSET($P40,0,AG$13),15-13*ORÇAMENTO!$AF$7)*OFFSET(ORÇAMENTO!$W$15,ROW(AG40)-ROW(AG$15),0),15-13*ORÇAMENTO!$AF$11)),0)","v":0},{"$f":"IF(AND($D40=\"Serviço\",AH$12<>0,$H40>0,OR(AUTOEVENTO<>\"manual\",$M40<>1)),\nIF(Import.TipoArredondamento<>\"TransfereGOV\",\nROUND(OFFSET($P40,0,AH$13),15-13*ORÇAMENTO!$AF$7)/$H40*OFFSET(ORÇAMENTO!$X$15,ROW(AH40)-ROW(AH$15),0),\nROUND(ROUND(OFFSET($P40,0,AH$13),15-13*ORÇAMENTO!$AF$7)*OFFSET(ORÇAMENTO!$W$15,ROW(AH40)-ROW(AH$15),0),15-13*ORÇAMENTO!$AF$11)),0)","v":0},{"$f":"IF(AND($D40=\"Serviço\",AI$12<>0,$H40>0,OR(AUTOEVENTO<>\"manual\",$M40<>1)),\nIF(Import.TipoArredondamento<>\"TransfereGOV\",\nROUND(OFFSET($P40,0,AI$13),15-13*ORÇAMENTO!$AF$7)/$H40*OFFSET(ORÇAMENTO!$X$15,ROW(AI40)-ROW(AI$15),0),\nROUND(ROUND(OFFSET($P40,0,AI$13),15-13*ORÇAMENTO!$AF$7)*OFFSET(ORÇAMENTO!$W$15,ROW(AI40)-ROW(AI$15),0),15-13*ORÇAMENTO!$AF$11)),0)","v":0},{"$f":"IF(AND($D40=\"Serviço\",AJ$12<>0,$H40>0,OR(AUTOEVENTO<>\"manual\",$M40<>1)),\nIF(Import.TipoArredondamento<>\"TransfereGOV\",\nROUND(OFFSET($P40,0,AJ$13),15-13*ORÇAMENTO!$AF$7)/$H40*OFFSET(ORÇAMENTO!$X$15,ROW(AJ40)-ROW(AJ$15),0),\nROUND(ROUND(OFFSET($P40,0,AJ$13),15-13*ORÇAMENTO!$AF$7)*OFFSET(ORÇAMENTO!$W$15,ROW(AJ40)-ROW(AJ$15),0),15-13*ORÇAMENTO!$AF$11)),0)","v":0},{"$f":"IF(AND($D40=\"Serviço\",AK$12<>0,$H40>0,OR(AUTOEVENTO<>\"manual\",$M40<>1)),\nIF(Import.TipoArredondamento<>\"TransfereGOV\",\nROUND(OFFSET($P40,0,AK$13),15-13*ORÇAMENTO!$AF$7)/$H40*OFFSET(ORÇAMENTO!$X$15,ROW(AK40)-ROW(AK$15),0),\nROUND(ROUND(OFFSET($P40,0,AK$13),15-13*ORÇAMENTO!$AF$7)*OFFSET(ORÇAMENTO!$W$15,ROW(AK40)-ROW(AK$15),0),15-13*ORÇAMENTO!$AF$11)),0)","v":0},null,{"$f":"IF($D40<>\"Serviço\",0,IF(AND(AUTOEVENTO=\"Manual\",$M40=1),0,IF(OFFSET(CRONOPLE!$F$14,$M40,AM$13)=\"\",10^12,OFFSET(CRONOPLE!$F$14,$M40,AM$13))))","v":1000000000000},{"$f":"IF($D40<>\"Serviço\",0,IF(AND(AUTOEVENTO=\"Manual\",$M40=1),0,IF(OFFSET(CRONOPLE!$F$14,$M40,AN$13)=\"\",10^12,OFFSET(CRONOPLE!$F$14,$M40,AN$13))))","v":1000000000000},{"$f":"IF($D40<>\"Serviço\",0,IF(AND(AUTOEVENTO=\"Manual\",$M40=1),0,IF(OFFSET(CRONOPLE!$F$14,$M40,AO$13)=\"\",10^12,OFFSET(CRONOPLE!$F$14,$M40,AO$13))))","v":1000000000000},{"$f":"IF($D40<>\"Serviço\",0,IF(AND(AUTOEVENTO=\"Manual\",$M40=1),0,IF(OFFSET(CRONOPLE!$F$14,$M40,AP$13)=\"\",10^12,OFFSET(CRONOPLE!$F$14,$M40,AP$13))))","v":1000000000000},{"$f":"IF($D40<>\"Serviço\",0,IF(AND(AUTOEVENTO=\"Manual\",$M40=1),0,IF(OFFSET(CRONOPLE!$F$14,$M40,AQ$13)=\"\",10^12,OFFSET(CRONOPLE!$F$14,$M40,AQ$13))))","v":1000000000000},{"$f":"IF($D40<>\"Serviço\",0,IF(AND(AUTOEVENTO=\"Manual\",$M40=1),0,IF(OFFSET(CRONOPLE!$F$14,$M40,AR$13)=\"\",10^12,OFFSET(CRONOPLE!$F$14,$M40,AR$13))))","v":1000000000000},{"$f":"IF($D40<>\"Serviço\",0,IF(AND(AUTOEVENTO=\"Manual\",$M40=1),0,IF(OFFSET(CRONOPLE!$F$14,$M40,AS$13)=\"\",10^12,OFFSET(CRONOPLE!$F$14,$M40,AS$13))))","v":1000000000000},{"$f":"IF($D40<>\"Serviço\",0,IF(AND(AUTOEVENTO=\"Manual\",$M40=1),0,IF(OFFSET(CRONOPLE!$F$14,$M40,AT$13)=\"\",10^12,OFFSET(CRONOPLE!$F$14,$M40,AT$13))))","v":1000000000000},{"$f":"IF($D40<>\"Serviço\",0,IF(AND(AUTOEVENTO=\"Manual\",$M40=1),0,IF(OFFSET(CRONOPLE!$F$14,$M40,AU$13)=\"\",10^12,OFFSET(CRONOPLE!$F$14,$M40,AU$13))))","v":1000000000000},{"$f":"IF($D40<>\"Serviço\",0,IF(AND(AUTOEVENTO=\"Manual\",$M40=1),0,IF(OFFSET(CRONOPLE!$F$14,$M40,AV$13)=\"\",10^12,OFFSET(CRONOPLE!$F$14,$M40,AV$13))))","v":1000000000000},null,{"$f":"IF($D40<>\"Serviço\",0,IF(OR(AND(AUTOEVENTO=\"Manual\",$M40=1),$M40>(ROW(PLE.lastrow)-ROW(PLE.firstrow))),0,IF(OFFSET(PLE!$G$14,$M40,AX$13)=\"\",10^12,OFFSET(PLE!$G$14,$M40,AX$13))))","v":1000000000000},{"$f":"IF($D40<>\"Serviço\",0,IF(OR(AND(AUTOEVENTO=\"Manual\",$M40=1),$M40>(ROW(PLE.lastrow)-ROW(PLE.firstrow))),0,IF(OFFSET(PLE!$G$14,$M40,AY$13)=\"\",10^12,OFFSET(PLE!$G$14,$M40,AY$13))))","v":1000000000000},{"$f":"IF($D40<>\"Serviço\",0,IF(OR(AND(AUTOEVENTO=\"Manual\",$M40=1),$M40>(ROW(PLE.lastrow)-ROW(PLE.firstrow))),0,IF(OFFSET(PLE!$G$14,$M40,AZ$13)=\"\",10^12,OFFSET(PLE!$G$14,$M40,AZ$13))))","v":1000000000000},{"$f":"IF($D40<>\"Serviço\",0,IF(OR(AND(AUTOEVENTO=\"Manual\",$M40=1),$M40>(ROW(PLE.lastrow)-ROW(PLE.firstrow))),0,IF(OFFSET(PLE!$G$14,$M40,BA$13)=\"\",10^12,OFFSET(PLE!$G$14,$M40,BA$13))))","v":1000000000000},{"$f":"IF($D40<>\"Serviço\",0,IF(OR(AND(AUTOEVENTO=\"Manual\",$M40=1),$M40>(ROW(PLE.lastrow)-ROW(PLE.firstrow))),0,IF(OFFSET(PLE!$G$14,$M40,BB$13)=\"\",10^12,OFFSET(PLE!$G$14,$M40,BB$13))))","v":1000000000000},{"$f":"IF($D40<>\"Serviço\",0,IF(OR(AND(AUTOEVENTO=\"Manual\",$M40=1),$M40>(ROW(PLE.lastrow)-ROW(PLE.firstrow))),0,IF(OFFSET(PLE!$G$14,$M40,BC$13)=\"\",10^12,OFFSET(PLE!$G$14,$M40,BC$13))))","v":1000000000000},{"$f":"IF($D40<>\"Serviço\",0,IF(OR(AND(AUTOEVENTO=\"Manual\",$M40=1),$M40>(ROW(PLE.lastrow)-ROW(PLE.firstrow))),0,IF(OFFSET(PLE!$G$14,$M40,BD$13)=\"\",10^12,OFFSET(PLE!$G$14,$M40,BD$13))))","v":1000000000000},{"$f":"IF($D40<>\"Serviço\",0,IF(OR(AND(AUTOEVENTO=\"Manual\",$M40=1),$M40>(ROW(PLE.lastrow)-ROW(PLE.firstrow))),0,IF(OFFSET(PLE!$G$14,$M40,BE$13)=\"\",10^12,OFFSET(PLE!$G$14,$M40,BE$13))))","v":1000000000000},{"$f":"IF($D40<>\"Serviço\",0,IF(OR(AND(AUTOEVENTO=\"Manual\",$M40=1),$M40>(ROW(PLE.lastrow)-ROW(PLE.firstrow))),0,IF(OFFSET(PLE!$G$14,$M40,BF$13)=\"\",10^12,OFFSET(PLE!$G$14,$M40,BF$13))))","v":1000000000000},{"$f":"IF($D40<>\"Serviço\",0,IF(OR(AND(AUTOEVENTO=\"Manual\",$M40=1),$M40>(ROW(PLE.lastrow)-ROW(PLE.firstrow))),0,IF(OFFSET(PLE!$G$14,$M40,BG$13)=\"\",10^12,OFFSET(PLE!$G$14,$M40,BG$13))))","v":1000000000000}]
["2",{"$f":"OFFSET(ORÇAMENTO!C$15,ROW(B41)-ROW(B$15),0)","v":"S"},{"$f":"OFFSET(ORÇAMENTO!L$15,ROW(C41)-ROW(C$15),0)","v":""},{"$f":"OFFSET(ORÇAMENTO!N$15,ROW(D41)-ROW(D$15),0)","v":"Serviço"},{"$f":"OFFSET(ORÇAMENTO!O$15,ROW(E41)-ROW(E$15),0)","v":"-"},{"$f":"OFFSET(ORÇAMENTO!R$15,ROW(F41)-ROW(F$15),0)","v":"(Sem Código)"},{"$f":"IF($D41<>\"Serviço\",\"\",OFFSET(ORÇAMENTO!S$15,ROW(G41)-ROW(G$15),0))","v":"-"},{"$f":"IF($D41<>\"Serviço\",0,IF(ACOMPANHAMENTO=\"BM\",ROUND(OFFSET(ORÇAMENTO!AJ$15,ROW(H41)-ROW(H$15),0),15-13*ORÇAMENTO!$AF$7),SUMPRODUCT(($Q$12:$AA$12<>\"\")*ROUND($Q41:$AA41,15-13*ORÇAMENTO!$AF$7))))","v":0},null,null,null,".",{"$f":"IF($D41<>\"Serviço\",\"\",IF(AUTOEVENTO=\"manual\",$A41,IF(ISERROR(MATCH($A41,$A$15:OFFSET($A41,-1,0),0)),MAX($M$15:OFFSET(M41,-1,0))+1,INDEX($M$15:OFFSET(M41,-1,0),MATCH($A41,$A$15:OFFSET($A41,-1,0),0)))))","v":2},{"$f":"IF($D41<>\"Serviço\",\"\",IF(AUTOEVENTO=\"Manual\",IF($A41=0,\"<-- defina o número do agrupador\",OFFSET(EVENTOS!$D$14,$A41,0)),OFFSET($F$15,$A41,0)))","v":"SERVIÇOS PRELIMINARES, CANTEIRO DE OBRAS, SEGURANÇA E SAÚDE"},null,null,null,null,null,null,null,null,null,null,null,null,null,{"$f":"IF(AND($D41=\"Serviço\",AB$12<>0,$H41>0,OR(AUTOEVENTO<>\"manual\",$M41<>1)),\nIF(Import.TipoArredondamento<>\"TransfereGOV\",\nROUND(OFFSET($P41,0,AB$13),15-13*ORÇAMENTO!$AF$7)/$H41*OFFSET(ORÇAMENTO!$X$15,ROW(AB41)-ROW(AB$15),0),\nROUND(ROUND(OFFSET($P41,0,AB$13),15-13*ORÇAMENTO!$AF$7)*OFFSET(ORÇAMENTO!$W$15,ROW(AB41)-ROW(AB$15),0),15-13*ORÇAMENTO!$AF$11)),0)","v":0},{"$f":"IF(AND($D41=\"Serviço\",AC$12<>0,$H41>0,OR(AUTOEVENTO<>\"manual\",$M41<>1)),\nIF(Import.TipoArredondamento<>\"TransfereGOV\",\nROUND(OFFSET($P41,0,AC$13),15-13*ORÇAMENTO!$AF$7)/$H41*OFFSET(ORÇAMENTO!$X$15,ROW(AC41)-ROW(AC$15),0),\nROUND(ROUND(OFFSET($P41,0,AC$13),15-13*ORÇAMENTO!$AF$7)*OFFSET(ORÇAMENTO!$W$15,ROW(AC41)-ROW(AC$15),0),15-13*ORÇAMENTO!$AF$11)),0)","v":0},{"$f":"IF(AND($D41=\"Serviço\",AD$12<>0,$H41>0,OR(AUTOEVENTO<>\"manual\",$M41<>1)),\nIF(Import.TipoArredondamento<>\"TransfereGOV\",\nROUND(OFFSET($P41,0,AD$13),15-13*ORÇAMENTO!$AF$7)/$H41*OFFSET(ORÇAMENTO!$X$15,ROW(AD41)-ROW(AD$15),0),\nROUND(ROUND(OFFSET($P41,0,AD$13),15-13*ORÇAMENTO!$AF$7)*OFFSET(ORÇAMENTO!$W$15,ROW(AD41)-ROW(AD$15),0),15-13*ORÇAMENTO!$AF$11)),0)","v":0},{"$f":"IF(AND($D41=\"Serviço\",AE$12<>0,$H41>0,OR(AUTOEVENTO<>\"manual\",$M41<>1)),\nIF(Import.TipoArredondamento<>\"TransfereGOV\",\nROUND(OFFSET($P41,0,AE$13),15-13*ORÇAMENTO!$AF$7)/$H41*OFFSET(ORÇAMENTO!$X$15,ROW(AE41)-ROW(AE$15),0),\nROUND(ROUND(OFFSET($P41,0,AE$13),15-13*ORÇAMENTO!$AF$7)*OFFSET(ORÇAMENTO!$W$15,ROW(AE41)-ROW(AE$15),0),15-13*ORÇAMENTO!$AF$11)),0)","v":0},{"$f":"IF(AND($D41=\"Serviço\",AF$12<>0,$H41>0,OR(AUTOEVENTO<>\"manual\",$M41<>1)),\nIF(Import.TipoArredondamento<>\"TransfereGOV\",\nROUND(OFFSET($P41,0,AF$13),15-13*ORÇAMENTO!$AF$7)/$H41*OFFSET(ORÇAMENTO!$X$15,ROW(AF41)-ROW(AF$15),0),\nROUND(ROUND(OFFSET($P41,0,AF$13),15-13*ORÇAMENTO!$AF$7)*OFFSET(ORÇAMENTO!$W$15,ROW(AF41)-ROW(AF$15),0),15-13*ORÇAMENTO!$AF$11)),0)","v":0},{"$f":"IF(AND($D41=\"Serviço\",AG$12<>0,$H41>0,OR(AUTOEVENTO<>\"manual\",$M41<>1)),\nIF(Import.TipoArredondamento<>\"TransfereGOV\",\nROUND(OFFSET($P41,0,AG$13),15-13*ORÇAMENTO!$AF$7)/$H41*OFFSET(ORÇAMENTO!$X$15,ROW(AG41)-ROW(AG$15),0),\nROUND(ROUND(OFFSET($P41,0,AG$13),15-13*ORÇAMENTO!$AF$7)*OFFSET(ORÇAMENTO!$W$15,ROW(AG41)-ROW(AG$15),0),15-13*ORÇAMENTO!$AF$11)),0)","v":0},{"$f":"IF(AND($D41=\"Serviço\",AH$12<>0,$H41>0,OR(AUTOEVENTO<>\"manual\",$M41<>1)),\nIF(Import.TipoArredondamento<>\"TransfereGOV\",\nROUND(OFFSET($P41,0,AH$13),15-13*ORÇAMENTO!$AF$7)/$H41*OFFSET(ORÇAMENTO!$X$15,ROW(AH41)-ROW(AH$15),0),\nROUND(ROUND(OFFSET($P41,0,AH$13),15-13*ORÇAMENTO!$AF$7)*OFFSET(ORÇAMENTO!$W$15,ROW(AH41)-ROW(AH$15),0),15-13*ORÇAMENTO!$AF$11)),0)","v":0},{"$f":"IF(AND($D41=\"Serviço\",AI$12<>0,$H41>0,OR(AUTOEVENTO<>\"manual\",$M41<>1)),\nIF(Import.TipoArredondamento<>\"TransfereGOV\",\nROUND(OFFSET($P41,0,AI$13),15-13*ORÇAMENTO!$AF$7)/$H41*OFFSET(ORÇAMENTO!$X$15,ROW(AI41)-ROW(AI$15),0),\nROUND(ROUND(OFFSET($P41,0,AI$13),15-13*ORÇAMENTO!$AF$7)*OFFSET(ORÇAMENTO!$W$15,ROW(AI41)-ROW(AI$15),0),15-13*ORÇAMENTO!$AF$11)),0)","v":0},{"$f":"IF(AND($D41=\"Serviço\",AJ$12<>0,$H41>0,OR(AUTOEVENTO<>\"manual\",$M41<>1)),\nIF(Import.TipoArredondamento<>\"TransfereGOV\",\nROUND(OFFSET($P41,0,AJ$13),15-13*ORÇAMENTO!$AF$7)/$H41*OFFSET(ORÇAMENTO!$X$15,ROW(AJ41)-ROW(AJ$15),0),\nROUND(ROUND(OFFSET($P41,0,AJ$13),15-13*ORÇAMENTO!$AF$7)*OFFSET(ORÇAMENTO!$W$15,ROW(AJ41)-ROW(AJ$15),0),15-13*ORÇAMENTO!$AF$11)),0)","v":0},{"$f":"IF(AND($D41=\"Serviço\",AK$12<>0,$H41>0,OR(AUTOEVENTO<>\"manual\",$M41<>1)),\nIF(Import.TipoArredondamento<>\"TransfereGOV\",\nROUND(OFFSET($P41,0,AK$13),15-13*ORÇAMENTO!$AF$7)/$H41*OFFSET(ORÇAMENTO!$X$15,ROW(AK41)-ROW(AK$15),0),\nROUND(ROUND(OFFSET($P41,0,AK$13),15-13*ORÇAMENTO!$AF$7)*OFFSET(ORÇAMENTO!$W$15,ROW(AK41)-ROW(AK$15),0),15-13*ORÇAMENTO!$AF$11)),0)","v":0},null,{"$f":"IF($D41<>\"Serviço\",0,IF(AND(AUTOEVENTO=\"Manual\",$M41=1),0,IF(OFFSET(CRONOPLE!$F$14,$M41,AM$13)=\"\",10^12,OFFSET(CRONOPLE!$F$14,$M41,AM$13))))","v":1000000000000},{"$f":"IF($D41<>\"Serviço\",0,IF(AND(AUTOEVENTO=\"Manual\",$M41=1),0,IF(OFFSET(CRONOPLE!$F$14,$M41,AN$13)=\"\",10^12,OFFSET(CRONOPLE!$F$14,$M41,AN$13))))","v":1000000000000},{"$f":"IF($D41<>\"Serviço\",0,IF(AND(AUTOEVENTO=\"Manual\",$M41=1),0,IF(OFFSET(CRONOPLE!$F$14,$M41,AO$13)=\"\",10^12,OFFSET(CRONOPLE!$F$14,$M41,AO$13))))","v":1000000000000},{"$f":"IF($D41<>\"Serviço\",0,IF(AND(AUTOEVENTO=\"Manual\",$M41=1),0,IF(OFFSET(CRONOPLE!$F$14,$M41,AP$13)=\"\",10^12,OFFSET(CRONOPLE!$F$14,$M41,AP$13))))","v":1000000000000},{"$f":"IF($D41<>\"Serviço\",0,IF(AND(AUTOEVENTO=\"Manual\",$M41=1),0,IF(OFFSET(CRONOPLE!$F$14,$M41,AQ$13)=\"\",10^12,OFFSET(CRONOPLE!$F$14,$M41,AQ$13))))","v":1000000000000},{"$f":"IF($D41<>\"Serviço\",0,IF(AND(AUTOEVENTO=\"Manual\",$M41=1),0,IF(OFFSET(CRONOPLE!$F$14,$M41,AR$13)=\"\",10^12,OFFSET(CRONOPLE!$F$14,$M41,AR$13))))","v":1000000000000},{"$f":"IF($D41<>\"Serviço\",0,IF(AND(AUTOEVENTO=\"Manual\",$M41=1),0,IF(OFFSET(CRONOPLE!$F$14,$M41,AS$13)=\"\",10^12,OFFSET(CRONOPLE!$F$14,$M41,AS$13))))","v":1000000000000},{"$f":"IF($D41<>\"Serviço\",0,IF(AND(AUTOEVENTO=\"Manual\",$M41=1),0,IF(OFFSET(CRONOPLE!$F$14,$M41,AT$13)=\"\",10^12,OFFSET(CRONOPLE!$F$14,$M41,AT$13))))","v":1000000000000},{"$f":"IF($D41<>\"Serviço\",0,IF(AND(AUTOEVENTO=\"Manual\",$M41=1),0,IF(OFFSET(CRONOPLE!$F$14,$M41,AU$13)=\"\",10^12,OFFSET(CRONOPLE!$F$14,$M41,AU$13))))","v":1000000000000},{"$f":"IF($D41<>\"Serviço\",0,IF(AND(AUTOEVENTO=\"Manual\",$M41=1),0,IF(OFFSET(CRONOPLE!$F$14,$M41,AV$13)=\"\",10^12,OFFSET(CRONOPLE!$F$14,$M41,AV$13))))","v":1000000000000},null,{"$f":"IF($D41<>\"Serviço\",0,IF(OR(AND(AUTOEVENTO=\"Manual\",$M41=1),$M41>(ROW(PLE.lastrow)-ROW(PLE.firstrow))),0,IF(OFFSET(PLE!$G$14,$M41,AX$13)=\"\",10^12,OFFSET(PLE!$G$14,$M41,AX$13))))","v":1000000000000},{"$f":"IF($D41<>\"Serviço\",0,IF(OR(AND(AUTOEVENTO=\"Manual\",$M41=1),$M41>(ROW(PLE.lastrow)-ROW(PLE.firstrow))),0,IF(OFFSET(PLE!$G$14,$M41,AY$13)=\"\",10^12,OFFSET(PLE!$G$14,$M41,AY$13))))","v":1000000000000},{"$f":"IF($D41<>\"Serviço\",0,IF(OR(AND(AUTOEVENTO=\"Manual\",$M41=1),$M41>(ROW(PLE.lastrow)-ROW(PLE.firstrow))),0,IF(OFFSET(PLE!$G$14,$M41,AZ$13)=\"\",10^12,OFFSET(PLE!$G$14,$M41,AZ$13))))","v":1000000000000},{"$f":"IF($D41<>\"Serviço\",0,IF(OR(AND(AUTOEVENTO=\"Manual\",$M41=1),$M41>(ROW(PLE.lastrow)-ROW(PLE.firstrow))),0,IF(OFFSET(PLE!$G$14,$M41,BA$13)=\"\",10^12,OFFSET(PLE!$G$14,$M41,BA$13))))","v":1000000000000},{"$f":"IF($D41<>\"Serviço\",0,IF(OR(AND(AUTOEVENTO=\"Manual\",$M41=1),$M41>(ROW(PLE.lastrow)-ROW(PLE.firstrow))),0,IF(OFFSET(PLE!$G$14,$M41,BB$13)=\"\",10^12,OFFSET(PLE!$G$14,$M41,BB$13))))","v":1000000000000},{"$f":"IF($D41<>\"Serviço\",0,IF(OR(AND(AUTOEVENTO=\"Manual\",$M41=1),$M41>(ROW(PLE.lastrow)-ROW(PLE.firstrow))),0,IF(OFFSET(PLE!$G$14,$M41,BC$13)=\"\",10^12,OFFSET(PLE!$G$14,$M41,BC$13))))","v":1000000000000},{"$f":"IF($D41<>\"Serviço\",0,IF(OR(AND(AUTOEVENTO=\"Manual\",$M41=1),$M41>(ROW(PLE.lastrow)-ROW(PLE.firstrow))),0,IF(OFFSET(PLE!$G$14,$M41,BD$13)=\"\",10^12,OFFSET(PLE!$G$14,$M41,BD$13))))","v":1000000000000},{"$f":"IF($D41<>\"Serviço\",0,IF(OR(AND(AUTOEVENTO=\"Manual\",$M41=1),$M41>(ROW(PLE.lastrow)-ROW(PLE.firstrow))),0,IF(OFFSET(PLE!$G$14,$M41,BE$13)=\"\",10^12,OFFSET(PLE!$G$14,$M41,BE$13))))","v":1000000000000},{"$f":"IF($D41<>\"Serviço\",0,IF(OR(AND(AUTOEVENTO=\"Manual\",$M41=1),$M41>(ROW(PLE.lastrow)-ROW(PLE.firstrow))),0,IF(OFFSET(PLE!$G$14,$M41,BF$13)=\"\",10^12,OFFSET(PLE!$G$14,$M41,BF$13))))","v":1000000000000},{"$f":"IF($D41<>\"Serviço\",0,IF(OR(AND(AUTOEVENTO=\"Manual\",$M41=1),$M41>(ROW(PLE.lastrow)-ROW(PLE.firstrow))),0,IF(OFFSET(PLE!$G$14,$M41,BG$13)=\"\",10^12,OFFSET(PLE!$G$14,$M41,BG$13))))","v":1000000000000}]
[{"$f":"IF(AUTOEVENTO=\"Manual\",IF(K42<>\"\",MIN(VALUE(LEFT(K42,FIND(\".\",K42)-1)),COUNTA(EVENTOS.Lista)),0),IF(OR($B42>AUTOEVENTO,$B42=\"S\",$B42=0),SUBSTITUTE(OFFSET($A42,-1,0),IF($D42=\"Serviço\",\".\",\"\"),\"\"),ROW(A42)-ROW($A$15)&\".\"))","v":"2"},{"$f":"OFFSET(ORÇAMENTO!C$15,ROW(B42)-ROW(B$15),0)","v":"S"},{"$f":"OFFSET(ORÇAMENTO!L$15,ROW(C42)-ROW(C$15),0)","v":""},{"$f":"OFFSET(ORÇAMENTO!N$15,ROW(D42)-ROW(D$15),0)","v":"Serviço"},{"$f":"OFFSET(ORÇAMENTO!O$15,ROW(E42)-ROW(E$15),0)","v":"-"},{"$f":"OFFSET(ORÇAMENTO!R$15,ROW(F42)-ROW(F$15),0)","v":"(Sem Código)"},{"$f":"IF($D42<>\"Serviço\",\"\",OFFSET(ORÇAMENTO!S$15,ROW(G42)-ROW(G$15),0))","v":"-"},{"$f":"IF($D42<>\"Serviço\",0,IF(ACOMPANHAMENTO=\"BM\",ROUND(OFFSET(ORÇAMENTO!AJ$15,ROW(H42)-ROW(H$15),0),15-13*ORÇAMENTO!$AF$7),SUMPRODUCT(($Q$12:$AA$12<>\"\")*ROUND($Q42:$AA42,15-13*ORÇAMENTO!$AF$7))))","v":0},null,null,null,".",{"$f":"IF($D42<>\"Serviço\",\"\",IF(AUTOEVENTO=\"manual\",$A42,IF(ISERROR(MATCH($A42,$A$15:OFFSET($A42,-1,0),0)),MAX($M$15:OFFSET(M42,-1,0))+1,INDEX($M$15:OFFSET(M42,-1,0),MATCH($A42,$A$15:OFFSET($A42,-1,0),0)))))","v":2},{"$f":"IF($D42<>\"Serviço\",\"\",IF(AUTOEVENTO=\"Manual\",IF($A42=0,\"<-- defina o número do agrupador\",OFFSET(EVENTOS!$D$14,$A42,0)),OFFSET($F$15,$A42,0)))","v":"SERVIÇOS PRELIMINARES, CANTEIRO DE OBRAS, SEGURANÇA E SAÚDE"},null,null,null,null,null,null,null,null,null,null,null,null,null,{"$f":"IF(AND($D42=\"Serviço\",AB$12<>0,$H42>0,OR(AUTOEVENTO<>\"manual\",$M42<>1)),\nIF(Import.TipoArredondamento<>\"TransfereGOV\",\nROUND(OFFSET($P42,0,AB$13),15-13*ORÇAMENTO!$AF$7)/$H42*OFFSET(ORÇAMENTO!$X$15,ROW(AB42)-ROW(AB$15),0),\nROUND(ROUND(OFFSET($P42,0,AB$13),15-13*ORÇAMENTO!$AF$7)*OFFSET(ORÇAMENTO!$W$15,ROW(AB42)-ROW(AB$15),0),15-13*ORÇAMENTO!$AF$11)),0)","v":0},{"$f":"IF(AND($D42=\"Serviço\",AC$12<>0,$H42>0,OR(AUTOEVENTO<>\"manual\",$M42<>1)),\nIF(Import.TipoArredondamento<>\"TransfereGOV\",\nROUND(OFFSET($P42,0,AC$13),15-13*ORÇAMENTO!$AF$7)/$H42*OFFSET(ORÇAMENTO!$X$15,ROW(AC42)-ROW(AC$15),0),\nROUND(ROUND(OFFSET($P42,0,AC$13),15-13*ORÇAMENTO!$AF$7)*OFFSET(ORÇAMENTO!$W$15,ROW(AC42)-ROW(AC$15),0),15-13*ORÇAMENTO!$AF$11)),0)","v":0},{"$f":"IF(AND($D42=\"Serviço\",AD$12<>0,$H42>0,OR(AUTOEVENTO<>\"manual\",$M42<>1)),\nIF(Import.TipoArredondamento<>\"TransfereGOV\",\nROUND(OFFSET($P42,0,AD$13),15-13*ORÇAMENTO!$AF$7)/$H42*OFFSET(ORÇAMENTO!$X$15,ROW(AD42)-ROW(AD$15),0),\nROUND(ROUND(OFFSET($P42,0,AD$13),15-13*ORÇAMENTO!$AF$7)*OFFSET(ORÇAMENTO!$W$15,ROW(AD42)-ROW(AD$15),0),15-13*ORÇAMENTO!$AF$11)),0)","v":0},{"$f":"IF(AND($D42=\"Serviço\",AE$12<>0,$H42>0,OR(AUTOEVENTO<>\"manual\",$M42<>1)),\nIF(Import.TipoArredondamento<>\"TransfereGOV\",\nROUND(OFFSET($P42,0,AE$13),15-13*ORÇAMENTO!$AF$7)/$H42*OFFSET(ORÇAMENTO!$X$15,ROW(AE42)-ROW(AE$15),0),\nROUND(ROUND(OFFSET($P42,0,AE$13),15-13*ORÇAMENTO!$AF$7)*OFFSET(ORÇAMENTO!$W$15,ROW(AE42)-ROW(AE$15),0),15-13*ORÇAMENTO!$AF$11)),0)","v":0},{"$f":"IF(AND($D42=\"Serviço\",AF$12<>0,$H42>0,OR(AUTOEVENTO<>\"manual\",$M42<>1)),\nIF(Import.TipoArredondamento<>\"TransfereGOV\",\nROUND(OFFSET($P42,0,AF$13),15-13*ORÇAMENTO!$AF$7)/$H42*OFFSET(ORÇAMENTO!$X$15,ROW(AF42)-ROW(AF$15),0),\nROUND(ROUND(OFFSET($P42,0,AF$13),15-13*ORÇAMENTO!$AF$7)*OFFSET(ORÇAMENTO!$W$15,ROW(AF42)-ROW(AF$15),0),15-13*ORÇAMENTO!$AF$11)),0)","v":0},{"$f":"IF(AND($D42=\"Serviço\",AG$12<>0,$H42>0,OR(AUTOEVENTO<>\"manual\",$M42<>1)),\nIF(Import.TipoArredondamento<>\"TransfereGOV\",\nROUND(OFFSET($P42,0,AG$13),15-13*ORÇAMENTO!$AF$7)/$H42*OFFSET(ORÇAMENTO!$X$15,ROW(AG42)-ROW(AG$15),0),\nROUND(ROUND(OFFSET($P42,0,AG$13),15-13*ORÇAMENTO!$AF$7)*OFFSET(ORÇAMENTO!$W$15,ROW(AG42)-ROW(AG$15),0),15-13*ORÇAMENTO!$AF$11)),0)","v":0},{"$f":"IF(AND($D42=\"Serviço\",AH$12<>0,$H42>0,OR(AUTOEVENTO<>\"manual\",$M42<>1)),\nIF(Import.TipoArredondamento<>\"TransfereGOV\",\nROUND(OFFSET($P42,0,AH$13),15-13*ORÇAMENTO!$AF$7)/$H42*OFFSET(ORÇAMENTO!$X$15,ROW(AH42)-ROW(AH$15),0),\nROUND(ROUND(OFFSET($P42,0,AH$13),15-13*ORÇAMENTO!$AF$7)*OFFSET(ORÇAMENTO!$W$15,ROW(AH42)-ROW(AH$15),0),15-13*ORÇAMENTO!$AF$11)),0)","v":0},{"$f":"IF(AND($D42=\"Serviço\",AI$12<>0,$H42>0,OR(AUTOEVENTO<>\"manual\",$M42<>1)),\nIF(Import.TipoArredondamento<>\"TransfereGOV\",\nROUND(OFFSET($P42,0,AI$13),15-13*ORÇAMENTO!$AF$7)/$H42*OFFSET(ORÇAMENTO!$X$15,ROW(AI42)-ROW(AI$15),0),\nROUND(ROUND(OFFSET($P42,0,AI$13),15-13*ORÇAMENTO!$AF$7)*OFFSET(ORÇAMENTO!$W$15,ROW(AI42)-ROW(AI$15),0),15-13*ORÇAMENTO!$AF$11)),0)","v":0},{"$f":"IF(AND($D42=\"Serviço\",AJ$12<>0,$H42>0,OR(AUTOEVENTO<>\"manual\",$M42<>1)),\nIF(Import.TipoArredondamento<>\"TransfereGOV\",\nROUND(OFFSET($P42,0,AJ$13),15-13*ORÇAMENTO!$AF$7)/$H42*OFFSET(ORÇAMENTO!$X$15,ROW(AJ42)-ROW(AJ$15),0),\nROUND(ROUND(OFFSET($P42,0,AJ$13),15-13*ORÇAMENTO!$AF$7)*OFFSET(ORÇAMENTO!$W$15,ROW(AJ42)-ROW(AJ$15),0),15-13*ORÇAMENTO!$AF$11)),0)","v":0},{"$f":"IF(AND($D42=\"Serviço\",AK$12<>0,$H42>0,OR(AUTOEVENTO<>\"manual\",$M42<>1)),\nIF(Import.TipoArredondamento<>\"TransfereGOV\",\nROUND(OFFSET($P42,0,AK$13),15-13*ORÇAMENTO!$AF$7)/$H42*OFFSET(ORÇAMENTO!$X$15,ROW(AK42)-ROW(AK$15),0),\nROUND(ROUND(OFFSET($P42,0,AK$13),15-13*ORÇAMENTO!$AF$7)*OFFSET(ORÇAMENTO!$W$15,ROW(AK42)-ROW(AK$15),0),15-13*ORÇAMENTO!$AF$11)),0)","v":0},null,{"$f":"IF($D42<>\"Serviço\",0,IF(AND(AUTOEVENTO=\"Manual\",$M42=1),0,IF(OFFSET(CRONOPLE!$F$14,$M42,AM$13)=\"\",10^12,OFFSET(CRONOPLE!$F$14,$M42,AM$13))))","v":1000000000000},{"$f":"IF($D42<>\"Serviço\",0,IF(AND(AUTOEVENTO=\"Manual\",$M42=1),0,IF(OFFSET(CRONOPLE!$F$14,$M42,AN$13)=\"\",10^12,OFFSET(CRONOPLE!$F$14,$M42,AN$13))))","v":1000000000000},{"$f":"IF($D42<>\"Serviço\",0,IF(AND(AUTOEVENTO=\"Manual\",$M42=1),0,IF(OFFSET(CRONOPLE!$F$14,$M42,AO$13)=\"\",10^12,OFFSET(CRONOPLE!$F$14,$M42,AO$13))))","v":1000000000000},{"$f":"IF($D42<>\"Serviço\",0,IF(AND(AUTOEVENTO=\"Manual\",$M42=1),0,IF(OFFSET(CRONOPLE!$F$14,$M42,AP$13)=\"\",10^12,OFFSET(CRONOPLE!$F$14,$M42,AP$13))))","v":1000000000000},{"$f":"IF($D42<>\"Serviço\",0,IF(AND(AUTOEVENTO=\"Manual\",$M42=1),0,IF(OFFSET(CRONOPLE!$F$14,$M42,AQ$13)=\"\",10^12,OFFSET(CRONOPLE!$F$14,$M42,AQ$13))))","v":1000000000000},{"$f":"IF($D42<>\"Serviço\",0,IF(AND(AUTOEVENTO=\"Manual\",$M42=1),0,IF(OFFSET(CRONOPLE!$F$14,$M42,AR$13)=\"\",10^12,OFFSET(CRONOPLE!$F$14,$M42,AR$13))))","v":1000000000000},{"$f":"IF($D42<>\"Serviço\",0,IF(AND(AUTOEVENTO=\"Manual\",$M42=1),0,IF(OFFSET(CRONOPLE!$F$14,$M42,AS$13)=\"\",10^12,OFFSET(CRONOPLE!$F$14,$M42,AS$13))))","v":1000000000000},{"$f":"IF($D42<>\"Serviço\",0,IF(AND(AUTOEVENTO=\"Manual\",$M42=1),0,IF(OFFSET(CRONOPLE!$F$14,$M42,AT$13)=\"\",10^12,OFFSET(CRONOPLE!$F$14,$M42,AT$13))))","v":1000000000000},{"$f":"IF($D42<>\"Serviço\",0,IF(AND(AUTOEVENTO=\"Manual\",$M42=1),0,IF(OFFSET(CRONOPLE!$F$14,$M42,AU$13)=\"\",10^12,OFFSET(CRONOPLE!$F$14,$M42,AU$13))))","v":1000000000000},{"$f":"IF($D42<>\"Serviço\",0,IF(AND(AUTOEVENTO=\"Manual\",$M42=1),0,IF(OFFSET(CRONOPLE!$F$14,$M42,AV$13)=\"\",10^12,OFFSET(CRONOPLE!$F$14,$M42,AV$13))))","v":1000000000000},null,{"$f":"IF($D42<>\"Serviço\",0,IF(OR(AND(AUTOEVENTO=\"Manual\",$M42=1),$M42>(ROW(PLE.lastrow)-ROW(PLE.firstrow))),0,IF(OFFSET(PLE!$G$14,$M42,AX$13)=\"\",10^12,OFFSET(PLE!$G$14,$M42,AX$13))))","v":1000000000000},{"$f":"IF($D42<>\"Serviço\",0,IF(OR(AND(AUTOEVENTO=\"Manual\",$M42=1),$M42>(ROW(PLE.lastrow)-ROW(PLE.firstrow))),0,IF(OFFSET(PLE!$G$14,$M42,AY$13)=\"\",10^12,OFFSET(PLE!$G$14,$M42,AY$13))))","v":1000000000000},{"$f":"IF($D42<>\"Serviço\",0,IF(OR(AND(AUTOEVENTO=\"Manual\",$M42=1),$M42>(ROW(PLE.lastrow)-ROW(PLE.firstrow))),0,IF(OFFSET(PLE!$G$14,$M42,AZ$13)=\"\",10^12,OFFSET(PLE!$G$14,$M42,AZ$13))))","v":1000000000000},{"$f":"IF($D42<>\"Serviço\",0,IF(OR(AND(AUTOEVENTO=\"Manual\",$M42=1),$M42>(ROW(PLE.lastrow)-ROW(PLE.firstrow))),0,IF(OFFSET(PLE!$G$14,$M42,BA$13)=\"\",10^12,OFFSET(PLE!$G$14,$M42,BA$13))))","v":1000000000000},{"$f":"IF($D42<>\"Serviço\",0,IF(OR(AND(AUTOEVENTO=\"Manual\",$M42=1),$M42>(ROW(PLE.lastrow)-ROW(PLE.firstrow))),0,IF(OFFSET(PLE!$G$14,$M42,BB$13)=\"\",10^12,OFFSET(PLE!$G$14,$M42,BB$13))))","v":1000000000000},{"$f":"IF($D42<>\"Serviço\",0,IF(OR(AND(AUTOEVENTO=\"Manual\",$M42=1),$M42>(ROW(PLE.lastrow)-ROW(PLE.firstrow))),0,IF(OFFSET(PLE!$G$14,$M42,BC$13)=\"\",10^12,OFFSET(PLE!$G$14,$M42,BC$13))))","v":1000000000000},{"$f":"IF($D42<>\"Serviço\",0,IF(OR(AND(AUTOEVENTO=\"Manual\",$M42=1),$M42>(ROW(PLE.lastrow)-ROW(PLE.firstrow))),0,IF(OFFSET(PLE!$G$14,$M42,BD$13)=\"\",10^12,OFFSET(PLE!$G$14,$M42,BD$13))))","v":1000000000000},{"$f":"IF($D42<>\"Serviço\",0,IF(OR(AND(AUTOEVENTO=\"Manual\",$M42=1),$M42>(ROW(PLE.lastrow)-ROW(PLE.firstrow))),0,IF(OFFSET(PLE!$G$14,$M42,BE$13)=\"\",10^12,OFFSET(PLE!$G$14,$M42,BE$13))))","v":1000000000000},{"$f":"IF($D42<>\"Serviço\",0,IF(OR(AND(AUTOEVENTO=\"Manual\",$M42=1),$M42>(ROW(PLE.lastrow)-ROW(PLE.firstrow))),0,IF(OFFSET(PLE!$G$14,$M42,BF$13)=\"\",10^12,OFFSET(PLE!$G$14,$M42,BF$13))))","v":1000000000000},{"$f":"IF($D42<>\"Serviço\",0,IF(OR(AND(AUTOEVENTO=\"Manual\",$M42=1),$M42>(ROW(PLE.lastrow)-ROW(PLE.firstrow))),0,IF(OFFSET(PLE!$G$14,$M42,BG$13)=\"\",10^12,OFFSET(PLE!$G$14,$M42,BG$13))))","v":1000000000000}]
["2",{"$f":"OFFSET(ORÇAMENTO!C$15,ROW(B43)-ROW(B$15),0)","v":"S"},{"$f":"OFFSET(ORÇAMENTO!L$15,ROW(C43)-ROW(C$15),0)","v":""},{"$f":"OFFSET(ORÇAMENTO!N$15,ROW(D43)-ROW(D$15),0)","v":"Serviço"},{"$f":"OFFSET(ORÇAMENTO!O$15,ROW(E43)-ROW(E$15),0)","v":"-"},{"$f":"OFFSET(ORÇAMENTO!R$15,ROW(F43)-ROW(F$15),0)","v":"(Sem Código)"},{"$f":"IF($D43<>\"Serviço\",\"\",OFFSET(ORÇAMENTO!S$15,ROW(G43)-ROW(G$15),0))","v":"-"},{"$f":"IF($D43<>\"Serviço\",0,IF(ACOMPANHAMENTO=\"BM\",ROUND(OFFSET(ORÇAMENTO!AJ$15,ROW(H43)-ROW(H$15),0),15-13*ORÇAMENTO!$AF$7),SUMPRODUCT(($Q$12:$AA$12<>\"\")*ROUND($Q43:$AA43,15-13*ORÇAMENTO!$AF$7))))","v":0},null,null,null,".",{"$f":"IF($D43<>\"Serviço\",\"\",IF(AUTOEVENTO=\"manual\",$A43,IF(ISERROR(MATCH($A43,$A$15:OFFSET($A43,-1,0),0)),MAX($M$15:OFFSET(M43,-1,0))+1,INDEX($M$15:OFFSET(M43,-1,0),MATCH($A43,$A$15:OFFSET($A43,-1,0),0)))))","v":2},{"$f":"IF($D43<>\"Serviço\",\"\",IF(AUTOEVENTO=\"Manual\",IF($A43=0,\"<-- defina o número do agrupador\",OFFSET(EVENTOS!$D$14,$A43,0)),OFFSET($F$15,$A43,0)))","v":"SERVIÇOS PRELIMINARES, CANTEIRO DE OBRAS, SEGURANÇA E SAÚDE"},null,null,null,null,null,null,null,null,null,null,null,null,null,{"$f":"IF(AND($D43=\"Serviço\",AB$12<>0,$H43>0,OR(AUTOEVENTO<>\"manual\",$M43<>1)),\nIF(Import.TipoArredondamento<>\"TransfereGOV\",\nROUND(OFFSET($P43,0,AB$13),15-13*ORÇAMENTO!$AF$7)/$H43*OFFSET(ORÇAMENTO!$X$15,ROW(AB43)-ROW(AB$15),0),\nROUND(ROUND(OFFSET($P43,0,AB$13),15-13*ORÇAMENTO!$AF$7)*OFFSET(ORÇAMENTO!$W$15,ROW(AB43)-ROW(AB$15),0),15-13*ORÇAMENTO!$AF$11)),0)","v":0},{"$f":"IF(AND($D43=\"Serviço\",AC$12<>0,$H43>0,OR(AUTOEVENTO<>\"manual\",$M43<>1)),\nIF(Import.TipoArredondamento<>\"TransfereGOV\",\nROUND(OFFSET($P43,0,AC$13),15-13*ORÇAMENTO!$AF$7)/$H43*OFFSET(ORÇAMENTO!$X$15,ROW(AC43)-ROW(AC$15),0),\nROUND(ROUND(OFFSET($P43,0,AC$13),15-13*ORÇAMENTO!$AF$7)*OFFSET(ORÇAMENTO!$W$15,ROW(AC43)-ROW(AC$15),0),15-13*ORÇAMENTO!$AF$11)),0)","v":0},{"$f":"IF(AND($D43=\"Serviço\",AD$12<>0,$H43>0,OR(AUTOEVENTO<>\"manual\",$M43<>1)),\nIF(Import.TipoArredondamento<>\"TransfereGOV\",\nROUND(OFFSET($P43,0,AD$13),15-13*ORÇAMENTO!$AF$7)/$H43*OFFSET(ORÇAMENTO!$X$15,ROW(AD43)-ROW(AD$15),0),\nROUND(ROUND(OFFSET($P43,0,AD$13),15-13*ORÇAMENTO!$AF$7)*OFFSET(ORÇAMENTO!$W$15,ROW(AD43)-ROW(AD$15),0),15-13*ORÇAMENTO!$AF$11)),0)","v":0},{"$f":"IF(AND($D43=\"Serviço\",AE$12<>0,$H43>0,OR(AUTOEVENTO<>\"manual\",$M43<>1)),\nIF(Import.TipoArredondamento<>\"TransfereGOV\",\nROUND(OFFSET($P43,0,AE$13),15-13*ORÇAMENTO!$AF$7)/$H43*OFFSET(ORÇAMENTO!$X$15,ROW(AE43)-ROW(AE$15),0),\nROUND(ROUND(OFFSET($P43,0,AE$13),15-13*ORÇAMENTO!$AF$7)*OFFSET(ORÇAMENTO!$W$15,ROW(AE43)-ROW(AE$15),0),15-13*ORÇAMENTO!$AF$11)),0)","v":0},{"$f":"IF(AND($D43=\"Serviço\",AF$12<>0,$H43>0,OR(AUTOEVENTO<>\"manual\",$M43<>1)),\nIF(Import.TipoArredondamento<>\"TransfereGOV\",\nROUND(OFFSET($P43,0,AF$13),15-13*ORÇAMENTO!$AF$7)/$H43*OFFSET(ORÇAMENTO!$X$15,ROW(AF43)-ROW(AF$15),0),\nROUND(ROUND(OFFSET($P43,0,AF$13),15-13*ORÇAMENTO!$AF$7)*OFFSET(ORÇAMENTO!$W$15,ROW(AF43)-ROW(AF$15),0),15-13*ORÇAMENTO!$AF$11)),0)","v":0},{"$f":"IF(AND($D43=\"Serviço\",AG$12<>0,$H43>0,OR(AUTOEVENTO<>\"manual\",$M43<>1)),\nIF(Import.TipoArredondamento<>\"TransfereGOV\",\nROUND(OFFSET($P43,0,AG$13),15-13*ORÇAMENTO!$AF$7)/$H43*OFFSET(ORÇAMENTO!$X$15,ROW(AG43)-ROW(AG$15),0),\nROUND(ROUND(OFFSET($P43,0,AG$13),15-13*ORÇAMENTO!$AF$7)*OFFSET(ORÇAMENTO!$W$15,ROW(AG43)-ROW(AG$15),0),15-13*ORÇAMENTO!$AF$11)),0)","v":0},{"$f":"IF(AND($D43=\"Serviço\",AH$12<>0,$H43>0,OR(AUTOEVENTO<>\"manual\",$M43<>1)),\nIF(Import.TipoArredondamento<>\"TransfereGOV\",\nROUND(OFFSET($P43,0,AH$13),15-13*ORÇAMENTO!$AF$7)/$H43*OFFSET(ORÇAMENTO!$X$15,ROW(AH43)-ROW(AH$15),0),\nROUND(ROUND(OFFSET($P43,0,AH$13),15-13*ORÇAMENTO!$AF$7)*OFFSET(ORÇAMENTO!$W$15,ROW(AH43)-ROW(AH$15),0),15-13*ORÇAMENTO!$AF$11)),0)","v":0},{"$f":"IF(AND($D43=\"Serviço\",AI$12<>0,$H43>0,OR(AUTOEVENTO<>\"manual\",$M43<>1)),\nIF(Import.TipoArredondamento<>\"TransfereGOV\",\nROUND(OFFSET($P43,0,AI$13),15-13*ORÇAMENTO!$AF$7)/$H43*OFFSET(ORÇAMENTO!$X$15,ROW(AI43)-ROW(AI$15),0),\nROUND(ROUND(OFFSET($P43,0,AI$13),15-13*ORÇAMENTO!$AF$7)*OFFSET(ORÇAMENTO!$W$15,ROW(AI43)-ROW(AI$15),0),15-13*ORÇAMENTO!$AF$11)),0)","v":0},{"$f":"IF(AND($D43=\"Serviço\",AJ$12<>0,$H43>0,OR(AUTOEVENTO<>\"manual\",$M43<>1)),\nIF(Import.TipoArredondamento<>\"TransfereGOV\",\nROUND(OFFSET($P43,0,AJ$13),15-13*ORÇAMENTO!$AF$7)/$H43*OFFSET(ORÇAMENTO!$X$15,ROW(AJ43)-ROW(AJ$15),0),\nROUND(ROUND(OFFSET($P43,0,AJ$13),15-13*ORÇAMENTO!$AF$7)*OFFSET(ORÇAMENTO!$W$15,ROW(AJ43)-ROW(AJ$15),0),15-13*ORÇAMENTO!$AF$11)),0)","v":0},{"$f":"IF(AND($D43=\"Serviço\",AK$12<>0,$H43>0,OR(AUTOEVENTO<>\"manual\",$M43<>1)),\nIF(Import.TipoArredondamento<>\"TransfereGOV\",\nROUND(OFFSET($P43,0,AK$13),15-13*ORÇAMENTO!$AF$7)/$H43*OFFSET(ORÇAMENTO!$X$15,ROW(AK43)-ROW(AK$15),0),\nROUND(ROUND(OFFSET($P43,0,AK$13),15-13*ORÇAMENTO!$AF$7)*OFFSET(ORÇAMENTO!$W$15,ROW(AK43)-ROW(AK$15),0),15-13*ORÇAMENTO!$AF$11)),0)","v":0},null,{"$f":"IF($D43<>\"Serviço\",0,IF(AND(AUTOEVENTO=\"Manual\",$M43=1),0,IF(OFFSET(CRONOPLE!$F$14,$M43,AM$13)=\"\",10^12,OFFSET(CRONOPLE!$F$14,$M43,AM$13))))","v":1000000000000},{"$f":"IF($D43<>\"Serviço\",0,IF(AND(AUTOEVENTO=\"Manual\",$M43=1),0,IF(OFFSET(CRONOPLE!$F$14,$M43,AN$13)=\"\",10^12,OFFSET(CRONOPLE!$F$14,$M43,AN$13))))","v":1000000000000},{"$f":"IF($D43<>\"Serviço\",0,IF(AND(AUTOEVENTO=\"Manual\",$M43=1),0,IF(OFFSET(CRONOPLE!$F$14,$M43,AO$13)=\"\",10^12,OFFSET(CRONOPLE!$F$14,$M43,AO$13))))","v":1000000000000},{"$f":"IF($D43<>\"Serviço\",0,IF(AND(AUTOEVENTO=\"Manual\",$M43=1),0,IF(OFFSET(CRONOPLE!$F$14,$M43,AP$13)=\"\",10^12,OFFSET(CRONOPLE!$F$14,$M43,AP$13))))","v":1000000000000},{"$f":"IF($D43<>\"Serviço\",0,IF(AND(AUTOEVENTO=\"Manual\",$M43=1),0,IF(OFFSET(CRONOPLE!$F$14,$M43,AQ$13)=\"\",10^12,OFFSET(CRONOPLE!$F$14,$M43,AQ$13))))","v":1000000000000},{"$f":"IF($D43<>\"Serviço\",0,IF(AND(AUTOEVENTO=\"Manual\",$M43=1),0,IF(OFFSET(CRONOPLE!$F$14,$M43,AR$13)=\"\",10^12,OFFSET(CRONOPLE!$F$14,$M43,AR$13))))","v":1000000000000},{"$f":"IF($D43<>\"Serviço\",0,IF(AND(AUTOEVENTO=\"Manual\",$M43=1),0,IF(OFFSET(CRONOPLE!$F$14,$M43,AS$13)=\"\",10^12,OFFSET(CRONOPLE!$F$14,$M43,AS$13))))","v":1000000000000},{"$f":"IF($D43<>\"Serviço\",0,IF(AND(AUTOEVENTO=\"Manual\",$M43=1),0,IF(OFFSET(CRONOPLE!$F$14,$M43,AT$13)=\"\",10^12,OFFSET(CRONOPLE!$F$14,$M43,AT$13))))","v":1000000000000},{"$f":"IF($D43<>\"Serviço\",0,IF(AND(AUTOEVENTO=\"Manual\",$M43=1),0,IF(OFFSET(CRONOPLE!$F$14,$M43,AU$13)=\"\",10^12,OFFSET(CRONOPLE!$F$14,$M43,AU$13))))","v":1000000000000},{"$f":"IF($D43<>\"Serviço\",0,IF(AND(AUTOEVENTO=\"Manual\",$M43=1),0,IF(OFFSET(CRONOPLE!$F$14,$M43,AV$13)=\"\",10^12,OFFSET(CRONOPLE!$F$14,$M43,AV$13))))","v":1000000000000},null,{"$f":"IF($D43<>\"Serviço\",0,IF(OR(AND(AUTOEVENTO=\"Manual\",$M43=1),$M43>(ROW(PLE.lastrow)-ROW(PLE.firstrow))),0,IF(OFFSET(PLE!$G$14,$M43,AX$13)=\"\",10^12,OFFSET(PLE!$G$14,$M43,AX$13))))","v":1000000000000},{"$f":"IF($D43<>\"Serviço\",0,IF(OR(AND(AUTOEVENTO=\"Manual\",$M43=1),$M43>(ROW(PLE.lastrow)-ROW(PLE.firstrow))),0,IF(OFFSET(PLE!$G$14,$M43,AY$13)=\"\",10^12,OFFSET(PLE!$G$14,$M43,AY$13))))","v":1000000000000},{"$f":"IF($D43<>\"Serviço\",0,IF(OR(AND(AUTOEVENTO=\"Manual\",$M43=1),$M43>(ROW(PLE.lastrow)-ROW(PLE.firstrow))),0,IF(OFFSET(PLE!$G$14,$M43,AZ$13)=\"\",10^12,OFFSET(PLE!$G$14,$M43,AZ$13))))","v":1000000000000},{"$f":"IF($D43<>\"Serviço\",0,IF(OR(AND(AUTOEVENTO=\"Manual\",$M43=1),$M43>(ROW(PLE.lastrow)-ROW(PLE.firstrow))),0,IF(OFFSET(PLE!$G$14,$M43,BA$13)=\"\",10^12,OFFSET(PLE!$G$14,$M43,BA$13))))","v":1000000000000},{"$f":"IF($D43<>\"Serviço\",0,IF(OR(AND(AUTOEVENTO=\"Manual\",$M43=1),$M43>(ROW(PLE.lastrow)-ROW(PLE.firstrow))),0,IF(OFFSET(PLE!$G$14,$M43,BB$13)=\"\",10^12,OFFSET(PLE!$G$14,$M43,BB$13))))","v":1000000000000},{"$f":"IF($D43<>\"Serviço\",0,IF(OR(AND(AUTOEVENTO=\"Manual\",$M43=1),$M43>(ROW(PLE.lastrow)-ROW(PLE.firstrow))),0,IF(OFFSET(PLE!$G$14,$M43,BC$13)=\"\",10^12,OFFSET(PLE!$G$14,$M43,BC$13))))","v":1000000000000},{"$f":"IF($D43<>\"Serviço\",0,IF(OR(AND(AUTOEVENTO=\"Manual\",$M43=1),$M43>(ROW(PLE.lastrow)-ROW(PLE.firstrow))),0,IF(OFFSET(PLE!$G$14,$M43,BD$13)=\"\",10^12,OFFSET(PLE!$G$14,$M43,BD$13))))","v":1000000000000},{"$f":"IF($D43<>\"Serviço\",0,IF(OR(AND(AUTOEVENTO=\"Manual\",$M43=1),$M43>(ROW(PLE.lastrow)-ROW(PLE.firstrow))),0,IF(OFFSET(PLE!$G$14,$M43,BE$13)=\"\",10^12,OFFSET(PLE!$G$14,$M43,BE$13))))","v":1000000000000},{"$f":"IF($D43<>\"Serviço\",0,IF(OR(AND(AUTOEVENTO=\"Manual\",$M43=1),$M43>(ROW(PLE.lastrow)-ROW(PLE.firstrow))),0,IF(OFFSET(PLE!$G$14,$M43,BF$13)=\"\",10^12,OFFSET(PLE!$G$14,$M43,BF$13))))","v":1000000000000},{"$f":"IF($D43<>\"Serviço\",0,IF(OR(AND(AUTOEVENTO=\"Manual\",$M43=1),$M43>(ROW(PLE.lastrow)-ROW(PLE.firstrow))),0,IF(OFFSET(PLE!$G$14,$M43,BG$13)=\"\",10^12,OFFSET(PLE!$G$14,$M43,BG$13))))","v":1000000000000}]
["2",{"$f":"OFFSET(ORÇAMENTO!C$15,ROW(B44)-ROW(B$15),0)","v":3},{"$f":"OFFSET(ORÇAMENTO!L$15,ROW(C44)-ROW(C$15),0)","v":"F"},{"$f":"OFFSET(ORÇAMENTO!N$15,ROW(D44)-ROW(D$15),0)","v":"Nível 3"},{"$f":"OFFSET(ORÇAMENTO!O$15,ROW(E44)-ROW(E$15),0)","v":"1.1.4."},{"$f":"OFFSET(ORÇAMENTO!R$15,ROW(F44)-ROW(F$15),0)","v":"EQUIPAMENTOS DE PROTEÇÃO COLETIVA (EPC)"},{"$f":"IF($D44<>\"Serviço\",\"\",OFFSET(ORÇAMENTO!S$15,ROW(G44)-ROW(G$15),0))","v":""},{"$f":"IF($D44<>\"Serviço\",0,IF(ACOMPANHAMENTO=\"BM\",ROUND(OFFSET(ORÇAMENTO!AJ$15,ROW(H44)-ROW(H$15),0),15-13*ORÇAMENTO!$AF$7),SUMPRODUCT(($Q$12:$AA$12<>\"\")*ROUND($Q44:$AA44,15-13*ORÇAMENTO!$AF$7))))","v":0},null,null,null,".",{"$f":"IF($D44<>\"Serviço\",\"\",IF(AUTOEVENTO=\"manual\",$A44,IF(ISERROR(MATCH($A44,$A$15:OFFSET($A44,-1,0),0)),MAX($M$15:OFFSET(M44,-1,0))+1,INDEX($M$15:OFFSET(M44,-1,0),MATCH($A44,$A$15:OFFSET($A44,-1,0),0)))))","v":""},{"$f":"IF($D44<>\"Serviço\",\"\",IF(AUTOEVENTO=\"Manual\",IF($A44=0,\"<-- defina o número do agrupador\",OFFSET(EVENTOS!$D$14,$A44,0)),OFFSET($F$15,$A44,0)))","v":""},null,null,null,null,null,null,null,null,null,null,null,null,null,{"$f":"IF(AND($D44=\"Serviço\",AB$12<>0,$H44>0,OR(AUTOEVENTO<>\"manual\",$M44<>1)),\nIF(Import.TipoArredondamento<>\"TransfereGOV\",\nROUND(OFFSET($P44,0,AB$13),15-13*ORÇAMENTO!$AF$7)/$H44*OFFSET(ORÇAMENTO!$X$15,ROW(AB44)-ROW(AB$15),0),\nROUND(ROUND(OFFSET($P44,0,AB$13),15-13*ORÇAMENTO!$AF$7)*OFFSET(ORÇAMENTO!$W$15,ROW(AB44)-ROW(AB$15),0),15-13*ORÇAMENTO!$AF$11)),0)","v":0},{"$f":"IF(AND($D44=\"Serviço\",AC$12<>0,$H44>0,OR(AUTOEVENTO<>\"manual\",$M44<>1)),\nIF(Import.TipoArredondamento<>\"TransfereGOV\",\nROUND(OFFSET($P44,0,AC$13),15-13*ORÇAMENTO!$AF$7)/$H44*OFFSET(ORÇAMENTO!$X$15,ROW(AC44)-ROW(AC$15),0),\nROUND(ROUND(OFFSET($P44,0,AC$13),15-13*ORÇAMENTO!$AF$7)*OFFSET(ORÇAMENTO!$W$15,ROW(AC44)-ROW(AC$15),0),15-13*ORÇAMENTO!$AF$11)),0)","v":0},{"$f":"IF(AND($D44=\"Serviço\",AD$12<>0,$H44>0,OR(AUTOEVENTO<>\"manual\",$M44<>1)),\nIF(Import.TipoArredondamento<>\"TransfereGOV\",\nROUND(OFFSET($P44,0,AD$13),15-13*ORÇAMENTO!$AF$7)/$H44*OFFSET(ORÇAMENTO!$X$15,ROW(AD44)-ROW(AD$15),0),\nROUND(ROUND(OFFSET($P44,0,AD$13),15-13*ORÇAMENTO!$AF$7)*OFFSET(ORÇAMENTO!$W$15,ROW(AD44)-ROW(AD$15),0),15-13*ORÇAMENTO!$AF$11)),0)","v":0},{"$f":"IF(AND($D44=\"Serviço\",AE$12<>0,$H44>0,OR(AUTOEVENTO<>\"manual\",$M44<>1)),\nIF(Import.TipoArredondamento<>\"TransfereGOV\",\nROUND(OFFSET($P44,0,AE$13),15-13*ORÇAMENTO!$AF$7)/$H44*OFFSET(ORÇAMENTO!$X$15,ROW(AE44)-ROW(AE$15),0),\nROUND(ROUND(OFFSET($P44,0,AE$13),15-13*ORÇAMENTO!$AF$7)*OFFSET(ORÇAMENTO!$W$15,ROW(AE44)-ROW(AE$15),0),15-13*ORÇAMENTO!$AF$11)),0)","v":0},{"$f":"IF(AND($D44=\"Serviço\",AF$12<>0,$H44>0,OR(AUTOEVENTO<>\"manual\",$M44<>1)),\nIF(Import.TipoArredondamento<>\"TransfereGOV\",\nROUND(OFFSET($P44,0,AF$13),15-13*ORÇAMENTO!$AF$7)/$H44*OFFSET(ORÇAMENTO!$X$15,ROW(AF44)-ROW(AF$15),0),\nROUND(ROUND(OFFSET($P44,0,AF$13),15-13*ORÇAMENTO!$AF$7)*OFFSET(ORÇAMENTO!$W$15,ROW(AF44)-ROW(AF$15),0),15-13*ORÇAMENTO!$AF$11)),0)","v":0},{"$f":"IF(AND($D44=\"Serviço\",AG$12<>0,$H44>0,OR(AUTOEVENTO<>\"manual\",$M44<>1)),\nIF(Import.TipoArredondamento<>\"TransfereGOV\",\nROUND(OFFSET($P44,0,AG$13),15-13*ORÇAMENTO!$AF$7)/$H44*OFFSET(ORÇAMENTO!$X$15,ROW(AG44)-ROW(AG$15),0),\nROUND(ROUND(OFFSET($P44,0,AG$13),15-13*ORÇAMENTO!$AF$7)*OFFSET(ORÇAMENTO!$W$15,ROW(AG44)-ROW(AG$15),0),15-13*ORÇAMENTO!$AF$11)),0)","v":0},{"$f":"IF(AND($D44=\"Serviço\",AH$12<>0,$H44>0,OR(AUTOEVENTO<>\"manual\",$M44<>1)),\nIF(Import.TipoArredondamento<>\"TransfereGOV\",\nROUND(OFFSET($P44,0,AH$13),15-13*ORÇAMENTO!$AF$7)/$H44*OFFSET(ORÇAMENTO!$X$15,ROW(AH44)-ROW(AH$15),0),\nROUND(ROUND(OFFSET($P44,0,AH$13),15-13*ORÇAMENTO!$AF$7)*OFFSET(ORÇAMENTO!$W$15,ROW(AH44)-ROW(AH$15),0),15-13*ORÇAMENTO!$AF$11)),0)","v":0},{"$f":"IF(AND($D44=\"Serviço\",AI$12<>0,$H44>0,OR(AUTOEVENTO<>\"manual\",$M44<>1)),\nIF(Import.TipoArredondamento<>\"TransfereGOV\",\nROUND(OFFSET($P44,0,AI$13),15-13*ORÇAMENTO!$AF$7)/$H44*OFFSET(ORÇAMENTO!$X$15,ROW(AI44)-ROW(AI$15),0),\nROUND(ROUND(OFFSET($P44,0,AI$13),15-13*ORÇAMENTO!$AF$7)*OFFSET(ORÇAMENTO!$W$15,ROW(AI44)-ROW(AI$15),0),15-13*ORÇAMENTO!$AF$11)),0)","v":0},{"$f":"IF(AND($D44=\"Serviço\",AJ$12<>0,$H44>0,OR(AUTOEVENTO<>\"manual\",$M44<>1)),\nIF(Import.TipoArredondamento<>\"TransfereGOV\",\nROUND(OFFSET($P44,0,AJ$13),15-13*ORÇAMENTO!$AF$7)/$H44*OFFSET(ORÇAMENTO!$X$15,ROW(AJ44)-ROW(AJ$15),0),\nROUND(ROUND(OFFSET($P44,0,AJ$13),15-13*ORÇAMENTO!$AF$7)*OFFSET(ORÇAMENTO!$W$15,ROW(AJ44)-ROW(AJ$15),0),15-13*ORÇAMENTO!$AF$11)),0)","v":0},{"$f":"IF(AND($D44=\"Serviço\",AK$12<>0,$H44>0,OR(AUTOEVENTO<>\"manual\",$M44<>1)),\nIF(Import.TipoArredondamento<>\"TransfereGOV\",\nROUND(OFFSET($P44,0,AK$13),15-13*ORÇAMENTO!$AF$7)/$H44*OFFSET(ORÇAMENTO!$X$15,ROW(AK44)-ROW(AK$15),0),\nROUND(ROUND(OFFSET($P44,0,AK$13),15-13*ORÇAMENTO!$AF$7)*OFFSET(ORÇAMENTO!$W$15,ROW(AK44)-ROW(AK$15),0),15-13*ORÇAMENTO!$AF$11)),0)","v":0},null,{"$f":"IF($D44<>\"Serviço\",0,IF(AND(AUTOEVENTO=\"Manual\",$M44=1),0,IF(OFFSET(CRONOPLE!$F$14,$M44,AM$13)=\"\",10^12,OFFSET(CRONOPLE!$F$14,$M44,AM$13))))","v":0},{"$f":"IF($D44<>\"Serviço\",0,IF(AND(AUTOEVENTO=\"Manual\",$M44=1),0,IF(OFFSET(CRONOPLE!$F$14,$M44,AN$13)=\"\",10^12,OFFSET(CRONOPLE!$F$14,$M44,AN$13))))","v":0},{"$f":"IF($D44<>\"Serviço\",0,IF(AND(AUTOEVENTO=\"Manual\",$M44=1),0,IF(OFFSET(CRONOPLE!$F$14,$M44,AO$13)=\"\",10^12,OFFSET(CRONOPLE!$F$14,$M44,AO$13))))","v":0},{"$f":"IF($D44<>\"Serviço\",0,IF(AND(AUTOEVENTO=\"Manual\",$M44=1),0,IF(OFFSET(CRONOPLE!$F$14,$M44,AP$13)=\"\",10^12,OFFSET(CRONOPLE!$F$14,$M44,AP$13))))","v":0},{"$f":"IF($D44<>\"Serviço\",0,IF(AND(AUTOEVENTO=\"Manual\",$M44=1),0,IF(OFFSET(CRONOPLE!$F$14,$M44,AQ$13)=\"\",10^12,OFFSET(CRONOPLE!$F$14,$M44,AQ$13))))","v":0},{"$f":"IF($D44<>\"Serviço\",0,IF(AND(AUTOEVENTO=\"Manual\",$M44=1),0,IF(OFFSET(CRONOPLE!$F$14,$M44,AR$13)=\"\",10^12,OFFSET(CRONOPLE!$F$14,$M44,AR$13))))","v":0},{"$f":"IF($D44<>\"Serviço\",0,IF(AND(AUTOEVENTO=\"Manual\",$M44=1),0,IF(OFFSET(CRONOPLE!$F$14,$M44,AS$13)=\"\",10^12,OFFSET(CRONOPLE!$F$14,$M44,AS$13))))","v":0},{"$f":"IF($D44<>\"Serviço\",0,IF(AND(AUTOEVENTO=\"Manual\",$M44=1),0,IF(OFFSET(CRONOPLE!$F$14,$M44,AT$13)=\"\",10^12,OFFSET(CRONOPLE!$F$14,$M44,AT$13))))","v":0},{"$f":"IF($D44<>\"Serviço\",0,IF(AND(AUTOEVENTO=\"Manual\",$M44=1),0,IF(OFFSET(CRONOPLE!$F$14,$M44,AU$13)=\"\",10^12,OFFSET(CRONOPLE!$F$14,$M44,AU$13))))","v":0},{"$f":"IF($D44<>\"Serviço\",0,IF(AND(AUTOEVENTO=\"Manual\",$M44=1),0,IF(OFFSET(CRONOPLE!$F$14,$M44,AV$13)=\"\",10^12,OFFSET(CRONOPLE!$F$14,$M44,AV$13))))","v":0},null,{"$f":"IF($D44<>\"Serviço\",0,IF(OR(AND(AUTOEVENTO=\"Manual\",$M44=1),$M44>(ROW(PLE.lastrow)-ROW(PLE.firstrow))),0,IF(OFFSET(PLE!$G$14,$M44,AX$13)=\"\",10^12,OFFSET(PLE!$G$14,$M44,AX$13))))","v":0},{"$f":"IF($D44<>\"Serviço\",0,IF(OR(AND(AUTOEVENTO=\"Manual\",$M44=1),$M44>(ROW(PLE.lastrow)-ROW(PLE.firstrow))),0,IF(OFFSET(PLE!$G$14,$M44,AY$13)=\"\",10^12,OFFSET(PLE!$G$14,$M44,AY$13))))","v":0},{"$f":"IF($D44<>\"Serviço\",0,IF(OR(AND(AUTOEVENTO=\"Manual\",$M44=1),$M44>(ROW(PLE.lastrow)-ROW(PLE.firstrow))),0,IF(OFFSET(PLE!$G$14,$M44,AZ$13)=\"\",10^12,OFFSET(PLE!$G$14,$M44,AZ$13))))","v":0},{"$f":"IF($D44<>\"Serviço\",0,IF(OR(AND(AUTOEVENTO=\"Manual\",$M44=1),$M44>(ROW(PLE.lastrow)-ROW(PLE.firstrow))),0,IF(OFFSET(PLE!$G$14,$M44,BA$13)=\"\",10^12,OFFSET(PLE!$G$14,$M44,BA$13))))","v":0},{"$f":"IF($D44<>\"Serviço\",0,IF(OR(AND(AUTOEVENTO=\"Manual\",$M44=1),$M44>(ROW(PLE.lastrow)-ROW(PLE.firstrow))),0,IF(OFFSET(PLE!$G$14,$M44,BB$13)=\"\",10^12,OFFSET(PLE!$G$14,$M44,BB$13))))","v":0},{"$f":"IF($D44<>\"Serviço\",0,IF(OR(AND(AUTOEVENTO=\"Manual\",$M44=1),$M44>(ROW(PLE.lastrow)-ROW(PLE.firstrow))),0,IF(OFFSET(PLE!$G$14,$M44,BC$13)=\"\",10^12,OFFSET(PLE!$G$14,$M44,BC$13))))","v":0},{"$f":"IF($D44<>\"Serviço\",0,IF(OR(AND(AUTOEVENTO=\"Manual\",$M44=1),$M44>(ROW(PLE.lastrow)-ROW(PLE.firstrow))),0,IF(OFFSET(PLE!$G$14,$M44,BD$13)=\"\",10^12,OFFSET(PLE!$G$14,$M44,BD$13))))","v":0},{"$f":"IF($D44<>\"Serviço\",0,IF(OR(AND(AUTOEVENTO=\"Manual\",$M44=1),$M44>(ROW(PLE.lastrow)-ROW(PLE.firstrow))),0,IF(OFFSET(PLE!$G$14,$M44,BE$13)=\"\",10^12,OFFSET(PLE!$G$14,$M44,BE$13))))","v":0},{"$f":"IF($D44<>\"Serviço\",0,IF(OR(AND(AUTOEVENTO=\"Manual\",$M44=1),$M44>(ROW(PLE.lastrow)-ROW(PLE.firstrow))),0,IF(OFFSET(PLE!$G$14,$M44,BF$13)=\"\",10^12,OFFSET(PLE!$G$14,$M44,BF$13))))","v":0},{"$f":"IF($D44<>\"Serviço\",0,IF(OR(AND(AUTOEVENTO=\"Manual\",$M44=1),$M44>(ROW(PLE.lastrow)-ROW(PLE.firstrow))),0,IF(OFFSET(PLE!$G$14,$M44,BG$13)=\"\",10^12,OFFSET(PLE!$G$14,$M44,BG$13))))","v":0}]
["2",{"$f":"OFFSET(ORÇAMENTO!C$15,ROW(B45)-ROW(B$15),0)","v":"S"},{"$f":"OFFSET(ORÇAMENTO!L$15,ROW(C45)-ROW(C$15),0)","v":"F"},{"$f":"OFFSET(ORÇAMENTO!N$15,ROW(D45)-ROW(D$15),0)","v":"Serviço"},{"$f":"OFFSET(ORÇAMENTO!O$15,ROW(E45)-ROW(E$15),0)","v":"1.1.4.1."},{"$f":"OFFSET(ORÇAMENTO!R$15,ROW(F45)-ROW(F$15),0)","v":"LOCACAO DE ANDAIME METALICO TUBULAR DE ENCAIXE, TIPO DE TORRE, CADA PAINEL COM LARGURA DE 1 ATE 1,5 M E ALTURA DE *1,00* M, INCLUINDO DIAGONAL, BARRAS DE LIGACAO, SAPATAS OU RODIZIOS E DEMAIS ITENS NECESSARIOS A MONTAGEM (NAO INCLUI INSTALACAO)                                                                                                                                                                                                                                                      "},{"$f":"IF($D45<>\"Serviço\",\"\",OFFSET(ORÇAMENTO!S$15,ROW(G45)-ROW(G$15),0))","v":"MXMES "},{"$f":"IF($D45<>\"Serviço\",0,IF(ACOMPANHAMENTO=\"BM\",ROUND(OFFSET(ORÇAMENTO!AJ$15,ROW(H45)-ROW(H$15),0),15-13*ORÇAMENTO!$AF$7),SUMPRODUCT(($Q$12:$AA$12<>\"\")*ROUND($Q45:$AA45,15-13*ORÇAMENTO!$AF$7))))","v":36},null,null,null,".",{"$f":"IF($D45<>\"Serviço\",\"\",IF(AUTOEVENTO=\"manual\",$A45,IF(ISERROR(MATCH($A45,$A$15:OFFSET($A45,-1,0),0)),MAX($M$15:OFFSET(M45,-1,0))+1,INDEX($M$15:OFFSET(M45,-1,0),MATCH($A45,$A$15:OFFSET($A45,-1,0),0)))))","v":2},{"$f":"IF($D45<>\"Serviço\",\"\",IF(AUTOEVENTO=\"Manual\",IF($A45=0,\"<-- defina o número do agrupador\",OFFSET(EVENTOS!$D$14,$A45,0)),OFFSET($F$15,$A45,0)))","v":"SERVIÇOS PRELIMINARES, CANTEIRO DE OBRAS, SEGURANÇA E SAÚDE"},null,null,null,null,null,null,null,null,null,null,null,null,null,{"$f":"IF(AND($D45=\"Serviço\",AB$12<>0,$H45>0,OR(AUTOEVENTO<>\"manual\",$M45<>1)),\nIF(Import.TipoArredondamento<>\"TransfereGOV\",\nROUND(OFFSET($P45,0,AB$13),15-13*ORÇAMENTO!$AF$7)/$H45*OFFSET(ORÇAMENTO!$X$15,ROW(AB45)-ROW(AB$15),0),\nROUND(ROUND(OFFSET($P45,0,AB$13),15-13*ORÇAMENTO!$AF$7)*OFFSET(ORÇAMENTO!$W$15,ROW(AB45)-ROW(AB$15),0),15-13*ORÇAMENTO!$AF$11)),0)","v":0},{"$f":"IF(AND($D45=\"Serviço\",AC$12<>0,$H45>0,OR(AUTOEVENTO<>\"manual\",$M45<>1)),\nIF(Import.TipoArredondamento<>\"TransfereGOV\",\nROUND(OFFSET($P45,0,AC$13),15-13*ORÇAMENTO!$AF$7)/$H45*OFFSET(ORÇAMENTO!$X$15,ROW(AC45)-ROW(AC$15),0),\nROUND(ROUND(OFFSET($P45,0,AC$13),15-13*ORÇAMENTO!$AF$7)*OFFSET(ORÇAMENTO!$W$15,ROW(AC45)-ROW(AC$15),0),15-13*ORÇAMENTO!$AF$11)),0)","v":0},{"$f":"IF(AND($D45=\"Serviço\",AD$12<>0,$H45>0,OR(AUTOEVENTO<>\"manual\",$M45<>1)),\nIF(Import.TipoArredondamento<>\"TransfereGOV\",\nROUND(OFFSET($P45,0,AD$13),15-13*ORÇAMENTO!$AF$7)/$H45*OFFSET(ORÇAMENTO!$X$15,ROW(AD45)-ROW(AD$15),0),\nROUND(ROUND(OFFSET($P45,0,AD$13),15-13*ORÇAMENTO!$AF$7)*OFFSET(ORÇAMENTO!$W$15,ROW(AD45)-ROW(AD$15),0),15-13*ORÇAMENTO!$AF$11)),0)","v":0},{"$f":"IF(AND($D45=\"Serviço\",AE$12<>0,$H45>0,OR(AUTOEVENTO<>\"manual\",$M45<>1)),\nIF(Import.TipoArredondamento<>\"TransfereGOV\",\nROUND(OFFSET($P45,0,AE$13),15-13*ORÇAMENTO!$AF$7)/$H45*OFFSET(ORÇAMENTO!$X$15,ROW(AE45)-ROW(AE$15),0),\nROUND(ROUND(OFFSET($P45,0,AE$13),15-13*ORÇAMENTO!$AF$7)*OFFSET(ORÇAMENTO!$W$15,ROW(AE45)-ROW(AE$15),0),15-13*ORÇAMENTO!$AF$11)),0)","v":0},{"$f":"IF(AND($D45=\"Serviço\",AF$12<>0,$H45>0,OR(AUTOEVENTO<>\"manual\",$M45<>1)),\nIF(Import.TipoArredondamento<>\"TransfereGOV\",\nROUND(OFFSET($P45,0,AF$13),15-13*ORÇAMENTO!$AF$7)/$H45*OFFSET(ORÇAMENTO!$X$15,ROW(AF45)-ROW(AF$15),0),\nROUND(ROUND(OFFSET($P45,0,AF$13),15-13*ORÇAMENTO!$AF$7)*OFFSET(ORÇAMENTO!$W$15,ROW(AF45)-ROW(AF$15),0),15-13*ORÇAMENTO!$AF$11)),0)","v":0},{"$f":"IF(AND($D45=\"Serviço\",AG$12<>0,$H45>0,OR(AUTOEVENTO<>\"manual\",$M45<>1)),\nIF(Import.TipoArredondamento<>\"TransfereGOV\",\nROUND(OFFSET($P45,0,AG$13),15-13*ORÇAMENTO!$AF$7)/$H45*OFFSET(ORÇAMENTO!$X$15,ROW(AG45)-ROW(AG$15),0),\nROUND(ROUND(OFFSET($P45,0,AG$13),15-13*ORÇAMENTO!$AF$7)*OFFSET(ORÇAMENTO!$W$15,ROW(AG45)-ROW(AG$15),0),15-13*ORÇAMENTO!$AF$11)),0)","v":0},{"$f":"IF(AND($D45=\"Serviço\",AH$12<>0,$H45>0,OR(AUTOEVENTO<>\"manual\",$M45<>1)),\nIF(Import.TipoArredondamento<>\"TransfereGOV\",\nROUND(OFFSET($P45,0,AH$13),15-13*ORÇAMENTO!$AF$7)/$H45*OFFSET(ORÇAMENTO!$X$15,ROW(AH45)-ROW(AH$15),0),\nROUND(ROUND(OFFSET($P45,0,AH$13),15-13*ORÇAMENTO!$AF$7)*OFFSET(ORÇAMENTO!$W$15,ROW(AH45)-ROW(AH$15),0),15-13*ORÇAMENTO!$AF$11)),0)","v":0},{"$f":"IF(AND($D45=\"Serviço\",AI$12<>0,$H45>0,OR(AUTOEVENTO<>\"manual\",$M45<>1)),\nIF(Import.TipoArredondamento<>\"TransfereGOV\",\nROUND(OFFSET($P45,0,AI$13),15-13*ORÇAMENTO!$AF$7)/$H45*OFFSET(ORÇAMENTO!$X$15,ROW(AI45)-ROW(AI$15),0),\nROUND(ROUND(OFFSET($P45,0,AI$13),15-13*ORÇAMENTO!$AF$7)*OFFSET(ORÇAMENTO!$W$15,ROW(AI45)-ROW(AI$15),0),15-13*ORÇAMENTO!$AF$11)),0)","v":0},{"$f":"IF(AND($D45=\"Serviço\",AJ$12<>0,$H45>0,OR(AUTOEVENTO<>\"manual\",$M45<>1)),\nIF(Import.TipoArredondamento<>\"TransfereGOV\",\nROUND(OFFSET($P45,0,AJ$13),15-13*ORÇAMENTO!$AF$7)/$H45*OFFSET(ORÇAMENTO!$X$15,ROW(AJ45)-ROW(AJ$15),0),\nROUND(ROUND(OFFSET($P45,0,AJ$13),15-13*ORÇAMENTO!$AF$7)*OFFSET(ORÇAMENTO!$W$15,ROW(AJ45)-ROW(AJ$15),0),15-13*ORÇAMENTO!$AF$11)),0)","v":0},{"$f":"IF(AND($D45=\"Serviço\",AK$12<>0,$H45>0,OR(AUTOEVENTO<>\"manual\",$M45<>1)),\nIF(Import.TipoArredondamento<>\"TransfereGOV\",\nROUND(OFFSET($P45,0,AK$13),15-13*ORÇAMENTO!$AF$7)/$H45*OFFSET(ORÇAMENTO!$X$15,ROW(AK45)-ROW(AK$15),0),\nROUND(ROUND(OFFSET($P45,0,AK$13),15-13*ORÇAMENTO!$AF$7)*OFFSET(ORÇAMENTO!$W$15,ROW(AK45)-ROW(AK$15),0),15-13*ORÇAMENTO!$AF$11)),0)","v":0},null,{"$f":"IF($D45<>\"Serviço\",0,IF(AND(AUTOEVENTO=\"Manual\",$M45=1),0,IF(OFFSET(CRONOPLE!$F$14,$M45,AM$13)=\"\",10^12,OFFSET(CRONOPLE!$F$14,$M45,AM$13))))","v":1000000000000},{"$f":"IF($D45<>\"Serviço\",0,IF(AND(AUTOEVENTO=\"Manual\",$M45=1),0,IF(OFFSET(CRONOPLE!$F$14,$M45,AN$13)=\"\",10^12,OFFSET(CRONOPLE!$F$14,$M45,AN$13))))","v":1000000000000},{"$f":"IF($D45<>\"Serviço\",0,IF(AND(AUTOEVENTO=\"Manual\",$M45=1),0,IF(OFFSET(CRONOPLE!$F$14,$M45,AO$13)=\"\",10^12,OFFSET(CRONOPLE!$F$14,$M45,AO$13))))","v":1000000000000},{"$f":"IF($D45<>\"Serviço\",0,IF(AND(AUTOEVENTO=\"Manual\",$M45=1),0,IF(OFFSET(CRONOPLE!$F$14,$M45,AP$13)=\"\",10^12,OFFSET(CRONOPLE!$F$14,$M45,AP$13))))","v":1000000000000},{"$f":"IF($D45<>\"Serviço\",0,IF(AND(AUTOEVENTO=\"Manual\",$M45=1),0,IF(OFFSET(CRONOPLE!$F$14,$M45,AQ$13)=\"\",10^12,OFFSET(CRONOPLE!$F$14,$M45,AQ$13))))","v":1000000000000},{"$f":"IF($D45<>\"Serviço\",0,IF(AND(AUTOEVENTO=\"Manual\",$M45=1),0,IF(OFFSET(CRONOPLE!$F$14,$M45,AR$13)=\"\",10^12,OFFSET(CRONOPLE!$F$14,$M45,AR$13))))","v":1000000000000},{"$f":"IF($D45<>\"Serviço\",0,IF(AND(AUTOEVENTO=\"Manual\",$M45=1),0,IF(OFFSET(CRONOPLE!$F$14,$M45,AS$13)=\"\",10^12,OFFSET(CRONOPLE!$F$14,$M45,AS$13))))","v":1000000000000},{"$f":"IF($D45<>\"Serviço\",0,IF(AND(AUTOEVENTO=\"Manual\",$M45=1),0,IF(OFFSET(CRONOPLE!$F$14,$M45,AT$13)=\"\",10^12,OFFSET(CRONOPLE!$F$14,$M45,AT$13))))","v":1000000000000},{"$f":"IF($D45<>\"Serviço\",0,IF(AND(AUTOEVENTO=\"Manual\",$M45=1),0,IF(OFFSET(CRONOPLE!$F$14,$M45,AU$13)=\"\",10^12,OFFSET(CRONOPLE!$F$14,$M45,AU$13))))","v":1000000000000},{"$f":"IF($D45<>\"Serviço\",0,IF(AND(AUTOEVENTO=\"Manual\",$M45=1),0,IF(OFFSET(CRONOPLE!$F$14,$M45,AV$13)=\"\",10^12,OFFSET(CRONOPLE!$F$14,$M45,AV$13))))","v":1000000000000},null,{"$f":"IF($D45<>\"Serviço\",0,IF(OR(AND(AUTOEVENTO=\"Manual\",$M45=1),$M45>(ROW(PLE.lastrow)-ROW(PLE.firstrow))),0,IF(OFFSET(PLE!$G$14,$M45,AX$13)=\"\",10^12,OFFSET(PLE!$G$14,$M45,AX$13))))","v":1000000000000},{"$f":"IF($D45<>\"Serviço\",0,IF(OR(AND(AUTOEVENTO=\"Manual\",$M45=1),$M45>(ROW(PLE.lastrow)-ROW(PLE.firstrow))),0,IF(OFFSET(PLE!$G$14,$M45,AY$13)=\"\",10^12,OFFSET(PLE!$G$14,$M45,AY$13))))","v":1000000000000},{"$f":"IF($D45<>\"Serviço\",0,IF(OR(AND(AUTOEVENTO=\"Manual\",$M45=1),$M45>(ROW(PLE.lastrow)-ROW(PLE.firstrow))),0,IF(OFFSET(PLE!$G$14,$M45,AZ$13)=\"\",10^12,OFFSET(PLE!$G$14,$M45,AZ$13))))","v":1000000000000},{"$f":"IF($D45<>\"Serviço\",0,IF(OR(AND(AUTOEVENTO=\"Manual\",$M45=1),$M45>(ROW(PLE.lastrow)-ROW(PLE.firstrow))),0,IF(OFFSET(PLE!$G$14,$M45,BA$13)=\"\",10^12,OFFSET(PLE!$G$14,$M45,BA$13))))","v":1000000000000},{"$f":"IF($D45<>\"Serviço\",0,IF(OR(AND(AUTOEVENTO=\"Manual\",$M45=1),$M45>(ROW(PLE.lastrow)-ROW(PLE.firstrow))),0,IF(OFFSET(PLE!$G$14,$M45,BB$13)=\"\",10^12,OFFSET(PLE!$G$14,$M45,BB$13))))","v":1000000000000},{"$f":"IF($D45<>\"Serviço\",0,IF(OR(AND(AUTOEVENTO=\"Manual\",$M45=1),$M45>(ROW(PLE.lastrow)-ROW(PLE.firstrow))),0,IF(OFFSET(PLE!$G$14,$M45,BC$13)=\"\",10^12,OFFSET(PLE!$G$14,$M45,BC$13))))","v":1000000000000},{"$f":"IF($D45<>\"Serviço\",0,IF(OR(AND(AUTOEVENTO=\"Manual\",$M45=1),$M45>(ROW(PLE.lastrow)-ROW(PLE.firstrow))),0,IF(OFFSET(PLE!$G$14,$M45,BD$13)=\"\",10^12,OFFSET(PLE!$G$14,$M45,BD$13))))","v":1000000000000},{"$f":"IF($D45<>\"Serviço\",0,IF(OR(AND(AUTOEVENTO=\"Manual\",$M45=1),$M45>(ROW(PLE.lastrow)-ROW(PLE.firstrow))),0,IF(OFFSET(PLE!$G$14,$M45,BE$13)=\"\",10^12,OFFSET(PLE!$G$14,$M45,BE$13))))","v":1000000000000},{"$f":"IF($D45<>\"Serviço\",0,IF(OR(AND(AUTOEVENTO=\"Manual\",$M45=1),$M45>(ROW(PLE.lastrow)-ROW(PLE.firstrow))),0,IF(OFFSET(PLE!$G$14,$M45,BF$13)=\"\",10^12,OFFSET(PLE!$G$14,$M45,BF$13))))","v":1000000000000},{"$f":"IF($D45<>\"Serviço\",0,IF(OR(AND(AUTOEVENTO=\"Manual\",$M45=1),$M45>(ROW(PLE.lastrow)-ROW(PLE.firstrow))),0,IF(OFFSET(PLE!$G$14,$M45,BG$13)=\"\",10^12,OFFSET(PLE!$G$14,$M45,BG$13))))","v":1000000000000}]
["2",{"$f":"OFFSET(ORÇAMENTO!C$15,ROW(B46)-ROW(B$15),0)","v":"S"},{"$f":"OFFSET(ORÇAMENTO!L$15,ROW(C46)-ROW(C$15),0)","v":"F"},{"$f":"OFFSET(ORÇAMENTO!N$15,ROW(D46)-ROW(D$15),0)","v":"Serviço"},{"$f":"OFFSET(ORÇAMENTO!O$15,ROW(E46)-ROW(E$15),0)","v":"1.1.4.2."},{"$f":"OFFSET(ORÇAMENTO!R$15,ROW(F46)-ROW(F$15),0)","v":"MONTAGEM E DESMONTAGEM DE ANDAIME TUBULAR TIPO \u0093TORRE\u0094 (EXCLUSIVE ANDAIME E LIMPEZA). AF_11/2017"},{"$f":"IF($D46<>\"Serviço\",\"\",OFFSET(ORÇAMENTO!S$15,ROW(G46)-ROW(G$15),0))","v":"M"},{"$f":"IF($D46<>\"Serviço\",0,IF(ACOMPANHAMENTO=\"BM\",ROUND(OFFSET(ORÇAMENTO!AJ$15,ROW(H46)-ROW(H$15),0),15-13*ORÇAMENTO!$AF$7),SUMPRODUCT(($Q$12:$AA$12<>\"\")*ROUND($Q46:$AA46,15-13*ORÇAMENTO!$AF$7))))","v":6},null,null,null,".",{"$f":"IF($D46<>\"Serviço\",\"\",IF(AUTOEVENTO=\"manual\",$A46,IF(ISERROR(MATCH($A46,$A$15:OFFSET($A46,-1,0),0)),MAX($M$15:OFFSET(M46,-1,0))+1,INDEX($M$15:OFFSET(M46,-1,0),MATCH($A46,$A$15:OFFSET($A46,-1,0),0)))))","v":2},{"$f":"IF($D46<>\"Serviço\",\"\",IF(AUTOEVENTO=\"Manual\",IF($A46=0,\"<-- defina o número do agrupador\",OFFSET(EVENTOS!$D$14,$A46,0)),OFFSET($F$15,$A46,0)))","v":"SERVIÇOS PRELIMINARES, CANTEIRO DE OBRAS, SEGURANÇA E SAÚDE"},null,null,null,null,null,null,null,null,null,null,null,null,null,{"$f":"IF(AND($D46=\"Serviço\",AB$12<>0,$H46>0,OR(AUTOEVENTO<>\"manual\",$M46<>1)),\nIF(Import.TipoArredondamento<>\"TransfereGOV\",\nROUND(OFFSET($P46,0,AB$13),15-13*ORÇAMENTO!$AF$7)/$H46*OFFSET(ORÇAMENTO!$X$15,ROW(AB46)-ROW(AB$15),0),\nROUND(ROUND(OFFSET($P46,0,AB$13),15-13*ORÇAMENTO!$AF$7)*OFFSET(ORÇAMENTO!$W$15,ROW(AB46)-ROW(AB$15),0),15-13*ORÇAMENTO!$AF$11)),0)","v":0},{"$f":"IF(AND($D46=\"Serviço\",AC$12<>0,$H46>0,OR(AUTOEVENTO<>\"manual\",$M46<>1)),\nIF(Import.TipoArredondamento<>\"TransfereGOV\",\nROUND(OFFSET($P46,0,AC$13),15-13*ORÇAMENTO!$AF$7)/$H46*OFFSET(ORÇAMENTO!$X$15,ROW(AC46)-ROW(AC$15),0),\nROUND(ROUND(OFFSET($P46,0,AC$13),15-13*ORÇAMENTO!$AF$7)*OFFSET(ORÇAMENTO!$W$15,ROW(AC46)-ROW(AC$15),0),15-13*ORÇAMENTO!$AF$11)),0)","v":0},{"$f":"IF(AND($D46=\"Serviço\",AD$12<>0,$H46>0,OR(AUTOEVENTO<>\"manual\",$M46<>1)),\nIF(Import.TipoArredondamento<>\"TransfereGOV\",\nROUND(OFFSET($P46,0,AD$13),15-13*ORÇAMENTO!$AF$7)/$H46*OFFSET(ORÇAMENTO!$X$15,ROW(AD46)-ROW(AD$15),0),\nROUND(ROUND(OFFSET($P46,0,AD$13),15-13*ORÇAMENTO!$AF$7)*OFFSET(ORÇAMENTO!$W$15,ROW(AD46)-ROW(AD$15),0),15-13*ORÇAMENTO!$AF$11)),0)","v":0},{"$f":"IF(AND($D46=\"Serviço\",AE$12<>0,$H46>0,OR(AUTOEVENTO<>\"manual\",$M46<>1)),\nIF(Import.TipoArredondamento<>\"TransfereGOV\",\nROUND(OFFSET($P46,0,AE$13),15-13*ORÇAMENTO!$AF$7)/$H46*OFFSET(ORÇAMENTO!$X$15,ROW(AE46)-ROW(AE$15),0),\nROUND(ROUND(OFFSET($P46,0,AE$13),15-13*ORÇAMENTO!$AF$7)*OFFSET(ORÇAMENTO!$W$15,ROW(AE46)-ROW(AE$15),0),15-13*ORÇAMENTO!$AF$11)),0)","v":0},{"$f":"IF(AND($D46=\"Serviço\",AF$12<>0,$H46>0,OR(AUTOEVENTO<>\"manual\",$M46<>1)),\nIF(Import.TipoArredondamento<>\"TransfereGOV\",\nROUND(OFFSET($P46,0,AF$13),15-13*ORÇAMENTO!$AF$7)/$H46*OFFSET(ORÇAMENTO!$X$15,ROW(AF46)-ROW(AF$15),0),\nROUND(ROUND(OFFSET($P46,0,AF$13),15-13*ORÇAMENTO!$AF$7)*OFFSET(ORÇAMENTO!$W$15,ROW(AF46)-ROW(AF$15),0),15-13*ORÇAMENTO!$AF$11)),0)","v":0},{"$f":"IF(AND($D46=\"Serviço\",AG$12<>0,$H46>0,OR(AUTOEVENTO<>\"manual\",$M46<>1)),\nIF(Import.TipoArredondamento<>\"TransfereGOV\",\nROUND(OFFSET($P46,0,AG$13),15-13*ORÇAMENTO!$AF$7)/$H46*OFFSET(ORÇAMENTO!$X$15,ROW(AG46)-ROW(AG$15),0),\nROUND(ROUND(OFFSET($P46,0,AG$13),15-13*ORÇAMENTO!$AF$7)*OFFSET(ORÇAMENTO!$W$15,ROW(AG46)-ROW(AG$15),0),15-13*ORÇAMENTO!$AF$11)),0)","v":0},{"$f":"IF(AND($D46=\"Serviço\",AH$12<>0,$H46>0,OR(AUTOEVENTO<>\"manual\",$M46<>1)),\nIF(Import.TipoArredondamento<>\"TransfereGOV\",\nROUND(OFFSET($P46,0,AH$13),15-13*ORÇAMENTO!$AF$7)/$H46*OFFSET(ORÇAMENTO!$X$15,ROW(AH46)-ROW(AH$15),0),\nROUND(ROUND(OFFSET($P46,0,AH$13),15-13*ORÇAMENTO!$AF$7)*OFFSET(ORÇAMENTO!$W$15,ROW(AH46)-ROW(AH$15),0),15-13*ORÇAMENTO!$AF$11)),0)","v":0},{"$f":"IF(AND($D46=\"Serviço\",AI$12<>0,$H46>0,OR(AUTOEVENTO<>\"manual\",$M46<>1)),\nIF(Import.TipoArredondamento<>\"TransfereGOV\",\nROUND(OFFSET($P46,0,AI$13),15-13*ORÇAMENTO!$AF$7)/$H46*OFFSET(ORÇAMENTO!$X$15,ROW(AI46)-ROW(AI$15),0),\nROUND(ROUND(OFFSET($P46,0,AI$13),15-13*ORÇAMENTO!$AF$7)*OFFSET(ORÇAMENTO!$W$15,ROW(AI46)-ROW(AI$15),0),15-13*ORÇAMENTO!$AF$11)),0)","v":0},{"$f":"IF(AND($D46=\"Serviço\",AJ$12<>0,$H46>0,OR(AUTOEVENTO<>\"manual\",$M46<>1)),\nIF(Import.TipoArredondamento<>\"TransfereGOV\",\nROUND(OFFSET($P46,0,AJ$13),15-13*ORÇAMENTO!$AF$7)/$H46*OFFSET(ORÇAMENTO!$X$15,ROW(AJ46)-ROW(AJ$15),0),\nROUND(ROUND(OFFSET($P46,0,AJ$13),15-13*ORÇAMENTO!$AF$7)*OFFSET(ORÇAMENTO!$W$15,ROW(AJ46)-ROW(AJ$15),0),15-13*ORÇAMENTO!$AF$11)),0)","v":0},{"$f":"IF(AND($D46=\"Serviço\",AK$12<>0,$H46>0,OR(AUTOEVENTO<>\"manual\",$M46<>1)),\nIF(Import.TipoArredondamento<>\"TransfereGOV\",\nROUND(OFFSET($P46,0,AK$13),15-13*ORÇAMENTO!$AF$7)/$H46*OFFSET(ORÇAMENTO!$X$15,ROW(AK46)-ROW(AK$15),0),\nROUND(ROUND(OFFSET($P46,0,AK$13),15-13*ORÇAMENTO!$AF$7)*OFFSET(ORÇAMENTO!$W$15,ROW(AK46)-ROW(AK$15),0),15-13*ORÇAMENTO!$AF$11)),0)","v":0},null,{"$f":"IF($D46<>\"Serviço\",0,IF(AND(AUTOEVENTO=\"Manual\",$M46=1),0,IF(OFFSET(CRONOPLE!$F$14,$M46,AM$13)=\"\",10^12,OFFSET(CRONOPLE!$F$14,$M46,AM$13))))","v":1000000000000},{"$f":"IF($D46<>\"Serviço\",0,IF(AND(AUTOEVENTO=\"Manual\",$M46=1),0,IF(OFFSET(CRONOPLE!$F$14,$M46,AN$13)=\"\",10^12,OFFSET(CRONOPLE!$F$14,$M46,AN$13))))","v":1000000000000},{"$f":"IF($D46<>\"Serviço\",0,IF(AND(AUTOEVENTO=\"Manual\",$M46=1),0,IF(OFFSET(CRONOPLE!$F$14,$M46,AO$13)=\"\",10^12,OFFSET(CRONOPLE!$F$14,$M46,AO$13))))","v":1000000000000},{"$f":"IF($D46<>\"Serviço\",0,IF(AND(AUTOEVENTO=\"Manual\",$M46=1),0,IF(OFFSET(CRONOPLE!$F$14,$M46,AP$13)=\"\",10^12,OFFSET(CRONOPLE!$F$14,$M46,AP$13))))","v":1000000000000},{"$f":"IF($D46<>\"Serviço\",0,IF(AND(AUTOEVENTO=\"Manual\",$M46=1),0,IF(OFFSET(CRONOPLE!$F$14,$M46,AQ$13)=\"\",10^12,OFFSET(CRONOPLE!$F$14,$M46,AQ$13))))","v":1000000000000},{"$f":"IF($D46<>\"Serviço\",0,IF(AND(AUTOEVENTO=\"Manual\",$M46=1),0,IF(OFFSET(CRONOPLE!$F$14,$M46,AR$13)=\"\",10^12,OFFSET(CRONOPLE!$F$14,$M46,AR$13))))","v":1000000000000},{"$f":"IF($D46<>\"Serviço\",0,IF(AND(AUTOEVENTO=\"Manual\",$M46=1),0,IF(OFFSET(CRONOPLE!$F$14,$M46,AS$13)=\"\",10^12,OFFSET(CRONOPLE!$F$14,$M46,AS$13))))","v":1000000000000},{"$f":"IF($D46<>\"Serviço\",0,IF(AND(AUTOEVENTO=\"Manual\",$M46=1),0,IF(OFFSET(CRONOPLE!$F$14,$M46,AT$13)=\"\",10^12,OFFSET(CRONOPLE!$F$14,$M46,AT$13))))","v":1000000000000},{"$f":"IF($D46<>\"Serviço\",0,IF(AND(AUTOEVENTO=\"Manual\",$M46=1),0,IF(OFFSET(CRONOPLE!$F$14,$M46,AU$13)=\"\",10^12,OFFSET(CRONOPLE!$F$14,$M46,AU$13))))","v":1000000000000},{"$f":"IF($D46<>\"Serviço\",0,IF(AND(AUTOEVENTO=\"Manual\",$M46=1),0,IF(OFFSET(CRONOPLE!$F$14,$M46,AV$13)=\"\",10^12,OFFSET(CRONOPLE!$F$14,$M46,AV$13))))","v":1000000000000},null,{"$f":"IF($D46<>\"Serviço\",0,IF(OR(AND(AUTOEVENTO=\"Manual\",$M46=1),$M46>(ROW(PLE.lastrow)-ROW(PLE.firstrow))),0,IF(OFFSET(PLE!$G$14,$M46,AX$13)=\"\",10^12,OFFSET(PLE!$G$14,$M46,AX$13))))","v":1000000000000},{"$f":"IF($D46<>\"Serviço\",0,IF(OR(AND(AUTOEVENTO=\"Manual\",$M46=1),$M46>(ROW(PLE.lastrow)-ROW(PLE.firstrow))),0,IF(OFFSET(PLE!$G$14,$M46,AY$13)=\"\",10^12,OFFSET(PLE!$G$14,$M46,AY$13))))","v":1000000000000},{"$f":"IF($D46<>\"Serviço\",0,IF(OR(AND(AUTOEVENTO=\"Manual\",$M46=1),$M46>(ROW(PLE.lastrow)-ROW(PLE.firstrow))),0,IF(OFFSET(PLE!$G$14,$M46,AZ$13)=\"\",10^12,OFFSET(PLE!$G$14,$M46,AZ$13))))","v":1000000000000},{"$f":"IF($D46<>\"Serviço\",0,IF(OR(AND(AUTOEVENTO=\"Manual\",$M46=1),$M46>(ROW(PLE.lastrow)-ROW(PLE.firstrow))),0,IF(OFFSET(PLE!$G$14,$M46,BA$13)=\"\",10^12,OFFSET(PLE!$G$14,$M46,BA$13))))","v":1000000000000},{"$f":"IF($D46<>\"Serviço\",0,IF(OR(AND(AUTOEVENTO=\"Manual\",$M46=1),$M46>(ROW(PLE.lastrow)-ROW(PLE.firstrow))),0,IF(OFFSET(PLE!$G$14,$M46,BB$13)=\"\",10^12,OFFSET(PLE!$G$14,$M46,BB$13))))","v":1000000000000},{"$f":"IF($D46<>\"Serviço\",0,IF(OR(AND(AUTOEVENTO=\"Manual\",$M46=1),$M46>(ROW(PLE.lastrow)-ROW(PLE.firstrow))),0,IF(OFFSET(PLE!$G$14,$M46,BC$13)=\"\",10^12,OFFSET(PLE!$G$14,$M46,BC$13))))","v":1000000000000},{"$f":"IF($D46<>\"Serviço\",0,IF(OR(AND(AUTOEVENTO=\"Manual\",$M46=1),$M46>(ROW(PLE.lastrow)-ROW(PLE.firstrow))),0,IF(OFFSET(PLE!$G$14,$M46,BD$13)=\"\",10^12,OFFSET(PLE!$G$14,$M46,BD$13))))","v":1000000000000},{"$f":"IF($D46<>\"Serviço\",0,IF(OR(AND(AUTOEVENTO=\"Manual\",$M46=1),$M46>(ROW(PLE.lastrow)-ROW(PLE.firstrow))),0,IF(OFFSET(PLE!$G$14,$M46,BE$13)=\"\",10^12,OFFSET(PLE!$G$14,$M46,BE$13))))","v":1000000000000},{"$f":"IF($D46<>\"Serviço\",0,IF(OR(AND(AUTOEVENTO=\"Manual\",$M46=1),$M46>(ROW(PLE.lastrow)-ROW(PLE.firstrow))),0,IF(OFFSET(PLE!$G$14,$M46,BF$13)=\"\",10^12,OFFSET(PLE!$G$14,$M46,BF$13))))","v":1000000000000},{"$f":"IF($D46<>\"Serviço\",0,IF(OR(AND(AUTOEVENTO=\"Manual\",$M46=1),$M46>(ROW(PLE.lastrow)-ROW(PLE.firstrow))),0,IF(OFFSET(PLE!$G$14,$M46,BG$13)=\"\",10^12,OFFSET(PLE!$G$14,$M46,BG$13))))","v":1000000000000}]
["2",{"$f":"OFFSET(ORÇAMENTO!C$15,ROW(B47)-ROW(B$15),0)","v":"S"},{"$f":"OFFSET(ORÇAMENTO!L$15,ROW(C47)-ROW(C$15),0)","v":""},{"$f":"OFFSET(ORÇAMENTO!N$15,ROW(D47)-ROW(D$15),0)","v":"Serviço"},{"$f":"OFFSET(ORÇAMENTO!O$15,ROW(E47)-ROW(E$15),0)","v":"-"},{"$f":"OFFSET(ORÇAMENTO!R$15,ROW(F47)-ROW(F$15),0)","v":"(Sem Código)"},{"$f":"IF($D47<>\"Serviço\",\"\",OFFSET(ORÇAMENTO!S$15,ROW(G47)-ROW(G$15),0))","v":"-"},{"$f":"IF($D47<>\"Serviço\",0,IF(ACOMPANHAMENTO=\"BM\",ROUND(OFFSET(ORÇAMENTO!AJ$15,ROW(H47)-ROW(H$15),0),15-13*ORÇAMENTO!$AF$7),SUMPRODUCT(($Q$12:$AA$12<>\"\")*ROUND($Q47:$AA47,15-13*ORÇAMENTO!$AF$7))))","v":0},null,null,null,".",{"$f":"IF($D47<>\"Serviço\",\"\",IF(AUTOEVENTO=\"manual\",$A47,IF(ISERROR(MATCH($A47,$A$15:OFFSET($A47,-1,0),0)),MAX($M$15:OFFSET(M47,-1,0))+1,INDEX($M$15:OFFSET(M47,-1,0),MATCH($A47,$A$15:OFFSET($A47,-1,0),0)))))","v":2},{"$f":"IF($D47<>\"Serviço\",\"\",IF(AUTOEVENTO=\"Manual\",IF($A47=0,\"<-- defina o número do agrupador\",OFFSET(EVENTOS!$D$14,$A47,0)),OFFSET($F$15,$A47,0)))","v":"SERVIÇOS PRELIMINARES, CANTEIRO DE OBRAS, SEGURANÇA E SAÚDE"},null,null,null,null,null,null,null,null,null,null,null,null,null,{"$f":"IF(AND($D47=\"Serviço\",AB$12<>0,$H47>0,OR(AUTOEVENTO<>\"manual\",$M47<>1)),\nIF(Import.TipoArredondamento<>\"TransfereGOV\",\nROUND(OFFSET($P47,0,AB$13),15-13*ORÇAMENTO!$AF$7)/$H47*OFFSET(ORÇAMENTO!$X$15,ROW(AB47)-ROW(AB$15),0),\nROUND(ROUND(OFFSET($P47,0,AB$13),15-13*ORÇAMENTO!$AF$7)*OFFSET(ORÇAMENTO!$W$15,ROW(AB47)-ROW(AB$15),0),15-13*ORÇAMENTO!$AF$11)),0)","v":0},{"$f":"IF(AND($D47=\"Serviço\",AC$12<>0,$H47>0,OR(AUTOEVENTO<>\"manual\",$M47<>1)),\nIF(Import.TipoArredondamento<>\"TransfereGOV\",\nROUND(OFFSET($P47,0,AC$13),15-13*ORÇAMENTO!$AF$7)/$H47*OFFSET(ORÇAMENTO!$X$15,ROW(AC47)-ROW(AC$15),0),\nROUND(ROUND(OFFSET($P47,0,AC$13),15-13*ORÇAMENTO!$AF$7)*OFFSET(ORÇAMENTO!$W$15,ROW(AC47)-ROW(AC$15),0),15-13*ORÇAMENTO!$AF$11)),0)","v":0},{"$f":"IF(AND($D47=\"Serviço\",AD$12<>0,$H47>0,OR(AUTOEVENTO<>\"manual\",$M47<>1)),\nIF(Import.TipoArredondamento<>\"TransfereGOV\",\nROUND(OFFSET($P47,0,AD$13),15-13*ORÇAMENTO!$AF$7)/$H47*OFFSET(ORÇAMENTO!$X$15,ROW(AD47)-ROW(AD$15),0),\nROUND(ROUND(OFFSET($P47,0,AD$13),15-13*ORÇAMENTO!$AF$7)*OFFSET(ORÇAMENTO!$W$15,ROW(AD47)-ROW(AD$15),0),15-13*ORÇAMENTO!$AF$11)),0)","v":0},{"$f":"IF(AND($D47=\"Serviço\",AE$12<>0,$H47>0,OR(AUTOEVENTO<>\"manual\",$M47<>1)),\nIF(Import.TipoArredondamento<>\"TransfereGOV\",\nROUND(OFFSET($P47,0,AE$13),15-13*ORÇAMENTO!$AF$7)/$H47*OFFSET(ORÇAMENTO!$X$15,ROW(AE47)-ROW(AE$15),0),\nROUND(ROUND(OFFSET($P47,0,AE$13),15-13*ORÇAMENTO!$AF$7)*OFFSET(ORÇAMENTO!$W$15,ROW(AE47)-ROW(AE$15),0),15-13*ORÇAMENTO!$AF$11)),0)","v":0},{"$f":"IF(AND($D47=\"Serviço\",AF$12<>0,$H47>0,OR(AUTOEVENTO<>\"manual\",$M47<>1)),\nIF(Import.TipoArredondamento<>\"TransfereGOV\",\nROUND(OFFSET($P47,0,AF$13),15-13*ORÇAMENTO!$AF$7)/$H47*OFFSET(ORÇAMENTO!$X$15,ROW(AF47)-ROW(AF$15),0),\nROUND(ROUND(OFFSET($P47,0,AF$13),15-13*ORÇAMENTO!$AF$7)*OFFSET(ORÇAMENTO!$W$15,ROW(AF47)-ROW(AF$15),0),15-13*ORÇAMENTO!$AF$11)),0)","v":0},{"$f":"IF(AND($D47=\"Serviço\",AG$12<>0,$H47>0,OR(AUTOEVENTO<>\"manual\",$M47<>1)),\nIF(Import.TipoArredondamento<>\"TransfereGOV\",\nROUND(OFFSET($P47,0,AG$13),15-13*ORÇAMENTO!$AF$7)/$H47*OFFSET(ORÇAMENTO!$X$15,ROW(AG47)-ROW(AG$15),0),\nROUND(ROUND(OFFSET($P47,0,AG$13),15-13*ORÇAMENTO!$AF$7)*OFFSET(ORÇAMENTO!$W$15,ROW(AG47)-ROW(AG$15),0),15-13*ORÇAMENTO!$AF$11)),0)","v":0},{"$f":"IF(AND($D47=\"Serviço\",AH$12<>0,$H47>0,OR(AUTOEVENTO<>\"manual\",$M47<>1)),\nIF(Import.TipoArredondamento<>\"TransfereGOV\",\nROUND(OFFSET($P47,0,AH$13),15-13*ORÇAMENTO!$AF$7)/$H47*OFFSET(ORÇAMENTO!$X$15,ROW(AH47)-ROW(AH$15),0),\nROUND(ROUND(OFFSET($P47,0,AH$13),15-13*ORÇAMENTO!$AF$7)*OFFSET(ORÇAMENTO!$W$15,ROW(AH47)-ROW(AH$15),0),15-13*ORÇAMENTO!$AF$11)),0)","v":0},{"$f":"IF(AND($D47=\"Serviço\",AI$12<>0,$H47>0,OR(AUTOEVENTO<>\"manual\",$M47<>1)),\nIF(Import.TipoArredondamento<>\"TransfereGOV\",\nROUND(OFFSET($P47,0,AI$13),15-13*ORÇAMENTO!$AF$7)/$H47*OFFSET(ORÇAMENTO!$X$15,ROW(AI47)-ROW(AI$15),0),\nROUND(ROUND(OFFSET($P47,0,AI$13),15-13*ORÇAMENTO!$AF$7)*OFFSET(ORÇAMENTO!$W$15,ROW(AI47)-ROW(AI$15),0),15-13*ORÇAMENTO!$AF$11)),0)","v":0},{"$f":"IF(AND($D47=\"Serviço\",AJ$12<>0,$H47>0,OR(AUTOEVENTO<>\"manual\",$M47<>1)),\nIF(Import.TipoArredondamento<>\"TransfereGOV\",\nROUND(OFFSET($P47,0,AJ$13),15-13*ORÇAMENTO!$AF$7)/$H47*OFFSET(ORÇAMENTO!$X$15,ROW(AJ47)-ROW(AJ$15),0),\nROUND(ROUND(OFFSET($P47,0,AJ$13),15-13*ORÇAMENTO!$AF$7)*OFFSET(ORÇAMENTO!$W$15,ROW(AJ47)-ROW(AJ$15),0),15-13*ORÇAMENTO!$AF$11)),0)","v":0},{"$f":"IF(AND($D47=\"Serviço\",AK$12<>0,$H47>0,OR(AUTOEVENTO<>\"manual\",$M47<>1)),\nIF(Import.TipoArredondamento<>\"TransfereGOV\",\nROUND(OFFSET($P47,0,AK$13),15-13*ORÇAMENTO!$AF$7)/$H47*OFFSET(ORÇAMENTO!$X$15,ROW(AK47)-ROW(AK$15),0),\nROUND(ROUND(OFFSET($P47,0,AK$13),15-13*ORÇAMENTO!$AF$7)*OFFSET(ORÇAMENTO!$W$15,ROW(AK47)-ROW(AK$15),0),15-13*ORÇAMENTO!$AF$11)),0)","v":0},null,{"$f":"IF($D47<>\"Serviço\",0,IF(AND(AUTOEVENTO=\"Manual\",$M47=1),0,IF(OFFSET(CRONOPLE!$F$14,$M47,AM$13)=\"\",10^12,OFFSET(CRONOPLE!$F$14,$M47,AM$13))))","v":1000000000000},{"$f":"IF($D47<>\"Serviço\",0,IF(AND(AUTOEVENTO=\"Manual\",$M47=1),0,IF(OFFSET(CRONOPLE!$F$14,$M47,AN$13)=\"\",10^12,OFFSET(CRONOPLE!$F$14,$M47,AN$13))))","v":1000000000000},{"$f":"IF($D47<>\"Serviço\",0,IF(AND(AUTOEVENTO=\"Manual\",$M47=1),0,IF(OFFSET(CRONOPLE!$F$14,$M47,AO$13)=\"\",10^12,OFFSET(CRONOPLE!$F$14,$M47,AO$13))))","v":1000000000000},{"$f":"IF($D47<>\"Serviço\",0,IF(AND(AUTOEVENTO=\"Manual\",$M47=1),0,IF(OFFSET(CRONOPLE!$F$14,$M47,AP$13)=\"\",10^12,OFFSET(CRONOPLE!$F$14,$M47,AP$13))))","v":1000000000000},{"$f":"IF($D47<>\"Serviço\",0,IF(AND(AUTOEVENTO=\"Manual\",$M47=1),0,IF(OFFSET(CRONOPLE!$F$14,$M47,AQ$13)=\"\",10^12,OFFSET(CRONOPLE!$F$14,$M47,AQ$13))))","v":1000000000000},{"$f":"IF($D47<>\"Serviço\",0,IF(AND(AUTOEVENTO=\"Manual\",$M47=1),0,IF(OFFSET(CRONOPLE!$F$14,$M47,AR$13)=\"\",10^12,OFFSET(CRONOPLE!$F$14,$M47,AR$13))))","v":1000000000000},{"$f":"IF($D47<>\"Serviço\",0,IF(AND(AUTOEVENTO=\"Manual\",$M47=1),0,IF(OFFSET(CRONOPLE!$F$14,$M47,AS$13)=\"\",10^12,OFFSET(CRONOPLE!$F$14,$M47,AS$13))))","v":1000000000000},{"$f":"IF($D47<>\"Serviço\",0,IF(AND(AUTOEVENTO=\"Manual\",$M47=1),0,IF(OFFSET(CRONOPLE!$F$14,$M47,AT$13)=\"\",10^12,OFFSET(CRONOPLE!$F$14,$M47,AT$13))))","v":1000000000000},{"$f":"IF($D47<>\"Serviço\",0,IF(AND(AUTOEVENTO=\"Manual\",$M47=1),0,IF(OFFSET(CRONOPLE!$F$14,$M47,AU$13)=\"\",10^12,OFFSET(CRONOPLE!$F$14,$M47,AU$13))))","v":1000000000000},{"$f":"IF($D47<>\"Serviço\",0,IF(AND(AUTOEVENTO=\"Manual\",$M47=1),0,IF(OFFSET(CRONOPLE!$F$14,$M47,AV$13)=\"\",10^12,OFFSET(CRONOPLE!$F$14,$M47,AV$13))))","v":1000000000000},null,{"$f":"IF($D47<>\"Serviço\",0,IF(OR(AND(AUTOEVENTO=\"Manual\",$M47=1),$M47>(ROW(PLE.lastrow)-ROW(PLE.firstrow))),0,IF(OFFSET(PLE!$G$14,$M47,AX$13)=\"\",10^12,OFFSET(PLE!$G$14,$M47,AX$13))))","v":1000000000000},{"$f":"IF($D47<>\"Serviço\",0,IF(OR(AND(AUTOEVENTO=\"Manual\",$M47=1),$M47>(ROW(PLE.lastrow)-ROW(PLE.firstrow))),0,IF(OFFSET(PLE!$G$14,$M47,AY$13)=\"\",10^12,OFFSET(PLE!$G$14,$M47,AY$13))))","v":1000000000000},{"$f":"IF($D47<>\"Serviço\",0,IF(OR(AND(AUTOEVENTO=\"Manual\",$M47=1),$M47>(ROW(PLE.lastrow)-ROW(PLE.firstrow))),0,IF(OFFSET(PLE!$G$14,$M47,AZ$13)=\"\",10^12,OFFSET(PLE!$G$14,$M47,AZ$13))))","v":1000000000000},{"$f":"IF($D47<>\"Serviço\",0,IF(OR(AND(AUTOEVENTO=\"Manual\",$M47=1),$M47>(ROW(PLE.lastrow)-ROW(PLE.firstrow))),0,IF(OFFSET(PLE!$G$14,$M47,BA$13)=\"\",10^12,OFFSET(PLE!$G$14,$M47,BA$13))))","v":1000000000000},{"$f":"IF($D47<>\"Serviço\",0,IF(OR(AND(AUTOEVENTO=\"Manual\",$M47=1),$M47>(ROW(PLE.lastrow)-ROW(PLE.firstrow))),0,IF(OFFSET(PLE!$G$14,$M47,BB$13)=\"\",10^12,OFFSET(PLE!$G$14,$M47,BB$13))))","v":1000000000000},{"$f":"IF($D47<>\"Serviço\",0,IF(OR(AND(AUTOEVENTO=\"Manual\",$M47=1),$M47>(ROW(PLE.lastrow)-ROW(PLE.firstrow))),0,IF(OFFSET(PLE!$G$14,$M47,BC$13)=\"\",10^12,OFFSET(PLE!$G$14,$M47,BC$13))))","v":1000000000000},{"$f":"IF($D47<>\"Serviço\",0,IF(OR(AND(AUTOEVENTO=\"Manual\",$M47=1),$M47>(ROW(PLE.lastrow)-ROW(PLE.firstrow))),0,IF(OFFSET(PLE!$G$14,$M47,BD$13)=\"\",10^12,OFFSET(PLE!$G$14,$M47,BD$13))))","v":1000000000000},{"$f":"IF($D47<>\"Serviço\",0,IF(OR(AND(AUTOEVENTO=\"Manual\",$M47=1),$M47>(ROW(PLE.lastrow)-ROW(PLE.firstrow))),0,IF(OFFSET(PLE!$G$14,$M47,BE$13)=\"\",10^12,OFFSET(PLE!$G$14,$M47,BE$13))))","v":1000000000000},{"$f":"IF($D47<>\"Serviço\",0,IF(OR(AND(AUTOEVENTO=\"Manual\",$M47=1),$M47>(ROW(PLE.lastrow)-ROW(PLE.firstrow))),0,IF(OFFSET(PLE!$G$14,$M47,BF$13)=\"\",10^12,OFFSET(PLE!$G$14,$M47,BF$13))))","v":1000000000000},{"$f":"IF($D47<>\"Serviço\",0,IF(OR(AND(AUTOEVENTO=\"Manual\",$M47=1),$M47>(ROW(PLE.lastrow)-ROW(PLE.firstrow))),0,IF(OFFSET(PLE!$G$14,$M47,BG$13)=\"\",10^12,OFFSET(PLE!$G$14,$M47,BG$13))))","v":1000000000000}]
["2",{"$f":"OFFSET(ORÇAMENTO!C$15,ROW(B48)-ROW(B$15),0)","v":"S"},{"$f":"OFFSET(ORÇAMENTO!L$15,ROW(C48)-ROW(C$15),0)","v":""},{"$f":"OFFSET(ORÇAMENTO!N$15,ROW(D48)-ROW(D$15),0)","v":"Serviço"},{"$f":"OFFSET(ORÇAMENTO!O$15,ROW(E48)-ROW(E$15),0)","v":"-"},{"$f":"OFFSET(ORÇAMENTO!R$15,ROW(F48)-ROW(F$15),0)","v":"(Sem Código)"},{"$f":"IF($D48<>\"Serviço\",\"\",OFFSET(ORÇAMENTO!S$15,ROW(G48)-ROW(G$15),0))","v":"-"},{"$f":"IF($D48<>\"Serviço\",0,IF(ACOMPANHAMENTO=\"BM\",ROUND(OFFSET(ORÇAMENTO!AJ$15,ROW(H48)-ROW(H$15),0),15-13*ORÇAMENTO!$AF$7),SUMPRODUCT(($Q$12:$AA$12<>\"\")*ROUND($Q48:$AA48,15-13*ORÇAMENTO!$AF$7))))","v":0},null,null,null,".",{"$f":"IF($D48<>\"Serviço\",\"\",IF(AUTOEVENTO=\"manual\",$A48,IF(ISERROR(MATCH($A48,$A$15:OFFSET($A48,-1,0),0)),MAX($M$15:OFFSET(M48,-1,0))+1,INDEX($M$15:OFFSET(M48,-1,0),MATCH($A48,$A$15:OFFSET($A48,-1,0),0)))))","v":2},{"$f":"IF($D48<>\"Serviço\",\"\",IF(AUTOEVENTO=\"Manual\",IF($A48=0,\"<-- defina o número do agrupador\",OFFSET(EVENTOS!$D$14,$A48,0)),OFFSET($F$15,$A48,0)))","v":"SERVIÇOS PRELIMINARES, CANTEIRO DE OBRAS, SEGURANÇA E SAÚDE"},null,null,null,null,null,null,null,null,null,null,null,null,null,{"$f":"IF(AND($D48=\"Serviço\",AB$12<>0,$H48>0,OR(AUTOEVENTO<>\"manual\",$M48<>1)),\nIF(Import.TipoArredondamento<>\"TransfereGOV\",\nROUND(OFFSET($P48,0,AB$13),15-13*ORÇAMENTO!$AF$7)/$H48*OFFSET(ORÇAMENTO!$X$15,ROW(AB48)-ROW(AB$15),0),\nROUND(ROUND(OFFSET($P48,0,AB$13),15-13*ORÇAMENTO!$AF$7)*OFFSET(ORÇAMENTO!$W$15,ROW(AB48)-ROW(AB$15),0),15-13*ORÇAMENTO!$AF$11)),0)","v":0},{"$f":"IF(AND($D48=\"Serviço\",AC$12<>0,$H48>0,OR(AUTOEVENTO<>\"manual\",$M48<>1)),\nIF(Import.TipoArredondamento<>\"TransfereGOV\",\nROUND(OFFSET($P48,0,AC$13),15-13*ORÇAMENTO!$AF$7)/$H48*OFFSET(ORÇAMENTO!$X$15,ROW(AC48)-ROW(AC$15),0),\nROUND(ROUND(OFFSET($P48,0,AC$13),15-13*ORÇAMENTO!$AF$7)*OFFSET(ORÇAMENTO!$W$15,ROW(AC48)-ROW(AC$15),0),15-13*ORÇAMENTO!$AF$11)),0)","v":0},{"$f":"IF(AND($D48=\"Serviço\",AD$12<>0,$H48>0,OR(AUTOEVENTO<>\"manual\",$M48<>1)),\nIF(Import.TipoArredondamento<>\"TransfereGOV\",\nROUND(OFFSET($P48,0,AD$13),15-13*ORÇAMENTO!$AF$7)/$H48*OFFSET(ORÇAMENTO!$X$15,ROW(AD48)-ROW(AD$15),0),\nROUND(ROUND(OFFSET($P48,0,AD$13),15-13*ORÇAMENTO!$AF$7)*OFFSET(ORÇAMENTO!$W$15,ROW(AD48)-ROW(AD$15),0),15-13*ORÇAMENTO!$AF$11)),0)","v":0},{"$f":"IF(AND($D48=\"Serviço\",AE$12<>0,$H48>0,OR(AUTOEVENTO<>\"manual\",$M48<>1)),\nIF(Import.TipoArredondamento<>\"TransfereGOV\",\nROUND(OFFSET($P48,0,AE$13),15-13*ORÇAMENTO!$AF$7)/$H48*OFFSET(ORÇAMENTO!$X$15,ROW(AE48)-ROW(AE$15),0),\nROUND(ROUND(OFFSET($P48,0,AE$13),15-13*ORÇAMENTO!$AF$7)*OFFSET(ORÇAMENTO!$W$15,ROW(AE48)-ROW(AE$15),0),15-13*ORÇAMENTO!$AF$11)),0)","v":0},{"$f":"IF(AND($D48=\"Serviço\",AF$12<>0,$H48>0,OR(AUTOEVENTO<>\"manual\",$M48<>1)),\nIF(Import.TipoArredondamento<>\"TransfereGOV\",\nROUND(OFFSET($P48,0,AF$13),15-13*ORÇAMENTO!$AF$7)/$H48*OFFSET(ORÇAMENTO!$X$15,ROW(AF48)-ROW(AF$15),0),\nROUND(ROUND(OFFSET($P48,0,AF$13),15-13*ORÇAMENTO!$AF$7)*OFFSET(ORÇAMENTO!$W$15,ROW(AF48)-ROW(AF$15),0),15-13*ORÇAMENTO!$AF$11)),0)","v":0},{"$f":"IF(AND($D48=\"Serviço\",AG$12<>0,$H48>0,OR(AUTOEVENTO<>\"manual\",$M48<>1)),\nIF(Import.TipoArredondamento<>\"TransfereGOV\",\nROUND(OFFSET($P48,0,AG$13),15-13*ORÇAMENTO!$AF$7)/$H48*OFFSET(ORÇAMENTO!$X$15,ROW(AG48)-ROW(AG$15),0),\nROUND(ROUND(OFFSET($P48,0,AG$13),15-13*ORÇAMENTO!$AF$7)*OFFSET(ORÇAMENTO!$W$15,ROW(AG48)-ROW(AG$15),0),15-13*ORÇAMENTO!$AF$11)),0)","v":0},{"$f":"IF(AND($D48=\"Serviço\",AH$12<>0,$H48>0,OR(AUTOEVENTO<>\"manual\",$M48<>1)),\nIF(Import.TipoArredondamento<>\"TransfereGOV\",\nROUND(OFFSET($P48,0,AH$13),15-13*ORÇAMENTO!$AF$7)/$H48*OFFSET(ORÇAMENTO!$X$15,ROW(AH48)-ROW(AH$15),0),\nROUND(ROUND(OFFSET($P48,0,AH$13),15-13*ORÇAMENTO!$AF$7)*OFFSET(ORÇAMENTO!$W$15,ROW(AH48)-ROW(AH$15),0),15-13*ORÇAMENTO!$AF$11)),0)","v":0},{"$f":"IF(AND($D48=\"Serviço\",AI$12<>0,$H48>0,OR(AUTOEVENTO<>\"manual\",$M48<>1)),\nIF(Import.TipoArredondamento<>\"TransfereGOV\",\nROUND(OFFSET($P48,0,AI$13),15-13*ORÇAMENTO!$AF$7)/$H48*OFFSET(ORÇAMENTO!$X$15,ROW(AI48)-ROW(AI$15),0),\nROUND(ROUND(OFFSET($P48,0,AI$13),15-13*ORÇAMENTO!$AF$7)*OFFSET(ORÇAMENTO!$W$15,ROW(AI48)-ROW(AI$15),0),15-13*ORÇAMENTO!$AF$11)),0)","v":0},{"$f":"IF(AND($D48=\"Serviço\",AJ$12<>0,$H48>0,OR(AUTOEVENTO<>\"manual\",$M48<>1)),\nIF(Import.TipoArredondamento<>\"TransfereGOV\",\nROUND(OFFSET($P48,0,AJ$13),15-13*ORÇAMENTO!$AF$7)/$H48*OFFSET(ORÇAMENTO!$X$15,ROW(AJ48)-ROW(AJ$15),0),\nROUND(ROUND(OFFSET($P48,0,AJ$13),15-13*ORÇAMENTO!$AF$7)*OFFSET(ORÇAMENTO!$W$15,ROW(AJ48)-ROW(AJ$15),0),15-13*ORÇAMENTO!$AF$11)),0)","v":0},{"$f":"IF(AND($D48=\"Serviço\",AK$12<>0,$H48>0,OR(AUTOEVENTO<>\"manual\",$M48<>1)),\nIF(Import.TipoArredondamento<>\"TransfereGOV\",\nROUND(OFFSET($P48,0,AK$13),15-13*ORÇAMENTO!$AF$7)/$H48*OFFSET(ORÇAMENTO!$X$15,ROW(AK48)-ROW(AK$15),0),\nROUND(ROUND(OFFSET($P48,0,AK$13),15-13*ORÇAMENTO!$AF$7)*OFFSET(ORÇAMENTO!$W$15,ROW(AK48)-ROW(AK$15),0),15-13*ORÇAMENTO!$AF$11)),0)","v":0},null,{"$f":"IF($D48<>\"Serviço\",0,IF(AND(AUTOEVENTO=\"Manual\",$M48=1),0,IF(OFFSET(CRONOPLE!$F$14,$M48,AM$13)=\"\",10^12,OFFSET(CRONOPLE!$F$14,$M48,AM$13))))","v":1000000000000},{"$f":"IF($D48<>\"Serviço\",0,IF(AND(AUTOEVENTO=\"Manual\",$M48=1),0,IF(OFFSET(CRONOPLE!$F$14,$M48,AN$13)=\"\",10^12,OFFSET(CRONOPLE!$F$14,$M48,AN$13))))","v":1000000000000},{"$f":"IF($D48<>\"Serviço\",0,IF(AND(AUTOEVENTO=\"Manual\",$M48=1),0,IF(OFFSET(CRONOPLE!$F$14,$M48,AO$13)=\"\",10^12,OFFSET(CRONOPLE!$F$14,$M48,AO$13))))","v":1000000000000},{"$f":"IF($D48<>\"Serviço\",0,IF(AND(AUTOEVENTO=\"Manual\",$M48=1),0,IF(OFFSET(CRONOPLE!$F$14,$M48,AP$13)=\"\",10^12,OFFSET(CRONOPLE!$F$14,$M48,AP$13))))","v":1000000000000},{"$f":"IF($D48<>\"Serviço\",0,IF(AND(AUTOEVENTO=\"Manual\",$M48=1),0,IF(OFFSET(CRONOPLE!$F$14,$M48,AQ$13)=\"\",10^12,OFFSET(CRONOPLE!$F$14,$M48,AQ$13))))","v":1000000000000},{"$f":"IF($D48<>\"Serviço\",0,IF(AND(AUTOEVENTO=\"Manual\",$M48=1),0,IF(OFFSET(CRONOPLE!$F$14,$M48,AR$13)=\"\",10^12,OFFSET(CRONOPLE!$F$14,$M48,AR$13))))","v":1000000000000},{"$f":"IF($D48<>\"Serviço\",0,IF(AND(AUTOEVENTO=\"Manual\",$M48=1),0,IF(OFFSET(CRONOPLE!$F$14,$M48,AS$13)=\"\",10^12,OFFSET(CRONOPLE!$F$14,$M48,AS$13))))","v":1000000000000},{"$f":"IF($D48<>\"Serviço\",0,IF(AND(AUTOEVENTO=\"Manual\",$M48=1),0,IF(OFFSET(CRONOPLE!$F$14,$M48,AT$13)=\"\",10^12,OFFSET(CRONOPLE!$F$14,$M48,AT$13))))","v":1000000000000},{"$f":"IF($D48<>\"Serviço\",0,IF(AND(AUTOEVENTO=\"Manual\",$M48=1),0,IF(OFFSET(CRONOPLE!$F$14,$M48,AU$13)=\"\",10^12,OFFSET(CRONOPLE!$F$14,$M48,AU$13))))","v":1000000000000},{"$f":"IF($D48<>\"Serviço\",0,IF(AND(AUTOEVENTO=\"Manual\",$M48=1),0,IF(OFFSET(CRONOPLE!$F$14,$M48,AV$13)=\"\",10^12,OFFSET(CRONOPLE!$F$14,$M48,AV$13))))","v":1000000000000},null,{"$f":"IF($D48<>\"Serviço\",0,IF(OR(AND(AUTOEVENTO=\"Manual\",$M48=1),$M48>(ROW(PLE.lastrow)-ROW(PLE.firstrow))),0,IF(OFFSET(PLE!$G$14,$M48,AX$13)=\"\",10^12,OFFSET(PLE!$G$14,$M48,AX$13))))","v":1000000000000},{"$f":"IF($D48<>\"Serviço\",0,IF(OR(AND(AUTOEVENTO=\"Manual\",$M48=1),$M48>(ROW(PLE.lastrow)-ROW(PLE.firstrow))),0,IF(OFFSET(PLE!$G$14,$M48,AY$13)=\"\",10^12,OFFSET(PLE!$G$14,$M48,AY$13))))","v":1000000000000},{"$f":"IF($D48<>\"Serviço\",0,IF(OR(AND(AUTOEVENTO=\"Manual\",$M48=1),$M48>(ROW(PLE.lastrow)-ROW(PLE.firstrow))),0,IF(OFFSET(PLE!$G$14,$M48,AZ$13)=\"\",10^12,OFFSET(PLE!$G$14,$M48,AZ$13))))","v":1000000000000},{"$f":"IF($D48<>\"Serviço\",0,IF(OR(AND(AUTOEVENTO=\"Manual\",$M48=1),$M48>(ROW(PLE.lastrow)-ROW(PLE.firstrow))),0,IF(OFFSET(PLE!$G$14,$M48,BA$13)=\"\",10^12,OFFSET(PLE!$G$14,$M48,BA$13))))","v":1000000000000},{"$f":"IF($D48<>\"Serviço\",0,IF(OR(AND(AUTOEVENTO=\"Manual\",$M48=1),$M48>(ROW(PLE.lastrow)-ROW(PLE.firstrow))),0,IF(OFFSET(PLE!$G$14,$M48,BB$13)=\"\",10^12,OFFSET(PLE!$G$14,$M48,BB$13))))","v":1000000000000},{"$f":"IF($D48<>\"Serviço\",0,IF(OR(AND(AUTOEVENTO=\"Manual\",$M48=1),$M48>(ROW(PLE.lastrow)-ROW(PLE.firstrow))),0,IF(OFFSET(PLE!$G$14,$M48,BC$13)=\"\",10^12,OFFSET(PLE!$G$14,$M48,BC$13))))","v":1000000000000},{"$f":"IF($D48<>\"Serviço\",0,IF(OR(AND(AUTOEVENTO=\"Manual\",$M48=1),$M48>(ROW(PLE.lastrow)-ROW(PLE.firstrow))),0,IF(OFFSET(PLE!$G$14,$M48,BD$13)=\"\",10^12,OFFSET(PLE!$G$14,$M48,BD$13))))","v":1000000000000},{"$f":"IF($D48<>\"Serviço\",0,IF(OR(AND(AUTOEVENTO=\"Manual\",$M48=1),$M48>(ROW(PLE.lastrow)-ROW(PLE.firstrow))),0,IF(OFFSET(PLE!$G$14,$M48,BE$13)=\"\",10^12,OFFSET(PLE!$G$14,$M48,BE$13))))","v":1000000000000},{"$f":"IF($D48<>\"Serviço\",0,IF(OR(AND(AUTOEVENTO=\"Manual\",$M48=1),$M48>(ROW(PLE.lastrow)-ROW(PLE.firstrow))),0,IF(OFFSET(PLE!$G$14,$M48,BF$13)=\"\",10^12,OFFSET(PLE!$G$14,$M48,BF$13))))","v":1000000000000},{"$f":"IF($D48<>\"Serviço\",0,IF(OR(AND(AUTOEVENTO=\"Manual\",$M48=1),$M48>(ROW(PLE.lastrow)-ROW(PLE.firstrow))),0,IF(OFFSET(PLE!$G$14,$M48,BG$13)=\"\",10^12,OFFSET(PLE!$G$14,$M48,BG$13))))","v":1000000000000}]
["2",{"$f":"OFFSET(ORÇAMENTO!C$15,ROW(B49)-ROW(B$15),0)","v":"S"},{"$f":"OFFSET(ORÇAMENTO!L$15,ROW(C49)-ROW(C$15),0)","v":""},{"$f":"OFFSET(ORÇAMENTO!N$15,ROW(D49)-ROW(D$15),0)","v":"Serviço"},{"$f":"OFFSET(ORÇAMENTO!O$15,ROW(E49)-ROW(E$15),0)","v":"-"},{"$f":"OFFSET(ORÇAMENTO!R$15,ROW(F49)-ROW(F$15),0)","v":"(Sem Código)"},{"$f":"IF($D49<>\"Serviço\",\"\",OFFSET(ORÇAMENTO!S$15,ROW(G49)-ROW(G$15),0))","v":"-"},{"$f":"IF($D49<>\"Serviço\",0,IF(ACOMPANHAMENTO=\"BM\",ROUND(OFFSET(ORÇAMENTO!AJ$15,ROW(H49)-ROW(H$15),0),15-13*ORÇAMENTO!$AF$7),SUMPRODUCT(($Q$12:$AA$12<>\"\")*ROUND($Q49:$AA49,15-13*ORÇAMENTO!$AF$7))))","v":0},null,null,null,".",{"$f":"IF($D49<>\"Serviço\",\"\",IF(AUTOEVENTO=\"manual\",$A49,IF(ISERROR(MATCH($A49,$A$15:OFFSET($A49,-1,0),0)),MAX($M$15:OFFSET(M49,-1,0))+1,INDEX($M$15:OFFSET(M49,-1,0),MATCH($A49,$A$15:OFFSET($A49,-1,0),0)))))","v":2},{"$f":"IF($D49<>\"Serviço\",\"\",IF(AUTOEVENTO=\"Manual\",IF($A49=0,\"<-- defina o número do agrupador\",OFFSET(EVENTOS!$D$14,$A49,0)),OFFSET($F$15,$A49,0)))","v":"SERVIÇOS PRELIMINARES, CANTEIRO DE OBRAS, SEGURANÇA E SAÚDE"},null,null,null,null,null,null,null,null,null,null,null,null,null,{"$f":"IF(AND($D49=\"Serviço\",AB$12<>0,$H49>0,OR(AUTOEVENTO<>\"manual\",$M49<>1)),\nIF(Import.TipoArredondamento<>\"TransfereGOV\",\nROUND(OFFSET($P49,0,AB$13),15-13*ORÇAMENTO!$AF$7)/$H49*OFFSET(ORÇAMENTO!$X$15,ROW(AB49)-ROW(AB$15),0),\nROUND(ROUND(OFFSET($P49,0,AB$13),15-13*ORÇAMENTO!$AF$7)*OFFSET(ORÇAMENTO!$W$15,ROW(AB49)-ROW(AB$15),0),15-13*ORÇAMENTO!$AF$11)),0)","v":0},{"$f":"IF(AND($D49=\"Serviço\",AC$12<>0,$H49>0,OR(AUTOEVENTO<>\"manual\",$M49<>1)),\nIF(Import.TipoArredondamento<>\"TransfereGOV\",\nROUND(OFFSET($P49,0,AC$13),15-13*ORÇAMENTO!$AF$7)/$H49*OFFSET(ORÇAMENTO!$X$15,ROW(AC49)-ROW(AC$15),0),\nROUND(ROUND(OFFSET($P49,0,AC$13),15-13*ORÇAMENTO!$AF$7)*OFFSET(ORÇAMENTO!$W$15,ROW(AC49)-ROW(AC$15),0),15-13*ORÇAMENTO!$AF$11)),0)","v":0},{"$f":"IF(AND($D49=\"Serviço\",AD$12<>0,$H49>0,OR(AUTOEVENTO<>\"manual\",$M49<>1)),\nIF(Import.TipoArredondamento<>\"TransfereGOV\",\nROUND(OFFSET($P49,0,AD$13),15-13*ORÇAMENTO!$AF$7)/$H49*OFFSET(ORÇAMENTO!$X$15,ROW(AD49)-ROW(AD$15),0),\nROUND(ROUND(OFFSET($P49,0,AD$13),15-13*ORÇAMENTO!$AF$7)*OFFSET(ORÇAMENTO!$W$15,ROW(AD49)-ROW(AD$15),0),15-13*ORÇAMENTO!$AF$11)),0)","v":0},{"$f":"IF(AND($D49=\"Serviço\",AE$12<>0,$H49>0,OR(AUTOEVENTO<>\"manual\",$M49<>1)),\nIF(Import.TipoArredondamento<>\"TransfereGOV\",\nROUND(OFFSET($P49,0,AE$13),15-13*ORÇAMENTO!$AF$7)/$H49*OFFSET(ORÇAMENTO!$X$15,ROW(AE49)-ROW(AE$15),0),\nROUND(ROUND(OFFSET($P49,0,AE$13),15-13*ORÇAMENTO!$AF$7)*OFFSET(ORÇAMENTO!$W$15,ROW(AE49)-ROW(AE$15),0),15-13*ORÇAMENTO!$AF$11)),0)","v":0},{"$f":"IF(AND($D49=\"Serviço\",AF$12<>0,$H49>0,OR(AUTOEVENTO<>\"manual\",$M49<>1)),\nIF(Import.TipoArredondamento<>\"TransfereGOV\",\nROUND(OFFSET($P49,0,AF$13),15-13*ORÇAMENTO!$AF$7)/$H49*OFFSET(ORÇAMENTO!$X$15,ROW(AF49)-ROW(AF$15),0),\nROUND(ROUND(OFFSET($P49,0,AF$13),15-13*ORÇAMENTO!$AF$7)*OFFSET(ORÇAMENTO!$W$15,ROW(AF49)-ROW(AF$15),0),15-13*ORÇAMENTO!$AF$11)),0)","v":0},{"$f":"IF(AND($D49=\"Serviço\",AG$12<>0,$H49>0,OR(AUTOEVENTO<>\"manual\",$M49<>1)),\nIF(Import.TipoArredondamento<>\"TransfereGOV\",\nROUND(OFFSET($P49,0,AG$13),15-13*ORÇAMENTO!$AF$7)/$H49*OFFSET(ORÇAMENTO!$X$15,ROW(AG49)-ROW(AG$15),0),\nROUND(ROUND(OFFSET($P49,0,AG$13),15-13*ORÇAMENTO!$AF$7)*OFFSET(ORÇAMENTO!$W$15,ROW(AG49)-ROW(AG$15),0),15-13*ORÇAMENTO!$AF$11)),0)","v":0},{"$f":"IF(AND($D49=\"Serviço\",AH$12<>0,$H49>0,OR(AUTOEVENTO<>\"manual\",$M49<>1)),\nIF(Import.TipoArredondamento<>\"TransfereGOV\",\nROUND(OFFSET($P49,0,AH$13),15-13*ORÇAMENTO!$AF$7)/$H49*OFFSET(ORÇAMENTO!$X$15,ROW(AH49)-ROW(AH$15),0),\nROUND(ROUND(OFFSET($P49,0,AH$13),15-13*ORÇAMENTO!$AF$7)*OFFSET(ORÇAMENTO!$W$15,ROW(AH49)-ROW(AH$15),0),15-13*ORÇAMENTO!$AF$11)),0)","v":0},{"$f":"IF(AND($D49=\"Serviço\",AI$12<>0,$H49>0,OR(AUTOEVENTO<>\"manual\",$M49<>1)),\nIF(Import.TipoArredondamento<>\"TransfereGOV\",\nROUND(OFFSET($P49,0,AI$13),15-13*ORÇAMENTO!$AF$7)/$H49*OFFSET(ORÇAMENTO!$X$15,ROW(AI49)-ROW(AI$15),0),\nROUND(ROUND(OFFSET($P49,0,AI$13),15-13*ORÇAMENTO!$AF$7)*OFFSET(ORÇAMENTO!$W$15,ROW(AI49)-ROW(AI$15),0),15-13*ORÇAMENTO!$AF$11)),0)","v":0},{"$f":"IF(AND($D49=\"Serviço\",AJ$12<>0,$H49>0,OR(AUTOEVENTO<>\"manual\",$M49<>1)),\nIF(Import.TipoArredondamento<>\"TransfereGOV\",\nROUND(OFFSET($P49,0,AJ$13),15-13*ORÇAMENTO!$AF$7)/$H49*OFFSET(ORÇAMENTO!$X$15,ROW(AJ49)-ROW(AJ$15),0),\nROUND(ROUND(OFFSET($P49,0,AJ$13),15-13*ORÇAMENTO!$AF$7)*OFFSET(ORÇAMENTO!$W$15,ROW(AJ49)-ROW(AJ$15),0),15-13*ORÇAMENTO!$AF$11)),0)","v":0},{"$f":"IF(AND($D49=\"Serviço\",AK$12<>0,$H49>0,OR(AUTOEVENTO<>\"manual\",$M49<>1)),\nIF(Import.TipoArredondamento<>\"TransfereGOV\",\nROUND(OFFSET($P49,0,AK$13),15-13*ORÇAMENTO!$AF$7)/$H49*OFFSET(ORÇAMENTO!$X$15,ROW(AK49)-ROW(AK$15),0),\nROUND(ROUND(OFFSET($P49,0,AK$13),15-13*ORÇAMENTO!$AF$7)*OFFSET(ORÇAMENTO!$W$15,ROW(AK49)-ROW(AK$15),0),15-13*ORÇAMENTO!$AF$11)),0)","v":0},null,{"$f":"IF($D49<>\"Serviço\",0,IF(AND(AUTOEVENTO=\"Manual\",$M49=1),0,IF(OFFSET(CRONOPLE!$F$14,$M49,AM$13)=\"\",10^12,OFFSET(CRONOPLE!$F$14,$M49,AM$13))))","v":1000000000000},{"$f":"IF($D49<>\"Serviço\",0,IF(AND(AUTOEVENTO=\"Manual\",$M49=1),0,IF(OFFSET(CRONOPLE!$F$14,$M49,AN$13)=\"\",10^12,OFFSET(CRONOPLE!$F$14,$M49,AN$13))))","v":1000000000000},{"$f":"IF($D49<>\"Serviço\",0,IF(AND(AUTOEVENTO=\"Manual\",$M49=1),0,IF(OFFSET(CRONOPLE!$F$14,$M49,AO$13)=\"\",10^12,OFFSET(CRONOPLE!$F$14,$M49,AO$13))))","v":1000000000000},{"$f":"IF($D49<>\"Serviço\",0,IF(AND(AUTOEVENTO=\"Manual\",$M49=1),0,IF(OFFSET(CRONOPLE!$F$14,$M49,AP$13)=\"\",10^12,OFFSET(CRONOPLE!$F$14,$M49,AP$13))))","v":1000000000000},{"$f":"IF($D49<>\"Serviço\",0,IF(AND(AUTOEVENTO=\"Manual\",$M49=1),0,IF(OFFSET(CRONOPLE!$F$14,$M49,AQ$13)=\"\",10^12,OFFSET(CRONOPLE!$F$14,$M49,AQ$13))))","v":1000000000000},{"$f":"IF($D49<>\"Serviço\",0,IF(AND(AUTOEVENTO=\"Manual\",$M49=1),0,IF(OFFSET(CRONOPLE!$F$14,$M49,AR$13)=\"\",10^12,OFFSET(CRONOPLE!$F$14,$M49,AR$13))))","v":1000000000000},{"$f":"IF($D49<>\"Serviço\",0,IF(AND(AUTOEVENTO=\"Manual\",$M49=1),0,IF(OFFSET(CRONOPLE!$F$14,$M49,AS$13)=\"\",10^12,OFFSET(CRONOPLE!$F$14,$M49,AS$13))))","v":1000000000000},{"$f":"IF($D49<>\"Serviço\",0,IF(AND(AUTOEVENTO=\"Manual\",$M49=1),0,IF(OFFSET(CRONOPLE!$F$14,$M49,AT$13)=\"\",10^12,OFFSET(CRONOPLE!$F$14,$M49,AT$13))))","v":1000000000000},{"$f":"IF($D49<>\"Serviço\",0,IF(AND(AUTOEVENTO=\"Manual\",$M49=1),0,IF(OFFSET(CRONOPLE!$F$14,$M49,AU$13)=\"\",10^12,OFFSET(CRONOPLE!$F$14,$M49,AU$13))))","v":1000000000000},{"$f":"IF($D49<>\"Serviço\",0,IF(AND(AUTOEVENTO=\"Manual\",$M49=1),0,IF(OFFSET(CRONOPLE!$F$14,$M49,AV$13)=\"\",10^12,OFFSET(CRONOPLE!$F$14,$M49,AV$13))))","v":1000000000000},null,{"$f":"IF($D49<>\"Serviço\",0,IF(OR(AND(AUTOEVENTO=\"Manual\",$M49=1),$M49>(ROW(PLE.lastrow)-ROW(PLE.firstrow))),0,IF(OFFSET(PLE!$G$14,$M49,AX$13)=\"\",10^12,OFFSET(PLE!$G$14,$M49,AX$13))))","v":1000000000000},{"$f":"IF($D49<>\"Serviço\",0,IF(OR(AND(AUTOEVENTO=\"Manual\",$M49=1),$M49>(ROW(PLE.lastrow)-ROW(PLE.firstrow))),0,IF(OFFSET(PLE!$G$14,$M49,AY$13)=\"\",10^12,OFFSET(PLE!$G$14,$M49,AY$13))))","v":1000000000000},{"$f":"IF($D49<>\"Serviço\",0,IF(OR(AND(AUTOEVENTO=\"Manual\",$M49=1),$M49>(ROW(PLE.lastrow)-ROW(PLE.firstrow))),0,IF(OFFSET(PLE!$G$14,$M49,AZ$13)=\"\",10^12,OFFSET(PLE!$G$14,$M49,AZ$13))))","v":1000000000000},{"$f":"IF($D49<>\"Serviço\",0,IF(OR(AND(AUTOEVENTO=\"Manual\",$M49=1),$M49>(ROW(PLE.lastrow)-ROW(PLE.firstrow))),0,IF(OFFSET(PLE!$G$14,$M49,BA$13)=\"\",10^12,OFFSET(PLE!$G$14,$M49,BA$13))))","v":1000000000000},{"$f":"IF($D49<>\"Serviço\",0,IF(OR(AND(AUTOEVENTO=\"Manual\",$M49=1),$M49>(ROW(PLE.lastrow)-ROW(PLE.firstrow))),0,IF(OFFSET(PLE!$G$14,$M49,BB$13)=\"\",10^12,OFFSET(PLE!$G$14,$M49,BB$13))))","v":1000000000000},{"$f":"IF($D49<>\"Serviço\",0,IF(OR(AND(AUTOEVENTO=\"Manual\",$M49=1),$M49>(ROW(PLE.lastrow)-ROW(PLE.firstrow))),0,IF(OFFSET(PLE!$G$14,$M49,BC$13)=\"\",10^12,OFFSET(PLE!$G$14,$M49,BC$13))))","v":1000000000000},{"$f":"IF($D49<>\"Serviço\",0,IF(OR(AND(AUTOEVENTO=\"Manual\",$M49=1),$M49>(ROW(PLE.lastrow)-ROW(PLE.firstrow))),0,IF(OFFSET(PLE!$G$14,$M49,BD$13)=\"\",10^12,OFFSET(PLE!$G$14,$M49,BD$13))))","v":1000000000000},{"$f":"IF($D49<>\"Serviço\",0,IF(OR(AND(AUTOEVENTO=\"Manual\",$M49=1),$M49>(ROW(PLE.lastrow)-ROW(PLE.firstrow))),0,IF(OFFSET(PLE!$G$14,$M49,BE$13)=\"\",10^12,OFFSET(PLE!$G$14,$M49,BE$13))))","v":1000000000000},{"$f":"IF($D49<>\"Serviço\",0,IF(OR(AND(AUTOEVENTO=\"Manual\",$M49=1),$M49>(ROW(PLE.lastrow)-ROW(PLE.firstrow))),0,IF(OFFSET(PLE!$G$14,$M49,BF$13)=\"\",10^12,OFFSET(PLE!$G$14,$M49,BF$13))))","v":1000000000000},{"$f":"IF($D49<>\"Serviço\",0,IF(OR(AND(AUTOEVENTO=\"Manual\",$M49=1),$M49>(ROW(PLE.lastrow)-ROW(PLE.firstrow))),0,IF(OFFSET(PLE!$G$14,$M49,BG$13)=\"\",10^12,OFFSET(PLE!$G$14,$M49,BG$13))))","v":1000000000000}]
["35.",{"$f":"OFFSET(ORÇAMENTO!C$15,ROW(B50)-ROW(B$15),0)","v":2},{"$f":"OFFSET(ORÇAMENTO!L$15,ROW(C50)-ROW(C$15),0)","v":"F"},{"$f":"OFFSET(ORÇAMENTO!N$15,ROW(D50)-ROW(D$15),0)","v":"Nível 2"},{"$f":"OFFSET(ORÇAMENTO!O$15,ROW(E50)-ROW(E$15),0)","v":"1.2."},{"$f":"OFFSET(ORÇAMENTO!R$15,ROW(F50)-ROW(F$15),0)","v":"MOVIMENTAÇÃO DE TERRA"},{"$f":"IF($D50<>\"Serviço\",\"\",OFFSET(ORÇAMENTO!S$15,ROW(G50)-ROW(G$15),0))","v":""},{"$f":"IF($D50<>\"Serviço\",0,IF(ACOMPANHAMENTO=\"BM\",ROUND(OFFSET(ORÇAMENTO!AJ$15,ROW(H50)-ROW(H$15),0),15-13*ORÇAMENTO!$AF$7),SUMPRODUCT(($Q$12:$AA$12<>\"\")*ROUND($Q50:$AA50,15-13*ORÇAMENTO!$AF$7))))","v":0},null,null,null,".",{"$f":"IF($D50<>\"Serviço\",\"\",IF(AUTOEVENTO=\"manual\",$A50,IF(ISERROR(MATCH($A50,$A$15:OFFSET($A50,-1,0),0)),MAX($M$15:OFFSET(M50,-1,0))+1,INDEX($M$15:OFFSET(M50,-1,0),MATCH($A50,$A$15:OFFSET($A50,-1,0),0)))))","v":""},{"$f":"IF($D50<>\"Serviço\",\"\",IF(AUTOEVENTO=\"Manual\",IF($A50=0,\"<-- defina o número do agrupador\",OFFSET(EVENTOS!$D$14,$A50,0)),OFFSET($F$15,$A50,0)))","v":""},null,null,null,null,null,null,null,null,null,null,null,null,null,{"$f":"IF(AND($D50=\"Serviço\",AB$12<>0,$H50>0,OR(AUTOEVENTO<>\"manual\",$M50<>1)),\nIF(Import.TipoArredondamento<>\"TransfereGOV\",\nROUND(OFFSET($P50,0,AB$13),15-13*ORÇAMENTO!$AF$7)/$H50*OFFSET(ORÇAMENTO!$X$15,ROW(AB50)-ROW(AB$15),0),\nROUND(ROUND(OFFSET($P50,0,AB$13),15-13*ORÇAMENTO!$AF$7)*OFFSET(ORÇAMENTO!$W$15,ROW(AB50)-ROW(AB$15),0),15-13*ORÇAMENTO!$AF$11)),0)","v":0},{"$f":"IF(AND($D50=\"Serviço\",AC$12<>0,$H50>0,OR(AUTOEVENTO<>\"manual\",$M50<>1)),\nIF(Import.TipoArredondamento<>\"TransfereGOV\",\nROUND(OFFSET($P50,0,AC$13),15-13*ORÇAMENTO!$AF$7)/$H50*OFFSET(ORÇAMENTO!$X$15,ROW(AC50)-ROW(AC$15),0),\nROUND(ROUND(OFFSET($P50,0,AC$13),15-13*ORÇAMENTO!$AF$7)*OFFSET(ORÇAMENTO!$W$15,ROW(AC50)-ROW(AC$15),0),15-13*ORÇAMENTO!$AF$11)),0)","v":0},{"$f":"IF(AND($D50=\"Serviço\",AD$12<>0,$H50>0,OR(AUTOEVENTO<>\"manual\",$M50<>1)),\nIF(Import.TipoArredondamento<>\"TransfereGOV\",\nROUND(OFFSET($P50,0,AD$13),15-13*ORÇAMENTO!$AF$7)/$H50*OFFSET(ORÇAMENTO!$X$15,ROW(AD50)-ROW(AD$15),0),\nROUND(ROUND(OFFSET($P50,0,AD$13),15-13*ORÇAMENTO!$AF$7)*OFFSET(ORÇAMENTO!$W$15,ROW(AD50)-ROW(AD$15),0),15-13*ORÇAMENTO!$AF$11)),0)","v":0},{"$f":"IF(AND($D50=\"Serviço\",AE$12<>0,$H50>0,OR(AUTOEVENTO<>\"manual\",$M50<>1)),\nIF(Import.TipoArredondamento<>\"TransfereGOV\",\nROUND(OFFSET($P50,0,AE$13),15-13*ORÇAMENTO!$AF$7)/$H50*OFFSET(ORÇAMENTO!$X$15,ROW(AE50)-ROW(AE$15),0),\nROUND(ROUND(OFFSET($P50,0,AE$13),15-13*ORÇAMENTO!$AF$7)*OFFSET(ORÇAMENTO!$W$15,ROW(AE50)-ROW(AE$15),0),15-13*ORÇAMENTO!$AF$11)),0)","v":0},{"$f":"IF(AND($D50=\"Serviço\",AF$12<>0,$H50>0,OR(AUTOEVENTO<>\"manual\",$M50<>1)),\nIF(Import.TipoArredondamento<>\"TransfereGOV\",\nROUND(OFFSET($P50,0,AF$13),15-13*ORÇAMENTO!$AF$7)/$H50*OFFSET(ORÇAMENTO!$X$15,ROW(AF50)-ROW(AF$15),0),\nROUND(ROUND(OFFSET($P50,0,AF$13),15-13*ORÇAMENTO!$AF$7)*OFFSET(ORÇAMENTO!$W$15,ROW(AF50)-ROW(AF$15),0),15-13*ORÇAMENTO!$AF$11)),0)","v":0},{"$f":"IF(AND($D50=\"Serviço\",AG$12<>0,$H50>0,OR(AUTOEVENTO<>\"manual\",$M50<>1)),\nIF(Import.TipoArredondamento<>\"TransfereGOV\",\nROUND(OFFSET($P50,0,AG$13),15-13*ORÇAMENTO!$AF$7)/$H50*OFFSET(ORÇAMENTO!$X$15,ROW(AG50)-ROW(AG$15),0),\nROUND(ROUND(OFFSET($P50,0,AG$13),15-13*ORÇAMENTO!$AF$7)*OFFSET(ORÇAMENTO!$W$15,ROW(AG50)-ROW(AG$15),0),15-13*ORÇAMENTO!$AF$11)),0)","v":0},{"$f":"IF(AND($D50=\"Serviço\",AH$12<>0,$H50>0,OR(AUTOEVENTO<>\"manual\",$M50<>1)),\nIF(Import.TipoArredondamento<>\"TransfereGOV\",\nROUND(OFFSET($P50,0,AH$13),15-13*ORÇAMENTO!$AF$7)/$H50*OFFSET(ORÇAMENTO!$X$15,ROW(AH50)-ROW(AH$15),0),\nROUND(ROUND(OFFSET($P50,0,AH$13),15-13*ORÇAMENTO!$AF$7)*OFFSET(ORÇAMENTO!$W$15,ROW(AH50)-ROW(AH$15),0),15-13*ORÇAMENTO!$AF$11)),0)","v":0},{"$f":"IF(AND($D50=\"Serviço\",AI$12<>0,$H50>0,OR(AUTOEVENTO<>\"manual\",$M50<>1)),\nIF(Import.TipoArredondamento<>\"TransfereGOV\",\nROUND(OFFSET($P50,0,AI$13),15-13*ORÇAMENTO!$AF$7)/$H50*OFFSET(ORÇAMENTO!$X$15,ROW(AI50)-ROW(AI$15),0),\nROUND(ROUND(OFFSET($P50,0,AI$13),15-13*ORÇAMENTO!$AF$7)*OFFSET(ORÇAMENTO!$W$15,ROW(AI50)-ROW(AI$15),0),15-13*ORÇAMENTO!$AF$11)),0)","v":0},{"$f":"IF(AND($D50=\"Serviço\",AJ$12<>0,$H50>0,OR(AUTOEVENTO<>\"manual\",$M50<>1)),\nIF(Import.TipoArredondamento<>\"TransfereGOV\",\nROUND(OFFSET($P50,0,AJ$13),15-13*ORÇAMENTO!$AF$7)/$H50*OFFSET(ORÇAMENTO!$X$15,ROW(AJ50)-ROW(AJ$15),0),\nROUND(ROUND(OFFSET($P50,0,AJ$13),15-13*ORÇAMENTO!$AF$7)*OFFSET(ORÇAMENTO!$W$15,ROW(AJ50)-ROW(AJ$15),0),15-13*ORÇAMENTO!$AF$11)),0)","v":0},{"$f":"IF(AND($D50=\"Serviço\",AK$12<>0,$H50>0,OR(AUTOEVENTO<>\"manual\",$M50<>1)),\nIF(Import.TipoArredondamento<>\"TransfereGOV\",\nROUND(OFFSET($P50,0,AK$13),15-13*ORÇAMENTO!$AF$7)/$H50*OFFSET(ORÇAMENTO!$X$15,ROW(AK50)-ROW(AK$15),0),\nROUND(ROUND(OFFSET($P50,0,AK$13),15-13*ORÇAMENTO!$AF$7)*OFFSET(ORÇAMENTO!$W$15,ROW(AK50)-ROW(AK$15),0),15-13*ORÇAMENTO!$AF$11)),0)","v":0},null,{"$f":"IF($D50<>\"Serviço\",0,IF(AND(AUTOEVENTO=\"Manual\",$M50=1),0,IF(OFFSET(CRONOPLE!$F$14,$M50,AM$13)=\"\",10^12,OFFSET(CRONOPLE!$F$14,$M50,AM$13))))","v":0},{"$f":"IF($D50<>\"Serviço\",0,IF(AND(AUTOEVENTO=\"Manual\",$M50=1),0,IF(OFFSET(CRONOPLE!$F$14,$M50,AN$13)=\"\",10^12,OFFSET(CRONOPLE!$F$14,$M50,AN$13))))","v":0},{"$f":"IF($D50<>\"Serviço\",0,IF(AND(AUTOEVENTO=\"Manual\",$M50=1),0,IF(OFFSET(CRONOPLE!$F$14,$M50,AO$13)=\"\",10^12,OFFSET(CRONOPLE!$F$14,$M50,AO$13))))","v":0},{"$f":"IF($D50<>\"Serviço\",0,IF(AND(AUTOEVENTO=\"Manual\",$M50=1),0,IF(OFFSET(CRONOPLE!$F$14,$M50,AP$13)=\"\",10^12,OFFSET(CRONOPLE!$F$14,$M50,AP$13))))","v":0},{"$f":"IF($D50<>\"Serviço\",0,IF(AND(AUTOEVENTO=\"Manual\",$M50=1),0,IF(OFFSET(CRONOPLE!$F$14,$M50,AQ$13)=\"\",10^12,OFFSET(CRONOPLE!$F$14,$M50,AQ$13))))","v":0},{"$f":"IF($D50<>\"Serviço\",0,IF(AND(AUTOEVENTO=\"Manual\",$M50=1),0,IF(OFFSET(CRONOPLE!$F$14,$M50,AR$13)=\"\",10^12,OFFSET(CRONOPLE!$F$14,$M50,AR$13))))","v":0},{"$f":"IF($D50<>\"Serviço\",0,IF(AND(AUTOEVENTO=\"Manual\",$M50=1),0,IF(OFFSET(CRONOPLE!$F$14,$M50,AS$13)=\"\",10^12,OFFSET(CRONOPLE!$F$14,$M50,AS$13))))","v":0},{"$f":"IF($D50<>\"Serviço\",0,IF(AND(AUTOEVENTO=\"Manual\",$M50=1),0,IF(OFFSET(CRONOPLE!$F$14,$M50,AT$13)=\"\",10^12,OFFSET(CRONOPLE!$F$14,$M50,AT$13))))","v":0},{"$f":"IF($D50<>\"Serviço\",0,IF(AND(AUTOEVENTO=\"Manual\",$M50=1),0,IF(OFFSET(CRONOPLE!$F$14,$M50,AU$13)=\"\",10^12,OFFSET(CRONOPLE!$F$14,$M50,AU$13))))","v":0},{"$f":"IF($D50<>\"Serviço\",0,IF(AND(AUTOEVENTO=\"Manual\",$M50=1),0,IF(OFFSET(CRONOPLE!$F$14,$M50,AV$13)=\"\",10^12,OFFSET(CRONOPLE!$F$14,$M50,AV$13))))","v":0},null,{"$f":"IF($D50<>\"Serviço\",0,IF(OR(AND(AUTOEVENTO=\"Manual\",$M50=1),$M50>(ROW(PLE.lastrow)-ROW(PLE.firstrow))),0,IF(OFFSET(PLE!$G$14,$M50,AX$13)=\"\",10^12,OFFSET(PLE!$G$14,$M50,AX$13))))","v":0},{"$f":"IF($D50<>\"Serviço\",0,IF(OR(AND(AUTOEVENTO=\"Manual\",$M50=1),$M50>(ROW(PLE.lastrow)-ROW(PLE.firstrow))),0,IF(OFFSET(PLE!$G$14,$M50,AY$13)=\"\",10^12,OFFSET(PLE!$G$14,$M50,AY$13))))","v":0},{"$f":"IF($D50<>\"Serviço\",0,IF(OR(AND(AUTOEVENTO=\"Manual\",$M50=1),$M50>(ROW(PLE.lastrow)-ROW(PLE.firstrow))),0,IF(OFFSET(PLE!$G$14,$M50,AZ$13)=\"\",10^12,OFFSET(PLE!$G$14,$M50,AZ$13))))","v":0},{"$f":"IF($D50<>\"Serviço\",0,IF(OR(AND(AUTOEVENTO=\"Manual\",$M50=1),$M50>(ROW(PLE.lastrow)-ROW(PLE.firstrow))),0,IF(OFFSET(PLE!$G$14,$M50,BA$13)=\"\",10^12,OFFSET(PLE!$G$14,$M50,BA$13))))","v":0},{"$f":"IF($D50<>\"Serviço\",0,IF(OR(AND(AUTOEVENTO=\"Manual\",$M50=1),$M50>(ROW(PLE.lastrow)-ROW(PLE.firstrow))),0,IF(OFFSET(PLE!$G$14,$M50,BB$13)=\"\",10^12,OFFSET(PLE!$G$14,$M50,BB$13))))","v":0},{"$f":"IF($D50<>\"Serviço\",0,IF(OR(AND(AUTOEVENTO=\"Manual\",$M50=1),$M50>(ROW(PLE.lastrow)-ROW(PLE.firstrow))),0,IF(OFFSET(PLE!$G$14,$M50,BC$13)=\"\",10^12,OFFSET(PLE!$G$14,$M50,BC$13))))","v":0},{"$f":"IF($D50<>\"Serviço\",0,IF(OR(AND(AUTOEVENTO=\"Manual\",$M50=1),$M50>(ROW(PLE.lastrow)-ROW(PLE.firstrow))),0,IF(OFFSET(PLE!$G$14,$M50,BD$13)=\"\",10^12,OFFSET(PLE!$G$14,$M50,BD$13))))","v":0},{"$f":"IF($D50<>\"Serviço\",0,IF(OR(AND(AUTOEVENTO=\"Manual\",$M50=1),$M50>(ROW(PLE.lastrow)-ROW(PLE.firstrow))),0,IF(OFFSET(PLE!$G$14,$M50,BE$13)=\"\",10^12,OFFSET(PLE!$G$14,$M50,BE$13))))","v":0},{"$f":"IF($D50<>\"Serviço\",0,IF(OR(AND(AUTOEVENTO=\"Manual\",$M50=1),$M50>(ROW(PLE.lastrow)-ROW(PLE.firstrow))),0,IF(OFFSET(PLE!$G$14,$M50,BF$13)=\"\",10^12,OFFSET(PLE!$G$14,$M50,BF$13))))","v":0},{"$f":"IF($D50<>\"Serviço\",0,IF(OR(AND(AUTOEVENTO=\"Manual\",$M50=1),$M50>(ROW(PLE.lastrow)-ROW(PLE.firstrow))),0,IF(OFFSET(PLE!$G$14,$M50,BG$13)=\"\",10^12,OFFSET(PLE!$G$14,$M50,BG$13))))","v":0}]
["35",{"$f":"OFFSET(ORÇAMENTO!C$15,ROW(B51)-ROW(B$15),0)","v":"S"},{"$f":"OFFSET(ORÇAMENTO!L$15,ROW(C51)-ROW(C$15),0)","v":"F"},{"$f":"OFFSET(ORÇAMENTO!N$15,ROW(D51)-ROW(D$15),0)","v":"Serviço"},{"$f":"OFFSET(ORÇAMENTO!O$15,ROW(E51)-ROW(E$15),0)","v":"1.2.0.1."},{"$f":"OFFSET(ORÇAMENTO!R$15,ROW(F51)-ROW(F$15),0)","v":"CARGA, MANOBRA E DESCARGA DE ENTULHO EM CAMINHÃO BASCULANTE 10 M³ - CARGA COM ESCAVADEIRA HIDRÁULICA  (CAÇAMBA DE 0,80 M³ / 111 HP) E DESCARGA LIVRE (UNIDADE: M3). AF_07/2020"},{"$f":"IF($D51<>\"Serviço\",\"\",OFFSET(ORÇAMENTO!S$15,ROW(G51)-ROW(G$15),0))","v":"M3"},{"$f":"IF($D51<>\"Serviço\",0,IF(ACOMPANHAMENTO=\"BM\",ROUND(OFFSET(ORÇAMENTO!AJ$15,ROW(H51)-ROW(H$15),0),15-13*ORÇAMENTO!$AF$7),SUMPRODUCT(($Q$12:$AA$12<>\"\")*ROUND($Q51:$AA51,15-13*ORÇAMENTO!$AF$7))))","v":100},null,null,null,".",{"$f":"IF($D51<>\"Serviço\",\"\",IF(AUTOEVENTO=\"manual\",$A51,IF(ISERROR(MATCH($A51,$A$15:OFFSET($A51,-1,0),0)),MAX($M$15:OFFSET(M51,-1,0))+1,INDEX($M$15:OFFSET(M51,-1,0),MATCH($A51,$A$15:OFFSET($A51,-1,0),0)))))","v":3},{"$f":"IF($D51<>\"Serviço\",\"\",IF(AUTOEVENTO=\"Manual\",IF($A51=0,\"<-- defina o número do agrupador\",OFFSET(EVENTOS!$D$14,$A51,0)),OFFSET($F$15,$A51,0)))","v":"MOVIMENTAÇÃO DE TERRA"},null,null,null,null,null,null,null,null,null,null,null,null,null,{"$f":"IF(AND($D51=\"Serviço\",AB$12<>0,$H51>0,OR(AUTOEVENTO<>\"manual\",$M51<>1)),\nIF(Import.TipoArredondamento<>\"TransfereGOV\",\nROUND(OFFSET($P51,0,AB$13),15-13*ORÇAMENTO!$AF$7)/$H51*OFFSET(ORÇAMENTO!$X$15,ROW(AB51)-ROW(AB$15),0),\nROUND(ROUND(OFFSET($P51,0,AB$13),15-13*ORÇAMENTO!$AF$7)*OFFSET(ORÇAMENTO!$W$15,ROW(AB51)-ROW(AB$15),0),15-13*ORÇAMENTO!$AF$11)),0)","v":0},{"$f":"IF(AND($D51=\"Serviço\",AC$12<>0,$H51>0,OR(AUTOEVENTO<>\"manual\",$M51<>1)),\nIF(Import.TipoArredondamento<>\"TransfereGOV\",\nROUND(OFFSET($P51,0,AC$13),15-13*ORÇAMENTO!$AF$7)/$H51*OFFSET(ORÇAMENTO!$X$15,ROW(AC51)-ROW(AC$15),0),\nROUND(ROUND(OFFSET($P51,0,AC$13),15-13*ORÇAMENTO!$AF$7)*OFFSET(ORÇAMENTO!$W$15,ROW(AC51)-ROW(AC$15),0),15-13*ORÇAMENTO!$AF$11)),0)","v":0},{"$f":"IF(AND($D51=\"Serviço\",AD$12<>0,$H51>0,OR(AUTOEVENTO<>\"manual\",$M51<>1)),\nIF(Import.TipoArredondamento<>\"TransfereGOV\",\nROUND(OFFSET($P51,0,AD$13),15-13*ORÇAMENTO!$AF$7)/$H51*OFFSET(ORÇAMENTO!$X$15,ROW(AD51)-ROW(AD$15),0),\nROUND(ROUND(OFFSET($P51,0,AD$13),15-13*ORÇAMENTO!$AF$7)*OFFSET(ORÇAMENTO!$W$15,ROW(AD51)-ROW(AD$15),0),15-13*ORÇAMENTO!$AF$11)),0)","v":0},{"$f":"IF(AND($D51=\"Serviço\",AE$12<>0,$H51>0,OR(AUTOEVENTO<>\"manual\",$M51<>1)),\nIF(Import.TipoArredondamento<>\"TransfereGOV\",\nROUND(OFFSET($P51,0,AE$13),15-13*ORÇAMENTO!$AF$7)/$H51*OFFSET(ORÇAMENTO!$X$15,ROW(AE51)-ROW(AE$15),0),\nROUND(ROUND(OFFSET($P51,0,AE$13),15-13*ORÇAMENTO!$AF$7)*OFFSET(ORÇAMENTO!$W$15,ROW(AE51)-ROW(AE$15),0),15-13*ORÇAMENTO!$AF$11)),0)","v":0},{"$f":"IF(AND($D51=\"Serviço\",AF$12<>0,$H51>0,OR(AUTOEVENTO<>\"manual\",$M51<>1)),\nIF(Import.TipoArredondamento<>\"TransfereGOV\",\nROUND(OFFSET($P51,0,AF$13),15-13*ORÇAMENTO!$AF$7)/$H51*OFFSET(ORÇAMENTO!$X$15,ROW(AF51)-ROW(AF$15),0),\nROUND(ROUND(OFFSET($P51,0,AF$13),15-13*ORÇAMENTO!$AF$7)*OFFSET(ORÇAMENTO!$W$15,ROW(AF51)-ROW(AF$15),0),15-13*ORÇAMENTO!$AF$11)),0)","v":0},{"$f":"IF(AND($D51=\"Serviço\",AG$12<>0,$H51>0,OR(AUTOEVENTO<>\"manual\",$M51<>1)),\nIF(Import.TipoArredondamento<>\"TransfereGOV\",\nROUND(OFFSET($P51,0,AG$13),15-13*ORÇAMENTO!$AF$7)/$H51*OFFSET(ORÇAMENTO!$X$15,ROW(AG51)-ROW(AG$15),0),\nROUND(ROUND(OFFSET($P51,0,AG$13),15-13*ORÇAMENTO!$AF$7)*OFFSET(ORÇAMENTO!$W$15,ROW(AG51)-ROW(AG$15),0),15-13*ORÇAMENTO!$AF$11)),0)","v":0},{"$f":"IF(AND($D51=\"Serviço\",AH$12<>0,$H51>0,OR(AUTOEVENTO<>\"manual\",$M51<>1)),\nIF(Import.TipoArredondamento<>\"TransfereGOV\",\nROUND(OFFSET($P51,0,AH$13),15-13*ORÇAMENTO!$AF$7)/$H51*OFFSET(ORÇAMENTO!$X$15,ROW(AH51)-ROW(AH$15),0),\nROUND(ROUND(OFFSET($P51,0,AH$13),15-13*ORÇAMENTO!$AF$7)*OFFSET(ORÇAMENTO!$W$15,ROW(AH51)-ROW(AH$15),0),15-13*ORÇAMENTO!$AF$11)),0)","v":0},{"$f":"IF(AND($D51=\"Serviço\",AI$12<>0,$H51>0,OR(AUTOEVENTO<>\"manual\",$M51<>1)),\nIF(Import.TipoArredondamento<>\"TransfereGOV\",\nROUND(OFFSET($P51,0,AI$13),15-13*ORÇAMENTO!$AF$7)/$H51*OFFSET(ORÇAMENTO!$X$15,ROW(AI51)-ROW(AI$15),0),\nROUND(ROUND(OFFSET($P51,0,AI$13),15-13*ORÇAMENTO!$AF$7)*OFFSET(ORÇAMENTO!$W$15,ROW(AI51)-ROW(AI$15),0),15-13*ORÇAMENTO!$AF$11)),0)","v":0},{"$f":"IF(AND($D51=\"Serviço\",AJ$12<>0,$H51>0,OR(AUTOEVENTO<>\"manual\",$M51<>1)),\nIF(Import.TipoArredondamento<>\"TransfereGOV\",\nROUND(OFFSET($P51,0,AJ$13),15-13*ORÇAMENTO!$AF$7)/$H51*OFFSET(ORÇAMENTO!$X$15,ROW(AJ51)-ROW(AJ$15),0),\nROUND(ROUND(OFFSET($P51,0,AJ$13),15-13*ORÇAMENTO!$AF$7)*OFFSET(ORÇAMENTO!$W$15,ROW(AJ51)-ROW(AJ$15),0),15-13*ORÇAMENTO!$AF$11)),0)","v":0},{"$f":"IF(AND($D51=\"Serviço\",AK$12<>0,$H51>0,OR(AUTOEVENTO<>\"manual\",$M51<>1)),\nIF(Import.TipoArredondamento<>\"TransfereGOV\",\nROUND(OFFSET($P51,0,AK$13),15-13*ORÇAMENTO!$AF$7)/$H51*OFFSET(ORÇAMENTO!$X$15,ROW(AK51)-ROW(AK$15),0),\nROUND(ROUND(OFFSET($P51,0,AK$13),15-13*ORÇAMENTO!$AF$7)*OFFSET(ORÇAMENTO!$W$15,ROW(AK51)-ROW(AK$15),0),15-13*ORÇAMENTO!$AF$11)),0)","v":0},null,{"$f":"IF($D51<>\"Serviço\",0,IF(AND(AUTOEVENTO=\"Manual\",$M51=1),0,IF(OFFSET(CRONOPLE!$F$14,$M51,AM$13)=\"\",10^12,OFFSET(CRONOPLE!$F$14,$M51,AM$13))))","v":1000000000000},{"$f":"IF($D51<>\"Serviço\",0,IF(AND(AUTOEVENTO=\"Manual\",$M51=1),0,IF(OFFSET(CRONOPLE!$F$14,$M51,AN$13)=\"\",10^12,OFFSET(CRONOPLE!$F$14,$M51,AN$13))))","v":1000000000000},{"$f":"IF($D51<>\"Serviço\",0,IF(AND(AUTOEVENTO=\"Manual\",$M51=1),0,IF(OFFSET(CRONOPLE!$F$14,$M51,AO$13)=\"\",10^12,OFFSET(CRONOPLE!$F$14,$M51,AO$13))))","v":1000000000000},{"$f":"IF($D51<>\"Serviço\",0,IF(AND(AUTOEVENTO=\"Manual\",$M51=1),0,IF(OFFSET(CRONOPLE!$F$14,$M51,AP$13)=\"\",10^12,OFFSET(CRONOPLE!$F$14,$M51,AP$13))))","v":1000000000000},{"$f":"IF($D51<>\"Serviço\",0,IF(AND(AUTOEVENTO=\"Manual\",$M51=1),0,IF(OFFSET(CRONOPLE!$F$14,$M51,AQ$13)=\"\",10^12,OFFSET(CRONOPLE!$F$14,$M51,AQ$13))))","v":1000000000000},{"$f":"IF($D51<>\"Serviço\",0,IF(AND(AUTOEVENTO=\"Manual\",$M51=1),0,IF(OFFSET(CRONOPLE!$F$14,$M51,AR$13)=\"\",10^12,OFFSET(CRONOPLE!$F$14,$M51,AR$13))))","v":1000000000000},{"$f":"IF($D51<>\"Serviço\",0,IF(AND(AUTOEVENTO=\"Manual\",$M51=1),0,IF(OFFSET(CRONOPLE!$F$14,$M51,AS$13)=\"\",10^12,OFFSET(CRONOPLE!$F$14,$M51,AS$13))))","v":1000000000000},{"$f":"IF($D51<>\"Serviço\",0,IF(AND(AUTOEVENTO=\"Manual\",$M51=1),0,IF(OFFSET(CRONOPLE!$F$14,$M51,AT$13)=\"\",10^12,OFFSET(CRONOPLE!$F$14,$M51,AT$13))))","v":1000000000000},{"$f":"IF($D51<>\"Serviço\",0,IF(AND(AUTOEVENTO=\"Manual\",$M51=1),0,IF(OFFSET(CRONOPLE!$F$14,$M51,AU$13)=\"\",10^12,OFFSET(CRONOPLE!$F$14,$M51,AU$13))))","v":1000000000000},{"$f":"IF($D51<>\"Serviço\",0,IF(AND(AUTOEVENTO=\"Manual\",$M51=1),0,IF(OFFSET(CRONOPLE!$F$14,$M51,AV$13)=\"\",10^12,OFFSET(CRONOPLE!$F$14,$M51,AV$13))))","v":1000000000000},null,{"$f":"IF($D51<>\"Serviço\",0,IF(OR(AND(AUTOEVENTO=\"Manual\",$M51=1),$M51>(ROW(PLE.lastrow)-ROW(PLE.firstrow))),0,IF(OFFSET(PLE!$G$14,$M51,AX$13)=\"\",10^12,OFFSET(PLE!$G$14,$M51,AX$13))))","v":1000000000000},{"$f":"IF($D51<>\"Serviço\",0,IF(OR(AND(AUTOEVENTO=\"Manual\",$M51=1),$M51>(ROW(PLE.lastrow)-ROW(PLE.firstrow))),0,IF(OFFSET(PLE!$G$14,$M51,AY$13)=\"\",10^12,OFFSET(PLE!$G$14,$M51,AY$13))))","v":1000000000000},{"$f":"IF($D51<>\"Serviço\",0,IF(OR(AND(AUTOEVENTO=\"Manual\",$M51=1),$M51>(ROW(PLE.lastrow)-ROW(PLE.firstrow))),0,IF(OFFSET(PLE!$G$14,$M51,AZ$13)=\"\",10^12,OFFSET(PLE!$G$14,$M51,AZ$13))))","v":1000000000000},{"$f":"IF($D51<>\"Serviço\",0,IF(OR(AND(AUTOEVENTO=\"Manual\",$M51=1),$M51>(ROW(PLE.lastrow)-ROW(PLE.firstrow))),0,IF(OFFSET(PLE!$G$14,$M51,BA$13)=\"\",10^12,OFFSET(PLE!$G$14,$M51,BA$13))))","v":1000000000000},{"$f":"IF($D51<>\"Serviço\",0,IF(OR(AND(AUTOEVENTO=\"Manual\",$M51=1),$M51>(ROW(PLE.lastrow)-ROW(PLE.firstrow))),0,IF(OFFSET(PLE!$G$14,$M51,BB$13)=\"\",10^12,OFFSET(PLE!$G$14,$M51,BB$13))))","v":1000000000000},{"$f":"IF($D51<>\"Serviço\",0,IF(OR(AND(AUTOEVENTO=\"Manual\",$M51=1),$M51>(ROW(PLE.lastrow)-ROW(PLE.firstrow))),0,IF(OFFSET(PLE!$G$14,$M51,BC$13)=\"\",10^12,OFFSET(PLE!$G$14,$M51,BC$13))))","v":1000000000000},{"$f":"IF($D51<>\"Serviço\",0,IF(OR(AND(AUTOEVENTO=\"Manual\",$M51=1),$M51>(ROW(PLE.lastrow)-ROW(PLE.firstrow))),0,IF(OFFSET(PLE!$G$14,$M51,BD$13)=\"\",10^12,OFFSET(PLE!$G$14,$M51,BD$13))))","v":1000000000000},{"$f":"IF($D51<>\"Serviço\",0,IF(OR(AND(AUTOEVENTO=\"Manual\",$M51=1),$M51>(ROW(PLE.lastrow)-ROW(PLE.firstrow))),0,IF(OFFSET(PLE!$G$14,$M51,BE$13)=\"\",10^12,OFFSET(PLE!$G$14,$M51,BE$13))))","v":1000000000000},{"$f":"IF($D51<>\"Serviço\",0,IF(OR(AND(AUTOEVENTO=\"Manual\",$M51=1),$M51>(ROW(PLE.lastrow)-ROW(PLE.firstrow))),0,IF(OFFSET(PLE!$G$14,$M51,BF$13)=\"\",10^12,OFFSET(PLE!$G$14,$M51,BF$13))))","v":1000000000000},{"$f":"IF($D51<>\"Serviço\",0,IF(OR(AND(AUTOEVENTO=\"Manual\",$M51=1),$M51>(ROW(PLE.lastrow)-ROW(PLE.firstrow))),0,IF(OFFSET(PLE!$G$14,$M51,BG$13)=\"\",10^12,OFFSET(PLE!$G$14,$M51,BG$13))))","v":1000000000000}]
[{"$f":"IF(AUTOEVENTO=\"Manual\",IF(K52<>\"\",MIN(VALUE(LEFT(K52,FIND(\".\",K52)-1)),COUNTA(EVENTOS.Lista)),0),IF(OR($B52>AUTOEVENTO,$B52=\"S\",$B52=0),SUBSTITUTE(OFFSET($A52,-1,0),IF($D52=\"Serviço\",\".\",\"\"),\"\"),ROW(A52)-ROW($A$15)&\".\"))","v":"35"},{"$f":"OFFSET(ORÇAMENTO!C$15,ROW(B52)-ROW(B$15),0)","v":"S"},{"$f":"OFFSET(ORÇAMENTO!L$15,ROW(C52)-ROW(C$15),0)","v":"F"},{"$f":"OFFSET(ORÇAMENTO!N$15,ROW(D52)-ROW(D$15),0)","v":"Serviço"},{"$f":"OFFSET(ORÇAMENTO!O$15,ROW(E52)-ROW(E$15),0)","v":"1.2.0.2."},{"$f":"OFFSET(ORÇAMENTO!R$15,ROW(F52)-ROW(F$15),0)","v":"TRANSPORTE COM CAMINHÃO BASCULANTE DE 10 M³, EM VIA URBANA PAVIMENTADA, DMT ATÉ 30 KM (UNIDADE: M3XKM). AF_07/2020"},{"$f":"IF($D52<>\"Serviço\",\"\",OFFSET(ORÇAMENTO!S$15,ROW(G52)-ROW(G$15),0))","v":"M3XKM"},{"$f":"IF($D52<>\"Serviço\",0,IF(ACOMPANHAMENTO=\"BM\",ROUND(OFFSET(ORÇAMENTO!AJ$15,ROW(H52)-ROW(H$15),0),15-13*ORÇAMENTO!$AF$7),SUMPRODUCT(($Q$12:$AA$12<>\"\")*ROUND($Q52:$AA52,15-13*ORÇAMENTO!$AF$7))))","v":600},null,null,null,".",{"$f":"IF($D52<>\"Serviço\",\"\",IF(AUTOEVENTO=\"manual\",$A52,IF(ISERROR(MATCH($A52,$A$15:OFFSET($A52,-1,0),0)),MAX($M$15:OFFSET(M52,-1,0))+1,INDEX($M$15:OFFSET(M52,-1,0),MATCH($A52,$A$15:OFFSET($A52,-1,0),0)))))","v":3},{"$f":"IF($D52<>\"Serviço\",\"\",IF(AUTOEVENTO=\"Manual\",IF($A52=0,\"<-- defina o número do agrupador\",OFFSET(EVENTOS!$D$14,$A52,0)),OFFSET($F$15,$A52,0)))","v":"MOVIMENTAÇÃO DE TERRA"},null,null,null,null,null,null,null,null,null,null,null,null,null,{"$f":"IF(AND($D52=\"Serviço\",AB$12<>0,$H52>0,OR(AUTOEVENTO<>\"manual\",$M52<>1)),\nIF(Import.TipoArredondamento<>\"TransfereGOV\",\nROUND(OFFSET($P52,0,AB$13),15-13*ORÇAMENTO!$AF$7)/$H52*OFFSET(ORÇAMENTO!$X$15,ROW(AB52)-ROW(AB$15),0),\nROUND(ROUND(OFFSET($P52,0,AB$13),15-13*ORÇAMENTO!$AF$7)*OFFSET(ORÇAMENTO!$W$15,ROW(AB52)-ROW(AB$15),0),15-13*ORÇAMENTO!$AF$11)),0)","v":0},{"$f":"IF(AND($D52=\"Serviço\",AC$12<>0,$H52>0,OR(AUTOEVENTO<>\"manual\",$M52<>1)),\nIF(Import.TipoArredondamento<>\"TransfereGOV\",\nROUND(OFFSET($P52,0,AC$13),15-13*ORÇAMENTO!$AF$7)/$H52*OFFSET(ORÇAMENTO!$X$15,ROW(AC52)-ROW(AC$15),0),\nROUND(ROUND(OFFSET($P52,0,AC$13),15-13*ORÇAMENTO!$AF$7)*OFFSET(ORÇAMENTO!$W$15,ROW(AC52)-ROW(AC$15),0),15-13*ORÇAMENTO!$AF$11)),0)","v":0},{"$f":"IF(AND($D52=\"Serviço\",AD$12<>0,$H52>0,OR(AUTOEVENTO<>\"manual\",$M52<>1)),\nIF(Import.TipoArredondamento<>\"TransfereGOV\",\nROUND(OFFSET($P52,0,AD$13),15-13*ORÇAMENTO!$AF$7)/$H52*OFFSET(ORÇAMENTO!$X$15,ROW(AD52)-ROW(AD$15),0),\nROUND(ROUND(OFFSET($P52,0,AD$13),15-13*ORÇAMENTO!$AF$7)*OFFSET(ORÇAMENTO!$W$15,ROW(AD52)-ROW(AD$15),0),15-13*ORÇAMENTO!$AF$11)),0)","v":0},{"$f":"IF(AND($D52=\"Serviço\",AE$12<>0,$H52>0,OR(AUTOEVENTO<>\"manual\",$M52<>1)),\nIF(Import.TipoArredondamento<>\"TransfereGOV\",\nROUND(OFFSET($P52,0,AE$13),15-13*ORÇAMENTO!$AF$7)/$H52*OFFSET(ORÇAMENTO!$X$15,ROW(AE52)-ROW(AE$15),0),\nROUND(ROUND(OFFSET($P52,0,AE$13),15-13*ORÇAMENTO!$AF$7)*OFFSET(ORÇAMENTO!$W$15,ROW(AE52)-ROW(AE$15),0),15-13*ORÇAMENTO!$AF$11)),0)","v":0},{"$f":"IF(AND($D52=\"Serviço\",AF$12<>0,$H52>0,OR(AUTOEVENTO<>\"manual\",$M52<>1)),\nIF(Import.TipoArredondamento<>\"TransfereGOV\",\nROUND(OFFSET($P52,0,AF$13),15-13*ORÇAMENTO!$AF$7)/$H52*OFFSET(ORÇAMENTO!$X$15,ROW(AF52)-ROW(AF$15),0),\nROUND(ROUND(OFFSET($P52,0,AF$13),15-13*ORÇAMENTO!$AF$7)*OFFSET(ORÇAMENTO!$W$15,ROW(AF52)-ROW(AF$15),0),15-13*ORÇAMENTO!$AF$11)),0)","v":0},{"$f":"IF(AND($D52=\"Serviço\",AG$12<>0,$H52>0,OR(AUTOEVENTO<>\"manual\",$M52<>1)),\nIF(Import.TipoArredondamento<>\"TransfereGOV\",\nROUND(OFFSET($P52,0,AG$13),15-13*ORÇAMENTO!$AF$7)/$H52*OFFSET(ORÇAMENTO!$X$15,ROW(AG52)-ROW(AG$15),0),\nROUND(ROUND(OFFSET($P52,0,AG$13),15-13*ORÇAMENTO!$AF$7)*OFFSET(ORÇAMENTO!$W$15,ROW(AG52)-ROW(AG$15),0),15-13*ORÇAMENTO!$AF$11)),0)","v":0},{"$f":"IF(AND($D52=\"Serviço\",AH$12<>0,$H52>0,OR(AUTOEVENTO<>\"manual\",$M52<>1)),\nIF(Import.TipoArredondamento<>\"TransfereGOV\",\nROUND(OFFSET($P52,0,AH$13),15-13*ORÇAMENTO!$AF$7)/$H52*OFFSET(ORÇAMENTO!$X$15,ROW(AH52)-ROW(AH$15),0),\nROUND(ROUND(OFFSET($P52,0,AH$13),15-13*ORÇAMENTO!$AF$7)*OFFSET(ORÇAMENTO!$W$15,ROW(AH52)-ROW(AH$15),0),15-13*ORÇAMENTO!$AF$11)),0)","v":0},{"$f":"IF(AND($D52=\"Serviço\",AI$12<>0,$H52>0,OR(AUTOEVENTO<>\"manual\",$M52<>1)),\nIF(Import.TipoArredondamento<>\"TransfereGOV\",\nROUND(OFFSET($P52,0,AI$13),15-13*ORÇAMENTO!$AF$7)/$H52*OFFSET(ORÇAMENTO!$X$15,ROW(AI52)-ROW(AI$15),0),\nROUND(ROUND(OFFSET($P52,0,AI$13),15-13*ORÇAMENTO!$AF$7)*OFFSET(ORÇAMENTO!$W$15,ROW(AI52)-ROW(AI$15),0),15-13*ORÇAMENTO!$AF$11)),0)","v":0},{"$f":"IF(AND($D52=\"Serviço\",AJ$12<>0,$H52>0,OR(AUTOEVENTO<>\"manual\",$M52<>1)),\nIF(Import.TipoArredondamento<>\"TransfereGOV\",\nROUND(OFFSET($P52,0,AJ$13),15-13*ORÇAMENTO!$AF$7)/$H52*OFFSET(ORÇAMENTO!$X$15,ROW(AJ52)-ROW(AJ$15),0),\nROUND(ROUND(OFFSET($P52,0,AJ$13),15-13*ORÇAMENTO!$AF$7)*OFFSET(ORÇAMENTO!$W$15,ROW(AJ52)-ROW(AJ$15),0),15-13*ORÇAMENTO!$AF$11)),0)","v":0},{"$f":"IF(AND($D52=\"Serviço\",AK$12<>0,$H52>0,OR(AUTOEVENTO<>\"manual\",$M52<>1)),\nIF(Import.TipoArredondamento<>\"TransfereGOV\",\nROUND(OFFSET($P52,0,AK$13),15-13*ORÇAMENTO!$AF$7)/$H52*OFFSET(ORÇAMENTO!$X$15,ROW(AK52)-ROW(AK$15),0),\nROUND(ROUND(OFFSET($P52,0,AK$13),15-13*ORÇAMENTO!$AF$7)*OFFSET(ORÇAMENTO!$W$15,ROW(AK52)-ROW(AK$15),0),15-13*ORÇAMENTO!$AF$11)),0)","v":0},null,{"$f":"IF($D52<>\"Serviço\",0,IF(AND(AUTOEVENTO=\"Manual\",$M52=1),0,IF(OFFSET(CRONOPLE!$F$14,$M52,AM$13)=\"\",10^12,OFFSET(CRONOPLE!$F$14,$M52,AM$13))))","v":1000000000000},{"$f":"IF($D52<>\"Serviço\",0,IF(AND(AUTOEVENTO=\"Manual\",$M52=1),0,IF(OFFSET(CRONOPLE!$F$14,$M52,AN$13)=\"\",10^12,OFFSET(CRONOPLE!$F$14,$M52,AN$13))))","v":1000000000000},{"$f":"IF($D52<>\"Serviço\",0,IF(AND(AUTOEVENTO=\"Manual\",$M52=1),0,IF(OFFSET(CRONOPLE!$F$14,$M52,AO$13)=\"\",10^12,OFFSET(CRONOPLE!$F$14,$M52,AO$13))))","v":1000000000000},{"$f":"IF($D52<>\"Serviço\",0,IF(AND(AUTOEVENTO=\"Manual\",$M52=1),0,IF(OFFSET(CRONOPLE!$F$14,$M52,AP$13)=\"\",10^12,OFFSET(CRONOPLE!$F$14,$M52,AP$13))))","v":1000000000000},{"$f":"IF($D52<>\"Serviço\",0,IF(AND(AUTOEVENTO=\"Manual\",$M52=1),0,IF(OFFSET(CRONOPLE!$F$14,$M52,AQ$13)=\"\",10^12,OFFSET(CRONOPLE!$F$14,$M52,AQ$13))))","v":1000000000000},{"$f":"IF($D52<>\"Serviço\",0,IF(AND(AUTOEVENTO=\"Manual\",$M52=1),0,IF(OFFSET(CRONOPLE!$F$14,$M52,AR$13)=\"\",10^12,OFFSET(CRONOPLE!$F$14,$M52,AR$13))))","v":1000000000000},{"$f":"IF($D52<>\"Serviço\",0,IF(AND(AUTOEVENTO=\"Manual\",$M52=1),0,IF(OFFSET(CRONOPLE!$F$14,$M52,AS$13)=\"\",10^12,OFFSET(CRONOPLE!$F$14,$M52,AS$13))))","v":1000000000000},{"$f":"IF($D52<>\"Serviço\",0,IF(AND(AUTOEVENTO=\"Manual\",$M52=1),0,IF(OFFSET(CRONOPLE!$F$14,$M52,AT$13)=\"\",10^12,OFFSET(CRONOPLE!$F$14,$M52,AT$13))))","v":1000000000000},{"$f":"IF($D52<>\"Serviço\",0,IF(AND(AUTOEVENTO=\"Manual\",$M52=1),0,IF(OFFSET(CRONOPLE!$F$14,$M52,AU$13)=\"\",10^12,OFFSET(CRONOPLE!$F$14,$M52,AU$13))))","v":1000000000000},{"$f":"IF($D52<>\"Serviço\",0,IF(AND(AUTOEVENTO=\"Manual\",$M52=1),0,IF(OFFSET(CRONOPLE!$F$14,$M52,AV$13)=\"\",10^12,OFFSET(CRONOPLE!$F$14,$M52,AV$13))))","v":1000000000000},null,{"$f":"IF($D52<>\"Serviço\",0,IF(OR(AND(AUTOEVENTO=\"Manual\",$M52=1),$M52>(ROW(PLE.lastrow)-ROW(PLE.firstrow))),0,IF(OFFSET(PLE!$G$14,$M52,AX$13)=\"\",10^12,OFFSET(PLE!$G$14,$M52,AX$13))))","v":1000000000000},{"$f":"IF($D52<>\"Serviço\",0,IF(OR(AND(AUTOEVENTO=\"Manual\",$M52=1),$M52>(ROW(PLE.lastrow)-ROW(PLE.firstrow))),0,IF(OFFSET(PLE!$G$14,$M52,AY$13)=\"\",10^12,OFFSET(PLE!$G$14,$M52,AY$13))))","v":1000000000000},{"$f":"IF($D52<>\"Serviço\",0,IF(OR(AND(AUTOEVENTO=\"Manual\",$M52=1),$M52>(ROW(PLE.lastrow)-ROW(PLE.firstrow))),0,IF(OFFSET(PLE!$G$14,$M52,AZ$13)=\"\",10^12,OFFSET(PLE!$G$14,$M52,AZ$13))))","v":1000000000000},{"$f":"IF($D52<>\"Serviço\",0,IF(OR(AND(AUTOEVENTO=\"Manual\",$M52=1),$M52>(ROW(PLE.lastrow)-ROW(PLE.firstrow))),0,IF(OFFSET(PLE!$G$14,$M52,BA$13)=\"\",10^12,OFFSET(PLE!$G$14,$M52,BA$13))))","v":1000000000000},{"$f":"IF($D52<>\"Serviço\",0,IF(OR(AND(AUTOEVENTO=\"Manual\",$M52=1),$M52>(ROW(PLE.lastrow)-ROW(PLE.firstrow))),0,IF(OFFSET(PLE!$G$14,$M52,BB$13)=\"\",10^12,OFFSET(PLE!$G$14,$M52,BB$13))))","v":1000000000000},{"$f":"IF($D52<>\"Serviço\",0,IF(OR(AND(AUTOEVENTO=\"Manual\",$M52=1),$M52>(ROW(PLE.lastrow)-ROW(PLE.firstrow))),0,IF(OFFSET(PLE!$G$14,$M52,BC$13)=\"\",10^12,OFFSET(PLE!$G$14,$M52,BC$13))))","v":1000000000000},{"$f":"IF($D52<>\"Serviço\",0,IF(OR(AND(AUTOEVENTO=\"Manual\",$M52=1),$M52>(ROW(PLE.lastrow)-ROW(PLE.firstrow))),0,IF(OFFSET(PLE!$G$14,$M52,BD$13)=\"\",10^12,OFFSET(PLE!$G$14,$M52,BD$13))))","v":1000000000000},{"$f":"IF($D52<>\"Serviço\",0,IF(OR(AND(AUTOEVENTO=\"Manual\",$M52=1),$M52>(ROW(PLE.lastrow)-ROW(PLE.firstrow))),0,IF(OFFSET(PLE!$G$14,$M52,BE$13)=\"\",10^12,OFFSET(PLE!$G$14,$M52,BE$13))))","v":1000000000000},{"$f":"IF($D52<>\"Serviço\",0,IF(OR(AND(AUTOEVENTO=\"Manual\",$M52=1),$M52>(ROW(PLE.lastrow)-ROW(PLE.firstrow))),0,IF(OFFSET(PLE!$G$14,$M52,BF$13)=\"\",10^12,OFFSET(PLE!$G$14,$M52,BF$13))))","v":1000000000000},{"$f":"IF($D52<>\"Serviço\",0,IF(OR(AND(AUTOEVENTO=\"Manual\",$M52=1),$M52>(ROW(PLE.lastrow)-ROW(PLE.firstrow))),0,IF(OFFSET(PLE!$G$14,$M52,BG$13)=\"\",10^12,OFFSET(PLE!$G$14,$M52,BG$13))))","v":1000000000000}]
[{"$f":"IF(AUTOEVENTO=\"Manual\",IF(K53<>\"\",MIN(VALUE(LEFT(K53,FIND(\".\",K53)-1)),COUNTA(EVENTOS.Lista)),0),IF(OR($B53>AUTOEVENTO,$B53=\"S\",$B53=0),SUBSTITUTE(OFFSET($A53,-1,0),IF($D53=\"Serviço\",\".\",\"\"),\"\"),ROW(A53)-ROW($A$15)&\".\"))","v":"35"},{"$f":"OFFSET(ORÇAMENTO!C$15,ROW(B53)-ROW(B$15),0)","v":"S"},{"$f":"OFFSET(ORÇAMENTO!L$15,ROW(C53)-ROW(C$15),0)","v":"F"},{"$f":"OFFSET(ORÇAMENTO!N$15,ROW(D53)-ROW(D$15),0)","v":"Serviço"},{"$f":"OFFSET(ORÇAMENTO!O$15,ROW(E53)-ROW(E$15),0)","v":"1.2.0.3."},{"$f":"OFFSET(ORÇAMENTO!R$15,ROW(F53)-ROW(F$15),0)","v":"ESCAVAÇÃO VERTICAL PARA  EDIFICAÇÃO, COM CARGA, DESCARGA E TRANSPORTE DE SOLO DE 1ª CATEGORIA, COM ESCAVADEIRA HIDRÁULICA (CAÇAMBA: 0,8 M³ / 111HP), FROTA DE 3 CAMINHÕES BASCULANTES DE 10 M³, DMT ATÉ 1 KM E VELOCIDADE MÉDIA 14 KM/H. AF_05/2020"},{"$f":"IF($D53<>\"Serviço\",\"\",OFFSET(ORÇAMENTO!S$15,ROW(G53)-ROW(G$15),0))","v":"M3"},{"$f":"IF($D53<>\"Serviço\",0,IF(ACOMPANHAMENTO=\"BM\",ROUND(OFFSET(ORÇAMENTO!AJ$15,ROW(H53)-ROW(H$15),0),15-13*ORÇAMENTO!$AF$7),SUMPRODUCT(($Q$12:$AA$12<>\"\")*ROUND($Q53:$AA53,15-13*ORÇAMENTO!$AF$7))))","v":292.39999999999998},null,null,null,".",{"$f":"IF($D53<>\"Serviço\",\"\",IF(AUTOEVENTO=\"manual\",$A53,IF(ISERROR(MATCH($A53,$A$15:OFFSET($A53,-1,0),0)),MAX($M$15:OFFSET(M53,-1,0))+1,INDEX($M$15:OFFSET(M53,-1,0),MATCH($A53,$A$15:OFFSET($A53,-1,0),0)))))","v":3},{"$f":"IF($D53<>\"Serviço\",\"\",IF(AUTOEVENTO=\"Manual\",IF($A53=0,\"<-- defina o número do agrupador\",OFFSET(EVENTOS!$D$14,$A53,0)),OFFSET($F$15,$A53,0)))","v":"MOVIMENTAÇÃO DE TERRA"},null,null,null,null,null,null,null,null,null,null,null,null,null,{"$f":"IF(AND($D53=\"Serviço\",AB$12<>0,$H53>0,OR(AUTOEVENTO<>\"manual\",$M53<>1)),\nIF(Import.TipoArredondamento<>\"TransfereGOV\",\nROUND(OFFSET($P53,0,AB$13),15-13*ORÇAMENTO!$AF$7)/$H53*OFFSET(ORÇAMENTO!$X$15,ROW(AB53)-ROW(AB$15),0),\nROUND(ROUND(OFFSET($P53,0,AB$13),15-13*ORÇAMENTO!$AF$7)*OFFSET(ORÇAMENTO!$W$15,ROW(AB53)-ROW(AB$15),0),15-13*ORÇAMENTO!$AF$11)),0)","v":0},{"$f":"IF(AND($D53=\"Serviço\",AC$12<>0,$H53>0,OR(AUTOEVENTO<>\"manual\",$M53<>1)),\nIF(Import.TipoArredondamento<>\"TransfereGOV\",\nROUND(OFFSET($P53,0,AC$13),15-13*ORÇAMENTO!$AF$7)/$H53*OFFSET(ORÇAMENTO!$X$15,ROW(AC53)-ROW(AC$15),0),\nROUND(ROUND(OFFSET($P53,0,AC$13),15-13*ORÇAMENTO!$AF$7)*OFFSET(ORÇAMENTO!$W$15,ROW(AC53)-ROW(AC$15),0),15-13*ORÇAMENTO!$AF$11)),0)","v":0},{"$f":"IF(AND($D53=\"Serviço\",AD$12<>0,$H53>0,OR(AUTOEVENTO<>\"manual\",$M53<>1)),\nIF(Import.TipoArredondamento<>\"TransfereGOV\",\nROUND(OFFSET($P53,0,AD$13),15-13*ORÇAMENTO!$AF$7)/$H53*OFFSET(ORÇAMENTO!$X$15,ROW(AD53)-ROW(AD$15),0),\nROUND(ROUND(OFFSET($P53,0,AD$13),15-13*ORÇAMENTO!$AF$7)*OFFSET(ORÇAMENTO!$W$15,ROW(AD53)-ROW(AD$15),0),15-13*ORÇAMENTO!$AF$11)),0)","v":0},{"$f":"IF(AND($D53=\"Serviço\",AE$12<>0,$H53>0,OR(AUTOEVENTO<>\"manual\",$M53<>1)),\nIF(Import.TipoArredondamento<>\"TransfereGOV\",\nROUND(OFFSET($P53,0,AE$13),15-13*ORÇAMENTO!$AF$7)/$H53*OFFSET(ORÇAMENTO!$X$15,ROW(AE53)-ROW(AE$15),0),\nROUND(ROUND(OFFSET($P53,0,AE$13),15-13*ORÇAMENTO!$AF$7)*OFFSET(ORÇAMENTO!$W$15,ROW(AE53)-ROW(AE$15),0),15-13*ORÇAMENTO!$AF$11)),0)","v":0},{"$f":"IF(AND($D53=\"Serviço\",AF$12<>0,$H53>0,OR(AUTOEVENTO<>\"manual\",$M53<>1)),\nIF(Import.TipoArredondamento<>\"TransfereGOV\",\nROUND(OFFSET($P53,0,AF$13),15-13*ORÇAMENTO!$AF$7)/$H53*OFFSET(ORÇAMENTO!$X$15,ROW(AF53)-ROW(AF$15),0),\nROUND(ROUND(OFFSET($P53,0,AF$13),15-13*ORÇAMENTO!$AF$7)*OFFSET(ORÇAMENTO!$W$15,ROW(AF53)-ROW(AF$15),0),15-13*ORÇAMENTO!$AF$11)),0)","v":0},{"$f":"IF(AND($D53=\"Serviço\",AG$12<>0,$H53>0,OR(AUTOEVENTO<>\"manual\",$M53<>1)),\nIF(Import.TipoArredondamento<>\"TransfereGOV\",\nROUND(OFFSET($P53,0,AG$13),15-13*ORÇAMENTO!$AF$7)/$H53*OFFSET(ORÇAMENTO!$X$15,ROW(AG53)-ROW(AG$15),0),\nROUND(ROUND(OFFSET($P53,0,AG$13),15-13*ORÇAMENTO!$AF$7)*OFFSET(ORÇAMENTO!$W$15,ROW(AG53)-ROW(AG$15),0),15-13*ORÇAMENTO!$AF$11)),0)","v":0},{"$f":"IF(AND($D53=\"Serviço\",AH$12<>0,$H53>0,OR(AUTOEVENTO<>\"manual\",$M53<>1)),\nIF(Import.TipoArredondamento<>\"TransfereGOV\",\nROUND(OFFSET($P53,0,AH$13),15-13*ORÇAMENTO!$AF$7)/$H53*OFFSET(ORÇAMENTO!$X$15,ROW(AH53)-ROW(AH$15),0),\nROUND(ROUND(OFFSET($P53,0,AH$13),15-13*ORÇAMENTO!$AF$7)*OFFSET(ORÇAMENTO!$W$15,ROW(AH53)-ROW(AH$15),0),15-13*ORÇAMENTO!$AF$11)),0)","v":0},{"$f":"IF(AND($D53=\"Serviço\",AI$12<>0,$H53>0,OR(AUTOEVENTO<>\"manual\",$M53<>1)),\nIF(Import.TipoArredondamento<>\"TransfereGOV\",\nROUND(OFFSET($P53,0,AI$13),15-13*ORÇAMENTO!$AF$7)/$H53*OFFSET(ORÇAMENTO!$X$15,ROW(AI53)-ROW(AI$15),0),\nROUND(ROUND(OFFSET($P53,0,AI$13),15-13*ORÇAMENTO!$AF$7)*OFFSET(ORÇAMENTO!$W$15,ROW(AI53)-ROW(AI$15),0),15-13*ORÇAMENTO!$AF$11)),0)","v":0},{"$f":"IF(AND($D53=\"Serviço\",AJ$12<>0,$H53>0,OR(AUTOEVENTO<>\"manual\",$M53<>1)),\nIF(Import.TipoArredondamento<>\"TransfereGOV\",\nROUND(OFFSET($P53,0,AJ$13),15-13*ORÇAMENTO!$AF$7)/$H53*OFFSET(ORÇAMENTO!$X$15,ROW(AJ53)-ROW(AJ$15),0),\nROUND(ROUND(OFFSET($P53,0,AJ$13),15-13*ORÇAMENTO!$AF$7)*OFFSET(ORÇAMENTO!$W$15,ROW(AJ53)-ROW(AJ$15),0),15-13*ORÇAMENTO!$AF$11)),0)","v":0},{"$f":"IF(AND($D53=\"Serviço\",AK$12<>0,$H53>0,OR(AUTOEVENTO<>\"manual\",$M53<>1)),\nIF(Import.TipoArredondamento<>\"TransfereGOV\",\nROUND(OFFSET($P53,0,AK$13),15-13*ORÇAMENTO!$AF$7)/$H53*OFFSET(ORÇAMENTO!$X$15,ROW(AK53)-ROW(AK$15),0),\nROUND(ROUND(OFFSET($P53,0,AK$13),15-13*ORÇAMENTO!$AF$7)*OFFSET(ORÇAMENTO!$W$15,ROW(AK53)-ROW(AK$15),0),15-13*ORÇAMENTO!$AF$11)),0)","v":0},null,{"$f":"IF($D53<>\"Serviço\",0,IF(AND(AUTOEVENTO=\"Manual\",$M53=1),0,IF(OFFSET(CRONOPLE!$F$14,$M53,AM$13)=\"\",10^12,OFFSET(CRONOPLE!$F$14,$M53,AM$13))))","v":1000000000000},{"$f":"IF($D53<>\"Serviço\",0,IF(AND(AUTOEVENTO=\"Manual\",$M53=1),0,IF(OFFSET(CRONOPLE!$F$14,$M53,AN$13)=\"\",10^12,OFFSET(CRONOPLE!$F$14,$M53,AN$13))))","v":1000000000000},{"$f":"IF($D53<>\"Serviço\",0,IF(AND(AUTOEVENTO=\"Manual\",$M53=1),0,IF(OFFSET(CRONOPLE!$F$14,$M53,AO$13)=\"\",10^12,OFFSET(CRONOPLE!$F$14,$M53,AO$13))))","v":1000000000000},{"$f":"IF($D53<>\"Serviço\",0,IF(AND(AUTOEVENTO=\"Manual\",$M53=1),0,IF(OFFSET(CRONOPLE!$F$14,$M53,AP$13)=\"\",10^12,OFFSET(CRONOPLE!$F$14,$M53,AP$13))))","v":1000000000000},{"$f":"IF($D53<>\"Serviço\",0,IF(AND(AUTOEVENTO=\"Manual\",$M53=1),0,IF(OFFSET(CRONOPLE!$F$14,$M53,AQ$13)=\"\",10^12,OFFSET(CRONOPLE!$F$14,$M53,AQ$13))))","v":1000000000000},{"$f":"IF($D53<>\"Serviço\",0,IF(AND(AUTOEVENTO=\"Manual\",$M53=1),0,IF(OFFSET(CRONOPLE!$F$14,$M53,AR$13)=\"\",10^12,OFFSET(CRONOPLE!$F$14,$M53,AR$13))))","v":1000000000000},{"$f":"IF($D53<>\"Serviço\",0,IF(AND(AUTOEVENTO=\"Manual\",$M53=1),0,IF(OFFSET(CRONOPLE!$F$14,$M53,AS$13)=\"\",10^12,OFFSET(CRONOPLE!$F$14,$M53,AS$13))))","v":1000000000000},{"$f":"IF($D53<>\"Serviço\",0,IF(AND(AUTOEVENTO=\"Manual\",$M53=1),0,IF(OFFSET(CRONOPLE!$F$14,$M53,AT$13)=\"\",10^12,OFFSET(CRONOPLE!$F$14,$M53,AT$13))))","v":1000000000000},{"$f":"IF($D53<>\"Serviço\",0,IF(AND(AUTOEVENTO=\"Manual\",$M53=1),0,IF(OFFSET(CRONOPLE!$F$14,$M53,AU$13)=\"\",10^12,OFFSET(CRONOPLE!$F$14,$M53,AU$13))))","v":1000000000000},{"$f":"IF($D53<>\"Serviço\",0,IF(AND(AUTOEVENTO=\"Manual\",$M53=1),0,IF(OFFSET(CRONOPLE!$F$14,$M53,AV$13)=\"\",10^12,OFFSET(CRONOPLE!$F$14,$M53,AV$13))))","v":1000000000000},null,{"$f":"IF($D53<>\"Serviço\",0,IF(OR(AND(AUTOEVENTO=\"Manual\",$M53=1),$M53>(ROW(PLE.lastrow)-ROW(PLE.firstrow))),0,IF(OFFSET(PLE!$G$14,$M53,AX$13)=\"\",10^12,OFFSET(PLE!$G$14,$M53,AX$13))))","v":1000000000000},{"$f":"IF($D53<>\"Serviço\",0,IF(OR(AND(AUTOEVENTO=\"Manual\",$M53=1),$M53>(ROW(PLE.lastrow)-ROW(PLE.firstrow))),0,IF(OFFSET(PLE!$G$14,$M53,AY$13)=\"\",10^12,OFFSET(PLE!$G$14,$M53,AY$13))))","v":1000000000000},{"$f":"IF($D53<>\"Serviço\",0,IF(OR(AND(AUTOEVENTO=\"Manual\",$M53=1),$M53>(ROW(PLE.lastrow)-ROW(PLE.firstrow))),0,IF(OFFSET(PLE!$G$14,$M53,AZ$13)=\"\",10^12,OFFSET(PLE!$G$14,$M53,AZ$13))))","v":1000000000000},{"$f":"IF($D53<>\"Serviço\",0,IF(OR(AND(AUTOEVENTO=\"Manual\",$M53=1),$M53>(ROW(PLE.lastrow)-ROW(PLE.firstrow))),0,IF(OFFSET(PLE!$G$14,$M53,BA$13)=\"\",10^12,OFFSET(PLE!$G$14,$M53,BA$13))))","v":1000000000000},{"$f":"IF($D53<>\"Serviço\",0,IF(OR(AND(AUTOEVENTO=\"Manual\",$M53=1),$M53>(ROW(PLE.lastrow)-ROW(PLE.firstrow))),0,IF(OFFSET(PLE!$G$14,$M53,BB$13)=\"\",10^12,OFFSET(PLE!$G$14,$M53,BB$13))))","v":1000000000000},{"$f":"IF($D53<>\"Serviço\",0,IF(OR(AND(AUTOEVENTO=\"Manual\",$M53=1),$M53>(ROW(PLE.lastrow)-ROW(PLE.firstrow))),0,IF(OFFSET(PLE!$G$14,$M53,BC$13)=\"\",10^12,OFFSET(PLE!$G$14,$M53,BC$13))))","v":1000000000000},{"$f":"IF($D53<>\"Serviço\",0,IF(OR(AND(AUTOEVENTO=\"Manual\",$M53=1),$M53>(ROW(PLE.lastrow)-ROW(PLE.firstrow))),0,IF(OFFSET(PLE!$G$14,$M53,BD$13)=\"\",10^12,OFFSET(PLE!$G$14,$M53,BD$13))))","v":1000000000000},{"$f":"IF($D53<>\"Serviço\",0,IF(OR(AND(AUTOEVENTO=\"Manual\",$M53=1),$M53>(ROW(PLE.lastrow)-ROW(PLE.firstrow))),0,IF(OFFSET(PLE!$G$14,$M53,BE$13)=\"\",10^12,OFFSET(PLE!$G$14,$M53,BE$13))))","v":1000000000000},{"$f":"IF($D53<>\"Serviço\",0,IF(OR(AND(AUTOEVENTO=\"Manual\",$M53=1),$M53>(ROW(PLE.lastrow)-ROW(PLE.firstrow))),0,IF(OFFSET(PLE!$G$14,$M53,BF$13)=\"\",10^12,OFFSET(PLE!$G$14,$M53,BF$13))))","v":1000000000000},{"$f":"IF($D53<>\"Serviço\",0,IF(OR(AND(AUTOEVENTO=\"Manual\",$M53=1),$M53>(ROW(PLE.lastrow)-ROW(PLE.firstrow))),0,IF(OFFSET(PLE!$G$14,$M53,BG$13)=\"\",10^12,OFFSET(PLE!$G$14,$M53,BG$13))))","v":1000000000000}]
[{"$f":"IF(AUTOEVENTO=\"Manual\",IF(K54<>\"\",MIN(VALUE(LEFT(K54,FIND(\".\",K54)-1)),COUNTA(EVENTOS.Lista)),0),IF(OR($B54>AUTOEVENTO,$B54=\"S\",$B54=0),SUBSTITUTE(OFFSET($A54,-1,0),IF($D54=\"Serviço\",\".\",\"\"),\"\"),ROW(A54)-ROW($A$15)&\".\"))","v":"35"},{"$f":"OFFSET(ORÇAMENTO!C$15,ROW(B54)-ROW(B$15),0)","v":"S"},{"$f":"OFFSET(ORÇAMENTO!L$15,ROW(C54)-ROW(C$15),0)","v":"F"},{"$f":"OFFSET(ORÇAMENTO!N$15,ROW(D54)-ROW(D$15),0)","v":"Serviço"},{"$f":"OFFSET(ORÇAMENTO!O$15,ROW(E54)-ROW(E$15),0)","v":"1.2.0.4."},{"$f":"OFFSET(ORÇAMENTO!R$15,ROW(F54)-ROW(F$15),0)","v":"ARGILA OU BARRO PARA ATERRO/REATERRO (RETIRADO NA JAZIDA, SEM TRANSPORTE)                                                                                                                                                                                                                                                                                                                                                                                                                                 "},{"$f":"IF($D54<>\"Serviço\",\"\",OFFSET(ORÇAMENTO!S$15,ROW(G54)-ROW(G$15),0))","v":"M3    "},{"$f":"IF($D54<>\"Serviço\",0,IF(ACOMPANHAMENTO=\"BM\",ROUND(OFFSET(ORÇAMENTO!AJ$15,ROW(H54)-ROW(H$15),0),15-13*ORÇAMENTO!$AF$7),SUMPRODUCT(($Q$12:$AA$12<>\"\")*ROUND($Q54:$AA54,15-13*ORÇAMENTO!$AF$7))))","v":100},null,null,null,".",{"$f":"IF($D54<>\"Serviço\",\"\",IF(AUTOEVENTO=\"manual\",$A54,IF(ISERROR(MATCH($A54,$A$15:OFFSET($A54,-1,0),0)),MAX($M$15:OFFSET(M54,-1,0))+1,INDEX($M$15:OFFSET(M54,-1,0),MATCH($A54,$A$15:OFFSET($A54,-1,0),0)))))","v":3},{"$f":"IF($D54<>\"Serviço\",\"\",IF(AUTOEVENTO=\"Manual\",IF($A54=0,\"<-- defina o número do agrupador\",OFFSET(EVENTOS!$D$14,$A54,0)),OFFSET($F$15,$A54,0)))","v":"MOVIMENTAÇÃO DE TERRA"},null,null,null,null,null,null,null,null,null,null,null,null,null,{"$f":"IF(AND($D54=\"Serviço\",AB$12<>0,$H54>0,OR(AUTOEVENTO<>\"manual\",$M54<>1)),\nIF(Import.TipoArredondamento<>\"TransfereGOV\",\nROUND(OFFSET($P54,0,AB$13),15-13*ORÇAMENTO!$AF$7)/$H54*OFFSET(ORÇAMENTO!$X$15,ROW(AB54)-ROW(AB$15),0),\nROUND(ROUND(OFFSET($P54,0,AB$13),15-13*ORÇAMENTO!$AF$7)*OFFSET(ORÇAMENTO!$W$15,ROW(AB54)-ROW(AB$15),0),15-13*ORÇAMENTO!$AF$11)),0)","v":0},{"$f":"IF(AND($D54=\"Serviço\",AC$12<>0,$H54>0,OR(AUTOEVENTO<>\"manual\",$M54<>1)),\nIF(Import.TipoArredondamento<>\"TransfereGOV\",\nROUND(OFFSET($P54,0,AC$13),15-13*ORÇAMENTO!$AF$7)/$H54*OFFSET(ORÇAMENTO!$X$15,ROW(AC54)-ROW(AC$15),0),\nROUND(ROUND(OFFSET($P54,0,AC$13),15-13*ORÇAMENTO!$AF$7)*OFFSET(ORÇAMENTO!$W$15,ROW(AC54)-ROW(AC$15),0),15-13*ORÇAMENTO!$AF$11)),0)","v":0},{"$f":"IF(AND($D54=\"Serviço\",AD$12<>0,$H54>0,OR(AUTOEVENTO<>\"manual\",$M54<>1)),\nIF(Import.TipoArredondamento<>\"TransfereGOV\",\nROUND(OFFSET($P54,0,AD$13),15-13*ORÇAMENTO!$AF$7)/$H54*OFFSET(ORÇAMENTO!$X$15,ROW(AD54)-ROW(AD$15),0),\nROUND(ROUND(OFFSET($P54,0,AD$13),15-13*ORÇAMENTO!$AF$7)*OFFSET(ORÇAMENTO!$W$15,ROW(AD54)-ROW(AD$15),0),15-13*ORÇAMENTO!$AF$11)),0)","v":0},{"$f":"IF(AND($D54=\"Serviço\",AE$12<>0,$H54>0,OR(AUTOEVENTO<>\"manual\",$M54<>1)),\nIF(Import.TipoArredondamento<>\"TransfereGOV\",\nROUND(OFFSET($P54,0,AE$13),15-13*ORÇAMENTO!$AF$7)/$H54*OFFSET(ORÇAMENTO!$X$15,ROW(AE54)-ROW(AE$15),0),\nROUND(ROUND(OFFSET($P54,0,AE$13),15-13*ORÇAMENTO!$AF$7)*OFFSET(ORÇAMENTO!$W$15,ROW(AE54)-ROW(AE$15),0),15-13*ORÇAMENTO!$AF$11)),0)","v":0},{"$f":"IF(AND($D54=\"Serviço\",AF$12<>0,$H54>0,OR(AUTOEVENTO<>\"manual\",$M54<>1)),\nIF(Import.TipoArredondamento<>\"TransfereGOV\",\nROUND(OFFSET($P54,0,AF$13),15-13*ORÇAMENTO!$AF$7)/$H54*OFFSET(ORÇAMENTO!$X$15,ROW(AF54)-ROW(AF$15),0),\nROUND(ROUND(OFFSET($P54,0,AF$13),15-13*ORÇAMENTO!$AF$7)*OFFSET(ORÇAMENTO!$W$15,ROW(AF54)-ROW(AF$15),0),15-13*ORÇAMENTO!$AF$11)),0)","v":0},{"$f":"IF(AND($D54=\"Serviço\",AG$12<>0,$H54>0,OR(AUTOEVENTO<>\"manual\",$M54<>1)),\nIF(Import.TipoArredondamento<>\"TransfereGOV\",\nROUND(OFFSET($P54,0,AG$13),15-13*ORÇAMENTO!$AF$7)/$H54*OFFSET(ORÇAMENTO!$X$15,ROW(AG54)-ROW(AG$15),0),\nROUND(ROUND(OFFSET($P54,0,AG$13),15-13*ORÇAMENTO!$AF$7)*OFFSET(ORÇAMENTO!$W$15,ROW(AG54)-ROW(AG$15),0),15-13*ORÇAMENTO!$AF$11)),0)","v":0},{"$f":"IF(AND($D54=\"Serviço\",AH$12<>0,$H54>0,OR(AUTOEVENTO<>\"manual\",$M54<>1)),\nIF(Import.TipoArredondamento<>\"TransfereGOV\",\nROUND(OFFSET($P54,0,AH$13),15-13*ORÇAMENTO!$AF$7)/$H54*OFFSET(ORÇAMENTO!$X$15,ROW(AH54)-ROW(AH$15),0),\nROUND(ROUND(OFFSET($P54,0,AH$13),15-13*ORÇAMENTO!$AF$7)*OFFSET(ORÇAMENTO!$W$15,ROW(AH54)-ROW(AH$15),0),15-13*ORÇAMENTO!$AF$11)),0)","v":0},{"$f":"IF(AND($D54=\"Serviço\",AI$12<>0,$H54>0,OR(AUTOEVENTO<>\"manual\",$M54<>1)),\nIF(Import.TipoArredondamento<>\"TransfereGOV\",\nROUND(OFFSET($P54,0,AI$13),15-13*ORÇAMENTO!$AF$7)/$H54*OFFSET(ORÇAMENTO!$X$15,ROW(AI54)-ROW(AI$15),0),\nROUND(ROUND(OFFSET($P54,0,AI$13),15-13*ORÇAMENTO!$AF$7)*OFFSET(ORÇAMENTO!$W$15,ROW(AI54)-ROW(AI$15),0),15-13*ORÇAMENTO!$AF$11)),0)","v":0},{"$f":"IF(AND($D54=\"Serviço\",AJ$12<>0,$H54>0,OR(AUTOEVENTO<>\"manual\",$M54<>1)),\nIF(Import.TipoArredondamento<>\"TransfereGOV\",\nROUND(OFFSET($P54,0,AJ$13),15-13*ORÇAMENTO!$AF$7)/$H54*OFFSET(ORÇAMENTO!$X$15,ROW(AJ54)-ROW(AJ$15),0),\nROUND(ROUND(OFFSET($P54,0,AJ$13),15-13*ORÇAMENTO!$AF$7)*OFFSET(ORÇAMENTO!$W$15,ROW(AJ54)-ROW(AJ$15),0),15-13*ORÇAMENTO!$AF$11)),0)","v":0},{"$f":"IF(AND($D54=\"Serviço\",AK$12<>0,$H54>0,OR(AUTOEVENTO<>\"manual\",$M54<>1)),\nIF(Import.TipoArredondamento<>\"TransfereGOV\",\nROUND(OFFSET($P54,0,AK$13),15-13*ORÇAMENTO!$AF$7)/$H54*OFFSET(ORÇAMENTO!$X$15,ROW(AK54)-ROW(AK$15),0),\nROUND(ROUND(OFFSET($P54,0,AK$13),15-13*ORÇAMENTO!$AF$7)*OFFSET(ORÇAMENTO!$W$15,ROW(AK54)-ROW(AK$15),0),15-13*ORÇAMENTO!$AF$11)),0)","v":0},null,{"$f":"IF($D54<>\"Serviço\",0,IF(AND(AUTOEVENTO=\"Manual\",$M54=1),0,IF(OFFSET(CRONOPLE!$F$14,$M54,AM$13)=\"\",10^12,OFFSET(CRONOPLE!$F$14,$M54,AM$13))))","v":1000000000000},{"$f":"IF($D54<>\"Serviço\",0,IF(AND(AUTOEVENTO=\"Manual\",$M54=1),0,IF(OFFSET(CRONOPLE!$F$14,$M54,AN$13)=\"\",10^12,OFFSET(CRONOPLE!$F$14,$M54,AN$13))))","v":1000000000000},{"$f":"IF($D54<>\"Serviço\",0,IF(AND(AUTOEVENTO=\"Manual\",$M54=1),0,IF(OFFSET(CRONOPLE!$F$14,$M54,AO$13)=\"\",10^12,OFFSET(CRONOPLE!$F$14,$M54,AO$13))))","v":1000000000000},{"$f":"IF($D54<>\"Serviço\",0,IF(AND(AUTOEVENTO=\"Manual\",$M54=1),0,IF(OFFSET(CRONOPLE!$F$14,$M54,AP$13)=\"\",10^12,OFFSET(CRONOPLE!$F$14,$M54,AP$13))))","v":1000000000000},{"$f":"IF($D54<>\"Serviço\",0,IF(AND(AUTOEVENTO=\"Manual\",$M54=1),0,IF(OFFSET(CRONOPLE!$F$14,$M54,AQ$13)=\"\",10^12,OFFSET(CRONOPLE!$F$14,$M54,AQ$13))))","v":1000000000000},{"$f":"IF($D54<>\"Serviço\",0,IF(AND(AUTOEVENTO=\"Manual\",$M54=1),0,IF(OFFSET(CRONOPLE!$F$14,$M54,AR$13)=\"\",10^12,OFFSET(CRONOPLE!$F$14,$M54,AR$13))))","v":1000000000000},{"$f":"IF($D54<>\"Serviço\",0,IF(AND(AUTOEVENTO=\"Manual\",$M54=1),0,IF(OFFSET(CRONOPLE!$F$14,$M54,AS$13)=\"\",10^12,OFFSET(CRONOPLE!$F$14,$M54,AS$13))))","v":1000000000000},{"$f":"IF($D54<>\"Serviço\",0,IF(AND(AUTOEVENTO=\"Manual\",$M54=1),0,IF(OFFSET(CRONOPLE!$F$14,$M54,AT$13)=\"\",10^12,OFFSET(CRONOPLE!$F$14,$M54,AT$13))))","v":1000000000000},{"$f":"IF($D54<>\"Serviço\",0,IF(AND(AUTOEVENTO=\"Manual\",$M54=1),0,IF(OFFSET(CRONOPLE!$F$14,$M54,AU$13)=\"\",10^12,OFFSET(CRONOPLE!$F$14,$M54,AU$13))))","v":1000000000000},{"$f":"IF($D54<>\"Serviço\",0,IF(AND(AUTOEVENTO=\"Manual\",$M54=1),0,IF(OFFSET(CRONOPLE!$F$14,$M54,AV$13)=\"\",10^12,OFFSET(CRONOPLE!$F$14,$M54,AV$13))))","v":1000000000000},null,{"$f":"IF($D54<>\"Serviço\",0,IF(OR(AND(AUTOEVENTO=\"Manual\",$M54=1),$M54>(ROW(PLE.lastrow)-ROW(PLE.firstrow))),0,IF(OFFSET(PLE!$G$14,$M54,AX$13)=\"\",10^12,OFFSET(PLE!$G$14,$M54,AX$13))))","v":1000000000000},{"$f":"IF($D54<>\"Serviço\",0,IF(OR(AND(AUTOEVENTO=\"Manual\",$M54=1),$M54>(ROW(PLE.lastrow)-ROW(PLE.firstrow))),0,IF(OFFSET(PLE!$G$14,$M54,AY$13)=\"\",10^12,OFFSET(PLE!$G$14,$M54,AY$13))))","v":1000000000000},{"$f":"IF($D54<>\"Serviço\",0,IF(OR(AND(AUTOEVENTO=\"Manual\",$M54=1),$M54>(ROW(PLE.lastrow)-ROW(PLE.firstrow))),0,IF(OFFSET(PLE!$G$14,$M54,AZ$13)=\"\",10^12,OFFSET(PLE!$G$14,$M54,AZ$13))))","v":1000000000000},{"$f":"IF($D54<>\"Serviço\",0,IF(OR(AND(AUTOEVENTO=\"Manual\",$M54=1),$M54>(ROW(PLE.lastrow)-ROW(PLE.firstrow))),0,IF(OFFSET(PLE!$G$14,$M54,BA$13)=\"\",10^12,OFFSET(PLE!$G$14,$M54,BA$13))))","v":1000000000000},{"$f":"IF($D54<>\"Serviço\",0,IF(OR(AND(AUTOEVENTO=\"Manual\",$M54=1),$M54>(ROW(PLE.lastrow)-ROW(PLE.firstrow))),0,IF(OFFSET(PLE!$G$14,$M54,BB$13)=\"\",10^12,OFFSET(PLE!$G$14,$M54,BB$13))))","v":1000000000000},{"$f":"IF($D54<>\"Serviço\",0,IF(OR(AND(AUTOEVENTO=\"Manual\",$M54=1),$M54>(ROW(PLE.lastrow)-ROW(PLE.firstrow))),0,IF(OFFSET(PLE!$G$14,$M54,BC$13)=\"\",10^12,OFFSET(PLE!$G$14,$M54,BC$13))))","v":1000000000000},{"$f":"IF($D54<>\"Serviço\",0,IF(OR(AND(AUTOEVENTO=\"Manual\",$M54=1),$M54>(ROW(PLE.lastrow)-ROW(PLE.firstrow))),0,IF(OFFSET(PLE!$G$14,$M54,BD$13)=\"\",10^12,OFFSET(PLE!$G$14,$M54,BD$13))))","v":1000000000000},{"$f":"IF($D54<>\"Serviço\",0,IF(OR(AND(AUTOEVENTO=\"Manual\",$M54=1),$M54>(ROW(PLE.lastrow)-ROW(PLE.firstrow))),0,IF(OFFSET(PLE!$G$14,$M54,BE$13)=\"\",10^12,OFFSET(PLE!$G$14,$M54,BE$13))))","v":1000000000000},{"$f":"IF($D54<>\"Serviço\",0,IF(OR(AND(AUTOEVENTO=\"Manual\",$M54=1),$M54>(ROW(PLE.lastrow)-ROW(PLE.firstrow))),0,IF(OFFSET(PLE!$G$14,$M54,BF$13)=\"\",10^12,OFFSET(PLE!$G$14,$M54,BF$13))))","v":1000000000000},{"$f":"IF($D54<>\"Serviço\",0,IF(OR(AND(AUTOEVENTO=\"Manual\",$M54=1),$M54>(ROW(PLE.lastrow)-ROW(PLE.firstrow))),0,IF(OFFSET(PLE!$G$14,$M54,BG$13)=\"\",10^12,OFFSET(PLE!$G$14,$M54,BG$13))))","v":1000000000000}]
["35",{"$f":"OFFSET(ORÇAMENTO!C$15,ROW(B55)-ROW(B$15),0)","v":"S"},{"$f":"OFFSET(ORÇAMENTO!L$15,ROW(C55)-ROW(C$15),0)","v":"F"},{"$f":"OFFSET(ORÇAMENTO!N$15,ROW(D55)-ROW(D$15),0)","v":"Serviço"},{"$f":"OFFSET(ORÇAMENTO!O$15,ROW(E55)-ROW(E$15),0)","v":"1.2.0.5."},{"$f":"OFFSET(ORÇAMENTO!R$15,ROW(F55)-ROW(F$15),0)","v":"CARGA, MANOBRA E DESCARGA DE SOLOS E MATERIAIS GRANULARES EM CAMINHÃO BASCULANTE 10 M³ - CARGA COM PÁ CARREGADEIRA (CAÇAMBA DE 1,7 A 2,8 M³ / 128 HP) E DESCARGA LIVRE (UNIDADE: M3). AF_07/2020"},{"$f":"IF($D55<>\"Serviço\",\"\",OFFSET(ORÇAMENTO!S$15,ROW(G55)-ROW(G$15),0))","v":"M3"},{"$f":"IF($D55<>\"Serviço\",0,IF(ACOMPANHAMENTO=\"BM\",ROUND(OFFSET(ORÇAMENTO!AJ$15,ROW(H55)-ROW(H$15),0),15-13*ORÇAMENTO!$AF$7),SUMPRODUCT(($Q$12:$AA$12<>\"\")*ROUND($Q55:$AA55,15-13*ORÇAMENTO!$AF$7))))","v":100},null,null,null,".",{"$f":"IF($D55<>\"Serviço\",\"\",IF(AUTOEVENTO=\"manual\",$A55,IF(ISERROR(MATCH($A55,$A$15:OFFSET($A55,-1,0),0)),MAX($M$15:OFFSET(M55,-1,0))+1,INDEX($M$15:OFFSET(M55,-1,0),MATCH($A55,$A$15:OFFSET($A55,-1,0),0)))))","v":3},{"$f":"IF($D55<>\"Serviço\",\"\",IF(AUTOEVENTO=\"Manual\",IF($A55=0,\"<-- defina o número do agrupador\",OFFSET(EVENTOS!$D$14,$A55,0)),OFFSET($F$15,$A55,0)))","v":"MOVIMENTAÇÃO DE TERRA"},null,null,null,null,null,null,null,null,null,null,null,null,null,{"$f":"IF(AND($D55=\"Serviço\",AB$12<>0,$H55>0,OR(AUTOEVENTO<>\"manual\",$M55<>1)),\nIF(Import.TipoArredondamento<>\"TransfereGOV\",\nROUND(OFFSET($P55,0,AB$13),15-13*ORÇAMENTO!$AF$7)/$H55*OFFSET(ORÇAMENTO!$X$15,ROW(AB55)-ROW(AB$15),0),\nROUND(ROUND(OFFSET($P55,0,AB$13),15-13*ORÇAMENTO!$AF$7)*OFFSET(ORÇAMENTO!$W$15,ROW(AB55)-ROW(AB$15),0),15-13*ORÇAMENTO!$AF$11)),0)","v":0},{"$f":"IF(AND($D55=\"Serviço\",AC$12<>0,$H55>0,OR(AUTOEVENTO<>\"manual\",$M55<>1)),\nIF(Import.TipoArredondamento<>\"TransfereGOV\",\nROUND(OFFSET($P55,0,AC$13),15-13*ORÇAMENTO!$AF$7)/$H55*OFFSET(ORÇAMENTO!$X$15,ROW(AC55)-ROW(AC$15),0),\nROUND(ROUND(OFFSET($P55,0,AC$13),15-13*ORÇAMENTO!$AF$7)*OFFSET(ORÇAMENTO!$W$15,ROW(AC55)-ROW(AC$15),0),15-13*ORÇAMENTO!$AF$11)),0)","v":0},{"$f":"IF(AND($D55=\"Serviço\",AD$12<>0,$H55>0,OR(AUTOEVENTO<>\"manual\",$M55<>1)),\nIF(Import.TipoArredondamento<>\"TransfereGOV\",\nROUND(OFFSET($P55,0,AD$13),15-13*ORÇAMENTO!$AF$7)/$H55*OFFSET(ORÇAMENTO!$X$15,ROW(AD55)-ROW(AD$15),0),\nROUND(ROUND(OFFSET($P55,0,AD$13),15-13*ORÇAMENTO!$AF$7)*OFFSET(ORÇAMENTO!$W$15,ROW(AD55)-ROW(AD$15),0),15-13*ORÇAMENTO!$AF$11)),0)","v":0},{"$f":"IF(AND($D55=\"Serviço\",AE$12<>0,$H55>0,OR(AUTOEVENTO<>\"manual\",$M55<>1)),\nIF(Import.TipoArredondamento<>\"TransfereGOV\",\nROUND(OFFSET($P55,0,AE$13),15-13*ORÇAMENTO!$AF$7)/$H55*OFFSET(ORÇAMENTO!$X$15,ROW(AE55)-ROW(AE$15),0),\nROUND(ROUND(OFFSET($P55,0,AE$13),15-13*ORÇAMENTO!$AF$7)*OFFSET(ORÇAMENTO!$W$15,ROW(AE55)-ROW(AE$15),0),15-13*ORÇAMENTO!$AF$11)),0)","v":0},{"$f":"IF(AND($D55=\"Serviço\",AF$12<>0,$H55>0,OR(AUTOEVENTO<>\"manual\",$M55<>1)),\nIF(Import.TipoArredondamento<>\"TransfereGOV\",\nROUND(OFFSET($P55,0,AF$13),15-13*ORÇAMENTO!$AF$7)/$H55*OFFSET(ORÇAMENTO!$X$15,ROW(AF55)-ROW(AF$15),0),\nROUND(ROUND(OFFSET($P55,0,AF$13),15-13*ORÇAMENTO!$AF$7)*OFFSET(ORÇAMENTO!$W$15,ROW(AF55)-ROW(AF$15),0),15-13*ORÇAMENTO!$AF$11)),0)","v":0},{"$f":"IF(AND($D55=\"Serviço\",AG$12<>0,$H55>0,OR(AUTOEVENTO<>\"manual\",$M55<>1)),\nIF(Import.TipoArredondamento<>\"TransfereGOV\",\nROUND(OFFSET($P55,0,AG$13),15-13*ORÇAMENTO!$AF$7)/$H55*OFFSET(ORÇAMENTO!$X$15,ROW(AG55)-ROW(AG$15),0),\nROUND(ROUND(OFFSET($P55,0,AG$13),15-13*ORÇAMENTO!$AF$7)*OFFSET(ORÇAMENTO!$W$15,ROW(AG55)-ROW(AG$15),0),15-13*ORÇAMENTO!$AF$11)),0)","v":0},{"$f":"IF(AND($D55=\"Serviço\",AH$12<>0,$H55>0,OR(AUTOEVENTO<>\"manual\",$M55<>1)),\nIF(Import.TipoArredondamento<>\"TransfereGOV\",\nROUND(OFFSET($P55,0,AH$13),15-13*ORÇAMENTO!$AF$7)/$H55*OFFSET(ORÇAMENTO!$X$15,ROW(AH55)-ROW(AH$15),0),\nROUND(ROUND(OFFSET($P55,0,AH$13),15-13*ORÇAMENTO!$AF$7)*OFFSET(ORÇAMENTO!$W$15,ROW(AH55)-ROW(AH$15),0),15-13*ORÇAMENTO!$AF$11)),0)","v":0},{"$f":"IF(AND($D55=\"Serviço\",AI$12<>0,$H55>0,OR(AUTOEVENTO<>\"manual\",$M55<>1)),\nIF(Import.TipoArredondamento<>\"TransfereGOV\",\nROUND(OFFSET($P55,0,AI$13),15-13*ORÇAMENTO!$AF$7)/$H55*OFFSET(ORÇAMENTO!$X$15,ROW(AI55)-ROW(AI$15),0),\nROUND(ROUND(OFFSET($P55,0,AI$13),15-13*ORÇAMENTO!$AF$7)*OFFSET(ORÇAMENTO!$W$15,ROW(AI55)-ROW(AI$15),0),15-13*ORÇAMENTO!$AF$11)),0)","v":0},{"$f":"IF(AND($D55=\"Serviço\",AJ$12<>0,$H55>0,OR(AUTOEVENTO<>\"manual\",$M55<>1)),\nIF(Import.TipoArredondamento<>\"TransfereGOV\",\nROUND(OFFSET($P55,0,AJ$13),15-13*ORÇAMENTO!$AF$7)/$H55*OFFSET(ORÇAMENTO!$X$15,ROW(AJ55)-ROW(AJ$15),0),\nROUND(ROUND(OFFSET($P55,0,AJ$13),15-13*ORÇAMENTO!$AF$7)*OFFSET(ORÇAMENTO!$W$15,ROW(AJ55)-ROW(AJ$15),0),15-13*ORÇAMENTO!$AF$11)),0)","v":0},{"$f":"IF(AND($D55=\"Serviço\",AK$12<>0,$H55>0,OR(AUTOEVENTO<>\"manual\",$M55<>1)),\nIF(Import.TipoArredondamento<>\"TransfereGOV\",\nROUND(OFFSET($P55,0,AK$13),15-13*ORÇAMENTO!$AF$7)/$H55*OFFSET(ORÇAMENTO!$X$15,ROW(AK55)-ROW(AK$15),0),\nROUND(ROUND(OFFSET($P55,0,AK$13),15-13*ORÇAMENTO!$AF$7)*OFFSET(ORÇAMENTO!$W$15,ROW(AK55)-ROW(AK$15),0),15-13*ORÇAMENTO!$AF$11)),0)","v":0},null,{"$f":"IF($D55<>\"Serviço\",0,IF(AND(AUTOEVENTO=\"Manual\",$M55=1),0,IF(OFFSET(CRONOPLE!$F$14,$M55,AM$13)=\"\",10^12,OFFSET(CRONOPLE!$F$14,$M55,AM$13))))","v":1000000000000},{"$f":"IF($D55<>\"Serviço\",0,IF(AND(AUTOEVENTO=\"Manual\",$M55=1),0,IF(OFFSET(CRONOPLE!$F$14,$M55,AN$13)=\"\",10^12,OFFSET(CRONOPLE!$F$14,$M55,AN$13))))","v":1000000000000},{"$f":"IF($D55<>\"Serviço\",0,IF(AND(AUTOEVENTO=\"Manual\",$M55=1),0,IF(OFFSET(CRONOPLE!$F$14,$M55,AO$13)=\"\",10^12,OFFSET(CRONOPLE!$F$14,$M55,AO$13))))","v":1000000000000},{"$f":"IF($D55<>\"Serviço\",0,IF(AND(AUTOEVENTO=\"Manual\",$M55=1),0,IF(OFFSET(CRONOPLE!$F$14,$M55,AP$13)=\"\",10^12,OFFSET(CRONOPLE!$F$14,$M55,AP$13))))","v":1000000000000},{"$f":"IF($D55<>\"Serviço\",0,IF(AND(AUTOEVENTO=\"Manual\",$M55=1),0,IF(OFFSET(CRONOPLE!$F$14,$M55,AQ$13)=\"\",10^12,OFFSET(CRONOPLE!$F$14,$M55,AQ$13))))","v":1000000000000},{"$f":"IF($D55<>\"Serviço\",0,IF(AND(AUTOEVENTO=\"Manual\",$M55=1),0,IF(OFFSET(CRONOPLE!$F$14,$M55,AR$13)=\"\",10^12,OFFSET(CRONOPLE!$F$14,$M55,AR$13))))","v":1000000000000},{"$f":"IF($D55<>\"Serviço\",0,IF(AND(AUTOEVENTO=\"Manual\",$M55=1),0,IF(OFFSET(CRONOPLE!$F$14,$M55,AS$13)=\"\",10^12,OFFSET(CRONOPLE!$F$14,$M55,AS$13))))","v":1000000000000},{"$f":"IF($D55<>\"Serviço\",0,IF(AND(AUTOEVENTO=\"Manual\",$M55=1),0,IF(OFFSET(CRONOPLE!$F$14,$M55,AT$13)=\"\",10^12,OFFSET(CRONOPLE!$F$14,$M55,AT$13))))","v":1000000000000},{"$f":"IF($D55<>\"Serviço\",0,IF(AND(AUTOEVENTO=\"Manual\",$M55=1),0,IF(OFFSET(CRONOPLE!$F$14,$M55,AU$13)=\"\",10^12,OFFSET(CRONOPLE!$F$14,$M55,AU$13))))","v":1000000000000},{"$f":"IF($D55<>\"Serviço\",0,IF(AND(AUTOEVENTO=\"Manual\",$M55=1),0,IF(OFFSET(CRONOPLE!$F$14,$M55,AV$13)=\"\",10^12,OFFSET(CRONOPLE!$F$14,$M55,AV$13))))","v":1000000000000},null,{"$f":"IF($D55<>\"Serviço\",0,IF(OR(AND(AUTOEVENTO=\"Manual\",$M55=1),$M55>(ROW(PLE.lastrow)-ROW(PLE.firstrow))),0,IF(OFFSET(PLE!$G$14,$M55,AX$13)=\"\",10^12,OFFSET(PLE!$G$14,$M55,AX$13))))","v":1000000000000},{"$f":"IF($D55<>\"Serviço\",0,IF(OR(AND(AUTOEVENTO=\"Manual\",$M55=1),$M55>(ROW(PLE.lastrow)-ROW(PLE.firstrow))),0,IF(OFFSET(PLE!$G$14,$M55,AY$13)=\"\",10^12,OFFSET(PLE!$G$14,$M55,AY$13))))","v":1000000000000},{"$f":"IF($D55<>\"Serviço\",0,IF(OR(AND(AUTOEVENTO=\"Manual\",$M55=1),$M55>(ROW(PLE.lastrow)-ROW(PLE.firstrow))),0,IF(OFFSET(PLE!$G$14,$M55,AZ$13)=\"\",10^12,OFFSET(PLE!$G$14,$M55,AZ$13))))","v":1000000000000},{"$f":"IF($D55<>\"Serviço\",0,IF(OR(AND(AUTOEVENTO=\"Manual\",$M55=1),$M55>(ROW(PLE.lastrow)-ROW(PLE.firstrow))),0,IF(OFFSET(PLE!$G$14,$M55,BA$13)=\"\",10^12,OFFSET(PLE!$G$14,$M55,BA$13))))","v":1000000000000},{"$f":"IF($D55<>\"Serviço\",0,IF(OR(AND(AUTOEVENTO=\"Manual\",$M55=1),$M55>(ROW(PLE.lastrow)-ROW(PLE.firstrow))),0,IF(OFFSET(PLE!$G$14,$M55,BB$13)=\"\",10^12,OFFSET(PLE!$G$14,$M55,BB$13))))","v":1000000000000},{"$f":"IF($D55<>\"Serviço\",0,IF(OR(AND(AUTOEVENTO=\"Manual\",$M55=1),$M55>(ROW(PLE.lastrow)-ROW(PLE.firstrow))),0,IF(OFFSET(PLE!$G$14,$M55,BC$13)=\"\",10^12,OFFSET(PLE!$G$14,$M55,BC$13))))","v":1000000000000},{"$f":"IF($D55<>\"Serviço\",0,IF(OR(AND(AUTOEVENTO=\"Manual\",$M55=1),$M55>(ROW(PLE.lastrow)-ROW(PLE.firstrow))),0,IF(OFFSET(PLE!$G$14,$M55,BD$13)=\"\",10^12,OFFSET(PLE!$G$14,$M55,BD$13))))","v":1000000000000},{"$f":"IF($D55<>\"Serviço\",0,IF(OR(AND(AUTOEVENTO=\"Manual\",$M55=1),$M55>(ROW(PLE.lastrow)-ROW(PLE.firstrow))),0,IF(OFFSET(PLE!$G$14,$M55,BE$13)=\"\",10^12,OFFSET(PLE!$G$14,$M55,BE$13))))","v":1000000000000},{"$f":"IF($D55<>\"Serviço\",0,IF(OR(AND(AUTOEVENTO=\"Manual\",$M55=1),$M55>(ROW(PLE.lastrow)-ROW(PLE.firstrow))),0,IF(OFFSET(PLE!$G$14,$M55,BF$13)=\"\",10^12,OFFSET(PLE!$G$14,$M55,BF$13))))","v":1000000000000},{"$f":"IF($D55<>\"Serviço\",0,IF(OR(AND(AUTOEVENTO=\"Manual\",$M55=1),$M55>(ROW(PLE.lastrow)-ROW(PLE.firstrow))),0,IF(OFFSET(PLE!$G$14,$M55,BG$13)=\"\",10^12,OFFSET(PLE!$G$14,$M55,BG$13))))","v":1000000000000}]
["35",{"$f":"OFFSET(ORÇAMENTO!C$15,ROW(B56)-ROW(B$15),0)","v":"S"},{"$f":"OFFSET(ORÇAMENTO!L$15,ROW(C56)-ROW(C$15),0)","v":"F"},{"$f":"OFFSET(ORÇAMENTO!N$15,ROW(D56)-ROW(D$15),0)","v":"Serviço"},{"$f":"OFFSET(ORÇAMENTO!O$15,ROW(E56)-ROW(E$15),0)","v":"1.2.0.6."},{"$f":"OFFSET(ORÇAMENTO!R$15,ROW(F56)-ROW(F$15),0)","v":"TRANSPORTE COM CAMINHÃO BASCULANTE DE 10 M³, EM VIA URBANA PAVIMENTADA, DMT ATÉ 30 KM (UNIDADE: M3XKM). AF_07/2020"},{"$f":"IF($D56<>\"Serviço\",\"\",OFFSET(ORÇAMENTO!S$15,ROW(G56)-ROW(G$15),0))","v":"M3XKM"},{"$f":"IF($D56<>\"Serviço\",0,IF(ACOMPANHAMENTO=\"BM\",ROUND(OFFSET(ORÇAMENTO!AJ$15,ROW(H56)-ROW(H$15),0),15-13*ORÇAMENTO!$AF$7),SUMPRODUCT(($Q$12:$AA$12<>\"\")*ROUND($Q56:$AA56,15-13*ORÇAMENTO!$AF$7))))","v":600},null,null,null,".",{"$f":"IF($D56<>\"Serviço\",\"\",IF(AUTOEVENTO=\"manual\",$A56,IF(ISERROR(MATCH($A56,$A$15:OFFSET($A56,-1,0),0)),MAX($M$15:OFFSET(M56,-1,0))+1,INDEX($M$15:OFFSET(M56,-1,0),MATCH($A56,$A$15:OFFSET($A56,-1,0),0)))))","v":3},{"$f":"IF($D56<>\"Serviço\",\"\",IF(AUTOEVENTO=\"Manual\",IF($A56=0,\"<-- defina o número do agrupador\",OFFSET(EVENTOS!$D$14,$A56,0)),OFFSET($F$15,$A56,0)))","v":"MOVIMENTAÇÃO DE TERRA"},null,null,null,null,null,null,null,null,null,null,null,null,null,{"$f":"IF(AND($D56=\"Serviço\",AB$12<>0,$H56>0,OR(AUTOEVENTO<>\"manual\",$M56<>1)),\nIF(Import.TipoArredondamento<>\"TransfereGOV\",\nROUND(OFFSET($P56,0,AB$13),15-13*ORÇAMENTO!$AF$7)/$H56*OFFSET(ORÇAMENTO!$X$15,ROW(AB56)-ROW(AB$15),0),\nROUND(ROUND(OFFSET($P56,0,AB$13),15-13*ORÇAMENTO!$AF$7)*OFFSET(ORÇAMENTO!$W$15,ROW(AB56)-ROW(AB$15),0),15-13*ORÇAMENTO!$AF$11)),0)","v":0},{"$f":"IF(AND($D56=\"Serviço\",AC$12<>0,$H56>0,OR(AUTOEVENTO<>\"manual\",$M56<>1)),\nIF(Import.TipoArredondamento<>\"TransfereGOV\",\nROUND(OFFSET($P56,0,AC$13),15-13*ORÇAMENTO!$AF$7)/$H56*OFFSET(ORÇAMENTO!$X$15,ROW(AC56)-ROW(AC$15),0),\nROUND(ROUND(OFFSET($P56,0,AC$13),15-13*ORÇAMENTO!$AF$7)*OFFSET(ORÇAMENTO!$W$15,ROW(AC56)-ROW(AC$15),0),15-13*ORÇAMENTO!$AF$11)),0)","v":0},{"$f":"IF(AND($D56=\"Serviço\",AD$12<>0,$H56>0,OR(AUTOEVENTO<>\"manual\",$M56<>1)),\nIF(Import.TipoArredondamento<>\"TransfereGOV\",\nROUND(OFFSET($P56,0,AD$13),15-13*ORÇAMENTO!$AF$7)/$H56*OFFSET(ORÇAMENTO!$X$15,ROW(AD56)-ROW(AD$15),0),\nROUND(ROUND(OFFSET($P56,0,AD$13),15-13*ORÇAMENTO!$AF$7)*OFFSET(ORÇAMENTO!$W$15,ROW(AD56)-ROW(AD$15),0),15-13*ORÇAMENTO!$AF$11)),0)","v":0},{"$f":"IF(AND($D56=\"Serviço\",AE$12<>0,$H56>0,OR(AUTOEVENTO<>\"manual\",$M56<>1)),\nIF(Import.TipoArredondamento<>\"TransfereGOV\",\nROUND(OFFSET($P56,0,AE$13),15-13*ORÇAMENTO!$AF$7)/$H56*OFFSET(ORÇAMENTO!$X$15,ROW(AE56)-ROW(AE$15),0),\nROUND(ROUND(OFFSET($P56,0,AE$13),15-13*ORÇAMENTO!$AF$7)*OFFSET(ORÇAMENTO!$W$15,ROW(AE56)-ROW(AE$15),0),15-13*ORÇAMENTO!$AF$11)),0)","v":0},{"$f":"IF(AND($D56=\"Serviço\",AF$12<>0,$H56>0,OR(AUTOEVENTO<>\"manual\",$M56<>1)),\nIF(Import.TipoArredondamento<>\"TransfereGOV\",\nROUND(OFFSET($P56,0,AF$13),15-13*ORÇAMENTO!$AF$7)/$H56*OFFSET(ORÇAMENTO!$X$15,ROW(AF56)-ROW(AF$15),0),\nROUND(ROUND(OFFSET($P56,0,AF$13),15-13*ORÇAMENTO!$AF$7)*OFFSET(ORÇAMENTO!$W$15,ROW(AF56)-ROW(AF$15),0),15-13*ORÇAMENTO!$AF$11)),0)","v":0},{"$f":"IF(AND($D56=\"Serviço\",AG$12<>0,$H56>0,OR(AUTOEVENTO<>\"manual\",$M56<>1)),\nIF(Import.TipoArredondamento<>\"TransfereGOV\",\nROUND(OFFSET($P56,0,AG$13),15-13*ORÇAMENTO!$AF$7)/$H56*OFFSET(ORÇAMENTO!$X$15,ROW(AG56)-ROW(AG$15),0),\nROUND(ROUND(OFFSET($P56,0,AG$13),15-13*ORÇAMENTO!$AF$7)*OFFSET(ORÇAMENTO!$W$15,ROW(AG56)-ROW(AG$15),0),15-13*ORÇAMENTO!$AF$11)),0)","v":0},{"$f":"IF(AND($D56=\"Serviço\",AH$12<>0,$H56>0,OR(AUTOEVENTO<>\"manual\",$M56<>1)),\nIF(Import.TipoArredondamento<>\"TransfereGOV\",\nROUND(OFFSET($P56,0,AH$13),15-13*ORÇAMENTO!$AF$7)/$H56*OFFSET(ORÇAMENTO!$X$15,ROW(AH56)-ROW(AH$15),0),\nROUND(ROUND(OFFSET($P56,0,AH$13),15-13*ORÇAMENTO!$AF$7)*OFFSET(ORÇAMENTO!$W$15,ROW(AH56)-ROW(AH$15),0),15-13*ORÇAMENTO!$AF$11)),0)","v":0},{"$f":"IF(AND($D56=\"Serviço\",AI$12<>0,$H56>0,OR(AUTOEVENTO<>\"manual\",$M56<>1)),\nIF(Import.TipoArredondamento<>\"TransfereGOV\",\nROUND(OFFSET($P56,0,AI$13),15-13*ORÇAMENTO!$AF$7)/$H56*OFFSET(ORÇAMENTO!$X$15,ROW(AI56)-ROW(AI$15),0),\nROUND(ROUND(OFFSET($P56,0,AI$13),15-13*ORÇAMENTO!$AF$7)*OFFSET(ORÇAMENTO!$W$15,ROW(AI56)-ROW(AI$15),0),15-13*ORÇAMENTO!$AF$11)),0)","v":0},{"$f":"IF(AND($D56=\"Serviço\",AJ$12<>0,$H56>0,OR(AUTOEVENTO<>\"manual\",$M56<>1)),\nIF(Import.TipoArredondamento<>\"TransfereGOV\",\nROUND(OFFSET($P56,0,AJ$13),15-13*ORÇAMENTO!$AF$7)/$H56*OFFSET(ORÇAMENTO!$X$15,ROW(AJ56)-ROW(AJ$15),0),\nROUND(ROUND(OFFSET($P56,0,AJ$13),15-13*ORÇAMENTO!$AF$7)*OFFSET(ORÇAMENTO!$W$15,ROW(AJ56)-ROW(AJ$15),0),15-13*ORÇAMENTO!$AF$11)),0)","v":0},{"$f":"IF(AND($D56=\"Serviço\",AK$12<>0,$H56>0,OR(AUTOEVENTO<>\"manual\",$M56<>1)),\nIF(Import.TipoArredondamento<>\"TransfereGOV\",\nROUND(OFFSET($P56,0,AK$13),15-13*ORÇAMENTO!$AF$7)/$H56*OFFSET(ORÇAMENTO!$X$15,ROW(AK56)-ROW(AK$15),0),\nROUND(ROUND(OFFSET($P56,0,AK$13),15-13*ORÇAMENTO!$AF$7)*OFFSET(ORÇAMENTO!$W$15,ROW(AK56)-ROW(AK$15),0),15-13*ORÇAMENTO!$AF$11)),0)","v":0},null,{"$f":"IF($D56<>\"Serviço\",0,IF(AND(AUTOEVENTO=\"Manual\",$M56=1),0,IF(OFFSET(CRONOPLE!$F$14,$M56,AM$13)=\"\",10^12,OFFSET(CRONOPLE!$F$14,$M56,AM$13))))","v":1000000000000},{"$f":"IF($D56<>\"Serviço\",0,IF(AND(AUTOEVENTO=\"Manual\",$M56=1),0,IF(OFFSET(CRONOPLE!$F$14,$M56,AN$13)=\"\",10^12,OFFSET(CRONOPLE!$F$14,$M56,AN$13))))","v":1000000000000},{"$f":"IF($D56<>\"Serviço\",0,IF(AND(AUTOEVENTO=\"Manual\",$M56=1),0,IF(OFFSET(CRONOPLE!$F$14,$M56,AO$13)=\"\",10^12,OFFSET(CRONOPLE!$F$14,$M56,AO$13))))","v":1000000000000},{"$f":"IF($D56<>\"Serviço\",0,IF(AND(AUTOEVENTO=\"Manual\",$M56=1),0,IF(OFFSET(CRONOPLE!$F$14,$M56,AP$13)=\"\",10^12,OFFSET(CRONOPLE!$F$14,$M56,AP$13))))","v":1000000000000},{"$f":"IF($D56<>\"Serviço\",0,IF(AND(AUTOEVENTO=\"Manual\",$M56=1),0,IF(OFFSET(CRONOPLE!$F$14,$M56,AQ$13)=\"\",10^12,OFFSET(CRONOPLE!$F$14,$M56,AQ$13))))","v":1000000000000},{"$f":"IF($D56<>\"Serviço\",0,IF(AND(AUTOEVENTO=\"Manual\",$M56=1),0,IF(OFFSET(CRONOPLE!$F$14,$M56,AR$13)=\"\",10^12,OFFSET(CRONOPLE!$F$14,$M56,AR$13))))","v":1000000000000},{"$f":"IF($D56<>\"Serviço\",0,IF(AND(AUTOEVENTO=\"Manual\",$M56=1),0,IF(OFFSET(CRONOPLE!$F$14,$M56,AS$13)=\"\",10^12,OFFSET(CRONOPLE!$F$14,$M56,AS$13))))","v":1000000000000},{"$f":"IF($D56<>\"Serviço\",0,IF(AND(AUTOEVENTO=\"Manual\",$M56=1),0,IF(OFFSET(CRONOPLE!$F$14,$M56,AT$13)=\"\",10^12,OFFSET(CRONOPLE!$F$14,$M56,AT$13))))","v":1000000000000},{"$f":"IF($D56<>\"Serviço\",0,IF(AND(AUTOEVENTO=\"Manual\",$M56=1),0,IF(OFFSET(CRONOPLE!$F$14,$M56,AU$13)=\"\",10^12,OFFSET(CRONOPLE!$F$14,$M56,AU$13))))","v":1000000000000},{"$f":"IF($D56<>\"Serviço\",0,IF(AND(AUTOEVENTO=\"Manual\",$M56=1),0,IF(OFFSET(CRONOPLE!$F$14,$M56,AV$13)=\"\",10^12,OFFSET(CRONOPLE!$F$14,$M56,AV$13))))","v":1000000000000},null,{"$f":"IF($D56<>\"Serviço\",0,IF(OR(AND(AUTOEVENTO=\"Manual\",$M56=1),$M56>(ROW(PLE.lastrow)-ROW(PLE.firstrow))),0,IF(OFFSET(PLE!$G$14,$M56,AX$13)=\"\",10^12,OFFSET(PLE!$G$14,$M56,AX$13))))","v":1000000000000},{"$f":"IF($D56<>\"Serviço\",0,IF(OR(AND(AUTOEVENTO=\"Manual\",$M56=1),$M56>(ROW(PLE.lastrow)-ROW(PLE.firstrow))),0,IF(OFFSET(PLE!$G$14,$M56,AY$13)=\"\",10^12,OFFSET(PLE!$G$14,$M56,AY$13))))","v":1000000000000},{"$f":"IF($D56<>\"Serviço\",0,IF(OR(AND(AUTOEVENTO=\"Manual\",$M56=1),$M56>(ROW(PLE.lastrow)-ROW(PLE.firstrow))),0,IF(OFFSET(PLE!$G$14,$M56,AZ$13)=\"\",10^12,OFFSET(PLE!$G$14,$M56,AZ$13))))","v":1000000000000},{"$f":"IF($D56<>\"Serviço\",0,IF(OR(AND(AUTOEVENTO=\"Manual\",$M56=1),$M56>(ROW(PLE.lastrow)-ROW(PLE.firstrow))),0,IF(OFFSET(PLE!$G$14,$M56,BA$13)=\"\",10^12,OFFSET(PLE!$G$14,$M56,BA$13))))","v":1000000000000},{"$f":"IF($D56<>\"Serviço\",0,IF(OR(AND(AUTOEVENTO=\"Manual\",$M56=1),$M56>(ROW(PLE.lastrow)-ROW(PLE.firstrow))),0,IF(OFFSET(PLE!$G$14,$M56,BB$13)=\"\",10^12,OFFSET(PLE!$G$14,$M56,BB$13))))","v":1000000000000},{"$f":"IF($D56<>\"Serviço\",0,IF(OR(AND(AUTOEVENTO=\"Manual\",$M56=1),$M56>(ROW(PLE.lastrow)-ROW(PLE.firstrow))),0,IF(OFFSET(PLE!$G$14,$M56,BC$13)=\"\",10^12,OFFSET(PLE!$G$14,$M56,BC$13))))","v":1000000000000},{"$f":"IF($D56<>\"Serviço\",0,IF(OR(AND(AUTOEVENTO=\"Manual\",$M56=1),$M56>(ROW(PLE.lastrow)-ROW(PLE.firstrow))),0,IF(OFFSET(PLE!$G$14,$M56,BD$13)=\"\",10^12,OFFSET(PLE!$G$14,$M56,BD$13))))","v":1000000000000},{"$f":"IF($D56<>\"Serviço\",0,IF(OR(AND(AUTOEVENTO=\"Manual\",$M56=1),$M56>(ROW(PLE.lastrow)-ROW(PLE.firstrow))),0,IF(OFFSET(PLE!$G$14,$M56,BE$13)=\"\",10^12,OFFSET(PLE!$G$14,$M56,BE$13))))","v":1000000000000},{"$f":"IF($D56<>\"Serviço\",0,IF(OR(AND(AUTOEVENTO=\"Manual\",$M56=1),$M56>(ROW(PLE.lastrow)-ROW(PLE.firstrow))),0,IF(OFFSET(PLE!$G$14,$M56,BF$13)=\"\",10^12,OFFSET(PLE!$G$14,$M56,BF$13))))","v":1000000000000},{"$f":"IF($D56<>\"Serviço\",0,IF(OR(AND(AUTOEVENTO=\"Manual\",$M56=1),$M56>(ROW(PLE.lastrow)-ROW(PLE.firstrow))),0,IF(OFFSET(PLE!$G$14,$M56,BG$13)=\"\",10^12,OFFSET(PLE!$G$14,$M56,BG$13))))","v":1000000000000}]
["35",{"$f":"OFFSET(ORÇAMENTO!C$15,ROW(B57)-ROW(B$15),0)","v":"S"},{"$f":"OFFSET(ORÇAMENTO!L$15,ROW(C57)-ROW(C$15),0)","v":"F"},{"$f":"OFFSET(ORÇAMENTO!N$15,ROW(D57)-ROW(D$15),0)","v":"Serviço"},{"$f":"OFFSET(ORÇAMENTO!O$15,ROW(E57)-ROW(E$15),0)","v":"1.2.0.7."},{"$f":"OFFSET(ORÇAMENTO!R$15,ROW(F57)-ROW(F$15),0)","v":"EXECUÇÃO E COMPACTAÇÃO DE ATERRO COM SOLO PREDOMINANTEMENTE ARGILOSO - EXCLUSIVE SOLO, ESCAVAÇÃO, CARGA E TRANSPORTE. AF_11/2019"},{"$f":"IF($D57<>\"Serviço\",\"\",OFFSET(ORÇAMENTO!S$15,ROW(G57)-ROW(G$15),0))","v":"M3"},{"$f":"IF($D57<>\"Serviço\",0,IF(ACOMPANHAMENTO=\"BM\",ROUND(OFFSET(ORÇAMENTO!AJ$15,ROW(H57)-ROW(H$15),0),15-13*ORÇAMENTO!$AF$7),SUMPRODUCT(($Q$12:$AA$12<>\"\")*ROUND($Q57:$AA57,15-13*ORÇAMENTO!$AF$7))))","v":228.42},null,null,null,".",{"$f":"IF($D57<>\"Serviço\",\"\",IF(AUTOEVENTO=\"manual\",$A57,IF(ISERROR(MATCH($A57,$A$15:OFFSET($A57,-1,0),0)),MAX($M$15:OFFSET(M57,-1,0))+1,INDEX($M$15:OFFSET(M57,-1,0),MATCH($A57,$A$15:OFFSET($A57,-1,0),0)))))","v":3},{"$f":"IF($D57<>\"Serviço\",\"\",IF(AUTOEVENTO=\"Manual\",IF($A57=0,\"<-- defina o número do agrupador\",OFFSET(EVENTOS!$D$14,$A57,0)),OFFSET($F$15,$A57,0)))","v":"MOVIMENTAÇÃO DE TERRA"},null,null,null,null,null,null,null,null,null,null,null,null,null,{"$f":"IF(AND($D57=\"Serviço\",AB$12<>0,$H57>0,OR(AUTOEVENTO<>\"manual\",$M57<>1)),\nIF(Import.TipoArredondamento<>\"TransfereGOV\",\nROUND(OFFSET($P57,0,AB$13),15-13*ORÇAMENTO!$AF$7)/$H57*OFFSET(ORÇAMENTO!$X$15,ROW(AB57)-ROW(AB$15),0),\nROUND(ROUND(OFFSET($P57,0,AB$13),15-13*ORÇAMENTO!$AF$7)*OFFSET(ORÇAMENTO!$W$15,ROW(AB57)-ROW(AB$15),0),15-13*ORÇAMENTO!$AF$11)),0)","v":0},{"$f":"IF(AND($D57=\"Serviço\",AC$12<>0,$H57>0,OR(AUTOEVENTO<>\"manual\",$M57<>1)),\nIF(Import.TipoArredondamento<>\"TransfereGOV\",\nROUND(OFFSET($P57,0,AC$13),15-13*ORÇAMENTO!$AF$7)/$H57*OFFSET(ORÇAMENTO!$X$15,ROW(AC57)-ROW(AC$15),0),\nROUND(ROUND(OFFSET($P57,0,AC$13),15-13*ORÇAMENTO!$AF$7)*OFFSET(ORÇAMENTO!$W$15,ROW(AC57)-ROW(AC$15),0),15-13*ORÇAMENTO!$AF$11)),0)","v":0},{"$f":"IF(AND($D57=\"Serviço\",AD$12<>0,$H57>0,OR(AUTOEVENTO<>\"manual\",$M57<>1)),\nIF(Import.TipoArredondamento<>\"TransfereGOV\",\nROUND(OFFSET($P57,0,AD$13),15-13*ORÇAMENTO!$AF$7)/$H57*OFFSET(ORÇAMENTO!$X$15,ROW(AD57)-ROW(AD$15),0),\nROUND(ROUND(OFFSET($P57,0,AD$13),15-13*ORÇAMENTO!$AF$7)*OFFSET(ORÇAMENTO!$W$15,ROW(AD57)-ROW(AD$15),0),15-13*ORÇAMENTO!$AF$11)),0)","v":0},{"$f":"IF(AND($D57=\"Serviço\",AE$12<>0,$H57>0,OR(AUTOEVENTO<>\"manual\",$M57<>1)),\nIF(Import.TipoArredondamento<>\"TransfereGOV\",\nROUND(OFFSET($P57,0,AE$13),15-13*ORÇAMENTO!$AF$7)/$H57*OFFSET(ORÇAMENTO!$X$15,ROW(AE57)-ROW(AE$15),0),\nROUND(ROUND(OFFSET($P57,0,AE$13),15-13*ORÇAMENTO!$AF$7)*OFFSET(ORÇAMENTO!$W$15,ROW(AE57)-ROW(AE$15),0),15-13*ORÇAMENTO!$AF$11)),0)","v":0},{"$f":"IF(AND($D57=\"Serviço\",AF$12<>0,$H57>0,OR(AUTOEVENTO<>\"manual\",$M57<>1)),\nIF(Import.TipoArredondamento<>\"TransfereGOV\",\nROUND(OFFSET($P57,0,AF$13),15-13*ORÇAMENTO!$AF$7)/$H57*OFFSET(ORÇAMENTO!$X$15,ROW(AF57)-ROW(AF$15),0),\nROUND(ROUND(OFFSET($P57,0,AF$13),15-13*ORÇAMENTO!$AF$7)*OFFSET(ORÇAMENTO!$W$15,ROW(AF57)-ROW(AF$15),0),15-13*ORÇAMENTO!$AF$11)),0)","v":0},{"$f":"IF(AND($D57=\"Serviço\",AG$12<>0,$H57>0,OR(AUTOEVENTO<>\"manual\",$M57<>1)),\nIF(Import.TipoArredondamento<>\"TransfereGOV\",\nROUND(OFFSET($P57,0,AG$13),15-13*ORÇAMENTO!$AF$7)/$H57*OFFSET(ORÇAMENTO!$X$15,ROW(AG57)-ROW(AG$15),0),\nROUND(ROUND(OFFSET($P57,0,AG$13),15-13*ORÇAMENTO!$AF$7)*OFFSET(ORÇAMENTO!$W$15,ROW(AG57)-ROW(AG$15),0),15-13*ORÇAMENTO!$AF$11)),0)","v":0},{"$f":"IF(AND($D57=\"Serviço\",AH$12<>0,$H57>0,OR(AUTOEVENTO<>\"manual\",$M57<>1)),\nIF(Import.TipoArredondamento<>\"TransfereGOV\",\nROUND(OFFSET($P57,0,AH$13),15-13*ORÇAMENTO!$AF$7)/$H57*OFFSET(ORÇAMENTO!$X$15,ROW(AH57)-ROW(AH$15),0),\nROUND(ROUND(OFFSET($P57,0,AH$13),15-13*ORÇAMENTO!$AF$7)*OFFSET(ORÇAMENTO!$W$15,ROW(AH57)-ROW(AH$15),0),15-13*ORÇAMENTO!$AF$11)),0)","v":0},{"$f":"IF(AND($D57=\"Serviço\",AI$12<>0,$H57>0,OR(AUTOEVENTO<>\"manual\",$M57<>1)),\nIF(Import.TipoArredondamento<>\"TransfereGOV\",\nROUND(OFFSET($P57,0,AI$13),15-13*ORÇAMENTO!$AF$7)/$H57*OFFSET(ORÇAMENTO!$X$15,ROW(AI57)-ROW(AI$15),0),\nROUND(ROUND(OFFSET($P57,0,AI$13),15-13*ORÇAMENTO!$AF$7)*OFFSET(ORÇAMENTO!$W$15,ROW(AI57)-ROW(AI$15),0),15-13*ORÇAMENTO!$AF$11)),0)","v":0},{"$f":"IF(AND($D57=\"Serviço\",AJ$12<>0,$H57>0,OR(AUTOEVENTO<>\"manual\",$M57<>1)),\nIF(Import.TipoArredondamento<>\"TransfereGOV\",\nROUND(OFFSET($P57,0,AJ$13),15-13*ORÇAMENTO!$AF$7)/$H57*OFFSET(ORÇAMENTO!$X$15,ROW(AJ57)-ROW(AJ$15),0),\nROUND(ROUND(OFFSET($P57,0,AJ$13),15-13*ORÇAMENTO!$AF$7)*OFFSET(ORÇAMENTO!$W$15,ROW(AJ57)-ROW(AJ$15),0),15-13*ORÇAMENTO!$AF$11)),0)","v":0},{"$f":"IF(AND($D57=\"Serviço\",AK$12<>0,$H57>0,OR(AUTOEVENTO<>\"manual\",$M57<>1)),\nIF(Import.TipoArredondamento<>\"TransfereGOV\",\nROUND(OFFSET($P57,0,AK$13),15-13*ORÇAMENTO!$AF$7)/$H57*OFFSET(ORÇAMENTO!$X$15,ROW(AK57)-ROW(AK$15),0),\nROUND(ROUND(OFFSET($P57,0,AK$13),15-13*ORÇAMENTO!$AF$7)*OFFSET(ORÇAMENTO!$W$15,ROW(AK57)-ROW(AK$15),0),15-13*ORÇAMENTO!$AF$11)),0)","v":0},null,{"$f":"IF($D57<>\"Serviço\",0,IF(AND(AUTOEVENTO=\"Manual\",$M57=1),0,IF(OFFSET(CRONOPLE!$F$14,$M57,AM$13)=\"\",10^12,OFFSET(CRONOPLE!$F$14,$M57,AM$13))))","v":1000000000000},{"$f":"IF($D57<>\"Serviço\",0,IF(AND(AUTOEVENTO=\"Manual\",$M57=1),0,IF(OFFSET(CRONOPLE!$F$14,$M57,AN$13)=\"\",10^12,OFFSET(CRONOPLE!$F$14,$M57,AN$13))))","v":1000000000000},{"$f":"IF($D57<>\"Serviço\",0,IF(AND(AUTOEVENTO=\"Manual\",$M57=1),0,IF(OFFSET(CRONOPLE!$F$14,$M57,AO$13)=\"\",10^12,OFFSET(CRONOPLE!$F$14,$M57,AO$13))))","v":1000000000000},{"$f":"IF($D57<>\"Serviço\",0,IF(AND(AUTOEVENTO=\"Manual\",$M57=1),0,IF(OFFSET(CRONOPLE!$F$14,$M57,AP$13)=\"\",10^12,OFFSET(CRONOPLE!$F$14,$M57,AP$13))))","v":1000000000000},{"$f":"IF($D57<>\"Serviço\",0,IF(AND(AUTOEVENTO=\"Manual\",$M57=1),0,IF(OFFSET(CRONOPLE!$F$14,$M57,AQ$13)=\"\",10^12,OFFSET(CRONOPLE!$F$14,$M57,AQ$13))))","v":1000000000000},{"$f":"IF($D57<>\"Serviço\",0,IF(AND(AUTOEVENTO=\"Manual\",$M57=1),0,IF(OFFSET(CRONOPLE!$F$14,$M57,AR$13)=\"\",10^12,OFFSET(CRONOPLE!$F$14,$M57,AR$13))))","v":1000000000000},{"$f":"IF($D57<>\"Serviço\",0,IF(AND(AUTOEVENTO=\"Manual\",$M57=1),0,IF(OFFSET(CRONOPLE!$F$14,$M57,AS$13)=\"\",10^12,OFFSET(CRONOPLE!$F$14,$M57,AS$13))))","v":1000000000000},{"$f":"IF($D57<>\"Serviço\",0,IF(AND(AUTOEVENTO=\"Manual\",$M57=1),0,IF(OFFSET(CRONOPLE!$F$14,$M57,AT$13)=\"\",10^12,OFFSET(CRONOPLE!$F$14,$M57,AT$13))))","v":1000000000000},{"$f":"IF($D57<>\"Serviço\",0,IF(AND(AUTOEVENTO=\"Manual\",$M57=1),0,IF(OFFSET(CRONOPLE!$F$14,$M57,AU$13)=\"\",10^12,OFFSET(CRONOPLE!$F$14,$M57,AU$13))))","v":1000000000000},{"$f":"IF($D57<>\"Serviço\",0,IF(AND(AUTOEVENTO=\"Manual\",$M57=1),0,IF(OFFSET(CRONOPLE!$F$14,$M57,AV$13)=\"\",10^12,OFFSET(CRONOPLE!$F$14,$M57,AV$13))))","v":1000000000000},null,{"$f":"IF($D57<>\"Serviço\",0,IF(OR(AND(AUTOEVENTO=\"Manual\",$M57=1),$M57>(ROW(PLE.lastrow)-ROW(PLE.firstrow))),0,IF(OFFSET(PLE!$G$14,$M57,AX$13)=\"\",10^12,OFFSET(PLE!$G$14,$M57,AX$13))))","v":1000000000000},{"$f":"IF($D57<>\"Serviço\",0,IF(OR(AND(AUTOEVENTO=\"Manual\",$M57=1),$M57>(ROW(PLE.lastrow)-ROW(PLE.firstrow))),0,IF(OFFSET(PLE!$G$14,$M57,AY$13)=\"\",10^12,OFFSET(PLE!$G$14,$M57,AY$13))))","v":1000000000000},{"$f":"IF($D57<>\"Serviço\",0,IF(OR(AND(AUTOEVENTO=\"Manual\",$M57=1),$M57>(ROW(PLE.lastrow)-ROW(PLE.firstrow))),0,IF(OFFSET(PLE!$G$14,$M57,AZ$13)=\"\",10^12,OFFSET(PLE!$G$14,$M57,AZ$13))))","v":1000000000000},{"$f":"IF($D57<>\"Serviço\",0,IF(OR(AND(AUTOEVENTO=\"Manual\",$M57=1),$M57>(ROW(PLE.lastrow)-ROW(PLE.firstrow))),0,IF(OFFSET(PLE!$G$14,$M57,BA$13)=\"\",10^12,OFFSET(PLE!$G$14,$M57,BA$13))))","v":1000000000000},{"$f":"IF($D57<>\"Serviço\",0,IF(OR(AND(AUTOEVENTO=\"Manual\",$M57=1),$M57>(ROW(PLE.lastrow)-ROW(PLE.firstrow))),0,IF(OFFSET(PLE!$G$14,$M57,BB$13)=\"\",10^12,OFFSET(PLE!$G$14,$M57,BB$13))))","v":1000000000000},{"$f":"IF($D57<>\"Serviço\",0,IF(OR(AND(AUTOEVENTO=\"Manual\",$M57=1),$M57>(ROW(PLE.lastrow)-ROW(PLE.firstrow))),0,IF(OFFSET(PLE!$G$14,$M57,BC$13)=\"\",10^12,OFFSET(PLE!$G$14,$M57,BC$13))))","v":1000000000000},{"$f":"IF($D57<>\"Serviço\",0,IF(OR(AND(AUTOEVENTO=\"Manual\",$M57=1),$M57>(ROW(PLE.lastrow)-ROW(PLE.firstrow))),0,IF(OFFSET(PLE!$G$14,$M57,BD$13)=\"\",10^12,OFFSET(PLE!$G$14,$M57,BD$13))))","v":1000000000000},{"$f":"IF($D57<>\"Serviço\",0,IF(OR(AND(AUTOEVENTO=\"Manual\",$M57=1),$M57>(ROW(PLE.lastrow)-ROW(PLE.firstrow))),0,IF(OFFSET(PLE!$G$14,$M57,BE$13)=\"\",10^12,OFFSET(PLE!$G$14,$M57,BE$13))))","v":1000000000000},{"$f":"IF($D57<>\"Serviço\",0,IF(OR(AND(AUTOEVENTO=\"Manual\",$M57=1),$M57>(ROW(PLE.lastrow)-ROW(PLE.firstrow))),0,IF(OFFSET(PLE!$G$14,$M57,BF$13)=\"\",10^12,OFFSET(PLE!$G$14,$M57,BF$13))))","v":1000000000000},{"$f":"IF($D57<>\"Serviço\",0,IF(OR(AND(AUTOEVENTO=\"Manual\",$M57=1),$M57>(ROW(PLE.lastrow)-ROW(PLE.firstrow))),0,IF(OFFSET(PLE!$G$14,$M57,BG$13)=\"\",10^12,OFFSET(PLE!$G$14,$M57,BG$13))))","v":1000000000000}]
["35",{"$f":"OFFSET(ORÇAMENTO!C$15,ROW(B58)-ROW(B$15),0)","v":"S"},{"$f":"OFFSET(ORÇAMENTO!L$15,ROW(C58)-ROW(C$15),0)","v":"F"},{"$f":"OFFSET(ORÇAMENTO!N$15,ROW(D58)-ROW(D$15),0)","v":"Serviço"},{"$f":"OFFSET(ORÇAMENTO!O$15,ROW(E58)-ROW(E$15),0)","v":"1.2.0.8."},{"$f":"OFFSET(ORÇAMENTO!R$15,ROW(F58)-ROW(F$15),0)","v":"COMPACTAÇÃO MECÂNICA DE SOLO PARA EXECUÇÃO DE RADIER, PISO DE CONCRETO OU LAJE SOBRE SOLO, COM COMPACTADOR DE SOLOS A PERCUSSÃO. AF_09/2021"},{"$f":"IF($D58<>\"Serviço\",\"\",OFFSET(ORÇAMENTO!S$15,ROW(G58)-ROW(G$15),0))","v":"M2"},{"$f":"IF($D58<>\"Serviço\",0,IF(ACOMPANHAMENTO=\"BM\",ROUND(OFFSET(ORÇAMENTO!AJ$15,ROW(H58)-ROW(H$15),0),15-13*ORÇAMENTO!$AF$7),SUMPRODUCT(($Q$12:$AA$12<>\"\")*ROUND($Q58:$AA58,15-13*ORÇAMENTO!$AF$7))))","v":95.4},null,null,null,".",{"$f":"IF($D58<>\"Serviço\",\"\",IF(AUTOEVENTO=\"manual\",$A58,IF(ISERROR(MATCH($A58,$A$15:OFFSET($A58,-1,0),0)),MAX($M$15:OFFSET(M58,-1,0))+1,INDEX($M$15:OFFSET(M58,-1,0),MATCH($A58,$A$15:OFFSET($A58,-1,0),0)))))","v":3},{"$f":"IF($D58<>\"Serviço\",\"\",IF(AUTOEVENTO=\"Manual\",IF($A58=0,\"<-- defina o número do agrupador\",OFFSET(EVENTOS!$D$14,$A58,0)),OFFSET($F$15,$A58,0)))","v":"MOVIMENTAÇÃO DE TERRA"},null,null,null,null,null,null,null,null,null,null,null,null,null,{"$f":"IF(AND($D58=\"Serviço\",AB$12<>0,$H58>0,OR(AUTOEVENTO<>\"manual\",$M58<>1)),\nIF(Import.TipoArredondamento<>\"TransfereGOV\",\nROUND(OFFSET($P58,0,AB$13),15-13*ORÇAMENTO!$AF$7)/$H58*OFFSET(ORÇAMENTO!$X$15,ROW(AB58)-ROW(AB$15),0),\nROUND(ROUND(OFFSET($P58,0,AB$13),15-13*ORÇAMENTO!$AF$7)*OFFSET(ORÇAMENTO!$W$15,ROW(AB58)-ROW(AB$15),0),15-13*ORÇAMENTO!$AF$11)),0)","v":0},{"$f":"IF(AND($D58=\"Serviço\",AC$12<>0,$H58>0,OR(AUTOEVENTO<>\"manual\",$M58<>1)),\nIF(Import.TipoArredondamento<>\"TransfereGOV\",\nROUND(OFFSET($P58,0,AC$13),15-13*ORÇAMENTO!$AF$7)/$H58*OFFSET(ORÇAMENTO!$X$15,ROW(AC58)-ROW(AC$15),0),\nROUND(ROUND(OFFSET($P58,0,AC$13),15-13*ORÇAMENTO!$AF$7)*OFFSET(ORÇAMENTO!$W$15,ROW(AC58)-ROW(AC$15),0),15-13*ORÇAMENTO!$AF$11)),0)","v":0},{"$f":"IF(AND($D58=\"Serviço\",AD$12<>0,$H58>0,OR(AUTOEVENTO<>\"manual\",$M58<>1)),\nIF(Import.TipoArredondamento<>\"TransfereGOV\",\nROUND(OFFSET($P58,0,AD$13),15-13*ORÇAMENTO!$AF$7)/$H58*OFFSET(ORÇAMENTO!$X$15,ROW(AD58)-ROW(AD$15),0),\nROUND(ROUND(OFFSET($P58,0,AD$13),15-13*ORÇAMENTO!$AF$7)*OFFSET(ORÇAMENTO!$W$15,ROW(AD58)-ROW(AD$15),0),15-13*ORÇAMENTO!$AF$11)),0)","v":0},{"$f":"IF(AND($D58=\"Serviço\",AE$12<>0,$H58>0,OR(AUTOEVENTO<>\"manual\",$M58<>1)),\nIF(Import.TipoArredondamento<>\"TransfereGOV\",\nROUND(OFFSET($P58,0,AE$13),15-13*ORÇAMENTO!$AF$7)/$H58*OFFSET(ORÇAMENTO!$X$15,ROW(AE58)-ROW(AE$15),0),\nROUND(ROUND(OFFSET($P58,0,AE$13),15-13*ORÇAMENTO!$AF$7)*OFFSET(ORÇAMENTO!$W$15,ROW(AE58)-ROW(AE$15),0),15-13*ORÇAMENTO!$AF$11)),0)","v":0},{"$f":"IF(AND($D58=\"Serviço\",AF$12<>0,$H58>0,OR(AUTOEVENTO<>\"manual\",$M58<>1)),\nIF(Import.TipoArredondamento<>\"TransfereGOV\",\nROUND(OFFSET($P58,0,AF$13),15-13*ORÇAMENTO!$AF$7)/$H58*OFFSET(ORÇAMENTO!$X$15,ROW(AF58)-ROW(AF$15),0),\nROUND(ROUND(OFFSET($P58,0,AF$13),15-13*ORÇAMENTO!$AF$7)*OFFSET(ORÇAMENTO!$W$15,ROW(AF58)-ROW(AF$15),0),15-13*ORÇAMENTO!$AF$11)),0)","v":0},{"$f":"IF(AND($D58=\"Serviço\",AG$12<>0,$H58>0,OR(AUTOEVENTO<>\"manual\",$M58<>1)),\nIF(Import.TipoArredondamento<>\"TransfereGOV\",\nROUND(OFFSET($P58,0,AG$13),15-13*ORÇAMENTO!$AF$7)/$H58*OFFSET(ORÇAMENTO!$X$15,ROW(AG58)-ROW(AG$15),0),\nROUND(ROUND(OFFSET($P58,0,AG$13),15-13*ORÇAMENTO!$AF$7)*OFFSET(ORÇAMENTO!$W$15,ROW(AG58)-ROW(AG$15),0),15-13*ORÇAMENTO!$AF$11)),0)","v":0},{"$f":"IF(AND($D58=\"Serviço\",AH$12<>0,$H58>0,OR(AUTOEVENTO<>\"manual\",$M58<>1)),\nIF(Import.TipoArredondamento<>\"TransfereGOV\",\nROUND(OFFSET($P58,0,AH$13),15-13*ORÇAMENTO!$AF$7)/$H58*OFFSET(ORÇAMENTO!$X$15,ROW(AH58)-ROW(AH$15),0),\nROUND(ROUND(OFFSET($P58,0,AH$13),15-13*ORÇAMENTO!$AF$7)*OFFSET(ORÇAMENTO!$W$15,ROW(AH58)-ROW(AH$15),0),15-13*ORÇAMENTO!$AF$11)),0)","v":0},{"$f":"IF(AND($D58=\"Serviço\",AI$12<>0,$H58>0,OR(AUTOEVENTO<>\"manual\",$M58<>1)),\nIF(Import.TipoArredondamento<>\"TransfereGOV\",\nROUND(OFFSET($P58,0,AI$13),15-13*ORÇAMENTO!$AF$7)/$H58*OFFSET(ORÇAMENTO!$X$15,ROW(AI58)-ROW(AI$15),0),\nROUND(ROUND(OFFSET($P58,0,AI$13),15-13*ORÇAMENTO!$AF$7)*OFFSET(ORÇAMENTO!$W$15,ROW(AI58)-ROW(AI$15),0),15-13*ORÇAMENTO!$AF$11)),0)","v":0},{"$f":"IF(AND($D58=\"Serviço\",AJ$12<>0,$H58>0,OR(AUTOEVENTO<>\"manual\",$M58<>1)),\nIF(Import.TipoArredondamento<>\"TransfereGOV\",\nROUND(OFFSET($P58,0,AJ$13),15-13*ORÇAMENTO!$AF$7)/$H58*OFFSET(ORÇAMENTO!$X$15,ROW(AJ58)-ROW(AJ$15),0),\nROUND(ROUND(OFFSET($P58,0,AJ$13),15-13*ORÇAMENTO!$AF$7)*OFFSET(ORÇAMENTO!$W$15,ROW(AJ58)-ROW(AJ$15),0),15-13*ORÇAMENTO!$AF$11)),0)","v":0},{"$f":"IF(AND($D58=\"Serviço\",AK$12<>0,$H58>0,OR(AUTOEVENTO<>\"manual\",$M58<>1)),\nIF(Import.TipoArredondamento<>\"TransfereGOV\",\nROUND(OFFSET($P58,0,AK$13),15-13*ORÇAMENTO!$AF$7)/$H58*OFFSET(ORÇAMENTO!$X$15,ROW(AK58)-ROW(AK$15),0),\nROUND(ROUND(OFFSET($P58,0,AK$13),15-13*ORÇAMENTO!$AF$7)*OFFSET(ORÇAMENTO!$W$15,ROW(AK58)-ROW(AK$15),0),15-13*ORÇAMENTO!$AF$11)),0)","v":0},null,{"$f":"IF($D58<>\"Serviço\",0,IF(AND(AUTOEVENTO=\"Manual\",$M58=1),0,IF(OFFSET(CRONOPLE!$F$14,$M58,AM$13)=\"\",10^12,OFFSET(CRONOPLE!$F$14,$M58,AM$13))))","v":1000000000000},{"$f":"IF($D58<>\"Serviço\",0,IF(AND(AUTOEVENTO=\"Manual\",$M58=1),0,IF(OFFSET(CRONOPLE!$F$14,$M58,AN$13)=\"\",10^12,OFFSET(CRONOPLE!$F$14,$M58,AN$13))))","v":1000000000000},{"$f":"IF($D58<>\"Serviço\",0,IF(AND(AUTOEVENTO=\"Manual\",$M58=1),0,IF(OFFSET(CRONOPLE!$F$14,$M58,AO$13)=\"\",10^12,OFFSET(CRONOPLE!$F$14,$M58,AO$13))))","v":1000000000000},{"$f":"IF($D58<>\"Serviço\",0,IF(AND(AUTOEVENTO=\"Manual\",$M58=1),0,IF(OFFSET(CRONOPLE!$F$14,$M58,AP$13)=\"\",10^12,OFFSET(CRONOPLE!$F$14,$M58,AP$13))))","v":1000000000000},{"$f":"IF($D58<>\"Serviço\",0,IF(AND(AUTOEVENTO=\"Manual\",$M58=1),0,IF(OFFSET(CRONOPLE!$F$14,$M58,AQ$13)=\"\",10^12,OFFSET(CRONOPLE!$F$14,$M58,AQ$13))))","v":1000000000000},{"$f":"IF($D58<>\"Serviço\",0,IF(AND(AUTOEVENTO=\"Manual\",$M58=1),0,IF(OFFSET(CRONOPLE!$F$14,$M58,AR$13)=\"\",10^12,OFFSET(CRONOPLE!$F$14,$M58,AR$13))))","v":1000000000000},{"$f":"IF($D58<>\"Serviço\",0,IF(AND(AUTOEVENTO=\"Manual\",$M58=1),0,IF(OFFSET(CRONOPLE!$F$14,$M58,AS$13)=\"\",10^12,OFFSET(CRONOPLE!$F$14,$M58,AS$13))))","v":1000000000000},{"$f":"IF($D58<>\"Serviço\",0,IF(AND(AUTOEVENTO=\"Manual\",$M58=1),0,IF(OFFSET(CRONOPLE!$F$14,$M58,AT$13)=\"\",10^12,OFFSET(CRONOPLE!$F$14,$M58,AT$13))))","v":1000000000000},{"$f":"IF($D58<>\"Serviço\",0,IF(AND(AUTOEVENTO=\"Manual\",$M58=1),0,IF(OFFSET(CRONOPLE!$F$14,$M58,AU$13)=\"\",10^12,OFFSET(CRONOPLE!$F$14,$M58,AU$13))))","v":1000000000000},{"$f":"IF($D58<>\"Serviço\",0,IF(AND(AUTOEVENTO=\"Manual\",$M58=1),0,IF(OFFSET(CRONOPLE!$F$14,$M58,AV$13)=\"\",10^12,OFFSET(CRONOPLE!$F$14,$M58,AV$13))))","v":1000000000000},null,{"$f":"IF($D58<>\"Serviço\",0,IF(OR(AND(AUTOEVENTO=\"Manual\",$M58=1),$M58>(ROW(PLE.lastrow)-ROW(PLE.firstrow))),0,IF(OFFSET(PLE!$G$14,$M58,AX$13)=\"\",10^12,OFFSET(PLE!$G$14,$M58,AX$13))))","v":1000000000000},{"$f":"IF($D58<>\"Serviço\",0,IF(OR(AND(AUTOEVENTO=\"Manual\",$M58=1),$M58>(ROW(PLE.lastrow)-ROW(PLE.firstrow))),0,IF(OFFSET(PLE!$G$14,$M58,AY$13)=\"\",10^12,OFFSET(PLE!$G$14,$M58,AY$13))))","v":1000000000000},{"$f":"IF($D58<>\"Serviço\",0,IF(OR(AND(AUTOEVENTO=\"Manual\",$M58=1),$M58>(ROW(PLE.lastrow)-ROW(PLE.firstrow))),0,IF(OFFSET(PLE!$G$14,$M58,AZ$13)=\"\",10^12,OFFSET(PLE!$G$14,$M58,AZ$13))))","v":1000000000000},{"$f":"IF($D58<>\"Serviço\",0,IF(OR(AND(AUTOEVENTO=\"Manual\",$M58=1),$M58>(ROW(PLE.lastrow)-ROW(PLE.firstrow))),0,IF(OFFSET(PLE!$G$14,$M58,BA$13)=\"\",10^12,OFFSET(PLE!$G$14,$M58,BA$13))))","v":1000000000000},{"$f":"IF($D58<>\"Serviço\",0,IF(OR(AND(AUTOEVENTO=\"Manual\",$M58=1),$M58>(ROW(PLE.lastrow)-ROW(PLE.firstrow))),0,IF(OFFSET(PLE!$G$14,$M58,BB$13)=\"\",10^12,OFFSET(PLE!$G$14,$M58,BB$13))))","v":1000000000000},{"$f":"IF($D58<>\"Serviço\",0,IF(OR(AND(AUTOEVENTO=\"Manual\",$M58=1),$M58>(ROW(PLE.lastrow)-ROW(PLE.firstrow))),0,IF(OFFSET(PLE!$G$14,$M58,BC$13)=\"\",10^12,OFFSET(PLE!$G$14,$M58,BC$13))))","v":1000000000000},{"$f":"IF($D58<>\"Serviço\",0,IF(OR(AND(AUTOEVENTO=\"Manual\",$M58=1),$M58>(ROW(PLE.lastrow)-ROW(PLE.firstrow))),0,IF(OFFSET(PLE!$G$14,$M58,BD$13)=\"\",10^12,OFFSET(PLE!$G$14,$M58,BD$13))))","v":1000000000000},{"$f":"IF($D58<>\"Serviço\",0,IF(OR(AND(AUTOEVENTO=\"Manual\",$M58=1),$M58>(ROW(PLE.lastrow)-ROW(PLE.firstrow))),0,IF(OFFSET(PLE!$G$14,$M58,BE$13)=\"\",10^12,OFFSET(PLE!$G$14,$M58,BE$13))))","v":1000000000000},{"$f":"IF($D58<>\"Serviço\",0,IF(OR(AND(AUTOEVENTO=\"Manual\",$M58=1),$M58>(ROW(PLE.lastrow)-ROW(PLE.firstrow))),0,IF(OFFSET(PLE!$G$14,$M58,BF$13)=\"\",10^12,OFFSET(PLE!$G$14,$M58,BF$13))))","v":1000000000000},{"$f":"IF($D58<>\"Serviço\",0,IF(OR(AND(AUTOEVENTO=\"Manual\",$M58=1),$M58>(ROW(PLE.lastrow)-ROW(PLE.firstrow))),0,IF(OFFSET(PLE!$G$14,$M58,BG$13)=\"\",10^12,OFFSET(PLE!$G$14,$M58,BG$13))))","v":1000000000000}]
["35",{"$f":"OFFSET(ORÇAMENTO!C$15,ROW(B59)-ROW(B$15),0)","v":"S"},{"$f":"OFFSET(ORÇAMENTO!L$15,ROW(C59)-ROW(C$15),0)","v":""},{"$f":"OFFSET(ORÇAMENTO!N$15,ROW(D59)-ROW(D$15),0)","v":"Serviço"},{"$f":"OFFSET(ORÇAMENTO!O$15,ROW(E59)-ROW(E$15),0)","v":"-"},{"$f":"OFFSET(ORÇAMENTO!R$15,ROW(F59)-ROW(F$15),0)","v":"(Sem Código)"},{"$f":"IF($D59<>\"Serviço\",\"\",OFFSET(ORÇAMENTO!S$15,ROW(G59)-ROW(G$15),0))","v":"-"},{"$f":"IF($D59<>\"Serviço\",0,IF(ACOMPANHAMENTO=\"BM\",ROUND(OFFSET(ORÇAMENTO!AJ$15,ROW(H59)-ROW(H$15),0),15-13*ORÇAMENTO!$AF$7),SUMPRODUCT(($Q$12:$AA$12<>\"\")*ROUND($Q59:$AA59,15-13*ORÇAMENTO!$AF$7))))","v":0},null,null,null,".",{"$f":"IF($D59<>\"Serviço\",\"\",IF(AUTOEVENTO=\"manual\",$A59,IF(ISERROR(MATCH($A59,$A$15:OFFSET($A59,-1,0),0)),MAX($M$15:OFFSET(M59,-1,0))+1,INDEX($M$15:OFFSET(M59,-1,0),MATCH($A59,$A$15:OFFSET($A59,-1,0),0)))))","v":3},{"$f":"IF($D59<>\"Serviço\",\"\",IF(AUTOEVENTO=\"Manual\",IF($A59=0,\"<-- defina o número do agrupador\",OFFSET(EVENTOS!$D$14,$A59,0)),OFFSET($F$15,$A59,0)))","v":"MOVIMENTAÇÃO DE TERRA"},null,null,null,null,null,null,null,null,null,null,null,null,null,{"$f":"IF(AND($D59=\"Serviço\",AB$12<>0,$H59>0,OR(AUTOEVENTO<>\"manual\",$M59<>1)),\nIF(Import.TipoArredondamento<>\"TransfereGOV\",\nROUND(OFFSET($P59,0,AB$13),15-13*ORÇAMENTO!$AF$7)/$H59*OFFSET(ORÇAMENTO!$X$15,ROW(AB59)-ROW(AB$15),0),\nROUND(ROUND(OFFSET($P59,0,AB$13),15-13*ORÇAMENTO!$AF$7)*OFFSET(ORÇAMENTO!$W$15,ROW(AB59)-ROW(AB$15),0),15-13*ORÇAMENTO!$AF$11)),0)","v":0},{"$f":"IF(AND($D59=\"Serviço\",AC$12<>0,$H59>0,OR(AUTOEVENTO<>\"manual\",$M59<>1)),\nIF(Import.TipoArredondamento<>\"TransfereGOV\",\nROUND(OFFSET($P59,0,AC$13),15-13*ORÇAMENTO!$AF$7)/$H59*OFFSET(ORÇAMENTO!$X$15,ROW(AC59)-ROW(AC$15),0),\nROUND(ROUND(OFFSET($P59,0,AC$13),15-13*ORÇAMENTO!$AF$7)*OFFSET(ORÇAMENTO!$W$15,ROW(AC59)-ROW(AC$15),0),15-13*ORÇAMENTO!$AF$11)),0)","v":0},{"$f":"IF(AND($D59=\"Serviço\",AD$12<>0,$H59>0,OR(AUTOEVENTO<>\"manual\",$M59<>1)),\nIF(Import.TipoArredondamento<>\"TransfereGOV\",\nROUND(OFFSET($P59,0,AD$13),15-13*ORÇAMENTO!$AF$7)/$H59*OFFSET(ORÇAMENTO!$X$15,ROW(AD59)-ROW(AD$15),0),\nROUND(ROUND(OFFSET($P59,0,AD$13),15-13*ORÇAMENTO!$AF$7)*OFFSET(ORÇAMENTO!$W$15,ROW(AD59)-ROW(AD$15),0),15-13*ORÇAMENTO!$AF$11)),0)","v":0},{"$f":"IF(AND($D59=\"Serviço\",AE$12<>0,$H59>0,OR(AUTOEVENTO<>\"manual\",$M59<>1)),\nIF(Import.TipoArredondamento<>\"TransfereGOV\",\nROUND(OFFSET($P59,0,AE$13),15-13*ORÇAMENTO!$AF$7)/$H59*OFFSET(ORÇAMENTO!$X$15,ROW(AE59)-ROW(AE$15),0),\nROUND(ROUND(OFFSET($P59,0,AE$13),15-13*ORÇAMENTO!$AF$7)*OFFSET(ORÇAMENTO!$W$15,ROW(AE59)-ROW(AE$15),0),15-13*ORÇAMENTO!$AF$11)),0)","v":0},{"$f":"IF(AND($D59=\"Serviço\",AF$12<>0,$H59>0,OR(AUTOEVENTO<>\"manual\",$M59<>1)),\nIF(Import.TipoArredondamento<>\"TransfereGOV\",\nROUND(OFFSET($P59,0,AF$13),15-13*ORÇAMENTO!$AF$7)/$H59*OFFSET(ORÇAMENTO!$X$15,ROW(AF59)-ROW(AF$15),0),\nROUND(ROUND(OFFSET($P59,0,AF$13),15-13*ORÇAMENTO!$AF$7)*OFFSET(ORÇAMENTO!$W$15,ROW(AF59)-ROW(AF$15),0),15-13*ORÇAMENTO!$AF$11)),0)","v":0},{"$f":"IF(AND($D59=\"Serviço\",AG$12<>0,$H59>0,OR(AUTOEVENTO<>\"manual\",$M59<>1)),\nIF(Import.TipoArredondamento<>\"TransfereGOV\",\nROUND(OFFSET($P59,0,AG$13),15-13*ORÇAMENTO!$AF$7)/$H59*OFFSET(ORÇAMENTO!$X$15,ROW(AG59)-ROW(AG$15),0),\nROUND(ROUND(OFFSET($P59,0,AG$13),15-13*ORÇAMENTO!$AF$7)*OFFSET(ORÇAMENTO!$W$15,ROW(AG59)-ROW(AG$15),0),15-13*ORÇAMENTO!$AF$11)),0)","v":0},{"$f":"IF(AND($D59=\"Serviço\",AH$12<>0,$H59>0,OR(AUTOEVENTO<>\"manual\",$M59<>1)),\nIF(Import.TipoArredondamento<>\"TransfereGOV\",\nROUND(OFFSET($P59,0,AH$13),15-13*ORÇAMENTO!$AF$7)/$H59*OFFSET(ORÇAMENTO!$X$15,ROW(AH59)-ROW(AH$15),0),\nROUND(ROUND(OFFSET($P59,0,AH$13),15-13*ORÇAMENTO!$AF$7)*OFFSET(ORÇAMENTO!$W$15,ROW(AH59)-ROW(AH$15),0),15-13*ORÇAMENTO!$AF$11)),0)","v":0},{"$f":"IF(AND($D59=\"Serviço\",AI$12<>0,$H59>0,OR(AUTOEVENTO<>\"manual\",$M59<>1)),\nIF(Import.TipoArredondamento<>\"TransfereGOV\",\nROUND(OFFSET($P59,0,AI$13),15-13*ORÇAMENTO!$AF$7)/$H59*OFFSET(ORÇAMENTO!$X$15,ROW(AI59)-ROW(AI$15),0),\nROUND(ROUND(OFFSET($P59,0,AI$13),15-13*ORÇAMENTO!$AF$7)*OFFSET(ORÇAMENTO!$W$15,ROW(AI59)-ROW(AI$15),0),15-13*ORÇAMENTO!$AF$11)),0)","v":0},{"$f":"IF(AND($D59=\"Serviço\",AJ$12<>0,$H59>0,OR(AUTOEVENTO<>\"manual\",$M59<>1)),\nIF(Import.TipoArredondamento<>\"TransfereGOV\",\nROUND(OFFSET($P59,0,AJ$13),15-13*ORÇAMENTO!$AF$7)/$H59*OFFSET(ORÇAMENTO!$X$15,ROW(AJ59)-ROW(AJ$15),0),\nROUND(ROUND(OFFSET($P59,0,AJ$13),15-13*ORÇAMENTO!$AF$7)*OFFSET(ORÇAMENTO!$W$15,ROW(AJ59)-ROW(AJ$15),0),15-13*ORÇAMENTO!$AF$11)),0)","v":0},{"$f":"IF(AND($D59=\"Serviço\",AK$12<>0,$H59>0,OR(AUTOEVENTO<>\"manual\",$M59<>1)),\nIF(Import.TipoArredondamento<>\"TransfereGOV\",\nROUND(OFFSET($P59,0,AK$13),15-13*ORÇAMENTO!$AF$7)/$H59*OFFSET(ORÇAMENTO!$X$15,ROW(AK59)-ROW(AK$15),0),\nROUND(ROUND(OFFSET($P59,0,AK$13),15-13*ORÇAMENTO!$AF$7)*OFFSET(ORÇAMENTO!$W$15,ROW(AK59)-ROW(AK$15),0),15-13*ORÇAMENTO!$AF$11)),0)","v":0},null,{"$f":"IF($D59<>\"Serviço\",0,IF(AND(AUTOEVENTO=\"Manual\",$M59=1),0,IF(OFFSET(CRONOPLE!$F$14,$M59,AM$13)=\"\",10^12,OFFSET(CRONOPLE!$F$14,$M59,AM$13))))","v":1000000000000},{"$f":"IF($D59<>\"Serviço\",0,IF(AND(AUTOEVENTO=\"Manual\",$M59=1),0,IF(OFFSET(CRONOPLE!$F$14,$M59,AN$13)=\"\",10^12,OFFSET(CRONOPLE!$F$14,$M59,AN$13))))","v":1000000000000},{"$f":"IF($D59<>\"Serviço\",0,IF(AND(AUTOEVENTO=\"Manual\",$M59=1),0,IF(OFFSET(CRONOPLE!$F$14,$M59,AO$13)=\"\",10^12,OFFSET(CRONOPLE!$F$14,$M59,AO$13))))","v":1000000000000},{"$f":"IF($D59<>\"Serviço\",0,IF(AND(AUTOEVENTO=\"Manual\",$M59=1),0,IF(OFFSET(CRONOPLE!$F$14,$M59,AP$13)=\"\",10^12,OFFSET(CRONOPLE!$F$14,$M59,AP$13))))","v":1000000000000},{"$f":"IF($D59<>\"Serviço\",0,IF(AND(AUTOEVENTO=\"Manual\",$M59=1),0,IF(OFFSET(CRONOPLE!$F$14,$M59,AQ$13)=\"\",10^12,OFFSET(CRONOPLE!$F$14,$M59,AQ$13))))","v":1000000000000},{"$f":"IF($D59<>\"Serviço\",0,IF(AND(AUTOEVENTO=\"Manual\",$M59=1),0,IF(OFFSET(CRONOPLE!$F$14,$M59,AR$13)=\"\",10^12,OFFSET(CRONOPLE!$F$14,$M59,AR$13))))","v":1000000000000},{"$f":"IF($D59<>\"Serviço\",0,IF(AND(AUTOEVENTO=\"Manual\",$M59=1),0,IF(OFFSET(CRONOPLE!$F$14,$M59,AS$13)=\"\",10^12,OFFSET(CRONOPLE!$F$14,$M59,AS$13))))","v":1000000000000},{"$f":"IF($D59<>\"Serviço\",0,IF(AND(AUTOEVENTO=\"Manual\",$M59=1),0,IF(OFFSET(CRONOPLE!$F$14,$M59,AT$13)=\"\",10^12,OFFSET(CRONOPLE!$F$14,$M59,AT$13))))","v":1000000000000},{"$f":"IF($D59<>\"Serviço\",0,IF(AND(AUTOEVENTO=\"Manual\",$M59=1),0,IF(OFFSET(CRONOPLE!$F$14,$M59,AU$13)=\"\",10^12,OFFSET(CRONOPLE!$F$14,$M59,AU$13))))","v":1000000000000},{"$f":"IF($D59<>\"Serviço\",0,IF(AND(AUTOEVENTO=\"Manual\",$M59=1),0,IF(OFFSET(CRONOPLE!$F$14,$M59,AV$13)=\"\",10^12,OFFSET(CRONOPLE!$F$14,$M59,AV$13))))","v":1000000000000},null,{"$f":"IF($D59<>\"Serviço\",0,IF(OR(AND(AUTOEVENTO=\"Manual\",$M59=1),$M59>(ROW(PLE.lastrow)-ROW(PLE.firstrow))),0,IF(OFFSET(PLE!$G$14,$M59,AX$13)=\"\",10^12,OFFSET(PLE!$G$14,$M59,AX$13))))","v":1000000000000},{"$f":"IF($D59<>\"Serviço\",0,IF(OR(AND(AUTOEVENTO=\"Manual\",$M59=1),$M59>(ROW(PLE.lastrow)-ROW(PLE.firstrow))),0,IF(OFFSET(PLE!$G$14,$M59,AY$13)=\"\",10^12,OFFSET(PLE!$G$14,$M59,AY$13))))","v":1000000000000},{"$f":"IF($D59<>\"Serviço\",0,IF(OR(AND(AUTOEVENTO=\"Manual\",$M59=1),$M59>(ROW(PLE.lastrow)-ROW(PLE.firstrow))),0,IF(OFFSET(PLE!$G$14,$M59,AZ$13)=\"\",10^12,OFFSET(PLE!$G$14,$M59,AZ$13))))","v":1000000000000},{"$f":"IF($D59<>\"Serviço\",0,IF(OR(AND(AUTOEVENTO=\"Manual\",$M59=1),$M59>(ROW(PLE.lastrow)-ROW(PLE.firstrow))),0,IF(OFFSET(PLE!$G$14,$M59,BA$13)=\"\",10^12,OFFSET(PLE!$G$14,$M59,BA$13))))","v":1000000000000},{"$f":"IF($D59<>\"Serviço\",0,IF(OR(AND(AUTOEVENTO=\"Manual\",$M59=1),$M59>(ROW(PLE.lastrow)-ROW(PLE.firstrow))),0,IF(OFFSET(PLE!$G$14,$M59,BB$13)=\"\",10^12,OFFSET(PLE!$G$14,$M59,BB$13))))","v":1000000000000},{"$f":"IF($D59<>\"Serviço\",0,IF(OR(AND(AUTOEVENTO=\"Manual\",$M59=1),$M59>(ROW(PLE.lastrow)-ROW(PLE.firstrow))),0,IF(OFFSET(PLE!$G$14,$M59,BC$13)=\"\",10^12,OFFSET(PLE!$G$14,$M59,BC$13))))","v":1000000000000},{"$f":"IF($D59<>\"Serviço\",0,IF(OR(AND(AUTOEVENTO=\"Manual\",$M59=1),$M59>(ROW(PLE.lastrow)-ROW(PLE.firstrow))),0,IF(OFFSET(PLE!$G$14,$M59,BD$13)=\"\",10^12,OFFSET(PLE!$G$14,$M59,BD$13))))","v":1000000000000},{"$f":"IF($D59<>\"Serviço\",0,IF(OR(AND(AUTOEVENTO=\"Manual\",$M59=1),$M59>(ROW(PLE.lastrow)-ROW(PLE.firstrow))),0,IF(OFFSET(PLE!$G$14,$M59,BE$13)=\"\",10^12,OFFSET(PLE!$G$14,$M59,BE$13))))","v":1000000000000},{"$f":"IF($D59<>\"Serviço\",0,IF(OR(AND(AUTOEVENTO=\"Manual\",$M59=1),$M59>(ROW(PLE.lastrow)-ROW(PLE.firstrow))),0,IF(OFFSET(PLE!$G$14,$M59,BF$13)=\"\",10^12,OFFSET(PLE!$G$14,$M59,BF$13))))","v":1000000000000},{"$f":"IF($D59<>\"Serviço\",0,IF(OR(AND(AUTOEVENTO=\"Manual\",$M59=1),$M59>(ROW(PLE.lastrow)-ROW(PLE.firstrow))),0,IF(OFFSET(PLE!$G$14,$M59,BG$13)=\"\",10^12,OFFSET(PLE!$G$14,$M59,BG$13))))","v":1000000000000}]
[{"$f":"IF(AUTOEVENTO=\"Manual\",IF(K60<>\"\",MIN(VALUE(LEFT(K60,FIND(\".\",K60)-1)),COUNTA(EVENTOS.Lista)),0),IF(OR($B60>AUTOEVENTO,$B60=\"S\",$B60=0),SUBSTITUTE(OFFSET($A60,-1,0),IF($D60=\"Serviço\",\".\",\"\"),\"\"),ROW(A60)-ROW($A$15)&\".\"))","v":"35"},{"$f":"OFFSET(ORÇAMENTO!C$15,ROW(B60)-ROW(B$15),0)","v":"S"},{"$f":"OFFSET(ORÇAMENTO!L$15,ROW(C60)-ROW(C$15),0)","v":""},{"$f":"OFFSET(ORÇAMENTO!N$15,ROW(D60)-ROW(D$15),0)","v":"Serviço"},{"$f":"OFFSET(ORÇAMENTO!O$15,ROW(E60)-ROW(E$15),0)","v":"-"},{"$f":"OFFSET(ORÇAMENTO!R$15,ROW(F60)-ROW(F$15),0)","v":"(Sem Código)"},{"$f":"IF($D60<>\"Serviço\",\"\",OFFSET(ORÇAMENTO!S$15,ROW(G60)-ROW(G$15),0))","v":"-"},{"$f":"IF($D60<>\"Serviço\",0,IF(ACOMPANHAMENTO=\"BM\",ROUND(OFFSET(ORÇAMENTO!AJ$15,ROW(H60)-ROW(H$15),0),15-13*ORÇAMENTO!$AF$7),SUMPRODUCT(($Q$12:$AA$12<>\"\")*ROUND($Q60:$AA60,15-13*ORÇAMENTO!$AF$7))))","v":0},null,null,null,".",{"$f":"IF($D60<>\"Serviço\",\"\",IF(AUTOEVENTO=\"manual\",$A60,IF(ISERROR(MATCH($A60,$A$15:OFFSET($A60,-1,0),0)),MAX($M$15:OFFSET(M60,-1,0))+1,INDEX($M$15:OFFSET(M60,-1,0),MATCH($A60,$A$15:OFFSET($A60,-1,0),0)))))","v":3},{"$f":"IF($D60<>\"Serviço\",\"\",IF(AUTOEVENTO=\"Manual\",IF($A60=0,\"<-- defina o número do agrupador\",OFFSET(EVENTOS!$D$14,$A60,0)),OFFSET($F$15,$A60,0)))","v":"MOVIMENTAÇÃO DE TERRA"},null,null,null,null,null,null,null,null,null,null,null,null,null,{"$f":"IF(AND($D60=\"Serviço\",AB$12<>0,$H60>0,OR(AUTOEVENTO<>\"manual\",$M60<>1)),\nIF(Import.TipoArredondamento<>\"TransfereGOV\",\nROUND(OFFSET($P60,0,AB$13),15-13*ORÇAMENTO!$AF$7)/$H60*OFFSET(ORÇAMENTO!$X$15,ROW(AB60)-ROW(AB$15),0),\nROUND(ROUND(OFFSET($P60,0,AB$13),15-13*ORÇAMENTO!$AF$7)*OFFSET(ORÇAMENTO!$W$15,ROW(AB60)-ROW(AB$15),0),15-13*ORÇAMENTO!$AF$11)),0)","v":0},{"$f":"IF(AND($D60=\"Serviço\",AC$12<>0,$H60>0,OR(AUTOEVENTO<>\"manual\",$M60<>1)),\nIF(Import.TipoArredondamento<>\"TransfereGOV\",\nROUND(OFFSET($P60,0,AC$13),15-13*ORÇAMENTO!$AF$7)/$H60*OFFSET(ORÇAMENTO!$X$15,ROW(AC60)-ROW(AC$15),0),\nROUND(ROUND(OFFSET($P60,0,AC$13),15-13*ORÇAMENTO!$AF$7)*OFFSET(ORÇAMENTO!$W$15,ROW(AC60)-ROW(AC$15),0),15-13*ORÇAMENTO!$AF$11)),0)","v":0},{"$f":"IF(AND($D60=\"Serviço\",AD$12<>0,$H60>0,OR(AUTOEVENTO<>\"manual\",$M60<>1)),\nIF(Import.TipoArredondamento<>\"TransfereGOV\",\nROUND(OFFSET($P60,0,AD$13),15-13*ORÇAMENTO!$AF$7)/$H60*OFFSET(ORÇAMENTO!$X$15,ROW(AD60)-ROW(AD$15),0),\nROUND(ROUND(OFFSET($P60,0,AD$13),15-13*ORÇAMENTO!$AF$7)*OFFSET(ORÇAMENTO!$W$15,ROW(AD60)-ROW(AD$15),0),15-13*ORÇAMENTO!$AF$11)),0)","v":0},{"$f":"IF(AND($D60=\"Serviço\",AE$12<>0,$H60>0,OR(AUTOEVENTO<>\"manual\",$M60<>1)),\nIF(Import.TipoArredondamento<>\"TransfereGOV\",\nROUND(OFFSET($P60,0,AE$13),15-13*ORÇAMENTO!$AF$7)/$H60*OFFSET(ORÇAMENTO!$X$15,ROW(AE60)-ROW(AE$15),0),\nROUND(ROUND(OFFSET($P60,0,AE$13),15-13*ORÇAMENTO!$AF$7)*OFFSET(ORÇAMENTO!$W$15,ROW(AE60)-ROW(AE$15),0),15-13*ORÇAMENTO!$AF$11)),0)","v":0},{"$f":"IF(AND($D60=\"Serviço\",AF$12<>0,$H60>0,OR(AUTOEVENTO<>\"manual\",$M60<>1)),\nIF(Import.TipoArredondamento<>\"TransfereGOV\",\nROUND(OFFSET($P60,0,AF$13),15-13*ORÇAMENTO!$AF$7)/$H60*OFFSET(ORÇAMENTO!$X$15,ROW(AF60)-ROW(AF$15),0),\nROUND(ROUND(OFFSET($P60,0,AF$13),15-13*ORÇAMENTO!$AF$7)*OFFSET(ORÇAMENTO!$W$15,ROW(AF60)-ROW(AF$15),0),15-13*ORÇAMENTO!$AF$11)),0)","v":0},{"$f":"IF(AND($D60=\"Serviço\",AG$12<>0,$H60>0,OR(AUTOEVENTO<>\"manual\",$M60<>1)),\nIF(Import.TipoArredondamento<>\"TransfereGOV\",\nROUND(OFFSET($P60,0,AG$13),15-13*ORÇAMENTO!$AF$7)/$H60*OFFSET(ORÇAMENTO!$X$15,ROW(AG60)-ROW(AG$15),0),\nROUND(ROUND(OFFSET($P60,0,AG$13),15-13*ORÇAMENTO!$AF$7)*OFFSET(ORÇAMENTO!$W$15,ROW(AG60)-ROW(AG$15),0),15-13*ORÇAMENTO!$AF$11)),0)","v":0},{"$f":"IF(AND($D60=\"Serviço\",AH$12<>0,$H60>0,OR(AUTOEVENTO<>\"manual\",$M60<>1)),\nIF(Import.TipoArredondamento<>\"TransfereGOV\",\nROUND(OFFSET($P60,0,AH$13),15-13*ORÇAMENTO!$AF$7)/$H60*OFFSET(ORÇAMENTO!$X$15,ROW(AH60)-ROW(AH$15),0),\nROUND(ROUND(OFFSET($P60,0,AH$13),15-13*ORÇAMENTO!$AF$7)*OFFSET(ORÇAMENTO!$W$15,ROW(AH60)-ROW(AH$15),0),15-13*ORÇAMENTO!$AF$11)),0)","v":0},{"$f":"IF(AND($D60=\"Serviço\",AI$12<>0,$H60>0,OR(AUTOEVENTO<>\"manual\",$M60<>1)),\nIF(Import.TipoArredondamento<>\"TransfereGOV\",\nROUND(OFFSET($P60,0,AI$13),15-13*ORÇAMENTO!$AF$7)/$H60*OFFSET(ORÇAMENTO!$X$15,ROW(AI60)-ROW(AI$15),0),\nROUND(ROUND(OFFSET($P60,0,AI$13),15-13*ORÇAMENTO!$AF$7)*OFFSET(ORÇAMENTO!$W$15,ROW(AI60)-ROW(AI$15),0),15-13*ORÇAMENTO!$AF$11)),0)","v":0},{"$f":"IF(AND($D60=\"Serviço\",AJ$12<>0,$H60>0,OR(AUTOEVENTO<>\"manual\",$M60<>1)),\nIF(Import.TipoArredondamento<>\"TransfereGOV\",\nROUND(OFFSET($P60,0,AJ$13),15-13*ORÇAMENTO!$AF$7)/$H60*OFFSET(ORÇAMENTO!$X$15,ROW(AJ60)-ROW(AJ$15),0),\nROUND(ROUND(OFFSET($P60,0,AJ$13),15-13*ORÇAMENTO!$AF$7)*OFFSET(ORÇAMENTO!$W$15,ROW(AJ60)-ROW(AJ$15),0),15-13*ORÇAMENTO!$AF$11)),0)","v":0},{"$f":"IF(AND($D60=\"Serviço\",AK$12<>0,$H60>0,OR(AUTOEVENTO<>\"manual\",$M60<>1)),\nIF(Import.TipoArredondamento<>\"TransfereGOV\",\nROUND(OFFSET($P60,0,AK$13),15-13*ORÇAMENTO!$AF$7)/$H60*OFFSET(ORÇAMENTO!$X$15,ROW(AK60)-ROW(AK$15),0),\nROUND(ROUND(OFFSET($P60,0,AK$13),15-13*ORÇAMENTO!$AF$7)*OFFSET(ORÇAMENTO!$W$15,ROW(AK60)-ROW(AK$15),0),15-13*ORÇAMENTO!$AF$11)),0)","v":0},null,{"$f":"IF($D60<>\"Serviço\",0,IF(AND(AUTOEVENTO=\"Manual\",$M60=1),0,IF(OFFSET(CRONOPLE!$F$14,$M60,AM$13)=\"\",10^12,OFFSET(CRONOPLE!$F$14,$M60,AM$13))))","v":1000000000000},{"$f":"IF($D60<>\"Serviço\",0,IF(AND(AUTOEVENTO=\"Manual\",$M60=1),0,IF(OFFSET(CRONOPLE!$F$14,$M60,AN$13)=\"\",10^12,OFFSET(CRONOPLE!$F$14,$M60,AN$13))))","v":1000000000000},{"$f":"IF($D60<>\"Serviço\",0,IF(AND(AUTOEVENTO=\"Manual\",$M60=1),0,IF(OFFSET(CRONOPLE!$F$14,$M60,AO$13)=\"\",10^12,OFFSET(CRONOPLE!$F$14,$M60,AO$13))))","v":1000000000000},{"$f":"IF($D60<>\"Serviço\",0,IF(AND(AUTOEVENTO=\"Manual\",$M60=1),0,IF(OFFSET(CRONOPLE!$F$14,$M60,AP$13)=\"\",10^12,OFFSET(CRONOPLE!$F$14,$M60,AP$13))))","v":1000000000000},{"$f":"IF($D60<>\"Serviço\",0,IF(AND(AUTOEVENTO=\"Manual\",$M60=1),0,IF(OFFSET(CRONOPLE!$F$14,$M60,AQ$13)=\"\",10^12,OFFSET(CRONOPLE!$F$14,$M60,AQ$13))))","v":1000000000000},{"$f":"IF($D60<>\"Serviço\",0,IF(AND(AUTOEVENTO=\"Manual\",$M60=1),0,IF(OFFSET(CRONOPLE!$F$14,$M60,AR$13)=\"\",10^12,OFFSET(CRONOPLE!$F$14,$M60,AR$13))))","v":1000000000000},{"$f":"IF($D60<>\"Serviço\",0,IF(AND(AUTOEVENTO=\"Manual\",$M60=1),0,IF(OFFSET(CRONOPLE!$F$14,$M60,AS$13)=\"\",10^12,OFFSET(CRONOPLE!$F$14,$M60,AS$13))))","v":1000000000000},{"$f":"IF($D60<>\"Serviço\",0,IF(AND(AUTOEVENTO=\"Manual\",$M60=1),0,IF(OFFSET(CRONOPLE!$F$14,$M60,AT$13)=\"\",10^12,OFFSET(CRONOPLE!$F$14,$M60,AT$13))))","v":1000000000000},{"$f":"IF($D60<>\"Serviço\",0,IF(AND(AUTOEVENTO=\"Manual\",$M60=1),0,IF(OFFSET(CRONOPLE!$F$14,$M60,AU$13)=\"\",10^12,OFFSET(CRONOPLE!$F$14,$M60,AU$13))))","v":1000000000000},{"$f":"IF($D60<>\"Serviço\",0,IF(AND(AUTOEVENTO=\"Manual\",$M60=1),0,IF(OFFSET(CRONOPLE!$F$14,$M60,AV$13)=\"\",10^12,OFFSET(CRONOPLE!$F$14,$M60,AV$13))))","v":1000000000000},null,{"$f":"IF($D60<>\"Serviço\",0,IF(OR(AND(AUTOEVENTO=\"Manual\",$M60=1),$M60>(ROW(PLE.lastrow)-ROW(PLE.firstrow))),0,IF(OFFSET(PLE!$G$14,$M60,AX$13)=\"\",10^12,OFFSET(PLE!$G$14,$M60,AX$13))))","v":1000000000000},{"$f":"IF($D60<>\"Serviço\",0,IF(OR(AND(AUTOEVENTO=\"Manual\",$M60=1),$M60>(ROW(PLE.lastrow)-ROW(PLE.firstrow))),0,IF(OFFSET(PLE!$G$14,$M60,AY$13)=\"\",10^12,OFFSET(PLE!$G$14,$M60,AY$13))))","v":1000000000000},{"$f":"IF($D60<>\"Serviço\",0,IF(OR(AND(AUTOEVENTO=\"Manual\",$M60=1),$M60>(ROW(PLE.lastrow)-ROW(PLE.firstrow))),0,IF(OFFSET(PLE!$G$14,$M60,AZ$13)=\"\",10^12,OFFSET(PLE!$G$14,$M60,AZ$13))))","v":1000000000000},{"$f":"IF($D60<>\"Serviço\",0,IF(OR(AND(AUTOEVENTO=\"Manual\",$M60=1),$M60>(ROW(PLE.lastrow)-ROW(PLE.firstrow))),0,IF(OFFSET(PLE!$G$14,$M60,BA$13)=\"\",10^12,OFFSET(PLE!$G$14,$M60,BA$13))))","v":1000000000000},{"$f":"IF($D60<>\"Serviço\",0,IF(OR(AND(AUTOEVENTO=\"Manual\",$M60=1),$M60>(ROW(PLE.lastrow)-ROW(PLE.firstrow))),0,IF(OFFSET(PLE!$G$14,$M60,BB$13)=\"\",10^12,OFFSET(PLE!$G$14,$M60,BB$13))))","v":1000000000000},{"$f":"IF($D60<>\"Serviço\",0,IF(OR(AND(AUTOEVENTO=\"Manual\",$M60=1),$M60>(ROW(PLE.lastrow)-ROW(PLE.firstrow))),0,IF(OFFSET(PLE!$G$14,$M60,BC$13)=\"\",10^12,OFFSET(PLE!$G$14,$M60,BC$13))))","v":1000000000000},{"$f":"IF($D60<>\"Serviço\",0,IF(OR(AND(AUTOEVENTO=\"Manual\",$M60=1),$M60>(ROW(PLE.lastrow)-ROW(PLE.firstrow))),0,IF(OFFSET(PLE!$G$14,$M60,BD$13)=\"\",10^12,OFFSET(PLE!$G$14,$M60,BD$13))))","v":1000000000000},{"$f":"IF($D60<>\"Serviço\",0,IF(OR(AND(AUTOEVENTO=\"Manual\",$M60=1),$M60>(ROW(PLE.lastrow)-ROW(PLE.firstrow))),0,IF(OFFSET(PLE!$G$14,$M60,BE$13)=\"\",10^12,OFFSET(PLE!$G$14,$M60,BE$13))))","v":1000000000000},{"$f":"IF($D60<>\"Serviço\",0,IF(OR(AND(AUTOEVENTO=\"Manual\",$M60=1),$M60>(ROW(PLE.lastrow)-ROW(PLE.firstrow))),0,IF(OFFSET(PLE!$G$14,$M60,BF$13)=\"\",10^12,OFFSET(PLE!$G$14,$M60,BF$13))))","v":1000000000000},{"$f":"IF($D60<>\"Serviço\",0,IF(OR(AND(AUTOEVENTO=\"Manual\",$M60=1),$M60>(ROW(PLE.lastrow)-ROW(PLE.firstrow))),0,IF(OFFSET(PLE!$G$14,$M60,BG$13)=\"\",10^12,OFFSET(PLE!$G$14,$M60,BG$13))))","v":1000000000000}]
["35",{"$f":"OFFSET(ORÇAMENTO!C$15,ROW(B61)-ROW(B$15),0)","v":"S"},{"$f":"OFFSET(ORÇAMENTO!L$15,ROW(C61)-ROW(C$15),0)","v":""},{"$f":"OFFSET(ORÇAMENTO!N$15,ROW(D61)-ROW(D$15),0)","v":"Serviço"},{"$f":"OFFSET(ORÇAMENTO!O$15,ROW(E61)-ROW(E$15),0)","v":"-"},{"$f":"OFFSET(ORÇAMENTO!R$15,ROW(F61)-ROW(F$15),0)","v":"(Sem Código)"},{"$f":"IF($D61<>\"Serviço\",\"\",OFFSET(ORÇAMENTO!S$15,ROW(G61)-ROW(G$15),0))","v":"-"},{"$f":"IF($D61<>\"Serviço\",0,IF(ACOMPANHAMENTO=\"BM\",ROUND(OFFSET(ORÇAMENTO!AJ$15,ROW(H61)-ROW(H$15),0),15-13*ORÇAMENTO!$AF$7),SUMPRODUCT(($Q$12:$AA$12<>\"\")*ROUND($Q61:$AA61,15-13*ORÇAMENTO!$AF$7))))","v":0},null,null,null,".",{"$f":"IF($D61<>\"Serviço\",\"\",IF(AUTOEVENTO=\"manual\",$A61,IF(ISERROR(MATCH($A61,$A$15:OFFSET($A61,-1,0),0)),MAX($M$15:OFFSET(M61,-1,0))+1,INDEX($M$15:OFFSET(M61,-1,0),MATCH($A61,$A$15:OFFSET($A61,-1,0),0)))))","v":3},{"$f":"IF($D61<>\"Serviço\",\"\",IF(AUTOEVENTO=\"Manual\",IF($A61=0,\"<-- defina o número do agrupador\",OFFSET(EVENTOS!$D$14,$A61,0)),OFFSET($F$15,$A61,0)))","v":"MOVIMENTAÇÃO DE TERRA"},null,null,null,null,null,null,null,null,null,null,null,null,null,{"$f":"IF(AND($D61=\"Serviço\",AB$12<>0,$H61>0,OR(AUTOEVENTO<>\"manual\",$M61<>1)),\nIF(Import.TipoArredondamento<>\"TransfereGOV\",\nROUND(OFFSET($P61,0,AB$13),15-13*ORÇAMENTO!$AF$7)/$H61*OFFSET(ORÇAMENTO!$X$15,ROW(AB61)-ROW(AB$15),0),\nROUND(ROUND(OFFSET($P61,0,AB$13),15-13*ORÇAMENTO!$AF$7)*OFFSET(ORÇAMENTO!$W$15,ROW(AB61)-ROW(AB$15),0),15-13*ORÇAMENTO!$AF$11)),0)","v":0},{"$f":"IF(AND($D61=\"Serviço\",AC$12<>0,$H61>0,OR(AUTOEVENTO<>\"manual\",$M61<>1)),\nIF(Import.TipoArredondamento<>\"TransfereGOV\",\nROUND(OFFSET($P61,0,AC$13),15-13*ORÇAMENTO!$AF$7)/$H61*OFFSET(ORÇAMENTO!$X$15,ROW(AC61)-ROW(AC$15),0),\nROUND(ROUND(OFFSET($P61,0,AC$13),15-13*ORÇAMENTO!$AF$7)*OFFSET(ORÇAMENTO!$W$15,ROW(AC61)-ROW(AC$15),0),15-13*ORÇAMENTO!$AF$11)),0)","v":0},{"$f":"IF(AND($D61=\"Serviço\",AD$12<>0,$H61>0,OR(AUTOEVENTO<>\"manual\",$M61<>1)),\nIF(Import.TipoArredondamento<>\"TransfereGOV\",\nROUND(OFFSET($P61,0,AD$13),15-13*ORÇAMENTO!$AF$7)/$H61*OFFSET(ORÇAMENTO!$X$15,ROW(AD61)-ROW(AD$15),0),\nROUND(ROUND(OFFSET($P61,0,AD$13),15-13*ORÇAMENTO!$AF$7)*OFFSET(ORÇAMENTO!$W$15,ROW(AD61)-ROW(AD$15),0),15-13*ORÇAMENTO!$AF$11)),0)","v":0},{"$f":"IF(AND($D61=\"Serviço\",AE$12<>0,$H61>0,OR(AUTOEVENTO<>\"manual\",$M61<>1)),\nIF(Import.TipoArredondamento<>\"TransfereGOV\",\nROUND(OFFSET($P61,0,AE$13),15-13*ORÇAMENTO!$AF$7)/$H61*OFFSET(ORÇAMENTO!$X$15,ROW(AE61)-ROW(AE$15),0),\nROUND(ROUND(OFFSET($P61,0,AE$13),15-13*ORÇAMENTO!$AF$7)*OFFSET(ORÇAMENTO!$W$15,ROW(AE61)-ROW(AE$15),0),15-13*ORÇAMENTO!$AF$11)),0)","v":0},{"$f":"IF(AND($D61=\"Serviço\",AF$12<>0,$H61>0,OR(AUTOEVENTO<>\"manual\",$M61<>1)),\nIF(Import.TipoArredondamento<>\"TransfereGOV\",\nROUND(OFFSET($P61,0,AF$13),15-13*ORÇAMENTO!$AF$7)/$H61*OFFSET(ORÇAMENTO!$X$15,ROW(AF61)-ROW(AF$15),0),\nROUND(ROUND(OFFSET($P61,0,AF$13),15-13*ORÇAMENTO!$AF$7)*OFFSET(ORÇAMENTO!$W$15,ROW(AF61)-ROW(AF$15),0),15-13*ORÇAMENTO!$AF$11)),0)","v":0},{"$f":"IF(AND($D61=\"Serviço\",AG$12<>0,$H61>0,OR(AUTOEVENTO<>\"manual\",$M61<>1)),\nIF(Import.TipoArredondamento<>\"TransfereGOV\",\nROUND(OFFSET($P61,0,AG$13),15-13*ORÇAMENTO!$AF$7)/$H61*OFFSET(ORÇAMENTO!$X$15,ROW(AG61)-ROW(AG$15),0),\nROUND(ROUND(OFFSET($P61,0,AG$13),15-13*ORÇAMENTO!$AF$7)*OFFSET(ORÇAMENTO!$W$15,ROW(AG61)-ROW(AG$15),0),15-13*ORÇAMENTO!$AF$11)),0)","v":0},{"$f":"IF(AND($D61=\"Serviço\",AH$12<>0,$H61>0,OR(AUTOEVENTO<>\"manual\",$M61<>1)),\nIF(Import.TipoArredondamento<>\"TransfereGOV\",\nROUND(OFFSET($P61,0,AH$13),15-13*ORÇAMENTO!$AF$7)/$H61*OFFSET(ORÇAMENTO!$X$15,ROW(AH61)-ROW(AH$15),0),\nROUND(ROUND(OFFSET($P61,0,AH$13),15-13*ORÇAMENTO!$AF$7)*OFFSET(ORÇAMENTO!$W$15,ROW(AH61)-ROW(AH$15),0),15-13*ORÇAMENTO!$AF$11)),0)","v":0},{"$f":"IF(AND($D61=\"Serviço\",AI$12<>0,$H61>0,OR(AUTOEVENTO<>\"manual\",$M61<>1)),\nIF(Import.TipoArredondamento<>\"TransfereGOV\",\nROUND(OFFSET($P61,0,AI$13),15-13*ORÇAMENTO!$AF$7)/$H61*OFFSET(ORÇAMENTO!$X$15,ROW(AI61)-ROW(AI$15),0),\nROUND(ROUND(OFFSET($P61,0,AI$13),15-13*ORÇAMENTO!$AF$7)*OFFSET(ORÇAMENTO!$W$15,ROW(AI61)-ROW(AI$15),0),15-13*ORÇAMENTO!$AF$11)),0)","v":0},{"$f":"IF(AND($D61=\"Serviço\",AJ$12<>0,$H61>0,OR(AUTOEVENTO<>\"manual\",$M61<>1)),\nIF(Import.TipoArredondamento<>\"TransfereGOV\",\nROUND(OFFSET($P61,0,AJ$13),15-13*ORÇAMENTO!$AF$7)/$H61*OFFSET(ORÇAMENTO!$X$15,ROW(AJ61)-ROW(AJ$15),0),\nROUND(ROUND(OFFSET($P61,0,AJ$13),15-13*ORÇAMENTO!$AF$7)*OFFSET(ORÇAMENTO!$W$15,ROW(AJ61)-ROW(AJ$15),0),15-13*ORÇAMENTO!$AF$11)),0)","v":0},{"$f":"IF(AND($D61=\"Serviço\",AK$12<>0,$H61>0,OR(AUTOEVENTO<>\"manual\",$M61<>1)),\nIF(Import.TipoArredondamento<>\"TransfereGOV\",\nROUND(OFFSET($P61,0,AK$13),15-13*ORÇAMENTO!$AF$7)/$H61*OFFSET(ORÇAMENTO!$X$15,ROW(AK61)-ROW(AK$15),0),\nROUND(ROUND(OFFSET($P61,0,AK$13),15-13*ORÇAMENTO!$AF$7)*OFFSET(ORÇAMENTO!$W$15,ROW(AK61)-ROW(AK$15),0),15-13*ORÇAMENTO!$AF$11)),0)","v":0},null,{"$f":"IF($D61<>\"Serviço\",0,IF(AND(AUTOEVENTO=\"Manual\",$M61=1),0,IF(OFFSET(CRONOPLE!$F$14,$M61,AM$13)=\"\",10^12,OFFSET(CRONOPLE!$F$14,$M61,AM$13))))","v":1000000000000},{"$f":"IF($D61<>\"Serviço\",0,IF(AND(AUTOEVENTO=\"Manual\",$M61=1),0,IF(OFFSET(CRONOPLE!$F$14,$M61,AN$13)=\"\",10^12,OFFSET(CRONOPLE!$F$14,$M61,AN$13))))","v":1000000000000},{"$f":"IF($D61<>\"Serviço\",0,IF(AND(AUTOEVENTO=\"Manual\",$M61=1),0,IF(OFFSET(CRONOPLE!$F$14,$M61,AO$13)=\"\",10^12,OFFSET(CRONOPLE!$F$14,$M61,AO$13))))","v":1000000000000},{"$f":"IF($D61<>\"Serviço\",0,IF(AND(AUTOEVENTO=\"Manual\",$M61=1),0,IF(OFFSET(CRONOPLE!$F$14,$M61,AP$13)=\"\",10^12,OFFSET(CRONOPLE!$F$14,$M61,AP$13))))","v":1000000000000},{"$f":"IF($D61<>\"Serviço\",0,IF(AND(AUTOEVENTO=\"Manual\",$M61=1),0,IF(OFFSET(CRONOPLE!$F$14,$M61,AQ$13)=\"\",10^12,OFFSET(CRONOPLE!$F$14,$M61,AQ$13))))","v":1000000000000},{"$f":"IF($D61<>\"Serviço\",0,IF(AND(AUTOEVENTO=\"Manual\",$M61=1),0,IF(OFFSET(CRONOPLE!$F$14,$M61,AR$13)=\"\",10^12,OFFSET(CRONOPLE!$F$14,$M61,AR$13))))","v":1000000000000},{"$f":"IF($D61<>\"Serviço\",0,IF(AND(AUTOEVENTO=\"Manual\",$M61=1),0,IF(OFFSET(CRONOPLE!$F$14,$M61,AS$13)=\"\",10^12,OFFSET(CRONOPLE!$F$14,$M61,AS$13))))","v":1000000000000},{"$f":"IF($D61<>\"Serviço\",0,IF(AND(AUTOEVENTO=\"Manual\",$M61=1),0,IF(OFFSET(CRONOPLE!$F$14,$M61,AT$13)=\"\",10^12,OFFSET(CRONOPLE!$F$14,$M61,AT$13))))","v":1000000000000},{"$f":"IF($D61<>\"Serviço\",0,IF(AND(AUTOEVENTO=\"Manual\",$M61=1),0,IF(OFFSET(CRONOPLE!$F$14,$M61,AU$13)=\"\",10^12,OFFSET(CRONOPLE!$F$14,$M61,AU$13))))","v":1000000000000},{"$f":"IF($D61<>\"Serviço\",0,IF(AND(AUTOEVENTO=\"Manual\",$M61=1),0,IF(OFFSET(CRONOPLE!$F$14,$M61,AV$13)=\"\",10^12,OFFSET(CRONOPLE!$F$14,$M61,AV$13))))","v":1000000000000},null,{"$f":"IF($D61<>\"Serviço\",0,IF(OR(AND(AUTOEVENTO=\"Manual\",$M61=1),$M61>(ROW(PLE.lastrow)-ROW(PLE.firstrow))),0,IF(OFFSET(PLE!$G$14,$M61,AX$13)=\"\",10^12,OFFSET(PLE!$G$14,$M61,AX$13))))","v":1000000000000},{"$f":"IF($D61<>\"Serviço\",0,IF(OR(AND(AUTOEVENTO=\"Manual\",$M61=1),$M61>(ROW(PLE.lastrow)-ROW(PLE.firstrow))),0,IF(OFFSET(PLE!$G$14,$M61,AY$13)=\"\",10^12,OFFSET(PLE!$G$14,$M61,AY$13))))","v":1000000000000},{"$f":"IF($D61<>\"Serviço\",0,IF(OR(AND(AUTOEVENTO=\"Manual\",$M61=1),$M61>(ROW(PLE.lastrow)-ROW(PLE.firstrow))),0,IF(OFFSET(PLE!$G$14,$M61,AZ$13)=\"\",10^12,OFFSET(PLE!$G$14,$M61,AZ$13))))","v":1000000000000},{"$f":"IF($D61<>\"Serviço\",0,IF(OR(AND(AUTOEVENTO=\"Manual\",$M61=1),$M61>(ROW(PLE.lastrow)-ROW(PLE.firstrow))),0,IF(OFFSET(PLE!$G$14,$M61,BA$13)=\"\",10^12,OFFSET(PLE!$G$14,$M61,BA$13))))","v":1000000000000},{"$f":"IF($D61<>\"Serviço\",0,IF(OR(AND(AUTOEVENTO=\"Manual\",$M61=1),$M61>(ROW(PLE.lastrow)-ROW(PLE.firstrow))),0,IF(OFFSET(PLE!$G$14,$M61,BB$13)=\"\",10^12,OFFSET(PLE!$G$14,$M61,BB$13))))","v":1000000000000},{"$f":"IF($D61<>\"Serviço\",0,IF(OR(AND(AUTOEVENTO=\"Manual\",$M61=1),$M61>(ROW(PLE.lastrow)-ROW(PLE.firstrow))),0,IF(OFFSET(PLE!$G$14,$M61,BC$13)=\"\",10^12,OFFSET(PLE!$G$14,$M61,BC$13))))","v":1000000000000},{"$f":"IF($D61<>\"Serviço\",0,IF(OR(AND(AUTOEVENTO=\"Manual\",$M61=1),$M61>(ROW(PLE.lastrow)-ROW(PLE.firstrow))),0,IF(OFFSET(PLE!$G$14,$M61,BD$13)=\"\",10^12,OFFSET(PLE!$G$14,$M61,BD$13))))","v":1000000000000},{"$f":"IF($D61<>\"Serviço\",0,IF(OR(AND(AUTOEVENTO=\"Manual\",$M61=1),$M61>(ROW(PLE.lastrow)-ROW(PLE.firstrow))),0,IF(OFFSET(PLE!$G$14,$M61,BE$13)=\"\",10^12,OFFSET(PLE!$G$14,$M61,BE$13))))","v":1000000000000},{"$f":"IF($D61<>\"Serviço\",0,IF(OR(AND(AUTOEVENTO=\"Manual\",$M61=1),$M61>(ROW(PLE.lastrow)-ROW(PLE.firstrow))),0,IF(OFFSET(PLE!$G$14,$M61,BF$13)=\"\",10^12,OFFSET(PLE!$G$14,$M61,BF$13))))","v":1000000000000},{"$f":"IF($D61<>\"Serviço\",0,IF(OR(AND(AUTOEVENTO=\"Manual\",$M61=1),$M61>(ROW(PLE.lastrow)-ROW(PLE.firstrow))),0,IF(OFFSET(PLE!$G$14,$M61,BG$13)=\"\",10^12,OFFSET(PLE!$G$14,$M61,BG$13))))","v":1000000000000}]
["47.",{"$f":"OFFSET(ORÇAMENTO!C$15,ROW(B62)-ROW(B$15),0)","v":2},{"$f":"OFFSET(ORÇAMENTO!L$15,ROW(C62)-ROW(C$15),0)","v":"F"},{"$f":"OFFSET(ORÇAMENTO!N$15,ROW(D62)-ROW(D$15),0)","v":"Nível 2"},{"$f":"OFFSET(ORÇAMENTO!O$15,ROW(E62)-ROW(E$15),0)","v":"1.3."},{"$f":"OFFSET(ORÇAMENTO!R$15,ROW(F62)-ROW(F$15),0)","v":"INFRAESTRUTURA"},{"$f":"IF($D62<>\"Serviço\",\"\",OFFSET(ORÇAMENTO!S$15,ROW(G62)-ROW(G$15),0))","v":""},{"$f":"IF($D62<>\"Serviço\",0,IF(ACOMPANHAMENTO=\"BM\",ROUND(OFFSET(ORÇAMENTO!AJ$15,ROW(H62)-ROW(H$15),0),15-13*ORÇAMENTO!$AF$7),SUMPRODUCT(($Q$12:$AA$12<>\"\")*ROUND($Q62:$AA62,15-13*ORÇAMENTO!$AF$7))))","v":0},null,null,null,".",{"$f":"IF($D62<>\"Serviço\",\"\",IF(AUTOEVENTO=\"manual\",$A62,IF(ISERROR(MATCH($A62,$A$15:OFFSET($A62,-1,0),0)),MAX($M$15:OFFSET(M62,-1,0))+1,INDEX($M$15:OFFSET(M62,-1,0),MATCH($A62,$A$15:OFFSET($A62,-1,0),0)))))","v":""},{"$f":"IF($D62<>\"Serviço\",\"\",IF(AUTOEVENTO=\"Manual\",IF($A62=0,\"<-- defina o número do agrupador\",OFFSET(EVENTOS!$D$14,$A62,0)),OFFSET($F$15,$A62,0)))","v":""},null,null,null,null,null,null,null,null,null,null,null,null,null,{"$f":"IF(AND($D62=\"Serviço\",AB$12<>0,$H62>0,OR(AUTOEVENTO<>\"manual\",$M62<>1)),\nIF(Import.TipoArredondamento<>\"TransfereGOV\",\nROUND(OFFSET($P62,0,AB$13),15-13*ORÇAMENTO!$AF$7)/$H62*OFFSET(ORÇAMENTO!$X$15,ROW(AB62)-ROW(AB$15),0),\nROUND(ROUND(OFFSET($P62,0,AB$13),15-13*ORÇAMENTO!$AF$7)*OFFSET(ORÇAMENTO!$W$15,ROW(AB62)-ROW(AB$15),0),15-13*ORÇAMENTO!$AF$11)),0)","v":0},{"$f":"IF(AND($D62=\"Serviço\",AC$12<>0,$H62>0,OR(AUTOEVENTO<>\"manual\",$M62<>1)),\nIF(Import.TipoArredondamento<>\"TransfereGOV\",\nROUND(OFFSET($P62,0,AC$13),15-13*ORÇAMENTO!$AF$7)/$H62*OFFSET(ORÇAMENTO!$X$15,ROW(AC62)-ROW(AC$15),0),\nROUND(ROUND(OFFSET($P62,0,AC$13),15-13*ORÇAMENTO!$AF$7)*OFFSET(ORÇAMENTO!$W$15,ROW(AC62)-ROW(AC$15),0),15-13*ORÇAMENTO!$AF$11)),0)","v":0},{"$f":"IF(AND($D62=\"Serviço\",AD$12<>0,$H62>0,OR(AUTOEVENTO<>\"manual\",$M62<>1)),\nIF(Import.TipoArredondamento<>\"TransfereGOV\",\nROUND(OFFSET($P62,0,AD$13),15-13*ORÇAMENTO!$AF$7)/$H62*OFFSET(ORÇAMENTO!$X$15,ROW(AD62)-ROW(AD$15),0),\nROUND(ROUND(OFFSET($P62,0,AD$13),15-13*ORÇAMENTO!$AF$7)*OFFSET(ORÇAMENTO!$W$15,ROW(AD62)-ROW(AD$15),0),15-13*ORÇAMENTO!$AF$11)),0)","v":0},{"$f":"IF(AND($D62=\"Serviço\",AE$12<>0,$H62>0,OR(AUTOEVENTO<>\"manual\",$M62<>1)),\nIF(Import.TipoArredondamento<>\"TransfereGOV\",\nROUND(OFFSET($P62,0,AE$13),15-13*ORÇAMENTO!$AF$7)/$H62*OFFSET(ORÇAMENTO!$X$15,ROW(AE62)-ROW(AE$15),0),\nROUND(ROUND(OFFSET($P62,0,AE$13),15-13*ORÇAMENTO!$AF$7)*OFFSET(ORÇAMENTO!$W$15,ROW(AE62)-ROW(AE$15),0),15-13*ORÇAMENTO!$AF$11)),0)","v":0},{"$f":"IF(AND($D62=\"Serviço\",AF$12<>0,$H62>0,OR(AUTOEVENTO<>\"manual\",$M62<>1)),\nIF(Import.TipoArredondamento<>\"TransfereGOV\",\nROUND(OFFSET($P62,0,AF$13),15-13*ORÇAMENTO!$AF$7)/$H62*OFFSET(ORÇAMENTO!$X$15,ROW(AF62)-ROW(AF$15),0),\nROUND(ROUND(OFFSET($P62,0,AF$13),15-13*ORÇAMENTO!$AF$7)*OFFSET(ORÇAMENTO!$W$15,ROW(AF62)-ROW(AF$15),0),15-13*ORÇAMENTO!$AF$11)),0)","v":0},{"$f":"IF(AND($D62=\"Serviço\",AG$12<>0,$H62>0,OR(AUTOEVENTO<>\"manual\",$M62<>1)),\nIF(Import.TipoArredondamento<>\"TransfereGOV\",\nROUND(OFFSET($P62,0,AG$13),15-13*ORÇAMENTO!$AF$7)/$H62*OFFSET(ORÇAMENTO!$X$15,ROW(AG62)-ROW(AG$15),0),\nROUND(ROUND(OFFSET($P62,0,AG$13),15-13*ORÇAMENTO!$AF$7)*OFFSET(ORÇAMENTO!$W$15,ROW(AG62)-ROW(AG$15),0),15-13*ORÇAMENTO!$AF$11)),0)","v":0},{"$f":"IF(AND($D62=\"Serviço\",AH$12<>0,$H62>0,OR(AUTOEVENTO<>\"manual\",$M62<>1)),\nIF(Import.TipoArredondamento<>\"TransfereGOV\",\nROUND(OFFSET($P62,0,AH$13),15-13*ORÇAMENTO!$AF$7)/$H62*OFFSET(ORÇAMENTO!$X$15,ROW(AH62)-ROW(AH$15),0),\nROUND(ROUND(OFFSET($P62,0,AH$13),15-13*ORÇAMENTO!$AF$7)*OFFSET(ORÇAMENTO!$W$15,ROW(AH62)-ROW(AH$15),0),15-13*ORÇAMENTO!$AF$11)),0)","v":0},{"$f":"IF(AND($D62=\"Serviço\",AI$12<>0,$H62>0,OR(AUTOEVENTO<>\"manual\",$M62<>1)),\nIF(Import.TipoArredondamento<>\"TransfereGOV\",\nROUND(OFFSET($P62,0,AI$13),15-13*ORÇAMENTO!$AF$7)/$H62*OFFSET(ORÇAMENTO!$X$15,ROW(AI62)-ROW(AI$15),0),\nROUND(ROUND(OFFSET($P62,0,AI$13),15-13*ORÇAMENTO!$AF$7)*OFFSET(ORÇAMENTO!$W$15,ROW(AI62)-ROW(AI$15),0),15-13*ORÇAMENTO!$AF$11)),0)","v":0},{"$f":"IF(AND($D62=\"Serviço\",AJ$12<>0,$H62>0,OR(AUTOEVENTO<>\"manual\",$M62<>1)),\nIF(Import.TipoArredondamento<>\"TransfereGOV\",\nROUND(OFFSET($P62,0,AJ$13),15-13*ORÇAMENTO!$AF$7)/$H62*OFFSET(ORÇAMENTO!$X$15,ROW(AJ62)-ROW(AJ$15),0),\nROUND(ROUND(OFFSET($P62,0,AJ$13),15-13*ORÇAMENTO!$AF$7)*OFFSET(ORÇAMENTO!$W$15,ROW(AJ62)-ROW(AJ$15),0),15-13*ORÇAMENTO!$AF$11)),0)","v":0},{"$f":"IF(AND($D62=\"Serviço\",AK$12<>0,$H62>0,OR(AUTOEVENTO<>\"manual\",$M62<>1)),\nIF(Import.TipoArredondamento<>\"TransfereGOV\",\nROUND(OFFSET($P62,0,AK$13),15-13*ORÇAMENTO!$AF$7)/$H62*OFFSET(ORÇAMENTO!$X$15,ROW(AK62)-ROW(AK$15),0),\nROUND(ROUND(OFFSET($P62,0,AK$13),15-13*ORÇAMENTO!$AF$7)*OFFSET(ORÇAMENTO!$W$15,ROW(AK62)-ROW(AK$15),0),15-13*ORÇAMENTO!$AF$11)),0)","v":0},null,{"$f":"IF($D62<>\"Serviço\",0,IF(AND(AUTOEVENTO=\"Manual\",$M62=1),0,IF(OFFSET(CRONOPLE!$F$14,$M62,AM$13)=\"\",10^12,OFFSET(CRONOPLE!$F$14,$M62,AM$13))))","v":0},{"$f":"IF($D62<>\"Serviço\",0,IF(AND(AUTOEVENTO=\"Manual\",$M62=1),0,IF(OFFSET(CRONOPLE!$F$14,$M62,AN$13)=\"\",10^12,OFFSET(CRONOPLE!$F$14,$M62,AN$13))))","v":0},{"$f":"IF($D62<>\"Serviço\",0,IF(AND(AUTOEVENTO=\"Manual\",$M62=1),0,IF(OFFSET(CRONOPLE!$F$14,$M62,AO$13)=\"\",10^12,OFFSET(CRONOPLE!$F$14,$M62,AO$13))))","v":0},{"$f":"IF($D62<>\"Serviço\",0,IF(AND(AUTOEVENTO=\"Manual\",$M62=1),0,IF(OFFSET(CRONOPLE!$F$14,$M62,AP$13)=\"\",10^12,OFFSET(CRONOPLE!$F$14,$M62,AP$13))))","v":0},{"$f":"IF($D62<>\"Serviço\",0,IF(AND(AUTOEVENTO=\"Manual\",$M62=1),0,IF(OFFSET(CRONOPLE!$F$14,$M62,AQ$13)=\"\",10^12,OFFSET(CRONOPLE!$F$14,$M62,AQ$13))))","v":0},{"$f":"IF($D62<>\"Serviço\",0,IF(AND(AUTOEVENTO=\"Manual\",$M62=1),0,IF(OFFSET(CRONOPLE!$F$14,$M62,AR$13)=\"\",10^12,OFFSET(CRONOPLE!$F$14,$M62,AR$13))))","v":0},{"$f":"IF($D62<>\"Serviço\",0,IF(AND(AUTOEVENTO=\"Manual\",$M62=1),0,IF(OFFSET(CRONOPLE!$F$14,$M62,AS$13)=\"\",10^12,OFFSET(CRONOPLE!$F$14,$M62,AS$13))))","v":0},{"$f":"IF($D62<>\"Serviço\",0,IF(AND(AUTOEVENTO=\"Manual\",$M62=1),0,IF(OFFSET(CRONOPLE!$F$14,$M62,AT$13)=\"\",10^12,OFFSET(CRONOPLE!$F$14,$M62,AT$13))))","v":0},{"$f":"IF($D62<>\"Serviço\",0,IF(AND(AUTOEVENTO=\"Manual\",$M62=1),0,IF(OFFSET(CRONOPLE!$F$14,$M62,AU$13)=\"\",10^12,OFFSET(CRONOPLE!$F$14,$M62,AU$13))))","v":0},{"$f":"IF($D62<>\"Serviço\",0,IF(AND(AUTOEVENTO=\"Manual\",$M62=1),0,IF(OFFSET(CRONOPLE!$F$14,$M62,AV$13)=\"\",10^12,OFFSET(CRONOPLE!$F$14,$M62,AV$13))))","v":0},null,{"$f":"IF($D62<>\"Serviço\",0,IF(OR(AND(AUTOEVENTO=\"Manual\",$M62=1),$M62>(ROW(PLE.lastrow)-ROW(PLE.firstrow))),0,IF(OFFSET(PLE!$G$14,$M62,AX$13)=\"\",10^12,OFFSET(PLE!$G$14,$M62,AX$13))))","v":0},{"$f":"IF($D62<>\"Serviço\",0,IF(OR(AND(AUTOEVENTO=\"Manual\",$M62=1),$M62>(ROW(PLE.lastrow)-ROW(PLE.firstrow))),0,IF(OFFSET(PLE!$G$14,$M62,AY$13)=\"\",10^12,OFFSET(PLE!$G$14,$M62,AY$13))))","v":0},{"$f":"IF($D62<>\"Serviço\",0,IF(OR(AND(AUTOEVENTO=\"Manual\",$M62=1),$M62>(ROW(PLE.lastrow)-ROW(PLE.firstrow))),0,IF(OFFSET(PLE!$G$14,$M62,AZ$13)=\"\",10^12,OFFSET(PLE!$G$14,$M62,AZ$13))))","v":0},{"$f":"IF($D62<>\"Serviço\",0,IF(OR(AND(AUTOEVENTO=\"Manual\",$M62=1),$M62>(ROW(PLE.lastrow)-ROW(PLE.firstrow))),0,IF(OFFSET(PLE!$G$14,$M62,BA$13)=\"\",10^12,OFFSET(PLE!$G$14,$M62,BA$13))))","v":0},{"$f":"IF($D62<>\"Serviço\",0,IF(OR(AND(AUTOEVENTO=\"Manual\",$M62=1),$M62>(ROW(PLE.lastrow)-ROW(PLE.firstrow))),0,IF(OFFSET(PLE!$G$14,$M62,BB$13)=\"\",10^12,OFFSET(PLE!$G$14,$M62,BB$13))))","v":0},{"$f":"IF($D62<>\"Serviço\",0,IF(OR(AND(AUTOEVENTO=\"Manual\",$M62=1),$M62>(ROW(PLE.lastrow)-ROW(PLE.firstrow))),0,IF(OFFSET(PLE!$G$14,$M62,BC$13)=\"\",10^12,OFFSET(PLE!$G$14,$M62,BC$13))))","v":0},{"$f":"IF($D62<>\"Serviço\",0,IF(OR(AND(AUTOEVENTO=\"Manual\",$M62=1),$M62>(ROW(PLE.lastrow)-ROW(PLE.firstrow))),0,IF(OFFSET(PLE!$G$14,$M62,BD$13)=\"\",10^12,OFFSET(PLE!$G$14,$M62,BD$13))))","v":0},{"$f":"IF($D62<>\"Serviço\",0,IF(OR(AND(AUTOEVENTO=\"Manual\",$M62=1),$M62>(ROW(PLE.lastrow)-ROW(PLE.firstrow))),0,IF(OFFSET(PLE!$G$14,$M62,BE$13)=\"\",10^12,OFFSET(PLE!$G$14,$M62,BE$13))))","v":0},{"$f":"IF($D62<>\"Serviço\",0,IF(OR(AND(AUTOEVENTO=\"Manual\",$M62=1),$M62>(ROW(PLE.lastrow)-ROW(PLE.firstrow))),0,IF(OFFSET(PLE!$G$14,$M62,BF$13)=\"\",10^12,OFFSET(PLE!$G$14,$M62,BF$13))))","v":0},{"$f":"IF($D62<>\"Serviço\",0,IF(OR(AND(AUTOEVENTO=\"Manual\",$M62=1),$M62>(ROW(PLE.lastrow)-ROW(PLE.firstrow))),0,IF(OFFSET(PLE!$G$14,$M62,BG$13)=\"\",10^12,OFFSET(PLE!$G$14,$M62,BG$13))))","v":0}]
["47",{"$f":"OFFSET(ORÇAMENTO!C$15,ROW(B63)-ROW(B$15),0)","v":"S"},{"$f":"OFFSET(ORÇAMENTO!L$15,ROW(C63)-ROW(C$15),0)","v":"F"},{"$f":"OFFSET(ORÇAMENTO!N$15,ROW(D63)-ROW(D$15),0)","v":"Serviço"},{"$f":"OFFSET(ORÇAMENTO!O$15,ROW(E63)-ROW(E$15),0)","v":"1.3.0.1."},{"$f":"OFFSET(ORÇAMENTO!R$15,ROW(F63)-ROW(F$15),0)","v":"ARMAÇÃO DE BLOCO, VIGA BALDRAME E SAPATA UTILIZANDO AÇO CA-60 DE 5 MM - MONTAGEM. AF_06/2017"},{"$f":"IF($D63<>\"Serviço\",\"\",OFFSET(ORÇAMENTO!S$15,ROW(G63)-ROW(G$15),0))","v":"KG"},{"$f":"IF($D63<>\"Serviço\",0,IF(ACOMPANHAMENTO=\"BM\",ROUND(OFFSET(ORÇAMENTO!AJ$15,ROW(H63)-ROW(H$15),0),15-13*ORÇAMENTO!$AF$7),SUMPRODUCT(($Q$12:$AA$12<>\"\")*ROUND($Q63:$AA63,15-13*ORÇAMENTO!$AF$7))))","v":115.8},null,null,null,".",{"$f":"IF($D63<>\"Serviço\",\"\",IF(AUTOEVENTO=\"manual\",$A63,IF(ISERROR(MATCH($A63,$A$15:OFFSET($A63,-1,0),0)),MAX($M$15:OFFSET(M63,-1,0))+1,INDEX($M$15:OFFSET(M63,-1,0),MATCH($A63,$A$15:OFFSET($A63,-1,0),0)))))","v":4},{"$f":"IF($D63<>\"Serviço\",\"\",IF(AUTOEVENTO=\"Manual\",IF($A63=0,\"<-- defina o número do agrupador\",OFFSET(EVENTOS!$D$14,$A63,0)),OFFSET($F$15,$A63,0)))","v":"INFRAESTRUTURA"},null,null,null,null,null,null,null,null,null,null,null,null,null,{"$f":"IF(AND($D63=\"Serviço\",AB$12<>0,$H63>0,OR(AUTOEVENTO<>\"manual\",$M63<>1)),\nIF(Import.TipoArredondamento<>\"TransfereGOV\",\nROUND(OFFSET($P63,0,AB$13),15-13*ORÇAMENTO!$AF$7)/$H63*OFFSET(ORÇAMENTO!$X$15,ROW(AB63)-ROW(AB$15),0),\nROUND(ROUND(OFFSET($P63,0,AB$13),15-13*ORÇAMENTO!$AF$7)*OFFSET(ORÇAMENTO!$W$15,ROW(AB63)-ROW(AB$15),0),15-13*ORÇAMENTO!$AF$11)),0)","v":0},{"$f":"IF(AND($D63=\"Serviço\",AC$12<>0,$H63>0,OR(AUTOEVENTO<>\"manual\",$M63<>1)),\nIF(Import.TipoArredondamento<>\"TransfereGOV\",\nROUND(OFFSET($P63,0,AC$13),15-13*ORÇAMENTO!$AF$7)/$H63*OFFSET(ORÇAMENTO!$X$15,ROW(AC63)-ROW(AC$15),0),\nROUND(ROUND(OFFSET($P63,0,AC$13),15-13*ORÇAMENTO!$AF$7)*OFFSET(ORÇAMENTO!$W$15,ROW(AC63)-ROW(AC$15),0),15-13*ORÇAMENTO!$AF$11)),0)","v":0},{"$f":"IF(AND($D63=\"Serviço\",AD$12<>0,$H63>0,OR(AUTOEVENTO<>\"manual\",$M63<>1)),\nIF(Import.TipoArredondamento<>\"TransfereGOV\",\nROUND(OFFSET($P63,0,AD$13),15-13*ORÇAMENTO!$AF$7)/$H63*OFFSET(ORÇAMENTO!$X$15,ROW(AD63)-ROW(AD$15),0),\nROUND(ROUND(OFFSET($P63,0,AD$13),15-13*ORÇAMENTO!$AF$7)*OFFSET(ORÇAMENTO!$W$15,ROW(AD63)-ROW(AD$15),0),15-13*ORÇAMENTO!$AF$11)),0)","v":0},{"$f":"IF(AND($D63=\"Serviço\",AE$12<>0,$H63>0,OR(AUTOEVENTO<>\"manual\",$M63<>1)),\nIF(Import.TipoArredondamento<>\"TransfereGOV\",\nROUND(OFFSET($P63,0,AE$13),15-13*ORÇAMENTO!$AF$7)/$H63*OFFSET(ORÇAMENTO!$X$15,ROW(AE63)-ROW(AE$15),0),\nROUND(ROUND(OFFSET($P63,0,AE$13),15-13*ORÇAMENTO!$AF$7)*OFFSET(ORÇAMENTO!$W$15,ROW(AE63)-ROW(AE$15),0),15-13*ORÇAMENTO!$AF$11)),0)","v":0},{"$f":"IF(AND($D63=\"Serviço\",AF$12<>0,$H63>0,OR(AUTOEVENTO<>\"manual\",$M63<>1)),\nIF(Import.TipoArredondamento<>\"TransfereGOV\",\nROUND(OFFSET($P63,0,AF$13),15-13*ORÇAMENTO!$AF$7)/$H63*OFFSET(ORÇAMENTO!$X$15,ROW(AF63)-ROW(AF$15),0),\nROUND(ROUND(OFFSET($P63,0,AF$13),15-13*ORÇAMENTO!$AF$7)*OFFSET(ORÇAMENTO!$W$15,ROW(AF63)-ROW(AF$15),0),15-13*ORÇAMENTO!$AF$11)),0)","v":0},{"$f":"IF(AND($D63=\"Serviço\",AG$12<>0,$H63>0,OR(AUTOEVENTO<>\"manual\",$M63<>1)),\nIF(Import.TipoArredondamento<>\"TransfereGOV\",\nROUND(OFFSET($P63,0,AG$13),15-13*ORÇAMENTO!$AF$7)/$H63*OFFSET(ORÇAMENTO!$X$15,ROW(AG63)-ROW(AG$15),0),\nROUND(ROUND(OFFSET($P63,0,AG$13),15-13*ORÇAMENTO!$AF$7)*OFFSET(ORÇAMENTO!$W$15,ROW(AG63)-ROW(AG$15),0),15-13*ORÇAMENTO!$AF$11)),0)","v":0},{"$f":"IF(AND($D63=\"Serviço\",AH$12<>0,$H63>0,OR(AUTOEVENTO<>\"manual\",$M63<>1)),\nIF(Import.TipoArredondamento<>\"TransfereGOV\",\nROUND(OFFSET($P63,0,AH$13),15-13*ORÇAMENTO!$AF$7)/$H63*OFFSET(ORÇAMENTO!$X$15,ROW(AH63)-ROW(AH$15),0),\nROUND(ROUND(OFFSET($P63,0,AH$13),15-13*ORÇAMENTO!$AF$7)*OFFSET(ORÇAMENTO!$W$15,ROW(AH63)-ROW(AH$15),0),15-13*ORÇAMENTO!$AF$11)),0)","v":0},{"$f":"IF(AND($D63=\"Serviço\",AI$12<>0,$H63>0,OR(AUTOEVENTO<>\"manual\",$M63<>1)),\nIF(Import.TipoArredondamento<>\"TransfereGOV\",\nROUND(OFFSET($P63,0,AI$13),15-13*ORÇAMENTO!$AF$7)/$H63*OFFSET(ORÇAMENTO!$X$15,ROW(AI63)-ROW(AI$15),0),\nROUND(ROUND(OFFSET($P63,0,AI$13),15-13*ORÇAMENTO!$AF$7)*OFFSET(ORÇAMENTO!$W$15,ROW(AI63)-ROW(AI$15),0),15-13*ORÇAMENTO!$AF$11)),0)","v":0},{"$f":"IF(AND($D63=\"Serviço\",AJ$12<>0,$H63>0,OR(AUTOEVENTO<>\"manual\",$M63<>1)),\nIF(Import.TipoArredondamento<>\"TransfereGOV\",\nROUND(OFFSET($P63,0,AJ$13),15-13*ORÇAMENTO!$AF$7)/$H63*OFFSET(ORÇAMENTO!$X$15,ROW(AJ63)-ROW(AJ$15),0),\nROUND(ROUND(OFFSET($P63,0,AJ$13),15-13*ORÇAMENTO!$AF$7)*OFFSET(ORÇAMENTO!$W$15,ROW(AJ63)-ROW(AJ$15),0),15-13*ORÇAMENTO!$AF$11)),0)","v":0},{"$f":"IF(AND($D63=\"Serviço\",AK$12<>0,$H63>0,OR(AUTOEVENTO<>\"manual\",$M63<>1)),\nIF(Import.TipoArredondamento<>\"TransfereGOV\",\nROUND(OFFSET($P63,0,AK$13),15-13*ORÇAMENTO!$AF$7)/$H63*OFFSET(ORÇAMENTO!$X$15,ROW(AK63)-ROW(AK$15),0),\nROUND(ROUND(OFFSET($P63,0,AK$13),15-13*ORÇAMENTO!$AF$7)*OFFSET(ORÇAMENTO!$W$15,ROW(AK63)-ROW(AK$15),0),15-13*ORÇAMENTO!$AF$11)),0)","v":0},null,{"$f":"IF($D63<>\"Serviço\",0,IF(AND(AUTOEVENTO=\"Manual\",$M63=1),0,IF(OFFSET(CRONOPLE!$F$14,$M63,AM$13)=\"\",10^12,OFFSET(CRONOPLE!$F$14,$M63,AM$13))))","v":1000000000000},{"$f":"IF($D63<>\"Serviço\",0,IF(AND(AUTOEVENTO=\"Manual\",$M63=1),0,IF(OFFSET(CRONOPLE!$F$14,$M63,AN$13)=\"\",10^12,OFFSET(CRONOPLE!$F$14,$M63,AN$13))))","v":1000000000000},{"$f":"IF($D63<>\"Serviço\",0,IF(AND(AUTOEVENTO=\"Manual\",$M63=1),0,IF(OFFSET(CRONOPLE!$F$14,$M63,AO$13)=\"\",10^12,OFFSET(CRONOPLE!$F$14,$M63,AO$13))))","v":1000000000000},{"$f":"IF($D63<>\"Serviço\",0,IF(AND(AUTOEVENTO=\"Manual\",$M63=1),0,IF(OFFSET(CRONOPLE!$F$14,$M63,AP$13)=\"\",10^12,OFFSET(CRONOPLE!$F$14,$M63,AP$13))))","v":1000000000000},{"$f":"IF($D63<>\"Serviço\",0,IF(AND(AUTOEVENTO=\"Manual\",$M63=1),0,IF(OFFSET(CRONOPLE!$F$14,$M63,AQ$13)=\"\",10^12,OFFSET(CRONOPLE!$F$14,$M63,AQ$13))))","v":1000000000000},{"$f":"IF($D63<>\"Serviço\",0,IF(AND(AUTOEVENTO=\"Manual\",$M63=1),0,IF(OFFSET(CRONOPLE!$F$14,$M63,AR$13)=\"\",10^12,OFFSET(CRONOPLE!$F$14,$M63,AR$13))))","v":1000000000000},{"$f":"IF($D63<>\"Serviço\",0,IF(AND(AUTOEVENTO=\"Manual\",$M63=1),0,IF(OFFSET(CRONOPLE!$F$14,$M63,AS$13)=\"\",10^12,OFFSET(CRONOPLE!$F$14,$M63,AS$13))))","v":1000000000000},{"$f":"IF($D63<>\"Serviço\",0,IF(AND(AUTOEVENTO=\"Manual\",$M63=1),0,IF(OFFSET(CRONOPLE!$F$14,$M63,AT$13)=\"\",10^12,OFFSET(CRONOPLE!$F$14,$M63,AT$13))))","v":1000000000000},{"$f":"IF($D63<>\"Serviço\",0,IF(AND(AUTOEVENTO=\"Manual\",$M63=1),0,IF(OFFSET(CRONOPLE!$F$14,$M63,AU$13)=\"\",10^12,OFFSET(CRONOPLE!$F$14,$M63,AU$13))))","v":1000000000000},{"$f":"IF($D63<>\"Serviço\",0,IF(AND(AUTOEVENTO=\"Manual\",$M63=1),0,IF(OFFSET(CRONOPLE!$F$14,$M63,AV$13)=\"\",10^12,OFFSET(CRONOPLE!$F$14,$M63,AV$13))))","v":1000000000000},null,{"$f":"IF($D63<>\"Serviço\",0,IF(OR(AND(AUTOEVENTO=\"Manual\",$M63=1),$M63>(ROW(PLE.lastrow)-ROW(PLE.firstrow))),0,IF(OFFSET(PLE!$G$14,$M63,AX$13)=\"\",10^12,OFFSET(PLE!$G$14,$M63,AX$13))))","v":1000000000000},{"$f":"IF($D63<>\"Serviço\",0,IF(OR(AND(AUTOEVENTO=\"Manual\",$M63=1),$M63>(ROW(PLE.lastrow)-ROW(PLE.firstrow))),0,IF(OFFSET(PLE!$G$14,$M63,AY$13)=\"\",10^12,OFFSET(PLE!$G$14,$M63,AY$13))))","v":1000000000000},{"$f":"IF($D63<>\"Serviço\",0,IF(OR(AND(AUTOEVENTO=\"Manual\",$M63=1),$M63>(ROW(PLE.lastrow)-ROW(PLE.firstrow))),0,IF(OFFSET(PLE!$G$14,$M63,AZ$13)=\"\",10^12,OFFSET(PLE!$G$14,$M63,AZ$13))))","v":1000000000000},{"$f":"IF($D63<>\"Serviço\",0,IF(OR(AND(AUTOEVENTO=\"Manual\",$M63=1),$M63>(ROW(PLE.lastrow)-ROW(PLE.firstrow))),0,IF(OFFSET(PLE!$G$14,$M63,BA$13)=\"\",10^12,OFFSET(PLE!$G$14,$M63,BA$13))))","v":1000000000000},{"$f":"IF($D63<>\"Serviço\",0,IF(OR(AND(AUTOEVENTO=\"Manual\",$M63=1),$M63>(ROW(PLE.lastrow)-ROW(PLE.firstrow))),0,IF(OFFSET(PLE!$G$14,$M63,BB$13)=\"\",10^12,OFFSET(PLE!$G$14,$M63,BB$13))))","v":1000000000000},{"$f":"IF($D63<>\"Serviço\",0,IF(OR(AND(AUTOEVENTO=\"Manual\",$M63=1),$M63>(ROW(PLE.lastrow)-ROW(PLE.firstrow))),0,IF(OFFSET(PLE!$G$14,$M63,BC$13)=\"\",10^12,OFFSET(PLE!$G$14,$M63,BC$13))))","v":1000000000000},{"$f":"IF($D63<>\"Serviço\",0,IF(OR(AND(AUTOEVENTO=\"Manual\",$M63=1),$M63>(ROW(PLE.lastrow)-ROW(PLE.firstrow))),0,IF(OFFSET(PLE!$G$14,$M63,BD$13)=\"\",10^12,OFFSET(PLE!$G$14,$M63,BD$13))))","v":1000000000000},{"$f":"IF($D63<>\"Serviço\",0,IF(OR(AND(AUTOEVENTO=\"Manual\",$M63=1),$M63>(ROW(PLE.lastrow)-ROW(PLE.firstrow))),0,IF(OFFSET(PLE!$G$14,$M63,BE$13)=\"\",10^12,OFFSET(PLE!$G$14,$M63,BE$13))))","v":1000000000000},{"$f":"IF($D63<>\"Serviço\",0,IF(OR(AND(AUTOEVENTO=\"Manual\",$M63=1),$M63>(ROW(PLE.lastrow)-ROW(PLE.firstrow))),0,IF(OFFSET(PLE!$G$14,$M63,BF$13)=\"\",10^12,OFFSET(PLE!$G$14,$M63,BF$13))))","v":1000000000000},{"$f":"IF($D63<>\"Serviço\",0,IF(OR(AND(AUTOEVENTO=\"Manual\",$M63=1),$M63>(ROW(PLE.lastrow)-ROW(PLE.firstrow))),0,IF(OFFSET(PLE!$G$14,$M63,BG$13)=\"\",10^12,OFFSET(PLE!$G$14,$M63,BG$13))))","v":1000000000000}]
["47",{"$f":"OFFSET(ORÇAMENTO!C$15,ROW(B64)-ROW(B$15),0)","v":"S"},{"$f":"OFFSET(ORÇAMENTO!L$15,ROW(C64)-ROW(C$15),0)","v":"F"},{"$f":"OFFSET(ORÇAMENTO!N$15,ROW(D64)-ROW(D$15),0)","v":"Serviço"},{"$f":"OFFSET(ORÇAMENTO!O$15,ROW(E64)-ROW(E$15),0)","v":"1.3.0.2."},{"$f":"OFFSET(ORÇAMENTO!R$15,ROW(F64)-ROW(F$15),0)","v":"ARMAÇÃO DE BLOCO, VIGA BALDRAME OU SAPATA UTILIZANDO AÇO CA-50 DE 6,3 MM - MONTAGEM. AF_06/2017"},{"$f":"IF($D64<>\"Serviço\",\"\",OFFSET(ORÇAMENTO!S$15,ROW(G64)-ROW(G$15),0))","v":"KG"},{"$f":"IF($D64<>\"Serviço\",0,IF(ACOMPANHAMENTO=\"BM\",ROUND(OFFSET(ORÇAMENTO!AJ$15,ROW(H64)-ROW(H$15),0),15-13*ORÇAMENTO!$AF$7),SUMPRODUCT(($Q$12:$AA$12<>\"\")*ROUND($Q64:$AA64,15-13*ORÇAMENTO!$AF$7))))","v":12},null,null,null,".",{"$f":"IF($D64<>\"Serviço\",\"\",IF(AUTOEVENTO=\"manual\",$A64,IF(ISERROR(MATCH($A64,$A$15:OFFSET($A64,-1,0),0)),MAX($M$15:OFFSET(M64,-1,0))+1,INDEX($M$15:OFFSET(M64,-1,0),MATCH($A64,$A$15:OFFSET($A64,-1,0),0)))))","v":4},{"$f":"IF($D64<>\"Serviço\",\"\",IF(AUTOEVENTO=\"Manual\",IF($A64=0,\"<-- defina o número do agrupador\",OFFSET(EVENTOS!$D$14,$A64,0)),OFFSET($F$15,$A64,0)))","v":"INFRAESTRUTURA"},null,null,null,null,null,null,null,null,null,null,null,null,null,{"$f":"IF(AND($D64=\"Serviço\",AB$12<>0,$H64>0,OR(AUTOEVENTO<>\"manual\",$M64<>1)),\nIF(Import.TipoArredondamento<>\"TransfereGOV\",\nROUND(OFFSET($P64,0,AB$13),15-13*ORÇAMENTO!$AF$7)/$H64*OFFSET(ORÇAMENTO!$X$15,ROW(AB64)-ROW(AB$15),0),\nROUND(ROUND(OFFSET($P64,0,AB$13),15-13*ORÇAMENTO!$AF$7)*OFFSET(ORÇAMENTO!$W$15,ROW(AB64)-ROW(AB$15),0),15-13*ORÇAMENTO!$AF$11)),0)","v":0},{"$f":"IF(AND($D64=\"Serviço\",AC$12<>0,$H64>0,OR(AUTOEVENTO<>\"manual\",$M64<>1)),\nIF(Import.TipoArredondamento<>\"TransfereGOV\",\nROUND(OFFSET($P64,0,AC$13),15-13*ORÇAMENTO!$AF$7)/$H64*OFFSET(ORÇAMENTO!$X$15,ROW(AC64)-ROW(AC$15),0),\nROUND(ROUND(OFFSET($P64,0,AC$13),15-13*ORÇAMENTO!$AF$7)*OFFSET(ORÇAMENTO!$W$15,ROW(AC64)-ROW(AC$15),0),15-13*ORÇAMENTO!$AF$11)),0)","v":0},{"$f":"IF(AND($D64=\"Serviço\",AD$12<>0,$H64>0,OR(AUTOEVENTO<>\"manual\",$M64<>1)),\nIF(Import.TipoArredondamento<>\"TransfereGOV\",\nROUND(OFFSET($P64,0,AD$13),15-13*ORÇAMENTO!$AF$7)/$H64*OFFSET(ORÇAMENTO!$X$15,ROW(AD64)-ROW(AD$15),0),\nROUND(ROUND(OFFSET($P64,0,AD$13),15-13*ORÇAMENTO!$AF$7)*OFFSET(ORÇAMENTO!$W$15,ROW(AD64)-ROW(AD$15),0),15-13*ORÇAMENTO!$AF$11)),0)","v":0},{"$f":"IF(AND($D64=\"Serviço\",AE$12<>0,$H64>0,OR(AUTOEVENTO<>\"manual\",$M64<>1)),\nIF(Import.TipoArredondamento<>\"TransfereGOV\",\nROUND(OFFSET($P64,0,AE$13),15-13*ORÇAMENTO!$AF$7)/$H64*OFFSET(ORÇAMENTO!$X$15,ROW(AE64)-ROW(AE$15),0),\nROUND(ROUND(OFFSET($P64,0,AE$13),15-13*ORÇAMENTO!$AF$7)*OFFSET(ORÇAMENTO!$W$15,ROW(AE64)-ROW(AE$15),0),15-13*ORÇAMENTO!$AF$11)),0)","v":0},{"$f":"IF(AND($D64=\"Serviço\",AF$12<>0,$H64>0,OR(AUTOEVENTO<>\"manual\",$M64<>1)),\nIF(Import.TipoArredondamento<>\"TransfereGOV\",\nROUND(OFFSET($P64,0,AF$13),15-13*ORÇAMENTO!$AF$7)/$H64*OFFSET(ORÇAMENTO!$X$15,ROW(AF64)-ROW(AF$15),0),\nROUND(ROUND(OFFSET($P64,0,AF$13),15-13*ORÇAMENTO!$AF$7)*OFFSET(ORÇAMENTO!$W$15,ROW(AF64)-ROW(AF$15),0),15-13*ORÇAMENTO!$AF$11)),0)","v":0},{"$f":"IF(AND($D64=\"Serviço\",AG$12<>0,$H64>0,OR(AUTOEVENTO<>\"manual\",$M64<>1)),\nIF(Import.TipoArredondamento<>\"TransfereGOV\",\nROUND(OFFSET($P64,0,AG$13),15-13*ORÇAMENTO!$AF$7)/$H64*OFFSET(ORÇAMENTO!$X$15,ROW(AG64)-ROW(AG$15),0),\nROUND(ROUND(OFFSET($P64,0,AG$13),15-13*ORÇAMENTO!$AF$7)*OFFSET(ORÇAMENTO!$W$15,ROW(AG64)-ROW(AG$15),0),15-13*ORÇAMENTO!$AF$11)),0)","v":0},{"$f":"IF(AND($D64=\"Serviço\",AH$12<>0,$H64>0,OR(AUTOEVENTO<>\"manual\",$M64<>1)),\nIF(Import.TipoArredondamento<>\"TransfereGOV\",\nROUND(OFFSET($P64,0,AH$13),15-13*ORÇAMENTO!$AF$7)/$H64*OFFSET(ORÇAMENTO!$X$15,ROW(AH64)-ROW(AH$15),0),\nROUND(ROUND(OFFSET($P64,0,AH$13),15-13*ORÇAMENTO!$AF$7)*OFFSET(ORÇAMENTO!$W$15,ROW(AH64)-ROW(AH$15),0),15-13*ORÇAMENTO!$AF$11)),0)","v":0},{"$f":"IF(AND($D64=\"Serviço\",AI$12<>0,$H64>0,OR(AUTOEVENTO<>\"manual\",$M64<>1)),\nIF(Import.TipoArredondamento<>\"TransfereGOV\",\nROUND(OFFSET($P64,0,AI$13),15-13*ORÇAMENTO!$AF$7)/$H64*OFFSET(ORÇAMENTO!$X$15,ROW(AI64)-ROW(AI$15),0),\nROUND(ROUND(OFFSET($P64,0,AI$13),15-13*ORÇAMENTO!$AF$7)*OFFSET(ORÇAMENTO!$W$15,ROW(AI64)-ROW(AI$15),0),15-13*ORÇAMENTO!$AF$11)),0)","v":0},{"$f":"IF(AND($D64=\"Serviço\",AJ$12<>0,$H64>0,OR(AUTOEVENTO<>\"manual\",$M64<>1)),\nIF(Import.TipoArredondamento<>\"TransfereGOV\",\nROUND(OFFSET($P64,0,AJ$13),15-13*ORÇAMENTO!$AF$7)/$H64*OFFSET(ORÇAMENTO!$X$15,ROW(AJ64)-ROW(AJ$15),0),\nROUND(ROUND(OFFSET($P64,0,AJ$13),15-13*ORÇAMENTO!$AF$7)*OFFSET(ORÇAMENTO!$W$15,ROW(AJ64)-ROW(AJ$15),0),15-13*ORÇAMENTO!$AF$11)),0)","v":0},{"$f":"IF(AND($D64=\"Serviço\",AK$12<>0,$H64>0,OR(AUTOEVENTO<>\"manual\",$M64<>1)),\nIF(Import.TipoArredondamento<>\"TransfereGOV\",\nROUND(OFFSET($P64,0,AK$13),15-13*ORÇAMENTO!$AF$7)/$H64*OFFSET(ORÇAMENTO!$X$15,ROW(AK64)-ROW(AK$15),0),\nROUND(ROUND(OFFSET($P64,0,AK$13),15-13*ORÇAMENTO!$AF$7)*OFFSET(ORÇAMENTO!$W$15,ROW(AK64)-ROW(AK$15),0),15-13*ORÇAMENTO!$AF$11)),0)","v":0},null,{"$f":"IF($D64<>\"Serviço\",0,IF(AND(AUTOEVENTO=\"Manual\",$M64=1),0,IF(OFFSET(CRONOPLE!$F$14,$M64,AM$13)=\"\",10^12,OFFSET(CRONOPLE!$F$14,$M64,AM$13))))","v":1000000000000},{"$f":"IF($D64<>\"Serviço\",0,IF(AND(AUTOEVENTO=\"Manual\",$M64=1),0,IF(OFFSET(CRONOPLE!$F$14,$M64,AN$13)=\"\",10^12,OFFSET(CRONOPLE!$F$14,$M64,AN$13))))","v":1000000000000},{"$f":"IF($D64<>\"Serviço\",0,IF(AND(AUTOEVENTO=\"Manual\",$M64=1),0,IF(OFFSET(CRONOPLE!$F$14,$M64,AO$13)=\"\",10^12,OFFSET(CRONOPLE!$F$14,$M64,AO$13))))","v":1000000000000},{"$f":"IF($D64<>\"Serviço\",0,IF(AND(AUTOEVENTO=\"Manual\",$M64=1),0,IF(OFFSET(CRONOPLE!$F$14,$M64,AP$13)=\"\",10^12,OFFSET(CRONOPLE!$F$14,$M64,AP$13))))","v":1000000000000},{"$f":"IF($D64<>\"Serviço\",0,IF(AND(AUTOEVENTO=\"Manual\",$M64=1),0,IF(OFFSET(CRONOPLE!$F$14,$M64,AQ$13)=\"\",10^12,OFFSET(CRONOPLE!$F$14,$M64,AQ$13))))","v":1000000000000},{"$f":"IF($D64<>\"Serviço\",0,IF(AND(AUTOEVENTO=\"Manual\",$M64=1),0,IF(OFFSET(CRONOPLE!$F$14,$M64,AR$13)=\"\",10^12,OFFSET(CRONOPLE!$F$14,$M64,AR$13))))","v":1000000000000},{"$f":"IF($D64<>\"Serviço\",0,IF(AND(AUTOEVENTO=\"Manual\",$M64=1),0,IF(OFFSET(CRONOPLE!$F$14,$M64,AS$13)=\"\",10^12,OFFSET(CRONOPLE!$F$14,$M64,AS$13))))","v":1000000000000},{"$f":"IF($D64<>\"Serviço\",0,IF(AND(AUTOEVENTO=\"Manual\",$M64=1),0,IF(OFFSET(CRONOPLE!$F$14,$M64,AT$13)=\"\",10^12,OFFSET(CRONOPLE!$F$14,$M64,AT$13))))","v":1000000000000},{"$f":"IF($D64<>\"Serviço\",0,IF(AND(AUTOEVENTO=\"Manual\",$M64=1),0,IF(OFFSET(CRONOPLE!$F$14,$M64,AU$13)=\"\",10^12,OFFSET(CRONOPLE!$F$14,$M64,AU$13))))","v":1000000000000},{"$f":"IF($D64<>\"Serviço\",0,IF(AND(AUTOEVENTO=\"Manual\",$M64=1),0,IF(OFFSET(CRONOPLE!$F$14,$M64,AV$13)=\"\",10^12,OFFSET(CRONOPLE!$F$14,$M64,AV$13))))","v":1000000000000},null,{"$f":"IF($D64<>\"Serviço\",0,IF(OR(AND(AUTOEVENTO=\"Manual\",$M64=1),$M64>(ROW(PLE.lastrow)-ROW(PLE.firstrow))),0,IF(OFFSET(PLE!$G$14,$M64,AX$13)=\"\",10^12,OFFSET(PLE!$G$14,$M64,AX$13))))","v":1000000000000},{"$f":"IF($D64<>\"Serviço\",0,IF(OR(AND(AUTOEVENTO=\"Manual\",$M64=1),$M64>(ROW(PLE.lastrow)-ROW(PLE.firstrow))),0,IF(OFFSET(PLE!$G$14,$M64,AY$13)=\"\",10^12,OFFSET(PLE!$G$14,$M64,AY$13))))","v":1000000000000},{"$f":"IF($D64<>\"Serviço\",0,IF(OR(AND(AUTOEVENTO=\"Manual\",$M64=1),$M64>(ROW(PLE.lastrow)-ROW(PLE.firstrow))),0,IF(OFFSET(PLE!$G$14,$M64,AZ$13)=\"\",10^12,OFFSET(PLE!$G$14,$M64,AZ$13))))","v":1000000000000},{"$f":"IF($D64<>\"Serviço\",0,IF(OR(AND(AUTOEVENTO=\"Manual\",$M64=1),$M64>(ROW(PLE.lastrow)-ROW(PLE.firstrow))),0,IF(OFFSET(PLE!$G$14,$M64,BA$13)=\"\",10^12,OFFSET(PLE!$G$14,$M64,BA$13))))","v":1000000000000},{"$f":"IF($D64<>\"Serviço\",0,IF(OR(AND(AUTOEVENTO=\"Manual\",$M64=1),$M64>(ROW(PLE.lastrow)-ROW(PLE.firstrow))),0,IF(OFFSET(PLE!$G$14,$M64,BB$13)=\"\",10^12,OFFSET(PLE!$G$14,$M64,BB$13))))","v":1000000000000},{"$f":"IF($D64<>\"Serviço\",0,IF(OR(AND(AUTOEVENTO=\"Manual\",$M64=1),$M64>(ROW(PLE.lastrow)-ROW(PLE.firstrow))),0,IF(OFFSET(PLE!$G$14,$M64,BC$13)=\"\",10^12,OFFSET(PLE!$G$14,$M64,BC$13))))","v":1000000000000},{"$f":"IF($D64<>\"Serviço\",0,IF(OR(AND(AUTOEVENTO=\"Manual\",$M64=1),$M64>(ROW(PLE.lastrow)-ROW(PLE.firstrow))),0,IF(OFFSET(PLE!$G$14,$M64,BD$13)=\"\",10^12,OFFSET(PLE!$G$14,$M64,BD$13))))","v":1000000000000},{"$f":"IF($D64<>\"Serviço\",0,IF(OR(AND(AUTOEVENTO=\"Manual\",$M64=1),$M64>(ROW(PLE.lastrow)-ROW(PLE.firstrow))),0,IF(OFFSET(PLE!$G$14,$M64,BE$13)=\"\",10^12,OFFSET(PLE!$G$14,$M64,BE$13))))","v":1000000000000},{"$f":"IF($D64<>\"Serviço\",0,IF(OR(AND(AUTOEVENTO=\"Manual\",$M64=1),$M64>(ROW(PLE.lastrow)-ROW(PLE.firstrow))),0,IF(OFFSET(PLE!$G$14,$M64,BF$13)=\"\",10^12,OFFSET(PLE!$G$14,$M64,BF$13))))","v":1000000000000},{"$f":"IF($D64<>\"Serviço\",0,IF(OR(AND(AUTOEVENTO=\"Manual\",$M64=1),$M64>(ROW(PLE.lastrow)-ROW(PLE.firstrow))),0,IF(OFFSET(PLE!$G$14,$M64,BG$13)=\"\",10^12,OFFSET(PLE!$G$14,$M64,BG$13))))","v":1000000000000}]
["47",{"$f":"OFFSET(ORÇAMENTO!C$15,ROW(B65)-ROW(B$15),0)","v":"S"},{"$f":"OFFSET(ORÇAMENTO!L$15,ROW(C65)-ROW(C$15),0)","v":"F"},{"$f":"OFFSET(ORÇAMENTO!N$15,ROW(D65)-ROW(D$15),0)","v":"Serviço"},{"$f":"OFFSET(ORÇAMENTO!O$15,ROW(E65)-ROW(E$15),0)","v":"1.3.0.3."},{"$f":"OFFSET(ORÇAMENTO!R$15,ROW(F65)-ROW(F$15),0)","v":"ARMAÇÃO DE BLOCO, VIGA BALDRAME OU SAPATA UTILIZANDO AÇO CA-50 DE 8 MM - MONTAGEM. AF_06/2017"},{"$f":"IF($D65<>\"Serviço\",\"\",OFFSET(ORÇAMENTO!S$15,ROW(G65)-ROW(G$15),0))","v":"KG"},{"$f":"IF($D65<>\"Serviço\",0,IF(ACOMPANHAMENTO=\"BM\",ROUND(OFFSET(ORÇAMENTO!AJ$15,ROW(H65)-ROW(H$15),0),15-13*ORÇAMENTO!$AF$7),SUMPRODUCT(($Q$12:$AA$12<>\"\")*ROUND($Q65:$AA65,15-13*ORÇAMENTO!$AF$7))))","v":103.8},null,null,null,".",{"$f":"IF($D65<>\"Serviço\",\"\",IF(AUTOEVENTO=\"manual\",$A65,IF(ISERROR(MATCH($A65,$A$15:OFFSET($A65,-1,0),0)),MAX($M$15:OFFSET(M65,-1,0))+1,INDEX($M$15:OFFSET(M65,-1,0),MATCH($A65,$A$15:OFFSET($A65,-1,0),0)))))","v":4},{"$f":"IF($D65<>\"Serviço\",\"\",IF(AUTOEVENTO=\"Manual\",IF($A65=0,\"<-- defina o número do agrupador\",OFFSET(EVENTOS!$D$14,$A65,0)),OFFSET($F$15,$A65,0)))","v":"INFRAESTRUTURA"},null,null,null,null,null,null,null,null,null,null,null,null,null,{"$f":"IF(AND($D65=\"Serviço\",AB$12<>0,$H65>0,OR(AUTOEVENTO<>\"manual\",$M65<>1)),\nIF(Import.TipoArredondamento<>\"TransfereGOV\",\nROUND(OFFSET($P65,0,AB$13),15-13*ORÇAMENTO!$AF$7)/$H65*OFFSET(ORÇAMENTO!$X$15,ROW(AB65)-ROW(AB$15),0),\nROUND(ROUND(OFFSET($P65,0,AB$13),15-13*ORÇAMENTO!$AF$7)*OFFSET(ORÇAMENTO!$W$15,ROW(AB65)-ROW(AB$15),0),15-13*ORÇAMENTO!$AF$11)),0)","v":0},{"$f":"IF(AND($D65=\"Serviço\",AC$12<>0,$H65>0,OR(AUTOEVENTO<>\"manual\",$M65<>1)),\nIF(Import.TipoArredondamento<>\"TransfereGOV\",\nROUND(OFFSET($P65,0,AC$13),15-13*ORÇAMENTO!$AF$7)/$H65*OFFSET(ORÇAMENTO!$X$15,ROW(AC65)-ROW(AC$15),0),\nROUND(ROUND(OFFSET($P65,0,AC$13),15-13*ORÇAMENTO!$AF$7)*OFFSET(ORÇAMENTO!$W$15,ROW(AC65)-ROW(AC$15),0),15-13*ORÇAMENTO!$AF$11)),0)","v":0},{"$f":"IF(AND($D65=\"Serviço\",AD$12<>0,$H65>0,OR(AUTOEVENTO<>\"manual\",$M65<>1)),\nIF(Import.TipoArredondamento<>\"TransfereGOV\",\nROUND(OFFSET($P65,0,AD$13),15-13*ORÇAMENTO!$AF$7)/$H65*OFFSET(ORÇAMENTO!$X$15,ROW(AD65)-ROW(AD$15),0),\nROUND(ROUND(OFFSET($P65,0,AD$13),15-13*ORÇAMENTO!$AF$7)*OFFSET(ORÇAMENTO!$W$15,ROW(AD65)-ROW(AD$15),0),15-13*ORÇAMENTO!$AF$11)),0)","v":0},{"$f":"IF(AND($D65=\"Serviço\",AE$12<>0,$H65>0,OR(AUTOEVENTO<>\"manual\",$M65<>1)),\nIF(Import.TipoArredondamento<>\"TransfereGOV\",\nROUND(OFFSET($P65,0,AE$13),15-13*ORÇAMENTO!$AF$7)/$H65*OFFSET(ORÇAMENTO!$X$15,ROW(AE65)-ROW(AE$15),0),\nROUND(ROUND(OFFSET($P65,0,AE$13),15-13*ORÇAMENTO!$AF$7)*OFFSET(ORÇAMENTO!$W$15,ROW(AE65)-ROW(AE$15),0),15-13*ORÇAMENTO!$AF$11)),0)","v":0},{"$f":"IF(AND($D65=\"Serviço\",AF$12<>0,$H65>0,OR(AUTOEVENTO<>\"manual\",$M65<>1)),\nIF(Import.TipoArredondamento<>\"TransfereGOV\",\nROUND(OFFSET($P65,0,AF$13),15-13*ORÇAMENTO!$AF$7)/$H65*OFFSET(ORÇAMENTO!$X$15,ROW(AF65)-ROW(AF$15),0),\nROUND(ROUND(OFFSET($P65,0,AF$13),15-13*ORÇAMENTO!$AF$7)*OFFSET(ORÇAMENTO!$W$15,ROW(AF65)-ROW(AF$15),0),15-13*ORÇAMENTO!$AF$11)),0)","v":0},{"$f":"IF(AND($D65=\"Serviço\",AG$12<>0,$H65>0,OR(AUTOEVENTO<>\"manual\",$M65<>1)),\nIF(Import.TipoArredondamento<>\"TransfereGOV\",\nROUND(OFFSET($P65,0,AG$13),15-13*ORÇAMENTO!$AF$7)/$H65*OFFSET(ORÇAMENTO!$X$15,ROW(AG65)-ROW(AG$15),0),\nROUND(ROUND(OFFSET($P65,0,AG$13),15-13*ORÇAMENTO!$AF$7)*OFFSET(ORÇAMENTO!$W$15,ROW(AG65)-ROW(AG$15),0),15-13*ORÇAMENTO!$AF$11)),0)","v":0},{"$f":"IF(AND($D65=\"Serviço\",AH$12<>0,$H65>0,OR(AUTOEVENTO<>\"manual\",$M65<>1)),\nIF(Import.TipoArredondamento<>\"TransfereGOV\",\nROUND(OFFSET($P65,0,AH$13),15-13*ORÇAMENTO!$AF$7)/$H65*OFFSET(ORÇAMENTO!$X$15,ROW(AH65)-ROW(AH$15),0),\nROUND(ROUND(OFFSET($P65,0,AH$13),15-13*ORÇAMENTO!$AF$7)*OFFSET(ORÇAMENTO!$W$15,ROW(AH65)-ROW(AH$15),0),15-13*ORÇAMENTO!$AF$11)),0)","v":0},{"$f":"IF(AND($D65=\"Serviço\",AI$12<>0,$H65>0,OR(AUTOEVENTO<>\"manual\",$M65<>1)),\nIF(Import.TipoArredondamento<>\"TransfereGOV\",\nROUND(OFFSET($P65,0,AI$13),15-13*ORÇAMENTO!$AF$7)/$H65*OFFSET(ORÇAMENTO!$X$15,ROW(AI65)-ROW(AI$15),0),\nROUND(ROUND(OFFSET($P65,0,AI$13),15-13*ORÇAMENTO!$AF$7)*OFFSET(ORÇAMENTO!$W$15,ROW(AI65)-ROW(AI$15),0),15-13*ORÇAMENTO!$AF$11)),0)","v":0},{"$f":"IF(AND($D65=\"Serviço\",AJ$12<>0,$H65>0,OR(AUTOEVENTO<>\"manual\",$M65<>1)),\nIF(Import.TipoArredondamento<>\"TransfereGOV\",\nROUND(OFFSET($P65,0,AJ$13),15-13*ORÇAMENTO!$AF$7)/$H65*OFFSET(ORÇAMENTO!$X$15,ROW(AJ65)-ROW(AJ$15),0),\nROUND(ROUND(OFFSET($P65,0,AJ$13),15-13*ORÇAMENTO!$AF$7)*OFFSET(ORÇAMENTO!$W$15,ROW(AJ65)-ROW(AJ$15),0),15-13*ORÇAMENTO!$AF$11)),0)","v":0},{"$f":"IF(AND($D65=\"Serviço\",AK$12<>0,$H65>0,OR(AUTOEVENTO<>\"manual\",$M65<>1)),\nIF(Import.TipoArredondamento<>\"TransfereGOV\",\nROUND(OFFSET($P65,0,AK$13),15-13*ORÇAMENTO!$AF$7)/$H65*OFFSET(ORÇAMENTO!$X$15,ROW(AK65)-ROW(AK$15),0),\nROUND(ROUND(OFFSET($P65,0,AK$13),15-13*ORÇAMENTO!$AF$7)*OFFSET(ORÇAMENTO!$W$15,ROW(AK65)-ROW(AK$15),0),15-13*ORÇAMENTO!$AF$11)),0)","v":0},null,{"$f":"IF($D65<>\"Serviço\",0,IF(AND(AUTOEVENTO=\"Manual\",$M65=1),0,IF(OFFSET(CRONOPLE!$F$14,$M65,AM$13)=\"\",10^12,OFFSET(CRONOPLE!$F$14,$M65,AM$13))))","v":1000000000000},{"$f":"IF($D65<>\"Serviço\",0,IF(AND(AUTOEVENTO=\"Manual\",$M65=1),0,IF(OFFSET(CRONOPLE!$F$14,$M65,AN$13)=\"\",10^12,OFFSET(CRONOPLE!$F$14,$M65,AN$13))))","v":1000000000000},{"$f":"IF($D65<>\"Serviço\",0,IF(AND(AUTOEVENTO=\"Manual\",$M65=1),0,IF(OFFSET(CRONOPLE!$F$14,$M65,AO$13)=\"\",10^12,OFFSET(CRONOPLE!$F$14,$M65,AO$13))))","v":1000000000000},{"$f":"IF($D65<>\"Serviço\",0,IF(AND(AUTOEVENTO=\"Manual\",$M65=1),0,IF(OFFSET(CRONOPLE!$F$14,$M65,AP$13)=\"\",10^12,OFFSET(CRONOPLE!$F$14,$M65,AP$13))))","v":1000000000000},{"$f":"IF($D65<>\"Serviço\",0,IF(AND(AUTOEVENTO=\"Manual\",$M65=1),0,IF(OFFSET(CRONOPLE!$F$14,$M65,AQ$13)=\"\",10^12,OFFSET(CRONOPLE!$F$14,$M65,AQ$13))))","v":1000000000000},{"$f":"IF($D65<>\"Serviço\",0,IF(AND(AUTOEVENTO=\"Manual\",$M65=1),0,IF(OFFSET(CRONOPLE!$F$14,$M65,AR$13)=\"\",10^12,OFFSET(CRONOPLE!$F$14,$M65,AR$13))))","v":1000000000000},{"$f":"IF($D65<>\"Serviço\",0,IF(AND(AUTOEVENTO=\"Manual\",$M65=1),0,IF(OFFSET(CRONOPLE!$F$14,$M65,AS$13)=\"\",10^12,OFFSET(CRONOPLE!$F$14,$M65,AS$13))))","v":1000000000000},{"$f":"IF($D65<>\"Serviço\",0,IF(AND(AUTOEVENTO=\"Manual\",$M65=1),0,IF(OFFSET(CRONOPLE!$F$14,$M65,AT$13)=\"\",10^12,OFFSET(CRONOPLE!$F$14,$M65,AT$13))))","v":1000000000000},{"$f":"IF($D65<>\"Serviço\",0,IF(AND(AUTOEVENTO=\"Manual\",$M65=1),0,IF(OFFSET(CRONOPLE!$F$14,$M65,AU$13)=\"\",10^12,OFFSET(CRONOPLE!$F$14,$M65,AU$13))))","v":1000000000000},{"$f":"IF($D65<>\"Serviço\",0,IF(AND(AUTOEVENTO=\"Manual\",$M65=1),0,IF(OFFSET(CRONOPLE!$F$14,$M65,AV$13)=\"\",10^12,OFFSET(CRONOPLE!$F$14,$M65,AV$13))))","v":1000000000000},null,{"$f":"IF($D65<>\"Serviço\",0,IF(OR(AND(AUTOEVENTO=\"Manual\",$M65=1),$M65>(ROW(PLE.lastrow)-ROW(PLE.firstrow))),0,IF(OFFSET(PLE!$G$14,$M65,AX$13)=\"\",10^12,OFFSET(PLE!$G$14,$M65,AX$13))))","v":1000000000000},{"$f":"IF($D65<>\"Serviço\",0,IF(OR(AND(AUTOEVENTO=\"Manual\",$M65=1),$M65>(ROW(PLE.lastrow)-ROW(PLE.firstrow))),0,IF(OFFSET(PLE!$G$14,$M65,AY$13)=\"\",10^12,OFFSET(PLE!$G$14,$M65,AY$13))))","v":1000000000000},{"$f":"IF($D65<>\"Serviço\",0,IF(OR(AND(AUTOEVENTO=\"Manual\",$M65=1),$M65>(ROW(PLE.lastrow)-ROW(PLE.firstrow))),0,IF(OFFSET(PLE!$G$14,$M65,AZ$13)=\"\",10^12,OFFSET(PLE!$G$14,$M65,AZ$13))))","v":1000000000000},{"$f":"IF($D65<>\"Serviço\",0,IF(OR(AND(AUTOEVENTO=\"Manual\",$M65=1),$M65>(ROW(PLE.lastrow)-ROW(PLE.firstrow))),0,IF(OFFSET(PLE!$G$14,$M65,BA$13)=\"\",10^12,OFFSET(PLE!$G$14,$M65,BA$13))))","v":1000000000000},{"$f":"IF($D65<>\"Serviço\",0,IF(OR(AND(AUTOEVENTO=\"Manual\",$M65=1),$M65>(ROW(PLE.lastrow)-ROW(PLE.firstrow))),0,IF(OFFSET(PLE!$G$14,$M65,BB$13)=\"\",10^12,OFFSET(PLE!$G$14,$M65,BB$13))))","v":1000000000000},{"$f":"IF($D65<>\"Serviço\",0,IF(OR(AND(AUTOEVENTO=\"Manual\",$M65=1),$M65>(ROW(PLE.lastrow)-ROW(PLE.firstrow))),0,IF(OFFSET(PLE!$G$14,$M65,BC$13)=\"\",10^12,OFFSET(PLE!$G$14,$M65,BC$13))))","v":1000000000000},{"$f":"IF($D65<>\"Serviço\",0,IF(OR(AND(AUTOEVENTO=\"Manual\",$M65=1),$M65>(ROW(PLE.lastrow)-ROW(PLE.firstrow))),0,IF(OFFSET(PLE!$G$14,$M65,BD$13)=\"\",10^12,OFFSET(PLE!$G$14,$M65,BD$13))))","v":1000000000000},{"$f":"IF($D65<>\"Serviço\",0,IF(OR(AND(AUTOEVENTO=\"Manual\",$M65=1),$M65>(ROW(PLE.lastrow)-ROW(PLE.firstrow))),0,IF(OFFSET(PLE!$G$14,$M65,BE$13)=\"\",10^12,OFFSET(PLE!$G$14,$M65,BE$13))))","v":1000000000000},{"$f":"IF($D65<>\"Serviço\",0,IF(OR(AND(AUTOEVENTO=\"Manual\",$M65=1),$M65>(ROW(PLE.lastrow)-ROW(PLE.firstrow))),0,IF(OFFSET(PLE!$G$14,$M65,BF$13)=\"\",10^12,OFFSET(PLE!$G$14,$M65,BF$13))))","v":1000000000000},{"$f":"IF($D65<>\"Serviço\",0,IF(OR(AND(AUTOEVENTO=\"Manual\",$M65=1),$M65>(ROW(PLE.lastrow)-ROW(PLE.firstrow))),0,IF(OFFSET(PLE!$G$14,$M65,BG$13)=\"\",10^12,OFFSET(PLE!$G$14,$M65,BG$13))))","v":1000000000000}]
["47",{"$f":"OFFSET(ORÇAMENTO!C$15,ROW(B66)-ROW(B$15),0)","v":"S"},{"$f":"OFFSET(ORÇAMENTO!L$15,ROW(C66)-ROW(C$15),0)","v":"F"},{"$f":"OFFSET(ORÇAMENTO!N$15,ROW(D66)-ROW(D$15),0)","v":"Serviço"},{"$f":"OFFSET(ORÇAMENTO!O$15,ROW(E66)-ROW(E$15),0)","v":"1.3.0.4."},{"$f":"OFFSET(ORÇAMENTO!R$15,ROW(F66)-ROW(F$15),0)","v":"ARMAÇÃO DE BLOCO, VIGA BALDRAME OU SAPATA UTILIZANDO AÇO CA-50 DE 10 MM - MONTAGEM. AF_06/2017"},{"$f":"IF($D66<>\"Serviço\",\"\",OFFSET(ORÇAMENTO!S$15,ROW(G66)-ROW(G$15),0))","v":"KG"},{"$f":"IF($D66<>\"Serviço\",0,IF(ACOMPANHAMENTO=\"BM\",ROUND(OFFSET(ORÇAMENTO!AJ$15,ROW(H66)-ROW(H$15),0),15-13*ORÇAMENTO!$AF$7),SUMPRODUCT(($Q$12:$AA$12<>\"\")*ROUND($Q66:$AA66,15-13*ORÇAMENTO!$AF$7))))","v":23.1},null,null,null,".",{"$f":"IF($D66<>\"Serviço\",\"\",IF(AUTOEVENTO=\"manual\",$A66,IF(ISERROR(MATCH($A66,$A$15:OFFSET($A66,-1,0),0)),MAX($M$15:OFFSET(M66,-1,0))+1,INDEX($M$15:OFFSET(M66,-1,0),MATCH($A66,$A$15:OFFSET($A66,-1,0),0)))))","v":4},{"$f":"IF($D66<>\"Serviço\",\"\",IF(AUTOEVENTO=\"Manual\",IF($A66=0,\"<-- defina o número do agrupador\",OFFSET(EVENTOS!$D$14,$A66,0)),OFFSET($F$15,$A66,0)))","v":"INFRAESTRUTURA"},null,null,null,null,null,null,null,null,null,null,null,null,null,{"$f":"IF(AND($D66=\"Serviço\",AB$12<>0,$H66>0,OR(AUTOEVENTO<>\"manual\",$M66<>1)),\nIF(Import.TipoArredondamento<>\"TransfereGOV\",\nROUND(OFFSET($P66,0,AB$13),15-13*ORÇAMENTO!$AF$7)/$H66*OFFSET(ORÇAMENTO!$X$15,ROW(AB66)-ROW(AB$15),0),\nROUND(ROUND(OFFSET($P66,0,AB$13),15-13*ORÇAMENTO!$AF$7)*OFFSET(ORÇAMENTO!$W$15,ROW(AB66)-ROW(AB$15),0),15-13*ORÇAMENTO!$AF$11)),0)","v":0},{"$f":"IF(AND($D66=\"Serviço\",AC$12<>0,$H66>0,OR(AUTOEVENTO<>\"manual\",$M66<>1)),\nIF(Import.TipoArredondamento<>\"TransfereGOV\",\nROUND(OFFSET($P66,0,AC$13),15-13*ORÇAMENTO!$AF$7)/$H66*OFFSET(ORÇAMENTO!$X$15,ROW(AC66)-ROW(AC$15),0),\nROUND(ROUND(OFFSET($P66,0,AC$13),15-13*ORÇAMENTO!$AF$7)*OFFSET(ORÇAMENTO!$W$15,ROW(AC66)-ROW(AC$15),0),15-13*ORÇAMENTO!$AF$11)),0)","v":0},{"$f":"IF(AND($D66=\"Serviço\",AD$12<>0,$H66>0,OR(AUTOEVENTO<>\"manual\",$M66<>1)),\nIF(Import.TipoArredondamento<>\"TransfereGOV\",\nROUND(OFFSET($P66,0,AD$13),15-13*ORÇAMENTO!$AF$7)/$H66*OFFSET(ORÇAMENTO!$X$15,ROW(AD66)-ROW(AD$15),0),\nROUND(ROUND(OFFSET($P66,0,AD$13),15-13*ORÇAMENTO!$AF$7)*OFFSET(ORÇAMENTO!$W$15,ROW(AD66)-ROW(AD$15),0),15-13*ORÇAMENTO!$AF$11)),0)","v":0},{"$f":"IF(AND($D66=\"Serviço\",AE$12<>0,$H66>0,OR(AUTOEVENTO<>\"manual\",$M66<>1)),\nIF(Import.TipoArredondamento<>\"TransfereGOV\",\nROUND(OFFSET($P66,0,AE$13),15-13*ORÇAMENTO!$AF$7)/$H66*OFFSET(ORÇAMENTO!$X$15,ROW(AE66)-ROW(AE$15),0),\nROUND(ROUND(OFFSET($P66,0,AE$13),15-13*ORÇAMENTO!$AF$7)*OFFSET(ORÇAMENTO!$W$15,ROW(AE66)-ROW(AE$15),0),15-13*ORÇAMENTO!$AF$11)),0)","v":0},{"$f":"IF(AND($D66=\"Serviço\",AF$12<>0,$H66>0,OR(AUTOEVENTO<>\"manual\",$M66<>1)),\nIF(Import.TipoArredondamento<>\"TransfereGOV\",\nROUND(OFFSET($P66,0,AF$13),15-13*ORÇAMENTO!$AF$7)/$H66*OFFSET(ORÇAMENTO!$X$15,ROW(AF66)-ROW(AF$15),0),\nROUND(ROUND(OFFSET($P66,0,AF$13),15-13*ORÇAMENTO!$AF$7)*OFFSET(ORÇAMENTO!$W$15,ROW(AF66)-ROW(AF$15),0),15-13*ORÇAMENTO!$AF$11)),0)","v":0},{"$f":"IF(AND($D66=\"Serviço\",AG$12<>0,$H66>0,OR(AUTOEVENTO<>\"manual\",$M66<>1)),\nIF(Import.TipoArredondamento<>\"TransfereGOV\",\nROUND(OFFSET($P66,0,AG$13),15-13*ORÇAMENTO!$AF$7)/$H66*OFFSET(ORÇAMENTO!$X$15,ROW(AG66)-ROW(AG$15),0),\nROUND(ROUND(OFFSET($P66,0,AG$13),15-13*ORÇAMENTO!$AF$7)*OFFSET(ORÇAMENTO!$W$15,ROW(AG66)-ROW(AG$15),0),15-13*ORÇAMENTO!$AF$11)),0)","v":0},{"$f":"IF(AND($D66=\"Serviço\",AH$12<>0,$H66>0,OR(AUTOEVENTO<>\"manual\",$M66<>1)),\nIF(Import.TipoArredondamento<>\"TransfereGOV\",\nROUND(OFFSET($P66,0,AH$13),15-13*ORÇAMENTO!$AF$7)/$H66*OFFSET(ORÇAMENTO!$X$15,ROW(AH66)-ROW(AH$15),0),\nROUND(ROUND(OFFSET($P66,0,AH$13),15-13*ORÇAMENTO!$AF$7)*OFFSET(ORÇAMENTO!$W$15,ROW(AH66)-ROW(AH$15),0),15-13*ORÇAMENTO!$AF$11)),0)","v":0},{"$f":"IF(AND($D66=\"Serviço\",AI$12<>0,$H66>0,OR(AUTOEVENTO<>\"manual\",$M66<>1)),\nIF(Import.TipoArredondamento<>\"TransfereGOV\",\nROUND(OFFSET($P66,0,AI$13),15-13*ORÇAMENTO!$AF$7)/$H66*OFFSET(ORÇAMENTO!$X$15,ROW(AI66)-ROW(AI$15),0),\nROUND(ROUND(OFFSET($P66,0,AI$13),15-13*ORÇAMENTO!$AF$7)*OFFSET(ORÇAMENTO!$W$15,ROW(AI66)-ROW(AI$15),0),15-13*ORÇAMENTO!$AF$11)),0)","v":0},{"$f":"IF(AND($D66=\"Serviço\",AJ$12<>0,$H66>0,OR(AUTOEVENTO<>\"manual\",$M66<>1)),\nIF(Import.TipoArredondamento<>\"TransfereGOV\",\nROUND(OFFSET($P66,0,AJ$13),15-13*ORÇAMENTO!$AF$7)/$H66*OFFSET(ORÇAMENTO!$X$15,ROW(AJ66)-ROW(AJ$15),0),\nROUND(ROUND(OFFSET($P66,0,AJ$13),15-13*ORÇAMENTO!$AF$7)*OFFSET(ORÇAMENTO!$W$15,ROW(AJ66)-ROW(AJ$15),0),15-13*ORÇAMENTO!$AF$11)),0)","v":0},{"$f":"IF(AND($D66=\"Serviço\",AK$12<>0,$H66>0,OR(AUTOEVENTO<>\"manual\",$M66<>1)),\nIF(Import.TipoArredondamento<>\"TransfereGOV\",\nROUND(OFFSET($P66,0,AK$13),15-13*ORÇAMENTO!$AF$7)/$H66*OFFSET(ORÇAMENTO!$X$15,ROW(AK66)-ROW(AK$15),0),\nROUND(ROUND(OFFSET($P66,0,AK$13),15-13*ORÇAMENTO!$AF$7)*OFFSET(ORÇAMENTO!$W$15,ROW(AK66)-ROW(AK$15),0),15-13*ORÇAMENTO!$AF$11)),0)","v":0},null,{"$f":"IF($D66<>\"Serviço\",0,IF(AND(AUTOEVENTO=\"Manual\",$M66=1),0,IF(OFFSET(CRONOPLE!$F$14,$M66,AM$13)=\"\",10^12,OFFSET(CRONOPLE!$F$14,$M66,AM$13))))","v":1000000000000},{"$f":"IF($D66<>\"Serviço\",0,IF(AND(AUTOEVENTO=\"Manual\",$M66=1),0,IF(OFFSET(CRONOPLE!$F$14,$M66,AN$13)=\"\",10^12,OFFSET(CRONOPLE!$F$14,$M66,AN$13))))","v":1000000000000},{"$f":"IF($D66<>\"Serviço\",0,IF(AND(AUTOEVENTO=\"Manual\",$M66=1),0,IF(OFFSET(CRONOPLE!$F$14,$M66,AO$13)=\"\",10^12,OFFSET(CRONOPLE!$F$14,$M66,AO$13))))","v":1000000000000},{"$f":"IF($D66<>\"Serviço\",0,IF(AND(AUTOEVENTO=\"Manual\",$M66=1),0,IF(OFFSET(CRONOPLE!$F$14,$M66,AP$13)=\"\",10^12,OFFSET(CRONOPLE!$F$14,$M66,AP$13))))","v":1000000000000},{"$f":"IF($D66<>\"Serviço\",0,IF(AND(AUTOEVENTO=\"Manual\",$M66=1),0,IF(OFFSET(CRONOPLE!$F$14,$M66,AQ$13)=\"\",10^12,OFFSET(CRONOPLE!$F$14,$M66,AQ$13))))","v":1000000000000},{"$f":"IF($D66<>\"Serviço\",0,IF(AND(AUTOEVENTO=\"Manual\",$M66=1),0,IF(OFFSET(CRONOPLE!$F$14,$M66,AR$13)=\"\",10^12,OFFSET(CRONOPLE!$F$14,$M66,AR$13))))","v":1000000000000},{"$f":"IF($D66<>\"Serviço\",0,IF(AND(AUTOEVENTO=\"Manual\",$M66=1),0,IF(OFFSET(CRONOPLE!$F$14,$M66,AS$13)=\"\",10^12,OFFSET(CRONOPLE!$F$14,$M66,AS$13))))","v":1000000000000},{"$f":"IF($D66<>\"Serviço\",0,IF(AND(AUTOEVENTO=\"Manual\",$M66=1),0,IF(OFFSET(CRONOPLE!$F$14,$M66,AT$13)=\"\",10^12,OFFSET(CRONOPLE!$F$14,$M66,AT$13))))","v":1000000000000},{"$f":"IF($D66<>\"Serviço\",0,IF(AND(AUTOEVENTO=\"Manual\",$M66=1),0,IF(OFFSET(CRONOPLE!$F$14,$M66,AU$13)=\"\",10^12,OFFSET(CRONOPLE!$F$14,$M66,AU$13))))","v":1000000000000},{"$f":"IF($D66<>\"Serviço\",0,IF(AND(AUTOEVENTO=\"Manual\",$M66=1),0,IF(OFFSET(CRONOPLE!$F$14,$M66,AV$13)=\"\",10^12,OFFSET(CRONOPLE!$F$14,$M66,AV$13))))","v":1000000000000},null,{"$f":"IF($D66<>\"Serviço\",0,IF(OR(AND(AUTOEVENTO=\"Manual\",$M66=1),$M66>(ROW(PLE.lastrow)-ROW(PLE.firstrow))),0,IF(OFFSET(PLE!$G$14,$M66,AX$13)=\"\",10^12,OFFSET(PLE!$G$14,$M66,AX$13))))","v":1000000000000},{"$f":"IF($D66<>\"Serviço\",0,IF(OR(AND(AUTOEVENTO=\"Manual\",$M66=1),$M66>(ROW(PLE.lastrow)-ROW(PLE.firstrow))),0,IF(OFFSET(PLE!$G$14,$M66,AY$13)=\"\",10^12,OFFSET(PLE!$G$14,$M66,AY$13))))","v":1000000000000},{"$f":"IF($D66<>\"Serviço\",0,IF(OR(AND(AUTOEVENTO=\"Manual\",$M66=1),$M66>(ROW(PLE.lastrow)-ROW(PLE.firstrow))),0,IF(OFFSET(PLE!$G$14,$M66,AZ$13)=\"\",10^12,OFFSET(PLE!$G$14,$M66,AZ$13))))","v":1000000000000},{"$f":"IF($D66<>\"Serviço\",0,IF(OR(AND(AUTOEVENTO=\"Manual\",$M66=1),$M66>(ROW(PLE.lastrow)-ROW(PLE.firstrow))),0,IF(OFFSET(PLE!$G$14,$M66,BA$13)=\"\",10^12,OFFSET(PLE!$G$14,$M66,BA$13))))","v":1000000000000},{"$f":"IF($D66<>\"Serviço\",0,IF(OR(AND(AUTOEVENTO=\"Manual\",$M66=1),$M66>(ROW(PLE.lastrow)-ROW(PLE.firstrow))),0,IF(OFFSET(PLE!$G$14,$M66,BB$13)=\"\",10^12,OFFSET(PLE!$G$14,$M66,BB$13))))","v":1000000000000},{"$f":"IF($D66<>\"Serviço\",0,IF(OR(AND(AUTOEVENTO=\"Manual\",$M66=1),$M66>(ROW(PLE.lastrow)-ROW(PLE.firstrow))),0,IF(OFFSET(PLE!$G$14,$M66,BC$13)=\"\",10^12,OFFSET(PLE!$G$14,$M66,BC$13))))","v":1000000000000},{"$f":"IF($D66<>\"Serviço\",0,IF(OR(AND(AUTOEVENTO=\"Manual\",$M66=1),$M66>(ROW(PLE.lastrow)-ROW(PLE.firstrow))),0,IF(OFFSET(PLE!$G$14,$M66,BD$13)=\"\",10^12,OFFSET(PLE!$G$14,$M66,BD$13))))","v":1000000000000},{"$f":"IF($D66<>\"Serviço\",0,IF(OR(AND(AUTOEVENTO=\"Manual\",$M66=1),$M66>(ROW(PLE.lastrow)-ROW(PLE.firstrow))),0,IF(OFFSET(PLE!$G$14,$M66,BE$13)=\"\",10^12,OFFSET(PLE!$G$14,$M66,BE$13))))","v":1000000000000},{"$f":"IF($D66<>\"Serviço\",0,IF(OR(AND(AUTOEVENTO=\"Manual\",$M66=1),$M66>(ROW(PLE.lastrow)-ROW(PLE.firstrow))),0,IF(OFFSET(PLE!$G$14,$M66,BF$13)=\"\",10^12,OFFSET(PLE!$G$14,$M66,BF$13))))","v":1000000000000},{"$f":"IF($D66<>\"Serviço\",0,IF(OR(AND(AUTOEVENTO=\"Manual\",$M66=1),$M66>(ROW(PLE.lastrow)-ROW(PLE.firstrow))),0,IF(OFFSET(PLE!$G$14,$M66,BG$13)=\"\",10^12,OFFSET(PLE!$G$14,$M66,BG$13))))","v":1000000000000}]
["47",{"$f":"OFFSET(ORÇAMENTO!C$15,ROW(B67)-ROW(B$15),0)","v":"S"},{"$f":"OFFSET(ORÇAMENTO!L$15,ROW(C67)-ROW(C$15),0)","v":"F"},{"$f":"OFFSET(ORÇAMENTO!N$15,ROW(D67)-ROW(D$15),0)","v":"Serviço"},{"$f":"OFFSET(ORÇAMENTO!O$15,ROW(E67)-ROW(E$15),0)","v":"1.3.0.5."},{"$f":"OFFSET(ORÇAMENTO!R$15,ROW(F67)-ROW(F$15),0)","v":"ARMAÇÃO DE BLOCO, VIGA BALDRAME OU SAPATA UTILIZANDO AÇO CA-50 DE 12,5 MM - MONTAGEM. AF_06/2017"},{"$f":"IF($D67<>\"Serviço\",\"\",OFFSET(ORÇAMENTO!S$15,ROW(G67)-ROW(G$15),0))","v":"KG"},{"$f":"IF($D67<>\"Serviço\",0,IF(ACOMPANHAMENTO=\"BM\",ROUND(OFFSET(ORÇAMENTO!AJ$15,ROW(H67)-ROW(H$15),0),15-13*ORÇAMENTO!$AF$7),SUMPRODUCT(($Q$12:$AA$12<>\"\")*ROUND($Q67:$AA67,15-13*ORÇAMENTO!$AF$7))))","v":30.9},null,null,null,".",{"$f":"IF($D67<>\"Serviço\",\"\",IF(AUTOEVENTO=\"manual\",$A67,IF(ISERROR(MATCH($A67,$A$15:OFFSET($A67,-1,0),0)),MAX($M$15:OFFSET(M67,-1,0))+1,INDEX($M$15:OFFSET(M67,-1,0),MATCH($A67,$A$15:OFFSET($A67,-1,0),0)))))","v":4},{"$f":"IF($D67<>\"Serviço\",\"\",IF(AUTOEVENTO=\"Manual\",IF($A67=0,\"<-- defina o número do agrupador\",OFFSET(EVENTOS!$D$14,$A67,0)),OFFSET($F$15,$A67,0)))","v":"INFRAESTRUTURA"},null,null,null,null,null,null,null,null,null,null,null,null,null,{"$f":"IF(AND($D67=\"Serviço\",AB$12<>0,$H67>0,OR(AUTOEVENTO<>\"manual\",$M67<>1)),\nIF(Import.TipoArredondamento<>\"TransfereGOV\",\nROUND(OFFSET($P67,0,AB$13),15-13*ORÇAMENTO!$AF$7)/$H67*OFFSET(ORÇAMENTO!$X$15,ROW(AB67)-ROW(AB$15),0),\nROUND(ROUND(OFFSET($P67,0,AB$13),15-13*ORÇAMENTO!$AF$7)*OFFSET(ORÇAMENTO!$W$15,ROW(AB67)-ROW(AB$15),0),15-13*ORÇAMENTO!$AF$11)),0)","v":0},{"$f":"IF(AND($D67=\"Serviço\",AC$12<>0,$H67>0,OR(AUTOEVENTO<>\"manual\",$M67<>1)),\nIF(Import.TipoArredondamento<>\"TransfereGOV\",\nROUND(OFFSET($P67,0,AC$13),15-13*ORÇAMENTO!$AF$7)/$H67*OFFSET(ORÇAMENTO!$X$15,ROW(AC67)-ROW(AC$15),0),\nROUND(ROUND(OFFSET($P67,0,AC$13),15-13*ORÇAMENTO!$AF$7)*OFFSET(ORÇAMENTO!$W$15,ROW(AC67)-ROW(AC$15),0),15-13*ORÇAMENTO!$AF$11)),0)","v":0},{"$f":"IF(AND($D67=\"Serviço\",AD$12<>0,$H67>0,OR(AUTOEVENTO<>\"manual\",$M67<>1)),\nIF(Import.TipoArredondamento<>\"TransfereGOV\",\nROUND(OFFSET($P67,0,AD$13),15-13*ORÇAMENTO!$AF$7)/$H67*OFFSET(ORÇAMENTO!$X$15,ROW(AD67)-ROW(AD$15),0),\nROUND(ROUND(OFFSET($P67,0,AD$13),15-13*ORÇAMENTO!$AF$7)*OFFSET(ORÇAMENTO!$W$15,ROW(AD67)-ROW(AD$15),0),15-13*ORÇAMENTO!$AF$11)),0)","v":0},{"$f":"IF(AND($D67=\"Serviço\",AE$12<>0,$H67>0,OR(AUTOEVENTO<>\"manual\",$M67<>1)),\nIF(Import.TipoArredondamento<>\"TransfereGOV\",\nROUND(OFFSET($P67,0,AE$13),15-13*ORÇAMENTO!$AF$7)/$H67*OFFSET(ORÇAMENTO!$X$15,ROW(AE67)-ROW(AE$15),0),\nROUND(ROUND(OFFSET($P67,0,AE$13),15-13*ORÇAMENTO!$AF$7)*OFFSET(ORÇAMENTO!$W$15,ROW(AE67)-ROW(AE$15),0),15-13*ORÇAMENTO!$AF$11)),0)","v":0},{"$f":"IF(AND($D67=\"Serviço\",AF$12<>0,$H67>0,OR(AUTOEVENTO<>\"manual\",$M67<>1)),\nIF(Import.TipoArredondamento<>\"TransfereGOV\",\nROUND(OFFSET($P67,0,AF$13),15-13*ORÇAMENTO!$AF$7)/$H67*OFFSET(ORÇAMENTO!$X$15,ROW(AF67)-ROW(AF$15),0),\nROUND(ROUND(OFFSET($P67,0,AF$13),15-13*ORÇAMENTO!$AF$7)*OFFSET(ORÇAMENTO!$W$15,ROW(AF67)-ROW(AF$15),0),15-13*ORÇAMENTO!$AF$11)),0)","v":0},{"$f":"IF(AND($D67=\"Serviço\",AG$12<>0,$H67>0,OR(AUTOEVENTO<>\"manual\",$M67<>1)),\nIF(Import.TipoArredondamento<>\"TransfereGOV\",\nROUND(OFFSET($P67,0,AG$13),15-13*ORÇAMENTO!$AF$7)/$H67*OFFSET(ORÇAMENTO!$X$15,ROW(AG67)-ROW(AG$15),0),\nROUND(ROUND(OFFSET($P67,0,AG$13),15-13*ORÇAMENTO!$AF$7)*OFFSET(ORÇAMENTO!$W$15,ROW(AG67)-ROW(AG$15),0),15-13*ORÇAMENTO!$AF$11)),0)","v":0},{"$f":"IF(AND($D67=\"Serviço\",AH$12<>0,$H67>0,OR(AUTOEVENTO<>\"manual\",$M67<>1)),\nIF(Import.TipoArredondamento<>\"TransfereGOV\",\nROUND(OFFSET($P67,0,AH$13),15-13*ORÇAMENTO!$AF$7)/$H67*OFFSET(ORÇAMENTO!$X$15,ROW(AH67)-ROW(AH$15),0),\nROUND(ROUND(OFFSET($P67,0,AH$13),15-13*ORÇAMENTO!$AF$7)*OFFSET(ORÇAMENTO!$W$15,ROW(AH67)-ROW(AH$15),0),15-13*ORÇAMENTO!$AF$11)),0)","v":0},{"$f":"IF(AND($D67=\"Serviço\",AI$12<>0,$H67>0,OR(AUTOEVENTO<>\"manual\",$M67<>1)),\nIF(Import.TipoArredondamento<>\"TransfereGOV\",\nROUND(OFFSET($P67,0,AI$13),15-13*ORÇAMENTO!$AF$7)/$H67*OFFSET(ORÇAMENTO!$X$15,ROW(AI67)-ROW(AI$15),0),\nROUND(ROUND(OFFSET($P67,0,AI$13),15-13*ORÇAMENTO!$AF$7)*OFFSET(ORÇAMENTO!$W$15,ROW(AI67)-ROW(AI$15),0),15-13*ORÇAMENTO!$AF$11)),0)","v":0},{"$f":"IF(AND($D67=\"Serviço\",AJ$12<>0,$H67>0,OR(AUTOEVENTO<>\"manual\",$M67<>1)),\nIF(Import.TipoArredondamento<>\"TransfereGOV\",\nROUND(OFFSET($P67,0,AJ$13),15-13*ORÇAMENTO!$AF$7)/$H67*OFFSET(ORÇAMENTO!$X$15,ROW(AJ67)-ROW(AJ$15),0),\nROUND(ROUND(OFFSET($P67,0,AJ$13),15-13*ORÇAMENTO!$AF$7)*OFFSET(ORÇAMENTO!$W$15,ROW(AJ67)-ROW(AJ$15),0),15-13*ORÇAMENTO!$AF$11)),0)","v":0},{"$f":"IF(AND($D67=\"Serviço\",AK$12<>0,$H67>0,OR(AUTOEVENTO<>\"manual\",$M67<>1)),\nIF(Import.TipoArredondamento<>\"TransfereGOV\",\nROUND(OFFSET($P67,0,AK$13),15-13*ORÇAMENTO!$AF$7)/$H67*OFFSET(ORÇAMENTO!$X$15,ROW(AK67)-ROW(AK$15),0),\nROUND(ROUND(OFFSET($P67,0,AK$13),15-13*ORÇAMENTO!$AF$7)*OFFSET(ORÇAMENTO!$W$15,ROW(AK67)-ROW(AK$15),0),15-13*ORÇAMENTO!$AF$11)),0)","v":0},null,{"$f":"IF($D67<>\"Serviço\",0,IF(AND(AUTOEVENTO=\"Manual\",$M67=1),0,IF(OFFSET(CRONOPLE!$F$14,$M67,AM$13)=\"\",10^12,OFFSET(CRONOPLE!$F$14,$M67,AM$13))))","v":1000000000000},{"$f":"IF($D67<>\"Serviço\",0,IF(AND(AUTOEVENTO=\"Manual\",$M67=1),0,IF(OFFSET(CRONOPLE!$F$14,$M67,AN$13)=\"\",10^12,OFFSET(CRONOPLE!$F$14,$M67,AN$13))))","v":1000000000000},{"$f":"IF($D67<>\"Serviço\",0,IF(AND(AUTOEVENTO=\"Manual\",$M67=1),0,IF(OFFSET(CRONOPLE!$F$14,$M67,AO$13)=\"\",10^12,OFFSET(CRONOPLE!$F$14,$M67,AO$13))))","v":1000000000000},{"$f":"IF($D67<>\"Serviço\",0,IF(AND(AUTOEVENTO=\"Manual\",$M67=1),0,IF(OFFSET(CRONOPLE!$F$14,$M67,AP$13)=\"\",10^12,OFFSET(CRONOPLE!$F$14,$M67,AP$13))))","v":1000000000000},{"$f":"IF($D67<>\"Serviço\",0,IF(AND(AUTOEVENTO=\"Manual\",$M67=1),0,IF(OFFSET(CRONOPLE!$F$14,$M67,AQ$13)=\"\",10^12,OFFSET(CRONOPLE!$F$14,$M67,AQ$13))))","v":1000000000000},{"$f":"IF($D67<>\"Serviço\",0,IF(AND(AUTOEVENTO=\"Manual\",$M67=1),0,IF(OFFSET(CRONOPLE!$F$14,$M67,AR$13)=\"\",10^12,OFFSET(CRONOPLE!$F$14,$M67,AR$13))))","v":1000000000000},{"$f":"IF($D67<>\"Serviço\",0,IF(AND(AUTOEVENTO=\"Manual\",$M67=1),0,IF(OFFSET(CRONOPLE!$F$14,$M67,AS$13)=\"\",10^12,OFFSET(CRONOPLE!$F$14,$M67,AS$13))))","v":1000000000000},{"$f":"IF($D67<>\"Serviço\",0,IF(AND(AUTOEVENTO=\"Manual\",$M67=1),0,IF(OFFSET(CRONOPLE!$F$14,$M67,AT$13)=\"\",10^12,OFFSET(CRONOPLE!$F$14,$M67,AT$13))))","v":1000000000000},{"$f":"IF($D67<>\"Serviço\",0,IF(AND(AUTOEVENTO=\"Manual\",$M67=1),0,IF(OFFSET(CRONOPLE!$F$14,$M67,AU$13)=\"\",10^12,OFFSET(CRONOPLE!$F$14,$M67,AU$13))))","v":1000000000000},{"$f":"IF($D67<>\"Serviço\",0,IF(AND(AUTOEVENTO=\"Manual\",$M67=1),0,IF(OFFSET(CRONOPLE!$F$14,$M67,AV$13)=\"\",10^12,OFFSET(CRONOPLE!$F$14,$M67,AV$13))))","v":1000000000000},null,{"$f":"IF($D67<>\"Serviço\",0,IF(OR(AND(AUTOEVENTO=\"Manual\",$M67=1),$M67>(ROW(PLE.lastrow)-ROW(PLE.firstrow))),0,IF(OFFSET(PLE!$G$14,$M67,AX$13)=\"\",10^12,OFFSET(PLE!$G$14,$M67,AX$13))))","v":1000000000000},{"$f":"IF($D67<>\"Serviço\",0,IF(OR(AND(AUTOEVENTO=\"Manual\",$M67=1),$M67>(ROW(PLE.lastrow)-ROW(PLE.firstrow))),0,IF(OFFSET(PLE!$G$14,$M67,AY$13)=\"\",10^12,OFFSET(PLE!$G$14,$M67,AY$13))))","v":1000000000000},{"$f":"IF($D67<>\"Serviço\",0,IF(OR(AND(AUTOEVENTO=\"Manual\",$M67=1),$M67>(ROW(PLE.lastrow)-ROW(PLE.firstrow))),0,IF(OFFSET(PLE!$G$14,$M67,AZ$13)=\"\",10^12,OFFSET(PLE!$G$14,$M67,AZ$13))))","v":1000000000000},{"$f":"IF($D67<>\"Serviço\",0,IF(OR(AND(AUTOEVENTO=\"Manual\",$M67=1),$M67>(ROW(PLE.lastrow)-ROW(PLE.firstrow))),0,IF(OFFSET(PLE!$G$14,$M67,BA$13)=\"\",10^12,OFFSET(PLE!$G$14,$M67,BA$13))))","v":1000000000000},{"$f":"IF($D67<>\"Serviço\",0,IF(OR(AND(AUTOEVENTO=\"Manual\",$M67=1),$M67>(ROW(PLE.lastrow)-ROW(PLE.firstrow))),0,IF(OFFSET(PLE!$G$14,$M67,BB$13)=\"\",10^12,OFFSET(PLE!$G$14,$M67,BB$13))))","v":1000000000000},{"$f":"IF($D67<>\"Serviço\",0,IF(OR(AND(AUTOEVENTO=\"Manual\",$M67=1),$M67>(ROW(PLE.lastrow)-ROW(PLE.firstrow))),0,IF(OFFSET(PLE!$G$14,$M67,BC$13)=\"\",10^12,OFFSET(PLE!$G$14,$M67,BC$13))))","v":1000000000000},{"$f":"IF($D67<>\"Serviço\",0,IF(OR(AND(AUTOEVENTO=\"Manual\",$M67=1),$M67>(ROW(PLE.lastrow)-ROW(PLE.firstrow))),0,IF(OFFSET(PLE!$G$14,$M67,BD$13)=\"\",10^12,OFFSET(PLE!$G$14,$M67,BD$13))))","v":1000000000000},{"$f":"IF($D67<>\"Serviço\",0,IF(OR(AND(AUTOEVENTO=\"Manual\",$M67=1),$M67>(ROW(PLE.lastrow)-ROW(PLE.firstrow))),0,IF(OFFSET(PLE!$G$14,$M67,BE$13)=\"\",10^12,OFFSET(PLE!$G$14,$M67,BE$13))))","v":1000000000000},{"$f":"IF($D67<>\"Serviço\",0,IF(OR(AND(AUTOEVENTO=\"Manual\",$M67=1),$M67>(ROW(PLE.lastrow)-ROW(PLE.firstrow))),0,IF(OFFSET(PLE!$G$14,$M67,BF$13)=\"\",10^12,OFFSET(PLE!$G$14,$M67,BF$13))))","v":1000000000000},{"$f":"IF($D67<>\"Serviço\",0,IF(OR(AND(AUTOEVENTO=\"Manual\",$M67=1),$M67>(ROW(PLE.lastrow)-ROW(PLE.firstrow))),0,IF(OFFSET(PLE!$G$14,$M67,BG$13)=\"\",10^12,OFFSET(PLE!$G$14,$M67,BG$13))))","v":1000000000000}]
[{"$f":"IF(AUTOEVENTO=\"Manual\",IF(K68<>\"\",MIN(VALUE(LEFT(K68,FIND(\".\",K68)-1)),COUNTA(EVENTOS.Lista)),0),IF(OR($B68>AUTOEVENTO,$B68=\"S\",$B68=0),SUBSTITUTE(OFFSET($A68,-1,0),IF($D68=\"Serviço\",\".\",\"\"),\"\"),ROW(A68)-ROW($A$15)&\".\"))","v":"47"},{"$f":"OFFSET(ORÇAMENTO!C$15,ROW(B68)-ROW(B$15),0)","v":"S"},{"$f":"OFFSET(ORÇAMENTO!L$15,ROW(C68)-ROW(C$15),0)","v":"F"},{"$f":"OFFSET(ORÇAMENTO!N$15,ROW(D68)-ROW(D$15),0)","v":"Serviço"},{"$f":"OFFSET(ORÇAMENTO!O$15,ROW(E68)-ROW(E$15),0)","v":"1.3.0.6."},{"$f":"OFFSET(ORÇAMENTO!R$15,ROW(F68)-ROW(F$15),0)","v":"ARMAÇÃO DE BLOCO, VIGA BALDRAME OU SAPATA UTILIZANDO AÇO CA-50 DE 16 MM - MONTAGEM. AF_06/2017"},{"$f":"IF($D68<>\"Serviço\",\"\",OFFSET(ORÇAMENTO!S$15,ROW(G68)-ROW(G$15),0))","v":"KG"},{"$f":"IF($D68<>\"Serviço\",0,IF(ACOMPANHAMENTO=\"BM\",ROUND(OFFSET(ORÇAMENTO!AJ$15,ROW(H68)-ROW(H$15),0),15-13*ORÇAMENTO!$AF$7),SUMPRODUCT(($Q$12:$AA$12<>\"\")*ROUND($Q68:$AA68,15-13*ORÇAMENTO!$AF$7))))","v":58.6},null,null,null,".",{"$f":"IF($D68<>\"Serviço\",\"\",IF(AUTOEVENTO=\"manual\",$A68,IF(ISERROR(MATCH($A68,$A$15:OFFSET($A68,-1,0),0)),MAX($M$15:OFFSET(M68,-1,0))+1,INDEX($M$15:OFFSET(M68,-1,0),MATCH($A68,$A$15:OFFSET($A68,-1,0),0)))))","v":4},{"$f":"IF($D68<>\"Serviço\",\"\",IF(AUTOEVENTO=\"Manual\",IF($A68=0,\"<-- defina o número do agrupador\",OFFSET(EVENTOS!$D$14,$A68,0)),OFFSET($F$15,$A68,0)))","v":"INFRAESTRUTURA"},null,null,null,null,null,null,null,null,null,null,null,null,null,{"$f":"IF(AND($D68=\"Serviço\",AB$12<>0,$H68>0,OR(AUTOEVENTO<>\"manual\",$M68<>1)),\nIF(Import.TipoArredondamento<>\"TransfereGOV\",\nROUND(OFFSET($P68,0,AB$13),15-13*ORÇAMENTO!$AF$7)/$H68*OFFSET(ORÇAMENTO!$X$15,ROW(AB68)-ROW(AB$15),0),\nROUND(ROUND(OFFSET($P68,0,AB$13),15-13*ORÇAMENTO!$AF$7)*OFFSET(ORÇAMENTO!$W$15,ROW(AB68)-ROW(AB$15),0),15-13*ORÇAMENTO!$AF$11)),0)","v":0},{"$f":"IF(AND($D68=\"Serviço\",AC$12<>0,$H68>0,OR(AUTOEVENTO<>\"manual\",$M68<>1)),\nIF(Import.TipoArredondamento<>\"TransfereGOV\",\nROUND(OFFSET($P68,0,AC$13),15-13*ORÇAMENTO!$AF$7)/$H68*OFFSET(ORÇAMENTO!$X$15,ROW(AC68)-ROW(AC$15),0),\nROUND(ROUND(OFFSET($P68,0,AC$13),15-13*ORÇAMENTO!$AF$7)*OFFSET(ORÇAMENTO!$W$15,ROW(AC68)-ROW(AC$15),0),15-13*ORÇAMENTO!$AF$11)),0)","v":0},{"$f":"IF(AND($D68=\"Serviço\",AD$12<>0,$H68>0,OR(AUTOEVENTO<>\"manual\",$M68<>1)),\nIF(Import.TipoArredondamento<>\"TransfereGOV\",\nROUND(OFFSET($P68,0,AD$13),15-13*ORÇAMENTO!$AF$7)/$H68*OFFSET(ORÇAMENTO!$X$15,ROW(AD68)-ROW(AD$15),0),\nROUND(ROUND(OFFSET($P68,0,AD$13),15-13*ORÇAMENTO!$AF$7)*OFFSET(ORÇAMENTO!$W$15,ROW(AD68)-ROW(AD$15),0),15-13*ORÇAMENTO!$AF$11)),0)","v":0},{"$f":"IF(AND($D68=\"Serviço\",AE$12<>0,$H68>0,OR(AUTOEVENTO<>\"manual\",$M68<>1)),\nIF(Import.TipoArredondamento<>\"TransfereGOV\",\nROUND(OFFSET($P68,0,AE$13),15-13*ORÇAMENTO!$AF$7)/$H68*OFFSET(ORÇAMENTO!$X$15,ROW(AE68)-ROW(AE$15),0),\nROUND(ROUND(OFFSET($P68,0,AE$13),15-13*ORÇAMENTO!$AF$7)*OFFSET(ORÇAMENTO!$W$15,ROW(AE68)-ROW(AE$15),0),15-13*ORÇAMENTO!$AF$11)),0)","v":0},{"$f":"IF(AND($D68=\"Serviço\",AF$12<>0,$H68>0,OR(AUTOEVENTO<>\"manual\",$M68<>1)),\nIF(Import.TipoArredondamento<>\"TransfereGOV\",\nROUND(OFFSET($P68,0,AF$13),15-13*ORÇAMENTO!$AF$7)/$H68*OFFSET(ORÇAMENTO!$X$15,ROW(AF68)-ROW(AF$15),0),\nROUND(ROUND(OFFSET($P68,0,AF$13),15-13*ORÇAMENTO!$AF$7)*OFFSET(ORÇAMENTO!$W$15,ROW(AF68)-ROW(AF$15),0),15-13*ORÇAMENTO!$AF$11)),0)","v":0},{"$f":"IF(AND($D68=\"Serviço\",AG$12<>0,$H68>0,OR(AUTOEVENTO<>\"manual\",$M68<>1)),\nIF(Import.TipoArredondamento<>\"TransfereGOV\",\nROUND(OFFSET($P68,0,AG$13),15-13*ORÇAMENTO!$AF$7)/$H68*OFFSET(ORÇAMENTO!$X$15,ROW(AG68)-ROW(AG$15),0),\nROUND(ROUND(OFFSET($P68,0,AG$13),15-13*ORÇAMENTO!$AF$7)*OFFSET(ORÇAMENTO!$W$15,ROW(AG68)-ROW(AG$15),0),15-13*ORÇAMENTO!$AF$11)),0)","v":0},{"$f":"IF(AND($D68=\"Serviço\",AH$12<>0,$H68>0,OR(AUTOEVENTO<>\"manual\",$M68<>1)),\nIF(Import.TipoArredondamento<>\"TransfereGOV\",\nROUND(OFFSET($P68,0,AH$13),15-13*ORÇAMENTO!$AF$7)/$H68*OFFSET(ORÇAMENTO!$X$15,ROW(AH68)-ROW(AH$15),0),\nROUND(ROUND(OFFSET($P68,0,AH$13),15-13*ORÇAMENTO!$AF$7)*OFFSET(ORÇAMENTO!$W$15,ROW(AH68)-ROW(AH$15),0),15-13*ORÇAMENTO!$AF$11)),0)","v":0},{"$f":"IF(AND($D68=\"Serviço\",AI$12<>0,$H68>0,OR(AUTOEVENTO<>\"manual\",$M68<>1)),\nIF(Import.TipoArredondamento<>\"TransfereGOV\",\nROUND(OFFSET($P68,0,AI$13),15-13*ORÇAMENTO!$AF$7)/$H68*OFFSET(ORÇAMENTO!$X$15,ROW(AI68)-ROW(AI$15),0),\nROUND(ROUND(OFFSET($P68,0,AI$13),15-13*ORÇAMENTO!$AF$7)*OFFSET(ORÇAMENTO!$W$15,ROW(AI68)-ROW(AI$15),0),15-13*ORÇAMENTO!$AF$11)),0)","v":0},{"$f":"IF(AND($D68=\"Serviço\",AJ$12<>0,$H68>0,OR(AUTOEVENTO<>\"manual\",$M68<>1)),\nIF(Import.TipoArredondamento<>\"TransfereGOV\",\nROUND(OFFSET($P68,0,AJ$13),15-13*ORÇAMENTO!$AF$7)/$H68*OFFSET(ORÇAMENTO!$X$15,ROW(AJ68)-ROW(AJ$15),0),\nROUND(ROUND(OFFSET($P68,0,AJ$13),15-13*ORÇAMENTO!$AF$7)*OFFSET(ORÇAMENTO!$W$15,ROW(AJ68)-ROW(AJ$15),0),15-13*ORÇAMENTO!$AF$11)),0)","v":0},{"$f":"IF(AND($D68=\"Serviço\",AK$12<>0,$H68>0,OR(AUTOEVENTO<>\"manual\",$M68<>1)),\nIF(Import.TipoArredondamento<>\"TransfereGOV\",\nROUND(OFFSET($P68,0,AK$13),15-13*ORÇAMENTO!$AF$7)/$H68*OFFSET(ORÇAMENTO!$X$15,ROW(AK68)-ROW(AK$15),0),\nROUND(ROUND(OFFSET($P68,0,AK$13),15-13*ORÇAMENTO!$AF$7)*OFFSET(ORÇAMENTO!$W$15,ROW(AK68)-ROW(AK$15),0),15-13*ORÇAMENTO!$AF$11)),0)","v":0},null,{"$f":"IF($D68<>\"Serviço\",0,IF(AND(AUTOEVENTO=\"Manual\",$M68=1),0,IF(OFFSET(CRONOPLE!$F$14,$M68,AM$13)=\"\",10^12,OFFSET(CRONOPLE!$F$14,$M68,AM$13))))","v":1000000000000},{"$f":"IF($D68<>\"Serviço\",0,IF(AND(AUTOEVENTO=\"Manual\",$M68=1),0,IF(OFFSET(CRONOPLE!$F$14,$M68,AN$13)=\"\",10^12,OFFSET(CRONOPLE!$F$14,$M68,AN$13))))","v":1000000000000},{"$f":"IF($D68<>\"Serviço\",0,IF(AND(AUTOEVENTO=\"Manual\",$M68=1),0,IF(OFFSET(CRONOPLE!$F$14,$M68,AO$13)=\"\",10^12,OFFSET(CRONOPLE!$F$14,$M68,AO$13))))","v":1000000000000},{"$f":"IF($D68<>\"Serviço\",0,IF(AND(AUTOEVENTO=\"Manual\",$M68=1),0,IF(OFFSET(CRONOPLE!$F$14,$M68,AP$13)=\"\",10^12,OFFSET(CRONOPLE!$F$14,$M68,AP$13))))","v":1000000000000},{"$f":"IF($D68<>\"Serviço\",0,IF(AND(AUTOEVENTO=\"Manual\",$M68=1),0,IF(OFFSET(CRONOPLE!$F$14,$M68,AQ$13)=\"\",10^12,OFFSET(CRONOPLE!$F$14,$M68,AQ$13))))","v":1000000000000},{"$f":"IF($D68<>\"Serviço\",0,IF(AND(AUTOEVENTO=\"Manual\",$M68=1),0,IF(OFFSET(CRONOPLE!$F$14,$M68,AR$13)=\"\",10^12,OFFSET(CRONOPLE!$F$14,$M68,AR$13))))","v":1000000000000},{"$f":"IF($D68<>\"Serviço\",0,IF(AND(AUTOEVENTO=\"Manual\",$M68=1),0,IF(OFFSET(CRONOPLE!$F$14,$M68,AS$13)=\"\",10^12,OFFSET(CRONOPLE!$F$14,$M68,AS$13))))","v":1000000000000},{"$f":"IF($D68<>\"Serviço\",0,IF(AND(AUTOEVENTO=\"Manual\",$M68=1),0,IF(OFFSET(CRONOPLE!$F$14,$M68,AT$13)=\"\",10^12,OFFSET(CRONOPLE!$F$14,$M68,AT$13))))","v":1000000000000},{"$f":"IF($D68<>\"Serviço\",0,IF(AND(AUTOEVENTO=\"Manual\",$M68=1),0,IF(OFFSET(CRONOPLE!$F$14,$M68,AU$13)=\"\",10^12,OFFSET(CRONOPLE!$F$14,$M68,AU$13))))","v":1000000000000},{"$f":"IF($D68<>\"Serviço\",0,IF(AND(AUTOEVENTO=\"Manual\",$M68=1),0,IF(OFFSET(CRONOPLE!$F$14,$M68,AV$13)=\"\",10^12,OFFSET(CRONOPLE!$F$14,$M68,AV$13))))","v":1000000000000},null,{"$f":"IF($D68<>\"Serviço\",0,IF(OR(AND(AUTOEVENTO=\"Manual\",$M68=1),$M68>(ROW(PLE.lastrow)-ROW(PLE.firstrow))),0,IF(OFFSET(PLE!$G$14,$M68,AX$13)=\"\",10^12,OFFSET(PLE!$G$14,$M68,AX$13))))","v":1000000000000},{"$f":"IF($D68<>\"Serviço\",0,IF(OR(AND(AUTOEVENTO=\"Manual\",$M68=1),$M68>(ROW(PLE.lastrow)-ROW(PLE.firstrow))),0,IF(OFFSET(PLE!$G$14,$M68,AY$13)=\"\",10^12,OFFSET(PLE!$G$14,$M68,AY$13))))","v":1000000000000},{"$f":"IF($D68<>\"Serviço\",0,IF(OR(AND(AUTOEVENTO=\"Manual\",$M68=1),$M68>(ROW(PLE.lastrow)-ROW(PLE.firstrow))),0,IF(OFFSET(PLE!$G$14,$M68,AZ$13)=\"\",10^12,OFFSET(PLE!$G$14,$M68,AZ$13))))","v":1000000000000},{"$f":"IF($D68<>\"Serviço\",0,IF(OR(AND(AUTOEVENTO=\"Manual\",$M68=1),$M68>(ROW(PLE.lastrow)-ROW(PLE.firstrow))),0,IF(OFFSET(PLE!$G$14,$M68,BA$13)=\"\",10^12,OFFSET(PLE!$G$14,$M68,BA$13))))","v":1000000000000},{"$f":"IF($D68<>\"Serviço\",0,IF(OR(AND(AUTOEVENTO=\"Manual\",$M68=1),$M68>(ROW(PLE.lastrow)-ROW(PLE.firstrow))),0,IF(OFFSET(PLE!$G$14,$M68,BB$13)=\"\",10^12,OFFSET(PLE!$G$14,$M68,BB$13))))","v":1000000000000},{"$f":"IF($D68<>\"Serviço\",0,IF(OR(AND(AUTOEVENTO=\"Manual\",$M68=1),$M68>(ROW(PLE.lastrow)-ROW(PLE.firstrow))),0,IF(OFFSET(PLE!$G$14,$M68,BC$13)=\"\",10^12,OFFSET(PLE!$G$14,$M68,BC$13))))","v":1000000000000},{"$f":"IF($D68<>\"Serviço\",0,IF(OR(AND(AUTOEVENTO=\"Manual\",$M68=1),$M68>(ROW(PLE.lastrow)-ROW(PLE.firstrow))),0,IF(OFFSET(PLE!$G$14,$M68,BD$13)=\"\",10^12,OFFSET(PLE!$G$14,$M68,BD$13))))","v":1000000000000},{"$f":"IF($D68<>\"Serviço\",0,IF(OR(AND(AUTOEVENTO=\"Manual\",$M68=1),$M68>(ROW(PLE.lastrow)-ROW(PLE.firstrow))),0,IF(OFFSET(PLE!$G$14,$M68,BE$13)=\"\",10^12,OFFSET(PLE!$G$14,$M68,BE$13))))","v":1000000000000},{"$f":"IF($D68<>\"Serviço\",0,IF(OR(AND(AUTOEVENTO=\"Manual\",$M68=1),$M68>(ROW(PLE.lastrow)-ROW(PLE.firstrow))),0,IF(OFFSET(PLE!$G$14,$M68,BF$13)=\"\",10^12,OFFSET(PLE!$G$14,$M68,BF$13))))","v":1000000000000},{"$f":"IF($D68<>\"Serviço\",0,IF(OR(AND(AUTOEVENTO=\"Manual\",$M68=1),$M68>(ROW(PLE.lastrow)-ROW(PLE.firstrow))),0,IF(OFFSET(PLE!$G$14,$M68,BG$13)=\"\",10^12,OFFSET(PLE!$G$14,$M68,BG$13))))","v":1000000000000}]
["47",{"$f":"OFFSET(ORÇAMENTO!C$15,ROW(B69)-ROW(B$15),0)","v":"S"},{"$f":"OFFSET(ORÇAMENTO!L$15,ROW(C69)-ROW(C$15),0)","v":"F"},{"$f":"OFFSET(ORÇAMENTO!N$15,ROW(D69)-ROW(D$15),0)","v":"Serviço"},{"$f":"OFFSET(ORÇAMENTO!O$15,ROW(E69)-ROW(E$15),0)","v":"1.3.0.7."},{"$f":"OFFSET(ORÇAMENTO!R$15,ROW(F69)-ROW(F$15),0)","v":"ESTACA ESCAVADA MECANICAMENTE, SEM FLUIDO ESTABILIZANTE, COM 25CM DE DIÂMETRO, CONCRETO LANÇADO POR CAMINHÃO BETONEIRA (EXCLUSIVE MOBILIZAÇÃO E DESMOBILIZAÇÃO). AF_01/2020_PA"},{"$f":"IF($D69<>\"Serviço\",\"\",OFFSET(ORÇAMENTO!S$15,ROW(G69)-ROW(G$15),0))","v":"M"},{"$f":"IF($D69<>\"Serviço\",0,IF(ACOMPANHAMENTO=\"BM\",ROUND(OFFSET(ORÇAMENTO!AJ$15,ROW(H69)-ROW(H$15),0),15-13*ORÇAMENTO!$AF$7),SUMPRODUCT(($Q$12:$AA$12<>\"\")*ROUND($Q69:$AA69,15-13*ORÇAMENTO!$AF$7))))","v":78},null,null,null,".",{"$f":"IF($D69<>\"Serviço\",\"\",IF(AUTOEVENTO=\"manual\",$A69,IF(ISERROR(MATCH($A69,$A$15:OFFSET($A69,-1,0),0)),MAX($M$15:OFFSET(M69,-1,0))+1,INDEX($M$15:OFFSET(M69,-1,0),MATCH($A69,$A$15:OFFSET($A69,-1,0),0)))))","v":4},{"$f":"IF($D69<>\"Serviço\",\"\",IF(AUTOEVENTO=\"Manual\",IF($A69=0,\"<-- defina o número do agrupador\",OFFSET(EVENTOS!$D$14,$A69,0)),OFFSET($F$15,$A69,0)))","v":"INFRAESTRUTURA"},null,null,null,null,null,null,null,null,null,null,null,null,null,{"$f":"IF(AND($D69=\"Serviço\",AB$12<>0,$H69>0,OR(AUTOEVENTO<>\"manual\",$M69<>1)),\nIF(Import.TipoArredondamento<>\"TransfereGOV\",\nROUND(OFFSET($P69,0,AB$13),15-13*ORÇAMENTO!$AF$7)/$H69*OFFSET(ORÇAMENTO!$X$15,ROW(AB69)-ROW(AB$15),0),\nROUND(ROUND(OFFSET($P69,0,AB$13),15-13*ORÇAMENTO!$AF$7)*OFFSET(ORÇAMENTO!$W$15,ROW(AB69)-ROW(AB$15),0),15-13*ORÇAMENTO!$AF$11)),0)","v":0},{"$f":"IF(AND($D69=\"Serviço\",AC$12<>0,$H69>0,OR(AUTOEVENTO<>\"manual\",$M69<>1)),\nIF(Import.TipoArredondamento<>\"TransfereGOV\",\nROUND(OFFSET($P69,0,AC$13),15-13*ORÇAMENTO!$AF$7)/$H69*OFFSET(ORÇAMENTO!$X$15,ROW(AC69)-ROW(AC$15),0),\nROUND(ROUND(OFFSET($P69,0,AC$13),15-13*ORÇAMENTO!$AF$7)*OFFSET(ORÇAMENTO!$W$15,ROW(AC69)-ROW(AC$15),0),15-13*ORÇAMENTO!$AF$11)),0)","v":0},{"$f":"IF(AND($D69=\"Serviço\",AD$12<>0,$H69>0,OR(AUTOEVENTO<>\"manual\",$M69<>1)),\nIF(Import.TipoArredondamento<>\"TransfereGOV\",\nROUND(OFFSET($P69,0,AD$13),15-13*ORÇAMENTO!$AF$7)/$H69*OFFSET(ORÇAMENTO!$X$15,ROW(AD69)-ROW(AD$15),0),\nROUND(ROUND(OFFSET($P69,0,AD$13),15-13*ORÇAMENTO!$AF$7)*OFFSET(ORÇAMENTO!$W$15,ROW(AD69)-ROW(AD$15),0),15-13*ORÇAMENTO!$AF$11)),0)","v":0},{"$f":"IF(AND($D69=\"Serviço\",AE$12<>0,$H69>0,OR(AUTOEVENTO<>\"manual\",$M69<>1)),\nIF(Import.TipoArredondamento<>\"TransfereGOV\",\nROUND(OFFSET($P69,0,AE$13),15-13*ORÇAMENTO!$AF$7)/$H69*OFFSET(ORÇAMENTO!$X$15,ROW(AE69)-ROW(AE$15),0),\nROUND(ROUND(OFFSET($P69,0,AE$13),15-13*ORÇAMENTO!$AF$7)*OFFSET(ORÇAMENTO!$W$15,ROW(AE69)-ROW(AE$15),0),15-13*ORÇAMENTO!$AF$11)),0)","v":0},{"$f":"IF(AND($D69=\"Serviço\",AF$12<>0,$H69>0,OR(AUTOEVENTO<>\"manual\",$M69<>1)),\nIF(Import.TipoArredondamento<>\"TransfereGOV\",\nROUND(OFFSET($P69,0,AF$13),15-13*ORÇAMENTO!$AF$7)/$H69*OFFSET(ORÇAMENTO!$X$15,ROW(AF69)-ROW(AF$15),0),\nROUND(ROUND(OFFSET($P69,0,AF$13),15-13*ORÇAMENTO!$AF$7)*OFFSET(ORÇAMENTO!$W$15,ROW(AF69)-ROW(AF$15),0),15-13*ORÇAMENTO!$AF$11)),0)","v":0},{"$f":"IF(AND($D69=\"Serviço\",AG$12<>0,$H69>0,OR(AUTOEVENTO<>\"manual\",$M69<>1)),\nIF(Import.TipoArredondamento<>\"TransfereGOV\",\nROUND(OFFSET($P69,0,AG$13),15-13*ORÇAMENTO!$AF$7)/$H69*OFFSET(ORÇAMENTO!$X$15,ROW(AG69)-ROW(AG$15),0),\nROUND(ROUND(OFFSET($P69,0,AG$13),15-13*ORÇAMENTO!$AF$7)*OFFSET(ORÇAMENTO!$W$15,ROW(AG69)-ROW(AG$15),0),15-13*ORÇAMENTO!$AF$11)),0)","v":0},{"$f":"IF(AND($D69=\"Serviço\",AH$12<>0,$H69>0,OR(AUTOEVENTO<>\"manual\",$M69<>1)),\nIF(Import.TipoArredondamento<>\"TransfereGOV\",\nROUND(OFFSET($P69,0,AH$13),15-13*ORÇAMENTO!$AF$7)/$H69*OFFSET(ORÇAMENTO!$X$15,ROW(AH69)-ROW(AH$15),0),\nROUND(ROUND(OFFSET($P69,0,AH$13),15-13*ORÇAMENTO!$AF$7)*OFFSET(ORÇAMENTO!$W$15,ROW(AH69)-ROW(AH$15),0),15-13*ORÇAMENTO!$AF$11)),0)","v":0},{"$f":"IF(AND($D69=\"Serviço\",AI$12<>0,$H69>0,OR(AUTOEVENTO<>\"manual\",$M69<>1)),\nIF(Import.TipoArredondamento<>\"TransfereGOV\",\nROUND(OFFSET($P69,0,AI$13),15-13*ORÇAMENTO!$AF$7)/$H69*OFFSET(ORÇAMENTO!$X$15,ROW(AI69)-ROW(AI$15),0),\nROUND(ROUND(OFFSET($P69,0,AI$13),15-13*ORÇAMENTO!$AF$7)*OFFSET(ORÇAMENTO!$W$15,ROW(AI69)-ROW(AI$15),0),15-13*ORÇAMENTO!$AF$11)),0)","v":0},{"$f":"IF(AND($D69=\"Serviço\",AJ$12<>0,$H69>0,OR(AUTOEVENTO<>\"manual\",$M69<>1)),\nIF(Import.TipoArredondamento<>\"TransfereGOV\",\nROUND(OFFSET($P69,0,AJ$13),15-13*ORÇAMENTO!$AF$7)/$H69*OFFSET(ORÇAMENTO!$X$15,ROW(AJ69)-ROW(AJ$15),0),\nROUND(ROUND(OFFSET($P69,0,AJ$13),15-13*ORÇAMENTO!$AF$7)*OFFSET(ORÇAMENTO!$W$15,ROW(AJ69)-ROW(AJ$15),0),15-13*ORÇAMENTO!$AF$11)),0)","v":0},{"$f":"IF(AND($D69=\"Serviço\",AK$12<>0,$H69>0,OR(AUTOEVENTO<>\"manual\",$M69<>1)),\nIF(Import.TipoArredondamento<>\"TransfereGOV\",\nROUND(OFFSET($P69,0,AK$13),15-13*ORÇAMENTO!$AF$7)/$H69*OFFSET(ORÇAMENTO!$X$15,ROW(AK69)-ROW(AK$15),0),\nROUND(ROUND(OFFSET($P69,0,AK$13),15-13*ORÇAMENTO!$AF$7)*OFFSET(ORÇAMENTO!$W$15,ROW(AK69)-ROW(AK$15),0),15-13*ORÇAMENTO!$AF$11)),0)","v":0},null,{"$f":"IF($D69<>\"Serviço\",0,IF(AND(AUTOEVENTO=\"Manual\",$M69=1),0,IF(OFFSET(CRONOPLE!$F$14,$M69,AM$13)=\"\",10^12,OFFSET(CRONOPLE!$F$14,$M69,AM$13))))","v":1000000000000},{"$f":"IF($D69<>\"Serviço\",0,IF(AND(AUTOEVENTO=\"Manual\",$M69=1),0,IF(OFFSET(CRONOPLE!$F$14,$M69,AN$13)=\"\",10^12,OFFSET(CRONOPLE!$F$14,$M69,AN$13))))","v":1000000000000},{"$f":"IF($D69<>\"Serviço\",0,IF(AND(AUTOEVENTO=\"Manual\",$M69=1),0,IF(OFFSET(CRONOPLE!$F$14,$M69,AO$13)=\"\",10^12,OFFSET(CRONOPLE!$F$14,$M69,AO$13))))","v":1000000000000},{"$f":"IF($D69<>\"Serviço\",0,IF(AND(AUTOEVENTO=\"Manual\",$M69=1),0,IF(OFFSET(CRONOPLE!$F$14,$M69,AP$13)=\"\",10^12,OFFSET(CRONOPLE!$F$14,$M69,AP$13))))","v":1000000000000},{"$f":"IF($D69<>\"Serviço\",0,IF(AND(AUTOEVENTO=\"Manual\",$M69=1),0,IF(OFFSET(CRONOPLE!$F$14,$M69,AQ$13)=\"\",10^12,OFFSET(CRONOPLE!$F$14,$M69,AQ$13))))","v":1000000000000},{"$f":"IF($D69<>\"Serviço\",0,IF(AND(AUTOEVENTO=\"Manual\",$M69=1),0,IF(OFFSET(CRONOPLE!$F$14,$M69,AR$13)=\"\",10^12,OFFSET(CRONOPLE!$F$14,$M69,AR$13))))","v":1000000000000},{"$f":"IF($D69<>\"Serviço\",0,IF(AND(AUTOEVENTO=\"Manual\",$M69=1),0,IF(OFFSET(CRONOPLE!$F$14,$M69,AS$13)=\"\",10^12,OFFSET(CRONOPLE!$F$14,$M69,AS$13))))","v":1000000000000},{"$f":"IF($D69<>\"Serviço\",0,IF(AND(AUTOEVENTO=\"Manual\",$M69=1),0,IF(OFFSET(CRONOPLE!$F$14,$M69,AT$13)=\"\",10^12,OFFSET(CRONOPLE!$F$14,$M69,AT$13))))","v":1000000000000},{"$f":"IF($D69<>\"Serviço\",0,IF(AND(AUTOEVENTO=\"Manual\",$M69=1),0,IF(OFFSET(CRONOPLE!$F$14,$M69,AU$13)=\"\",10^12,OFFSET(CRONOPLE!$F$14,$M69,AU$13))))","v":1000000000000},{"$f":"IF($D69<>\"Serviço\",0,IF(AND(AUTOEVENTO=\"Manual\",$M69=1),0,IF(OFFSET(CRONOPLE!$F$14,$M69,AV$13)=\"\",10^12,OFFSET(CRONOPLE!$F$14,$M69,AV$13))))","v":1000000000000},null,{"$f":"IF($D69<>\"Serviço\",0,IF(OR(AND(AUTOEVENTO=\"Manual\",$M69=1),$M69>(ROW(PLE.lastrow)-ROW(PLE.firstrow))),0,IF(OFFSET(PLE!$G$14,$M69,AX$13)=\"\",10^12,OFFSET(PLE!$G$14,$M69,AX$13))))","v":1000000000000},{"$f":"IF($D69<>\"Serviço\",0,IF(OR(AND(AUTOEVENTO=\"Manual\",$M69=1),$M69>(ROW(PLE.lastrow)-ROW(PLE.firstrow))),0,IF(OFFSET(PLE!$G$14,$M69,AY$13)=\"\",10^12,OFFSET(PLE!$G$14,$M69,AY$13))))","v":1000000000000},{"$f":"IF($D69<>\"Serviço\",0,IF(OR(AND(AUTOEVENTO=\"Manual\",$M69=1),$M69>(ROW(PLE.lastrow)-ROW(PLE.firstrow))),0,IF(OFFSET(PLE!$G$14,$M69,AZ$13)=\"\",10^12,OFFSET(PLE!$G$14,$M69,AZ$13))))","v":1000000000000},{"$f":"IF($D69<>\"Serviço\",0,IF(OR(AND(AUTOEVENTO=\"Manual\",$M69=1),$M69>(ROW(PLE.lastrow)-ROW(PLE.firstrow))),0,IF(OFFSET(PLE!$G$14,$M69,BA$13)=\"\",10^12,OFFSET(PLE!$G$14,$M69,BA$13))))","v":1000000000000},{"$f":"IF($D69<>\"Serviço\",0,IF(OR(AND(AUTOEVENTO=\"Manual\",$M69=1),$M69>(ROW(PLE.lastrow)-ROW(PLE.firstrow))),0,IF(OFFSET(PLE!$G$14,$M69,BB$13)=\"\",10^12,OFFSET(PLE!$G$14,$M69,BB$13))))","v":1000000000000},{"$f":"IF($D69<>\"Serviço\",0,IF(OR(AND(AUTOEVENTO=\"Manual\",$M69=1),$M69>(ROW(PLE.lastrow)-ROW(PLE.firstrow))),0,IF(OFFSET(PLE!$G$14,$M69,BC$13)=\"\",10^12,OFFSET(PLE!$G$14,$M69,BC$13))))","v":1000000000000},{"$f":"IF($D69<>\"Serviço\",0,IF(OR(AND(AUTOEVENTO=\"Manual\",$M69=1),$M69>(ROW(PLE.lastrow)-ROW(PLE.firstrow))),0,IF(OFFSET(PLE!$G$14,$M69,BD$13)=\"\",10^12,OFFSET(PLE!$G$14,$M69,BD$13))))","v":1000000000000},{"$f":"IF($D69<>\"Serviço\",0,IF(OR(AND(AUTOEVENTO=\"Manual\",$M69=1),$M69>(ROW(PLE.lastrow)-ROW(PLE.firstrow))),0,IF(OFFSET(PLE!$G$14,$M69,BE$13)=\"\",10^12,OFFSET(PLE!$G$14,$M69,BE$13))))","v":1000000000000},{"$f":"IF($D69<>\"Serviço\",0,IF(OR(AND(AUTOEVENTO=\"Manual\",$M69=1),$M69>(ROW(PLE.lastrow)-ROW(PLE.firstrow))),0,IF(OFFSET(PLE!$G$14,$M69,BF$13)=\"\",10^12,OFFSET(PLE!$G$14,$M69,BF$13))))","v":1000000000000},{"$f":"IF($D69<>\"Serviço\",0,IF(OR(AND(AUTOEVENTO=\"Manual\",$M69=1),$M69>(ROW(PLE.lastrow)-ROW(PLE.firstrow))),0,IF(OFFSET(PLE!$G$14,$M69,BG$13)=\"\",10^12,OFFSET(PLE!$G$14,$M69,BG$13))))","v":1000000000000}]
["47",{"$f":"OFFSET(ORÇAMENTO!C$15,ROW(B70)-ROW(B$15),0)","v":"S"},{"$f":"OFFSET(ORÇAMENTO!L$15,ROW(C70)-ROW(C$15),0)","v":"F"},{"$f":"OFFSET(ORÇAMENTO!N$15,ROW(D70)-ROW(D$15),0)","v":"Serviço"},{"$f":"OFFSET(ORÇAMENTO!O$15,ROW(E70)-ROW(E$15),0)","v":"1.3.0.8."},{"$f":"OFFSET(ORÇAMENTO!R$15,ROW(F70)-ROW(F$15),0)","v":"ESCAVAÇÃO MECANIZADA PARA BLOCO DE COROAMENTO OU SAPATA COM RETROESCAVADEIRA (INCLUINDO ESCAVAÇÃO PARA COLOCAÇÃO DE FÔRMAS). AF_06/2017"},{"$f":"IF($D70<>\"Serviço\",\"\",OFFSET(ORÇAMENTO!S$15,ROW(G70)-ROW(G$15),0))","v":"M3"},{"$f":"IF($D70<>\"Serviço\",0,IF(ACOMPANHAMENTO=\"BM\",ROUND(OFFSET(ORÇAMENTO!AJ$15,ROW(H70)-ROW(H$15),0),15-13*ORÇAMENTO!$AF$7),SUMPRODUCT(($Q$12:$AA$12<>\"\")*ROUND($Q70:$AA70,15-13*ORÇAMENTO!$AF$7))))","v":10.33},null,null,null,".",{"$f":"IF($D70<>\"Serviço\",\"\",IF(AUTOEVENTO=\"manual\",$A70,IF(ISERROR(MATCH($A70,$A$15:OFFSET($A70,-1,0),0)),MAX($M$15:OFFSET(M70,-1,0))+1,INDEX($M$15:OFFSET(M70,-1,0),MATCH($A70,$A$15:OFFSET($A70,-1,0),0)))))","v":4},{"$f":"IF($D70<>\"Serviço\",\"\",IF(AUTOEVENTO=\"Manual\",IF($A70=0,\"<-- defina o número do agrupador\",OFFSET(EVENTOS!$D$14,$A70,0)),OFFSET($F$15,$A70,0)))","v":"INFRAESTRUTURA"},null,null,null,null,null,null,null,null,null,null,null,null,null,{"$f":"IF(AND($D70=\"Serviço\",AB$12<>0,$H70>0,OR(AUTOEVENTO<>\"manual\",$M70<>1)),\nIF(Import.TipoArredondamento<>\"TransfereGOV\",\nROUND(OFFSET($P70,0,AB$13),15-13*ORÇAMENTO!$AF$7)/$H70*OFFSET(ORÇAMENTO!$X$15,ROW(AB70)-ROW(AB$15),0),\nROUND(ROUND(OFFSET($P70,0,AB$13),15-13*ORÇAMENTO!$AF$7)*OFFSET(ORÇAMENTO!$W$15,ROW(AB70)-ROW(AB$15),0),15-13*ORÇAMENTO!$AF$11)),0)","v":0},{"$f":"IF(AND($D70=\"Serviço\",AC$12<>0,$H70>0,OR(AUTOEVENTO<>\"manual\",$M70<>1)),\nIF(Import.TipoArredondamento<>\"TransfereGOV\",\nROUND(OFFSET($P70,0,AC$13),15-13*ORÇAMENTO!$AF$7)/$H70*OFFSET(ORÇAMENTO!$X$15,ROW(AC70)-ROW(AC$15),0),\nROUND(ROUND(OFFSET($P70,0,AC$13),15-13*ORÇAMENTO!$AF$7)*OFFSET(ORÇAMENTO!$W$15,ROW(AC70)-ROW(AC$15),0),15-13*ORÇAMENTO!$AF$11)),0)","v":0},{"$f":"IF(AND($D70=\"Serviço\",AD$12<>0,$H70>0,OR(AUTOEVENTO<>\"manual\",$M70<>1)),\nIF(Import.TipoArredondamento<>\"TransfereGOV\",\nROUND(OFFSET($P70,0,AD$13),15-13*ORÇAMENTO!$AF$7)/$H70*OFFSET(ORÇAMENTO!$X$15,ROW(AD70)-ROW(AD$15),0),\nROUND(ROUND(OFFSET($P70,0,AD$13),15-13*ORÇAMENTO!$AF$7)*OFFSET(ORÇAMENTO!$W$15,ROW(AD70)-ROW(AD$15),0),15-13*ORÇAMENTO!$AF$11)),0)","v":0},{"$f":"IF(AND($D70=\"Serviço\",AE$12<>0,$H70>0,OR(AUTOEVENTO<>\"manual\",$M70<>1)),\nIF(Import.TipoArredondamento<>\"TransfereGOV\",\nROUND(OFFSET($P70,0,AE$13),15-13*ORÇAMENTO!$AF$7)/$H70*OFFSET(ORÇAMENTO!$X$15,ROW(AE70)-ROW(AE$15),0),\nROUND(ROUND(OFFSET($P70,0,AE$13),15-13*ORÇAMENTO!$AF$7)*OFFSET(ORÇAMENTO!$W$15,ROW(AE70)-ROW(AE$15),0),15-13*ORÇAMENTO!$AF$11)),0)","v":0},{"$f":"IF(AND($D70=\"Serviço\",AF$12<>0,$H70>0,OR(AUTOEVENTO<>\"manual\",$M70<>1)),\nIF(Import.TipoArredondamento<>\"TransfereGOV\",\nROUND(OFFSET($P70,0,AF$13),15-13*ORÇAMENTO!$AF$7)/$H70*OFFSET(ORÇAMENTO!$X$15,ROW(AF70)-ROW(AF$15),0),\nROUND(ROUND(OFFSET($P70,0,AF$13),15-13*ORÇAMENTO!$AF$7)*OFFSET(ORÇAMENTO!$W$15,ROW(AF70)-ROW(AF$15),0),15-13*ORÇAMENTO!$AF$11)),0)","v":0},{"$f":"IF(AND($D70=\"Serviço\",AG$12<>0,$H70>0,OR(AUTOEVENTO<>\"manual\",$M70<>1)),\nIF(Import.TipoArredondamento<>\"TransfereGOV\",\nROUND(OFFSET($P70,0,AG$13),15-13*ORÇAMENTO!$AF$7)/$H70*OFFSET(ORÇAMENTO!$X$15,ROW(AG70)-ROW(AG$15),0),\nROUND(ROUND(OFFSET($P70,0,AG$13),15-13*ORÇAMENTO!$AF$7)*OFFSET(ORÇAMENTO!$W$15,ROW(AG70)-ROW(AG$15),0),15-13*ORÇAMENTO!$AF$11)),0)","v":0},{"$f":"IF(AND($D70=\"Serviço\",AH$12<>0,$H70>0,OR(AUTOEVENTO<>\"manual\",$M70<>1)),\nIF(Import.TipoArredondamento<>\"TransfereGOV\",\nROUND(OFFSET($P70,0,AH$13),15-13*ORÇAMENTO!$AF$7)/$H70*OFFSET(ORÇAMENTO!$X$15,ROW(AH70)-ROW(AH$15),0),\nROUND(ROUND(OFFSET($P70,0,AH$13),15-13*ORÇAMENTO!$AF$7)*OFFSET(ORÇAMENTO!$W$15,ROW(AH70)-ROW(AH$15),0),15-13*ORÇAMENTO!$AF$11)),0)","v":0},{"$f":"IF(AND($D70=\"Serviço\",AI$12<>0,$H70>0,OR(AUTOEVENTO<>\"manual\",$M70<>1)),\nIF(Import.TipoArredondamento<>\"TransfereGOV\",\nROUND(OFFSET($P70,0,AI$13),15-13*ORÇAMENTO!$AF$7)/$H70*OFFSET(ORÇAMENTO!$X$15,ROW(AI70)-ROW(AI$15),0),\nROUND(ROUND(OFFSET($P70,0,AI$13),15-13*ORÇAMENTO!$AF$7)*OFFSET(ORÇAMENTO!$W$15,ROW(AI70)-ROW(AI$15),0),15-13*ORÇAMENTO!$AF$11)),0)","v":0},{"$f":"IF(AND($D70=\"Serviço\",AJ$12<>0,$H70>0,OR(AUTOEVENTO<>\"manual\",$M70<>1)),\nIF(Import.TipoArredondamento<>\"TransfereGOV\",\nROUND(OFFSET($P70,0,AJ$13),15-13*ORÇAMENTO!$AF$7)/$H70*OFFSET(ORÇAMENTO!$X$15,ROW(AJ70)-ROW(AJ$15),0),\nROUND(ROUND(OFFSET($P70,0,AJ$13),15-13*ORÇAMENTO!$AF$7)*OFFSET(ORÇAMENTO!$W$15,ROW(AJ70)-ROW(AJ$15),0),15-13*ORÇAMENTO!$AF$11)),0)","v":0},{"$f":"IF(AND($D70=\"Serviço\",AK$12<>0,$H70>0,OR(AUTOEVENTO<>\"manual\",$M70<>1)),\nIF(Import.TipoArredondamento<>\"TransfereGOV\",\nROUND(OFFSET($P70,0,AK$13),15-13*ORÇAMENTO!$AF$7)/$H70*OFFSET(ORÇAMENTO!$X$15,ROW(AK70)-ROW(AK$15),0),\nROUND(ROUND(OFFSET($P70,0,AK$13),15-13*ORÇAMENTO!$AF$7)*OFFSET(ORÇAMENTO!$W$15,ROW(AK70)-ROW(AK$15),0),15-13*ORÇAMENTO!$AF$11)),0)","v":0},null,{"$f":"IF($D70<>\"Serviço\",0,IF(AND(AUTOEVENTO=\"Manual\",$M70=1),0,IF(OFFSET(CRONOPLE!$F$14,$M70,AM$13)=\"\",10^12,OFFSET(CRONOPLE!$F$14,$M70,AM$13))))","v":1000000000000},{"$f":"IF($D70<>\"Serviço\",0,IF(AND(AUTOEVENTO=\"Manual\",$M70=1),0,IF(OFFSET(CRONOPLE!$F$14,$M70,AN$13)=\"\",10^12,OFFSET(CRONOPLE!$F$14,$M70,AN$13))))","v":1000000000000},{"$f":"IF($D70<>\"Serviço\",0,IF(AND(AUTOEVENTO=\"Manual\",$M70=1),0,IF(OFFSET(CRONOPLE!$F$14,$M70,AO$13)=\"\",10^12,OFFSET(CRONOPLE!$F$14,$M70,AO$13))))","v":1000000000000},{"$f":"IF($D70<>\"Serviço\",0,IF(AND(AUTOEVENTO=\"Manual\",$M70=1),0,IF(OFFSET(CRONOPLE!$F$14,$M70,AP$13)=\"\",10^12,OFFSET(CRONOPLE!$F$14,$M70,AP$13))))","v":1000000000000},{"$f":"IF($D70<>\"Serviço\",0,IF(AND(AUTOEVENTO=\"Manual\",$M70=1),0,IF(OFFSET(CRONOPLE!$F$14,$M70,AQ$13)=\"\",10^12,OFFSET(CRONOPLE!$F$14,$M70,AQ$13))))","v":1000000000000},{"$f":"IF($D70<>\"Serviço\",0,IF(AND(AUTOEVENTO=\"Manual\",$M70=1),0,IF(OFFSET(CRONOPLE!$F$14,$M70,AR$13)=\"\",10^12,OFFSET(CRONOPLE!$F$14,$M70,AR$13))))","v":1000000000000},{"$f":"IF($D70<>\"Serviço\",0,IF(AND(AUTOEVENTO=\"Manual\",$M70=1),0,IF(OFFSET(CRONOPLE!$F$14,$M70,AS$13)=\"\",10^12,OFFSET(CRONOPLE!$F$14,$M70,AS$13))))","v":1000000000000},{"$f":"IF($D70<>\"Serviço\",0,IF(AND(AUTOEVENTO=\"Manual\",$M70=1),0,IF(OFFSET(CRONOPLE!$F$14,$M70,AT$13)=\"\",10^12,OFFSET(CRONOPLE!$F$14,$M70,AT$13))))","v":1000000000000},{"$f":"IF($D70<>\"Serviço\",0,IF(AND(AUTOEVENTO=\"Manual\",$M70=1),0,IF(OFFSET(CRONOPLE!$F$14,$M70,AU$13)=\"\",10^12,OFFSET(CRONOPLE!$F$14,$M70,AU$13))))","v":1000000000000},{"$f":"IF($D70<>\"Serviço\",0,IF(AND(AUTOEVENTO=\"Manual\",$M70=1),0,IF(OFFSET(CRONOPLE!$F$14,$M70,AV$13)=\"\",10^12,OFFSET(CRONOPLE!$F$14,$M70,AV$13))))","v":1000000000000},null,{"$f":"IF($D70<>\"Serviço\",0,IF(OR(AND(AUTOEVENTO=\"Manual\",$M70=1),$M70>(ROW(PLE.lastrow)-ROW(PLE.firstrow))),0,IF(OFFSET(PLE!$G$14,$M70,AX$13)=\"\",10^12,OFFSET(PLE!$G$14,$M70,AX$13))))","v":1000000000000},{"$f":"IF($D70<>\"Serviço\",0,IF(OR(AND(AUTOEVENTO=\"Manual\",$M70=1),$M70>(ROW(PLE.lastrow)-ROW(PLE.firstrow))),0,IF(OFFSET(PLE!$G$14,$M70,AY$13)=\"\",10^12,OFFSET(PLE!$G$14,$M70,AY$13))))","v":1000000000000},{"$f":"IF($D70<>\"Serviço\",0,IF(OR(AND(AUTOEVENTO=\"Manual\",$M70=1),$M70>(ROW(PLE.lastrow)-ROW(PLE.firstrow))),0,IF(OFFSET(PLE!$G$14,$M70,AZ$13)=\"\",10^12,OFFSET(PLE!$G$14,$M70,AZ$13))))","v":1000000000000},{"$f":"IF($D70<>\"Serviço\",0,IF(OR(AND(AUTOEVENTO=\"Manual\",$M70=1),$M70>(ROW(PLE.lastrow)-ROW(PLE.firstrow))),0,IF(OFFSET(PLE!$G$14,$M70,BA$13)=\"\",10^12,OFFSET(PLE!$G$14,$M70,BA$13))))","v":1000000000000},{"$f":"IF($D70<>\"Serviço\",0,IF(OR(AND(AUTOEVENTO=\"Manual\",$M70=1),$M70>(ROW(PLE.lastrow)-ROW(PLE.firstrow))),0,IF(OFFSET(PLE!$G$14,$M70,BB$13)=\"\",10^12,OFFSET(PLE!$G$14,$M70,BB$13))))","v":1000000000000},{"$f":"IF($D70<>\"Serviço\",0,IF(OR(AND(AUTOEVENTO=\"Manual\",$M70=1),$M70>(ROW(PLE.lastrow)-ROW(PLE.firstrow))),0,IF(OFFSET(PLE!$G$14,$M70,BC$13)=\"\",10^12,OFFSET(PLE!$G$14,$M70,BC$13))))","v":1000000000000},{"$f":"IF($D70<>\"Serviço\",0,IF(OR(AND(AUTOEVENTO=\"Manual\",$M70=1),$M70>(ROW(PLE.lastrow)-ROW(PLE.firstrow))),0,IF(OFFSET(PLE!$G$14,$M70,BD$13)=\"\",10^12,OFFSET(PLE!$G$14,$M70,BD$13))))","v":1000000000000},{"$f":"IF($D70<>\"Serviço\",0,IF(OR(AND(AUTOEVENTO=\"Manual\",$M70=1),$M70>(ROW(PLE.lastrow)-ROW(PLE.firstrow))),0,IF(OFFSET(PLE!$G$14,$M70,BE$13)=\"\",10^12,OFFSET(PLE!$G$14,$M70,BE$13))))","v":1000000000000},{"$f":"IF($D70<>\"Serviço\",0,IF(OR(AND(AUTOEVENTO=\"Manual\",$M70=1),$M70>(ROW(PLE.lastrow)-ROW(PLE.firstrow))),0,IF(OFFSET(PLE!$G$14,$M70,BF$13)=\"\",10^12,OFFSET(PLE!$G$14,$M70,BF$13))))","v":1000000000000},{"$f":"IF($D70<>\"Serviço\",0,IF(OR(AND(AUTOEVENTO=\"Manual\",$M70=1),$M70>(ROW(PLE.lastrow)-ROW(PLE.firstrow))),0,IF(OFFSET(PLE!$G$14,$M70,BG$13)=\"\",10^12,OFFSET(PLE!$G$14,$M70,BG$13))))","v":1000000000000}]
[{"$f":"IF(AUTOEVENTO=\"Manual\",IF(K71<>\"\",MIN(VALUE(LEFT(K71,FIND(\".\",K71)-1)),COUNTA(EVENTOS.Lista)),0),IF(OR($B71>AUTOEVENTO,$B71=\"S\",$B71=0),SUBSTITUTE(OFFSET($A71,-1,0),IF($D71=\"Serviço\",\".\",\"\"),\"\"),ROW(A71)-ROW($A$15)&\".\"))","v":"47"},{"$f":"OFFSET(ORÇAMENTO!C$15,ROW(B71)-ROW(B$15),0)","v":"S"},{"$f":"OFFSET(ORÇAMENTO!L$15,ROW(C71)-ROW(C$15),0)","v":"F"},{"$f":"OFFSET(ORÇAMENTO!N$15,ROW(D71)-ROW(D$15),0)","v":"Serviço"},{"$f":"OFFSET(ORÇAMENTO!O$15,ROW(E71)-ROW(E$15),0)","v":"1.3.0.9."},{"$f":"OFFSET(ORÇAMENTO!R$15,ROW(F71)-ROW(F$15),0)","v":"ESCAVAÇÃO MECANIZADA PARA VIGA BALDRAME COM MINI-ESCAVADEIRA (INCLUINDO ESCAVAÇÃO PARA COLOCAÇÃO DE FÔRMAS). AF_06/2017"},{"$f":"IF($D71<>\"Serviço\",\"\",OFFSET(ORÇAMENTO!S$15,ROW(G71)-ROW(G$15),0))","v":"M3"},{"$f":"IF($D71<>\"Serviço\",0,IF(ACOMPANHAMENTO=\"BM\",ROUND(OFFSET(ORÇAMENTO!AJ$15,ROW(H71)-ROW(H$15),0),15-13*ORÇAMENTO!$AF$7),SUMPRODUCT(($Q$12:$AA$12<>\"\")*ROUND($Q71:$AA71,15-13*ORÇAMENTO!$AF$7))))","v":31.69},null,null,null,".",{"$f":"IF($D71<>\"Serviço\",\"\",IF(AUTOEVENTO=\"manual\",$A71,IF(ISERROR(MATCH($A71,$A$15:OFFSET($A71,-1,0),0)),MAX($M$15:OFFSET(M71,-1,0))+1,INDEX($M$15:OFFSET(M71,-1,0),MATCH($A71,$A$15:OFFSET($A71,-1,0),0)))))","v":4},{"$f":"IF($D71<>\"Serviço\",\"\",IF(AUTOEVENTO=\"Manual\",IF($A71=0,\"<-- defina o número do agrupador\",OFFSET(EVENTOS!$D$14,$A71,0)),OFFSET($F$15,$A71,0)))","v":"INFRAESTRUTURA"},null,null,null,null,null,null,null,null,null,null,null,null,null,{"$f":"IF(AND($D71=\"Serviço\",AB$12<>0,$H71>0,OR(AUTOEVENTO<>\"manual\",$M71<>1)),\nIF(Import.TipoArredondamento<>\"TransfereGOV\",\nROUND(OFFSET($P71,0,AB$13),15-13*ORÇAMENTO!$AF$7)/$H71*OFFSET(ORÇAMENTO!$X$15,ROW(AB71)-ROW(AB$15),0),\nROUND(ROUND(OFFSET($P71,0,AB$13),15-13*ORÇAMENTO!$AF$7)*OFFSET(ORÇAMENTO!$W$15,ROW(AB71)-ROW(AB$15),0),15-13*ORÇAMENTO!$AF$11)),0)","v":0},{"$f":"IF(AND($D71=\"Serviço\",AC$12<>0,$H71>0,OR(AUTOEVENTO<>\"manual\",$M71<>1)),\nIF(Import.TipoArredondamento<>\"TransfereGOV\",\nROUND(OFFSET($P71,0,AC$13),15-13*ORÇAMENTO!$AF$7)/$H71*OFFSET(ORÇAMENTO!$X$15,ROW(AC71)-ROW(AC$15),0),\nROUND(ROUND(OFFSET($P71,0,AC$13),15-13*ORÇAMENTO!$AF$7)*OFFSET(ORÇAMENTO!$W$15,ROW(AC71)-ROW(AC$15),0),15-13*ORÇAMENTO!$AF$11)),0)","v":0},{"$f":"IF(AND($D71=\"Serviço\",AD$12<>0,$H71>0,OR(AUTOEVENTO<>\"manual\",$M71<>1)),\nIF(Import.TipoArredondamento<>\"TransfereGOV\",\nROUND(OFFSET($P71,0,AD$13),15-13*ORÇAMENTO!$AF$7)/$H71*OFFSET(ORÇAMENTO!$X$15,ROW(AD71)-ROW(AD$15),0),\nROUND(ROUND(OFFSET($P71,0,AD$13),15-13*ORÇAMENTO!$AF$7)*OFFSET(ORÇAMENTO!$W$15,ROW(AD71)-ROW(AD$15),0),15-13*ORÇAMENTO!$AF$11)),0)","v":0},{"$f":"IF(AND($D71=\"Serviço\",AE$12<>0,$H71>0,OR(AUTOEVENTO<>\"manual\",$M71<>1)),\nIF(Import.TipoArredondamento<>\"TransfereGOV\",\nROUND(OFFSET($P71,0,AE$13),15-13*ORÇAMENTO!$AF$7)/$H71*OFFSET(ORÇAMENTO!$X$15,ROW(AE71)-ROW(AE$15),0),\nROUND(ROUND(OFFSET($P71,0,AE$13),15-13*ORÇAMENTO!$AF$7)*OFFSET(ORÇAMENTO!$W$15,ROW(AE71)-ROW(AE$15),0),15-13*ORÇAMENTO!$AF$11)),0)","v":0},{"$f":"IF(AND($D71=\"Serviço\",AF$12<>0,$H71>0,OR(AUTOEVENTO<>\"manual\",$M71<>1)),\nIF(Import.TipoArredondamento<>\"TransfereGOV\",\nROUND(OFFSET($P71,0,AF$13),15-13*ORÇAMENTO!$AF$7)/$H71*OFFSET(ORÇAMENTO!$X$15,ROW(AF71)-ROW(AF$15),0),\nROUND(ROUND(OFFSET($P71,0,AF$13),15-13*ORÇAMENTO!$AF$7)*OFFSET(ORÇAMENTO!$W$15,ROW(AF71)-ROW(AF$15),0),15-13*ORÇAMENTO!$AF$11)),0)","v":0},{"$f":"IF(AND($D71=\"Serviço\",AG$12<>0,$H71>0,OR(AUTOEVENTO<>\"manual\",$M71<>1)),\nIF(Import.TipoArredondamento<>\"TransfereGOV\",\nROUND(OFFSET($P71,0,AG$13),15-13*ORÇAMENTO!$AF$7)/$H71*OFFSET(ORÇAMENTO!$X$15,ROW(AG71)-ROW(AG$15),0),\nROUND(ROUND(OFFSET($P71,0,AG$13),15-13*ORÇAMENTO!$AF$7)*OFFSET(ORÇAMENTO!$W$15,ROW(AG71)-ROW(AG$15),0),15-13*ORÇAMENTO!$AF$11)),0)","v":0},{"$f":"IF(AND($D71=\"Serviço\",AH$12<>0,$H71>0,OR(AUTOEVENTO<>\"manual\",$M71<>1)),\nIF(Import.TipoArredondamento<>\"TransfereGOV\",\nROUND(OFFSET($P71,0,AH$13),15-13*ORÇAMENTO!$AF$7)/$H71*OFFSET(ORÇAMENTO!$X$15,ROW(AH71)-ROW(AH$15),0),\nROUND(ROUND(OFFSET($P71,0,AH$13),15-13*ORÇAMENTO!$AF$7)*OFFSET(ORÇAMENTO!$W$15,ROW(AH71)-ROW(AH$15),0),15-13*ORÇAMENTO!$AF$11)),0)","v":0},{"$f":"IF(AND($D71=\"Serviço\",AI$12<>0,$H71>0,OR(AUTOEVENTO<>\"manual\",$M71<>1)),\nIF(Import.TipoArredondamento<>\"TransfereGOV\",\nROUND(OFFSET($P71,0,AI$13),15-13*ORÇAMENTO!$AF$7)/$H71*OFFSET(ORÇAMENTO!$X$15,ROW(AI71)-ROW(AI$15),0),\nROUND(ROUND(OFFSET($P71,0,AI$13),15-13*ORÇAMENTO!$AF$7)*OFFSET(ORÇAMENTO!$W$15,ROW(AI71)-ROW(AI$15),0),15-13*ORÇAMENTO!$AF$11)),0)","v":0},{"$f":"IF(AND($D71=\"Serviço\",AJ$12<>0,$H71>0,OR(AUTOEVENTO<>\"manual\",$M71<>1)),\nIF(Import.TipoArredondamento<>\"TransfereGOV\",\nROUND(OFFSET($P71,0,AJ$13),15-13*ORÇAMENTO!$AF$7)/$H71*OFFSET(ORÇAMENTO!$X$15,ROW(AJ71)-ROW(AJ$15),0),\nROUND(ROUND(OFFSET($P71,0,AJ$13),15-13*ORÇAMENTO!$AF$7)*OFFSET(ORÇAMENTO!$W$15,ROW(AJ71)-ROW(AJ$15),0),15-13*ORÇAMENTO!$AF$11)),0)","v":0},{"$f":"IF(AND($D71=\"Serviço\",AK$12<>0,$H71>0,OR(AUTOEVENTO<>\"manual\",$M71<>1)),\nIF(Import.TipoArredondamento<>\"TransfereGOV\",\nROUND(OFFSET($P71,0,AK$13),15-13*ORÇAMENTO!$AF$7)/$H71*OFFSET(ORÇAMENTO!$X$15,ROW(AK71)-ROW(AK$15),0),\nROUND(ROUND(OFFSET($P71,0,AK$13),15-13*ORÇAMENTO!$AF$7)*OFFSET(ORÇAMENTO!$W$15,ROW(AK71)-ROW(AK$15),0),15-13*ORÇAMENTO!$AF$11)),0)","v":0},null,{"$f":"IF($D71<>\"Serviço\",0,IF(AND(AUTOEVENTO=\"Manual\",$M71=1),0,IF(OFFSET(CRONOPLE!$F$14,$M71,AM$13)=\"\",10^12,OFFSET(CRONOPLE!$F$14,$M71,AM$13))))","v":1000000000000},{"$f":"IF($D71<>\"Serviço\",0,IF(AND(AUTOEVENTO=\"Manual\",$M71=1),0,IF(OFFSET(CRONOPLE!$F$14,$M71,AN$13)=\"\",10^12,OFFSET(CRONOPLE!$F$14,$M71,AN$13))))","v":1000000000000},{"$f":"IF($D71<>\"Serviço\",0,IF(AND(AUTOEVENTO=\"Manual\",$M71=1),0,IF(OFFSET(CRONOPLE!$F$14,$M71,AO$13)=\"\",10^12,OFFSET(CRONOPLE!$F$14,$M71,AO$13))))","v":1000000000000},{"$f":"IF($D71<>\"Serviço\",0,IF(AND(AUTOEVENTO=\"Manual\",$M71=1),0,IF(OFFSET(CRONOPLE!$F$14,$M71,AP$13)=\"\",10^12,OFFSET(CRONOPLE!$F$14,$M71,AP$13))))","v":1000000000000},{"$f":"IF($D71<>\"Serviço\",0,IF(AND(AUTOEVENTO=\"Manual\",$M71=1),0,IF(OFFSET(CRONOPLE!$F$14,$M71,AQ$13)=\"\",10^12,OFFSET(CRONOPLE!$F$14,$M71,AQ$13))))","v":1000000000000},{"$f":"IF($D71<>\"Serviço\",0,IF(AND(AUTOEVENTO=\"Manual\",$M71=1),0,IF(OFFSET(CRONOPLE!$F$14,$M71,AR$13)=\"\",10^12,OFFSET(CRONOPLE!$F$14,$M71,AR$13))))","v":1000000000000},{"$f":"IF($D71<>\"Serviço\",0,IF(AND(AUTOEVENTO=\"Manual\",$M71=1),0,IF(OFFSET(CRONOPLE!$F$14,$M71,AS$13)=\"\",10^12,OFFSET(CRONOPLE!$F$14,$M71,AS$13))))","v":1000000000000},{"$f":"IF($D71<>\"Serviço\",0,IF(AND(AUTOEVENTO=\"Manual\",$M71=1),0,IF(OFFSET(CRONOPLE!$F$14,$M71,AT$13)=\"\",10^12,OFFSET(CRONOPLE!$F$14,$M71,AT$13))))","v":1000000000000},{"$f":"IF($D71<>\"Serviço\",0,IF(AND(AUTOEVENTO=\"Manual\",$M71=1),0,IF(OFFSET(CRONOPLE!$F$14,$M71,AU$13)=\"\",10^12,OFFSET(CRONOPLE!$F$14,$M71,AU$13))))","v":1000000000000},{"$f":"IF($D71<>\"Serviço\",0,IF(AND(AUTOEVENTO=\"Manual\",$M71=1),0,IF(OFFSET(CRONOPLE!$F$14,$M71,AV$13)=\"\",10^12,OFFSET(CRONOPLE!$F$14,$M71,AV$13))))","v":1000000000000},null,{"$f":"IF($D71<>\"Serviço\",0,IF(OR(AND(AUTOEVENTO=\"Manual\",$M71=1),$M71>(ROW(PLE.lastrow)-ROW(PLE.firstrow))),0,IF(OFFSET(PLE!$G$14,$M71,AX$13)=\"\",10^12,OFFSET(PLE!$G$14,$M71,AX$13))))","v":1000000000000},{"$f":"IF($D71<>\"Serviço\",0,IF(OR(AND(AUTOEVENTO=\"Manual\",$M71=1),$M71>(ROW(PLE.lastrow)-ROW(PLE.firstrow))),0,IF(OFFSET(PLE!$G$14,$M71,AY$13)=\"\",10^12,OFFSET(PLE!$G$14,$M71,AY$13))))","v":1000000000000},{"$f":"IF($D71<>\"Serviço\",0,IF(OR(AND(AUTOEVENTO=\"Manual\",$M71=1),$M71>(ROW(PLE.lastrow)-ROW(PLE.firstrow))),0,IF(OFFSET(PLE!$G$14,$M71,AZ$13)=\"\",10^12,OFFSET(PLE!$G$14,$M71,AZ$13))))","v":1000000000000},{"$f":"IF($D71<>\"Serviço\",0,IF(OR(AND(AUTOEVENTO=\"Manual\",$M71=1),$M71>(ROW(PLE.lastrow)-ROW(PLE.firstrow))),0,IF(OFFSET(PLE!$G$14,$M71,BA$13)=\"\",10^12,OFFSET(PLE!$G$14,$M71,BA$13))))","v":1000000000000},{"$f":"IF($D71<>\"Serviço\",0,IF(OR(AND(AUTOEVENTO=\"Manual\",$M71=1),$M71>(ROW(PLE.lastrow)-ROW(PLE.firstrow))),0,IF(OFFSET(PLE!$G$14,$M71,BB$13)=\"\",10^12,OFFSET(PLE!$G$14,$M71,BB$13))))","v":1000000000000},{"$f":"IF($D71<>\"Serviço\",0,IF(OR(AND(AUTOEVENTO=\"Manual\",$M71=1),$M71>(ROW(PLE.lastrow)-ROW(PLE.firstrow))),0,IF(OFFSET(PLE!$G$14,$M71,BC$13)=\"\",10^12,OFFSET(PLE!$G$14,$M71,BC$13))))","v":1000000000000},{"$f":"IF($D71<>\"Serviço\",0,IF(OR(AND(AUTOEVENTO=\"Manual\",$M71=1),$M71>(ROW(PLE.lastrow)-ROW(PLE.firstrow))),0,IF(OFFSET(PLE!$G$14,$M71,BD$13)=\"\",10^12,OFFSET(PLE!$G$14,$M71,BD$13))))","v":1000000000000},{"$f":"IF($D71<>\"Serviço\",0,IF(OR(AND(AUTOEVENTO=\"Manual\",$M71=1),$M71>(ROW(PLE.lastrow)-ROW(PLE.firstrow))),0,IF(OFFSET(PLE!$G$14,$M71,BE$13)=\"\",10^12,OFFSET(PLE!$G$14,$M71,BE$13))))","v":1000000000000},{"$f":"IF($D71<>\"Serviço\",0,IF(OR(AND(AUTOEVENTO=\"Manual\",$M71=1),$M71>(ROW(PLE.lastrow)-ROW(PLE.firstrow))),0,IF(OFFSET(PLE!$G$14,$M71,BF$13)=\"\",10^12,OFFSET(PLE!$G$14,$M71,BF$13))))","v":1000000000000},{"$f":"IF($D71<>\"Serviço\",0,IF(OR(AND(AUTOEVENTO=\"Manual\",$M71=1),$M71>(ROW(PLE.lastrow)-ROW(PLE.firstrow))),0,IF(OFFSET(PLE!$G$14,$M71,BG$13)=\"\",10^12,OFFSET(PLE!$G$14,$M71,BG$13))))","v":1000000000000}]
["47",{"$f":"OFFSET(ORÇAMENTO!C$15,ROW(B72)-ROW(B$15),0)","v":"S"},{"$f":"OFFSET(ORÇAMENTO!L$15,ROW(C72)-ROW(C$15),0)","v":"F"},{"$f":"OFFSET(ORÇAMENTO!N$15,ROW(D72)-ROW(D$15),0)","v":"Serviço"},{"$f":"OFFSET(ORÇAMENTO!O$15,ROW(E72)-ROW(E$15),0)","v":"1.3.0.10."},{"$f":"OFFSET(ORÇAMENTO!R$15,ROW(F72)-ROW(F$15),0)","v":"LASTRO COM MATERIAL GRANULAR, APLICAÇÃO EM BLOCOS DE COROAMENTO, ESPESSURA DE *5 CM*. AF_08/2017"},{"$f":"IF($D72<>\"Serviço\",\"\",OFFSET(ORÇAMENTO!S$15,ROW(G72)-ROW(G$15),0))","v":"M3"},{"$f":"IF($D72<>\"Serviço\",0,IF(ACOMPANHAMENTO=\"BM\",ROUND(OFFSET(ORÇAMENTO!AJ$15,ROW(H72)-ROW(H$15),0),15-13*ORÇAMENTO!$AF$7),SUMPRODUCT(($Q$12:$AA$12<>\"\")*ROUND($Q72:$AA72,15-13*ORÇAMENTO!$AF$7))))","v":1.72},null,null,null,".",{"$f":"IF($D72<>\"Serviço\",\"\",IF(AUTOEVENTO=\"manual\",$A72,IF(ISERROR(MATCH($A72,$A$15:OFFSET($A72,-1,0),0)),MAX($M$15:OFFSET(M72,-1,0))+1,INDEX($M$15:OFFSET(M72,-1,0),MATCH($A72,$A$15:OFFSET($A72,-1,0),0)))))","v":4},{"$f":"IF($D72<>\"Serviço\",\"\",IF(AUTOEVENTO=\"Manual\",IF($A72=0,\"<-- defina o número do agrupador\",OFFSET(EVENTOS!$D$14,$A72,0)),OFFSET($F$15,$A72,0)))","v":"INFRAESTRUTURA"},null,null,null,null,null,null,null,null,null,null,null,null,null,{"$f":"IF(AND($D72=\"Serviço\",AB$12<>0,$H72>0,OR(AUTOEVENTO<>\"manual\",$M72<>1)),\nIF(Import.TipoArredondamento<>\"TransfereGOV\",\nROUND(OFFSET($P72,0,AB$13),15-13*ORÇAMENTO!$AF$7)/$H72*OFFSET(ORÇAMENTO!$X$15,ROW(AB72)-ROW(AB$15),0),\nROUND(ROUND(OFFSET($P72,0,AB$13),15-13*ORÇAMENTO!$AF$7)*OFFSET(ORÇAMENTO!$W$15,ROW(AB72)-ROW(AB$15),0),15-13*ORÇAMENTO!$AF$11)),0)","v":0},{"$f":"IF(AND($D72=\"Serviço\",AC$12<>0,$H72>0,OR(AUTOEVENTO<>\"manual\",$M72<>1)),\nIF(Import.TipoArredondamento<>\"TransfereGOV\",\nROUND(OFFSET($P72,0,AC$13),15-13*ORÇAMENTO!$AF$7)/$H72*OFFSET(ORÇAMENTO!$X$15,ROW(AC72)-ROW(AC$15),0),\nROUND(ROUND(OFFSET($P72,0,AC$13),15-13*ORÇAMENTO!$AF$7)*OFFSET(ORÇAMENTO!$W$15,ROW(AC72)-ROW(AC$15),0),15-13*ORÇAMENTO!$AF$11)),0)","v":0},{"$f":"IF(AND($D72=\"Serviço\",AD$12<>0,$H72>0,OR(AUTOEVENTO<>\"manual\",$M72<>1)),\nIF(Import.TipoArredondamento<>\"TransfereGOV\",\nROUND(OFFSET($P72,0,AD$13),15-13*ORÇAMENTO!$AF$7)/$H72*OFFSET(ORÇAMENTO!$X$15,ROW(AD72)-ROW(AD$15),0),\nROUND(ROUND(OFFSET($P72,0,AD$13),15-13*ORÇAMENTO!$AF$7)*OFFSET(ORÇAMENTO!$W$15,ROW(AD72)-ROW(AD$15),0),15-13*ORÇAMENTO!$AF$11)),0)","v":0},{"$f":"IF(AND($D72=\"Serviço\",AE$12<>0,$H72>0,OR(AUTOEVENTO<>\"manual\",$M72<>1)),\nIF(Import.TipoArredondamento<>\"TransfereGOV\",\nROUND(OFFSET($P72,0,AE$13),15-13*ORÇAMENTO!$AF$7)/$H72*OFFSET(ORÇAMENTO!$X$15,ROW(AE72)-ROW(AE$15),0),\nROUND(ROUND(OFFSET($P72,0,AE$13),15-13*ORÇAMENTO!$AF$7)*OFFSET(ORÇAMENTO!$W$15,ROW(AE72)-ROW(AE$15),0),15-13*ORÇAMENTO!$AF$11)),0)","v":0},{"$f":"IF(AND($D72=\"Serviço\",AF$12<>0,$H72>0,OR(AUTOEVENTO<>\"manual\",$M72<>1)),\nIF(Import.TipoArredondamento<>\"TransfereGOV\",\nROUND(OFFSET($P72,0,AF$13),15-13*ORÇAMENTO!$AF$7)/$H72*OFFSET(ORÇAMENTO!$X$15,ROW(AF72)-ROW(AF$15),0),\nROUND(ROUND(OFFSET($P72,0,AF$13),15-13*ORÇAMENTO!$AF$7)*OFFSET(ORÇAMENTO!$W$15,ROW(AF72)-ROW(AF$15),0),15-13*ORÇAMENTO!$AF$11)),0)","v":0},{"$f":"IF(AND($D72=\"Serviço\",AG$12<>0,$H72>0,OR(AUTOEVENTO<>\"manual\",$M72<>1)),\nIF(Import.TipoArredondamento<>\"TransfereGOV\",\nROUND(OFFSET($P72,0,AG$13),15-13*ORÇAMENTO!$AF$7)/$H72*OFFSET(ORÇAMENTO!$X$15,ROW(AG72)-ROW(AG$15),0),\nROUND(ROUND(OFFSET($P72,0,AG$13),15-13*ORÇAMENTO!$AF$7)*OFFSET(ORÇAMENTO!$W$15,ROW(AG72)-ROW(AG$15),0),15-13*ORÇAMENTO!$AF$11)),0)","v":0},{"$f":"IF(AND($D72=\"Serviço\",AH$12<>0,$H72>0,OR(AUTOEVENTO<>\"manual\",$M72<>1)),\nIF(Import.TipoArredondamento<>\"TransfereGOV\",\nROUND(OFFSET($P72,0,AH$13),15-13*ORÇAMENTO!$AF$7)/$H72*OFFSET(ORÇAMENTO!$X$15,ROW(AH72)-ROW(AH$15),0),\nROUND(ROUND(OFFSET($P72,0,AH$13),15-13*ORÇAMENTO!$AF$7)*OFFSET(ORÇAMENTO!$W$15,ROW(AH72)-ROW(AH$15),0),15-13*ORÇAMENTO!$AF$11)),0)","v":0},{"$f":"IF(AND($D72=\"Serviço\",AI$12<>0,$H72>0,OR(AUTOEVENTO<>\"manual\",$M72<>1)),\nIF(Import.TipoArredondamento<>\"TransfereGOV\",\nROUND(OFFSET($P72,0,AI$13),15-13*ORÇAMENTO!$AF$7)/$H72*OFFSET(ORÇAMENTO!$X$15,ROW(AI72)-ROW(AI$15),0),\nROUND(ROUND(OFFSET($P72,0,AI$13),15-13*ORÇAMENTO!$AF$7)*OFFSET(ORÇAMENTO!$W$15,ROW(AI72)-ROW(AI$15),0),15-13*ORÇAMENTO!$AF$11)),0)","v":0},{"$f":"IF(AND($D72=\"Serviço\",AJ$12<>0,$H72>0,OR(AUTOEVENTO<>\"manual\",$M72<>1)),\nIF(Import.TipoArredondamento<>\"TransfereGOV\",\nROUND(OFFSET($P72,0,AJ$13),15-13*ORÇAMENTO!$AF$7)/$H72*OFFSET(ORÇAMENTO!$X$15,ROW(AJ72)-ROW(AJ$15),0),\nROUND(ROUND(OFFSET($P72,0,AJ$13),15-13*ORÇAMENTO!$AF$7)*OFFSET(ORÇAMENTO!$W$15,ROW(AJ72)-ROW(AJ$15),0),15-13*ORÇAMENTO!$AF$11)),0)","v":0},{"$f":"IF(AND($D72=\"Serviço\",AK$12<>0,$H72>0,OR(AUTOEVENTO<>\"manual\",$M72<>1)),\nIF(Import.TipoArredondamento<>\"TransfereGOV\",\nROUND(OFFSET($P72,0,AK$13),15-13*ORÇAMENTO!$AF$7)/$H72*OFFSET(ORÇAMENTO!$X$15,ROW(AK72)-ROW(AK$15),0),\nROUND(ROUND(OFFSET($P72,0,AK$13),15-13*ORÇAMENTO!$AF$7)*OFFSET(ORÇAMENTO!$W$15,ROW(AK72)-ROW(AK$15),0),15-13*ORÇAMENTO!$AF$11)),0)","v":0},null,{"$f":"IF($D72<>\"Serviço\",0,IF(AND(AUTOEVENTO=\"Manual\",$M72=1),0,IF(OFFSET(CRONOPLE!$F$14,$M72,AM$13)=\"\",10^12,OFFSET(CRONOPLE!$F$14,$M72,AM$13))))","v":1000000000000},{"$f":"IF($D72<>\"Serviço\",0,IF(AND(AUTOEVENTO=\"Manual\",$M72=1),0,IF(OFFSET(CRONOPLE!$F$14,$M72,AN$13)=\"\",10^12,OFFSET(CRONOPLE!$F$14,$M72,AN$13))))","v":1000000000000},{"$f":"IF($D72<>\"Serviço\",0,IF(AND(AUTOEVENTO=\"Manual\",$M72=1),0,IF(OFFSET(CRONOPLE!$F$14,$M72,AO$13)=\"\",10^12,OFFSET(CRONOPLE!$F$14,$M72,AO$13))))","v":1000000000000},{"$f":"IF($D72<>\"Serviço\",0,IF(AND(AUTOEVENTO=\"Manual\",$M72=1),0,IF(OFFSET(CRONOPLE!$F$14,$M72,AP$13)=\"\",10^12,OFFSET(CRONOPLE!$F$14,$M72,AP$13))))","v":1000000000000},{"$f":"IF($D72<>\"Serviço\",0,IF(AND(AUTOEVENTO=\"Manual\",$M72=1),0,IF(OFFSET(CRONOPLE!$F$14,$M72,AQ$13)=\"\",10^12,OFFSET(CRONOPLE!$F$14,$M72,AQ$13))))","v":1000000000000},{"$f":"IF($D72<>\"Serviço\",0,IF(AND(AUTOEVENTO=\"Manual\",$M72=1),0,IF(OFFSET(CRONOPLE!$F$14,$M72,AR$13)=\"\",10^12,OFFSET(CRONOPLE!$F$14,$M72,AR$13))))","v":1000000000000},{"$f":"IF($D72<>\"Serviço\",0,IF(AND(AUTOEVENTO=\"Manual\",$M72=1),0,IF(OFFSET(CRONOPLE!$F$14,$M72,AS$13)=\"\",10^12,OFFSET(CRONOPLE!$F$14,$M72,AS$13))))","v":1000000000000},{"$f":"IF($D72<>\"Serviço\",0,IF(AND(AUTOEVENTO=\"Manual\",$M72=1),0,IF(OFFSET(CRONOPLE!$F$14,$M72,AT$13)=\"\",10^12,OFFSET(CRONOPLE!$F$14,$M72,AT$13))))","v":1000000000000},{"$f":"IF($D72<>\"Serviço\",0,IF(AND(AUTOEVENTO=\"Manual\",$M72=1),0,IF(OFFSET(CRONOPLE!$F$14,$M72,AU$13)=\"\",10^12,OFFSET(CRONOPLE!$F$14,$M72,AU$13))))","v":1000000000000},{"$f":"IF($D72<>\"Serviço\",0,IF(AND(AUTOEVENTO=\"Manual\",$M72=1),0,IF(OFFSET(CRONOPLE!$F$14,$M72,AV$13)=\"\",10^12,OFFSET(CRONOPLE!$F$14,$M72,AV$13))))","v":1000000000000},null,{"$f":"IF($D72<>\"Serviço\",0,IF(OR(AND(AUTOEVENTO=\"Manual\",$M72=1),$M72>(ROW(PLE.lastrow)-ROW(PLE.firstrow))),0,IF(OFFSET(PLE!$G$14,$M72,AX$13)=\"\",10^12,OFFSET(PLE!$G$14,$M72,AX$13))))","v":1000000000000},{"$f":"IF($D72<>\"Serviço\",0,IF(OR(AND(AUTOEVENTO=\"Manual\",$M72=1),$M72>(ROW(PLE.lastrow)-ROW(PLE.firstrow))),0,IF(OFFSET(PLE!$G$14,$M72,AY$13)=\"\",10^12,OFFSET(PLE!$G$14,$M72,AY$13))))","v":1000000000000},{"$f":"IF($D72<>\"Serviço\",0,IF(OR(AND(AUTOEVENTO=\"Manual\",$M72=1),$M72>(ROW(PLE.lastrow)-ROW(PLE.firstrow))),0,IF(OFFSET(PLE!$G$14,$M72,AZ$13)=\"\",10^12,OFFSET(PLE!$G$14,$M72,AZ$13))))","v":1000000000000},{"$f":"IF($D72<>\"Serviço\",0,IF(OR(AND(AUTOEVENTO=\"Manual\",$M72=1),$M72>(ROW(PLE.lastrow)-ROW(PLE.firstrow))),0,IF(OFFSET(PLE!$G$14,$M72,BA$13)=\"\",10^12,OFFSET(PLE!$G$14,$M72,BA$13))))","v":1000000000000},{"$f":"IF($D72<>\"Serviço\",0,IF(OR(AND(AUTOEVENTO=\"Manual\",$M72=1),$M72>(ROW(PLE.lastrow)-ROW(PLE.firstrow))),0,IF(OFFSET(PLE!$G$14,$M72,BB$13)=\"\",10^12,OFFSET(PLE!$G$14,$M72,BB$13))))","v":1000000000000},{"$f":"IF($D72<>\"Serviço\",0,IF(OR(AND(AUTOEVENTO=\"Manual\",$M72=1),$M72>(ROW(PLE.lastrow)-ROW(PLE.firstrow))),0,IF(OFFSET(PLE!$G$14,$M72,BC$13)=\"\",10^12,OFFSET(PLE!$G$14,$M72,BC$13))))","v":1000000000000},{"$f":"IF($D72<>\"Serviço\",0,IF(OR(AND(AUTOEVENTO=\"Manual\",$M72=1),$M72>(ROW(PLE.lastrow)-ROW(PLE.firstrow))),0,IF(OFFSET(PLE!$G$14,$M72,BD$13)=\"\",10^12,OFFSET(PLE!$G$14,$M72,BD$13))))","v":1000000000000},{"$f":"IF($D72<>\"Serviço\",0,IF(OR(AND(AUTOEVENTO=\"Manual\",$M72=1),$M72>(ROW(PLE.lastrow)-ROW(PLE.firstrow))),0,IF(OFFSET(PLE!$G$14,$M72,BE$13)=\"\",10^12,OFFSET(PLE!$G$14,$M72,BE$13))))","v":1000000000000},{"$f":"IF($D72<>\"Serviço\",0,IF(OR(AND(AUTOEVENTO=\"Manual\",$M72=1),$M72>(ROW(PLE.lastrow)-ROW(PLE.firstrow))),0,IF(OFFSET(PLE!$G$14,$M72,BF$13)=\"\",10^12,OFFSET(PLE!$G$14,$M72,BF$13))))","v":1000000000000},{"$f":"IF($D72<>\"Serviço\",0,IF(OR(AND(AUTOEVENTO=\"Manual\",$M72=1),$M72>(ROW(PLE.lastrow)-ROW(PLE.firstrow))),0,IF(OFFSET(PLE!$G$14,$M72,BG$13)=\"\",10^12,OFFSET(PLE!$G$14,$M72,BG$13))))","v":1000000000000}]
["47",{"$f":"OFFSET(ORÇAMENTO!C$15,ROW(B73)-ROW(B$15),0)","v":"S"},{"$f":"OFFSET(ORÇAMENTO!L$15,ROW(C73)-ROW(C$15),0)","v":"F"},{"$f":"OFFSET(ORÇAMENTO!N$15,ROW(D73)-ROW(D$15),0)","v":"Serviço"},{"$f":"OFFSET(ORÇAMENTO!O$15,ROW(E73)-ROW(E$15),0)","v":"1.3.0.11."},{"$f":"OFFSET(ORÇAMENTO!R$15,ROW(F73)-ROW(F$15),0)","v":"FABRICAÇÃO, MONTAGEM E DESMONTAGEM DE FÔRMA PARA BLOCO DE COROAMENTO, EM MADEIRA SERRADA, E=25 MM, 4 UTILIZAÇÕES. AF_06/2017"},{"$f":"IF($D73<>\"Serviço\",\"\",OFFSET(ORÇAMENTO!S$15,ROW(G73)-ROW(G$15),0))","v":"M2"},{"$f":"IF($D73<>\"Serviço\",0,IF(ACOMPANHAMENTO=\"BM\",ROUND(OFFSET(ORÇAMENTO!AJ$15,ROW(H73)-ROW(H$15),0),15-13*ORÇAMENTO!$AF$7),SUMPRODUCT(($Q$12:$AA$12<>\"\")*ROUND($Q73:$AA73,15-13*ORÇAMENTO!$AF$7))))","v":32.81},null,null,null,".",{"$f":"IF($D73<>\"Serviço\",\"\",IF(AUTOEVENTO=\"manual\",$A73,IF(ISERROR(MATCH($A73,$A$15:OFFSET($A73,-1,0),0)),MAX($M$15:OFFSET(M73,-1,0))+1,INDEX($M$15:OFFSET(M73,-1,0),MATCH($A73,$A$15:OFFSET($A73,-1,0),0)))))","v":4},{"$f":"IF($D73<>\"Serviço\",\"\",IF(AUTOEVENTO=\"Manual\",IF($A73=0,\"<-- defina o número do agrupador\",OFFSET(EVENTOS!$D$14,$A73,0)),OFFSET($F$15,$A73,0)))","v":"INFRAESTRUTURA"},null,null,null,null,null,null,null,null,null,null,null,null,null,{"$f":"IF(AND($D73=\"Serviço\",AB$12<>0,$H73>0,OR(AUTOEVENTO<>\"manual\",$M73<>1)),\nIF(Import.TipoArredondamento<>\"TransfereGOV\",\nROUND(OFFSET($P73,0,AB$13),15-13*ORÇAMENTO!$AF$7)/$H73*OFFSET(ORÇAMENTO!$X$15,ROW(AB73)-ROW(AB$15),0),\nROUND(ROUND(OFFSET($P73,0,AB$13),15-13*ORÇAMENTO!$AF$7)*OFFSET(ORÇAMENTO!$W$15,ROW(AB73)-ROW(AB$15),0),15-13*ORÇAMENTO!$AF$11)),0)","v":0},{"$f":"IF(AND($D73=\"Serviço\",AC$12<>0,$H73>0,OR(AUTOEVENTO<>\"manual\",$M73<>1)),\nIF(Import.TipoArredondamento<>\"TransfereGOV\",\nROUND(OFFSET($P73,0,AC$13),15-13*ORÇAMENTO!$AF$7)/$H73*OFFSET(ORÇAMENTO!$X$15,ROW(AC73)-ROW(AC$15),0),\nROUND(ROUND(OFFSET($P73,0,AC$13),15-13*ORÇAMENTO!$AF$7)*OFFSET(ORÇAMENTO!$W$15,ROW(AC73)-ROW(AC$15),0),15-13*ORÇAMENTO!$AF$11)),0)","v":0},{"$f":"IF(AND($D73=\"Serviço\",AD$12<>0,$H73>0,OR(AUTOEVENTO<>\"manual\",$M73<>1)),\nIF(Import.TipoArredondamento<>\"TransfereGOV\",\nROUND(OFFSET($P73,0,AD$13),15-13*ORÇAMENTO!$AF$7)/$H73*OFFSET(ORÇAMENTO!$X$15,ROW(AD73)-ROW(AD$15),0),\nROUND(ROUND(OFFSET($P73,0,AD$13),15-13*ORÇAMENTO!$AF$7)*OFFSET(ORÇAMENTO!$W$15,ROW(AD73)-ROW(AD$15),0),15-13*ORÇAMENTO!$AF$11)),0)","v":0},{"$f":"IF(AND($D73=\"Serviço\",AE$12<>0,$H73>0,OR(AUTOEVENTO<>\"manual\",$M73<>1)),\nIF(Import.TipoArredondamento<>\"TransfereGOV\",\nROUND(OFFSET($P73,0,AE$13),15-13*ORÇAMENTO!$AF$7)/$H73*OFFSET(ORÇAMENTO!$X$15,ROW(AE73)-ROW(AE$15),0),\nROUND(ROUND(OFFSET($P73,0,AE$13),15-13*ORÇAMENTO!$AF$7)*OFFSET(ORÇAMENTO!$W$15,ROW(AE73)-ROW(AE$15),0),15-13*ORÇAMENTO!$AF$11)),0)","v":0},{"$f":"IF(AND($D73=\"Serviço\",AF$12<>0,$H73>0,OR(AUTOEVENTO<>\"manual\",$M73<>1)),\nIF(Import.TipoArredondamento<>\"TransfereGOV\",\nROUND(OFFSET($P73,0,AF$13),15-13*ORÇAMENTO!$AF$7)/$H73*OFFSET(ORÇAMENTO!$X$15,ROW(AF73)-ROW(AF$15),0),\nROUND(ROUND(OFFSET($P73,0,AF$13),15-13*ORÇAMENTO!$AF$7)*OFFSET(ORÇAMENTO!$W$15,ROW(AF73)-ROW(AF$15),0),15-13*ORÇAMENTO!$AF$11)),0)","v":0},{"$f":"IF(AND($D73=\"Serviço\",AG$12<>0,$H73>0,OR(AUTOEVENTO<>\"manual\",$M73<>1)),\nIF(Import.TipoArredondamento<>\"TransfereGOV\",\nROUND(OFFSET($P73,0,AG$13),15-13*ORÇAMENTO!$AF$7)/$H73*OFFSET(ORÇAMENTO!$X$15,ROW(AG73)-ROW(AG$15),0),\nROUND(ROUND(OFFSET($P73,0,AG$13),15-13*ORÇAMENTO!$AF$7)*OFFSET(ORÇAMENTO!$W$15,ROW(AG73)-ROW(AG$15),0),15-13*ORÇAMENTO!$AF$11)),0)","v":0},{"$f":"IF(AND($D73=\"Serviço\",AH$12<>0,$H73>0,OR(AUTOEVENTO<>\"manual\",$M73<>1)),\nIF(Import.TipoArredondamento<>\"TransfereGOV\",\nROUND(OFFSET($P73,0,AH$13),15-13*ORÇAMENTO!$AF$7)/$H73*OFFSET(ORÇAMENTO!$X$15,ROW(AH73)-ROW(AH$15),0),\nROUND(ROUND(OFFSET($P73,0,AH$13),15-13*ORÇAMENTO!$AF$7)*OFFSET(ORÇAMENTO!$W$15,ROW(AH73)-ROW(AH$15),0),15-13*ORÇAMENTO!$AF$11)),0)","v":0},{"$f":"IF(AND($D73=\"Serviço\",AI$12<>0,$H73>0,OR(AUTOEVENTO<>\"manual\",$M73<>1)),\nIF(Import.TipoArredondamento<>\"TransfereGOV\",\nROUND(OFFSET($P73,0,AI$13),15-13*ORÇAMENTO!$AF$7)/$H73*OFFSET(ORÇAMENTO!$X$15,ROW(AI73)-ROW(AI$15),0),\nROUND(ROUND(OFFSET($P73,0,AI$13),15-13*ORÇAMENTO!$AF$7)*OFFSET(ORÇAMENTO!$W$15,ROW(AI73)-ROW(AI$15),0),15-13*ORÇAMENTO!$AF$11)),0)","v":0},{"$f":"IF(AND($D73=\"Serviço\",AJ$12<>0,$H73>0,OR(AUTOEVENTO<>\"manual\",$M73<>1)),\nIF(Import.TipoArredondamento<>\"TransfereGOV\",\nROUND(OFFSET($P73,0,AJ$13),15-13*ORÇAMENTO!$AF$7)/$H73*OFFSET(ORÇAMENTO!$X$15,ROW(AJ73)-ROW(AJ$15),0),\nROUND(ROUND(OFFSET($P73,0,AJ$13),15-13*ORÇAMENTO!$AF$7)*OFFSET(ORÇAMENTO!$W$15,ROW(AJ73)-ROW(AJ$15),0),15-13*ORÇAMENTO!$AF$11)),0)","v":0},{"$f":"IF(AND($D73=\"Serviço\",AK$12<>0,$H73>0,OR(AUTOEVENTO<>\"manual\",$M73<>1)),\nIF(Import.TipoArredondamento<>\"TransfereGOV\",\nROUND(OFFSET($P73,0,AK$13),15-13*ORÇAMENTO!$AF$7)/$H73*OFFSET(ORÇAMENTO!$X$15,ROW(AK73)-ROW(AK$15),0),\nROUND(ROUND(OFFSET($P73,0,AK$13),15-13*ORÇAMENTO!$AF$7)*OFFSET(ORÇAMENTO!$W$15,ROW(AK73)-ROW(AK$15),0),15-13*ORÇAMENTO!$AF$11)),0)","v":0},null,{"$f":"IF($D73<>\"Serviço\",0,IF(AND(AUTOEVENTO=\"Manual\",$M73=1),0,IF(OFFSET(CRONOPLE!$F$14,$M73,AM$13)=\"\",10^12,OFFSET(CRONOPLE!$F$14,$M73,AM$13))))","v":1000000000000},{"$f":"IF($D73<>\"Serviço\",0,IF(AND(AUTOEVENTO=\"Manual\",$M73=1),0,IF(OFFSET(CRONOPLE!$F$14,$M73,AN$13)=\"\",10^12,OFFSET(CRONOPLE!$F$14,$M73,AN$13))))","v":1000000000000},{"$f":"IF($D73<>\"Serviço\",0,IF(AND(AUTOEVENTO=\"Manual\",$M73=1),0,IF(OFFSET(CRONOPLE!$F$14,$M73,AO$13)=\"\",10^12,OFFSET(CRONOPLE!$F$14,$M73,AO$13))))","v":1000000000000},{"$f":"IF($D73<>\"Serviço\",0,IF(AND(AUTOEVENTO=\"Manual\",$M73=1),0,IF(OFFSET(CRONOPLE!$F$14,$M73,AP$13)=\"\",10^12,OFFSET(CRONOPLE!$F$14,$M73,AP$13))))","v":1000000000000},{"$f":"IF($D73<>\"Serviço\",0,IF(AND(AUTOEVENTO=\"Manual\",$M73=1),0,IF(OFFSET(CRONOPLE!$F$14,$M73,AQ$13)=\"\",10^12,OFFSET(CRONOPLE!$F$14,$M73,AQ$13))))","v":1000000000000},{"$f":"IF($D73<>\"Serviço\",0,IF(AND(AUTOEVENTO=\"Manual\",$M73=1),0,IF(OFFSET(CRONOPLE!$F$14,$M73,AR$13)=\"\",10^12,OFFSET(CRONOPLE!$F$14,$M73,AR$13))))","v":1000000000000},{"$f":"IF($D73<>\"Serviço\",0,IF(AND(AUTOEVENTO=\"Manual\",$M73=1),0,IF(OFFSET(CRONOPLE!$F$14,$M73,AS$13)=\"\",10^12,OFFSET(CRONOPLE!$F$14,$M73,AS$13))))","v":1000000000000},{"$f":"IF($D73<>\"Serviço\",0,IF(AND(AUTOEVENTO=\"Manual\",$M73=1),0,IF(OFFSET(CRONOPLE!$F$14,$M73,AT$13)=\"\",10^12,OFFSET(CRONOPLE!$F$14,$M73,AT$13))))","v":1000000000000},{"$f":"IF($D73<>\"Serviço\",0,IF(AND(AUTOEVENTO=\"Manual\",$M73=1),0,IF(OFFSET(CRONOPLE!$F$14,$M73,AU$13)=\"\",10^12,OFFSET(CRONOPLE!$F$14,$M73,AU$13))))","v":1000000000000},{"$f":"IF($D73<>\"Serviço\",0,IF(AND(AUTOEVENTO=\"Manual\",$M73=1),0,IF(OFFSET(CRONOPLE!$F$14,$M73,AV$13)=\"\",10^12,OFFSET(CRONOPLE!$F$14,$M73,AV$13))))","v":1000000000000},null,{"$f":"IF($D73<>\"Serviço\",0,IF(OR(AND(AUTOEVENTO=\"Manual\",$M73=1),$M73>(ROW(PLE.lastrow)-ROW(PLE.firstrow))),0,IF(OFFSET(PLE!$G$14,$M73,AX$13)=\"\",10^12,OFFSET(PLE!$G$14,$M73,AX$13))))","v":1000000000000},{"$f":"IF($D73<>\"Serviço\",0,IF(OR(AND(AUTOEVENTO=\"Manual\",$M73=1),$M73>(ROW(PLE.lastrow)-ROW(PLE.firstrow))),0,IF(OFFSET(PLE!$G$14,$M73,AY$13)=\"\",10^12,OFFSET(PLE!$G$14,$M73,AY$13))))","v":1000000000000},{"$f":"IF($D73<>\"Serviço\",0,IF(OR(AND(AUTOEVENTO=\"Manual\",$M73=1),$M73>(ROW(PLE.lastrow)-ROW(PLE.firstrow))),0,IF(OFFSET(PLE!$G$14,$M73,AZ$13)=\"\",10^12,OFFSET(PLE!$G$14,$M73,AZ$13))))","v":1000000000000},{"$f":"IF($D73<>\"Serviço\",0,IF(OR(AND(AUTOEVENTO=\"Manual\",$M73=1),$M73>(ROW(PLE.lastrow)-ROW(PLE.firstrow))),0,IF(OFFSET(PLE!$G$14,$M73,BA$13)=\"\",10^12,OFFSET(PLE!$G$14,$M73,BA$13))))","v":1000000000000},{"$f":"IF($D73<>\"Serviço\",0,IF(OR(AND(AUTOEVENTO=\"Manual\",$M73=1),$M73>(ROW(PLE.lastrow)-ROW(PLE.firstrow))),0,IF(OFFSET(PLE!$G$14,$M73,BB$13)=\"\",10^12,OFFSET(PLE!$G$14,$M73,BB$13))))","v":1000000000000},{"$f":"IF($D73<>\"Serviço\",0,IF(OR(AND(AUTOEVENTO=\"Manual\",$M73=1),$M73>(ROW(PLE.lastrow)-ROW(PLE.firstrow))),0,IF(OFFSET(PLE!$G$14,$M73,BC$13)=\"\",10^12,OFFSET(PLE!$G$14,$M73,BC$13))))","v":1000000000000},{"$f":"IF($D73<>\"Serviço\",0,IF(OR(AND(AUTOEVENTO=\"Manual\",$M73=1),$M73>(ROW(PLE.lastrow)-ROW(PLE.firstrow))),0,IF(OFFSET(PLE!$G$14,$M73,BD$13)=\"\",10^12,OFFSET(PLE!$G$14,$M73,BD$13))))","v":1000000000000},{"$f":"IF($D73<>\"Serviço\",0,IF(OR(AND(AUTOEVENTO=\"Manual\",$M73=1),$M73>(ROW(PLE.lastrow)-ROW(PLE.firstrow))),0,IF(OFFSET(PLE!$G$14,$M73,BE$13)=\"\",10^12,OFFSET(PLE!$G$14,$M73,BE$13))))","v":1000000000000},{"$f":"IF($D73<>\"Serviço\",0,IF(OR(AND(AUTOEVENTO=\"Manual\",$M73=1),$M73>(ROW(PLE.lastrow)-ROW(PLE.firstrow))),0,IF(OFFSET(PLE!$G$14,$M73,BF$13)=\"\",10^12,OFFSET(PLE!$G$14,$M73,BF$13))))","v":1000000000000},{"$f":"IF($D73<>\"Serviço\",0,IF(OR(AND(AUTOEVENTO=\"Manual\",$M73=1),$M73>(ROW(PLE.lastrow)-ROW(PLE.firstrow))),0,IF(OFFSET(PLE!$G$14,$M73,BG$13)=\"\",10^12,OFFSET(PLE!$G$14,$M73,BG$13))))","v":1000000000000}]
["47",{"$f":"OFFSET(ORÇAMENTO!C$15,ROW(B74)-ROW(B$15),0)","v":"S"},{"$f":"OFFSET(ORÇAMENTO!L$15,ROW(C74)-ROW(C$15),0)","v":"F"},{"$f":"OFFSET(ORÇAMENTO!N$15,ROW(D74)-ROW(D$15),0)","v":"Serviço"},{"$f":"OFFSET(ORÇAMENTO!O$15,ROW(E74)-ROW(E$15),0)","v":"1.3.0.12."},{"$f":"OFFSET(ORÇAMENTO!R$15,ROW(F74)-ROW(F$15),0)","v":"FABRICAÇÃO, MONTAGEM E DESMONTAGEM DE FÔRMA PARA VIGA BALDRAME, EM MADEIRA SERRADA, E=25 MM, 4 UTILIZAÇÕES. AF_06/2017"},{"$f":"IF($D74<>\"Serviço\",\"\",OFFSET(ORÇAMENTO!S$15,ROW(G74)-ROW(G$15),0))","v":"M2"},{"$f":"IF($D74<>\"Serviço\",0,IF(ACOMPANHAMENTO=\"BM\",ROUND(OFFSET(ORÇAMENTO!AJ$15,ROW(H74)-ROW(H$15),0),15-13*ORÇAMENTO!$AF$7),SUMPRODUCT(($Q$12:$AA$12<>\"\")*ROUND($Q74:$AA74,15-13*ORÇAMENTO!$AF$7))))","v":39.68},null,null,null,".",{"$f":"IF($D74<>\"Serviço\",\"\",IF(AUTOEVENTO=\"manual\",$A74,IF(ISERROR(MATCH($A74,$A$15:OFFSET($A74,-1,0),0)),MAX($M$15:OFFSET(M74,-1,0))+1,INDEX($M$15:OFFSET(M74,-1,0),MATCH($A74,$A$15:OFFSET($A74,-1,0),0)))))","v":4},{"$f":"IF($D74<>\"Serviço\",\"\",IF(AUTOEVENTO=\"Manual\",IF($A74=0,\"<-- defina o número do agrupador\",OFFSET(EVENTOS!$D$14,$A74,0)),OFFSET($F$15,$A74,0)))","v":"INFRAESTRUTURA"},null,null,null,null,null,null,null,null,null,null,null,null,null,{"$f":"IF(AND($D74=\"Serviço\",AB$12<>0,$H74>0,OR(AUTOEVENTO<>\"manual\",$M74<>1)),\nIF(Import.TipoArredondamento<>\"TransfereGOV\",\nROUND(OFFSET($P74,0,AB$13),15-13*ORÇAMENTO!$AF$7)/$H74*OFFSET(ORÇAMENTO!$X$15,ROW(AB74)-ROW(AB$15),0),\nROUND(ROUND(OFFSET($P74,0,AB$13),15-13*ORÇAMENTO!$AF$7)*OFFSET(ORÇAMENTO!$W$15,ROW(AB74)-ROW(AB$15),0),15-13*ORÇAMENTO!$AF$11)),0)","v":0},{"$f":"IF(AND($D74=\"Serviço\",AC$12<>0,$H74>0,OR(AUTOEVENTO<>\"manual\",$M74<>1)),\nIF(Import.TipoArredondamento<>\"TransfereGOV\",\nROUND(OFFSET($P74,0,AC$13),15-13*ORÇAMENTO!$AF$7)/$H74*OFFSET(ORÇAMENTO!$X$15,ROW(AC74)-ROW(AC$15),0),\nROUND(ROUND(OFFSET($P74,0,AC$13),15-13*ORÇAMENTO!$AF$7)*OFFSET(ORÇAMENTO!$W$15,ROW(AC74)-ROW(AC$15),0),15-13*ORÇAMENTO!$AF$11)),0)","v":0},{"$f":"IF(AND($D74=\"Serviço\",AD$12<>0,$H74>0,OR(AUTOEVENTO<>\"manual\",$M74<>1)),\nIF(Import.TipoArredondamento<>\"TransfereGOV\",\nROUND(OFFSET($P74,0,AD$13),15-13*ORÇAMENTO!$AF$7)/$H74*OFFSET(ORÇAMENTO!$X$15,ROW(AD74)-ROW(AD$15),0),\nROUND(ROUND(OFFSET($P74,0,AD$13),15-13*ORÇAMENTO!$AF$7)*OFFSET(ORÇAMENTO!$W$15,ROW(AD74)-ROW(AD$15),0),15-13*ORÇAMENTO!$AF$11)),0)","v":0},{"$f":"IF(AND($D74=\"Serviço\",AE$12<>0,$H74>0,OR(AUTOEVENTO<>\"manual\",$M74<>1)),\nIF(Import.TipoArredondamento<>\"TransfereGOV\",\nROUND(OFFSET($P74,0,AE$13),15-13*ORÇAMENTO!$AF$7)/$H74*OFFSET(ORÇAMENTO!$X$15,ROW(AE74)-ROW(AE$15),0),\nROUND(ROUND(OFFSET($P74,0,AE$13),15-13*ORÇAMENTO!$AF$7)*OFFSET(ORÇAMENTO!$W$15,ROW(AE74)-ROW(AE$15),0),15-13*ORÇAMENTO!$AF$11)),0)","v":0},{"$f":"IF(AND($D74=\"Serviço\",AF$12<>0,$H74>0,OR(AUTOEVENTO<>\"manual\",$M74<>1)),\nIF(Import.TipoArredondamento<>\"TransfereGOV\",\nROUND(OFFSET($P74,0,AF$13),15-13*ORÇAMENTO!$AF$7)/$H74*OFFSET(ORÇAMENTO!$X$15,ROW(AF74)-ROW(AF$15),0),\nROUND(ROUND(OFFSET($P74,0,AF$13),15-13*ORÇAMENTO!$AF$7)*OFFSET(ORÇAMENTO!$W$15,ROW(AF74)-ROW(AF$15),0),15-13*ORÇAMENTO!$AF$11)),0)","v":0},{"$f":"IF(AND($D74=\"Serviço\",AG$12<>0,$H74>0,OR(AUTOEVENTO<>\"manual\",$M74<>1)),\nIF(Import.TipoArredondamento<>\"TransfereGOV\",\nROUND(OFFSET($P74,0,AG$13),15-13*ORÇAMENTO!$AF$7)/$H74*OFFSET(ORÇAMENTO!$X$15,ROW(AG74)-ROW(AG$15),0),\nROUND(ROUND(OFFSET($P74,0,AG$13),15-13*ORÇAMENTO!$AF$7)*OFFSET(ORÇAMENTO!$W$15,ROW(AG74)-ROW(AG$15),0),15-13*ORÇAMENTO!$AF$11)),0)","v":0},{"$f":"IF(AND($D74=\"Serviço\",AH$12<>0,$H74>0,OR(AUTOEVENTO<>\"manual\",$M74<>1)),\nIF(Import.TipoArredondamento<>\"TransfereGOV\",\nROUND(OFFSET($P74,0,AH$13),15-13*ORÇAMENTO!$AF$7)/$H74*OFFSET(ORÇAMENTO!$X$15,ROW(AH74)-ROW(AH$15),0),\nROUND(ROUND(OFFSET($P74,0,AH$13),15-13*ORÇAMENTO!$AF$7)*OFFSET(ORÇAMENTO!$W$15,ROW(AH74)-ROW(AH$15),0),15-13*ORÇAMENTO!$AF$11)),0)","v":0},{"$f":"IF(AND($D74=\"Serviço\",AI$12<>0,$H74>0,OR(AUTOEVENTO<>\"manual\",$M74<>1)),\nIF(Import.TipoArredondamento<>\"TransfereGOV\",\nROUND(OFFSET($P74,0,AI$13),15-13*ORÇAMENTO!$AF$7)/$H74*OFFSET(ORÇAMENTO!$X$15,ROW(AI74)-ROW(AI$15),0),\nROUND(ROUND(OFFSET($P74,0,AI$13),15-13*ORÇAMENTO!$AF$7)*OFFSET(ORÇAMENTO!$W$15,ROW(AI74)-ROW(AI$15),0),15-13*ORÇAMENTO!$AF$11)),0)","v":0},{"$f":"IF(AND($D74=\"Serviço\",AJ$12<>0,$H74>0,OR(AUTOEVENTO<>\"manual\",$M74<>1)),\nIF(Import.TipoArredondamento<>\"TransfereGOV\",\nROUND(OFFSET($P74,0,AJ$13),15-13*ORÇAMENTO!$AF$7)/$H74*OFFSET(ORÇAMENTO!$X$15,ROW(AJ74)-ROW(AJ$15),0),\nROUND(ROUND(OFFSET($P74,0,AJ$13),15-13*ORÇAMENTO!$AF$7)*OFFSET(ORÇAMENTO!$W$15,ROW(AJ74)-ROW(AJ$15),0),15-13*ORÇAMENTO!$AF$11)),0)","v":0},{"$f":"IF(AND($D74=\"Serviço\",AK$12<>0,$H74>0,OR(AUTOEVENTO<>\"manual\",$M74<>1)),\nIF(Import.TipoArredondamento<>\"TransfereGOV\",\nROUND(OFFSET($P74,0,AK$13),15-13*ORÇAMENTO!$AF$7)/$H74*OFFSET(ORÇAMENTO!$X$15,ROW(AK74)-ROW(AK$15),0),\nROUND(ROUND(OFFSET($P74,0,AK$13),15-13*ORÇAMENTO!$AF$7)*OFFSET(ORÇAMENTO!$W$15,ROW(AK74)-ROW(AK$15),0),15-13*ORÇAMENTO!$AF$11)),0)","v":0},null,{"$f":"IF($D74<>\"Serviço\",0,IF(AND(AUTOEVENTO=\"Manual\",$M74=1),0,IF(OFFSET(CRONOPLE!$F$14,$M74,AM$13)=\"\",10^12,OFFSET(CRONOPLE!$F$14,$M74,AM$13))))","v":1000000000000},{"$f":"IF($D74<>\"Serviço\",0,IF(AND(AUTOEVENTO=\"Manual\",$M74=1),0,IF(OFFSET(CRONOPLE!$F$14,$M74,AN$13)=\"\",10^12,OFFSET(CRONOPLE!$F$14,$M74,AN$13))))","v":1000000000000},{"$f":"IF($D74<>\"Serviço\",0,IF(AND(AUTOEVENTO=\"Manual\",$M74=1),0,IF(OFFSET(CRONOPLE!$F$14,$M74,AO$13)=\"\",10^12,OFFSET(CRONOPLE!$F$14,$M74,AO$13))))","v":1000000000000},{"$f":"IF($D74<>\"Serviço\",0,IF(AND(AUTOEVENTO=\"Manual\",$M74=1),0,IF(OFFSET(CRONOPLE!$F$14,$M74,AP$13)=\"\",10^12,OFFSET(CRONOPLE!$F$14,$M74,AP$13))))","v":1000000000000},{"$f":"IF($D74<>\"Serviço\",0,IF(AND(AUTOEVENTO=\"Manual\",$M74=1),0,IF(OFFSET(CRONOPLE!$F$14,$M74,AQ$13)=\"\",10^12,OFFSET(CRONOPLE!$F$14,$M74,AQ$13))))","v":1000000000000},{"$f":"IF($D74<>\"Serviço\",0,IF(AND(AUTOEVENTO=\"Manual\",$M74=1),0,IF(OFFSET(CRONOPLE!$F$14,$M74,AR$13)=\"\",10^12,OFFSET(CRONOPLE!$F$14,$M74,AR$13))))","v":1000000000000},{"$f":"IF($D74<>\"Serviço\",0,IF(AND(AUTOEVENTO=\"Manual\",$M74=1),0,IF(OFFSET(CRONOPLE!$F$14,$M74,AS$13)=\"\",10^12,OFFSET(CRONOPLE!$F$14,$M74,AS$13))))","v":1000000000000},{"$f":"IF($D74<>\"Serviço\",0,IF(AND(AUTOEVENTO=\"Manual\",$M74=1),0,IF(OFFSET(CRONOPLE!$F$14,$M74,AT$13)=\"\",10^12,OFFSET(CRONOPLE!$F$14,$M74,AT$13))))","v":1000000000000},{"$f":"IF($D74<>\"Serviço\",0,IF(AND(AUTOEVENTO=\"Manual\",$M74=1),0,IF(OFFSET(CRONOPLE!$F$14,$M74,AU$13)=\"\",10^12,OFFSET(CRONOPLE!$F$14,$M74,AU$13))))","v":1000000000000},{"$f":"IF($D74<>\"Serviço\",0,IF(AND(AUTOEVENTO=\"Manual\",$M74=1),0,IF(OFFSET(CRONOPLE!$F$14,$M74,AV$13)=\"\",10^12,OFFSET(CRONOPLE!$F$14,$M74,AV$13))))","v":1000000000000},null,{"$f":"IF($D74<>\"Serviço\",0,IF(OR(AND(AUTOEVENTO=\"Manual\",$M74=1),$M74>(ROW(PLE.lastrow)-ROW(PLE.firstrow))),0,IF(OFFSET(PLE!$G$14,$M74,AX$13)=\"\",10^12,OFFSET(PLE!$G$14,$M74,AX$13))))","v":1000000000000},{"$f":"IF($D74<>\"Serviço\",0,IF(OR(AND(AUTOEVENTO=\"Manual\",$M74=1),$M74>(ROW(PLE.lastrow)-ROW(PLE.firstrow))),0,IF(OFFSET(PLE!$G$14,$M74,AY$13)=\"\",10^12,OFFSET(PLE!$G$14,$M74,AY$13))))","v":1000000000000},{"$f":"IF($D74<>\"Serviço\",0,IF(OR(AND(AUTOEVENTO=\"Manual\",$M74=1),$M74>(ROW(PLE.lastrow)-ROW(PLE.firstrow))),0,IF(OFFSET(PLE!$G$14,$M74,AZ$13)=\"\",10^12,OFFSET(PLE!$G$14,$M74,AZ$13))))","v":1000000000000},{"$f":"IF($D74<>\"Serviço\",0,IF(OR(AND(AUTOEVENTO=\"Manual\",$M74=1),$M74>(ROW(PLE.lastrow)-ROW(PLE.firstrow))),0,IF(OFFSET(PLE!$G$14,$M74,BA$13)=\"\",10^12,OFFSET(PLE!$G$14,$M74,BA$13))))","v":1000000000000},{"$f":"IF($D74<>\"Serviço\",0,IF(OR(AND(AUTOEVENTO=\"Manual\",$M74=1),$M74>(ROW(PLE.lastrow)-ROW(PLE.firstrow))),0,IF(OFFSET(PLE!$G$14,$M74,BB$13)=\"\",10^12,OFFSET(PLE!$G$14,$M74,BB$13))))","v":1000000000000},{"$f":"IF($D74<>\"Serviço\",0,IF(OR(AND(AUTOEVENTO=\"Manual\",$M74=1),$M74>(ROW(PLE.lastrow)-ROW(PLE.firstrow))),0,IF(OFFSET(PLE!$G$14,$M74,BC$13)=\"\",10^12,OFFSET(PLE!$G$14,$M74,BC$13))))","v":1000000000000},{"$f":"IF($D74<>\"Serviço\",0,IF(OR(AND(AUTOEVENTO=\"Manual\",$M74=1),$M74>(ROW(PLE.lastrow)-ROW(PLE.firstrow))),0,IF(OFFSET(PLE!$G$14,$M74,BD$13)=\"\",10^12,OFFSET(PLE!$G$14,$M74,BD$13))))","v":1000000000000},{"$f":"IF($D74<>\"Serviço\",0,IF(OR(AND(AUTOEVENTO=\"Manual\",$M74=1),$M74>(ROW(PLE.lastrow)-ROW(PLE.firstrow))),0,IF(OFFSET(PLE!$G$14,$M74,BE$13)=\"\",10^12,OFFSET(PLE!$G$14,$M74,BE$13))))","v":1000000000000},{"$f":"IF($D74<>\"Serviço\",0,IF(OR(AND(AUTOEVENTO=\"Manual\",$M74=1),$M74>(ROW(PLE.lastrow)-ROW(PLE.firstrow))),0,IF(OFFSET(PLE!$G$14,$M74,BF$13)=\"\",10^12,OFFSET(PLE!$G$14,$M74,BF$13))))","v":1000000000000},{"$f":"IF($D74<>\"Serviço\",0,IF(OR(AND(AUTOEVENTO=\"Manual\",$M74=1),$M74>(ROW(PLE.lastrow)-ROW(PLE.firstrow))),0,IF(OFFSET(PLE!$G$14,$M74,BG$13)=\"\",10^12,OFFSET(PLE!$G$14,$M74,BG$13))))","v":1000000000000}]
["47",{"$f":"OFFSET(ORÇAMENTO!C$15,ROW(B75)-ROW(B$15),0)","v":"S"},{"$f":"OFFSET(ORÇAMENTO!L$15,ROW(C75)-ROW(C$15),0)","v":"F"},{"$f":"OFFSET(ORÇAMENTO!N$15,ROW(D75)-ROW(D$15),0)","v":"Serviço"},{"$f":"OFFSET(ORÇAMENTO!O$15,ROW(E75)-ROW(E$15),0)","v":"1.3.0.13."},{"$f":"OFFSET(ORÇAMENTO!R$15,ROW(F75)-ROW(F$15),0)","v":"CONCRETAGEM DE BLOCOS DE COROAMENTO E VIGAS BALDRAMES, FCK 30 MPA, COM USO DE BOMBA \u0096 LANÇAMENTO, ADENSAMENTO E ACABAMENTO. AF_06/2017"},{"$f":"IF($D75<>\"Serviço\",\"\",OFFSET(ORÇAMENTO!S$15,ROW(G75)-ROW(G$15),0))","v":"M3"},{"$f":"IF($D75<>\"Serviço\",0,IF(ACOMPANHAMENTO=\"BM\",ROUND(OFFSET(ORÇAMENTO!AJ$15,ROW(H75)-ROW(H$15),0),15-13*ORÇAMENTO!$AF$7),SUMPRODUCT(($Q$12:$AA$12<>\"\")*ROUND($Q75:$AA75,15-13*ORÇAMENTO!$AF$7))))","v":4.37},null,null,null,".",{"$f":"IF($D75<>\"Serviço\",\"\",IF(AUTOEVENTO=\"manual\",$A75,IF(ISERROR(MATCH($A75,$A$15:OFFSET($A75,-1,0),0)),MAX($M$15:OFFSET(M75,-1,0))+1,INDEX($M$15:OFFSET(M75,-1,0),MATCH($A75,$A$15:OFFSET($A75,-1,0),0)))))","v":4},{"$f":"IF($D75<>\"Serviço\",\"\",IF(AUTOEVENTO=\"Manual\",IF($A75=0,\"<-- defina o número do agrupador\",OFFSET(EVENTOS!$D$14,$A75,0)),OFFSET($F$15,$A75,0)))","v":"INFRAESTRUTURA"},null,null,null,null,null,null,null,null,null,null,null,null,null,{"$f":"IF(AND($D75=\"Serviço\",AB$12<>0,$H75>0,OR(AUTOEVENTO<>\"manual\",$M75<>1)),\nIF(Import.TipoArredondamento<>\"TransfereGOV\",\nROUND(OFFSET($P75,0,AB$13),15-13*ORÇAMENTO!$AF$7)/$H75*OFFSET(ORÇAMENTO!$X$15,ROW(AB75)-ROW(AB$15),0),\nROUND(ROUND(OFFSET($P75,0,AB$13),15-13*ORÇAMENTO!$AF$7)*OFFSET(ORÇAMENTO!$W$15,ROW(AB75)-ROW(AB$15),0),15-13*ORÇAMENTO!$AF$11)),0)","v":0},{"$f":"IF(AND($D75=\"Serviço\",AC$12<>0,$H75>0,OR(AUTOEVENTO<>\"manual\",$M75<>1)),\nIF(Import.TipoArredondamento<>\"TransfereGOV\",\nROUND(OFFSET($P75,0,AC$13),15-13*ORÇAMENTO!$AF$7)/$H75*OFFSET(ORÇAMENTO!$X$15,ROW(AC75)-ROW(AC$15),0),\nROUND(ROUND(OFFSET($P75,0,AC$13),15-13*ORÇAMENTO!$AF$7)*OFFSET(ORÇAMENTO!$W$15,ROW(AC75)-ROW(AC$15),0),15-13*ORÇAMENTO!$AF$11)),0)","v":0},{"$f":"IF(AND($D75=\"Serviço\",AD$12<>0,$H75>0,OR(AUTOEVENTO<>\"manual\",$M75<>1)),\nIF(Import.TipoArredondamento<>\"TransfereGOV\",\nROUND(OFFSET($P75,0,AD$13),15-13*ORÇAMENTO!$AF$7)/$H75*OFFSET(ORÇAMENTO!$X$15,ROW(AD75)-ROW(AD$15),0),\nROUND(ROUND(OFFSET($P75,0,AD$13),15-13*ORÇAMENTO!$AF$7)*OFFSET(ORÇAMENTO!$W$15,ROW(AD75)-ROW(AD$15),0),15-13*ORÇAMENTO!$AF$11)),0)","v":0},{"$f":"IF(AND($D75=\"Serviço\",AE$12<>0,$H75>0,OR(AUTOEVENTO<>\"manual\",$M75<>1)),\nIF(Import.TipoArredondamento<>\"TransfereGOV\",\nROUND(OFFSET($P75,0,AE$13),15-13*ORÇAMENTO!$AF$7)/$H75*OFFSET(ORÇAMENTO!$X$15,ROW(AE75)-ROW(AE$15),0),\nROUND(ROUND(OFFSET($P75,0,AE$13),15-13*ORÇAMENTO!$AF$7)*OFFSET(ORÇAMENTO!$W$15,ROW(AE75)-ROW(AE$15),0),15-13*ORÇAMENTO!$AF$11)),0)","v":0},{"$f":"IF(AND($D75=\"Serviço\",AF$12<>0,$H75>0,OR(AUTOEVENTO<>\"manual\",$M75<>1)),\nIF(Import.TipoArredondamento<>\"TransfereGOV\",\nROUND(OFFSET($P75,0,AF$13),15-13*ORÇAMENTO!$AF$7)/$H75*OFFSET(ORÇAMENTO!$X$15,ROW(AF75)-ROW(AF$15),0),\nROUND(ROUND(OFFSET($P75,0,AF$13),15-13*ORÇAMENTO!$AF$7)*OFFSET(ORÇAMENTO!$W$15,ROW(AF75)-ROW(AF$15),0),15-13*ORÇAMENTO!$AF$11)),0)","v":0},{"$f":"IF(AND($D75=\"Serviço\",AG$12<>0,$H75>0,OR(AUTOEVENTO<>\"manual\",$M75<>1)),\nIF(Import.TipoArredondamento<>\"TransfereGOV\",\nROUND(OFFSET($P75,0,AG$13),15-13*ORÇAMENTO!$AF$7)/$H75*OFFSET(ORÇAMENTO!$X$15,ROW(AG75)-ROW(AG$15),0),\nROUND(ROUND(OFFSET($P75,0,AG$13),15-13*ORÇAMENTO!$AF$7)*OFFSET(ORÇAMENTO!$W$15,ROW(AG75)-ROW(AG$15),0),15-13*ORÇAMENTO!$AF$11)),0)","v":0},{"$f":"IF(AND($D75=\"Serviço\",AH$12<>0,$H75>0,OR(AUTOEVENTO<>\"manual\",$M75<>1)),\nIF(Import.TipoArredondamento<>\"TransfereGOV\",\nROUND(OFFSET($P75,0,AH$13),15-13*ORÇAMENTO!$AF$7)/$H75*OFFSET(ORÇAMENTO!$X$15,ROW(AH75)-ROW(AH$15),0),\nROUND(ROUND(OFFSET($P75,0,AH$13),15-13*ORÇAMENTO!$AF$7)*OFFSET(ORÇAMENTO!$W$15,ROW(AH75)-ROW(AH$15),0),15-13*ORÇAMENTO!$AF$11)),0)","v":0},{"$f":"IF(AND($D75=\"Serviço\",AI$12<>0,$H75>0,OR(AUTOEVENTO<>\"manual\",$M75<>1)),\nIF(Import.TipoArredondamento<>\"TransfereGOV\",\nROUND(OFFSET($P75,0,AI$13),15-13*ORÇAMENTO!$AF$7)/$H75*OFFSET(ORÇAMENTO!$X$15,ROW(AI75)-ROW(AI$15),0),\nROUND(ROUND(OFFSET($P75,0,AI$13),15-13*ORÇAMENTO!$AF$7)*OFFSET(ORÇAMENTO!$W$15,ROW(AI75)-ROW(AI$15),0),15-13*ORÇAMENTO!$AF$11)),0)","v":0},{"$f":"IF(AND($D75=\"Serviço\",AJ$12<>0,$H75>0,OR(AUTOEVENTO<>\"manual\",$M75<>1)),\nIF(Import.TipoArredondamento<>\"TransfereGOV\",\nROUND(OFFSET($P75,0,AJ$13),15-13*ORÇAMENTO!$AF$7)/$H75*OFFSET(ORÇAMENTO!$X$15,ROW(AJ75)-ROW(AJ$15),0),\nROUND(ROUND(OFFSET($P75,0,AJ$13),15-13*ORÇAMENTO!$AF$7)*OFFSET(ORÇAMENTO!$W$15,ROW(AJ75)-ROW(AJ$15),0),15-13*ORÇAMENTO!$AF$11)),0)","v":0},{"$f":"IF(AND($D75=\"Serviço\",AK$12<>0,$H75>0,OR(AUTOEVENTO<>\"manual\",$M75<>1)),\nIF(Import.TipoArredondamento<>\"TransfereGOV\",\nROUND(OFFSET($P75,0,AK$13),15-13*ORÇAMENTO!$AF$7)/$H75*OFFSET(ORÇAMENTO!$X$15,ROW(AK75)-ROW(AK$15),0),\nROUND(ROUND(OFFSET($P75,0,AK$13),15-13*ORÇAMENTO!$AF$7)*OFFSET(ORÇAMENTO!$W$15,ROW(AK75)-ROW(AK$15),0),15-13*ORÇAMENTO!$AF$11)),0)","v":0},null,{"$f":"IF($D75<>\"Serviço\",0,IF(AND(AUTOEVENTO=\"Manual\",$M75=1),0,IF(OFFSET(CRONOPLE!$F$14,$M75,AM$13)=\"\",10^12,OFFSET(CRONOPLE!$F$14,$M75,AM$13))))","v":1000000000000},{"$f":"IF($D75<>\"Serviço\",0,IF(AND(AUTOEVENTO=\"Manual\",$M75=1),0,IF(OFFSET(CRONOPLE!$F$14,$M75,AN$13)=\"\",10^12,OFFSET(CRONOPLE!$F$14,$M75,AN$13))))","v":1000000000000},{"$f":"IF($D75<>\"Serviço\",0,IF(AND(AUTOEVENTO=\"Manual\",$M75=1),0,IF(OFFSET(CRONOPLE!$F$14,$M75,AO$13)=\"\",10^12,OFFSET(CRONOPLE!$F$14,$M75,AO$13))))","v":1000000000000},{"$f":"IF($D75<>\"Serviço\",0,IF(AND(AUTOEVENTO=\"Manual\",$M75=1),0,IF(OFFSET(CRONOPLE!$F$14,$M75,AP$13)=\"\",10^12,OFFSET(CRONOPLE!$F$14,$M75,AP$13))))","v":1000000000000},{"$f":"IF($D75<>\"Serviço\",0,IF(AND(AUTOEVENTO=\"Manual\",$M75=1),0,IF(OFFSET(CRONOPLE!$F$14,$M75,AQ$13)=\"\",10^12,OFFSET(CRONOPLE!$F$14,$M75,AQ$13))))","v":1000000000000},{"$f":"IF($D75<>\"Serviço\",0,IF(AND(AUTOEVENTO=\"Manual\",$M75=1),0,IF(OFFSET(CRONOPLE!$F$14,$M75,AR$13)=\"\",10^12,OFFSET(CRONOPLE!$F$14,$M75,AR$13))))","v":1000000000000},{"$f":"IF($D75<>\"Serviço\",0,IF(AND(AUTOEVENTO=\"Manual\",$M75=1),0,IF(OFFSET(CRONOPLE!$F$14,$M75,AS$13)=\"\",10^12,OFFSET(CRONOPLE!$F$14,$M75,AS$13))))","v":1000000000000},{"$f":"IF($D75<>\"Serviço\",0,IF(AND(AUTOEVENTO=\"Manual\",$M75=1),0,IF(OFFSET(CRONOPLE!$F$14,$M75,AT$13)=\"\",10^12,OFFSET(CRONOPLE!$F$14,$M75,AT$13))))","v":1000000000000},{"$f":"IF($D75<>\"Serviço\",0,IF(AND(AUTOEVENTO=\"Manual\",$M75=1),0,IF(OFFSET(CRONOPLE!$F$14,$M75,AU$13)=\"\",10^12,OFFSET(CRONOPLE!$F$14,$M75,AU$13))))","v":1000000000000},{"$f":"IF($D75<>\"Serviço\",0,IF(AND(AUTOEVENTO=\"Manual\",$M75=1),0,IF(OFFSET(CRONOPLE!$F$14,$M75,AV$13)=\"\",10^12,OFFSET(CRONOPLE!$F$14,$M75,AV$13))))","v":1000000000000},null,{"$f":"IF($D75<>\"Serviço\",0,IF(OR(AND(AUTOEVENTO=\"Manual\",$M75=1),$M75>(ROW(PLE.lastrow)-ROW(PLE.firstrow))),0,IF(OFFSET(PLE!$G$14,$M75,AX$13)=\"\",10^12,OFFSET(PLE!$G$14,$M75,AX$13))))","v":1000000000000},{"$f":"IF($D75<>\"Serviço\",0,IF(OR(AND(AUTOEVENTO=\"Manual\",$M75=1),$M75>(ROW(PLE.lastrow)-ROW(PLE.firstrow))),0,IF(OFFSET(PLE!$G$14,$M75,AY$13)=\"\",10^12,OFFSET(PLE!$G$14,$M75,AY$13))))","v":1000000000000},{"$f":"IF($D75<>\"Serviço\",0,IF(OR(AND(AUTOEVENTO=\"Manual\",$M75=1),$M75>(ROW(PLE.lastrow)-ROW(PLE.firstrow))),0,IF(OFFSET(PLE!$G$14,$M75,AZ$13)=\"\",10^12,OFFSET(PLE!$G$14,$M75,AZ$13))))","v":1000000000000},{"$f":"IF($D75<>\"Serviço\",0,IF(OR(AND(AUTOEVENTO=\"Manual\",$M75=1),$M75>(ROW(PLE.lastrow)-ROW(PLE.firstrow))),0,IF(OFFSET(PLE!$G$14,$M75,BA$13)=\"\",10^12,OFFSET(PLE!$G$14,$M75,BA$13))))","v":1000000000000},{"$f":"IF($D75<>\"Serviço\",0,IF(OR(AND(AUTOEVENTO=\"Manual\",$M75=1),$M75>(ROW(PLE.lastrow)-ROW(PLE.firstrow))),0,IF(OFFSET(PLE!$G$14,$M75,BB$13)=\"\",10^12,OFFSET(PLE!$G$14,$M75,BB$13))))","v":1000000000000},{"$f":"IF($D75<>\"Serviço\",0,IF(OR(AND(AUTOEVENTO=\"Manual\",$M75=1),$M75>(ROW(PLE.lastrow)-ROW(PLE.firstrow))),0,IF(OFFSET(PLE!$G$14,$M75,BC$13)=\"\",10^12,OFFSET(PLE!$G$14,$M75,BC$13))))","v":1000000000000},{"$f":"IF($D75<>\"Serviço\",0,IF(OR(AND(AUTOEVENTO=\"Manual\",$M75=1),$M75>(ROW(PLE.lastrow)-ROW(PLE.firstrow))),0,IF(OFFSET(PLE!$G$14,$M75,BD$13)=\"\",10^12,OFFSET(PLE!$G$14,$M75,BD$13))))","v":1000000000000},{"$f":"IF($D75<>\"Serviço\",0,IF(OR(AND(AUTOEVENTO=\"Manual\",$M75=1),$M75>(ROW(PLE.lastrow)-ROW(PLE.firstrow))),0,IF(OFFSET(PLE!$G$14,$M75,BE$13)=\"\",10^12,OFFSET(PLE!$G$14,$M75,BE$13))))","v":1000000000000},{"$f":"IF($D75<>\"Serviço\",0,IF(OR(AND(AUTOEVENTO=\"Manual\",$M75=1),$M75>(ROW(PLE.lastrow)-ROW(PLE.firstrow))),0,IF(OFFSET(PLE!$G$14,$M75,BF$13)=\"\",10^12,OFFSET(PLE!$G$14,$M75,BF$13))))","v":1000000000000},{"$f":"IF($D75<>\"Serviço\",0,IF(OR(AND(AUTOEVENTO=\"Manual\",$M75=1),$M75>(ROW(PLE.lastrow)-ROW(PLE.firstrow))),0,IF(OFFSET(PLE!$G$14,$M75,BG$13)=\"\",10^12,OFFSET(PLE!$G$14,$M75,BG$13))))","v":1000000000000}]
["47",{"$f":"OFFSET(ORÇAMENTO!C$15,ROW(B76)-ROW(B$15),0)","v":"S"},{"$f":"OFFSET(ORÇAMENTO!L$15,ROW(C76)-ROW(C$15),0)","v":"F"},{"$f":"OFFSET(ORÇAMENTO!N$15,ROW(D76)-ROW(D$15),0)","v":"Serviço"},{"$f":"OFFSET(ORÇAMENTO!O$15,ROW(E76)-ROW(E$15),0)","v":"1.3.0.14."},{"$f":"OFFSET(ORÇAMENTO!R$15,ROW(F76)-ROW(F$15),0)","v":"IMPERMEABILIZAÇÃO DE SUPERFÍCIE COM ARGAMASSA POLIMÉRICA / MEMBRANA ACRÍLICA, 3 DEMÃOS. AF_09/2023"},{"$f":"IF($D76<>\"Serviço\",\"\",OFFSET(ORÇAMENTO!S$15,ROW(G76)-ROW(G$15),0))","v":"M2"},{"$f":"IF($D76<>\"Serviço\",0,IF(ACOMPANHAMENTO=\"BM\",ROUND(OFFSET(ORÇAMENTO!AJ$15,ROW(H76)-ROW(H$15),0),15-13*ORÇAMENTO!$AF$7),SUMPRODUCT(($Q$12:$AA$12<>\"\")*ROUND($Q76:$AA76,15-13*ORÇAMENTO!$AF$7))))","v":44.29},null,null,null,".",{"$f":"IF($D76<>\"Serviço\",\"\",IF(AUTOEVENTO=\"manual\",$A76,IF(ISERROR(MATCH($A76,$A$15:OFFSET($A76,-1,0),0)),MAX($M$15:OFFSET(M76,-1,0))+1,INDEX($M$15:OFFSET(M76,-1,0),MATCH($A76,$A$15:OFFSET($A76,-1,0),0)))))","v":4},{"$f":"IF($D76<>\"Serviço\",\"\",IF(AUTOEVENTO=\"Manual\",IF($A76=0,\"<-- defina o número do agrupador\",OFFSET(EVENTOS!$D$14,$A76,0)),OFFSET($F$15,$A76,0)))","v":"INFRAESTRUTURA"},null,null,null,null,null,null,null,null,null,null,null,null,null,{"$f":"IF(AND($D76=\"Serviço\",AB$12<>0,$H76>0,OR(AUTOEVENTO<>\"manual\",$M76<>1)),\nIF(Import.TipoArredondamento<>\"TransfereGOV\",\nROUND(OFFSET($P76,0,AB$13),15-13*ORÇAMENTO!$AF$7)/$H76*OFFSET(ORÇAMENTO!$X$15,ROW(AB76)-ROW(AB$15),0),\nROUND(ROUND(OFFSET($P76,0,AB$13),15-13*ORÇAMENTO!$AF$7)*OFFSET(ORÇAMENTO!$W$15,ROW(AB76)-ROW(AB$15),0),15-13*ORÇAMENTO!$AF$11)),0)","v":0},{"$f":"IF(AND($D76=\"Serviço\",AC$12<>0,$H76>0,OR(AUTOEVENTO<>\"manual\",$M76<>1)),\nIF(Import.TipoArredondamento<>\"TransfereGOV\",\nROUND(OFFSET($P76,0,AC$13),15-13*ORÇAMENTO!$AF$7)/$H76*OFFSET(ORÇAMENTO!$X$15,ROW(AC76)-ROW(AC$15),0),\nROUND(ROUND(OFFSET($P76,0,AC$13),15-13*ORÇAMENTO!$AF$7)*OFFSET(ORÇAMENTO!$W$15,ROW(AC76)-ROW(AC$15),0),15-13*ORÇAMENTO!$AF$11)),0)","v":0},{"$f":"IF(AND($D76=\"Serviço\",AD$12<>0,$H76>0,OR(AUTOEVENTO<>\"manual\",$M76<>1)),\nIF(Import.TipoArredondamento<>\"TransfereGOV\",\nROUND(OFFSET($P76,0,AD$13),15-13*ORÇAMENTO!$AF$7)/$H76*OFFSET(ORÇAMENTO!$X$15,ROW(AD76)-ROW(AD$15),0),\nROUND(ROUND(OFFSET($P76,0,AD$13),15-13*ORÇAMENTO!$AF$7)*OFFSET(ORÇAMENTO!$W$15,ROW(AD76)-ROW(AD$15),0),15-13*ORÇAMENTO!$AF$11)),0)","v":0},{"$f":"IF(AND($D76=\"Serviço\",AE$12<>0,$H76>0,OR(AUTOEVENTO<>\"manual\",$M76<>1)),\nIF(Import.TipoArredondamento<>\"TransfereGOV\",\nROUND(OFFSET($P76,0,AE$13),15-13*ORÇAMENTO!$AF$7)/$H76*OFFSET(ORÇAMENTO!$X$15,ROW(AE76)-ROW(AE$15),0),\nROUND(ROUND(OFFSET($P76,0,AE$13),15-13*ORÇAMENTO!$AF$7)*OFFSET(ORÇAMENTO!$W$15,ROW(AE76)-ROW(AE$15),0),15-13*ORÇAMENTO!$AF$11)),0)","v":0},{"$f":"IF(AND($D76=\"Serviço\",AF$12<>0,$H76>0,OR(AUTOEVENTO<>\"manual\",$M76<>1)),\nIF(Import.TipoArredondamento<>\"TransfereGOV\",\nROUND(OFFSET($P76,0,AF$13),15-13*ORÇAMENTO!$AF$7)/$H76*OFFSET(ORÇAMENTO!$X$15,ROW(AF76)-ROW(AF$15),0),\nROUND(ROUND(OFFSET($P76,0,AF$13),15-13*ORÇAMENTO!$AF$7)*OFFSET(ORÇAMENTO!$W$15,ROW(AF76)-ROW(AF$15),0),15-13*ORÇAMENTO!$AF$11)),0)","v":0},{"$f":"IF(AND($D76=\"Serviço\",AG$12<>0,$H76>0,OR(AUTOEVENTO<>\"manual\",$M76<>1)),\nIF(Import.TipoArredondamento<>\"TransfereGOV\",\nROUND(OFFSET($P76,0,AG$13),15-13*ORÇAMENTO!$AF$7)/$H76*OFFSET(ORÇAMENTO!$X$15,ROW(AG76)-ROW(AG$15),0),\nROUND(ROUND(OFFSET($P76,0,AG$13),15-13*ORÇAMENTO!$AF$7)*OFFSET(ORÇAMENTO!$W$15,ROW(AG76)-ROW(AG$15),0),15-13*ORÇAMENTO!$AF$11)),0)","v":0},{"$f":"IF(AND($D76=\"Serviço\",AH$12<>0,$H76>0,OR(AUTOEVENTO<>\"manual\",$M76<>1)),\nIF(Import.TipoArredondamento<>\"TransfereGOV\",\nROUND(OFFSET($P76,0,AH$13),15-13*ORÇAMENTO!$AF$7)/$H76*OFFSET(ORÇAMENTO!$X$15,ROW(AH76)-ROW(AH$15),0),\nROUND(ROUND(OFFSET($P76,0,AH$13),15-13*ORÇAMENTO!$AF$7)*OFFSET(ORÇAMENTO!$W$15,ROW(AH76)-ROW(AH$15),0),15-13*ORÇAMENTO!$AF$11)),0)","v":0},{"$f":"IF(AND($D76=\"Serviço\",AI$12<>0,$H76>0,OR(AUTOEVENTO<>\"manual\",$M76<>1)),\nIF(Import.TipoArredondamento<>\"TransfereGOV\",\nROUND(OFFSET($P76,0,AI$13),15-13*ORÇAMENTO!$AF$7)/$H76*OFFSET(ORÇAMENTO!$X$15,ROW(AI76)-ROW(AI$15),0),\nROUND(ROUND(OFFSET($P76,0,AI$13),15-13*ORÇAMENTO!$AF$7)*OFFSET(ORÇAMENTO!$W$15,ROW(AI76)-ROW(AI$15),0),15-13*ORÇAMENTO!$AF$11)),0)","v":0},{"$f":"IF(AND($D76=\"Serviço\",AJ$12<>0,$H76>0,OR(AUTOEVENTO<>\"manual\",$M76<>1)),\nIF(Import.TipoArredondamento<>\"TransfereGOV\",\nROUND(OFFSET($P76,0,AJ$13),15-13*ORÇAMENTO!$AF$7)/$H76*OFFSET(ORÇAMENTO!$X$15,ROW(AJ76)-ROW(AJ$15),0),\nROUND(ROUND(OFFSET($P76,0,AJ$13),15-13*ORÇAMENTO!$AF$7)*OFFSET(ORÇAMENTO!$W$15,ROW(AJ76)-ROW(AJ$15),0),15-13*ORÇAMENTO!$AF$11)),0)","v":0},{"$f":"IF(AND($D76=\"Serviço\",AK$12<>0,$H76>0,OR(AUTOEVENTO<>\"manual\",$M76<>1)),\nIF(Import.TipoArredondamento<>\"TransfereGOV\",\nROUND(OFFSET($P76,0,AK$13),15-13*ORÇAMENTO!$AF$7)/$H76*OFFSET(ORÇAMENTO!$X$15,ROW(AK76)-ROW(AK$15),0),\nROUND(ROUND(OFFSET($P76,0,AK$13),15-13*ORÇAMENTO!$AF$7)*OFFSET(ORÇAMENTO!$W$15,ROW(AK76)-ROW(AK$15),0),15-13*ORÇAMENTO!$AF$11)),0)","v":0},null,{"$f":"IF($D76<>\"Serviço\",0,IF(AND(AUTOEVENTO=\"Manual\",$M76=1),0,IF(OFFSET(CRONOPLE!$F$14,$M76,AM$13)=\"\",10^12,OFFSET(CRONOPLE!$F$14,$M76,AM$13))))","v":1000000000000},{"$f":"IF($D76<>\"Serviço\",0,IF(AND(AUTOEVENTO=\"Manual\",$M76=1),0,IF(OFFSET(CRONOPLE!$F$14,$M76,AN$13)=\"\",10^12,OFFSET(CRONOPLE!$F$14,$M76,AN$13))))","v":1000000000000},{"$f":"IF($D76<>\"Serviço\",0,IF(AND(AUTOEVENTO=\"Manual\",$M76=1),0,IF(OFFSET(CRONOPLE!$F$14,$M76,AO$13)=\"\",10^12,OFFSET(CRONOPLE!$F$14,$M76,AO$13))))","v":1000000000000},{"$f":"IF($D76<>\"Serviço\",0,IF(AND(AUTOEVENTO=\"Manual\",$M76=1),0,IF(OFFSET(CRONOPLE!$F$14,$M76,AP$13)=\"\",10^12,OFFSET(CRONOPLE!$F$14,$M76,AP$13))))","v":1000000000000},{"$f":"IF($D76<>\"Serviço\",0,IF(AND(AUTOEVENTO=\"Manual\",$M76=1),0,IF(OFFSET(CRONOPLE!$F$14,$M76,AQ$13)=\"\",10^12,OFFSET(CRONOPLE!$F$14,$M76,AQ$13))))","v":1000000000000},{"$f":"IF($D76<>\"Serviço\",0,IF(AND(AUTOEVENTO=\"Manual\",$M76=1),0,IF(OFFSET(CRONOPLE!$F$14,$M76,AR$13)=\"\",10^12,OFFSET(CRONOPLE!$F$14,$M76,AR$13))))","v":1000000000000},{"$f":"IF($D76<>\"Serviço\",0,IF(AND(AUTOEVENTO=\"Manual\",$M76=1),0,IF(OFFSET(CRONOPLE!$F$14,$M76,AS$13)=\"\",10^12,OFFSET(CRONOPLE!$F$14,$M76,AS$13))))","v":1000000000000},{"$f":"IF($D76<>\"Serviço\",0,IF(AND(AUTOEVENTO=\"Manual\",$M76=1),0,IF(OFFSET(CRONOPLE!$F$14,$M76,AT$13)=\"\",10^12,OFFSET(CRONOPLE!$F$14,$M76,AT$13))))","v":1000000000000},{"$f":"IF($D76<>\"Serviço\",0,IF(AND(AUTOEVENTO=\"Manual\",$M76=1),0,IF(OFFSET(CRONOPLE!$F$14,$M76,AU$13)=\"\",10^12,OFFSET(CRONOPLE!$F$14,$M76,AU$13))))","v":1000000000000},{"$f":"IF($D76<>\"Serviço\",0,IF(AND(AUTOEVENTO=\"Manual\",$M76=1),0,IF(OFFSET(CRONOPLE!$F$14,$M76,AV$13)=\"\",10^12,OFFSET(CRONOPLE!$F$14,$M76,AV$13))))","v":1000000000000},null,{"$f":"IF($D76<>\"Serviço\",0,IF(OR(AND(AUTOEVENTO=\"Manual\",$M76=1),$M76>(ROW(PLE.lastrow)-ROW(PLE.firstrow))),0,IF(OFFSET(PLE!$G$14,$M76,AX$13)=\"\",10^12,OFFSET(PLE!$G$14,$M76,AX$13))))","v":1000000000000},{"$f":"IF($D76<>\"Serviço\",0,IF(OR(AND(AUTOEVENTO=\"Manual\",$M76=1),$M76>(ROW(PLE.lastrow)-ROW(PLE.firstrow))),0,IF(OFFSET(PLE!$G$14,$M76,AY$13)=\"\",10^12,OFFSET(PLE!$G$14,$M76,AY$13))))","v":1000000000000},{"$f":"IF($D76<>\"Serviço\",0,IF(OR(AND(AUTOEVENTO=\"Manual\",$M76=1),$M76>(ROW(PLE.lastrow)-ROW(PLE.firstrow))),0,IF(OFFSET(PLE!$G$14,$M76,AZ$13)=\"\",10^12,OFFSET(PLE!$G$14,$M76,AZ$13))))","v":1000000000000},{"$f":"IF($D76<>\"Serviço\",0,IF(OR(AND(AUTOEVENTO=\"Manual\",$M76=1),$M76>(ROW(PLE.lastrow)-ROW(PLE.firstrow))),0,IF(OFFSET(PLE!$G$14,$M76,BA$13)=\"\",10^12,OFFSET(PLE!$G$14,$M76,BA$13))))","v":1000000000000},{"$f":"IF($D76<>\"Serviço\",0,IF(OR(AND(AUTOEVENTO=\"Manual\",$M76=1),$M76>(ROW(PLE.lastrow)-ROW(PLE.firstrow))),0,IF(OFFSET(PLE!$G$14,$M76,BB$13)=\"\",10^12,OFFSET(PLE!$G$14,$M76,BB$13))))","v":1000000000000},{"$f":"IF($D76<>\"Serviço\",0,IF(OR(AND(AUTOEVENTO=\"Manual\",$M76=1),$M76>(ROW(PLE.lastrow)-ROW(PLE.firstrow))),0,IF(OFFSET(PLE!$G$14,$M76,BC$13)=\"\",10^12,OFFSET(PLE!$G$14,$M76,BC$13))))","v":1000000000000},{"$f":"IF($D76<>\"Serviço\",0,IF(OR(AND(AUTOEVENTO=\"Manual\",$M76=1),$M76>(ROW(PLE.lastrow)-ROW(PLE.firstrow))),0,IF(OFFSET(PLE!$G$14,$M76,BD$13)=\"\",10^12,OFFSET(PLE!$G$14,$M76,BD$13))))","v":1000000000000},{"$f":"IF($D76<>\"Serviço\",0,IF(OR(AND(AUTOEVENTO=\"Manual\",$M76=1),$M76>(ROW(PLE.lastrow)-ROW(PLE.firstrow))),0,IF(OFFSET(PLE!$G$14,$M76,BE$13)=\"\",10^12,OFFSET(PLE!$G$14,$M76,BE$13))))","v":1000000000000},{"$f":"IF($D76<>\"Serviço\",0,IF(OR(AND(AUTOEVENTO=\"Manual\",$M76=1),$M76>(ROW(PLE.lastrow)-ROW(PLE.firstrow))),0,IF(OFFSET(PLE!$G$14,$M76,BF$13)=\"\",10^12,OFFSET(PLE!$G$14,$M76,BF$13))))","v":1000000000000},{"$f":"IF($D76<>\"Serviço\",0,IF(OR(AND(AUTOEVENTO=\"Manual\",$M76=1),$M76>(ROW(PLE.lastrow)-ROW(PLE.firstrow))),0,IF(OFFSET(PLE!$G$14,$M76,BG$13)=\"\",10^12,OFFSET(PLE!$G$14,$M76,BG$13))))","v":1000000000000}]
["47",{"$f":"OFFSET(ORÇAMENTO!C$15,ROW(B77)-ROW(B$15),0)","v":"S"},{"$f":"OFFSET(ORÇAMENTO!L$15,ROW(C77)-ROW(C$15),0)","v":""},{"$f":"OFFSET(ORÇAMENTO!N$15,ROW(D77)-ROW(D$15),0)","v":"Serviço"},{"$f":"OFFSET(ORÇAMENTO!O$15,ROW(E77)-ROW(E$15),0)","v":"-"},{"$f":"OFFSET(ORÇAMENTO!R$15,ROW(F77)-ROW(F$15),0)","v":"(Sem Código)"},{"$f":"IF($D77<>\"Serviço\",\"\",OFFSET(ORÇAMENTO!S$15,ROW(G77)-ROW(G$15),0))","v":"-"},{"$f":"IF($D77<>\"Serviço\",0,IF(ACOMPANHAMENTO=\"BM\",ROUND(OFFSET(ORÇAMENTO!AJ$15,ROW(H77)-ROW(H$15),0),15-13*ORÇAMENTO!$AF$7),SUMPRODUCT(($Q$12:$AA$12<>\"\")*ROUND($Q77:$AA77,15-13*ORÇAMENTO!$AF$7))))","v":0},null,null,null,".",{"$f":"IF($D77<>\"Serviço\",\"\",IF(AUTOEVENTO=\"manual\",$A77,IF(ISERROR(MATCH($A77,$A$15:OFFSET($A77,-1,0),0)),MAX($M$15:OFFSET(M77,-1,0))+1,INDEX($M$15:OFFSET(M77,-1,0),MATCH($A77,$A$15:OFFSET($A77,-1,0),0)))))","v":4},{"$f":"IF($D77<>\"Serviço\",\"\",IF(AUTOEVENTO=\"Manual\",IF($A77=0,\"<-- defina o número do agrupador\",OFFSET(EVENTOS!$D$14,$A77,0)),OFFSET($F$15,$A77,0)))","v":"INFRAESTRUTURA"},null,null,null,null,null,null,null,null,null,null,null,null,null,{"$f":"IF(AND($D77=\"Serviço\",AB$12<>0,$H77>0,OR(AUTOEVENTO<>\"manual\",$M77<>1)),\nIF(Import.TipoArredondamento<>\"TransfereGOV\",\nROUND(OFFSET($P77,0,AB$13),15-13*ORÇAMENTO!$AF$7)/$H77*OFFSET(ORÇAMENTO!$X$15,ROW(AB77)-ROW(AB$15),0),\nROUND(ROUND(OFFSET($P77,0,AB$13),15-13*ORÇAMENTO!$AF$7)*OFFSET(ORÇAMENTO!$W$15,ROW(AB77)-ROW(AB$15),0),15-13*ORÇAMENTO!$AF$11)),0)","v":0},{"$f":"IF(AND($D77=\"Serviço\",AC$12<>0,$H77>0,OR(AUTOEVENTO<>\"manual\",$M77<>1)),\nIF(Import.TipoArredondamento<>\"TransfereGOV\",\nROUND(OFFSET($P77,0,AC$13),15-13*ORÇAMENTO!$AF$7)/$H77*OFFSET(ORÇAMENTO!$X$15,ROW(AC77)-ROW(AC$15),0),\nROUND(ROUND(OFFSET($P77,0,AC$13),15-13*ORÇAMENTO!$AF$7)*OFFSET(ORÇAMENTO!$W$15,ROW(AC77)-ROW(AC$15),0),15-13*ORÇAMENTO!$AF$11)),0)","v":0},{"$f":"IF(AND($D77=\"Serviço\",AD$12<>0,$H77>0,OR(AUTOEVENTO<>\"manual\",$M77<>1)),\nIF(Import.TipoArredondamento<>\"TransfereGOV\",\nROUND(OFFSET($P77,0,AD$13),15-13*ORÇAMENTO!$AF$7)/$H77*OFFSET(ORÇAMENTO!$X$15,ROW(AD77)-ROW(AD$15),0),\nROUND(ROUND(OFFSET($P77,0,AD$13),15-13*ORÇAMENTO!$AF$7)*OFFSET(ORÇAMENTO!$W$15,ROW(AD77)-ROW(AD$15),0),15-13*ORÇAMENTO!$AF$11)),0)","v":0},{"$f":"IF(AND($D77=\"Serviço\",AE$12<>0,$H77>0,OR(AUTOEVENTO<>\"manual\",$M77<>1)),\nIF(Import.TipoArredondamento<>\"TransfereGOV\",\nROUND(OFFSET($P77,0,AE$13),15-13*ORÇAMENTO!$AF$7)/$H77*OFFSET(ORÇAMENTO!$X$15,ROW(AE77)-ROW(AE$15),0),\nROUND(ROUND(OFFSET($P77,0,AE$13),15-13*ORÇAMENTO!$AF$7)*OFFSET(ORÇAMENTO!$W$15,ROW(AE77)-ROW(AE$15),0),15-13*ORÇAMENTO!$AF$11)),0)","v":0},{"$f":"IF(AND($D77=\"Serviço\",AF$12<>0,$H77>0,OR(AUTOEVENTO<>\"manual\",$M77<>1)),\nIF(Import.TipoArredondamento<>\"TransfereGOV\",\nROUND(OFFSET($P77,0,AF$13),15-13*ORÇAMENTO!$AF$7)/$H77*OFFSET(ORÇAMENTO!$X$15,ROW(AF77)-ROW(AF$15),0),\nROUND(ROUND(OFFSET($P77,0,AF$13),15-13*ORÇAMENTO!$AF$7)*OFFSET(ORÇAMENTO!$W$15,ROW(AF77)-ROW(AF$15),0),15-13*ORÇAMENTO!$AF$11)),0)","v":0},{"$f":"IF(AND($D77=\"Serviço\",AG$12<>0,$H77>0,OR(AUTOEVENTO<>\"manual\",$M77<>1)),\nIF(Import.TipoArredondamento<>\"TransfereGOV\",\nROUND(OFFSET($P77,0,AG$13),15-13*ORÇAMENTO!$AF$7)/$H77*OFFSET(ORÇAMENTO!$X$15,ROW(AG77)-ROW(AG$15),0),\nROUND(ROUND(OFFSET($P77,0,AG$13),15-13*ORÇAMENTO!$AF$7)*OFFSET(ORÇAMENTO!$W$15,ROW(AG77)-ROW(AG$15),0),15-13*ORÇAMENTO!$AF$11)),0)","v":0},{"$f":"IF(AND($D77=\"Serviço\",AH$12<>0,$H77>0,OR(AUTOEVENTO<>\"manual\",$M77<>1)),\nIF(Import.TipoArredondamento<>\"TransfereGOV\",\nROUND(OFFSET($P77,0,AH$13),15-13*ORÇAMENTO!$AF$7)/$H77*OFFSET(ORÇAMENTO!$X$15,ROW(AH77)-ROW(AH$15),0),\nROUND(ROUND(OFFSET($P77,0,AH$13),15-13*ORÇAMENTO!$AF$7)*OFFSET(ORÇAMENTO!$W$15,ROW(AH77)-ROW(AH$15),0),15-13*ORÇAMENTO!$AF$11)),0)","v":0},{"$f":"IF(AND($D77=\"Serviço\",AI$12<>0,$H77>0,OR(AUTOEVENTO<>\"manual\",$M77<>1)),\nIF(Import.TipoArredondamento<>\"TransfereGOV\",\nROUND(OFFSET($P77,0,AI$13),15-13*ORÇAMENTO!$AF$7)/$H77*OFFSET(ORÇAMENTO!$X$15,ROW(AI77)-ROW(AI$15),0),\nROUND(ROUND(OFFSET($P77,0,AI$13),15-13*ORÇAMENTO!$AF$7)*OFFSET(ORÇAMENTO!$W$15,ROW(AI77)-ROW(AI$15),0),15-13*ORÇAMENTO!$AF$11)),0)","v":0},{"$f":"IF(AND($D77=\"Serviço\",AJ$12<>0,$H77>0,OR(AUTOEVENTO<>\"manual\",$M77<>1)),\nIF(Import.TipoArredondamento<>\"TransfereGOV\",\nROUND(OFFSET($P77,0,AJ$13),15-13*ORÇAMENTO!$AF$7)/$H77*OFFSET(ORÇAMENTO!$X$15,ROW(AJ77)-ROW(AJ$15),0),\nROUND(ROUND(OFFSET($P77,0,AJ$13),15-13*ORÇAMENTO!$AF$7)*OFFSET(ORÇAMENTO!$W$15,ROW(AJ77)-ROW(AJ$15),0),15-13*ORÇAMENTO!$AF$11)),0)","v":0},{"$f":"IF(AND($D77=\"Serviço\",AK$12<>0,$H77>0,OR(AUTOEVENTO<>\"manual\",$M77<>1)),\nIF(Import.TipoArredondamento<>\"TransfereGOV\",\nROUND(OFFSET($P77,0,AK$13),15-13*ORÇAMENTO!$AF$7)/$H77*OFFSET(ORÇAMENTO!$X$15,ROW(AK77)-ROW(AK$15),0),\nROUND(ROUND(OFFSET($P77,0,AK$13),15-13*ORÇAMENTO!$AF$7)*OFFSET(ORÇAMENTO!$W$15,ROW(AK77)-ROW(AK$15),0),15-13*ORÇAMENTO!$AF$11)),0)","v":0},null,{"$f":"IF($D77<>\"Serviço\",0,IF(AND(AUTOEVENTO=\"Manual\",$M77=1),0,IF(OFFSET(CRONOPLE!$F$14,$M77,AM$13)=\"\",10^12,OFFSET(CRONOPLE!$F$14,$M77,AM$13))))","v":1000000000000},{"$f":"IF($D77<>\"Serviço\",0,IF(AND(AUTOEVENTO=\"Manual\",$M77=1),0,IF(OFFSET(CRONOPLE!$F$14,$M77,AN$13)=\"\",10^12,OFFSET(CRONOPLE!$F$14,$M77,AN$13))))","v":1000000000000},{"$f":"IF($D77<>\"Serviço\",0,IF(AND(AUTOEVENTO=\"Manual\",$M77=1),0,IF(OFFSET(CRONOPLE!$F$14,$M77,AO$13)=\"\",10^12,OFFSET(CRONOPLE!$F$14,$M77,AO$13))))","v":1000000000000},{"$f":"IF($D77<>\"Serviço\",0,IF(AND(AUTOEVENTO=\"Manual\",$M77=1),0,IF(OFFSET(CRONOPLE!$F$14,$M77,AP$13)=\"\",10^12,OFFSET(CRONOPLE!$F$14,$M77,AP$13))))","v":1000000000000},{"$f":"IF($D77<>\"Serviço\",0,IF(AND(AUTOEVENTO=\"Manual\",$M77=1),0,IF(OFFSET(CRONOPLE!$F$14,$M77,AQ$13)=\"\",10^12,OFFSET(CRONOPLE!$F$14,$M77,AQ$13))))","v":1000000000000},{"$f":"IF($D77<>\"Serviço\",0,IF(AND(AUTOEVENTO=\"Manual\",$M77=1),0,IF(OFFSET(CRONOPLE!$F$14,$M77,AR$13)=\"\",10^12,OFFSET(CRONOPLE!$F$14,$M77,AR$13))))","v":1000000000000},{"$f":"IF($D77<>\"Serviço\",0,IF(AND(AUTOEVENTO=\"Manual\",$M77=1),0,IF(OFFSET(CRONOPLE!$F$14,$M77,AS$13)=\"\",10^12,OFFSET(CRONOPLE!$F$14,$M77,AS$13))))","v":1000000000000},{"$f":"IF($D77<>\"Serviço\",0,IF(AND(AUTOEVENTO=\"Manual\",$M77=1),0,IF(OFFSET(CRONOPLE!$F$14,$M77,AT$13)=\"\",10^12,OFFSET(CRONOPLE!$F$14,$M77,AT$13))))","v":1000000000000},{"$f":"IF($D77<>\"Serviço\",0,IF(AND(AUTOEVENTO=\"Manual\",$M77=1),0,IF(OFFSET(CRONOPLE!$F$14,$M77,AU$13)=\"\",10^12,OFFSET(CRONOPLE!$F$14,$M77,AU$13))))","v":1000000000000},{"$f":"IF($D77<>\"Serviço\",0,IF(AND(AUTOEVENTO=\"Manual\",$M77=1),0,IF(OFFSET(CRONOPLE!$F$14,$M77,AV$13)=\"\",10^12,OFFSET(CRONOPLE!$F$14,$M77,AV$13))))","v":1000000000000},null,{"$f":"IF($D77<>\"Serviço\",0,IF(OR(AND(AUTOEVENTO=\"Manual\",$M77=1),$M77>(ROW(PLE.lastrow)-ROW(PLE.firstrow))),0,IF(OFFSET(PLE!$G$14,$M77,AX$13)=\"\",10^12,OFFSET(PLE!$G$14,$M77,AX$13))))","v":1000000000000},{"$f":"IF($D77<>\"Serviço\",0,IF(OR(AND(AUTOEVENTO=\"Manual\",$M77=1),$M77>(ROW(PLE.lastrow)-ROW(PLE.firstrow))),0,IF(OFFSET(PLE!$G$14,$M77,AY$13)=\"\",10^12,OFFSET(PLE!$G$14,$M77,AY$13))))","v":1000000000000},{"$f":"IF($D77<>\"Serviço\",0,IF(OR(AND(AUTOEVENTO=\"Manual\",$M77=1),$M77>(ROW(PLE.lastrow)-ROW(PLE.firstrow))),0,IF(OFFSET(PLE!$G$14,$M77,AZ$13)=\"\",10^12,OFFSET(PLE!$G$14,$M77,AZ$13))))","v":1000000000000},{"$f":"IF($D77<>\"Serviço\",0,IF(OR(AND(AUTOEVENTO=\"Manual\",$M77=1),$M77>(ROW(PLE.lastrow)-ROW(PLE.firstrow))),0,IF(OFFSET(PLE!$G$14,$M77,BA$13)=\"\",10^12,OFFSET(PLE!$G$14,$M77,BA$13))))","v":1000000000000},{"$f":"IF($D77<>\"Serviço\",0,IF(OR(AND(AUTOEVENTO=\"Manual\",$M77=1),$M77>(ROW(PLE.lastrow)-ROW(PLE.firstrow))),0,IF(OFFSET(PLE!$G$14,$M77,BB$13)=\"\",10^12,OFFSET(PLE!$G$14,$M77,BB$13))))","v":1000000000000},{"$f":"IF($D77<>\"Serviço\",0,IF(OR(AND(AUTOEVENTO=\"Manual\",$M77=1),$M77>(ROW(PLE.lastrow)-ROW(PLE.firstrow))),0,IF(OFFSET(PLE!$G$14,$M77,BC$13)=\"\",10^12,OFFSET(PLE!$G$14,$M77,BC$13))))","v":1000000000000},{"$f":"IF($D77<>\"Serviço\",0,IF(OR(AND(AUTOEVENTO=\"Manual\",$M77=1),$M77>(ROW(PLE.lastrow)-ROW(PLE.firstrow))),0,IF(OFFSET(PLE!$G$14,$M77,BD$13)=\"\",10^12,OFFSET(PLE!$G$14,$M77,BD$13))))","v":1000000000000},{"$f":"IF($D77<>\"Serviço\",0,IF(OR(AND(AUTOEVENTO=\"Manual\",$M77=1),$M77>(ROW(PLE.lastrow)-ROW(PLE.firstrow))),0,IF(OFFSET(PLE!$G$14,$M77,BE$13)=\"\",10^12,OFFSET(PLE!$G$14,$M77,BE$13))))","v":1000000000000},{"$f":"IF($D77<>\"Serviço\",0,IF(OR(AND(AUTOEVENTO=\"Manual\",$M77=1),$M77>(ROW(PLE.lastrow)-ROW(PLE.firstrow))),0,IF(OFFSET(PLE!$G$14,$M77,BF$13)=\"\",10^12,OFFSET(PLE!$G$14,$M77,BF$13))))","v":1000000000000},{"$f":"IF($D77<>\"Serviço\",0,IF(OR(AND(AUTOEVENTO=\"Manual\",$M77=1),$M77>(ROW(PLE.lastrow)-ROW(PLE.firstrow))),0,IF(OFFSET(PLE!$G$14,$M77,BG$13)=\"\",10^12,OFFSET(PLE!$G$14,$M77,BG$13))))","v":1000000000000}]
[{"$f":"IF(AUTOEVENTO=\"Manual\",IF(K78<>\"\",MIN(VALUE(LEFT(K78,FIND(\".\",K78)-1)),COUNTA(EVENTOS.Lista)),0),IF(OR($B78>AUTOEVENTO,$B78=\"S\",$B78=0),SUBSTITUTE(OFFSET($A78,-1,0),IF($D78=\"Serviço\",\".\",\"\"),\"\"),ROW(A78)-ROW($A$15)&\".\"))","v":"47"},{"$f":"OFFSET(ORÇAMENTO!C$15,ROW(B78)-ROW(B$15),0)","v":"S"},{"$f":"OFFSET(ORÇAMENTO!L$15,ROW(C78)-ROW(C$15),0)","v":""},{"$f":"OFFSET(ORÇAMENTO!N$15,ROW(D78)-ROW(D$15),0)","v":"Serviço"},{"$f":"OFFSET(ORÇAMENTO!O$15,ROW(E78)-ROW(E$15),0)","v":"-"},{"$f":"OFFSET(ORÇAMENTO!R$15,ROW(F78)-ROW(F$15),0)","v":"(Sem Código)"},{"$f":"IF($D78<>\"Serviço\",\"\",OFFSET(ORÇAMENTO!S$15,ROW(G78)-ROW(G$15),0))","v":"-"},{"$f":"IF($D78<>\"Serviço\",0,IF(ACOMPANHAMENTO=\"BM\",ROUND(OFFSET(ORÇAMENTO!AJ$15,ROW(H78)-ROW(H$15),0),15-13*ORÇAMENTO!$AF$7),SUMPRODUCT(($Q$12:$AA$12<>\"\")*ROUND($Q78:$AA78,15-13*ORÇAMENTO!$AF$7))))","v":0},null,null,null,".",{"$f":"IF($D78<>\"Serviço\",\"\",IF(AUTOEVENTO=\"manual\",$A78,IF(ISERROR(MATCH($A78,$A$15:OFFSET($A78,-1,0),0)),MAX($M$15:OFFSET(M78,-1,0))+1,INDEX($M$15:OFFSET(M78,-1,0),MATCH($A78,$A$15:OFFSET($A78,-1,0),0)))))","v":4},{"$f":"IF($D78<>\"Serviço\",\"\",IF(AUTOEVENTO=\"Manual\",IF($A78=0,\"<-- defina o número do agrupador\",OFFSET(EVENTOS!$D$14,$A78,0)),OFFSET($F$15,$A78,0)))","v":"INFRAESTRUTURA"},null,null,null,null,null,null,null,null,null,null,null,null,null,{"$f":"IF(AND($D78=\"Serviço\",AB$12<>0,$H78>0,OR(AUTOEVENTO<>\"manual\",$M78<>1)),\nIF(Import.TipoArredondamento<>\"TransfereGOV\",\nROUND(OFFSET($P78,0,AB$13),15-13*ORÇAMENTO!$AF$7)/$H78*OFFSET(ORÇAMENTO!$X$15,ROW(AB78)-ROW(AB$15),0),\nROUND(ROUND(OFFSET($P78,0,AB$13),15-13*ORÇAMENTO!$AF$7)*OFFSET(ORÇAMENTO!$W$15,ROW(AB78)-ROW(AB$15),0),15-13*ORÇAMENTO!$AF$11)),0)","v":0},{"$f":"IF(AND($D78=\"Serviço\",AC$12<>0,$H78>0,OR(AUTOEVENTO<>\"manual\",$M78<>1)),\nIF(Import.TipoArredondamento<>\"TransfereGOV\",\nROUND(OFFSET($P78,0,AC$13),15-13*ORÇAMENTO!$AF$7)/$H78*OFFSET(ORÇAMENTO!$X$15,ROW(AC78)-ROW(AC$15),0),\nROUND(ROUND(OFFSET($P78,0,AC$13),15-13*ORÇAMENTO!$AF$7)*OFFSET(ORÇAMENTO!$W$15,ROW(AC78)-ROW(AC$15),0),15-13*ORÇAMENTO!$AF$11)),0)","v":0},{"$f":"IF(AND($D78=\"Serviço\",AD$12<>0,$H78>0,OR(AUTOEVENTO<>\"manual\",$M78<>1)),\nIF(Import.TipoArredondamento<>\"TransfereGOV\",\nROUND(OFFSET($P78,0,AD$13),15-13*ORÇAMENTO!$AF$7)/$H78*OFFSET(ORÇAMENTO!$X$15,ROW(AD78)-ROW(AD$15),0),\nROUND(ROUND(OFFSET($P78,0,AD$13),15-13*ORÇAMENTO!$AF$7)*OFFSET(ORÇAMENTO!$W$15,ROW(AD78)-ROW(AD$15),0),15-13*ORÇAMENTO!$AF$11)),0)","v":0},{"$f":"IF(AND($D78=\"Serviço\",AE$12<>0,$H78>0,OR(AUTOEVENTO<>\"manual\",$M78<>1)),\nIF(Import.TipoArredondamento<>\"TransfereGOV\",\nROUND(OFFSET($P78,0,AE$13),15-13*ORÇAMENTO!$AF$7)/$H78*OFFSET(ORÇAMENTO!$X$15,ROW(AE78)-ROW(AE$15),0),\nROUND(ROUND(OFFSET($P78,0,AE$13),15-13*ORÇAMENTO!$AF$7)*OFFSET(ORÇAMENTO!$W$15,ROW(AE78)-ROW(AE$15),0),15-13*ORÇAMENTO!$AF$11)),0)","v":0},{"$f":"IF(AND($D78=\"Serviço\",AF$12<>0,$H78>0,OR(AUTOEVENTO<>\"manual\",$M78<>1)),\nIF(Import.TipoArredondamento<>\"TransfereGOV\",\nROUND(OFFSET($P78,0,AF$13),15-13*ORÇAMENTO!$AF$7)/$H78*OFFSET(ORÇAMENTO!$X$15,ROW(AF78)-ROW(AF$15),0),\nROUND(ROUND(OFFSET($P78,0,AF$13),15-13*ORÇAMENTO!$AF$7)*OFFSET(ORÇAMENTO!$W$15,ROW(AF78)-ROW(AF$15),0),15-13*ORÇAMENTO!$AF$11)),0)","v":0},{"$f":"IF(AND($D78=\"Serviço\",AG$12<>0,$H78>0,OR(AUTOEVENTO<>\"manual\",$M78<>1)),\nIF(Import.TipoArredondamento<>\"TransfereGOV\",\nROUND(OFFSET($P78,0,AG$13),15-13*ORÇAMENTO!$AF$7)/$H78*OFFSET(ORÇAMENTO!$X$15,ROW(AG78)-ROW(AG$15),0),\nROUND(ROUND(OFFSET($P78,0,AG$13),15-13*ORÇAMENTO!$AF$7)*OFFSET(ORÇAMENTO!$W$15,ROW(AG78)-ROW(AG$15),0),15-13*ORÇAMENTO!$AF$11)),0)","v":0},{"$f":"IF(AND($D78=\"Serviço\",AH$12<>0,$H78>0,OR(AUTOEVENTO<>\"manual\",$M78<>1)),\nIF(Import.TipoArredondamento<>\"TransfereGOV\",\nROUND(OFFSET($P78,0,AH$13),15-13*ORÇAMENTO!$AF$7)/$H78*OFFSET(ORÇAMENTO!$X$15,ROW(AH78)-ROW(AH$15),0),\nROUND(ROUND(OFFSET($P78,0,AH$13),15-13*ORÇAMENTO!$AF$7)*OFFSET(ORÇAMENTO!$W$15,ROW(AH78)-ROW(AH$15),0),15-13*ORÇAMENTO!$AF$11)),0)","v":0},{"$f":"IF(AND($D78=\"Serviço\",AI$12<>0,$H78>0,OR(AUTOEVENTO<>\"manual\",$M78<>1)),\nIF(Import.TipoArredondamento<>\"TransfereGOV\",\nROUND(OFFSET($P78,0,AI$13),15-13*ORÇAMENTO!$AF$7)/$H78*OFFSET(ORÇAMENTO!$X$15,ROW(AI78)-ROW(AI$15),0),\nROUND(ROUND(OFFSET($P78,0,AI$13),15-13*ORÇAMENTO!$AF$7)*OFFSET(ORÇAMENTO!$W$15,ROW(AI78)-ROW(AI$15),0),15-13*ORÇAMENTO!$AF$11)),0)","v":0},{"$f":"IF(AND($D78=\"Serviço\",AJ$12<>0,$H78>0,OR(AUTOEVENTO<>\"manual\",$M78<>1)),\nIF(Import.TipoArredondamento<>\"TransfereGOV\",\nROUND(OFFSET($P78,0,AJ$13),15-13*ORÇAMENTO!$AF$7)/$H78*OFFSET(ORÇAMENTO!$X$15,ROW(AJ78)-ROW(AJ$15),0),\nROUND(ROUND(OFFSET($P78,0,AJ$13),15-13*ORÇAMENTO!$AF$7)*OFFSET(ORÇAMENTO!$W$15,ROW(AJ78)-ROW(AJ$15),0),15-13*ORÇAMENTO!$AF$11)),0)","v":0},{"$f":"IF(AND($D78=\"Serviço\",AK$12<>0,$H78>0,OR(AUTOEVENTO<>\"manual\",$M78<>1)),\nIF(Import.TipoArredondamento<>\"TransfereGOV\",\nROUND(OFFSET($P78,0,AK$13),15-13*ORÇAMENTO!$AF$7)/$H78*OFFSET(ORÇAMENTO!$X$15,ROW(AK78)-ROW(AK$15),0),\nROUND(ROUND(OFFSET($P78,0,AK$13),15-13*ORÇAMENTO!$AF$7)*OFFSET(ORÇAMENTO!$W$15,ROW(AK78)-ROW(AK$15),0),15-13*ORÇAMENTO!$AF$11)),0)","v":0},null,{"$f":"IF($D78<>\"Serviço\",0,IF(AND(AUTOEVENTO=\"Manual\",$M78=1),0,IF(OFFSET(CRONOPLE!$F$14,$M78,AM$13)=\"\",10^12,OFFSET(CRONOPLE!$F$14,$M78,AM$13))))","v":1000000000000},{"$f":"IF($D78<>\"Serviço\",0,IF(AND(AUTOEVENTO=\"Manual\",$M78=1),0,IF(OFFSET(CRONOPLE!$F$14,$M78,AN$13)=\"\",10^12,OFFSET(CRONOPLE!$F$14,$M78,AN$13))))","v":1000000000000},{"$f":"IF($D78<>\"Serviço\",0,IF(AND(AUTOEVENTO=\"Manual\",$M78=1),0,IF(OFFSET(CRONOPLE!$F$14,$M78,AO$13)=\"\",10^12,OFFSET(CRONOPLE!$F$14,$M78,AO$13))))","v":1000000000000},{"$f":"IF($D78<>\"Serviço\",0,IF(AND(AUTOEVENTO=\"Manual\",$M78=1),0,IF(OFFSET(CRONOPLE!$F$14,$M78,AP$13)=\"\",10^12,OFFSET(CRONOPLE!$F$14,$M78,AP$13))))","v":1000000000000},{"$f":"IF($D78<>\"Serviço\",0,IF(AND(AUTOEVENTO=\"Manual\",$M78=1),0,IF(OFFSET(CRONOPLE!$F$14,$M78,AQ$13)=\"\",10^12,OFFSET(CRONOPLE!$F$14,$M78,AQ$13))))","v":1000000000000},{"$f":"IF($D78<>\"Serviço\",0,IF(AND(AUTOEVENTO=\"Manual\",$M78=1),0,IF(OFFSET(CRONOPLE!$F$14,$M78,AR$13)=\"\",10^12,OFFSET(CRONOPLE!$F$14,$M78,AR$13))))","v":1000000000000},{"$f":"IF($D78<>\"Serviço\",0,IF(AND(AUTOEVENTO=\"Manual\",$M78=1),0,IF(OFFSET(CRONOPLE!$F$14,$M78,AS$13)=\"\",10^12,OFFSET(CRONOPLE!$F$14,$M78,AS$13))))","v":1000000000000},{"$f":"IF($D78<>\"Serviço\",0,IF(AND(AUTOEVENTO=\"Manual\",$M78=1),0,IF(OFFSET(CRONOPLE!$F$14,$M78,AT$13)=\"\",10^12,OFFSET(CRONOPLE!$F$14,$M78,AT$13))))","v":1000000000000},{"$f":"IF($D78<>\"Serviço\",0,IF(AND(AUTOEVENTO=\"Manual\",$M78=1),0,IF(OFFSET(CRONOPLE!$F$14,$M78,AU$13)=\"\",10^12,OFFSET(CRONOPLE!$F$14,$M78,AU$13))))","v":1000000000000},{"$f":"IF($D78<>\"Serviço\",0,IF(AND(AUTOEVENTO=\"Manual\",$M78=1),0,IF(OFFSET(CRONOPLE!$F$14,$M78,AV$13)=\"\",10^12,OFFSET(CRONOPLE!$F$14,$M78,AV$13))))","v":1000000000000},null,{"$f":"IF($D78<>\"Serviço\",0,IF(OR(AND(AUTOEVENTO=\"Manual\",$M78=1),$M78>(ROW(PLE.lastrow)-ROW(PLE.firstrow))),0,IF(OFFSET(PLE!$G$14,$M78,AX$13)=\"\",10^12,OFFSET(PLE!$G$14,$M78,AX$13))))","v":1000000000000},{"$f":"IF($D78<>\"Serviço\",0,IF(OR(AND(AUTOEVENTO=\"Manual\",$M78=1),$M78>(ROW(PLE.lastrow)-ROW(PLE.firstrow))),0,IF(OFFSET(PLE!$G$14,$M78,AY$13)=\"\",10^12,OFFSET(PLE!$G$14,$M78,AY$13))))","v":1000000000000},{"$f":"IF($D78<>\"Serviço\",0,IF(OR(AND(AUTOEVENTO=\"Manual\",$M78=1),$M78>(ROW(PLE.lastrow)-ROW(PLE.firstrow))),0,IF(OFFSET(PLE!$G$14,$M78,AZ$13)=\"\",10^12,OFFSET(PLE!$G$14,$M78,AZ$13))))","v":1000000000000},{"$f":"IF($D78<>\"Serviço\",0,IF(OR(AND(AUTOEVENTO=\"Manual\",$M78=1),$M78>(ROW(PLE.lastrow)-ROW(PLE.firstrow))),0,IF(OFFSET(PLE!$G$14,$M78,BA$13)=\"\",10^12,OFFSET(PLE!$G$14,$M78,BA$13))))","v":1000000000000},{"$f":"IF($D78<>\"Serviço\",0,IF(OR(AND(AUTOEVENTO=\"Manual\",$M78=1),$M78>(ROW(PLE.lastrow)-ROW(PLE.firstrow))),0,IF(OFFSET(PLE!$G$14,$M78,BB$13)=\"\",10^12,OFFSET(PLE!$G$14,$M78,BB$13))))","v":1000000000000},{"$f":"IF($D78<>\"Serviço\",0,IF(OR(AND(AUTOEVENTO=\"Manual\",$M78=1),$M78>(ROW(PLE.lastrow)-ROW(PLE.firstrow))),0,IF(OFFSET(PLE!$G$14,$M78,BC$13)=\"\",10^12,OFFSET(PLE!$G$14,$M78,BC$13))))","v":1000000000000},{"$f":"IF($D78<>\"Serviço\",0,IF(OR(AND(AUTOEVENTO=\"Manual\",$M78=1),$M78>(ROW(PLE.lastrow)-ROW(PLE.firstrow))),0,IF(OFFSET(PLE!$G$14,$M78,BD$13)=\"\",10^12,OFFSET(PLE!$G$14,$M78,BD$13))))","v":1000000000000},{"$f":"IF($D78<>\"Serviço\",0,IF(OR(AND(AUTOEVENTO=\"Manual\",$M78=1),$M78>(ROW(PLE.lastrow)-ROW(PLE.firstrow))),0,IF(OFFSET(PLE!$G$14,$M78,BE$13)=\"\",10^12,OFFSET(PLE!$G$14,$M78,BE$13))))","v":1000000000000},{"$f":"IF($D78<>\"Serviço\",0,IF(OR(AND(AUTOEVENTO=\"Manual\",$M78=1),$M78>(ROW(PLE.lastrow)-ROW(PLE.firstrow))),0,IF(OFFSET(PLE!$G$14,$M78,BF$13)=\"\",10^12,OFFSET(PLE!$G$14,$M78,BF$13))))","v":1000000000000},{"$f":"IF($D78<>\"Serviço\",0,IF(OR(AND(AUTOEVENTO=\"Manual\",$M78=1),$M78>(ROW(PLE.lastrow)-ROW(PLE.firstrow))),0,IF(OFFSET(PLE!$G$14,$M78,BG$13)=\"\",10^12,OFFSET(PLE!$G$14,$M78,BG$13))))","v":1000000000000}]
[{"$f":"IF(AUTOEVENTO=\"Manual\",IF(K79<>\"\",MIN(VALUE(LEFT(K79,FIND(\".\",K79)-1)),COUNTA(EVENTOS.Lista)),0),IF(OR($B79>AUTOEVENTO,$B79=\"S\",$B79=0),SUBSTITUTE(OFFSET($A79,-1,0),IF($D79=\"Serviço\",\".\",\"\"),\"\"),ROW(A79)-ROW($A$15)&\".\"))","v":"47"},{"$f":"OFFSET(ORÇAMENTO!C$15,ROW(B79)-ROW(B$15),0)","v":"S"},{"$f":"OFFSET(ORÇAMENTO!L$15,ROW(C79)-ROW(C$15),0)","v":""},{"$f":"OFFSET(ORÇAMENTO!N$15,ROW(D79)-ROW(D$15),0)","v":"Serviço"},{"$f":"OFFSET(ORÇAMENTO!O$15,ROW(E79)-ROW(E$15),0)","v":"-"},{"$f":"OFFSET(ORÇAMENTO!R$15,ROW(F79)-ROW(F$15),0)","v":"(Sem Código)"},{"$f":"IF($D79<>\"Serviço\",\"\",OFFSET(ORÇAMENTO!S$15,ROW(G79)-ROW(G$15),0))","v":"-"},{"$f":"IF($D79<>\"Serviço\",0,IF(ACOMPANHAMENTO=\"BM\",ROUND(OFFSET(ORÇAMENTO!AJ$15,ROW(H79)-ROW(H$15),0),15-13*ORÇAMENTO!$AF$7),SUMPRODUCT(($Q$12:$AA$12<>\"\")*ROUND($Q79:$AA79,15-13*ORÇAMENTO!$AF$7))))","v":0},null,null,null,".",{"$f":"IF($D79<>\"Serviço\",\"\",IF(AUTOEVENTO=\"manual\",$A79,IF(ISERROR(MATCH($A79,$A$15:OFFSET($A79,-1,0),0)),MAX($M$15:OFFSET(M79,-1,0))+1,INDEX($M$15:OFFSET(M79,-1,0),MATCH($A79,$A$15:OFFSET($A79,-1,0),0)))))","v":4},{"$f":"IF($D79<>\"Serviço\",\"\",IF(AUTOEVENTO=\"Manual\",IF($A79=0,\"<-- defina o número do agrupador\",OFFSET(EVENTOS!$D$14,$A79,0)),OFFSET($F$15,$A79,0)))","v":"INFRAESTRUTURA"},null,null,null,null,null,null,null,null,null,null,null,null,null,{"$f":"IF(AND($D79=\"Serviço\",AB$12<>0,$H79>0,OR(AUTOEVENTO<>\"manual\",$M79<>1)),\nIF(Import.TipoArredondamento<>\"TransfereGOV\",\nROUND(OFFSET($P79,0,AB$13),15-13*ORÇAMENTO!$AF$7)/$H79*OFFSET(ORÇAMENTO!$X$15,ROW(AB79)-ROW(AB$15),0),\nROUND(ROUND(OFFSET($P79,0,AB$13),15-13*ORÇAMENTO!$AF$7)*OFFSET(ORÇAMENTO!$W$15,ROW(AB79)-ROW(AB$15),0),15-13*ORÇAMENTO!$AF$11)),0)","v":0},{"$f":"IF(AND($D79=\"Serviço\",AC$12<>0,$H79>0,OR(AUTOEVENTO<>\"manual\",$M79<>1)),\nIF(Import.TipoArredondamento<>\"TransfereGOV\",\nROUND(OFFSET($P79,0,AC$13),15-13*ORÇAMENTO!$AF$7)/$H79*OFFSET(ORÇAMENTO!$X$15,ROW(AC79)-ROW(AC$15),0),\nROUND(ROUND(OFFSET($P79,0,AC$13),15-13*ORÇAMENTO!$AF$7)*OFFSET(ORÇAMENTO!$W$15,ROW(AC79)-ROW(AC$15),0),15-13*ORÇAMENTO!$AF$11)),0)","v":0},{"$f":"IF(AND($D79=\"Serviço\",AD$12<>0,$H79>0,OR(AUTOEVENTO<>\"manual\",$M79<>1)),\nIF(Import.TipoArredondamento<>\"TransfereGOV\",\nROUND(OFFSET($P79,0,AD$13),15-13*ORÇAMENTO!$AF$7)/$H79*OFFSET(ORÇAMENTO!$X$15,ROW(AD79)-ROW(AD$15),0),\nROUND(ROUND(OFFSET($P79,0,AD$13),15-13*ORÇAMENTO!$AF$7)*OFFSET(ORÇAMENTO!$W$15,ROW(AD79)-ROW(AD$15),0),15-13*ORÇAMENTO!$AF$11)),0)","v":0},{"$f":"IF(AND($D79=\"Serviço\",AE$12<>0,$H79>0,OR(AUTOEVENTO<>\"manual\",$M79<>1)),\nIF(Import.TipoArredondamento<>\"TransfereGOV\",\nROUND(OFFSET($P79,0,AE$13),15-13*ORÇAMENTO!$AF$7)/$H79*OFFSET(ORÇAMENTO!$X$15,ROW(AE79)-ROW(AE$15),0),\nROUND(ROUND(OFFSET($P79,0,AE$13),15-13*ORÇAMENTO!$AF$7)*OFFSET(ORÇAMENTO!$W$15,ROW(AE79)-ROW(AE$15),0),15-13*ORÇAMENTO!$AF$11)),0)","v":0},{"$f":"IF(AND($D79=\"Serviço\",AF$12<>0,$H79>0,OR(AUTOEVENTO<>\"manual\",$M79<>1)),\nIF(Import.TipoArredondamento<>\"TransfereGOV\",\nROUND(OFFSET($P79,0,AF$13),15-13*ORÇAMENTO!$AF$7)/$H79*OFFSET(ORÇAMENTO!$X$15,ROW(AF79)-ROW(AF$15),0),\nROUND(ROUND(OFFSET($P79,0,AF$13),15-13*ORÇAMENTO!$AF$7)*OFFSET(ORÇAMENTO!$W$15,ROW(AF79)-ROW(AF$15),0),15-13*ORÇAMENTO!$AF$11)),0)","v":0},{"$f":"IF(AND($D79=\"Serviço\",AG$12<>0,$H79>0,OR(AUTOEVENTO<>\"manual\",$M79<>1)),\nIF(Import.TipoArredondamento<>\"TransfereGOV\",\nROUND(OFFSET($P79,0,AG$13),15-13*ORÇAMENTO!$AF$7)/$H79*OFFSET(ORÇAMENTO!$X$15,ROW(AG79)-ROW(AG$15),0),\nROUND(ROUND(OFFSET($P79,0,AG$13),15-13*ORÇAMENTO!$AF$7)*OFFSET(ORÇAMENTO!$W$15,ROW(AG79)-ROW(AG$15),0),15-13*ORÇAMENTO!$AF$11)),0)","v":0},{"$f":"IF(AND($D79=\"Serviço\",AH$12<>0,$H79>0,OR(AUTOEVENTO<>\"manual\",$M79<>1)),\nIF(Import.TipoArredondamento<>\"TransfereGOV\",\nROUND(OFFSET($P79,0,AH$13),15-13*ORÇAMENTO!$AF$7)/$H79*OFFSET(ORÇAMENTO!$X$15,ROW(AH79)-ROW(AH$15),0),\nROUND(ROUND(OFFSET($P79,0,AH$13),15-13*ORÇAMENTO!$AF$7)*OFFSET(ORÇAMENTO!$W$15,ROW(AH79)-ROW(AH$15),0),15-13*ORÇAMENTO!$AF$11)),0)","v":0},{"$f":"IF(AND($D79=\"Serviço\",AI$12<>0,$H79>0,OR(AUTOEVENTO<>\"manual\",$M79<>1)),\nIF(Import.TipoArredondamento<>\"TransfereGOV\",\nROUND(OFFSET($P79,0,AI$13),15-13*ORÇAMENTO!$AF$7)/$H79*OFFSET(ORÇAMENTO!$X$15,ROW(AI79)-ROW(AI$15),0),\nROUND(ROUND(OFFSET($P79,0,AI$13),15-13*ORÇAMENTO!$AF$7)*OFFSET(ORÇAMENTO!$W$15,ROW(AI79)-ROW(AI$15),0),15-13*ORÇAMENTO!$AF$11)),0)","v":0},{"$f":"IF(AND($D79=\"Serviço\",AJ$12<>0,$H79>0,OR(AUTOEVENTO<>\"manual\",$M79<>1)),\nIF(Import.TipoArredondamento<>\"TransfereGOV\",\nROUND(OFFSET($P79,0,AJ$13),15-13*ORÇAMENTO!$AF$7)/$H79*OFFSET(ORÇAMENTO!$X$15,ROW(AJ79)-ROW(AJ$15),0),\nROUND(ROUND(OFFSET($P79,0,AJ$13),15-13*ORÇAMENTO!$AF$7)*OFFSET(ORÇAMENTO!$W$15,ROW(AJ79)-ROW(AJ$15),0),15-13*ORÇAMENTO!$AF$11)),0)","v":0},{"$f":"IF(AND($D79=\"Serviço\",AK$12<>0,$H79>0,OR(AUTOEVENTO<>\"manual\",$M79<>1)),\nIF(Import.TipoArredondamento<>\"TransfereGOV\",\nROUND(OFFSET($P79,0,AK$13),15-13*ORÇAMENTO!$AF$7)/$H79*OFFSET(ORÇAMENTO!$X$15,ROW(AK79)-ROW(AK$15),0),\nROUND(ROUND(OFFSET($P79,0,AK$13),15-13*ORÇAMENTO!$AF$7)*OFFSET(ORÇAMENTO!$W$15,ROW(AK79)-ROW(AK$15),0),15-13*ORÇAMENTO!$AF$11)),0)","v":0},null,{"$f":"IF($D79<>\"Serviço\",0,IF(AND(AUTOEVENTO=\"Manual\",$M79=1),0,IF(OFFSET(CRONOPLE!$F$14,$M79,AM$13)=\"\",10^12,OFFSET(CRONOPLE!$F$14,$M79,AM$13))))","v":1000000000000},{"$f":"IF($D79<>\"Serviço\",0,IF(AND(AUTOEVENTO=\"Manual\",$M79=1),0,IF(OFFSET(CRONOPLE!$F$14,$M79,AN$13)=\"\",10^12,OFFSET(CRONOPLE!$F$14,$M79,AN$13))))","v":1000000000000},{"$f":"IF($D79<>\"Serviço\",0,IF(AND(AUTOEVENTO=\"Manual\",$M79=1),0,IF(OFFSET(CRONOPLE!$F$14,$M79,AO$13)=\"\",10^12,OFFSET(CRONOPLE!$F$14,$M79,AO$13))))","v":1000000000000},{"$f":"IF($D79<>\"Serviço\",0,IF(AND(AUTOEVENTO=\"Manual\",$M79=1),0,IF(OFFSET(CRONOPLE!$F$14,$M79,AP$13)=\"\",10^12,OFFSET(CRONOPLE!$F$14,$M79,AP$13))))","v":1000000000000},{"$f":"IF($D79<>\"Serviço\",0,IF(AND(AUTOEVENTO=\"Manual\",$M79=1),0,IF(OFFSET(CRONOPLE!$F$14,$M79,AQ$13)=\"\",10^12,OFFSET(CRONOPLE!$F$14,$M79,AQ$13))))","v":1000000000000},{"$f":"IF($D79<>\"Serviço\",0,IF(AND(AUTOEVENTO=\"Manual\",$M79=1),0,IF(OFFSET(CRONOPLE!$F$14,$M79,AR$13)=\"\",10^12,OFFSET(CRONOPLE!$F$14,$M79,AR$13))))","v":1000000000000},{"$f":"IF($D79<>\"Serviço\",0,IF(AND(AUTOEVENTO=\"Manual\",$M79=1),0,IF(OFFSET(CRONOPLE!$F$14,$M79,AS$13)=\"\",10^12,OFFSET(CRONOPLE!$F$14,$M79,AS$13))))","v":1000000000000},{"$f":"IF($D79<>\"Serviço\",0,IF(AND(AUTOEVENTO=\"Manual\",$M79=1),0,IF(OFFSET(CRONOPLE!$F$14,$M79,AT$13)=\"\",10^12,OFFSET(CRONOPLE!$F$14,$M79,AT$13))))","v":1000000000000},{"$f":"IF($D79<>\"Serviço\",0,IF(AND(AUTOEVENTO=\"Manual\",$M79=1),0,IF(OFFSET(CRONOPLE!$F$14,$M79,AU$13)=\"\",10^12,OFFSET(CRONOPLE!$F$14,$M79,AU$13))))","v":1000000000000},{"$f":"IF($D79<>\"Serviço\",0,IF(AND(AUTOEVENTO=\"Manual\",$M79=1),0,IF(OFFSET(CRONOPLE!$F$14,$M79,AV$13)=\"\",10^12,OFFSET(CRONOPLE!$F$14,$M79,AV$13))))","v":1000000000000},null,{"$f":"IF($D79<>\"Serviço\",0,IF(OR(AND(AUTOEVENTO=\"Manual\",$M79=1),$M79>(ROW(PLE.lastrow)-ROW(PLE.firstrow))),0,IF(OFFSET(PLE!$G$14,$M79,AX$13)=\"\",10^12,OFFSET(PLE!$G$14,$M79,AX$13))))","v":1000000000000},{"$f":"IF($D79<>\"Serviço\",0,IF(OR(AND(AUTOEVENTO=\"Manual\",$M79=1),$M79>(ROW(PLE.lastrow)-ROW(PLE.firstrow))),0,IF(OFFSET(PLE!$G$14,$M79,AY$13)=\"\",10^12,OFFSET(PLE!$G$14,$M79,AY$13))))","v":1000000000000},{"$f":"IF($D79<>\"Serviço\",0,IF(OR(AND(AUTOEVENTO=\"Manual\",$M79=1),$M79>(ROW(PLE.lastrow)-ROW(PLE.firstrow))),0,IF(OFFSET(PLE!$G$14,$M79,AZ$13)=\"\",10^12,OFFSET(PLE!$G$14,$M79,AZ$13))))","v":1000000000000},{"$f":"IF($D79<>\"Serviço\",0,IF(OR(AND(AUTOEVENTO=\"Manual\",$M79=1),$M79>(ROW(PLE.lastrow)-ROW(PLE.firstrow))),0,IF(OFFSET(PLE!$G$14,$M79,BA$13)=\"\",10^12,OFFSET(PLE!$G$14,$M79,BA$13))))","v":1000000000000},{"$f":"IF($D79<>\"Serviço\",0,IF(OR(AND(AUTOEVENTO=\"Manual\",$M79=1),$M79>(ROW(PLE.lastrow)-ROW(PLE.firstrow))),0,IF(OFFSET(PLE!$G$14,$M79,BB$13)=\"\",10^12,OFFSET(PLE!$G$14,$M79,BB$13))))","v":1000000000000},{"$f":"IF($D79<>\"Serviço\",0,IF(OR(AND(AUTOEVENTO=\"Manual\",$M79=1),$M79>(ROW(PLE.lastrow)-ROW(PLE.firstrow))),0,IF(OFFSET(PLE!$G$14,$M79,BC$13)=\"\",10^12,OFFSET(PLE!$G$14,$M79,BC$13))))","v":1000000000000},{"$f":"IF($D79<>\"Serviço\",0,IF(OR(AND(AUTOEVENTO=\"Manual\",$M79=1),$M79>(ROW(PLE.lastrow)-ROW(PLE.firstrow))),0,IF(OFFSET(PLE!$G$14,$M79,BD$13)=\"\",10^12,OFFSET(PLE!$G$14,$M79,BD$13))))","v":1000000000000},{"$f":"IF($D79<>\"Serviço\",0,IF(OR(AND(AUTOEVENTO=\"Manual\",$M79=1),$M79>(ROW(PLE.lastrow)-ROW(PLE.firstrow))),0,IF(OFFSET(PLE!$G$14,$M79,BE$13)=\"\",10^12,OFFSET(PLE!$G$14,$M79,BE$13))))","v":1000000000000},{"$f":"IF($D79<>\"Serviço\",0,IF(OR(AND(AUTOEVENTO=\"Manual\",$M79=1),$M79>(ROW(PLE.lastrow)-ROW(PLE.firstrow))),0,IF(OFFSET(PLE!$G$14,$M79,BF$13)=\"\",10^12,OFFSET(PLE!$G$14,$M79,BF$13))))","v":1000000000000},{"$f":"IF($D79<>\"Serviço\",0,IF(OR(AND(AUTOEVENTO=\"Manual\",$M79=1),$M79>(ROW(PLE.lastrow)-ROW(PLE.firstrow))),0,IF(OFFSET(PLE!$G$14,$M79,BG$13)=\"\",10^12,OFFSET(PLE!$G$14,$M79,BG$13))))","v":1000000000000}]
["65.",{"$f":"OFFSET(ORÇAMENTO!C$15,ROW(B80)-ROW(B$15),0)","v":2},{"$f":"OFFSET(ORÇAMENTO!L$15,ROW(C80)-ROW(C$15),0)","v":"F"},{"$f":"OFFSET(ORÇAMENTO!N$15,ROW(D80)-ROW(D$15),0)","v":"Nível 2"},{"$f":"OFFSET(ORÇAMENTO!O$15,ROW(E80)-ROW(E$15),0)","v":"1.4."},{"$f":"OFFSET(ORÇAMENTO!R$15,ROW(F80)-ROW(F$15),0)","v":"SUPERESTRUTURA"},{"$f":"IF($D80<>\"Serviço\",\"\",OFFSET(ORÇAMENTO!S$15,ROW(G80)-ROW(G$15),0))","v":""},{"$f":"IF($D80<>\"Serviço\",0,IF(ACOMPANHAMENTO=\"BM\",ROUND(OFFSET(ORÇAMENTO!AJ$15,ROW(H80)-ROW(H$15),0),15-13*ORÇAMENTO!$AF$7),SUMPRODUCT(($Q$12:$AA$12<>\"\")*ROUND($Q80:$AA80,15-13*ORÇAMENTO!$AF$7))))","v":0},null,null,null,".",{"$f":"IF($D80<>\"Serviço\",\"\",IF(AUTOEVENTO=\"manual\",$A80,IF(ISERROR(MATCH($A80,$A$15:OFFSET($A80,-1,0),0)),MAX($M$15:OFFSET(M80,-1,0))+1,INDEX($M$15:OFFSET(M80,-1,0),MATCH($A80,$A$15:OFFSET($A80,-1,0),0)))))","v":""},{"$f":"IF($D80<>\"Serviço\",\"\",IF(AUTOEVENTO=\"Manual\",IF($A80=0,\"<-- defina o número do agrupador\",OFFSET(EVENTOS!$D$14,$A80,0)),OFFSET($F$15,$A80,0)))","v":""},null,null,null,null,null,null,null,null,null,null,null,null,null,{"$f":"IF(AND($D80=\"Serviço\",AB$12<>0,$H80>0,OR(AUTOEVENTO<>\"manual\",$M80<>1)),\nIF(Import.TipoArredondamento<>\"TransfereGOV\",\nROUND(OFFSET($P80,0,AB$13),15-13*ORÇAMENTO!$AF$7)/$H80*OFFSET(ORÇAMENTO!$X$15,ROW(AB80)-ROW(AB$15),0),\nROUND(ROUND(OFFSET($P80,0,AB$13),15-13*ORÇAMENTO!$AF$7)*OFFSET(ORÇAMENTO!$W$15,ROW(AB80)-ROW(AB$15),0),15-13*ORÇAMENTO!$AF$11)),0)","v":0},{"$f":"IF(AND($D80=\"Serviço\",AC$12<>0,$H80>0,OR(AUTOEVENTO<>\"manual\",$M80<>1)),\nIF(Import.TipoArredondamento<>\"TransfereGOV\",\nROUND(OFFSET($P80,0,AC$13),15-13*ORÇAMENTO!$AF$7)/$H80*OFFSET(ORÇAMENTO!$X$15,ROW(AC80)-ROW(AC$15),0),\nROUND(ROUND(OFFSET($P80,0,AC$13),15-13*ORÇAMENTO!$AF$7)*OFFSET(ORÇAMENTO!$W$15,ROW(AC80)-ROW(AC$15),0),15-13*ORÇAMENTO!$AF$11)),0)","v":0},{"$f":"IF(AND($D80=\"Serviço\",AD$12<>0,$H80>0,OR(AUTOEVENTO<>\"manual\",$M80<>1)),\nIF(Import.TipoArredondamento<>\"TransfereGOV\",\nROUND(OFFSET($P80,0,AD$13),15-13*ORÇAMENTO!$AF$7)/$H80*OFFSET(ORÇAMENTO!$X$15,ROW(AD80)-ROW(AD$15),0),\nROUND(ROUND(OFFSET($P80,0,AD$13),15-13*ORÇAMENTO!$AF$7)*OFFSET(ORÇAMENTO!$W$15,ROW(AD80)-ROW(AD$15),0),15-13*ORÇAMENTO!$AF$11)),0)","v":0},{"$f":"IF(AND($D80=\"Serviço\",AE$12<>0,$H80>0,OR(AUTOEVENTO<>\"manual\",$M80<>1)),\nIF(Import.TipoArredondamento<>\"TransfereGOV\",\nROUND(OFFSET($P80,0,AE$13),15-13*ORÇAMENTO!$AF$7)/$H80*OFFSET(ORÇAMENTO!$X$15,ROW(AE80)-ROW(AE$15),0),\nROUND(ROUND(OFFSET($P80,0,AE$13),15-13*ORÇAMENTO!$AF$7)*OFFSET(ORÇAMENTO!$W$15,ROW(AE80)-ROW(AE$15),0),15-13*ORÇAMENTO!$AF$11)),0)","v":0},{"$f":"IF(AND($D80=\"Serviço\",AF$12<>0,$H80>0,OR(AUTOEVENTO<>\"manual\",$M80<>1)),\nIF(Import.TipoArredondamento<>\"TransfereGOV\",\nROUND(OFFSET($P80,0,AF$13),15-13*ORÇAMENTO!$AF$7)/$H80*OFFSET(ORÇAMENTO!$X$15,ROW(AF80)-ROW(AF$15),0),\nROUND(ROUND(OFFSET($P80,0,AF$13),15-13*ORÇAMENTO!$AF$7)*OFFSET(ORÇAMENTO!$W$15,ROW(AF80)-ROW(AF$15),0),15-13*ORÇAMENTO!$AF$11)),0)","v":0},{"$f":"IF(AND($D80=\"Serviço\",AG$12<>0,$H80>0,OR(AUTOEVENTO<>\"manual\",$M80<>1)),\nIF(Import.TipoArredondamento<>\"TransfereGOV\",\nROUND(OFFSET($P80,0,AG$13),15-13*ORÇAMENTO!$AF$7)/$H80*OFFSET(ORÇAMENTO!$X$15,ROW(AG80)-ROW(AG$15),0),\nROUND(ROUND(OFFSET($P80,0,AG$13),15-13*ORÇAMENTO!$AF$7)*OFFSET(ORÇAMENTO!$W$15,ROW(AG80)-ROW(AG$15),0),15-13*ORÇAMENTO!$AF$11)),0)","v":0},{"$f":"IF(AND($D80=\"Serviço\",AH$12<>0,$H80>0,OR(AUTOEVENTO<>\"manual\",$M80<>1)),\nIF(Import.TipoArredondamento<>\"TransfereGOV\",\nROUND(OFFSET($P80,0,AH$13),15-13*ORÇAMENTO!$AF$7)/$H80*OFFSET(ORÇAMENTO!$X$15,ROW(AH80)-ROW(AH$15),0),\nROUND(ROUND(OFFSET($P80,0,AH$13),15-13*ORÇAMENTO!$AF$7)*OFFSET(ORÇAMENTO!$W$15,ROW(AH80)-ROW(AH$15),0),15-13*ORÇAMENTO!$AF$11)),0)","v":0},{"$f":"IF(AND($D80=\"Serviço\",AI$12<>0,$H80>0,OR(AUTOEVENTO<>\"manual\",$M80<>1)),\nIF(Import.TipoArredondamento<>\"TransfereGOV\",\nROUND(OFFSET($P80,0,AI$13),15-13*ORÇAMENTO!$AF$7)/$H80*OFFSET(ORÇAMENTO!$X$15,ROW(AI80)-ROW(AI$15),0),\nROUND(ROUND(OFFSET($P80,0,AI$13),15-13*ORÇAMENTO!$AF$7)*OFFSET(ORÇAMENTO!$W$15,ROW(AI80)-ROW(AI$15),0),15-13*ORÇAMENTO!$AF$11)),0)","v":0},{"$f":"IF(AND($D80=\"Serviço\",AJ$12<>0,$H80>0,OR(AUTOEVENTO<>\"manual\",$M80<>1)),\nIF(Import.TipoArredondamento<>\"TransfereGOV\",\nROUND(OFFSET($P80,0,AJ$13),15-13*ORÇAMENTO!$AF$7)/$H80*OFFSET(ORÇAMENTO!$X$15,ROW(AJ80)-ROW(AJ$15),0),\nROUND(ROUND(OFFSET($P80,0,AJ$13),15-13*ORÇAMENTO!$AF$7)*OFFSET(ORÇAMENTO!$W$15,ROW(AJ80)-ROW(AJ$15),0),15-13*ORÇAMENTO!$AF$11)),0)","v":0},{"$f":"IF(AND($D80=\"Serviço\",AK$12<>0,$H80>0,OR(AUTOEVENTO<>\"manual\",$M80<>1)),\nIF(Import.TipoArredondamento<>\"TransfereGOV\",\nROUND(OFFSET($P80,0,AK$13),15-13*ORÇAMENTO!$AF$7)/$H80*OFFSET(ORÇAMENTO!$X$15,ROW(AK80)-ROW(AK$15),0),\nROUND(ROUND(OFFSET($P80,0,AK$13),15-13*ORÇAMENTO!$AF$7)*OFFSET(ORÇAMENTO!$W$15,ROW(AK80)-ROW(AK$15),0),15-13*ORÇAMENTO!$AF$11)),0)","v":0},null,{"$f":"IF($D80<>\"Serviço\",0,IF(AND(AUTOEVENTO=\"Manual\",$M80=1),0,IF(OFFSET(CRONOPLE!$F$14,$M80,AM$13)=\"\",10^12,OFFSET(CRONOPLE!$F$14,$M80,AM$13))))","v":0},{"$f":"IF($D80<>\"Serviço\",0,IF(AND(AUTOEVENTO=\"Manual\",$M80=1),0,IF(OFFSET(CRONOPLE!$F$14,$M80,AN$13)=\"\",10^12,OFFSET(CRONOPLE!$F$14,$M80,AN$13))))","v":0},{"$f":"IF($D80<>\"Serviço\",0,IF(AND(AUTOEVENTO=\"Manual\",$M80=1),0,IF(OFFSET(CRONOPLE!$F$14,$M80,AO$13)=\"\",10^12,OFFSET(CRONOPLE!$F$14,$M80,AO$13))))","v":0},{"$f":"IF($D80<>\"Serviço\",0,IF(AND(AUTOEVENTO=\"Manual\",$M80=1),0,IF(OFFSET(CRONOPLE!$F$14,$M80,AP$13)=\"\",10^12,OFFSET(CRONOPLE!$F$14,$M80,AP$13))))","v":0},{"$f":"IF($D80<>\"Serviço\",0,IF(AND(AUTOEVENTO=\"Manual\",$M80=1),0,IF(OFFSET(CRONOPLE!$F$14,$M80,AQ$13)=\"\",10^12,OFFSET(CRONOPLE!$F$14,$M80,AQ$13))))","v":0},{"$f":"IF($D80<>\"Serviço\",0,IF(AND(AUTOEVENTO=\"Manual\",$M80=1),0,IF(OFFSET(CRONOPLE!$F$14,$M80,AR$13)=\"\",10^12,OFFSET(CRONOPLE!$F$14,$M80,AR$13))))","v":0},{"$f":"IF($D80<>\"Serviço\",0,IF(AND(AUTOEVENTO=\"Manual\",$M80=1),0,IF(OFFSET(CRONOPLE!$F$14,$M80,AS$13)=\"\",10^12,OFFSET(CRONOPLE!$F$14,$M80,AS$13))))","v":0},{"$f":"IF($D80<>\"Serviço\",0,IF(AND(AUTOEVENTO=\"Manual\",$M80=1),0,IF(OFFSET(CRONOPLE!$F$14,$M80,AT$13)=\"\",10^12,OFFSET(CRONOPLE!$F$14,$M80,AT$13))))","v":0},{"$f":"IF($D80<>\"Serviço\",0,IF(AND(AUTOEVENTO=\"Manual\",$M80=1),0,IF(OFFSET(CRONOPLE!$F$14,$M80,AU$13)=\"\",10^12,OFFSET(CRONOPLE!$F$14,$M80,AU$13))))","v":0},{"$f":"IF($D80<>\"Serviço\",0,IF(AND(AUTOEVENTO=\"Manual\",$M80=1),0,IF(OFFSET(CRONOPLE!$F$14,$M80,AV$13)=\"\",10^12,OFFSET(CRONOPLE!$F$14,$M80,AV$13))))","v":0},null,{"$f":"IF($D80<>\"Serviço\",0,IF(OR(AND(AUTOEVENTO=\"Manual\",$M80=1),$M80>(ROW(PLE.lastrow)-ROW(PLE.firstrow))),0,IF(OFFSET(PLE!$G$14,$M80,AX$13)=\"\",10^12,OFFSET(PLE!$G$14,$M80,AX$13))))","v":0},{"$f":"IF($D80<>\"Serviço\",0,IF(OR(AND(AUTOEVENTO=\"Manual\",$M80=1),$M80>(ROW(PLE.lastrow)-ROW(PLE.firstrow))),0,IF(OFFSET(PLE!$G$14,$M80,AY$13)=\"\",10^12,OFFSET(PLE!$G$14,$M80,AY$13))))","v":0},{"$f":"IF($D80<>\"Serviço\",0,IF(OR(AND(AUTOEVENTO=\"Manual\",$M80=1),$M80>(ROW(PLE.lastrow)-ROW(PLE.firstrow))),0,IF(OFFSET(PLE!$G$14,$M80,AZ$13)=\"\",10^12,OFFSET(PLE!$G$14,$M80,AZ$13))))","v":0},{"$f":"IF($D80<>\"Serviço\",0,IF(OR(AND(AUTOEVENTO=\"Manual\",$M80=1),$M80>(ROW(PLE.lastrow)-ROW(PLE.firstrow))),0,IF(OFFSET(PLE!$G$14,$M80,BA$13)=\"\",10^12,OFFSET(PLE!$G$14,$M80,BA$13))))","v":0},{"$f":"IF($D80<>\"Serviço\",0,IF(OR(AND(AUTOEVENTO=\"Manual\",$M80=1),$M80>(ROW(PLE.lastrow)-ROW(PLE.firstrow))),0,IF(OFFSET(PLE!$G$14,$M80,BB$13)=\"\",10^12,OFFSET(PLE!$G$14,$M80,BB$13))))","v":0},{"$f":"IF($D80<>\"Serviço\",0,IF(OR(AND(AUTOEVENTO=\"Manual\",$M80=1),$M80>(ROW(PLE.lastrow)-ROW(PLE.firstrow))),0,IF(OFFSET(PLE!$G$14,$M80,BC$13)=\"\",10^12,OFFSET(PLE!$G$14,$M80,BC$13))))","v":0},{"$f":"IF($D80<>\"Serviço\",0,IF(OR(AND(AUTOEVENTO=\"Manual\",$M80=1),$M80>(ROW(PLE.lastrow)-ROW(PLE.firstrow))),0,IF(OFFSET(PLE!$G$14,$M80,BD$13)=\"\",10^12,OFFSET(PLE!$G$14,$M80,BD$13))))","v":0},{"$f":"IF($D80<>\"Serviço\",0,IF(OR(AND(AUTOEVENTO=\"Manual\",$M80=1),$M80>(ROW(PLE.lastrow)-ROW(PLE.firstrow))),0,IF(OFFSET(PLE!$G$14,$M80,BE$13)=\"\",10^12,OFFSET(PLE!$G$14,$M80,BE$13))))","v":0},{"$f":"IF($D80<>\"Serviço\",0,IF(OR(AND(AUTOEVENTO=\"Manual\",$M80=1),$M80>(ROW(PLE.lastrow)-ROW(PLE.firstrow))),0,IF(OFFSET(PLE!$G$14,$M80,BF$13)=\"\",10^12,OFFSET(PLE!$G$14,$M80,BF$13))))","v":0},{"$f":"IF($D80<>\"Serviço\",0,IF(OR(AND(AUTOEVENTO=\"Manual\",$M80=1),$M80>(ROW(PLE.lastrow)-ROW(PLE.firstrow))),0,IF(OFFSET(PLE!$G$14,$M80,BG$13)=\"\",10^12,OFFSET(PLE!$G$14,$M80,BG$13))))","v":0}]
["65",{"$f":"OFFSET(ORÇAMENTO!C$15,ROW(B81)-ROW(B$15),0)","v":"S"},{"$f":"OFFSET(ORÇAMENTO!L$15,ROW(C81)-ROW(C$15),0)","v":"F"},{"$f":"OFFSET(ORÇAMENTO!N$15,ROW(D81)-ROW(D$15),0)","v":"Serviço"},{"$f":"OFFSET(ORÇAMENTO!O$15,ROW(E81)-ROW(E$15),0)","v":"1.4.0.1."},{"$f":"OFFSET(ORÇAMENTO!R$15,ROW(F81)-ROW(F$15),0)","v":"ARMAÇÃO DE PILAR OU VIGA DE ESTRUTURA CONVENCIONAL DE CONCRETO ARMADO UTILIZANDO AÇO CA-60 DE 5,0 MM - MONTAGEM. AF_06/2022"},{"$f":"IF($D81<>\"Serviço\",\"\",OFFSET(ORÇAMENTO!S$15,ROW(G81)-ROW(G$15),0))","v":"KG"},{"$f":"IF($D81<>\"Serviço\",0,IF(ACOMPANHAMENTO=\"BM\",ROUND(OFFSET(ORÇAMENTO!AJ$15,ROW(H81)-ROW(H$15),0),15-13*ORÇAMENTO!$AF$7),SUMPRODUCT(($Q$12:$AA$12<>\"\")*ROUND($Q81:$AA81,15-13*ORÇAMENTO!$AF$7))))","v":268.3},null,null,null,".",{"$f":"IF($D81<>\"Serviço\",\"\",IF(AUTOEVENTO=\"manual\",$A81,IF(ISERROR(MATCH($A81,$A$15:OFFSET($A81,-1,0),0)),MAX($M$15:OFFSET(M81,-1,0))+1,INDEX($M$15:OFFSET(M81,-1,0),MATCH($A81,$A$15:OFFSET($A81,-1,0),0)))))","v":5},{"$f":"IF($D81<>\"Serviço\",\"\",IF(AUTOEVENTO=\"Manual\",IF($A81=0,\"<-- defina o número do agrupador\",OFFSET(EVENTOS!$D$14,$A81,0)),OFFSET($F$15,$A81,0)))","v":"SUPERESTRUTURA"},null,null,null,null,null,null,null,null,null,null,null,null,null,{"$f":"IF(AND($D81=\"Serviço\",AB$12<>0,$H81>0,OR(AUTOEVENTO<>\"manual\",$M81<>1)),\nIF(Import.TipoArredondamento<>\"TransfereGOV\",\nROUND(OFFSET($P81,0,AB$13),15-13*ORÇAMENTO!$AF$7)/$H81*OFFSET(ORÇAMENTO!$X$15,ROW(AB81)-ROW(AB$15),0),\nROUND(ROUND(OFFSET($P81,0,AB$13),15-13*ORÇAMENTO!$AF$7)*OFFSET(ORÇAMENTO!$W$15,ROW(AB81)-ROW(AB$15),0),15-13*ORÇAMENTO!$AF$11)),0)","v":0},{"$f":"IF(AND($D81=\"Serviço\",AC$12<>0,$H81>0,OR(AUTOEVENTO<>\"manual\",$M81<>1)),\nIF(Import.TipoArredondamento<>\"TransfereGOV\",\nROUND(OFFSET($P81,0,AC$13),15-13*ORÇAMENTO!$AF$7)/$H81*OFFSET(ORÇAMENTO!$X$15,ROW(AC81)-ROW(AC$15),0),\nROUND(ROUND(OFFSET($P81,0,AC$13),15-13*ORÇAMENTO!$AF$7)*OFFSET(ORÇAMENTO!$W$15,ROW(AC81)-ROW(AC$15),0),15-13*ORÇAMENTO!$AF$11)),0)","v":0},{"$f":"IF(AND($D81=\"Serviço\",AD$12<>0,$H81>0,OR(AUTOEVENTO<>\"manual\",$M81<>1)),\nIF(Import.TipoArredondamento<>\"TransfereGOV\",\nROUND(OFFSET($P81,0,AD$13),15-13*ORÇAMENTO!$AF$7)/$H81*OFFSET(ORÇAMENTO!$X$15,ROW(AD81)-ROW(AD$15),0),\nROUND(ROUND(OFFSET($P81,0,AD$13),15-13*ORÇAMENTO!$AF$7)*OFFSET(ORÇAMENTO!$W$15,ROW(AD81)-ROW(AD$15),0),15-13*ORÇAMENTO!$AF$11)),0)","v":0},{"$f":"IF(AND($D81=\"Serviço\",AE$12<>0,$H81>0,OR(AUTOEVENTO<>\"manual\",$M81<>1)),\nIF(Import.TipoArredondamento<>\"TransfereGOV\",\nROUND(OFFSET($P81,0,AE$13),15-13*ORÇAMENTO!$AF$7)/$H81*OFFSET(ORÇAMENTO!$X$15,ROW(AE81)-ROW(AE$15),0),\nROUND(ROUND(OFFSET($P81,0,AE$13),15-13*ORÇAMENTO!$AF$7)*OFFSET(ORÇAMENTO!$W$15,ROW(AE81)-ROW(AE$15),0),15-13*ORÇAMENTO!$AF$11)),0)","v":0},{"$f":"IF(AND($D81=\"Serviço\",AF$12<>0,$H81>0,OR(AUTOEVENTO<>\"manual\",$M81<>1)),\nIF(Import.TipoArredondamento<>\"TransfereGOV\",\nROUND(OFFSET($P81,0,AF$13),15-13*ORÇAMENTO!$AF$7)/$H81*OFFSET(ORÇAMENTO!$X$15,ROW(AF81)-ROW(AF$15),0),\nROUND(ROUND(OFFSET($P81,0,AF$13),15-13*ORÇAMENTO!$AF$7)*OFFSET(ORÇAMENTO!$W$15,ROW(AF81)-ROW(AF$15),0),15-13*ORÇAMENTO!$AF$11)),0)","v":0},{"$f":"IF(AND($D81=\"Serviço\",AG$12<>0,$H81>0,OR(AUTOEVENTO<>\"manual\",$M81<>1)),\nIF(Import.TipoArredondamento<>\"TransfereGOV\",\nROUND(OFFSET($P81,0,AG$13),15-13*ORÇAMENTO!$AF$7)/$H81*OFFSET(ORÇAMENTO!$X$15,ROW(AG81)-ROW(AG$15),0),\nROUND(ROUND(OFFSET($P81,0,AG$13),15-13*ORÇAMENTO!$AF$7)*OFFSET(ORÇAMENTO!$W$15,ROW(AG81)-ROW(AG$15),0),15-13*ORÇAMENTO!$AF$11)),0)","v":0},{"$f":"IF(AND($D81=\"Serviço\",AH$12<>0,$H81>0,OR(AUTOEVENTO<>\"manual\",$M81<>1)),\nIF(Import.TipoArredondamento<>\"TransfereGOV\",\nROUND(OFFSET($P81,0,AH$13),15-13*ORÇAMENTO!$AF$7)/$H81*OFFSET(ORÇAMENTO!$X$15,ROW(AH81)-ROW(AH$15),0),\nROUND(ROUND(OFFSET($P81,0,AH$13),15-13*ORÇAMENTO!$AF$7)*OFFSET(ORÇAMENTO!$W$15,ROW(AH81)-ROW(AH$15),0),15-13*ORÇAMENTO!$AF$11)),0)","v":0},{"$f":"IF(AND($D81=\"Serviço\",AI$12<>0,$H81>0,OR(AUTOEVENTO<>\"manual\",$M81<>1)),\nIF(Import.TipoArredondamento<>\"TransfereGOV\",\nROUND(OFFSET($P81,0,AI$13),15-13*ORÇAMENTO!$AF$7)/$H81*OFFSET(ORÇAMENTO!$X$15,ROW(AI81)-ROW(AI$15),0),\nROUND(ROUND(OFFSET($P81,0,AI$13),15-13*ORÇAMENTO!$AF$7)*OFFSET(ORÇAMENTO!$W$15,ROW(AI81)-ROW(AI$15),0),15-13*ORÇAMENTO!$AF$11)),0)","v":0},{"$f":"IF(AND($D81=\"Serviço\",AJ$12<>0,$H81>0,OR(AUTOEVENTO<>\"manual\",$M81<>1)),\nIF(Import.TipoArredondamento<>\"TransfereGOV\",\nROUND(OFFSET($P81,0,AJ$13),15-13*ORÇAMENTO!$AF$7)/$H81*OFFSET(ORÇAMENTO!$X$15,ROW(AJ81)-ROW(AJ$15),0),\nROUND(ROUND(OFFSET($P81,0,AJ$13),15-13*ORÇAMENTO!$AF$7)*OFFSET(ORÇAMENTO!$W$15,ROW(AJ81)-ROW(AJ$15),0),15-13*ORÇAMENTO!$AF$11)),0)","v":0},{"$f":"IF(AND($D81=\"Serviço\",AK$12<>0,$H81>0,OR(AUTOEVENTO<>\"manual\",$M81<>1)),\nIF(Import.TipoArredondamento<>\"TransfereGOV\",\nROUND(OFFSET($P81,0,AK$13),15-13*ORÇAMENTO!$AF$7)/$H81*OFFSET(ORÇAMENTO!$X$15,ROW(AK81)-ROW(AK$15),0),\nROUND(ROUND(OFFSET($P81,0,AK$13),15-13*ORÇAMENTO!$AF$7)*OFFSET(ORÇAMENTO!$W$15,ROW(AK81)-ROW(AK$15),0),15-13*ORÇAMENTO!$AF$11)),0)","v":0},null,{"$f":"IF($D81<>\"Serviço\",0,IF(AND(AUTOEVENTO=\"Manual\",$M81=1),0,IF(OFFSET(CRONOPLE!$F$14,$M81,AM$13)=\"\",10^12,OFFSET(CRONOPLE!$F$14,$M81,AM$13))))","v":1000000000000},{"$f":"IF($D81<>\"Serviço\",0,IF(AND(AUTOEVENTO=\"Manual\",$M81=1),0,IF(OFFSET(CRONOPLE!$F$14,$M81,AN$13)=\"\",10^12,OFFSET(CRONOPLE!$F$14,$M81,AN$13))))","v":1000000000000},{"$f":"IF($D81<>\"Serviço\",0,IF(AND(AUTOEVENTO=\"Manual\",$M81=1),0,IF(OFFSET(CRONOPLE!$F$14,$M81,AO$13)=\"\",10^12,OFFSET(CRONOPLE!$F$14,$M81,AO$13))))","v":1000000000000},{"$f":"IF($D81<>\"Serviço\",0,IF(AND(AUTOEVENTO=\"Manual\",$M81=1),0,IF(OFFSET(CRONOPLE!$F$14,$M81,AP$13)=\"\",10^12,OFFSET(CRONOPLE!$F$14,$M81,AP$13))))","v":1000000000000},{"$f":"IF($D81<>\"Serviço\",0,IF(AND(AUTOEVENTO=\"Manual\",$M81=1),0,IF(OFFSET(CRONOPLE!$F$14,$M81,AQ$13)=\"\",10^12,OFFSET(CRONOPLE!$F$14,$M81,AQ$13))))","v":1000000000000},{"$f":"IF($D81<>\"Serviço\",0,IF(AND(AUTOEVENTO=\"Manual\",$M81=1),0,IF(OFFSET(CRONOPLE!$F$14,$M81,AR$13)=\"\",10^12,OFFSET(CRONOPLE!$F$14,$M81,AR$13))))","v":1000000000000},{"$f":"IF($D81<>\"Serviço\",0,IF(AND(AUTOEVENTO=\"Manual\",$M81=1),0,IF(OFFSET(CRONOPLE!$F$14,$M81,AS$13)=\"\",10^12,OFFSET(CRONOPLE!$F$14,$M81,AS$13))))","v":1000000000000},{"$f":"IF($D81<>\"Serviço\",0,IF(AND(AUTOEVENTO=\"Manual\",$M81=1),0,IF(OFFSET(CRONOPLE!$F$14,$M81,AT$13)=\"\",10^12,OFFSET(CRONOPLE!$F$14,$M81,AT$13))))","v":1000000000000},{"$f":"IF($D81<>\"Serviço\",0,IF(AND(AUTOEVENTO=\"Manual\",$M81=1),0,IF(OFFSET(CRONOPLE!$F$14,$M81,AU$13)=\"\",10^12,OFFSET(CRONOPLE!$F$14,$M81,AU$13))))","v":1000000000000},{"$f":"IF($D81<>\"Serviço\",0,IF(AND(AUTOEVENTO=\"Manual\",$M81=1),0,IF(OFFSET(CRONOPLE!$F$14,$M81,AV$13)=\"\",10^12,OFFSET(CRONOPLE!$F$14,$M81,AV$13))))","v":1000000000000},null,{"$f":"IF($D81<>\"Serviço\",0,IF(OR(AND(AUTOEVENTO=\"Manual\",$M81=1),$M81>(ROW(PLE.lastrow)-ROW(PLE.firstrow))),0,IF(OFFSET(PLE!$G$14,$M81,AX$13)=\"\",10^12,OFFSET(PLE!$G$14,$M81,AX$13))))","v":1000000000000},{"$f":"IF($D81<>\"Serviço\",0,IF(OR(AND(AUTOEVENTO=\"Manual\",$M81=1),$M81>(ROW(PLE.lastrow)-ROW(PLE.firstrow))),0,IF(OFFSET(PLE!$G$14,$M81,AY$13)=\"\",10^12,OFFSET(PLE!$G$14,$M81,AY$13))))","v":1000000000000},{"$f":"IF($D81<>\"Serviço\",0,IF(OR(AND(AUTOEVENTO=\"Manual\",$M81=1),$M81>(ROW(PLE.lastrow)-ROW(PLE.firstrow))),0,IF(OFFSET(PLE!$G$14,$M81,AZ$13)=\"\",10^12,OFFSET(PLE!$G$14,$M81,AZ$13))))","v":1000000000000},{"$f":"IF($D81<>\"Serviço\",0,IF(OR(AND(AUTOEVENTO=\"Manual\",$M81=1),$M81>(ROW(PLE.lastrow)-ROW(PLE.firstrow))),0,IF(OFFSET(PLE!$G$14,$M81,BA$13)=\"\",10^12,OFFSET(PLE!$G$14,$M81,BA$13))))","v":1000000000000},{"$f":"IF($D81<>\"Serviço\",0,IF(OR(AND(AUTOEVENTO=\"Manual\",$M81=1),$M81>(ROW(PLE.lastrow)-ROW(PLE.firstrow))),0,IF(OFFSET(PLE!$G$14,$M81,BB$13)=\"\",10^12,OFFSET(PLE!$G$14,$M81,BB$13))))","v":1000000000000},{"$f":"IF($D81<>\"Serviço\",0,IF(OR(AND(AUTOEVENTO=\"Manual\",$M81=1),$M81>(ROW(PLE.lastrow)-ROW(PLE.firstrow))),0,IF(OFFSET(PLE!$G$14,$M81,BC$13)=\"\",10^12,OFFSET(PLE!$G$14,$M81,BC$13))))","v":1000000000000},{"$f":"IF($D81<>\"Serviço\",0,IF(OR(AND(AUTOEVENTO=\"Manual\",$M81=1),$M81>(ROW(PLE.lastrow)-ROW(PLE.firstrow))),0,IF(OFFSET(PLE!$G$14,$M81,BD$13)=\"\",10^12,OFFSET(PLE!$G$14,$M81,BD$13))))","v":1000000000000},{"$f":"IF($D81<>\"Serviço\",0,IF(OR(AND(AUTOEVENTO=\"Manual\",$M81=1),$M81>(ROW(PLE.lastrow)-ROW(PLE.firstrow))),0,IF(OFFSET(PLE!$G$14,$M81,BE$13)=\"\",10^12,OFFSET(PLE!$G$14,$M81,BE$13))))","v":1000000000000},{"$f":"IF($D81<>\"Serviço\",0,IF(OR(AND(AUTOEVENTO=\"Manual\",$M81=1),$M81>(ROW(PLE.lastrow)-ROW(PLE.firstrow))),0,IF(OFFSET(PLE!$G$14,$M81,BF$13)=\"\",10^12,OFFSET(PLE!$G$14,$M81,BF$13))))","v":1000000000000},{"$f":"IF($D81<>\"Serviço\",0,IF(OR(AND(AUTOEVENTO=\"Manual\",$M81=1),$M81>(ROW(PLE.lastrow)-ROW(PLE.firstrow))),0,IF(OFFSET(PLE!$G$14,$M81,BG$13)=\"\",10^12,OFFSET(PLE!$G$14,$M81,BG$13))))","v":1000000000000}]
["65",{"$f":"OFFSET(ORÇAMENTO!C$15,ROW(B82)-ROW(B$15),0)","v":"S"},{"$f":"OFFSET(ORÇAMENTO!L$15,ROW(C82)-ROW(C$15),0)","v":"F"},{"$f":"OFFSET(ORÇAMENTO!N$15,ROW(D82)-ROW(D$15),0)","v":"Serviço"},{"$f":"OFFSET(ORÇAMENTO!O$15,ROW(E82)-ROW(E$15),0)","v":"1.4.0.2."},{"$f":"OFFSET(ORÇAMENTO!R$15,ROW(F82)-ROW(F$15),0)","v":"ARMAÇÃO DE PILAR OU VIGA DE ESTRUTURA CONVENCIONAL DE CONCRETO ARMADO UTILIZANDO AÇO CA-50 DE 6,3 MM - MONTAGEM. AF_06/2022"},{"$f":"IF($D82<>\"Serviço\",\"\",OFFSET(ORÇAMENTO!S$15,ROW(G82)-ROW(G$15),0))","v":"KG"},{"$f":"IF($D82<>\"Serviço\",0,IF(ACOMPANHAMENTO=\"BM\",ROUND(OFFSET(ORÇAMENTO!AJ$15,ROW(H82)-ROW(H$15),0),15-13*ORÇAMENTO!$AF$7),SUMPRODUCT(($Q$12:$AA$12<>\"\")*ROUND($Q82:$AA82,15-13*ORÇAMENTO!$AF$7))))","v":7.5},null,null,null,".",{"$f":"IF($D82<>\"Serviço\",\"\",IF(AUTOEVENTO=\"manual\",$A82,IF(ISERROR(MATCH($A82,$A$15:OFFSET($A82,-1,0),0)),MAX($M$15:OFFSET(M82,-1,0))+1,INDEX($M$15:OFFSET(M82,-1,0),MATCH($A82,$A$15:OFFSET($A82,-1,0),0)))))","v":5},{"$f":"IF($D82<>\"Serviço\",\"\",IF(AUTOEVENTO=\"Manual\",IF($A82=0,\"<-- defina o número do agrupador\",OFFSET(EVENTOS!$D$14,$A82,0)),OFFSET($F$15,$A82,0)))","v":"SUPERESTRUTURA"},null,null,null,null,null,null,null,null,null,null,null,null,null,{"$f":"IF(AND($D82=\"Serviço\",AB$12<>0,$H82>0,OR(AUTOEVENTO<>\"manual\",$M82<>1)),\nIF(Import.TipoArredondamento<>\"TransfereGOV\",\nROUND(OFFSET($P82,0,AB$13),15-13*ORÇAMENTO!$AF$7)/$H82*OFFSET(ORÇAMENTO!$X$15,ROW(AB82)-ROW(AB$15),0),\nROUND(ROUND(OFFSET($P82,0,AB$13),15-13*ORÇAMENTO!$AF$7)*OFFSET(ORÇAMENTO!$W$15,ROW(AB82)-ROW(AB$15),0),15-13*ORÇAMENTO!$AF$11)),0)","v":0},{"$f":"IF(AND($D82=\"Serviço\",AC$12<>0,$H82>0,OR(AUTOEVENTO<>\"manual\",$M82<>1)),\nIF(Import.TipoArredondamento<>\"TransfereGOV\",\nROUND(OFFSET($P82,0,AC$13),15-13*ORÇAMENTO!$AF$7)/$H82*OFFSET(ORÇAMENTO!$X$15,ROW(AC82)-ROW(AC$15),0),\nROUND(ROUND(OFFSET($P82,0,AC$13),15-13*ORÇAMENTO!$AF$7)*OFFSET(ORÇAMENTO!$W$15,ROW(AC82)-ROW(AC$15),0),15-13*ORÇAMENTO!$AF$11)),0)","v":0},{"$f":"IF(AND($D82=\"Serviço\",AD$12<>0,$H82>0,OR(AUTOEVENTO<>\"manual\",$M82<>1)),\nIF(Import.TipoArredondamento<>\"TransfereGOV\",\nROUND(OFFSET($P82,0,AD$13),15-13*ORÇAMENTO!$AF$7)/$H82*OFFSET(ORÇAMENTO!$X$15,ROW(AD82)-ROW(AD$15),0),\nROUND(ROUND(OFFSET($P82,0,AD$13),15-13*ORÇAMENTO!$AF$7)*OFFSET(ORÇAMENTO!$W$15,ROW(AD82)-ROW(AD$15),0),15-13*ORÇAMENTO!$AF$11)),0)","v":0},{"$f":"IF(AND($D82=\"Serviço\",AE$12<>0,$H82>0,OR(AUTOEVENTO<>\"manual\",$M82<>1)),\nIF(Import.TipoArredondamento<>\"TransfereGOV\",\nROUND(OFFSET($P82,0,AE$13),15-13*ORÇAMENTO!$AF$7)/$H82*OFFSET(ORÇAMENTO!$X$15,ROW(AE82)-ROW(AE$15),0),\nROUND(ROUND(OFFSET($P82,0,AE$13),15-13*ORÇAMENTO!$AF$7)*OFFSET(ORÇAMENTO!$W$15,ROW(AE82)-ROW(AE$15),0),15-13*ORÇAMENTO!$AF$11)),0)","v":0},{"$f":"IF(AND($D82=\"Serviço\",AF$12<>0,$H82>0,OR(AUTOEVENTO<>\"manual\",$M82<>1)),\nIF(Import.TipoArredondamento<>\"TransfereGOV\",\nROUND(OFFSET($P82,0,AF$13),15-13*ORÇAMENTO!$AF$7)/$H82*OFFSET(ORÇAMENTO!$X$15,ROW(AF82)-ROW(AF$15),0),\nROUND(ROUND(OFFSET($P82,0,AF$13),15-13*ORÇAMENTO!$AF$7)*OFFSET(ORÇAMENTO!$W$15,ROW(AF82)-ROW(AF$15),0),15-13*ORÇAMENTO!$AF$11)),0)","v":0},{"$f":"IF(AND($D82=\"Serviço\",AG$12<>0,$H82>0,OR(AUTOEVENTO<>\"manual\",$M82<>1)),\nIF(Import.TipoArredondamento<>\"TransfereGOV\",\nROUND(OFFSET($P82,0,AG$13),15-13*ORÇAMENTO!$AF$7)/$H82*OFFSET(ORÇAMENTO!$X$15,ROW(AG82)-ROW(AG$15),0),\nROUND(ROUND(OFFSET($P82,0,AG$13),15-13*ORÇAMENTO!$AF$7)*OFFSET(ORÇAMENTO!$W$15,ROW(AG82)-ROW(AG$15),0),15-13*ORÇAMENTO!$AF$11)),0)","v":0},{"$f":"IF(AND($D82=\"Serviço\",AH$12<>0,$H82>0,OR(AUTOEVENTO<>\"manual\",$M82<>1)),\nIF(Import.TipoArredondamento<>\"TransfereGOV\",\nROUND(OFFSET($P82,0,AH$13),15-13*ORÇAMENTO!$AF$7)/$H82*OFFSET(ORÇAMENTO!$X$15,ROW(AH82)-ROW(AH$15),0),\nROUND(ROUND(OFFSET($P82,0,AH$13),15-13*ORÇAMENTO!$AF$7)*OFFSET(ORÇAMENTO!$W$15,ROW(AH82)-ROW(AH$15),0),15-13*ORÇAMENTO!$AF$11)),0)","v":0},{"$f":"IF(AND($D82=\"Serviço\",AI$12<>0,$H82>0,OR(AUTOEVENTO<>\"manual\",$M82<>1)),\nIF(Import.TipoArredondamento<>\"TransfereGOV\",\nROUND(OFFSET($P82,0,AI$13),15-13*ORÇAMENTO!$AF$7)/$H82*OFFSET(ORÇAMENTO!$X$15,ROW(AI82)-ROW(AI$15),0),\nROUND(ROUND(OFFSET($P82,0,AI$13),15-13*ORÇAMENTO!$AF$7)*OFFSET(ORÇAMENTO!$W$15,ROW(AI82)-ROW(AI$15),0),15-13*ORÇAMENTO!$AF$11)),0)","v":0},{"$f":"IF(AND($D82=\"Serviço\",AJ$12<>0,$H82>0,OR(AUTOEVENTO<>\"manual\",$M82<>1)),\nIF(Import.TipoArredondamento<>\"TransfereGOV\",\nROUND(OFFSET($P82,0,AJ$13),15-13*ORÇAMENTO!$AF$7)/$H82*OFFSET(ORÇAMENTO!$X$15,ROW(AJ82)-ROW(AJ$15),0),\nROUND(ROUND(OFFSET($P82,0,AJ$13),15-13*ORÇAMENTO!$AF$7)*OFFSET(ORÇAMENTO!$W$15,ROW(AJ82)-ROW(AJ$15),0),15-13*ORÇAMENTO!$AF$11)),0)","v":0},{"$f":"IF(AND($D82=\"Serviço\",AK$12<>0,$H82>0,OR(AUTOEVENTO<>\"manual\",$M82<>1)),\nIF(Import.TipoArredondamento<>\"TransfereGOV\",\nROUND(OFFSET($P82,0,AK$13),15-13*ORÇAMENTO!$AF$7)/$H82*OFFSET(ORÇAMENTO!$X$15,ROW(AK82)-ROW(AK$15),0),\nROUND(ROUND(OFFSET($P82,0,AK$13),15-13*ORÇAMENTO!$AF$7)*OFFSET(ORÇAMENTO!$W$15,ROW(AK82)-ROW(AK$15),0),15-13*ORÇAMENTO!$AF$11)),0)","v":0},null,{"$f":"IF($D82<>\"Serviço\",0,IF(AND(AUTOEVENTO=\"Manual\",$M82=1),0,IF(OFFSET(CRONOPLE!$F$14,$M82,AM$13)=\"\",10^12,OFFSET(CRONOPLE!$F$14,$M82,AM$13))))","v":1000000000000},{"$f":"IF($D82<>\"Serviço\",0,IF(AND(AUTOEVENTO=\"Manual\",$M82=1),0,IF(OFFSET(CRONOPLE!$F$14,$M82,AN$13)=\"\",10^12,OFFSET(CRONOPLE!$F$14,$M82,AN$13))))","v":1000000000000},{"$f":"IF($D82<>\"Serviço\",0,IF(AND(AUTOEVENTO=\"Manual\",$M82=1),0,IF(OFFSET(CRONOPLE!$F$14,$M82,AO$13)=\"\",10^12,OFFSET(CRONOPLE!$F$14,$M82,AO$13))))","v":1000000000000},{"$f":"IF($D82<>\"Serviço\",0,IF(AND(AUTOEVENTO=\"Manual\",$M82=1),0,IF(OFFSET(CRONOPLE!$F$14,$M82,AP$13)=\"\",10^12,OFFSET(CRONOPLE!$F$14,$M82,AP$13))))","v":1000000000000},{"$f":"IF($D82<>\"Serviço\",0,IF(AND(AUTOEVENTO=\"Manual\",$M82=1),0,IF(OFFSET(CRONOPLE!$F$14,$M82,AQ$13)=\"\",10^12,OFFSET(CRONOPLE!$F$14,$M82,AQ$13))))","v":1000000000000},{"$f":"IF($D82<>\"Serviço\",0,IF(AND(AUTOEVENTO=\"Manual\",$M82=1),0,IF(OFFSET(CRONOPLE!$F$14,$M82,AR$13)=\"\",10^12,OFFSET(CRONOPLE!$F$14,$M82,AR$13))))","v":1000000000000},{"$f":"IF($D82<>\"Serviço\",0,IF(AND(AUTOEVENTO=\"Manual\",$M82=1),0,IF(OFFSET(CRONOPLE!$F$14,$M82,AS$13)=\"\",10^12,OFFSET(CRONOPLE!$F$14,$M82,AS$13))))","v":1000000000000},{"$f":"IF($D82<>\"Serviço\",0,IF(AND(AUTOEVENTO=\"Manual\",$M82=1),0,IF(OFFSET(CRONOPLE!$F$14,$M82,AT$13)=\"\",10^12,OFFSET(CRONOPLE!$F$14,$M82,AT$13))))","v":1000000000000},{"$f":"IF($D82<>\"Serviço\",0,IF(AND(AUTOEVENTO=\"Manual\",$M82=1),0,IF(OFFSET(CRONOPLE!$F$14,$M82,AU$13)=\"\",10^12,OFFSET(CRONOPLE!$F$14,$M82,AU$13))))","v":1000000000000},{"$f":"IF($D82<>\"Serviço\",0,IF(AND(AUTOEVENTO=\"Manual\",$M82=1),0,IF(OFFSET(CRONOPLE!$F$14,$M82,AV$13)=\"\",10^12,OFFSET(CRONOPLE!$F$14,$M82,AV$13))))","v":1000000000000},null,{"$f":"IF($D82<>\"Serviço\",0,IF(OR(AND(AUTOEVENTO=\"Manual\",$M82=1),$M82>(ROW(PLE.lastrow)-ROW(PLE.firstrow))),0,IF(OFFSET(PLE!$G$14,$M82,AX$13)=\"\",10^12,OFFSET(PLE!$G$14,$M82,AX$13))))","v":1000000000000},{"$f":"IF($D82<>\"Serviço\",0,IF(OR(AND(AUTOEVENTO=\"Manual\",$M82=1),$M82>(ROW(PLE.lastrow)-ROW(PLE.firstrow))),0,IF(OFFSET(PLE!$G$14,$M82,AY$13)=\"\",10^12,OFFSET(PLE!$G$14,$M82,AY$13))))","v":1000000000000},{"$f":"IF($D82<>\"Serviço\",0,IF(OR(AND(AUTOEVENTO=\"Manual\",$M82=1),$M82>(ROW(PLE.lastrow)-ROW(PLE.firstrow))),0,IF(OFFSET(PLE!$G$14,$M82,AZ$13)=\"\",10^12,OFFSET(PLE!$G$14,$M82,AZ$13))))","v":1000000000000},{"$f":"IF($D82<>\"Serviço\",0,IF(OR(AND(AUTOEVENTO=\"Manual\",$M82=1),$M82>(ROW(PLE.lastrow)-ROW(PLE.firstrow))),0,IF(OFFSET(PLE!$G$14,$M82,BA$13)=\"\",10^12,OFFSET(PLE!$G$14,$M82,BA$13))))","v":1000000000000},{"$f":"IF($D82<>\"Serviço\",0,IF(OR(AND(AUTOEVENTO=\"Manual\",$M82=1),$M82>(ROW(PLE.lastrow)-ROW(PLE.firstrow))),0,IF(OFFSET(PLE!$G$14,$M82,BB$13)=\"\",10^12,OFFSET(PLE!$G$14,$M82,BB$13))))","v":1000000000000},{"$f":"IF($D82<>\"Serviço\",0,IF(OR(AND(AUTOEVENTO=\"Manual\",$M82=1),$M82>(ROW(PLE.lastrow)-ROW(PLE.firstrow))),0,IF(OFFSET(PLE!$G$14,$M82,BC$13)=\"\",10^12,OFFSET(PLE!$G$14,$M82,BC$13))))","v":1000000000000},{"$f":"IF($D82<>\"Serviço\",0,IF(OR(AND(AUTOEVENTO=\"Manual\",$M82=1),$M82>(ROW(PLE.lastrow)-ROW(PLE.firstrow))),0,IF(OFFSET(PLE!$G$14,$M82,BD$13)=\"\",10^12,OFFSET(PLE!$G$14,$M82,BD$13))))","v":1000000000000},{"$f":"IF($D82<>\"Serviço\",0,IF(OR(AND(AUTOEVENTO=\"Manual\",$M82=1),$M82>(ROW(PLE.lastrow)-ROW(PLE.firstrow))),0,IF(OFFSET(PLE!$G$14,$M82,BE$13)=\"\",10^12,OFFSET(PLE!$G$14,$M82,BE$13))))","v":1000000000000},{"$f":"IF($D82<>\"Serviço\",0,IF(OR(AND(AUTOEVENTO=\"Manual\",$M82=1),$M82>(ROW(PLE.lastrow)-ROW(PLE.firstrow))),0,IF(OFFSET(PLE!$G$14,$M82,BF$13)=\"\",10^12,OFFSET(PLE!$G$14,$M82,BF$13))))","v":1000000000000},{"$f":"IF($D82<>\"Serviço\",0,IF(OR(AND(AUTOEVENTO=\"Manual\",$M82=1),$M82>(ROW(PLE.lastrow)-ROW(PLE.firstrow))),0,IF(OFFSET(PLE!$G$14,$M82,BG$13)=\"\",10^12,OFFSET(PLE!$G$14,$M82,BG$13))))","v":1000000000000}]
["65",{"$f":"OFFSET(ORÇAMENTO!C$15,ROW(B83)-ROW(B$15),0)","v":"S"},{"$f":"OFFSET(ORÇAMENTO!L$15,ROW(C83)-ROW(C$15),0)","v":"F"},{"$f":"OFFSET(ORÇAMENTO!N$15,ROW(D83)-ROW(D$15),0)","v":"Serviço"},{"$f":"OFFSET(ORÇAMENTO!O$15,ROW(E83)-ROW(E$15),0)","v":"1.4.0.3."},{"$f":"OFFSET(ORÇAMENTO!R$15,ROW(F83)-ROW(F$15),0)","v":"ARMAÇÃO DE PILAR OU VIGA DE ESTRUTURA CONVENCIONAL DE CONCRETO ARMADO UTILIZANDO AÇO CA-50 DE 8,0 MM - MONTAGEM. AF_06/2022"},{"$f":"IF($D83<>\"Serviço\",\"\",OFFSET(ORÇAMENTO!S$15,ROW(G83)-ROW(G$15),0))","v":"KG"},{"$f":"IF($D83<>\"Serviço\",0,IF(ACOMPANHAMENTO=\"BM\",ROUND(OFFSET(ORÇAMENTO!AJ$15,ROW(H83)-ROW(H$15),0),15-13*ORÇAMENTO!$AF$7),SUMPRODUCT(($Q$12:$AA$12<>\"\")*ROUND($Q83:$AA83,15-13*ORÇAMENTO!$AF$7))))","v":307.7},null,null,null,".",{"$f":"IF($D83<>\"Serviço\",\"\",IF(AUTOEVENTO=\"manual\",$A83,IF(ISERROR(MATCH($A83,$A$15:OFFSET($A83,-1,0),0)),MAX($M$15:OFFSET(M83,-1,0))+1,INDEX($M$15:OFFSET(M83,-1,0),MATCH($A83,$A$15:OFFSET($A83,-1,0),0)))))","v":5},{"$f":"IF($D83<>\"Serviço\",\"\",IF(AUTOEVENTO=\"Manual\",IF($A83=0,\"<-- defina o número do agrupador\",OFFSET(EVENTOS!$D$14,$A83,0)),OFFSET($F$15,$A83,0)))","v":"SUPERESTRUTURA"},null,null,null,null,null,null,null,null,null,null,null,null,null,{"$f":"IF(AND($D83=\"Serviço\",AB$12<>0,$H83>0,OR(AUTOEVENTO<>\"manual\",$M83<>1)),\nIF(Import.TipoArredondamento<>\"TransfereGOV\",\nROUND(OFFSET($P83,0,AB$13),15-13*ORÇAMENTO!$AF$7)/$H83*OFFSET(ORÇAMENTO!$X$15,ROW(AB83)-ROW(AB$15),0),\nROUND(ROUND(OFFSET($P83,0,AB$13),15-13*ORÇAMENTO!$AF$7)*OFFSET(ORÇAMENTO!$W$15,ROW(AB83)-ROW(AB$15),0),15-13*ORÇAMENTO!$AF$11)),0)","v":0},{"$f":"IF(AND($D83=\"Serviço\",AC$12<>0,$H83>0,OR(AUTOEVENTO<>\"manual\",$M83<>1)),\nIF(Import.TipoArredondamento<>\"TransfereGOV\",\nROUND(OFFSET($P83,0,AC$13),15-13*ORÇAMENTO!$AF$7)/$H83*OFFSET(ORÇAMENTO!$X$15,ROW(AC83)-ROW(AC$15),0),\nROUND(ROUND(OFFSET($P83,0,AC$13),15-13*ORÇAMENTO!$AF$7)*OFFSET(ORÇAMENTO!$W$15,ROW(AC83)-ROW(AC$15),0),15-13*ORÇAMENTO!$AF$11)),0)","v":0},{"$f":"IF(AND($D83=\"Serviço\",AD$12<>0,$H83>0,OR(AUTOEVENTO<>\"manual\",$M83<>1)),\nIF(Import.TipoArredondamento<>\"TransfereGOV\",\nROUND(OFFSET($P83,0,AD$13),15-13*ORÇAMENTO!$AF$7)/$H83*OFFSET(ORÇAMENTO!$X$15,ROW(AD83)-ROW(AD$15),0),\nROUND(ROUND(OFFSET($P83,0,AD$13),15-13*ORÇAMENTO!$AF$7)*OFFSET(ORÇAMENTO!$W$15,ROW(AD83)-ROW(AD$15),0),15-13*ORÇAMENTO!$AF$11)),0)","v":0},{"$f":"IF(AND($D83=\"Serviço\",AE$12<>0,$H83>0,OR(AUTOEVENTO<>\"manual\",$M83<>1)),\nIF(Import.TipoArredondamento<>\"TransfereGOV\",\nROUND(OFFSET($P83,0,AE$13),15-13*ORÇAMENTO!$AF$7)/$H83*OFFSET(ORÇAMENTO!$X$15,ROW(AE83)-ROW(AE$15),0),\nROUND(ROUND(OFFSET($P83,0,AE$13),15-13*ORÇAMENTO!$AF$7)*OFFSET(ORÇAMENTO!$W$15,ROW(AE83)-ROW(AE$15),0),15-13*ORÇAMENTO!$AF$11)),0)","v":0},{"$f":"IF(AND($D83=\"Serviço\",AF$12<>0,$H83>0,OR(AUTOEVENTO<>\"manual\",$M83<>1)),\nIF(Import.TipoArredondamento<>\"TransfereGOV\",\nROUND(OFFSET($P83,0,AF$13),15-13*ORÇAMENTO!$AF$7)/$H83*OFFSET(ORÇAMENTO!$X$15,ROW(AF83)-ROW(AF$15),0),\nROUND(ROUND(OFFSET($P83,0,AF$13),15-13*ORÇAMENTO!$AF$7)*OFFSET(ORÇAMENTO!$W$15,ROW(AF83)-ROW(AF$15),0),15-13*ORÇAMENTO!$AF$11)),0)","v":0},{"$f":"IF(AND($D83=\"Serviço\",AG$12<>0,$H83>0,OR(AUTOEVENTO<>\"manual\",$M83<>1)),\nIF(Import.TipoArredondamento<>\"TransfereGOV\",\nROUND(OFFSET($P83,0,AG$13),15-13*ORÇAMENTO!$AF$7)/$H83*OFFSET(ORÇAMENTO!$X$15,ROW(AG83)-ROW(AG$15),0),\nROUND(ROUND(OFFSET($P83,0,AG$13),15-13*ORÇAMENTO!$AF$7)*OFFSET(ORÇAMENTO!$W$15,ROW(AG83)-ROW(AG$15),0),15-13*ORÇAMENTO!$AF$11)),0)","v":0},{"$f":"IF(AND($D83=\"Serviço\",AH$12<>0,$H83>0,OR(AUTOEVENTO<>\"manual\",$M83<>1)),\nIF(Import.TipoArredondamento<>\"TransfereGOV\",\nROUND(OFFSET($P83,0,AH$13),15-13*ORÇAMENTO!$AF$7)/$H83*OFFSET(ORÇAMENTO!$X$15,ROW(AH83)-ROW(AH$15),0),\nROUND(ROUND(OFFSET($P83,0,AH$13),15-13*ORÇAMENTO!$AF$7)*OFFSET(ORÇAMENTO!$W$15,ROW(AH83)-ROW(AH$15),0),15-13*ORÇAMENTO!$AF$11)),0)","v":0},{"$f":"IF(AND($D83=\"Serviço\",AI$12<>0,$H83>0,OR(AUTOEVENTO<>\"manual\",$M83<>1)),\nIF(Import.TipoArredondamento<>\"TransfereGOV\",\nROUND(OFFSET($P83,0,AI$13),15-13*ORÇAMENTO!$AF$7)/$H83*OFFSET(ORÇAMENTO!$X$15,ROW(AI83)-ROW(AI$15),0),\nROUND(ROUND(OFFSET($P83,0,AI$13),15-13*ORÇAMENTO!$AF$7)*OFFSET(ORÇAMENTO!$W$15,ROW(AI83)-ROW(AI$15),0),15-13*ORÇAMENTO!$AF$11)),0)","v":0},{"$f":"IF(AND($D83=\"Serviço\",AJ$12<>0,$H83>0,OR(AUTOEVENTO<>\"manual\",$M83<>1)),\nIF(Import.TipoArredondamento<>\"TransfereGOV\",\nROUND(OFFSET($P83,0,AJ$13),15-13*ORÇAMENTO!$AF$7)/$H83*OFFSET(ORÇAMENTO!$X$15,ROW(AJ83)-ROW(AJ$15),0),\nROUND(ROUND(OFFSET($P83,0,AJ$13),15-13*ORÇAMENTO!$AF$7)*OFFSET(ORÇAMENTO!$W$15,ROW(AJ83)-ROW(AJ$15),0),15-13*ORÇAMENTO!$AF$11)),0)","v":0},{"$f":"IF(AND($D83=\"Serviço\",AK$12<>0,$H83>0,OR(AUTOEVENTO<>\"manual\",$M83<>1)),\nIF(Import.TipoArredondamento<>\"TransfereGOV\",\nROUND(OFFSET($P83,0,AK$13),15-13*ORÇAMENTO!$AF$7)/$H83*OFFSET(ORÇAMENTO!$X$15,ROW(AK83)-ROW(AK$15),0),\nROUND(ROUND(OFFSET($P83,0,AK$13),15-13*ORÇAMENTO!$AF$7)*OFFSET(ORÇAMENTO!$W$15,ROW(AK83)-ROW(AK$15),0),15-13*ORÇAMENTO!$AF$11)),0)","v":0},null,{"$f":"IF($D83<>\"Serviço\",0,IF(AND(AUTOEVENTO=\"Manual\",$M83=1),0,IF(OFFSET(CRONOPLE!$F$14,$M83,AM$13)=\"\",10^12,OFFSET(CRONOPLE!$F$14,$M83,AM$13))))","v":1000000000000},{"$f":"IF($D83<>\"Serviço\",0,IF(AND(AUTOEVENTO=\"Manual\",$M83=1),0,IF(OFFSET(CRONOPLE!$F$14,$M83,AN$13)=\"\",10^12,OFFSET(CRONOPLE!$F$14,$M83,AN$13))))","v":1000000000000},{"$f":"IF($D83<>\"Serviço\",0,IF(AND(AUTOEVENTO=\"Manual\",$M83=1),0,IF(OFFSET(CRONOPLE!$F$14,$M83,AO$13)=\"\",10^12,OFFSET(CRONOPLE!$F$14,$M83,AO$13))))","v":1000000000000},{"$f":"IF($D83<>\"Serviço\",0,IF(AND(AUTOEVENTO=\"Manual\",$M83=1),0,IF(OFFSET(CRONOPLE!$F$14,$M83,AP$13)=\"\",10^12,OFFSET(CRONOPLE!$F$14,$M83,AP$13))))","v":1000000000000},{"$f":"IF($D83<>\"Serviço\",0,IF(AND(AUTOEVENTO=\"Manual\",$M83=1),0,IF(OFFSET(CRONOPLE!$F$14,$M83,AQ$13)=\"\",10^12,OFFSET(CRONOPLE!$F$14,$M83,AQ$13))))","v":1000000000000},{"$f":"IF($D83<>\"Serviço\",0,IF(AND(AUTOEVENTO=\"Manual\",$M83=1),0,IF(OFFSET(CRONOPLE!$F$14,$M83,AR$13)=\"\",10^12,OFFSET(CRONOPLE!$F$14,$M83,AR$13))))","v":1000000000000},{"$f":"IF($D83<>\"Serviço\",0,IF(AND(AUTOEVENTO=\"Manual\",$M83=1),0,IF(OFFSET(CRONOPLE!$F$14,$M83,AS$13)=\"\",10^12,OFFSET(CRONOPLE!$F$14,$M83,AS$13))))","v":1000000000000},{"$f":"IF($D83<>\"Serviço\",0,IF(AND(AUTOEVENTO=\"Manual\",$M83=1),0,IF(OFFSET(CRONOPLE!$F$14,$M83,AT$13)=\"\",10^12,OFFSET(CRONOPLE!$F$14,$M83,AT$13))))","v":1000000000000},{"$f":"IF($D83<>\"Serviço\",0,IF(AND(AUTOEVENTO=\"Manual\",$M83=1),0,IF(OFFSET(CRONOPLE!$F$14,$M83,AU$13)=\"\",10^12,OFFSET(CRONOPLE!$F$14,$M83,AU$13))))","v":1000000000000},{"$f":"IF($D83<>\"Serviço\",0,IF(AND(AUTOEVENTO=\"Manual\",$M83=1),0,IF(OFFSET(CRONOPLE!$F$14,$M83,AV$13)=\"\",10^12,OFFSET(CRONOPLE!$F$14,$M83,AV$13))))","v":1000000000000},null,{"$f":"IF($D83<>\"Serviço\",0,IF(OR(AND(AUTOEVENTO=\"Manual\",$M83=1),$M83>(ROW(PLE.lastrow)-ROW(PLE.firstrow))),0,IF(OFFSET(PLE!$G$14,$M83,AX$13)=\"\",10^12,OFFSET(PLE!$G$14,$M83,AX$13))))","v":1000000000000},{"$f":"IF($D83<>\"Serviço\",0,IF(OR(AND(AUTOEVENTO=\"Manual\",$M83=1),$M83>(ROW(PLE.lastrow)-ROW(PLE.firstrow))),0,IF(OFFSET(PLE!$G$14,$M83,AY$13)=\"\",10^12,OFFSET(PLE!$G$14,$M83,AY$13))))","v":1000000000000},{"$f":"IF($D83<>\"Serviço\",0,IF(OR(AND(AUTOEVENTO=\"Manual\",$M83=1),$M83>(ROW(PLE.lastrow)-ROW(PLE.firstrow))),0,IF(OFFSET(PLE!$G$14,$M83,AZ$13)=\"\",10^12,OFFSET(PLE!$G$14,$M83,AZ$13))))","v":1000000000000},{"$f":"IF($D83<>\"Serviço\",0,IF(OR(AND(AUTOEVENTO=\"Manual\",$M83=1),$M83>(ROW(PLE.lastrow)-ROW(PLE.firstrow))),0,IF(OFFSET(PLE!$G$14,$M83,BA$13)=\"\",10^12,OFFSET(PLE!$G$14,$M83,BA$13))))","v":1000000000000},{"$f":"IF($D83<>\"Serviço\",0,IF(OR(AND(AUTOEVENTO=\"Manual\",$M83=1),$M83>(ROW(PLE.lastrow)-ROW(PLE.firstrow))),0,IF(OFFSET(PLE!$G$14,$M83,BB$13)=\"\",10^12,OFFSET(PLE!$G$14,$M83,BB$13))))","v":1000000000000},{"$f":"IF($D83<>\"Serviço\",0,IF(OR(AND(AUTOEVENTO=\"Manual\",$M83=1),$M83>(ROW(PLE.lastrow)-ROW(PLE.firstrow))),0,IF(OFFSET(PLE!$G$14,$M83,BC$13)=\"\",10^12,OFFSET(PLE!$G$14,$M83,BC$13))))","v":1000000000000},{"$f":"IF($D83<>\"Serviço\",0,IF(OR(AND(AUTOEVENTO=\"Manual\",$M83=1),$M83>(ROW(PLE.lastrow)-ROW(PLE.firstrow))),0,IF(OFFSET(PLE!$G$14,$M83,BD$13)=\"\",10^12,OFFSET(PLE!$G$14,$M83,BD$13))))","v":1000000000000},{"$f":"IF($D83<>\"Serviço\",0,IF(OR(AND(AUTOEVENTO=\"Manual\",$M83=1),$M83>(ROW(PLE.lastrow)-ROW(PLE.firstrow))),0,IF(OFFSET(PLE!$G$14,$M83,BE$13)=\"\",10^12,OFFSET(PLE!$G$14,$M83,BE$13))))","v":1000000000000},{"$f":"IF($D83<>\"Serviço\",0,IF(OR(AND(AUTOEVENTO=\"Manual\",$M83=1),$M83>(ROW(PLE.lastrow)-ROW(PLE.firstrow))),0,IF(OFFSET(PLE!$G$14,$M83,BF$13)=\"\",10^12,OFFSET(PLE!$G$14,$M83,BF$13))))","v":1000000000000},{"$f":"IF($D83<>\"Serviço\",0,IF(OR(AND(AUTOEVENTO=\"Manual\",$M83=1),$M83>(ROW(PLE.lastrow)-ROW(PLE.firstrow))),0,IF(OFFSET(PLE!$G$14,$M83,BG$13)=\"\",10^12,OFFSET(PLE!$G$14,$M83,BG$13))))","v":1000000000000}]
["65",{"$f":"OFFSET(ORÇAMENTO!C$15,ROW(B84)-ROW(B$15),0)","v":"S"},{"$f":"OFFSET(ORÇAMENTO!L$15,ROW(C84)-ROW(C$15),0)","v":"F"},{"$f":"OFFSET(ORÇAMENTO!N$15,ROW(D84)-ROW(D$15),0)","v":"Serviço"},{"$f":"OFFSET(ORÇAMENTO!O$15,ROW(E84)-ROW(E$15),0)","v":"1.4.0.4."},{"$f":"OFFSET(ORÇAMENTO!R$15,ROW(F84)-ROW(F$15),0)","v":"ARMAÇÃO DE PILAR OU VIGA DE ESTRUTURA CONVENCIONAL DE CONCRETO ARMADO UTILIZANDO AÇO CA-50 DE 10,0 MM - MONTAGEM. AF_06/2022"},{"$f":"IF($D84<>\"Serviço\",\"\",OFFSET(ORÇAMENTO!S$15,ROW(G84)-ROW(G$15),0))","v":"KG"},{"$f":"IF($D84<>\"Serviço\",0,IF(ACOMPANHAMENTO=\"BM\",ROUND(OFFSET(ORÇAMENTO!AJ$15,ROW(H84)-ROW(H$15),0),15-13*ORÇAMENTO!$AF$7),SUMPRODUCT(($Q$12:$AA$12<>\"\")*ROUND($Q84:$AA84,15-13*ORÇAMENTO!$AF$7))))","v":126.9},null,null,null,".",{"$f":"IF($D84<>\"Serviço\",\"\",IF(AUTOEVENTO=\"manual\",$A84,IF(ISERROR(MATCH($A84,$A$15:OFFSET($A84,-1,0),0)),MAX($M$15:OFFSET(M84,-1,0))+1,INDEX($M$15:OFFSET(M84,-1,0),MATCH($A84,$A$15:OFFSET($A84,-1,0),0)))))","v":5},{"$f":"IF($D84<>\"Serviço\",\"\",IF(AUTOEVENTO=\"Manual\",IF($A84=0,\"<-- defina o número do agrupador\",OFFSET(EVENTOS!$D$14,$A84,0)),OFFSET($F$15,$A84,0)))","v":"SUPERESTRUTURA"},null,null,null,null,null,null,null,null,null,null,null,null,null,{"$f":"IF(AND($D84=\"Serviço\",AB$12<>0,$H84>0,OR(AUTOEVENTO<>\"manual\",$M84<>1)),\nIF(Import.TipoArredondamento<>\"TransfereGOV\",\nROUND(OFFSET($P84,0,AB$13),15-13*ORÇAMENTO!$AF$7)/$H84*OFFSET(ORÇAMENTO!$X$15,ROW(AB84)-ROW(AB$15),0),\nROUND(ROUND(OFFSET($P84,0,AB$13),15-13*ORÇAMENTO!$AF$7)*OFFSET(ORÇAMENTO!$W$15,ROW(AB84)-ROW(AB$15),0),15-13*ORÇAMENTO!$AF$11)),0)","v":0},{"$f":"IF(AND($D84=\"Serviço\",AC$12<>0,$H84>0,OR(AUTOEVENTO<>\"manual\",$M84<>1)),\nIF(Import.TipoArredondamento<>\"TransfereGOV\",\nROUND(OFFSET($P84,0,AC$13),15-13*ORÇAMENTO!$AF$7)/$H84*OFFSET(ORÇAMENTO!$X$15,ROW(AC84)-ROW(AC$15),0),\nROUND(ROUND(OFFSET($P84,0,AC$13),15-13*ORÇAMENTO!$AF$7)*OFFSET(ORÇAMENTO!$W$15,ROW(AC84)-ROW(AC$15),0),15-13*ORÇAMENTO!$AF$11)),0)","v":0},{"$f":"IF(AND($D84=\"Serviço\",AD$12<>0,$H84>0,OR(AUTOEVENTO<>\"manual\",$M84<>1)),\nIF(Import.TipoArredondamento<>\"TransfereGOV\",\nROUND(OFFSET($P84,0,AD$13),15-13*ORÇAMENTO!$AF$7)/$H84*OFFSET(ORÇAMENTO!$X$15,ROW(AD84)-ROW(AD$15),0),\nROUND(ROUND(OFFSET($P84,0,AD$13),15-13*ORÇAMENTO!$AF$7)*OFFSET(ORÇAMENTO!$W$15,ROW(AD84)-ROW(AD$15),0),15-13*ORÇAMENTO!$AF$11)),0)","v":0},{"$f":"IF(AND($D84=\"Serviço\",AE$12<>0,$H84>0,OR(AUTOEVENTO<>\"manual\",$M84<>1)),\nIF(Import.TipoArredondamento<>\"TransfereGOV\",\nROUND(OFFSET($P84,0,AE$13),15-13*ORÇAMENTO!$AF$7)/$H84*OFFSET(ORÇAMENTO!$X$15,ROW(AE84)-ROW(AE$15),0),\nROUND(ROUND(OFFSET($P84,0,AE$13),15-13*ORÇAMENTO!$AF$7)*OFFSET(ORÇAMENTO!$W$15,ROW(AE84)-ROW(AE$15),0),15-13*ORÇAMENTO!$AF$11)),0)","v":0},{"$f":"IF(AND($D84=\"Serviço\",AF$12<>0,$H84>0,OR(AUTOEVENTO<>\"manual\",$M84<>1)),\nIF(Import.TipoArredondamento<>\"TransfereGOV\",\nROUND(OFFSET($P84,0,AF$13),15-13*ORÇAMENTO!$AF$7)/$H84*OFFSET(ORÇAMENTO!$X$15,ROW(AF84)-ROW(AF$15),0),\nROUND(ROUND(OFFSET($P84,0,AF$13),15-13*ORÇAMENTO!$AF$7)*OFFSET(ORÇAMENTO!$W$15,ROW(AF84)-ROW(AF$15),0),15-13*ORÇAMENTO!$AF$11)),0)","v":0},{"$f":"IF(AND($D84=\"Serviço\",AG$12<>0,$H84>0,OR(AUTOEVENTO<>\"manual\",$M84<>1)),\nIF(Import.TipoArredondamento<>\"TransfereGOV\",\nROUND(OFFSET($P84,0,AG$13),15-13*ORÇAMENTO!$AF$7)/$H84*OFFSET(ORÇAMENTO!$X$15,ROW(AG84)-ROW(AG$15),0),\nROUND(ROUND(OFFSET($P84,0,AG$13),15-13*ORÇAMENTO!$AF$7)*OFFSET(ORÇAMENTO!$W$15,ROW(AG84)-ROW(AG$15),0),15-13*ORÇAMENTO!$AF$11)),0)","v":0},{"$f":"IF(AND($D84=\"Serviço\",AH$12<>0,$H84>0,OR(AUTOEVENTO<>\"manual\",$M84<>1)),\nIF(Import.TipoArredondamento<>\"TransfereGOV\",\nROUND(OFFSET($P84,0,AH$13),15-13*ORÇAMENTO!$AF$7)/$H84*OFFSET(ORÇAMENTO!$X$15,ROW(AH84)-ROW(AH$15),0),\nROUND(ROUND(OFFSET($P84,0,AH$13),15-13*ORÇAMENTO!$AF$7)*OFFSET(ORÇAMENTO!$W$15,ROW(AH84)-ROW(AH$15),0),15-13*ORÇAMENTO!$AF$11)),0)","v":0},{"$f":"IF(AND($D84=\"Serviço\",AI$12<>0,$H84>0,OR(AUTOEVENTO<>\"manual\",$M84<>1)),\nIF(Import.TipoArredondamento<>\"TransfereGOV\",\nROUND(OFFSET($P84,0,AI$13),15-13*ORÇAMENTO!$AF$7)/$H84*OFFSET(ORÇAMENTO!$X$15,ROW(AI84)-ROW(AI$15),0),\nROUND(ROUND(OFFSET($P84,0,AI$13),15-13*ORÇAMENTO!$AF$7)*OFFSET(ORÇAMENTO!$W$15,ROW(AI84)-ROW(AI$15),0),15-13*ORÇAMENTO!$AF$11)),0)","v":0},{"$f":"IF(AND($D84=\"Serviço\",AJ$12<>0,$H84>0,OR(AUTOEVENTO<>\"manual\",$M84<>1)),\nIF(Import.TipoArredondamento<>\"TransfereGOV\",\nROUND(OFFSET($P84,0,AJ$13),15-13*ORÇAMENTO!$AF$7)/$H84*OFFSET(ORÇAMENTO!$X$15,ROW(AJ84)-ROW(AJ$15),0),\nROUND(ROUND(OFFSET($P84,0,AJ$13),15-13*ORÇAMENTO!$AF$7)*OFFSET(ORÇAMENTO!$W$15,ROW(AJ84)-ROW(AJ$15),0),15-13*ORÇAMENTO!$AF$11)),0)","v":0},{"$f":"IF(AND($D84=\"Serviço\",AK$12<>0,$H84>0,OR(AUTOEVENTO<>\"manual\",$M84<>1)),\nIF(Import.TipoArredondamento<>\"TransfereGOV\",\nROUND(OFFSET($P84,0,AK$13),15-13*ORÇAMENTO!$AF$7)/$H84*OFFSET(ORÇAMENTO!$X$15,ROW(AK84)-ROW(AK$15),0),\nROUND(ROUND(OFFSET($P84,0,AK$13),15-13*ORÇAMENTO!$AF$7)*OFFSET(ORÇAMENTO!$W$15,ROW(AK84)-ROW(AK$15),0),15-13*ORÇAMENTO!$AF$11)),0)","v":0},null,{"$f":"IF($D84<>\"Serviço\",0,IF(AND(AUTOEVENTO=\"Manual\",$M84=1),0,IF(OFFSET(CRONOPLE!$F$14,$M84,AM$13)=\"\",10^12,OFFSET(CRONOPLE!$F$14,$M84,AM$13))))","v":1000000000000},{"$f":"IF($D84<>\"Serviço\",0,IF(AND(AUTOEVENTO=\"Manual\",$M84=1),0,IF(OFFSET(CRONOPLE!$F$14,$M84,AN$13)=\"\",10^12,OFFSET(CRONOPLE!$F$14,$M84,AN$13))))","v":1000000000000},{"$f":"IF($D84<>\"Serviço\",0,IF(AND(AUTOEVENTO=\"Manual\",$M84=1),0,IF(OFFSET(CRONOPLE!$F$14,$M84,AO$13)=\"\",10^12,OFFSET(CRONOPLE!$F$14,$M84,AO$13))))","v":1000000000000},{"$f":"IF($D84<>\"Serviço\",0,IF(AND(AUTOEVENTO=\"Manual\",$M84=1),0,IF(OFFSET(CRONOPLE!$F$14,$M84,AP$13)=\"\",10^12,OFFSET(CRONOPLE!$F$14,$M84,AP$13))))","v":1000000000000},{"$f":"IF($D84<>\"Serviço\",0,IF(AND(AUTOEVENTO=\"Manual\",$M84=1),0,IF(OFFSET(CRONOPLE!$F$14,$M84,AQ$13)=\"\",10^12,OFFSET(CRONOPLE!$F$14,$M84,AQ$13))))","v":1000000000000},{"$f":"IF($D84<>\"Serviço\",0,IF(AND(AUTOEVENTO=\"Manual\",$M84=1),0,IF(OFFSET(CRONOPLE!$F$14,$M84,AR$13)=\"\",10^12,OFFSET(CRONOPLE!$F$14,$M84,AR$13))))","v":1000000000000},{"$f":"IF($D84<>\"Serviço\",0,IF(AND(AUTOEVENTO=\"Manual\",$M84=1),0,IF(OFFSET(CRONOPLE!$F$14,$M84,AS$13)=\"\",10^12,OFFSET(CRONOPLE!$F$14,$M84,AS$13))))","v":1000000000000},{"$f":"IF($D84<>\"Serviço\",0,IF(AND(AUTOEVENTO=\"Manual\",$M84=1),0,IF(OFFSET(CRONOPLE!$F$14,$M84,AT$13)=\"\",10^12,OFFSET(CRONOPLE!$F$14,$M84,AT$13))))","v":1000000000000},{"$f":"IF($D84<>\"Serviço\",0,IF(AND(AUTOEVENTO=\"Manual\",$M84=1),0,IF(OFFSET(CRONOPLE!$F$14,$M84,AU$13)=\"\",10^12,OFFSET(CRONOPLE!$F$14,$M84,AU$13))))","v":1000000000000},{"$f":"IF($D84<>\"Serviço\",0,IF(AND(AUTOEVENTO=\"Manual\",$M84=1),0,IF(OFFSET(CRONOPLE!$F$14,$M84,AV$13)=\"\",10^12,OFFSET(CRONOPLE!$F$14,$M84,AV$13))))","v":1000000000000},null,{"$f":"IF($D84<>\"Serviço\",0,IF(OR(AND(AUTOEVENTO=\"Manual\",$M84=1),$M84>(ROW(PLE.lastrow)-ROW(PLE.firstrow))),0,IF(OFFSET(PLE!$G$14,$M84,AX$13)=\"\",10^12,OFFSET(PLE!$G$14,$M84,AX$13))))","v":1000000000000},{"$f":"IF($D84<>\"Serviço\",0,IF(OR(AND(AUTOEVENTO=\"Manual\",$M84=1),$M84>(ROW(PLE.lastrow)-ROW(PLE.firstrow))),0,IF(OFFSET(PLE!$G$14,$M84,AY$13)=\"\",10^12,OFFSET(PLE!$G$14,$M84,AY$13))))","v":1000000000000},{"$f":"IF($D84<>\"Serviço\",0,IF(OR(AND(AUTOEVENTO=\"Manual\",$M84=1),$M84>(ROW(PLE.lastrow)-ROW(PLE.firstrow))),0,IF(OFFSET(PLE!$G$14,$M84,AZ$13)=\"\",10^12,OFFSET(PLE!$G$14,$M84,AZ$13))))","v":1000000000000},{"$f":"IF($D84<>\"Serviço\",0,IF(OR(AND(AUTOEVENTO=\"Manual\",$M84=1),$M84>(ROW(PLE.lastrow)-ROW(PLE.firstrow))),0,IF(OFFSET(PLE!$G$14,$M84,BA$13)=\"\",10^12,OFFSET(PLE!$G$14,$M84,BA$13))))","v":1000000000000},{"$f":"IF($D84<>\"Serviço\",0,IF(OR(AND(AUTOEVENTO=\"Manual\",$M84=1),$M84>(ROW(PLE.lastrow)-ROW(PLE.firstrow))),0,IF(OFFSET(PLE!$G$14,$M84,BB$13)=\"\",10^12,OFFSET(PLE!$G$14,$M84,BB$13))))","v":1000000000000},{"$f":"IF($D84<>\"Serviço\",0,IF(OR(AND(AUTOEVENTO=\"Manual\",$M84=1),$M84>(ROW(PLE.lastrow)-ROW(PLE.firstrow))),0,IF(OFFSET(PLE!$G$14,$M84,BC$13)=\"\",10^12,OFFSET(PLE!$G$14,$M84,BC$13))))","v":1000000000000},{"$f":"IF($D84<>\"Serviço\",0,IF(OR(AND(AUTOEVENTO=\"Manual\",$M84=1),$M84>(ROW(PLE.lastrow)-ROW(PLE.firstrow))),0,IF(OFFSET(PLE!$G$14,$M84,BD$13)=\"\",10^12,OFFSET(PLE!$G$14,$M84,BD$13))))","v":1000000000000},{"$f":"IF($D84<>\"Serviço\",0,IF(OR(AND(AUTOEVENTO=\"Manual\",$M84=1),$M84>(ROW(PLE.lastrow)-ROW(PLE.firstrow))),0,IF(OFFSET(PLE!$G$14,$M84,BE$13)=\"\",10^12,OFFSET(PLE!$G$14,$M84,BE$13))))","v":1000000000000},{"$f":"IF($D84<>\"Serviço\",0,IF(OR(AND(AUTOEVENTO=\"Manual\",$M84=1),$M84>(ROW(PLE.lastrow)-ROW(PLE.firstrow))),0,IF(OFFSET(PLE!$G$14,$M84,BF$13)=\"\",10^12,OFFSET(PLE!$G$14,$M84,BF$13))))","v":1000000000000},{"$f":"IF($D84<>\"Serviço\",0,IF(OR(AND(AUTOEVENTO=\"Manual\",$M84=1),$M84>(ROW(PLE.lastrow)-ROW(PLE.firstrow))),0,IF(OFFSET(PLE!$G$14,$M84,BG$13)=\"\",10^12,OFFSET(PLE!$G$14,$M84,BG$13))))","v":1000000000000}]
["65",{"$f":"OFFSET(ORÇAMENTO!C$15,ROW(B85)-ROW(B$15),0)","v":"S"},{"$f":"OFFSET(ORÇAMENTO!L$15,ROW(C85)-ROW(C$15),0)","v":"F"},{"$f":"OFFSET(ORÇAMENTO!N$15,ROW(D85)-ROW(D$15),0)","v":"Serviço"},{"$f":"OFFSET(ORÇAMENTO!O$15,ROW(E85)-ROW(E$15),0)","v":"1.4.0.5."},{"$f":"OFFSET(ORÇAMENTO!R$15,ROW(F85)-ROW(F$15),0)","v":"ARMAÇÃO DE PILAR OU VIGA DE ESTRUTURA CONVENCIONAL DE CONCRETO ARMADO UTILIZANDO AÇO CA-50 DE 12,5 MM - MONTAGEM. AF_06/2022"},{"$f":"IF($D85<>\"Serviço\",\"\",OFFSET(ORÇAMENTO!S$15,ROW(G85)-ROW(G$15),0))","v":"KG"},{"$f":"IF($D85<>\"Serviço\",0,IF(ACOMPANHAMENTO=\"BM\",ROUND(OFFSET(ORÇAMENTO!AJ$15,ROW(H85)-ROW(H$15),0),15-13*ORÇAMENTO!$AF$7),SUMPRODUCT(($Q$12:$AA$12<>\"\")*ROUND($Q85:$AA85,15-13*ORÇAMENTO!$AF$7))))","v":114.3},null,null,null,".",{"$f":"IF($D85<>\"Serviço\",\"\",IF(AUTOEVENTO=\"manual\",$A85,IF(ISERROR(MATCH($A85,$A$15:OFFSET($A85,-1,0),0)),MAX($M$15:OFFSET(M85,-1,0))+1,INDEX($M$15:OFFSET(M85,-1,0),MATCH($A85,$A$15:OFFSET($A85,-1,0),0)))))","v":5},{"$f":"IF($D85<>\"Serviço\",\"\",IF(AUTOEVENTO=\"Manual\",IF($A85=0,\"<-- defina o número do agrupador\",OFFSET(EVENTOS!$D$14,$A85,0)),OFFSET($F$15,$A85,0)))","v":"SUPERESTRUTURA"},null,null,null,null,null,null,null,null,null,null,null,null,null,{"$f":"IF(AND($D85=\"Serviço\",AB$12<>0,$H85>0,OR(AUTOEVENTO<>\"manual\",$M85<>1)),\nIF(Import.TipoArredondamento<>\"TransfereGOV\",\nROUND(OFFSET($P85,0,AB$13),15-13*ORÇAMENTO!$AF$7)/$H85*OFFSET(ORÇAMENTO!$X$15,ROW(AB85)-ROW(AB$15),0),\nROUND(ROUND(OFFSET($P85,0,AB$13),15-13*ORÇAMENTO!$AF$7)*OFFSET(ORÇAMENTO!$W$15,ROW(AB85)-ROW(AB$15),0),15-13*ORÇAMENTO!$AF$11)),0)","v":0},{"$f":"IF(AND($D85=\"Serviço\",AC$12<>0,$H85>0,OR(AUTOEVENTO<>\"manual\",$M85<>1)),\nIF(Import.TipoArredondamento<>\"TransfereGOV\",\nROUND(OFFSET($P85,0,AC$13),15-13*ORÇAMENTO!$AF$7)/$H85*OFFSET(ORÇAMENTO!$X$15,ROW(AC85)-ROW(AC$15),0),\nROUND(ROUND(OFFSET($P85,0,AC$13),15-13*ORÇAMENTO!$AF$7)*OFFSET(ORÇAMENTO!$W$15,ROW(AC85)-ROW(AC$15),0),15-13*ORÇAMENTO!$AF$11)),0)","v":0},{"$f":"IF(AND($D85=\"Serviço\",AD$12<>0,$H85>0,OR(AUTOEVENTO<>\"manual\",$M85<>1)),\nIF(Import.TipoArredondamento<>\"TransfereGOV\",\nROUND(OFFSET($P85,0,AD$13),15-13*ORÇAMENTO!$AF$7)/$H85*OFFSET(ORÇAMENTO!$X$15,ROW(AD85)-ROW(AD$15),0),\nROUND(ROUND(OFFSET($P85,0,AD$13),15-13*ORÇAMENTO!$AF$7)*OFFSET(ORÇAMENTO!$W$15,ROW(AD85)-ROW(AD$15),0),15-13*ORÇAMENTO!$AF$11)),0)","v":0},{"$f":"IF(AND($D85=\"Serviço\",AE$12<>0,$H85>0,OR(AUTOEVENTO<>\"manual\",$M85<>1)),\nIF(Import.TipoArredondamento<>\"TransfereGOV\",\nROUND(OFFSET($P85,0,AE$13),15-13*ORÇAMENTO!$AF$7)/$H85*OFFSET(ORÇAMENTO!$X$15,ROW(AE85)-ROW(AE$15),0),\nROUND(ROUND(OFFSET($P85,0,AE$13),15-13*ORÇAMENTO!$AF$7)*OFFSET(ORÇAMENTO!$W$15,ROW(AE85)-ROW(AE$15),0),15-13*ORÇAMENTO!$AF$11)),0)","v":0},{"$f":"IF(AND($D85=\"Serviço\",AF$12<>0,$H85>0,OR(AUTOEVENTO<>\"manual\",$M85<>1)),\nIF(Import.TipoArredondamento<>\"TransfereGOV\",\nROUND(OFFSET($P85,0,AF$13),15-13*ORÇAMENTO!$AF$7)/$H85*OFFSET(ORÇAMENTO!$X$15,ROW(AF85)-ROW(AF$15),0),\nROUND(ROUND(OFFSET($P85,0,AF$13),15-13*ORÇAMENTO!$AF$7)*OFFSET(ORÇAMENTO!$W$15,ROW(AF85)-ROW(AF$15),0),15-13*ORÇAMENTO!$AF$11)),0)","v":0},{"$f":"IF(AND($D85=\"Serviço\",AG$12<>0,$H85>0,OR(AUTOEVENTO<>\"manual\",$M85<>1)),\nIF(Import.TipoArredondamento<>\"TransfereGOV\",\nROUND(OFFSET($P85,0,AG$13),15-13*ORÇAMENTO!$AF$7)/$H85*OFFSET(ORÇAMENTO!$X$15,ROW(AG85)-ROW(AG$15),0),\nROUND(ROUND(OFFSET($P85,0,AG$13),15-13*ORÇAMENTO!$AF$7)*OFFSET(ORÇAMENTO!$W$15,ROW(AG85)-ROW(AG$15),0),15-13*ORÇAMENTO!$AF$11)),0)","v":0},{"$f":"IF(AND($D85=\"Serviço\",AH$12<>0,$H85>0,OR(AUTOEVENTO<>\"manual\",$M85<>1)),\nIF(Import.TipoArredondamento<>\"TransfereGOV\",\nROUND(OFFSET($P85,0,AH$13),15-13*ORÇAMENTO!$AF$7)/$H85*OFFSET(ORÇAMENTO!$X$15,ROW(AH85)-ROW(AH$15),0),\nROUND(ROUND(OFFSET($P85,0,AH$13),15-13*ORÇAMENTO!$AF$7)*OFFSET(ORÇAMENTO!$W$15,ROW(AH85)-ROW(AH$15),0),15-13*ORÇAMENTO!$AF$11)),0)","v":0},{"$f":"IF(AND($D85=\"Serviço\",AI$12<>0,$H85>0,OR(AUTOEVENTO<>\"manual\",$M85<>1)),\nIF(Import.TipoArredondamento<>\"TransfereGOV\",\nROUND(OFFSET($P85,0,AI$13),15-13*ORÇAMENTO!$AF$7)/$H85*OFFSET(ORÇAMENTO!$X$15,ROW(AI85)-ROW(AI$15),0),\nROUND(ROUND(OFFSET($P85,0,AI$13),15-13*ORÇAMENTO!$AF$7)*OFFSET(ORÇAMENTO!$W$15,ROW(AI85)-ROW(AI$15),0),15-13*ORÇAMENTO!$AF$11)),0)","v":0},{"$f":"IF(AND($D85=\"Serviço\",AJ$12<>0,$H85>0,OR(AUTOEVENTO<>\"manual\",$M85<>1)),\nIF(Import.TipoArredondamento<>\"TransfereGOV\",\nROUND(OFFSET($P85,0,AJ$13),15-13*ORÇAMENTO!$AF$7)/$H85*OFFSET(ORÇAMENTO!$X$15,ROW(AJ85)-ROW(AJ$15),0),\nROUND(ROUND(OFFSET($P85,0,AJ$13),15-13*ORÇAMENTO!$AF$7)*OFFSET(ORÇAMENTO!$W$15,ROW(AJ85)-ROW(AJ$15),0),15-13*ORÇAMENTO!$AF$11)),0)","v":0},{"$f":"IF(AND($D85=\"Serviço\",AK$12<>0,$H85>0,OR(AUTOEVENTO<>\"manual\",$M85<>1)),\nIF(Import.TipoArredondamento<>\"TransfereGOV\",\nROUND(OFFSET($P85,0,AK$13),15-13*ORÇAMENTO!$AF$7)/$H85*OFFSET(ORÇAMENTO!$X$15,ROW(AK85)-ROW(AK$15),0),\nROUND(ROUND(OFFSET($P85,0,AK$13),15-13*ORÇAMENTO!$AF$7)*OFFSET(ORÇAMENTO!$W$15,ROW(AK85)-ROW(AK$15),0),15-13*ORÇAMENTO!$AF$11)),0)","v":0},null,{"$f":"IF($D85<>\"Serviço\",0,IF(AND(AUTOEVENTO=\"Manual\",$M85=1),0,IF(OFFSET(CRONOPLE!$F$14,$M85,AM$13)=\"\",10^12,OFFSET(CRONOPLE!$F$14,$M85,AM$13))))","v":1000000000000},{"$f":"IF($D85<>\"Serviço\",0,IF(AND(AUTOEVENTO=\"Manual\",$M85=1),0,IF(OFFSET(CRONOPLE!$F$14,$M85,AN$13)=\"\",10^12,OFFSET(CRONOPLE!$F$14,$M85,AN$13))))","v":1000000000000},{"$f":"IF($D85<>\"Serviço\",0,IF(AND(AUTOEVENTO=\"Manual\",$M85=1),0,IF(OFFSET(CRONOPLE!$F$14,$M85,AO$13)=\"\",10^12,OFFSET(CRONOPLE!$F$14,$M85,AO$13))))","v":1000000000000},{"$f":"IF($D85<>\"Serviço\",0,IF(AND(AUTOEVENTO=\"Manual\",$M85=1),0,IF(OFFSET(CRONOPLE!$F$14,$M85,AP$13)=\"\",10^12,OFFSET(CRONOPLE!$F$14,$M85,AP$13))))","v":1000000000000},{"$f":"IF($D85<>\"Serviço\",0,IF(AND(AUTOEVENTO=\"Manual\",$M85=1),0,IF(OFFSET(CRONOPLE!$F$14,$M85,AQ$13)=\"\",10^12,OFFSET(CRONOPLE!$F$14,$M85,AQ$13))))","v":1000000000000},{"$f":"IF($D85<>\"Serviço\",0,IF(AND(AUTOEVENTO=\"Manual\",$M85=1),0,IF(OFFSET(CRONOPLE!$F$14,$M85,AR$13)=\"\",10^12,OFFSET(CRONOPLE!$F$14,$M85,AR$13))))","v":1000000000000},{"$f":"IF($D85<>\"Serviço\",0,IF(AND(AUTOEVENTO=\"Manual\",$M85=1),0,IF(OFFSET(CRONOPLE!$F$14,$M85,AS$13)=\"\",10^12,OFFSET(CRONOPLE!$F$14,$M85,AS$13))))","v":1000000000000},{"$f":"IF($D85<>\"Serviço\",0,IF(AND(AUTOEVENTO=\"Manual\",$M85=1),0,IF(OFFSET(CRONOPLE!$F$14,$M85,AT$13)=\"\",10^12,OFFSET(CRONOPLE!$F$14,$M85,AT$13))))","v":1000000000000},{"$f":"IF($D85<>\"Serviço\",0,IF(AND(AUTOEVENTO=\"Manual\",$M85=1),0,IF(OFFSET(CRONOPLE!$F$14,$M85,AU$13)=\"\",10^12,OFFSET(CRONOPLE!$F$14,$M85,AU$13))))","v":1000000000000},{"$f":"IF($D85<>\"Serviço\",0,IF(AND(AUTOEVENTO=\"Manual\",$M85=1),0,IF(OFFSET(CRONOPLE!$F$14,$M85,AV$13)=\"\",10^12,OFFSET(CRONOPLE!$F$14,$M85,AV$13))))","v":1000000000000},null,{"$f":"IF($D85<>\"Serviço\",0,IF(OR(AND(AUTOEVENTO=\"Manual\",$M85=1),$M85>(ROW(PLE.lastrow)-ROW(PLE.firstrow))),0,IF(OFFSET(PLE!$G$14,$M85,AX$13)=\"\",10^12,OFFSET(PLE!$G$14,$M85,AX$13))))","v":1000000000000},{"$f":"IF($D85<>\"Serviço\",0,IF(OR(AND(AUTOEVENTO=\"Manual\",$M85=1),$M85>(ROW(PLE.lastrow)-ROW(PLE.firstrow))),0,IF(OFFSET(PLE!$G$14,$M85,AY$13)=\"\",10^12,OFFSET(PLE!$G$14,$M85,AY$13))))","v":1000000000000},{"$f":"IF($D85<>\"Serviço\",0,IF(OR(AND(AUTOEVENTO=\"Manual\",$M85=1),$M85>(ROW(PLE.lastrow)-ROW(PLE.firstrow))),0,IF(OFFSET(PLE!$G$14,$M85,AZ$13)=\"\",10^12,OFFSET(PLE!$G$14,$M85,AZ$13))))","v":1000000000000},{"$f":"IF($D85<>\"Serviço\",0,IF(OR(AND(AUTOEVENTO=\"Manual\",$M85=1),$M85>(ROW(PLE.lastrow)-ROW(PLE.firstrow))),0,IF(OFFSET(PLE!$G$14,$M85,BA$13)=\"\",10^12,OFFSET(PLE!$G$14,$M85,BA$13))))","v":1000000000000},{"$f":"IF($D85<>\"Serviço\",0,IF(OR(AND(AUTOEVENTO=\"Manual\",$M85=1),$M85>(ROW(PLE.lastrow)-ROW(PLE.firstrow))),0,IF(OFFSET(PLE!$G$14,$M85,BB$13)=\"\",10^12,OFFSET(PLE!$G$14,$M85,BB$13))))","v":1000000000000},{"$f":"IF($D85<>\"Serviço\",0,IF(OR(AND(AUTOEVENTO=\"Manual\",$M85=1),$M85>(ROW(PLE.lastrow)-ROW(PLE.firstrow))),0,IF(OFFSET(PLE!$G$14,$M85,BC$13)=\"\",10^12,OFFSET(PLE!$G$14,$M85,BC$13))))","v":1000000000000},{"$f":"IF($D85<>\"Serviço\",0,IF(OR(AND(AUTOEVENTO=\"Manual\",$M85=1),$M85>(ROW(PLE.lastrow)-ROW(PLE.firstrow))),0,IF(OFFSET(PLE!$G$14,$M85,BD$13)=\"\",10^12,OFFSET(PLE!$G$14,$M85,BD$13))))","v":1000000000000},{"$f":"IF($D85<>\"Serviço\",0,IF(OR(AND(AUTOEVENTO=\"Manual\",$M85=1),$M85>(ROW(PLE.lastrow)-ROW(PLE.firstrow))),0,IF(OFFSET(PLE!$G$14,$M85,BE$13)=\"\",10^12,OFFSET(PLE!$G$14,$M85,BE$13))))","v":1000000000000},{"$f":"IF($D85<>\"Serviço\",0,IF(OR(AND(AUTOEVENTO=\"Manual\",$M85=1),$M85>(ROW(PLE.lastrow)-ROW(PLE.firstrow))),0,IF(OFFSET(PLE!$G$14,$M85,BF$13)=\"\",10^12,OFFSET(PLE!$G$14,$M85,BF$13))))","v":1000000000000},{"$f":"IF($D85<>\"Serviço\",0,IF(OR(AND(AUTOEVENTO=\"Manual\",$M85=1),$M85>(ROW(PLE.lastrow)-ROW(PLE.firstrow))),0,IF(OFFSET(PLE!$G$14,$M85,BG$13)=\"\",10^12,OFFSET(PLE!$G$14,$M85,BG$13))))","v":1000000000000}]
["65",{"$f":"OFFSET(ORÇAMENTO!C$15,ROW(B86)-ROW(B$15),0)","v":"S"},{"$f":"OFFSET(ORÇAMENTO!L$15,ROW(C86)-ROW(C$15),0)","v":"F"},{"$f":"OFFSET(ORÇAMENTO!N$15,ROW(D86)-ROW(D$15),0)","v":"Serviço"},{"$f":"OFFSET(ORÇAMENTO!O$15,ROW(E86)-ROW(E$15),0)","v":"1.4.0.6."},{"$f":"OFFSET(ORÇAMENTO!R$15,ROW(F86)-ROW(F$15),0)","v":"ARMAÇÃO DE PILAR OU VIGA DE ESTRUTURA CONVENCIONAL DE CONCRETO ARMADO UTILIZANDO AÇO CA-50 DE 16,0 MM - MONTAGEM. AF_06/2022"},{"$f":"IF($D86<>\"Serviço\",\"\",OFFSET(ORÇAMENTO!S$15,ROW(G86)-ROW(G$15),0))","v":"KG"},{"$f":"IF($D86<>\"Serviço\",0,IF(ACOMPANHAMENTO=\"BM\",ROUND(OFFSET(ORÇAMENTO!AJ$15,ROW(H86)-ROW(H$15),0),15-13*ORÇAMENTO!$AF$7),SUMPRODUCT(($Q$12:$AA$12<>\"\")*ROUND($Q86:$AA86,15-13*ORÇAMENTO!$AF$7))))","v":533.79999999999995},null,null,null,".",{"$f":"IF($D86<>\"Serviço\",\"\",IF(AUTOEVENTO=\"manual\",$A86,IF(ISERROR(MATCH($A86,$A$15:OFFSET($A86,-1,0),0)),MAX($M$15:OFFSET(M86,-1,0))+1,INDEX($M$15:OFFSET(M86,-1,0),MATCH($A86,$A$15:OFFSET($A86,-1,0),0)))))","v":5},{"$f":"IF($D86<>\"Serviço\",\"\",IF(AUTOEVENTO=\"Manual\",IF($A86=0,\"<-- defina o número do agrupador\",OFFSET(EVENTOS!$D$14,$A86,0)),OFFSET($F$15,$A86,0)))","v":"SUPERESTRUTURA"},null,null,null,null,null,null,null,null,null,null,null,null,null,{"$f":"IF(AND($D86=\"Serviço\",AB$12<>0,$H86>0,OR(AUTOEVENTO<>\"manual\",$M86<>1)),\nIF(Import.TipoArredondamento<>\"TransfereGOV\",\nROUND(OFFSET($P86,0,AB$13),15-13*ORÇAMENTO!$AF$7)/$H86*OFFSET(ORÇAMENTO!$X$15,ROW(AB86)-ROW(AB$15),0),\nROUND(ROUND(OFFSET($P86,0,AB$13),15-13*ORÇAMENTO!$AF$7)*OFFSET(ORÇAMENTO!$W$15,ROW(AB86)-ROW(AB$15),0),15-13*ORÇAMENTO!$AF$11)),0)","v":0},{"$f":"IF(AND($D86=\"Serviço\",AC$12<>0,$H86>0,OR(AUTOEVENTO<>\"manual\",$M86<>1)),\nIF(Import.TipoArredondamento<>\"TransfereGOV\",\nROUND(OFFSET($P86,0,AC$13),15-13*ORÇAMENTO!$AF$7)/$H86*OFFSET(ORÇAMENTO!$X$15,ROW(AC86)-ROW(AC$15),0),\nROUND(ROUND(OFFSET($P86,0,AC$13),15-13*ORÇAMENTO!$AF$7)*OFFSET(ORÇAMENTO!$W$15,ROW(AC86)-ROW(AC$15),0),15-13*ORÇAMENTO!$AF$11)),0)","v":0},{"$f":"IF(AND($D86=\"Serviço\",AD$12<>0,$H86>0,OR(AUTOEVENTO<>\"manual\",$M86<>1)),\nIF(Import.TipoArredondamento<>\"TransfereGOV\",\nROUND(OFFSET($P86,0,AD$13),15-13*ORÇAMENTO!$AF$7)/$H86*OFFSET(ORÇAMENTO!$X$15,ROW(AD86)-ROW(AD$15),0),\nROUND(ROUND(OFFSET($P86,0,AD$13),15-13*ORÇAMENTO!$AF$7)*OFFSET(ORÇAMENTO!$W$15,ROW(AD86)-ROW(AD$15),0),15-13*ORÇAMENTO!$AF$11)),0)","v":0},{"$f":"IF(AND($D86=\"Serviço\",AE$12<>0,$H86>0,OR(AUTOEVENTO<>\"manual\",$M86<>1)),\nIF(Import.TipoArredondamento<>\"TransfereGOV\",\nROUND(OFFSET($P86,0,AE$13),15-13*ORÇAMENTO!$AF$7)/$H86*OFFSET(ORÇAMENTO!$X$15,ROW(AE86)-ROW(AE$15),0),\nROUND(ROUND(OFFSET($P86,0,AE$13),15-13*ORÇAMENTO!$AF$7)*OFFSET(ORÇAMENTO!$W$15,ROW(AE86)-ROW(AE$15),0),15-13*ORÇAMENTO!$AF$11)),0)","v":0},{"$f":"IF(AND($D86=\"Serviço\",AF$12<>0,$H86>0,OR(AUTOEVENTO<>\"manual\",$M86<>1)),\nIF(Import.TipoArredondamento<>\"TransfereGOV\",\nROUND(OFFSET($P86,0,AF$13),15-13*ORÇAMENTO!$AF$7)/$H86*OFFSET(ORÇAMENTO!$X$15,ROW(AF86)-ROW(AF$15),0),\nROUND(ROUND(OFFSET($P86,0,AF$13),15-13*ORÇAMENTO!$AF$7)*OFFSET(ORÇAMENTO!$W$15,ROW(AF86)-ROW(AF$15),0),15-13*ORÇAMENTO!$AF$11)),0)","v":0},{"$f":"IF(AND($D86=\"Serviço\",AG$12<>0,$H86>0,OR(AUTOEVENTO<>\"manual\",$M86<>1)),\nIF(Import.TipoArredondamento<>\"TransfereGOV\",\nROUND(OFFSET($P86,0,AG$13),15-13*ORÇAMENTO!$AF$7)/$H86*OFFSET(ORÇAMENTO!$X$15,ROW(AG86)-ROW(AG$15),0),\nROUND(ROUND(OFFSET($P86,0,AG$13),15-13*ORÇAMENTO!$AF$7)*OFFSET(ORÇAMENTO!$W$15,ROW(AG86)-ROW(AG$15),0),15-13*ORÇAMENTO!$AF$11)),0)","v":0},{"$f":"IF(AND($D86=\"Serviço\",AH$12<>0,$H86>0,OR(AUTOEVENTO<>\"manual\",$M86<>1)),\nIF(Import.TipoArredondamento<>\"TransfereGOV\",\nROUND(OFFSET($P86,0,AH$13),15-13*ORÇAMENTO!$AF$7)/$H86*OFFSET(ORÇAMENTO!$X$15,ROW(AH86)-ROW(AH$15),0),\nROUND(ROUND(OFFSET($P86,0,AH$13),15-13*ORÇAMENTO!$AF$7)*OFFSET(ORÇAMENTO!$W$15,ROW(AH86)-ROW(AH$15),0),15-13*ORÇAMENTO!$AF$11)),0)","v":0},{"$f":"IF(AND($D86=\"Serviço\",AI$12<>0,$H86>0,OR(AUTOEVENTO<>\"manual\",$M86<>1)),\nIF(Import.TipoArredondamento<>\"TransfereGOV\",\nROUND(OFFSET($P86,0,AI$13),15-13*ORÇAMENTO!$AF$7)/$H86*OFFSET(ORÇAMENTO!$X$15,ROW(AI86)-ROW(AI$15),0),\nROUND(ROUND(OFFSET($P86,0,AI$13),15-13*ORÇAMENTO!$AF$7)*OFFSET(ORÇAMENTO!$W$15,ROW(AI86)-ROW(AI$15),0),15-13*ORÇAMENTO!$AF$11)),0)","v":0},{"$f":"IF(AND($D86=\"Serviço\",AJ$12<>0,$H86>0,OR(AUTOEVENTO<>\"manual\",$M86<>1)),\nIF(Import.TipoArredondamento<>\"TransfereGOV\",\nROUND(OFFSET($P86,0,AJ$13),15-13*ORÇAMENTO!$AF$7)/$H86*OFFSET(ORÇAMENTO!$X$15,ROW(AJ86)-ROW(AJ$15),0),\nROUND(ROUND(OFFSET($P86,0,AJ$13),15-13*ORÇAMENTO!$AF$7)*OFFSET(ORÇAMENTO!$W$15,ROW(AJ86)-ROW(AJ$15),0),15-13*ORÇAMENTO!$AF$11)),0)","v":0},{"$f":"IF(AND($D86=\"Serviço\",AK$12<>0,$H86>0,OR(AUTOEVENTO<>\"manual\",$M86<>1)),\nIF(Import.TipoArredondamento<>\"TransfereGOV\",\nROUND(OFFSET($P86,0,AK$13),15-13*ORÇAMENTO!$AF$7)/$H86*OFFSET(ORÇAMENTO!$X$15,ROW(AK86)-ROW(AK$15),0),\nROUND(ROUND(OFFSET($P86,0,AK$13),15-13*ORÇAMENTO!$AF$7)*OFFSET(ORÇAMENTO!$W$15,ROW(AK86)-ROW(AK$15),0),15-13*ORÇAMENTO!$AF$11)),0)","v":0},null,{"$f":"IF($D86<>\"Serviço\",0,IF(AND(AUTOEVENTO=\"Manual\",$M86=1),0,IF(OFFSET(CRONOPLE!$F$14,$M86,AM$13)=\"\",10^12,OFFSET(CRONOPLE!$F$14,$M86,AM$13))))","v":1000000000000},{"$f":"IF($D86<>\"Serviço\",0,IF(AND(AUTOEVENTO=\"Manual\",$M86=1),0,IF(OFFSET(CRONOPLE!$F$14,$M86,AN$13)=\"\",10^12,OFFSET(CRONOPLE!$F$14,$M86,AN$13))))","v":1000000000000},{"$f":"IF($D86<>\"Serviço\",0,IF(AND(AUTOEVENTO=\"Manual\",$M86=1),0,IF(OFFSET(CRONOPLE!$F$14,$M86,AO$13)=\"\",10^12,OFFSET(CRONOPLE!$F$14,$M86,AO$13))))","v":1000000000000},{"$f":"IF($D86<>\"Serviço\",0,IF(AND(AUTOEVENTO=\"Manual\",$M86=1),0,IF(OFFSET(CRONOPLE!$F$14,$M86,AP$13)=\"\",10^12,OFFSET(CRONOPLE!$F$14,$M86,AP$13))))","v":1000000000000},{"$f":"IF($D86<>\"Serviço\",0,IF(AND(AUTOEVENTO=\"Manual\",$M86=1),0,IF(OFFSET(CRONOPLE!$F$14,$M86,AQ$13)=\"\",10^12,OFFSET(CRONOPLE!$F$14,$M86,AQ$13))))","v":1000000000000},{"$f":"IF($D86<>\"Serviço\",0,IF(AND(AUTOEVENTO=\"Manual\",$M86=1),0,IF(OFFSET(CRONOPLE!$F$14,$M86,AR$13)=\"\",10^12,OFFSET(CRONOPLE!$F$14,$M86,AR$13))))","v":1000000000000},{"$f":"IF($D86<>\"Serviço\",0,IF(AND(AUTOEVENTO=\"Manual\",$M86=1),0,IF(OFFSET(CRONOPLE!$F$14,$M86,AS$13)=\"\",10^12,OFFSET(CRONOPLE!$F$14,$M86,AS$13))))","v":1000000000000},{"$f":"IF($D86<>\"Serviço\",0,IF(AND(AUTOEVENTO=\"Manual\",$M86=1),0,IF(OFFSET(CRONOPLE!$F$14,$M86,AT$13)=\"\",10^12,OFFSET(CRONOPLE!$F$14,$M86,AT$13))))","v":1000000000000},{"$f":"IF($D86<>\"Serviço\",0,IF(AND(AUTOEVENTO=\"Manual\",$M86=1),0,IF(OFFSET(CRONOPLE!$F$14,$M86,AU$13)=\"\",10^12,OFFSET(CRONOPLE!$F$14,$M86,AU$13))))","v":1000000000000},{"$f":"IF($D86<>\"Serviço\",0,IF(AND(AUTOEVENTO=\"Manual\",$M86=1),0,IF(OFFSET(CRONOPLE!$F$14,$M86,AV$13)=\"\",10^12,OFFSET(CRONOPLE!$F$14,$M86,AV$13))))","v":1000000000000},null,{"$f":"IF($D86<>\"Serviço\",0,IF(OR(AND(AUTOEVENTO=\"Manual\",$M86=1),$M86>(ROW(PLE.lastrow)-ROW(PLE.firstrow))),0,IF(OFFSET(PLE!$G$14,$M86,AX$13)=\"\",10^12,OFFSET(PLE!$G$14,$M86,AX$13))))","v":1000000000000},{"$f":"IF($D86<>\"Serviço\",0,IF(OR(AND(AUTOEVENTO=\"Manual\",$M86=1),$M86>(ROW(PLE.lastrow)-ROW(PLE.firstrow))),0,IF(OFFSET(PLE!$G$14,$M86,AY$13)=\"\",10^12,OFFSET(PLE!$G$14,$M86,AY$13))))","v":1000000000000},{"$f":"IF($D86<>\"Serviço\",0,IF(OR(AND(AUTOEVENTO=\"Manual\",$M86=1),$M86>(ROW(PLE.lastrow)-ROW(PLE.firstrow))),0,IF(OFFSET(PLE!$G$14,$M86,AZ$13)=\"\",10^12,OFFSET(PLE!$G$14,$M86,AZ$13))))","v":1000000000000},{"$f":"IF($D86<>\"Serviço\",0,IF(OR(AND(AUTOEVENTO=\"Manual\",$M86=1),$M86>(ROW(PLE.lastrow)-ROW(PLE.firstrow))),0,IF(OFFSET(PLE!$G$14,$M86,BA$13)=\"\",10^12,OFFSET(PLE!$G$14,$M86,BA$13))))","v":1000000000000},{"$f":"IF($D86<>\"Serviço\",0,IF(OR(AND(AUTOEVENTO=\"Manual\",$M86=1),$M86>(ROW(PLE.lastrow)-ROW(PLE.firstrow))),0,IF(OFFSET(PLE!$G$14,$M86,BB$13)=\"\",10^12,OFFSET(PLE!$G$14,$M86,BB$13))))","v":1000000000000},{"$f":"IF($D86<>\"Serviço\",0,IF(OR(AND(AUTOEVENTO=\"Manual\",$M86=1),$M86>(ROW(PLE.lastrow)-ROW(PLE.firstrow))),0,IF(OFFSET(PLE!$G$14,$M86,BC$13)=\"\",10^12,OFFSET(PLE!$G$14,$M86,BC$13))))","v":1000000000000},{"$f":"IF($D86<>\"Serviço\",0,IF(OR(AND(AUTOEVENTO=\"Manual\",$M86=1),$M86>(ROW(PLE.lastrow)-ROW(PLE.firstrow))),0,IF(OFFSET(PLE!$G$14,$M86,BD$13)=\"\",10^12,OFFSET(PLE!$G$14,$M86,BD$13))))","v":1000000000000},{"$f":"IF($D86<>\"Serviço\",0,IF(OR(AND(AUTOEVENTO=\"Manual\",$M86=1),$M86>(ROW(PLE.lastrow)-ROW(PLE.firstrow))),0,IF(OFFSET(PLE!$G$14,$M86,BE$13)=\"\",10^12,OFFSET(PLE!$G$14,$M86,BE$13))))","v":1000000000000},{"$f":"IF($D86<>\"Serviço\",0,IF(OR(AND(AUTOEVENTO=\"Manual\",$M86=1),$M86>(ROW(PLE.lastrow)-ROW(PLE.firstrow))),0,IF(OFFSET(PLE!$G$14,$M86,BF$13)=\"\",10^12,OFFSET(PLE!$G$14,$M86,BF$13))))","v":1000000000000},{"$f":"IF($D86<>\"Serviço\",0,IF(OR(AND(AUTOEVENTO=\"Manual\",$M86=1),$M86>(ROW(PLE.lastrow)-ROW(PLE.firstrow))),0,IF(OFFSET(PLE!$G$14,$M86,BG$13)=\"\",10^12,OFFSET(PLE!$G$14,$M86,BG$13))))","v":1000000000000}]
["65",{"$f":"OFFSET(ORÇAMENTO!C$15,ROW(B87)-ROW(B$15),0)","v":"S"},{"$f":"OFFSET(ORÇAMENTO!L$15,ROW(C87)-ROW(C$15),0)","v":"F"},{"$f":"OFFSET(ORÇAMENTO!N$15,ROW(D87)-ROW(D$15),0)","v":"Serviço"},{"$f":"OFFSET(ORÇAMENTO!O$15,ROW(E87)-ROW(E$15),0)","v":"1.4.0.7."},{"$f":"OFFSET(ORÇAMENTO!R$15,ROW(F87)-ROW(F$15),0)","v":"MONTAGEM E DESMONTAGEM DE FÔRMA DE PILARES RETANGULARES E ESTRUTURAS SIMILARES, PÉ-DIREITO SIMPLES, EM MADEIRA SERRADA, 4 UTILIZAÇÕES. AF_09/2020"},{"$f":"IF($D87<>\"Serviço\",\"\",OFFSET(ORÇAMENTO!S$15,ROW(G87)-ROW(G$15),0))","v":"M2"},{"$f":"IF($D87<>\"Serviço\",0,IF(ACOMPANHAMENTO=\"BM\",ROUND(OFFSET(ORÇAMENTO!AJ$15,ROW(H87)-ROW(H$15),0),15-13*ORÇAMENTO!$AF$7),SUMPRODUCT(($Q$12:$AA$12<>\"\")*ROUND($Q87:$AA87,15-13*ORÇAMENTO!$AF$7))))","v":85.28},null,null,null,".",{"$f":"IF($D87<>\"Serviço\",\"\",IF(AUTOEVENTO=\"manual\",$A87,IF(ISERROR(MATCH($A87,$A$15:OFFSET($A87,-1,0),0)),MAX($M$15:OFFSET(M87,-1,0))+1,INDEX($M$15:OFFSET(M87,-1,0),MATCH($A87,$A$15:OFFSET($A87,-1,0),0)))))","v":5},{"$f":"IF($D87<>\"Serviço\",\"\",IF(AUTOEVENTO=\"Manual\",IF($A87=0,\"<-- defina o número do agrupador\",OFFSET(EVENTOS!$D$14,$A87,0)),OFFSET($F$15,$A87,0)))","v":"SUPERESTRUTURA"},null,null,null,null,null,null,null,null,null,null,null,null,null,{"$f":"IF(AND($D87=\"Serviço\",AB$12<>0,$H87>0,OR(AUTOEVENTO<>\"manual\",$M87<>1)),\nIF(Import.TipoArredondamento<>\"TransfereGOV\",\nROUND(OFFSET($P87,0,AB$13),15-13*ORÇAMENTO!$AF$7)/$H87*OFFSET(ORÇAMENTO!$X$15,ROW(AB87)-ROW(AB$15),0),\nROUND(ROUND(OFFSET($P87,0,AB$13),15-13*ORÇAMENTO!$AF$7)*OFFSET(ORÇAMENTO!$W$15,ROW(AB87)-ROW(AB$15),0),15-13*ORÇAMENTO!$AF$11)),0)","v":0},{"$f":"IF(AND($D87=\"Serviço\",AC$12<>0,$H87>0,OR(AUTOEVENTO<>\"manual\",$M87<>1)),\nIF(Import.TipoArredondamento<>\"TransfereGOV\",\nROUND(OFFSET($P87,0,AC$13),15-13*ORÇAMENTO!$AF$7)/$H87*OFFSET(ORÇAMENTO!$X$15,ROW(AC87)-ROW(AC$15),0),\nROUND(ROUND(OFFSET($P87,0,AC$13),15-13*ORÇAMENTO!$AF$7)*OFFSET(ORÇAMENTO!$W$15,ROW(AC87)-ROW(AC$15),0),15-13*ORÇAMENTO!$AF$11)),0)","v":0},{"$f":"IF(AND($D87=\"Serviço\",AD$12<>0,$H87>0,OR(AUTOEVENTO<>\"manual\",$M87<>1)),\nIF(Import.TipoArredondamento<>\"TransfereGOV\",\nROUND(OFFSET($P87,0,AD$13),15-13*ORÇAMENTO!$AF$7)/$H87*OFFSET(ORÇAMENTO!$X$15,ROW(AD87)-ROW(AD$15),0),\nROUND(ROUND(OFFSET($P87,0,AD$13),15-13*ORÇAMENTO!$AF$7)*OFFSET(ORÇAMENTO!$W$15,ROW(AD87)-ROW(AD$15),0),15-13*ORÇAMENTO!$AF$11)),0)","v":0},{"$f":"IF(AND($D87=\"Serviço\",AE$12<>0,$H87>0,OR(AUTOEVENTO<>\"manual\",$M87<>1)),\nIF(Import.TipoArredondamento<>\"TransfereGOV\",\nROUND(OFFSET($P87,0,AE$13),15-13*ORÇAMENTO!$AF$7)/$H87*OFFSET(ORÇAMENTO!$X$15,ROW(AE87)-ROW(AE$15),0),\nROUND(ROUND(OFFSET($P87,0,AE$13),15-13*ORÇAMENTO!$AF$7)*OFFSET(ORÇAMENTO!$W$15,ROW(AE87)-ROW(AE$15),0),15-13*ORÇAMENTO!$AF$11)),0)","v":0},{"$f":"IF(AND($D87=\"Serviço\",AF$12<>0,$H87>0,OR(AUTOEVENTO<>\"manual\",$M87<>1)),\nIF(Import.TipoArredondamento<>\"TransfereGOV\",\nROUND(OFFSET($P87,0,AF$13),15-13*ORÇAMENTO!$AF$7)/$H87*OFFSET(ORÇAMENTO!$X$15,ROW(AF87)-ROW(AF$15),0),\nROUND(ROUND(OFFSET($P87,0,AF$13),15-13*ORÇAMENTO!$AF$7)*OFFSET(ORÇAMENTO!$W$15,ROW(AF87)-ROW(AF$15),0),15-13*ORÇAMENTO!$AF$11)),0)","v":0},{"$f":"IF(AND($D87=\"Serviço\",AG$12<>0,$H87>0,OR(AUTOEVENTO<>\"manual\",$M87<>1)),\nIF(Import.TipoArredondamento<>\"TransfereGOV\",\nROUND(OFFSET($P87,0,AG$13),15-13*ORÇAMENTO!$AF$7)/$H87*OFFSET(ORÇAMENTO!$X$15,ROW(AG87)-ROW(AG$15),0),\nROUND(ROUND(OFFSET($P87,0,AG$13),15-13*ORÇAMENTO!$AF$7)*OFFSET(ORÇAMENTO!$W$15,ROW(AG87)-ROW(AG$15),0),15-13*ORÇAMENTO!$AF$11)),0)","v":0},{"$f":"IF(AND($D87=\"Serviço\",AH$12<>0,$H87>0,OR(AUTOEVENTO<>\"manual\",$M87<>1)),\nIF(Import.TipoArredondamento<>\"TransfereGOV\",\nROUND(OFFSET($P87,0,AH$13),15-13*ORÇAMENTO!$AF$7)/$H87*OFFSET(ORÇAMENTO!$X$15,ROW(AH87)-ROW(AH$15),0),\nROUND(ROUND(OFFSET($P87,0,AH$13),15-13*ORÇAMENTO!$AF$7)*OFFSET(ORÇAMENTO!$W$15,ROW(AH87)-ROW(AH$15),0),15-13*ORÇAMENTO!$AF$11)),0)","v":0},{"$f":"IF(AND($D87=\"Serviço\",AI$12<>0,$H87>0,OR(AUTOEVENTO<>\"manual\",$M87<>1)),\nIF(Import.TipoArredondamento<>\"TransfereGOV\",\nROUND(OFFSET($P87,0,AI$13),15-13*ORÇAMENTO!$AF$7)/$H87*OFFSET(ORÇAMENTO!$X$15,ROW(AI87)-ROW(AI$15),0),\nROUND(ROUND(OFFSET($P87,0,AI$13),15-13*ORÇAMENTO!$AF$7)*OFFSET(ORÇAMENTO!$W$15,ROW(AI87)-ROW(AI$15),0),15-13*ORÇAMENTO!$AF$11)),0)","v":0},{"$f":"IF(AND($D87=\"Serviço\",AJ$12<>0,$H87>0,OR(AUTOEVENTO<>\"manual\",$M87<>1)),\nIF(Import.TipoArredondamento<>\"TransfereGOV\",\nROUND(OFFSET($P87,0,AJ$13),15-13*ORÇAMENTO!$AF$7)/$H87*OFFSET(ORÇAMENTO!$X$15,ROW(AJ87)-ROW(AJ$15),0),\nROUND(ROUND(OFFSET($P87,0,AJ$13),15-13*ORÇAMENTO!$AF$7)*OFFSET(ORÇAMENTO!$W$15,ROW(AJ87)-ROW(AJ$15),0),15-13*ORÇAMENTO!$AF$11)),0)","v":0},{"$f":"IF(AND($D87=\"Serviço\",AK$12<>0,$H87>0,OR(AUTOEVENTO<>\"manual\",$M87<>1)),\nIF(Import.TipoArredondamento<>\"TransfereGOV\",\nROUND(OFFSET($P87,0,AK$13),15-13*ORÇAMENTO!$AF$7)/$H87*OFFSET(ORÇAMENTO!$X$15,ROW(AK87)-ROW(AK$15),0),\nROUND(ROUND(OFFSET($P87,0,AK$13),15-13*ORÇAMENTO!$AF$7)*OFFSET(ORÇAMENTO!$W$15,ROW(AK87)-ROW(AK$15),0),15-13*ORÇAMENTO!$AF$11)),0)","v":0},null,{"$f":"IF($D87<>\"Serviço\",0,IF(AND(AUTOEVENTO=\"Manual\",$M87=1),0,IF(OFFSET(CRONOPLE!$F$14,$M87,AM$13)=\"\",10^12,OFFSET(CRONOPLE!$F$14,$M87,AM$13))))","v":1000000000000},{"$f":"IF($D87<>\"Serviço\",0,IF(AND(AUTOEVENTO=\"Manual\",$M87=1),0,IF(OFFSET(CRONOPLE!$F$14,$M87,AN$13)=\"\",10^12,OFFSET(CRONOPLE!$F$14,$M87,AN$13))))","v":1000000000000},{"$f":"IF($D87<>\"Serviço\",0,IF(AND(AUTOEVENTO=\"Manual\",$M87=1),0,IF(OFFSET(CRONOPLE!$F$14,$M87,AO$13)=\"\",10^12,OFFSET(CRONOPLE!$F$14,$M87,AO$13))))","v":1000000000000},{"$f":"IF($D87<>\"Serviço\",0,IF(AND(AUTOEVENTO=\"Manual\",$M87=1),0,IF(OFFSET(CRONOPLE!$F$14,$M87,AP$13)=\"\",10^12,OFFSET(CRONOPLE!$F$14,$M87,AP$13))))","v":1000000000000},{"$f":"IF($D87<>\"Serviço\",0,IF(AND(AUTOEVENTO=\"Manual\",$M87=1),0,IF(OFFSET(CRONOPLE!$F$14,$M87,AQ$13)=\"\",10^12,OFFSET(CRONOPLE!$F$14,$M87,AQ$13))))","v":1000000000000},{"$f":"IF($D87<>\"Serviço\",0,IF(AND(AUTOEVENTO=\"Manual\",$M87=1),0,IF(OFFSET(CRONOPLE!$F$14,$M87,AR$13)=\"\",10^12,OFFSET(CRONOPLE!$F$14,$M87,AR$13))))","v":1000000000000},{"$f":"IF($D87<>\"Serviço\",0,IF(AND(AUTOEVENTO=\"Manual\",$M87=1),0,IF(OFFSET(CRONOPLE!$F$14,$M87,AS$13)=\"\",10^12,OFFSET(CRONOPLE!$F$14,$M87,AS$13))))","v":1000000000000},{"$f":"IF($D87<>\"Serviço\",0,IF(AND(AUTOEVENTO=\"Manual\",$M87=1),0,IF(OFFSET(CRONOPLE!$F$14,$M87,AT$13)=\"\",10^12,OFFSET(CRONOPLE!$F$14,$M87,AT$13))))","v":1000000000000},{"$f":"IF($D87<>\"Serviço\",0,IF(AND(AUTOEVENTO=\"Manual\",$M87=1),0,IF(OFFSET(CRONOPLE!$F$14,$M87,AU$13)=\"\",10^12,OFFSET(CRONOPLE!$F$14,$M87,AU$13))))","v":1000000000000},{"$f":"IF($D87<>\"Serviço\",0,IF(AND(AUTOEVENTO=\"Manual\",$M87=1),0,IF(OFFSET(CRONOPLE!$F$14,$M87,AV$13)=\"\",10^12,OFFSET(CRONOPLE!$F$14,$M87,AV$13))))","v":1000000000000},null,{"$f":"IF($D87<>\"Serviço\",0,IF(OR(AND(AUTOEVENTO=\"Manual\",$M87=1),$M87>(ROW(PLE.lastrow)-ROW(PLE.firstrow))),0,IF(OFFSET(PLE!$G$14,$M87,AX$13)=\"\",10^12,OFFSET(PLE!$G$14,$M87,AX$13))))","v":1000000000000},{"$f":"IF($D87<>\"Serviço\",0,IF(OR(AND(AUTOEVENTO=\"Manual\",$M87=1),$M87>(ROW(PLE.lastrow)-ROW(PLE.firstrow))),0,IF(OFFSET(PLE!$G$14,$M87,AY$13)=\"\",10^12,OFFSET(PLE!$G$14,$M87,AY$13))))","v":1000000000000},{"$f":"IF($D87<>\"Serviço\",0,IF(OR(AND(AUTOEVENTO=\"Manual\",$M87=1),$M87>(ROW(PLE.lastrow)-ROW(PLE.firstrow))),0,IF(OFFSET(PLE!$G$14,$M87,AZ$13)=\"\",10^12,OFFSET(PLE!$G$14,$M87,AZ$13))))","v":1000000000000},{"$f":"IF($D87<>\"Serviço\",0,IF(OR(AND(AUTOEVENTO=\"Manual\",$M87=1),$M87>(ROW(PLE.lastrow)-ROW(PLE.firstrow))),0,IF(OFFSET(PLE!$G$14,$M87,BA$13)=\"\",10^12,OFFSET(PLE!$G$14,$M87,BA$13))))","v":1000000000000},{"$f":"IF($D87<>\"Serviço\",0,IF(OR(AND(AUTOEVENTO=\"Manual\",$M87=1),$M87>(ROW(PLE.lastrow)-ROW(PLE.firstrow))),0,IF(OFFSET(PLE!$G$14,$M87,BB$13)=\"\",10^12,OFFSET(PLE!$G$14,$M87,BB$13))))","v":1000000000000},{"$f":"IF($D87<>\"Serviço\",0,IF(OR(AND(AUTOEVENTO=\"Manual\",$M87=1),$M87>(ROW(PLE.lastrow)-ROW(PLE.firstrow))),0,IF(OFFSET(PLE!$G$14,$M87,BC$13)=\"\",10^12,OFFSET(PLE!$G$14,$M87,BC$13))))","v":1000000000000},{"$f":"IF($D87<>\"Serviço\",0,IF(OR(AND(AUTOEVENTO=\"Manual\",$M87=1),$M87>(ROW(PLE.lastrow)-ROW(PLE.firstrow))),0,IF(OFFSET(PLE!$G$14,$M87,BD$13)=\"\",10^12,OFFSET(PLE!$G$14,$M87,BD$13))))","v":1000000000000},{"$f":"IF($D87<>\"Serviço\",0,IF(OR(AND(AUTOEVENTO=\"Manual\",$M87=1),$M87>(ROW(PLE.lastrow)-ROW(PLE.firstrow))),0,IF(OFFSET(PLE!$G$14,$M87,BE$13)=\"\",10^12,OFFSET(PLE!$G$14,$M87,BE$13))))","v":1000000000000},{"$f":"IF($D87<>\"Serviço\",0,IF(OR(AND(AUTOEVENTO=\"Manual\",$M87=1),$M87>(ROW(PLE.lastrow)-ROW(PLE.firstrow))),0,IF(OFFSET(PLE!$G$14,$M87,BF$13)=\"\",10^12,OFFSET(PLE!$G$14,$M87,BF$13))))","v":1000000000000},{"$f":"IF($D87<>\"Serviço\",0,IF(OR(AND(AUTOEVENTO=\"Manual\",$M87=1),$M87>(ROW(PLE.lastrow)-ROW(PLE.firstrow))),0,IF(OFFSET(PLE!$G$14,$M87,BG$13)=\"\",10^12,OFFSET(PLE!$G$14,$M87,BG$13))))","v":1000000000000}]
["65",{"$f":"OFFSET(ORÇAMENTO!C$15,ROW(B88)-ROW(B$15),0)","v":"S"},{"$f":"OFFSET(ORÇAMENTO!L$15,ROW(C88)-ROW(C$15),0)","v":"F"},{"$f":"OFFSET(ORÇAMENTO!N$15,ROW(D88)-ROW(D$15),0)","v":"Serviço"},{"$f":"OFFSET(ORÇAMENTO!O$15,ROW(E88)-ROW(E$15),0)","v":"1.4.0.8."},{"$f":"OFFSET(ORÇAMENTO!R$15,ROW(F88)-ROW(F$15),0)","v":"CONCRETAGEM DE PILARES, FCK = 25 MPA, COM USO DE BOMBA - LANÇAMENTO, ADENSAMENTO E ACABAMENTO. AF_02/2022_PS"},{"$f":"IF($D88<>\"Serviço\",\"\",OFFSET(ORÇAMENTO!S$15,ROW(G88)-ROW(G$15),0))","v":"M3"},{"$f":"IF($D88<>\"Serviço\",0,IF(ACOMPANHAMENTO=\"BM\",ROUND(OFFSET(ORÇAMENTO!AJ$15,ROW(H88)-ROW(H$15),0),15-13*ORÇAMENTO!$AF$7),SUMPRODUCT(($Q$12:$AA$12<>\"\")*ROUND($Q88:$AA88,15-13*ORÇAMENTO!$AF$7))))","v":4.29},null,null,null,".",{"$f":"IF($D88<>\"Serviço\",\"\",IF(AUTOEVENTO=\"manual\",$A88,IF(ISERROR(MATCH($A88,$A$15:OFFSET($A88,-1,0),0)),MAX($M$15:OFFSET(M88,-1,0))+1,INDEX($M$15:OFFSET(M88,-1,0),MATCH($A88,$A$15:OFFSET($A88,-1,0),0)))))","v":5},{"$f":"IF($D88<>\"Serviço\",\"\",IF(AUTOEVENTO=\"Manual\",IF($A88=0,\"<-- defina o número do agrupador\",OFFSET(EVENTOS!$D$14,$A88,0)),OFFSET($F$15,$A88,0)))","v":"SUPERESTRUTURA"},null,null,null,null,null,null,null,null,null,null,null,null,null,{"$f":"IF(AND($D88=\"Serviço\",AB$12<>0,$H88>0,OR(AUTOEVENTO<>\"manual\",$M88<>1)),\nIF(Import.TipoArredondamento<>\"TransfereGOV\",\nROUND(OFFSET($P88,0,AB$13),15-13*ORÇAMENTO!$AF$7)/$H88*OFFSET(ORÇAMENTO!$X$15,ROW(AB88)-ROW(AB$15),0),\nROUND(ROUND(OFFSET($P88,0,AB$13),15-13*ORÇAMENTO!$AF$7)*OFFSET(ORÇAMENTO!$W$15,ROW(AB88)-ROW(AB$15),0),15-13*ORÇAMENTO!$AF$11)),0)","v":0},{"$f":"IF(AND($D88=\"Serviço\",AC$12<>0,$H88>0,OR(AUTOEVENTO<>\"manual\",$M88<>1)),\nIF(Import.TipoArredondamento<>\"TransfereGOV\",\nROUND(OFFSET($P88,0,AC$13),15-13*ORÇAMENTO!$AF$7)/$H88*OFFSET(ORÇAMENTO!$X$15,ROW(AC88)-ROW(AC$15),0),\nROUND(ROUND(OFFSET($P88,0,AC$13),15-13*ORÇAMENTO!$AF$7)*OFFSET(ORÇAMENTO!$W$15,ROW(AC88)-ROW(AC$15),0),15-13*ORÇAMENTO!$AF$11)),0)","v":0},{"$f":"IF(AND($D88=\"Serviço\",AD$12<>0,$H88>0,OR(AUTOEVENTO<>\"manual\",$M88<>1)),\nIF(Import.TipoArredondamento<>\"TransfereGOV\",\nROUND(OFFSET($P88,0,AD$13),15-13*ORÇAMENTO!$AF$7)/$H88*OFFSET(ORÇAMENTO!$X$15,ROW(AD88)-ROW(AD$15),0),\nROUND(ROUND(OFFSET($P88,0,AD$13),15-13*ORÇAMENTO!$AF$7)*OFFSET(ORÇAMENTO!$W$15,ROW(AD88)-ROW(AD$15),0),15-13*ORÇAMENTO!$AF$11)),0)","v":0},{"$f":"IF(AND($D88=\"Serviço\",AE$12<>0,$H88>0,OR(AUTOEVENTO<>\"manual\",$M88<>1)),\nIF(Import.TipoArredondamento<>\"TransfereGOV\",\nROUND(OFFSET($P88,0,AE$13),15-13*ORÇAMENTO!$AF$7)/$H88*OFFSET(ORÇAMENTO!$X$15,ROW(AE88)-ROW(AE$15),0),\nROUND(ROUND(OFFSET($P88,0,AE$13),15-13*ORÇAMENTO!$AF$7)*OFFSET(ORÇAMENTO!$W$15,ROW(AE88)-ROW(AE$15),0),15-13*ORÇAMENTO!$AF$11)),0)","v":0},{"$f":"IF(AND($D88=\"Serviço\",AF$12<>0,$H88>0,OR(AUTOEVENTO<>\"manual\",$M88<>1)),\nIF(Import.TipoArredondamento<>\"TransfereGOV\",\nROUND(OFFSET($P88,0,AF$13),15-13*ORÇAMENTO!$AF$7)/$H88*OFFSET(ORÇAMENTO!$X$15,ROW(AF88)-ROW(AF$15),0),\nROUND(ROUND(OFFSET($P88,0,AF$13),15-13*ORÇAMENTO!$AF$7)*OFFSET(ORÇAMENTO!$W$15,ROW(AF88)-ROW(AF$15),0),15-13*ORÇAMENTO!$AF$11)),0)","v":0},{"$f":"IF(AND($D88=\"Serviço\",AG$12<>0,$H88>0,OR(AUTOEVENTO<>\"manual\",$M88<>1)),\nIF(Import.TipoArredondamento<>\"TransfereGOV\",\nROUND(OFFSET($P88,0,AG$13),15-13*ORÇAMENTO!$AF$7)/$H88*OFFSET(ORÇAMENTO!$X$15,ROW(AG88)-ROW(AG$15),0),\nROUND(ROUND(OFFSET($P88,0,AG$13),15-13*ORÇAMENTO!$AF$7)*OFFSET(ORÇAMENTO!$W$15,ROW(AG88)-ROW(AG$15),0),15-13*ORÇAMENTO!$AF$11)),0)","v":0},{"$f":"IF(AND($D88=\"Serviço\",AH$12<>0,$H88>0,OR(AUTOEVENTO<>\"manual\",$M88<>1)),\nIF(Import.TipoArredondamento<>\"TransfereGOV\",\nROUND(OFFSET($P88,0,AH$13),15-13*ORÇAMENTO!$AF$7)/$H88*OFFSET(ORÇAMENTO!$X$15,ROW(AH88)-ROW(AH$15),0),\nROUND(ROUND(OFFSET($P88,0,AH$13),15-13*ORÇAMENTO!$AF$7)*OFFSET(ORÇAMENTO!$W$15,ROW(AH88)-ROW(AH$15),0),15-13*ORÇAMENTO!$AF$11)),0)","v":0},{"$f":"IF(AND($D88=\"Serviço\",AI$12<>0,$H88>0,OR(AUTOEVENTO<>\"manual\",$M88<>1)),\nIF(Import.TipoArredondamento<>\"TransfereGOV\",\nROUND(OFFSET($P88,0,AI$13),15-13*ORÇAMENTO!$AF$7)/$H88*OFFSET(ORÇAMENTO!$X$15,ROW(AI88)-ROW(AI$15),0),\nROUND(ROUND(OFFSET($P88,0,AI$13),15-13*ORÇAMENTO!$AF$7)*OFFSET(ORÇAMENTO!$W$15,ROW(AI88)-ROW(AI$15),0),15-13*ORÇAMENTO!$AF$11)),0)","v":0},{"$f":"IF(AND($D88=\"Serviço\",AJ$12<>0,$H88>0,OR(AUTOEVENTO<>\"manual\",$M88<>1)),\nIF(Import.TipoArredondamento<>\"TransfereGOV\",\nROUND(OFFSET($P88,0,AJ$13),15-13*ORÇAMENTO!$AF$7)/$H88*OFFSET(ORÇAMENTO!$X$15,ROW(AJ88)-ROW(AJ$15),0),\nROUND(ROUND(OFFSET($P88,0,AJ$13),15-13*ORÇAMENTO!$AF$7)*OFFSET(ORÇAMENTO!$W$15,ROW(AJ88)-ROW(AJ$15),0),15-13*ORÇAMENTO!$AF$11)),0)","v":0},{"$f":"IF(AND($D88=\"Serviço\",AK$12<>0,$H88>0,OR(AUTOEVENTO<>\"manual\",$M88<>1)),\nIF(Import.TipoArredondamento<>\"TransfereGOV\",\nROUND(OFFSET($P88,0,AK$13),15-13*ORÇAMENTO!$AF$7)/$H88*OFFSET(ORÇAMENTO!$X$15,ROW(AK88)-ROW(AK$15),0),\nROUND(ROUND(OFFSET($P88,0,AK$13),15-13*ORÇAMENTO!$AF$7)*OFFSET(ORÇAMENTO!$W$15,ROW(AK88)-ROW(AK$15),0),15-13*ORÇAMENTO!$AF$11)),0)","v":0},null,{"$f":"IF($D88<>\"Serviço\",0,IF(AND(AUTOEVENTO=\"Manual\",$M88=1),0,IF(OFFSET(CRONOPLE!$F$14,$M88,AM$13)=\"\",10^12,OFFSET(CRONOPLE!$F$14,$M88,AM$13))))","v":1000000000000},{"$f":"IF($D88<>\"Serviço\",0,IF(AND(AUTOEVENTO=\"Manual\",$M88=1),0,IF(OFFSET(CRONOPLE!$F$14,$M88,AN$13)=\"\",10^12,OFFSET(CRONOPLE!$F$14,$M88,AN$13))))","v":1000000000000},{"$f":"IF($D88<>\"Serviço\",0,IF(AND(AUTOEVENTO=\"Manual\",$M88=1),0,IF(OFFSET(CRONOPLE!$F$14,$M88,AO$13)=\"\",10^12,OFFSET(CRONOPLE!$F$14,$M88,AO$13))))","v":1000000000000},{"$f":"IF($D88<>\"Serviço\",0,IF(AND(AUTOEVENTO=\"Manual\",$M88=1),0,IF(OFFSET(CRONOPLE!$F$14,$M88,AP$13)=\"\",10^12,OFFSET(CRONOPLE!$F$14,$M88,AP$13))))","v":1000000000000},{"$f":"IF($D88<>\"Serviço\",0,IF(AND(AUTOEVENTO=\"Manual\",$M88=1),0,IF(OFFSET(CRONOPLE!$F$14,$M88,AQ$13)=\"\",10^12,OFFSET(CRONOPLE!$F$14,$M88,AQ$13))))","v":1000000000000},{"$f":"IF($D88<>\"Serviço\",0,IF(AND(AUTOEVENTO=\"Manual\",$M88=1),0,IF(OFFSET(CRONOPLE!$F$14,$M88,AR$13)=\"\",10^12,OFFSET(CRONOPLE!$F$14,$M88,AR$13))))","v":1000000000000},{"$f":"IF($D88<>\"Serviço\",0,IF(AND(AUTOEVENTO=\"Manual\",$M88=1),0,IF(OFFSET(CRONOPLE!$F$14,$M88,AS$13)=\"\",10^12,OFFSET(CRONOPLE!$F$14,$M88,AS$13))))","v":1000000000000},{"$f":"IF($D88<>\"Serviço\",0,IF(AND(AUTOEVENTO=\"Manual\",$M88=1),0,IF(OFFSET(CRONOPLE!$F$14,$M88,AT$13)=\"\",10^12,OFFSET(CRONOPLE!$F$14,$M88,AT$13))))","v":1000000000000},{"$f":"IF($D88<>\"Serviço\",0,IF(AND(AUTOEVENTO=\"Manual\",$M88=1),0,IF(OFFSET(CRONOPLE!$F$14,$M88,AU$13)=\"\",10^12,OFFSET(CRONOPLE!$F$14,$M88,AU$13))))","v":1000000000000},{"$f":"IF($D88<>\"Serviço\",0,IF(AND(AUTOEVENTO=\"Manual\",$M88=1),0,IF(OFFSET(CRONOPLE!$F$14,$M88,AV$13)=\"\",10^12,OFFSET(CRONOPLE!$F$14,$M88,AV$13))))","v":1000000000000},null,{"$f":"IF($D88<>\"Serviço\",0,IF(OR(AND(AUTOEVENTO=\"Manual\",$M88=1),$M88>(ROW(PLE.lastrow)-ROW(PLE.firstrow))),0,IF(OFFSET(PLE!$G$14,$M88,AX$13)=\"\",10^12,OFFSET(PLE!$G$14,$M88,AX$13))))","v":1000000000000},{"$f":"IF($D88<>\"Serviço\",0,IF(OR(AND(AUTOEVENTO=\"Manual\",$M88=1),$M88>(ROW(PLE.lastrow)-ROW(PLE.firstrow))),0,IF(OFFSET(PLE!$G$14,$M88,AY$13)=\"\",10^12,OFFSET(PLE!$G$14,$M88,AY$13))))","v":1000000000000},{"$f":"IF($D88<>\"Serviço\",0,IF(OR(AND(AUTOEVENTO=\"Manual\",$M88=1),$M88>(ROW(PLE.lastrow)-ROW(PLE.firstrow))),0,IF(OFFSET(PLE!$G$14,$M88,AZ$13)=\"\",10^12,OFFSET(PLE!$G$14,$M88,AZ$13))))","v":1000000000000},{"$f":"IF($D88<>\"Serviço\",0,IF(OR(AND(AUTOEVENTO=\"Manual\",$M88=1),$M88>(ROW(PLE.lastrow)-ROW(PLE.firstrow))),0,IF(OFFSET(PLE!$G$14,$M88,BA$13)=\"\",10^12,OFFSET(PLE!$G$14,$M88,BA$13))))","v":1000000000000},{"$f":"IF($D88<>\"Serviço\",0,IF(OR(AND(AUTOEVENTO=\"Manual\",$M88=1),$M88>(ROW(PLE.lastrow)-ROW(PLE.firstrow))),0,IF(OFFSET(PLE!$G$14,$M88,BB$13)=\"\",10^12,OFFSET(PLE!$G$14,$M88,BB$13))))","v":1000000000000},{"$f":"IF($D88<>\"Serviço\",0,IF(OR(AND(AUTOEVENTO=\"Manual\",$M88=1),$M88>(ROW(PLE.lastrow)-ROW(PLE.firstrow))),0,IF(OFFSET(PLE!$G$14,$M88,BC$13)=\"\",10^12,OFFSET(PLE!$G$14,$M88,BC$13))))","v":1000000000000},{"$f":"IF($D88<>\"Serviço\",0,IF(OR(AND(AUTOEVENTO=\"Manual\",$M88=1),$M88>(ROW(PLE.lastrow)-ROW(PLE.firstrow))),0,IF(OFFSET(PLE!$G$14,$M88,BD$13)=\"\",10^12,OFFSET(PLE!$G$14,$M88,BD$13))))","v":1000000000000},{"$f":"IF($D88<>\"Serviço\",0,IF(OR(AND(AUTOEVENTO=\"Manual\",$M88=1),$M88>(ROW(PLE.lastrow)-ROW(PLE.firstrow))),0,IF(OFFSET(PLE!$G$14,$M88,BE$13)=\"\",10^12,OFFSET(PLE!$G$14,$M88,BE$13))))","v":1000000000000},{"$f":"IF($D88<>\"Serviço\",0,IF(OR(AND(AUTOEVENTO=\"Manual\",$M88=1),$M88>(ROW(PLE.lastrow)-ROW(PLE.firstrow))),0,IF(OFFSET(PLE!$G$14,$M88,BF$13)=\"\",10^12,OFFSET(PLE!$G$14,$M88,BF$13))))","v":1000000000000},{"$f":"IF($D88<>\"Serviço\",0,IF(OR(AND(AUTOEVENTO=\"Manual\",$M88=1),$M88>(ROW(PLE.lastrow)-ROW(PLE.firstrow))),0,IF(OFFSET(PLE!$G$14,$M88,BG$13)=\"\",10^12,OFFSET(PLE!$G$14,$M88,BG$13))))","v":1000000000000}]
["65",{"$f":"OFFSET(ORÇAMENTO!C$15,ROW(B89)-ROW(B$15),0)","v":"S"},{"$f":"OFFSET(ORÇAMENTO!L$15,ROW(C89)-ROW(C$15),0)","v":"F"},{"$f":"OFFSET(ORÇAMENTO!N$15,ROW(D89)-ROW(D$15),0)","v":"Serviço"},{"$f":"OFFSET(ORÇAMENTO!O$15,ROW(E89)-ROW(E$15),0)","v":"1.4.0.9."},{"$f":"OFFSET(ORÇAMENTO!R$15,ROW(F89)-ROW(F$15),0)","v":"MONTAGEM E DESMONTAGEM DE FÔRMA DE VIGA, ESCORAMENTO COM PONTALETE DE MADEIRA, PÉ-DIREITO SIMPLES, EM MADEIRA SERRADA, 4 UTILIZAÇÕES. AF_09/2020"},{"$f":"IF($D89<>\"Serviço\",\"\",OFFSET(ORÇAMENTO!S$15,ROW(G89)-ROW(G$15),0))","v":"M2"},{"$f":"IF($D89<>\"Serviço\",0,IF(ACOMPANHAMENTO=\"BM\",ROUND(OFFSET(ORÇAMENTO!AJ$15,ROW(H89)-ROW(H$15),0),15-13*ORÇAMENTO!$AF$7),SUMPRODUCT(($Q$12:$AA$12<>\"\")*ROUND($Q89:$AA89,15-13*ORÇAMENTO!$AF$7))))","v":159.87},null,null,null,".",{"$f":"IF($D89<>\"Serviço\",\"\",IF(AUTOEVENTO=\"manual\",$A89,IF(ISERROR(MATCH($A89,$A$15:OFFSET($A89,-1,0),0)),MAX($M$15:OFFSET(M89,-1,0))+1,INDEX($M$15:OFFSET(M89,-1,0),MATCH($A89,$A$15:OFFSET($A89,-1,0),0)))))","v":5},{"$f":"IF($D89<>\"Serviço\",\"\",IF(AUTOEVENTO=\"Manual\",IF($A89=0,\"<-- defina o número do agrupador\",OFFSET(EVENTOS!$D$14,$A89,0)),OFFSET($F$15,$A89,0)))","v":"SUPERESTRUTURA"},null,null,null,null,null,null,null,null,null,null,null,null,null,{"$f":"IF(AND($D89=\"Serviço\",AB$12<>0,$H89>0,OR(AUTOEVENTO<>\"manual\",$M89<>1)),\nIF(Import.TipoArredondamento<>\"TransfereGOV\",\nROUND(OFFSET($P89,0,AB$13),15-13*ORÇAMENTO!$AF$7)/$H89*OFFSET(ORÇAMENTO!$X$15,ROW(AB89)-ROW(AB$15),0),\nROUND(ROUND(OFFSET($P89,0,AB$13),15-13*ORÇAMENTO!$AF$7)*OFFSET(ORÇAMENTO!$W$15,ROW(AB89)-ROW(AB$15),0),15-13*ORÇAMENTO!$AF$11)),0)","v":0},{"$f":"IF(AND($D89=\"Serviço\",AC$12<>0,$H89>0,OR(AUTOEVENTO<>\"manual\",$M89<>1)),\nIF(Import.TipoArredondamento<>\"TransfereGOV\",\nROUND(OFFSET($P89,0,AC$13),15-13*ORÇAMENTO!$AF$7)/$H89*OFFSET(ORÇAMENTO!$X$15,ROW(AC89)-ROW(AC$15),0),\nROUND(ROUND(OFFSET($P89,0,AC$13),15-13*ORÇAMENTO!$AF$7)*OFFSET(ORÇAMENTO!$W$15,ROW(AC89)-ROW(AC$15),0),15-13*ORÇAMENTO!$AF$11)),0)","v":0},{"$f":"IF(AND($D89=\"Serviço\",AD$12<>0,$H89>0,OR(AUTOEVENTO<>\"manual\",$M89<>1)),\nIF(Import.TipoArredondamento<>\"TransfereGOV\",\nROUND(OFFSET($P89,0,AD$13),15-13*ORÇAMENTO!$AF$7)/$H89*OFFSET(ORÇAMENTO!$X$15,ROW(AD89)-ROW(AD$15),0),\nROUND(ROUND(OFFSET($P89,0,AD$13),15-13*ORÇAMENTO!$AF$7)*OFFSET(ORÇAMENTO!$W$15,ROW(AD89)-ROW(AD$15),0),15-13*ORÇAMENTO!$AF$11)),0)","v":0},{"$f":"IF(AND($D89=\"Serviço\",AE$12<>0,$H89>0,OR(AUTOEVENTO<>\"manual\",$M89<>1)),\nIF(Import.TipoArredondamento<>\"TransfereGOV\",\nROUND(OFFSET($P89,0,AE$13),15-13*ORÇAMENTO!$AF$7)/$H89*OFFSET(ORÇAMENTO!$X$15,ROW(AE89)-ROW(AE$15),0),\nROUND(ROUND(OFFSET($P89,0,AE$13),15-13*ORÇAMENTO!$AF$7)*OFFSET(ORÇAMENTO!$W$15,ROW(AE89)-ROW(AE$15),0),15-13*ORÇAMENTO!$AF$11)),0)","v":0},{"$f":"IF(AND($D89=\"Serviço\",AF$12<>0,$H89>0,OR(AUTOEVENTO<>\"manual\",$M89<>1)),\nIF(Import.TipoArredondamento<>\"TransfereGOV\",\nROUND(OFFSET($P89,0,AF$13),15-13*ORÇAMENTO!$AF$7)/$H89*OFFSET(ORÇAMENTO!$X$15,ROW(AF89)-ROW(AF$15),0),\nROUND(ROUND(OFFSET($P89,0,AF$13),15-13*ORÇAMENTO!$AF$7)*OFFSET(ORÇAMENTO!$W$15,ROW(AF89)-ROW(AF$15),0),15-13*ORÇAMENTO!$AF$11)),0)","v":0},{"$f":"IF(AND($D89=\"Serviço\",AG$12<>0,$H89>0,OR(AUTOEVENTO<>\"manual\",$M89<>1)),\nIF(Import.TipoArredondamento<>\"TransfereGOV\",\nROUND(OFFSET($P89,0,AG$13),15-13*ORÇAMENTO!$AF$7)/$H89*OFFSET(ORÇAMENTO!$X$15,ROW(AG89)-ROW(AG$15),0),\nROUND(ROUND(OFFSET($P89,0,AG$13),15-13*ORÇAMENTO!$AF$7)*OFFSET(ORÇAMENTO!$W$15,ROW(AG89)-ROW(AG$15),0),15-13*ORÇAMENTO!$AF$11)),0)","v":0},{"$f":"IF(AND($D89=\"Serviço\",AH$12<>0,$H89>0,OR(AUTOEVENTO<>\"manual\",$M89<>1)),\nIF(Import.TipoArredondamento<>\"TransfereGOV\",\nROUND(OFFSET($P89,0,AH$13),15-13*ORÇAMENTO!$AF$7)/$H89*OFFSET(ORÇAMENTO!$X$15,ROW(AH89)-ROW(AH$15),0),\nROUND(ROUND(OFFSET($P89,0,AH$13),15-13*ORÇAMENTO!$AF$7)*OFFSET(ORÇAMENTO!$W$15,ROW(AH89)-ROW(AH$15),0),15-13*ORÇAMENTO!$AF$11)),0)","v":0},{"$f":"IF(AND($D89=\"Serviço\",AI$12<>0,$H89>0,OR(AUTOEVENTO<>\"manual\",$M89<>1)),\nIF(Import.TipoArredondamento<>\"TransfereGOV\",\nROUND(OFFSET($P89,0,AI$13),15-13*ORÇAMENTO!$AF$7)/$H89*OFFSET(ORÇAMENTO!$X$15,ROW(AI89)-ROW(AI$15),0),\nROUND(ROUND(OFFSET($P89,0,AI$13),15-13*ORÇAMENTO!$AF$7)*OFFSET(ORÇAMENTO!$W$15,ROW(AI89)-ROW(AI$15),0),15-13*ORÇAMENTO!$AF$11)),0)","v":0},{"$f":"IF(AND($D89=\"Serviço\",AJ$12<>0,$H89>0,OR(AUTOEVENTO<>\"manual\",$M89<>1)),\nIF(Import.TipoArredondamento<>\"TransfereGOV\",\nROUND(OFFSET($P89,0,AJ$13),15-13*ORÇAMENTO!$AF$7)/$H89*OFFSET(ORÇAMENTO!$X$15,ROW(AJ89)-ROW(AJ$15),0),\nROUND(ROUND(OFFSET($P89,0,AJ$13),15-13*ORÇAMENTO!$AF$7)*OFFSET(ORÇAMENTO!$W$15,ROW(AJ89)-ROW(AJ$15),0),15-13*ORÇAMENTO!$AF$11)),0)","v":0},{"$f":"IF(AND($D89=\"Serviço\",AK$12<>0,$H89>0,OR(AUTOEVENTO<>\"manual\",$M89<>1)),\nIF(Import.TipoArredondamento<>\"TransfereGOV\",\nROUND(OFFSET($P89,0,AK$13),15-13*ORÇAMENTO!$AF$7)/$H89*OFFSET(ORÇAMENTO!$X$15,ROW(AK89)-ROW(AK$15),0),\nROUND(ROUND(OFFSET($P89,0,AK$13),15-13*ORÇAMENTO!$AF$7)*OFFSET(ORÇAMENTO!$W$15,ROW(AK89)-ROW(AK$15),0),15-13*ORÇAMENTO!$AF$11)),0)","v":0},null,{"$f":"IF($D89<>\"Serviço\",0,IF(AND(AUTOEVENTO=\"Manual\",$M89=1),0,IF(OFFSET(CRONOPLE!$F$14,$M89,AM$13)=\"\",10^12,OFFSET(CRONOPLE!$F$14,$M89,AM$13))))","v":1000000000000},{"$f":"IF($D89<>\"Serviço\",0,IF(AND(AUTOEVENTO=\"Manual\",$M89=1),0,IF(OFFSET(CRONOPLE!$F$14,$M89,AN$13)=\"\",10^12,OFFSET(CRONOPLE!$F$14,$M89,AN$13))))","v":1000000000000},{"$f":"IF($D89<>\"Serviço\",0,IF(AND(AUTOEVENTO=\"Manual\",$M89=1),0,IF(OFFSET(CRONOPLE!$F$14,$M89,AO$13)=\"\",10^12,OFFSET(CRONOPLE!$F$14,$M89,AO$13))))","v":1000000000000},{"$f":"IF($D89<>\"Serviço\",0,IF(AND(AUTOEVENTO=\"Manual\",$M89=1),0,IF(OFFSET(CRONOPLE!$F$14,$M89,AP$13)=\"\",10^12,OFFSET(CRONOPLE!$F$14,$M89,AP$13))))","v":1000000000000},{"$f":"IF($D89<>\"Serviço\",0,IF(AND(AUTOEVENTO=\"Manual\",$M89=1),0,IF(OFFSET(CRONOPLE!$F$14,$M89,AQ$13)=\"\",10^12,OFFSET(CRONOPLE!$F$14,$M89,AQ$13))))","v":1000000000000},{"$f":"IF($D89<>\"Serviço\",0,IF(AND(AUTOEVENTO=\"Manual\",$M89=1),0,IF(OFFSET(CRONOPLE!$F$14,$M89,AR$13)=\"\",10^12,OFFSET(CRONOPLE!$F$14,$M89,AR$13))))","v":1000000000000},{"$f":"IF($D89<>\"Serviço\",0,IF(AND(AUTOEVENTO=\"Manual\",$M89=1),0,IF(OFFSET(CRONOPLE!$F$14,$M89,AS$13)=\"\",10^12,OFFSET(CRONOPLE!$F$14,$M89,AS$13))))","v":1000000000000},{"$f":"IF($D89<>\"Serviço\",0,IF(AND(AUTOEVENTO=\"Manual\",$M89=1),0,IF(OFFSET(CRONOPLE!$F$14,$M89,AT$13)=\"\",10^12,OFFSET(CRONOPLE!$F$14,$M89,AT$13))))","v":1000000000000},{"$f":"IF($D89<>\"Serviço\",0,IF(AND(AUTOEVENTO=\"Manual\",$M89=1),0,IF(OFFSET(CRONOPLE!$F$14,$M89,AU$13)=\"\",10^12,OFFSET(CRONOPLE!$F$14,$M89,AU$13))))","v":1000000000000},{"$f":"IF($D89<>\"Serviço\",0,IF(AND(AUTOEVENTO=\"Manual\",$M89=1),0,IF(OFFSET(CRONOPLE!$F$14,$M89,AV$13)=\"\",10^12,OFFSET(CRONOPLE!$F$14,$M89,AV$13))))","v":1000000000000},null,{"$f":"IF($D89<>\"Serviço\",0,IF(OR(AND(AUTOEVENTO=\"Manual\",$M89=1),$M89>(ROW(PLE.lastrow)-ROW(PLE.firstrow))),0,IF(OFFSET(PLE!$G$14,$M89,AX$13)=\"\",10^12,OFFSET(PLE!$G$14,$M89,AX$13))))","v":1000000000000},{"$f":"IF($D89<>\"Serviço\",0,IF(OR(AND(AUTOEVENTO=\"Manual\",$M89=1),$M89>(ROW(PLE.lastrow)-ROW(PLE.firstrow))),0,IF(OFFSET(PLE!$G$14,$M89,AY$13)=\"\",10^12,OFFSET(PLE!$G$14,$M89,AY$13))))","v":1000000000000},{"$f":"IF($D89<>\"Serviço\",0,IF(OR(AND(AUTOEVENTO=\"Manual\",$M89=1),$M89>(ROW(PLE.lastrow)-ROW(PLE.firstrow))),0,IF(OFFSET(PLE!$G$14,$M89,AZ$13)=\"\",10^12,OFFSET(PLE!$G$14,$M89,AZ$13))))","v":1000000000000},{"$f":"IF($D89<>\"Serviço\",0,IF(OR(AND(AUTOEVENTO=\"Manual\",$M89=1),$M89>(ROW(PLE.lastrow)-ROW(PLE.firstrow))),0,IF(OFFSET(PLE!$G$14,$M89,BA$13)=\"\",10^12,OFFSET(PLE!$G$14,$M89,BA$13))))","v":1000000000000},{"$f":"IF($D89<>\"Serviço\",0,IF(OR(AND(AUTOEVENTO=\"Manual\",$M89=1),$M89>(ROW(PLE.lastrow)-ROW(PLE.firstrow))),0,IF(OFFSET(PLE!$G$14,$M89,BB$13)=\"\",10^12,OFFSET(PLE!$G$14,$M89,BB$13))))","v":1000000000000},{"$f":"IF($D89<>\"Serviço\",0,IF(OR(AND(AUTOEVENTO=\"Manual\",$M89=1),$M89>(ROW(PLE.lastrow)-ROW(PLE.firstrow))),0,IF(OFFSET(PLE!$G$14,$M89,BC$13)=\"\",10^12,OFFSET(PLE!$G$14,$M89,BC$13))))","v":1000000000000},{"$f":"IF($D89<>\"Serviço\",0,IF(OR(AND(AUTOEVENTO=\"Manual\",$M89=1),$M89>(ROW(PLE.lastrow)-ROW(PLE.firstrow))),0,IF(OFFSET(PLE!$G$14,$M89,BD$13)=\"\",10^12,OFFSET(PLE!$G$14,$M89,BD$13))))","v":1000000000000},{"$f":"IF($D89<>\"Serviço\",0,IF(OR(AND(AUTOEVENTO=\"Manual\",$M89=1),$M89>(ROW(PLE.lastrow)-ROW(PLE.firstrow))),0,IF(OFFSET(PLE!$G$14,$M89,BE$13)=\"\",10^12,OFFSET(PLE!$G$14,$M89,BE$13))))","v":1000000000000},{"$f":"IF($D89<>\"Serviço\",0,IF(OR(AND(AUTOEVENTO=\"Manual\",$M89=1),$M89>(ROW(PLE.lastrow)-ROW(PLE.firstrow))),0,IF(OFFSET(PLE!$G$14,$M89,BF$13)=\"\",10^12,OFFSET(PLE!$G$14,$M89,BF$13))))","v":1000000000000},{"$f":"IF($D89<>\"Serviço\",0,IF(OR(AND(AUTOEVENTO=\"Manual\",$M89=1),$M89>(ROW(PLE.lastrow)-ROW(PLE.firstrow))),0,IF(OFFSET(PLE!$G$14,$M89,BG$13)=\"\",10^12,OFFSET(PLE!$G$14,$M89,BG$13))))","v":1000000000000}]
["65",{"$f":"OFFSET(ORÇAMENTO!C$15,ROW(B90)-ROW(B$15),0)","v":"S"},{"$f":"OFFSET(ORÇAMENTO!L$15,ROW(C90)-ROW(C$15),0)","v":"F"},{"$f":"OFFSET(ORÇAMENTO!N$15,ROW(D90)-ROW(D$15),0)","v":"Serviço"},{"$f":"OFFSET(ORÇAMENTO!O$15,ROW(E90)-ROW(E$15),0)","v":"1.4.0.10."},{"$f":"OFFSET(ORÇAMENTO!R$15,ROW(F90)-ROW(F$15),0)","v":"LAJE PRÉ-MOLDADA UNIDIRECIONAL, BIAPOIADA, ENCHIMENTO EM EPS, VIGOTA PROTENDIDA, ALTURA TOTAL DA LAJE (ENCHIMENTO+CAPA) = (12+4)."},{"$f":"IF($D90<>\"Serviço\",\"\",OFFSET(ORÇAMENTO!S$15,ROW(G90)-ROW(G$15),0))","v":"M2"},{"$f":"IF($D90<>\"Serviço\",0,IF(ACOMPANHAMENTO=\"BM\",ROUND(OFFSET(ORÇAMENTO!AJ$15,ROW(H90)-ROW(H$15),0),15-13*ORÇAMENTO!$AF$7),SUMPRODUCT(($Q$12:$AA$12<>\"\")*ROUND($Q90:$AA90,15-13*ORÇAMENTO!$AF$7))))","v":87.33},null,null,null,".",{"$f":"IF($D90<>\"Serviço\",\"\",IF(AUTOEVENTO=\"manual\",$A90,IF(ISERROR(MATCH($A90,$A$15:OFFSET($A90,-1,0),0)),MAX($M$15:OFFSET(M90,-1,0))+1,INDEX($M$15:OFFSET(M90,-1,0),MATCH($A90,$A$15:OFFSET($A90,-1,0),0)))))","v":5},{"$f":"IF($D90<>\"Serviço\",\"\",IF(AUTOEVENTO=\"Manual\",IF($A90=0,\"<-- defina o número do agrupador\",OFFSET(EVENTOS!$D$14,$A90,0)),OFFSET($F$15,$A90,0)))","v":"SUPERESTRUTURA"},null,null,null,null,null,null,null,null,null,null,null,null,null,{"$f":"IF(AND($D90=\"Serviço\",AB$12<>0,$H90>0,OR(AUTOEVENTO<>\"manual\",$M90<>1)),\nIF(Import.TipoArredondamento<>\"TransfereGOV\",\nROUND(OFFSET($P90,0,AB$13),15-13*ORÇAMENTO!$AF$7)/$H90*OFFSET(ORÇAMENTO!$X$15,ROW(AB90)-ROW(AB$15),0),\nROUND(ROUND(OFFSET($P90,0,AB$13),15-13*ORÇAMENTO!$AF$7)*OFFSET(ORÇAMENTO!$W$15,ROW(AB90)-ROW(AB$15),0),15-13*ORÇAMENTO!$AF$11)),0)","v":0},{"$f":"IF(AND($D90=\"Serviço\",AC$12<>0,$H90>0,OR(AUTOEVENTO<>\"manual\",$M90<>1)),\nIF(Import.TipoArredondamento<>\"TransfereGOV\",\nROUND(OFFSET($P90,0,AC$13),15-13*ORÇAMENTO!$AF$7)/$H90*OFFSET(ORÇAMENTO!$X$15,ROW(AC90)-ROW(AC$15),0),\nROUND(ROUND(OFFSET($P90,0,AC$13),15-13*ORÇAMENTO!$AF$7)*OFFSET(ORÇAMENTO!$W$15,ROW(AC90)-ROW(AC$15),0),15-13*ORÇAMENTO!$AF$11)),0)","v":0},{"$f":"IF(AND($D90=\"Serviço\",AD$12<>0,$H90>0,OR(AUTOEVENTO<>\"manual\",$M90<>1)),\nIF(Import.TipoArredondamento<>\"TransfereGOV\",\nROUND(OFFSET($P90,0,AD$13),15-13*ORÇAMENTO!$AF$7)/$H90*OFFSET(ORÇAMENTO!$X$15,ROW(AD90)-ROW(AD$15),0),\nROUND(ROUND(OFFSET($P90,0,AD$13),15-13*ORÇAMENTO!$AF$7)*OFFSET(ORÇAMENTO!$W$15,ROW(AD90)-ROW(AD$15),0),15-13*ORÇAMENTO!$AF$11)),0)","v":0},{"$f":"IF(AND($D90=\"Serviço\",AE$12<>0,$H90>0,OR(AUTOEVENTO<>\"manual\",$M90<>1)),\nIF(Import.TipoArredondamento<>\"TransfereGOV\",\nROUND(OFFSET($P90,0,AE$13),15-13*ORÇAMENTO!$AF$7)/$H90*OFFSET(ORÇAMENTO!$X$15,ROW(AE90)-ROW(AE$15),0),\nROUND(ROUND(OFFSET($P90,0,AE$13),15-13*ORÇAMENTO!$AF$7)*OFFSET(ORÇAMENTO!$W$15,ROW(AE90)-ROW(AE$15),0),15-13*ORÇAMENTO!$AF$11)),0)","v":0},{"$f":"IF(AND($D90=\"Serviço\",AF$12<>0,$H90>0,OR(AUTOEVENTO<>\"manual\",$M90<>1)),\nIF(Import.TipoArredondamento<>\"TransfereGOV\",\nROUND(OFFSET($P90,0,AF$13),15-13*ORÇAMENTO!$AF$7)/$H90*OFFSET(ORÇAMENTO!$X$15,ROW(AF90)-ROW(AF$15),0),\nROUND(ROUND(OFFSET($P90,0,AF$13),15-13*ORÇAMENTO!$AF$7)*OFFSET(ORÇAMENTO!$W$15,ROW(AF90)-ROW(AF$15),0),15-13*ORÇAMENTO!$AF$11)),0)","v":0},{"$f":"IF(AND($D90=\"Serviço\",AG$12<>0,$H90>0,OR(AUTOEVENTO<>\"manual\",$M90<>1)),\nIF(Import.TipoArredondamento<>\"TransfereGOV\",\nROUND(OFFSET($P90,0,AG$13),15-13*ORÇAMENTO!$AF$7)/$H90*OFFSET(ORÇAMENTO!$X$15,ROW(AG90)-ROW(AG$15),0),\nROUND(ROUND(OFFSET($P90,0,AG$13),15-13*ORÇAMENTO!$AF$7)*OFFSET(ORÇAMENTO!$W$15,ROW(AG90)-ROW(AG$15),0),15-13*ORÇAMENTO!$AF$11)),0)","v":0},{"$f":"IF(AND($D90=\"Serviço\",AH$12<>0,$H90>0,OR(AUTOEVENTO<>\"manual\",$M90<>1)),\nIF(Import.TipoArredondamento<>\"TransfereGOV\",\nROUND(OFFSET($P90,0,AH$13),15-13*ORÇAMENTO!$AF$7)/$H90*OFFSET(ORÇAMENTO!$X$15,ROW(AH90)-ROW(AH$15),0),\nROUND(ROUND(OFFSET($P90,0,AH$13),15-13*ORÇAMENTO!$AF$7)*OFFSET(ORÇAMENTO!$W$15,ROW(AH90)-ROW(AH$15),0),15-13*ORÇAMENTO!$AF$11)),0)","v":0},{"$f":"IF(AND($D90=\"Serviço\",AI$12<>0,$H90>0,OR(AUTOEVENTO<>\"manual\",$M90<>1)),\nIF(Import.TipoArredondamento<>\"TransfereGOV\",\nROUND(OFFSET($P90,0,AI$13),15-13*ORÇAMENTO!$AF$7)/$H90*OFFSET(ORÇAMENTO!$X$15,ROW(AI90)-ROW(AI$15),0),\nROUND(ROUND(OFFSET($P90,0,AI$13),15-13*ORÇAMENTO!$AF$7)*OFFSET(ORÇAMENTO!$W$15,ROW(AI90)-ROW(AI$15),0),15-13*ORÇAMENTO!$AF$11)),0)","v":0},{"$f":"IF(AND($D90=\"Serviço\",AJ$12<>0,$H90>0,OR(AUTOEVENTO<>\"manual\",$M90<>1)),\nIF(Import.TipoArredondamento<>\"TransfereGOV\",\nROUND(OFFSET($P90,0,AJ$13),15-13*ORÇAMENTO!$AF$7)/$H90*OFFSET(ORÇAMENTO!$X$15,ROW(AJ90)-ROW(AJ$15),0),\nROUND(ROUND(OFFSET($P90,0,AJ$13),15-13*ORÇAMENTO!$AF$7)*OFFSET(ORÇAMENTO!$W$15,ROW(AJ90)-ROW(AJ$15),0),15-13*ORÇAMENTO!$AF$11)),0)","v":0},{"$f":"IF(AND($D90=\"Serviço\",AK$12<>0,$H90>0,OR(AUTOEVENTO<>\"manual\",$M90<>1)),\nIF(Import.TipoArredondamento<>\"TransfereGOV\",\nROUND(OFFSET($P90,0,AK$13),15-13*ORÇAMENTO!$AF$7)/$H90*OFFSET(ORÇAMENTO!$X$15,ROW(AK90)-ROW(AK$15),0),\nROUND(ROUND(OFFSET($P90,0,AK$13),15-13*ORÇAMENTO!$AF$7)*OFFSET(ORÇAMENTO!$W$15,ROW(AK90)-ROW(AK$15),0),15-13*ORÇAMENTO!$AF$11)),0)","v":0},null,{"$f":"IF($D90<>\"Serviço\",0,IF(AND(AUTOEVENTO=\"Manual\",$M90=1),0,IF(OFFSET(CRONOPLE!$F$14,$M90,AM$13)=\"\",10^12,OFFSET(CRONOPLE!$F$14,$M90,AM$13))))","v":1000000000000},{"$f":"IF($D90<>\"Serviço\",0,IF(AND(AUTOEVENTO=\"Manual\",$M90=1),0,IF(OFFSET(CRONOPLE!$F$14,$M90,AN$13)=\"\",10^12,OFFSET(CRONOPLE!$F$14,$M90,AN$13))))","v":1000000000000},{"$f":"IF($D90<>\"Serviço\",0,IF(AND(AUTOEVENTO=\"Manual\",$M90=1),0,IF(OFFSET(CRONOPLE!$F$14,$M90,AO$13)=\"\",10^12,OFFSET(CRONOPLE!$F$14,$M90,AO$13))))","v":1000000000000},{"$f":"IF($D90<>\"Serviço\",0,IF(AND(AUTOEVENTO=\"Manual\",$M90=1),0,IF(OFFSET(CRONOPLE!$F$14,$M90,AP$13)=\"\",10^12,OFFSET(CRONOPLE!$F$14,$M90,AP$13))))","v":1000000000000},{"$f":"IF($D90<>\"Serviço\",0,IF(AND(AUTOEVENTO=\"Manual\",$M90=1),0,IF(OFFSET(CRONOPLE!$F$14,$M90,AQ$13)=\"\",10^12,OFFSET(CRONOPLE!$F$14,$M90,AQ$13))))","v":1000000000000},{"$f":"IF($D90<>\"Serviço\",0,IF(AND(AUTOEVENTO=\"Manual\",$M90=1),0,IF(OFFSET(CRONOPLE!$F$14,$M90,AR$13)=\"\",10^12,OFFSET(CRONOPLE!$F$14,$M90,AR$13))))","v":1000000000000},{"$f":"IF($D90<>\"Serviço\",0,IF(AND(AUTOEVENTO=\"Manual\",$M90=1),0,IF(OFFSET(CRONOPLE!$F$14,$M90,AS$13)=\"\",10^12,OFFSET(CRONOPLE!$F$14,$M90,AS$13))))","v":1000000000000},{"$f":"IF($D90<>\"Serviço\",0,IF(AND(AUTOEVENTO=\"Manual\",$M90=1),0,IF(OFFSET(CRONOPLE!$F$14,$M90,AT$13)=\"\",10^12,OFFSET(CRONOPLE!$F$14,$M90,AT$13))))","v":1000000000000},{"$f":"IF($D90<>\"Serviço\",0,IF(AND(AUTOEVENTO=\"Manual\",$M90=1),0,IF(OFFSET(CRONOPLE!$F$14,$M90,AU$13)=\"\",10^12,OFFSET(CRONOPLE!$F$14,$M90,AU$13))))","v":1000000000000},{"$f":"IF($D90<>\"Serviço\",0,IF(AND(AUTOEVENTO=\"Manual\",$M90=1),0,IF(OFFSET(CRONOPLE!$F$14,$M90,AV$13)=\"\",10^12,OFFSET(CRONOPLE!$F$14,$M90,AV$13))))","v":1000000000000},null,{"$f":"IF($D90<>\"Serviço\",0,IF(OR(AND(AUTOEVENTO=\"Manual\",$M90=1),$M90>(ROW(PLE.lastrow)-ROW(PLE.firstrow))),0,IF(OFFSET(PLE!$G$14,$M90,AX$13)=\"\",10^12,OFFSET(PLE!$G$14,$M90,AX$13))))","v":1000000000000},{"$f":"IF($D90<>\"Serviço\",0,IF(OR(AND(AUTOEVENTO=\"Manual\",$M90=1),$M90>(ROW(PLE.lastrow)-ROW(PLE.firstrow))),0,IF(OFFSET(PLE!$G$14,$M90,AY$13)=\"\",10^12,OFFSET(PLE!$G$14,$M90,AY$13))))","v":1000000000000},{"$f":"IF($D90<>\"Serviço\",0,IF(OR(AND(AUTOEVENTO=\"Manual\",$M90=1),$M90>(ROW(PLE.lastrow)-ROW(PLE.firstrow))),0,IF(OFFSET(PLE!$G$14,$M90,AZ$13)=\"\",10^12,OFFSET(PLE!$G$14,$M90,AZ$13))))","v":1000000000000},{"$f":"IF($D90<>\"Serviço\",0,IF(OR(AND(AUTOEVENTO=\"Manual\",$M90=1),$M90>(ROW(PLE.lastrow)-ROW(PLE.firstrow))),0,IF(OFFSET(PLE!$G$14,$M90,BA$13)=\"\",10^12,OFFSET(PLE!$G$14,$M90,BA$13))))","v":1000000000000},{"$f":"IF($D90<>\"Serviço\",0,IF(OR(AND(AUTOEVENTO=\"Manual\",$M90=1),$M90>(ROW(PLE.lastrow)-ROW(PLE.firstrow))),0,IF(OFFSET(PLE!$G$14,$M90,BB$13)=\"\",10^12,OFFSET(PLE!$G$14,$M90,BB$13))))","v":1000000000000},{"$f":"IF($D90<>\"Serviço\",0,IF(OR(AND(AUTOEVENTO=\"Manual\",$M90=1),$M90>(ROW(PLE.lastrow)-ROW(PLE.firstrow))),0,IF(OFFSET(PLE!$G$14,$M90,BC$13)=\"\",10^12,OFFSET(PLE!$G$14,$M90,BC$13))))","v":1000000000000},{"$f":"IF($D90<>\"Serviço\",0,IF(OR(AND(AUTOEVENTO=\"Manual\",$M90=1),$M90>(ROW(PLE.lastrow)-ROW(PLE.firstrow))),0,IF(OFFSET(PLE!$G$14,$M90,BD$13)=\"\",10^12,OFFSET(PLE!$G$14,$M90,BD$13))))","v":1000000000000},{"$f":"IF($D90<>\"Serviço\",0,IF(OR(AND(AUTOEVENTO=\"Manual\",$M90=1),$M90>(ROW(PLE.lastrow)-ROW(PLE.firstrow))),0,IF(OFFSET(PLE!$G$14,$M90,BE$13)=\"\",10^12,OFFSET(PLE!$G$14,$M90,BE$13))))","v":1000000000000},{"$f":"IF($D90<>\"Serviço\",0,IF(OR(AND(AUTOEVENTO=\"Manual\",$M90=1),$M90>(ROW(PLE.lastrow)-ROW(PLE.firstrow))),0,IF(OFFSET(PLE!$G$14,$M90,BF$13)=\"\",10^12,OFFSET(PLE!$G$14,$M90,BF$13))))","v":1000000000000},{"$f":"IF($D90<>\"Serviço\",0,IF(OR(AND(AUTOEVENTO=\"Manual\",$M90=1),$M90>(ROW(PLE.lastrow)-ROW(PLE.firstrow))),0,IF(OFFSET(PLE!$G$14,$M90,BG$13)=\"\",10^12,OFFSET(PLE!$G$14,$M90,BG$13))))","v":1000000000000}]
["65",{"$f":"OFFSET(ORÇAMENTO!C$15,ROW(B91)-ROW(B$15),0)","v":"S"},{"$f":"OFFSET(ORÇAMENTO!L$15,ROW(C91)-ROW(C$15),0)","v":"F"},{"$f":"OFFSET(ORÇAMENTO!N$15,ROW(D91)-ROW(D$15),0)","v":"Serviço"},{"$f":"OFFSET(ORÇAMENTO!O$15,ROW(E91)-ROW(E$15),0)","v":"1.4.0.11."},{"$f":"OFFSET(ORÇAMENTO!R$15,ROW(F91)-ROW(F$15),0)","v":"CONCRETAGEM DE VIGAS E LAJES, FCK=25 MPA, PARA LAJES PREMOLDADAS COM USO DE BOMBA - LANÇAMENTO, ADENSAMENTO E ACABAMENTO. AF_02/2022_PS"},{"$f":"IF($D91<>\"Serviço\",\"\",OFFSET(ORÇAMENTO!S$15,ROW(G91)-ROW(G$15),0))","v":"M3"},{"$f":"IF($D91<>\"Serviço\",0,IF(ACOMPANHAMENTO=\"BM\",ROUND(OFFSET(ORÇAMENTO!AJ$15,ROW(H91)-ROW(H$15),0),15-13*ORÇAMENTO!$AF$7),SUMPRODUCT(($Q$12:$AA$12<>\"\")*ROUND($Q91:$AA91,15-13*ORÇAMENTO!$AF$7))))","v":15.69},null,null,null,".",{"$f":"IF($D91<>\"Serviço\",\"\",IF(AUTOEVENTO=\"manual\",$A91,IF(ISERROR(MATCH($A91,$A$15:OFFSET($A91,-1,0),0)),MAX($M$15:OFFSET(M91,-1,0))+1,INDEX($M$15:OFFSET(M91,-1,0),MATCH($A91,$A$15:OFFSET($A91,-1,0),0)))))","v":5},{"$f":"IF($D91<>\"Serviço\",\"\",IF(AUTOEVENTO=\"Manual\",IF($A91=0,\"<-- defina o número do agrupador\",OFFSET(EVENTOS!$D$14,$A91,0)),OFFSET($F$15,$A91,0)))","v":"SUPERESTRUTURA"},null,null,null,null,null,null,null,null,null,null,null,null,null,{"$f":"IF(AND($D91=\"Serviço\",AB$12<>0,$H91>0,OR(AUTOEVENTO<>\"manual\",$M91<>1)),\nIF(Import.TipoArredondamento<>\"TransfereGOV\",\nROUND(OFFSET($P91,0,AB$13),15-13*ORÇAMENTO!$AF$7)/$H91*OFFSET(ORÇAMENTO!$X$15,ROW(AB91)-ROW(AB$15),0),\nROUND(ROUND(OFFSET($P91,0,AB$13),15-13*ORÇAMENTO!$AF$7)*OFFSET(ORÇAMENTO!$W$15,ROW(AB91)-ROW(AB$15),0),15-13*ORÇAMENTO!$AF$11)),0)","v":0},{"$f":"IF(AND($D91=\"Serviço\",AC$12<>0,$H91>0,OR(AUTOEVENTO<>\"manual\",$M91<>1)),\nIF(Import.TipoArredondamento<>\"TransfereGOV\",\nROUND(OFFSET($P91,0,AC$13),15-13*ORÇAMENTO!$AF$7)/$H91*OFFSET(ORÇAMENTO!$X$15,ROW(AC91)-ROW(AC$15),0),\nROUND(ROUND(OFFSET($P91,0,AC$13),15-13*ORÇAMENTO!$AF$7)*OFFSET(ORÇAMENTO!$W$15,ROW(AC91)-ROW(AC$15),0),15-13*ORÇAMENTO!$AF$11)),0)","v":0},{"$f":"IF(AND($D91=\"Serviço\",AD$12<>0,$H91>0,OR(AUTOEVENTO<>\"manual\",$M91<>1)),\nIF(Import.TipoArredondamento<>\"TransfereGOV\",\nROUND(OFFSET($P91,0,AD$13),15-13*ORÇAMENTO!$AF$7)/$H91*OFFSET(ORÇAMENTO!$X$15,ROW(AD91)-ROW(AD$15),0),\nROUND(ROUND(OFFSET($P91,0,AD$13),15-13*ORÇAMENTO!$AF$7)*OFFSET(ORÇAMENTO!$W$15,ROW(AD91)-ROW(AD$15),0),15-13*ORÇAMENTO!$AF$11)),0)","v":0},{"$f":"IF(AND($D91=\"Serviço\",AE$12<>0,$H91>0,OR(AUTOEVENTO<>\"manual\",$M91<>1)),\nIF(Import.TipoArredondamento<>\"TransfereGOV\",\nROUND(OFFSET($P91,0,AE$13),15-13*ORÇAMENTO!$AF$7)/$H91*OFFSET(ORÇAMENTO!$X$15,ROW(AE91)-ROW(AE$15),0),\nROUND(ROUND(OFFSET($P91,0,AE$13),15-13*ORÇAMENTO!$AF$7)*OFFSET(ORÇAMENTO!$W$15,ROW(AE91)-ROW(AE$15),0),15-13*ORÇAMENTO!$AF$11)),0)","v":0},{"$f":"IF(AND($D91=\"Serviço\",AF$12<>0,$H91>0,OR(AUTOEVENTO<>\"manual\",$M91<>1)),\nIF(Import.TipoArredondamento<>\"TransfereGOV\",\nROUND(OFFSET($P91,0,AF$13),15-13*ORÇAMENTO!$AF$7)/$H91*OFFSET(ORÇAMENTO!$X$15,ROW(AF91)-ROW(AF$15),0),\nROUND(ROUND(OFFSET($P91,0,AF$13),15-13*ORÇAMENTO!$AF$7)*OFFSET(ORÇAMENTO!$W$15,ROW(AF91)-ROW(AF$15),0),15-13*ORÇAMENTO!$AF$11)),0)","v":0},{"$f":"IF(AND($D91=\"Serviço\",AG$12<>0,$H91>0,OR(AUTOEVENTO<>\"manual\",$M91<>1)),\nIF(Import.TipoArredondamento<>\"TransfereGOV\",\nROUND(OFFSET($P91,0,AG$13),15-13*ORÇAMENTO!$AF$7)/$H91*OFFSET(ORÇAMENTO!$X$15,ROW(AG91)-ROW(AG$15),0),\nROUND(ROUND(OFFSET($P91,0,AG$13),15-13*ORÇAMENTO!$AF$7)*OFFSET(ORÇAMENTO!$W$15,ROW(AG91)-ROW(AG$15),0),15-13*ORÇAMENTO!$AF$11)),0)","v":0},{"$f":"IF(AND($D91=\"Serviço\",AH$12<>0,$H91>0,OR(AUTOEVENTO<>\"manual\",$M91<>1)),\nIF(Import.TipoArredondamento<>\"TransfereGOV\",\nROUND(OFFSET($P91,0,AH$13),15-13*ORÇAMENTO!$AF$7)/$H91*OFFSET(ORÇAMENTO!$X$15,ROW(AH91)-ROW(AH$15),0),\nROUND(ROUND(OFFSET($P91,0,AH$13),15-13*ORÇAMENTO!$AF$7)*OFFSET(ORÇAMENTO!$W$15,ROW(AH91)-ROW(AH$15),0),15-13*ORÇAMENTO!$AF$11)),0)","v":0},{"$f":"IF(AND($D91=\"Serviço\",AI$12<>0,$H91>0,OR(AUTOEVENTO<>\"manual\",$M91<>1)),\nIF(Import.TipoArredondamento<>\"TransfereGOV\",\nROUND(OFFSET($P91,0,AI$13),15-13*ORÇAMENTO!$AF$7)/$H91*OFFSET(ORÇAMENTO!$X$15,ROW(AI91)-ROW(AI$15),0),\nROUND(ROUND(OFFSET($P91,0,AI$13),15-13*ORÇAMENTO!$AF$7)*OFFSET(ORÇAMENTO!$W$15,ROW(AI91)-ROW(AI$15),0),15-13*ORÇAMENTO!$AF$11)),0)","v":0},{"$f":"IF(AND($D91=\"Serviço\",AJ$12<>0,$H91>0,OR(AUTOEVENTO<>\"manual\",$M91<>1)),\nIF(Import.TipoArredondamento<>\"TransfereGOV\",\nROUND(OFFSET($P91,0,AJ$13),15-13*ORÇAMENTO!$AF$7)/$H91*OFFSET(ORÇAMENTO!$X$15,ROW(AJ91)-ROW(AJ$15),0),\nROUND(ROUND(OFFSET($P91,0,AJ$13),15-13*ORÇAMENTO!$AF$7)*OFFSET(ORÇAMENTO!$W$15,ROW(AJ91)-ROW(AJ$15),0),15-13*ORÇAMENTO!$AF$11)),0)","v":0},{"$f":"IF(AND($D91=\"Serviço\",AK$12<>0,$H91>0,OR(AUTOEVENTO<>\"manual\",$M91<>1)),\nIF(Import.TipoArredondamento<>\"TransfereGOV\",\nROUND(OFFSET($P91,0,AK$13),15-13*ORÇAMENTO!$AF$7)/$H91*OFFSET(ORÇAMENTO!$X$15,ROW(AK91)-ROW(AK$15),0),\nROUND(ROUND(OFFSET($P91,0,AK$13),15-13*ORÇAMENTO!$AF$7)*OFFSET(ORÇAMENTO!$W$15,ROW(AK91)-ROW(AK$15),0),15-13*ORÇAMENTO!$AF$11)),0)","v":0},null,{"$f":"IF($D91<>\"Serviço\",0,IF(AND(AUTOEVENTO=\"Manual\",$M91=1),0,IF(OFFSET(CRONOPLE!$F$14,$M91,AM$13)=\"\",10^12,OFFSET(CRONOPLE!$F$14,$M91,AM$13))))","v":1000000000000},{"$f":"IF($D91<>\"Serviço\",0,IF(AND(AUTOEVENTO=\"Manual\",$M91=1),0,IF(OFFSET(CRONOPLE!$F$14,$M91,AN$13)=\"\",10^12,OFFSET(CRONOPLE!$F$14,$M91,AN$13))))","v":1000000000000},{"$f":"IF($D91<>\"Serviço\",0,IF(AND(AUTOEVENTO=\"Manual\",$M91=1),0,IF(OFFSET(CRONOPLE!$F$14,$M91,AO$13)=\"\",10^12,OFFSET(CRONOPLE!$F$14,$M91,AO$13))))","v":1000000000000},{"$f":"IF($D91<>\"Serviço\",0,IF(AND(AUTOEVENTO=\"Manual\",$M91=1),0,IF(OFFSET(CRONOPLE!$F$14,$M91,AP$13)=\"\",10^12,OFFSET(CRONOPLE!$F$14,$M91,AP$13))))","v":1000000000000},{"$f":"IF($D91<>\"Serviço\",0,IF(AND(AUTOEVENTO=\"Manual\",$M91=1),0,IF(OFFSET(CRONOPLE!$F$14,$M91,AQ$13)=\"\",10^12,OFFSET(CRONOPLE!$F$14,$M91,AQ$13))))","v":1000000000000},{"$f":"IF($D91<>\"Serviço\",0,IF(AND(AUTOEVENTO=\"Manual\",$M91=1),0,IF(OFFSET(CRONOPLE!$F$14,$M91,AR$13)=\"\",10^12,OFFSET(CRONOPLE!$F$14,$M91,AR$13))))","v":1000000000000},{"$f":"IF($D91<>\"Serviço\",0,IF(AND(AUTOEVENTO=\"Manual\",$M91=1),0,IF(OFFSET(CRONOPLE!$F$14,$M91,AS$13)=\"\",10^12,OFFSET(CRONOPLE!$F$14,$M91,AS$13))))","v":1000000000000},{"$f":"IF($D91<>\"Serviço\",0,IF(AND(AUTOEVENTO=\"Manual\",$M91=1),0,IF(OFFSET(CRONOPLE!$F$14,$M91,AT$13)=\"\",10^12,OFFSET(CRONOPLE!$F$14,$M91,AT$13))))","v":1000000000000},{"$f":"IF($D91<>\"Serviço\",0,IF(AND(AUTOEVENTO=\"Manual\",$M91=1),0,IF(OFFSET(CRONOPLE!$F$14,$M91,AU$13)=\"\",10^12,OFFSET(CRONOPLE!$F$14,$M91,AU$13))))","v":1000000000000},{"$f":"IF($D91<>\"Serviço\",0,IF(AND(AUTOEVENTO=\"Manual\",$M91=1),0,IF(OFFSET(CRONOPLE!$F$14,$M91,AV$13)=\"\",10^12,OFFSET(CRONOPLE!$F$14,$M91,AV$13))))","v":1000000000000},null,{"$f":"IF($D91<>\"Serviço\",0,IF(OR(AND(AUTOEVENTO=\"Manual\",$M91=1),$M91>(ROW(PLE.lastrow)-ROW(PLE.firstrow))),0,IF(OFFSET(PLE!$G$14,$M91,AX$13)=\"\",10^12,OFFSET(PLE!$G$14,$M91,AX$13))))","v":1000000000000},{"$f":"IF($D91<>\"Serviço\",0,IF(OR(AND(AUTOEVENTO=\"Manual\",$M91=1),$M91>(ROW(PLE.lastrow)-ROW(PLE.firstrow))),0,IF(OFFSET(PLE!$G$14,$M91,AY$13)=\"\",10^12,OFFSET(PLE!$G$14,$M91,AY$13))))","v":1000000000000},{"$f":"IF($D91<>\"Serviço\",0,IF(OR(AND(AUTOEVENTO=\"Manual\",$M91=1),$M91>(ROW(PLE.lastrow)-ROW(PLE.firstrow))),0,IF(OFFSET(PLE!$G$14,$M91,AZ$13)=\"\",10^12,OFFSET(PLE!$G$14,$M91,AZ$13))))","v":1000000000000},{"$f":"IF($D91<>\"Serviço\",0,IF(OR(AND(AUTOEVENTO=\"Manual\",$M91=1),$M91>(ROW(PLE.lastrow)-ROW(PLE.firstrow))),0,IF(OFFSET(PLE!$G$14,$M91,BA$13)=\"\",10^12,OFFSET(PLE!$G$14,$M91,BA$13))))","v":1000000000000},{"$f":"IF($D91<>\"Serviço\",0,IF(OR(AND(AUTOEVENTO=\"Manual\",$M91=1),$M91>(ROW(PLE.lastrow)-ROW(PLE.firstrow))),0,IF(OFFSET(PLE!$G$14,$M91,BB$13)=\"\",10^12,OFFSET(PLE!$G$14,$M91,BB$13))))","v":1000000000000},{"$f":"IF($D91<>\"Serviço\",0,IF(OR(AND(AUTOEVENTO=\"Manual\",$M91=1),$M91>(ROW(PLE.lastrow)-ROW(PLE.firstrow))),0,IF(OFFSET(PLE!$G$14,$M91,BC$13)=\"\",10^12,OFFSET(PLE!$G$14,$M91,BC$13))))","v":1000000000000},{"$f":"IF($D91<>\"Serviço\",0,IF(OR(AND(AUTOEVENTO=\"Manual\",$M91=1),$M91>(ROW(PLE.lastrow)-ROW(PLE.firstrow))),0,IF(OFFSET(PLE!$G$14,$M91,BD$13)=\"\",10^12,OFFSET(PLE!$G$14,$M91,BD$13))))","v":1000000000000},{"$f":"IF($D91<>\"Serviço\",0,IF(OR(AND(AUTOEVENTO=\"Manual\",$M91=1),$M91>(ROW(PLE.lastrow)-ROW(PLE.firstrow))),0,IF(OFFSET(PLE!$G$14,$M91,BE$13)=\"\",10^12,OFFSET(PLE!$G$14,$M91,BE$13))))","v":1000000000000},{"$f":"IF($D91<>\"Serviço\",0,IF(OR(AND(AUTOEVENTO=\"Manual\",$M91=1),$M91>(ROW(PLE.lastrow)-ROW(PLE.firstrow))),0,IF(OFFSET(PLE!$G$14,$M91,BF$13)=\"\",10^12,OFFSET(PLE!$G$14,$M91,BF$13))))","v":1000000000000},{"$f":"IF($D91<>\"Serviço\",0,IF(OR(AND(AUTOEVENTO=\"Manual\",$M91=1),$M91>(ROW(PLE.lastrow)-ROW(PLE.firstrow))),0,IF(OFFSET(PLE!$G$14,$M91,BG$13)=\"\",10^12,OFFSET(PLE!$G$14,$M91,BG$13))))","v":1000000000000}]
["65",{"$f":"OFFSET(ORÇAMENTO!C$15,ROW(B92)-ROW(B$15),0)","v":"S"},{"$f":"OFFSET(ORÇAMENTO!L$15,ROW(C92)-ROW(C$15),0)","v":""},{"$f":"OFFSET(ORÇAMENTO!N$15,ROW(D92)-ROW(D$15),0)","v":"Serviço"},{"$f":"OFFSET(ORÇAMENTO!O$15,ROW(E92)-ROW(E$15),0)","v":"-"},{"$f":"OFFSET(ORÇAMENTO!R$15,ROW(F92)-ROW(F$15),0)","v":"(Sem Código)"},{"$f":"IF($D92<>\"Serviço\",\"\",OFFSET(ORÇAMENTO!S$15,ROW(G92)-ROW(G$15),0))","v":"-"},{"$f":"IF($D92<>\"Serviço\",0,IF(ACOMPANHAMENTO=\"BM\",ROUND(OFFSET(ORÇAMENTO!AJ$15,ROW(H92)-ROW(H$15),0),15-13*ORÇAMENTO!$AF$7),SUMPRODUCT(($Q$12:$AA$12<>\"\")*ROUND($Q92:$AA92,15-13*ORÇAMENTO!$AF$7))))","v":0},null,null,null,".",{"$f":"IF($D92<>\"Serviço\",\"\",IF(AUTOEVENTO=\"manual\",$A92,IF(ISERROR(MATCH($A92,$A$15:OFFSET($A92,-1,0),0)),MAX($M$15:OFFSET(M92,-1,0))+1,INDEX($M$15:OFFSET(M92,-1,0),MATCH($A92,$A$15:OFFSET($A92,-1,0),0)))))","v":5},{"$f":"IF($D92<>\"Serviço\",\"\",IF(AUTOEVENTO=\"Manual\",IF($A92=0,\"<-- defina o número do agrupador\",OFFSET(EVENTOS!$D$14,$A92,0)),OFFSET($F$15,$A92,0)))","v":"SUPERESTRUTURA"},null,null,null,null,null,null,null,null,null,null,null,null,null,{"$f":"IF(AND($D92=\"Serviço\",AB$12<>0,$H92>0,OR(AUTOEVENTO<>\"manual\",$M92<>1)),\nIF(Import.TipoArredondamento<>\"TransfereGOV\",\nROUND(OFFSET($P92,0,AB$13),15-13*ORÇAMENTO!$AF$7)/$H92*OFFSET(ORÇAMENTO!$X$15,ROW(AB92)-ROW(AB$15),0),\nROUND(ROUND(OFFSET($P92,0,AB$13),15-13*ORÇAMENTO!$AF$7)*OFFSET(ORÇAMENTO!$W$15,ROW(AB92)-ROW(AB$15),0),15-13*ORÇAMENTO!$AF$11)),0)","v":0},{"$f":"IF(AND($D92=\"Serviço\",AC$12<>0,$H92>0,OR(AUTOEVENTO<>\"manual\",$M92<>1)),\nIF(Import.TipoArredondamento<>\"TransfereGOV\",\nROUND(OFFSET($P92,0,AC$13),15-13*ORÇAMENTO!$AF$7)/$H92*OFFSET(ORÇAMENTO!$X$15,ROW(AC92)-ROW(AC$15),0),\nROUND(ROUND(OFFSET($P92,0,AC$13),15-13*ORÇAMENTO!$AF$7)*OFFSET(ORÇAMENTO!$W$15,ROW(AC92)-ROW(AC$15),0),15-13*ORÇAMENTO!$AF$11)),0)","v":0},{"$f":"IF(AND($D92=\"Serviço\",AD$12<>0,$H92>0,OR(AUTOEVENTO<>\"manual\",$M92<>1)),\nIF(Import.TipoArredondamento<>\"TransfereGOV\",\nROUND(OFFSET($P92,0,AD$13),15-13*ORÇAMENTO!$AF$7)/$H92*OFFSET(ORÇAMENTO!$X$15,ROW(AD92)-ROW(AD$15),0),\nROUND(ROUND(OFFSET($P92,0,AD$13),15-13*ORÇAMENTO!$AF$7)*OFFSET(ORÇAMENTO!$W$15,ROW(AD92)-ROW(AD$15),0),15-13*ORÇAMENTO!$AF$11)),0)","v":0},{"$f":"IF(AND($D92=\"Serviço\",AE$12<>0,$H92>0,OR(AUTOEVENTO<>\"manual\",$M92<>1)),\nIF(Import.TipoArredondamento<>\"TransfereGOV\",\nROUND(OFFSET($P92,0,AE$13),15-13*ORÇAMENTO!$AF$7)/$H92*OFFSET(ORÇAMENTO!$X$15,ROW(AE92)-ROW(AE$15),0),\nROUND(ROUND(OFFSET($P92,0,AE$13),15-13*ORÇAMENTO!$AF$7)*OFFSET(ORÇAMENTO!$W$15,ROW(AE92)-ROW(AE$15),0),15-13*ORÇAMENTO!$AF$11)),0)","v":0},{"$f":"IF(AND($D92=\"Serviço\",AF$12<>0,$H92>0,OR(AUTOEVENTO<>\"manual\",$M92<>1)),\nIF(Import.TipoArredondamento<>\"TransfereGOV\",\nROUND(OFFSET($P92,0,AF$13),15-13*ORÇAMENTO!$AF$7)/$H92*OFFSET(ORÇAMENTO!$X$15,ROW(AF92)-ROW(AF$15),0),\nROUND(ROUND(OFFSET($P92,0,AF$13),15-13*ORÇAMENTO!$AF$7)*OFFSET(ORÇAMENTO!$W$15,ROW(AF92)-ROW(AF$15),0),15-13*ORÇAMENTO!$AF$11)),0)","v":0},{"$f":"IF(AND($D92=\"Serviço\",AG$12<>0,$H92>0,OR(AUTOEVENTO<>\"manual\",$M92<>1)),\nIF(Import.TipoArredondamento<>\"TransfereGOV\",\nROUND(OFFSET($P92,0,AG$13),15-13*ORÇAMENTO!$AF$7)/$H92*OFFSET(ORÇAMENTO!$X$15,ROW(AG92)-ROW(AG$15),0),\nROUND(ROUND(OFFSET($P92,0,AG$13),15-13*ORÇAMENTO!$AF$7)*OFFSET(ORÇAMENTO!$W$15,ROW(AG92)-ROW(AG$15),0),15-13*ORÇAMENTO!$AF$11)),0)","v":0},{"$f":"IF(AND($D92=\"Serviço\",AH$12<>0,$H92>0,OR(AUTOEVENTO<>\"manual\",$M92<>1)),\nIF(Import.TipoArredondamento<>\"TransfereGOV\",\nROUND(OFFSET($P92,0,AH$13),15-13*ORÇAMENTO!$AF$7)/$H92*OFFSET(ORÇAMENTO!$X$15,ROW(AH92)-ROW(AH$15),0),\nROUND(ROUND(OFFSET($P92,0,AH$13),15-13*ORÇAMENTO!$AF$7)*OFFSET(ORÇAMENTO!$W$15,ROW(AH92)-ROW(AH$15),0),15-13*ORÇAMENTO!$AF$11)),0)","v":0},{"$f":"IF(AND($D92=\"Serviço\",AI$12<>0,$H92>0,OR(AUTOEVENTO<>\"manual\",$M92<>1)),\nIF(Import.TipoArredondamento<>\"TransfereGOV\",\nROUND(OFFSET($P92,0,AI$13),15-13*ORÇAMENTO!$AF$7)/$H92*OFFSET(ORÇAMENTO!$X$15,ROW(AI92)-ROW(AI$15),0),\nROUND(ROUND(OFFSET($P92,0,AI$13),15-13*ORÇAMENTO!$AF$7)*OFFSET(ORÇAMENTO!$W$15,ROW(AI92)-ROW(AI$15),0),15-13*ORÇAMENTO!$AF$11)),0)","v":0},{"$f":"IF(AND($D92=\"Serviço\",AJ$12<>0,$H92>0,OR(AUTOEVENTO<>\"manual\",$M92<>1)),\nIF(Import.TipoArredondamento<>\"TransfereGOV\",\nROUND(OFFSET($P92,0,AJ$13),15-13*ORÇAMENTO!$AF$7)/$H92*OFFSET(ORÇAMENTO!$X$15,ROW(AJ92)-ROW(AJ$15),0),\nROUND(ROUND(OFFSET($P92,0,AJ$13),15-13*ORÇAMENTO!$AF$7)*OFFSET(ORÇAMENTO!$W$15,ROW(AJ92)-ROW(AJ$15),0),15-13*ORÇAMENTO!$AF$11)),0)","v":0},{"$f":"IF(AND($D92=\"Serviço\",AK$12<>0,$H92>0,OR(AUTOEVENTO<>\"manual\",$M92<>1)),\nIF(Import.TipoArredondamento<>\"TransfereGOV\",\nROUND(OFFSET($P92,0,AK$13),15-13*ORÇAMENTO!$AF$7)/$H92*OFFSET(ORÇAMENTO!$X$15,ROW(AK92)-ROW(AK$15),0),\nROUND(ROUND(OFFSET($P92,0,AK$13),15-13*ORÇAMENTO!$AF$7)*OFFSET(ORÇAMENTO!$W$15,ROW(AK92)-ROW(AK$15),0),15-13*ORÇAMENTO!$AF$11)),0)","v":0},null,{"$f":"IF($D92<>\"Serviço\",0,IF(AND(AUTOEVENTO=\"Manual\",$M92=1),0,IF(OFFSET(CRONOPLE!$F$14,$M92,AM$13)=\"\",10^12,OFFSET(CRONOPLE!$F$14,$M92,AM$13))))","v":1000000000000},{"$f":"IF($D92<>\"Serviço\",0,IF(AND(AUTOEVENTO=\"Manual\",$M92=1),0,IF(OFFSET(CRONOPLE!$F$14,$M92,AN$13)=\"\",10^12,OFFSET(CRONOPLE!$F$14,$M92,AN$13))))","v":1000000000000},{"$f":"IF($D92<>\"Serviço\",0,IF(AND(AUTOEVENTO=\"Manual\",$M92=1),0,IF(OFFSET(CRONOPLE!$F$14,$M92,AO$13)=\"\",10^12,OFFSET(CRONOPLE!$F$14,$M92,AO$13))))","v":1000000000000},{"$f":"IF($D92<>\"Serviço\",0,IF(AND(AUTOEVENTO=\"Manual\",$M92=1),0,IF(OFFSET(CRONOPLE!$F$14,$M92,AP$13)=\"\",10^12,OFFSET(CRONOPLE!$F$14,$M92,AP$13))))","v":1000000000000},{"$f":"IF($D92<>\"Serviço\",0,IF(AND(AUTOEVENTO=\"Manual\",$M92=1),0,IF(OFFSET(CRONOPLE!$F$14,$M92,AQ$13)=\"\",10^12,OFFSET(CRONOPLE!$F$14,$M92,AQ$13))))","v":1000000000000},{"$f":"IF($D92<>\"Serviço\",0,IF(AND(AUTOEVENTO=\"Manual\",$M92=1),0,IF(OFFSET(CRONOPLE!$F$14,$M92,AR$13)=\"\",10^12,OFFSET(CRONOPLE!$F$14,$M92,AR$13))))","v":1000000000000},{"$f":"IF($D92<>\"Serviço\",0,IF(AND(AUTOEVENTO=\"Manual\",$M92=1),0,IF(OFFSET(CRONOPLE!$F$14,$M92,AS$13)=\"\",10^12,OFFSET(CRONOPLE!$F$14,$M92,AS$13))))","v":1000000000000},{"$f":"IF($D92<>\"Serviço\",0,IF(AND(AUTOEVENTO=\"Manual\",$M92=1),0,IF(OFFSET(CRONOPLE!$F$14,$M92,AT$13)=\"\",10^12,OFFSET(CRONOPLE!$F$14,$M92,AT$13))))","v":1000000000000},{"$f":"IF($D92<>\"Serviço\",0,IF(AND(AUTOEVENTO=\"Manual\",$M92=1),0,IF(OFFSET(CRONOPLE!$F$14,$M92,AU$13)=\"\",10^12,OFFSET(CRONOPLE!$F$14,$M92,AU$13))))","v":1000000000000},{"$f":"IF($D92<>\"Serviço\",0,IF(AND(AUTOEVENTO=\"Manual\",$M92=1),0,IF(OFFSET(CRONOPLE!$F$14,$M92,AV$13)=\"\",10^12,OFFSET(CRONOPLE!$F$14,$M92,AV$13))))","v":1000000000000},null,{"$f":"IF($D92<>\"Serviço\",0,IF(OR(AND(AUTOEVENTO=\"Manual\",$M92=1),$M92>(ROW(PLE.lastrow)-ROW(PLE.firstrow))),0,IF(OFFSET(PLE!$G$14,$M92,AX$13)=\"\",10^12,OFFSET(PLE!$G$14,$M92,AX$13))))","v":1000000000000},{"$f":"IF($D92<>\"Serviço\",0,IF(OR(AND(AUTOEVENTO=\"Manual\",$M92=1),$M92>(ROW(PLE.lastrow)-ROW(PLE.firstrow))),0,IF(OFFSET(PLE!$G$14,$M92,AY$13)=\"\",10^12,OFFSET(PLE!$G$14,$M92,AY$13))))","v":1000000000000},{"$f":"IF($D92<>\"Serviço\",0,IF(OR(AND(AUTOEVENTO=\"Manual\",$M92=1),$M92>(ROW(PLE.lastrow)-ROW(PLE.firstrow))),0,IF(OFFSET(PLE!$G$14,$M92,AZ$13)=\"\",10^12,OFFSET(PLE!$G$14,$M92,AZ$13))))","v":1000000000000},{"$f":"IF($D92<>\"Serviço\",0,IF(OR(AND(AUTOEVENTO=\"Manual\",$M92=1),$M92>(ROW(PLE.lastrow)-ROW(PLE.firstrow))),0,IF(OFFSET(PLE!$G$14,$M92,BA$13)=\"\",10^12,OFFSET(PLE!$G$14,$M92,BA$13))))","v":1000000000000},{"$f":"IF($D92<>\"Serviço\",0,IF(OR(AND(AUTOEVENTO=\"Manual\",$M92=1),$M92>(ROW(PLE.lastrow)-ROW(PLE.firstrow))),0,IF(OFFSET(PLE!$G$14,$M92,BB$13)=\"\",10^12,OFFSET(PLE!$G$14,$M92,BB$13))))","v":1000000000000},{"$f":"IF($D92<>\"Serviço\",0,IF(OR(AND(AUTOEVENTO=\"Manual\",$M92=1),$M92>(ROW(PLE.lastrow)-ROW(PLE.firstrow))),0,IF(OFFSET(PLE!$G$14,$M92,BC$13)=\"\",10^12,OFFSET(PLE!$G$14,$M92,BC$13))))","v":1000000000000},{"$f":"IF($D92<>\"Serviço\",0,IF(OR(AND(AUTOEVENTO=\"Manual\",$M92=1),$M92>(ROW(PLE.lastrow)-ROW(PLE.firstrow))),0,IF(OFFSET(PLE!$G$14,$M92,BD$13)=\"\",10^12,OFFSET(PLE!$G$14,$M92,BD$13))))","v":1000000000000},{"$f":"IF($D92<>\"Serviço\",0,IF(OR(AND(AUTOEVENTO=\"Manual\",$M92=1),$M92>(ROW(PLE.lastrow)-ROW(PLE.firstrow))),0,IF(OFFSET(PLE!$G$14,$M92,BE$13)=\"\",10^12,OFFSET(PLE!$G$14,$M92,BE$13))))","v":1000000000000},{"$f":"IF($D92<>\"Serviço\",0,IF(OR(AND(AUTOEVENTO=\"Manual\",$M92=1),$M92>(ROW(PLE.lastrow)-ROW(PLE.firstrow))),0,IF(OFFSET(PLE!$G$14,$M92,BF$13)=\"\",10^12,OFFSET(PLE!$G$14,$M92,BF$13))))","v":1000000000000},{"$f":"IF($D92<>\"Serviço\",0,IF(OR(AND(AUTOEVENTO=\"Manual\",$M92=1),$M92>(ROW(PLE.lastrow)-ROW(PLE.firstrow))),0,IF(OFFSET(PLE!$G$14,$M92,BG$13)=\"\",10^12,OFFSET(PLE!$G$14,$M92,BG$13))))","v":1000000000000}]
[{"$f":"IF(AUTOEVENTO=\"Manual\",IF(K93<>\"\",MIN(VALUE(LEFT(K93,FIND(\".\",K93)-1)),COUNTA(EVENTOS.Lista)),0),IF(OR($B93>AUTOEVENTO,$B93=\"S\",$B93=0),SUBSTITUTE(OFFSET($A93,-1,0),IF($D93=\"Serviço\",\".\",\"\"),\"\"),ROW(A93)-ROW($A$15)&\".\"))","v":"65"},{"$f":"OFFSET(ORÇAMENTO!C$15,ROW(B93)-ROW(B$15),0)","v":"S"},{"$f":"OFFSET(ORÇAMENTO!L$15,ROW(C93)-ROW(C$15),0)","v":""},{"$f":"OFFSET(ORÇAMENTO!N$15,ROW(D93)-ROW(D$15),0)","v":"Serviço"},{"$f":"OFFSET(ORÇAMENTO!O$15,ROW(E93)-ROW(E$15),0)","v":"-"},{"$f":"OFFSET(ORÇAMENTO!R$15,ROW(F93)-ROW(F$15),0)","v":"(Sem Código)"},{"$f":"IF($D93<>\"Serviço\",\"\",OFFSET(ORÇAMENTO!S$15,ROW(G93)-ROW(G$15),0))","v":"-"},{"$f":"IF($D93<>\"Serviço\",0,IF(ACOMPANHAMENTO=\"BM\",ROUND(OFFSET(ORÇAMENTO!AJ$15,ROW(H93)-ROW(H$15),0),15-13*ORÇAMENTO!$AF$7),SUMPRODUCT(($Q$12:$AA$12<>\"\")*ROUND($Q93:$AA93,15-13*ORÇAMENTO!$AF$7))))","v":0},null,null,null,".",{"$f":"IF($D93<>\"Serviço\",\"\",IF(AUTOEVENTO=\"manual\",$A93,IF(ISERROR(MATCH($A93,$A$15:OFFSET($A93,-1,0),0)),MAX($M$15:OFFSET(M93,-1,0))+1,INDEX($M$15:OFFSET(M93,-1,0),MATCH($A93,$A$15:OFFSET($A93,-1,0),0)))))","v":5},{"$f":"IF($D93<>\"Serviço\",\"\",IF(AUTOEVENTO=\"Manual\",IF($A93=0,\"<-- defina o número do agrupador\",OFFSET(EVENTOS!$D$14,$A93,0)),OFFSET($F$15,$A93,0)))","v":"SUPERESTRUTURA"},null,null,null,null,null,null,null,null,null,null,null,null,null,{"$f":"IF(AND($D93=\"Serviço\",AB$12<>0,$H93>0,OR(AUTOEVENTO<>\"manual\",$M93<>1)),\nIF(Import.TipoArredondamento<>\"TransfereGOV\",\nROUND(OFFSET($P93,0,AB$13),15-13*ORÇAMENTO!$AF$7)/$H93*OFFSET(ORÇAMENTO!$X$15,ROW(AB93)-ROW(AB$15),0),\nROUND(ROUND(OFFSET($P93,0,AB$13),15-13*ORÇAMENTO!$AF$7)*OFFSET(ORÇAMENTO!$W$15,ROW(AB93)-ROW(AB$15),0),15-13*ORÇAMENTO!$AF$11)),0)","v":0},{"$f":"IF(AND($D93=\"Serviço\",AC$12<>0,$H93>0,OR(AUTOEVENTO<>\"manual\",$M93<>1)),\nIF(Import.TipoArredondamento<>\"TransfereGOV\",\nROUND(OFFSET($P93,0,AC$13),15-13*ORÇAMENTO!$AF$7)/$H93*OFFSET(ORÇAMENTO!$X$15,ROW(AC93)-ROW(AC$15),0),\nROUND(ROUND(OFFSET($P93,0,AC$13),15-13*ORÇAMENTO!$AF$7)*OFFSET(ORÇAMENTO!$W$15,ROW(AC93)-ROW(AC$15),0),15-13*ORÇAMENTO!$AF$11)),0)","v":0},{"$f":"IF(AND($D93=\"Serviço\",AD$12<>0,$H93>0,OR(AUTOEVENTO<>\"manual\",$M93<>1)),\nIF(Import.TipoArredondamento<>\"TransfereGOV\",\nROUND(OFFSET($P93,0,AD$13),15-13*ORÇAMENTO!$AF$7)/$H93*OFFSET(ORÇAMENTO!$X$15,ROW(AD93)-ROW(AD$15),0),\nROUND(ROUND(OFFSET($P93,0,AD$13),15-13*ORÇAMENTO!$AF$7)*OFFSET(ORÇAMENTO!$W$15,ROW(AD93)-ROW(AD$15),0),15-13*ORÇAMENTO!$AF$11)),0)","v":0},{"$f":"IF(AND($D93=\"Serviço\",AE$12<>0,$H93>0,OR(AUTOEVENTO<>\"manual\",$M93<>1)),\nIF(Import.TipoArredondamento<>\"TransfereGOV\",\nROUND(OFFSET($P93,0,AE$13),15-13*ORÇAMENTO!$AF$7)/$H93*OFFSET(ORÇAMENTO!$X$15,ROW(AE93)-ROW(AE$15),0),\nROUND(ROUND(OFFSET($P93,0,AE$13),15-13*ORÇAMENTO!$AF$7)*OFFSET(ORÇAMENTO!$W$15,ROW(AE93)-ROW(AE$15),0),15-13*ORÇAMENTO!$AF$11)),0)","v":0},{"$f":"IF(AND($D93=\"Serviço\",AF$12<>0,$H93>0,OR(AUTOEVENTO<>\"manual\",$M93<>1)),\nIF(Import.TipoArredondamento<>\"TransfereGOV\",\nROUND(OFFSET($P93,0,AF$13),15-13*ORÇAMENTO!$AF$7)/$H93*OFFSET(ORÇAMENTO!$X$15,ROW(AF93)-ROW(AF$15),0),\nROUND(ROUND(OFFSET($P93,0,AF$13),15-13*ORÇAMENTO!$AF$7)*OFFSET(ORÇAMENTO!$W$15,ROW(AF93)-ROW(AF$15),0),15-13*ORÇAMENTO!$AF$11)),0)","v":0},{"$f":"IF(AND($D93=\"Serviço\",AG$12<>0,$H93>0,OR(AUTOEVENTO<>\"manual\",$M93<>1)),\nIF(Import.TipoArredondamento<>\"TransfereGOV\",\nROUND(OFFSET($P93,0,AG$13),15-13*ORÇAMENTO!$AF$7)/$H93*OFFSET(ORÇAMENTO!$X$15,ROW(AG93)-ROW(AG$15),0),\nROUND(ROUND(OFFSET($P93,0,AG$13),15-13*ORÇAMENTO!$AF$7)*OFFSET(ORÇAMENTO!$W$15,ROW(AG93)-ROW(AG$15),0),15-13*ORÇAMENTO!$AF$11)),0)","v":0},{"$f":"IF(AND($D93=\"Serviço\",AH$12<>0,$H93>0,OR(AUTOEVENTO<>\"manual\",$M93<>1)),\nIF(Import.TipoArredondamento<>\"TransfereGOV\",\nROUND(OFFSET($P93,0,AH$13),15-13*ORÇAMENTO!$AF$7)/$H93*OFFSET(ORÇAMENTO!$X$15,ROW(AH93)-ROW(AH$15),0),\nROUND(ROUND(OFFSET($P93,0,AH$13),15-13*ORÇAMENTO!$AF$7)*OFFSET(ORÇAMENTO!$W$15,ROW(AH93)-ROW(AH$15),0),15-13*ORÇAMENTO!$AF$11)),0)","v":0},{"$f":"IF(AND($D93=\"Serviço\",AI$12<>0,$H93>0,OR(AUTOEVENTO<>\"manual\",$M93<>1)),\nIF(Import.TipoArredondamento<>\"TransfereGOV\",\nROUND(OFFSET($P93,0,AI$13),15-13*ORÇAMENTO!$AF$7)/$H93*OFFSET(ORÇAMENTO!$X$15,ROW(AI93)-ROW(AI$15),0),\nROUND(ROUND(OFFSET($P93,0,AI$13),15-13*ORÇAMENTO!$AF$7)*OFFSET(ORÇAMENTO!$W$15,ROW(AI93)-ROW(AI$15),0),15-13*ORÇAMENTO!$AF$11)),0)","v":0},{"$f":"IF(AND($D93=\"Serviço\",AJ$12<>0,$H93>0,OR(AUTOEVENTO<>\"manual\",$M93<>1)),\nIF(Import.TipoArredondamento<>\"TransfereGOV\",\nROUND(OFFSET($P93,0,AJ$13),15-13*ORÇAMENTO!$AF$7)/$H93*OFFSET(ORÇAMENTO!$X$15,ROW(AJ93)-ROW(AJ$15),0),\nROUND(ROUND(OFFSET($P93,0,AJ$13),15-13*ORÇAMENTO!$AF$7)*OFFSET(ORÇAMENTO!$W$15,ROW(AJ93)-ROW(AJ$15),0),15-13*ORÇAMENTO!$AF$11)),0)","v":0},{"$f":"IF(AND($D93=\"Serviço\",AK$12<>0,$H93>0,OR(AUTOEVENTO<>\"manual\",$M93<>1)),\nIF(Import.TipoArredondamento<>\"TransfereGOV\",\nROUND(OFFSET($P93,0,AK$13),15-13*ORÇAMENTO!$AF$7)/$H93*OFFSET(ORÇAMENTO!$X$15,ROW(AK93)-ROW(AK$15),0),\nROUND(ROUND(OFFSET($P93,0,AK$13),15-13*ORÇAMENTO!$AF$7)*OFFSET(ORÇAMENTO!$W$15,ROW(AK93)-ROW(AK$15),0),15-13*ORÇAMENTO!$AF$11)),0)","v":0},null,{"$f":"IF($D93<>\"Serviço\",0,IF(AND(AUTOEVENTO=\"Manual\",$M93=1),0,IF(OFFSET(CRONOPLE!$F$14,$M93,AM$13)=\"\",10^12,OFFSET(CRONOPLE!$F$14,$M93,AM$13))))","v":1000000000000},{"$f":"IF($D93<>\"Serviço\",0,IF(AND(AUTOEVENTO=\"Manual\",$M93=1),0,IF(OFFSET(CRONOPLE!$F$14,$M93,AN$13)=\"\",10^12,OFFSET(CRONOPLE!$F$14,$M93,AN$13))))","v":1000000000000},{"$f":"IF($D93<>\"Serviço\",0,IF(AND(AUTOEVENTO=\"Manual\",$M93=1),0,IF(OFFSET(CRONOPLE!$F$14,$M93,AO$13)=\"\",10^12,OFFSET(CRONOPLE!$F$14,$M93,AO$13))))","v":1000000000000},{"$f":"IF($D93<>\"Serviço\",0,IF(AND(AUTOEVENTO=\"Manual\",$M93=1),0,IF(OFFSET(CRONOPLE!$F$14,$M93,AP$13)=\"\",10^12,OFFSET(CRONOPLE!$F$14,$M93,AP$13))))","v":1000000000000},{"$f":"IF($D93<>\"Serviço\",0,IF(AND(AUTOEVENTO=\"Manual\",$M93=1),0,IF(OFFSET(CRONOPLE!$F$14,$M93,AQ$13)=\"\",10^12,OFFSET(CRONOPLE!$F$14,$M93,AQ$13))))","v":1000000000000},{"$f":"IF($D93<>\"Serviço\",0,IF(AND(AUTOEVENTO=\"Manual\",$M93=1),0,IF(OFFSET(CRONOPLE!$F$14,$M93,AR$13)=\"\",10^12,OFFSET(CRONOPLE!$F$14,$M93,AR$13))))","v":1000000000000},{"$f":"IF($D93<>\"Serviço\",0,IF(AND(AUTOEVENTO=\"Manual\",$M93=1),0,IF(OFFSET(CRONOPLE!$F$14,$M93,AS$13)=\"\",10^12,OFFSET(CRONOPLE!$F$14,$M93,AS$13))))","v":1000000000000},{"$f":"IF($D93<>\"Serviço\",0,IF(AND(AUTOEVENTO=\"Manual\",$M93=1),0,IF(OFFSET(CRONOPLE!$F$14,$M93,AT$13)=\"\",10^12,OFFSET(CRONOPLE!$F$14,$M93,AT$13))))","v":1000000000000},{"$f":"IF($D93<>\"Serviço\",0,IF(AND(AUTOEVENTO=\"Manual\",$M93=1),0,IF(OFFSET(CRONOPLE!$F$14,$M93,AU$13)=\"\",10^12,OFFSET(CRONOPLE!$F$14,$M93,AU$13))))","v":1000000000000},{"$f":"IF($D93<>\"Serviço\",0,IF(AND(AUTOEVENTO=\"Manual\",$M93=1),0,IF(OFFSET(CRONOPLE!$F$14,$M93,AV$13)=\"\",10^12,OFFSET(CRONOPLE!$F$14,$M93,AV$13))))","v":1000000000000},null,{"$f":"IF($D93<>\"Serviço\",0,IF(OR(AND(AUTOEVENTO=\"Manual\",$M93=1),$M93>(ROW(PLE.lastrow)-ROW(PLE.firstrow))),0,IF(OFFSET(PLE!$G$14,$M93,AX$13)=\"\",10^12,OFFSET(PLE!$G$14,$M93,AX$13))))","v":1000000000000},{"$f":"IF($D93<>\"Serviço\",0,IF(OR(AND(AUTOEVENTO=\"Manual\",$M93=1),$M93>(ROW(PLE.lastrow)-ROW(PLE.firstrow))),0,IF(OFFSET(PLE!$G$14,$M93,AY$13)=\"\",10^12,OFFSET(PLE!$G$14,$M93,AY$13))))","v":1000000000000},{"$f":"IF($D93<>\"Serviço\",0,IF(OR(AND(AUTOEVENTO=\"Manual\",$M93=1),$M93>(ROW(PLE.lastrow)-ROW(PLE.firstrow))),0,IF(OFFSET(PLE!$G$14,$M93,AZ$13)=\"\",10^12,OFFSET(PLE!$G$14,$M93,AZ$13))))","v":1000000000000},{"$f":"IF($D93<>\"Serviço\",0,IF(OR(AND(AUTOEVENTO=\"Manual\",$M93=1),$M93>(ROW(PLE.lastrow)-ROW(PLE.firstrow))),0,IF(OFFSET(PLE!$G$14,$M93,BA$13)=\"\",10^12,OFFSET(PLE!$G$14,$M93,BA$13))))","v":1000000000000},{"$f":"IF($D93<>\"Serviço\",0,IF(OR(AND(AUTOEVENTO=\"Manual\",$M93=1),$M93>(ROW(PLE.lastrow)-ROW(PLE.firstrow))),0,IF(OFFSET(PLE!$G$14,$M93,BB$13)=\"\",10^12,OFFSET(PLE!$G$14,$M93,BB$13))))","v":1000000000000},{"$f":"IF($D93<>\"Serviço\",0,IF(OR(AND(AUTOEVENTO=\"Manual\",$M93=1),$M93>(ROW(PLE.lastrow)-ROW(PLE.firstrow))),0,IF(OFFSET(PLE!$G$14,$M93,BC$13)=\"\",10^12,OFFSET(PLE!$G$14,$M93,BC$13))))","v":1000000000000},{"$f":"IF($D93<>\"Serviço\",0,IF(OR(AND(AUTOEVENTO=\"Manual\",$M93=1),$M93>(ROW(PLE.lastrow)-ROW(PLE.firstrow))),0,IF(OFFSET(PLE!$G$14,$M93,BD$13)=\"\",10^12,OFFSET(PLE!$G$14,$M93,BD$13))))","v":1000000000000},{"$f":"IF($D93<>\"Serviço\",0,IF(OR(AND(AUTOEVENTO=\"Manual\",$M93=1),$M93>(ROW(PLE.lastrow)-ROW(PLE.firstrow))),0,IF(OFFSET(PLE!$G$14,$M93,BE$13)=\"\",10^12,OFFSET(PLE!$G$14,$M93,BE$13))))","v":1000000000000},{"$f":"IF($D93<>\"Serviço\",0,IF(OR(AND(AUTOEVENTO=\"Manual\",$M93=1),$M93>(ROW(PLE.lastrow)-ROW(PLE.firstrow))),0,IF(OFFSET(PLE!$G$14,$M93,BF$13)=\"\",10^12,OFFSET(PLE!$G$14,$M93,BF$13))))","v":1000000000000},{"$f":"IF($D93<>\"Serviço\",0,IF(OR(AND(AUTOEVENTO=\"Manual\",$M93=1),$M93>(ROW(PLE.lastrow)-ROW(PLE.firstrow))),0,IF(OFFSET(PLE!$G$14,$M93,BG$13)=\"\",10^12,OFFSET(PLE!$G$14,$M93,BG$13))))","v":1000000000000}]
[{"$f":"IF(AUTOEVENTO=\"Manual\",IF(K94<>\"\",MIN(VALUE(LEFT(K94,FIND(\".\",K94)-1)),COUNTA(EVENTOS.Lista)),0),IF(OR($B94>AUTOEVENTO,$B94=\"S\",$B94=0),SUBSTITUTE(OFFSET($A94,-1,0),IF($D94=\"Serviço\",\".\",\"\"),\"\"),ROW(A94)-ROW($A$15)&\".\"))","v":"65"},{"$f":"OFFSET(ORÇAMENTO!C$15,ROW(B94)-ROW(B$15),0)","v":"S"},{"$f":"OFFSET(ORÇAMENTO!L$15,ROW(C94)-ROW(C$15),0)","v":""},{"$f":"OFFSET(ORÇAMENTO!N$15,ROW(D94)-ROW(D$15),0)","v":"Serviço"},{"$f":"OFFSET(ORÇAMENTO!O$15,ROW(E94)-ROW(E$15),0)","v":"-"},{"$f":"OFFSET(ORÇAMENTO!R$15,ROW(F94)-ROW(F$15),0)","v":"(Sem Código)"},{"$f":"IF($D94<>\"Serviço\",\"\",OFFSET(ORÇAMENTO!S$15,ROW(G94)-ROW(G$15),0))","v":"-"},{"$f":"IF($D94<>\"Serviço\",0,IF(ACOMPANHAMENTO=\"BM\",ROUND(OFFSET(ORÇAMENTO!AJ$15,ROW(H94)-ROW(H$15),0),15-13*ORÇAMENTO!$AF$7),SUMPRODUCT(($Q$12:$AA$12<>\"\")*ROUND($Q94:$AA94,15-13*ORÇAMENTO!$AF$7))))","v":0},null,null,null,".",{"$f":"IF($D94<>\"Serviço\",\"\",IF(AUTOEVENTO=\"manual\",$A94,IF(ISERROR(MATCH($A94,$A$15:OFFSET($A94,-1,0),0)),MAX($M$15:OFFSET(M94,-1,0))+1,INDEX($M$15:OFFSET(M94,-1,0),MATCH($A94,$A$15:OFFSET($A94,-1,0),0)))))","v":5},{"$f":"IF($D94<>\"Serviço\",\"\",IF(AUTOEVENTO=\"Manual\",IF($A94=0,\"<-- defina o número do agrupador\",OFFSET(EVENTOS!$D$14,$A94,0)),OFFSET($F$15,$A94,0)))","v":"SUPERESTRUTURA"},null,null,null,null,null,null,null,null,null,null,null,null,null,{"$f":"IF(AND($D94=\"Serviço\",AB$12<>0,$H94>0,OR(AUTOEVENTO<>\"manual\",$M94<>1)),\nIF(Import.TipoArredondamento<>\"TransfereGOV\",\nROUND(OFFSET($P94,0,AB$13),15-13*ORÇAMENTO!$AF$7)/$H94*OFFSET(ORÇAMENTO!$X$15,ROW(AB94)-ROW(AB$15),0),\nROUND(ROUND(OFFSET($P94,0,AB$13),15-13*ORÇAMENTO!$AF$7)*OFFSET(ORÇAMENTO!$W$15,ROW(AB94)-ROW(AB$15),0),15-13*ORÇAMENTO!$AF$11)),0)","v":0},{"$f":"IF(AND($D94=\"Serviço\",AC$12<>0,$H94>0,OR(AUTOEVENTO<>\"manual\",$M94<>1)),\nIF(Import.TipoArredondamento<>\"TransfereGOV\",\nROUND(OFFSET($P94,0,AC$13),15-13*ORÇAMENTO!$AF$7)/$H94*OFFSET(ORÇAMENTO!$X$15,ROW(AC94)-ROW(AC$15),0),\nROUND(ROUND(OFFSET($P94,0,AC$13),15-13*ORÇAMENTO!$AF$7)*OFFSET(ORÇAMENTO!$W$15,ROW(AC94)-ROW(AC$15),0),15-13*ORÇAMENTO!$AF$11)),0)","v":0},{"$f":"IF(AND($D94=\"Serviço\",AD$12<>0,$H94>0,OR(AUTOEVENTO<>\"manual\",$M94<>1)),\nIF(Import.TipoArredondamento<>\"TransfereGOV\",\nROUND(OFFSET($P94,0,AD$13),15-13*ORÇAMENTO!$AF$7)/$H94*OFFSET(ORÇAMENTO!$X$15,ROW(AD94)-ROW(AD$15),0),\nROUND(ROUND(OFFSET($P94,0,AD$13),15-13*ORÇAMENTO!$AF$7)*OFFSET(ORÇAMENTO!$W$15,ROW(AD94)-ROW(AD$15),0),15-13*ORÇAMENTO!$AF$11)),0)","v":0},{"$f":"IF(AND($D94=\"Serviço\",AE$12<>0,$H94>0,OR(AUTOEVENTO<>\"manual\",$M94<>1)),\nIF(Import.TipoArredondamento<>\"TransfereGOV\",\nROUND(OFFSET($P94,0,AE$13),15-13*ORÇAMENTO!$AF$7)/$H94*OFFSET(ORÇAMENTO!$X$15,ROW(AE94)-ROW(AE$15),0),\nROUND(ROUND(OFFSET($P94,0,AE$13),15-13*ORÇAMENTO!$AF$7)*OFFSET(ORÇAMENTO!$W$15,ROW(AE94)-ROW(AE$15),0),15-13*ORÇAMENTO!$AF$11)),0)","v":0},{"$f":"IF(AND($D94=\"Serviço\",AF$12<>0,$H94>0,OR(AUTOEVENTO<>\"manual\",$M94<>1)),\nIF(Import.TipoArredondamento<>\"TransfereGOV\",\nROUND(OFFSET($P94,0,AF$13),15-13*ORÇAMENTO!$AF$7)/$H94*OFFSET(ORÇAMENTO!$X$15,ROW(AF94)-ROW(AF$15),0),\nROUND(ROUND(OFFSET($P94,0,AF$13),15-13*ORÇAMENTO!$AF$7)*OFFSET(ORÇAMENTO!$W$15,ROW(AF94)-ROW(AF$15),0),15-13*ORÇAMENTO!$AF$11)),0)","v":0},{"$f":"IF(AND($D94=\"Serviço\",AG$12<>0,$H94>0,OR(AUTOEVENTO<>\"manual\",$M94<>1)),\nIF(Import.TipoArredondamento<>\"TransfereGOV\",\nROUND(OFFSET($P94,0,AG$13),15-13*ORÇAMENTO!$AF$7)/$H94*OFFSET(ORÇAMENTO!$X$15,ROW(AG94)-ROW(AG$15),0),\nROUND(ROUND(OFFSET($P94,0,AG$13),15-13*ORÇAMENTO!$AF$7)*OFFSET(ORÇAMENTO!$W$15,ROW(AG94)-ROW(AG$15),0),15-13*ORÇAMENTO!$AF$11)),0)","v":0},{"$f":"IF(AND($D94=\"Serviço\",AH$12<>0,$H94>0,OR(AUTOEVENTO<>\"manual\",$M94<>1)),\nIF(Import.TipoArredondamento<>\"TransfereGOV\",\nROUND(OFFSET($P94,0,AH$13),15-13*ORÇAMENTO!$AF$7)/$H94*OFFSET(ORÇAMENTO!$X$15,ROW(AH94)-ROW(AH$15),0),\nROUND(ROUND(OFFSET($P94,0,AH$13),15-13*ORÇAMENTO!$AF$7)*OFFSET(ORÇAMENTO!$W$15,ROW(AH94)-ROW(AH$15),0),15-13*ORÇAMENTO!$AF$11)),0)","v":0},{"$f":"IF(AND($D94=\"Serviço\",AI$12<>0,$H94>0,OR(AUTOEVENTO<>\"manual\",$M94<>1)),\nIF(Import.TipoArredondamento<>\"TransfereGOV\",\nROUND(OFFSET($P94,0,AI$13),15-13*ORÇAMENTO!$AF$7)/$H94*OFFSET(ORÇAMENTO!$X$15,ROW(AI94)-ROW(AI$15),0),\nROUND(ROUND(OFFSET($P94,0,AI$13),15-13*ORÇAMENTO!$AF$7)*OFFSET(ORÇAMENTO!$W$15,ROW(AI94)-ROW(AI$15),0),15-13*ORÇAMENTO!$AF$11)),0)","v":0},{"$f":"IF(AND($D94=\"Serviço\",AJ$12<>0,$H94>0,OR(AUTOEVENTO<>\"manual\",$M94<>1)),\nIF(Import.TipoArredondamento<>\"TransfereGOV\",\nROUND(OFFSET($P94,0,AJ$13),15-13*ORÇAMENTO!$AF$7)/$H94*OFFSET(ORÇAMENTO!$X$15,ROW(AJ94)-ROW(AJ$15),0),\nROUND(ROUND(OFFSET($P94,0,AJ$13),15-13*ORÇAMENTO!$AF$7)*OFFSET(ORÇAMENTO!$W$15,ROW(AJ94)-ROW(AJ$15),0),15-13*ORÇAMENTO!$AF$11)),0)","v":0},{"$f":"IF(AND($D94=\"Serviço\",AK$12<>0,$H94>0,OR(AUTOEVENTO<>\"manual\",$M94<>1)),\nIF(Import.TipoArredondamento<>\"TransfereGOV\",\nROUND(OFFSET($P94,0,AK$13),15-13*ORÇAMENTO!$AF$7)/$H94*OFFSET(ORÇAMENTO!$X$15,ROW(AK94)-ROW(AK$15),0),\nROUND(ROUND(OFFSET($P94,0,AK$13),15-13*ORÇAMENTO!$AF$7)*OFFSET(ORÇAMENTO!$W$15,ROW(AK94)-ROW(AK$15),0),15-13*ORÇAMENTO!$AF$11)),0)","v":0},null,{"$f":"IF($D94<>\"Serviço\",0,IF(AND(AUTOEVENTO=\"Manual\",$M94=1),0,IF(OFFSET(CRONOPLE!$F$14,$M94,AM$13)=\"\",10^12,OFFSET(CRONOPLE!$F$14,$M94,AM$13))))","v":1000000000000},{"$f":"IF($D94<>\"Serviço\",0,IF(AND(AUTOEVENTO=\"Manual\",$M94=1),0,IF(OFFSET(CRONOPLE!$F$14,$M94,AN$13)=\"\",10^12,OFFSET(CRONOPLE!$F$14,$M94,AN$13))))","v":1000000000000},{"$f":"IF($D94<>\"Serviço\",0,IF(AND(AUTOEVENTO=\"Manual\",$M94=1),0,IF(OFFSET(CRONOPLE!$F$14,$M94,AO$13)=\"\",10^12,OFFSET(CRONOPLE!$F$14,$M94,AO$13))))","v":1000000000000},{"$f":"IF($D94<>\"Serviço\",0,IF(AND(AUTOEVENTO=\"Manual\",$M94=1),0,IF(OFFSET(CRONOPLE!$F$14,$M94,AP$13)=\"\",10^12,OFFSET(CRONOPLE!$F$14,$M94,AP$13))))","v":1000000000000},{"$f":"IF($D94<>\"Serviço\",0,IF(AND(AUTOEVENTO=\"Manual\",$M94=1),0,IF(OFFSET(CRONOPLE!$F$14,$M94,AQ$13)=\"\",10^12,OFFSET(CRONOPLE!$F$14,$M94,AQ$13))))","v":1000000000000},{"$f":"IF($D94<>\"Serviço\",0,IF(AND(AUTOEVENTO=\"Manual\",$M94=1),0,IF(OFFSET(CRONOPLE!$F$14,$M94,AR$13)=\"\",10^12,OFFSET(CRONOPLE!$F$14,$M94,AR$13))))","v":1000000000000},{"$f":"IF($D94<>\"Serviço\",0,IF(AND(AUTOEVENTO=\"Manual\",$M94=1),0,IF(OFFSET(CRONOPLE!$F$14,$M94,AS$13)=\"\",10^12,OFFSET(CRONOPLE!$F$14,$M94,AS$13))))","v":1000000000000},{"$f":"IF($D94<>\"Serviço\",0,IF(AND(AUTOEVENTO=\"Manual\",$M94=1),0,IF(OFFSET(CRONOPLE!$F$14,$M94,AT$13)=\"\",10^12,OFFSET(CRONOPLE!$F$14,$M94,AT$13))))","v":1000000000000},{"$f":"IF($D94<>\"Serviço\",0,IF(AND(AUTOEVENTO=\"Manual\",$M94=1),0,IF(OFFSET(CRONOPLE!$F$14,$M94,AU$13)=\"\",10^12,OFFSET(CRONOPLE!$F$14,$M94,AU$13))))","v":1000000000000},{"$f":"IF($D94<>\"Serviço\",0,IF(AND(AUTOEVENTO=\"Manual\",$M94=1),0,IF(OFFSET(CRONOPLE!$F$14,$M94,AV$13)=\"\",10^12,OFFSET(CRONOPLE!$F$14,$M94,AV$13))))","v":1000000000000},null,{"$f":"IF($D94<>\"Serviço\",0,IF(OR(AND(AUTOEVENTO=\"Manual\",$M94=1),$M94>(ROW(PLE.lastrow)-ROW(PLE.firstrow))),0,IF(OFFSET(PLE!$G$14,$M94,AX$13)=\"\",10^12,OFFSET(PLE!$G$14,$M94,AX$13))))","v":1000000000000},{"$f":"IF($D94<>\"Serviço\",0,IF(OR(AND(AUTOEVENTO=\"Manual\",$M94=1),$M94>(ROW(PLE.lastrow)-ROW(PLE.firstrow))),0,IF(OFFSET(PLE!$G$14,$M94,AY$13)=\"\",10^12,OFFSET(PLE!$G$14,$M94,AY$13))))","v":1000000000000},{"$f":"IF($D94<>\"Serviço\",0,IF(OR(AND(AUTOEVENTO=\"Manual\",$M94=1),$M94>(ROW(PLE.lastrow)-ROW(PLE.firstrow))),0,IF(OFFSET(PLE!$G$14,$M94,AZ$13)=\"\",10^12,OFFSET(PLE!$G$14,$M94,AZ$13))))","v":1000000000000},{"$f":"IF($D94<>\"Serviço\",0,IF(OR(AND(AUTOEVENTO=\"Manual\",$M94=1),$M94>(ROW(PLE.lastrow)-ROW(PLE.firstrow))),0,IF(OFFSET(PLE!$G$14,$M94,BA$13)=\"\",10^12,OFFSET(PLE!$G$14,$M94,BA$13))))","v":1000000000000},{"$f":"IF($D94<>\"Serviço\",0,IF(OR(AND(AUTOEVENTO=\"Manual\",$M94=1),$M94>(ROW(PLE.lastrow)-ROW(PLE.firstrow))),0,IF(OFFSET(PLE!$G$14,$M94,BB$13)=\"\",10^12,OFFSET(PLE!$G$14,$M94,BB$13))))","v":1000000000000},{"$f":"IF($D94<>\"Serviço\",0,IF(OR(AND(AUTOEVENTO=\"Manual\",$M94=1),$M94>(ROW(PLE.lastrow)-ROW(PLE.firstrow))),0,IF(OFFSET(PLE!$G$14,$M94,BC$13)=\"\",10^12,OFFSET(PLE!$G$14,$M94,BC$13))))","v":1000000000000},{"$f":"IF($D94<>\"Serviço\",0,IF(OR(AND(AUTOEVENTO=\"Manual\",$M94=1),$M94>(ROW(PLE.lastrow)-ROW(PLE.firstrow))),0,IF(OFFSET(PLE!$G$14,$M94,BD$13)=\"\",10^12,OFFSET(PLE!$G$14,$M94,BD$13))))","v":1000000000000},{"$f":"IF($D94<>\"Serviço\",0,IF(OR(AND(AUTOEVENTO=\"Manual\",$M94=1),$M94>(ROW(PLE.lastrow)-ROW(PLE.firstrow))),0,IF(OFFSET(PLE!$G$14,$M94,BE$13)=\"\",10^12,OFFSET(PLE!$G$14,$M94,BE$13))))","v":1000000000000},{"$f":"IF($D94<>\"Serviço\",0,IF(OR(AND(AUTOEVENTO=\"Manual\",$M94=1),$M94>(ROW(PLE.lastrow)-ROW(PLE.firstrow))),0,IF(OFFSET(PLE!$G$14,$M94,BF$13)=\"\",10^12,OFFSET(PLE!$G$14,$M94,BF$13))))","v":1000000000000},{"$f":"IF($D94<>\"Serviço\",0,IF(OR(AND(AUTOEVENTO=\"Manual\",$M94=1),$M94>(ROW(PLE.lastrow)-ROW(PLE.firstrow))),0,IF(OFFSET(PLE!$G$14,$M94,BG$13)=\"\",10^12,OFFSET(PLE!$G$14,$M94,BG$13))))","v":1000000000000}]
["80.",{"$f":"OFFSET(ORÇAMENTO!C$15,ROW(B95)-ROW(B$15),0)","v":2},{"$f":"OFFSET(ORÇAMENTO!L$15,ROW(C95)-ROW(C$15),0)","v":"F"},{"$f":"OFFSET(ORÇAMENTO!N$15,ROW(D95)-ROW(D$15),0)","v":"Nível 2"},{"$f":"OFFSET(ORÇAMENTO!O$15,ROW(E95)-ROW(E$15),0)","v":"1.5."},{"$f":"OFFSET(ORÇAMENTO!R$15,ROW(F95)-ROW(F$15),0)","v":"ALVENARIAS, VEDAÇÕES E DIVISÓRIAS"},{"$f":"IF($D95<>\"Serviço\",\"\",OFFSET(ORÇAMENTO!S$15,ROW(G95)-ROW(G$15),0))","v":""},{"$f":"IF($D95<>\"Serviço\",0,IF(ACOMPANHAMENTO=\"BM\",ROUND(OFFSET(ORÇAMENTO!AJ$15,ROW(H95)-ROW(H$15),0),15-13*ORÇAMENTO!$AF$7),SUMPRODUCT(($Q$12:$AA$12<>\"\")*ROUND($Q95:$AA95,15-13*ORÇAMENTO!$AF$7))))","v":0},null,null,null,".",{"$f":"IF($D95<>\"Serviço\",\"\",IF(AUTOEVENTO=\"manual\",$A95,IF(ISERROR(MATCH($A95,$A$15:OFFSET($A95,-1,0),0)),MAX($M$15:OFFSET(M95,-1,0))+1,INDEX($M$15:OFFSET(M95,-1,0),MATCH($A95,$A$15:OFFSET($A95,-1,0),0)))))","v":""},{"$f":"IF($D95<>\"Serviço\",\"\",IF(AUTOEVENTO=\"Manual\",IF($A95=0,\"<-- defina o número do agrupador\",OFFSET(EVENTOS!$D$14,$A95,0)),OFFSET($F$15,$A95,0)))","v":""},null,null,null,null,null,null,null,null,null,null,null,null,null,{"$f":"IF(AND($D95=\"Serviço\",AB$12<>0,$H95>0,OR(AUTOEVENTO<>\"manual\",$M95<>1)),\nIF(Import.TipoArredondamento<>\"TransfereGOV\",\nROUND(OFFSET($P95,0,AB$13),15-13*ORÇAMENTO!$AF$7)/$H95*OFFSET(ORÇAMENTO!$X$15,ROW(AB95)-ROW(AB$15),0),\nROUND(ROUND(OFFSET($P95,0,AB$13),15-13*ORÇAMENTO!$AF$7)*OFFSET(ORÇAMENTO!$W$15,ROW(AB95)-ROW(AB$15),0),15-13*ORÇAMENTO!$AF$11)),0)","v":0},{"$f":"IF(AND($D95=\"Serviço\",AC$12<>0,$H95>0,OR(AUTOEVENTO<>\"manual\",$M95<>1)),\nIF(Import.TipoArredondamento<>\"TransfereGOV\",\nROUND(OFFSET($P95,0,AC$13),15-13*ORÇAMENTO!$AF$7)/$H95*OFFSET(ORÇAMENTO!$X$15,ROW(AC95)-ROW(AC$15),0),\nROUND(ROUND(OFFSET($P95,0,AC$13),15-13*ORÇAMENTO!$AF$7)*OFFSET(ORÇAMENTO!$W$15,ROW(AC95)-ROW(AC$15),0),15-13*ORÇAMENTO!$AF$11)),0)","v":0},{"$f":"IF(AND($D95=\"Serviço\",AD$12<>0,$H95>0,OR(AUTOEVENTO<>\"manual\",$M95<>1)),\nIF(Import.TipoArredondamento<>\"TransfereGOV\",\nROUND(OFFSET($P95,0,AD$13),15-13*ORÇAMENTO!$AF$7)/$H95*OFFSET(ORÇAMENTO!$X$15,ROW(AD95)-ROW(AD$15),0),\nROUND(ROUND(OFFSET($P95,0,AD$13),15-13*ORÇAMENTO!$AF$7)*OFFSET(ORÇAMENTO!$W$15,ROW(AD95)-ROW(AD$15),0),15-13*ORÇAMENTO!$AF$11)),0)","v":0},{"$f":"IF(AND($D95=\"Serviço\",AE$12<>0,$H95>0,OR(AUTOEVENTO<>\"manual\",$M95<>1)),\nIF(Import.TipoArredondamento<>\"TransfereGOV\",\nROUND(OFFSET($P95,0,AE$13),15-13*ORÇAMENTO!$AF$7)/$H95*OFFSET(ORÇAMENTO!$X$15,ROW(AE95)-ROW(AE$15),0),\nROUND(ROUND(OFFSET($P95,0,AE$13),15-13*ORÇAMENTO!$AF$7)*OFFSET(ORÇAMENTO!$W$15,ROW(AE95)-ROW(AE$15),0),15-13*ORÇAMENTO!$AF$11)),0)","v":0},{"$f":"IF(AND($D95=\"Serviço\",AF$12<>0,$H95>0,OR(AUTOEVENTO<>\"manual\",$M95<>1)),\nIF(Import.TipoArredondamento<>\"TransfereGOV\",\nROUND(OFFSET($P95,0,AF$13),15-13*ORÇAMENTO!$AF$7)/$H95*OFFSET(ORÇAMENTO!$X$15,ROW(AF95)-ROW(AF$15),0),\nROUND(ROUND(OFFSET($P95,0,AF$13),15-13*ORÇAMENTO!$AF$7)*OFFSET(ORÇAMENTO!$W$15,ROW(AF95)-ROW(AF$15),0),15-13*ORÇAMENTO!$AF$11)),0)","v":0},{"$f":"IF(AND($D95=\"Serviço\",AG$12<>0,$H95>0,OR(AUTOEVENTO<>\"manual\",$M95<>1)),\nIF(Import.TipoArredondamento<>\"TransfereGOV\",\nROUND(OFFSET($P95,0,AG$13),15-13*ORÇAMENTO!$AF$7)/$H95*OFFSET(ORÇAMENTO!$X$15,ROW(AG95)-ROW(AG$15),0),\nROUND(ROUND(OFFSET($P95,0,AG$13),15-13*ORÇAMENTO!$AF$7)*OFFSET(ORÇAMENTO!$W$15,ROW(AG95)-ROW(AG$15),0),15-13*ORÇAMENTO!$AF$11)),0)","v":0},{"$f":"IF(AND($D95=\"Serviço\",AH$12<>0,$H95>0,OR(AUTOEVENTO<>\"manual\",$M95<>1)),\nIF(Import.TipoArredondamento<>\"TransfereGOV\",\nROUND(OFFSET($P95,0,AH$13),15-13*ORÇAMENTO!$AF$7)/$H95*OFFSET(ORÇAMENTO!$X$15,ROW(AH95)-ROW(AH$15),0),\nROUND(ROUND(OFFSET($P95,0,AH$13),15-13*ORÇAMENTO!$AF$7)*OFFSET(ORÇAMENTO!$W$15,ROW(AH95)-ROW(AH$15),0),15-13*ORÇAMENTO!$AF$11)),0)","v":0},{"$f":"IF(AND($D95=\"Serviço\",AI$12<>0,$H95>0,OR(AUTOEVENTO<>\"manual\",$M95<>1)),\nIF(Import.TipoArredondamento<>\"TransfereGOV\",\nROUND(OFFSET($P95,0,AI$13),15-13*ORÇAMENTO!$AF$7)/$H95*OFFSET(ORÇAMENTO!$X$15,ROW(AI95)-ROW(AI$15),0),\nROUND(ROUND(OFFSET($P95,0,AI$13),15-13*ORÇAMENTO!$AF$7)*OFFSET(ORÇAMENTO!$W$15,ROW(AI95)-ROW(AI$15),0),15-13*ORÇAMENTO!$AF$11)),0)","v":0},{"$f":"IF(AND($D95=\"Serviço\",AJ$12<>0,$H95>0,OR(AUTOEVENTO<>\"manual\",$M95<>1)),\nIF(Import.TipoArredondamento<>\"TransfereGOV\",\nROUND(OFFSET($P95,0,AJ$13),15-13*ORÇAMENTO!$AF$7)/$H95*OFFSET(ORÇAMENTO!$X$15,ROW(AJ95)-ROW(AJ$15),0),\nROUND(ROUND(OFFSET($P95,0,AJ$13),15-13*ORÇAMENTO!$AF$7)*OFFSET(ORÇAMENTO!$W$15,ROW(AJ95)-ROW(AJ$15),0),15-13*ORÇAMENTO!$AF$11)),0)","v":0},{"$f":"IF(AND($D95=\"Serviço\",AK$12<>0,$H95>0,OR(AUTOEVENTO<>\"manual\",$M95<>1)),\nIF(Import.TipoArredondamento<>\"TransfereGOV\",\nROUND(OFFSET($P95,0,AK$13),15-13*ORÇAMENTO!$AF$7)/$H95*OFFSET(ORÇAMENTO!$X$15,ROW(AK95)-ROW(AK$15),0),\nROUND(ROUND(OFFSET($P95,0,AK$13),15-13*ORÇAMENTO!$AF$7)*OFFSET(ORÇAMENTO!$W$15,ROW(AK95)-ROW(AK$15),0),15-13*ORÇAMENTO!$AF$11)),0)","v":0},null,{"$f":"IF($D95<>\"Serviço\",0,IF(AND(AUTOEVENTO=\"Manual\",$M95=1),0,IF(OFFSET(CRONOPLE!$F$14,$M95,AM$13)=\"\",10^12,OFFSET(CRONOPLE!$F$14,$M95,AM$13))))","v":0},{"$f":"IF($D95<>\"Serviço\",0,IF(AND(AUTOEVENTO=\"Manual\",$M95=1),0,IF(OFFSET(CRONOPLE!$F$14,$M95,AN$13)=\"\",10^12,OFFSET(CRONOPLE!$F$14,$M95,AN$13))))","v":0},{"$f":"IF($D95<>\"Serviço\",0,IF(AND(AUTOEVENTO=\"Manual\",$M95=1),0,IF(OFFSET(CRONOPLE!$F$14,$M95,AO$13)=\"\",10^12,OFFSET(CRONOPLE!$F$14,$M95,AO$13))))","v":0},{"$f":"IF($D95<>\"Serviço\",0,IF(AND(AUTOEVENTO=\"Manual\",$M95=1),0,IF(OFFSET(CRONOPLE!$F$14,$M95,AP$13)=\"\",10^12,OFFSET(CRONOPLE!$F$14,$M95,AP$13))))","v":0},{"$f":"IF($D95<>\"Serviço\",0,IF(AND(AUTOEVENTO=\"Manual\",$M95=1),0,IF(OFFSET(CRONOPLE!$F$14,$M95,AQ$13)=\"\",10^12,OFFSET(CRONOPLE!$F$14,$M95,AQ$13))))","v":0},{"$f":"IF($D95<>\"Serviço\",0,IF(AND(AUTOEVENTO=\"Manual\",$M95=1),0,IF(OFFSET(CRONOPLE!$F$14,$M95,AR$13)=\"\",10^12,OFFSET(CRONOPLE!$F$14,$M95,AR$13))))","v":0},{"$f":"IF($D95<>\"Serviço\",0,IF(AND(AUTOEVENTO=\"Manual\",$M95=1),0,IF(OFFSET(CRONOPLE!$F$14,$M95,AS$13)=\"\",10^12,OFFSET(CRONOPLE!$F$14,$M95,AS$13))))","v":0},{"$f":"IF($D95<>\"Serviço\",0,IF(AND(AUTOEVENTO=\"Manual\",$M95=1),0,IF(OFFSET(CRONOPLE!$F$14,$M95,AT$13)=\"\",10^12,OFFSET(CRONOPLE!$F$14,$M95,AT$13))))","v":0},{"$f":"IF($D95<>\"Serviço\",0,IF(AND(AUTOEVENTO=\"Manual\",$M95=1),0,IF(OFFSET(CRONOPLE!$F$14,$M95,AU$13)=\"\",10^12,OFFSET(CRONOPLE!$F$14,$M95,AU$13))))","v":0},{"$f":"IF($D95<>\"Serviço\",0,IF(AND(AUTOEVENTO=\"Manual\",$M95=1),0,IF(OFFSET(CRONOPLE!$F$14,$M95,AV$13)=\"\",10^12,OFFSET(CRONOPLE!$F$14,$M95,AV$13))))","v":0},null,{"$f":"IF($D95<>\"Serviço\",0,IF(OR(AND(AUTOEVENTO=\"Manual\",$M95=1),$M95>(ROW(PLE.lastrow)-ROW(PLE.firstrow))),0,IF(OFFSET(PLE!$G$14,$M95,AX$13)=\"\",10^12,OFFSET(PLE!$G$14,$M95,AX$13))))","v":0},{"$f":"IF($D95<>\"Serviço\",0,IF(OR(AND(AUTOEVENTO=\"Manual\",$M95=1),$M95>(ROW(PLE.lastrow)-ROW(PLE.firstrow))),0,IF(OFFSET(PLE!$G$14,$M95,AY$13)=\"\",10^12,OFFSET(PLE!$G$14,$M95,AY$13))))","v":0},{"$f":"IF($D95<>\"Serviço\",0,IF(OR(AND(AUTOEVENTO=\"Manual\",$M95=1),$M95>(ROW(PLE.lastrow)-ROW(PLE.firstrow))),0,IF(OFFSET(PLE!$G$14,$M95,AZ$13)=\"\",10^12,OFFSET(PLE!$G$14,$M95,AZ$13))))","v":0},{"$f":"IF($D95<>\"Serviço\",0,IF(OR(AND(AUTOEVENTO=\"Manual\",$M95=1),$M95>(ROW(PLE.lastrow)-ROW(PLE.firstrow))),0,IF(OFFSET(PLE!$G$14,$M95,BA$13)=\"\",10^12,OFFSET(PLE!$G$14,$M95,BA$13))))","v":0},{"$f":"IF($D95<>\"Serviço\",0,IF(OR(AND(AUTOEVENTO=\"Manual\",$M95=1),$M95>(ROW(PLE.lastrow)-ROW(PLE.firstrow))),0,IF(OFFSET(PLE!$G$14,$M95,BB$13)=\"\",10^12,OFFSET(PLE!$G$14,$M95,BB$13))))","v":0},{"$f":"IF($D95<>\"Serviço\",0,IF(OR(AND(AUTOEVENTO=\"Manual\",$M95=1),$M95>(ROW(PLE.lastrow)-ROW(PLE.firstrow))),0,IF(OFFSET(PLE!$G$14,$M95,BC$13)=\"\",10^12,OFFSET(PLE!$G$14,$M95,BC$13))))","v":0},{"$f":"IF($D95<>\"Serviço\",0,IF(OR(AND(AUTOEVENTO=\"Manual\",$M95=1),$M95>(ROW(PLE.lastrow)-ROW(PLE.firstrow))),0,IF(OFFSET(PLE!$G$14,$M95,BD$13)=\"\",10^12,OFFSET(PLE!$G$14,$M95,BD$13))))","v":0},{"$f":"IF($D95<>\"Serviço\",0,IF(OR(AND(AUTOEVENTO=\"Manual\",$M95=1),$M95>(ROW(PLE.lastrow)-ROW(PLE.firstrow))),0,IF(OFFSET(PLE!$G$14,$M95,BE$13)=\"\",10^12,OFFSET(PLE!$G$14,$M95,BE$13))))","v":0},{"$f":"IF($D95<>\"Serviço\",0,IF(OR(AND(AUTOEVENTO=\"Manual\",$M95=1),$M95>(ROW(PLE.lastrow)-ROW(PLE.firstrow))),0,IF(OFFSET(PLE!$G$14,$M95,BF$13)=\"\",10^12,OFFSET(PLE!$G$14,$M95,BF$13))))","v":0},{"$f":"IF($D95<>\"Serviço\",0,IF(OR(AND(AUTOEVENTO=\"Manual\",$M95=1),$M95>(ROW(PLE.lastrow)-ROW(PLE.firstrow))),0,IF(OFFSET(PLE!$G$14,$M95,BG$13)=\"\",10^12,OFFSET(PLE!$G$14,$M95,BG$13))))","v":0}]
["80",{"$f":"OFFSET(ORÇAMENTO!C$15,ROW(B96)-ROW(B$15),0)","v":"S"},{"$f":"OFFSET(ORÇAMENTO!L$15,ROW(C96)-ROW(C$15),0)","v":"F"},{"$f":"OFFSET(ORÇAMENTO!N$15,ROW(D96)-ROW(D$15),0)","v":"Serviço"},{"$f":"OFFSET(ORÇAMENTO!O$15,ROW(E96)-ROW(E$15),0)","v":"1.5.0.1."},{"$f":"OFFSET(ORÇAMENTO!R$15,ROW(F96)-ROW(F$15),0)","v":"ALVENARIA DE VEDAÇÃO DE BLOCOS CERÂMICOS FURADOS NA HORIZONTAL DE 11,5X19X19 CM (ESPESSURA 11,5 CM) E ARGAMASSA DE ASSENTAMENTO COM PREPARO EM BETONEIRA. AF_12/2021"},{"$f":"IF($D96<>\"Serviço\",\"\",OFFSET(ORÇAMENTO!S$15,ROW(G96)-ROW(G$15),0))","v":"M2"},{"$f":"IF($D96<>\"Serviço\",0,IF(ACOMPANHAMENTO=\"BM\",ROUND(OFFSET(ORÇAMENTO!AJ$15,ROW(H96)-ROW(H$15),0),15-13*ORÇAMENTO!$AF$7),SUMPRODUCT(($Q$12:$AA$12<>\"\")*ROUND($Q96:$AA96,15-13*ORÇAMENTO!$AF$7))))","v":272.16000000000003},null,null,null,".",{"$f":"IF($D96<>\"Serviço\",\"\",IF(AUTOEVENTO=\"manual\",$A96,IF(ISERROR(MATCH($A96,$A$15:OFFSET($A96,-1,0),0)),MAX($M$15:OFFSET(M96,-1,0))+1,INDEX($M$15:OFFSET(M96,-1,0),MATCH($A96,$A$15:OFFSET($A96,-1,0),0)))))","v":6},{"$f":"IF($D96<>\"Serviço\",\"\",IF(AUTOEVENTO=\"Manual\",IF($A96=0,\"<-- defina o número do agrupador\",OFFSET(EVENTOS!$D$14,$A96,0)),OFFSET($F$15,$A96,0)))","v":"ALVENARIAS, VEDAÇÕES E DIVISÓRIAS"},null,null,null,null,null,null,null,null,null,null,null,null,null,{"$f":"IF(AND($D96=\"Serviço\",AB$12<>0,$H96>0,OR(AUTOEVENTO<>\"manual\",$M96<>1)),\nIF(Import.TipoArredondamento<>\"TransfereGOV\",\nROUND(OFFSET($P96,0,AB$13),15-13*ORÇAMENTO!$AF$7)/$H96*OFFSET(ORÇAMENTO!$X$15,ROW(AB96)-ROW(AB$15),0),\nROUND(ROUND(OFFSET($P96,0,AB$13),15-13*ORÇAMENTO!$AF$7)*OFFSET(ORÇAMENTO!$W$15,ROW(AB96)-ROW(AB$15),0),15-13*ORÇAMENTO!$AF$11)),0)","v":0},{"$f":"IF(AND($D96=\"Serviço\",AC$12<>0,$H96>0,OR(AUTOEVENTO<>\"manual\",$M96<>1)),\nIF(Import.TipoArredondamento<>\"TransfereGOV\",\nROUND(OFFSET($P96,0,AC$13),15-13*ORÇAMENTO!$AF$7)/$H96*OFFSET(ORÇAMENTO!$X$15,ROW(AC96)-ROW(AC$15),0),\nROUND(ROUND(OFFSET($P96,0,AC$13),15-13*ORÇAMENTO!$AF$7)*OFFSET(ORÇAMENTO!$W$15,ROW(AC96)-ROW(AC$15),0),15-13*ORÇAMENTO!$AF$11)),0)","v":0},{"$f":"IF(AND($D96=\"Serviço\",AD$12<>0,$H96>0,OR(AUTOEVENTO<>\"manual\",$M96<>1)),\nIF(Import.TipoArredondamento<>\"TransfereGOV\",\nROUND(OFFSET($P96,0,AD$13),15-13*ORÇAMENTO!$AF$7)/$H96*OFFSET(ORÇAMENTO!$X$15,ROW(AD96)-ROW(AD$15),0),\nROUND(ROUND(OFFSET($P96,0,AD$13),15-13*ORÇAMENTO!$AF$7)*OFFSET(ORÇAMENTO!$W$15,ROW(AD96)-ROW(AD$15),0),15-13*ORÇAMENTO!$AF$11)),0)","v":0},{"$f":"IF(AND($D96=\"Serviço\",AE$12<>0,$H96>0,OR(AUTOEVENTO<>\"manual\",$M96<>1)),\nIF(Import.TipoArredondamento<>\"TransfereGOV\",\nROUND(OFFSET($P96,0,AE$13),15-13*ORÇAMENTO!$AF$7)/$H96*OFFSET(ORÇAMENTO!$X$15,ROW(AE96)-ROW(AE$15),0),\nROUND(ROUND(OFFSET($P96,0,AE$13),15-13*ORÇAMENTO!$AF$7)*OFFSET(ORÇAMENTO!$W$15,ROW(AE96)-ROW(AE$15),0),15-13*ORÇAMENTO!$AF$11)),0)","v":0},{"$f":"IF(AND($D96=\"Serviço\",AF$12<>0,$H96>0,OR(AUTOEVENTO<>\"manual\",$M96<>1)),\nIF(Import.TipoArredondamento<>\"TransfereGOV\",\nROUND(OFFSET($P96,0,AF$13),15-13*ORÇAMENTO!$AF$7)/$H96*OFFSET(ORÇAMENTO!$X$15,ROW(AF96)-ROW(AF$15),0),\nROUND(ROUND(OFFSET($P96,0,AF$13),15-13*ORÇAMENTO!$AF$7)*OFFSET(ORÇAMENTO!$W$15,ROW(AF96)-ROW(AF$15),0),15-13*ORÇAMENTO!$AF$11)),0)","v":0},{"$f":"IF(AND($D96=\"Serviço\",AG$12<>0,$H96>0,OR(AUTOEVENTO<>\"manual\",$M96<>1)),\nIF(Import.TipoArredondamento<>\"TransfereGOV\",\nROUND(OFFSET($P96,0,AG$13),15-13*ORÇAMENTO!$AF$7)/$H96*OFFSET(ORÇAMENTO!$X$15,ROW(AG96)-ROW(AG$15),0),\nROUND(ROUND(OFFSET($P96,0,AG$13),15-13*ORÇAMENTO!$AF$7)*OFFSET(ORÇAMENTO!$W$15,ROW(AG96)-ROW(AG$15),0),15-13*ORÇAMENTO!$AF$11)),0)","v":0},{"$f":"IF(AND($D96=\"Serviço\",AH$12<>0,$H96>0,OR(AUTOEVENTO<>\"manual\",$M96<>1)),\nIF(Import.TipoArredondamento<>\"TransfereGOV\",\nROUND(OFFSET($P96,0,AH$13),15-13*ORÇAMENTO!$AF$7)/$H96*OFFSET(ORÇAMENTO!$X$15,ROW(AH96)-ROW(AH$15),0),\nROUND(ROUND(OFFSET($P96,0,AH$13),15-13*ORÇAMENTO!$AF$7)*OFFSET(ORÇAMENTO!$W$15,ROW(AH96)-ROW(AH$15),0),15-13*ORÇAMENTO!$AF$11)),0)","v":0},{"$f":"IF(AND($D96=\"Serviço\",AI$12<>0,$H96>0,OR(AUTOEVENTO<>\"manual\",$M96<>1)),\nIF(Import.TipoArredondamento<>\"TransfereGOV\",\nROUND(OFFSET($P96,0,AI$13),15-13*ORÇAMENTO!$AF$7)/$H96*OFFSET(ORÇAMENTO!$X$15,ROW(AI96)-ROW(AI$15),0),\nROUND(ROUND(OFFSET($P96,0,AI$13),15-13*ORÇAMENTO!$AF$7)*OFFSET(ORÇAMENTO!$W$15,ROW(AI96)-ROW(AI$15),0),15-13*ORÇAMENTO!$AF$11)),0)","v":0},{"$f":"IF(AND($D96=\"Serviço\",AJ$12<>0,$H96>0,OR(AUTOEVENTO<>\"manual\",$M96<>1)),\nIF(Import.TipoArredondamento<>\"TransfereGOV\",\nROUND(OFFSET($P96,0,AJ$13),15-13*ORÇAMENTO!$AF$7)/$H96*OFFSET(ORÇAMENTO!$X$15,ROW(AJ96)-ROW(AJ$15),0),\nROUND(ROUND(OFFSET($P96,0,AJ$13),15-13*ORÇAMENTO!$AF$7)*OFFSET(ORÇAMENTO!$W$15,ROW(AJ96)-ROW(AJ$15),0),15-13*ORÇAMENTO!$AF$11)),0)","v":0},{"$f":"IF(AND($D96=\"Serviço\",AK$12<>0,$H96>0,OR(AUTOEVENTO<>\"manual\",$M96<>1)),\nIF(Import.TipoArredondamento<>\"TransfereGOV\",\nROUND(OFFSET($P96,0,AK$13),15-13*ORÇAMENTO!$AF$7)/$H96*OFFSET(ORÇAMENTO!$X$15,ROW(AK96)-ROW(AK$15),0),\nROUND(ROUND(OFFSET($P96,0,AK$13),15-13*ORÇAMENTO!$AF$7)*OFFSET(ORÇAMENTO!$W$15,ROW(AK96)-ROW(AK$15),0),15-13*ORÇAMENTO!$AF$11)),0)","v":0},null,{"$f":"IF($D96<>\"Serviço\",0,IF(AND(AUTOEVENTO=\"Manual\",$M96=1),0,IF(OFFSET(CRONOPLE!$F$14,$M96,AM$13)=\"\",10^12,OFFSET(CRONOPLE!$F$14,$M96,AM$13))))","v":1000000000000},{"$f":"IF($D96<>\"Serviço\",0,IF(AND(AUTOEVENTO=\"Manual\",$M96=1),0,IF(OFFSET(CRONOPLE!$F$14,$M96,AN$13)=\"\",10^12,OFFSET(CRONOPLE!$F$14,$M96,AN$13))))","v":1000000000000},{"$f":"IF($D96<>\"Serviço\",0,IF(AND(AUTOEVENTO=\"Manual\",$M96=1),0,IF(OFFSET(CRONOPLE!$F$14,$M96,AO$13)=\"\",10^12,OFFSET(CRONOPLE!$F$14,$M96,AO$13))))","v":1000000000000},{"$f":"IF($D96<>\"Serviço\",0,IF(AND(AUTOEVENTO=\"Manual\",$M96=1),0,IF(OFFSET(CRONOPLE!$F$14,$M96,AP$13)=\"\",10^12,OFFSET(CRONOPLE!$F$14,$M96,AP$13))))","v":1000000000000},{"$f":"IF($D96<>\"Serviço\",0,IF(AND(AUTOEVENTO=\"Manual\",$M96=1),0,IF(OFFSET(CRONOPLE!$F$14,$M96,AQ$13)=\"\",10^12,OFFSET(CRONOPLE!$F$14,$M96,AQ$13))))","v":1000000000000},{"$f":"IF($D96<>\"Serviço\",0,IF(AND(AUTOEVENTO=\"Manual\",$M96=1),0,IF(OFFSET(CRONOPLE!$F$14,$M96,AR$13)=\"\",10^12,OFFSET(CRONOPLE!$F$14,$M96,AR$13))))","v":1000000000000},{"$f":"IF($D96<>\"Serviço\",0,IF(AND(AUTOEVENTO=\"Manual\",$M96=1),0,IF(OFFSET(CRONOPLE!$F$14,$M96,AS$13)=\"\",10^12,OFFSET(CRONOPLE!$F$14,$M96,AS$13))))","v":1000000000000},{"$f":"IF($D96<>\"Serviço\",0,IF(AND(AUTOEVENTO=\"Manual\",$M96=1),0,IF(OFFSET(CRONOPLE!$F$14,$M96,AT$13)=\"\",10^12,OFFSET(CRONOPLE!$F$14,$M96,AT$13))))","v":1000000000000},{"$f":"IF($D96<>\"Serviço\",0,IF(AND(AUTOEVENTO=\"Manual\",$M96=1),0,IF(OFFSET(CRONOPLE!$F$14,$M96,AU$13)=\"\",10^12,OFFSET(CRONOPLE!$F$14,$M96,AU$13))))","v":1000000000000},{"$f":"IF($D96<>\"Serviço\",0,IF(AND(AUTOEVENTO=\"Manual\",$M96=1),0,IF(OFFSET(CRONOPLE!$F$14,$M96,AV$13)=\"\",10^12,OFFSET(CRONOPLE!$F$14,$M96,AV$13))))","v":1000000000000},null,{"$f":"IF($D96<>\"Serviço\",0,IF(OR(AND(AUTOEVENTO=\"Manual\",$M96=1),$M96>(ROW(PLE.lastrow)-ROW(PLE.firstrow))),0,IF(OFFSET(PLE!$G$14,$M96,AX$13)=\"\",10^12,OFFSET(PLE!$G$14,$M96,AX$13))))","v":1000000000000},{"$f":"IF($D96<>\"Serviço\",0,IF(OR(AND(AUTOEVENTO=\"Manual\",$M96=1),$M96>(ROW(PLE.lastrow)-ROW(PLE.firstrow))),0,IF(OFFSET(PLE!$G$14,$M96,AY$13)=\"\",10^12,OFFSET(PLE!$G$14,$M96,AY$13))))","v":1000000000000},{"$f":"IF($D96<>\"Serviço\",0,IF(OR(AND(AUTOEVENTO=\"Manual\",$M96=1),$M96>(ROW(PLE.lastrow)-ROW(PLE.firstrow))),0,IF(OFFSET(PLE!$G$14,$M96,AZ$13)=\"\",10^12,OFFSET(PLE!$G$14,$M96,AZ$13))))","v":1000000000000},{"$f":"IF($D96<>\"Serviço\",0,IF(OR(AND(AUTOEVENTO=\"Manual\",$M96=1),$M96>(ROW(PLE.lastrow)-ROW(PLE.firstrow))),0,IF(OFFSET(PLE!$G$14,$M96,BA$13)=\"\",10^12,OFFSET(PLE!$G$14,$M96,BA$13))))","v":1000000000000},{"$f":"IF($D96<>\"Serviço\",0,IF(OR(AND(AUTOEVENTO=\"Manual\",$M96=1),$M96>(ROW(PLE.lastrow)-ROW(PLE.firstrow))),0,IF(OFFSET(PLE!$G$14,$M96,BB$13)=\"\",10^12,OFFSET(PLE!$G$14,$M96,BB$13))))","v":1000000000000},{"$f":"IF($D96<>\"Serviço\",0,IF(OR(AND(AUTOEVENTO=\"Manual\",$M96=1),$M96>(ROW(PLE.lastrow)-ROW(PLE.firstrow))),0,IF(OFFSET(PLE!$G$14,$M96,BC$13)=\"\",10^12,OFFSET(PLE!$G$14,$M96,BC$13))))","v":1000000000000},{"$f":"IF($D96<>\"Serviço\",0,IF(OR(AND(AUTOEVENTO=\"Manual\",$M96=1),$M96>(ROW(PLE.lastrow)-ROW(PLE.firstrow))),0,IF(OFFSET(PLE!$G$14,$M96,BD$13)=\"\",10^12,OFFSET(PLE!$G$14,$M96,BD$13))))","v":1000000000000},{"$f":"IF($D96<>\"Serviço\",0,IF(OR(AND(AUTOEVENTO=\"Manual\",$M96=1),$M96>(ROW(PLE.lastrow)-ROW(PLE.firstrow))),0,IF(OFFSET(PLE!$G$14,$M96,BE$13)=\"\",10^12,OFFSET(PLE!$G$14,$M96,BE$13))))","v":1000000000000},{"$f":"IF($D96<>\"Serviço\",0,IF(OR(AND(AUTOEVENTO=\"Manual\",$M96=1),$M96>(ROW(PLE.lastrow)-ROW(PLE.firstrow))),0,IF(OFFSET(PLE!$G$14,$M96,BF$13)=\"\",10^12,OFFSET(PLE!$G$14,$M96,BF$13))))","v":1000000000000},{"$f":"IF($D96<>\"Serviço\",0,IF(OR(AND(AUTOEVENTO=\"Manual\",$M96=1),$M96>(ROW(PLE.lastrow)-ROW(PLE.firstrow))),0,IF(OFFSET(PLE!$G$14,$M96,BG$13)=\"\",10^12,OFFSET(PLE!$G$14,$M96,BG$13))))","v":1000000000000}]
["80",{"$f":"OFFSET(ORÇAMENTO!C$15,ROW(B97)-ROW(B$15),0)","v":"S"},{"$f":"OFFSET(ORÇAMENTO!L$15,ROW(C97)-ROW(C$15),0)","v":"F"},{"$f":"OFFSET(ORÇAMENTO!N$15,ROW(D97)-ROW(D$15),0)","v":"Serviço"},{"$f":"OFFSET(ORÇAMENTO!O$15,ROW(E97)-ROW(E$15),0)","v":"1.5.0.2."},{"$f":"OFFSET(ORÇAMENTO!R$15,ROW(F97)-ROW(F$15),0)","v":"IMPERMEABILIZAÇÃO DE SUPERFÍCIE COM ARGAMASSA POLIMÉRICA / MEMBRANA ACRÍLICA, 3 DEMÃOS. AF_09/2023"},{"$f":"IF($D97<>\"Serviço\",\"\",OFFSET(ORÇAMENTO!S$15,ROW(G97)-ROW(G$15),0))","v":"M2"},{"$f":"IF($D97<>\"Serviço\",0,IF(ACOMPANHAMENTO=\"BM\",ROUND(OFFSET(ORÇAMENTO!AJ$15,ROW(H97)-ROW(H$15),0),15-13*ORÇAMENTO!$AF$7),SUMPRODUCT(($Q$12:$AA$12<>\"\")*ROUND($Q97:$AA97,15-13*ORÇAMENTO!$AF$7))))","v":144.05000000000001},null,null,null,".",{"$f":"IF($D97<>\"Serviço\",\"\",IF(AUTOEVENTO=\"manual\",$A97,IF(ISERROR(MATCH($A97,$A$15:OFFSET($A97,-1,0),0)),MAX($M$15:OFFSET(M97,-1,0))+1,INDEX($M$15:OFFSET(M97,-1,0),MATCH($A97,$A$15:OFFSET($A97,-1,0),0)))))","v":6},{"$f":"IF($D97<>\"Serviço\",\"\",IF(AUTOEVENTO=\"Manual\",IF($A97=0,\"<-- defina o número do agrupador\",OFFSET(EVENTOS!$D$14,$A97,0)),OFFSET($F$15,$A97,0)))","v":"ALVENARIAS, VEDAÇÕES E DIVISÓRIAS"},null,null,null,null,null,null,null,null,null,null,null,null,null,{"$f":"IF(AND($D97=\"Serviço\",AB$12<>0,$H97>0,OR(AUTOEVENTO<>\"manual\",$M97<>1)),\nIF(Import.TipoArredondamento<>\"TransfereGOV\",\nROUND(OFFSET($P97,0,AB$13),15-13*ORÇAMENTO!$AF$7)/$H97*OFFSET(ORÇAMENTO!$X$15,ROW(AB97)-ROW(AB$15),0),\nROUND(ROUND(OFFSET($P97,0,AB$13),15-13*ORÇAMENTO!$AF$7)*OFFSET(ORÇAMENTO!$W$15,ROW(AB97)-ROW(AB$15),0),15-13*ORÇAMENTO!$AF$11)),0)","v":0},{"$f":"IF(AND($D97=\"Serviço\",AC$12<>0,$H97>0,OR(AUTOEVENTO<>\"manual\",$M97<>1)),\nIF(Import.TipoArredondamento<>\"TransfereGOV\",\nROUND(OFFSET($P97,0,AC$13),15-13*ORÇAMENTO!$AF$7)/$H97*OFFSET(ORÇAMENTO!$X$15,ROW(AC97)-ROW(AC$15),0),\nROUND(ROUND(OFFSET($P97,0,AC$13),15-13*ORÇAMENTO!$AF$7)*OFFSET(ORÇAMENTO!$W$15,ROW(AC97)-ROW(AC$15),0),15-13*ORÇAMENTO!$AF$11)),0)","v":0},{"$f":"IF(AND($D97=\"Serviço\",AD$12<>0,$H97>0,OR(AUTOEVENTO<>\"manual\",$M97<>1)),\nIF(Import.TipoArredondamento<>\"TransfereGOV\",\nROUND(OFFSET($P97,0,AD$13),15-13*ORÇAMENTO!$AF$7)/$H97*OFFSET(ORÇAMENTO!$X$15,ROW(AD97)-ROW(AD$15),0),\nROUND(ROUND(OFFSET($P97,0,AD$13),15-13*ORÇAMENTO!$AF$7)*OFFSET(ORÇAMENTO!$W$15,ROW(AD97)-ROW(AD$15),0),15-13*ORÇAMENTO!$AF$11)),0)","v":0},{"$f":"IF(AND($D97=\"Serviço\",AE$12<>0,$H97>0,OR(AUTOEVENTO<>\"manual\",$M97<>1)),\nIF(Import.TipoArredondamento<>\"TransfereGOV\",\nROUND(OFFSET($P97,0,AE$13),15-13*ORÇAMENTO!$AF$7)/$H97*OFFSET(ORÇAMENTO!$X$15,ROW(AE97)-ROW(AE$15),0),\nROUND(ROUND(OFFSET($P97,0,AE$13),15-13*ORÇAMENTO!$AF$7)*OFFSET(ORÇAMENTO!$W$15,ROW(AE97)-ROW(AE$15),0),15-13*ORÇAMENTO!$AF$11)),0)","v":0},{"$f":"IF(AND($D97=\"Serviço\",AF$12<>0,$H97>0,OR(AUTOEVENTO<>\"manual\",$M97<>1)),\nIF(Import.TipoArredondamento<>\"TransfereGOV\",\nROUND(OFFSET($P97,0,AF$13),15-13*ORÇAMENTO!$AF$7)/$H97*OFFSET(ORÇAMENTO!$X$15,ROW(AF97)-ROW(AF$15),0),\nROUND(ROUND(OFFSET($P97,0,AF$13),15-13*ORÇAMENTO!$AF$7)*OFFSET(ORÇAMENTO!$W$15,ROW(AF97)-ROW(AF$15),0),15-13*ORÇAMENTO!$AF$11)),0)","v":0},{"$f":"IF(AND($D97=\"Serviço\",AG$12<>0,$H97>0,OR(AUTOEVENTO<>\"manual\",$M97<>1)),\nIF(Import.TipoArredondamento<>\"TransfereGOV\",\nROUND(OFFSET($P97,0,AG$13),15-13*ORÇAMENTO!$AF$7)/$H97*OFFSET(ORÇAMENTO!$X$15,ROW(AG97)-ROW(AG$15),0),\nROUND(ROUND(OFFSET($P97,0,AG$13),15-13*ORÇAMENTO!$AF$7)*OFFSET(ORÇAMENTO!$W$15,ROW(AG97)-ROW(AG$15),0),15-13*ORÇAMENTO!$AF$11)),0)","v":0},{"$f":"IF(AND($D97=\"Serviço\",AH$12<>0,$H97>0,OR(AUTOEVENTO<>\"manual\",$M97<>1)),\nIF(Import.TipoArredondamento<>\"TransfereGOV\",\nROUND(OFFSET($P97,0,AH$13),15-13*ORÇAMENTO!$AF$7)/$H97*OFFSET(ORÇAMENTO!$X$15,ROW(AH97)-ROW(AH$15),0),\nROUND(ROUND(OFFSET($P97,0,AH$13),15-13*ORÇAMENTO!$AF$7)*OFFSET(ORÇAMENTO!$W$15,ROW(AH97)-ROW(AH$15),0),15-13*ORÇAMENTO!$AF$11)),0)","v":0},{"$f":"IF(AND($D97=\"Serviço\",AI$12<>0,$H97>0,OR(AUTOEVENTO<>\"manual\",$M97<>1)),\nIF(Import.TipoArredondamento<>\"TransfereGOV\",\nROUND(OFFSET($P97,0,AI$13),15-13*ORÇAMENTO!$AF$7)/$H97*OFFSET(ORÇAMENTO!$X$15,ROW(AI97)-ROW(AI$15),0),\nROUND(ROUND(OFFSET($P97,0,AI$13),15-13*ORÇAMENTO!$AF$7)*OFFSET(ORÇAMENTO!$W$15,ROW(AI97)-ROW(AI$15),0),15-13*ORÇAMENTO!$AF$11)),0)","v":0},{"$f":"IF(AND($D97=\"Serviço\",AJ$12<>0,$H97>0,OR(AUTOEVENTO<>\"manual\",$M97<>1)),\nIF(Import.TipoArredondamento<>\"TransfereGOV\",\nROUND(OFFSET($P97,0,AJ$13),15-13*ORÇAMENTO!$AF$7)/$H97*OFFSET(ORÇAMENTO!$X$15,ROW(AJ97)-ROW(AJ$15),0),\nROUND(ROUND(OFFSET($P97,0,AJ$13),15-13*ORÇAMENTO!$AF$7)*OFFSET(ORÇAMENTO!$W$15,ROW(AJ97)-ROW(AJ$15),0),15-13*ORÇAMENTO!$AF$11)),0)","v":0},{"$f":"IF(AND($D97=\"Serviço\",AK$12<>0,$H97>0,OR(AUTOEVENTO<>\"manual\",$M97<>1)),\nIF(Import.TipoArredondamento<>\"TransfereGOV\",\nROUND(OFFSET($P97,0,AK$13),15-13*ORÇAMENTO!$AF$7)/$H97*OFFSET(ORÇAMENTO!$X$15,ROW(AK97)-ROW(AK$15),0),\nROUND(ROUND(OFFSET($P97,0,AK$13),15-13*ORÇAMENTO!$AF$7)*OFFSET(ORÇAMENTO!$W$15,ROW(AK97)-ROW(AK$15),0),15-13*ORÇAMENTO!$AF$11)),0)","v":0},null,{"$f":"IF($D97<>\"Serviço\",0,IF(AND(AUTOEVENTO=\"Manual\",$M97=1),0,IF(OFFSET(CRONOPLE!$F$14,$M97,AM$13)=\"\",10^12,OFFSET(CRONOPLE!$F$14,$M97,AM$13))))","v":1000000000000},{"$f":"IF($D97<>\"Serviço\",0,IF(AND(AUTOEVENTO=\"Manual\",$M97=1),0,IF(OFFSET(CRONOPLE!$F$14,$M97,AN$13)=\"\",10^12,OFFSET(CRONOPLE!$F$14,$M97,AN$13))))","v":1000000000000},{"$f":"IF($D97<>\"Serviço\",0,IF(AND(AUTOEVENTO=\"Manual\",$M97=1),0,IF(OFFSET(CRONOPLE!$F$14,$M97,AO$13)=\"\",10^12,OFFSET(CRONOPLE!$F$14,$M97,AO$13))))","v":1000000000000},{"$f":"IF($D97<>\"Serviço\",0,IF(AND(AUTOEVENTO=\"Manual\",$M97=1),0,IF(OFFSET(CRONOPLE!$F$14,$M97,AP$13)=\"\",10^12,OFFSET(CRONOPLE!$F$14,$M97,AP$13))))","v":1000000000000},{"$f":"IF($D97<>\"Serviço\",0,IF(AND(AUTOEVENTO=\"Manual\",$M97=1),0,IF(OFFSET(CRONOPLE!$F$14,$M97,AQ$13)=\"\",10^12,OFFSET(CRONOPLE!$F$14,$M97,AQ$13))))","v":1000000000000},{"$f":"IF($D97<>\"Serviço\",0,IF(AND(AUTOEVENTO=\"Manual\",$M97=1),0,IF(OFFSET(CRONOPLE!$F$14,$M97,AR$13)=\"\",10^12,OFFSET(CRONOPLE!$F$14,$M97,AR$13))))","v":1000000000000},{"$f":"IF($D97<>\"Serviço\",0,IF(AND(AUTOEVENTO=\"Manual\",$M97=1),0,IF(OFFSET(CRONOPLE!$F$14,$M97,AS$13)=\"\",10^12,OFFSET(CRONOPLE!$F$14,$M97,AS$13))))","v":1000000000000},{"$f":"IF($D97<>\"Serviço\",0,IF(AND(AUTOEVENTO=\"Manual\",$M97=1),0,IF(OFFSET(CRONOPLE!$F$14,$M97,AT$13)=\"\",10^12,OFFSET(CRONOPLE!$F$14,$M97,AT$13))))","v":1000000000000},{"$f":"IF($D97<>\"Serviço\",0,IF(AND(AUTOEVENTO=\"Manual\",$M97=1),0,IF(OFFSET(CRONOPLE!$F$14,$M97,AU$13)=\"\",10^12,OFFSET(CRONOPLE!$F$14,$M97,AU$13))))","v":1000000000000},{"$f":"IF($D97<>\"Serviço\",0,IF(AND(AUTOEVENTO=\"Manual\",$M97=1),0,IF(OFFSET(CRONOPLE!$F$14,$M97,AV$13)=\"\",10^12,OFFSET(CRONOPLE!$F$14,$M97,AV$13))))","v":1000000000000},null,{"$f":"IF($D97<>\"Serviço\",0,IF(OR(AND(AUTOEVENTO=\"Manual\",$M97=1),$M97>(ROW(PLE.lastrow)-ROW(PLE.firstrow))),0,IF(OFFSET(PLE!$G$14,$M97,AX$13)=\"\",10^12,OFFSET(PLE!$G$14,$M97,AX$13))))","v":1000000000000},{"$f":"IF($D97<>\"Serviço\",0,IF(OR(AND(AUTOEVENTO=\"Manual\",$M97=1),$M97>(ROW(PLE.lastrow)-ROW(PLE.firstrow))),0,IF(OFFSET(PLE!$G$14,$M97,AY$13)=\"\",10^12,OFFSET(PLE!$G$14,$M97,AY$13))))","v":1000000000000},{"$f":"IF($D97<>\"Serviço\",0,IF(OR(AND(AUTOEVENTO=\"Manual\",$M97=1),$M97>(ROW(PLE.lastrow)-ROW(PLE.firstrow))),0,IF(OFFSET(PLE!$G$14,$M97,AZ$13)=\"\",10^12,OFFSET(PLE!$G$14,$M97,AZ$13))))","v":1000000000000},{"$f":"IF($D97<>\"Serviço\",0,IF(OR(AND(AUTOEVENTO=\"Manual\",$M97=1),$M97>(ROW(PLE.lastrow)-ROW(PLE.firstrow))),0,IF(OFFSET(PLE!$G$14,$M97,BA$13)=\"\",10^12,OFFSET(PLE!$G$14,$M97,BA$13))))","v":1000000000000},{"$f":"IF($D97<>\"Serviço\",0,IF(OR(AND(AUTOEVENTO=\"Manual\",$M97=1),$M97>(ROW(PLE.lastrow)-ROW(PLE.firstrow))),0,IF(OFFSET(PLE!$G$14,$M97,BB$13)=\"\",10^12,OFFSET(PLE!$G$14,$M97,BB$13))))","v":1000000000000},{"$f":"IF($D97<>\"Serviço\",0,IF(OR(AND(AUTOEVENTO=\"Manual\",$M97=1),$M97>(ROW(PLE.lastrow)-ROW(PLE.firstrow))),0,IF(OFFSET(PLE!$G$14,$M97,BC$13)=\"\",10^12,OFFSET(PLE!$G$14,$M97,BC$13))))","v":1000000000000},{"$f":"IF($D97<>\"Serviço\",0,IF(OR(AND(AUTOEVENTO=\"Manual\",$M97=1),$M97>(ROW(PLE.lastrow)-ROW(PLE.firstrow))),0,IF(OFFSET(PLE!$G$14,$M97,BD$13)=\"\",10^12,OFFSET(PLE!$G$14,$M97,BD$13))))","v":1000000000000},{"$f":"IF($D97<>\"Serviço\",0,IF(OR(AND(AUTOEVENTO=\"Manual\",$M97=1),$M97>(ROW(PLE.lastrow)-ROW(PLE.firstrow))),0,IF(OFFSET(PLE!$G$14,$M97,BE$13)=\"\",10^12,OFFSET(PLE!$G$14,$M97,BE$13))))","v":1000000000000},{"$f":"IF($D97<>\"Serviço\",0,IF(OR(AND(AUTOEVENTO=\"Manual\",$M97=1),$M97>(ROW(PLE.lastrow)-ROW(PLE.firstrow))),0,IF(OFFSET(PLE!$G$14,$M97,BF$13)=\"\",10^12,OFFSET(PLE!$G$14,$M97,BF$13))))","v":1000000000000},{"$f":"IF($D97<>\"Serviço\",0,IF(OR(AND(AUTOEVENTO=\"Manual\",$M97=1),$M97>(ROW(PLE.lastrow)-ROW(PLE.firstrow))),0,IF(OFFSET(PLE!$G$14,$M97,BG$13)=\"\",10^12,OFFSET(PLE!$G$14,$M97,BG$13))))","v":1000000000000}]
["80",{"$f":"OFFSET(ORÇAMENTO!C$15,ROW(B98)-ROW(B$15),0)","v":"S"},{"$f":"OFFSET(ORÇAMENTO!L$15,ROW(C98)-ROW(C$15),0)","v":"F"},{"$f":"OFFSET(ORÇAMENTO!N$15,ROW(D98)-ROW(D$15),0)","v":"Serviço"},{"$f":"OFFSET(ORÇAMENTO!O$15,ROW(E98)-ROW(E$15),0)","v":"1.5.0.3."},{"$f":"OFFSET(ORÇAMENTO!R$15,ROW(F98)-ROW(F$15),0)","v":"VERGA MOLDADA IN LOCO EM CONCRETO PARA JANELAS COM MAIS DE 1,5 M DE VÃO. AF_03/2016"},{"$f":"IF($D98<>\"Serviço\",\"\",OFFSET(ORÇAMENTO!S$15,ROW(G98)-ROW(G$15),0))","v":"M"},{"$f":"IF($D98<>\"Serviço\",0,IF(ACOMPANHAMENTO=\"BM\",ROUND(OFFSET(ORÇAMENTO!AJ$15,ROW(H98)-ROW(H$15),0),15-13*ORÇAMENTO!$AF$7),SUMPRODUCT(($Q$12:$AA$12<>\"\")*ROUND($Q98:$AA98,15-13*ORÇAMENTO!$AF$7))))","v":20.7},null,null,null,".",{"$f":"IF($D98<>\"Serviço\",\"\",IF(AUTOEVENTO=\"manual\",$A98,IF(ISERROR(MATCH($A98,$A$15:OFFSET($A98,-1,0),0)),MAX($M$15:OFFSET(M98,-1,0))+1,INDEX($M$15:OFFSET(M98,-1,0),MATCH($A98,$A$15:OFFSET($A98,-1,0),0)))))","v":6},{"$f":"IF($D98<>\"Serviço\",\"\",IF(AUTOEVENTO=\"Manual\",IF($A98=0,\"<-- defina o número do agrupador\",OFFSET(EVENTOS!$D$14,$A98,0)),OFFSET($F$15,$A98,0)))","v":"ALVENARIAS, VEDAÇÕES E DIVISÓRIAS"},null,null,null,null,null,null,null,null,null,null,null,null,null,{"$f":"IF(AND($D98=\"Serviço\",AB$12<>0,$H98>0,OR(AUTOEVENTO<>\"manual\",$M98<>1)),\nIF(Import.TipoArredondamento<>\"TransfereGOV\",\nROUND(OFFSET($P98,0,AB$13),15-13*ORÇAMENTO!$AF$7)/$H98*OFFSET(ORÇAMENTO!$X$15,ROW(AB98)-ROW(AB$15),0),\nROUND(ROUND(OFFSET($P98,0,AB$13),15-13*ORÇAMENTO!$AF$7)*OFFSET(ORÇAMENTO!$W$15,ROW(AB98)-ROW(AB$15),0),15-13*ORÇAMENTO!$AF$11)),0)","v":0},{"$f":"IF(AND($D98=\"Serviço\",AC$12<>0,$H98>0,OR(AUTOEVENTO<>\"manual\",$M98<>1)),\nIF(Import.TipoArredondamento<>\"TransfereGOV\",\nROUND(OFFSET($P98,0,AC$13),15-13*ORÇAMENTO!$AF$7)/$H98*OFFSET(ORÇAMENTO!$X$15,ROW(AC98)-ROW(AC$15),0),\nROUND(ROUND(OFFSET($P98,0,AC$13),15-13*ORÇAMENTO!$AF$7)*OFFSET(ORÇAMENTO!$W$15,ROW(AC98)-ROW(AC$15),0),15-13*ORÇAMENTO!$AF$11)),0)","v":0},{"$f":"IF(AND($D98=\"Serviço\",AD$12<>0,$H98>0,OR(AUTOEVENTO<>\"manual\",$M98<>1)),\nIF(Import.TipoArredondamento<>\"TransfereGOV\",\nROUND(OFFSET($P98,0,AD$13),15-13*ORÇAMENTO!$AF$7)/$H98*OFFSET(ORÇAMENTO!$X$15,ROW(AD98)-ROW(AD$15),0),\nROUND(ROUND(OFFSET($P98,0,AD$13),15-13*ORÇAMENTO!$AF$7)*OFFSET(ORÇAMENTO!$W$15,ROW(AD98)-ROW(AD$15),0),15-13*ORÇAMENTO!$AF$11)),0)","v":0},{"$f":"IF(AND($D98=\"Serviço\",AE$12<>0,$H98>0,OR(AUTOEVENTO<>\"manual\",$M98<>1)),\nIF(Import.TipoArredondamento<>\"TransfereGOV\",\nROUND(OFFSET($P98,0,AE$13),15-13*ORÇAMENTO!$AF$7)/$H98*OFFSET(ORÇAMENTO!$X$15,ROW(AE98)-ROW(AE$15),0),\nROUND(ROUND(OFFSET($P98,0,AE$13),15-13*ORÇAMENTO!$AF$7)*OFFSET(ORÇAMENTO!$W$15,ROW(AE98)-ROW(AE$15),0),15-13*ORÇAMENTO!$AF$11)),0)","v":0},{"$f":"IF(AND($D98=\"Serviço\",AF$12<>0,$H98>0,OR(AUTOEVENTO<>\"manual\",$M98<>1)),\nIF(Import.TipoArredondamento<>\"TransfereGOV\",\nROUND(OFFSET($P98,0,AF$13),15-13*ORÇAMENTO!$AF$7)/$H98*OFFSET(ORÇAMENTO!$X$15,ROW(AF98)-ROW(AF$15),0),\nROUND(ROUND(OFFSET($P98,0,AF$13),15-13*ORÇAMENTO!$AF$7)*OFFSET(ORÇAMENTO!$W$15,ROW(AF98)-ROW(AF$15),0),15-13*ORÇAMENTO!$AF$11)),0)","v":0},{"$f":"IF(AND($D98=\"Serviço\",AG$12<>0,$H98>0,OR(AUTOEVENTO<>\"manual\",$M98<>1)),\nIF(Import.TipoArredondamento<>\"TransfereGOV\",\nROUND(OFFSET($P98,0,AG$13),15-13*ORÇAMENTO!$AF$7)/$H98*OFFSET(ORÇAMENTO!$X$15,ROW(AG98)-ROW(AG$15),0),\nROUND(ROUND(OFFSET($P98,0,AG$13),15-13*ORÇAMENTO!$AF$7)*OFFSET(ORÇAMENTO!$W$15,ROW(AG98)-ROW(AG$15),0),15-13*ORÇAMENTO!$AF$11)),0)","v":0},{"$f":"IF(AND($D98=\"Serviço\",AH$12<>0,$H98>0,OR(AUTOEVENTO<>\"manual\",$M98<>1)),\nIF(Import.TipoArredondamento<>\"TransfereGOV\",\nROUND(OFFSET($P98,0,AH$13),15-13*ORÇAMENTO!$AF$7)/$H98*OFFSET(ORÇAMENTO!$X$15,ROW(AH98)-ROW(AH$15),0),\nROUND(ROUND(OFFSET($P98,0,AH$13),15-13*ORÇAMENTO!$AF$7)*OFFSET(ORÇAMENTO!$W$15,ROW(AH98)-ROW(AH$15),0),15-13*ORÇAMENTO!$AF$11)),0)","v":0},{"$f":"IF(AND($D98=\"Serviço\",AI$12<>0,$H98>0,OR(AUTOEVENTO<>\"manual\",$M98<>1)),\nIF(Import.TipoArredondamento<>\"TransfereGOV\",\nROUND(OFFSET($P98,0,AI$13),15-13*ORÇAMENTO!$AF$7)/$H98*OFFSET(ORÇAMENTO!$X$15,ROW(AI98)-ROW(AI$15),0),\nROUND(ROUND(OFFSET($P98,0,AI$13),15-13*ORÇAMENTO!$AF$7)*OFFSET(ORÇAMENTO!$W$15,ROW(AI98)-ROW(AI$15),0),15-13*ORÇAMENTO!$AF$11)),0)","v":0},{"$f":"IF(AND($D98=\"Serviço\",AJ$12<>0,$H98>0,OR(AUTOEVENTO<>\"manual\",$M98<>1)),\nIF(Import.TipoArredondamento<>\"TransfereGOV\",\nROUND(OFFSET($P98,0,AJ$13),15-13*ORÇAMENTO!$AF$7)/$H98*OFFSET(ORÇAMENTO!$X$15,ROW(AJ98)-ROW(AJ$15),0),\nROUND(ROUND(OFFSET($P98,0,AJ$13),15-13*ORÇAMENTO!$AF$7)*OFFSET(ORÇAMENTO!$W$15,ROW(AJ98)-ROW(AJ$15),0),15-13*ORÇAMENTO!$AF$11)),0)","v":0},{"$f":"IF(AND($D98=\"Serviço\",AK$12<>0,$H98>0,OR(AUTOEVENTO<>\"manual\",$M98<>1)),\nIF(Import.TipoArredondamento<>\"TransfereGOV\",\nROUND(OFFSET($P98,0,AK$13),15-13*ORÇAMENTO!$AF$7)/$H98*OFFSET(ORÇAMENTO!$X$15,ROW(AK98)-ROW(AK$15),0),\nROUND(ROUND(OFFSET($P98,0,AK$13),15-13*ORÇAMENTO!$AF$7)*OFFSET(ORÇAMENTO!$W$15,ROW(AK98)-ROW(AK$15),0),15-13*ORÇAMENTO!$AF$11)),0)","v":0},null,{"$f":"IF($D98<>\"Serviço\",0,IF(AND(AUTOEVENTO=\"Manual\",$M98=1),0,IF(OFFSET(CRONOPLE!$F$14,$M98,AM$13)=\"\",10^12,OFFSET(CRONOPLE!$F$14,$M98,AM$13))))","v":1000000000000},{"$f":"IF($D98<>\"Serviço\",0,IF(AND(AUTOEVENTO=\"Manual\",$M98=1),0,IF(OFFSET(CRONOPLE!$F$14,$M98,AN$13)=\"\",10^12,OFFSET(CRONOPLE!$F$14,$M98,AN$13))))","v":1000000000000},{"$f":"IF($D98<>\"Serviço\",0,IF(AND(AUTOEVENTO=\"Manual\",$M98=1),0,IF(OFFSET(CRONOPLE!$F$14,$M98,AO$13)=\"\",10^12,OFFSET(CRONOPLE!$F$14,$M98,AO$13))))","v":1000000000000},{"$f":"IF($D98<>\"Serviço\",0,IF(AND(AUTOEVENTO=\"Manual\",$M98=1),0,IF(OFFSET(CRONOPLE!$F$14,$M98,AP$13)=\"\",10^12,OFFSET(CRONOPLE!$F$14,$M98,AP$13))))","v":1000000000000},{"$f":"IF($D98<>\"Serviço\",0,IF(AND(AUTOEVENTO=\"Manual\",$M98=1),0,IF(OFFSET(CRONOPLE!$F$14,$M98,AQ$13)=\"\",10^12,OFFSET(CRONOPLE!$F$14,$M98,AQ$13))))","v":1000000000000},{"$f":"IF($D98<>\"Serviço\",0,IF(AND(AUTOEVENTO=\"Manual\",$M98=1),0,IF(OFFSET(CRONOPLE!$F$14,$M98,AR$13)=\"\",10^12,OFFSET(CRONOPLE!$F$14,$M98,AR$13))))","v":1000000000000},{"$f":"IF($D98<>\"Serviço\",0,IF(AND(AUTOEVENTO=\"Manual\",$M98=1),0,IF(OFFSET(CRONOPLE!$F$14,$M98,AS$13)=\"\",10^12,OFFSET(CRONOPLE!$F$14,$M98,AS$13))))","v":1000000000000},{"$f":"IF($D98<>\"Serviço\",0,IF(AND(AUTOEVENTO=\"Manual\",$M98=1),0,IF(OFFSET(CRONOPLE!$F$14,$M98,AT$13)=\"\",10^12,OFFSET(CRONOPLE!$F$14,$M98,AT$13))))","v":1000000000000},{"$f":"IF($D98<>\"Serviço\",0,IF(AND(AUTOEVENTO=\"Manual\",$M98=1),0,IF(OFFSET(CRONOPLE!$F$14,$M98,AU$13)=\"\",10^12,OFFSET(CRONOPLE!$F$14,$M98,AU$13))))","v":1000000000000},{"$f":"IF($D98<>\"Serviço\",0,IF(AND(AUTOEVENTO=\"Manual\",$M98=1),0,IF(OFFSET(CRONOPLE!$F$14,$M98,AV$13)=\"\",10^12,OFFSET(CRONOPLE!$F$14,$M98,AV$13))))","v":1000000000000},null,{"$f":"IF($D98<>\"Serviço\",0,IF(OR(AND(AUTOEVENTO=\"Manual\",$M98=1),$M98>(ROW(PLE.lastrow)-ROW(PLE.firstrow))),0,IF(OFFSET(PLE!$G$14,$M98,AX$13)=\"\",10^12,OFFSET(PLE!$G$14,$M98,AX$13))))","v":1000000000000},{"$f":"IF($D98<>\"Serviço\",0,IF(OR(AND(AUTOEVENTO=\"Manual\",$M98=1),$M98>(ROW(PLE.lastrow)-ROW(PLE.firstrow))),0,IF(OFFSET(PLE!$G$14,$M98,AY$13)=\"\",10^12,OFFSET(PLE!$G$14,$M98,AY$13))))","v":1000000000000},{"$f":"IF($D98<>\"Serviço\",0,IF(OR(AND(AUTOEVENTO=\"Manual\",$M98=1),$M98>(ROW(PLE.lastrow)-ROW(PLE.firstrow))),0,IF(OFFSET(PLE!$G$14,$M98,AZ$13)=\"\",10^12,OFFSET(PLE!$G$14,$M98,AZ$13))))","v":1000000000000},{"$f":"IF($D98<>\"Serviço\",0,IF(OR(AND(AUTOEVENTO=\"Manual\",$M98=1),$M98>(ROW(PLE.lastrow)-ROW(PLE.firstrow))),0,IF(OFFSET(PLE!$G$14,$M98,BA$13)=\"\",10^12,OFFSET(PLE!$G$14,$M98,BA$13))))","v":1000000000000},{"$f":"IF($D98<>\"Serviço\",0,IF(OR(AND(AUTOEVENTO=\"Manual\",$M98=1),$M98>(ROW(PLE.lastrow)-ROW(PLE.firstrow))),0,IF(OFFSET(PLE!$G$14,$M98,BB$13)=\"\",10^12,OFFSET(PLE!$G$14,$M98,BB$13))))","v":1000000000000},{"$f":"IF($D98<>\"Serviço\",0,IF(OR(AND(AUTOEVENTO=\"Manual\",$M98=1),$M98>(ROW(PLE.lastrow)-ROW(PLE.firstrow))),0,IF(OFFSET(PLE!$G$14,$M98,BC$13)=\"\",10^12,OFFSET(PLE!$G$14,$M98,BC$13))))","v":1000000000000},{"$f":"IF($D98<>\"Serviço\",0,IF(OR(AND(AUTOEVENTO=\"Manual\",$M98=1),$M98>(ROW(PLE.lastrow)-ROW(PLE.firstrow))),0,IF(OFFSET(PLE!$G$14,$M98,BD$13)=\"\",10^12,OFFSET(PLE!$G$14,$M98,BD$13))))","v":1000000000000},{"$f":"IF($D98<>\"Serviço\",0,IF(OR(AND(AUTOEVENTO=\"Manual\",$M98=1),$M98>(ROW(PLE.lastrow)-ROW(PLE.firstrow))),0,IF(OFFSET(PLE!$G$14,$M98,BE$13)=\"\",10^12,OFFSET(PLE!$G$14,$M98,BE$13))))","v":1000000000000},{"$f":"IF($D98<>\"Serviço\",0,IF(OR(AND(AUTOEVENTO=\"Manual\",$M98=1),$M98>(ROW(PLE.lastrow)-ROW(PLE.firstrow))),0,IF(OFFSET(PLE!$G$14,$M98,BF$13)=\"\",10^12,OFFSET(PLE!$G$14,$M98,BF$13))))","v":1000000000000},{"$f":"IF($D98<>\"Serviço\",0,IF(OR(AND(AUTOEVENTO=\"Manual\",$M98=1),$M98>(ROW(PLE.lastrow)-ROW(PLE.firstrow))),0,IF(OFFSET(PLE!$G$14,$M98,BG$13)=\"\",10^12,OFFSET(PLE!$G$14,$M98,BG$13))))","v":1000000000000}]
["80",{"$f":"OFFSET(ORÇAMENTO!C$15,ROW(B99)-ROW(B$15),0)","v":"S"},{"$f":"OFFSET(ORÇAMENTO!L$15,ROW(C99)-ROW(C$15),0)","v":"F"},{"$f":"OFFSET(ORÇAMENTO!N$15,ROW(D99)-ROW(D$15),0)","v":"Serviço"},{"$f":"OFFSET(ORÇAMENTO!O$15,ROW(E99)-ROW(E$15),0)","v":"1.5.0.4."},{"$f":"OFFSET(ORÇAMENTO!R$15,ROW(F99)-ROW(F$15),0)","v":"VERGA MOLDADA IN LOCO EM CONCRETO PARA PORTAS COM MAIS DE 1,5 M DE VÃO. AF_03/2016"},{"$f":"IF($D99<>\"Serviço\",\"\",OFFSET(ORÇAMENTO!S$15,ROW(G99)-ROW(G$15),0))","v":"M"},{"$f":"IF($D99<>\"Serviço\",0,IF(ACOMPANHAMENTO=\"BM\",ROUND(OFFSET(ORÇAMENTO!AJ$15,ROW(H99)-ROW(H$15),0),15-13*ORÇAMENTO!$AF$7),SUMPRODUCT(($Q$12:$AA$12<>\"\")*ROUND($Q99:$AA99,15-13*ORÇAMENTO!$AF$7))))","v":4.8},null,null,null,".",{"$f":"IF($D99<>\"Serviço\",\"\",IF(AUTOEVENTO=\"manual\",$A99,IF(ISERROR(MATCH($A99,$A$15:OFFSET($A99,-1,0),0)),MAX($M$15:OFFSET(M99,-1,0))+1,INDEX($M$15:OFFSET(M99,-1,0),MATCH($A99,$A$15:OFFSET($A99,-1,0),0)))))","v":6},{"$f":"IF($D99<>\"Serviço\",\"\",IF(AUTOEVENTO=\"Manual\",IF($A99=0,\"<-- defina o número do agrupador\",OFFSET(EVENTOS!$D$14,$A99,0)),OFFSET($F$15,$A99,0)))","v":"ALVENARIAS, VEDAÇÕES E DIVISÓRIAS"},null,null,null,null,null,null,null,null,null,null,null,null,null,{"$f":"IF(AND($D99=\"Serviço\",AB$12<>0,$H99>0,OR(AUTOEVENTO<>\"manual\",$M99<>1)),\nIF(Import.TipoArredondamento<>\"TransfereGOV\",\nROUND(OFFSET($P99,0,AB$13),15-13*ORÇAMENTO!$AF$7)/$H99*OFFSET(ORÇAMENTO!$X$15,ROW(AB99)-ROW(AB$15),0),\nROUND(ROUND(OFFSET($P99,0,AB$13),15-13*ORÇAMENTO!$AF$7)*OFFSET(ORÇAMENTO!$W$15,ROW(AB99)-ROW(AB$15),0),15-13*ORÇAMENTO!$AF$11)),0)","v":0},{"$f":"IF(AND($D99=\"Serviço\",AC$12<>0,$H99>0,OR(AUTOEVENTO<>\"manual\",$M99<>1)),\nIF(Import.TipoArredondamento<>\"TransfereGOV\",\nROUND(OFFSET($P99,0,AC$13),15-13*ORÇAMENTO!$AF$7)/$H99*OFFSET(ORÇAMENTO!$X$15,ROW(AC99)-ROW(AC$15),0),\nROUND(ROUND(OFFSET($P99,0,AC$13),15-13*ORÇAMENTO!$AF$7)*OFFSET(ORÇAMENTO!$W$15,ROW(AC99)-ROW(AC$15),0),15-13*ORÇAMENTO!$AF$11)),0)","v":0},{"$f":"IF(AND($D99=\"Serviço\",AD$12<>0,$H99>0,OR(AUTOEVENTO<>\"manual\",$M99<>1)),\nIF(Import.TipoArredondamento<>\"TransfereGOV\",\nROUND(OFFSET($P99,0,AD$13),15-13*ORÇAMENTO!$AF$7)/$H99*OFFSET(ORÇAMENTO!$X$15,ROW(AD99)-ROW(AD$15),0),\nROUND(ROUND(OFFSET($P99,0,AD$13),15-13*ORÇAMENTO!$AF$7)*OFFSET(ORÇAMENTO!$W$15,ROW(AD99)-ROW(AD$15),0),15-13*ORÇAMENTO!$AF$11)),0)","v":0},{"$f":"IF(AND($D99=\"Serviço\",AE$12<>0,$H99>0,OR(AUTOEVENTO<>\"manual\",$M99<>1)),\nIF(Import.TipoArredondamento<>\"TransfereGOV\",\nROUND(OFFSET($P99,0,AE$13),15-13*ORÇAMENTO!$AF$7)/$H99*OFFSET(ORÇAMENTO!$X$15,ROW(AE99)-ROW(AE$15),0),\nROUND(ROUND(OFFSET($P99,0,AE$13),15-13*ORÇAMENTO!$AF$7)*OFFSET(ORÇAMENTO!$W$15,ROW(AE99)-ROW(AE$15),0),15-13*ORÇAMENTO!$AF$11)),0)","v":0},{"$f":"IF(AND($D99=\"Serviço\",AF$12<>0,$H99>0,OR(AUTOEVENTO<>\"manual\",$M99<>1)),\nIF(Import.TipoArredondamento<>\"TransfereGOV\",\nROUND(OFFSET($P99,0,AF$13),15-13*ORÇAMENTO!$AF$7)/$H99*OFFSET(ORÇAMENTO!$X$15,ROW(AF99)-ROW(AF$15),0),\nROUND(ROUND(OFFSET($P99,0,AF$13),15-13*ORÇAMENTO!$AF$7)*OFFSET(ORÇAMENTO!$W$15,ROW(AF99)-ROW(AF$15),0),15-13*ORÇAMENTO!$AF$11)),0)","v":0},{"$f":"IF(AND($D99=\"Serviço\",AG$12<>0,$H99>0,OR(AUTOEVENTO<>\"manual\",$M99<>1)),\nIF(Import.TipoArredondamento<>\"TransfereGOV\",\nROUND(OFFSET($P99,0,AG$13),15-13*ORÇAMENTO!$AF$7)/$H99*OFFSET(ORÇAMENTO!$X$15,ROW(AG99)-ROW(AG$15),0),\nROUND(ROUND(OFFSET($P99,0,AG$13),15-13*ORÇAMENTO!$AF$7)*OFFSET(ORÇAMENTO!$W$15,ROW(AG99)-ROW(AG$15),0),15-13*ORÇAMENTO!$AF$11)),0)","v":0},{"$f":"IF(AND($D99=\"Serviço\",AH$12<>0,$H99>0,OR(AUTOEVENTO<>\"manual\",$M99<>1)),\nIF(Import.TipoArredondamento<>\"TransfereGOV\",\nROUND(OFFSET($P99,0,AH$13),15-13*ORÇAMENTO!$AF$7)/$H99*OFFSET(ORÇAMENTO!$X$15,ROW(AH99)-ROW(AH$15),0),\nROUND(ROUND(OFFSET($P99,0,AH$13),15-13*ORÇAMENTO!$AF$7)*OFFSET(ORÇAMENTO!$W$15,ROW(AH99)-ROW(AH$15),0),15-13*ORÇAMENTO!$AF$11)),0)","v":0},{"$f":"IF(AND($D99=\"Serviço\",AI$12<>0,$H99>0,OR(AUTOEVENTO<>\"manual\",$M99<>1)),\nIF(Import.TipoArredondamento<>\"TransfereGOV\",\nROUND(OFFSET($P99,0,AI$13),15-13*ORÇAMENTO!$AF$7)/$H99*OFFSET(ORÇAMENTO!$X$15,ROW(AI99)-ROW(AI$15),0),\nROUND(ROUND(OFFSET($P99,0,AI$13),15-13*ORÇAMENTO!$AF$7)*OFFSET(ORÇAMENTO!$W$15,ROW(AI99)-ROW(AI$15),0),15-13*ORÇAMENTO!$AF$11)),0)","v":0},{"$f":"IF(AND($D99=\"Serviço\",AJ$12<>0,$H99>0,OR(AUTOEVENTO<>\"manual\",$M99<>1)),\nIF(Import.TipoArredondamento<>\"TransfereGOV\",\nROUND(OFFSET($P99,0,AJ$13),15-13*ORÇAMENTO!$AF$7)/$H99*OFFSET(ORÇAMENTO!$X$15,ROW(AJ99)-ROW(AJ$15),0),\nROUND(ROUND(OFFSET($P99,0,AJ$13),15-13*ORÇAMENTO!$AF$7)*OFFSET(ORÇAMENTO!$W$15,ROW(AJ99)-ROW(AJ$15),0),15-13*ORÇAMENTO!$AF$11)),0)","v":0},{"$f":"IF(AND($D99=\"Serviço\",AK$12<>0,$H99>0,OR(AUTOEVENTO<>\"manual\",$M99<>1)),\nIF(Import.TipoArredondamento<>\"TransfereGOV\",\nROUND(OFFSET($P99,0,AK$13),15-13*ORÇAMENTO!$AF$7)/$H99*OFFSET(ORÇAMENTO!$X$15,ROW(AK99)-ROW(AK$15),0),\nROUND(ROUND(OFFSET($P99,0,AK$13),15-13*ORÇAMENTO!$AF$7)*OFFSET(ORÇAMENTO!$W$15,ROW(AK99)-ROW(AK$15),0),15-13*ORÇAMENTO!$AF$11)),0)","v":0},null,{"$f":"IF($D99<>\"Serviço\",0,IF(AND(AUTOEVENTO=\"Manual\",$M99=1),0,IF(OFFSET(CRONOPLE!$F$14,$M99,AM$13)=\"\",10^12,OFFSET(CRONOPLE!$F$14,$M99,AM$13))))","v":1000000000000},{"$f":"IF($D99<>\"Serviço\",0,IF(AND(AUTOEVENTO=\"Manual\",$M99=1),0,IF(OFFSET(CRONOPLE!$F$14,$M99,AN$13)=\"\",10^12,OFFSET(CRONOPLE!$F$14,$M99,AN$13))))","v":1000000000000},{"$f":"IF($D99<>\"Serviço\",0,IF(AND(AUTOEVENTO=\"Manual\",$M99=1),0,IF(OFFSET(CRONOPLE!$F$14,$M99,AO$13)=\"\",10^12,OFFSET(CRONOPLE!$F$14,$M99,AO$13))))","v":1000000000000},{"$f":"IF($D99<>\"Serviço\",0,IF(AND(AUTOEVENTO=\"Manual\",$M99=1),0,IF(OFFSET(CRONOPLE!$F$14,$M99,AP$13)=\"\",10^12,OFFSET(CRONOPLE!$F$14,$M99,AP$13))))","v":1000000000000},{"$f":"IF($D99<>\"Serviço\",0,IF(AND(AUTOEVENTO=\"Manual\",$M99=1),0,IF(OFFSET(CRONOPLE!$F$14,$M99,AQ$13)=\"\",10^12,OFFSET(CRONOPLE!$F$14,$M99,AQ$13))))","v":1000000000000},{"$f":"IF($D99<>\"Serviço\",0,IF(AND(AUTOEVENTO=\"Manual\",$M99=1),0,IF(OFFSET(CRONOPLE!$F$14,$M99,AR$13)=\"\",10^12,OFFSET(CRONOPLE!$F$14,$M99,AR$13))))","v":1000000000000},{"$f":"IF($D99<>\"Serviço\",0,IF(AND(AUTOEVENTO=\"Manual\",$M99=1),0,IF(OFFSET(CRONOPLE!$F$14,$M99,AS$13)=\"\",10^12,OFFSET(CRONOPLE!$F$14,$M99,AS$13))))","v":1000000000000},{"$f":"IF($D99<>\"Serviço\",0,IF(AND(AUTOEVENTO=\"Manual\",$M99=1),0,IF(OFFSET(CRONOPLE!$F$14,$M99,AT$13)=\"\",10^12,OFFSET(CRONOPLE!$F$14,$M99,AT$13))))","v":1000000000000},{"$f":"IF($D99<>\"Serviço\",0,IF(AND(AUTOEVENTO=\"Manual\",$M99=1),0,IF(OFFSET(CRONOPLE!$F$14,$M99,AU$13)=\"\",10^12,OFFSET(CRONOPLE!$F$14,$M99,AU$13))))","v":1000000000000},{"$f":"IF($D99<>\"Serviço\",0,IF(AND(AUTOEVENTO=\"Manual\",$M99=1),0,IF(OFFSET(CRONOPLE!$F$14,$M99,AV$13)=\"\",10^12,OFFSET(CRONOPLE!$F$14,$M99,AV$13))))","v":1000000000000},null,{"$f":"IF($D99<>\"Serviço\",0,IF(OR(AND(AUTOEVENTO=\"Manual\",$M99=1),$M99>(ROW(PLE.lastrow)-ROW(PLE.firstrow))),0,IF(OFFSET(PLE!$G$14,$M99,AX$13)=\"\",10^12,OFFSET(PLE!$G$14,$M99,AX$13))))","v":1000000000000},{"$f":"IF($D99<>\"Serviço\",0,IF(OR(AND(AUTOEVENTO=\"Manual\",$M99=1),$M99>(ROW(PLE.lastrow)-ROW(PLE.firstrow))),0,IF(OFFSET(PLE!$G$14,$M99,AY$13)=\"\",10^12,OFFSET(PLE!$G$14,$M99,AY$13))))","v":1000000000000},{"$f":"IF($D99<>\"Serviço\",0,IF(OR(AND(AUTOEVENTO=\"Manual\",$M99=1),$M99>(ROW(PLE.lastrow)-ROW(PLE.firstrow))),0,IF(OFFSET(PLE!$G$14,$M99,AZ$13)=\"\",10^12,OFFSET(PLE!$G$14,$M99,AZ$13))))","v":1000000000000},{"$f":"IF($D99<>\"Serviço\",0,IF(OR(AND(AUTOEVENTO=\"Manual\",$M99=1),$M99>(ROW(PLE.lastrow)-ROW(PLE.firstrow))),0,IF(OFFSET(PLE!$G$14,$M99,BA$13)=\"\",10^12,OFFSET(PLE!$G$14,$M99,BA$13))))","v":1000000000000},{"$f":"IF($D99<>\"Serviço\",0,IF(OR(AND(AUTOEVENTO=\"Manual\",$M99=1),$M99>(ROW(PLE.lastrow)-ROW(PLE.firstrow))),0,IF(OFFSET(PLE!$G$14,$M99,BB$13)=\"\",10^12,OFFSET(PLE!$G$14,$M99,BB$13))))","v":1000000000000},{"$f":"IF($D99<>\"Serviço\",0,IF(OR(AND(AUTOEVENTO=\"Manual\",$M99=1),$M99>(ROW(PLE.lastrow)-ROW(PLE.firstrow))),0,IF(OFFSET(PLE!$G$14,$M99,BC$13)=\"\",10^12,OFFSET(PLE!$G$14,$M99,BC$13))))","v":1000000000000},{"$f":"IF($D99<>\"Serviço\",0,IF(OR(AND(AUTOEVENTO=\"Manual\",$M99=1),$M99>(ROW(PLE.lastrow)-ROW(PLE.firstrow))),0,IF(OFFSET(PLE!$G$14,$M99,BD$13)=\"\",10^12,OFFSET(PLE!$G$14,$M99,BD$13))))","v":1000000000000},{"$f":"IF($D99<>\"Serviço\",0,IF(OR(AND(AUTOEVENTO=\"Manual\",$M99=1),$M99>(ROW(PLE.lastrow)-ROW(PLE.firstrow))),0,IF(OFFSET(PLE!$G$14,$M99,BE$13)=\"\",10^12,OFFSET(PLE!$G$14,$M99,BE$13))))","v":1000000000000},{"$f":"IF($D99<>\"Serviço\",0,IF(OR(AND(AUTOEVENTO=\"Manual\",$M99=1),$M99>(ROW(PLE.lastrow)-ROW(PLE.firstrow))),0,IF(OFFSET(PLE!$G$14,$M99,BF$13)=\"\",10^12,OFFSET(PLE!$G$14,$M99,BF$13))))","v":1000000000000},{"$f":"IF($D99<>\"Serviço\",0,IF(OR(AND(AUTOEVENTO=\"Manual\",$M99=1),$M99>(ROW(PLE.lastrow)-ROW(PLE.firstrow))),0,IF(OFFSET(PLE!$G$14,$M99,BG$13)=\"\",10^12,OFFSET(PLE!$G$14,$M99,BG$13))))","v":1000000000000}]
["80",{"$f":"OFFSET(ORÇAMENTO!C$15,ROW(B100)-ROW(B$15),0)","v":"S"},{"$f":"OFFSET(ORÇAMENTO!L$15,ROW(C100)-ROW(C$15),0)","v":"F"},{"$f":"OFFSET(ORÇAMENTO!N$15,ROW(D100)-ROW(D$15),0)","v":"Serviço"},{"$f":"OFFSET(ORÇAMENTO!O$15,ROW(E100)-ROW(E$15),0)","v":"1.5.0.5."},{"$f":"OFFSET(ORÇAMENTO!R$15,ROW(F100)-ROW(F$15),0)","v":"CONTRAVERGA MOLDADA IN LOCO EM CONCRETO PARA VÃOS DE MAIS DE 1,5 M DE COMPRIMENTO. AF_03/2016"},{"$f":"IF($D100<>\"Serviço\",\"\",OFFSET(ORÇAMENTO!S$15,ROW(G100)-ROW(G$15),0))","v":"M"},{"$f":"IF($D100<>\"Serviço\",0,IF(ACOMPANHAMENTO=\"BM\",ROUND(OFFSET(ORÇAMENTO!AJ$15,ROW(H100)-ROW(H$15),0),15-13*ORÇAMENTO!$AF$7),SUMPRODUCT(($Q$12:$AA$12<>\"\")*ROUND($Q100:$AA100,15-13*ORÇAMENTO!$AF$7))))","v":20.7},null,null,null,".",{"$f":"IF($D100<>\"Serviço\",\"\",IF(AUTOEVENTO=\"manual\",$A100,IF(ISERROR(MATCH($A100,$A$15:OFFSET($A100,-1,0),0)),MAX($M$15:OFFSET(M100,-1,0))+1,INDEX($M$15:OFFSET(M100,-1,0),MATCH($A100,$A$15:OFFSET($A100,-1,0),0)))))","v":6},{"$f":"IF($D100<>\"Serviço\",\"\",IF(AUTOEVENTO=\"Manual\",IF($A100=0,\"<-- defina o número do agrupador\",OFFSET(EVENTOS!$D$14,$A100,0)),OFFSET($F$15,$A100,0)))","v":"ALVENARIAS, VEDAÇÕES E DIVISÓRIAS"},null,null,null,null,null,null,null,null,null,null,null,null,null,{"$f":"IF(AND($D100=\"Serviço\",AB$12<>0,$H100>0,OR(AUTOEVENTO<>\"manual\",$M100<>1)),\nIF(Import.TipoArredondamento<>\"TransfereGOV\",\nROUND(OFFSET($P100,0,AB$13),15-13*ORÇAMENTO!$AF$7)/$H100*OFFSET(ORÇAMENTO!$X$15,ROW(AB100)-ROW(AB$15),0),\nROUND(ROUND(OFFSET($P100,0,AB$13),15-13*ORÇAMENTO!$AF$7)*OFFSET(ORÇAMENTO!$W$15,ROW(AB100)-ROW(AB$15),0),15-13*ORÇAMENTO!$AF$11)),0)","v":0},{"$f":"IF(AND($D100=\"Serviço\",AC$12<>0,$H100>0,OR(AUTOEVENTO<>\"manual\",$M100<>1)),\nIF(Import.TipoArredondamento<>\"TransfereGOV\",\nROUND(OFFSET($P100,0,AC$13),15-13*ORÇAMENTO!$AF$7)/$H100*OFFSET(ORÇAMENTO!$X$15,ROW(AC100)-ROW(AC$15),0),\nROUND(ROUND(OFFSET($P100,0,AC$13),15-13*ORÇAMENTO!$AF$7)*OFFSET(ORÇAMENTO!$W$15,ROW(AC100)-ROW(AC$15),0),15-13*ORÇAMENTO!$AF$11)),0)","v":0},{"$f":"IF(AND($D100=\"Serviço\",AD$12<>0,$H100>0,OR(AUTOEVENTO<>\"manual\",$M100<>1)),\nIF(Import.TipoArredondamento<>\"TransfereGOV\",\nROUND(OFFSET($P100,0,AD$13),15-13*ORÇAMENTO!$AF$7)/$H100*OFFSET(ORÇAMENTO!$X$15,ROW(AD100)-ROW(AD$15),0),\nROUND(ROUND(OFFSET($P100,0,AD$13),15-13*ORÇAMENTO!$AF$7)*OFFSET(ORÇAMENTO!$W$15,ROW(AD100)-ROW(AD$15),0),15-13*ORÇAMENTO!$AF$11)),0)","v":0},{"$f":"IF(AND($D100=\"Serviço\",AE$12<>0,$H100>0,OR(AUTOEVENTO<>\"manual\",$M100<>1)),\nIF(Import.TipoArredondamento<>\"TransfereGOV\",\nROUND(OFFSET($P100,0,AE$13),15-13*ORÇAMENTO!$AF$7)/$H100*OFFSET(ORÇAMENTO!$X$15,ROW(AE100)-ROW(AE$15),0),\nROUND(ROUND(OFFSET($P100,0,AE$13),15-13*ORÇAMENTO!$AF$7)*OFFSET(ORÇAMENTO!$W$15,ROW(AE100)-ROW(AE$15),0),15-13*ORÇAMENTO!$AF$11)),0)","v":0},{"$f":"IF(AND($D100=\"Serviço\",AF$12<>0,$H100>0,OR(AUTOEVENTO<>\"manual\",$M100<>1)),\nIF(Import.TipoArredondamento<>\"TransfereGOV\",\nROUND(OFFSET($P100,0,AF$13),15-13*ORÇAMENTO!$AF$7)/$H100*OFFSET(ORÇAMENTO!$X$15,ROW(AF100)-ROW(AF$15),0),\nROUND(ROUND(OFFSET($P100,0,AF$13),15-13*ORÇAMENTO!$AF$7)*OFFSET(ORÇAMENTO!$W$15,ROW(AF100)-ROW(AF$15),0),15-13*ORÇAMENTO!$AF$11)),0)","v":0},{"$f":"IF(AND($D100=\"Serviço\",AG$12<>0,$H100>0,OR(AUTOEVENTO<>\"manual\",$M100<>1)),\nIF(Import.TipoArredondamento<>\"TransfereGOV\",\nROUND(OFFSET($P100,0,AG$13),15-13*ORÇAMENTO!$AF$7)/$H100*OFFSET(ORÇAMENTO!$X$15,ROW(AG100)-ROW(AG$15),0),\nROUND(ROUND(OFFSET($P100,0,AG$13),15-13*ORÇAMENTO!$AF$7)*OFFSET(ORÇAMENTO!$W$15,ROW(AG100)-ROW(AG$15),0),15-13*ORÇAMENTO!$AF$11)),0)","v":0},{"$f":"IF(AND($D100=\"Serviço\",AH$12<>0,$H100>0,OR(AUTOEVENTO<>\"manual\",$M100<>1)),\nIF(Import.TipoArredondamento<>\"TransfereGOV\",\nROUND(OFFSET($P100,0,AH$13),15-13*ORÇAMENTO!$AF$7)/$H100*OFFSET(ORÇAMENTO!$X$15,ROW(AH100)-ROW(AH$15),0),\nROUND(ROUND(OFFSET($P100,0,AH$13),15-13*ORÇAMENTO!$AF$7)*OFFSET(ORÇAMENTO!$W$15,ROW(AH100)-ROW(AH$15),0),15-13*ORÇAMENTO!$AF$11)),0)","v":0},{"$f":"IF(AND($D100=\"Serviço\",AI$12<>0,$H100>0,OR(AUTOEVENTO<>\"manual\",$M100<>1)),\nIF(Import.TipoArredondamento<>\"TransfereGOV\",\nROUND(OFFSET($P100,0,AI$13),15-13*ORÇAMENTO!$AF$7)/$H100*OFFSET(ORÇAMENTO!$X$15,ROW(AI100)-ROW(AI$15),0),\nROUND(ROUND(OFFSET($P100,0,AI$13),15-13*ORÇAMENTO!$AF$7)*OFFSET(ORÇAMENTO!$W$15,ROW(AI100)-ROW(AI$15),0),15-13*ORÇAMENTO!$AF$11)),0)","v":0},{"$f":"IF(AND($D100=\"Serviço\",AJ$12<>0,$H100>0,OR(AUTOEVENTO<>\"manual\",$M100<>1)),\nIF(Import.TipoArredondamento<>\"TransfereGOV\",\nROUND(OFFSET($P100,0,AJ$13),15-13*ORÇAMENTO!$AF$7)/$H100*OFFSET(ORÇAMENTO!$X$15,ROW(AJ100)-ROW(AJ$15),0),\nROUND(ROUND(OFFSET($P100,0,AJ$13),15-13*ORÇAMENTO!$AF$7)*OFFSET(ORÇAMENTO!$W$15,ROW(AJ100)-ROW(AJ$15),0),15-13*ORÇAMENTO!$AF$11)),0)","v":0},{"$f":"IF(AND($D100=\"Serviço\",AK$12<>0,$H100>0,OR(AUTOEVENTO<>\"manual\",$M100<>1)),\nIF(Import.TipoArredondamento<>\"TransfereGOV\",\nROUND(OFFSET($P100,0,AK$13),15-13*ORÇAMENTO!$AF$7)/$H100*OFFSET(ORÇAMENTO!$X$15,ROW(AK100)-ROW(AK$15),0),\nROUND(ROUND(OFFSET($P100,0,AK$13),15-13*ORÇAMENTO!$AF$7)*OFFSET(ORÇAMENTO!$W$15,ROW(AK100)-ROW(AK$15),0),15-13*ORÇAMENTO!$AF$11)),0)","v":0},null,{"$f":"IF($D100<>\"Serviço\",0,IF(AND(AUTOEVENTO=\"Manual\",$M100=1),0,IF(OFFSET(CRONOPLE!$F$14,$M100,AM$13)=\"\",10^12,OFFSET(CRONOPLE!$F$14,$M100,AM$13))))","v":1000000000000},{"$f":"IF($D100<>\"Serviço\",0,IF(AND(AUTOEVENTO=\"Manual\",$M100=1),0,IF(OFFSET(CRONOPLE!$F$14,$M100,AN$13)=\"\",10^12,OFFSET(CRONOPLE!$F$14,$M100,AN$13))))","v":1000000000000},{"$f":"IF($D100<>\"Serviço\",0,IF(AND(AUTOEVENTO=\"Manual\",$M100=1),0,IF(OFFSET(CRONOPLE!$F$14,$M100,AO$13)=\"\",10^12,OFFSET(CRONOPLE!$F$14,$M100,AO$13))))","v":1000000000000},{"$f":"IF($D100<>\"Serviço\",0,IF(AND(AUTOEVENTO=\"Manual\",$M100=1),0,IF(OFFSET(CRONOPLE!$F$14,$M100,AP$13)=\"\",10^12,OFFSET(CRONOPLE!$F$14,$M100,AP$13))))","v":1000000000000},{"$f":"IF($D100<>\"Serviço\",0,IF(AND(AUTOEVENTO=\"Manual\",$M100=1),0,IF(OFFSET(CRONOPLE!$F$14,$M100,AQ$13)=\"\",10^12,OFFSET(CRONOPLE!$F$14,$M100,AQ$13))))","v":1000000000000},{"$f":"IF($D100<>\"Serviço\",0,IF(AND(AUTOEVENTO=\"Manual\",$M100=1),0,IF(OFFSET(CRONOPLE!$F$14,$M100,AR$13)=\"\",10^12,OFFSET(CRONOPLE!$F$14,$M100,AR$13))))","v":1000000000000},{"$f":"IF($D100<>\"Serviço\",0,IF(AND(AUTOEVENTO=\"Manual\",$M100=1),0,IF(OFFSET(CRONOPLE!$F$14,$M100,AS$13)=\"\",10^12,OFFSET(CRONOPLE!$F$14,$M100,AS$13))))","v":1000000000000},{"$f":"IF($D100<>\"Serviço\",0,IF(AND(AUTOEVENTO=\"Manual\",$M100=1),0,IF(OFFSET(CRONOPLE!$F$14,$M100,AT$13)=\"\",10^12,OFFSET(CRONOPLE!$F$14,$M100,AT$13))))","v":1000000000000},{"$f":"IF($D100<>\"Serviço\",0,IF(AND(AUTOEVENTO=\"Manual\",$M100=1),0,IF(OFFSET(CRONOPLE!$F$14,$M100,AU$13)=\"\",10^12,OFFSET(CRONOPLE!$F$14,$M100,AU$13))))","v":1000000000000},{"$f":"IF($D100<>\"Serviço\",0,IF(AND(AUTOEVENTO=\"Manual\",$M100=1),0,IF(OFFSET(CRONOPLE!$F$14,$M100,AV$13)=\"\",10^12,OFFSET(CRONOPLE!$F$14,$M100,AV$13))))","v":1000000000000},null,{"$f":"IF($D100<>\"Serviço\",0,IF(OR(AND(AUTOEVENTO=\"Manual\",$M100=1),$M100>(ROW(PLE.lastrow)-ROW(PLE.firstrow))),0,IF(OFFSET(PLE!$G$14,$M100,AX$13)=\"\",10^12,OFFSET(PLE!$G$14,$M100,AX$13))))","v":1000000000000},{"$f":"IF($D100<>\"Serviço\",0,IF(OR(AND(AUTOEVENTO=\"Manual\",$M100=1),$M100>(ROW(PLE.lastrow)-ROW(PLE.firstrow))),0,IF(OFFSET(PLE!$G$14,$M100,AY$13)=\"\",10^12,OFFSET(PLE!$G$14,$M100,AY$13))))","v":1000000000000},{"$f":"IF($D100<>\"Serviço\",0,IF(OR(AND(AUTOEVENTO=\"Manual\",$M100=1),$M100>(ROW(PLE.lastrow)-ROW(PLE.firstrow))),0,IF(OFFSET(PLE!$G$14,$M100,AZ$13)=\"\",10^12,OFFSET(PLE!$G$14,$M100,AZ$13))))","v":1000000000000},{"$f":"IF($D100<>\"Serviço\",0,IF(OR(AND(AUTOEVENTO=\"Manual\",$M100=1),$M100>(ROW(PLE.lastrow)-ROW(PLE.firstrow))),0,IF(OFFSET(PLE!$G$14,$M100,BA$13)=\"\",10^12,OFFSET(PLE!$G$14,$M100,BA$13))))","v":1000000000000},{"$f":"IF($D100<>\"Serviço\",0,IF(OR(AND(AUTOEVENTO=\"Manual\",$M100=1),$M100>(ROW(PLE.lastrow)-ROW(PLE.firstrow))),0,IF(OFFSET(PLE!$G$14,$M100,BB$13)=\"\",10^12,OFFSET(PLE!$G$14,$M100,BB$13))))","v":1000000000000},{"$f":"IF($D100<>\"Serviço\",0,IF(OR(AND(AUTOEVENTO=\"Manual\",$M100=1),$M100>(ROW(PLE.lastrow)-ROW(PLE.firstrow))),0,IF(OFFSET(PLE!$G$14,$M100,BC$13)=\"\",10^12,OFFSET(PLE!$G$14,$M100,BC$13))))","v":1000000000000},{"$f":"IF($D100<>\"Serviço\",0,IF(OR(AND(AUTOEVENTO=\"Manual\",$M100=1),$M100>(ROW(PLE.lastrow)-ROW(PLE.firstrow))),0,IF(OFFSET(PLE!$G$14,$M100,BD$13)=\"\",10^12,OFFSET(PLE!$G$14,$M100,BD$13))))","v":1000000000000},{"$f":"IF($D100<>\"Serviço\",0,IF(OR(AND(AUTOEVENTO=\"Manual\",$M100=1),$M100>(ROW(PLE.lastrow)-ROW(PLE.firstrow))),0,IF(OFFSET(PLE!$G$14,$M100,BE$13)=\"\",10^12,OFFSET(PLE!$G$14,$M100,BE$13))))","v":1000000000000},{"$f":"IF($D100<>\"Serviço\",0,IF(OR(AND(AUTOEVENTO=\"Manual\",$M100=1),$M100>(ROW(PLE.lastrow)-ROW(PLE.firstrow))),0,IF(OFFSET(PLE!$G$14,$M100,BF$13)=\"\",10^12,OFFSET(PLE!$G$14,$M100,BF$13))))","v":1000000000000},{"$f":"IF($D100<>\"Serviço\",0,IF(OR(AND(AUTOEVENTO=\"Manual\",$M100=1),$M100>(ROW(PLE.lastrow)-ROW(PLE.firstrow))),0,IF(OFFSET(PLE!$G$14,$M100,BG$13)=\"\",10^12,OFFSET(PLE!$G$14,$M100,BG$13))))","v":1000000000000}]
["80",{"$f":"OFFSET(ORÇAMENTO!C$15,ROW(B101)-ROW(B$15),0)","v":"S"},{"$f":"OFFSET(ORÇAMENTO!L$15,ROW(C101)-ROW(C$15),0)","v":""},{"$f":"OFFSET(ORÇAMENTO!N$15,ROW(D101)-ROW(D$15),0)","v":"Serviço"},{"$f":"OFFSET(ORÇAMENTO!O$15,ROW(E101)-ROW(E$15),0)","v":"-"},{"$f":"OFFSET(ORÇAMENTO!R$15,ROW(F101)-ROW(F$15),0)","v":"(Sem Código)"},{"$f":"IF($D101<>\"Serviço\",\"\",OFFSET(ORÇAMENTO!S$15,ROW(G101)-ROW(G$15),0))","v":"-"},{"$f":"IF($D101<>\"Serviço\",0,IF(ACOMPANHAMENTO=\"BM\",ROUND(OFFSET(ORÇAMENTO!AJ$15,ROW(H101)-ROW(H$15),0),15-13*ORÇAMENTO!$AF$7),SUMPRODUCT(($Q$12:$AA$12<>\"\")*ROUND($Q101:$AA101,15-13*ORÇAMENTO!$AF$7))))","v":0},null,null,null,".",{"$f":"IF($D101<>\"Serviço\",\"\",IF(AUTOEVENTO=\"manual\",$A101,IF(ISERROR(MATCH($A101,$A$15:OFFSET($A101,-1,0),0)),MAX($M$15:OFFSET(M101,-1,0))+1,INDEX($M$15:OFFSET(M101,-1,0),MATCH($A101,$A$15:OFFSET($A101,-1,0),0)))))","v":6},{"$f":"IF($D101<>\"Serviço\",\"\",IF(AUTOEVENTO=\"Manual\",IF($A101=0,\"<-- defina o número do agrupador\",OFFSET(EVENTOS!$D$14,$A101,0)),OFFSET($F$15,$A101,0)))","v":"ALVENARIAS, VEDAÇÕES E DIVISÓRIAS"},null,null,null,null,null,null,null,null,null,null,null,null,null,{"$f":"IF(AND($D101=\"Serviço\",AB$12<>0,$H101>0,OR(AUTOEVENTO<>\"manual\",$M101<>1)),\nIF(Import.TipoArredondamento<>\"TransfereGOV\",\nROUND(OFFSET($P101,0,AB$13),15-13*ORÇAMENTO!$AF$7)/$H101*OFFSET(ORÇAMENTO!$X$15,ROW(AB101)-ROW(AB$15),0),\nROUND(ROUND(OFFSET($P101,0,AB$13),15-13*ORÇAMENTO!$AF$7)*OFFSET(ORÇAMENTO!$W$15,ROW(AB101)-ROW(AB$15),0),15-13*ORÇAMENTO!$AF$11)),0)","v":0},{"$f":"IF(AND($D101=\"Serviço\",AC$12<>0,$H101>0,OR(AUTOEVENTO<>\"manual\",$M101<>1)),\nIF(Import.TipoArredondamento<>\"TransfereGOV\",\nROUND(OFFSET($P101,0,AC$13),15-13*ORÇAMENTO!$AF$7)/$H101*OFFSET(ORÇAMENTO!$X$15,ROW(AC101)-ROW(AC$15),0),\nROUND(ROUND(OFFSET($P101,0,AC$13),15-13*ORÇAMENTO!$AF$7)*OFFSET(ORÇAMENTO!$W$15,ROW(AC101)-ROW(AC$15),0),15-13*ORÇAMENTO!$AF$11)),0)","v":0},{"$f":"IF(AND($D101=\"Serviço\",AD$12<>0,$H101>0,OR(AUTOEVENTO<>\"manual\",$M101<>1)),\nIF(Import.TipoArredondamento<>\"TransfereGOV\",\nROUND(OFFSET($P101,0,AD$13),15-13*ORÇAMENTO!$AF$7)/$H101*OFFSET(ORÇAMENTO!$X$15,ROW(AD101)-ROW(AD$15),0),\nROUND(ROUND(OFFSET($P101,0,AD$13),15-13*ORÇAMENTO!$AF$7)*OFFSET(ORÇAMENTO!$W$15,ROW(AD101)-ROW(AD$15),0),15-13*ORÇAMENTO!$AF$11)),0)","v":0},{"$f":"IF(AND($D101=\"Serviço\",AE$12<>0,$H101>0,OR(AUTOEVENTO<>\"manual\",$M101<>1)),\nIF(Import.TipoArredondamento<>\"TransfereGOV\",\nROUND(OFFSET($P101,0,AE$13),15-13*ORÇAMENTO!$AF$7)/$H101*OFFSET(ORÇAMENTO!$X$15,ROW(AE101)-ROW(AE$15),0),\nROUND(ROUND(OFFSET($P101,0,AE$13),15-13*ORÇAMENTO!$AF$7)*OFFSET(ORÇAMENTO!$W$15,ROW(AE101)-ROW(AE$15),0),15-13*ORÇAMENTO!$AF$11)),0)","v":0},{"$f":"IF(AND($D101=\"Serviço\",AF$12<>0,$H101>0,OR(AUTOEVENTO<>\"manual\",$M101<>1)),\nIF(Import.TipoArredondamento<>\"TransfereGOV\",\nROUND(OFFSET($P101,0,AF$13),15-13*ORÇAMENTO!$AF$7)/$H101*OFFSET(ORÇAMENTO!$X$15,ROW(AF101)-ROW(AF$15),0),\nROUND(ROUND(OFFSET($P101,0,AF$13),15-13*ORÇAMENTO!$AF$7)*OFFSET(ORÇAMENTO!$W$15,ROW(AF101)-ROW(AF$15),0),15-13*ORÇAMENTO!$AF$11)),0)","v":0},{"$f":"IF(AND($D101=\"Serviço\",AG$12<>0,$H101>0,OR(AUTOEVENTO<>\"manual\",$M101<>1)),\nIF(Import.TipoArredondamento<>\"TransfereGOV\",\nROUND(OFFSET($P101,0,AG$13),15-13*ORÇAMENTO!$AF$7)/$H101*OFFSET(ORÇAMENTO!$X$15,ROW(AG101)-ROW(AG$15),0),\nROUND(ROUND(OFFSET($P101,0,AG$13),15-13*ORÇAMENTO!$AF$7)*OFFSET(ORÇAMENTO!$W$15,ROW(AG101)-ROW(AG$15),0),15-13*ORÇAMENTO!$AF$11)),0)","v":0},{"$f":"IF(AND($D101=\"Serviço\",AH$12<>0,$H101>0,OR(AUTOEVENTO<>\"manual\",$M101<>1)),\nIF(Import.TipoArredondamento<>\"TransfereGOV\",\nROUND(OFFSET($P101,0,AH$13),15-13*ORÇAMENTO!$AF$7)/$H101*OFFSET(ORÇAMENTO!$X$15,ROW(AH101)-ROW(AH$15),0),\nROUND(ROUND(OFFSET($P101,0,AH$13),15-13*ORÇAMENTO!$AF$7)*OFFSET(ORÇAMENTO!$W$15,ROW(AH101)-ROW(AH$15),0),15-13*ORÇAMENTO!$AF$11)),0)","v":0},{"$f":"IF(AND($D101=\"Serviço\",AI$12<>0,$H101>0,OR(AUTOEVENTO<>\"manual\",$M101<>1)),\nIF(Import.TipoArredondamento<>\"TransfereGOV\",\nROUND(OFFSET($P101,0,AI$13),15-13*ORÇAMENTO!$AF$7)/$H101*OFFSET(ORÇAMENTO!$X$15,ROW(AI101)-ROW(AI$15),0),\nROUND(ROUND(OFFSET($P101,0,AI$13),15-13*ORÇAMENTO!$AF$7)*OFFSET(ORÇAMENTO!$W$15,ROW(AI101)-ROW(AI$15),0),15-13*ORÇAMENTO!$AF$11)),0)","v":0},{"$f":"IF(AND($D101=\"Serviço\",AJ$12<>0,$H101>0,OR(AUTOEVENTO<>\"manual\",$M101<>1)),\nIF(Import.TipoArredondamento<>\"TransfereGOV\",\nROUND(OFFSET($P101,0,AJ$13),15-13*ORÇAMENTO!$AF$7)/$H101*OFFSET(ORÇAMENTO!$X$15,ROW(AJ101)-ROW(AJ$15),0),\nROUND(ROUND(OFFSET($P101,0,AJ$13),15-13*ORÇAMENTO!$AF$7)*OFFSET(ORÇAMENTO!$W$15,ROW(AJ101)-ROW(AJ$15),0),15-13*ORÇAMENTO!$AF$11)),0)","v":0},{"$f":"IF(AND($D101=\"Serviço\",AK$12<>0,$H101>0,OR(AUTOEVENTO<>\"manual\",$M101<>1)),\nIF(Import.TipoArredondamento<>\"TransfereGOV\",\nROUND(OFFSET($P101,0,AK$13),15-13*ORÇAMENTO!$AF$7)/$H101*OFFSET(ORÇAMENTO!$X$15,ROW(AK101)-ROW(AK$15),0),\nROUND(ROUND(OFFSET($P101,0,AK$13),15-13*ORÇAMENTO!$AF$7)*OFFSET(ORÇAMENTO!$W$15,ROW(AK101)-ROW(AK$15),0),15-13*ORÇAMENTO!$AF$11)),0)","v":0},null,{"$f":"IF($D101<>\"Serviço\",0,IF(AND(AUTOEVENTO=\"Manual\",$M101=1),0,IF(OFFSET(CRONOPLE!$F$14,$M101,AM$13)=\"\",10^12,OFFSET(CRONOPLE!$F$14,$M101,AM$13))))","v":1000000000000},{"$f":"IF($D101<>\"Serviço\",0,IF(AND(AUTOEVENTO=\"Manual\",$M101=1),0,IF(OFFSET(CRONOPLE!$F$14,$M101,AN$13)=\"\",10^12,OFFSET(CRONOPLE!$F$14,$M101,AN$13))))","v":1000000000000},{"$f":"IF($D101<>\"Serviço\",0,IF(AND(AUTOEVENTO=\"Manual\",$M101=1),0,IF(OFFSET(CRONOPLE!$F$14,$M101,AO$13)=\"\",10^12,OFFSET(CRONOPLE!$F$14,$M101,AO$13))))","v":1000000000000},{"$f":"IF($D101<>\"Serviço\",0,IF(AND(AUTOEVENTO=\"Manual\",$M101=1),0,IF(OFFSET(CRONOPLE!$F$14,$M101,AP$13)=\"\",10^12,OFFSET(CRONOPLE!$F$14,$M101,AP$13))))","v":1000000000000},{"$f":"IF($D101<>\"Serviço\",0,IF(AND(AUTOEVENTO=\"Manual\",$M101=1),0,IF(OFFSET(CRONOPLE!$F$14,$M101,AQ$13)=\"\",10^12,OFFSET(CRONOPLE!$F$14,$M101,AQ$13))))","v":1000000000000},{"$f":"IF($D101<>\"Serviço\",0,IF(AND(AUTOEVENTO=\"Manual\",$M101=1),0,IF(OFFSET(CRONOPLE!$F$14,$M101,AR$13)=\"\",10^12,OFFSET(CRONOPLE!$F$14,$M101,AR$13))))","v":1000000000000},{"$f":"IF($D101<>\"Serviço\",0,IF(AND(AUTOEVENTO=\"Manual\",$M101=1),0,IF(OFFSET(CRONOPLE!$F$14,$M101,AS$13)=\"\",10^12,OFFSET(CRONOPLE!$F$14,$M101,AS$13))))","v":1000000000000},{"$f":"IF($D101<>\"Serviço\",0,IF(AND(AUTOEVENTO=\"Manual\",$M101=1),0,IF(OFFSET(CRONOPLE!$F$14,$M101,AT$13)=\"\",10^12,OFFSET(CRONOPLE!$F$14,$M101,AT$13))))","v":1000000000000},{"$f":"IF($D101<>\"Serviço\",0,IF(AND(AUTOEVENTO=\"Manual\",$M101=1),0,IF(OFFSET(CRONOPLE!$F$14,$M101,AU$13)=\"\",10^12,OFFSET(CRONOPLE!$F$14,$M101,AU$13))))","v":1000000000000},{"$f":"IF($D101<>\"Serviço\",0,IF(AND(AUTOEVENTO=\"Manual\",$M101=1),0,IF(OFFSET(CRONOPLE!$F$14,$M101,AV$13)=\"\",10^12,OFFSET(CRONOPLE!$F$14,$M101,AV$13))))","v":1000000000000},null,{"$f":"IF($D101<>\"Serviço\",0,IF(OR(AND(AUTOEVENTO=\"Manual\",$M101=1),$M101>(ROW(PLE.lastrow)-ROW(PLE.firstrow))),0,IF(OFFSET(PLE!$G$14,$M101,AX$13)=\"\",10^12,OFFSET(PLE!$G$14,$M101,AX$13))))","v":1000000000000},{"$f":"IF($D101<>\"Serviço\",0,IF(OR(AND(AUTOEVENTO=\"Manual\",$M101=1),$M101>(ROW(PLE.lastrow)-ROW(PLE.firstrow))),0,IF(OFFSET(PLE!$G$14,$M101,AY$13)=\"\",10^12,OFFSET(PLE!$G$14,$M101,AY$13))))","v":1000000000000},{"$f":"IF($D101<>\"Serviço\",0,IF(OR(AND(AUTOEVENTO=\"Manual\",$M101=1),$M101>(ROW(PLE.lastrow)-ROW(PLE.firstrow))),0,IF(OFFSET(PLE!$G$14,$M101,AZ$13)=\"\",10^12,OFFSET(PLE!$G$14,$M101,AZ$13))))","v":1000000000000},{"$f":"IF($D101<>\"Serviço\",0,IF(OR(AND(AUTOEVENTO=\"Manual\",$M101=1),$M101>(ROW(PLE.lastrow)-ROW(PLE.firstrow))),0,IF(OFFSET(PLE!$G$14,$M101,BA$13)=\"\",10^12,OFFSET(PLE!$G$14,$M101,BA$13))))","v":1000000000000},{"$f":"IF($D101<>\"Serviço\",0,IF(OR(AND(AUTOEVENTO=\"Manual\",$M101=1),$M101>(ROW(PLE.lastrow)-ROW(PLE.firstrow))),0,IF(OFFSET(PLE!$G$14,$M101,BB$13)=\"\",10^12,OFFSET(PLE!$G$14,$M101,BB$13))))","v":1000000000000},{"$f":"IF($D101<>\"Serviço\",0,IF(OR(AND(AUTOEVENTO=\"Manual\",$M101=1),$M101>(ROW(PLE.lastrow)-ROW(PLE.firstrow))),0,IF(OFFSET(PLE!$G$14,$M101,BC$13)=\"\",10^12,OFFSET(PLE!$G$14,$M101,BC$13))))","v":1000000000000},{"$f":"IF($D101<>\"Serviço\",0,IF(OR(AND(AUTOEVENTO=\"Manual\",$M101=1),$M101>(ROW(PLE.lastrow)-ROW(PLE.firstrow))),0,IF(OFFSET(PLE!$G$14,$M101,BD$13)=\"\",10^12,OFFSET(PLE!$G$14,$M101,BD$13))))","v":1000000000000},{"$f":"IF($D101<>\"Serviço\",0,IF(OR(AND(AUTOEVENTO=\"Manual\",$M101=1),$M101>(ROW(PLE.lastrow)-ROW(PLE.firstrow))),0,IF(OFFSET(PLE!$G$14,$M101,BE$13)=\"\",10^12,OFFSET(PLE!$G$14,$M101,BE$13))))","v":1000000000000},{"$f":"IF($D101<>\"Serviço\",0,IF(OR(AND(AUTOEVENTO=\"Manual\",$M101=1),$M101>(ROW(PLE.lastrow)-ROW(PLE.firstrow))),0,IF(OFFSET(PLE!$G$14,$M101,BF$13)=\"\",10^12,OFFSET(PLE!$G$14,$M101,BF$13))))","v":1000000000000},{"$f":"IF($D101<>\"Serviço\",0,IF(OR(AND(AUTOEVENTO=\"Manual\",$M101=1),$M101>(ROW(PLE.lastrow)-ROW(PLE.firstrow))),0,IF(OFFSET(PLE!$G$14,$M101,BG$13)=\"\",10^12,OFFSET(PLE!$G$14,$M101,BG$13))))","v":1000000000000}]
["80",{"$f":"OFFSET(ORÇAMENTO!C$15,ROW(B102)-ROW(B$15),0)","v":"S"},{"$f":"OFFSET(ORÇAMENTO!L$15,ROW(C102)-ROW(C$15),0)","v":""},{"$f":"OFFSET(ORÇAMENTO!N$15,ROW(D102)-ROW(D$15),0)","v":"Serviço"},{"$f":"OFFSET(ORÇAMENTO!O$15,ROW(E102)-ROW(E$15),0)","v":"-"},{"$f":"OFFSET(ORÇAMENTO!R$15,ROW(F102)-ROW(F$15),0)","v":"(Sem Código)"},{"$f":"IF($D102<>\"Serviço\",\"\",OFFSET(ORÇAMENTO!S$15,ROW(G102)-ROW(G$15),0))","v":"-"},{"$f":"IF($D102<>\"Serviço\",0,IF(ACOMPANHAMENTO=\"BM\",ROUND(OFFSET(ORÇAMENTO!AJ$15,ROW(H102)-ROW(H$15),0),15-13*ORÇAMENTO!$AF$7),SUMPRODUCT(($Q$12:$AA$12<>\"\")*ROUND($Q102:$AA102,15-13*ORÇAMENTO!$AF$7))))","v":0},null,null,null,".",{"$f":"IF($D102<>\"Serviço\",\"\",IF(AUTOEVENTO=\"manual\",$A102,IF(ISERROR(MATCH($A102,$A$15:OFFSET($A102,-1,0),0)),MAX($M$15:OFFSET(M102,-1,0))+1,INDEX($M$15:OFFSET(M102,-1,0),MATCH($A102,$A$15:OFFSET($A102,-1,0),0)))))","v":6},{"$f":"IF($D102<>\"Serviço\",\"\",IF(AUTOEVENTO=\"Manual\",IF($A102=0,\"<-- defina o número do agrupador\",OFFSET(EVENTOS!$D$14,$A102,0)),OFFSET($F$15,$A102,0)))","v":"ALVENARIAS, VEDAÇÕES E DIVISÓRIAS"},null,null,null,null,null,null,null,null,null,null,null,null,null,{"$f":"IF(AND($D102=\"Serviço\",AB$12<>0,$H102>0,OR(AUTOEVENTO<>\"manual\",$M102<>1)),\nIF(Import.TipoArredondamento<>\"TransfereGOV\",\nROUND(OFFSET($P102,0,AB$13),15-13*ORÇAMENTO!$AF$7)/$H102*OFFSET(ORÇAMENTO!$X$15,ROW(AB102)-ROW(AB$15),0),\nROUND(ROUND(OFFSET($P102,0,AB$13),15-13*ORÇAMENTO!$AF$7)*OFFSET(ORÇAMENTO!$W$15,ROW(AB102)-ROW(AB$15),0),15-13*ORÇAMENTO!$AF$11)),0)","v":0},{"$f":"IF(AND($D102=\"Serviço\",AC$12<>0,$H102>0,OR(AUTOEVENTO<>\"manual\",$M102<>1)),\nIF(Import.TipoArredondamento<>\"TransfereGOV\",\nROUND(OFFSET($P102,0,AC$13),15-13*ORÇAMENTO!$AF$7)/$H102*OFFSET(ORÇAMENTO!$X$15,ROW(AC102)-ROW(AC$15),0),\nROUND(ROUND(OFFSET($P102,0,AC$13),15-13*ORÇAMENTO!$AF$7)*OFFSET(ORÇAMENTO!$W$15,ROW(AC102)-ROW(AC$15),0),15-13*ORÇAMENTO!$AF$11)),0)","v":0},{"$f":"IF(AND($D102=\"Serviço\",AD$12<>0,$H102>0,OR(AUTOEVENTO<>\"manual\",$M102<>1)),\nIF(Import.TipoArredondamento<>\"TransfereGOV\",\nROUND(OFFSET($P102,0,AD$13),15-13*ORÇAMENTO!$AF$7)/$H102*OFFSET(ORÇAMENTO!$X$15,ROW(AD102)-ROW(AD$15),0),\nROUND(ROUND(OFFSET($P102,0,AD$13),15-13*ORÇAMENTO!$AF$7)*OFFSET(ORÇAMENTO!$W$15,ROW(AD102)-ROW(AD$15),0),15-13*ORÇAMENTO!$AF$11)),0)","v":0},{"$f":"IF(AND($D102=\"Serviço\",AE$12<>0,$H102>0,OR(AUTOEVENTO<>\"manual\",$M102<>1)),\nIF(Import.TipoArredondamento<>\"TransfereGOV\",\nROUND(OFFSET($P102,0,AE$13),15-13*ORÇAMENTO!$AF$7)/$H102*OFFSET(ORÇAMENTO!$X$15,ROW(AE102)-ROW(AE$15),0),\nROUND(ROUND(OFFSET($P102,0,AE$13),15-13*ORÇAMENTO!$AF$7)*OFFSET(ORÇAMENTO!$W$15,ROW(AE102)-ROW(AE$15),0),15-13*ORÇAMENTO!$AF$11)),0)","v":0},{"$f":"IF(AND($D102=\"Serviço\",AF$12<>0,$H102>0,OR(AUTOEVENTO<>\"manual\",$M102<>1)),\nIF(Import.TipoArredondamento<>\"TransfereGOV\",\nROUND(OFFSET($P102,0,AF$13),15-13*ORÇAMENTO!$AF$7)/$H102*OFFSET(ORÇAMENTO!$X$15,ROW(AF102)-ROW(AF$15),0),\nROUND(ROUND(OFFSET($P102,0,AF$13),15-13*ORÇAMENTO!$AF$7)*OFFSET(ORÇAMENTO!$W$15,ROW(AF102)-ROW(AF$15),0),15-13*ORÇAMENTO!$AF$11)),0)","v":0},{"$f":"IF(AND($D102=\"Serviço\",AG$12<>0,$H102>0,OR(AUTOEVENTO<>\"manual\",$M102<>1)),\nIF(Import.TipoArredondamento<>\"TransfereGOV\",\nROUND(OFFSET($P102,0,AG$13),15-13*ORÇAMENTO!$AF$7)/$H102*OFFSET(ORÇAMENTO!$X$15,ROW(AG102)-ROW(AG$15),0),\nROUND(ROUND(OFFSET($P102,0,AG$13),15-13*ORÇAMENTO!$AF$7)*OFFSET(ORÇAMENTO!$W$15,ROW(AG102)-ROW(AG$15),0),15-13*ORÇAMENTO!$AF$11)),0)","v":0},{"$f":"IF(AND($D102=\"Serviço\",AH$12<>0,$H102>0,OR(AUTOEVENTO<>\"manual\",$M102<>1)),\nIF(Import.TipoArredondamento<>\"TransfereGOV\",\nROUND(OFFSET($P102,0,AH$13),15-13*ORÇAMENTO!$AF$7)/$H102*OFFSET(ORÇAMENTO!$X$15,ROW(AH102)-ROW(AH$15),0),\nROUND(ROUND(OFFSET($P102,0,AH$13),15-13*ORÇAMENTO!$AF$7)*OFFSET(ORÇAMENTO!$W$15,ROW(AH102)-ROW(AH$15),0),15-13*ORÇAMENTO!$AF$11)),0)","v":0},{"$f":"IF(AND($D102=\"Serviço\",AI$12<>0,$H102>0,OR(AUTOEVENTO<>\"manual\",$M102<>1)),\nIF(Import.TipoArredondamento<>\"TransfereGOV\",\nROUND(OFFSET($P102,0,AI$13),15-13*ORÇAMENTO!$AF$7)/$H102*OFFSET(ORÇAMENTO!$X$15,ROW(AI102)-ROW(AI$15),0),\nROUND(ROUND(OFFSET($P102,0,AI$13),15-13*ORÇAMENTO!$AF$7)*OFFSET(ORÇAMENTO!$W$15,ROW(AI102)-ROW(AI$15),0),15-13*ORÇAMENTO!$AF$11)),0)","v":0},{"$f":"IF(AND($D102=\"Serviço\",AJ$12<>0,$H102>0,OR(AUTOEVENTO<>\"manual\",$M102<>1)),\nIF(Import.TipoArredondamento<>\"TransfereGOV\",\nROUND(OFFSET($P102,0,AJ$13),15-13*ORÇAMENTO!$AF$7)/$H102*OFFSET(ORÇAMENTO!$X$15,ROW(AJ102)-ROW(AJ$15),0),\nROUND(ROUND(OFFSET($P102,0,AJ$13),15-13*ORÇAMENTO!$AF$7)*OFFSET(ORÇAMENTO!$W$15,ROW(AJ102)-ROW(AJ$15),0),15-13*ORÇAMENTO!$AF$11)),0)","v":0},{"$f":"IF(AND($D102=\"Serviço\",AK$12<>0,$H102>0,OR(AUTOEVENTO<>\"manual\",$M102<>1)),\nIF(Import.TipoArredondamento<>\"TransfereGOV\",\nROUND(OFFSET($P102,0,AK$13),15-13*ORÇAMENTO!$AF$7)/$H102*OFFSET(ORÇAMENTO!$X$15,ROW(AK102)-ROW(AK$15),0),\nROUND(ROUND(OFFSET($P102,0,AK$13),15-13*ORÇAMENTO!$AF$7)*OFFSET(ORÇAMENTO!$W$15,ROW(AK102)-ROW(AK$15),0),15-13*ORÇAMENTO!$AF$11)),0)","v":0},null,{"$f":"IF($D102<>\"Serviço\",0,IF(AND(AUTOEVENTO=\"Manual\",$M102=1),0,IF(OFFSET(CRONOPLE!$F$14,$M102,AM$13)=\"\",10^12,OFFSET(CRONOPLE!$F$14,$M102,AM$13))))","v":1000000000000},{"$f":"IF($D102<>\"Serviço\",0,IF(AND(AUTOEVENTO=\"Manual\",$M102=1),0,IF(OFFSET(CRONOPLE!$F$14,$M102,AN$13)=\"\",10^12,OFFSET(CRONOPLE!$F$14,$M102,AN$13))))","v":1000000000000},{"$f":"IF($D102<>\"Serviço\",0,IF(AND(AUTOEVENTO=\"Manual\",$M102=1),0,IF(OFFSET(CRONOPLE!$F$14,$M102,AO$13)=\"\",10^12,OFFSET(CRONOPLE!$F$14,$M102,AO$13))))","v":1000000000000},{"$f":"IF($D102<>\"Serviço\",0,IF(AND(AUTOEVENTO=\"Manual\",$M102=1),0,IF(OFFSET(CRONOPLE!$F$14,$M102,AP$13)=\"\",10^12,OFFSET(CRONOPLE!$F$14,$M102,AP$13))))","v":1000000000000},{"$f":"IF($D102<>\"Serviço\",0,IF(AND(AUTOEVENTO=\"Manual\",$M102=1),0,IF(OFFSET(CRONOPLE!$F$14,$M102,AQ$13)=\"\",10^12,OFFSET(CRONOPLE!$F$14,$M102,AQ$13))))","v":1000000000000},{"$f":"IF($D102<>\"Serviço\",0,IF(AND(AUTOEVENTO=\"Manual\",$M102=1),0,IF(OFFSET(CRONOPLE!$F$14,$M102,AR$13)=\"\",10^12,OFFSET(CRONOPLE!$F$14,$M102,AR$13))))","v":1000000000000},{"$f":"IF($D102<>\"Serviço\",0,IF(AND(AUTOEVENTO=\"Manual\",$M102=1),0,IF(OFFSET(CRONOPLE!$F$14,$M102,AS$13)=\"\",10^12,OFFSET(CRONOPLE!$F$14,$M102,AS$13))))","v":1000000000000},{"$f":"IF($D102<>\"Serviço\",0,IF(AND(AUTOEVENTO=\"Manual\",$M102=1),0,IF(OFFSET(CRONOPLE!$F$14,$M102,AT$13)=\"\",10^12,OFFSET(CRONOPLE!$F$14,$M102,AT$13))))","v":1000000000000},{"$f":"IF($D102<>\"Serviço\",0,IF(AND(AUTOEVENTO=\"Manual\",$M102=1),0,IF(OFFSET(CRONOPLE!$F$14,$M102,AU$13)=\"\",10^12,OFFSET(CRONOPLE!$F$14,$M102,AU$13))))","v":1000000000000},{"$f":"IF($D102<>\"Serviço\",0,IF(AND(AUTOEVENTO=\"Manual\",$M102=1),0,IF(OFFSET(CRONOPLE!$F$14,$M102,AV$13)=\"\",10^12,OFFSET(CRONOPLE!$F$14,$M102,AV$13))))","v":1000000000000},null,{"$f":"IF($D102<>\"Serviço\",0,IF(OR(AND(AUTOEVENTO=\"Manual\",$M102=1),$M102>(ROW(PLE.lastrow)-ROW(PLE.firstrow))),0,IF(OFFSET(PLE!$G$14,$M102,AX$13)=\"\",10^12,OFFSET(PLE!$G$14,$M102,AX$13))))","v":1000000000000},{"$f":"IF($D102<>\"Serviço\",0,IF(OR(AND(AUTOEVENTO=\"Manual\",$M102=1),$M102>(ROW(PLE.lastrow)-ROW(PLE.firstrow))),0,IF(OFFSET(PLE!$G$14,$M102,AY$13)=\"\",10^12,OFFSET(PLE!$G$14,$M102,AY$13))))","v":1000000000000},{"$f":"IF($D102<>\"Serviço\",0,IF(OR(AND(AUTOEVENTO=\"Manual\",$M102=1),$M102>(ROW(PLE.lastrow)-ROW(PLE.firstrow))),0,IF(OFFSET(PLE!$G$14,$M102,AZ$13)=\"\",10^12,OFFSET(PLE!$G$14,$M102,AZ$13))))","v":1000000000000},{"$f":"IF($D102<>\"Serviço\",0,IF(OR(AND(AUTOEVENTO=\"Manual\",$M102=1),$M102>(ROW(PLE.lastrow)-ROW(PLE.firstrow))),0,IF(OFFSET(PLE!$G$14,$M102,BA$13)=\"\",10^12,OFFSET(PLE!$G$14,$M102,BA$13))))","v":1000000000000},{"$f":"IF($D102<>\"Serviço\",0,IF(OR(AND(AUTOEVENTO=\"Manual\",$M102=1),$M102>(ROW(PLE.lastrow)-ROW(PLE.firstrow))),0,IF(OFFSET(PLE!$G$14,$M102,BB$13)=\"\",10^12,OFFSET(PLE!$G$14,$M102,BB$13))))","v":1000000000000},{"$f":"IF($D102<>\"Serviço\",0,IF(OR(AND(AUTOEVENTO=\"Manual\",$M102=1),$M102>(ROW(PLE.lastrow)-ROW(PLE.firstrow))),0,IF(OFFSET(PLE!$G$14,$M102,BC$13)=\"\",10^12,OFFSET(PLE!$G$14,$M102,BC$13))))","v":1000000000000},{"$f":"IF($D102<>\"Serviço\",0,IF(OR(AND(AUTOEVENTO=\"Manual\",$M102=1),$M102>(ROW(PLE.lastrow)-ROW(PLE.firstrow))),0,IF(OFFSET(PLE!$G$14,$M102,BD$13)=\"\",10^12,OFFSET(PLE!$G$14,$M102,BD$13))))","v":1000000000000},{"$f":"IF($D102<>\"Serviço\",0,IF(OR(AND(AUTOEVENTO=\"Manual\",$M102=1),$M102>(ROW(PLE.lastrow)-ROW(PLE.firstrow))),0,IF(OFFSET(PLE!$G$14,$M102,BE$13)=\"\",10^12,OFFSET(PLE!$G$14,$M102,BE$13))))","v":1000000000000},{"$f":"IF($D102<>\"Serviço\",0,IF(OR(AND(AUTOEVENTO=\"Manual\",$M102=1),$M102>(ROW(PLE.lastrow)-ROW(PLE.firstrow))),0,IF(OFFSET(PLE!$G$14,$M102,BF$13)=\"\",10^12,OFFSET(PLE!$G$14,$M102,BF$13))))","v":1000000000000},{"$f":"IF($D102<>\"Serviço\",0,IF(OR(AND(AUTOEVENTO=\"Manual\",$M102=1),$M102>(ROW(PLE.lastrow)-ROW(PLE.firstrow))),0,IF(OFFSET(PLE!$G$14,$M102,BG$13)=\"\",10^12,OFFSET(PLE!$G$14,$M102,BG$13))))","v":1000000000000}]
["80",{"$f":"OFFSET(ORÇAMENTO!C$15,ROW(B103)-ROW(B$15),0)","v":"S"},{"$f":"OFFSET(ORÇAMENTO!L$15,ROW(C103)-ROW(C$15),0)","v":""},{"$f":"OFFSET(ORÇAMENTO!N$15,ROW(D103)-ROW(D$15),0)","v":"Serviço"},{"$f":"OFFSET(ORÇAMENTO!O$15,ROW(E103)-ROW(E$15),0)","v":"-"},{"$f":"OFFSET(ORÇAMENTO!R$15,ROW(F103)-ROW(F$15),0)","v":"(Sem Código)"},{"$f":"IF($D103<>\"Serviço\",\"\",OFFSET(ORÇAMENTO!S$15,ROW(G103)-ROW(G$15),0))","v":"-"},{"$f":"IF($D103<>\"Serviço\",0,IF(ACOMPANHAMENTO=\"BM\",ROUND(OFFSET(ORÇAMENTO!AJ$15,ROW(H103)-ROW(H$15),0),15-13*ORÇAMENTO!$AF$7),SUMPRODUCT(($Q$12:$AA$12<>\"\")*ROUND($Q103:$AA103,15-13*ORÇAMENTO!$AF$7))))","v":0},null,null,null,".",{"$f":"IF($D103<>\"Serviço\",\"\",IF(AUTOEVENTO=\"manual\",$A103,IF(ISERROR(MATCH($A103,$A$15:OFFSET($A103,-1,0),0)),MAX($M$15:OFFSET(M103,-1,0))+1,INDEX($M$15:OFFSET(M103,-1,0),MATCH($A103,$A$15:OFFSET($A103,-1,0),0)))))","v":6},{"$f":"IF($D103<>\"Serviço\",\"\",IF(AUTOEVENTO=\"Manual\",IF($A103=0,\"<-- defina o número do agrupador\",OFFSET(EVENTOS!$D$14,$A103,0)),OFFSET($F$15,$A103,0)))","v":"ALVENARIAS, VEDAÇÕES E DIVISÓRIAS"},null,null,null,null,null,null,null,null,null,null,null,null,null,{"$f":"IF(AND($D103=\"Serviço\",AB$12<>0,$H103>0,OR(AUTOEVENTO<>\"manual\",$M103<>1)),\nIF(Import.TipoArredondamento<>\"TransfereGOV\",\nROUND(OFFSET($P103,0,AB$13),15-13*ORÇAMENTO!$AF$7)/$H103*OFFSET(ORÇAMENTO!$X$15,ROW(AB103)-ROW(AB$15),0),\nROUND(ROUND(OFFSET($P103,0,AB$13),15-13*ORÇAMENTO!$AF$7)*OFFSET(ORÇAMENTO!$W$15,ROW(AB103)-ROW(AB$15),0),15-13*ORÇAMENTO!$AF$11)),0)","v":0},{"$f":"IF(AND($D103=\"Serviço\",AC$12<>0,$H103>0,OR(AUTOEVENTO<>\"manual\",$M103<>1)),\nIF(Import.TipoArredondamento<>\"TransfereGOV\",\nROUND(OFFSET($P103,0,AC$13),15-13*ORÇAMENTO!$AF$7)/$H103*OFFSET(ORÇAMENTO!$X$15,ROW(AC103)-ROW(AC$15),0),\nROUND(ROUND(OFFSET($P103,0,AC$13),15-13*ORÇAMENTO!$AF$7)*OFFSET(ORÇAMENTO!$W$15,ROW(AC103)-ROW(AC$15),0),15-13*ORÇAMENTO!$AF$11)),0)","v":0},{"$f":"IF(AND($D103=\"Serviço\",AD$12<>0,$H103>0,OR(AUTOEVENTO<>\"manual\",$M103<>1)),\nIF(Import.TipoArredondamento<>\"TransfereGOV\",\nROUND(OFFSET($P103,0,AD$13),15-13*ORÇAMENTO!$AF$7)/$H103*OFFSET(ORÇAMENTO!$X$15,ROW(AD103)-ROW(AD$15),0),\nROUND(ROUND(OFFSET($P103,0,AD$13),15-13*ORÇAMENTO!$AF$7)*OFFSET(ORÇAMENTO!$W$15,ROW(AD103)-ROW(AD$15),0),15-13*ORÇAMENTO!$AF$11)),0)","v":0},{"$f":"IF(AND($D103=\"Serviço\",AE$12<>0,$H103>0,OR(AUTOEVENTO<>\"manual\",$M103<>1)),\nIF(Import.TipoArredondamento<>\"TransfereGOV\",\nROUND(OFFSET($P103,0,AE$13),15-13*ORÇAMENTO!$AF$7)/$H103*OFFSET(ORÇAMENTO!$X$15,ROW(AE103)-ROW(AE$15),0),\nROUND(ROUND(OFFSET($P103,0,AE$13),15-13*ORÇAMENTO!$AF$7)*OFFSET(ORÇAMENTO!$W$15,ROW(AE103)-ROW(AE$15),0),15-13*ORÇAMENTO!$AF$11)),0)","v":0},{"$f":"IF(AND($D103=\"Serviço\",AF$12<>0,$H103>0,OR(AUTOEVENTO<>\"manual\",$M103<>1)),\nIF(Import.TipoArredondamento<>\"TransfereGOV\",\nROUND(OFFSET($P103,0,AF$13),15-13*ORÇAMENTO!$AF$7)/$H103*OFFSET(ORÇAMENTO!$X$15,ROW(AF103)-ROW(AF$15),0),\nROUND(ROUND(OFFSET($P103,0,AF$13),15-13*ORÇAMENTO!$AF$7)*OFFSET(ORÇAMENTO!$W$15,ROW(AF103)-ROW(AF$15),0),15-13*ORÇAMENTO!$AF$11)),0)","v":0},{"$f":"IF(AND($D103=\"Serviço\",AG$12<>0,$H103>0,OR(AUTOEVENTO<>\"manual\",$M103<>1)),\nIF(Import.TipoArredondamento<>\"TransfereGOV\",\nROUND(OFFSET($P103,0,AG$13),15-13*ORÇAMENTO!$AF$7)/$H103*OFFSET(ORÇAMENTO!$X$15,ROW(AG103)-ROW(AG$15),0),\nROUND(ROUND(OFFSET($P103,0,AG$13),15-13*ORÇAMENTO!$AF$7)*OFFSET(ORÇAMENTO!$W$15,ROW(AG103)-ROW(AG$15),0),15-13*ORÇAMENTO!$AF$11)),0)","v":0},{"$f":"IF(AND($D103=\"Serviço\",AH$12<>0,$H103>0,OR(AUTOEVENTO<>\"manual\",$M103<>1)),\nIF(Import.TipoArredondamento<>\"TransfereGOV\",\nROUND(OFFSET($P103,0,AH$13),15-13*ORÇAMENTO!$AF$7)/$H103*OFFSET(ORÇAMENTO!$X$15,ROW(AH103)-ROW(AH$15),0),\nROUND(ROUND(OFFSET($P103,0,AH$13),15-13*ORÇAMENTO!$AF$7)*OFFSET(ORÇAMENTO!$W$15,ROW(AH103)-ROW(AH$15),0),15-13*ORÇAMENTO!$AF$11)),0)","v":0},{"$f":"IF(AND($D103=\"Serviço\",AI$12<>0,$H103>0,OR(AUTOEVENTO<>\"manual\",$M103<>1)),\nIF(Import.TipoArredondamento<>\"TransfereGOV\",\nROUND(OFFSET($P103,0,AI$13),15-13*ORÇAMENTO!$AF$7)/$H103*OFFSET(ORÇAMENTO!$X$15,ROW(AI103)-ROW(AI$15),0),\nROUND(ROUND(OFFSET($P103,0,AI$13),15-13*ORÇAMENTO!$AF$7)*OFFSET(ORÇAMENTO!$W$15,ROW(AI103)-ROW(AI$15),0),15-13*ORÇAMENTO!$AF$11)),0)","v":0},{"$f":"IF(AND($D103=\"Serviço\",AJ$12<>0,$H103>0,OR(AUTOEVENTO<>\"manual\",$M103<>1)),\nIF(Import.TipoArredondamento<>\"TransfereGOV\",\nROUND(OFFSET($P103,0,AJ$13),15-13*ORÇAMENTO!$AF$7)/$H103*OFFSET(ORÇAMENTO!$X$15,ROW(AJ103)-ROW(AJ$15),0),\nROUND(ROUND(OFFSET($P103,0,AJ$13),15-13*ORÇAMENTO!$AF$7)*OFFSET(ORÇAMENTO!$W$15,ROW(AJ103)-ROW(AJ$15),0),15-13*ORÇAMENTO!$AF$11)),0)","v":0},{"$f":"IF(AND($D103=\"Serviço\",AK$12<>0,$H103>0,OR(AUTOEVENTO<>\"manual\",$M103<>1)),\nIF(Import.TipoArredondamento<>\"TransfereGOV\",\nROUND(OFFSET($P103,0,AK$13),15-13*ORÇAMENTO!$AF$7)/$H103*OFFSET(ORÇAMENTO!$X$15,ROW(AK103)-ROW(AK$15),0),\nROUND(ROUND(OFFSET($P103,0,AK$13),15-13*ORÇAMENTO!$AF$7)*OFFSET(ORÇAMENTO!$W$15,ROW(AK103)-ROW(AK$15),0),15-13*ORÇAMENTO!$AF$11)),0)","v":0},null,{"$f":"IF($D103<>\"Serviço\",0,IF(AND(AUTOEVENTO=\"Manual\",$M103=1),0,IF(OFFSET(CRONOPLE!$F$14,$M103,AM$13)=\"\",10^12,OFFSET(CRONOPLE!$F$14,$M103,AM$13))))","v":1000000000000},{"$f":"IF($D103<>\"Serviço\",0,IF(AND(AUTOEVENTO=\"Manual\",$M103=1),0,IF(OFFSET(CRONOPLE!$F$14,$M103,AN$13)=\"\",10^12,OFFSET(CRONOPLE!$F$14,$M103,AN$13))))","v":1000000000000},{"$f":"IF($D103<>\"Serviço\",0,IF(AND(AUTOEVENTO=\"Manual\",$M103=1),0,IF(OFFSET(CRONOPLE!$F$14,$M103,AO$13)=\"\",10^12,OFFSET(CRONOPLE!$F$14,$M103,AO$13))))","v":1000000000000},{"$f":"IF($D103<>\"Serviço\",0,IF(AND(AUTOEVENTO=\"Manual\",$M103=1),0,IF(OFFSET(CRONOPLE!$F$14,$M103,AP$13)=\"\",10^12,OFFSET(CRONOPLE!$F$14,$M103,AP$13))))","v":1000000000000},{"$f":"IF($D103<>\"Serviço\",0,IF(AND(AUTOEVENTO=\"Manual\",$M103=1),0,IF(OFFSET(CRONOPLE!$F$14,$M103,AQ$13)=\"\",10^12,OFFSET(CRONOPLE!$F$14,$M103,AQ$13))))","v":1000000000000},{"$f":"IF($D103<>\"Serviço\",0,IF(AND(AUTOEVENTO=\"Manual\",$M103=1),0,IF(OFFSET(CRONOPLE!$F$14,$M103,AR$13)=\"\",10^12,OFFSET(CRONOPLE!$F$14,$M103,AR$13))))","v":1000000000000},{"$f":"IF($D103<>\"Serviço\",0,IF(AND(AUTOEVENTO=\"Manual\",$M103=1),0,IF(OFFSET(CRONOPLE!$F$14,$M103,AS$13)=\"\",10^12,OFFSET(CRONOPLE!$F$14,$M103,AS$13))))","v":1000000000000},{"$f":"IF($D103<>\"Serviço\",0,IF(AND(AUTOEVENTO=\"Manual\",$M103=1),0,IF(OFFSET(CRONOPLE!$F$14,$M103,AT$13)=\"\",10^12,OFFSET(CRONOPLE!$F$14,$M103,AT$13))))","v":1000000000000},{"$f":"IF($D103<>\"Serviço\",0,IF(AND(AUTOEVENTO=\"Manual\",$M103=1),0,IF(OFFSET(CRONOPLE!$F$14,$M103,AU$13)=\"\",10^12,OFFSET(CRONOPLE!$F$14,$M103,AU$13))))","v":1000000000000},{"$f":"IF($D103<>\"Serviço\",0,IF(AND(AUTOEVENTO=\"Manual\",$M103=1),0,IF(OFFSET(CRONOPLE!$F$14,$M103,AV$13)=\"\",10^12,OFFSET(CRONOPLE!$F$14,$M103,AV$13))))","v":1000000000000},null,{"$f":"IF($D103<>\"Serviço\",0,IF(OR(AND(AUTOEVENTO=\"Manual\",$M103=1),$M103>(ROW(PLE.lastrow)-ROW(PLE.firstrow))),0,IF(OFFSET(PLE!$G$14,$M103,AX$13)=\"\",10^12,OFFSET(PLE!$G$14,$M103,AX$13))))","v":1000000000000},{"$f":"IF($D103<>\"Serviço\",0,IF(OR(AND(AUTOEVENTO=\"Manual\",$M103=1),$M103>(ROW(PLE.lastrow)-ROW(PLE.firstrow))),0,IF(OFFSET(PLE!$G$14,$M103,AY$13)=\"\",10^12,OFFSET(PLE!$G$14,$M103,AY$13))))","v":1000000000000},{"$f":"IF($D103<>\"Serviço\",0,IF(OR(AND(AUTOEVENTO=\"Manual\",$M103=1),$M103>(ROW(PLE.lastrow)-ROW(PLE.firstrow))),0,IF(OFFSET(PLE!$G$14,$M103,AZ$13)=\"\",10^12,OFFSET(PLE!$G$14,$M103,AZ$13))))","v":1000000000000},{"$f":"IF($D103<>\"Serviço\",0,IF(OR(AND(AUTOEVENTO=\"Manual\",$M103=1),$M103>(ROW(PLE.lastrow)-ROW(PLE.firstrow))),0,IF(OFFSET(PLE!$G$14,$M103,BA$13)=\"\",10^12,OFFSET(PLE!$G$14,$M103,BA$13))))","v":1000000000000},{"$f":"IF($D103<>\"Serviço\",0,IF(OR(AND(AUTOEVENTO=\"Manual\",$M103=1),$M103>(ROW(PLE.lastrow)-ROW(PLE.firstrow))),0,IF(OFFSET(PLE!$G$14,$M103,BB$13)=\"\",10^12,OFFSET(PLE!$G$14,$M103,BB$13))))","v":1000000000000},{"$f":"IF($D103<>\"Serviço\",0,IF(OR(AND(AUTOEVENTO=\"Manual\",$M103=1),$M103>(ROW(PLE.lastrow)-ROW(PLE.firstrow))),0,IF(OFFSET(PLE!$G$14,$M103,BC$13)=\"\",10^12,OFFSET(PLE!$G$14,$M103,BC$13))))","v":1000000000000},{"$f":"IF($D103<>\"Serviço\",0,IF(OR(AND(AUTOEVENTO=\"Manual\",$M103=1),$M103>(ROW(PLE.lastrow)-ROW(PLE.firstrow))),0,IF(OFFSET(PLE!$G$14,$M103,BD$13)=\"\",10^12,OFFSET(PLE!$G$14,$M103,BD$13))))","v":1000000000000},{"$f":"IF($D103<>\"Serviço\",0,IF(OR(AND(AUTOEVENTO=\"Manual\",$M103=1),$M103>(ROW(PLE.lastrow)-ROW(PLE.firstrow))),0,IF(OFFSET(PLE!$G$14,$M103,BE$13)=\"\",10^12,OFFSET(PLE!$G$14,$M103,BE$13))))","v":1000000000000},{"$f":"IF($D103<>\"Serviço\",0,IF(OR(AND(AUTOEVENTO=\"Manual\",$M103=1),$M103>(ROW(PLE.lastrow)-ROW(PLE.firstrow))),0,IF(OFFSET(PLE!$G$14,$M103,BF$13)=\"\",10^12,OFFSET(PLE!$G$14,$M103,BF$13))))","v":1000000000000},{"$f":"IF($D103<>\"Serviço\",0,IF(OR(AND(AUTOEVENTO=\"Manual\",$M103=1),$M103>(ROW(PLE.lastrow)-ROW(PLE.firstrow))),0,IF(OFFSET(PLE!$G$14,$M103,BG$13)=\"\",10^12,OFFSET(PLE!$G$14,$M103,BG$13))))","v":1000000000000}]
["89.",{"$f":"OFFSET(ORÇAMENTO!C$15,ROW(B104)-ROW(B$15),0)","v":2},{"$f":"OFFSET(ORÇAMENTO!L$15,ROW(C104)-ROW(C$15),0)","v":"F"},{"$f":"OFFSET(ORÇAMENTO!N$15,ROW(D104)-ROW(D$15),0)","v":"Nível 2"},{"$f":"OFFSET(ORÇAMENTO!O$15,ROW(E104)-ROW(E$15),0)","v":"1.6."},{"$f":"OFFSET(ORÇAMENTO!R$15,ROW(F104)-ROW(F$15),0)","v":"COBERTURA"},{"$f":"IF($D104<>\"Serviço\",\"\",OFFSET(ORÇAMENTO!S$15,ROW(G104)-ROW(G$15),0))","v":""},{"$f":"IF($D104<>\"Serviço\",0,IF(ACOMPANHAMENTO=\"BM\",ROUND(OFFSET(ORÇAMENTO!AJ$15,ROW(H104)-ROW(H$15),0),15-13*ORÇAMENTO!$AF$7),SUMPRODUCT(($Q$12:$AA$12<>\"\")*ROUND($Q104:$AA104,15-13*ORÇAMENTO!$AF$7))))","v":0},null,null,null,".",{"$f":"IF($D104<>\"Serviço\",\"\",IF(AUTOEVENTO=\"manual\",$A104,IF(ISERROR(MATCH($A104,$A$15:OFFSET($A104,-1,0),0)),MAX($M$15:OFFSET(M104,-1,0))+1,INDEX($M$15:OFFSET(M104,-1,0),MATCH($A104,$A$15:OFFSET($A104,-1,0),0)))))","v":""},{"$f":"IF($D104<>\"Serviço\",\"\",IF(AUTOEVENTO=\"Manual\",IF($A104=0,\"<-- defina o número do agrupador\",OFFSET(EVENTOS!$D$14,$A104,0)),OFFSET($F$15,$A104,0)))","v":""},null,null,null,null,null,null,null,null,null,null,null,null,null,{"$f":"IF(AND($D104=\"Serviço\",AB$12<>0,$H104>0,OR(AUTOEVENTO<>\"manual\",$M104<>1)),\nIF(Import.TipoArredondamento<>\"TransfereGOV\",\nROUND(OFFSET($P104,0,AB$13),15-13*ORÇAMENTO!$AF$7)/$H104*OFFSET(ORÇAMENTO!$X$15,ROW(AB104)-ROW(AB$15),0),\nROUND(ROUND(OFFSET($P104,0,AB$13),15-13*ORÇAMENTO!$AF$7)*OFFSET(ORÇAMENTO!$W$15,ROW(AB104)-ROW(AB$15),0),15-13*ORÇAMENTO!$AF$11)),0)","v":0},{"$f":"IF(AND($D104=\"Serviço\",AC$12<>0,$H104>0,OR(AUTOEVENTO<>\"manual\",$M104<>1)),\nIF(Import.TipoArredondamento<>\"TransfereGOV\",\nROUND(OFFSET($P104,0,AC$13),15-13*ORÇAMENTO!$AF$7)/$H104*OFFSET(ORÇAMENTO!$X$15,ROW(AC104)-ROW(AC$15),0),\nROUND(ROUND(OFFSET($P104,0,AC$13),15-13*ORÇAMENTO!$AF$7)*OFFSET(ORÇAMENTO!$W$15,ROW(AC104)-ROW(AC$15),0),15-13*ORÇAMENTO!$AF$11)),0)","v":0},{"$f":"IF(AND($D104=\"Serviço\",AD$12<>0,$H104>0,OR(AUTOEVENTO<>\"manual\",$M104<>1)),\nIF(Import.TipoArredondamento<>\"TransfereGOV\",\nROUND(OFFSET($P104,0,AD$13),15-13*ORÇAMENTO!$AF$7)/$H104*OFFSET(ORÇAMENTO!$X$15,ROW(AD104)-ROW(AD$15),0),\nROUND(ROUND(OFFSET($P104,0,AD$13),15-13*ORÇAMENTO!$AF$7)*OFFSET(ORÇAMENTO!$W$15,ROW(AD104)-ROW(AD$15),0),15-13*ORÇAMENTO!$AF$11)),0)","v":0},{"$f":"IF(AND($D104=\"Serviço\",AE$12<>0,$H104>0,OR(AUTOEVENTO<>\"manual\",$M104<>1)),\nIF(Import.TipoArredondamento<>\"TransfereGOV\",\nROUND(OFFSET($P104,0,AE$13),15-13*ORÇAMENTO!$AF$7)/$H104*OFFSET(ORÇAMENTO!$X$15,ROW(AE104)-ROW(AE$15),0),\nROUND(ROUND(OFFSET($P104,0,AE$13),15-13*ORÇAMENTO!$AF$7)*OFFSET(ORÇAMENTO!$W$15,ROW(AE104)-ROW(AE$15),0),15-13*ORÇAMENTO!$AF$11)),0)","v":0},{"$f":"IF(AND($D104=\"Serviço\",AF$12<>0,$H104>0,OR(AUTOEVENTO<>\"manual\",$M104<>1)),\nIF(Import.TipoArredondamento<>\"TransfereGOV\",\nROUND(OFFSET($P104,0,AF$13),15-13*ORÇAMENTO!$AF$7)/$H104*OFFSET(ORÇAMENTO!$X$15,ROW(AF104)-ROW(AF$15),0),\nROUND(ROUND(OFFSET($P104,0,AF$13),15-13*ORÇAMENTO!$AF$7)*OFFSET(ORÇAMENTO!$W$15,ROW(AF104)-ROW(AF$15),0),15-13*ORÇAMENTO!$AF$11)),0)","v":0},{"$f":"IF(AND($D104=\"Serviço\",AG$12<>0,$H104>0,OR(AUTOEVENTO<>\"manual\",$M104<>1)),\nIF(Import.TipoArredondamento<>\"TransfereGOV\",\nROUND(OFFSET($P104,0,AG$13),15-13*ORÇAMENTO!$AF$7)/$H104*OFFSET(ORÇAMENTO!$X$15,ROW(AG104)-ROW(AG$15),0),\nROUND(ROUND(OFFSET($P104,0,AG$13),15-13*ORÇAMENTO!$AF$7)*OFFSET(ORÇAMENTO!$W$15,ROW(AG104)-ROW(AG$15),0),15-13*ORÇAMENTO!$AF$11)),0)","v":0},{"$f":"IF(AND($D104=\"Serviço\",AH$12<>0,$H104>0,OR(AUTOEVENTO<>\"manual\",$M104<>1)),\nIF(Import.TipoArredondamento<>\"TransfereGOV\",\nROUND(OFFSET($P104,0,AH$13),15-13*ORÇAMENTO!$AF$7)/$H104*OFFSET(ORÇAMENTO!$X$15,ROW(AH104)-ROW(AH$15),0),\nROUND(ROUND(OFFSET($P104,0,AH$13),15-13*ORÇAMENTO!$AF$7)*OFFSET(ORÇAMENTO!$W$15,ROW(AH104)-ROW(AH$15),0),15-13*ORÇAMENTO!$AF$11)),0)","v":0},{"$f":"IF(AND($D104=\"Serviço\",AI$12<>0,$H104>0,OR(AUTOEVENTO<>\"manual\",$M104<>1)),\nIF(Import.TipoArredondamento<>\"TransfereGOV\",\nROUND(OFFSET($P104,0,AI$13),15-13*ORÇAMENTO!$AF$7)/$H104*OFFSET(ORÇAMENTO!$X$15,ROW(AI104)-ROW(AI$15),0),\nROUND(ROUND(OFFSET($P104,0,AI$13),15-13*ORÇAMENTO!$AF$7)*OFFSET(ORÇAMENTO!$W$15,ROW(AI104)-ROW(AI$15),0),15-13*ORÇAMENTO!$AF$11)),0)","v":0},{"$f":"IF(AND($D104=\"Serviço\",AJ$12<>0,$H104>0,OR(AUTOEVENTO<>\"manual\",$M104<>1)),\nIF(Import.TipoArredondamento<>\"TransfereGOV\",\nROUND(OFFSET($P104,0,AJ$13),15-13*ORÇAMENTO!$AF$7)/$H104*OFFSET(ORÇAMENTO!$X$15,ROW(AJ104)-ROW(AJ$15),0),\nROUND(ROUND(OFFSET($P104,0,AJ$13),15-13*ORÇAMENTO!$AF$7)*OFFSET(ORÇAMENTO!$W$15,ROW(AJ104)-ROW(AJ$15),0),15-13*ORÇAMENTO!$AF$11)),0)","v":0},{"$f":"IF(AND($D104=\"Serviço\",AK$12<>0,$H104>0,OR(AUTOEVENTO<>\"manual\",$M104<>1)),\nIF(Import.TipoArredondamento<>\"TransfereGOV\",\nROUND(OFFSET($P104,0,AK$13),15-13*ORÇAMENTO!$AF$7)/$H104*OFFSET(ORÇAMENTO!$X$15,ROW(AK104)-ROW(AK$15),0),\nROUND(ROUND(OFFSET($P104,0,AK$13),15-13*ORÇAMENTO!$AF$7)*OFFSET(ORÇAMENTO!$W$15,ROW(AK104)-ROW(AK$15),0),15-13*ORÇAMENTO!$AF$11)),0)","v":0},null,{"$f":"IF($D104<>\"Serviço\",0,IF(AND(AUTOEVENTO=\"Manual\",$M104=1),0,IF(OFFSET(CRONOPLE!$F$14,$M104,AM$13)=\"\",10^12,OFFSET(CRONOPLE!$F$14,$M104,AM$13))))","v":0},{"$f":"IF($D104<>\"Serviço\",0,IF(AND(AUTOEVENTO=\"Manual\",$M104=1),0,IF(OFFSET(CRONOPLE!$F$14,$M104,AN$13)=\"\",10^12,OFFSET(CRONOPLE!$F$14,$M104,AN$13))))","v":0},{"$f":"IF($D104<>\"Serviço\",0,IF(AND(AUTOEVENTO=\"Manual\",$M104=1),0,IF(OFFSET(CRONOPLE!$F$14,$M104,AO$13)=\"\",10^12,OFFSET(CRONOPLE!$F$14,$M104,AO$13))))","v":0},{"$f":"IF($D104<>\"Serviço\",0,IF(AND(AUTOEVENTO=\"Manual\",$M104=1),0,IF(OFFSET(CRONOPLE!$F$14,$M104,AP$13)=\"\",10^12,OFFSET(CRONOPLE!$F$14,$M104,AP$13))))","v":0},{"$f":"IF($D104<>\"Serviço\",0,IF(AND(AUTOEVENTO=\"Manual\",$M104=1),0,IF(OFFSET(CRONOPLE!$F$14,$M104,AQ$13)=\"\",10^12,OFFSET(CRONOPLE!$F$14,$M104,AQ$13))))","v":0},{"$f":"IF($D104<>\"Serviço\",0,IF(AND(AUTOEVENTO=\"Manual\",$M104=1),0,IF(OFFSET(CRONOPLE!$F$14,$M104,AR$13)=\"\",10^12,OFFSET(CRONOPLE!$F$14,$M104,AR$13))))","v":0},{"$f":"IF($D104<>\"Serviço\",0,IF(AND(AUTOEVENTO=\"Manual\",$M104=1),0,IF(OFFSET(CRONOPLE!$F$14,$M104,AS$13)=\"\",10^12,OFFSET(CRONOPLE!$F$14,$M104,AS$13))))","v":0},{"$f":"IF($D104<>\"Serviço\",0,IF(AND(AUTOEVENTO=\"Manual\",$M104=1),0,IF(OFFSET(CRONOPLE!$F$14,$M104,AT$13)=\"\",10^12,OFFSET(CRONOPLE!$F$14,$M104,AT$13))))","v":0},{"$f":"IF($D104<>\"Serviço\",0,IF(AND(AUTOEVENTO=\"Manual\",$M104=1),0,IF(OFFSET(CRONOPLE!$F$14,$M104,AU$13)=\"\",10^12,OFFSET(CRONOPLE!$F$14,$M104,AU$13))))","v":0},{"$f":"IF($D104<>\"Serviço\",0,IF(AND(AUTOEVENTO=\"Manual\",$M104=1),0,IF(OFFSET(CRONOPLE!$F$14,$M104,AV$13)=\"\",10^12,OFFSET(CRONOPLE!$F$14,$M104,AV$13))))","v":0},null,{"$f":"IF($D104<>\"Serviço\",0,IF(OR(AND(AUTOEVENTO=\"Manual\",$M104=1),$M104>(ROW(PLE.lastrow)-ROW(PLE.firstrow))),0,IF(OFFSET(PLE!$G$14,$M104,AX$13)=\"\",10^12,OFFSET(PLE!$G$14,$M104,AX$13))))","v":0},{"$f":"IF($D104<>\"Serviço\",0,IF(OR(AND(AUTOEVENTO=\"Manual\",$M104=1),$M104>(ROW(PLE.lastrow)-ROW(PLE.firstrow))),0,IF(OFFSET(PLE!$G$14,$M104,AY$13)=\"\",10^12,OFFSET(PLE!$G$14,$M104,AY$13))))","v":0},{"$f":"IF($D104<>\"Serviço\",0,IF(OR(AND(AUTOEVENTO=\"Manual\",$M104=1),$M104>(ROW(PLE.lastrow)-ROW(PLE.firstrow))),0,IF(OFFSET(PLE!$G$14,$M104,AZ$13)=\"\",10^12,OFFSET(PLE!$G$14,$M104,AZ$13))))","v":0},{"$f":"IF($D104<>\"Serviço\",0,IF(OR(AND(AUTOEVENTO=\"Manual\",$M104=1),$M104>(ROW(PLE.lastrow)-ROW(PLE.firstrow))),0,IF(OFFSET(PLE!$G$14,$M104,BA$13)=\"\",10^12,OFFSET(PLE!$G$14,$M104,BA$13))))","v":0},{"$f":"IF($D104<>\"Serviço\",0,IF(OR(AND(AUTOEVENTO=\"Manual\",$M104=1),$M104>(ROW(PLE.lastrow)-ROW(PLE.firstrow))),0,IF(OFFSET(PLE!$G$14,$M104,BB$13)=\"\",10^12,OFFSET(PLE!$G$14,$M104,BB$13))))","v":0},{"$f":"IF($D104<>\"Serviço\",0,IF(OR(AND(AUTOEVENTO=\"Manual\",$M104=1),$M104>(ROW(PLE.lastrow)-ROW(PLE.firstrow))),0,IF(OFFSET(PLE!$G$14,$M104,BC$13)=\"\",10^12,OFFSET(PLE!$G$14,$M104,BC$13))))","v":0},{"$f":"IF($D104<>\"Serviço\",0,IF(OR(AND(AUTOEVENTO=\"Manual\",$M104=1),$M104>(ROW(PLE.lastrow)-ROW(PLE.firstrow))),0,IF(OFFSET(PLE!$G$14,$M104,BD$13)=\"\",10^12,OFFSET(PLE!$G$14,$M104,BD$13))))","v":0},{"$f":"IF($D104<>\"Serviço\",0,IF(OR(AND(AUTOEVENTO=\"Manual\",$M104=1),$M104>(ROW(PLE.lastrow)-ROW(PLE.firstrow))),0,IF(OFFSET(PLE!$G$14,$M104,BE$13)=\"\",10^12,OFFSET(PLE!$G$14,$M104,BE$13))))","v":0},{"$f":"IF($D104<>\"Serviço\",0,IF(OR(AND(AUTOEVENTO=\"Manual\",$M104=1),$M104>(ROW(PLE.lastrow)-ROW(PLE.firstrow))),0,IF(OFFSET(PLE!$G$14,$M104,BF$13)=\"\",10^12,OFFSET(PLE!$G$14,$M104,BF$13))))","v":0},{"$f":"IF($D104<>\"Serviço\",0,IF(OR(AND(AUTOEVENTO=\"Manual\",$M104=1),$M104>(ROW(PLE.lastrow)-ROW(PLE.firstrow))),0,IF(OFFSET(PLE!$G$14,$M104,BG$13)=\"\",10^12,OFFSET(PLE!$G$14,$M104,BG$13))))","v":0}]
[{"$f":"IF(AUTOEVENTO=\"Manual\",IF(K105<>\"\",MIN(VALUE(LEFT(K105,FIND(\".\",K105)-1)),COUNTA(EVENTOS.Lista)),0),IF(OR($B105>AUTOEVENTO,$B105=\"S\",$B105=0),SUBSTITUTE(OFFSET($A105,-1,0),IF($D105=\"Serviço\",\".\",\"\"),\"\"),ROW(A105)-ROW($A$15)&\".\"))","v":"89"},{"$f":"OFFSET(ORÇAMENTO!C$15,ROW(B105)-ROW(B$15),0)","v":"S"},{"$f":"OFFSET(ORÇAMENTO!L$15,ROW(C105)-ROW(C$15),0)","v":"F"},{"$f":"OFFSET(ORÇAMENTO!N$15,ROW(D105)-ROW(D$15),0)","v":"Serviço"},{"$f":"OFFSET(ORÇAMENTO!O$15,ROW(E105)-ROW(E$15),0)","v":"1.6.0.1."},{"$f":"OFFSET(ORÇAMENTO!R$15,ROW(F105)-ROW(F$15),0)","v":"FABRICAÇÃO E INSTALAÇÃO DE MEIA TESOURA DE MADEIRA NÃO APARELHADA, COM VÃO DE 3 M, PARA TELHA ONDULADA DE FIBROCIMENTO, ALUMÍNIO, PLÁSTICA OU TERMOACÚSTICA, INCLUSO IÇAMENTO. AF_07/2019"},{"$f":"IF($D105<>\"Serviço\",\"\",OFFSET(ORÇAMENTO!S$15,ROW(G105)-ROW(G$15),0))","v":"UN"},{"$f":"IF($D105<>\"Serviço\",0,IF(ACOMPANHAMENTO=\"BM\",ROUND(OFFSET(ORÇAMENTO!AJ$15,ROW(H105)-ROW(H$15),0),15-13*ORÇAMENTO!$AF$7),SUMPRODUCT(($Q$12:$AA$12<>\"\")*ROUND($Q105:$AA105,15-13*ORÇAMENTO!$AF$7))))","v":4},null,null,null,".",{"$f":"IF($D105<>\"Serviço\",\"\",IF(AUTOEVENTO=\"manual\",$A105,IF(ISERROR(MATCH($A105,$A$15:OFFSET($A105,-1,0),0)),MAX($M$15:OFFSET(M105,-1,0))+1,INDEX($M$15:OFFSET(M105,-1,0),MATCH($A105,$A$15:OFFSET($A105,-1,0),0)))))","v":7},{"$f":"IF($D105<>\"Serviço\",\"\",IF(AUTOEVENTO=\"Manual\",IF($A105=0,\"<-- defina o número do agrupador\",OFFSET(EVENTOS!$D$14,$A105,0)),OFFSET($F$15,$A105,0)))","v":"COBERTURA"},null,null,null,null,null,null,null,null,null,null,null,null,null,{"$f":"IF(AND($D105=\"Serviço\",AB$12<>0,$H105>0,OR(AUTOEVENTO<>\"manual\",$M105<>1)),\nIF(Import.TipoArredondamento<>\"TransfereGOV\",\nROUND(OFFSET($P105,0,AB$13),15-13*ORÇAMENTO!$AF$7)/$H105*OFFSET(ORÇAMENTO!$X$15,ROW(AB105)-ROW(AB$15),0),\nROUND(ROUND(OFFSET($P105,0,AB$13),15-13*ORÇAMENTO!$AF$7)*OFFSET(ORÇAMENTO!$W$15,ROW(AB105)-ROW(AB$15),0),15-13*ORÇAMENTO!$AF$11)),0)","v":0},{"$f":"IF(AND($D105=\"Serviço\",AC$12<>0,$H105>0,OR(AUTOEVENTO<>\"manual\",$M105<>1)),\nIF(Import.TipoArredondamento<>\"TransfereGOV\",\nROUND(OFFSET($P105,0,AC$13),15-13*ORÇAMENTO!$AF$7)/$H105*OFFSET(ORÇAMENTO!$X$15,ROW(AC105)-ROW(AC$15),0),\nROUND(ROUND(OFFSET($P105,0,AC$13),15-13*ORÇAMENTO!$AF$7)*OFFSET(ORÇAMENTO!$W$15,ROW(AC105)-ROW(AC$15),0),15-13*ORÇAMENTO!$AF$11)),0)","v":0},{"$f":"IF(AND($D105=\"Serviço\",AD$12<>0,$H105>0,OR(AUTOEVENTO<>\"manual\",$M105<>1)),\nIF(Import.TipoArredondamento<>\"TransfereGOV\",\nROUND(OFFSET($P105,0,AD$13),15-13*ORÇAMENTO!$AF$7)/$H105*OFFSET(ORÇAMENTO!$X$15,ROW(AD105)-ROW(AD$15),0),\nROUND(ROUND(OFFSET($P105,0,AD$13),15-13*ORÇAMENTO!$AF$7)*OFFSET(ORÇAMENTO!$W$15,ROW(AD105)-ROW(AD$15),0),15-13*ORÇAMENTO!$AF$11)),0)","v":0},{"$f":"IF(AND($D105=\"Serviço\",AE$12<>0,$H105>0,OR(AUTOEVENTO<>\"manual\",$M105<>1)),\nIF(Import.TipoArredondamento<>\"TransfereGOV\",\nROUND(OFFSET($P105,0,AE$13),15-13*ORÇAMENTO!$AF$7)/$H105*OFFSET(ORÇAMENTO!$X$15,ROW(AE105)-ROW(AE$15),0),\nROUND(ROUND(OFFSET($P105,0,AE$13),15-13*ORÇAMENTO!$AF$7)*OFFSET(ORÇAMENTO!$W$15,ROW(AE105)-ROW(AE$15),0),15-13*ORÇAMENTO!$AF$11)),0)","v":0},{"$f":"IF(AND($D105=\"Serviço\",AF$12<>0,$H105>0,OR(AUTOEVENTO<>\"manual\",$M105<>1)),\nIF(Import.TipoArredondamento<>\"TransfereGOV\",\nROUND(OFFSET($P105,0,AF$13),15-13*ORÇAMENTO!$AF$7)/$H105*OFFSET(ORÇAMENTO!$X$15,ROW(AF105)-ROW(AF$15),0),\nROUND(ROUND(OFFSET($P105,0,AF$13),15-13*ORÇAMENTO!$AF$7)*OFFSET(ORÇAMENTO!$W$15,ROW(AF105)-ROW(AF$15),0),15-13*ORÇAMENTO!$AF$11)),0)","v":0},{"$f":"IF(AND($D105=\"Serviço\",AG$12<>0,$H105>0,OR(AUTOEVENTO<>\"manual\",$M105<>1)),\nIF(Import.TipoArredondamento<>\"TransfereGOV\",\nROUND(OFFSET($P105,0,AG$13),15-13*ORÇAMENTO!$AF$7)/$H105*OFFSET(ORÇAMENTO!$X$15,ROW(AG105)-ROW(AG$15),0),\nROUND(ROUND(OFFSET($P105,0,AG$13),15-13*ORÇAMENTO!$AF$7)*OFFSET(ORÇAMENTO!$W$15,ROW(AG105)-ROW(AG$15),0),15-13*ORÇAMENTO!$AF$11)),0)","v":0},{"$f":"IF(AND($D105=\"Serviço\",AH$12<>0,$H105>0,OR(AUTOEVENTO<>\"manual\",$M105<>1)),\nIF(Import.TipoArredondamento<>\"TransfereGOV\",\nROUND(OFFSET($P105,0,AH$13),15-13*ORÇAMENTO!$AF$7)/$H105*OFFSET(ORÇAMENTO!$X$15,ROW(AH105)-ROW(AH$15),0),\nROUND(ROUND(OFFSET($P105,0,AH$13),15-13*ORÇAMENTO!$AF$7)*OFFSET(ORÇAMENTO!$W$15,ROW(AH105)-ROW(AH$15),0),15-13*ORÇAMENTO!$AF$11)),0)","v":0},{"$f":"IF(AND($D105=\"Serviço\",AI$12<>0,$H105>0,OR(AUTOEVENTO<>\"manual\",$M105<>1)),\nIF(Import.TipoArredondamento<>\"TransfereGOV\",\nROUND(OFFSET($P105,0,AI$13),15-13*ORÇAMENTO!$AF$7)/$H105*OFFSET(ORÇAMENTO!$X$15,ROW(AI105)-ROW(AI$15),0),\nROUND(ROUND(OFFSET($P105,0,AI$13),15-13*ORÇAMENTO!$AF$7)*OFFSET(ORÇAMENTO!$W$15,ROW(AI105)-ROW(AI$15),0),15-13*ORÇAMENTO!$AF$11)),0)","v":0},{"$f":"IF(AND($D105=\"Serviço\",AJ$12<>0,$H105>0,OR(AUTOEVENTO<>\"manual\",$M105<>1)),\nIF(Import.TipoArredondamento<>\"TransfereGOV\",\nROUND(OFFSET($P105,0,AJ$13),15-13*ORÇAMENTO!$AF$7)/$H105*OFFSET(ORÇAMENTO!$X$15,ROW(AJ105)-ROW(AJ$15),0),\nROUND(ROUND(OFFSET($P105,0,AJ$13),15-13*ORÇAMENTO!$AF$7)*OFFSET(ORÇAMENTO!$W$15,ROW(AJ105)-ROW(AJ$15),0),15-13*ORÇAMENTO!$AF$11)),0)","v":0},{"$f":"IF(AND($D105=\"Serviço\",AK$12<>0,$H105>0,OR(AUTOEVENTO<>\"manual\",$M105<>1)),\nIF(Import.TipoArredondamento<>\"TransfereGOV\",\nROUND(OFFSET($P105,0,AK$13),15-13*ORÇAMENTO!$AF$7)/$H105*OFFSET(ORÇAMENTO!$X$15,ROW(AK105)-ROW(AK$15),0),\nROUND(ROUND(OFFSET($P105,0,AK$13),15-13*ORÇAMENTO!$AF$7)*OFFSET(ORÇAMENTO!$W$15,ROW(AK105)-ROW(AK$15),0),15-13*ORÇAMENTO!$AF$11)),0)","v":0},null,{"$f":"IF($D105<>\"Serviço\",0,IF(AND(AUTOEVENTO=\"Manual\",$M105=1),0,IF(OFFSET(CRONOPLE!$F$14,$M105,AM$13)=\"\",10^12,OFFSET(CRONOPLE!$F$14,$M105,AM$13))))","v":1000000000000},{"$f":"IF($D105<>\"Serviço\",0,IF(AND(AUTOEVENTO=\"Manual\",$M105=1),0,IF(OFFSET(CRONOPLE!$F$14,$M105,AN$13)=\"\",10^12,OFFSET(CRONOPLE!$F$14,$M105,AN$13))))","v":1000000000000},{"$f":"IF($D105<>\"Serviço\",0,IF(AND(AUTOEVENTO=\"Manual\",$M105=1),0,IF(OFFSET(CRONOPLE!$F$14,$M105,AO$13)=\"\",10^12,OFFSET(CRONOPLE!$F$14,$M105,AO$13))))","v":1000000000000},{"$f":"IF($D105<>\"Serviço\",0,IF(AND(AUTOEVENTO=\"Manual\",$M105=1),0,IF(OFFSET(CRONOPLE!$F$14,$M105,AP$13)=\"\",10^12,OFFSET(CRONOPLE!$F$14,$M105,AP$13))))","v":1000000000000},{"$f":"IF($D105<>\"Serviço\",0,IF(AND(AUTOEVENTO=\"Manual\",$M105=1),0,IF(OFFSET(CRONOPLE!$F$14,$M105,AQ$13)=\"\",10^12,OFFSET(CRONOPLE!$F$14,$M105,AQ$13))))","v":1000000000000},{"$f":"IF($D105<>\"Serviço\",0,IF(AND(AUTOEVENTO=\"Manual\",$M105=1),0,IF(OFFSET(CRONOPLE!$F$14,$M105,AR$13)=\"\",10^12,OFFSET(CRONOPLE!$F$14,$M105,AR$13))))","v":1000000000000},{"$f":"IF($D105<>\"Serviço\",0,IF(AND(AUTOEVENTO=\"Manual\",$M105=1),0,IF(OFFSET(CRONOPLE!$F$14,$M105,AS$13)=\"\",10^12,OFFSET(CRONOPLE!$F$14,$M105,AS$13))))","v":1000000000000},{"$f":"IF($D105<>\"Serviço\",0,IF(AND(AUTOEVENTO=\"Manual\",$M105=1),0,IF(OFFSET(CRONOPLE!$F$14,$M105,AT$13)=\"\",10^12,OFFSET(CRONOPLE!$F$14,$M105,AT$13))))","v":1000000000000},{"$f":"IF($D105<>\"Serviço\",0,IF(AND(AUTOEVENTO=\"Manual\",$M105=1),0,IF(OFFSET(CRONOPLE!$F$14,$M105,AU$13)=\"\",10^12,OFFSET(CRONOPLE!$F$14,$M105,AU$13))))","v":1000000000000},{"$f":"IF($D105<>\"Serviço\",0,IF(AND(AUTOEVENTO=\"Manual\",$M105=1),0,IF(OFFSET(CRONOPLE!$F$14,$M105,AV$13)=\"\",10^12,OFFSET(CRONOPLE!$F$14,$M105,AV$13))))","v":1000000000000},null,{"$f":"IF($D105<>\"Serviço\",0,IF(OR(AND(AUTOEVENTO=\"Manual\",$M105=1),$M105>(ROW(PLE.lastrow)-ROW(PLE.firstrow))),0,IF(OFFSET(PLE!$G$14,$M105,AX$13)=\"\",10^12,OFFSET(PLE!$G$14,$M105,AX$13))))","v":1000000000000},{"$f":"IF($D105<>\"Serviço\",0,IF(OR(AND(AUTOEVENTO=\"Manual\",$M105=1),$M105>(ROW(PLE.lastrow)-ROW(PLE.firstrow))),0,IF(OFFSET(PLE!$G$14,$M105,AY$13)=\"\",10^12,OFFSET(PLE!$G$14,$M105,AY$13))))","v":1000000000000},{"$f":"IF($D105<>\"Serviço\",0,IF(OR(AND(AUTOEVENTO=\"Manual\",$M105=1),$M105>(ROW(PLE.lastrow)-ROW(PLE.firstrow))),0,IF(OFFSET(PLE!$G$14,$M105,AZ$13)=\"\",10^12,OFFSET(PLE!$G$14,$M105,AZ$13))))","v":1000000000000},{"$f":"IF($D105<>\"Serviço\",0,IF(OR(AND(AUTOEVENTO=\"Manual\",$M105=1),$M105>(ROW(PLE.lastrow)-ROW(PLE.firstrow))),0,IF(OFFSET(PLE!$G$14,$M105,BA$13)=\"\",10^12,OFFSET(PLE!$G$14,$M105,BA$13))))","v":1000000000000},{"$f":"IF($D105<>\"Serviço\",0,IF(OR(AND(AUTOEVENTO=\"Manual\",$M105=1),$M105>(ROW(PLE.lastrow)-ROW(PLE.firstrow))),0,IF(OFFSET(PLE!$G$14,$M105,BB$13)=\"\",10^12,OFFSET(PLE!$G$14,$M105,BB$13))))","v":1000000000000},{"$f":"IF($D105<>\"Serviço\",0,IF(OR(AND(AUTOEVENTO=\"Manual\",$M105=1),$M105>(ROW(PLE.lastrow)-ROW(PLE.firstrow))),0,IF(OFFSET(PLE!$G$14,$M105,BC$13)=\"\",10^12,OFFSET(PLE!$G$14,$M105,BC$13))))","v":1000000000000},{"$f":"IF($D105<>\"Serviço\",0,IF(OR(AND(AUTOEVENTO=\"Manual\",$M105=1),$M105>(ROW(PLE.lastrow)-ROW(PLE.firstrow))),0,IF(OFFSET(PLE!$G$14,$M105,BD$13)=\"\",10^12,OFFSET(PLE!$G$14,$M105,BD$13))))","v":1000000000000},{"$f":"IF($D105<>\"Serviço\",0,IF(OR(AND(AUTOEVENTO=\"Manual\",$M105=1),$M105>(ROW(PLE.lastrow)-ROW(PLE.firstrow))),0,IF(OFFSET(PLE!$G$14,$M105,BE$13)=\"\",10^12,OFFSET(PLE!$G$14,$M105,BE$13))))","v":1000000000000},{"$f":"IF($D105<>\"Serviço\",0,IF(OR(AND(AUTOEVENTO=\"Manual\",$M105=1),$M105>(ROW(PLE.lastrow)-ROW(PLE.firstrow))),0,IF(OFFSET(PLE!$G$14,$M105,BF$13)=\"\",10^12,OFFSET(PLE!$G$14,$M105,BF$13))))","v":1000000000000},{"$f":"IF($D105<>\"Serviço\",0,IF(OR(AND(AUTOEVENTO=\"Manual\",$M105=1),$M105>(ROW(PLE.lastrow)-ROW(PLE.firstrow))),0,IF(OFFSET(PLE!$G$14,$M105,BG$13)=\"\",10^12,OFFSET(PLE!$G$14,$M105,BG$13))))","v":1000000000000}]
["89",{"$f":"OFFSET(ORÇAMENTO!C$15,ROW(B106)-ROW(B$15),0)","v":"S"},{"$f":"OFFSET(ORÇAMENTO!L$15,ROW(C106)-ROW(C$15),0)","v":"F"},{"$f":"OFFSET(ORÇAMENTO!N$15,ROW(D106)-ROW(D$15),0)","v":"Serviço"},{"$f":"OFFSET(ORÇAMENTO!O$15,ROW(E106)-ROW(E$15),0)","v":"1.6.0.2."},{"$f":"OFFSET(ORÇAMENTO!R$15,ROW(F106)-ROW(F$15),0)","v":"FABRICAÇÃO E INSTALAÇÃO DE MEIA TESOURA DE MADEIRA NÃO APARELHADA, COM VÃO DE 6 M, PARA TELHA ONDULADA DE FIBROCIMENTO, ALUMÍNIO, PLÁSTICA OU TERMOACÚSTICA, INCLUSO IÇAMENTO. AF_07/2019"},{"$f":"IF($D106<>\"Serviço\",\"\",OFFSET(ORÇAMENTO!S$15,ROW(G106)-ROW(G$15),0))","v":"UN"},{"$f":"IF($D106<>\"Serviço\",0,IF(ACOMPANHAMENTO=\"BM\",ROUND(OFFSET(ORÇAMENTO!AJ$15,ROW(H106)-ROW(H$15),0),15-13*ORÇAMENTO!$AF$7),SUMPRODUCT(($Q$12:$AA$12<>\"\")*ROUND($Q106:$AA106,15-13*ORÇAMENTO!$AF$7))))","v":4},null,null,null,".",{"$f":"IF($D106<>\"Serviço\",\"\",IF(AUTOEVENTO=\"manual\",$A106,IF(ISERROR(MATCH($A106,$A$15:OFFSET($A106,-1,0),0)),MAX($M$15:OFFSET(M106,-1,0))+1,INDEX($M$15:OFFSET(M106,-1,0),MATCH($A106,$A$15:OFFSET($A106,-1,0),0)))))","v":7},{"$f":"IF($D106<>\"Serviço\",\"\",IF(AUTOEVENTO=\"Manual\",IF($A106=0,\"<-- defina o número do agrupador\",OFFSET(EVENTOS!$D$14,$A106,0)),OFFSET($F$15,$A106,0)))","v":"COBERTURA"},null,null,null,null,null,null,null,null,null,null,null,null,null,{"$f":"IF(AND($D106=\"Serviço\",AB$12<>0,$H106>0,OR(AUTOEVENTO<>\"manual\",$M106<>1)),\nIF(Import.TipoArredondamento<>\"TransfereGOV\",\nROUND(OFFSET($P106,0,AB$13),15-13*ORÇAMENTO!$AF$7)/$H106*OFFSET(ORÇAMENTO!$X$15,ROW(AB106)-ROW(AB$15),0),\nROUND(ROUND(OFFSET($P106,0,AB$13),15-13*ORÇAMENTO!$AF$7)*OFFSET(ORÇAMENTO!$W$15,ROW(AB106)-ROW(AB$15),0),15-13*ORÇAMENTO!$AF$11)),0)","v":0},{"$f":"IF(AND($D106=\"Serviço\",AC$12<>0,$H106>0,OR(AUTOEVENTO<>\"manual\",$M106<>1)),\nIF(Import.TipoArredondamento<>\"TransfereGOV\",\nROUND(OFFSET($P106,0,AC$13),15-13*ORÇAMENTO!$AF$7)/$H106*OFFSET(ORÇAMENTO!$X$15,ROW(AC106)-ROW(AC$15),0),\nROUND(ROUND(OFFSET($P106,0,AC$13),15-13*ORÇAMENTO!$AF$7)*OFFSET(ORÇAMENTO!$W$15,ROW(AC106)-ROW(AC$15),0),15-13*ORÇAMENTO!$AF$11)),0)","v":0},{"$f":"IF(AND($D106=\"Serviço\",AD$12<>0,$H106>0,OR(AUTOEVENTO<>\"manual\",$M106<>1)),\nIF(Import.TipoArredondamento<>\"TransfereGOV\",\nROUND(OFFSET($P106,0,AD$13),15-13*ORÇAMENTO!$AF$7)/$H106*OFFSET(ORÇAMENTO!$X$15,ROW(AD106)-ROW(AD$15),0),\nROUND(ROUND(OFFSET($P106,0,AD$13),15-13*ORÇAMENTO!$AF$7)*OFFSET(ORÇAMENTO!$W$15,ROW(AD106)-ROW(AD$15),0),15-13*ORÇAMENTO!$AF$11)),0)","v":0},{"$f":"IF(AND($D106=\"Serviço\",AE$12<>0,$H106>0,OR(AUTOEVENTO<>\"manual\",$M106<>1)),\nIF(Import.TipoArredondamento<>\"TransfereGOV\",\nROUND(OFFSET($P106,0,AE$13),15-13*ORÇAMENTO!$AF$7)/$H106*OFFSET(ORÇAMENTO!$X$15,ROW(AE106)-ROW(AE$15),0),\nROUND(ROUND(OFFSET($P106,0,AE$13),15-13*ORÇAMENTO!$AF$7)*OFFSET(ORÇAMENTO!$W$15,ROW(AE106)-ROW(AE$15),0),15-13*ORÇAMENTO!$AF$11)),0)","v":0},{"$f":"IF(AND($D106=\"Serviço\",AF$12<>0,$H106>0,OR(AUTOEVENTO<>\"manual\",$M106<>1)),\nIF(Import.TipoArredondamento<>\"TransfereGOV\",\nROUND(OFFSET($P106,0,AF$13),15-13*ORÇAMENTO!$AF$7)/$H106*OFFSET(ORÇAMENTO!$X$15,ROW(AF106)-ROW(AF$15),0),\nROUND(ROUND(OFFSET($P106,0,AF$13),15-13*ORÇAMENTO!$AF$7)*OFFSET(ORÇAMENTO!$W$15,ROW(AF106)-ROW(AF$15),0),15-13*ORÇAMENTO!$AF$11)),0)","v":0},{"$f":"IF(AND($D106=\"Serviço\",AG$12<>0,$H106>0,OR(AUTOEVENTO<>\"manual\",$M106<>1)),\nIF(Import.TipoArredondamento<>\"TransfereGOV\",\nROUND(OFFSET($P106,0,AG$13),15-13*ORÇAMENTO!$AF$7)/$H106*OFFSET(ORÇAMENTO!$X$15,ROW(AG106)-ROW(AG$15),0),\nROUND(ROUND(OFFSET($P106,0,AG$13),15-13*ORÇAMENTO!$AF$7)*OFFSET(ORÇAMENTO!$W$15,ROW(AG106)-ROW(AG$15),0),15-13*ORÇAMENTO!$AF$11)),0)","v":0},{"$f":"IF(AND($D106=\"Serviço\",AH$12<>0,$H106>0,OR(AUTOEVENTO<>\"manual\",$M106<>1)),\nIF(Import.TipoArredondamento<>\"TransfereGOV\",\nROUND(OFFSET($P106,0,AH$13),15-13*ORÇAMENTO!$AF$7)/$H106*OFFSET(ORÇAMENTO!$X$15,ROW(AH106)-ROW(AH$15),0),\nROUND(ROUND(OFFSET($P106,0,AH$13),15-13*ORÇAMENTO!$AF$7)*OFFSET(ORÇAMENTO!$W$15,ROW(AH106)-ROW(AH$15),0),15-13*ORÇAMENTO!$AF$11)),0)","v":0},{"$f":"IF(AND($D106=\"Serviço\",AI$12<>0,$H106>0,OR(AUTOEVENTO<>\"manual\",$M106<>1)),\nIF(Import.TipoArredondamento<>\"TransfereGOV\",\nROUND(OFFSET($P106,0,AI$13),15-13*ORÇAMENTO!$AF$7)/$H106*OFFSET(ORÇAMENTO!$X$15,ROW(AI106)-ROW(AI$15),0),\nROUND(ROUND(OFFSET($P106,0,AI$13),15-13*ORÇAMENTO!$AF$7)*OFFSET(ORÇAMENTO!$W$15,ROW(AI106)-ROW(AI$15),0),15-13*ORÇAMENTO!$AF$11)),0)","v":0},{"$f":"IF(AND($D106=\"Serviço\",AJ$12<>0,$H106>0,OR(AUTOEVENTO<>\"manual\",$M106<>1)),\nIF(Import.TipoArredondamento<>\"TransfereGOV\",\nROUND(OFFSET($P106,0,AJ$13),15-13*ORÇAMENTO!$AF$7)/$H106*OFFSET(ORÇAMENTO!$X$15,ROW(AJ106)-ROW(AJ$15),0),\nROUND(ROUND(OFFSET($P106,0,AJ$13),15-13*ORÇAMENTO!$AF$7)*OFFSET(ORÇAMENTO!$W$15,ROW(AJ106)-ROW(AJ$15),0),15-13*ORÇAMENTO!$AF$11)),0)","v":0},{"$f":"IF(AND($D106=\"Serviço\",AK$12<>0,$H106>0,OR(AUTOEVENTO<>\"manual\",$M106<>1)),\nIF(Import.TipoArredondamento<>\"TransfereGOV\",\nROUND(OFFSET($P106,0,AK$13),15-13*ORÇAMENTO!$AF$7)/$H106*OFFSET(ORÇAMENTO!$X$15,ROW(AK106)-ROW(AK$15),0),\nROUND(ROUND(OFFSET($P106,0,AK$13),15-13*ORÇAMENTO!$AF$7)*OFFSET(ORÇAMENTO!$W$15,ROW(AK106)-ROW(AK$15),0),15-13*ORÇAMENTO!$AF$11)),0)","v":0},null,{"$f":"IF($D106<>\"Serviço\",0,IF(AND(AUTOEVENTO=\"Manual\",$M106=1),0,IF(OFFSET(CRONOPLE!$F$14,$M106,AM$13)=\"\",10^12,OFFSET(CRONOPLE!$F$14,$M106,AM$13))))","v":1000000000000},{"$f":"IF($D106<>\"Serviço\",0,IF(AND(AUTOEVENTO=\"Manual\",$M106=1),0,IF(OFFSET(CRONOPLE!$F$14,$M106,AN$13)=\"\",10^12,OFFSET(CRONOPLE!$F$14,$M106,AN$13))))","v":1000000000000},{"$f":"IF($D106<>\"Serviço\",0,IF(AND(AUTOEVENTO=\"Manual\",$M106=1),0,IF(OFFSET(CRONOPLE!$F$14,$M106,AO$13)=\"\",10^12,OFFSET(CRONOPLE!$F$14,$M106,AO$13))))","v":1000000000000},{"$f":"IF($D106<>\"Serviço\",0,IF(AND(AUTOEVENTO=\"Manual\",$M106=1),0,IF(OFFSET(CRONOPLE!$F$14,$M106,AP$13)=\"\",10^12,OFFSET(CRONOPLE!$F$14,$M106,AP$13))))","v":1000000000000},{"$f":"IF($D106<>\"Serviço\",0,IF(AND(AUTOEVENTO=\"Manual\",$M106=1),0,IF(OFFSET(CRONOPLE!$F$14,$M106,AQ$13)=\"\",10^12,OFFSET(CRONOPLE!$F$14,$M106,AQ$13))))","v":1000000000000},{"$f":"IF($D106<>\"Serviço\",0,IF(AND(AUTOEVENTO=\"Manual\",$M106=1),0,IF(OFFSET(CRONOPLE!$F$14,$M106,AR$13)=\"\",10^12,OFFSET(CRONOPLE!$F$14,$M106,AR$13))))","v":1000000000000},{"$f":"IF($D106<>\"Serviço\",0,IF(AND(AUTOEVENTO=\"Manual\",$M106=1),0,IF(OFFSET(CRONOPLE!$F$14,$M106,AS$13)=\"\",10^12,OFFSET(CRONOPLE!$F$14,$M106,AS$13))))","v":1000000000000},{"$f":"IF($D106<>\"Serviço\",0,IF(AND(AUTOEVENTO=\"Manual\",$M106=1),0,IF(OFFSET(CRONOPLE!$F$14,$M106,AT$13)=\"\",10^12,OFFSET(CRONOPLE!$F$14,$M106,AT$13))))","v":1000000000000},{"$f":"IF($D106<>\"Serviço\",0,IF(AND(AUTOEVENTO=\"Manual\",$M106=1),0,IF(OFFSET(CRONOPLE!$F$14,$M106,AU$13)=\"\",10^12,OFFSET(CRONOPLE!$F$14,$M106,AU$13))))","v":1000000000000},{"$f":"IF($D106<>\"Serviço\",0,IF(AND(AUTOEVENTO=\"Manual\",$M106=1),0,IF(OFFSET(CRONOPLE!$F$14,$M106,AV$13)=\"\",10^12,OFFSET(CRONOPLE!$F$14,$M106,AV$13))))","v":1000000000000},null,{"$f":"IF($D106<>\"Serviço\",0,IF(OR(AND(AUTOEVENTO=\"Manual\",$M106=1),$M106>(ROW(PLE.lastrow)-ROW(PLE.firstrow))),0,IF(OFFSET(PLE!$G$14,$M106,AX$13)=\"\",10^12,OFFSET(PLE!$G$14,$M106,AX$13))))","v":1000000000000},{"$f":"IF($D106<>\"Serviço\",0,IF(OR(AND(AUTOEVENTO=\"Manual\",$M106=1),$M106>(ROW(PLE.lastrow)-ROW(PLE.firstrow))),0,IF(OFFSET(PLE!$G$14,$M106,AY$13)=\"\",10^12,OFFSET(PLE!$G$14,$M106,AY$13))))","v":1000000000000},{"$f":"IF($D106<>\"Serviço\",0,IF(OR(AND(AUTOEVENTO=\"Manual\",$M106=1),$M106>(ROW(PLE.lastrow)-ROW(PLE.firstrow))),0,IF(OFFSET(PLE!$G$14,$M106,AZ$13)=\"\",10^12,OFFSET(PLE!$G$14,$M106,AZ$13))))","v":1000000000000},{"$f":"IF($D106<>\"Serviço\",0,IF(OR(AND(AUTOEVENTO=\"Manual\",$M106=1),$M106>(ROW(PLE.lastrow)-ROW(PLE.firstrow))),0,IF(OFFSET(PLE!$G$14,$M106,BA$13)=\"\",10^12,OFFSET(PLE!$G$14,$M106,BA$13))))","v":1000000000000},{"$f":"IF($D106<>\"Serviço\",0,IF(OR(AND(AUTOEVENTO=\"Manual\",$M106=1),$M106>(ROW(PLE.lastrow)-ROW(PLE.firstrow))),0,IF(OFFSET(PLE!$G$14,$M106,BB$13)=\"\",10^12,OFFSET(PLE!$G$14,$M106,BB$13))))","v":1000000000000},{"$f":"IF($D106<>\"Serviço\",0,IF(OR(AND(AUTOEVENTO=\"Manual\",$M106=1),$M106>(ROW(PLE.lastrow)-ROW(PLE.firstrow))),0,IF(OFFSET(PLE!$G$14,$M106,BC$13)=\"\",10^12,OFFSET(PLE!$G$14,$M106,BC$13))))","v":1000000000000},{"$f":"IF($D106<>\"Serviço\",0,IF(OR(AND(AUTOEVENTO=\"Manual\",$M106=1),$M106>(ROW(PLE.lastrow)-ROW(PLE.firstrow))),0,IF(OFFSET(PLE!$G$14,$M106,BD$13)=\"\",10^12,OFFSET(PLE!$G$14,$M106,BD$13))))","v":1000000000000},{"$f":"IF($D106<>\"Serviço\",0,IF(OR(AND(AUTOEVENTO=\"Manual\",$M106=1),$M106>(ROW(PLE.lastrow)-ROW(PLE.firstrow))),0,IF(OFFSET(PLE!$G$14,$M106,BE$13)=\"\",10^12,OFFSET(PLE!$G$14,$M106,BE$13))))","v":1000000000000},{"$f":"IF($D106<>\"Serviço\",0,IF(OR(AND(AUTOEVENTO=\"Manual\",$M106=1),$M106>(ROW(PLE.lastrow)-ROW(PLE.firstrow))),0,IF(OFFSET(PLE!$G$14,$M106,BF$13)=\"\",10^12,OFFSET(PLE!$G$14,$M106,BF$13))))","v":1000000000000},{"$f":"IF($D106<>\"Serviço\",0,IF(OR(AND(AUTOEVENTO=\"Manual\",$M106=1),$M106>(ROW(PLE.lastrow)-ROW(PLE.firstrow))),0,IF(OFFSET(PLE!$G$14,$M106,BG$13)=\"\",10^12,OFFSET(PLE!$G$14,$M106,BG$13))))","v":1000000000000}]
["89",{"$f":"OFFSET(ORÇAMENTO!C$15,ROW(B107)-ROW(B$15),0)","v":"S"},{"$f":"OFFSET(ORÇAMENTO!L$15,ROW(C107)-ROW(C$15),0)","v":"F"},{"$f":"OFFSET(ORÇAMENTO!N$15,ROW(D107)-ROW(D$15),0)","v":"Serviço"},{"$f":"OFFSET(ORÇAMENTO!O$15,ROW(E107)-ROW(E$15),0)","v":"1.6.0.3."},{"$f":"OFFSET(ORÇAMENTO!R$15,ROW(F107)-ROW(F$15),0)","v":"FABRICAÇÃO E INSTALAÇÃO DE MEIA TESOURA DE MADEIRA NÃO APARELHADA, COM VÃO DE 9 M, PARA TELHA ONDULADA DE FIBROCIMENTO, ALUMÍNIO, PLÁSTICA OU TERMOACÚSTICA, INCLUSO IÇAMENTO. AF_07/2019"},{"$f":"IF($D107<>\"Serviço\",\"\",OFFSET(ORÇAMENTO!S$15,ROW(G107)-ROW(G$15),0))","v":"UN"},{"$f":"IF($D107<>\"Serviço\",0,IF(ACOMPANHAMENTO=\"BM\",ROUND(OFFSET(ORÇAMENTO!AJ$15,ROW(H107)-ROW(H$15),0),15-13*ORÇAMENTO!$AF$7),SUMPRODUCT(($Q$12:$AA$12<>\"\")*ROUND($Q107:$AA107,15-13*ORÇAMENTO!$AF$7))))","v":3},null,null,null,".",{"$f":"IF($D107<>\"Serviço\",\"\",IF(AUTOEVENTO=\"manual\",$A107,IF(ISERROR(MATCH($A107,$A$15:OFFSET($A107,-1,0),0)),MAX($M$15:OFFSET(M107,-1,0))+1,INDEX($M$15:OFFSET(M107,-1,0),MATCH($A107,$A$15:OFFSET($A107,-1,0),0)))))","v":7},{"$f":"IF($D107<>\"Serviço\",\"\",IF(AUTOEVENTO=\"Manual\",IF($A107=0,\"<-- defina o número do agrupador\",OFFSET(EVENTOS!$D$14,$A107,0)),OFFSET($F$15,$A107,0)))","v":"COBERTURA"},null,null,null,null,null,null,null,null,null,null,null,null,null,{"$f":"IF(AND($D107=\"Serviço\",AB$12<>0,$H107>0,OR(AUTOEVENTO<>\"manual\",$M107<>1)),\nIF(Import.TipoArredondamento<>\"TransfereGOV\",\nROUND(OFFSET($P107,0,AB$13),15-13*ORÇAMENTO!$AF$7)/$H107*OFFSET(ORÇAMENTO!$X$15,ROW(AB107)-ROW(AB$15),0),\nROUND(ROUND(OFFSET($P107,0,AB$13),15-13*ORÇAMENTO!$AF$7)*OFFSET(ORÇAMENTO!$W$15,ROW(AB107)-ROW(AB$15),0),15-13*ORÇAMENTO!$AF$11)),0)","v":0},{"$f":"IF(AND($D107=\"Serviço\",AC$12<>0,$H107>0,OR(AUTOEVENTO<>\"manual\",$M107<>1)),\nIF(Import.TipoArredondamento<>\"TransfereGOV\",\nROUND(OFFSET($P107,0,AC$13),15-13*ORÇAMENTO!$AF$7)/$H107*OFFSET(ORÇAMENTO!$X$15,ROW(AC107)-ROW(AC$15),0),\nROUND(ROUND(OFFSET($P107,0,AC$13),15-13*ORÇAMENTO!$AF$7)*OFFSET(ORÇAMENTO!$W$15,ROW(AC107)-ROW(AC$15),0),15-13*ORÇAMENTO!$AF$11)),0)","v":0},{"$f":"IF(AND($D107=\"Serviço\",AD$12<>0,$H107>0,OR(AUTOEVENTO<>\"manual\",$M107<>1)),\nIF(Import.TipoArredondamento<>\"TransfereGOV\",\nROUND(OFFSET($P107,0,AD$13),15-13*ORÇAMENTO!$AF$7)/$H107*OFFSET(ORÇAMENTO!$X$15,ROW(AD107)-ROW(AD$15),0),\nROUND(ROUND(OFFSET($P107,0,AD$13),15-13*ORÇAMENTO!$AF$7)*OFFSET(ORÇAMENTO!$W$15,ROW(AD107)-ROW(AD$15),0),15-13*ORÇAMENTO!$AF$11)),0)","v":0},{"$f":"IF(AND($D107=\"Serviço\",AE$12<>0,$H107>0,OR(AUTOEVENTO<>\"manual\",$M107<>1)),\nIF(Import.TipoArredondamento<>\"TransfereGOV\",\nROUND(OFFSET($P107,0,AE$13),15-13*ORÇAMENTO!$AF$7)/$H107*OFFSET(ORÇAMENTO!$X$15,ROW(AE107)-ROW(AE$15),0),\nROUND(ROUND(OFFSET($P107,0,AE$13),15-13*ORÇAMENTO!$AF$7)*OFFSET(ORÇAMENTO!$W$15,ROW(AE107)-ROW(AE$15),0),15-13*ORÇAMENTO!$AF$11)),0)","v":0},{"$f":"IF(AND($D107=\"Serviço\",AF$12<>0,$H107>0,OR(AUTOEVENTO<>\"manual\",$M107<>1)),\nIF(Import.TipoArredondamento<>\"TransfereGOV\",\nROUND(OFFSET($P107,0,AF$13),15-13*ORÇAMENTO!$AF$7)/$H107*OFFSET(ORÇAMENTO!$X$15,ROW(AF107)-ROW(AF$15),0),\nROUND(ROUND(OFFSET($P107,0,AF$13),15-13*ORÇAMENTO!$AF$7)*OFFSET(ORÇAMENTO!$W$15,ROW(AF107)-ROW(AF$15),0),15-13*ORÇAMENTO!$AF$11)),0)","v":0},{"$f":"IF(AND($D107=\"Serviço\",AG$12<>0,$H107>0,OR(AUTOEVENTO<>\"manual\",$M107<>1)),\nIF(Import.TipoArredondamento<>\"TransfereGOV\",\nROUND(OFFSET($P107,0,AG$13),15-13*ORÇAMENTO!$AF$7)/$H107*OFFSET(ORÇAMENTO!$X$15,ROW(AG107)-ROW(AG$15),0),\nROUND(ROUND(OFFSET($P107,0,AG$13),15-13*ORÇAMENTO!$AF$7)*OFFSET(ORÇAMENTO!$W$15,ROW(AG107)-ROW(AG$15),0),15-13*ORÇAMENTO!$AF$11)),0)","v":0},{"$f":"IF(AND($D107=\"Serviço\",AH$12<>0,$H107>0,OR(AUTOEVENTO<>\"manual\",$M107<>1)),\nIF(Import.TipoArredondamento<>\"TransfereGOV\",\nROUND(OFFSET($P107,0,AH$13),15-13*ORÇAMENTO!$AF$7)/$H107*OFFSET(ORÇAMENTO!$X$15,ROW(AH107)-ROW(AH$15),0),\nROUND(ROUND(OFFSET($P107,0,AH$13),15-13*ORÇAMENTO!$AF$7)*OFFSET(ORÇAMENTO!$W$15,ROW(AH107)-ROW(AH$15),0),15-13*ORÇAMENTO!$AF$11)),0)","v":0},{"$f":"IF(AND($D107=\"Serviço\",AI$12<>0,$H107>0,OR(AUTOEVENTO<>\"manual\",$M107<>1)),\nIF(Import.TipoArredondamento<>\"TransfereGOV\",\nROUND(OFFSET($P107,0,AI$13),15-13*ORÇAMENTO!$AF$7)/$H107*OFFSET(ORÇAMENTO!$X$15,ROW(AI107)-ROW(AI$15),0),\nROUND(ROUND(OFFSET($P107,0,AI$13),15-13*ORÇAMENTO!$AF$7)*OFFSET(ORÇAMENTO!$W$15,ROW(AI107)-ROW(AI$15),0),15-13*ORÇAMENTO!$AF$11)),0)","v":0},{"$f":"IF(AND($D107=\"Serviço\",AJ$12<>0,$H107>0,OR(AUTOEVENTO<>\"manual\",$M107<>1)),\nIF(Import.TipoArredondamento<>\"TransfereGOV\",\nROUND(OFFSET($P107,0,AJ$13),15-13*ORÇAMENTO!$AF$7)/$H107*OFFSET(ORÇAMENTO!$X$15,ROW(AJ107)-ROW(AJ$15),0),\nROUND(ROUND(OFFSET($P107,0,AJ$13),15-13*ORÇAMENTO!$AF$7)*OFFSET(ORÇAMENTO!$W$15,ROW(AJ107)-ROW(AJ$15),0),15-13*ORÇAMENTO!$AF$11)),0)","v":0},{"$f":"IF(AND($D107=\"Serviço\",AK$12<>0,$H107>0,OR(AUTOEVENTO<>\"manual\",$M107<>1)),\nIF(Import.TipoArredondamento<>\"TransfereGOV\",\nROUND(OFFSET($P107,0,AK$13),15-13*ORÇAMENTO!$AF$7)/$H107*OFFSET(ORÇAMENTO!$X$15,ROW(AK107)-ROW(AK$15),0),\nROUND(ROUND(OFFSET($P107,0,AK$13),15-13*ORÇAMENTO!$AF$7)*OFFSET(ORÇAMENTO!$W$15,ROW(AK107)-ROW(AK$15),0),15-13*ORÇAMENTO!$AF$11)),0)","v":0},null,{"$f":"IF($D107<>\"Serviço\",0,IF(AND(AUTOEVENTO=\"Manual\",$M107=1),0,IF(OFFSET(CRONOPLE!$F$14,$M107,AM$13)=\"\",10^12,OFFSET(CRONOPLE!$F$14,$M107,AM$13))))","v":1000000000000},{"$f":"IF($D107<>\"Serviço\",0,IF(AND(AUTOEVENTO=\"Manual\",$M107=1),0,IF(OFFSET(CRONOPLE!$F$14,$M107,AN$13)=\"\",10^12,OFFSET(CRONOPLE!$F$14,$M107,AN$13))))","v":1000000000000},{"$f":"IF($D107<>\"Serviço\",0,IF(AND(AUTOEVENTO=\"Manual\",$M107=1),0,IF(OFFSET(CRONOPLE!$F$14,$M107,AO$13)=\"\",10^12,OFFSET(CRONOPLE!$F$14,$M107,AO$13))))","v":1000000000000},{"$f":"IF($D107<>\"Serviço\",0,IF(AND(AUTOEVENTO=\"Manual\",$M107=1),0,IF(OFFSET(CRONOPLE!$F$14,$M107,AP$13)=\"\",10^12,OFFSET(CRONOPLE!$F$14,$M107,AP$13))))","v":1000000000000},{"$f":"IF($D107<>\"Serviço\",0,IF(AND(AUTOEVENTO=\"Manual\",$M107=1),0,IF(OFFSET(CRONOPLE!$F$14,$M107,AQ$13)=\"\",10^12,OFFSET(CRONOPLE!$F$14,$M107,AQ$13))))","v":1000000000000},{"$f":"IF($D107<>\"Serviço\",0,IF(AND(AUTOEVENTO=\"Manual\",$M107=1),0,IF(OFFSET(CRONOPLE!$F$14,$M107,AR$13)=\"\",10^12,OFFSET(CRONOPLE!$F$14,$M107,AR$13))))","v":1000000000000},{"$f":"IF($D107<>\"Serviço\",0,IF(AND(AUTOEVENTO=\"Manual\",$M107=1),0,IF(OFFSET(CRONOPLE!$F$14,$M107,AS$13)=\"\",10^12,OFFSET(CRONOPLE!$F$14,$M107,AS$13))))","v":1000000000000},{"$f":"IF($D107<>\"Serviço\",0,IF(AND(AUTOEVENTO=\"Manual\",$M107=1),0,IF(OFFSET(CRONOPLE!$F$14,$M107,AT$13)=\"\",10^12,OFFSET(CRONOPLE!$F$14,$M107,AT$13))))","v":1000000000000},{"$f":"IF($D107<>\"Serviço\",0,IF(AND(AUTOEVENTO=\"Manual\",$M107=1),0,IF(OFFSET(CRONOPLE!$F$14,$M107,AU$13)=\"\",10^12,OFFSET(CRONOPLE!$F$14,$M107,AU$13))))","v":1000000000000},{"$f":"IF($D107<>\"Serviço\",0,IF(AND(AUTOEVENTO=\"Manual\",$M107=1),0,IF(OFFSET(CRONOPLE!$F$14,$M107,AV$13)=\"\",10^12,OFFSET(CRONOPLE!$F$14,$M107,AV$13))))","v":1000000000000},null,{"$f":"IF($D107<>\"Serviço\",0,IF(OR(AND(AUTOEVENTO=\"Manual\",$M107=1),$M107>(ROW(PLE.lastrow)-ROW(PLE.firstrow))),0,IF(OFFSET(PLE!$G$14,$M107,AX$13)=\"\",10^12,OFFSET(PLE!$G$14,$M107,AX$13))))","v":1000000000000},{"$f":"IF($D107<>\"Serviço\",0,IF(OR(AND(AUTOEVENTO=\"Manual\",$M107=1),$M107>(ROW(PLE.lastrow)-ROW(PLE.firstrow))),0,IF(OFFSET(PLE!$G$14,$M107,AY$13)=\"\",10^12,OFFSET(PLE!$G$14,$M107,AY$13))))","v":1000000000000},{"$f":"IF($D107<>\"Serviço\",0,IF(OR(AND(AUTOEVENTO=\"Manual\",$M107=1),$M107>(ROW(PLE.lastrow)-ROW(PLE.firstrow))),0,IF(OFFSET(PLE!$G$14,$M107,AZ$13)=\"\",10^12,OFFSET(PLE!$G$14,$M107,AZ$13))))","v":1000000000000},{"$f":"IF($D107<>\"Serviço\",0,IF(OR(AND(AUTOEVENTO=\"Manual\",$M107=1),$M107>(ROW(PLE.lastrow)-ROW(PLE.firstrow))),0,IF(OFFSET(PLE!$G$14,$M107,BA$13)=\"\",10^12,OFFSET(PLE!$G$14,$M107,BA$13))))","v":1000000000000},{"$f":"IF($D107<>\"Serviço\",0,IF(OR(AND(AUTOEVENTO=\"Manual\",$M107=1),$M107>(ROW(PLE.lastrow)-ROW(PLE.firstrow))),0,IF(OFFSET(PLE!$G$14,$M107,BB$13)=\"\",10^12,OFFSET(PLE!$G$14,$M107,BB$13))))","v":1000000000000},{"$f":"IF($D107<>\"Serviço\",0,IF(OR(AND(AUTOEVENTO=\"Manual\",$M107=1),$M107>(ROW(PLE.lastrow)-ROW(PLE.firstrow))),0,IF(OFFSET(PLE!$G$14,$M107,BC$13)=\"\",10^12,OFFSET(PLE!$G$14,$M107,BC$13))))","v":1000000000000},{"$f":"IF($D107<>\"Serviço\",0,IF(OR(AND(AUTOEVENTO=\"Manual\",$M107=1),$M107>(ROW(PLE.lastrow)-ROW(PLE.firstrow))),0,IF(OFFSET(PLE!$G$14,$M107,BD$13)=\"\",10^12,OFFSET(PLE!$G$14,$M107,BD$13))))","v":1000000000000},{"$f":"IF($D107<>\"Serviço\",0,IF(OR(AND(AUTOEVENTO=\"Manual\",$M107=1),$M107>(ROW(PLE.lastrow)-ROW(PLE.firstrow))),0,IF(OFFSET(PLE!$G$14,$M107,BE$13)=\"\",10^12,OFFSET(PLE!$G$14,$M107,BE$13))))","v":1000000000000},{"$f":"IF($D107<>\"Serviço\",0,IF(OR(AND(AUTOEVENTO=\"Manual\",$M107=1),$M107>(ROW(PLE.lastrow)-ROW(PLE.firstrow))),0,IF(OFFSET(PLE!$G$14,$M107,BF$13)=\"\",10^12,OFFSET(PLE!$G$14,$M107,BF$13))))","v":1000000000000},{"$f":"IF($D107<>\"Serviço\",0,IF(OR(AND(AUTOEVENTO=\"Manual\",$M107=1),$M107>(ROW(PLE.lastrow)-ROW(PLE.firstrow))),0,IF(OFFSET(PLE!$G$14,$M107,BG$13)=\"\",10^12,OFFSET(PLE!$G$14,$M107,BG$13))))","v":1000000000000}]
["89",{"$f":"OFFSET(ORÇAMENTO!C$15,ROW(B108)-ROW(B$15),0)","v":"S"},{"$f":"OFFSET(ORÇAMENTO!L$15,ROW(C108)-ROW(C$15),0)","v":"F"},{"$f":"OFFSET(ORÇAMENTO!N$15,ROW(D108)-ROW(D$15),0)","v":"Serviço"},{"$f":"OFFSET(ORÇAMENTO!O$15,ROW(E108)-ROW(E$15),0)","v":"1.6.0.4."},{"$f":"OFFSET(ORÇAMENTO!R$15,ROW(F108)-ROW(F$15),0)","v":"FABRICAÇÃO E INSTALAÇÃO DE MEIA TESOURA DE MADEIRA NÃO APARELHADA, COM VÃO DE 12 M, PARA TELHA ONDULADA DE FIBROCIMENTO, ALUMÍNIO, PLÁSTICA OU TERMOACÚSTICA, INCLUSO IÇAMENTO. AF_07/2019"},{"$f":"IF($D108<>\"Serviço\",\"\",OFFSET(ORÇAMENTO!S$15,ROW(G108)-ROW(G$15),0))","v":"UN"},{"$f":"IF($D108<>\"Serviço\",0,IF(ACOMPANHAMENTO=\"BM\",ROUND(OFFSET(ORÇAMENTO!AJ$15,ROW(H108)-ROW(H$15),0),15-13*ORÇAMENTO!$AF$7),SUMPRODUCT(($Q$12:$AA$12<>\"\")*ROUND($Q108:$AA108,15-13*ORÇAMENTO!$AF$7))))","v":2},null,null,null,".",{"$f":"IF($D108<>\"Serviço\",\"\",IF(AUTOEVENTO=\"manual\",$A108,IF(ISERROR(MATCH($A108,$A$15:OFFSET($A108,-1,0),0)),MAX($M$15:OFFSET(M108,-1,0))+1,INDEX($M$15:OFFSET(M108,-1,0),MATCH($A108,$A$15:OFFSET($A108,-1,0),0)))))","v":7},{"$f":"IF($D108<>\"Serviço\",\"\",IF(AUTOEVENTO=\"Manual\",IF($A108=0,\"<-- defina o número do agrupador\",OFFSET(EVENTOS!$D$14,$A108,0)),OFFSET($F$15,$A108,0)))","v":"COBERTURA"},null,null,null,null,null,null,null,null,null,null,null,null,null,{"$f":"IF(AND($D108=\"Serviço\",AB$12<>0,$H108>0,OR(AUTOEVENTO<>\"manual\",$M108<>1)),\nIF(Import.TipoArredondamento<>\"TransfereGOV\",\nROUND(OFFSET($P108,0,AB$13),15-13*ORÇAMENTO!$AF$7)/$H108*OFFSET(ORÇAMENTO!$X$15,ROW(AB108)-ROW(AB$15),0),\nROUND(ROUND(OFFSET($P108,0,AB$13),15-13*ORÇAMENTO!$AF$7)*OFFSET(ORÇAMENTO!$W$15,ROW(AB108)-ROW(AB$15),0),15-13*ORÇAMENTO!$AF$11)),0)","v":0},{"$f":"IF(AND($D108=\"Serviço\",AC$12<>0,$H108>0,OR(AUTOEVENTO<>\"manual\",$M108<>1)),\nIF(Import.TipoArredondamento<>\"TransfereGOV\",\nROUND(OFFSET($P108,0,AC$13),15-13*ORÇAMENTO!$AF$7)/$H108*OFFSET(ORÇAMENTO!$X$15,ROW(AC108)-ROW(AC$15),0),\nROUND(ROUND(OFFSET($P108,0,AC$13),15-13*ORÇAMENTO!$AF$7)*OFFSET(ORÇAMENTO!$W$15,ROW(AC108)-ROW(AC$15),0),15-13*ORÇAMENTO!$AF$11)),0)","v":0},{"$f":"IF(AND($D108=\"Serviço\",AD$12<>0,$H108>0,OR(AUTOEVENTO<>\"manual\",$M108<>1)),\nIF(Import.TipoArredondamento<>\"TransfereGOV\",\nROUND(OFFSET($P108,0,AD$13),15-13*ORÇAMENTO!$AF$7)/$H108*OFFSET(ORÇAMENTO!$X$15,ROW(AD108)-ROW(AD$15),0),\nROUND(ROUND(OFFSET($P108,0,AD$13),15-13*ORÇAMENTO!$AF$7)*OFFSET(ORÇAMENTO!$W$15,ROW(AD108)-ROW(AD$15),0),15-13*ORÇAMENTO!$AF$11)),0)","v":0},{"$f":"IF(AND($D108=\"Serviço\",AE$12<>0,$H108>0,OR(AUTOEVENTO<>\"manual\",$M108<>1)),\nIF(Import.TipoArredondamento<>\"TransfereGOV\",\nROUND(OFFSET($P108,0,AE$13),15-13*ORÇAMENTO!$AF$7)/$H108*OFFSET(ORÇAMENTO!$X$15,ROW(AE108)-ROW(AE$15),0),\nROUND(ROUND(OFFSET($P108,0,AE$13),15-13*ORÇAMENTO!$AF$7)*OFFSET(ORÇAMENTO!$W$15,ROW(AE108)-ROW(AE$15),0),15-13*ORÇAMENTO!$AF$11)),0)","v":0},{"$f":"IF(AND($D108=\"Serviço\",AF$12<>0,$H108>0,OR(AUTOEVENTO<>\"manual\",$M108<>1)),\nIF(Import.TipoArredondamento<>\"TransfereGOV\",\nROUND(OFFSET($P108,0,AF$13),15-13*ORÇAMENTO!$AF$7)/$H108*OFFSET(ORÇAMENTO!$X$15,ROW(AF108)-ROW(AF$15),0),\nROUND(ROUND(OFFSET($P108,0,AF$13),15-13*ORÇAMENTO!$AF$7)*OFFSET(ORÇAMENTO!$W$15,ROW(AF108)-ROW(AF$15),0),15-13*ORÇAMENTO!$AF$11)),0)","v":0},{"$f":"IF(AND($D108=\"Serviço\",AG$12<>0,$H108>0,OR(AUTOEVENTO<>\"manual\",$M108<>1)),\nIF(Import.TipoArredondamento<>\"TransfereGOV\",\nROUND(OFFSET($P108,0,AG$13),15-13*ORÇAMENTO!$AF$7)/$H108*OFFSET(ORÇAMENTO!$X$15,ROW(AG108)-ROW(AG$15),0),\nROUND(ROUND(OFFSET($P108,0,AG$13),15-13*ORÇAMENTO!$AF$7)*OFFSET(ORÇAMENTO!$W$15,ROW(AG108)-ROW(AG$15),0),15-13*ORÇAMENTO!$AF$11)),0)","v":0},{"$f":"IF(AND($D108=\"Serviço\",AH$12<>0,$H108>0,OR(AUTOEVENTO<>\"manual\",$M108<>1)),\nIF(Import.TipoArredondamento<>\"TransfereGOV\",\nROUND(OFFSET($P108,0,AH$13),15-13*ORÇAMENTO!$AF$7)/$H108*OFFSET(ORÇAMENTO!$X$15,ROW(AH108)-ROW(AH$15),0),\nROUND(ROUND(OFFSET($P108,0,AH$13),15-13*ORÇAMENTO!$AF$7)*OFFSET(ORÇAMENTO!$W$15,ROW(AH108)-ROW(AH$15),0),15-13*ORÇAMENTO!$AF$11)),0)","v":0},{"$f":"IF(AND($D108=\"Serviço\",AI$12<>0,$H108>0,OR(AUTOEVENTO<>\"manual\",$M108<>1)),\nIF(Import.TipoArredondamento<>\"TransfereGOV\",\nROUND(OFFSET($P108,0,AI$13),15-13*ORÇAMENTO!$AF$7)/$H108*OFFSET(ORÇAMENTO!$X$15,ROW(AI108)-ROW(AI$15),0),\nROUND(ROUND(OFFSET($P108,0,AI$13),15-13*ORÇAMENTO!$AF$7)*OFFSET(ORÇAMENTO!$W$15,ROW(AI108)-ROW(AI$15),0),15-13*ORÇAMENTO!$AF$11)),0)","v":0},{"$f":"IF(AND($D108=\"Serviço\",AJ$12<>0,$H108>0,OR(AUTOEVENTO<>\"manual\",$M108<>1)),\nIF(Import.TipoArredondamento<>\"TransfereGOV\",\nROUND(OFFSET($P108,0,AJ$13),15-13*ORÇAMENTO!$AF$7)/$H108*OFFSET(ORÇAMENTO!$X$15,ROW(AJ108)-ROW(AJ$15),0),\nROUND(ROUND(OFFSET($P108,0,AJ$13),15-13*ORÇAMENTO!$AF$7)*OFFSET(ORÇAMENTO!$W$15,ROW(AJ108)-ROW(AJ$15),0),15-13*ORÇAMENTO!$AF$11)),0)","v":0},{"$f":"IF(AND($D108=\"Serviço\",AK$12<>0,$H108>0,OR(AUTOEVENTO<>\"manual\",$M108<>1)),\nIF(Import.TipoArredondamento<>\"TransfereGOV\",\nROUND(OFFSET($P108,0,AK$13),15-13*ORÇAMENTO!$AF$7)/$H108*OFFSET(ORÇAMENTO!$X$15,ROW(AK108)-ROW(AK$15),0),\nROUND(ROUND(OFFSET($P108,0,AK$13),15-13*ORÇAMENTO!$AF$7)*OFFSET(ORÇAMENTO!$W$15,ROW(AK108)-ROW(AK$15),0),15-13*ORÇAMENTO!$AF$11)),0)","v":0},null,{"$f":"IF($D108<>\"Serviço\",0,IF(AND(AUTOEVENTO=\"Manual\",$M108=1),0,IF(OFFSET(CRONOPLE!$F$14,$M108,AM$13)=\"\",10^12,OFFSET(CRONOPLE!$F$14,$M108,AM$13))))","v":1000000000000},{"$f":"IF($D108<>\"Serviço\",0,IF(AND(AUTOEVENTO=\"Manual\",$M108=1),0,IF(OFFSET(CRONOPLE!$F$14,$M108,AN$13)=\"\",10^12,OFFSET(CRONOPLE!$F$14,$M108,AN$13))))","v":1000000000000},{"$f":"IF($D108<>\"Serviço\",0,IF(AND(AUTOEVENTO=\"Manual\",$M108=1),0,IF(OFFSET(CRONOPLE!$F$14,$M108,AO$13)=\"\",10^12,OFFSET(CRONOPLE!$F$14,$M108,AO$13))))","v":1000000000000},{"$f":"IF($D108<>\"Serviço\",0,IF(AND(AUTOEVENTO=\"Manual\",$M108=1),0,IF(OFFSET(CRONOPLE!$F$14,$M108,AP$13)=\"\",10^12,OFFSET(CRONOPLE!$F$14,$M108,AP$13))))","v":1000000000000},{"$f":"IF($D108<>\"Serviço\",0,IF(AND(AUTOEVENTO=\"Manual\",$M108=1),0,IF(OFFSET(CRONOPLE!$F$14,$M108,AQ$13)=\"\",10^12,OFFSET(CRONOPLE!$F$14,$M108,AQ$13))))","v":1000000000000},{"$f":"IF($D108<>\"Serviço\",0,IF(AND(AUTOEVENTO=\"Manual\",$M108=1),0,IF(OFFSET(CRONOPLE!$F$14,$M108,AR$13)=\"\",10^12,OFFSET(CRONOPLE!$F$14,$M108,AR$13))))","v":1000000000000},{"$f":"IF($D108<>\"Serviço\",0,IF(AND(AUTOEVENTO=\"Manual\",$M108=1),0,IF(OFFSET(CRONOPLE!$F$14,$M108,AS$13)=\"\",10^12,OFFSET(CRONOPLE!$F$14,$M108,AS$13))))","v":1000000000000},{"$f":"IF($D108<>\"Serviço\",0,IF(AND(AUTOEVENTO=\"Manual\",$M108=1),0,IF(OFFSET(CRONOPLE!$F$14,$M108,AT$13)=\"\",10^12,OFFSET(CRONOPLE!$F$14,$M108,AT$13))))","v":1000000000000},{"$f":"IF($D108<>\"Serviço\",0,IF(AND(AUTOEVENTO=\"Manual\",$M108=1),0,IF(OFFSET(CRONOPLE!$F$14,$M108,AU$13)=\"\",10^12,OFFSET(CRONOPLE!$F$14,$M108,AU$13))))","v":1000000000000},{"$f":"IF($D108<>\"Serviço\",0,IF(AND(AUTOEVENTO=\"Manual\",$M108=1),0,IF(OFFSET(CRONOPLE!$F$14,$M108,AV$13)=\"\",10^12,OFFSET(CRONOPLE!$F$14,$M108,AV$13))))","v":1000000000000},null,{"$f":"IF($D108<>\"Serviço\",0,IF(OR(AND(AUTOEVENTO=\"Manual\",$M108=1),$M108>(ROW(PLE.lastrow)-ROW(PLE.firstrow))),0,IF(OFFSET(PLE!$G$14,$M108,AX$13)=\"\",10^12,OFFSET(PLE!$G$14,$M108,AX$13))))","v":1000000000000},{"$f":"IF($D108<>\"Serviço\",0,IF(OR(AND(AUTOEVENTO=\"Manual\",$M108=1),$M108>(ROW(PLE.lastrow)-ROW(PLE.firstrow))),0,IF(OFFSET(PLE!$G$14,$M108,AY$13)=\"\",10^12,OFFSET(PLE!$G$14,$M108,AY$13))))","v":1000000000000},{"$f":"IF($D108<>\"Serviço\",0,IF(OR(AND(AUTOEVENTO=\"Manual\",$M108=1),$M108>(ROW(PLE.lastrow)-ROW(PLE.firstrow))),0,IF(OFFSET(PLE!$G$14,$M108,AZ$13)=\"\",10^12,OFFSET(PLE!$G$14,$M108,AZ$13))))","v":1000000000000},{"$f":"IF($D108<>\"Serviço\",0,IF(OR(AND(AUTOEVENTO=\"Manual\",$M108=1),$M108>(ROW(PLE.lastrow)-ROW(PLE.firstrow))),0,IF(OFFSET(PLE!$G$14,$M108,BA$13)=\"\",10^12,OFFSET(PLE!$G$14,$M108,BA$13))))","v":1000000000000},{"$f":"IF($D108<>\"Serviço\",0,IF(OR(AND(AUTOEVENTO=\"Manual\",$M108=1),$M108>(ROW(PLE.lastrow)-ROW(PLE.firstrow))),0,IF(OFFSET(PLE!$G$14,$M108,BB$13)=\"\",10^12,OFFSET(PLE!$G$14,$M108,BB$13))))","v":1000000000000},{"$f":"IF($D108<>\"Serviço\",0,IF(OR(AND(AUTOEVENTO=\"Manual\",$M108=1),$M108>(ROW(PLE.lastrow)-ROW(PLE.firstrow))),0,IF(OFFSET(PLE!$G$14,$M108,BC$13)=\"\",10^12,OFFSET(PLE!$G$14,$M108,BC$13))))","v":1000000000000},{"$f":"IF($D108<>\"Serviço\",0,IF(OR(AND(AUTOEVENTO=\"Manual\",$M108=1),$M108>(ROW(PLE.lastrow)-ROW(PLE.firstrow))),0,IF(OFFSET(PLE!$G$14,$M108,BD$13)=\"\",10^12,OFFSET(PLE!$G$14,$M108,BD$13))))","v":1000000000000},{"$f":"IF($D108<>\"Serviço\",0,IF(OR(AND(AUTOEVENTO=\"Manual\",$M108=1),$M108>(ROW(PLE.lastrow)-ROW(PLE.firstrow))),0,IF(OFFSET(PLE!$G$14,$M108,BE$13)=\"\",10^12,OFFSET(PLE!$G$14,$M108,BE$13))))","v":1000000000000},{"$f":"IF($D108<>\"Serviço\",0,IF(OR(AND(AUTOEVENTO=\"Manual\",$M108=1),$M108>(ROW(PLE.lastrow)-ROW(PLE.firstrow))),0,IF(OFFSET(PLE!$G$14,$M108,BF$13)=\"\",10^12,OFFSET(PLE!$G$14,$M108,BF$13))))","v":1000000000000},{"$f":"IF($D108<>\"Serviço\",0,IF(OR(AND(AUTOEVENTO=\"Manual\",$M108=1),$M108>(ROW(PLE.lastrow)-ROW(PLE.firstrow))),0,IF(OFFSET(PLE!$G$14,$M108,BG$13)=\"\",10^12,OFFSET(PLE!$G$14,$M108,BG$13))))","v":1000000000000}]
["89",{"$f":"OFFSET(ORÇAMENTO!C$15,ROW(B109)-ROW(B$15),0)","v":"S"},{"$f":"OFFSET(ORÇAMENTO!L$15,ROW(C109)-ROW(C$15),0)","v":"F"},{"$f":"OFFSET(ORÇAMENTO!N$15,ROW(D109)-ROW(D$15),0)","v":"Serviço"},{"$f":"OFFSET(ORÇAMENTO!O$15,ROW(E109)-ROW(E$15),0)","v":"1.6.0.5."},{"$f":"OFFSET(ORÇAMENTO!R$15,ROW(F109)-ROW(F$15),0)","v":"TRAMA DE MADEIRA COMPOSTA POR TERÇAS PARA TELHADOS DE ATÉ 2 ÁGUAS PARA TELHA ONDULADA DE FIBROCIMENTO, METÁLICA, PLÁSTICA OU TERMOACÚSTICA, INCLUSO TRANSPORTE VERTICAL. AF_07/2019"},{"$f":"IF($D109<>\"Serviço\",\"\",OFFSET(ORÇAMENTO!S$15,ROW(G109)-ROW(G$15),0))","v":"M2"},{"$f":"IF($D109<>\"Serviço\",0,IF(ACOMPANHAMENTO=\"BM\",ROUND(OFFSET(ORÇAMENTO!AJ$15,ROW(H109)-ROW(H$15),0),15-13*ORÇAMENTO!$AF$7),SUMPRODUCT(($Q$12:$AA$12<>\"\")*ROUND($Q109:$AA109,15-13*ORÇAMENTO!$AF$7))))","v":215.25},null,null,null,".",{"$f":"IF($D109<>\"Serviço\",\"\",IF(AUTOEVENTO=\"manual\",$A109,IF(ISERROR(MATCH($A109,$A$15:OFFSET($A109,-1,0),0)),MAX($M$15:OFFSET(M109,-1,0))+1,INDEX($M$15:OFFSET(M109,-1,0),MATCH($A109,$A$15:OFFSET($A109,-1,0),0)))))","v":7},{"$f":"IF($D109<>\"Serviço\",\"\",IF(AUTOEVENTO=\"Manual\",IF($A109=0,\"<-- defina o número do agrupador\",OFFSET(EVENTOS!$D$14,$A109,0)),OFFSET($F$15,$A109,0)))","v":"COBERTURA"},null,null,null,null,null,null,null,null,null,null,null,null,null,{"$f":"IF(AND($D109=\"Serviço\",AB$12<>0,$H109>0,OR(AUTOEVENTO<>\"manual\",$M109<>1)),\nIF(Import.TipoArredondamento<>\"TransfereGOV\",\nROUND(OFFSET($P109,0,AB$13),15-13*ORÇAMENTO!$AF$7)/$H109*OFFSET(ORÇAMENTO!$X$15,ROW(AB109)-ROW(AB$15),0),\nROUND(ROUND(OFFSET($P109,0,AB$13),15-13*ORÇAMENTO!$AF$7)*OFFSET(ORÇAMENTO!$W$15,ROW(AB109)-ROW(AB$15),0),15-13*ORÇAMENTO!$AF$11)),0)","v":0},{"$f":"IF(AND($D109=\"Serviço\",AC$12<>0,$H109>0,OR(AUTOEVENTO<>\"manual\",$M109<>1)),\nIF(Import.TipoArredondamento<>\"TransfereGOV\",\nROUND(OFFSET($P109,0,AC$13),15-13*ORÇAMENTO!$AF$7)/$H109*OFFSET(ORÇAMENTO!$X$15,ROW(AC109)-ROW(AC$15),0),\nROUND(ROUND(OFFSET($P109,0,AC$13),15-13*ORÇAMENTO!$AF$7)*OFFSET(ORÇAMENTO!$W$15,ROW(AC109)-ROW(AC$15),0),15-13*ORÇAMENTO!$AF$11)),0)","v":0},{"$f":"IF(AND($D109=\"Serviço\",AD$12<>0,$H109>0,OR(AUTOEVENTO<>\"manual\",$M109<>1)),\nIF(Import.TipoArredondamento<>\"TransfereGOV\",\nROUND(OFFSET($P109,0,AD$13),15-13*ORÇAMENTO!$AF$7)/$H109*OFFSET(ORÇAMENTO!$X$15,ROW(AD109)-ROW(AD$15),0),\nROUND(ROUND(OFFSET($P109,0,AD$13),15-13*ORÇAMENTO!$AF$7)*OFFSET(ORÇAMENTO!$W$15,ROW(AD109)-ROW(AD$15),0),15-13*ORÇAMENTO!$AF$11)),0)","v":0},{"$f":"IF(AND($D109=\"Serviço\",AE$12<>0,$H109>0,OR(AUTOEVENTO<>\"manual\",$M109<>1)),\nIF(Import.TipoArredondamento<>\"TransfereGOV\",\nROUND(OFFSET($P109,0,AE$13),15-13*ORÇAMENTO!$AF$7)/$H109*OFFSET(ORÇAMENTO!$X$15,ROW(AE109)-ROW(AE$15),0),\nROUND(ROUND(OFFSET($P109,0,AE$13),15-13*ORÇAMENTO!$AF$7)*OFFSET(ORÇAMENTO!$W$15,ROW(AE109)-ROW(AE$15),0),15-13*ORÇAMENTO!$AF$11)),0)","v":0},{"$f":"IF(AND($D109=\"Serviço\",AF$12<>0,$H109>0,OR(AUTOEVENTO<>\"manual\",$M109<>1)),\nIF(Import.TipoArredondamento<>\"TransfereGOV\",\nROUND(OFFSET($P109,0,AF$13),15-13*ORÇAMENTO!$AF$7)/$H109*OFFSET(ORÇAMENTO!$X$15,ROW(AF109)-ROW(AF$15),0),\nROUND(ROUND(OFFSET($P109,0,AF$13),15-13*ORÇAMENTO!$AF$7)*OFFSET(ORÇAMENTO!$W$15,ROW(AF109)-ROW(AF$15),0),15-13*ORÇAMENTO!$AF$11)),0)","v":0},{"$f":"IF(AND($D109=\"Serviço\",AG$12<>0,$H109>0,OR(AUTOEVENTO<>\"manual\",$M109<>1)),\nIF(Import.TipoArredondamento<>\"TransfereGOV\",\nROUND(OFFSET($P109,0,AG$13),15-13*ORÇAMENTO!$AF$7)/$H109*OFFSET(ORÇAMENTO!$X$15,ROW(AG109)-ROW(AG$15),0),\nROUND(ROUND(OFFSET($P109,0,AG$13),15-13*ORÇAMENTO!$AF$7)*OFFSET(ORÇAMENTO!$W$15,ROW(AG109)-ROW(AG$15),0),15-13*ORÇAMENTO!$AF$11)),0)","v":0},{"$f":"IF(AND($D109=\"Serviço\",AH$12<>0,$H109>0,OR(AUTOEVENTO<>\"manual\",$M109<>1)),\nIF(Import.TipoArredondamento<>\"TransfereGOV\",\nROUND(OFFSET($P109,0,AH$13),15-13*ORÇAMENTO!$AF$7)/$H109*OFFSET(ORÇAMENTO!$X$15,ROW(AH109)-ROW(AH$15),0),\nROUND(ROUND(OFFSET($P109,0,AH$13),15-13*ORÇAMENTO!$AF$7)*OFFSET(ORÇAMENTO!$W$15,ROW(AH109)-ROW(AH$15),0),15-13*ORÇAMENTO!$AF$11)),0)","v":0},{"$f":"IF(AND($D109=\"Serviço\",AI$12<>0,$H109>0,OR(AUTOEVENTO<>\"manual\",$M109<>1)),\nIF(Import.TipoArredondamento<>\"TransfereGOV\",\nROUND(OFFSET($P109,0,AI$13),15-13*ORÇAMENTO!$AF$7)/$H109*OFFSET(ORÇAMENTO!$X$15,ROW(AI109)-ROW(AI$15),0),\nROUND(ROUND(OFFSET($P109,0,AI$13),15-13*ORÇAMENTO!$AF$7)*OFFSET(ORÇAMENTO!$W$15,ROW(AI109)-ROW(AI$15),0),15-13*ORÇAMENTO!$AF$11)),0)","v":0},{"$f":"IF(AND($D109=\"Serviço\",AJ$12<>0,$H109>0,OR(AUTOEVENTO<>\"manual\",$M109<>1)),\nIF(Import.TipoArredondamento<>\"TransfereGOV\",\nROUND(OFFSET($P109,0,AJ$13),15-13*ORÇAMENTO!$AF$7)/$H109*OFFSET(ORÇAMENTO!$X$15,ROW(AJ109)-ROW(AJ$15),0),\nROUND(ROUND(OFFSET($P109,0,AJ$13),15-13*ORÇAMENTO!$AF$7)*OFFSET(ORÇAMENTO!$W$15,ROW(AJ109)-ROW(AJ$15),0),15-13*ORÇAMENTO!$AF$11)),0)","v":0},{"$f":"IF(AND($D109=\"Serviço\",AK$12<>0,$H109>0,OR(AUTOEVENTO<>\"manual\",$M109<>1)),\nIF(Import.TipoArredondamento<>\"TransfereGOV\",\nROUND(OFFSET($P109,0,AK$13),15-13*ORÇAMENTO!$AF$7)/$H109*OFFSET(ORÇAMENTO!$X$15,ROW(AK109)-ROW(AK$15),0),\nROUND(ROUND(OFFSET($P109,0,AK$13),15-13*ORÇAMENTO!$AF$7)*OFFSET(ORÇAMENTO!$W$15,ROW(AK109)-ROW(AK$15),0),15-13*ORÇAMENTO!$AF$11)),0)","v":0},null,{"$f":"IF($D109<>\"Serviço\",0,IF(AND(AUTOEVENTO=\"Manual\",$M109=1),0,IF(OFFSET(CRONOPLE!$F$14,$M109,AM$13)=\"\",10^12,OFFSET(CRONOPLE!$F$14,$M109,AM$13))))","v":1000000000000},{"$f":"IF($D109<>\"Serviço\",0,IF(AND(AUTOEVENTO=\"Manual\",$M109=1),0,IF(OFFSET(CRONOPLE!$F$14,$M109,AN$13)=\"\",10^12,OFFSET(CRONOPLE!$F$14,$M109,AN$13))))","v":1000000000000},{"$f":"IF($D109<>\"Serviço\",0,IF(AND(AUTOEVENTO=\"Manual\",$M109=1),0,IF(OFFSET(CRONOPLE!$F$14,$M109,AO$13)=\"\",10^12,OFFSET(CRONOPLE!$F$14,$M109,AO$13))))","v":1000000000000},{"$f":"IF($D109<>\"Serviço\",0,IF(AND(AUTOEVENTO=\"Manual\",$M109=1),0,IF(OFFSET(CRONOPLE!$F$14,$M109,AP$13)=\"\",10^12,OFFSET(CRONOPLE!$F$14,$M109,AP$13))))","v":1000000000000},{"$f":"IF($D109<>\"Serviço\",0,IF(AND(AUTOEVENTO=\"Manual\",$M109=1),0,IF(OFFSET(CRONOPLE!$F$14,$M109,AQ$13)=\"\",10^12,OFFSET(CRONOPLE!$F$14,$M109,AQ$13))))","v":1000000000000},{"$f":"IF($D109<>\"Serviço\",0,IF(AND(AUTOEVENTO=\"Manual\",$M109=1),0,IF(OFFSET(CRONOPLE!$F$14,$M109,AR$13)=\"\",10^12,OFFSET(CRONOPLE!$F$14,$M109,AR$13))))","v":1000000000000},{"$f":"IF($D109<>\"Serviço\",0,IF(AND(AUTOEVENTO=\"Manual\",$M109=1),0,IF(OFFSET(CRONOPLE!$F$14,$M109,AS$13)=\"\",10^12,OFFSET(CRONOPLE!$F$14,$M109,AS$13))))","v":1000000000000},{"$f":"IF($D109<>\"Serviço\",0,IF(AND(AUTOEVENTO=\"Manual\",$M109=1),0,IF(OFFSET(CRONOPLE!$F$14,$M109,AT$13)=\"\",10^12,OFFSET(CRONOPLE!$F$14,$M109,AT$13))))","v":1000000000000},{"$f":"IF($D109<>\"Serviço\",0,IF(AND(AUTOEVENTO=\"Manual\",$M109=1),0,IF(OFFSET(CRONOPLE!$F$14,$M109,AU$13)=\"\",10^12,OFFSET(CRONOPLE!$F$14,$M109,AU$13))))","v":1000000000000},{"$f":"IF($D109<>\"Serviço\",0,IF(AND(AUTOEVENTO=\"Manual\",$M109=1),0,IF(OFFSET(CRONOPLE!$F$14,$M109,AV$13)=\"\",10^12,OFFSET(CRONOPLE!$F$14,$M109,AV$13))))","v":1000000000000},null,{"$f":"IF($D109<>\"Serviço\",0,IF(OR(AND(AUTOEVENTO=\"Manual\",$M109=1),$M109>(ROW(PLE.lastrow)-ROW(PLE.firstrow))),0,IF(OFFSET(PLE!$G$14,$M109,AX$13)=\"\",10^12,OFFSET(PLE!$G$14,$M109,AX$13))))","v":1000000000000},{"$f":"IF($D109<>\"Serviço\",0,IF(OR(AND(AUTOEVENTO=\"Manual\",$M109=1),$M109>(ROW(PLE.lastrow)-ROW(PLE.firstrow))),0,IF(OFFSET(PLE!$G$14,$M109,AY$13)=\"\",10^12,OFFSET(PLE!$G$14,$M109,AY$13))))","v":1000000000000},{"$f":"IF($D109<>\"Serviço\",0,IF(OR(AND(AUTOEVENTO=\"Manual\",$M109=1),$M109>(ROW(PLE.lastrow)-ROW(PLE.firstrow))),0,IF(OFFSET(PLE!$G$14,$M109,AZ$13)=\"\",10^12,OFFSET(PLE!$G$14,$M109,AZ$13))))","v":1000000000000},{"$f":"IF($D109<>\"Serviço\",0,IF(OR(AND(AUTOEVENTO=\"Manual\",$M109=1),$M109>(ROW(PLE.lastrow)-ROW(PLE.firstrow))),0,IF(OFFSET(PLE!$G$14,$M109,BA$13)=\"\",10^12,OFFSET(PLE!$G$14,$M109,BA$13))))","v":1000000000000},{"$f":"IF($D109<>\"Serviço\",0,IF(OR(AND(AUTOEVENTO=\"Manual\",$M109=1),$M109>(ROW(PLE.lastrow)-ROW(PLE.firstrow))),0,IF(OFFSET(PLE!$G$14,$M109,BB$13)=\"\",10^12,OFFSET(PLE!$G$14,$M109,BB$13))))","v":1000000000000},{"$f":"IF($D109<>\"Serviço\",0,IF(OR(AND(AUTOEVENTO=\"Manual\",$M109=1),$M109>(ROW(PLE.lastrow)-ROW(PLE.firstrow))),0,IF(OFFSET(PLE!$G$14,$M109,BC$13)=\"\",10^12,OFFSET(PLE!$G$14,$M109,BC$13))))","v":1000000000000},{"$f":"IF($D109<>\"Serviço\",0,IF(OR(AND(AUTOEVENTO=\"Manual\",$M109=1),$M109>(ROW(PLE.lastrow)-ROW(PLE.firstrow))),0,IF(OFFSET(PLE!$G$14,$M109,BD$13)=\"\",10^12,OFFSET(PLE!$G$14,$M109,BD$13))))","v":1000000000000},{"$f":"IF($D109<>\"Serviço\",0,IF(OR(AND(AUTOEVENTO=\"Manual\",$M109=1),$M109>(ROW(PLE.lastrow)-ROW(PLE.firstrow))),0,IF(OFFSET(PLE!$G$14,$M109,BE$13)=\"\",10^12,OFFSET(PLE!$G$14,$M109,BE$13))))","v":1000000000000},{"$f":"IF($D109<>\"Serviço\",0,IF(OR(AND(AUTOEVENTO=\"Manual\",$M109=1),$M109>(ROW(PLE.lastrow)-ROW(PLE.firstrow))),0,IF(OFFSET(PLE!$G$14,$M109,BF$13)=\"\",10^12,OFFSET(PLE!$G$14,$M109,BF$13))))","v":1000000000000},{"$f":"IF($D109<>\"Serviço\",0,IF(OR(AND(AUTOEVENTO=\"Manual\",$M109=1),$M109>(ROW(PLE.lastrow)-ROW(PLE.firstrow))),0,IF(OFFSET(PLE!$G$14,$M109,BG$13)=\"\",10^12,OFFSET(PLE!$G$14,$M109,BG$13))))","v":1000000000000}]
["89",{"$f":"OFFSET(ORÇAMENTO!C$15,ROW(B110)-ROW(B$15),0)","v":"S"},{"$f":"OFFSET(ORÇAMENTO!L$15,ROW(C110)-ROW(C$15),0)","v":"F"},{"$f":"OFFSET(ORÇAMENTO!N$15,ROW(D110)-ROW(D$15),0)","v":"Serviço"},{"$f":"OFFSET(ORÇAMENTO!O$15,ROW(E110)-ROW(E$15),0)","v":"1.6.0.6."},{"$f":"OFFSET(ORÇAMENTO!R$15,ROW(F110)-ROW(F$15),0)","v":"TELHAMENTO COM TELHA ONDULADA DE FIBROCIMENTO E = 6 MM, COM RECOBRIMENTO LATERAL DE 1/4 DE ONDA PARA TELHADO COM INCLINAÇÃO MAIOR QUE 10°, COM ATÉ 2 ÁGUAS, INCLUSO IÇAMENTO. AF_07/2019"},{"$f":"IF($D110<>\"Serviço\",\"\",OFFSET(ORÇAMENTO!S$15,ROW(G110)-ROW(G$15),0))","v":"M2"},{"$f":"IF($D110<>\"Serviço\",0,IF(ACOMPANHAMENTO=\"BM\",ROUND(OFFSET(ORÇAMENTO!AJ$15,ROW(H110)-ROW(H$15),0),15-13*ORÇAMENTO!$AF$7),SUMPRODUCT(($Q$12:$AA$12<>\"\")*ROUND($Q110:$AA110,15-13*ORÇAMENTO!$AF$7))))","v":215.25},null,null,null,".",{"$f":"IF($D110<>\"Serviço\",\"\",IF(AUTOEVENTO=\"manual\",$A110,IF(ISERROR(MATCH($A110,$A$15:OFFSET($A110,-1,0),0)),MAX($M$15:OFFSET(M110,-1,0))+1,INDEX($M$15:OFFSET(M110,-1,0),MATCH($A110,$A$15:OFFSET($A110,-1,0),0)))))","v":7},{"$f":"IF($D110<>\"Serviço\",\"\",IF(AUTOEVENTO=\"Manual\",IF($A110=0,\"<-- defina o número do agrupador\",OFFSET(EVENTOS!$D$14,$A110,0)),OFFSET($F$15,$A110,0)))","v":"COBERTURA"},null,null,null,null,null,null,null,null,null,null,null,null,null,{"$f":"IF(AND($D110=\"Serviço\",AB$12<>0,$H110>0,OR(AUTOEVENTO<>\"manual\",$M110<>1)),\nIF(Import.TipoArredondamento<>\"TransfereGOV\",\nROUND(OFFSET($P110,0,AB$13),15-13*ORÇAMENTO!$AF$7)/$H110*OFFSET(ORÇAMENTO!$X$15,ROW(AB110)-ROW(AB$15),0),\nROUND(ROUND(OFFSET($P110,0,AB$13),15-13*ORÇAMENTO!$AF$7)*OFFSET(ORÇAMENTO!$W$15,ROW(AB110)-ROW(AB$15),0),15-13*ORÇAMENTO!$AF$11)),0)","v":0},{"$f":"IF(AND($D110=\"Serviço\",AC$12<>0,$H110>0,OR(AUTOEVENTO<>\"manual\",$M110<>1)),\nIF(Import.TipoArredondamento<>\"TransfereGOV\",\nROUND(OFFSET($P110,0,AC$13),15-13*ORÇAMENTO!$AF$7)/$H110*OFFSET(ORÇAMENTO!$X$15,ROW(AC110)-ROW(AC$15),0),\nROUND(ROUND(OFFSET($P110,0,AC$13),15-13*ORÇAMENTO!$AF$7)*OFFSET(ORÇAMENTO!$W$15,ROW(AC110)-ROW(AC$15),0),15-13*ORÇAMENTO!$AF$11)),0)","v":0},{"$f":"IF(AND($D110=\"Serviço\",AD$12<>0,$H110>0,OR(AUTOEVENTO<>\"manual\",$M110<>1)),\nIF(Import.TipoArredondamento<>\"TransfereGOV\",\nROUND(OFFSET($P110,0,AD$13),15-13*ORÇAMENTO!$AF$7)/$H110*OFFSET(ORÇAMENTO!$X$15,ROW(AD110)-ROW(AD$15),0),\nROUND(ROUND(OFFSET($P110,0,AD$13),15-13*ORÇAMENTO!$AF$7)*OFFSET(ORÇAMENTO!$W$15,ROW(AD110)-ROW(AD$15),0),15-13*ORÇAMENTO!$AF$11)),0)","v":0},{"$f":"IF(AND($D110=\"Serviço\",AE$12<>0,$H110>0,OR(AUTOEVENTO<>\"manual\",$M110<>1)),\nIF(Import.TipoArredondamento<>\"TransfereGOV\",\nROUND(OFFSET($P110,0,AE$13),15-13*ORÇAMENTO!$AF$7)/$H110*OFFSET(ORÇAMENTO!$X$15,ROW(AE110)-ROW(AE$15),0),\nROUND(ROUND(OFFSET($P110,0,AE$13),15-13*ORÇAMENTO!$AF$7)*OFFSET(ORÇAMENTO!$W$15,ROW(AE110)-ROW(AE$15),0),15-13*ORÇAMENTO!$AF$11)),0)","v":0},{"$f":"IF(AND($D110=\"Serviço\",AF$12<>0,$H110>0,OR(AUTOEVENTO<>\"manual\",$M110<>1)),\nIF(Import.TipoArredondamento<>\"TransfereGOV\",\nROUND(OFFSET($P110,0,AF$13),15-13*ORÇAMENTO!$AF$7)/$H110*OFFSET(ORÇAMENTO!$X$15,ROW(AF110)-ROW(AF$15),0),\nROUND(ROUND(OFFSET($P110,0,AF$13),15-13*ORÇAMENTO!$AF$7)*OFFSET(ORÇAMENTO!$W$15,ROW(AF110)-ROW(AF$15),0),15-13*ORÇAMENTO!$AF$11)),0)","v":0},{"$f":"IF(AND($D110=\"Serviço\",AG$12<>0,$H110>0,OR(AUTOEVENTO<>\"manual\",$M110<>1)),\nIF(Import.TipoArredondamento<>\"TransfereGOV\",\nROUND(OFFSET($P110,0,AG$13),15-13*ORÇAMENTO!$AF$7)/$H110*OFFSET(ORÇAMENTO!$X$15,ROW(AG110)-ROW(AG$15),0),\nROUND(ROUND(OFFSET($P110,0,AG$13),15-13*ORÇAMENTO!$AF$7)*OFFSET(ORÇAMENTO!$W$15,ROW(AG110)-ROW(AG$15),0),15-13*ORÇAMENTO!$AF$11)),0)","v":0},{"$f":"IF(AND($D110=\"Serviço\",AH$12<>0,$H110>0,OR(AUTOEVENTO<>\"manual\",$M110<>1)),\nIF(Import.TipoArredondamento<>\"TransfereGOV\",\nROUND(OFFSET($P110,0,AH$13),15-13*ORÇAMENTO!$AF$7)/$H110*OFFSET(ORÇAMENTO!$X$15,ROW(AH110)-ROW(AH$15),0),\nROUND(ROUND(OFFSET($P110,0,AH$13),15-13*ORÇAMENTO!$AF$7)*OFFSET(ORÇAMENTO!$W$15,ROW(AH110)-ROW(AH$15),0),15-13*ORÇAMENTO!$AF$11)),0)","v":0},{"$f":"IF(AND($D110=\"Serviço\",AI$12<>0,$H110>0,OR(AUTOEVENTO<>\"manual\",$M110<>1)),\nIF(Import.TipoArredondamento<>\"TransfereGOV\",\nROUND(OFFSET($P110,0,AI$13),15-13*ORÇAMENTO!$AF$7)/$H110*OFFSET(ORÇAMENTO!$X$15,ROW(AI110)-ROW(AI$15),0),\nROUND(ROUND(OFFSET($P110,0,AI$13),15-13*ORÇAMENTO!$AF$7)*OFFSET(ORÇAMENTO!$W$15,ROW(AI110)-ROW(AI$15),0),15-13*ORÇAMENTO!$AF$11)),0)","v":0},{"$f":"IF(AND($D110=\"Serviço\",AJ$12<>0,$H110>0,OR(AUTOEVENTO<>\"manual\",$M110<>1)),\nIF(Import.TipoArredondamento<>\"TransfereGOV\",\nROUND(OFFSET($P110,0,AJ$13),15-13*ORÇAMENTO!$AF$7)/$H110*OFFSET(ORÇAMENTO!$X$15,ROW(AJ110)-ROW(AJ$15),0),\nROUND(ROUND(OFFSET($P110,0,AJ$13),15-13*ORÇAMENTO!$AF$7)*OFFSET(ORÇAMENTO!$W$15,ROW(AJ110)-ROW(AJ$15),0),15-13*ORÇAMENTO!$AF$11)),0)","v":0},{"$f":"IF(AND($D110=\"Serviço\",AK$12<>0,$H110>0,OR(AUTOEVENTO<>\"manual\",$M110<>1)),\nIF(Import.TipoArredondamento<>\"TransfereGOV\",\nROUND(OFFSET($P110,0,AK$13),15-13*ORÇAMENTO!$AF$7)/$H110*OFFSET(ORÇAMENTO!$X$15,ROW(AK110)-ROW(AK$15),0),\nROUND(ROUND(OFFSET($P110,0,AK$13),15-13*ORÇAMENTO!$AF$7)*OFFSET(ORÇAMENTO!$W$15,ROW(AK110)-ROW(AK$15),0),15-13*ORÇAMENTO!$AF$11)),0)","v":0},null,{"$f":"IF($D110<>\"Serviço\",0,IF(AND(AUTOEVENTO=\"Manual\",$M110=1),0,IF(OFFSET(CRONOPLE!$F$14,$M110,AM$13)=\"\",10^12,OFFSET(CRONOPLE!$F$14,$M110,AM$13))))","v":1000000000000},{"$f":"IF($D110<>\"Serviço\",0,IF(AND(AUTOEVENTO=\"Manual\",$M110=1),0,IF(OFFSET(CRONOPLE!$F$14,$M110,AN$13)=\"\",10^12,OFFSET(CRONOPLE!$F$14,$M110,AN$13))))","v":1000000000000},{"$f":"IF($D110<>\"Serviço\",0,IF(AND(AUTOEVENTO=\"Manual\",$M110=1),0,IF(OFFSET(CRONOPLE!$F$14,$M110,AO$13)=\"\",10^12,OFFSET(CRONOPLE!$F$14,$M110,AO$13))))","v":1000000000000},{"$f":"IF($D110<>\"Serviço\",0,IF(AND(AUTOEVENTO=\"Manual\",$M110=1),0,IF(OFFSET(CRONOPLE!$F$14,$M110,AP$13)=\"\",10^12,OFFSET(CRONOPLE!$F$14,$M110,AP$13))))","v":1000000000000},{"$f":"IF($D110<>\"Serviço\",0,IF(AND(AUTOEVENTO=\"Manual\",$M110=1),0,IF(OFFSET(CRONOPLE!$F$14,$M110,AQ$13)=\"\",10^12,OFFSET(CRONOPLE!$F$14,$M110,AQ$13))))","v":1000000000000},{"$f":"IF($D110<>\"Serviço\",0,IF(AND(AUTOEVENTO=\"Manual\",$M110=1),0,IF(OFFSET(CRONOPLE!$F$14,$M110,AR$13)=\"\",10^12,OFFSET(CRONOPLE!$F$14,$M110,AR$13))))","v":1000000000000},{"$f":"IF($D110<>\"Serviço\",0,IF(AND(AUTOEVENTO=\"Manual\",$M110=1),0,IF(OFFSET(CRONOPLE!$F$14,$M110,AS$13)=\"\",10^12,OFFSET(CRONOPLE!$F$14,$M110,AS$13))))","v":1000000000000},{"$f":"IF($D110<>\"Serviço\",0,IF(AND(AUTOEVENTO=\"Manual\",$M110=1),0,IF(OFFSET(CRONOPLE!$F$14,$M110,AT$13)=\"\",10^12,OFFSET(CRONOPLE!$F$14,$M110,AT$13))))","v":1000000000000},{"$f":"IF($D110<>\"Serviço\",0,IF(AND(AUTOEVENTO=\"Manual\",$M110=1),0,IF(OFFSET(CRONOPLE!$F$14,$M110,AU$13)=\"\",10^12,OFFSET(CRONOPLE!$F$14,$M110,AU$13))))","v":1000000000000},{"$f":"IF($D110<>\"Serviço\",0,IF(AND(AUTOEVENTO=\"Manual\",$M110=1),0,IF(OFFSET(CRONOPLE!$F$14,$M110,AV$13)=\"\",10^12,OFFSET(CRONOPLE!$F$14,$M110,AV$13))))","v":1000000000000},null,{"$f":"IF($D110<>\"Serviço\",0,IF(OR(AND(AUTOEVENTO=\"Manual\",$M110=1),$M110>(ROW(PLE.lastrow)-ROW(PLE.firstrow))),0,IF(OFFSET(PLE!$G$14,$M110,AX$13)=\"\",10^12,OFFSET(PLE!$G$14,$M110,AX$13))))","v":1000000000000},{"$f":"IF($D110<>\"Serviço\",0,IF(OR(AND(AUTOEVENTO=\"Manual\",$M110=1),$M110>(ROW(PLE.lastrow)-ROW(PLE.firstrow))),0,IF(OFFSET(PLE!$G$14,$M110,AY$13)=\"\",10^12,OFFSET(PLE!$G$14,$M110,AY$13))))","v":1000000000000},{"$f":"IF($D110<>\"Serviço\",0,IF(OR(AND(AUTOEVENTO=\"Manual\",$M110=1),$M110>(ROW(PLE.lastrow)-ROW(PLE.firstrow))),0,IF(OFFSET(PLE!$G$14,$M110,AZ$13)=\"\",10^12,OFFSET(PLE!$G$14,$M110,AZ$13))))","v":1000000000000},{"$f":"IF($D110<>\"Serviço\",0,IF(OR(AND(AUTOEVENTO=\"Manual\",$M110=1),$M110>(ROW(PLE.lastrow)-ROW(PLE.firstrow))),0,IF(OFFSET(PLE!$G$14,$M110,BA$13)=\"\",10^12,OFFSET(PLE!$G$14,$M110,BA$13))))","v":1000000000000},{"$f":"IF($D110<>\"Serviço\",0,IF(OR(AND(AUTOEVENTO=\"Manual\",$M110=1),$M110>(ROW(PLE.lastrow)-ROW(PLE.firstrow))),0,IF(OFFSET(PLE!$G$14,$M110,BB$13)=\"\",10^12,OFFSET(PLE!$G$14,$M110,BB$13))))","v":1000000000000},{"$f":"IF($D110<>\"Serviço\",0,IF(OR(AND(AUTOEVENTO=\"Manual\",$M110=1),$M110>(ROW(PLE.lastrow)-ROW(PLE.firstrow))),0,IF(OFFSET(PLE!$G$14,$M110,BC$13)=\"\",10^12,OFFSET(PLE!$G$14,$M110,BC$13))))","v":1000000000000},{"$f":"IF($D110<>\"Serviço\",0,IF(OR(AND(AUTOEVENTO=\"Manual\",$M110=1),$M110>(ROW(PLE.lastrow)-ROW(PLE.firstrow))),0,IF(OFFSET(PLE!$G$14,$M110,BD$13)=\"\",10^12,OFFSET(PLE!$G$14,$M110,BD$13))))","v":1000000000000},{"$f":"IF($D110<>\"Serviço\",0,IF(OR(AND(AUTOEVENTO=\"Manual\",$M110=1),$M110>(ROW(PLE.lastrow)-ROW(PLE.firstrow))),0,IF(OFFSET(PLE!$G$14,$M110,BE$13)=\"\",10^12,OFFSET(PLE!$G$14,$M110,BE$13))))","v":1000000000000},{"$f":"IF($D110<>\"Serviço\",0,IF(OR(AND(AUTOEVENTO=\"Manual\",$M110=1),$M110>(ROW(PLE.lastrow)-ROW(PLE.firstrow))),0,IF(OFFSET(PLE!$G$14,$M110,BF$13)=\"\",10^12,OFFSET(PLE!$G$14,$M110,BF$13))))","v":1000000000000},{"$f":"IF($D110<>\"Serviço\",0,IF(OR(AND(AUTOEVENTO=\"Manual\",$M110=1),$M110>(ROW(PLE.lastrow)-ROW(PLE.firstrow))),0,IF(OFFSET(PLE!$G$14,$M110,BG$13)=\"\",10^12,OFFSET(PLE!$G$14,$M110,BG$13))))","v":1000000000000}]
["89",{"$f":"OFFSET(ORÇAMENTO!C$15,ROW(B111)-ROW(B$15),0)","v":"S"},{"$f":"OFFSET(ORÇAMENTO!L$15,ROW(C111)-ROW(C$15),0)","v":"F"},{"$f":"OFFSET(ORÇAMENTO!N$15,ROW(D111)-ROW(D$15),0)","v":"Serviço"},{"$f":"OFFSET(ORÇAMENTO!O$15,ROW(E111)-ROW(E$15),0)","v":"1.6.0.7."},{"$f":"OFFSET(ORÇAMENTO!R$15,ROW(F111)-ROW(F$15),0)","v":"CUMEEIRA PARA TELHA DE FIBROCIMENTO ONDULADA E = 6 MM, INCLUSO ACESSÓRIOS DE FIXAÇÃO E IÇAMENTO. AF_07/2019"},{"$f":"IF($D111<>\"Serviço\",\"\",OFFSET(ORÇAMENTO!S$15,ROW(G111)-ROW(G$15),0))","v":"M"},{"$f":"IF($D111<>\"Serviço\",0,IF(ACOMPANHAMENTO=\"BM\",ROUND(OFFSET(ORÇAMENTO!AJ$15,ROW(H111)-ROW(H$15),0),15-13*ORÇAMENTO!$AF$7),SUMPRODUCT(($Q$12:$AA$12<>\"\")*ROUND($Q111:$AA111,15-13*ORÇAMENTO!$AF$7))))","v":28.35},null,null,null,".",{"$f":"IF($D111<>\"Serviço\",\"\",IF(AUTOEVENTO=\"manual\",$A111,IF(ISERROR(MATCH($A111,$A$15:OFFSET($A111,-1,0),0)),MAX($M$15:OFFSET(M111,-1,0))+1,INDEX($M$15:OFFSET(M111,-1,0),MATCH($A111,$A$15:OFFSET($A111,-1,0),0)))))","v":7},{"$f":"IF($D111<>\"Serviço\",\"\",IF(AUTOEVENTO=\"Manual\",IF($A111=0,\"<-- defina o número do agrupador\",OFFSET(EVENTOS!$D$14,$A111,0)),OFFSET($F$15,$A111,0)))","v":"COBERTURA"},null,null,null,null,null,null,null,null,null,null,null,null,null,{"$f":"IF(AND($D111=\"Serviço\",AB$12<>0,$H111>0,OR(AUTOEVENTO<>\"manual\",$M111<>1)),\nIF(Import.TipoArredondamento<>\"TransfereGOV\",\nROUND(OFFSET($P111,0,AB$13),15-13*ORÇAMENTO!$AF$7)/$H111*OFFSET(ORÇAMENTO!$X$15,ROW(AB111)-ROW(AB$15),0),\nROUND(ROUND(OFFSET($P111,0,AB$13),15-13*ORÇAMENTO!$AF$7)*OFFSET(ORÇAMENTO!$W$15,ROW(AB111)-ROW(AB$15),0),15-13*ORÇAMENTO!$AF$11)),0)","v":0},{"$f":"IF(AND($D111=\"Serviço\",AC$12<>0,$H111>0,OR(AUTOEVENTO<>\"manual\",$M111<>1)),\nIF(Import.TipoArredondamento<>\"TransfereGOV\",\nROUND(OFFSET($P111,0,AC$13),15-13*ORÇAMENTO!$AF$7)/$H111*OFFSET(ORÇAMENTO!$X$15,ROW(AC111)-ROW(AC$15),0),\nROUND(ROUND(OFFSET($P111,0,AC$13),15-13*ORÇAMENTO!$AF$7)*OFFSET(ORÇAMENTO!$W$15,ROW(AC111)-ROW(AC$15),0),15-13*ORÇAMENTO!$AF$11)),0)","v":0},{"$f":"IF(AND($D111=\"Serviço\",AD$12<>0,$H111>0,OR(AUTOEVENTO<>\"manual\",$M111<>1)),\nIF(Import.TipoArredondamento<>\"TransfereGOV\",\nROUND(OFFSET($P111,0,AD$13),15-13*ORÇAMENTO!$AF$7)/$H111*OFFSET(ORÇAMENTO!$X$15,ROW(AD111)-ROW(AD$15),0),\nROUND(ROUND(OFFSET($P111,0,AD$13),15-13*ORÇAMENTO!$AF$7)*OFFSET(ORÇAMENTO!$W$15,ROW(AD111)-ROW(AD$15),0),15-13*ORÇAMENTO!$AF$11)),0)","v":0},{"$f":"IF(AND($D111=\"Serviço\",AE$12<>0,$H111>0,OR(AUTOEVENTO<>\"manual\",$M111<>1)),\nIF(Import.TipoArredondamento<>\"TransfereGOV\",\nROUND(OFFSET($P111,0,AE$13),15-13*ORÇAMENTO!$AF$7)/$H111*OFFSET(ORÇAMENTO!$X$15,ROW(AE111)-ROW(AE$15),0),\nROUND(ROUND(OFFSET($P111,0,AE$13),15-13*ORÇAMENTO!$AF$7)*OFFSET(ORÇAMENTO!$W$15,ROW(AE111)-ROW(AE$15),0),15-13*ORÇAMENTO!$AF$11)),0)","v":0},{"$f":"IF(AND($D111=\"Serviço\",AF$12<>0,$H111>0,OR(AUTOEVENTO<>\"manual\",$M111<>1)),\nIF(Import.TipoArredondamento<>\"TransfereGOV\",\nROUND(OFFSET($P111,0,AF$13),15-13*ORÇAMENTO!$AF$7)/$H111*OFFSET(ORÇAMENTO!$X$15,ROW(AF111)-ROW(AF$15),0),\nROUND(ROUND(OFFSET($P111,0,AF$13),15-13*ORÇAMENTO!$AF$7)*OFFSET(ORÇAMENTO!$W$15,ROW(AF111)-ROW(AF$15),0),15-13*ORÇAMENTO!$AF$11)),0)","v":0},{"$f":"IF(AND($D111=\"Serviço\",AG$12<>0,$H111>0,OR(AUTOEVENTO<>\"manual\",$M111<>1)),\nIF(Import.TipoArredondamento<>\"TransfereGOV\",\nROUND(OFFSET($P111,0,AG$13),15-13*ORÇAMENTO!$AF$7)/$H111*OFFSET(ORÇAMENTO!$X$15,ROW(AG111)-ROW(AG$15),0),\nROUND(ROUND(OFFSET($P111,0,AG$13),15-13*ORÇAMENTO!$AF$7)*OFFSET(ORÇAMENTO!$W$15,ROW(AG111)-ROW(AG$15),0),15-13*ORÇAMENTO!$AF$11)),0)","v":0},{"$f":"IF(AND($D111=\"Serviço\",AH$12<>0,$H111>0,OR(AUTOEVENTO<>\"manual\",$M111<>1)),\nIF(Import.TipoArredondamento<>\"TransfereGOV\",\nROUND(OFFSET($P111,0,AH$13),15-13*ORÇAMENTO!$AF$7)/$H111*OFFSET(ORÇAMENTO!$X$15,ROW(AH111)-ROW(AH$15),0),\nROUND(ROUND(OFFSET($P111,0,AH$13),15-13*ORÇAMENTO!$AF$7)*OFFSET(ORÇAMENTO!$W$15,ROW(AH111)-ROW(AH$15),0),15-13*ORÇAMENTO!$AF$11)),0)","v":0},{"$f":"IF(AND($D111=\"Serviço\",AI$12<>0,$H111>0,OR(AUTOEVENTO<>\"manual\",$M111<>1)),\nIF(Import.TipoArredondamento<>\"TransfereGOV\",\nROUND(OFFSET($P111,0,AI$13),15-13*ORÇAMENTO!$AF$7)/$H111*OFFSET(ORÇAMENTO!$X$15,ROW(AI111)-ROW(AI$15),0),\nROUND(ROUND(OFFSET($P111,0,AI$13),15-13*ORÇAMENTO!$AF$7)*OFFSET(ORÇAMENTO!$W$15,ROW(AI111)-ROW(AI$15),0),15-13*ORÇAMENTO!$AF$11)),0)","v":0},{"$f":"IF(AND($D111=\"Serviço\",AJ$12<>0,$H111>0,OR(AUTOEVENTO<>\"manual\",$M111<>1)),\nIF(Import.TipoArredondamento<>\"TransfereGOV\",\nROUND(OFFSET($P111,0,AJ$13),15-13*ORÇAMENTO!$AF$7)/$H111*OFFSET(ORÇAMENTO!$X$15,ROW(AJ111)-ROW(AJ$15),0),\nROUND(ROUND(OFFSET($P111,0,AJ$13),15-13*ORÇAMENTO!$AF$7)*OFFSET(ORÇAMENTO!$W$15,ROW(AJ111)-ROW(AJ$15),0),15-13*ORÇAMENTO!$AF$11)),0)","v":0},{"$f":"IF(AND($D111=\"Serviço\",AK$12<>0,$H111>0,OR(AUTOEVENTO<>\"manual\",$M111<>1)),\nIF(Import.TipoArredondamento<>\"TransfereGOV\",\nROUND(OFFSET($P111,0,AK$13),15-13*ORÇAMENTO!$AF$7)/$H111*OFFSET(ORÇAMENTO!$X$15,ROW(AK111)-ROW(AK$15),0),\nROUND(ROUND(OFFSET($P111,0,AK$13),15-13*ORÇAMENTO!$AF$7)*OFFSET(ORÇAMENTO!$W$15,ROW(AK111)-ROW(AK$15),0),15-13*ORÇAMENTO!$AF$11)),0)","v":0},null,{"$f":"IF($D111<>\"Serviço\",0,IF(AND(AUTOEVENTO=\"Manual\",$M111=1),0,IF(OFFSET(CRONOPLE!$F$14,$M111,AM$13)=\"\",10^12,OFFSET(CRONOPLE!$F$14,$M111,AM$13))))","v":1000000000000},{"$f":"IF($D111<>\"Serviço\",0,IF(AND(AUTOEVENTO=\"Manual\",$M111=1),0,IF(OFFSET(CRONOPLE!$F$14,$M111,AN$13)=\"\",10^12,OFFSET(CRONOPLE!$F$14,$M111,AN$13))))","v":1000000000000},{"$f":"IF($D111<>\"Serviço\",0,IF(AND(AUTOEVENTO=\"Manual\",$M111=1),0,IF(OFFSET(CRONOPLE!$F$14,$M111,AO$13)=\"\",10^12,OFFSET(CRONOPLE!$F$14,$M111,AO$13))))","v":1000000000000},{"$f":"IF($D111<>\"Serviço\",0,IF(AND(AUTOEVENTO=\"Manual\",$M111=1),0,IF(OFFSET(CRONOPLE!$F$14,$M111,AP$13)=\"\",10^12,OFFSET(CRONOPLE!$F$14,$M111,AP$13))))","v":1000000000000},{"$f":"IF($D111<>\"Serviço\",0,IF(AND(AUTOEVENTO=\"Manual\",$M111=1),0,IF(OFFSET(CRONOPLE!$F$14,$M111,AQ$13)=\"\",10^12,OFFSET(CRONOPLE!$F$14,$M111,AQ$13))))","v":1000000000000},{"$f":"IF($D111<>\"Serviço\",0,IF(AND(AUTOEVENTO=\"Manual\",$M111=1),0,IF(OFFSET(CRONOPLE!$F$14,$M111,AR$13)=\"\",10^12,OFFSET(CRONOPLE!$F$14,$M111,AR$13))))","v":1000000000000},{"$f":"IF($D111<>\"Serviço\",0,IF(AND(AUTOEVENTO=\"Manual\",$M111=1),0,IF(OFFSET(CRONOPLE!$F$14,$M111,AS$13)=\"\",10^12,OFFSET(CRONOPLE!$F$14,$M111,AS$13))))","v":1000000000000},{"$f":"IF($D111<>\"Serviço\",0,IF(AND(AUTOEVENTO=\"Manual\",$M111=1),0,IF(OFFSET(CRONOPLE!$F$14,$M111,AT$13)=\"\",10^12,OFFSET(CRONOPLE!$F$14,$M111,AT$13))))","v":1000000000000},{"$f":"IF($D111<>\"Serviço\",0,IF(AND(AUTOEVENTO=\"Manual\",$M111=1),0,IF(OFFSET(CRONOPLE!$F$14,$M111,AU$13)=\"\",10^12,OFFSET(CRONOPLE!$F$14,$M111,AU$13))))","v":1000000000000},{"$f":"IF($D111<>\"Serviço\",0,IF(AND(AUTOEVENTO=\"Manual\",$M111=1),0,IF(OFFSET(CRONOPLE!$F$14,$M111,AV$13)=\"\",10^12,OFFSET(CRONOPLE!$F$14,$M111,AV$13))))","v":1000000000000},null,{"$f":"IF($D111<>\"Serviço\",0,IF(OR(AND(AUTOEVENTO=\"Manual\",$M111=1),$M111>(ROW(PLE.lastrow)-ROW(PLE.firstrow))),0,IF(OFFSET(PLE!$G$14,$M111,AX$13)=\"\",10^12,OFFSET(PLE!$G$14,$M111,AX$13))))","v":1000000000000},{"$f":"IF($D111<>\"Serviço\",0,IF(OR(AND(AUTOEVENTO=\"Manual\",$M111=1),$M111>(ROW(PLE.lastrow)-ROW(PLE.firstrow))),0,IF(OFFSET(PLE!$G$14,$M111,AY$13)=\"\",10^12,OFFSET(PLE!$G$14,$M111,AY$13))))","v":1000000000000},{"$f":"IF($D111<>\"Serviço\",0,IF(OR(AND(AUTOEVENTO=\"Manual\",$M111=1),$M111>(ROW(PLE.lastrow)-ROW(PLE.firstrow))),0,IF(OFFSET(PLE!$G$14,$M111,AZ$13)=\"\",10^12,OFFSET(PLE!$G$14,$M111,AZ$13))))","v":1000000000000},{"$f":"IF($D111<>\"Serviço\",0,IF(OR(AND(AUTOEVENTO=\"Manual\",$M111=1),$M111>(ROW(PLE.lastrow)-ROW(PLE.firstrow))),0,IF(OFFSET(PLE!$G$14,$M111,BA$13)=\"\",10^12,OFFSET(PLE!$G$14,$M111,BA$13))))","v":1000000000000},{"$f":"IF($D111<>\"Serviço\",0,IF(OR(AND(AUTOEVENTO=\"Manual\",$M111=1),$M111>(ROW(PLE.lastrow)-ROW(PLE.firstrow))),0,IF(OFFSET(PLE!$G$14,$M111,BB$13)=\"\",10^12,OFFSET(PLE!$G$14,$M111,BB$13))))","v":1000000000000},{"$f":"IF($D111<>\"Serviço\",0,IF(OR(AND(AUTOEVENTO=\"Manual\",$M111=1),$M111>(ROW(PLE.lastrow)-ROW(PLE.firstrow))),0,IF(OFFSET(PLE!$G$14,$M111,BC$13)=\"\",10^12,OFFSET(PLE!$G$14,$M111,BC$13))))","v":1000000000000},{"$f":"IF($D111<>\"Serviço\",0,IF(OR(AND(AUTOEVENTO=\"Manual\",$M111=1),$M111>(ROW(PLE.lastrow)-ROW(PLE.firstrow))),0,IF(OFFSET(PLE!$G$14,$M111,BD$13)=\"\",10^12,OFFSET(PLE!$G$14,$M111,BD$13))))","v":1000000000000},{"$f":"IF($D111<>\"Serviço\",0,IF(OR(AND(AUTOEVENTO=\"Manual\",$M111=1),$M111>(ROW(PLE.lastrow)-ROW(PLE.firstrow))),0,IF(OFFSET(PLE!$G$14,$M111,BE$13)=\"\",10^12,OFFSET(PLE!$G$14,$M111,BE$13))))","v":1000000000000},{"$f":"IF($D111<>\"Serviço\",0,IF(OR(AND(AUTOEVENTO=\"Manual\",$M111=1),$M111>(ROW(PLE.lastrow)-ROW(PLE.firstrow))),0,IF(OFFSET(PLE!$G$14,$M111,BF$13)=\"\",10^12,OFFSET(PLE!$G$14,$M111,BF$13))))","v":1000000000000},{"$f":"IF($D111<>\"Serviço\",0,IF(OR(AND(AUTOEVENTO=\"Manual\",$M111=1),$M111>(ROW(PLE.lastrow)-ROW(PLE.firstrow))),0,IF(OFFSET(PLE!$G$14,$M111,BG$13)=\"\",10^12,OFFSET(PLE!$G$14,$M111,BG$13))))","v":1000000000000}]
["89",{"$f":"OFFSET(ORÇAMENTO!C$15,ROW(B112)-ROW(B$15),0)","v":"S"},{"$f":"OFFSET(ORÇAMENTO!L$15,ROW(C112)-ROW(C$15),0)","v":"F"},{"$f":"OFFSET(ORÇAMENTO!N$15,ROW(D112)-ROW(D$15),0)","v":"Serviço"},{"$f":"OFFSET(ORÇAMENTO!O$15,ROW(E112)-ROW(E$15),0)","v":"1.6.0.8."},{"$f":"OFFSET(ORÇAMENTO!R$15,ROW(F112)-ROW(F$15),0)","v":"CALHA DE BEIRAL, SEMICIRCULAR DE PVC, DIAMETRO 125 MM, INCLUINDO CABECEIRAS, EMENDAS, BOCAIS, SUPORTES E VEDAÇÕES, EXCLUINDO CONDUTORES, INCLUSO TRANSPORTE VERTICAL. AF_07/2019"},{"$f":"IF($D112<>\"Serviço\",\"\",OFFSET(ORÇAMENTO!S$15,ROW(G112)-ROW(G$15),0))","v":"M"},{"$f":"IF($D112<>\"Serviço\",0,IF(ACOMPANHAMENTO=\"BM\",ROUND(OFFSET(ORÇAMENTO!AJ$15,ROW(H112)-ROW(H$15),0),15-13*ORÇAMENTO!$AF$7),SUMPRODUCT(($Q$12:$AA$12<>\"\")*ROUND($Q112:$AA112,15-13*ORÇAMENTO!$AF$7))))","v":40.700000000000003},null,null,null,".",{"$f":"IF($D112<>\"Serviço\",\"\",IF(AUTOEVENTO=\"manual\",$A112,IF(ISERROR(MATCH($A112,$A$15:OFFSET($A112,-1,0),0)),MAX($M$15:OFFSET(M112,-1,0))+1,INDEX($M$15:OFFSET(M112,-1,0),MATCH($A112,$A$15:OFFSET($A112,-1,0),0)))))","v":7},{"$f":"IF($D112<>\"Serviço\",\"\",IF(AUTOEVENTO=\"Manual\",IF($A112=0,\"<-- defina o número do agrupador\",OFFSET(EVENTOS!$D$14,$A112,0)),OFFSET($F$15,$A112,0)))","v":"COBERTURA"},null,null,null,null,null,null,null,null,null,null,null,null,null,{"$f":"IF(AND($D112=\"Serviço\",AB$12<>0,$H112>0,OR(AUTOEVENTO<>\"manual\",$M112<>1)),\nIF(Import.TipoArredondamento<>\"TransfereGOV\",\nROUND(OFFSET($P112,0,AB$13),15-13*ORÇAMENTO!$AF$7)/$H112*OFFSET(ORÇAMENTO!$X$15,ROW(AB112)-ROW(AB$15),0),\nROUND(ROUND(OFFSET($P112,0,AB$13),15-13*ORÇAMENTO!$AF$7)*OFFSET(ORÇAMENTO!$W$15,ROW(AB112)-ROW(AB$15),0),15-13*ORÇAMENTO!$AF$11)),0)","v":0},{"$f":"IF(AND($D112=\"Serviço\",AC$12<>0,$H112>0,OR(AUTOEVENTO<>\"manual\",$M112<>1)),\nIF(Import.TipoArredondamento<>\"TransfereGOV\",\nROUND(OFFSET($P112,0,AC$13),15-13*ORÇAMENTO!$AF$7)/$H112*OFFSET(ORÇAMENTO!$X$15,ROW(AC112)-ROW(AC$15),0),\nROUND(ROUND(OFFSET($P112,0,AC$13),15-13*ORÇAMENTO!$AF$7)*OFFSET(ORÇAMENTO!$W$15,ROW(AC112)-ROW(AC$15),0),15-13*ORÇAMENTO!$AF$11)),0)","v":0},{"$f":"IF(AND($D112=\"Serviço\",AD$12<>0,$H112>0,OR(AUTOEVENTO<>\"manual\",$M112<>1)),\nIF(Import.TipoArredondamento<>\"TransfereGOV\",\nROUND(OFFSET($P112,0,AD$13),15-13*ORÇAMENTO!$AF$7)/$H112*OFFSET(ORÇAMENTO!$X$15,ROW(AD112)-ROW(AD$15),0),\nROUND(ROUND(OFFSET($P112,0,AD$13),15-13*ORÇAMENTO!$AF$7)*OFFSET(ORÇAMENTO!$W$15,ROW(AD112)-ROW(AD$15),0),15-13*ORÇAMENTO!$AF$11)),0)","v":0},{"$f":"IF(AND($D112=\"Serviço\",AE$12<>0,$H112>0,OR(AUTOEVENTO<>\"manual\",$M112<>1)),\nIF(Import.TipoArredondamento<>\"TransfereGOV\",\nROUND(OFFSET($P112,0,AE$13),15-13*ORÇAMENTO!$AF$7)/$H112*OFFSET(ORÇAMENTO!$X$15,ROW(AE112)-ROW(AE$15),0),\nROUND(ROUND(OFFSET($P112,0,AE$13),15-13*ORÇAMENTO!$AF$7)*OFFSET(ORÇAMENTO!$W$15,ROW(AE112)-ROW(AE$15),0),15-13*ORÇAMENTO!$AF$11)),0)","v":0},{"$f":"IF(AND($D112=\"Serviço\",AF$12<>0,$H112>0,OR(AUTOEVENTO<>\"manual\",$M112<>1)),\nIF(Import.TipoArredondamento<>\"TransfereGOV\",\nROUND(OFFSET($P112,0,AF$13),15-13*ORÇAMENTO!$AF$7)/$H112*OFFSET(ORÇAMENTO!$X$15,ROW(AF112)-ROW(AF$15),0),\nROUND(ROUND(OFFSET($P112,0,AF$13),15-13*ORÇAMENTO!$AF$7)*OFFSET(ORÇAMENTO!$W$15,ROW(AF112)-ROW(AF$15),0),15-13*ORÇAMENTO!$AF$11)),0)","v":0},{"$f":"IF(AND($D112=\"Serviço\",AG$12<>0,$H112>0,OR(AUTOEVENTO<>\"manual\",$M112<>1)),\nIF(Import.TipoArredondamento<>\"TransfereGOV\",\nROUND(OFFSET($P112,0,AG$13),15-13*ORÇAMENTO!$AF$7)/$H112*OFFSET(ORÇAMENTO!$X$15,ROW(AG112)-ROW(AG$15),0),\nROUND(ROUND(OFFSET($P112,0,AG$13),15-13*ORÇAMENTO!$AF$7)*OFFSET(ORÇAMENTO!$W$15,ROW(AG112)-ROW(AG$15),0),15-13*ORÇAMENTO!$AF$11)),0)","v":0},{"$f":"IF(AND($D112=\"Serviço\",AH$12<>0,$H112>0,OR(AUTOEVENTO<>\"manual\",$M112<>1)),\nIF(Import.TipoArredondamento<>\"TransfereGOV\",\nROUND(OFFSET($P112,0,AH$13),15-13*ORÇAMENTO!$AF$7)/$H112*OFFSET(ORÇAMENTO!$X$15,ROW(AH112)-ROW(AH$15),0),\nROUND(ROUND(OFFSET($P112,0,AH$13),15-13*ORÇAMENTO!$AF$7)*OFFSET(ORÇAMENTO!$W$15,ROW(AH112)-ROW(AH$15),0),15-13*ORÇAMENTO!$AF$11)),0)","v":0},{"$f":"IF(AND($D112=\"Serviço\",AI$12<>0,$H112>0,OR(AUTOEVENTO<>\"manual\",$M112<>1)),\nIF(Import.TipoArredondamento<>\"TransfereGOV\",\nROUND(OFFSET($P112,0,AI$13),15-13*ORÇAMENTO!$AF$7)/$H112*OFFSET(ORÇAMENTO!$X$15,ROW(AI112)-ROW(AI$15),0),\nROUND(ROUND(OFFSET($P112,0,AI$13),15-13*ORÇAMENTO!$AF$7)*OFFSET(ORÇAMENTO!$W$15,ROW(AI112)-ROW(AI$15),0),15-13*ORÇAMENTO!$AF$11)),0)","v":0},{"$f":"IF(AND($D112=\"Serviço\",AJ$12<>0,$H112>0,OR(AUTOEVENTO<>\"manual\",$M112<>1)),\nIF(Import.TipoArredondamento<>\"TransfereGOV\",\nROUND(OFFSET($P112,0,AJ$13),15-13*ORÇAMENTO!$AF$7)/$H112*OFFSET(ORÇAMENTO!$X$15,ROW(AJ112)-ROW(AJ$15),0),\nROUND(ROUND(OFFSET($P112,0,AJ$13),15-13*ORÇAMENTO!$AF$7)*OFFSET(ORÇAMENTO!$W$15,ROW(AJ112)-ROW(AJ$15),0),15-13*ORÇAMENTO!$AF$11)),0)","v":0},{"$f":"IF(AND($D112=\"Serviço\",AK$12<>0,$H112>0,OR(AUTOEVENTO<>\"manual\",$M112<>1)),\nIF(Import.TipoArredondamento<>\"TransfereGOV\",\nROUND(OFFSET($P112,0,AK$13),15-13*ORÇAMENTO!$AF$7)/$H112*OFFSET(ORÇAMENTO!$X$15,ROW(AK112)-ROW(AK$15),0),\nROUND(ROUND(OFFSET($P112,0,AK$13),15-13*ORÇAMENTO!$AF$7)*OFFSET(ORÇAMENTO!$W$15,ROW(AK112)-ROW(AK$15),0),15-13*ORÇAMENTO!$AF$11)),0)","v":0},null,{"$f":"IF($D112<>\"Serviço\",0,IF(AND(AUTOEVENTO=\"Manual\",$M112=1),0,IF(OFFSET(CRONOPLE!$F$14,$M112,AM$13)=\"\",10^12,OFFSET(CRONOPLE!$F$14,$M112,AM$13))))","v":1000000000000},{"$f":"IF($D112<>\"Serviço\",0,IF(AND(AUTOEVENTO=\"Manual\",$M112=1),0,IF(OFFSET(CRONOPLE!$F$14,$M112,AN$13)=\"\",10^12,OFFSET(CRONOPLE!$F$14,$M112,AN$13))))","v":1000000000000},{"$f":"IF($D112<>\"Serviço\",0,IF(AND(AUTOEVENTO=\"Manual\",$M112=1),0,IF(OFFSET(CRONOPLE!$F$14,$M112,AO$13)=\"\",10^12,OFFSET(CRONOPLE!$F$14,$M112,AO$13))))","v":1000000000000},{"$f":"IF($D112<>\"Serviço\",0,IF(AND(AUTOEVENTO=\"Manual\",$M112=1),0,IF(OFFSET(CRONOPLE!$F$14,$M112,AP$13)=\"\",10^12,OFFSET(CRONOPLE!$F$14,$M112,AP$13))))","v":1000000000000},{"$f":"IF($D112<>\"Serviço\",0,IF(AND(AUTOEVENTO=\"Manual\",$M112=1),0,IF(OFFSET(CRONOPLE!$F$14,$M112,AQ$13)=\"\",10^12,OFFSET(CRONOPLE!$F$14,$M112,AQ$13))))","v":1000000000000},{"$f":"IF($D112<>\"Serviço\",0,IF(AND(AUTOEVENTO=\"Manual\",$M112=1),0,IF(OFFSET(CRONOPLE!$F$14,$M112,AR$13)=\"\",10^12,OFFSET(CRONOPLE!$F$14,$M112,AR$13))))","v":1000000000000},{"$f":"IF($D112<>\"Serviço\",0,IF(AND(AUTOEVENTO=\"Manual\",$M112=1),0,IF(OFFSET(CRONOPLE!$F$14,$M112,AS$13)=\"\",10^12,OFFSET(CRONOPLE!$F$14,$M112,AS$13))))","v":1000000000000},{"$f":"IF($D112<>\"Serviço\",0,IF(AND(AUTOEVENTO=\"Manual\",$M112=1),0,IF(OFFSET(CRONOPLE!$F$14,$M112,AT$13)=\"\",10^12,OFFSET(CRONOPLE!$F$14,$M112,AT$13))))","v":1000000000000},{"$f":"IF($D112<>\"Serviço\",0,IF(AND(AUTOEVENTO=\"Manual\",$M112=1),0,IF(OFFSET(CRONOPLE!$F$14,$M112,AU$13)=\"\",10^12,OFFSET(CRONOPLE!$F$14,$M112,AU$13))))","v":1000000000000},{"$f":"IF($D112<>\"Serviço\",0,IF(AND(AUTOEVENTO=\"Manual\",$M112=1),0,IF(OFFSET(CRONOPLE!$F$14,$M112,AV$13)=\"\",10^12,OFFSET(CRONOPLE!$F$14,$M112,AV$13))))","v":1000000000000},null,{"$f":"IF($D112<>\"Serviço\",0,IF(OR(AND(AUTOEVENTO=\"Manual\",$M112=1),$M112>(ROW(PLE.lastrow)-ROW(PLE.firstrow))),0,IF(OFFSET(PLE!$G$14,$M112,AX$13)=\"\",10^12,OFFSET(PLE!$G$14,$M112,AX$13))))","v":1000000000000},{"$f":"IF($D112<>\"Serviço\",0,IF(OR(AND(AUTOEVENTO=\"Manual\",$M112=1),$M112>(ROW(PLE.lastrow)-ROW(PLE.firstrow))),0,IF(OFFSET(PLE!$G$14,$M112,AY$13)=\"\",10^12,OFFSET(PLE!$G$14,$M112,AY$13))))","v":1000000000000},{"$f":"IF($D112<>\"Serviço\",0,IF(OR(AND(AUTOEVENTO=\"Manual\",$M112=1),$M112>(ROW(PLE.lastrow)-ROW(PLE.firstrow))),0,IF(OFFSET(PLE!$G$14,$M112,AZ$13)=\"\",10^12,OFFSET(PLE!$G$14,$M112,AZ$13))))","v":1000000000000},{"$f":"IF($D112<>\"Serviço\",0,IF(OR(AND(AUTOEVENTO=\"Manual\",$M112=1),$M112>(ROW(PLE.lastrow)-ROW(PLE.firstrow))),0,IF(OFFSET(PLE!$G$14,$M112,BA$13)=\"\",10^12,OFFSET(PLE!$G$14,$M112,BA$13))))","v":1000000000000},{"$f":"IF($D112<>\"Serviço\",0,IF(OR(AND(AUTOEVENTO=\"Manual\",$M112=1),$M112>(ROW(PLE.lastrow)-ROW(PLE.firstrow))),0,IF(OFFSET(PLE!$G$14,$M112,BB$13)=\"\",10^12,OFFSET(PLE!$G$14,$M112,BB$13))))","v":1000000000000},{"$f":"IF($D112<>\"Serviço\",0,IF(OR(AND(AUTOEVENTO=\"Manual\",$M112=1),$M112>(ROW(PLE.lastrow)-ROW(PLE.firstrow))),0,IF(OFFSET(PLE!$G$14,$M112,BC$13)=\"\",10^12,OFFSET(PLE!$G$14,$M112,BC$13))))","v":1000000000000},{"$f":"IF($D112<>\"Serviço\",0,IF(OR(AND(AUTOEVENTO=\"Manual\",$M112=1),$M112>(ROW(PLE.lastrow)-ROW(PLE.firstrow))),0,IF(OFFSET(PLE!$G$14,$M112,BD$13)=\"\",10^12,OFFSET(PLE!$G$14,$M112,BD$13))))","v":1000000000000},{"$f":"IF($D112<>\"Serviço\",0,IF(OR(AND(AUTOEVENTO=\"Manual\",$M112=1),$M112>(ROW(PLE.lastrow)-ROW(PLE.firstrow))),0,IF(OFFSET(PLE!$G$14,$M112,BE$13)=\"\",10^12,OFFSET(PLE!$G$14,$M112,BE$13))))","v":1000000000000},{"$f":"IF($D112<>\"Serviço\",0,IF(OR(AND(AUTOEVENTO=\"Manual\",$M112=1),$M112>(ROW(PLE.lastrow)-ROW(PLE.firstrow))),0,IF(OFFSET(PLE!$G$14,$M112,BF$13)=\"\",10^12,OFFSET(PLE!$G$14,$M112,BF$13))))","v":1000000000000},{"$f":"IF($D112<>\"Serviço\",0,IF(OR(AND(AUTOEVENTO=\"Manual\",$M112=1),$M112>(ROW(PLE.lastrow)-ROW(PLE.firstrow))),0,IF(OFFSET(PLE!$G$14,$M112,BG$13)=\"\",10^12,OFFSET(PLE!$G$14,$M112,BG$13))))","v":1000000000000}]
["89",{"$f":"OFFSET(ORÇAMENTO!C$15,ROW(B113)-ROW(B$15),0)","v":"S"},{"$f":"OFFSET(ORÇAMENTO!L$15,ROW(C113)-ROW(C$15),0)","v":""},{"$f":"OFFSET(ORÇAMENTO!N$15,ROW(D113)-ROW(D$15),0)","v":"Serviço"},{"$f":"OFFSET(ORÇAMENTO!O$15,ROW(E113)-ROW(E$15),0)","v":"-"},{"$f":"OFFSET(ORÇAMENTO!R$15,ROW(F113)-ROW(F$15),0)","v":"(Sem Código)"},{"$f":"IF($D113<>\"Serviço\",\"\",OFFSET(ORÇAMENTO!S$15,ROW(G113)-ROW(G$15),0))","v":"-"},{"$f":"IF($D113<>\"Serviço\",0,IF(ACOMPANHAMENTO=\"BM\",ROUND(OFFSET(ORÇAMENTO!AJ$15,ROW(H113)-ROW(H$15),0),15-13*ORÇAMENTO!$AF$7),SUMPRODUCT(($Q$12:$AA$12<>\"\")*ROUND($Q113:$AA113,15-13*ORÇAMENTO!$AF$7))))","v":0},null,null,null,".",{"$f":"IF($D113<>\"Serviço\",\"\",IF(AUTOEVENTO=\"manual\",$A113,IF(ISERROR(MATCH($A113,$A$15:OFFSET($A113,-1,0),0)),MAX($M$15:OFFSET(M113,-1,0))+1,INDEX($M$15:OFFSET(M113,-1,0),MATCH($A113,$A$15:OFFSET($A113,-1,0),0)))))","v":7},{"$f":"IF($D113<>\"Serviço\",\"\",IF(AUTOEVENTO=\"Manual\",IF($A113=0,\"<-- defina o número do agrupador\",OFFSET(EVENTOS!$D$14,$A113,0)),OFFSET($F$15,$A113,0)))","v":"COBERTURA"},null,null,null,null,null,null,null,null,null,null,null,null,null,{"$f":"IF(AND($D113=\"Serviço\",AB$12<>0,$H113>0,OR(AUTOEVENTO<>\"manual\",$M113<>1)),\nIF(Import.TipoArredondamento<>\"TransfereGOV\",\nROUND(OFFSET($P113,0,AB$13),15-13*ORÇAMENTO!$AF$7)/$H113*OFFSET(ORÇAMENTO!$X$15,ROW(AB113)-ROW(AB$15),0),\nROUND(ROUND(OFFSET($P113,0,AB$13),15-13*ORÇAMENTO!$AF$7)*OFFSET(ORÇAMENTO!$W$15,ROW(AB113)-ROW(AB$15),0),15-13*ORÇAMENTO!$AF$11)),0)","v":0},{"$f":"IF(AND($D113=\"Serviço\",AC$12<>0,$H113>0,OR(AUTOEVENTO<>\"manual\",$M113<>1)),\nIF(Import.TipoArredondamento<>\"TransfereGOV\",\nROUND(OFFSET($P113,0,AC$13),15-13*ORÇAMENTO!$AF$7)/$H113*OFFSET(ORÇAMENTO!$X$15,ROW(AC113)-ROW(AC$15),0),\nROUND(ROUND(OFFSET($P113,0,AC$13),15-13*ORÇAMENTO!$AF$7)*OFFSET(ORÇAMENTO!$W$15,ROW(AC113)-ROW(AC$15),0),15-13*ORÇAMENTO!$AF$11)),0)","v":0},{"$f":"IF(AND($D113=\"Serviço\",AD$12<>0,$H113>0,OR(AUTOEVENTO<>\"manual\",$M113<>1)),\nIF(Import.TipoArredondamento<>\"TransfereGOV\",\nROUND(OFFSET($P113,0,AD$13),15-13*ORÇAMENTO!$AF$7)/$H113*OFFSET(ORÇAMENTO!$X$15,ROW(AD113)-ROW(AD$15),0),\nROUND(ROUND(OFFSET($P113,0,AD$13),15-13*ORÇAMENTO!$AF$7)*OFFSET(ORÇAMENTO!$W$15,ROW(AD113)-ROW(AD$15),0),15-13*ORÇAMENTO!$AF$11)),0)","v":0},{"$f":"IF(AND($D113=\"Serviço\",AE$12<>0,$H113>0,OR(AUTOEVENTO<>\"manual\",$M113<>1)),\nIF(Import.TipoArredondamento<>\"TransfereGOV\",\nROUND(OFFSET($P113,0,AE$13),15-13*ORÇAMENTO!$AF$7)/$H113*OFFSET(ORÇAMENTO!$X$15,ROW(AE113)-ROW(AE$15),0),\nROUND(ROUND(OFFSET($P113,0,AE$13),15-13*ORÇAMENTO!$AF$7)*OFFSET(ORÇAMENTO!$W$15,ROW(AE113)-ROW(AE$15),0),15-13*ORÇAMENTO!$AF$11)),0)","v":0},{"$f":"IF(AND($D113=\"Serviço\",AF$12<>0,$H113>0,OR(AUTOEVENTO<>\"manual\",$M113<>1)),\nIF(Import.TipoArredondamento<>\"TransfereGOV\",\nROUND(OFFSET($P113,0,AF$13),15-13*ORÇAMENTO!$AF$7)/$H113*OFFSET(ORÇAMENTO!$X$15,ROW(AF113)-ROW(AF$15),0),\nROUND(ROUND(OFFSET($P113,0,AF$13),15-13*ORÇAMENTO!$AF$7)*OFFSET(ORÇAMENTO!$W$15,ROW(AF113)-ROW(AF$15),0),15-13*ORÇAMENTO!$AF$11)),0)","v":0},{"$f":"IF(AND($D113=\"Serviço\",AG$12<>0,$H113>0,OR(AUTOEVENTO<>\"manual\",$M113<>1)),\nIF(Import.TipoArredondamento<>\"TransfereGOV\",\nROUND(OFFSET($P113,0,AG$13),15-13*ORÇAMENTO!$AF$7)/$H113*OFFSET(ORÇAMENTO!$X$15,ROW(AG113)-ROW(AG$15),0),\nROUND(ROUND(OFFSET($P113,0,AG$13),15-13*ORÇAMENTO!$AF$7)*OFFSET(ORÇAMENTO!$W$15,ROW(AG113)-ROW(AG$15),0),15-13*ORÇAMENTO!$AF$11)),0)","v":0},{"$f":"IF(AND($D113=\"Serviço\",AH$12<>0,$H113>0,OR(AUTOEVENTO<>\"manual\",$M113<>1)),\nIF(Import.TipoArredondamento<>\"TransfereGOV\",\nROUND(OFFSET($P113,0,AH$13),15-13*ORÇAMENTO!$AF$7)/$H113*OFFSET(ORÇAMENTO!$X$15,ROW(AH113)-ROW(AH$15),0),\nROUND(ROUND(OFFSET($P113,0,AH$13),15-13*ORÇAMENTO!$AF$7)*OFFSET(ORÇAMENTO!$W$15,ROW(AH113)-ROW(AH$15),0),15-13*ORÇAMENTO!$AF$11)),0)","v":0},{"$f":"IF(AND($D113=\"Serviço\",AI$12<>0,$H113>0,OR(AUTOEVENTO<>\"manual\",$M113<>1)),\nIF(Import.TipoArredondamento<>\"TransfereGOV\",\nROUND(OFFSET($P113,0,AI$13),15-13*ORÇAMENTO!$AF$7)/$H113*OFFSET(ORÇAMENTO!$X$15,ROW(AI113)-ROW(AI$15),0),\nROUND(ROUND(OFFSET($P113,0,AI$13),15-13*ORÇAMENTO!$AF$7)*OFFSET(ORÇAMENTO!$W$15,ROW(AI113)-ROW(AI$15),0),15-13*ORÇAMENTO!$AF$11)),0)","v":0},{"$f":"IF(AND($D113=\"Serviço\",AJ$12<>0,$H113>0,OR(AUTOEVENTO<>\"manual\",$M113<>1)),\nIF(Import.TipoArredondamento<>\"TransfereGOV\",\nROUND(OFFSET($P113,0,AJ$13),15-13*ORÇAMENTO!$AF$7)/$H113*OFFSET(ORÇAMENTO!$X$15,ROW(AJ113)-ROW(AJ$15),0),\nROUND(ROUND(OFFSET($P113,0,AJ$13),15-13*ORÇAMENTO!$AF$7)*OFFSET(ORÇAMENTO!$W$15,ROW(AJ113)-ROW(AJ$15),0),15-13*ORÇAMENTO!$AF$11)),0)","v":0},{"$f":"IF(AND($D113=\"Serviço\",AK$12<>0,$H113>0,OR(AUTOEVENTO<>\"manual\",$M113<>1)),\nIF(Import.TipoArredondamento<>\"TransfereGOV\",\nROUND(OFFSET($P113,0,AK$13),15-13*ORÇAMENTO!$AF$7)/$H113*OFFSET(ORÇAMENTO!$X$15,ROW(AK113)-ROW(AK$15),0),\nROUND(ROUND(OFFSET($P113,0,AK$13),15-13*ORÇAMENTO!$AF$7)*OFFSET(ORÇAMENTO!$W$15,ROW(AK113)-ROW(AK$15),0),15-13*ORÇAMENTO!$AF$11)),0)","v":0},null,{"$f":"IF($D113<>\"Serviço\",0,IF(AND(AUTOEVENTO=\"Manual\",$M113=1),0,IF(OFFSET(CRONOPLE!$F$14,$M113,AM$13)=\"\",10^12,OFFSET(CRONOPLE!$F$14,$M113,AM$13))))","v":1000000000000},{"$f":"IF($D113<>\"Serviço\",0,IF(AND(AUTOEVENTO=\"Manual\",$M113=1),0,IF(OFFSET(CRONOPLE!$F$14,$M113,AN$13)=\"\",10^12,OFFSET(CRONOPLE!$F$14,$M113,AN$13))))","v":1000000000000},{"$f":"IF($D113<>\"Serviço\",0,IF(AND(AUTOEVENTO=\"Manual\",$M113=1),0,IF(OFFSET(CRONOPLE!$F$14,$M113,AO$13)=\"\",10^12,OFFSET(CRONOPLE!$F$14,$M113,AO$13))))","v":1000000000000},{"$f":"IF($D113<>\"Serviço\",0,IF(AND(AUTOEVENTO=\"Manual\",$M113=1),0,IF(OFFSET(CRONOPLE!$F$14,$M113,AP$13)=\"\",10^12,OFFSET(CRONOPLE!$F$14,$M113,AP$13))))","v":1000000000000},{"$f":"IF($D113<>\"Serviço\",0,IF(AND(AUTOEVENTO=\"Manual\",$M113=1),0,IF(OFFSET(CRONOPLE!$F$14,$M113,AQ$13)=\"\",10^12,OFFSET(CRONOPLE!$F$14,$M113,AQ$13))))","v":1000000000000},{"$f":"IF($D113<>\"Serviço\",0,IF(AND(AUTOEVENTO=\"Manual\",$M113=1),0,IF(OFFSET(CRONOPLE!$F$14,$M113,AR$13)=\"\",10^12,OFFSET(CRONOPLE!$F$14,$M113,AR$13))))","v":1000000000000},{"$f":"IF($D113<>\"Serviço\",0,IF(AND(AUTOEVENTO=\"Manual\",$M113=1),0,IF(OFFSET(CRONOPLE!$F$14,$M113,AS$13)=\"\",10^12,OFFSET(CRONOPLE!$F$14,$M113,AS$13))))","v":1000000000000},{"$f":"IF($D113<>\"Serviço\",0,IF(AND(AUTOEVENTO=\"Manual\",$M113=1),0,IF(OFFSET(CRONOPLE!$F$14,$M113,AT$13)=\"\",10^12,OFFSET(CRONOPLE!$F$14,$M113,AT$13))))","v":1000000000000},{"$f":"IF($D113<>\"Serviço\",0,IF(AND(AUTOEVENTO=\"Manual\",$M113=1),0,IF(OFFSET(CRONOPLE!$F$14,$M113,AU$13)=\"\",10^12,OFFSET(CRONOPLE!$F$14,$M113,AU$13))))","v":1000000000000},{"$f":"IF($D113<>\"Serviço\",0,IF(AND(AUTOEVENTO=\"Manual\",$M113=1),0,IF(OFFSET(CRONOPLE!$F$14,$M113,AV$13)=\"\",10^12,OFFSET(CRONOPLE!$F$14,$M113,AV$13))))","v":1000000000000},null,{"$f":"IF($D113<>\"Serviço\",0,IF(OR(AND(AUTOEVENTO=\"Manual\",$M113=1),$M113>(ROW(PLE.lastrow)-ROW(PLE.firstrow))),0,IF(OFFSET(PLE!$G$14,$M113,AX$13)=\"\",10^12,OFFSET(PLE!$G$14,$M113,AX$13))))","v":1000000000000},{"$f":"IF($D113<>\"Serviço\",0,IF(OR(AND(AUTOEVENTO=\"Manual\",$M113=1),$M113>(ROW(PLE.lastrow)-ROW(PLE.firstrow))),0,IF(OFFSET(PLE!$G$14,$M113,AY$13)=\"\",10^12,OFFSET(PLE!$G$14,$M113,AY$13))))","v":1000000000000},{"$f":"IF($D113<>\"Serviço\",0,IF(OR(AND(AUTOEVENTO=\"Manual\",$M113=1),$M113>(ROW(PLE.lastrow)-ROW(PLE.firstrow))),0,IF(OFFSET(PLE!$G$14,$M113,AZ$13)=\"\",10^12,OFFSET(PLE!$G$14,$M113,AZ$13))))","v":1000000000000},{"$f":"IF($D113<>\"Serviço\",0,IF(OR(AND(AUTOEVENTO=\"Manual\",$M113=1),$M113>(ROW(PLE.lastrow)-ROW(PLE.firstrow))),0,IF(OFFSET(PLE!$G$14,$M113,BA$13)=\"\",10^12,OFFSET(PLE!$G$14,$M113,BA$13))))","v":1000000000000},{"$f":"IF($D113<>\"Serviço\",0,IF(OR(AND(AUTOEVENTO=\"Manual\",$M113=1),$M113>(ROW(PLE.lastrow)-ROW(PLE.firstrow))),0,IF(OFFSET(PLE!$G$14,$M113,BB$13)=\"\",10^12,OFFSET(PLE!$G$14,$M113,BB$13))))","v":1000000000000},{"$f":"IF($D113<>\"Serviço\",0,IF(OR(AND(AUTOEVENTO=\"Manual\",$M113=1),$M113>(ROW(PLE.lastrow)-ROW(PLE.firstrow))),0,IF(OFFSET(PLE!$G$14,$M113,BC$13)=\"\",10^12,OFFSET(PLE!$G$14,$M113,BC$13))))","v":1000000000000},{"$f":"IF($D113<>\"Serviço\",0,IF(OR(AND(AUTOEVENTO=\"Manual\",$M113=1),$M113>(ROW(PLE.lastrow)-ROW(PLE.firstrow))),0,IF(OFFSET(PLE!$G$14,$M113,BD$13)=\"\",10^12,OFFSET(PLE!$G$14,$M113,BD$13))))","v":1000000000000},{"$f":"IF($D113<>\"Serviço\",0,IF(OR(AND(AUTOEVENTO=\"Manual\",$M113=1),$M113>(ROW(PLE.lastrow)-ROW(PLE.firstrow))),0,IF(OFFSET(PLE!$G$14,$M113,BE$13)=\"\",10^12,OFFSET(PLE!$G$14,$M113,BE$13))))","v":1000000000000},{"$f":"IF($D113<>\"Serviço\",0,IF(OR(AND(AUTOEVENTO=\"Manual\",$M113=1),$M113>(ROW(PLE.lastrow)-ROW(PLE.firstrow))),0,IF(OFFSET(PLE!$G$14,$M113,BF$13)=\"\",10^12,OFFSET(PLE!$G$14,$M113,BF$13))))","v":1000000000000},{"$f":"IF($D113<>\"Serviço\",0,IF(OR(AND(AUTOEVENTO=\"Manual\",$M113=1),$M113>(ROW(PLE.lastrow)-ROW(PLE.firstrow))),0,IF(OFFSET(PLE!$G$14,$M113,BG$13)=\"\",10^12,OFFSET(PLE!$G$14,$M113,BG$13))))","v":1000000000000}]
[{"$f":"IF(AUTOEVENTO=\"Manual\",IF(K114<>\"\",MIN(VALUE(LEFT(K114,FIND(\".\",K114)-1)),COUNTA(EVENTOS.Lista)),0),IF(OR($B114>AUTOEVENTO,$B114=\"S\",$B114=0),SUBSTITUTE(OFFSET($A114,-1,0),IF($D114=\"Serviço\",\".\",\"\"),\"\"),ROW(A114)-ROW($A$15)&\".\"))","v":"89"},{"$f":"OFFSET(ORÇAMENTO!C$15,ROW(B114)-ROW(B$15),0)","v":"S"},{"$f":"OFFSET(ORÇAMENTO!L$15,ROW(C114)-ROW(C$15),0)","v":""},{"$f":"OFFSET(ORÇAMENTO!N$15,ROW(D114)-ROW(D$15),0)","v":"Serviço"},{"$f":"OFFSET(ORÇAMENTO!O$15,ROW(E114)-ROW(E$15),0)","v":"-"},{"$f":"OFFSET(ORÇAMENTO!R$15,ROW(F114)-ROW(F$15),0)","v":"(Sem Código)"},{"$f":"IF($D114<>\"Serviço\",\"\",OFFSET(ORÇAMENTO!S$15,ROW(G114)-ROW(G$15),0))","v":"-"},{"$f":"IF($D114<>\"Serviço\",0,IF(ACOMPANHAMENTO=\"BM\",ROUND(OFFSET(ORÇAMENTO!AJ$15,ROW(H114)-ROW(H$15),0),15-13*ORÇAMENTO!$AF$7),SUMPRODUCT(($Q$12:$AA$12<>\"\")*ROUND($Q114:$AA114,15-13*ORÇAMENTO!$AF$7))))","v":0},null,null,null,".",{"$f":"IF($D114<>\"Serviço\",\"\",IF(AUTOEVENTO=\"manual\",$A114,IF(ISERROR(MATCH($A114,$A$15:OFFSET($A114,-1,0),0)),MAX($M$15:OFFSET(M114,-1,0))+1,INDEX($M$15:OFFSET(M114,-1,0),MATCH($A114,$A$15:OFFSET($A114,-1,0),0)))))","v":7},{"$f":"IF($D114<>\"Serviço\",\"\",IF(AUTOEVENTO=\"Manual\",IF($A114=0,\"<-- defina o número do agrupador\",OFFSET(EVENTOS!$D$14,$A114,0)),OFFSET($F$15,$A114,0)))","v":"COBERTURA"},null,null,null,null,null,null,null,null,null,null,null,null,null,{"$f":"IF(AND($D114=\"Serviço\",AB$12<>0,$H114>0,OR(AUTOEVENTO<>\"manual\",$M114<>1)),\nIF(Import.TipoArredondamento<>\"TransfereGOV\",\nROUND(OFFSET($P114,0,AB$13),15-13*ORÇAMENTO!$AF$7)/$H114*OFFSET(ORÇAMENTO!$X$15,ROW(AB114)-ROW(AB$15),0),\nROUND(ROUND(OFFSET($P114,0,AB$13),15-13*ORÇAMENTO!$AF$7)*OFFSET(ORÇAMENTO!$W$15,ROW(AB114)-ROW(AB$15),0),15-13*ORÇAMENTO!$AF$11)),0)","v":0},{"$f":"IF(AND($D114=\"Serviço\",AC$12<>0,$H114>0,OR(AUTOEVENTO<>\"manual\",$M114<>1)),\nIF(Import.TipoArredondamento<>\"TransfereGOV\",\nROUND(OFFSET($P114,0,AC$13),15-13*ORÇAMENTO!$AF$7)/$H114*OFFSET(ORÇAMENTO!$X$15,ROW(AC114)-ROW(AC$15),0),\nROUND(ROUND(OFFSET($P114,0,AC$13),15-13*ORÇAMENTO!$AF$7)*OFFSET(ORÇAMENTO!$W$15,ROW(AC114)-ROW(AC$15),0),15-13*ORÇAMENTO!$AF$11)),0)","v":0},{"$f":"IF(AND($D114=\"Serviço\",AD$12<>0,$H114>0,OR(AUTOEVENTO<>\"manual\",$M114<>1)),\nIF(Import.TipoArredondamento<>\"TransfereGOV\",\nROUND(OFFSET($P114,0,AD$13),15-13*ORÇAMENTO!$AF$7)/$H114*OFFSET(ORÇAMENTO!$X$15,ROW(AD114)-ROW(AD$15),0),\nROUND(ROUND(OFFSET($P114,0,AD$13),15-13*ORÇAMENTO!$AF$7)*OFFSET(ORÇAMENTO!$W$15,ROW(AD114)-ROW(AD$15),0),15-13*ORÇAMENTO!$AF$11)),0)","v":0},{"$f":"IF(AND($D114=\"Serviço\",AE$12<>0,$H114>0,OR(AUTOEVENTO<>\"manual\",$M114<>1)),\nIF(Import.TipoArredondamento<>\"TransfereGOV\",\nROUND(OFFSET($P114,0,AE$13),15-13*ORÇAMENTO!$AF$7)/$H114*OFFSET(ORÇAMENTO!$X$15,ROW(AE114)-ROW(AE$15),0),\nROUND(ROUND(OFFSET($P114,0,AE$13),15-13*ORÇAMENTO!$AF$7)*OFFSET(ORÇAMENTO!$W$15,ROW(AE114)-ROW(AE$15),0),15-13*ORÇAMENTO!$AF$11)),0)","v":0},{"$f":"IF(AND($D114=\"Serviço\",AF$12<>0,$H114>0,OR(AUTOEVENTO<>\"manual\",$M114<>1)),\nIF(Import.TipoArredondamento<>\"TransfereGOV\",\nROUND(OFFSET($P114,0,AF$13),15-13*ORÇAMENTO!$AF$7)/$H114*OFFSET(ORÇAMENTO!$X$15,ROW(AF114)-ROW(AF$15),0),\nROUND(ROUND(OFFSET($P114,0,AF$13),15-13*ORÇAMENTO!$AF$7)*OFFSET(ORÇAMENTO!$W$15,ROW(AF114)-ROW(AF$15),0),15-13*ORÇAMENTO!$AF$11)),0)","v":0},{"$f":"IF(AND($D114=\"Serviço\",AG$12<>0,$H114>0,OR(AUTOEVENTO<>\"manual\",$M114<>1)),\nIF(Import.TipoArredondamento<>\"TransfereGOV\",\nROUND(OFFSET($P114,0,AG$13),15-13*ORÇAMENTO!$AF$7)/$H114*OFFSET(ORÇAMENTO!$X$15,ROW(AG114)-ROW(AG$15),0),\nROUND(ROUND(OFFSET($P114,0,AG$13),15-13*ORÇAMENTO!$AF$7)*OFFSET(ORÇAMENTO!$W$15,ROW(AG114)-ROW(AG$15),0),15-13*ORÇAMENTO!$AF$11)),0)","v":0},{"$f":"IF(AND($D114=\"Serviço\",AH$12<>0,$H114>0,OR(AUTOEVENTO<>\"manual\",$M114<>1)),\nIF(Import.TipoArredondamento<>\"TransfereGOV\",\nROUND(OFFSET($P114,0,AH$13),15-13*ORÇAMENTO!$AF$7)/$H114*OFFSET(ORÇAMENTO!$X$15,ROW(AH114)-ROW(AH$15),0),\nROUND(ROUND(OFFSET($P114,0,AH$13),15-13*ORÇAMENTO!$AF$7)*OFFSET(ORÇAMENTO!$W$15,ROW(AH114)-ROW(AH$15),0),15-13*ORÇAMENTO!$AF$11)),0)","v":0},{"$f":"IF(AND($D114=\"Serviço\",AI$12<>0,$H114>0,OR(AUTOEVENTO<>\"manual\",$M114<>1)),\nIF(Import.TipoArredondamento<>\"TransfereGOV\",\nROUND(OFFSET($P114,0,AI$13),15-13*ORÇAMENTO!$AF$7)/$H114*OFFSET(ORÇAMENTO!$X$15,ROW(AI114)-ROW(AI$15),0),\nROUND(ROUND(OFFSET($P114,0,AI$13),15-13*ORÇAMENTO!$AF$7)*OFFSET(ORÇAMENTO!$W$15,ROW(AI114)-ROW(AI$15),0),15-13*ORÇAMENTO!$AF$11)),0)","v":0},{"$f":"IF(AND($D114=\"Serviço\",AJ$12<>0,$H114>0,OR(AUTOEVENTO<>\"manual\",$M114<>1)),\nIF(Import.TipoArredondamento<>\"TransfereGOV\",\nROUND(OFFSET($P114,0,AJ$13),15-13*ORÇAMENTO!$AF$7)/$H114*OFFSET(ORÇAMENTO!$X$15,ROW(AJ114)-ROW(AJ$15),0),\nROUND(ROUND(OFFSET($P114,0,AJ$13),15-13*ORÇAMENTO!$AF$7)*OFFSET(ORÇAMENTO!$W$15,ROW(AJ114)-ROW(AJ$15),0),15-13*ORÇAMENTO!$AF$11)),0)","v":0},{"$f":"IF(AND($D114=\"Serviço\",AK$12<>0,$H114>0,OR(AUTOEVENTO<>\"manual\",$M114<>1)),\nIF(Import.TipoArredondamento<>\"TransfereGOV\",\nROUND(OFFSET($P114,0,AK$13),15-13*ORÇAMENTO!$AF$7)/$H114*OFFSET(ORÇAMENTO!$X$15,ROW(AK114)-ROW(AK$15),0),\nROUND(ROUND(OFFSET($P114,0,AK$13),15-13*ORÇAMENTO!$AF$7)*OFFSET(ORÇAMENTO!$W$15,ROW(AK114)-ROW(AK$15),0),15-13*ORÇAMENTO!$AF$11)),0)","v":0},null,{"$f":"IF($D114<>\"Serviço\",0,IF(AND(AUTOEVENTO=\"Manual\",$M114=1),0,IF(OFFSET(CRONOPLE!$F$14,$M114,AM$13)=\"\",10^12,OFFSET(CRONOPLE!$F$14,$M114,AM$13))))","v":1000000000000},{"$f":"IF($D114<>\"Serviço\",0,IF(AND(AUTOEVENTO=\"Manual\",$M114=1),0,IF(OFFSET(CRONOPLE!$F$14,$M114,AN$13)=\"\",10^12,OFFSET(CRONOPLE!$F$14,$M114,AN$13))))","v":1000000000000},{"$f":"IF($D114<>\"Serviço\",0,IF(AND(AUTOEVENTO=\"Manual\",$M114=1),0,IF(OFFSET(CRONOPLE!$F$14,$M114,AO$13)=\"\",10^12,OFFSET(CRONOPLE!$F$14,$M114,AO$13))))","v":1000000000000},{"$f":"IF($D114<>\"Serviço\",0,IF(AND(AUTOEVENTO=\"Manual\",$M114=1),0,IF(OFFSET(CRONOPLE!$F$14,$M114,AP$13)=\"\",10^12,OFFSET(CRONOPLE!$F$14,$M114,AP$13))))","v":1000000000000},{"$f":"IF($D114<>\"Serviço\",0,IF(AND(AUTOEVENTO=\"Manual\",$M114=1),0,IF(OFFSET(CRONOPLE!$F$14,$M114,AQ$13)=\"\",10^12,OFFSET(CRONOPLE!$F$14,$M114,AQ$13))))","v":1000000000000},{"$f":"IF($D114<>\"Serviço\",0,IF(AND(AUTOEVENTO=\"Manual\",$M114=1),0,IF(OFFSET(CRONOPLE!$F$14,$M114,AR$13)=\"\",10^12,OFFSET(CRONOPLE!$F$14,$M114,AR$13))))","v":1000000000000},{"$f":"IF($D114<>\"Serviço\",0,IF(AND(AUTOEVENTO=\"Manual\",$M114=1),0,IF(OFFSET(CRONOPLE!$F$14,$M114,AS$13)=\"\",10^12,OFFSET(CRONOPLE!$F$14,$M114,AS$13))))","v":1000000000000},{"$f":"IF($D114<>\"Serviço\",0,IF(AND(AUTOEVENTO=\"Manual\",$M114=1),0,IF(OFFSET(CRONOPLE!$F$14,$M114,AT$13)=\"\",10^12,OFFSET(CRONOPLE!$F$14,$M114,AT$13))))","v":1000000000000},{"$f":"IF($D114<>\"Serviço\",0,IF(AND(AUTOEVENTO=\"Manual\",$M114=1),0,IF(OFFSET(CRONOPLE!$F$14,$M114,AU$13)=\"\",10^12,OFFSET(CRONOPLE!$F$14,$M114,AU$13))))","v":1000000000000},{"$f":"IF($D114<>\"Serviço\",0,IF(AND(AUTOEVENTO=\"Manual\",$M114=1),0,IF(OFFSET(CRONOPLE!$F$14,$M114,AV$13)=\"\",10^12,OFFSET(CRONOPLE!$F$14,$M114,AV$13))))","v":1000000000000},null,{"$f":"IF($D114<>\"Serviço\",0,IF(OR(AND(AUTOEVENTO=\"Manual\",$M114=1),$M114>(ROW(PLE.lastrow)-ROW(PLE.firstrow))),0,IF(OFFSET(PLE!$G$14,$M114,AX$13)=\"\",10^12,OFFSET(PLE!$G$14,$M114,AX$13))))","v":1000000000000},{"$f":"IF($D114<>\"Serviço\",0,IF(OR(AND(AUTOEVENTO=\"Manual\",$M114=1),$M114>(ROW(PLE.lastrow)-ROW(PLE.firstrow))),0,IF(OFFSET(PLE!$G$14,$M114,AY$13)=\"\",10^12,OFFSET(PLE!$G$14,$M114,AY$13))))","v":1000000000000},{"$f":"IF($D114<>\"Serviço\",0,IF(OR(AND(AUTOEVENTO=\"Manual\",$M114=1),$M114>(ROW(PLE.lastrow)-ROW(PLE.firstrow))),0,IF(OFFSET(PLE!$G$14,$M114,AZ$13)=\"\",10^12,OFFSET(PLE!$G$14,$M114,AZ$13))))","v":1000000000000},{"$f":"IF($D114<>\"Serviço\",0,IF(OR(AND(AUTOEVENTO=\"Manual\",$M114=1),$M114>(ROW(PLE.lastrow)-ROW(PLE.firstrow))),0,IF(OFFSET(PLE!$G$14,$M114,BA$13)=\"\",10^12,OFFSET(PLE!$G$14,$M114,BA$13))))","v":1000000000000},{"$f":"IF($D114<>\"Serviço\",0,IF(OR(AND(AUTOEVENTO=\"Manual\",$M114=1),$M114>(ROW(PLE.lastrow)-ROW(PLE.firstrow))),0,IF(OFFSET(PLE!$G$14,$M114,BB$13)=\"\",10^12,OFFSET(PLE!$G$14,$M114,BB$13))))","v":1000000000000},{"$f":"IF($D114<>\"Serviço\",0,IF(OR(AND(AUTOEVENTO=\"Manual\",$M114=1),$M114>(ROW(PLE.lastrow)-ROW(PLE.firstrow))),0,IF(OFFSET(PLE!$G$14,$M114,BC$13)=\"\",10^12,OFFSET(PLE!$G$14,$M114,BC$13))))","v":1000000000000},{"$f":"IF($D114<>\"Serviço\",0,IF(OR(AND(AUTOEVENTO=\"Manual\",$M114=1),$M114>(ROW(PLE.lastrow)-ROW(PLE.firstrow))),0,IF(OFFSET(PLE!$G$14,$M114,BD$13)=\"\",10^12,OFFSET(PLE!$G$14,$M114,BD$13))))","v":1000000000000},{"$f":"IF($D114<>\"Serviço\",0,IF(OR(AND(AUTOEVENTO=\"Manual\",$M114=1),$M114>(ROW(PLE.lastrow)-ROW(PLE.firstrow))),0,IF(OFFSET(PLE!$G$14,$M114,BE$13)=\"\",10^12,OFFSET(PLE!$G$14,$M114,BE$13))))","v":1000000000000},{"$f":"IF($D114<>\"Serviço\",0,IF(OR(AND(AUTOEVENTO=\"Manual\",$M114=1),$M114>(ROW(PLE.lastrow)-ROW(PLE.firstrow))),0,IF(OFFSET(PLE!$G$14,$M114,BF$13)=\"\",10^12,OFFSET(PLE!$G$14,$M114,BF$13))))","v":1000000000000},{"$f":"IF($D114<>\"Serviço\",0,IF(OR(AND(AUTOEVENTO=\"Manual\",$M114=1),$M114>(ROW(PLE.lastrow)-ROW(PLE.firstrow))),0,IF(OFFSET(PLE!$G$14,$M114,BG$13)=\"\",10^12,OFFSET(PLE!$G$14,$M114,BG$13))))","v":1000000000000}]
["89",{"$f":"OFFSET(ORÇAMENTO!C$15,ROW(B115)-ROW(B$15),0)","v":"S"},{"$f":"OFFSET(ORÇAMENTO!L$15,ROW(C115)-ROW(C$15),0)","v":""},{"$f":"OFFSET(ORÇAMENTO!N$15,ROW(D115)-ROW(D$15),0)","v":"Serviço"},{"$f":"OFFSET(ORÇAMENTO!O$15,ROW(E115)-ROW(E$15),0)","v":"-"},{"$f":"OFFSET(ORÇAMENTO!R$15,ROW(F115)-ROW(F$15),0)","v":"(Sem Código)"},{"$f":"IF($D115<>\"Serviço\",\"\",OFFSET(ORÇAMENTO!S$15,ROW(G115)-ROW(G$15),0))","v":"-"},{"$f":"IF($D115<>\"Serviço\",0,IF(ACOMPANHAMENTO=\"BM\",ROUND(OFFSET(ORÇAMENTO!AJ$15,ROW(H115)-ROW(H$15),0),15-13*ORÇAMENTO!$AF$7),SUMPRODUCT(($Q$12:$AA$12<>\"\")*ROUND($Q115:$AA115,15-13*ORÇAMENTO!$AF$7))))","v":0},null,null,null,".",{"$f":"IF($D115<>\"Serviço\",\"\",IF(AUTOEVENTO=\"manual\",$A115,IF(ISERROR(MATCH($A115,$A$15:OFFSET($A115,-1,0),0)),MAX($M$15:OFFSET(M115,-1,0))+1,INDEX($M$15:OFFSET(M115,-1,0),MATCH($A115,$A$15:OFFSET($A115,-1,0),0)))))","v":7},{"$f":"IF($D115<>\"Serviço\",\"\",IF(AUTOEVENTO=\"Manual\",IF($A115=0,\"<-- defina o número do agrupador\",OFFSET(EVENTOS!$D$14,$A115,0)),OFFSET($F$15,$A115,0)))","v":"COBERTURA"},null,null,null,null,null,null,null,null,null,null,null,null,null,{"$f":"IF(AND($D115=\"Serviço\",AB$12<>0,$H115>0,OR(AUTOEVENTO<>\"manual\",$M115<>1)),\nIF(Import.TipoArredondamento<>\"TransfereGOV\",\nROUND(OFFSET($P115,0,AB$13),15-13*ORÇAMENTO!$AF$7)/$H115*OFFSET(ORÇAMENTO!$X$15,ROW(AB115)-ROW(AB$15),0),\nROUND(ROUND(OFFSET($P115,0,AB$13),15-13*ORÇAMENTO!$AF$7)*OFFSET(ORÇAMENTO!$W$15,ROW(AB115)-ROW(AB$15),0),15-13*ORÇAMENTO!$AF$11)),0)","v":0},{"$f":"IF(AND($D115=\"Serviço\",AC$12<>0,$H115>0,OR(AUTOEVENTO<>\"manual\",$M115<>1)),\nIF(Import.TipoArredondamento<>\"TransfereGOV\",\nROUND(OFFSET($P115,0,AC$13),15-13*ORÇAMENTO!$AF$7)/$H115*OFFSET(ORÇAMENTO!$X$15,ROW(AC115)-ROW(AC$15),0),\nROUND(ROUND(OFFSET($P115,0,AC$13),15-13*ORÇAMENTO!$AF$7)*OFFSET(ORÇAMENTO!$W$15,ROW(AC115)-ROW(AC$15),0),15-13*ORÇAMENTO!$AF$11)),0)","v":0},{"$f":"IF(AND($D115=\"Serviço\",AD$12<>0,$H115>0,OR(AUTOEVENTO<>\"manual\",$M115<>1)),\nIF(Import.TipoArredondamento<>\"TransfereGOV\",\nROUND(OFFSET($P115,0,AD$13),15-13*ORÇAMENTO!$AF$7)/$H115*OFFSET(ORÇAMENTO!$X$15,ROW(AD115)-ROW(AD$15),0),\nROUND(ROUND(OFFSET($P115,0,AD$13),15-13*ORÇAMENTO!$AF$7)*OFFSET(ORÇAMENTO!$W$15,ROW(AD115)-ROW(AD$15),0),15-13*ORÇAMENTO!$AF$11)),0)","v":0},{"$f":"IF(AND($D115=\"Serviço\",AE$12<>0,$H115>0,OR(AUTOEVENTO<>\"manual\",$M115<>1)),\nIF(Import.TipoArredondamento<>\"TransfereGOV\",\nROUND(OFFSET($P115,0,AE$13),15-13*ORÇAMENTO!$AF$7)/$H115*OFFSET(ORÇAMENTO!$X$15,ROW(AE115)-ROW(AE$15),0),\nROUND(ROUND(OFFSET($P115,0,AE$13),15-13*ORÇAMENTO!$AF$7)*OFFSET(ORÇAMENTO!$W$15,ROW(AE115)-ROW(AE$15),0),15-13*ORÇAMENTO!$AF$11)),0)","v":0},{"$f":"IF(AND($D115=\"Serviço\",AF$12<>0,$H115>0,OR(AUTOEVENTO<>\"manual\",$M115<>1)),\nIF(Import.TipoArredondamento<>\"TransfereGOV\",\nROUND(OFFSET($P115,0,AF$13),15-13*ORÇAMENTO!$AF$7)/$H115*OFFSET(ORÇAMENTO!$X$15,ROW(AF115)-ROW(AF$15),0),\nROUND(ROUND(OFFSET($P115,0,AF$13),15-13*ORÇAMENTO!$AF$7)*OFFSET(ORÇAMENTO!$W$15,ROW(AF115)-ROW(AF$15),0),15-13*ORÇAMENTO!$AF$11)),0)","v":0},{"$f":"IF(AND($D115=\"Serviço\",AG$12<>0,$H115>0,OR(AUTOEVENTO<>\"manual\",$M115<>1)),\nIF(Import.TipoArredondamento<>\"TransfereGOV\",\nROUND(OFFSET($P115,0,AG$13),15-13*ORÇAMENTO!$AF$7)/$H115*OFFSET(ORÇAMENTO!$X$15,ROW(AG115)-ROW(AG$15),0),\nROUND(ROUND(OFFSET($P115,0,AG$13),15-13*ORÇAMENTO!$AF$7)*OFFSET(ORÇAMENTO!$W$15,ROW(AG115)-ROW(AG$15),0),15-13*ORÇAMENTO!$AF$11)),0)","v":0},{"$f":"IF(AND($D115=\"Serviço\",AH$12<>0,$H115>0,OR(AUTOEVENTO<>\"manual\",$M115<>1)),\nIF(Import.TipoArredondamento<>\"TransfereGOV\",\nROUND(OFFSET($P115,0,AH$13),15-13*ORÇAMENTO!$AF$7)/$H115*OFFSET(ORÇAMENTO!$X$15,ROW(AH115)-ROW(AH$15),0),\nROUND(ROUND(OFFSET($P115,0,AH$13),15-13*ORÇAMENTO!$AF$7)*OFFSET(ORÇAMENTO!$W$15,ROW(AH115)-ROW(AH$15),0),15-13*ORÇAMENTO!$AF$11)),0)","v":0},{"$f":"IF(AND($D115=\"Serviço\",AI$12<>0,$H115>0,OR(AUTOEVENTO<>\"manual\",$M115<>1)),\nIF(Import.TipoArredondamento<>\"TransfereGOV\",\nROUND(OFFSET($P115,0,AI$13),15-13*ORÇAMENTO!$AF$7)/$H115*OFFSET(ORÇAMENTO!$X$15,ROW(AI115)-ROW(AI$15),0),\nROUND(ROUND(OFFSET($P115,0,AI$13),15-13*ORÇAMENTO!$AF$7)*OFFSET(ORÇAMENTO!$W$15,ROW(AI115)-ROW(AI$15),0),15-13*ORÇAMENTO!$AF$11)),0)","v":0},{"$f":"IF(AND($D115=\"Serviço\",AJ$12<>0,$H115>0,OR(AUTOEVENTO<>\"manual\",$M115<>1)),\nIF(Import.TipoArredondamento<>\"TransfereGOV\",\nROUND(OFFSET($P115,0,AJ$13),15-13*ORÇAMENTO!$AF$7)/$H115*OFFSET(ORÇAMENTO!$X$15,ROW(AJ115)-ROW(AJ$15),0),\nROUND(ROUND(OFFSET($P115,0,AJ$13),15-13*ORÇAMENTO!$AF$7)*OFFSET(ORÇAMENTO!$W$15,ROW(AJ115)-ROW(AJ$15),0),15-13*ORÇAMENTO!$AF$11)),0)","v":0},{"$f":"IF(AND($D115=\"Serviço\",AK$12<>0,$H115>0,OR(AUTOEVENTO<>\"manual\",$M115<>1)),\nIF(Import.TipoArredondamento<>\"TransfereGOV\",\nROUND(OFFSET($P115,0,AK$13),15-13*ORÇAMENTO!$AF$7)/$H115*OFFSET(ORÇAMENTO!$X$15,ROW(AK115)-ROW(AK$15),0),\nROUND(ROUND(OFFSET($P115,0,AK$13),15-13*ORÇAMENTO!$AF$7)*OFFSET(ORÇAMENTO!$W$15,ROW(AK115)-ROW(AK$15),0),15-13*ORÇAMENTO!$AF$11)),0)","v":0},null,{"$f":"IF($D115<>\"Serviço\",0,IF(AND(AUTOEVENTO=\"Manual\",$M115=1),0,IF(OFFSET(CRONOPLE!$F$14,$M115,AM$13)=\"\",10^12,OFFSET(CRONOPLE!$F$14,$M115,AM$13))))","v":1000000000000},{"$f":"IF($D115<>\"Serviço\",0,IF(AND(AUTOEVENTO=\"Manual\",$M115=1),0,IF(OFFSET(CRONOPLE!$F$14,$M115,AN$13)=\"\",10^12,OFFSET(CRONOPLE!$F$14,$M115,AN$13))))","v":1000000000000},{"$f":"IF($D115<>\"Serviço\",0,IF(AND(AUTOEVENTO=\"Manual\",$M115=1),0,IF(OFFSET(CRONOPLE!$F$14,$M115,AO$13)=\"\",10^12,OFFSET(CRONOPLE!$F$14,$M115,AO$13))))","v":1000000000000},{"$f":"IF($D115<>\"Serviço\",0,IF(AND(AUTOEVENTO=\"Manual\",$M115=1),0,IF(OFFSET(CRONOPLE!$F$14,$M115,AP$13)=\"\",10^12,OFFSET(CRONOPLE!$F$14,$M115,AP$13))))","v":1000000000000},{"$f":"IF($D115<>\"Serviço\",0,IF(AND(AUTOEVENTO=\"Manual\",$M115=1),0,IF(OFFSET(CRONOPLE!$F$14,$M115,AQ$13)=\"\",10^12,OFFSET(CRONOPLE!$F$14,$M115,AQ$13))))","v":1000000000000},{"$f":"IF($D115<>\"Serviço\",0,IF(AND(AUTOEVENTO=\"Manual\",$M115=1),0,IF(OFFSET(CRONOPLE!$F$14,$M115,AR$13)=\"\",10^12,OFFSET(CRONOPLE!$F$14,$M115,AR$13))))","v":1000000000000},{"$f":"IF($D115<>\"Serviço\",0,IF(AND(AUTOEVENTO=\"Manual\",$M115=1),0,IF(OFFSET(CRONOPLE!$F$14,$M115,AS$13)=\"\",10^12,OFFSET(CRONOPLE!$F$14,$M115,AS$13))))","v":1000000000000},{"$f":"IF($D115<>\"Serviço\",0,IF(AND(AUTOEVENTO=\"Manual\",$M115=1),0,IF(OFFSET(CRONOPLE!$F$14,$M115,AT$13)=\"\",10^12,OFFSET(CRONOPLE!$F$14,$M115,AT$13))))","v":1000000000000},{"$f":"IF($D115<>\"Serviço\",0,IF(AND(AUTOEVENTO=\"Manual\",$M115=1),0,IF(OFFSET(CRONOPLE!$F$14,$M115,AU$13)=\"\",10^12,OFFSET(CRONOPLE!$F$14,$M115,AU$13))))","v":1000000000000},{"$f":"IF($D115<>\"Serviço\",0,IF(AND(AUTOEVENTO=\"Manual\",$M115=1),0,IF(OFFSET(CRONOPLE!$F$14,$M115,AV$13)=\"\",10^12,OFFSET(CRONOPLE!$F$14,$M115,AV$13))))","v":1000000000000},null,{"$f":"IF($D115<>\"Serviço\",0,IF(OR(AND(AUTOEVENTO=\"Manual\",$M115=1),$M115>(ROW(PLE.lastrow)-ROW(PLE.firstrow))),0,IF(OFFSET(PLE!$G$14,$M115,AX$13)=\"\",10^12,OFFSET(PLE!$G$14,$M115,AX$13))))","v":1000000000000},{"$f":"IF($D115<>\"Serviço\",0,IF(OR(AND(AUTOEVENTO=\"Manual\",$M115=1),$M115>(ROW(PLE.lastrow)-ROW(PLE.firstrow))),0,IF(OFFSET(PLE!$G$14,$M115,AY$13)=\"\",10^12,OFFSET(PLE!$G$14,$M115,AY$13))))","v":1000000000000},{"$f":"IF($D115<>\"Serviço\",0,IF(OR(AND(AUTOEVENTO=\"Manual\",$M115=1),$M115>(ROW(PLE.lastrow)-ROW(PLE.firstrow))),0,IF(OFFSET(PLE!$G$14,$M115,AZ$13)=\"\",10^12,OFFSET(PLE!$G$14,$M115,AZ$13))))","v":1000000000000},{"$f":"IF($D115<>\"Serviço\",0,IF(OR(AND(AUTOEVENTO=\"Manual\",$M115=1),$M115>(ROW(PLE.lastrow)-ROW(PLE.firstrow))),0,IF(OFFSET(PLE!$G$14,$M115,BA$13)=\"\",10^12,OFFSET(PLE!$G$14,$M115,BA$13))))","v":1000000000000},{"$f":"IF($D115<>\"Serviço\",0,IF(OR(AND(AUTOEVENTO=\"Manual\",$M115=1),$M115>(ROW(PLE.lastrow)-ROW(PLE.firstrow))),0,IF(OFFSET(PLE!$G$14,$M115,BB$13)=\"\",10^12,OFFSET(PLE!$G$14,$M115,BB$13))))","v":1000000000000},{"$f":"IF($D115<>\"Serviço\",0,IF(OR(AND(AUTOEVENTO=\"Manual\",$M115=1),$M115>(ROW(PLE.lastrow)-ROW(PLE.firstrow))),0,IF(OFFSET(PLE!$G$14,$M115,BC$13)=\"\",10^12,OFFSET(PLE!$G$14,$M115,BC$13))))","v":1000000000000},{"$f":"IF($D115<>\"Serviço\",0,IF(OR(AND(AUTOEVENTO=\"Manual\",$M115=1),$M115>(ROW(PLE.lastrow)-ROW(PLE.firstrow))),0,IF(OFFSET(PLE!$G$14,$M115,BD$13)=\"\",10^12,OFFSET(PLE!$G$14,$M115,BD$13))))","v":1000000000000},{"$f":"IF($D115<>\"Serviço\",0,IF(OR(AND(AUTOEVENTO=\"Manual\",$M115=1),$M115>(ROW(PLE.lastrow)-ROW(PLE.firstrow))),0,IF(OFFSET(PLE!$G$14,$M115,BE$13)=\"\",10^12,OFFSET(PLE!$G$14,$M115,BE$13))))","v":1000000000000},{"$f":"IF($D115<>\"Serviço\",0,IF(OR(AND(AUTOEVENTO=\"Manual\",$M115=1),$M115>(ROW(PLE.lastrow)-ROW(PLE.firstrow))),0,IF(OFFSET(PLE!$G$14,$M115,BF$13)=\"\",10^12,OFFSET(PLE!$G$14,$M115,BF$13))))","v":1000000000000},{"$f":"IF($D115<>\"Serviço\",0,IF(OR(AND(AUTOEVENTO=\"Manual\",$M115=1),$M115>(ROW(PLE.lastrow)-ROW(PLE.firstrow))),0,IF(OFFSET(PLE!$G$14,$M115,BG$13)=\"\",10^12,OFFSET(PLE!$G$14,$M115,BG$13))))","v":1000000000000}]
["101.",{"$f":"OFFSET(ORÇAMENTO!C$15,ROW(B116)-ROW(B$15),0)","v":2},{"$f":"OFFSET(ORÇAMENTO!L$15,ROW(C116)-ROW(C$15),0)","v":"F"},{"$f":"OFFSET(ORÇAMENTO!N$15,ROW(D116)-ROW(D$15),0)","v":"Nível 2"},{"$f":"OFFSET(ORÇAMENTO!O$15,ROW(E116)-ROW(E$15),0)","v":"1.7."},{"$f":"OFFSET(ORÇAMENTO!R$15,ROW(F116)-ROW(F$15),0)","v":"INSTALAÇÕES ELÉTRICAS"},{"$f":"IF($D116<>\"Serviço\",\"\",OFFSET(ORÇAMENTO!S$15,ROW(G116)-ROW(G$15),0))","v":""},{"$f":"IF($D116<>\"Serviço\",0,IF(ACOMPANHAMENTO=\"BM\",ROUND(OFFSET(ORÇAMENTO!AJ$15,ROW(H116)-ROW(H$15),0),15-13*ORÇAMENTO!$AF$7),SUMPRODUCT(($Q$12:$AA$12<>\"\")*ROUND($Q116:$AA116,15-13*ORÇAMENTO!$AF$7))))","v":0},null,null,null,".",{"$f":"IF($D116<>\"Serviço\",\"\",IF(AUTOEVENTO=\"manual\",$A116,IF(ISERROR(MATCH($A116,$A$15:OFFSET($A116,-1,0),0)),MAX($M$15:OFFSET(M116,-1,0))+1,INDEX($M$15:OFFSET(M116,-1,0),MATCH($A116,$A$15:OFFSET($A116,-1,0),0)))))","v":""},{"$f":"IF($D116<>\"Serviço\",\"\",IF(AUTOEVENTO=\"Manual\",IF($A116=0,\"<-- defina o número do agrupador\",OFFSET(EVENTOS!$D$14,$A116,0)),OFFSET($F$15,$A116,0)))","v":""},null,null,null,null,null,null,null,null,null,null,null,null,null,{"$f":"IF(AND($D116=\"Serviço\",AB$12<>0,$H116>0,OR(AUTOEVENTO<>\"manual\",$M116<>1)),\nIF(Import.TipoArredondamento<>\"TransfereGOV\",\nROUND(OFFSET($P116,0,AB$13),15-13*ORÇAMENTO!$AF$7)/$H116*OFFSET(ORÇAMENTO!$X$15,ROW(AB116)-ROW(AB$15),0),\nROUND(ROUND(OFFSET($P116,0,AB$13),15-13*ORÇAMENTO!$AF$7)*OFFSET(ORÇAMENTO!$W$15,ROW(AB116)-ROW(AB$15),0),15-13*ORÇAMENTO!$AF$11)),0)","v":0},{"$f":"IF(AND($D116=\"Serviço\",AC$12<>0,$H116>0,OR(AUTOEVENTO<>\"manual\",$M116<>1)),\nIF(Import.TipoArredondamento<>\"TransfereGOV\",\nROUND(OFFSET($P116,0,AC$13),15-13*ORÇAMENTO!$AF$7)/$H116*OFFSET(ORÇAMENTO!$X$15,ROW(AC116)-ROW(AC$15),0),\nROUND(ROUND(OFFSET($P116,0,AC$13),15-13*ORÇAMENTO!$AF$7)*OFFSET(ORÇAMENTO!$W$15,ROW(AC116)-ROW(AC$15),0),15-13*ORÇAMENTO!$AF$11)),0)","v":0},{"$f":"IF(AND($D116=\"Serviço\",AD$12<>0,$H116>0,OR(AUTOEVENTO<>\"manual\",$M116<>1)),\nIF(Import.TipoArredondamento<>\"TransfereGOV\",\nROUND(OFFSET($P116,0,AD$13),15-13*ORÇAMENTO!$AF$7)/$H116*OFFSET(ORÇAMENTO!$X$15,ROW(AD116)-ROW(AD$15),0),\nROUND(ROUND(OFFSET($P116,0,AD$13),15-13*ORÇAMENTO!$AF$7)*OFFSET(ORÇAMENTO!$W$15,ROW(AD116)-ROW(AD$15),0),15-13*ORÇAMENTO!$AF$11)),0)","v":0},{"$f":"IF(AND($D116=\"Serviço\",AE$12<>0,$H116>0,OR(AUTOEVENTO<>\"manual\",$M116<>1)),\nIF(Import.TipoArredondamento<>\"TransfereGOV\",\nROUND(OFFSET($P116,0,AE$13),15-13*ORÇAMENTO!$AF$7)/$H116*OFFSET(ORÇAMENTO!$X$15,ROW(AE116)-ROW(AE$15),0),\nROUND(ROUND(OFFSET($P116,0,AE$13),15-13*ORÇAMENTO!$AF$7)*OFFSET(ORÇAMENTO!$W$15,ROW(AE116)-ROW(AE$15),0),15-13*ORÇAMENTO!$AF$11)),0)","v":0},{"$f":"IF(AND($D116=\"Serviço\",AF$12<>0,$H116>0,OR(AUTOEVENTO<>\"manual\",$M116<>1)),\nIF(Import.TipoArredondamento<>\"TransfereGOV\",\nROUND(OFFSET($P116,0,AF$13),15-13*ORÇAMENTO!$AF$7)/$H116*OFFSET(ORÇAMENTO!$X$15,ROW(AF116)-ROW(AF$15),0),\nROUND(ROUND(OFFSET($P116,0,AF$13),15-13*ORÇAMENTO!$AF$7)*OFFSET(ORÇAMENTO!$W$15,ROW(AF116)-ROW(AF$15),0),15-13*ORÇAMENTO!$AF$11)),0)","v":0},{"$f":"IF(AND($D116=\"Serviço\",AG$12<>0,$H116>0,OR(AUTOEVENTO<>\"manual\",$M116<>1)),\nIF(Import.TipoArredondamento<>\"TransfereGOV\",\nROUND(OFFSET($P116,0,AG$13),15-13*ORÇAMENTO!$AF$7)/$H116*OFFSET(ORÇAMENTO!$X$15,ROW(AG116)-ROW(AG$15),0),\nROUND(ROUND(OFFSET($P116,0,AG$13),15-13*ORÇAMENTO!$AF$7)*OFFSET(ORÇAMENTO!$W$15,ROW(AG116)-ROW(AG$15),0),15-13*ORÇAMENTO!$AF$11)),0)","v":0},{"$f":"IF(AND($D116=\"Serviço\",AH$12<>0,$H116>0,OR(AUTOEVENTO<>\"manual\",$M116<>1)),\nIF(Import.TipoArredondamento<>\"TransfereGOV\",\nROUND(OFFSET($P116,0,AH$13),15-13*ORÇAMENTO!$AF$7)/$H116*OFFSET(ORÇAMENTO!$X$15,ROW(AH116)-ROW(AH$15),0),\nROUND(ROUND(OFFSET($P116,0,AH$13),15-13*ORÇAMENTO!$AF$7)*OFFSET(ORÇAMENTO!$W$15,ROW(AH116)-ROW(AH$15),0),15-13*ORÇAMENTO!$AF$11)),0)","v":0},{"$f":"IF(AND($D116=\"Serviço\",AI$12<>0,$H116>0,OR(AUTOEVENTO<>\"manual\",$M116<>1)),\nIF(Import.TipoArredondamento<>\"TransfereGOV\",\nROUND(OFFSET($P116,0,AI$13),15-13*ORÇAMENTO!$AF$7)/$H116*OFFSET(ORÇAMENTO!$X$15,ROW(AI116)-ROW(AI$15),0),\nROUND(ROUND(OFFSET($P116,0,AI$13),15-13*ORÇAMENTO!$AF$7)*OFFSET(ORÇAMENTO!$W$15,ROW(AI116)-ROW(AI$15),0),15-13*ORÇAMENTO!$AF$11)),0)","v":0},{"$f":"IF(AND($D116=\"Serviço\",AJ$12<>0,$H116>0,OR(AUTOEVENTO<>\"manual\",$M116<>1)),\nIF(Import.TipoArredondamento<>\"TransfereGOV\",\nROUND(OFFSET($P116,0,AJ$13),15-13*ORÇAMENTO!$AF$7)/$H116*OFFSET(ORÇAMENTO!$X$15,ROW(AJ116)-ROW(AJ$15),0),\nROUND(ROUND(OFFSET($P116,0,AJ$13),15-13*ORÇAMENTO!$AF$7)*OFFSET(ORÇAMENTO!$W$15,ROW(AJ116)-ROW(AJ$15),0),15-13*ORÇAMENTO!$AF$11)),0)","v":0},{"$f":"IF(AND($D116=\"Serviço\",AK$12<>0,$H116>0,OR(AUTOEVENTO<>\"manual\",$M116<>1)),\nIF(Import.TipoArredondamento<>\"TransfereGOV\",\nROUND(OFFSET($P116,0,AK$13),15-13*ORÇAMENTO!$AF$7)/$H116*OFFSET(ORÇAMENTO!$X$15,ROW(AK116)-ROW(AK$15),0),\nROUND(ROUND(OFFSET($P116,0,AK$13),15-13*ORÇAMENTO!$AF$7)*OFFSET(ORÇAMENTO!$W$15,ROW(AK116)-ROW(AK$15),0),15-13*ORÇAMENTO!$AF$11)),0)","v":0},null,{"$f":"IF($D116<>\"Serviço\",0,IF(AND(AUTOEVENTO=\"Manual\",$M116=1),0,IF(OFFSET(CRONOPLE!$F$14,$M116,AM$13)=\"\",10^12,OFFSET(CRONOPLE!$F$14,$M116,AM$13))))","v":0},{"$f":"IF($D116<>\"Serviço\",0,IF(AND(AUTOEVENTO=\"Manual\",$M116=1),0,IF(OFFSET(CRONOPLE!$F$14,$M116,AN$13)=\"\",10^12,OFFSET(CRONOPLE!$F$14,$M116,AN$13))))","v":0},{"$f":"IF($D116<>\"Serviço\",0,IF(AND(AUTOEVENTO=\"Manual\",$M116=1),0,IF(OFFSET(CRONOPLE!$F$14,$M116,AO$13)=\"\",10^12,OFFSET(CRONOPLE!$F$14,$M116,AO$13))))","v":0},{"$f":"IF($D116<>\"Serviço\",0,IF(AND(AUTOEVENTO=\"Manual\",$M116=1),0,IF(OFFSET(CRONOPLE!$F$14,$M116,AP$13)=\"\",10^12,OFFSET(CRONOPLE!$F$14,$M116,AP$13))))","v":0},{"$f":"IF($D116<>\"Serviço\",0,IF(AND(AUTOEVENTO=\"Manual\",$M116=1),0,IF(OFFSET(CRONOPLE!$F$14,$M116,AQ$13)=\"\",10^12,OFFSET(CRONOPLE!$F$14,$M116,AQ$13))))","v":0},{"$f":"IF($D116<>\"Serviço\",0,IF(AND(AUTOEVENTO=\"Manual\",$M116=1),0,IF(OFFSET(CRONOPLE!$F$14,$M116,AR$13)=\"\",10^12,OFFSET(CRONOPLE!$F$14,$M116,AR$13))))","v":0},{"$f":"IF($D116<>\"Serviço\",0,IF(AND(AUTOEVENTO=\"Manual\",$M116=1),0,IF(OFFSET(CRONOPLE!$F$14,$M116,AS$13)=\"\",10^12,OFFSET(CRONOPLE!$F$14,$M116,AS$13))))","v":0},{"$f":"IF($D116<>\"Serviço\",0,IF(AND(AUTOEVENTO=\"Manual\",$M116=1),0,IF(OFFSET(CRONOPLE!$F$14,$M116,AT$13)=\"\",10^12,OFFSET(CRONOPLE!$F$14,$M116,AT$13))))","v":0},{"$f":"IF($D116<>\"Serviço\",0,IF(AND(AUTOEVENTO=\"Manual\",$M116=1),0,IF(OFFSET(CRONOPLE!$F$14,$M116,AU$13)=\"\",10^12,OFFSET(CRONOPLE!$F$14,$M116,AU$13))))","v":0},{"$f":"IF($D116<>\"Serviço\",0,IF(AND(AUTOEVENTO=\"Manual\",$M116=1),0,IF(OFFSET(CRONOPLE!$F$14,$M116,AV$13)=\"\",10^12,OFFSET(CRONOPLE!$F$14,$M116,AV$13))))","v":0},null,{"$f":"IF($D116<>\"Serviço\",0,IF(OR(AND(AUTOEVENTO=\"Manual\",$M116=1),$M116>(ROW(PLE.lastrow)-ROW(PLE.firstrow))),0,IF(OFFSET(PLE!$G$14,$M116,AX$13)=\"\",10^12,OFFSET(PLE!$G$14,$M116,AX$13))))","v":0},{"$f":"IF($D116<>\"Serviço\",0,IF(OR(AND(AUTOEVENTO=\"Manual\",$M116=1),$M116>(ROW(PLE.lastrow)-ROW(PLE.firstrow))),0,IF(OFFSET(PLE!$G$14,$M116,AY$13)=\"\",10^12,OFFSET(PLE!$G$14,$M116,AY$13))))","v":0},{"$f":"IF($D116<>\"Serviço\",0,IF(OR(AND(AUTOEVENTO=\"Manual\",$M116=1),$M116>(ROW(PLE.lastrow)-ROW(PLE.firstrow))),0,IF(OFFSET(PLE!$G$14,$M116,AZ$13)=\"\",10^12,OFFSET(PLE!$G$14,$M116,AZ$13))))","v":0},{"$f":"IF($D116<>\"Serviço\",0,IF(OR(AND(AUTOEVENTO=\"Manual\",$M116=1),$M116>(ROW(PLE.lastrow)-ROW(PLE.firstrow))),0,IF(OFFSET(PLE!$G$14,$M116,BA$13)=\"\",10^12,OFFSET(PLE!$G$14,$M116,BA$13))))","v":0},{"$f":"IF($D116<>\"Serviço\",0,IF(OR(AND(AUTOEVENTO=\"Manual\",$M116=1),$M116>(ROW(PLE.lastrow)-ROW(PLE.firstrow))),0,IF(OFFSET(PLE!$G$14,$M116,BB$13)=\"\",10^12,OFFSET(PLE!$G$14,$M116,BB$13))))","v":0},{"$f":"IF($D116<>\"Serviço\",0,IF(OR(AND(AUTOEVENTO=\"Manual\",$M116=1),$M116>(ROW(PLE.lastrow)-ROW(PLE.firstrow))),0,IF(OFFSET(PLE!$G$14,$M116,BC$13)=\"\",10^12,OFFSET(PLE!$G$14,$M116,BC$13))))","v":0},{"$f":"IF($D116<>\"Serviço\",0,IF(OR(AND(AUTOEVENTO=\"Manual\",$M116=1),$M116>(ROW(PLE.lastrow)-ROW(PLE.firstrow))),0,IF(OFFSET(PLE!$G$14,$M116,BD$13)=\"\",10^12,OFFSET(PLE!$G$14,$M116,BD$13))))","v":0},{"$f":"IF($D116<>\"Serviço\",0,IF(OR(AND(AUTOEVENTO=\"Manual\",$M116=1),$M116>(ROW(PLE.lastrow)-ROW(PLE.firstrow))),0,IF(OFFSET(PLE!$G$14,$M116,BE$13)=\"\",10^12,OFFSET(PLE!$G$14,$M116,BE$13))))","v":0},{"$f":"IF($D116<>\"Serviço\",0,IF(OR(AND(AUTOEVENTO=\"Manual\",$M116=1),$M116>(ROW(PLE.lastrow)-ROW(PLE.firstrow))),0,IF(OFFSET(PLE!$G$14,$M116,BF$13)=\"\",10^12,OFFSET(PLE!$G$14,$M116,BF$13))))","v":0},{"$f":"IF($D116<>\"Serviço\",0,IF(OR(AND(AUTOEVENTO=\"Manual\",$M116=1),$M116>(ROW(PLE.lastrow)-ROW(PLE.firstrow))),0,IF(OFFSET(PLE!$G$14,$M116,BG$13)=\"\",10^12,OFFSET(PLE!$G$14,$M116,BG$13))))","v":0}]
["101",{"$f":"OFFSET(ORÇAMENTO!C$15,ROW(B117)-ROW(B$15),0)","v":"S"},{"$f":"OFFSET(ORÇAMENTO!L$15,ROW(C117)-ROW(C$15),0)","v":"F"},{"$f":"OFFSET(ORÇAMENTO!N$15,ROW(D117)-ROW(D$15),0)","v":"Serviço"},{"$f":"OFFSET(ORÇAMENTO!O$15,ROW(E117)-ROW(E$15),0)","v":"1.7.0.1."},{"$f":"OFFSET(ORÇAMENTO!R$15,ROW(F117)-ROW(F$15),0)","v":"CAIXA ENTERRADA ELÉTRICA RETANGULAR, EM CONCRETO PRÉ-MOLDADO, FUNDO COM BRITA, DIMENSÕES INTERNAS: 0,4X0,4X0,4 M. AF_12/2020"},{"$f":"IF($D117<>\"Serviço\",\"\",OFFSET(ORÇAMENTO!S$15,ROW(G117)-ROW(G$15),0))","v":"UN"},{"$f":"IF($D117<>\"Serviço\",0,IF(ACOMPANHAMENTO=\"BM\",ROUND(OFFSET(ORÇAMENTO!AJ$15,ROW(H117)-ROW(H$15),0),15-13*ORÇAMENTO!$AF$7),SUMPRODUCT(($Q$12:$AA$12<>\"\")*ROUND($Q117:$AA117,15-13*ORÇAMENTO!$AF$7))))","v":2},null,null,null,".",{"$f":"IF($D117<>\"Serviço\",\"\",IF(AUTOEVENTO=\"manual\",$A117,IF(ISERROR(MATCH($A117,$A$15:OFFSET($A117,-1,0),0)),MAX($M$15:OFFSET(M117,-1,0))+1,INDEX($M$15:OFFSET(M117,-1,0),MATCH($A117,$A$15:OFFSET($A117,-1,0),0)))))","v":8},{"$f":"IF($D117<>\"Serviço\",\"\",IF(AUTOEVENTO=\"Manual\",IF($A117=0,\"<-- defina o número do agrupador\",OFFSET(EVENTOS!$D$14,$A117,0)),OFFSET($F$15,$A117,0)))","v":"INSTALAÇÕES ELÉTRICAS"},null,null,null,null,null,null,null,null,null,null,null,null,null,{"$f":"IF(AND($D117=\"Serviço\",AB$12<>0,$H117>0,OR(AUTOEVENTO<>\"manual\",$M117<>1)),\nIF(Import.TipoArredondamento<>\"TransfereGOV\",\nROUND(OFFSET($P117,0,AB$13),15-13*ORÇAMENTO!$AF$7)/$H117*OFFSET(ORÇAMENTO!$X$15,ROW(AB117)-ROW(AB$15),0),\nROUND(ROUND(OFFSET($P117,0,AB$13),15-13*ORÇAMENTO!$AF$7)*OFFSET(ORÇAMENTO!$W$15,ROW(AB117)-ROW(AB$15),0),15-13*ORÇAMENTO!$AF$11)),0)","v":0},{"$f":"IF(AND($D117=\"Serviço\",AC$12<>0,$H117>0,OR(AUTOEVENTO<>\"manual\",$M117<>1)),\nIF(Import.TipoArredondamento<>\"TransfereGOV\",\nROUND(OFFSET($P117,0,AC$13),15-13*ORÇAMENTO!$AF$7)/$H117*OFFSET(ORÇAMENTO!$X$15,ROW(AC117)-ROW(AC$15),0),\nROUND(ROUND(OFFSET($P117,0,AC$13),15-13*ORÇAMENTO!$AF$7)*OFFSET(ORÇAMENTO!$W$15,ROW(AC117)-ROW(AC$15),0),15-13*ORÇAMENTO!$AF$11)),0)","v":0},{"$f":"IF(AND($D117=\"Serviço\",AD$12<>0,$H117>0,OR(AUTOEVENTO<>\"manual\",$M117<>1)),\nIF(Import.TipoArredondamento<>\"TransfereGOV\",\nROUND(OFFSET($P117,0,AD$13),15-13*ORÇAMENTO!$AF$7)/$H117*OFFSET(ORÇAMENTO!$X$15,ROW(AD117)-ROW(AD$15),0),\nROUND(ROUND(OFFSET($P117,0,AD$13),15-13*ORÇAMENTO!$AF$7)*OFFSET(ORÇAMENTO!$W$15,ROW(AD117)-ROW(AD$15),0),15-13*ORÇAMENTO!$AF$11)),0)","v":0},{"$f":"IF(AND($D117=\"Serviço\",AE$12<>0,$H117>0,OR(AUTOEVENTO<>\"manual\",$M117<>1)),\nIF(Import.TipoArredondamento<>\"TransfereGOV\",\nROUND(OFFSET($P117,0,AE$13),15-13*ORÇAMENTO!$AF$7)/$H117*OFFSET(ORÇAMENTO!$X$15,ROW(AE117)-ROW(AE$15),0),\nROUND(ROUND(OFFSET($P117,0,AE$13),15-13*ORÇAMENTO!$AF$7)*OFFSET(ORÇAMENTO!$W$15,ROW(AE117)-ROW(AE$15),0),15-13*ORÇAMENTO!$AF$11)),0)","v":0},{"$f":"IF(AND($D117=\"Serviço\",AF$12<>0,$H117>0,OR(AUTOEVENTO<>\"manual\",$M117<>1)),\nIF(Import.TipoArredondamento<>\"TransfereGOV\",\nROUND(OFFSET($P117,0,AF$13),15-13*ORÇAMENTO!$AF$7)/$H117*OFFSET(ORÇAMENTO!$X$15,ROW(AF117)-ROW(AF$15),0),\nROUND(ROUND(OFFSET($P117,0,AF$13),15-13*ORÇAMENTO!$AF$7)*OFFSET(ORÇAMENTO!$W$15,ROW(AF117)-ROW(AF$15),0),15-13*ORÇAMENTO!$AF$11)),0)","v":0},{"$f":"IF(AND($D117=\"Serviço\",AG$12<>0,$H117>0,OR(AUTOEVENTO<>\"manual\",$M117<>1)),\nIF(Import.TipoArredondamento<>\"TransfereGOV\",\nROUND(OFFSET($P117,0,AG$13),15-13*ORÇAMENTO!$AF$7)/$H117*OFFSET(ORÇAMENTO!$X$15,ROW(AG117)-ROW(AG$15),0),\nROUND(ROUND(OFFSET($P117,0,AG$13),15-13*ORÇAMENTO!$AF$7)*OFFSET(ORÇAMENTO!$W$15,ROW(AG117)-ROW(AG$15),0),15-13*ORÇAMENTO!$AF$11)),0)","v":0},{"$f":"IF(AND($D117=\"Serviço\",AH$12<>0,$H117>0,OR(AUTOEVENTO<>\"manual\",$M117<>1)),\nIF(Import.TipoArredondamento<>\"TransfereGOV\",\nROUND(OFFSET($P117,0,AH$13),15-13*ORÇAMENTO!$AF$7)/$H117*OFFSET(ORÇAMENTO!$X$15,ROW(AH117)-ROW(AH$15),0),\nROUND(ROUND(OFFSET($P117,0,AH$13),15-13*ORÇAMENTO!$AF$7)*OFFSET(ORÇAMENTO!$W$15,ROW(AH117)-ROW(AH$15),0),15-13*ORÇAMENTO!$AF$11)),0)","v":0},{"$f":"IF(AND($D117=\"Serviço\",AI$12<>0,$H117>0,OR(AUTOEVENTO<>\"manual\",$M117<>1)),\nIF(Import.TipoArredondamento<>\"TransfereGOV\",\nROUND(OFFSET($P117,0,AI$13),15-13*ORÇAMENTO!$AF$7)/$H117*OFFSET(ORÇAMENTO!$X$15,ROW(AI117)-ROW(AI$15),0),\nROUND(ROUND(OFFSET($P117,0,AI$13),15-13*ORÇAMENTO!$AF$7)*OFFSET(ORÇAMENTO!$W$15,ROW(AI117)-ROW(AI$15),0),15-13*ORÇAMENTO!$AF$11)),0)","v":0},{"$f":"IF(AND($D117=\"Serviço\",AJ$12<>0,$H117>0,OR(AUTOEVENTO<>\"manual\",$M117<>1)),\nIF(Import.TipoArredondamento<>\"TransfereGOV\",\nROUND(OFFSET($P117,0,AJ$13),15-13*ORÇAMENTO!$AF$7)/$H117*OFFSET(ORÇAMENTO!$X$15,ROW(AJ117)-ROW(AJ$15),0),\nROUND(ROUND(OFFSET($P117,0,AJ$13),15-13*ORÇAMENTO!$AF$7)*OFFSET(ORÇAMENTO!$W$15,ROW(AJ117)-ROW(AJ$15),0),15-13*ORÇAMENTO!$AF$11)),0)","v":0},{"$f":"IF(AND($D117=\"Serviço\",AK$12<>0,$H117>0,OR(AUTOEVENTO<>\"manual\",$M117<>1)),\nIF(Import.TipoArredondamento<>\"TransfereGOV\",\nROUND(OFFSET($P117,0,AK$13),15-13*ORÇAMENTO!$AF$7)/$H117*OFFSET(ORÇAMENTO!$X$15,ROW(AK117)-ROW(AK$15),0),\nROUND(ROUND(OFFSET($P117,0,AK$13),15-13*ORÇAMENTO!$AF$7)*OFFSET(ORÇAMENTO!$W$15,ROW(AK117)-ROW(AK$15),0),15-13*ORÇAMENTO!$AF$11)),0)","v":0},null,{"$f":"IF($D117<>\"Serviço\",0,IF(AND(AUTOEVENTO=\"Manual\",$M117=1),0,IF(OFFSET(CRONOPLE!$F$14,$M117,AM$13)=\"\",10^12,OFFSET(CRONOPLE!$F$14,$M117,AM$13))))","v":1000000000000},{"$f":"IF($D117<>\"Serviço\",0,IF(AND(AUTOEVENTO=\"Manual\",$M117=1),0,IF(OFFSET(CRONOPLE!$F$14,$M117,AN$13)=\"\",10^12,OFFSET(CRONOPLE!$F$14,$M117,AN$13))))","v":1000000000000},{"$f":"IF($D117<>\"Serviço\",0,IF(AND(AUTOEVENTO=\"Manual\",$M117=1),0,IF(OFFSET(CRONOPLE!$F$14,$M117,AO$13)=\"\",10^12,OFFSET(CRONOPLE!$F$14,$M117,AO$13))))","v":1000000000000},{"$f":"IF($D117<>\"Serviço\",0,IF(AND(AUTOEVENTO=\"Manual\",$M117=1),0,IF(OFFSET(CRONOPLE!$F$14,$M117,AP$13)=\"\",10^12,OFFSET(CRONOPLE!$F$14,$M117,AP$13))))","v":1000000000000},{"$f":"IF($D117<>\"Serviço\",0,IF(AND(AUTOEVENTO=\"Manual\",$M117=1),0,IF(OFFSET(CRONOPLE!$F$14,$M117,AQ$13)=\"\",10^12,OFFSET(CRONOPLE!$F$14,$M117,AQ$13))))","v":1000000000000},{"$f":"IF($D117<>\"Serviço\",0,IF(AND(AUTOEVENTO=\"Manual\",$M117=1),0,IF(OFFSET(CRONOPLE!$F$14,$M117,AR$13)=\"\",10^12,OFFSET(CRONOPLE!$F$14,$M117,AR$13))))","v":1000000000000},{"$f":"IF($D117<>\"Serviço\",0,IF(AND(AUTOEVENTO=\"Manual\",$M117=1),0,IF(OFFSET(CRONOPLE!$F$14,$M117,AS$13)=\"\",10^12,OFFSET(CRONOPLE!$F$14,$M117,AS$13))))","v":1000000000000},{"$f":"IF($D117<>\"Serviço\",0,IF(AND(AUTOEVENTO=\"Manual\",$M117=1),0,IF(OFFSET(CRONOPLE!$F$14,$M117,AT$13)=\"\",10^12,OFFSET(CRONOPLE!$F$14,$M117,AT$13))))","v":1000000000000},{"$f":"IF($D117<>\"Serviço\",0,IF(AND(AUTOEVENTO=\"Manual\",$M117=1),0,IF(OFFSET(CRONOPLE!$F$14,$M117,AU$13)=\"\",10^12,OFFSET(CRONOPLE!$F$14,$M117,AU$13))))","v":1000000000000},{"$f":"IF($D117<>\"Serviço\",0,IF(AND(AUTOEVENTO=\"Manual\",$M117=1),0,IF(OFFSET(CRONOPLE!$F$14,$M117,AV$13)=\"\",10^12,OFFSET(CRONOPLE!$F$14,$M117,AV$13))))","v":1000000000000},null,{"$f":"IF($D117<>\"Serviço\",0,IF(OR(AND(AUTOEVENTO=\"Manual\",$M117=1),$M117>(ROW(PLE.lastrow)-ROW(PLE.firstrow))),0,IF(OFFSET(PLE!$G$14,$M117,AX$13)=\"\",10^12,OFFSET(PLE!$G$14,$M117,AX$13))))","v":1000000000000},{"$f":"IF($D117<>\"Serviço\",0,IF(OR(AND(AUTOEVENTO=\"Manual\",$M117=1),$M117>(ROW(PLE.lastrow)-ROW(PLE.firstrow))),0,IF(OFFSET(PLE!$G$14,$M117,AY$13)=\"\",10^12,OFFSET(PLE!$G$14,$M117,AY$13))))","v":1000000000000},{"$f":"IF($D117<>\"Serviço\",0,IF(OR(AND(AUTOEVENTO=\"Manual\",$M117=1),$M117>(ROW(PLE.lastrow)-ROW(PLE.firstrow))),0,IF(OFFSET(PLE!$G$14,$M117,AZ$13)=\"\",10^12,OFFSET(PLE!$G$14,$M117,AZ$13))))","v":1000000000000},{"$f":"IF($D117<>\"Serviço\",0,IF(OR(AND(AUTOEVENTO=\"Manual\",$M117=1),$M117>(ROW(PLE.lastrow)-ROW(PLE.firstrow))),0,IF(OFFSET(PLE!$G$14,$M117,BA$13)=\"\",10^12,OFFSET(PLE!$G$14,$M117,BA$13))))","v":1000000000000},{"$f":"IF($D117<>\"Serviço\",0,IF(OR(AND(AUTOEVENTO=\"Manual\",$M117=1),$M117>(ROW(PLE.lastrow)-ROW(PLE.firstrow))),0,IF(OFFSET(PLE!$G$14,$M117,BB$13)=\"\",10^12,OFFSET(PLE!$G$14,$M117,BB$13))))","v":1000000000000},{"$f":"IF($D117<>\"Serviço\",0,IF(OR(AND(AUTOEVENTO=\"Manual\",$M117=1),$M117>(ROW(PLE.lastrow)-ROW(PLE.firstrow))),0,IF(OFFSET(PLE!$G$14,$M117,BC$13)=\"\",10^12,OFFSET(PLE!$G$14,$M117,BC$13))))","v":1000000000000},{"$f":"IF($D117<>\"Serviço\",0,IF(OR(AND(AUTOEVENTO=\"Manual\",$M117=1),$M117>(ROW(PLE.lastrow)-ROW(PLE.firstrow))),0,IF(OFFSET(PLE!$G$14,$M117,BD$13)=\"\",10^12,OFFSET(PLE!$G$14,$M117,BD$13))))","v":1000000000000},{"$f":"IF($D117<>\"Serviço\",0,IF(OR(AND(AUTOEVENTO=\"Manual\",$M117=1),$M117>(ROW(PLE.lastrow)-ROW(PLE.firstrow))),0,IF(OFFSET(PLE!$G$14,$M117,BE$13)=\"\",10^12,OFFSET(PLE!$G$14,$M117,BE$13))))","v":1000000000000},{"$f":"IF($D117<>\"Serviço\",0,IF(OR(AND(AUTOEVENTO=\"Manual\",$M117=1),$M117>(ROW(PLE.lastrow)-ROW(PLE.firstrow))),0,IF(OFFSET(PLE!$G$14,$M117,BF$13)=\"\",10^12,OFFSET(PLE!$G$14,$M117,BF$13))))","v":1000000000000},{"$f":"IF($D117<>\"Serviço\",0,IF(OR(AND(AUTOEVENTO=\"Manual\",$M117=1),$M117>(ROW(PLE.lastrow)-ROW(PLE.firstrow))),0,IF(OFFSET(PLE!$G$14,$M117,BG$13)=\"\",10^12,OFFSET(PLE!$G$14,$M117,BG$13))))","v":1000000000000}]
["101",{"$f":"OFFSET(ORÇAMENTO!C$15,ROW(B118)-ROW(B$15),0)","v":"S"},{"$f":"OFFSET(ORÇAMENTO!L$15,ROW(C118)-ROW(C$15),0)","v":"F"},{"$f":"OFFSET(ORÇAMENTO!N$15,ROW(D118)-ROW(D$15),0)","v":"Serviço"},{"$f":"OFFSET(ORÇAMENTO!O$15,ROW(E118)-ROW(E$15),0)","v":"1.7.0.2."},{"$f":"OFFSET(ORÇAMENTO!R$15,ROW(F118)-ROW(F$15),0)","v":"QUADRO DE DISTRIBUICAO COM BARRAMENTO TRIFASICO, DE EMBUTIR, EM CHAPA DE ACO GALVANIZADO, PARA 18 DISJUNTORES DIN, 100 A, INCLUINDO BARRAMENTO                                                                                                                                                                                                                                                                                                                                                            "},{"$f":"IF($D118<>\"Serviço\",\"\",OFFSET(ORÇAMENTO!S$15,ROW(G118)-ROW(G$15),0))","v":"UN    "},{"$f":"IF($D118<>\"Serviço\",0,IF(ACOMPANHAMENTO=\"BM\",ROUND(OFFSET(ORÇAMENTO!AJ$15,ROW(H118)-ROW(H$15),0),15-13*ORÇAMENTO!$AF$7),SUMPRODUCT(($Q$12:$AA$12<>\"\")*ROUND($Q118:$AA118,15-13*ORÇAMENTO!$AF$7))))","v":1},null,null,null,".",{"$f":"IF($D118<>\"Serviço\",\"\",IF(AUTOEVENTO=\"manual\",$A118,IF(ISERROR(MATCH($A118,$A$15:OFFSET($A118,-1,0),0)),MAX($M$15:OFFSET(M118,-1,0))+1,INDEX($M$15:OFFSET(M118,-1,0),MATCH($A118,$A$15:OFFSET($A118,-1,0),0)))))","v":8},{"$f":"IF($D118<>\"Serviço\",\"\",IF(AUTOEVENTO=\"Manual\",IF($A118=0,\"<-- defina o número do agrupador\",OFFSET(EVENTOS!$D$14,$A118,0)),OFFSET($F$15,$A118,0)))","v":"INSTALAÇÕES ELÉTRICAS"},null,null,null,null,null,null,null,null,null,null,null,null,null,{"$f":"IF(AND($D118=\"Serviço\",AB$12<>0,$H118>0,OR(AUTOEVENTO<>\"manual\",$M118<>1)),\nIF(Import.TipoArredondamento<>\"TransfereGOV\",\nROUND(OFFSET($P118,0,AB$13),15-13*ORÇAMENTO!$AF$7)/$H118*OFFSET(ORÇAMENTO!$X$15,ROW(AB118)-ROW(AB$15),0),\nROUND(ROUND(OFFSET($P118,0,AB$13),15-13*ORÇAMENTO!$AF$7)*OFFSET(ORÇAMENTO!$W$15,ROW(AB118)-ROW(AB$15),0),15-13*ORÇAMENTO!$AF$11)),0)","v":0},{"$f":"IF(AND($D118=\"Serviço\",AC$12<>0,$H118>0,OR(AUTOEVENTO<>\"manual\",$M118<>1)),\nIF(Import.TipoArredondamento<>\"TransfereGOV\",\nROUND(OFFSET($P118,0,AC$13),15-13*ORÇAMENTO!$AF$7)/$H118*OFFSET(ORÇAMENTO!$X$15,ROW(AC118)-ROW(AC$15),0),\nROUND(ROUND(OFFSET($P118,0,AC$13),15-13*ORÇAMENTO!$AF$7)*OFFSET(ORÇAMENTO!$W$15,ROW(AC118)-ROW(AC$15),0),15-13*ORÇAMENTO!$AF$11)),0)","v":0},{"$f":"IF(AND($D118=\"Serviço\",AD$12<>0,$H118>0,OR(AUTOEVENTO<>\"manual\",$M118<>1)),\nIF(Import.TipoArredondamento<>\"TransfereGOV\",\nROUND(OFFSET($P118,0,AD$13),15-13*ORÇAMENTO!$AF$7)/$H118*OFFSET(ORÇAMENTO!$X$15,ROW(AD118)-ROW(AD$15),0),\nROUND(ROUND(OFFSET($P118,0,AD$13),15-13*ORÇAMENTO!$AF$7)*OFFSET(ORÇAMENTO!$W$15,ROW(AD118)-ROW(AD$15),0),15-13*ORÇAMENTO!$AF$11)),0)","v":0},{"$f":"IF(AND($D118=\"Serviço\",AE$12<>0,$H118>0,OR(AUTOEVENTO<>\"manual\",$M118<>1)),\nIF(Import.TipoArredondamento<>\"TransfereGOV\",\nROUND(OFFSET($P118,0,AE$13),15-13*ORÇAMENTO!$AF$7)/$H118*OFFSET(ORÇAMENTO!$X$15,ROW(AE118)-ROW(AE$15),0),\nROUND(ROUND(OFFSET($P118,0,AE$13),15-13*ORÇAMENTO!$AF$7)*OFFSET(ORÇAMENTO!$W$15,ROW(AE118)-ROW(AE$15),0),15-13*ORÇAMENTO!$AF$11)),0)","v":0},{"$f":"IF(AND($D118=\"Serviço\",AF$12<>0,$H118>0,OR(AUTOEVENTO<>\"manual\",$M118<>1)),\nIF(Import.TipoArredondamento<>\"TransfereGOV\",\nROUND(OFFSET($P118,0,AF$13),15-13*ORÇAMENTO!$AF$7)/$H118*OFFSET(ORÇAMENTO!$X$15,ROW(AF118)-ROW(AF$15),0),\nROUND(ROUND(OFFSET($P118,0,AF$13),15-13*ORÇAMENTO!$AF$7)*OFFSET(ORÇAMENTO!$W$15,ROW(AF118)-ROW(AF$15),0),15-13*ORÇAMENTO!$AF$11)),0)","v":0},{"$f":"IF(AND($D118=\"Serviço\",AG$12<>0,$H118>0,OR(AUTOEVENTO<>\"manual\",$M118<>1)),\nIF(Import.TipoArredondamento<>\"TransfereGOV\",\nROUND(OFFSET($P118,0,AG$13),15-13*ORÇAMENTO!$AF$7)/$H118*OFFSET(ORÇAMENTO!$X$15,ROW(AG118)-ROW(AG$15),0),\nROUND(ROUND(OFFSET($P118,0,AG$13),15-13*ORÇAMENTO!$AF$7)*OFFSET(ORÇAMENTO!$W$15,ROW(AG118)-ROW(AG$15),0),15-13*ORÇAMENTO!$AF$11)),0)","v":0},{"$f":"IF(AND($D118=\"Serviço\",AH$12<>0,$H118>0,OR(AUTOEVENTO<>\"manual\",$M118<>1)),\nIF(Import.TipoArredondamento<>\"TransfereGOV\",\nROUND(OFFSET($P118,0,AH$13),15-13*ORÇAMENTO!$AF$7)/$H118*OFFSET(ORÇAMENTO!$X$15,ROW(AH118)-ROW(AH$15),0),\nROUND(ROUND(OFFSET($P118,0,AH$13),15-13*ORÇAMENTO!$AF$7)*OFFSET(ORÇAMENTO!$W$15,ROW(AH118)-ROW(AH$15),0),15-13*ORÇAMENTO!$AF$11)),0)","v":0},{"$f":"IF(AND($D118=\"Serviço\",AI$12<>0,$H118>0,OR(AUTOEVENTO<>\"manual\",$M118<>1)),\nIF(Import.TipoArredondamento<>\"TransfereGOV\",\nROUND(OFFSET($P118,0,AI$13),15-13*ORÇAMENTO!$AF$7)/$H118*OFFSET(ORÇAMENTO!$X$15,ROW(AI118)-ROW(AI$15),0),\nROUND(ROUND(OFFSET($P118,0,AI$13),15-13*ORÇAMENTO!$AF$7)*OFFSET(ORÇAMENTO!$W$15,ROW(AI118)-ROW(AI$15),0),15-13*ORÇAMENTO!$AF$11)),0)","v":0},{"$f":"IF(AND($D118=\"Serviço\",AJ$12<>0,$H118>0,OR(AUTOEVENTO<>\"manual\",$M118<>1)),\nIF(Import.TipoArredondamento<>\"TransfereGOV\",\nROUND(OFFSET($P118,0,AJ$13),15-13*ORÇAMENTO!$AF$7)/$H118*OFFSET(ORÇAMENTO!$X$15,ROW(AJ118)-ROW(AJ$15),0),\nROUND(ROUND(OFFSET($P118,0,AJ$13),15-13*ORÇAMENTO!$AF$7)*OFFSET(ORÇAMENTO!$W$15,ROW(AJ118)-ROW(AJ$15),0),15-13*ORÇAMENTO!$AF$11)),0)","v":0},{"$f":"IF(AND($D118=\"Serviço\",AK$12<>0,$H118>0,OR(AUTOEVENTO<>\"manual\",$M118<>1)),\nIF(Import.TipoArredondamento<>\"TransfereGOV\",\nROUND(OFFSET($P118,0,AK$13),15-13*ORÇAMENTO!$AF$7)/$H118*OFFSET(ORÇAMENTO!$X$15,ROW(AK118)-ROW(AK$15),0),\nROUND(ROUND(OFFSET($P118,0,AK$13),15-13*ORÇAMENTO!$AF$7)*OFFSET(ORÇAMENTO!$W$15,ROW(AK118)-ROW(AK$15),0),15-13*ORÇAMENTO!$AF$11)),0)","v":0},null,{"$f":"IF($D118<>\"Serviço\",0,IF(AND(AUTOEVENTO=\"Manual\",$M118=1),0,IF(OFFSET(CRONOPLE!$F$14,$M118,AM$13)=\"\",10^12,OFFSET(CRONOPLE!$F$14,$M118,AM$13))))","v":1000000000000},{"$f":"IF($D118<>\"Serviço\",0,IF(AND(AUTOEVENTO=\"Manual\",$M118=1),0,IF(OFFSET(CRONOPLE!$F$14,$M118,AN$13)=\"\",10^12,OFFSET(CRONOPLE!$F$14,$M118,AN$13))))","v":1000000000000},{"$f":"IF($D118<>\"Serviço\",0,IF(AND(AUTOEVENTO=\"Manual\",$M118=1),0,IF(OFFSET(CRONOPLE!$F$14,$M118,AO$13)=\"\",10^12,OFFSET(CRONOPLE!$F$14,$M118,AO$13))))","v":1000000000000},{"$f":"IF($D118<>\"Serviço\",0,IF(AND(AUTOEVENTO=\"Manual\",$M118=1),0,IF(OFFSET(CRONOPLE!$F$14,$M118,AP$13)=\"\",10^12,OFFSET(CRONOPLE!$F$14,$M118,AP$13))))","v":1000000000000},{"$f":"IF($D118<>\"Serviço\",0,IF(AND(AUTOEVENTO=\"Manual\",$M118=1),0,IF(OFFSET(CRONOPLE!$F$14,$M118,AQ$13)=\"\",10^12,OFFSET(CRONOPLE!$F$14,$M118,AQ$13))))","v":1000000000000},{"$f":"IF($D118<>\"Serviço\",0,IF(AND(AUTOEVENTO=\"Manual\",$M118=1),0,IF(OFFSET(CRONOPLE!$F$14,$M118,AR$13)=\"\",10^12,OFFSET(CRONOPLE!$F$14,$M118,AR$13))))","v":1000000000000},{"$f":"IF($D118<>\"Serviço\",0,IF(AND(AUTOEVENTO=\"Manual\",$M118=1),0,IF(OFFSET(CRONOPLE!$F$14,$M118,AS$13)=\"\",10^12,OFFSET(CRONOPLE!$F$14,$M118,AS$13))))","v":1000000000000},{"$f":"IF($D118<>\"Serviço\",0,IF(AND(AUTOEVENTO=\"Manual\",$M118=1),0,IF(OFFSET(CRONOPLE!$F$14,$M118,AT$13)=\"\",10^12,OFFSET(CRONOPLE!$F$14,$M118,AT$13))))","v":1000000000000},{"$f":"IF($D118<>\"Serviço\",0,IF(AND(AUTOEVENTO=\"Manual\",$M118=1),0,IF(OFFSET(CRONOPLE!$F$14,$M118,AU$13)=\"\",10^12,OFFSET(CRONOPLE!$F$14,$M118,AU$13))))","v":1000000000000},{"$f":"IF($D118<>\"Serviço\",0,IF(AND(AUTOEVENTO=\"Manual\",$M118=1),0,IF(OFFSET(CRONOPLE!$F$14,$M118,AV$13)=\"\",10^12,OFFSET(CRONOPLE!$F$14,$M118,AV$13))))","v":1000000000000},null,{"$f":"IF($D118<>\"Serviço\",0,IF(OR(AND(AUTOEVENTO=\"Manual\",$M118=1),$M118>(ROW(PLE.lastrow)-ROW(PLE.firstrow))),0,IF(OFFSET(PLE!$G$14,$M118,AX$13)=\"\",10^12,OFFSET(PLE!$G$14,$M118,AX$13))))","v":1000000000000},{"$f":"IF($D118<>\"Serviço\",0,IF(OR(AND(AUTOEVENTO=\"Manual\",$M118=1),$M118>(ROW(PLE.lastrow)-ROW(PLE.firstrow))),0,IF(OFFSET(PLE!$G$14,$M118,AY$13)=\"\",10^12,OFFSET(PLE!$G$14,$M118,AY$13))))","v":1000000000000},{"$f":"IF($D118<>\"Serviço\",0,IF(OR(AND(AUTOEVENTO=\"Manual\",$M118=1),$M118>(ROW(PLE.lastrow)-ROW(PLE.firstrow))),0,IF(OFFSET(PLE!$G$14,$M118,AZ$13)=\"\",10^12,OFFSET(PLE!$G$14,$M118,AZ$13))))","v":1000000000000},{"$f":"IF($D118<>\"Serviço\",0,IF(OR(AND(AUTOEVENTO=\"Manual\",$M118=1),$M118>(ROW(PLE.lastrow)-ROW(PLE.firstrow))),0,IF(OFFSET(PLE!$G$14,$M118,BA$13)=\"\",10^12,OFFSET(PLE!$G$14,$M118,BA$13))))","v":1000000000000},{"$f":"IF($D118<>\"Serviço\",0,IF(OR(AND(AUTOEVENTO=\"Manual\",$M118=1),$M118>(ROW(PLE.lastrow)-ROW(PLE.firstrow))),0,IF(OFFSET(PLE!$G$14,$M118,BB$13)=\"\",10^12,OFFSET(PLE!$G$14,$M118,BB$13))))","v":1000000000000},{"$f":"IF($D118<>\"Serviço\",0,IF(OR(AND(AUTOEVENTO=\"Manual\",$M118=1),$M118>(ROW(PLE.lastrow)-ROW(PLE.firstrow))),0,IF(OFFSET(PLE!$G$14,$M118,BC$13)=\"\",10^12,OFFSET(PLE!$G$14,$M118,BC$13))))","v":1000000000000},{"$f":"IF($D118<>\"Serviço\",0,IF(OR(AND(AUTOEVENTO=\"Manual\",$M118=1),$M118>(ROW(PLE.lastrow)-ROW(PLE.firstrow))),0,IF(OFFSET(PLE!$G$14,$M118,BD$13)=\"\",10^12,OFFSET(PLE!$G$14,$M118,BD$13))))","v":1000000000000},{"$f":"IF($D118<>\"Serviço\",0,IF(OR(AND(AUTOEVENTO=\"Manual\",$M118=1),$M118>(ROW(PLE.lastrow)-ROW(PLE.firstrow))),0,IF(OFFSET(PLE!$G$14,$M118,BE$13)=\"\",10^12,OFFSET(PLE!$G$14,$M118,BE$13))))","v":1000000000000},{"$f":"IF($D118<>\"Serviço\",0,IF(OR(AND(AUTOEVENTO=\"Manual\",$M118=1),$M118>(ROW(PLE.lastrow)-ROW(PLE.firstrow))),0,IF(OFFSET(PLE!$G$14,$M118,BF$13)=\"\",10^12,OFFSET(PLE!$G$14,$M118,BF$13))))","v":1000000000000},{"$f":"IF($D118<>\"Serviço\",0,IF(OR(AND(AUTOEVENTO=\"Manual\",$M118=1),$M118>(ROW(PLE.lastrow)-ROW(PLE.firstrow))),0,IF(OFFSET(PLE!$G$14,$M118,BG$13)=\"\",10^12,OFFSET(PLE!$G$14,$M118,BG$13))))","v":1000000000000}]
["101",{"$f":"OFFSET(ORÇAMENTO!C$15,ROW(B119)-ROW(B$15),0)","v":"S"},{"$f":"OFFSET(ORÇAMENTO!L$15,ROW(C119)-ROW(C$15),0)","v":"F"},{"$f":"OFFSET(ORÇAMENTO!N$15,ROW(D119)-ROW(D$15),0)","v":"Serviço"},{"$f":"OFFSET(ORÇAMENTO!O$15,ROW(E119)-ROW(E$15),0)","v":"1.7.0.3."},{"$f":"OFFSET(ORÇAMENTO!R$15,ROW(F119)-ROW(F$15),0)","v":"DISJUNTOR TRIPOLAR TIPO DIN, CORRENTE NOMINAL DE 50A - FORNECIMENTO E INSTALAÇÃO. AF_10/2020"},{"$f":"IF($D119<>\"Serviço\",\"\",OFFSET(ORÇAMENTO!S$15,ROW(G119)-ROW(G$15),0))","v":"UN"},{"$f":"IF($D119<>\"Serviço\",0,IF(ACOMPANHAMENTO=\"BM\",ROUND(OFFSET(ORÇAMENTO!AJ$15,ROW(H119)-ROW(H$15),0),15-13*ORÇAMENTO!$AF$7),SUMPRODUCT(($Q$12:$AA$12<>\"\")*ROUND($Q119:$AA119,15-13*ORÇAMENTO!$AF$7))))","v":1},null,null,null,".",{"$f":"IF($D119<>\"Serviço\",\"\",IF(AUTOEVENTO=\"manual\",$A119,IF(ISERROR(MATCH($A119,$A$15:OFFSET($A119,-1,0),0)),MAX($M$15:OFFSET(M119,-1,0))+1,INDEX($M$15:OFFSET(M119,-1,0),MATCH($A119,$A$15:OFFSET($A119,-1,0),0)))))","v":8},{"$f":"IF($D119<>\"Serviço\",\"\",IF(AUTOEVENTO=\"Manual\",IF($A119=0,\"<-- defina o número do agrupador\",OFFSET(EVENTOS!$D$14,$A119,0)),OFFSET($F$15,$A119,0)))","v":"INSTALAÇÕES ELÉTRICAS"},null,null,null,null,null,null,null,null,null,null,null,null,null,{"$f":"IF(AND($D119=\"Serviço\",AB$12<>0,$H119>0,OR(AUTOEVENTO<>\"manual\",$M119<>1)),\nIF(Import.TipoArredondamento<>\"TransfereGOV\",\nROUND(OFFSET($P119,0,AB$13),15-13*ORÇAMENTO!$AF$7)/$H119*OFFSET(ORÇAMENTO!$X$15,ROW(AB119)-ROW(AB$15),0),\nROUND(ROUND(OFFSET($P119,0,AB$13),15-13*ORÇAMENTO!$AF$7)*OFFSET(ORÇAMENTO!$W$15,ROW(AB119)-ROW(AB$15),0),15-13*ORÇAMENTO!$AF$11)),0)","v":0},{"$f":"IF(AND($D119=\"Serviço\",AC$12<>0,$H119>0,OR(AUTOEVENTO<>\"manual\",$M119<>1)),\nIF(Import.TipoArredondamento<>\"TransfereGOV\",\nROUND(OFFSET($P119,0,AC$13),15-13*ORÇAMENTO!$AF$7)/$H119*OFFSET(ORÇAMENTO!$X$15,ROW(AC119)-ROW(AC$15),0),\nROUND(ROUND(OFFSET($P119,0,AC$13),15-13*ORÇAMENTO!$AF$7)*OFFSET(ORÇAMENTO!$W$15,ROW(AC119)-ROW(AC$15),0),15-13*ORÇAMENTO!$AF$11)),0)","v":0},{"$f":"IF(AND($D119=\"Serviço\",AD$12<>0,$H119>0,OR(AUTOEVENTO<>\"manual\",$M119<>1)),\nIF(Import.TipoArredondamento<>\"TransfereGOV\",\nROUND(OFFSET($P119,0,AD$13),15-13*ORÇAMENTO!$AF$7)/$H119*OFFSET(ORÇAMENTO!$X$15,ROW(AD119)-ROW(AD$15),0),\nROUND(ROUND(OFFSET($P119,0,AD$13),15-13*ORÇAMENTO!$AF$7)*OFFSET(ORÇAMENTO!$W$15,ROW(AD119)-ROW(AD$15),0),15-13*ORÇAMENTO!$AF$11)),0)","v":0},{"$f":"IF(AND($D119=\"Serviço\",AE$12<>0,$H119>0,OR(AUTOEVENTO<>\"manual\",$M119<>1)),\nIF(Import.TipoArredondamento<>\"TransfereGOV\",\nROUND(OFFSET($P119,0,AE$13),15-13*ORÇAMENTO!$AF$7)/$H119*OFFSET(ORÇAMENTO!$X$15,ROW(AE119)-ROW(AE$15),0),\nROUND(ROUND(OFFSET($P119,0,AE$13),15-13*ORÇAMENTO!$AF$7)*OFFSET(ORÇAMENTO!$W$15,ROW(AE119)-ROW(AE$15),0),15-13*ORÇAMENTO!$AF$11)),0)","v":0},{"$f":"IF(AND($D119=\"Serviço\",AF$12<>0,$H119>0,OR(AUTOEVENTO<>\"manual\",$M119<>1)),\nIF(Import.TipoArredondamento<>\"TransfereGOV\",\nROUND(OFFSET($P119,0,AF$13),15-13*ORÇAMENTO!$AF$7)/$H119*OFFSET(ORÇAMENTO!$X$15,ROW(AF119)-ROW(AF$15),0),\nROUND(ROUND(OFFSET($P119,0,AF$13),15-13*ORÇAMENTO!$AF$7)*OFFSET(ORÇAMENTO!$W$15,ROW(AF119)-ROW(AF$15),0),15-13*ORÇAMENTO!$AF$11)),0)","v":0},{"$f":"IF(AND($D119=\"Serviço\",AG$12<>0,$H119>0,OR(AUTOEVENTO<>\"manual\",$M119<>1)),\nIF(Import.TipoArredondamento<>\"TransfereGOV\",\nROUND(OFFSET($P119,0,AG$13),15-13*ORÇAMENTO!$AF$7)/$H119*OFFSET(ORÇAMENTO!$X$15,ROW(AG119)-ROW(AG$15),0),\nROUND(ROUND(OFFSET($P119,0,AG$13),15-13*ORÇAMENTO!$AF$7)*OFFSET(ORÇAMENTO!$W$15,ROW(AG119)-ROW(AG$15),0),15-13*ORÇAMENTO!$AF$11)),0)","v":0},{"$f":"IF(AND($D119=\"Serviço\",AH$12<>0,$H119>0,OR(AUTOEVENTO<>\"manual\",$M119<>1)),\nIF(Import.TipoArredondamento<>\"TransfereGOV\",\nROUND(OFFSET($P119,0,AH$13),15-13*ORÇAMENTO!$AF$7)/$H119*OFFSET(ORÇAMENTO!$X$15,ROW(AH119)-ROW(AH$15),0),\nROUND(ROUND(OFFSET($P119,0,AH$13),15-13*ORÇAMENTO!$AF$7)*OFFSET(ORÇAMENTO!$W$15,ROW(AH119)-ROW(AH$15),0),15-13*ORÇAMENTO!$AF$11)),0)","v":0},{"$f":"IF(AND($D119=\"Serviço\",AI$12<>0,$H119>0,OR(AUTOEVENTO<>\"manual\",$M119<>1)),\nIF(Import.TipoArredondamento<>\"TransfereGOV\",\nROUND(OFFSET($P119,0,AI$13),15-13*ORÇAMENTO!$AF$7)/$H119*OFFSET(ORÇAMENTO!$X$15,ROW(AI119)-ROW(AI$15),0),\nROUND(ROUND(OFFSET($P119,0,AI$13),15-13*ORÇAMENTO!$AF$7)*OFFSET(ORÇAMENTO!$W$15,ROW(AI119)-ROW(AI$15),0),15-13*ORÇAMENTO!$AF$11)),0)","v":0},{"$f":"IF(AND($D119=\"Serviço\",AJ$12<>0,$H119>0,OR(AUTOEVENTO<>\"manual\",$M119<>1)),\nIF(Import.TipoArredondamento<>\"TransfereGOV\",\nROUND(OFFSET($P119,0,AJ$13),15-13*ORÇAMENTO!$AF$7)/$H119*OFFSET(ORÇAMENTO!$X$15,ROW(AJ119)-ROW(AJ$15),0),\nROUND(ROUND(OFFSET($P119,0,AJ$13),15-13*ORÇAMENTO!$AF$7)*OFFSET(ORÇAMENTO!$W$15,ROW(AJ119)-ROW(AJ$15),0),15-13*ORÇAMENTO!$AF$11)),0)","v":0},{"$f":"IF(AND($D119=\"Serviço\",AK$12<>0,$H119>0,OR(AUTOEVENTO<>\"manual\",$M119<>1)),\nIF(Import.TipoArredondamento<>\"TransfereGOV\",\nROUND(OFFSET($P119,0,AK$13),15-13*ORÇAMENTO!$AF$7)/$H119*OFFSET(ORÇAMENTO!$X$15,ROW(AK119)-ROW(AK$15),0),\nROUND(ROUND(OFFSET($P119,0,AK$13),15-13*ORÇAMENTO!$AF$7)*OFFSET(ORÇAMENTO!$W$15,ROW(AK119)-ROW(AK$15),0),15-13*ORÇAMENTO!$AF$11)),0)","v":0},null,{"$f":"IF($D119<>\"Serviço\",0,IF(AND(AUTOEVENTO=\"Manual\",$M119=1),0,IF(OFFSET(CRONOPLE!$F$14,$M119,AM$13)=\"\",10^12,OFFSET(CRONOPLE!$F$14,$M119,AM$13))))","v":1000000000000},{"$f":"IF($D119<>\"Serviço\",0,IF(AND(AUTOEVENTO=\"Manual\",$M119=1),0,IF(OFFSET(CRONOPLE!$F$14,$M119,AN$13)=\"\",10^12,OFFSET(CRONOPLE!$F$14,$M119,AN$13))))","v":1000000000000},{"$f":"IF($D119<>\"Serviço\",0,IF(AND(AUTOEVENTO=\"Manual\",$M119=1),0,IF(OFFSET(CRONOPLE!$F$14,$M119,AO$13)=\"\",10^12,OFFSET(CRONOPLE!$F$14,$M119,AO$13))))","v":1000000000000},{"$f":"IF($D119<>\"Serviço\",0,IF(AND(AUTOEVENTO=\"Manual\",$M119=1),0,IF(OFFSET(CRONOPLE!$F$14,$M119,AP$13)=\"\",10^12,OFFSET(CRONOPLE!$F$14,$M119,AP$13))))","v":1000000000000},{"$f":"IF($D119<>\"Serviço\",0,IF(AND(AUTOEVENTO=\"Manual\",$M119=1),0,IF(OFFSET(CRONOPLE!$F$14,$M119,AQ$13)=\"\",10^12,OFFSET(CRONOPLE!$F$14,$M119,AQ$13))))","v":1000000000000},{"$f":"IF($D119<>\"Serviço\",0,IF(AND(AUTOEVENTO=\"Manual\",$M119=1),0,IF(OFFSET(CRONOPLE!$F$14,$M119,AR$13)=\"\",10^12,OFFSET(CRONOPLE!$F$14,$M119,AR$13))))","v":1000000000000},{"$f":"IF($D119<>\"Serviço\",0,IF(AND(AUTOEVENTO=\"Manual\",$M119=1),0,IF(OFFSET(CRONOPLE!$F$14,$M119,AS$13)=\"\",10^12,OFFSET(CRONOPLE!$F$14,$M119,AS$13))))","v":1000000000000},{"$f":"IF($D119<>\"Serviço\",0,IF(AND(AUTOEVENTO=\"Manual\",$M119=1),0,IF(OFFSET(CRONOPLE!$F$14,$M119,AT$13)=\"\",10^12,OFFSET(CRONOPLE!$F$14,$M119,AT$13))))","v":1000000000000},{"$f":"IF($D119<>\"Serviço\",0,IF(AND(AUTOEVENTO=\"Manual\",$M119=1),0,IF(OFFSET(CRONOPLE!$F$14,$M119,AU$13)=\"\",10^12,OFFSET(CRONOPLE!$F$14,$M119,AU$13))))","v":1000000000000},{"$f":"IF($D119<>\"Serviço\",0,IF(AND(AUTOEVENTO=\"Manual\",$M119=1),0,IF(OFFSET(CRONOPLE!$F$14,$M119,AV$13)=\"\",10^12,OFFSET(CRONOPLE!$F$14,$M119,AV$13))))","v":1000000000000},null,{"$f":"IF($D119<>\"Serviço\",0,IF(OR(AND(AUTOEVENTO=\"Manual\",$M119=1),$M119>(ROW(PLE.lastrow)-ROW(PLE.firstrow))),0,IF(OFFSET(PLE!$G$14,$M119,AX$13)=\"\",10^12,OFFSET(PLE!$G$14,$M119,AX$13))))","v":1000000000000},{"$f":"IF($D119<>\"Serviço\",0,IF(OR(AND(AUTOEVENTO=\"Manual\",$M119=1),$M119>(ROW(PLE.lastrow)-ROW(PLE.firstrow))),0,IF(OFFSET(PLE!$G$14,$M119,AY$13)=\"\",10^12,OFFSET(PLE!$G$14,$M119,AY$13))))","v":1000000000000},{"$f":"IF($D119<>\"Serviço\",0,IF(OR(AND(AUTOEVENTO=\"Manual\",$M119=1),$M119>(ROW(PLE.lastrow)-ROW(PLE.firstrow))),0,IF(OFFSET(PLE!$G$14,$M119,AZ$13)=\"\",10^12,OFFSET(PLE!$G$14,$M119,AZ$13))))","v":1000000000000},{"$f":"IF($D119<>\"Serviço\",0,IF(OR(AND(AUTOEVENTO=\"Manual\",$M119=1),$M119>(ROW(PLE.lastrow)-ROW(PLE.firstrow))),0,IF(OFFSET(PLE!$G$14,$M119,BA$13)=\"\",10^12,OFFSET(PLE!$G$14,$M119,BA$13))))","v":1000000000000},{"$f":"IF($D119<>\"Serviço\",0,IF(OR(AND(AUTOEVENTO=\"Manual\",$M119=1),$M119>(ROW(PLE.lastrow)-ROW(PLE.firstrow))),0,IF(OFFSET(PLE!$G$14,$M119,BB$13)=\"\",10^12,OFFSET(PLE!$G$14,$M119,BB$13))))","v":1000000000000},{"$f":"IF($D119<>\"Serviço\",0,IF(OR(AND(AUTOEVENTO=\"Manual\",$M119=1),$M119>(ROW(PLE.lastrow)-ROW(PLE.firstrow))),0,IF(OFFSET(PLE!$G$14,$M119,BC$13)=\"\",10^12,OFFSET(PLE!$G$14,$M119,BC$13))))","v":1000000000000},{"$f":"IF($D119<>\"Serviço\",0,IF(OR(AND(AUTOEVENTO=\"Manual\",$M119=1),$M119>(ROW(PLE.lastrow)-ROW(PLE.firstrow))),0,IF(OFFSET(PLE!$G$14,$M119,BD$13)=\"\",10^12,OFFSET(PLE!$G$14,$M119,BD$13))))","v":1000000000000},{"$f":"IF($D119<>\"Serviço\",0,IF(OR(AND(AUTOEVENTO=\"Manual\",$M119=1),$M119>(ROW(PLE.lastrow)-ROW(PLE.firstrow))),0,IF(OFFSET(PLE!$G$14,$M119,BE$13)=\"\",10^12,OFFSET(PLE!$G$14,$M119,BE$13))))","v":1000000000000},{"$f":"IF($D119<>\"Serviço\",0,IF(OR(AND(AUTOEVENTO=\"Manual\",$M119=1),$M119>(ROW(PLE.lastrow)-ROW(PLE.firstrow))),0,IF(OFFSET(PLE!$G$14,$M119,BF$13)=\"\",10^12,OFFSET(PLE!$G$14,$M119,BF$13))))","v":1000000000000},{"$f":"IF($D119<>\"Serviço\",0,IF(OR(AND(AUTOEVENTO=\"Manual\",$M119=1),$M119>(ROW(PLE.lastrow)-ROW(PLE.firstrow))),0,IF(OFFSET(PLE!$G$14,$M119,BG$13)=\"\",10^12,OFFSET(PLE!$G$14,$M119,BG$13))))","v":1000000000000}]
["101",{"$f":"OFFSET(ORÇAMENTO!C$15,ROW(B120)-ROW(B$15),0)","v":"S"},{"$f":"OFFSET(ORÇAMENTO!L$15,ROW(C120)-ROW(C$15),0)","v":"F"},{"$f":"OFFSET(ORÇAMENTO!N$15,ROW(D120)-ROW(D$15),0)","v":"Serviço"},{"$f":"OFFSET(ORÇAMENTO!O$15,ROW(E120)-ROW(E$15),0)","v":"1.7.0.4."},{"$f":"OFFSET(ORÇAMENTO!R$15,ROW(F120)-ROW(F$15),0)","v":"DISJUNTOR MONOPOLAR TIPO DIN, CORRENTE NOMINAL DE 20A - FORNECIMENTO E INSTALAÇÃO. AF_10/2020"},{"$f":"IF($D120<>\"Serviço\",\"\",OFFSET(ORÇAMENTO!S$15,ROW(G120)-ROW(G$15),0))","v":"UN"},{"$f":"IF($D120<>\"Serviço\",0,IF(ACOMPANHAMENTO=\"BM\",ROUND(OFFSET(ORÇAMENTO!AJ$15,ROW(H120)-ROW(H$15),0),15-13*ORÇAMENTO!$AF$7),SUMPRODUCT(($Q$12:$AA$12<>\"\")*ROUND($Q120:$AA120,15-13*ORÇAMENTO!$AF$7))))","v":2},null,null,null,".",{"$f":"IF($D120<>\"Serviço\",\"\",IF(AUTOEVENTO=\"manual\",$A120,IF(ISERROR(MATCH($A120,$A$15:OFFSET($A120,-1,0),0)),MAX($M$15:OFFSET(M120,-1,0))+1,INDEX($M$15:OFFSET(M120,-1,0),MATCH($A120,$A$15:OFFSET($A120,-1,0),0)))))","v":8},{"$f":"IF($D120<>\"Serviço\",\"\",IF(AUTOEVENTO=\"Manual\",IF($A120=0,\"<-- defina o número do agrupador\",OFFSET(EVENTOS!$D$14,$A120,0)),OFFSET($F$15,$A120,0)))","v":"INSTALAÇÕES ELÉTRICAS"},null,null,null,null,null,null,null,null,null,null,null,null,null,{"$f":"IF(AND($D120=\"Serviço\",AB$12<>0,$H120>0,OR(AUTOEVENTO<>\"manual\",$M120<>1)),\nIF(Import.TipoArredondamento<>\"TransfereGOV\",\nROUND(OFFSET($P120,0,AB$13),15-13*ORÇAMENTO!$AF$7)/$H120*OFFSET(ORÇAMENTO!$X$15,ROW(AB120)-ROW(AB$15),0),\nROUND(ROUND(OFFSET($P120,0,AB$13),15-13*ORÇAMENTO!$AF$7)*OFFSET(ORÇAMENTO!$W$15,ROW(AB120)-ROW(AB$15),0),15-13*ORÇAMENTO!$AF$11)),0)","v":0},{"$f":"IF(AND($D120=\"Serviço\",AC$12<>0,$H120>0,OR(AUTOEVENTO<>\"manual\",$M120<>1)),\nIF(Import.TipoArredondamento<>\"TransfereGOV\",\nROUND(OFFSET($P120,0,AC$13),15-13*ORÇAMENTO!$AF$7)/$H120*OFFSET(ORÇAMENTO!$X$15,ROW(AC120)-ROW(AC$15),0),\nROUND(ROUND(OFFSET($P120,0,AC$13),15-13*ORÇAMENTO!$AF$7)*OFFSET(ORÇAMENTO!$W$15,ROW(AC120)-ROW(AC$15),0),15-13*ORÇAMENTO!$AF$11)),0)","v":0},{"$f":"IF(AND($D120=\"Serviço\",AD$12<>0,$H120>0,OR(AUTOEVENTO<>\"manual\",$M120<>1)),\nIF(Import.TipoArredondamento<>\"TransfereGOV\",\nROUND(OFFSET($P120,0,AD$13),15-13*ORÇAMENTO!$AF$7)/$H120*OFFSET(ORÇAMENTO!$X$15,ROW(AD120)-ROW(AD$15),0),\nROUND(ROUND(OFFSET($P120,0,AD$13),15-13*ORÇAMENTO!$AF$7)*OFFSET(ORÇAMENTO!$W$15,ROW(AD120)-ROW(AD$15),0),15-13*ORÇAMENTO!$AF$11)),0)","v":0},{"$f":"IF(AND($D120=\"Serviço\",AE$12<>0,$H120>0,OR(AUTOEVENTO<>\"manual\",$M120<>1)),\nIF(Import.TipoArredondamento<>\"TransfereGOV\",\nROUND(OFFSET($P120,0,AE$13),15-13*ORÇAMENTO!$AF$7)/$H120*OFFSET(ORÇAMENTO!$X$15,ROW(AE120)-ROW(AE$15),0),\nROUND(ROUND(OFFSET($P120,0,AE$13),15-13*ORÇAMENTO!$AF$7)*OFFSET(ORÇAMENTO!$W$15,ROW(AE120)-ROW(AE$15),0),15-13*ORÇAMENTO!$AF$11)),0)","v":0},{"$f":"IF(AND($D120=\"Serviço\",AF$12<>0,$H120>0,OR(AUTOEVENTO<>\"manual\",$M120<>1)),\nIF(Import.TipoArredondamento<>\"TransfereGOV\",\nROUND(OFFSET($P120,0,AF$13),15-13*ORÇAMENTO!$AF$7)/$H120*OFFSET(ORÇAMENTO!$X$15,ROW(AF120)-ROW(AF$15),0),\nROUND(ROUND(OFFSET($P120,0,AF$13),15-13*ORÇAMENTO!$AF$7)*OFFSET(ORÇAMENTO!$W$15,ROW(AF120)-ROW(AF$15),0),15-13*ORÇAMENTO!$AF$11)),0)","v":0},{"$f":"IF(AND($D120=\"Serviço\",AG$12<>0,$H120>0,OR(AUTOEVENTO<>\"manual\",$M120<>1)),\nIF(Import.TipoArredondamento<>\"TransfereGOV\",\nROUND(OFFSET($P120,0,AG$13),15-13*ORÇAMENTO!$AF$7)/$H120*OFFSET(ORÇAMENTO!$X$15,ROW(AG120)-ROW(AG$15),0),\nROUND(ROUND(OFFSET($P120,0,AG$13),15-13*ORÇAMENTO!$AF$7)*OFFSET(ORÇAMENTO!$W$15,ROW(AG120)-ROW(AG$15),0),15-13*ORÇAMENTO!$AF$11)),0)","v":0},{"$f":"IF(AND($D120=\"Serviço\",AH$12<>0,$H120>0,OR(AUTOEVENTO<>\"manual\",$M120<>1)),\nIF(Import.TipoArredondamento<>\"TransfereGOV\",\nROUND(OFFSET($P120,0,AH$13),15-13*ORÇAMENTO!$AF$7)/$H120*OFFSET(ORÇAMENTO!$X$15,ROW(AH120)-ROW(AH$15),0),\nROUND(ROUND(OFFSET($P120,0,AH$13),15-13*ORÇAMENTO!$AF$7)*OFFSET(ORÇAMENTO!$W$15,ROW(AH120)-ROW(AH$15),0),15-13*ORÇAMENTO!$AF$11)),0)","v":0},{"$f":"IF(AND($D120=\"Serviço\",AI$12<>0,$H120>0,OR(AUTOEVENTO<>\"manual\",$M120<>1)),\nIF(Import.TipoArredondamento<>\"TransfereGOV\",\nROUND(OFFSET($P120,0,AI$13),15-13*ORÇAMENTO!$AF$7)/$H120*OFFSET(ORÇAMENTO!$X$15,ROW(AI120)-ROW(AI$15),0),\nROUND(ROUND(OFFSET($P120,0,AI$13),15-13*ORÇAMENTO!$AF$7)*OFFSET(ORÇAMENTO!$W$15,ROW(AI120)-ROW(AI$15),0),15-13*ORÇAMENTO!$AF$11)),0)","v":0},{"$f":"IF(AND($D120=\"Serviço\",AJ$12<>0,$H120>0,OR(AUTOEVENTO<>\"manual\",$M120<>1)),\nIF(Import.TipoArredondamento<>\"TransfereGOV\",\nROUND(OFFSET($P120,0,AJ$13),15-13*ORÇAMENTO!$AF$7)/$H120*OFFSET(ORÇAMENTO!$X$15,ROW(AJ120)-ROW(AJ$15),0),\nROUND(ROUND(OFFSET($P120,0,AJ$13),15-13*ORÇAMENTO!$AF$7)*OFFSET(ORÇAMENTO!$W$15,ROW(AJ120)-ROW(AJ$15),0),15-13*ORÇAMENTO!$AF$11)),0)","v":0},{"$f":"IF(AND($D120=\"Serviço\",AK$12<>0,$H120>0,OR(AUTOEVENTO<>\"manual\",$M120<>1)),\nIF(Import.TipoArredondamento<>\"TransfereGOV\",\nROUND(OFFSET($P120,0,AK$13),15-13*ORÇAMENTO!$AF$7)/$H120*OFFSET(ORÇAMENTO!$X$15,ROW(AK120)-ROW(AK$15),0),\nROUND(ROUND(OFFSET($P120,0,AK$13),15-13*ORÇAMENTO!$AF$7)*OFFSET(ORÇAMENTO!$W$15,ROW(AK120)-ROW(AK$15),0),15-13*ORÇAMENTO!$AF$11)),0)","v":0},null,{"$f":"IF($D120<>\"Serviço\",0,IF(AND(AUTOEVENTO=\"Manual\",$M120=1),0,IF(OFFSET(CRONOPLE!$F$14,$M120,AM$13)=\"\",10^12,OFFSET(CRONOPLE!$F$14,$M120,AM$13))))","v":1000000000000},{"$f":"IF($D120<>\"Serviço\",0,IF(AND(AUTOEVENTO=\"Manual\",$M120=1),0,IF(OFFSET(CRONOPLE!$F$14,$M120,AN$13)=\"\",10^12,OFFSET(CRONOPLE!$F$14,$M120,AN$13))))","v":1000000000000},{"$f":"IF($D120<>\"Serviço\",0,IF(AND(AUTOEVENTO=\"Manual\",$M120=1),0,IF(OFFSET(CRONOPLE!$F$14,$M120,AO$13)=\"\",10^12,OFFSET(CRONOPLE!$F$14,$M120,AO$13))))","v":1000000000000},{"$f":"IF($D120<>\"Serviço\",0,IF(AND(AUTOEVENTO=\"Manual\",$M120=1),0,IF(OFFSET(CRONOPLE!$F$14,$M120,AP$13)=\"\",10^12,OFFSET(CRONOPLE!$F$14,$M120,AP$13))))","v":1000000000000},{"$f":"IF($D120<>\"Serviço\",0,IF(AND(AUTOEVENTO=\"Manual\",$M120=1),0,IF(OFFSET(CRONOPLE!$F$14,$M120,AQ$13)=\"\",10^12,OFFSET(CRONOPLE!$F$14,$M120,AQ$13))))","v":1000000000000},{"$f":"IF($D120<>\"Serviço\",0,IF(AND(AUTOEVENTO=\"Manual\",$M120=1),0,IF(OFFSET(CRONOPLE!$F$14,$M120,AR$13)=\"\",10^12,OFFSET(CRONOPLE!$F$14,$M120,AR$13))))","v":1000000000000},{"$f":"IF($D120<>\"Serviço\",0,IF(AND(AUTOEVENTO=\"Manual\",$M120=1),0,IF(OFFSET(CRONOPLE!$F$14,$M120,AS$13)=\"\",10^12,OFFSET(CRONOPLE!$F$14,$M120,AS$13))))","v":1000000000000},{"$f":"IF($D120<>\"Serviço\",0,IF(AND(AUTOEVENTO=\"Manual\",$M120=1),0,IF(OFFSET(CRONOPLE!$F$14,$M120,AT$13)=\"\",10^12,OFFSET(CRONOPLE!$F$14,$M120,AT$13))))","v":1000000000000},{"$f":"IF($D120<>\"Serviço\",0,IF(AND(AUTOEVENTO=\"Manual\",$M120=1),0,IF(OFFSET(CRONOPLE!$F$14,$M120,AU$13)=\"\",10^12,OFFSET(CRONOPLE!$F$14,$M120,AU$13))))","v":1000000000000},{"$f":"IF($D120<>\"Serviço\",0,IF(AND(AUTOEVENTO=\"Manual\",$M120=1),0,IF(OFFSET(CRONOPLE!$F$14,$M120,AV$13)=\"\",10^12,OFFSET(CRONOPLE!$F$14,$M120,AV$13))))","v":1000000000000},null,{"$f":"IF($D120<>\"Serviço\",0,IF(OR(AND(AUTOEVENTO=\"Manual\",$M120=1),$M120>(ROW(PLE.lastrow)-ROW(PLE.firstrow))),0,IF(OFFSET(PLE!$G$14,$M120,AX$13)=\"\",10^12,OFFSET(PLE!$G$14,$M120,AX$13))))","v":1000000000000},{"$f":"IF($D120<>\"Serviço\",0,IF(OR(AND(AUTOEVENTO=\"Manual\",$M120=1),$M120>(ROW(PLE.lastrow)-ROW(PLE.firstrow))),0,IF(OFFSET(PLE!$G$14,$M120,AY$13)=\"\",10^12,OFFSET(PLE!$G$14,$M120,AY$13))))","v":1000000000000},{"$f":"IF($D120<>\"Serviço\",0,IF(OR(AND(AUTOEVENTO=\"Manual\",$M120=1),$M120>(ROW(PLE.lastrow)-ROW(PLE.firstrow))),0,IF(OFFSET(PLE!$G$14,$M120,AZ$13)=\"\",10^12,OFFSET(PLE!$G$14,$M120,AZ$13))))","v":1000000000000},{"$f":"IF($D120<>\"Serviço\",0,IF(OR(AND(AUTOEVENTO=\"Manual\",$M120=1),$M120>(ROW(PLE.lastrow)-ROW(PLE.firstrow))),0,IF(OFFSET(PLE!$G$14,$M120,BA$13)=\"\",10^12,OFFSET(PLE!$G$14,$M120,BA$13))))","v":1000000000000},{"$f":"IF($D120<>\"Serviço\",0,IF(OR(AND(AUTOEVENTO=\"Manual\",$M120=1),$M120>(ROW(PLE.lastrow)-ROW(PLE.firstrow))),0,IF(OFFSET(PLE!$G$14,$M120,BB$13)=\"\",10^12,OFFSET(PLE!$G$14,$M120,BB$13))))","v":1000000000000},{"$f":"IF($D120<>\"Serviço\",0,IF(OR(AND(AUTOEVENTO=\"Manual\",$M120=1),$M120>(ROW(PLE.lastrow)-ROW(PLE.firstrow))),0,IF(OFFSET(PLE!$G$14,$M120,BC$13)=\"\",10^12,OFFSET(PLE!$G$14,$M120,BC$13))))","v":1000000000000},{"$f":"IF($D120<>\"Serviço\",0,IF(OR(AND(AUTOEVENTO=\"Manual\",$M120=1),$M120>(ROW(PLE.lastrow)-ROW(PLE.firstrow))),0,IF(OFFSET(PLE!$G$14,$M120,BD$13)=\"\",10^12,OFFSET(PLE!$G$14,$M120,BD$13))))","v":1000000000000},{"$f":"IF($D120<>\"Serviço\",0,IF(OR(AND(AUTOEVENTO=\"Manual\",$M120=1),$M120>(ROW(PLE.lastrow)-ROW(PLE.firstrow))),0,IF(OFFSET(PLE!$G$14,$M120,BE$13)=\"\",10^12,OFFSET(PLE!$G$14,$M120,BE$13))))","v":1000000000000},{"$f":"IF($D120<>\"Serviço\",0,IF(OR(AND(AUTOEVENTO=\"Manual\",$M120=1),$M120>(ROW(PLE.lastrow)-ROW(PLE.firstrow))),0,IF(OFFSET(PLE!$G$14,$M120,BF$13)=\"\",10^12,OFFSET(PLE!$G$14,$M120,BF$13))))","v":1000000000000},{"$f":"IF($D120<>\"Serviço\",0,IF(OR(AND(AUTOEVENTO=\"Manual\",$M120=1),$M120>(ROW(PLE.lastrow)-ROW(PLE.firstrow))),0,IF(OFFSET(PLE!$G$14,$M120,BG$13)=\"\",10^12,OFFSET(PLE!$G$14,$M120,BG$13))))","v":1000000000000}]
["101",{"$f":"OFFSET(ORÇAMENTO!C$15,ROW(B121)-ROW(B$15),0)","v":"S"},{"$f":"OFFSET(ORÇAMENTO!L$15,ROW(C121)-ROW(C$15),0)","v":"F"},{"$f":"OFFSET(ORÇAMENTO!N$15,ROW(D121)-ROW(D$15),0)","v":"Serviço"},{"$f":"OFFSET(ORÇAMENTO!O$15,ROW(E121)-ROW(E$15),0)","v":"1.7.0.5."},{"$f":"OFFSET(ORÇAMENTO!R$15,ROW(F121)-ROW(F$15),0)","v":"DISJUNTOR BIPOLAR TIPO DIN, CORRENTE NOMINAL DE 16A - FORNECIMENTO E INSTALAÇÃO. AF_10/2020"},{"$f":"IF($D121<>\"Serviço\",\"\",OFFSET(ORÇAMENTO!S$15,ROW(G121)-ROW(G$15),0))","v":"UN"},{"$f":"IF($D121<>\"Serviço\",0,IF(ACOMPANHAMENTO=\"BM\",ROUND(OFFSET(ORÇAMENTO!AJ$15,ROW(H121)-ROW(H$15),0),15-13*ORÇAMENTO!$AF$7),SUMPRODUCT(($Q$12:$AA$12<>\"\")*ROUND($Q121:$AA121,15-13*ORÇAMENTO!$AF$7))))","v":1},null,null,null,".",{"$f":"IF($D121<>\"Serviço\",\"\",IF(AUTOEVENTO=\"manual\",$A121,IF(ISERROR(MATCH($A121,$A$15:OFFSET($A121,-1,0),0)),MAX($M$15:OFFSET(M121,-1,0))+1,INDEX($M$15:OFFSET(M121,-1,0),MATCH($A121,$A$15:OFFSET($A121,-1,0),0)))))","v":8},{"$f":"IF($D121<>\"Serviço\",\"\",IF(AUTOEVENTO=\"Manual\",IF($A121=0,\"<-- defina o número do agrupador\",OFFSET(EVENTOS!$D$14,$A121,0)),OFFSET($F$15,$A121,0)))","v":"INSTALAÇÕES ELÉTRICAS"},null,null,null,null,null,null,null,null,null,null,null,null,null,{"$f":"IF(AND($D121=\"Serviço\",AB$12<>0,$H121>0,OR(AUTOEVENTO<>\"manual\",$M121<>1)),\nIF(Import.TipoArredondamento<>\"TransfereGOV\",\nROUND(OFFSET($P121,0,AB$13),15-13*ORÇAMENTO!$AF$7)/$H121*OFFSET(ORÇAMENTO!$X$15,ROW(AB121)-ROW(AB$15),0),\nROUND(ROUND(OFFSET($P121,0,AB$13),15-13*ORÇAMENTO!$AF$7)*OFFSET(ORÇAMENTO!$W$15,ROW(AB121)-ROW(AB$15),0),15-13*ORÇAMENTO!$AF$11)),0)","v":0},{"$f":"IF(AND($D121=\"Serviço\",AC$12<>0,$H121>0,OR(AUTOEVENTO<>\"manual\",$M121<>1)),\nIF(Import.TipoArredondamento<>\"TransfereGOV\",\nROUND(OFFSET($P121,0,AC$13),15-13*ORÇAMENTO!$AF$7)/$H121*OFFSET(ORÇAMENTO!$X$15,ROW(AC121)-ROW(AC$15),0),\nROUND(ROUND(OFFSET($P121,0,AC$13),15-13*ORÇAMENTO!$AF$7)*OFFSET(ORÇAMENTO!$W$15,ROW(AC121)-ROW(AC$15),0),15-13*ORÇAMENTO!$AF$11)),0)","v":0},{"$f":"IF(AND($D121=\"Serviço\",AD$12<>0,$H121>0,OR(AUTOEVENTO<>\"manual\",$M121<>1)),\nIF(Import.TipoArredondamento<>\"TransfereGOV\",\nROUND(OFFSET($P121,0,AD$13),15-13*ORÇAMENTO!$AF$7)/$H121*OFFSET(ORÇAMENTO!$X$15,ROW(AD121)-ROW(AD$15),0),\nROUND(ROUND(OFFSET($P121,0,AD$13),15-13*ORÇAMENTO!$AF$7)*OFFSET(ORÇAMENTO!$W$15,ROW(AD121)-ROW(AD$15),0),15-13*ORÇAMENTO!$AF$11)),0)","v":0},{"$f":"IF(AND($D121=\"Serviço\",AE$12<>0,$H121>0,OR(AUTOEVENTO<>\"manual\",$M121<>1)),\nIF(Import.TipoArredondamento<>\"TransfereGOV\",\nROUND(OFFSET($P121,0,AE$13),15-13*ORÇAMENTO!$AF$7)/$H121*OFFSET(ORÇAMENTO!$X$15,ROW(AE121)-ROW(AE$15),0),\nROUND(ROUND(OFFSET($P121,0,AE$13),15-13*ORÇAMENTO!$AF$7)*OFFSET(ORÇAMENTO!$W$15,ROW(AE121)-ROW(AE$15),0),15-13*ORÇAMENTO!$AF$11)),0)","v":0},{"$f":"IF(AND($D121=\"Serviço\",AF$12<>0,$H121>0,OR(AUTOEVENTO<>\"manual\",$M121<>1)),\nIF(Import.TipoArredondamento<>\"TransfereGOV\",\nROUND(OFFSET($P121,0,AF$13),15-13*ORÇAMENTO!$AF$7)/$H121*OFFSET(ORÇAMENTO!$X$15,ROW(AF121)-ROW(AF$15),0),\nROUND(ROUND(OFFSET($P121,0,AF$13),15-13*ORÇAMENTO!$AF$7)*OFFSET(ORÇAMENTO!$W$15,ROW(AF121)-ROW(AF$15),0),15-13*ORÇAMENTO!$AF$11)),0)","v":0},{"$f":"IF(AND($D121=\"Serviço\",AG$12<>0,$H121>0,OR(AUTOEVENTO<>\"manual\",$M121<>1)),\nIF(Import.TipoArredondamento<>\"TransfereGOV\",\nROUND(OFFSET($P121,0,AG$13),15-13*ORÇAMENTO!$AF$7)/$H121*OFFSET(ORÇAMENTO!$X$15,ROW(AG121)-ROW(AG$15),0),\nROUND(ROUND(OFFSET($P121,0,AG$13),15-13*ORÇAMENTO!$AF$7)*OFFSET(ORÇAMENTO!$W$15,ROW(AG121)-ROW(AG$15),0),15-13*ORÇAMENTO!$AF$11)),0)","v":0},{"$f":"IF(AND($D121=\"Serviço\",AH$12<>0,$H121>0,OR(AUTOEVENTO<>\"manual\",$M121<>1)),\nIF(Import.TipoArredondamento<>\"TransfereGOV\",\nROUND(OFFSET($P121,0,AH$13),15-13*ORÇAMENTO!$AF$7)/$H121*OFFSET(ORÇAMENTO!$X$15,ROW(AH121)-ROW(AH$15),0),\nROUND(ROUND(OFFSET($P121,0,AH$13),15-13*ORÇAMENTO!$AF$7)*OFFSET(ORÇAMENTO!$W$15,ROW(AH121)-ROW(AH$15),0),15-13*ORÇAMENTO!$AF$11)),0)","v":0},{"$f":"IF(AND($D121=\"Serviço\",AI$12<>0,$H121>0,OR(AUTOEVENTO<>\"manual\",$M121<>1)),\nIF(Import.TipoArredondamento<>\"TransfereGOV\",\nROUND(OFFSET($P121,0,AI$13),15-13*ORÇAMENTO!$AF$7)/$H121*OFFSET(ORÇAMENTO!$X$15,ROW(AI121)-ROW(AI$15),0),\nROUND(ROUND(OFFSET($P121,0,AI$13),15-13*ORÇAMENTO!$AF$7)*OFFSET(ORÇAMENTO!$W$15,ROW(AI121)-ROW(AI$15),0),15-13*ORÇAMENTO!$AF$11)),0)","v":0},{"$f":"IF(AND($D121=\"Serviço\",AJ$12<>0,$H121>0,OR(AUTOEVENTO<>\"manual\",$M121<>1)),\nIF(Import.TipoArredondamento<>\"TransfereGOV\",\nROUND(OFFSET($P121,0,AJ$13),15-13*ORÇAMENTO!$AF$7)/$H121*OFFSET(ORÇAMENTO!$X$15,ROW(AJ121)-ROW(AJ$15),0),\nROUND(ROUND(OFFSET($P121,0,AJ$13),15-13*ORÇAMENTO!$AF$7)*OFFSET(ORÇAMENTO!$W$15,ROW(AJ121)-ROW(AJ$15),0),15-13*ORÇAMENTO!$AF$11)),0)","v":0},{"$f":"IF(AND($D121=\"Serviço\",AK$12<>0,$H121>0,OR(AUTOEVENTO<>\"manual\",$M121<>1)),\nIF(Import.TipoArredondamento<>\"TransfereGOV\",\nROUND(OFFSET($P121,0,AK$13),15-13*ORÇAMENTO!$AF$7)/$H121*OFFSET(ORÇAMENTO!$X$15,ROW(AK121)-ROW(AK$15),0),\nROUND(ROUND(OFFSET($P121,0,AK$13),15-13*ORÇAMENTO!$AF$7)*OFFSET(ORÇAMENTO!$W$15,ROW(AK121)-ROW(AK$15),0),15-13*ORÇAMENTO!$AF$11)),0)","v":0},null,{"$f":"IF($D121<>\"Serviço\",0,IF(AND(AUTOEVENTO=\"Manual\",$M121=1),0,IF(OFFSET(CRONOPLE!$F$14,$M121,AM$13)=\"\",10^12,OFFSET(CRONOPLE!$F$14,$M121,AM$13))))","v":1000000000000},{"$f":"IF($D121<>\"Serviço\",0,IF(AND(AUTOEVENTO=\"Manual\",$M121=1),0,IF(OFFSET(CRONOPLE!$F$14,$M121,AN$13)=\"\",10^12,OFFSET(CRONOPLE!$F$14,$M121,AN$13))))","v":1000000000000},{"$f":"IF($D121<>\"Serviço\",0,IF(AND(AUTOEVENTO=\"Manual\",$M121=1),0,IF(OFFSET(CRONOPLE!$F$14,$M121,AO$13)=\"\",10^12,OFFSET(CRONOPLE!$F$14,$M121,AO$13))))","v":1000000000000},{"$f":"IF($D121<>\"Serviço\",0,IF(AND(AUTOEVENTO=\"Manual\",$M121=1),0,IF(OFFSET(CRONOPLE!$F$14,$M121,AP$13)=\"\",10^12,OFFSET(CRONOPLE!$F$14,$M121,AP$13))))","v":1000000000000},{"$f":"IF($D121<>\"Serviço\",0,IF(AND(AUTOEVENTO=\"Manual\",$M121=1),0,IF(OFFSET(CRONOPLE!$F$14,$M121,AQ$13)=\"\",10^12,OFFSET(CRONOPLE!$F$14,$M121,AQ$13))))","v":1000000000000},{"$f":"IF($D121<>\"Serviço\",0,IF(AND(AUTOEVENTO=\"Manual\",$M121=1),0,IF(OFFSET(CRONOPLE!$F$14,$M121,AR$13)=\"\",10^12,OFFSET(CRONOPLE!$F$14,$M121,AR$13))))","v":1000000000000},{"$f":"IF($D121<>\"Serviço\",0,IF(AND(AUTOEVENTO=\"Manual\",$M121=1),0,IF(OFFSET(CRONOPLE!$F$14,$M121,AS$13)=\"\",10^12,OFFSET(CRONOPLE!$F$14,$M121,AS$13))))","v":1000000000000},{"$f":"IF($D121<>\"Serviço\",0,IF(AND(AUTOEVENTO=\"Manual\",$M121=1),0,IF(OFFSET(CRONOPLE!$F$14,$M121,AT$13)=\"\",10^12,OFFSET(CRONOPLE!$F$14,$M121,AT$13))))","v":1000000000000},{"$f":"IF($D121<>\"Serviço\",0,IF(AND(AUTOEVENTO=\"Manual\",$M121=1),0,IF(OFFSET(CRONOPLE!$F$14,$M121,AU$13)=\"\",10^12,OFFSET(CRONOPLE!$F$14,$M121,AU$13))))","v":1000000000000},{"$f":"IF($D121<>\"Serviço\",0,IF(AND(AUTOEVENTO=\"Manual\",$M121=1),0,IF(OFFSET(CRONOPLE!$F$14,$M121,AV$13)=\"\",10^12,OFFSET(CRONOPLE!$F$14,$M121,AV$13))))","v":1000000000000},null,{"$f":"IF($D121<>\"Serviço\",0,IF(OR(AND(AUTOEVENTO=\"Manual\",$M121=1),$M121>(ROW(PLE.lastrow)-ROW(PLE.firstrow))),0,IF(OFFSET(PLE!$G$14,$M121,AX$13)=\"\",10^12,OFFSET(PLE!$G$14,$M121,AX$13))))","v":1000000000000},{"$f":"IF($D121<>\"Serviço\",0,IF(OR(AND(AUTOEVENTO=\"Manual\",$M121=1),$M121>(ROW(PLE.lastrow)-ROW(PLE.firstrow))),0,IF(OFFSET(PLE!$G$14,$M121,AY$13)=\"\",10^12,OFFSET(PLE!$G$14,$M121,AY$13))))","v":1000000000000},{"$f":"IF($D121<>\"Serviço\",0,IF(OR(AND(AUTOEVENTO=\"Manual\",$M121=1),$M121>(ROW(PLE.lastrow)-ROW(PLE.firstrow))),0,IF(OFFSET(PLE!$G$14,$M121,AZ$13)=\"\",10^12,OFFSET(PLE!$G$14,$M121,AZ$13))))","v":1000000000000},{"$f":"IF($D121<>\"Serviço\",0,IF(OR(AND(AUTOEVENTO=\"Manual\",$M121=1),$M121>(ROW(PLE.lastrow)-ROW(PLE.firstrow))),0,IF(OFFSET(PLE!$G$14,$M121,BA$13)=\"\",10^12,OFFSET(PLE!$G$14,$M121,BA$13))))","v":1000000000000},{"$f":"IF($D121<>\"Serviço\",0,IF(OR(AND(AUTOEVENTO=\"Manual\",$M121=1),$M121>(ROW(PLE.lastrow)-ROW(PLE.firstrow))),0,IF(OFFSET(PLE!$G$14,$M121,BB$13)=\"\",10^12,OFFSET(PLE!$G$14,$M121,BB$13))))","v":1000000000000},{"$f":"IF($D121<>\"Serviço\",0,IF(OR(AND(AUTOEVENTO=\"Manual\",$M121=1),$M121>(ROW(PLE.lastrow)-ROW(PLE.firstrow))),0,IF(OFFSET(PLE!$G$14,$M121,BC$13)=\"\",10^12,OFFSET(PLE!$G$14,$M121,BC$13))))","v":1000000000000},{"$f":"IF($D121<>\"Serviço\",0,IF(OR(AND(AUTOEVENTO=\"Manual\",$M121=1),$M121>(ROW(PLE.lastrow)-ROW(PLE.firstrow))),0,IF(OFFSET(PLE!$G$14,$M121,BD$13)=\"\",10^12,OFFSET(PLE!$G$14,$M121,BD$13))))","v":1000000000000},{"$f":"IF($D121<>\"Serviço\",0,IF(OR(AND(AUTOEVENTO=\"Manual\",$M121=1),$M121>(ROW(PLE.lastrow)-ROW(PLE.firstrow))),0,IF(OFFSET(PLE!$G$14,$M121,BE$13)=\"\",10^12,OFFSET(PLE!$G$14,$M121,BE$13))))","v":1000000000000},{"$f":"IF($D121<>\"Serviço\",0,IF(OR(AND(AUTOEVENTO=\"Manual\",$M121=1),$M121>(ROW(PLE.lastrow)-ROW(PLE.firstrow))),0,IF(OFFSET(PLE!$G$14,$M121,BF$13)=\"\",10^12,OFFSET(PLE!$G$14,$M121,BF$13))))","v":1000000000000},{"$f":"IF($D121<>\"Serviço\",0,IF(OR(AND(AUTOEVENTO=\"Manual\",$M121=1),$M121>(ROW(PLE.lastrow)-ROW(PLE.firstrow))),0,IF(OFFSET(PLE!$G$14,$M121,BG$13)=\"\",10^12,OFFSET(PLE!$G$14,$M121,BG$13))))","v":1000000000000}]
["101",{"$f":"OFFSET(ORÇAMENTO!C$15,ROW(B122)-ROW(B$15),0)","v":"S"},{"$f":"OFFSET(ORÇAMENTO!L$15,ROW(C122)-ROW(C$15),0)","v":"F"},{"$f":"OFFSET(ORÇAMENTO!N$15,ROW(D122)-ROW(D$15),0)","v":"Serviço"},{"$f":"OFFSET(ORÇAMENTO!O$15,ROW(E122)-ROW(E$15),0)","v":"1.7.0.6."},{"$f":"OFFSET(ORÇAMENTO!R$15,ROW(F122)-ROW(F$15),0)","v":"DISJUNTOR BIPOLAR TIPO DIN, CORRENTE NOMINAL DE 20A - FORNECIMENTO E INSTALAÇÃO. AF_10/2020"},{"$f":"IF($D122<>\"Serviço\",\"\",OFFSET(ORÇAMENTO!S$15,ROW(G122)-ROW(G$15),0))","v":"UN"},{"$f":"IF($D122<>\"Serviço\",0,IF(ACOMPANHAMENTO=\"BM\",ROUND(OFFSET(ORÇAMENTO!AJ$15,ROW(H122)-ROW(H$15),0),15-13*ORÇAMENTO!$AF$7),SUMPRODUCT(($Q$12:$AA$12<>\"\")*ROUND($Q122:$AA122,15-13*ORÇAMENTO!$AF$7))))","v":2},null,null,null,".",{"$f":"IF($D122<>\"Serviço\",\"\",IF(AUTOEVENTO=\"manual\",$A122,IF(ISERROR(MATCH($A122,$A$15:OFFSET($A122,-1,0),0)),MAX($M$15:OFFSET(M122,-1,0))+1,INDEX($M$15:OFFSET(M122,-1,0),MATCH($A122,$A$15:OFFSET($A122,-1,0),0)))))","v":8},{"$f":"IF($D122<>\"Serviço\",\"\",IF(AUTOEVENTO=\"Manual\",IF($A122=0,\"<-- defina o número do agrupador\",OFFSET(EVENTOS!$D$14,$A122,0)),OFFSET($F$15,$A122,0)))","v":"INSTALAÇÕES ELÉTRICAS"},null,null,null,null,null,null,null,null,null,null,null,null,null,{"$f":"IF(AND($D122=\"Serviço\",AB$12<>0,$H122>0,OR(AUTOEVENTO<>\"manual\",$M122<>1)),\nIF(Import.TipoArredondamento<>\"TransfereGOV\",\nROUND(OFFSET($P122,0,AB$13),15-13*ORÇAMENTO!$AF$7)/$H122*OFFSET(ORÇAMENTO!$X$15,ROW(AB122)-ROW(AB$15),0),\nROUND(ROUND(OFFSET($P122,0,AB$13),15-13*ORÇAMENTO!$AF$7)*OFFSET(ORÇAMENTO!$W$15,ROW(AB122)-ROW(AB$15),0),15-13*ORÇAMENTO!$AF$11)),0)","v":0},{"$f":"IF(AND($D122=\"Serviço\",AC$12<>0,$H122>0,OR(AUTOEVENTO<>\"manual\",$M122<>1)),\nIF(Import.TipoArredondamento<>\"TransfereGOV\",\nROUND(OFFSET($P122,0,AC$13),15-13*ORÇAMENTO!$AF$7)/$H122*OFFSET(ORÇAMENTO!$X$15,ROW(AC122)-ROW(AC$15),0),\nROUND(ROUND(OFFSET($P122,0,AC$13),15-13*ORÇAMENTO!$AF$7)*OFFSET(ORÇAMENTO!$W$15,ROW(AC122)-ROW(AC$15),0),15-13*ORÇAMENTO!$AF$11)),0)","v":0},{"$f":"IF(AND($D122=\"Serviço\",AD$12<>0,$H122>0,OR(AUTOEVENTO<>\"manual\",$M122<>1)),\nIF(Import.TipoArredondamento<>\"TransfereGOV\",\nROUND(OFFSET($P122,0,AD$13),15-13*ORÇAMENTO!$AF$7)/$H122*OFFSET(ORÇAMENTO!$X$15,ROW(AD122)-ROW(AD$15),0),\nROUND(ROUND(OFFSET($P122,0,AD$13),15-13*ORÇAMENTO!$AF$7)*OFFSET(ORÇAMENTO!$W$15,ROW(AD122)-ROW(AD$15),0),15-13*ORÇAMENTO!$AF$11)),0)","v":0},{"$f":"IF(AND($D122=\"Serviço\",AE$12<>0,$H122>0,OR(AUTOEVENTO<>\"manual\",$M122<>1)),\nIF(Import.TipoArredondamento<>\"TransfereGOV\",\nROUND(OFFSET($P122,0,AE$13),15-13*ORÇAMENTO!$AF$7)/$H122*OFFSET(ORÇAMENTO!$X$15,ROW(AE122)-ROW(AE$15),0),\nROUND(ROUND(OFFSET($P122,0,AE$13),15-13*ORÇAMENTO!$AF$7)*OFFSET(ORÇAMENTO!$W$15,ROW(AE122)-ROW(AE$15),0),15-13*ORÇAMENTO!$AF$11)),0)","v":0},{"$f":"IF(AND($D122=\"Serviço\",AF$12<>0,$H122>0,OR(AUTOEVENTO<>\"manual\",$M122<>1)),\nIF(Import.TipoArredondamento<>\"TransfereGOV\",\nROUND(OFFSET($P122,0,AF$13),15-13*ORÇAMENTO!$AF$7)/$H122*OFFSET(ORÇAMENTO!$X$15,ROW(AF122)-ROW(AF$15),0),\nROUND(ROUND(OFFSET($P122,0,AF$13),15-13*ORÇAMENTO!$AF$7)*OFFSET(ORÇAMENTO!$W$15,ROW(AF122)-ROW(AF$15),0),15-13*ORÇAMENTO!$AF$11)),0)","v":0},{"$f":"IF(AND($D122=\"Serviço\",AG$12<>0,$H122>0,OR(AUTOEVENTO<>\"manual\",$M122<>1)),\nIF(Import.TipoArredondamento<>\"TransfereGOV\",\nROUND(OFFSET($P122,0,AG$13),15-13*ORÇAMENTO!$AF$7)/$H122*OFFSET(ORÇAMENTO!$X$15,ROW(AG122)-ROW(AG$15),0),\nROUND(ROUND(OFFSET($P122,0,AG$13),15-13*ORÇAMENTO!$AF$7)*OFFSET(ORÇAMENTO!$W$15,ROW(AG122)-ROW(AG$15),0),15-13*ORÇAMENTO!$AF$11)),0)","v":0},{"$f":"IF(AND($D122=\"Serviço\",AH$12<>0,$H122>0,OR(AUTOEVENTO<>\"manual\",$M122<>1)),\nIF(Import.TipoArredondamento<>\"TransfereGOV\",\nROUND(OFFSET($P122,0,AH$13),15-13*ORÇAMENTO!$AF$7)/$H122*OFFSET(ORÇAMENTO!$X$15,ROW(AH122)-ROW(AH$15),0),\nROUND(ROUND(OFFSET($P122,0,AH$13),15-13*ORÇAMENTO!$AF$7)*OFFSET(ORÇAMENTO!$W$15,ROW(AH122)-ROW(AH$15),0),15-13*ORÇAMENTO!$AF$11)),0)","v":0},{"$f":"IF(AND($D122=\"Serviço\",AI$12<>0,$H122>0,OR(AUTOEVENTO<>\"manual\",$M122<>1)),\nIF(Import.TipoArredondamento<>\"TransfereGOV\",\nROUND(OFFSET($P122,0,AI$13),15-13*ORÇAMENTO!$AF$7)/$H122*OFFSET(ORÇAMENTO!$X$15,ROW(AI122)-ROW(AI$15),0),\nROUND(ROUND(OFFSET($P122,0,AI$13),15-13*ORÇAMENTO!$AF$7)*OFFSET(ORÇAMENTO!$W$15,ROW(AI122)-ROW(AI$15),0),15-13*ORÇAMENTO!$AF$11)),0)","v":0},{"$f":"IF(AND($D122=\"Serviço\",AJ$12<>0,$H122>0,OR(AUTOEVENTO<>\"manual\",$M122<>1)),\nIF(Import.TipoArredondamento<>\"TransfereGOV\",\nROUND(OFFSET($P122,0,AJ$13),15-13*ORÇAMENTO!$AF$7)/$H122*OFFSET(ORÇAMENTO!$X$15,ROW(AJ122)-ROW(AJ$15),0),\nROUND(ROUND(OFFSET($P122,0,AJ$13),15-13*ORÇAMENTO!$AF$7)*OFFSET(ORÇAMENTO!$W$15,ROW(AJ122)-ROW(AJ$15),0),15-13*ORÇAMENTO!$AF$11)),0)","v":0},{"$f":"IF(AND($D122=\"Serviço\",AK$12<>0,$H122>0,OR(AUTOEVENTO<>\"manual\",$M122<>1)),\nIF(Import.TipoArredondamento<>\"TransfereGOV\",\nROUND(OFFSET($P122,0,AK$13),15-13*ORÇAMENTO!$AF$7)/$H122*OFFSET(ORÇAMENTO!$X$15,ROW(AK122)-ROW(AK$15),0),\nROUND(ROUND(OFFSET($P122,0,AK$13),15-13*ORÇAMENTO!$AF$7)*OFFSET(ORÇAMENTO!$W$15,ROW(AK122)-ROW(AK$15),0),15-13*ORÇAMENTO!$AF$11)),0)","v":0},null,{"$f":"IF($D122<>\"Serviço\",0,IF(AND(AUTOEVENTO=\"Manual\",$M122=1),0,IF(OFFSET(CRONOPLE!$F$14,$M122,AM$13)=\"\",10^12,OFFSET(CRONOPLE!$F$14,$M122,AM$13))))","v":1000000000000},{"$f":"IF($D122<>\"Serviço\",0,IF(AND(AUTOEVENTO=\"Manual\",$M122=1),0,IF(OFFSET(CRONOPLE!$F$14,$M122,AN$13)=\"\",10^12,OFFSET(CRONOPLE!$F$14,$M122,AN$13))))","v":1000000000000},{"$f":"IF($D122<>\"Serviço\",0,IF(AND(AUTOEVENTO=\"Manual\",$M122=1),0,IF(OFFSET(CRONOPLE!$F$14,$M122,AO$13)=\"\",10^12,OFFSET(CRONOPLE!$F$14,$M122,AO$13))))","v":1000000000000},{"$f":"IF($D122<>\"Serviço\",0,IF(AND(AUTOEVENTO=\"Manual\",$M122=1),0,IF(OFFSET(CRONOPLE!$F$14,$M122,AP$13)=\"\",10^12,OFFSET(CRONOPLE!$F$14,$M122,AP$13))))","v":1000000000000},{"$f":"IF($D122<>\"Serviço\",0,IF(AND(AUTOEVENTO=\"Manual\",$M122=1),0,IF(OFFSET(CRONOPLE!$F$14,$M122,AQ$13)=\"\",10^12,OFFSET(CRONOPLE!$F$14,$M122,AQ$13))))","v":1000000000000},{"$f":"IF($D122<>\"Serviço\",0,IF(AND(AUTOEVENTO=\"Manual\",$M122=1),0,IF(OFFSET(CRONOPLE!$F$14,$M122,AR$13)=\"\",10^12,OFFSET(CRONOPLE!$F$14,$M122,AR$13))))","v":1000000000000},{"$f":"IF($D122<>\"Serviço\",0,IF(AND(AUTOEVENTO=\"Manual\",$M122=1),0,IF(OFFSET(CRONOPLE!$F$14,$M122,AS$13)=\"\",10^12,OFFSET(CRONOPLE!$F$14,$M122,AS$13))))","v":1000000000000},{"$f":"IF($D122<>\"Serviço\",0,IF(AND(AUTOEVENTO=\"Manual\",$M122=1),0,IF(OFFSET(CRONOPLE!$F$14,$M122,AT$13)=\"\",10^12,OFFSET(CRONOPLE!$F$14,$M122,AT$13))))","v":1000000000000},{"$f":"IF($D122<>\"Serviço\",0,IF(AND(AUTOEVENTO=\"Manual\",$M122=1),0,IF(OFFSET(CRONOPLE!$F$14,$M122,AU$13)=\"\",10^12,OFFSET(CRONOPLE!$F$14,$M122,AU$13))))","v":1000000000000},{"$f":"IF($D122<>\"Serviço\",0,IF(AND(AUTOEVENTO=\"Manual\",$M122=1),0,IF(OFFSET(CRONOPLE!$F$14,$M122,AV$13)=\"\",10^12,OFFSET(CRONOPLE!$F$14,$M122,AV$13))))","v":1000000000000},null,{"$f":"IF($D122<>\"Serviço\",0,IF(OR(AND(AUTOEVENTO=\"Manual\",$M122=1),$M122>(ROW(PLE.lastrow)-ROW(PLE.firstrow))),0,IF(OFFSET(PLE!$G$14,$M122,AX$13)=\"\",10^12,OFFSET(PLE!$G$14,$M122,AX$13))))","v":1000000000000},{"$f":"IF($D122<>\"Serviço\",0,IF(OR(AND(AUTOEVENTO=\"Manual\",$M122=1),$M122>(ROW(PLE.lastrow)-ROW(PLE.firstrow))),0,IF(OFFSET(PLE!$G$14,$M122,AY$13)=\"\",10^12,OFFSET(PLE!$G$14,$M122,AY$13))))","v":1000000000000},{"$f":"IF($D122<>\"Serviço\",0,IF(OR(AND(AUTOEVENTO=\"Manual\",$M122=1),$M122>(ROW(PLE.lastrow)-ROW(PLE.firstrow))),0,IF(OFFSET(PLE!$G$14,$M122,AZ$13)=\"\",10^12,OFFSET(PLE!$G$14,$M122,AZ$13))))","v":1000000000000},{"$f":"IF($D122<>\"Serviço\",0,IF(OR(AND(AUTOEVENTO=\"Manual\",$M122=1),$M122>(ROW(PLE.lastrow)-ROW(PLE.firstrow))),0,IF(OFFSET(PLE!$G$14,$M122,BA$13)=\"\",10^12,OFFSET(PLE!$G$14,$M122,BA$13))))","v":1000000000000},{"$f":"IF($D122<>\"Serviço\",0,IF(OR(AND(AUTOEVENTO=\"Manual\",$M122=1),$M122>(ROW(PLE.lastrow)-ROW(PLE.firstrow))),0,IF(OFFSET(PLE!$G$14,$M122,BB$13)=\"\",10^12,OFFSET(PLE!$G$14,$M122,BB$13))))","v":1000000000000},{"$f":"IF($D122<>\"Serviço\",0,IF(OR(AND(AUTOEVENTO=\"Manual\",$M122=1),$M122>(ROW(PLE.lastrow)-ROW(PLE.firstrow))),0,IF(OFFSET(PLE!$G$14,$M122,BC$13)=\"\",10^12,OFFSET(PLE!$G$14,$M122,BC$13))))","v":1000000000000},{"$f":"IF($D122<>\"Serviço\",0,IF(OR(AND(AUTOEVENTO=\"Manual\",$M122=1),$M122>(ROW(PLE.lastrow)-ROW(PLE.firstrow))),0,IF(OFFSET(PLE!$G$14,$M122,BD$13)=\"\",10^12,OFFSET(PLE!$G$14,$M122,BD$13))))","v":1000000000000},{"$f":"IF($D122<>\"Serviço\",0,IF(OR(AND(AUTOEVENTO=\"Manual\",$M122=1),$M122>(ROW(PLE.lastrow)-ROW(PLE.firstrow))),0,IF(OFFSET(PLE!$G$14,$M122,BE$13)=\"\",10^12,OFFSET(PLE!$G$14,$M122,BE$13))))","v":1000000000000},{"$f":"IF($D122<>\"Serviço\",0,IF(OR(AND(AUTOEVENTO=\"Manual\",$M122=1),$M122>(ROW(PLE.lastrow)-ROW(PLE.firstrow))),0,IF(OFFSET(PLE!$G$14,$M122,BF$13)=\"\",10^12,OFFSET(PLE!$G$14,$M122,BF$13))))","v":1000000000000},{"$f":"IF($D122<>\"Serviço\",0,IF(OR(AND(AUTOEVENTO=\"Manual\",$M122=1),$M122>(ROW(PLE.lastrow)-ROW(PLE.firstrow))),0,IF(OFFSET(PLE!$G$14,$M122,BG$13)=\"\",10^12,OFFSET(PLE!$G$14,$M122,BG$13))))","v":1000000000000}]
["101",{"$f":"OFFSET(ORÇAMENTO!C$15,ROW(B123)-ROW(B$15),0)","v":"S"},{"$f":"OFFSET(ORÇAMENTO!L$15,ROW(C123)-ROW(C$15),0)","v":"F"},{"$f":"OFFSET(ORÇAMENTO!N$15,ROW(D123)-ROW(D$15),0)","v":"Serviço"},{"$f":"OFFSET(ORÇAMENTO!O$15,ROW(E123)-ROW(E$15),0)","v":"1.7.0.7."},{"$f":"OFFSET(ORÇAMENTO!R$15,ROW(F123)-ROW(F$15),0)","v":"INTERRUPTOR SIMPLES (1 MÓDULO), 10A/250V, INCLUINDO SUPORTE E PLACA - FORNECIMENTO E INSTALAÇÃO. AF_03/2023"},{"$f":"IF($D123<>\"Serviço\",\"\",OFFSET(ORÇAMENTO!S$15,ROW(G123)-ROW(G$15),0))","v":"UN"},{"$f":"IF($D123<>\"Serviço\",0,IF(ACOMPANHAMENTO=\"BM\",ROUND(OFFSET(ORÇAMENTO!AJ$15,ROW(H123)-ROW(H$15),0),15-13*ORÇAMENTO!$AF$7),SUMPRODUCT(($Q$12:$AA$12<>\"\")*ROUND($Q123:$AA123,15-13*ORÇAMENTO!$AF$7))))","v":2},null,null,null,".",{"$f":"IF($D123<>\"Serviço\",\"\",IF(AUTOEVENTO=\"manual\",$A123,IF(ISERROR(MATCH($A123,$A$15:OFFSET($A123,-1,0),0)),MAX($M$15:OFFSET(M123,-1,0))+1,INDEX($M$15:OFFSET(M123,-1,0),MATCH($A123,$A$15:OFFSET($A123,-1,0),0)))))","v":8},{"$f":"IF($D123<>\"Serviço\",\"\",IF(AUTOEVENTO=\"Manual\",IF($A123=0,\"<-- defina o número do agrupador\",OFFSET(EVENTOS!$D$14,$A123,0)),OFFSET($F$15,$A123,0)))","v":"INSTALAÇÕES ELÉTRICAS"},null,null,null,null,null,null,null,null,null,null,null,null,null,{"$f":"IF(AND($D123=\"Serviço\",AB$12<>0,$H123>0,OR(AUTOEVENTO<>\"manual\",$M123<>1)),\nIF(Import.TipoArredondamento<>\"TransfereGOV\",\nROUND(OFFSET($P123,0,AB$13),15-13*ORÇAMENTO!$AF$7)/$H123*OFFSET(ORÇAMENTO!$X$15,ROW(AB123)-ROW(AB$15),0),\nROUND(ROUND(OFFSET($P123,0,AB$13),15-13*ORÇAMENTO!$AF$7)*OFFSET(ORÇAMENTO!$W$15,ROW(AB123)-ROW(AB$15),0),15-13*ORÇAMENTO!$AF$11)),0)","v":0},{"$f":"IF(AND($D123=\"Serviço\",AC$12<>0,$H123>0,OR(AUTOEVENTO<>\"manual\",$M123<>1)),\nIF(Import.TipoArredondamento<>\"TransfereGOV\",\nROUND(OFFSET($P123,0,AC$13),15-13*ORÇAMENTO!$AF$7)/$H123*OFFSET(ORÇAMENTO!$X$15,ROW(AC123)-ROW(AC$15),0),\nROUND(ROUND(OFFSET($P123,0,AC$13),15-13*ORÇAMENTO!$AF$7)*OFFSET(ORÇAMENTO!$W$15,ROW(AC123)-ROW(AC$15),0),15-13*ORÇAMENTO!$AF$11)),0)","v":0},{"$f":"IF(AND($D123=\"Serviço\",AD$12<>0,$H123>0,OR(AUTOEVENTO<>\"manual\",$M123<>1)),\nIF(Import.TipoArredondamento<>\"TransfereGOV\",\nROUND(OFFSET($P123,0,AD$13),15-13*ORÇAMENTO!$AF$7)/$H123*OFFSET(ORÇAMENTO!$X$15,ROW(AD123)-ROW(AD$15),0),\nROUND(ROUND(OFFSET($P123,0,AD$13),15-13*ORÇAMENTO!$AF$7)*OFFSET(ORÇAMENTO!$W$15,ROW(AD123)-ROW(AD$15),0),15-13*ORÇAMENTO!$AF$11)),0)","v":0},{"$f":"IF(AND($D123=\"Serviço\",AE$12<>0,$H123>0,OR(AUTOEVENTO<>\"manual\",$M123<>1)),\nIF(Import.TipoArredondamento<>\"TransfereGOV\",\nROUND(OFFSET($P123,0,AE$13),15-13*ORÇAMENTO!$AF$7)/$H123*OFFSET(ORÇAMENTO!$X$15,ROW(AE123)-ROW(AE$15),0),\nROUND(ROUND(OFFSET($P123,0,AE$13),15-13*ORÇAMENTO!$AF$7)*OFFSET(ORÇAMENTO!$W$15,ROW(AE123)-ROW(AE$15),0),15-13*ORÇAMENTO!$AF$11)),0)","v":0},{"$f":"IF(AND($D123=\"Serviço\",AF$12<>0,$H123>0,OR(AUTOEVENTO<>\"manual\",$M123<>1)),\nIF(Import.TipoArredondamento<>\"TransfereGOV\",\nROUND(OFFSET($P123,0,AF$13),15-13*ORÇAMENTO!$AF$7)/$H123*OFFSET(ORÇAMENTO!$X$15,ROW(AF123)-ROW(AF$15),0),\nROUND(ROUND(OFFSET($P123,0,AF$13),15-13*ORÇAMENTO!$AF$7)*OFFSET(ORÇAMENTO!$W$15,ROW(AF123)-ROW(AF$15),0),15-13*ORÇAMENTO!$AF$11)),0)","v":0},{"$f":"IF(AND($D123=\"Serviço\",AG$12<>0,$H123>0,OR(AUTOEVENTO<>\"manual\",$M123<>1)),\nIF(Import.TipoArredondamento<>\"TransfereGOV\",\nROUND(OFFSET($P123,0,AG$13),15-13*ORÇAMENTO!$AF$7)/$H123*OFFSET(ORÇAMENTO!$X$15,ROW(AG123)-ROW(AG$15),0),\nROUND(ROUND(OFFSET($P123,0,AG$13),15-13*ORÇAMENTO!$AF$7)*OFFSET(ORÇAMENTO!$W$15,ROW(AG123)-ROW(AG$15),0),15-13*ORÇAMENTO!$AF$11)),0)","v":0},{"$f":"IF(AND($D123=\"Serviço\",AH$12<>0,$H123>0,OR(AUTOEVENTO<>\"manual\",$M123<>1)),\nIF(Import.TipoArredondamento<>\"TransfereGOV\",\nROUND(OFFSET($P123,0,AH$13),15-13*ORÇAMENTO!$AF$7)/$H123*OFFSET(ORÇAMENTO!$X$15,ROW(AH123)-ROW(AH$15),0),\nROUND(ROUND(OFFSET($P123,0,AH$13),15-13*ORÇAMENTO!$AF$7)*OFFSET(ORÇAMENTO!$W$15,ROW(AH123)-ROW(AH$15),0),15-13*ORÇAMENTO!$AF$11)),0)","v":0},{"$f":"IF(AND($D123=\"Serviço\",AI$12<>0,$H123>0,OR(AUTOEVENTO<>\"manual\",$M123<>1)),\nIF(Import.TipoArredondamento<>\"TransfereGOV\",\nROUND(OFFSET($P123,0,AI$13),15-13*ORÇAMENTO!$AF$7)/$H123*OFFSET(ORÇAMENTO!$X$15,ROW(AI123)-ROW(AI$15),0),\nROUND(ROUND(OFFSET($P123,0,AI$13),15-13*ORÇAMENTO!$AF$7)*OFFSET(ORÇAMENTO!$W$15,ROW(AI123)-ROW(AI$15),0),15-13*ORÇAMENTO!$AF$11)),0)","v":0},{"$f":"IF(AND($D123=\"Serviço\",AJ$12<>0,$H123>0,OR(AUTOEVENTO<>\"manual\",$M123<>1)),\nIF(Import.TipoArredondamento<>\"TransfereGOV\",\nROUND(OFFSET($P123,0,AJ$13),15-13*ORÇAMENTO!$AF$7)/$H123*OFFSET(ORÇAMENTO!$X$15,ROW(AJ123)-ROW(AJ$15),0),\nROUND(ROUND(OFFSET($P123,0,AJ$13),15-13*ORÇAMENTO!$AF$7)*OFFSET(ORÇAMENTO!$W$15,ROW(AJ123)-ROW(AJ$15),0),15-13*ORÇAMENTO!$AF$11)),0)","v":0},{"$f":"IF(AND($D123=\"Serviço\",AK$12<>0,$H123>0,OR(AUTOEVENTO<>\"manual\",$M123<>1)),\nIF(Import.TipoArredondamento<>\"TransfereGOV\",\nROUND(OFFSET($P123,0,AK$13),15-13*ORÇAMENTO!$AF$7)/$H123*OFFSET(ORÇAMENTO!$X$15,ROW(AK123)-ROW(AK$15),0),\nROUND(ROUND(OFFSET($P123,0,AK$13),15-13*ORÇAMENTO!$AF$7)*OFFSET(ORÇAMENTO!$W$15,ROW(AK123)-ROW(AK$15),0),15-13*ORÇAMENTO!$AF$11)),0)","v":0},null,{"$f":"IF($D123<>\"Serviço\",0,IF(AND(AUTOEVENTO=\"Manual\",$M123=1),0,IF(OFFSET(CRONOPLE!$F$14,$M123,AM$13)=\"\",10^12,OFFSET(CRONOPLE!$F$14,$M123,AM$13))))","v":1000000000000},{"$f":"IF($D123<>\"Serviço\",0,IF(AND(AUTOEVENTO=\"Manual\",$M123=1),0,IF(OFFSET(CRONOPLE!$F$14,$M123,AN$13)=\"\",10^12,OFFSET(CRONOPLE!$F$14,$M123,AN$13))))","v":1000000000000},{"$f":"IF($D123<>\"Serviço\",0,IF(AND(AUTOEVENTO=\"Manual\",$M123=1),0,IF(OFFSET(CRONOPLE!$F$14,$M123,AO$13)=\"\",10^12,OFFSET(CRONOPLE!$F$14,$M123,AO$13))))","v":1000000000000},{"$f":"IF($D123<>\"Serviço\",0,IF(AND(AUTOEVENTO=\"Manual\",$M123=1),0,IF(OFFSET(CRONOPLE!$F$14,$M123,AP$13)=\"\",10^12,OFFSET(CRONOPLE!$F$14,$M123,AP$13))))","v":1000000000000},{"$f":"IF($D123<>\"Serviço\",0,IF(AND(AUTOEVENTO=\"Manual\",$M123=1),0,IF(OFFSET(CRONOPLE!$F$14,$M123,AQ$13)=\"\",10^12,OFFSET(CRONOPLE!$F$14,$M123,AQ$13))))","v":1000000000000},{"$f":"IF($D123<>\"Serviço\",0,IF(AND(AUTOEVENTO=\"Manual\",$M123=1),0,IF(OFFSET(CRONOPLE!$F$14,$M123,AR$13)=\"\",10^12,OFFSET(CRONOPLE!$F$14,$M123,AR$13))))","v":1000000000000},{"$f":"IF($D123<>\"Serviço\",0,IF(AND(AUTOEVENTO=\"Manual\",$M123=1),0,IF(OFFSET(CRONOPLE!$F$14,$M123,AS$13)=\"\",10^12,OFFSET(CRONOPLE!$F$14,$M123,AS$13))))","v":1000000000000},{"$f":"IF($D123<>\"Serviço\",0,IF(AND(AUTOEVENTO=\"Manual\",$M123=1),0,IF(OFFSET(CRONOPLE!$F$14,$M123,AT$13)=\"\",10^12,OFFSET(CRONOPLE!$F$14,$M123,AT$13))))","v":1000000000000},{"$f":"IF($D123<>\"Serviço\",0,IF(AND(AUTOEVENTO=\"Manual\",$M123=1),0,IF(OFFSET(CRONOPLE!$F$14,$M123,AU$13)=\"\",10^12,OFFSET(CRONOPLE!$F$14,$M123,AU$13))))","v":1000000000000},{"$f":"IF($D123<>\"Serviço\",0,IF(AND(AUTOEVENTO=\"Manual\",$M123=1),0,IF(OFFSET(CRONOPLE!$F$14,$M123,AV$13)=\"\",10^12,OFFSET(CRONOPLE!$F$14,$M123,AV$13))))","v":1000000000000},null,{"$f":"IF($D123<>\"Serviço\",0,IF(OR(AND(AUTOEVENTO=\"Manual\",$M123=1),$M123>(ROW(PLE.lastrow)-ROW(PLE.firstrow))),0,IF(OFFSET(PLE!$G$14,$M123,AX$13)=\"\",10^12,OFFSET(PLE!$G$14,$M123,AX$13))))","v":1000000000000},{"$f":"IF($D123<>\"Serviço\",0,IF(OR(AND(AUTOEVENTO=\"Manual\",$M123=1),$M123>(ROW(PLE.lastrow)-ROW(PLE.firstrow))),0,IF(OFFSET(PLE!$G$14,$M123,AY$13)=\"\",10^12,OFFSET(PLE!$G$14,$M123,AY$13))))","v":1000000000000},{"$f":"IF($D123<>\"Serviço\",0,IF(OR(AND(AUTOEVENTO=\"Manual\",$M123=1),$M123>(ROW(PLE.lastrow)-ROW(PLE.firstrow))),0,IF(OFFSET(PLE!$G$14,$M123,AZ$13)=\"\",10^12,OFFSET(PLE!$G$14,$M123,AZ$13))))","v":1000000000000},{"$f":"IF($D123<>\"Serviço\",0,IF(OR(AND(AUTOEVENTO=\"Manual\",$M123=1),$M123>(ROW(PLE.lastrow)-ROW(PLE.firstrow))),0,IF(OFFSET(PLE!$G$14,$M123,BA$13)=\"\",10^12,OFFSET(PLE!$G$14,$M123,BA$13))))","v":1000000000000},{"$f":"IF($D123<>\"Serviço\",0,IF(OR(AND(AUTOEVENTO=\"Manual\",$M123=1),$M123>(ROW(PLE.lastrow)-ROW(PLE.firstrow))),0,IF(OFFSET(PLE!$G$14,$M123,BB$13)=\"\",10^12,OFFSET(PLE!$G$14,$M123,BB$13))))","v":1000000000000},{"$f":"IF($D123<>\"Serviço\",0,IF(OR(AND(AUTOEVENTO=\"Manual\",$M123=1),$M123>(ROW(PLE.lastrow)-ROW(PLE.firstrow))),0,IF(OFFSET(PLE!$G$14,$M123,BC$13)=\"\",10^12,OFFSET(PLE!$G$14,$M123,BC$13))))","v":1000000000000},{"$f":"IF($D123<>\"Serviço\",0,IF(OR(AND(AUTOEVENTO=\"Manual\",$M123=1),$M123>(ROW(PLE.lastrow)-ROW(PLE.firstrow))),0,IF(OFFSET(PLE!$G$14,$M123,BD$13)=\"\",10^12,OFFSET(PLE!$G$14,$M123,BD$13))))","v":1000000000000},{"$f":"IF($D123<>\"Serviço\",0,IF(OR(AND(AUTOEVENTO=\"Manual\",$M123=1),$M123>(ROW(PLE.lastrow)-ROW(PLE.firstrow))),0,IF(OFFSET(PLE!$G$14,$M123,BE$13)=\"\",10^12,OFFSET(PLE!$G$14,$M123,BE$13))))","v":1000000000000},{"$f":"IF($D123<>\"Serviço\",0,IF(OR(AND(AUTOEVENTO=\"Manual\",$M123=1),$M123>(ROW(PLE.lastrow)-ROW(PLE.firstrow))),0,IF(OFFSET(PLE!$G$14,$M123,BF$13)=\"\",10^12,OFFSET(PLE!$G$14,$M123,BF$13))))","v":1000000000000},{"$f":"IF($D123<>\"Serviço\",0,IF(OR(AND(AUTOEVENTO=\"Manual\",$M123=1),$M123>(ROW(PLE.lastrow)-ROW(PLE.firstrow))),0,IF(OFFSET(PLE!$G$14,$M123,BG$13)=\"\",10^12,OFFSET(PLE!$G$14,$M123,BG$13))))","v":1000000000000}]
["101",{"$f":"OFFSET(ORÇAMENTO!C$15,ROW(B124)-ROW(B$15),0)","v":"S"},{"$f":"OFFSET(ORÇAMENTO!L$15,ROW(C124)-ROW(C$15),0)","v":"F"},{"$f":"OFFSET(ORÇAMENTO!N$15,ROW(D124)-ROW(D$15),0)","v":"Serviço"},{"$f":"OFFSET(ORÇAMENTO!O$15,ROW(E124)-ROW(E$15),0)","v":"1.7.0.8."},{"$f":"OFFSET(ORÇAMENTO!R$15,ROW(F124)-ROW(F$15),0)","v":"INTERRUPTOR PARALELO (1 MÓDULO), 10A/250V, INCLUINDO SUPORTE E PLACA - FORNECIMENTO E INSTALAÇÃO. AF_03/2023"},{"$f":"IF($D124<>\"Serviço\",\"\",OFFSET(ORÇAMENTO!S$15,ROW(G124)-ROW(G$15),0))","v":"UN"},{"$f":"IF($D124<>\"Serviço\",0,IF(ACOMPANHAMENTO=\"BM\",ROUND(OFFSET(ORÇAMENTO!AJ$15,ROW(H124)-ROW(H$15),0),15-13*ORÇAMENTO!$AF$7),SUMPRODUCT(($Q$12:$AA$12<>\"\")*ROUND($Q124:$AA124,15-13*ORÇAMENTO!$AF$7))))","v":1},null,null,null,".",{"$f":"IF($D124<>\"Serviço\",\"\",IF(AUTOEVENTO=\"manual\",$A124,IF(ISERROR(MATCH($A124,$A$15:OFFSET($A124,-1,0),0)),MAX($M$15:OFFSET(M124,-1,0))+1,INDEX($M$15:OFFSET(M124,-1,0),MATCH($A124,$A$15:OFFSET($A124,-1,0),0)))))","v":8},{"$f":"IF($D124<>\"Serviço\",\"\",IF(AUTOEVENTO=\"Manual\",IF($A124=0,\"<-- defina o número do agrupador\",OFFSET(EVENTOS!$D$14,$A124,0)),OFFSET($F$15,$A124,0)))","v":"INSTALAÇÕES ELÉTRICAS"},null,null,null,null,null,null,null,null,null,null,null,null,null,{"$f":"IF(AND($D124=\"Serviço\",AB$12<>0,$H124>0,OR(AUTOEVENTO<>\"manual\",$M124<>1)),\nIF(Import.TipoArredondamento<>\"TransfereGOV\",\nROUND(OFFSET($P124,0,AB$13),15-13*ORÇAMENTO!$AF$7)/$H124*OFFSET(ORÇAMENTO!$X$15,ROW(AB124)-ROW(AB$15),0),\nROUND(ROUND(OFFSET($P124,0,AB$13),15-13*ORÇAMENTO!$AF$7)*OFFSET(ORÇAMENTO!$W$15,ROW(AB124)-ROW(AB$15),0),15-13*ORÇAMENTO!$AF$11)),0)","v":0},{"$f":"IF(AND($D124=\"Serviço\",AC$12<>0,$H124>0,OR(AUTOEVENTO<>\"manual\",$M124<>1)),\nIF(Import.TipoArredondamento<>\"TransfereGOV\",\nROUND(OFFSET($P124,0,AC$13),15-13*ORÇAMENTO!$AF$7)/$H124*OFFSET(ORÇAMENTO!$X$15,ROW(AC124)-ROW(AC$15),0),\nROUND(ROUND(OFFSET($P124,0,AC$13),15-13*ORÇAMENTO!$AF$7)*OFFSET(ORÇAMENTO!$W$15,ROW(AC124)-ROW(AC$15),0),15-13*ORÇAMENTO!$AF$11)),0)","v":0},{"$f":"IF(AND($D124=\"Serviço\",AD$12<>0,$H124>0,OR(AUTOEVENTO<>\"manual\",$M124<>1)),\nIF(Import.TipoArredondamento<>\"TransfereGOV\",\nROUND(OFFSET($P124,0,AD$13),15-13*ORÇAMENTO!$AF$7)/$H124*OFFSET(ORÇAMENTO!$X$15,ROW(AD124)-ROW(AD$15),0),\nROUND(ROUND(OFFSET($P124,0,AD$13),15-13*ORÇAMENTO!$AF$7)*OFFSET(ORÇAMENTO!$W$15,ROW(AD124)-ROW(AD$15),0),15-13*ORÇAMENTO!$AF$11)),0)","v":0},{"$f":"IF(AND($D124=\"Serviço\",AE$12<>0,$H124>0,OR(AUTOEVENTO<>\"manual\",$M124<>1)),\nIF(Import.TipoArredondamento<>\"TransfereGOV\",\nROUND(OFFSET($P124,0,AE$13),15-13*ORÇAMENTO!$AF$7)/$H124*OFFSET(ORÇAMENTO!$X$15,ROW(AE124)-ROW(AE$15),0),\nROUND(ROUND(OFFSET($P124,0,AE$13),15-13*ORÇAMENTO!$AF$7)*OFFSET(ORÇAMENTO!$W$15,ROW(AE124)-ROW(AE$15),0),15-13*ORÇAMENTO!$AF$11)),0)","v":0},{"$f":"IF(AND($D124=\"Serviço\",AF$12<>0,$H124>0,OR(AUTOEVENTO<>\"manual\",$M124<>1)),\nIF(Import.TipoArredondamento<>\"TransfereGOV\",\nROUND(OFFSET($P124,0,AF$13),15-13*ORÇAMENTO!$AF$7)/$H124*OFFSET(ORÇAMENTO!$X$15,ROW(AF124)-ROW(AF$15),0),\nROUND(ROUND(OFFSET($P124,0,AF$13),15-13*ORÇAMENTO!$AF$7)*OFFSET(ORÇAMENTO!$W$15,ROW(AF124)-ROW(AF$15),0),15-13*ORÇAMENTO!$AF$11)),0)","v":0},{"$f":"IF(AND($D124=\"Serviço\",AG$12<>0,$H124>0,OR(AUTOEVENTO<>\"manual\",$M124<>1)),\nIF(Import.TipoArredondamento<>\"TransfereGOV\",\nROUND(OFFSET($P124,0,AG$13),15-13*ORÇAMENTO!$AF$7)/$H124*OFFSET(ORÇAMENTO!$X$15,ROW(AG124)-ROW(AG$15),0),\nROUND(ROUND(OFFSET($P124,0,AG$13),15-13*ORÇAMENTO!$AF$7)*OFFSET(ORÇAMENTO!$W$15,ROW(AG124)-ROW(AG$15),0),15-13*ORÇAMENTO!$AF$11)),0)","v":0},{"$f":"IF(AND($D124=\"Serviço\",AH$12<>0,$H124>0,OR(AUTOEVENTO<>\"manual\",$M124<>1)),\nIF(Import.TipoArredondamento<>\"TransfereGOV\",\nROUND(OFFSET($P124,0,AH$13),15-13*ORÇAMENTO!$AF$7)/$H124*OFFSET(ORÇAMENTO!$X$15,ROW(AH124)-ROW(AH$15),0),\nROUND(ROUND(OFFSET($P124,0,AH$13),15-13*ORÇAMENTO!$AF$7)*OFFSET(ORÇAMENTO!$W$15,ROW(AH124)-ROW(AH$15),0),15-13*ORÇAMENTO!$AF$11)),0)","v":0},{"$f":"IF(AND($D124=\"Serviço\",AI$12<>0,$H124>0,OR(AUTOEVENTO<>\"manual\",$M124<>1)),\nIF(Import.TipoArredondamento<>\"TransfereGOV\",\nROUND(OFFSET($P124,0,AI$13),15-13*ORÇAMENTO!$AF$7)/$H124*OFFSET(ORÇAMENTO!$X$15,ROW(AI124)-ROW(AI$15),0),\nROUND(ROUND(OFFSET($P124,0,AI$13),15-13*ORÇAMENTO!$AF$7)*OFFSET(ORÇAMENTO!$W$15,ROW(AI124)-ROW(AI$15),0),15-13*ORÇAMENTO!$AF$11)),0)","v":0},{"$f":"IF(AND($D124=\"Serviço\",AJ$12<>0,$H124>0,OR(AUTOEVENTO<>\"manual\",$M124<>1)),\nIF(Import.TipoArredondamento<>\"TransfereGOV\",\nROUND(OFFSET($P124,0,AJ$13),15-13*ORÇAMENTO!$AF$7)/$H124*OFFSET(ORÇAMENTO!$X$15,ROW(AJ124)-ROW(AJ$15),0),\nROUND(ROUND(OFFSET($P124,0,AJ$13),15-13*ORÇAMENTO!$AF$7)*OFFSET(ORÇAMENTO!$W$15,ROW(AJ124)-ROW(AJ$15),0),15-13*ORÇAMENTO!$AF$11)),0)","v":0},{"$f":"IF(AND($D124=\"Serviço\",AK$12<>0,$H124>0,OR(AUTOEVENTO<>\"manual\",$M124<>1)),\nIF(Import.TipoArredondamento<>\"TransfereGOV\",\nROUND(OFFSET($P124,0,AK$13),15-13*ORÇAMENTO!$AF$7)/$H124*OFFSET(ORÇAMENTO!$X$15,ROW(AK124)-ROW(AK$15),0),\nROUND(ROUND(OFFSET($P124,0,AK$13),15-13*ORÇAMENTO!$AF$7)*OFFSET(ORÇAMENTO!$W$15,ROW(AK124)-ROW(AK$15),0),15-13*ORÇAMENTO!$AF$11)),0)","v":0},null,{"$f":"IF($D124<>\"Serviço\",0,IF(AND(AUTOEVENTO=\"Manual\",$M124=1),0,IF(OFFSET(CRONOPLE!$F$14,$M124,AM$13)=\"\",10^12,OFFSET(CRONOPLE!$F$14,$M124,AM$13))))","v":1000000000000},{"$f":"IF($D124<>\"Serviço\",0,IF(AND(AUTOEVENTO=\"Manual\",$M124=1),0,IF(OFFSET(CRONOPLE!$F$14,$M124,AN$13)=\"\",10^12,OFFSET(CRONOPLE!$F$14,$M124,AN$13))))","v":1000000000000},{"$f":"IF($D124<>\"Serviço\",0,IF(AND(AUTOEVENTO=\"Manual\",$M124=1),0,IF(OFFSET(CRONOPLE!$F$14,$M124,AO$13)=\"\",10^12,OFFSET(CRONOPLE!$F$14,$M124,AO$13))))","v":1000000000000},{"$f":"IF($D124<>\"Serviço\",0,IF(AND(AUTOEVENTO=\"Manual\",$M124=1),0,IF(OFFSET(CRONOPLE!$F$14,$M124,AP$13)=\"\",10^12,OFFSET(CRONOPLE!$F$14,$M124,AP$13))))","v":1000000000000},{"$f":"IF($D124<>\"Serviço\",0,IF(AND(AUTOEVENTO=\"Manual\",$M124=1),0,IF(OFFSET(CRONOPLE!$F$14,$M124,AQ$13)=\"\",10^12,OFFSET(CRONOPLE!$F$14,$M124,AQ$13))))","v":1000000000000},{"$f":"IF($D124<>\"Serviço\",0,IF(AND(AUTOEVENTO=\"Manual\",$M124=1),0,IF(OFFSET(CRONOPLE!$F$14,$M124,AR$13)=\"\",10^12,OFFSET(CRONOPLE!$F$14,$M124,AR$13))))","v":1000000000000},{"$f":"IF($D124<>\"Serviço\",0,IF(AND(AUTOEVENTO=\"Manual\",$M124=1),0,IF(OFFSET(CRONOPLE!$F$14,$M124,AS$13)=\"\",10^12,OFFSET(CRONOPLE!$F$14,$M124,AS$13))))","v":1000000000000},{"$f":"IF($D124<>\"Serviço\",0,IF(AND(AUTOEVENTO=\"Manual\",$M124=1),0,IF(OFFSET(CRONOPLE!$F$14,$M124,AT$13)=\"\",10^12,OFFSET(CRONOPLE!$F$14,$M124,AT$13))))","v":1000000000000},{"$f":"IF($D124<>\"Serviço\",0,IF(AND(AUTOEVENTO=\"Manual\",$M124=1),0,IF(OFFSET(CRONOPLE!$F$14,$M124,AU$13)=\"\",10^12,OFFSET(CRONOPLE!$F$14,$M124,AU$13))))","v":1000000000000},{"$f":"IF($D124<>\"Serviço\",0,IF(AND(AUTOEVENTO=\"Manual\",$M124=1),0,IF(OFFSET(CRONOPLE!$F$14,$M124,AV$13)=\"\",10^12,OFFSET(CRONOPLE!$F$14,$M124,AV$13))))","v":1000000000000},null,{"$f":"IF($D124<>\"Serviço\",0,IF(OR(AND(AUTOEVENTO=\"Manual\",$M124=1),$M124>(ROW(PLE.lastrow)-ROW(PLE.firstrow))),0,IF(OFFSET(PLE!$G$14,$M124,AX$13)=\"\",10^12,OFFSET(PLE!$G$14,$M124,AX$13))))","v":1000000000000},{"$f":"IF($D124<>\"Serviço\",0,IF(OR(AND(AUTOEVENTO=\"Manual\",$M124=1),$M124>(ROW(PLE.lastrow)-ROW(PLE.firstrow))),0,IF(OFFSET(PLE!$G$14,$M124,AY$13)=\"\",10^12,OFFSET(PLE!$G$14,$M124,AY$13))))","v":1000000000000},{"$f":"IF($D124<>\"Serviço\",0,IF(OR(AND(AUTOEVENTO=\"Manual\",$M124=1),$M124>(ROW(PLE.lastrow)-ROW(PLE.firstrow))),0,IF(OFFSET(PLE!$G$14,$M124,AZ$13)=\"\",10^12,OFFSET(PLE!$G$14,$M124,AZ$13))))","v":1000000000000},{"$f":"IF($D124<>\"Serviço\",0,IF(OR(AND(AUTOEVENTO=\"Manual\",$M124=1),$M124>(ROW(PLE.lastrow)-ROW(PLE.firstrow))),0,IF(OFFSET(PLE!$G$14,$M124,BA$13)=\"\",10^12,OFFSET(PLE!$G$14,$M124,BA$13))))","v":1000000000000},{"$f":"IF($D124<>\"Serviço\",0,IF(OR(AND(AUTOEVENTO=\"Manual\",$M124=1),$M124>(ROW(PLE.lastrow)-ROW(PLE.firstrow))),0,IF(OFFSET(PLE!$G$14,$M124,BB$13)=\"\",10^12,OFFSET(PLE!$G$14,$M124,BB$13))))","v":1000000000000},{"$f":"IF($D124<>\"Serviço\",0,IF(OR(AND(AUTOEVENTO=\"Manual\",$M124=1),$M124>(ROW(PLE.lastrow)-ROW(PLE.firstrow))),0,IF(OFFSET(PLE!$G$14,$M124,BC$13)=\"\",10^12,OFFSET(PLE!$G$14,$M124,BC$13))))","v":1000000000000},{"$f":"IF($D124<>\"Serviço\",0,IF(OR(AND(AUTOEVENTO=\"Manual\",$M124=1),$M124>(ROW(PLE.lastrow)-ROW(PLE.firstrow))),0,IF(OFFSET(PLE!$G$14,$M124,BD$13)=\"\",10^12,OFFSET(PLE!$G$14,$M124,BD$13))))","v":1000000000000},{"$f":"IF($D124<>\"Serviço\",0,IF(OR(AND(AUTOEVENTO=\"Manual\",$M124=1),$M124>(ROW(PLE.lastrow)-ROW(PLE.firstrow))),0,IF(OFFSET(PLE!$G$14,$M124,BE$13)=\"\",10^12,OFFSET(PLE!$G$14,$M124,BE$13))))","v":1000000000000},{"$f":"IF($D124<>\"Serviço\",0,IF(OR(AND(AUTOEVENTO=\"Manual\",$M124=1),$M124>(ROW(PLE.lastrow)-ROW(PLE.firstrow))),0,IF(OFFSET(PLE!$G$14,$M124,BF$13)=\"\",10^12,OFFSET(PLE!$G$14,$M124,BF$13))))","v":1000000000000},{"$f":"IF($D124<>\"Serviço\",0,IF(OR(AND(AUTOEVENTO=\"Manual\",$M124=1),$M124>(ROW(PLE.lastrow)-ROW(PLE.firstrow))),0,IF(OFFSET(PLE!$G$14,$M124,BG$13)=\"\",10^12,OFFSET(PLE!$G$14,$M124,BG$13))))","v":1000000000000}]
["101",{"$f":"OFFSET(ORÇAMENTO!C$15,ROW(B125)-ROW(B$15),0)","v":"S"},{"$f":"OFFSET(ORÇAMENTO!L$15,ROW(C125)-ROW(C$15),0)","v":"F"},{"$f":"OFFSET(ORÇAMENTO!N$15,ROW(D125)-ROW(D$15),0)","v":"Serviço"},{"$f":"OFFSET(ORÇAMENTO!O$15,ROW(E125)-ROW(E$15),0)","v":"1.7.0.9."},{"$f":"OFFSET(ORÇAMENTO!R$15,ROW(F125)-ROW(F$15),0)","v":"INTERRUPTOR SIMPLES (1 MÓDULO) COM 1 TOMADA DE EMBUTIR 2P+T 10 A, INCLUINDO SUPORTE E PLACA - FORNECIMENTO E INSTALAÇÃO. AF_03/2023"},{"$f":"IF($D125<>\"Serviço\",\"\",OFFSET(ORÇAMENTO!S$15,ROW(G125)-ROW(G$15),0))","v":"UN"},{"$f":"IF($D125<>\"Serviço\",0,IF(ACOMPANHAMENTO=\"BM\",ROUND(OFFSET(ORÇAMENTO!AJ$15,ROW(H125)-ROW(H$15),0),15-13*ORÇAMENTO!$AF$7),SUMPRODUCT(($Q$12:$AA$12<>\"\")*ROUND($Q125:$AA125,15-13*ORÇAMENTO!$AF$7))))","v":1},null,null,null,".",{"$f":"IF($D125<>\"Serviço\",\"\",IF(AUTOEVENTO=\"manual\",$A125,IF(ISERROR(MATCH($A125,$A$15:OFFSET($A125,-1,0),0)),MAX($M$15:OFFSET(M125,-1,0))+1,INDEX($M$15:OFFSET(M125,-1,0),MATCH($A125,$A$15:OFFSET($A125,-1,0),0)))))","v":8},{"$f":"IF($D125<>\"Serviço\",\"\",IF(AUTOEVENTO=\"Manual\",IF($A125=0,\"<-- defina o número do agrupador\",OFFSET(EVENTOS!$D$14,$A125,0)),OFFSET($F$15,$A125,0)))","v":"INSTALAÇÕES ELÉTRICAS"},null,null,null,null,null,null,null,null,null,null,null,null,null,{"$f":"IF(AND($D125=\"Serviço\",AB$12<>0,$H125>0,OR(AUTOEVENTO<>\"manual\",$M125<>1)),\nIF(Import.TipoArredondamento<>\"TransfereGOV\",\nROUND(OFFSET($P125,0,AB$13),15-13*ORÇAMENTO!$AF$7)/$H125*OFFSET(ORÇAMENTO!$X$15,ROW(AB125)-ROW(AB$15),0),\nROUND(ROUND(OFFSET($P125,0,AB$13),15-13*ORÇAMENTO!$AF$7)*OFFSET(ORÇAMENTO!$W$15,ROW(AB125)-ROW(AB$15),0),15-13*ORÇAMENTO!$AF$11)),0)","v":0},{"$f":"IF(AND($D125=\"Serviço\",AC$12<>0,$H125>0,OR(AUTOEVENTO<>\"manual\",$M125<>1)),\nIF(Import.TipoArredondamento<>\"TransfereGOV\",\nROUND(OFFSET($P125,0,AC$13),15-13*ORÇAMENTO!$AF$7)/$H125*OFFSET(ORÇAMENTO!$X$15,ROW(AC125)-ROW(AC$15),0),\nROUND(ROUND(OFFSET($P125,0,AC$13),15-13*ORÇAMENTO!$AF$7)*OFFSET(ORÇAMENTO!$W$15,ROW(AC125)-ROW(AC$15),0),15-13*ORÇAMENTO!$AF$11)),0)","v":0},{"$f":"IF(AND($D125=\"Serviço\",AD$12<>0,$H125>0,OR(AUTOEVENTO<>\"manual\",$M125<>1)),\nIF(Import.TipoArredondamento<>\"TransfereGOV\",\nROUND(OFFSET($P125,0,AD$13),15-13*ORÇAMENTO!$AF$7)/$H125*OFFSET(ORÇAMENTO!$X$15,ROW(AD125)-ROW(AD$15),0),\nROUND(ROUND(OFFSET($P125,0,AD$13),15-13*ORÇAMENTO!$AF$7)*OFFSET(ORÇAMENTO!$W$15,ROW(AD125)-ROW(AD$15),0),15-13*ORÇAMENTO!$AF$11)),0)","v":0},{"$f":"IF(AND($D125=\"Serviço\",AE$12<>0,$H125>0,OR(AUTOEVENTO<>\"manual\",$M125<>1)),\nIF(Import.TipoArredondamento<>\"TransfereGOV\",\nROUND(OFFSET($P125,0,AE$13),15-13*ORÇAMENTO!$AF$7)/$H125*OFFSET(ORÇAMENTO!$X$15,ROW(AE125)-ROW(AE$15),0),\nROUND(ROUND(OFFSET($P125,0,AE$13),15-13*ORÇAMENTO!$AF$7)*OFFSET(ORÇAMENTO!$W$15,ROW(AE125)-ROW(AE$15),0),15-13*ORÇAMENTO!$AF$11)),0)","v":0},{"$f":"IF(AND($D125=\"Serviço\",AF$12<>0,$H125>0,OR(AUTOEVENTO<>\"manual\",$M125<>1)),\nIF(Import.TipoArredondamento<>\"TransfereGOV\",\nROUND(OFFSET($P125,0,AF$13),15-13*ORÇAMENTO!$AF$7)/$H125*OFFSET(ORÇAMENTO!$X$15,ROW(AF125)-ROW(AF$15),0),\nROUND(ROUND(OFFSET($P125,0,AF$13),15-13*ORÇAMENTO!$AF$7)*OFFSET(ORÇAMENTO!$W$15,ROW(AF125)-ROW(AF$15),0),15-13*ORÇAMENTO!$AF$11)),0)","v":0},{"$f":"IF(AND($D125=\"Serviço\",AG$12<>0,$H125>0,OR(AUTOEVENTO<>\"manual\",$M125<>1)),\nIF(Import.TipoArredondamento<>\"TransfereGOV\",\nROUND(OFFSET($P125,0,AG$13),15-13*ORÇAMENTO!$AF$7)/$H125*OFFSET(ORÇAMENTO!$X$15,ROW(AG125)-ROW(AG$15),0),\nROUND(ROUND(OFFSET($P125,0,AG$13),15-13*ORÇAMENTO!$AF$7)*OFFSET(ORÇAMENTO!$W$15,ROW(AG125)-ROW(AG$15),0),15-13*ORÇAMENTO!$AF$11)),0)","v":0},{"$f":"IF(AND($D125=\"Serviço\",AH$12<>0,$H125>0,OR(AUTOEVENTO<>\"manual\",$M125<>1)),\nIF(Import.TipoArredondamento<>\"TransfereGOV\",\nROUND(OFFSET($P125,0,AH$13),15-13*ORÇAMENTO!$AF$7)/$H125*OFFSET(ORÇAMENTO!$X$15,ROW(AH125)-ROW(AH$15),0),\nROUND(ROUND(OFFSET($P125,0,AH$13),15-13*ORÇAMENTO!$AF$7)*OFFSET(ORÇAMENTO!$W$15,ROW(AH125)-ROW(AH$15),0),15-13*ORÇAMENTO!$AF$11)),0)","v":0},{"$f":"IF(AND($D125=\"Serviço\",AI$12<>0,$H125>0,OR(AUTOEVENTO<>\"manual\",$M125<>1)),\nIF(Import.TipoArredondamento<>\"TransfereGOV\",\nROUND(OFFSET($P125,0,AI$13),15-13*ORÇAMENTO!$AF$7)/$H125*OFFSET(ORÇAMENTO!$X$15,ROW(AI125)-ROW(AI$15),0),\nROUND(ROUND(OFFSET($P125,0,AI$13),15-13*ORÇAMENTO!$AF$7)*OFFSET(ORÇAMENTO!$W$15,ROW(AI125)-ROW(AI$15),0),15-13*ORÇAMENTO!$AF$11)),0)","v":0},{"$f":"IF(AND($D125=\"Serviço\",AJ$12<>0,$H125>0,OR(AUTOEVENTO<>\"manual\",$M125<>1)),\nIF(Import.TipoArredondamento<>\"TransfereGOV\",\nROUND(OFFSET($P125,0,AJ$13),15-13*ORÇAMENTO!$AF$7)/$H125*OFFSET(ORÇAMENTO!$X$15,ROW(AJ125)-ROW(AJ$15),0),\nROUND(ROUND(OFFSET($P125,0,AJ$13),15-13*ORÇAMENTO!$AF$7)*OFFSET(ORÇAMENTO!$W$15,ROW(AJ125)-ROW(AJ$15),0),15-13*ORÇAMENTO!$AF$11)),0)","v":0},{"$f":"IF(AND($D125=\"Serviço\",AK$12<>0,$H125>0,OR(AUTOEVENTO<>\"manual\",$M125<>1)),\nIF(Import.TipoArredondamento<>\"TransfereGOV\",\nROUND(OFFSET($P125,0,AK$13),15-13*ORÇAMENTO!$AF$7)/$H125*OFFSET(ORÇAMENTO!$X$15,ROW(AK125)-ROW(AK$15),0),\nROUND(ROUND(OFFSET($P125,0,AK$13),15-13*ORÇAMENTO!$AF$7)*OFFSET(ORÇAMENTO!$W$15,ROW(AK125)-ROW(AK$15),0),15-13*ORÇAMENTO!$AF$11)),0)","v":0},null,{"$f":"IF($D125<>\"Serviço\",0,IF(AND(AUTOEVENTO=\"Manual\",$M125=1),0,IF(OFFSET(CRONOPLE!$F$14,$M125,AM$13)=\"\",10^12,OFFSET(CRONOPLE!$F$14,$M125,AM$13))))","v":1000000000000},{"$f":"IF($D125<>\"Serviço\",0,IF(AND(AUTOEVENTO=\"Manual\",$M125=1),0,IF(OFFSET(CRONOPLE!$F$14,$M125,AN$13)=\"\",10^12,OFFSET(CRONOPLE!$F$14,$M125,AN$13))))","v":1000000000000},{"$f":"IF($D125<>\"Serviço\",0,IF(AND(AUTOEVENTO=\"Manual\",$M125=1),0,IF(OFFSET(CRONOPLE!$F$14,$M125,AO$13)=\"\",10^12,OFFSET(CRONOPLE!$F$14,$M125,AO$13))))","v":1000000000000},{"$f":"IF($D125<>\"Serviço\",0,IF(AND(AUTOEVENTO=\"Manual\",$M125=1),0,IF(OFFSET(CRONOPLE!$F$14,$M125,AP$13)=\"\",10^12,OFFSET(CRONOPLE!$F$14,$M125,AP$13))))","v":1000000000000},{"$f":"IF($D125<>\"Serviço\",0,IF(AND(AUTOEVENTO=\"Manual\",$M125=1),0,IF(OFFSET(CRONOPLE!$F$14,$M125,AQ$13)=\"\",10^12,OFFSET(CRONOPLE!$F$14,$M125,AQ$13))))","v":1000000000000},{"$f":"IF($D125<>\"Serviço\",0,IF(AND(AUTOEVENTO=\"Manual\",$M125=1),0,IF(OFFSET(CRONOPLE!$F$14,$M125,AR$13)=\"\",10^12,OFFSET(CRONOPLE!$F$14,$M125,AR$13))))","v":1000000000000},{"$f":"IF($D125<>\"Serviço\",0,IF(AND(AUTOEVENTO=\"Manual\",$M125=1),0,IF(OFFSET(CRONOPLE!$F$14,$M125,AS$13)=\"\",10^12,OFFSET(CRONOPLE!$F$14,$M125,AS$13))))","v":1000000000000},{"$f":"IF($D125<>\"Serviço\",0,IF(AND(AUTOEVENTO=\"Manual\",$M125=1),0,IF(OFFSET(CRONOPLE!$F$14,$M125,AT$13)=\"\",10^12,OFFSET(CRONOPLE!$F$14,$M125,AT$13))))","v":1000000000000},{"$f":"IF($D125<>\"Serviço\",0,IF(AND(AUTOEVENTO=\"Manual\",$M125=1),0,IF(OFFSET(CRONOPLE!$F$14,$M125,AU$13)=\"\",10^12,OFFSET(CRONOPLE!$F$14,$M125,AU$13))))","v":1000000000000},{"$f":"IF($D125<>\"Serviço\",0,IF(AND(AUTOEVENTO=\"Manual\",$M125=1),0,IF(OFFSET(CRONOPLE!$F$14,$M125,AV$13)=\"\",10^12,OFFSET(CRONOPLE!$F$14,$M125,AV$13))))","v":1000000000000},null,{"$f":"IF($D125<>\"Serviço\",0,IF(OR(AND(AUTOEVENTO=\"Manual\",$M125=1),$M125>(ROW(PLE.lastrow)-ROW(PLE.firstrow))),0,IF(OFFSET(PLE!$G$14,$M125,AX$13)=\"\",10^12,OFFSET(PLE!$G$14,$M125,AX$13))))","v":1000000000000},{"$f":"IF($D125<>\"Serviço\",0,IF(OR(AND(AUTOEVENTO=\"Manual\",$M125=1),$M125>(ROW(PLE.lastrow)-ROW(PLE.firstrow))),0,IF(OFFSET(PLE!$G$14,$M125,AY$13)=\"\",10^12,OFFSET(PLE!$G$14,$M125,AY$13))))","v":1000000000000},{"$f":"IF($D125<>\"Serviço\",0,IF(OR(AND(AUTOEVENTO=\"Manual\",$M125=1),$M125>(ROW(PLE.lastrow)-ROW(PLE.firstrow))),0,IF(OFFSET(PLE!$G$14,$M125,AZ$13)=\"\",10^12,OFFSET(PLE!$G$14,$M125,AZ$13))))","v":1000000000000},{"$f":"IF($D125<>\"Serviço\",0,IF(OR(AND(AUTOEVENTO=\"Manual\",$M125=1),$M125>(ROW(PLE.lastrow)-ROW(PLE.firstrow))),0,IF(OFFSET(PLE!$G$14,$M125,BA$13)=\"\",10^12,OFFSET(PLE!$G$14,$M125,BA$13))))","v":1000000000000},{"$f":"IF($D125<>\"Serviço\",0,IF(OR(AND(AUTOEVENTO=\"Manual\",$M125=1),$M125>(ROW(PLE.lastrow)-ROW(PLE.firstrow))),0,IF(OFFSET(PLE!$G$14,$M125,BB$13)=\"\",10^12,OFFSET(PLE!$G$14,$M125,BB$13))))","v":1000000000000},{"$f":"IF($D125<>\"Serviço\",0,IF(OR(AND(AUTOEVENTO=\"Manual\",$M125=1),$M125>(ROW(PLE.lastrow)-ROW(PLE.firstrow))),0,IF(OFFSET(PLE!$G$14,$M125,BC$13)=\"\",10^12,OFFSET(PLE!$G$14,$M125,BC$13))))","v":1000000000000},{"$f":"IF($D125<>\"Serviço\",0,IF(OR(AND(AUTOEVENTO=\"Manual\",$M125=1),$M125>(ROW(PLE.lastrow)-ROW(PLE.firstrow))),0,IF(OFFSET(PLE!$G$14,$M125,BD$13)=\"\",10^12,OFFSET(PLE!$G$14,$M125,BD$13))))","v":1000000000000},{"$f":"IF($D125<>\"Serviço\",0,IF(OR(AND(AUTOEVENTO=\"Manual\",$M125=1),$M125>(ROW(PLE.lastrow)-ROW(PLE.firstrow))),0,IF(OFFSET(PLE!$G$14,$M125,BE$13)=\"\",10^12,OFFSET(PLE!$G$14,$M125,BE$13))))","v":1000000000000},{"$f":"IF($D125<>\"Serviço\",0,IF(OR(AND(AUTOEVENTO=\"Manual\",$M125=1),$M125>(ROW(PLE.lastrow)-ROW(PLE.firstrow))),0,IF(OFFSET(PLE!$G$14,$M125,BF$13)=\"\",10^12,OFFSET(PLE!$G$14,$M125,BF$13))))","v":1000000000000},{"$f":"IF($D125<>\"Serviço\",0,IF(OR(AND(AUTOEVENTO=\"Manual\",$M125=1),$M125>(ROW(PLE.lastrow)-ROW(PLE.firstrow))),0,IF(OFFSET(PLE!$G$14,$M125,BG$13)=\"\",10^12,OFFSET(PLE!$G$14,$M125,BG$13))))","v":1000000000000}]
[{"$f":"IF(AUTOEVENTO=\"Manual\",IF(K126<>\"\",MIN(VALUE(LEFT(K126,FIND(\".\",K126)-1)),COUNTA(EVENTOS.Lista)),0),IF(OR($B126>AUTOEVENTO,$B126=\"S\",$B126=0),SUBSTITUTE(OFFSET($A126,-1,0),IF($D126=\"Serviço\",\".\",\"\"),\"\"),ROW(A126)-ROW($A$15)&\".\"))","v":"101"},{"$f":"OFFSET(ORÇAMENTO!C$15,ROW(B126)-ROW(B$15),0)","v":"S"},{"$f":"OFFSET(ORÇAMENTO!L$15,ROW(C126)-ROW(C$15),0)","v":"F"},{"$f":"OFFSET(ORÇAMENTO!N$15,ROW(D126)-ROW(D$15),0)","v":"Serviço"},{"$f":"OFFSET(ORÇAMENTO!O$15,ROW(E126)-ROW(E$15),0)","v":"1.7.0.10."},{"$f":"OFFSET(ORÇAMENTO!R$15,ROW(F126)-ROW(F$15),0)","v":"INTERRUPTOR PARALELO (1 MÓDULO) COM 1 TOMADA DE EMBUTIR 2P+T 10 A, INCLUINDO SUPORTE E PLACA - FORNECIMENTO E INSTALAÇÃO. AF_03/2023"},{"$f":"IF($D126<>\"Serviço\",\"\",OFFSET(ORÇAMENTO!S$15,ROW(G126)-ROW(G$15),0))","v":"UN"},{"$f":"IF($D126<>\"Serviço\",0,IF(ACOMPANHAMENTO=\"BM\",ROUND(OFFSET(ORÇAMENTO!AJ$15,ROW(H126)-ROW(H$15),0),15-13*ORÇAMENTO!$AF$7),SUMPRODUCT(($Q$12:$AA$12<>\"\")*ROUND($Q126:$AA126,15-13*ORÇAMENTO!$AF$7))))","v":1},null,null,null,".",{"$f":"IF($D126<>\"Serviço\",\"\",IF(AUTOEVENTO=\"manual\",$A126,IF(ISERROR(MATCH($A126,$A$15:OFFSET($A126,-1,0),0)),MAX($M$15:OFFSET(M126,-1,0))+1,INDEX($M$15:OFFSET(M126,-1,0),MATCH($A126,$A$15:OFFSET($A126,-1,0),0)))))","v":8},{"$f":"IF($D126<>\"Serviço\",\"\",IF(AUTOEVENTO=\"Manual\",IF($A126=0,\"<-- defina o número do agrupador\",OFFSET(EVENTOS!$D$14,$A126,0)),OFFSET($F$15,$A126,0)))","v":"INSTALAÇÕES ELÉTRICAS"},null,null,null,null,null,null,null,null,null,null,null,null,null,{"$f":"IF(AND($D126=\"Serviço\",AB$12<>0,$H126>0,OR(AUTOEVENTO<>\"manual\",$M126<>1)),\nIF(Import.TipoArredondamento<>\"TransfereGOV\",\nROUND(OFFSET($P126,0,AB$13),15-13*ORÇAMENTO!$AF$7)/$H126*OFFSET(ORÇAMENTO!$X$15,ROW(AB126)-ROW(AB$15),0),\nROUND(ROUND(OFFSET($P126,0,AB$13),15-13*ORÇAMENTO!$AF$7)*OFFSET(ORÇAMENTO!$W$15,ROW(AB126)-ROW(AB$15),0),15-13*ORÇAMENTO!$AF$11)),0)","v":0},{"$f":"IF(AND($D126=\"Serviço\",AC$12<>0,$H126>0,OR(AUTOEVENTO<>\"manual\",$M126<>1)),\nIF(Import.TipoArredondamento<>\"TransfereGOV\",\nROUND(OFFSET($P126,0,AC$13),15-13*ORÇAMENTO!$AF$7)/$H126*OFFSET(ORÇAMENTO!$X$15,ROW(AC126)-ROW(AC$15),0),\nROUND(ROUND(OFFSET($P126,0,AC$13),15-13*ORÇAMENTO!$AF$7)*OFFSET(ORÇAMENTO!$W$15,ROW(AC126)-ROW(AC$15),0),15-13*ORÇAMENTO!$AF$11)),0)","v":0},{"$f":"IF(AND($D126=\"Serviço\",AD$12<>0,$H126>0,OR(AUTOEVENTO<>\"manual\",$M126<>1)),\nIF(Import.TipoArredondamento<>\"TransfereGOV\",\nROUND(OFFSET($P126,0,AD$13),15-13*ORÇAMENTO!$AF$7)/$H126*OFFSET(ORÇAMENTO!$X$15,ROW(AD126)-ROW(AD$15),0),\nROUND(ROUND(OFFSET($P126,0,AD$13),15-13*ORÇAMENTO!$AF$7)*OFFSET(ORÇAMENTO!$W$15,ROW(AD126)-ROW(AD$15),0),15-13*ORÇAMENTO!$AF$11)),0)","v":0},{"$f":"IF(AND($D126=\"Serviço\",AE$12<>0,$H126>0,OR(AUTOEVENTO<>\"manual\",$M126<>1)),\nIF(Import.TipoArredondamento<>\"TransfereGOV\",\nROUND(OFFSET($P126,0,AE$13),15-13*ORÇAMENTO!$AF$7)/$H126*OFFSET(ORÇAMENTO!$X$15,ROW(AE126)-ROW(AE$15),0),\nROUND(ROUND(OFFSET($P126,0,AE$13),15-13*ORÇAMENTO!$AF$7)*OFFSET(ORÇAMENTO!$W$15,ROW(AE126)-ROW(AE$15),0),15-13*ORÇAMENTO!$AF$11)),0)","v":0},{"$f":"IF(AND($D126=\"Serviço\",AF$12<>0,$H126>0,OR(AUTOEVENTO<>\"manual\",$M126<>1)),\nIF(Import.TipoArredondamento<>\"TransfereGOV\",\nROUND(OFFSET($P126,0,AF$13),15-13*ORÇAMENTO!$AF$7)/$H126*OFFSET(ORÇAMENTO!$X$15,ROW(AF126)-ROW(AF$15),0),\nROUND(ROUND(OFFSET($P126,0,AF$13),15-13*ORÇAMENTO!$AF$7)*OFFSET(ORÇAMENTO!$W$15,ROW(AF126)-ROW(AF$15),0),15-13*ORÇAMENTO!$AF$11)),0)","v":0},{"$f":"IF(AND($D126=\"Serviço\",AG$12<>0,$H126>0,OR(AUTOEVENTO<>\"manual\",$M126<>1)),\nIF(Import.TipoArredondamento<>\"TransfereGOV\",\nROUND(OFFSET($P126,0,AG$13),15-13*ORÇAMENTO!$AF$7)/$H126*OFFSET(ORÇAMENTO!$X$15,ROW(AG126)-ROW(AG$15),0),\nROUND(ROUND(OFFSET($P126,0,AG$13),15-13*ORÇAMENTO!$AF$7)*OFFSET(ORÇAMENTO!$W$15,ROW(AG126)-ROW(AG$15),0),15-13*ORÇAMENTO!$AF$11)),0)","v":0},{"$f":"IF(AND($D126=\"Serviço\",AH$12<>0,$H126>0,OR(AUTOEVENTO<>\"manual\",$M126<>1)),\nIF(Import.TipoArredondamento<>\"TransfereGOV\",\nROUND(OFFSET($P126,0,AH$13),15-13*ORÇAMENTO!$AF$7)/$H126*OFFSET(ORÇAMENTO!$X$15,ROW(AH126)-ROW(AH$15),0),\nROUND(ROUND(OFFSET($P126,0,AH$13),15-13*ORÇAMENTO!$AF$7)*OFFSET(ORÇAMENTO!$W$15,ROW(AH126)-ROW(AH$15),0),15-13*ORÇAMENTO!$AF$11)),0)","v":0},{"$f":"IF(AND($D126=\"Serviço\",AI$12<>0,$H126>0,OR(AUTOEVENTO<>\"manual\",$M126<>1)),\nIF(Import.TipoArredondamento<>\"TransfereGOV\",\nROUND(OFFSET($P126,0,AI$13),15-13*ORÇAMENTO!$AF$7)/$H126*OFFSET(ORÇAMENTO!$X$15,ROW(AI126)-ROW(AI$15),0),\nROUND(ROUND(OFFSET($P126,0,AI$13),15-13*ORÇAMENTO!$AF$7)*OFFSET(ORÇAMENTO!$W$15,ROW(AI126)-ROW(AI$15),0),15-13*ORÇAMENTO!$AF$11)),0)","v":0},{"$f":"IF(AND($D126=\"Serviço\",AJ$12<>0,$H126>0,OR(AUTOEVENTO<>\"manual\",$M126<>1)),\nIF(Import.TipoArredondamento<>\"TransfereGOV\",\nROUND(OFFSET($P126,0,AJ$13),15-13*ORÇAMENTO!$AF$7)/$H126*OFFSET(ORÇAMENTO!$X$15,ROW(AJ126)-ROW(AJ$15),0),\nROUND(ROUND(OFFSET($P126,0,AJ$13),15-13*ORÇAMENTO!$AF$7)*OFFSET(ORÇAMENTO!$W$15,ROW(AJ126)-ROW(AJ$15),0),15-13*ORÇAMENTO!$AF$11)),0)","v":0},{"$f":"IF(AND($D126=\"Serviço\",AK$12<>0,$H126>0,OR(AUTOEVENTO<>\"manual\",$M126<>1)),\nIF(Import.TipoArredondamento<>\"TransfereGOV\",\nROUND(OFFSET($P126,0,AK$13),15-13*ORÇAMENTO!$AF$7)/$H126*OFFSET(ORÇAMENTO!$X$15,ROW(AK126)-ROW(AK$15),0),\nROUND(ROUND(OFFSET($P126,0,AK$13),15-13*ORÇAMENTO!$AF$7)*OFFSET(ORÇAMENTO!$W$15,ROW(AK126)-ROW(AK$15),0),15-13*ORÇAMENTO!$AF$11)),0)","v":0},null,{"$f":"IF($D126<>\"Serviço\",0,IF(AND(AUTOEVENTO=\"Manual\",$M126=1),0,IF(OFFSET(CRONOPLE!$F$14,$M126,AM$13)=\"\",10^12,OFFSET(CRONOPLE!$F$14,$M126,AM$13))))","v":1000000000000},{"$f":"IF($D126<>\"Serviço\",0,IF(AND(AUTOEVENTO=\"Manual\",$M126=1),0,IF(OFFSET(CRONOPLE!$F$14,$M126,AN$13)=\"\",10^12,OFFSET(CRONOPLE!$F$14,$M126,AN$13))))","v":1000000000000},{"$f":"IF($D126<>\"Serviço\",0,IF(AND(AUTOEVENTO=\"Manual\",$M126=1),0,IF(OFFSET(CRONOPLE!$F$14,$M126,AO$13)=\"\",10^12,OFFSET(CRONOPLE!$F$14,$M126,AO$13))))","v":1000000000000},{"$f":"IF($D126<>\"Serviço\",0,IF(AND(AUTOEVENTO=\"Manual\",$M126=1),0,IF(OFFSET(CRONOPLE!$F$14,$M126,AP$13)=\"\",10^12,OFFSET(CRONOPLE!$F$14,$M126,AP$13))))","v":1000000000000},{"$f":"IF($D126<>\"Serviço\",0,IF(AND(AUTOEVENTO=\"Manual\",$M126=1),0,IF(OFFSET(CRONOPLE!$F$14,$M126,AQ$13)=\"\",10^12,OFFSET(CRONOPLE!$F$14,$M126,AQ$13))))","v":1000000000000},{"$f":"IF($D126<>\"Serviço\",0,IF(AND(AUTOEVENTO=\"Manual\",$M126=1),0,IF(OFFSET(CRONOPLE!$F$14,$M126,AR$13)=\"\",10^12,OFFSET(CRONOPLE!$F$14,$M126,AR$13))))","v":1000000000000},{"$f":"IF($D126<>\"Serviço\",0,IF(AND(AUTOEVENTO=\"Manual\",$M126=1),0,IF(OFFSET(CRONOPLE!$F$14,$M126,AS$13)=\"\",10^12,OFFSET(CRONOPLE!$F$14,$M126,AS$13))))","v":1000000000000},{"$f":"IF($D126<>\"Serviço\",0,IF(AND(AUTOEVENTO=\"Manual\",$M126=1),0,IF(OFFSET(CRONOPLE!$F$14,$M126,AT$13)=\"\",10^12,OFFSET(CRONOPLE!$F$14,$M126,AT$13))))","v":1000000000000},{"$f":"IF($D126<>\"Serviço\",0,IF(AND(AUTOEVENTO=\"Manual\",$M126=1),0,IF(OFFSET(CRONOPLE!$F$14,$M126,AU$13)=\"\",10^12,OFFSET(CRONOPLE!$F$14,$M126,AU$13))))","v":1000000000000},{"$f":"IF($D126<>\"Serviço\",0,IF(AND(AUTOEVENTO=\"Manual\",$M126=1),0,IF(OFFSET(CRONOPLE!$F$14,$M126,AV$13)=\"\",10^12,OFFSET(CRONOPLE!$F$14,$M126,AV$13))))","v":1000000000000},null,{"$f":"IF($D126<>\"Serviço\",0,IF(OR(AND(AUTOEVENTO=\"Manual\",$M126=1),$M126>(ROW(PLE.lastrow)-ROW(PLE.firstrow))),0,IF(OFFSET(PLE!$G$14,$M126,AX$13)=\"\",10^12,OFFSET(PLE!$G$14,$M126,AX$13))))","v":1000000000000},{"$f":"IF($D126<>\"Serviço\",0,IF(OR(AND(AUTOEVENTO=\"Manual\",$M126=1),$M126>(ROW(PLE.lastrow)-ROW(PLE.firstrow))),0,IF(OFFSET(PLE!$G$14,$M126,AY$13)=\"\",10^12,OFFSET(PLE!$G$14,$M126,AY$13))))","v":1000000000000},{"$f":"IF($D126<>\"Serviço\",0,IF(OR(AND(AUTOEVENTO=\"Manual\",$M126=1),$M126>(ROW(PLE.lastrow)-ROW(PLE.firstrow))),0,IF(OFFSET(PLE!$G$14,$M126,AZ$13)=\"\",10^12,OFFSET(PLE!$G$14,$M126,AZ$13))))","v":1000000000000},{"$f":"IF($D126<>\"Serviço\",0,IF(OR(AND(AUTOEVENTO=\"Manual\",$M126=1),$M126>(ROW(PLE.lastrow)-ROW(PLE.firstrow))),0,IF(OFFSET(PLE!$G$14,$M126,BA$13)=\"\",10^12,OFFSET(PLE!$G$14,$M126,BA$13))))","v":1000000000000},{"$f":"IF($D126<>\"Serviço\",0,IF(OR(AND(AUTOEVENTO=\"Manual\",$M126=1),$M126>(ROW(PLE.lastrow)-ROW(PLE.firstrow))),0,IF(OFFSET(PLE!$G$14,$M126,BB$13)=\"\",10^12,OFFSET(PLE!$G$14,$M126,BB$13))))","v":1000000000000},{"$f":"IF($D126<>\"Serviço\",0,IF(OR(AND(AUTOEVENTO=\"Manual\",$M126=1),$M126>(ROW(PLE.lastrow)-ROW(PLE.firstrow))),0,IF(OFFSET(PLE!$G$14,$M126,BC$13)=\"\",10^12,OFFSET(PLE!$G$14,$M126,BC$13))))","v":1000000000000},{"$f":"IF($D126<>\"Serviço\",0,IF(OR(AND(AUTOEVENTO=\"Manual\",$M126=1),$M126>(ROW(PLE.lastrow)-ROW(PLE.firstrow))),0,IF(OFFSET(PLE!$G$14,$M126,BD$13)=\"\",10^12,OFFSET(PLE!$G$14,$M126,BD$13))))","v":1000000000000},{"$f":"IF($D126<>\"Serviço\",0,IF(OR(AND(AUTOEVENTO=\"Manual\",$M126=1),$M126>(ROW(PLE.lastrow)-ROW(PLE.firstrow))),0,IF(OFFSET(PLE!$G$14,$M126,BE$13)=\"\",10^12,OFFSET(PLE!$G$14,$M126,BE$13))))","v":1000000000000},{"$f":"IF($D126<>\"Serviço\",0,IF(OR(AND(AUTOEVENTO=\"Manual\",$M126=1),$M126>(ROW(PLE.lastrow)-ROW(PLE.firstrow))),0,IF(OFFSET(PLE!$G$14,$M126,BF$13)=\"\",10^12,OFFSET(PLE!$G$14,$M126,BF$13))))","v":1000000000000},{"$f":"IF($D126<>\"Serviço\",0,IF(OR(AND(AUTOEVENTO=\"Manual\",$M126=1),$M126>(ROW(PLE.lastrow)-ROW(PLE.firstrow))),0,IF(OFFSET(PLE!$G$14,$M126,BG$13)=\"\",10^12,OFFSET(PLE!$G$14,$M126,BG$13))))","v":1000000000000}]
["101",{"$f":"OFFSET(ORÇAMENTO!C$15,ROW(B127)-ROW(B$15),0)","v":"S"},{"$f":"OFFSET(ORÇAMENTO!L$15,ROW(C127)-ROW(C$15),0)","v":"F"},{"$f":"OFFSET(ORÇAMENTO!N$15,ROW(D127)-ROW(D$15),0)","v":"Serviço"},{"$f":"OFFSET(ORÇAMENTO!O$15,ROW(E127)-ROW(E$15),0)","v":"1.7.0.11."},{"$f":"OFFSET(ORÇAMENTO!R$15,ROW(F127)-ROW(F$15),0)","v":"TOMADA BAIXA DE EMBUTIR (1 MÓDULO), 2P+T 20 A, INCLUINDO SUPORTE E PLACA - FORNECIMENTO E INSTALAÇÃO. AF_03/2023"},{"$f":"IF($D127<>\"Serviço\",\"\",OFFSET(ORÇAMENTO!S$15,ROW(G127)-ROW(G$15),0))","v":"UN"},{"$f":"IF($D127<>\"Serviço\",0,IF(ACOMPANHAMENTO=\"BM\",ROUND(OFFSET(ORÇAMENTO!AJ$15,ROW(H127)-ROW(H$15),0),15-13*ORÇAMENTO!$AF$7),SUMPRODUCT(($Q$12:$AA$12<>\"\")*ROUND($Q127:$AA127,15-13*ORÇAMENTO!$AF$7))))","v":7},null,null,null,".",{"$f":"IF($D127<>\"Serviço\",\"\",IF(AUTOEVENTO=\"manual\",$A127,IF(ISERROR(MATCH($A127,$A$15:OFFSET($A127,-1,0),0)),MAX($M$15:OFFSET(M127,-1,0))+1,INDEX($M$15:OFFSET(M127,-1,0),MATCH($A127,$A$15:OFFSET($A127,-1,0),0)))))","v":8},{"$f":"IF($D127<>\"Serviço\",\"\",IF(AUTOEVENTO=\"Manual\",IF($A127=0,\"<-- defina o número do agrupador\",OFFSET(EVENTOS!$D$14,$A127,0)),OFFSET($F$15,$A127,0)))","v":"INSTALAÇÕES ELÉTRICAS"},null,null,null,null,null,null,null,null,null,null,null,null,null,{"$f":"IF(AND($D127=\"Serviço\",AB$12<>0,$H127>0,OR(AUTOEVENTO<>\"manual\",$M127<>1)),\nIF(Import.TipoArredondamento<>\"TransfereGOV\",\nROUND(OFFSET($P127,0,AB$13),15-13*ORÇAMENTO!$AF$7)/$H127*OFFSET(ORÇAMENTO!$X$15,ROW(AB127)-ROW(AB$15),0),\nROUND(ROUND(OFFSET($P127,0,AB$13),15-13*ORÇAMENTO!$AF$7)*OFFSET(ORÇAMENTO!$W$15,ROW(AB127)-ROW(AB$15),0),15-13*ORÇAMENTO!$AF$11)),0)","v":0},{"$f":"IF(AND($D127=\"Serviço\",AC$12<>0,$H127>0,OR(AUTOEVENTO<>\"manual\",$M127<>1)),\nIF(Import.TipoArredondamento<>\"TransfereGOV\",\nROUND(OFFSET($P127,0,AC$13),15-13*ORÇAMENTO!$AF$7)/$H127*OFFSET(ORÇAMENTO!$X$15,ROW(AC127)-ROW(AC$15),0),\nROUND(ROUND(OFFSET($P127,0,AC$13),15-13*ORÇAMENTO!$AF$7)*OFFSET(ORÇAMENTO!$W$15,ROW(AC127)-ROW(AC$15),0),15-13*ORÇAMENTO!$AF$11)),0)","v":0},{"$f":"IF(AND($D127=\"Serviço\",AD$12<>0,$H127>0,OR(AUTOEVENTO<>\"manual\",$M127<>1)),\nIF(Import.TipoArredondamento<>\"TransfereGOV\",\nROUND(OFFSET($P127,0,AD$13),15-13*ORÇAMENTO!$AF$7)/$H127*OFFSET(ORÇAMENTO!$X$15,ROW(AD127)-ROW(AD$15),0),\nROUND(ROUND(OFFSET($P127,0,AD$13),15-13*ORÇAMENTO!$AF$7)*OFFSET(ORÇAMENTO!$W$15,ROW(AD127)-ROW(AD$15),0),15-13*ORÇAMENTO!$AF$11)),0)","v":0},{"$f":"IF(AND($D127=\"Serviço\",AE$12<>0,$H127>0,OR(AUTOEVENTO<>\"manual\",$M127<>1)),\nIF(Import.TipoArredondamento<>\"TransfereGOV\",\nROUND(OFFSET($P127,0,AE$13),15-13*ORÇAMENTO!$AF$7)/$H127*OFFSET(ORÇAMENTO!$X$15,ROW(AE127)-ROW(AE$15),0),\nROUND(ROUND(OFFSET($P127,0,AE$13),15-13*ORÇAMENTO!$AF$7)*OFFSET(ORÇAMENTO!$W$15,ROW(AE127)-ROW(AE$15),0),15-13*ORÇAMENTO!$AF$11)),0)","v":0},{"$f":"IF(AND($D127=\"Serviço\",AF$12<>0,$H127>0,OR(AUTOEVENTO<>\"manual\",$M127<>1)),\nIF(Import.TipoArredondamento<>\"TransfereGOV\",\nROUND(OFFSET($P127,0,AF$13),15-13*ORÇAMENTO!$AF$7)/$H127*OFFSET(ORÇAMENTO!$X$15,ROW(AF127)-ROW(AF$15),0),\nROUND(ROUND(OFFSET($P127,0,AF$13),15-13*ORÇAMENTO!$AF$7)*OFFSET(ORÇAMENTO!$W$15,ROW(AF127)-ROW(AF$15),0),15-13*ORÇAMENTO!$AF$11)),0)","v":0},{"$f":"IF(AND($D127=\"Serviço\",AG$12<>0,$H127>0,OR(AUTOEVENTO<>\"manual\",$M127<>1)),\nIF(Import.TipoArredondamento<>\"TransfereGOV\",\nROUND(OFFSET($P127,0,AG$13),15-13*ORÇAMENTO!$AF$7)/$H127*OFFSET(ORÇAMENTO!$X$15,ROW(AG127)-ROW(AG$15),0),\nROUND(ROUND(OFFSET($P127,0,AG$13),15-13*ORÇAMENTO!$AF$7)*OFFSET(ORÇAMENTO!$W$15,ROW(AG127)-ROW(AG$15),0),15-13*ORÇAMENTO!$AF$11)),0)","v":0},{"$f":"IF(AND($D127=\"Serviço\",AH$12<>0,$H127>0,OR(AUTOEVENTO<>\"manual\",$M127<>1)),\nIF(Import.TipoArredondamento<>\"TransfereGOV\",\nROUND(OFFSET($P127,0,AH$13),15-13*ORÇAMENTO!$AF$7)/$H127*OFFSET(ORÇAMENTO!$X$15,ROW(AH127)-ROW(AH$15),0),\nROUND(ROUND(OFFSET($P127,0,AH$13),15-13*ORÇAMENTO!$AF$7)*OFFSET(ORÇAMENTO!$W$15,ROW(AH127)-ROW(AH$15),0),15-13*ORÇAMENTO!$AF$11)),0)","v":0},{"$f":"IF(AND($D127=\"Serviço\",AI$12<>0,$H127>0,OR(AUTOEVENTO<>\"manual\",$M127<>1)),\nIF(Import.TipoArredondamento<>\"TransfereGOV\",\nROUND(OFFSET($P127,0,AI$13),15-13*ORÇAMENTO!$AF$7)/$H127*OFFSET(ORÇAMENTO!$X$15,ROW(AI127)-ROW(AI$15),0),\nROUND(ROUND(OFFSET($P127,0,AI$13),15-13*ORÇAMENTO!$AF$7)*OFFSET(ORÇAMENTO!$W$15,ROW(AI127)-ROW(AI$15),0),15-13*ORÇAMENTO!$AF$11)),0)","v":0},{"$f":"IF(AND($D127=\"Serviço\",AJ$12<>0,$H127>0,OR(AUTOEVENTO<>\"manual\",$M127<>1)),\nIF(Import.TipoArredondamento<>\"TransfereGOV\",\nROUND(OFFSET($P127,0,AJ$13),15-13*ORÇAMENTO!$AF$7)/$H127*OFFSET(ORÇAMENTO!$X$15,ROW(AJ127)-ROW(AJ$15),0),\nROUND(ROUND(OFFSET($P127,0,AJ$13),15-13*ORÇAMENTO!$AF$7)*OFFSET(ORÇAMENTO!$W$15,ROW(AJ127)-ROW(AJ$15),0),15-13*ORÇAMENTO!$AF$11)),0)","v":0},{"$f":"IF(AND($D127=\"Serviço\",AK$12<>0,$H127>0,OR(AUTOEVENTO<>\"manual\",$M127<>1)),\nIF(Import.TipoArredondamento<>\"TransfereGOV\",\nROUND(OFFSET($P127,0,AK$13),15-13*ORÇAMENTO!$AF$7)/$H127*OFFSET(ORÇAMENTO!$X$15,ROW(AK127)-ROW(AK$15),0),\nROUND(ROUND(OFFSET($P127,0,AK$13),15-13*ORÇAMENTO!$AF$7)*OFFSET(ORÇAMENTO!$W$15,ROW(AK127)-ROW(AK$15),0),15-13*ORÇAMENTO!$AF$11)),0)","v":0},null,{"$f":"IF($D127<>\"Serviço\",0,IF(AND(AUTOEVENTO=\"Manual\",$M127=1),0,IF(OFFSET(CRONOPLE!$F$14,$M127,AM$13)=\"\",10^12,OFFSET(CRONOPLE!$F$14,$M127,AM$13))))","v":1000000000000},{"$f":"IF($D127<>\"Serviço\",0,IF(AND(AUTOEVENTO=\"Manual\",$M127=1),0,IF(OFFSET(CRONOPLE!$F$14,$M127,AN$13)=\"\",10^12,OFFSET(CRONOPLE!$F$14,$M127,AN$13))))","v":1000000000000},{"$f":"IF($D127<>\"Serviço\",0,IF(AND(AUTOEVENTO=\"Manual\",$M127=1),0,IF(OFFSET(CRONOPLE!$F$14,$M127,AO$13)=\"\",10^12,OFFSET(CRONOPLE!$F$14,$M127,AO$13))))","v":1000000000000},{"$f":"IF($D127<>\"Serviço\",0,IF(AND(AUTOEVENTO=\"Manual\",$M127=1),0,IF(OFFSET(CRONOPLE!$F$14,$M127,AP$13)=\"\",10^12,OFFSET(CRONOPLE!$F$14,$M127,AP$13))))","v":1000000000000},{"$f":"IF($D127<>\"Serviço\",0,IF(AND(AUTOEVENTO=\"Manual\",$M127=1),0,IF(OFFSET(CRONOPLE!$F$14,$M127,AQ$13)=\"\",10^12,OFFSET(CRONOPLE!$F$14,$M127,AQ$13))))","v":1000000000000},{"$f":"IF($D127<>\"Serviço\",0,IF(AND(AUTOEVENTO=\"Manual\",$M127=1),0,IF(OFFSET(CRONOPLE!$F$14,$M127,AR$13)=\"\",10^12,OFFSET(CRONOPLE!$F$14,$M127,AR$13))))","v":1000000000000},{"$f":"IF($D127<>\"Serviço\",0,IF(AND(AUTOEVENTO=\"Manual\",$M127=1),0,IF(OFFSET(CRONOPLE!$F$14,$M127,AS$13)=\"\",10^12,OFFSET(CRONOPLE!$F$14,$M127,AS$13))))","v":1000000000000},{"$f":"IF($D127<>\"Serviço\",0,IF(AND(AUTOEVENTO=\"Manual\",$M127=1),0,IF(OFFSET(CRONOPLE!$F$14,$M127,AT$13)=\"\",10^12,OFFSET(CRONOPLE!$F$14,$M127,AT$13))))","v":1000000000000},{"$f":"IF($D127<>\"Serviço\",0,IF(AND(AUTOEVENTO=\"Manual\",$M127=1),0,IF(OFFSET(CRONOPLE!$F$14,$M127,AU$13)=\"\",10^12,OFFSET(CRONOPLE!$F$14,$M127,AU$13))))","v":1000000000000},{"$f":"IF($D127<>\"Serviço\",0,IF(AND(AUTOEVENTO=\"Manual\",$M127=1),0,IF(OFFSET(CRONOPLE!$F$14,$M127,AV$13)=\"\",10^12,OFFSET(CRONOPLE!$F$14,$M127,AV$13))))","v":1000000000000},null,{"$f":"IF($D127<>\"Serviço\",0,IF(OR(AND(AUTOEVENTO=\"Manual\",$M127=1),$M127>(ROW(PLE.lastrow)-ROW(PLE.firstrow))),0,IF(OFFSET(PLE!$G$14,$M127,AX$13)=\"\",10^12,OFFSET(PLE!$G$14,$M127,AX$13))))","v":1000000000000},{"$f":"IF($D127<>\"Serviço\",0,IF(OR(AND(AUTOEVENTO=\"Manual\",$M127=1),$M127>(ROW(PLE.lastrow)-ROW(PLE.firstrow))),0,IF(OFFSET(PLE!$G$14,$M127,AY$13)=\"\",10^12,OFFSET(PLE!$G$14,$M127,AY$13))))","v":1000000000000},{"$f":"IF($D127<>\"Serviço\",0,IF(OR(AND(AUTOEVENTO=\"Manual\",$M127=1),$M127>(ROW(PLE.lastrow)-ROW(PLE.firstrow))),0,IF(OFFSET(PLE!$G$14,$M127,AZ$13)=\"\",10^12,OFFSET(PLE!$G$14,$M127,AZ$13))))","v":1000000000000},{"$f":"IF($D127<>\"Serviço\",0,IF(OR(AND(AUTOEVENTO=\"Manual\",$M127=1),$M127>(ROW(PLE.lastrow)-ROW(PLE.firstrow))),0,IF(OFFSET(PLE!$G$14,$M127,BA$13)=\"\",10^12,OFFSET(PLE!$G$14,$M127,BA$13))))","v":1000000000000},{"$f":"IF($D127<>\"Serviço\",0,IF(OR(AND(AUTOEVENTO=\"Manual\",$M127=1),$M127>(ROW(PLE.lastrow)-ROW(PLE.firstrow))),0,IF(OFFSET(PLE!$G$14,$M127,BB$13)=\"\",10^12,OFFSET(PLE!$G$14,$M127,BB$13))))","v":1000000000000},{"$f":"IF($D127<>\"Serviço\",0,IF(OR(AND(AUTOEVENTO=\"Manual\",$M127=1),$M127>(ROW(PLE.lastrow)-ROW(PLE.firstrow))),0,IF(OFFSET(PLE!$G$14,$M127,BC$13)=\"\",10^12,OFFSET(PLE!$G$14,$M127,BC$13))))","v":1000000000000},{"$f":"IF($D127<>\"Serviço\",0,IF(OR(AND(AUTOEVENTO=\"Manual\",$M127=1),$M127>(ROW(PLE.lastrow)-ROW(PLE.firstrow))),0,IF(OFFSET(PLE!$G$14,$M127,BD$13)=\"\",10^12,OFFSET(PLE!$G$14,$M127,BD$13))))","v":1000000000000},{"$f":"IF($D127<>\"Serviço\",0,IF(OR(AND(AUTOEVENTO=\"Manual\",$M127=1),$M127>(ROW(PLE.lastrow)-ROW(PLE.firstrow))),0,IF(OFFSET(PLE!$G$14,$M127,BE$13)=\"\",10^12,OFFSET(PLE!$G$14,$M127,BE$13))))","v":1000000000000},{"$f":"IF($D127<>\"Serviço\",0,IF(OR(AND(AUTOEVENTO=\"Manual\",$M127=1),$M127>(ROW(PLE.lastrow)-ROW(PLE.firstrow))),0,IF(OFFSET(PLE!$G$14,$M127,BF$13)=\"\",10^12,OFFSET(PLE!$G$14,$M127,BF$13))))","v":1000000000000},{"$f":"IF($D127<>\"Serviço\",0,IF(OR(AND(AUTOEVENTO=\"Manual\",$M127=1),$M127>(ROW(PLE.lastrow)-ROW(PLE.firstrow))),0,IF(OFFSET(PLE!$G$14,$M127,BG$13)=\"\",10^12,OFFSET(PLE!$G$14,$M127,BG$13))))","v":1000000000000}]
["101",{"$f":"OFFSET(ORÇAMENTO!C$15,ROW(B128)-ROW(B$15),0)","v":"S"},{"$f":"OFFSET(ORÇAMENTO!L$15,ROW(C128)-ROW(C$15),0)","v":"F"},{"$f":"OFFSET(ORÇAMENTO!N$15,ROW(D128)-ROW(D$15),0)","v":"Serviço"},{"$f":"OFFSET(ORÇAMENTO!O$15,ROW(E128)-ROW(E$15),0)","v":"1.7.0.12."},{"$f":"OFFSET(ORÇAMENTO!R$15,ROW(F128)-ROW(F$15),0)","v":"TOMADA MÉDIA DE EMBUTIR (1 MÓDULO), 2P+T 20 A, INCLUINDO SUPORTE E PLACA - FORNECIMENTO E INSTALAÇÃO. AF_03/2023"},{"$f":"IF($D128<>\"Serviço\",\"\",OFFSET(ORÇAMENTO!S$15,ROW(G128)-ROW(G$15),0))","v":"UN"},{"$f":"IF($D128<>\"Serviço\",0,IF(ACOMPANHAMENTO=\"BM\",ROUND(OFFSET(ORÇAMENTO!AJ$15,ROW(H128)-ROW(H$15),0),15-13*ORÇAMENTO!$AF$7),SUMPRODUCT(($Q$12:$AA$12<>\"\")*ROUND($Q128:$AA128,15-13*ORÇAMENTO!$AF$7))))","v":3},null,null,null,".",{"$f":"IF($D128<>\"Serviço\",\"\",IF(AUTOEVENTO=\"manual\",$A128,IF(ISERROR(MATCH($A128,$A$15:OFFSET($A128,-1,0),0)),MAX($M$15:OFFSET(M128,-1,0))+1,INDEX($M$15:OFFSET(M128,-1,0),MATCH($A128,$A$15:OFFSET($A128,-1,0),0)))))","v":8},{"$f":"IF($D128<>\"Serviço\",\"\",IF(AUTOEVENTO=\"Manual\",IF($A128=0,\"<-- defina o número do agrupador\",OFFSET(EVENTOS!$D$14,$A128,0)),OFFSET($F$15,$A128,0)))","v":"INSTALAÇÕES ELÉTRICAS"},null,null,null,null,null,null,null,null,null,null,null,null,null,{"$f":"IF(AND($D128=\"Serviço\",AB$12<>0,$H128>0,OR(AUTOEVENTO<>\"manual\",$M128<>1)),\nIF(Import.TipoArredondamento<>\"TransfereGOV\",\nROUND(OFFSET($P128,0,AB$13),15-13*ORÇAMENTO!$AF$7)/$H128*OFFSET(ORÇAMENTO!$X$15,ROW(AB128)-ROW(AB$15),0),\nROUND(ROUND(OFFSET($P128,0,AB$13),15-13*ORÇAMENTO!$AF$7)*OFFSET(ORÇAMENTO!$W$15,ROW(AB128)-ROW(AB$15),0),15-13*ORÇAMENTO!$AF$11)),0)","v":0},{"$f":"IF(AND($D128=\"Serviço\",AC$12<>0,$H128>0,OR(AUTOEVENTO<>\"manual\",$M128<>1)),\nIF(Import.TipoArredondamento<>\"TransfereGOV\",\nROUND(OFFSET($P128,0,AC$13),15-13*ORÇAMENTO!$AF$7)/$H128*OFFSET(ORÇAMENTO!$X$15,ROW(AC128)-ROW(AC$15),0),\nROUND(ROUND(OFFSET($P128,0,AC$13),15-13*ORÇAMENTO!$AF$7)*OFFSET(ORÇAMENTO!$W$15,ROW(AC128)-ROW(AC$15),0),15-13*ORÇAMENTO!$AF$11)),0)","v":0},{"$f":"IF(AND($D128=\"Serviço\",AD$12<>0,$H128>0,OR(AUTOEVENTO<>\"manual\",$M128<>1)),\nIF(Import.TipoArredondamento<>\"TransfereGOV\",\nROUND(OFFSET($P128,0,AD$13),15-13*ORÇAMENTO!$AF$7)/$H128*OFFSET(ORÇAMENTO!$X$15,ROW(AD128)-ROW(AD$15),0),\nROUND(ROUND(OFFSET($P128,0,AD$13),15-13*ORÇAMENTO!$AF$7)*OFFSET(ORÇAMENTO!$W$15,ROW(AD128)-ROW(AD$15),0),15-13*ORÇAMENTO!$AF$11)),0)","v":0},{"$f":"IF(AND($D128=\"Serviço\",AE$12<>0,$H128>0,OR(AUTOEVENTO<>\"manual\",$M128<>1)),\nIF(Import.TipoArredondamento<>\"TransfereGOV\",\nROUND(OFFSET($P128,0,AE$13),15-13*ORÇAMENTO!$AF$7)/$H128*OFFSET(ORÇAMENTO!$X$15,ROW(AE128)-ROW(AE$15),0),\nROUND(ROUND(OFFSET($P128,0,AE$13),15-13*ORÇAMENTO!$AF$7)*OFFSET(ORÇAMENTO!$W$15,ROW(AE128)-ROW(AE$15),0),15-13*ORÇAMENTO!$AF$11)),0)","v":0},{"$f":"IF(AND($D128=\"Serviço\",AF$12<>0,$H128>0,OR(AUTOEVENTO<>\"manual\",$M128<>1)),\nIF(Import.TipoArredondamento<>\"TransfereGOV\",\nROUND(OFFSET($P128,0,AF$13),15-13*ORÇAMENTO!$AF$7)/$H128*OFFSET(ORÇAMENTO!$X$15,ROW(AF128)-ROW(AF$15),0),\nROUND(ROUND(OFFSET($P128,0,AF$13),15-13*ORÇAMENTO!$AF$7)*OFFSET(ORÇAMENTO!$W$15,ROW(AF128)-ROW(AF$15),0),15-13*ORÇAMENTO!$AF$11)),0)","v":0},{"$f":"IF(AND($D128=\"Serviço\",AG$12<>0,$H128>0,OR(AUTOEVENTO<>\"manual\",$M128<>1)),\nIF(Import.TipoArredondamento<>\"TransfereGOV\",\nROUND(OFFSET($P128,0,AG$13),15-13*ORÇAMENTO!$AF$7)/$H128*OFFSET(ORÇAMENTO!$X$15,ROW(AG128)-ROW(AG$15),0),\nROUND(ROUND(OFFSET($P128,0,AG$13),15-13*ORÇAMENTO!$AF$7)*OFFSET(ORÇAMENTO!$W$15,ROW(AG128)-ROW(AG$15),0),15-13*ORÇAMENTO!$AF$11)),0)","v":0},{"$f":"IF(AND($D128=\"Serviço\",AH$12<>0,$H128>0,OR(AUTOEVENTO<>\"manual\",$M128<>1)),\nIF(Import.TipoArredondamento<>\"TransfereGOV\",\nROUND(OFFSET($P128,0,AH$13),15-13*ORÇAMENTO!$AF$7)/$H128*OFFSET(ORÇAMENTO!$X$15,ROW(AH128)-ROW(AH$15),0),\nROUND(ROUND(OFFSET($P128,0,AH$13),15-13*ORÇAMENTO!$AF$7)*OFFSET(ORÇAMENTO!$W$15,ROW(AH128)-ROW(AH$15),0),15-13*ORÇAMENTO!$AF$11)),0)","v":0},{"$f":"IF(AND($D128=\"Serviço\",AI$12<>0,$H128>0,OR(AUTOEVENTO<>\"manual\",$M128<>1)),\nIF(Import.TipoArredondamento<>\"TransfereGOV\",\nROUND(OFFSET($P128,0,AI$13),15-13*ORÇAMENTO!$AF$7)/$H128*OFFSET(ORÇAMENTO!$X$15,ROW(AI128)-ROW(AI$15),0),\nROUND(ROUND(OFFSET($P128,0,AI$13),15-13*ORÇAMENTO!$AF$7)*OFFSET(ORÇAMENTO!$W$15,ROW(AI128)-ROW(AI$15),0),15-13*ORÇAMENTO!$AF$11)),0)","v":0},{"$f":"IF(AND($D128=\"Serviço\",AJ$12<>0,$H128>0,OR(AUTOEVENTO<>\"manual\",$M128<>1)),\nIF(Import.TipoArredondamento<>\"TransfereGOV\",\nROUND(OFFSET($P128,0,AJ$13),15-13*ORÇAMENTO!$AF$7)/$H128*OFFSET(ORÇAMENTO!$X$15,ROW(AJ128)-ROW(AJ$15),0),\nROUND(ROUND(OFFSET($P128,0,AJ$13),15-13*ORÇAMENTO!$AF$7)*OFFSET(ORÇAMENTO!$W$15,ROW(AJ128)-ROW(AJ$15),0),15-13*ORÇAMENTO!$AF$11)),0)","v":0},{"$f":"IF(AND($D128=\"Serviço\",AK$12<>0,$H128>0,OR(AUTOEVENTO<>\"manual\",$M128<>1)),\nIF(Import.TipoArredondamento<>\"TransfereGOV\",\nROUND(OFFSET($P128,0,AK$13),15-13*ORÇAMENTO!$AF$7)/$H128*OFFSET(ORÇAMENTO!$X$15,ROW(AK128)-ROW(AK$15),0),\nROUND(ROUND(OFFSET($P128,0,AK$13),15-13*ORÇAMENTO!$AF$7)*OFFSET(ORÇAMENTO!$W$15,ROW(AK128)-ROW(AK$15),0),15-13*ORÇAMENTO!$AF$11)),0)","v":0},null,{"$f":"IF($D128<>\"Serviço\",0,IF(AND(AUTOEVENTO=\"Manual\",$M128=1),0,IF(OFFSET(CRONOPLE!$F$14,$M128,AM$13)=\"\",10^12,OFFSET(CRONOPLE!$F$14,$M128,AM$13))))","v":1000000000000},{"$f":"IF($D128<>\"Serviço\",0,IF(AND(AUTOEVENTO=\"Manual\",$M128=1),0,IF(OFFSET(CRONOPLE!$F$14,$M128,AN$13)=\"\",10^12,OFFSET(CRONOPLE!$F$14,$M128,AN$13))))","v":1000000000000},{"$f":"IF($D128<>\"Serviço\",0,IF(AND(AUTOEVENTO=\"Manual\",$M128=1),0,IF(OFFSET(CRONOPLE!$F$14,$M128,AO$13)=\"\",10^12,OFFSET(CRONOPLE!$F$14,$M128,AO$13))))","v":1000000000000},{"$f":"IF($D128<>\"Serviço\",0,IF(AND(AUTOEVENTO=\"Manual\",$M128=1),0,IF(OFFSET(CRONOPLE!$F$14,$M128,AP$13)=\"\",10^12,OFFSET(CRONOPLE!$F$14,$M128,AP$13))))","v":1000000000000},{"$f":"IF($D128<>\"Serviço\",0,IF(AND(AUTOEVENTO=\"Manual\",$M128=1),0,IF(OFFSET(CRONOPLE!$F$14,$M128,AQ$13)=\"\",10^12,OFFSET(CRONOPLE!$F$14,$M128,AQ$13))))","v":1000000000000},{"$f":"IF($D128<>\"Serviço\",0,IF(AND(AUTOEVENTO=\"Manual\",$M128=1),0,IF(OFFSET(CRONOPLE!$F$14,$M128,AR$13)=\"\",10^12,OFFSET(CRONOPLE!$F$14,$M128,AR$13))))","v":1000000000000},{"$f":"IF($D128<>\"Serviço\",0,IF(AND(AUTOEVENTO=\"Manual\",$M128=1),0,IF(OFFSET(CRONOPLE!$F$14,$M128,AS$13)=\"\",10^12,OFFSET(CRONOPLE!$F$14,$M128,AS$13))))","v":1000000000000},{"$f":"IF($D128<>\"Serviço\",0,IF(AND(AUTOEVENTO=\"Manual\",$M128=1),0,IF(OFFSET(CRONOPLE!$F$14,$M128,AT$13)=\"\",10^12,OFFSET(CRONOPLE!$F$14,$M128,AT$13))))","v":1000000000000},{"$f":"IF($D128<>\"Serviço\",0,IF(AND(AUTOEVENTO=\"Manual\",$M128=1),0,IF(OFFSET(CRONOPLE!$F$14,$M128,AU$13)=\"\",10^12,OFFSET(CRONOPLE!$F$14,$M128,AU$13))))","v":1000000000000},{"$f":"IF($D128<>\"Serviço\",0,IF(AND(AUTOEVENTO=\"Manual\",$M128=1),0,IF(OFFSET(CRONOPLE!$F$14,$M128,AV$13)=\"\",10^12,OFFSET(CRONOPLE!$F$14,$M128,AV$13))))","v":1000000000000},null,{"$f":"IF($D128<>\"Serviço\",0,IF(OR(AND(AUTOEVENTO=\"Manual\",$M128=1),$M128>(ROW(PLE.lastrow)-ROW(PLE.firstrow))),0,IF(OFFSET(PLE!$G$14,$M128,AX$13)=\"\",10^12,OFFSET(PLE!$G$14,$M128,AX$13))))","v":1000000000000},{"$f":"IF($D128<>\"Serviço\",0,IF(OR(AND(AUTOEVENTO=\"Manual\",$M128=1),$M128>(ROW(PLE.lastrow)-ROW(PLE.firstrow))),0,IF(OFFSET(PLE!$G$14,$M128,AY$13)=\"\",10^12,OFFSET(PLE!$G$14,$M128,AY$13))))","v":1000000000000},{"$f":"IF($D128<>\"Serviço\",0,IF(OR(AND(AUTOEVENTO=\"Manual\",$M128=1),$M128>(ROW(PLE.lastrow)-ROW(PLE.firstrow))),0,IF(OFFSET(PLE!$G$14,$M128,AZ$13)=\"\",10^12,OFFSET(PLE!$G$14,$M128,AZ$13))))","v":1000000000000},{"$f":"IF($D128<>\"Serviço\",0,IF(OR(AND(AUTOEVENTO=\"Manual\",$M128=1),$M128>(ROW(PLE.lastrow)-ROW(PLE.firstrow))),0,IF(OFFSET(PLE!$G$14,$M128,BA$13)=\"\",10^12,OFFSET(PLE!$G$14,$M128,BA$13))))","v":1000000000000},{"$f":"IF($D128<>\"Serviço\",0,IF(OR(AND(AUTOEVENTO=\"Manual\",$M128=1),$M128>(ROW(PLE.lastrow)-ROW(PLE.firstrow))),0,IF(OFFSET(PLE!$G$14,$M128,BB$13)=\"\",10^12,OFFSET(PLE!$G$14,$M128,BB$13))))","v":1000000000000},{"$f":"IF($D128<>\"Serviço\",0,IF(OR(AND(AUTOEVENTO=\"Manual\",$M128=1),$M128>(ROW(PLE.lastrow)-ROW(PLE.firstrow))),0,IF(OFFSET(PLE!$G$14,$M128,BC$13)=\"\",10^12,OFFSET(PLE!$G$14,$M128,BC$13))))","v":1000000000000},{"$f":"IF($D128<>\"Serviço\",0,IF(OR(AND(AUTOEVENTO=\"Manual\",$M128=1),$M128>(ROW(PLE.lastrow)-ROW(PLE.firstrow))),0,IF(OFFSET(PLE!$G$14,$M128,BD$13)=\"\",10^12,OFFSET(PLE!$G$14,$M128,BD$13))))","v":1000000000000},{"$f":"IF($D128<>\"Serviço\",0,IF(OR(AND(AUTOEVENTO=\"Manual\",$M128=1),$M128>(ROW(PLE.lastrow)-ROW(PLE.firstrow))),0,IF(OFFSET(PLE!$G$14,$M128,BE$13)=\"\",10^12,OFFSET(PLE!$G$14,$M128,BE$13))))","v":1000000000000},{"$f":"IF($D128<>\"Serviço\",0,IF(OR(AND(AUTOEVENTO=\"Manual\",$M128=1),$M128>(ROW(PLE.lastrow)-ROW(PLE.firstrow))),0,IF(OFFSET(PLE!$G$14,$M128,BF$13)=\"\",10^12,OFFSET(PLE!$G$14,$M128,BF$13))))","v":1000000000000},{"$f":"IF($D128<>\"Serviço\",0,IF(OR(AND(AUTOEVENTO=\"Manual\",$M128=1),$M128>(ROW(PLE.lastrow)-ROW(PLE.firstrow))),0,IF(OFFSET(PLE!$G$14,$M128,BG$13)=\"\",10^12,OFFSET(PLE!$G$14,$M128,BG$13))))","v":1000000000000}]
["101",{"$f":"OFFSET(ORÇAMENTO!C$15,ROW(B129)-ROW(B$15),0)","v":"S"},{"$f":"OFFSET(ORÇAMENTO!L$15,ROW(C129)-ROW(C$15),0)","v":"F"},{"$f":"OFFSET(ORÇAMENTO!N$15,ROW(D129)-ROW(D$15),0)","v":"Serviço"},{"$f":"OFFSET(ORÇAMENTO!O$15,ROW(E129)-ROW(E$15),0)","v":"1.7.0.13."},{"$f":"OFFSET(ORÇAMENTO!R$15,ROW(F129)-ROW(F$15),0)","v":"TOMADA ALTA DE EMBUTIR (1 MÓDULO), 2P+T 20 A, INCLUINDO SUPORTE E PLACA - FORNECIMENTO E INSTALAÇÃO. AF_03/2023"},{"$f":"IF($D129<>\"Serviço\",\"\",OFFSET(ORÇAMENTO!S$15,ROW(G129)-ROW(G$15),0))","v":"UN"},{"$f":"IF($D129<>\"Serviço\",0,IF(ACOMPANHAMENTO=\"BM\",ROUND(OFFSET(ORÇAMENTO!AJ$15,ROW(H129)-ROW(H$15),0),15-13*ORÇAMENTO!$AF$7),SUMPRODUCT(($Q$12:$AA$12<>\"\")*ROUND($Q129:$AA129,15-13*ORÇAMENTO!$AF$7))))","v":8},null,null,null,".",{"$f":"IF($D129<>\"Serviço\",\"\",IF(AUTOEVENTO=\"manual\",$A129,IF(ISERROR(MATCH($A129,$A$15:OFFSET($A129,-1,0),0)),MAX($M$15:OFFSET(M129,-1,0))+1,INDEX($M$15:OFFSET(M129,-1,0),MATCH($A129,$A$15:OFFSET($A129,-1,0),0)))))","v":8},{"$f":"IF($D129<>\"Serviço\",\"\",IF(AUTOEVENTO=\"Manual\",IF($A129=0,\"<-- defina o número do agrupador\",OFFSET(EVENTOS!$D$14,$A129,0)),OFFSET($F$15,$A129,0)))","v":"INSTALAÇÕES ELÉTRICAS"},null,null,null,null,null,null,null,null,null,null,null,null,null,{"$f":"IF(AND($D129=\"Serviço\",AB$12<>0,$H129>0,OR(AUTOEVENTO<>\"manual\",$M129<>1)),\nIF(Import.TipoArredondamento<>\"TransfereGOV\",\nROUND(OFFSET($P129,0,AB$13),15-13*ORÇAMENTO!$AF$7)/$H129*OFFSET(ORÇAMENTO!$X$15,ROW(AB129)-ROW(AB$15),0),\nROUND(ROUND(OFFSET($P129,0,AB$13),15-13*ORÇAMENTO!$AF$7)*OFFSET(ORÇAMENTO!$W$15,ROW(AB129)-ROW(AB$15),0),15-13*ORÇAMENTO!$AF$11)),0)","v":0},{"$f":"IF(AND($D129=\"Serviço\",AC$12<>0,$H129>0,OR(AUTOEVENTO<>\"manual\",$M129<>1)),\nIF(Import.TipoArredondamento<>\"TransfereGOV\",\nROUND(OFFSET($P129,0,AC$13),15-13*ORÇAMENTO!$AF$7)/$H129*OFFSET(ORÇAMENTO!$X$15,ROW(AC129)-ROW(AC$15),0),\nROUND(ROUND(OFFSET($P129,0,AC$13),15-13*ORÇAMENTO!$AF$7)*OFFSET(ORÇAMENTO!$W$15,ROW(AC129)-ROW(AC$15),0),15-13*ORÇAMENTO!$AF$11)),0)","v":0},{"$f":"IF(AND($D129=\"Serviço\",AD$12<>0,$H129>0,OR(AUTOEVENTO<>\"manual\",$M129<>1)),\nIF(Import.TipoArredondamento<>\"TransfereGOV\",\nROUND(OFFSET($P129,0,AD$13),15-13*ORÇAMENTO!$AF$7)/$H129*OFFSET(ORÇAMENTO!$X$15,ROW(AD129)-ROW(AD$15),0),\nROUND(ROUND(OFFSET($P129,0,AD$13),15-13*ORÇAMENTO!$AF$7)*OFFSET(ORÇAMENTO!$W$15,ROW(AD129)-ROW(AD$15),0),15-13*ORÇAMENTO!$AF$11)),0)","v":0},{"$f":"IF(AND($D129=\"Serviço\",AE$12<>0,$H129>0,OR(AUTOEVENTO<>\"manual\",$M129<>1)),\nIF(Import.TipoArredondamento<>\"TransfereGOV\",\nROUND(OFFSET($P129,0,AE$13),15-13*ORÇAMENTO!$AF$7)/$H129*OFFSET(ORÇAMENTO!$X$15,ROW(AE129)-ROW(AE$15),0),\nROUND(ROUND(OFFSET($P129,0,AE$13),15-13*ORÇAMENTO!$AF$7)*OFFSET(ORÇAMENTO!$W$15,ROW(AE129)-ROW(AE$15),0),15-13*ORÇAMENTO!$AF$11)),0)","v":0},{"$f":"IF(AND($D129=\"Serviço\",AF$12<>0,$H129>0,OR(AUTOEVENTO<>\"manual\",$M129<>1)),\nIF(Import.TipoArredondamento<>\"TransfereGOV\",\nROUND(OFFSET($P129,0,AF$13),15-13*ORÇAMENTO!$AF$7)/$H129*OFFSET(ORÇAMENTO!$X$15,ROW(AF129)-ROW(AF$15),0),\nROUND(ROUND(OFFSET($P129,0,AF$13),15-13*ORÇAMENTO!$AF$7)*OFFSET(ORÇAMENTO!$W$15,ROW(AF129)-ROW(AF$15),0),15-13*ORÇAMENTO!$AF$11)),0)","v":0},{"$f":"IF(AND($D129=\"Serviço\",AG$12<>0,$H129>0,OR(AUTOEVENTO<>\"manual\",$M129<>1)),\nIF(Import.TipoArredondamento<>\"TransfereGOV\",\nROUND(OFFSET($P129,0,AG$13),15-13*ORÇAMENTO!$AF$7)/$H129*OFFSET(ORÇAMENTO!$X$15,ROW(AG129)-ROW(AG$15),0),\nROUND(ROUND(OFFSET($P129,0,AG$13),15-13*ORÇAMENTO!$AF$7)*OFFSET(ORÇAMENTO!$W$15,ROW(AG129)-ROW(AG$15),0),15-13*ORÇAMENTO!$AF$11)),0)","v":0},{"$f":"IF(AND($D129=\"Serviço\",AH$12<>0,$H129>0,OR(AUTOEVENTO<>\"manual\",$M129<>1)),\nIF(Import.TipoArredondamento<>\"TransfereGOV\",\nROUND(OFFSET($P129,0,AH$13),15-13*ORÇAMENTO!$AF$7)/$H129*OFFSET(ORÇAMENTO!$X$15,ROW(AH129)-ROW(AH$15),0),\nROUND(ROUND(OFFSET($P129,0,AH$13),15-13*ORÇAMENTO!$AF$7)*OFFSET(ORÇAMENTO!$W$15,ROW(AH129)-ROW(AH$15),0),15-13*ORÇAMENTO!$AF$11)),0)","v":0},{"$f":"IF(AND($D129=\"Serviço\",AI$12<>0,$H129>0,OR(AUTOEVENTO<>\"manual\",$M129<>1)),\nIF(Import.TipoArredondamento<>\"TransfereGOV\",\nROUND(OFFSET($P129,0,AI$13),15-13*ORÇAMENTO!$AF$7)/$H129*OFFSET(ORÇAMENTO!$X$15,ROW(AI129)-ROW(AI$15),0),\nROUND(ROUND(OFFSET($P129,0,AI$13),15-13*ORÇAMENTO!$AF$7)*OFFSET(ORÇAMENTO!$W$15,ROW(AI129)-ROW(AI$15),0),15-13*ORÇAMENTO!$AF$11)),0)","v":0},{"$f":"IF(AND($D129=\"Serviço\",AJ$12<>0,$H129>0,OR(AUTOEVENTO<>\"manual\",$M129<>1)),\nIF(Import.TipoArredondamento<>\"TransfereGOV\",\nROUND(OFFSET($P129,0,AJ$13),15-13*ORÇAMENTO!$AF$7)/$H129*OFFSET(ORÇAMENTO!$X$15,ROW(AJ129)-ROW(AJ$15),0),\nROUND(ROUND(OFFSET($P129,0,AJ$13),15-13*ORÇAMENTO!$AF$7)*OFFSET(ORÇAMENTO!$W$15,ROW(AJ129)-ROW(AJ$15),0),15-13*ORÇAMENTO!$AF$11)),0)","v":0},{"$f":"IF(AND($D129=\"Serviço\",AK$12<>0,$H129>0,OR(AUTOEVENTO<>\"manual\",$M129<>1)),\nIF(Import.TipoArredondamento<>\"TransfereGOV\",\nROUND(OFFSET($P129,0,AK$13),15-13*ORÇAMENTO!$AF$7)/$H129*OFFSET(ORÇAMENTO!$X$15,ROW(AK129)-ROW(AK$15),0),\nROUND(ROUND(OFFSET($P129,0,AK$13),15-13*ORÇAMENTO!$AF$7)*OFFSET(ORÇAMENTO!$W$15,ROW(AK129)-ROW(AK$15),0),15-13*ORÇAMENTO!$AF$11)),0)","v":0},null,{"$f":"IF($D129<>\"Serviço\",0,IF(AND(AUTOEVENTO=\"Manual\",$M129=1),0,IF(OFFSET(CRONOPLE!$F$14,$M129,AM$13)=\"\",10^12,OFFSET(CRONOPLE!$F$14,$M129,AM$13))))","v":1000000000000},{"$f":"IF($D129<>\"Serviço\",0,IF(AND(AUTOEVENTO=\"Manual\",$M129=1),0,IF(OFFSET(CRONOPLE!$F$14,$M129,AN$13)=\"\",10^12,OFFSET(CRONOPLE!$F$14,$M129,AN$13))))","v":1000000000000},{"$f":"IF($D129<>\"Serviço\",0,IF(AND(AUTOEVENTO=\"Manual\",$M129=1),0,IF(OFFSET(CRONOPLE!$F$14,$M129,AO$13)=\"\",10^12,OFFSET(CRONOPLE!$F$14,$M129,AO$13))))","v":1000000000000},{"$f":"IF($D129<>\"Serviço\",0,IF(AND(AUTOEVENTO=\"Manual\",$M129=1),0,IF(OFFSET(CRONOPLE!$F$14,$M129,AP$13)=\"\",10^12,OFFSET(CRONOPLE!$F$14,$M129,AP$13))))","v":1000000000000},{"$f":"IF($D129<>\"Serviço\",0,IF(AND(AUTOEVENTO=\"Manual\",$M129=1),0,IF(OFFSET(CRONOPLE!$F$14,$M129,AQ$13)=\"\",10^12,OFFSET(CRONOPLE!$F$14,$M129,AQ$13))))","v":1000000000000},{"$f":"IF($D129<>\"Serviço\",0,IF(AND(AUTOEVENTO=\"Manual\",$M129=1),0,IF(OFFSET(CRONOPLE!$F$14,$M129,AR$13)=\"\",10^12,OFFSET(CRONOPLE!$F$14,$M129,AR$13))))","v":1000000000000},{"$f":"IF($D129<>\"Serviço\",0,IF(AND(AUTOEVENTO=\"Manual\",$M129=1),0,IF(OFFSET(CRONOPLE!$F$14,$M129,AS$13)=\"\",10^12,OFFSET(CRONOPLE!$F$14,$M129,AS$13))))","v":1000000000000},{"$f":"IF($D129<>\"Serviço\",0,IF(AND(AUTOEVENTO=\"Manual\",$M129=1),0,IF(OFFSET(CRONOPLE!$F$14,$M129,AT$13)=\"\",10^12,OFFSET(CRONOPLE!$F$14,$M129,AT$13))))","v":1000000000000},{"$f":"IF($D129<>\"Serviço\",0,IF(AND(AUTOEVENTO=\"Manual\",$M129=1),0,IF(OFFSET(CRONOPLE!$F$14,$M129,AU$13)=\"\",10^12,OFFSET(CRONOPLE!$F$14,$M129,AU$13))))","v":1000000000000},{"$f":"IF($D129<>\"Serviço\",0,IF(AND(AUTOEVENTO=\"Manual\",$M129=1),0,IF(OFFSET(CRONOPLE!$F$14,$M129,AV$13)=\"\",10^12,OFFSET(CRONOPLE!$F$14,$M129,AV$13))))","v":1000000000000},null,{"$f":"IF($D129<>\"Serviço\",0,IF(OR(AND(AUTOEVENTO=\"Manual\",$M129=1),$M129>(ROW(PLE.lastrow)-ROW(PLE.firstrow))),0,IF(OFFSET(PLE!$G$14,$M129,AX$13)=\"\",10^12,OFFSET(PLE!$G$14,$M129,AX$13))))","v":1000000000000},{"$f":"IF($D129<>\"Serviço\",0,IF(OR(AND(AUTOEVENTO=\"Manual\",$M129=1),$M129>(ROW(PLE.lastrow)-ROW(PLE.firstrow))),0,IF(OFFSET(PLE!$G$14,$M129,AY$13)=\"\",10^12,OFFSET(PLE!$G$14,$M129,AY$13))))","v":1000000000000},{"$f":"IF($D129<>\"Serviço\",0,IF(OR(AND(AUTOEVENTO=\"Manual\",$M129=1),$M129>(ROW(PLE.lastrow)-ROW(PLE.firstrow))),0,IF(OFFSET(PLE!$G$14,$M129,AZ$13)=\"\",10^12,OFFSET(PLE!$G$14,$M129,AZ$13))))","v":1000000000000},{"$f":"IF($D129<>\"Serviço\",0,IF(OR(AND(AUTOEVENTO=\"Manual\",$M129=1),$M129>(ROW(PLE.lastrow)-ROW(PLE.firstrow))),0,IF(OFFSET(PLE!$G$14,$M129,BA$13)=\"\",10^12,OFFSET(PLE!$G$14,$M129,BA$13))))","v":1000000000000},{"$f":"IF($D129<>\"Serviço\",0,IF(OR(AND(AUTOEVENTO=\"Manual\",$M129=1),$M129>(ROW(PLE.lastrow)-ROW(PLE.firstrow))),0,IF(OFFSET(PLE!$G$14,$M129,BB$13)=\"\",10^12,OFFSET(PLE!$G$14,$M129,BB$13))))","v":1000000000000},{"$f":"IF($D129<>\"Serviço\",0,IF(OR(AND(AUTOEVENTO=\"Manual\",$M129=1),$M129>(ROW(PLE.lastrow)-ROW(PLE.firstrow))),0,IF(OFFSET(PLE!$G$14,$M129,BC$13)=\"\",10^12,OFFSET(PLE!$G$14,$M129,BC$13))))","v":1000000000000},{"$f":"IF($D129<>\"Serviço\",0,IF(OR(AND(AUTOEVENTO=\"Manual\",$M129=1),$M129>(ROW(PLE.lastrow)-ROW(PLE.firstrow))),0,IF(OFFSET(PLE!$G$14,$M129,BD$13)=\"\",10^12,OFFSET(PLE!$G$14,$M129,BD$13))))","v":1000000000000},{"$f":"IF($D129<>\"Serviço\",0,IF(OR(AND(AUTOEVENTO=\"Manual\",$M129=1),$M129>(ROW(PLE.lastrow)-ROW(PLE.firstrow))),0,IF(OFFSET(PLE!$G$14,$M129,BE$13)=\"\",10^12,OFFSET(PLE!$G$14,$M129,BE$13))))","v":1000000000000},{"$f":"IF($D129<>\"Serviço\",0,IF(OR(AND(AUTOEVENTO=\"Manual\",$M129=1),$M129>(ROW(PLE.lastrow)-ROW(PLE.firstrow))),0,IF(OFFSET(PLE!$G$14,$M129,BF$13)=\"\",10^12,OFFSET(PLE!$G$14,$M129,BF$13))))","v":1000000000000},{"$f":"IF($D129<>\"Serviço\",0,IF(OR(AND(AUTOEVENTO=\"Manual\",$M129=1),$M129>(ROW(PLE.lastrow)-ROW(PLE.firstrow))),0,IF(OFFSET(PLE!$G$14,$M129,BG$13)=\"\",10^12,OFFSET(PLE!$G$14,$M129,BG$13))))","v":1000000000000}]
["101",{"$f":"OFFSET(ORÇAMENTO!C$15,ROW(B130)-ROW(B$15),0)","v":"S"},{"$f":"OFFSET(ORÇAMENTO!L$15,ROW(C130)-ROW(C$15),0)","v":"F"},{"$f":"OFFSET(ORÇAMENTO!N$15,ROW(D130)-ROW(D$15),0)","v":"Serviço"},{"$f":"OFFSET(ORÇAMENTO!O$15,ROW(E130)-ROW(E$15),0)","v":"1.7.0.14."},{"$f":"OFFSET(ORÇAMENTO!R$15,ROW(F130)-ROW(F$15),0)","v":"ELETRODUTO FLEXÍVEL CORRUGADO REFORÇADO, PVC, DN 25 MM (3/4\"), PARA CIRCUITOS TERMINAIS, INSTALADO EM PAREDE - FORNECIMENTO E INSTALAÇÃO. AF_03/2023"},{"$f":"IF($D130<>\"Serviço\",\"\",OFFSET(ORÇAMENTO!S$15,ROW(G130)-ROW(G$15),0))","v":"M"},{"$f":"IF($D130<>\"Serviço\",0,IF(ACOMPANHAMENTO=\"BM\",ROUND(OFFSET(ORÇAMENTO!AJ$15,ROW(H130)-ROW(H$15),0),15-13*ORÇAMENTO!$AF$7),SUMPRODUCT(($Q$12:$AA$12<>\"\")*ROUND($Q130:$AA130,15-13*ORÇAMENTO!$AF$7))))","v":150.5},null,null,null,".",{"$f":"IF($D130<>\"Serviço\",\"\",IF(AUTOEVENTO=\"manual\",$A130,IF(ISERROR(MATCH($A130,$A$15:OFFSET($A130,-1,0),0)),MAX($M$15:OFFSET(M130,-1,0))+1,INDEX($M$15:OFFSET(M130,-1,0),MATCH($A130,$A$15:OFFSET($A130,-1,0),0)))))","v":8},{"$f":"IF($D130<>\"Serviço\",\"\",IF(AUTOEVENTO=\"Manual\",IF($A130=0,\"<-- defina o número do agrupador\",OFFSET(EVENTOS!$D$14,$A130,0)),OFFSET($F$15,$A130,0)))","v":"INSTALAÇÕES ELÉTRICAS"},null,null,null,null,null,null,null,null,null,null,null,null,null,{"$f":"IF(AND($D130=\"Serviço\",AB$12<>0,$H130>0,OR(AUTOEVENTO<>\"manual\",$M130<>1)),\nIF(Import.TipoArredondamento<>\"TransfereGOV\",\nROUND(OFFSET($P130,0,AB$13),15-13*ORÇAMENTO!$AF$7)/$H130*OFFSET(ORÇAMENTO!$X$15,ROW(AB130)-ROW(AB$15),0),\nROUND(ROUND(OFFSET($P130,0,AB$13),15-13*ORÇAMENTO!$AF$7)*OFFSET(ORÇAMENTO!$W$15,ROW(AB130)-ROW(AB$15),0),15-13*ORÇAMENTO!$AF$11)),0)","v":0},{"$f":"IF(AND($D130=\"Serviço\",AC$12<>0,$H130>0,OR(AUTOEVENTO<>\"manual\",$M130<>1)),\nIF(Import.TipoArredondamento<>\"TransfereGOV\",\nROUND(OFFSET($P130,0,AC$13),15-13*ORÇAMENTO!$AF$7)/$H130*OFFSET(ORÇAMENTO!$X$15,ROW(AC130)-ROW(AC$15),0),\nROUND(ROUND(OFFSET($P130,0,AC$13),15-13*ORÇAMENTO!$AF$7)*OFFSET(ORÇAMENTO!$W$15,ROW(AC130)-ROW(AC$15),0),15-13*ORÇAMENTO!$AF$11)),0)","v":0},{"$f":"IF(AND($D130=\"Serviço\",AD$12<>0,$H130>0,OR(AUTOEVENTO<>\"manual\",$M130<>1)),\nIF(Import.TipoArredondamento<>\"TransfereGOV\",\nROUND(OFFSET($P130,0,AD$13),15-13*ORÇAMENTO!$AF$7)/$H130*OFFSET(ORÇAMENTO!$X$15,ROW(AD130)-ROW(AD$15),0),\nROUND(ROUND(OFFSET($P130,0,AD$13),15-13*ORÇAMENTO!$AF$7)*OFFSET(ORÇAMENTO!$W$15,ROW(AD130)-ROW(AD$15),0),15-13*ORÇAMENTO!$AF$11)),0)","v":0},{"$f":"IF(AND($D130=\"Serviço\",AE$12<>0,$H130>0,OR(AUTOEVENTO<>\"manual\",$M130<>1)),\nIF(Import.TipoArredondamento<>\"TransfereGOV\",\nROUND(OFFSET($P130,0,AE$13),15-13*ORÇAMENTO!$AF$7)/$H130*OFFSET(ORÇAMENTO!$X$15,ROW(AE130)-ROW(AE$15),0),\nROUND(ROUND(OFFSET($P130,0,AE$13),15-13*ORÇAMENTO!$AF$7)*OFFSET(ORÇAMENTO!$W$15,ROW(AE130)-ROW(AE$15),0),15-13*ORÇAMENTO!$AF$11)),0)","v":0},{"$f":"IF(AND($D130=\"Serviço\",AF$12<>0,$H130>0,OR(AUTOEVENTO<>\"manual\",$M130<>1)),\nIF(Import.TipoArredondamento<>\"TransfereGOV\",\nROUND(OFFSET($P130,0,AF$13),15-13*ORÇAMENTO!$AF$7)/$H130*OFFSET(ORÇAMENTO!$X$15,ROW(AF130)-ROW(AF$15),0),\nROUND(ROUND(OFFSET($P130,0,AF$13),15-13*ORÇAMENTO!$AF$7)*OFFSET(ORÇAMENTO!$W$15,ROW(AF130)-ROW(AF$15),0),15-13*ORÇAMENTO!$AF$11)),0)","v":0},{"$f":"IF(AND($D130=\"Serviço\",AG$12<>0,$H130>0,OR(AUTOEVENTO<>\"manual\",$M130<>1)),\nIF(Import.TipoArredondamento<>\"TransfereGOV\",\nROUND(OFFSET($P130,0,AG$13),15-13*ORÇAMENTO!$AF$7)/$H130*OFFSET(ORÇAMENTO!$X$15,ROW(AG130)-ROW(AG$15),0),\nROUND(ROUND(OFFSET($P130,0,AG$13),15-13*ORÇAMENTO!$AF$7)*OFFSET(ORÇAMENTO!$W$15,ROW(AG130)-ROW(AG$15),0),15-13*ORÇAMENTO!$AF$11)),0)","v":0},{"$f":"IF(AND($D130=\"Serviço\",AH$12<>0,$H130>0,OR(AUTOEVENTO<>\"manual\",$M130<>1)),\nIF(Import.TipoArredondamento<>\"TransfereGOV\",\nROUND(OFFSET($P130,0,AH$13),15-13*ORÇAMENTO!$AF$7)/$H130*OFFSET(ORÇAMENTO!$X$15,ROW(AH130)-ROW(AH$15),0),\nROUND(ROUND(OFFSET($P130,0,AH$13),15-13*ORÇAMENTO!$AF$7)*OFFSET(ORÇAMENTO!$W$15,ROW(AH130)-ROW(AH$15),0),15-13*ORÇAMENTO!$AF$11)),0)","v":0},{"$f":"IF(AND($D130=\"Serviço\",AI$12<>0,$H130>0,OR(AUTOEVENTO<>\"manual\",$M130<>1)),\nIF(Import.TipoArredondamento<>\"TransfereGOV\",\nROUND(OFFSET($P130,0,AI$13),15-13*ORÇAMENTO!$AF$7)/$H130*OFFSET(ORÇAMENTO!$X$15,ROW(AI130)-ROW(AI$15),0),\nROUND(ROUND(OFFSET($P130,0,AI$13),15-13*ORÇAMENTO!$AF$7)*OFFSET(ORÇAMENTO!$W$15,ROW(AI130)-ROW(AI$15),0),15-13*ORÇAMENTO!$AF$11)),0)","v":0},{"$f":"IF(AND($D130=\"Serviço\",AJ$12<>0,$H130>0,OR(AUTOEVENTO<>\"manual\",$M130<>1)),\nIF(Import.TipoArredondamento<>\"TransfereGOV\",\nROUND(OFFSET($P130,0,AJ$13),15-13*ORÇAMENTO!$AF$7)/$H130*OFFSET(ORÇAMENTO!$X$15,ROW(AJ130)-ROW(AJ$15),0),\nROUND(ROUND(OFFSET($P130,0,AJ$13),15-13*ORÇAMENTO!$AF$7)*OFFSET(ORÇAMENTO!$W$15,ROW(AJ130)-ROW(AJ$15),0),15-13*ORÇAMENTO!$AF$11)),0)","v":0},{"$f":"IF(AND($D130=\"Serviço\",AK$12<>0,$H130>0,OR(AUTOEVENTO<>\"manual\",$M130<>1)),\nIF(Import.TipoArredondamento<>\"TransfereGOV\",\nROUND(OFFSET($P130,0,AK$13),15-13*ORÇAMENTO!$AF$7)/$H130*OFFSET(ORÇAMENTO!$X$15,ROW(AK130)-ROW(AK$15),0),\nROUND(ROUND(OFFSET($P130,0,AK$13),15-13*ORÇAMENTO!$AF$7)*OFFSET(ORÇAMENTO!$W$15,ROW(AK130)-ROW(AK$15),0),15-13*ORÇAMENTO!$AF$11)),0)","v":0},null,{"$f":"IF($D130<>\"Serviço\",0,IF(AND(AUTOEVENTO=\"Manual\",$M130=1),0,IF(OFFSET(CRONOPLE!$F$14,$M130,AM$13)=\"\",10^12,OFFSET(CRONOPLE!$F$14,$M130,AM$13))))","v":1000000000000},{"$f":"IF($D130<>\"Serviço\",0,IF(AND(AUTOEVENTO=\"Manual\",$M130=1),0,IF(OFFSET(CRONOPLE!$F$14,$M130,AN$13)=\"\",10^12,OFFSET(CRONOPLE!$F$14,$M130,AN$13))))","v":1000000000000},{"$f":"IF($D130<>\"Serviço\",0,IF(AND(AUTOEVENTO=\"Manual\",$M130=1),0,IF(OFFSET(CRONOPLE!$F$14,$M130,AO$13)=\"\",10^12,OFFSET(CRONOPLE!$F$14,$M130,AO$13))))","v":1000000000000},{"$f":"IF($D130<>\"Serviço\",0,IF(AND(AUTOEVENTO=\"Manual\",$M130=1),0,IF(OFFSET(CRONOPLE!$F$14,$M130,AP$13)=\"\",10^12,OFFSET(CRONOPLE!$F$14,$M130,AP$13))))","v":1000000000000},{"$f":"IF($D130<>\"Serviço\",0,IF(AND(AUTOEVENTO=\"Manual\",$M130=1),0,IF(OFFSET(CRONOPLE!$F$14,$M130,AQ$13)=\"\",10^12,OFFSET(CRONOPLE!$F$14,$M130,AQ$13))))","v":1000000000000},{"$f":"IF($D130<>\"Serviço\",0,IF(AND(AUTOEVENTO=\"Manual\",$M130=1),0,IF(OFFSET(CRONOPLE!$F$14,$M130,AR$13)=\"\",10^12,OFFSET(CRONOPLE!$F$14,$M130,AR$13))))","v":1000000000000},{"$f":"IF($D130<>\"Serviço\",0,IF(AND(AUTOEVENTO=\"Manual\",$M130=1),0,IF(OFFSET(CRONOPLE!$F$14,$M130,AS$13)=\"\",10^12,OFFSET(CRONOPLE!$F$14,$M130,AS$13))))","v":1000000000000},{"$f":"IF($D130<>\"Serviço\",0,IF(AND(AUTOEVENTO=\"Manual\",$M130=1),0,IF(OFFSET(CRONOPLE!$F$14,$M130,AT$13)=\"\",10^12,OFFSET(CRONOPLE!$F$14,$M130,AT$13))))","v":1000000000000},{"$f":"IF($D130<>\"Serviço\",0,IF(AND(AUTOEVENTO=\"Manual\",$M130=1),0,IF(OFFSET(CRONOPLE!$F$14,$M130,AU$13)=\"\",10^12,OFFSET(CRONOPLE!$F$14,$M130,AU$13))))","v":1000000000000},{"$f":"IF($D130<>\"Serviço\",0,IF(AND(AUTOEVENTO=\"Manual\",$M130=1),0,IF(OFFSET(CRONOPLE!$F$14,$M130,AV$13)=\"\",10^12,OFFSET(CRONOPLE!$F$14,$M130,AV$13))))","v":1000000000000},null,{"$f":"IF($D130<>\"Serviço\",0,IF(OR(AND(AUTOEVENTO=\"Manual\",$M130=1),$M130>(ROW(PLE.lastrow)-ROW(PLE.firstrow))),0,IF(OFFSET(PLE!$G$14,$M130,AX$13)=\"\",10^12,OFFSET(PLE!$G$14,$M130,AX$13))))","v":1000000000000},{"$f":"IF($D130<>\"Serviço\",0,IF(OR(AND(AUTOEVENTO=\"Manual\",$M130=1),$M130>(ROW(PLE.lastrow)-ROW(PLE.firstrow))),0,IF(OFFSET(PLE!$G$14,$M130,AY$13)=\"\",10^12,OFFSET(PLE!$G$14,$M130,AY$13))))","v":1000000000000},{"$f":"IF($D130<>\"Serviço\",0,IF(OR(AND(AUTOEVENTO=\"Manual\",$M130=1),$M130>(ROW(PLE.lastrow)-ROW(PLE.firstrow))),0,IF(OFFSET(PLE!$G$14,$M130,AZ$13)=\"\",10^12,OFFSET(PLE!$G$14,$M130,AZ$13))))","v":1000000000000},{"$f":"IF($D130<>\"Serviço\",0,IF(OR(AND(AUTOEVENTO=\"Manual\",$M130=1),$M130>(ROW(PLE.lastrow)-ROW(PLE.firstrow))),0,IF(OFFSET(PLE!$G$14,$M130,BA$13)=\"\",10^12,OFFSET(PLE!$G$14,$M130,BA$13))))","v":1000000000000},{"$f":"IF($D130<>\"Serviço\",0,IF(OR(AND(AUTOEVENTO=\"Manual\",$M130=1),$M130>(ROW(PLE.lastrow)-ROW(PLE.firstrow))),0,IF(OFFSET(PLE!$G$14,$M130,BB$13)=\"\",10^12,OFFSET(PLE!$G$14,$M130,BB$13))))","v":1000000000000},{"$f":"IF($D130<>\"Serviço\",0,IF(OR(AND(AUTOEVENTO=\"Manual\",$M130=1),$M130>(ROW(PLE.lastrow)-ROW(PLE.firstrow))),0,IF(OFFSET(PLE!$G$14,$M130,BC$13)=\"\",10^12,OFFSET(PLE!$G$14,$M130,BC$13))))","v":1000000000000},{"$f":"IF($D130<>\"Serviço\",0,IF(OR(AND(AUTOEVENTO=\"Manual\",$M130=1),$M130>(ROW(PLE.lastrow)-ROW(PLE.firstrow))),0,IF(OFFSET(PLE!$G$14,$M130,BD$13)=\"\",10^12,OFFSET(PLE!$G$14,$M130,BD$13))))","v":1000000000000},{"$f":"IF($D130<>\"Serviço\",0,IF(OR(AND(AUTOEVENTO=\"Manual\",$M130=1),$M130>(ROW(PLE.lastrow)-ROW(PLE.firstrow))),0,IF(OFFSET(PLE!$G$14,$M130,BE$13)=\"\",10^12,OFFSET(PLE!$G$14,$M130,BE$13))))","v":1000000000000},{"$f":"IF($D130<>\"Serviço\",0,IF(OR(AND(AUTOEVENTO=\"Manual\",$M130=1),$M130>(ROW(PLE.lastrow)-ROW(PLE.firstrow))),0,IF(OFFSET(PLE!$G$14,$M130,BF$13)=\"\",10^12,OFFSET(PLE!$G$14,$M130,BF$13))))","v":1000000000000},{"$f":"IF($D130<>\"Serviço\",0,IF(OR(AND(AUTOEVENTO=\"Manual\",$M130=1),$M130>(ROW(PLE.lastrow)-ROW(PLE.firstrow))),0,IF(OFFSET(PLE!$G$14,$M130,BG$13)=\"\",10^12,OFFSET(PLE!$G$14,$M130,BG$13))))","v":1000000000000}]
["101",{"$f":"OFFSET(ORÇAMENTO!C$15,ROW(B131)-ROW(B$15),0)","v":"S"},{"$f":"OFFSET(ORÇAMENTO!L$15,ROW(C131)-ROW(C$15),0)","v":"F"},{"$f":"OFFSET(ORÇAMENTO!N$15,ROW(D131)-ROW(D$15),0)","v":"Serviço"},{"$f":"OFFSET(ORÇAMENTO!O$15,ROW(E131)-ROW(E$15),0)","v":"1.7.0.15."},{"$f":"OFFSET(ORÇAMENTO!R$15,ROW(F131)-ROW(F$15),0)","v":"ELETRODUTO FLEXÍVEL CORRUGADO REFORÇADO, PVC, DN 32 MM (1\"), PARA CIRCUITOS TERMINAIS, INSTALADO EM PAREDE - FORNECIMENTO E INSTALAÇÃO. AF_03/2023"},{"$f":"IF($D131<>\"Serviço\",\"\",OFFSET(ORÇAMENTO!S$15,ROW(G131)-ROW(G$15),0))","v":"M"},{"$f":"IF($D131<>\"Serviço\",0,IF(ACOMPANHAMENTO=\"BM\",ROUND(OFFSET(ORÇAMENTO!AJ$15,ROW(H131)-ROW(H$15),0),15-13*ORÇAMENTO!$AF$7),SUMPRODUCT(($Q$12:$AA$12<>\"\")*ROUND($Q131:$AA131,15-13*ORÇAMENTO!$AF$7))))","v":5.37},null,null,null,".",{"$f":"IF($D131<>\"Serviço\",\"\",IF(AUTOEVENTO=\"manual\",$A131,IF(ISERROR(MATCH($A131,$A$15:OFFSET($A131,-1,0),0)),MAX($M$15:OFFSET(M131,-1,0))+1,INDEX($M$15:OFFSET(M131,-1,0),MATCH($A131,$A$15:OFFSET($A131,-1,0),0)))))","v":8},{"$f":"IF($D131<>\"Serviço\",\"\",IF(AUTOEVENTO=\"Manual\",IF($A131=0,\"<-- defina o número do agrupador\",OFFSET(EVENTOS!$D$14,$A131,0)),OFFSET($F$15,$A131,0)))","v":"INSTALAÇÕES ELÉTRICAS"},null,null,null,null,null,null,null,null,null,null,null,null,null,{"$f":"IF(AND($D131=\"Serviço\",AB$12<>0,$H131>0,OR(AUTOEVENTO<>\"manual\",$M131<>1)),\nIF(Import.TipoArredondamento<>\"TransfereGOV\",\nROUND(OFFSET($P131,0,AB$13),15-13*ORÇAMENTO!$AF$7)/$H131*OFFSET(ORÇAMENTO!$X$15,ROW(AB131)-ROW(AB$15),0),\nROUND(ROUND(OFFSET($P131,0,AB$13),15-13*ORÇAMENTO!$AF$7)*OFFSET(ORÇAMENTO!$W$15,ROW(AB131)-ROW(AB$15),0),15-13*ORÇAMENTO!$AF$11)),0)","v":0},{"$f":"IF(AND($D131=\"Serviço\",AC$12<>0,$H131>0,OR(AUTOEVENTO<>\"manual\",$M131<>1)),\nIF(Import.TipoArredondamento<>\"TransfereGOV\",\nROUND(OFFSET($P131,0,AC$13),15-13*ORÇAMENTO!$AF$7)/$H131*OFFSET(ORÇAMENTO!$X$15,ROW(AC131)-ROW(AC$15),0),\nROUND(ROUND(OFFSET($P131,0,AC$13),15-13*ORÇAMENTO!$AF$7)*OFFSET(ORÇAMENTO!$W$15,ROW(AC131)-ROW(AC$15),0),15-13*ORÇAMENTO!$AF$11)),0)","v":0},{"$f":"IF(AND($D131=\"Serviço\",AD$12<>0,$H131>0,OR(AUTOEVENTO<>\"manual\",$M131<>1)),\nIF(Import.TipoArredondamento<>\"TransfereGOV\",\nROUND(OFFSET($P131,0,AD$13),15-13*ORÇAMENTO!$AF$7)/$H131*OFFSET(ORÇAMENTO!$X$15,ROW(AD131)-ROW(AD$15),0),\nROUND(ROUND(OFFSET($P131,0,AD$13),15-13*ORÇAMENTO!$AF$7)*OFFSET(ORÇAMENTO!$W$15,ROW(AD131)-ROW(AD$15),0),15-13*ORÇAMENTO!$AF$11)),0)","v":0},{"$f":"IF(AND($D131=\"Serviço\",AE$12<>0,$H131>0,OR(AUTOEVENTO<>\"manual\",$M131<>1)),\nIF(Import.TipoArredondamento<>\"TransfereGOV\",\nROUND(OFFSET($P131,0,AE$13),15-13*ORÇAMENTO!$AF$7)/$H131*OFFSET(ORÇAMENTO!$X$15,ROW(AE131)-ROW(AE$15),0),\nROUND(ROUND(OFFSET($P131,0,AE$13),15-13*ORÇAMENTO!$AF$7)*OFFSET(ORÇAMENTO!$W$15,ROW(AE131)-ROW(AE$15),0),15-13*ORÇAMENTO!$AF$11)),0)","v":0},{"$f":"IF(AND($D131=\"Serviço\",AF$12<>0,$H131>0,OR(AUTOEVENTO<>\"manual\",$M131<>1)),\nIF(Import.TipoArredondamento<>\"TransfereGOV\",\nROUND(OFFSET($P131,0,AF$13),15-13*ORÇAMENTO!$AF$7)/$H131*OFFSET(ORÇAMENTO!$X$15,ROW(AF131)-ROW(AF$15),0),\nROUND(ROUND(OFFSET($P131,0,AF$13),15-13*ORÇAMENTO!$AF$7)*OFFSET(ORÇAMENTO!$W$15,ROW(AF131)-ROW(AF$15),0),15-13*ORÇAMENTO!$AF$11)),0)","v":0},{"$f":"IF(AND($D131=\"Serviço\",AG$12<>0,$H131>0,OR(AUTOEVENTO<>\"manual\",$M131<>1)),\nIF(Import.TipoArredondamento<>\"TransfereGOV\",\nROUND(OFFSET($P131,0,AG$13),15-13*ORÇAMENTO!$AF$7)/$H131*OFFSET(ORÇAMENTO!$X$15,ROW(AG131)-ROW(AG$15),0),\nROUND(ROUND(OFFSET($P131,0,AG$13),15-13*ORÇAMENTO!$AF$7)*OFFSET(ORÇAMENTO!$W$15,ROW(AG131)-ROW(AG$15),0),15-13*ORÇAMENTO!$AF$11)),0)","v":0},{"$f":"IF(AND($D131=\"Serviço\",AH$12<>0,$H131>0,OR(AUTOEVENTO<>\"manual\",$M131<>1)),\nIF(Import.TipoArredondamento<>\"TransfereGOV\",\nROUND(OFFSET($P131,0,AH$13),15-13*ORÇAMENTO!$AF$7)/$H131*OFFSET(ORÇAMENTO!$X$15,ROW(AH131)-ROW(AH$15),0),\nROUND(ROUND(OFFSET($P131,0,AH$13),15-13*ORÇAMENTO!$AF$7)*OFFSET(ORÇAMENTO!$W$15,ROW(AH131)-ROW(AH$15),0),15-13*ORÇAMENTO!$AF$11)),0)","v":0},{"$f":"IF(AND($D131=\"Serviço\",AI$12<>0,$H131>0,OR(AUTOEVENTO<>\"manual\",$M131<>1)),\nIF(Import.TipoArredondamento<>\"TransfereGOV\",\nROUND(OFFSET($P131,0,AI$13),15-13*ORÇAMENTO!$AF$7)/$H131*OFFSET(ORÇAMENTO!$X$15,ROW(AI131)-ROW(AI$15),0),\nROUND(ROUND(OFFSET($P131,0,AI$13),15-13*ORÇAMENTO!$AF$7)*OFFSET(ORÇAMENTO!$W$15,ROW(AI131)-ROW(AI$15),0),15-13*ORÇAMENTO!$AF$11)),0)","v":0},{"$f":"IF(AND($D131=\"Serviço\",AJ$12<>0,$H131>0,OR(AUTOEVENTO<>\"manual\",$M131<>1)),\nIF(Import.TipoArredondamento<>\"TransfereGOV\",\nROUND(OFFSET($P131,0,AJ$13),15-13*ORÇAMENTO!$AF$7)/$H131*OFFSET(ORÇAMENTO!$X$15,ROW(AJ131)-ROW(AJ$15),0),\nROUND(ROUND(OFFSET($P131,0,AJ$13),15-13*ORÇAMENTO!$AF$7)*OFFSET(ORÇAMENTO!$W$15,ROW(AJ131)-ROW(AJ$15),0),15-13*ORÇAMENTO!$AF$11)),0)","v":0},{"$f":"IF(AND($D131=\"Serviço\",AK$12<>0,$H131>0,OR(AUTOEVENTO<>\"manual\",$M131<>1)),\nIF(Import.TipoArredondamento<>\"TransfereGOV\",\nROUND(OFFSET($P131,0,AK$13),15-13*ORÇAMENTO!$AF$7)/$H131*OFFSET(ORÇAMENTO!$X$15,ROW(AK131)-ROW(AK$15),0),\nROUND(ROUND(OFFSET($P131,0,AK$13),15-13*ORÇAMENTO!$AF$7)*OFFSET(ORÇAMENTO!$W$15,ROW(AK131)-ROW(AK$15),0),15-13*ORÇAMENTO!$AF$11)),0)","v":0},null,{"$f":"IF($D131<>\"Serviço\",0,IF(AND(AUTOEVENTO=\"Manual\",$M131=1),0,IF(OFFSET(CRONOPLE!$F$14,$M131,AM$13)=\"\",10^12,OFFSET(CRONOPLE!$F$14,$M131,AM$13))))","v":1000000000000},{"$f":"IF($D131<>\"Serviço\",0,IF(AND(AUTOEVENTO=\"Manual\",$M131=1),0,IF(OFFSET(CRONOPLE!$F$14,$M131,AN$13)=\"\",10^12,OFFSET(CRONOPLE!$F$14,$M131,AN$13))))","v":1000000000000},{"$f":"IF($D131<>\"Serviço\",0,IF(AND(AUTOEVENTO=\"Manual\",$M131=1),0,IF(OFFSET(CRONOPLE!$F$14,$M131,AO$13)=\"\",10^12,OFFSET(CRONOPLE!$F$14,$M131,AO$13))))","v":1000000000000},{"$f":"IF($D131<>\"Serviço\",0,IF(AND(AUTOEVENTO=\"Manual\",$M131=1),0,IF(OFFSET(CRONOPLE!$F$14,$M131,AP$13)=\"\",10^12,OFFSET(CRONOPLE!$F$14,$M131,AP$13))))","v":1000000000000},{"$f":"IF($D131<>\"Serviço\",0,IF(AND(AUTOEVENTO=\"Manual\",$M131=1),0,IF(OFFSET(CRONOPLE!$F$14,$M131,AQ$13)=\"\",10^12,OFFSET(CRONOPLE!$F$14,$M131,AQ$13))))","v":1000000000000},{"$f":"IF($D131<>\"Serviço\",0,IF(AND(AUTOEVENTO=\"Manual\",$M131=1),0,IF(OFFSET(CRONOPLE!$F$14,$M131,AR$13)=\"\",10^12,OFFSET(CRONOPLE!$F$14,$M131,AR$13))))","v":1000000000000},{"$f":"IF($D131<>\"Serviço\",0,IF(AND(AUTOEVENTO=\"Manual\",$M131=1),0,IF(OFFSET(CRONOPLE!$F$14,$M131,AS$13)=\"\",10^12,OFFSET(CRONOPLE!$F$14,$M131,AS$13))))","v":1000000000000},{"$f":"IF($D131<>\"Serviço\",0,IF(AND(AUTOEVENTO=\"Manual\",$M131=1),0,IF(OFFSET(CRONOPLE!$F$14,$M131,AT$13)=\"\",10^12,OFFSET(CRONOPLE!$F$14,$M131,AT$13))))","v":1000000000000},{"$f":"IF($D131<>\"Serviço\",0,IF(AND(AUTOEVENTO=\"Manual\",$M131=1),0,IF(OFFSET(CRONOPLE!$F$14,$M131,AU$13)=\"\",10^12,OFFSET(CRONOPLE!$F$14,$M131,AU$13))))","v":1000000000000},{"$f":"IF($D131<>\"Serviço\",0,IF(AND(AUTOEVENTO=\"Manual\",$M131=1),0,IF(OFFSET(CRONOPLE!$F$14,$M131,AV$13)=\"\",10^12,OFFSET(CRONOPLE!$F$14,$M131,AV$13))))","v":1000000000000},null,{"$f":"IF($D131<>\"Serviço\",0,IF(OR(AND(AUTOEVENTO=\"Manual\",$M131=1),$M131>(ROW(PLE.lastrow)-ROW(PLE.firstrow))),0,IF(OFFSET(PLE!$G$14,$M131,AX$13)=\"\",10^12,OFFSET(PLE!$G$14,$M131,AX$13))))","v":1000000000000},{"$f":"IF($D131<>\"Serviço\",0,IF(OR(AND(AUTOEVENTO=\"Manual\",$M131=1),$M131>(ROW(PLE.lastrow)-ROW(PLE.firstrow))),0,IF(OFFSET(PLE!$G$14,$M131,AY$13)=\"\",10^12,OFFSET(PLE!$G$14,$M131,AY$13))))","v":1000000000000},{"$f":"IF($D131<>\"Serviço\",0,IF(OR(AND(AUTOEVENTO=\"Manual\",$M131=1),$M131>(ROW(PLE.lastrow)-ROW(PLE.firstrow))),0,IF(OFFSET(PLE!$G$14,$M131,AZ$13)=\"\",10^12,OFFSET(PLE!$G$14,$M131,AZ$13))))","v":1000000000000},{"$f":"IF($D131<>\"Serviço\",0,IF(OR(AND(AUTOEVENTO=\"Manual\",$M131=1),$M131>(ROW(PLE.lastrow)-ROW(PLE.firstrow))),0,IF(OFFSET(PLE!$G$14,$M131,BA$13)=\"\",10^12,OFFSET(PLE!$G$14,$M131,BA$13))))","v":1000000000000},{"$f":"IF($D131<>\"Serviço\",0,IF(OR(AND(AUTOEVENTO=\"Manual\",$M131=1),$M131>(ROW(PLE.lastrow)-ROW(PLE.firstrow))),0,IF(OFFSET(PLE!$G$14,$M131,BB$13)=\"\",10^12,OFFSET(PLE!$G$14,$M131,BB$13))))","v":1000000000000},{"$f":"IF($D131<>\"Serviço\",0,IF(OR(AND(AUTOEVENTO=\"Manual\",$M131=1),$M131>(ROW(PLE.lastrow)-ROW(PLE.firstrow))),0,IF(OFFSET(PLE!$G$14,$M131,BC$13)=\"\",10^12,OFFSET(PLE!$G$14,$M131,BC$13))))","v":1000000000000},{"$f":"IF($D131<>\"Serviço\",0,IF(OR(AND(AUTOEVENTO=\"Manual\",$M131=1),$M131>(ROW(PLE.lastrow)-ROW(PLE.firstrow))),0,IF(OFFSET(PLE!$G$14,$M131,BD$13)=\"\",10^12,OFFSET(PLE!$G$14,$M131,BD$13))))","v":1000000000000},{"$f":"IF($D131<>\"Serviço\",0,IF(OR(AND(AUTOEVENTO=\"Manual\",$M131=1),$M131>(ROW(PLE.lastrow)-ROW(PLE.firstrow))),0,IF(OFFSET(PLE!$G$14,$M131,BE$13)=\"\",10^12,OFFSET(PLE!$G$14,$M131,BE$13))))","v":1000000000000},{"$f":"IF($D131<>\"Serviço\",0,IF(OR(AND(AUTOEVENTO=\"Manual\",$M131=1),$M131>(ROW(PLE.lastrow)-ROW(PLE.firstrow))),0,IF(OFFSET(PLE!$G$14,$M131,BF$13)=\"\",10^12,OFFSET(PLE!$G$14,$M131,BF$13))))","v":1000000000000},{"$f":"IF($D131<>\"Serviço\",0,IF(OR(AND(AUTOEVENTO=\"Manual\",$M131=1),$M131>(ROW(PLE.lastrow)-ROW(PLE.firstrow))),0,IF(OFFSET(PLE!$G$14,$M131,BG$13)=\"\",10^12,OFFSET(PLE!$G$14,$M131,BG$13))))","v":1000000000000}]
["101",{"$f":"OFFSET(ORÇAMENTO!C$15,ROW(B132)-ROW(B$15),0)","v":"S"},{"$f":"OFFSET(ORÇAMENTO!L$15,ROW(C132)-ROW(C$15),0)","v":"F"},{"$f":"OFFSET(ORÇAMENTO!N$15,ROW(D132)-ROW(D$15),0)","v":"Serviço"},{"$f":"OFFSET(ORÇAMENTO!O$15,ROW(E132)-ROW(E$15),0)","v":"1.7.0.16."},{"$f":"OFFSET(ORÇAMENTO!R$15,ROW(F132)-ROW(F$15),0)","v":"ELETRODUTO FLEXÍVEL CORRUGADO, PEAD, DN 63 (2\"), PARA REDE ENTERRADA DE DISTRIBUIÇÃO DE ENERGIA ELÉTRICA - FORNECIMENTO E INSTALAÇÃO. AF_12/2021"},{"$f":"IF($D132<>\"Serviço\",\"\",OFFSET(ORÇAMENTO!S$15,ROW(G132)-ROW(G$15),0))","v":"M"},{"$f":"IF($D132<>\"Serviço\",0,IF(ACOMPANHAMENTO=\"BM\",ROUND(OFFSET(ORÇAMENTO!AJ$15,ROW(H132)-ROW(H$15),0),15-13*ORÇAMENTO!$AF$7),SUMPRODUCT(($Q$12:$AA$12<>\"\")*ROUND($Q132:$AA132,15-13*ORÇAMENTO!$AF$7))))","v":49.44},null,null,null,".",{"$f":"IF($D132<>\"Serviço\",\"\",IF(AUTOEVENTO=\"manual\",$A132,IF(ISERROR(MATCH($A132,$A$15:OFFSET($A132,-1,0),0)),MAX($M$15:OFFSET(M132,-1,0))+1,INDEX($M$15:OFFSET(M132,-1,0),MATCH($A132,$A$15:OFFSET($A132,-1,0),0)))))","v":8},{"$f":"IF($D132<>\"Serviço\",\"\",IF(AUTOEVENTO=\"Manual\",IF($A132=0,\"<-- defina o número do agrupador\",OFFSET(EVENTOS!$D$14,$A132,0)),OFFSET($F$15,$A132,0)))","v":"INSTALAÇÕES ELÉTRICAS"},null,null,null,null,null,null,null,null,null,null,null,null,null,{"$f":"IF(AND($D132=\"Serviço\",AB$12<>0,$H132>0,OR(AUTOEVENTO<>\"manual\",$M132<>1)),\nIF(Import.TipoArredondamento<>\"TransfereGOV\",\nROUND(OFFSET($P132,0,AB$13),15-13*ORÇAMENTO!$AF$7)/$H132*OFFSET(ORÇAMENTO!$X$15,ROW(AB132)-ROW(AB$15),0),\nROUND(ROUND(OFFSET($P132,0,AB$13),15-13*ORÇAMENTO!$AF$7)*OFFSET(ORÇAMENTO!$W$15,ROW(AB132)-ROW(AB$15),0),15-13*ORÇAMENTO!$AF$11)),0)","v":0},{"$f":"IF(AND($D132=\"Serviço\",AC$12<>0,$H132>0,OR(AUTOEVENTO<>\"manual\",$M132<>1)),\nIF(Import.TipoArredondamento<>\"TransfereGOV\",\nROUND(OFFSET($P132,0,AC$13),15-13*ORÇAMENTO!$AF$7)/$H132*OFFSET(ORÇAMENTO!$X$15,ROW(AC132)-ROW(AC$15),0),\nROUND(ROUND(OFFSET($P132,0,AC$13),15-13*ORÇAMENTO!$AF$7)*OFFSET(ORÇAMENTO!$W$15,ROW(AC132)-ROW(AC$15),0),15-13*ORÇAMENTO!$AF$11)),0)","v":0},{"$f":"IF(AND($D132=\"Serviço\",AD$12<>0,$H132>0,OR(AUTOEVENTO<>\"manual\",$M132<>1)),\nIF(Import.TipoArredondamento<>\"TransfereGOV\",\nROUND(OFFSET($P132,0,AD$13),15-13*ORÇAMENTO!$AF$7)/$H132*OFFSET(ORÇAMENTO!$X$15,ROW(AD132)-ROW(AD$15),0),\nROUND(ROUND(OFFSET($P132,0,AD$13),15-13*ORÇAMENTO!$AF$7)*OFFSET(ORÇAMENTO!$W$15,ROW(AD132)-ROW(AD$15),0),15-13*ORÇAMENTO!$AF$11)),0)","v":0},{"$f":"IF(AND($D132=\"Serviço\",AE$12<>0,$H132>0,OR(AUTOEVENTO<>\"manual\",$M132<>1)),\nIF(Import.TipoArredondamento<>\"TransfereGOV\",\nROUND(OFFSET($P132,0,AE$13),15-13*ORÇAMENTO!$AF$7)/$H132*OFFSET(ORÇAMENTO!$X$15,ROW(AE132)-ROW(AE$15),0),\nROUND(ROUND(OFFSET($P132,0,AE$13),15-13*ORÇAMENTO!$AF$7)*OFFSET(ORÇAMENTO!$W$15,ROW(AE132)-ROW(AE$15),0),15-13*ORÇAMENTO!$AF$11)),0)","v":0},{"$f":"IF(AND($D132=\"Serviço\",AF$12<>0,$H132>0,OR(AUTOEVENTO<>\"manual\",$M132<>1)),\nIF(Import.TipoArredondamento<>\"TransfereGOV\",\nROUND(OFFSET($P132,0,AF$13),15-13*ORÇAMENTO!$AF$7)/$H132*OFFSET(ORÇAMENTO!$X$15,ROW(AF132)-ROW(AF$15),0),\nROUND(ROUND(OFFSET($P132,0,AF$13),15-13*ORÇAMENTO!$AF$7)*OFFSET(ORÇAMENTO!$W$15,ROW(AF132)-ROW(AF$15),0),15-13*ORÇAMENTO!$AF$11)),0)","v":0},{"$f":"IF(AND($D132=\"Serviço\",AG$12<>0,$H132>0,OR(AUTOEVENTO<>\"manual\",$M132<>1)),\nIF(Import.TipoArredondamento<>\"TransfereGOV\",\nROUND(OFFSET($P132,0,AG$13),15-13*ORÇAMENTO!$AF$7)/$H132*OFFSET(ORÇAMENTO!$X$15,ROW(AG132)-ROW(AG$15),0),\nROUND(ROUND(OFFSET($P132,0,AG$13),15-13*ORÇAMENTO!$AF$7)*OFFSET(ORÇAMENTO!$W$15,ROW(AG132)-ROW(AG$15),0),15-13*ORÇAMENTO!$AF$11)),0)","v":0},{"$f":"IF(AND($D132=\"Serviço\",AH$12<>0,$H132>0,OR(AUTOEVENTO<>\"manual\",$M132<>1)),\nIF(Import.TipoArredondamento<>\"TransfereGOV\",\nROUND(OFFSET($P132,0,AH$13),15-13*ORÇAMENTO!$AF$7)/$H132*OFFSET(ORÇAMENTO!$X$15,ROW(AH132)-ROW(AH$15),0),\nROUND(ROUND(OFFSET($P132,0,AH$13),15-13*ORÇAMENTO!$AF$7)*OFFSET(ORÇAMENTO!$W$15,ROW(AH132)-ROW(AH$15),0),15-13*ORÇAMENTO!$AF$11)),0)","v":0},{"$f":"IF(AND($D132=\"Serviço\",AI$12<>0,$H132>0,OR(AUTOEVENTO<>\"manual\",$M132<>1)),\nIF(Import.TipoArredondamento<>\"TransfereGOV\",\nROUND(OFFSET($P132,0,AI$13),15-13*ORÇAMENTO!$AF$7)/$H132*OFFSET(ORÇAMENTO!$X$15,ROW(AI132)-ROW(AI$15),0),\nROUND(ROUND(OFFSET($P132,0,AI$13),15-13*ORÇAMENTO!$AF$7)*OFFSET(ORÇAMENTO!$W$15,ROW(AI132)-ROW(AI$15),0),15-13*ORÇAMENTO!$AF$11)),0)","v":0},{"$f":"IF(AND($D132=\"Serviço\",AJ$12<>0,$H132>0,OR(AUTOEVENTO<>\"manual\",$M132<>1)),\nIF(Import.TipoArredondamento<>\"TransfereGOV\",\nROUND(OFFSET($P132,0,AJ$13),15-13*ORÇAMENTO!$AF$7)/$H132*OFFSET(ORÇAMENTO!$X$15,ROW(AJ132)-ROW(AJ$15),0),\nROUND(ROUND(OFFSET($P132,0,AJ$13),15-13*ORÇAMENTO!$AF$7)*OFFSET(ORÇAMENTO!$W$15,ROW(AJ132)-ROW(AJ$15),0),15-13*ORÇAMENTO!$AF$11)),0)","v":0},{"$f":"IF(AND($D132=\"Serviço\",AK$12<>0,$H132>0,OR(AUTOEVENTO<>\"manual\",$M132<>1)),\nIF(Import.TipoArredondamento<>\"TransfereGOV\",\nROUND(OFFSET($P132,0,AK$13),15-13*ORÇAMENTO!$AF$7)/$H132*OFFSET(ORÇAMENTO!$X$15,ROW(AK132)-ROW(AK$15),0),\nROUND(ROUND(OFFSET($P132,0,AK$13),15-13*ORÇAMENTO!$AF$7)*OFFSET(ORÇAMENTO!$W$15,ROW(AK132)-ROW(AK$15),0),15-13*ORÇAMENTO!$AF$11)),0)","v":0},null,{"$f":"IF($D132<>\"Serviço\",0,IF(AND(AUTOEVENTO=\"Manual\",$M132=1),0,IF(OFFSET(CRONOPLE!$F$14,$M132,AM$13)=\"\",10^12,OFFSET(CRONOPLE!$F$14,$M132,AM$13))))","v":1000000000000},{"$f":"IF($D132<>\"Serviço\",0,IF(AND(AUTOEVENTO=\"Manual\",$M132=1),0,IF(OFFSET(CRONOPLE!$F$14,$M132,AN$13)=\"\",10^12,OFFSET(CRONOPLE!$F$14,$M132,AN$13))))","v":1000000000000},{"$f":"IF($D132<>\"Serviço\",0,IF(AND(AUTOEVENTO=\"Manual\",$M132=1),0,IF(OFFSET(CRONOPLE!$F$14,$M132,AO$13)=\"\",10^12,OFFSET(CRONOPLE!$F$14,$M132,AO$13))))","v":1000000000000},{"$f":"IF($D132<>\"Serviço\",0,IF(AND(AUTOEVENTO=\"Manual\",$M132=1),0,IF(OFFSET(CRONOPLE!$F$14,$M132,AP$13)=\"\",10^12,OFFSET(CRONOPLE!$F$14,$M132,AP$13))))","v":1000000000000},{"$f":"IF($D132<>\"Serviço\",0,IF(AND(AUTOEVENTO=\"Manual\",$M132=1),0,IF(OFFSET(CRONOPLE!$F$14,$M132,AQ$13)=\"\",10^12,OFFSET(CRONOPLE!$F$14,$M132,AQ$13))))","v":1000000000000},{"$f":"IF($D132<>\"Serviço\",0,IF(AND(AUTOEVENTO=\"Manual\",$M132=1),0,IF(OFFSET(CRONOPLE!$F$14,$M132,AR$13)=\"\",10^12,OFFSET(CRONOPLE!$F$14,$M132,AR$13))))","v":1000000000000},{"$f":"IF($D132<>\"Serviço\",0,IF(AND(AUTOEVENTO=\"Manual\",$M132=1),0,IF(OFFSET(CRONOPLE!$F$14,$M132,AS$13)=\"\",10^12,OFFSET(CRONOPLE!$F$14,$M132,AS$13))))","v":1000000000000},{"$f":"IF($D132<>\"Serviço\",0,IF(AND(AUTOEVENTO=\"Manual\",$M132=1),0,IF(OFFSET(CRONOPLE!$F$14,$M132,AT$13)=\"\",10^12,OFFSET(CRONOPLE!$F$14,$M132,AT$13))))","v":1000000000000},{"$f":"IF($D132<>\"Serviço\",0,IF(AND(AUTOEVENTO=\"Manual\",$M132=1),0,IF(OFFSET(CRONOPLE!$F$14,$M132,AU$13)=\"\",10^12,OFFSET(CRONOPLE!$F$14,$M132,AU$13))))","v":1000000000000},{"$f":"IF($D132<>\"Serviço\",0,IF(AND(AUTOEVENTO=\"Manual\",$M132=1),0,IF(OFFSET(CRONOPLE!$F$14,$M132,AV$13)=\"\",10^12,OFFSET(CRONOPLE!$F$14,$M132,AV$13))))","v":1000000000000},null,{"$f":"IF($D132<>\"Serviço\",0,IF(OR(AND(AUTOEVENTO=\"Manual\",$M132=1),$M132>(ROW(PLE.lastrow)-ROW(PLE.firstrow))),0,IF(OFFSET(PLE!$G$14,$M132,AX$13)=\"\",10^12,OFFSET(PLE!$G$14,$M132,AX$13))))","v":1000000000000},{"$f":"IF($D132<>\"Serviço\",0,IF(OR(AND(AUTOEVENTO=\"Manual\",$M132=1),$M132>(ROW(PLE.lastrow)-ROW(PLE.firstrow))),0,IF(OFFSET(PLE!$G$14,$M132,AY$13)=\"\",10^12,OFFSET(PLE!$G$14,$M132,AY$13))))","v":1000000000000},{"$f":"IF($D132<>\"Serviço\",0,IF(OR(AND(AUTOEVENTO=\"Manual\",$M132=1),$M132>(ROW(PLE.lastrow)-ROW(PLE.firstrow))),0,IF(OFFSET(PLE!$G$14,$M132,AZ$13)=\"\",10^12,OFFSET(PLE!$G$14,$M132,AZ$13))))","v":1000000000000},{"$f":"IF($D132<>\"Serviço\",0,IF(OR(AND(AUTOEVENTO=\"Manual\",$M132=1),$M132>(ROW(PLE.lastrow)-ROW(PLE.firstrow))),0,IF(OFFSET(PLE!$G$14,$M132,BA$13)=\"\",10^12,OFFSET(PLE!$G$14,$M132,BA$13))))","v":1000000000000},{"$f":"IF($D132<>\"Serviço\",0,IF(OR(AND(AUTOEVENTO=\"Manual\",$M132=1),$M132>(ROW(PLE.lastrow)-ROW(PLE.firstrow))),0,IF(OFFSET(PLE!$G$14,$M132,BB$13)=\"\",10^12,OFFSET(PLE!$G$14,$M132,BB$13))))","v":1000000000000},{"$f":"IF($D132<>\"Serviço\",0,IF(OR(AND(AUTOEVENTO=\"Manual\",$M132=1),$M132>(ROW(PLE.lastrow)-ROW(PLE.firstrow))),0,IF(OFFSET(PLE!$G$14,$M132,BC$13)=\"\",10^12,OFFSET(PLE!$G$14,$M132,BC$13))))","v":1000000000000},{"$f":"IF($D132<>\"Serviço\",0,IF(OR(AND(AUTOEVENTO=\"Manual\",$M132=1),$M132>(ROW(PLE.lastrow)-ROW(PLE.firstrow))),0,IF(OFFSET(PLE!$G$14,$M132,BD$13)=\"\",10^12,OFFSET(PLE!$G$14,$M132,BD$13))))","v":1000000000000},{"$f":"IF($D132<>\"Serviço\",0,IF(OR(AND(AUTOEVENTO=\"Manual\",$M132=1),$M132>(ROW(PLE.lastrow)-ROW(PLE.firstrow))),0,IF(OFFSET(PLE!$G$14,$M132,BE$13)=\"\",10^12,OFFSET(PLE!$G$14,$M132,BE$13))))","v":1000000000000},{"$f":"IF($D132<>\"Serviço\",0,IF(OR(AND(AUTOEVENTO=\"Manual\",$M132=1),$M132>(ROW(PLE.lastrow)-ROW(PLE.firstrow))),0,IF(OFFSET(PLE!$G$14,$M132,BF$13)=\"\",10^12,OFFSET(PLE!$G$14,$M132,BF$13))))","v":1000000000000},{"$f":"IF($D132<>\"Serviço\",0,IF(OR(AND(AUTOEVENTO=\"Manual\",$M132=1),$M132>(ROW(PLE.lastrow)-ROW(PLE.firstrow))),0,IF(OFFSET(PLE!$G$14,$M132,BG$13)=\"\",10^12,OFFSET(PLE!$G$14,$M132,BG$13))))","v":1000000000000}]
["101",{"$f":"OFFSET(ORÇAMENTO!C$15,ROW(B133)-ROW(B$15),0)","v":"S"},{"$f":"OFFSET(ORÇAMENTO!L$15,ROW(C133)-ROW(C$15),0)","v":"F"},{"$f":"OFFSET(ORÇAMENTO!N$15,ROW(D133)-ROW(D$15),0)","v":"Serviço"},{"$f":"OFFSET(ORÇAMENTO!O$15,ROW(E133)-ROW(E$15),0)","v":"1.7.0.17."},{"$f":"OFFSET(ORÇAMENTO!R$15,ROW(F133)-ROW(F$15),0)","v":"ELETRODUTO FLEXÍVEL CORRUGADO, PEAD, DN 90 (3\"), PARA REDE ENTERRADA DE DISTRIBUIÇÃO DE ENERGIA ELÉTRICA - FORNECIMENTO E INSTALAÇÃO. AF_12/2021"},{"$f":"IF($D133<>\"Serviço\",\"\",OFFSET(ORÇAMENTO!S$15,ROW(G133)-ROW(G$15),0))","v":"M"},{"$f":"IF($D133<>\"Serviço\",0,IF(ACOMPANHAMENTO=\"BM\",ROUND(OFFSET(ORÇAMENTO!AJ$15,ROW(H133)-ROW(H$15),0),15-13*ORÇAMENTO!$AF$7),SUMPRODUCT(($Q$12:$AA$12<>\"\")*ROUND($Q133:$AA133,15-13*ORÇAMENTO!$AF$7))))","v":23.94},null,null,null,".",{"$f":"IF($D133<>\"Serviço\",\"\",IF(AUTOEVENTO=\"manual\",$A133,IF(ISERROR(MATCH($A133,$A$15:OFFSET($A133,-1,0),0)),MAX($M$15:OFFSET(M133,-1,0))+1,INDEX($M$15:OFFSET(M133,-1,0),MATCH($A133,$A$15:OFFSET($A133,-1,0),0)))))","v":8},{"$f":"IF($D133<>\"Serviço\",\"\",IF(AUTOEVENTO=\"Manual\",IF($A133=0,\"<-- defina o número do agrupador\",OFFSET(EVENTOS!$D$14,$A133,0)),OFFSET($F$15,$A133,0)))","v":"INSTALAÇÕES ELÉTRICAS"},null,null,null,null,null,null,null,null,null,null,null,null,null,{"$f":"IF(AND($D133=\"Serviço\",AB$12<>0,$H133>0,OR(AUTOEVENTO<>\"manual\",$M133<>1)),\nIF(Import.TipoArredondamento<>\"TransfereGOV\",\nROUND(OFFSET($P133,0,AB$13),15-13*ORÇAMENTO!$AF$7)/$H133*OFFSET(ORÇAMENTO!$X$15,ROW(AB133)-ROW(AB$15),0),\nROUND(ROUND(OFFSET($P133,0,AB$13),15-13*ORÇAMENTO!$AF$7)*OFFSET(ORÇAMENTO!$W$15,ROW(AB133)-ROW(AB$15),0),15-13*ORÇAMENTO!$AF$11)),0)","v":0},{"$f":"IF(AND($D133=\"Serviço\",AC$12<>0,$H133>0,OR(AUTOEVENTO<>\"manual\",$M133<>1)),\nIF(Import.TipoArredondamento<>\"TransfereGOV\",\nROUND(OFFSET($P133,0,AC$13),15-13*ORÇAMENTO!$AF$7)/$H133*OFFSET(ORÇAMENTO!$X$15,ROW(AC133)-ROW(AC$15),0),\nROUND(ROUND(OFFSET($P133,0,AC$13),15-13*ORÇAMENTO!$AF$7)*OFFSET(ORÇAMENTO!$W$15,ROW(AC133)-ROW(AC$15),0),15-13*ORÇAMENTO!$AF$11)),0)","v":0},{"$f":"IF(AND($D133=\"Serviço\",AD$12<>0,$H133>0,OR(AUTOEVENTO<>\"manual\",$M133<>1)),\nIF(Import.TipoArredondamento<>\"TransfereGOV\",\nROUND(OFFSET($P133,0,AD$13),15-13*ORÇAMENTO!$AF$7)/$H133*OFFSET(ORÇAMENTO!$X$15,ROW(AD133)-ROW(AD$15),0),\nROUND(ROUND(OFFSET($P133,0,AD$13),15-13*ORÇAMENTO!$AF$7)*OFFSET(ORÇAMENTO!$W$15,ROW(AD133)-ROW(AD$15),0),15-13*ORÇAMENTO!$AF$11)),0)","v":0},{"$f":"IF(AND($D133=\"Serviço\",AE$12<>0,$H133>0,OR(AUTOEVENTO<>\"manual\",$M133<>1)),\nIF(Import.TipoArredondamento<>\"TransfereGOV\",\nROUND(OFFSET($P133,0,AE$13),15-13*ORÇAMENTO!$AF$7)/$H133*OFFSET(ORÇAMENTO!$X$15,ROW(AE133)-ROW(AE$15),0),\nROUND(ROUND(OFFSET($P133,0,AE$13),15-13*ORÇAMENTO!$AF$7)*OFFSET(ORÇAMENTO!$W$15,ROW(AE133)-ROW(AE$15),0),15-13*ORÇAMENTO!$AF$11)),0)","v":0},{"$f":"IF(AND($D133=\"Serviço\",AF$12<>0,$H133>0,OR(AUTOEVENTO<>\"manual\",$M133<>1)),\nIF(Import.TipoArredondamento<>\"TransfereGOV\",\nROUND(OFFSET($P133,0,AF$13),15-13*ORÇAMENTO!$AF$7)/$H133*OFFSET(ORÇAMENTO!$X$15,ROW(AF133)-ROW(AF$15),0),\nROUND(ROUND(OFFSET($P133,0,AF$13),15-13*ORÇAMENTO!$AF$7)*OFFSET(ORÇAMENTO!$W$15,ROW(AF133)-ROW(AF$15),0),15-13*ORÇAMENTO!$AF$11)),0)","v":0},{"$f":"IF(AND($D133=\"Serviço\",AG$12<>0,$H133>0,OR(AUTOEVENTO<>\"manual\",$M133<>1)),\nIF(Import.TipoArredondamento<>\"TransfereGOV\",\nROUND(OFFSET($P133,0,AG$13),15-13*ORÇAMENTO!$AF$7)/$H133*OFFSET(ORÇAMENTO!$X$15,ROW(AG133)-ROW(AG$15),0),\nROUND(ROUND(OFFSET($P133,0,AG$13),15-13*ORÇAMENTO!$AF$7)*OFFSET(ORÇAMENTO!$W$15,ROW(AG133)-ROW(AG$15),0),15-13*ORÇAMENTO!$AF$11)),0)","v":0},{"$f":"IF(AND($D133=\"Serviço\",AH$12<>0,$H133>0,OR(AUTOEVENTO<>\"manual\",$M133<>1)),\nIF(Import.TipoArredondamento<>\"TransfereGOV\",\nROUND(OFFSET($P133,0,AH$13),15-13*ORÇAMENTO!$AF$7)/$H133*OFFSET(ORÇAMENTO!$X$15,ROW(AH133)-ROW(AH$15),0),\nROUND(ROUND(OFFSET($P133,0,AH$13),15-13*ORÇAMENTO!$AF$7)*OFFSET(ORÇAMENTO!$W$15,ROW(AH133)-ROW(AH$15),0),15-13*ORÇAMENTO!$AF$11)),0)","v":0},{"$f":"IF(AND($D133=\"Serviço\",AI$12<>0,$H133>0,OR(AUTOEVENTO<>\"manual\",$M133<>1)),\nIF(Import.TipoArredondamento<>\"TransfereGOV\",\nROUND(OFFSET($P133,0,AI$13),15-13*ORÇAMENTO!$AF$7)/$H133*OFFSET(ORÇAMENTO!$X$15,ROW(AI133)-ROW(AI$15),0),\nROUND(ROUND(OFFSET($P133,0,AI$13),15-13*ORÇAMENTO!$AF$7)*OFFSET(ORÇAMENTO!$W$15,ROW(AI133)-ROW(AI$15),0),15-13*ORÇAMENTO!$AF$11)),0)","v":0},{"$f":"IF(AND($D133=\"Serviço\",AJ$12<>0,$H133>0,OR(AUTOEVENTO<>\"manual\",$M133<>1)),\nIF(Import.TipoArredondamento<>\"TransfereGOV\",\nROUND(OFFSET($P133,0,AJ$13),15-13*ORÇAMENTO!$AF$7)/$H133*OFFSET(ORÇAMENTO!$X$15,ROW(AJ133)-ROW(AJ$15),0),\nROUND(ROUND(OFFSET($P133,0,AJ$13),15-13*ORÇAMENTO!$AF$7)*OFFSET(ORÇAMENTO!$W$15,ROW(AJ133)-ROW(AJ$15),0),15-13*ORÇAMENTO!$AF$11)),0)","v":0},{"$f":"IF(AND($D133=\"Serviço\",AK$12<>0,$H133>0,OR(AUTOEVENTO<>\"manual\",$M133<>1)),\nIF(Import.TipoArredondamento<>\"TransfereGOV\",\nROUND(OFFSET($P133,0,AK$13),15-13*ORÇAMENTO!$AF$7)/$H133*OFFSET(ORÇAMENTO!$X$15,ROW(AK133)-ROW(AK$15),0),\nROUND(ROUND(OFFSET($P133,0,AK$13),15-13*ORÇAMENTO!$AF$7)*OFFSET(ORÇAMENTO!$W$15,ROW(AK133)-ROW(AK$15),0),15-13*ORÇAMENTO!$AF$11)),0)","v":0},null,{"$f":"IF($D133<>\"Serviço\",0,IF(AND(AUTOEVENTO=\"Manual\",$M133=1),0,IF(OFFSET(CRONOPLE!$F$14,$M133,AM$13)=\"\",10^12,OFFSET(CRONOPLE!$F$14,$M133,AM$13))))","v":1000000000000},{"$f":"IF($D133<>\"Serviço\",0,IF(AND(AUTOEVENTO=\"Manual\",$M133=1),0,IF(OFFSET(CRONOPLE!$F$14,$M133,AN$13)=\"\",10^12,OFFSET(CRONOPLE!$F$14,$M133,AN$13))))","v":1000000000000},{"$f":"IF($D133<>\"Serviço\",0,IF(AND(AUTOEVENTO=\"Manual\",$M133=1),0,IF(OFFSET(CRONOPLE!$F$14,$M133,AO$13)=\"\",10^12,OFFSET(CRONOPLE!$F$14,$M133,AO$13))))","v":1000000000000},{"$f":"IF($D133<>\"Serviço\",0,IF(AND(AUTOEVENTO=\"Manual\",$M133=1),0,IF(OFFSET(CRONOPLE!$F$14,$M133,AP$13)=\"\",10^12,OFFSET(CRONOPLE!$F$14,$M133,AP$13))))","v":1000000000000},{"$f":"IF($D133<>\"Serviço\",0,IF(AND(AUTOEVENTO=\"Manual\",$M133=1),0,IF(OFFSET(CRONOPLE!$F$14,$M133,AQ$13)=\"\",10^12,OFFSET(CRONOPLE!$F$14,$M133,AQ$13))))","v":1000000000000},{"$f":"IF($D133<>\"Serviço\",0,IF(AND(AUTOEVENTO=\"Manual\",$M133=1),0,IF(OFFSET(CRONOPLE!$F$14,$M133,AR$13)=\"\",10^12,OFFSET(CRONOPLE!$F$14,$M133,AR$13))))","v":1000000000000},{"$f":"IF($D133<>\"Serviço\",0,IF(AND(AUTOEVENTO=\"Manual\",$M133=1),0,IF(OFFSET(CRONOPLE!$F$14,$M133,AS$13)=\"\",10^12,OFFSET(CRONOPLE!$F$14,$M133,AS$13))))","v":1000000000000},{"$f":"IF($D133<>\"Serviço\",0,IF(AND(AUTOEVENTO=\"Manual\",$M133=1),0,IF(OFFSET(CRONOPLE!$F$14,$M133,AT$13)=\"\",10^12,OFFSET(CRONOPLE!$F$14,$M133,AT$13))))","v":1000000000000},{"$f":"IF($D133<>\"Serviço\",0,IF(AND(AUTOEVENTO=\"Manual\",$M133=1),0,IF(OFFSET(CRONOPLE!$F$14,$M133,AU$13)=\"\",10^12,OFFSET(CRONOPLE!$F$14,$M133,AU$13))))","v":1000000000000},{"$f":"IF($D133<>\"Serviço\",0,IF(AND(AUTOEVENTO=\"Manual\",$M133=1),0,IF(OFFSET(CRONOPLE!$F$14,$M133,AV$13)=\"\",10^12,OFFSET(CRONOPLE!$F$14,$M133,AV$13))))","v":1000000000000},null,{"$f":"IF($D133<>\"Serviço\",0,IF(OR(AND(AUTOEVENTO=\"Manual\",$M133=1),$M133>(ROW(PLE.lastrow)-ROW(PLE.firstrow))),0,IF(OFFSET(PLE!$G$14,$M133,AX$13)=\"\",10^12,OFFSET(PLE!$G$14,$M133,AX$13))))","v":1000000000000},{"$f":"IF($D133<>\"Serviço\",0,IF(OR(AND(AUTOEVENTO=\"Manual\",$M133=1),$M133>(ROW(PLE.lastrow)-ROW(PLE.firstrow))),0,IF(OFFSET(PLE!$G$14,$M133,AY$13)=\"\",10^12,OFFSET(PLE!$G$14,$M133,AY$13))))","v":1000000000000},{"$f":"IF($D133<>\"Serviço\",0,IF(OR(AND(AUTOEVENTO=\"Manual\",$M133=1),$M133>(ROW(PLE.lastrow)-ROW(PLE.firstrow))),0,IF(OFFSET(PLE!$G$14,$M133,AZ$13)=\"\",10^12,OFFSET(PLE!$G$14,$M133,AZ$13))))","v":1000000000000},{"$f":"IF($D133<>\"Serviço\",0,IF(OR(AND(AUTOEVENTO=\"Manual\",$M133=1),$M133>(ROW(PLE.lastrow)-ROW(PLE.firstrow))),0,IF(OFFSET(PLE!$G$14,$M133,BA$13)=\"\",10^12,OFFSET(PLE!$G$14,$M133,BA$13))))","v":1000000000000},{"$f":"IF($D133<>\"Serviço\",0,IF(OR(AND(AUTOEVENTO=\"Manual\",$M133=1),$M133>(ROW(PLE.lastrow)-ROW(PLE.firstrow))),0,IF(OFFSET(PLE!$G$14,$M133,BB$13)=\"\",10^12,OFFSET(PLE!$G$14,$M133,BB$13))))","v":1000000000000},{"$f":"IF($D133<>\"Serviço\",0,IF(OR(AND(AUTOEVENTO=\"Manual\",$M133=1),$M133>(ROW(PLE.lastrow)-ROW(PLE.firstrow))),0,IF(OFFSET(PLE!$G$14,$M133,BC$13)=\"\",10^12,OFFSET(PLE!$G$14,$M133,BC$13))))","v":1000000000000},{"$f":"IF($D133<>\"Serviço\",0,IF(OR(AND(AUTOEVENTO=\"Manual\",$M133=1),$M133>(ROW(PLE.lastrow)-ROW(PLE.firstrow))),0,IF(OFFSET(PLE!$G$14,$M133,BD$13)=\"\",10^12,OFFSET(PLE!$G$14,$M133,BD$13))))","v":1000000000000},{"$f":"IF($D133<>\"Serviço\",0,IF(OR(AND(AUTOEVENTO=\"Manual\",$M133=1),$M133>(ROW(PLE.lastrow)-ROW(PLE.firstrow))),0,IF(OFFSET(PLE!$G$14,$M133,BE$13)=\"\",10^12,OFFSET(PLE!$G$14,$M133,BE$13))))","v":1000000000000},{"$f":"IF($D133<>\"Serviço\",0,IF(OR(AND(AUTOEVENTO=\"Manual\",$M133=1),$M133>(ROW(PLE.lastrow)-ROW(PLE.firstrow))),0,IF(OFFSET(PLE!$G$14,$M133,BF$13)=\"\",10^12,OFFSET(PLE!$G$14,$M133,BF$13))))","v":1000000000000},{"$f":"IF($D133<>\"Serviço\",0,IF(OR(AND(AUTOEVENTO=\"Manual\",$M133=1),$M133>(ROW(PLE.lastrow)-ROW(PLE.firstrow))),0,IF(OFFSET(PLE!$G$14,$M133,BG$13)=\"\",10^12,OFFSET(PLE!$G$14,$M133,BG$13))))","v":1000000000000}]
["101",{"$f":"OFFSET(ORÇAMENTO!C$15,ROW(B134)-ROW(B$15),0)","v":"S"},{"$f":"OFFSET(ORÇAMENTO!L$15,ROW(C134)-ROW(C$15),0)","v":"F"},{"$f":"OFFSET(ORÇAMENTO!N$15,ROW(D134)-ROW(D$15),0)","v":"Serviço"},{"$f":"OFFSET(ORÇAMENTO!O$15,ROW(E134)-ROW(E$15),0)","v":"1.7.0.18."},{"$f":"OFFSET(ORÇAMENTO!R$15,ROW(F134)-ROW(F$15),0)","v":"CABO DE COBRE FLEXÍVEL ISOLADO, 2,5 MM², ANTI-CHAMA 450/750 V, PARA CIRCUITOS TERMINAIS - FORNECIMENTO E INSTALAÇÃO. AF_03/2023"},{"$f":"IF($D134<>\"Serviço\",\"\",OFFSET(ORÇAMENTO!S$15,ROW(G134)-ROW(G$15),0))","v":"M"},{"$f":"IF($D134<>\"Serviço\",0,IF(ACOMPANHAMENTO=\"BM\",ROUND(OFFSET(ORÇAMENTO!AJ$15,ROW(H134)-ROW(H$15),0),15-13*ORÇAMENTO!$AF$7),SUMPRODUCT(($Q$12:$AA$12<>\"\")*ROUND($Q134:$AA134,15-13*ORÇAMENTO!$AF$7))))","v":591.84},null,null,null,".",{"$f":"IF($D134<>\"Serviço\",\"\",IF(AUTOEVENTO=\"manual\",$A134,IF(ISERROR(MATCH($A134,$A$15:OFFSET($A134,-1,0),0)),MAX($M$15:OFFSET(M134,-1,0))+1,INDEX($M$15:OFFSET(M134,-1,0),MATCH($A134,$A$15:OFFSET($A134,-1,0),0)))))","v":8},{"$f":"IF($D134<>\"Serviço\",\"\",IF(AUTOEVENTO=\"Manual\",IF($A134=0,\"<-- defina o número do agrupador\",OFFSET(EVENTOS!$D$14,$A134,0)),OFFSET($F$15,$A134,0)))","v":"INSTALAÇÕES ELÉTRICAS"},null,null,null,null,null,null,null,null,null,null,null,null,null,{"$f":"IF(AND($D134=\"Serviço\",AB$12<>0,$H134>0,OR(AUTOEVENTO<>\"manual\",$M134<>1)),\nIF(Import.TipoArredondamento<>\"TransfereGOV\",\nROUND(OFFSET($P134,0,AB$13),15-13*ORÇAMENTO!$AF$7)/$H134*OFFSET(ORÇAMENTO!$X$15,ROW(AB134)-ROW(AB$15),0),\nROUND(ROUND(OFFSET($P134,0,AB$13),15-13*ORÇAMENTO!$AF$7)*OFFSET(ORÇAMENTO!$W$15,ROW(AB134)-ROW(AB$15),0),15-13*ORÇAMENTO!$AF$11)),0)","v":0},{"$f":"IF(AND($D134=\"Serviço\",AC$12<>0,$H134>0,OR(AUTOEVENTO<>\"manual\",$M134<>1)),\nIF(Import.TipoArredondamento<>\"TransfereGOV\",\nROUND(OFFSET($P134,0,AC$13),15-13*ORÇAMENTO!$AF$7)/$H134*OFFSET(ORÇAMENTO!$X$15,ROW(AC134)-ROW(AC$15),0),\nROUND(ROUND(OFFSET($P134,0,AC$13),15-13*ORÇAMENTO!$AF$7)*OFFSET(ORÇAMENTO!$W$15,ROW(AC134)-ROW(AC$15),0),15-13*ORÇAMENTO!$AF$11)),0)","v":0},{"$f":"IF(AND($D134=\"Serviço\",AD$12<>0,$H134>0,OR(AUTOEVENTO<>\"manual\",$M134<>1)),\nIF(Import.TipoArredondamento<>\"TransfereGOV\",\nROUND(OFFSET($P134,0,AD$13),15-13*ORÇAMENTO!$AF$7)/$H134*OFFSET(ORÇAMENTO!$X$15,ROW(AD134)-ROW(AD$15),0),\nROUND(ROUND(OFFSET($P134,0,AD$13),15-13*ORÇAMENTO!$AF$7)*OFFSET(ORÇAMENTO!$W$15,ROW(AD134)-ROW(AD$15),0),15-13*ORÇAMENTO!$AF$11)),0)","v":0},{"$f":"IF(AND($D134=\"Serviço\",AE$12<>0,$H134>0,OR(AUTOEVENTO<>\"manual\",$M134<>1)),\nIF(Import.TipoArredondamento<>\"TransfereGOV\",\nROUND(OFFSET($P134,0,AE$13),15-13*ORÇAMENTO!$AF$7)/$H134*OFFSET(ORÇAMENTO!$X$15,ROW(AE134)-ROW(AE$15),0),\nROUND(ROUND(OFFSET($P134,0,AE$13),15-13*ORÇAMENTO!$AF$7)*OFFSET(ORÇAMENTO!$W$15,ROW(AE134)-ROW(AE$15),0),15-13*ORÇAMENTO!$AF$11)),0)","v":0},{"$f":"IF(AND($D134=\"Serviço\",AF$12<>0,$H134>0,OR(AUTOEVENTO<>\"manual\",$M134<>1)),\nIF(Import.TipoArredondamento<>\"TransfereGOV\",\nROUND(OFFSET($P134,0,AF$13),15-13*ORÇAMENTO!$AF$7)/$H134*OFFSET(ORÇAMENTO!$X$15,ROW(AF134)-ROW(AF$15),0),\nROUND(ROUND(OFFSET($P134,0,AF$13),15-13*ORÇAMENTO!$AF$7)*OFFSET(ORÇAMENTO!$W$15,ROW(AF134)-ROW(AF$15),0),15-13*ORÇAMENTO!$AF$11)),0)","v":0},{"$f":"IF(AND($D134=\"Serviço\",AG$12<>0,$H134>0,OR(AUTOEVENTO<>\"manual\",$M134<>1)),\nIF(Import.TipoArredondamento<>\"TransfereGOV\",\nROUND(OFFSET($P134,0,AG$13),15-13*ORÇAMENTO!$AF$7)/$H134*OFFSET(ORÇAMENTO!$X$15,ROW(AG134)-ROW(AG$15),0),\nROUND(ROUND(OFFSET($P134,0,AG$13),15-13*ORÇAMENTO!$AF$7)*OFFSET(ORÇAMENTO!$W$15,ROW(AG134)-ROW(AG$15),0),15-13*ORÇAMENTO!$AF$11)),0)","v":0},{"$f":"IF(AND($D134=\"Serviço\",AH$12<>0,$H134>0,OR(AUTOEVENTO<>\"manual\",$M134<>1)),\nIF(Import.TipoArredondamento<>\"TransfereGOV\",\nROUND(OFFSET($P134,0,AH$13),15-13*ORÇAMENTO!$AF$7)/$H134*OFFSET(ORÇAMENTO!$X$15,ROW(AH134)-ROW(AH$15),0),\nROUND(ROUND(OFFSET($P134,0,AH$13),15-13*ORÇAMENTO!$AF$7)*OFFSET(ORÇAMENTO!$W$15,ROW(AH134)-ROW(AH$15),0),15-13*ORÇAMENTO!$AF$11)),0)","v":0},{"$f":"IF(AND($D134=\"Serviço\",AI$12<>0,$H134>0,OR(AUTOEVENTO<>\"manual\",$M134<>1)),\nIF(Import.TipoArredondamento<>\"TransfereGOV\",\nROUND(OFFSET($P134,0,AI$13),15-13*ORÇAMENTO!$AF$7)/$H134*OFFSET(ORÇAMENTO!$X$15,ROW(AI134)-ROW(AI$15),0),\nROUND(ROUND(OFFSET($P134,0,AI$13),15-13*ORÇAMENTO!$AF$7)*OFFSET(ORÇAMENTO!$W$15,ROW(AI134)-ROW(AI$15),0),15-13*ORÇAMENTO!$AF$11)),0)","v":0},{"$f":"IF(AND($D134=\"Serviço\",AJ$12<>0,$H134>0,OR(AUTOEVENTO<>\"manual\",$M134<>1)),\nIF(Import.TipoArredondamento<>\"TransfereGOV\",\nROUND(OFFSET($P134,0,AJ$13),15-13*ORÇAMENTO!$AF$7)/$H134*OFFSET(ORÇAMENTO!$X$15,ROW(AJ134)-ROW(AJ$15),0),\nROUND(ROUND(OFFSET($P134,0,AJ$13),15-13*ORÇAMENTO!$AF$7)*OFFSET(ORÇAMENTO!$W$15,ROW(AJ134)-ROW(AJ$15),0),15-13*ORÇAMENTO!$AF$11)),0)","v":0},{"$f":"IF(AND($D134=\"Serviço\",AK$12<>0,$H134>0,OR(AUTOEVENTO<>\"manual\",$M134<>1)),\nIF(Import.TipoArredondamento<>\"TransfereGOV\",\nROUND(OFFSET($P134,0,AK$13),15-13*ORÇAMENTO!$AF$7)/$H134*OFFSET(ORÇAMENTO!$X$15,ROW(AK134)-ROW(AK$15),0),\nROUND(ROUND(OFFSET($P134,0,AK$13),15-13*ORÇAMENTO!$AF$7)*OFFSET(ORÇAMENTO!$W$15,ROW(AK134)-ROW(AK$15),0),15-13*ORÇAMENTO!$AF$11)),0)","v":0},null,{"$f":"IF($D134<>\"Serviço\",0,IF(AND(AUTOEVENTO=\"Manual\",$M134=1),0,IF(OFFSET(CRONOPLE!$F$14,$M134,AM$13)=\"\",10^12,OFFSET(CRONOPLE!$F$14,$M134,AM$13))))","v":1000000000000},{"$f":"IF($D134<>\"Serviço\",0,IF(AND(AUTOEVENTO=\"Manual\",$M134=1),0,IF(OFFSET(CRONOPLE!$F$14,$M134,AN$13)=\"\",10^12,OFFSET(CRONOPLE!$F$14,$M134,AN$13))))","v":1000000000000},{"$f":"IF($D134<>\"Serviço\",0,IF(AND(AUTOEVENTO=\"Manual\",$M134=1),0,IF(OFFSET(CRONOPLE!$F$14,$M134,AO$13)=\"\",10^12,OFFSET(CRONOPLE!$F$14,$M134,AO$13))))","v":1000000000000},{"$f":"IF($D134<>\"Serviço\",0,IF(AND(AUTOEVENTO=\"Manual\",$M134=1),0,IF(OFFSET(CRONOPLE!$F$14,$M134,AP$13)=\"\",10^12,OFFSET(CRONOPLE!$F$14,$M134,AP$13))))","v":1000000000000},{"$f":"IF($D134<>\"Serviço\",0,IF(AND(AUTOEVENTO=\"Manual\",$M134=1),0,IF(OFFSET(CRONOPLE!$F$14,$M134,AQ$13)=\"\",10^12,OFFSET(CRONOPLE!$F$14,$M134,AQ$13))))","v":1000000000000},{"$f":"IF($D134<>\"Serviço\",0,IF(AND(AUTOEVENTO=\"Manual\",$M134=1),0,IF(OFFSET(CRONOPLE!$F$14,$M134,AR$13)=\"\",10^12,OFFSET(CRONOPLE!$F$14,$M134,AR$13))))","v":1000000000000},{"$f":"IF($D134<>\"Serviço\",0,IF(AND(AUTOEVENTO=\"Manual\",$M134=1),0,IF(OFFSET(CRONOPLE!$F$14,$M134,AS$13)=\"\",10^12,OFFSET(CRONOPLE!$F$14,$M134,AS$13))))","v":1000000000000},{"$f":"IF($D134<>\"Serviço\",0,IF(AND(AUTOEVENTO=\"Manual\",$M134=1),0,IF(OFFSET(CRONOPLE!$F$14,$M134,AT$13)=\"\",10^12,OFFSET(CRONOPLE!$F$14,$M134,AT$13))))","v":1000000000000},{"$f":"IF($D134<>\"Serviço\",0,IF(AND(AUTOEVENTO=\"Manual\",$M134=1),0,IF(OFFSET(CRONOPLE!$F$14,$M134,AU$13)=\"\",10^12,OFFSET(CRONOPLE!$F$14,$M134,AU$13))))","v":1000000000000},{"$f":"IF($D134<>\"Serviço\",0,IF(AND(AUTOEVENTO=\"Manual\",$M134=1),0,IF(OFFSET(CRONOPLE!$F$14,$M134,AV$13)=\"\",10^12,OFFSET(CRONOPLE!$F$14,$M134,AV$13))))","v":1000000000000},null,{"$f":"IF($D134<>\"Serviço\",0,IF(OR(AND(AUTOEVENTO=\"Manual\",$M134=1),$M134>(ROW(PLE.lastrow)-ROW(PLE.firstrow))),0,IF(OFFSET(PLE!$G$14,$M134,AX$13)=\"\",10^12,OFFSET(PLE!$G$14,$M134,AX$13))))","v":1000000000000},{"$f":"IF($D134<>\"Serviço\",0,IF(OR(AND(AUTOEVENTO=\"Manual\",$M134=1),$M134>(ROW(PLE.lastrow)-ROW(PLE.firstrow))),0,IF(OFFSET(PLE!$G$14,$M134,AY$13)=\"\",10^12,OFFSET(PLE!$G$14,$M134,AY$13))))","v":1000000000000},{"$f":"IF($D134<>\"Serviço\",0,IF(OR(AND(AUTOEVENTO=\"Manual\",$M134=1),$M134>(ROW(PLE.lastrow)-ROW(PLE.firstrow))),0,IF(OFFSET(PLE!$G$14,$M134,AZ$13)=\"\",10^12,OFFSET(PLE!$G$14,$M134,AZ$13))))","v":1000000000000},{"$f":"IF($D134<>\"Serviço\",0,IF(OR(AND(AUTOEVENTO=\"Manual\",$M134=1),$M134>(ROW(PLE.lastrow)-ROW(PLE.firstrow))),0,IF(OFFSET(PLE!$G$14,$M134,BA$13)=\"\",10^12,OFFSET(PLE!$G$14,$M134,BA$13))))","v":1000000000000},{"$f":"IF($D134<>\"Serviço\",0,IF(OR(AND(AUTOEVENTO=\"Manual\",$M134=1),$M134>(ROW(PLE.lastrow)-ROW(PLE.firstrow))),0,IF(OFFSET(PLE!$G$14,$M134,BB$13)=\"\",10^12,OFFSET(PLE!$G$14,$M134,BB$13))))","v":1000000000000},{"$f":"IF($D134<>\"Serviço\",0,IF(OR(AND(AUTOEVENTO=\"Manual\",$M134=1),$M134>(ROW(PLE.lastrow)-ROW(PLE.firstrow))),0,IF(OFFSET(PLE!$G$14,$M134,BC$13)=\"\",10^12,OFFSET(PLE!$G$14,$M134,BC$13))))","v":1000000000000},{"$f":"IF($D134<>\"Serviço\",0,IF(OR(AND(AUTOEVENTO=\"Manual\",$M134=1),$M134>(ROW(PLE.lastrow)-ROW(PLE.firstrow))),0,IF(OFFSET(PLE!$G$14,$M134,BD$13)=\"\",10^12,OFFSET(PLE!$G$14,$M134,BD$13))))","v":1000000000000},{"$f":"IF($D134<>\"Serviço\",0,IF(OR(AND(AUTOEVENTO=\"Manual\",$M134=1),$M134>(ROW(PLE.lastrow)-ROW(PLE.firstrow))),0,IF(OFFSET(PLE!$G$14,$M134,BE$13)=\"\",10^12,OFFSET(PLE!$G$14,$M134,BE$13))))","v":1000000000000},{"$f":"IF($D134<>\"Serviço\",0,IF(OR(AND(AUTOEVENTO=\"Manual\",$M134=1),$M134>(ROW(PLE.lastrow)-ROW(PLE.firstrow))),0,IF(OFFSET(PLE!$G$14,$M134,BF$13)=\"\",10^12,OFFSET(PLE!$G$14,$M134,BF$13))))","v":1000000000000},{"$f":"IF($D134<>\"Serviço\",0,IF(OR(AND(AUTOEVENTO=\"Manual\",$M134=1),$M134>(ROW(PLE.lastrow)-ROW(PLE.firstrow))),0,IF(OFFSET(PLE!$G$14,$M134,BG$13)=\"\",10^12,OFFSET(PLE!$G$14,$M134,BG$13))))","v":1000000000000}]
["101",{"$f":"OFFSET(ORÇAMENTO!C$15,ROW(B135)-ROW(B$15),0)","v":"S"},{"$f":"OFFSET(ORÇAMENTO!L$15,ROW(C135)-ROW(C$15),0)","v":"F"},{"$f":"OFFSET(ORÇAMENTO!N$15,ROW(D135)-ROW(D$15),0)","v":"Serviço"},{"$f":"OFFSET(ORÇAMENTO!O$15,ROW(E135)-ROW(E$15),0)","v":"1.7.0.19."},{"$f":"OFFSET(ORÇAMENTO!R$15,ROW(F135)-ROW(F$15),0)","v":"LUMINÁRIA TIPO CALHA, DE SOBREPOR, COM 2 LÂMPADAS TUBULARES FLUORESCENTES DE 36 W, COM REATOR DE PARTIDA RÁPIDA - FORNECIMENTO E INSTALAÇÃO. AF_02/2020"},{"$f":"IF($D135<>\"Serviço\",\"\",OFFSET(ORÇAMENTO!S$15,ROW(G135)-ROW(G$15),0))","v":"UN"},{"$f":"IF($D135<>\"Serviço\",0,IF(ACOMPANHAMENTO=\"BM\",ROUND(OFFSET(ORÇAMENTO!AJ$15,ROW(H135)-ROW(H$15),0),15-13*ORÇAMENTO!$AF$7),SUMPRODUCT(($Q$12:$AA$12<>\"\")*ROUND($Q135:$AA135,15-13*ORÇAMENTO!$AF$7))))","v":13},null,null,null,".",{"$f":"IF($D135<>\"Serviço\",\"\",IF(AUTOEVENTO=\"manual\",$A135,IF(ISERROR(MATCH($A135,$A$15:OFFSET($A135,-1,0),0)),MAX($M$15:OFFSET(M135,-1,0))+1,INDEX($M$15:OFFSET(M135,-1,0),MATCH($A135,$A$15:OFFSET($A135,-1,0),0)))))","v":8},{"$f":"IF($D135<>\"Serviço\",\"\",IF(AUTOEVENTO=\"Manual\",IF($A135=0,\"<-- defina o número do agrupador\",OFFSET(EVENTOS!$D$14,$A135,0)),OFFSET($F$15,$A135,0)))","v":"INSTALAÇÕES ELÉTRICAS"},null,null,null,null,null,null,null,null,null,null,null,null,null,{"$f":"IF(AND($D135=\"Serviço\",AB$12<>0,$H135>0,OR(AUTOEVENTO<>\"manual\",$M135<>1)),\nIF(Import.TipoArredondamento<>\"TransfereGOV\",\nROUND(OFFSET($P135,0,AB$13),15-13*ORÇAMENTO!$AF$7)/$H135*OFFSET(ORÇAMENTO!$X$15,ROW(AB135)-ROW(AB$15),0),\nROUND(ROUND(OFFSET($P135,0,AB$13),15-13*ORÇAMENTO!$AF$7)*OFFSET(ORÇAMENTO!$W$15,ROW(AB135)-ROW(AB$15),0),15-13*ORÇAMENTO!$AF$11)),0)","v":0},{"$f":"IF(AND($D135=\"Serviço\",AC$12<>0,$H135>0,OR(AUTOEVENTO<>\"manual\",$M135<>1)),\nIF(Import.TipoArredondamento<>\"TransfereGOV\",\nROUND(OFFSET($P135,0,AC$13),15-13*ORÇAMENTO!$AF$7)/$H135*OFFSET(ORÇAMENTO!$X$15,ROW(AC135)-ROW(AC$15),0),\nROUND(ROUND(OFFSET($P135,0,AC$13),15-13*ORÇAMENTO!$AF$7)*OFFSET(ORÇAMENTO!$W$15,ROW(AC135)-ROW(AC$15),0),15-13*ORÇAMENTO!$AF$11)),0)","v":0},{"$f":"IF(AND($D135=\"Serviço\",AD$12<>0,$H135>0,OR(AUTOEVENTO<>\"manual\",$M135<>1)),\nIF(Import.TipoArredondamento<>\"TransfereGOV\",\nROUND(OFFSET($P135,0,AD$13),15-13*ORÇAMENTO!$AF$7)/$H135*OFFSET(ORÇAMENTO!$X$15,ROW(AD135)-ROW(AD$15),0),\nROUND(ROUND(OFFSET($P135,0,AD$13),15-13*ORÇAMENTO!$AF$7)*OFFSET(ORÇAMENTO!$W$15,ROW(AD135)-ROW(AD$15),0),15-13*ORÇAMENTO!$AF$11)),0)","v":0},{"$f":"IF(AND($D135=\"Serviço\",AE$12<>0,$H135>0,OR(AUTOEVENTO<>\"manual\",$M135<>1)),\nIF(Import.TipoArredondamento<>\"TransfereGOV\",\nROUND(OFFSET($P135,0,AE$13),15-13*ORÇAMENTO!$AF$7)/$H135*OFFSET(ORÇAMENTO!$X$15,ROW(AE135)-ROW(AE$15),0),\nROUND(ROUND(OFFSET($P135,0,AE$13),15-13*ORÇAMENTO!$AF$7)*OFFSET(ORÇAMENTO!$W$15,ROW(AE135)-ROW(AE$15),0),15-13*ORÇAMENTO!$AF$11)),0)","v":0},{"$f":"IF(AND($D135=\"Serviço\",AF$12<>0,$H135>0,OR(AUTOEVENTO<>\"manual\",$M135<>1)),\nIF(Import.TipoArredondamento<>\"TransfereGOV\",\nROUND(OFFSET($P135,0,AF$13),15-13*ORÇAMENTO!$AF$7)/$H135*OFFSET(ORÇAMENTO!$X$15,ROW(AF135)-ROW(AF$15),0),\nROUND(ROUND(OFFSET($P135,0,AF$13),15-13*ORÇAMENTO!$AF$7)*OFFSET(ORÇAMENTO!$W$15,ROW(AF135)-ROW(AF$15),0),15-13*ORÇAMENTO!$AF$11)),0)","v":0},{"$f":"IF(AND($D135=\"Serviço\",AG$12<>0,$H135>0,OR(AUTOEVENTO<>\"manual\",$M135<>1)),\nIF(Import.TipoArredondamento<>\"TransfereGOV\",\nROUND(OFFSET($P135,0,AG$13),15-13*ORÇAMENTO!$AF$7)/$H135*OFFSET(ORÇAMENTO!$X$15,ROW(AG135)-ROW(AG$15),0),\nROUND(ROUND(OFFSET($P135,0,AG$13),15-13*ORÇAMENTO!$AF$7)*OFFSET(ORÇAMENTO!$W$15,ROW(AG135)-ROW(AG$15),0),15-13*ORÇAMENTO!$AF$11)),0)","v":0},{"$f":"IF(AND($D135=\"Serviço\",AH$12<>0,$H135>0,OR(AUTOEVENTO<>\"manual\",$M135<>1)),\nIF(Import.TipoArredondamento<>\"TransfereGOV\",\nROUND(OFFSET($P135,0,AH$13),15-13*ORÇAMENTO!$AF$7)/$H135*OFFSET(ORÇAMENTO!$X$15,ROW(AH135)-ROW(AH$15),0),\nROUND(ROUND(OFFSET($P135,0,AH$13),15-13*ORÇAMENTO!$AF$7)*OFFSET(ORÇAMENTO!$W$15,ROW(AH135)-ROW(AH$15),0),15-13*ORÇAMENTO!$AF$11)),0)","v":0},{"$f":"IF(AND($D135=\"Serviço\",AI$12<>0,$H135>0,OR(AUTOEVENTO<>\"manual\",$M135<>1)),\nIF(Import.TipoArredondamento<>\"TransfereGOV\",\nROUND(OFFSET($P135,0,AI$13),15-13*ORÇAMENTO!$AF$7)/$H135*OFFSET(ORÇAMENTO!$X$15,ROW(AI135)-ROW(AI$15),0),\nROUND(ROUND(OFFSET($P135,0,AI$13),15-13*ORÇAMENTO!$AF$7)*OFFSET(ORÇAMENTO!$W$15,ROW(AI135)-ROW(AI$15),0),15-13*ORÇAMENTO!$AF$11)),0)","v":0},{"$f":"IF(AND($D135=\"Serviço\",AJ$12<>0,$H135>0,OR(AUTOEVENTO<>\"manual\",$M135<>1)),\nIF(Import.TipoArredondamento<>\"TransfereGOV\",\nROUND(OFFSET($P135,0,AJ$13),15-13*ORÇAMENTO!$AF$7)/$H135*OFFSET(ORÇAMENTO!$X$15,ROW(AJ135)-ROW(AJ$15),0),\nROUND(ROUND(OFFSET($P135,0,AJ$13),15-13*ORÇAMENTO!$AF$7)*OFFSET(ORÇAMENTO!$W$15,ROW(AJ135)-ROW(AJ$15),0),15-13*ORÇAMENTO!$AF$11)),0)","v":0},{"$f":"IF(AND($D135=\"Serviço\",AK$12<>0,$H135>0,OR(AUTOEVENTO<>\"manual\",$M135<>1)),\nIF(Import.TipoArredondamento<>\"TransfereGOV\",\nROUND(OFFSET($P135,0,AK$13),15-13*ORÇAMENTO!$AF$7)/$H135*OFFSET(ORÇAMENTO!$X$15,ROW(AK135)-ROW(AK$15),0),\nROUND(ROUND(OFFSET($P135,0,AK$13),15-13*ORÇAMENTO!$AF$7)*OFFSET(ORÇAMENTO!$W$15,ROW(AK135)-ROW(AK$15),0),15-13*ORÇAMENTO!$AF$11)),0)","v":0},null,{"$f":"IF($D135<>\"Serviço\",0,IF(AND(AUTOEVENTO=\"Manual\",$M135=1),0,IF(OFFSET(CRONOPLE!$F$14,$M135,AM$13)=\"\",10^12,OFFSET(CRONOPLE!$F$14,$M135,AM$13))))","v":1000000000000},{"$f":"IF($D135<>\"Serviço\",0,IF(AND(AUTOEVENTO=\"Manual\",$M135=1),0,IF(OFFSET(CRONOPLE!$F$14,$M135,AN$13)=\"\",10^12,OFFSET(CRONOPLE!$F$14,$M135,AN$13))))","v":1000000000000},{"$f":"IF($D135<>\"Serviço\",0,IF(AND(AUTOEVENTO=\"Manual\",$M135=1),0,IF(OFFSET(CRONOPLE!$F$14,$M135,AO$13)=\"\",10^12,OFFSET(CRONOPLE!$F$14,$M135,AO$13))))","v":1000000000000},{"$f":"IF($D135<>\"Serviço\",0,IF(AND(AUTOEVENTO=\"Manual\",$M135=1),0,IF(OFFSET(CRONOPLE!$F$14,$M135,AP$13)=\"\",10^12,OFFSET(CRONOPLE!$F$14,$M135,AP$13))))","v":1000000000000},{"$f":"IF($D135<>\"Serviço\",0,IF(AND(AUTOEVENTO=\"Manual\",$M135=1),0,IF(OFFSET(CRONOPLE!$F$14,$M135,AQ$13)=\"\",10^12,OFFSET(CRONOPLE!$F$14,$M135,AQ$13))))","v":1000000000000},{"$f":"IF($D135<>\"Serviço\",0,IF(AND(AUTOEVENTO=\"Manual\",$M135=1),0,IF(OFFSET(CRONOPLE!$F$14,$M135,AR$13)=\"\",10^12,OFFSET(CRONOPLE!$F$14,$M135,AR$13))))","v":1000000000000},{"$f":"IF($D135<>\"Serviço\",0,IF(AND(AUTOEVENTO=\"Manual\",$M135=1),0,IF(OFFSET(CRONOPLE!$F$14,$M135,AS$13)=\"\",10^12,OFFSET(CRONOPLE!$F$14,$M135,AS$13))))","v":1000000000000},{"$f":"IF($D135<>\"Serviço\",0,IF(AND(AUTOEVENTO=\"Manual\",$M135=1),0,IF(OFFSET(CRONOPLE!$F$14,$M135,AT$13)=\"\",10^12,OFFSET(CRONOPLE!$F$14,$M135,AT$13))))","v":1000000000000},{"$f":"IF($D135<>\"Serviço\",0,IF(AND(AUTOEVENTO=\"Manual\",$M135=1),0,IF(OFFSET(CRONOPLE!$F$14,$M135,AU$13)=\"\",10^12,OFFSET(CRONOPLE!$F$14,$M135,AU$13))))","v":1000000000000},{"$f":"IF($D135<>\"Serviço\",0,IF(AND(AUTOEVENTO=\"Manual\",$M135=1),0,IF(OFFSET(CRONOPLE!$F$14,$M135,AV$13)=\"\",10^12,OFFSET(CRONOPLE!$F$14,$M135,AV$13))))","v":1000000000000},null,{"$f":"IF($D135<>\"Serviço\",0,IF(OR(AND(AUTOEVENTO=\"Manual\",$M135=1),$M135>(ROW(PLE.lastrow)-ROW(PLE.firstrow))),0,IF(OFFSET(PLE!$G$14,$M135,AX$13)=\"\",10^12,OFFSET(PLE!$G$14,$M135,AX$13))))","v":1000000000000},{"$f":"IF($D135<>\"Serviço\",0,IF(OR(AND(AUTOEVENTO=\"Manual\",$M135=1),$M135>(ROW(PLE.lastrow)-ROW(PLE.firstrow))),0,IF(OFFSET(PLE!$G$14,$M135,AY$13)=\"\",10^12,OFFSET(PLE!$G$14,$M135,AY$13))))","v":1000000000000},{"$f":"IF($D135<>\"Serviço\",0,IF(OR(AND(AUTOEVENTO=\"Manual\",$M135=1),$M135>(ROW(PLE.lastrow)-ROW(PLE.firstrow))),0,IF(OFFSET(PLE!$G$14,$M135,AZ$13)=\"\",10^12,OFFSET(PLE!$G$14,$M135,AZ$13))))","v":1000000000000},{"$f":"IF($D135<>\"Serviço\",0,IF(OR(AND(AUTOEVENTO=\"Manual\",$M135=1),$M135>(ROW(PLE.lastrow)-ROW(PLE.firstrow))),0,IF(OFFSET(PLE!$G$14,$M135,BA$13)=\"\",10^12,OFFSET(PLE!$G$14,$M135,BA$13))))","v":1000000000000},{"$f":"IF($D135<>\"Serviço\",0,IF(OR(AND(AUTOEVENTO=\"Manual\",$M135=1),$M135>(ROW(PLE.lastrow)-ROW(PLE.firstrow))),0,IF(OFFSET(PLE!$G$14,$M135,BB$13)=\"\",10^12,OFFSET(PLE!$G$14,$M135,BB$13))))","v":1000000000000},{"$f":"IF($D135<>\"Serviço\",0,IF(OR(AND(AUTOEVENTO=\"Manual\",$M135=1),$M135>(ROW(PLE.lastrow)-ROW(PLE.firstrow))),0,IF(OFFSET(PLE!$G$14,$M135,BC$13)=\"\",10^12,OFFSET(PLE!$G$14,$M135,BC$13))))","v":1000000000000},{"$f":"IF($D135<>\"Serviço\",0,IF(OR(AND(AUTOEVENTO=\"Manual\",$M135=1),$M135>(ROW(PLE.lastrow)-ROW(PLE.firstrow))),0,IF(OFFSET(PLE!$G$14,$M135,BD$13)=\"\",10^12,OFFSET(PLE!$G$14,$M135,BD$13))))","v":1000000000000},{"$f":"IF($D135<>\"Serviço\",0,IF(OR(AND(AUTOEVENTO=\"Manual\",$M135=1),$M135>(ROW(PLE.lastrow)-ROW(PLE.firstrow))),0,IF(OFFSET(PLE!$G$14,$M135,BE$13)=\"\",10^12,OFFSET(PLE!$G$14,$M135,BE$13))))","v":1000000000000},{"$f":"IF($D135<>\"Serviço\",0,IF(OR(AND(AUTOEVENTO=\"Manual\",$M135=1),$M135>(ROW(PLE.lastrow)-ROW(PLE.firstrow))),0,IF(OFFSET(PLE!$G$14,$M135,BF$13)=\"\",10^12,OFFSET(PLE!$G$14,$M135,BF$13))))","v":1000000000000},{"$f":"IF($D135<>\"Serviço\",0,IF(OR(AND(AUTOEVENTO=\"Manual\",$M135=1),$M135>(ROW(PLE.lastrow)-ROW(PLE.firstrow))),0,IF(OFFSET(PLE!$G$14,$M135,BG$13)=\"\",10^12,OFFSET(PLE!$G$14,$M135,BG$13))))","v":1000000000000}]
["101",{"$f":"OFFSET(ORÇAMENTO!C$15,ROW(B136)-ROW(B$15),0)","v":"S"},{"$f":"OFFSET(ORÇAMENTO!L$15,ROW(C136)-ROW(C$15),0)","v":"F"},{"$f":"OFFSET(ORÇAMENTO!N$15,ROW(D136)-ROW(D$15),0)","v":"Serviço"},{"$f":"OFFSET(ORÇAMENTO!O$15,ROW(E136)-ROW(E$15),0)","v":"1.7.0.20."},{"$f":"OFFSET(ORÇAMENTO!R$15,ROW(F136)-ROW(F$15),0)","v":"LUMINÁRIA TIPO PLAFON CIRCULAR, DE SOBREPOR, COM LED DE 12/13 W - FORNECIMENTO E INSTALAÇÃO. AF_03/2022"},{"$f":"IF($D136<>\"Serviço\",\"\",OFFSET(ORÇAMENTO!S$15,ROW(G136)-ROW(G$15),0))","v":"UN"},{"$f":"IF($D136<>\"Serviço\",0,IF(ACOMPANHAMENTO=\"BM\",ROUND(OFFSET(ORÇAMENTO!AJ$15,ROW(H136)-ROW(H$15),0),15-13*ORÇAMENTO!$AF$7),SUMPRODUCT(($Q$12:$AA$12<>\"\")*ROUND($Q136:$AA136,15-13*ORÇAMENTO!$AF$7))))","v":4},null,null,null,".",{"$f":"IF($D136<>\"Serviço\",\"\",IF(AUTOEVENTO=\"manual\",$A136,IF(ISERROR(MATCH($A136,$A$15:OFFSET($A136,-1,0),0)),MAX($M$15:OFFSET(M136,-1,0))+1,INDEX($M$15:OFFSET(M136,-1,0),MATCH($A136,$A$15:OFFSET($A136,-1,0),0)))))","v":8},{"$f":"IF($D136<>\"Serviço\",\"\",IF(AUTOEVENTO=\"Manual\",IF($A136=0,\"<-- defina o número do agrupador\",OFFSET(EVENTOS!$D$14,$A136,0)),OFFSET($F$15,$A136,0)))","v":"INSTALAÇÕES ELÉTRICAS"},null,null,null,null,null,null,null,null,null,null,null,null,null,{"$f":"IF(AND($D136=\"Serviço\",AB$12<>0,$H136>0,OR(AUTOEVENTO<>\"manual\",$M136<>1)),\nIF(Import.TipoArredondamento<>\"TransfereGOV\",\nROUND(OFFSET($P136,0,AB$13),15-13*ORÇAMENTO!$AF$7)/$H136*OFFSET(ORÇAMENTO!$X$15,ROW(AB136)-ROW(AB$15),0),\nROUND(ROUND(OFFSET($P136,0,AB$13),15-13*ORÇAMENTO!$AF$7)*OFFSET(ORÇAMENTO!$W$15,ROW(AB136)-ROW(AB$15),0),15-13*ORÇAMENTO!$AF$11)),0)","v":0},{"$f":"IF(AND($D136=\"Serviço\",AC$12<>0,$H136>0,OR(AUTOEVENTO<>\"manual\",$M136<>1)),\nIF(Import.TipoArredondamento<>\"TransfereGOV\",\nROUND(OFFSET($P136,0,AC$13),15-13*ORÇAMENTO!$AF$7)/$H136*OFFSET(ORÇAMENTO!$X$15,ROW(AC136)-ROW(AC$15),0),\nROUND(ROUND(OFFSET($P136,0,AC$13),15-13*ORÇAMENTO!$AF$7)*OFFSET(ORÇAMENTO!$W$15,ROW(AC136)-ROW(AC$15),0),15-13*ORÇAMENTO!$AF$11)),0)","v":0},{"$f":"IF(AND($D136=\"Serviço\",AD$12<>0,$H136>0,OR(AUTOEVENTO<>\"manual\",$M136<>1)),\nIF(Import.TipoArredondamento<>\"TransfereGOV\",\nROUND(OFFSET($P136,0,AD$13),15-13*ORÇAMENTO!$AF$7)/$H136*OFFSET(ORÇAMENTO!$X$15,ROW(AD136)-ROW(AD$15),0),\nROUND(ROUND(OFFSET($P136,0,AD$13),15-13*ORÇAMENTO!$AF$7)*OFFSET(ORÇAMENTO!$W$15,ROW(AD136)-ROW(AD$15),0),15-13*ORÇAMENTO!$AF$11)),0)","v":0},{"$f":"IF(AND($D136=\"Serviço\",AE$12<>0,$H136>0,OR(AUTOEVENTO<>\"manual\",$M136<>1)),\nIF(Import.TipoArredondamento<>\"TransfereGOV\",\nROUND(OFFSET($P136,0,AE$13),15-13*ORÇAMENTO!$AF$7)/$H136*OFFSET(ORÇAMENTO!$X$15,ROW(AE136)-ROW(AE$15),0),\nROUND(ROUND(OFFSET($P136,0,AE$13),15-13*ORÇAMENTO!$AF$7)*OFFSET(ORÇAMENTO!$W$15,ROW(AE136)-ROW(AE$15),0),15-13*ORÇAMENTO!$AF$11)),0)","v":0},{"$f":"IF(AND($D136=\"Serviço\",AF$12<>0,$H136>0,OR(AUTOEVENTO<>\"manual\",$M136<>1)),\nIF(Import.TipoArredondamento<>\"TransfereGOV\",\nROUND(OFFSET($P136,0,AF$13),15-13*ORÇAMENTO!$AF$7)/$H136*OFFSET(ORÇAMENTO!$X$15,ROW(AF136)-ROW(AF$15),0),\nROUND(ROUND(OFFSET($P136,0,AF$13),15-13*ORÇAMENTO!$AF$7)*OFFSET(ORÇAMENTO!$W$15,ROW(AF136)-ROW(AF$15),0),15-13*ORÇAMENTO!$AF$11)),0)","v":0},{"$f":"IF(AND($D136=\"Serviço\",AG$12<>0,$H136>0,OR(AUTOEVENTO<>\"manual\",$M136<>1)),\nIF(Import.TipoArredondamento<>\"TransfereGOV\",\nROUND(OFFSET($P136,0,AG$13),15-13*ORÇAMENTO!$AF$7)/$H136*OFFSET(ORÇAMENTO!$X$15,ROW(AG136)-ROW(AG$15),0),\nROUND(ROUND(OFFSET($P136,0,AG$13),15-13*ORÇAMENTO!$AF$7)*OFFSET(ORÇAMENTO!$W$15,ROW(AG136)-ROW(AG$15),0),15-13*ORÇAMENTO!$AF$11)),0)","v":0},{"$f":"IF(AND($D136=\"Serviço\",AH$12<>0,$H136>0,OR(AUTOEVENTO<>\"manual\",$M136<>1)),\nIF(Import.TipoArredondamento<>\"TransfereGOV\",\nROUND(OFFSET($P136,0,AH$13),15-13*ORÇAMENTO!$AF$7)/$H136*OFFSET(ORÇAMENTO!$X$15,ROW(AH136)-ROW(AH$15),0),\nROUND(ROUND(OFFSET($P136,0,AH$13),15-13*ORÇAMENTO!$AF$7)*OFFSET(ORÇAMENTO!$W$15,ROW(AH136)-ROW(AH$15),0),15-13*ORÇAMENTO!$AF$11)),0)","v":0},{"$f":"IF(AND($D136=\"Serviço\",AI$12<>0,$H136>0,OR(AUTOEVENTO<>\"manual\",$M136<>1)),\nIF(Import.TipoArredondamento<>\"TransfereGOV\",\nROUND(OFFSET($P136,0,AI$13),15-13*ORÇAMENTO!$AF$7)/$H136*OFFSET(ORÇAMENTO!$X$15,ROW(AI136)-ROW(AI$15),0),\nROUND(ROUND(OFFSET($P136,0,AI$13),15-13*ORÇAMENTO!$AF$7)*OFFSET(ORÇAMENTO!$W$15,ROW(AI136)-ROW(AI$15),0),15-13*ORÇAMENTO!$AF$11)),0)","v":0},{"$f":"IF(AND($D136=\"Serviço\",AJ$12<>0,$H136>0,OR(AUTOEVENTO<>\"manual\",$M136<>1)),\nIF(Import.TipoArredondamento<>\"TransfereGOV\",\nROUND(OFFSET($P136,0,AJ$13),15-13*ORÇAMENTO!$AF$7)/$H136*OFFSET(ORÇAMENTO!$X$15,ROW(AJ136)-ROW(AJ$15),0),\nROUND(ROUND(OFFSET($P136,0,AJ$13),15-13*ORÇAMENTO!$AF$7)*OFFSET(ORÇAMENTO!$W$15,ROW(AJ136)-ROW(AJ$15),0),15-13*ORÇAMENTO!$AF$11)),0)","v":0},{"$f":"IF(AND($D136=\"Serviço\",AK$12<>0,$H136>0,OR(AUTOEVENTO<>\"manual\",$M136<>1)),\nIF(Import.TipoArredondamento<>\"TransfereGOV\",\nROUND(OFFSET($P136,0,AK$13),15-13*ORÇAMENTO!$AF$7)/$H136*OFFSET(ORÇAMENTO!$X$15,ROW(AK136)-ROW(AK$15),0),\nROUND(ROUND(OFFSET($P136,0,AK$13),15-13*ORÇAMENTO!$AF$7)*OFFSET(ORÇAMENTO!$W$15,ROW(AK136)-ROW(AK$15),0),15-13*ORÇAMENTO!$AF$11)),0)","v":0},null,{"$f":"IF($D136<>\"Serviço\",0,IF(AND(AUTOEVENTO=\"Manual\",$M136=1),0,IF(OFFSET(CRONOPLE!$F$14,$M136,AM$13)=\"\",10^12,OFFSET(CRONOPLE!$F$14,$M136,AM$13))))","v":1000000000000},{"$f":"IF($D136<>\"Serviço\",0,IF(AND(AUTOEVENTO=\"Manual\",$M136=1),0,IF(OFFSET(CRONOPLE!$F$14,$M136,AN$13)=\"\",10^12,OFFSET(CRONOPLE!$F$14,$M136,AN$13))))","v":1000000000000},{"$f":"IF($D136<>\"Serviço\",0,IF(AND(AUTOEVENTO=\"Manual\",$M136=1),0,IF(OFFSET(CRONOPLE!$F$14,$M136,AO$13)=\"\",10^12,OFFSET(CRONOPLE!$F$14,$M136,AO$13))))","v":1000000000000},{"$f":"IF($D136<>\"Serviço\",0,IF(AND(AUTOEVENTO=\"Manual\",$M136=1),0,IF(OFFSET(CRONOPLE!$F$14,$M136,AP$13)=\"\",10^12,OFFSET(CRONOPLE!$F$14,$M136,AP$13))))","v":1000000000000},{"$f":"IF($D136<>\"Serviço\",0,IF(AND(AUTOEVENTO=\"Manual\",$M136=1),0,IF(OFFSET(CRONOPLE!$F$14,$M136,AQ$13)=\"\",10^12,OFFSET(CRONOPLE!$F$14,$M136,AQ$13))))","v":1000000000000},{"$f":"IF($D136<>\"Serviço\",0,IF(AND(AUTOEVENTO=\"Manual\",$M136=1),0,IF(OFFSET(CRONOPLE!$F$14,$M136,AR$13)=\"\",10^12,OFFSET(CRONOPLE!$F$14,$M136,AR$13))))","v":1000000000000},{"$f":"IF($D136<>\"Serviço\",0,IF(AND(AUTOEVENTO=\"Manual\",$M136=1),0,IF(OFFSET(CRONOPLE!$F$14,$M136,AS$13)=\"\",10^12,OFFSET(CRONOPLE!$F$14,$M136,AS$13))))","v":1000000000000},{"$f":"IF($D136<>\"Serviço\",0,IF(AND(AUTOEVENTO=\"Manual\",$M136=1),0,IF(OFFSET(CRONOPLE!$F$14,$M136,AT$13)=\"\",10^12,OFFSET(CRONOPLE!$F$14,$M136,AT$13))))","v":1000000000000},{"$f":"IF($D136<>\"Serviço\",0,IF(AND(AUTOEVENTO=\"Manual\",$M136=1),0,IF(OFFSET(CRONOPLE!$F$14,$M136,AU$13)=\"\",10^12,OFFSET(CRONOPLE!$F$14,$M136,AU$13))))","v":1000000000000},{"$f":"IF($D136<>\"Serviço\",0,IF(AND(AUTOEVENTO=\"Manual\",$M136=1),0,IF(OFFSET(CRONOPLE!$F$14,$M136,AV$13)=\"\",10^12,OFFSET(CRONOPLE!$F$14,$M136,AV$13))))","v":1000000000000},null,{"$f":"IF($D136<>\"Serviço\",0,IF(OR(AND(AUTOEVENTO=\"Manual\",$M136=1),$M136>(ROW(PLE.lastrow)-ROW(PLE.firstrow))),0,IF(OFFSET(PLE!$G$14,$M136,AX$13)=\"\",10^12,OFFSET(PLE!$G$14,$M136,AX$13))))","v":1000000000000},{"$f":"IF($D136<>\"Serviço\",0,IF(OR(AND(AUTOEVENTO=\"Manual\",$M136=1),$M136>(ROW(PLE.lastrow)-ROW(PLE.firstrow))),0,IF(OFFSET(PLE!$G$14,$M136,AY$13)=\"\",10^12,OFFSET(PLE!$G$14,$M136,AY$13))))","v":1000000000000},{"$f":"IF($D136<>\"Serviço\",0,IF(OR(AND(AUTOEVENTO=\"Manual\",$M136=1),$M136>(ROW(PLE.lastrow)-ROW(PLE.firstrow))),0,IF(OFFSET(PLE!$G$14,$M136,AZ$13)=\"\",10^12,OFFSET(PLE!$G$14,$M136,AZ$13))))","v":1000000000000},{"$f":"IF($D136<>\"Serviço\",0,IF(OR(AND(AUTOEVENTO=\"Manual\",$M136=1),$M136>(ROW(PLE.lastrow)-ROW(PLE.firstrow))),0,IF(OFFSET(PLE!$G$14,$M136,BA$13)=\"\",10^12,OFFSET(PLE!$G$14,$M136,BA$13))))","v":1000000000000},{"$f":"IF($D136<>\"Serviço\",0,IF(OR(AND(AUTOEVENTO=\"Manual\",$M136=1),$M136>(ROW(PLE.lastrow)-ROW(PLE.firstrow))),0,IF(OFFSET(PLE!$G$14,$M136,BB$13)=\"\",10^12,OFFSET(PLE!$G$14,$M136,BB$13))))","v":1000000000000},{"$f":"IF($D136<>\"Serviço\",0,IF(OR(AND(AUTOEVENTO=\"Manual\",$M136=1),$M136>(ROW(PLE.lastrow)-ROW(PLE.firstrow))),0,IF(OFFSET(PLE!$G$14,$M136,BC$13)=\"\",10^12,OFFSET(PLE!$G$14,$M136,BC$13))))","v":1000000000000},{"$f":"IF($D136<>\"Serviço\",0,IF(OR(AND(AUTOEVENTO=\"Manual\",$M136=1),$M136>(ROW(PLE.lastrow)-ROW(PLE.firstrow))),0,IF(OFFSET(PLE!$G$14,$M136,BD$13)=\"\",10^12,OFFSET(PLE!$G$14,$M136,BD$13))))","v":1000000000000},{"$f":"IF($D136<>\"Serviço\",0,IF(OR(AND(AUTOEVENTO=\"Manual\",$M136=1),$M136>(ROW(PLE.lastrow)-ROW(PLE.firstrow))),0,IF(OFFSET(PLE!$G$14,$M136,BE$13)=\"\",10^12,OFFSET(PLE!$G$14,$M136,BE$13))))","v":1000000000000},{"$f":"IF($D136<>\"Serviço\",0,IF(OR(AND(AUTOEVENTO=\"Manual\",$M136=1),$M136>(ROW(PLE.lastrow)-ROW(PLE.firstrow))),0,IF(OFFSET(PLE!$G$14,$M136,BF$13)=\"\",10^12,OFFSET(PLE!$G$14,$M136,BF$13))))","v":1000000000000},{"$f":"IF($D136<>\"Serviço\",0,IF(OR(AND(AUTOEVENTO=\"Manual\",$M136=1),$M136>(ROW(PLE.lastrow)-ROW(PLE.firstrow))),0,IF(OFFSET(PLE!$G$14,$M136,BG$13)=\"\",10^12,OFFSET(PLE!$G$14,$M136,BG$13))))","v":1000000000000}]
["101",{"$f":"OFFSET(ORÇAMENTO!C$15,ROW(B137)-ROW(B$15),0)","v":"S"},{"$f":"OFFSET(ORÇAMENTO!L$15,ROW(C137)-ROW(C$15),0)","v":"F"},{"$f":"OFFSET(ORÇAMENTO!N$15,ROW(D137)-ROW(D$15),0)","v":"Serviço"},{"$f":"OFFSET(ORÇAMENTO!O$15,ROW(E137)-ROW(E$15),0)","v":"1.7.0.21."},{"$f":"OFFSET(ORÇAMENTO!R$15,ROW(F137)-ROW(F$15),0)","v":"LUMINÁRIA DE EMERGÊNCIA, COM 30 LÂMPADAS LED DE 2 W, SEM REATOR - FORNECIMENTO E INSTALAÇÃO. AF_02/2020"},{"$f":"IF($D137<>\"Serviço\",\"\",OFFSET(ORÇAMENTO!S$15,ROW(G137)-ROW(G$15),0))","v":"UN"},{"$f":"IF($D137<>\"Serviço\",0,IF(ACOMPANHAMENTO=\"BM\",ROUND(OFFSET(ORÇAMENTO!AJ$15,ROW(H137)-ROW(H$15),0),15-13*ORÇAMENTO!$AF$7),SUMPRODUCT(($Q$12:$AA$12<>\"\")*ROUND($Q137:$AA137,15-13*ORÇAMENTO!$AF$7))))","v":5},null,null,null,".",{"$f":"IF($D137<>\"Serviço\",\"\",IF(AUTOEVENTO=\"manual\",$A137,IF(ISERROR(MATCH($A137,$A$15:OFFSET($A137,-1,0),0)),MAX($M$15:OFFSET(M137,-1,0))+1,INDEX($M$15:OFFSET(M137,-1,0),MATCH($A137,$A$15:OFFSET($A137,-1,0),0)))))","v":8},{"$f":"IF($D137<>\"Serviço\",\"\",IF(AUTOEVENTO=\"Manual\",IF($A137=0,\"<-- defina o número do agrupador\",OFFSET(EVENTOS!$D$14,$A137,0)),OFFSET($F$15,$A137,0)))","v":"INSTALAÇÕES ELÉTRICAS"},null,null,null,null,null,null,null,null,null,null,null,null,null,{"$f":"IF(AND($D137=\"Serviço\",AB$12<>0,$H137>0,OR(AUTOEVENTO<>\"manual\",$M137<>1)),\nIF(Import.TipoArredondamento<>\"TransfereGOV\",\nROUND(OFFSET($P137,0,AB$13),15-13*ORÇAMENTO!$AF$7)/$H137*OFFSET(ORÇAMENTO!$X$15,ROW(AB137)-ROW(AB$15),0),\nROUND(ROUND(OFFSET($P137,0,AB$13),15-13*ORÇAMENTO!$AF$7)*OFFSET(ORÇAMENTO!$W$15,ROW(AB137)-ROW(AB$15),0),15-13*ORÇAMENTO!$AF$11)),0)","v":0},{"$f":"IF(AND($D137=\"Serviço\",AC$12<>0,$H137>0,OR(AUTOEVENTO<>\"manual\",$M137<>1)),\nIF(Import.TipoArredondamento<>\"TransfereGOV\",\nROUND(OFFSET($P137,0,AC$13),15-13*ORÇAMENTO!$AF$7)/$H137*OFFSET(ORÇAMENTO!$X$15,ROW(AC137)-ROW(AC$15),0),\nROUND(ROUND(OFFSET($P137,0,AC$13),15-13*ORÇAMENTO!$AF$7)*OFFSET(ORÇAMENTO!$W$15,ROW(AC137)-ROW(AC$15),0),15-13*ORÇAMENTO!$AF$11)),0)","v":0},{"$f":"IF(AND($D137=\"Serviço\",AD$12<>0,$H137>0,OR(AUTOEVENTO<>\"manual\",$M137<>1)),\nIF(Import.TipoArredondamento<>\"TransfereGOV\",\nROUND(OFFSET($P137,0,AD$13),15-13*ORÇAMENTO!$AF$7)/$H137*OFFSET(ORÇAMENTO!$X$15,ROW(AD137)-ROW(AD$15),0),\nROUND(ROUND(OFFSET($P137,0,AD$13),15-13*ORÇAMENTO!$AF$7)*OFFSET(ORÇAMENTO!$W$15,ROW(AD137)-ROW(AD$15),0),15-13*ORÇAMENTO!$AF$11)),0)","v":0},{"$f":"IF(AND($D137=\"Serviço\",AE$12<>0,$H137>0,OR(AUTOEVENTO<>\"manual\",$M137<>1)),\nIF(Import.TipoArredondamento<>\"TransfereGOV\",\nROUND(OFFSET($P137,0,AE$13),15-13*ORÇAMENTO!$AF$7)/$H137*OFFSET(ORÇAMENTO!$X$15,ROW(AE137)-ROW(AE$15),0),\nROUND(ROUND(OFFSET($P137,0,AE$13),15-13*ORÇAMENTO!$AF$7)*OFFSET(ORÇAMENTO!$W$15,ROW(AE137)-ROW(AE$15),0),15-13*ORÇAMENTO!$AF$11)),0)","v":0},{"$f":"IF(AND($D137=\"Serviço\",AF$12<>0,$H137>0,OR(AUTOEVENTO<>\"manual\",$M137<>1)),\nIF(Import.TipoArredondamento<>\"TransfereGOV\",\nROUND(OFFSET($P137,0,AF$13),15-13*ORÇAMENTO!$AF$7)/$H137*OFFSET(ORÇAMENTO!$X$15,ROW(AF137)-ROW(AF$15),0),\nROUND(ROUND(OFFSET($P137,0,AF$13),15-13*ORÇAMENTO!$AF$7)*OFFSET(ORÇAMENTO!$W$15,ROW(AF137)-ROW(AF$15),0),15-13*ORÇAMENTO!$AF$11)),0)","v":0},{"$f":"IF(AND($D137=\"Serviço\",AG$12<>0,$H137>0,OR(AUTOEVENTO<>\"manual\",$M137<>1)),\nIF(Import.TipoArredondamento<>\"TransfereGOV\",\nROUND(OFFSET($P137,0,AG$13),15-13*ORÇAMENTO!$AF$7)/$H137*OFFSET(ORÇAMENTO!$X$15,ROW(AG137)-ROW(AG$15),0),\nROUND(ROUND(OFFSET($P137,0,AG$13),15-13*ORÇAMENTO!$AF$7)*OFFSET(ORÇAMENTO!$W$15,ROW(AG137)-ROW(AG$15),0),15-13*ORÇAMENTO!$AF$11)),0)","v":0},{"$f":"IF(AND($D137=\"Serviço\",AH$12<>0,$H137>0,OR(AUTOEVENTO<>\"manual\",$M137<>1)),\nIF(Import.TipoArredondamento<>\"TransfereGOV\",\nROUND(OFFSET($P137,0,AH$13),15-13*ORÇAMENTO!$AF$7)/$H137*OFFSET(ORÇAMENTO!$X$15,ROW(AH137)-ROW(AH$15),0),\nROUND(ROUND(OFFSET($P137,0,AH$13),15-13*ORÇAMENTO!$AF$7)*OFFSET(ORÇAMENTO!$W$15,ROW(AH137)-ROW(AH$15),0),15-13*ORÇAMENTO!$AF$11)),0)","v":0},{"$f":"IF(AND($D137=\"Serviço\",AI$12<>0,$H137>0,OR(AUTOEVENTO<>\"manual\",$M137<>1)),\nIF(Import.TipoArredondamento<>\"TransfereGOV\",\nROUND(OFFSET($P137,0,AI$13),15-13*ORÇAMENTO!$AF$7)/$H137*OFFSET(ORÇAMENTO!$X$15,ROW(AI137)-ROW(AI$15),0),\nROUND(ROUND(OFFSET($P137,0,AI$13),15-13*ORÇAMENTO!$AF$7)*OFFSET(ORÇAMENTO!$W$15,ROW(AI137)-ROW(AI$15),0),15-13*ORÇAMENTO!$AF$11)),0)","v":0},{"$f":"IF(AND($D137=\"Serviço\",AJ$12<>0,$H137>0,OR(AUTOEVENTO<>\"manual\",$M137<>1)),\nIF(Import.TipoArredondamento<>\"TransfereGOV\",\nROUND(OFFSET($P137,0,AJ$13),15-13*ORÇAMENTO!$AF$7)/$H137*OFFSET(ORÇAMENTO!$X$15,ROW(AJ137)-ROW(AJ$15),0),\nROUND(ROUND(OFFSET($P137,0,AJ$13),15-13*ORÇAMENTO!$AF$7)*OFFSET(ORÇAMENTO!$W$15,ROW(AJ137)-ROW(AJ$15),0),15-13*ORÇAMENTO!$AF$11)),0)","v":0},{"$f":"IF(AND($D137=\"Serviço\",AK$12<>0,$H137>0,OR(AUTOEVENTO<>\"manual\",$M137<>1)),\nIF(Import.TipoArredondamento<>\"TransfereGOV\",\nROUND(OFFSET($P137,0,AK$13),15-13*ORÇAMENTO!$AF$7)/$H137*OFFSET(ORÇAMENTO!$X$15,ROW(AK137)-ROW(AK$15),0),\nROUND(ROUND(OFFSET($P137,0,AK$13),15-13*ORÇAMENTO!$AF$7)*OFFSET(ORÇAMENTO!$W$15,ROW(AK137)-ROW(AK$15),0),15-13*ORÇAMENTO!$AF$11)),0)","v":0},null,{"$f":"IF($D137<>\"Serviço\",0,IF(AND(AUTOEVENTO=\"Manual\",$M137=1),0,IF(OFFSET(CRONOPLE!$F$14,$M137,AM$13)=\"\",10^12,OFFSET(CRONOPLE!$F$14,$M137,AM$13))))","v":1000000000000},{"$f":"IF($D137<>\"Serviço\",0,IF(AND(AUTOEVENTO=\"Manual\",$M137=1),0,IF(OFFSET(CRONOPLE!$F$14,$M137,AN$13)=\"\",10^12,OFFSET(CRONOPLE!$F$14,$M137,AN$13))))","v":1000000000000},{"$f":"IF($D137<>\"Serviço\",0,IF(AND(AUTOEVENTO=\"Manual\",$M137=1),0,IF(OFFSET(CRONOPLE!$F$14,$M137,AO$13)=\"\",10^12,OFFSET(CRONOPLE!$F$14,$M137,AO$13))))","v":1000000000000},{"$f":"IF($D137<>\"Serviço\",0,IF(AND(AUTOEVENTO=\"Manual\",$M137=1),0,IF(OFFSET(CRONOPLE!$F$14,$M137,AP$13)=\"\",10^12,OFFSET(CRONOPLE!$F$14,$M137,AP$13))))","v":1000000000000},{"$f":"IF($D137<>\"Serviço\",0,IF(AND(AUTOEVENTO=\"Manual\",$M137=1),0,IF(OFFSET(CRONOPLE!$F$14,$M137,AQ$13)=\"\",10^12,OFFSET(CRONOPLE!$F$14,$M137,AQ$13))))","v":1000000000000},{"$f":"IF($D137<>\"Serviço\",0,IF(AND(AUTOEVENTO=\"Manual\",$M137=1),0,IF(OFFSET(CRONOPLE!$F$14,$M137,AR$13)=\"\",10^12,OFFSET(CRONOPLE!$F$14,$M137,AR$13))))","v":1000000000000},{"$f":"IF($D137<>\"Serviço\",0,IF(AND(AUTOEVENTO=\"Manual\",$M137=1),0,IF(OFFSET(CRONOPLE!$F$14,$M137,AS$13)=\"\",10^12,OFFSET(CRONOPLE!$F$14,$M137,AS$13))))","v":1000000000000},{"$f":"IF($D137<>\"Serviço\",0,IF(AND(AUTOEVENTO=\"Manual\",$M137=1),0,IF(OFFSET(CRONOPLE!$F$14,$M137,AT$13)=\"\",10^12,OFFSET(CRONOPLE!$F$14,$M137,AT$13))))","v":1000000000000},{"$f":"IF($D137<>\"Serviço\",0,IF(AND(AUTOEVENTO=\"Manual\",$M137=1),0,IF(OFFSET(CRONOPLE!$F$14,$M137,AU$13)=\"\",10^12,OFFSET(CRONOPLE!$F$14,$M137,AU$13))))","v":1000000000000},{"$f":"IF($D137<>\"Serviço\",0,IF(AND(AUTOEVENTO=\"Manual\",$M137=1),0,IF(OFFSET(CRONOPLE!$F$14,$M137,AV$13)=\"\",10^12,OFFSET(CRONOPLE!$F$14,$M137,AV$13))))","v":1000000000000},null,{"$f":"IF($D137<>\"Serviço\",0,IF(OR(AND(AUTOEVENTO=\"Manual\",$M137=1),$M137>(ROW(PLE.lastrow)-ROW(PLE.firstrow))),0,IF(OFFSET(PLE!$G$14,$M137,AX$13)=\"\",10^12,OFFSET(PLE!$G$14,$M137,AX$13))))","v":1000000000000},{"$f":"IF($D137<>\"Serviço\",0,IF(OR(AND(AUTOEVENTO=\"Manual\",$M137=1),$M137>(ROW(PLE.lastrow)-ROW(PLE.firstrow))),0,IF(OFFSET(PLE!$G$14,$M137,AY$13)=\"\",10^12,OFFSET(PLE!$G$14,$M137,AY$13))))","v":1000000000000},{"$f":"IF($D137<>\"Serviço\",0,IF(OR(AND(AUTOEVENTO=\"Manual\",$M137=1),$M137>(ROW(PLE.lastrow)-ROW(PLE.firstrow))),0,IF(OFFSET(PLE!$G$14,$M137,AZ$13)=\"\",10^12,OFFSET(PLE!$G$14,$M137,AZ$13))))","v":1000000000000},{"$f":"IF($D137<>\"Serviço\",0,IF(OR(AND(AUTOEVENTO=\"Manual\",$M137=1),$M137>(ROW(PLE.lastrow)-ROW(PLE.firstrow))),0,IF(OFFSET(PLE!$G$14,$M137,BA$13)=\"\",10^12,OFFSET(PLE!$G$14,$M137,BA$13))))","v":1000000000000},{"$f":"IF($D137<>\"Serviço\",0,IF(OR(AND(AUTOEVENTO=\"Manual\",$M137=1),$M137>(ROW(PLE.lastrow)-ROW(PLE.firstrow))),0,IF(OFFSET(PLE!$G$14,$M137,BB$13)=\"\",10^12,OFFSET(PLE!$G$14,$M137,BB$13))))","v":1000000000000},{"$f":"IF($D137<>\"Serviço\",0,IF(OR(AND(AUTOEVENTO=\"Manual\",$M137=1),$M137>(ROW(PLE.lastrow)-ROW(PLE.firstrow))),0,IF(OFFSET(PLE!$G$14,$M137,BC$13)=\"\",10^12,OFFSET(PLE!$G$14,$M137,BC$13))))","v":1000000000000},{"$f":"IF($D137<>\"Serviço\",0,IF(OR(AND(AUTOEVENTO=\"Manual\",$M137=1),$M137>(ROW(PLE.lastrow)-ROW(PLE.firstrow))),0,IF(OFFSET(PLE!$G$14,$M137,BD$13)=\"\",10^12,OFFSET(PLE!$G$14,$M137,BD$13))))","v":1000000000000},{"$f":"IF($D137<>\"Serviço\",0,IF(OR(AND(AUTOEVENTO=\"Manual\",$M137=1),$M137>(ROW(PLE.lastrow)-ROW(PLE.firstrow))),0,IF(OFFSET(PLE!$G$14,$M137,BE$13)=\"\",10^12,OFFSET(PLE!$G$14,$M137,BE$13))))","v":1000000000000},{"$f":"IF($D137<>\"Serviço\",0,IF(OR(AND(AUTOEVENTO=\"Manual\",$M137=1),$M137>(ROW(PLE.lastrow)-ROW(PLE.firstrow))),0,IF(OFFSET(PLE!$G$14,$M137,BF$13)=\"\",10^12,OFFSET(PLE!$G$14,$M137,BF$13))))","v":1000000000000},{"$f":"IF($D137<>\"Serviço\",0,IF(OR(AND(AUTOEVENTO=\"Manual\",$M137=1),$M137>(ROW(PLE.lastrow)-ROW(PLE.firstrow))),0,IF(OFFSET(PLE!$G$14,$M137,BG$13)=\"\",10^12,OFFSET(PLE!$G$14,$M137,BG$13))))","v":1000000000000}]
["101",{"$f":"OFFSET(ORÇAMENTO!C$15,ROW(B138)-ROW(B$15),0)","v":"S"},{"$f":"OFFSET(ORÇAMENTO!L$15,ROW(C138)-ROW(C$15),0)","v":"F"},{"$f":"OFFSET(ORÇAMENTO!N$15,ROW(D138)-ROW(D$15),0)","v":"Serviço"},{"$f":"OFFSET(ORÇAMENTO!O$15,ROW(E138)-ROW(E$15),0)","v":"1.7.0.22."},{"$f":"OFFSET(ORÇAMENTO!R$15,ROW(F138)-ROW(F$15),0)","v":"QUADRO DE DISTRIBUIÇÃO PARA TELEFONE N.5, 80X80X12CM EM CHAPA METALICA, SEM ACESSORIOS, PADRAO TELEBRAS, FORNECIMENTO E INSTALAÇÃO. AF_11/2019"},{"$f":"IF($D138<>\"Serviço\",\"\",OFFSET(ORÇAMENTO!S$15,ROW(G138)-ROW(G$15),0))","v":"UN"},{"$f":"IF($D138<>\"Serviço\",0,IF(ACOMPANHAMENTO=\"BM\",ROUND(OFFSET(ORÇAMENTO!AJ$15,ROW(H138)-ROW(H$15),0),15-13*ORÇAMENTO!$AF$7),SUMPRODUCT(($Q$12:$AA$12<>\"\")*ROUND($Q138:$AA138,15-13*ORÇAMENTO!$AF$7))))","v":1},null,null,null,".",{"$f":"IF($D138<>\"Serviço\",\"\",IF(AUTOEVENTO=\"manual\",$A138,IF(ISERROR(MATCH($A138,$A$15:OFFSET($A138,-1,0),0)),MAX($M$15:OFFSET(M138,-1,0))+1,INDEX($M$15:OFFSET(M138,-1,0),MATCH($A138,$A$15:OFFSET($A138,-1,0),0)))))","v":8},{"$f":"IF($D138<>\"Serviço\",\"\",IF(AUTOEVENTO=\"Manual\",IF($A138=0,\"<-- defina o número do agrupador\",OFFSET(EVENTOS!$D$14,$A138,0)),OFFSET($F$15,$A138,0)))","v":"INSTALAÇÕES ELÉTRICAS"},null,null,null,null,null,null,null,null,null,null,null,null,null,{"$f":"IF(AND($D138=\"Serviço\",AB$12<>0,$H138>0,OR(AUTOEVENTO<>\"manual\",$M138<>1)),\nIF(Import.TipoArredondamento<>\"TransfereGOV\",\nROUND(OFFSET($P138,0,AB$13),15-13*ORÇAMENTO!$AF$7)/$H138*OFFSET(ORÇAMENTO!$X$15,ROW(AB138)-ROW(AB$15),0),\nROUND(ROUND(OFFSET($P138,0,AB$13),15-13*ORÇAMENTO!$AF$7)*OFFSET(ORÇAMENTO!$W$15,ROW(AB138)-ROW(AB$15),0),15-13*ORÇAMENTO!$AF$11)),0)","v":0},{"$f":"IF(AND($D138=\"Serviço\",AC$12<>0,$H138>0,OR(AUTOEVENTO<>\"manual\",$M138<>1)),\nIF(Import.TipoArredondamento<>\"TransfereGOV\",\nROUND(OFFSET($P138,0,AC$13),15-13*ORÇAMENTO!$AF$7)/$H138*OFFSET(ORÇAMENTO!$X$15,ROW(AC138)-ROW(AC$15),0),\nROUND(ROUND(OFFSET($P138,0,AC$13),15-13*ORÇAMENTO!$AF$7)*OFFSET(ORÇAMENTO!$W$15,ROW(AC138)-ROW(AC$15),0),15-13*ORÇAMENTO!$AF$11)),0)","v":0},{"$f":"IF(AND($D138=\"Serviço\",AD$12<>0,$H138>0,OR(AUTOEVENTO<>\"manual\",$M138<>1)),\nIF(Import.TipoArredondamento<>\"TransfereGOV\",\nROUND(OFFSET($P138,0,AD$13),15-13*ORÇAMENTO!$AF$7)/$H138*OFFSET(ORÇAMENTO!$X$15,ROW(AD138)-ROW(AD$15),0),\nROUND(ROUND(OFFSET($P138,0,AD$13),15-13*ORÇAMENTO!$AF$7)*OFFSET(ORÇAMENTO!$W$15,ROW(AD138)-ROW(AD$15),0),15-13*ORÇAMENTO!$AF$11)),0)","v":0},{"$f":"IF(AND($D138=\"Serviço\",AE$12<>0,$H138>0,OR(AUTOEVENTO<>\"manual\",$M138<>1)),\nIF(Import.TipoArredondamento<>\"TransfereGOV\",\nROUND(OFFSET($P138,0,AE$13),15-13*ORÇAMENTO!$AF$7)/$H138*OFFSET(ORÇAMENTO!$X$15,ROW(AE138)-ROW(AE$15),0),\nROUND(ROUND(OFFSET($P138,0,AE$13),15-13*ORÇAMENTO!$AF$7)*OFFSET(ORÇAMENTO!$W$15,ROW(AE138)-ROW(AE$15),0),15-13*ORÇAMENTO!$AF$11)),0)","v":0},{"$f":"IF(AND($D138=\"Serviço\",AF$12<>0,$H138>0,OR(AUTOEVENTO<>\"manual\",$M138<>1)),\nIF(Import.TipoArredondamento<>\"TransfereGOV\",\nROUND(OFFSET($P138,0,AF$13),15-13*ORÇAMENTO!$AF$7)/$H138*OFFSET(ORÇAMENTO!$X$15,ROW(AF138)-ROW(AF$15),0),\nROUND(ROUND(OFFSET($P138,0,AF$13),15-13*ORÇAMENTO!$AF$7)*OFFSET(ORÇAMENTO!$W$15,ROW(AF138)-ROW(AF$15),0),15-13*ORÇAMENTO!$AF$11)),0)","v":0},{"$f":"IF(AND($D138=\"Serviço\",AG$12<>0,$H138>0,OR(AUTOEVENTO<>\"manual\",$M138<>1)),\nIF(Import.TipoArredondamento<>\"TransfereGOV\",\nROUND(OFFSET($P138,0,AG$13),15-13*ORÇAMENTO!$AF$7)/$H138*OFFSET(ORÇAMENTO!$X$15,ROW(AG138)-ROW(AG$15),0),\nROUND(ROUND(OFFSET($P138,0,AG$13),15-13*ORÇAMENTO!$AF$7)*OFFSET(ORÇAMENTO!$W$15,ROW(AG138)-ROW(AG$15),0),15-13*ORÇAMENTO!$AF$11)),0)","v":0},{"$f":"IF(AND($D138=\"Serviço\",AH$12<>0,$H138>0,OR(AUTOEVENTO<>\"manual\",$M138<>1)),\nIF(Import.TipoArredondamento<>\"TransfereGOV\",\nROUND(OFFSET($P138,0,AH$13),15-13*ORÇAMENTO!$AF$7)/$H138*OFFSET(ORÇAMENTO!$X$15,ROW(AH138)-ROW(AH$15),0),\nROUND(ROUND(OFFSET($P138,0,AH$13),15-13*ORÇAMENTO!$AF$7)*OFFSET(ORÇAMENTO!$W$15,ROW(AH138)-ROW(AH$15),0),15-13*ORÇAMENTO!$AF$11)),0)","v":0},{"$f":"IF(AND($D138=\"Serviço\",AI$12<>0,$H138>0,OR(AUTOEVENTO<>\"manual\",$M138<>1)),\nIF(Import.TipoArredondamento<>\"TransfereGOV\",\nROUND(OFFSET($P138,0,AI$13),15-13*ORÇAMENTO!$AF$7)/$H138*OFFSET(ORÇAMENTO!$X$15,ROW(AI138)-ROW(AI$15),0),\nROUND(ROUND(OFFSET($P138,0,AI$13),15-13*ORÇAMENTO!$AF$7)*OFFSET(ORÇAMENTO!$W$15,ROW(AI138)-ROW(AI$15),0),15-13*ORÇAMENTO!$AF$11)),0)","v":0},{"$f":"IF(AND($D138=\"Serviço\",AJ$12<>0,$H138>0,OR(AUTOEVENTO<>\"manual\",$M138<>1)),\nIF(Import.TipoArredondamento<>\"TransfereGOV\",\nROUND(OFFSET($P138,0,AJ$13),15-13*ORÇAMENTO!$AF$7)/$H138*OFFSET(ORÇAMENTO!$X$15,ROW(AJ138)-ROW(AJ$15),0),\nROUND(ROUND(OFFSET($P138,0,AJ$13),15-13*ORÇAMENTO!$AF$7)*OFFSET(ORÇAMENTO!$W$15,ROW(AJ138)-ROW(AJ$15),0),15-13*ORÇAMENTO!$AF$11)),0)","v":0},{"$f":"IF(AND($D138=\"Serviço\",AK$12<>0,$H138>0,OR(AUTOEVENTO<>\"manual\",$M138<>1)),\nIF(Import.TipoArredondamento<>\"TransfereGOV\",\nROUND(OFFSET($P138,0,AK$13),15-13*ORÇAMENTO!$AF$7)/$H138*OFFSET(ORÇAMENTO!$X$15,ROW(AK138)-ROW(AK$15),0),\nROUND(ROUND(OFFSET($P138,0,AK$13),15-13*ORÇAMENTO!$AF$7)*OFFSET(ORÇAMENTO!$W$15,ROW(AK138)-ROW(AK$15),0),15-13*ORÇAMENTO!$AF$11)),0)","v":0},null,{"$f":"IF($D138<>\"Serviço\",0,IF(AND(AUTOEVENTO=\"Manual\",$M138=1),0,IF(OFFSET(CRONOPLE!$F$14,$M138,AM$13)=\"\",10^12,OFFSET(CRONOPLE!$F$14,$M138,AM$13))))","v":1000000000000},{"$f":"IF($D138<>\"Serviço\",0,IF(AND(AUTOEVENTO=\"Manual\",$M138=1),0,IF(OFFSET(CRONOPLE!$F$14,$M138,AN$13)=\"\",10^12,OFFSET(CRONOPLE!$F$14,$M138,AN$13))))","v":1000000000000},{"$f":"IF($D138<>\"Serviço\",0,IF(AND(AUTOEVENTO=\"Manual\",$M138=1),0,IF(OFFSET(CRONOPLE!$F$14,$M138,AO$13)=\"\",10^12,OFFSET(CRONOPLE!$F$14,$M138,AO$13))))","v":1000000000000},{"$f":"IF($D138<>\"Serviço\",0,IF(AND(AUTOEVENTO=\"Manual\",$M138=1),0,IF(OFFSET(CRONOPLE!$F$14,$M138,AP$13)=\"\",10^12,OFFSET(CRONOPLE!$F$14,$M138,AP$13))))","v":1000000000000},{"$f":"IF($D138<>\"Serviço\",0,IF(AND(AUTOEVENTO=\"Manual\",$M138=1),0,IF(OFFSET(CRONOPLE!$F$14,$M138,AQ$13)=\"\",10^12,OFFSET(CRONOPLE!$F$14,$M138,AQ$13))))","v":1000000000000},{"$f":"IF($D138<>\"Serviço\",0,IF(AND(AUTOEVENTO=\"Manual\",$M138=1),0,IF(OFFSET(CRONOPLE!$F$14,$M138,AR$13)=\"\",10^12,OFFSET(CRONOPLE!$F$14,$M138,AR$13))))","v":1000000000000},{"$f":"IF($D138<>\"Serviço\",0,IF(AND(AUTOEVENTO=\"Manual\",$M138=1),0,IF(OFFSET(CRONOPLE!$F$14,$M138,AS$13)=\"\",10^12,OFFSET(CRONOPLE!$F$14,$M138,AS$13))))","v":1000000000000},{"$f":"IF($D138<>\"Serviço\",0,IF(AND(AUTOEVENTO=\"Manual\",$M138=1),0,IF(OFFSET(CRONOPLE!$F$14,$M138,AT$13)=\"\",10^12,OFFSET(CRONOPLE!$F$14,$M138,AT$13))))","v":1000000000000},{"$f":"IF($D138<>\"Serviço\",0,IF(AND(AUTOEVENTO=\"Manual\",$M138=1),0,IF(OFFSET(CRONOPLE!$F$14,$M138,AU$13)=\"\",10^12,OFFSET(CRONOPLE!$F$14,$M138,AU$13))))","v":1000000000000},{"$f":"IF($D138<>\"Serviço\",0,IF(AND(AUTOEVENTO=\"Manual\",$M138=1),0,IF(OFFSET(CRONOPLE!$F$14,$M138,AV$13)=\"\",10^12,OFFSET(CRONOPLE!$F$14,$M138,AV$13))))","v":1000000000000},null,{"$f":"IF($D138<>\"Serviço\",0,IF(OR(AND(AUTOEVENTO=\"Manual\",$M138=1),$M138>(ROW(PLE.lastrow)-ROW(PLE.firstrow))),0,IF(OFFSET(PLE!$G$14,$M138,AX$13)=\"\",10^12,OFFSET(PLE!$G$14,$M138,AX$13))))","v":1000000000000},{"$f":"IF($D138<>\"Serviço\",0,IF(OR(AND(AUTOEVENTO=\"Manual\",$M138=1),$M138>(ROW(PLE.lastrow)-ROW(PLE.firstrow))),0,IF(OFFSET(PLE!$G$14,$M138,AY$13)=\"\",10^12,OFFSET(PLE!$G$14,$M138,AY$13))))","v":1000000000000},{"$f":"IF($D138<>\"Serviço\",0,IF(OR(AND(AUTOEVENTO=\"Manual\",$M138=1),$M138>(ROW(PLE.lastrow)-ROW(PLE.firstrow))),0,IF(OFFSET(PLE!$G$14,$M138,AZ$13)=\"\",10^12,OFFSET(PLE!$G$14,$M138,AZ$13))))","v":1000000000000},{"$f":"IF($D138<>\"Serviço\",0,IF(OR(AND(AUTOEVENTO=\"Manual\",$M138=1),$M138>(ROW(PLE.lastrow)-ROW(PLE.firstrow))),0,IF(OFFSET(PLE!$G$14,$M138,BA$13)=\"\",10^12,OFFSET(PLE!$G$14,$M138,BA$13))))","v":1000000000000},{"$f":"IF($D138<>\"Serviço\",0,IF(OR(AND(AUTOEVENTO=\"Manual\",$M138=1),$M138>(ROW(PLE.lastrow)-ROW(PLE.firstrow))),0,IF(OFFSET(PLE!$G$14,$M138,BB$13)=\"\",10^12,OFFSET(PLE!$G$14,$M138,BB$13))))","v":1000000000000},{"$f":"IF($D138<>\"Serviço\",0,IF(OR(AND(AUTOEVENTO=\"Manual\",$M138=1),$M138>(ROW(PLE.lastrow)-ROW(PLE.firstrow))),0,IF(OFFSET(PLE!$G$14,$M138,BC$13)=\"\",10^12,OFFSET(PLE!$G$14,$M138,BC$13))))","v":1000000000000},{"$f":"IF($D138<>\"Serviço\",0,IF(OR(AND(AUTOEVENTO=\"Manual\",$M138=1),$M138>(ROW(PLE.lastrow)-ROW(PLE.firstrow))),0,IF(OFFSET(PLE!$G$14,$M138,BD$13)=\"\",10^12,OFFSET(PLE!$G$14,$M138,BD$13))))","v":1000000000000},{"$f":"IF($D138<>\"Serviço\",0,IF(OR(AND(AUTOEVENTO=\"Manual\",$M138=1),$M138>(ROW(PLE.lastrow)-ROW(PLE.firstrow))),0,IF(OFFSET(PLE!$G$14,$M138,BE$13)=\"\",10^12,OFFSET(PLE!$G$14,$M138,BE$13))))","v":1000000000000},{"$f":"IF($D138<>\"Serviço\",0,IF(OR(AND(AUTOEVENTO=\"Manual\",$M138=1),$M138>(ROW(PLE.lastrow)-ROW(PLE.firstrow))),0,IF(OFFSET(PLE!$G$14,$M138,BF$13)=\"\",10^12,OFFSET(PLE!$G$14,$M138,BF$13))))","v":1000000000000},{"$f":"IF($D138<>\"Serviço\",0,IF(OR(AND(AUTOEVENTO=\"Manual\",$M138=1),$M138>(ROW(PLE.lastrow)-ROW(PLE.firstrow))),0,IF(OFFSET(PLE!$G$14,$M138,BG$13)=\"\",10^12,OFFSET(PLE!$G$14,$M138,BG$13))))","v":1000000000000}]
["101",{"$f":"OFFSET(ORÇAMENTO!C$15,ROW(B139)-ROW(B$15),0)","v":"S"},{"$f":"OFFSET(ORÇAMENTO!L$15,ROW(C139)-ROW(C$15),0)","v":""},{"$f":"OFFSET(ORÇAMENTO!N$15,ROW(D139)-ROW(D$15),0)","v":"Serviço"},{"$f":"OFFSET(ORÇAMENTO!O$15,ROW(E139)-ROW(E$15),0)","v":"-"},{"$f":"OFFSET(ORÇAMENTO!R$15,ROW(F139)-ROW(F$15),0)","v":"(Sem Código)"},{"$f":"IF($D139<>\"Serviço\",\"\",OFFSET(ORÇAMENTO!S$15,ROW(G139)-ROW(G$15),0))","v":"-"},{"$f":"IF($D139<>\"Serviço\",0,IF(ACOMPANHAMENTO=\"BM\",ROUND(OFFSET(ORÇAMENTO!AJ$15,ROW(H139)-ROW(H$15),0),15-13*ORÇAMENTO!$AF$7),SUMPRODUCT(($Q$12:$AA$12<>\"\")*ROUND($Q139:$AA139,15-13*ORÇAMENTO!$AF$7))))","v":0},null,null,null,".",{"$f":"IF($D139<>\"Serviço\",\"\",IF(AUTOEVENTO=\"manual\",$A139,IF(ISERROR(MATCH($A139,$A$15:OFFSET($A139,-1,0),0)),MAX($M$15:OFFSET(M139,-1,0))+1,INDEX($M$15:OFFSET(M139,-1,0),MATCH($A139,$A$15:OFFSET($A139,-1,0),0)))))","v":8},{"$f":"IF($D139<>\"Serviço\",\"\",IF(AUTOEVENTO=\"Manual\",IF($A139=0,\"<-- defina o número do agrupador\",OFFSET(EVENTOS!$D$14,$A139,0)),OFFSET($F$15,$A139,0)))","v":"INSTALAÇÕES ELÉTRICAS"},null,null,null,null,null,null,null,null,null,null,null,null,null,{"$f":"IF(AND($D139=\"Serviço\",AB$12<>0,$H139>0,OR(AUTOEVENTO<>\"manual\",$M139<>1)),\nIF(Import.TipoArredondamento<>\"TransfereGOV\",\nROUND(OFFSET($P139,0,AB$13),15-13*ORÇAMENTO!$AF$7)/$H139*OFFSET(ORÇAMENTO!$X$15,ROW(AB139)-ROW(AB$15),0),\nROUND(ROUND(OFFSET($P139,0,AB$13),15-13*ORÇAMENTO!$AF$7)*OFFSET(ORÇAMENTO!$W$15,ROW(AB139)-ROW(AB$15),0),15-13*ORÇAMENTO!$AF$11)),0)","v":0},{"$f":"IF(AND($D139=\"Serviço\",AC$12<>0,$H139>0,OR(AUTOEVENTO<>\"manual\",$M139<>1)),\nIF(Import.TipoArredondamento<>\"TransfereGOV\",\nROUND(OFFSET($P139,0,AC$13),15-13*ORÇAMENTO!$AF$7)/$H139*OFFSET(ORÇAMENTO!$X$15,ROW(AC139)-ROW(AC$15),0),\nROUND(ROUND(OFFSET($P139,0,AC$13),15-13*ORÇAMENTO!$AF$7)*OFFSET(ORÇAMENTO!$W$15,ROW(AC139)-ROW(AC$15),0),15-13*ORÇAMENTO!$AF$11)),0)","v":0},{"$f":"IF(AND($D139=\"Serviço\",AD$12<>0,$H139>0,OR(AUTOEVENTO<>\"manual\",$M139<>1)),\nIF(Import.TipoArredondamento<>\"TransfereGOV\",\nROUND(OFFSET($P139,0,AD$13),15-13*ORÇAMENTO!$AF$7)/$H139*OFFSET(ORÇAMENTO!$X$15,ROW(AD139)-ROW(AD$15),0),\nROUND(ROUND(OFFSET($P139,0,AD$13),15-13*ORÇAMENTO!$AF$7)*OFFSET(ORÇAMENTO!$W$15,ROW(AD139)-ROW(AD$15),0),15-13*ORÇAMENTO!$AF$11)),0)","v":0},{"$f":"IF(AND($D139=\"Serviço\",AE$12<>0,$H139>0,OR(AUTOEVENTO<>\"manual\",$M139<>1)),\nIF(Import.TipoArredondamento<>\"TransfereGOV\",\nROUND(OFFSET($P139,0,AE$13),15-13*ORÇAMENTO!$AF$7)/$H139*OFFSET(ORÇAMENTO!$X$15,ROW(AE139)-ROW(AE$15),0),\nROUND(ROUND(OFFSET($P139,0,AE$13),15-13*ORÇAMENTO!$AF$7)*OFFSET(ORÇAMENTO!$W$15,ROW(AE139)-ROW(AE$15),0),15-13*ORÇAMENTO!$AF$11)),0)","v":0},{"$f":"IF(AND($D139=\"Serviço\",AF$12<>0,$H139>0,OR(AUTOEVENTO<>\"manual\",$M139<>1)),\nIF(Import.TipoArredondamento<>\"TransfereGOV\",\nROUND(OFFSET($P139,0,AF$13),15-13*ORÇAMENTO!$AF$7)/$H139*OFFSET(ORÇAMENTO!$X$15,ROW(AF139)-ROW(AF$15),0),\nROUND(ROUND(OFFSET($P139,0,AF$13),15-13*ORÇAMENTO!$AF$7)*OFFSET(ORÇAMENTO!$W$15,ROW(AF139)-ROW(AF$15),0),15-13*ORÇAMENTO!$AF$11)),0)","v":0},{"$f":"IF(AND($D139=\"Serviço\",AG$12<>0,$H139>0,OR(AUTOEVENTO<>\"manual\",$M139<>1)),\nIF(Import.TipoArredondamento<>\"TransfereGOV\",\nROUND(OFFSET($P139,0,AG$13),15-13*ORÇAMENTO!$AF$7)/$H139*OFFSET(ORÇAMENTO!$X$15,ROW(AG139)-ROW(AG$15),0),\nROUND(ROUND(OFFSET($P139,0,AG$13),15-13*ORÇAMENTO!$AF$7)*OFFSET(ORÇAMENTO!$W$15,ROW(AG139)-ROW(AG$15),0),15-13*ORÇAMENTO!$AF$11)),0)","v":0},{"$f":"IF(AND($D139=\"Serviço\",AH$12<>0,$H139>0,OR(AUTOEVENTO<>\"manual\",$M139<>1)),\nIF(Import.TipoArredondamento<>\"TransfereGOV\",\nROUND(OFFSET($P139,0,AH$13),15-13*ORÇAMENTO!$AF$7)/$H139*OFFSET(ORÇAMENTO!$X$15,ROW(AH139)-ROW(AH$15),0),\nROUND(ROUND(OFFSET($P139,0,AH$13),15-13*ORÇAMENTO!$AF$7)*OFFSET(ORÇAMENTO!$W$15,ROW(AH139)-ROW(AH$15),0),15-13*ORÇAMENTO!$AF$11)),0)","v":0},{"$f":"IF(AND($D139=\"Serviço\",AI$12<>0,$H139>0,OR(AUTOEVENTO<>\"manual\",$M139<>1)),\nIF(Import.TipoArredondamento<>\"TransfereGOV\",\nROUND(OFFSET($P139,0,AI$13),15-13*ORÇAMENTO!$AF$7)/$H139*OFFSET(ORÇAMENTO!$X$15,ROW(AI139)-ROW(AI$15),0),\nROUND(ROUND(OFFSET($P139,0,AI$13),15-13*ORÇAMENTO!$AF$7)*OFFSET(ORÇAMENTO!$W$15,ROW(AI139)-ROW(AI$15),0),15-13*ORÇAMENTO!$AF$11)),0)","v":0},{"$f":"IF(AND($D139=\"Serviço\",AJ$12<>0,$H139>0,OR(AUTOEVENTO<>\"manual\",$M139<>1)),\nIF(Import.TipoArredondamento<>\"TransfereGOV\",\nROUND(OFFSET($P139,0,AJ$13),15-13*ORÇAMENTO!$AF$7)/$H139*OFFSET(ORÇAMENTO!$X$15,ROW(AJ139)-ROW(AJ$15),0),\nROUND(ROUND(OFFSET($P139,0,AJ$13),15-13*ORÇAMENTO!$AF$7)*OFFSET(ORÇAMENTO!$W$15,ROW(AJ139)-ROW(AJ$15),0),15-13*ORÇAMENTO!$AF$11)),0)","v":0},{"$f":"IF(AND($D139=\"Serviço\",AK$12<>0,$H139>0,OR(AUTOEVENTO<>\"manual\",$M139<>1)),\nIF(Import.TipoArredondamento<>\"TransfereGOV\",\nROUND(OFFSET($P139,0,AK$13),15-13*ORÇAMENTO!$AF$7)/$H139*OFFSET(ORÇAMENTO!$X$15,ROW(AK139)-ROW(AK$15),0),\nROUND(ROUND(OFFSET($P139,0,AK$13),15-13*ORÇAMENTO!$AF$7)*OFFSET(ORÇAMENTO!$W$15,ROW(AK139)-ROW(AK$15),0),15-13*ORÇAMENTO!$AF$11)),0)","v":0},null,{"$f":"IF($D139<>\"Serviço\",0,IF(AND(AUTOEVENTO=\"Manual\",$M139=1),0,IF(OFFSET(CRONOPLE!$F$14,$M139,AM$13)=\"\",10^12,OFFSET(CRONOPLE!$F$14,$M139,AM$13))))","v":1000000000000},{"$f":"IF($D139<>\"Serviço\",0,IF(AND(AUTOEVENTO=\"Manual\",$M139=1),0,IF(OFFSET(CRONOPLE!$F$14,$M139,AN$13)=\"\",10^12,OFFSET(CRONOPLE!$F$14,$M139,AN$13))))","v":1000000000000},{"$f":"IF($D139<>\"Serviço\",0,IF(AND(AUTOEVENTO=\"Manual\",$M139=1),0,IF(OFFSET(CRONOPLE!$F$14,$M139,AO$13)=\"\",10^12,OFFSET(CRONOPLE!$F$14,$M139,AO$13))))","v":1000000000000},{"$f":"IF($D139<>\"Serviço\",0,IF(AND(AUTOEVENTO=\"Manual\",$M139=1),0,IF(OFFSET(CRONOPLE!$F$14,$M139,AP$13)=\"\",10^12,OFFSET(CRONOPLE!$F$14,$M139,AP$13))))","v":1000000000000},{"$f":"IF($D139<>\"Serviço\",0,IF(AND(AUTOEVENTO=\"Manual\",$M139=1),0,IF(OFFSET(CRONOPLE!$F$14,$M139,AQ$13)=\"\",10^12,OFFSET(CRONOPLE!$F$14,$M139,AQ$13))))","v":1000000000000},{"$f":"IF($D139<>\"Serviço\",0,IF(AND(AUTOEVENTO=\"Manual\",$M139=1),0,IF(OFFSET(CRONOPLE!$F$14,$M139,AR$13)=\"\",10^12,OFFSET(CRONOPLE!$F$14,$M139,AR$13))))","v":1000000000000},{"$f":"IF($D139<>\"Serviço\",0,IF(AND(AUTOEVENTO=\"Manual\",$M139=1),0,IF(OFFSET(CRONOPLE!$F$14,$M139,AS$13)=\"\",10^12,OFFSET(CRONOPLE!$F$14,$M139,AS$13))))","v":1000000000000},{"$f":"IF($D139<>\"Serviço\",0,IF(AND(AUTOEVENTO=\"Manual\",$M139=1),0,IF(OFFSET(CRONOPLE!$F$14,$M139,AT$13)=\"\",10^12,OFFSET(CRONOPLE!$F$14,$M139,AT$13))))","v":1000000000000},{"$f":"IF($D139<>\"Serviço\",0,IF(AND(AUTOEVENTO=\"Manual\",$M139=1),0,IF(OFFSET(CRONOPLE!$F$14,$M139,AU$13)=\"\",10^12,OFFSET(CRONOPLE!$F$14,$M139,AU$13))))","v":1000000000000},{"$f":"IF($D139<>\"Serviço\",0,IF(AND(AUTOEVENTO=\"Manual\",$M139=1),0,IF(OFFSET(CRONOPLE!$F$14,$M139,AV$13)=\"\",10^12,OFFSET(CRONOPLE!$F$14,$M139,AV$13))))","v":1000000000000},null,{"$f":"IF($D139<>\"Serviço\",0,IF(OR(AND(AUTOEVENTO=\"Manual\",$M139=1),$M139>(ROW(PLE.lastrow)-ROW(PLE.firstrow))),0,IF(OFFSET(PLE!$G$14,$M139,AX$13)=\"\",10^12,OFFSET(PLE!$G$14,$M139,AX$13))))","v":1000000000000},{"$f":"IF($D139<>\"Serviço\",0,IF(OR(AND(AUTOEVENTO=\"Manual\",$M139=1),$M139>(ROW(PLE.lastrow)-ROW(PLE.firstrow))),0,IF(OFFSET(PLE!$G$14,$M139,AY$13)=\"\",10^12,OFFSET(PLE!$G$14,$M139,AY$13))))","v":1000000000000},{"$f":"IF($D139<>\"Serviço\",0,IF(OR(AND(AUTOEVENTO=\"Manual\",$M139=1),$M139>(ROW(PLE.lastrow)-ROW(PLE.firstrow))),0,IF(OFFSET(PLE!$G$14,$M139,AZ$13)=\"\",10^12,OFFSET(PLE!$G$14,$M139,AZ$13))))","v":1000000000000},{"$f":"IF($D139<>\"Serviço\",0,IF(OR(AND(AUTOEVENTO=\"Manual\",$M139=1),$M139>(ROW(PLE.lastrow)-ROW(PLE.firstrow))),0,IF(OFFSET(PLE!$G$14,$M139,BA$13)=\"\",10^12,OFFSET(PLE!$G$14,$M139,BA$13))))","v":1000000000000},{"$f":"IF($D139<>\"Serviço\",0,IF(OR(AND(AUTOEVENTO=\"Manual\",$M139=1),$M139>(ROW(PLE.lastrow)-ROW(PLE.firstrow))),0,IF(OFFSET(PLE!$G$14,$M139,BB$13)=\"\",10^12,OFFSET(PLE!$G$14,$M139,BB$13))))","v":1000000000000},{"$f":"IF($D139<>\"Serviço\",0,IF(OR(AND(AUTOEVENTO=\"Manual\",$M139=1),$M139>(ROW(PLE.lastrow)-ROW(PLE.firstrow))),0,IF(OFFSET(PLE!$G$14,$M139,BC$13)=\"\",10^12,OFFSET(PLE!$G$14,$M139,BC$13))))","v":1000000000000},{"$f":"IF($D139<>\"Serviço\",0,IF(OR(AND(AUTOEVENTO=\"Manual\",$M139=1),$M139>(ROW(PLE.lastrow)-ROW(PLE.firstrow))),0,IF(OFFSET(PLE!$G$14,$M139,BD$13)=\"\",10^12,OFFSET(PLE!$G$14,$M139,BD$13))))","v":1000000000000},{"$f":"IF($D139<>\"Serviço\",0,IF(OR(AND(AUTOEVENTO=\"Manual\",$M139=1),$M139>(ROW(PLE.lastrow)-ROW(PLE.firstrow))),0,IF(OFFSET(PLE!$G$14,$M139,BE$13)=\"\",10^12,OFFSET(PLE!$G$14,$M139,BE$13))))","v":1000000000000},{"$f":"IF($D139<>\"Serviço\",0,IF(OR(AND(AUTOEVENTO=\"Manual\",$M139=1),$M139>(ROW(PLE.lastrow)-ROW(PLE.firstrow))),0,IF(OFFSET(PLE!$G$14,$M139,BF$13)=\"\",10^12,OFFSET(PLE!$G$14,$M139,BF$13))))","v":1000000000000},{"$f":"IF($D139<>\"Serviço\",0,IF(OR(AND(AUTOEVENTO=\"Manual\",$M139=1),$M139>(ROW(PLE.lastrow)-ROW(PLE.firstrow))),0,IF(OFFSET(PLE!$G$14,$M139,BG$13)=\"\",10^12,OFFSET(PLE!$G$14,$M139,BG$13))))","v":1000000000000}]
[{"$f":"IF(AUTOEVENTO=\"Manual\",IF(K140<>\"\",MIN(VALUE(LEFT(K140,FIND(\".\",K140)-1)),COUNTA(EVENTOS.Lista)),0),IF(OR($B140>AUTOEVENTO,$B140=\"S\",$B140=0),SUBSTITUTE(OFFSET($A140,-1,0),IF($D140=\"Serviço\",\".\",\"\"),\"\"),ROW(A140)-ROW($A$15)&\".\"))","v":"101"},{"$f":"OFFSET(ORÇAMENTO!C$15,ROW(B140)-ROW(B$15),0)","v":"S"},{"$f":"OFFSET(ORÇAMENTO!L$15,ROW(C140)-ROW(C$15),0)","v":""},{"$f":"OFFSET(ORÇAMENTO!N$15,ROW(D140)-ROW(D$15),0)","v":"Serviço"},{"$f":"OFFSET(ORÇAMENTO!O$15,ROW(E140)-ROW(E$15),0)","v":"-"},{"$f":"OFFSET(ORÇAMENTO!R$15,ROW(F140)-ROW(F$15),0)","v":"(Sem Código)"},{"$f":"IF($D140<>\"Serviço\",\"\",OFFSET(ORÇAMENTO!S$15,ROW(G140)-ROW(G$15),0))","v":"-"},{"$f":"IF($D140<>\"Serviço\",0,IF(ACOMPANHAMENTO=\"BM\",ROUND(OFFSET(ORÇAMENTO!AJ$15,ROW(H140)-ROW(H$15),0),15-13*ORÇAMENTO!$AF$7),SUMPRODUCT(($Q$12:$AA$12<>\"\")*ROUND($Q140:$AA140,15-13*ORÇAMENTO!$AF$7))))","v":0},null,null,null,".",{"$f":"IF($D140<>\"Serviço\",\"\",IF(AUTOEVENTO=\"manual\",$A140,IF(ISERROR(MATCH($A140,$A$15:OFFSET($A140,-1,0),0)),MAX($M$15:OFFSET(M140,-1,0))+1,INDEX($M$15:OFFSET(M140,-1,0),MATCH($A140,$A$15:OFFSET($A140,-1,0),0)))))","v":8},{"$f":"IF($D140<>\"Serviço\",\"\",IF(AUTOEVENTO=\"Manual\",IF($A140=0,\"<-- defina o número do agrupador\",OFFSET(EVENTOS!$D$14,$A140,0)),OFFSET($F$15,$A140,0)))","v":"INSTALAÇÕES ELÉTRICAS"},null,null,null,null,null,null,null,null,null,null,null,null,null,{"$f":"IF(AND($D140=\"Serviço\",AB$12<>0,$H140>0,OR(AUTOEVENTO<>\"manual\",$M140<>1)),\nIF(Import.TipoArredondamento<>\"TransfereGOV\",\nROUND(OFFSET($P140,0,AB$13),15-13*ORÇAMENTO!$AF$7)/$H140*OFFSET(ORÇAMENTO!$X$15,ROW(AB140)-ROW(AB$15),0),\nROUND(ROUND(OFFSET($P140,0,AB$13),15-13*ORÇAMENTO!$AF$7)*OFFSET(ORÇAMENTO!$W$15,ROW(AB140)-ROW(AB$15),0),15-13*ORÇAMENTO!$AF$11)),0)","v":0},{"$f":"IF(AND($D140=\"Serviço\",AC$12<>0,$H140>0,OR(AUTOEVENTO<>\"manual\",$M140<>1)),\nIF(Import.TipoArredondamento<>\"TransfereGOV\",\nROUND(OFFSET($P140,0,AC$13),15-13*ORÇAMENTO!$AF$7)/$H140*OFFSET(ORÇAMENTO!$X$15,ROW(AC140)-ROW(AC$15),0),\nROUND(ROUND(OFFSET($P140,0,AC$13),15-13*ORÇAMENTO!$AF$7)*OFFSET(ORÇAMENTO!$W$15,ROW(AC140)-ROW(AC$15),0),15-13*ORÇAMENTO!$AF$11)),0)","v":0},{"$f":"IF(AND($D140=\"Serviço\",AD$12<>0,$H140>0,OR(AUTOEVENTO<>\"manual\",$M140<>1)),\nIF(Import.TipoArredondamento<>\"TransfereGOV\",\nROUND(OFFSET($P140,0,AD$13),15-13*ORÇAMENTO!$AF$7)/$H140*OFFSET(ORÇAMENTO!$X$15,ROW(AD140)-ROW(AD$15),0),\nROUND(ROUND(OFFSET($P140,0,AD$13),15-13*ORÇAMENTO!$AF$7)*OFFSET(ORÇAMENTO!$W$15,ROW(AD140)-ROW(AD$15),0),15-13*ORÇAMENTO!$AF$11)),0)","v":0},{"$f":"IF(AND($D140=\"Serviço\",AE$12<>0,$H140>0,OR(AUTOEVENTO<>\"manual\",$M140<>1)),\nIF(Import.TipoArredondamento<>\"TransfereGOV\",\nROUND(OFFSET($P140,0,AE$13),15-13*ORÇAMENTO!$AF$7)/$H140*OFFSET(ORÇAMENTO!$X$15,ROW(AE140)-ROW(AE$15),0),\nROUND(ROUND(OFFSET($P140,0,AE$13),15-13*ORÇAMENTO!$AF$7)*OFFSET(ORÇAMENTO!$W$15,ROW(AE140)-ROW(AE$15),0),15-13*ORÇAMENTO!$AF$11)),0)","v":0},{"$f":"IF(AND($D140=\"Serviço\",AF$12<>0,$H140>0,OR(AUTOEVENTO<>\"manual\",$M140<>1)),\nIF(Import.TipoArredondamento<>\"TransfereGOV\",\nROUND(OFFSET($P140,0,AF$13),15-13*ORÇAMENTO!$AF$7)/$H140*OFFSET(ORÇAMENTO!$X$15,ROW(AF140)-ROW(AF$15),0),\nROUND(ROUND(OFFSET($P140,0,AF$13),15-13*ORÇAMENTO!$AF$7)*OFFSET(ORÇAMENTO!$W$15,ROW(AF140)-ROW(AF$15),0),15-13*ORÇAMENTO!$AF$11)),0)","v":0},{"$f":"IF(AND($D140=\"Serviço\",AG$12<>0,$H140>0,OR(AUTOEVENTO<>\"manual\",$M140<>1)),\nIF(Import.TipoArredondamento<>\"TransfereGOV\",\nROUND(OFFSET($P140,0,AG$13),15-13*ORÇAMENTO!$AF$7)/$H140*OFFSET(ORÇAMENTO!$X$15,ROW(AG140)-ROW(AG$15),0),\nROUND(ROUND(OFFSET($P140,0,AG$13),15-13*ORÇAMENTO!$AF$7)*OFFSET(ORÇAMENTO!$W$15,ROW(AG140)-ROW(AG$15),0),15-13*ORÇAMENTO!$AF$11)),0)","v":0},{"$f":"IF(AND($D140=\"Serviço\",AH$12<>0,$H140>0,OR(AUTOEVENTO<>\"manual\",$M140<>1)),\nIF(Import.TipoArredondamento<>\"TransfereGOV\",\nROUND(OFFSET($P140,0,AH$13),15-13*ORÇAMENTO!$AF$7)/$H140*OFFSET(ORÇAMENTO!$X$15,ROW(AH140)-ROW(AH$15),0),\nROUND(ROUND(OFFSET($P140,0,AH$13),15-13*ORÇAMENTO!$AF$7)*OFFSET(ORÇAMENTO!$W$15,ROW(AH140)-ROW(AH$15),0),15-13*ORÇAMENTO!$AF$11)),0)","v":0},{"$f":"IF(AND($D140=\"Serviço\",AI$12<>0,$H140>0,OR(AUTOEVENTO<>\"manual\",$M140<>1)),\nIF(Import.TipoArredondamento<>\"TransfereGOV\",\nROUND(OFFSET($P140,0,AI$13),15-13*ORÇAMENTO!$AF$7)/$H140*OFFSET(ORÇAMENTO!$X$15,ROW(AI140)-ROW(AI$15),0),\nROUND(ROUND(OFFSET($P140,0,AI$13),15-13*ORÇAMENTO!$AF$7)*OFFSET(ORÇAMENTO!$W$15,ROW(AI140)-ROW(AI$15),0),15-13*ORÇAMENTO!$AF$11)),0)","v":0},{"$f":"IF(AND($D140=\"Serviço\",AJ$12<>0,$H140>0,OR(AUTOEVENTO<>\"manual\",$M140<>1)),\nIF(Import.TipoArredondamento<>\"TransfereGOV\",\nROUND(OFFSET($P140,0,AJ$13),15-13*ORÇAMENTO!$AF$7)/$H140*OFFSET(ORÇAMENTO!$X$15,ROW(AJ140)-ROW(AJ$15),0),\nROUND(ROUND(OFFSET($P140,0,AJ$13),15-13*ORÇAMENTO!$AF$7)*OFFSET(ORÇAMENTO!$W$15,ROW(AJ140)-ROW(AJ$15),0),15-13*ORÇAMENTO!$AF$11)),0)","v":0},{"$f":"IF(AND($D140=\"Serviço\",AK$12<>0,$H140>0,OR(AUTOEVENTO<>\"manual\",$M140<>1)),\nIF(Import.TipoArredondamento<>\"TransfereGOV\",\nROUND(OFFSET($P140,0,AK$13),15-13*ORÇAMENTO!$AF$7)/$H140*OFFSET(ORÇAMENTO!$X$15,ROW(AK140)-ROW(AK$15),0),\nROUND(ROUND(OFFSET($P140,0,AK$13),15-13*ORÇAMENTO!$AF$7)*OFFSET(ORÇAMENTO!$W$15,ROW(AK140)-ROW(AK$15),0),15-13*ORÇAMENTO!$AF$11)),0)","v":0},null,{"$f":"IF($D140<>\"Serviço\",0,IF(AND(AUTOEVENTO=\"Manual\",$M140=1),0,IF(OFFSET(CRONOPLE!$F$14,$M140,AM$13)=\"\",10^12,OFFSET(CRONOPLE!$F$14,$M140,AM$13))))","v":1000000000000},{"$f":"IF($D140<>\"Serviço\",0,IF(AND(AUTOEVENTO=\"Manual\",$M140=1),0,IF(OFFSET(CRONOPLE!$F$14,$M140,AN$13)=\"\",10^12,OFFSET(CRONOPLE!$F$14,$M140,AN$13))))","v":1000000000000},{"$f":"IF($D140<>\"Serviço\",0,IF(AND(AUTOEVENTO=\"Manual\",$M140=1),0,IF(OFFSET(CRONOPLE!$F$14,$M140,AO$13)=\"\",10^12,OFFSET(CRONOPLE!$F$14,$M140,AO$13))))","v":1000000000000},{"$f":"IF($D140<>\"Serviço\",0,IF(AND(AUTOEVENTO=\"Manual\",$M140=1),0,IF(OFFSET(CRONOPLE!$F$14,$M140,AP$13)=\"\",10^12,OFFSET(CRONOPLE!$F$14,$M140,AP$13))))","v":1000000000000},{"$f":"IF($D140<>\"Serviço\",0,IF(AND(AUTOEVENTO=\"Manual\",$M140=1),0,IF(OFFSET(CRONOPLE!$F$14,$M140,AQ$13)=\"\",10^12,OFFSET(CRONOPLE!$F$14,$M140,AQ$13))))","v":1000000000000},{"$f":"IF($D140<>\"Serviço\",0,IF(AND(AUTOEVENTO=\"Manual\",$M140=1),0,IF(OFFSET(CRONOPLE!$F$14,$M140,AR$13)=\"\",10^12,OFFSET(CRONOPLE!$F$14,$M140,AR$13))))","v":1000000000000},{"$f":"IF($D140<>\"Serviço\",0,IF(AND(AUTOEVENTO=\"Manual\",$M140=1),0,IF(OFFSET(CRONOPLE!$F$14,$M140,AS$13)=\"\",10^12,OFFSET(CRONOPLE!$F$14,$M140,AS$13))))","v":1000000000000},{"$f":"IF($D140<>\"Serviço\",0,IF(AND(AUTOEVENTO=\"Manual\",$M140=1),0,IF(OFFSET(CRONOPLE!$F$14,$M140,AT$13)=\"\",10^12,OFFSET(CRONOPLE!$F$14,$M140,AT$13))))","v":1000000000000},{"$f":"IF($D140<>\"Serviço\",0,IF(AND(AUTOEVENTO=\"Manual\",$M140=1),0,IF(OFFSET(CRONOPLE!$F$14,$M140,AU$13)=\"\",10^12,OFFSET(CRONOPLE!$F$14,$M140,AU$13))))","v":1000000000000},{"$f":"IF($D140<>\"Serviço\",0,IF(AND(AUTOEVENTO=\"Manual\",$M140=1),0,IF(OFFSET(CRONOPLE!$F$14,$M140,AV$13)=\"\",10^12,OFFSET(CRONOPLE!$F$14,$M140,AV$13))))","v":1000000000000},null,{"$f":"IF($D140<>\"Serviço\",0,IF(OR(AND(AUTOEVENTO=\"Manual\",$M140=1),$M140>(ROW(PLE.lastrow)-ROW(PLE.firstrow))),0,IF(OFFSET(PLE!$G$14,$M140,AX$13)=\"\",10^12,OFFSET(PLE!$G$14,$M140,AX$13))))","v":1000000000000},{"$f":"IF($D140<>\"Serviço\",0,IF(OR(AND(AUTOEVENTO=\"Manual\",$M140=1),$M140>(ROW(PLE.lastrow)-ROW(PLE.firstrow))),0,IF(OFFSET(PLE!$G$14,$M140,AY$13)=\"\",10^12,OFFSET(PLE!$G$14,$M140,AY$13))))","v":1000000000000},{"$f":"IF($D140<>\"Serviço\",0,IF(OR(AND(AUTOEVENTO=\"Manual\",$M140=1),$M140>(ROW(PLE.lastrow)-ROW(PLE.firstrow))),0,IF(OFFSET(PLE!$G$14,$M140,AZ$13)=\"\",10^12,OFFSET(PLE!$G$14,$M140,AZ$13))))","v":1000000000000},{"$f":"IF($D140<>\"Serviço\",0,IF(OR(AND(AUTOEVENTO=\"Manual\",$M140=1),$M140>(ROW(PLE.lastrow)-ROW(PLE.firstrow))),0,IF(OFFSET(PLE!$G$14,$M140,BA$13)=\"\",10^12,OFFSET(PLE!$G$14,$M140,BA$13))))","v":1000000000000},{"$f":"IF($D140<>\"Serviço\",0,IF(OR(AND(AUTOEVENTO=\"Manual\",$M140=1),$M140>(ROW(PLE.lastrow)-ROW(PLE.firstrow))),0,IF(OFFSET(PLE!$G$14,$M140,BB$13)=\"\",10^12,OFFSET(PLE!$G$14,$M140,BB$13))))","v":1000000000000},{"$f":"IF($D140<>\"Serviço\",0,IF(OR(AND(AUTOEVENTO=\"Manual\",$M140=1),$M140>(ROW(PLE.lastrow)-ROW(PLE.firstrow))),0,IF(OFFSET(PLE!$G$14,$M140,BC$13)=\"\",10^12,OFFSET(PLE!$G$14,$M140,BC$13))))","v":1000000000000},{"$f":"IF($D140<>\"Serviço\",0,IF(OR(AND(AUTOEVENTO=\"Manual\",$M140=1),$M140>(ROW(PLE.lastrow)-ROW(PLE.firstrow))),0,IF(OFFSET(PLE!$G$14,$M140,BD$13)=\"\",10^12,OFFSET(PLE!$G$14,$M140,BD$13))))","v":1000000000000},{"$f":"IF($D140<>\"Serviço\",0,IF(OR(AND(AUTOEVENTO=\"Manual\",$M140=1),$M140>(ROW(PLE.lastrow)-ROW(PLE.firstrow))),0,IF(OFFSET(PLE!$G$14,$M140,BE$13)=\"\",10^12,OFFSET(PLE!$G$14,$M140,BE$13))))","v":1000000000000},{"$f":"IF($D140<>\"Serviço\",0,IF(OR(AND(AUTOEVENTO=\"Manual\",$M140=1),$M140>(ROW(PLE.lastrow)-ROW(PLE.firstrow))),0,IF(OFFSET(PLE!$G$14,$M140,BF$13)=\"\",10^12,OFFSET(PLE!$G$14,$M140,BF$13))))","v":1000000000000},{"$f":"IF($D140<>\"Serviço\",0,IF(OR(AND(AUTOEVENTO=\"Manual\",$M140=1),$M140>(ROW(PLE.lastrow)-ROW(PLE.firstrow))),0,IF(OFFSET(PLE!$G$14,$M140,BG$13)=\"\",10^12,OFFSET(PLE!$G$14,$M140,BG$13))))","v":1000000000000}]
["101",{"$f":"OFFSET(ORÇAMENTO!C$15,ROW(B141)-ROW(B$15),0)","v":"S"},{"$f":"OFFSET(ORÇAMENTO!L$15,ROW(C141)-ROW(C$15),0)","v":""},{"$f":"OFFSET(ORÇAMENTO!N$15,ROW(D141)-ROW(D$15),0)","v":"Serviço"},{"$f":"OFFSET(ORÇAMENTO!O$15,ROW(E141)-ROW(E$15),0)","v":"-"},{"$f":"OFFSET(ORÇAMENTO!R$15,ROW(F141)-ROW(F$15),0)","v":"(Sem Código)"},{"$f":"IF($D141<>\"Serviço\",\"\",OFFSET(ORÇAMENTO!S$15,ROW(G141)-ROW(G$15),0))","v":"-"},{"$f":"IF($D141<>\"Serviço\",0,IF(ACOMPANHAMENTO=\"BM\",ROUND(OFFSET(ORÇAMENTO!AJ$15,ROW(H141)-ROW(H$15),0),15-13*ORÇAMENTO!$AF$7),SUMPRODUCT(($Q$12:$AA$12<>\"\")*ROUND($Q141:$AA141,15-13*ORÇAMENTO!$AF$7))))","v":0},null,null,null,".",{"$f":"IF($D141<>\"Serviço\",\"\",IF(AUTOEVENTO=\"manual\",$A141,IF(ISERROR(MATCH($A141,$A$15:OFFSET($A141,-1,0),0)),MAX($M$15:OFFSET(M141,-1,0))+1,INDEX($M$15:OFFSET(M141,-1,0),MATCH($A141,$A$15:OFFSET($A141,-1,0),0)))))","v":8},{"$f":"IF($D141<>\"Serviço\",\"\",IF(AUTOEVENTO=\"Manual\",IF($A141=0,\"<-- defina o número do agrupador\",OFFSET(EVENTOS!$D$14,$A141,0)),OFFSET($F$15,$A141,0)))","v":"INSTALAÇÕES ELÉTRICAS"},null,null,null,null,null,null,null,null,null,null,null,null,null,{"$f":"IF(AND($D141=\"Serviço\",AB$12<>0,$H141>0,OR(AUTOEVENTO<>\"manual\",$M141<>1)),\nIF(Import.TipoArredondamento<>\"TransfereGOV\",\nROUND(OFFSET($P141,0,AB$13),15-13*ORÇAMENTO!$AF$7)/$H141*OFFSET(ORÇAMENTO!$X$15,ROW(AB141)-ROW(AB$15),0),\nROUND(ROUND(OFFSET($P141,0,AB$13),15-13*ORÇAMENTO!$AF$7)*OFFSET(ORÇAMENTO!$W$15,ROW(AB141)-ROW(AB$15),0),15-13*ORÇAMENTO!$AF$11)),0)","v":0},{"$f":"IF(AND($D141=\"Serviço\",AC$12<>0,$H141>0,OR(AUTOEVENTO<>\"manual\",$M141<>1)),\nIF(Import.TipoArredondamento<>\"TransfereGOV\",\nROUND(OFFSET($P141,0,AC$13),15-13*ORÇAMENTO!$AF$7)/$H141*OFFSET(ORÇAMENTO!$X$15,ROW(AC141)-ROW(AC$15),0),\nROUND(ROUND(OFFSET($P141,0,AC$13),15-13*ORÇAMENTO!$AF$7)*OFFSET(ORÇAMENTO!$W$15,ROW(AC141)-ROW(AC$15),0),15-13*ORÇAMENTO!$AF$11)),0)","v":0},{"$f":"IF(AND($D141=\"Serviço\",AD$12<>0,$H141>0,OR(AUTOEVENTO<>\"manual\",$M141<>1)),\nIF(Import.TipoArredondamento<>\"TransfereGOV\",\nROUND(OFFSET($P141,0,AD$13),15-13*ORÇAMENTO!$AF$7)/$H141*OFFSET(ORÇAMENTO!$X$15,ROW(AD141)-ROW(AD$15),0),\nROUND(ROUND(OFFSET($P141,0,AD$13),15-13*ORÇAMENTO!$AF$7)*OFFSET(ORÇAMENTO!$W$15,ROW(AD141)-ROW(AD$15),0),15-13*ORÇAMENTO!$AF$11)),0)","v":0},{"$f":"IF(AND($D141=\"Serviço\",AE$12<>0,$H141>0,OR(AUTOEVENTO<>\"manual\",$M141<>1)),\nIF(Import.TipoArredondamento<>\"TransfereGOV\",\nROUND(OFFSET($P141,0,AE$13),15-13*ORÇAMENTO!$AF$7)/$H141*OFFSET(ORÇAMENTO!$X$15,ROW(AE141)-ROW(AE$15),0),\nROUND(ROUND(OFFSET($P141,0,AE$13),15-13*ORÇAMENTO!$AF$7)*OFFSET(ORÇAMENTO!$W$15,ROW(AE141)-ROW(AE$15),0),15-13*ORÇAMENTO!$AF$11)),0)","v":0},{"$f":"IF(AND($D141=\"Serviço\",AF$12<>0,$H141>0,OR(AUTOEVENTO<>\"manual\",$M141<>1)),\nIF(Import.TipoArredondamento<>\"TransfereGOV\",\nROUND(OFFSET($P141,0,AF$13),15-13*ORÇAMENTO!$AF$7)/$H141*OFFSET(ORÇAMENTO!$X$15,ROW(AF141)-ROW(AF$15),0),\nROUND(ROUND(OFFSET($P141,0,AF$13),15-13*ORÇAMENTO!$AF$7)*OFFSET(ORÇAMENTO!$W$15,ROW(AF141)-ROW(AF$15),0),15-13*ORÇAMENTO!$AF$11)),0)","v":0},{"$f":"IF(AND($D141=\"Serviço\",AG$12<>0,$H141>0,OR(AUTOEVENTO<>\"manual\",$M141<>1)),\nIF(Import.TipoArredondamento<>\"TransfereGOV\",\nROUND(OFFSET($P141,0,AG$13),15-13*ORÇAMENTO!$AF$7)/$H141*OFFSET(ORÇAMENTO!$X$15,ROW(AG141)-ROW(AG$15),0),\nROUND(ROUND(OFFSET($P141,0,AG$13),15-13*ORÇAMENTO!$AF$7)*OFFSET(ORÇAMENTO!$W$15,ROW(AG141)-ROW(AG$15),0),15-13*ORÇAMENTO!$AF$11)),0)","v":0},{"$f":"IF(AND($D141=\"Serviço\",AH$12<>0,$H141>0,OR(AUTOEVENTO<>\"manual\",$M141<>1)),\nIF(Import.TipoArredondamento<>\"TransfereGOV\",\nROUND(OFFSET($P141,0,AH$13),15-13*ORÇAMENTO!$AF$7)/$H141*OFFSET(ORÇAMENTO!$X$15,ROW(AH141)-ROW(AH$15),0),\nROUND(ROUND(OFFSET($P141,0,AH$13),15-13*ORÇAMENTO!$AF$7)*OFFSET(ORÇAMENTO!$W$15,ROW(AH141)-ROW(AH$15),0),15-13*ORÇAMENTO!$AF$11)),0)","v":0},{"$f":"IF(AND($D141=\"Serviço\",AI$12<>0,$H141>0,OR(AUTOEVENTO<>\"manual\",$M141<>1)),\nIF(Import.TipoArredondamento<>\"TransfereGOV\",\nROUND(OFFSET($P141,0,AI$13),15-13*ORÇAMENTO!$AF$7)/$H141*OFFSET(ORÇAMENTO!$X$15,ROW(AI141)-ROW(AI$15),0),\nROUND(ROUND(OFFSET($P141,0,AI$13),15-13*ORÇAMENTO!$AF$7)*OFFSET(ORÇAMENTO!$W$15,ROW(AI141)-ROW(AI$15),0),15-13*ORÇAMENTO!$AF$11)),0)","v":0},{"$f":"IF(AND($D141=\"Serviço\",AJ$12<>0,$H141>0,OR(AUTOEVENTO<>\"manual\",$M141<>1)),\nIF(Import.TipoArredondamento<>\"TransfereGOV\",\nROUND(OFFSET($P141,0,AJ$13),15-13*ORÇAMENTO!$AF$7)/$H141*OFFSET(ORÇAMENTO!$X$15,ROW(AJ141)-ROW(AJ$15),0),\nROUND(ROUND(OFFSET($P141,0,AJ$13),15-13*ORÇAMENTO!$AF$7)*OFFSET(ORÇAMENTO!$W$15,ROW(AJ141)-ROW(AJ$15),0),15-13*ORÇAMENTO!$AF$11)),0)","v":0},{"$f":"IF(AND($D141=\"Serviço\",AK$12<>0,$H141>0,OR(AUTOEVENTO<>\"manual\",$M141<>1)),\nIF(Import.TipoArredondamento<>\"TransfereGOV\",\nROUND(OFFSET($P141,0,AK$13),15-13*ORÇAMENTO!$AF$7)/$H141*OFFSET(ORÇAMENTO!$X$15,ROW(AK141)-ROW(AK$15),0),\nROUND(ROUND(OFFSET($P141,0,AK$13),15-13*ORÇAMENTO!$AF$7)*OFFSET(ORÇAMENTO!$W$15,ROW(AK141)-ROW(AK$15),0),15-13*ORÇAMENTO!$AF$11)),0)","v":0},null,{"$f":"IF($D141<>\"Serviço\",0,IF(AND(AUTOEVENTO=\"Manual\",$M141=1),0,IF(OFFSET(CRONOPLE!$F$14,$M141,AM$13)=\"\",10^12,OFFSET(CRONOPLE!$F$14,$M141,AM$13))))","v":1000000000000},{"$f":"IF($D141<>\"Serviço\",0,IF(AND(AUTOEVENTO=\"Manual\",$M141=1),0,IF(OFFSET(CRONOPLE!$F$14,$M141,AN$13)=\"\",10^12,OFFSET(CRONOPLE!$F$14,$M141,AN$13))))","v":1000000000000},{"$f":"IF($D141<>\"Serviço\",0,IF(AND(AUTOEVENTO=\"Manual\",$M141=1),0,IF(OFFSET(CRONOPLE!$F$14,$M141,AO$13)=\"\",10^12,OFFSET(CRONOPLE!$F$14,$M141,AO$13))))","v":1000000000000},{"$f":"IF($D141<>\"Serviço\",0,IF(AND(AUTOEVENTO=\"Manual\",$M141=1),0,IF(OFFSET(CRONOPLE!$F$14,$M141,AP$13)=\"\",10^12,OFFSET(CRONOPLE!$F$14,$M141,AP$13))))","v":1000000000000},{"$f":"IF($D141<>\"Serviço\",0,IF(AND(AUTOEVENTO=\"Manual\",$M141=1),0,IF(OFFSET(CRONOPLE!$F$14,$M141,AQ$13)=\"\",10^12,OFFSET(CRONOPLE!$F$14,$M141,AQ$13))))","v":1000000000000},{"$f":"IF($D141<>\"Serviço\",0,IF(AND(AUTOEVENTO=\"Manual\",$M141=1),0,IF(OFFSET(CRONOPLE!$F$14,$M141,AR$13)=\"\",10^12,OFFSET(CRONOPLE!$F$14,$M141,AR$13))))","v":1000000000000},{"$f":"IF($D141<>\"Serviço\",0,IF(AND(AUTOEVENTO=\"Manual\",$M141=1),0,IF(OFFSET(CRONOPLE!$F$14,$M141,AS$13)=\"\",10^12,OFFSET(CRONOPLE!$F$14,$M141,AS$13))))","v":1000000000000},{"$f":"IF($D141<>\"Serviço\",0,IF(AND(AUTOEVENTO=\"Manual\",$M141=1),0,IF(OFFSET(CRONOPLE!$F$14,$M141,AT$13)=\"\",10^12,OFFSET(CRONOPLE!$F$14,$M141,AT$13))))","v":1000000000000},{"$f":"IF($D141<>\"Serviço\",0,IF(AND(AUTOEVENTO=\"Manual\",$M141=1),0,IF(OFFSET(CRONOPLE!$F$14,$M141,AU$13)=\"\",10^12,OFFSET(CRONOPLE!$F$14,$M141,AU$13))))","v":1000000000000},{"$f":"IF($D141<>\"Serviço\",0,IF(AND(AUTOEVENTO=\"Manual\",$M141=1),0,IF(OFFSET(CRONOPLE!$F$14,$M141,AV$13)=\"\",10^12,OFFSET(CRONOPLE!$F$14,$M141,AV$13))))","v":1000000000000},null,{"$f":"IF($D141<>\"Serviço\",0,IF(OR(AND(AUTOEVENTO=\"Manual\",$M141=1),$M141>(ROW(PLE.lastrow)-ROW(PLE.firstrow))),0,IF(OFFSET(PLE!$G$14,$M141,AX$13)=\"\",10^12,OFFSET(PLE!$G$14,$M141,AX$13))))","v":1000000000000},{"$f":"IF($D141<>\"Serviço\",0,IF(OR(AND(AUTOEVENTO=\"Manual\",$M141=1),$M141>(ROW(PLE.lastrow)-ROW(PLE.firstrow))),0,IF(OFFSET(PLE!$G$14,$M141,AY$13)=\"\",10^12,OFFSET(PLE!$G$14,$M141,AY$13))))","v":1000000000000},{"$f":"IF($D141<>\"Serviço\",0,IF(OR(AND(AUTOEVENTO=\"Manual\",$M141=1),$M141>(ROW(PLE.lastrow)-ROW(PLE.firstrow))),0,IF(OFFSET(PLE!$G$14,$M141,AZ$13)=\"\",10^12,OFFSET(PLE!$G$14,$M141,AZ$13))))","v":1000000000000},{"$f":"IF($D141<>\"Serviço\",0,IF(OR(AND(AUTOEVENTO=\"Manual\",$M141=1),$M141>(ROW(PLE.lastrow)-ROW(PLE.firstrow))),0,IF(OFFSET(PLE!$G$14,$M141,BA$13)=\"\",10^12,OFFSET(PLE!$G$14,$M141,BA$13))))","v":1000000000000},{"$f":"IF($D141<>\"Serviço\",0,IF(OR(AND(AUTOEVENTO=\"Manual\",$M141=1),$M141>(ROW(PLE.lastrow)-ROW(PLE.firstrow))),0,IF(OFFSET(PLE!$G$14,$M141,BB$13)=\"\",10^12,OFFSET(PLE!$G$14,$M141,BB$13))))","v":1000000000000},{"$f":"IF($D141<>\"Serviço\",0,IF(OR(AND(AUTOEVENTO=\"Manual\",$M141=1),$M141>(ROW(PLE.lastrow)-ROW(PLE.firstrow))),0,IF(OFFSET(PLE!$G$14,$M141,BC$13)=\"\",10^12,OFFSET(PLE!$G$14,$M141,BC$13))))","v":1000000000000},{"$f":"IF($D141<>\"Serviço\",0,IF(OR(AND(AUTOEVENTO=\"Manual\",$M141=1),$M141>(ROW(PLE.lastrow)-ROW(PLE.firstrow))),0,IF(OFFSET(PLE!$G$14,$M141,BD$13)=\"\",10^12,OFFSET(PLE!$G$14,$M141,BD$13))))","v":1000000000000},{"$f":"IF($D141<>\"Serviço\",0,IF(OR(AND(AUTOEVENTO=\"Manual\",$M141=1),$M141>(ROW(PLE.lastrow)-ROW(PLE.firstrow))),0,IF(OFFSET(PLE!$G$14,$M141,BE$13)=\"\",10^12,OFFSET(PLE!$G$14,$M141,BE$13))))","v":1000000000000},{"$f":"IF($D141<>\"Serviço\",0,IF(OR(AND(AUTOEVENTO=\"Manual\",$M141=1),$M141>(ROW(PLE.lastrow)-ROW(PLE.firstrow))),0,IF(OFFSET(PLE!$G$14,$M141,BF$13)=\"\",10^12,OFFSET(PLE!$G$14,$M141,BF$13))))","v":1000000000000},{"$f":"IF($D141<>\"Serviço\",0,IF(OR(AND(AUTOEVENTO=\"Manual\",$M141=1),$M141>(ROW(PLE.lastrow)-ROW(PLE.firstrow))),0,IF(OFFSET(PLE!$G$14,$M141,BG$13)=\"\",10^12,OFFSET(PLE!$G$14,$M141,BG$13))))","v":1000000000000}]
["127.",{"$f":"OFFSET(ORÇAMENTO!C$15,ROW(B142)-ROW(B$15),0)","v":2},{"$f":"OFFSET(ORÇAMENTO!L$15,ROW(C142)-ROW(C$15),0)","v":"F"},{"$f":"OFFSET(ORÇAMENTO!N$15,ROW(D142)-ROW(D$15),0)","v":"Nível 2"},{"$f":"OFFSET(ORÇAMENTO!O$15,ROW(E142)-ROW(E$15),0)","v":"1.8."},{"$f":"OFFSET(ORÇAMENTO!R$15,ROW(F142)-ROW(F$15),0)","v":"INSTALAÇÕES HIDROSSANITÁRIAS"},{"$f":"IF($D142<>\"Serviço\",\"\",OFFSET(ORÇAMENTO!S$15,ROW(G142)-ROW(G$15),0))","v":""},{"$f":"IF($D142<>\"Serviço\",0,IF(ACOMPANHAMENTO=\"BM\",ROUND(OFFSET(ORÇAMENTO!AJ$15,ROW(H142)-ROW(H$15),0),15-13*ORÇAMENTO!$AF$7),SUMPRODUCT(($Q$12:$AA$12<>\"\")*ROUND($Q142:$AA142,15-13*ORÇAMENTO!$AF$7))))","v":0},null,null,null,".",{"$f":"IF($D142<>\"Serviço\",\"\",IF(AUTOEVENTO=\"manual\",$A142,IF(ISERROR(MATCH($A142,$A$15:OFFSET($A142,-1,0),0)),MAX($M$15:OFFSET(M142,-1,0))+1,INDEX($M$15:OFFSET(M142,-1,0),MATCH($A142,$A$15:OFFSET($A142,-1,0),0)))))","v":""},{"$f":"IF($D142<>\"Serviço\",\"\",IF(AUTOEVENTO=\"Manual\",IF($A142=0,\"<-- defina o número do agrupador\",OFFSET(EVENTOS!$D$14,$A142,0)),OFFSET($F$15,$A142,0)))","v":""},null,null,null,null,null,null,null,null,null,null,null,null,null,{"$f":"IF(AND($D142=\"Serviço\",AB$12<>0,$H142>0,OR(AUTOEVENTO<>\"manual\",$M142<>1)),\nIF(Import.TipoArredondamento<>\"TransfereGOV\",\nROUND(OFFSET($P142,0,AB$13),15-13*ORÇAMENTO!$AF$7)/$H142*OFFSET(ORÇAMENTO!$X$15,ROW(AB142)-ROW(AB$15),0),\nROUND(ROUND(OFFSET($P142,0,AB$13),15-13*ORÇAMENTO!$AF$7)*OFFSET(ORÇAMENTO!$W$15,ROW(AB142)-ROW(AB$15),0),15-13*ORÇAMENTO!$AF$11)),0)","v":0},{"$f":"IF(AND($D142=\"Serviço\",AC$12<>0,$H142>0,OR(AUTOEVENTO<>\"manual\",$M142<>1)),\nIF(Import.TipoArredondamento<>\"TransfereGOV\",\nROUND(OFFSET($P142,0,AC$13),15-13*ORÇAMENTO!$AF$7)/$H142*OFFSET(ORÇAMENTO!$X$15,ROW(AC142)-ROW(AC$15),0),\nROUND(ROUND(OFFSET($P142,0,AC$13),15-13*ORÇAMENTO!$AF$7)*OFFSET(ORÇAMENTO!$W$15,ROW(AC142)-ROW(AC$15),0),15-13*ORÇAMENTO!$AF$11)),0)","v":0},{"$f":"IF(AND($D142=\"Serviço\",AD$12<>0,$H142>0,OR(AUTOEVENTO<>\"manual\",$M142<>1)),\nIF(Import.TipoArredondamento<>\"TransfereGOV\",\nROUND(OFFSET($P142,0,AD$13),15-13*ORÇAMENTO!$AF$7)/$H142*OFFSET(ORÇAMENTO!$X$15,ROW(AD142)-ROW(AD$15),0),\nROUND(ROUND(OFFSET($P142,0,AD$13),15-13*ORÇAMENTO!$AF$7)*OFFSET(ORÇAMENTO!$W$15,ROW(AD142)-ROW(AD$15),0),15-13*ORÇAMENTO!$AF$11)),0)","v":0},{"$f":"IF(AND($D142=\"Serviço\",AE$12<>0,$H142>0,OR(AUTOEVENTO<>\"manual\",$M142<>1)),\nIF(Import.TipoArredondamento<>\"TransfereGOV\",\nROUND(OFFSET($P142,0,AE$13),15-13*ORÇAMENTO!$AF$7)/$H142*OFFSET(ORÇAMENTO!$X$15,ROW(AE142)-ROW(AE$15),0),\nROUND(ROUND(OFFSET($P142,0,AE$13),15-13*ORÇAMENTO!$AF$7)*OFFSET(ORÇAMENTO!$W$15,ROW(AE142)-ROW(AE$15),0),15-13*ORÇAMENTO!$AF$11)),0)","v":0},{"$f":"IF(AND($D142=\"Serviço\",AF$12<>0,$H142>0,OR(AUTOEVENTO<>\"manual\",$M142<>1)),\nIF(Import.TipoArredondamento<>\"TransfereGOV\",\nROUND(OFFSET($P142,0,AF$13),15-13*ORÇAMENTO!$AF$7)/$H142*OFFSET(ORÇAMENTO!$X$15,ROW(AF142)-ROW(AF$15),0),\nROUND(ROUND(OFFSET($P142,0,AF$13),15-13*ORÇAMENTO!$AF$7)*OFFSET(ORÇAMENTO!$W$15,ROW(AF142)-ROW(AF$15),0),15-13*ORÇAMENTO!$AF$11)),0)","v":0},{"$f":"IF(AND($D142=\"Serviço\",AG$12<>0,$H142>0,OR(AUTOEVENTO<>\"manual\",$M142<>1)),\nIF(Import.TipoArredondamento<>\"TransfereGOV\",\nROUND(OFFSET($P142,0,AG$13),15-13*ORÇAMENTO!$AF$7)/$H142*OFFSET(ORÇAMENTO!$X$15,ROW(AG142)-ROW(AG$15),0),\nROUND(ROUND(OFFSET($P142,0,AG$13),15-13*ORÇAMENTO!$AF$7)*OFFSET(ORÇAMENTO!$W$15,ROW(AG142)-ROW(AG$15),0),15-13*ORÇAMENTO!$AF$11)),0)","v":0},{"$f":"IF(AND($D142=\"Serviço\",AH$12<>0,$H142>0,OR(AUTOEVENTO<>\"manual\",$M142<>1)),\nIF(Import.TipoArredondamento<>\"TransfereGOV\",\nROUND(OFFSET($P142,0,AH$13),15-13*ORÇAMENTO!$AF$7)/$H142*OFFSET(ORÇAMENTO!$X$15,ROW(AH142)-ROW(AH$15),0),\nROUND(ROUND(OFFSET($P142,0,AH$13),15-13*ORÇAMENTO!$AF$7)*OFFSET(ORÇAMENTO!$W$15,ROW(AH142)-ROW(AH$15),0),15-13*ORÇAMENTO!$AF$11)),0)","v":0},{"$f":"IF(AND($D142=\"Serviço\",AI$12<>0,$H142>0,OR(AUTOEVENTO<>\"manual\",$M142<>1)),\nIF(Import.TipoArredondamento<>\"TransfereGOV\",\nROUND(OFFSET($P142,0,AI$13),15-13*ORÇAMENTO!$AF$7)/$H142*OFFSET(ORÇAMENTO!$X$15,ROW(AI142)-ROW(AI$15),0),\nROUND(ROUND(OFFSET($P142,0,AI$13),15-13*ORÇAMENTO!$AF$7)*OFFSET(ORÇAMENTO!$W$15,ROW(AI142)-ROW(AI$15),0),15-13*ORÇAMENTO!$AF$11)),0)","v":0},{"$f":"IF(AND($D142=\"Serviço\",AJ$12<>0,$H142>0,OR(AUTOEVENTO<>\"manual\",$M142<>1)),\nIF(Import.TipoArredondamento<>\"TransfereGOV\",\nROUND(OFFSET($P142,0,AJ$13),15-13*ORÇAMENTO!$AF$7)/$H142*OFFSET(ORÇAMENTO!$X$15,ROW(AJ142)-ROW(AJ$15),0),\nROUND(ROUND(OFFSET($P142,0,AJ$13),15-13*ORÇAMENTO!$AF$7)*OFFSET(ORÇAMENTO!$W$15,ROW(AJ142)-ROW(AJ$15),0),15-13*ORÇAMENTO!$AF$11)),0)","v":0},{"$f":"IF(AND($D142=\"Serviço\",AK$12<>0,$H142>0,OR(AUTOEVENTO<>\"manual\",$M142<>1)),\nIF(Import.TipoArredondamento<>\"TransfereGOV\",\nROUND(OFFSET($P142,0,AK$13),15-13*ORÇAMENTO!$AF$7)/$H142*OFFSET(ORÇAMENTO!$X$15,ROW(AK142)-ROW(AK$15),0),\nROUND(ROUND(OFFSET($P142,0,AK$13),15-13*ORÇAMENTO!$AF$7)*OFFSET(ORÇAMENTO!$W$15,ROW(AK142)-ROW(AK$15),0),15-13*ORÇAMENTO!$AF$11)),0)","v":0},null,{"$f":"IF($D142<>\"Serviço\",0,IF(AND(AUTOEVENTO=\"Manual\",$M142=1),0,IF(OFFSET(CRONOPLE!$F$14,$M142,AM$13)=\"\",10^12,OFFSET(CRONOPLE!$F$14,$M142,AM$13))))","v":0},{"$f":"IF($D142<>\"Serviço\",0,IF(AND(AUTOEVENTO=\"Manual\",$M142=1),0,IF(OFFSET(CRONOPLE!$F$14,$M142,AN$13)=\"\",10^12,OFFSET(CRONOPLE!$F$14,$M142,AN$13))))","v":0},{"$f":"IF($D142<>\"Serviço\",0,IF(AND(AUTOEVENTO=\"Manual\",$M142=1),0,IF(OFFSET(CRONOPLE!$F$14,$M142,AO$13)=\"\",10^12,OFFSET(CRONOPLE!$F$14,$M142,AO$13))))","v":0},{"$f":"IF($D142<>\"Serviço\",0,IF(AND(AUTOEVENTO=\"Manual\",$M142=1),0,IF(OFFSET(CRONOPLE!$F$14,$M142,AP$13)=\"\",10^12,OFFSET(CRONOPLE!$F$14,$M142,AP$13))))","v":0},{"$f":"IF($D142<>\"Serviço\",0,IF(AND(AUTOEVENTO=\"Manual\",$M142=1),0,IF(OFFSET(CRONOPLE!$F$14,$M142,AQ$13)=\"\",10^12,OFFSET(CRONOPLE!$F$14,$M142,AQ$13))))","v":0},{"$f":"IF($D142<>\"Serviço\",0,IF(AND(AUTOEVENTO=\"Manual\",$M142=1),0,IF(OFFSET(CRONOPLE!$F$14,$M142,AR$13)=\"\",10^12,OFFSET(CRONOPLE!$F$14,$M142,AR$13))))","v":0},{"$f":"IF($D142<>\"Serviço\",0,IF(AND(AUTOEVENTO=\"Manual\",$M142=1),0,IF(OFFSET(CRONOPLE!$F$14,$M142,AS$13)=\"\",10^12,OFFSET(CRONOPLE!$F$14,$M142,AS$13))))","v":0},{"$f":"IF($D142<>\"Serviço\",0,IF(AND(AUTOEVENTO=\"Manual\",$M142=1),0,IF(OFFSET(CRONOPLE!$F$14,$M142,AT$13)=\"\",10^12,OFFSET(CRONOPLE!$F$14,$M142,AT$13))))","v":0},{"$f":"IF($D142<>\"Serviço\",0,IF(AND(AUTOEVENTO=\"Manual\",$M142=1),0,IF(OFFSET(CRONOPLE!$F$14,$M142,AU$13)=\"\",10^12,OFFSET(CRONOPLE!$F$14,$M142,AU$13))))","v":0},{"$f":"IF($D142<>\"Serviço\",0,IF(AND(AUTOEVENTO=\"Manual\",$M142=1),0,IF(OFFSET(CRONOPLE!$F$14,$M142,AV$13)=\"\",10^12,OFFSET(CRONOPLE!$F$14,$M142,AV$13))))","v":0},null,{"$f":"IF($D142<>\"Serviço\",0,IF(OR(AND(AUTOEVENTO=\"Manual\",$M142=1),$M142>(ROW(PLE.lastrow)-ROW(PLE.firstrow))),0,IF(OFFSET(PLE!$G$14,$M142,AX$13)=\"\",10^12,OFFSET(PLE!$G$14,$M142,AX$13))))","v":0},{"$f":"IF($D142<>\"Serviço\",0,IF(OR(AND(AUTOEVENTO=\"Manual\",$M142=1),$M142>(ROW(PLE.lastrow)-ROW(PLE.firstrow))),0,IF(OFFSET(PLE!$G$14,$M142,AY$13)=\"\",10^12,OFFSET(PLE!$G$14,$M142,AY$13))))","v":0},{"$f":"IF($D142<>\"Serviço\",0,IF(OR(AND(AUTOEVENTO=\"Manual\",$M142=1),$M142>(ROW(PLE.lastrow)-ROW(PLE.firstrow))),0,IF(OFFSET(PLE!$G$14,$M142,AZ$13)=\"\",10^12,OFFSET(PLE!$G$14,$M142,AZ$13))))","v":0},{"$f":"IF($D142<>\"Serviço\",0,IF(OR(AND(AUTOEVENTO=\"Manual\",$M142=1),$M142>(ROW(PLE.lastrow)-ROW(PLE.firstrow))),0,IF(OFFSET(PLE!$G$14,$M142,BA$13)=\"\",10^12,OFFSET(PLE!$G$14,$M142,BA$13))))","v":0},{"$f":"IF($D142<>\"Serviço\",0,IF(OR(AND(AUTOEVENTO=\"Manual\",$M142=1),$M142>(ROW(PLE.lastrow)-ROW(PLE.firstrow))),0,IF(OFFSET(PLE!$G$14,$M142,BB$13)=\"\",10^12,OFFSET(PLE!$G$14,$M142,BB$13))))","v":0},{"$f":"IF($D142<>\"Serviço\",0,IF(OR(AND(AUTOEVENTO=\"Manual\",$M142=1),$M142>(ROW(PLE.lastrow)-ROW(PLE.firstrow))),0,IF(OFFSET(PLE!$G$14,$M142,BC$13)=\"\",10^12,OFFSET(PLE!$G$14,$M142,BC$13))))","v":0},{"$f":"IF($D142<>\"Serviço\",0,IF(OR(AND(AUTOEVENTO=\"Manual\",$M142=1),$M142>(ROW(PLE.lastrow)-ROW(PLE.firstrow))),0,IF(OFFSET(PLE!$G$14,$M142,BD$13)=\"\",10^12,OFFSET(PLE!$G$14,$M142,BD$13))))","v":0},{"$f":"IF($D142<>\"Serviço\",0,IF(OR(AND(AUTOEVENTO=\"Manual\",$M142=1),$M142>(ROW(PLE.lastrow)-ROW(PLE.firstrow))),0,IF(OFFSET(PLE!$G$14,$M142,BE$13)=\"\",10^12,OFFSET(PLE!$G$14,$M142,BE$13))))","v":0},{"$f":"IF($D142<>\"Serviço\",0,IF(OR(AND(AUTOEVENTO=\"Manual\",$M142=1),$M142>(ROW(PLE.lastrow)-ROW(PLE.firstrow))),0,IF(OFFSET(PLE!$G$14,$M142,BF$13)=\"\",10^12,OFFSET(PLE!$G$14,$M142,BF$13))))","v":0},{"$f":"IF($D142<>\"Serviço\",0,IF(OR(AND(AUTOEVENTO=\"Manual\",$M142=1),$M142>(ROW(PLE.lastrow)-ROW(PLE.firstrow))),0,IF(OFFSET(PLE!$G$14,$M142,BG$13)=\"\",10^12,OFFSET(PLE!$G$14,$M142,BG$13))))","v":0}]
["127.",{"$f":"OFFSET(ORÇAMENTO!C$15,ROW(B143)-ROW(B$15),0)","v":3},{"$f":"OFFSET(ORÇAMENTO!L$15,ROW(C143)-ROW(C$15),0)","v":"F"},{"$f":"OFFSET(ORÇAMENTO!N$15,ROW(D143)-ROW(D$15),0)","v":"Nível 3"},{"$f":"OFFSET(ORÇAMENTO!O$15,ROW(E143)-ROW(E$15),0)","v":"1.8.1."},{"$f":"OFFSET(ORÇAMENTO!R$15,ROW(F143)-ROW(F$15),0)","v":"ÁGUA FRIA"},{"$f":"IF($D143<>\"Serviço\",\"\",OFFSET(ORÇAMENTO!S$15,ROW(G143)-ROW(G$15),0))","v":""},{"$f":"IF($D143<>\"Serviço\",0,IF(ACOMPANHAMENTO=\"BM\",ROUND(OFFSET(ORÇAMENTO!AJ$15,ROW(H143)-ROW(H$15),0),15-13*ORÇAMENTO!$AF$7),SUMPRODUCT(($Q$12:$AA$12<>\"\")*ROUND($Q143:$AA143,15-13*ORÇAMENTO!$AF$7))))","v":0},null,null,null,".",{"$f":"IF($D143<>\"Serviço\",\"\",IF(AUTOEVENTO=\"manual\",$A143,IF(ISERROR(MATCH($A143,$A$15:OFFSET($A143,-1,0),0)),MAX($M$15:OFFSET(M143,-1,0))+1,INDEX($M$15:OFFSET(M143,-1,0),MATCH($A143,$A$15:OFFSET($A143,-1,0),0)))))","v":""},{"$f":"IF($D143<>\"Serviço\",\"\",IF(AUTOEVENTO=\"Manual\",IF($A143=0,\"<-- defina o número do agrupador\",OFFSET(EVENTOS!$D$14,$A143,0)),OFFSET($F$15,$A143,0)))","v":""},null,null,null,null,null,null,null,null,null,null,null,null,null,{"$f":"IF(AND($D143=\"Serviço\",AB$12<>0,$H143>0,OR(AUTOEVENTO<>\"manual\",$M143<>1)),\nIF(Import.TipoArredondamento<>\"TransfereGOV\",\nROUND(OFFSET($P143,0,AB$13),15-13*ORÇAMENTO!$AF$7)/$H143*OFFSET(ORÇAMENTO!$X$15,ROW(AB143)-ROW(AB$15),0),\nROUND(ROUND(OFFSET($P143,0,AB$13),15-13*ORÇAMENTO!$AF$7)*OFFSET(ORÇAMENTO!$W$15,ROW(AB143)-ROW(AB$15),0),15-13*ORÇAMENTO!$AF$11)),0)","v":0},{"$f":"IF(AND($D143=\"Serviço\",AC$12<>0,$H143>0,OR(AUTOEVENTO<>\"manual\",$M143<>1)),\nIF(Import.TipoArredondamento<>\"TransfereGOV\",\nROUND(OFFSET($P143,0,AC$13),15-13*ORÇAMENTO!$AF$7)/$H143*OFFSET(ORÇAMENTO!$X$15,ROW(AC143)-ROW(AC$15),0),\nROUND(ROUND(OFFSET($P143,0,AC$13),15-13*ORÇAMENTO!$AF$7)*OFFSET(ORÇAMENTO!$W$15,ROW(AC143)-ROW(AC$15),0),15-13*ORÇAMENTO!$AF$11)),0)","v":0},{"$f":"IF(AND($D143=\"Serviço\",AD$12<>0,$H143>0,OR(AUTOEVENTO<>\"manual\",$M143<>1)),\nIF(Import.TipoArredondamento<>\"TransfereGOV\",\nROUND(OFFSET($P143,0,AD$13),15-13*ORÇAMENTO!$AF$7)/$H143*OFFSET(ORÇAMENTO!$X$15,ROW(AD143)-ROW(AD$15),0),\nROUND(ROUND(OFFSET($P143,0,AD$13),15-13*ORÇAMENTO!$AF$7)*OFFSET(ORÇAMENTO!$W$15,ROW(AD143)-ROW(AD$15),0),15-13*ORÇAMENTO!$AF$11)),0)","v":0},{"$f":"IF(AND($D143=\"Serviço\",AE$12<>0,$H143>0,OR(AUTOEVENTO<>\"manual\",$M143<>1)),\nIF(Import.TipoArredondamento<>\"TransfereGOV\",\nROUND(OFFSET($P143,0,AE$13),15-13*ORÇAMENTO!$AF$7)/$H143*OFFSET(ORÇAMENTO!$X$15,ROW(AE143)-ROW(AE$15),0),\nROUND(ROUND(OFFSET($P143,0,AE$13),15-13*ORÇAMENTO!$AF$7)*OFFSET(ORÇAMENTO!$W$15,ROW(AE143)-ROW(AE$15),0),15-13*ORÇAMENTO!$AF$11)),0)","v":0},{"$f":"IF(AND($D143=\"Serviço\",AF$12<>0,$H143>0,OR(AUTOEVENTO<>\"manual\",$M143<>1)),\nIF(Import.TipoArredondamento<>\"TransfereGOV\",\nROUND(OFFSET($P143,0,AF$13),15-13*ORÇAMENTO!$AF$7)/$H143*OFFSET(ORÇAMENTO!$X$15,ROW(AF143)-ROW(AF$15),0),\nROUND(ROUND(OFFSET($P143,0,AF$13),15-13*ORÇAMENTO!$AF$7)*OFFSET(ORÇAMENTO!$W$15,ROW(AF143)-ROW(AF$15),0),15-13*ORÇAMENTO!$AF$11)),0)","v":0},{"$f":"IF(AND($D143=\"Serviço\",AG$12<>0,$H143>0,OR(AUTOEVENTO<>\"manual\",$M143<>1)),\nIF(Import.TipoArredondamento<>\"TransfereGOV\",\nROUND(OFFSET($P143,0,AG$13),15-13*ORÇAMENTO!$AF$7)/$H143*OFFSET(ORÇAMENTO!$X$15,ROW(AG143)-ROW(AG$15),0),\nROUND(ROUND(OFFSET($P143,0,AG$13),15-13*ORÇAMENTO!$AF$7)*OFFSET(ORÇAMENTO!$W$15,ROW(AG143)-ROW(AG$15),0),15-13*ORÇAMENTO!$AF$11)),0)","v":0},{"$f":"IF(AND($D143=\"Serviço\",AH$12<>0,$H143>0,OR(AUTOEVENTO<>\"manual\",$M143<>1)),\nIF(Import.TipoArredondamento<>\"TransfereGOV\",\nROUND(OFFSET($P143,0,AH$13),15-13*ORÇAMENTO!$AF$7)/$H143*OFFSET(ORÇAMENTO!$X$15,ROW(AH143)-ROW(AH$15),0),\nROUND(ROUND(OFFSET($P143,0,AH$13),15-13*ORÇAMENTO!$AF$7)*OFFSET(ORÇAMENTO!$W$15,ROW(AH143)-ROW(AH$15),0),15-13*ORÇAMENTO!$AF$11)),0)","v":0},{"$f":"IF(AND($D143=\"Serviço\",AI$12<>0,$H143>0,OR(AUTOEVENTO<>\"manual\",$M143<>1)),\nIF(Import.TipoArredondamento<>\"TransfereGOV\",\nROUND(OFFSET($P143,0,AI$13),15-13*ORÇAMENTO!$AF$7)/$H143*OFFSET(ORÇAMENTO!$X$15,ROW(AI143)-ROW(AI$15),0),\nROUND(ROUND(OFFSET($P143,0,AI$13),15-13*ORÇAMENTO!$AF$7)*OFFSET(ORÇAMENTO!$W$15,ROW(AI143)-ROW(AI$15),0),15-13*ORÇAMENTO!$AF$11)),0)","v":0},{"$f":"IF(AND($D143=\"Serviço\",AJ$12<>0,$H143>0,OR(AUTOEVENTO<>\"manual\",$M143<>1)),\nIF(Import.TipoArredondamento<>\"TransfereGOV\",\nROUND(OFFSET($P143,0,AJ$13),15-13*ORÇAMENTO!$AF$7)/$H143*OFFSET(ORÇAMENTO!$X$15,ROW(AJ143)-ROW(AJ$15),0),\nROUND(ROUND(OFFSET($P143,0,AJ$13),15-13*ORÇAMENTO!$AF$7)*OFFSET(ORÇAMENTO!$W$15,ROW(AJ143)-ROW(AJ$15),0),15-13*ORÇAMENTO!$AF$11)),0)","v":0},{"$f":"IF(AND($D143=\"Serviço\",AK$12<>0,$H143>0,OR(AUTOEVENTO<>\"manual\",$M143<>1)),\nIF(Import.TipoArredondamento<>\"TransfereGOV\",\nROUND(OFFSET($P143,0,AK$13),15-13*ORÇAMENTO!$AF$7)/$H143*OFFSET(ORÇAMENTO!$X$15,ROW(AK143)-ROW(AK$15),0),\nROUND(ROUND(OFFSET($P143,0,AK$13),15-13*ORÇAMENTO!$AF$7)*OFFSET(ORÇAMENTO!$W$15,ROW(AK143)-ROW(AK$15),0),15-13*ORÇAMENTO!$AF$11)),0)","v":0},null,{"$f":"IF($D143<>\"Serviço\",0,IF(AND(AUTOEVENTO=\"Manual\",$M143=1),0,IF(OFFSET(CRONOPLE!$F$14,$M143,AM$13)=\"\",10^12,OFFSET(CRONOPLE!$F$14,$M143,AM$13))))","v":0},{"$f":"IF($D143<>\"Serviço\",0,IF(AND(AUTOEVENTO=\"Manual\",$M143=1),0,IF(OFFSET(CRONOPLE!$F$14,$M143,AN$13)=\"\",10^12,OFFSET(CRONOPLE!$F$14,$M143,AN$13))))","v":0},{"$f":"IF($D143<>\"Serviço\",0,IF(AND(AUTOEVENTO=\"Manual\",$M143=1),0,IF(OFFSET(CRONOPLE!$F$14,$M143,AO$13)=\"\",10^12,OFFSET(CRONOPLE!$F$14,$M143,AO$13))))","v":0},{"$f":"IF($D143<>\"Serviço\",0,IF(AND(AUTOEVENTO=\"Manual\",$M143=1),0,IF(OFFSET(CRONOPLE!$F$14,$M143,AP$13)=\"\",10^12,OFFSET(CRONOPLE!$F$14,$M143,AP$13))))","v":0},{"$f":"IF($D143<>\"Serviço\",0,IF(AND(AUTOEVENTO=\"Manual\",$M143=1),0,IF(OFFSET(CRONOPLE!$F$14,$M143,AQ$13)=\"\",10^12,OFFSET(CRONOPLE!$F$14,$M143,AQ$13))))","v":0},{"$f":"IF($D143<>\"Serviço\",0,IF(AND(AUTOEVENTO=\"Manual\",$M143=1),0,IF(OFFSET(CRONOPLE!$F$14,$M143,AR$13)=\"\",10^12,OFFSET(CRONOPLE!$F$14,$M143,AR$13))))","v":0},{"$f":"IF($D143<>\"Serviço\",0,IF(AND(AUTOEVENTO=\"Manual\",$M143=1),0,IF(OFFSET(CRONOPLE!$F$14,$M143,AS$13)=\"\",10^12,OFFSET(CRONOPLE!$F$14,$M143,AS$13))))","v":0},{"$f":"IF($D143<>\"Serviço\",0,IF(AND(AUTOEVENTO=\"Manual\",$M143=1),0,IF(OFFSET(CRONOPLE!$F$14,$M143,AT$13)=\"\",10^12,OFFSET(CRONOPLE!$F$14,$M143,AT$13))))","v":0},{"$f":"IF($D143<>\"Serviço\",0,IF(AND(AUTOEVENTO=\"Manual\",$M143=1),0,IF(OFFSET(CRONOPLE!$F$14,$M143,AU$13)=\"\",10^12,OFFSET(CRONOPLE!$F$14,$M143,AU$13))))","v":0},{"$f":"IF($D143<>\"Serviço\",0,IF(AND(AUTOEVENTO=\"Manual\",$M143=1),0,IF(OFFSET(CRONOPLE!$F$14,$M143,AV$13)=\"\",10^12,OFFSET(CRONOPLE!$F$14,$M143,AV$13))))","v":0},null,{"$f":"IF($D143<>\"Serviço\",0,IF(OR(AND(AUTOEVENTO=\"Manual\",$M143=1),$M143>(ROW(PLE.lastrow)-ROW(PLE.firstrow))),0,IF(OFFSET(PLE!$G$14,$M143,AX$13)=\"\",10^12,OFFSET(PLE!$G$14,$M143,AX$13))))","v":0},{"$f":"IF($D143<>\"Serviço\",0,IF(OR(AND(AUTOEVENTO=\"Manual\",$M143=1),$M143>(ROW(PLE.lastrow)-ROW(PLE.firstrow))),0,IF(OFFSET(PLE!$G$14,$M143,AY$13)=\"\",10^12,OFFSET(PLE!$G$14,$M143,AY$13))))","v":0},{"$f":"IF($D143<>\"Serviço\",0,IF(OR(AND(AUTOEVENTO=\"Manual\",$M143=1),$M143>(ROW(PLE.lastrow)-ROW(PLE.firstrow))),0,IF(OFFSET(PLE!$G$14,$M143,AZ$13)=\"\",10^12,OFFSET(PLE!$G$14,$M143,AZ$13))))","v":0},{"$f":"IF($D143<>\"Serviço\",0,IF(OR(AND(AUTOEVENTO=\"Manual\",$M143=1),$M143>(ROW(PLE.lastrow)-ROW(PLE.firstrow))),0,IF(OFFSET(PLE!$G$14,$M143,BA$13)=\"\",10^12,OFFSET(PLE!$G$14,$M143,BA$13))))","v":0},{"$f":"IF($D143<>\"Serviço\",0,IF(OR(AND(AUTOEVENTO=\"Manual\",$M143=1),$M143>(ROW(PLE.lastrow)-ROW(PLE.firstrow))),0,IF(OFFSET(PLE!$G$14,$M143,BB$13)=\"\",10^12,OFFSET(PLE!$G$14,$M143,BB$13))))","v":0},{"$f":"IF($D143<>\"Serviço\",0,IF(OR(AND(AUTOEVENTO=\"Manual\",$M143=1),$M143>(ROW(PLE.lastrow)-ROW(PLE.firstrow))),0,IF(OFFSET(PLE!$G$14,$M143,BC$13)=\"\",10^12,OFFSET(PLE!$G$14,$M143,BC$13))))","v":0},{"$f":"IF($D143<>\"Serviço\",0,IF(OR(AND(AUTOEVENTO=\"Manual\",$M143=1),$M143>(ROW(PLE.lastrow)-ROW(PLE.firstrow))),0,IF(OFFSET(PLE!$G$14,$M143,BD$13)=\"\",10^12,OFFSET(PLE!$G$14,$M143,BD$13))))","v":0},{"$f":"IF($D143<>\"Serviço\",0,IF(OR(AND(AUTOEVENTO=\"Manual\",$M143=1),$M143>(ROW(PLE.lastrow)-ROW(PLE.firstrow))),0,IF(OFFSET(PLE!$G$14,$M143,BE$13)=\"\",10^12,OFFSET(PLE!$G$14,$M143,BE$13))))","v":0},{"$f":"IF($D143<>\"Serviço\",0,IF(OR(AND(AUTOEVENTO=\"Manual\",$M143=1),$M143>(ROW(PLE.lastrow)-ROW(PLE.firstrow))),0,IF(OFFSET(PLE!$G$14,$M143,BF$13)=\"\",10^12,OFFSET(PLE!$G$14,$M143,BF$13))))","v":0},{"$f":"IF($D143<>\"Serviço\",0,IF(OR(AND(AUTOEVENTO=\"Manual\",$M143=1),$M143>(ROW(PLE.lastrow)-ROW(PLE.firstrow))),0,IF(OFFSET(PLE!$G$14,$M143,BG$13)=\"\",10^12,OFFSET(PLE!$G$14,$M143,BG$13))))","v":0}]
["127",{"$f":"OFFSET(ORÇAMENTO!C$15,ROW(B144)-ROW(B$15),0)","v":"S"},{"$f":"OFFSET(ORÇAMENTO!L$15,ROW(C144)-ROW(C$15),0)","v":"F"},{"$f":"OFFSET(ORÇAMENTO!N$15,ROW(D144)-ROW(D$15),0)","v":"Serviço"},{"$f":"OFFSET(ORÇAMENTO!O$15,ROW(E144)-ROW(E$15),0)","v":"1.8.1.1."},{"$f":"OFFSET(ORÇAMENTO!R$15,ROW(F144)-ROW(F$15),0)","v":"TUBO, PVC, SOLDÁVEL, DN 25MM, INSTALADO EM RAMAL OU SUB-RAMAL DE ÁGUA - FORNECIMENTO E INSTALAÇÃO. AF_06/2022"},{"$f":"IF($D144<>\"Serviço\",\"\",OFFSET(ORÇAMENTO!S$15,ROW(G144)-ROW(G$15),0))","v":"M"},{"$f":"IF($D144<>\"Serviço\",0,IF(ACOMPANHAMENTO=\"BM\",ROUND(OFFSET(ORÇAMENTO!AJ$15,ROW(H144)-ROW(H$15),0),15-13*ORÇAMENTO!$AF$7),SUMPRODUCT(($Q$12:$AA$12<>\"\")*ROUND($Q144:$AA144,15-13*ORÇAMENTO!$AF$7))))","v":78.34},null,null,null,".",{"$f":"IF($D144<>\"Serviço\",\"\",IF(AUTOEVENTO=\"manual\",$A144,IF(ISERROR(MATCH($A144,$A$15:OFFSET($A144,-1,0),0)),MAX($M$15:OFFSET(M144,-1,0))+1,INDEX($M$15:OFFSET(M144,-1,0),MATCH($A144,$A$15:OFFSET($A144,-1,0),0)))))","v":9},{"$f":"IF($D144<>\"Serviço\",\"\",IF(AUTOEVENTO=\"Manual\",IF($A144=0,\"<-- defina o número do agrupador\",OFFSET(EVENTOS!$D$14,$A144,0)),OFFSET($F$15,$A144,0)))","v":"INSTALAÇÕES HIDROSSANITÁRIAS"},null,null,null,null,null,null,null,null,null,null,null,null,null,{"$f":"IF(AND($D144=\"Serviço\",AB$12<>0,$H144>0,OR(AUTOEVENTO<>\"manual\",$M144<>1)),\nIF(Import.TipoArredondamento<>\"TransfereGOV\",\nROUND(OFFSET($P144,0,AB$13),15-13*ORÇAMENTO!$AF$7)/$H144*OFFSET(ORÇAMENTO!$X$15,ROW(AB144)-ROW(AB$15),0),\nROUND(ROUND(OFFSET($P144,0,AB$13),15-13*ORÇAMENTO!$AF$7)*OFFSET(ORÇAMENTO!$W$15,ROW(AB144)-ROW(AB$15),0),15-13*ORÇAMENTO!$AF$11)),0)","v":0},{"$f":"IF(AND($D144=\"Serviço\",AC$12<>0,$H144>0,OR(AUTOEVENTO<>\"manual\",$M144<>1)),\nIF(Import.TipoArredondamento<>\"TransfereGOV\",\nROUND(OFFSET($P144,0,AC$13),15-13*ORÇAMENTO!$AF$7)/$H144*OFFSET(ORÇAMENTO!$X$15,ROW(AC144)-ROW(AC$15),0),\nROUND(ROUND(OFFSET($P144,0,AC$13),15-13*ORÇAMENTO!$AF$7)*OFFSET(ORÇAMENTO!$W$15,ROW(AC144)-ROW(AC$15),0),15-13*ORÇAMENTO!$AF$11)),0)","v":0},{"$f":"IF(AND($D144=\"Serviço\",AD$12<>0,$H144>0,OR(AUTOEVENTO<>\"manual\",$M144<>1)),\nIF(Import.TipoArredondamento<>\"TransfereGOV\",\nROUND(OFFSET($P144,0,AD$13),15-13*ORÇAMENTO!$AF$7)/$H144*OFFSET(ORÇAMENTO!$X$15,ROW(AD144)-ROW(AD$15),0),\nROUND(ROUND(OFFSET($P144,0,AD$13),15-13*ORÇAMENTO!$AF$7)*OFFSET(ORÇAMENTO!$W$15,ROW(AD144)-ROW(AD$15),0),15-13*ORÇAMENTO!$AF$11)),0)","v":0},{"$f":"IF(AND($D144=\"Serviço\",AE$12<>0,$H144>0,OR(AUTOEVENTO<>\"manual\",$M144<>1)),\nIF(Import.TipoArredondamento<>\"TransfereGOV\",\nROUND(OFFSET($P144,0,AE$13),15-13*ORÇAMENTO!$AF$7)/$H144*OFFSET(ORÇAMENTO!$X$15,ROW(AE144)-ROW(AE$15),0),\nROUND(ROUND(OFFSET($P144,0,AE$13),15-13*ORÇAMENTO!$AF$7)*OFFSET(ORÇAMENTO!$W$15,ROW(AE144)-ROW(AE$15),0),15-13*ORÇAMENTO!$AF$11)),0)","v":0},{"$f":"IF(AND($D144=\"Serviço\",AF$12<>0,$H144>0,OR(AUTOEVENTO<>\"manual\",$M144<>1)),\nIF(Import.TipoArredondamento<>\"TransfereGOV\",\nROUND(OFFSET($P144,0,AF$13),15-13*ORÇAMENTO!$AF$7)/$H144*OFFSET(ORÇAMENTO!$X$15,ROW(AF144)-ROW(AF$15),0),\nROUND(ROUND(OFFSET($P144,0,AF$13),15-13*ORÇAMENTO!$AF$7)*OFFSET(ORÇAMENTO!$W$15,ROW(AF144)-ROW(AF$15),0),15-13*ORÇAMENTO!$AF$11)),0)","v":0},{"$f":"IF(AND($D144=\"Serviço\",AG$12<>0,$H144>0,OR(AUTOEVENTO<>\"manual\",$M144<>1)),\nIF(Import.TipoArredondamento<>\"TransfereGOV\",\nROUND(OFFSET($P144,0,AG$13),15-13*ORÇAMENTO!$AF$7)/$H144*OFFSET(ORÇAMENTO!$X$15,ROW(AG144)-ROW(AG$15),0),\nROUND(ROUND(OFFSET($P144,0,AG$13),15-13*ORÇAMENTO!$AF$7)*OFFSET(ORÇAMENTO!$W$15,ROW(AG144)-ROW(AG$15),0),15-13*ORÇAMENTO!$AF$11)),0)","v":0},{"$f":"IF(AND($D144=\"Serviço\",AH$12<>0,$H144>0,OR(AUTOEVENTO<>\"manual\",$M144<>1)),\nIF(Import.TipoArredondamento<>\"TransfereGOV\",\nROUND(OFFSET($P144,0,AH$13),15-13*ORÇAMENTO!$AF$7)/$H144*OFFSET(ORÇAMENTO!$X$15,ROW(AH144)-ROW(AH$15),0),\nROUND(ROUND(OFFSET($P144,0,AH$13),15-13*ORÇAMENTO!$AF$7)*OFFSET(ORÇAMENTO!$W$15,ROW(AH144)-ROW(AH$15),0),15-13*ORÇAMENTO!$AF$11)),0)","v":0},{"$f":"IF(AND($D144=\"Serviço\",AI$12<>0,$H144>0,OR(AUTOEVENTO<>\"manual\",$M144<>1)),\nIF(Import.TipoArredondamento<>\"TransfereGOV\",\nROUND(OFFSET($P144,0,AI$13),15-13*ORÇAMENTO!$AF$7)/$H144*OFFSET(ORÇAMENTO!$X$15,ROW(AI144)-ROW(AI$15),0),\nROUND(ROUND(OFFSET($P144,0,AI$13),15-13*ORÇAMENTO!$AF$7)*OFFSET(ORÇAMENTO!$W$15,ROW(AI144)-ROW(AI$15),0),15-13*ORÇAMENTO!$AF$11)),0)","v":0},{"$f":"IF(AND($D144=\"Serviço\",AJ$12<>0,$H144>0,OR(AUTOEVENTO<>\"manual\",$M144<>1)),\nIF(Import.TipoArredondamento<>\"TransfereGOV\",\nROUND(OFFSET($P144,0,AJ$13),15-13*ORÇAMENTO!$AF$7)/$H144*OFFSET(ORÇAMENTO!$X$15,ROW(AJ144)-ROW(AJ$15),0),\nROUND(ROUND(OFFSET($P144,0,AJ$13),15-13*ORÇAMENTO!$AF$7)*OFFSET(ORÇAMENTO!$W$15,ROW(AJ144)-ROW(AJ$15),0),15-13*ORÇAMENTO!$AF$11)),0)","v":0},{"$f":"IF(AND($D144=\"Serviço\",AK$12<>0,$H144>0,OR(AUTOEVENTO<>\"manual\",$M144<>1)),\nIF(Import.TipoArredondamento<>\"TransfereGOV\",\nROUND(OFFSET($P144,0,AK$13),15-13*ORÇAMENTO!$AF$7)/$H144*OFFSET(ORÇAMENTO!$X$15,ROW(AK144)-ROW(AK$15),0),\nROUND(ROUND(OFFSET($P144,0,AK$13),15-13*ORÇAMENTO!$AF$7)*OFFSET(ORÇAMENTO!$W$15,ROW(AK144)-ROW(AK$15),0),15-13*ORÇAMENTO!$AF$11)),0)","v":0},null,{"$f":"IF($D144<>\"Serviço\",0,IF(AND(AUTOEVENTO=\"Manual\",$M144=1),0,IF(OFFSET(CRONOPLE!$F$14,$M144,AM$13)=\"\",10^12,OFFSET(CRONOPLE!$F$14,$M144,AM$13))))","v":1000000000000},{"$f":"IF($D144<>\"Serviço\",0,IF(AND(AUTOEVENTO=\"Manual\",$M144=1),0,IF(OFFSET(CRONOPLE!$F$14,$M144,AN$13)=\"\",10^12,OFFSET(CRONOPLE!$F$14,$M144,AN$13))))","v":1000000000000},{"$f":"IF($D144<>\"Serviço\",0,IF(AND(AUTOEVENTO=\"Manual\",$M144=1),0,IF(OFFSET(CRONOPLE!$F$14,$M144,AO$13)=\"\",10^12,OFFSET(CRONOPLE!$F$14,$M144,AO$13))))","v":1000000000000},{"$f":"IF($D144<>\"Serviço\",0,IF(AND(AUTOEVENTO=\"Manual\",$M144=1),0,IF(OFFSET(CRONOPLE!$F$14,$M144,AP$13)=\"\",10^12,OFFSET(CRONOPLE!$F$14,$M144,AP$13))))","v":1000000000000},{"$f":"IF($D144<>\"Serviço\",0,IF(AND(AUTOEVENTO=\"Manual\",$M144=1),0,IF(OFFSET(CRONOPLE!$F$14,$M144,AQ$13)=\"\",10^12,OFFSET(CRONOPLE!$F$14,$M144,AQ$13))))","v":1000000000000},{"$f":"IF($D144<>\"Serviço\",0,IF(AND(AUTOEVENTO=\"Manual\",$M144=1),0,IF(OFFSET(CRONOPLE!$F$14,$M144,AR$13)=\"\",10^12,OFFSET(CRONOPLE!$F$14,$M144,AR$13))))","v":1000000000000},{"$f":"IF($D144<>\"Serviço\",0,IF(AND(AUTOEVENTO=\"Manual\",$M144=1),0,IF(OFFSET(CRONOPLE!$F$14,$M144,AS$13)=\"\",10^12,OFFSET(CRONOPLE!$F$14,$M144,AS$13))))","v":1000000000000},{"$f":"IF($D144<>\"Serviço\",0,IF(AND(AUTOEVENTO=\"Manual\",$M144=1),0,IF(OFFSET(CRONOPLE!$F$14,$M144,AT$13)=\"\",10^12,OFFSET(CRONOPLE!$F$14,$M144,AT$13))))","v":1000000000000},{"$f":"IF($D144<>\"Serviço\",0,IF(AND(AUTOEVENTO=\"Manual\",$M144=1),0,IF(OFFSET(CRONOPLE!$F$14,$M144,AU$13)=\"\",10^12,OFFSET(CRONOPLE!$F$14,$M144,AU$13))))","v":1000000000000},{"$f":"IF($D144<>\"Serviço\",0,IF(AND(AUTOEVENTO=\"Manual\",$M144=1),0,IF(OFFSET(CRONOPLE!$F$14,$M144,AV$13)=\"\",10^12,OFFSET(CRONOPLE!$F$14,$M144,AV$13))))","v":1000000000000},null,{"$f":"IF($D144<>\"Serviço\",0,IF(OR(AND(AUTOEVENTO=\"Manual\",$M144=1),$M144>(ROW(PLE.lastrow)-ROW(PLE.firstrow))),0,IF(OFFSET(PLE!$G$14,$M144,AX$13)=\"\",10^12,OFFSET(PLE!$G$14,$M144,AX$13))))","v":1000000000000},{"$f":"IF($D144<>\"Serviço\",0,IF(OR(AND(AUTOEVENTO=\"Manual\",$M144=1),$M144>(ROW(PLE.lastrow)-ROW(PLE.firstrow))),0,IF(OFFSET(PLE!$G$14,$M144,AY$13)=\"\",10^12,OFFSET(PLE!$G$14,$M144,AY$13))))","v":1000000000000},{"$f":"IF($D144<>\"Serviço\",0,IF(OR(AND(AUTOEVENTO=\"Manual\",$M144=1),$M144>(ROW(PLE.lastrow)-ROW(PLE.firstrow))),0,IF(OFFSET(PLE!$G$14,$M144,AZ$13)=\"\",10^12,OFFSET(PLE!$G$14,$M144,AZ$13))))","v":1000000000000},{"$f":"IF($D144<>\"Serviço\",0,IF(OR(AND(AUTOEVENTO=\"Manual\",$M144=1),$M144>(ROW(PLE.lastrow)-ROW(PLE.firstrow))),0,IF(OFFSET(PLE!$G$14,$M144,BA$13)=\"\",10^12,OFFSET(PLE!$G$14,$M144,BA$13))))","v":1000000000000},{"$f":"IF($D144<>\"Serviço\",0,IF(OR(AND(AUTOEVENTO=\"Manual\",$M144=1),$M144>(ROW(PLE.lastrow)-ROW(PLE.firstrow))),0,IF(OFFSET(PLE!$G$14,$M144,BB$13)=\"\",10^12,OFFSET(PLE!$G$14,$M144,BB$13))))","v":1000000000000},{"$f":"IF($D144<>\"Serviço\",0,IF(OR(AND(AUTOEVENTO=\"Manual\",$M144=1),$M144>(ROW(PLE.lastrow)-ROW(PLE.firstrow))),0,IF(OFFSET(PLE!$G$14,$M144,BC$13)=\"\",10^12,OFFSET(PLE!$G$14,$M144,BC$13))))","v":1000000000000},{"$f":"IF($D144<>\"Serviço\",0,IF(OR(AND(AUTOEVENTO=\"Manual\",$M144=1),$M144>(ROW(PLE.lastrow)-ROW(PLE.firstrow))),0,IF(OFFSET(PLE!$G$14,$M144,BD$13)=\"\",10^12,OFFSET(PLE!$G$14,$M144,BD$13))))","v":1000000000000},{"$f":"IF($D144<>\"Serviço\",0,IF(OR(AND(AUTOEVENTO=\"Manual\",$M144=1),$M144>(ROW(PLE.lastrow)-ROW(PLE.firstrow))),0,IF(OFFSET(PLE!$G$14,$M144,BE$13)=\"\",10^12,OFFSET(PLE!$G$14,$M144,BE$13))))","v":1000000000000},{"$f":"IF($D144<>\"Serviço\",0,IF(OR(AND(AUTOEVENTO=\"Manual\",$M144=1),$M144>(ROW(PLE.lastrow)-ROW(PLE.firstrow))),0,IF(OFFSET(PLE!$G$14,$M144,BF$13)=\"\",10^12,OFFSET(PLE!$G$14,$M144,BF$13))))","v":1000000000000},{"$f":"IF($D144<>\"Serviço\",0,IF(OR(AND(AUTOEVENTO=\"Manual\",$M144=1),$M144>(ROW(PLE.lastrow)-ROW(PLE.firstrow))),0,IF(OFFSET(PLE!$G$14,$M144,BG$13)=\"\",10^12,OFFSET(PLE!$G$14,$M144,BG$13))))","v":1000000000000}]
["127",{"$f":"OFFSET(ORÇAMENTO!C$15,ROW(B145)-ROW(B$15),0)","v":"S"},{"$f":"OFFSET(ORÇAMENTO!L$15,ROW(C145)-ROW(C$15),0)","v":"F"},{"$f":"OFFSET(ORÇAMENTO!N$15,ROW(D145)-ROW(D$15),0)","v":"Serviço"},{"$f":"OFFSET(ORÇAMENTO!O$15,ROW(E145)-ROW(E$15),0)","v":"1.8.1.2."},{"$f":"OFFSET(ORÇAMENTO!R$15,ROW(F145)-ROW(F$15),0)","v":"TUBO, PVC, SOLDÁVEL, DN 32MM, INSTALADO EM RAMAL OU SUB-RAMAL DE ÁGUA - FORNECIMENTO E INSTALAÇÃO. AF_06/2022"},{"$f":"IF($D145<>\"Serviço\",\"\",OFFSET(ORÇAMENTO!S$15,ROW(G145)-ROW(G$15),0))","v":"M"},{"$f":"IF($D145<>\"Serviço\",0,IF(ACOMPANHAMENTO=\"BM\",ROUND(OFFSET(ORÇAMENTO!AJ$15,ROW(H145)-ROW(H$15),0),15-13*ORÇAMENTO!$AF$7),SUMPRODUCT(($Q$12:$AA$12<>\"\")*ROUND($Q145:$AA145,15-13*ORÇAMENTO!$AF$7))))","v":3.75},null,null,null,".",{"$f":"IF($D145<>\"Serviço\",\"\",IF(AUTOEVENTO=\"manual\",$A145,IF(ISERROR(MATCH($A145,$A$15:OFFSET($A145,-1,0),0)),MAX($M$15:OFFSET(M145,-1,0))+1,INDEX($M$15:OFFSET(M145,-1,0),MATCH($A145,$A$15:OFFSET($A145,-1,0),0)))))","v":9},{"$f":"IF($D145<>\"Serviço\",\"\",IF(AUTOEVENTO=\"Manual\",IF($A145=0,\"<-- defina o número do agrupador\",OFFSET(EVENTOS!$D$14,$A145,0)),OFFSET($F$15,$A145,0)))","v":"INSTALAÇÕES HIDROSSANITÁRIAS"},null,null,null,null,null,null,null,null,null,null,null,null,null,{"$f":"IF(AND($D145=\"Serviço\",AB$12<>0,$H145>0,OR(AUTOEVENTO<>\"manual\",$M145<>1)),\nIF(Import.TipoArredondamento<>\"TransfereGOV\",\nROUND(OFFSET($P145,0,AB$13),15-13*ORÇAMENTO!$AF$7)/$H145*OFFSET(ORÇAMENTO!$X$15,ROW(AB145)-ROW(AB$15),0),\nROUND(ROUND(OFFSET($P145,0,AB$13),15-13*ORÇAMENTO!$AF$7)*OFFSET(ORÇAMENTO!$W$15,ROW(AB145)-ROW(AB$15),0),15-13*ORÇAMENTO!$AF$11)),0)","v":0},{"$f":"IF(AND($D145=\"Serviço\",AC$12<>0,$H145>0,OR(AUTOEVENTO<>\"manual\",$M145<>1)),\nIF(Import.TipoArredondamento<>\"TransfereGOV\",\nROUND(OFFSET($P145,0,AC$13),15-13*ORÇAMENTO!$AF$7)/$H145*OFFSET(ORÇAMENTO!$X$15,ROW(AC145)-ROW(AC$15),0),\nROUND(ROUND(OFFSET($P145,0,AC$13),15-13*ORÇAMENTO!$AF$7)*OFFSET(ORÇAMENTO!$W$15,ROW(AC145)-ROW(AC$15),0),15-13*ORÇAMENTO!$AF$11)),0)","v":0},{"$f":"IF(AND($D145=\"Serviço\",AD$12<>0,$H145>0,OR(AUTOEVENTO<>\"manual\",$M145<>1)),\nIF(Import.TipoArredondamento<>\"TransfereGOV\",\nROUND(OFFSET($P145,0,AD$13),15-13*ORÇAMENTO!$AF$7)/$H145*OFFSET(ORÇAMENTO!$X$15,ROW(AD145)-ROW(AD$15),0),\nROUND(ROUND(OFFSET($P145,0,AD$13),15-13*ORÇAMENTO!$AF$7)*OFFSET(ORÇAMENTO!$W$15,ROW(AD145)-ROW(AD$15),0),15-13*ORÇAMENTO!$AF$11)),0)","v":0},{"$f":"IF(AND($D145=\"Serviço\",AE$12<>0,$H145>0,OR(AUTOEVENTO<>\"manual\",$M145<>1)),\nIF(Import.TipoArredondamento<>\"TransfereGOV\",\nROUND(OFFSET($P145,0,AE$13),15-13*ORÇAMENTO!$AF$7)/$H145*OFFSET(ORÇAMENTO!$X$15,ROW(AE145)-ROW(AE$15),0),\nROUND(ROUND(OFFSET($P145,0,AE$13),15-13*ORÇAMENTO!$AF$7)*OFFSET(ORÇAMENTO!$W$15,ROW(AE145)-ROW(AE$15),0),15-13*ORÇAMENTO!$AF$11)),0)","v":0},{"$f":"IF(AND($D145=\"Serviço\",AF$12<>0,$H145>0,OR(AUTOEVENTO<>\"manual\",$M145<>1)),\nIF(Import.TipoArredondamento<>\"TransfereGOV\",\nROUND(OFFSET($P145,0,AF$13),15-13*ORÇAMENTO!$AF$7)/$H145*OFFSET(ORÇAMENTO!$X$15,ROW(AF145)-ROW(AF$15),0),\nROUND(ROUND(OFFSET($P145,0,AF$13),15-13*ORÇAMENTO!$AF$7)*OFFSET(ORÇAMENTO!$W$15,ROW(AF145)-ROW(AF$15),0),15-13*ORÇAMENTO!$AF$11)),0)","v":0},{"$f":"IF(AND($D145=\"Serviço\",AG$12<>0,$H145>0,OR(AUTOEVENTO<>\"manual\",$M145<>1)),\nIF(Import.TipoArredondamento<>\"TransfereGOV\",\nROUND(OFFSET($P145,0,AG$13),15-13*ORÇAMENTO!$AF$7)/$H145*OFFSET(ORÇAMENTO!$X$15,ROW(AG145)-ROW(AG$15),0),\nROUND(ROUND(OFFSET($P145,0,AG$13),15-13*ORÇAMENTO!$AF$7)*OFFSET(ORÇAMENTO!$W$15,ROW(AG145)-ROW(AG$15),0),15-13*ORÇAMENTO!$AF$11)),0)","v":0},{"$f":"IF(AND($D145=\"Serviço\",AH$12<>0,$H145>0,OR(AUTOEVENTO<>\"manual\",$M145<>1)),\nIF(Import.TipoArredondamento<>\"TransfereGOV\",\nROUND(OFFSET($P145,0,AH$13),15-13*ORÇAMENTO!$AF$7)/$H145*OFFSET(ORÇAMENTO!$X$15,ROW(AH145)-ROW(AH$15),0),\nROUND(ROUND(OFFSET($P145,0,AH$13),15-13*ORÇAMENTO!$AF$7)*OFFSET(ORÇAMENTO!$W$15,ROW(AH145)-ROW(AH$15),0),15-13*ORÇAMENTO!$AF$11)),0)","v":0},{"$f":"IF(AND($D145=\"Serviço\",AI$12<>0,$H145>0,OR(AUTOEVENTO<>\"manual\",$M145<>1)),\nIF(Import.TipoArredondamento<>\"TransfereGOV\",\nROUND(OFFSET($P145,0,AI$13),15-13*ORÇAMENTO!$AF$7)/$H145*OFFSET(ORÇAMENTO!$X$15,ROW(AI145)-ROW(AI$15),0),\nROUND(ROUND(OFFSET($P145,0,AI$13),15-13*ORÇAMENTO!$AF$7)*OFFSET(ORÇAMENTO!$W$15,ROW(AI145)-ROW(AI$15),0),15-13*ORÇAMENTO!$AF$11)),0)","v":0},{"$f":"IF(AND($D145=\"Serviço\",AJ$12<>0,$H145>0,OR(AUTOEVENTO<>\"manual\",$M145<>1)),\nIF(Import.TipoArredondamento<>\"TransfereGOV\",\nROUND(OFFSET($P145,0,AJ$13),15-13*ORÇAMENTO!$AF$7)/$H145*OFFSET(ORÇAMENTO!$X$15,ROW(AJ145)-ROW(AJ$15),0),\nROUND(ROUND(OFFSET($P145,0,AJ$13),15-13*ORÇAMENTO!$AF$7)*OFFSET(ORÇAMENTO!$W$15,ROW(AJ145)-ROW(AJ$15),0),15-13*ORÇAMENTO!$AF$11)),0)","v":0},{"$f":"IF(AND($D145=\"Serviço\",AK$12<>0,$H145>0,OR(AUTOEVENTO<>\"manual\",$M145<>1)),\nIF(Import.TipoArredondamento<>\"TransfereGOV\",\nROUND(OFFSET($P145,0,AK$13),15-13*ORÇAMENTO!$AF$7)/$H145*OFFSET(ORÇAMENTO!$X$15,ROW(AK145)-ROW(AK$15),0),\nROUND(ROUND(OFFSET($P145,0,AK$13),15-13*ORÇAMENTO!$AF$7)*OFFSET(ORÇAMENTO!$W$15,ROW(AK145)-ROW(AK$15),0),15-13*ORÇAMENTO!$AF$11)),0)","v":0},null,{"$f":"IF($D145<>\"Serviço\",0,IF(AND(AUTOEVENTO=\"Manual\",$M145=1),0,IF(OFFSET(CRONOPLE!$F$14,$M145,AM$13)=\"\",10^12,OFFSET(CRONOPLE!$F$14,$M145,AM$13))))","v":1000000000000},{"$f":"IF($D145<>\"Serviço\",0,IF(AND(AUTOEVENTO=\"Manual\",$M145=1),0,IF(OFFSET(CRONOPLE!$F$14,$M145,AN$13)=\"\",10^12,OFFSET(CRONOPLE!$F$14,$M145,AN$13))))","v":1000000000000},{"$f":"IF($D145<>\"Serviço\",0,IF(AND(AUTOEVENTO=\"Manual\",$M145=1),0,IF(OFFSET(CRONOPLE!$F$14,$M145,AO$13)=\"\",10^12,OFFSET(CRONOPLE!$F$14,$M145,AO$13))))","v":1000000000000},{"$f":"IF($D145<>\"Serviço\",0,IF(AND(AUTOEVENTO=\"Manual\",$M145=1),0,IF(OFFSET(CRONOPLE!$F$14,$M145,AP$13)=\"\",10^12,OFFSET(CRONOPLE!$F$14,$M145,AP$13))))","v":1000000000000},{"$f":"IF($D145<>\"Serviço\",0,IF(AND(AUTOEVENTO=\"Manual\",$M145=1),0,IF(OFFSET(CRONOPLE!$F$14,$M145,AQ$13)=\"\",10^12,OFFSET(CRONOPLE!$F$14,$M145,AQ$13))))","v":1000000000000},{"$f":"IF($D145<>\"Serviço\",0,IF(AND(AUTOEVENTO=\"Manual\",$M145=1),0,IF(OFFSET(CRONOPLE!$F$14,$M145,AR$13)=\"\",10^12,OFFSET(CRONOPLE!$F$14,$M145,AR$13))))","v":1000000000000},{"$f":"IF($D145<>\"Serviço\",0,IF(AND(AUTOEVENTO=\"Manual\",$M145=1),0,IF(OFFSET(CRONOPLE!$F$14,$M145,AS$13)=\"\",10^12,OFFSET(CRONOPLE!$F$14,$M145,AS$13))))","v":1000000000000},{"$f":"IF($D145<>\"Serviço\",0,IF(AND(AUTOEVENTO=\"Manual\",$M145=1),0,IF(OFFSET(CRONOPLE!$F$14,$M145,AT$13)=\"\",10^12,OFFSET(CRONOPLE!$F$14,$M145,AT$13))))","v":1000000000000},{"$f":"IF($D145<>\"Serviço\",0,IF(AND(AUTOEVENTO=\"Manual\",$M145=1),0,IF(OFFSET(CRONOPLE!$F$14,$M145,AU$13)=\"\",10^12,OFFSET(CRONOPLE!$F$14,$M145,AU$13))))","v":1000000000000},{"$f":"IF($D145<>\"Serviço\",0,IF(AND(AUTOEVENTO=\"Manual\",$M145=1),0,IF(OFFSET(CRONOPLE!$F$14,$M145,AV$13)=\"\",10^12,OFFSET(CRONOPLE!$F$14,$M145,AV$13))))","v":1000000000000},null,{"$f":"IF($D145<>\"Serviço\",0,IF(OR(AND(AUTOEVENTO=\"Manual\",$M145=1),$M145>(ROW(PLE.lastrow)-ROW(PLE.firstrow))),0,IF(OFFSET(PLE!$G$14,$M145,AX$13)=\"\",10^12,OFFSET(PLE!$G$14,$M145,AX$13))))","v":1000000000000},{"$f":"IF($D145<>\"Serviço\",0,IF(OR(AND(AUTOEVENTO=\"Manual\",$M145=1),$M145>(ROW(PLE.lastrow)-ROW(PLE.firstrow))),0,IF(OFFSET(PLE!$G$14,$M145,AY$13)=\"\",10^12,OFFSET(PLE!$G$14,$M145,AY$13))))","v":1000000000000},{"$f":"IF($D145<>\"Serviço\",0,IF(OR(AND(AUTOEVENTO=\"Manual\",$M145=1),$M145>(ROW(PLE.lastrow)-ROW(PLE.firstrow))),0,IF(OFFSET(PLE!$G$14,$M145,AZ$13)=\"\",10^12,OFFSET(PLE!$G$14,$M145,AZ$13))))","v":1000000000000},{"$f":"IF($D145<>\"Serviço\",0,IF(OR(AND(AUTOEVENTO=\"Manual\",$M145=1),$M145>(ROW(PLE.lastrow)-ROW(PLE.firstrow))),0,IF(OFFSET(PLE!$G$14,$M145,BA$13)=\"\",10^12,OFFSET(PLE!$G$14,$M145,BA$13))))","v":1000000000000},{"$f":"IF($D145<>\"Serviço\",0,IF(OR(AND(AUTOEVENTO=\"Manual\",$M145=1),$M145>(ROW(PLE.lastrow)-ROW(PLE.firstrow))),0,IF(OFFSET(PLE!$G$14,$M145,BB$13)=\"\",10^12,OFFSET(PLE!$G$14,$M145,BB$13))))","v":1000000000000},{"$f":"IF($D145<>\"Serviço\",0,IF(OR(AND(AUTOEVENTO=\"Manual\",$M145=1),$M145>(ROW(PLE.lastrow)-ROW(PLE.firstrow))),0,IF(OFFSET(PLE!$G$14,$M145,BC$13)=\"\",10^12,OFFSET(PLE!$G$14,$M145,BC$13))))","v":1000000000000},{"$f":"IF($D145<>\"Serviço\",0,IF(OR(AND(AUTOEVENTO=\"Manual\",$M145=1),$M145>(ROW(PLE.lastrow)-ROW(PLE.firstrow))),0,IF(OFFSET(PLE!$G$14,$M145,BD$13)=\"\",10^12,OFFSET(PLE!$G$14,$M145,BD$13))))","v":1000000000000},{"$f":"IF($D145<>\"Serviço\",0,IF(OR(AND(AUTOEVENTO=\"Manual\",$M145=1),$M145>(ROW(PLE.lastrow)-ROW(PLE.firstrow))),0,IF(OFFSET(PLE!$G$14,$M145,BE$13)=\"\",10^12,OFFSET(PLE!$G$14,$M145,BE$13))))","v":1000000000000},{"$f":"IF($D145<>\"Serviço\",0,IF(OR(AND(AUTOEVENTO=\"Manual\",$M145=1),$M145>(ROW(PLE.lastrow)-ROW(PLE.firstrow))),0,IF(OFFSET(PLE!$G$14,$M145,BF$13)=\"\",10^12,OFFSET(PLE!$G$14,$M145,BF$13))))","v":1000000000000},{"$f":"IF($D145<>\"Serviço\",0,IF(OR(AND(AUTOEVENTO=\"Manual\",$M145=1),$M145>(ROW(PLE.lastrow)-ROW(PLE.firstrow))),0,IF(OFFSET(PLE!$G$14,$M145,BG$13)=\"\",10^12,OFFSET(PLE!$G$14,$M145,BG$13))))","v":1000000000000}]
["127",{"$f":"OFFSET(ORÇAMENTO!C$15,ROW(B146)-ROW(B$15),0)","v":"S"},{"$f":"OFFSET(ORÇAMENTO!L$15,ROW(C146)-ROW(C$15),0)","v":"F"},{"$f":"OFFSET(ORÇAMENTO!N$15,ROW(D146)-ROW(D$15),0)","v":"Serviço"},{"$f":"OFFSET(ORÇAMENTO!O$15,ROW(E146)-ROW(E$15),0)","v":"1.8.1.3."},{"$f":"OFFSET(ORÇAMENTO!R$15,ROW(F146)-ROW(F$15),0)","v":"JOELHO 90 GRAUS, PVC, SOLDÁVEL, DN 25MM, INSTALADO EM RAMAL OU SUB-RAMAL DE ÁGUA - FORNECIMENTO E INSTALAÇÃO. AF_06/2022"},{"$f":"IF($D146<>\"Serviço\",\"\",OFFSET(ORÇAMENTO!S$15,ROW(G146)-ROW(G$15),0))","v":"UN"},{"$f":"IF($D146<>\"Serviço\",0,IF(ACOMPANHAMENTO=\"BM\",ROUND(OFFSET(ORÇAMENTO!AJ$15,ROW(H146)-ROW(H$15),0),15-13*ORÇAMENTO!$AF$7),SUMPRODUCT(($Q$12:$AA$12<>\"\")*ROUND($Q146:$AA146,15-13*ORÇAMENTO!$AF$7))))","v":13},null,null,null,".",{"$f":"IF($D146<>\"Serviço\",\"\",IF(AUTOEVENTO=\"manual\",$A146,IF(ISERROR(MATCH($A146,$A$15:OFFSET($A146,-1,0),0)),MAX($M$15:OFFSET(M146,-1,0))+1,INDEX($M$15:OFFSET(M146,-1,0),MATCH($A146,$A$15:OFFSET($A146,-1,0),0)))))","v":9},{"$f":"IF($D146<>\"Serviço\",\"\",IF(AUTOEVENTO=\"Manual\",IF($A146=0,\"<-- defina o número do agrupador\",OFFSET(EVENTOS!$D$14,$A146,0)),OFFSET($F$15,$A146,0)))","v":"INSTALAÇÕES HIDROSSANITÁRIAS"},null,null,null,null,null,null,null,null,null,null,null,null,null,{"$f":"IF(AND($D146=\"Serviço\",AB$12<>0,$H146>0,OR(AUTOEVENTO<>\"manual\",$M146<>1)),\nIF(Import.TipoArredondamento<>\"TransfereGOV\",\nROUND(OFFSET($P146,0,AB$13),15-13*ORÇAMENTO!$AF$7)/$H146*OFFSET(ORÇAMENTO!$X$15,ROW(AB146)-ROW(AB$15),0),\nROUND(ROUND(OFFSET($P146,0,AB$13),15-13*ORÇAMENTO!$AF$7)*OFFSET(ORÇAMENTO!$W$15,ROW(AB146)-ROW(AB$15),0),15-13*ORÇAMENTO!$AF$11)),0)","v":0},{"$f":"IF(AND($D146=\"Serviço\",AC$12<>0,$H146>0,OR(AUTOEVENTO<>\"manual\",$M146<>1)),\nIF(Import.TipoArredondamento<>\"TransfereGOV\",\nROUND(OFFSET($P146,0,AC$13),15-13*ORÇAMENTO!$AF$7)/$H146*OFFSET(ORÇAMENTO!$X$15,ROW(AC146)-ROW(AC$15),0),\nROUND(ROUND(OFFSET($P146,0,AC$13),15-13*ORÇAMENTO!$AF$7)*OFFSET(ORÇAMENTO!$W$15,ROW(AC146)-ROW(AC$15),0),15-13*ORÇAMENTO!$AF$11)),0)","v":0},{"$f":"IF(AND($D146=\"Serviço\",AD$12<>0,$H146>0,OR(AUTOEVENTO<>\"manual\",$M146<>1)),\nIF(Import.TipoArredondamento<>\"TransfereGOV\",\nROUND(OFFSET($P146,0,AD$13),15-13*ORÇAMENTO!$AF$7)/$H146*OFFSET(ORÇAMENTO!$X$15,ROW(AD146)-ROW(AD$15),0),\nROUND(ROUND(OFFSET($P146,0,AD$13),15-13*ORÇAMENTO!$AF$7)*OFFSET(ORÇAMENTO!$W$15,ROW(AD146)-ROW(AD$15),0),15-13*ORÇAMENTO!$AF$11)),0)","v":0},{"$f":"IF(AND($D146=\"Serviço\",AE$12<>0,$H146>0,OR(AUTOEVENTO<>\"manual\",$M146<>1)),\nIF(Import.TipoArredondamento<>\"TransfereGOV\",\nROUND(OFFSET($P146,0,AE$13),15-13*ORÇAMENTO!$AF$7)/$H146*OFFSET(ORÇAMENTO!$X$15,ROW(AE146)-ROW(AE$15),0),\nROUND(ROUND(OFFSET($P146,0,AE$13),15-13*ORÇAMENTO!$AF$7)*OFFSET(ORÇAMENTO!$W$15,ROW(AE146)-ROW(AE$15),0),15-13*ORÇAMENTO!$AF$11)),0)","v":0},{"$f":"IF(AND($D146=\"Serviço\",AF$12<>0,$H146>0,OR(AUTOEVENTO<>\"manual\",$M146<>1)),\nIF(Import.TipoArredondamento<>\"TransfereGOV\",\nROUND(OFFSET($P146,0,AF$13),15-13*ORÇAMENTO!$AF$7)/$H146*OFFSET(ORÇAMENTO!$X$15,ROW(AF146)-ROW(AF$15),0),\nROUND(ROUND(OFFSET($P146,0,AF$13),15-13*ORÇAMENTO!$AF$7)*OFFSET(ORÇAMENTO!$W$15,ROW(AF146)-ROW(AF$15),0),15-13*ORÇAMENTO!$AF$11)),0)","v":0},{"$f":"IF(AND($D146=\"Serviço\",AG$12<>0,$H146>0,OR(AUTOEVENTO<>\"manual\",$M146<>1)),\nIF(Import.TipoArredondamento<>\"TransfereGOV\",\nROUND(OFFSET($P146,0,AG$13),15-13*ORÇAMENTO!$AF$7)/$H146*OFFSET(ORÇAMENTO!$X$15,ROW(AG146)-ROW(AG$15),0),\nROUND(ROUND(OFFSET($P146,0,AG$13),15-13*ORÇAMENTO!$AF$7)*OFFSET(ORÇAMENTO!$W$15,ROW(AG146)-ROW(AG$15),0),15-13*ORÇAMENTO!$AF$11)),0)","v":0},{"$f":"IF(AND($D146=\"Serviço\",AH$12<>0,$H146>0,OR(AUTOEVENTO<>\"manual\",$M146<>1)),\nIF(Import.TipoArredondamento<>\"TransfereGOV\",\nROUND(OFFSET($P146,0,AH$13),15-13*ORÇAMENTO!$AF$7)/$H146*OFFSET(ORÇAMENTO!$X$15,ROW(AH146)-ROW(AH$15),0),\nROUND(ROUND(OFFSET($P146,0,AH$13),15-13*ORÇAMENTO!$AF$7)*OFFSET(ORÇAMENTO!$W$15,ROW(AH146)-ROW(AH$15),0),15-13*ORÇAMENTO!$AF$11)),0)","v":0},{"$f":"IF(AND($D146=\"Serviço\",AI$12<>0,$H146>0,OR(AUTOEVENTO<>\"manual\",$M146<>1)),\nIF(Import.TipoArredondamento<>\"TransfereGOV\",\nROUND(OFFSET($P146,0,AI$13),15-13*ORÇAMENTO!$AF$7)/$H146*OFFSET(ORÇAMENTO!$X$15,ROW(AI146)-ROW(AI$15),0),\nROUND(ROUND(OFFSET($P146,0,AI$13),15-13*ORÇAMENTO!$AF$7)*OFFSET(ORÇAMENTO!$W$15,ROW(AI146)-ROW(AI$15),0),15-13*ORÇAMENTO!$AF$11)),0)","v":0},{"$f":"IF(AND($D146=\"Serviço\",AJ$12<>0,$H146>0,OR(AUTOEVENTO<>\"manual\",$M146<>1)),\nIF(Import.TipoArredondamento<>\"TransfereGOV\",\nROUND(OFFSET($P146,0,AJ$13),15-13*ORÇAMENTO!$AF$7)/$H146*OFFSET(ORÇAMENTO!$X$15,ROW(AJ146)-ROW(AJ$15),0),\nROUND(ROUND(OFFSET($P146,0,AJ$13),15-13*ORÇAMENTO!$AF$7)*OFFSET(ORÇAMENTO!$W$15,ROW(AJ146)-ROW(AJ$15),0),15-13*ORÇAMENTO!$AF$11)),0)","v":0},{"$f":"IF(AND($D146=\"Serviço\",AK$12<>0,$H146>0,OR(AUTOEVENTO<>\"manual\",$M146<>1)),\nIF(Import.TipoArredondamento<>\"TransfereGOV\",\nROUND(OFFSET($P146,0,AK$13),15-13*ORÇAMENTO!$AF$7)/$H146*OFFSET(ORÇAMENTO!$X$15,ROW(AK146)-ROW(AK$15),0),\nROUND(ROUND(OFFSET($P146,0,AK$13),15-13*ORÇAMENTO!$AF$7)*OFFSET(ORÇAMENTO!$W$15,ROW(AK146)-ROW(AK$15),0),15-13*ORÇAMENTO!$AF$11)),0)","v":0},null,{"$f":"IF($D146<>\"Serviço\",0,IF(AND(AUTOEVENTO=\"Manual\",$M146=1),0,IF(OFFSET(CRONOPLE!$F$14,$M146,AM$13)=\"\",10^12,OFFSET(CRONOPLE!$F$14,$M146,AM$13))))","v":1000000000000},{"$f":"IF($D146<>\"Serviço\",0,IF(AND(AUTOEVENTO=\"Manual\",$M146=1),0,IF(OFFSET(CRONOPLE!$F$14,$M146,AN$13)=\"\",10^12,OFFSET(CRONOPLE!$F$14,$M146,AN$13))))","v":1000000000000},{"$f":"IF($D146<>\"Serviço\",0,IF(AND(AUTOEVENTO=\"Manual\",$M146=1),0,IF(OFFSET(CRONOPLE!$F$14,$M146,AO$13)=\"\",10^12,OFFSET(CRONOPLE!$F$14,$M146,AO$13))))","v":1000000000000},{"$f":"IF($D146<>\"Serviço\",0,IF(AND(AUTOEVENTO=\"Manual\",$M146=1),0,IF(OFFSET(CRONOPLE!$F$14,$M146,AP$13)=\"\",10^12,OFFSET(CRONOPLE!$F$14,$M146,AP$13))))","v":1000000000000},{"$f":"IF($D146<>\"Serviço\",0,IF(AND(AUTOEVENTO=\"Manual\",$M146=1),0,IF(OFFSET(CRONOPLE!$F$14,$M146,AQ$13)=\"\",10^12,OFFSET(CRONOPLE!$F$14,$M146,AQ$13))))","v":1000000000000},{"$f":"IF($D146<>\"Serviço\",0,IF(AND(AUTOEVENTO=\"Manual\",$M146=1),0,IF(OFFSET(CRONOPLE!$F$14,$M146,AR$13)=\"\",10^12,OFFSET(CRONOPLE!$F$14,$M146,AR$13))))","v":1000000000000},{"$f":"IF($D146<>\"Serviço\",0,IF(AND(AUTOEVENTO=\"Manual\",$M146=1),0,IF(OFFSET(CRONOPLE!$F$14,$M146,AS$13)=\"\",10^12,OFFSET(CRONOPLE!$F$14,$M146,AS$13))))","v":1000000000000},{"$f":"IF($D146<>\"Serviço\",0,IF(AND(AUTOEVENTO=\"Manual\",$M146=1),0,IF(OFFSET(CRONOPLE!$F$14,$M146,AT$13)=\"\",10^12,OFFSET(CRONOPLE!$F$14,$M146,AT$13))))","v":1000000000000},{"$f":"IF($D146<>\"Serviço\",0,IF(AND(AUTOEVENTO=\"Manual\",$M146=1),0,IF(OFFSET(CRONOPLE!$F$14,$M146,AU$13)=\"\",10^12,OFFSET(CRONOPLE!$F$14,$M146,AU$13))))","v":1000000000000},{"$f":"IF($D146<>\"Serviço\",0,IF(AND(AUTOEVENTO=\"Manual\",$M146=1),0,IF(OFFSET(CRONOPLE!$F$14,$M146,AV$13)=\"\",10^12,OFFSET(CRONOPLE!$F$14,$M146,AV$13))))","v":1000000000000},null,{"$f":"IF($D146<>\"Serviço\",0,IF(OR(AND(AUTOEVENTO=\"Manual\",$M146=1),$M146>(ROW(PLE.lastrow)-ROW(PLE.firstrow))),0,IF(OFFSET(PLE!$G$14,$M146,AX$13)=\"\",10^12,OFFSET(PLE!$G$14,$M146,AX$13))))","v":1000000000000},{"$f":"IF($D146<>\"Serviço\",0,IF(OR(AND(AUTOEVENTO=\"Manual\",$M146=1),$M146>(ROW(PLE.lastrow)-ROW(PLE.firstrow))),0,IF(OFFSET(PLE!$G$14,$M146,AY$13)=\"\",10^12,OFFSET(PLE!$G$14,$M146,AY$13))))","v":1000000000000},{"$f":"IF($D146<>\"Serviço\",0,IF(OR(AND(AUTOEVENTO=\"Manual\",$M146=1),$M146>(ROW(PLE.lastrow)-ROW(PLE.firstrow))),0,IF(OFFSET(PLE!$G$14,$M146,AZ$13)=\"\",10^12,OFFSET(PLE!$G$14,$M146,AZ$13))))","v":1000000000000},{"$f":"IF($D146<>\"Serviço\",0,IF(OR(AND(AUTOEVENTO=\"Manual\",$M146=1),$M146>(ROW(PLE.lastrow)-ROW(PLE.firstrow))),0,IF(OFFSET(PLE!$G$14,$M146,BA$13)=\"\",10^12,OFFSET(PLE!$G$14,$M146,BA$13))))","v":1000000000000},{"$f":"IF($D146<>\"Serviço\",0,IF(OR(AND(AUTOEVENTO=\"Manual\",$M146=1),$M146>(ROW(PLE.lastrow)-ROW(PLE.firstrow))),0,IF(OFFSET(PLE!$G$14,$M146,BB$13)=\"\",10^12,OFFSET(PLE!$G$14,$M146,BB$13))))","v":1000000000000},{"$f":"IF($D146<>\"Serviço\",0,IF(OR(AND(AUTOEVENTO=\"Manual\",$M146=1),$M146>(ROW(PLE.lastrow)-ROW(PLE.firstrow))),0,IF(OFFSET(PLE!$G$14,$M146,BC$13)=\"\",10^12,OFFSET(PLE!$G$14,$M146,BC$13))))","v":1000000000000},{"$f":"IF($D146<>\"Serviço\",0,IF(OR(AND(AUTOEVENTO=\"Manual\",$M146=1),$M146>(ROW(PLE.lastrow)-ROW(PLE.firstrow))),0,IF(OFFSET(PLE!$G$14,$M146,BD$13)=\"\",10^12,OFFSET(PLE!$G$14,$M146,BD$13))))","v":1000000000000},{"$f":"IF($D146<>\"Serviço\",0,IF(OR(AND(AUTOEVENTO=\"Manual\",$M146=1),$M146>(ROW(PLE.lastrow)-ROW(PLE.firstrow))),0,IF(OFFSET(PLE!$G$14,$M146,BE$13)=\"\",10^12,OFFSET(PLE!$G$14,$M146,BE$13))))","v":1000000000000},{"$f":"IF($D146<>\"Serviço\",0,IF(OR(AND(AUTOEVENTO=\"Manual\",$M146=1),$M146>(ROW(PLE.lastrow)-ROW(PLE.firstrow))),0,IF(OFFSET(PLE!$G$14,$M146,BF$13)=\"\",10^12,OFFSET(PLE!$G$14,$M146,BF$13))))","v":1000000000000},{"$f":"IF($D146<>\"Serviço\",0,IF(OR(AND(AUTOEVENTO=\"Manual\",$M146=1),$M146>(ROW(PLE.lastrow)-ROW(PLE.firstrow))),0,IF(OFFSET(PLE!$G$14,$M146,BG$13)=\"\",10^12,OFFSET(PLE!$G$14,$M146,BG$13))))","v":1000000000000}]
["127",{"$f":"OFFSET(ORÇAMENTO!C$15,ROW(B147)-ROW(B$15),0)","v":"S"},{"$f":"OFFSET(ORÇAMENTO!L$15,ROW(C147)-ROW(C$15),0)","v":"F"},{"$f":"OFFSET(ORÇAMENTO!N$15,ROW(D147)-ROW(D$15),0)","v":"Serviço"},{"$f":"OFFSET(ORÇAMENTO!O$15,ROW(E147)-ROW(E$15),0)","v":"1.8.1.4."},{"$f":"OFFSET(ORÇAMENTO!R$15,ROW(F147)-ROW(F$15),0)","v":"JOELHO 90 GRAUS, PVC, SOLDÁVEL, DN 32MM, INSTALADO EM RAMAL OU SUB-RAMAL DE ÁGUA - FORNECIMENTO E INSTALAÇÃO. AF_06/2022"},{"$f":"IF($D147<>\"Serviço\",\"\",OFFSET(ORÇAMENTO!S$15,ROW(G147)-ROW(G$15),0))","v":"UN"},{"$f":"IF($D147<>\"Serviço\",0,IF(ACOMPANHAMENTO=\"BM\",ROUND(OFFSET(ORÇAMENTO!AJ$15,ROW(H147)-ROW(H$15),0),15-13*ORÇAMENTO!$AF$7),SUMPRODUCT(($Q$12:$AA$12<>\"\")*ROUND($Q147:$AA147,15-13*ORÇAMENTO!$AF$7))))","v":2},null,null,null,".",{"$f":"IF($D147<>\"Serviço\",\"\",IF(AUTOEVENTO=\"manual\",$A147,IF(ISERROR(MATCH($A147,$A$15:OFFSET($A147,-1,0),0)),MAX($M$15:OFFSET(M147,-1,0))+1,INDEX($M$15:OFFSET(M147,-1,0),MATCH($A147,$A$15:OFFSET($A147,-1,0),0)))))","v":9},{"$f":"IF($D147<>\"Serviço\",\"\",IF(AUTOEVENTO=\"Manual\",IF($A147=0,\"<-- defina o número do agrupador\",OFFSET(EVENTOS!$D$14,$A147,0)),OFFSET($F$15,$A147,0)))","v":"INSTALAÇÕES HIDROSSANITÁRIAS"},null,null,null,null,null,null,null,null,null,null,null,null,null,{"$f":"IF(AND($D147=\"Serviço\",AB$12<>0,$H147>0,OR(AUTOEVENTO<>\"manual\",$M147<>1)),\nIF(Import.TipoArredondamento<>\"TransfereGOV\",\nROUND(OFFSET($P147,0,AB$13),15-13*ORÇAMENTO!$AF$7)/$H147*OFFSET(ORÇAMENTO!$X$15,ROW(AB147)-ROW(AB$15),0),\nROUND(ROUND(OFFSET($P147,0,AB$13),15-13*ORÇAMENTO!$AF$7)*OFFSET(ORÇAMENTO!$W$15,ROW(AB147)-ROW(AB$15),0),15-13*ORÇAMENTO!$AF$11)),0)","v":0},{"$f":"IF(AND($D147=\"Serviço\",AC$12<>0,$H147>0,OR(AUTOEVENTO<>\"manual\",$M147<>1)),\nIF(Import.TipoArredondamento<>\"TransfereGOV\",\nROUND(OFFSET($P147,0,AC$13),15-13*ORÇAMENTO!$AF$7)/$H147*OFFSET(ORÇAMENTO!$X$15,ROW(AC147)-ROW(AC$15),0),\nROUND(ROUND(OFFSET($P147,0,AC$13),15-13*ORÇAMENTO!$AF$7)*OFFSET(ORÇAMENTO!$W$15,ROW(AC147)-ROW(AC$15),0),15-13*ORÇAMENTO!$AF$11)),0)","v":0},{"$f":"IF(AND($D147=\"Serviço\",AD$12<>0,$H147>0,OR(AUTOEVENTO<>\"manual\",$M147<>1)),\nIF(Import.TipoArredondamento<>\"TransfereGOV\",\nROUND(OFFSET($P147,0,AD$13),15-13*ORÇAMENTO!$AF$7)/$H147*OFFSET(ORÇAMENTO!$X$15,ROW(AD147)-ROW(AD$15),0),\nROUND(ROUND(OFFSET($P147,0,AD$13),15-13*ORÇAMENTO!$AF$7)*OFFSET(ORÇAMENTO!$W$15,ROW(AD147)-ROW(AD$15),0),15-13*ORÇAMENTO!$AF$11)),0)","v":0},{"$f":"IF(AND($D147=\"Serviço\",AE$12<>0,$H147>0,OR(AUTOEVENTO<>\"manual\",$M147<>1)),\nIF(Import.TipoArredondamento<>\"TransfereGOV\",\nROUND(OFFSET($P147,0,AE$13),15-13*ORÇAMENTO!$AF$7)/$H147*OFFSET(ORÇAMENTO!$X$15,ROW(AE147)-ROW(AE$15),0),\nROUND(ROUND(OFFSET($P147,0,AE$13),15-13*ORÇAMENTO!$AF$7)*OFFSET(ORÇAMENTO!$W$15,ROW(AE147)-ROW(AE$15),0),15-13*ORÇAMENTO!$AF$11)),0)","v":0},{"$f":"IF(AND($D147=\"Serviço\",AF$12<>0,$H147>0,OR(AUTOEVENTO<>\"manual\",$M147<>1)),\nIF(Import.TipoArredondamento<>\"TransfereGOV\",\nROUND(OFFSET($P147,0,AF$13),15-13*ORÇAMENTO!$AF$7)/$H147*OFFSET(ORÇAMENTO!$X$15,ROW(AF147)-ROW(AF$15),0),\nROUND(ROUND(OFFSET($P147,0,AF$13),15-13*ORÇAMENTO!$AF$7)*OFFSET(ORÇAMENTO!$W$15,ROW(AF147)-ROW(AF$15),0),15-13*ORÇAMENTO!$AF$11)),0)","v":0},{"$f":"IF(AND($D147=\"Serviço\",AG$12<>0,$H147>0,OR(AUTOEVENTO<>\"manual\",$M147<>1)),\nIF(Import.TipoArredondamento<>\"TransfereGOV\",\nROUND(OFFSET($P147,0,AG$13),15-13*ORÇAMENTO!$AF$7)/$H147*OFFSET(ORÇAMENTO!$X$15,ROW(AG147)-ROW(AG$15),0),\nROUND(ROUND(OFFSET($P147,0,AG$13),15-13*ORÇAMENTO!$AF$7)*OFFSET(ORÇAMENTO!$W$15,ROW(AG147)-ROW(AG$15),0),15-13*ORÇAMENTO!$AF$11)),0)","v":0},{"$f":"IF(AND($D147=\"Serviço\",AH$12<>0,$H147>0,OR(AUTOEVENTO<>\"manual\",$M147<>1)),\nIF(Import.TipoArredondamento<>\"TransfereGOV\",\nROUND(OFFSET($P147,0,AH$13),15-13*ORÇAMENTO!$AF$7)/$H147*OFFSET(ORÇAMENTO!$X$15,ROW(AH147)-ROW(AH$15),0),\nROUND(ROUND(OFFSET($P147,0,AH$13),15-13*ORÇAMENTO!$AF$7)*OFFSET(ORÇAMENTO!$W$15,ROW(AH147)-ROW(AH$15),0),15-13*ORÇAMENTO!$AF$11)),0)","v":0},{"$f":"IF(AND($D147=\"Serviço\",AI$12<>0,$H147>0,OR(AUTOEVENTO<>\"manual\",$M147<>1)),\nIF(Import.TipoArredondamento<>\"TransfereGOV\",\nROUND(OFFSET($P147,0,AI$13),15-13*ORÇAMENTO!$AF$7)/$H147*OFFSET(ORÇAMENTO!$X$15,ROW(AI147)-ROW(AI$15),0),\nROUND(ROUND(OFFSET($P147,0,AI$13),15-13*ORÇAMENTO!$AF$7)*OFFSET(ORÇAMENTO!$W$15,ROW(AI147)-ROW(AI$15),0),15-13*ORÇAMENTO!$AF$11)),0)","v":0},{"$f":"IF(AND($D147=\"Serviço\",AJ$12<>0,$H147>0,OR(AUTOEVENTO<>\"manual\",$M147<>1)),\nIF(Import.TipoArredondamento<>\"TransfereGOV\",\nROUND(OFFSET($P147,0,AJ$13),15-13*ORÇAMENTO!$AF$7)/$H147*OFFSET(ORÇAMENTO!$X$15,ROW(AJ147)-ROW(AJ$15),0),\nROUND(ROUND(OFFSET($P147,0,AJ$13),15-13*ORÇAMENTO!$AF$7)*OFFSET(ORÇAMENTO!$W$15,ROW(AJ147)-ROW(AJ$15),0),15-13*ORÇAMENTO!$AF$11)),0)","v":0},{"$f":"IF(AND($D147=\"Serviço\",AK$12<>0,$H147>0,OR(AUTOEVENTO<>\"manual\",$M147<>1)),\nIF(Import.TipoArredondamento<>\"TransfereGOV\",\nROUND(OFFSET($P147,0,AK$13),15-13*ORÇAMENTO!$AF$7)/$H147*OFFSET(ORÇAMENTO!$X$15,ROW(AK147)-ROW(AK$15),0),\nROUND(ROUND(OFFSET($P147,0,AK$13),15-13*ORÇAMENTO!$AF$7)*OFFSET(ORÇAMENTO!$W$15,ROW(AK147)-ROW(AK$15),0),15-13*ORÇAMENTO!$AF$11)),0)","v":0},null,{"$f":"IF($D147<>\"Serviço\",0,IF(AND(AUTOEVENTO=\"Manual\",$M147=1),0,IF(OFFSET(CRONOPLE!$F$14,$M147,AM$13)=\"\",10^12,OFFSET(CRONOPLE!$F$14,$M147,AM$13))))","v":1000000000000},{"$f":"IF($D147<>\"Serviço\",0,IF(AND(AUTOEVENTO=\"Manual\",$M147=1),0,IF(OFFSET(CRONOPLE!$F$14,$M147,AN$13)=\"\",10^12,OFFSET(CRONOPLE!$F$14,$M147,AN$13))))","v":1000000000000},{"$f":"IF($D147<>\"Serviço\",0,IF(AND(AUTOEVENTO=\"Manual\",$M147=1),0,IF(OFFSET(CRONOPLE!$F$14,$M147,AO$13)=\"\",10^12,OFFSET(CRONOPLE!$F$14,$M147,AO$13))))","v":1000000000000},{"$f":"IF($D147<>\"Serviço\",0,IF(AND(AUTOEVENTO=\"Manual\",$M147=1),0,IF(OFFSET(CRONOPLE!$F$14,$M147,AP$13)=\"\",10^12,OFFSET(CRONOPLE!$F$14,$M147,AP$13))))","v":1000000000000},{"$f":"IF($D147<>\"Serviço\",0,IF(AND(AUTOEVENTO=\"Manual\",$M147=1),0,IF(OFFSET(CRONOPLE!$F$14,$M147,AQ$13)=\"\",10^12,OFFSET(CRONOPLE!$F$14,$M147,AQ$13))))","v":1000000000000},{"$f":"IF($D147<>\"Serviço\",0,IF(AND(AUTOEVENTO=\"Manual\",$M147=1),0,IF(OFFSET(CRONOPLE!$F$14,$M147,AR$13)=\"\",10^12,OFFSET(CRONOPLE!$F$14,$M147,AR$13))))","v":1000000000000},{"$f":"IF($D147<>\"Serviço\",0,IF(AND(AUTOEVENTO=\"Manual\",$M147=1),0,IF(OFFSET(CRONOPLE!$F$14,$M147,AS$13)=\"\",10^12,OFFSET(CRONOPLE!$F$14,$M147,AS$13))))","v":1000000000000},{"$f":"IF($D147<>\"Serviço\",0,IF(AND(AUTOEVENTO=\"Manual\",$M147=1),0,IF(OFFSET(CRONOPLE!$F$14,$M147,AT$13)=\"\",10^12,OFFSET(CRONOPLE!$F$14,$M147,AT$13))))","v":1000000000000},{"$f":"IF($D147<>\"Serviço\",0,IF(AND(AUTOEVENTO=\"Manual\",$M147=1),0,IF(OFFSET(CRONOPLE!$F$14,$M147,AU$13)=\"\",10^12,OFFSET(CRONOPLE!$F$14,$M147,AU$13))))","v":1000000000000},{"$f":"IF($D147<>\"Serviço\",0,IF(AND(AUTOEVENTO=\"Manual\",$M147=1),0,IF(OFFSET(CRONOPLE!$F$14,$M147,AV$13)=\"\",10^12,OFFSET(CRONOPLE!$F$14,$M147,AV$13))))","v":1000000000000},null,{"$f":"IF($D147<>\"Serviço\",0,IF(OR(AND(AUTOEVENTO=\"Manual\",$M147=1),$M147>(ROW(PLE.lastrow)-ROW(PLE.firstrow))),0,IF(OFFSET(PLE!$G$14,$M147,AX$13)=\"\",10^12,OFFSET(PLE!$G$14,$M147,AX$13))))","v":1000000000000},{"$f":"IF($D147<>\"Serviço\",0,IF(OR(AND(AUTOEVENTO=\"Manual\",$M147=1),$M147>(ROW(PLE.lastrow)-ROW(PLE.firstrow))),0,IF(OFFSET(PLE!$G$14,$M147,AY$13)=\"\",10^12,OFFSET(PLE!$G$14,$M147,AY$13))))","v":1000000000000},{"$f":"IF($D147<>\"Serviço\",0,IF(OR(AND(AUTOEVENTO=\"Manual\",$M147=1),$M147>(ROW(PLE.lastrow)-ROW(PLE.firstrow))),0,IF(OFFSET(PLE!$G$14,$M147,AZ$13)=\"\",10^12,OFFSET(PLE!$G$14,$M147,AZ$13))))","v":1000000000000},{"$f":"IF($D147<>\"Serviço\",0,IF(OR(AND(AUTOEVENTO=\"Manual\",$M147=1),$M147>(ROW(PLE.lastrow)-ROW(PLE.firstrow))),0,IF(OFFSET(PLE!$G$14,$M147,BA$13)=\"\",10^12,OFFSET(PLE!$G$14,$M147,BA$13))))","v":1000000000000},{"$f":"IF($D147<>\"Serviço\",0,IF(OR(AND(AUTOEVENTO=\"Manual\",$M147=1),$M147>(ROW(PLE.lastrow)-ROW(PLE.firstrow))),0,IF(OFFSET(PLE!$G$14,$M147,BB$13)=\"\",10^12,OFFSET(PLE!$G$14,$M147,BB$13))))","v":1000000000000},{"$f":"IF($D147<>\"Serviço\",0,IF(OR(AND(AUTOEVENTO=\"Manual\",$M147=1),$M147>(ROW(PLE.lastrow)-ROW(PLE.firstrow))),0,IF(OFFSET(PLE!$G$14,$M147,BC$13)=\"\",10^12,OFFSET(PLE!$G$14,$M147,BC$13))))","v":1000000000000},{"$f":"IF($D147<>\"Serviço\",0,IF(OR(AND(AUTOEVENTO=\"Manual\",$M147=1),$M147>(ROW(PLE.lastrow)-ROW(PLE.firstrow))),0,IF(OFFSET(PLE!$G$14,$M147,BD$13)=\"\",10^12,OFFSET(PLE!$G$14,$M147,BD$13))))","v":1000000000000},{"$f":"IF($D147<>\"Serviço\",0,IF(OR(AND(AUTOEVENTO=\"Manual\",$M147=1),$M147>(ROW(PLE.lastrow)-ROW(PLE.firstrow))),0,IF(OFFSET(PLE!$G$14,$M147,BE$13)=\"\",10^12,OFFSET(PLE!$G$14,$M147,BE$13))))","v":1000000000000},{"$f":"IF($D147<>\"Serviço\",0,IF(OR(AND(AUTOEVENTO=\"Manual\",$M147=1),$M147>(ROW(PLE.lastrow)-ROW(PLE.firstrow))),0,IF(OFFSET(PLE!$G$14,$M147,BF$13)=\"\",10^12,OFFSET(PLE!$G$14,$M147,BF$13))))","v":1000000000000},{"$f":"IF($D147<>\"Serviço\",0,IF(OR(AND(AUTOEVENTO=\"Manual\",$M147=1),$M147>(ROW(PLE.lastrow)-ROW(PLE.firstrow))),0,IF(OFFSET(PLE!$G$14,$M147,BG$13)=\"\",10^12,OFFSET(PLE!$G$14,$M147,BG$13))))","v":1000000000000}]
["127",{"$f":"OFFSET(ORÇAMENTO!C$15,ROW(B148)-ROW(B$15),0)","v":"S"},{"$f":"OFFSET(ORÇAMENTO!L$15,ROW(C148)-ROW(C$15),0)","v":"F"},{"$f":"OFFSET(ORÇAMENTO!N$15,ROW(D148)-ROW(D$15),0)","v":"Serviço"},{"$f":"OFFSET(ORÇAMENTO!O$15,ROW(E148)-ROW(E$15),0)","v":"1.8.1.5."},{"$f":"OFFSET(ORÇAMENTO!R$15,ROW(F148)-ROW(F$15),0)","v":"TE, PVC, SOLDÁVEL, DN 25MM, INSTALADO EM RAMAL OU SUB-RAMAL DE ÁGUA - FORNECIMENTO E INSTALAÇÃO. AF_06/2022"},{"$f":"IF($D148<>\"Serviço\",\"\",OFFSET(ORÇAMENTO!S$15,ROW(G148)-ROW(G$15),0))","v":"UN"},{"$f":"IF($D148<>\"Serviço\",0,IF(ACOMPANHAMENTO=\"BM\",ROUND(OFFSET(ORÇAMENTO!AJ$15,ROW(H148)-ROW(H$15),0),15-13*ORÇAMENTO!$AF$7),SUMPRODUCT(($Q$12:$AA$12<>\"\")*ROUND($Q148:$AA148,15-13*ORÇAMENTO!$AF$7))))","v":5},null,null,null,".",{"$f":"IF($D148<>\"Serviço\",\"\",IF(AUTOEVENTO=\"manual\",$A148,IF(ISERROR(MATCH($A148,$A$15:OFFSET($A148,-1,0),0)),MAX($M$15:OFFSET(M148,-1,0))+1,INDEX($M$15:OFFSET(M148,-1,0),MATCH($A148,$A$15:OFFSET($A148,-1,0),0)))))","v":9},{"$f":"IF($D148<>\"Serviço\",\"\",IF(AUTOEVENTO=\"Manual\",IF($A148=0,\"<-- defina o número do agrupador\",OFFSET(EVENTOS!$D$14,$A148,0)),OFFSET($F$15,$A148,0)))","v":"INSTALAÇÕES HIDROSSANITÁRIAS"},null,null,null,null,null,null,null,null,null,null,null,null,null,{"$f":"IF(AND($D148=\"Serviço\",AB$12<>0,$H148>0,OR(AUTOEVENTO<>\"manual\",$M148<>1)),\nIF(Import.TipoArredondamento<>\"TransfereGOV\",\nROUND(OFFSET($P148,0,AB$13),15-13*ORÇAMENTO!$AF$7)/$H148*OFFSET(ORÇAMENTO!$X$15,ROW(AB148)-ROW(AB$15),0),\nROUND(ROUND(OFFSET($P148,0,AB$13),15-13*ORÇAMENTO!$AF$7)*OFFSET(ORÇAMENTO!$W$15,ROW(AB148)-ROW(AB$15),0),15-13*ORÇAMENTO!$AF$11)),0)","v":0},{"$f":"IF(AND($D148=\"Serviço\",AC$12<>0,$H148>0,OR(AUTOEVENTO<>\"manual\",$M148<>1)),\nIF(Import.TipoArredondamento<>\"TransfereGOV\",\nROUND(OFFSET($P148,0,AC$13),15-13*ORÇAMENTO!$AF$7)/$H148*OFFSET(ORÇAMENTO!$X$15,ROW(AC148)-ROW(AC$15),0),\nROUND(ROUND(OFFSET($P148,0,AC$13),15-13*ORÇAMENTO!$AF$7)*OFFSET(ORÇAMENTO!$W$15,ROW(AC148)-ROW(AC$15),0),15-13*ORÇAMENTO!$AF$11)),0)","v":0},{"$f":"IF(AND($D148=\"Serviço\",AD$12<>0,$H148>0,OR(AUTOEVENTO<>\"manual\",$M148<>1)),\nIF(Import.TipoArredondamento<>\"TransfereGOV\",\nROUND(OFFSET($P148,0,AD$13),15-13*ORÇAMENTO!$AF$7)/$H148*OFFSET(ORÇAMENTO!$X$15,ROW(AD148)-ROW(AD$15),0),\nROUND(ROUND(OFFSET($P148,0,AD$13),15-13*ORÇAMENTO!$AF$7)*OFFSET(ORÇAMENTO!$W$15,ROW(AD148)-ROW(AD$15),0),15-13*ORÇAMENTO!$AF$11)),0)","v":0},{"$f":"IF(AND($D148=\"Serviço\",AE$12<>0,$H148>0,OR(AUTOEVENTO<>\"manual\",$M148<>1)),\nIF(Import.TipoArredondamento<>\"TransfereGOV\",\nROUND(OFFSET($P148,0,AE$13),15-13*ORÇAMENTO!$AF$7)/$H148*OFFSET(ORÇAMENTO!$X$15,ROW(AE148)-ROW(AE$15),0),\nROUND(ROUND(OFFSET($P148,0,AE$13),15-13*ORÇAMENTO!$AF$7)*OFFSET(ORÇAMENTO!$W$15,ROW(AE148)-ROW(AE$15),0),15-13*ORÇAMENTO!$AF$11)),0)","v":0},{"$f":"IF(AND($D148=\"Serviço\",AF$12<>0,$H148>0,OR(AUTOEVENTO<>\"manual\",$M148<>1)),\nIF(Import.TipoArredondamento<>\"TransfereGOV\",\nROUND(OFFSET($P148,0,AF$13),15-13*ORÇAMENTO!$AF$7)/$H148*OFFSET(ORÇAMENTO!$X$15,ROW(AF148)-ROW(AF$15),0),\nROUND(ROUND(OFFSET($P148,0,AF$13),15-13*ORÇAMENTO!$AF$7)*OFFSET(ORÇAMENTO!$W$15,ROW(AF148)-ROW(AF$15),0),15-13*ORÇAMENTO!$AF$11)),0)","v":0},{"$f":"IF(AND($D148=\"Serviço\",AG$12<>0,$H148>0,OR(AUTOEVENTO<>\"manual\",$M148<>1)),\nIF(Import.TipoArredondamento<>\"TransfereGOV\",\nROUND(OFFSET($P148,0,AG$13),15-13*ORÇAMENTO!$AF$7)/$H148*OFFSET(ORÇAMENTO!$X$15,ROW(AG148)-ROW(AG$15),0),\nROUND(ROUND(OFFSET($P148,0,AG$13),15-13*ORÇAMENTO!$AF$7)*OFFSET(ORÇAMENTO!$W$15,ROW(AG148)-ROW(AG$15),0),15-13*ORÇAMENTO!$AF$11)),0)","v":0},{"$f":"IF(AND($D148=\"Serviço\",AH$12<>0,$H148>0,OR(AUTOEVENTO<>\"manual\",$M148<>1)),\nIF(Import.TipoArredondamento<>\"TransfereGOV\",\nROUND(OFFSET($P148,0,AH$13),15-13*ORÇAMENTO!$AF$7)/$H148*OFFSET(ORÇAMENTO!$X$15,ROW(AH148)-ROW(AH$15),0),\nROUND(ROUND(OFFSET($P148,0,AH$13),15-13*ORÇAMENTO!$AF$7)*OFFSET(ORÇAMENTO!$W$15,ROW(AH148)-ROW(AH$15),0),15-13*ORÇAMENTO!$AF$11)),0)","v":0},{"$f":"IF(AND($D148=\"Serviço\",AI$12<>0,$H148>0,OR(AUTOEVENTO<>\"manual\",$M148<>1)),\nIF(Import.TipoArredondamento<>\"TransfereGOV\",\nROUND(OFFSET($P148,0,AI$13),15-13*ORÇAMENTO!$AF$7)/$H148*OFFSET(ORÇAMENTO!$X$15,ROW(AI148)-ROW(AI$15),0),\nROUND(ROUND(OFFSET($P148,0,AI$13),15-13*ORÇAMENTO!$AF$7)*OFFSET(ORÇAMENTO!$W$15,ROW(AI148)-ROW(AI$15),0),15-13*ORÇAMENTO!$AF$11)),0)","v":0},{"$f":"IF(AND($D148=\"Serviço\",AJ$12<>0,$H148>0,OR(AUTOEVENTO<>\"manual\",$M148<>1)),\nIF(Import.TipoArredondamento<>\"TransfereGOV\",\nROUND(OFFSET($P148,0,AJ$13),15-13*ORÇAMENTO!$AF$7)/$H148*OFFSET(ORÇAMENTO!$X$15,ROW(AJ148)-ROW(AJ$15),0),\nROUND(ROUND(OFFSET($P148,0,AJ$13),15-13*ORÇAMENTO!$AF$7)*OFFSET(ORÇAMENTO!$W$15,ROW(AJ148)-ROW(AJ$15),0),15-13*ORÇAMENTO!$AF$11)),0)","v":0},{"$f":"IF(AND($D148=\"Serviço\",AK$12<>0,$H148>0,OR(AUTOEVENTO<>\"manual\",$M148<>1)),\nIF(Import.TipoArredondamento<>\"TransfereGOV\",\nROUND(OFFSET($P148,0,AK$13),15-13*ORÇAMENTO!$AF$7)/$H148*OFFSET(ORÇAMENTO!$X$15,ROW(AK148)-ROW(AK$15),0),\nROUND(ROUND(OFFSET($P148,0,AK$13),15-13*ORÇAMENTO!$AF$7)*OFFSET(ORÇAMENTO!$W$15,ROW(AK148)-ROW(AK$15),0),15-13*ORÇAMENTO!$AF$11)),0)","v":0},null,{"$f":"IF($D148<>\"Serviço\",0,IF(AND(AUTOEVENTO=\"Manual\",$M148=1),0,IF(OFFSET(CRONOPLE!$F$14,$M148,AM$13)=\"\",10^12,OFFSET(CRONOPLE!$F$14,$M148,AM$13))))","v":1000000000000},{"$f":"IF($D148<>\"Serviço\",0,IF(AND(AUTOEVENTO=\"Manual\",$M148=1),0,IF(OFFSET(CRONOPLE!$F$14,$M148,AN$13)=\"\",10^12,OFFSET(CRONOPLE!$F$14,$M148,AN$13))))","v":1000000000000},{"$f":"IF($D148<>\"Serviço\",0,IF(AND(AUTOEVENTO=\"Manual\",$M148=1),0,IF(OFFSET(CRONOPLE!$F$14,$M148,AO$13)=\"\",10^12,OFFSET(CRONOPLE!$F$14,$M148,AO$13))))","v":1000000000000},{"$f":"IF($D148<>\"Serviço\",0,IF(AND(AUTOEVENTO=\"Manual\",$M148=1),0,IF(OFFSET(CRONOPLE!$F$14,$M148,AP$13)=\"\",10^12,OFFSET(CRONOPLE!$F$14,$M148,AP$13))))","v":1000000000000},{"$f":"IF($D148<>\"Serviço\",0,IF(AND(AUTOEVENTO=\"Manual\",$M148=1),0,IF(OFFSET(CRONOPLE!$F$14,$M148,AQ$13)=\"\",10^12,OFFSET(CRONOPLE!$F$14,$M148,AQ$13))))","v":1000000000000},{"$f":"IF($D148<>\"Serviço\",0,IF(AND(AUTOEVENTO=\"Manual\",$M148=1),0,IF(OFFSET(CRONOPLE!$F$14,$M148,AR$13)=\"\",10^12,OFFSET(CRONOPLE!$F$14,$M148,AR$13))))","v":1000000000000},{"$f":"IF($D148<>\"Serviço\",0,IF(AND(AUTOEVENTO=\"Manual\",$M148=1),0,IF(OFFSET(CRONOPLE!$F$14,$M148,AS$13)=\"\",10^12,OFFSET(CRONOPLE!$F$14,$M148,AS$13))))","v":1000000000000},{"$f":"IF($D148<>\"Serviço\",0,IF(AND(AUTOEVENTO=\"Manual\",$M148=1),0,IF(OFFSET(CRONOPLE!$F$14,$M148,AT$13)=\"\",10^12,OFFSET(CRONOPLE!$F$14,$M148,AT$13))))","v":1000000000000},{"$f":"IF($D148<>\"Serviço\",0,IF(AND(AUTOEVENTO=\"Manual\",$M148=1),0,IF(OFFSET(CRONOPLE!$F$14,$M148,AU$13)=\"\",10^12,OFFSET(CRONOPLE!$F$14,$M148,AU$13))))","v":1000000000000},{"$f":"IF($D148<>\"Serviço\",0,IF(AND(AUTOEVENTO=\"Manual\",$M148=1),0,IF(OFFSET(CRONOPLE!$F$14,$M148,AV$13)=\"\",10^12,OFFSET(CRONOPLE!$F$14,$M148,AV$13))))","v":1000000000000},null,{"$f":"IF($D148<>\"Serviço\",0,IF(OR(AND(AUTOEVENTO=\"Manual\",$M148=1),$M148>(ROW(PLE.lastrow)-ROW(PLE.firstrow))),0,IF(OFFSET(PLE!$G$14,$M148,AX$13)=\"\",10^12,OFFSET(PLE!$G$14,$M148,AX$13))))","v":1000000000000},{"$f":"IF($D148<>\"Serviço\",0,IF(OR(AND(AUTOEVENTO=\"Manual\",$M148=1),$M148>(ROW(PLE.lastrow)-ROW(PLE.firstrow))),0,IF(OFFSET(PLE!$G$14,$M148,AY$13)=\"\",10^12,OFFSET(PLE!$G$14,$M148,AY$13))))","v":1000000000000},{"$f":"IF($D148<>\"Serviço\",0,IF(OR(AND(AUTOEVENTO=\"Manual\",$M148=1),$M148>(ROW(PLE.lastrow)-ROW(PLE.firstrow))),0,IF(OFFSET(PLE!$G$14,$M148,AZ$13)=\"\",10^12,OFFSET(PLE!$G$14,$M148,AZ$13))))","v":1000000000000},{"$f":"IF($D148<>\"Serviço\",0,IF(OR(AND(AUTOEVENTO=\"Manual\",$M148=1),$M148>(ROW(PLE.lastrow)-ROW(PLE.firstrow))),0,IF(OFFSET(PLE!$G$14,$M148,BA$13)=\"\",10^12,OFFSET(PLE!$G$14,$M148,BA$13))))","v":1000000000000},{"$f":"IF($D148<>\"Serviço\",0,IF(OR(AND(AUTOEVENTO=\"Manual\",$M148=1),$M148>(ROW(PLE.lastrow)-ROW(PLE.firstrow))),0,IF(OFFSET(PLE!$G$14,$M148,BB$13)=\"\",10^12,OFFSET(PLE!$G$14,$M148,BB$13))))","v":1000000000000},{"$f":"IF($D148<>\"Serviço\",0,IF(OR(AND(AUTOEVENTO=\"Manual\",$M148=1),$M148>(ROW(PLE.lastrow)-ROW(PLE.firstrow))),0,IF(OFFSET(PLE!$G$14,$M148,BC$13)=\"\",10^12,OFFSET(PLE!$G$14,$M148,BC$13))))","v":1000000000000},{"$f":"IF($D148<>\"Serviço\",0,IF(OR(AND(AUTOEVENTO=\"Manual\",$M148=1),$M148>(ROW(PLE.lastrow)-ROW(PLE.firstrow))),0,IF(OFFSET(PLE!$G$14,$M148,BD$13)=\"\",10^12,OFFSET(PLE!$G$14,$M148,BD$13))))","v":1000000000000},{"$f":"IF($D148<>\"Serviço\",0,IF(OR(AND(AUTOEVENTO=\"Manual\",$M148=1),$M148>(ROW(PLE.lastrow)-ROW(PLE.firstrow))),0,IF(OFFSET(PLE!$G$14,$M148,BE$13)=\"\",10^12,OFFSET(PLE!$G$14,$M148,BE$13))))","v":1000000000000},{"$f":"IF($D148<>\"Serviço\",0,IF(OR(AND(AUTOEVENTO=\"Manual\",$M148=1),$M148>(ROW(PLE.lastrow)-ROW(PLE.firstrow))),0,IF(OFFSET(PLE!$G$14,$M148,BF$13)=\"\",10^12,OFFSET(PLE!$G$14,$M148,BF$13))))","v":1000000000000},{"$f":"IF($D148<>\"Serviço\",0,IF(OR(AND(AUTOEVENTO=\"Manual\",$M148=1),$M148>(ROW(PLE.lastrow)-ROW(PLE.firstrow))),0,IF(OFFSET(PLE!$G$14,$M148,BG$13)=\"\",10^12,OFFSET(PLE!$G$14,$M148,BG$13))))","v":1000000000000}]
["127",{"$f":"OFFSET(ORÇAMENTO!C$15,ROW(B149)-ROW(B$15),0)","v":"S"},{"$f":"OFFSET(ORÇAMENTO!L$15,ROW(C149)-ROW(C$15),0)","v":"F"},{"$f":"OFFSET(ORÇAMENTO!N$15,ROW(D149)-ROW(D$15),0)","v":"Serviço"},{"$f":"OFFSET(ORÇAMENTO!O$15,ROW(E149)-ROW(E$15),0)","v":"1.8.1.6."},{"$f":"OFFSET(ORÇAMENTO!R$15,ROW(F149)-ROW(F$15),0)","v":"TE, PVC, SOLDÁVEL, DN 32MM, INSTALADO EM RAMAL OU SUB-RAMAL DE ÁGUA - FORNECIMENTO E INSTALAÇÃO. AF_06/2022"},{"$f":"IF($D149<>\"Serviço\",\"\",OFFSET(ORÇAMENTO!S$15,ROW(G149)-ROW(G$15),0))","v":"UN"},{"$f":"IF($D149<>\"Serviço\",0,IF(ACOMPANHAMENTO=\"BM\",ROUND(OFFSET(ORÇAMENTO!AJ$15,ROW(H149)-ROW(H$15),0),15-13*ORÇAMENTO!$AF$7),SUMPRODUCT(($Q$12:$AA$12<>\"\")*ROUND($Q149:$AA149,15-13*ORÇAMENTO!$AF$7))))","v":1},null,null,null,".",{"$f":"IF($D149<>\"Serviço\",\"\",IF(AUTOEVENTO=\"manual\",$A149,IF(ISERROR(MATCH($A149,$A$15:OFFSET($A149,-1,0),0)),MAX($M$15:OFFSET(M149,-1,0))+1,INDEX($M$15:OFFSET(M149,-1,0),MATCH($A149,$A$15:OFFSET($A149,-1,0),0)))))","v":9},{"$f":"IF($D149<>\"Serviço\",\"\",IF(AUTOEVENTO=\"Manual\",IF($A149=0,\"<-- defina o número do agrupador\",OFFSET(EVENTOS!$D$14,$A149,0)),OFFSET($F$15,$A149,0)))","v":"INSTALAÇÕES HIDROSSANITÁRIAS"},null,null,null,null,null,null,null,null,null,null,null,null,null,{"$f":"IF(AND($D149=\"Serviço\",AB$12<>0,$H149>0,OR(AUTOEVENTO<>\"manual\",$M149<>1)),\nIF(Import.TipoArredondamento<>\"TransfereGOV\",\nROUND(OFFSET($P149,0,AB$13),15-13*ORÇAMENTO!$AF$7)/$H149*OFFSET(ORÇAMENTO!$X$15,ROW(AB149)-ROW(AB$15),0),\nROUND(ROUND(OFFSET($P149,0,AB$13),15-13*ORÇAMENTO!$AF$7)*OFFSET(ORÇAMENTO!$W$15,ROW(AB149)-ROW(AB$15),0),15-13*ORÇAMENTO!$AF$11)),0)","v":0},{"$f":"IF(AND($D149=\"Serviço\",AC$12<>0,$H149>0,OR(AUTOEVENTO<>\"manual\",$M149<>1)),\nIF(Import.TipoArredondamento<>\"TransfereGOV\",\nROUND(OFFSET($P149,0,AC$13),15-13*ORÇAMENTO!$AF$7)/$H149*OFFSET(ORÇAMENTO!$X$15,ROW(AC149)-ROW(AC$15),0),\nROUND(ROUND(OFFSET($P149,0,AC$13),15-13*ORÇAMENTO!$AF$7)*OFFSET(ORÇAMENTO!$W$15,ROW(AC149)-ROW(AC$15),0),15-13*ORÇAMENTO!$AF$11)),0)","v":0},{"$f":"IF(AND($D149=\"Serviço\",AD$12<>0,$H149>0,OR(AUTOEVENTO<>\"manual\",$M149<>1)),\nIF(Import.TipoArredondamento<>\"TransfereGOV\",\nROUND(OFFSET($P149,0,AD$13),15-13*ORÇAMENTO!$AF$7)/$H149*OFFSET(ORÇAMENTO!$X$15,ROW(AD149)-ROW(AD$15),0),\nROUND(ROUND(OFFSET($P149,0,AD$13),15-13*ORÇAMENTO!$AF$7)*OFFSET(ORÇAMENTO!$W$15,ROW(AD149)-ROW(AD$15),0),15-13*ORÇAMENTO!$AF$11)),0)","v":0},{"$f":"IF(AND($D149=\"Serviço\",AE$12<>0,$H149>0,OR(AUTOEVENTO<>\"manual\",$M149<>1)),\nIF(Import.TipoArredondamento<>\"TransfereGOV\",\nROUND(OFFSET($P149,0,AE$13),15-13*ORÇAMENTO!$AF$7)/$H149*OFFSET(ORÇAMENTO!$X$15,ROW(AE149)-ROW(AE$15),0),\nROUND(ROUND(OFFSET($P149,0,AE$13),15-13*ORÇAMENTO!$AF$7)*OFFSET(ORÇAMENTO!$W$15,ROW(AE149)-ROW(AE$15),0),15-13*ORÇAMENTO!$AF$11)),0)","v":0},{"$f":"IF(AND($D149=\"Serviço\",AF$12<>0,$H149>0,OR(AUTOEVENTO<>\"manual\",$M149<>1)),\nIF(Import.TipoArredondamento<>\"TransfereGOV\",\nROUND(OFFSET($P149,0,AF$13),15-13*ORÇAMENTO!$AF$7)/$H149*OFFSET(ORÇAMENTO!$X$15,ROW(AF149)-ROW(AF$15),0),\nROUND(ROUND(OFFSET($P149,0,AF$13),15-13*ORÇAMENTO!$AF$7)*OFFSET(ORÇAMENTO!$W$15,ROW(AF149)-ROW(AF$15),0),15-13*ORÇAMENTO!$AF$11)),0)","v":0},{"$f":"IF(AND($D149=\"Serviço\",AG$12<>0,$H149>0,OR(AUTOEVENTO<>\"manual\",$M149<>1)),\nIF(Import.TipoArredondamento<>\"TransfereGOV\",\nROUND(OFFSET($P149,0,AG$13),15-13*ORÇAMENTO!$AF$7)/$H149*OFFSET(ORÇAMENTO!$X$15,ROW(AG149)-ROW(AG$15),0),\nROUND(ROUND(OFFSET($P149,0,AG$13),15-13*ORÇAMENTO!$AF$7)*OFFSET(ORÇAMENTO!$W$15,ROW(AG149)-ROW(AG$15),0),15-13*ORÇAMENTO!$AF$11)),0)","v":0},{"$f":"IF(AND($D149=\"Serviço\",AH$12<>0,$H149>0,OR(AUTOEVENTO<>\"manual\",$M149<>1)),\nIF(Import.TipoArredondamento<>\"TransfereGOV\",\nROUND(OFFSET($P149,0,AH$13),15-13*ORÇAMENTO!$AF$7)/$H149*OFFSET(ORÇAMENTO!$X$15,ROW(AH149)-ROW(AH$15),0),\nROUND(ROUND(OFFSET($P149,0,AH$13),15-13*ORÇAMENTO!$AF$7)*OFFSET(ORÇAMENTO!$W$15,ROW(AH149)-ROW(AH$15),0),15-13*ORÇAMENTO!$AF$11)),0)","v":0},{"$f":"IF(AND($D149=\"Serviço\",AI$12<>0,$H149>0,OR(AUTOEVENTO<>\"manual\",$M149<>1)),\nIF(Import.TipoArredondamento<>\"TransfereGOV\",\nROUND(OFFSET($P149,0,AI$13),15-13*ORÇAMENTO!$AF$7)/$H149*OFFSET(ORÇAMENTO!$X$15,ROW(AI149)-ROW(AI$15),0),\nROUND(ROUND(OFFSET($P149,0,AI$13),15-13*ORÇAMENTO!$AF$7)*OFFSET(ORÇAMENTO!$W$15,ROW(AI149)-ROW(AI$15),0),15-13*ORÇAMENTO!$AF$11)),0)","v":0},{"$f":"IF(AND($D149=\"Serviço\",AJ$12<>0,$H149>0,OR(AUTOEVENTO<>\"manual\",$M149<>1)),\nIF(Import.TipoArredondamento<>\"TransfereGOV\",\nROUND(OFFSET($P149,0,AJ$13),15-13*ORÇAMENTO!$AF$7)/$H149*OFFSET(ORÇAMENTO!$X$15,ROW(AJ149)-ROW(AJ$15),0),\nROUND(ROUND(OFFSET($P149,0,AJ$13),15-13*ORÇAMENTO!$AF$7)*OFFSET(ORÇAMENTO!$W$15,ROW(AJ149)-ROW(AJ$15),0),15-13*ORÇAMENTO!$AF$11)),0)","v":0},{"$f":"IF(AND($D149=\"Serviço\",AK$12<>0,$H149>0,OR(AUTOEVENTO<>\"manual\",$M149<>1)),\nIF(Import.TipoArredondamento<>\"TransfereGOV\",\nROUND(OFFSET($P149,0,AK$13),15-13*ORÇAMENTO!$AF$7)/$H149*OFFSET(ORÇAMENTO!$X$15,ROW(AK149)-ROW(AK$15),0),\nROUND(ROUND(OFFSET($P149,0,AK$13),15-13*ORÇAMENTO!$AF$7)*OFFSET(ORÇAMENTO!$W$15,ROW(AK149)-ROW(AK$15),0),15-13*ORÇAMENTO!$AF$11)),0)","v":0},null,{"$f":"IF($D149<>\"Serviço\",0,IF(AND(AUTOEVENTO=\"Manual\",$M149=1),0,IF(OFFSET(CRONOPLE!$F$14,$M149,AM$13)=\"\",10^12,OFFSET(CRONOPLE!$F$14,$M149,AM$13))))","v":1000000000000},{"$f":"IF($D149<>\"Serviço\",0,IF(AND(AUTOEVENTO=\"Manual\",$M149=1),0,IF(OFFSET(CRONOPLE!$F$14,$M149,AN$13)=\"\",10^12,OFFSET(CRONOPLE!$F$14,$M149,AN$13))))","v":1000000000000},{"$f":"IF($D149<>\"Serviço\",0,IF(AND(AUTOEVENTO=\"Manual\",$M149=1),0,IF(OFFSET(CRONOPLE!$F$14,$M149,AO$13)=\"\",10^12,OFFSET(CRONOPLE!$F$14,$M149,AO$13))))","v":1000000000000},{"$f":"IF($D149<>\"Serviço\",0,IF(AND(AUTOEVENTO=\"Manual\",$M149=1),0,IF(OFFSET(CRONOPLE!$F$14,$M149,AP$13)=\"\",10^12,OFFSET(CRONOPLE!$F$14,$M149,AP$13))))","v":1000000000000},{"$f":"IF($D149<>\"Serviço\",0,IF(AND(AUTOEVENTO=\"Manual\",$M149=1),0,IF(OFFSET(CRONOPLE!$F$14,$M149,AQ$13)=\"\",10^12,OFFSET(CRONOPLE!$F$14,$M149,AQ$13))))","v":1000000000000},{"$f":"IF($D149<>\"Serviço\",0,IF(AND(AUTOEVENTO=\"Manual\",$M149=1),0,IF(OFFSET(CRONOPLE!$F$14,$M149,AR$13)=\"\",10^12,OFFSET(CRONOPLE!$F$14,$M149,AR$13))))","v":1000000000000},{"$f":"IF($D149<>\"Serviço\",0,IF(AND(AUTOEVENTO=\"Manual\",$M149=1),0,IF(OFFSET(CRONOPLE!$F$14,$M149,AS$13)=\"\",10^12,OFFSET(CRONOPLE!$F$14,$M149,AS$13))))","v":1000000000000},{"$f":"IF($D149<>\"Serviço\",0,IF(AND(AUTOEVENTO=\"Manual\",$M149=1),0,IF(OFFSET(CRONOPLE!$F$14,$M149,AT$13)=\"\",10^12,OFFSET(CRONOPLE!$F$14,$M149,AT$13))))","v":1000000000000},{"$f":"IF($D149<>\"Serviço\",0,IF(AND(AUTOEVENTO=\"Manual\",$M149=1),0,IF(OFFSET(CRONOPLE!$F$14,$M149,AU$13)=\"\",10^12,OFFSET(CRONOPLE!$F$14,$M149,AU$13))))","v":1000000000000},{"$f":"IF($D149<>\"Serviço\",0,IF(AND(AUTOEVENTO=\"Manual\",$M149=1),0,IF(OFFSET(CRONOPLE!$F$14,$M149,AV$13)=\"\",10^12,OFFSET(CRONOPLE!$F$14,$M149,AV$13))))","v":1000000000000},null,{"$f":"IF($D149<>\"Serviço\",0,IF(OR(AND(AUTOEVENTO=\"Manual\",$M149=1),$M149>(ROW(PLE.lastrow)-ROW(PLE.firstrow))),0,IF(OFFSET(PLE!$G$14,$M149,AX$13)=\"\",10^12,OFFSET(PLE!$G$14,$M149,AX$13))))","v":1000000000000},{"$f":"IF($D149<>\"Serviço\",0,IF(OR(AND(AUTOEVENTO=\"Manual\",$M149=1),$M149>(ROW(PLE.lastrow)-ROW(PLE.firstrow))),0,IF(OFFSET(PLE!$G$14,$M149,AY$13)=\"\",10^12,OFFSET(PLE!$G$14,$M149,AY$13))))","v":1000000000000},{"$f":"IF($D149<>\"Serviço\",0,IF(OR(AND(AUTOEVENTO=\"Manual\",$M149=1),$M149>(ROW(PLE.lastrow)-ROW(PLE.firstrow))),0,IF(OFFSET(PLE!$G$14,$M149,AZ$13)=\"\",10^12,OFFSET(PLE!$G$14,$M149,AZ$13))))","v":1000000000000},{"$f":"IF($D149<>\"Serviço\",0,IF(OR(AND(AUTOEVENTO=\"Manual\",$M149=1),$M149>(ROW(PLE.lastrow)-ROW(PLE.firstrow))),0,IF(OFFSET(PLE!$G$14,$M149,BA$13)=\"\",10^12,OFFSET(PLE!$G$14,$M149,BA$13))))","v":1000000000000},{"$f":"IF($D149<>\"Serviço\",0,IF(OR(AND(AUTOEVENTO=\"Manual\",$M149=1),$M149>(ROW(PLE.lastrow)-ROW(PLE.firstrow))),0,IF(OFFSET(PLE!$G$14,$M149,BB$13)=\"\",10^12,OFFSET(PLE!$G$14,$M149,BB$13))))","v":1000000000000},{"$f":"IF($D149<>\"Serviço\",0,IF(OR(AND(AUTOEVENTO=\"Manual\",$M149=1),$M149>(ROW(PLE.lastrow)-ROW(PLE.firstrow))),0,IF(OFFSET(PLE!$G$14,$M149,BC$13)=\"\",10^12,OFFSET(PLE!$G$14,$M149,BC$13))))","v":1000000000000},{"$f":"IF($D149<>\"Serviço\",0,IF(OR(AND(AUTOEVENTO=\"Manual\",$M149=1),$M149>(ROW(PLE.lastrow)-ROW(PLE.firstrow))),0,IF(OFFSET(PLE!$G$14,$M149,BD$13)=\"\",10^12,OFFSET(PLE!$G$14,$M149,BD$13))))","v":1000000000000},{"$f":"IF($D149<>\"Serviço\",0,IF(OR(AND(AUTOEVENTO=\"Manual\",$M149=1),$M149>(ROW(PLE.lastrow)-ROW(PLE.firstrow))),0,IF(OFFSET(PLE!$G$14,$M149,BE$13)=\"\",10^12,OFFSET(PLE!$G$14,$M149,BE$13))))","v":1000000000000},{"$f":"IF($D149<>\"Serviço\",0,IF(OR(AND(AUTOEVENTO=\"Manual\",$M149=1),$M149>(ROW(PLE.lastrow)-ROW(PLE.firstrow))),0,IF(OFFSET(PLE!$G$14,$M149,BF$13)=\"\",10^12,OFFSET(PLE!$G$14,$M149,BF$13))))","v":1000000000000},{"$f":"IF($D149<>\"Serviço\",0,IF(OR(AND(AUTOEVENTO=\"Manual\",$M149=1),$M149>(ROW(PLE.lastrow)-ROW(PLE.firstrow))),0,IF(OFFSET(PLE!$G$14,$M149,BG$13)=\"\",10^12,OFFSET(PLE!$G$14,$M149,BG$13))))","v":1000000000000}]
["127",{"$f":"OFFSET(ORÇAMENTO!C$15,ROW(B150)-ROW(B$15),0)","v":"S"},{"$f":"OFFSET(ORÇAMENTO!L$15,ROW(C150)-ROW(C$15),0)","v":"F"},{"$f":"OFFSET(ORÇAMENTO!N$15,ROW(D150)-ROW(D$15),0)","v":"Serviço"},{"$f":"OFFSET(ORÇAMENTO!O$15,ROW(E150)-ROW(E$15),0)","v":"1.8.1.7."},{"$f":"OFFSET(ORÇAMENTO!R$15,ROW(F150)-ROW(F$15),0)","v":"LUVA, PVC, SOLDÁVEL, DN 25MM, INSTALADO EM RAMAL OU SUB-RAMAL DE ÁGUA - FORNECIMENTO E INSTALAÇÃO. AF_06/2022"},{"$f":"IF($D150<>\"Serviço\",\"\",OFFSET(ORÇAMENTO!S$15,ROW(G150)-ROW(G$15),0))","v":"UN"},{"$f":"IF($D150<>\"Serviço\",0,IF(ACOMPANHAMENTO=\"BM\",ROUND(OFFSET(ORÇAMENTO!AJ$15,ROW(H150)-ROW(H$15),0),15-13*ORÇAMENTO!$AF$7),SUMPRODUCT(($Q$12:$AA$12<>\"\")*ROUND($Q150:$AA150,15-13*ORÇAMENTO!$AF$7))))","v":5},null,null,null,".",{"$f":"IF($D150<>\"Serviço\",\"\",IF(AUTOEVENTO=\"manual\",$A150,IF(ISERROR(MATCH($A150,$A$15:OFFSET($A150,-1,0),0)),MAX($M$15:OFFSET(M150,-1,0))+1,INDEX($M$15:OFFSET(M150,-1,0),MATCH($A150,$A$15:OFFSET($A150,-1,0),0)))))","v":9},{"$f":"IF($D150<>\"Serviço\",\"\",IF(AUTOEVENTO=\"Manual\",IF($A150=0,\"<-- defina o número do agrupador\",OFFSET(EVENTOS!$D$14,$A150,0)),OFFSET($F$15,$A150,0)))","v":"INSTALAÇÕES HIDROSSANITÁRIAS"},null,null,null,null,null,null,null,null,null,null,null,null,null,{"$f":"IF(AND($D150=\"Serviço\",AB$12<>0,$H150>0,OR(AUTOEVENTO<>\"manual\",$M150<>1)),\nIF(Import.TipoArredondamento<>\"TransfereGOV\",\nROUND(OFFSET($P150,0,AB$13),15-13*ORÇAMENTO!$AF$7)/$H150*OFFSET(ORÇAMENTO!$X$15,ROW(AB150)-ROW(AB$15),0),\nROUND(ROUND(OFFSET($P150,0,AB$13),15-13*ORÇAMENTO!$AF$7)*OFFSET(ORÇAMENTO!$W$15,ROW(AB150)-ROW(AB$15),0),15-13*ORÇAMENTO!$AF$11)),0)","v":0},{"$f":"IF(AND($D150=\"Serviço\",AC$12<>0,$H150>0,OR(AUTOEVENTO<>\"manual\",$M150<>1)),\nIF(Import.TipoArredondamento<>\"TransfereGOV\",\nROUND(OFFSET($P150,0,AC$13),15-13*ORÇAMENTO!$AF$7)/$H150*OFFSET(ORÇAMENTO!$X$15,ROW(AC150)-ROW(AC$15),0),\nROUND(ROUND(OFFSET($P150,0,AC$13),15-13*ORÇAMENTO!$AF$7)*OFFSET(ORÇAMENTO!$W$15,ROW(AC150)-ROW(AC$15),0),15-13*ORÇAMENTO!$AF$11)),0)","v":0},{"$f":"IF(AND($D150=\"Serviço\",AD$12<>0,$H150>0,OR(AUTOEVENTO<>\"manual\",$M150<>1)),\nIF(Import.TipoArredondamento<>\"TransfereGOV\",\nROUND(OFFSET($P150,0,AD$13),15-13*ORÇAMENTO!$AF$7)/$H150*OFFSET(ORÇAMENTO!$X$15,ROW(AD150)-ROW(AD$15),0),\nROUND(ROUND(OFFSET($P150,0,AD$13),15-13*ORÇAMENTO!$AF$7)*OFFSET(ORÇAMENTO!$W$15,ROW(AD150)-ROW(AD$15),0),15-13*ORÇAMENTO!$AF$11)),0)","v":0},{"$f":"IF(AND($D150=\"Serviço\",AE$12<>0,$H150>0,OR(AUTOEVENTO<>\"manual\",$M150<>1)),\nIF(Import.TipoArredondamento<>\"TransfereGOV\",\nROUND(OFFSET($P150,0,AE$13),15-13*ORÇAMENTO!$AF$7)/$H150*OFFSET(ORÇAMENTO!$X$15,ROW(AE150)-ROW(AE$15),0),\nROUND(ROUND(OFFSET($P150,0,AE$13),15-13*ORÇAMENTO!$AF$7)*OFFSET(ORÇAMENTO!$W$15,ROW(AE150)-ROW(AE$15),0),15-13*ORÇAMENTO!$AF$11)),0)","v":0},{"$f":"IF(AND($D150=\"Serviço\",AF$12<>0,$H150>0,OR(AUTOEVENTO<>\"manual\",$M150<>1)),\nIF(Import.TipoArredondamento<>\"TransfereGOV\",\nROUND(OFFSET($P150,0,AF$13),15-13*ORÇAMENTO!$AF$7)/$H150*OFFSET(ORÇAMENTO!$X$15,ROW(AF150)-ROW(AF$15),0),\nROUND(ROUND(OFFSET($P150,0,AF$13),15-13*ORÇAMENTO!$AF$7)*OFFSET(ORÇAMENTO!$W$15,ROW(AF150)-ROW(AF$15),0),15-13*ORÇAMENTO!$AF$11)),0)","v":0},{"$f":"IF(AND($D150=\"Serviço\",AG$12<>0,$H150>0,OR(AUTOEVENTO<>\"manual\",$M150<>1)),\nIF(Import.TipoArredondamento<>\"TransfereGOV\",\nROUND(OFFSET($P150,0,AG$13),15-13*ORÇAMENTO!$AF$7)/$H150*OFFSET(ORÇAMENTO!$X$15,ROW(AG150)-ROW(AG$15),0),\nROUND(ROUND(OFFSET($P150,0,AG$13),15-13*ORÇAMENTO!$AF$7)*OFFSET(ORÇAMENTO!$W$15,ROW(AG150)-ROW(AG$15),0),15-13*ORÇAMENTO!$AF$11)),0)","v":0},{"$f":"IF(AND($D150=\"Serviço\",AH$12<>0,$H150>0,OR(AUTOEVENTO<>\"manual\",$M150<>1)),\nIF(Import.TipoArredondamento<>\"TransfereGOV\",\nROUND(OFFSET($P150,0,AH$13),15-13*ORÇAMENTO!$AF$7)/$H150*OFFSET(ORÇAMENTO!$X$15,ROW(AH150)-ROW(AH$15),0),\nROUND(ROUND(OFFSET($P150,0,AH$13),15-13*ORÇAMENTO!$AF$7)*OFFSET(ORÇAMENTO!$W$15,ROW(AH150)-ROW(AH$15),0),15-13*ORÇAMENTO!$AF$11)),0)","v":0},{"$f":"IF(AND($D150=\"Serviço\",AI$12<>0,$H150>0,OR(AUTOEVENTO<>\"manual\",$M150<>1)),\nIF(Import.TipoArredondamento<>\"TransfereGOV\",\nROUND(OFFSET($P150,0,AI$13),15-13*ORÇAMENTO!$AF$7)/$H150*OFFSET(ORÇAMENTO!$X$15,ROW(AI150)-ROW(AI$15),0),\nROUND(ROUND(OFFSET($P150,0,AI$13),15-13*ORÇAMENTO!$AF$7)*OFFSET(ORÇAMENTO!$W$15,ROW(AI150)-ROW(AI$15),0),15-13*ORÇAMENTO!$AF$11)),0)","v":0},{"$f":"IF(AND($D150=\"Serviço\",AJ$12<>0,$H150>0,OR(AUTOEVENTO<>\"manual\",$M150<>1)),\nIF(Import.TipoArredondamento<>\"TransfereGOV\",\nROUND(OFFSET($P150,0,AJ$13),15-13*ORÇAMENTO!$AF$7)/$H150*OFFSET(ORÇAMENTO!$X$15,ROW(AJ150)-ROW(AJ$15),0),\nROUND(ROUND(OFFSET($P150,0,AJ$13),15-13*ORÇAMENTO!$AF$7)*OFFSET(ORÇAMENTO!$W$15,ROW(AJ150)-ROW(AJ$15),0),15-13*ORÇAMENTO!$AF$11)),0)","v":0},{"$f":"IF(AND($D150=\"Serviço\",AK$12<>0,$H150>0,OR(AUTOEVENTO<>\"manual\",$M150<>1)),\nIF(Import.TipoArredondamento<>\"TransfereGOV\",\nROUND(OFFSET($P150,0,AK$13),15-13*ORÇAMENTO!$AF$7)/$H150*OFFSET(ORÇAMENTO!$X$15,ROW(AK150)-ROW(AK$15),0),\nROUND(ROUND(OFFSET($P150,0,AK$13),15-13*ORÇAMENTO!$AF$7)*OFFSET(ORÇAMENTO!$W$15,ROW(AK150)-ROW(AK$15),0),15-13*ORÇAMENTO!$AF$11)),0)","v":0},null,{"$f":"IF($D150<>\"Serviço\",0,IF(AND(AUTOEVENTO=\"Manual\",$M150=1),0,IF(OFFSET(CRONOPLE!$F$14,$M150,AM$13)=\"\",10^12,OFFSET(CRONOPLE!$F$14,$M150,AM$13))))","v":1000000000000},{"$f":"IF($D150<>\"Serviço\",0,IF(AND(AUTOEVENTO=\"Manual\",$M150=1),0,IF(OFFSET(CRONOPLE!$F$14,$M150,AN$13)=\"\",10^12,OFFSET(CRONOPLE!$F$14,$M150,AN$13))))","v":1000000000000},{"$f":"IF($D150<>\"Serviço\",0,IF(AND(AUTOEVENTO=\"Manual\",$M150=1),0,IF(OFFSET(CRONOPLE!$F$14,$M150,AO$13)=\"\",10^12,OFFSET(CRONOPLE!$F$14,$M150,AO$13))))","v":1000000000000},{"$f":"IF($D150<>\"Serviço\",0,IF(AND(AUTOEVENTO=\"Manual\",$M150=1),0,IF(OFFSET(CRONOPLE!$F$14,$M150,AP$13)=\"\",10^12,OFFSET(CRONOPLE!$F$14,$M150,AP$13))))","v":1000000000000},{"$f":"IF($D150<>\"Serviço\",0,IF(AND(AUTOEVENTO=\"Manual\",$M150=1),0,IF(OFFSET(CRONOPLE!$F$14,$M150,AQ$13)=\"\",10^12,OFFSET(CRONOPLE!$F$14,$M150,AQ$13))))","v":1000000000000},{"$f":"IF($D150<>\"Serviço\",0,IF(AND(AUTOEVENTO=\"Manual\",$M150=1),0,IF(OFFSET(CRONOPLE!$F$14,$M150,AR$13)=\"\",10^12,OFFSET(CRONOPLE!$F$14,$M150,AR$13))))","v":1000000000000},{"$f":"IF($D150<>\"Serviço\",0,IF(AND(AUTOEVENTO=\"Manual\",$M150=1),0,IF(OFFSET(CRONOPLE!$F$14,$M150,AS$13)=\"\",10^12,OFFSET(CRONOPLE!$F$14,$M150,AS$13))))","v":1000000000000},{"$f":"IF($D150<>\"Serviço\",0,IF(AND(AUTOEVENTO=\"Manual\",$M150=1),0,IF(OFFSET(CRONOPLE!$F$14,$M150,AT$13)=\"\",10^12,OFFSET(CRONOPLE!$F$14,$M150,AT$13))))","v":1000000000000},{"$f":"IF($D150<>\"Serviço\",0,IF(AND(AUTOEVENTO=\"Manual\",$M150=1),0,IF(OFFSET(CRONOPLE!$F$14,$M150,AU$13)=\"\",10^12,OFFSET(CRONOPLE!$F$14,$M150,AU$13))))","v":1000000000000},{"$f":"IF($D150<>\"Serviço\",0,IF(AND(AUTOEVENTO=\"Manual\",$M150=1),0,IF(OFFSET(CRONOPLE!$F$14,$M150,AV$13)=\"\",10^12,OFFSET(CRONOPLE!$F$14,$M150,AV$13))))","v":1000000000000},null,{"$f":"IF($D150<>\"Serviço\",0,IF(OR(AND(AUTOEVENTO=\"Manual\",$M150=1),$M150>(ROW(PLE.lastrow)-ROW(PLE.firstrow))),0,IF(OFFSET(PLE!$G$14,$M150,AX$13)=\"\",10^12,OFFSET(PLE!$G$14,$M150,AX$13))))","v":1000000000000},{"$f":"IF($D150<>\"Serviço\",0,IF(OR(AND(AUTOEVENTO=\"Manual\",$M150=1),$M150>(ROW(PLE.lastrow)-ROW(PLE.firstrow))),0,IF(OFFSET(PLE!$G$14,$M150,AY$13)=\"\",10^12,OFFSET(PLE!$G$14,$M150,AY$13))))","v":1000000000000},{"$f":"IF($D150<>\"Serviço\",0,IF(OR(AND(AUTOEVENTO=\"Manual\",$M150=1),$M150>(ROW(PLE.lastrow)-ROW(PLE.firstrow))),0,IF(OFFSET(PLE!$G$14,$M150,AZ$13)=\"\",10^12,OFFSET(PLE!$G$14,$M150,AZ$13))))","v":1000000000000},{"$f":"IF($D150<>\"Serviço\",0,IF(OR(AND(AUTOEVENTO=\"Manual\",$M150=1),$M150>(ROW(PLE.lastrow)-ROW(PLE.firstrow))),0,IF(OFFSET(PLE!$G$14,$M150,BA$13)=\"\",10^12,OFFSET(PLE!$G$14,$M150,BA$13))))","v":1000000000000},{"$f":"IF($D150<>\"Serviço\",0,IF(OR(AND(AUTOEVENTO=\"Manual\",$M150=1),$M150>(ROW(PLE.lastrow)-ROW(PLE.firstrow))),0,IF(OFFSET(PLE!$G$14,$M150,BB$13)=\"\",10^12,OFFSET(PLE!$G$14,$M150,BB$13))))","v":1000000000000},{"$f":"IF($D150<>\"Serviço\",0,IF(OR(AND(AUTOEVENTO=\"Manual\",$M150=1),$M150>(ROW(PLE.lastrow)-ROW(PLE.firstrow))),0,IF(OFFSET(PLE!$G$14,$M150,BC$13)=\"\",10^12,OFFSET(PLE!$G$14,$M150,BC$13))))","v":1000000000000},{"$f":"IF($D150<>\"Serviço\",0,IF(OR(AND(AUTOEVENTO=\"Manual\",$M150=1),$M150>(ROW(PLE.lastrow)-ROW(PLE.firstrow))),0,IF(OFFSET(PLE!$G$14,$M150,BD$13)=\"\",10^12,OFFSET(PLE!$G$14,$M150,BD$13))))","v":1000000000000},{"$f":"IF($D150<>\"Serviço\",0,IF(OR(AND(AUTOEVENTO=\"Manual\",$M150=1),$M150>(ROW(PLE.lastrow)-ROW(PLE.firstrow))),0,IF(OFFSET(PLE!$G$14,$M150,BE$13)=\"\",10^12,OFFSET(PLE!$G$14,$M150,BE$13))))","v":1000000000000},{"$f":"IF($D150<>\"Serviço\",0,IF(OR(AND(AUTOEVENTO=\"Manual\",$M150=1),$M150>(ROW(PLE.lastrow)-ROW(PLE.firstrow))),0,IF(OFFSET(PLE!$G$14,$M150,BF$13)=\"\",10^12,OFFSET(PLE!$G$14,$M150,BF$13))))","v":1000000000000},{"$f":"IF($D150<>\"Serviço\",0,IF(OR(AND(AUTOEVENTO=\"Manual\",$M150=1),$M150>(ROW(PLE.lastrow)-ROW(PLE.firstrow))),0,IF(OFFSET(PLE!$G$14,$M150,BG$13)=\"\",10^12,OFFSET(PLE!$G$14,$M150,BG$13))))","v":1000000000000}]
["127",{"$f":"OFFSET(ORÇAMENTO!C$15,ROW(B151)-ROW(B$15),0)","v":"S"},{"$f":"OFFSET(ORÇAMENTO!L$15,ROW(C151)-ROW(C$15),0)","v":"F"},{"$f":"OFFSET(ORÇAMENTO!N$15,ROW(D151)-ROW(D$15),0)","v":"Serviço"},{"$f":"OFFSET(ORÇAMENTO!O$15,ROW(E151)-ROW(E$15),0)","v":"1.8.1.8."},{"$f":"OFFSET(ORÇAMENTO!R$15,ROW(F151)-ROW(F$15),0)","v":"JOELHO 90 GRAUS COM BUCHA DE LATÃO, PVC, SOLDÁVEL, DN 25MM, X 3/4  INSTALADO EM RAMAL OU SUB-RAMAL DE ÁGUA - FORNECIMENTO E INSTALAÇÃO. AF_06/2022"},{"$f":"IF($D151<>\"Serviço\",\"\",OFFSET(ORÇAMENTO!S$15,ROW(G151)-ROW(G$15),0))","v":"UN"},{"$f":"IF($D151<>\"Serviço\",0,IF(ACOMPANHAMENTO=\"BM\",ROUND(OFFSET(ORÇAMENTO!AJ$15,ROW(H151)-ROW(H$15),0),15-13*ORÇAMENTO!$AF$7),SUMPRODUCT(($Q$12:$AA$12<>\"\")*ROUND($Q151:$AA151,15-13*ORÇAMENTO!$AF$7))))","v":4},null,null,null,".",{"$f":"IF($D151<>\"Serviço\",\"\",IF(AUTOEVENTO=\"manual\",$A151,IF(ISERROR(MATCH($A151,$A$15:OFFSET($A151,-1,0),0)),MAX($M$15:OFFSET(M151,-1,0))+1,INDEX($M$15:OFFSET(M151,-1,0),MATCH($A151,$A$15:OFFSET($A151,-1,0),0)))))","v":9},{"$f":"IF($D151<>\"Serviço\",\"\",IF(AUTOEVENTO=\"Manual\",IF($A151=0,\"<-- defina o número do agrupador\",OFFSET(EVENTOS!$D$14,$A151,0)),OFFSET($F$15,$A151,0)))","v":"INSTALAÇÕES HIDROSSANITÁRIAS"},null,null,null,null,null,null,null,null,null,null,null,null,null,{"$f":"IF(AND($D151=\"Serviço\",AB$12<>0,$H151>0,OR(AUTOEVENTO<>\"manual\",$M151<>1)),\nIF(Import.TipoArredondamento<>\"TransfereGOV\",\nROUND(OFFSET($P151,0,AB$13),15-13*ORÇAMENTO!$AF$7)/$H151*OFFSET(ORÇAMENTO!$X$15,ROW(AB151)-ROW(AB$15),0),\nROUND(ROUND(OFFSET($P151,0,AB$13),15-13*ORÇAMENTO!$AF$7)*OFFSET(ORÇAMENTO!$W$15,ROW(AB151)-ROW(AB$15),0),15-13*ORÇAMENTO!$AF$11)),0)","v":0},{"$f":"IF(AND($D151=\"Serviço\",AC$12<>0,$H151>0,OR(AUTOEVENTO<>\"manual\",$M151<>1)),\nIF(Import.TipoArredondamento<>\"TransfereGOV\",\nROUND(OFFSET($P151,0,AC$13),15-13*ORÇAMENTO!$AF$7)/$H151*OFFSET(ORÇAMENTO!$X$15,ROW(AC151)-ROW(AC$15),0),\nROUND(ROUND(OFFSET($P151,0,AC$13),15-13*ORÇAMENTO!$AF$7)*OFFSET(ORÇAMENTO!$W$15,ROW(AC151)-ROW(AC$15),0),15-13*ORÇAMENTO!$AF$11)),0)","v":0},{"$f":"IF(AND($D151=\"Serviço\",AD$12<>0,$H151>0,OR(AUTOEVENTO<>\"manual\",$M151<>1)),\nIF(Import.TipoArredondamento<>\"TransfereGOV\",\nROUND(OFFSET($P151,0,AD$13),15-13*ORÇAMENTO!$AF$7)/$H151*OFFSET(ORÇAMENTO!$X$15,ROW(AD151)-ROW(AD$15),0),\nROUND(ROUND(OFFSET($P151,0,AD$13),15-13*ORÇAMENTO!$AF$7)*OFFSET(ORÇAMENTO!$W$15,ROW(AD151)-ROW(AD$15),0),15-13*ORÇAMENTO!$AF$11)),0)","v":0},{"$f":"IF(AND($D151=\"Serviço\",AE$12<>0,$H151>0,OR(AUTOEVENTO<>\"manual\",$M151<>1)),\nIF(Import.TipoArredondamento<>\"TransfereGOV\",\nROUND(OFFSET($P151,0,AE$13),15-13*ORÇAMENTO!$AF$7)/$H151*OFFSET(ORÇAMENTO!$X$15,ROW(AE151)-ROW(AE$15),0),\nROUND(ROUND(OFFSET($P151,0,AE$13),15-13*ORÇAMENTO!$AF$7)*OFFSET(ORÇAMENTO!$W$15,ROW(AE151)-ROW(AE$15),0),15-13*ORÇAMENTO!$AF$11)),0)","v":0},{"$f":"IF(AND($D151=\"Serviço\",AF$12<>0,$H151>0,OR(AUTOEVENTO<>\"manual\",$M151<>1)),\nIF(Import.TipoArredondamento<>\"TransfereGOV\",\nROUND(OFFSET($P151,0,AF$13),15-13*ORÇAMENTO!$AF$7)/$H151*OFFSET(ORÇAMENTO!$X$15,ROW(AF151)-ROW(AF$15),0),\nROUND(ROUND(OFFSET($P151,0,AF$13),15-13*ORÇAMENTO!$AF$7)*OFFSET(ORÇAMENTO!$W$15,ROW(AF151)-ROW(AF$15),0),15-13*ORÇAMENTO!$AF$11)),0)","v":0},{"$f":"IF(AND($D151=\"Serviço\",AG$12<>0,$H151>0,OR(AUTOEVENTO<>\"manual\",$M151<>1)),\nIF(Import.TipoArredondamento<>\"TransfereGOV\",\nROUND(OFFSET($P151,0,AG$13),15-13*ORÇAMENTO!$AF$7)/$H151*OFFSET(ORÇAMENTO!$X$15,ROW(AG151)-ROW(AG$15),0),\nROUND(ROUND(OFFSET($P151,0,AG$13),15-13*ORÇAMENTO!$AF$7)*OFFSET(ORÇAMENTO!$W$15,ROW(AG151)-ROW(AG$15),0),15-13*ORÇAMENTO!$AF$11)),0)","v":0},{"$f":"IF(AND($D151=\"Serviço\",AH$12<>0,$H151>0,OR(AUTOEVENTO<>\"manual\",$M151<>1)),\nIF(Import.TipoArredondamento<>\"TransfereGOV\",\nROUND(OFFSET($P151,0,AH$13),15-13*ORÇAMENTO!$AF$7)/$H151*OFFSET(ORÇAMENTO!$X$15,ROW(AH151)-ROW(AH$15),0),\nROUND(ROUND(OFFSET($P151,0,AH$13),15-13*ORÇAMENTO!$AF$7)*OFFSET(ORÇAMENTO!$W$15,ROW(AH151)-ROW(AH$15),0),15-13*ORÇAMENTO!$AF$11)),0)","v":0},{"$f":"IF(AND($D151=\"Serviço\",AI$12<>0,$H151>0,OR(AUTOEVENTO<>\"manual\",$M151<>1)),\nIF(Import.TipoArredondamento<>\"TransfereGOV\",\nROUND(OFFSET($P151,0,AI$13),15-13*ORÇAMENTO!$AF$7)/$H151*OFFSET(ORÇAMENTO!$X$15,ROW(AI151)-ROW(AI$15),0),\nROUND(ROUND(OFFSET($P151,0,AI$13),15-13*ORÇAMENTO!$AF$7)*OFFSET(ORÇAMENTO!$W$15,ROW(AI151)-ROW(AI$15),0),15-13*ORÇAMENTO!$AF$11)),0)","v":0},{"$f":"IF(AND($D151=\"Serviço\",AJ$12<>0,$H151>0,OR(AUTOEVENTO<>\"manual\",$M151<>1)),\nIF(Import.TipoArredondamento<>\"TransfereGOV\",\nROUND(OFFSET($P151,0,AJ$13),15-13*ORÇAMENTO!$AF$7)/$H151*OFFSET(ORÇAMENTO!$X$15,ROW(AJ151)-ROW(AJ$15),0),\nROUND(ROUND(OFFSET($P151,0,AJ$13),15-13*ORÇAMENTO!$AF$7)*OFFSET(ORÇAMENTO!$W$15,ROW(AJ151)-ROW(AJ$15),0),15-13*ORÇAMENTO!$AF$11)),0)","v":0},{"$f":"IF(AND($D151=\"Serviço\",AK$12<>0,$H151>0,OR(AUTOEVENTO<>\"manual\",$M151<>1)),\nIF(Import.TipoArredondamento<>\"TransfereGOV\",\nROUND(OFFSET($P151,0,AK$13),15-13*ORÇAMENTO!$AF$7)/$H151*OFFSET(ORÇAMENTO!$X$15,ROW(AK151)-ROW(AK$15),0),\nROUND(ROUND(OFFSET($P151,0,AK$13),15-13*ORÇAMENTO!$AF$7)*OFFSET(ORÇAMENTO!$W$15,ROW(AK151)-ROW(AK$15),0),15-13*ORÇAMENTO!$AF$11)),0)","v":0},null,{"$f":"IF($D151<>\"Serviço\",0,IF(AND(AUTOEVENTO=\"Manual\",$M151=1),0,IF(OFFSET(CRONOPLE!$F$14,$M151,AM$13)=\"\",10^12,OFFSET(CRONOPLE!$F$14,$M151,AM$13))))","v":1000000000000},{"$f":"IF($D151<>\"Serviço\",0,IF(AND(AUTOEVENTO=\"Manual\",$M151=1),0,IF(OFFSET(CRONOPLE!$F$14,$M151,AN$13)=\"\",10^12,OFFSET(CRONOPLE!$F$14,$M151,AN$13))))","v":1000000000000},{"$f":"IF($D151<>\"Serviço\",0,IF(AND(AUTOEVENTO=\"Manual\",$M151=1),0,IF(OFFSET(CRONOPLE!$F$14,$M151,AO$13)=\"\",10^12,OFFSET(CRONOPLE!$F$14,$M151,AO$13))))","v":1000000000000},{"$f":"IF($D151<>\"Serviço\",0,IF(AND(AUTOEVENTO=\"Manual\",$M151=1),0,IF(OFFSET(CRONOPLE!$F$14,$M151,AP$13)=\"\",10^12,OFFSET(CRONOPLE!$F$14,$M151,AP$13))))","v":1000000000000},{"$f":"IF($D151<>\"Serviço\",0,IF(AND(AUTOEVENTO=\"Manual\",$M151=1),0,IF(OFFSET(CRONOPLE!$F$14,$M151,AQ$13)=\"\",10^12,OFFSET(CRONOPLE!$F$14,$M151,AQ$13))))","v":1000000000000},{"$f":"IF($D151<>\"Serviço\",0,IF(AND(AUTOEVENTO=\"Manual\",$M151=1),0,IF(OFFSET(CRONOPLE!$F$14,$M151,AR$13)=\"\",10^12,OFFSET(CRONOPLE!$F$14,$M151,AR$13))))","v":1000000000000},{"$f":"IF($D151<>\"Serviço\",0,IF(AND(AUTOEVENTO=\"Manual\",$M151=1),0,IF(OFFSET(CRONOPLE!$F$14,$M151,AS$13)=\"\",10^12,OFFSET(CRONOPLE!$F$14,$M151,AS$13))))","v":1000000000000},{"$f":"IF($D151<>\"Serviço\",0,IF(AND(AUTOEVENTO=\"Manual\",$M151=1),0,IF(OFFSET(CRONOPLE!$F$14,$M151,AT$13)=\"\",10^12,OFFSET(CRONOPLE!$F$14,$M151,AT$13))))","v":1000000000000},{"$f":"IF($D151<>\"Serviço\",0,IF(AND(AUTOEVENTO=\"Manual\",$M151=1),0,IF(OFFSET(CRONOPLE!$F$14,$M151,AU$13)=\"\",10^12,OFFSET(CRONOPLE!$F$14,$M151,AU$13))))","v":1000000000000},{"$f":"IF($D151<>\"Serviço\",0,IF(AND(AUTOEVENTO=\"Manual\",$M151=1),0,IF(OFFSET(CRONOPLE!$F$14,$M151,AV$13)=\"\",10^12,OFFSET(CRONOPLE!$F$14,$M151,AV$13))))","v":1000000000000},null,{"$f":"IF($D151<>\"Serviço\",0,IF(OR(AND(AUTOEVENTO=\"Manual\",$M151=1),$M151>(ROW(PLE.lastrow)-ROW(PLE.firstrow))),0,IF(OFFSET(PLE!$G$14,$M151,AX$13)=\"\",10^12,OFFSET(PLE!$G$14,$M151,AX$13))))","v":1000000000000},{"$f":"IF($D151<>\"Serviço\",0,IF(OR(AND(AUTOEVENTO=\"Manual\",$M151=1),$M151>(ROW(PLE.lastrow)-ROW(PLE.firstrow))),0,IF(OFFSET(PLE!$G$14,$M151,AY$13)=\"\",10^12,OFFSET(PLE!$G$14,$M151,AY$13))))","v":1000000000000},{"$f":"IF($D151<>\"Serviço\",0,IF(OR(AND(AUTOEVENTO=\"Manual\",$M151=1),$M151>(ROW(PLE.lastrow)-ROW(PLE.firstrow))),0,IF(OFFSET(PLE!$G$14,$M151,AZ$13)=\"\",10^12,OFFSET(PLE!$G$14,$M151,AZ$13))))","v":1000000000000},{"$f":"IF($D151<>\"Serviço\",0,IF(OR(AND(AUTOEVENTO=\"Manual\",$M151=1),$M151>(ROW(PLE.lastrow)-ROW(PLE.firstrow))),0,IF(OFFSET(PLE!$G$14,$M151,BA$13)=\"\",10^12,OFFSET(PLE!$G$14,$M151,BA$13))))","v":1000000000000},{"$f":"IF($D151<>\"Serviço\",0,IF(OR(AND(AUTOEVENTO=\"Manual\",$M151=1),$M151>(ROW(PLE.lastrow)-ROW(PLE.firstrow))),0,IF(OFFSET(PLE!$G$14,$M151,BB$13)=\"\",10^12,OFFSET(PLE!$G$14,$M151,BB$13))))","v":1000000000000},{"$f":"IF($D151<>\"Serviço\",0,IF(OR(AND(AUTOEVENTO=\"Manual\",$M151=1),$M151>(ROW(PLE.lastrow)-ROW(PLE.firstrow))),0,IF(OFFSET(PLE!$G$14,$M151,BC$13)=\"\",10^12,OFFSET(PLE!$G$14,$M151,BC$13))))","v":1000000000000},{"$f":"IF($D151<>\"Serviço\",0,IF(OR(AND(AUTOEVENTO=\"Manual\",$M151=1),$M151>(ROW(PLE.lastrow)-ROW(PLE.firstrow))),0,IF(OFFSET(PLE!$G$14,$M151,BD$13)=\"\",10^12,OFFSET(PLE!$G$14,$M151,BD$13))))","v":1000000000000},{"$f":"IF($D151<>\"Serviço\",0,IF(OR(AND(AUTOEVENTO=\"Manual\",$M151=1),$M151>(ROW(PLE.lastrow)-ROW(PLE.firstrow))),0,IF(OFFSET(PLE!$G$14,$M151,BE$13)=\"\",10^12,OFFSET(PLE!$G$14,$M151,BE$13))))","v":1000000000000},{"$f":"IF($D151<>\"Serviço\",0,IF(OR(AND(AUTOEVENTO=\"Manual\",$M151=1),$M151>(ROW(PLE.lastrow)-ROW(PLE.firstrow))),0,IF(OFFSET(PLE!$G$14,$M151,BF$13)=\"\",10^12,OFFSET(PLE!$G$14,$M151,BF$13))))","v":1000000000000},{"$f":"IF($D151<>\"Serviço\",0,IF(OR(AND(AUTOEVENTO=\"Manual\",$M151=1),$M151>(ROW(PLE.lastrow)-ROW(PLE.firstrow))),0,IF(OFFSET(PLE!$G$14,$M151,BG$13)=\"\",10^12,OFFSET(PLE!$G$14,$M151,BG$13))))","v":1000000000000}]
["127",{"$f":"OFFSET(ORÇAMENTO!C$15,ROW(B152)-ROW(B$15),0)","v":"S"},{"$f":"OFFSET(ORÇAMENTO!L$15,ROW(C152)-ROW(C$15),0)","v":"F"},{"$f":"OFFSET(ORÇAMENTO!N$15,ROW(D152)-ROW(D$15),0)","v":"Serviço"},{"$f":"OFFSET(ORÇAMENTO!O$15,ROW(E152)-ROW(E$15),0)","v":"1.8.1.9."},{"$f":"OFFSET(ORÇAMENTO!R$15,ROW(F152)-ROW(F$15),0)","v":"REGISTRO DE ESFERA, PVC, SOLDÁVEL, COM VOLANTE, DN  32 MM - FORNECIMENTO E INSTALAÇÃO. AF_08/2021"},{"$f":"IF($D152<>\"Serviço\",\"\",OFFSET(ORÇAMENTO!S$15,ROW(G152)-ROW(G$15),0))","v":"UN"},{"$f":"IF($D152<>\"Serviço\",0,IF(ACOMPANHAMENTO=\"BM\",ROUND(OFFSET(ORÇAMENTO!AJ$15,ROW(H152)-ROW(H$15),0),15-13*ORÇAMENTO!$AF$7),SUMPRODUCT(($Q$12:$AA$12<>\"\")*ROUND($Q152:$AA152,15-13*ORÇAMENTO!$AF$7))))","v":1},null,null,null,".",{"$f":"IF($D152<>\"Serviço\",\"\",IF(AUTOEVENTO=\"manual\",$A152,IF(ISERROR(MATCH($A152,$A$15:OFFSET($A152,-1,0),0)),MAX($M$15:OFFSET(M152,-1,0))+1,INDEX($M$15:OFFSET(M152,-1,0),MATCH($A152,$A$15:OFFSET($A152,-1,0),0)))))","v":9},{"$f":"IF($D152<>\"Serviço\",\"\",IF(AUTOEVENTO=\"Manual\",IF($A152=0,\"<-- defina o número do agrupador\",OFFSET(EVENTOS!$D$14,$A152,0)),OFFSET($F$15,$A152,0)))","v":"INSTALAÇÕES HIDROSSANITÁRIAS"},null,null,null,null,null,null,null,null,null,null,null,null,null,{"$f":"IF(AND($D152=\"Serviço\",AB$12<>0,$H152>0,OR(AUTOEVENTO<>\"manual\",$M152<>1)),\nIF(Import.TipoArredondamento<>\"TransfereGOV\",\nROUND(OFFSET($P152,0,AB$13),15-13*ORÇAMENTO!$AF$7)/$H152*OFFSET(ORÇAMENTO!$X$15,ROW(AB152)-ROW(AB$15),0),\nROUND(ROUND(OFFSET($P152,0,AB$13),15-13*ORÇAMENTO!$AF$7)*OFFSET(ORÇAMENTO!$W$15,ROW(AB152)-ROW(AB$15),0),15-13*ORÇAMENTO!$AF$11)),0)","v":0},{"$f":"IF(AND($D152=\"Serviço\",AC$12<>0,$H152>0,OR(AUTOEVENTO<>\"manual\",$M152<>1)),\nIF(Import.TipoArredondamento<>\"TransfereGOV\",\nROUND(OFFSET($P152,0,AC$13),15-13*ORÇAMENTO!$AF$7)/$H152*OFFSET(ORÇAMENTO!$X$15,ROW(AC152)-ROW(AC$15),0),\nROUND(ROUND(OFFSET($P152,0,AC$13),15-13*ORÇAMENTO!$AF$7)*OFFSET(ORÇAMENTO!$W$15,ROW(AC152)-ROW(AC$15),0),15-13*ORÇAMENTO!$AF$11)),0)","v":0},{"$f":"IF(AND($D152=\"Serviço\",AD$12<>0,$H152>0,OR(AUTOEVENTO<>\"manual\",$M152<>1)),\nIF(Import.TipoArredondamento<>\"TransfereGOV\",\nROUND(OFFSET($P152,0,AD$13),15-13*ORÇAMENTO!$AF$7)/$H152*OFFSET(ORÇAMENTO!$X$15,ROW(AD152)-ROW(AD$15),0),\nROUND(ROUND(OFFSET($P152,0,AD$13),15-13*ORÇAMENTO!$AF$7)*OFFSET(ORÇAMENTO!$W$15,ROW(AD152)-ROW(AD$15),0),15-13*ORÇAMENTO!$AF$11)),0)","v":0},{"$f":"IF(AND($D152=\"Serviço\",AE$12<>0,$H152>0,OR(AUTOEVENTO<>\"manual\",$M152<>1)),\nIF(Import.TipoArredondamento<>\"TransfereGOV\",\nROUND(OFFSET($P152,0,AE$13),15-13*ORÇAMENTO!$AF$7)/$H152*OFFSET(ORÇAMENTO!$X$15,ROW(AE152)-ROW(AE$15),0),\nROUND(ROUND(OFFSET($P152,0,AE$13),15-13*ORÇAMENTO!$AF$7)*OFFSET(ORÇAMENTO!$W$15,ROW(AE152)-ROW(AE$15),0),15-13*ORÇAMENTO!$AF$11)),0)","v":0},{"$f":"IF(AND($D152=\"Serviço\",AF$12<>0,$H152>0,OR(AUTOEVENTO<>\"manual\",$M152<>1)),\nIF(Import.TipoArredondamento<>\"TransfereGOV\",\nROUND(OFFSET($P152,0,AF$13),15-13*ORÇAMENTO!$AF$7)/$H152*OFFSET(ORÇAMENTO!$X$15,ROW(AF152)-ROW(AF$15),0),\nROUND(ROUND(OFFSET($P152,0,AF$13),15-13*ORÇAMENTO!$AF$7)*OFFSET(ORÇAMENTO!$W$15,ROW(AF152)-ROW(AF$15),0),15-13*ORÇAMENTO!$AF$11)),0)","v":0},{"$f":"IF(AND($D152=\"Serviço\",AG$12<>0,$H152>0,OR(AUTOEVENTO<>\"manual\",$M152<>1)),\nIF(Import.TipoArredondamento<>\"TransfereGOV\",\nROUND(OFFSET($P152,0,AG$13),15-13*ORÇAMENTO!$AF$7)/$H152*OFFSET(ORÇAMENTO!$X$15,ROW(AG152)-ROW(AG$15),0),\nROUND(ROUND(OFFSET($P152,0,AG$13),15-13*ORÇAMENTO!$AF$7)*OFFSET(ORÇAMENTO!$W$15,ROW(AG152)-ROW(AG$15),0),15-13*ORÇAMENTO!$AF$11)),0)","v":0},{"$f":"IF(AND($D152=\"Serviço\",AH$12<>0,$H152>0,OR(AUTOEVENTO<>\"manual\",$M152<>1)),\nIF(Import.TipoArredondamento<>\"TransfereGOV\",\nROUND(OFFSET($P152,0,AH$13),15-13*ORÇAMENTO!$AF$7)/$H152*OFFSET(ORÇAMENTO!$X$15,ROW(AH152)-ROW(AH$15),0),\nROUND(ROUND(OFFSET($P152,0,AH$13),15-13*ORÇAMENTO!$AF$7)*OFFSET(ORÇAMENTO!$W$15,ROW(AH152)-ROW(AH$15),0),15-13*ORÇAMENTO!$AF$11)),0)","v":0},{"$f":"IF(AND($D152=\"Serviço\",AI$12<>0,$H152>0,OR(AUTOEVENTO<>\"manual\",$M152<>1)),\nIF(Import.TipoArredondamento<>\"TransfereGOV\",\nROUND(OFFSET($P152,0,AI$13),15-13*ORÇAMENTO!$AF$7)/$H152*OFFSET(ORÇAMENTO!$X$15,ROW(AI152)-ROW(AI$15),0),\nROUND(ROUND(OFFSET($P152,0,AI$13),15-13*ORÇAMENTO!$AF$7)*OFFSET(ORÇAMENTO!$W$15,ROW(AI152)-ROW(AI$15),0),15-13*ORÇAMENTO!$AF$11)),0)","v":0},{"$f":"IF(AND($D152=\"Serviço\",AJ$12<>0,$H152>0,OR(AUTOEVENTO<>\"manual\",$M152<>1)),\nIF(Import.TipoArredondamento<>\"TransfereGOV\",\nROUND(OFFSET($P152,0,AJ$13),15-13*ORÇAMENTO!$AF$7)/$H152*OFFSET(ORÇAMENTO!$X$15,ROW(AJ152)-ROW(AJ$15),0),\nROUND(ROUND(OFFSET($P152,0,AJ$13),15-13*ORÇAMENTO!$AF$7)*OFFSET(ORÇAMENTO!$W$15,ROW(AJ152)-ROW(AJ$15),0),15-13*ORÇAMENTO!$AF$11)),0)","v":0},{"$f":"IF(AND($D152=\"Serviço\",AK$12<>0,$H152>0,OR(AUTOEVENTO<>\"manual\",$M152<>1)),\nIF(Import.TipoArredondamento<>\"TransfereGOV\",\nROUND(OFFSET($P152,0,AK$13),15-13*ORÇAMENTO!$AF$7)/$H152*OFFSET(ORÇAMENTO!$X$15,ROW(AK152)-ROW(AK$15),0),\nROUND(ROUND(OFFSET($P152,0,AK$13),15-13*ORÇAMENTO!$AF$7)*OFFSET(ORÇAMENTO!$W$15,ROW(AK152)-ROW(AK$15),0),15-13*ORÇAMENTO!$AF$11)),0)","v":0},null,{"$f":"IF($D152<>\"Serviço\",0,IF(AND(AUTOEVENTO=\"Manual\",$M152=1),0,IF(OFFSET(CRONOPLE!$F$14,$M152,AM$13)=\"\",10^12,OFFSET(CRONOPLE!$F$14,$M152,AM$13))))","v":1000000000000},{"$f":"IF($D152<>\"Serviço\",0,IF(AND(AUTOEVENTO=\"Manual\",$M152=1),0,IF(OFFSET(CRONOPLE!$F$14,$M152,AN$13)=\"\",10^12,OFFSET(CRONOPLE!$F$14,$M152,AN$13))))","v":1000000000000},{"$f":"IF($D152<>\"Serviço\",0,IF(AND(AUTOEVENTO=\"Manual\",$M152=1),0,IF(OFFSET(CRONOPLE!$F$14,$M152,AO$13)=\"\",10^12,OFFSET(CRONOPLE!$F$14,$M152,AO$13))))","v":1000000000000},{"$f":"IF($D152<>\"Serviço\",0,IF(AND(AUTOEVENTO=\"Manual\",$M152=1),0,IF(OFFSET(CRONOPLE!$F$14,$M152,AP$13)=\"\",10^12,OFFSET(CRONOPLE!$F$14,$M152,AP$13))))","v":1000000000000},{"$f":"IF($D152<>\"Serviço\",0,IF(AND(AUTOEVENTO=\"Manual\",$M152=1),0,IF(OFFSET(CRONOPLE!$F$14,$M152,AQ$13)=\"\",10^12,OFFSET(CRONOPLE!$F$14,$M152,AQ$13))))","v":1000000000000},{"$f":"IF($D152<>\"Serviço\",0,IF(AND(AUTOEVENTO=\"Manual\",$M152=1),0,IF(OFFSET(CRONOPLE!$F$14,$M152,AR$13)=\"\",10^12,OFFSET(CRONOPLE!$F$14,$M152,AR$13))))","v":1000000000000},{"$f":"IF($D152<>\"Serviço\",0,IF(AND(AUTOEVENTO=\"Manual\",$M152=1),0,IF(OFFSET(CRONOPLE!$F$14,$M152,AS$13)=\"\",10^12,OFFSET(CRONOPLE!$F$14,$M152,AS$13))))","v":1000000000000},{"$f":"IF($D152<>\"Serviço\",0,IF(AND(AUTOEVENTO=\"Manual\",$M152=1),0,IF(OFFSET(CRONOPLE!$F$14,$M152,AT$13)=\"\",10^12,OFFSET(CRONOPLE!$F$14,$M152,AT$13))))","v":1000000000000},{"$f":"IF($D152<>\"Serviço\",0,IF(AND(AUTOEVENTO=\"Manual\",$M152=1),0,IF(OFFSET(CRONOPLE!$F$14,$M152,AU$13)=\"\",10^12,OFFSET(CRONOPLE!$F$14,$M152,AU$13))))","v":1000000000000},{"$f":"IF($D152<>\"Serviço\",0,IF(AND(AUTOEVENTO=\"Manual\",$M152=1),0,IF(OFFSET(CRONOPLE!$F$14,$M152,AV$13)=\"\",10^12,OFFSET(CRONOPLE!$F$14,$M152,AV$13))))","v":1000000000000},null,{"$f":"IF($D152<>\"Serviço\",0,IF(OR(AND(AUTOEVENTO=\"Manual\",$M152=1),$M152>(ROW(PLE.lastrow)-ROW(PLE.firstrow))),0,IF(OFFSET(PLE!$G$14,$M152,AX$13)=\"\",10^12,OFFSET(PLE!$G$14,$M152,AX$13))))","v":1000000000000},{"$f":"IF($D152<>\"Serviço\",0,IF(OR(AND(AUTOEVENTO=\"Manual\",$M152=1),$M152>(ROW(PLE.lastrow)-ROW(PLE.firstrow))),0,IF(OFFSET(PLE!$G$14,$M152,AY$13)=\"\",10^12,OFFSET(PLE!$G$14,$M152,AY$13))))","v":1000000000000},{"$f":"IF($D152<>\"Serviço\",0,IF(OR(AND(AUTOEVENTO=\"Manual\",$M152=1),$M152>(ROW(PLE.lastrow)-ROW(PLE.firstrow))),0,IF(OFFSET(PLE!$G$14,$M152,AZ$13)=\"\",10^12,OFFSET(PLE!$G$14,$M152,AZ$13))))","v":1000000000000},{"$f":"IF($D152<>\"Serviço\",0,IF(OR(AND(AUTOEVENTO=\"Manual\",$M152=1),$M152>(ROW(PLE.lastrow)-ROW(PLE.firstrow))),0,IF(OFFSET(PLE!$G$14,$M152,BA$13)=\"\",10^12,OFFSET(PLE!$G$14,$M152,BA$13))))","v":1000000000000},{"$f":"IF($D152<>\"Serviço\",0,IF(OR(AND(AUTOEVENTO=\"Manual\",$M152=1),$M152>(ROW(PLE.lastrow)-ROW(PLE.firstrow))),0,IF(OFFSET(PLE!$G$14,$M152,BB$13)=\"\",10^12,OFFSET(PLE!$G$14,$M152,BB$13))))","v":1000000000000},{"$f":"IF($D152<>\"Serviço\",0,IF(OR(AND(AUTOEVENTO=\"Manual\",$M152=1),$M152>(ROW(PLE.lastrow)-ROW(PLE.firstrow))),0,IF(OFFSET(PLE!$G$14,$M152,BC$13)=\"\",10^12,OFFSET(PLE!$G$14,$M152,BC$13))))","v":1000000000000},{"$f":"IF($D152<>\"Serviço\",0,IF(OR(AND(AUTOEVENTO=\"Manual\",$M152=1),$M152>(ROW(PLE.lastrow)-ROW(PLE.firstrow))),0,IF(OFFSET(PLE!$G$14,$M152,BD$13)=\"\",10^12,OFFSET(PLE!$G$14,$M152,BD$13))))","v":1000000000000},{"$f":"IF($D152<>\"Serviço\",0,IF(OR(AND(AUTOEVENTO=\"Manual\",$M152=1),$M152>(ROW(PLE.lastrow)-ROW(PLE.firstrow))),0,IF(OFFSET(PLE!$G$14,$M152,BE$13)=\"\",10^12,OFFSET(PLE!$G$14,$M152,BE$13))))","v":1000000000000},{"$f":"IF($D152<>\"Serviço\",0,IF(OR(AND(AUTOEVENTO=\"Manual\",$M152=1),$M152>(ROW(PLE.lastrow)-ROW(PLE.firstrow))),0,IF(OFFSET(PLE!$G$14,$M152,BF$13)=\"\",10^12,OFFSET(PLE!$G$14,$M152,BF$13))))","v":1000000000000},{"$f":"IF($D152<>\"Serviço\",0,IF(OR(AND(AUTOEVENTO=\"Manual\",$M152=1),$M152>(ROW(PLE.lastrow)-ROW(PLE.firstrow))),0,IF(OFFSET(PLE!$G$14,$M152,BG$13)=\"\",10^12,OFFSET(PLE!$G$14,$M152,BG$13))))","v":1000000000000}]
["127",{"$f":"OFFSET(ORÇAMENTO!C$15,ROW(B153)-ROW(B$15),0)","v":"S"},{"$f":"OFFSET(ORÇAMENTO!L$15,ROW(C153)-ROW(C$15),0)","v":"F"},{"$f":"OFFSET(ORÇAMENTO!N$15,ROW(D153)-ROW(D$15),0)","v":"Serviço"},{"$f":"OFFSET(ORÇAMENTO!O$15,ROW(E153)-ROW(E$15),0)","v":"1.8.1.10."},{"$f":"OFFSET(ORÇAMENTO!R$15,ROW(F153)-ROW(F$15),0)","v":"KIT DE REGISTRO DE GAVETA BRUTO DE LATÃO ¾\", INCLUSIVE CONEXÕES, ROSCÁVEL, INSTALADO EM RAMAL DE ÁGUA FRIA - FORNECIMENTO E INSTALAÇÃO. AF_12/2014"},{"$f":"IF($D153<>\"Serviço\",\"\",OFFSET(ORÇAMENTO!S$15,ROW(G153)-ROW(G$15),0))","v":"UN"},{"$f":"IF($D153<>\"Serviço\",0,IF(ACOMPANHAMENTO=\"BM\",ROUND(OFFSET(ORÇAMENTO!AJ$15,ROW(H153)-ROW(H$15),0),15-13*ORÇAMENTO!$AF$7),SUMPRODUCT(($Q$12:$AA$12<>\"\")*ROUND($Q153:$AA153,15-13*ORÇAMENTO!$AF$7))))","v":3},null,null,null,".",{"$f":"IF($D153<>\"Serviço\",\"\",IF(AUTOEVENTO=\"manual\",$A153,IF(ISERROR(MATCH($A153,$A$15:OFFSET($A153,-1,0),0)),MAX($M$15:OFFSET(M153,-1,0))+1,INDEX($M$15:OFFSET(M153,-1,0),MATCH($A153,$A$15:OFFSET($A153,-1,0),0)))))","v":9},{"$f":"IF($D153<>\"Serviço\",\"\",IF(AUTOEVENTO=\"Manual\",IF($A153=0,\"<-- defina o número do agrupador\",OFFSET(EVENTOS!$D$14,$A153,0)),OFFSET($F$15,$A153,0)))","v":"INSTALAÇÕES HIDROSSANITÁRIAS"},null,null,null,null,null,null,null,null,null,null,null,null,null,{"$f":"IF(AND($D153=\"Serviço\",AB$12<>0,$H153>0,OR(AUTOEVENTO<>\"manual\",$M153<>1)),\nIF(Import.TipoArredondamento<>\"TransfereGOV\",\nROUND(OFFSET($P153,0,AB$13),15-13*ORÇAMENTO!$AF$7)/$H153*OFFSET(ORÇAMENTO!$X$15,ROW(AB153)-ROW(AB$15),0),\nROUND(ROUND(OFFSET($P153,0,AB$13),15-13*ORÇAMENTO!$AF$7)*OFFSET(ORÇAMENTO!$W$15,ROW(AB153)-ROW(AB$15),0),15-13*ORÇAMENTO!$AF$11)),0)","v":0},{"$f":"IF(AND($D153=\"Serviço\",AC$12<>0,$H153>0,OR(AUTOEVENTO<>\"manual\",$M153<>1)),\nIF(Import.TipoArredondamento<>\"TransfereGOV\",\nROUND(OFFSET($P153,0,AC$13),15-13*ORÇAMENTO!$AF$7)/$H153*OFFSET(ORÇAMENTO!$X$15,ROW(AC153)-ROW(AC$15),0),\nROUND(ROUND(OFFSET($P153,0,AC$13),15-13*ORÇAMENTO!$AF$7)*OFFSET(ORÇAMENTO!$W$15,ROW(AC153)-ROW(AC$15),0),15-13*ORÇAMENTO!$AF$11)),0)","v":0},{"$f":"IF(AND($D153=\"Serviço\",AD$12<>0,$H153>0,OR(AUTOEVENTO<>\"manual\",$M153<>1)),\nIF(Import.TipoArredondamento<>\"TransfereGOV\",\nROUND(OFFSET($P153,0,AD$13),15-13*ORÇAMENTO!$AF$7)/$H153*OFFSET(ORÇAMENTO!$X$15,ROW(AD153)-ROW(AD$15),0),\nROUND(ROUND(OFFSET($P153,0,AD$13),15-13*ORÇAMENTO!$AF$7)*OFFSET(ORÇAMENTO!$W$15,ROW(AD153)-ROW(AD$15),0),15-13*ORÇAMENTO!$AF$11)),0)","v":0},{"$f":"IF(AND($D153=\"Serviço\",AE$12<>0,$H153>0,OR(AUTOEVENTO<>\"manual\",$M153<>1)),\nIF(Import.TipoArredondamento<>\"TransfereGOV\",\nROUND(OFFSET($P153,0,AE$13),15-13*ORÇAMENTO!$AF$7)/$H153*OFFSET(ORÇAMENTO!$X$15,ROW(AE153)-ROW(AE$15),0),\nROUND(ROUND(OFFSET($P153,0,AE$13),15-13*ORÇAMENTO!$AF$7)*OFFSET(ORÇAMENTO!$W$15,ROW(AE153)-ROW(AE$15),0),15-13*ORÇAMENTO!$AF$11)),0)","v":0},{"$f":"IF(AND($D153=\"Serviço\",AF$12<>0,$H153>0,OR(AUTOEVENTO<>\"manual\",$M153<>1)),\nIF(Import.TipoArredondamento<>\"TransfereGOV\",\nROUND(OFFSET($P153,0,AF$13),15-13*ORÇAMENTO!$AF$7)/$H153*OFFSET(ORÇAMENTO!$X$15,ROW(AF153)-ROW(AF$15),0),\nROUND(ROUND(OFFSET($P153,0,AF$13),15-13*ORÇAMENTO!$AF$7)*OFFSET(ORÇAMENTO!$W$15,ROW(AF153)-ROW(AF$15),0),15-13*ORÇAMENTO!$AF$11)),0)","v":0},{"$f":"IF(AND($D153=\"Serviço\",AG$12<>0,$H153>0,OR(AUTOEVENTO<>\"manual\",$M153<>1)),\nIF(Import.TipoArredondamento<>\"TransfereGOV\",\nROUND(OFFSET($P153,0,AG$13),15-13*ORÇAMENTO!$AF$7)/$H153*OFFSET(ORÇAMENTO!$X$15,ROW(AG153)-ROW(AG$15),0),\nROUND(ROUND(OFFSET($P153,0,AG$13),15-13*ORÇAMENTO!$AF$7)*OFFSET(ORÇAMENTO!$W$15,ROW(AG153)-ROW(AG$15),0),15-13*ORÇAMENTO!$AF$11)),0)","v":0},{"$f":"IF(AND($D153=\"Serviço\",AH$12<>0,$H153>0,OR(AUTOEVENTO<>\"manual\",$M153<>1)),\nIF(Import.TipoArredondamento<>\"TransfereGOV\",\nROUND(OFFSET($P153,0,AH$13),15-13*ORÇAMENTO!$AF$7)/$H153*OFFSET(ORÇAMENTO!$X$15,ROW(AH153)-ROW(AH$15),0),\nROUND(ROUND(OFFSET($P153,0,AH$13),15-13*ORÇAMENTO!$AF$7)*OFFSET(ORÇAMENTO!$W$15,ROW(AH153)-ROW(AH$15),0),15-13*ORÇAMENTO!$AF$11)),0)","v":0},{"$f":"IF(AND($D153=\"Serviço\",AI$12<>0,$H153>0,OR(AUTOEVENTO<>\"manual\",$M153<>1)),\nIF(Import.TipoArredondamento<>\"TransfereGOV\",\nROUND(OFFSET($P153,0,AI$13),15-13*ORÇAMENTO!$AF$7)/$H153*OFFSET(ORÇAMENTO!$X$15,ROW(AI153)-ROW(AI$15),0),\nROUND(ROUND(OFFSET($P153,0,AI$13),15-13*ORÇAMENTO!$AF$7)*OFFSET(ORÇAMENTO!$W$15,ROW(AI153)-ROW(AI$15),0),15-13*ORÇAMENTO!$AF$11)),0)","v":0},{"$f":"IF(AND($D153=\"Serviço\",AJ$12<>0,$H153>0,OR(AUTOEVENTO<>\"manual\",$M153<>1)),\nIF(Import.TipoArredondamento<>\"TransfereGOV\",\nROUND(OFFSET($P153,0,AJ$13),15-13*ORÇAMENTO!$AF$7)/$H153*OFFSET(ORÇAMENTO!$X$15,ROW(AJ153)-ROW(AJ$15),0),\nROUND(ROUND(OFFSET($P153,0,AJ$13),15-13*ORÇAMENTO!$AF$7)*OFFSET(ORÇAMENTO!$W$15,ROW(AJ153)-ROW(AJ$15),0),15-13*ORÇAMENTO!$AF$11)),0)","v":0},{"$f":"IF(AND($D153=\"Serviço\",AK$12<>0,$H153>0,OR(AUTOEVENTO<>\"manual\",$M153<>1)),\nIF(Import.TipoArredondamento<>\"TransfereGOV\",\nROUND(OFFSET($P153,0,AK$13),15-13*ORÇAMENTO!$AF$7)/$H153*OFFSET(ORÇAMENTO!$X$15,ROW(AK153)-ROW(AK$15),0),\nROUND(ROUND(OFFSET($P153,0,AK$13),15-13*ORÇAMENTO!$AF$7)*OFFSET(ORÇAMENTO!$W$15,ROW(AK153)-ROW(AK$15),0),15-13*ORÇAMENTO!$AF$11)),0)","v":0},null,{"$f":"IF($D153<>\"Serviço\",0,IF(AND(AUTOEVENTO=\"Manual\",$M153=1),0,IF(OFFSET(CRONOPLE!$F$14,$M153,AM$13)=\"\",10^12,OFFSET(CRONOPLE!$F$14,$M153,AM$13))))","v":1000000000000},{"$f":"IF($D153<>\"Serviço\",0,IF(AND(AUTOEVENTO=\"Manual\",$M153=1),0,IF(OFFSET(CRONOPLE!$F$14,$M153,AN$13)=\"\",10^12,OFFSET(CRONOPLE!$F$14,$M153,AN$13))))","v":1000000000000},{"$f":"IF($D153<>\"Serviço\",0,IF(AND(AUTOEVENTO=\"Manual\",$M153=1),0,IF(OFFSET(CRONOPLE!$F$14,$M153,AO$13)=\"\",10^12,OFFSET(CRONOPLE!$F$14,$M153,AO$13))))","v":1000000000000},{"$f":"IF($D153<>\"Serviço\",0,IF(AND(AUTOEVENTO=\"Manual\",$M153=1),0,IF(OFFSET(CRONOPLE!$F$14,$M153,AP$13)=\"\",10^12,OFFSET(CRONOPLE!$F$14,$M153,AP$13))))","v":1000000000000},{"$f":"IF($D153<>\"Serviço\",0,IF(AND(AUTOEVENTO=\"Manual\",$M153=1),0,IF(OFFSET(CRONOPLE!$F$14,$M153,AQ$13)=\"\",10^12,OFFSET(CRONOPLE!$F$14,$M153,AQ$13))))","v":1000000000000},{"$f":"IF($D153<>\"Serviço\",0,IF(AND(AUTOEVENTO=\"Manual\",$M153=1),0,IF(OFFSET(CRONOPLE!$F$14,$M153,AR$13)=\"\",10^12,OFFSET(CRONOPLE!$F$14,$M153,AR$13))))","v":1000000000000},{"$f":"IF($D153<>\"Serviço\",0,IF(AND(AUTOEVENTO=\"Manual\",$M153=1),0,IF(OFFSET(CRONOPLE!$F$14,$M153,AS$13)=\"\",10^12,OFFSET(CRONOPLE!$F$14,$M153,AS$13))))","v":1000000000000},{"$f":"IF($D153<>\"Serviço\",0,IF(AND(AUTOEVENTO=\"Manual\",$M153=1),0,IF(OFFSET(CRONOPLE!$F$14,$M153,AT$13)=\"\",10^12,OFFSET(CRONOPLE!$F$14,$M153,AT$13))))","v":1000000000000},{"$f":"IF($D153<>\"Serviço\",0,IF(AND(AUTOEVENTO=\"Manual\",$M153=1),0,IF(OFFSET(CRONOPLE!$F$14,$M153,AU$13)=\"\",10^12,OFFSET(CRONOPLE!$F$14,$M153,AU$13))))","v":1000000000000},{"$f":"IF($D153<>\"Serviço\",0,IF(AND(AUTOEVENTO=\"Manual\",$M153=1),0,IF(OFFSET(CRONOPLE!$F$14,$M153,AV$13)=\"\",10^12,OFFSET(CRONOPLE!$F$14,$M153,AV$13))))","v":1000000000000},null,{"$f":"IF($D153<>\"Serviço\",0,IF(OR(AND(AUTOEVENTO=\"Manual\",$M153=1),$M153>(ROW(PLE.lastrow)-ROW(PLE.firstrow))),0,IF(OFFSET(PLE!$G$14,$M153,AX$13)=\"\",10^12,OFFSET(PLE!$G$14,$M153,AX$13))))","v":1000000000000},{"$f":"IF($D153<>\"Serviço\",0,IF(OR(AND(AUTOEVENTO=\"Manual\",$M153=1),$M153>(ROW(PLE.lastrow)-ROW(PLE.firstrow))),0,IF(OFFSET(PLE!$G$14,$M153,AY$13)=\"\",10^12,OFFSET(PLE!$G$14,$M153,AY$13))))","v":1000000000000},{"$f":"IF($D153<>\"Serviço\",0,IF(OR(AND(AUTOEVENTO=\"Manual\",$M153=1),$M153>(ROW(PLE.lastrow)-ROW(PLE.firstrow))),0,IF(OFFSET(PLE!$G$14,$M153,AZ$13)=\"\",10^12,OFFSET(PLE!$G$14,$M153,AZ$13))))","v":1000000000000},{"$f":"IF($D153<>\"Serviço\",0,IF(OR(AND(AUTOEVENTO=\"Manual\",$M153=1),$M153>(ROW(PLE.lastrow)-ROW(PLE.firstrow))),0,IF(OFFSET(PLE!$G$14,$M153,BA$13)=\"\",10^12,OFFSET(PLE!$G$14,$M153,BA$13))))","v":1000000000000},{"$f":"IF($D153<>\"Serviço\",0,IF(OR(AND(AUTOEVENTO=\"Manual\",$M153=1),$M153>(ROW(PLE.lastrow)-ROW(PLE.firstrow))),0,IF(OFFSET(PLE!$G$14,$M153,BB$13)=\"\",10^12,OFFSET(PLE!$G$14,$M153,BB$13))))","v":1000000000000},{"$f":"IF($D153<>\"Serviço\",0,IF(OR(AND(AUTOEVENTO=\"Manual\",$M153=1),$M153>(ROW(PLE.lastrow)-ROW(PLE.firstrow))),0,IF(OFFSET(PLE!$G$14,$M153,BC$13)=\"\",10^12,OFFSET(PLE!$G$14,$M153,BC$13))))","v":1000000000000},{"$f":"IF($D153<>\"Serviço\",0,IF(OR(AND(AUTOEVENTO=\"Manual\",$M153=1),$M153>(ROW(PLE.lastrow)-ROW(PLE.firstrow))),0,IF(OFFSET(PLE!$G$14,$M153,BD$13)=\"\",10^12,OFFSET(PLE!$G$14,$M153,BD$13))))","v":1000000000000},{"$f":"IF($D153<>\"Serviço\",0,IF(OR(AND(AUTOEVENTO=\"Manual\",$M153=1),$M153>(ROW(PLE.lastrow)-ROW(PLE.firstrow))),0,IF(OFFSET(PLE!$G$14,$M153,BE$13)=\"\",10^12,OFFSET(PLE!$G$14,$M153,BE$13))))","v":1000000000000},{"$f":"IF($D153<>\"Serviço\",0,IF(OR(AND(AUTOEVENTO=\"Manual\",$M153=1),$M153>(ROW(PLE.lastrow)-ROW(PLE.firstrow))),0,IF(OFFSET(PLE!$G$14,$M153,BF$13)=\"\",10^12,OFFSET(PLE!$G$14,$M153,BF$13))))","v":1000000000000},{"$f":"IF($D153<>\"Serviço\",0,IF(OR(AND(AUTOEVENTO=\"Manual\",$M153=1),$M153>(ROW(PLE.lastrow)-ROW(PLE.firstrow))),0,IF(OFFSET(PLE!$G$14,$M153,BG$13)=\"\",10^12,OFFSET(PLE!$G$14,$M153,BG$13))))","v":1000000000000}]
["127",{"$f":"OFFSET(ORÇAMENTO!C$15,ROW(B154)-ROW(B$15),0)","v":"S"},{"$f":"OFFSET(ORÇAMENTO!L$15,ROW(C154)-ROW(C$15),0)","v":"F"},{"$f":"OFFSET(ORÇAMENTO!N$15,ROW(D154)-ROW(D$15),0)","v":"Serviço"},{"$f":"OFFSET(ORÇAMENTO!O$15,ROW(E154)-ROW(E$15),0)","v":"1.8.1.11."},{"$f":"OFFSET(ORÇAMENTO!R$15,ROW(F154)-ROW(F$15),0)","v":"CAIXA D´ÁGUA EM POLIETILENO, 500 LITROS (INCLUSOS TUBOS, CONEXÕES E TORNEIRA DE BÓIA) - FORNECIMENTO E INSTALAÇÃO. AF_06/2021"},{"$f":"IF($D154<>\"Serviço\",\"\",OFFSET(ORÇAMENTO!S$15,ROW(G154)-ROW(G$15),0))","v":"UN"},{"$f":"IF($D154<>\"Serviço\",0,IF(ACOMPANHAMENTO=\"BM\",ROUND(OFFSET(ORÇAMENTO!AJ$15,ROW(H154)-ROW(H$15),0),15-13*ORÇAMENTO!$AF$7),SUMPRODUCT(($Q$12:$AA$12<>\"\")*ROUND($Q154:$AA154,15-13*ORÇAMENTO!$AF$7))))","v":1},null,null,null,".",{"$f":"IF($D154<>\"Serviço\",\"\",IF(AUTOEVENTO=\"manual\",$A154,IF(ISERROR(MATCH($A154,$A$15:OFFSET($A154,-1,0),0)),MAX($M$15:OFFSET(M154,-1,0))+1,INDEX($M$15:OFFSET(M154,-1,0),MATCH($A154,$A$15:OFFSET($A154,-1,0),0)))))","v":9},{"$f":"IF($D154<>\"Serviço\",\"\",IF(AUTOEVENTO=\"Manual\",IF($A154=0,\"<-- defina o número do agrupador\",OFFSET(EVENTOS!$D$14,$A154,0)),OFFSET($F$15,$A154,0)))","v":"INSTALAÇÕES HIDROSSANITÁRIAS"},null,null,null,null,null,null,null,null,null,null,null,null,null,{"$f":"IF(AND($D154=\"Serviço\",AB$12<>0,$H154>0,OR(AUTOEVENTO<>\"manual\",$M154<>1)),\nIF(Import.TipoArredondamento<>\"TransfereGOV\",\nROUND(OFFSET($P154,0,AB$13),15-13*ORÇAMENTO!$AF$7)/$H154*OFFSET(ORÇAMENTO!$X$15,ROW(AB154)-ROW(AB$15),0),\nROUND(ROUND(OFFSET($P154,0,AB$13),15-13*ORÇAMENTO!$AF$7)*OFFSET(ORÇAMENTO!$W$15,ROW(AB154)-ROW(AB$15),0),15-13*ORÇAMENTO!$AF$11)),0)","v":0},{"$f":"IF(AND($D154=\"Serviço\",AC$12<>0,$H154>0,OR(AUTOEVENTO<>\"manual\",$M154<>1)),\nIF(Import.TipoArredondamento<>\"TransfereGOV\",\nROUND(OFFSET($P154,0,AC$13),15-13*ORÇAMENTO!$AF$7)/$H154*OFFSET(ORÇAMENTO!$X$15,ROW(AC154)-ROW(AC$15),0),\nROUND(ROUND(OFFSET($P154,0,AC$13),15-13*ORÇAMENTO!$AF$7)*OFFSET(ORÇAMENTO!$W$15,ROW(AC154)-ROW(AC$15),0),15-13*ORÇAMENTO!$AF$11)),0)","v":0},{"$f":"IF(AND($D154=\"Serviço\",AD$12<>0,$H154>0,OR(AUTOEVENTO<>\"manual\",$M154<>1)),\nIF(Import.TipoArredondamento<>\"TransfereGOV\",\nROUND(OFFSET($P154,0,AD$13),15-13*ORÇAMENTO!$AF$7)/$H154*OFFSET(ORÇAMENTO!$X$15,ROW(AD154)-ROW(AD$15),0),\nROUND(ROUND(OFFSET($P154,0,AD$13),15-13*ORÇAMENTO!$AF$7)*OFFSET(ORÇAMENTO!$W$15,ROW(AD154)-ROW(AD$15),0),15-13*ORÇAMENTO!$AF$11)),0)","v":0},{"$f":"IF(AND($D154=\"Serviço\",AE$12<>0,$H154>0,OR(AUTOEVENTO<>\"manual\",$M154<>1)),\nIF(Import.TipoArredondamento<>\"TransfereGOV\",\nROUND(OFFSET($P154,0,AE$13),15-13*ORÇAMENTO!$AF$7)/$H154*OFFSET(ORÇAMENTO!$X$15,ROW(AE154)-ROW(AE$15),0),\nROUND(ROUND(OFFSET($P154,0,AE$13),15-13*ORÇAMENTO!$AF$7)*OFFSET(ORÇAMENTO!$W$15,ROW(AE154)-ROW(AE$15),0),15-13*ORÇAMENTO!$AF$11)),0)","v":0},{"$f":"IF(AND($D154=\"Serviço\",AF$12<>0,$H154>0,OR(AUTOEVENTO<>\"manual\",$M154<>1)),\nIF(Import.TipoArredondamento<>\"TransfereGOV\",\nROUND(OFFSET($P154,0,AF$13),15-13*ORÇAMENTO!$AF$7)/$H154*OFFSET(ORÇAMENTO!$X$15,ROW(AF154)-ROW(AF$15),0),\nROUND(ROUND(OFFSET($P154,0,AF$13),15-13*ORÇAMENTO!$AF$7)*OFFSET(ORÇAMENTO!$W$15,ROW(AF154)-ROW(AF$15),0),15-13*ORÇAMENTO!$AF$11)),0)","v":0},{"$f":"IF(AND($D154=\"Serviço\",AG$12<>0,$H154>0,OR(AUTOEVENTO<>\"manual\",$M154<>1)),\nIF(Import.TipoArredondamento<>\"TransfereGOV\",\nROUND(OFFSET($P154,0,AG$13),15-13*ORÇAMENTO!$AF$7)/$H154*OFFSET(ORÇAMENTO!$X$15,ROW(AG154)-ROW(AG$15),0),\nROUND(ROUND(OFFSET($P154,0,AG$13),15-13*ORÇAMENTO!$AF$7)*OFFSET(ORÇAMENTO!$W$15,ROW(AG154)-ROW(AG$15),0),15-13*ORÇAMENTO!$AF$11)),0)","v":0},{"$f":"IF(AND($D154=\"Serviço\",AH$12<>0,$H154>0,OR(AUTOEVENTO<>\"manual\",$M154<>1)),\nIF(Import.TipoArredondamento<>\"TransfereGOV\",\nROUND(OFFSET($P154,0,AH$13),15-13*ORÇAMENTO!$AF$7)/$H154*OFFSET(ORÇAMENTO!$X$15,ROW(AH154)-ROW(AH$15),0),\nROUND(ROUND(OFFSET($P154,0,AH$13),15-13*ORÇAMENTO!$AF$7)*OFFSET(ORÇAMENTO!$W$15,ROW(AH154)-ROW(AH$15),0),15-13*ORÇAMENTO!$AF$11)),0)","v":0},{"$f":"IF(AND($D154=\"Serviço\",AI$12<>0,$H154>0,OR(AUTOEVENTO<>\"manual\",$M154<>1)),\nIF(Import.TipoArredondamento<>\"TransfereGOV\",\nROUND(OFFSET($P154,0,AI$13),15-13*ORÇAMENTO!$AF$7)/$H154*OFFSET(ORÇAMENTO!$X$15,ROW(AI154)-ROW(AI$15),0),\nROUND(ROUND(OFFSET($P154,0,AI$13),15-13*ORÇAMENTO!$AF$7)*OFFSET(ORÇAMENTO!$W$15,ROW(AI154)-ROW(AI$15),0),15-13*ORÇAMENTO!$AF$11)),0)","v":0},{"$f":"IF(AND($D154=\"Serviço\",AJ$12<>0,$H154>0,OR(AUTOEVENTO<>\"manual\",$M154<>1)),\nIF(Import.TipoArredondamento<>\"TransfereGOV\",\nROUND(OFFSET($P154,0,AJ$13),15-13*ORÇAMENTO!$AF$7)/$H154*OFFSET(ORÇAMENTO!$X$15,ROW(AJ154)-ROW(AJ$15),0),\nROUND(ROUND(OFFSET($P154,0,AJ$13),15-13*ORÇAMENTO!$AF$7)*OFFSET(ORÇAMENTO!$W$15,ROW(AJ154)-ROW(AJ$15),0),15-13*ORÇAMENTO!$AF$11)),0)","v":0},{"$f":"IF(AND($D154=\"Serviço\",AK$12<>0,$H154>0,OR(AUTOEVENTO<>\"manual\",$M154<>1)),\nIF(Import.TipoArredondamento<>\"TransfereGOV\",\nROUND(OFFSET($P154,0,AK$13),15-13*ORÇAMENTO!$AF$7)/$H154*OFFSET(ORÇAMENTO!$X$15,ROW(AK154)-ROW(AK$15),0),\nROUND(ROUND(OFFSET($P154,0,AK$13),15-13*ORÇAMENTO!$AF$7)*OFFSET(ORÇAMENTO!$W$15,ROW(AK154)-ROW(AK$15),0),15-13*ORÇAMENTO!$AF$11)),0)","v":0},null,{"$f":"IF($D154<>\"Serviço\",0,IF(AND(AUTOEVENTO=\"Manual\",$M154=1),0,IF(OFFSET(CRONOPLE!$F$14,$M154,AM$13)=\"\",10^12,OFFSET(CRONOPLE!$F$14,$M154,AM$13))))","v":1000000000000},{"$f":"IF($D154<>\"Serviço\",0,IF(AND(AUTOEVENTO=\"Manual\",$M154=1),0,IF(OFFSET(CRONOPLE!$F$14,$M154,AN$13)=\"\",10^12,OFFSET(CRONOPLE!$F$14,$M154,AN$13))))","v":1000000000000},{"$f":"IF($D154<>\"Serviço\",0,IF(AND(AUTOEVENTO=\"Manual\",$M154=1),0,IF(OFFSET(CRONOPLE!$F$14,$M154,AO$13)=\"\",10^12,OFFSET(CRONOPLE!$F$14,$M154,AO$13))))","v":1000000000000},{"$f":"IF($D154<>\"Serviço\",0,IF(AND(AUTOEVENTO=\"Manual\",$M154=1),0,IF(OFFSET(CRONOPLE!$F$14,$M154,AP$13)=\"\",10^12,OFFSET(CRONOPLE!$F$14,$M154,AP$13))))","v":1000000000000},{"$f":"IF($D154<>\"Serviço\",0,IF(AND(AUTOEVENTO=\"Manual\",$M154=1),0,IF(OFFSET(CRONOPLE!$F$14,$M154,AQ$13)=\"\",10^12,OFFSET(CRONOPLE!$F$14,$M154,AQ$13))))","v":1000000000000},{"$f":"IF($D154<>\"Serviço\",0,IF(AND(AUTOEVENTO=\"Manual\",$M154=1),0,IF(OFFSET(CRONOPLE!$F$14,$M154,AR$13)=\"\",10^12,OFFSET(CRONOPLE!$F$14,$M154,AR$13))))","v":1000000000000},{"$f":"IF($D154<>\"Serviço\",0,IF(AND(AUTOEVENTO=\"Manual\",$M154=1),0,IF(OFFSET(CRONOPLE!$F$14,$M154,AS$13)=\"\",10^12,OFFSET(CRONOPLE!$F$14,$M154,AS$13))))","v":1000000000000},{"$f":"IF($D154<>\"Serviço\",0,IF(AND(AUTOEVENTO=\"Manual\",$M154=1),0,IF(OFFSET(CRONOPLE!$F$14,$M154,AT$13)=\"\",10^12,OFFSET(CRONOPLE!$F$14,$M154,AT$13))))","v":1000000000000},{"$f":"IF($D154<>\"Serviço\",0,IF(AND(AUTOEVENTO=\"Manual\",$M154=1),0,IF(OFFSET(CRONOPLE!$F$14,$M154,AU$13)=\"\",10^12,OFFSET(CRONOPLE!$F$14,$M154,AU$13))))","v":1000000000000},{"$f":"IF($D154<>\"Serviço\",0,IF(AND(AUTOEVENTO=\"Manual\",$M154=1),0,IF(OFFSET(CRONOPLE!$F$14,$M154,AV$13)=\"\",10^12,OFFSET(CRONOPLE!$F$14,$M154,AV$13))))","v":1000000000000},null,{"$f":"IF($D154<>\"Serviço\",0,IF(OR(AND(AUTOEVENTO=\"Manual\",$M154=1),$M154>(ROW(PLE.lastrow)-ROW(PLE.firstrow))),0,IF(OFFSET(PLE!$G$14,$M154,AX$13)=\"\",10^12,OFFSET(PLE!$G$14,$M154,AX$13))))","v":1000000000000},{"$f":"IF($D154<>\"Serviço\",0,IF(OR(AND(AUTOEVENTO=\"Manual\",$M154=1),$M154>(ROW(PLE.lastrow)-ROW(PLE.firstrow))),0,IF(OFFSET(PLE!$G$14,$M154,AY$13)=\"\",10^12,OFFSET(PLE!$G$14,$M154,AY$13))))","v":1000000000000},{"$f":"IF($D154<>\"Serviço\",0,IF(OR(AND(AUTOEVENTO=\"Manual\",$M154=1),$M154>(ROW(PLE.lastrow)-ROW(PLE.firstrow))),0,IF(OFFSET(PLE!$G$14,$M154,AZ$13)=\"\",10^12,OFFSET(PLE!$G$14,$M154,AZ$13))))","v":1000000000000},{"$f":"IF($D154<>\"Serviço\",0,IF(OR(AND(AUTOEVENTO=\"Manual\",$M154=1),$M154>(ROW(PLE.lastrow)-ROW(PLE.firstrow))),0,IF(OFFSET(PLE!$G$14,$M154,BA$13)=\"\",10^12,OFFSET(PLE!$G$14,$M154,BA$13))))","v":1000000000000},{"$f":"IF($D154<>\"Serviço\",0,IF(OR(AND(AUTOEVENTO=\"Manual\",$M154=1),$M154>(ROW(PLE.lastrow)-ROW(PLE.firstrow))),0,IF(OFFSET(PLE!$G$14,$M154,BB$13)=\"\",10^12,OFFSET(PLE!$G$14,$M154,BB$13))))","v":1000000000000},{"$f":"IF($D154<>\"Serviço\",0,IF(OR(AND(AUTOEVENTO=\"Manual\",$M154=1),$M154>(ROW(PLE.lastrow)-ROW(PLE.firstrow))),0,IF(OFFSET(PLE!$G$14,$M154,BC$13)=\"\",10^12,OFFSET(PLE!$G$14,$M154,BC$13))))","v":1000000000000},{"$f":"IF($D154<>\"Serviço\",0,IF(OR(AND(AUTOEVENTO=\"Manual\",$M154=1),$M154>(ROW(PLE.lastrow)-ROW(PLE.firstrow))),0,IF(OFFSET(PLE!$G$14,$M154,BD$13)=\"\",10^12,OFFSET(PLE!$G$14,$M154,BD$13))))","v":1000000000000},{"$f":"IF($D154<>\"Serviço\",0,IF(OR(AND(AUTOEVENTO=\"Manual\",$M154=1),$M154>(ROW(PLE.lastrow)-ROW(PLE.firstrow))),0,IF(OFFSET(PLE!$G$14,$M154,BE$13)=\"\",10^12,OFFSET(PLE!$G$14,$M154,BE$13))))","v":1000000000000},{"$f":"IF($D154<>\"Serviço\",0,IF(OR(AND(AUTOEVENTO=\"Manual\",$M154=1),$M154>(ROW(PLE.lastrow)-ROW(PLE.firstrow))),0,IF(OFFSET(PLE!$G$14,$M154,BF$13)=\"\",10^12,OFFSET(PLE!$G$14,$M154,BF$13))))","v":1000000000000},{"$f":"IF($D154<>\"Serviço\",0,IF(OR(AND(AUTOEVENTO=\"Manual\",$M154=1),$M154>(ROW(PLE.lastrow)-ROW(PLE.firstrow))),0,IF(OFFSET(PLE!$G$14,$M154,BG$13)=\"\",10^12,OFFSET(PLE!$G$14,$M154,BG$13))))","v":1000000000000}]
["127",{"$f":"OFFSET(ORÇAMENTO!C$15,ROW(B155)-ROW(B$15),0)","v":"S"},{"$f":"OFFSET(ORÇAMENTO!L$15,ROW(C155)-ROW(C$15),0)","v":""},{"$f":"OFFSET(ORÇAMENTO!N$15,ROW(D155)-ROW(D$15),0)","v":"Serviço"},{"$f":"OFFSET(ORÇAMENTO!O$15,ROW(E155)-ROW(E$15),0)","v":"-"},{"$f":"OFFSET(ORÇAMENTO!R$15,ROW(F155)-ROW(F$15),0)","v":"(Sem Código)"},{"$f":"IF($D155<>\"Serviço\",\"\",OFFSET(ORÇAMENTO!S$15,ROW(G155)-ROW(G$15),0))","v":"-"},{"$f":"IF($D155<>\"Serviço\",0,IF(ACOMPANHAMENTO=\"BM\",ROUND(OFFSET(ORÇAMENTO!AJ$15,ROW(H155)-ROW(H$15),0),15-13*ORÇAMENTO!$AF$7),SUMPRODUCT(($Q$12:$AA$12<>\"\")*ROUND($Q155:$AA155,15-13*ORÇAMENTO!$AF$7))))","v":0},null,null,null,".",{"$f":"IF($D155<>\"Serviço\",\"\",IF(AUTOEVENTO=\"manual\",$A155,IF(ISERROR(MATCH($A155,$A$15:OFFSET($A155,-1,0),0)),MAX($M$15:OFFSET(M155,-1,0))+1,INDEX($M$15:OFFSET(M155,-1,0),MATCH($A155,$A$15:OFFSET($A155,-1,0),0)))))","v":9},{"$f":"IF($D155<>\"Serviço\",\"\",IF(AUTOEVENTO=\"Manual\",IF($A155=0,\"<-- defina o número do agrupador\",OFFSET(EVENTOS!$D$14,$A155,0)),OFFSET($F$15,$A155,0)))","v":"INSTALAÇÕES HIDROSSANITÁRIAS"},null,null,null,null,null,null,null,null,null,null,null,null,null,{"$f":"IF(AND($D155=\"Serviço\",AB$12<>0,$H155>0,OR(AUTOEVENTO<>\"manual\",$M155<>1)),\nIF(Import.TipoArredondamento<>\"TransfereGOV\",\nROUND(OFFSET($P155,0,AB$13),15-13*ORÇAMENTO!$AF$7)/$H155*OFFSET(ORÇAMENTO!$X$15,ROW(AB155)-ROW(AB$15),0),\nROUND(ROUND(OFFSET($P155,0,AB$13),15-13*ORÇAMENTO!$AF$7)*OFFSET(ORÇAMENTO!$W$15,ROW(AB155)-ROW(AB$15),0),15-13*ORÇAMENTO!$AF$11)),0)","v":0},{"$f":"IF(AND($D155=\"Serviço\",AC$12<>0,$H155>0,OR(AUTOEVENTO<>\"manual\",$M155<>1)),\nIF(Import.TipoArredondamento<>\"TransfereGOV\",\nROUND(OFFSET($P155,0,AC$13),15-13*ORÇAMENTO!$AF$7)/$H155*OFFSET(ORÇAMENTO!$X$15,ROW(AC155)-ROW(AC$15),0),\nROUND(ROUND(OFFSET($P155,0,AC$13),15-13*ORÇAMENTO!$AF$7)*OFFSET(ORÇAMENTO!$W$15,ROW(AC155)-ROW(AC$15),0),15-13*ORÇAMENTO!$AF$11)),0)","v":0},{"$f":"IF(AND($D155=\"Serviço\",AD$12<>0,$H155>0,OR(AUTOEVENTO<>\"manual\",$M155<>1)),\nIF(Import.TipoArredondamento<>\"TransfereGOV\",\nROUND(OFFSET($P155,0,AD$13),15-13*ORÇAMENTO!$AF$7)/$H155*OFFSET(ORÇAMENTO!$X$15,ROW(AD155)-ROW(AD$15),0),\nROUND(ROUND(OFFSET($P155,0,AD$13),15-13*ORÇAMENTO!$AF$7)*OFFSET(ORÇAMENTO!$W$15,ROW(AD155)-ROW(AD$15),0),15-13*ORÇAMENTO!$AF$11)),0)","v":0},{"$f":"IF(AND($D155=\"Serviço\",AE$12<>0,$H155>0,OR(AUTOEVENTO<>\"manual\",$M155<>1)),\nIF(Import.TipoArredondamento<>\"TransfereGOV\",\nROUND(OFFSET($P155,0,AE$13),15-13*ORÇAMENTO!$AF$7)/$H155*OFFSET(ORÇAMENTO!$X$15,ROW(AE155)-ROW(AE$15),0),\nROUND(ROUND(OFFSET($P155,0,AE$13),15-13*ORÇAMENTO!$AF$7)*OFFSET(ORÇAMENTO!$W$15,ROW(AE155)-ROW(AE$15),0),15-13*ORÇAMENTO!$AF$11)),0)","v":0},{"$f":"IF(AND($D155=\"Serviço\",AF$12<>0,$H155>0,OR(AUTOEVENTO<>\"manual\",$M155<>1)),\nIF(Import.TipoArredondamento<>\"TransfereGOV\",\nROUND(OFFSET($P155,0,AF$13),15-13*ORÇAMENTO!$AF$7)/$H155*OFFSET(ORÇAMENTO!$X$15,ROW(AF155)-ROW(AF$15),0),\nROUND(ROUND(OFFSET($P155,0,AF$13),15-13*ORÇAMENTO!$AF$7)*OFFSET(ORÇAMENTO!$W$15,ROW(AF155)-ROW(AF$15),0),15-13*ORÇAMENTO!$AF$11)),0)","v":0},{"$f":"IF(AND($D155=\"Serviço\",AG$12<>0,$H155>0,OR(AUTOEVENTO<>\"manual\",$M155<>1)),\nIF(Import.TipoArredondamento<>\"TransfereGOV\",\nROUND(OFFSET($P155,0,AG$13),15-13*ORÇAMENTO!$AF$7)/$H155*OFFSET(ORÇAMENTO!$X$15,ROW(AG155)-ROW(AG$15),0),\nROUND(ROUND(OFFSET($P155,0,AG$13),15-13*ORÇAMENTO!$AF$7)*OFFSET(ORÇAMENTO!$W$15,ROW(AG155)-ROW(AG$15),0),15-13*ORÇAMENTO!$AF$11)),0)","v":0},{"$f":"IF(AND($D155=\"Serviço\",AH$12<>0,$H155>0,OR(AUTOEVENTO<>\"manual\",$M155<>1)),\nIF(Import.TipoArredondamento<>\"TransfereGOV\",\nROUND(OFFSET($P155,0,AH$13),15-13*ORÇAMENTO!$AF$7)/$H155*OFFSET(ORÇAMENTO!$X$15,ROW(AH155)-ROW(AH$15),0),\nROUND(ROUND(OFFSET($P155,0,AH$13),15-13*ORÇAMENTO!$AF$7)*OFFSET(ORÇAMENTO!$W$15,ROW(AH155)-ROW(AH$15),0),15-13*ORÇAMENTO!$AF$11)),0)","v":0},{"$f":"IF(AND($D155=\"Serviço\",AI$12<>0,$H155>0,OR(AUTOEVENTO<>\"manual\",$M155<>1)),\nIF(Import.TipoArredondamento<>\"TransfereGOV\",\nROUND(OFFSET($P155,0,AI$13),15-13*ORÇAMENTO!$AF$7)/$H155*OFFSET(ORÇAMENTO!$X$15,ROW(AI155)-ROW(AI$15),0),\nROUND(ROUND(OFFSET($P155,0,AI$13),15-13*ORÇAMENTO!$AF$7)*OFFSET(ORÇAMENTO!$W$15,ROW(AI155)-ROW(AI$15),0),15-13*ORÇAMENTO!$AF$11)),0)","v":0},{"$f":"IF(AND($D155=\"Serviço\",AJ$12<>0,$H155>0,OR(AUTOEVENTO<>\"manual\",$M155<>1)),\nIF(Import.TipoArredondamento<>\"TransfereGOV\",\nROUND(OFFSET($P155,0,AJ$13),15-13*ORÇAMENTO!$AF$7)/$H155*OFFSET(ORÇAMENTO!$X$15,ROW(AJ155)-ROW(AJ$15),0),\nROUND(ROUND(OFFSET($P155,0,AJ$13),15-13*ORÇAMENTO!$AF$7)*OFFSET(ORÇAMENTO!$W$15,ROW(AJ155)-ROW(AJ$15),0),15-13*ORÇAMENTO!$AF$11)),0)","v":0},{"$f":"IF(AND($D155=\"Serviço\",AK$12<>0,$H155>0,OR(AUTOEVENTO<>\"manual\",$M155<>1)),\nIF(Import.TipoArredondamento<>\"TransfereGOV\",\nROUND(OFFSET($P155,0,AK$13),15-13*ORÇAMENTO!$AF$7)/$H155*OFFSET(ORÇAMENTO!$X$15,ROW(AK155)-ROW(AK$15),0),\nROUND(ROUND(OFFSET($P155,0,AK$13),15-13*ORÇAMENTO!$AF$7)*OFFSET(ORÇAMENTO!$W$15,ROW(AK155)-ROW(AK$15),0),15-13*ORÇAMENTO!$AF$11)),0)","v":0},null,{"$f":"IF($D155<>\"Serviço\",0,IF(AND(AUTOEVENTO=\"Manual\",$M155=1),0,IF(OFFSET(CRONOPLE!$F$14,$M155,AM$13)=\"\",10^12,OFFSET(CRONOPLE!$F$14,$M155,AM$13))))","v":1000000000000},{"$f":"IF($D155<>\"Serviço\",0,IF(AND(AUTOEVENTO=\"Manual\",$M155=1),0,IF(OFFSET(CRONOPLE!$F$14,$M155,AN$13)=\"\",10^12,OFFSET(CRONOPLE!$F$14,$M155,AN$13))))","v":1000000000000},{"$f":"IF($D155<>\"Serviço\",0,IF(AND(AUTOEVENTO=\"Manual\",$M155=1),0,IF(OFFSET(CRONOPLE!$F$14,$M155,AO$13)=\"\",10^12,OFFSET(CRONOPLE!$F$14,$M155,AO$13))))","v":1000000000000},{"$f":"IF($D155<>\"Serviço\",0,IF(AND(AUTOEVENTO=\"Manual\",$M155=1),0,IF(OFFSET(CRONOPLE!$F$14,$M155,AP$13)=\"\",10^12,OFFSET(CRONOPLE!$F$14,$M155,AP$13))))","v":1000000000000},{"$f":"IF($D155<>\"Serviço\",0,IF(AND(AUTOEVENTO=\"Manual\",$M155=1),0,IF(OFFSET(CRONOPLE!$F$14,$M155,AQ$13)=\"\",10^12,OFFSET(CRONOPLE!$F$14,$M155,AQ$13))))","v":1000000000000},{"$f":"IF($D155<>\"Serviço\",0,IF(AND(AUTOEVENTO=\"Manual\",$M155=1),0,IF(OFFSET(CRONOPLE!$F$14,$M155,AR$13)=\"\",10^12,OFFSET(CRONOPLE!$F$14,$M155,AR$13))))","v":1000000000000},{"$f":"IF($D155<>\"Serviço\",0,IF(AND(AUTOEVENTO=\"Manual\",$M155=1),0,IF(OFFSET(CRONOPLE!$F$14,$M155,AS$13)=\"\",10^12,OFFSET(CRONOPLE!$F$14,$M155,AS$13))))","v":1000000000000},{"$f":"IF($D155<>\"Serviço\",0,IF(AND(AUTOEVENTO=\"Manual\",$M155=1),0,IF(OFFSET(CRONOPLE!$F$14,$M155,AT$13)=\"\",10^12,OFFSET(CRONOPLE!$F$14,$M155,AT$13))))","v":1000000000000},{"$f":"IF($D155<>\"Serviço\",0,IF(AND(AUTOEVENTO=\"Manual\",$M155=1),0,IF(OFFSET(CRONOPLE!$F$14,$M155,AU$13)=\"\",10^12,OFFSET(CRONOPLE!$F$14,$M155,AU$13))))","v":1000000000000},{"$f":"IF($D155<>\"Serviço\",0,IF(AND(AUTOEVENTO=\"Manual\",$M155=1),0,IF(OFFSET(CRONOPLE!$F$14,$M155,AV$13)=\"\",10^12,OFFSET(CRONOPLE!$F$14,$M155,AV$13))))","v":1000000000000},null,{"$f":"IF($D155<>\"Serviço\",0,IF(OR(AND(AUTOEVENTO=\"Manual\",$M155=1),$M155>(ROW(PLE.lastrow)-ROW(PLE.firstrow))),0,IF(OFFSET(PLE!$G$14,$M155,AX$13)=\"\",10^12,OFFSET(PLE!$G$14,$M155,AX$13))))","v":1000000000000},{"$f":"IF($D155<>\"Serviço\",0,IF(OR(AND(AUTOEVENTO=\"Manual\",$M155=1),$M155>(ROW(PLE.lastrow)-ROW(PLE.firstrow))),0,IF(OFFSET(PLE!$G$14,$M155,AY$13)=\"\",10^12,OFFSET(PLE!$G$14,$M155,AY$13))))","v":1000000000000},{"$f":"IF($D155<>\"Serviço\",0,IF(OR(AND(AUTOEVENTO=\"Manual\",$M155=1),$M155>(ROW(PLE.lastrow)-ROW(PLE.firstrow))),0,IF(OFFSET(PLE!$G$14,$M155,AZ$13)=\"\",10^12,OFFSET(PLE!$G$14,$M155,AZ$13))))","v":1000000000000},{"$f":"IF($D155<>\"Serviço\",0,IF(OR(AND(AUTOEVENTO=\"Manual\",$M155=1),$M155>(ROW(PLE.lastrow)-ROW(PLE.firstrow))),0,IF(OFFSET(PLE!$G$14,$M155,BA$13)=\"\",10^12,OFFSET(PLE!$G$14,$M155,BA$13))))","v":1000000000000},{"$f":"IF($D155<>\"Serviço\",0,IF(OR(AND(AUTOEVENTO=\"Manual\",$M155=1),$M155>(ROW(PLE.lastrow)-ROW(PLE.firstrow))),0,IF(OFFSET(PLE!$G$14,$M155,BB$13)=\"\",10^12,OFFSET(PLE!$G$14,$M155,BB$13))))","v":1000000000000},{"$f":"IF($D155<>\"Serviço\",0,IF(OR(AND(AUTOEVENTO=\"Manual\",$M155=1),$M155>(ROW(PLE.lastrow)-ROW(PLE.firstrow))),0,IF(OFFSET(PLE!$G$14,$M155,BC$13)=\"\",10^12,OFFSET(PLE!$G$14,$M155,BC$13))))","v":1000000000000},{"$f":"IF($D155<>\"Serviço\",0,IF(OR(AND(AUTOEVENTO=\"Manual\",$M155=1),$M155>(ROW(PLE.lastrow)-ROW(PLE.firstrow))),0,IF(OFFSET(PLE!$G$14,$M155,BD$13)=\"\",10^12,OFFSET(PLE!$G$14,$M155,BD$13))))","v":1000000000000},{"$f":"IF($D155<>\"Serviço\",0,IF(OR(AND(AUTOEVENTO=\"Manual\",$M155=1),$M155>(ROW(PLE.lastrow)-ROW(PLE.firstrow))),0,IF(OFFSET(PLE!$G$14,$M155,BE$13)=\"\",10^12,OFFSET(PLE!$G$14,$M155,BE$13))))","v":1000000000000},{"$f":"IF($D155<>\"Serviço\",0,IF(OR(AND(AUTOEVENTO=\"Manual\",$M155=1),$M155>(ROW(PLE.lastrow)-ROW(PLE.firstrow))),0,IF(OFFSET(PLE!$G$14,$M155,BF$13)=\"\",10^12,OFFSET(PLE!$G$14,$M155,BF$13))))","v":1000000000000},{"$f":"IF($D155<>\"Serviço\",0,IF(OR(AND(AUTOEVENTO=\"Manual\",$M155=1),$M155>(ROW(PLE.lastrow)-ROW(PLE.firstrow))),0,IF(OFFSET(PLE!$G$14,$M155,BG$13)=\"\",10^12,OFFSET(PLE!$G$14,$M155,BG$13))))","v":1000000000000}]
["127",{"$f":"OFFSET(ORÇAMENTO!C$15,ROW(B156)-ROW(B$15),0)","v":"S"},{"$f":"OFFSET(ORÇAMENTO!L$15,ROW(C156)-ROW(C$15),0)","v":""},{"$f":"OFFSET(ORÇAMENTO!N$15,ROW(D156)-ROW(D$15),0)","v":"Serviço"},{"$f":"OFFSET(ORÇAMENTO!O$15,ROW(E156)-ROW(E$15),0)","v":"-"},{"$f":"OFFSET(ORÇAMENTO!R$15,ROW(F156)-ROW(F$15),0)","v":"(Sem Código)"},{"$f":"IF($D156<>\"Serviço\",\"\",OFFSET(ORÇAMENTO!S$15,ROW(G156)-ROW(G$15),0))","v":"-"},{"$f":"IF($D156<>\"Serviço\",0,IF(ACOMPANHAMENTO=\"BM\",ROUND(OFFSET(ORÇAMENTO!AJ$15,ROW(H156)-ROW(H$15),0),15-13*ORÇAMENTO!$AF$7),SUMPRODUCT(($Q$12:$AA$12<>\"\")*ROUND($Q156:$AA156,15-13*ORÇAMENTO!$AF$7))))","v":0},null,null,null,".",{"$f":"IF($D156<>\"Serviço\",\"\",IF(AUTOEVENTO=\"manual\",$A156,IF(ISERROR(MATCH($A156,$A$15:OFFSET($A156,-1,0),0)),MAX($M$15:OFFSET(M156,-1,0))+1,INDEX($M$15:OFFSET(M156,-1,0),MATCH($A156,$A$15:OFFSET($A156,-1,0),0)))))","v":9},{"$f":"IF($D156<>\"Serviço\",\"\",IF(AUTOEVENTO=\"Manual\",IF($A156=0,\"<-- defina o número do agrupador\",OFFSET(EVENTOS!$D$14,$A156,0)),OFFSET($F$15,$A156,0)))","v":"INSTALAÇÕES HIDROSSANITÁRIAS"},null,null,null,null,null,null,null,null,null,null,null,null,null,{"$f":"IF(AND($D156=\"Serviço\",AB$12<>0,$H156>0,OR(AUTOEVENTO<>\"manual\",$M156<>1)),\nIF(Import.TipoArredondamento<>\"TransfereGOV\",\nROUND(OFFSET($P156,0,AB$13),15-13*ORÇAMENTO!$AF$7)/$H156*OFFSET(ORÇAMENTO!$X$15,ROW(AB156)-ROW(AB$15),0),\nROUND(ROUND(OFFSET($P156,0,AB$13),15-13*ORÇAMENTO!$AF$7)*OFFSET(ORÇAMENTO!$W$15,ROW(AB156)-ROW(AB$15),0),15-13*ORÇAMENTO!$AF$11)),0)","v":0},{"$f":"IF(AND($D156=\"Serviço\",AC$12<>0,$H156>0,OR(AUTOEVENTO<>\"manual\",$M156<>1)),\nIF(Import.TipoArredondamento<>\"TransfereGOV\",\nROUND(OFFSET($P156,0,AC$13),15-13*ORÇAMENTO!$AF$7)/$H156*OFFSET(ORÇAMENTO!$X$15,ROW(AC156)-ROW(AC$15),0),\nROUND(ROUND(OFFSET($P156,0,AC$13),15-13*ORÇAMENTO!$AF$7)*OFFSET(ORÇAMENTO!$W$15,ROW(AC156)-ROW(AC$15),0),15-13*ORÇAMENTO!$AF$11)),0)","v":0},{"$f":"IF(AND($D156=\"Serviço\",AD$12<>0,$H156>0,OR(AUTOEVENTO<>\"manual\",$M156<>1)),\nIF(Import.TipoArredondamento<>\"TransfereGOV\",\nROUND(OFFSET($P156,0,AD$13),15-13*ORÇAMENTO!$AF$7)/$H156*OFFSET(ORÇAMENTO!$X$15,ROW(AD156)-ROW(AD$15),0),\nROUND(ROUND(OFFSET($P156,0,AD$13),15-13*ORÇAMENTO!$AF$7)*OFFSET(ORÇAMENTO!$W$15,ROW(AD156)-ROW(AD$15),0),15-13*ORÇAMENTO!$AF$11)),0)","v":0},{"$f":"IF(AND($D156=\"Serviço\",AE$12<>0,$H156>0,OR(AUTOEVENTO<>\"manual\",$M156<>1)),\nIF(Import.TipoArredondamento<>\"TransfereGOV\",\nROUND(OFFSET($P156,0,AE$13),15-13*ORÇAMENTO!$AF$7)/$H156*OFFSET(ORÇAMENTO!$X$15,ROW(AE156)-ROW(AE$15),0),\nROUND(ROUND(OFFSET($P156,0,AE$13),15-13*ORÇAMENTO!$AF$7)*OFFSET(ORÇAMENTO!$W$15,ROW(AE156)-ROW(AE$15),0),15-13*ORÇAMENTO!$AF$11)),0)","v":0},{"$f":"IF(AND($D156=\"Serviço\",AF$12<>0,$H156>0,OR(AUTOEVENTO<>\"manual\",$M156<>1)),\nIF(Import.TipoArredondamento<>\"TransfereGOV\",\nROUND(OFFSET($P156,0,AF$13),15-13*ORÇAMENTO!$AF$7)/$H156*OFFSET(ORÇAMENTO!$X$15,ROW(AF156)-ROW(AF$15),0),\nROUND(ROUND(OFFSET($P156,0,AF$13),15-13*ORÇAMENTO!$AF$7)*OFFSET(ORÇAMENTO!$W$15,ROW(AF156)-ROW(AF$15),0),15-13*ORÇAMENTO!$AF$11)),0)","v":0},{"$f":"IF(AND($D156=\"Serviço\",AG$12<>0,$H156>0,OR(AUTOEVENTO<>\"manual\",$M156<>1)),\nIF(Import.TipoArredondamento<>\"TransfereGOV\",\nROUND(OFFSET($P156,0,AG$13),15-13*ORÇAMENTO!$AF$7)/$H156*OFFSET(ORÇAMENTO!$X$15,ROW(AG156)-ROW(AG$15),0),\nROUND(ROUND(OFFSET($P156,0,AG$13),15-13*ORÇAMENTO!$AF$7)*OFFSET(ORÇAMENTO!$W$15,ROW(AG156)-ROW(AG$15),0),15-13*ORÇAMENTO!$AF$11)),0)","v":0},{"$f":"IF(AND($D156=\"Serviço\",AH$12<>0,$H156>0,OR(AUTOEVENTO<>\"manual\",$M156<>1)),\nIF(Import.TipoArredondamento<>\"TransfereGOV\",\nROUND(OFFSET($P156,0,AH$13),15-13*ORÇAMENTO!$AF$7)/$H156*OFFSET(ORÇAMENTO!$X$15,ROW(AH156)-ROW(AH$15),0),\nROUND(ROUND(OFFSET($P156,0,AH$13),15-13*ORÇAMENTO!$AF$7)*OFFSET(ORÇAMENTO!$W$15,ROW(AH156)-ROW(AH$15),0),15-13*ORÇAMENTO!$AF$11)),0)","v":0},{"$f":"IF(AND($D156=\"Serviço\",AI$12<>0,$H156>0,OR(AUTOEVENTO<>\"manual\",$M156<>1)),\nIF(Import.TipoArredondamento<>\"TransfereGOV\",\nROUND(OFFSET($P156,0,AI$13),15-13*ORÇAMENTO!$AF$7)/$H156*OFFSET(ORÇAMENTO!$X$15,ROW(AI156)-ROW(AI$15),0),\nROUND(ROUND(OFFSET($P156,0,AI$13),15-13*ORÇAMENTO!$AF$7)*OFFSET(ORÇAMENTO!$W$15,ROW(AI156)-ROW(AI$15),0),15-13*ORÇAMENTO!$AF$11)),0)","v":0},{"$f":"IF(AND($D156=\"Serviço\",AJ$12<>0,$H156>0,OR(AUTOEVENTO<>\"manual\",$M156<>1)),\nIF(Import.TipoArredondamento<>\"TransfereGOV\",\nROUND(OFFSET($P156,0,AJ$13),15-13*ORÇAMENTO!$AF$7)/$H156*OFFSET(ORÇAMENTO!$X$15,ROW(AJ156)-ROW(AJ$15),0),\nROUND(ROUND(OFFSET($P156,0,AJ$13),15-13*ORÇAMENTO!$AF$7)*OFFSET(ORÇAMENTO!$W$15,ROW(AJ156)-ROW(AJ$15),0),15-13*ORÇAMENTO!$AF$11)),0)","v":0},{"$f":"IF(AND($D156=\"Serviço\",AK$12<>0,$H156>0,OR(AUTOEVENTO<>\"manual\",$M156<>1)),\nIF(Import.TipoArredondamento<>\"TransfereGOV\",\nROUND(OFFSET($P156,0,AK$13),15-13*ORÇAMENTO!$AF$7)/$H156*OFFSET(ORÇAMENTO!$X$15,ROW(AK156)-ROW(AK$15),0),\nROUND(ROUND(OFFSET($P156,0,AK$13),15-13*ORÇAMENTO!$AF$7)*OFFSET(ORÇAMENTO!$W$15,ROW(AK156)-ROW(AK$15),0),15-13*ORÇAMENTO!$AF$11)),0)","v":0},null,{"$f":"IF($D156<>\"Serviço\",0,IF(AND(AUTOEVENTO=\"Manual\",$M156=1),0,IF(OFFSET(CRONOPLE!$F$14,$M156,AM$13)=\"\",10^12,OFFSET(CRONOPLE!$F$14,$M156,AM$13))))","v":1000000000000},{"$f":"IF($D156<>\"Serviço\",0,IF(AND(AUTOEVENTO=\"Manual\",$M156=1),0,IF(OFFSET(CRONOPLE!$F$14,$M156,AN$13)=\"\",10^12,OFFSET(CRONOPLE!$F$14,$M156,AN$13))))","v":1000000000000},{"$f":"IF($D156<>\"Serviço\",0,IF(AND(AUTOEVENTO=\"Manual\",$M156=1),0,IF(OFFSET(CRONOPLE!$F$14,$M156,AO$13)=\"\",10^12,OFFSET(CRONOPLE!$F$14,$M156,AO$13))))","v":1000000000000},{"$f":"IF($D156<>\"Serviço\",0,IF(AND(AUTOEVENTO=\"Manual\",$M156=1),0,IF(OFFSET(CRONOPLE!$F$14,$M156,AP$13)=\"\",10^12,OFFSET(CRONOPLE!$F$14,$M156,AP$13))))","v":1000000000000},{"$f":"IF($D156<>\"Serviço\",0,IF(AND(AUTOEVENTO=\"Manual\",$M156=1),0,IF(OFFSET(CRONOPLE!$F$14,$M156,AQ$13)=\"\",10^12,OFFSET(CRONOPLE!$F$14,$M156,AQ$13))))","v":1000000000000},{"$f":"IF($D156<>\"Serviço\",0,IF(AND(AUTOEVENTO=\"Manual\",$M156=1),0,IF(OFFSET(CRONOPLE!$F$14,$M156,AR$13)=\"\",10^12,OFFSET(CRONOPLE!$F$14,$M156,AR$13))))","v":1000000000000},{"$f":"IF($D156<>\"Serviço\",0,IF(AND(AUTOEVENTO=\"Manual\",$M156=1),0,IF(OFFSET(CRONOPLE!$F$14,$M156,AS$13)=\"\",10^12,OFFSET(CRONOPLE!$F$14,$M156,AS$13))))","v":1000000000000},{"$f":"IF($D156<>\"Serviço\",0,IF(AND(AUTOEVENTO=\"Manual\",$M156=1),0,IF(OFFSET(CRONOPLE!$F$14,$M156,AT$13)=\"\",10^12,OFFSET(CRONOPLE!$F$14,$M156,AT$13))))","v":1000000000000},{"$f":"IF($D156<>\"Serviço\",0,IF(AND(AUTOEVENTO=\"Manual\",$M156=1),0,IF(OFFSET(CRONOPLE!$F$14,$M156,AU$13)=\"\",10^12,OFFSET(CRONOPLE!$F$14,$M156,AU$13))))","v":1000000000000},{"$f":"IF($D156<>\"Serviço\",0,IF(AND(AUTOEVENTO=\"Manual\",$M156=1),0,IF(OFFSET(CRONOPLE!$F$14,$M156,AV$13)=\"\",10^12,OFFSET(CRONOPLE!$F$14,$M156,AV$13))))","v":1000000000000},null,{"$f":"IF($D156<>\"Serviço\",0,IF(OR(AND(AUTOEVENTO=\"Manual\",$M156=1),$M156>(ROW(PLE.lastrow)-ROW(PLE.firstrow))),0,IF(OFFSET(PLE!$G$14,$M156,AX$13)=\"\",10^12,OFFSET(PLE!$G$14,$M156,AX$13))))","v":1000000000000},{"$f":"IF($D156<>\"Serviço\",0,IF(OR(AND(AUTOEVENTO=\"Manual\",$M156=1),$M156>(ROW(PLE.lastrow)-ROW(PLE.firstrow))),0,IF(OFFSET(PLE!$G$14,$M156,AY$13)=\"\",10^12,OFFSET(PLE!$G$14,$M156,AY$13))))","v":1000000000000},{"$f":"IF($D156<>\"Serviço\",0,IF(OR(AND(AUTOEVENTO=\"Manual\",$M156=1),$M156>(ROW(PLE.lastrow)-ROW(PLE.firstrow))),0,IF(OFFSET(PLE!$G$14,$M156,AZ$13)=\"\",10^12,OFFSET(PLE!$G$14,$M156,AZ$13))))","v":1000000000000},{"$f":"IF($D156<>\"Serviço\",0,IF(OR(AND(AUTOEVENTO=\"Manual\",$M156=1),$M156>(ROW(PLE.lastrow)-ROW(PLE.firstrow))),0,IF(OFFSET(PLE!$G$14,$M156,BA$13)=\"\",10^12,OFFSET(PLE!$G$14,$M156,BA$13))))","v":1000000000000},{"$f":"IF($D156<>\"Serviço\",0,IF(OR(AND(AUTOEVENTO=\"Manual\",$M156=1),$M156>(ROW(PLE.lastrow)-ROW(PLE.firstrow))),0,IF(OFFSET(PLE!$G$14,$M156,BB$13)=\"\",10^12,OFFSET(PLE!$G$14,$M156,BB$13))))","v":1000000000000},{"$f":"IF($D156<>\"Serviço\",0,IF(OR(AND(AUTOEVENTO=\"Manual\",$M156=1),$M156>(ROW(PLE.lastrow)-ROW(PLE.firstrow))),0,IF(OFFSET(PLE!$G$14,$M156,BC$13)=\"\",10^12,OFFSET(PLE!$G$14,$M156,BC$13))))","v":1000000000000},{"$f":"IF($D156<>\"Serviço\",0,IF(OR(AND(AUTOEVENTO=\"Manual\",$M156=1),$M156>(ROW(PLE.lastrow)-ROW(PLE.firstrow))),0,IF(OFFSET(PLE!$G$14,$M156,BD$13)=\"\",10^12,OFFSET(PLE!$G$14,$M156,BD$13))))","v":1000000000000},{"$f":"IF($D156<>\"Serviço\",0,IF(OR(AND(AUTOEVENTO=\"Manual\",$M156=1),$M156>(ROW(PLE.lastrow)-ROW(PLE.firstrow))),0,IF(OFFSET(PLE!$G$14,$M156,BE$13)=\"\",10^12,OFFSET(PLE!$G$14,$M156,BE$13))))","v":1000000000000},{"$f":"IF($D156<>\"Serviço\",0,IF(OR(AND(AUTOEVENTO=\"Manual\",$M156=1),$M156>(ROW(PLE.lastrow)-ROW(PLE.firstrow))),0,IF(OFFSET(PLE!$G$14,$M156,BF$13)=\"\",10^12,OFFSET(PLE!$G$14,$M156,BF$13))))","v":1000000000000},{"$f":"IF($D156<>\"Serviço\",0,IF(OR(AND(AUTOEVENTO=\"Manual\",$M156=1),$M156>(ROW(PLE.lastrow)-ROW(PLE.firstrow))),0,IF(OFFSET(PLE!$G$14,$M156,BG$13)=\"\",10^12,OFFSET(PLE!$G$14,$M156,BG$13))))","v":1000000000000}]
["127",{"$f":"OFFSET(ORÇAMENTO!C$15,ROW(B157)-ROW(B$15),0)","v":"S"},{"$f":"OFFSET(ORÇAMENTO!L$15,ROW(C157)-ROW(C$15),0)","v":""},{"$f":"OFFSET(ORÇAMENTO!N$15,ROW(D157)-ROW(D$15),0)","v":"Serviço"},{"$f":"OFFSET(ORÇAMENTO!O$15,ROW(E157)-ROW(E$15),0)","v":"-"},{"$f":"OFFSET(ORÇAMENTO!R$15,ROW(F157)-ROW(F$15),0)","v":"(Sem Código)"},{"$f":"IF($D157<>\"Serviço\",\"\",OFFSET(ORÇAMENTO!S$15,ROW(G157)-ROW(G$15),0))","v":"-"},{"$f":"IF($D157<>\"Serviço\",0,IF(ACOMPANHAMENTO=\"BM\",ROUND(OFFSET(ORÇAMENTO!AJ$15,ROW(H157)-ROW(H$15),0),15-13*ORÇAMENTO!$AF$7),SUMPRODUCT(($Q$12:$AA$12<>\"\")*ROUND($Q157:$AA157,15-13*ORÇAMENTO!$AF$7))))","v":0},null,null,null,".",{"$f":"IF($D157<>\"Serviço\",\"\",IF(AUTOEVENTO=\"manual\",$A157,IF(ISERROR(MATCH($A157,$A$15:OFFSET($A157,-1,0),0)),MAX($M$15:OFFSET(M157,-1,0))+1,INDEX($M$15:OFFSET(M157,-1,0),MATCH($A157,$A$15:OFFSET($A157,-1,0),0)))))","v":9},{"$f":"IF($D157<>\"Serviço\",\"\",IF(AUTOEVENTO=\"Manual\",IF($A157=0,\"<-- defina o número do agrupador\",OFFSET(EVENTOS!$D$14,$A157,0)),OFFSET($F$15,$A157,0)))","v":"INSTALAÇÕES HIDROSSANITÁRIAS"},null,null,null,null,null,null,null,null,null,null,null,null,null,{"$f":"IF(AND($D157=\"Serviço\",AB$12<>0,$H157>0,OR(AUTOEVENTO<>\"manual\",$M157<>1)),\nIF(Import.TipoArredondamento<>\"TransfereGOV\",\nROUND(OFFSET($P157,0,AB$13),15-13*ORÇAMENTO!$AF$7)/$H157*OFFSET(ORÇAMENTO!$X$15,ROW(AB157)-ROW(AB$15),0),\nROUND(ROUND(OFFSET($P157,0,AB$13),15-13*ORÇAMENTO!$AF$7)*OFFSET(ORÇAMENTO!$W$15,ROW(AB157)-ROW(AB$15),0),15-13*ORÇAMENTO!$AF$11)),0)","v":0},{"$f":"IF(AND($D157=\"Serviço\",AC$12<>0,$H157>0,OR(AUTOEVENTO<>\"manual\",$M157<>1)),\nIF(Import.TipoArredondamento<>\"TransfereGOV\",\nROUND(OFFSET($P157,0,AC$13),15-13*ORÇAMENTO!$AF$7)/$H157*OFFSET(ORÇAMENTO!$X$15,ROW(AC157)-ROW(AC$15),0),\nROUND(ROUND(OFFSET($P157,0,AC$13),15-13*ORÇAMENTO!$AF$7)*OFFSET(ORÇAMENTO!$W$15,ROW(AC157)-ROW(AC$15),0),15-13*ORÇAMENTO!$AF$11)),0)","v":0},{"$f":"IF(AND($D157=\"Serviço\",AD$12<>0,$H157>0,OR(AUTOEVENTO<>\"manual\",$M157<>1)),\nIF(Import.TipoArredondamento<>\"TransfereGOV\",\nROUND(OFFSET($P157,0,AD$13),15-13*ORÇAMENTO!$AF$7)/$H157*OFFSET(ORÇAMENTO!$X$15,ROW(AD157)-ROW(AD$15),0),\nROUND(ROUND(OFFSET($P157,0,AD$13),15-13*ORÇAMENTO!$AF$7)*OFFSET(ORÇAMENTO!$W$15,ROW(AD157)-ROW(AD$15),0),15-13*ORÇAMENTO!$AF$11)),0)","v":0},{"$f":"IF(AND($D157=\"Serviço\",AE$12<>0,$H157>0,OR(AUTOEVENTO<>\"manual\",$M157<>1)),\nIF(Import.TipoArredondamento<>\"TransfereGOV\",\nROUND(OFFSET($P157,0,AE$13),15-13*ORÇAMENTO!$AF$7)/$H157*OFFSET(ORÇAMENTO!$X$15,ROW(AE157)-ROW(AE$15),0),\nROUND(ROUND(OFFSET($P157,0,AE$13),15-13*ORÇAMENTO!$AF$7)*OFFSET(ORÇAMENTO!$W$15,ROW(AE157)-ROW(AE$15),0),15-13*ORÇAMENTO!$AF$11)),0)","v":0},{"$f":"IF(AND($D157=\"Serviço\",AF$12<>0,$H157>0,OR(AUTOEVENTO<>\"manual\",$M157<>1)),\nIF(Import.TipoArredondamento<>\"TransfereGOV\",\nROUND(OFFSET($P157,0,AF$13),15-13*ORÇAMENTO!$AF$7)/$H157*OFFSET(ORÇAMENTO!$X$15,ROW(AF157)-ROW(AF$15),0),\nROUND(ROUND(OFFSET($P157,0,AF$13),15-13*ORÇAMENTO!$AF$7)*OFFSET(ORÇAMENTO!$W$15,ROW(AF157)-ROW(AF$15),0),15-13*ORÇAMENTO!$AF$11)),0)","v":0},{"$f":"IF(AND($D157=\"Serviço\",AG$12<>0,$H157>0,OR(AUTOEVENTO<>\"manual\",$M157<>1)),\nIF(Import.TipoArredondamento<>\"TransfereGOV\",\nROUND(OFFSET($P157,0,AG$13),15-13*ORÇAMENTO!$AF$7)/$H157*OFFSET(ORÇAMENTO!$X$15,ROW(AG157)-ROW(AG$15),0),\nROUND(ROUND(OFFSET($P157,0,AG$13),15-13*ORÇAMENTO!$AF$7)*OFFSET(ORÇAMENTO!$W$15,ROW(AG157)-ROW(AG$15),0),15-13*ORÇAMENTO!$AF$11)),0)","v":0},{"$f":"IF(AND($D157=\"Serviço\",AH$12<>0,$H157>0,OR(AUTOEVENTO<>\"manual\",$M157<>1)),\nIF(Import.TipoArredondamento<>\"TransfereGOV\",\nROUND(OFFSET($P157,0,AH$13),15-13*ORÇAMENTO!$AF$7)/$H157*OFFSET(ORÇAMENTO!$X$15,ROW(AH157)-ROW(AH$15),0),\nROUND(ROUND(OFFSET($P157,0,AH$13),15-13*ORÇAMENTO!$AF$7)*OFFSET(ORÇAMENTO!$W$15,ROW(AH157)-ROW(AH$15),0),15-13*ORÇAMENTO!$AF$11)),0)","v":0},{"$f":"IF(AND($D157=\"Serviço\",AI$12<>0,$H157>0,OR(AUTOEVENTO<>\"manual\",$M157<>1)),\nIF(Import.TipoArredondamento<>\"TransfereGOV\",\nROUND(OFFSET($P157,0,AI$13),15-13*ORÇAMENTO!$AF$7)/$H157*OFFSET(ORÇAMENTO!$X$15,ROW(AI157)-ROW(AI$15),0),\nROUND(ROUND(OFFSET($P157,0,AI$13),15-13*ORÇAMENTO!$AF$7)*OFFSET(ORÇAMENTO!$W$15,ROW(AI157)-ROW(AI$15),0),15-13*ORÇAMENTO!$AF$11)),0)","v":0},{"$f":"IF(AND($D157=\"Serviço\",AJ$12<>0,$H157>0,OR(AUTOEVENTO<>\"manual\",$M157<>1)),\nIF(Import.TipoArredondamento<>\"TransfereGOV\",\nROUND(OFFSET($P157,0,AJ$13),15-13*ORÇAMENTO!$AF$7)/$H157*OFFSET(ORÇAMENTO!$X$15,ROW(AJ157)-ROW(AJ$15),0),\nROUND(ROUND(OFFSET($P157,0,AJ$13),15-13*ORÇAMENTO!$AF$7)*OFFSET(ORÇAMENTO!$W$15,ROW(AJ157)-ROW(AJ$15),0),15-13*ORÇAMENTO!$AF$11)),0)","v":0},{"$f":"IF(AND($D157=\"Serviço\",AK$12<>0,$H157>0,OR(AUTOEVENTO<>\"manual\",$M157<>1)),\nIF(Import.TipoArredondamento<>\"TransfereGOV\",\nROUND(OFFSET($P157,0,AK$13),15-13*ORÇAMENTO!$AF$7)/$H157*OFFSET(ORÇAMENTO!$X$15,ROW(AK157)-ROW(AK$15),0),\nROUND(ROUND(OFFSET($P157,0,AK$13),15-13*ORÇAMENTO!$AF$7)*OFFSET(ORÇAMENTO!$W$15,ROW(AK157)-ROW(AK$15),0),15-13*ORÇAMENTO!$AF$11)),0)","v":0},null,{"$f":"IF($D157<>\"Serviço\",0,IF(AND(AUTOEVENTO=\"Manual\",$M157=1),0,IF(OFFSET(CRONOPLE!$F$14,$M157,AM$13)=\"\",10^12,OFFSET(CRONOPLE!$F$14,$M157,AM$13))))","v":1000000000000},{"$f":"IF($D157<>\"Serviço\",0,IF(AND(AUTOEVENTO=\"Manual\",$M157=1),0,IF(OFFSET(CRONOPLE!$F$14,$M157,AN$13)=\"\",10^12,OFFSET(CRONOPLE!$F$14,$M157,AN$13))))","v":1000000000000},{"$f":"IF($D157<>\"Serviço\",0,IF(AND(AUTOEVENTO=\"Manual\",$M157=1),0,IF(OFFSET(CRONOPLE!$F$14,$M157,AO$13)=\"\",10^12,OFFSET(CRONOPLE!$F$14,$M157,AO$13))))","v":1000000000000},{"$f":"IF($D157<>\"Serviço\",0,IF(AND(AUTOEVENTO=\"Manual\",$M157=1),0,IF(OFFSET(CRONOPLE!$F$14,$M157,AP$13)=\"\",10^12,OFFSET(CRONOPLE!$F$14,$M157,AP$13))))","v":1000000000000},{"$f":"IF($D157<>\"Serviço\",0,IF(AND(AUTOEVENTO=\"Manual\",$M157=1),0,IF(OFFSET(CRONOPLE!$F$14,$M157,AQ$13)=\"\",10^12,OFFSET(CRONOPLE!$F$14,$M157,AQ$13))))","v":1000000000000},{"$f":"IF($D157<>\"Serviço\",0,IF(AND(AUTOEVENTO=\"Manual\",$M157=1),0,IF(OFFSET(CRONOPLE!$F$14,$M157,AR$13)=\"\",10^12,OFFSET(CRONOPLE!$F$14,$M157,AR$13))))","v":1000000000000},{"$f":"IF($D157<>\"Serviço\",0,IF(AND(AUTOEVENTO=\"Manual\",$M157=1),0,IF(OFFSET(CRONOPLE!$F$14,$M157,AS$13)=\"\",10^12,OFFSET(CRONOPLE!$F$14,$M157,AS$13))))","v":1000000000000},{"$f":"IF($D157<>\"Serviço\",0,IF(AND(AUTOEVENTO=\"Manual\",$M157=1),0,IF(OFFSET(CRONOPLE!$F$14,$M157,AT$13)=\"\",10^12,OFFSET(CRONOPLE!$F$14,$M157,AT$13))))","v":1000000000000},{"$f":"IF($D157<>\"Serviço\",0,IF(AND(AUTOEVENTO=\"Manual\",$M157=1),0,IF(OFFSET(CRONOPLE!$F$14,$M157,AU$13)=\"\",10^12,OFFSET(CRONOPLE!$F$14,$M157,AU$13))))","v":1000000000000},{"$f":"IF($D157<>\"Serviço\",0,IF(AND(AUTOEVENTO=\"Manual\",$M157=1),0,IF(OFFSET(CRONOPLE!$F$14,$M157,AV$13)=\"\",10^12,OFFSET(CRONOPLE!$F$14,$M157,AV$13))))","v":1000000000000},null,{"$f":"IF($D157<>\"Serviço\",0,IF(OR(AND(AUTOEVENTO=\"Manual\",$M157=1),$M157>(ROW(PLE.lastrow)-ROW(PLE.firstrow))),0,IF(OFFSET(PLE!$G$14,$M157,AX$13)=\"\",10^12,OFFSET(PLE!$G$14,$M157,AX$13))))","v":1000000000000},{"$f":"IF($D157<>\"Serviço\",0,IF(OR(AND(AUTOEVENTO=\"Manual\",$M157=1),$M157>(ROW(PLE.lastrow)-ROW(PLE.firstrow))),0,IF(OFFSET(PLE!$G$14,$M157,AY$13)=\"\",10^12,OFFSET(PLE!$G$14,$M157,AY$13))))","v":1000000000000},{"$f":"IF($D157<>\"Serviço\",0,IF(OR(AND(AUTOEVENTO=\"Manual\",$M157=1),$M157>(ROW(PLE.lastrow)-ROW(PLE.firstrow))),0,IF(OFFSET(PLE!$G$14,$M157,AZ$13)=\"\",10^12,OFFSET(PLE!$G$14,$M157,AZ$13))))","v":1000000000000},{"$f":"IF($D157<>\"Serviço\",0,IF(OR(AND(AUTOEVENTO=\"Manual\",$M157=1),$M157>(ROW(PLE.lastrow)-ROW(PLE.firstrow))),0,IF(OFFSET(PLE!$G$14,$M157,BA$13)=\"\",10^12,OFFSET(PLE!$G$14,$M157,BA$13))))","v":1000000000000},{"$f":"IF($D157<>\"Serviço\",0,IF(OR(AND(AUTOEVENTO=\"Manual\",$M157=1),$M157>(ROW(PLE.lastrow)-ROW(PLE.firstrow))),0,IF(OFFSET(PLE!$G$14,$M157,BB$13)=\"\",10^12,OFFSET(PLE!$G$14,$M157,BB$13))))","v":1000000000000},{"$f":"IF($D157<>\"Serviço\",0,IF(OR(AND(AUTOEVENTO=\"Manual\",$M157=1),$M157>(ROW(PLE.lastrow)-ROW(PLE.firstrow))),0,IF(OFFSET(PLE!$G$14,$M157,BC$13)=\"\",10^12,OFFSET(PLE!$G$14,$M157,BC$13))))","v":1000000000000},{"$f":"IF($D157<>\"Serviço\",0,IF(OR(AND(AUTOEVENTO=\"Manual\",$M157=1),$M157>(ROW(PLE.lastrow)-ROW(PLE.firstrow))),0,IF(OFFSET(PLE!$G$14,$M157,BD$13)=\"\",10^12,OFFSET(PLE!$G$14,$M157,BD$13))))","v":1000000000000},{"$f":"IF($D157<>\"Serviço\",0,IF(OR(AND(AUTOEVENTO=\"Manual\",$M157=1),$M157>(ROW(PLE.lastrow)-ROW(PLE.firstrow))),0,IF(OFFSET(PLE!$G$14,$M157,BE$13)=\"\",10^12,OFFSET(PLE!$G$14,$M157,BE$13))))","v":1000000000000},{"$f":"IF($D157<>\"Serviço\",0,IF(OR(AND(AUTOEVENTO=\"Manual\",$M157=1),$M157>(ROW(PLE.lastrow)-ROW(PLE.firstrow))),0,IF(OFFSET(PLE!$G$14,$M157,BF$13)=\"\",10^12,OFFSET(PLE!$G$14,$M157,BF$13))))","v":1000000000000},{"$f":"IF($D157<>\"Serviço\",0,IF(OR(AND(AUTOEVENTO=\"Manual\",$M157=1),$M157>(ROW(PLE.lastrow)-ROW(PLE.firstrow))),0,IF(OFFSET(PLE!$G$14,$M157,BG$13)=\"\",10^12,OFFSET(PLE!$G$14,$M157,BG$13))))","v":1000000000000}]
["127",{"$f":"OFFSET(ORÇAMENTO!C$15,ROW(B158)-ROW(B$15),0)","v":3},{"$f":"OFFSET(ORÇAMENTO!L$15,ROW(C158)-ROW(C$15),0)","v":"F"},{"$f":"OFFSET(ORÇAMENTO!N$15,ROW(D158)-ROW(D$15),0)","v":"Nível 3"},{"$f":"OFFSET(ORÇAMENTO!O$15,ROW(E158)-ROW(E$15),0)","v":"1.8.2."},{"$f":"OFFSET(ORÇAMENTO!R$15,ROW(F158)-ROW(F$15),0)","v":"ESGOTO"},{"$f":"IF($D158<>\"Serviço\",\"\",OFFSET(ORÇAMENTO!S$15,ROW(G158)-ROW(G$15),0))","v":""},{"$f":"IF($D158<>\"Serviço\",0,IF(ACOMPANHAMENTO=\"BM\",ROUND(OFFSET(ORÇAMENTO!AJ$15,ROW(H158)-ROW(H$15),0),15-13*ORÇAMENTO!$AF$7),SUMPRODUCT(($Q$12:$AA$12<>\"\")*ROUND($Q158:$AA158,15-13*ORÇAMENTO!$AF$7))))","v":0},null,null,null,".",{"$f":"IF($D158<>\"Serviço\",\"\",IF(AUTOEVENTO=\"manual\",$A158,IF(ISERROR(MATCH($A158,$A$15:OFFSET($A158,-1,0),0)),MAX($M$15:OFFSET(M158,-1,0))+1,INDEX($M$15:OFFSET(M158,-1,0),MATCH($A158,$A$15:OFFSET($A158,-1,0),0)))))","v":""},{"$f":"IF($D158<>\"Serviço\",\"\",IF(AUTOEVENTO=\"Manual\",IF($A158=0,\"<-- defina o número do agrupador\",OFFSET(EVENTOS!$D$14,$A158,0)),OFFSET($F$15,$A158,0)))","v":""},null,null,null,null,null,null,null,null,null,null,null,null,null,{"$f":"IF(AND($D158=\"Serviço\",AB$12<>0,$H158>0,OR(AUTOEVENTO<>\"manual\",$M158<>1)),\nIF(Import.TipoArredondamento<>\"TransfereGOV\",\nROUND(OFFSET($P158,0,AB$13),15-13*ORÇAMENTO!$AF$7)/$H158*OFFSET(ORÇAMENTO!$X$15,ROW(AB158)-ROW(AB$15),0),\nROUND(ROUND(OFFSET($P158,0,AB$13),15-13*ORÇAMENTO!$AF$7)*OFFSET(ORÇAMENTO!$W$15,ROW(AB158)-ROW(AB$15),0),15-13*ORÇAMENTO!$AF$11)),0)","v":0},{"$f":"IF(AND($D158=\"Serviço\",AC$12<>0,$H158>0,OR(AUTOEVENTO<>\"manual\",$M158<>1)),\nIF(Import.TipoArredondamento<>\"TransfereGOV\",\nROUND(OFFSET($P158,0,AC$13),15-13*ORÇAMENTO!$AF$7)/$H158*OFFSET(ORÇAMENTO!$X$15,ROW(AC158)-ROW(AC$15),0),\nROUND(ROUND(OFFSET($P158,0,AC$13),15-13*ORÇAMENTO!$AF$7)*OFFSET(ORÇAMENTO!$W$15,ROW(AC158)-ROW(AC$15),0),15-13*ORÇAMENTO!$AF$11)),0)","v":0},{"$f":"IF(AND($D158=\"Serviço\",AD$12<>0,$H158>0,OR(AUTOEVENTO<>\"manual\",$M158<>1)),\nIF(Import.TipoArredondamento<>\"TransfereGOV\",\nROUND(OFFSET($P158,0,AD$13),15-13*ORÇAMENTO!$AF$7)/$H158*OFFSET(ORÇAMENTO!$X$15,ROW(AD158)-ROW(AD$15),0),\nROUND(ROUND(OFFSET($P158,0,AD$13),15-13*ORÇAMENTO!$AF$7)*OFFSET(ORÇAMENTO!$W$15,ROW(AD158)-ROW(AD$15),0),15-13*ORÇAMENTO!$AF$11)),0)","v":0},{"$f":"IF(AND($D158=\"Serviço\",AE$12<>0,$H158>0,OR(AUTOEVENTO<>\"manual\",$M158<>1)),\nIF(Import.TipoArredondamento<>\"TransfereGOV\",\nROUND(OFFSET($P158,0,AE$13),15-13*ORÇAMENTO!$AF$7)/$H158*OFFSET(ORÇAMENTO!$X$15,ROW(AE158)-ROW(AE$15),0),\nROUND(ROUND(OFFSET($P158,0,AE$13),15-13*ORÇAMENTO!$AF$7)*OFFSET(ORÇAMENTO!$W$15,ROW(AE158)-ROW(AE$15),0),15-13*ORÇAMENTO!$AF$11)),0)","v":0},{"$f":"IF(AND($D158=\"Serviço\",AF$12<>0,$H158>0,OR(AUTOEVENTO<>\"manual\",$M158<>1)),\nIF(Import.TipoArredondamento<>\"TransfereGOV\",\nROUND(OFFSET($P158,0,AF$13),15-13*ORÇAMENTO!$AF$7)/$H158*OFFSET(ORÇAMENTO!$X$15,ROW(AF158)-ROW(AF$15),0),\nROUND(ROUND(OFFSET($P158,0,AF$13),15-13*ORÇAMENTO!$AF$7)*OFFSET(ORÇAMENTO!$W$15,ROW(AF158)-ROW(AF$15),0),15-13*ORÇAMENTO!$AF$11)),0)","v":0},{"$f":"IF(AND($D158=\"Serviço\",AG$12<>0,$H158>0,OR(AUTOEVENTO<>\"manual\",$M158<>1)),\nIF(Import.TipoArredondamento<>\"TransfereGOV\",\nROUND(OFFSET($P158,0,AG$13),15-13*ORÇAMENTO!$AF$7)/$H158*OFFSET(ORÇAMENTO!$X$15,ROW(AG158)-ROW(AG$15),0),\nROUND(ROUND(OFFSET($P158,0,AG$13),15-13*ORÇAMENTO!$AF$7)*OFFSET(ORÇAMENTO!$W$15,ROW(AG158)-ROW(AG$15),0),15-13*ORÇAMENTO!$AF$11)),0)","v":0},{"$f":"IF(AND($D158=\"Serviço\",AH$12<>0,$H158>0,OR(AUTOEVENTO<>\"manual\",$M158<>1)),\nIF(Import.TipoArredondamento<>\"TransfereGOV\",\nROUND(OFFSET($P158,0,AH$13),15-13*ORÇAMENTO!$AF$7)/$H158*OFFSET(ORÇAMENTO!$X$15,ROW(AH158)-ROW(AH$15),0),\nROUND(ROUND(OFFSET($P158,0,AH$13),15-13*ORÇAMENTO!$AF$7)*OFFSET(ORÇAMENTO!$W$15,ROW(AH158)-ROW(AH$15),0),15-13*ORÇAMENTO!$AF$11)),0)","v":0},{"$f":"IF(AND($D158=\"Serviço\",AI$12<>0,$H158>0,OR(AUTOEVENTO<>\"manual\",$M158<>1)),\nIF(Import.TipoArredondamento<>\"TransfereGOV\",\nROUND(OFFSET($P158,0,AI$13),15-13*ORÇAMENTO!$AF$7)/$H158*OFFSET(ORÇAMENTO!$X$15,ROW(AI158)-ROW(AI$15),0),\nROUND(ROUND(OFFSET($P158,0,AI$13),15-13*ORÇAMENTO!$AF$7)*OFFSET(ORÇAMENTO!$W$15,ROW(AI158)-ROW(AI$15),0),15-13*ORÇAMENTO!$AF$11)),0)","v":0},{"$f":"IF(AND($D158=\"Serviço\",AJ$12<>0,$H158>0,OR(AUTOEVENTO<>\"manual\",$M158<>1)),\nIF(Import.TipoArredondamento<>\"TransfereGOV\",\nROUND(OFFSET($P158,0,AJ$13),15-13*ORÇAMENTO!$AF$7)/$H158*OFFSET(ORÇAMENTO!$X$15,ROW(AJ158)-ROW(AJ$15),0),\nROUND(ROUND(OFFSET($P158,0,AJ$13),15-13*ORÇAMENTO!$AF$7)*OFFSET(ORÇAMENTO!$W$15,ROW(AJ158)-ROW(AJ$15),0),15-13*ORÇAMENTO!$AF$11)),0)","v":0},{"$f":"IF(AND($D158=\"Serviço\",AK$12<>0,$H158>0,OR(AUTOEVENTO<>\"manual\",$M158<>1)),\nIF(Import.TipoArredondamento<>\"TransfereGOV\",\nROUND(OFFSET($P158,0,AK$13),15-13*ORÇAMENTO!$AF$7)/$H158*OFFSET(ORÇAMENTO!$X$15,ROW(AK158)-ROW(AK$15),0),\nROUND(ROUND(OFFSET($P158,0,AK$13),15-13*ORÇAMENTO!$AF$7)*OFFSET(ORÇAMENTO!$W$15,ROW(AK158)-ROW(AK$15),0),15-13*ORÇAMENTO!$AF$11)),0)","v":0},null,{"$f":"IF($D158<>\"Serviço\",0,IF(AND(AUTOEVENTO=\"Manual\",$M158=1),0,IF(OFFSET(CRONOPLE!$F$14,$M158,AM$13)=\"\",10^12,OFFSET(CRONOPLE!$F$14,$M158,AM$13))))","v":0},{"$f":"IF($D158<>\"Serviço\",0,IF(AND(AUTOEVENTO=\"Manual\",$M158=1),0,IF(OFFSET(CRONOPLE!$F$14,$M158,AN$13)=\"\",10^12,OFFSET(CRONOPLE!$F$14,$M158,AN$13))))","v":0},{"$f":"IF($D158<>\"Serviço\",0,IF(AND(AUTOEVENTO=\"Manual\",$M158=1),0,IF(OFFSET(CRONOPLE!$F$14,$M158,AO$13)=\"\",10^12,OFFSET(CRONOPLE!$F$14,$M158,AO$13))))","v":0},{"$f":"IF($D158<>\"Serviço\",0,IF(AND(AUTOEVENTO=\"Manual\",$M158=1),0,IF(OFFSET(CRONOPLE!$F$14,$M158,AP$13)=\"\",10^12,OFFSET(CRONOPLE!$F$14,$M158,AP$13))))","v":0},{"$f":"IF($D158<>\"Serviço\",0,IF(AND(AUTOEVENTO=\"Manual\",$M158=1),0,IF(OFFSET(CRONOPLE!$F$14,$M158,AQ$13)=\"\",10^12,OFFSET(CRONOPLE!$F$14,$M158,AQ$13))))","v":0},{"$f":"IF($D158<>\"Serviço\",0,IF(AND(AUTOEVENTO=\"Manual\",$M158=1),0,IF(OFFSET(CRONOPLE!$F$14,$M158,AR$13)=\"\",10^12,OFFSET(CRONOPLE!$F$14,$M158,AR$13))))","v":0},{"$f":"IF($D158<>\"Serviço\",0,IF(AND(AUTOEVENTO=\"Manual\",$M158=1),0,IF(OFFSET(CRONOPLE!$F$14,$M158,AS$13)=\"\",10^12,OFFSET(CRONOPLE!$F$14,$M158,AS$13))))","v":0},{"$f":"IF($D158<>\"Serviço\",0,IF(AND(AUTOEVENTO=\"Manual\",$M158=1),0,IF(OFFSET(CRONOPLE!$F$14,$M158,AT$13)=\"\",10^12,OFFSET(CRONOPLE!$F$14,$M158,AT$13))))","v":0},{"$f":"IF($D158<>\"Serviço\",0,IF(AND(AUTOEVENTO=\"Manual\",$M158=1),0,IF(OFFSET(CRONOPLE!$F$14,$M158,AU$13)=\"\",10^12,OFFSET(CRONOPLE!$F$14,$M158,AU$13))))","v":0},{"$f":"IF($D158<>\"Serviço\",0,IF(AND(AUTOEVENTO=\"Manual\",$M158=1),0,IF(OFFSET(CRONOPLE!$F$14,$M158,AV$13)=\"\",10^12,OFFSET(CRONOPLE!$F$14,$M158,AV$13))))","v":0},null,{"$f":"IF($D158<>\"Serviço\",0,IF(OR(AND(AUTOEVENTO=\"Manual\",$M158=1),$M158>(ROW(PLE.lastrow)-ROW(PLE.firstrow))),0,IF(OFFSET(PLE!$G$14,$M158,AX$13)=\"\",10^12,OFFSET(PLE!$G$14,$M158,AX$13))))","v":0},{"$f":"IF($D158<>\"Serviço\",0,IF(OR(AND(AUTOEVENTO=\"Manual\",$M158=1),$M158>(ROW(PLE.lastrow)-ROW(PLE.firstrow))),0,IF(OFFSET(PLE!$G$14,$M158,AY$13)=\"\",10^12,OFFSET(PLE!$G$14,$M158,AY$13))))","v":0},{"$f":"IF($D158<>\"Serviço\",0,IF(OR(AND(AUTOEVENTO=\"Manual\",$M158=1),$M158>(ROW(PLE.lastrow)-ROW(PLE.firstrow))),0,IF(OFFSET(PLE!$G$14,$M158,AZ$13)=\"\",10^12,OFFSET(PLE!$G$14,$M158,AZ$13))))","v":0},{"$f":"IF($D158<>\"Serviço\",0,IF(OR(AND(AUTOEVENTO=\"Manual\",$M158=1),$M158>(ROW(PLE.lastrow)-ROW(PLE.firstrow))),0,IF(OFFSET(PLE!$G$14,$M158,BA$13)=\"\",10^12,OFFSET(PLE!$G$14,$M158,BA$13))))","v":0},{"$f":"IF($D158<>\"Serviço\",0,IF(OR(AND(AUTOEVENTO=\"Manual\",$M158=1),$M158>(ROW(PLE.lastrow)-ROW(PLE.firstrow))),0,IF(OFFSET(PLE!$G$14,$M158,BB$13)=\"\",10^12,OFFSET(PLE!$G$14,$M158,BB$13))))","v":0},{"$f":"IF($D158<>\"Serviço\",0,IF(OR(AND(AUTOEVENTO=\"Manual\",$M158=1),$M158>(ROW(PLE.lastrow)-ROW(PLE.firstrow))),0,IF(OFFSET(PLE!$G$14,$M158,BC$13)=\"\",10^12,OFFSET(PLE!$G$14,$M158,BC$13))))","v":0},{"$f":"IF($D158<>\"Serviço\",0,IF(OR(AND(AUTOEVENTO=\"Manual\",$M158=1),$M158>(ROW(PLE.lastrow)-ROW(PLE.firstrow))),0,IF(OFFSET(PLE!$G$14,$M158,BD$13)=\"\",10^12,OFFSET(PLE!$G$14,$M158,BD$13))))","v":0},{"$f":"IF($D158<>\"Serviço\",0,IF(OR(AND(AUTOEVENTO=\"Manual\",$M158=1),$M158>(ROW(PLE.lastrow)-ROW(PLE.firstrow))),0,IF(OFFSET(PLE!$G$14,$M158,BE$13)=\"\",10^12,OFFSET(PLE!$G$14,$M158,BE$13))))","v":0},{"$f":"IF($D158<>\"Serviço\",0,IF(OR(AND(AUTOEVENTO=\"Manual\",$M158=1),$M158>(ROW(PLE.lastrow)-ROW(PLE.firstrow))),0,IF(OFFSET(PLE!$G$14,$M158,BF$13)=\"\",10^12,OFFSET(PLE!$G$14,$M158,BF$13))))","v":0},{"$f":"IF($D158<>\"Serviço\",0,IF(OR(AND(AUTOEVENTO=\"Manual\",$M158=1),$M158>(ROW(PLE.lastrow)-ROW(PLE.firstrow))),0,IF(OFFSET(PLE!$G$14,$M158,BG$13)=\"\",10^12,OFFSET(PLE!$G$14,$M158,BG$13))))","v":0}]
[{"$f":"IF(AUTOEVENTO=\"Manual\",IF(K159<>\"\",MIN(VALUE(LEFT(K159,FIND(\".\",K159)-1)),COUNTA(EVENTOS.Lista)),0),IF(OR($B159>AUTOEVENTO,$B159=\"S\",$B159=0),SUBSTITUTE(OFFSET($A159,-1,0),IF($D159=\"Serviço\",\".\",\"\"),\"\"),ROW(A159)-ROW($A$15)&\".\"))","v":"127"},{"$f":"OFFSET(ORÇAMENTO!C$15,ROW(B159)-ROW(B$15),0)","v":"S"},{"$f":"OFFSET(ORÇAMENTO!L$15,ROW(C159)-ROW(C$15),0)","v":"F"},{"$f":"OFFSET(ORÇAMENTO!N$15,ROW(D159)-ROW(D$15),0)","v":"Serviço"},{"$f":"OFFSET(ORÇAMENTO!O$15,ROW(E159)-ROW(E$15),0)","v":"1.8.2.1."},{"$f":"OFFSET(ORÇAMENTO!R$15,ROW(F159)-ROW(F$15),0)","v":"TUBO PVC, SERIE NORMAL, ESGOTO PREDIAL, DN 100 MM, FORNECIDO E INSTALADO EM RAMAL DE DESCARGA OU RAMAL DE ESGOTO SANITÁRIO. AF_08/2022"},{"$f":"IF($D159<>\"Serviço\",\"\",OFFSET(ORÇAMENTO!S$15,ROW(G159)-ROW(G$15),0))","v":"M"},{"$f":"IF($D159<>\"Serviço\",0,IF(ACOMPANHAMENTO=\"BM\",ROUND(OFFSET(ORÇAMENTO!AJ$15,ROW(H159)-ROW(H$15),0),15-13*ORÇAMENTO!$AF$7),SUMPRODUCT(($Q$12:$AA$12<>\"\")*ROUND($Q159:$AA159,15-13*ORÇAMENTO!$AF$7))))","v":22.19},null,null,null,".",{"$f":"IF($D159<>\"Serviço\",\"\",IF(AUTOEVENTO=\"manual\",$A159,IF(ISERROR(MATCH($A159,$A$15:OFFSET($A159,-1,0),0)),MAX($M$15:OFFSET(M159,-1,0))+1,INDEX($M$15:OFFSET(M159,-1,0),MATCH($A159,$A$15:OFFSET($A159,-1,0),0)))))","v":9},{"$f":"IF($D159<>\"Serviço\",\"\",IF(AUTOEVENTO=\"Manual\",IF($A159=0,\"<-- defina o número do agrupador\",OFFSET(EVENTOS!$D$14,$A159,0)),OFFSET($F$15,$A159,0)))","v":"INSTALAÇÕES HIDROSSANITÁRIAS"},null,null,null,null,null,null,null,null,null,null,null,null,null,{"$f":"IF(AND($D159=\"Serviço\",AB$12<>0,$H159>0,OR(AUTOEVENTO<>\"manual\",$M159<>1)),\nIF(Import.TipoArredondamento<>\"TransfereGOV\",\nROUND(OFFSET($P159,0,AB$13),15-13*ORÇAMENTO!$AF$7)/$H159*OFFSET(ORÇAMENTO!$X$15,ROW(AB159)-ROW(AB$15),0),\nROUND(ROUND(OFFSET($P159,0,AB$13),15-13*ORÇAMENTO!$AF$7)*OFFSET(ORÇAMENTO!$W$15,ROW(AB159)-ROW(AB$15),0),15-13*ORÇAMENTO!$AF$11)),0)","v":0},{"$f":"IF(AND($D159=\"Serviço\",AC$12<>0,$H159>0,OR(AUTOEVENTO<>\"manual\",$M159<>1)),\nIF(Import.TipoArredondamento<>\"TransfereGOV\",\nROUND(OFFSET($P159,0,AC$13),15-13*ORÇAMENTO!$AF$7)/$H159*OFFSET(ORÇAMENTO!$X$15,ROW(AC159)-ROW(AC$15),0),\nROUND(ROUND(OFFSET($P159,0,AC$13),15-13*ORÇAMENTO!$AF$7)*OFFSET(ORÇAMENTO!$W$15,ROW(AC159)-ROW(AC$15),0),15-13*ORÇAMENTO!$AF$11)),0)","v":0},{"$f":"IF(AND($D159=\"Serviço\",AD$12<>0,$H159>0,OR(AUTOEVENTO<>\"manual\",$M159<>1)),\nIF(Import.TipoArredondamento<>\"TransfereGOV\",\nROUND(OFFSET($P159,0,AD$13),15-13*ORÇAMENTO!$AF$7)/$H159*OFFSET(ORÇAMENTO!$X$15,ROW(AD159)-ROW(AD$15),0),\nROUND(ROUND(OFFSET($P159,0,AD$13),15-13*ORÇAMENTO!$AF$7)*OFFSET(ORÇAMENTO!$W$15,ROW(AD159)-ROW(AD$15),0),15-13*ORÇAMENTO!$AF$11)),0)","v":0},{"$f":"IF(AND($D159=\"Serviço\",AE$12<>0,$H159>0,OR(AUTOEVENTO<>\"manual\",$M159<>1)),\nIF(Import.TipoArredondamento<>\"TransfereGOV\",\nROUND(OFFSET($P159,0,AE$13),15-13*ORÇAMENTO!$AF$7)/$H159*OFFSET(ORÇAMENTO!$X$15,ROW(AE159)-ROW(AE$15),0),\nROUND(ROUND(OFFSET($P159,0,AE$13),15-13*ORÇAMENTO!$AF$7)*OFFSET(ORÇAMENTO!$W$15,ROW(AE159)-ROW(AE$15),0),15-13*ORÇAMENTO!$AF$11)),0)","v":0},{"$f":"IF(AND($D159=\"Serviço\",AF$12<>0,$H159>0,OR(AUTOEVENTO<>\"manual\",$M159<>1)),\nIF(Import.TipoArredondamento<>\"TransfereGOV\",\nROUND(OFFSET($P159,0,AF$13),15-13*ORÇAMENTO!$AF$7)/$H159*OFFSET(ORÇAMENTO!$X$15,ROW(AF159)-ROW(AF$15),0),\nROUND(ROUND(OFFSET($P159,0,AF$13),15-13*ORÇAMENTO!$AF$7)*OFFSET(ORÇAMENTO!$W$15,ROW(AF159)-ROW(AF$15),0),15-13*ORÇAMENTO!$AF$11)),0)","v":0},{"$f":"IF(AND($D159=\"Serviço\",AG$12<>0,$H159>0,OR(AUTOEVENTO<>\"manual\",$M159<>1)),\nIF(Import.TipoArredondamento<>\"TransfereGOV\",\nROUND(OFFSET($P159,0,AG$13),15-13*ORÇAMENTO!$AF$7)/$H159*OFFSET(ORÇAMENTO!$X$15,ROW(AG159)-ROW(AG$15),0),\nROUND(ROUND(OFFSET($P159,0,AG$13),15-13*ORÇAMENTO!$AF$7)*OFFSET(ORÇAMENTO!$W$15,ROW(AG159)-ROW(AG$15),0),15-13*ORÇAMENTO!$AF$11)),0)","v":0},{"$f":"IF(AND($D159=\"Serviço\",AH$12<>0,$H159>0,OR(AUTOEVENTO<>\"manual\",$M159<>1)),\nIF(Import.TipoArredondamento<>\"TransfereGOV\",\nROUND(OFFSET($P159,0,AH$13),15-13*ORÇAMENTO!$AF$7)/$H159*OFFSET(ORÇAMENTO!$X$15,ROW(AH159)-ROW(AH$15),0),\nROUND(ROUND(OFFSET($P159,0,AH$13),15-13*ORÇAMENTO!$AF$7)*OFFSET(ORÇAMENTO!$W$15,ROW(AH159)-ROW(AH$15),0),15-13*ORÇAMENTO!$AF$11)),0)","v":0},{"$f":"IF(AND($D159=\"Serviço\",AI$12<>0,$H159>0,OR(AUTOEVENTO<>\"manual\",$M159<>1)),\nIF(Import.TipoArredondamento<>\"TransfereGOV\",\nROUND(OFFSET($P159,0,AI$13),15-13*ORÇAMENTO!$AF$7)/$H159*OFFSET(ORÇAMENTO!$X$15,ROW(AI159)-ROW(AI$15),0),\nROUND(ROUND(OFFSET($P159,0,AI$13),15-13*ORÇAMENTO!$AF$7)*OFFSET(ORÇAMENTO!$W$15,ROW(AI159)-ROW(AI$15),0),15-13*ORÇAMENTO!$AF$11)),0)","v":0},{"$f":"IF(AND($D159=\"Serviço\",AJ$12<>0,$H159>0,OR(AUTOEVENTO<>\"manual\",$M159<>1)),\nIF(Import.TipoArredondamento<>\"TransfereGOV\",\nROUND(OFFSET($P159,0,AJ$13),15-13*ORÇAMENTO!$AF$7)/$H159*OFFSET(ORÇAMENTO!$X$15,ROW(AJ159)-ROW(AJ$15),0),\nROUND(ROUND(OFFSET($P159,0,AJ$13),15-13*ORÇAMENTO!$AF$7)*OFFSET(ORÇAMENTO!$W$15,ROW(AJ159)-ROW(AJ$15),0),15-13*ORÇAMENTO!$AF$11)),0)","v":0},{"$f":"IF(AND($D159=\"Serviço\",AK$12<>0,$H159>0,OR(AUTOEVENTO<>\"manual\",$M159<>1)),\nIF(Import.TipoArredondamento<>\"TransfereGOV\",\nROUND(OFFSET($P159,0,AK$13),15-13*ORÇAMENTO!$AF$7)/$H159*OFFSET(ORÇAMENTO!$X$15,ROW(AK159)-ROW(AK$15),0),\nROUND(ROUND(OFFSET($P159,0,AK$13),15-13*ORÇAMENTO!$AF$7)*OFFSET(ORÇAMENTO!$W$15,ROW(AK159)-ROW(AK$15),0),15-13*ORÇAMENTO!$AF$11)),0)","v":0},null,{"$f":"IF($D159<>\"Serviço\",0,IF(AND(AUTOEVENTO=\"Manual\",$M159=1),0,IF(OFFSET(CRONOPLE!$F$14,$M159,AM$13)=\"\",10^12,OFFSET(CRONOPLE!$F$14,$M159,AM$13))))","v":1000000000000},{"$f":"IF($D159<>\"Serviço\",0,IF(AND(AUTOEVENTO=\"Manual\",$M159=1),0,IF(OFFSET(CRONOPLE!$F$14,$M159,AN$13)=\"\",10^12,OFFSET(CRONOPLE!$F$14,$M159,AN$13))))","v":1000000000000},{"$f":"IF($D159<>\"Serviço\",0,IF(AND(AUTOEVENTO=\"Manual\",$M159=1),0,IF(OFFSET(CRONOPLE!$F$14,$M159,AO$13)=\"\",10^12,OFFSET(CRONOPLE!$F$14,$M159,AO$13))))","v":1000000000000},{"$f":"IF($D159<>\"Serviço\",0,IF(AND(AUTOEVENTO=\"Manual\",$M159=1),0,IF(OFFSET(CRONOPLE!$F$14,$M159,AP$13)=\"\",10^12,OFFSET(CRONOPLE!$F$14,$M159,AP$13))))","v":1000000000000},{"$f":"IF($D159<>\"Serviço\",0,IF(AND(AUTOEVENTO=\"Manual\",$M159=1),0,IF(OFFSET(CRONOPLE!$F$14,$M159,AQ$13)=\"\",10^12,OFFSET(CRONOPLE!$F$14,$M159,AQ$13))))","v":1000000000000},{"$f":"IF($D159<>\"Serviço\",0,IF(AND(AUTOEVENTO=\"Manual\",$M159=1),0,IF(OFFSET(CRONOPLE!$F$14,$M159,AR$13)=\"\",10^12,OFFSET(CRONOPLE!$F$14,$M159,AR$13))))","v":1000000000000},{"$f":"IF($D159<>\"Serviço\",0,IF(AND(AUTOEVENTO=\"Manual\",$M159=1),0,IF(OFFSET(CRONOPLE!$F$14,$M159,AS$13)=\"\",10^12,OFFSET(CRONOPLE!$F$14,$M159,AS$13))))","v":1000000000000},{"$f":"IF($D159<>\"Serviço\",0,IF(AND(AUTOEVENTO=\"Manual\",$M159=1),0,IF(OFFSET(CRONOPLE!$F$14,$M159,AT$13)=\"\",10^12,OFFSET(CRONOPLE!$F$14,$M159,AT$13))))","v":1000000000000},{"$f":"IF($D159<>\"Serviço\",0,IF(AND(AUTOEVENTO=\"Manual\",$M159=1),0,IF(OFFSET(CRONOPLE!$F$14,$M159,AU$13)=\"\",10^12,OFFSET(CRONOPLE!$F$14,$M159,AU$13))))","v":1000000000000},{"$f":"IF($D159<>\"Serviço\",0,IF(AND(AUTOEVENTO=\"Manual\",$M159=1),0,IF(OFFSET(CRONOPLE!$F$14,$M159,AV$13)=\"\",10^12,OFFSET(CRONOPLE!$F$14,$M159,AV$13))))","v":1000000000000},null,{"$f":"IF($D159<>\"Serviço\",0,IF(OR(AND(AUTOEVENTO=\"Manual\",$M159=1),$M159>(ROW(PLE.lastrow)-ROW(PLE.firstrow))),0,IF(OFFSET(PLE!$G$14,$M159,AX$13)=\"\",10^12,OFFSET(PLE!$G$14,$M159,AX$13))))","v":1000000000000},{"$f":"IF($D159<>\"Serviço\",0,IF(OR(AND(AUTOEVENTO=\"Manual\",$M159=1),$M159>(ROW(PLE.lastrow)-ROW(PLE.firstrow))),0,IF(OFFSET(PLE!$G$14,$M159,AY$13)=\"\",10^12,OFFSET(PLE!$G$14,$M159,AY$13))))","v":1000000000000},{"$f":"IF($D159<>\"Serviço\",0,IF(OR(AND(AUTOEVENTO=\"Manual\",$M159=1),$M159>(ROW(PLE.lastrow)-ROW(PLE.firstrow))),0,IF(OFFSET(PLE!$G$14,$M159,AZ$13)=\"\",10^12,OFFSET(PLE!$G$14,$M159,AZ$13))))","v":1000000000000},{"$f":"IF($D159<>\"Serviço\",0,IF(OR(AND(AUTOEVENTO=\"Manual\",$M159=1),$M159>(ROW(PLE.lastrow)-ROW(PLE.firstrow))),0,IF(OFFSET(PLE!$G$14,$M159,BA$13)=\"\",10^12,OFFSET(PLE!$G$14,$M159,BA$13))))","v":1000000000000},{"$f":"IF($D159<>\"Serviço\",0,IF(OR(AND(AUTOEVENTO=\"Manual\",$M159=1),$M159>(ROW(PLE.lastrow)-ROW(PLE.firstrow))),0,IF(OFFSET(PLE!$G$14,$M159,BB$13)=\"\",10^12,OFFSET(PLE!$G$14,$M159,BB$13))))","v":1000000000000},{"$f":"IF($D159<>\"Serviço\",0,IF(OR(AND(AUTOEVENTO=\"Manual\",$M159=1),$M159>(ROW(PLE.lastrow)-ROW(PLE.firstrow))),0,IF(OFFSET(PLE!$G$14,$M159,BC$13)=\"\",10^12,OFFSET(PLE!$G$14,$M159,BC$13))))","v":1000000000000},{"$f":"IF($D159<>\"Serviço\",0,IF(OR(AND(AUTOEVENTO=\"Manual\",$M159=1),$M159>(ROW(PLE.lastrow)-ROW(PLE.firstrow))),0,IF(OFFSET(PLE!$G$14,$M159,BD$13)=\"\",10^12,OFFSET(PLE!$G$14,$M159,BD$13))))","v":1000000000000},{"$f":"IF($D159<>\"Serviço\",0,IF(OR(AND(AUTOEVENTO=\"Manual\",$M159=1),$M159>(ROW(PLE.lastrow)-ROW(PLE.firstrow))),0,IF(OFFSET(PLE!$G$14,$M159,BE$13)=\"\",10^12,OFFSET(PLE!$G$14,$M159,BE$13))))","v":1000000000000},{"$f":"IF($D159<>\"Serviço\",0,IF(OR(AND(AUTOEVENTO=\"Manual\",$M159=1),$M159>(ROW(PLE.lastrow)-ROW(PLE.firstrow))),0,IF(OFFSET(PLE!$G$14,$M159,BF$13)=\"\",10^12,OFFSET(PLE!$G$14,$M159,BF$13))))","v":1000000000000},{"$f":"IF($D159<>\"Serviço\",0,IF(OR(AND(AUTOEVENTO=\"Manual\",$M159=1),$M159>(ROW(PLE.lastrow)-ROW(PLE.firstrow))),0,IF(OFFSET(PLE!$G$14,$M159,BG$13)=\"\",10^12,OFFSET(PLE!$G$14,$M159,BG$13))))","v":1000000000000}]
["127",{"$f":"OFFSET(ORÇAMENTO!C$15,ROW(B160)-ROW(B$15),0)","v":"S"},{"$f":"OFFSET(ORÇAMENTO!L$15,ROW(C160)-ROW(C$15),0)","v":"F"},{"$f":"OFFSET(ORÇAMENTO!N$15,ROW(D160)-ROW(D$15),0)","v":"Serviço"},{"$f":"OFFSET(ORÇAMENTO!O$15,ROW(E160)-ROW(E$15),0)","v":"1.8.2.2."},{"$f":"OFFSET(ORÇAMENTO!R$15,ROW(F160)-ROW(F$15),0)","v":"TUBO PVC, SERIE NORMAL, ESGOTO PREDIAL, DN 50 MM, FORNECIDO E INSTALADO EM RAMAL DE DESCARGA OU RAMAL DE ESGOTO SANITÁRIO. AF_08/2022"},{"$f":"IF($D160<>\"Serviço\",\"\",OFFSET(ORÇAMENTO!S$15,ROW(G160)-ROW(G$15),0))","v":"M"},{"$f":"IF($D160<>\"Serviço\",0,IF(ACOMPANHAMENTO=\"BM\",ROUND(OFFSET(ORÇAMENTO!AJ$15,ROW(H160)-ROW(H$15),0),15-13*ORÇAMENTO!$AF$7),SUMPRODUCT(($Q$12:$AA$12<>\"\")*ROUND($Q160:$AA160,15-13*ORÇAMENTO!$AF$7))))","v":9.9600000000000009},null,null,null,".",{"$f":"IF($D160<>\"Serviço\",\"\",IF(AUTOEVENTO=\"manual\",$A160,IF(ISERROR(MATCH($A160,$A$15:OFFSET($A160,-1,0),0)),MAX($M$15:OFFSET(M160,-1,0))+1,INDEX($M$15:OFFSET(M160,-1,0),MATCH($A160,$A$15:OFFSET($A160,-1,0),0)))))","v":9},{"$f":"IF($D160<>\"Serviço\",\"\",IF(AUTOEVENTO=\"Manual\",IF($A160=0,\"<-- defina o número do agrupador\",OFFSET(EVENTOS!$D$14,$A160,0)),OFFSET($F$15,$A160,0)))","v":"INSTALAÇÕES HIDROSSANITÁRIAS"},null,null,null,null,null,null,null,null,null,null,null,null,null,{"$f":"IF(AND($D160=\"Serviço\",AB$12<>0,$H160>0,OR(AUTOEVENTO<>\"manual\",$M160<>1)),\nIF(Import.TipoArredondamento<>\"TransfereGOV\",\nROUND(OFFSET($P160,0,AB$13),15-13*ORÇAMENTO!$AF$7)/$H160*OFFSET(ORÇAMENTO!$X$15,ROW(AB160)-ROW(AB$15),0),\nROUND(ROUND(OFFSET($P160,0,AB$13),15-13*ORÇAMENTO!$AF$7)*OFFSET(ORÇAMENTO!$W$15,ROW(AB160)-ROW(AB$15),0),15-13*ORÇAMENTO!$AF$11)),0)","v":0},{"$f":"IF(AND($D160=\"Serviço\",AC$12<>0,$H160>0,OR(AUTOEVENTO<>\"manual\",$M160<>1)),\nIF(Import.TipoArredondamento<>\"TransfereGOV\",\nROUND(OFFSET($P160,0,AC$13),15-13*ORÇAMENTO!$AF$7)/$H160*OFFSET(ORÇAMENTO!$X$15,ROW(AC160)-ROW(AC$15),0),\nROUND(ROUND(OFFSET($P160,0,AC$13),15-13*ORÇAMENTO!$AF$7)*OFFSET(ORÇAMENTO!$W$15,ROW(AC160)-ROW(AC$15),0),15-13*ORÇAMENTO!$AF$11)),0)","v":0},{"$f":"IF(AND($D160=\"Serviço\",AD$12<>0,$H160>0,OR(AUTOEVENTO<>\"manual\",$M160<>1)),\nIF(Import.TipoArredondamento<>\"TransfereGOV\",\nROUND(OFFSET($P160,0,AD$13),15-13*ORÇAMENTO!$AF$7)/$H160*OFFSET(ORÇAMENTO!$X$15,ROW(AD160)-ROW(AD$15),0),\nROUND(ROUND(OFFSET($P160,0,AD$13),15-13*ORÇAMENTO!$AF$7)*OFFSET(ORÇAMENTO!$W$15,ROW(AD160)-ROW(AD$15),0),15-13*ORÇAMENTO!$AF$11)),0)","v":0},{"$f":"IF(AND($D160=\"Serviço\",AE$12<>0,$H160>0,OR(AUTOEVENTO<>\"manual\",$M160<>1)),\nIF(Import.TipoArredondamento<>\"TransfereGOV\",\nROUND(OFFSET($P160,0,AE$13),15-13*ORÇAMENTO!$AF$7)/$H160*OFFSET(ORÇAMENTO!$X$15,ROW(AE160)-ROW(AE$15),0),\nROUND(ROUND(OFFSET($P160,0,AE$13),15-13*ORÇAMENTO!$AF$7)*OFFSET(ORÇAMENTO!$W$15,ROW(AE160)-ROW(AE$15),0),15-13*ORÇAMENTO!$AF$11)),0)","v":0},{"$f":"IF(AND($D160=\"Serviço\",AF$12<>0,$H160>0,OR(AUTOEVENTO<>\"manual\",$M160<>1)),\nIF(Import.TipoArredondamento<>\"TransfereGOV\",\nROUND(OFFSET($P160,0,AF$13),15-13*ORÇAMENTO!$AF$7)/$H160*OFFSET(ORÇAMENTO!$X$15,ROW(AF160)-ROW(AF$15),0),\nROUND(ROUND(OFFSET($P160,0,AF$13),15-13*ORÇAMENTO!$AF$7)*OFFSET(ORÇAMENTO!$W$15,ROW(AF160)-ROW(AF$15),0),15-13*ORÇAMENTO!$AF$11)),0)","v":0},{"$f":"IF(AND($D160=\"Serviço\",AG$12<>0,$H160>0,OR(AUTOEVENTO<>\"manual\",$M160<>1)),\nIF(Import.TipoArredondamento<>\"TransfereGOV\",\nROUND(OFFSET($P160,0,AG$13),15-13*ORÇAMENTO!$AF$7)/$H160*OFFSET(ORÇAMENTO!$X$15,ROW(AG160)-ROW(AG$15),0),\nROUND(ROUND(OFFSET($P160,0,AG$13),15-13*ORÇAMENTO!$AF$7)*OFFSET(ORÇAMENTO!$W$15,ROW(AG160)-ROW(AG$15),0),15-13*ORÇAMENTO!$AF$11)),0)","v":0},{"$f":"IF(AND($D160=\"Serviço\",AH$12<>0,$H160>0,OR(AUTOEVENTO<>\"manual\",$M160<>1)),\nIF(Import.TipoArredondamento<>\"TransfereGOV\",\nROUND(OFFSET($P160,0,AH$13),15-13*ORÇAMENTO!$AF$7)/$H160*OFFSET(ORÇAMENTO!$X$15,ROW(AH160)-ROW(AH$15),0),\nROUND(ROUND(OFFSET($P160,0,AH$13),15-13*ORÇAMENTO!$AF$7)*OFFSET(ORÇAMENTO!$W$15,ROW(AH160)-ROW(AH$15),0),15-13*ORÇAMENTO!$AF$11)),0)","v":0},{"$f":"IF(AND($D160=\"Serviço\",AI$12<>0,$H160>0,OR(AUTOEVENTO<>\"manual\",$M160<>1)),\nIF(Import.TipoArredondamento<>\"TransfereGOV\",\nROUND(OFFSET($P160,0,AI$13),15-13*ORÇAMENTO!$AF$7)/$H160*OFFSET(ORÇAMENTO!$X$15,ROW(AI160)-ROW(AI$15),0),\nROUND(ROUND(OFFSET($P160,0,AI$13),15-13*ORÇAMENTO!$AF$7)*OFFSET(ORÇAMENTO!$W$15,ROW(AI160)-ROW(AI$15),0),15-13*ORÇAMENTO!$AF$11)),0)","v":0},{"$f":"IF(AND($D160=\"Serviço\",AJ$12<>0,$H160>0,OR(AUTOEVENTO<>\"manual\",$M160<>1)),\nIF(Import.TipoArredondamento<>\"TransfereGOV\",\nROUND(OFFSET($P160,0,AJ$13),15-13*ORÇAMENTO!$AF$7)/$H160*OFFSET(ORÇAMENTO!$X$15,ROW(AJ160)-ROW(AJ$15),0),\nROUND(ROUND(OFFSET($P160,0,AJ$13),15-13*ORÇAMENTO!$AF$7)*OFFSET(ORÇAMENTO!$W$15,ROW(AJ160)-ROW(AJ$15),0),15-13*ORÇAMENTO!$AF$11)),0)","v":0},{"$f":"IF(AND($D160=\"Serviço\",AK$12<>0,$H160>0,OR(AUTOEVENTO<>\"manual\",$M160<>1)),\nIF(Import.TipoArredondamento<>\"TransfereGOV\",\nROUND(OFFSET($P160,0,AK$13),15-13*ORÇAMENTO!$AF$7)/$H160*OFFSET(ORÇAMENTO!$X$15,ROW(AK160)-ROW(AK$15),0),\nROUND(ROUND(OFFSET($P160,0,AK$13),15-13*ORÇAMENTO!$AF$7)*OFFSET(ORÇAMENTO!$W$15,ROW(AK160)-ROW(AK$15),0),15-13*ORÇAMENTO!$AF$11)),0)","v":0},null,{"$f":"IF($D160<>\"Serviço\",0,IF(AND(AUTOEVENTO=\"Manual\",$M160=1),0,IF(OFFSET(CRONOPLE!$F$14,$M160,AM$13)=\"\",10^12,OFFSET(CRONOPLE!$F$14,$M160,AM$13))))","v":1000000000000},{"$f":"IF($D160<>\"Serviço\",0,IF(AND(AUTOEVENTO=\"Manual\",$M160=1),0,IF(OFFSET(CRONOPLE!$F$14,$M160,AN$13)=\"\",10^12,OFFSET(CRONOPLE!$F$14,$M160,AN$13))))","v":1000000000000},{"$f":"IF($D160<>\"Serviço\",0,IF(AND(AUTOEVENTO=\"Manual\",$M160=1),0,IF(OFFSET(CRONOPLE!$F$14,$M160,AO$13)=\"\",10^12,OFFSET(CRONOPLE!$F$14,$M160,AO$13))))","v":1000000000000},{"$f":"IF($D160<>\"Serviço\",0,IF(AND(AUTOEVENTO=\"Manual\",$M160=1),0,IF(OFFSET(CRONOPLE!$F$14,$M160,AP$13)=\"\",10^12,OFFSET(CRONOPLE!$F$14,$M160,AP$13))))","v":1000000000000},{"$f":"IF($D160<>\"Serviço\",0,IF(AND(AUTOEVENTO=\"Manual\",$M160=1),0,IF(OFFSET(CRONOPLE!$F$14,$M160,AQ$13)=\"\",10^12,OFFSET(CRONOPLE!$F$14,$M160,AQ$13))))","v":1000000000000},{"$f":"IF($D160<>\"Serviço\",0,IF(AND(AUTOEVENTO=\"Manual\",$M160=1),0,IF(OFFSET(CRONOPLE!$F$14,$M160,AR$13)=\"\",10^12,OFFSET(CRONOPLE!$F$14,$M160,AR$13))))","v":1000000000000},{"$f":"IF($D160<>\"Serviço\",0,IF(AND(AUTOEVENTO=\"Manual\",$M160=1),0,IF(OFFSET(CRONOPLE!$F$14,$M160,AS$13)=\"\",10^12,OFFSET(CRONOPLE!$F$14,$M160,AS$13))))","v":1000000000000},{"$f":"IF($D160<>\"Serviço\",0,IF(AND(AUTOEVENTO=\"Manual\",$M160=1),0,IF(OFFSET(CRONOPLE!$F$14,$M160,AT$13)=\"\",10^12,OFFSET(CRONOPLE!$F$14,$M160,AT$13))))","v":1000000000000},{"$f":"IF($D160<>\"Serviço\",0,IF(AND(AUTOEVENTO=\"Manual\",$M160=1),0,IF(OFFSET(CRONOPLE!$F$14,$M160,AU$13)=\"\",10^12,OFFSET(CRONOPLE!$F$14,$M160,AU$13))))","v":1000000000000},{"$f":"IF($D160<>\"Serviço\",0,IF(AND(AUTOEVENTO=\"Manual\",$M160=1),0,IF(OFFSET(CRONOPLE!$F$14,$M160,AV$13)=\"\",10^12,OFFSET(CRONOPLE!$F$14,$M160,AV$13))))","v":1000000000000},null,{"$f":"IF($D160<>\"Serviço\",0,IF(OR(AND(AUTOEVENTO=\"Manual\",$M160=1),$M160>(ROW(PLE.lastrow)-ROW(PLE.firstrow))),0,IF(OFFSET(PLE!$G$14,$M160,AX$13)=\"\",10^12,OFFSET(PLE!$G$14,$M160,AX$13))))","v":1000000000000},{"$f":"IF($D160<>\"Serviço\",0,IF(OR(AND(AUTOEVENTO=\"Manual\",$M160=1),$M160>(ROW(PLE.lastrow)-ROW(PLE.firstrow))),0,IF(OFFSET(PLE!$G$14,$M160,AY$13)=\"\",10^12,OFFSET(PLE!$G$14,$M160,AY$13))))","v":1000000000000},{"$f":"IF($D160<>\"Serviço\",0,IF(OR(AND(AUTOEVENTO=\"Manual\",$M160=1),$M160>(ROW(PLE.lastrow)-ROW(PLE.firstrow))),0,IF(OFFSET(PLE!$G$14,$M160,AZ$13)=\"\",10^12,OFFSET(PLE!$G$14,$M160,AZ$13))))","v":1000000000000},{"$f":"IF($D160<>\"Serviço\",0,IF(OR(AND(AUTOEVENTO=\"Manual\",$M160=1),$M160>(ROW(PLE.lastrow)-ROW(PLE.firstrow))),0,IF(OFFSET(PLE!$G$14,$M160,BA$13)=\"\",10^12,OFFSET(PLE!$G$14,$M160,BA$13))))","v":1000000000000},{"$f":"IF($D160<>\"Serviço\",0,IF(OR(AND(AUTOEVENTO=\"Manual\",$M160=1),$M160>(ROW(PLE.lastrow)-ROW(PLE.firstrow))),0,IF(OFFSET(PLE!$G$14,$M160,BB$13)=\"\",10^12,OFFSET(PLE!$G$14,$M160,BB$13))))","v":1000000000000},{"$f":"IF($D160<>\"Serviço\",0,IF(OR(AND(AUTOEVENTO=\"Manual\",$M160=1),$M160>(ROW(PLE.lastrow)-ROW(PLE.firstrow))),0,IF(OFFSET(PLE!$G$14,$M160,BC$13)=\"\",10^12,OFFSET(PLE!$G$14,$M160,BC$13))))","v":1000000000000},{"$f":"IF($D160<>\"Serviço\",0,IF(OR(AND(AUTOEVENTO=\"Manual\",$M160=1),$M160>(ROW(PLE.lastrow)-ROW(PLE.firstrow))),0,IF(OFFSET(PLE!$G$14,$M160,BD$13)=\"\",10^12,OFFSET(PLE!$G$14,$M160,BD$13))))","v":1000000000000},{"$f":"IF($D160<>\"Serviço\",0,IF(OR(AND(AUTOEVENTO=\"Manual\",$M160=1),$M160>(ROW(PLE.lastrow)-ROW(PLE.firstrow))),0,IF(OFFSET(PLE!$G$14,$M160,BE$13)=\"\",10^12,OFFSET(PLE!$G$14,$M160,BE$13))))","v":1000000000000},{"$f":"IF($D160<>\"Serviço\",0,IF(OR(AND(AUTOEVENTO=\"Manual\",$M160=1),$M160>(ROW(PLE.lastrow)-ROW(PLE.firstrow))),0,IF(OFFSET(PLE!$G$14,$M160,BF$13)=\"\",10^12,OFFSET(PLE!$G$14,$M160,BF$13))))","v":1000000000000},{"$f":"IF($D160<>\"Serviço\",0,IF(OR(AND(AUTOEVENTO=\"Manual\",$M160=1),$M160>(ROW(PLE.lastrow)-ROW(PLE.firstrow))),0,IF(OFFSET(PLE!$G$14,$M160,BG$13)=\"\",10^12,OFFSET(PLE!$G$14,$M160,BG$13))))","v":1000000000000}]
["127",{"$f":"OFFSET(ORÇAMENTO!C$15,ROW(B161)-ROW(B$15),0)","v":"S"},{"$f":"OFFSET(ORÇAMENTO!L$15,ROW(C161)-ROW(C$15),0)","v":"F"},{"$f":"OFFSET(ORÇAMENTO!N$15,ROW(D161)-ROW(D$15),0)","v":"Serviço"},{"$f":"OFFSET(ORÇAMENTO!O$15,ROW(E161)-ROW(E$15),0)","v":"1.8.2.3."},{"$f":"OFFSET(ORÇAMENTO!R$15,ROW(F161)-ROW(F$15),0)","v":"TUBO PVC, SERIE NORMAL, ESGOTO PREDIAL, DN 40 MM, FORNECIDO E INSTALADO EM RAMAL DE DESCARGA OU RAMAL DE ESGOTO SANITÁRIO. AF_08/2022"},{"$f":"IF($D161<>\"Serviço\",\"\",OFFSET(ORÇAMENTO!S$15,ROW(G161)-ROW(G$15),0))","v":"M"},{"$f":"IF($D161<>\"Serviço\",0,IF(ACOMPANHAMENTO=\"BM\",ROUND(OFFSET(ORÇAMENTO!AJ$15,ROW(H161)-ROW(H$15),0),15-13*ORÇAMENTO!$AF$7),SUMPRODUCT(($Q$12:$AA$12<>\"\")*ROUND($Q161:$AA161,15-13*ORÇAMENTO!$AF$7))))","v":1.8},null,null,null,".",{"$f":"IF($D161<>\"Serviço\",\"\",IF(AUTOEVENTO=\"manual\",$A161,IF(ISERROR(MATCH($A161,$A$15:OFFSET($A161,-1,0),0)),MAX($M$15:OFFSET(M161,-1,0))+1,INDEX($M$15:OFFSET(M161,-1,0),MATCH($A161,$A$15:OFFSET($A161,-1,0),0)))))","v":9},{"$f":"IF($D161<>\"Serviço\",\"\",IF(AUTOEVENTO=\"Manual\",IF($A161=0,\"<-- defina o número do agrupador\",OFFSET(EVENTOS!$D$14,$A161,0)),OFFSET($F$15,$A161,0)))","v":"INSTALAÇÕES HIDROSSANITÁRIAS"},null,null,null,null,null,null,null,null,null,null,null,null,null,{"$f":"IF(AND($D161=\"Serviço\",AB$12<>0,$H161>0,OR(AUTOEVENTO<>\"manual\",$M161<>1)),\nIF(Import.TipoArredondamento<>\"TransfereGOV\",\nROUND(OFFSET($P161,0,AB$13),15-13*ORÇAMENTO!$AF$7)/$H161*OFFSET(ORÇAMENTO!$X$15,ROW(AB161)-ROW(AB$15),0),\nROUND(ROUND(OFFSET($P161,0,AB$13),15-13*ORÇAMENTO!$AF$7)*OFFSET(ORÇAMENTO!$W$15,ROW(AB161)-ROW(AB$15),0),15-13*ORÇAMENTO!$AF$11)),0)","v":0},{"$f":"IF(AND($D161=\"Serviço\",AC$12<>0,$H161>0,OR(AUTOEVENTO<>\"manual\",$M161<>1)),\nIF(Import.TipoArredondamento<>\"TransfereGOV\",\nROUND(OFFSET($P161,0,AC$13),15-13*ORÇAMENTO!$AF$7)/$H161*OFFSET(ORÇAMENTO!$X$15,ROW(AC161)-ROW(AC$15),0),\nROUND(ROUND(OFFSET($P161,0,AC$13),15-13*ORÇAMENTO!$AF$7)*OFFSET(ORÇAMENTO!$W$15,ROW(AC161)-ROW(AC$15),0),15-13*ORÇAMENTO!$AF$11)),0)","v":0},{"$f":"IF(AND($D161=\"Serviço\",AD$12<>0,$H161>0,OR(AUTOEVENTO<>\"manual\",$M161<>1)),\nIF(Import.TipoArredondamento<>\"TransfereGOV\",\nROUND(OFFSET($P161,0,AD$13),15-13*ORÇAMENTO!$AF$7)/$H161*OFFSET(ORÇAMENTO!$X$15,ROW(AD161)-ROW(AD$15),0),\nROUND(ROUND(OFFSET($P161,0,AD$13),15-13*ORÇAMENTO!$AF$7)*OFFSET(ORÇAMENTO!$W$15,ROW(AD161)-ROW(AD$15),0),15-13*ORÇAMENTO!$AF$11)),0)","v":0},{"$f":"IF(AND($D161=\"Serviço\",AE$12<>0,$H161>0,OR(AUTOEVENTO<>\"manual\",$M161<>1)),\nIF(Import.TipoArredondamento<>\"TransfereGOV\",\nROUND(OFFSET($P161,0,AE$13),15-13*ORÇAMENTO!$AF$7)/$H161*OFFSET(ORÇAMENTO!$X$15,ROW(AE161)-ROW(AE$15),0),\nROUND(ROUND(OFFSET($P161,0,AE$13),15-13*ORÇAMENTO!$AF$7)*OFFSET(ORÇAMENTO!$W$15,ROW(AE161)-ROW(AE$15),0),15-13*ORÇAMENTO!$AF$11)),0)","v":0},{"$f":"IF(AND($D161=\"Serviço\",AF$12<>0,$H161>0,OR(AUTOEVENTO<>\"manual\",$M161<>1)),\nIF(Import.TipoArredondamento<>\"TransfereGOV\",\nROUND(OFFSET($P161,0,AF$13),15-13*ORÇAMENTO!$AF$7)/$H161*OFFSET(ORÇAMENTO!$X$15,ROW(AF161)-ROW(AF$15),0),\nROUND(ROUND(OFFSET($P161,0,AF$13),15-13*ORÇAMENTO!$AF$7)*OFFSET(ORÇAMENTO!$W$15,ROW(AF161)-ROW(AF$15),0),15-13*ORÇAMENTO!$AF$11)),0)","v":0},{"$f":"IF(AND($D161=\"Serviço\",AG$12<>0,$H161>0,OR(AUTOEVENTO<>\"manual\",$M161<>1)),\nIF(Import.TipoArredondamento<>\"TransfereGOV\",\nROUND(OFFSET($P161,0,AG$13),15-13*ORÇAMENTO!$AF$7)/$H161*OFFSET(ORÇAMENTO!$X$15,ROW(AG161)-ROW(AG$15),0),\nROUND(ROUND(OFFSET($P161,0,AG$13),15-13*ORÇAMENTO!$AF$7)*OFFSET(ORÇAMENTO!$W$15,ROW(AG161)-ROW(AG$15),0),15-13*ORÇAMENTO!$AF$11)),0)","v":0},{"$f":"IF(AND($D161=\"Serviço\",AH$12<>0,$H161>0,OR(AUTOEVENTO<>\"manual\",$M161<>1)),\nIF(Import.TipoArredondamento<>\"TransfereGOV\",\nROUND(OFFSET($P161,0,AH$13),15-13*ORÇAMENTO!$AF$7)/$H161*OFFSET(ORÇAMENTO!$X$15,ROW(AH161)-ROW(AH$15),0),\nROUND(ROUND(OFFSET($P161,0,AH$13),15-13*ORÇAMENTO!$AF$7)*OFFSET(ORÇAMENTO!$W$15,ROW(AH161)-ROW(AH$15),0),15-13*ORÇAMENTO!$AF$11)),0)","v":0},{"$f":"IF(AND($D161=\"Serviço\",AI$12<>0,$H161>0,OR(AUTOEVENTO<>\"manual\",$M161<>1)),\nIF(Import.TipoArredondamento<>\"TransfereGOV\",\nROUND(OFFSET($P161,0,AI$13),15-13*ORÇAMENTO!$AF$7)/$H161*OFFSET(ORÇAMENTO!$X$15,ROW(AI161)-ROW(AI$15),0),\nROUND(ROUND(OFFSET($P161,0,AI$13),15-13*ORÇAMENTO!$AF$7)*OFFSET(ORÇAMENTO!$W$15,ROW(AI161)-ROW(AI$15),0),15-13*ORÇAMENTO!$AF$11)),0)","v":0},{"$f":"IF(AND($D161=\"Serviço\",AJ$12<>0,$H161>0,OR(AUTOEVENTO<>\"manual\",$M161<>1)),\nIF(Import.TipoArredondamento<>\"TransfereGOV\",\nROUND(OFFSET($P161,0,AJ$13),15-13*ORÇAMENTO!$AF$7)/$H161*OFFSET(ORÇAMENTO!$X$15,ROW(AJ161)-ROW(AJ$15),0),\nROUND(ROUND(OFFSET($P161,0,AJ$13),15-13*ORÇAMENTO!$AF$7)*OFFSET(ORÇAMENTO!$W$15,ROW(AJ161)-ROW(AJ$15),0),15-13*ORÇAMENTO!$AF$11)),0)","v":0},{"$f":"IF(AND($D161=\"Serviço\",AK$12<>0,$H161>0,OR(AUTOEVENTO<>\"manual\",$M161<>1)),\nIF(Import.TipoArredondamento<>\"TransfereGOV\",\nROUND(OFFSET($P161,0,AK$13),15-13*ORÇAMENTO!$AF$7)/$H161*OFFSET(ORÇAMENTO!$X$15,ROW(AK161)-ROW(AK$15),0),\nROUND(ROUND(OFFSET($P161,0,AK$13),15-13*ORÇAMENTO!$AF$7)*OFFSET(ORÇAMENTO!$W$15,ROW(AK161)-ROW(AK$15),0),15-13*ORÇAMENTO!$AF$11)),0)","v":0},null,{"$f":"IF($D161<>\"Serviço\",0,IF(AND(AUTOEVENTO=\"Manual\",$M161=1),0,IF(OFFSET(CRONOPLE!$F$14,$M161,AM$13)=\"\",10^12,OFFSET(CRONOPLE!$F$14,$M161,AM$13))))","v":1000000000000},{"$f":"IF($D161<>\"Serviço\",0,IF(AND(AUTOEVENTO=\"Manual\",$M161=1),0,IF(OFFSET(CRONOPLE!$F$14,$M161,AN$13)=\"\",10^12,OFFSET(CRONOPLE!$F$14,$M161,AN$13))))","v":1000000000000},{"$f":"IF($D161<>\"Serviço\",0,IF(AND(AUTOEVENTO=\"Manual\",$M161=1),0,IF(OFFSET(CRONOPLE!$F$14,$M161,AO$13)=\"\",10^12,OFFSET(CRONOPLE!$F$14,$M161,AO$13))))","v":1000000000000},{"$f":"IF($D161<>\"Serviço\",0,IF(AND(AUTOEVENTO=\"Manual\",$M161=1),0,IF(OFFSET(CRONOPLE!$F$14,$M161,AP$13)=\"\",10^12,OFFSET(CRONOPLE!$F$14,$M161,AP$13))))","v":1000000000000},{"$f":"IF($D161<>\"Serviço\",0,IF(AND(AUTOEVENTO=\"Manual\",$M161=1),0,IF(OFFSET(CRONOPLE!$F$14,$M161,AQ$13)=\"\",10^12,OFFSET(CRONOPLE!$F$14,$M161,AQ$13))))","v":1000000000000},{"$f":"IF($D161<>\"Serviço\",0,IF(AND(AUTOEVENTO=\"Manual\",$M161=1),0,IF(OFFSET(CRONOPLE!$F$14,$M161,AR$13)=\"\",10^12,OFFSET(CRONOPLE!$F$14,$M161,AR$13))))","v":1000000000000},{"$f":"IF($D161<>\"Serviço\",0,IF(AND(AUTOEVENTO=\"Manual\",$M161=1),0,IF(OFFSET(CRONOPLE!$F$14,$M161,AS$13)=\"\",10^12,OFFSET(CRONOPLE!$F$14,$M161,AS$13))))","v":1000000000000},{"$f":"IF($D161<>\"Serviço\",0,IF(AND(AUTOEVENTO=\"Manual\",$M161=1),0,IF(OFFSET(CRONOPLE!$F$14,$M161,AT$13)=\"\",10^12,OFFSET(CRONOPLE!$F$14,$M161,AT$13))))","v":1000000000000},{"$f":"IF($D161<>\"Serviço\",0,IF(AND(AUTOEVENTO=\"Manual\",$M161=1),0,IF(OFFSET(CRONOPLE!$F$14,$M161,AU$13)=\"\",10^12,OFFSET(CRONOPLE!$F$14,$M161,AU$13))))","v":1000000000000},{"$f":"IF($D161<>\"Serviço\",0,IF(AND(AUTOEVENTO=\"Manual\",$M161=1),0,IF(OFFSET(CRONOPLE!$F$14,$M161,AV$13)=\"\",10^12,OFFSET(CRONOPLE!$F$14,$M161,AV$13))))","v":1000000000000},null,{"$f":"IF($D161<>\"Serviço\",0,IF(OR(AND(AUTOEVENTO=\"Manual\",$M161=1),$M161>(ROW(PLE.lastrow)-ROW(PLE.firstrow))),0,IF(OFFSET(PLE!$G$14,$M161,AX$13)=\"\",10^12,OFFSET(PLE!$G$14,$M161,AX$13))))","v":1000000000000},{"$f":"IF($D161<>\"Serviço\",0,IF(OR(AND(AUTOEVENTO=\"Manual\",$M161=1),$M161>(ROW(PLE.lastrow)-ROW(PLE.firstrow))),0,IF(OFFSET(PLE!$G$14,$M161,AY$13)=\"\",10^12,OFFSET(PLE!$G$14,$M161,AY$13))))","v":1000000000000},{"$f":"IF($D161<>\"Serviço\",0,IF(OR(AND(AUTOEVENTO=\"Manual\",$M161=1),$M161>(ROW(PLE.lastrow)-ROW(PLE.firstrow))),0,IF(OFFSET(PLE!$G$14,$M161,AZ$13)=\"\",10^12,OFFSET(PLE!$G$14,$M161,AZ$13))))","v":1000000000000},{"$f":"IF($D161<>\"Serviço\",0,IF(OR(AND(AUTOEVENTO=\"Manual\",$M161=1),$M161>(ROW(PLE.lastrow)-ROW(PLE.firstrow))),0,IF(OFFSET(PLE!$G$14,$M161,BA$13)=\"\",10^12,OFFSET(PLE!$G$14,$M161,BA$13))))","v":1000000000000},{"$f":"IF($D161<>\"Serviço\",0,IF(OR(AND(AUTOEVENTO=\"Manual\",$M161=1),$M161>(ROW(PLE.lastrow)-ROW(PLE.firstrow))),0,IF(OFFSET(PLE!$G$14,$M161,BB$13)=\"\",10^12,OFFSET(PLE!$G$14,$M161,BB$13))))","v":1000000000000},{"$f":"IF($D161<>\"Serviço\",0,IF(OR(AND(AUTOEVENTO=\"Manual\",$M161=1),$M161>(ROW(PLE.lastrow)-ROW(PLE.firstrow))),0,IF(OFFSET(PLE!$G$14,$M161,BC$13)=\"\",10^12,OFFSET(PLE!$G$14,$M161,BC$13))))","v":1000000000000},{"$f":"IF($D161<>\"Serviço\",0,IF(OR(AND(AUTOEVENTO=\"Manual\",$M161=1),$M161>(ROW(PLE.lastrow)-ROW(PLE.firstrow))),0,IF(OFFSET(PLE!$G$14,$M161,BD$13)=\"\",10^12,OFFSET(PLE!$G$14,$M161,BD$13))))","v":1000000000000},{"$f":"IF($D161<>\"Serviço\",0,IF(OR(AND(AUTOEVENTO=\"Manual\",$M161=1),$M161>(ROW(PLE.lastrow)-ROW(PLE.firstrow))),0,IF(OFFSET(PLE!$G$14,$M161,BE$13)=\"\",10^12,OFFSET(PLE!$G$14,$M161,BE$13))))","v":1000000000000},{"$f":"IF($D161<>\"Serviço\",0,IF(OR(AND(AUTOEVENTO=\"Manual\",$M161=1),$M161>(ROW(PLE.lastrow)-ROW(PLE.firstrow))),0,IF(OFFSET(PLE!$G$14,$M161,BF$13)=\"\",10^12,OFFSET(PLE!$G$14,$M161,BF$13))))","v":1000000000000},{"$f":"IF($D161<>\"Serviço\",0,IF(OR(AND(AUTOEVENTO=\"Manual\",$M161=1),$M161>(ROW(PLE.lastrow)-ROW(PLE.firstrow))),0,IF(OFFSET(PLE!$G$14,$M161,BG$13)=\"\",10^12,OFFSET(PLE!$G$14,$M161,BG$13))))","v":1000000000000}]
["127",{"$f":"OFFSET(ORÇAMENTO!C$15,ROW(B162)-ROW(B$15),0)","v":"S"},{"$f":"OFFSET(ORÇAMENTO!L$15,ROW(C162)-ROW(C$15),0)","v":"F"},{"$f":"OFFSET(ORÇAMENTO!N$15,ROW(D162)-ROW(D$15),0)","v":"Serviço"},{"$f":"OFFSET(ORÇAMENTO!O$15,ROW(E162)-ROW(E$15),0)","v":"1.8.2.4."},{"$f":"OFFSET(ORÇAMENTO!R$15,ROW(F162)-ROW(F$15),0)","v":"CURVA CURTA 90 GRAUS, PVC, SERIE NORMAL, ESGOTO PREDIAL, DN 100 MM, JUNTA ELÁSTICA, FORNECIDO E INSTALADO EM RAMAL DE DESCARGA OU RAMAL DE ESGOTO SANITÁRIO. AF_08/2022"},{"$f":"IF($D162<>\"Serviço\",\"\",OFFSET(ORÇAMENTO!S$15,ROW(G162)-ROW(G$15),0))","v":"UN"},{"$f":"IF($D162<>\"Serviço\",0,IF(ACOMPANHAMENTO=\"BM\",ROUND(OFFSET(ORÇAMENTO!AJ$15,ROW(H162)-ROW(H$15),0),15-13*ORÇAMENTO!$AF$7),SUMPRODUCT(($Q$12:$AA$12<>\"\")*ROUND($Q162:$AA162,15-13*ORÇAMENTO!$AF$7))))","v":1},null,null,null,".",{"$f":"IF($D162<>\"Serviço\",\"\",IF(AUTOEVENTO=\"manual\",$A162,IF(ISERROR(MATCH($A162,$A$15:OFFSET($A162,-1,0),0)),MAX($M$15:OFFSET(M162,-1,0))+1,INDEX($M$15:OFFSET(M162,-1,0),MATCH($A162,$A$15:OFFSET($A162,-1,0),0)))))","v":9},{"$f":"IF($D162<>\"Serviço\",\"\",IF(AUTOEVENTO=\"Manual\",IF($A162=0,\"<-- defina o número do agrupador\",OFFSET(EVENTOS!$D$14,$A162,0)),OFFSET($F$15,$A162,0)))","v":"INSTALAÇÕES HIDROSSANITÁRIAS"},null,null,null,null,null,null,null,null,null,null,null,null,null,{"$f":"IF(AND($D162=\"Serviço\",AB$12<>0,$H162>0,OR(AUTOEVENTO<>\"manual\",$M162<>1)),\nIF(Import.TipoArredondamento<>\"TransfereGOV\",\nROUND(OFFSET($P162,0,AB$13),15-13*ORÇAMENTO!$AF$7)/$H162*OFFSET(ORÇAMENTO!$X$15,ROW(AB162)-ROW(AB$15),0),\nROUND(ROUND(OFFSET($P162,0,AB$13),15-13*ORÇAMENTO!$AF$7)*OFFSET(ORÇAMENTO!$W$15,ROW(AB162)-ROW(AB$15),0),15-13*ORÇAMENTO!$AF$11)),0)","v":0},{"$f":"IF(AND($D162=\"Serviço\",AC$12<>0,$H162>0,OR(AUTOEVENTO<>\"manual\",$M162<>1)),\nIF(Import.TipoArredondamento<>\"TransfereGOV\",\nROUND(OFFSET($P162,0,AC$13),15-13*ORÇAMENTO!$AF$7)/$H162*OFFSET(ORÇAMENTO!$X$15,ROW(AC162)-ROW(AC$15),0),\nROUND(ROUND(OFFSET($P162,0,AC$13),15-13*ORÇAMENTO!$AF$7)*OFFSET(ORÇAMENTO!$W$15,ROW(AC162)-ROW(AC$15),0),15-13*ORÇAMENTO!$AF$11)),0)","v":0},{"$f":"IF(AND($D162=\"Serviço\",AD$12<>0,$H162>0,OR(AUTOEVENTO<>\"manual\",$M162<>1)),\nIF(Import.TipoArredondamento<>\"TransfereGOV\",\nROUND(OFFSET($P162,0,AD$13),15-13*ORÇAMENTO!$AF$7)/$H162*OFFSET(ORÇAMENTO!$X$15,ROW(AD162)-ROW(AD$15),0),\nROUND(ROUND(OFFSET($P162,0,AD$13),15-13*ORÇAMENTO!$AF$7)*OFFSET(ORÇAMENTO!$W$15,ROW(AD162)-ROW(AD$15),0),15-13*ORÇAMENTO!$AF$11)),0)","v":0},{"$f":"IF(AND($D162=\"Serviço\",AE$12<>0,$H162>0,OR(AUTOEVENTO<>\"manual\",$M162<>1)),\nIF(Import.TipoArredondamento<>\"TransfereGOV\",\nROUND(OFFSET($P162,0,AE$13),15-13*ORÇAMENTO!$AF$7)/$H162*OFFSET(ORÇAMENTO!$X$15,ROW(AE162)-ROW(AE$15),0),\nROUND(ROUND(OFFSET($P162,0,AE$13),15-13*ORÇAMENTO!$AF$7)*OFFSET(ORÇAMENTO!$W$15,ROW(AE162)-ROW(AE$15),0),15-13*ORÇAMENTO!$AF$11)),0)","v":0},{"$f":"IF(AND($D162=\"Serviço\",AF$12<>0,$H162>0,OR(AUTOEVENTO<>\"manual\",$M162<>1)),\nIF(Import.TipoArredondamento<>\"TransfereGOV\",\nROUND(OFFSET($P162,0,AF$13),15-13*ORÇAMENTO!$AF$7)/$H162*OFFSET(ORÇAMENTO!$X$15,ROW(AF162)-ROW(AF$15),0),\nROUND(ROUND(OFFSET($P162,0,AF$13),15-13*ORÇAMENTO!$AF$7)*OFFSET(ORÇAMENTO!$W$15,ROW(AF162)-ROW(AF$15),0),15-13*ORÇAMENTO!$AF$11)),0)","v":0},{"$f":"IF(AND($D162=\"Serviço\",AG$12<>0,$H162>0,OR(AUTOEVENTO<>\"manual\",$M162<>1)),\nIF(Import.TipoArredondamento<>\"TransfereGOV\",\nROUND(OFFSET($P162,0,AG$13),15-13*ORÇAMENTO!$AF$7)/$H162*OFFSET(ORÇAMENTO!$X$15,ROW(AG162)-ROW(AG$15),0),\nROUND(ROUND(OFFSET($P162,0,AG$13),15-13*ORÇAMENTO!$AF$7)*OFFSET(ORÇAMENTO!$W$15,ROW(AG162)-ROW(AG$15),0),15-13*ORÇAMENTO!$AF$11)),0)","v":0},{"$f":"IF(AND($D162=\"Serviço\",AH$12<>0,$H162>0,OR(AUTOEVENTO<>\"manual\",$M162<>1)),\nIF(Import.TipoArredondamento<>\"TransfereGOV\",\nROUND(OFFSET($P162,0,AH$13),15-13*ORÇAMENTO!$AF$7)/$H162*OFFSET(ORÇAMENTO!$X$15,ROW(AH162)-ROW(AH$15),0),\nROUND(ROUND(OFFSET($P162,0,AH$13),15-13*ORÇAMENTO!$AF$7)*OFFSET(ORÇAMENTO!$W$15,ROW(AH162)-ROW(AH$15),0),15-13*ORÇAMENTO!$AF$11)),0)","v":0},{"$f":"IF(AND($D162=\"Serviço\",AI$12<>0,$H162>0,OR(AUTOEVENTO<>\"manual\",$M162<>1)),\nIF(Import.TipoArredondamento<>\"TransfereGOV\",\nROUND(OFFSET($P162,0,AI$13),15-13*ORÇAMENTO!$AF$7)/$H162*OFFSET(ORÇAMENTO!$X$15,ROW(AI162)-ROW(AI$15),0),\nROUND(ROUND(OFFSET($P162,0,AI$13),15-13*ORÇAMENTO!$AF$7)*OFFSET(ORÇAMENTO!$W$15,ROW(AI162)-ROW(AI$15),0),15-13*ORÇAMENTO!$AF$11)),0)","v":0},{"$f":"IF(AND($D162=\"Serviço\",AJ$12<>0,$H162>0,OR(AUTOEVENTO<>\"manual\",$M162<>1)),\nIF(Import.TipoArredondamento<>\"TransfereGOV\",\nROUND(OFFSET($P162,0,AJ$13),15-13*ORÇAMENTO!$AF$7)/$H162*OFFSET(ORÇAMENTO!$X$15,ROW(AJ162)-ROW(AJ$15),0),\nROUND(ROUND(OFFSET($P162,0,AJ$13),15-13*ORÇAMENTO!$AF$7)*OFFSET(ORÇAMENTO!$W$15,ROW(AJ162)-ROW(AJ$15),0),15-13*ORÇAMENTO!$AF$11)),0)","v":0},{"$f":"IF(AND($D162=\"Serviço\",AK$12<>0,$H162>0,OR(AUTOEVENTO<>\"manual\",$M162<>1)),\nIF(Import.TipoArredondamento<>\"TransfereGOV\",\nROUND(OFFSET($P162,0,AK$13),15-13*ORÇAMENTO!$AF$7)/$H162*OFFSET(ORÇAMENTO!$X$15,ROW(AK162)-ROW(AK$15),0),\nROUND(ROUND(OFFSET($P162,0,AK$13),15-13*ORÇAMENTO!$AF$7)*OFFSET(ORÇAMENTO!$W$15,ROW(AK162)-ROW(AK$15),0),15-13*ORÇAMENTO!$AF$11)),0)","v":0},null,{"$f":"IF($D162<>\"Serviço\",0,IF(AND(AUTOEVENTO=\"Manual\",$M162=1),0,IF(OFFSET(CRONOPLE!$F$14,$M162,AM$13)=\"\",10^12,OFFSET(CRONOPLE!$F$14,$M162,AM$13))))","v":1000000000000},{"$f":"IF($D162<>\"Serviço\",0,IF(AND(AUTOEVENTO=\"Manual\",$M162=1),0,IF(OFFSET(CRONOPLE!$F$14,$M162,AN$13)=\"\",10^12,OFFSET(CRONOPLE!$F$14,$M162,AN$13))))","v":1000000000000},{"$f":"IF($D162<>\"Serviço\",0,IF(AND(AUTOEVENTO=\"Manual\",$M162=1),0,IF(OFFSET(CRONOPLE!$F$14,$M162,AO$13)=\"\",10^12,OFFSET(CRONOPLE!$F$14,$M162,AO$13))))","v":1000000000000},{"$f":"IF($D162<>\"Serviço\",0,IF(AND(AUTOEVENTO=\"Manual\",$M162=1),0,IF(OFFSET(CRONOPLE!$F$14,$M162,AP$13)=\"\",10^12,OFFSET(CRONOPLE!$F$14,$M162,AP$13))))","v":1000000000000},{"$f":"IF($D162<>\"Serviço\",0,IF(AND(AUTOEVENTO=\"Manual\",$M162=1),0,IF(OFFSET(CRONOPLE!$F$14,$M162,AQ$13)=\"\",10^12,OFFSET(CRONOPLE!$F$14,$M162,AQ$13))))","v":1000000000000},{"$f":"IF($D162<>\"Serviço\",0,IF(AND(AUTOEVENTO=\"Manual\",$M162=1),0,IF(OFFSET(CRONOPLE!$F$14,$M162,AR$13)=\"\",10^12,OFFSET(CRONOPLE!$F$14,$M162,AR$13))))","v":1000000000000},{"$f":"IF($D162<>\"Serviço\",0,IF(AND(AUTOEVENTO=\"Manual\",$M162=1),0,IF(OFFSET(CRONOPLE!$F$14,$M162,AS$13)=\"\",10^12,OFFSET(CRONOPLE!$F$14,$M162,AS$13))))","v":1000000000000},{"$f":"IF($D162<>\"Serviço\",0,IF(AND(AUTOEVENTO=\"Manual\",$M162=1),0,IF(OFFSET(CRONOPLE!$F$14,$M162,AT$13)=\"\",10^12,OFFSET(CRONOPLE!$F$14,$M162,AT$13))))","v":1000000000000},{"$f":"IF($D162<>\"Serviço\",0,IF(AND(AUTOEVENTO=\"Manual\",$M162=1),0,IF(OFFSET(CRONOPLE!$F$14,$M162,AU$13)=\"\",10^12,OFFSET(CRONOPLE!$F$14,$M162,AU$13))))","v":1000000000000},{"$f":"IF($D162<>\"Serviço\",0,IF(AND(AUTOEVENTO=\"Manual\",$M162=1),0,IF(OFFSET(CRONOPLE!$F$14,$M162,AV$13)=\"\",10^12,OFFSET(CRONOPLE!$F$14,$M162,AV$13))))","v":1000000000000},null,{"$f":"IF($D162<>\"Serviço\",0,IF(OR(AND(AUTOEVENTO=\"Manual\",$M162=1),$M162>(ROW(PLE.lastrow)-ROW(PLE.firstrow))),0,IF(OFFSET(PLE!$G$14,$M162,AX$13)=\"\",10^12,OFFSET(PLE!$G$14,$M162,AX$13))))","v":1000000000000},{"$f":"IF($D162<>\"Serviço\",0,IF(OR(AND(AUTOEVENTO=\"Manual\",$M162=1),$M162>(ROW(PLE.lastrow)-ROW(PLE.firstrow))),0,IF(OFFSET(PLE!$G$14,$M162,AY$13)=\"\",10^12,OFFSET(PLE!$G$14,$M162,AY$13))))","v":1000000000000},{"$f":"IF($D162<>\"Serviço\",0,IF(OR(AND(AUTOEVENTO=\"Manual\",$M162=1),$M162>(ROW(PLE.lastrow)-ROW(PLE.firstrow))),0,IF(OFFSET(PLE!$G$14,$M162,AZ$13)=\"\",10^12,OFFSET(PLE!$G$14,$M162,AZ$13))))","v":1000000000000},{"$f":"IF($D162<>\"Serviço\",0,IF(OR(AND(AUTOEVENTO=\"Manual\",$M162=1),$M162>(ROW(PLE.lastrow)-ROW(PLE.firstrow))),0,IF(OFFSET(PLE!$G$14,$M162,BA$13)=\"\",10^12,OFFSET(PLE!$G$14,$M162,BA$13))))","v":1000000000000},{"$f":"IF($D162<>\"Serviço\",0,IF(OR(AND(AUTOEVENTO=\"Manual\",$M162=1),$M162>(ROW(PLE.lastrow)-ROW(PLE.firstrow))),0,IF(OFFSET(PLE!$G$14,$M162,BB$13)=\"\",10^12,OFFSET(PLE!$G$14,$M162,BB$13))))","v":1000000000000},{"$f":"IF($D162<>\"Serviço\",0,IF(OR(AND(AUTOEVENTO=\"Manual\",$M162=1),$M162>(ROW(PLE.lastrow)-ROW(PLE.firstrow))),0,IF(OFFSET(PLE!$G$14,$M162,BC$13)=\"\",10^12,OFFSET(PLE!$G$14,$M162,BC$13))))","v":1000000000000},{"$f":"IF($D162<>\"Serviço\",0,IF(OR(AND(AUTOEVENTO=\"Manual\",$M162=1),$M162>(ROW(PLE.lastrow)-ROW(PLE.firstrow))),0,IF(OFFSET(PLE!$G$14,$M162,BD$13)=\"\",10^12,OFFSET(PLE!$G$14,$M162,BD$13))))","v":1000000000000},{"$f":"IF($D162<>\"Serviço\",0,IF(OR(AND(AUTOEVENTO=\"Manual\",$M162=1),$M162>(ROW(PLE.lastrow)-ROW(PLE.firstrow))),0,IF(OFFSET(PLE!$G$14,$M162,BE$13)=\"\",10^12,OFFSET(PLE!$G$14,$M162,BE$13))))","v":1000000000000},{"$f":"IF($D162<>\"Serviço\",0,IF(OR(AND(AUTOEVENTO=\"Manual\",$M162=1),$M162>(ROW(PLE.lastrow)-ROW(PLE.firstrow))),0,IF(OFFSET(PLE!$G$14,$M162,BF$13)=\"\",10^12,OFFSET(PLE!$G$14,$M162,BF$13))))","v":1000000000000},{"$f":"IF($D162<>\"Serviço\",0,IF(OR(AND(AUTOEVENTO=\"Manual\",$M162=1),$M162>(ROW(PLE.lastrow)-ROW(PLE.firstrow))),0,IF(OFFSET(PLE!$G$14,$M162,BG$13)=\"\",10^12,OFFSET(PLE!$G$14,$M162,BG$13))))","v":1000000000000}]
["127",{"$f":"OFFSET(ORÇAMENTO!C$15,ROW(B163)-ROW(B$15),0)","v":"S"},{"$f":"OFFSET(ORÇAMENTO!L$15,ROW(C163)-ROW(C$15),0)","v":"F"},{"$f":"OFFSET(ORÇAMENTO!N$15,ROW(D163)-ROW(D$15),0)","v":"Serviço"},{"$f":"OFFSET(ORÇAMENTO!O$15,ROW(E163)-ROW(E$15),0)","v":"1.8.2.5."},{"$f":"OFFSET(ORÇAMENTO!R$15,ROW(F163)-ROW(F$15),0)","v":"CURVA CURTA 90 GRAUS, PVC, SERIE NORMAL, ESGOTO PREDIAL, DN 40 MM, JUNTA SOLDÁVEL, FORNECIDO E INSTALADO EM RAMAL DE DESCARGA OU RAMAL DE ESGOTO SANITÁRIO. AF_08/2022"},{"$f":"IF($D163<>\"Serviço\",\"\",OFFSET(ORÇAMENTO!S$15,ROW(G163)-ROW(G$15),0))","v":"UN"},{"$f":"IF($D163<>\"Serviço\",0,IF(ACOMPANHAMENTO=\"BM\",ROUND(OFFSET(ORÇAMENTO!AJ$15,ROW(H163)-ROW(H$15),0),15-13*ORÇAMENTO!$AF$7),SUMPRODUCT(($Q$12:$AA$12<>\"\")*ROUND($Q163:$AA163,15-13*ORÇAMENTO!$AF$7))))","v":3},null,null,null,".",{"$f":"IF($D163<>\"Serviço\",\"\",IF(AUTOEVENTO=\"manual\",$A163,IF(ISERROR(MATCH($A163,$A$15:OFFSET($A163,-1,0),0)),MAX($M$15:OFFSET(M163,-1,0))+1,INDEX($M$15:OFFSET(M163,-1,0),MATCH($A163,$A$15:OFFSET($A163,-1,0),0)))))","v":9},{"$f":"IF($D163<>\"Serviço\",\"\",IF(AUTOEVENTO=\"Manual\",IF($A163=0,\"<-- defina o número do agrupador\",OFFSET(EVENTOS!$D$14,$A163,0)),OFFSET($F$15,$A163,0)))","v":"INSTALAÇÕES HIDROSSANITÁRIAS"},null,null,null,null,null,null,null,null,null,null,null,null,null,{"$f":"IF(AND($D163=\"Serviço\",AB$12<>0,$H163>0,OR(AUTOEVENTO<>\"manual\",$M163<>1)),\nIF(Import.TipoArredondamento<>\"TransfereGOV\",\nROUND(OFFSET($P163,0,AB$13),15-13*ORÇAMENTO!$AF$7)/$H163*OFFSET(ORÇAMENTO!$X$15,ROW(AB163)-ROW(AB$15),0),\nROUND(ROUND(OFFSET($P163,0,AB$13),15-13*ORÇAMENTO!$AF$7)*OFFSET(ORÇAMENTO!$W$15,ROW(AB163)-ROW(AB$15),0),15-13*ORÇAMENTO!$AF$11)),0)","v":0},{"$f":"IF(AND($D163=\"Serviço\",AC$12<>0,$H163>0,OR(AUTOEVENTO<>\"manual\",$M163<>1)),\nIF(Import.TipoArredondamento<>\"TransfereGOV\",\nROUND(OFFSET($P163,0,AC$13),15-13*ORÇAMENTO!$AF$7)/$H163*OFFSET(ORÇAMENTO!$X$15,ROW(AC163)-ROW(AC$15),0),\nROUND(ROUND(OFFSET($P163,0,AC$13),15-13*ORÇAMENTO!$AF$7)*OFFSET(ORÇAMENTO!$W$15,ROW(AC163)-ROW(AC$15),0),15-13*ORÇAMENTO!$AF$11)),0)","v":0},{"$f":"IF(AND($D163=\"Serviço\",AD$12<>0,$H163>0,OR(AUTOEVENTO<>\"manual\",$M163<>1)),\nIF(Import.TipoArredondamento<>\"TransfereGOV\",\nROUND(OFFSET($P163,0,AD$13),15-13*ORÇAMENTO!$AF$7)/$H163*OFFSET(ORÇAMENTO!$X$15,ROW(AD163)-ROW(AD$15),0),\nROUND(ROUND(OFFSET($P163,0,AD$13),15-13*ORÇAMENTO!$AF$7)*OFFSET(ORÇAMENTO!$W$15,ROW(AD163)-ROW(AD$15),0),15-13*ORÇAMENTO!$AF$11)),0)","v":0},{"$f":"IF(AND($D163=\"Serviço\",AE$12<>0,$H163>0,OR(AUTOEVENTO<>\"manual\",$M163<>1)),\nIF(Import.TipoArredondamento<>\"TransfereGOV\",\nROUND(OFFSET($P163,0,AE$13),15-13*ORÇAMENTO!$AF$7)/$H163*OFFSET(ORÇAMENTO!$X$15,ROW(AE163)-ROW(AE$15),0),\nROUND(ROUND(OFFSET($P163,0,AE$13),15-13*ORÇAMENTO!$AF$7)*OFFSET(ORÇAMENTO!$W$15,ROW(AE163)-ROW(AE$15),0),15-13*ORÇAMENTO!$AF$11)),0)","v":0},{"$f":"IF(AND($D163=\"Serviço\",AF$12<>0,$H163>0,OR(AUTOEVENTO<>\"manual\",$M163<>1)),\nIF(Import.TipoArredondamento<>\"TransfereGOV\",\nROUND(OFFSET($P163,0,AF$13),15-13*ORÇAMENTO!$AF$7)/$H163*OFFSET(ORÇAMENTO!$X$15,ROW(AF163)-ROW(AF$15),0),\nROUND(ROUND(OFFSET($P163,0,AF$13),15-13*ORÇAMENTO!$AF$7)*OFFSET(ORÇAMENTO!$W$15,ROW(AF163)-ROW(AF$15),0),15-13*ORÇAMENTO!$AF$11)),0)","v":0},{"$f":"IF(AND($D163=\"Serviço\",AG$12<>0,$H163>0,OR(AUTOEVENTO<>\"manual\",$M163<>1)),\nIF(Import.TipoArredondamento<>\"TransfereGOV\",\nROUND(OFFSET($P163,0,AG$13),15-13*ORÇAMENTO!$AF$7)/$H163*OFFSET(ORÇAMENTO!$X$15,ROW(AG163)-ROW(AG$15),0),\nROUND(ROUND(OFFSET($P163,0,AG$13),15-13*ORÇAMENTO!$AF$7)*OFFSET(ORÇAMENTO!$W$15,ROW(AG163)-ROW(AG$15),0),15-13*ORÇAMENTO!$AF$11)),0)","v":0},{"$f":"IF(AND($D163=\"Serviço\",AH$12<>0,$H163>0,OR(AUTOEVENTO<>\"manual\",$M163<>1)),\nIF(Import.TipoArredondamento<>\"TransfereGOV\",\nROUND(OFFSET($P163,0,AH$13),15-13*ORÇAMENTO!$AF$7)/$H163*OFFSET(ORÇAMENTO!$X$15,ROW(AH163)-ROW(AH$15),0),\nROUND(ROUND(OFFSET($P163,0,AH$13),15-13*ORÇAMENTO!$AF$7)*OFFSET(ORÇAMENTO!$W$15,ROW(AH163)-ROW(AH$15),0),15-13*ORÇAMENTO!$AF$11)),0)","v":0},{"$f":"IF(AND($D163=\"Serviço\",AI$12<>0,$H163>0,OR(AUTOEVENTO<>\"manual\",$M163<>1)),\nIF(Import.TipoArredondamento<>\"TransfereGOV\",\nROUND(OFFSET($P163,0,AI$13),15-13*ORÇAMENTO!$AF$7)/$H163*OFFSET(ORÇAMENTO!$X$15,ROW(AI163)-ROW(AI$15),0),\nROUND(ROUND(OFFSET($P163,0,AI$13),15-13*ORÇAMENTO!$AF$7)*OFFSET(ORÇAMENTO!$W$15,ROW(AI163)-ROW(AI$15),0),15-13*ORÇAMENTO!$AF$11)),0)","v":0},{"$f":"IF(AND($D163=\"Serviço\",AJ$12<>0,$H163>0,OR(AUTOEVENTO<>\"manual\",$M163<>1)),\nIF(Import.TipoArredondamento<>\"TransfereGOV\",\nROUND(OFFSET($P163,0,AJ$13),15-13*ORÇAMENTO!$AF$7)/$H163*OFFSET(ORÇAMENTO!$X$15,ROW(AJ163)-ROW(AJ$15),0),\nROUND(ROUND(OFFSET($P163,0,AJ$13),15-13*ORÇAMENTO!$AF$7)*OFFSET(ORÇAMENTO!$W$15,ROW(AJ163)-ROW(AJ$15),0),15-13*ORÇAMENTO!$AF$11)),0)","v":0},{"$f":"IF(AND($D163=\"Serviço\",AK$12<>0,$H163>0,OR(AUTOEVENTO<>\"manual\",$M163<>1)),\nIF(Import.TipoArredondamento<>\"TransfereGOV\",\nROUND(OFFSET($P163,0,AK$13),15-13*ORÇAMENTO!$AF$7)/$H163*OFFSET(ORÇAMENTO!$X$15,ROW(AK163)-ROW(AK$15),0),\nROUND(ROUND(OFFSET($P163,0,AK$13),15-13*ORÇAMENTO!$AF$7)*OFFSET(ORÇAMENTO!$W$15,ROW(AK163)-ROW(AK$15),0),15-13*ORÇAMENTO!$AF$11)),0)","v":0},null,{"$f":"IF($D163<>\"Serviço\",0,IF(AND(AUTOEVENTO=\"Manual\",$M163=1),0,IF(OFFSET(CRONOPLE!$F$14,$M163,AM$13)=\"\",10^12,OFFSET(CRONOPLE!$F$14,$M163,AM$13))))","v":1000000000000},{"$f":"IF($D163<>\"Serviço\",0,IF(AND(AUTOEVENTO=\"Manual\",$M163=1),0,IF(OFFSET(CRONOPLE!$F$14,$M163,AN$13)=\"\",10^12,OFFSET(CRONOPLE!$F$14,$M163,AN$13))))","v":1000000000000},{"$f":"IF($D163<>\"Serviço\",0,IF(AND(AUTOEVENTO=\"Manual\",$M163=1),0,IF(OFFSET(CRONOPLE!$F$14,$M163,AO$13)=\"\",10^12,OFFSET(CRONOPLE!$F$14,$M163,AO$13))))","v":1000000000000},{"$f":"IF($D163<>\"Serviço\",0,IF(AND(AUTOEVENTO=\"Manual\",$M163=1),0,IF(OFFSET(CRONOPLE!$F$14,$M163,AP$13)=\"\",10^12,OFFSET(CRONOPLE!$F$14,$M163,AP$13))))","v":1000000000000},{"$f":"IF($D163<>\"Serviço\",0,IF(AND(AUTOEVENTO=\"Manual\",$M163=1),0,IF(OFFSET(CRONOPLE!$F$14,$M163,AQ$13)=\"\",10^12,OFFSET(CRONOPLE!$F$14,$M163,AQ$13))))","v":1000000000000},{"$f":"IF($D163<>\"Serviço\",0,IF(AND(AUTOEVENTO=\"Manual\",$M163=1),0,IF(OFFSET(CRONOPLE!$F$14,$M163,AR$13)=\"\",10^12,OFFSET(CRONOPLE!$F$14,$M163,AR$13))))","v":1000000000000},{"$f":"IF($D163<>\"Serviço\",0,IF(AND(AUTOEVENTO=\"Manual\",$M163=1),0,IF(OFFSET(CRONOPLE!$F$14,$M163,AS$13)=\"\",10^12,OFFSET(CRONOPLE!$F$14,$M163,AS$13))))","v":1000000000000},{"$f":"IF($D163<>\"Serviço\",0,IF(AND(AUTOEVENTO=\"Manual\",$M163=1),0,IF(OFFSET(CRONOPLE!$F$14,$M163,AT$13)=\"\",10^12,OFFSET(CRONOPLE!$F$14,$M163,AT$13))))","v":1000000000000},{"$f":"IF($D163<>\"Serviço\",0,IF(AND(AUTOEVENTO=\"Manual\",$M163=1),0,IF(OFFSET(CRONOPLE!$F$14,$M163,AU$13)=\"\",10^12,OFFSET(CRONOPLE!$F$14,$M163,AU$13))))","v":1000000000000},{"$f":"IF($D163<>\"Serviço\",0,IF(AND(AUTOEVENTO=\"Manual\",$M163=1),0,IF(OFFSET(CRONOPLE!$F$14,$M163,AV$13)=\"\",10^12,OFFSET(CRONOPLE!$F$14,$M163,AV$13))))","v":1000000000000},null,{"$f":"IF($D163<>\"Serviço\",0,IF(OR(AND(AUTOEVENTO=\"Manual\",$M163=1),$M163>(ROW(PLE.lastrow)-ROW(PLE.firstrow))),0,IF(OFFSET(PLE!$G$14,$M163,AX$13)=\"\",10^12,OFFSET(PLE!$G$14,$M163,AX$13))))","v":1000000000000},{"$f":"IF($D163<>\"Serviço\",0,IF(OR(AND(AUTOEVENTO=\"Manual\",$M163=1),$M163>(ROW(PLE.lastrow)-ROW(PLE.firstrow))),0,IF(OFFSET(PLE!$G$14,$M163,AY$13)=\"\",10^12,OFFSET(PLE!$G$14,$M163,AY$13))))","v":1000000000000},{"$f":"IF($D163<>\"Serviço\",0,IF(OR(AND(AUTOEVENTO=\"Manual\",$M163=1),$M163>(ROW(PLE.lastrow)-ROW(PLE.firstrow))),0,IF(OFFSET(PLE!$G$14,$M163,AZ$13)=\"\",10^12,OFFSET(PLE!$G$14,$M163,AZ$13))))","v":1000000000000},{"$f":"IF($D163<>\"Serviço\",0,IF(OR(AND(AUTOEVENTO=\"Manual\",$M163=1),$M163>(ROW(PLE.lastrow)-ROW(PLE.firstrow))),0,IF(OFFSET(PLE!$G$14,$M163,BA$13)=\"\",10^12,OFFSET(PLE!$G$14,$M163,BA$13))))","v":1000000000000},{"$f":"IF($D163<>\"Serviço\",0,IF(OR(AND(AUTOEVENTO=\"Manual\",$M163=1),$M163>(ROW(PLE.lastrow)-ROW(PLE.firstrow))),0,IF(OFFSET(PLE!$G$14,$M163,BB$13)=\"\",10^12,OFFSET(PLE!$G$14,$M163,BB$13))))","v":1000000000000},{"$f":"IF($D163<>\"Serviço\",0,IF(OR(AND(AUTOEVENTO=\"Manual\",$M163=1),$M163>(ROW(PLE.lastrow)-ROW(PLE.firstrow))),0,IF(OFFSET(PLE!$G$14,$M163,BC$13)=\"\",10^12,OFFSET(PLE!$G$14,$M163,BC$13))))","v":1000000000000},{"$f":"IF($D163<>\"Serviço\",0,IF(OR(AND(AUTOEVENTO=\"Manual\",$M163=1),$M163>(ROW(PLE.lastrow)-ROW(PLE.firstrow))),0,IF(OFFSET(PLE!$G$14,$M163,BD$13)=\"\",10^12,OFFSET(PLE!$G$14,$M163,BD$13))))","v":1000000000000},{"$f":"IF($D163<>\"Serviço\",0,IF(OR(AND(AUTOEVENTO=\"Manual\",$M163=1),$M163>(ROW(PLE.lastrow)-ROW(PLE.firstrow))),0,IF(OFFSET(PLE!$G$14,$M163,BE$13)=\"\",10^12,OFFSET(PLE!$G$14,$M163,BE$13))))","v":1000000000000},{"$f":"IF($D163<>\"Serviço\",0,IF(OR(AND(AUTOEVENTO=\"Manual\",$M163=1),$M163>(ROW(PLE.lastrow)-ROW(PLE.firstrow))),0,IF(OFFSET(PLE!$G$14,$M163,BF$13)=\"\",10^12,OFFSET(PLE!$G$14,$M163,BF$13))))","v":1000000000000},{"$f":"IF($D163<>\"Serviço\",0,IF(OR(AND(AUTOEVENTO=\"Manual\",$M163=1),$M163>(ROW(PLE.lastrow)-ROW(PLE.firstrow))),0,IF(OFFSET(PLE!$G$14,$M163,BG$13)=\"\",10^12,OFFSET(PLE!$G$14,$M163,BG$13))))","v":1000000000000}]
[{"$f":"IF(AUTOEVENTO=\"Manual\",IF(K164<>\"\",MIN(VALUE(LEFT(K164,FIND(\".\",K164)-1)),COUNTA(EVENTOS.Lista)),0),IF(OR($B164>AUTOEVENTO,$B164=\"S\",$B164=0),SUBSTITUTE(OFFSET($A164,-1,0),IF($D164=\"Serviço\",\".\",\"\"),\"\"),ROW(A164)-ROW($A$15)&\".\"))","v":"127"},{"$f":"OFFSET(ORÇAMENTO!C$15,ROW(B164)-ROW(B$15),0)","v":"S"},{"$f":"OFFSET(ORÇAMENTO!L$15,ROW(C164)-ROW(C$15),0)","v":"F"},{"$f":"OFFSET(ORÇAMENTO!N$15,ROW(D164)-ROW(D$15),0)","v":"Serviço"},{"$f":"OFFSET(ORÇAMENTO!O$15,ROW(E164)-ROW(E$15),0)","v":"1.8.2.6."},{"$f":"OFFSET(ORÇAMENTO!R$15,ROW(F164)-ROW(F$15),0)","v":"JOELHO 90 GRAUS, PVC, SERIE NORMAL, ESGOTO PREDIAL, DN 50 MM, JUNTA ELÁSTICA, FORNECIDO E INSTALADO EM RAMAL DE DESCARGA OU RAMAL DE ESGOTO SANITÁRIO. AF_08/2022"},{"$f":"IF($D164<>\"Serviço\",\"\",OFFSET(ORÇAMENTO!S$15,ROW(G164)-ROW(G$15),0))","v":"UN"},{"$f":"IF($D164<>\"Serviço\",0,IF(ACOMPANHAMENTO=\"BM\",ROUND(OFFSET(ORÇAMENTO!AJ$15,ROW(H164)-ROW(H$15),0),15-13*ORÇAMENTO!$AF$7),SUMPRODUCT(($Q$12:$AA$12<>\"\")*ROUND($Q164:$AA164,15-13*ORÇAMENTO!$AF$7))))","v":2},null,null,null,".",{"$f":"IF($D164<>\"Serviço\",\"\",IF(AUTOEVENTO=\"manual\",$A164,IF(ISERROR(MATCH($A164,$A$15:OFFSET($A164,-1,0),0)),MAX($M$15:OFFSET(M164,-1,0))+1,INDEX($M$15:OFFSET(M164,-1,0),MATCH($A164,$A$15:OFFSET($A164,-1,0),0)))))","v":9},{"$f":"IF($D164<>\"Serviço\",\"\",IF(AUTOEVENTO=\"Manual\",IF($A164=0,\"<-- defina o número do agrupador\",OFFSET(EVENTOS!$D$14,$A164,0)),OFFSET($F$15,$A164,0)))","v":"INSTALAÇÕES HIDROSSANITÁRIAS"},null,null,null,null,null,null,null,null,null,null,null,null,null,{"$f":"IF(AND($D164=\"Serviço\",AB$12<>0,$H164>0,OR(AUTOEVENTO<>\"manual\",$M164<>1)),\nIF(Import.TipoArredondamento<>\"TransfereGOV\",\nROUND(OFFSET($P164,0,AB$13),15-13*ORÇAMENTO!$AF$7)/$H164*OFFSET(ORÇAMENTO!$X$15,ROW(AB164)-ROW(AB$15),0),\nROUND(ROUND(OFFSET($P164,0,AB$13),15-13*ORÇAMENTO!$AF$7)*OFFSET(ORÇAMENTO!$W$15,ROW(AB164)-ROW(AB$15),0),15-13*ORÇAMENTO!$AF$11)),0)","v":0},{"$f":"IF(AND($D164=\"Serviço\",AC$12<>0,$H164>0,OR(AUTOEVENTO<>\"manual\",$M164<>1)),\nIF(Import.TipoArredondamento<>\"TransfereGOV\",\nROUND(OFFSET($P164,0,AC$13),15-13*ORÇAMENTO!$AF$7)/$H164*OFFSET(ORÇAMENTO!$X$15,ROW(AC164)-ROW(AC$15),0),\nROUND(ROUND(OFFSET($P164,0,AC$13),15-13*ORÇAMENTO!$AF$7)*OFFSET(ORÇAMENTO!$W$15,ROW(AC164)-ROW(AC$15),0),15-13*ORÇAMENTO!$AF$11)),0)","v":0},{"$f":"IF(AND($D164=\"Serviço\",AD$12<>0,$H164>0,OR(AUTOEVENTO<>\"manual\",$M164<>1)),\nIF(Import.TipoArredondamento<>\"TransfereGOV\",\nROUND(OFFSET($P164,0,AD$13),15-13*ORÇAMENTO!$AF$7)/$H164*OFFSET(ORÇAMENTO!$X$15,ROW(AD164)-ROW(AD$15),0),\nROUND(ROUND(OFFSET($P164,0,AD$13),15-13*ORÇAMENTO!$AF$7)*OFFSET(ORÇAMENTO!$W$15,ROW(AD164)-ROW(AD$15),0),15-13*ORÇAMENTO!$AF$11)),0)","v":0},{"$f":"IF(AND($D164=\"Serviço\",AE$12<>0,$H164>0,OR(AUTOEVENTO<>\"manual\",$M164<>1)),\nIF(Import.TipoArredondamento<>\"TransfereGOV\",\nROUND(OFFSET($P164,0,AE$13),15-13*ORÇAMENTO!$AF$7)/$H164*OFFSET(ORÇAMENTO!$X$15,ROW(AE164)-ROW(AE$15),0),\nROUND(ROUND(OFFSET($P164,0,AE$13),15-13*ORÇAMENTO!$AF$7)*OFFSET(ORÇAMENTO!$W$15,ROW(AE164)-ROW(AE$15),0),15-13*ORÇAMENTO!$AF$11)),0)","v":0},{"$f":"IF(AND($D164=\"Serviço\",AF$12<>0,$H164>0,OR(AUTOEVENTO<>\"manual\",$M164<>1)),\nIF(Import.TipoArredondamento<>\"TransfereGOV\",\nROUND(OFFSET($P164,0,AF$13),15-13*ORÇAMENTO!$AF$7)/$H164*OFFSET(ORÇAMENTO!$X$15,ROW(AF164)-ROW(AF$15),0),\nROUND(ROUND(OFFSET($P164,0,AF$13),15-13*ORÇAMENTO!$AF$7)*OFFSET(ORÇAMENTO!$W$15,ROW(AF164)-ROW(AF$15),0),15-13*ORÇAMENTO!$AF$11)),0)","v":0},{"$f":"IF(AND($D164=\"Serviço\",AG$12<>0,$H164>0,OR(AUTOEVENTO<>\"manual\",$M164<>1)),\nIF(Import.TipoArredondamento<>\"TransfereGOV\",\nROUND(OFFSET($P164,0,AG$13),15-13*ORÇAMENTO!$AF$7)/$H164*OFFSET(ORÇAMENTO!$X$15,ROW(AG164)-ROW(AG$15),0),\nROUND(ROUND(OFFSET($P164,0,AG$13),15-13*ORÇAMENTO!$AF$7)*OFFSET(ORÇAMENTO!$W$15,ROW(AG164)-ROW(AG$15),0),15-13*ORÇAMENTO!$AF$11)),0)","v":0},{"$f":"IF(AND($D164=\"Serviço\",AH$12<>0,$H164>0,OR(AUTOEVENTO<>\"manual\",$M164<>1)),\nIF(Import.TipoArredondamento<>\"TransfereGOV\",\nROUND(OFFSET($P164,0,AH$13),15-13*ORÇAMENTO!$AF$7)/$H164*OFFSET(ORÇAMENTO!$X$15,ROW(AH164)-ROW(AH$15),0),\nROUND(ROUND(OFFSET($P164,0,AH$13),15-13*ORÇAMENTO!$AF$7)*OFFSET(ORÇAMENTO!$W$15,ROW(AH164)-ROW(AH$15),0),15-13*ORÇAMENTO!$AF$11)),0)","v":0},{"$f":"IF(AND($D164=\"Serviço\",AI$12<>0,$H164>0,OR(AUTOEVENTO<>\"manual\",$M164<>1)),\nIF(Import.TipoArredondamento<>\"TransfereGOV\",\nROUND(OFFSET($P164,0,AI$13),15-13*ORÇAMENTO!$AF$7)/$H164*OFFSET(ORÇAMENTO!$X$15,ROW(AI164)-ROW(AI$15),0),\nROUND(ROUND(OFFSET($P164,0,AI$13),15-13*ORÇAMENTO!$AF$7)*OFFSET(ORÇAMENTO!$W$15,ROW(AI164)-ROW(AI$15),0),15-13*ORÇAMENTO!$AF$11)),0)","v":0},{"$f":"IF(AND($D164=\"Serviço\",AJ$12<>0,$H164>0,OR(AUTOEVENTO<>\"manual\",$M164<>1)),\nIF(Import.TipoArredondamento<>\"TransfereGOV\",\nROUND(OFFSET($P164,0,AJ$13),15-13*ORÇAMENTO!$AF$7)/$H164*OFFSET(ORÇAMENTO!$X$15,ROW(AJ164)-ROW(AJ$15),0),\nROUND(ROUND(OFFSET($P164,0,AJ$13),15-13*ORÇAMENTO!$AF$7)*OFFSET(ORÇAMENTO!$W$15,ROW(AJ164)-ROW(AJ$15),0),15-13*ORÇAMENTO!$AF$11)),0)","v":0},{"$f":"IF(AND($D164=\"Serviço\",AK$12<>0,$H164>0,OR(AUTOEVENTO<>\"manual\",$M164<>1)),\nIF(Import.TipoArredondamento<>\"TransfereGOV\",\nROUND(OFFSET($P164,0,AK$13),15-13*ORÇAMENTO!$AF$7)/$H164*OFFSET(ORÇAMENTO!$X$15,ROW(AK164)-ROW(AK$15),0),\nROUND(ROUND(OFFSET($P164,0,AK$13),15-13*ORÇAMENTO!$AF$7)*OFFSET(ORÇAMENTO!$W$15,ROW(AK164)-ROW(AK$15),0),15-13*ORÇAMENTO!$AF$11)),0)","v":0},null,{"$f":"IF($D164<>\"Serviço\",0,IF(AND(AUTOEVENTO=\"Manual\",$M164=1),0,IF(OFFSET(CRONOPLE!$F$14,$M164,AM$13)=\"\",10^12,OFFSET(CRONOPLE!$F$14,$M164,AM$13))))","v":1000000000000},{"$f":"IF($D164<>\"Serviço\",0,IF(AND(AUTOEVENTO=\"Manual\",$M164=1),0,IF(OFFSET(CRONOPLE!$F$14,$M164,AN$13)=\"\",10^12,OFFSET(CRONOPLE!$F$14,$M164,AN$13))))","v":1000000000000},{"$f":"IF($D164<>\"Serviço\",0,IF(AND(AUTOEVENTO=\"Manual\",$M164=1),0,IF(OFFSET(CRONOPLE!$F$14,$M164,AO$13)=\"\",10^12,OFFSET(CRONOPLE!$F$14,$M164,AO$13))))","v":1000000000000},{"$f":"IF($D164<>\"Serviço\",0,IF(AND(AUTOEVENTO=\"Manual\",$M164=1),0,IF(OFFSET(CRONOPLE!$F$14,$M164,AP$13)=\"\",10^12,OFFSET(CRONOPLE!$F$14,$M164,AP$13))))","v":1000000000000},{"$f":"IF($D164<>\"Serviço\",0,IF(AND(AUTOEVENTO=\"Manual\",$M164=1),0,IF(OFFSET(CRONOPLE!$F$14,$M164,AQ$13)=\"\",10^12,OFFSET(CRONOPLE!$F$14,$M164,AQ$13))))","v":1000000000000},{"$f":"IF($D164<>\"Serviço\",0,IF(AND(AUTOEVENTO=\"Manual\",$M164=1),0,IF(OFFSET(CRONOPLE!$F$14,$M164,AR$13)=\"\",10^12,OFFSET(CRONOPLE!$F$14,$M164,AR$13))))","v":1000000000000},{"$f":"IF($D164<>\"Serviço\",0,IF(AND(AUTOEVENTO=\"Manual\",$M164=1),0,IF(OFFSET(CRONOPLE!$F$14,$M164,AS$13)=\"\",10^12,OFFSET(CRONOPLE!$F$14,$M164,AS$13))))","v":1000000000000},{"$f":"IF($D164<>\"Serviço\",0,IF(AND(AUTOEVENTO=\"Manual\",$M164=1),0,IF(OFFSET(CRONOPLE!$F$14,$M164,AT$13)=\"\",10^12,OFFSET(CRONOPLE!$F$14,$M164,AT$13))))","v":1000000000000},{"$f":"IF($D164<>\"Serviço\",0,IF(AND(AUTOEVENTO=\"Manual\",$M164=1),0,IF(OFFSET(CRONOPLE!$F$14,$M164,AU$13)=\"\",10^12,OFFSET(CRONOPLE!$F$14,$M164,AU$13))))","v":1000000000000},{"$f":"IF($D164<>\"Serviço\",0,IF(AND(AUTOEVENTO=\"Manual\",$M164=1),0,IF(OFFSET(CRONOPLE!$F$14,$M164,AV$13)=\"\",10^12,OFFSET(CRONOPLE!$F$14,$M164,AV$13))))","v":1000000000000},null,{"$f":"IF($D164<>\"Serviço\",0,IF(OR(AND(AUTOEVENTO=\"Manual\",$M164=1),$M164>(ROW(PLE.lastrow)-ROW(PLE.firstrow))),0,IF(OFFSET(PLE!$G$14,$M164,AX$13)=\"\",10^12,OFFSET(PLE!$G$14,$M164,AX$13))))","v":1000000000000},{"$f":"IF($D164<>\"Serviço\",0,IF(OR(AND(AUTOEVENTO=\"Manual\",$M164=1),$M164>(ROW(PLE.lastrow)-ROW(PLE.firstrow))),0,IF(OFFSET(PLE!$G$14,$M164,AY$13)=\"\",10^12,OFFSET(PLE!$G$14,$M164,AY$13))))","v":1000000000000},{"$f":"IF($D164<>\"Serviço\",0,IF(OR(AND(AUTOEVENTO=\"Manual\",$M164=1),$M164>(ROW(PLE.lastrow)-ROW(PLE.firstrow))),0,IF(OFFSET(PLE!$G$14,$M164,AZ$13)=\"\",10^12,OFFSET(PLE!$G$14,$M164,AZ$13))))","v":1000000000000},{"$f":"IF($D164<>\"Serviço\",0,IF(OR(AND(AUTOEVENTO=\"Manual\",$M164=1),$M164>(ROW(PLE.lastrow)-ROW(PLE.firstrow))),0,IF(OFFSET(PLE!$G$14,$M164,BA$13)=\"\",10^12,OFFSET(PLE!$G$14,$M164,BA$13))))","v":1000000000000},{"$f":"IF($D164<>\"Serviço\",0,IF(OR(AND(AUTOEVENTO=\"Manual\",$M164=1),$M164>(ROW(PLE.lastrow)-ROW(PLE.firstrow))),0,IF(OFFSET(PLE!$G$14,$M164,BB$13)=\"\",10^12,OFFSET(PLE!$G$14,$M164,BB$13))))","v":1000000000000},{"$f":"IF($D164<>\"Serviço\",0,IF(OR(AND(AUTOEVENTO=\"Manual\",$M164=1),$M164>(ROW(PLE.lastrow)-ROW(PLE.firstrow))),0,IF(OFFSET(PLE!$G$14,$M164,BC$13)=\"\",10^12,OFFSET(PLE!$G$14,$M164,BC$13))))","v":1000000000000},{"$f":"IF($D164<>\"Serviço\",0,IF(OR(AND(AUTOEVENTO=\"Manual\",$M164=1),$M164>(ROW(PLE.lastrow)-ROW(PLE.firstrow))),0,IF(OFFSET(PLE!$G$14,$M164,BD$13)=\"\",10^12,OFFSET(PLE!$G$14,$M164,BD$13))))","v":1000000000000},{"$f":"IF($D164<>\"Serviço\",0,IF(OR(AND(AUTOEVENTO=\"Manual\",$M164=1),$M164>(ROW(PLE.lastrow)-ROW(PLE.firstrow))),0,IF(OFFSET(PLE!$G$14,$M164,BE$13)=\"\",10^12,OFFSET(PLE!$G$14,$M164,BE$13))))","v":1000000000000},{"$f":"IF($D164<>\"Serviço\",0,IF(OR(AND(AUTOEVENTO=\"Manual\",$M164=1),$M164>(ROW(PLE.lastrow)-ROW(PLE.firstrow))),0,IF(OFFSET(PLE!$G$14,$M164,BF$13)=\"\",10^12,OFFSET(PLE!$G$14,$M164,BF$13))))","v":1000000000000},{"$f":"IF($D164<>\"Serviço\",0,IF(OR(AND(AUTOEVENTO=\"Manual\",$M164=1),$M164>(ROW(PLE.lastrow)-ROW(PLE.firstrow))),0,IF(OFFSET(PLE!$G$14,$M164,BG$13)=\"\",10^12,OFFSET(PLE!$G$14,$M164,BG$13))))","v":1000000000000}]
["127",{"$f":"OFFSET(ORÇAMENTO!C$15,ROW(B165)-ROW(B$15),0)","v":"S"},{"$f":"OFFSET(ORÇAMENTO!L$15,ROW(C165)-ROW(C$15),0)","v":"F"},{"$f":"OFFSET(ORÇAMENTO!N$15,ROW(D165)-ROW(D$15),0)","v":"Serviço"},{"$f":"OFFSET(ORÇAMENTO!O$15,ROW(E165)-ROW(E$15),0)","v":"1.8.2.7."},{"$f":"OFFSET(ORÇAMENTO!R$15,ROW(F165)-ROW(F$15),0)","v":"JOELHO 90 GRAUS, PVC, SERIE NORMAL, ESGOTO PREDIAL, DN 40 MM, JUNTA SOLDÁVEL, FORNECIDO E INSTALADO EM RAMAL DE DESCARGA OU RAMAL DE ESGOTO SANITÁRIO. AF_08/2022"},{"$f":"IF($D165<>\"Serviço\",\"\",OFFSET(ORÇAMENTO!S$15,ROW(G165)-ROW(G$15),0))","v":"UN"},{"$f":"IF($D165<>\"Serviço\",0,IF(ACOMPANHAMENTO=\"BM\",ROUND(OFFSET(ORÇAMENTO!AJ$15,ROW(H165)-ROW(H$15),0),15-13*ORÇAMENTO!$AF$7),SUMPRODUCT(($Q$12:$AA$12<>\"\")*ROUND($Q165:$AA165,15-13*ORÇAMENTO!$AF$7))))","v":3},null,null,null,".",{"$f":"IF($D165<>\"Serviço\",\"\",IF(AUTOEVENTO=\"manual\",$A165,IF(ISERROR(MATCH($A165,$A$15:OFFSET($A165,-1,0),0)),MAX($M$15:OFFSET(M165,-1,0))+1,INDEX($M$15:OFFSET(M165,-1,0),MATCH($A165,$A$15:OFFSET($A165,-1,0),0)))))","v":9},{"$f":"IF($D165<>\"Serviço\",\"\",IF(AUTOEVENTO=\"Manual\",IF($A165=0,\"<-- defina o número do agrupador\",OFFSET(EVENTOS!$D$14,$A165,0)),OFFSET($F$15,$A165,0)))","v":"INSTALAÇÕES HIDROSSANITÁRIAS"},null,null,null,null,null,null,null,null,null,null,null,null,null,{"$f":"IF(AND($D165=\"Serviço\",AB$12<>0,$H165>0,OR(AUTOEVENTO<>\"manual\",$M165<>1)),\nIF(Import.TipoArredondamento<>\"TransfereGOV\",\nROUND(OFFSET($P165,0,AB$13),15-13*ORÇAMENTO!$AF$7)/$H165*OFFSET(ORÇAMENTO!$X$15,ROW(AB165)-ROW(AB$15),0),\nROUND(ROUND(OFFSET($P165,0,AB$13),15-13*ORÇAMENTO!$AF$7)*OFFSET(ORÇAMENTO!$W$15,ROW(AB165)-ROW(AB$15),0),15-13*ORÇAMENTO!$AF$11)),0)","v":0},{"$f":"IF(AND($D165=\"Serviço\",AC$12<>0,$H165>0,OR(AUTOEVENTO<>\"manual\",$M165<>1)),\nIF(Import.TipoArredondamento<>\"TransfereGOV\",\nROUND(OFFSET($P165,0,AC$13),15-13*ORÇAMENTO!$AF$7)/$H165*OFFSET(ORÇAMENTO!$X$15,ROW(AC165)-ROW(AC$15),0),\nROUND(ROUND(OFFSET($P165,0,AC$13),15-13*ORÇAMENTO!$AF$7)*OFFSET(ORÇAMENTO!$W$15,ROW(AC165)-ROW(AC$15),0),15-13*ORÇAMENTO!$AF$11)),0)","v":0},{"$f":"IF(AND($D165=\"Serviço\",AD$12<>0,$H165>0,OR(AUTOEVENTO<>\"manual\",$M165<>1)),\nIF(Import.TipoArredondamento<>\"TransfereGOV\",\nROUND(OFFSET($P165,0,AD$13),15-13*ORÇAMENTO!$AF$7)/$H165*OFFSET(ORÇAMENTO!$X$15,ROW(AD165)-ROW(AD$15),0),\nROUND(ROUND(OFFSET($P165,0,AD$13),15-13*ORÇAMENTO!$AF$7)*OFFSET(ORÇAMENTO!$W$15,ROW(AD165)-ROW(AD$15),0),15-13*ORÇAMENTO!$AF$11)),0)","v":0},{"$f":"IF(AND($D165=\"Serviço\",AE$12<>0,$H165>0,OR(AUTOEVENTO<>\"manual\",$M165<>1)),\nIF(Import.TipoArredondamento<>\"TransfereGOV\",\nROUND(OFFSET($P165,0,AE$13),15-13*ORÇAMENTO!$AF$7)/$H165*OFFSET(ORÇAMENTO!$X$15,ROW(AE165)-ROW(AE$15),0),\nROUND(ROUND(OFFSET($P165,0,AE$13),15-13*ORÇAMENTO!$AF$7)*OFFSET(ORÇAMENTO!$W$15,ROW(AE165)-ROW(AE$15),0),15-13*ORÇAMENTO!$AF$11)),0)","v":0},{"$f":"IF(AND($D165=\"Serviço\",AF$12<>0,$H165>0,OR(AUTOEVENTO<>\"manual\",$M165<>1)),\nIF(Import.TipoArredondamento<>\"TransfereGOV\",\nROUND(OFFSET($P165,0,AF$13),15-13*ORÇAMENTO!$AF$7)/$H165*OFFSET(ORÇAMENTO!$X$15,ROW(AF165)-ROW(AF$15),0),\nROUND(ROUND(OFFSET($P165,0,AF$13),15-13*ORÇAMENTO!$AF$7)*OFFSET(ORÇAMENTO!$W$15,ROW(AF165)-ROW(AF$15),0),15-13*ORÇAMENTO!$AF$11)),0)","v":0},{"$f":"IF(AND($D165=\"Serviço\",AG$12<>0,$H165>0,OR(AUTOEVENTO<>\"manual\",$M165<>1)),\nIF(Import.TipoArredondamento<>\"TransfereGOV\",\nROUND(OFFSET($P165,0,AG$13),15-13*ORÇAMENTO!$AF$7)/$H165*OFFSET(ORÇAMENTO!$X$15,ROW(AG165)-ROW(AG$15),0),\nROUND(ROUND(OFFSET($P165,0,AG$13),15-13*ORÇAMENTO!$AF$7)*OFFSET(ORÇAMENTO!$W$15,ROW(AG165)-ROW(AG$15),0),15-13*ORÇAMENTO!$AF$11)),0)","v":0},{"$f":"IF(AND($D165=\"Serviço\",AH$12<>0,$H165>0,OR(AUTOEVENTO<>\"manual\",$M165<>1)),\nIF(Import.TipoArredondamento<>\"TransfereGOV\",\nROUND(OFFSET($P165,0,AH$13),15-13*ORÇAMENTO!$AF$7)/$H165*OFFSET(ORÇAMENTO!$X$15,ROW(AH165)-ROW(AH$15),0),\nROUND(ROUND(OFFSET($P165,0,AH$13),15-13*ORÇAMENTO!$AF$7)*OFFSET(ORÇAMENTO!$W$15,ROW(AH165)-ROW(AH$15),0),15-13*ORÇAMENTO!$AF$11)),0)","v":0},{"$f":"IF(AND($D165=\"Serviço\",AI$12<>0,$H165>0,OR(AUTOEVENTO<>\"manual\",$M165<>1)),\nIF(Import.TipoArredondamento<>\"TransfereGOV\",\nROUND(OFFSET($P165,0,AI$13),15-13*ORÇAMENTO!$AF$7)/$H165*OFFSET(ORÇAMENTO!$X$15,ROW(AI165)-ROW(AI$15),0),\nROUND(ROUND(OFFSET($P165,0,AI$13),15-13*ORÇAMENTO!$AF$7)*OFFSET(ORÇAMENTO!$W$15,ROW(AI165)-ROW(AI$15),0),15-13*ORÇAMENTO!$AF$11)),0)","v":0},{"$f":"IF(AND($D165=\"Serviço\",AJ$12<>0,$H165>0,OR(AUTOEVENTO<>\"manual\",$M165<>1)),\nIF(Import.TipoArredondamento<>\"TransfereGOV\",\nROUND(OFFSET($P165,0,AJ$13),15-13*ORÇAMENTO!$AF$7)/$H165*OFFSET(ORÇAMENTO!$X$15,ROW(AJ165)-ROW(AJ$15),0),\nROUND(ROUND(OFFSET($P165,0,AJ$13),15-13*ORÇAMENTO!$AF$7)*OFFSET(ORÇAMENTO!$W$15,ROW(AJ165)-ROW(AJ$15),0),15-13*ORÇAMENTO!$AF$11)),0)","v":0},{"$f":"IF(AND($D165=\"Serviço\",AK$12<>0,$H165>0,OR(AUTOEVENTO<>\"manual\",$M165<>1)),\nIF(Import.TipoArredondamento<>\"TransfereGOV\",\nROUND(OFFSET($P165,0,AK$13),15-13*ORÇAMENTO!$AF$7)/$H165*OFFSET(ORÇAMENTO!$X$15,ROW(AK165)-ROW(AK$15),0),\nROUND(ROUND(OFFSET($P165,0,AK$13),15-13*ORÇAMENTO!$AF$7)*OFFSET(ORÇAMENTO!$W$15,ROW(AK165)-ROW(AK$15),0),15-13*ORÇAMENTO!$AF$11)),0)","v":0},null,{"$f":"IF($D165<>\"Serviço\",0,IF(AND(AUTOEVENTO=\"Manual\",$M165=1),0,IF(OFFSET(CRONOPLE!$F$14,$M165,AM$13)=\"\",10^12,OFFSET(CRONOPLE!$F$14,$M165,AM$13))))","v":1000000000000},{"$f":"IF($D165<>\"Serviço\",0,IF(AND(AUTOEVENTO=\"Manual\",$M165=1),0,IF(OFFSET(CRONOPLE!$F$14,$M165,AN$13)=\"\",10^12,OFFSET(CRONOPLE!$F$14,$M165,AN$13))))","v":1000000000000},{"$f":"IF($D165<>\"Serviço\",0,IF(AND(AUTOEVENTO=\"Manual\",$M165=1),0,IF(OFFSET(CRONOPLE!$F$14,$M165,AO$13)=\"\",10^12,OFFSET(CRONOPLE!$F$14,$M165,AO$13))))","v":1000000000000},{"$f":"IF($D165<>\"Serviço\",0,IF(AND(AUTOEVENTO=\"Manual\",$M165=1),0,IF(OFFSET(CRONOPLE!$F$14,$M165,AP$13)=\"\",10^12,OFFSET(CRONOPLE!$F$14,$M165,AP$13))))","v":1000000000000},{"$f":"IF($D165<>\"Serviço\",0,IF(AND(AUTOEVENTO=\"Manual\",$M165=1),0,IF(OFFSET(CRONOPLE!$F$14,$M165,AQ$13)=\"\",10^12,OFFSET(CRONOPLE!$F$14,$M165,AQ$13))))","v":1000000000000},{"$f":"IF($D165<>\"Serviço\",0,IF(AND(AUTOEVENTO=\"Manual\",$M165=1),0,IF(OFFSET(CRONOPLE!$F$14,$M165,AR$13)=\"\",10^12,OFFSET(CRONOPLE!$F$14,$M165,AR$13))))","v":1000000000000},{"$f":"IF($D165<>\"Serviço\",0,IF(AND(AUTOEVENTO=\"Manual\",$M165=1),0,IF(OFFSET(CRONOPLE!$F$14,$M165,AS$13)=\"\",10^12,OFFSET(CRONOPLE!$F$14,$M165,AS$13))))","v":1000000000000},{"$f":"IF($D165<>\"Serviço\",0,IF(AND(AUTOEVENTO=\"Manual\",$M165=1),0,IF(OFFSET(CRONOPLE!$F$14,$M165,AT$13)=\"\",10^12,OFFSET(CRONOPLE!$F$14,$M165,AT$13))))","v":1000000000000},{"$f":"IF($D165<>\"Serviço\",0,IF(AND(AUTOEVENTO=\"Manual\",$M165=1),0,IF(OFFSET(CRONOPLE!$F$14,$M165,AU$13)=\"\",10^12,OFFSET(CRONOPLE!$F$14,$M165,AU$13))))","v":1000000000000},{"$f":"IF($D165<>\"Serviço\",0,IF(AND(AUTOEVENTO=\"Manual\",$M165=1),0,IF(OFFSET(CRONOPLE!$F$14,$M165,AV$13)=\"\",10^12,OFFSET(CRONOPLE!$F$14,$M165,AV$13))))","v":1000000000000},null,{"$f":"IF($D165<>\"Serviço\",0,IF(OR(AND(AUTOEVENTO=\"Manual\",$M165=1),$M165>(ROW(PLE.lastrow)-ROW(PLE.firstrow))),0,IF(OFFSET(PLE!$G$14,$M165,AX$13)=\"\",10^12,OFFSET(PLE!$G$14,$M165,AX$13))))","v":1000000000000},{"$f":"IF($D165<>\"Serviço\",0,IF(OR(AND(AUTOEVENTO=\"Manual\",$M165=1),$M165>(ROW(PLE.lastrow)-ROW(PLE.firstrow))),0,IF(OFFSET(PLE!$G$14,$M165,AY$13)=\"\",10^12,OFFSET(PLE!$G$14,$M165,AY$13))))","v":1000000000000},{"$f":"IF($D165<>\"Serviço\",0,IF(OR(AND(AUTOEVENTO=\"Manual\",$M165=1),$M165>(ROW(PLE.lastrow)-ROW(PLE.firstrow))),0,IF(OFFSET(PLE!$G$14,$M165,AZ$13)=\"\",10^12,OFFSET(PLE!$G$14,$M165,AZ$13))))","v":1000000000000},{"$f":"IF($D165<>\"Serviço\",0,IF(OR(AND(AUTOEVENTO=\"Manual\",$M165=1),$M165>(ROW(PLE.lastrow)-ROW(PLE.firstrow))),0,IF(OFFSET(PLE!$G$14,$M165,BA$13)=\"\",10^12,OFFSET(PLE!$G$14,$M165,BA$13))))","v":1000000000000},{"$f":"IF($D165<>\"Serviço\",0,IF(OR(AND(AUTOEVENTO=\"Manual\",$M165=1),$M165>(ROW(PLE.lastrow)-ROW(PLE.firstrow))),0,IF(OFFSET(PLE!$G$14,$M165,BB$13)=\"\",10^12,OFFSET(PLE!$G$14,$M165,BB$13))))","v":1000000000000},{"$f":"IF($D165<>\"Serviço\",0,IF(OR(AND(AUTOEVENTO=\"Manual\",$M165=1),$M165>(ROW(PLE.lastrow)-ROW(PLE.firstrow))),0,IF(OFFSET(PLE!$G$14,$M165,BC$13)=\"\",10^12,OFFSET(PLE!$G$14,$M165,BC$13))))","v":1000000000000},{"$f":"IF($D165<>\"Serviço\",0,IF(OR(AND(AUTOEVENTO=\"Manual\",$M165=1),$M165>(ROW(PLE.lastrow)-ROW(PLE.firstrow))),0,IF(OFFSET(PLE!$G$14,$M165,BD$13)=\"\",10^12,OFFSET(PLE!$G$14,$M165,BD$13))))","v":1000000000000},{"$f":"IF($D165<>\"Serviço\",0,IF(OR(AND(AUTOEVENTO=\"Manual\",$M165=1),$M165>(ROW(PLE.lastrow)-ROW(PLE.firstrow))),0,IF(OFFSET(PLE!$G$14,$M165,BE$13)=\"\",10^12,OFFSET(PLE!$G$14,$M165,BE$13))))","v":1000000000000},{"$f":"IF($D165<>\"Serviço\",0,IF(OR(AND(AUTOEVENTO=\"Manual\",$M165=1),$M165>(ROW(PLE.lastrow)-ROW(PLE.firstrow))),0,IF(OFFSET(PLE!$G$14,$M165,BF$13)=\"\",10^12,OFFSET(PLE!$G$14,$M165,BF$13))))","v":1000000000000},{"$f":"IF($D165<>\"Serviço\",0,IF(OR(AND(AUTOEVENTO=\"Manual\",$M165=1),$M165>(ROW(PLE.lastrow)-ROW(PLE.firstrow))),0,IF(OFFSET(PLE!$G$14,$M165,BG$13)=\"\",10^12,OFFSET(PLE!$G$14,$M165,BG$13))))","v":1000000000000}]
["127",{"$f":"OFFSET(ORÇAMENTO!C$15,ROW(B166)-ROW(B$15),0)","v":"S"},{"$f":"OFFSET(ORÇAMENTO!L$15,ROW(C166)-ROW(C$15),0)","v":"F"},{"$f":"OFFSET(ORÇAMENTO!N$15,ROW(D166)-ROW(D$15),0)","v":"Serviço"},{"$f":"OFFSET(ORÇAMENTO!O$15,ROW(E166)-ROW(E$15),0)","v":"1.8.2.8."},{"$f":"OFFSET(ORÇAMENTO!R$15,ROW(F166)-ROW(F$15),0)","v":"JOELHO 45 GRAUS, PVC, SERIE NORMAL, ESGOTO PREDIAL, DN 50 MM, JUNTA ELÁSTICA, FORNECIDO E INSTALADO EM RAMAL DE DESCARGA OU RAMAL DE ESGOTO SANITÁRIO. AF_08/2022"},{"$f":"IF($D166<>\"Serviço\",\"\",OFFSET(ORÇAMENTO!S$15,ROW(G166)-ROW(G$15),0))","v":"UN"},{"$f":"IF($D166<>\"Serviço\",0,IF(ACOMPANHAMENTO=\"BM\",ROUND(OFFSET(ORÇAMENTO!AJ$15,ROW(H166)-ROW(H$15),0),15-13*ORÇAMENTO!$AF$7),SUMPRODUCT(($Q$12:$AA$12<>\"\")*ROUND($Q166:$AA166,15-13*ORÇAMENTO!$AF$7))))","v":5},null,null,null,".",{"$f":"IF($D166<>\"Serviço\",\"\",IF(AUTOEVENTO=\"manual\",$A166,IF(ISERROR(MATCH($A166,$A$15:OFFSET($A166,-1,0),0)),MAX($M$15:OFFSET(M166,-1,0))+1,INDEX($M$15:OFFSET(M166,-1,0),MATCH($A166,$A$15:OFFSET($A166,-1,0),0)))))","v":9},{"$f":"IF($D166<>\"Serviço\",\"\",IF(AUTOEVENTO=\"Manual\",IF($A166=0,\"<-- defina o número do agrupador\",OFFSET(EVENTOS!$D$14,$A166,0)),OFFSET($F$15,$A166,0)))","v":"INSTALAÇÕES HIDROSSANITÁRIAS"},null,null,null,null,null,null,null,null,null,null,null,null,null,{"$f":"IF(AND($D166=\"Serviço\",AB$12<>0,$H166>0,OR(AUTOEVENTO<>\"manual\",$M166<>1)),\nIF(Import.TipoArredondamento<>\"TransfereGOV\",\nROUND(OFFSET($P166,0,AB$13),15-13*ORÇAMENTO!$AF$7)/$H166*OFFSET(ORÇAMENTO!$X$15,ROW(AB166)-ROW(AB$15),0),\nROUND(ROUND(OFFSET($P166,0,AB$13),15-13*ORÇAMENTO!$AF$7)*OFFSET(ORÇAMENTO!$W$15,ROW(AB166)-ROW(AB$15),0),15-13*ORÇAMENTO!$AF$11)),0)","v":0},{"$f":"IF(AND($D166=\"Serviço\",AC$12<>0,$H166>0,OR(AUTOEVENTO<>\"manual\",$M166<>1)),\nIF(Import.TipoArredondamento<>\"TransfereGOV\",\nROUND(OFFSET($P166,0,AC$13),15-13*ORÇAMENTO!$AF$7)/$H166*OFFSET(ORÇAMENTO!$X$15,ROW(AC166)-ROW(AC$15),0),\nROUND(ROUND(OFFSET($P166,0,AC$13),15-13*ORÇAMENTO!$AF$7)*OFFSET(ORÇAMENTO!$W$15,ROW(AC166)-ROW(AC$15),0),15-13*ORÇAMENTO!$AF$11)),0)","v":0},{"$f":"IF(AND($D166=\"Serviço\",AD$12<>0,$H166>0,OR(AUTOEVENTO<>\"manual\",$M166<>1)),\nIF(Import.TipoArredondamento<>\"TransfereGOV\",\nROUND(OFFSET($P166,0,AD$13),15-13*ORÇAMENTO!$AF$7)/$H166*OFFSET(ORÇAMENTO!$X$15,ROW(AD166)-ROW(AD$15),0),\nROUND(ROUND(OFFSET($P166,0,AD$13),15-13*ORÇAMENTO!$AF$7)*OFFSET(ORÇAMENTO!$W$15,ROW(AD166)-ROW(AD$15),0),15-13*ORÇAMENTO!$AF$11)),0)","v":0},{"$f":"IF(AND($D166=\"Serviço\",AE$12<>0,$H166>0,OR(AUTOEVENTO<>\"manual\",$M166<>1)),\nIF(Import.TipoArredondamento<>\"TransfereGOV\",\nROUND(OFFSET($P166,0,AE$13),15-13*ORÇAMENTO!$AF$7)/$H166*OFFSET(ORÇAMENTO!$X$15,ROW(AE166)-ROW(AE$15),0),\nROUND(ROUND(OFFSET($P166,0,AE$13),15-13*ORÇAMENTO!$AF$7)*OFFSET(ORÇAMENTO!$W$15,ROW(AE166)-ROW(AE$15),0),15-13*ORÇAMENTO!$AF$11)),0)","v":0},{"$f":"IF(AND($D166=\"Serviço\",AF$12<>0,$H166>0,OR(AUTOEVENTO<>\"manual\",$M166<>1)),\nIF(Import.TipoArredondamento<>\"TransfereGOV\",\nROUND(OFFSET($P166,0,AF$13),15-13*ORÇAMENTO!$AF$7)/$H166*OFFSET(ORÇAMENTO!$X$15,ROW(AF166)-ROW(AF$15),0),\nROUND(ROUND(OFFSET($P166,0,AF$13),15-13*ORÇAMENTO!$AF$7)*OFFSET(ORÇAMENTO!$W$15,ROW(AF166)-ROW(AF$15),0),15-13*ORÇAMENTO!$AF$11)),0)","v":0},{"$f":"IF(AND($D166=\"Serviço\",AG$12<>0,$H166>0,OR(AUTOEVENTO<>\"manual\",$M166<>1)),\nIF(Import.TipoArredondamento<>\"TransfereGOV\",\nROUND(OFFSET($P166,0,AG$13),15-13*ORÇAMENTO!$AF$7)/$H166*OFFSET(ORÇAMENTO!$X$15,ROW(AG166)-ROW(AG$15),0),\nROUND(ROUND(OFFSET($P166,0,AG$13),15-13*ORÇAMENTO!$AF$7)*OFFSET(ORÇAMENTO!$W$15,ROW(AG166)-ROW(AG$15),0),15-13*ORÇAMENTO!$AF$11)),0)","v":0},{"$f":"IF(AND($D166=\"Serviço\",AH$12<>0,$H166>0,OR(AUTOEVENTO<>\"manual\",$M166<>1)),\nIF(Import.TipoArredondamento<>\"TransfereGOV\",\nROUND(OFFSET($P166,0,AH$13),15-13*ORÇAMENTO!$AF$7)/$H166*OFFSET(ORÇAMENTO!$X$15,ROW(AH166)-ROW(AH$15),0),\nROUND(ROUND(OFFSET($P166,0,AH$13),15-13*ORÇAMENTO!$AF$7)*OFFSET(ORÇAMENTO!$W$15,ROW(AH166)-ROW(AH$15),0),15-13*ORÇAMENTO!$AF$11)),0)","v":0},{"$f":"IF(AND($D166=\"Serviço\",AI$12<>0,$H166>0,OR(AUTOEVENTO<>\"manual\",$M166<>1)),\nIF(Import.TipoArredondamento<>\"TransfereGOV\",\nROUND(OFFSET($P166,0,AI$13),15-13*ORÇAMENTO!$AF$7)/$H166*OFFSET(ORÇAMENTO!$X$15,ROW(AI166)-ROW(AI$15),0),\nROUND(ROUND(OFFSET($P166,0,AI$13),15-13*ORÇAMENTO!$AF$7)*OFFSET(ORÇAMENTO!$W$15,ROW(AI166)-ROW(AI$15),0),15-13*ORÇAMENTO!$AF$11)),0)","v":0},{"$f":"IF(AND($D166=\"Serviço\",AJ$12<>0,$H166>0,OR(AUTOEVENTO<>\"manual\",$M166<>1)),\nIF(Import.TipoArredondamento<>\"TransfereGOV\",\nROUND(OFFSET($P166,0,AJ$13),15-13*ORÇAM